{"text_format":"1","workbook":"xlsx","n_sheets":14,"sheets":["MENU","DADOS","NOVO","BDI","ORÇAMENTO","CÁLCULO","EVENTOS","CRONO","CRONOPLE","PLE","QCI","BM","RRE","OFÍCIO"],"not_rendered":{"charts":0,"images":2,"macros":1,"external_links":0,"defined_names":290,"comments":7,"pivot_tables":0},"unopened":[],"bounds":{"document_bytes":16777216,"sheet_cells":100000,"rows_first":2000,"rows_last":500,"rows_between":2000,"halvings":0,"cell_chars":16384,"cell_head_chars":4096},"cells_cut":0,"cells_raw":0,"read":"whole","date_system":"1900"}

{"sheet":"MENU","index":0,"n_rows":24,"n_cols":15,"rows_kept":24,"cut":false,"hidden":false,"merged":[[19,1,19,7],[7,1,7,7],[1,4,2,6],[15,1,15,7]]}
[null,null,null,null,null,null,null,null,null,"PM"]
[null,null,null,null,{"$f":"CHOOSE(MATCH(Objeto,{\"PM\",\"PO\"}),\"PLANILHA MÚLTIPLA \",\"PLANILHA ORÇAMENTÁRIA \")& Versao","v":"PLANILHA MÚLTIPLA v3.0.6"},null,null,null,null,"v3.0.6"]
[null,null,null,null,null,null,null,null,null,null,null,null,null,null,1]
[null,null,null,null,null,null,null,null,null,null,null,null,null,null,2]
[null,null,null,null,null,null,null,null,null,"Proposto"]
[null,null,null,null,"DADOS DO CONTRATO",null,"NOVIDADES DA VERSÃO",null,null,"Licitado"]
[null,null,null,null,null,null,null,null,null,"PLE"]
[null,{"$f":"IF($O$3<>2,\"DOCUMENTAÇÃO DA PROPOSTA\",\"PROPOSTA: Para visualizar/preencher esta seção, altere o TIPO DE ORÇAMENTO para 'Proposto'\")","v":"DOCUMENTAÇÃO DA PROPOSTA"},null,null,null,null,null,null,null,"BM",null,"LEGENDA:"]
[null,null,null,null,null,null,null,null,null,null,null,"Cores das células:"]
[null,null,{"$f":"IF(TIPOORCAMENTO<>\"Proposto\",\"\",\"                    BDI                    \")","v":"                    BDI                    "},null,{"$f":"IF(TIPOORCAMENTO<>\"Proposto\",\"\",\"             ORÇAMENTO             \")","v":"             ORÇAMENTO             "},null,{"$f":"IF(TIPOORCAMENTO<>\"Proposto\",\"\",\"MEMÓRIA DE CÁLCULO / PLQ\")","v":"MEMÓRIA DE CÁLCULO / PLQ"},null,null,null,null,null,null,"Fundo amarelo: células para preencher"]
[]
[null,null,{"$f":"IF(TIPOORCAMENTO<>\"Proposto\",\"\",\"                    QCI                    \")","v":"                    QCI                    "},null,{"$f":"IF(TIPOORCAMENTO<>\"Proposto\",\"\",\"CRONOGRAMA FÍSICO-FINANCEIRO\")","v":"CRONOGRAMA FÍSICO-FINANCEIRO"},null,null,null,null,null,null,null,null,"Fundo azul: células para seleção de opções"]
[]
[null,null,{"$f":"IF(TIPOORCAMENTO<>\"Proposto\",\"\",\"Obs: Composições e Cotações devem ser preenchidas diretamente no arquivo Referência \"&IF(ISBLANK(Import.DataBase),\"mm-aaaa\",TEXT(Import.DataBase,\"mm-aaaa\"))&\".xlsm.\")","v":"Obs: Composições e Cotações devem ser preenchidas diretamente no arquivo Referência 11-2024.xlsm."}]
[null,null,null,null,null,null,null,null,null,null,null,"Cores dos botões:"]
[null,{"$f":"IF($O$3<>2,\"PÓS-LICITADO: Para visualizar/preencher esta seção, altere o TIPO DE ORÇAMENTO para 'Licitado'\",\"RESULTADO DO PROCESSO LICITATÓRIO\")","v":"PÓS-LICITADO: Para visualizar/preencher esta seção, altere o TIPO DE ORÇAMENTO para 'Licitado'"},null,null,null,null,null,null,null,null,null,null,null,"Fundo azul: navegação entre abas"]
[]
[null,null,{"$f":"IF(TIPOORCAMENTO<>\"Licitado\",\"\",\"             ORÇAMENTO             \")","v":""},null,{"$f":"IF(TIPOORCAMENTO<>\"Licitado\",\"\",\"                    QCI                    \")","v":""},null,{"$f":"IF(TIPOORCAMENTO<>\"Licitado\",\"\",\"CRONOGRAMA FÍSICO-FINANCEIRO\")","v":""},null,null,null,null,null,null,"Fundo laranja: execução de macro"]
[]
[null,{"$f":"IF($O$3<>2,\"ACOMPANHAMENTO: Para visualizar/preencher esta seção, altere o TIPO DE ORÇAMENTO para 'Licitado'\",\"ACOMPANHAMENTO DO EMPREENDIMENTO\")","v":"ACOMPANHAMENTO: Para visualizar/preencher esta seção, altere o TIPO DE ORÇAMENTO para 'Licitado'"}]
[]
[null,null,{"$f":"IF(OR(TIPOORCAMENTO<>\"Licitado\",ACOMPANHAMENTO<>\"PLE\"),\"\",\"PLAN. DE LEVANT. DE EVENTOS - PLE\")","v":""},null,{"$f":"IF(TIPOORCAMENTO<>\"Licitado\",\"\",\"                    RRE                    \")","v":""},null,{"$f":"IF(OR(TIPOORCAMENTO<>\"Licitado\",ACOMPANHAMENTO<>\"BM\"),\"\",\"  BOLETIM DE MEDIÇÃO - BM  \")","v":""}]
[]
[null,null,null,null,{"$f":"IF(TIPOORCAMENTO<>\"Licitado\",\"\",\"OF. DE SOLICITAÇÃO DE DESBLOQUEIO\")","v":""}]

{"sheet":"DADOS","index":1,"n_rows":61,"n_cols":44,"rows_kept":61,"cut":false,"hidden":false,"merged":[[49,4,49,5],[58,4,58,5],[0,11,0,43],[2,4,2,5],[14,4,14,5],[20,4,20,5],[26,4,26,5],[34,4,34,5],[45,4,45,5]]}
[null,null,null,null,"A. DOCUMENTAÇÃO DA PROPOSTA",null,null,null,null,null,null,"Sub-Itens de Investimento"]
[null,null,null,null,null,null,null,null,null,"Itens de Investimento","Unidades habitacionais",{"$f":"COUNTA(K:K)-1","v":3},"Equipamentos comunitários",{"$f":"COUNTA(M:M)-1","v":6},"Pavimentação",{"$f":"COUNTA(O:O)-1","v":6},"Drenagem ",{"$f":"COUNTA(Q:Q)-1","v":6},"Abastecimento de água",{"$f":"COUNTA(S:S)-1","v":11},"Esgotamento sanitário",{"$f":"COUNTA(U:U)-1","v":8},"Energia elétrica e iluminação pública",{"$f":"COUNTA(W:W)-1","v":4},"Coleta e tratamento de resíduos sólidos",{"$f":"COUNTA(Y:Y)-1","v":6},"Contenção e estabilização de encostas ",{"$f":"COUNTA(AA:AA)-1","v":2},"Regularização fundiária",{"$f":"COUNTA(AC:AC)-1","v":2},"Aquisição de terreno",{"$f":"COUNTA(AE:AE)-1","v":2},"Aquisição de equipamentos e insumos",{"$f":"COUNTA(AG:AG)-1","v":1},"Elaboração de estudos e projetos",{"$f":"COUNTA(AI:AI)-1","v":1},"Instrumentos e ações em planejamento e gestão pública",{"$f":"COUNTA(AK:AK)-1","v":1},"Ações complementares às obras",{"$f":"COUNTA(AM:AM)-1","v":3},"Gerenciamento",{"$f":"COUNTA(AO:AO)-1","v":1},"Trabalho social",{"$f":"COUNTA(AQ:AQ)-1","v":4}]
[null,null,null,null,"Dados do Contrato (Inicial)",null,null,null,null,"Unidades habitacionais","Aquisição","un","Convivência comunitária, assistência social e/ou comunitária","m²","Capeamento de vias","m²","Obras de microdrenagem ","m","Captação subterrânea","m³/s","Ligações domiciliares e/ou intradomiciliares","un","Iluminação pública - luminárias","un","Acondicionamento ","un","Estabilização de taludes","m²","Desapropriacões/Indenizações","m²","Aquisição de terreno","m²","Aquisição de equipamentos e insumos","un","Elaboração de estudos e projetos","un","Instrumentos e ações em planejamento e gestão pública","un","Avaliação pós intervenção","un","Gerenciamento","%CT","Projeto de Trabalho Social Preliminar","nº fam"]
[null,null,null,null,"Fonte de recursos:","(SELECIONAR)",null,null,null,"Equipamentos comunitários","Construção","un","Educação e cultura","m²","Recapeamento de vias","m²","Desassoreamento de cursos de água","m","Captação superficial","m³/s","Rede coletora e/ou condominial","m","Ligações domiciliares","un","Aterro sanitário e/ou disposição final","m³","Obras complementares a ações de redução de risco e/ou contenções","m²","Projeto de Regularização Fundiária","m²","Benfeitorias","m²",null,null,null,null,null,null,"Demolições","un",null,null,"Projeto de Trabalho Social","nº fam"]
[null,null,null,null,"Proponente/Tomador:","PREFEITURA MUNICIPAL DE TRAMANDAÍ",null,null,null,"Pavimentação","Reforma e/ou melhoria","un","Esportes","m²","Obras de artes especiais","m","Canalização de cursos de água","m","Estação de bombeamento de água bruta","m³/s","Coletor tronco e/ou interceptores","m","Linhas de distribuição - baixa tensão ","m","Erradicação de lixões","m³",null,null,null,null,null,null,null,null,null,null,null,null,"Plano de Reassentamento e medidas compensatórias","un",null,null,"Plano de Desenvolvimento Socioterritorial","nº fam"]
[null,null,null,null,"Município/UF:","RIO GRANDE DO SUL",null,null,null,"Drenagem ",null,null,"Lazer e turismo","m²","Pavimentação de calçadas","m²","Recomposição de vegetação ciliar, renaturalização de cursos de água ou restauração de margens","m²","Adução","m","Emissário","m","Linhas de transmissão - alta tensão ","m","Sistema de coleta seletiva tradicional, transporte e/ou equipamentos","un",null,null,null,null,null,null,null,null,null,null,null,null,null,null,null,null,"Plano de Gestão Condominial","nº fam"]
[null,null,null,null,"Nº da Operação (0000000-00):","109437911",null,null,null,"Abastecimento de água",null,null,"Saúde","m²","Pavimentação de vias","m²","Reservatório de amortecimento de cheias","m³","Estação de Tratamento de Água (ETA)","m³/s","Estação Elevatória","m³/s",null,null,"Tratamento local ","un"]
[null,null,null,null,"Nº do TransfereGOV (000000):","002829/2004",null,null,null,"Esgotamento sanitário",null,null,"Segurança pública","m²","Sinalização","m²","Estação de Bombeamento","m³/s","Estação de bombeamento de água tratada","m³/s","Estação de Tratamento de Esgoto (ETE)","m³/s",null,null,"Usinas de reciclagem ","m²"]
[null,null,null,null,{"$f":"IF(F4=\"FGTS\",\"Valor de Financiamento Contratado (R$):\",\"Valor do Repasse Contratado (R$):\")","v":"Valor do Repasse Contratado (R$):"},5746739.4100000001,null,null,null,"Energia elétrica e iluminação pública",null,null,null,null,null,null,null,null,"Linha de recalque","m","Sistema simplificado de tratamento","m³/s"]
[null,null,null,null,"Valor de Contrapartida Contratada (R$):",58047.87,null,null,null,"Coleta e tratamento de resíduos sólidos",null,null,null,null,null,null,null,null,"Reservação","m³","Unidades sanitárias","un"]
[null,null,null,null,"% mínimo de Contrapartida:",0.01,null,null,null,"Contenção e estabilização de encostas ",null,null,null,null,null,null,null,null,"Rede de distribuição","m"]
[null,null,null,null,"R$ mínimo de Contrapartida (se houver):",null,null,null,null,"Regularização fundiária",null,null,null,null,null,null,null,null,"Ligações domiciliares e/ou intradomiciliares","un"]
[null,null,null,null,"% máximo de Contrapartida:",0.06,null,null,null,"Aquisição de terreno",null,null,null,null,null,null,null,null,"Sistema simplificado de abastecimento","m"]
[null,null,null,null,null,null,null,null,null,"Aquisição de equipamentos e insumos"]
[null,null,null,null,"Dados do Empreendimento e Orçamento",null,null,null,null,"Elaboração de estudos e projetos"]
[null,null,null,null,"Nome/apelido:","CRECHE PORTAL DAS FLORES",null,null,null,"Instrumentos e ações em planejamento e gestão pública"]
[null,null,null,null,"Descrição do Objeto do Lote / CTEF:","CONSTRUÇÃO DE UMA CRECHE PRO INFÂNCIA TIPO 1",null,null,null,"Ações complementares às obras"]
[null,null,null,null,"Regime previdenciário previsto para a obra:","NÃO DESONERADO",null,null,null,"Gerenciamento"]
[null,null,null,null,"Data base do Orçamento:","2024-11-01",null,null,null,"Trabalho social"]
[]
[null,null,null,null,"Responsável pelo Orçamento"]
[null,null,null,null,"Nome:","PAULO RICARDO VIEGAS ALVES"]
[null,null,null,null,"CREA/CAU:","A86.107-3"]
[null,null,null,null,"ART/RRT:","RRT15101062"]
[null,null,null,null,"Data do preenchimento:",{"$f":"TODAY()","v":"2025-05-26"}]
[]
[null,null,null,null,"Responsável pelo Tomador (Prefeito, no caso de Municípios)"]
[null,null,null,null,"Nome:"]
[null,null,null,null,"Cargo:"]
[]
[null,null,null,null,"Arredondamento das frentes:","Tradicional"]
[]
[null,null,null,null,"B. RESULTADO DO PROCESSO LICITATÓRIO"]
[]
[null,null,null,null,"Licitação"]
[null,null,null,null,"Data de emissão dos documentos de licitação:"]
[null,null,null,null,"Nº do CTEF (contrato com empresa):"]
[null,null,null,null,"Nome da empresa:"]
[null,null,null,null,"CNPJ da empresa:"]
[null,null,null,null,"Regime de execução do CTEF:","(SELECIONAR)"]
[null,null,null,null,"Data base do CTEF:"]
[]
[]
[null,null,null,null,"C. ACOMPANHAMENTO DO EMPREENDIMENTO"]
[]
[null,null,null,null,"Dados da obra"]
[null,null,null,null,"Data do Início da Obra:"]
[null,null,null,null,"Data de fechamento do RRE:",{"$f":"TODAY()","v":"2025-05-26"}]
[]
[null,null,null,null,"Responsável pela Fiscalização"]
[null,null,null,null,"Nome:"]
[null,null,null,null,"Profissão:"]
[null,null,null,null,"CREA/CAU (para obras/projetos):"]
[null,null,null,null,"ART/RRT (para obras/projetos):"]
[]
[]
[null,null,null,null,"D. ACOMPANHAMENTO CAIXA"]
[]
[null,null,null,null,"Responsável Gerencial"]
[null,null,null,null,"Nome:"]
[null,null,null,null,"Função:"]

{"sheet":"NOVO","index":2,"n_rows":52,"n_cols":4,"rows_kept":52,"cut":false,"hidden":false,"merged":[]}
[]
[]
[null,"Novidades da Versão"]
[]
[]
["V3.0.0"]
[null,"GERAL"]
[null,null,{"$f":"IF(D8<>\"\",\"▪\",\"\")","v":"▪"},"Lançamento: Adequação à Portaria 424/2016. Acompanhamento por Eventos."]
[null,null,{"$f":"IF(D9<>\"\",\"▪\",\"\")","v":""}]
["V3.0.1"]
[null,"GERAL"]
[null,null,{"$f":"IF(D12<>\"\",\"▪\",\"\")","v":"▪"},"Ajustes de formatações."]
[null,"PO"]
[null,null,{"$f":"IF(D14<>\"\",\"▪\",\"\")","v":"▪"},"Correção da aplicação do BDI não desonerado."]
[null,null,{"$f":"IF(D15<>\"\",\"▪\",\"\")","v":"▪"},"Inclusão de coluna exclusiva \"Preço Unitário Edital\", para o Modo 'Orçamento Licitado'."]
[]
["V3.0.2"]
[null,"GERAL"]
[null,null,{"$f":"IF(D19<>\"\",\"▪\",\"\")","v":"▪"},"Ajustes de formatações."]
[null,null,{"$f":"IF(D20<>\"\",\"▪\",\"\")","v":"▪"},"Correção do Problema de Guias ocultas no BROFFICE."]
[null,"ORÇAMENTO"]
[null,null,{"$f":"IF(D22<>\"\",\"▪\",\"\")","v":"▪"},"Ampliada obtenção de dados da Planilha Referência de 20.000 para 65.536 linhas."]
[null,"CRONOGRAMA"]
[null,null,{"$f":"IF(D24<>\"\",\"▪\",\"\")","v":"▪"},"Correção na formulação do total acumulado por Repasse, CP e Outros"]
[null,"QCI"]
[null,null,{"$f":"IF(D26<>\"\",\"▪\",\"\")","v":"▪"},"Correção na formulação do arredondamento no rateio dos valores do QCI."]
[null,"RRE"]
[null,null,{"$f":"IF(D28<>\"\",\"▪\",\"\")","v":"▪"},"Correção na formulação do total por Repasse, CP e Outros."]
[]
["V3.0.3"]
[null,"GERAL"]
[null,null,{"$f":"IF(D32<>\"\",\"▪\",\"\")","v":"▪"},"Correção do Problema de Guias ocultas no BROFFICE."]
[null,"CÁLCULO"]
[null,null,{"$f":"IF(D34<>\"\",\"▪\",\"\")","v":"▪"},"Corrigida lentidão e travamento ao incluir e excluir frentes."]
[]
[]
["V3.0.4"]
[null,"BDI"]
[null,null,{"$f":"IF(D39<>\"\",\"▪\",\"\")","v":"▪"},"Correção da CPRB que exibia 4,5% mesmo quando não desonerado."]
[null,"CRONOGRAMA"]
[null,null,{"$f":"IF(D41<>\"\",\"▪\",\"\")","v":"▪"},"Correção da distribuição de Repasse, CP e Outros para as metas manuais."]
[null,"QCI"]
[null,null,{"$f":"IF(D43<>\"\",\"▪\",\"\")","v":"▪"},"Adicionado botão para adotar a CP do QCI como CP do contrato (zera saldo a reprogramar de CP)."]
[]
["V3.0.5"]
[null,"GERAL"]
[null,null,{"$f":"IF(D47<>\"\",\"▪\",\"\")","v":"▪"},"Corrigido modo de Cálculo da Planilha para Automático."]
[]
["V3.0.6"]
[null,"GERAL"]
[null,null,{"$f":"IF(D51<>\"\",\"▪\",\"\")","v":"▪"},"Adicionado modo de arredondamento para compatibilidade com o TransfereGOV, altera na aba DADOS"]
[null,null,{"$f":"IF(D52<>\"\",\"▪\",\"\")","v":"▪"},"A planilha passará a ser disponibilizada com o formato .xlsm. Deve ser usado arquivo referência 1.9 ou superior, também no formato .xlsm"]

{"sheet":"BDI","index":3,"n_rows":146,"n_cols":26,"rows_kept":146,"cut":false,"hidden":false,"merged":[[4,9,4,10],[4,11,4,12],[4,13,4,18],[0,17,0,18],[1,17,1,18],[3,9,3,10],[3,11,3,12],[3,13,3,18],[10,9,10,16],[10,17,10,18],[6,9,6,18],[7,9,7,18],[9,9,9,16],[9,17,9,18],[18,23,19,23],[18,24,19,24],[16,9,16,18],[18,25,19,25],[18,20,19,22],[18,9,19,16],[18,17,19,17],[18,18,19,18],[13,9,13,18],[15,9,15,18],[22,9,22,16],[22,20,22,22],[20,9,20,16],[20,20,20,22],[21,9,21,16],[21,20,21,22],[24,9,24,16],[24,20,24,22],[25,9,25,16],[25,20,25,22],[26,9,26,16],[26,20,26,22],[27,9,27,16],[27,20,27,22],[23,9,23,16],[23,20,23,22],[35,13,35,15],[37,9,37,18],[29,9,29,16],[31,10,31,18],[28,9,28,16],[28,20,28,22],[33,9,33,18],[34,12,35,12],[48,9,48,12],[53,9,53,18],[44,9,44,12],[44,15,44,18],[45,9,45,12],[47,9,47,12],[34,13,34,15],[34,16,35,16],[39,9,39,18],[42,9,42,18],[58,24,59,24],[58,25,59,25],[58,9,59,16],[58,17,59,17],[58,18,59,18],[58,20,59,22],[58,23,59,23],[60,9,60,16],[60,20,60,22],[55,9,55,18],[56,9,56,18],[63,9,63,16],[63,20,63,22],[61,9,61,16],[61,20,61,22],[62,9,62,16],[62,20,62,22],[64,9,64,16],[64,20,64,22],[65,9,65,16],[65,20,65,22],[66,20,66,22],[67,9,67,16],[67,20,67,22],[93,9,93,18],[84,9,84,12],[84,15,84,18],[66,9,66,16],[77,9,77,18],[69,9,69,16],[71,10,71,18],[88,9,88,12],[68,20,68,22],[85,9,85,12],[87,9,87,12],[73,9,73,18],[74,12,75,12],[79,9,79,18],[82,9,82,18],[75,13,75,15],[74,13,74,15],[74,16,75,16],[98,24,99,24],[98,25,99,25],[98,9,99,16],[98,17,99,17],[98,18,99,18],[98,23,99,23],[100,9,100,16],[100,20,100,22],[95,9,95,18],[96,9,96,18],[98,20,99,22],[107,20,107,22],[108,9,108,16],[108,20,108,22],[109,9,109,16],[111,10,111,18],[117,9,117,18],[5,8,9,8],[113,9,113,18],[106,9,106,16],[114,12,115,12],[104,9,104,16],[102,9,102,16],[68,9,68,16],[114,13,114,15],[114,16,115,16],[101,9,101,16],[101,20,101,22],[104,20,104,22],[105,9,105,16],[105,20,105,22],[103,9,103,16],[103,20,103,22],[102,20,102,22],[106,20,106,22],[128,9,128,12],[119,9,119,18],[122,9,122,18],[124,9,124,12],[124,15,124,18],[125,9,125,12],[127,9,127,12],[115,13,115,15],[107,9,107,16]]}
[null,null,null,null,"MIN","MED","MAX",null,null,null,null,null,null,null,{"$f":"\"Quadro de Composição do BDI\"","v":"Quadro de Composição do BDI"},null,null,"Grau de Sigilo"]
["Construção e Reforma de Edifícios","AC",{"$f":"CONCATENATE(A2,\"-\",B2)","v":"Construção e Reforma de Edifícios-AC"},null,0.03,0.04,5.5E-2,null,null,null,null,null,null,null,null,null,null,"#PUBLICO"]
[{"$f":"A2","v":"Construção e Reforma de Edifícios"},"SG","Construção e Reforma de Edifícios-SG",null,8.0000000000000002E-3,8.0000000000000002E-3,0.01]
[{"$f":"A3","v":"Construção e Reforma de Edifícios"},"R","Construção e Reforma de Edifícios-R",null,9.7000000000000003E-3,1.2699999999999999E-2,1.2699999999999999E-2,null,null,"Nº OPERAÇÃO",null,"Nº TRANSFEREGOV",null,"PROPONENTE / TOMADOR"]
[{"$f":"A4","v":"Construção e Reforma de Edifícios"},"DF","Construção e Reforma de Edifícios-DF",null,5.8999999999999999E-3,1.23E-2,1.3899999999999999E-2,null,null,{"$f":"Import.CR","v":"109437911"},null,{"$f":"Import.TransfereGOV","v":"002829/2004"},null,{"$f":"Import.Proponente","v":"PREFEITURA MUNICIPAL DE TRAMANDAÍ"}]
[{"$f":"A5","v":"Construção e Reforma de Edifícios"},"L","Construção e Reforma de Edifícios-L",null,6.1600000000000002E-2,7.400000000000001E-2,8.9600000000000013E-2,null,"FILTRO"]
[{"$f":"A6","v":"Construção e Reforma de Edifícios"},"BDI PAD","Construção e Reforma de Edifícios-BDI PAD",null,0.2034,0.22120000000000001,0.25,null,null,"APELIDO DO EMPREENDIMENTO / DESCRIÇÃO DO LOTE"]
["Construção de Praças Urbanas, Rodovias, Ferrovias e recapeamento e pavimentação de vias urbanas","AC","Construção de Praças Urbanas, Rodovias, Ferrovias e recapeamento e pavimentação de vias urbanas-AC",null,3.7999999999999999E-2,4.0099999999999997E-2,4.6699999999999998E-2,null,null,{"$f":"Import.Apelido&\" / \"&Import.DescLote","v":"CRECHE PORTAL DAS FLORES / CONSTRUÇÃO DE UMA CRECHE PRO INFÂNCIA TIPO 1"}]
["Construção de Praças Urbanas, Rodovias, Ferrovias e recapeamento e pavimentação de vias urbanas","SG","Construção de Praças Urbanas, Rodovias, Ferrovias e recapeamento e pavimentação de vias urbanas-SG",null,3.2000000000000002E-3,4.0000000000000001E-3,7.4000000000000003E-3]
["Construção de Praças Urbanas, Rodovias, Ferrovias e recapeamento e pavimentação de vias urbanas","R","Construção de Praças Urbanas, Rodovias, Ferrovias e recapeamento e pavimentação de vias urbanas-R",null,5.0000000000000001E-3,5.6000000000000008E-3,9.7000000000000003E-3,null,null,"Conforme legislação tributária municipal, definir estimativa de percentual da base de cálculo para o ISS:"]
["Construção de Praças Urbanas, Rodovias, Ferrovias e recapeamento e pavimentação de vias urbanas","DF","Construção de Praças Urbanas, Rodovias, Ferrovias e recapeamento e pavimentação de vias urbanas-DF",null,1.0200000000000001E-2,1.11E-2,1.21E-2,null,"↓","Sobre a base de cálculo, definir a respectiva alíquota do ISS (entre 2% e 5%):",null,null,null,null,null,null,null,0.02]
["Construção de Praças Urbanas, Rodovias, Ferrovias e recapeamento e pavimentação de vias urbanas","L","Construção de Praças Urbanas, Rodovias, Ferrovias e recapeamento e pavimentação de vias urbanas-L",null,6.6400000000000001E-2,7.2999999999999995E-2,8.6899999999999991E-2,null,"F"]
["Construção de Praças Urbanas, Rodovias, Ferrovias e recapeamento e pavimentação de vias urbanas","BDI PAD","Construção de Praças Urbanas, Rodovias, Ferrovias e recapeamento e pavimentação de vias urbanas-BDI PAD",null,0.19600000000000001,0.2097,0.24230000000000002,null,"F"]
["Construção de Redes de Abastecimento de Água, Coleta de Esgoto","AC","Construção de Redes de Abastecimento de Água, Coleta de Esgoto-AC",null,3.4300000000000004E-2,4.9299999999999997E-2,6.7099999999999993E-2,null,"F","BDI 1"]
[{"$f":"A14","v":"Construção de Redes de Abastecimento de Água, Coleta de Esgoto"},"SG","Construção de Redes de Abastecimento de Água, Coleta de Esgoto-SG",null,2.8000000000000004E-3,4.8999999999999998E-3,7.4999999999999997E-3,null,"F"]
[{"$f":"A15","v":"Construção de Redes de Abastecimento de Água, Coleta de Esgoto"},"R","Construção de Redes de Abastecimento de Água, Coleta de Esgoto-R",null,0.01,1.3899999999999999E-2,1.7399999999999999E-2,null,"F","TIPO DE OBRA"]
[{"$f":"A16","v":"Construção de Redes de Abastecimento de Água, Coleta de Esgoto"},"DF","Construção de Redes de Abastecimento de Água, Coleta de Esgoto-DF",null,9.3999999999999986E-3,9.8999999999999991E-3,1.1699999999999999E-2,null,"F","Construção e Reforma de Edifícios"]
[{"$f":"A17","v":"Construção de Redes de Abastecimento de Água, Coleta de Esgoto"},"L","Construção de Redes de Abastecimento de Água, Coleta de Esgoto-L",null,6.7400000000000002E-2,8.0399999999999985E-2,9.4E-2,null,"F"]
[{"$f":"A18","v":"Construção de Redes de Abastecimento de Água, Coleta de Esgoto"},"BDI PAD","Construção de Redes de Abastecimento de Água, Coleta de Esgoto-BDI PAD",null,0.20760000000000001,0.24179999999999999,0.26440000000000002,null,"F","Itens",null,null,null,null,null,null,null,"Siglas","% Adotado",null,"Situação",null,null,"1º Quartil","Médio","3º Quartil"]
["Construção e Manutenção de Estações e Redes de Distribuição de Energia Elétrica","AC","Construção e Manutenção de Estações e Redes de Distribuição de Energia Elétrica-AC",null,5.2900000000000003E-2,5.9200000000000003E-2,7.9299999999999995E-2,null,"F"]
[{"$f":"A20","v":"Construção e Manutenção de Estações e Redes de Distribuição de Energia Elétrica"},"SG","Construção e Manutenção de Estações e Redes de Distribuição de Energia Elétrica-SG",null,2.5000000000000001E-3,5.1000000000000004E-3,5.6000000000000008E-3,null,"F",{"$f":"IF($J$17=$A$146,\"Encargos Sociais incidentes sobre a mão de obra\",\"Administração Central\")","v":"Administração Central"},null,null,null,null,null,null,null,{"$f":"IF($J17=$A$146,\"K1\",\"AC\")","v":"AC"},5.5E-2,null,"-",null,null,{"$f":"VLOOKUP(CONCATENATE(J17,\"-\",R21),$C$2:$G$136,3,FALSE)","v":0.03},{"$f":"VLOOKUP(CONCATENATE(J17,\"-\",R21),$C$2:$G$136,4,FALSE)","v":0.04},{"$f":"VLOOKUP(CONCATENATE(J17,\"-\",R21),$C$2:$G$136,5,FALSE)","v":5.5E-2}]
[{"$f":"A21","v":"Construção e Manutenção de Estações e Redes de Distribuição de Energia Elétrica"},"R","Construção e Manutenção de Estações e Redes de Distribuição de Energia Elétrica-R",null,0.01,1.4800000000000001E-2,1.9699999999999999E-2,null,"F",{"$f":"IF($J$17=$A$146,\"Administração Central da empresa ou consultoria - overhead\",\"Seguro e Garantia\")","v":"Seguro e Garantia"},null,null,null,null,null,null,null,{"$f":"IF($J17=$A$146,\"K2\",\"SG\")","v":"SG"},8.0000000000000002E-3,null,"-",null,null,{"$f":"VLOOKUP(CONCATENATE(J17,\"-\",R22),$C$2:$G$136,3,FALSE)","v":8.0000000000000002E-3},{"$f":"VLOOKUP(CONCATENATE(J17,\"-\",R22),$C$2:$G$136,4,FALSE)","v":8.0000000000000002E-3},{"$f":"VLOOKUP(CONCATENATE(J17,\"-\",R22),$C$2:$G$136,5,FALSE)","v":0.01}]
[{"$f":"A22","v":"Construção e Manutenção de Estações e Redes de Distribuição de Energia Elétrica"},"DF","Construção e Manutenção de Estações e Redes de Distribuição de Energia Elétrica-DF",null,1.01E-2,1.0700000000000001E-2,1.11E-2,null,"F",{"$f":"IF($J$17=$A$146,\"\",\"Risco\")","v":"Risco"},null,null,null,null,null,null,null,{"$f":"IF($J17=$A$146,\"\",\"R\")","v":"R"},1.2699999999999999E-2,null,"-",null,null,{"$f":"VLOOKUP(CONCATENATE(J17,\"-\",R23),$C$2:$G$136,3,FALSE)","v":9.7000000000000003E-3},{"$f":"VLOOKUP(CONCATENATE(J17,\"-\",R23),$C$2:$G$136,4,FALSE)","v":1.2699999999999999E-2},{"$f":"VLOOKUP(CONCATENATE(J17,\"-\",R23),$C$2:$G$136,5,FALSE)","v":1.2699999999999999E-2}]
[{"$f":"A23","v":"Construção e Manutenção de Estações e Redes de Distribuição de Energia Elétrica"},"L","Construção e Manutenção de Estações e Redes de Distribuição de Energia Elétrica-L",null,0.08,8.3100000000000007E-2,9.5100000000000004E-2,null,"F",{"$f":"IF($J$17=$A$146,\"\",\"Despesas Financeiras\")","v":"Despesas Financeiras"},null,null,null,null,null,null,null,{"$f":"IF($J17=$A$146,\"\",\"DF\")","v":"DF"},1.235E-2,null,"-",null,null,{"$f":"VLOOKUP(CONCATENATE(J17,\"-\",R24),$C$2:$G$136,3,FALSE)","v":5.8999999999999999E-3},{"$f":"VLOOKUP(CONCATENATE(J17,\"-\",R24),$C$2:$G$136,4,FALSE)","v":1.23E-2},{"$f":"VLOOKUP(CONCATENATE(J17,\"-\",R24),$C$2:$G$136,5,FALSE)","v":1.3899999999999999E-2}]
[{"$f":"A24","v":"Construção e Manutenção de Estações e Redes de Distribuição de Energia Elétrica"},"BDI PAD","Construção e Manutenção de Estações e Redes de Distribuição de Energia Elétrica-BDI PAD",null,0.24,0.25840000000000002,0.27860000000000001,null,"F",{"$f":"IF($J$17=$A$146,\"Margem bruta da empresa de consultoria\",\"Lucro\")","v":"Lucro"},null,null,null,null,null,null,null,{"$f":"IF($J17=$A$146,\"K3\",\"L\")","v":"L"},8.3000000000000004E-2,null,"-",null,null,{"$f":"VLOOKUP(CONCATENATE(J17,\"-\",R25),$C$2:$G$136,3,FALSE)","v":6.1600000000000002E-2},{"$f":"VLOOKUP(CONCATENATE(J17,\"-\",R25),$C$2:$G$136,4,FALSE)","v":7.400000000000001E-2},{"$f":"VLOOKUP(CONCATENATE(J17,\"-\",R25),$C$2:$G$136,5,FALSE)","v":8.9600000000000013E-2}]
["Obras Portuárias, Marítimas e Fluviais","AC","Obras Portuárias, Marítimas e Fluviais-AC",null,0.04,5.5199999999999999E-2,7.85E-2,null,"F","Tributos (impostos COFINS 3%, e  PIS 0,65%)",null,null,null,null,null,null,null,"CP",5.6500000000000002E-2,null,"-",null,null,3.6499999999999998E-2,3.6499999999999998E-2,3.6499999999999998E-2]
[{"$f":"A26","v":"Obras Portuárias, Marítimas e Fluviais"},"SG","Obras Portuárias, Marítimas e Fluviais-SG",null,8.1000000000000013E-3,1.2199999999999999E-2,1.9900000000000001E-2,null,"F","Tributos (ISS, variável de acordo com o município)",null,null,null,null,null,null,null,"ISS",{"$f":"IF(AND($J17<>$A$145,COUNTA(OFFSET(S20,1,0,6))>0),$R$11*$R$10,0)","v":0},null,"-",null,null,0,2.5000000000000001E-2,0.05]
[{"$f":"A27","v":"Obras Portuárias, Marítimas e Fluviais"},"R","Obras Portuárias, Marítimas e Fluviais-R",null,1.46E-2,2.3199999999999998E-2,3.1600000000000003E-2,null,"F","Tributos (Contribuição Previdenciária sobre a Receita Bruta - 0% ou 4,5% - Desoneração)",null,null,null,null,null,null,null,"CPRB",{"$f":"IF(BDI.Opcao<>\"Desonerado\",0,IF(AND($J17<>$A$145,COUNTA(OFFSET(S20,1,0,6))>0),4.5%,0%))","v":0},null,"-",null,null,0,4.4999999999999998E-2,4.4999999999999998E-2]
[{"$f":"A28","v":"Obras Portuárias, Marítimas e Fluviais"},"DF","Obras Portuárias, Marítimas e Fluviais-DF",null,9.3999999999999986E-3,1.0200000000000001E-2,1.3300000000000001E-2,null,"F","BDI SEM desoneração (Fórmula Acórdão TCU)",null,null,null,null,null,null,null,"BDI PAD",{"$f":"IF($J17=$A$145,0,ROUND((((1+S21+S22+S23)*(1+S24)*(1+S25)/(1-(S26+S27)))-1),4))","v":0.25},null,{"$f":"IF(OR($J$17=$A$146,$J$17=$A$145,AND(S29>=X29,S29<=Z29)),\"OK\",\"FORA DO INTERVALO\")","v":"OK"},null,null,{"$f":"IF($J17=$A$145,0,VLOOKUP(CONCATENATE($J17,\"-\",$R29),$C$2:$G$136,3,FALSE))","v":0.2034},{"$f":"IF($J17=$A$145,0,VLOOKUP(CONCATENATE($J17,\"-\",$R29),$C$2:$G$136,4,FALSE))","v":0.22120000000000001},{"$f":"IF($J17=$A$145,0,VLOOKUP(CONCATENATE($J17,\"-\",$R29),$C$2:$G$136,5,FALSE))","v":0.25}]
[{"$f":"A29","v":"Obras Portuárias, Marítimas e Fluviais"},"L","Obras Portuárias, Marítimas e Fluviais-L",null,7.1399999999999991E-2,8.4000000000000005E-2,0.1043,null,"F","BDI COM desoneração",null,null,null,null,null,null,null,"BDI DES",{"$f":"IF($J17=$A$145,0,ROUND((((1+S21+S22+S23)*(1+S24)*(1+S25)/(1-(S26+S27+S28)))-1),4))","v":0.25}]
[{"$f":"A30","v":"Obras Portuárias, Marítimas e Fluviais"},"BDI PAD","Obras Portuárias, Marítimas e Fluviais-BDI PAD",null,0.22800000000000001,0.27479999999999999,0.3095,null,"F"]
["Fornecimento de Materiais e Equipamentos (aquisição indireta - em conjunto com licitação de obras)","AC","Fornecimento de Materiais e Equipamentos (aquisição indireta - em conjunto com licitação de obras)-AC",null,1.4999999999999999E-2,3.4500000000000003E-2,4.4900000000000002E-2,null,"F",{"$f":"IF(U29<>\"ok\",\"X\",\"\")","v":""},{"$f":"IF(U29<>\"ok\",\"Anexo: Relatório Técnico Circunstanciado justificando a adoção do percentual de cada parcela do BDI.\",\"\")","v":""}]
[{"$f":"A32","v":"Fornecimento de Materiais e Equipamentos (aquisição indireta - em conjunto com licitação de obras)"},"SG","Fornecimento de Materiais e Equipamentos (aquisição indireta - em conjunto com licitação de obras)-SG",null,3.0000000000000001E-3,4.7999999999999996E-3,8.199999999999999E-3,null,"F"]
[{"$f":"A33","v":"Fornecimento de Materiais e Equipamentos (aquisição indireta - em conjunto com licitação de obras)"},"R","Fornecimento de Materiais e Equipamentos (aquisição indireta - em conjunto com licitação de obras)-R",null,5.6000000000000008E-3,8.5000000000000006E-3,8.8999999999999999E-3,null,"F","Os valores de BDI foram calculados com o emprego da fórmula:"]
[{"$f":"A34","v":"Fornecimento de Materiais e Equipamentos (aquisição indireta - em conjunto com licitação de obras)"},"DF","Fornecimento de Materiais e Equipamentos (aquisição indireta - em conjunto com licitação de obras)-DF",null,8.5000000000000006E-3,8.5000000000000006E-3,1.11E-2,null,"F",null,null,null,"BDI =",{"$f":"IF($J17=$A$146,\"(1+K1+K2)*(1+K3)\",\"(1+AC + S + R + G)*(1 + DF)*(1+L)\")","v":"(1+AC + S + R + G)*(1 + DF)*(1+L)"},null,null," - 1"]
[{"$f":"A35","v":"Fornecimento de Materiais e Equipamentos (aquisição indireta - em conjunto com licitação de obras)"},"L","Fornecimento de Materiais e Equipamentos (aquisição indireta - em conjunto com licitação de obras)-L",null,3.5000000000000003E-2,5.1100000000000007E-2,6.2199999999999998E-2,null,"F",null,null,null,null,"(1-CP-ISS-CRPB)"]
[{"$f":"A36","v":"Fornecimento de Materiais e Equipamentos (aquisição indireta - em conjunto com licitação de obras)"},"BDI PAD","Fornecimento de Materiais e Equipamentos (aquisição indireta - em conjunto com licitação de obras)-BDI PAD",null,0.111,0.14019999999999999,0.16800000000000001,null,"F"]
["Fornecimento de Materiais e Equipamentos (aquisição direta)","AC","Fornecimento de Materiais e Equipamentos (aquisição direta)-AC",null,"-","-","-",null,"F",{"$f":"CONCATENATE(\"Declaro para os devidos fins que, conforme legislação tributária municipal, a base de cálculo deste tipo de obra corresponde à \",$R$10*100,\"%, com a respectiva alíquota de \",$R$11*100,\"%.\")","v":"Declaro para os devidos fins que, conforme legislação tributária municipal, a base de cálculo deste tipo de obra corresponde à 0%, com a respectiva alíquota de 2%."}]
["Fornecimento de Materiais e Equipamentos (aquisição direta)","SG","Fornecimento de Materiais e Equipamentos (aquisição direta)-SG",null,"-","-","-",null,"F"]
["Fornecimento de Materiais e Equipamentos (aquisição direta)","R","Fornecimento de Materiais e Equipamentos (aquisição direta)-R",null,"-","-","-",null,"F",{"$f":"CONCATENATE(\"Declaro para os devidos fins que o regime de Contribuição Previdenciária sobre a Receita Bruta adotado para elaboração do orçamento foi \",IF(DESONERACAO=\"Sim\",\"COM\",\"SEM\"),\" Desoneração, e que esta é a alternativa mais adequada para a Administração Pública.\")","v":"Declaro para os devidos fins que o regime de Contribuição Previdenciária sobre a Receita Bruta adotado para elaboração do orçamento foi SEM Desoneração, e que esta é a alternativa mais adequada para a Administração Pública."}]
["Fornecimento de Materiais e Equipamentos (aquisição direta)","DF","Fornecimento de Materiais e Equipamentos (aquisição direta)-DF",null,"-","-","-",null,"F"]
["Fornecimento de Materiais e Equipamentos (aquisição direta)","L","Fornecimento de Materiais e Equipamentos (aquisição direta)-L",null,"-","-","-",null,"F","Observações:"]
["Fornecimento de Materiais e Equipamentos (aquisição direta)","BDI PAD","Fornecimento de Materiais e Equipamentos (aquisição direta)-BDI PAD",null,"-","-","-",null,"F"]
["Estudos e Projetos, Planos e Gerenciamento e outros correlatos","K1","Estudos e Projetos, Planos e Gerenciamento e outros correlatos-K1",null,"-","-","-",null,"F"]
[{"$f":"A44","v":"Estudos e Projetos, Planos e Gerenciamento e outros correlatos"},"K2","Estudos e Projetos, Planos e Gerenciamento e outros correlatos-K2",null,"-",0.2,"-",null,"F",{"$f":"Import.Município","v":"RIO GRANDE DO SUL"},null,null,null,null,null,{"$f":"DADOS!$F$25","v":"2025-05-26"}]
[{"$f":"A45","v":"Estudos e Projetos, Planos e Gerenciamento e outros correlatos"},null,"Estudos e Projetos, Planos e Gerenciamento e outros correlatos-",null,"-","-","-",null,"F","Local",null,null,null,null,null,"Data"]
[{"$f":"A46","v":"Estudos e Projetos, Planos e Gerenciamento e outros correlatos"},null,"Estudos e Projetos, Planos e Gerenciamento e outros correlatos-",null,"-","-","-",null,"F"]
[{"$f":"A47","v":"Estudos e Projetos, Planos e Gerenciamento e outros correlatos"},"K3","Estudos e Projetos, Planos e Gerenciamento e outros correlatos-K3",null,"-",0.12,"-",null,"F"]
[{"$f":"A48","v":"Estudos e Projetos, Planos e Gerenciamento e outros correlatos"},"BDI PAD","Estudos e Projetos, Planos e Gerenciamento e outros correlatos-BDI PAD",null,"-","-","-",null,"F","Responsável Técnico"]
[null,null,null,null,null,null,null,null,"F","Nome:",{"$f":"Import.RespOrçamento","v":"PAULO RICARDO VIEGAS ALVES"}]
[null,null,null,null,null,null,null,null,"F","CREA/CAU:","A86.107-3"]
[null,null,null,null,null,null,null,null,"F","ART/RRT:","RRT15101062"]
[null,null,null,null,null,null,null,null,"F"]
[null,null,null,null,null,null,null,null,{"$f":"IF($S$69=0,\"\",\"F\")","v":""},"BDI 2"]
[null,null,null,null,null,null,null,null,{"$f":"IF($S$69=0,\"\",\"F\")","v":""}]
[null,null,null,null,null,null,null,null,"","TIPO DE OBRA"]
[null,null,null,null,null,null,null,null,"","(SELECIONAR)"]
[null,null,null,null,null,null,null,null,""]
[null,null,null,null,null,null,null,null,"","Itens",null,null,null,null,null,null,null,"Siglas","% Adotado",null,"Situação",null,null,"1º Quartil","Médio","3º Quartil"]
[null,null,null,null,null,null,null,null,""]
[null,null,null,null,null,null,null,null,"",{"$f":"IF($J$17=$A$146,\"Encargos Sociais incidentes sobre a mão de obra\",\"Administração Central\")","v":"Administração Central"},null,null,null,null,null,null,null,{"$f":"IF($J57=$A$146,\"K1\",\"AC\")","v":"AC"},null,null,"-",null,null,{"$f":"VLOOKUP(CONCATENATE(J57,\"-\",R61),$C$2:$G$136,3,FALSE)","v":{"$error":"#N/A"}},{"$f":"VLOOKUP(CONCATENATE(J57,\"-\",R61),$C$2:$G$136,4,FALSE)","v":{"$error":"#N/A"}},{"$f":"VLOOKUP(CONCATENATE(J57,\"-\",R61),$C$2:$G$136,5,FALSE)","v":{"$error":"#N/A"}}]
[null,null,null,null,null,null,null,null,"",{"$f":"IF($J$17=$A$146,\"Administração Central da empresa ou consultoria - overhead\",\"Seguro e Garantia\")","v":"Seguro e Garantia"},null,null,null,null,null,null,null,{"$f":"IF($J57=$A$146,\"K2\",\"SG\")","v":"SG"},null,null,"-",null,null,{"$f":"VLOOKUP(CONCATENATE(J57,\"-\",R62),$C$2:$G$136,3,FALSE)","v":{"$error":"#N/A"}},{"$f":"VLOOKUP(CONCATENATE(J57,\"-\",R62),$C$2:$G$136,4,FALSE)","v":{"$error":"#N/A"}},{"$f":"VLOOKUP(CONCATENATE(J57,\"-\",R62),$C$2:$G$136,5,FALSE)","v":{"$error":"#N/A"}}]
[null,null,null,null,null,null,null,null,"",{"$f":"IF($J$17=$A$146,\"\",\"Risco\")","v":"Risco"},null,null,null,null,null,null,null,{"$f":"IF($J57=$A$146,\"\",\"R\")","v":"R"},null,null,"-",null,null,{"$f":"VLOOKUP(CONCATENATE(J57,\"-\",R63),$C$2:$G$136,3,FALSE)","v":{"$error":"#N/A"}},{"$f":"VLOOKUP(CONCATENATE(J57,\"-\",R63),$C$2:$G$136,4,FALSE)","v":{"$error":"#N/A"}},{"$f":"VLOOKUP(CONCATENATE(J57,\"-\",R63),$C$2:$G$136,5,FALSE)","v":{"$error":"#N/A"}}]
[null,null,null,null,null,null,null,null,"",{"$f":"IF($J$17=$A$146,\"\",\"Despesas Financeiras\")","v":"Despesas Financeiras"},null,null,null,null,null,null,null,{"$f":"IF($J57=$A$146,\"\",\"DF\")","v":"DF"},null,null,"-",null,null,{"$f":"VLOOKUP(CONCATENATE(J57,\"-\",R64),$C$2:$G$136,3,FALSE)","v":{"$error":"#N/A"}},{"$f":"VLOOKUP(CONCATENATE(J57,\"-\",R64),$C$2:$G$136,4,FALSE)","v":{"$error":"#N/A"}},{"$f":"VLOOKUP(CONCATENATE(J57,\"-\",R64),$C$2:$G$136,5,FALSE)","v":{"$error":"#N/A"}}]
[null,null,null,null,null,null,null,null,"",{"$f":"IF($J$17=$A$146,\"Margem bruta da empresa de consultoria\",\"Lucro\")","v":"Lucro"},null,null,null,null,null,null,null,{"$f":"IF($J57=$A$146,\"K3\",\"L\")","v":"L"},null,null,"-",null,null,{"$f":"VLOOKUP(CONCATENATE(J57,\"-\",R65),$C$2:$G$136,3,FALSE)","v":{"$error":"#N/A"}},{"$f":"VLOOKUP(CONCATENATE(J57,\"-\",R65),$C$2:$G$136,4,FALSE)","v":{"$error":"#N/A"}},{"$f":"VLOOKUP(CONCATENATE(J57,\"-\",R65),$C$2:$G$136,5,FALSE)","v":{"$error":"#N/A"}}]
[null,null,null,null,null,null,null,null,"","Tributos (impostos COFINS 3%, e  PIS 0,65%)",null,null,null,null,null,null,null,"CP",null,null,"-",null,null,3.6499999999999998E-2,3.6499999999999998E-2,3.6499999999999998E-2]
[null,null,null,null,null,null,null,null,"","Tributos (ISS, variável de acordo com o município)",null,null,null,null,null,null,null,"ISS",{"$f":"IF(AND($J57<>$A$145,COUNTA(OFFSET(S60,1,0,6))>0),$R$11*$R$10,0)","v":0},null,"-",null,null,0,2.5000000000000001E-2,0.05]
[null,null,null,null,null,null,null,null,"","Tributos (Contribuição Previdenciária sobre a Receita Bruta - 0% ou 4,5% - Desoneração)",null,null,null,null,null,null,null,"CPRB",{"$f":"IF(BDI.Opcao<>\"Desonerado\",0,IF(AND($J57<>$A$145,COUNTA(OFFSET(S60,1,0,6))>0),4.5%,0%))","v":0},null,"-",null,null,0,4.4999999999999998E-2,4.4999999999999998E-2]
[null,null,null,null,null,null,null,null,"","BDI SEM desoneração (Fórmula Acórdão TCU)",null,null,null,null,null,null,null,"BDI PAD",{"$f":"IF($J57=$A$145,0,ROUND((((1+S61+S62+S63)*(1+S64)*(1+S65)/(1-(S66+S67)))-1),4))","v":0},null,{"$f":"IF(OR($J$17=$A$146,$J$17=$A$145,AND(S69>=X69,S69<=Z69)),\"OK\",\"FORA DO INTERVALO\")","v":{"$error":"#N/A"}},null,null,{"$f":"IF($J57=$A$145,0,VLOOKUP(CONCATENATE($J57,\"-\",$R69),$C$2:$G$136,3,FALSE))","v":{"$error":"#N/A"}},{"$f":"IF($J57=$A$145,0,VLOOKUP(CONCATENATE($J57,\"-\",$R69),$C$2:$G$136,4,FALSE))","v":{"$error":"#N/A"}},{"$f":"IF($J57=$A$145,0,VLOOKUP(CONCATENATE($J57,\"-\",$R69),$C$2:$G$136,5,FALSE))","v":{"$error":"#N/A"}}]
[null,null,null,null,null,null,null,null,"","BDI COM desoneração",null,null,null,null,null,null,null,"BDI DES",{"$f":"IF($J57=$A$145,0,ROUND((((1+S61+S62+S63)*(1+S64)*(1+S65)/(1-(S66+S67+S68)))-1),4))","v":0}]
[null,null,null,null,null,null,null,null,""]
[null,null,null,null,null,null,null,null,"",{"$f":"IF(U69<>\"ok\",\"X\",\"\")","v":{"$error":"#N/A"}},{"$f":"IF(U69<>\"ok\",\"Anexo: Relatório Técnico Circunstanciado justificando a adoção do percentual de cada parcela do BDI.\",\"\")","v":{"$error":"#N/A"}}]
[null,null,null,null,null,null,null,null,""]
[null,null,null,null,null,null,null,null,"","Os valores de BDI foram calculados com o emprego da fórmula:"]
[null,null,null,null,null,null,null,null,"",null,null,null,"BDI =",{"$f":"IF($J57=$A$146,\"(1+K1+K2)*(1+K3)\",\"(1+AC + S + R + G)*(1 + DF)*(1+L)\")","v":"(1+AC + S + R + G)*(1 + DF)*(1+L)"},null,null," - 1"]
[null,null,null,null,null,null,null,null,"",null,null,null,null,"(1-CP-ISS-CRPB)"]
[null,null,null,null,null,null,null,null,""]
[null,null,null,null,null,null,null,null,"",{"$f":"CONCATENATE(\"Declaro para os devidos fins que, conforme legislação tributária municipal, a base de cálculo deste tipo de obra corresponde à \",$R$10*100,\"%, com a respectiva alíquota de \",$R$11*100,\"%.\")","v":"Declaro para os devidos fins que, conforme legislação tributária municipal, a base de cálculo deste tipo de obra corresponde à 0%, com a respectiva alíquota de 2%."}]
[null,null,null,null,null,null,null,null,""]
[null,null,null,null,null,null,null,null,"",{"$f":"CONCATENATE(\"Declaro para os devidos fins que o regime de Contribuição Previdenciária sobre a Receita Bruta adotado para elaboração do orçamento foi \",IF(DESONERACAO=\"Sim\",\"COM\",\"SEM\"),\" Desoneração, e que esta é a alternativa mais adequada para a Administração Pública.\")","v":"Declaro para os devidos fins que o regime de Contribuição Previdenciária sobre a Receita Bruta adotado para elaboração do orçamento foi SEM Desoneração, e que esta é a alternativa mais adequada para a Administração Pública."}]
[null,null,null,null,null,null,null,null,""]
[null,null,null,null,null,null,null,null,"","Observações:"]
[null,null,null,null,null,null,null,null,""]
[null,null,null,null,null,null,null,null,""]
[null,null,null,null,null,null,null,null,"",{"$f":"Import.Município","v":"RIO GRANDE DO SUL"},null,null,null,null,null,{"$f":"DADOS!$F$25","v":"2025-05-26"}]
[null,null,null,null,null,null,null,null,"","Local",null,null,null,null,null,"Data"]
[null,null,null,null,null,null,null,null,""]
[null,null,null,null,null,null,null,null,""]
[null,null,null,null,null,null,null,null,"","Responsável Técnico"]
[null,null,null,null,null,null,null,null,"","Nome:",{"$f":"Import.RespOrçamento","v":"PAULO RICARDO VIEGAS ALVES"}]
[null,null,null,null,null,null,null,null,"","CREA/CAU:","A86.107-3"]
[null,null,null,null,null,null,null,null,"","ART/RRT:","RRT15101062"]
[null,null,null,null,null,null,null,null,""]
[null,null,null,null,null,null,null,null,{"$f":"IF($S$109=0,\"\",\"F\")","v":""},"BDI 3"]
[null,null,null,null,null,null,null,null,{"$f":"IF($S$109=0,\"\",\"F\")","v":""}]
[null,null,null,null,null,null,null,null,"","TIPO DE OBRA"]
[null,null,null,null,null,null,null,null,"","(SELECIONAR)"]
[null,null,null,null,null,null,null,null,""]
[null,null,null,null,null,null,null,null,"","Itens",null,null,null,null,null,null,null,"Siglas","% Adotado",null,"Situação",null,null,"1º Quartil","Médio","3º Quartil"]
[null,null,null,null,null,null,null,null,""]
[null,null,null,null,null,null,null,null,"",{"$f":"IF($J$17=$A$146,\"Encargos Sociais incidentes sobre a mão de obra\",\"Administração Central\")","v":"Administração Central"},null,null,null,null,null,null,null,{"$f":"IF($J97=$A$146,\"K1\",\"AC\")","v":"AC"},null,null,"-",null,null,{"$f":"VLOOKUP(CONCATENATE(J97,\"-\",R101),$C$2:$G$136,3,FALSE)","v":{"$error":"#N/A"}},{"$f":"VLOOKUP(CONCATENATE(J97,\"-\",R101),$C$2:$G$136,4,FALSE)","v":{"$error":"#N/A"}},{"$f":"VLOOKUP(CONCATENATE(J97,\"-\",R101),$C$2:$G$136,5,FALSE)","v":{"$error":"#N/A"}}]
[null,null,null,null,null,null,null,null,"",{"$f":"IF($J$17=$A$146,\"Administração Central da empresa ou consultoria - overhead\",\"Seguro e Garantia\")","v":"Seguro e Garantia"},null,null,null,null,null,null,null,{"$f":"IF($J97=$A$146,\"K2\",\"SG\")","v":"SG"},null,null,"-",null,null,{"$f":"VLOOKUP(CONCATENATE(J97,\"-\",R102),$C$2:$G$136,3,FALSE)","v":{"$error":"#N/A"}},{"$f":"VLOOKUP(CONCATENATE(J97,\"-\",R102),$C$2:$G$136,4,FALSE)","v":{"$error":"#N/A"}},{"$f":"VLOOKUP(CONCATENATE(J97,\"-\",R102),$C$2:$G$136,5,FALSE)","v":{"$error":"#N/A"}}]
[null,null,null,null,null,null,null,null,"",{"$f":"IF($J$17=$A$146,\"\",\"Risco\")","v":"Risco"},null,null,null,null,null,null,null,{"$f":"IF($J97=$A$146,\"\",\"R\")","v":"R"},null,null,"-",null,null,{"$f":"VLOOKUP(CONCATENATE(J97,\"-\",R103),$C$2:$G$136,3,FALSE)","v":{"$error":"#N/A"}},{"$f":"VLOOKUP(CONCATENATE(J97,\"-\",R103),$C$2:$G$136,4,FALSE)","v":{"$error":"#N/A"}},{"$f":"VLOOKUP(CONCATENATE(J97,\"-\",R103),$C$2:$G$136,5,FALSE)","v":{"$error":"#N/A"}}]
[null,null,null,null,null,null,null,null,"",{"$f":"IF($J$17=$A$146,\"\",\"Despesas Financeiras\")","v":"Despesas Financeiras"},null,null,null,null,null,null,null,{"$f":"IF($J97=$A$146,\"\",\"DF\")","v":"DF"},null,null,"-",null,null,{"$f":"VLOOKUP(CONCATENATE(J97,\"-\",R104),$C$2:$G$136,3,FALSE)","v":{"$error":"#N/A"}},{"$f":"VLOOKUP(CONCATENATE(J97,\"-\",R104),$C$2:$G$136,4,FALSE)","v":{"$error":"#N/A"}},{"$f":"VLOOKUP(CONCATENATE(J97,\"-\",R104),$C$2:$G$136,5,FALSE)","v":{"$error":"#N/A"}}]
[null,null,null,null,null,null,null,null,"",{"$f":"IF($J$17=$A$146,\"Margem bruta da empresa de consultoria\",\"Lucro\")","v":"Lucro"},null,null,null,null,null,null,null,{"$f":"IF($J97=$A$146,\"K3\",\"L\")","v":"L"},null,null,"-",null,null,{"$f":"VLOOKUP(CONCATENATE(J97,\"-\",R105),$C$2:$G$136,3,FALSE)","v":{"$error":"#N/A"}},{"$f":"VLOOKUP(CONCATENATE(J97,\"-\",R105),$C$2:$G$136,4,FALSE)","v":{"$error":"#N/A"}},{"$f":"VLOOKUP(CONCATENATE(J97,\"-\",R105),$C$2:$G$136,5,FALSE)","v":{"$error":"#N/A"}}]
[null,null,null,null,null,null,null,null,"","Tributos (impostos COFINS 3%, e  PIS 0,65%)",null,null,null,null,null,null,null,"CP",null,null,"-",null,null,3.6499999999999998E-2,3.6499999999999998E-2,3.6499999999999998E-2]
[null,null,null,null,null,null,null,null,"","Tributos (ISS, variável de acordo com o município)",null,null,null,null,null,null,null,"ISS",{"$f":"IF(AND($J97<>$A$145,COUNTA(OFFSET(S100,1,0,6))>0),$R$11*$R$10,0)","v":0},null,"-",null,null,0,2.5000000000000001E-2,0.05]
[null,null,null,null,null,null,null,null,"","Tributos (Contribuição Previdenciária sobre a Receita Bruta - 0% ou 4,5% - Desoneração)",null,null,null,null,null,null,null,"CPRB",{"$f":"IF(BDI.Opcao<>\"Desonerado\",0,IF(AND($J97<>$A$145,COUNTA(OFFSET(S100,1,0,6))>0),4.5%,0%))","v":0},null,"-",null,null,0,4.4999999999999998E-2,4.4999999999999998E-2]
[null,null,null,null,null,null,null,null,"","BDI SEM desoneração (Fórmula Acórdão TCU)",null,null,null,null,null,null,null,"BDI PAD",{"$f":"IF($J97=$A$145,0,ROUND((((1+S101+S102+S103)*(1+S104)*(1+S105)/(1-(S106+S107)))-1),4))","v":0},null,{"$f":"IF(OR($J$17=$A$146,$J$17=$A$145,AND(S109>=X109,S109<=Z109)),\"OK\",\"FORA DO INTERVALO\")","v":{"$error":"#N/A"}},null,null,{"$f":"IF($J97=$A$145,0,VLOOKUP(CONCATENATE($J97,\"-\",$R109),$C$2:$G$136,3,FALSE))","v":{"$error":"#N/A"}},{"$f":"IF($J97=$A$145,0,VLOOKUP(CONCATENATE($J97,\"-\",$R109),$C$2:$G$136,4,FALSE))","v":{"$error":"#N/A"}},{"$f":"IF($J97=$A$145,0,VLOOKUP(CONCATENATE($J97,\"-\",$R109),$C$2:$G$136,5,FALSE))","v":{"$error":"#N/A"}}]
[null,null,null,null,null,null,null,null,"","BDI COM desoneração",null,null,null,null,null,null,null,"BDI DES",{"$f":"IF($J97=$A$145,0,ROUND((((1+S101+S102+S103)*(1+S104)*(1+S105)/(1-(S106+S107+S108)))-1),4))","v":0}]
[null,null,null,null,null,null,null,null,""]
[null,null,null,null,null,null,null,null,"",{"$f":"IF(U109<>\"ok\",\"X\",\"\")","v":{"$error":"#N/A"}},{"$f":"IF(U109<>\"ok\",\"Anexo: Relatório Técnico Circunstanciado justificando a adoção do percentual de cada parcela do BDI.\",\"\")","v":{"$error":"#N/A"}}]
[null,null,null,null,null,null,null,null,""]
[null,null,null,null,null,null,null,null,"","Os valores de BDI foram calculados com o emprego da fórmula:"]
[null,null,null,null,null,null,null,null,"",null,null,null,"BDI =",{"$f":"IF($J97=$A$146,\"(1+K1+K2)*(1+K3)\",\"(1+AC + S + R + G)*(1 + DF)*(1+L)\")","v":"(1+AC + S + R + G)*(1 + DF)*(1+L)"},null,null," - 1"]
[null,null,null,null,null,null,null,null,"",null,null,null,null,"(1-CP-ISS-CRPB)"]
[null,null,null,null,null,null,null,null,""]
[null,null,null,null,null,null,null,null,"",{"$f":"CONCATENATE(\"Declaro para os devidos fins que, conforme legislação tributária municipal, a base de cálculo deste tipo de obra corresponde à \",$R$10*100,\"%, com a respectiva alíquota de \",$R$11*100,\"%.\")","v":"Declaro para os devidos fins que, conforme legislação tributária municipal, a base de cálculo deste tipo de obra corresponde à 0%, com a respectiva alíquota de 2%."}]
[null,null,null,null,null,null,null,null,""]
[null,null,null,null,null,null,null,null,"",{"$f":"CONCATENATE(\"Declaro para os devidos fins que o regime de Contribuição Previdenciária sobre a Receita Bruta adotado para elaboração do orçamento foi \",IF(DESONERACAO=\"Sim\",\"COM\",\"SEM\"),\" Desoneração, e que esta é a alternativa mais adequada para a Administração Pública.\")","v":"Declaro para os devidos fins que o regime de Contribuição Previdenciária sobre a Receita Bruta adotado para elaboração do orçamento foi SEM Desoneração, e que esta é a alternativa mais adequada para a Administração Pública."}]
[null,null,null,null,null,null,null,null,""]
[null,null,null,null,null,null,null,null,"","Observações:"]
[null,null,null,null,null,null,null,null,""]
[null,null,null,null,null,null,null,null,""]
[null,null,null,null,null,null,null,null,"",{"$f":"Import.Município","v":"RIO GRANDE DO SUL"},null,null,null,null,null,{"$f":"DADOS!$F$25","v":"2025-05-26"}]
[null,null,null,null,null,null,null,null,"","Local",null,null,null,null,null,"Data"]
[null,null,null,null,null,null,null,null,""]
[null,null,null,null,null,null,null,null,""]
[null,null,null,null,null,null,null,null,"","Responsável Técnico"]
[null,null,null,null,null,null,null,null,"","Nome:",{"$f":"Import.RespOrçamento","v":"PAULO RICARDO VIEGAS ALVES"}]
[null,null,null,null,null,null,null,null,"","CREA/CAU:","A86.107-3"]
[null,null,null,null,null,null,null,null,"","ART/RRT:","RRT15101062"]
[]
[]
[]
[]
[]
["(SELECIONAR)"]
["Construção e Reforma de Edifícios"]
["Construção de Praças Urbanas, Rodovias, Ferrovias e recapeamento e pavimentação de vias urbanas"]
["Construção de Redes de Abastecimento de Água, Coleta de Esgoto"]
["Construção e Manutenção de Estações e Redes de Distribuição de Energia Elétrica"]
["Obras Portuárias, Marítimas e Fluviais"]
["Fornecimento de Materiais e Equipamentos (aquisição indireta - em conjunto com licitação de obras)"]
["Fornecimento de Materiais e Equipamentos (aquisição direta)"]
["Estudos e Projetos, Planos e Gerenciamento e outros correlatos"]

{"sheet":"ORÇAMENTO","index":4,"n_rows":761,"n_cols":40,"rows_kept":761,"cut":false,"hidden":false,"merged":[[759,14,759,16],[14,14,14,17],[746,16,746,23],[749,14,751,23],[753,14,753,23],[756,14,756,16],[754,14,754,23],[3,14,3,15],[3,18,3,23],[4,14,4,15],[4,18,4,23],[7,5,7,10],[7,11,11,11],[7,14,7,15],[7,18,7,20],[8,5,8,10],[4,30,4,31],[6,14,6,15],[6,18,6,20],[6,37,10,37],[7,24,11,24],[7,25,11,25],[11,26,11,27],[6,35,10,35]]}
[null,null,null,null,null,null,null,null,null,null,null,null,null,null,null,null,null,"PO - PLANILHA ORÇAMENTÁRIA",null,null,null,null,null,"Grau de Sigilo"]
[null,null,null,"LOTE","Meta","Nível 2","Nível 3","Nível 4","Serviço",null,null,null,null,null,null,null,null,{"$f":"IF(TIPOORCAMENTO=\"licitado\",\"Orçamento Licitado\",\"Orçamento Base para Licitação\")&\" - \"&import.recurso","v":"Orçamento Base para Licitação - (SELECIONAR)"},null,null,null,null,null,"#PUBLICO"]
[]
["Nmax",null,null,null,null,"BDI 1","BDI 2","BDI 3",0,null,null,null,null,null,"Nº OPERAÇÃO",null,"Nº TransfereGOV","PROPONENTE / TOMADOR","APELIDO DO EMPREENDIMENTO"]
[{"$f":"MAX($C$15:$C$744)","v":2},null,null,null,null,{"$f":"IF(BDI.Opcao=\"DESONERADO\",BDI!$S$30,BDI!$S$29)","v":0.25},{"$f":"IF(BDI.Opcao=\"DESONERADO\",BDI!$S$70,BDI!$S$69)","v":0},{"$f":"IF(BDI.Opcao=\"DESONERADO\",BDI!$S$110,BDI!$S$109)","v":0},null,null,null,null,null,null,{"$f":"Import.CR","v":"109437911"},null,{"$f":"Import.TransfereGOV","v":"002829/2004"},{"$f":"Import.Proponente","v":"PREFEITURA MUNICIPAL DE TRAMANDAÍ"},{"$f":"Import.Apelido","v":"CRECHE PORTAL DAS FLORES"},null,null,null,null,null,null,null,null,null,null,null,"Arredondamento"]
[]
[null,null,null,null,null,null,null,null,null,null,null,null,null,null,"LOCALIDADE SINAPI",null,"DATA BASE",{"$f":"IF(TIPOORCAMENTO=\"Licitado\",\"NOME DA EMPRESA\",\"DESCRIÇÃO DO LOTE\")","v":"DESCRIÇÃO DO LOTE"},{"$f":"IF(TIPOORCAMENTO=\"Licitado\",\"REGIME DE EXECUÇÃO\",\"MUNICÍPIO / UF\")","v":"MUNICÍPIO / UF"},null,null,{"$f":"IF(TIPOORCAMENTO=\"Licitado\",\"\",\"BDI 1\")","v":"BDI 1"},{"$f":"IF(TIPOORCAMENTO=\"Licitado\",\"\",\"BDI 2\")","v":"BDI 2"},{"$f":"IF(TIPOORCAMENTO=\"Licitado\",\"Nº CTEF\",\"BDI 3\")","v":"BDI 3"},null,null,null,null,null,null,"Quantidade",true,null,null,null,"QUANTIDADES: ACOMP. POR BM",null,"PREÇO UNITÁRIO LICITADO"]
[null,null,null,null,null,{"$f":"IF(LEN(INFO(\"release\"))>5,\"'Referência \"&Excel_BuiltIn_Database&\".xlsm'#Banco.$a5:$a$65536\",\"'[Referência \"&Excel_BuiltIn_Database&\".xlsm]Banco'!$a5:$a$65536\")","v":"'[Referência 11-2024.xlsm]Banco'!$a5:$a$65536"},null,null,null,null,null,"FILTRO",null,null,{"$f":"IF(ISERROR(INDIRECT($F$9)),\"(N/D: 'Referência \"&Excel_BuiltIn_Database&\".xlsm)\",INDIRECT($F$9))","v":"PORTO ALEGRE"},null,{"$f":"TEXT(Import.DataBase,\"mm-aa\")&IF(DESONERACAO=\"Sim\",\" (DES.)\",\" (N DES.)\")","v":"11-24 (N DES.)"},{"$f":"IF(TIPOORCAMENTO=\"Licitado\",Import.empresa,Import.DescLote)","v":"CONSTRUÇÃO DE UMA CRECHE PRO INFÂNCIA TIPO 1"},{"$f":"IF(TIPOORCAMENTO=\"Licitado\",Import.RegimeExecução,Import.Município)","v":"RIO GRANDE DO SUL"},null,null,{"$f":"IF(TIPOORCAMENTO=\"Licitado\",\"\",TEXT(F5,\"0,00%\"))","v":"25,00%"},{"$f":"IF(TIPOORCAMENTO=\"Licitado\",\"\",TEXT(G5,\"0,00%\"))","v":"0,00%"},{"$f":"IF(TIPOORCAMENTO=\"Licitado\",Import.CTEF,TEXT(H5,\"0,00%\"))","v":"0,00%"},"RECURSO","SGL RECURSO",null,null,null,null,"Custo Unitáro",true]
[null,null,null,null,null,{"$f":"IF(LEN(INFO(\"release\"))>5,\"'Referência \"&Excel_BuiltIn_Database&\".xlsm'#Banco.$d$3\",\"'[Referência \"&Excel_BuiltIn_Database&\".xlsm]Banco'!$d$3\")","v":"'[Referência 11-2024.xlsm]Banco'!$d$3"},null,null,null,null,null,null,null,null,null,null,null,null,null,null,null,null,null,null,null,null,null,null,null,null,"BDI",true]
[null,null,null,null,null,null,null,null,null,null,null,null,null,null,null,null,null,null,null,null,null,null,null,null,null,null,null,null,"ERRO GERAL",null,"Preço Unitário",true]
[null,null,null,null,null,null,null,null,null,null,null,null,null,null,null,null,null,null,null,null,null,null,null,null,null,null,null,null,{"$f":"IF(COUNTIF($AC$15:OFFSET($AC$744,-1,0),\"DESCRIÇÃO\")+COUNTIF($AC$15:OFFSET($AC$744,-1,0),\"UNIDADE\")+COUNTIF($AC$15:OFFSET($AC$744,-1,0),\"SEM VALOR\")>0,\"NÃO OK\",\"OK\")","v":"OK"},null,"Preço Total",true]
[null,null,null,null,null,null,null,null,null,null,null,null,null,null,null,null,null,null,null,null,null,null,null,null,null,null,"Valores não Arredondados",null,null,null,null,null,null,null,null,"↓",null,"↓"]
["Nível E","Save Nivel","Nível C","Altura","n1","n2","n3","n4","n5","Czero","Cnível","↓","Nível","Nível Corrigido","Item","Fonte","Código","Descrição","Unidade","Quantidade",{"$f":"IF(TIPOORCAMENTO=\"Licitado\",\"\",\"Custo Unitário (sem BDI) (R$)\")","v":"Custo Unitário (sem BDI) (R$)"},{"$f":"IF(TIPOORCAMENTO=\"Licitado\",\"\",\"BDI\n(%)\")","v":"BDI\n(%)"},"Preço Unitário (com BDI) (R$)","Preço Total\n(R$)","↓","↓","Contrapartida (R$)","Outros (R$)","Erro de Dados","Lista Crono","Concatenação Fonte-Código","BancoDesloc","Custo Unitário Referência (R$)",{"$f":"IF(TIPOORCAMENTO=\"LICITADO\",\"Valor BDI Edital\",\"Valor BDI\")","v":"Valor BDI"},null,"Quantidade",null,"Preço Unitário (com BDI) (R$)","Preço Total\nLicit. (R$)","Preço Unitário Edital (R$)"]
[{"$f":"CHOOSE(1+LOG(1+2*(ORÇAMENTO.Nivel=\"Meta\")+4*(ORÇAMENTO.Nivel=\"Nível 2\")+8*(ORÇAMENTO.Nivel=\"Nível 3\")+16*(ORÇAMENTO.Nivel=\"Nível 4\")+32*(ORÇAMENTO.Nivel=\"Serviço\"),2),0,1,2,3,4,\"S\")","v":"S"},{"$f":"IF(OR(C14=\"s\",C14=0),OFFSET(B14,-1,0),C14)","v":"Save Nivel"},{"$f":"IF(OFFSET(C14,-1,0)=\"L\",1,IF(OFFSET(C14,-1,0)=1,2,IF(OR(A14=\"s\",A14=0),\"S\",IF(AND(OFFSET(C14,-1,0)=2,A14=4),3,IF(AND(OR(OFFSET(C14,-1,0)=\"s\",OFFSET(C14,-1,0)=0),A14<>\"s\",A14>OFFSET(B14,-1,0)),OFFSET(B14,-1,0),A14)))))","v":"S"},{"$f":"IF(OR(C14=\"S\",C14=0),0,IF(ISERROR(K14),J14,SMALL(J14:K14,1)))","v":0},{"$f":"IF($C14=1,OFFSET(E14,-1,0)+MAX(1,COUNTIF(QCI!$A$13:$A$41,OFFSET(ORÇAMENTO!E14,-1,0))),OFFSET(E14,-1,0))","v":"n1"},{"$f":"IF($C14=1,0,IF($C14=2,OFFSET(F14,-1,0)+1,OFFSET(F14,-1,0)))","v":"n2"},{"$f":"IF(AND($C14<=2,$C14<>0),0,IF($C14=3,OFFSET(G14,-1,0)+1,OFFSET(G14,-1,0)))","v":"n3"},{"$f":"IF(AND($C14<=3,$C14<>0),0,IF($C14=4,OFFSET(H14,-1,0)+1,OFFSET(H14,-1,0)))","v":"n4"},{"$f":"IF(AND($C14<=4,$C14<>0),0,IF(AND($C14=\"S\",$X14>0),OFFSET(I14,-1,0)+1,OFFSET(I14,-1,0)))","v":"n5"},{"$f":"IF(OR($C14=\"S\",$C14=0),0,MATCH(0,OFFSET($D14,1,$C14,ROW($C$744)-ROW($C14)),0))","v":0},{"$f":"IF(OR($C14=\"S\",$C14=0),0,MATCH(OFFSET($D14,0,$C14)+IF($C14<>1,1,COUNTIF(QCI!$A$13:$A$41,ORÇAMENTO!E14)),OFFSET($D14,1,$C14,ROW($C$744)-ROW($C14)),0))","v":0},{"$f":"IF(OR($X14>0,$C14=1,$C14=2,$C14=3,$C14=4),\"F\",\"\")","v":""},"Serviço",{"$f":"CHOOSE(1+LOG(1+2*(C14=1)+4*(C14=2)+8*(C14=3)+16*(C14=4)+32*(C14=\"S\"),2),\"\",\"Meta\",\"Nível 2\",\"Nível 3\",\"Nível 4\",\"Serviço\")","v":"Serviço"},{"$f":"IF(OR($C14=0,$L14=\"\"),\"-\",CONCATENATE(E14&\".\",IF(AND($A$5>=2,$C14>=2),F14&\".\",\"\"),IF(AND($A$5>=3,$C14>=3),G14&\".\",\"\"),IF(AND($A$5>=4,$C14>=4),H14&\".\",\"\"),IF($C14=\"S\",I14&\".\",\"\")))","v":"-"},"SINAPI",null,{"$f":"IF($C14=\"S\",REFERENCIA.Descricao,\"(digite a descrição aqui)\")","v":"(Sem Código)"},{"$f":"REFERENCIA.Unidade","v":"-"},{"$f":"OFFSET(CÁLCULO!H$15,ROW($T14)-ROW(T$15),0)","v":0},null,"BDI 1",{"$f":"IF($C14=\"S\",ROUND(IF(TIPOORCAMENTO=\"Proposto\",ORÇAMENTO.CustoUnitario*(1+$AH14),ORÇAMENTO.PrecoUnitarioLicitado),15-13*$AF$10),0)","v":0},{"$f":"IF($C14=\"S\",IF(Import.TipoArredondamento<>\"TransfereGOV\",VTOTAL1,SUM(OFFSET(CÁLCULO!$AA$15,ROW($X14)-ROW($X$15),1):OFFSET(CÁLCULO!$AL$15,ROW($X14)-ROW($X$15),-1))),IF($C14=0,0,ROUND(SomaAgrup,15-13*$AF$11)))","v":0},"RA",{"$f":"IF(AND($C14=\"S\",$X14>0),IF(ISBLANK($Y14),\"RA\",LEFT($Y14,2)),\"\")","v":""},{"$f":"IF($C14=\"S\",IF($Z14=\"CP\",$X14,IF($Z14=\"RA\",(($X14)*QCI!$AA$3),0)),SomaAgrup)","v":0},{"$f":"IF($C14=\"S\",IF($Z14=\"OU\",ROUND($X14,2),0),SomaAgrup)","v":0},{"$f":"IF($N14=\"\",\"\",IF(ORÇAMENTO.Descricao=\"\",\"DESCRIÇÃO\",IF(AND($C14=\"S\",ORÇAMENTO.Unidade=\"\"),\"UNIDADE\",IF($X14<0,\"VALOR NEGATIVO\",IF(OR(AND(TIPOORCAMENTO=\"Proposto\",$AG14<>\"\",$AG14>0,ORÇAMENTO.CustoUnitario>$AG14),AND(TIPOORCAMENTO=\"LICITADO\",ORÇAMENTO.PrecoUnitarioLicitado>$AN14)),\"ACIMA REF.\",\"\")))))","v":""},{"$f":"IF(C14<=CRONO.NivelExibicao,MAX($AD$15:OFFSET(AD14,-1,0))+IF($C14<>1,1,MAX(1,COUNTIF(QCI!$A$13:$A$41,OFFSET($E14,-1,0)))),\"\")","v":""},{"$f":"IF(AND($C14=\"S\",ORÇAMENTO.CodBarra<>\"\"),IF(ORÇAMENTO.Fonte=\"\",ORÇAMENTO.CodBarra,CONCATENATE(ORÇAMENTO.Fonte,\" \",ORÇAMENTO.CodBarra)))","v":false},{"$f":"IF(ISERROR(INDIRECT(ORÇAMENTO.BancoRef)),\"(abra o arquivo 'Referência \"&Excel_BuiltIn_Database&\".xlsm)\",IF(OR($C14<>\"S\",ORÇAMENTO.CodBarra=\"\"),\"(Sem Código)\",IF(ISERROR(MATCH($AE14,INDIRECT(ORÇAMENTO.BancoRef),0)),\"(Código não identificado nas referências)\",MATCH($AE14,INDIRECT(ORÇAMENTO.BancoRef),0))))","v":"(Sem Código)"},{"$f":"ROUND(IF(DESONERACAO=\"sim\",REFERENCIA.Desonerado,REFERENCIA.NaoDesonerado),2)","v":0},{"$f":"ROUND(IF(ISNUMBER(ORÇAMENTO.OpcaoBDI),ORÇAMENTO.OpcaoBDI,IF(LEFT(ORÇAMENTO.OpcaoBDI,3)=\"BDI\",HLOOKUP(ORÇAMENTO.OpcaoBDI,$F$4:$H$5,2,FALSE),0)),15-11*$AF$9)","v":0.25},null,null,null,null,{"$f":"$X14","v":0},{"$f":"ROUND(ORÇAMENTO.CustoUnitario*(1+$AH14),2)","v":0}]
[0,null,"L",{"$f":"COUNTA(OFFSET(D15,1,0):D$744)","v":728},0,null,null,null,null,null,null,"F",{"$f":"IF(TIPOORCAMENTO=\"LICITADO\",\"CTEF\",\"LOTE\")","v":"LOTE"},{"$f":"IF(TIPOORCAMENTO=\"LICITADO\",\"CTEF\",\"LOTE\")","v":"LOTE"},{"$f":"Import.DescLote","v":"CONSTRUÇÃO DE UMA CRECHE PRO INFÂNCIA TIPO 1"},null,null,null,null,null,null,null,null,{"$f":"SUMIF(OFFSET($C15,1,0,ROW(X744)-ROW(X15)-1),\"S\",OFFSET(X15,1,0,ROW(X744)-ROW(X15)-1))","v":5958955.7099999981},null,{"$f":"IF(AND($C15=\"S\",$X15>0),LEFT($Y15,2),\"\")","v":""},{"$f":"SUMIF(OFFSET($C15,1,0,ROW(AA744)-ROW(AA15)-1),\"S\",OFFSET(AA15,1,0,ROW(AA744)-ROW(AA15)-1))","v":212216.29999999766},{"$f":"SUMIF(OFFSET($C15,1,0,ROW(AB744)-ROW(AB15)-1),\"S\",OFFSET(AB15,1,0,ROW(AB744)-ROW(AB15)-1))","v":0},null,null,null,null,null,null,null,null,null,null,5958955.7099999981]
[{"$f":"CHOOSE(1+LOG(1+2*(ORÇAMENTO.Nivel=\"Meta\")+4*(ORÇAMENTO.Nivel=\"Nível 2\")+8*(ORÇAMENTO.Nivel=\"Nível 3\")+16*(ORÇAMENTO.Nivel=\"Nível 4\")+32*(ORÇAMENTO.Nivel=\"Serviço\"),2),0,1,2,3,4,\"S\")","v":1},{"$f":"IF(OR(C16=\"s\",C16=0),OFFSET(B16,-1,0),C16)","v":1},{"$f":"IF(OFFSET(C16,-1,0)=\"L\",1,IF(OFFSET(C16,-1,0)=1,2,IF(OR(A16=\"s\",A16=0),\"S\",IF(AND(OFFSET(C16,-1,0)=2,A16=4),3,IF(AND(OR(OFFSET(C16,-1,0)=\"s\",OFFSET(C16,-1,0)=0),A16<>\"s\",A16>OFFSET(B16,-1,0)),OFFSET(B16,-1,0),A16)))))","v":1},{"$f":"IF(OR(C16=\"S\",C16=0),0,IF(ISERROR(K16),J16,SMALL(J16:K16,1)))","v":11},{"$f":"IF($C16=1,OFFSET(E16,-1,0)+MAX(1,COUNTIF(QCI!$A$13:$A$41,OFFSET(ORÇAMENTO!E16,-1,0))),OFFSET(E16,-1,0))","v":1},{"$f":"IF($C16=1,0,IF($C16=2,OFFSET(F16,-1,0)+1,OFFSET(F16,-1,0)))","v":0},{"$f":"IF(AND($C16<=2,$C16<>0),0,IF($C16=3,OFFSET(G16,-1,0)+1,OFFSET(G16,-1,0)))","v":0},{"$f":"IF(AND($C16<=3,$C16<>0),0,IF($C16=4,OFFSET(H16,-1,0)+1,OFFSET(H16,-1,0)))","v":0},{"$f":"IF(AND($C16<=4,$C16<>0),0,IF(AND($C16=\"S\",$X16>0),OFFSET(I16,-1,0)+1,OFFSET(I16,-1,0)))","v":0},{"$f":"IF(OR($C16=\"S\",$C16=0),0,MATCH(0,OFFSET($D16,1,$C16,ROW($C$744)-ROW($C16)),0))","v":728},{"$f":"IF(OR($C16=\"S\",$C16=0),0,MATCH(OFFSET($D16,0,$C16)+IF($C16<>1,1,COUNTIF(QCI!$A$13:$A$41,ORÇAMENTO!E16)),OFFSET($D16,1,$C16,ROW($C$744)-ROW($C16)),0))","v":11},{"$f":"IF(OR($X16>0,$C16=1,$C16=2,$C16=3,$C16=4),\"F\",\"\")","v":"F"},"Meta",{"$f":"CHOOSE(1+LOG(1+2*(C16=1)+4*(C16=2)+8*(C16=3)+16*(C16=4)+32*(C16=\"S\"),2),\"\",\"Meta\",\"Nível 2\",\"Nível 3\",\"Nível 4\",\"Serviço\")","v":"Meta"},{"$f":"IF(OR($C16=0,$L16=\"\"),\"-\",CONCATENATE(E16&\".\",IF(AND($A$5>=2,$C16>=2),F16&\".\",\"\"),IF(AND($A$5>=3,$C16>=3),G16&\".\",\"\"),IF(AND($A$5>=4,$C16>=4),H16&\".\",\"\"),IF($C16=\"S\",I16&\".\",\"\")))","v":"1."},"SINAPI",null,"SERVIÇOS PRELIMINARES",{"$f":"REFERENCIA.Unidade","v":"-"},{"$f":"OFFSET(CÁLCULO!H$15,ROW($T16)-ROW(T$15),0)","v":0},null,"BDI 1",{"$f":"IF($C16=\"S\",ROUND(IF(TIPOORCAMENTO=\"Proposto\",ORÇAMENTO.CustoUnitario*(1+$AH16),ORÇAMENTO.PrecoUnitarioLicitado),15-13*$AF$10),0)","v":0},{"$f":"IF($C16=\"S\",IF(Import.TipoArredondamento<>\"TransfereGOV\",VTOTAL1,SUM(OFFSET(CÁLCULO!$AA$15,ROW($X16)-ROW($X$15),1):OFFSET(CÁLCULO!$AL$15,ROW($X16)-ROW($X$15),-1))),IF($C16=0,0,ROUND(SomaAgrup,15-13*$AF$11)))","v":860864.62},"RA",{"$f":"IF(AND($C16=\"S\",$X16>0),IF(ISBLANK($Y16),\"RA\",LEFT($Y16,2)),\"\")","v":""},{"$f":"IF($C16=\"S\",IF($Z16=\"CP\",$X16,IF($Z16=\"RA\",(($X16)*QCI!$AA$3),0)),SomaAgrup)","v":30657.973200023047},{"$f":"IF($C16=\"S\",IF($Z16=\"OU\",ROUND($X16,2),0),SomaAgrup)","v":0},{"$f":"IF($N16=\"\",\"\",IF(ORÇAMENTO.Descricao=\"\",\"DESCRIÇÃO\",IF(AND($C16=\"S\",ORÇAMENTO.Unidade=\"\"),\"UNIDADE\",IF($X16<0,\"VALOR NEGATIVO\",IF(OR(AND(TIPOORCAMENTO=\"Proposto\",$AG16<>\"\",$AG16>0,ORÇAMENTO.CustoUnitario>$AG16),AND(TIPOORCAMENTO=\"LICITADO\",ORÇAMENTO.PrecoUnitarioLicitado>$AN16)),\"ACIMA REF.\",\"\")))))","v":""},{"$f":"IF(C16<=CRONO.NivelExibicao,MAX($AD$15:OFFSET(AD16,-1,0))+IF($C16<>1,1,MAX(1,COUNTIF(QCI!$A$13:$A$41,OFFSET($E16,-1,0)))),\"\")","v":1},{"$f":"IF(AND($C16=\"S\",ORÇAMENTO.CodBarra<>\"\"),IF(ORÇAMENTO.Fonte=\"\",ORÇAMENTO.CodBarra,CONCATENATE(ORÇAMENTO.Fonte,\" \",ORÇAMENTO.CodBarra)))","v":false},{"$f":"IF(ISERROR(INDIRECT(ORÇAMENTO.BancoRef)),\"(abra o arquivo 'Referência \"&Excel_BuiltIn_Database&\".xlsm)\",IF(OR($C16<>\"S\",ORÇAMENTO.CodBarra=\"\"),\"(Sem Código)\",IF(ISERROR(MATCH($AE16,INDIRECT(ORÇAMENTO.BancoRef),0)),\"(Código não identificado nas referências)\",MATCH($AE16,INDIRECT(ORÇAMENTO.BancoRef),0))))","v":"(Sem Código)"},{"$f":"ROUND(IF(DESONERACAO=\"sim\",REFERENCIA.Desonerado,REFERENCIA.NaoDesonerado),2)","v":0},{"$f":"ROUND(IF(ISNUMBER(ORÇAMENTO.OpcaoBDI),ORÇAMENTO.OpcaoBDI,IF(LEFT(ORÇAMENTO.OpcaoBDI,3)=\"BDI\",HLOOKUP(ORÇAMENTO.OpcaoBDI,$F$4:$H$5,2,FALSE),0)),15-11*$AF$9)","v":0.25},null,null,null,null,860864.62,{"$f":"ROUND(ORÇAMENTO.CustoUnitario*(1+$AH16),2)","v":0}]
[2,2,2,10,{"$f":"IF($C17=1,OFFSET(E17,-1,0)+MAX(1,COUNTIF(QCI!$A$13:$A$41,OFFSET(ORÇAMENTO!E17,-1,0))),OFFSET(E17,-1,0))","v":1},1,0,0,0,10,{"$f":"IF(OR($C17=\"S\",$C17=0),0,MATCH(OFFSET($D17,0,$C17)+IF($C17<>1,1,COUNTIF(QCI!$A$13:$A$41,ORÇAMENTO!E17)),OFFSET($D17,1,$C17,ROW($C$744)-ROW($C17)),0))","v":23},"F","Nível 2","Nível 2","1.1.","SINAPI",null,"Instalação de água e esgoto, locação e administração",{"$f":"REFERENCIA.Unidade","v":"-"},{"$f":"OFFSET(CÁLCULO!H$15,ROW($T17)-ROW(T$15),0)","v":0},null,"BDI 1",{"$f":"IF($C17=\"S\",ROUND(IF(TIPOORCAMENTO=\"Proposto\",ORÇAMENTO.CustoUnitario*(1+$AH17),ORÇAMENTO.PrecoUnitarioLicitado),15-13*$AF$10),0)","v":0},{"$f":"IF($C17=\"S\",IF(Import.TipoArredondamento<>\"TransfereGOV\",VTOTAL1,SUM(OFFSET(CÁLCULO!$AA$15,ROW($X17)-ROW($X$15),1):OFFSET(CÁLCULO!$AL$15,ROW($X17)-ROW($X$15),-1))),IF($C17=0,0,ROUND(SomaAgrup,15-13*$AF$11)))","v":860864.62},"RA","",{"$f":"IF($C17=\"S\",IF($Z17=\"CP\",$X17,IF($Z17=\"RA\",(($X17)*QCI!$AA$3),0)),SomaAgrup)","v":30657.973200023047},0,{"$f":"IF($N17=\"\",\"\",IF(ORÇAMENTO.Descricao=\"\",\"DESCRIÇÃO\",IF(AND($C17=\"S\",ORÇAMENTO.Unidade=\"\"),\"UNIDADE\",IF($X17<0,\"VALOR NEGATIVO\",IF(OR(AND(TIPOORCAMENTO=\"Proposto\",$AG17<>\"\",$AG17>0,ORÇAMENTO.CustoUnitario>$AG17),AND(TIPOORCAMENTO=\"LICITADO\",ORÇAMENTO.PrecoUnitarioLicitado>$AN17)),\"ACIMA REF.\",\"\")))))","v":""},{"$f":"IF(C17<=CRONO.NivelExibicao,MAX($AD$15:OFFSET(AD17,-1,0))+IF($C17<>1,1,MAX(1,COUNTIF(QCI!$A$13:$A$41,OFFSET($E17,-1,0)))),\"\")","v":2},{"$f":"IF(AND($C17=\"S\",ORÇAMENTO.CodBarra<>\"\"),IF(ORÇAMENTO.Fonte=\"\",ORÇAMENTO.CodBarra,CONCATENATE(ORÇAMENTO.Fonte,\" \",ORÇAMENTO.CodBarra)))","v":false},{"$f":"IF(ISERROR(INDIRECT(ORÇAMENTO.BancoRef)),\"(abra o arquivo 'Referência \"&Excel_BuiltIn_Database&\".xlsm)\",IF(OR($C17<>\"S\",ORÇAMENTO.CodBarra=\"\"),\"(Sem Código)\",IF(ISERROR(MATCH($AE17,INDIRECT(ORÇAMENTO.BancoRef),0)),\"(Código não identificado nas referências)\",MATCH($AE17,INDIRECT(ORÇAMENTO.BancoRef),0))))","v":"(Sem Código)"},{"$f":"ROUND(IF(DESONERACAO=\"sim\",REFERENCIA.Desonerado,REFERENCIA.NaoDesonerado),2)","v":0},0.25,null,100,null,null,860864.62,0]
["S",2,"S",0,{"$f":"IF($C18=1,OFFSET(E18,-1,0)+MAX(1,COUNTIF(QCI!$A$13:$A$41,OFFSET(ORÇAMENTO!E18,-1,0))),OFFSET(E18,-1,0))","v":1},1,0,0,1,0,{"$f":"IF(OR($C18=\"S\",$C18=0),0,MATCH(OFFSET($D18,0,$C18)+IF($C18<>1,1,COUNTIF(QCI!$A$13:$A$41,ORÇAMENTO!E18)),OFFSET($D18,1,$C18,ROW($C$744)-ROW($C18)),0))","v":0},"F","Serviço","Serviço","1.1.1.","SINAPI","103689",{"$f":"IF($C18=\"S\",REFERENCIA.Descricao,\"(digite a descrição aqui)\")","v":"FORNECIMENTO E INSTALAÇÃO DE PLACA DE OBRA COM CHAPA GALVANIZADA E ESTRUTURA DE MADEIRA. AF_03/2022_PS"},{"$f":"REFERENCIA.Unidade","v":"M2"},{"$f":"OFFSET(CÁLCULO!H$15,ROW($T18)-ROW(T$15),0)","v":6.48},{"$f":"ROUND(IF(DESONERACAO=\"sim\",REFERENCIA.Desonerado,REFERENCIA.NaoDesonerado),2)","v":459.83},"BDI 1",{"$f":"IF($C18=\"S\",ROUND(IF(TIPOORCAMENTO=\"Proposto\",ORÇAMENTO.CustoUnitario*(1+$AH18),ORÇAMENTO.PrecoUnitarioLicitado),15-13*$AF$10),0)","v":574.79},{"$f":"IF($C18=\"S\",IF(Import.TipoArredondamento<>\"TransfereGOV\",VTOTAL1,SUM(OFFSET(CÁLCULO!$AA$15,ROW($X18)-ROW($X$15),1):OFFSET(CÁLCULO!$AL$15,ROW($X18)-ROW($X$15),-1))),IF($C18=0,0,ROUND(SomaAgrup,15-13*$AF$11)))","v":3724.64},"RA","RA",{"$f":"IF($C18=\"S\",IF($Z18=\"CP\",$X18,IF($Z18=\"RA\",(($X18)*QCI!$AA$3),0)),SomaAgrup)","v":132.64561075786091},0,{"$f":"IF($N18=\"\",\"\",IF(ORÇAMENTO.Descricao=\"\",\"DESCRIÇÃO\",IF(AND($C18=\"S\",ORÇAMENTO.Unidade=\"\"),\"UNIDADE\",IF($X18<0,\"VALOR NEGATIVO\",IF(OR(AND(TIPOORCAMENTO=\"Proposto\",$AG18<>\"\",$AG18>0,ORÇAMENTO.CustoUnitario>$AG18),AND(TIPOORCAMENTO=\"LICITADO\",ORÇAMENTO.PrecoUnitarioLicitado>$AN18)),\"ACIMA REF.\",\"\")))))","v":""},{"$f":"IF(C18<=CRONO.NivelExibicao,MAX($AD$15:OFFSET(AD18,-1,0))+IF($C18<>1,1,MAX(1,COUNTIF(QCI!$A$13:$A$41,OFFSET($E18,-1,0)))),\"\")","v":""},{"$f":"IF(AND($C18=\"S\",ORÇAMENTO.CodBarra<>\"\"),IF(ORÇAMENTO.Fonte=\"\",ORÇAMENTO.CodBarra,CONCATENATE(ORÇAMENTO.Fonte,\" \",ORÇAMENTO.CodBarra)))","v":"SINAPI 103689"},{"$f":"IF(ISERROR(INDIRECT(ORÇAMENTO.BancoRef)),\"(abra o arquivo 'Referência \"&Excel_BuiltIn_Database&\".xlsm)\",IF(OR($C18<>\"S\",ORÇAMENTO.CodBarra=\"\"),\"(Sem Código)\",IF(ISERROR(MATCH($AE18,INDIRECT(ORÇAMENTO.BancoRef),0)),\"(Código não identificado nas referências)\",MATCH($AE18,INDIRECT(ORÇAMENTO.BancoRef),0))))","v":6344},{"$f":"ROUND(IF(DESONERACAO=\"sim\",REFERENCIA.Desonerado,REFERENCIA.NaoDesonerado),2)","v":459.83},0.25,null,6.48,null,null,3724.64,574.79]
["S",2,"S",0,{"$f":"IF($C19=1,OFFSET(E19,-1,0)+MAX(1,COUNTIF(QCI!$A$13:$A$41,OFFSET(ORÇAMENTO!E19,-1,0))),OFFSET(E19,-1,0))","v":1},1,0,0,2,0,{"$f":"IF(OR($C19=\"S\",$C19=0),0,MATCH(OFFSET($D19,0,$C19)+IF($C19<>1,1,COUNTIF(QCI!$A$13:$A$41,ORÇAMENTO!E19)),OFFSET($D19,1,$C19,ROW($C$744)-ROW($C19)),0))","v":0},"F","Serviço","Serviço","1.1.2.","SINAPI","98459",{"$f":"IF($C19=\"S\",REFERENCIA.Descricao,\"(digite a descrição aqui)\")","v":"TAPUME COM TELHA METÁLICA. AF_03/2024"},{"$f":"REFERENCIA.Unidade","v":"M2"},{"$f":"OFFSET(CÁLCULO!H$15,ROW($T19)-ROW(T$15),0)","v":501.6},{"$f":"ROUND(IF(DESONERACAO=\"sim\",REFERENCIA.Desonerado,REFERENCIA.NaoDesonerado),2)","v":80.67},"BDI 1",{"$f":"IF($C19=\"S\",ROUND(IF(TIPOORCAMENTO=\"Proposto\",ORÇAMENTO.CustoUnitario*(1+$AH19),ORÇAMENTO.PrecoUnitarioLicitado),15-13*$AF$10),0)","v":100.84},{"$f":"IF($C19=\"S\",IF(Import.TipoArredondamento<>\"TransfereGOV\",VTOTAL1,SUM(OFFSET(CÁLCULO!$AA$15,ROW($X19)-ROW($X$15),1):OFFSET(CÁLCULO!$AL$15,ROW($X19)-ROW($X$15),-1))),IF($C19=0,0,ROUND(SomaAgrup,15-13*$AF$11)))","v":50581.34},"RA","RA",{"$f":"IF($C19=\"S\",IF($Z19=\"CP\",$X19,IF($Z19=\"RA\",(($X19)*QCI!$AA$3),0)),SomaAgrup)","v":1801.3533488474106},0,{"$f":"IF($N19=\"\",\"\",IF(ORÇAMENTO.Descricao=\"\",\"DESCRIÇÃO\",IF(AND($C19=\"S\",ORÇAMENTO.Unidade=\"\"),\"UNIDADE\",IF($X19<0,\"VALOR NEGATIVO\",IF(OR(AND(TIPOORCAMENTO=\"Proposto\",$AG19<>\"\",$AG19>0,ORÇAMENTO.CustoUnitario>$AG19),AND(TIPOORCAMENTO=\"LICITADO\",ORÇAMENTO.PrecoUnitarioLicitado>$AN19)),\"ACIMA REF.\",\"\")))))","v":""},{"$f":"IF(C19<=CRONO.NivelExibicao,MAX($AD$15:OFFSET(AD19,-1,0))+IF($C19<>1,1,MAX(1,COUNTIF(QCI!$A$13:$A$41,OFFSET($E19,-1,0)))),\"\")","v":""},{"$f":"IF(AND($C19=\"S\",ORÇAMENTO.CodBarra<>\"\"),IF(ORÇAMENTO.Fonte=\"\",ORÇAMENTO.CodBarra,CONCATENATE(ORÇAMENTO.Fonte,\" \",ORÇAMENTO.CodBarra)))","v":"SINAPI 98459"},{"$f":"IF(ISERROR(INDIRECT(ORÇAMENTO.BancoRef)),\"(abra o arquivo 'Referência \"&Excel_BuiltIn_Database&\".xlsm)\",IF(OR($C19<>\"S\",ORÇAMENTO.CodBarra=\"\"),\"(Sem Código)\",IF(ISERROR(MATCH($AE19,INDIRECT(ORÇAMENTO.BancoRef),0)),\"(Código não identificado nas referências)\",MATCH($AE19,INDIRECT(ORÇAMENTO.BancoRef),0))))","v":528},{"$f":"ROUND(IF(DESONERACAO=\"sim\",REFERENCIA.Desonerado,REFERENCIA.NaoDesonerado),2)","v":80.67},0.25,null,501.6,null,null,50581.34,100.84]
["S",2,"S",0,{"$f":"IF($C20=1,OFFSET(E20,-1,0)+MAX(1,COUNTIF(QCI!$A$13:$A$41,OFFSET(ORÇAMENTO!E20,-1,0))),OFFSET(E20,-1,0))","v":1},1,0,0,3,0,{"$f":"IF(OR($C20=\"S\",$C20=0),0,MATCH(OFFSET($D20,0,$C20)+IF($C20<>1,1,COUNTIF(QCI!$A$13:$A$41,ORÇAMENTO!E20)),OFFSET($D20,1,$C20,ROW($C$744)-ROW($C20)),0))","v":0},"F","Serviço","Serviço","1.1.3.","SINAPI","101509",{"$f":"IF($C20=\"S\",REFERENCIA.Descricao,\"(digite a descrição aqui)\")","v":"ENTRADA DE ENERGIA ELÉTRICA, AÉREA, TRIFÁSICA, COM CAIXA DE EMBUTIR, CABO DE 10 MM2 E DISJUNTOR DIN 50A (NÃO INCLUSO O POSTE DE CONCRETO). AF_07/2020"},{"$f":"REFERENCIA.Unidade","v":"UN"},{"$f":"OFFSET(CÁLCULO!H$15,ROW($T20)-ROW(T$15),0)","v":1},{"$f":"ROUND(IF(DESONERACAO=\"sim\",REFERENCIA.Desonerado,REFERENCIA.NaoDesonerado),2)","v":1896.83},"BDI 1",{"$f":"IF($C20=\"S\",ROUND(IF(TIPOORCAMENTO=\"Proposto\",ORÇAMENTO.CustoUnitario*(1+$AH20),ORÇAMENTO.PrecoUnitarioLicitado),15-13*$AF$10),0)","v":2371.04},{"$f":"IF($C20=\"S\",IF(Import.TipoArredondamento<>\"TransfereGOV\",VTOTAL1,SUM(OFFSET(CÁLCULO!$AA$15,ROW($X20)-ROW($X$15),1):OFFSET(CÁLCULO!$AL$15,ROW($X20)-ROW($X$15),-1))),IF($C20=0,0,ROUND(SomaAgrup,15-13*$AF$11)))","v":2371.04},"RA","RA",{"$f":"IF($C20=\"S\",IF($Z20=\"CP\",$X20,IF($Z20=\"RA\",(($X20)*QCI!$AA$3),0)),SomaAgrup)","v":84.439851618228474},0,{"$f":"IF($N20=\"\",\"\",IF(ORÇAMENTO.Descricao=\"\",\"DESCRIÇÃO\",IF(AND($C20=\"S\",ORÇAMENTO.Unidade=\"\"),\"UNIDADE\",IF($X20<0,\"VALOR NEGATIVO\",IF(OR(AND(TIPOORCAMENTO=\"Proposto\",$AG20<>\"\",$AG20>0,ORÇAMENTO.CustoUnitario>$AG20),AND(TIPOORCAMENTO=\"LICITADO\",ORÇAMENTO.PrecoUnitarioLicitado>$AN20)),\"ACIMA REF.\",\"\")))))","v":""},{"$f":"IF(C20<=CRONO.NivelExibicao,MAX($AD$15:OFFSET(AD20,-1,0))+IF($C20<>1,1,MAX(1,COUNTIF(QCI!$A$13:$A$41,OFFSET($E20,-1,0)))),\"\")","v":""},{"$f":"IF(AND($C20=\"S\",ORÇAMENTO.CodBarra<>\"\"),IF(ORÇAMENTO.Fonte=\"\",ORÇAMENTO.CodBarra,CONCATENATE(ORÇAMENTO.Fonte,\" \",ORÇAMENTO.CodBarra)))","v":"SINAPI 101509"},{"$f":"IF(ISERROR(INDIRECT(ORÇAMENTO.BancoRef)),\"(abra o arquivo 'Referência \"&Excel_BuiltIn_Database&\".xlsm)\",IF(OR($C20<>\"S\",ORÇAMENTO.CodBarra=\"\"),\"(Sem Código)\",IF(ISERROR(MATCH($AE20,INDIRECT(ORÇAMENTO.BancoRef),0)),\"(Código não identificado nas referências)\",MATCH($AE20,INDIRECT(ORÇAMENTO.BancoRef),0))))","v":3353},{"$f":"ROUND(IF(DESONERACAO=\"sim\",REFERENCIA.Desonerado,REFERENCIA.NaoDesonerado),2)","v":1896.83},0.25,null,1,null,null,2371.04,2371.04]
["S",2,"S",0,{"$f":"IF($C21=1,OFFSET(E21,-1,0)+MAX(1,COUNTIF(QCI!$A$13:$A$41,OFFSET(ORÇAMENTO!E21,-1,0))),OFFSET(E21,-1,0))","v":1},1,0,0,4,0,{"$f":"IF(OR($C21=\"S\",$C21=0),0,MATCH(OFFSET($D21,0,$C21)+IF($C21<>1,1,COUNTIF(QCI!$A$13:$A$41,ORÇAMENTO!E21)),OFFSET($D21,1,$C21,ROW($C$744)-ROW($C21)),0))","v":0},"F","Serviço","Serviço","1.1.4.","Composição","FNDE 03","LIGAÇÃO PROVISÓRIA DE ÁGUA E ESGOTO","UM",{"$f":"OFFSET(CÁLCULO!H$15,ROW($T21)-ROW(T$15),0)","v":1},2354.3000000000002,"BDI 1",{"$f":"IF($C21=\"S\",ROUND(IF(TIPOORCAMENTO=\"Proposto\",ORÇAMENTO.CustoUnitario*(1+$AH21),ORÇAMENTO.PrecoUnitarioLicitado),15-13*$AF$10),0)","v":2942.88},{"$f":"IF($C21=\"S\",IF(Import.TipoArredondamento<>\"TransfereGOV\",VTOTAL1,SUM(OFFSET(CÁLCULO!$AA$15,ROW($X21)-ROW($X$15),1):OFFSET(CÁLCULO!$AL$15,ROW($X21)-ROW($X$15),-1))),IF($C21=0,0,ROUND(SomaAgrup,15-13*$AF$11)))","v":2942.88},"RA","RA",{"$f":"IF($C21=\"S\",IF($Z21=\"CP\",$X21,IF($Z21=\"RA\",(($X21)*QCI!$AA$3),0)),SomaAgrup)","v":104.80479052662639},0,{"$f":"IF($N21=\"\",\"\",IF(ORÇAMENTO.Descricao=\"\",\"DESCRIÇÃO\",IF(AND($C21=\"S\",ORÇAMENTO.Unidade=\"\"),\"UNIDADE\",IF($X21<0,\"VALOR NEGATIVO\",IF(OR(AND(TIPOORCAMENTO=\"Proposto\",$AG21<>\"\",$AG21>0,ORÇAMENTO.CustoUnitario>$AG21),AND(TIPOORCAMENTO=\"LICITADO\",ORÇAMENTO.PrecoUnitarioLicitado>$AN21)),\"ACIMA REF.\",\"\")))))","v":""},{"$f":"IF(C21<=CRONO.NivelExibicao,MAX($AD$15:OFFSET(AD21,-1,0))+IF($C21<>1,1,MAX(1,COUNTIF(QCI!$A$13:$A$41,OFFSET($E21,-1,0)))),\"\")","v":""},{"$f":"IF(AND($C21=\"S\",ORÇAMENTO.CodBarra<>\"\"),IF(ORÇAMENTO.Fonte=\"\",ORÇAMENTO.CodBarra,CONCATENATE(ORÇAMENTO.Fonte,\" \",ORÇAMENTO.CodBarra)))","v":"Composição FNDE 03"},{"$f":"IF(ISERROR(INDIRECT(ORÇAMENTO.BancoRef)),\"(abra o arquivo 'Referência \"&Excel_BuiltIn_Database&\".xlsm)\",IF(OR($C21<>\"S\",ORÇAMENTO.CodBarra=\"\"),\"(Sem Código)\",IF(ISERROR(MATCH($AE21,INDIRECT(ORÇAMENTO.BancoRef),0)),\"(Código não identificado nas referências)\",MATCH($AE21,INDIRECT(ORÇAMENTO.BancoRef),0))))","v":"(Código não identificado nas referências)"},{"$f":"ROUND(IF(DESONERACAO=\"sim\",REFERENCIA.Desonerado,REFERENCIA.NaoDesonerado),2)","v":0},0.25,null,1,null,null,2942.88,2942.88]
["S",2,"S",0,{"$f":"IF($C22=1,OFFSET(E22,-1,0)+MAX(1,COUNTIF(QCI!$A$13:$A$41,OFFSET(ORÇAMENTO!E22,-1,0))),OFFSET(E22,-1,0))","v":1},1,0,0,5,0,{"$f":"IF(OR($C22=\"S\",$C22=0),0,MATCH(OFFSET($D22,0,$C22)+IF($C22<>1,1,COUNTIF(QCI!$A$13:$A$41,ORÇAMENTO!E22)),OFFSET($D22,1,$C22,ROW($C$744)-ROW($C22)),0))","v":0},"F","Serviço","Serviço","1.1.5.","SINAPI","99059",{"$f":"IF($C22=\"S\",REFERENCIA.Descricao,\"(digite a descrição aqui)\")","v":"LOCAÇÃO CONVENCIONAL DE OBRA, UTILIZANDO GABARITO DE TÁBUAS CORRIDAS PONTALETADAS A CADA 2,00M -  2 UTILIZAÇÕES. AF_03/2024"},{"$f":"REFERENCIA.Unidade","v":"M"},{"$f":"OFFSET(CÁLCULO!H$15,ROW($T22)-ROW(T$15),0)","v":254},57.28,"BDI 1",{"$f":"IF($C22=\"S\",ROUND(IF(TIPOORCAMENTO=\"Proposto\",ORÇAMENTO.CustoUnitario*(1+$AH22),ORÇAMENTO.PrecoUnitarioLicitado),15-13*$AF$10),0)","v":71.599999999999994},{"$f":"IF($C22=\"S\",IF(Import.TipoArredondamento<>\"TransfereGOV\",VTOTAL1,SUM(OFFSET(CÁLCULO!$AA$15,ROW($X22)-ROW($X$15),1):OFFSET(CÁLCULO!$AL$15,ROW($X22)-ROW($X$15),-1))),IF($C22=0,0,ROUND(SomaAgrup,15-13*$AF$11)))","v":18186.400000000001},"RA","RA",{"$f":"IF($C22=\"S\",IF($Z22=\"CP\",$X22,IF($Z22=\"RA\",(($X22)*QCI!$AA$3),0)),SomaAgrup)","v":647.67229463431681},0,{"$f":"IF($N22=\"\",\"\",IF(ORÇAMENTO.Descricao=\"\",\"DESCRIÇÃO\",IF(AND($C22=\"S\",ORÇAMENTO.Unidade=\"\"),\"UNIDADE\",IF($X22<0,\"VALOR NEGATIVO\",IF(OR(AND(TIPOORCAMENTO=\"Proposto\",$AG22<>\"\",$AG22>0,ORÇAMENTO.CustoUnitario>$AG22),AND(TIPOORCAMENTO=\"LICITADO\",ORÇAMENTO.PrecoUnitarioLicitado>$AN22)),\"ACIMA REF.\",\"\")))))","v":""},{"$f":"IF(C22<=CRONO.NivelExibicao,MAX($AD$15:OFFSET(AD22,-1,0))+IF($C22<>1,1,MAX(1,COUNTIF(QCI!$A$13:$A$41,OFFSET($E22,-1,0)))),\"\")","v":""},{"$f":"IF(AND($C22=\"S\",ORÇAMENTO.CodBarra<>\"\"),IF(ORÇAMENTO.Fonte=\"\",ORÇAMENTO.CodBarra,CONCATENATE(ORÇAMENTO.Fonte,\" \",ORÇAMENTO.CodBarra)))","v":"SINAPI 99059"},{"$f":"IF(ISERROR(INDIRECT(ORÇAMENTO.BancoRef)),\"(abra o arquivo 'Referência \"&Excel_BuiltIn_Database&\".xlsm)\",IF(OR($C22<>\"S\",ORÇAMENTO.CodBarra=\"\"),\"(Sem Código)\",IF(ISERROR(MATCH($AE22,INDIRECT(ORÇAMENTO.BancoRef),0)),\"(Código não identificado nas referências)\",MATCH($AE22,INDIRECT(ORÇAMENTO.BancoRef),0))))","v":7260},{"$f":"ROUND(IF(DESONERACAO=\"sim\",REFERENCIA.Desonerado,REFERENCIA.NaoDesonerado),2)","v":57.28},0.25,null,254,null,null,18186.400000000001,71.599999999999994]
["S",2,"S",0,{"$f":"IF($C23=1,OFFSET(E23,-1,0)+MAX(1,COUNTIF(QCI!$A$13:$A$41,OFFSET(ORÇAMENTO!E23,-1,0))),OFFSET(E23,-1,0))","v":1},1,0,0,6,0,{"$f":"IF(OR($C23=\"S\",$C23=0),0,MATCH(OFFSET($D23,0,$C23)+IF($C23<>1,1,COUNTIF(QCI!$A$13:$A$41,ORÇAMENTO!E23)),OFFSET($D23,1,$C23,ROW($C$744)-ROW($C23)),0))","v":0},"F","Serviço","Serviço","1.1.6.","Composição","FNDE 244","ADMINISTRAÇÃO LOCAL TIPO 1","UM",{"$f":"OFFSET(CÁLCULO!H$15,ROW($T23)-ROW(T$15),0)","v":1},590071.68000000005,"BDI 1",{"$f":"IF($C23=\"S\",ROUND(IF(TIPOORCAMENTO=\"Proposto\",ORÇAMENTO.CustoUnitario*(1+$AH23),ORÇAMENTO.PrecoUnitarioLicitado),15-13*$AF$10),0)","v":737589.6},{"$f":"IF($C23=\"S\",IF(Import.TipoArredondamento<>\"TransfereGOV\",VTOTAL1,SUM(OFFSET(CÁLCULO!$AA$15,ROW($X23)-ROW($X$15),1):OFFSET(CÁLCULO!$AL$15,ROW($X23)-ROW($X$15),-1))),IF($C23=0,0,ROUND(SomaAgrup,15-13*$AF$11)))","v":737589.6},"RA","RA",{"$f":"IF($C23=\"S\",IF($Z23=\"CP\",$X23,IF($Z23=\"RA\",(($X23)*QCI!$AA$3),0)),SomaAgrup)","v":26267.779699688112},0,{"$f":"IF($N23=\"\",\"\",IF(ORÇAMENTO.Descricao=\"\",\"DESCRIÇÃO\",IF(AND($C23=\"S\",ORÇAMENTO.Unidade=\"\"),\"UNIDADE\",IF($X23<0,\"VALOR NEGATIVO\",IF(OR(AND(TIPOORCAMENTO=\"Proposto\",$AG23<>\"\",$AG23>0,ORÇAMENTO.CustoUnitario>$AG23),AND(TIPOORCAMENTO=\"LICITADO\",ORÇAMENTO.PrecoUnitarioLicitado>$AN23)),\"ACIMA REF.\",\"\")))))","v":""},{"$f":"IF(C23<=CRONO.NivelExibicao,MAX($AD$15:OFFSET(AD23,-1,0))+IF($C23<>1,1,MAX(1,COUNTIF(QCI!$A$13:$A$41,OFFSET($E23,-1,0)))),\"\")","v":""},{"$f":"IF(AND($C23=\"S\",ORÇAMENTO.CodBarra<>\"\"),IF(ORÇAMENTO.Fonte=\"\",ORÇAMENTO.CodBarra,CONCATENATE(ORÇAMENTO.Fonte,\" \",ORÇAMENTO.CodBarra)))","v":"Composição FNDE 244"},{"$f":"IF(ISERROR(INDIRECT(ORÇAMENTO.BancoRef)),\"(abra o arquivo 'Referência \"&Excel_BuiltIn_Database&\".xlsm)\",IF(OR($C23<>\"S\",ORÇAMENTO.CodBarra=\"\"),\"(Sem Código)\",IF(ISERROR(MATCH($AE23,INDIRECT(ORÇAMENTO.BancoRef),0)),\"(Código não identificado nas referências)\",MATCH($AE23,INDIRECT(ORÇAMENTO.BancoRef),0))))","v":"(Código não identificado nas referências)"},{"$f":"ROUND(IF(DESONERACAO=\"sim\",REFERENCIA.Desonerado,REFERENCIA.NaoDesonerado),2)","v":0},0.25,null,1,null,null,737589.6,737589.6]
["S",2,"S",0,{"$f":"IF($C24=1,OFFSET(E24,-1,0)+MAX(1,COUNTIF(QCI!$A$13:$A$41,OFFSET(ORÇAMENTO!E24,-1,0))),OFFSET(E24,-1,0))","v":1},1,0,0,7,0,{"$f":"IF(OR($C24=\"S\",$C24=0),0,MATCH(OFFSET($D24,0,$C24)+IF($C24<>1,1,COUNTIF(QCI!$A$13:$A$41,ORÇAMENTO!E24)),OFFSET($D24,1,$C24,ROW($C$744)-ROW($C24)),0))","v":0},"F","Serviço","Serviço","1.1.7.","Composição","FNDE 231","LOCACAO DE CONTAINER 2,30 X 6,00 M, ALT. 2,50 M, COM 1 SANITARIO, PARA ESCRITORIO, COMPLETO, SEM DIVISORIAS INTERNAS (NAO INCLUI MOBILIZACAO/DESMOBILIZACAO)","MÊS",{"$f":"OFFSET(CÁLCULO!H$15,ROW($T24)-ROW(T$15),0)","v":12},1000,"BDI 1",{"$f":"IF($C24=\"S\",ROUND(IF(TIPOORCAMENTO=\"Proposto\",ORÇAMENTO.CustoUnitario*(1+$AH24),ORÇAMENTO.PrecoUnitarioLicitado),15-13*$AF$10),0)","v":1250},{"$f":"IF($C24=\"S\",IF(Import.TipoArredondamento<>\"TransfereGOV\",VTOTAL1,SUM(OFFSET(CÁLCULO!$AA$15,ROW($X24)-ROW($X$15),1):OFFSET(CÁLCULO!$AL$15,ROW($X24)-ROW($X$15),-1))),IF($C24=0,0,ROUND(SomaAgrup,15-13*$AF$11)))","v":15000},"RA","RA",{"$f":"IF($C24=\"S\",IF($Z24=\"CP\",$X24,IF($Z24=\"RA\",(($X24)*QCI!$AA$3),0)),SomaAgrup)","v":534.19502592677782},0,{"$f":"IF($N24=\"\",\"\",IF(ORÇAMENTO.Descricao=\"\",\"DESCRIÇÃO\",IF(AND($C24=\"S\",ORÇAMENTO.Unidade=\"\"),\"UNIDADE\",IF($X24<0,\"VALOR NEGATIVO\",IF(OR(AND(TIPOORCAMENTO=\"Proposto\",$AG24<>\"\",$AG24>0,ORÇAMENTO.CustoUnitario>$AG24),AND(TIPOORCAMENTO=\"LICITADO\",ORÇAMENTO.PrecoUnitarioLicitado>$AN24)),\"ACIMA REF.\",\"\")))))","v":""},{"$f":"IF(C24<=CRONO.NivelExibicao,MAX($AD$15:OFFSET(AD24,-1,0))+IF($C24<>1,1,MAX(1,COUNTIF(QCI!$A$13:$A$41,OFFSET($E24,-1,0)))),\"\")","v":""},{"$f":"IF(AND($C24=\"S\",ORÇAMENTO.CodBarra<>\"\"),IF(ORÇAMENTO.Fonte=\"\",ORÇAMENTO.CodBarra,CONCATENATE(ORÇAMENTO.Fonte,\" \",ORÇAMENTO.CodBarra)))","v":"Composição FNDE 231"},{"$f":"IF(ISERROR(INDIRECT(ORÇAMENTO.BancoRef)),\"(abra o arquivo 'Referência \"&Excel_BuiltIn_Database&\".xlsm)\",IF(OR($C24<>\"S\",ORÇAMENTO.CodBarra=\"\"),\"(Sem Código)\",IF(ISERROR(MATCH($AE24,INDIRECT(ORÇAMENTO.BancoRef),0)),\"(Código não identificado nas referências)\",MATCH($AE24,INDIRECT(ORÇAMENTO.BancoRef),0))))","v":"(Código não identificado nas referências)"},{"$f":"ROUND(IF(DESONERACAO=\"sim\",REFERENCIA.Desonerado,REFERENCIA.NaoDesonerado),2)","v":0},0.25,null,12,null,null,15000,1250]
["S",2,"S",0,{"$f":"IF($C25=1,OFFSET(E25,-1,0)+MAX(1,COUNTIF(QCI!$A$13:$A$41,OFFSET(ORÇAMENTO!E25,-1,0))),OFFSET(E25,-1,0))","v":1},1,0,0,8,0,{"$f":"IF(OR($C25=\"S\",$C25=0),0,MATCH(OFFSET($D25,0,$C25)+IF($C25<>1,1,COUNTIF(QCI!$A$13:$A$41,ORÇAMENTO!E25)),OFFSET($D25,1,$C25,ROW($C$744)-ROW($C25)),0))","v":0},"F","Serviço","Serviço","1.1.8.","Composição","FNDE 230","LOCACAO DE CONTAINER 2,30 X 6,00 M, ALT. 2,50 M, PARA ESCRITORIO, SEM DIVISORIAS INTERNAS E SEM SANITARIO (NAO INCLUI MOBILIZACAO/DESMOBILIZACAO)","MÊS",{"$f":"OFFSET(CÁLCULO!H$15,ROW($T25)-ROW(T$15),0)","v":12},781.25,"BDI 1",{"$f":"IF($C25=\"S\",ROUND(IF(TIPOORCAMENTO=\"Proposto\",ORÇAMENTO.CustoUnitario*(1+$AH25),ORÇAMENTO.PrecoUnitarioLicitado),15-13*$AF$10),0)","v":976.56},{"$f":"IF($C25=\"S\",IF(Import.TipoArredondamento<>\"TransfereGOV\",VTOTAL1,SUM(OFFSET(CÁLCULO!$AA$15,ROW($X25)-ROW($X$15),1):OFFSET(CÁLCULO!$AL$15,ROW($X25)-ROW($X$15),-1))),IF($C25=0,0,ROUND(SomaAgrup,15-13*$AF$11)))","v":11718.72},"RA","RA",{"$f":"IF($C25=\"S\",IF($Z25=\"CP\",$X25,IF($Z25=\"RA\",(($X25)*QCI!$AA$3),0)),SomaAgrup)","v":417.33879561524327},0,{"$f":"IF($N25=\"\",\"\",IF(ORÇAMENTO.Descricao=\"\",\"DESCRIÇÃO\",IF(AND($C25=\"S\",ORÇAMENTO.Unidade=\"\"),\"UNIDADE\",IF($X25<0,\"VALOR NEGATIVO\",IF(OR(AND(TIPOORCAMENTO=\"Proposto\",$AG25<>\"\",$AG25>0,ORÇAMENTO.CustoUnitario>$AG25),AND(TIPOORCAMENTO=\"LICITADO\",ORÇAMENTO.PrecoUnitarioLicitado>$AN25)),\"ACIMA REF.\",\"\")))))","v":""},{"$f":"IF(C25<=CRONO.NivelExibicao,MAX($AD$15:OFFSET(AD25,-1,0))+IF($C25<>1,1,MAX(1,COUNTIF(QCI!$A$13:$A$41,OFFSET($E25,-1,0)))),\"\")","v":""},{"$f":"IF(AND($C25=\"S\",ORÇAMENTO.CodBarra<>\"\"),IF(ORÇAMENTO.Fonte=\"\",ORÇAMENTO.CodBarra,CONCATENATE(ORÇAMENTO.Fonte,\" \",ORÇAMENTO.CodBarra)))","v":"Composição FNDE 230"},{"$f":"IF(ISERROR(INDIRECT(ORÇAMENTO.BancoRef)),\"(abra o arquivo 'Referência \"&Excel_BuiltIn_Database&\".xlsm)\",IF(OR($C25<>\"S\",ORÇAMENTO.CodBarra=\"\"),\"(Sem Código)\",IF(ISERROR(MATCH($AE25,INDIRECT(ORÇAMENTO.BancoRef),0)),\"(Código não identificado nas referências)\",MATCH($AE25,INDIRECT(ORÇAMENTO.BancoRef),0))))","v":"(Código não identificado nas referências)"},{"$f":"ROUND(IF(DESONERACAO=\"sim\",REFERENCIA.Desonerado,REFERENCIA.NaoDesonerado),2)","v":0},0.25,null,12,null,null,11718.72,976.56]
[{"$f":"CHOOSE(1+LOG(1+2*(ORÇAMENTO.Nivel=\"Meta\")+4*(ORÇAMENTO.Nivel=\"Nível 2\")+8*(ORÇAMENTO.Nivel=\"Nível 3\")+16*(ORÇAMENTO.Nivel=\"Nível 4\")+32*(ORÇAMENTO.Nivel=\"Serviço\"),2),0,1,2,3,4,\"S\")","v":"S"},{"$f":"IF(OR(C26=\"s\",C26=0),OFFSET(B26,-1,0),C26)","v":2},{"$f":"IF(OFFSET(C26,-1,0)=\"L\",1,IF(OFFSET(C26,-1,0)=1,2,IF(OR(A26=\"s\",A26=0),\"S\",IF(AND(OFFSET(C26,-1,0)=2,A26=4),3,IF(AND(OR(OFFSET(C26,-1,0)=\"s\",OFFSET(C26,-1,0)=0),A26<>\"s\",A26>OFFSET(B26,-1,0)),OFFSET(B26,-1,0),A26)))))","v":"S"},{"$f":"IF(OR(C26=\"S\",C26=0),0,IF(ISERROR(K26),J26,SMALL(J26:K26,1)))","v":0},{"$f":"IF($C26=1,OFFSET(E26,-1,0)+MAX(1,COUNTIF(QCI!$A$13:$A$41,OFFSET(ORÇAMENTO!E26,-1,0))),OFFSET(E26,-1,0))","v":1},{"$f":"IF($C26=1,0,IF($C26=2,OFFSET(F26,-1,0)+1,OFFSET(F26,-1,0)))","v":1},{"$f":"IF(AND($C26<=2,$C26<>0),0,IF($C26=3,OFFSET(G26,-1,0)+1,OFFSET(G26,-1,0)))","v":0},{"$f":"IF(AND($C26<=3,$C26<>0),0,IF($C26=4,OFFSET(H26,-1,0)+1,OFFSET(H26,-1,0)))","v":0},{"$f":"IF(AND($C26<=4,$C26<>0),0,IF(AND($C26=\"S\",$X26>0),OFFSET(I26,-1,0)+1,OFFSET(I26,-1,0)))","v":9},0,{"$f":"IF(OR($C26=\"S\",$C26=0),0,MATCH(OFFSET($D26,0,$C26)+IF($C26<>1,1,COUNTIF(QCI!$A$13:$A$41,ORÇAMENTO!E26)),OFFSET($D26,1,$C26,ROW($C$744)-ROW($C26)),0))","v":0},{"$f":"IF(OR($X26>0,$C26=1,$C26=2,$C26=3,$C26=4),\"F\",\"\")","v":"F"},"Serviço",{"$f":"CHOOSE(1+LOG(1+2*(C26=1)+4*(C26=2)+8*(C26=3)+16*(C26=4)+32*(C26=\"S\"),2),\"\",\"Meta\",\"Nível 2\",\"Nível 3\",\"Nível 4\",\"Serviço\")","v":"Serviço"},{"$f":"IF(OR($C26=0,$L26=\"\"),\"-\",CONCATENATE(E26&\".\",IF(AND($A$5>=2,$C26>=2),F26&\".\",\"\"),IF(AND($A$5>=3,$C26>=3),G26&\".\",\"\"),IF(AND($A$5>=4,$C26>=4),H26&\".\",\"\"),IF($C26=\"S\",I26&\".\",\"\")))","v":"1.1.9."},"Composição","FNDE 232","LOCACAO DE CONTAINER 2,30 X 6,00 M, ALT. 2,50 M, PARA SANITARIO, COM 4 BACIAS, 8 CHUVEIROS,1 LAVATORIO E 1 MICTORIO (NAO INCLUI MOBILIZACAO/DESMOBILIZACAO)","MÊS",{"$f":"OFFSET(CÁLCULO!H$15,ROW($T26)-ROW(T$15),0)","v":12},1250,"BDI 1",{"$f":"IF($C26=\"S\",ROUND(IF(TIPOORCAMENTO=\"Proposto\",ORÇAMENTO.CustoUnitario*(1+$AH26),ORÇAMENTO.PrecoUnitarioLicitado),15-13*$AF$10),0)","v":1562.5},{"$f":"IF($C26=\"S\",IF(Import.TipoArredondamento<>\"TransfereGOV\",VTOTAL1,SUM(OFFSET(CÁLCULO!$AA$15,ROW($X26)-ROW($X$15),1):OFFSET(CÁLCULO!$AL$15,ROW($X26)-ROW($X$15),-1))),IF($C26=0,0,ROUND(SomaAgrup,15-13*$AF$11)))","v":18750},"RA",{"$f":"IF(AND($C26=\"S\",$X26>0),IF(ISBLANK($Y26),\"RA\",LEFT($Y26,2)),\"\")","v":"RA"},{"$f":"IF($C26=\"S\",IF($Z26=\"CP\",$X26,IF($Z26=\"RA\",(($X26)*QCI!$AA$3),0)),SomaAgrup)","v":667.74378240847227},{"$f":"IF($C26=\"S\",IF($Z26=\"OU\",ROUND($X26,2),0),SomaAgrup)","v":0},{"$f":"IF($N26=\"\",\"\",IF(ORÇAMENTO.Descricao=\"\",\"DESCRIÇÃO\",IF(AND($C26=\"S\",ORÇAMENTO.Unidade=\"\"),\"UNIDADE\",IF($X26<0,\"VALOR NEGATIVO\",IF(OR(AND(TIPOORCAMENTO=\"Proposto\",$AG26<>\"\",$AG26>0,ORÇAMENTO.CustoUnitario>$AG26),AND(TIPOORCAMENTO=\"LICITADO\",ORÇAMENTO.PrecoUnitarioLicitado>$AN26)),\"ACIMA REF.\",\"\")))))","v":""},{"$f":"IF(C26<=CRONO.NivelExibicao,MAX($AD$15:OFFSET(AD26,-1,0))+IF($C26<>1,1,MAX(1,COUNTIF(QCI!$A$13:$A$41,OFFSET($E26,-1,0)))),\"\")","v":""},{"$f":"IF(AND($C26=\"S\",ORÇAMENTO.CodBarra<>\"\"),IF(ORÇAMENTO.Fonte=\"\",ORÇAMENTO.CodBarra,CONCATENATE(ORÇAMENTO.Fonte,\" \",ORÇAMENTO.CodBarra)))","v":"Composição FNDE 232"},{"$f":"IF(ISERROR(INDIRECT(ORÇAMENTO.BancoRef)),\"(abra o arquivo 'Referência \"&Excel_BuiltIn_Database&\".xlsm)\",IF(OR($C26<>\"S\",ORÇAMENTO.CodBarra=\"\"),\"(Sem Código)\",IF(ISERROR(MATCH($AE26,INDIRECT(ORÇAMENTO.BancoRef),0)),\"(Código não identificado nas referências)\",MATCH($AE26,INDIRECT(ORÇAMENTO.BancoRef),0))))","v":"(Código não identificado nas referências)"},{"$f":"ROUND(IF(DESONERACAO=\"sim\",REFERENCIA.Desonerado,REFERENCIA.NaoDesonerado),2)","v":0},{"$f":"ROUND(IF(ISNUMBER(ORÇAMENTO.OpcaoBDI),ORÇAMENTO.OpcaoBDI,IF(LEFT(ORÇAMENTO.OpcaoBDI,3)=\"BDI\",HLOOKUP(ORÇAMENTO.OpcaoBDI,$F$4:$H$5,2,FALSE),0)),15-11*$AF$9)","v":0.25},null,12,null,null,18750,{"$f":"ROUND(ORÇAMENTO.CustoUnitario*(1+$AH26),2)","v":1562.5}]
[1,1,1,9,{"$f":"IF($C27=1,OFFSET(E27,-1,0)+MAX(1,COUNTIF(QCI!$A$13:$A$41,OFFSET(ORÇAMENTO!E27,-1,0))),OFFSET(E27,-1,0))","v":2},0,0,0,0,717,{"$f":"IF(OR($C27=\"S\",$C27=0),0,MATCH(OFFSET($D27,0,$C27)+IF($C27<>1,1,COUNTIF(QCI!$A$13:$A$41,ORÇAMENTO!E27)),OFFSET($D27,1,$C27,ROW($C$744)-ROW($C27)),0))","v":9},"F","Meta","Meta","2.","SINAPI","FNDE 232","MOVIMENTO DE TERRA P FUNDAÇÕES",{"$f":"REFERENCIA.Unidade","v":"-"},{"$f":"OFFSET(CÁLCULO!H$15,ROW($T27)-ROW(T$15),0)","v":0},null,"BDI 1",{"$f":"IF($C27=\"S\",ROUND(IF(TIPOORCAMENTO=\"Proposto\",ORÇAMENTO.CustoUnitario*(1+$AH27),ORÇAMENTO.PrecoUnitarioLicitado),15-13*$AF$10),0)","v":0},{"$f":"IF($C27=\"S\",IF(Import.TipoArredondamento<>\"TransfereGOV\",VTOTAL1,SUM(OFFSET(CÁLCULO!$AA$15,ROW($X27)-ROW($X$15),1):OFFSET(CÁLCULO!$AL$15,ROW($X27)-ROW($X$15),-1))),IF($C27=0,0,ROUND(SomaAgrup,15-13*$AF$11)))","v":87450},"RA","",{"$f":"IF($C27=\"S\",IF($Z27=\"CP\",$X27,IF($Z27=\"RA\",(($X27)*QCI!$AA$3),0)),SomaAgrup)","v":3114.3570011531142},0,{"$f":"IF($N27=\"\",\"\",IF(ORÇAMENTO.Descricao=\"\",\"DESCRIÇÃO\",IF(AND($C27=\"S\",ORÇAMENTO.Unidade=\"\"),\"UNIDADE\",IF($X27<0,\"VALOR NEGATIVO\",IF(OR(AND(TIPOORCAMENTO=\"Proposto\",$AG27<>\"\",$AG27>0,ORÇAMENTO.CustoUnitario>$AG27),AND(TIPOORCAMENTO=\"LICITADO\",ORÇAMENTO.PrecoUnitarioLicitado>$AN27)),\"ACIMA REF.\",\"\")))))","v":""},{"$f":"IF(C27<=CRONO.NivelExibicao,MAX($AD$15:OFFSET(AD27,-1,0))+IF($C27<>1,1,MAX(1,COUNTIF(QCI!$A$13:$A$41,OFFSET($E27,-1,0)))),\"\")","v":3},{"$f":"IF(AND($C27=\"S\",ORÇAMENTO.CodBarra<>\"\"),IF(ORÇAMENTO.Fonte=\"\",ORÇAMENTO.CodBarra,CONCATENATE(ORÇAMENTO.Fonte,\" \",ORÇAMENTO.CodBarra)))","v":false},{"$f":"IF(ISERROR(INDIRECT(ORÇAMENTO.BancoRef)),\"(abra o arquivo 'Referência \"&Excel_BuiltIn_Database&\".xlsm)\",IF(OR($C27<>\"S\",ORÇAMENTO.CodBarra=\"\"),\"(Sem Código)\",IF(ISERROR(MATCH($AE27,INDIRECT(ORÇAMENTO.BancoRef),0)),\"(Código não identificado nas referências)\",MATCH($AE27,INDIRECT(ORÇAMENTO.BancoRef),0))))","v":"(Sem Código)"},{"$f":"ROUND(IF(DESONERACAO=\"sim\",REFERENCIA.Desonerado,REFERENCIA.NaoDesonerado),2)","v":0},0.25,null,null,null,null,87450,0]
[2,2,2,8,{"$f":"IF($C28=1,OFFSET(E28,-1,0)+MAX(1,COUNTIF(QCI!$A$13:$A$41,OFFSET(ORÇAMENTO!E28,-1,0))),OFFSET(E28,-1,0))","v":2},1,0,0,0,8,{"$f":"IF(OR($C28=\"S\",$C28=0),0,MATCH(OFFSET($D28,0,$C28)+IF($C28<>1,1,COUNTIF(QCI!$A$13:$A$41,ORÇAMENTO!E28)),OFFSET($D28,1,$C28,ROW($C$744)-ROW($C28)),0))","v":12},"F","Nível 2","Nível 2","2.1.","SINAPI",null,"Limpeza, escavações e aterro",{"$f":"REFERENCIA.Unidade","v":"-"},{"$f":"OFFSET(CÁLCULO!H$15,ROW($T28)-ROW(T$15),0)","v":0},null,"BDI 1",{"$f":"IF($C28=\"S\",ROUND(IF(TIPOORCAMENTO=\"Proposto\",ORÇAMENTO.CustoUnitario*(1+$AH28),ORÇAMENTO.PrecoUnitarioLicitado),15-13*$AF$10),0)","v":0},{"$f":"IF($C28=\"S\",IF(Import.TipoArredondamento<>\"TransfereGOV\",VTOTAL1,SUM(OFFSET(CÁLCULO!$AA$15,ROW($X28)-ROW($X$15),1):OFFSET(CÁLCULO!$AL$15,ROW($X28)-ROW($X$15),-1))),IF($C28=0,0,ROUND(SomaAgrup,15-13*$AF$11)))","v":87450},"RA","",{"$f":"IF($C28=\"S\",IF($Z28=\"CP\",$X28,IF($Z28=\"RA\",(($X28)*QCI!$AA$3),0)),SomaAgrup)","v":3114.3570011531142},0,{"$f":"IF($N28=\"\",\"\",IF(ORÇAMENTO.Descricao=\"\",\"DESCRIÇÃO\",IF(AND($C28=\"S\",ORÇAMENTO.Unidade=\"\"),\"UNIDADE\",IF($X28<0,\"VALOR NEGATIVO\",IF(OR(AND(TIPOORCAMENTO=\"Proposto\",$AG28<>\"\",$AG28>0,ORÇAMENTO.CustoUnitario>$AG28),AND(TIPOORCAMENTO=\"LICITADO\",ORÇAMENTO.PrecoUnitarioLicitado>$AN28)),\"ACIMA REF.\",\"\")))))","v":""},{"$f":"IF(C28<=CRONO.NivelExibicao,MAX($AD$15:OFFSET(AD28,-1,0))+IF($C28<>1,1,MAX(1,COUNTIF(QCI!$A$13:$A$41,OFFSET($E28,-1,0)))),\"\")","v":4},{"$f":"IF(AND($C28=\"S\",ORÇAMENTO.CodBarra<>\"\"),IF(ORÇAMENTO.Fonte=\"\",ORÇAMENTO.CodBarra,CONCATENATE(ORÇAMENTO.Fonte,\" \",ORÇAMENTO.CodBarra)))","v":false},{"$f":"IF(ISERROR(INDIRECT(ORÇAMENTO.BancoRef)),\"(abra o arquivo 'Referência \"&Excel_BuiltIn_Database&\".xlsm)\",IF(OR($C28<>\"S\",ORÇAMENTO.CodBarra=\"\"),\"(Sem Código)\",IF(ISERROR(MATCH($AE28,INDIRECT(ORÇAMENTO.BancoRef),0)),\"(Código não identificado nas referências)\",MATCH($AE28,INDIRECT(ORÇAMENTO.BancoRef),0))))","v":"(Sem Código)"},{"$f":"ROUND(IF(DESONERACAO=\"sim\",REFERENCIA.Desonerado,REFERENCIA.NaoDesonerado),2)","v":0},0.25,null,null,null,null,87450,0]
["S",2,"S",0,{"$f":"IF($C29=1,OFFSET(E29,-1,0)+MAX(1,COUNTIF(QCI!$A$13:$A$41,OFFSET(ORÇAMENTO!E29,-1,0))),OFFSET(E29,-1,0))","v":2},1,0,0,1,0,{"$f":"IF(OR($C29=\"S\",$C29=0),0,MATCH(OFFSET($D29,0,$C29)+IF($C29<>1,1,COUNTIF(QCI!$A$13:$A$41,ORÇAMENTO!E29)),OFFSET($D29,1,$C29,ROW($C$744)-ROW($C29)),0))","v":0},"F","Serviço","Serviço","2.1.1.","SINAPI","98525","LIMPEZA MECANIZADA DE CAMADA VEGETAL, VEGETAÇÃO E PEQUENAS ÁRVORES (DIÂMETRO DE TRONCO MENOR QUE 0,20 M), COM TRATOR DE ESTEIRAS. AF_03/2024",{"$f":"REFERENCIA.Unidade","v":"M2"},{"$f":"OFFSET(CÁLCULO!H$15,ROW($T29)-ROW(T$15),0)","v":2925},0.71,"BDI 1",{"$f":"IF($C29=\"S\",ROUND(IF(TIPOORCAMENTO=\"Proposto\",ORÇAMENTO.CustoUnitario*(1+$AH29),ORÇAMENTO.PrecoUnitarioLicitado),15-13*$AF$10),0)","v":0.89},{"$f":"IF($C29=\"S\",IF(Import.TipoArredondamento<>\"TransfereGOV\",VTOTAL1,SUM(OFFSET(CÁLCULO!$AA$15,ROW($X29)-ROW($X$15),1):OFFSET(CÁLCULO!$AL$15,ROW($X29)-ROW($X$15),-1))),IF($C29=0,0,ROUND(SomaAgrup,15-13*$AF$11)))","v":2603.25},"RA","RA",{"$f":"IF($C29=\"S\",IF($Z29=\"CP\",$X29,IF($Z29=\"RA\",(($X29)*QCI!$AA$3),0)),SomaAgrup)","v":92.709546749592292},0,{"$f":"IF($N29=\"\",\"\",IF(ORÇAMENTO.Descricao=\"\",\"DESCRIÇÃO\",IF(AND($C29=\"S\",ORÇAMENTO.Unidade=\"\"),\"UNIDADE\",IF($X29<0,\"VALOR NEGATIVO\",IF(OR(AND(TIPOORCAMENTO=\"Proposto\",$AG29<>\"\",$AG29>0,ORÇAMENTO.CustoUnitario>$AG29),AND(TIPOORCAMENTO=\"LICITADO\",ORÇAMENTO.PrecoUnitarioLicitado>$AN29)),\"ACIMA REF.\",\"\")))))","v":""},{"$f":"IF(C29<=CRONO.NivelExibicao,MAX($AD$15:OFFSET(AD29,-1,0))+IF($C29<>1,1,MAX(1,COUNTIF(QCI!$A$13:$A$41,OFFSET($E29,-1,0)))),\"\")","v":""},{"$f":"IF(AND($C29=\"S\",ORÇAMENTO.CodBarra<>\"\"),IF(ORÇAMENTO.Fonte=\"\",ORÇAMENTO.CodBarra,CONCATENATE(ORÇAMENTO.Fonte,\" \",ORÇAMENTO.CodBarra)))","v":"SINAPI 98525"},{"$f":"IF(ISERROR(INDIRECT(ORÇAMENTO.BancoRef)),\"(abra o arquivo 'Referência \"&Excel_BuiltIn_Database&\".xlsm)\",IF(OR($C29<>\"S\",ORÇAMENTO.CodBarra=\"\"),\"(Sem Código)\",IF(ISERROR(MATCH($AE29,INDIRECT(ORÇAMENTO.BancoRef),0)),\"(Código não identificado nas referências)\",MATCH($AE29,INDIRECT(ORÇAMENTO.BancoRef),0))))","v":7466},{"$f":"ROUND(IF(DESONERACAO=\"sim\",REFERENCIA.Desonerado,REFERENCIA.NaoDesonerado),2)","v":0.71},0.25,null,2925,null,null,2603.25,0.89]
["S",2,"S",0,{"$f":"IF($C30=1,OFFSET(E30,-1,0)+MAX(1,COUNTIF(QCI!$A$13:$A$41,OFFSET(ORÇAMENTO!E30,-1,0))),OFFSET(E30,-1,0))","v":2},1,0,0,2,0,{"$f":"IF(OR($C30=\"S\",$C30=0),0,MATCH(OFFSET($D30,0,$C30)+IF($C30<>1,1,COUNTIF(QCI!$A$13:$A$41,ORÇAMENTO!E30)),OFFSET($D30,1,$C30,ROW($C$744)-ROW($C30)),0))","v":0},"F","Serviço","Serviço","2.1.2.","SINAPI","94306","ATERRO MECANIZADO DE VALA COM ESCAVADEIRA HIDRÁULICA (CAPACIDADE DA CAÇAMBA: 0,8 M³ / POTÊNCIA: 111 HP), LARGURA ATÉ 2,5 M, PROFUNDIDADE DE 1,5 A 3,0 M, COM SOLO ARGILO-ARENOSO. AF_08/2023",{"$f":"REFERENCIA.Unidade","v":"M3"},{"$f":"OFFSET(CÁLCULO!H$15,ROW($T30)-ROW(T$15),0)","v":585},71.23,"BDI 1",{"$f":"IF($C30=\"S\",ROUND(IF(TIPOORCAMENTO=\"Proposto\",ORÇAMENTO.CustoUnitario*(1+$AH30),ORÇAMENTO.PrecoUnitarioLicitado),15-13*$AF$10),0)","v":89.04},{"$f":"IF($C30=\"S\",IF(Import.TipoArredondamento<>\"TransfereGOV\",VTOTAL1,SUM(OFFSET(CÁLCULO!$AA$15,ROW($X30)-ROW($X$15),1):OFFSET(CÁLCULO!$AL$15,ROW($X30)-ROW($X$15),-1))),IF($C30=0,0,ROUND(SomaAgrup,15-13*$AF$11)))","v":52088.4},"RA","RA",{"$f":"IF($C30=\"S\",IF($Z30=\"CP\",$X30,IF($Z30=\"RA\",(($X30)*QCI!$AA$3),0)),SomaAgrup)","v":1855.0242792322915},0,{"$f":"IF($N30=\"\",\"\",IF(ORÇAMENTO.Descricao=\"\",\"DESCRIÇÃO\",IF(AND($C30=\"S\",ORÇAMENTO.Unidade=\"\"),\"UNIDADE\",IF($X30<0,\"VALOR NEGATIVO\",IF(OR(AND(TIPOORCAMENTO=\"Proposto\",$AG30<>\"\",$AG30>0,ORÇAMENTO.CustoUnitario>$AG30),AND(TIPOORCAMENTO=\"LICITADO\",ORÇAMENTO.PrecoUnitarioLicitado>$AN30)),\"ACIMA REF.\",\"\")))))","v":""},{"$f":"IF(C30<=CRONO.NivelExibicao,MAX($AD$15:OFFSET(AD30,-1,0))+IF($C30<>1,1,MAX(1,COUNTIF(QCI!$A$13:$A$41,OFFSET($E30,-1,0)))),\"\")","v":""},{"$f":"IF(AND($C30=\"S\",ORÇAMENTO.CodBarra<>\"\"),IF(ORÇAMENTO.Fonte=\"\",ORÇAMENTO.CodBarra,CONCATENATE(ORÇAMENTO.Fonte,\" \",ORÇAMENTO.CodBarra)))","v":"SINAPI 94306"},{"$f":"IF(ISERROR(INDIRECT(ORÇAMENTO.BancoRef)),\"(abra o arquivo 'Referência \"&Excel_BuiltIn_Database&\".xlsm)\",IF(OR($C30<>\"S\",ORÇAMENTO.CodBarra=\"\"),\"(Sem Código)\",IF(ISERROR(MATCH($AE30,INDIRECT(ORÇAMENTO.BancoRef),0)),\"(Código não identificado nas referências)\",MATCH($AE30,INDIRECT(ORÇAMENTO.BancoRef),0))))","v":5932},{"$f":"ROUND(IF(DESONERACAO=\"sim\",REFERENCIA.Desonerado,REFERENCIA.NaoDesonerado),2)","v":71.23},0.25,null,585,null,null,52088.4,89.04]
["S",2,"S",0,{"$f":"IF($C31=1,OFFSET(E31,-1,0)+MAX(1,COUNTIF(QCI!$A$13:$A$41,OFFSET(ORÇAMENTO!E31,-1,0))),OFFSET(E31,-1,0))","v":2},1,0,0,3,0,{"$f":"IF(OR($C31=\"S\",$C31=0),0,MATCH(OFFSET($D31,0,$C31)+IF($C31<>1,1,COUNTIF(QCI!$A$13:$A$41,ORÇAMENTO!E31)),OFFSET($D31,1,$C31,ROW($C$744)-ROW($C31)),0))","v":0},"F","Serviço","Serviço","2.1.3.","SINAPI","96521","ESCAVAÇÃO MECANIZADA PARA BLOCO DE COROAMENTO OU SAPATA COM RETROESCAVADEIRA (INCLUINDO ESCAVAÇÃO PARA COLOCAÇÃO DE FÔRMAS). AF_01/2024",{"$f":"REFERENCIA.Unidade","v":"M3"},{"$f":"OFFSET(CÁLCULO!H$15,ROW($T31)-ROW(T$15),0)","v":107.36},43,"BDI 1",{"$f":"IF($C31=\"S\",ROUND(IF(TIPOORCAMENTO=\"Proposto\",ORÇAMENTO.CustoUnitario*(1+$AH31),ORÇAMENTO.PrecoUnitarioLicitado),15-13*$AF$10),0)","v":53.75},{"$f":"IF($C31=\"S\",IF(Import.TipoArredondamento<>\"TransfereGOV\",VTOTAL1,SUM(OFFSET(CÁLCULO!$AA$15,ROW($X31)-ROW($X$15),1):OFFSET(CÁLCULO!$AL$15,ROW($X31)-ROW($X$15),-1))),IF($C31=0,0,ROUND(SomaAgrup,15-13*$AF$11)))","v":5770.6},"RA","RA",{"$f":"IF($C31=\"S\",IF($Z31=\"CP\",$X31,IF($Z31=\"RA\",(($X31)*QCI!$AA$3),0)),SomaAgrup)","v":205.50838777420427},0,{"$f":"IF($N31=\"\",\"\",IF(ORÇAMENTO.Descricao=\"\",\"DESCRIÇÃO\",IF(AND($C31=\"S\",ORÇAMENTO.Unidade=\"\"),\"UNIDADE\",IF($X31<0,\"VALOR NEGATIVO\",IF(OR(AND(TIPOORCAMENTO=\"Proposto\",$AG31<>\"\",$AG31>0,ORÇAMENTO.CustoUnitario>$AG31),AND(TIPOORCAMENTO=\"LICITADO\",ORÇAMENTO.PrecoUnitarioLicitado>$AN31)),\"ACIMA REF.\",\"\")))))","v":""},{"$f":"IF(C31<=CRONO.NivelExibicao,MAX($AD$15:OFFSET(AD31,-1,0))+IF($C31<>1,1,MAX(1,COUNTIF(QCI!$A$13:$A$41,OFFSET($E31,-1,0)))),\"\")","v":""},{"$f":"IF(AND($C31=\"S\",ORÇAMENTO.CodBarra<>\"\"),IF(ORÇAMENTO.Fonte=\"\",ORÇAMENTO.CodBarra,CONCATENATE(ORÇAMENTO.Fonte,\" \",ORÇAMENTO.CodBarra)))","v":"SINAPI 96521"},{"$f":"IF(ISERROR(INDIRECT(ORÇAMENTO.BancoRef)),\"(abra o arquivo 'Referência \"&Excel_BuiltIn_Database&\".xlsm)\",IF(OR($C31<>\"S\",ORÇAMENTO.CodBarra=\"\"),\"(Sem Código)\",IF(ISERROR(MATCH($AE31,INDIRECT(ORÇAMENTO.BancoRef),0)),\"(Código não identificado nas referências)\",MATCH($AE31,INDIRECT(ORÇAMENTO.BancoRef),0))))","v":5734},{"$f":"ROUND(IF(DESONERACAO=\"sim\",REFERENCIA.Desonerado,REFERENCIA.NaoDesonerado),2)","v":43},0.25,null,107.36,null,null,5770.6,53.75]
["S",2,"S",0,{"$f":"IF($C32=1,OFFSET(E32,-1,0)+MAX(1,COUNTIF(QCI!$A$13:$A$41,OFFSET(ORÇAMENTO!E32,-1,0))),OFFSET(E32,-1,0))","v":2},1,0,0,4,0,{"$f":"IF(OR($C32=\"S\",$C32=0),0,MATCH(OFFSET($D32,0,$C32)+IF($C32<>1,1,COUNTIF(QCI!$A$13:$A$41,ORÇAMENTO!E32)),OFFSET($D32,1,$C32,ROW($C$744)-ROW($C32)),0))","v":0},"F","Serviço","Serviço","2.1.4.","SINAPI","96525","ESCAVAÇÃO MECANIZADA PARA VIGA BALDRAME OU SAPATA CORRIDA COM MINI-ESCAVADEIRA (INCLUINDO ESCAVAÇÃO PARA COLOCAÇÃO DE FÔRMAS). AF_01/2024",{"$f":"REFERENCIA.Unidade","v":"M3"},{"$f":"OFFSET(CÁLCULO!H$15,ROW($T32)-ROW(T$15),0)","v":41.4},55.94,"BDI 1",{"$f":"IF($C32=\"S\",ROUND(IF(TIPOORCAMENTO=\"Proposto\",ORÇAMENTO.CustoUnitario*(1+$AH32),ORÇAMENTO.PrecoUnitarioLicitado),15-13*$AF$10),0)","v":69.930000000000007},{"$f":"IF($C32=\"S\",IF(Import.TipoArredondamento<>\"TransfereGOV\",VTOTAL1,SUM(OFFSET(CÁLCULO!$AA$15,ROW($X32)-ROW($X$15),1):OFFSET(CÁLCULO!$AL$15,ROW($X32)-ROW($X$15),-1))),IF($C32=0,0,ROUND(SomaAgrup,15-13*$AF$11)))","v":2895.1},"RA","RA",{"$f":"IF($C32=\"S\",IF($Z32=\"CP\",$X32,IF($Z32=\"RA\",(($X32)*QCI!$AA$3),0)),SomaAgrup)","v":103.10320130404095},0,{"$f":"IF($N32=\"\",\"\",IF(ORÇAMENTO.Descricao=\"\",\"DESCRIÇÃO\",IF(AND($C32=\"S\",ORÇAMENTO.Unidade=\"\"),\"UNIDADE\",IF($X32<0,\"VALOR NEGATIVO\",IF(OR(AND(TIPOORCAMENTO=\"Proposto\",$AG32<>\"\",$AG32>0,ORÇAMENTO.CustoUnitario>$AG32),AND(TIPOORCAMENTO=\"LICITADO\",ORÇAMENTO.PrecoUnitarioLicitado>$AN32)),\"ACIMA REF.\",\"\")))))","v":""},{"$f":"IF(C32<=CRONO.NivelExibicao,MAX($AD$15:OFFSET(AD32,-1,0))+IF($C32<>1,1,MAX(1,COUNTIF(QCI!$A$13:$A$41,OFFSET($E32,-1,0)))),\"\")","v":""},{"$f":"IF(AND($C32=\"S\",ORÇAMENTO.CodBarra<>\"\"),IF(ORÇAMENTO.Fonte=\"\",ORÇAMENTO.CodBarra,CONCATENATE(ORÇAMENTO.Fonte,\" \",ORÇAMENTO.CodBarra)))","v":"SINAPI 96525"},{"$f":"IF(ISERROR(INDIRECT(ORÇAMENTO.BancoRef)),\"(abra o arquivo 'Referência \"&Excel_BuiltIn_Database&\".xlsm)\",IF(OR($C32<>\"S\",ORÇAMENTO.CodBarra=\"\"),\"(Sem Código)\",IF(ISERROR(MATCH($AE32,INDIRECT(ORÇAMENTO.BancoRef),0)),\"(Código não identificado nas referências)\",MATCH($AE32,INDIRECT(ORÇAMENTO.BancoRef),0))))","v":5738},{"$f":"ROUND(IF(DESONERACAO=\"sim\",REFERENCIA.Desonerado,REFERENCIA.NaoDesonerado),2)","v":55.94},0.25,null,41.4,null,null,2895.1,69.930000000000007]
["S",2,"S",0,{"$f":"IF($C33=1,OFFSET(E33,-1,0)+MAX(1,COUNTIF(QCI!$A$13:$A$41,OFFSET(ORÇAMENTO!E33,-1,0))),OFFSET(E33,-1,0))","v":2},1,0,0,5,0,{"$f":"IF(OR($C33=\"S\",$C33=0),0,MATCH(OFFSET($D33,0,$C33)+IF($C33<>1,1,COUNTIF(QCI!$A$13:$A$41,ORÇAMENTO!E33)),OFFSET($D33,1,$C33,ROW($C$744)-ROW($C33)),0))","v":0},"F","Serviço","Serviço","2.1.5.","SINAPI","101617","PREPARO DE FUNDO DE VALA COM LARGURA MAIOR OU IGUAL A 1,5 M E MENOR QUE 2,5 M (ACERTO DO SOLO NATURAL). AF_08/2020",{"$f":"REFERENCIA.Unidade","v":"M2"},{"$f":"OFFSET(CÁLCULO!H$15,ROW($T33)-ROW(T$15),0)","v":47.9},3.29,"BDI 1",{"$f":"IF($C33=\"S\",ROUND(IF(TIPOORCAMENTO=\"Proposto\",ORÇAMENTO.CustoUnitario*(1+$AH33),ORÇAMENTO.PrecoUnitarioLicitado),15-13*$AF$10),0)","v":4.1100000000000003},{"$f":"IF($C33=\"S\",IF(Import.TipoArredondamento<>\"TransfereGOV\",VTOTAL1,SUM(OFFSET(CÁLCULO!$AA$15,ROW($X33)-ROW($X$15),1):OFFSET(CÁLCULO!$AL$15,ROW($X33)-ROW($X$15),-1))),IF($C33=0,0,ROUND(SomaAgrup,15-13*$AF$11)))","v":196.87},"RA","RA",{"$f":"IF($C33=\"S\",IF($Z33=\"CP\",$X33,IF($Z33=\"RA\",(($X33)*QCI!$AA$3),0)),SomaAgrup)","v":7.0111316502803165},0,{"$f":"IF($N33=\"\",\"\",IF(ORÇAMENTO.Descricao=\"\",\"DESCRIÇÃO\",IF(AND($C33=\"S\",ORÇAMENTO.Unidade=\"\"),\"UNIDADE\",IF($X33<0,\"VALOR NEGATIVO\",IF(OR(AND(TIPOORCAMENTO=\"Proposto\",$AG33<>\"\",$AG33>0,ORÇAMENTO.CustoUnitario>$AG33),AND(TIPOORCAMENTO=\"LICITADO\",ORÇAMENTO.PrecoUnitarioLicitado>$AN33)),\"ACIMA REF.\",\"\")))))","v":""},{"$f":"IF(C33<=CRONO.NivelExibicao,MAX($AD$15:OFFSET(AD33,-1,0))+IF($C33<>1,1,MAX(1,COUNTIF(QCI!$A$13:$A$41,OFFSET($E33,-1,0)))),\"\")","v":""},{"$f":"IF(AND($C33=\"S\",ORÇAMENTO.CodBarra<>\"\"),IF(ORÇAMENTO.Fonte=\"\",ORÇAMENTO.CodBarra,CONCATENATE(ORÇAMENTO.Fonte,\" \",ORÇAMENTO.CodBarra)))","v":"SINAPI 101617"},{"$f":"IF(ISERROR(INDIRECT(ORÇAMENTO.BancoRef)),\"(abra o arquivo 'Referência \"&Excel_BuiltIn_Database&\".xlsm)\",IF(OR($C33<>\"S\",ORÇAMENTO.CodBarra=\"\"),\"(Sem Código)\",IF(ISERROR(MATCH($AE33,INDIRECT(ORÇAMENTO.BancoRef),0)),\"(Código não identificado nas referências)\",MATCH($AE33,INDIRECT(ORÇAMENTO.BancoRef),0))))","v":5985},{"$f":"ROUND(IF(DESONERACAO=\"sim\",REFERENCIA.Desonerado,REFERENCIA.NaoDesonerado),2)","v":3.29},0.25,null,47.9,null,null,196.87,4.1100000000000003]
["S",2,"S",0,{"$f":"IF($C34=1,OFFSET(E34,-1,0)+MAX(1,COUNTIF(QCI!$A$13:$A$41,OFFSET(ORÇAMENTO!E34,-1,0))),OFFSET(E34,-1,0))","v":2},1,0,0,6,0,{"$f":"IF(OR($C34=\"S\",$C34=0),0,MATCH(OFFSET($D34,0,$C34)+IF($C34<>1,1,COUNTIF(QCI!$A$13:$A$41,ORÇAMENTO!E34)),OFFSET($D34,1,$C34,ROW($C$744)-ROW($C34)),0))","v":0},"F","Serviço","Serviço","2.1.6.","SINAPI","93381","REATERRO MECANIZADO DE VALA COM RETROESCAVADEIRA (CAPACIDADE DA CAÇAMBA   DA RETRO: 0,26 M³/POTÊNCIA: 88 HP), LARGURA 0,8 A 1,5 M, PROFUNDIDADE 1,5 A 3,0 M, COM SOLO (SEM SUBSTITUIÇÃO) DE 1ª CATEGORIA E COMPACTADOR DE SOLOS DE PERCUSSÃO. AF_08/2023",{"$f":"REFERENCIA.Unidade","v":"M3"},{"$f":"OFFSET(CÁLCULO!H$15,ROW($T34)-ROW(T$15),0)","v":84.02},14.3,"BDI 1",{"$f":"IF($C34=\"S\",ROUND(IF(TIPOORCAMENTO=\"Proposto\",ORÇAMENTO.CustoUnitario*(1+$AH34),ORÇAMENTO.PrecoUnitarioLicitado),15-13*$AF$10),0)","v":17.88},{"$f":"IF($C34=\"S\",IF(Import.TipoArredondamento<>\"TransfereGOV\",VTOTAL1,SUM(OFFSET(CÁLCULO!$AA$15,ROW($X34)-ROW($X$15),1):OFFSET(CÁLCULO!$AL$15,ROW($X34)-ROW($X$15),-1))),IF($C34=0,0,ROUND(SomaAgrup,15-13*$AF$11)))","v":1502.28},"RA","RA",{"$f":"IF($C34=\"S\",IF($Z34=\"CP\",$X34,IF($Z34=\"RA\",(($X34)*QCI!$AA$3),0)),SomaAgrup)","v":53.500700236618648},0,{"$f":"IF($N34=\"\",\"\",IF(ORÇAMENTO.Descricao=\"\",\"DESCRIÇÃO\",IF(AND($C34=\"S\",ORÇAMENTO.Unidade=\"\"),\"UNIDADE\",IF($X34<0,\"VALOR NEGATIVO\",IF(OR(AND(TIPOORCAMENTO=\"Proposto\",$AG34<>\"\",$AG34>0,ORÇAMENTO.CustoUnitario>$AG34),AND(TIPOORCAMENTO=\"LICITADO\",ORÇAMENTO.PrecoUnitarioLicitado>$AN34)),\"ACIMA REF.\",\"\")))))","v":""},{"$f":"IF(C34<=CRONO.NivelExibicao,MAX($AD$15:OFFSET(AD34,-1,0))+IF($C34<>1,1,MAX(1,COUNTIF(QCI!$A$13:$A$41,OFFSET($E34,-1,0)))),\"\")","v":""},{"$f":"IF(AND($C34=\"S\",ORÇAMENTO.CodBarra<>\"\"),IF(ORÇAMENTO.Fonte=\"\",ORÇAMENTO.CodBarra,CONCATENATE(ORÇAMENTO.Fonte,\" \",ORÇAMENTO.CodBarra)))","v":"SINAPI 93381"},{"$f":"IF(ISERROR(INDIRECT(ORÇAMENTO.BancoRef)),\"(abra o arquivo 'Referência \"&Excel_BuiltIn_Database&\".xlsm)\",IF(OR($C34<>\"S\",ORÇAMENTO.CodBarra=\"\"),\"(Sem Código)\",IF(ISERROR(MATCH($AE34,INDIRECT(ORÇAMENTO.BancoRef),0)),\"(Código não identificado nas referências)\",MATCH($AE34,INDIRECT(ORÇAMENTO.BancoRef),0))))","v":5963},{"$f":"ROUND(IF(DESONERACAO=\"sim\",REFERENCIA.Desonerado,REFERENCIA.NaoDesonerado),2)","v":14.3},0.25,null,84.02,null,null,1502.28,17.88]
["S",2,"S",0,{"$f":"IF($C35=1,OFFSET(E35,-1,0)+MAX(1,COUNTIF(QCI!$A$13:$A$41,OFFSET(ORÇAMENTO!E35,-1,0))),OFFSET(E35,-1,0))","v":2},1,0,0,7,0,{"$f":"IF(OR($C35=\"S\",$C35=0),0,MATCH(OFFSET($D35,0,$C35)+IF($C35<>1,1,COUNTIF(QCI!$A$13:$A$41,ORÇAMENTO!E35)),OFFSET($D35,1,$C35,ROW($C$744)-ROW($C35)),0))","v":0},"F","Serviço","Serviço","2.1.7.","SINAPI","94316","ATERRO MECANIZADO DE VALA COM RETROESCAVADEIRA (CAPACIDADE DA CAÇAMBA DA RETRO: 0,26 M³ / POTÊNCIA: 88 HP), LARGURA ATÉ 1,5 M, PROFUNDIDADE ATÉ 1,5 M, COM SOLO ARGILO-ARENOSO. AF_08/2023",{"$f":"REFERENCIA.Unidade","v":"M3"},{"$f":"OFFSET(CÁLCULO!H$15,ROW($T35)-ROW(T$15),0)","v":247.36},72.42,"BDI 1",{"$f":"IF($C35=\"S\",ROUND(IF(TIPOORCAMENTO=\"Proposto\",ORÇAMENTO.CustoUnitario*(1+$AH35),ORÇAMENTO.PrecoUnitarioLicitado),15-13*$AF$10),0)","v":90.53},{"$f":"IF($C35=\"S\",IF(Import.TipoArredondamento<>\"TransfereGOV\",VTOTAL1,SUM(OFFSET(CÁLCULO!$AA$15,ROW($X35)-ROW($X$15),1):OFFSET(CÁLCULO!$AL$15,ROW($X35)-ROW($X$15),-1))),IF($C35=0,0,ROUND(SomaAgrup,15-13*$AF$11)))","v":22393.5},"RA","RA",{"$f":"IF($C35=\"S\",IF($Z35=\"CP\",$X35,IF($Z35=\"RA\",(($X35)*QCI!$AA$3),0)),SomaAgrup)","v":797.49975420608655},0,{"$f":"IF($N35=\"\",\"\",IF(ORÇAMENTO.Descricao=\"\",\"DESCRIÇÃO\",IF(AND($C35=\"S\",ORÇAMENTO.Unidade=\"\"),\"UNIDADE\",IF($X35<0,\"VALOR NEGATIVO\",IF(OR(AND(TIPOORCAMENTO=\"Proposto\",$AG35<>\"\",$AG35>0,ORÇAMENTO.CustoUnitario>$AG35),AND(TIPOORCAMENTO=\"LICITADO\",ORÇAMENTO.PrecoUnitarioLicitado>$AN35)),\"ACIMA REF.\",\"\")))))","v":""},{"$f":"IF(C35<=CRONO.NivelExibicao,MAX($AD$15:OFFSET(AD35,-1,0))+IF($C35<>1,1,MAX(1,COUNTIF(QCI!$A$13:$A$41,OFFSET($E35,-1,0)))),\"\")","v":""},{"$f":"IF(AND($C35=\"S\",ORÇAMENTO.CodBarra<>\"\"),IF(ORÇAMENTO.Fonte=\"\",ORÇAMENTO.CodBarra,CONCATENATE(ORÇAMENTO.Fonte,\" \",ORÇAMENTO.CodBarra)))","v":"SINAPI 94316"},{"$f":"IF(ISERROR(INDIRECT(ORÇAMENTO.BancoRef)),\"(abra o arquivo 'Referência \"&Excel_BuiltIn_Database&\".xlsm)\",IF(OR($C35<>\"S\",ORÇAMENTO.CodBarra=\"\"),\"(Sem Código)\",IF(ISERROR(MATCH($AE35,INDIRECT(ORÇAMENTO.BancoRef),0)),\"(Código não identificado nas referências)\",MATCH($AE35,INDIRECT(ORÇAMENTO.BancoRef),0))))","v":5934},{"$f":"ROUND(IF(DESONERACAO=\"sim\",REFERENCIA.Desonerado,REFERENCIA.NaoDesonerado),2)","v":72.42},0.25,null,247.36,null,null,22393.5,90.53]
[1,1,1,11,{"$f":"IF($C36=1,OFFSET(E36,-1,0)+MAX(1,COUNTIF(QCI!$A$13:$A$41,OFFSET(ORÇAMENTO!E36,-1,0))),OFFSET(E36,-1,0))","v":3},0,0,0,0,708,{"$f":"IF(OR($C36=\"S\",$C36=0),0,MATCH(OFFSET($D36,0,$C36)+IF($C36<>1,1,COUNTIF(QCI!$A$13:$A$41,ORÇAMENTO!E36)),OFFSET($D36,1,$C36,ROW($C$744)-ROW($C36)),0))","v":11},"F","Meta","Meta","3.","Composição",null,"FUNDAÇÕES",{"$f":"REFERENCIA.Unidade","v":"-"},{"$f":"OFFSET(CÁLCULO!H$15,ROW($T36)-ROW(T$15),0)","v":0},null,"BDI 1",{"$f":"IF($C36=\"S\",ROUND(IF(TIPOORCAMENTO=\"Proposto\",ORÇAMENTO.CustoUnitario*(1+$AH36),ORÇAMENTO.PrecoUnitarioLicitado),15-13*$AF$10),0)","v":0},{"$f":"IF($C36=\"S\",IF(Import.TipoArredondamento<>\"TransfereGOV\",VTOTAL1,SUM(OFFSET(CÁLCULO!$AA$15,ROW($X36)-ROW($X$15),1):OFFSET(CÁLCULO!$AL$15,ROW($X36)-ROW($X$15),-1))),IF($C36=0,0,ROUND(SomaAgrup,15-13*$AF$11)))","v":198594.93},"RA","",{"$f":"IF($C36=\"S\",IF($Z36=\"CP\",$X36,IF($Z36=\"RA\",(($X36)*QCI!$AA$3),0)),SomaAgrup)","v":7072.5615853517747},0,{"$f":"IF($N36=\"\",\"\",IF(ORÇAMENTO.Descricao=\"\",\"DESCRIÇÃO\",IF(AND($C36=\"S\",ORÇAMENTO.Unidade=\"\"),\"UNIDADE\",IF($X36<0,\"VALOR NEGATIVO\",IF(OR(AND(TIPOORCAMENTO=\"Proposto\",$AG36<>\"\",$AG36>0,ORÇAMENTO.CustoUnitario>$AG36),AND(TIPOORCAMENTO=\"LICITADO\",ORÇAMENTO.PrecoUnitarioLicitado>$AN36)),\"ACIMA REF.\",\"\")))))","v":""},{"$f":"IF(C36<=CRONO.NivelExibicao,MAX($AD$15:OFFSET(AD36,-1,0))+IF($C36<>1,1,MAX(1,COUNTIF(QCI!$A$13:$A$41,OFFSET($E36,-1,0)))),\"\")","v":5},{"$f":"IF(AND($C36=\"S\",ORÇAMENTO.CodBarra<>\"\"),IF(ORÇAMENTO.Fonte=\"\",ORÇAMENTO.CodBarra,CONCATENATE(ORÇAMENTO.Fonte,\" \",ORÇAMENTO.CodBarra)))","v":false},{"$f":"IF(ISERROR(INDIRECT(ORÇAMENTO.BancoRef)),\"(abra o arquivo 'Referência \"&Excel_BuiltIn_Database&\".xlsm)\",IF(OR($C36<>\"S\",ORÇAMENTO.CodBarra=\"\"),\"(Sem Código)\",IF(ISERROR(MATCH($AE36,INDIRECT(ORÇAMENTO.BancoRef),0)),\"(Código não identificado nas referências)\",MATCH($AE36,INDIRECT(ORÇAMENTO.BancoRef),0))))","v":"(Sem Código)"},{"$f":"ROUND(IF(DESONERACAO=\"sim\",REFERENCIA.Desonerado,REFERENCIA.NaoDesonerado),2)","v":0},0.25,null,null,null,null,198594.93,0]
[2,2,2,3,{"$f":"IF($C37=1,OFFSET(E37,-1,0)+MAX(1,COUNTIF(QCI!$A$13:$A$41,OFFSET(ORÇAMENTO!E37,-1,0))),OFFSET(E37,-1,0))","v":3},1,0,0,0,10,{"$f":"IF(OR($C37=\"S\",$C37=0),0,MATCH(OFFSET($D37,0,$C37)+IF($C37<>1,1,COUNTIF(QCI!$A$13:$A$41,ORÇAMENTO!E37)),OFFSET($D37,1,$C37,ROW($C$744)-ROW($C37)),0))","v":3},"F","Nível 2","Nível 2","3.1.","SINAPI",null,"Concreto armado para fundações ",{"$f":"REFERENCIA.Unidade","v":"-"},{"$f":"OFFSET(CÁLCULO!H$15,ROW($T37)-ROW(T$15),0)","v":0},null,"BDI 1",{"$f":"IF($C37=\"S\",ROUND(IF(TIPOORCAMENTO=\"Proposto\",ORÇAMENTO.CustoUnitario*(1+$AH37),ORÇAMENTO.PrecoUnitarioLicitado),15-13*$AF$10),0)","v":0},{"$f":"IF($C37=\"S\",IF(Import.TipoArredondamento<>\"TransfereGOV\",VTOTAL1,SUM(OFFSET(CÁLCULO!$AA$15,ROW($X37)-ROW($X$15),1):OFFSET(CÁLCULO!$AL$15,ROW($X37)-ROW($X$15),-1))),IF($C37=0,0,ROUND(SomaAgrup,15-13*$AF$11)))","v":122486.26},"RA","",{"$f":"IF($C37=\"S\",IF($Z37=\"CP\",$X37,IF($Z37=\"RA\",(($X37)*QCI!$AA$3),0)),SomaAgrup)","v":4362.1033890916024},0,{"$f":"IF($N37=\"\",\"\",IF(ORÇAMENTO.Descricao=\"\",\"DESCRIÇÃO\",IF(AND($C37=\"S\",ORÇAMENTO.Unidade=\"\"),\"UNIDADE\",IF($X37<0,\"VALOR NEGATIVO\",IF(OR(AND(TIPOORCAMENTO=\"Proposto\",$AG37<>\"\",$AG37>0,ORÇAMENTO.CustoUnitario>$AG37),AND(TIPOORCAMENTO=\"LICITADO\",ORÇAMENTO.PrecoUnitarioLicitado>$AN37)),\"ACIMA REF.\",\"\")))))","v":""},{"$f":"IF(C37<=CRONO.NivelExibicao,MAX($AD$15:OFFSET(AD37,-1,0))+IF($C37<>1,1,MAX(1,COUNTIF(QCI!$A$13:$A$41,OFFSET($E37,-1,0)))),\"\")","v":6},{"$f":"IF(AND($C37=\"S\",ORÇAMENTO.CodBarra<>\"\"),IF(ORÇAMENTO.Fonte=\"\",ORÇAMENTO.CodBarra,CONCATENATE(ORÇAMENTO.Fonte,\" \",ORÇAMENTO.CodBarra)))","v":false},{"$f":"IF(ISERROR(INDIRECT(ORÇAMENTO.BancoRef)),\"(abra o arquivo 'Referência \"&Excel_BuiltIn_Database&\".xlsm)\",IF(OR($C37<>\"S\",ORÇAMENTO.CodBarra=\"\"),\"(Sem Código)\",IF(ISERROR(MATCH($AE37,INDIRECT(ORÇAMENTO.BancoRef),0)),\"(Código não identificado nas referências)\",MATCH($AE37,INDIRECT(ORÇAMENTO.BancoRef),0))))","v":"(Sem Código)"},{"$f":"ROUND(IF(DESONERACAO=\"sim\",REFERENCIA.Desonerado,REFERENCIA.NaoDesonerado),2)","v":0},0.25,null,null,null,null,122486.26,0]
["S",2,"S",0,{"$f":"IF($C38=1,OFFSET(E38,-1,0)+MAX(1,COUNTIF(QCI!$A$13:$A$41,OFFSET(ORÇAMENTO!E38,-1,0))),OFFSET(E38,-1,0))","v":3},1,0,0,1,0,{"$f":"IF(OR($C38=\"S\",$C38=0),0,MATCH(OFFSET($D38,0,$C38)+IF($C38<>1,1,COUNTIF(QCI!$A$13:$A$41,ORÇAMENTO!E38)),OFFSET($D38,1,$C38,ROW($C$744)-ROW($C38)),0))","v":0},"F","Serviço","Serviço","3.1.1.","SINAPI","FNDE450","ESTACA ESCAVADA MECANICAMENTE, SEM FLUIDO ESTABILIZANTE, COM 32CM DE DIÂMETRO, CONCRETO LANÇADO MANUALMENTE (EXCLUSIVE MOBILIZAÇÃO E DESMOBILIZAÇÃO). AF_01/2020_PA","SINAPI",{"$f":"OFFSET(CÁLCULO!H$15,ROW($T38)-ROW(T$15),0)","v":835},112.79,"BDI 1",{"$f":"IF($C38=\"S\",ROUND(IF(TIPOORCAMENTO=\"Proposto\",ORÇAMENTO.CustoUnitario*(1+$AH38),ORÇAMENTO.PrecoUnitarioLicitado),15-13*$AF$10),0)","v":140.99},{"$f":"IF($C38=\"S\",IF(Import.TipoArredondamento<>\"TransfereGOV\",VTOTAL1,SUM(OFFSET(CÁLCULO!$AA$15,ROW($X38)-ROW($X$15),1):OFFSET(CÁLCULO!$AL$15,ROW($X38)-ROW($X$15),-1))),IF($C38=0,0,ROUND(SomaAgrup,15-13*$AF$11)))","v":117726.65},"RA","RA",{"$f":"IF($C38=\"S\",IF($Z38=\"CP\",$X38,IF($Z38=\"RA\",(($X38)*QCI!$AA$3),0)),SomaAgrup)","v":4192.5993899348459},0,{"$f":"IF($N38=\"\",\"\",IF(ORÇAMENTO.Descricao=\"\",\"DESCRIÇÃO\",IF(AND($C38=\"S\",ORÇAMENTO.Unidade=\"\"),\"UNIDADE\",IF($X38<0,\"VALOR NEGATIVO\",IF(OR(AND(TIPOORCAMENTO=\"Proposto\",$AG38<>\"\",$AG38>0,ORÇAMENTO.CustoUnitario>$AG38),AND(TIPOORCAMENTO=\"LICITADO\",ORÇAMENTO.PrecoUnitarioLicitado>$AN38)),\"ACIMA REF.\",\"\")))))","v":""},{"$f":"IF(C38<=CRONO.NivelExibicao,MAX($AD$15:OFFSET(AD38,-1,0))+IF($C38<>1,1,MAX(1,COUNTIF(QCI!$A$13:$A$41,OFFSET($E38,-1,0)))),\"\")","v":""},{"$f":"IF(AND($C38=\"S\",ORÇAMENTO.CodBarra<>\"\"),IF(ORÇAMENTO.Fonte=\"\",ORÇAMENTO.CodBarra,CONCATENATE(ORÇAMENTO.Fonte,\" \",ORÇAMENTO.CodBarra)))","v":"SINAPI FNDE450"},{"$f":"IF(ISERROR(INDIRECT(ORÇAMENTO.BancoRef)),\"(abra o arquivo 'Referência \"&Excel_BuiltIn_Database&\".xlsm)\",IF(OR($C38<>\"S\",ORÇAMENTO.CodBarra=\"\"),\"(Sem Código)\",IF(ISERROR(MATCH($AE38,INDIRECT(ORÇAMENTO.BancoRef),0)),\"(Código não identificado nas referências)\",MATCH($AE38,INDIRECT(ORÇAMENTO.BancoRef),0))))","v":18},{"$f":"ROUND(IF(DESONERACAO=\"sim\",REFERENCIA.Desonerado,REFERENCIA.NaoDesonerado),2)","v":112.79},0.25,null,835,null,null,117726.65,140.99]
["S",2,"S",0,{"$f":"IF($C39=1,OFFSET(E39,-1,0)+MAX(1,COUNTIF(QCI!$A$13:$A$41,OFFSET(ORÇAMENTO!E39,-1,0))),OFFSET(E39,-1,0))","v":3},1,0,0,2,0,{"$f":"IF(OR($C39=\"S\",$C39=0),0,MATCH(OFFSET($D39,0,$C39)+IF($C39<>1,1,COUNTIF(QCI!$A$13:$A$41,ORÇAMENTO!E39)),OFFSET($D39,1,$C39,ROW($C$744)-ROW($C39)),0))","v":0},"F","Serviço","Serviço","3.1.2.","SINAPI",95601,"ARRASAMENTO MECANICO DE ESTACA DE CONCRETO ARMADO, DIAMETROS DE ATÉ 40 CM. UN AF_05/2021","SINAPI",{"$f":"OFFSET(CÁLCULO!H$15,ROW($T39)-ROW(T$15),0)","v":179},21.27,"BDI 1",{"$f":"IF($C39=\"S\",ROUND(IF(TIPOORCAMENTO=\"Proposto\",ORÇAMENTO.CustoUnitario*(1+$AH39),ORÇAMENTO.PrecoUnitarioLicitado),15-13*$AF$10),0)","v":26.59},{"$f":"IF($C39=\"S\",IF(Import.TipoArredondamento<>\"TransfereGOV\",VTOTAL1,SUM(OFFSET(CÁLCULO!$AA$15,ROW($X39)-ROW($X$15),1):OFFSET(CÁLCULO!$AL$15,ROW($X39)-ROW($X$15),-1))),IF($C39=0,0,ROUND(SomaAgrup,15-13*$AF$11)))","v":4759.6099999999997},"RA","RA",{"$f":"IF($C39=\"S\",IF($Z39=\"CP\",$X39,IF($Z39=\"RA\",(($X39)*QCI!$AA$3),0)),SomaAgrup)","v":169.50399915675672},0,{"$f":"IF($N39=\"\",\"\",IF(ORÇAMENTO.Descricao=\"\",\"DESCRIÇÃO\",IF(AND($C39=\"S\",ORÇAMENTO.Unidade=\"\"),\"UNIDADE\",IF($X39<0,\"VALOR NEGATIVO\",IF(OR(AND(TIPOORCAMENTO=\"Proposto\",$AG39<>\"\",$AG39>0,ORÇAMENTO.CustoUnitario>$AG39),AND(TIPOORCAMENTO=\"LICITADO\",ORÇAMENTO.PrecoUnitarioLicitado>$AN39)),\"ACIMA REF.\",\"\")))))","v":""},{"$f":"IF(C39<=CRONO.NivelExibicao,MAX($AD$15:OFFSET(AD39,-1,0))+IF($C39<>1,1,MAX(1,COUNTIF(QCI!$A$13:$A$41,OFFSET($E39,-1,0)))),\"\")","v":""},{"$f":"IF(AND($C39=\"S\",ORÇAMENTO.CodBarra<>\"\"),IF(ORÇAMENTO.Fonte=\"\",ORÇAMENTO.CodBarra,CONCATENATE(ORÇAMENTO.Fonte,\" \",ORÇAMENTO.CodBarra)))","v":"SINAPI 95601"},{"$f":"IF(ISERROR(INDIRECT(ORÇAMENTO.BancoRef)),\"(abra o arquivo 'Referência \"&Excel_BuiltIn_Database&\".xlsm)\",IF(OR($C39<>\"S\",ORÇAMENTO.CodBarra=\"\"),\"(Sem Código)\",IF(ISERROR(MATCH($AE39,INDIRECT(ORÇAMENTO.BancoRef),0)),\"(Código não identificado nas referências)\",MATCH($AE39,INDIRECT(ORÇAMENTO.BancoRef),0))))","v":2350},{"$f":"ROUND(IF(DESONERACAO=\"sim\",REFERENCIA.Desonerado,REFERENCIA.NaoDesonerado),2)","v":21.27},0.25,null,179,null,null,4759.6099999999997,26.59]
[2,2,2,7,{"$f":"IF($C40=1,OFFSET(E40,-1,0)+MAX(1,COUNTIF(QCI!$A$13:$A$41,OFFSET(ORÇAMENTO!E40,-1,0))),OFFSET(E40,-1,0))","v":3},2,0,0,0,7,{"$f":"IF(OR($C40=\"S\",$C40=0),0,MATCH(OFFSET($D40,0,$C40)+IF($C40<>1,1,COUNTIF(QCI!$A$13:$A$41,ORÇAMENTO!E40)),OFFSET($D40,1,$C40,ROW($C$744)-ROW($C40)),0))","v":25},"F","Nível 2","Nível 2","3.2.","SINAPI",null,"Concreto armado para blocos ",{"$f":"REFERENCIA.Unidade","v":"-"},{"$f":"OFFSET(CÁLCULO!H$15,ROW($T40)-ROW(T$15),0)","v":0},null,"BDI 1",{"$f":"IF($C40=\"S\",ROUND(IF(TIPOORCAMENTO=\"Proposto\",ORÇAMENTO.CustoUnitario*(1+$AH40),ORÇAMENTO.PrecoUnitarioLicitado),15-13*$AF$10),0)","v":0},{"$f":"IF($C40=\"S\",IF(Import.TipoArredondamento<>\"TransfereGOV\",VTOTAL1,SUM(OFFSET(CÁLCULO!$AA$15,ROW($X40)-ROW($X$15),1):OFFSET(CÁLCULO!$AL$15,ROW($X40)-ROW($X$15),-1))),IF($C40=0,0,ROUND(SomaAgrup,15-13*$AF$11)))","v":76108.67},"RA","",{"$f":"IF($C40=\"S\",IF($Z40=\"CP\",$X40,IF($Z40=\"RA\",(($X40)*QCI!$AA$3),0)),SomaAgrup)","v":2710.4581962601719},0,{"$f":"IF($N40=\"\",\"\",IF(ORÇAMENTO.Descricao=\"\",\"DESCRIÇÃO\",IF(AND($C40=\"S\",ORÇAMENTO.Unidade=\"\"),\"UNIDADE\",IF($X40<0,\"VALOR NEGATIVO\",IF(OR(AND(TIPOORCAMENTO=\"Proposto\",$AG40<>\"\",$AG40>0,ORÇAMENTO.CustoUnitario>$AG40),AND(TIPOORCAMENTO=\"LICITADO\",ORÇAMENTO.PrecoUnitarioLicitado>$AN40)),\"ACIMA REF.\",\"\")))))","v":""},{"$f":"IF(C40<=CRONO.NivelExibicao,MAX($AD$15:OFFSET(AD40,-1,0))+IF($C40<>1,1,MAX(1,COUNTIF(QCI!$A$13:$A$41,OFFSET($E40,-1,0)))),\"\")","v":7},{"$f":"IF(AND($C40=\"S\",ORÇAMENTO.CodBarra<>\"\"),IF(ORÇAMENTO.Fonte=\"\",ORÇAMENTO.CodBarra,CONCATENATE(ORÇAMENTO.Fonte,\" \",ORÇAMENTO.CodBarra)))","v":false},{"$f":"IF(ISERROR(INDIRECT(ORÇAMENTO.BancoRef)),\"(abra o arquivo 'Referência \"&Excel_BuiltIn_Database&\".xlsm)\",IF(OR($C40<>\"S\",ORÇAMENTO.CodBarra=\"\"),\"(Sem Código)\",IF(ISERROR(MATCH($AE40,INDIRECT(ORÇAMENTO.BancoRef),0)),\"(Código não identificado nas referências)\",MATCH($AE40,INDIRECT(ORÇAMENTO.BancoRef),0))))","v":"(Sem Código)"},{"$f":"ROUND(IF(DESONERACAO=\"sim\",REFERENCIA.Desonerado,REFERENCIA.NaoDesonerado),2)","v":0},0.25,null,null,null,null,76108.67,0]
["S",2,"S",0,{"$f":"IF($C41=1,OFFSET(E41,-1,0)+MAX(1,COUNTIF(QCI!$A$13:$A$41,OFFSET(ORÇAMENTO!E41,-1,0))),OFFSET(E41,-1,0))","v":3},2,0,0,1,0,{"$f":"IF(OR($C41=\"S\",$C41=0),0,MATCH(OFFSET($D41,0,$C41)+IF($C41<>1,1,COUNTIF(QCI!$A$13:$A$41,ORÇAMENTO!E41)),OFFSET($D41,1,$C41,ROW($C$744)-ROW($C41)),0))","v":0},"F","Serviço","Serviço","3.2.1.","SINAPI","96619","LASTRO DE CONCRETO MAGRO, APLICADO EM BLOCOS DE COROAMENTO OU SAPATAS, ESPESSURA DE 5 CM. AF_01/2024",{"$f":"REFERENCIA.Unidade","v":"M2"},{"$f":"OFFSET(CÁLCULO!H$15,ROW($T41)-ROW(T$15),0)","v":69.84},{"$f":"ROUND(IF(DESONERACAO=\"sim\",REFERENCIA.Desonerado,REFERENCIA.NaoDesonerado),2)","v":40.72},"BDI 1",{"$f":"IF($C41=\"S\",ROUND(IF(TIPOORCAMENTO=\"Proposto\",ORÇAMENTO.CustoUnitario*(1+$AH41),ORÇAMENTO.PrecoUnitarioLicitado),15-13*$AF$10),0)","v":50.9},{"$f":"IF($C41=\"S\",IF(Import.TipoArredondamento<>\"TransfereGOV\",VTOTAL1,SUM(OFFSET(CÁLCULO!$AA$15,ROW($X41)-ROW($X$15),1):OFFSET(CÁLCULO!$AL$15,ROW($X41)-ROW($X$15),-1))),IF($C41=0,0,ROUND(SomaAgrup,15-13*$AF$11)))","v":3554.86},"RA","RA",{"$f":"IF($C41=\"S\",IF($Z41=\"CP\",$X41,IF($Z41=\"RA\",(($X41)*QCI!$AA$3),0)),SomaAgrup)","v":126.59923532440436},0,{"$f":"IF($N41=\"\",\"\",IF(ORÇAMENTO.Descricao=\"\",\"DESCRIÇÃO\",IF(AND($C41=\"S\",ORÇAMENTO.Unidade=\"\"),\"UNIDADE\",IF($X41<0,\"VALOR NEGATIVO\",IF(OR(AND(TIPOORCAMENTO=\"Proposto\",$AG41<>\"\",$AG41>0,ORÇAMENTO.CustoUnitario>$AG41),AND(TIPOORCAMENTO=\"LICITADO\",ORÇAMENTO.PrecoUnitarioLicitado>$AN41)),\"ACIMA REF.\",\"\")))))","v":""},{"$f":"IF(C41<=CRONO.NivelExibicao,MAX($AD$15:OFFSET(AD41,-1,0))+IF($C41<>1,1,MAX(1,COUNTIF(QCI!$A$13:$A$41,OFFSET($E41,-1,0)))),\"\")","v":""},{"$f":"IF(AND($C41=\"S\",ORÇAMENTO.CodBarra<>\"\"),IF(ORÇAMENTO.Fonte=\"\",ORÇAMENTO.CodBarra,CONCATENATE(ORÇAMENTO.Fonte,\" \",ORÇAMENTO.CodBarra)))","v":"SINAPI 96619"},{"$f":"IF(ISERROR(INDIRECT(ORÇAMENTO.BancoRef)),\"(abra o arquivo 'Referência \"&Excel_BuiltIn_Database&\".xlsm)\",IF(OR($C41<>\"S\",ORÇAMENTO.CodBarra=\"\"),\"(Sem Código)\",IF(ISERROR(MATCH($AE41,INDIRECT(ORÇAMENTO.BancoRef),0)),\"(Código não identificado nas referências)\",MATCH($AE41,INDIRECT(ORÇAMENTO.BancoRef),0))))","v":2387},{"$f":"ROUND(IF(DESONERACAO=\"sim\",REFERENCIA.Desonerado,REFERENCIA.NaoDesonerado),2)","v":40.72},0.25,null,69.84,null,null,3554.86,50.9]
["S",2,"S",0,{"$f":"IF($C42=1,OFFSET(E42,-1,0)+MAX(1,COUNTIF(QCI!$A$13:$A$41,OFFSET(ORÇAMENTO!E42,-1,0))),OFFSET(E42,-1,0))","v":3},2,0,0,2,0,{"$f":"IF(OR($C42=\"S\",$C42=0),0,MATCH(OFFSET($D42,0,$C42)+IF($C42<>1,1,COUNTIF(QCI!$A$13:$A$41,ORÇAMENTO!E42)),OFFSET($D42,1,$C42,ROW($C$744)-ROW($C42)),0))","v":0},"F","Serviço","Serviço","3.2.2.","SINAPI","96557","CONCRETAGEM DE BLOCO DE COROAMENTO OU VIGA BALDRAME, FCK 30 MPA, COM USO DE BOMBA - LANÇAMENTO, ADENSAMENTO E ACABAMENTO. AF_01/2024",{"$f":"REFERENCIA.Unidade","v":"M3"},{"$f":"OFFSET(CÁLCULO!H$15,ROW($T42)-ROW(T$15),0)","v":34.92},{"$f":"ROUND(IF(DESONERACAO=\"sim\",REFERENCIA.Desonerado,REFERENCIA.NaoDesonerado),2)","v":783.61},"BDI 1",{"$f":"IF($C42=\"S\",ROUND(IF(TIPOORCAMENTO=\"Proposto\",ORÇAMENTO.CustoUnitario*(1+$AH42),ORÇAMENTO.PrecoUnitarioLicitado),15-13*$AF$10),0)","v":979.51},{"$f":"IF($C42=\"S\",IF(Import.TipoArredondamento<>\"TransfereGOV\",VTOTAL1,SUM(OFFSET(CÁLCULO!$AA$15,ROW($X42)-ROW($X$15),1):OFFSET(CÁLCULO!$AL$15,ROW($X42)-ROW($X$15),-1))),IF($C42=0,0,ROUND(SomaAgrup,15-13*$AF$11)))","v":34204.49},"RA","RA",{"$f":"IF($C42=\"S\",IF($Z42=\"CP\",$X42,IF($Z42=\"RA\",(($X42)*QCI!$AA$3),0)),SomaAgrup)","v":1218.1245614908141},0,{"$f":"IF($N42=\"\",\"\",IF(ORÇAMENTO.Descricao=\"\",\"DESCRIÇÃO\",IF(AND($C42=\"S\",ORÇAMENTO.Unidade=\"\"),\"UNIDADE\",IF($X42<0,\"VALOR NEGATIVO\",IF(OR(AND(TIPOORCAMENTO=\"Proposto\",$AG42<>\"\",$AG42>0,ORÇAMENTO.CustoUnitario>$AG42),AND(TIPOORCAMENTO=\"LICITADO\",ORÇAMENTO.PrecoUnitarioLicitado>$AN42)),\"ACIMA REF.\",\"\")))))","v":""},{"$f":"IF(C42<=CRONO.NivelExibicao,MAX($AD$15:OFFSET(AD42,-1,0))+IF($C42<>1,1,MAX(1,COUNTIF(QCI!$A$13:$A$41,OFFSET($E42,-1,0)))),\"\")","v":""},{"$f":"IF(AND($C42=\"S\",ORÇAMENTO.CodBarra<>\"\"),IF(ORÇAMENTO.Fonte=\"\",ORÇAMENTO.CodBarra,CONCATENATE(ORÇAMENTO.Fonte,\" \",ORÇAMENTO.CodBarra)))","v":"SINAPI 96557"},{"$f":"IF(ISERROR(INDIRECT(ORÇAMENTO.BancoRef)),\"(abra o arquivo 'Referência \"&Excel_BuiltIn_Database&\".xlsm)\",IF(OR($C42<>\"S\",ORÇAMENTO.CodBarra=\"\"),\"(Sem Código)\",IF(ISERROR(MATCH($AE42,INDIRECT(ORÇAMENTO.BancoRef),0)),\"(Código não identificado nas referências)\",MATCH($AE42,INDIRECT(ORÇAMENTO.BancoRef),0))))","v":2769},{"$f":"ROUND(IF(DESONERACAO=\"sim\",REFERENCIA.Desonerado,REFERENCIA.NaoDesonerado),2)","v":783.61},0.25,null,34.92,null,null,34204.49,979.51]
["S",2,"S",0,{"$f":"IF($C43=1,OFFSET(E43,-1,0)+MAX(1,COUNTIF(QCI!$A$13:$A$41,OFFSET(ORÇAMENTO!E43,-1,0))),OFFSET(E43,-1,0))","v":3},2,0,0,3,0,{"$f":"IF(OR($C43=\"S\",$C43=0),0,MATCH(OFFSET($D43,0,$C43)+IF($C43<>1,1,COUNTIF(QCI!$A$13:$A$41,ORÇAMENTO!E43)),OFFSET($D43,1,$C43,ROW($C$744)-ROW($C43)),0))","v":0},"F","Serviço","Serviço","3.2.3.","SINAPI","96534","FABRICAÇÃO, MONTAGEM E DESMONTAGEM DE FÔRMA PARA BLOCO DE COROAMENTO, EM MADEIRA SERRADA, E=25 MM, 4 UTILIZAÇÕES. AF_01/2024",{"$f":"REFERENCIA.Unidade","v":"M2"},{"$f":"OFFSET(CÁLCULO!H$15,ROW($T43)-ROW(T$15),0)","v":205.8},{"$f":"ROUND(IF(DESONERACAO=\"sim\",REFERENCIA.Desonerado,REFERENCIA.NaoDesonerado),2)","v":74.38},"BDI 1",{"$f":"IF($C43=\"S\",ROUND(IF(TIPOORCAMENTO=\"Proposto\",ORÇAMENTO.CustoUnitario*(1+$AH43),ORÇAMENTO.PrecoUnitarioLicitado),15-13*$AF$10),0)","v":92.98},{"$f":"IF($C43=\"S\",IF(Import.TipoArredondamento<>\"TransfereGOV\",VTOTAL1,SUM(OFFSET(CÁLCULO!$AA$15,ROW($X43)-ROW($X$15),1):OFFSET(CÁLCULO!$AL$15,ROW($X43)-ROW($X$15),-1))),IF($C43=0,0,ROUND(SomaAgrup,15-13*$AF$11)))","v":19135.28},"RA","RA",{"$f":"IF($C43=\"S\",IF($Z43=\"CP\",$X43,IF($Z43=\"RA\",(($X43)*QCI!$AA$3),0)),SomaAgrup)","v":681.46475971441009},0,{"$f":"IF($N43=\"\",\"\",IF(ORÇAMENTO.Descricao=\"\",\"DESCRIÇÃO\",IF(AND($C43=\"S\",ORÇAMENTO.Unidade=\"\"),\"UNIDADE\",IF($X43<0,\"VALOR NEGATIVO\",IF(OR(AND(TIPOORCAMENTO=\"Proposto\",$AG43<>\"\",$AG43>0,ORÇAMENTO.CustoUnitario>$AG43),AND(TIPOORCAMENTO=\"LICITADO\",ORÇAMENTO.PrecoUnitarioLicitado>$AN43)),\"ACIMA REF.\",\"\")))))","v":""},{"$f":"IF(C43<=CRONO.NivelExibicao,MAX($AD$15:OFFSET(AD43,-1,0))+IF($C43<>1,1,MAX(1,COUNTIF(QCI!$A$13:$A$41,OFFSET($E43,-1,0)))),\"\")","v":""},{"$f":"IF(AND($C43=\"S\",ORÇAMENTO.CodBarra<>\"\"),IF(ORÇAMENTO.Fonte=\"\",ORÇAMENTO.CodBarra,CONCATENATE(ORÇAMENTO.Fonte,\" \",ORÇAMENTO.CodBarra)))","v":"SINAPI 96534"},{"$f":"IF(ISERROR(INDIRECT(ORÇAMENTO.BancoRef)),\"(abra o arquivo 'Referência \"&Excel_BuiltIn_Database&\".xlsm)\",IF(OR($C43<>\"S\",ORÇAMENTO.CodBarra=\"\"),\"(Sem Código)\",IF(ISERROR(MATCH($AE43,INDIRECT(ORÇAMENTO.BancoRef),0)),\"(Código não identificado nas referências)\",MATCH($AE43,INDIRECT(ORÇAMENTO.BancoRef),0))))","v":2522},{"$f":"ROUND(IF(DESONERACAO=\"sim\",REFERENCIA.Desonerado,REFERENCIA.NaoDesonerado),2)","v":74.38},0.25,null,205.8,null,null,19135.28,92.98]
["S",2,"S",0,{"$f":"IF($C44=1,OFFSET(E44,-1,0)+MAX(1,COUNTIF(QCI!$A$13:$A$41,OFFSET(ORÇAMENTO!E44,-1,0))),OFFSET(E44,-1,0))","v":3},2,0,0,4,0,{"$f":"IF(OR($C44=\"S\",$C44=0),0,MATCH(OFFSET($D44,0,$C44)+IF($C44<>1,1,COUNTIF(QCI!$A$13:$A$41,ORÇAMENTO!E44)),OFFSET($D44,1,$C44,ROW($C$744)-ROW($C44)),0))","v":0},"F","Serviço","Serviço","3.2.4.","SINAPI","96546","ARMAÇÃO DE BLOCO UTILIZANDO AÇO CA-50 DE 10 MM - MONTAGEM. AF_01/2024",{"$f":"REFERENCIA.Unidade","v":"KG"},{"$f":"OFFSET(CÁLCULO!H$15,ROW($T44)-ROW(T$15),0)","v":205.23},{"$f":"ROUND(IF(DESONERACAO=\"sim\",REFERENCIA.Desonerado,REFERENCIA.NaoDesonerado),2)","v":14.47},"BDI 1",{"$f":"IF($C44=\"S\",ROUND(IF(TIPOORCAMENTO=\"Proposto\",ORÇAMENTO.CustoUnitario*(1+$AH44),ORÇAMENTO.PrecoUnitarioLicitado),15-13*$AF$10),0)","v":18.09},{"$f":"IF($C44=\"S\",IF(Import.TipoArredondamento<>\"TransfereGOV\",VTOTAL1,SUM(OFFSET(CÁLCULO!$AA$15,ROW($X44)-ROW($X$15),1):OFFSET(CÁLCULO!$AL$15,ROW($X44)-ROW($X$15),-1))),IF($C44=0,0,ROUND(SomaAgrup,15-13*$AF$11)))","v":3712.61},"RA","RA",{"$f":"IF($C44=\"S\",IF($Z44=\"CP\",$X44,IF($Z44=\"RA\",(($X44)*QCI!$AA$3),0)),SomaAgrup)","v":132.21718634706764},0,{"$f":"IF($N44=\"\",\"\",IF(ORÇAMENTO.Descricao=\"\",\"DESCRIÇÃO\",IF(AND($C44=\"S\",ORÇAMENTO.Unidade=\"\"),\"UNIDADE\",IF($X44<0,\"VALOR NEGATIVO\",IF(OR(AND(TIPOORCAMENTO=\"Proposto\",$AG44<>\"\",$AG44>0,ORÇAMENTO.CustoUnitario>$AG44),AND(TIPOORCAMENTO=\"LICITADO\",ORÇAMENTO.PrecoUnitarioLicitado>$AN44)),\"ACIMA REF.\",\"\")))))","v":""},{"$f":"IF(C44<=CRONO.NivelExibicao,MAX($AD$15:OFFSET(AD44,-1,0))+IF($C44<>1,1,MAX(1,COUNTIF(QCI!$A$13:$A$41,OFFSET($E44,-1,0)))),\"\")","v":""},{"$f":"IF(AND($C44=\"S\",ORÇAMENTO.CodBarra<>\"\"),IF(ORÇAMENTO.Fonte=\"\",ORÇAMENTO.CodBarra,CONCATENATE(ORÇAMENTO.Fonte,\" \",ORÇAMENTO.CodBarra)))","v":"SINAPI 96546"},{"$f":"IF(ISERROR(INDIRECT(ORÇAMENTO.BancoRef)),\"(abra o arquivo 'Referência \"&Excel_BuiltIn_Database&\".xlsm)\",IF(OR($C44<>\"S\",ORÇAMENTO.CodBarra=\"\"),\"(Sem Código)\",IF(ISERROR(MATCH($AE44,INDIRECT(ORÇAMENTO.BancoRef),0)),\"(Código não identificado nas referências)\",MATCH($AE44,INDIRECT(ORÇAMENTO.BancoRef),0))))","v":2717},{"$f":"ROUND(IF(DESONERACAO=\"sim\",REFERENCIA.Desonerado,REFERENCIA.NaoDesonerado),2)","v":14.47},0.25,null,205.23,null,null,3712.61,18.09]
["S",2,"S",0,{"$f":"IF($C45=1,OFFSET(E45,-1,0)+MAX(1,COUNTIF(QCI!$A$13:$A$41,OFFSET(ORÇAMENTO!E45,-1,0))),OFFSET(E45,-1,0))","v":3},2,0,0,5,0,{"$f":"IF(OR($C45=\"S\",$C45=0),0,MATCH(OFFSET($D45,0,$C45)+IF($C45<>1,1,COUNTIF(QCI!$A$13:$A$41,ORÇAMENTO!E45)),OFFSET($D45,1,$C45,ROW($C$744)-ROW($C45)),0))","v":0},"F","Serviço","Serviço","3.2.5.","SINAPI","96544","ARMAÇÃO DE BLOCO UTILIZANDO AÇO CA-50 DE 6,3 MM - MONTAGEM. AF_01/2024",{"$f":"REFERENCIA.Unidade","v":"KG"},{"$f":"OFFSET(CÁLCULO!H$15,ROW($T45)-ROW(T$15),0)","v":566.20000000000005},{"$f":"ROUND(IF(DESONERACAO=\"sim\",REFERENCIA.Desonerado,REFERENCIA.NaoDesonerado),2)","v":18.350000000000001},"BDI 1",{"$f":"IF($C45=\"S\",ROUND(IF(TIPOORCAMENTO=\"Proposto\",ORÇAMENTO.CustoUnitario*(1+$AH45),ORÇAMENTO.PrecoUnitarioLicitado),15-13*$AF$10),0)","v":22.94},{"$f":"IF($C45=\"S\",IF(Import.TipoArredondamento<>\"TransfereGOV\",VTOTAL1,SUM(OFFSET(CÁLCULO!$AA$15,ROW($X45)-ROW($X$15),1):OFFSET(CÁLCULO!$AL$15,ROW($X45)-ROW($X$15),-1))),IF($C45=0,0,ROUND(SomaAgrup,15-13*$AF$11)))","v":12988.63},"RA","RA",{"$f":"IF($C45=\"S\",IF($Z45=\"CP\",$X45,IF($Z45=\"RA\",(($X45)*QCI!$AA$3),0)),SomaAgrup)","v":462.56410264022156},0,{"$f":"IF($N45=\"\",\"\",IF(ORÇAMENTO.Descricao=\"\",\"DESCRIÇÃO\",IF(AND($C45=\"S\",ORÇAMENTO.Unidade=\"\"),\"UNIDADE\",IF($X45<0,\"VALOR NEGATIVO\",IF(OR(AND(TIPOORCAMENTO=\"Proposto\",$AG45<>\"\",$AG45>0,ORÇAMENTO.CustoUnitario>$AG45),AND(TIPOORCAMENTO=\"LICITADO\",ORÇAMENTO.PrecoUnitarioLicitado>$AN45)),\"ACIMA REF.\",\"\")))))","v":""},{"$f":"IF(C45<=CRONO.NivelExibicao,MAX($AD$15:OFFSET(AD45,-1,0))+IF($C45<>1,1,MAX(1,COUNTIF(QCI!$A$13:$A$41,OFFSET($E45,-1,0)))),\"\")","v":""},{"$f":"IF(AND($C45=\"S\",ORÇAMENTO.CodBarra<>\"\"),IF(ORÇAMENTO.Fonte=\"\",ORÇAMENTO.CodBarra,CONCATENATE(ORÇAMENTO.Fonte,\" \",ORÇAMENTO.CodBarra)))","v":"SINAPI 96544"},{"$f":"IF(ISERROR(INDIRECT(ORÇAMENTO.BancoRef)),\"(abra o arquivo 'Referência \"&Excel_BuiltIn_Database&\".xlsm)\",IF(OR($C45<>\"S\",ORÇAMENTO.CodBarra=\"\"),\"(Sem Código)\",IF(ISERROR(MATCH($AE45,INDIRECT(ORÇAMENTO.BancoRef),0)),\"(Código não identificado nas referências)\",MATCH($AE45,INDIRECT(ORÇAMENTO.BancoRef),0))))","v":2715},{"$f":"ROUND(IF(DESONERACAO=\"sim\",REFERENCIA.Desonerado,REFERENCIA.NaoDesonerado),2)","v":18.350000000000001},0.25,null,566.20000000000005,null,null,12988.63,22.94]
["S",2,"S",0,{"$f":"IF($C46=1,OFFSET(E46,-1,0)+MAX(1,COUNTIF(QCI!$A$13:$A$41,OFFSET(ORÇAMENTO!E46,-1,0))),OFFSET(E46,-1,0))","v":3},2,0,0,6,0,{"$f":"IF(OR($C46=\"S\",$C46=0),0,MATCH(OFFSET($D46,0,$C46)+IF($C46<>1,1,COUNTIF(QCI!$A$13:$A$41,ORÇAMENTO!E46)),OFFSET($D46,1,$C46,ROW($C$744)-ROW($C46)),0))","v":0},"F","Serviço","Serviço","3.2.6.","SINAPI","104920","ARMAÇÃO DE BLOCO, SAPATA ISOLADA, VIGA BALDRAME E SAPATA CORRIDA UTILIZANDO AÇO CA-50 DE 12,5 MM - MONTAGEM. AF_01/2024",{"$f":"REFERENCIA.Unidade","v":"KG"},{"$f":"OFFSET(CÁLCULO!H$15,ROW($T46)-ROW(T$15),0)","v":180},{"$f":"ROUND(IF(DESONERACAO=\"sim\",REFERENCIA.Desonerado,REFERENCIA.NaoDesonerado),2)","v":11.17},"BDI 1",{"$f":"IF($C46=\"S\",ROUND(IF(TIPOORCAMENTO=\"Proposto\",ORÇAMENTO.CustoUnitario*(1+$AH46),ORÇAMENTO.PrecoUnitarioLicitado),15-13*$AF$10),0)","v":13.96},{"$f":"IF($C46=\"S\",IF(Import.TipoArredondamento<>\"TransfereGOV\",VTOTAL1,SUM(OFFSET(CÁLCULO!$AA$15,ROW($X46)-ROW($X$15),1):OFFSET(CÁLCULO!$AL$15,ROW($X46)-ROW($X$15),-1))),IF($C46=0,0,ROUND(SomaAgrup,15-13*$AF$11)))","v":2512.8000000000002},"RA","RA",{"$f":"IF($C46=\"S\",IF($Z46=\"CP\",$X46,IF($Z46=\"RA\",(($X46)*QCI!$AA$3),0)),SomaAgrup)","v":89.488350743253818},0,{"$f":"IF($N46=\"\",\"\",IF(ORÇAMENTO.Descricao=\"\",\"DESCRIÇÃO\",IF(AND($C46=\"S\",ORÇAMENTO.Unidade=\"\"),\"UNIDADE\",IF($X46<0,\"VALOR NEGATIVO\",IF(OR(AND(TIPOORCAMENTO=\"Proposto\",$AG46<>\"\",$AG46>0,ORÇAMENTO.CustoUnitario>$AG46),AND(TIPOORCAMENTO=\"LICITADO\",ORÇAMENTO.PrecoUnitarioLicitado>$AN46)),\"ACIMA REF.\",\"\")))))","v":""},{"$f":"IF(C46<=CRONO.NivelExibicao,MAX($AD$15:OFFSET(AD46,-1,0))+IF($C46<>1,1,MAX(1,COUNTIF(QCI!$A$13:$A$41,OFFSET($E46,-1,0)))),\"\")","v":""},{"$f":"IF(AND($C46=\"S\",ORÇAMENTO.CodBarra<>\"\"),IF(ORÇAMENTO.Fonte=\"\",ORÇAMENTO.CodBarra,CONCATENATE(ORÇAMENTO.Fonte,\" \",ORÇAMENTO.CodBarra)))","v":"SINAPI 104920"},{"$f":"IF(ISERROR(INDIRECT(ORÇAMENTO.BancoRef)),\"(abra o arquivo 'Referência \"&Excel_BuiltIn_Database&\".xlsm)\",IF(OR($C46<>\"S\",ORÇAMENTO.CodBarra=\"\"),\"(Sem Código)\",IF(ISERROR(MATCH($AE46,INDIRECT(ORÇAMENTO.BancoRef),0)),\"(Código não identificado nas referências)\",MATCH($AE46,INDIRECT(ORÇAMENTO.BancoRef),0))))","v":2739},{"$f":"ROUND(IF(DESONERACAO=\"sim\",REFERENCIA.Desonerado,REFERENCIA.NaoDesonerado),2)","v":11.17},0.25,null,180,null,null,2512.8000000000002,13.96]
[1,1,1,34,{"$f":"IF($C47=1,OFFSET(E47,-1,0)+MAX(1,COUNTIF(QCI!$A$13:$A$41,OFFSET(ORÇAMENTO!E47,-1,0))),OFFSET(E47,-1,0))","v":4},0,0,0,0,697,{"$f":"IF(OR($C47=\"S\",$C47=0),0,MATCH(OFFSET($D47,0,$C47)+IF($C47<>1,1,COUNTIF(QCI!$A$13:$A$41,ORÇAMENTO!E47)),OFFSET($D47,1,$C47,ROW($C$744)-ROW($C47)),0))","v":34},"F","Meta","Meta","4.","SINAPI",null,"SUPRAESTRUTURA",{"$f":"REFERENCIA.Unidade","v":"-"},{"$f":"OFFSET(CÁLCULO!H$15,ROW($T47)-ROW(T$15),0)","v":0},null,"BDI 1",{"$f":"IF($C47=\"S\",ROUND(IF(TIPOORCAMENTO=\"Proposto\",ORÇAMENTO.CustoUnitario*(1+$AH47),ORÇAMENTO.PrecoUnitarioLicitado),15-13*$AF$10),0)","v":0},{"$f":"IF($C47=\"S\",IF(Import.TipoArredondamento<>\"TransfereGOV\",VTOTAL1,SUM(OFFSET(CÁLCULO!$AA$15,ROW($X47)-ROW($X$15),1):OFFSET(CÁLCULO!$AL$15,ROW($X47)-ROW($X$15),-1))),IF($C47=0,0,ROUND(SomaAgrup,15-13*$AF$11)))","v":794023.41},"RA","",{"$f":"IF($C47=\"S\",IF($Z47=\"CP\",$X47,IF($Z47=\"RA\",(($X47)*QCI!$AA$3),0)),SomaAgrup)","v":28277.557072761236},0,{"$f":"IF($N47=\"\",\"\",IF(ORÇAMENTO.Descricao=\"\",\"DESCRIÇÃO\",IF(AND($C47=\"S\",ORÇAMENTO.Unidade=\"\"),\"UNIDADE\",IF($X47<0,\"VALOR NEGATIVO\",IF(OR(AND(TIPOORCAMENTO=\"Proposto\",$AG47<>\"\",$AG47>0,ORÇAMENTO.CustoUnitario>$AG47),AND(TIPOORCAMENTO=\"LICITADO\",ORÇAMENTO.PrecoUnitarioLicitado>$AN47)),\"ACIMA REF.\",\"\")))))","v":""},{"$f":"IF(C47<=CRONO.NivelExibicao,MAX($AD$15:OFFSET(AD47,-1,0))+IF($C47<>1,1,MAX(1,COUNTIF(QCI!$A$13:$A$41,OFFSET($E47,-1,0)))),\"\")","v":8},{"$f":"IF(AND($C47=\"S\",ORÇAMENTO.CodBarra<>\"\"),IF(ORÇAMENTO.Fonte=\"\",ORÇAMENTO.CodBarra,CONCATENATE(ORÇAMENTO.Fonte,\" \",ORÇAMENTO.CodBarra)))","v":false},{"$f":"IF(ISERROR(INDIRECT(ORÇAMENTO.BancoRef)),\"(abra o arquivo 'Referência \"&Excel_BuiltIn_Database&\".xlsm)\",IF(OR($C47<>\"S\",ORÇAMENTO.CodBarra=\"\"),\"(Sem Código)\",IF(ISERROR(MATCH($AE47,INDIRECT(ORÇAMENTO.BancoRef),0)),\"(Código não identificado nas referências)\",MATCH($AE47,INDIRECT(ORÇAMENTO.BancoRef),0))))","v":"(Sem Código)"},{"$f":"ROUND(IF(DESONERACAO=\"sim\",REFERENCIA.Desonerado,REFERENCIA.NaoDesonerado),2)","v":0},0.25,null,null,null,null,794023.41,0]
[{"$f":"CHOOSE(1+LOG(1+2*(ORÇAMENTO.Nivel=\"Meta\")+4*(ORÇAMENTO.Nivel=\"Nível 2\")+8*(ORÇAMENTO.Nivel=\"Nível 3\")+16*(ORÇAMENTO.Nivel=\"Nível 4\")+32*(ORÇAMENTO.Nivel=\"Serviço\"),2),0,1,2,3,4,\"S\")","v":2},{"$f":"IF(OR(C48=\"s\",C48=0),OFFSET(B48,-1,0),C48)","v":2},{"$f":"IF(OFFSET(C48,-1,0)=\"L\",1,IF(OFFSET(C48,-1,0)=1,2,IF(OR(A48=\"s\",A48=0),\"S\",IF(AND(OFFSET(C48,-1,0)=2,A48=4),3,IF(AND(OR(OFFSET(C48,-1,0)=\"s\",OFFSET(C48,-1,0)=0),A48<>\"s\",A48>OFFSET(B48,-1,0)),OFFSET(B48,-1,0),A48)))))","v":2},{"$f":"IF(OR(C48=\"S\",C48=0),0,IF(ISERROR(K48),J48,SMALL(J48:K48,1)))","v":6},{"$f":"IF($C48=1,OFFSET(E48,-1,0)+MAX(1,COUNTIF(QCI!$A$13:$A$41,OFFSET(ORÇAMENTO!E48,-1,0))),OFFSET(E48,-1,0))","v":4},{"$f":"IF($C48=1,0,IF($C48=2,OFFSET(F48,-1,0)+1,OFFSET(F48,-1,0)))","v":1},{"$f":"IF(AND($C48<=2,$C48<>0),0,IF($C48=3,OFFSET(G48,-1,0)+1,OFFSET(G48,-1,0)))","v":0},{"$f":"IF(AND($C48<=3,$C48<>0),0,IF($C48=4,OFFSET(H48,-1,0)+1,OFFSET(H48,-1,0)))","v":0},{"$f":"IF(AND($C48<=4,$C48<>0),0,IF(AND($C48=\"S\",$X48>0),OFFSET(I48,-1,0)+1,OFFSET(I48,-1,0)))","v":0},33,{"$f":"IF(OR($C48=\"S\",$C48=0),0,MATCH(OFFSET($D48,0,$C48)+IF($C48<>1,1,COUNTIF(QCI!$A$13:$A$41,ORÇAMENTO!E48)),OFFSET($D48,1,$C48,ROW($C$744)-ROW($C48)),0))","v":6},{"$f":"IF(OR($X48>0,$C48=1,$C48=2,$C48=3,$C48=4),\"F\",\"\")","v":"F"},"Nível 2",{"$f":"CHOOSE(1+LOG(1+2*(C48=1)+4*(C48=2)+8*(C48=3)+16*(C48=4)+32*(C48=\"S\"),2),\"\",\"Meta\",\"Nível 2\",\"Nível 3\",\"Nível 4\",\"Serviço\")","v":"Nível 2"},{"$f":"IF(OR($C48=0,$L48=\"\"),\"-\",CONCATENATE(E48&\".\",IF(AND($A$5>=2,$C48>=2),F48&\".\",\"\"),IF(AND($A$5>=3,$C48>=3),G48&\".\",\"\"),IF(AND($A$5>=4,$C48>=4),H48&\".\",\"\"),IF($C48=\"S\",I48&\".\",\"\")))","v":"4.1."},"SINAPI",null,"Concreto armado - pilares",{"$f":"REFERENCIA.Unidade","v":"-"},{"$f":"OFFSET(CÁLCULO!H$15,ROW($T48)-ROW(T$15),0)","v":0},null,"BDI 1",{"$f":"IF($C48=\"S\",ROUND(IF(TIPOORCAMENTO=\"Proposto\",ORÇAMENTO.CustoUnitario*(1+$AH48),ORÇAMENTO.PrecoUnitarioLicitado),15-13*$AF$10),0)","v":0},{"$f":"IF($C48=\"S\",IF(Import.TipoArredondamento<>\"TransfereGOV\",VTOTAL1,SUM(OFFSET(CÁLCULO!$AA$15,ROW($X48)-ROW($X$15),1):OFFSET(CÁLCULO!$AL$15,ROW($X48)-ROW($X$15),-1))),IF($C48=0,0,ROUND(SomaAgrup,15-13*$AF$11)))","v":104881.61},"RA",{"$f":"IF(AND($C48=\"S\",$X48>0),IF(ISBLANK($Y48),\"RA\",LEFT($Y48,2)),\"\")","v":""},{"$f":"IF($C48=\"S\",IF($Z48=\"CP\",$X48,IF($Z48=\"RA\",(($X48)*QCI!$AA$3),0)),SomaAgrup)","v":3735.1489582128129},{"$f":"IF($C48=\"S\",IF($Z48=\"OU\",ROUND($X48,2),0),SomaAgrup)","v":0},{"$f":"IF($N48=\"\",\"\",IF(ORÇAMENTO.Descricao=\"\",\"DESCRIÇÃO\",IF(AND($C48=\"S\",ORÇAMENTO.Unidade=\"\"),\"UNIDADE\",IF($X48<0,\"VALOR NEGATIVO\",IF(OR(AND(TIPOORCAMENTO=\"Proposto\",$AG48<>\"\",$AG48>0,ORÇAMENTO.CustoUnitario>$AG48),AND(TIPOORCAMENTO=\"LICITADO\",ORÇAMENTO.PrecoUnitarioLicitado>$AN48)),\"ACIMA REF.\",\"\")))))","v":""},{"$f":"IF(C48<=CRONO.NivelExibicao,MAX($AD$15:OFFSET(AD48,-1,0))+IF($C48<>1,1,MAX(1,COUNTIF(QCI!$A$13:$A$41,OFFSET($E48,-1,0)))),\"\")","v":9},{"$f":"IF(AND($C48=\"S\",ORÇAMENTO.CodBarra<>\"\"),IF(ORÇAMENTO.Fonte=\"\",ORÇAMENTO.CodBarra,CONCATENATE(ORÇAMENTO.Fonte,\" \",ORÇAMENTO.CodBarra)))","v":false},{"$f":"IF(ISERROR(INDIRECT(ORÇAMENTO.BancoRef)),\"(abra o arquivo 'Referência \"&Excel_BuiltIn_Database&\".xlsm)\",IF(OR($C48<>\"S\",ORÇAMENTO.CodBarra=\"\"),\"(Sem Código)\",IF(ISERROR(MATCH($AE48,INDIRECT(ORÇAMENTO.BancoRef),0)),\"(Código não identificado nas referências)\",MATCH($AE48,INDIRECT(ORÇAMENTO.BancoRef),0))))","v":"(Sem Código)"},{"$f":"ROUND(IF(DESONERACAO=\"sim\",REFERENCIA.Desonerado,REFERENCIA.NaoDesonerado),2)","v":0},{"$f":"ROUND(IF(ISNUMBER(ORÇAMENTO.OpcaoBDI),ORÇAMENTO.OpcaoBDI,IF(LEFT(ORÇAMENTO.OpcaoBDI,3)=\"BDI\",HLOOKUP(ORÇAMENTO.OpcaoBDI,$F$4:$H$5,2,FALSE),0)),15-11*$AF$9)","v":0.25},null,null,null,null,104881.61,{"$f":"ROUND(ORÇAMENTO.CustoUnitario*(1+$AH48),2)","v":0}]
["S",2,"S",0,{"$f":"IF($C49=1,OFFSET(E49,-1,0)+MAX(1,COUNTIF(QCI!$A$13:$A$41,OFFSET(ORÇAMENTO!E49,-1,0))),OFFSET(E49,-1,0))","v":4},1,0,0,1,0,{"$f":"IF(OR($C49=\"S\",$C49=0),0,MATCH(OFFSET($D49,0,$C49)+IF($C49<>1,1,COUNTIF(QCI!$A$13:$A$41,ORÇAMENTO!E49)),OFFSET($D49,1,$C49,ROW($C$744)-ROW($C49)),0))","v":0},"F","Serviço","Serviço","4.1.1.","SINAPI","92443","MONTAGEM E DESMONTAGEM DE FÔRMA DE PILARES RETANGULARES E ESTRUTURAS SIMILARES, PÉ-DIREITO SIMPLES, EM CHAPA DE MADEIRA COMPENSADA PLASTIFICADA, 18 UTILIZAÇÕES. AF_09/2020",{"$f":"REFERENCIA.Unidade","v":"M2"},{"$f":"OFFSET(CÁLCULO!H$15,ROW($T49)-ROW(T$15),0)","v":605.94000000000005},{"$f":"ROUND(IF(DESONERACAO=\"sim\",REFERENCIA.Desonerado,REFERENCIA.NaoDesonerado),2)","v":52.61},"BDI 1",{"$f":"IF($C49=\"S\",ROUND(IF(TIPOORCAMENTO=\"Proposto\",ORÇAMENTO.CustoUnitario*(1+$AH49),ORÇAMENTO.PrecoUnitarioLicitado),15-13*$AF$10),0)","v":65.760000000000005},{"$f":"IF($C49=\"S\",IF(Import.TipoArredondamento<>\"TransfereGOV\",VTOTAL1,SUM(OFFSET(CÁLCULO!$AA$15,ROW($X49)-ROW($X$15),1):OFFSET(CÁLCULO!$AL$15,ROW($X49)-ROW($X$15),-1))),IF($C49=0,0,ROUND(SomaAgrup,15-13*$AF$11)))","v":39846.61},"RA","RA",{"$f":"IF($C49=\"S\",IF($Z49=\"CP\",$X49,IF($Z49=\"RA\",(($X49)*QCI!$AA$3),0)),SomaAgrup)","v":1419.0573908029469},0,{"$f":"IF($N49=\"\",\"\",IF(ORÇAMENTO.Descricao=\"\",\"DESCRIÇÃO\",IF(AND($C49=\"S\",ORÇAMENTO.Unidade=\"\"),\"UNIDADE\",IF($X49<0,\"VALOR NEGATIVO\",IF(OR(AND(TIPOORCAMENTO=\"Proposto\",$AG49<>\"\",$AG49>0,ORÇAMENTO.CustoUnitario>$AG49),AND(TIPOORCAMENTO=\"LICITADO\",ORÇAMENTO.PrecoUnitarioLicitado>$AN49)),\"ACIMA REF.\",\"\")))))","v":""},{"$f":"IF(C49<=CRONO.NivelExibicao,MAX($AD$15:OFFSET(AD49,-1,0))+IF($C49<>1,1,MAX(1,COUNTIF(QCI!$A$13:$A$41,OFFSET($E49,-1,0)))),\"\")","v":""},{"$f":"IF(AND($C49=\"S\",ORÇAMENTO.CodBarra<>\"\"),IF(ORÇAMENTO.Fonte=\"\",ORÇAMENTO.CodBarra,CONCATENATE(ORÇAMENTO.Fonte,\" \",ORÇAMENTO.CodBarra)))","v":"SINAPI 92443"},{"$f":"IF(ISERROR(INDIRECT(ORÇAMENTO.BancoRef)),\"(abra o arquivo 'Referência \"&Excel_BuiltIn_Database&\".xlsm)\",IF(OR($C49<>\"S\",ORÇAMENTO.CodBarra=\"\"),\"(Sem Código)\",IF(ISERROR(MATCH($AE49,INDIRECT(ORÇAMENTO.BancoRef),0)),\"(Código não identificado nas referências)\",MATCH($AE49,INDIRECT(ORÇAMENTO.BancoRef),0))))","v":2449},{"$f":"ROUND(IF(DESONERACAO=\"sim\",REFERENCIA.Desonerado,REFERENCIA.NaoDesonerado),2)","v":52.61},0.25,null,605.94000000000005,null,null,39846.61,65.760000000000005]
["S",2,"S",0,{"$f":"IF($C50=1,OFFSET(E50,-1,0)+MAX(1,COUNTIF(QCI!$A$13:$A$41,OFFSET(ORÇAMENTO!E50,-1,0))),OFFSET(E50,-1,0))","v":4},1,0,0,2,0,{"$f":"IF(OR($C50=\"S\",$C50=0),0,MATCH(OFFSET($D50,0,$C50)+IF($C50<>1,1,COUNTIF(QCI!$A$13:$A$41,ORÇAMENTO!E50)),OFFSET($D50,1,$C50,ROW($C$744)-ROW($C50)),0))","v":0},"F","Serviço","Serviço","4.1.2.","SINAPI","92762","ARMAÇÃO DE PILAR OU VIGA DE ESTRUTURA CONVENCIONAL DE CONCRETO ARMADO UTILIZANDO AÇO CA-50 DE 10,0 MM - MONTAGEM. AF_06/2022",{"$f":"REFERENCIA.Unidade","v":"KG"},{"$f":"OFFSET(CÁLCULO!H$15,ROW($T50)-ROW(T$15),0)","v":1560.82},{"$f":"ROUND(IF(DESONERACAO=\"sim\",REFERENCIA.Desonerado,REFERENCIA.NaoDesonerado),2)","v":11.44},"BDI 1",{"$f":"IF($C50=\"S\",ROUND(IF(TIPOORCAMENTO=\"Proposto\",ORÇAMENTO.CustoUnitario*(1+$AH50),ORÇAMENTO.PrecoUnitarioLicitado),15-13*$AF$10),0)","v":14.3},{"$f":"IF($C50=\"S\",IF(Import.TipoArredondamento<>\"TransfereGOV\",VTOTAL1,SUM(OFFSET(CÁLCULO!$AA$15,ROW($X50)-ROW($X$15),1):OFFSET(CÁLCULO!$AL$15,ROW($X50)-ROW($X$15),-1))),IF($C50=0,0,ROUND(SomaAgrup,15-13*$AF$11)))","v":22319.73},"RA","RA",{"$f":"IF($C50=\"S\",IF($Z50=\"CP\",$X50,IF($Z50=\"RA\",(($X50)*QCI!$AA$3),0)),SomaAgrup)","v":794.87258306857871},0,{"$f":"IF($N50=\"\",\"\",IF(ORÇAMENTO.Descricao=\"\",\"DESCRIÇÃO\",IF(AND($C50=\"S\",ORÇAMENTO.Unidade=\"\"),\"UNIDADE\",IF($X50<0,\"VALOR NEGATIVO\",IF(OR(AND(TIPOORCAMENTO=\"Proposto\",$AG50<>\"\",$AG50>0,ORÇAMENTO.CustoUnitario>$AG50),AND(TIPOORCAMENTO=\"LICITADO\",ORÇAMENTO.PrecoUnitarioLicitado>$AN50)),\"ACIMA REF.\",\"\")))))","v":""},{"$f":"IF(C50<=CRONO.NivelExibicao,MAX($AD$15:OFFSET(AD50,-1,0))+IF($C50<>1,1,MAX(1,COUNTIF(QCI!$A$13:$A$41,OFFSET($E50,-1,0)))),\"\")","v":""},{"$f":"IF(AND($C50=\"S\",ORÇAMENTO.CodBarra<>\"\"),IF(ORÇAMENTO.Fonte=\"\",ORÇAMENTO.CodBarra,CONCATENATE(ORÇAMENTO.Fonte,\" \",ORÇAMENTO.CodBarra)))","v":"SINAPI 92762"},{"$f":"IF(ISERROR(INDIRECT(ORÇAMENTO.BancoRef)),\"(abra o arquivo 'Referência \"&Excel_BuiltIn_Database&\".xlsm)\",IF(OR($C50<>\"S\",ORÇAMENTO.CodBarra=\"\"),\"(Sem Código)\",IF(ISERROR(MATCH($AE50,INDIRECT(ORÇAMENTO.BancoRef),0)),\"(Código não identificado nas referências)\",MATCH($AE50,INDIRECT(ORÇAMENTO.BancoRef),0))))","v":2653},{"$f":"ROUND(IF(DESONERACAO=\"sim\",REFERENCIA.Desonerado,REFERENCIA.NaoDesonerado),2)","v":11.44},0.25,null,1560.82,null,null,22319.73,14.3]
["S",2,"S",0,{"$f":"IF($C51=1,OFFSET(E51,-1,0)+MAX(1,COUNTIF(QCI!$A$13:$A$41,OFFSET(ORÇAMENTO!E51,-1,0))),OFFSET(E51,-1,0))","v":4},1,0,0,3,0,{"$f":"IF(OR($C51=\"S\",$C51=0),0,MATCH(OFFSET($D51,0,$C51)+IF($C51<>1,1,COUNTIF(QCI!$A$13:$A$41,ORÇAMENTO!E51)),OFFSET($D51,1,$C51,ROW($C$744)-ROW($C51)),0))","v":0},"F","Serviço","Serviço","4.1.3.","SINAPI","92763","ARMAÇÃO DE PILAR OU VIGA DE ESTRUTURA CONVENCIONAL DE CONCRETO ARMADO UTILIZANDO AÇO CA-50 DE 12,5 MM - MONTAGEM. AF_06/2022",{"$f":"REFERENCIA.Unidade","v":"KG"},{"$f":"OFFSET(CÁLCULO!H$15,ROW($T51)-ROW(T$15),0)","v":46.94},{"$f":"ROUND(IF(DESONERACAO=\"sim\",REFERENCIA.Desonerado,REFERENCIA.NaoDesonerado),2)","v":9.6199999999999992},"BDI 1",{"$f":"IF($C51=\"S\",ROUND(IF(TIPOORCAMENTO=\"Proposto\",ORÇAMENTO.CustoUnitario*(1+$AH51),ORÇAMENTO.PrecoUnitarioLicitado),15-13*$AF$10),0)","v":12.03},{"$f":"IF($C51=\"S\",IF(Import.TipoArredondamento<>\"TransfereGOV\",VTOTAL1,SUM(OFFSET(CÁLCULO!$AA$15,ROW($X51)-ROW($X$15),1):OFFSET(CÁLCULO!$AL$15,ROW($X51)-ROW($X$15),-1))),IF($C51=0,0,ROUND(SomaAgrup,15-13*$AF$11)))","v":564.69000000000005},"RA","RA",{"$f":"IF($C51=\"S\",IF($Z51=\"CP\",$X51,IF($Z51=\"RA\",(($X51)*QCI!$AA$3),0)),SomaAgrup)","v":20.110305946039478},0,{"$f":"IF($N51=\"\",\"\",IF(ORÇAMENTO.Descricao=\"\",\"DESCRIÇÃO\",IF(AND($C51=\"S\",ORÇAMENTO.Unidade=\"\"),\"UNIDADE\",IF($X51<0,\"VALOR NEGATIVO\",IF(OR(AND(TIPOORCAMENTO=\"Proposto\",$AG51<>\"\",$AG51>0,ORÇAMENTO.CustoUnitario>$AG51),AND(TIPOORCAMENTO=\"LICITADO\",ORÇAMENTO.PrecoUnitarioLicitado>$AN51)),\"ACIMA REF.\",\"\")))))","v":""},{"$f":"IF(C51<=CRONO.NivelExibicao,MAX($AD$15:OFFSET(AD51,-1,0))+IF($C51<>1,1,MAX(1,COUNTIF(QCI!$A$13:$A$41,OFFSET($E51,-1,0)))),\"\")","v":""},{"$f":"IF(AND($C51=\"S\",ORÇAMENTO.CodBarra<>\"\"),IF(ORÇAMENTO.Fonte=\"\",ORÇAMENTO.CodBarra,CONCATENATE(ORÇAMENTO.Fonte,\" \",ORÇAMENTO.CodBarra)))","v":"SINAPI 92763"},{"$f":"IF(ISERROR(INDIRECT(ORÇAMENTO.BancoRef)),\"(abra o arquivo 'Referência \"&Excel_BuiltIn_Database&\".xlsm)\",IF(OR($C51<>\"S\",ORÇAMENTO.CodBarra=\"\"),\"(Sem Código)\",IF(ISERROR(MATCH($AE51,INDIRECT(ORÇAMENTO.BancoRef),0)),\"(Código não identificado nas referências)\",MATCH($AE51,INDIRECT(ORÇAMENTO.BancoRef),0))))","v":2654},{"$f":"ROUND(IF(DESONERACAO=\"sim\",REFERENCIA.Desonerado,REFERENCIA.NaoDesonerado),2)","v":9.6199999999999992},0.25,null,46.94,null,null,564.69000000000005,12.03]
["S",2,"S",0,{"$f":"IF($C52=1,OFFSET(E52,-1,0)+MAX(1,COUNTIF(QCI!$A$13:$A$41,OFFSET(ORÇAMENTO!E52,-1,0))),OFFSET(E52,-1,0))","v":4},1,0,0,4,0,{"$f":"IF(OR($C52=\"S\",$C52=0),0,MATCH(OFFSET($D52,0,$C52)+IF($C52<>1,1,COUNTIF(QCI!$A$13:$A$41,ORÇAMENTO!E52)),OFFSET($D52,1,$C52,ROW($C$744)-ROW($C52)),0))","v":0},"F","Serviço","Serviço","4.1.4.","SINAPI","92759","ARMAÇÃO DE PILAR OU VIGA DE ESTRUTURA CONVENCIONAL DE CONCRETO ARMADO UTILIZANDO AÇO CA-60 DE 5,0 MM - MONTAGEM. AF_06/2022",{"$f":"REFERENCIA.Unidade","v":"KG"},{"$f":"OFFSET(CÁLCULO!H$15,ROW($T52)-ROW(T$15),0)","v":880.4},{"$f":"ROUND(IF(DESONERACAO=\"sim\",REFERENCIA.Desonerado,REFERENCIA.NaoDesonerado),2)","v":14.4},"BDI 1",{"$f":"IF($C52=\"S\",ROUND(IF(TIPOORCAMENTO=\"Proposto\",ORÇAMENTO.CustoUnitario*(1+$AH52),ORÇAMENTO.PrecoUnitarioLicitado),15-13*$AF$10),0)","v":18},{"$f":"IF($C52=\"S\",IF(Import.TipoArredondamento<>\"TransfereGOV\",VTOTAL1,SUM(OFFSET(CÁLCULO!$AA$15,ROW($X52)-ROW($X$15),1):OFFSET(CÁLCULO!$AL$15,ROW($X52)-ROW($X$15),-1))),IF($C52=0,0,ROUND(SomaAgrup,15-13*$AF$11)))","v":15847.2},"RA","RA",{"$f":"IF($C52=\"S\",IF($Z52=\"CP\",$X52,IF($Z52=\"RA\",(($X52)*QCI!$AA$3),0)),SomaAgrup)","v":564.36636099112218},0,{"$f":"IF($N52=\"\",\"\",IF(ORÇAMENTO.Descricao=\"\",\"DESCRIÇÃO\",IF(AND($C52=\"S\",ORÇAMENTO.Unidade=\"\"),\"UNIDADE\",IF($X52<0,\"VALOR NEGATIVO\",IF(OR(AND(TIPOORCAMENTO=\"Proposto\",$AG52<>\"\",$AG52>0,ORÇAMENTO.CustoUnitario>$AG52),AND(TIPOORCAMENTO=\"LICITADO\",ORÇAMENTO.PrecoUnitarioLicitado>$AN52)),\"ACIMA REF.\",\"\")))))","v":""},{"$f":"IF(C52<=CRONO.NivelExibicao,MAX($AD$15:OFFSET(AD52,-1,0))+IF($C52<>1,1,MAX(1,COUNTIF(QCI!$A$13:$A$41,OFFSET($E52,-1,0)))),\"\")","v":""},{"$f":"IF(AND($C52=\"S\",ORÇAMENTO.CodBarra<>\"\"),IF(ORÇAMENTO.Fonte=\"\",ORÇAMENTO.CodBarra,CONCATENATE(ORÇAMENTO.Fonte,\" \",ORÇAMENTO.CodBarra)))","v":"SINAPI 92759"},{"$f":"IF(ISERROR(INDIRECT(ORÇAMENTO.BancoRef)),\"(abra o arquivo 'Referência \"&Excel_BuiltIn_Database&\".xlsm)\",IF(OR($C52<>\"S\",ORÇAMENTO.CodBarra=\"\"),\"(Sem Código)\",IF(ISERROR(MATCH($AE52,INDIRECT(ORÇAMENTO.BancoRef),0)),\"(Código não identificado nas referências)\",MATCH($AE52,INDIRECT(ORÇAMENTO.BancoRef),0))))","v":2650},{"$f":"ROUND(IF(DESONERACAO=\"sim\",REFERENCIA.Desonerado,REFERENCIA.NaoDesonerado),2)","v":14.4},0.25,null,880.4,null,null,15847.2,18]
["S",2,"S",0,{"$f":"IF($C53=1,OFFSET(E53,-1,0)+MAX(1,COUNTIF(QCI!$A$13:$A$41,OFFSET(ORÇAMENTO!E53,-1,0))),OFFSET(E53,-1,0))","v":4},1,0,0,5,0,{"$f":"IF(OR($C53=\"S\",$C53=0),0,MATCH(OFFSET($D53,0,$C53)+IF($C53<>1,1,COUNTIF(QCI!$A$13:$A$41,ORÇAMENTO!E53)),OFFSET($D53,1,$C53,ROW($C$744)-ROW($C53)),0))","v":0},"F","Serviço","Serviço","4.1.5.","SINAPI","103672","CONCRETAGEM DE PILARES, FCK = 25 MPA, COM USO DE BOMBA - LANÇAMENTO, ADENSAMENTO E ACABAMENTO. AF_02/2022_PS",{"$f":"REFERENCIA.Unidade","v":"M3"},{"$f":"OFFSET(CÁLCULO!H$15,ROW($T53)-ROW(T$15),0)","v":29.76},{"$f":"ROUND(IF(DESONERACAO=\"sim\",REFERENCIA.Desonerado,REFERENCIA.NaoDesonerado),2)","v":707.08},"BDI 1",{"$f":"IF($C53=\"S\",ROUND(IF(TIPOORCAMENTO=\"Proposto\",ORÇAMENTO.CustoUnitario*(1+$AH53),ORÇAMENTO.PrecoUnitarioLicitado),15-13*$AF$10),0)","v":883.85},{"$f":"IF($C53=\"S\",IF(Import.TipoArredondamento<>\"TransfereGOV\",VTOTAL1,SUM(OFFSET(CÁLCULO!$AA$15,ROW($X53)-ROW($X$15),1):OFFSET(CÁLCULO!$AL$15,ROW($X53)-ROW($X$15),-1))),IF($C53=0,0,ROUND(SomaAgrup,15-13*$AF$11)))","v":26303.38},"RA","RA",{"$f":"IF($C53=\"S\",IF($Z53=\"CP\",$X53,IF($Z53=\"RA\",(($X53)*QCI!$AA$3),0)),SomaAgrup)","v":936.74231740412597},0,{"$f":"IF($N53=\"\",\"\",IF(ORÇAMENTO.Descricao=\"\",\"DESCRIÇÃO\",IF(AND($C53=\"S\",ORÇAMENTO.Unidade=\"\"),\"UNIDADE\",IF($X53<0,\"VALOR NEGATIVO\",IF(OR(AND(TIPOORCAMENTO=\"Proposto\",$AG53<>\"\",$AG53>0,ORÇAMENTO.CustoUnitario>$AG53),AND(TIPOORCAMENTO=\"LICITADO\",ORÇAMENTO.PrecoUnitarioLicitado>$AN53)),\"ACIMA REF.\",\"\")))))","v":""},{"$f":"IF(C53<=CRONO.NivelExibicao,MAX($AD$15:OFFSET(AD53,-1,0))+IF($C53<>1,1,MAX(1,COUNTIF(QCI!$A$13:$A$41,OFFSET($E53,-1,0)))),\"\")","v":""},{"$f":"IF(AND($C53=\"S\",ORÇAMENTO.CodBarra<>\"\"),IF(ORÇAMENTO.Fonte=\"\",ORÇAMENTO.CodBarra,CONCATENATE(ORÇAMENTO.Fonte,\" \",ORÇAMENTO.CodBarra)))","v":"SINAPI 103672"},{"$f":"IF(ISERROR(INDIRECT(ORÇAMENTO.BancoRef)),\"(abra o arquivo 'Referência \"&Excel_BuiltIn_Database&\".xlsm)\",IF(OR($C53<>\"S\",ORÇAMENTO.CodBarra=\"\"),\"(Sem Código)\",IF(ISERROR(MATCH($AE53,INDIRECT(ORÇAMENTO.BancoRef),0)),\"(Código não identificado nas referências)\",MATCH($AE53,INDIRECT(ORÇAMENTO.BancoRef),0))))","v":2801},{"$f":"ROUND(IF(DESONERACAO=\"sim\",REFERENCIA.Desonerado,REFERENCIA.NaoDesonerado),2)","v":707.08},0.25,null,29.76,null,null,26303.38,883.85]
[2,2,2,11,{"$f":"IF($C54=1,OFFSET(E54,-1,0)+MAX(1,COUNTIF(QCI!$A$13:$A$41,OFFSET(ORÇAMENTO!E54,-1,0))),OFFSET(E54,-1,0))","v":4},2,0,0,0,27,{"$f":"IF(OR($C54=\"S\",$C54=0),0,MATCH(OFFSET($D54,0,$C54)+IF($C54<>1,1,COUNTIF(QCI!$A$13:$A$41,ORÇAMENTO!E54)),OFFSET($D54,1,$C54,ROW($C$744)-ROW($C54)),0))","v":11},"F","Nível 2","Nível 2","4.2.","SINAPI",null,"Concreto armado - vigas incluindo baldrame",{"$f":"REFERENCIA.Unidade","v":"-"},{"$f":"OFFSET(CÁLCULO!H$15,ROW($T54)-ROW(T$15),0)","v":0},null,"BDI 1",{"$f":"IF($C54=\"S\",ROUND(IF(TIPOORCAMENTO=\"Proposto\",ORÇAMENTO.CustoUnitario*(1+$AH54),ORÇAMENTO.PrecoUnitarioLicitado),15-13*$AF$10),0)","v":0},{"$f":"IF($C54=\"S\",IF(Import.TipoArredondamento<>\"TransfereGOV\",VTOTAL1,SUM(OFFSET(CÁLCULO!$AA$15,ROW($X54)-ROW($X$15),1):OFFSET(CÁLCULO!$AL$15,ROW($X54)-ROW($X$15),-1))),IF($C54=0,0,ROUND(SomaAgrup,15-13*$AF$11)))","v":350528.49},"RA","",{"$f":"IF($C54=\"S\",IF($Z54=\"CP\",$X54,IF($Z54=\"RA\",(($X54)*QCI!$AA$3),0)),SomaAgrup)","v":12483.371720241617},0,{"$f":"IF($N54=\"\",\"\",IF(ORÇAMENTO.Descricao=\"\",\"DESCRIÇÃO\",IF(AND($C54=\"S\",ORÇAMENTO.Unidade=\"\"),\"UNIDADE\",IF($X54<0,\"VALOR NEGATIVO\",IF(OR(AND(TIPOORCAMENTO=\"Proposto\",$AG54<>\"\",$AG54>0,ORÇAMENTO.CustoUnitario>$AG54),AND(TIPOORCAMENTO=\"LICITADO\",ORÇAMENTO.PrecoUnitarioLicitado>$AN54)),\"ACIMA REF.\",\"\")))))","v":""},{"$f":"IF(C54<=CRONO.NivelExibicao,MAX($AD$15:OFFSET(AD54,-1,0))+IF($C54<>1,1,MAX(1,COUNTIF(QCI!$A$13:$A$41,OFFSET($E54,-1,0)))),\"\")","v":10},{"$f":"IF(AND($C54=\"S\",ORÇAMENTO.CodBarra<>\"\"),IF(ORÇAMENTO.Fonte=\"\",ORÇAMENTO.CodBarra,CONCATENATE(ORÇAMENTO.Fonte,\" \",ORÇAMENTO.CodBarra)))","v":false},{"$f":"IF(ISERROR(INDIRECT(ORÇAMENTO.BancoRef)),\"(abra o arquivo 'Referência \"&Excel_BuiltIn_Database&\".xlsm)\",IF(OR($C54<>\"S\",ORÇAMENTO.CodBarra=\"\"),\"(Sem Código)\",IF(ISERROR(MATCH($AE54,INDIRECT(ORÇAMENTO.BancoRef),0)),\"(Código não identificado nas referências)\",MATCH($AE54,INDIRECT(ORÇAMENTO.BancoRef),0))))","v":"(Sem Código)"},{"$f":"ROUND(IF(DESONERACAO=\"sim\",REFERENCIA.Desonerado,REFERENCIA.NaoDesonerado),2)","v":0},0.25,null,29.76,null,null,350528.49,0]
["S",2,"S",0,{"$f":"IF($C55=1,OFFSET(E55,-1,0)+MAX(1,COUNTIF(QCI!$A$13:$A$41,OFFSET(ORÇAMENTO!E55,-1,0))),OFFSET(E55,-1,0))","v":4},2,0,0,1,0,{"$f":"IF(OR($C55=\"S\",$C55=0),0,MATCH(OFFSET($D55,0,$C55)+IF($C55<>1,1,COUNTIF(QCI!$A$13:$A$41,ORÇAMENTO!E55)),OFFSET($D55,1,$C55,ROW($C$744)-ROW($C55)),0))","v":0},"F","Serviço","Serviço","4.2.1.","SINAPI","96619","LASTRO DE CONCRETO MAGRO, APLICADO EM BLOCOS DE COROAMENTO OU SAPATAS, ESPESSURA DE 5 CM. AF_01/2024",{"$f":"REFERENCIA.Unidade","v":"M2"},{"$f":"OFFSET(CÁLCULO!H$15,ROW($T55)-ROW(T$15),0)","v":191},{"$f":"ROUND(IF(DESONERACAO=\"sim\",REFERENCIA.Desonerado,REFERENCIA.NaoDesonerado),2)","v":40.72},"BDI 1",{"$f":"IF($C55=\"S\",ROUND(IF(TIPOORCAMENTO=\"Proposto\",ORÇAMENTO.CustoUnitario*(1+$AH55),ORÇAMENTO.PrecoUnitarioLicitado),15-13*$AF$10),0)","v":50.9},{"$f":"IF($C55=\"S\",IF(Import.TipoArredondamento<>\"TransfereGOV\",VTOTAL1,SUM(OFFSET(CÁLCULO!$AA$15,ROW($X55)-ROW($X$15),1):OFFSET(CÁLCULO!$AL$15,ROW($X55)-ROW($X$15),-1))),IF($C55=0,0,ROUND(SomaAgrup,15-13*$AF$11)))","v":9721.9},"RA","RA",{"$f":"IF($C55=\"S\",IF($Z55=\"CP\",$X55,IF($Z55=\"RA\",(($X55)*QCI!$AA$3),0)),SomaAgrup)","v":346.22604150383603},0,{"$f":"IF($N55=\"\",\"\",IF(ORÇAMENTO.Descricao=\"\",\"DESCRIÇÃO\",IF(AND($C55=\"S\",ORÇAMENTO.Unidade=\"\"),\"UNIDADE\",IF($X55<0,\"VALOR NEGATIVO\",IF(OR(AND(TIPOORCAMENTO=\"Proposto\",$AG55<>\"\",$AG55>0,ORÇAMENTO.CustoUnitario>$AG55),AND(TIPOORCAMENTO=\"LICITADO\",ORÇAMENTO.PrecoUnitarioLicitado>$AN55)),\"ACIMA REF.\",\"\")))))","v":""},{"$f":"IF(C55<=CRONO.NivelExibicao,MAX($AD$15:OFFSET(AD55,-1,0))+IF($C55<>1,1,MAX(1,COUNTIF(QCI!$A$13:$A$41,OFFSET($E55,-1,0)))),\"\")","v":""},{"$f":"IF(AND($C55=\"S\",ORÇAMENTO.CodBarra<>\"\"),IF(ORÇAMENTO.Fonte=\"\",ORÇAMENTO.CodBarra,CONCATENATE(ORÇAMENTO.Fonte,\" \",ORÇAMENTO.CodBarra)))","v":"SINAPI 96619"},{"$f":"IF(ISERROR(INDIRECT(ORÇAMENTO.BancoRef)),\"(abra o arquivo 'Referência \"&Excel_BuiltIn_Database&\".xlsm)\",IF(OR($C55<>\"S\",ORÇAMENTO.CodBarra=\"\"),\"(Sem Código)\",IF(ISERROR(MATCH($AE55,INDIRECT(ORÇAMENTO.BancoRef),0)),\"(Código não identificado nas referências)\",MATCH($AE55,INDIRECT(ORÇAMENTO.BancoRef),0))))","v":2387},{"$f":"ROUND(IF(DESONERACAO=\"sim\",REFERENCIA.Desonerado,REFERENCIA.NaoDesonerado),2)","v":40.72},0.25,null,191,null,null,9721.9,50.9]
["S",2,"S",0,{"$f":"IF($C56=1,OFFSET(E56,-1,0)+MAX(1,COUNTIF(QCI!$A$13:$A$41,OFFSET(ORÇAMENTO!E56,-1,0))),OFFSET(E56,-1,0))","v":4},2,0,0,2,0,{"$f":"IF(OR($C56=\"S\",$C56=0),0,MATCH(OFFSET($D56,0,$C56)+IF($C56<>1,1,COUNTIF(QCI!$A$13:$A$41,ORÇAMENTO!E56)),OFFSET($D56,1,$C56,ROW($C$744)-ROW($C56)),0))","v":0},"F","Serviço","Serviço","4.2.2.","SINAPI","92443","MONTAGEM E DESMONTAGEM DE FÔRMA DE PILARES RETANGULARES E ESTRUTURAS SIMILARES, PÉ-DIREITO SIMPLES, EM CHAPA DE MADEIRA COMPENSADA PLASTIFICADA, 18 UTILIZAÇÕES. AF_09/2020",{"$f":"REFERENCIA.Unidade","v":"M2"},{"$f":"OFFSET(CÁLCULO!H$15,ROW($T56)-ROW(T$15),0)","v":1829.95},{"$f":"ROUND(IF(DESONERACAO=\"sim\",REFERENCIA.Desonerado,REFERENCIA.NaoDesonerado),2)","v":52.61},"BDI 1",{"$f":"IF($C56=\"S\",ROUND(IF(TIPOORCAMENTO=\"Proposto\",ORÇAMENTO.CustoUnitario*(1+$AH56),ORÇAMENTO.PrecoUnitarioLicitado),15-13*$AF$10),0)","v":65.760000000000005},{"$f":"IF($C56=\"S\",IF(Import.TipoArredondamento<>\"TransfereGOV\",VTOTAL1,SUM(OFFSET(CÁLCULO!$AA$15,ROW($X56)-ROW($X$15),1):OFFSET(CÁLCULO!$AL$15,ROW($X56)-ROW($X$15),-1))),IF($C56=0,0,ROUND(SomaAgrup,15-13*$AF$11)))","v":120337.51},"RA","RA",{"$f":"IF($C56=\"S\",IF($Z56=\"CP\",$X56,IF($Z56=\"RA\",(($X56)*QCI!$AA$3),0)),SomaAgrup)","v":4285.579951627592},0,{"$f":"IF($N56=\"\",\"\",IF(ORÇAMENTO.Descricao=\"\",\"DESCRIÇÃO\",IF(AND($C56=\"S\",ORÇAMENTO.Unidade=\"\"),\"UNIDADE\",IF($X56<0,\"VALOR NEGATIVO\",IF(OR(AND(TIPOORCAMENTO=\"Proposto\",$AG56<>\"\",$AG56>0,ORÇAMENTO.CustoUnitario>$AG56),AND(TIPOORCAMENTO=\"LICITADO\",ORÇAMENTO.PrecoUnitarioLicitado>$AN56)),\"ACIMA REF.\",\"\")))))","v":""},{"$f":"IF(C56<=CRONO.NivelExibicao,MAX($AD$15:OFFSET(AD56,-1,0))+IF($C56<>1,1,MAX(1,COUNTIF(QCI!$A$13:$A$41,OFFSET($E56,-1,0)))),\"\")","v":""},{"$f":"IF(AND($C56=\"S\",ORÇAMENTO.CodBarra<>\"\"),IF(ORÇAMENTO.Fonte=\"\",ORÇAMENTO.CodBarra,CONCATENATE(ORÇAMENTO.Fonte,\" \",ORÇAMENTO.CodBarra)))","v":"SINAPI 92443"},{"$f":"IF(ISERROR(INDIRECT(ORÇAMENTO.BancoRef)),\"(abra o arquivo 'Referência \"&Excel_BuiltIn_Database&\".xlsm)\",IF(OR($C56<>\"S\",ORÇAMENTO.CodBarra=\"\"),\"(Sem Código)\",IF(ISERROR(MATCH($AE56,INDIRECT(ORÇAMENTO.BancoRef),0)),\"(Código não identificado nas referências)\",MATCH($AE56,INDIRECT(ORÇAMENTO.BancoRef),0))))","v":2449},{"$f":"ROUND(IF(DESONERACAO=\"sim\",REFERENCIA.Desonerado,REFERENCIA.NaoDesonerado),2)","v":52.61},0.25,null,1829.95,null,null,120337.51,65.760000000000005]
["S",2,"S",0,{"$f":"IF($C57=1,OFFSET(E57,-1,0)+MAX(1,COUNTIF(QCI!$A$13:$A$41,OFFSET(ORÇAMENTO!E57,-1,0))),OFFSET(E57,-1,0))","v":4},2,0,0,3,0,{"$f":"IF(OR($C57=\"S\",$C57=0),0,MATCH(OFFSET($D57,0,$C57)+IF($C57<>1,1,COUNTIF(QCI!$A$13:$A$41,ORÇAMENTO!E57)),OFFSET($D57,1,$C57,ROW($C$744)-ROW($C57)),0))","v":0},"F","Serviço","Serviço","4.2.3.","SINAPI","92760","ARMAÇÃO DE PILAR OU VIGA DE ESTRUTURA CONVENCIONAL DE CONCRETO ARMADO UTILIZANDO AÇO CA-50 DE 6,3 MM - MONTAGEM. AF_06/2022",{"$f":"REFERENCIA.Unidade","v":"KG"},{"$f":"OFFSET(CÁLCULO!H$15,ROW($T57)-ROW(T$15),0)","v":23.7},{"$f":"ROUND(IF(DESONERACAO=\"sim\",REFERENCIA.Desonerado,REFERENCIA.NaoDesonerado),2)","v":13.61},"BDI 1",{"$f":"IF($C57=\"S\",ROUND(IF(TIPOORCAMENTO=\"Proposto\",ORÇAMENTO.CustoUnitario*(1+$AH57),ORÇAMENTO.PrecoUnitarioLicitado),15-13*$AF$10),0)","v":17.010000000000002},{"$f":"IF($C57=\"S\",IF(Import.TipoArredondamento<>\"TransfereGOV\",VTOTAL1,SUM(OFFSET(CÁLCULO!$AA$15,ROW($X57)-ROW($X$15),1):OFFSET(CÁLCULO!$AL$15,ROW($X57)-ROW($X$15),-1))),IF($C57=0,0,ROUND(SomaAgrup,15-13*$AF$11)))","v":403.14},"RA","RA",{"$f":"IF($C57=\"S\",IF($Z57=\"CP\",$X57,IF($Z57=\"RA\",(($X57)*QCI!$AA$3),0)),SomaAgrup)","v":14.357025516808079},0,{"$f":"IF($N57=\"\",\"\",IF(ORÇAMENTO.Descricao=\"\",\"DESCRIÇÃO\",IF(AND($C57=\"S\",ORÇAMENTO.Unidade=\"\"),\"UNIDADE\",IF($X57<0,\"VALOR NEGATIVO\",IF(OR(AND(TIPOORCAMENTO=\"Proposto\",$AG57<>\"\",$AG57>0,ORÇAMENTO.CustoUnitario>$AG57),AND(TIPOORCAMENTO=\"LICITADO\",ORÇAMENTO.PrecoUnitarioLicitado>$AN57)),\"ACIMA REF.\",\"\")))))","v":""},{"$f":"IF(C57<=CRONO.NivelExibicao,MAX($AD$15:OFFSET(AD57,-1,0))+IF($C57<>1,1,MAX(1,COUNTIF(QCI!$A$13:$A$41,OFFSET($E57,-1,0)))),\"\")","v":""},{"$f":"IF(AND($C57=\"S\",ORÇAMENTO.CodBarra<>\"\"),IF(ORÇAMENTO.Fonte=\"\",ORÇAMENTO.CodBarra,CONCATENATE(ORÇAMENTO.Fonte,\" \",ORÇAMENTO.CodBarra)))","v":"SINAPI 92760"},{"$f":"IF(ISERROR(INDIRECT(ORÇAMENTO.BancoRef)),\"(abra o arquivo 'Referência \"&Excel_BuiltIn_Database&\".xlsm)\",IF(OR($C57<>\"S\",ORÇAMENTO.CodBarra=\"\"),\"(Sem Código)\",IF(ISERROR(MATCH($AE57,INDIRECT(ORÇAMENTO.BancoRef),0)),\"(Código não identificado nas referências)\",MATCH($AE57,INDIRECT(ORÇAMENTO.BancoRef),0))))","v":2651},{"$f":"ROUND(IF(DESONERACAO=\"sim\",REFERENCIA.Desonerado,REFERENCIA.NaoDesonerado),2)","v":13.61},0.25,null,23.7,null,null,403.14,17.010000000000002]
["S",2,"S",0,{"$f":"IF($C58=1,OFFSET(E58,-1,0)+MAX(1,COUNTIF(QCI!$A$13:$A$41,OFFSET(ORÇAMENTO!E58,-1,0))),OFFSET(E58,-1,0))","v":4},2,0,0,4,0,{"$f":"IF(OR($C58=\"S\",$C58=0),0,MATCH(OFFSET($D58,0,$C58)+IF($C58<>1,1,COUNTIF(QCI!$A$13:$A$41,ORÇAMENTO!E58)),OFFSET($D58,1,$C58,ROW($C$744)-ROW($C58)),0))","v":0},"F","Serviço","Serviço","4.2.4.","SINAPI","92761","ARMAÇÃO DE PILAR OU VIGA DE ESTRUTURA CONVENCIONAL DE CONCRETO ARMADO UTILIZANDO AÇO CA-50 DE 8,0 MM - MONTAGEM. AF_06/2022",{"$f":"REFERENCIA.Unidade","v":"KG"},{"$f":"OFFSET(CÁLCULO!H$15,ROW($T58)-ROW(T$15),0)","v":2511.2199999999998},{"$f":"ROUND(IF(DESONERACAO=\"sim\",REFERENCIA.Desonerado,REFERENCIA.NaoDesonerado),2)","v":12.8},"BDI 1",{"$f":"IF($C58=\"S\",ROUND(IF(TIPOORCAMENTO=\"Proposto\",ORÇAMENTO.CustoUnitario*(1+$AH58),ORÇAMENTO.PrecoUnitarioLicitado),15-13*$AF$10),0)","v":16},{"$f":"IF($C58=\"S\",IF(Import.TipoArredondamento<>\"TransfereGOV\",VTOTAL1,SUM(OFFSET(CÁLCULO!$AA$15,ROW($X58)-ROW($X$15),1):OFFSET(CÁLCULO!$AL$15,ROW($X58)-ROW($X$15),-1))),IF($C58=0,0,ROUND(SomaAgrup,15-13*$AF$11)))","v":40179.519999999997},"RA","RA",{"$f":"IF($C58=\"S\",IF($Z58=\"CP\",$X58,IF($Z58=\"RA\",(($X58)*QCI!$AA$3),0)),SomaAgrup)","v":1430.9133152083657},0,{"$f":"IF($N58=\"\",\"\",IF(ORÇAMENTO.Descricao=\"\",\"DESCRIÇÃO\",IF(AND($C58=\"S\",ORÇAMENTO.Unidade=\"\"),\"UNIDADE\",IF($X58<0,\"VALOR NEGATIVO\",IF(OR(AND(TIPOORCAMENTO=\"Proposto\",$AG58<>\"\",$AG58>0,ORÇAMENTO.CustoUnitario>$AG58),AND(TIPOORCAMENTO=\"LICITADO\",ORÇAMENTO.PrecoUnitarioLicitado>$AN58)),\"ACIMA REF.\",\"\")))))","v":""},{"$f":"IF(C58<=CRONO.NivelExibicao,MAX($AD$15:OFFSET(AD58,-1,0))+IF($C58<>1,1,MAX(1,COUNTIF(QCI!$A$13:$A$41,OFFSET($E58,-1,0)))),\"\")","v":""},{"$f":"IF(AND($C58=\"S\",ORÇAMENTO.CodBarra<>\"\"),IF(ORÇAMENTO.Fonte=\"\",ORÇAMENTO.CodBarra,CONCATENATE(ORÇAMENTO.Fonte,\" \",ORÇAMENTO.CodBarra)))","v":"SINAPI 92761"},{"$f":"IF(ISERROR(INDIRECT(ORÇAMENTO.BancoRef)),\"(abra o arquivo 'Referência \"&Excel_BuiltIn_Database&\".xlsm)\",IF(OR($C58<>\"S\",ORÇAMENTO.CodBarra=\"\"),\"(Sem Código)\",IF(ISERROR(MATCH($AE58,INDIRECT(ORÇAMENTO.BancoRef),0)),\"(Código não identificado nas referências)\",MATCH($AE58,INDIRECT(ORÇAMENTO.BancoRef),0))))","v":2652},{"$f":"ROUND(IF(DESONERACAO=\"sim\",REFERENCIA.Desonerado,REFERENCIA.NaoDesonerado),2)","v":12.8},0.25,null,2511.2199999999998,null,null,40179.519999999997,16]
["S",2,"S",0,{"$f":"IF($C59=1,OFFSET(E59,-1,0)+MAX(1,COUNTIF(QCI!$A$13:$A$41,OFFSET(ORÇAMENTO!E59,-1,0))),OFFSET(E59,-1,0))","v":4},2,0,0,5,0,{"$f":"IF(OR($C59=\"S\",$C59=0),0,MATCH(OFFSET($D59,0,$C59)+IF($C59<>1,1,COUNTIF(QCI!$A$13:$A$41,ORÇAMENTO!E59)),OFFSET($D59,1,$C59,ROW($C$744)-ROW($C59)),0))","v":0},"F","Serviço","Serviço","4.2.5.","SINAPI","92762","ARMAÇÃO DE PILAR OU VIGA DE ESTRUTURA CONVENCIONAL DE CONCRETO ARMADO UTILIZANDO AÇO CA-50 DE 10,0 MM - MONTAGEM. AF_06/2022",{"$f":"REFERENCIA.Unidade","v":"KG"},{"$f":"OFFSET(CÁLCULO!H$15,ROW($T59)-ROW(T$15),0)","v":659.38},{"$f":"ROUND(IF(DESONERACAO=\"sim\",REFERENCIA.Desonerado,REFERENCIA.NaoDesonerado),2)","v":11.44},"BDI 1",{"$f":"IF($C59=\"S\",ROUND(IF(TIPOORCAMENTO=\"Proposto\",ORÇAMENTO.CustoUnitario*(1+$AH59),ORÇAMENTO.PrecoUnitarioLicitado),15-13*$AF$10),0)","v":14.3},{"$f":"IF($C59=\"S\",IF(Import.TipoArredondamento<>\"TransfereGOV\",VTOTAL1,SUM(OFFSET(CÁLCULO!$AA$15,ROW($X59)-ROW($X$15),1):OFFSET(CÁLCULO!$AL$15,ROW($X59)-ROW($X$15),-1))),IF($C59=0,0,ROUND(SomaAgrup,15-13*$AF$11)))","v":9429.1299999999992},"RA","RA",{"$f":"IF($C59=\"S\",IF($Z59=\"CP\",$X59,IF($Z59=\"RA\",(($X59)*QCI!$AA$3),0)),SomaAgrup)","v":335.79962298779719},0,{"$f":"IF($N59=\"\",\"\",IF(ORÇAMENTO.Descricao=\"\",\"DESCRIÇÃO\",IF(AND($C59=\"S\",ORÇAMENTO.Unidade=\"\"),\"UNIDADE\",IF($X59<0,\"VALOR NEGATIVO\",IF(OR(AND(TIPOORCAMENTO=\"Proposto\",$AG59<>\"\",$AG59>0,ORÇAMENTO.CustoUnitario>$AG59),AND(TIPOORCAMENTO=\"LICITADO\",ORÇAMENTO.PrecoUnitarioLicitado>$AN59)),\"ACIMA REF.\",\"\")))))","v":""},{"$f":"IF(C59<=CRONO.NivelExibicao,MAX($AD$15:OFFSET(AD59,-1,0))+IF($C59<>1,1,MAX(1,COUNTIF(QCI!$A$13:$A$41,OFFSET($E59,-1,0)))),\"\")","v":""},{"$f":"IF(AND($C59=\"S\",ORÇAMENTO.CodBarra<>\"\"),IF(ORÇAMENTO.Fonte=\"\",ORÇAMENTO.CodBarra,CONCATENATE(ORÇAMENTO.Fonte,\" \",ORÇAMENTO.CodBarra)))","v":"SINAPI 92762"},{"$f":"IF(ISERROR(INDIRECT(ORÇAMENTO.BancoRef)),\"(abra o arquivo 'Referência \"&Excel_BuiltIn_Database&\".xlsm)\",IF(OR($C59<>\"S\",ORÇAMENTO.CodBarra=\"\"),\"(Sem Código)\",IF(ISERROR(MATCH($AE59,INDIRECT(ORÇAMENTO.BancoRef),0)),\"(Código não identificado nas referências)\",MATCH($AE59,INDIRECT(ORÇAMENTO.BancoRef),0))))","v":2653},{"$f":"ROUND(IF(DESONERACAO=\"sim\",REFERENCIA.Desonerado,REFERENCIA.NaoDesonerado),2)","v":11.44},0.25,null,659.38,null,null,9429.1299999999992,14.3]
["S",2,"S",0,{"$f":"IF($C60=1,OFFSET(E60,-1,0)+MAX(1,COUNTIF(QCI!$A$13:$A$41,OFFSET(ORÇAMENTO!E60,-1,0))),OFFSET(E60,-1,0))","v":4},2,0,0,6,0,{"$f":"IF(OR($C60=\"S\",$C60=0),0,MATCH(OFFSET($D60,0,$C60)+IF($C60<>1,1,COUNTIF(QCI!$A$13:$A$41,ORÇAMENTO!E60)),OFFSET($D60,1,$C60,ROW($C$744)-ROW($C60)),0))","v":0},"F","Serviço","Serviço","4.2.6.","SINAPI","92763","ARMAÇÃO DE PILAR OU VIGA DE ESTRUTURA CONVENCIONAL DE CONCRETO ARMADO UTILIZANDO AÇO CA-50 DE 12,5 MM - MONTAGEM. AF_06/2022",{"$f":"REFERENCIA.Unidade","v":"KG"},{"$f":"OFFSET(CÁLCULO!H$15,ROW($T60)-ROW(T$15),0)","v":1453.4},{"$f":"ROUND(IF(DESONERACAO=\"sim\",REFERENCIA.Desonerado,REFERENCIA.NaoDesonerado),2)","v":9.6199999999999992},"BDI 1",{"$f":"IF($C60=\"S\",ROUND(IF(TIPOORCAMENTO=\"Proposto\",ORÇAMENTO.CustoUnitario*(1+$AH60),ORÇAMENTO.PrecoUnitarioLicitado),15-13*$AF$10),0)","v":12.03},{"$f":"IF($C60=\"S\",IF(Import.TipoArredondamento<>\"TransfereGOV\",VTOTAL1,SUM(OFFSET(CÁLCULO!$AA$15,ROW($X60)-ROW($X$15),1):OFFSET(CÁLCULO!$AL$15,ROW($X60)-ROW($X$15),-1))),IF($C60=0,0,ROUND(SomaAgrup,15-13*$AF$11)))","v":17484.400000000001},"RA","RA",{"$f":"IF($C60=\"S\",IF($Z60=\"CP\",$X60,IF($Z60=\"RA\",(($X60)*QCI!$AA$3),0)),SomaAgrup)","v":622.67196742094359},0,{"$f":"IF($N60=\"\",\"\",IF(ORÇAMENTO.Descricao=\"\",\"DESCRIÇÃO\",IF(AND($C60=\"S\",ORÇAMENTO.Unidade=\"\"),\"UNIDADE\",IF($X60<0,\"VALOR NEGATIVO\",IF(OR(AND(TIPOORCAMENTO=\"Proposto\",$AG60<>\"\",$AG60>0,ORÇAMENTO.CustoUnitario>$AG60),AND(TIPOORCAMENTO=\"LICITADO\",ORÇAMENTO.PrecoUnitarioLicitado>$AN60)),\"ACIMA REF.\",\"\")))))","v":""},{"$f":"IF(C60<=CRONO.NivelExibicao,MAX($AD$15:OFFSET(AD60,-1,0))+IF($C60<>1,1,MAX(1,COUNTIF(QCI!$A$13:$A$41,OFFSET($E60,-1,0)))),\"\")","v":""},{"$f":"IF(AND($C60=\"S\",ORÇAMENTO.CodBarra<>\"\"),IF(ORÇAMENTO.Fonte=\"\",ORÇAMENTO.CodBarra,CONCATENATE(ORÇAMENTO.Fonte,\" \",ORÇAMENTO.CodBarra)))","v":"SINAPI 92763"},{"$f":"IF(ISERROR(INDIRECT(ORÇAMENTO.BancoRef)),\"(abra o arquivo 'Referência \"&Excel_BuiltIn_Database&\".xlsm)\",IF(OR($C60<>\"S\",ORÇAMENTO.CodBarra=\"\"),\"(Sem Código)\",IF(ISERROR(MATCH($AE60,INDIRECT(ORÇAMENTO.BancoRef),0)),\"(Código não identificado nas referências)\",MATCH($AE60,INDIRECT(ORÇAMENTO.BancoRef),0))))","v":2654},{"$f":"ROUND(IF(DESONERACAO=\"sim\",REFERENCIA.Desonerado,REFERENCIA.NaoDesonerado),2)","v":9.6199999999999992},0.25,null,1453.4,null,null,17484.400000000001,12.03]
["S",2,"S",0,{"$f":"IF($C61=1,OFFSET(E61,-1,0)+MAX(1,COUNTIF(QCI!$A$13:$A$41,OFFSET(ORÇAMENTO!E61,-1,0))),OFFSET(E61,-1,0))","v":4},2,0,0,7,0,{"$f":"IF(OR($C61=\"S\",$C61=0),0,MATCH(OFFSET($D61,0,$C61)+IF($C61<>1,1,COUNTIF(QCI!$A$13:$A$41,ORÇAMENTO!E61)),OFFSET($D61,1,$C61,ROW($C$744)-ROW($C61)),0))","v":0},"F","Serviço","Serviço","4.2.7.","SINAPI","92764","ARMAÇÃO DE PILAR OU VIGA DE ESTRUTURA CONVENCIONAL DE CONCRETO ARMADO UTILIZANDO AÇO CA-50 DE 16,0 MM - MONTAGEM. AF_06/2022",{"$f":"REFERENCIA.Unidade","v":"KG"},{"$f":"OFFSET(CÁLCULO!H$15,ROW($T61)-ROW(T$15),0)","v":385.1},{"$f":"ROUND(IF(DESONERACAO=\"sim\",REFERENCIA.Desonerado,REFERENCIA.NaoDesonerado),2)","v":9.31},"BDI 1",{"$f":"IF($C61=\"S\",ROUND(IF(TIPOORCAMENTO=\"Proposto\",ORÇAMENTO.CustoUnitario*(1+$AH61),ORÇAMENTO.PrecoUnitarioLicitado),15-13*$AF$10),0)","v":11.64},{"$f":"IF($C61=\"S\",IF(Import.TipoArredondamento<>\"TransfereGOV\",VTOTAL1,SUM(OFFSET(CÁLCULO!$AA$15,ROW($X61)-ROW($X$15),1):OFFSET(CÁLCULO!$AL$15,ROW($X61)-ROW($X$15),-1))),IF($C61=0,0,ROUND(SomaAgrup,15-13*$AF$11)))","v":4482.5600000000004},"RA","RA",{"$f":"IF($C61=\"S\",IF($Z61=\"CP\",$X61,IF($Z61=\"RA\",(($X61)*QCI!$AA$3),0)),SomaAgrup)","v":159.63741702788914},0,{"$f":"IF($N61=\"\",\"\",IF(ORÇAMENTO.Descricao=\"\",\"DESCRIÇÃO\",IF(AND($C61=\"S\",ORÇAMENTO.Unidade=\"\"),\"UNIDADE\",IF($X61<0,\"VALOR NEGATIVO\",IF(OR(AND(TIPOORCAMENTO=\"Proposto\",$AG61<>\"\",$AG61>0,ORÇAMENTO.CustoUnitario>$AG61),AND(TIPOORCAMENTO=\"LICITADO\",ORÇAMENTO.PrecoUnitarioLicitado>$AN61)),\"ACIMA REF.\",\"\")))))","v":""},{"$f":"IF(C61<=CRONO.NivelExibicao,MAX($AD$15:OFFSET(AD61,-1,0))+IF($C61<>1,1,MAX(1,COUNTIF(QCI!$A$13:$A$41,OFFSET($E61,-1,0)))),\"\")","v":""},{"$f":"IF(AND($C61=\"S\",ORÇAMENTO.CodBarra<>\"\"),IF(ORÇAMENTO.Fonte=\"\",ORÇAMENTO.CodBarra,CONCATENATE(ORÇAMENTO.Fonte,\" \",ORÇAMENTO.CodBarra)))","v":"SINAPI 92764"},{"$f":"IF(ISERROR(INDIRECT(ORÇAMENTO.BancoRef)),\"(abra o arquivo 'Referência \"&Excel_BuiltIn_Database&\".xlsm)\",IF(OR($C61<>\"S\",ORÇAMENTO.CodBarra=\"\"),\"(Sem Código)\",IF(ISERROR(MATCH($AE61,INDIRECT(ORÇAMENTO.BancoRef),0)),\"(Código não identificado nas referências)\",MATCH($AE61,INDIRECT(ORÇAMENTO.BancoRef),0))))","v":2655},{"$f":"ROUND(IF(DESONERACAO=\"sim\",REFERENCIA.Desonerado,REFERENCIA.NaoDesonerado),2)","v":9.31},0.25,null,385.1,null,null,4482.5600000000004,11.64]
["S",2,"S",0,{"$f":"IF($C62=1,OFFSET(E62,-1,0)+MAX(1,COUNTIF(QCI!$A$13:$A$41,OFFSET(ORÇAMENTO!E62,-1,0))),OFFSET(E62,-1,0))","v":4},2,0,0,8,0,{"$f":"IF(OR($C62=\"S\",$C62=0),0,MATCH(OFFSET($D62,0,$C62)+IF($C62<>1,1,COUNTIF(QCI!$A$13:$A$41,ORÇAMENTO!E62)),OFFSET($D62,1,$C62,ROW($C$744)-ROW($C62)),0))","v":0},"F","Serviço","Serviço","4.2.8.","SINAPI","92765","ARMAÇÃO DE PILAR OU VIGA DE ESTRUTURA CONVENCIONAL DE CONCRETO ARMADO UTILIZANDO AÇO CA-50 DE 20,0 MM - MONTAGEM. AF_06/2022",{"$f":"REFERENCIA.Unidade","v":"KG"},{"$f":"OFFSET(CÁLCULO!H$15,ROW($T62)-ROW(T$15),0)","v":122.6},{"$f":"ROUND(IF(DESONERACAO=\"sim\",REFERENCIA.Desonerado,REFERENCIA.NaoDesonerado),2)","v":10.64},"BDI 1",{"$f":"IF($C62=\"S\",ROUND(IF(TIPOORCAMENTO=\"Proposto\",ORÇAMENTO.CustoUnitario*(1+$AH62),ORÇAMENTO.PrecoUnitarioLicitado),15-13*$AF$10),0)","v":13.3},{"$f":"IF($C62=\"S\",IF(Import.TipoArredondamento<>\"TransfereGOV\",VTOTAL1,SUM(OFFSET(CÁLCULO!$AA$15,ROW($X62)-ROW($X$15),1):OFFSET(CÁLCULO!$AL$15,ROW($X62)-ROW($X$15),-1))),IF($C62=0,0,ROUND(SomaAgrup,15-13*$AF$11)))","v":1630.58},"RA","RA",{"$f":"IF($C62=\"S\",IF($Z62=\"CP\",$X62,IF($Z62=\"RA\",(($X62)*QCI!$AA$3),0)),SomaAgrup)","v":58.069848358379019},0,{"$f":"IF($N62=\"\",\"\",IF(ORÇAMENTO.Descricao=\"\",\"DESCRIÇÃO\",IF(AND($C62=\"S\",ORÇAMENTO.Unidade=\"\"),\"UNIDADE\",IF($X62<0,\"VALOR NEGATIVO\",IF(OR(AND(TIPOORCAMENTO=\"Proposto\",$AG62<>\"\",$AG62>0,ORÇAMENTO.CustoUnitario>$AG62),AND(TIPOORCAMENTO=\"LICITADO\",ORÇAMENTO.PrecoUnitarioLicitado>$AN62)),\"ACIMA REF.\",\"\")))))","v":""},{"$f":"IF(C62<=CRONO.NivelExibicao,MAX($AD$15:OFFSET(AD62,-1,0))+IF($C62<>1,1,MAX(1,COUNTIF(QCI!$A$13:$A$41,OFFSET($E62,-1,0)))),\"\")","v":""},{"$f":"IF(AND($C62=\"S\",ORÇAMENTO.CodBarra<>\"\"),IF(ORÇAMENTO.Fonte=\"\",ORÇAMENTO.CodBarra,CONCATENATE(ORÇAMENTO.Fonte,\" \",ORÇAMENTO.CodBarra)))","v":"SINAPI 92765"},{"$f":"IF(ISERROR(INDIRECT(ORÇAMENTO.BancoRef)),\"(abra o arquivo 'Referência \"&Excel_BuiltIn_Database&\".xlsm)\",IF(OR($C62<>\"S\",ORÇAMENTO.CodBarra=\"\"),\"(Sem Código)\",IF(ISERROR(MATCH($AE62,INDIRECT(ORÇAMENTO.BancoRef),0)),\"(Código não identificado nas referências)\",MATCH($AE62,INDIRECT(ORÇAMENTO.BancoRef),0))))","v":2656},{"$f":"ROUND(IF(DESONERACAO=\"sim\",REFERENCIA.Desonerado,REFERENCIA.NaoDesonerado),2)","v":10.64},0.25,null,122.6,null,null,1630.58,13.3]
["S",2,"S",0,{"$f":"IF($C63=1,OFFSET(E63,-1,0)+MAX(1,COUNTIF(QCI!$A$13:$A$41,OFFSET(ORÇAMENTO!E63,-1,0))),OFFSET(E63,-1,0))","v":4},2,0,0,9,0,{"$f":"IF(OR($C63=\"S\",$C63=0),0,MATCH(OFFSET($D63,0,$C63)+IF($C63<>1,1,COUNTIF(QCI!$A$13:$A$41,ORÇAMENTO!E63)),OFFSET($D63,1,$C63,ROW($C$744)-ROW($C63)),0))","v":0},"F","Serviço","Serviço","4.2.9.","SINAPI","92759","ARMAÇÃO DE PILAR OU VIGA DE ESTRUTURA CONVENCIONAL DE CONCRETO ARMADO UTILIZANDO AÇO CA-60 DE 5,0 MM - MONTAGEM. AF_06/2022",{"$f":"REFERENCIA.Unidade","v":"KG"},{"$f":"OFFSET(CÁLCULO!H$15,ROW($T63)-ROW(T$15),0)","v":2084.9499999999998},{"$f":"ROUND(IF(DESONERACAO=\"sim\",REFERENCIA.Desonerado,REFERENCIA.NaoDesonerado),2)","v":14.4},"BDI 1",{"$f":"IF($C63=\"S\",ROUND(IF(TIPOORCAMENTO=\"Proposto\",ORÇAMENTO.CustoUnitario*(1+$AH63),ORÇAMENTO.PrecoUnitarioLicitado),15-13*$AF$10),0)","v":18},{"$f":"IF($C63=\"S\",IF(Import.TipoArredondamento<>\"TransfereGOV\",VTOTAL1,SUM(OFFSET(CÁLCULO!$AA$15,ROW($X63)-ROW($X$15),1):OFFSET(CÁLCULO!$AL$15,ROW($X63)-ROW($X$15),-1))),IF($C63=0,0,ROUND(SomaAgrup,15-13*$AF$11)))","v":37529.1},"RA","RA",{"$f":"IF($C63=\"S\",IF($Z63=\"CP\",$X63,IF($Z63=\"RA\",(($X63)*QCI!$AA$3),0)),SomaAgrup)","v":1336.5239031672425},0,{"$f":"IF($N63=\"\",\"\",IF(ORÇAMENTO.Descricao=\"\",\"DESCRIÇÃO\",IF(AND($C63=\"S\",ORÇAMENTO.Unidade=\"\"),\"UNIDADE\",IF($X63<0,\"VALOR NEGATIVO\",IF(OR(AND(TIPOORCAMENTO=\"Proposto\",$AG63<>\"\",$AG63>0,ORÇAMENTO.CustoUnitario>$AG63),AND(TIPOORCAMENTO=\"LICITADO\",ORÇAMENTO.PrecoUnitarioLicitado>$AN63)),\"ACIMA REF.\",\"\")))))","v":""},{"$f":"IF(C63<=CRONO.NivelExibicao,MAX($AD$15:OFFSET(AD63,-1,0))+IF($C63<>1,1,MAX(1,COUNTIF(QCI!$A$13:$A$41,OFFSET($E63,-1,0)))),\"\")","v":""},{"$f":"IF(AND($C63=\"S\",ORÇAMENTO.CodBarra<>\"\"),IF(ORÇAMENTO.Fonte=\"\",ORÇAMENTO.CodBarra,CONCATENATE(ORÇAMENTO.Fonte,\" \",ORÇAMENTO.CodBarra)))","v":"SINAPI 92759"},{"$f":"IF(ISERROR(INDIRECT(ORÇAMENTO.BancoRef)),\"(abra o arquivo 'Referência \"&Excel_BuiltIn_Database&\".xlsm)\",IF(OR($C63<>\"S\",ORÇAMENTO.CodBarra=\"\"),\"(Sem Código)\",IF(ISERROR(MATCH($AE63,INDIRECT(ORÇAMENTO.BancoRef),0)),\"(Código não identificado nas referências)\",MATCH($AE63,INDIRECT(ORÇAMENTO.BancoRef),0))))","v":2650},{"$f":"ROUND(IF(DESONERACAO=\"sim\",REFERENCIA.Desonerado,REFERENCIA.NaoDesonerado),2)","v":14.4},0.25,null,2084.9499999999998,null,null,37529.1,18]
["S",2,"S",0,{"$f":"IF($C64=1,OFFSET(E64,-1,0)+MAX(1,COUNTIF(QCI!$A$13:$A$41,OFFSET(ORÇAMENTO!E64,-1,0))),OFFSET(E64,-1,0))","v":4},2,0,0,10,0,{"$f":"IF(OR($C64=\"S\",$C64=0),0,MATCH(OFFSET($D64,0,$C64)+IF($C64<>1,1,COUNTIF(QCI!$A$13:$A$41,ORÇAMENTO!E64)),OFFSET($D64,1,$C64,ROW($C$744)-ROW($C64)),0))","v":0},"F","Serviço","Serviço","4.2.10.","SINAPI","103675","CONCRETAGEM DE VIGAS E LAJES, FCK=25 MPA, PARA LAJES MACIÇAS OU NERVURADAS COM USO DE BOMBA - LANÇAMENTO, ADENSAMENTO E ACABAMENTO. AF_02/2022_PS",{"$f":"REFERENCIA.Unidade","v":"M3"},{"$f":"OFFSET(CÁLCULO!H$15,ROW($T64)-ROW(T$15),0)","v":123.68},{"$f":"ROUND(IF(DESONERACAO=\"sim\",REFERENCIA.Desonerado,REFERENCIA.NaoDesonerado),2)","v":707.18},"BDI 1",{"$f":"IF($C64=\"S\",ROUND(IF(TIPOORCAMENTO=\"Proposto\",ORÇAMENTO.CustoUnitario*(1+$AH64),ORÇAMENTO.PrecoUnitarioLicitado),15-13*$AF$10),0)","v":883.98},{"$f":"IF($C64=\"S\",IF(Import.TipoArredondamento<>\"TransfereGOV\",VTOTAL1,SUM(OFFSET(CÁLCULO!$AA$15,ROW($X64)-ROW($X$15),1):OFFSET(CÁLCULO!$AL$15,ROW($X64)-ROW($X$15),-1))),IF($C64=0,0,ROUND(SomaAgrup,15-13*$AF$11)))","v":109330.65},"RA","RA",{"$f":"IF($C64=\"S\",IF($Z64=\"CP\",$X64,IF($Z64=\"RA\",(($X64)*QCI!$AA$3),0)),SomaAgrup)","v":3893.5926274227645},0,{"$f":"IF($N64=\"\",\"\",IF(ORÇAMENTO.Descricao=\"\",\"DESCRIÇÃO\",IF(AND($C64=\"S\",ORÇAMENTO.Unidade=\"\"),\"UNIDADE\",IF($X64<0,\"VALOR NEGATIVO\",IF(OR(AND(TIPOORCAMENTO=\"Proposto\",$AG64<>\"\",$AG64>0,ORÇAMENTO.CustoUnitario>$AG64),AND(TIPOORCAMENTO=\"LICITADO\",ORÇAMENTO.PrecoUnitarioLicitado>$AN64)),\"ACIMA REF.\",\"\")))))","v":""},{"$f":"IF(C64<=CRONO.NivelExibicao,MAX($AD$15:OFFSET(AD64,-1,0))+IF($C64<>1,1,MAX(1,COUNTIF(QCI!$A$13:$A$41,OFFSET($E64,-1,0)))),\"\")","v":""},{"$f":"IF(AND($C64=\"S\",ORÇAMENTO.CodBarra<>\"\"),IF(ORÇAMENTO.Fonte=\"\",ORÇAMENTO.CodBarra,CONCATENATE(ORÇAMENTO.Fonte,\" \",ORÇAMENTO.CodBarra)))","v":"SINAPI 103675"},{"$f":"IF(ISERROR(INDIRECT(ORÇAMENTO.BancoRef)),\"(abra o arquivo 'Referência \"&Excel_BuiltIn_Database&\".xlsm)\",IF(OR($C64<>\"S\",ORÇAMENTO.CodBarra=\"\"),\"(Sem Código)\",IF(ISERROR(MATCH($AE64,INDIRECT(ORÇAMENTO.BancoRef),0)),\"(Código não identificado nas referências)\",MATCH($AE64,INDIRECT(ORÇAMENTO.BancoRef),0))))","v":2804},{"$f":"ROUND(IF(DESONERACAO=\"sim\",REFERENCIA.Desonerado,REFERENCIA.NaoDesonerado),2)","v":707.18},0.25,null,123.68,null,null,109330.65,883.98]
[2,2,2,7,{"$f":"IF($C65=1,OFFSET(E65,-1,0)+MAX(1,COUNTIF(QCI!$A$13:$A$41,OFFSET(ORÇAMENTO!E65,-1,0))),OFFSET(E65,-1,0))","v":4},3,0,0,0,16,{"$f":"IF(OR($C65=\"S\",$C65=0),0,MATCH(OFFSET($D65,0,$C65)+IF($C65<>1,1,COUNTIF(QCI!$A$13:$A$41,ORÇAMENTO!E65)),OFFSET($D65,1,$C65,ROW($C$744)-ROW($C65)),0))","v":7},"F","Nível 2","Nível 2","4.3.","SINAPI",null,"Concreto armado para vergas",{"$f":"REFERENCIA.Unidade","v":"-"},{"$f":"OFFSET(CÁLCULO!H$15,ROW($T65)-ROW(T$15),0)","v":0},null,"BDI 1",{"$f":"IF($C65=\"S\",ROUND(IF(TIPOORCAMENTO=\"Proposto\",ORÇAMENTO.CustoUnitario*(1+$AH65),ORÇAMENTO.PrecoUnitarioLicitado),15-13*$AF$10),0)","v":0},{"$f":"IF($C65=\"S\",IF(Import.TipoArredondamento<>\"TransfereGOV\",VTOTAL1,SUM(OFFSET(CÁLCULO!$AA$15,ROW($X65)-ROW($X$15),1):OFFSET(CÁLCULO!$AL$15,ROW($X65)-ROW($X$15),-1))),IF($C65=0,0,ROUND(SomaAgrup,15-13*$AF$11)))","v":14561.44},"RA","",{"$f":"IF($C65=\"S\",IF($Z65=\"CP\",$X65,IF($Z65=\"RA\",(($X65)*QCI!$AA$3),0)),SomaAgrup)","v":518.57658788874789},0,{"$f":"IF($N65=\"\",\"\",IF(ORÇAMENTO.Descricao=\"\",\"DESCRIÇÃO\",IF(AND($C65=\"S\",ORÇAMENTO.Unidade=\"\"),\"UNIDADE\",IF($X65<0,\"VALOR NEGATIVO\",IF(OR(AND(TIPOORCAMENTO=\"Proposto\",$AG65<>\"\",$AG65>0,ORÇAMENTO.CustoUnitario>$AG65),AND(TIPOORCAMENTO=\"LICITADO\",ORÇAMENTO.PrecoUnitarioLicitado>$AN65)),\"ACIMA REF.\",\"\")))))","v":""},{"$f":"IF(C65<=CRONO.NivelExibicao,MAX($AD$15:OFFSET(AD65,-1,0))+IF($C65<>1,1,MAX(1,COUNTIF(QCI!$A$13:$A$41,OFFSET($E65,-1,0)))),\"\")","v":11},{"$f":"IF(AND($C65=\"S\",ORÇAMENTO.CodBarra<>\"\"),IF(ORÇAMENTO.Fonte=\"\",ORÇAMENTO.CodBarra,CONCATENATE(ORÇAMENTO.Fonte,\" \",ORÇAMENTO.CodBarra)))","v":false},{"$f":"IF(ISERROR(INDIRECT(ORÇAMENTO.BancoRef)),\"(abra o arquivo 'Referência \"&Excel_BuiltIn_Database&\".xlsm)\",IF(OR($C65<>\"S\",ORÇAMENTO.CodBarra=\"\"),\"(Sem Código)\",IF(ISERROR(MATCH($AE65,INDIRECT(ORÇAMENTO.BancoRef),0)),\"(Código não identificado nas referências)\",MATCH($AE65,INDIRECT(ORÇAMENTO.BancoRef),0))))","v":"(Sem Código)"},{"$f":"ROUND(IF(DESONERACAO=\"sim\",REFERENCIA.Desonerado,REFERENCIA.NaoDesonerado),2)","v":0},0.25,null,null,null,null,14561.44,0]
["S",2,"S",0,{"$f":"IF($C66=1,OFFSET(E66,-1,0)+MAX(1,COUNTIF(QCI!$A$13:$A$41,OFFSET(ORÇAMENTO!E66,-1,0))),OFFSET(E66,-1,0))","v":4},3,0,0,1,0,{"$f":"IF(OR($C66=\"S\",$C66=0),0,MATCH(OFFSET($D66,0,$C66)+IF($C66<>1,1,COUNTIF(QCI!$A$13:$A$41,ORÇAMENTO!E66)),OFFSET($D66,1,$C66,ROW($C$744)-ROW($C66)),0))","v":0},"F","Serviço","Serviço","4.3.1.","SINAPI","93184","VERGA PRÉ-MOLDADA COM ATÉ 1,5 M DE VÃO, ESPESSURA DE *20* CM. AF_03/2024",{"$f":"REFERENCIA.Unidade","v":"M"},{"$f":"OFFSET(CÁLCULO!H$15,ROW($T66)-ROW(T$15),0)","v":43.7},{"$f":"ROUND(IF(DESONERACAO=\"sim\",REFERENCIA.Desonerado,REFERENCIA.NaoDesonerado),2)","v":26.53},"BDI 1",{"$f":"IF($C66=\"S\",ROUND(IF(TIPOORCAMENTO=\"Proposto\",ORÇAMENTO.CustoUnitario*(1+$AH66),ORÇAMENTO.PrecoUnitarioLicitado),15-13*$AF$10),0)","v":33.159999999999997},{"$f":"IF($C66=\"S\",IF(Import.TipoArredondamento<>\"TransfereGOV\",VTOTAL1,SUM(OFFSET(CÁLCULO!$AA$15,ROW($X66)-ROW($X$15),1):OFFSET(CÁLCULO!$AL$15,ROW($X66)-ROW($X$15),-1))),IF($C66=0,0,ROUND(SomaAgrup,15-13*$AF$11)))","v":1449.09},"RA","RA",{"$f":"IF($C66=\"S\",IF($Z66=\"CP\",$X66,IF($Z66=\"RA\",(($X66)*QCI!$AA$3),0)),SomaAgrup)","v":51.606444674682294},0,{"$f":"IF($N66=\"\",\"\",IF(ORÇAMENTO.Descricao=\"\",\"DESCRIÇÃO\",IF(AND($C66=\"S\",ORÇAMENTO.Unidade=\"\"),\"UNIDADE\",IF($X66<0,\"VALOR NEGATIVO\",IF(OR(AND(TIPOORCAMENTO=\"Proposto\",$AG66<>\"\",$AG66>0,ORÇAMENTO.CustoUnitario>$AG66),AND(TIPOORCAMENTO=\"LICITADO\",ORÇAMENTO.PrecoUnitarioLicitado>$AN66)),\"ACIMA REF.\",\"\")))))","v":""},{"$f":"IF(C66<=CRONO.NivelExibicao,MAX($AD$15:OFFSET(AD66,-1,0))+IF($C66<>1,1,MAX(1,COUNTIF(QCI!$A$13:$A$41,OFFSET($E66,-1,0)))),\"\")","v":""},{"$f":"IF(AND($C66=\"S\",ORÇAMENTO.CodBarra<>\"\"),IF(ORÇAMENTO.Fonte=\"\",ORÇAMENTO.CodBarra,CONCATENATE(ORÇAMENTO.Fonte,\" \",ORÇAMENTO.CodBarra)))","v":"SINAPI 93184"},{"$f":"IF(ISERROR(INDIRECT(ORÇAMENTO.BancoRef)),\"(abra o arquivo 'Referência \"&Excel_BuiltIn_Database&\".xlsm)\",IF(OR($C66<>\"S\",ORÇAMENTO.CodBarra=\"\"),\"(Sem Código)\",IF(ISERROR(MATCH($AE66,INDIRECT(ORÇAMENTO.BancoRef),0)),\"(Código não identificado nas referências)\",MATCH($AE66,INDIRECT(ORÇAMENTO.BancoRef),0))))","v":2828},{"$f":"ROUND(IF(DESONERACAO=\"sim\",REFERENCIA.Desonerado,REFERENCIA.NaoDesonerado),2)","v":26.53},0.25,null,43.7,null,null,1449.09,33.159999999999997]
["S",2,"S",0,{"$f":"IF($C67=1,OFFSET(E67,-1,0)+MAX(1,COUNTIF(QCI!$A$13:$A$41,OFFSET(ORÇAMENTO!E67,-1,0))),OFFSET(E67,-1,0))","v":4},3,0,0,2,0,{"$f":"IF(OR($C67=\"S\",$C67=0),0,MATCH(OFFSET($D67,0,$C67)+IF($C67<>1,1,COUNTIF(QCI!$A$13:$A$41,ORÇAMENTO!E67)),OFFSET($D67,1,$C67,ROW($C$744)-ROW($C67)),0))","v":0},"F","Serviço","Serviço","4.3.2.","SINAPI","93187","VERGA PRÉ-MOLDADA PARA PORTAS COM MAIS DE 1,5 M DE VÃO. AF_03/2016",{"$f":"REFERENCIA.Unidade","v":"M"},{"$f":"OFFSET(CÁLCULO!H$15,ROW($T67)-ROW(T$15),0)","v":8.9},{"$f":"ROUND(IF(DESONERACAO=\"sim\",REFERENCIA.Desonerado,REFERENCIA.NaoDesonerado),2)","v":70.67},"BDI 1",{"$f":"IF($C67=\"S\",ROUND(IF(TIPOORCAMENTO=\"Proposto\",ORÇAMENTO.CustoUnitario*(1+$AH67),ORÇAMENTO.PrecoUnitarioLicitado),15-13*$AF$10),0)","v":88.34},{"$f":"IF($C67=\"S\",IF(Import.TipoArredondamento<>\"TransfereGOV\",VTOTAL1,SUM(OFFSET(CÁLCULO!$AA$15,ROW($X67)-ROW($X$15),1):OFFSET(CÁLCULO!$AL$15,ROW($X67)-ROW($X$15),-1))),IF($C67=0,0,ROUND(SomaAgrup,15-13*$AF$11)))","v":786.23},"RA","RA",{"$f":"IF($C67=\"S\",IF($Z67=\"CP\",$X67,IF($Z67=\"RA\",(($X67)*QCI!$AA$3),0)),SomaAgrup)","v":28.0000103489607},0,{"$f":"IF($N67=\"\",\"\",IF(ORÇAMENTO.Descricao=\"\",\"DESCRIÇÃO\",IF(AND($C67=\"S\",ORÇAMENTO.Unidade=\"\"),\"UNIDADE\",IF($X67<0,\"VALOR NEGATIVO\",IF(OR(AND(TIPOORCAMENTO=\"Proposto\",$AG67<>\"\",$AG67>0,ORÇAMENTO.CustoUnitario>$AG67),AND(TIPOORCAMENTO=\"LICITADO\",ORÇAMENTO.PrecoUnitarioLicitado>$AN67)),\"ACIMA REF.\",\"\")))))","v":""},{"$f":"IF(C67<=CRONO.NivelExibicao,MAX($AD$15:OFFSET(AD67,-1,0))+IF($C67<>1,1,MAX(1,COUNTIF(QCI!$A$13:$A$41,OFFSET($E67,-1,0)))),\"\")","v":""},{"$f":"IF(AND($C67=\"S\",ORÇAMENTO.CodBarra<>\"\"),IF(ORÇAMENTO.Fonte=\"\",ORÇAMENTO.CodBarra,CONCATENATE(ORÇAMENTO.Fonte,\" \",ORÇAMENTO.CodBarra)))","v":"SINAPI 93187"},{"$f":"IF(ISERROR(INDIRECT(ORÇAMENTO.BancoRef)),\"(abra o arquivo 'Referência \"&Excel_BuiltIn_Database&\".xlsm)\",IF(OR($C67<>\"S\",ORÇAMENTO.CodBarra=\"\"),\"(Sem Código)\",IF(ISERROR(MATCH($AE67,INDIRECT(ORÇAMENTO.BancoRef),0)),\"(Código não identificado nas referências)\",MATCH($AE67,INDIRECT(ORÇAMENTO.BancoRef),0))))","v":2829},{"$f":"ROUND(IF(DESONERACAO=\"sim\",REFERENCIA.Desonerado,REFERENCIA.NaoDesonerado),2)","v":70.67},0.25,null,8.9,null,null,786.23,88.34]
["S",2,"S",0,{"$f":"IF($C68=1,OFFSET(E68,-1,0)+MAX(1,COUNTIF(QCI!$A$13:$A$41,OFFSET(ORÇAMENTO!E68,-1,0))),OFFSET(E68,-1,0))","v":4},3,0,0,3,0,{"$f":"IF(OR($C68=\"S\",$C68=0),0,MATCH(OFFSET($D68,0,$C68)+IF($C68<>1,1,COUNTIF(QCI!$A$13:$A$41,ORÇAMENTO!E68)),OFFSET($D68,1,$C68,ROW($C$744)-ROW($C68)),0))","v":0},"F","Serviço","Serviço","4.3.3.","SINAPI","93191","VERGA PRÉ-MOLDADA PARA JANELAS COM MAIS DE 1,5 M DE VÃO. AF_03/2016",{"$f":"REFERENCIA.Unidade","v":"M"},{"$f":"OFFSET(CÁLCULO!H$15,ROW($T68)-ROW(T$15),0)","v":9.4},{"$f":"ROUND(IF(DESONERACAO=\"sim\",REFERENCIA.Desonerado,REFERENCIA.NaoDesonerado),2)","v":73.09},"BDI 1",{"$f":"IF($C68=\"S\",ROUND(IF(TIPOORCAMENTO=\"Proposto\",ORÇAMENTO.CustoUnitario*(1+$AH68),ORÇAMENTO.PrecoUnitarioLicitado),15-13*$AF$10),0)","v":91.36},{"$f":"IF($C68=\"S\",IF(Import.TipoArredondamento<>\"TransfereGOV\",VTOTAL1,SUM(OFFSET(CÁLCULO!$AA$15,ROW($X68)-ROW($X$15),1):OFFSET(CÁLCULO!$AL$15,ROW($X68)-ROW($X$15),-1))),IF($C68=0,0,ROUND(SomaAgrup,15-13*$AF$11)))","v":858.78},"RA","RA",{"$f":"IF($C68=\"S\",IF($Z68=\"CP\",$X68,IF($Z68=\"RA\",(($X68)*QCI!$AA$3),0)),SomaAgrup)","v":30.58373362435988},0,{"$f":"IF($N68=\"\",\"\",IF(ORÇAMENTO.Descricao=\"\",\"DESCRIÇÃO\",IF(AND($C68=\"S\",ORÇAMENTO.Unidade=\"\"),\"UNIDADE\",IF($X68<0,\"VALOR NEGATIVO\",IF(OR(AND(TIPOORCAMENTO=\"Proposto\",$AG68<>\"\",$AG68>0,ORÇAMENTO.CustoUnitario>$AG68),AND(TIPOORCAMENTO=\"LICITADO\",ORÇAMENTO.PrecoUnitarioLicitado>$AN68)),\"ACIMA REF.\",\"\")))))","v":""},{"$f":"IF(C68<=CRONO.NivelExibicao,MAX($AD$15:OFFSET(AD68,-1,0))+IF($C68<>1,1,MAX(1,COUNTIF(QCI!$A$13:$A$41,OFFSET($E68,-1,0)))),\"\")","v":""},{"$f":"IF(AND($C68=\"S\",ORÇAMENTO.CodBarra<>\"\"),IF(ORÇAMENTO.Fonte=\"\",ORÇAMENTO.CodBarra,CONCATENATE(ORÇAMENTO.Fonte,\" \",ORÇAMENTO.CodBarra)))","v":"SINAPI 93191"},{"$f":"IF(ISERROR(INDIRECT(ORÇAMENTO.BancoRef)),\"(abra o arquivo 'Referência \"&Excel_BuiltIn_Database&\".xlsm)\",IF(OR($C68<>\"S\",ORÇAMENTO.CodBarra=\"\"),\"(Sem Código)\",IF(ISERROR(MATCH($AE68,INDIRECT(ORÇAMENTO.BancoRef),0)),\"(Código não identificado nas referências)\",MATCH($AE68,INDIRECT(ORÇAMENTO.BancoRef),0))))","v":2830},{"$f":"ROUND(IF(DESONERACAO=\"sim\",REFERENCIA.Desonerado,REFERENCIA.NaoDesonerado),2)","v":73.09},0.25,null,9.4,null,null,858.78,91.36]
["S",2,"S",0,{"$f":"IF($C69=1,OFFSET(E69,-1,0)+MAX(1,COUNTIF(QCI!$A$13:$A$41,OFFSET(ORÇAMENTO!E69,-1,0))),OFFSET(E69,-1,0))","v":4},3,0,0,4,0,{"$f":"IF(OR($C69=\"S\",$C69=0),0,MATCH(OFFSET($D69,0,$C69)+IF($C69<>1,1,COUNTIF(QCI!$A$13:$A$41,ORÇAMENTO!E69)),OFFSET($D69,1,$C69,ROW($C$744)-ROW($C69)),0))","v":0},"F","Serviço","Serviço","4.3.4.","SINAPI","105035","VERGA PRÉ-MOLDADA PARA JANELAS COM ATÉ 1,5 M DE VÃO. AF_03/2016",{"$f":"REFERENCIA.Unidade","v":"M"},{"$f":"OFFSET(CÁLCULO!H$15,ROW($T69)-ROW(T$15),0)","v":7},{"$f":"ROUND(IF(DESONERACAO=\"sim\",REFERENCIA.Desonerado,REFERENCIA.NaoDesonerado),2)","v":67.58},"BDI 1",{"$f":"IF($C69=\"S\",ROUND(IF(TIPOORCAMENTO=\"Proposto\",ORÇAMENTO.CustoUnitario*(1+$AH69),ORÇAMENTO.PrecoUnitarioLicitado),15-13*$AF$10),0)","v":84.48},{"$f":"IF($C69=\"S\",IF(Import.TipoArredondamento<>\"TransfereGOV\",VTOTAL1,SUM(OFFSET(CÁLCULO!$AA$15,ROW($X69)-ROW($X$15),1):OFFSET(CÁLCULO!$AL$15,ROW($X69)-ROW($X$15),-1))),IF($C69=0,0,ROUND(SomaAgrup,15-13*$AF$11)))","v":591.36},"RA","RA",{"$f":"IF($C69=\"S\",IF($Z69=\"CP\",$X69,IF($Z69=\"RA\",(($X69)*QCI!$AA$3),0)),SomaAgrup)","v":21.060104702137288},0,{"$f":"IF($N69=\"\",\"\",IF(ORÇAMENTO.Descricao=\"\",\"DESCRIÇÃO\",IF(AND($C69=\"S\",ORÇAMENTO.Unidade=\"\"),\"UNIDADE\",IF($X69<0,\"VALOR NEGATIVO\",IF(OR(AND(TIPOORCAMENTO=\"Proposto\",$AG69<>\"\",$AG69>0,ORÇAMENTO.CustoUnitario>$AG69),AND(TIPOORCAMENTO=\"LICITADO\",ORÇAMENTO.PrecoUnitarioLicitado>$AN69)),\"ACIMA REF.\",\"\")))))","v":""},{"$f":"IF(C69<=CRONO.NivelExibicao,MAX($AD$15:OFFSET(AD69,-1,0))+IF($C69<>1,1,MAX(1,COUNTIF(QCI!$A$13:$A$41,OFFSET($E69,-1,0)))),\"\")","v":""},{"$f":"IF(AND($C69=\"S\",ORÇAMENTO.CodBarra<>\"\"),IF(ORÇAMENTO.Fonte=\"\",ORÇAMENTO.CodBarra,CONCATENATE(ORÇAMENTO.Fonte,\" \",ORÇAMENTO.CodBarra)))","v":"SINAPI 105035"},{"$f":"IF(ISERROR(INDIRECT(ORÇAMENTO.BancoRef)),\"(abra o arquivo 'Referência \"&Excel_BuiltIn_Database&\".xlsm)\",IF(OR($C69<>\"S\",ORÇAMENTO.CodBarra=\"\"),\"(Sem Código)\",IF(ISERROR(MATCH($AE69,INDIRECT(ORÇAMENTO.BancoRef),0)),\"(Código não identificado nas referências)\",MATCH($AE69,INDIRECT(ORÇAMENTO.BancoRef),0))))","v":2852},{"$f":"ROUND(IF(DESONERACAO=\"sim\",REFERENCIA.Desonerado,REFERENCIA.NaoDesonerado),2)","v":67.58},0.25,null,7,null,null,591.36,84.48]
["S",2,"S",0,{"$f":"IF($C70=1,OFFSET(E70,-1,0)+MAX(1,COUNTIF(QCI!$A$13:$A$41,OFFSET(ORÇAMENTO!E70,-1,0))),OFFSET(E70,-1,0))","v":4},3,0,0,5,0,{"$f":"IF(OR($C70=\"S\",$C70=0),0,MATCH(OFFSET($D70,0,$C70)+IF($C70<>1,1,COUNTIF(QCI!$A$13:$A$41,ORÇAMENTO!E70)),OFFSET($D70,1,$C70,ROW($C$744)-ROW($C70)),0))","v":0},"F","Serviço","Serviço","4.3.5.","SINAPI","105038","CONTRAVERGA PRÉ-MOLDADA PARA VÃOS DE MAIS DE 1,5 M DE COMPRIMENTO. AF_03/2016",{"$f":"REFERENCIA.Unidade","v":"M"},{"$f":"OFFSET(CÁLCULO!H$15,ROW($T70)-ROW(T$15),0)","v":122.7},{"$f":"ROUND(IF(DESONERACAO=\"sim\",REFERENCIA.Desonerado,REFERENCIA.NaoDesonerado),2)","v":67.400000000000006},"BDI 1",{"$f":"IF($C70=\"S\",ROUND(IF(TIPOORCAMENTO=\"Proposto\",ORÇAMENTO.CustoUnitario*(1+$AH70),ORÇAMENTO.PrecoUnitarioLicitado),15-13*$AF$10),0)","v":84.25},{"$f":"IF($C70=\"S\",IF(Import.TipoArredondamento<>\"TransfereGOV\",VTOTAL1,SUM(OFFSET(CÁLCULO!$AA$15,ROW($X70)-ROW($X$15),1):OFFSET(CÁLCULO!$AL$15,ROW($X70)-ROW($X$15),-1))),IF($C70=0,0,ROUND(SomaAgrup,15-13*$AF$11)))","v":10337.48},"RA","RA",{"$f":"IF($C70=\"S\",IF($Z70=\"CP\",$X70,IF($Z70=\"RA\",(($X70)*QCI!$AA$3),0)),SomaAgrup)","v":368.14869310783644},0,{"$f":"IF($N70=\"\",\"\",IF(ORÇAMENTO.Descricao=\"\",\"DESCRIÇÃO\",IF(AND($C70=\"S\",ORÇAMENTO.Unidade=\"\"),\"UNIDADE\",IF($X70<0,\"VALOR NEGATIVO\",IF(OR(AND(TIPOORCAMENTO=\"Proposto\",$AG70<>\"\",$AG70>0,ORÇAMENTO.CustoUnitario>$AG70),AND(TIPOORCAMENTO=\"LICITADO\",ORÇAMENTO.PrecoUnitarioLicitado>$AN70)),\"ACIMA REF.\",\"\")))))","v":""},{"$f":"IF(C70<=CRONO.NivelExibicao,MAX($AD$15:OFFSET(AD70,-1,0))+IF($C70<>1,1,MAX(1,COUNTIF(QCI!$A$13:$A$41,OFFSET($E70,-1,0)))),\"\")","v":""},{"$f":"IF(AND($C70=\"S\",ORÇAMENTO.CodBarra<>\"\"),IF(ORÇAMENTO.Fonte=\"\",ORÇAMENTO.CodBarra,CONCATENATE(ORÇAMENTO.Fonte,\" \",ORÇAMENTO.CodBarra)))","v":"SINAPI 105038"},{"$f":"IF(ISERROR(INDIRECT(ORÇAMENTO.BancoRef)),\"(abra o arquivo 'Referência \"&Excel_BuiltIn_Database&\".xlsm)\",IF(OR($C70<>\"S\",ORÇAMENTO.CodBarra=\"\"),\"(Sem Código)\",IF(ISERROR(MATCH($AE70,INDIRECT(ORÇAMENTO.BancoRef),0)),\"(Código não identificado nas referências)\",MATCH($AE70,INDIRECT(ORÇAMENTO.BancoRef),0))))","v":2855},{"$f":"ROUND(IF(DESONERACAO=\"sim\",REFERENCIA.Desonerado,REFERENCIA.NaoDesonerado),2)","v":67.400000000000006},0.25,null,122.7,null,null,10337.48,84.25]
["S",2,"S",0,{"$f":"IF($C71=1,OFFSET(E71,-1,0)+MAX(1,COUNTIF(QCI!$A$13:$A$41,OFFSET(ORÇAMENTO!E71,-1,0))),OFFSET(E71,-1,0))","v":4},3,0,0,6,0,{"$f":"IF(OR($C71=\"S\",$C71=0),0,MATCH(OFFSET($D71,0,$C71)+IF($C71<>1,1,COUNTIF(QCI!$A$13:$A$41,ORÇAMENTO!E71)),OFFSET($D71,1,$C71,ROW($C$744)-ROW($C71)),0))","v":0},"F","Serviço","Serviço","4.3.6.","SINAPI","93194","CONTRAVERGA PRÉ-MOLDADA, ESPESSURA DE *20* CM. AF_03/2024",{"$f":"REFERENCIA.Unidade","v":"M"},{"$f":"OFFSET(CÁLCULO!H$15,ROW($T71)-ROW(T$15),0)","v":16.600000000000001},{"$f":"ROUND(IF(DESONERACAO=\"sim\",REFERENCIA.Desonerado,REFERENCIA.NaoDesonerado),2)","v":25.95},"BDI 1",{"$f":"IF($C71=\"S\",ROUND(IF(TIPOORCAMENTO=\"Proposto\",ORÇAMENTO.CustoUnitario*(1+$AH71),ORÇAMENTO.PrecoUnitarioLicitado),15-13*$AF$10),0)","v":32.44},{"$f":"IF($C71=\"S\",IF(Import.TipoArredondamento<>\"TransfereGOV\",VTOTAL1,SUM(OFFSET(CÁLCULO!$AA$15,ROW($X71)-ROW($X$15),1):OFFSET(CÁLCULO!$AL$15,ROW($X71)-ROW($X$15),-1))),IF($C71=0,0,ROUND(SomaAgrup,15-13*$AF$11)))","v":538.5},"RA","RA",{"$f":"IF($C71=\"S\",IF($Z71=\"CP\",$X71,IF($Z71=\"RA\",(($X71)*QCI!$AA$3),0)),SomaAgrup)","v":19.177601430771322},0,{"$f":"IF($N71=\"\",\"\",IF(ORÇAMENTO.Descricao=\"\",\"DESCRIÇÃO\",IF(AND($C71=\"S\",ORÇAMENTO.Unidade=\"\"),\"UNIDADE\",IF($X71<0,\"VALOR NEGATIVO\",IF(OR(AND(TIPOORCAMENTO=\"Proposto\",$AG71<>\"\",$AG71>0,ORÇAMENTO.CustoUnitario>$AG71),AND(TIPOORCAMENTO=\"LICITADO\",ORÇAMENTO.PrecoUnitarioLicitado>$AN71)),\"ACIMA REF.\",\"\")))))","v":""},{"$f":"IF(C71<=CRONO.NivelExibicao,MAX($AD$15:OFFSET(AD71,-1,0))+IF($C71<>1,1,MAX(1,COUNTIF(QCI!$A$13:$A$41,OFFSET($E71,-1,0)))),\"\")","v":""},{"$f":"IF(AND($C71=\"S\",ORÇAMENTO.CodBarra<>\"\"),IF(ORÇAMENTO.Fonte=\"\",ORÇAMENTO.CodBarra,CONCATENATE(ORÇAMENTO.Fonte,\" \",ORÇAMENTO.CodBarra)))","v":"SINAPI 93194"},{"$f":"IF(ISERROR(INDIRECT(ORÇAMENTO.BancoRef)),\"(abra o arquivo 'Referência \"&Excel_BuiltIn_Database&\".xlsm)\",IF(OR($C71<>\"S\",ORÇAMENTO.CodBarra=\"\"),\"(Sem Código)\",IF(ISERROR(MATCH($AE71,INDIRECT(ORÇAMENTO.BancoRef),0)),\"(Código não identificado nas referências)\",MATCH($AE71,INDIRECT(ORÇAMENTO.BancoRef),0))))","v":2831},{"$f":"ROUND(IF(DESONERACAO=\"sim\",REFERENCIA.Desonerado,REFERENCIA.NaoDesonerado),2)","v":25.95},0.25,null,16.600000000000001,null,null,538.5,32.44]
[2,2,2,9,{"$f":"IF($C72=1,OFFSET(E72,-1,0)+MAX(1,COUNTIF(QCI!$A$13:$A$41,OFFSET(ORÇAMENTO!E72,-1,0))),OFFSET(E72,-1,0))","v":4},4,0,0,0,9,{"$f":"IF(OR($C72=\"S\",$C72=0),0,MATCH(OFFSET($D72,0,$C72)+IF($C72<>1,1,COUNTIF(QCI!$A$13:$A$41,ORÇAMENTO!E72)),OFFSET($D72,1,$C72,ROW($C$744)-ROW($C72)),0))","v":73},"F","Nível 2","Nível 2","4.4.","SINAPI",null,"Concreto armado - Laje",{"$f":"REFERENCIA.Unidade","v":"-"},{"$f":"OFFSET(CÁLCULO!H$15,ROW($T72)-ROW(T$15),0)","v":0},null,"BDI 1",{"$f":"IF($C72=\"S\",ROUND(IF(TIPOORCAMENTO=\"Proposto\",ORÇAMENTO.CustoUnitario*(1+$AH72),ORÇAMENTO.PrecoUnitarioLicitado),15-13*$AF$10),0)","v":0},{"$f":"IF($C72=\"S\",IF(Import.TipoArredondamento<>\"TransfereGOV\",VTOTAL1,SUM(OFFSET(CÁLCULO!$AA$15,ROW($X72)-ROW($X$15),1):OFFSET(CÁLCULO!$AL$15,ROW($X72)-ROW($X$15),-1))),IF($C72=0,0,ROUND(SomaAgrup,15-13*$AF$11)))","v":324051.87},"RA","",{"$f":"IF($C72=\"S\",IF($Z72=\"CP\",$X72,IF($Z72=\"RA\",(($X72)*QCI!$AA$3),0)),SomaAgrup)","v":11540.459806418055},0,{"$f":"IF($N72=\"\",\"\",IF(ORÇAMENTO.Descricao=\"\",\"DESCRIÇÃO\",IF(AND($C72=\"S\",ORÇAMENTO.Unidade=\"\"),\"UNIDADE\",IF($X72<0,\"VALOR NEGATIVO\",IF(OR(AND(TIPOORCAMENTO=\"Proposto\",$AG72<>\"\",$AG72>0,ORÇAMENTO.CustoUnitario>$AG72),AND(TIPOORCAMENTO=\"LICITADO\",ORÇAMENTO.PrecoUnitarioLicitado>$AN72)),\"ACIMA REF.\",\"\")))))","v":""},{"$f":"IF(C72<=CRONO.NivelExibicao,MAX($AD$15:OFFSET(AD72,-1,0))+IF($C72<>1,1,MAX(1,COUNTIF(QCI!$A$13:$A$41,OFFSET($E72,-1,0)))),\"\")","v":12},{"$f":"IF(AND($C72=\"S\",ORÇAMENTO.CodBarra<>\"\"),IF(ORÇAMENTO.Fonte=\"\",ORÇAMENTO.CodBarra,CONCATENATE(ORÇAMENTO.Fonte,\" \",ORÇAMENTO.CodBarra)))","v":false},{"$f":"IF(ISERROR(INDIRECT(ORÇAMENTO.BancoRef)),\"(abra o arquivo 'Referência \"&Excel_BuiltIn_Database&\".xlsm)\",IF(OR($C72<>\"S\",ORÇAMENTO.CodBarra=\"\"),\"(Sem Código)\",IF(ISERROR(MATCH($AE72,INDIRECT(ORÇAMENTO.BancoRef),0)),\"(Código não identificado nas referências)\",MATCH($AE72,INDIRECT(ORÇAMENTO.BancoRef),0))))","v":"(Sem Código)"},{"$f":"ROUND(IF(DESONERACAO=\"sim\",REFERENCIA.Desonerado,REFERENCIA.NaoDesonerado),2)","v":0},0.25,null,null,null,null,324051.87,0]
["S",2,"S",0,{"$f":"IF($C73=1,OFFSET(E73,-1,0)+MAX(1,COUNTIF(QCI!$A$13:$A$41,OFFSET(ORÇAMENTO!E73,-1,0))),OFFSET(E73,-1,0))","v":4},4,0,0,1,0,{"$f":"IF(OR($C73=\"S\",$C73=0),0,MATCH(OFFSET($D73,0,$C73)+IF($C73<>1,1,COUNTIF(QCI!$A$13:$A$41,ORÇAMENTO!E73)),OFFSET($D73,1,$C73,ROW($C$744)-ROW($C73)),0))","v":0},"F","Serviço","Serviço","4.4.1.","SINAPI","92514","MONTAGEM E DESMONTAGEM DE FÔRMA DE LAJE MACIÇA, PÉ-DIREITO SIMPLES, EM CHAPA DE MADEIRA COMPENSADA RESINADA, 4 UTILIZAÇÕES. AF_09/2020",{"$f":"REFERENCIA.Unidade","v":"M2"},{"$f":"OFFSET(CÁLCULO!H$15,ROW($T73)-ROW(T$15),0)","v":37.799999999999997},{"$f":"ROUND(IF(DESONERACAO=\"sim\",REFERENCIA.Desonerado,REFERENCIA.NaoDesonerado),2)","v":56.53},"BDI 1",{"$f":"IF($C73=\"S\",ROUND(IF(TIPOORCAMENTO=\"Proposto\",ORÇAMENTO.CustoUnitario*(1+$AH73),ORÇAMENTO.PrecoUnitarioLicitado),15-13*$AF$10),0)","v":70.66},{"$f":"IF($C73=\"S\",IF(Import.TipoArredondamento<>\"TransfereGOV\",VTOTAL1,SUM(OFFSET(CÁLCULO!$AA$15,ROW($X73)-ROW($X$15),1):OFFSET(CÁLCULO!$AL$15,ROW($X73)-ROW($X$15),-1))),IF($C73=0,0,ROUND(SomaAgrup,15-13*$AF$11)))","v":2670.95},"RA","RA",{"$f":"IF($C73=\"S\",IF($Z73=\"CP\",$X73,IF($Z73=\"RA\",(($X73)*QCI!$AA$3),0)),SomaAgrup)","v":95.120546966608472},0,{"$f":"IF($N73=\"\",\"\",IF(ORÇAMENTO.Descricao=\"\",\"DESCRIÇÃO\",IF(AND($C73=\"S\",ORÇAMENTO.Unidade=\"\"),\"UNIDADE\",IF($X73<0,\"VALOR NEGATIVO\",IF(OR(AND(TIPOORCAMENTO=\"Proposto\",$AG73<>\"\",$AG73>0,ORÇAMENTO.CustoUnitario>$AG73),AND(TIPOORCAMENTO=\"LICITADO\",ORÇAMENTO.PrecoUnitarioLicitado>$AN73)),\"ACIMA REF.\",\"\")))))","v":""},{"$f":"IF(C73<=CRONO.NivelExibicao,MAX($AD$15:OFFSET(AD73,-1,0))+IF($C73<>1,1,MAX(1,COUNTIF(QCI!$A$13:$A$41,OFFSET($E73,-1,0)))),\"\")","v":""},{"$f":"IF(AND($C73=\"S\",ORÇAMENTO.CodBarra<>\"\"),IF(ORÇAMENTO.Fonte=\"\",ORÇAMENTO.CodBarra,CONCATENATE(ORÇAMENTO.Fonte,\" \",ORÇAMENTO.CodBarra)))","v":"SINAPI 92514"},{"$f":"IF(ISERROR(INDIRECT(ORÇAMENTO.BancoRef)),\"(abra o arquivo 'Referência \"&Excel_BuiltIn_Database&\".xlsm)\",IF(OR($C73<>\"S\",ORÇAMENTO.CodBarra=\"\"),\"(Sem Código)\",IF(ISERROR(MATCH($AE73,INDIRECT(ORÇAMENTO.BancoRef),0)),\"(Código não identificado nas referências)\",MATCH($AE73,INDIRECT(ORÇAMENTO.BancoRef),0))))","v":2502},{"$f":"ROUND(IF(DESONERACAO=\"sim\",REFERENCIA.Desonerado,REFERENCIA.NaoDesonerado),2)","v":56.53},0.25,null,37.799999999999997,null,null,2670.95,70.66]
["S",2,"S",0,{"$f":"IF($C74=1,OFFSET(E74,-1,0)+MAX(1,COUNTIF(QCI!$A$13:$A$41,OFFSET(ORÇAMENTO!E74,-1,0))),OFFSET(E74,-1,0))","v":4},4,0,0,2,0,{"$f":"IF(OR($C74=\"S\",$C74=0),0,MATCH(OFFSET($D74,0,$C74)+IF($C74<>1,1,COUNTIF(QCI!$A$13:$A$41,ORÇAMENTO!E74)),OFFSET($D74,1,$C74,ROW($C$744)-ROW($C74)),0))","v":0},"F","Serviço","Serviço","4.4.2.","SINAPI","92769","ARMAÇÃO DE LAJE DE ESTRUTURA CONVENCIONAL DE CONCRETO ARMADO UTILIZANDO AÇO CA-50 DE 6,3 MM - MONTAGEM. AF_06/2022",{"$f":"REFERENCIA.Unidade","v":"KG"},{"$f":"OFFSET(CÁLCULO!H$15,ROW($T74)-ROW(T$15),0)","v":13.8},{"$f":"ROUND(IF(DESONERACAO=\"sim\",REFERENCIA.Desonerado,REFERENCIA.NaoDesonerado),2)","v":13.04},"BDI 1",{"$f":"IF($C74=\"S\",ROUND(IF(TIPOORCAMENTO=\"Proposto\",ORÇAMENTO.CustoUnitario*(1+$AH74),ORÇAMENTO.PrecoUnitarioLicitado),15-13*$AF$10),0)","v":16.3},{"$f":"IF($C74=\"S\",IF(Import.TipoArredondamento<>\"TransfereGOV\",VTOTAL1,SUM(OFFSET(CÁLCULO!$AA$15,ROW($X74)-ROW($X$15),1):OFFSET(CÁLCULO!$AL$15,ROW($X74)-ROW($X$15),-1))),IF($C74=0,0,ROUND(SomaAgrup,15-13*$AF$11)))","v":224.94},"RA","RA",{"$f":"IF($C74=\"S\",IF($Z74=\"CP\",$X74,IF($Z74=\"RA\",(($X74)*QCI!$AA$3),0)),SomaAgrup)","v":8.0107886087979594},0,{"$f":"IF($N74=\"\",\"\",IF(ORÇAMENTO.Descricao=\"\",\"DESCRIÇÃO\",IF(AND($C74=\"S\",ORÇAMENTO.Unidade=\"\"),\"UNIDADE\",IF($X74<0,\"VALOR NEGATIVO\",IF(OR(AND(TIPOORCAMENTO=\"Proposto\",$AG74<>\"\",$AG74>0,ORÇAMENTO.CustoUnitario>$AG74),AND(TIPOORCAMENTO=\"LICITADO\",ORÇAMENTO.PrecoUnitarioLicitado>$AN74)),\"ACIMA REF.\",\"\")))))","v":""},{"$f":"IF(C74<=CRONO.NivelExibicao,MAX($AD$15:OFFSET(AD74,-1,0))+IF($C74<>1,1,MAX(1,COUNTIF(QCI!$A$13:$A$41,OFFSET($E74,-1,0)))),\"\")","v":""},{"$f":"IF(AND($C74=\"S\",ORÇAMENTO.CodBarra<>\"\"),IF(ORÇAMENTO.Fonte=\"\",ORÇAMENTO.CodBarra,CONCATENATE(ORÇAMENTO.Fonte,\" \",ORÇAMENTO.CodBarra)))","v":"SINAPI 92769"},{"$f":"IF(ISERROR(INDIRECT(ORÇAMENTO.BancoRef)),\"(abra o arquivo 'Referência \"&Excel_BuiltIn_Database&\".xlsm)\",IF(OR($C74<>\"S\",ORÇAMENTO.CodBarra=\"\"),\"(Sem Código)\",IF(ISERROR(MATCH($AE74,INDIRECT(ORÇAMENTO.BancoRef),0)),\"(Código não identificado nas referências)\",MATCH($AE74,INDIRECT(ORÇAMENTO.BancoRef),0))))","v":2660},{"$f":"ROUND(IF(DESONERACAO=\"sim\",REFERENCIA.Desonerado,REFERENCIA.NaoDesonerado),2)","v":13.04},0.25,null,13.8,null,null,224.94,16.3]
["S",2,"S",0,{"$f":"IF($C75=1,OFFSET(E75,-1,0)+MAX(1,COUNTIF(QCI!$A$13:$A$41,OFFSET(ORÇAMENTO!E75,-1,0))),OFFSET(E75,-1,0))","v":4},4,0,0,3,0,{"$f":"IF(OR($C75=\"S\",$C75=0),0,MATCH(OFFSET($D75,0,$C75)+IF($C75<>1,1,COUNTIF(QCI!$A$13:$A$41,ORÇAMENTO!E75)),OFFSET($D75,1,$C75,ROW($C$744)-ROW($C75)),0))","v":0},"F","Serviço","Serviço","4.4.3.","SINAPI","92770","ARMAÇÃO DE LAJE DE ESTRUTURA CONVENCIONAL DE CONCRETO ARMADO UTILIZANDO AÇO CA-50 DE 8,0 MM - MONTAGEM. AF_06/2022",{"$f":"REFERENCIA.Unidade","v":"KG"},{"$f":"OFFSET(CÁLCULO!H$15,ROW($T75)-ROW(T$15),0)","v":49.3},{"$f":"ROUND(IF(DESONERACAO=\"sim\",REFERENCIA.Desonerado,REFERENCIA.NaoDesonerado),2)","v":12.3},"BDI 1",{"$f":"IF($C75=\"S\",ROUND(IF(TIPOORCAMENTO=\"Proposto\",ORÇAMENTO.CustoUnitario*(1+$AH75),ORÇAMENTO.PrecoUnitarioLicitado),15-13*$AF$10),0)","v":15.38},{"$f":"IF($C75=\"S\",IF(Import.TipoArredondamento<>\"TransfereGOV\",VTOTAL1,SUM(OFFSET(CÁLCULO!$AA$15,ROW($X75)-ROW($X$15),1):OFFSET(CÁLCULO!$AL$15,ROW($X75)-ROW($X$15),-1))),IF($C75=0,0,ROUND(SomaAgrup,15-13*$AF$11)))","v":758.23},"RA","RA",{"$f":"IF($C75=\"S\",IF($Z75=\"CP\",$X75,IF($Z75=\"RA\",(($X75)*QCI!$AA$3),0)),SomaAgrup)","v":27.002846300564048},0,{"$f":"IF($N75=\"\",\"\",IF(ORÇAMENTO.Descricao=\"\",\"DESCRIÇÃO\",IF(AND($C75=\"S\",ORÇAMENTO.Unidade=\"\"),\"UNIDADE\",IF($X75<0,\"VALOR NEGATIVO\",IF(OR(AND(TIPOORCAMENTO=\"Proposto\",$AG75<>\"\",$AG75>0,ORÇAMENTO.CustoUnitario>$AG75),AND(TIPOORCAMENTO=\"LICITADO\",ORÇAMENTO.PrecoUnitarioLicitado>$AN75)),\"ACIMA REF.\",\"\")))))","v":""},{"$f":"IF(C75<=CRONO.NivelExibicao,MAX($AD$15:OFFSET(AD75,-1,0))+IF($C75<>1,1,MAX(1,COUNTIF(QCI!$A$13:$A$41,OFFSET($E75,-1,0)))),\"\")","v":""},{"$f":"IF(AND($C75=\"S\",ORÇAMENTO.CodBarra<>\"\"),IF(ORÇAMENTO.Fonte=\"\",ORÇAMENTO.CodBarra,CONCATENATE(ORÇAMENTO.Fonte,\" \",ORÇAMENTO.CodBarra)))","v":"SINAPI 92770"},{"$f":"IF(ISERROR(INDIRECT(ORÇAMENTO.BancoRef)),\"(abra o arquivo 'Referência \"&Excel_BuiltIn_Database&\".xlsm)\",IF(OR($C75<>\"S\",ORÇAMENTO.CodBarra=\"\"),\"(Sem Código)\",IF(ISERROR(MATCH($AE75,INDIRECT(ORÇAMENTO.BancoRef),0)),\"(Código não identificado nas referências)\",MATCH($AE75,INDIRECT(ORÇAMENTO.BancoRef),0))))","v":2661},{"$f":"ROUND(IF(DESONERACAO=\"sim\",REFERENCIA.Desonerado,REFERENCIA.NaoDesonerado),2)","v":12.3},0.25,null,49.3,null,null,758.23,15.38]
["S",2,"S",0,{"$f":"IF($C76=1,OFFSET(E76,-1,0)+MAX(1,COUNTIF(QCI!$A$13:$A$41,OFFSET(ORÇAMENTO!E76,-1,0))),OFFSET(E76,-1,0))","v":4},4,0,0,4,0,{"$f":"IF(OR($C76=\"S\",$C76=0),0,MATCH(OFFSET($D76,0,$C76)+IF($C76<>1,1,COUNTIF(QCI!$A$13:$A$41,ORÇAMENTO!E76)),OFFSET($D76,1,$C76,ROW($C$744)-ROW($C76)),0))","v":0},"F","Serviço","Serviço","4.4.4.","SINAPI","92773","ARMAÇÃO DE LAJE DE ESTRUTURA CONVENCIONAL DE CONCRETO ARMADO UTILIZANDO AÇO CA-50 DE 16,0 MM - MONTAGEM. AF_06/2022",{"$f":"REFERENCIA.Unidade","v":"KG"},{"$f":"OFFSET(CÁLCULO!H$15,ROW($T76)-ROW(T$15),0)","v":453.1},{"$f":"ROUND(IF(DESONERACAO=\"sim\",REFERENCIA.Desonerado,REFERENCIA.NaoDesonerado),2)","v":9.06},"BDI 1",{"$f":"IF($C76=\"S\",ROUND(IF(TIPOORCAMENTO=\"Proposto\",ORÇAMENTO.CustoUnitario*(1+$AH76),ORÇAMENTO.PrecoUnitarioLicitado),15-13*$AF$10),0)","v":11.33},{"$f":"IF($C76=\"S\",IF(Import.TipoArredondamento<>\"TransfereGOV\",VTOTAL1,SUM(OFFSET(CÁLCULO!$AA$15,ROW($X76)-ROW($X$15),1):OFFSET(CÁLCULO!$AL$15,ROW($X76)-ROW($X$15),-1))),IF($C76=0,0,ROUND(SomaAgrup,15-13*$AF$11)))","v":5133.62},"RA","RA",{"$f":"IF($C76=\"S\",IF($Z76=\"CP\",$X76,IF($Z76=\"RA\",(($X76)*QCI!$AA$3),0)),SomaAgrup)","v":182.82361793321499},0,{"$f":"IF($N76=\"\",\"\",IF(ORÇAMENTO.Descricao=\"\",\"DESCRIÇÃO\",IF(AND($C76=\"S\",ORÇAMENTO.Unidade=\"\"),\"UNIDADE\",IF($X76<0,\"VALOR NEGATIVO\",IF(OR(AND(TIPOORCAMENTO=\"Proposto\",$AG76<>\"\",$AG76>0,ORÇAMENTO.CustoUnitario>$AG76),AND(TIPOORCAMENTO=\"LICITADO\",ORÇAMENTO.PrecoUnitarioLicitado>$AN76)),\"ACIMA REF.\",\"\")))))","v":""},{"$f":"IF(C76<=CRONO.NivelExibicao,MAX($AD$15:OFFSET(AD76,-1,0))+IF($C76<>1,1,MAX(1,COUNTIF(QCI!$A$13:$A$41,OFFSET($E76,-1,0)))),\"\")","v":""},{"$f":"IF(AND($C76=\"S\",ORÇAMENTO.CodBarra<>\"\"),IF(ORÇAMENTO.Fonte=\"\",ORÇAMENTO.CodBarra,CONCATENATE(ORÇAMENTO.Fonte,\" \",ORÇAMENTO.CodBarra)))","v":"SINAPI 92773"},{"$f":"IF(ISERROR(INDIRECT(ORÇAMENTO.BancoRef)),\"(abra o arquivo 'Referência \"&Excel_BuiltIn_Database&\".xlsm)\",IF(OR($C76<>\"S\",ORÇAMENTO.CodBarra=\"\"),\"(Sem Código)\",IF(ISERROR(MATCH($AE76,INDIRECT(ORÇAMENTO.BancoRef),0)),\"(Código não identificado nas referências)\",MATCH($AE76,INDIRECT(ORÇAMENTO.BancoRef),0))))","v":2664},{"$f":"ROUND(IF(DESONERACAO=\"sim\",REFERENCIA.Desonerado,REFERENCIA.NaoDesonerado),2)","v":9.06},0.25,null,453.1,null,null,5133.62,11.33]
["S",2,"S",0,{"$f":"IF($C77=1,OFFSET(E77,-1,0)+MAX(1,COUNTIF(QCI!$A$13:$A$41,OFFSET(ORÇAMENTO!E77,-1,0))),OFFSET(E77,-1,0))","v":4},4,0,0,5,0,{"$f":"IF(OR($C77=\"S\",$C77=0),0,MATCH(OFFSET($D77,0,$C77)+IF($C77<>1,1,COUNTIF(QCI!$A$13:$A$41,ORÇAMENTO!E77)),OFFSET($D77,1,$C77,ROW($C$744)-ROW($C77)),0))","v":0},"F","Serviço","Serviço","4.4.5.","SINAPI","92774","ARMAÇÃO DE LAJE DE ESTRUTURA CONVENCIONAL DE CONCRETO ARMADO UTILIZANDO AÇO CA-50 DE 20,0 MM - MONTAGEM. AF_06/2022",{"$f":"REFERENCIA.Unidade","v":"KG"},{"$f":"OFFSET(CÁLCULO!H$15,ROW($T77)-ROW(T$15),0)","v":3.5},{"$f":"ROUND(IF(DESONERACAO=\"sim\",REFERENCIA.Desonerado,REFERENCIA.NaoDesonerado),2)","v":10.48},"BDI 1",{"$f":"IF($C77=\"S\",ROUND(IF(TIPOORCAMENTO=\"Proposto\",ORÇAMENTO.CustoUnitario*(1+$AH77),ORÇAMENTO.PrecoUnitarioLicitado),15-13*$AF$10),0)","v":13.1},{"$f":"IF($C77=\"S\",IF(Import.TipoArredondamento<>\"TransfereGOV\",VTOTAL1,SUM(OFFSET(CÁLCULO!$AA$15,ROW($X77)-ROW($X$15),1):OFFSET(CÁLCULO!$AL$15,ROW($X77)-ROW($X$15),-1))),IF($C77=0,0,ROUND(SomaAgrup,15-13*$AF$11)))","v":45.85},"RA","RA",{"$f":"IF($C77=\"S\",IF($Z77=\"CP\",$X77,IF($Z77=\"RA\",(($X77)*QCI!$AA$3),0)),SomaAgrup)","v":1.6328561292495174},0,{"$f":"IF($N77=\"\",\"\",IF(ORÇAMENTO.Descricao=\"\",\"DESCRIÇÃO\",IF(AND($C77=\"S\",ORÇAMENTO.Unidade=\"\"),\"UNIDADE\",IF($X77<0,\"VALOR NEGATIVO\",IF(OR(AND(TIPOORCAMENTO=\"Proposto\",$AG77<>\"\",$AG77>0,ORÇAMENTO.CustoUnitario>$AG77),AND(TIPOORCAMENTO=\"LICITADO\",ORÇAMENTO.PrecoUnitarioLicitado>$AN77)),\"ACIMA REF.\",\"\")))))","v":""},{"$f":"IF(C77<=CRONO.NivelExibicao,MAX($AD$15:OFFSET(AD77,-1,0))+IF($C77<>1,1,MAX(1,COUNTIF(QCI!$A$13:$A$41,OFFSET($E77,-1,0)))),\"\")","v":""},{"$f":"IF(AND($C77=\"S\",ORÇAMENTO.CodBarra<>\"\"),IF(ORÇAMENTO.Fonte=\"\",ORÇAMENTO.CodBarra,CONCATENATE(ORÇAMENTO.Fonte,\" \",ORÇAMENTO.CodBarra)))","v":"SINAPI 92774"},{"$f":"IF(ISERROR(INDIRECT(ORÇAMENTO.BancoRef)),\"(abra o arquivo 'Referência \"&Excel_BuiltIn_Database&\".xlsm)\",IF(OR($C77<>\"S\",ORÇAMENTO.CodBarra=\"\"),\"(Sem Código)\",IF(ISERROR(MATCH($AE77,INDIRECT(ORÇAMENTO.BancoRef),0)),\"(Código não identificado nas referências)\",MATCH($AE77,INDIRECT(ORÇAMENTO.BancoRef),0))))","v":2665},{"$f":"ROUND(IF(DESONERACAO=\"sim\",REFERENCIA.Desonerado,REFERENCIA.NaoDesonerado),2)","v":10.48},0.25,null,3.5,null,null,45.85,13.1]
["S",2,"S",0,{"$f":"IF($C78=1,OFFSET(E78,-1,0)+MAX(1,COUNTIF(QCI!$A$13:$A$41,OFFSET(ORÇAMENTO!E78,-1,0))),OFFSET(E78,-1,0))","v":4},4,0,0,6,0,{"$f":"IF(OR($C78=\"S\",$C78=0),0,MATCH(OFFSET($D78,0,$C78)+IF($C78<>1,1,COUNTIF(QCI!$A$13:$A$41,ORÇAMENTO!E78)),OFFSET($D78,1,$C78,ROW($C$744)-ROW($C78)),0))","v":0},"F","Serviço","Serviço","4.4.6.","SINAPI","92768","ARMAÇÃO DE LAJE DE ESTRUTURA CONVENCIONAL DE CONCRETO ARMADO UTILIZANDO AÇO CA-60 DE 5,0 MM - MONTAGEM. AF_06/2022",{"$f":"REFERENCIA.Unidade","v":"KG"},{"$f":"OFFSET(CÁLCULO!H$15,ROW($T78)-ROW(T$15),0)","v":0.2},{"$f":"ROUND(IF(DESONERACAO=\"sim\",REFERENCIA.Desonerado,REFERENCIA.NaoDesonerado),2)","v":13.77},"BDI 1",{"$f":"IF($C78=\"S\",ROUND(IF(TIPOORCAMENTO=\"Proposto\",ORÇAMENTO.CustoUnitario*(1+$AH78),ORÇAMENTO.PrecoUnitarioLicitado),15-13*$AF$10),0)","v":17.21},{"$f":"IF($C78=\"S\",IF(Import.TipoArredondamento<>\"TransfereGOV\",VTOTAL1,SUM(OFFSET(CÁLCULO!$AA$15,ROW($X78)-ROW($X$15),1):OFFSET(CÁLCULO!$AL$15,ROW($X78)-ROW($X$15),-1))),IF($C78=0,0,ROUND(SomaAgrup,15-13*$AF$11)))","v":3.44},"RA","RA",{"$f":"IF($C78=\"S\",IF($Z78=\"CP\",$X78,IF($Z78=\"RA\",(($X78)*QCI!$AA$3),0)),SomaAgrup)","v":0.12250872594587438},0,{"$f":"IF($N78=\"\",\"\",IF(ORÇAMENTO.Descricao=\"\",\"DESCRIÇÃO\",IF(AND($C78=\"S\",ORÇAMENTO.Unidade=\"\"),\"UNIDADE\",IF($X78<0,\"VALOR NEGATIVO\",IF(OR(AND(TIPOORCAMENTO=\"Proposto\",$AG78<>\"\",$AG78>0,ORÇAMENTO.CustoUnitario>$AG78),AND(TIPOORCAMENTO=\"LICITADO\",ORÇAMENTO.PrecoUnitarioLicitado>$AN78)),\"ACIMA REF.\",\"\")))))","v":""},{"$f":"IF(C78<=CRONO.NivelExibicao,MAX($AD$15:OFFSET(AD78,-1,0))+IF($C78<>1,1,MAX(1,COUNTIF(QCI!$A$13:$A$41,OFFSET($E78,-1,0)))),\"\")","v":""},{"$f":"IF(AND($C78=\"S\",ORÇAMENTO.CodBarra<>\"\"),IF(ORÇAMENTO.Fonte=\"\",ORÇAMENTO.CodBarra,CONCATENATE(ORÇAMENTO.Fonte,\" \",ORÇAMENTO.CodBarra)))","v":"SINAPI 92768"},{"$f":"IF(ISERROR(INDIRECT(ORÇAMENTO.BancoRef)),\"(abra o arquivo 'Referência \"&Excel_BuiltIn_Database&\".xlsm)\",IF(OR($C78<>\"S\",ORÇAMENTO.CodBarra=\"\"),\"(Sem Código)\",IF(ISERROR(MATCH($AE78,INDIRECT(ORÇAMENTO.BancoRef),0)),\"(Código não identificado nas referências)\",MATCH($AE78,INDIRECT(ORÇAMENTO.BancoRef),0))))","v":2659},{"$f":"ROUND(IF(DESONERACAO=\"sim\",REFERENCIA.Desonerado,REFERENCIA.NaoDesonerado),2)","v":13.77},0.25,null,0.2,null,null,3.44,17.21]
["S",2,"S",0,{"$f":"IF($C79=1,OFFSET(E79,-1,0)+MAX(1,COUNTIF(QCI!$A$13:$A$41,OFFSET(ORÇAMENTO!E79,-1,0))),OFFSET(E79,-1,0))","v":4},4,0,0,7,0,{"$f":"IF(OR($C79=\"S\",$C79=0),0,MATCH(OFFSET($D79,0,$C79)+IF($C79<>1,1,COUNTIF(QCI!$A$13:$A$41,ORÇAMENTO!E79)),OFFSET($D79,1,$C79,ROW($C$744)-ROW($C79)),0))","v":0},"F","Serviço","Serviço","4.4.7.","SINAPI","103675","CONCRETAGEM DE VIGAS E LAJES, FCK=25 MPA, PARA LAJES MACIÇAS OU NERVURADAS COM USO DE BOMBA - LANÇAMENTO, ADENSAMENTO E ACABAMENTO. AF_02/2022_PS",{"$f":"REFERENCIA.Unidade","v":"M3"},{"$f":"OFFSET(CÁLCULO!H$15,ROW($T79)-ROW(T$15),0)","v":7.1},{"$f":"ROUND(IF(DESONERACAO=\"sim\",REFERENCIA.Desonerado,REFERENCIA.NaoDesonerado),2)","v":707.18},"BDI 1",{"$f":"IF($C79=\"S\",ROUND(IF(TIPOORCAMENTO=\"Proposto\",ORÇAMENTO.CustoUnitario*(1+$AH79),ORÇAMENTO.PrecoUnitarioLicitado),15-13*$AF$10),0)","v":883.98},{"$f":"IF($C79=\"S\",IF(Import.TipoArredondamento<>\"TransfereGOV\",VTOTAL1,SUM(OFFSET(CÁLCULO!$AA$15,ROW($X79)-ROW($X$15),1):OFFSET(CÁLCULO!$AL$15,ROW($X79)-ROW($X$15),-1))),IF($C79=0,0,ROUND(SomaAgrup,15-13*$AF$11)))","v":6276.26},"RA","RA",{"$f":"IF($C79=\"S\",IF($Z79=\"CP\",$X79,IF($Z79=\"RA\",(($X79)*QCI!$AA$3),0)),SomaAgrup)","v":223.51645822821322},0,{"$f":"IF($N79=\"\",\"\",IF(ORÇAMENTO.Descricao=\"\",\"DESCRIÇÃO\",IF(AND($C79=\"S\",ORÇAMENTO.Unidade=\"\"),\"UNIDADE\",IF($X79<0,\"VALOR NEGATIVO\",IF(OR(AND(TIPOORCAMENTO=\"Proposto\",$AG79<>\"\",$AG79>0,ORÇAMENTO.CustoUnitario>$AG79),AND(TIPOORCAMENTO=\"LICITADO\",ORÇAMENTO.PrecoUnitarioLicitado>$AN79)),\"ACIMA REF.\",\"\")))))","v":""},{"$f":"IF(C79<=CRONO.NivelExibicao,MAX($AD$15:OFFSET(AD79,-1,0))+IF($C79<>1,1,MAX(1,COUNTIF(QCI!$A$13:$A$41,OFFSET($E79,-1,0)))),\"\")","v":""},{"$f":"IF(AND($C79=\"S\",ORÇAMENTO.CodBarra<>\"\"),IF(ORÇAMENTO.Fonte=\"\",ORÇAMENTO.CodBarra,CONCATENATE(ORÇAMENTO.Fonte,\" \",ORÇAMENTO.CodBarra)))","v":"SINAPI 103675"},{"$f":"IF(ISERROR(INDIRECT(ORÇAMENTO.BancoRef)),\"(abra o arquivo 'Referência \"&Excel_BuiltIn_Database&\".xlsm)\",IF(OR($C79<>\"S\",ORÇAMENTO.CodBarra=\"\"),\"(Sem Código)\",IF(ISERROR(MATCH($AE79,INDIRECT(ORÇAMENTO.BancoRef),0)),\"(Código não identificado nas referências)\",MATCH($AE79,INDIRECT(ORÇAMENTO.BancoRef),0))))","v":2804},{"$f":"ROUND(IF(DESONERACAO=\"sim\",REFERENCIA.Desonerado,REFERENCIA.NaoDesonerado),2)","v":707.18},0.25,null,7.1,null,null,6276.26,883.98]
["S",2,"S",0,{"$f":"IF($C80=1,OFFSET(E80,-1,0)+MAX(1,COUNTIF(QCI!$A$13:$A$41,OFFSET(ORÇAMENTO!E80,-1,0))),OFFSET(E80,-1,0))","v":4},4,0,0,8,{"$f":"IF(OR($C80=\"S\",$C80=0),0,MATCH(0,OFFSET($D80,1,$C80,ROW($C$744)-ROW($C80)),0))","v":0},{"$f":"IF(OR($C80=\"S\",$C80=0),0,MATCH(OFFSET($D80,0,$C80)+IF($C80<>1,1,COUNTIF(QCI!$A$13:$A$41,ORÇAMENTO!E80)),OFFSET($D80,1,$C80,ROW($C$744)-ROW($C80)),0))","v":0},"F","Serviço","Serviço","4.4.8.","SINAPI",101964,"LAJE PRÉ-MOLDADA UNIDIRECIONAL, BIAPOIADA, PARA FORRO, ENCHIMENTO EM CERÂM M2 ICA, VIGOTA CONVENCIONAL, ALTURA TOTAL DA LAJE (ENCHIMENTO+CAPA) = (8+3). AF_11/2020_PA",{"$f":"REFERENCIA.Unidade","v":"M2"},{"$f":"OFFSET(CÁLCULO!H$15,ROW($T80)-ROW(T$15),0)","v":1374.71},{"$f":"ROUND(IF(DESONERACAO=\"sim\",REFERENCIA.Desonerado,REFERENCIA.NaoDesonerado),2)","v":179.78},"BDI 1",{"$f":"IF($C80=\"S\",ROUND(IF(TIPOORCAMENTO=\"Proposto\",ORÇAMENTO.CustoUnitario*(1+$AH80),ORÇAMENTO.PrecoUnitarioLicitado),15-13*$AF$10),0)","v":224.73},{"$f":"IF($C80=\"S\",IF(Import.TipoArredondamento<>\"TransfereGOV\",VTOTAL1,SUM(OFFSET(CÁLCULO!$AA$15,ROW($X80)-ROW($X$15),1):OFFSET(CÁLCULO!$AL$15,ROW($X80)-ROW($X$15),-1))),IF($C80=0,0,ROUND(SomaAgrup,15-13*$AF$11)))","v":308938.58},"RA","RA",{"$f":"IF($C80=\"S\",IF($Z80=\"CP\",$X80,IF($Z80=\"RA\",(($X80)*QCI!$AA$3),0)),SomaAgrup)","v":11002.230183525462},0,{"$f":"IF($N80=\"\",\"\",IF(ORÇAMENTO.Descricao=\"\",\"DESCRIÇÃO\",IF(AND($C80=\"S\",ORÇAMENTO.Unidade=\"\"),\"UNIDADE\",IF($X80<0,\"VALOR NEGATIVO\",IF(OR(AND(TIPOORCAMENTO=\"Proposto\",$AG80<>\"\",$AG80>0,ORÇAMENTO.CustoUnitario>$AG80),AND(TIPOORCAMENTO=\"LICITADO\",ORÇAMENTO.PrecoUnitarioLicitado>$AN80)),\"ACIMA REF.\",\"\")))))","v":""},{"$f":"IF(C80<=CRONO.NivelExibicao,MAX($AD$15:OFFSET(AD80,-1,0))+IF($C80<>1,1,MAX(1,COUNTIF(QCI!$A$13:$A$41,OFFSET($E80,-1,0)))),\"\")","v":""},{"$f":"IF(AND($C80=\"S\",ORÇAMENTO.CodBarra<>\"\"),IF(ORÇAMENTO.Fonte=\"\",ORÇAMENTO.CodBarra,CONCATENATE(ORÇAMENTO.Fonte,\" \",ORÇAMENTO.CodBarra)))","v":"SINAPI 101964"},{"$f":"IF(ISERROR(INDIRECT(ORÇAMENTO.BancoRef)),\"(abra o arquivo 'Referência \"&Excel_BuiltIn_Database&\".xlsm)\",IF(OR($C80<>\"S\",ORÇAMENTO.CodBarra=\"\"),\"(Sem Código)\",IF(ISERROR(MATCH($AE80,INDIRECT(ORÇAMENTO.BancoRef),0)),\"(Código não identificado nas referências)\",MATCH($AE80,INDIRECT(ORÇAMENTO.BancoRef),0))))","v":2822},{"$f":"ROUND(IF(DESONERACAO=\"sim\",REFERENCIA.Desonerado,REFERENCIA.NaoDesonerado),2)","v":179.78},0.25,null,1374.71,null,null,308938.58,224.73]
[1,1,1,11,{"$f":"IF($C81=1,OFFSET(E81,-1,0)+MAX(1,COUNTIF(QCI!$A$13:$A$41,OFFSET(ORÇAMENTO!E81,-1,0))),OFFSET(E81,-1,0))","v":5},0,0,0,0,663,{"$f":"IF(OR($C81=\"S\",$C81=0),0,MATCH(OFFSET($D81,0,$C81)+IF($C81<>1,1,COUNTIF(QCI!$A$13:$A$41,ORÇAMENTO!E81)),OFFSET($D81,1,$C81,ROW($C$744)-ROW($C81)),0))","v":11},"F","Meta","Meta","5.","SINAPI",null,"PISO DE CONCRETO",{"$f":"REFERENCIA.Unidade","v":"-"},{"$f":"OFFSET(CÁLCULO!H$15,ROW($T81)-ROW(T$15),0)","v":0},null,"BDI 1",{"$f":"IF($C81=\"S\",ROUND(IF(TIPOORCAMENTO=\"Proposto\",ORÇAMENTO.CustoUnitario*(1+$AH81),ORÇAMENTO.PrecoUnitarioLicitado),15-13*$AF$10),0)","v":0},{"$f":"IF($C81=\"S\",IF(Import.TipoArredondamento<>\"TransfereGOV\",VTOTAL1,SUM(OFFSET(CÁLCULO!$AA$15,ROW($X81)-ROW($X$15),1):OFFSET(CÁLCULO!$AL$15,ROW($X81)-ROW($X$15),-1))),IF($C81=0,0,ROUND(SomaAgrup,15-13*$AF$11)))","v":185192.15},"RA","",{"$f":"IF($C81=\"S\",IF($Z81=\"CP\",$X81,IF($Z81=\"RA\",(($X81)*QCI!$AA$3),0)),SomaAgrup)","v":6595.2483580457147},0,{"$f":"IF($N81=\"\",\"\",IF(ORÇAMENTO.Descricao=\"\",\"DESCRIÇÃO\",IF(AND($C81=\"S\",ORÇAMENTO.Unidade=\"\"),\"UNIDADE\",IF($X81<0,\"VALOR NEGATIVO\",IF(OR(AND(TIPOORCAMENTO=\"Proposto\",$AG81<>\"\",$AG81>0,ORÇAMENTO.CustoUnitario>$AG81),AND(TIPOORCAMENTO=\"LICITADO\",ORÇAMENTO.PrecoUnitarioLicitado>$AN81)),\"ACIMA REF.\",\"\")))))","v":""},{"$f":"IF(C81<=CRONO.NivelExibicao,MAX($AD$15:OFFSET(AD81,-1,0))+IF($C81<>1,1,MAX(1,COUNTIF(QCI!$A$13:$A$41,OFFSET($E81,-1,0)))),\"\")","v":13},{"$f":"IF(AND($C81=\"S\",ORÇAMENTO.CodBarra<>\"\"),IF(ORÇAMENTO.Fonte=\"\",ORÇAMENTO.CodBarra,CONCATENATE(ORÇAMENTO.Fonte,\" \",ORÇAMENTO.CodBarra)))","v":false},{"$f":"IF(ISERROR(INDIRECT(ORÇAMENTO.BancoRef)),\"(abra o arquivo 'Referência \"&Excel_BuiltIn_Database&\".xlsm)\",IF(OR($C81<>\"S\",ORÇAMENTO.CodBarra=\"\"),\"(Sem Código)\",IF(ISERROR(MATCH($AE81,INDIRECT(ORÇAMENTO.BancoRef),0)),\"(Código não identificado nas referências)\",MATCH($AE81,INDIRECT(ORÇAMENTO.BancoRef),0))))","v":"(Sem Código)"},{"$f":"ROUND(IF(DESONERACAO=\"sim\",REFERENCIA.Desonerado,REFERENCIA.NaoDesonerado),2)","v":0},0.25,null,null,null,null,185192.15,0]
[2,2,2,5,{"$f":"IF($C82=1,OFFSET(E82,-1,0)+MAX(1,COUNTIF(QCI!$A$13:$A$41,OFFSET(ORÇAMENTO!E82,-1,0))),OFFSET(E82,-1,0))","v":5},1,0,0,0,10,{"$f":"IF(OR($C82=\"S\",$C82=0),0,MATCH(OFFSET($D82,0,$C82)+IF($C82<>1,1,COUNTIF(QCI!$A$13:$A$41,ORÇAMENTO!E82)),OFFSET($D82,1,$C82,ROW($C$744)-ROW($C82)),0))","v":5},"F","Nível 2","Nível 2","5.1.","SINAPI",null,"Pavimentação interna piso de concreto 8cm",{"$f":"REFERENCIA.Unidade","v":"-"},{"$f":"OFFSET(CÁLCULO!H$15,ROW($T82)-ROW(T$15),0)","v":0},null,"BDI 1",{"$f":"IF($C82=\"S\",ROUND(IF(TIPOORCAMENTO=\"Proposto\",ORÇAMENTO.CustoUnitario*(1+$AH82),ORÇAMENTO.PrecoUnitarioLicitado),15-13*$AF$10),0)","v":0},{"$f":"IF($C82=\"S\",IF(Import.TipoArredondamento<>\"TransfereGOV\",VTOTAL1,SUM(OFFSET(CÁLCULO!$AA$15,ROW($X82)-ROW($X$15),1):OFFSET(CÁLCULO!$AL$15,ROW($X82)-ROW($X$15),-1))),IF($C82=0,0,ROUND(SomaAgrup,15-13*$AF$11)))","v":137027.91},"RA","",{"$f":"IF($C82=\"S\",IF($Z82=\"CP\",$X82,IF($Z82=\"RA\",(($X82)*QCI!$AA$3),0)),SomaAgrup)","v":4879.9751956761447},0,{"$f":"IF($N82=\"\",\"\",IF(ORÇAMENTO.Descricao=\"\",\"DESCRIÇÃO\",IF(AND($C82=\"S\",ORÇAMENTO.Unidade=\"\"),\"UNIDADE\",IF($X82<0,\"VALOR NEGATIVO\",IF(OR(AND(TIPOORCAMENTO=\"Proposto\",$AG82<>\"\",$AG82>0,ORÇAMENTO.CustoUnitario>$AG82),AND(TIPOORCAMENTO=\"LICITADO\",ORÇAMENTO.PrecoUnitarioLicitado>$AN82)),\"ACIMA REF.\",\"\")))))","v":""},{"$f":"IF(C82<=CRONO.NivelExibicao,MAX($AD$15:OFFSET(AD82,-1,0))+IF($C82<>1,1,MAX(1,COUNTIF(QCI!$A$13:$A$41,OFFSET($E82,-1,0)))),\"\")","v":14},{"$f":"IF(AND($C82=\"S\",ORÇAMENTO.CodBarra<>\"\"),IF(ORÇAMENTO.Fonte=\"\",ORÇAMENTO.CodBarra,CONCATENATE(ORÇAMENTO.Fonte,\" \",ORÇAMENTO.CodBarra)))","v":false},{"$f":"IF(ISERROR(INDIRECT(ORÇAMENTO.BancoRef)),\"(abra o arquivo 'Referência \"&Excel_BuiltIn_Database&\".xlsm)\",IF(OR($C82<>\"S\",ORÇAMENTO.CodBarra=\"\"),\"(Sem Código)\",IF(ISERROR(MATCH($AE82,INDIRECT(ORÇAMENTO.BancoRef),0)),\"(Código não identificado nas referências)\",MATCH($AE82,INDIRECT(ORÇAMENTO.BancoRef),0))))","v":"(Sem Código)"},{"$f":"ROUND(IF(DESONERACAO=\"sim\",REFERENCIA.Desonerado,REFERENCIA.NaoDesonerado),2)","v":0},0.25,null,null,null,null,137027.91,0]
["S",2,"S",0,{"$f":"IF($C83=1,OFFSET(E83,-1,0)+MAX(1,COUNTIF(QCI!$A$13:$A$41,OFFSET(ORÇAMENTO!E83,-1,0))),OFFSET(E83,-1,0))","v":5},1,0,0,1,0,{"$f":"IF(OR($C83=\"S\",$C83=0),0,MATCH(OFFSET($D83,0,$C83)+IF($C83<>1,1,COUNTIF(QCI!$A$13:$A$41,ORÇAMENTO!E83)),OFFSET($D83,1,$C83,ROW($C$744)-ROW($C83)),0))","v":0},"F","Serviço","Serviço","5.1.1.","SINAPI","97083","COMPACTAÇÃO MECÂNICA DE SOLO PARA EXECUÇÃO DE RADIER, PISO DE CONCRETO OU LAJE SOBRE SOLO, COM COMPACTADOR DE SOLOS A PERCUSSÃO. AF_09/2021",{"$f":"REFERENCIA.Unidade","v":"M2"},{"$f":"OFFSET(CÁLCULO!H$15,ROW($T83)-ROW(T$15),0)","v":1394.71},{"$f":"ROUND(IF(DESONERACAO=\"sim\",REFERENCIA.Desonerado,REFERENCIA.NaoDesonerado),2)","v":3.49},"BDI 1",{"$f":"IF($C83=\"S\",ROUND(IF(TIPOORCAMENTO=\"Proposto\",ORÇAMENTO.CustoUnitario*(1+$AH83),ORÇAMENTO.PrecoUnitarioLicitado),15-13*$AF$10),0)","v":4.3600000000000003},{"$f":"IF($C83=\"S\",IF(Import.TipoArredondamento<>\"TransfereGOV\",VTOTAL1,SUM(OFFSET(CÁLCULO!$AA$15,ROW($X83)-ROW($X$15),1):OFFSET(CÁLCULO!$AL$15,ROW($X83)-ROW($X$15),-1))),IF($C83=0,0,ROUND(SomaAgrup,15-13*$AF$11)))","v":6080.94},"RA","RA",{"$f":"IF($C83=\"S\",IF($Z83=\"CP\",$X83,IF($Z83=\"RA\",(($X83)*QCI!$AA$3),0)),SomaAgrup)","v":216.560526730612},0,{"$f":"IF($N83=\"\",\"\",IF(ORÇAMENTO.Descricao=\"\",\"DESCRIÇÃO\",IF(AND($C83=\"S\",ORÇAMENTO.Unidade=\"\"),\"UNIDADE\",IF($X83<0,\"VALOR NEGATIVO\",IF(OR(AND(TIPOORCAMENTO=\"Proposto\",$AG83<>\"\",$AG83>0,ORÇAMENTO.CustoUnitario>$AG83),AND(TIPOORCAMENTO=\"LICITADO\",ORÇAMENTO.PrecoUnitarioLicitado>$AN83)),\"ACIMA REF.\",\"\")))))","v":""},{"$f":"IF(C83<=CRONO.NivelExibicao,MAX($AD$15:OFFSET(AD83,-1,0))+IF($C83<>1,1,MAX(1,COUNTIF(QCI!$A$13:$A$41,OFFSET($E83,-1,0)))),\"\")","v":""},{"$f":"IF(AND($C83=\"S\",ORÇAMENTO.CodBarra<>\"\"),IF(ORÇAMENTO.Fonte=\"\",ORÇAMENTO.CodBarra,CONCATENATE(ORÇAMENTO.Fonte,\" \",ORÇAMENTO.CodBarra)))","v":"SINAPI 97083"},{"$f":"IF(ISERROR(INDIRECT(ORÇAMENTO.BancoRef)),\"(abra o arquivo 'Referência \"&Excel_BuiltIn_Database&\".xlsm)\",IF(OR($C83<>\"S\",ORÇAMENTO.CodBarra=\"\"),\"(Sem Código)\",IF(ISERROR(MATCH($AE83,INDIRECT(ORÇAMENTO.BancoRef),0)),\"(Código não identificado nas referências)\",MATCH($AE83,INDIRECT(ORÇAMENTO.BancoRef),0))))","v":2394},{"$f":"ROUND(IF(DESONERACAO=\"sim\",REFERENCIA.Desonerado,REFERENCIA.NaoDesonerado),2)","v":3.49},0.25,null,1394.71,null,null,6080.94,4.3600000000000003]
["S",2,"S",0,{"$f":"IF($C84=1,OFFSET(E84,-1,0)+MAX(1,COUNTIF(QCI!$A$13:$A$41,OFFSET(ORÇAMENTO!E84,-1,0))),OFFSET(E84,-1,0))","v":5},1,0,0,2,0,{"$f":"IF(OR($C84=\"S\",$C84=0),0,MATCH(OFFSET($D84,0,$C84)+IF($C84<>1,1,COUNTIF(QCI!$A$13:$A$41,ORÇAMENTO!E84)),OFFSET($D84,1,$C84,ROW($C$744)-ROW($C84)),0))","v":0},"F","Serviço","Serviço","5.1.2.","SINAPI","96622","LASTRO COM MATERIAL GRANULAR, APLICADO EM PISOS OU LAJES SOBRE SOLO, ESPESSURA DE *5 CM*. AF_01/2024",{"$f":"REFERENCIA.Unidade","v":"M3"},{"$f":"OFFSET(CÁLCULO!H$15,ROW($T84)-ROW(T$15),0)","v":69.739999999999995},{"$f":"ROUND(IF(DESONERACAO=\"sim\",REFERENCIA.Desonerado,REFERENCIA.NaoDesonerado),2)","v":193.67},"BDI 1",{"$f":"IF($C84=\"S\",ROUND(IF(TIPOORCAMENTO=\"Proposto\",ORÇAMENTO.CustoUnitario*(1+$AH84),ORÇAMENTO.PrecoUnitarioLicitado),15-13*$AF$10),0)","v":242.09},{"$f":"IF($C84=\"S\",IF(Import.TipoArredondamento<>\"TransfereGOV\",VTOTAL1,SUM(OFFSET(CÁLCULO!$AA$15,ROW($X84)-ROW($X$15),1):OFFSET(CÁLCULO!$AL$15,ROW($X84)-ROW($X$15),-1))),IF($C84=0,0,ROUND(SomaAgrup,15-13*$AF$11)))","v":16883.36},"RA","RA",{"$f":"IF($C84=\"S\",IF($Z84=\"CP\",$X84,IF($Z84=\"RA\",(($X84)*QCI!$AA$3),0)),SomaAgrup)","v":601.26712886207486},0,{"$f":"IF($N84=\"\",\"\",IF(ORÇAMENTO.Descricao=\"\",\"DESCRIÇÃO\",IF(AND($C84=\"S\",ORÇAMENTO.Unidade=\"\"),\"UNIDADE\",IF($X84<0,\"VALOR NEGATIVO\",IF(OR(AND(TIPOORCAMENTO=\"Proposto\",$AG84<>\"\",$AG84>0,ORÇAMENTO.CustoUnitario>$AG84),AND(TIPOORCAMENTO=\"LICITADO\",ORÇAMENTO.PrecoUnitarioLicitado>$AN84)),\"ACIMA REF.\",\"\")))))","v":""},{"$f":"IF(C84<=CRONO.NivelExibicao,MAX($AD$15:OFFSET(AD84,-1,0))+IF($C84<>1,1,MAX(1,COUNTIF(QCI!$A$13:$A$41,OFFSET($E84,-1,0)))),\"\")","v":""},{"$f":"IF(AND($C84=\"S\",ORÇAMENTO.CodBarra<>\"\"),IF(ORÇAMENTO.Fonte=\"\",ORÇAMENTO.CodBarra,CONCATENATE(ORÇAMENTO.Fonte,\" \",ORÇAMENTO.CodBarra)))","v":"SINAPI 96622"},{"$f":"IF(ISERROR(INDIRECT(ORÇAMENTO.BancoRef)),\"(abra o arquivo 'Referência \"&Excel_BuiltIn_Database&\".xlsm)\",IF(OR($C84<>\"S\",ORÇAMENTO.CodBarra=\"\"),\"(Sem Código)\",IF(ISERROR(MATCH($AE84,INDIRECT(ORÇAMENTO.BancoRef),0)),\"(Código não identificado nas referências)\",MATCH($AE84,INDIRECT(ORÇAMENTO.BancoRef),0))))","v":2390},{"$f":"ROUND(IF(DESONERACAO=\"sim\",REFERENCIA.Desonerado,REFERENCIA.NaoDesonerado),2)","v":193.67},0.25,null,69.739999999999995,null,null,{"$f":"$X84","v":16883.36},242.09]
["S",2,"S",0,{"$f":"IF($C85=1,OFFSET(E85,-1,0)+MAX(1,COUNTIF(QCI!$A$13:$A$41,OFFSET(ORÇAMENTO!E85,-1,0))),OFFSET(E85,-1,0))","v":5},1,0,0,3,0,{"$f":"IF(OR($C85=\"S\",$C85=0),0,MATCH(OFFSET($D85,0,$C85)+IF($C85<>1,1,COUNTIF(QCI!$A$13:$A$41,ORÇAMENTO!E85)),OFFSET($D85,1,$C85,ROW($C$744)-ROW($C85)),0))","v":0},"F","Serviço","Serviço","5.1.3.","SINAPI","97087","CAMADA SEPARADORA PARA EXECUÇÃO DE RADIER, PISO DE CONCRETO OU LAJE SOBRE SOLO, EM LONA PLÁSTICA. AF_09/2021",{"$f":"REFERENCIA.Unidade","v":"M2"},{"$f":"OFFSET(CÁLCULO!H$15,ROW($T85)-ROW(T$15),0)","v":1394.71},{"$f":"ROUND(IF(DESONERACAO=\"sim\",REFERENCIA.Desonerado,REFERENCIA.NaoDesonerado),2)","v":3.25},"BDI 1",{"$f":"IF($C85=\"S\",ROUND(IF(TIPOORCAMENTO=\"Proposto\",ORÇAMENTO.CustoUnitario*(1+$AH85),ORÇAMENTO.PrecoUnitarioLicitado),15-13*$AF$10),0)","v":4.0599999999999996},{"$f":"IF($C85=\"S\",IF(Import.TipoArredondamento<>\"TransfereGOV\",VTOTAL1,SUM(OFFSET(CÁLCULO!$AA$15,ROW($X85)-ROW($X$15),1):OFFSET(CÁLCULO!$AL$15,ROW($X85)-ROW($X$15),-1))),IF($C85=0,0,ROUND(SomaAgrup,15-13*$AF$11)))","v":5662.52},"RA","RA",{"$f":"IF($C85=\"S\",IF($Z85=\"CP\",$X85,IF($Z85=\"RA\",(($X85)*QCI!$AA$3),0)),SomaAgrup)","v":201.6593345473932},0,{"$f":"IF($N85=\"\",\"\",IF(ORÇAMENTO.Descricao=\"\",\"DESCRIÇÃO\",IF(AND($C85=\"S\",ORÇAMENTO.Unidade=\"\"),\"UNIDADE\",IF($X85<0,\"VALOR NEGATIVO\",IF(OR(AND(TIPOORCAMENTO=\"Proposto\",$AG85<>\"\",$AG85>0,ORÇAMENTO.CustoUnitario>$AG85),AND(TIPOORCAMENTO=\"LICITADO\",ORÇAMENTO.PrecoUnitarioLicitado>$AN85)),\"ACIMA REF.\",\"\")))))","v":""},{"$f":"IF(C85<=CRONO.NivelExibicao,MAX($AD$15:OFFSET(AD85,-1,0))+IF($C85<>1,1,MAX(1,COUNTIF(QCI!$A$13:$A$41,OFFSET($E85,-1,0)))),\"\")","v":""},{"$f":"IF(AND($C85=\"S\",ORÇAMENTO.CodBarra<>\"\"),IF(ORÇAMENTO.Fonte=\"\",ORÇAMENTO.CodBarra,CONCATENATE(ORÇAMENTO.Fonte,\" \",ORÇAMENTO.CodBarra)))","v":"SINAPI 97087"},{"$f":"IF(ISERROR(INDIRECT(ORÇAMENTO.BancoRef)),\"(abra o arquivo 'Referência \"&Excel_BuiltIn_Database&\".xlsm)\",IF(OR($C85<>\"S\",ORÇAMENTO.CodBarra=\"\"),\"(Sem Código)\",IF(ISERROR(MATCH($AE85,INDIRECT(ORÇAMENTO.BancoRef),0)),\"(Código não identificado nas referências)\",MATCH($AE85,INDIRECT(ORÇAMENTO.BancoRef),0))))","v":2397},{"$f":"ROUND(IF(DESONERACAO=\"sim\",REFERENCIA.Desonerado,REFERENCIA.NaoDesonerado),2)","v":3.25},0.25,null,1394.71,null,null,5662.52,4.0599999999999996]
[{"$f":"CHOOSE(1+LOG(1+2*(ORÇAMENTO.Nivel=\"Meta\")+4*(ORÇAMENTO.Nivel=\"Nível 2\")+8*(ORÇAMENTO.Nivel=\"Nível 3\")+16*(ORÇAMENTO.Nivel=\"Nível 4\")+32*(ORÇAMENTO.Nivel=\"Serviço\"),2),0,1,2,3,4,\"S\")","v":"S"},{"$f":"IF(OR(C86=\"s\",C86=0),OFFSET(B86,-1,0),C86)","v":2},{"$f":"IF(OFFSET(C86,-1,0)=\"L\",1,IF(OFFSET(C86,-1,0)=1,2,IF(OR(A86=\"s\",A86=0),\"S\",IF(AND(OFFSET(C86,-1,0)=2,A86=4),3,IF(AND(OR(OFFSET(C86,-1,0)=\"s\",OFFSET(C86,-1,0)=0),A86<>\"s\",A86>OFFSET(B86,-1,0)),OFFSET(B86,-1,0),A86)))))","v":"S"},{"$f":"IF(OR(C86=\"S\",C86=0),0,IF(ISERROR(K86),J86,SMALL(J86:K86,1)))","v":0},{"$f":"IF($C86=1,OFFSET(E86,-1,0)+MAX(1,COUNTIF(QCI!$A$13:$A$41,OFFSET(ORÇAMENTO!E86,-1,0))),OFFSET(E86,-1,0))","v":5},{"$f":"IF($C86=1,0,IF($C86=2,OFFSET(F86,-1,0)+1,OFFSET(F86,-1,0)))","v":1},{"$f":"IF(AND($C86<=2,$C86<>0),0,IF($C86=3,OFFSET(G86,-1,0)+1,OFFSET(G86,-1,0)))","v":0},{"$f":"IF(AND($C86<=3,$C86<>0),0,IF($C86=4,OFFSET(H86,-1,0)+1,OFFSET(H86,-1,0)))","v":0},{"$f":"IF(AND($C86<=4,$C86<>0),0,IF(AND($C86=\"S\",$X86>0),OFFSET(I86,-1,0)+1,OFFSET(I86,-1,0)))","v":4},0,{"$f":"IF(OR($C86=\"S\",$C86=0),0,MATCH(OFFSET($D86,0,$C86)+IF($C86<>1,1,COUNTIF(QCI!$A$13:$A$41,ORÇAMENTO!E86)),OFFSET($D86,1,$C86,ROW($C$744)-ROW($C86)),0))","v":0},{"$f":"IF(OR($X86>0,$C86=1,$C86=2,$C86=3,$C86=4),\"F\",\"\")","v":"F"},"Serviço",{"$f":"CHOOSE(1+LOG(1+2*(C86=1)+4*(C86=2)+8*(C86=3)+16*(C86=4)+32*(C86=\"S\"),2),\"\",\"Meta\",\"Nível 2\",\"Nível 3\",\"Nível 4\",\"Serviço\")","v":"Serviço"},{"$f":"IF(OR($C86=0,$L86=\"\"),\"-\",CONCATENATE(E86&\".\",IF(AND($A$5>=2,$C86>=2),F86&\".\",\"\"),IF(AND($A$5>=3,$C86>=3),G86&\".\",\"\"),IF(AND($A$5>=4,$C86>=4),H86&\".\",\"\"),IF($C86=\"S\",I86&\".\",\"\")))","v":"5.1.4."},"SINAPI","94991","EXECUÇÃO DE PASSEIO (CALÇADA) OU PISO DE CONCRETO COM CONCRETO MOLDADO IN LOCO, USINADO C20, ACABAMENTO CONVENCIONAL, NÃO ARMADO. AF_08/2022",{"$f":"REFERENCIA.Unidade","v":"M3"},{"$f":"OFFSET(CÁLCULO!H$15,ROW($T86)-ROW(T$15),0)","v":111.58},{"$f":"ROUND(IF(DESONERACAO=\"sim\",REFERENCIA.Desonerado,REFERENCIA.NaoDesonerado),2)","v":777.21},"BDI 1",{"$f":"IF($C86=\"S\",ROUND(IF(TIPOORCAMENTO=\"Proposto\",ORÇAMENTO.CustoUnitario*(1+$AH86),ORÇAMENTO.PrecoUnitarioLicitado),15-13*$AF$10),0)","v":971.51},{"$f":"IF($C86=\"S\",IF(Import.TipoArredondamento<>\"TransfereGOV\",VTOTAL1,SUM(OFFSET(CÁLCULO!$AA$15,ROW($X86)-ROW($X$15),1):OFFSET(CÁLCULO!$AL$15,ROW($X86)-ROW($X$15),-1))),IF($C86=0,0,ROUND(SomaAgrup,15-13*$AF$11)))","v":108401.09},"RA",{"$f":"IF(AND($C86=\"S\",$X86>0),IF(ISBLANK($Y86),\"RA\",LEFT($Y86,2)),\"\")","v":"RA"},{"$f":"IF($C86=\"S\",IF($Z86=\"CP\",$X86,IF($Z86=\"RA\",(($X86)*QCI!$AA$3),0)),SomaAgrup)","v":3860.4882055360649},{"$f":"IF($C86=\"S\",IF($Z86=\"OU\",ROUND($X86,2),0),SomaAgrup)","v":0},{"$f":"IF($N86=\"\",\"\",IF(ORÇAMENTO.Descricao=\"\",\"DESCRIÇÃO\",IF(AND($C86=\"S\",ORÇAMENTO.Unidade=\"\"),\"UNIDADE\",IF($X86<0,\"VALOR NEGATIVO\",IF(OR(AND(TIPOORCAMENTO=\"Proposto\",$AG86<>\"\",$AG86>0,ORÇAMENTO.CustoUnitario>$AG86),AND(TIPOORCAMENTO=\"LICITADO\",ORÇAMENTO.PrecoUnitarioLicitado>$AN86)),\"ACIMA REF.\",\"\")))))","v":""},{"$f":"IF(C86<=CRONO.NivelExibicao,MAX($AD$15:OFFSET(AD86,-1,0))+IF($C86<>1,1,MAX(1,COUNTIF(QCI!$A$13:$A$41,OFFSET($E86,-1,0)))),\"\")","v":""},{"$f":"IF(AND($C86=\"S\",ORÇAMENTO.CodBarra<>\"\"),IF(ORÇAMENTO.Fonte=\"\",ORÇAMENTO.CodBarra,CONCATENATE(ORÇAMENTO.Fonte,\" \",ORÇAMENTO.CodBarra)))","v":"SINAPI 94991"},{"$f":"IF(ISERROR(INDIRECT(ORÇAMENTO.BancoRef)),\"(abra o arquivo 'Referência \"&Excel_BuiltIn_Database&\".xlsm)\",IF(OR($C86<>\"S\",ORÇAMENTO.CodBarra=\"\"),\"(Sem Código)\",IF(ISERROR(MATCH($AE86,INDIRECT(ORÇAMENTO.BancoRef),0)),\"(Código não identificado nas referências)\",MATCH($AE86,INDIRECT(ORÇAMENTO.BancoRef),0))))","v":6557},{"$f":"ROUND(IF(DESONERACAO=\"sim\",REFERENCIA.Desonerado,REFERENCIA.NaoDesonerado),2)","v":777.21},{"$f":"ROUND(IF(ISNUMBER(ORÇAMENTO.OpcaoBDI),ORÇAMENTO.OpcaoBDI,IF(LEFT(ORÇAMENTO.OpcaoBDI,3)=\"BDI\",HLOOKUP(ORÇAMENTO.OpcaoBDI,$F$4:$H$5,2,FALSE),0)),15-11*$AF$9)","v":0.25},null,111.58,null,null,{"$f":"$X86","v":108401.09},{"$f":"ROUND(ORÇAMENTO.CustoUnitario*(1+$AH86),2)","v":971.51}]
[2,2,2,5,{"$f":"IF($C87=1,OFFSET(E87,-1,0)+MAX(1,COUNTIF(QCI!$A$13:$A$41,OFFSET(ORÇAMENTO!E87,-1,0))),OFFSET(E87,-1,0))","v":5},2,0,0,0,5,{"$f":"IF(OR($C87=\"S\",$C87=0),0,MATCH(OFFSET($D87,0,$C87)+IF($C87<>1,1,COUNTIF(QCI!$A$13:$A$41,ORÇAMENTO!E87)),OFFSET($D87,1,$C87,ROW($C$744)-ROW($C87)),0))","v":15},"F","Nível 2","Nível 2","5.2.","SINAPI",null,"Pavimentação externa - calçada de piso de concreto 7cm",{"$f":"REFERENCIA.Unidade","v":"-"},{"$f":"OFFSET(CÁLCULO!H$15,ROW($T87)-ROW(T$15),0)","v":0},null,"BDI 1",{"$f":"IF($C87=\"S\",ROUND(IF(TIPOORCAMENTO=\"Proposto\",ORÇAMENTO.CustoUnitario*(1+$AH87),ORÇAMENTO.PrecoUnitarioLicitado),15-13*$AF$10),0)","v":0},{"$f":"IF($C87=\"S\",IF(Import.TipoArredondamento<>\"TransfereGOV\",VTOTAL1,SUM(OFFSET(CÁLCULO!$AA$15,ROW($X87)-ROW($X$15),1):OFFSET(CÁLCULO!$AL$15,ROW($X87)-ROW($X$15),-1))),IF($C87=0,0,ROUND(SomaAgrup,15-13*$AF$11)))","v":48164.24},"RA","",{"$f":"IF($C87=\"S\",IF($Z87=\"CP\",$X87,IF($Z87=\"RA\",(($X87)*QCI!$AA$3),0)),SomaAgrup)","v":1715.2731623695699},0,{"$f":"IF($N87=\"\",\"\",IF(ORÇAMENTO.Descricao=\"\",\"DESCRIÇÃO\",IF(AND($C87=\"S\",ORÇAMENTO.Unidade=\"\"),\"UNIDADE\",IF($X87<0,\"VALOR NEGATIVO\",IF(OR(AND(TIPOORCAMENTO=\"Proposto\",$AG87<>\"\",$AG87>0,ORÇAMENTO.CustoUnitario>$AG87),AND(TIPOORCAMENTO=\"LICITADO\",ORÇAMENTO.PrecoUnitarioLicitado>$AN87)),\"ACIMA REF.\",\"\")))))","v":""},{"$f":"IF(C87<=CRONO.NivelExibicao,MAX($AD$15:OFFSET(AD87,-1,0))+IF($C87<>1,1,MAX(1,COUNTIF(QCI!$A$13:$A$41,OFFSET($E87,-1,0)))),\"\")","v":15},{"$f":"IF(AND($C87=\"S\",ORÇAMENTO.CodBarra<>\"\"),IF(ORÇAMENTO.Fonte=\"\",ORÇAMENTO.CodBarra,CONCATENATE(ORÇAMENTO.Fonte,\" \",ORÇAMENTO.CodBarra)))","v":false},{"$f":"IF(ISERROR(INDIRECT(ORÇAMENTO.BancoRef)),\"(abra o arquivo 'Referência \"&Excel_BuiltIn_Database&\".xlsm)\",IF(OR($C87<>\"S\",ORÇAMENTO.CodBarra=\"\"),\"(Sem Código)\",IF(ISERROR(MATCH($AE87,INDIRECT(ORÇAMENTO.BancoRef),0)),\"(Código não identificado nas referências)\",MATCH($AE87,INDIRECT(ORÇAMENTO.BancoRef),0))))","v":"(Sem Código)"},{"$f":"ROUND(IF(DESONERACAO=\"sim\",REFERENCIA.Desonerado,REFERENCIA.NaoDesonerado),2)","v":0},0.25,null,null,null,null,48164.24,0]
["S",2,"S",0,{"$f":"IF($C88=1,OFFSET(E88,-1,0)+MAX(1,COUNTIF(QCI!$A$13:$A$41,OFFSET(ORÇAMENTO!E88,-1,0))),OFFSET(E88,-1,0))","v":5},2,0,0,1,0,{"$f":"IF(OR($C88=\"S\",$C88=0),0,MATCH(OFFSET($D88,0,$C88)+IF($C88<>1,1,COUNTIF(QCI!$A$13:$A$41,ORÇAMENTO!E88)),OFFSET($D88,1,$C88,ROW($C$744)-ROW($C88)),0))","v":0},"F","Serviço","Serviço","5.2.1.","SINAPI","97083","COMPACTAÇÃO MECÂNICA DE SOLO PARA EXECUÇÃO DE RADIER, PISO DE CONCRETO OU LAJE SOBRE SOLO, COM COMPACTADOR DE SOLOS A PERCUSSÃO. AF_09/2021",{"$f":"REFERENCIA.Unidade","v":"M2"},{"$f":"OFFSET(CÁLCULO!H$15,ROW($T88)-ROW(T$15),0)","v":490.26},{"$f":"ROUND(IF(DESONERACAO=\"sim\",REFERENCIA.Desonerado,REFERENCIA.NaoDesonerado),2)","v":3.49},"BDI 1",{"$f":"IF($C88=\"S\",ROUND(IF(TIPOORCAMENTO=\"Proposto\",ORÇAMENTO.CustoUnitario*(1+$AH88),ORÇAMENTO.PrecoUnitarioLicitado),15-13*$AF$10),0)","v":4.3600000000000003},{"$f":"IF($C88=\"S\",IF(Import.TipoArredondamento<>\"TransfereGOV\",VTOTAL1,SUM(OFFSET(CÁLCULO!$AA$15,ROW($X88)-ROW($X$15),1):OFFSET(CÁLCULO!$AL$15,ROW($X88)-ROW($X$15),-1))),IF($C88=0,0,ROUND(SomaAgrup,15-13*$AF$11)))","v":2137.5300000000002},"RA","RA",{"$f":"IF($C88=\"S\",IF($Z88=\"CP\",$X88,IF($Z88=\"RA\",(($X88)*QCI!$AA$3),0)),SomaAgrup)","v":76.123859584617691},0,{"$f":"IF($N88=\"\",\"\",IF(ORÇAMENTO.Descricao=\"\",\"DESCRIÇÃO\",IF(AND($C88=\"S\",ORÇAMENTO.Unidade=\"\"),\"UNIDADE\",IF($X88<0,\"VALOR NEGATIVO\",IF(OR(AND(TIPOORCAMENTO=\"Proposto\",$AG88<>\"\",$AG88>0,ORÇAMENTO.CustoUnitario>$AG88),AND(TIPOORCAMENTO=\"LICITADO\",ORÇAMENTO.PrecoUnitarioLicitado>$AN88)),\"ACIMA REF.\",\"\")))))","v":""},{"$f":"IF(C88<=CRONO.NivelExibicao,MAX($AD$15:OFFSET(AD88,-1,0))+IF($C88<>1,1,MAX(1,COUNTIF(QCI!$A$13:$A$41,OFFSET($E88,-1,0)))),\"\")","v":""},{"$f":"IF(AND($C88=\"S\",ORÇAMENTO.CodBarra<>\"\"),IF(ORÇAMENTO.Fonte=\"\",ORÇAMENTO.CodBarra,CONCATENATE(ORÇAMENTO.Fonte,\" \",ORÇAMENTO.CodBarra)))","v":"SINAPI 97083"},{"$f":"IF(ISERROR(INDIRECT(ORÇAMENTO.BancoRef)),\"(abra o arquivo 'Referência \"&Excel_BuiltIn_Database&\".xlsm)\",IF(OR($C88<>\"S\",ORÇAMENTO.CodBarra=\"\"),\"(Sem Código)\",IF(ISERROR(MATCH($AE88,INDIRECT(ORÇAMENTO.BancoRef),0)),\"(Código não identificado nas referências)\",MATCH($AE88,INDIRECT(ORÇAMENTO.BancoRef),0))))","v":2394},{"$f":"ROUND(IF(DESONERACAO=\"sim\",REFERENCIA.Desonerado,REFERENCIA.NaoDesonerado),2)","v":3.49},0.25,null,490.26,null,null,2137.5300000000002,4.3600000000000003]
["S",2,"S",0,{"$f":"IF($C89=1,OFFSET(E89,-1,0)+MAX(1,COUNTIF(QCI!$A$13:$A$41,OFFSET(ORÇAMENTO!E89,-1,0))),OFFSET(E89,-1,0))","v":5},2,0,0,2,0,{"$f":"IF(OR($C89=\"S\",$C89=0),0,MATCH(OFFSET($D89,0,$C89)+IF($C89<>1,1,COUNTIF(QCI!$A$13:$A$41,ORÇAMENTO!E89)),OFFSET($D89,1,$C89,ROW($C$744)-ROW($C89)),0))","v":0},"F","Serviço","Serviço","5.2.2.","SINAPI","96622","LASTRO COM MATERIAL GRANULAR, APLICADO EM PISOS OU LAJES SOBRE SOLO, ESPESSURA DE *5 CM*. AF_01/2024",{"$f":"REFERENCIA.Unidade","v":"M3"},{"$f":"OFFSET(CÁLCULO!H$15,ROW($T89)-ROW(T$15),0)","v":24.51},{"$f":"ROUND(IF(DESONERACAO=\"sim\",REFERENCIA.Desonerado,REFERENCIA.NaoDesonerado),2)","v":193.67},"BDI 1",{"$f":"IF($C89=\"S\",ROUND(IF(TIPOORCAMENTO=\"Proposto\",ORÇAMENTO.CustoUnitario*(1+$AH89),ORÇAMENTO.PrecoUnitarioLicitado),15-13*$AF$10),0)","v":242.09},{"$f":"IF($C89=\"S\",IF(Import.TipoArredondamento<>\"TransfereGOV\",VTOTAL1,SUM(OFFSET(CÁLCULO!$AA$15,ROW($X89)-ROW($X$15),1):OFFSET(CÁLCULO!$AL$15,ROW($X89)-ROW($X$15),-1))),IF($C89=0,0,ROUND(SomaAgrup,15-13*$AF$11)))","v":5933.63},"RA","RA",{"$f":"IF($C89=\"S\",IF($Z89=\"CP\",$X89,IF($Z89=\"RA\",(($X89)*QCI!$AA$3),0)),SomaAgrup)","v":211.31437544599376},0,{"$f":"IF($N89=\"\",\"\",IF(ORÇAMENTO.Descricao=\"\",\"DESCRIÇÃO\",IF(AND($C89=\"S\",ORÇAMENTO.Unidade=\"\"),\"UNIDADE\",IF($X89<0,\"VALOR NEGATIVO\",IF(OR(AND(TIPOORCAMENTO=\"Proposto\",$AG89<>\"\",$AG89>0,ORÇAMENTO.CustoUnitario>$AG89),AND(TIPOORCAMENTO=\"LICITADO\",ORÇAMENTO.PrecoUnitarioLicitado>$AN89)),\"ACIMA REF.\",\"\")))))","v":""},{"$f":"IF(C89<=CRONO.NivelExibicao,MAX($AD$15:OFFSET(AD89,-1,0))+IF($C89<>1,1,MAX(1,COUNTIF(QCI!$A$13:$A$41,OFFSET($E89,-1,0)))),\"\")","v":""},{"$f":"IF(AND($C89=\"S\",ORÇAMENTO.CodBarra<>\"\"),IF(ORÇAMENTO.Fonte=\"\",ORÇAMENTO.CodBarra,CONCATENATE(ORÇAMENTO.Fonte,\" \",ORÇAMENTO.CodBarra)))","v":"SINAPI 96622"},{"$f":"IF(ISERROR(INDIRECT(ORÇAMENTO.BancoRef)),\"(abra o arquivo 'Referência \"&Excel_BuiltIn_Database&\".xlsm)\",IF(OR($C89<>\"S\",ORÇAMENTO.CodBarra=\"\"),\"(Sem Código)\",IF(ISERROR(MATCH($AE89,INDIRECT(ORÇAMENTO.BancoRef),0)),\"(Código não identificado nas referências)\",MATCH($AE89,INDIRECT(ORÇAMENTO.BancoRef),0))))","v":2390},{"$f":"ROUND(IF(DESONERACAO=\"sim\",REFERENCIA.Desonerado,REFERENCIA.NaoDesonerado),2)","v":193.67},0.25,null,24.51,null,null,5933.63,242.09]
["S",2,"S",0,{"$f":"IF($C90=1,OFFSET(E90,-1,0)+MAX(1,COUNTIF(QCI!$A$13:$A$41,OFFSET(ORÇAMENTO!E90,-1,0))),OFFSET(E90,-1,0))","v":5},2,0,0,3,0,{"$f":"IF(OR($C90=\"S\",$C90=0),0,MATCH(OFFSET($D90,0,$C90)+IF($C90<>1,1,COUNTIF(QCI!$A$13:$A$41,ORÇAMENTO!E90)),OFFSET($D90,1,$C90,ROW($C$744)-ROW($C90)),0))","v":0},"F","Serviço","Serviço","5.2.3.","SINAPI","97087","CAMADA SEPARADORA PARA EXECUÇÃO DE RADIER, PISO DE CONCRETO OU LAJE SOBRE SOLO, EM LONA PLÁSTICA. AF_09/2021",{"$f":"REFERENCIA.Unidade","v":"M2"},{"$f":"OFFSET(CÁLCULO!H$15,ROW($T90)-ROW(T$15),0)","v":490.26},{"$f":"ROUND(IF(DESONERACAO=\"sim\",REFERENCIA.Desonerado,REFERENCIA.NaoDesonerado),2)","v":3.25},"BDI 1",{"$f":"IF($C90=\"S\",ROUND(IF(TIPOORCAMENTO=\"Proposto\",ORÇAMENTO.CustoUnitario*(1+$AH90),ORÇAMENTO.PrecoUnitarioLicitado),15-13*$AF$10),0)","v":4.0599999999999996},{"$f":"IF($C90=\"S\",IF(Import.TipoArredondamento<>\"TransfereGOV\",VTOTAL1,SUM(OFFSET(CÁLCULO!$AA$15,ROW($X90)-ROW($X$15),1):OFFSET(CÁLCULO!$AL$15,ROW($X90)-ROW($X$15),-1))),IF($C90=0,0,ROUND(SomaAgrup,15-13*$AF$11)))","v":1990.46},"RA","RA",{"$f":"IF($C90=\"S\",IF($Z90=\"CP\",$X90,IF($Z90=\"RA\",(($X90)*QCI!$AA$3),0)),SomaAgrup)","v":70.886255420414273},0,{"$f":"IF($N90=\"\",\"\",IF(ORÇAMENTO.Descricao=\"\",\"DESCRIÇÃO\",IF(AND($C90=\"S\",ORÇAMENTO.Unidade=\"\"),\"UNIDADE\",IF($X90<0,\"VALOR NEGATIVO\",IF(OR(AND(TIPOORCAMENTO=\"Proposto\",$AG90<>\"\",$AG90>0,ORÇAMENTO.CustoUnitario>$AG90),AND(TIPOORCAMENTO=\"LICITADO\",ORÇAMENTO.PrecoUnitarioLicitado>$AN90)),\"ACIMA REF.\",\"\")))))","v":""},{"$f":"IF(C90<=CRONO.NivelExibicao,MAX($AD$15:OFFSET(AD90,-1,0))+IF($C90<>1,1,MAX(1,COUNTIF(QCI!$A$13:$A$41,OFFSET($E90,-1,0)))),\"\")","v":""},{"$f":"IF(AND($C90=\"S\",ORÇAMENTO.CodBarra<>\"\"),IF(ORÇAMENTO.Fonte=\"\",ORÇAMENTO.CodBarra,CONCATENATE(ORÇAMENTO.Fonte,\" \",ORÇAMENTO.CodBarra)))","v":"SINAPI 97087"},{"$f":"IF(ISERROR(INDIRECT(ORÇAMENTO.BancoRef)),\"(abra o arquivo 'Referência \"&Excel_BuiltIn_Database&\".xlsm)\",IF(OR($C90<>\"S\",ORÇAMENTO.CodBarra=\"\"),\"(Sem Código)\",IF(ISERROR(MATCH($AE90,INDIRECT(ORÇAMENTO.BancoRef),0)),\"(Código não identificado nas referências)\",MATCH($AE90,INDIRECT(ORÇAMENTO.BancoRef),0))))","v":2397},{"$f":"ROUND(IF(DESONERACAO=\"sim\",REFERENCIA.Desonerado,REFERENCIA.NaoDesonerado),2)","v":3.25},0.25,null,490.26,null,null,1990.46,4.0599999999999996]
["S",2,"S",0,{"$f":"IF($C91=1,OFFSET(E91,-1,0)+MAX(1,COUNTIF(QCI!$A$13:$A$41,OFFSET(ORÇAMENTO!E91,-1,0))),OFFSET(E91,-1,0))","v":5},2,0,0,4,0,{"$f":"IF(OR($C91=\"S\",$C91=0),0,MATCH(OFFSET($D91,0,$C91)+IF($C91<>1,1,COUNTIF(QCI!$A$13:$A$41,ORÇAMENTO!E91)),OFFSET($D91,1,$C91,ROW($C$744)-ROW($C91)),0))","v":0},"F","Serviço","Serviço","5.2.4.","SINAPI","94991","EXECUÇÃO DE PASSEIO (CALÇADA) OU PISO DE CONCRETO COM CONCRETO MOLDADO IN LOCO, USINADO C20, ACABAMENTO CONVENCIONAL, NÃO ARMADO. AF_08/2022",{"$f":"REFERENCIA.Unidade","v":"M3"},{"$f":"OFFSET(CÁLCULO!H$15,ROW($T91)-ROW(T$15),0)","v":39.22},{"$f":"ROUND(IF(DESONERACAO=\"sim\",REFERENCIA.Desonerado,REFERENCIA.NaoDesonerado),2)","v":777.21},"BDI 1",{"$f":"IF($C91=\"S\",ROUND(IF(TIPOORCAMENTO=\"Proposto\",ORÇAMENTO.CustoUnitario*(1+$AH91),ORÇAMENTO.PrecoUnitarioLicitado),15-13*$AF$10),0)","v":971.51},{"$f":"IF($C91=\"S\",IF(Import.TipoArredondamento<>\"TransfereGOV\",VTOTAL1,SUM(OFFSET(CÁLCULO!$AA$15,ROW($X91)-ROW($X$15),1):OFFSET(CÁLCULO!$AL$15,ROW($X91)-ROW($X$15),-1))),IF($C91=0,0,ROUND(SomaAgrup,15-13*$AF$11)))","v":38102.620000000003},"RA","RA",{"$f":"IF($C91=\"S\",IF($Z91=\"CP\",$X91,IF($Z91=\"RA\",(($X91)*QCI!$AA$3),0)),SomaAgrup)","v":1356.9486719185443},0,{"$f":"IF($N91=\"\",\"\",IF(ORÇAMENTO.Descricao=\"\",\"DESCRIÇÃO\",IF(AND($C91=\"S\",ORÇAMENTO.Unidade=\"\"),\"UNIDADE\",IF($X91<0,\"VALOR NEGATIVO\",IF(OR(AND(TIPOORCAMENTO=\"Proposto\",$AG91<>\"\",$AG91>0,ORÇAMENTO.CustoUnitario>$AG91),AND(TIPOORCAMENTO=\"LICITADO\",ORÇAMENTO.PrecoUnitarioLicitado>$AN91)),\"ACIMA REF.\",\"\")))))","v":""},{"$f":"IF(C91<=CRONO.NivelExibicao,MAX($AD$15:OFFSET(AD91,-1,0))+IF($C91<>1,1,MAX(1,COUNTIF(QCI!$A$13:$A$41,OFFSET($E91,-1,0)))),\"\")","v":""},{"$f":"IF(AND($C91=\"S\",ORÇAMENTO.CodBarra<>\"\"),IF(ORÇAMENTO.Fonte=\"\",ORÇAMENTO.CodBarra,CONCATENATE(ORÇAMENTO.Fonte,\" \",ORÇAMENTO.CodBarra)))","v":"SINAPI 94991"},{"$f":"IF(ISERROR(INDIRECT(ORÇAMENTO.BancoRef)),\"(abra o arquivo 'Referência \"&Excel_BuiltIn_Database&\".xlsm)\",IF(OR($C91<>\"S\",ORÇAMENTO.CodBarra=\"\"),\"(Sem Código)\",IF(ISERROR(MATCH($AE91,INDIRECT(ORÇAMENTO.BancoRef),0)),\"(Código não identificado nas referências)\",MATCH($AE91,INDIRECT(ORÇAMENTO.BancoRef),0))))","v":6557},{"$f":"ROUND(IF(DESONERACAO=\"sim\",REFERENCIA.Desonerado,REFERENCIA.NaoDesonerado),2)","v":777.21},0.25,null,39.22,null,null,38102.620000000003,971.51]
[1,1,1,14,{"$f":"IF($C92=1,OFFSET(E92,-1,0)+MAX(1,COUNTIF(QCI!$A$13:$A$41,OFFSET(ORÇAMENTO!E92,-1,0))),OFFSET(E92,-1,0))","v":6},0,0,0,0,652,{"$f":"IF(OR($C92=\"S\",$C92=0),0,MATCH(OFFSET($D92,0,$C92)+IF($C92<>1,1,COUNTIF(QCI!$A$13:$A$41,ORÇAMENTO!E92)),OFFSET($D92,1,$C92,ROW($C$744)-ROW($C92)),0))","v":14},"F","Meta","Meta","6.","SINAPI",null,"SISTEMA DE VEDAÇÃO VERTICAL",{"$f":"REFERENCIA.Unidade","v":"-"},{"$f":"OFFSET(CÁLCULO!H$15,ROW($T92)-ROW(T$15),0)","v":0},null,"BDI 1",{"$f":"IF($C92=\"S\",ROUND(IF(TIPOORCAMENTO=\"Proposto\",ORÇAMENTO.CustoUnitario*(1+$AH92),ORÇAMENTO.PrecoUnitarioLicitado),15-13*$AF$10),0)","v":0},{"$f":"IF($C92=\"S\",IF(Import.TipoArredondamento<>\"TransfereGOV\",VTOTAL1,SUM(OFFSET(CÁLCULO!$AA$15,ROW($X92)-ROW($X$15),1):OFFSET(CÁLCULO!$AL$15,ROW($X92)-ROW($X$15),-1))),IF($C92=0,0,ROUND(SomaAgrup,15-13*$AF$11)))","v":197280.5},"RA","",{"$f":"IF($C92=\"S\",IF($Z92=\"CP\",$X92,IF($Z92=\"RA\",(($X92)*QCI!$AA$3),0)),SomaAgrup)","v":7025.7507874898456},0,{"$f":"IF($N92=\"\",\"\",IF(ORÇAMENTO.Descricao=\"\",\"DESCRIÇÃO\",IF(AND($C92=\"S\",ORÇAMENTO.Unidade=\"\"),\"UNIDADE\",IF($X92<0,\"VALOR NEGATIVO\",IF(OR(AND(TIPOORCAMENTO=\"Proposto\",$AG92<>\"\",$AG92>0,ORÇAMENTO.CustoUnitario>$AG92),AND(TIPOORCAMENTO=\"LICITADO\",ORÇAMENTO.PrecoUnitarioLicitado>$AN92)),\"ACIMA REF.\",\"\")))))","v":""},{"$f":"IF(C92<=CRONO.NivelExibicao,MAX($AD$15:OFFSET(AD92,-1,0))+IF($C92<>1,1,MAX(1,COUNTIF(QCI!$A$13:$A$41,OFFSET($E92,-1,0)))),\"\")","v":16},{"$f":"IF(AND($C92=\"S\",ORÇAMENTO.CodBarra<>\"\"),IF(ORÇAMENTO.Fonte=\"\",ORÇAMENTO.CodBarra,CONCATENATE(ORÇAMENTO.Fonte,\" \",ORÇAMENTO.CodBarra)))","v":false},{"$f":"IF(ISERROR(INDIRECT(ORÇAMENTO.BancoRef)),\"(abra o arquivo 'Referência \"&Excel_BuiltIn_Database&\".xlsm)\",IF(OR($C92<>\"S\",ORÇAMENTO.CodBarra=\"\"),\"(Sem Código)\",IF(ISERROR(MATCH($AE92,INDIRECT(ORÇAMENTO.BancoRef),0)),\"(Código não identificado nas referências)\",MATCH($AE92,INDIRECT(ORÇAMENTO.BancoRef),0))))","v":"(Sem Código)"},{"$f":"ROUND(IF(DESONERACAO=\"sim\",REFERENCIA.Desonerado,REFERENCIA.NaoDesonerado),2)","v":0},0.25,null,null,null,null,197280.5,0]
[2,2,2,2,{"$f":"IF($C93=1,OFFSET(E93,-1,0)+MAX(1,COUNTIF(QCI!$A$13:$A$41,OFFSET(ORÇAMENTO!E93,-1,0))),OFFSET(E93,-1,0))","v":6},1,0,0,0,13,{"$f":"IF(OR($C93=\"S\",$C93=0),0,MATCH(OFFSET($D93,0,$C93)+IF($C93<>1,1,COUNTIF(QCI!$A$13:$A$41,ORÇAMENTO!E93)),OFFSET($D93,1,$C93,ROW($C$744)-ROW($C93)),0))","v":2},"F","Nível 2","Nível 2","6.1.","SINAPI",null,"Elementos vazados",{"$f":"REFERENCIA.Unidade","v":"-"},{"$f":"OFFSET(CÁLCULO!H$15,ROW($T93)-ROW(T$15),0)","v":0},null,"BDI 1",{"$f":"IF($C93=\"S\",ROUND(IF(TIPOORCAMENTO=\"Proposto\",ORÇAMENTO.CustoUnitario*(1+$AH93),ORÇAMENTO.PrecoUnitarioLicitado),15-13*$AF$10),0)","v":0},{"$f":"IF($C93=\"S\",IF(Import.TipoArredondamento<>\"TransfereGOV\",VTOTAL1,SUM(OFFSET(CÁLCULO!$AA$15,ROW($X93)-ROW($X$15),1):OFFSET(CÁLCULO!$AL$15,ROW($X93)-ROW($X$15),-1))),IF($C93=0,0,ROUND(SomaAgrup,15-13*$AF$11)))","v":1519.58},"RA","",{"$f":"IF($C93=\"S\",IF($Z93=\"CP\",$X93,IF($Z93=\"RA\",(($X93)*QCI!$AA$3),0)),SomaAgrup)","v":54.116805166520862},0,{"$f":"IF($N93=\"\",\"\",IF(ORÇAMENTO.Descricao=\"\",\"DESCRIÇÃO\",IF(AND($C93=\"S\",ORÇAMENTO.Unidade=\"\"),\"UNIDADE\",IF($X93<0,\"VALOR NEGATIVO\",IF(OR(AND(TIPOORCAMENTO=\"Proposto\",$AG93<>\"\",$AG93>0,ORÇAMENTO.CustoUnitario>$AG93),AND(TIPOORCAMENTO=\"LICITADO\",ORÇAMENTO.PrecoUnitarioLicitado>$AN93)),\"ACIMA REF.\",\"\")))))","v":""},{"$f":"IF(C93<=CRONO.NivelExibicao,MAX($AD$15:OFFSET(AD93,-1,0))+IF($C93<>1,1,MAX(1,COUNTIF(QCI!$A$13:$A$41,OFFSET($E93,-1,0)))),\"\")","v":17},{"$f":"IF(AND($C93=\"S\",ORÇAMENTO.CodBarra<>\"\"),IF(ORÇAMENTO.Fonte=\"\",ORÇAMENTO.CodBarra,CONCATENATE(ORÇAMENTO.Fonte,\" \",ORÇAMENTO.CodBarra)))","v":false},{"$f":"IF(ISERROR(INDIRECT(ORÇAMENTO.BancoRef)),\"(abra o arquivo 'Referência \"&Excel_BuiltIn_Database&\".xlsm)\",IF(OR($C93<>\"S\",ORÇAMENTO.CodBarra=\"\"),\"(Sem Código)\",IF(ISERROR(MATCH($AE93,INDIRECT(ORÇAMENTO.BancoRef),0)),\"(Código não identificado nas referências)\",MATCH($AE93,INDIRECT(ORÇAMENTO.BancoRef),0))))","v":"(Sem Código)"},{"$f":"ROUND(IF(DESONERACAO=\"sim\",REFERENCIA.Desonerado,REFERENCIA.NaoDesonerado),2)","v":0},0.25,null,null,null,null,1519.58,0]
["S",2,"S",0,{"$f":"IF($C94=1,OFFSET(E94,-1,0)+MAX(1,COUNTIF(QCI!$A$13:$A$41,OFFSET(ORÇAMENTO!E94,-1,0))),OFFSET(E94,-1,0))","v":6},1,0,0,1,0,{"$f":"IF(OR($C94=\"S\",$C94=0),0,MATCH(OFFSET($D94,0,$C94)+IF($C94<>1,1,COUNTIF(QCI!$A$13:$A$41,ORÇAMENTO!E94)),OFFSET($D94,1,$C94,ROW($C$744)-ROW($C94)),0))","v":0},"F","Serviço","Serviço","6.1.1.","SINAPI","101161","ALVENARIA DE VEDAÇÃO COM ELEMENTO VAZADO DE CONCRETO (COBOGÓ) DE 7X50X50CM E ARGAMASSA DE ASSENTAMENTO COM PREPARO EM BETONEIRA. AF_05/2020",{"$f":"REFERENCIA.Unidade","v":"M2"},{"$f":"OFFSET(CÁLCULO!H$15,ROW($T94)-ROW(T$15),0)","v":4.8},{"$f":"ROUND(IF(DESONERACAO=\"sim\",REFERENCIA.Desonerado,REFERENCIA.NaoDesonerado),2)","v":253.26},"BDI 1",{"$f":"IF($C94=\"S\",ROUND(IF(TIPOORCAMENTO=\"Proposto\",ORÇAMENTO.CustoUnitario*(1+$AH94),ORÇAMENTO.PrecoUnitarioLicitado),15-13*$AF$10),0)","v":316.58},{"$f":"IF($C94=\"S\",IF(Import.TipoArredondamento<>\"TransfereGOV\",VTOTAL1,SUM(OFFSET(CÁLCULO!$AA$15,ROW($X94)-ROW($X$15),1):OFFSET(CÁLCULO!$AL$15,ROW($X94)-ROW($X$15),-1))),IF($C94=0,0,ROUND(SomaAgrup,15-13*$AF$11)))","v":1519.58},"RA","RA",{"$f":"IF($C94=\"S\",IF($Z94=\"CP\",$X94,IF($Z94=\"RA\",(($X94)*QCI!$AA$3),0)),SomaAgrup)","v":54.116805166520862},0,{"$f":"IF($N94=\"\",\"\",IF(ORÇAMENTO.Descricao=\"\",\"DESCRIÇÃO\",IF(AND($C94=\"S\",ORÇAMENTO.Unidade=\"\"),\"UNIDADE\",IF($X94<0,\"VALOR NEGATIVO\",IF(OR(AND(TIPOORCAMENTO=\"Proposto\",$AG94<>\"\",$AG94>0,ORÇAMENTO.CustoUnitario>$AG94),AND(TIPOORCAMENTO=\"LICITADO\",ORÇAMENTO.PrecoUnitarioLicitado>$AN94)),\"ACIMA REF.\",\"\")))))","v":""},{"$f":"IF(C94<=CRONO.NivelExibicao,MAX($AD$15:OFFSET(AD94,-1,0))+IF($C94<>1,1,MAX(1,COUNTIF(QCI!$A$13:$A$41,OFFSET($E94,-1,0)))),\"\")","v":""},{"$f":"IF(AND($C94=\"S\",ORÇAMENTO.CodBarra<>\"\"),IF(ORÇAMENTO.Fonte=\"\",ORÇAMENTO.CodBarra,CONCATENATE(ORÇAMENTO.Fonte,\" \",ORÇAMENTO.CodBarra)))","v":"SINAPI 101161"},{"$f":"IF(ISERROR(INDIRECT(ORÇAMENTO.BancoRef)),\"(abra o arquivo 'Referência \"&Excel_BuiltIn_Database&\".xlsm)\",IF(OR($C94<>\"S\",ORÇAMENTO.CodBarra=\"\"),\"(Sem Código)\",IF(ISERROR(MATCH($AE94,INDIRECT(ORÇAMENTO.BancoRef),0)),\"(Código não identificado nas referências)\",MATCH($AE94,INDIRECT(ORÇAMENTO.BancoRef),0))))","v":6070},{"$f":"ROUND(IF(DESONERACAO=\"sim\",REFERENCIA.Desonerado,REFERENCIA.NaoDesonerado),2)","v":253.26},0.25,null,4.8,null,null,1519.58,316.58]
[2,2,2,7,{"$f":"IF($C95=1,OFFSET(E95,-1,0)+MAX(1,COUNTIF(QCI!$A$13:$A$41,OFFSET(ORÇAMENTO!E95,-1,0))),OFFSET(E95,-1,0))","v":6},2,0,0,0,11,{"$f":"IF(OR($C95=\"S\",$C95=0),0,MATCH(OFFSET($D95,0,$C95)+IF($C95<>1,1,COUNTIF(QCI!$A$13:$A$41,ORÇAMENTO!E95)),OFFSET($D95,1,$C95,ROW($C$744)-ROW($C95)),0))","v":7},"F","Nível 2","Nível 2","6.2.","SINAPI",null,"Alvenaria de vedação",{"$f":"REFERENCIA.Unidade","v":"-"},{"$f":"OFFSET(CÁLCULO!H$15,ROW($T95)-ROW(T$15),0)","v":0},null,"BDI 1",{"$f":"IF($C95=\"S\",ROUND(IF(TIPOORCAMENTO=\"Proposto\",ORÇAMENTO.CustoUnitario*(1+$AH95),ORÇAMENTO.PrecoUnitarioLicitado),15-13*$AF$10),0)","v":0},{"$f":"IF($C95=\"S\",IF(Import.TipoArredondamento<>\"TransfereGOV\",VTOTAL1,SUM(OFFSET(CÁLCULO!$AA$15,ROW($X95)-ROW($X$15),1):OFFSET(CÁLCULO!$AL$15,ROW($X95)-ROW($X$15),-1))),IF($C95=0,0,ROUND(SomaAgrup,15-13*$AF$11)))","v":170153.57},"RA","",{"$f":"IF($C95=\"S\",IF($Z95=\"CP\",$X95,IF($Z95=\"RA\",(($X95)*QCI!$AA$3),0)),SomaAgrup)","v":6059.6793825122531},0,{"$f":"IF($N95=\"\",\"\",IF(ORÇAMENTO.Descricao=\"\",\"DESCRIÇÃO\",IF(AND($C95=\"S\",ORÇAMENTO.Unidade=\"\"),\"UNIDADE\",IF($X95<0,\"VALOR NEGATIVO\",IF(OR(AND(TIPOORCAMENTO=\"Proposto\",$AG95<>\"\",$AG95>0,ORÇAMENTO.CustoUnitario>$AG95),AND(TIPOORCAMENTO=\"LICITADO\",ORÇAMENTO.PrecoUnitarioLicitado>$AN95)),\"ACIMA REF.\",\"\")))))","v":""},{"$f":"IF(C95<=CRONO.NivelExibicao,MAX($AD$15:OFFSET(AD95,-1,0))+IF($C95<>1,1,MAX(1,COUNTIF(QCI!$A$13:$A$41,OFFSET($E95,-1,0)))),\"\")","v":18},{"$f":"IF(AND($C95=\"S\",ORÇAMENTO.CodBarra<>\"\"),IF(ORÇAMENTO.Fonte=\"\",ORÇAMENTO.CodBarra,CONCATENATE(ORÇAMENTO.Fonte,\" \",ORÇAMENTO.CodBarra)))","v":false},{"$f":"IF(ISERROR(INDIRECT(ORÇAMENTO.BancoRef)),\"(abra o arquivo 'Referência \"&Excel_BuiltIn_Database&\".xlsm)\",IF(OR($C95<>\"S\",ORÇAMENTO.CodBarra=\"\"),\"(Sem Código)\",IF(ISERROR(MATCH($AE95,INDIRECT(ORÇAMENTO.BancoRef),0)),\"(Código não identificado nas referências)\",MATCH($AE95,INDIRECT(ORÇAMENTO.BancoRef),0))))","v":"(Sem Código)"},{"$f":"ROUND(IF(DESONERACAO=\"sim\",REFERENCIA.Desonerado,REFERENCIA.NaoDesonerado),2)","v":0},0.25,null,null,null,null,170153.57,0]
["S",2,"S",0,{"$f":"IF($C96=1,OFFSET(E96,-1,0)+MAX(1,COUNTIF(QCI!$A$13:$A$41,OFFSET(ORÇAMENTO!E96,-1,0))),OFFSET(E96,-1,0))","v":6},2,0,0,1,0,{"$f":"IF(OR($C96=\"S\",$C96=0),0,MATCH(OFFSET($D96,0,$C96)+IF($C96<>1,1,COUNTIF(QCI!$A$13:$A$41,ORÇAMENTO!E96)),OFFSET($D96,1,$C96,ROW($C$744)-ROW($C96)),0))","v":0},"F","Serviço","Serviço","6.2.1.","SINAPI","103324","ALVENARIA DE VEDAÇÃO DE BLOCOS CERÂMICOS FURADOS NA VERTICAL DE 14X19X39 CM (ESPESSURA 14 CM) E ARGAMASSA DE ASSENTAMENTO COM PREPARO EM BETONEIRA. AF_12/2021",{"$f":"REFERENCIA.Unidade","v":"M2"},{"$f":"OFFSET(CÁLCULO!H$15,ROW($T96)-ROW(T$15),0)","v":778.74},{"$f":"ROUND(IF(DESONERACAO=\"sim\",REFERENCIA.Desonerado,REFERENCIA.NaoDesonerado),2)","v":75.930000000000007},"BDI 1",{"$f":"IF($C96=\"S\",ROUND(IF(TIPOORCAMENTO=\"Proposto\",ORÇAMENTO.CustoUnitario*(1+$AH96),ORÇAMENTO.PrecoUnitarioLicitado),15-13*$AF$10),0)","v":94.91},{"$f":"IF($C96=\"S\",IF(Import.TipoArredondamento<>\"TransfereGOV\",VTOTAL1,SUM(OFFSET(CÁLCULO!$AA$15,ROW($X96)-ROW($X$15),1):OFFSET(CÁLCULO!$AL$15,ROW($X96)-ROW($X$15),-1))),IF($C96=0,0,ROUND(SomaAgrup,15-13*$AF$11)))","v":73910.210000000006},"RA","RA",{"$f":"IF($C96=\"S\",IF($Z96=\"CP\",$X96,IF($Z96=\"RA\",(($X96)*QCI!$AA$3),0)),SomaAgrup)","v":2632.1644364802396},0,{"$f":"IF($N96=\"\",\"\",IF(ORÇAMENTO.Descricao=\"\",\"DESCRIÇÃO\",IF(AND($C96=\"S\",ORÇAMENTO.Unidade=\"\"),\"UNIDADE\",IF($X96<0,\"VALOR NEGATIVO\",IF(OR(AND(TIPOORCAMENTO=\"Proposto\",$AG96<>\"\",$AG96>0,ORÇAMENTO.CustoUnitario>$AG96),AND(TIPOORCAMENTO=\"LICITADO\",ORÇAMENTO.PrecoUnitarioLicitado>$AN96)),\"ACIMA REF.\",\"\")))))","v":""},{"$f":"IF(C96<=CRONO.NivelExibicao,MAX($AD$15:OFFSET(AD96,-1,0))+IF($C96<>1,1,MAX(1,COUNTIF(QCI!$A$13:$A$41,OFFSET($E96,-1,0)))),\"\")","v":""},{"$f":"IF(AND($C96=\"S\",ORÇAMENTO.CodBarra<>\"\"),IF(ORÇAMENTO.Fonte=\"\",ORÇAMENTO.CodBarra,CONCATENATE(ORÇAMENTO.Fonte,\" \",ORÇAMENTO.CodBarra)))","v":"SINAPI 103324"},{"$f":"IF(ISERROR(INDIRECT(ORÇAMENTO.BancoRef)),\"(abra o arquivo 'Referência \"&Excel_BuiltIn_Database&\".xlsm)\",IF(OR($C96<>\"S\",ORÇAMENTO.CodBarra=\"\"),\"(Sem Código)\",IF(ISERROR(MATCH($AE96,INDIRECT(ORÇAMENTO.BancoRef),0)),\"(Código não identificado nas referências)\",MATCH($AE96,INDIRECT(ORÇAMENTO.BancoRef),0))))","v":5997},{"$f":"ROUND(IF(DESONERACAO=\"sim\",REFERENCIA.Desonerado,REFERENCIA.NaoDesonerado),2)","v":75.930000000000007},0.25,null,778.74,null,null,73910.210000000006,94.91]
["S",2,"S",0,{"$f":"IF($C97=1,OFFSET(E97,-1,0)+MAX(1,COUNTIF(QCI!$A$13:$A$41,OFFSET(ORÇAMENTO!E97,-1,0))),OFFSET(E97,-1,0))","v":6},2,0,0,2,0,{"$f":"IF(OR($C97=\"S\",$C97=0),0,MATCH(OFFSET($D97,0,$C97)+IF($C97<>1,1,COUNTIF(QCI!$A$13:$A$41,ORÇAMENTO!E97)),OFFSET($D97,1,$C97,ROW($C$744)-ROW($C97)),0))","v":0},"F","Serviço","Serviço","6.2.2.","SINAPI","103368","ALVENARIA DE VEDAÇÃO DE BLOCOS CERÂMICOS FURADOS NA VERTICAL DE 14X19X39 CM (ESPESSURA 14 CM) E ARGAMASSA DE ASSENTAMENTO COM PREPARO EM BETONEIRA. AF_12/2021",{"$f":"REFERENCIA.Unidade","v":"M2"},{"$f":"OFFSET(CÁLCULO!H$15,ROW($T97)-ROW(T$15),0)","v":931.08},{"$f":"ROUND(IF(DESONERACAO=\"sim\",REFERENCIA.Desonerado,REFERENCIA.NaoDesonerado),2)","v":66.92},"BDI 1",{"$f":"IF($C97=\"S\",ROUND(IF(TIPOORCAMENTO=\"Proposto\",ORÇAMENTO.CustoUnitario*(1+$AH97),ORÇAMENTO.PrecoUnitarioLicitado),15-13*$AF$10),0)","v":83.65},{"$f":"IF($C97=\"S\",IF(Import.TipoArredondamento<>\"TransfereGOV\",VTOTAL1,SUM(OFFSET(CÁLCULO!$AA$15,ROW($X97)-ROW($X$15),1):OFFSET(CÁLCULO!$AL$15,ROW($X97)-ROW($X$15),-1))),IF($C97=0,0,ROUND(SomaAgrup,15-13*$AF$11)))","v":77884.84},"RA","RA",{"$f":"IF($C97=\"S\",IF($Z97=\"CP\",$X97,IF($Z97=\"RA\",(($X97)*QCI!$AA$3),0)),SomaAgrup)","v":2773.712941540196},0,{"$f":"IF($N97=\"\",\"\",IF(ORÇAMENTO.Descricao=\"\",\"DESCRIÇÃO\",IF(AND($C97=\"S\",ORÇAMENTO.Unidade=\"\"),\"UNIDADE\",IF($X97<0,\"VALOR NEGATIVO\",IF(OR(AND(TIPOORCAMENTO=\"Proposto\",$AG97<>\"\",$AG97>0,ORÇAMENTO.CustoUnitario>$AG97),AND(TIPOORCAMENTO=\"LICITADO\",ORÇAMENTO.PrecoUnitarioLicitado>$AN97)),\"ACIMA REF.\",\"\")))))","v":""},{"$f":"IF(C97<=CRONO.NivelExibicao,MAX($AD$15:OFFSET(AD97,-1,0))+IF($C97<>1,1,MAX(1,COUNTIF(QCI!$A$13:$A$41,OFFSET($E97,-1,0)))),\"\")","v":""},{"$f":"IF(AND($C97=\"S\",ORÇAMENTO.CodBarra<>\"\"),IF(ORÇAMENTO.Fonte=\"\",ORÇAMENTO.CodBarra,CONCATENATE(ORÇAMENTO.Fonte,\" \",ORÇAMENTO.CodBarra)))","v":"SINAPI 103368"},{"$f":"IF(ISERROR(INDIRECT(ORÇAMENTO.BancoRef)),\"(abra o arquivo 'Referência \"&Excel_BuiltIn_Database&\".xlsm)\",IF(OR($C97<>\"S\",ORÇAMENTO.CodBarra=\"\"),\"(Sem Código)\",IF(ISERROR(MATCH($AE97,INDIRECT(ORÇAMENTO.BancoRef),0)),\"(Código não identificado nas referências)\",MATCH($AE97,INDIRECT(ORÇAMENTO.BancoRef),0))))","v":6033},{"$f":"ROUND(IF(DESONERACAO=\"sim\",REFERENCIA.Desonerado,REFERENCIA.NaoDesonerado),2)","v":66.92},0.25,null,931.08,null,null,77884.84,83.65]
["S",2,"S",0,{"$f":"IF($C98=1,OFFSET(E98,-1,0)+MAX(1,COUNTIF(QCI!$A$13:$A$41,OFFSET(ORÇAMENTO!E98,-1,0))),OFFSET(E98,-1,0))","v":6},2,0,0,3,0,{"$f":"IF(OR($C98=\"S\",$C98=0),0,MATCH(OFFSET($D98,0,$C98)+IF($C98<>1,1,COUNTIF(QCI!$A$13:$A$41,ORÇAMENTO!E98)),OFFSET($D98,1,$C98,ROW($C$744)-ROW($C98)),0))","v":0},"F","Serviço","Serviço","6.2.3.","SINAPI","103328","ALVENARIA DE VEDAÇÃO DE BLOCOS CERÂMICOS FURADOS NA HORIZONTAL DE 9X19X19 CM (ESPESSURA 9 CM) E ARGAMASSA DE ASSENTAMENTO COM PREPARO EM BETONEIRA. AF_12/2021",{"$f":"REFERENCIA.Unidade","v":"M2"},{"$f":"OFFSET(CÁLCULO!H$15,ROW($T98)-ROW(T$15),0)","v":17.16},{"$f":"ROUND(IF(DESONERACAO=\"sim\",REFERENCIA.Desonerado,REFERENCIA.NaoDesonerado),2)","v":92.18},"BDI 1",{"$f":"IF($C98=\"S\",ROUND(IF(TIPOORCAMENTO=\"Proposto\",ORÇAMENTO.CustoUnitario*(1+$AH98),ORÇAMENTO.PrecoUnitarioLicitado),15-13*$AF$10),0)","v":115.23},{"$f":"IF($C98=\"S\",IF(Import.TipoArredondamento<>\"TransfereGOV\",VTOTAL1,SUM(OFFSET(CÁLCULO!$AA$15,ROW($X98)-ROW($X$15),1):OFFSET(CÁLCULO!$AL$15,ROW($X98)-ROW($X$15),-1))),IF($C98=0,0,ROUND(SomaAgrup,15-13*$AF$11)))","v":1977.35},"RA","RA",{"$f":"IF($C98=\"S\",IF($Z98=\"CP\",$X98,IF($Z98=\"RA\",(($X98)*QCI!$AA$3),0)),SomaAgrup)","v":70.419368967754266},0,{"$f":"IF($N98=\"\",\"\",IF(ORÇAMENTO.Descricao=\"\",\"DESCRIÇÃO\",IF(AND($C98=\"S\",ORÇAMENTO.Unidade=\"\"),\"UNIDADE\",IF($X98<0,\"VALOR NEGATIVO\",IF(OR(AND(TIPOORCAMENTO=\"Proposto\",$AG98<>\"\",$AG98>0,ORÇAMENTO.CustoUnitario>$AG98),AND(TIPOORCAMENTO=\"LICITADO\",ORÇAMENTO.PrecoUnitarioLicitado>$AN98)),\"ACIMA REF.\",\"\")))))","v":""},{"$f":"IF(C98<=CRONO.NivelExibicao,MAX($AD$15:OFFSET(AD98,-1,0))+IF($C98<>1,1,MAX(1,COUNTIF(QCI!$A$13:$A$41,OFFSET($E98,-1,0)))),\"\")","v":""},{"$f":"IF(AND($C98=\"S\",ORÇAMENTO.CodBarra<>\"\"),IF(ORÇAMENTO.Fonte=\"\",ORÇAMENTO.CodBarra,CONCATENATE(ORÇAMENTO.Fonte,\" \",ORÇAMENTO.CodBarra)))","v":"SINAPI 103328"},{"$f":"IF(ISERROR(INDIRECT(ORÇAMENTO.BancoRef)),\"(abra o arquivo 'Referência \"&Excel_BuiltIn_Database&\".xlsm)\",IF(OR($C98<>\"S\",ORÇAMENTO.CodBarra=\"\"),\"(Sem Código)\",IF(ISERROR(MATCH($AE98,INDIRECT(ORÇAMENTO.BancoRef),0)),\"(Código não identificado nas referências)\",MATCH($AE98,INDIRECT(ORÇAMENTO.BancoRef),0))))","v":6001},{"$f":"ROUND(IF(DESONERACAO=\"sim\",REFERENCIA.Desonerado,REFERENCIA.NaoDesonerado),2)","v":92.18},0.25,null,17.16,null,null,1977.35,115.23]
["S",2,"S",0,{"$f":"IF($C99=1,OFFSET(E99,-1,0)+MAX(1,COUNTIF(QCI!$A$13:$A$41,OFFSET(ORÇAMENTO!E99,-1,0))),OFFSET(E99,-1,0))","v":6},2,0,0,4,0,{"$f":"IF(OR($C99=\"S\",$C99=0),0,MATCH(OFFSET($D99,0,$C99)+IF($C99<>1,1,COUNTIF(QCI!$A$13:$A$41,ORÇAMENTO!E99)),OFFSET($D99,1,$C99,ROW($C$744)-ROW($C99)),0))","v":0},"F","Serviço","Serviço","6.2.4.","SINAPI","93203","FIXAÇÃO (ENCUNHAMENTO) DE ALVENARIA DE VEDAÇÃO COM ARGAMASSA APLICADA COM COLHER. AF_03/2016",{"$f":"REFERENCIA.Unidade","v":"M"},{"$f":"OFFSET(CÁLCULO!H$15,ROW($T99)-ROW(T$15),0)","v":636.52},{"$f":"ROUND(IF(DESONERACAO=\"sim\",REFERENCIA.Desonerado,REFERENCIA.NaoDesonerado),2)","v":15.91},"BDI 1",{"$f":"IF($C99=\"S\",ROUND(IF(TIPOORCAMENTO=\"Proposto\",ORÇAMENTO.CustoUnitario*(1+$AH99),ORÇAMENTO.PrecoUnitarioLicitado),15-13*$AF$10),0)","v":19.89},{"$f":"IF($C99=\"S\",IF(Import.TipoArredondamento<>\"TransfereGOV\",VTOTAL1,SUM(OFFSET(CÁLCULO!$AA$15,ROW($X99)-ROW($X$15),1):OFFSET(CÁLCULO!$AL$15,ROW($X99)-ROW($X$15),-1))),IF($C99=0,0,ROUND(SomaAgrup,15-13*$AF$11)))","v":12660.38},"RA","RA",{"$f":"IF($C99=\"S\",IF($Z99=\"CP\",$X99,IF($Z99=\"RA\",(($X99)*QCI!$AA$3),0)),SomaAgrup)","v":450.87413482285723},0,{"$f":"IF($N99=\"\",\"\",IF(ORÇAMENTO.Descricao=\"\",\"DESCRIÇÃO\",IF(AND($C99=\"S\",ORÇAMENTO.Unidade=\"\"),\"UNIDADE\",IF($X99<0,\"VALOR NEGATIVO\",IF(OR(AND(TIPOORCAMENTO=\"Proposto\",$AG99<>\"\",$AG99>0,ORÇAMENTO.CustoUnitario>$AG99),AND(TIPOORCAMENTO=\"LICITADO\",ORÇAMENTO.PrecoUnitarioLicitado>$AN99)),\"ACIMA REF.\",\"\")))))","v":""},{"$f":"IF(C99<=CRONO.NivelExibicao,MAX($AD$15:OFFSET(AD99,-1,0))+IF($C99<>1,1,MAX(1,COUNTIF(QCI!$A$13:$A$41,OFFSET($E99,-1,0)))),\"\")","v":""},{"$f":"IF(AND($C99=\"S\",ORÇAMENTO.CodBarra<>\"\"),IF(ORÇAMENTO.Fonte=\"\",ORÇAMENTO.CodBarra,CONCATENATE(ORÇAMENTO.Fonte,\" \",ORÇAMENTO.CodBarra)))","v":"SINAPI 93203"},{"$f":"IF(ISERROR(INDIRECT(ORÇAMENTO.BancoRef)),\"(abra o arquivo 'Referência \"&Excel_BuiltIn_Database&\".xlsm)\",IF(OR($C99<>\"S\",ORÇAMENTO.CodBarra=\"\"),\"(Sem Código)\",IF(ISERROR(MATCH($AE99,INDIRECT(ORÇAMENTO.BancoRef),0)),\"(Código não identificado nas referências)\",MATCH($AE99,INDIRECT(ORÇAMENTO.BancoRef),0))))","v":2836},{"$f":"ROUND(IF(DESONERACAO=\"sim\",REFERENCIA.Desonerado,REFERENCIA.NaoDesonerado),2)","v":15.91},0.25,null,636.52,null,null,12660.38,19.89]
["S",2,"S",0,{"$f":"IF($C100=1,OFFSET(E100,-1,0)+MAX(1,COUNTIF(QCI!$A$13:$A$41,OFFSET(ORÇAMENTO!E100,-1,0))),OFFSET(E100,-1,0))","v":6},2,0,0,5,0,{"$f":"IF(OR($C100=\"S\",$C100=0),0,MATCH(OFFSET($D100,0,$C100)+IF($C100<>1,1,COUNTIF(QCI!$A$13:$A$41,ORÇAMENTO!E100)),OFFSET($D100,1,$C100,ROW($C$744)-ROW($C100)),0))","v":0},"F","Serviço","Serviço","6.2.5.","SINAPI","101159","ALVENARIA DE VEDAÇÃO DE BLOCOS CERÂMICOS MACIÇOS DE 5X10X20CM (ESPESSURA 10CM) E ARGAMASSA DE ASSENTAMENTO COM PREPARO EM BETONEIRA. AF_05/2020",{"$f":"REFERENCIA.Unidade","v":"M2"},{"$f":"OFFSET(CÁLCULO!H$15,ROW($T100)-ROW(T$15),0)","v":14.71},{"$f":"ROUND(IF(DESONERACAO=\"sim\",REFERENCIA.Desonerado,REFERENCIA.NaoDesonerado),2)","v":131.88999999999999},"BDI 1",{"$f":"IF($C100=\"S\",ROUND(IF(TIPOORCAMENTO=\"Proposto\",ORÇAMENTO.CustoUnitario*(1+$AH100),ORÇAMENTO.PrecoUnitarioLicitado),15-13*$AF$10),0)","v":164.86},{"$f":"IF($C100=\"S\",IF(Import.TipoArredondamento<>\"TransfereGOV\",VTOTAL1,SUM(OFFSET(CÁLCULO!$AA$15,ROW($X100)-ROW($X$15),1):OFFSET(CÁLCULO!$AL$15,ROW($X100)-ROW($X$15),-1))),IF($C100=0,0,ROUND(SomaAgrup,15-13*$AF$11)))","v":2425.09},"RA","RA",{"$f":"IF($C100=\"S\",IF($Z100=\"CP\",$X100,IF($Z100=\"RA\",(($X100)*QCI!$AA$3),0)),SomaAgrup)","v":86.364734361651315},0,{"$f":"IF($N100=\"\",\"\",IF(ORÇAMENTO.Descricao=\"\",\"DESCRIÇÃO\",IF(AND($C100=\"S\",ORÇAMENTO.Unidade=\"\"),\"UNIDADE\",IF($X100<0,\"VALOR NEGATIVO\",IF(OR(AND(TIPOORCAMENTO=\"Proposto\",$AG100<>\"\",$AG100>0,ORÇAMENTO.CustoUnitario>$AG100),AND(TIPOORCAMENTO=\"LICITADO\",ORÇAMENTO.PrecoUnitarioLicitado>$AN100)),\"ACIMA REF.\",\"\")))))","v":""},{"$f":"IF(C100<=CRONO.NivelExibicao,MAX($AD$15:OFFSET(AD100,-1,0))+IF($C100<>1,1,MAX(1,COUNTIF(QCI!$A$13:$A$41,OFFSET($E100,-1,0)))),\"\")","v":""},{"$f":"IF(AND($C100=\"S\",ORÇAMENTO.CodBarra<>\"\"),IF(ORÇAMENTO.Fonte=\"\",ORÇAMENTO.CodBarra,CONCATENATE(ORÇAMENTO.Fonte,\" \",ORÇAMENTO.CodBarra)))","v":"SINAPI 101159"},{"$f":"IF(ISERROR(INDIRECT(ORÇAMENTO.BancoRef)),\"(abra o arquivo 'Referência \"&Excel_BuiltIn_Database&\".xlsm)\",IF(OR($C100<>\"S\",ORÇAMENTO.CodBarra=\"\"),\"(Sem Código)\",IF(ISERROR(MATCH($AE100,INDIRECT(ORÇAMENTO.BancoRef),0)),\"(Código não identificado nas referências)\",MATCH($AE100,INDIRECT(ORÇAMENTO.BancoRef),0))))","v":5994},{"$f":"ROUND(IF(DESONERACAO=\"sim\",REFERENCIA.Desonerado,REFERENCIA.NaoDesonerado),2)","v":131.88999999999999},0.25,null,14.71,null,null,2425.09,164.86]
["S",2,"S",0,{"$f":"IF($C101=1,OFFSET(E101,-1,0)+MAX(1,COUNTIF(QCI!$A$13:$A$41,OFFSET(ORÇAMENTO!E101,-1,0))),OFFSET(E101,-1,0))","v":6},2,0,0,6,0,{"$f":"IF(OR($C101=\"S\",$C101=0),0,MATCH(OFFSET($D101,0,$C101)+IF($C101<>1,1,COUNTIF(QCI!$A$13:$A$41,ORÇAMENTO!E101)),OFFSET($D101,1,$C101,ROW($C$744)-ROW($C101)),0))","v":0},"F","Serviço","Serviço","6.2.6.","SINAPI","103318","ALVENARIA DE VEDAÇÃO DE BLOCOS VAZADOS DE CONCRETO DE 14X19X39 CM (ESPESSURA 14 CM)  E ARGAMASSA DE ASSENTAMENTO COM PREPARO EM BETONEIRA. AF_12/2021",{"$f":"REFERENCIA.Unidade","v":"M2"},{"$f":"OFFSET(CÁLCULO!H$15,ROW($T101)-ROW(T$15),0)","v":9.5299999999999994},{"$f":"ROUND(IF(DESONERACAO=\"sim\",REFERENCIA.Desonerado,REFERENCIA.NaoDesonerado),2)","v":108.77},"BDI 1",{"$f":"IF($C101=\"S\",ROUND(IF(TIPOORCAMENTO=\"Proposto\",ORÇAMENTO.CustoUnitario*(1+$AH101),ORÇAMENTO.PrecoUnitarioLicitado),15-13*$AF$10),0)","v":135.96},{"$f":"IF($C101=\"S\",IF(Import.TipoArredondamento<>\"TransfereGOV\",VTOTAL1,SUM(OFFSET(CÁLCULO!$AA$15,ROW($X101)-ROW($X$15),1):OFFSET(CÁLCULO!$AL$15,ROW($X101)-ROW($X$15),-1))),IF($C101=0,0,ROUND(SomaAgrup,15-13*$AF$11)))","v":1295.7},"RA","RA",{"$f":"IF($C101=\"S\",IF($Z101=\"CP\",$X101,IF($Z101=\"RA\",(($X101)*QCI!$AA$3),0)),SomaAgrup)","v":46.143766339555064},0,{"$f":"IF($N101=\"\",\"\",IF(ORÇAMENTO.Descricao=\"\",\"DESCRIÇÃO\",IF(AND($C101=\"S\",ORÇAMENTO.Unidade=\"\"),\"UNIDADE\",IF($X101<0,\"VALOR NEGATIVO\",IF(OR(AND(TIPOORCAMENTO=\"Proposto\",$AG101<>\"\",$AG101>0,ORÇAMENTO.CustoUnitario>$AG101),AND(TIPOORCAMENTO=\"LICITADO\",ORÇAMENTO.PrecoUnitarioLicitado>$AN101)),\"ACIMA REF.\",\"\")))))","v":""},{"$f":"IF(C101<=CRONO.NivelExibicao,MAX($AD$15:OFFSET(AD101,-1,0))+IF($C101<>1,1,MAX(1,COUNTIF(QCI!$A$13:$A$41,OFFSET($E101,-1,0)))),\"\")","v":""},{"$f":"IF(AND($C101=\"S\",ORÇAMENTO.CodBarra<>\"\"),IF(ORÇAMENTO.Fonte=\"\",ORÇAMENTO.CodBarra,CONCATENATE(ORÇAMENTO.Fonte,\" \",ORÇAMENTO.CodBarra)))","v":"SINAPI 103318"},{"$f":"IF(ISERROR(INDIRECT(ORÇAMENTO.BancoRef)),\"(abra o arquivo 'Referência \"&Excel_BuiltIn_Database&\".xlsm)\",IF(OR($C101<>\"S\",ORÇAMENTO.CodBarra=\"\"),\"(Sem Código)\",IF(ISERROR(MATCH($AE101,INDIRECT(ORÇAMENTO.BancoRef),0)),\"(Código não identificado nas referências)\",MATCH($AE101,INDIRECT(ORÇAMENTO.BancoRef),0))))","v":6050},{"$f":"ROUND(IF(DESONERACAO=\"sim\",REFERENCIA.Desonerado,REFERENCIA.NaoDesonerado),2)","v":108.77},0.25,null,9.5299999999999994,null,null,1295.7,135.96]
[2,2,2,4,{"$f":"IF($C102=1,OFFSET(E102,-1,0)+MAX(1,COUNTIF(QCI!$A$13:$A$41,OFFSET(ORÇAMENTO!E102,-1,0))),OFFSET(E102,-1,0))","v":6},3,0,0,0,4,{"$f":"IF(OR($C102=\"S\",$C102=0),0,MATCH(OFFSET($D102,0,$C102)+IF($C102<>1,1,COUNTIF(QCI!$A$13:$A$41,ORÇAMENTO!E102)),OFFSET($D102,1,$C102,ROW($C$744)-ROW($C102)),0))","v":25},"F","Nível 2","Nível 2","6.3.","SINAPI",null,"Divisórias",{"$f":"REFERENCIA.Unidade","v":"-"},{"$f":"OFFSET(CÁLCULO!H$15,ROW($T102)-ROW(T$15),0)","v":0},null,"BDI 1",{"$f":"IF($C102=\"S\",ROUND(IF(TIPOORCAMENTO=\"Proposto\",ORÇAMENTO.CustoUnitario*(1+$AH102),ORÇAMENTO.PrecoUnitarioLicitado),15-13*$AF$10),0)","v":0},{"$f":"IF($C102=\"S\",IF(Import.TipoArredondamento<>\"TransfereGOV\",VTOTAL1,SUM(OFFSET(CÁLCULO!$AA$15,ROW($X102)-ROW($X$15),1):OFFSET(CÁLCULO!$AL$15,ROW($X102)-ROW($X$15),-1))),IF($C102=0,0,ROUND(SomaAgrup,15-13*$AF$11)))","v":25607.35},"RA","",{"$f":"IF($C102=\"S\",IF($Z102=\"CP\",$X102,IF($Z102=\"RA\",(($X102)*QCI!$AA$3),0)),SomaAgrup)","v":911.9545998110716},0,{"$f":"IF($N102=\"\",\"\",IF(ORÇAMENTO.Descricao=\"\",\"DESCRIÇÃO\",IF(AND($C102=\"S\",ORÇAMENTO.Unidade=\"\"),\"UNIDADE\",IF($X102<0,\"VALOR NEGATIVO\",IF(OR(AND(TIPOORCAMENTO=\"Proposto\",$AG102<>\"\",$AG102>0,ORÇAMENTO.CustoUnitario>$AG102),AND(TIPOORCAMENTO=\"LICITADO\",ORÇAMENTO.PrecoUnitarioLicitado>$AN102)),\"ACIMA REF.\",\"\")))))","v":""},{"$f":"IF(C102<=CRONO.NivelExibicao,MAX($AD$15:OFFSET(AD102,-1,0))+IF($C102<>1,1,MAX(1,COUNTIF(QCI!$A$13:$A$41,OFFSET($E102,-1,0)))),\"\")","v":19},{"$f":"IF(AND($C102=\"S\",ORÇAMENTO.CodBarra<>\"\"),IF(ORÇAMENTO.Fonte=\"\",ORÇAMENTO.CodBarra,CONCATENATE(ORÇAMENTO.Fonte,\" \",ORÇAMENTO.CodBarra)))","v":false},{"$f":"IF(ISERROR(INDIRECT(ORÇAMENTO.BancoRef)),\"(abra o arquivo 'Referência \"&Excel_BuiltIn_Database&\".xlsm)\",IF(OR($C102<>\"S\",ORÇAMENTO.CodBarra=\"\"),\"(Sem Código)\",IF(ISERROR(MATCH($AE102,INDIRECT(ORÇAMENTO.BancoRef),0)),\"(Código não identificado nas referências)\",MATCH($AE102,INDIRECT(ORÇAMENTO.BancoRef),0))))","v":"(Sem Código)"},{"$f":"ROUND(IF(DESONERACAO=\"sim\",REFERENCIA.Desonerado,REFERENCIA.NaoDesonerado),2)","v":0},0.25,null,null,null,null,25607.35,0]
["S",2,"S",0,{"$f":"IF($C103=1,OFFSET(E103,-1,0)+MAX(1,COUNTIF(QCI!$A$13:$A$41,OFFSET(ORÇAMENTO!E103,-1,0))),OFFSET(E103,-1,0))","v":6},3,0,0,1,0,{"$f":"IF(OR($C103=\"S\",$C103=0),0,MATCH(OFFSET($D103,0,$C103)+IF($C103<>1,1,COUNTIF(QCI!$A$13:$A$41,ORÇAMENTO!E103)),OFFSET($D103,1,$C103,ROW($C$744)-ROW($C103)),0))","v":0},"F","Serviço","Serviço","6.3.1.","SINAPI","102253","DIVISORIA SANITÁRIA, TIPO CABINE, EM GRANITO CINZA POLIDO, ESP = 3CM, ASSENTADO COM ARGAMASSA COLANTE AC III-E, EXCLUSIVE FERRAGENS. AF_01/2021",{"$f":"REFERENCIA.Unidade","v":"M2"},{"$f":"OFFSET(CÁLCULO!H$15,ROW($T103)-ROW(T$15),0)","v":14.36},{"$f":"ROUND(IF(DESONERACAO=\"sim\",REFERENCIA.Desonerado,REFERENCIA.NaoDesonerado),2)","v":1106.1300000000001},"BDI 1",{"$f":"IF($C103=\"S\",ROUND(IF(TIPOORCAMENTO=\"Proposto\",ORÇAMENTO.CustoUnitario*(1+$AH103),ORÇAMENTO.PrecoUnitarioLicitado),15-13*$AF$10),0)","v":1382.66},{"$f":"IF($C103=\"S\",IF(Import.TipoArredondamento<>\"TransfereGOV\",VTOTAL1,SUM(OFFSET(CÁLCULO!$AA$15,ROW($X103)-ROW($X$15),1):OFFSET(CÁLCULO!$AL$15,ROW($X103)-ROW($X$15),-1))),IF($C103=0,0,ROUND(SomaAgrup,15-13*$AF$11)))","v":19855},"RA","RA",{"$f":"IF($C103=\"S\",IF($Z103=\"CP\",$X103,IF($Z103=\"RA\",(($X103)*QCI!$AA$3),0)),SomaAgrup)","v":707.09614931841156},0,{"$f":"IF($N103=\"\",\"\",IF(ORÇAMENTO.Descricao=\"\",\"DESCRIÇÃO\",IF(AND($C103=\"S\",ORÇAMENTO.Unidade=\"\"),\"UNIDADE\",IF($X103<0,\"VALOR NEGATIVO\",IF(OR(AND(TIPOORCAMENTO=\"Proposto\",$AG103<>\"\",$AG103>0,ORÇAMENTO.CustoUnitario>$AG103),AND(TIPOORCAMENTO=\"LICITADO\",ORÇAMENTO.PrecoUnitarioLicitado>$AN103)),\"ACIMA REF.\",\"\")))))","v":""},{"$f":"IF(C103<=CRONO.NivelExibicao,MAX($AD$15:OFFSET(AD103,-1,0))+IF($C103<>1,1,MAX(1,COUNTIF(QCI!$A$13:$A$41,OFFSET($E103,-1,0)))),\"\")","v":""},{"$f":"IF(AND($C103=\"S\",ORÇAMENTO.CodBarra<>\"\"),IF(ORÇAMENTO.Fonte=\"\",ORÇAMENTO.CodBarra,CONCATENATE(ORÇAMENTO.Fonte,\" \",ORÇAMENTO.CodBarra)))","v":"SINAPI 102253"},{"$f":"IF(ISERROR(INDIRECT(ORÇAMENTO.BancoRef)),\"(abra o arquivo 'Referência \"&Excel_BuiltIn_Database&\".xlsm)\",IF(OR($C103<>\"S\",ORÇAMENTO.CodBarra=\"\"),\"(Sem Código)\",IF(ISERROR(MATCH($AE103,INDIRECT(ORÇAMENTO.BancoRef),0)),\"(Código não identificado nas referências)\",MATCH($AE103,INDIRECT(ORÇAMENTO.BancoRef),0))))","v":6090},{"$f":"ROUND(IF(DESONERACAO=\"sim\",REFERENCIA.Desonerado,REFERENCIA.NaoDesonerado),2)","v":1106.1300000000001},0.25,null,14.36,null,null,19855,1382.66]
["S",2,"S",0,{"$f":"IF($C104=1,OFFSET(E104,-1,0)+MAX(1,COUNTIF(QCI!$A$13:$A$41,OFFSET(ORÇAMENTO!E104,-1,0))),OFFSET(E104,-1,0))","v":6},3,0,0,2,0,{"$f":"IF(OR($C104=\"S\",$C104=0),0,MATCH(OFFSET($D104,0,$C104)+IF($C104<>1,1,COUNTIF(QCI!$A$13:$A$41,ORÇAMENTO!E104)),OFFSET($D104,1,$C104,ROW($C$744)-ROW($C104)),0))","v":0},"F","Serviço","Serviço","6.3.2.","SINAPI","102181","INSTALAÇÃO DE BOX DE VIDRO TEMPERADO, E = 10 MM, ENCAIXADO EM PERFIL U. AF_01/2021_PS",{"$f":"REFERENCIA.Unidade","v":"M2"},{"$f":"OFFSET(CÁLCULO!H$15,ROW($T104)-ROW(T$15),0)","v":5.94},{"$f":"ROUND(IF(DESONERACAO=\"sim\",REFERENCIA.Desonerado,REFERENCIA.NaoDesonerado),2)","v":412.88},"BDI 1",{"$f":"IF($C104=\"S\",ROUND(IF(TIPOORCAMENTO=\"Proposto\",ORÇAMENTO.CustoUnitario*(1+$AH104),ORÇAMENTO.PrecoUnitarioLicitado),15-13*$AF$10),0)","v":516.1},{"$f":"IF($C104=\"S\",IF(Import.TipoArredondamento<>\"TransfereGOV\",VTOTAL1,SUM(OFFSET(CÁLCULO!$AA$15,ROW($X104)-ROW($X$15),1):OFFSET(CÁLCULO!$AL$15,ROW($X104)-ROW($X$15),-1))),IF($C104=0,0,ROUND(SomaAgrup,15-13*$AF$11)))","v":3065.63},"RA","RA",{"$f":"IF($C104=\"S\",IF($Z104=\"CP\",$X104,IF($Z104=\"RA\",(($X104)*QCI!$AA$3),0)),SomaAgrup)","v":109.17628648879386},0,{"$f":"IF($N104=\"\",\"\",IF(ORÇAMENTO.Descricao=\"\",\"DESCRIÇÃO\",IF(AND($C104=\"S\",ORÇAMENTO.Unidade=\"\"),\"UNIDADE\",IF($X104<0,\"VALOR NEGATIVO\",IF(OR(AND(TIPOORCAMENTO=\"Proposto\",$AG104<>\"\",$AG104>0,ORÇAMENTO.CustoUnitario>$AG104),AND(TIPOORCAMENTO=\"LICITADO\",ORÇAMENTO.PrecoUnitarioLicitado>$AN104)),\"ACIMA REF.\",\"\")))))","v":""},{"$f":"IF(C104<=CRONO.NivelExibicao,MAX($AD$15:OFFSET(AD104,-1,0))+IF($C104<>1,1,MAX(1,COUNTIF(QCI!$A$13:$A$41,OFFSET($E104,-1,0)))),\"\")","v":""},{"$f":"IF(AND($C104=\"S\",ORÇAMENTO.CodBarra<>\"\"),IF(ORÇAMENTO.Fonte=\"\",ORÇAMENTO.CodBarra,CONCATENATE(ORÇAMENTO.Fonte,\" \",ORÇAMENTO.CodBarra)))","v":"SINAPI 102181"},{"$f":"IF(ISERROR(INDIRECT(ORÇAMENTO.BancoRef)),\"(abra o arquivo 'Referência \"&Excel_BuiltIn_Database&\".xlsm)\",IF(OR($C104<>\"S\",ORÇAMENTO.CodBarra=\"\"),\"(Sem Código)\",IF(ISERROR(MATCH($AE104,INDIRECT(ORÇAMENTO.BancoRef),0)),\"(Código não identificado nas referências)\",MATCH($AE104,INDIRECT(ORÇAMENTO.BancoRef),0))))","v":2316},{"$f":"ROUND(IF(DESONERACAO=\"sim\",REFERENCIA.Desonerado,REFERENCIA.NaoDesonerado),2)","v":412.88},0.25,null,5.94,null,null,3065.63,516.1]
["S",2,"S",0,{"$f":"IF($C105=1,OFFSET(E105,-1,0)+MAX(1,COUNTIF(QCI!$A$13:$A$41,OFFSET(ORÇAMENTO!E105,-1,0))),OFFSET(E105,-1,0))","v":6},3,0,0,3,0,{"$f":"IF(OR($C105=\"S\",$C105=0),0,MATCH(OFFSET($D105,0,$C105)+IF($C105<>1,1,COUNTIF(QCI!$A$13:$A$41,ORÇAMENTO!E105)),OFFSET($D105,1,$C105,ROW($C$744)-ROW($C105)),0))","v":0},"F","Serviço","Serviço","6.3.3.","SINAPI","102235","DIVISÓRIA FIXA EM VIDRO TEMPERADO 10 MM, SEM ABERTURA. AF_01/2021_PS",{"$f":"REFERENCIA.Unidade","v":"M2"},{"$f":"OFFSET(CÁLCULO!H$15,ROW($T105)-ROW(T$15),0)","v":5.38},{"$f":"ROUND(IF(DESONERACAO=\"sim\",REFERENCIA.Desonerado,REFERENCIA.NaoDesonerado),2)","v":399.51},"BDI 1",{"$f":"IF($C105=\"S\",ROUND(IF(TIPOORCAMENTO=\"Proposto\",ORÇAMENTO.CustoUnitario*(1+$AH105),ORÇAMENTO.PrecoUnitarioLicitado),15-13*$AF$10),0)","v":499.39},{"$f":"IF($C105=\"S\",IF(Import.TipoArredondamento<>\"TransfereGOV\",VTOTAL1,SUM(OFFSET(CÁLCULO!$AA$15,ROW($X105)-ROW($X$15),1):OFFSET(CÁLCULO!$AL$15,ROW($X105)-ROW($X$15),-1))),IF($C105=0,0,ROUND(SomaAgrup,15-13*$AF$11)))","v":2686.72},"RA","RA",{"$f":"IF($C105=\"S\",IF($Z105=\"CP\",$X105,IF($Z105=\"RA\",(($X105)*QCI!$AA$3),0)),SomaAgrup)","v":95.682164003866149},0,{"$f":"IF($N105=\"\",\"\",IF(ORÇAMENTO.Descricao=\"\",\"DESCRIÇÃO\",IF(AND($C105=\"S\",ORÇAMENTO.Unidade=\"\"),\"UNIDADE\",IF($X105<0,\"VALOR NEGATIVO\",IF(OR(AND(TIPOORCAMENTO=\"Proposto\",$AG105<>\"\",$AG105>0,ORÇAMENTO.CustoUnitario>$AG105),AND(TIPOORCAMENTO=\"LICITADO\",ORÇAMENTO.PrecoUnitarioLicitado>$AN105)),\"ACIMA REF.\",\"\")))))","v":""},{"$f":"IF(C105<=CRONO.NivelExibicao,MAX($AD$15:OFFSET(AD105,-1,0))+IF($C105<>1,1,MAX(1,COUNTIF(QCI!$A$13:$A$41,OFFSET($E105,-1,0)))),\"\")","v":""},{"$f":"IF(AND($C105=\"S\",ORÇAMENTO.CodBarra<>\"\"),IF(ORÇAMENTO.Fonte=\"\",ORÇAMENTO.CodBarra,CONCATENATE(ORÇAMENTO.Fonte,\" \",ORÇAMENTO.CodBarra)))","v":"SINAPI 102235"},{"$f":"IF(ISERROR(INDIRECT(ORÇAMENTO.BancoRef)),\"(abra o arquivo 'Referência \"&Excel_BuiltIn_Database&\".xlsm)\",IF(OR($C105<>\"S\",ORÇAMENTO.CodBarra=\"\"),\"(Sem Código)\",IF(ISERROR(MATCH($AE105,INDIRECT(ORÇAMENTO.BancoRef),0)),\"(Código não identificado nas referências)\",MATCH($AE105,INDIRECT(ORÇAMENTO.BancoRef),0))))","v":6089},{"$f":"ROUND(IF(DESONERACAO=\"sim\",REFERENCIA.Desonerado,REFERENCIA.NaoDesonerado),2)","v":399.51},0.25,null,5.38,null,null,2686.72,499.39]
[1,1,1,56,{"$f":"IF($C106=1,OFFSET(E106,-1,0)+MAX(1,COUNTIF(QCI!$A$13:$A$41,OFFSET(ORÇAMENTO!E106,-1,0))),OFFSET(E106,-1,0))","v":7},0,0,0,0,638,{"$f":"IF(OR($C106=\"S\",$C106=0),0,MATCH(OFFSET($D106,0,$C106)+IF($C106<>1,1,COUNTIF(QCI!$A$13:$A$41,ORÇAMENTO!E106)),OFFSET($D106,1,$C106,ROW($C$744)-ROW($C106)),0))","v":56},"F","Meta","Meta","7.","SINAPI",null,"ESQUADRIAS",{"$f":"REFERENCIA.Unidade","v":"-"},{"$f":"OFFSET(CÁLCULO!H$15,ROW($T106)-ROW(T$15),0)","v":0},null,"BDI 1",{"$f":"IF($C106=\"S\",ROUND(IF(TIPOORCAMENTO=\"Proposto\",ORÇAMENTO.CustoUnitario*(1+$AH106),ORÇAMENTO.PrecoUnitarioLicitado),15-13*$AF$10),0)","v":0},{"$f":"IF($C106=\"S\",IF(Import.TipoArredondamento<>\"TransfereGOV\",VTOTAL1,SUM(OFFSET(CÁLCULO!$AA$15,ROW($X106)-ROW($X$15),1):OFFSET(CÁLCULO!$AL$15,ROW($X106)-ROW($X$15),-1))),IF($C106=0,0,ROUND(SomaAgrup,15-13*$AF$11)))","v":640854.67000000004},"RA","",{"$f":"IF($C106=\"S\",IF($Z106=\"CP\",$X106,IF($Z106=\"RA\",(($X106)*QCI!$AA$3),0)),SomaAgrup)","v":22822.758470396446},0,{"$f":"IF($N106=\"\",\"\",IF(ORÇAMENTO.Descricao=\"\",\"DESCRIÇÃO\",IF(AND($C106=\"S\",ORÇAMENTO.Unidade=\"\"),\"UNIDADE\",IF($X106<0,\"VALOR NEGATIVO\",IF(OR(AND(TIPOORCAMENTO=\"Proposto\",$AG106<>\"\",$AG106>0,ORÇAMENTO.CustoUnitario>$AG106),AND(TIPOORCAMENTO=\"LICITADO\",ORÇAMENTO.PrecoUnitarioLicitado>$AN106)),\"ACIMA REF.\",\"\")))))","v":""},{"$f":"IF(C106<=CRONO.NivelExibicao,MAX($AD$15:OFFSET(AD106,-1,0))+IF($C106<>1,1,MAX(1,COUNTIF(QCI!$A$13:$A$41,OFFSET($E106,-1,0)))),\"\")","v":20},{"$f":"IF(AND($C106=\"S\",ORÇAMENTO.CodBarra<>\"\"),IF(ORÇAMENTO.Fonte=\"\",ORÇAMENTO.CodBarra,CONCATENATE(ORÇAMENTO.Fonte,\" \",ORÇAMENTO.CodBarra)))","v":false},{"$f":"IF(ISERROR(INDIRECT(ORÇAMENTO.BancoRef)),\"(abra o arquivo 'Referência \"&Excel_BuiltIn_Database&\".xlsm)\",IF(OR($C106<>\"S\",ORÇAMENTO.CodBarra=\"\"),\"(Sem Código)\",IF(ISERROR(MATCH($AE106,INDIRECT(ORÇAMENTO.BancoRef),0)),\"(Código não identificado nas referências)\",MATCH($AE106,INDIRECT(ORÇAMENTO.BancoRef),0))))","v":"(Sem Código)"},{"$f":"ROUND(IF(DESONERACAO=\"sim\",REFERENCIA.Desonerado,REFERENCIA.NaoDesonerado),2)","v":0},0.25,null,null,null,null,640854.67000000004,0]
[2,2,2,7,{"$f":"IF($C107=1,OFFSET(E107,-1,0)+MAX(1,COUNTIF(QCI!$A$13:$A$41,OFFSET(ORÇAMENTO!E107,-1,0))),OFFSET(E107,-1,0))","v":7},1,0,0,0,55,{"$f":"IF(OR($C107=\"S\",$C107=0),0,MATCH(OFFSET($D107,0,$C107)+IF($C107<>1,1,COUNTIF(QCI!$A$13:$A$41,ORÇAMENTO!E107)),OFFSET($D107,1,$C107,ROW($C$744)-ROW($C107)),0))","v":7},"F","Nível 2","Nível 2","7.1.","SINAPI",null,"Portas de madeira",{"$f":"REFERENCIA.Unidade","v":"-"},{"$f":"OFFSET(CÁLCULO!H$15,ROW($T107)-ROW(T$15),0)","v":0},null,"BDI 1",{"$f":"IF($C107=\"S\",ROUND(IF(TIPOORCAMENTO=\"Proposto\",ORÇAMENTO.CustoUnitario*(1+$AH107),ORÇAMENTO.PrecoUnitarioLicitado),15-13*$AF$10),0)","v":0},{"$f":"IF($C107=\"S\",IF(Import.TipoArredondamento<>\"TransfereGOV\",VTOTAL1,SUM(OFFSET(CÁLCULO!$AA$15,ROW($X107)-ROW($X$15),1):OFFSET(CÁLCULO!$AL$15,ROW($X107)-ROW($X$15),-1))),IF($C107=0,0,ROUND(SomaAgrup,15-13*$AF$11)))","v":68419.56},"RA","",{"$f":"IF($C107=\"S\",IF($Z107=\"CP\",$X107,IF($Z107=\"RA\",(($X107)*QCI!$AA$3),0)),SomaAgrup)","v":2436.6259085399151},0,{"$f":"IF($N107=\"\",\"\",IF(ORÇAMENTO.Descricao=\"\",\"DESCRIÇÃO\",IF(AND($C107=\"S\",ORÇAMENTO.Unidade=\"\"),\"UNIDADE\",IF($X107<0,\"VALOR NEGATIVO\",IF(OR(AND(TIPOORCAMENTO=\"Proposto\",$AG107<>\"\",$AG107>0,ORÇAMENTO.CustoUnitario>$AG107),AND(TIPOORCAMENTO=\"LICITADO\",ORÇAMENTO.PrecoUnitarioLicitado>$AN107)),\"ACIMA REF.\",\"\")))))","v":""},{"$f":"IF(C107<=CRONO.NivelExibicao,MAX($AD$15:OFFSET(AD107,-1,0))+IF($C107<>1,1,MAX(1,COUNTIF(QCI!$A$13:$A$41,OFFSET($E107,-1,0)))),\"\")","v":21},{"$f":"IF(AND($C107=\"S\",ORÇAMENTO.CodBarra<>\"\"),IF(ORÇAMENTO.Fonte=\"\",ORÇAMENTO.CodBarra,CONCATENATE(ORÇAMENTO.Fonte,\" \",ORÇAMENTO.CodBarra)))","v":false},{"$f":"IF(ISERROR(INDIRECT(ORÇAMENTO.BancoRef)),\"(abra o arquivo 'Referência \"&Excel_BuiltIn_Database&\".xlsm)\",IF(OR($C107<>\"S\",ORÇAMENTO.CodBarra=\"\"),\"(Sem Código)\",IF(ISERROR(MATCH($AE107,INDIRECT(ORÇAMENTO.BancoRef),0)),\"(Código não identificado nas referências)\",MATCH($AE107,INDIRECT(ORÇAMENTO.BancoRef),0))))","v":"(Sem Código)"},{"$f":"ROUND(IF(DESONERACAO=\"sim\",REFERENCIA.Desonerado,REFERENCIA.NaoDesonerado),2)","v":0},0.25,null,null,null,null,68419.56,0]
["S",2,"S",0,{"$f":"IF($C108=1,OFFSET(E108,-1,0)+MAX(1,COUNTIF(QCI!$A$13:$A$41,OFFSET(ORÇAMENTO!E108,-1,0))),OFFSET(E108,-1,0))","v":7},1,0,0,1,0,{"$f":"IF(OR($C108=\"S\",$C108=0),0,MATCH(OFFSET($D108,0,$C108)+IF($C108<>1,1,COUNTIF(QCI!$A$13:$A$41,ORÇAMENTO!E108)),OFFSET($D108,1,$C108,ROW($C$744)-ROW($C108)),0))","v":0},"F","Serviço","Serviço","7.1.1.","Composição","FNDE 243","PM1 - KIT DE PORTA DE MADEIRA FRISADA, SEMI-OCA (LEVE OU MÉDIA), PADRÃO MÉDIO, 80X210CM, ESPESSURA DE 3,5CM, ITENS INCLUSOS: DOBRADIÇAS, MONTAGEM E INSTALAÇÃO DE BATENTE, FECHADURA COM EXECUÇÃO DO FURO - FORNECIMENTO E INSTALAÇÃO","M",{"$f":"OFFSET(CÁLCULO!H$15,ROW($T108)-ROW(T$15),0)","v":17},926.5,"BDI 1",{"$f":"IF($C108=\"S\",ROUND(IF(TIPOORCAMENTO=\"Proposto\",ORÇAMENTO.CustoUnitario*(1+$AH108),ORÇAMENTO.PrecoUnitarioLicitado),15-13*$AF$10),0)","v":1158.1300000000001},{"$f":"IF($C108=\"S\",IF(Import.TipoArredondamento<>\"TransfereGOV\",VTOTAL1,SUM(OFFSET(CÁLCULO!$AA$15,ROW($X108)-ROW($X$15),1):OFFSET(CÁLCULO!$AL$15,ROW($X108)-ROW($X$15),-1))),IF($C108=0,0,ROUND(SomaAgrup,15-13*$AF$11)))","v":19688.21},"RA","RA",{"$f":"IF($C108=\"S\",IF($Z108=\"CP\",$X108,IF($Z108=\"RA\",(($X108)*QCI!$AA$3),0)),SomaAgrup)","v":701.15625676012303},0,{"$f":"IF($N108=\"\",\"\",IF(ORÇAMENTO.Descricao=\"\",\"DESCRIÇÃO\",IF(AND($C108=\"S\",ORÇAMENTO.Unidade=\"\"),\"UNIDADE\",IF($X108<0,\"VALOR NEGATIVO\",IF(OR(AND(TIPOORCAMENTO=\"Proposto\",$AG108<>\"\",$AG108>0,ORÇAMENTO.CustoUnitario>$AG108),AND(TIPOORCAMENTO=\"LICITADO\",ORÇAMENTO.PrecoUnitarioLicitado>$AN108)),\"ACIMA REF.\",\"\")))))","v":""},{"$f":"IF(C108<=CRONO.NivelExibicao,MAX($AD$15:OFFSET(AD108,-1,0))+IF($C108<>1,1,MAX(1,COUNTIF(QCI!$A$13:$A$41,OFFSET($E108,-1,0)))),\"\")","v":""},{"$f":"IF(AND($C108=\"S\",ORÇAMENTO.CodBarra<>\"\"),IF(ORÇAMENTO.Fonte=\"\",ORÇAMENTO.CodBarra,CONCATENATE(ORÇAMENTO.Fonte,\" \",ORÇAMENTO.CodBarra)))","v":"Composição FNDE 243"},{"$f":"IF(ISERROR(INDIRECT(ORÇAMENTO.BancoRef)),\"(abra o arquivo 'Referência \"&Excel_BuiltIn_Database&\".xlsm)\",IF(OR($C108<>\"S\",ORÇAMENTO.CodBarra=\"\"),\"(Sem Código)\",IF(ISERROR(MATCH($AE108,INDIRECT(ORÇAMENTO.BancoRef),0)),\"(Código não identificado nas referências)\",MATCH($AE108,INDIRECT(ORÇAMENTO.BancoRef),0))))","v":"(Código não identificado nas referências)"},{"$f":"ROUND(IF(DESONERACAO=\"sim\",REFERENCIA.Desonerado,REFERENCIA.NaoDesonerado),2)","v":0},0.25,null,17,null,null,19688.21,1158.1300000000001]
["S",2,"S",0,{"$f":"IF($C109=1,OFFSET(E109,-1,0)+MAX(1,COUNTIF(QCI!$A$13:$A$41,OFFSET(ORÇAMENTO!E109,-1,0))),OFFSET(E109,-1,0))","v":7},1,0,0,2,0,{"$f":"IF(OR($C109=\"S\",$C109=0),0,MATCH(OFFSET($D109,0,$C109)+IF($C109<>1,1,COUNTIF(QCI!$A$13:$A$41,ORÇAMENTO!E109)),OFFSET($D109,1,$C109,ROW($C$744)-ROW($C109)),0))","v":0},"F","Serviço","Serviço","7.1.2.","Composição","FNDE 247","PM 2 - KIT DE PORTA DE MADEIRA COM VENEZIANA, 80X210CM (ESPESSURA DE 3CM), PADRÃO MÉDIO, ITENS INCLUSOS: DOBRADIÇAS, MONTAGEM E INSTALAÇÃO DE BATENTE, FECHADURA COM EXECUÇÃO DO FURO - FORNECIMENTO E INSTALAÇÃO","M",{"$f":"OFFSET(CÁLCULO!H$15,ROW($T109)-ROW(T$15),0)","v":2},1849.75,"BDI 1",{"$f":"IF($C109=\"S\",ROUND(IF(TIPOORCAMENTO=\"Proposto\",ORÇAMENTO.CustoUnitario*(1+$AH109),ORÇAMENTO.PrecoUnitarioLicitado),15-13*$AF$10),0)","v":2312.19},{"$f":"IF($C109=\"S\",IF(Import.TipoArredondamento<>\"TransfereGOV\",VTOTAL1,SUM(OFFSET(CÁLCULO!$AA$15,ROW($X109)-ROW($X$15),1):OFFSET(CÁLCULO!$AL$15,ROW($X109)-ROW($X$15),-1))),IF($C109=0,0,ROUND(SomaAgrup,15-13*$AF$11)))","v":4624.38},"RA","RA",{"$f":"IF($C109=\"S\",IF($Z109=\"CP\",$X109,IF($Z109=\"RA\",(($X109)*QCI!$AA$3),0)),SomaAgrup)","v":164.68805293301818},0,{"$f":"IF($N109=\"\",\"\",IF(ORÇAMENTO.Descricao=\"\",\"DESCRIÇÃO\",IF(AND($C109=\"S\",ORÇAMENTO.Unidade=\"\"),\"UNIDADE\",IF($X109<0,\"VALOR NEGATIVO\",IF(OR(AND(TIPOORCAMENTO=\"Proposto\",$AG109<>\"\",$AG109>0,ORÇAMENTO.CustoUnitario>$AG109),AND(TIPOORCAMENTO=\"LICITADO\",ORÇAMENTO.PrecoUnitarioLicitado>$AN109)),\"ACIMA REF.\",\"\")))))","v":""},{"$f":"IF(C109<=CRONO.NivelExibicao,MAX($AD$15:OFFSET(AD109,-1,0))+IF($C109<>1,1,MAX(1,COUNTIF(QCI!$A$13:$A$41,OFFSET($E109,-1,0)))),\"\")","v":""},{"$f":"IF(AND($C109=\"S\",ORÇAMENTO.CodBarra<>\"\"),IF(ORÇAMENTO.Fonte=\"\",ORÇAMENTO.CodBarra,CONCATENATE(ORÇAMENTO.Fonte,\" \",ORÇAMENTO.CodBarra)))","v":"Composição FNDE 247"},{"$f":"IF(ISERROR(INDIRECT(ORÇAMENTO.BancoRef)),\"(abra o arquivo 'Referência \"&Excel_BuiltIn_Database&\".xlsm)\",IF(OR($C109<>\"S\",ORÇAMENTO.CodBarra=\"\"),\"(Sem Código)\",IF(ISERROR(MATCH($AE109,INDIRECT(ORÇAMENTO.BancoRef),0)),\"(Código não identificado nas referências)\",MATCH($AE109,INDIRECT(ORÇAMENTO.BancoRef),0))))","v":"(Código não identificado nas referências)"},{"$f":"ROUND(IF(DESONERACAO=\"sim\",REFERENCIA.Desonerado,REFERENCIA.NaoDesonerado),2)","v":0},0.25,null,2,null,null,4624.38,2312.19]
["S",2,"S",0,{"$f":"IF($C110=1,OFFSET(E110,-1,0)+MAX(1,COUNTIF(QCI!$A$13:$A$41,OFFSET(ORÇAMENTO!E110,-1,0))),OFFSET(E110,-1,0))","v":7},1,0,0,3,0,{"$f":"IF(OR($C110=\"S\",$C110=0),0,MATCH(OFFSET($D110,0,$C110)+IF($C110<>1,1,COUNTIF(QCI!$A$13:$A$41,ORÇAMENTO!E110)),OFFSET($D110,1,$C110,ROW($C$744)-ROW($C110)),0))","v":0},"F","Serviço","Serviço","7.1.3.","Composição","FNDE 246","PM3 - KIT DE PORTA DE MADEIRA FRISADA, SEMI-OCA (LEVE OU MÉDIA), PADRÃO MÉDIO, 80X210CM, ESPESSURA DE 3,5CM, ITENS INCLUSOS: DOBRADIÇAS, MONTAGEM E INSTALAÇÃO DE BATENTE, FECHADURA COM EXECUÇÃO DO FURO - FORNECIMENTO E INSTALAÇÃO. AF_12/2019","M",{"$f":"OFFSET(CÁLCULO!H$15,ROW($T110)-ROW(T$15),0)","v":4},1426.4099999999999,"BDI 1",{"$f":"IF($C110=\"S\",ROUND(IF(TIPOORCAMENTO=\"Proposto\",ORÇAMENTO.CustoUnitario*(1+$AH110),ORÇAMENTO.PrecoUnitarioLicitado),15-13*$AF$10),0)","v":1783.01},{"$f":"IF($C110=\"S\",IF(Import.TipoArredondamento<>\"TransfereGOV\",VTOTAL1,SUM(OFFSET(CÁLCULO!$AA$15,ROW($X110)-ROW($X$15),1):OFFSET(CÁLCULO!$AL$15,ROW($X110)-ROW($X$15),-1))),IF($C110=0,0,ROUND(SomaAgrup,15-13*$AF$11)))","v":7132.04},"RA","RA",{"$f":"IF($C110=\"S\",IF($Z110=\"CP\",$X110,IF($Z110=\"RA\",(($X110)*QCI!$AA$3),0)),SomaAgrup)","v":253.99335284738774},0,{"$f":"IF($N110=\"\",\"\",IF(ORÇAMENTO.Descricao=\"\",\"DESCRIÇÃO\",IF(AND($C110=\"S\",ORÇAMENTO.Unidade=\"\"),\"UNIDADE\",IF($X110<0,\"VALOR NEGATIVO\",IF(OR(AND(TIPOORCAMENTO=\"Proposto\",$AG110<>\"\",$AG110>0,ORÇAMENTO.CustoUnitario>$AG110),AND(TIPOORCAMENTO=\"LICITADO\",ORÇAMENTO.PrecoUnitarioLicitado>$AN110)),\"ACIMA REF.\",\"\")))))","v":""},{"$f":"IF(C110<=CRONO.NivelExibicao,MAX($AD$15:OFFSET(AD110,-1,0))+IF($C110<>1,1,MAX(1,COUNTIF(QCI!$A$13:$A$41,OFFSET($E110,-1,0)))),\"\")","v":""},{"$f":"IF(AND($C110=\"S\",ORÇAMENTO.CodBarra<>\"\"),IF(ORÇAMENTO.Fonte=\"\",ORÇAMENTO.CodBarra,CONCATENATE(ORÇAMENTO.Fonte,\" \",ORÇAMENTO.CodBarra)))","v":"Composição FNDE 246"},{"$f":"IF(ISERROR(INDIRECT(ORÇAMENTO.BancoRef)),\"(abra o arquivo 'Referência \"&Excel_BuiltIn_Database&\".xlsm)\",IF(OR($C110<>\"S\",ORÇAMENTO.CodBarra=\"\"),\"(Sem Código)\",IF(ISERROR(MATCH($AE110,INDIRECT(ORÇAMENTO.BancoRef),0)),\"(Código não identificado nas referências)\",MATCH($AE110,INDIRECT(ORÇAMENTO.BancoRef),0))))","v":"(Código não identificado nas referências)"},{"$f":"ROUND(IF(DESONERACAO=\"sim\",REFERENCIA.Desonerado,REFERENCIA.NaoDesonerado),2)","v":0},0.25,null,4,null,null,7132.04,1783.01]
["S",2,"S",0,{"$f":"IF($C111=1,OFFSET(E111,-1,0)+MAX(1,COUNTIF(QCI!$A$13:$A$41,OFFSET(ORÇAMENTO!E111,-1,0))),OFFSET(E111,-1,0))","v":7},1,0,0,4,0,{"$f":"IF(OR($C111=\"S\",$C111=0),0,MATCH(OFFSET($D111,0,$C111)+IF($C111<>1,1,COUNTIF(QCI!$A$13:$A$41,ORÇAMENTO!E111)),OFFSET($D111,1,$C111,ROW($C$744)-ROW($C111)),0))","v":0},"F","Serviço","Serviço","7.1.4.","Composição","FNDE 248","PM4 - KIT DE PORTA DE MADEIRA COM VISOR DE VIDRO, 80X210CM (ESPESSURA DE 3CM), PADRÃO POPULAR, ITENS INCLUSOS: DOBRADIÇAS, MONTAGEM E INSTALAÇÃO DE BATENTE, FECHADURA COM EXECUÇÃO DO FURO - FORNECIMENTO E INSTALAÇÃO. AF_12/2019","M",{"$f":"OFFSET(CÁLCULO!H$15,ROW($T111)-ROW(T$15),0)","v":10},1858.07,"BDI 1",{"$f":"IF($C111=\"S\",ROUND(IF(TIPOORCAMENTO=\"Proposto\",ORÇAMENTO.CustoUnitario*(1+$AH111),ORÇAMENTO.PrecoUnitarioLicitado),15-13*$AF$10),0)","v":2322.59},{"$f":"IF($C111=\"S\",IF(Import.TipoArredondamento<>\"TransfereGOV\",VTOTAL1,SUM(OFFSET(CÁLCULO!$AA$15,ROW($X111)-ROW($X$15),1):OFFSET(CÁLCULO!$AL$15,ROW($X111)-ROW($X$15),-1))),IF($C111=0,0,ROUND(SomaAgrup,15-13*$AF$11)))","v":23225.9},"RA","RA",{"$f":"IF($C111=\"S\",IF($Z111=\"CP\",$X111,IF($Z111=\"RA\",(($X111)*QCI!$AA$3),0)),SomaAgrup)","v":827.14401684484994},0,{"$f":"IF($N111=\"\",\"\",IF(ORÇAMENTO.Descricao=\"\",\"DESCRIÇÃO\",IF(AND($C111=\"S\",ORÇAMENTO.Unidade=\"\"),\"UNIDADE\",IF($X111<0,\"VALOR NEGATIVO\",IF(OR(AND(TIPOORCAMENTO=\"Proposto\",$AG111<>\"\",$AG111>0,ORÇAMENTO.CustoUnitario>$AG111),AND(TIPOORCAMENTO=\"LICITADO\",ORÇAMENTO.PrecoUnitarioLicitado>$AN111)),\"ACIMA REF.\",\"\")))))","v":""},{"$f":"IF(C111<=CRONO.NivelExibicao,MAX($AD$15:OFFSET(AD111,-1,0))+IF($C111<>1,1,MAX(1,COUNTIF(QCI!$A$13:$A$41,OFFSET($E111,-1,0)))),\"\")","v":""},{"$f":"IF(AND($C111=\"S\",ORÇAMENTO.CodBarra<>\"\"),IF(ORÇAMENTO.Fonte=\"\",ORÇAMENTO.CodBarra,CONCATENATE(ORÇAMENTO.Fonte,\" \",ORÇAMENTO.CodBarra)))","v":"Composição FNDE 248"},{"$f":"IF(ISERROR(INDIRECT(ORÇAMENTO.BancoRef)),\"(abra o arquivo 'Referência \"&Excel_BuiltIn_Database&\".xlsm)\",IF(OR($C111<>\"S\",ORÇAMENTO.CodBarra=\"\"),\"(Sem Código)\",IF(ISERROR(MATCH($AE111,INDIRECT(ORÇAMENTO.BancoRef),0)),\"(Código não identificado nas referências)\",MATCH($AE111,INDIRECT(ORÇAMENTO.BancoRef),0))))","v":"(Código não identificado nas referências)"},{"$f":"ROUND(IF(DESONERACAO=\"sim\",REFERENCIA.Desonerado,REFERENCIA.NaoDesonerado),2)","v":0},0.25,null,10,null,null,23225.9,2322.59]
["S",2,"S",0,{"$f":"IF($C112=1,OFFSET(E112,-1,0)+MAX(1,COUNTIF(QCI!$A$13:$A$41,OFFSET(ORÇAMENTO!E112,-1,0))),OFFSET(E112,-1,0))","v":7},1,0,0,5,0,{"$f":"IF(OR($C112=\"S\",$C112=0),0,MATCH(OFFSET($D112,0,$C112)+IF($C112<>1,1,COUNTIF(QCI!$A$13:$A$41,ORÇAMENTO!E112)),OFFSET($D112,1,$C112,ROW($C$744)-ROW($C112)),0))","v":0},"F","Serviço","Serviço","7.1.5.","Composição","FNDE 249","PM5 -PORTA EM COMPENSADO DE MADEIRA E=2cm REVESTIDA COM LAMINADO MELAMÍNICO NAS CORES: AMARELA, VERDE, LARANJA E AZUL","M",{"$f":"OFFSET(CÁLCULO!H$15,ROW($T112)-ROW(T$15),0)","v":8},1322.0920000000001,"BDI 1",{"$f":"IF($C112=\"S\",ROUND(IF(TIPOORCAMENTO=\"Proposto\",ORÇAMENTO.CustoUnitario*(1+$AH112),ORÇAMENTO.PrecoUnitarioLicitado),15-13*$AF$10),0)","v":1652.61},{"$f":"IF($C112=\"S\",IF(Import.TipoArredondamento<>\"TransfereGOV\",VTOTAL1,SUM(OFFSET(CÁLCULO!$AA$15,ROW($X112)-ROW($X$15),1):OFFSET(CÁLCULO!$AL$15,ROW($X112)-ROW($X$15),-1))),IF($C112=0,0,ROUND(SomaAgrup,15-13*$AF$11)))","v":13220.88},"RA","RA",{"$f":"IF($C112=\"S\",IF($Z112=\"CP\",$X112,IF($Z112=\"RA\",(($X112)*QCI!$AA$3),0)),SomaAgrup)","v":470.83522229165447},0,{"$f":"IF($N112=\"\",\"\",IF(ORÇAMENTO.Descricao=\"\",\"DESCRIÇÃO\",IF(AND($C112=\"S\",ORÇAMENTO.Unidade=\"\"),\"UNIDADE\",IF($X112<0,\"VALOR NEGATIVO\",IF(OR(AND(TIPOORCAMENTO=\"Proposto\",$AG112<>\"\",$AG112>0,ORÇAMENTO.CustoUnitario>$AG112),AND(TIPOORCAMENTO=\"LICITADO\",ORÇAMENTO.PrecoUnitarioLicitado>$AN112)),\"ACIMA REF.\",\"\")))))","v":""},{"$f":"IF(C112<=CRONO.NivelExibicao,MAX($AD$15:OFFSET(AD112,-1,0))+IF($C112<>1,1,MAX(1,COUNTIF(QCI!$A$13:$A$41,OFFSET($E112,-1,0)))),\"\")","v":""},{"$f":"IF(AND($C112=\"S\",ORÇAMENTO.CodBarra<>\"\"),IF(ORÇAMENTO.Fonte=\"\",ORÇAMENTO.CodBarra,CONCATENATE(ORÇAMENTO.Fonte,\" \",ORÇAMENTO.CodBarra)))","v":"Composição FNDE 249"},{"$f":"IF(ISERROR(INDIRECT(ORÇAMENTO.BancoRef)),\"(abra o arquivo 'Referência \"&Excel_BuiltIn_Database&\".xlsm)\",IF(OR($C112<>\"S\",ORÇAMENTO.CodBarra=\"\"),\"(Sem Código)\",IF(ISERROR(MATCH($AE112,INDIRECT(ORÇAMENTO.BancoRef),0)),\"(Código não identificado nas referências)\",MATCH($AE112,INDIRECT(ORÇAMENTO.BancoRef),0))))","v":"(Código não identificado nas referências)"},{"$f":"ROUND(IF(DESONERACAO=\"sim\",REFERENCIA.Desonerado,REFERENCIA.NaoDesonerado),2)","v":0},0.25,null,8,null,null,13220.88,1652.61]
["S",2,"S",0,{"$f":"IF($C113=1,OFFSET(E113,-1,0)+MAX(1,COUNTIF(QCI!$A$13:$A$41,OFFSET(ORÇAMENTO!E113,-1,0))),OFFSET(E113,-1,0))","v":7},1,0,0,6,0,{"$f":"IF(OR($C113=\"S\",$C113=0),0,MATCH(OFFSET($D113,0,$C113)+IF($C113<>1,1,COUNTIF(QCI!$A$13:$A$41,ORÇAMENTO!E113)),OFFSET($D113,1,$C113,ROW($C$744)-ROW($C113)),0))","v":0},"F","Serviço","Serviço","7.1.6.","Composição","FNDE 250","INSTALAÇÃO DE VIDRO LISO INCOLOR ESQUADRIA PM4 , E = 6 MM, EM ESQUADRIA DE MADEIRA, FIXADO COM BAGUETE","M2",{"$f":"OFFSET(CÁLCULO!H$15,ROW($T113)-ROW(T$15),0)","v":2.2999999999999998},183.70480000000001,"BDI 1",{"$f":"IF($C113=\"S\",ROUND(IF(TIPOORCAMENTO=\"Proposto\",ORÇAMENTO.CustoUnitario*(1+$AH113),ORÇAMENTO.PrecoUnitarioLicitado),15-13*$AF$10),0)","v":229.63},{"$f":"IF($C113=\"S\",IF(Import.TipoArredondamento<>\"TransfereGOV\",VTOTAL1,SUM(OFFSET(CÁLCULO!$AA$15,ROW($X113)-ROW($X$15),1):OFFSET(CÁLCULO!$AL$15,ROW($X113)-ROW($X$15),-1))),IF($C113=0,0,ROUND(SomaAgrup,15-13*$AF$11)))","v":528.15},"RA","RA",{"$f":"IF($C113=\"S\",IF($Z113=\"CP\",$X113,IF($Z113=\"RA\",(($X113)*QCI!$AA$3),0)),SomaAgrup)","v":18.809006862881844},0,{"$f":"IF($N113=\"\",\"\",IF(ORÇAMENTO.Descricao=\"\",\"DESCRIÇÃO\",IF(AND($C113=\"S\",ORÇAMENTO.Unidade=\"\"),\"UNIDADE\",IF($X113<0,\"VALOR NEGATIVO\",IF(OR(AND(TIPOORCAMENTO=\"Proposto\",$AG113<>\"\",$AG113>0,ORÇAMENTO.CustoUnitario>$AG113),AND(TIPOORCAMENTO=\"LICITADO\",ORÇAMENTO.PrecoUnitarioLicitado>$AN113)),\"ACIMA REF.\",\"\")))))","v":""},{"$f":"IF(C113<=CRONO.NivelExibicao,MAX($AD$15:OFFSET(AD113,-1,0))+IF($C113<>1,1,MAX(1,COUNTIF(QCI!$A$13:$A$41,OFFSET($E113,-1,0)))),\"\")","v":""},{"$f":"IF(AND($C113=\"S\",ORÇAMENTO.CodBarra<>\"\"),IF(ORÇAMENTO.Fonte=\"\",ORÇAMENTO.CodBarra,CONCATENATE(ORÇAMENTO.Fonte,\" \",ORÇAMENTO.CodBarra)))","v":"Composição FNDE 250"},{"$f":"IF(ISERROR(INDIRECT(ORÇAMENTO.BancoRef)),\"(abra o arquivo 'Referência \"&Excel_BuiltIn_Database&\".xlsm)\",IF(OR($C113<>\"S\",ORÇAMENTO.CodBarra=\"\"),\"(Sem Código)\",IF(ISERROR(MATCH($AE113,INDIRECT(ORÇAMENTO.BancoRef),0)),\"(Código não identificado nas referências)\",MATCH($AE113,INDIRECT(ORÇAMENTO.BancoRef),0))))","v":"(Código não identificado nas referências)"},{"$f":"ROUND(IF(DESONERACAO=\"sim\",REFERENCIA.Desonerado,REFERENCIA.NaoDesonerado),2)","v":0},0.25,null,2.2999999999999998,null,null,528.15,229.63]
[2,2,2,5,{"$f":"IF($C114=1,OFFSET(E114,-1,0)+MAX(1,COUNTIF(QCI!$A$13:$A$41,OFFSET(ORÇAMENTO!E114,-1,0))),OFFSET(E114,-1,0))","v":7},2,0,0,0,48,{"$f":"IF(OR($C114=\"S\",$C114=0),0,MATCH(OFFSET($D114,0,$C114)+IF($C114<>1,1,COUNTIF(QCI!$A$13:$A$41,ORÇAMENTO!E114)),OFFSET($D114,1,$C114,ROW($C$744)-ROW($C114)),0))","v":5},"F","Nível 2","Nível 2","7.2.","SINAPI",null,"Ferragens e acessórios",{"$f":"REFERENCIA.Unidade","v":"-"},{"$f":"OFFSET(CÁLCULO!H$15,ROW($T114)-ROW(T$15),0)","v":0},null,"BDI 1",{"$f":"IF($C114=\"S\",ROUND(IF(TIPOORCAMENTO=\"Proposto\",ORÇAMENTO.CustoUnitario*(1+$AH114),ORÇAMENTO.PrecoUnitarioLicitado),15-13*$AF$10),0)","v":0},{"$f":"IF($C114=\"S\",IF(Import.TipoArredondamento<>\"TransfereGOV\",VTOTAL1,SUM(OFFSET(CÁLCULO!$AA$15,ROW($X114)-ROW($X$15),1):OFFSET(CÁLCULO!$AL$15,ROW($X114)-ROW($X$15),-1))),IF($C114=0,0,ROUND(SomaAgrup,15-13*$AF$11)))","v":12821.22},"RA","",{"$f":"IF($C114=\"S\",IF($Z114=\"CP\",$X114,IF($Z114=\"RA\",(($X114)*QCI!$AA$3),0)),SomaAgrup)","v":456.60213002086141},0,{"$f":"IF($N114=\"\",\"\",IF(ORÇAMENTO.Descricao=\"\",\"DESCRIÇÃO\",IF(AND($C114=\"S\",ORÇAMENTO.Unidade=\"\"),\"UNIDADE\",IF($X114<0,\"VALOR NEGATIVO\",IF(OR(AND(TIPOORCAMENTO=\"Proposto\",$AG114<>\"\",$AG114>0,ORÇAMENTO.CustoUnitario>$AG114),AND(TIPOORCAMENTO=\"LICITADO\",ORÇAMENTO.PrecoUnitarioLicitado>$AN114)),\"ACIMA REF.\",\"\")))))","v":""},{"$f":"IF(C114<=CRONO.NivelExibicao,MAX($AD$15:OFFSET(AD114,-1,0))+IF($C114<>1,1,MAX(1,COUNTIF(QCI!$A$13:$A$41,OFFSET($E114,-1,0)))),\"\")","v":22},{"$f":"IF(AND($C114=\"S\",ORÇAMENTO.CodBarra<>\"\"),IF(ORÇAMENTO.Fonte=\"\",ORÇAMENTO.CodBarra,CONCATENATE(ORÇAMENTO.Fonte,\" \",ORÇAMENTO.CodBarra)))","v":false},{"$f":"IF(ISERROR(INDIRECT(ORÇAMENTO.BancoRef)),\"(abra o arquivo 'Referência \"&Excel_BuiltIn_Database&\".xlsm)\",IF(OR($C114<>\"S\",ORÇAMENTO.CodBarra=\"\"),\"(Sem Código)\",IF(ISERROR(MATCH($AE114,INDIRECT(ORÇAMENTO.BancoRef),0)),\"(Código não identificado nas referências)\",MATCH($AE114,INDIRECT(ORÇAMENTO.BancoRef),0))))","v":"(Sem Código)"},{"$f":"ROUND(IF(DESONERACAO=\"sim\",REFERENCIA.Desonerado,REFERENCIA.NaoDesonerado),2)","v":0},0.25,null,null,null,null,12821.22,0]
["S",2,"S",0,{"$f":"IF($C115=1,OFFSET(E115,-1,0)+MAX(1,COUNTIF(QCI!$A$13:$A$41,OFFSET(ORÇAMENTO!E115,-1,0))),OFFSET(E115,-1,0))","v":7},2,0,0,1,0,{"$f":"IF(OR($C115=\"S\",$C115=0),0,MATCH(OFFSET($D115,0,$C115)+IF($C115<>1,1,COUNTIF(QCI!$A$13:$A$41,ORÇAMENTO!E115)),OFFSET($D115,1,$C115,ROW($C$744)-ROW($C115)),0))","v":0},"F","Serviço","Serviço","7.2.1.","SINAPI","100705","TARJETA TIPO LIVRE/OCUPADO PARA PORTA DE BANHEIRO. AF_12/2019",{"$f":"REFERENCIA.Unidade","v":"UN"},{"$f":"OFFSET(CÁLCULO!H$15,ROW($T115)-ROW(T$15),0)","v":8},{"$f":"ROUND(IF(DESONERACAO=\"sim\",REFERENCIA.Desonerado,REFERENCIA.NaoDesonerado),2)","v":82.82},"BDI 1",{"$f":"IF($C115=\"S\",ROUND(IF(TIPOORCAMENTO=\"Proposto\",ORÇAMENTO.CustoUnitario*(1+$AH115),ORÇAMENTO.PrecoUnitarioLicitado),15-13*$AF$10),0)","v":103.53},{"$f":"IF($C115=\"S\",IF(Import.TipoArredondamento<>\"TransfereGOV\",VTOTAL1,SUM(OFFSET(CÁLCULO!$AA$15,ROW($X115)-ROW($X$15),1):OFFSET(CÁLCULO!$AL$15,ROW($X115)-ROW($X$15),-1))),IF($C115=0,0,ROUND(SomaAgrup,15-13*$AF$11)))","v":828.24},"RA","RA",{"$f":"IF($C115=\"S\",IF($Z115=\"CP\",$X115,IF($Z115=\"RA\",(($X115)*QCI!$AA$3),0)),SomaAgrup)","v":29.496112551572963},0,{"$f":"IF($N115=\"\",\"\",IF(ORÇAMENTO.Descricao=\"\",\"DESCRIÇÃO\",IF(AND($C115=\"S\",ORÇAMENTO.Unidade=\"\"),\"UNIDADE\",IF($X115<0,\"VALOR NEGATIVO\",IF(OR(AND(TIPOORCAMENTO=\"Proposto\",$AG115<>\"\",$AG115>0,ORÇAMENTO.CustoUnitario>$AG115),AND(TIPOORCAMENTO=\"LICITADO\",ORÇAMENTO.PrecoUnitarioLicitado>$AN115)),\"ACIMA REF.\",\"\")))))","v":""},{"$f":"IF(C115<=CRONO.NivelExibicao,MAX($AD$15:OFFSET(AD115,-1,0))+IF($C115<>1,1,MAX(1,COUNTIF(QCI!$A$13:$A$41,OFFSET($E115,-1,0)))),\"\")","v":""},{"$f":"IF(AND($C115=\"S\",ORÇAMENTO.CodBarra<>\"\"),IF(ORÇAMENTO.Fonte=\"\",ORÇAMENTO.CodBarra,CONCATENATE(ORÇAMENTO.Fonte,\" \",ORÇAMENTO.CodBarra)))","v":"SINAPI 100705"},{"$f":"IF(ISERROR(INDIRECT(ORÇAMENTO.BancoRef)),\"(abra o arquivo 'Referência \"&Excel_BuiltIn_Database&\".xlsm)\",IF(OR($C115<>\"S\",ORÇAMENTO.CodBarra=\"\"),\"(Sem Código)\",IF(ISERROR(MATCH($AE115,INDIRECT(ORÇAMENTO.BancoRef),0)),\"(Código não identificado nas referências)\",MATCH($AE115,INDIRECT(ORÇAMENTO.BancoRef),0))))","v":2283},{"$f":"ROUND(IF(DESONERACAO=\"sim\",REFERENCIA.Desonerado,REFERENCIA.NaoDesonerado),2)","v":82.82},0.25,null,8,null,null,828.24,103.53]
["S",2,"S",0,{"$f":"IF($C116=1,OFFSET(E116,-1,0)+MAX(1,COUNTIF(QCI!$A$13:$A$41,OFFSET(ORÇAMENTO!E116,-1,0))),OFFSET(E116,-1,0))","v":7},2,0,0,2,0,{"$f":"IF(OR($C116=\"S\",$C116=0),0,MATCH(OFFSET($D116,0,$C116)+IF($C116<>1,1,COUNTIF(QCI!$A$13:$A$41,ORÇAMENTO!E116)),OFFSET($D116,1,$C116,ROW($C$744)-ROW($C116)),0))","v":0},"F","Serviço","Serviço","7.2.2.","SINAPI","100866","BARRA DE APOIO RETA, EM ACO INOX POLIDO, COMPRIMENTO 60CM, FIXADA NA PAREDE - FORNECIMENTO E INSTALAÇÃO. AF_01/2020",{"$f":"REFERENCIA.Unidade","v":"UN"},{"$f":"OFFSET(CÁLCULO!H$15,ROW($T116)-ROW(T$15),0)","v":4},{"$f":"ROUND(IF(DESONERACAO=\"sim\",REFERENCIA.Desonerado,REFERENCIA.NaoDesonerado),2)","v":415.53},"BDI 1",{"$f":"IF($C116=\"S\",ROUND(IF(TIPOORCAMENTO=\"Proposto\",ORÇAMENTO.CustoUnitario*(1+$AH116),ORÇAMENTO.PrecoUnitarioLicitado),15-13*$AF$10),0)","v":519.41},{"$f":"IF($C116=\"S\",IF(Import.TipoArredondamento<>\"TransfereGOV\",VTOTAL1,SUM(OFFSET(CÁLCULO!$AA$15,ROW($X116)-ROW($X$15),1):OFFSET(CÁLCULO!$AL$15,ROW($X116)-ROW($X$15),-1))),IF($C116=0,0,ROUND(SomaAgrup,15-13*$AF$11)))","v":2077.64},"RA","RA",{"$f":"IF($C116=\"S\",IF($Z116=\"CP\",$X116,IF($Z116=\"RA\",(($X116)*QCI!$AA$3),0)),SomaAgrup)","v":73.990996911100709},0,{"$f":"IF($N116=\"\",\"\",IF(ORÇAMENTO.Descricao=\"\",\"DESCRIÇÃO\",IF(AND($C116=\"S\",ORÇAMENTO.Unidade=\"\"),\"UNIDADE\",IF($X116<0,\"VALOR NEGATIVO\",IF(OR(AND(TIPOORCAMENTO=\"Proposto\",$AG116<>\"\",$AG116>0,ORÇAMENTO.CustoUnitario>$AG116),AND(TIPOORCAMENTO=\"LICITADO\",ORÇAMENTO.PrecoUnitarioLicitado>$AN116)),\"ACIMA REF.\",\"\")))))","v":""},{"$f":"IF(C116<=CRONO.NivelExibicao,MAX($AD$15:OFFSET(AD116,-1,0))+IF($C116<>1,1,MAX(1,COUNTIF(QCI!$A$13:$A$41,OFFSET($E116,-1,0)))),\"\")","v":""},{"$f":"IF(AND($C116=\"S\",ORÇAMENTO.CodBarra<>\"\"),IF(ORÇAMENTO.Fonte=\"\",ORÇAMENTO.CodBarra,CONCATENATE(ORÇAMENTO.Fonte,\" \",ORÇAMENTO.CodBarra)))","v":"SINAPI 100866"},{"$f":"IF(ISERROR(INDIRECT(ORÇAMENTO.BancoRef)),\"(abra o arquivo 'Referência \"&Excel_BuiltIn_Database&\".xlsm)\",IF(OR($C116<>\"S\",ORÇAMENTO.CodBarra=\"\"),\"(Sem Código)\",IF(ISERROR(MATCH($AE116,INDIRECT(ORÇAMENTO.BancoRef),0)),\"(Código não identificado nas referências)\",MATCH($AE116,INDIRECT(ORÇAMENTO.BancoRef),0))))","v":5401},{"$f":"ROUND(IF(DESONERACAO=\"sim\",REFERENCIA.Desonerado,REFERENCIA.NaoDesonerado),2)","v":415.53},0.25,null,4,null,null,2077.64,519.41]
["S",2,"S",0,{"$f":"IF($C117=1,OFFSET(E117,-1,0)+MAX(1,COUNTIF(QCI!$A$13:$A$41,OFFSET(ORÇAMENTO!E117,-1,0))),OFFSET(E117,-1,0))","v":7},2,0,0,3,0,{"$f":"IF(OR($C117=\"S\",$C117=0),0,MATCH(OFFSET($D117,0,$C117)+IF($C117<>1,1,COUNTIF(QCI!$A$13:$A$41,ORÇAMENTO!E117)),OFFSET($D117,1,$C117,ROW($C$744)-ROW($C117)),0))","v":0},"F","Serviço","Serviço","7.2.3.","SINAPI","FNDE 04","CHAPA METÁLICA (ALUMÍNIO) 0,90 M X 0,40 M, ESPESSURA 1 MM PARA AS PORTAS","M2",{"$f":"OFFSET(CÁLCULO!H$15,ROW($T117)-ROW(T$15),0)","v":19.84},218.23,"BDI 1",{"$f":"IF($C117=\"S\",ROUND(IF(TIPOORCAMENTO=\"Proposto\",ORÇAMENTO.CustoUnitario*(1+$AH117),ORÇAMENTO.PrecoUnitarioLicitado),15-13*$AF$10),0)","v":272.79000000000002},{"$f":"IF($C117=\"S\",IF(Import.TipoArredondamento<>\"TransfereGOV\",VTOTAL1,SUM(OFFSET(CÁLCULO!$AA$15,ROW($X117)-ROW($X$15),1):OFFSET(CÁLCULO!$AL$15,ROW($X117)-ROW($X$15),-1))),IF($C117=0,0,ROUND(SomaAgrup,15-13*$AF$11)))","v":5412.15},"RA","RA",{"$f":"IF($C117=\"S\",IF($Z117=\"CP\",$X117,IF($Z117=\"RA\",(($X117)*QCI!$AA$3),0)),SomaAgrup)","v":192.74290730464068},0,{"$f":"IF($N117=\"\",\"\",IF(ORÇAMENTO.Descricao=\"\",\"DESCRIÇÃO\",IF(AND($C117=\"S\",ORÇAMENTO.Unidade=\"\"),\"UNIDADE\",IF($X117<0,\"VALOR NEGATIVO\",IF(OR(AND(TIPOORCAMENTO=\"Proposto\",$AG117<>\"\",$AG117>0,ORÇAMENTO.CustoUnitario>$AG117),AND(TIPOORCAMENTO=\"LICITADO\",ORÇAMENTO.PrecoUnitarioLicitado>$AN117)),\"ACIMA REF.\",\"\")))))","v":""},{"$f":"IF(C117<=CRONO.NivelExibicao,MAX($AD$15:OFFSET(AD117,-1,0))+IF($C117<>1,1,MAX(1,COUNTIF(QCI!$A$13:$A$41,OFFSET($E117,-1,0)))),\"\")","v":""},{"$f":"IF(AND($C117=\"S\",ORÇAMENTO.CodBarra<>\"\"),IF(ORÇAMENTO.Fonte=\"\",ORÇAMENTO.CodBarra,CONCATENATE(ORÇAMENTO.Fonte,\" \",ORÇAMENTO.CodBarra)))","v":"SINAPI FNDE 04"},{"$f":"IF(ISERROR(INDIRECT(ORÇAMENTO.BancoRef)),\"(abra o arquivo 'Referência \"&Excel_BuiltIn_Database&\".xlsm)\",IF(OR($C117<>\"S\",ORÇAMENTO.CodBarra=\"\"),\"(Sem Código)\",IF(ISERROR(MATCH($AE117,INDIRECT(ORÇAMENTO.BancoRef),0)),\"(Código não identificado nas referências)\",MATCH($AE117,INDIRECT(ORÇAMENTO.BancoRef),0))))","v":"(Código não identificado nas referências)"},{"$f":"ROUND(IF(DESONERACAO=\"sim\",REFERENCIA.Desonerado,REFERENCIA.NaoDesonerado),2)","v":0},0.25,null,19.84,null,null,5412.15,272.79000000000002]
["S",2,"S",0,{"$f":"IF($C118=1,OFFSET(E118,-1,0)+MAX(1,COUNTIF(QCI!$A$13:$A$41,OFFSET(ORÇAMENTO!E118,-1,0))),OFFSET(E118,-1,0))","v":7},2,0,0,4,0,{"$f":"IF(OR($C118=\"S\",$C118=0),0,MATCH(OFFSET($D118,0,$C118)+IF($C118<>1,1,COUNTIF(QCI!$A$13:$A$41,ORÇAMENTO!E118)),OFFSET($D118,1,$C118,ROW($C$744)-ROW($C118)),0))","v":0},"F","Serviço","Serviço","7.2.4.","SINAPI","102219","PINTURA TINTA DE ACABAMENTO (PIGMENTADA) ESMALTE SINTÉTICO ACETINADO EM MADEIRA, 2 DEMÃOS. AF_01/2021",{"$f":"REFERENCIA.Unidade","v":"M2"},{"$f":"OFFSET(CÁLCULO!H$15,ROW($T118)-ROW(T$15),0)","v":205.25},{"$f":"ROUND(IF(DESONERACAO=\"sim\",REFERENCIA.Desonerado,REFERENCIA.NaoDesonerado),2)","v":17.55},"BDI 1",{"$f":"IF($C118=\"S\",ROUND(IF(TIPOORCAMENTO=\"Proposto\",ORÇAMENTO.CustoUnitario*(1+$AH118),ORÇAMENTO.PrecoUnitarioLicitado),15-13*$AF$10),0)","v":21.94},{"$f":"IF($C118=\"S\",IF(Import.TipoArredondamento<>\"TransfereGOV\",VTOTAL1,SUM(OFFSET(CÁLCULO!$AA$15,ROW($X118)-ROW($X$15),1):OFFSET(CÁLCULO!$AL$15,ROW($X118)-ROW($X$15),-1))),IF($C118=0,0,ROUND(SomaAgrup,15-13*$AF$11)))","v":4503.1899999999996},"RA","RA",{"$f":"IF($C118=\"S\",IF($Z118=\"CP\",$X118,IF($Z118=\"RA\",(($X118)*QCI!$AA$3),0)),SomaAgrup)","v":160.37211325354707},0,{"$f":"IF($N118=\"\",\"\",IF(ORÇAMENTO.Descricao=\"\",\"DESCRIÇÃO\",IF(AND($C118=\"S\",ORÇAMENTO.Unidade=\"\"),\"UNIDADE\",IF($X118<0,\"VALOR NEGATIVO\",IF(OR(AND(TIPOORCAMENTO=\"Proposto\",$AG118<>\"\",$AG118>0,ORÇAMENTO.CustoUnitario>$AG118),AND(TIPOORCAMENTO=\"LICITADO\",ORÇAMENTO.PrecoUnitarioLicitado>$AN118)),\"ACIMA REF.\",\"\")))))","v":""},{"$f":"IF(C118<=CRONO.NivelExibicao,MAX($AD$15:OFFSET(AD118,-1,0))+IF($C118<>1,1,MAX(1,COUNTIF(QCI!$A$13:$A$41,OFFSET($E118,-1,0)))),\"\")","v":""},{"$f":"IF(AND($C118=\"S\",ORÇAMENTO.CodBarra<>\"\"),IF(ORÇAMENTO.Fonte=\"\",ORÇAMENTO.CodBarra,CONCATENATE(ORÇAMENTO.Fonte,\" \",ORÇAMENTO.CodBarra)))","v":"SINAPI 102219"},{"$f":"IF(ISERROR(INDIRECT(ORÇAMENTO.BancoRef)),\"(abra o arquivo 'Referência \"&Excel_BuiltIn_Database&\".xlsm)\",IF(OR($C118<>\"S\",ORÇAMENTO.CodBarra=\"\"),\"(Sem Código)\",IF(ISERROR(MATCH($AE118,INDIRECT(ORÇAMENTO.BancoRef),0)),\"(Código não identificado nas referências)\",MATCH($AE118,INDIRECT(ORÇAMENTO.BancoRef),0))))","v":6418},{"$f":"ROUND(IF(DESONERACAO=\"sim\",REFERENCIA.Desonerado,REFERENCIA.NaoDesonerado),2)","v":17.55},0.25,null,205.25,null,null,4503.1899999999996,21.94]
[2,2,2,8,{"$f":"IF($C119=1,OFFSET(E119,-1,0)+MAX(1,COUNTIF(QCI!$A$13:$A$41,OFFSET(ORÇAMENTO!E119,-1,0))),OFFSET(E119,-1,0))","v":7},3,0,0,0,43,{"$f":"IF(OR($C119=\"S\",$C119=0),0,MATCH(OFFSET($D119,0,$C119)+IF($C119<>1,1,COUNTIF(QCI!$A$13:$A$41,ORÇAMENTO!E119)),OFFSET($D119,1,$C119,ROW($C$744)-ROW($C119)),0))","v":8},"F","Nível 2","Nível 2","7.3.","SINAPI",null,"Portas em alumínio",{"$f":"REFERENCIA.Unidade","v":"-"},{"$f":"OFFSET(CÁLCULO!H$15,ROW($T119)-ROW(T$15),0)","v":0},null,"BDI 1",{"$f":"IF($C119=\"S\",ROUND(IF(TIPOORCAMENTO=\"Proposto\",ORÇAMENTO.CustoUnitario*(1+$AH119),ORÇAMENTO.PrecoUnitarioLicitado),15-13*$AF$10),0)","v":0},{"$f":"IF($C119=\"S\",IF(Import.TipoArredondamento<>\"TransfereGOV\",VTOTAL1,SUM(OFFSET(CÁLCULO!$AA$15,ROW($X119)-ROW($X$15),1):OFFSET(CÁLCULO!$AL$15,ROW($X119)-ROW($X$15),-1))),IF($C119=0,0,ROUND(SomaAgrup,15-13*$AF$11)))","v":138064.29999999999},"RA","",{"$f":"IF($C119=\"S\",IF($Z119=\"CP\",$X119,IF($Z119=\"RA\",(($X119)*QCI!$AA$3),0)),SomaAgrup)","v":4916.8841545374953},0,{"$f":"IF($N119=\"\",\"\",IF(ORÇAMENTO.Descricao=\"\",\"DESCRIÇÃO\",IF(AND($C119=\"S\",ORÇAMENTO.Unidade=\"\"),\"UNIDADE\",IF($X119<0,\"VALOR NEGATIVO\",IF(OR(AND(TIPOORCAMENTO=\"Proposto\",$AG119<>\"\",$AG119>0,ORÇAMENTO.CustoUnitario>$AG119),AND(TIPOORCAMENTO=\"LICITADO\",ORÇAMENTO.PrecoUnitarioLicitado>$AN119)),\"ACIMA REF.\",\"\")))))","v":""},{"$f":"IF(C119<=CRONO.NivelExibicao,MAX($AD$15:OFFSET(AD119,-1,0))+IF($C119<>1,1,MAX(1,COUNTIF(QCI!$A$13:$A$41,OFFSET($E119,-1,0)))),\"\")","v":23},{"$f":"IF(AND($C119=\"S\",ORÇAMENTO.CodBarra<>\"\"),IF(ORÇAMENTO.Fonte=\"\",ORÇAMENTO.CodBarra,CONCATENATE(ORÇAMENTO.Fonte,\" \",ORÇAMENTO.CodBarra)))","v":false},{"$f":"IF(ISERROR(INDIRECT(ORÇAMENTO.BancoRef)),\"(abra o arquivo 'Referência \"&Excel_BuiltIn_Database&\".xlsm)\",IF(OR($C119<>\"S\",ORÇAMENTO.CodBarra=\"\"),\"(Sem Código)\",IF(ISERROR(MATCH($AE119,INDIRECT(ORÇAMENTO.BancoRef),0)),\"(Código não identificado nas referências)\",MATCH($AE119,INDIRECT(ORÇAMENTO.BancoRef),0))))","v":"(Sem Código)"},{"$f":"ROUND(IF(DESONERACAO=\"sim\",REFERENCIA.Desonerado,REFERENCIA.NaoDesonerado),2)","v":0},0.25,null,null,null,null,138064.29999999999,0]
["S",2,"S",0,{"$f":"IF($C120=1,OFFSET(E120,-1,0)+MAX(1,COUNTIF(QCI!$A$13:$A$41,OFFSET(ORÇAMENTO!E120,-1,0))),OFFSET(E120,-1,0))","v":7},3,0,0,1,0,{"$f":"IF(OR($C120=\"S\",$C120=0),0,MATCH(OFFSET($D120,0,$C120)+IF($C120<>1,1,COUNTIF(QCI!$A$13:$A$41,ORÇAMENTO!E120)),OFFSET($D120,1,$C120,ROW($C$744)-ROW($C120)),0))","v":0},"F","Serviço","Serviço","7.3.1.","SINAPI","FNDE 251","PORTA DE ABRIR - PA1 - 100 X 210 CM EM CHAPA DE ALUMÍNIO, COM VENEZIANA E VIDRO MINIBOREAL 6 MM, INCLUSO FECHADURA E PUXADOR - CONFORME PROJETO DE ESQUADRIAS","M2",{"$f":"OFFSET(CÁLCULO!H$15,ROW($T120)-ROW(T$15),0)","v":1},1080.5058100000001,"BDI 1",{"$f":"IF($C120=\"S\",ROUND(IF(TIPOORCAMENTO=\"Proposto\",ORÇAMENTO.CustoUnitario*(1+$AH120),ORÇAMENTO.PrecoUnitarioLicitado),15-13*$AF$10),0)","v":1350.64},{"$f":"IF($C120=\"S\",IF(Import.TipoArredondamento<>\"TransfereGOV\",VTOTAL1,SUM(OFFSET(CÁLCULO!$AA$15,ROW($X120)-ROW($X$15),1):OFFSET(CÁLCULO!$AL$15,ROW($X120)-ROW($X$15),-1))),IF($C120=0,0,ROUND(SomaAgrup,15-13*$AF$11)))","v":1350.64},"RA","RA",{"$f":"IF($C120=\"S\",IF($Z120=\"CP\",$X120,IF($Z120=\"RA\",(($X120)*QCI!$AA$3),0)),SomaAgrup)","v":48.100344654516213},0,{"$f":"IF($N120=\"\",\"\",IF(ORÇAMENTO.Descricao=\"\",\"DESCRIÇÃO\",IF(AND($C120=\"S\",ORÇAMENTO.Unidade=\"\"),\"UNIDADE\",IF($X120<0,\"VALOR NEGATIVO\",IF(OR(AND(TIPOORCAMENTO=\"Proposto\",$AG120<>\"\",$AG120>0,ORÇAMENTO.CustoUnitario>$AG120),AND(TIPOORCAMENTO=\"LICITADO\",ORÇAMENTO.PrecoUnitarioLicitado>$AN120)),\"ACIMA REF.\",\"\")))))","v":""},{"$f":"IF(C120<=CRONO.NivelExibicao,MAX($AD$15:OFFSET(AD120,-1,0))+IF($C120<>1,1,MAX(1,COUNTIF(QCI!$A$13:$A$41,OFFSET($E120,-1,0)))),\"\")","v":""},{"$f":"IF(AND($C120=\"S\",ORÇAMENTO.CodBarra<>\"\"),IF(ORÇAMENTO.Fonte=\"\",ORÇAMENTO.CodBarra,CONCATENATE(ORÇAMENTO.Fonte,\" \",ORÇAMENTO.CodBarra)))","v":"SINAPI FNDE 251"},{"$f":"IF(ISERROR(INDIRECT(ORÇAMENTO.BancoRef)),\"(abra o arquivo 'Referência \"&Excel_BuiltIn_Database&\".xlsm)\",IF(OR($C120<>\"S\",ORÇAMENTO.CodBarra=\"\"),\"(Sem Código)\",IF(ISERROR(MATCH($AE120,INDIRECT(ORÇAMENTO.BancoRef),0)),\"(Código não identificado nas referências)\",MATCH($AE120,INDIRECT(ORÇAMENTO.BancoRef),0))))","v":"(Código não identificado nas referências)"},{"$f":"ROUND(IF(DESONERACAO=\"sim\",REFERENCIA.Desonerado,REFERENCIA.NaoDesonerado),2)","v":0},0.25,null,1,null,null,1350.64,1350.64]
["S",2,"S",0,{"$f":"IF($C121=1,OFFSET(E121,-1,0)+MAX(1,COUNTIF(QCI!$A$13:$A$41,OFFSET(ORÇAMENTO!E121,-1,0))),OFFSET(E121,-1,0))","v":7},3,0,0,2,0,{"$f":"IF(OR($C121=\"S\",$C121=0),0,MATCH(OFFSET($D121,0,$C121)+IF($C121<>1,1,COUNTIF(QCI!$A$13:$A$41,ORÇAMENTO!E121)),OFFSET($D121,1,$C121,ROW($C$744)-ROW($C121)),0))","v":0},"F","Serviço","Serviço","7.3.2.","SINAPI","FNDE 252","PORTA DE ABRIR - PA2 - 80 X 210 CM EM CHAPA DE ALUMÍNIO, TIPO VENEZIANA COM GUARNIÇÃO, FIXAÇÃO COM PARAFUSOS - FORNECIMENTO E INSTALAÇÃO - CONFORME PROJETO DE ESQUADRIAS","M2",{"$f":"OFFSET(CÁLCULO!H$15,ROW($T121)-ROW(T$15),0)","v":1.68},867.82283199999995,"BDI 1",{"$f":"IF($C121=\"S\",ROUND(IF(TIPOORCAMENTO=\"Proposto\",ORÇAMENTO.CustoUnitario*(1+$AH121),ORÇAMENTO.PrecoUnitarioLicitado),15-13*$AF$10),0)","v":1084.78},{"$f":"IF($C121=\"S\",IF(Import.TipoArredondamento<>\"TransfereGOV\",VTOTAL1,SUM(OFFSET(CÁLCULO!$AA$15,ROW($X121)-ROW($X$15),1):OFFSET(CÁLCULO!$AL$15,ROW($X121)-ROW($X$15),-1))),IF($C121=0,0,ROUND(SomaAgrup,15-13*$AF$11)))","v":1822.43},"RA","RA",{"$f":"IF($C121=\"S\",IF($Z121=\"CP\",$X121,IF($Z121=\"RA\",(($X121)*QCI!$AA$3),0)),SomaAgrup)","v":64.902202739982513},0,{"$f":"IF($N121=\"\",\"\",IF(ORÇAMENTO.Descricao=\"\",\"DESCRIÇÃO\",IF(AND($C121=\"S\",ORÇAMENTO.Unidade=\"\"),\"UNIDADE\",IF($X121<0,\"VALOR NEGATIVO\",IF(OR(AND(TIPOORCAMENTO=\"Proposto\",$AG121<>\"\",$AG121>0,ORÇAMENTO.CustoUnitario>$AG121),AND(TIPOORCAMENTO=\"LICITADO\",ORÇAMENTO.PrecoUnitarioLicitado>$AN121)),\"ACIMA REF.\",\"\")))))","v":""},{"$f":"IF(C121<=CRONO.NivelExibicao,MAX($AD$15:OFFSET(AD121,-1,0))+IF($C121<>1,1,MAX(1,COUNTIF(QCI!$A$13:$A$41,OFFSET($E121,-1,0)))),\"\")","v":""},{"$f":"IF(AND($C121=\"S\",ORÇAMENTO.CodBarra<>\"\"),IF(ORÇAMENTO.Fonte=\"\",ORÇAMENTO.CodBarra,CONCATENATE(ORÇAMENTO.Fonte,\" \",ORÇAMENTO.CodBarra)))","v":"SINAPI FNDE 252"},{"$f":"IF(ISERROR(INDIRECT(ORÇAMENTO.BancoRef)),\"(abra o arquivo 'Referência \"&Excel_BuiltIn_Database&\".xlsm)\",IF(OR($C121<>\"S\",ORÇAMENTO.CodBarra=\"\"),\"(Sem Código)\",IF(ISERROR(MATCH($AE121,INDIRECT(ORÇAMENTO.BancoRef),0)),\"(Código não identificado nas referências)\",MATCH($AE121,INDIRECT(ORÇAMENTO.BancoRef),0))))","v":"(Código não identificado nas referências)"},{"$f":"ROUND(IF(DESONERACAO=\"sim\",REFERENCIA.Desonerado,REFERENCIA.NaoDesonerado),2)","v":0},0.25,null,1.68,null,null,1822.43,1084.78]
["S",2,"S",0,{"$f":"IF($C122=1,OFFSET(E122,-1,0)+MAX(1,COUNTIF(QCI!$A$13:$A$41,OFFSET(ORÇAMENTO!E122,-1,0))),OFFSET(E122,-1,0))","v":7},3,0,0,3,0,{"$f":"IF(OR($C122=\"S\",$C122=0),0,MATCH(OFFSET($D122,0,$C122)+IF($C122<>1,1,COUNTIF(QCI!$A$13:$A$41,ORÇAMENTO!E122)),OFFSET($D122,1,$C122,ROW($C$744)-ROW($C122)),0))","v":0},"F","Serviço","Serviço","7.3.3.","SINAPI","FNDE 253","PORTA DE ABRIR 2 FOLHAS - PA3 - 160 X 210 CM EM CHAPA DE ALUMÍNIO, TIPO VENEZIANA COM GUARNIÇÃO, FIXAÇÃO COM PARAFUSOS - FORNECIMENTO E INSTALAÇÃO - CONFORME PROJETO DE ESQUADRIAS","M2",{"$f":"OFFSET(CÁLCULO!H$15,ROW($T122)-ROW(T$15),0)","v":6.72},867.82283199999995,"BDI 1",{"$f":"IF($C122=\"S\",ROUND(IF(TIPOORCAMENTO=\"Proposto\",ORÇAMENTO.CustoUnitario*(1+$AH122),ORÇAMENTO.PrecoUnitarioLicitado),15-13*$AF$10),0)","v":1084.78},{"$f":"IF($C122=\"S\",IF(Import.TipoArredondamento<>\"TransfereGOV\",VTOTAL1,SUM(OFFSET(CÁLCULO!$AA$15,ROW($X122)-ROW($X$15),1):OFFSET(CÁLCULO!$AL$15,ROW($X122)-ROW($X$15),-1))),IF($C122=0,0,ROUND(SomaAgrup,15-13*$AF$11)))","v":7289.72},"RA","RA",{"$f":"IF($C122=\"S\",IF($Z122=\"CP\",$X122,IF($Z122=\"RA\",(($X122)*QCI!$AA$3),0)),SomaAgrup)","v":259.60881095993005},0,{"$f":"IF($N122=\"\",\"\",IF(ORÇAMENTO.Descricao=\"\",\"DESCRIÇÃO\",IF(AND($C122=\"S\",ORÇAMENTO.Unidade=\"\"),\"UNIDADE\",IF($X122<0,\"VALOR NEGATIVO\",IF(OR(AND(TIPOORCAMENTO=\"Proposto\",$AG122<>\"\",$AG122>0,ORÇAMENTO.CustoUnitario>$AG122),AND(TIPOORCAMENTO=\"LICITADO\",ORÇAMENTO.PrecoUnitarioLicitado>$AN122)),\"ACIMA REF.\",\"\")))))","v":""},{"$f":"IF(C122<=CRONO.NivelExibicao,MAX($AD$15:OFFSET(AD122,-1,0))+IF($C122<>1,1,MAX(1,COUNTIF(QCI!$A$13:$A$41,OFFSET($E122,-1,0)))),\"\")","v":""},{"$f":"IF(AND($C122=\"S\",ORÇAMENTO.CodBarra<>\"\"),IF(ORÇAMENTO.Fonte=\"\",ORÇAMENTO.CodBarra,CONCATENATE(ORÇAMENTO.Fonte,\" \",ORÇAMENTO.CodBarra)))","v":"SINAPI FNDE 253"},{"$f":"IF(ISERROR(INDIRECT(ORÇAMENTO.BancoRef)),\"(abra o arquivo 'Referência \"&Excel_BuiltIn_Database&\".xlsm)\",IF(OR($C122<>\"S\",ORÇAMENTO.CodBarra=\"\"),\"(Sem Código)\",IF(ISERROR(MATCH($AE122,INDIRECT(ORÇAMENTO.BancoRef),0)),\"(Código não identificado nas referências)\",MATCH($AE122,INDIRECT(ORÇAMENTO.BancoRef),0))))","v":"(Código não identificado nas referências)"},{"$f":"ROUND(IF(DESONERACAO=\"sim\",REFERENCIA.Desonerado,REFERENCIA.NaoDesonerado),2)","v":0},0.25,null,6.72,null,null,7289.72,1084.78]
["S",2,"S",0,{"$f":"IF($C123=1,OFFSET(E123,-1,0)+MAX(1,COUNTIF(QCI!$A$13:$A$41,OFFSET(ORÇAMENTO!E123,-1,0))),OFFSET(E123,-1,0))","v":7},3,0,0,4,0,{"$f":"IF(OR($C123=\"S\",$C123=0),0,MATCH(OFFSET($D123,0,$C123)+IF($C123<>1,1,COUNTIF(QCI!$A$13:$A$41,ORÇAMENTO!E123)),OFFSET($D123,1,$C123,ROW($C$744)-ROW($C123)),0))","v":0},"F","Serviço","Serviço","7.3.4.","SINAPI","FNDE 254","PORTA DE CORRER - PA4- 450 X 265 CM, DE ALUMÍNIO, COM DUAS FOLHAS FIXAS E DUAS FOLHAS DE CORRER PARA VIDRO, INCLUSO VIDRO LISO INCOLOR 8 MM, FECHADURA E PUXADOR, SEM ALIZAR - CONFORME PROJETO DE ESQUADRIAS","M2",{"$f":"OFFSET(CÁLCULO!H$15,ROW($T123)-ROW(T$15),0)","v":143.1},614.51122199999998,"BDI 1",{"$f":"IF($C123=\"S\",ROUND(IF(TIPOORCAMENTO=\"Proposto\",ORÇAMENTO.CustoUnitario*(1+$AH123),ORÇAMENTO.PrecoUnitarioLicitado),15-13*$AF$10),0)","v":768.14},{"$f":"IF($C123=\"S\",IF(Import.TipoArredondamento<>\"TransfereGOV\",VTOTAL1,SUM(OFFSET(CÁLCULO!$AA$15,ROW($X123)-ROW($X$15),1):OFFSET(CÁLCULO!$AL$15,ROW($X123)-ROW($X$15),-1))),IF($C123=0,0,ROUND(SomaAgrup,15-13*$AF$11)))","v":109920.83},"RA","RA",{"$f":"IF($C123=\"S\",IF($Z123=\"CP\",$X123,IF($Z123=\"RA\",(($X123)*QCI!$AA$3),0)),SomaAgrup)","v":3914.6107087828623},0,{"$f":"IF($N123=\"\",\"\",IF(ORÇAMENTO.Descricao=\"\",\"DESCRIÇÃO\",IF(AND($C123=\"S\",ORÇAMENTO.Unidade=\"\"),\"UNIDADE\",IF($X123<0,\"VALOR NEGATIVO\",IF(OR(AND(TIPOORCAMENTO=\"Proposto\",$AG123<>\"\",$AG123>0,ORÇAMENTO.CustoUnitario>$AG123),AND(TIPOORCAMENTO=\"LICITADO\",ORÇAMENTO.PrecoUnitarioLicitado>$AN123)),\"ACIMA REF.\",\"\")))))","v":""},{"$f":"IF(C123<=CRONO.NivelExibicao,MAX($AD$15:OFFSET(AD123,-1,0))+IF($C123<>1,1,MAX(1,COUNTIF(QCI!$A$13:$A$41,OFFSET($E123,-1,0)))),\"\")","v":""},{"$f":"IF(AND($C123=\"S\",ORÇAMENTO.CodBarra<>\"\"),IF(ORÇAMENTO.Fonte=\"\",ORÇAMENTO.CodBarra,CONCATENATE(ORÇAMENTO.Fonte,\" \",ORÇAMENTO.CodBarra)))","v":"SINAPI FNDE 254"},{"$f":"IF(ISERROR(INDIRECT(ORÇAMENTO.BancoRef)),\"(abra o arquivo 'Referência \"&Excel_BuiltIn_Database&\".xlsm)\",IF(OR($C123<>\"S\",ORÇAMENTO.CodBarra=\"\"),\"(Sem Código)\",IF(ISERROR(MATCH($AE123,INDIRECT(ORÇAMENTO.BancoRef),0)),\"(Código não identificado nas referências)\",MATCH($AE123,INDIRECT(ORÇAMENTO.BancoRef),0))))","v":"(Código não identificado nas referências)"},{"$f":"ROUND(IF(DESONERACAO=\"sim\",REFERENCIA.Desonerado,REFERENCIA.NaoDesonerado),2)","v":0},0.25,null,143.1,null,null,109920.83,768.14]
["S",2,"S",0,{"$f":"IF($C124=1,OFFSET(E124,-1,0)+MAX(1,COUNTIF(QCI!$A$13:$A$41,OFFSET(ORÇAMENTO!E124,-1,0))),OFFSET(E124,-1,0))","v":7},3,0,0,5,0,{"$f":"IF(OR($C124=\"S\",$C124=0),0,MATCH(OFFSET($D124,0,$C124)+IF($C124<>1,1,COUNTIF(QCI!$A$13:$A$41,ORÇAMENTO!E124)),OFFSET($D124,1,$C124,ROW($C$744)-ROW($C124)),0))","v":0},"F","Serviço","Serviço","7.3.5.","SINAPI","FNDE 255","PORTA DE CORRER - PA5- 240 X 210 CM, DE ALUMÍNIO, COM DUAS FOLHAS DE CORRER PARA VIDRO, INCLUSO VIDRO LISO INCOLOR 8 MM, FECHADURA E PUXADOR, SEM ALIZAR - CONFORME PROJETO DE ESQUADRIAS","M2",{"$f":"OFFSET(CÁLCULO!H$15,ROW($T124)-ROW(T$15),0)","v":5.04},614.51122199999998,"BDI 1",{"$f":"IF($C124=\"S\",ROUND(IF(TIPOORCAMENTO=\"Proposto\",ORÇAMENTO.CustoUnitario*(1+$AH124),ORÇAMENTO.PrecoUnitarioLicitado),15-13*$AF$10),0)","v":768.14},{"$f":"IF($C124=\"S\",IF(Import.TipoArredondamento<>\"TransfereGOV\",VTOTAL1,SUM(OFFSET(CÁLCULO!$AA$15,ROW($X124)-ROW($X$15),1):OFFSET(CÁLCULO!$AL$15,ROW($X124)-ROW($X$15),-1))),IF($C124=0,0,ROUND(SomaAgrup,15-13*$AF$11)))","v":3871.43},"RA","RA",{"$f":"IF($C124=\"S\",IF($Z124=\"CP\",$X124,IF($Z124=\"RA\",(($X124)*QCI!$AA$3),0)),SomaAgrup)","v":137.87324328158036},0,{"$f":"IF($N124=\"\",\"\",IF(ORÇAMENTO.Descricao=\"\",\"DESCRIÇÃO\",IF(AND($C124=\"S\",ORÇAMENTO.Unidade=\"\"),\"UNIDADE\",IF($X124<0,\"VALOR NEGATIVO\",IF(OR(AND(TIPOORCAMENTO=\"Proposto\",$AG124<>\"\",$AG124>0,ORÇAMENTO.CustoUnitario>$AG124),AND(TIPOORCAMENTO=\"LICITADO\",ORÇAMENTO.PrecoUnitarioLicitado>$AN124)),\"ACIMA REF.\",\"\")))))","v":""},{"$f":"IF(C124<=CRONO.NivelExibicao,MAX($AD$15:OFFSET(AD124,-1,0))+IF($C124<>1,1,MAX(1,COUNTIF(QCI!$A$13:$A$41,OFFSET($E124,-1,0)))),\"\")","v":""},{"$f":"IF(AND($C124=\"S\",ORÇAMENTO.CodBarra<>\"\"),IF(ORÇAMENTO.Fonte=\"\",ORÇAMENTO.CodBarra,CONCATENATE(ORÇAMENTO.Fonte,\" \",ORÇAMENTO.CodBarra)))","v":"SINAPI FNDE 255"},{"$f":"IF(ISERROR(INDIRECT(ORÇAMENTO.BancoRef)),\"(abra o arquivo 'Referência \"&Excel_BuiltIn_Database&\".xlsm)\",IF(OR($C124<>\"S\",ORÇAMENTO.CodBarra=\"\"),\"(Sem Código)\",IF(ISERROR(MATCH($AE124,INDIRECT(ORÇAMENTO.BancoRef),0)),\"(Código não identificado nas referências)\",MATCH($AE124,INDIRECT(ORÇAMENTO.BancoRef),0))))","v":"(Código não identificado nas referências)"},{"$f":"ROUND(IF(DESONERACAO=\"sim\",REFERENCIA.Desonerado,REFERENCIA.NaoDesonerado),2)","v":0},0.25,null,5.04,null,null,3871.43,768.14]
["S",2,"S",0,{"$f":"IF($C125=1,OFFSET(E125,-1,0)+MAX(1,COUNTIF(QCI!$A$13:$A$41,OFFSET(ORÇAMENTO!E125,-1,0))),OFFSET(E125,-1,0))","v":7},3,0,0,6,0,{"$f":"IF(OR($C125=\"S\",$C125=0),0,MATCH(OFFSET($D125,0,$C125)+IF($C125<>1,1,COUNTIF(QCI!$A$13:$A$41,ORÇAMENTO!E125)),OFFSET($D125,1,$C125,ROW($C$744)-ROW($C125)),0))","v":0},"F","Serviço","Serviço","7.3.6.","SINAPI","FNDE 256","PORTA DE ABRIR 2 FOLHAS - PA6 - 110 X 170 CM EM CHAPA DE ALUMÍNIO, TIPO VENEZIANA COM GUARNIÇÃO, FIXAÇÃO COM PARAFUSOS - FORNECIMENTO E INSTALAÇÃO - CONFORME PROJETO DE ESQUADRIAS","M2",{"$f":"OFFSET(CÁLCULO!H$15,ROW($T125)-ROW(T$15),0)","v":7.48},867.82283199999995,"BDI 1",{"$f":"IF($C125=\"S\",ROUND(IF(TIPOORCAMENTO=\"Proposto\",ORÇAMENTO.CustoUnitario*(1+$AH125),ORÇAMENTO.PrecoUnitarioLicitado),15-13*$AF$10),0)","v":1084.78},{"$f":"IF($C125=\"S\",IF(Import.TipoArredondamento<>\"TransfereGOV\",VTOTAL1,SUM(OFFSET(CÁLCULO!$AA$15,ROW($X125)-ROW($X$15),1):OFFSET(CÁLCULO!$AL$15,ROW($X125)-ROW($X$15),-1))),IF($C125=0,0,ROUND(SomaAgrup,15-13*$AF$11)))","v":8114.15},"RA","RA",{"$f":"IF($C125=\"S\",IF($Z125=\"CP\",$X125,IF($Z125=\"RA\",(($X125)*QCI!$AA$3),0)),SomaAgrup)","v":288.96923797491758},0,{"$f":"IF($N125=\"\",\"\",IF(ORÇAMENTO.Descricao=\"\",\"DESCRIÇÃO\",IF(AND($C125=\"S\",ORÇAMENTO.Unidade=\"\"),\"UNIDADE\",IF($X125<0,\"VALOR NEGATIVO\",IF(OR(AND(TIPOORCAMENTO=\"Proposto\",$AG125<>\"\",$AG125>0,ORÇAMENTO.CustoUnitario>$AG125),AND(TIPOORCAMENTO=\"LICITADO\",ORÇAMENTO.PrecoUnitarioLicitado>$AN125)),\"ACIMA REF.\",\"\")))))","v":""},{"$f":"IF(C125<=CRONO.NivelExibicao,MAX($AD$15:OFFSET(AD125,-1,0))+IF($C125<>1,1,MAX(1,COUNTIF(QCI!$A$13:$A$41,OFFSET($E125,-1,0)))),\"\")","v":""},{"$f":"IF(AND($C125=\"S\",ORÇAMENTO.CodBarra<>\"\"),IF(ORÇAMENTO.Fonte=\"\",ORÇAMENTO.CodBarra,CONCATENATE(ORÇAMENTO.Fonte,\" \",ORÇAMENTO.CodBarra)))","v":"SINAPI FNDE 256"},{"$f":"IF(ISERROR(INDIRECT(ORÇAMENTO.BancoRef)),\"(abra o arquivo 'Referência \"&Excel_BuiltIn_Database&\".xlsm)\",IF(OR($C125<>\"S\",ORÇAMENTO.CodBarra=\"\"),\"(Sem Código)\",IF(ISERROR(MATCH($AE125,INDIRECT(ORÇAMENTO.BancoRef),0)),\"(Código não identificado nas referências)\",MATCH($AE125,INDIRECT(ORÇAMENTO.BancoRef),0))))","v":"(Código não identificado nas referências)"},{"$f":"ROUND(IF(DESONERACAO=\"sim\",REFERENCIA.Desonerado,REFERENCIA.NaoDesonerado),2)","v":0},0.25,null,7.48,null,null,8114.15,1084.78]
["S",2,"S",0,{"$f":"IF($C126=1,OFFSET(E126,-1,0)+MAX(1,COUNTIF(QCI!$A$13:$A$41,OFFSET(ORÇAMENTO!E126,-1,0))),OFFSET(E126,-1,0))","v":7},3,0,0,7,0,{"$f":"IF(OR($C126=\"S\",$C126=0),0,MATCH(OFFSET($D126,0,$C126)+IF($C126<>1,1,COUNTIF(QCI!$A$13:$A$41,ORÇAMENTO!E126)),OFFSET($D126,1,$C126,ROW($C$744)-ROW($C126)),0))","v":0},"F","Serviço","Serviço","7.3.7.","SINAPI","FNDE 257","PORTA DE ABRIR 2 FOLHAS - PA7 - 250 X 210 CM EM CHAPA DE ALUMÍNIO, COM DUAS FOLHAS DE ABRIR E BANDEIRA LATERAL FIXA, TIPO VENEZIANA COM GUARNIÇÃO, FIXAÇÃO COM PARAFUSOS - FORNECIMENTO E INSTALAÇÃO - CONFORME PROJETO DE ESQUADRIAS","M2",{"$f":"OFFSET(CÁLCULO!H$15,ROW($T126)-ROW(T$15),0)","v":5.25},867.82283199999995,"BDI 1",{"$f":"IF($C126=\"S\",ROUND(IF(TIPOORCAMENTO=\"Proposto\",ORÇAMENTO.CustoUnitario*(1+$AH126),ORÇAMENTO.PrecoUnitarioLicitado),15-13*$AF$10),0)","v":1084.78},{"$f":"IF($C126=\"S\",IF(Import.TipoArredondamento<>\"TransfereGOV\",VTOTAL1,SUM(OFFSET(CÁLCULO!$AA$15,ROW($X126)-ROW($X$15),1):OFFSET(CÁLCULO!$AL$15,ROW($X126)-ROW($X$15),-1))),IF($C126=0,0,ROUND(SomaAgrup,15-13*$AF$11)))","v":5695.1},"RA","RA",{"$f":"IF($C126=\"S\",IF($Z126=\"CP\",$X126,IF($Z126=\"RA\",(($X126)*QCI!$AA$3),0)),SomaAgrup)","v":202.81960614370615},0,{"$f":"IF($N126=\"\",\"\",IF(ORÇAMENTO.Descricao=\"\",\"DESCRIÇÃO\",IF(AND($C126=\"S\",ORÇAMENTO.Unidade=\"\"),\"UNIDADE\",IF($X126<0,\"VALOR NEGATIVO\",IF(OR(AND(TIPOORCAMENTO=\"Proposto\",$AG126<>\"\",$AG126>0,ORÇAMENTO.CustoUnitario>$AG126),AND(TIPOORCAMENTO=\"LICITADO\",ORÇAMENTO.PrecoUnitarioLicitado>$AN126)),\"ACIMA REF.\",\"\")))))","v":""},{"$f":"IF(C126<=CRONO.NivelExibicao,MAX($AD$15:OFFSET(AD126,-1,0))+IF($C126<>1,1,MAX(1,COUNTIF(QCI!$A$13:$A$41,OFFSET($E126,-1,0)))),\"\")","v":""},{"$f":"IF(AND($C126=\"S\",ORÇAMENTO.CodBarra<>\"\"),IF(ORÇAMENTO.Fonte=\"\",ORÇAMENTO.CodBarra,CONCATENATE(ORÇAMENTO.Fonte,\" \",ORÇAMENTO.CodBarra)))","v":"SINAPI FNDE 257"},{"$f":"IF(ISERROR(INDIRECT(ORÇAMENTO.BancoRef)),\"(abra o arquivo 'Referência \"&Excel_BuiltIn_Database&\".xlsm)\",IF(OR($C126<>\"S\",ORÇAMENTO.CodBarra=\"\"),\"(Sem Código)\",IF(ISERROR(MATCH($AE126,INDIRECT(ORÇAMENTO.BancoRef),0)),\"(Código não identificado nas referências)\",MATCH($AE126,INDIRECT(ORÇAMENTO.BancoRef),0))))","v":"(Código não identificado nas referências)"},{"$f":"ROUND(IF(DESONERACAO=\"sim\",REFERENCIA.Desonerado,REFERENCIA.NaoDesonerado),2)","v":0},0.25,null,5.25,null,null,5695.1,1084.78]
[2,2,2,18,{"$f":"IF($C127=1,OFFSET(E127,-1,0)+MAX(1,COUNTIF(QCI!$A$13:$A$41,OFFSET(ORÇAMENTO!E127,-1,0))),OFFSET(E127,-1,0))","v":7},4,0,0,0,35,{"$f":"IF(OR($C127=\"S\",$C127=0),0,MATCH(OFFSET($D127,0,$C127)+IF($C127<>1,1,COUNTIF(QCI!$A$13:$A$41,ORÇAMENTO!E127)),OFFSET($D127,1,$C127,ROW($C$744)-ROW($C127)),0))","v":18},"F","Nível 2","Nível 2","7.4.","SINAPI",null,"Janelas de alumínio",{"$f":"REFERENCIA.Unidade","v":"-"},{"$f":"OFFSET(CÁLCULO!H$15,ROW($T127)-ROW(T$15),0)","v":0},null,"BDI 1",{"$f":"IF($C127=\"S\",ROUND(IF(TIPOORCAMENTO=\"Proposto\",ORÇAMENTO.CustoUnitario*(1+$AH127),ORÇAMENTO.PrecoUnitarioLicitado),15-13*$AF$10),0)","v":0},{"$f":"IF($C127=\"S\",IF(Import.TipoArredondamento<>\"TransfereGOV\",VTOTAL1,SUM(OFFSET(CÁLCULO!$AA$15,ROW($X127)-ROW($X$15),1):OFFSET(CÁLCULO!$AL$15,ROW($X127)-ROW($X$15),-1))),IF($C127=0,0,ROUND(SomaAgrup,15-13*$AF$11)))","v":157993.54999999999},"RA","",{"$f":"IF($C127=\"S\",IF($Z127=\"CP\",$X127,IF($Z127=\"RA\",(($X127)*QCI!$AA$3),0)),SomaAgrup)","v":5626.6245692342436},0,{"$f":"IF($N127=\"\",\"\",IF(ORÇAMENTO.Descricao=\"\",\"DESCRIÇÃO\",IF(AND($C127=\"S\",ORÇAMENTO.Unidade=\"\"),\"UNIDADE\",IF($X127<0,\"VALOR NEGATIVO\",IF(OR(AND(TIPOORCAMENTO=\"Proposto\",$AG127<>\"\",$AG127>0,ORÇAMENTO.CustoUnitario>$AG127),AND(TIPOORCAMENTO=\"LICITADO\",ORÇAMENTO.PrecoUnitarioLicitado>$AN127)),\"ACIMA REF.\",\"\")))))","v":""},{"$f":"IF(C127<=CRONO.NivelExibicao,MAX($AD$15:OFFSET(AD127,-1,0))+IF($C127<>1,1,MAX(1,COUNTIF(QCI!$A$13:$A$41,OFFSET($E127,-1,0)))),\"\")","v":24},{"$f":"IF(AND($C127=\"S\",ORÇAMENTO.CodBarra<>\"\"),IF(ORÇAMENTO.Fonte=\"\",ORÇAMENTO.CodBarra,CONCATENATE(ORÇAMENTO.Fonte,\" \",ORÇAMENTO.CodBarra)))","v":false},{"$f":"IF(ISERROR(INDIRECT(ORÇAMENTO.BancoRef)),\"(abra o arquivo 'Referência \"&Excel_BuiltIn_Database&\".xlsm)\",IF(OR($C127<>\"S\",ORÇAMENTO.CodBarra=\"\"),\"(Sem Código)\",IF(ISERROR(MATCH($AE127,INDIRECT(ORÇAMENTO.BancoRef),0)),\"(Código não identificado nas referências)\",MATCH($AE127,INDIRECT(ORÇAMENTO.BancoRef),0))))","v":"(Sem Código)"},{"$f":"ROUND(IF(DESONERACAO=\"sim\",REFERENCIA.Desonerado,REFERENCIA.NaoDesonerado),2)","v":0},0.25,null,null,null,null,157993.54999999999,0]
["S",2,"S",0,{"$f":"IF($C128=1,OFFSET(E128,-1,0)+MAX(1,COUNTIF(QCI!$A$13:$A$41,OFFSET(ORÇAMENTO!E128,-1,0))),OFFSET(E128,-1,0))","v":7},4,0,0,1,0,{"$f":"IF(OR($C128=\"S\",$C128=0),0,MATCH(OFFSET($D128,0,$C128)+IF($C128<>1,1,COUNTIF(QCI!$A$13:$A$41,ORÇAMENTO!E128)),OFFSET($D128,1,$C128,ROW($C$744)-ROW($C128)),0))","v":0},"F","Serviço","Serviço","7.4.1.","SINAPI","FNDE 258","JANELA DE ALUMÍNIO - JA-1 - 70 X 125 CM, TIPO GUILHOTINA COMPLETA, COM VIDROS, BATENTE E FERRAGENS. EXCLUSIVE ALIZAR, ACABAMENTO E CONTRAMARCO, CONFORME PROJETO DE ESQUADRIAS","M2",{"$f":"OFFSET(CÁLCULO!H$15,ROW($T128)-ROW(T$15),0)","v":0.88},902.22237799999982,"BDI 1",{"$f":"IF($C128=\"S\",ROUND(IF(TIPOORCAMENTO=\"Proposto\",ORÇAMENTO.CustoUnitario*(1+$AH128),ORÇAMENTO.PrecoUnitarioLicitado),15-13*$AF$10),0)","v":1127.78},{"$f":"IF($C128=\"S\",IF(Import.TipoArredondamento<>\"TransfereGOV\",VTOTAL1,SUM(OFFSET(CÁLCULO!$AA$15,ROW($X128)-ROW($X$15),1):OFFSET(CÁLCULO!$AL$15,ROW($X128)-ROW($X$15),-1))),IF($C128=0,0,ROUND(SomaAgrup,15-13*$AF$11)))","v":992.45},"RA","RA",{"$f":"IF($C128=\"S\",IF($Z128=\"CP\",$X128,IF($Z128=\"RA\",(($X128)*QCI!$AA$3),0)),SomaAgrup)","v":35.344123565402043},0,{"$f":"IF($N128=\"\",\"\",IF(ORÇAMENTO.Descricao=\"\",\"DESCRIÇÃO\",IF(AND($C128=\"S\",ORÇAMENTO.Unidade=\"\"),\"UNIDADE\",IF($X128<0,\"VALOR NEGATIVO\",IF(OR(AND(TIPOORCAMENTO=\"Proposto\",$AG128<>\"\",$AG128>0,ORÇAMENTO.CustoUnitario>$AG128),AND(TIPOORCAMENTO=\"LICITADO\",ORÇAMENTO.PrecoUnitarioLicitado>$AN128)),\"ACIMA REF.\",\"\")))))","v":""},{"$f":"IF(C128<=CRONO.NivelExibicao,MAX($AD$15:OFFSET(AD128,-1,0))+IF($C128<>1,1,MAX(1,COUNTIF(QCI!$A$13:$A$41,OFFSET($E128,-1,0)))),\"\")","v":""},{"$f":"IF(AND($C128=\"S\",ORÇAMENTO.CodBarra<>\"\"),IF(ORÇAMENTO.Fonte=\"\",ORÇAMENTO.CodBarra,CONCATENATE(ORÇAMENTO.Fonte,\" \",ORÇAMENTO.CodBarra)))","v":"SINAPI FNDE 258"},{"$f":"IF(ISERROR(INDIRECT(ORÇAMENTO.BancoRef)),\"(abra o arquivo 'Referência \"&Excel_BuiltIn_Database&\".xlsm)\",IF(OR($C128<>\"S\",ORÇAMENTO.CodBarra=\"\"),\"(Sem Código)\",IF(ISERROR(MATCH($AE128,INDIRECT(ORÇAMENTO.BancoRef),0)),\"(Código não identificado nas referências)\",MATCH($AE128,INDIRECT(ORÇAMENTO.BancoRef),0))))","v":"(Código não identificado nas referências)"},{"$f":"ROUND(IF(DESONERACAO=\"sim\",REFERENCIA.Desonerado,REFERENCIA.NaoDesonerado),2)","v":0},0.25,null,0.88,null,null,992.45,1127.78]
["S",2,"S",0,{"$f":"IF($C129=1,OFFSET(E129,-1,0)+MAX(1,COUNTIF(QCI!$A$13:$A$41,OFFSET(ORÇAMENTO!E129,-1,0))),OFFSET(E129,-1,0))","v":7},4,0,0,2,0,{"$f":"IF(OR($C129=\"S\",$C129=0),0,MATCH(OFFSET($D129,0,$C129)+IF($C129<>1,1,COUNTIF(QCI!$A$13:$A$41,ORÇAMENTO!E129)),OFFSET($D129,1,$C129,ROW($C$744)-ROW($C129)),0))","v":0},"F","Serviço","Serviço","7.4.2.","SINAPI","FNDE 259","JANELA DE ALUMÍNIO - JA-2 - 110 X 145 CM, TIPO GUILHOTINACOMPLETA, COM VIDROS, BATENTE E FERRAGENS. EXCLUSIVE ALIZAR, ACABAMENTO E CONTRAMARCO, CONFORME PROJETO DE ESQUADRIAS","M2",{"$f":"OFFSET(CÁLCULO!H$15,ROW($T129)-ROW(T$15),0)","v":1.6},902.22237799999982,"BDI 1",{"$f":"IF($C129=\"S\",ROUND(IF(TIPOORCAMENTO=\"Proposto\",ORÇAMENTO.CustoUnitario*(1+$AH129),ORÇAMENTO.PrecoUnitarioLicitado),15-13*$AF$10),0)","v":1127.78},{"$f":"IF($C129=\"S\",IF(Import.TipoArredondamento<>\"TransfereGOV\",VTOTAL1,SUM(OFFSET(CÁLCULO!$AA$15,ROW($X129)-ROW($X$15),1):OFFSET(CÁLCULO!$AL$15,ROW($X129)-ROW($X$15),-1))),IF($C129=0,0,ROUND(SomaAgrup,15-13*$AF$11)))","v":1804.45},"RA","RA",{"$f":"IF($C129=\"S\",IF($Z129=\"CP\",$X129,IF($Z129=\"RA\",(($X129)*QCI!$AA$3),0)),SomaAgrup)","v":64.261880968904947},0,{"$f":"IF($N129=\"\",\"\",IF(ORÇAMENTO.Descricao=\"\",\"DESCRIÇÃO\",IF(AND($C129=\"S\",ORÇAMENTO.Unidade=\"\"),\"UNIDADE\",IF($X129<0,\"VALOR NEGATIVO\",IF(OR(AND(TIPOORCAMENTO=\"Proposto\",$AG129<>\"\",$AG129>0,ORÇAMENTO.CustoUnitario>$AG129),AND(TIPOORCAMENTO=\"LICITADO\",ORÇAMENTO.PrecoUnitarioLicitado>$AN129)),\"ACIMA REF.\",\"\")))))","v":""},{"$f":"IF(C129<=CRONO.NivelExibicao,MAX($AD$15:OFFSET(AD129,-1,0))+IF($C129<>1,1,MAX(1,COUNTIF(QCI!$A$13:$A$41,OFFSET($E129,-1,0)))),\"\")","v":""},{"$f":"IF(AND($C129=\"S\",ORÇAMENTO.CodBarra<>\"\"),IF(ORÇAMENTO.Fonte=\"\",ORÇAMENTO.CodBarra,CONCATENATE(ORÇAMENTO.Fonte,\" \",ORÇAMENTO.CodBarra)))","v":"SINAPI FNDE 259"},{"$f":"IF(ISERROR(INDIRECT(ORÇAMENTO.BancoRef)),\"(abra o arquivo 'Referência \"&Excel_BuiltIn_Database&\".xlsm)\",IF(OR($C129<>\"S\",ORÇAMENTO.CodBarra=\"\"),\"(Sem Código)\",IF(ISERROR(MATCH($AE129,INDIRECT(ORÇAMENTO.BancoRef),0)),\"(Código não identificado nas referências)\",MATCH($AE129,INDIRECT(ORÇAMENTO.BancoRef),0))))","v":"(Código não identificado nas referências)"},{"$f":"ROUND(IF(DESONERACAO=\"sim\",REFERENCIA.Desonerado,REFERENCIA.NaoDesonerado),2)","v":0},0.25,null,1.6,null,null,1804.45,1127.78]
["S",2,"S",0,{"$f":"IF($C130=1,OFFSET(E130,-1,0)+MAX(1,COUNTIF(QCI!$A$13:$A$41,OFFSET(ORÇAMENTO!E130,-1,0))),OFFSET(E130,-1,0))","v":7},4,0,0,3,0,{"$f":"IF(OR($C130=\"S\",$C130=0),0,MATCH(OFFSET($D130,0,$C130)+IF($C130<>1,1,COUNTIF(QCI!$A$13:$A$41,ORÇAMENTO!E130)),OFFSET($D130,1,$C130,ROW($C$744)-ROW($C130)),0))","v":0},"F","Serviço","Serviço","7.4.3.","SINAPI","FNDE 275","JANELA DE ALUMÍNIO JA-3 - 140 X 115, TIPO FIXA, PARA VIDRO, COM VIDRO, BATENTE E FERRAGENS. EXCLUSIVE ACABAMENTO, ALIZAR E CONTRAMARCO, CONFORME PROJETO DE ESQUADRIAS","M2",{"$f":"OFFSET(CÁLCULO!H$15,ROW($T130)-ROW(T$15),0)","v":3.22},992.62575000000015,"BDI 1",{"$f":"IF($C130=\"S\",ROUND(IF(TIPOORCAMENTO=\"Proposto\",ORÇAMENTO.CustoUnitario*(1+$AH130),ORÇAMENTO.PrecoUnitarioLicitado),15-13*$AF$10),0)","v":1240.79},{"$f":"IF($C130=\"S\",IF(Import.TipoArredondamento<>\"TransfereGOV\",VTOTAL1,SUM(OFFSET(CÁLCULO!$AA$15,ROW($X130)-ROW($X$15),1):OFFSET(CÁLCULO!$AL$15,ROW($X130)-ROW($X$15),-1))),IF($C130=0,0,ROUND(SomaAgrup,15-13*$AF$11)))","v":3995.34},"RA","RA",{"$f":"IF($C130=\"S\",IF($Z130=\"CP\",$X130,IF($Z130=\"RA\",(($X130)*QCI!$AA$3),0)),SomaAgrup)","v":142.28605032575283},0,{"$f":"IF($N130=\"\",\"\",IF(ORÇAMENTO.Descricao=\"\",\"DESCRIÇÃO\",IF(AND($C130=\"S\",ORÇAMENTO.Unidade=\"\"),\"UNIDADE\",IF($X130<0,\"VALOR NEGATIVO\",IF(OR(AND(TIPOORCAMENTO=\"Proposto\",$AG130<>\"\",$AG130>0,ORÇAMENTO.CustoUnitario>$AG130),AND(TIPOORCAMENTO=\"LICITADO\",ORÇAMENTO.PrecoUnitarioLicitado>$AN130)),\"ACIMA REF.\",\"\")))))","v":""},{"$f":"IF(C130<=CRONO.NivelExibicao,MAX($AD$15:OFFSET(AD130,-1,0))+IF($C130<>1,1,MAX(1,COUNTIF(QCI!$A$13:$A$41,OFFSET($E130,-1,0)))),\"\")","v":""},{"$f":"IF(AND($C130=\"S\",ORÇAMENTO.CodBarra<>\"\"),IF(ORÇAMENTO.Fonte=\"\",ORÇAMENTO.CodBarra,CONCATENATE(ORÇAMENTO.Fonte,\" \",ORÇAMENTO.CodBarra)))","v":"SINAPI FNDE 275"},{"$f":"IF(ISERROR(INDIRECT(ORÇAMENTO.BancoRef)),\"(abra o arquivo 'Referência \"&Excel_BuiltIn_Database&\".xlsm)\",IF(OR($C130<>\"S\",ORÇAMENTO.CodBarra=\"\"),\"(Sem Código)\",IF(ISERROR(MATCH($AE130,INDIRECT(ORÇAMENTO.BancoRef),0)),\"(Código não identificado nas referências)\",MATCH($AE130,INDIRECT(ORÇAMENTO.BancoRef),0))))","v":"(Código não identificado nas referências)"},{"$f":"ROUND(IF(DESONERACAO=\"sim\",REFERENCIA.Desonerado,REFERENCIA.NaoDesonerado),2)","v":0},0.25,null,3.22,null,null,3995.34,1240.79]
["S",2,"S",0,{"$f":"IF($C131=1,OFFSET(E131,-1,0)+MAX(1,COUNTIF(QCI!$A$13:$A$41,OFFSET(ORÇAMENTO!E131,-1,0))),OFFSET(E131,-1,0))","v":7},4,0,0,4,0,{"$f":"IF(OR($C131=\"S\",$C131=0),0,MATCH(OFFSET($D131,0,$C131)+IF($C131<>1,1,COUNTIF(QCI!$A$13:$A$41,ORÇAMENTO!E131)),OFFSET($D131,1,$C131,ROW($C$744)-ROW($C131)),0))","v":0},"F","Serviço","Serviço","7.4.4.","SINAPI","FNDE 262","JANELA DE ALUMÍNIO - JA-4 - 140 X 145 CM, TIPO GUILHOTINA COMPLETA, COM VIDROS, BATENTE E FERRAGENS. EXCLUSIVE ALIZAR, ACABAMENTO E CONTRAMARCO, CONFORME PROJETO DE ESQUADRIAS","M2",{"$f":"OFFSET(CÁLCULO!H$15,ROW($T131)-ROW(T$15),0)","v":2.0299999999999998},902.22237799999982,"BDI 1",{"$f":"IF($C131=\"S\",ROUND(IF(TIPOORCAMENTO=\"Proposto\",ORÇAMENTO.CustoUnitario*(1+$AH131),ORÇAMENTO.PrecoUnitarioLicitado),15-13*$AF$10),0)","v":1127.78},{"$f":"IF($C131=\"S\",IF(Import.TipoArredondamento<>\"TransfereGOV\",VTOTAL1,SUM(OFFSET(CÁLCULO!$AA$15,ROW($X131)-ROW($X$15),1):OFFSET(CÁLCULO!$AL$15,ROW($X131)-ROW($X$15),-1))),IF($C131=0,0,ROUND(SomaAgrup,15-13*$AF$11)))","v":2289.39},"RA","RA",{"$f":"IF($C131=\"S\",IF($Z131=\"CP\",$X131,IF($Z131=\"RA\",(($X131)*QCI!$AA$3),0)),SomaAgrup)","v":81.532050027100382},0,{"$f":"IF($N131=\"\",\"\",IF(ORÇAMENTO.Descricao=\"\",\"DESCRIÇÃO\",IF(AND($C131=\"S\",ORÇAMENTO.Unidade=\"\"),\"UNIDADE\",IF($X131<0,\"VALOR NEGATIVO\",IF(OR(AND(TIPOORCAMENTO=\"Proposto\",$AG131<>\"\",$AG131>0,ORÇAMENTO.CustoUnitario>$AG131),AND(TIPOORCAMENTO=\"LICITADO\",ORÇAMENTO.PrecoUnitarioLicitado>$AN131)),\"ACIMA REF.\",\"\")))))","v":""},{"$f":"IF(C131<=CRONO.NivelExibicao,MAX($AD$15:OFFSET(AD131,-1,0))+IF($C131<>1,1,MAX(1,COUNTIF(QCI!$A$13:$A$41,OFFSET($E131,-1,0)))),\"\")","v":""},{"$f":"IF(AND($C131=\"S\",ORÇAMENTO.CodBarra<>\"\"),IF(ORÇAMENTO.Fonte=\"\",ORÇAMENTO.CodBarra,CONCATENATE(ORÇAMENTO.Fonte,\" \",ORÇAMENTO.CodBarra)))","v":"SINAPI FNDE 262"},{"$f":"IF(ISERROR(INDIRECT(ORÇAMENTO.BancoRef)),\"(abra o arquivo 'Referência \"&Excel_BuiltIn_Database&\".xlsm)\",IF(OR($C131<>\"S\",ORÇAMENTO.CodBarra=\"\"),\"(Sem Código)\",IF(ISERROR(MATCH($AE131,INDIRECT(ORÇAMENTO.BancoRef),0)),\"(Código não identificado nas referências)\",MATCH($AE131,INDIRECT(ORÇAMENTO.BancoRef),0))))","v":"(Código não identificado nas referências)"},{"$f":"ROUND(IF(DESONERACAO=\"sim\",REFERENCIA.Desonerado,REFERENCIA.NaoDesonerado),2)","v":0},0.25,null,2.0299999999999998,null,null,2289.39,1127.78]
["S",2,"S",0,{"$f":"IF($C132=1,OFFSET(E132,-1,0)+MAX(1,COUNTIF(QCI!$A$13:$A$41,OFFSET(ORÇAMENTO!E132,-1,0))),OFFSET(E132,-1,0))","v":7},4,0,0,5,0,{"$f":"IF(OR($C132=\"S\",$C132=0),0,MATCH(OFFSET($D132,0,$C132)+IF($C132<>1,1,COUNTIF(QCI!$A$13:$A$41,ORÇAMENTO!E132)),OFFSET($D132,1,$C132,ROW($C$744)-ROW($C132)),0))","v":0},"F","Serviço","Serviço","7.4.5.","SINAPI","FNDE 276","JANELA DE ALUMÍNIO JA-5 - 200 X 128 CM, TIPO FIXA, PARA VIDRO, COM VIDRO, BATENTE E FERRAGENS. EXCLUSIVE ACABAMENTO, ALIZAR E CONTRAMARCO, CONFORME PROJETO DE ESQUADRIAS","M2",{"$f":"OFFSET(CÁLCULO!H$15,ROW($T132)-ROW(T$15),0)","v":2.56},992.62575000000015,"BDI 1",{"$f":"IF($C132=\"S\",ROUND(IF(TIPOORCAMENTO=\"Proposto\",ORÇAMENTO.CustoUnitario*(1+$AH132),ORÇAMENTO.PrecoUnitarioLicitado),15-13*$AF$10),0)","v":1240.79},{"$f":"IF($C132=\"S\",IF(Import.TipoArredondamento<>\"TransfereGOV\",VTOTAL1,SUM(OFFSET(CÁLCULO!$AA$15,ROW($X132)-ROW($X$15),1):OFFSET(CÁLCULO!$AL$15,ROW($X132)-ROW($X$15),-1))),IF($C132=0,0,ROUND(SomaAgrup,15-13*$AF$11)))","v":3176.42},"RA","RA",{"$f":"IF($C132=\"S\",IF($Z132=\"CP\",$X132,IF($Z132=\"RA\",(($X132)*QCI!$AA$3),0)),SomaAgrup)","v":113.12185095028903},0,{"$f":"IF($N132=\"\",\"\",IF(ORÇAMENTO.Descricao=\"\",\"DESCRIÇÃO\",IF(AND($C132=\"S\",ORÇAMENTO.Unidade=\"\"),\"UNIDADE\",IF($X132<0,\"VALOR NEGATIVO\",IF(OR(AND(TIPOORCAMENTO=\"Proposto\",$AG132<>\"\",$AG132>0,ORÇAMENTO.CustoUnitario>$AG132),AND(TIPOORCAMENTO=\"LICITADO\",ORÇAMENTO.PrecoUnitarioLicitado>$AN132)),\"ACIMA REF.\",\"\")))))","v":""},{"$f":"IF(C132<=CRONO.NivelExibicao,MAX($AD$15:OFFSET(AD132,-1,0))+IF($C132<>1,1,MAX(1,COUNTIF(QCI!$A$13:$A$41,OFFSET($E132,-1,0)))),\"\")","v":""},{"$f":"IF(AND($C132=\"S\",ORÇAMENTO.CodBarra<>\"\"),IF(ORÇAMENTO.Fonte=\"\",ORÇAMENTO.CodBarra,CONCATENATE(ORÇAMENTO.Fonte,\" \",ORÇAMENTO.CodBarra)))","v":"SINAPI FNDE 276"},{"$f":"IF(ISERROR(INDIRECT(ORÇAMENTO.BancoRef)),\"(abra o arquivo 'Referência \"&Excel_BuiltIn_Database&\".xlsm)\",IF(OR($C132<>\"S\",ORÇAMENTO.CodBarra=\"\"),\"(Sem Código)\",IF(ISERROR(MATCH($AE132,INDIRECT(ORÇAMENTO.BancoRef),0)),\"(Código não identificado nas referências)\",MATCH($AE132,INDIRECT(ORÇAMENTO.BancoRef),0))))","v":"(Código não identificado nas referências)"},{"$f":"ROUND(IF(DESONERACAO=\"sim\",REFERENCIA.Desonerado,REFERENCIA.NaoDesonerado),2)","v":0},0.25,null,2.56,null,null,3176.42,1240.79]
["S",2,"S",0,{"$f":"IF($C133=1,OFFSET(E133,-1,0)+MAX(1,COUNTIF(QCI!$A$13:$A$41,OFFSET(ORÇAMENTO!E133,-1,0))),OFFSET(E133,-1,0))","v":7},4,0,0,6,0,{"$f":"IF(OR($C133=\"S\",$C133=0),0,MATCH(OFFSET($D133,0,$C133)+IF($C133<>1,1,COUNTIF(QCI!$A$13:$A$41,ORÇAMENTO!E133)),OFFSET($D133,1,$C133,ROW($C$744)-ROW($C133)),0))","v":0},"F","Serviço","Serviço","7.4.6.","SINAPI","FNDE 263","JANELA DE ALUMÍNIO - JA-6 - 210 X 150 CM, TIPO MAXIM-AR, COM VIDROS, BATENTE E FERRAGENS. EXCLUSIVE ALIZAR, ACABAMENTO E CONTRAMARCO, CONFORME PROJETO DE ESQUADRIAS","M2",{"$f":"OFFSET(CÁLCULO!H$15,ROW($T133)-ROW(T$15),0)","v":2.1},902.22237799999982,"BDI 1",{"$f":"IF($C133=\"S\",ROUND(IF(TIPOORCAMENTO=\"Proposto\",ORÇAMENTO.CustoUnitario*(1+$AH133),ORÇAMENTO.PrecoUnitarioLicitado),15-13*$AF$10),0)","v":1127.78},{"$f":"IF($C133=\"S\",IF(Import.TipoArredondamento<>\"TransfereGOV\",VTOTAL1,SUM(OFFSET(CÁLCULO!$AA$15,ROW($X133)-ROW($X$15),1):OFFSET(CÁLCULO!$AL$15,ROW($X133)-ROW($X$15),-1))),IF($C133=0,0,ROUND(SomaAgrup,15-13*$AF$11)))","v":2368.34},"RA","RA",{"$f":"IF($C133=\"S\",IF($Z133=\"CP\",$X133,IF($Z133=\"RA\",(($X133)*QCI!$AA$3),0)),SomaAgrup)","v":84.343696513561667},0,{"$f":"IF($N133=\"\",\"\",IF(ORÇAMENTO.Descricao=\"\",\"DESCRIÇÃO\",IF(AND($C133=\"S\",ORÇAMENTO.Unidade=\"\"),\"UNIDADE\",IF($X133<0,\"VALOR NEGATIVO\",IF(OR(AND(TIPOORCAMENTO=\"Proposto\",$AG133<>\"\",$AG133>0,ORÇAMENTO.CustoUnitario>$AG133),AND(TIPOORCAMENTO=\"LICITADO\",ORÇAMENTO.PrecoUnitarioLicitado>$AN133)),\"ACIMA REF.\",\"\")))))","v":""},{"$f":"IF(C133<=CRONO.NivelExibicao,MAX($AD$15:OFFSET(AD133,-1,0))+IF($C133<>1,1,MAX(1,COUNTIF(QCI!$A$13:$A$41,OFFSET($E133,-1,0)))),\"\")","v":""},{"$f":"IF(AND($C133=\"S\",ORÇAMENTO.CodBarra<>\"\"),IF(ORÇAMENTO.Fonte=\"\",ORÇAMENTO.CodBarra,CONCATENATE(ORÇAMENTO.Fonte,\" \",ORÇAMENTO.CodBarra)))","v":"SINAPI FNDE 263"},{"$f":"IF(ISERROR(INDIRECT(ORÇAMENTO.BancoRef)),\"(abra o arquivo 'Referência \"&Excel_BuiltIn_Database&\".xlsm)\",IF(OR($C133<>\"S\",ORÇAMENTO.CodBarra=\"\"),\"(Sem Código)\",IF(ISERROR(MATCH($AE133,INDIRECT(ORÇAMENTO.BancoRef),0)),\"(Código não identificado nas referências)\",MATCH($AE133,INDIRECT(ORÇAMENTO.BancoRef),0))))","v":"(Código não identificado nas referências)"},{"$f":"ROUND(IF(DESONERACAO=\"sim\",REFERENCIA.Desonerado,REFERENCIA.NaoDesonerado),2)","v":0},0.25,null,2.1,null,null,2368.34,1127.78]
["S",2,"S",0,{"$f":"IF($C134=1,OFFSET(E134,-1,0)+MAX(1,COUNTIF(QCI!$A$13:$A$41,OFFSET(ORÇAMENTO!E134,-1,0))),OFFSET(E134,-1,0))","v":7},4,0,0,7,0,{"$f":"IF(OR($C134=\"S\",$C134=0),0,MATCH(OFFSET($D134,0,$C134)+IF($C134<>1,1,COUNTIF(QCI!$A$13:$A$41,ORÇAMENTO!E134)),OFFSET($D134,1,$C134,ROW($C$744)-ROW($C134)),0))","v":0},"F","Serviço","Serviço","7.4.7.","SINAPI","FNDE 264","JANELA DE ALUMÍNIO - JA-7 - 210 X 75 CM, TIPO MAXIM-AR, COM VIDROS, BATENTE E FERRAGENS. EXCLUSIVE ALIZAR, ACABAMENTO E CONTRAMARCO, CONFORME PROJETO DE ESQUADRIAS","M2",{"$f":"OFFSET(CÁLCULO!H$15,ROW($T134)-ROW(T$15),0)","v":11.03},902.22237799999982,"BDI 1",{"$f":"IF($C134=\"S\",ROUND(IF(TIPOORCAMENTO=\"Proposto\",ORÇAMENTO.CustoUnitario*(1+$AH134),ORÇAMENTO.PrecoUnitarioLicitado),15-13*$AF$10),0)","v":1127.78},{"$f":"IF($C134=\"S\",IF(Import.TipoArredondamento<>\"TransfereGOV\",VTOTAL1,SUM(OFFSET(CÁLCULO!$AA$15,ROW($X134)-ROW($X$15),1):OFFSET(CÁLCULO!$AL$15,ROW($X134)-ROW($X$15),-1))),IF($C134=0,0,ROUND(SomaAgrup,15-13*$AF$11)))","v":12439.41},"RA","RA",{"$f":"IF($C134=\"S\",IF($Z134=\"CP\",$X134,IF($Z134=\"RA\",(($X134)*QCI!$AA$3),0)),SomaAgrup)","v":443.00472983092124},0,{"$f":"IF($N134=\"\",\"\",IF(ORÇAMENTO.Descricao=\"\",\"DESCRIÇÃO\",IF(AND($C134=\"S\",ORÇAMENTO.Unidade=\"\"),\"UNIDADE\",IF($X134<0,\"VALOR NEGATIVO\",IF(OR(AND(TIPOORCAMENTO=\"Proposto\",$AG134<>\"\",$AG134>0,ORÇAMENTO.CustoUnitario>$AG134),AND(TIPOORCAMENTO=\"LICITADO\",ORÇAMENTO.PrecoUnitarioLicitado>$AN134)),\"ACIMA REF.\",\"\")))))","v":""},{"$f":"IF(C134<=CRONO.NivelExibicao,MAX($AD$15:OFFSET(AD134,-1,0))+IF($C134<>1,1,MAX(1,COUNTIF(QCI!$A$13:$A$41,OFFSET($E134,-1,0)))),\"\")","v":""},{"$f":"IF(AND($C134=\"S\",ORÇAMENTO.CodBarra<>\"\"),IF(ORÇAMENTO.Fonte=\"\",ORÇAMENTO.CodBarra,CONCATENATE(ORÇAMENTO.Fonte,\" \",ORÇAMENTO.CodBarra)))","v":"SINAPI FNDE 264"},{"$f":"IF(ISERROR(INDIRECT(ORÇAMENTO.BancoRef)),\"(abra o arquivo 'Referência \"&Excel_BuiltIn_Database&\".xlsm)\",IF(OR($C134<>\"S\",ORÇAMENTO.CodBarra=\"\"),\"(Sem Código)\",IF(ISERROR(MATCH($AE134,INDIRECT(ORÇAMENTO.BancoRef),0)),\"(Código não identificado nas referências)\",MATCH($AE134,INDIRECT(ORÇAMENTO.BancoRef),0))))","v":"(Código não identificado nas referências)"},{"$f":"ROUND(IF(DESONERACAO=\"sim\",REFERENCIA.Desonerado,REFERENCIA.NaoDesonerado),2)","v":0},0.25,null,11.03,null,null,12439.41,1127.78]
["S",2,"S",0,{"$f":"IF($C135=1,OFFSET(E135,-1,0)+MAX(1,COUNTIF(QCI!$A$13:$A$41,OFFSET(ORÇAMENTO!E135,-1,0))),OFFSET(E135,-1,0))","v":7},4,0,0,8,0,{"$f":"IF(OR($C135=\"S\",$C135=0),0,MATCH(OFFSET($D135,0,$C135)+IF($C135<>1,1,COUNTIF(QCI!$A$13:$A$41,ORÇAMENTO!E135)),OFFSET($D135,1,$C135,ROW($C$744)-ROW($C135)),0))","v":0},"F","Serviço","Serviço","7.4.8.","SINAPI","FNDE 268","JANELA DE ALUMÍNIO - JA-8 - 210 X 100 CM, TIPO MAXIM-AR, COM VIDROS, BATENTE E FERRAGENS. EXCLUSIVE ALIZAR, ACABAMENTO E CONTRAMARCO, CONFORME PROJETO DE ESQUADRIAS","M2",{"$f":"OFFSET(CÁLCULO!H$15,ROW($T135)-ROW(T$15),0)","v":6.3},902.22237799999982,"BDI 1",{"$f":"IF($C135=\"S\",ROUND(IF(TIPOORCAMENTO=\"Proposto\",ORÇAMENTO.CustoUnitario*(1+$AH135),ORÇAMENTO.PrecoUnitarioLicitado),15-13*$AF$10),0)","v":1127.78},{"$f":"IF($C135=\"S\",IF(Import.TipoArredondamento<>\"TransfereGOV\",VTOTAL1,SUM(OFFSET(CÁLCULO!$AA$15,ROW($X135)-ROW($X$15),1):OFFSET(CÁLCULO!$AL$15,ROW($X135)-ROW($X$15),-1))),IF($C135=0,0,ROUND(SomaAgrup,15-13*$AF$11)))","v":7105.01},"RA","RA",{"$f":"IF($C135=\"S\",IF($Z135=\"CP\",$X135,IF($Z135=\"RA\",(($X135)*QCI!$AA$3),0)),SomaAgrup)","v":253.03073341066769},0,{"$f":"IF($N135=\"\",\"\",IF(ORÇAMENTO.Descricao=\"\",\"DESCRIÇÃO\",IF(AND($C135=\"S\",ORÇAMENTO.Unidade=\"\"),\"UNIDADE\",IF($X135<0,\"VALOR NEGATIVO\",IF(OR(AND(TIPOORCAMENTO=\"Proposto\",$AG135<>\"\",$AG135>0,ORÇAMENTO.CustoUnitario>$AG135),AND(TIPOORCAMENTO=\"LICITADO\",ORÇAMENTO.PrecoUnitarioLicitado>$AN135)),\"ACIMA REF.\",\"\")))))","v":""},{"$f":"IF(C135<=CRONO.NivelExibicao,MAX($AD$15:OFFSET(AD135,-1,0))+IF($C135<>1,1,MAX(1,COUNTIF(QCI!$A$13:$A$41,OFFSET($E135,-1,0)))),\"\")","v":""},{"$f":"IF(AND($C135=\"S\",ORÇAMENTO.CodBarra<>\"\"),IF(ORÇAMENTO.Fonte=\"\",ORÇAMENTO.CodBarra,CONCATENATE(ORÇAMENTO.Fonte,\" \",ORÇAMENTO.CodBarra)))","v":"SINAPI FNDE 268"},{"$f":"IF(ISERROR(INDIRECT(ORÇAMENTO.BancoRef)),\"(abra o arquivo 'Referência \"&Excel_BuiltIn_Database&\".xlsm)\",IF(OR($C135<>\"S\",ORÇAMENTO.CodBarra=\"\"),\"(Sem Código)\",IF(ISERROR(MATCH($AE135,INDIRECT(ORÇAMENTO.BancoRef),0)),\"(Código não identificado nas referências)\",MATCH($AE135,INDIRECT(ORÇAMENTO.BancoRef),0))))","v":"(Código não identificado nas referências)"},{"$f":"ROUND(IF(DESONERACAO=\"sim\",REFERENCIA.Desonerado,REFERENCIA.NaoDesonerado),2)","v":0},0.25,null,6.3,null,null,7105.01,1127.78]
["S",2,"S",0,{"$f":"IF($C136=1,OFFSET(E136,-1,0)+MAX(1,COUNTIF(QCI!$A$13:$A$41,OFFSET(ORÇAMENTO!E136,-1,0))),OFFSET(E136,-1,0))","v":7},4,0,0,9,0,{"$f":"IF(OR($C136=\"S\",$C136=0),0,MATCH(OFFSET($D136,0,$C136)+IF($C136<>1,1,COUNTIF(QCI!$A$13:$A$41,ORÇAMENTO!E136)),OFFSET($D136,1,$C136,ROW($C$744)-ROW($C136)),0))","v":0},"F","Serviço","Serviço","7.4.9.","SINAPI","FNDE 265","JANELA DE ALUMÍNIO - JA-9 - 210 X 150 CM, TIPO MAXIM-AR, COM VIDROS, BATENTE E FERRAGENS. EXCLUSIVE ALIZAR, ACABAMENTO E CONTRAMARCO, CONFORME PROJETO DE ESQUADRIAS","M2",{"$f":"OFFSET(CÁLCULO!H$15,ROW($T136)-ROW(T$15),0)","v":18.899999999999999},902.22237799999982,"BDI 1",{"$f":"IF($C136=\"S\",ROUND(IF(TIPOORCAMENTO=\"Proposto\",ORÇAMENTO.CustoUnitario*(1+$AH136),ORÇAMENTO.PrecoUnitarioLicitado),15-13*$AF$10),0)","v":1127.78},{"$f":"IF($C136=\"S\",IF(Import.TipoArredondamento<>\"TransfereGOV\",VTOTAL1,SUM(OFFSET(CÁLCULO!$AA$15,ROW($X136)-ROW($X$15),1):OFFSET(CÁLCULO!$AL$15,ROW($X136)-ROW($X$15),-1))),IF($C136=0,0,ROUND(SomaAgrup,15-13*$AF$11)))","v":21315.040000000001},"RA","RA",{"$f":"IF($C136=\"S\",IF($Z136=\"CP\",$X136,IF($Z136=\"RA\",(($X136)*QCI!$AA$3),0)),SomaAgrup)","v":759.09255636202045},0,{"$f":"IF($N136=\"\",\"\",IF(ORÇAMENTO.Descricao=\"\",\"DESCRIÇÃO\",IF(AND($C136=\"S\",ORÇAMENTO.Unidade=\"\"),\"UNIDADE\",IF($X136<0,\"VALOR NEGATIVO\",IF(OR(AND(TIPOORCAMENTO=\"Proposto\",$AG136<>\"\",$AG136>0,ORÇAMENTO.CustoUnitario>$AG136),AND(TIPOORCAMENTO=\"LICITADO\",ORÇAMENTO.PrecoUnitarioLicitado>$AN136)),\"ACIMA REF.\",\"\")))))","v":""},{"$f":"IF(C136<=CRONO.NivelExibicao,MAX($AD$15:OFFSET(AD136,-1,0))+IF($C136<>1,1,MAX(1,COUNTIF(QCI!$A$13:$A$41,OFFSET($E136,-1,0)))),\"\")","v":""},{"$f":"IF(AND($C136=\"S\",ORÇAMENTO.CodBarra<>\"\"),IF(ORÇAMENTO.Fonte=\"\",ORÇAMENTO.CodBarra,CONCATENATE(ORÇAMENTO.Fonte,\" \",ORÇAMENTO.CodBarra)))","v":"SINAPI FNDE 265"},{"$f":"IF(ISERROR(INDIRECT(ORÇAMENTO.BancoRef)),\"(abra o arquivo 'Referência \"&Excel_BuiltIn_Database&\".xlsm)\",IF(OR($C136<>\"S\",ORÇAMENTO.CodBarra=\"\"),\"(Sem Código)\",IF(ISERROR(MATCH($AE136,INDIRECT(ORÇAMENTO.BancoRef),0)),\"(Código não identificado nas referências)\",MATCH($AE136,INDIRECT(ORÇAMENTO.BancoRef),0))))","v":"(Código não identificado nas referências)"},{"$f":"ROUND(IF(DESONERACAO=\"sim\",REFERENCIA.Desonerado,REFERENCIA.NaoDesonerado),2)","v":0},0.25,null,18.899999999999999,null,null,21315.040000000001,1127.78]
["S",2,"S",0,{"$f":"IF($C137=1,OFFSET(E137,-1,0)+MAX(1,COUNTIF(QCI!$A$13:$A$41,OFFSET(ORÇAMENTO!E137,-1,0))),OFFSET(E137,-1,0))","v":7},4,0,0,10,0,{"$f":"IF(OR($C137=\"S\",$C137=0),0,MATCH(OFFSET($D137,0,$C137)+IF($C137<>1,1,COUNTIF(QCI!$A$13:$A$41,ORÇAMENTO!E137)),OFFSET($D137,1,$C137,ROW($C$744)-ROW($C137)),0))","v":0},"F","Serviço","Serviço","7.4.10.","SINAPI","FNDE 269","JANELA DE ALUMÍNIO - JA-10 - 140 X 150 CM, TIPO MAXIM-AR, COM VIDROS, BATENTE E FERRAGENS. EXCLUSIVE ALIZAR, ACABAMENTO E CONTRAMARCO, CONFORME PROJETO DE ESQUADRIAS","M2",{"$f":"OFFSET(CÁLCULO!H$15,ROW($T137)-ROW(T$15),0)","v":2.1},902.22237799999982,"BDI 1",{"$f":"IF($C137=\"S\",ROUND(IF(TIPOORCAMENTO=\"Proposto\",ORÇAMENTO.CustoUnitario*(1+$AH137),ORÇAMENTO.PrecoUnitarioLicitado),15-13*$AF$10),0)","v":1127.78},{"$f":"IF($C137=\"S\",IF(Import.TipoArredondamento<>\"TransfereGOV\",VTOTAL1,SUM(OFFSET(CÁLCULO!$AA$15,ROW($X137)-ROW($X$15),1):OFFSET(CÁLCULO!$AL$15,ROW($X137)-ROW($X$15),-1))),IF($C137=0,0,ROUND(SomaAgrup,15-13*$AF$11)))","v":2368.34},"RA","RA",{"$f":"IF($C137=\"S\",IF($Z137=\"CP\",$X137,IF($Z137=\"RA\",(($X137)*QCI!$AA$3),0)),SomaAgrup)","v":84.343696513561667},0,{"$f":"IF($N137=\"\",\"\",IF(ORÇAMENTO.Descricao=\"\",\"DESCRIÇÃO\",IF(AND($C137=\"S\",ORÇAMENTO.Unidade=\"\"),\"UNIDADE\",IF($X137<0,\"VALOR NEGATIVO\",IF(OR(AND(TIPOORCAMENTO=\"Proposto\",$AG137<>\"\",$AG137>0,ORÇAMENTO.CustoUnitario>$AG137),AND(TIPOORCAMENTO=\"LICITADO\",ORÇAMENTO.PrecoUnitarioLicitado>$AN137)),\"ACIMA REF.\",\"\")))))","v":""},{"$f":"IF(C137<=CRONO.NivelExibicao,MAX($AD$15:OFFSET(AD137,-1,0))+IF($C137<>1,1,MAX(1,COUNTIF(QCI!$A$13:$A$41,OFFSET($E137,-1,0)))),\"\")","v":""},{"$f":"IF(AND($C137=\"S\",ORÇAMENTO.CodBarra<>\"\"),IF(ORÇAMENTO.Fonte=\"\",ORÇAMENTO.CodBarra,CONCATENATE(ORÇAMENTO.Fonte,\" \",ORÇAMENTO.CodBarra)))","v":"SINAPI FNDE 269"},{"$f":"IF(ISERROR(INDIRECT(ORÇAMENTO.BancoRef)),\"(abra o arquivo 'Referência \"&Excel_BuiltIn_Database&\".xlsm)\",IF(OR($C137<>\"S\",ORÇAMENTO.CodBarra=\"\"),\"(Sem Código)\",IF(ISERROR(MATCH($AE137,INDIRECT(ORÇAMENTO.BancoRef),0)),\"(Código não identificado nas referências)\",MATCH($AE137,INDIRECT(ORÇAMENTO.BancoRef),0))))","v":"(Código não identificado nas referências)"},{"$f":"ROUND(IF(DESONERACAO=\"sim\",REFERENCIA.Desonerado,REFERENCIA.NaoDesonerado),2)","v":0},0.25,null,2.1,null,null,2368.34,1127.78]
["S",2,"S",0,{"$f":"IF($C138=1,OFFSET(E138,-1,0)+MAX(1,COUNTIF(QCI!$A$13:$A$41,OFFSET(ORÇAMENTO!E138,-1,0))),OFFSET(E138,-1,0))","v":7},4,0,0,11,0,{"$f":"IF(OR($C138=\"S\",$C138=0),0,MATCH(OFFSET($D138,0,$C138)+IF($C138<>1,1,COUNTIF(QCI!$A$13:$A$41,ORÇAMENTO!E138)),OFFSET($D138,1,$C138,ROW($C$744)-ROW($C138)),0))","v":0},"F","Serviço","Serviço","7.4.11.","SINAPI","FNDE 270","JANELA DE ALUMÍNIO - JA-11 - 140 X 75 CM, TIPO MAXIM-AR, COM VIDROS, BATENTE E FERRAGENS. EXCLUSIVE ALIZAR, ACABAMENTO E CONTRAMARCO, CONFORME PROJETO DE ESQUADRIAS","M2",{"$f":"OFFSET(CÁLCULO!H$15,ROW($T138)-ROW(T$15),0)","v":6.3},902.22237799999982,"BDI 1",{"$f":"IF($C138=\"S\",ROUND(IF(TIPOORCAMENTO=\"Proposto\",ORÇAMENTO.CustoUnitario*(1+$AH138),ORÇAMENTO.PrecoUnitarioLicitado),15-13*$AF$10),0)","v":1127.78},{"$f":"IF($C138=\"S\",IF(Import.TipoArredondamento<>\"TransfereGOV\",VTOTAL1,SUM(OFFSET(CÁLCULO!$AA$15,ROW($X138)-ROW($X$15),1):OFFSET(CÁLCULO!$AL$15,ROW($X138)-ROW($X$15),-1))),IF($C138=0,0,ROUND(SomaAgrup,15-13*$AF$11)))","v":7105.01},"RA","RA",{"$f":"IF($C138=\"S\",IF($Z138=\"CP\",$X138,IF($Z138=\"RA\",(($X138)*QCI!$AA$3),0)),SomaAgrup)","v":253.03073341066769},0,{"$f":"IF($N138=\"\",\"\",IF(ORÇAMENTO.Descricao=\"\",\"DESCRIÇÃO\",IF(AND($C138=\"S\",ORÇAMENTO.Unidade=\"\"),\"UNIDADE\",IF($X138<0,\"VALOR NEGATIVO\",IF(OR(AND(TIPOORCAMENTO=\"Proposto\",$AG138<>\"\",$AG138>0,ORÇAMENTO.CustoUnitario>$AG138),AND(TIPOORCAMENTO=\"LICITADO\",ORÇAMENTO.PrecoUnitarioLicitado>$AN138)),\"ACIMA REF.\",\"\")))))","v":""},{"$f":"IF(C138<=CRONO.NivelExibicao,MAX($AD$15:OFFSET(AD138,-1,0))+IF($C138<>1,1,MAX(1,COUNTIF(QCI!$A$13:$A$41,OFFSET($E138,-1,0)))),\"\")","v":""},{"$f":"IF(AND($C138=\"S\",ORÇAMENTO.CodBarra<>\"\"),IF(ORÇAMENTO.Fonte=\"\",ORÇAMENTO.CodBarra,CONCATENATE(ORÇAMENTO.Fonte,\" \",ORÇAMENTO.CodBarra)))","v":"SINAPI FNDE 270"},{"$f":"IF(ISERROR(INDIRECT(ORÇAMENTO.BancoRef)),\"(abra o arquivo 'Referência \"&Excel_BuiltIn_Database&\".xlsm)\",IF(OR($C138<>\"S\",ORÇAMENTO.CodBarra=\"\"),\"(Sem Código)\",IF(ISERROR(MATCH($AE138,INDIRECT(ORÇAMENTO.BancoRef),0)),\"(Código não identificado nas referências)\",MATCH($AE138,INDIRECT(ORÇAMENTO.BancoRef),0))))","v":"(Código não identificado nas referências)"},{"$f":"ROUND(IF(DESONERACAO=\"sim\",REFERENCIA.Desonerado,REFERENCIA.NaoDesonerado),2)","v":0},0.25,null,6.3,null,null,7105.01,1127.78]
["S",2,"S",0,{"$f":"IF($C139=1,OFFSET(E139,-1,0)+MAX(1,COUNTIF(QCI!$A$13:$A$41,OFFSET(ORÇAMENTO!E139,-1,0))),OFFSET(E139,-1,0))","v":7},4,0,0,12,0,{"$f":"IF(OR($C139=\"S\",$C139=0),0,MATCH(OFFSET($D139,0,$C139)+IF($C139<>1,1,COUNTIF(QCI!$A$13:$A$41,ORÇAMENTO!E139)),OFFSET($D139,1,$C139,ROW($C$744)-ROW($C139)),0))","v":0},"F","Serviço","Serviço","7.4.12.","SINAPI","FNDE 271","JANELA DE ALUMÍNIO - JA-12 - 420 X 50 CM, TIPO MAXIM-AR, COM VIDROS, BATENTE E FERRAGENS. EXCLUSIVE ALIZAR, ACABAMENTO E CONTRAMARCO, CONFORME PROJETO DE ESQUADRIAS","M2",{"$f":"OFFSET(CÁLCULO!H$15,ROW($T139)-ROW(T$15),0)","v":8.4},902.22237799999982,"BDI 1",{"$f":"IF($C139=\"S\",ROUND(IF(TIPOORCAMENTO=\"Proposto\",ORÇAMENTO.CustoUnitario*(1+$AH139),ORÇAMENTO.PrecoUnitarioLicitado),15-13*$AF$10),0)","v":1127.78},{"$f":"IF($C139=\"S\",IF(Import.TipoArredondamento<>\"TransfereGOV\",VTOTAL1,SUM(OFFSET(CÁLCULO!$AA$15,ROW($X139)-ROW($X$15),1):OFFSET(CÁLCULO!$AL$15,ROW($X139)-ROW($X$15),-1))),IF($C139=0,0,ROUND(SomaAgrup,15-13*$AF$11)))","v":9473.35},"RA","RA",{"$f":"IF($C139=\"S\",IF($Z139=\"CP\",$X139,IF($Z139=\"RA\",(($X139)*QCI!$AA$3),0)),SomaAgrup)","v":337.37442992422939},0,{"$f":"IF($N139=\"\",\"\",IF(ORÇAMENTO.Descricao=\"\",\"DESCRIÇÃO\",IF(AND($C139=\"S\",ORÇAMENTO.Unidade=\"\"),\"UNIDADE\",IF($X139<0,\"VALOR NEGATIVO\",IF(OR(AND(TIPOORCAMENTO=\"Proposto\",$AG139<>\"\",$AG139>0,ORÇAMENTO.CustoUnitario>$AG139),AND(TIPOORCAMENTO=\"LICITADO\",ORÇAMENTO.PrecoUnitarioLicitado>$AN139)),\"ACIMA REF.\",\"\")))))","v":""},{"$f":"IF(C139<=CRONO.NivelExibicao,MAX($AD$15:OFFSET(AD139,-1,0))+IF($C139<>1,1,MAX(1,COUNTIF(QCI!$A$13:$A$41,OFFSET($E139,-1,0)))),\"\")","v":""},{"$f":"IF(AND($C139=\"S\",ORÇAMENTO.CodBarra<>\"\"),IF(ORÇAMENTO.Fonte=\"\",ORÇAMENTO.CodBarra,CONCATENATE(ORÇAMENTO.Fonte,\" \",ORÇAMENTO.CodBarra)))","v":"SINAPI FNDE 271"},{"$f":"IF(ISERROR(INDIRECT(ORÇAMENTO.BancoRef)),\"(abra o arquivo 'Referência \"&Excel_BuiltIn_Database&\".xlsm)\",IF(OR($C139<>\"S\",ORÇAMENTO.CodBarra=\"\"),\"(Sem Código)\",IF(ISERROR(MATCH($AE139,INDIRECT(ORÇAMENTO.BancoRef),0)),\"(Código não identificado nas referências)\",MATCH($AE139,INDIRECT(ORÇAMENTO.BancoRef),0))))","v":"(Código não identificado nas referências)"},{"$f":"ROUND(IF(DESONERACAO=\"sim\",REFERENCIA.Desonerado,REFERENCIA.NaoDesonerado),2)","v":0},0.25,null,8.4,null,null,9473.35,1127.78]
["S",2,"S",0,{"$f":"IF($C140=1,OFFSET(E140,-1,0)+MAX(1,COUNTIF(QCI!$A$13:$A$41,OFFSET(ORÇAMENTO!E140,-1,0))),OFFSET(E140,-1,0))","v":7},4,0,0,13,0,{"$f":"IF(OR($C140=\"S\",$C140=0),0,MATCH(OFFSET($D140,0,$C140)+IF($C140<>1,1,COUNTIF(QCI!$A$13:$A$41,ORÇAMENTO!E140)),OFFSET($D140,1,$C140,ROW($C$744)-ROW($C140)),0))","v":0},"F","Serviço","Serviço","7.4.13.","SINAPI","FNDE 272","JANELA DE ALUMÍNIO - JA-13 - 420 X 150 CM, TIPO MAXIM-AR, COM VIDROS, BATENTE E FERRAGENS. EXCLUSIVE ALIZAR, ACABAMENTO E CONTRAMARCO, CONFORME PROJETO DE ESQUADRIAS","M2",{"$f":"OFFSET(CÁLCULO!H$15,ROW($T140)-ROW(T$15),0)","v":12.6},902.22237799999982,"BDI 1",{"$f":"IF($C140=\"S\",ROUND(IF(TIPOORCAMENTO=\"Proposto\",ORÇAMENTO.CustoUnitario*(1+$AH140),ORÇAMENTO.PrecoUnitarioLicitado),15-13*$AF$10),0)","v":1127.78},{"$f":"IF($C140=\"S\",IF(Import.TipoArredondamento<>\"TransfereGOV\",VTOTAL1,SUM(OFFSET(CÁLCULO!$AA$15,ROW($X140)-ROW($X$15),1):OFFSET(CÁLCULO!$AL$15,ROW($X140)-ROW($X$15),-1))),IF($C140=0,0,ROUND(SomaAgrup,15-13*$AF$11)))","v":14210.03},"RA","RA",{"$f":"IF($C140=\"S\",IF($Z140=\"CP\",$X140,IF($Z140=\"RA\",(($X140)*QCI!$AA$3),0)),SomaAgrup)","v":506.06182295135272},0,{"$f":"IF($N140=\"\",\"\",IF(ORÇAMENTO.Descricao=\"\",\"DESCRIÇÃO\",IF(AND($C140=\"S\",ORÇAMENTO.Unidade=\"\"),\"UNIDADE\",IF($X140<0,\"VALOR NEGATIVO\",IF(OR(AND(TIPOORCAMENTO=\"Proposto\",$AG140<>\"\",$AG140>0,ORÇAMENTO.CustoUnitario>$AG140),AND(TIPOORCAMENTO=\"LICITADO\",ORÇAMENTO.PrecoUnitarioLicitado>$AN140)),\"ACIMA REF.\",\"\")))))","v":""},{"$f":"IF(C140<=CRONO.NivelExibicao,MAX($AD$15:OFFSET(AD140,-1,0))+IF($C140<>1,1,MAX(1,COUNTIF(QCI!$A$13:$A$41,OFFSET($E140,-1,0)))),\"\")","v":""},{"$f":"IF(AND($C140=\"S\",ORÇAMENTO.CodBarra<>\"\"),IF(ORÇAMENTO.Fonte=\"\",ORÇAMENTO.CodBarra,CONCATENATE(ORÇAMENTO.Fonte,\" \",ORÇAMENTO.CodBarra)))","v":"SINAPI FNDE 272"},{"$f":"IF(ISERROR(INDIRECT(ORÇAMENTO.BancoRef)),\"(abra o arquivo 'Referência \"&Excel_BuiltIn_Database&\".xlsm)\",IF(OR($C140<>\"S\",ORÇAMENTO.CodBarra=\"\"),\"(Sem Código)\",IF(ISERROR(MATCH($AE140,INDIRECT(ORÇAMENTO.BancoRef),0)),\"(Código não identificado nas referências)\",MATCH($AE140,INDIRECT(ORÇAMENTO.BancoRef),0))))","v":"(Código não identificado nas referências)"},{"$f":"ROUND(IF(DESONERACAO=\"sim\",REFERENCIA.Desonerado,REFERENCIA.NaoDesonerado),2)","v":0},0.25,null,12.6,null,null,14210.03,1127.78]
["S",2,"S",0,{"$f":"IF($C141=1,OFFSET(E141,-1,0)+MAX(1,COUNTIF(QCI!$A$13:$A$41,OFFSET(ORÇAMENTO!E141,-1,0))),OFFSET(E141,-1,0))","v":7},4,0,0,14,0,{"$f":"IF(OR($C141=\"S\",$C141=0),0,MATCH(OFFSET($D141,0,$C141)+IF($C141<>1,1,COUNTIF(QCI!$A$13:$A$41,ORÇAMENTO!E141)),OFFSET($D141,1,$C141,ROW($C$744)-ROW($C141)),0))","v":0},"F","Serviço","Serviço","7.4.14.","SINAPI","FNDE 273","JANELA DE ALUMÍNIO - JA-14 - 560 X 100 CM, TIPO MAXIM-AR, COM VIDROS, BATENTE E FERRAGENS. EXCLUSIVE ALIZAR, ACABAMENTO E CONTRAMARCO, CONFORME PROJETO DE ESQUADRIAS","M2",{"$f":"OFFSET(CÁLCULO!H$15,ROW($T141)-ROW(T$15),0)","v":33.6},902.22237799999982,"BDI 1",{"$f":"IF($C141=\"S\",ROUND(IF(TIPOORCAMENTO=\"Proposto\",ORÇAMENTO.CustoUnitario*(1+$AH141),ORÇAMENTO.PrecoUnitarioLicitado),15-13*$AF$10),0)","v":1127.78},{"$f":"IF($C141=\"S\",IF(Import.TipoArredondamento<>\"TransfereGOV\",VTOTAL1,SUM(OFFSET(CÁLCULO!$AA$15,ROW($X141)-ROW($X$15),1):OFFSET(CÁLCULO!$AL$15,ROW($X141)-ROW($X$15),-1))),IF($C141=0,0,ROUND(SomaAgrup,15-13*$AF$11)))","v":37893.410000000003},"RA","RA",{"$f":"IF($C141=\"S\",IF($Z141=\"CP\",$X141,IF($Z141=\"RA\",(($X141)*QCI!$AA$3),0)),SomaAgrup)","v":1349.4980758269348},0,{"$f":"IF($N141=\"\",\"\",IF(ORÇAMENTO.Descricao=\"\",\"DESCRIÇÃO\",IF(AND($C141=\"S\",ORÇAMENTO.Unidade=\"\"),\"UNIDADE\",IF($X141<0,\"VALOR NEGATIVO\",IF(OR(AND(TIPOORCAMENTO=\"Proposto\",$AG141<>\"\",$AG141>0,ORÇAMENTO.CustoUnitario>$AG141),AND(TIPOORCAMENTO=\"LICITADO\",ORÇAMENTO.PrecoUnitarioLicitado>$AN141)),\"ACIMA REF.\",\"\")))))","v":""},{"$f":"IF(C141<=CRONO.NivelExibicao,MAX($AD$15:OFFSET(AD141,-1,0))+IF($C141<>1,1,MAX(1,COUNTIF(QCI!$A$13:$A$41,OFFSET($E141,-1,0)))),\"\")","v":""},{"$f":"IF(AND($C141=\"S\",ORÇAMENTO.CodBarra<>\"\"),IF(ORÇAMENTO.Fonte=\"\",ORÇAMENTO.CodBarra,CONCATENATE(ORÇAMENTO.Fonte,\" \",ORÇAMENTO.CodBarra)))","v":"SINAPI FNDE 273"},{"$f":"IF(ISERROR(INDIRECT(ORÇAMENTO.BancoRef)),\"(abra o arquivo 'Referência \"&Excel_BuiltIn_Database&\".xlsm)\",IF(OR($C141<>\"S\",ORÇAMENTO.CodBarra=\"\"),\"(Sem Código)\",IF(ISERROR(MATCH($AE141,INDIRECT(ORÇAMENTO.BancoRef),0)),\"(Código não identificado nas referências)\",MATCH($AE141,INDIRECT(ORÇAMENTO.BancoRef),0))))","v":"(Código não identificado nas referências)"},{"$f":"ROUND(IF(DESONERACAO=\"sim\",REFERENCIA.Desonerado,REFERENCIA.NaoDesonerado),2)","v":0},0.25,null,33.6,null,null,37893.410000000003,1127.78]
["S",2,"S",0,{"$f":"IF($C142=1,OFFSET(E142,-1,0)+MAX(1,COUNTIF(QCI!$A$13:$A$41,OFFSET(ORÇAMENTO!E142,-1,0))),OFFSET(E142,-1,0))","v":7},4,0,0,15,0,{"$f":"IF(OR($C142=\"S\",$C142=0),0,MATCH(OFFSET($D142,0,$C142)+IF($C142<>1,1,COUNTIF(QCI!$A$13:$A$41,ORÇAMENTO!E142)),OFFSET($D142,1,$C142,ROW($C$744)-ROW($C142)),0))","v":0},"F","Serviço","Serviço","7.4.15.","SINAPI","FNDE 274","JANELA DE ALUMÍNIO - JA-15 - 560 X 150 CM, TIPO MAXIM-AR, COM VIDROS, BATENTE E FERRAGENS. EXCLUSIVE ALIZAR, ACABAMENTO E CONTRAMARCO, CONFORME PROJETO DE ESQUADRIAS","M2",{"$f":"OFFSET(CÁLCULO!H$15,ROW($T142)-ROW(T$15),0)","v":16.8},902.22237799999982,"BDI 1",{"$f":"IF($C142=\"S\",ROUND(IF(TIPOORCAMENTO=\"Proposto\",ORÇAMENTO.CustoUnitario*(1+$AH142),ORÇAMENTO.PrecoUnitarioLicitado),15-13*$AF$10),0)","v":1127.78},{"$f":"IF($C142=\"S\",IF(Import.TipoArredondamento<>\"TransfereGOV\",VTOTAL1,SUM(OFFSET(CÁLCULO!$AA$15,ROW($X142)-ROW($X$15),1):OFFSET(CÁLCULO!$AL$15,ROW($X142)-ROW($X$15),-1))),IF($C142=0,0,ROUND(SomaAgrup,15-13*$AF$11)))","v":18946.7},"RA","RA",{"$f":"IF($C142=\"S\",IF($Z142=\"CP\",$X142,IF($Z142=\"RA\",(($X142)*QCI!$AA$3),0)),SomaAgrup)","v":674.74885984845878},0,{"$f":"IF($N142=\"\",\"\",IF(ORÇAMENTO.Descricao=\"\",\"DESCRIÇÃO\",IF(AND($C142=\"S\",ORÇAMENTO.Unidade=\"\"),\"UNIDADE\",IF($X142<0,\"VALOR NEGATIVO\",IF(OR(AND(TIPOORCAMENTO=\"Proposto\",$AG142<>\"\",$AG142>0,ORÇAMENTO.CustoUnitario>$AG142),AND(TIPOORCAMENTO=\"LICITADO\",ORÇAMENTO.PrecoUnitarioLicitado>$AN142)),\"ACIMA REF.\",\"\")))))","v":""},{"$f":"IF(C142<=CRONO.NivelExibicao,MAX($AD$15:OFFSET(AD142,-1,0))+IF($C142<>1,1,MAX(1,COUNTIF(QCI!$A$13:$A$41,OFFSET($E142,-1,0)))),\"\")","v":""},{"$f":"IF(AND($C142=\"S\",ORÇAMENTO.CodBarra<>\"\"),IF(ORÇAMENTO.Fonte=\"\",ORÇAMENTO.CodBarra,CONCATENATE(ORÇAMENTO.Fonte,\" \",ORÇAMENTO.CodBarra)))","v":"SINAPI FNDE 274"},{"$f":"IF(ISERROR(INDIRECT(ORÇAMENTO.BancoRef)),\"(abra o arquivo 'Referência \"&Excel_BuiltIn_Database&\".xlsm)\",IF(OR($C142<>\"S\",ORÇAMENTO.CodBarra=\"\"),\"(Sem Código)\",IF(ISERROR(MATCH($AE142,INDIRECT(ORÇAMENTO.BancoRef),0)),\"(Código não identificado nas referências)\",MATCH($AE142,INDIRECT(ORÇAMENTO.BancoRef),0))))","v":"(Código não identificado nas referências)"},{"$f":"ROUND(IF(DESONERACAO=\"sim\",REFERENCIA.Desonerado,REFERENCIA.NaoDesonerado),2)","v":0},0.25,null,16.8,null,null,18946.7,1127.78]
["S",2,"S",0,{"$f":"IF($C143=1,OFFSET(E143,-1,0)+MAX(1,COUNTIF(QCI!$A$13:$A$41,OFFSET(ORÇAMENTO!E143,-1,0))),OFFSET(E143,-1,0))","v":7},4,0,0,16,0,{"$f":"IF(OR($C143=\"S\",$C143=0),0,MATCH(OFFSET($D143,0,$C143)+IF($C143<>1,1,COUNTIF(QCI!$A$13:$A$41,ORÇAMENTO!E143)),OFFSET($D143,1,$C143,ROW($C$744)-ROW($C143)),0))","v":0},"F","Serviço","Serviço","7.4.16.","SINAPI","FNDE 277","JANELA DE ALUMÍNIO JA-16 - 160 X 85, TIPO FIXA, PARA VIDRO, COM VIDRO, BATENTE E FERRAGENS. EXCLUSIVE ACABAMENTO, ALIZAR E CONTRAMARCO, CONFORME PROJETO DE ESQUADRIAS","M2",{"$f":"OFFSET(CÁLCULO!H$15,ROW($T143)-ROW(T$15),0)","v":5.44},992.62575000000015,"BDI 1",{"$f":"IF($C143=\"S\",ROUND(IF(TIPOORCAMENTO=\"Proposto\",ORÇAMENTO.CustoUnitario*(1+$AH143),ORÇAMENTO.PrecoUnitarioLicitado),15-13*$AF$10),0)","v":1240.79},{"$f":"IF($C143=\"S\",IF(Import.TipoArredondamento<>\"TransfereGOV\",VTOTAL1,SUM(OFFSET(CÁLCULO!$AA$15,ROW($X143)-ROW($X$15),1):OFFSET(CÁLCULO!$AL$15,ROW($X143)-ROW($X$15),-1))),IF($C143=0,0,ROUND(SomaAgrup,15-13*$AF$11)))","v":6749.9},"RA","RA",{"$f":"IF($C143=\"S\",IF($Z143=\"CP\",$X143,IF($Z143=\"RA\",(($X143)*QCI!$AA$3),0)),SomaAgrup)","v":240.38420036687714},0,{"$f":"IF($N143=\"\",\"\",IF(ORÇAMENTO.Descricao=\"\",\"DESCRIÇÃO\",IF(AND($C143=\"S\",ORÇAMENTO.Unidade=\"\"),\"UNIDADE\",IF($X143<0,\"VALOR NEGATIVO\",IF(OR(AND(TIPOORCAMENTO=\"Proposto\",$AG143<>\"\",$AG143>0,ORÇAMENTO.CustoUnitario>$AG143),AND(TIPOORCAMENTO=\"LICITADO\",ORÇAMENTO.PrecoUnitarioLicitado>$AN143)),\"ACIMA REF.\",\"\")))))","v":""},{"$f":"IF(C143<=CRONO.NivelExibicao,MAX($AD$15:OFFSET(AD143,-1,0))+IF($C143<>1,1,MAX(1,COUNTIF(QCI!$A$13:$A$41,OFFSET($E143,-1,0)))),\"\")","v":""},{"$f":"IF(AND($C143=\"S\",ORÇAMENTO.CodBarra<>\"\"),IF(ORÇAMENTO.Fonte=\"\",ORÇAMENTO.CodBarra,CONCATENATE(ORÇAMENTO.Fonte,\" \",ORÇAMENTO.CodBarra)))","v":"SINAPI FNDE 277"},{"$f":"IF(ISERROR(INDIRECT(ORÇAMENTO.BancoRef)),\"(abra o arquivo 'Referência \"&Excel_BuiltIn_Database&\".xlsm)\",IF(OR($C143<>\"S\",ORÇAMENTO.CodBarra=\"\"),\"(Sem Código)\",IF(ISERROR(MATCH($AE143,INDIRECT(ORÇAMENTO.BancoRef),0)),\"(Código não identificado nas referências)\",MATCH($AE143,INDIRECT(ORÇAMENTO.BancoRef),0))))","v":"(Código não identificado nas referências)"},{"$f":"ROUND(IF(DESONERACAO=\"sim\",REFERENCIA.Desonerado,REFERENCIA.NaoDesonerado),2)","v":0},0.25,null,5.44,null,null,6749.9,1240.79]
["S",2,"S",0,{"$f":"IF($C144=1,OFFSET(E144,-1,0)+MAX(1,COUNTIF(QCI!$A$13:$A$41,OFFSET(ORÇAMENTO!E144,-1,0))),OFFSET(E144,-1,0))","v":7},4,0,0,17,{"$f":"IF(OR($C144=\"S\",$C144=0),0,MATCH(0,OFFSET($D144,1,$C144,ROW($C$744)-ROW($C144)),0))","v":0},{"$f":"IF(OR($C144=\"S\",$C144=0),0,MATCH(OFFSET($D144,0,$C144)+IF($C144<>1,1,COUNTIF(QCI!$A$13:$A$41,ORÇAMENTO!E144)),OFFSET($D144,1,$C144,ROW($C$744)-ROW($C144)),0))","v":0},"F","Serviço","Serviço","7.4.17.","SINAPI","FNDE 05","TELA TIPO MOSQUITEIRO - FIXADA NA ESQUADRIA - CONFORME PROJETO DE ESQUADRIAS","M2",{"$f":"OFFSET(CÁLCULO!H$15,ROW($T144)-ROW(T$15),0)","v":28.24},163.19950000000003,"BDI 1",{"$f":"IF($C144=\"S\",ROUND(IF(TIPOORCAMENTO=\"Proposto\",ORÇAMENTO.CustoUnitario*(1+$AH144),ORÇAMENTO.PrecoUnitarioLicitado),15-13*$AF$10),0)","v":204},{"$f":"IF($C144=\"S\",IF(Import.TipoArredondamento<>\"TransfereGOV\",VTOTAL1,SUM(OFFSET(CÁLCULO!$AA$15,ROW($X144)-ROW($X$15),1):OFFSET(CÁLCULO!$AL$15,ROW($X144)-ROW($X$15),-1))),IF($C144=0,0,ROUND(SomaAgrup,15-13*$AF$11)))","v":5760.96},"RA","RA",{"$f":"IF($C144=\"S\",IF($Z144=\"CP\",$X144,IF($Z144=\"RA\",(($X144)*QCI!$AA$3),0)),SomaAgrup)","v":205.16507843754198},0,{"$f":"IF($N144=\"\",\"\",IF(ORÇAMENTO.Descricao=\"\",\"DESCRIÇÃO\",IF(AND($C144=\"S\",ORÇAMENTO.Unidade=\"\"),\"UNIDADE\",IF($X144<0,\"VALOR NEGATIVO\",IF(OR(AND(TIPOORCAMENTO=\"Proposto\",$AG144<>\"\",$AG144>0,ORÇAMENTO.CustoUnitario>$AG144),AND(TIPOORCAMENTO=\"LICITADO\",ORÇAMENTO.PrecoUnitarioLicitado>$AN144)),\"ACIMA REF.\",\"\")))))","v":""},{"$f":"IF(C144<=CRONO.NivelExibicao,MAX($AD$15:OFFSET(AD144,-1,0))+IF($C144<>1,1,MAX(1,COUNTIF(QCI!$A$13:$A$41,OFFSET($E144,-1,0)))),\"\")","v":""},{"$f":"IF(AND($C144=\"S\",ORÇAMENTO.CodBarra<>\"\"),IF(ORÇAMENTO.Fonte=\"\",ORÇAMENTO.CodBarra,CONCATENATE(ORÇAMENTO.Fonte,\" \",ORÇAMENTO.CodBarra)))","v":"SINAPI FNDE 05"},{"$f":"IF(ISERROR(INDIRECT(ORÇAMENTO.BancoRef)),\"(abra o arquivo 'Referência \"&Excel_BuiltIn_Database&\".xlsm)\",IF(OR($C144<>\"S\",ORÇAMENTO.CodBarra=\"\"),\"(Sem Código)\",IF(ISERROR(MATCH($AE144,INDIRECT(ORÇAMENTO.BancoRef),0)),\"(Código não identificado nas referências)\",MATCH($AE144,INDIRECT(ORÇAMENTO.BancoRef),0))))","v":"(Código não identificado nas referências)"},{"$f":"ROUND(IF(DESONERACAO=\"sim\",REFERENCIA.Desonerado,REFERENCIA.NaoDesonerado),2)","v":0},0.25,null,28.24,null,null,5760.96,204]
[2,2,2,3,{"$f":"IF($C145=1,OFFSET(E145,-1,0)+MAX(1,COUNTIF(QCI!$A$13:$A$41,OFFSET(ORÇAMENTO!E145,-1,0))),OFFSET(E145,-1,0))","v":7},5,0,0,0,17,{"$f":"IF(OR($C145=\"S\",$C145=0),0,MATCH(OFFSET($D145,0,$C145)+IF($C145<>1,1,COUNTIF(QCI!$A$13:$A$41,ORÇAMENTO!E145)),OFFSET($D145,1,$C145,ROW($C$744)-ROW($C145)),0))","v":3},"F","Nível 2","Nível 2","7.5.","SINAPI",null,"Portas de vidro",{"$f":"REFERENCIA.Unidade","v":"-"},{"$f":"OFFSET(CÁLCULO!H$15,ROW($T145)-ROW(T$15),0)","v":0},null,"BDI 1",{"$f":"IF($C145=\"S\",ROUND(IF(TIPOORCAMENTO=\"Proposto\",ORÇAMENTO.CustoUnitario*(1+$AH145),ORÇAMENTO.PrecoUnitarioLicitado),15-13*$AF$10),0)","v":0},{"$f":"IF($C145=\"S\",IF(Import.TipoArredondamento<>\"TransfereGOV\",VTOTAL1,SUM(OFFSET(CÁLCULO!$AA$15,ROW($X145)-ROW($X$15),1):OFFSET(CÁLCULO!$AL$15,ROW($X145)-ROW($X$15),-1))),IF($C145=0,0,ROUND(SomaAgrup,15-13*$AF$11)))","v":18892.18},"RA","",{"$f":"IF($C145=\"S\",IF($Z145=\"CP\",$X145,IF($Z145=\"RA\",(($X145)*QCI!$AA$3),0)),SomaAgrup)","v":672.80723899422355},0,{"$f":"IF($N145=\"\",\"\",IF(ORÇAMENTO.Descricao=\"\",\"DESCRIÇÃO\",IF(AND($C145=\"S\",ORÇAMENTO.Unidade=\"\"),\"UNIDADE\",IF($X145<0,\"VALOR NEGATIVO\",IF(OR(AND(TIPOORCAMENTO=\"Proposto\",$AG145<>\"\",$AG145>0,ORÇAMENTO.CustoUnitario>$AG145),AND(TIPOORCAMENTO=\"LICITADO\",ORÇAMENTO.PrecoUnitarioLicitado>$AN145)),\"ACIMA REF.\",\"\")))))","v":""},{"$f":"IF(C145<=CRONO.NivelExibicao,MAX($AD$15:OFFSET(AD145,-1,0))+IF($C145<>1,1,MAX(1,COUNTIF(QCI!$A$13:$A$41,OFFSET($E145,-1,0)))),\"\")","v":25},{"$f":"IF(AND($C145=\"S\",ORÇAMENTO.CodBarra<>\"\"),IF(ORÇAMENTO.Fonte=\"\",ORÇAMENTO.CodBarra,CONCATENATE(ORÇAMENTO.Fonte,\" \",ORÇAMENTO.CodBarra)))","v":false},{"$f":"IF(ISERROR(INDIRECT(ORÇAMENTO.BancoRef)),\"(abra o arquivo 'Referência \"&Excel_BuiltIn_Database&\".xlsm)\",IF(OR($C145<>\"S\",ORÇAMENTO.CodBarra=\"\"),\"(Sem Código)\",IF(ISERROR(MATCH($AE145,INDIRECT(ORÇAMENTO.BancoRef),0)),\"(Código não identificado nas referências)\",MATCH($AE145,INDIRECT(ORÇAMENTO.BancoRef),0))))","v":"(Sem Código)"},{"$f":"ROUND(IF(DESONERACAO=\"sim\",REFERENCIA.Desonerado,REFERENCIA.NaoDesonerado),2)","v":0},0.25,null,null,null,null,18892.18,0]
["S",2,"S",0,{"$f":"IF($C146=1,OFFSET(E146,-1,0)+MAX(1,COUNTIF(QCI!$A$13:$A$41,OFFSET(ORÇAMENTO!E146,-1,0))),OFFSET(E146,-1,0))","v":7},5,0,0,1,0,{"$f":"IF(OR($C146=\"S\",$C146=0),0,MATCH(OFFSET($D146,0,$C146)+IF($C146<>1,1,COUNTIF(QCI!$A$13:$A$41,ORÇAMENTO!E146)),OFFSET($D146,1,$C146,ROW($C$744)-ROW($C146)),0))","v":0},"F","Serviço","Serviço","7.5.1.","SINAPI","FNDE 279","PORTA DE VIDRO - PV1 - 185 X 230 CM, DE ABRIR DUAS FOLHAS TEMPERADO INCOLOR 10 MM, CONFORME PROJETO","M2",{"$f":"OFFSET(CÁLCULO!H$15,ROW($T146)-ROW(T$15),0)","v":8.51},941.07859999999994,"BDI 1",{"$f":"IF($C146=\"S\",ROUND(IF(TIPOORCAMENTO=\"Proposto\",ORÇAMENTO.CustoUnitario*(1+$AH146),ORÇAMENTO.PrecoUnitarioLicitado),15-13*$AF$10),0)","v":1176.3499999999999},{"$f":"IF($C146=\"S\",IF(Import.TipoArredondamento<>\"TransfereGOV\",VTOTAL1,SUM(OFFSET(CÁLCULO!$AA$15,ROW($X146)-ROW($X$15),1):OFFSET(CÁLCULO!$AL$15,ROW($X146)-ROW($X$15),-1))),IF($C146=0,0,ROUND(SomaAgrup,15-13*$AF$11)))","v":10010.74},"RA","RA",{"$f":"IF($C146=\"S\",IF($Z146=\"CP\",$X146,IF($Z146=\"RA\",(($X146)*QCI!$AA$3),0)),SomaAgrup)","v":356.51250092308209},0,{"$f":"IF($N146=\"\",\"\",IF(ORÇAMENTO.Descricao=\"\",\"DESCRIÇÃO\",IF(AND($C146=\"S\",ORÇAMENTO.Unidade=\"\"),\"UNIDADE\",IF($X146<0,\"VALOR NEGATIVO\",IF(OR(AND(TIPOORCAMENTO=\"Proposto\",$AG146<>\"\",$AG146>0,ORÇAMENTO.CustoUnitario>$AG146),AND(TIPOORCAMENTO=\"LICITADO\",ORÇAMENTO.PrecoUnitarioLicitado>$AN146)),\"ACIMA REF.\",\"\")))))","v":""},{"$f":"IF(C146<=CRONO.NivelExibicao,MAX($AD$15:OFFSET(AD146,-1,0))+IF($C146<>1,1,MAX(1,COUNTIF(QCI!$A$13:$A$41,OFFSET($E146,-1,0)))),\"\")","v":""},{"$f":"IF(AND($C146=\"S\",ORÇAMENTO.CodBarra<>\"\"),IF(ORÇAMENTO.Fonte=\"\",ORÇAMENTO.CodBarra,CONCATENATE(ORÇAMENTO.Fonte,\" \",ORÇAMENTO.CodBarra)))","v":"SINAPI FNDE 279"},{"$f":"IF(ISERROR(INDIRECT(ORÇAMENTO.BancoRef)),\"(abra o arquivo 'Referência \"&Excel_BuiltIn_Database&\".xlsm)\",IF(OR($C146<>\"S\",ORÇAMENTO.CodBarra=\"\"),\"(Sem Código)\",IF(ISERROR(MATCH($AE146,INDIRECT(ORÇAMENTO.BancoRef),0)),\"(Código não identificado nas referências)\",MATCH($AE146,INDIRECT(ORÇAMENTO.BancoRef),0))))","v":"(Código não identificado nas referências)"},{"$f":"ROUND(IF(DESONERACAO=\"sim\",REFERENCIA.Desonerado,REFERENCIA.NaoDesonerado),2)","v":0},0.25,null,8.51,null,null,10010.74,1176.3499999999999]
["S",2,"S",0,{"$f":"IF($C147=1,OFFSET(E147,-1,0)+MAX(1,COUNTIF(QCI!$A$13:$A$41,OFFSET(ORÇAMENTO!E147,-1,0))),OFFSET(E147,-1,0))","v":7},5,0,0,2,0,{"$f":"IF(OR($C147=\"S\",$C147=0),0,MATCH(OFFSET($D147,0,$C147)+IF($C147<>1,1,COUNTIF(QCI!$A$13:$A$41,ORÇAMENTO!E147)),OFFSET($D147,1,$C147,ROW($C$744)-ROW($C147)),0))","v":0},"F","Serviço","Serviço","7.5.2.","SINAPI","FNDE 278","PORTA DE VIDRO - PV2 - 285 X 265CM, DE ABRIR DUAS FOLHAS COM BANDEIRA SUPERIOR E LATERAL, VIDRO TEMPERADO INCOLOR 10 MM, CONFORME PROJETO","M2",{"$f":"OFFSET(CÁLCULO!H$15,ROW($T147)-ROW(T$15),0)","v":7.55},941.07859999999994,"BDI 1",{"$f":"IF($C147=\"S\",ROUND(IF(TIPOORCAMENTO=\"Proposto\",ORÇAMENTO.CustoUnitario*(1+$AH147),ORÇAMENTO.PrecoUnitarioLicitado),15-13*$AF$10),0)","v":1176.3499999999999},{"$f":"IF($C147=\"S\",IF(Import.TipoArredondamento<>\"TransfereGOV\",VTOTAL1,SUM(OFFSET(CÁLCULO!$AA$15,ROW($X147)-ROW($X$15),1):OFFSET(CÁLCULO!$AL$15,ROW($X147)-ROW($X$15),-1))),IF($C147=0,0,ROUND(SomaAgrup,15-13*$AF$11)))","v":8881.44},"RA","RA",{"$f":"IF($C147=\"S\",IF($Z147=\"CP\",$X147,IF($Z147=\"RA\",(($X147)*QCI!$AA$3),0)),SomaAgrup)","v":316.29473807114147},0,{"$f":"IF($N147=\"\",\"\",IF(ORÇAMENTO.Descricao=\"\",\"DESCRIÇÃO\",IF(AND($C147=\"S\",ORÇAMENTO.Unidade=\"\"),\"UNIDADE\",IF($X147<0,\"VALOR NEGATIVO\",IF(OR(AND(TIPOORCAMENTO=\"Proposto\",$AG147<>\"\",$AG147>0,ORÇAMENTO.CustoUnitario>$AG147),AND(TIPOORCAMENTO=\"LICITADO\",ORÇAMENTO.PrecoUnitarioLicitado>$AN147)),\"ACIMA REF.\",\"\")))))","v":""},{"$f":"IF(C147<=CRONO.NivelExibicao,MAX($AD$15:OFFSET(AD147,-1,0))+IF($C147<>1,1,MAX(1,COUNTIF(QCI!$A$13:$A$41,OFFSET($E147,-1,0)))),\"\")","v":""},{"$f":"IF(AND($C147=\"S\",ORÇAMENTO.CodBarra<>\"\"),IF(ORÇAMENTO.Fonte=\"\",ORÇAMENTO.CodBarra,CONCATENATE(ORÇAMENTO.Fonte,\" \",ORÇAMENTO.CodBarra)))","v":"SINAPI FNDE 278"},{"$f":"IF(ISERROR(INDIRECT(ORÇAMENTO.BancoRef)),\"(abra o arquivo 'Referência \"&Excel_BuiltIn_Database&\".xlsm)\",IF(OR($C147<>\"S\",ORÇAMENTO.CodBarra=\"\"),\"(Sem Código)\",IF(ISERROR(MATCH($AE147,INDIRECT(ORÇAMENTO.BancoRef),0)),\"(Código não identificado nas referências)\",MATCH($AE147,INDIRECT(ORÇAMENTO.BancoRef),0))))","v":"(Código não identificado nas referências)"},{"$f":"ROUND(IF(DESONERACAO=\"sim\",REFERENCIA.Desonerado,REFERENCIA.NaoDesonerado),2)","v":0},0.25,null,7.55,null,null,8881.44,1176.3499999999999]
[2,2,2,14,{"$f":"IF($C148=1,OFFSET(E148,-1,0)+MAX(1,COUNTIF(QCI!$A$13:$A$41,OFFSET(ORÇAMENTO!E148,-1,0))),OFFSET(E148,-1,0))","v":7},6,0,0,0,14,{"$f":"IF(OR($C148=\"S\",$C148=0),0,MATCH(OFFSET($D148,0,$C148)+IF($C148<>1,1,COUNTIF(QCI!$A$13:$A$41,ORÇAMENTO!E148)),OFFSET($D148,1,$C148,ROW($C$744)-ROW($C148)),0))","v":393},"F","Nível 2","Nível 2","7.6.","SINAPI",null,"Esquadria geral",{"$f":"REFERENCIA.Unidade","v":"-"},{"$f":"OFFSET(CÁLCULO!H$15,ROW($T148)-ROW(T$15),0)","v":0},null,"BDI 1",{"$f":"IF($C148=\"S\",ROUND(IF(TIPOORCAMENTO=\"Proposto\",ORÇAMENTO.CustoUnitario*(1+$AH148),ORÇAMENTO.PrecoUnitarioLicitado),15-13*$AF$10),0)","v":0},{"$f":"IF($C148=\"S\",IF(Import.TipoArredondamento<>\"TransfereGOV\",VTOTAL1,SUM(OFFSET(CÁLCULO!$AA$15,ROW($X148)-ROW($X$15),1):OFFSET(CÁLCULO!$AL$15,ROW($X148)-ROW($X$15),-1))),IF($C148=0,0,ROUND(SomaAgrup,15-13*$AF$11)))","v":244663.86},"RA","",{"$f":"IF($C148=\"S\",IF($Z148=\"CP\",$X148,IF($Z148=\"RA\",(($X148)*QCI!$AA$3),0)),SomaAgrup)","v":8713.2144690697023},0,{"$f":"IF($N148=\"\",\"\",IF(ORÇAMENTO.Descricao=\"\",\"DESCRIÇÃO\",IF(AND($C148=\"S\",ORÇAMENTO.Unidade=\"\"),\"UNIDADE\",IF($X148<0,\"VALOR NEGATIVO\",IF(OR(AND(TIPOORCAMENTO=\"Proposto\",$AG148<>\"\",$AG148>0,ORÇAMENTO.CustoUnitario>$AG148),AND(TIPOORCAMENTO=\"LICITADO\",ORÇAMENTO.PrecoUnitarioLicitado>$AN148)),\"ACIMA REF.\",\"\")))))","v":""},{"$f":"IF(C148<=CRONO.NivelExibicao,MAX($AD$15:OFFSET(AD148,-1,0))+IF($C148<>1,1,MAX(1,COUNTIF(QCI!$A$13:$A$41,OFFSET($E148,-1,0)))),\"\")","v":26},{"$f":"IF(AND($C148=\"S\",ORÇAMENTO.CodBarra<>\"\"),IF(ORÇAMENTO.Fonte=\"\",ORÇAMENTO.CodBarra,CONCATENATE(ORÇAMENTO.Fonte,\" \",ORÇAMENTO.CodBarra)))","v":false},{"$f":"IF(ISERROR(INDIRECT(ORÇAMENTO.BancoRef)),\"(abra o arquivo 'Referência \"&Excel_BuiltIn_Database&\".xlsm)\",IF(OR($C148<>\"S\",ORÇAMENTO.CodBarra=\"\"),\"(Sem Código)\",IF(ISERROR(MATCH($AE148,INDIRECT(ORÇAMENTO.BancoRef),0)),\"(Código não identificado nas referências)\",MATCH($AE148,INDIRECT(ORÇAMENTO.BancoRef),0))))","v":"(Sem Código)"},{"$f":"ROUND(IF(DESONERACAO=\"sim\",REFERENCIA.Desonerado,REFERENCIA.NaoDesonerado),2)","v":0},0.25,null,null,null,null,244663.86,0]
["S",2,"S",0,{"$f":"IF($C149=1,OFFSET(E149,-1,0)+MAX(1,COUNTIF(QCI!$A$13:$A$41,OFFSET(ORÇAMENTO!E149,-1,0))),OFFSET(E149,-1,0))","v":7},6,0,0,1,0,{"$f":"IF(OR($C149=\"S\",$C149=0),0,MATCH(OFFSET($D149,0,$C149)+IF($C149<>1,1,COUNTIF(QCI!$A$13:$A$41,ORÇAMENTO!E149)),OFFSET($D149,1,$C149,ROW($C$744)-ROW($C149)),0))","v":0},"F","Serviço","Serviço","7.6.1.","SINAPI","FNDE 280","PF1 - PORTÃO METÁLICO DE ABRIR, 1,40 X 2,20 M, COM CHAPA METÁLICA, INCLUSO PINTURA, CONFORME PROJETO DE ESQUADRIAS","M2",{"$f":"OFFSET(CÁLCULO!H$15,ROW($T149)-ROW(T$15),0)","v":6.16},766.61112000000003,"BDI 1",{"$f":"IF($C149=\"S\",ROUND(IF(TIPOORCAMENTO=\"Proposto\",ORÇAMENTO.CustoUnitario*(1+$AH149),ORÇAMENTO.PrecoUnitarioLicitado),15-13*$AF$10),0)","v":958.26},{"$f":"IF($C149=\"S\",IF(Import.TipoArredondamento<>\"TransfereGOV\",VTOTAL1,SUM(OFFSET(CÁLCULO!$AA$15,ROW($X149)-ROW($X$15),1):OFFSET(CÁLCULO!$AL$15,ROW($X149)-ROW($X$15),-1))),IF($C149=0,0,ROUND(SomaAgrup,15-13*$AF$11)))","v":5902.88},"RA","RA",{"$f":"IF($C149=\"S\",IF($Z149=\"CP\",$X149,IF($Z149=\"RA\",(($X149)*QCI!$AA$3),0)),SomaAgrup)","v":210.21927564284388},0,{"$f":"IF($N149=\"\",\"\",IF(ORÇAMENTO.Descricao=\"\",\"DESCRIÇÃO\",IF(AND($C149=\"S\",ORÇAMENTO.Unidade=\"\"),\"UNIDADE\",IF($X149<0,\"VALOR NEGATIVO\",IF(OR(AND(TIPOORCAMENTO=\"Proposto\",$AG149<>\"\",$AG149>0,ORÇAMENTO.CustoUnitario>$AG149),AND(TIPOORCAMENTO=\"LICITADO\",ORÇAMENTO.PrecoUnitarioLicitado>$AN149)),\"ACIMA REF.\",\"\")))))","v":""},{"$f":"IF(C149<=CRONO.NivelExibicao,MAX($AD$15:OFFSET(AD149,-1,0))+IF($C149<>1,1,MAX(1,COUNTIF(QCI!$A$13:$A$41,OFFSET($E149,-1,0)))),\"\")","v":""},{"$f":"IF(AND($C149=\"S\",ORÇAMENTO.CodBarra<>\"\"),IF(ORÇAMENTO.Fonte=\"\",ORÇAMENTO.CodBarra,CONCATENATE(ORÇAMENTO.Fonte,\" \",ORÇAMENTO.CodBarra)))","v":"SINAPI FNDE 280"},{"$f":"IF(ISERROR(INDIRECT(ORÇAMENTO.BancoRef)),\"(abra o arquivo 'Referência \"&Excel_BuiltIn_Database&\".xlsm)\",IF(OR($C149<>\"S\",ORÇAMENTO.CodBarra=\"\"),\"(Sem Código)\",IF(ISERROR(MATCH($AE149,INDIRECT(ORÇAMENTO.BancoRef),0)),\"(Código não identificado nas referências)\",MATCH($AE149,INDIRECT(ORÇAMENTO.BancoRef),0))))","v":"(Código não identificado nas referências)"},{"$f":"ROUND(IF(DESONERACAO=\"sim\",REFERENCIA.Desonerado,REFERENCIA.NaoDesonerado),2)","v":0},0.25,null,6.16,null,null,5902.88,958.26]
[{"$f":"CHOOSE(1+LOG(1+2*(ORÇAMENTO.Nivel=\"Meta\")+4*(ORÇAMENTO.Nivel=\"Nível 2\")+8*(ORÇAMENTO.Nivel=\"Nível 3\")+16*(ORÇAMENTO.Nivel=\"Nível 4\")+32*(ORÇAMENTO.Nivel=\"Serviço\"),2),0,1,2,3,4,\"S\")","v":"S"},{"$f":"IF(OR(C150=\"s\",C150=0),OFFSET(B150,-1,0),C150)","v":2},{"$f":"IF(OFFSET(C150,-1,0)=\"L\",1,IF(OFFSET(C150,-1,0)=1,2,IF(OR(A150=\"s\",A150=0),\"S\",IF(AND(OFFSET(C150,-1,0)=2,A150=4),3,IF(AND(OR(OFFSET(C150,-1,0)=\"s\",OFFSET(C150,-1,0)=0),A150<>\"s\",A150>OFFSET(B150,-1,0)),OFFSET(B150,-1,0),A150)))))","v":"S"},{"$f":"IF(OR(C150=\"S\",C150=0),0,IF(ISERROR(K150),J150,SMALL(J150:K150,1)))","v":0},{"$f":"IF($C150=1,OFFSET(E150,-1,0)+MAX(1,COUNTIF(QCI!$A$13:$A$41,OFFSET(ORÇAMENTO!E150,-1,0))),OFFSET(E150,-1,0))","v":7},{"$f":"IF($C150=1,0,IF($C150=2,OFFSET(F150,-1,0)+1,OFFSET(F150,-1,0)))","v":6},{"$f":"IF(AND($C150<=2,$C150<>0),0,IF($C150=3,OFFSET(G150,-1,0)+1,OFFSET(G150,-1,0)))","v":0},{"$f":"IF(AND($C150<=3,$C150<>0),0,IF($C150=4,OFFSET(H150,-1,0)+1,OFFSET(H150,-1,0)))","v":0},{"$f":"IF(AND($C150<=4,$C150<>0),0,IF(AND($C150=\"S\",$X150>0),OFFSET(I150,-1,0)+1,OFFSET(I150,-1,0)))","v":2},0,{"$f":"IF(OR($C150=\"S\",$C150=0),0,MATCH(OFFSET($D150,0,$C150)+IF($C150<>1,1,COUNTIF(QCI!$A$13:$A$41,ORÇAMENTO!E150)),OFFSET($D150,1,$C150,ROW($C$744)-ROW($C150)),0))","v":0},{"$f":"IF(OR($X150>0,$C150=1,$C150=2,$C150=3,$C150=4),\"F\",\"\")","v":"F"},"Serviço",{"$f":"CHOOSE(1+LOG(1+2*(C150=1)+4*(C150=2)+8*(C150=3)+16*(C150=4)+32*(C150=\"S\"),2),\"\",\"Meta\",\"Nível 2\",\"Nível 3\",\"Nível 4\",\"Serviço\")","v":"Serviço"},{"$f":"IF(OR($C150=0,$L150=\"\"),\"-\",CONCATENATE(E150&\".\",IF(AND($A$5>=2,$C150>=2),F150&\".\",\"\"),IF(AND($A$5>=3,$C150>=3),G150&\".\",\"\"),IF(AND($A$5>=4,$C150>=4),H150&\".\",\"\"),IF($C150=\"S\",I150&\".\",\"\")))","v":"7.6.2."},"SINAPI","FNDE 08","PF2 - PORTÃO METÁLICO DE ABRIR,  1,40 X 1,05 M, COM CHAPA METÁLICA, INCLUSO PINTURA, CONFORME PROJETO DE ESQUADRIAS","M2",{"$f":"OFFSET(CÁLCULO!H$15,ROW($T150)-ROW(T$15),0)","v":7.35},766.61112000000003,"BDI 1",{"$f":"IF($C150=\"S\",ROUND(IF(TIPOORCAMENTO=\"Proposto\",ORÇAMENTO.CustoUnitario*(1+$AH150),ORÇAMENTO.PrecoUnitarioLicitado),15-13*$AF$10),0)","v":958.26},{"$f":"IF($C150=\"S\",IF(Import.TipoArredondamento<>\"TransfereGOV\",VTOTAL1,SUM(OFFSET(CÁLCULO!$AA$15,ROW($X150)-ROW($X$15),1):OFFSET(CÁLCULO!$AL$15,ROW($X150)-ROW($X$15),-1))),IF($C150=0,0,ROUND(SomaAgrup,15-13*$AF$11)))","v":7043.21},"RA",{"$f":"IF(AND($C150=\"S\",$X150>0),IF(ISBLANK($Y150),\"RA\",LEFT($Y150,2)),\"\")","v":"RA"},{"$f":"IF($C150=\"S\",IF($Z150=\"CP\",$X150,IF($Z150=\"RA\",(($X150)*QCI!$AA$3),0)),SomaAgrup)","v":250.82984990384938},{"$f":"IF($C150=\"S\",IF($Z150=\"OU\",ROUND($X150,2),0),SomaAgrup)","v":0},{"$f":"IF($N150=\"\",\"\",IF(ORÇAMENTO.Descricao=\"\",\"DESCRIÇÃO\",IF(AND($C150=\"S\",ORÇAMENTO.Unidade=\"\"),\"UNIDADE\",IF($X150<0,\"VALOR NEGATIVO\",IF(OR(AND(TIPOORCAMENTO=\"Proposto\",$AG150<>\"\",$AG150>0,ORÇAMENTO.CustoUnitario>$AG150),AND(TIPOORCAMENTO=\"LICITADO\",ORÇAMENTO.PrecoUnitarioLicitado>$AN150)),\"ACIMA REF.\",\"\")))))","v":""},{"$f":"IF(C150<=CRONO.NivelExibicao,MAX($AD$15:OFFSET(AD150,-1,0))+IF($C150<>1,1,MAX(1,COUNTIF(QCI!$A$13:$A$41,OFFSET($E150,-1,0)))),\"\")","v":""},{"$f":"IF(AND($C150=\"S\",ORÇAMENTO.CodBarra<>\"\"),IF(ORÇAMENTO.Fonte=\"\",ORÇAMENTO.CodBarra,CONCATENATE(ORÇAMENTO.Fonte,\" \",ORÇAMENTO.CodBarra)))","v":"SINAPI FNDE 08"},{"$f":"IF(ISERROR(INDIRECT(ORÇAMENTO.BancoRef)),\"(abra o arquivo 'Referência \"&Excel_BuiltIn_Database&\".xlsm)\",IF(OR($C150<>\"S\",ORÇAMENTO.CodBarra=\"\"),\"(Sem Código)\",IF(ISERROR(MATCH($AE150,INDIRECT(ORÇAMENTO.BancoRef),0)),\"(Código não identificado nas referências)\",MATCH($AE150,INDIRECT(ORÇAMENTO.BancoRef),0))))","v":"(Código não identificado nas referências)"},{"$f":"ROUND(IF(DESONERACAO=\"sim\",REFERENCIA.Desonerado,REFERENCIA.NaoDesonerado),2)","v":0},{"$f":"ROUND(IF(ISNUMBER(ORÇAMENTO.OpcaoBDI),ORÇAMENTO.OpcaoBDI,IF(LEFT(ORÇAMENTO.OpcaoBDI,3)=\"BDI\",HLOOKUP(ORÇAMENTO.OpcaoBDI,$F$4:$H$5,2,FALSE),0)),15-11*$AF$9)","v":0.25},null,7.35,null,null,{"$f":"$X150","v":7043.21},{"$f":"ROUND(ORÇAMENTO.CustoUnitario*(1+$AH150),2)","v":958.26}]
["S",2,"S",0,{"$f":"IF($C151=1,OFFSET(E151,-1,0)+MAX(1,COUNTIF(QCI!$A$13:$A$41,OFFSET(ORÇAMENTO!E151,-1,0))),OFFSET(E151,-1,0))","v":7},6,0,0,3,0,{"$f":"IF(OR($C151=\"S\",$C151=0),0,MATCH(OFFSET($D151,0,$C151)+IF($C151<>1,1,COUNTIF(QCI!$A$13:$A$41,ORÇAMENTO!E151)),OFFSET($D151,1,$C151,ROW($C$744)-ROW($C151)),0))","v":0},"F","Serviço","Serviço","7.6.3.","SINAPI","FNDE 281","FECHAMENTO EM CHAPA METÁLICA PERFURADA, INCLUSO PINTURA, CONFORME PROJETO","M2",{"$f":"OFFSET(CÁLCULO!H$15,ROW($T151)-ROW(T$15),0)","v":73.25},745.5311200000001,"BDI 1",{"$f":"IF($C151=\"S\",ROUND(IF(TIPOORCAMENTO=\"Proposto\",ORÇAMENTO.CustoUnitario*(1+$AH151),ORÇAMENTO.PrecoUnitarioLicitado),15-13*$AF$10),0)","v":931.91},{"$f":"IF($C151=\"S\",IF(Import.TipoArredondamento<>\"TransfereGOV\",VTOTAL1,SUM(OFFSET(CÁLCULO!$AA$15,ROW($X151)-ROW($X$15),1):OFFSET(CÁLCULO!$AL$15,ROW($X151)-ROW($X$15),-1))),IF($C151=0,0,ROUND(SomaAgrup,15-13*$AF$11)))","v":68262.41},"RA","RA",{"$f":"IF($C151=\"S\",IF($Z151=\"CP\",$X151,IF($Z151=\"RA\",(($X151)*QCI!$AA$3),0)),SomaAgrup)","v":2431.029325318289},0,{"$f":"IF($N151=\"\",\"\",IF(ORÇAMENTO.Descricao=\"\",\"DESCRIÇÃO\",IF(AND($C151=\"S\",ORÇAMENTO.Unidade=\"\"),\"UNIDADE\",IF($X151<0,\"VALOR NEGATIVO\",IF(OR(AND(TIPOORCAMENTO=\"Proposto\",$AG151<>\"\",$AG151>0,ORÇAMENTO.CustoUnitario>$AG151),AND(TIPOORCAMENTO=\"LICITADO\",ORÇAMENTO.PrecoUnitarioLicitado>$AN151)),\"ACIMA REF.\",\"\")))))","v":""},{"$f":"IF(C151<=CRONO.NivelExibicao,MAX($AD$15:OFFSET(AD151,-1,0))+IF($C151<>1,1,MAX(1,COUNTIF(QCI!$A$13:$A$41,OFFSET($E151,-1,0)))),\"\")","v":""},{"$f":"IF(AND($C151=\"S\",ORÇAMENTO.CodBarra<>\"\"),IF(ORÇAMENTO.Fonte=\"\",ORÇAMENTO.CodBarra,CONCATENATE(ORÇAMENTO.Fonte,\" \",ORÇAMENTO.CodBarra)))","v":"SINAPI FNDE 281"},{"$f":"IF(ISERROR(INDIRECT(ORÇAMENTO.BancoRef)),\"(abra o arquivo 'Referência \"&Excel_BuiltIn_Database&\".xlsm)\",IF(OR($C151<>\"S\",ORÇAMENTO.CodBarra=\"\"),\"(Sem Código)\",IF(ISERROR(MATCH($AE151,INDIRECT(ORÇAMENTO.BancoRef),0)),\"(Código não identificado nas referências)\",MATCH($AE151,INDIRECT(ORÇAMENTO.BancoRef),0))))","v":"(Código não identificado nas referências)"},{"$f":"ROUND(IF(DESONERACAO=\"sim\",REFERENCIA.Desonerado,REFERENCIA.NaoDesonerado),2)","v":0},0.25,null,73.25,null,null,68262.41,931.91]
["S",2,"S",0,{"$f":"IF($C152=1,OFFSET(E152,-1,0)+MAX(1,COUNTIF(QCI!$A$13:$A$41,OFFSET(ORÇAMENTO!E152,-1,0))),OFFSET(E152,-1,0))","v":7},6,0,0,4,0,{"$f":"IF(OR($C152=\"S\",$C152=0),0,MATCH(OFFSET($D152,0,$C152)+IF($C152<>1,1,COUNTIF(QCI!$A$13:$A$41,ORÇAMENTO!E152)),OFFSET($D152,1,$C152,ROW($C$744)-ROW($C152)),0))","v":0},"F","Serviço","Serviço","7.6.4.","SINAPI","FNDE 282","GUARDA-CORPO CONFECCIONADO COM CHAPA METÁLICA PERFURADA, INCLUSO PINTURA, CONFORME PROJETO","M2",{"$f":"OFFSET(CÁLCULO!H$15,ROW($T152)-ROW(T$15),0)","v":66.83},766.61112000000003,"BDI 1",{"$f":"IF($C152=\"S\",ROUND(IF(TIPOORCAMENTO=\"Proposto\",ORÇAMENTO.CustoUnitario*(1+$AH152),ORÇAMENTO.PrecoUnitarioLicitado),15-13*$AF$10),0)","v":958.26},{"$f":"IF($C152=\"S\",IF(Import.TipoArredondamento<>\"TransfereGOV\",VTOTAL1,SUM(OFFSET(CÁLCULO!$AA$15,ROW($X152)-ROW($X$15),1):OFFSET(CÁLCULO!$AL$15,ROW($X152)-ROW($X$15),-1))),IF($C152=0,0,ROUND(SomaAgrup,15-13*$AF$11)))","v":64040.52},"RA","RA",{"$f":"IF($C152=\"S\",IF($Z152=\"CP\",$X152,IF($Z152=\"RA\",(($X152)*QCI!$AA$3),0)),SomaAgrup)","v":2280.6751494509554},0,{"$f":"IF($N152=\"\",\"\",IF(ORÇAMENTO.Descricao=\"\",\"DESCRIÇÃO\",IF(AND($C152=\"S\",ORÇAMENTO.Unidade=\"\"),\"UNIDADE\",IF($X152<0,\"VALOR NEGATIVO\",IF(OR(AND(TIPOORCAMENTO=\"Proposto\",$AG152<>\"\",$AG152>0,ORÇAMENTO.CustoUnitario>$AG152),AND(TIPOORCAMENTO=\"LICITADO\",ORÇAMENTO.PrecoUnitarioLicitado>$AN152)),\"ACIMA REF.\",\"\")))))","v":""},{"$f":"IF(C152<=CRONO.NivelExibicao,MAX($AD$15:OFFSET(AD152,-1,0))+IF($C152<>1,1,MAX(1,COUNTIF(QCI!$A$13:$A$41,OFFSET($E152,-1,0)))),\"\")","v":""},{"$f":"IF(AND($C152=\"S\",ORÇAMENTO.CodBarra<>\"\"),IF(ORÇAMENTO.Fonte=\"\",ORÇAMENTO.CodBarra,CONCATENATE(ORÇAMENTO.Fonte,\" \",ORÇAMENTO.CodBarra)))","v":"SINAPI FNDE 282"},{"$f":"IF(ISERROR(INDIRECT(ORÇAMENTO.BancoRef)),\"(abra o arquivo 'Referência \"&Excel_BuiltIn_Database&\".xlsm)\",IF(OR($C152<>\"S\",ORÇAMENTO.CodBarra=\"\"),\"(Sem Código)\",IF(ISERROR(MATCH($AE152,INDIRECT(ORÇAMENTO.BancoRef),0)),\"(Código não identificado nas referências)\",MATCH($AE152,INDIRECT(ORÇAMENTO.BancoRef),0))))","v":"(Código não identificado nas referências)"},{"$f":"ROUND(IF(DESONERACAO=\"sim\",REFERENCIA.Desonerado,REFERENCIA.NaoDesonerado),2)","v":0},0.25,null,66.83,null,null,64040.52,958.26]
["S",2,"S",0,{"$f":"IF($C153=1,OFFSET(E153,-1,0)+MAX(1,COUNTIF(QCI!$A$13:$A$41,OFFSET(ORÇAMENTO!E153,-1,0))),OFFSET(E153,-1,0))","v":7},6,0,0,5,0,{"$f":"IF(OR($C153=\"S\",$C153=0),0,MATCH(OFFSET($D153,0,$C153)+IF($C153<>1,1,COUNTIF(QCI!$A$13:$A$41,ORÇAMENTO!E153)),OFFSET($D153,1,$C153,ROW($C$744)-ROW($C153)),0))","v":0},"F","Serviço","Serviço","7.6.5.","SINAPI","FNDE 60","FECHAMENTO DE PLATIBANDA EM CHAPA METÁLICA PERFURADA, INCLUSO PINTURA, CONFORME PROJETO","M2",{"$f":"OFFSET(CÁLCULO!H$15,ROW($T153)-ROW(T$15),0)","v":33.96},745.5311200000001,"BDI 1",{"$f":"IF($C153=\"S\",ROUND(IF(TIPOORCAMENTO=\"Proposto\",ORÇAMENTO.CustoUnitario*(1+$AH153),ORÇAMENTO.PrecoUnitarioLicitado),15-13*$AF$10),0)","v":931.91},{"$f":"IF($C153=\"S\",IF(Import.TipoArredondamento<>\"TransfereGOV\",VTOTAL1,SUM(OFFSET(CÁLCULO!$AA$15,ROW($X153)-ROW($X$15),1):OFFSET(CÁLCULO!$AL$15,ROW($X153)-ROW($X$15),-1))),IF($C153=0,0,ROUND(SomaAgrup,15-13*$AF$11)))","v":31647.66},"RA","RA",{"$f":"IF($C153=\"S\",IF($Z153=\"CP\",$X153,IF($Z153=\"RA\",(($X153)*QCI!$AA$3),0)),SomaAgrup)","v":1127.0681702814566},0,{"$f":"IF($N153=\"\",\"\",IF(ORÇAMENTO.Descricao=\"\",\"DESCRIÇÃO\",IF(AND($C153=\"S\",ORÇAMENTO.Unidade=\"\"),\"UNIDADE\",IF($X153<0,\"VALOR NEGATIVO\",IF(OR(AND(TIPOORCAMENTO=\"Proposto\",$AG153<>\"\",$AG153>0,ORÇAMENTO.CustoUnitario>$AG153),AND(TIPOORCAMENTO=\"LICITADO\",ORÇAMENTO.PrecoUnitarioLicitado>$AN153)),\"ACIMA REF.\",\"\")))))","v":""},{"$f":"IF(C153<=CRONO.NivelExibicao,MAX($AD$15:OFFSET(AD153,-1,0))+IF($C153<>1,1,MAX(1,COUNTIF(QCI!$A$13:$A$41,OFFSET($E153,-1,0)))),\"\")","v":""},{"$f":"IF(AND($C153=\"S\",ORÇAMENTO.CodBarra<>\"\"),IF(ORÇAMENTO.Fonte=\"\",ORÇAMENTO.CodBarra,CONCATENATE(ORÇAMENTO.Fonte,\" \",ORÇAMENTO.CodBarra)))","v":"SINAPI FNDE 60"},{"$f":"IF(ISERROR(INDIRECT(ORÇAMENTO.BancoRef)),\"(abra o arquivo 'Referência \"&Excel_BuiltIn_Database&\".xlsm)\",IF(OR($C153<>\"S\",ORÇAMENTO.CodBarra=\"\"),\"(Sem Código)\",IF(ISERROR(MATCH($AE153,INDIRECT(ORÇAMENTO.BancoRef),0)),\"(Código não identificado nas referências)\",MATCH($AE153,INDIRECT(ORÇAMENTO.BancoRef),0))))","v":"(Código não identificado nas referências)"},{"$f":"ROUND(IF(DESONERACAO=\"sim\",REFERENCIA.Desonerado,REFERENCIA.NaoDesonerado),2)","v":0},0.25,null,33.96,null,null,31647.66,931.91]
["S",2,"S",0,{"$f":"IF($C154=1,OFFSET(E154,-1,0)+MAX(1,COUNTIF(QCI!$A$13:$A$41,OFFSET(ORÇAMENTO!E154,-1,0))),OFFSET(E154,-1,0))","v":7},6,0,0,6,0,{"$f":"IF(OR($C154=\"S\",$C154=0),0,MATCH(OFFSET($D154,0,$C154)+IF($C154<>1,1,COUNTIF(QCI!$A$13:$A$41,ORÇAMENTO!E154)),OFFSET($D154,1,$C154,ROW($C$744)-ROW($C154)),0))","v":0},"F","Serviço","Serviço","7.6.6.","SINAPI","FNDE 283","CERCA/GRADIL H=1,58M, MALHA 5 X 15CM -  GALVANIZADO","M2",{"$f":"OFFSET(CÁLCULO!H$15,ROW($T154)-ROW(T$15),0)","v":81.37},273.27999999999997,"BDI 1",{"$f":"IF($C154=\"S\",ROUND(IF(TIPOORCAMENTO=\"Proposto\",ORÇAMENTO.CustoUnitario*(1+$AH154),ORÇAMENTO.PrecoUnitarioLicitado),15-13*$AF$10),0)","v":341.6},{"$f":"IF($C154=\"S\",IF(Import.TipoArredondamento<>\"TransfereGOV\",VTOTAL1,SUM(OFFSET(CÁLCULO!$AA$15,ROW($X154)-ROW($X$15),1):OFFSET(CÁLCULO!$AL$15,ROW($X154)-ROW($X$15),-1))),IF($C154=0,0,ROUND(SomaAgrup,15-13*$AF$11)))","v":27795.99},"RA","RA",{"$f":"IF($C154=\"S\",IF($Z154=\"CP\",$X154,IF($Z154=\"RA\",(($X154)*QCI!$AA$3),0)),SomaAgrup)","v":989.89863991403047},0,{"$f":"IF($N154=\"\",\"\",IF(ORÇAMENTO.Descricao=\"\",\"DESCRIÇÃO\",IF(AND($C154=\"S\",ORÇAMENTO.Unidade=\"\"),\"UNIDADE\",IF($X154<0,\"VALOR NEGATIVO\",IF(OR(AND(TIPOORCAMENTO=\"Proposto\",$AG154<>\"\",$AG154>0,ORÇAMENTO.CustoUnitario>$AG154),AND(TIPOORCAMENTO=\"LICITADO\",ORÇAMENTO.PrecoUnitarioLicitado>$AN154)),\"ACIMA REF.\",\"\")))))","v":""},{"$f":"IF(C154<=CRONO.NivelExibicao,MAX($AD$15:OFFSET(AD154,-1,0))+IF($C154<>1,1,MAX(1,COUNTIF(QCI!$A$13:$A$41,OFFSET($E154,-1,0)))),\"\")","v":""},{"$f":"IF(AND($C154=\"S\",ORÇAMENTO.CodBarra<>\"\"),IF(ORÇAMENTO.Fonte=\"\",ORÇAMENTO.CodBarra,CONCATENATE(ORÇAMENTO.Fonte,\" \",ORÇAMENTO.CodBarra)))","v":"SINAPI FNDE 283"},{"$f":"IF(ISERROR(INDIRECT(ORÇAMENTO.BancoRef)),\"(abra o arquivo 'Referência \"&Excel_BuiltIn_Database&\".xlsm)\",IF(OR($C154<>\"S\",ORÇAMENTO.CodBarra=\"\"),\"(Sem Código)\",IF(ISERROR(MATCH($AE154,INDIRECT(ORÇAMENTO.BancoRef),0)),\"(Código não identificado nas referências)\",MATCH($AE154,INDIRECT(ORÇAMENTO.BancoRef),0))))","v":"(Código não identificado nas referências)"},{"$f":"ROUND(IF(DESONERACAO=\"sim\",REFERENCIA.Desonerado,REFERENCIA.NaoDesonerado),2)","v":0},0.25,null,81.37,null,null,27795.99,341.6]
["S",2,"S",0,{"$f":"IF($C155=1,OFFSET(E155,-1,0)+MAX(1,COUNTIF(QCI!$A$13:$A$41,OFFSET(ORÇAMENTO!E155,-1,0))),OFFSET(E155,-1,0))","v":7},6,0,0,7,0,{"$f":"IF(OR($C155=\"S\",$C155=0),0,MATCH(OFFSET($D155,0,$C155)+IF($C155<>1,1,COUNTIF(QCI!$A$13:$A$41,ORÇAMENTO!E155)),OFFSET($D155,1,$C155,ROW($C$744)-ROW($C155)),0))","v":0},"F","Serviço","Serviço","7.6.7.","SINAPI","FNDE 284","P01 - PORTÃO METÁLICO 1,85 x 2,10 M , MALHA 5 X 20CM - FIO 5,00MM, REVESTIDOS EM POLIESTER POR PROCESSO DE PINTURA ELETROSTÁTICA (GRADIL), NA COR BRANCA - FORNECIMENTO E INSTALAÇÃO","M2",{"$f":"OFFSET(CÁLCULO!H$15,ROW($T155)-ROW(T$15),0)","v":7.7},1102.3,"BDI 1",{"$f":"IF($C155=\"S\",ROUND(IF(TIPOORCAMENTO=\"Proposto\",ORÇAMENTO.CustoUnitario*(1+$AH155),ORÇAMENTO.PrecoUnitarioLicitado),15-13*$AF$10),0)","v":1377.88},{"$f":"IF($C155=\"S\",IF(Import.TipoArredondamento<>\"TransfereGOV\",VTOTAL1,SUM(OFFSET(CÁLCULO!$AA$15,ROW($X155)-ROW($X$15),1):OFFSET(CÁLCULO!$AL$15,ROW($X155)-ROW($X$15),-1))),IF($C155=0,0,ROUND(SomaAgrup,15-13*$AF$11)))","v":10609.68},"RA","RA",{"$f":"IF($C155=\"S\",IF($Z155=\"CP\",$X155,IF($Z155=\"RA\",(($X155)*QCI!$AA$3),0)),SomaAgrup)","v":377.84255217832106},0,{"$f":"IF($N155=\"\",\"\",IF(ORÇAMENTO.Descricao=\"\",\"DESCRIÇÃO\",IF(AND($C155=\"S\",ORÇAMENTO.Unidade=\"\"),\"UNIDADE\",IF($X155<0,\"VALOR NEGATIVO\",IF(OR(AND(TIPOORCAMENTO=\"Proposto\",$AG155<>\"\",$AG155>0,ORÇAMENTO.CustoUnitario>$AG155),AND(TIPOORCAMENTO=\"LICITADO\",ORÇAMENTO.PrecoUnitarioLicitado>$AN155)),\"ACIMA REF.\",\"\")))))","v":""},{"$f":"IF(C155<=CRONO.NivelExibicao,MAX($AD$15:OFFSET(AD155,-1,0))+IF($C155<>1,1,MAX(1,COUNTIF(QCI!$A$13:$A$41,OFFSET($E155,-1,0)))),\"\")","v":""},{"$f":"IF(AND($C155=\"S\",ORÇAMENTO.CodBarra<>\"\"),IF(ORÇAMENTO.Fonte=\"\",ORÇAMENTO.CodBarra,CONCATENATE(ORÇAMENTO.Fonte,\" \",ORÇAMENTO.CodBarra)))","v":"SINAPI FNDE 284"},{"$f":"IF(ISERROR(INDIRECT(ORÇAMENTO.BancoRef)),\"(abra o arquivo 'Referência \"&Excel_BuiltIn_Database&\".xlsm)\",IF(OR($C155<>\"S\",ORÇAMENTO.CodBarra=\"\"),\"(Sem Código)\",IF(ISERROR(MATCH($AE155,INDIRECT(ORÇAMENTO.BancoRef),0)),\"(Código não identificado nas referências)\",MATCH($AE155,INDIRECT(ORÇAMENTO.BancoRef),0))))","v":"(Código não identificado nas referências)"},{"$f":"ROUND(IF(DESONERACAO=\"sim\",REFERENCIA.Desonerado,REFERENCIA.NaoDesonerado),2)","v":0},0.25,null,7.7,null,null,10609.68,1377.88]
["S",2,"S",0,{"$f":"IF($C156=1,OFFSET(E156,-1,0)+MAX(1,COUNTIF(QCI!$A$13:$A$41,OFFSET(ORÇAMENTO!E156,-1,0))),OFFSET(E156,-1,0))","v":7},6,0,0,8,0,{"$f":"IF(OR($C156=\"S\",$C156=0),0,MATCH(OFFSET($D156,0,$C156)+IF($C156<>1,1,COUNTIF(QCI!$A$13:$A$41,ORÇAMENTO!E156)),OFFSET($D156,1,$C156,ROW($C$744)-ROW($C156)),0))","v":0},"F","Serviço","Serviço","7.6.8.","SINAPI","FNDE 285","P02 - PORTÃO METÁLICO 1,40 X 2,00 M , MALHA 5 X 20CM - FIO 5,00MM, REVESTIDOS EM POLIESTER POR PROCESSO DE PINTURA ELETROSTÁTICA (GRADIL), NA COR BRANCA - FORNECIMENTO E INSTALAÇÃO","M2",{"$f":"OFFSET(CÁLCULO!H$15,ROW($T156)-ROW(T$15),0)","v":5.6},1102.3,"BDI 1",{"$f":"IF($C156=\"S\",ROUND(IF(TIPOORCAMENTO=\"Proposto\",ORÇAMENTO.CustoUnitario*(1+$AH156),ORÇAMENTO.PrecoUnitarioLicitado),15-13*$AF$10),0)","v":1377.88},{"$f":"IF($C156=\"S\",IF(Import.TipoArredondamento<>\"TransfereGOV\",VTOTAL1,SUM(OFFSET(CÁLCULO!$AA$15,ROW($X156)-ROW($X$15),1):OFFSET(CÁLCULO!$AL$15,ROW($X156)-ROW($X$15),-1))),IF($C156=0,0,ROUND(SomaAgrup,15-13*$AF$11)))","v":7716.13},"RA","RA",{"$f":"IF($C156=\"S\",IF($Z156=\"CP\",$X156,IF($Z156=\"RA\",(($X156)*QCI!$AA$3),0)),SomaAgrup)","v":274.7945510269592},0,{"$f":"IF($N156=\"\",\"\",IF(ORÇAMENTO.Descricao=\"\",\"DESCRIÇÃO\",IF(AND($C156=\"S\",ORÇAMENTO.Unidade=\"\"),\"UNIDADE\",IF($X156<0,\"VALOR NEGATIVO\",IF(OR(AND(TIPOORCAMENTO=\"Proposto\",$AG156<>\"\",$AG156>0,ORÇAMENTO.CustoUnitario>$AG156),AND(TIPOORCAMENTO=\"LICITADO\",ORÇAMENTO.PrecoUnitarioLicitado>$AN156)),\"ACIMA REF.\",\"\")))))","v":""},{"$f":"IF(C156<=CRONO.NivelExibicao,MAX($AD$15:OFFSET(AD156,-1,0))+IF($C156<>1,1,MAX(1,COUNTIF(QCI!$A$13:$A$41,OFFSET($E156,-1,0)))),\"\")","v":""},{"$f":"IF(AND($C156=\"S\",ORÇAMENTO.CodBarra<>\"\"),IF(ORÇAMENTO.Fonte=\"\",ORÇAMENTO.CodBarra,CONCATENATE(ORÇAMENTO.Fonte,\" \",ORÇAMENTO.CodBarra)))","v":"SINAPI FNDE 285"},{"$f":"IF(ISERROR(INDIRECT(ORÇAMENTO.BancoRef)),\"(abra o arquivo 'Referência \"&Excel_BuiltIn_Database&\".xlsm)\",IF(OR($C156<>\"S\",ORÇAMENTO.CodBarra=\"\"),\"(Sem Código)\",IF(ISERROR(MATCH($AE156,INDIRECT(ORÇAMENTO.BancoRef),0)),\"(Código não identificado nas referências)\",MATCH($AE156,INDIRECT(ORÇAMENTO.BancoRef),0))))","v":"(Código não identificado nas referências)"},{"$f":"ROUND(IF(DESONERACAO=\"sim\",REFERENCIA.Desonerado,REFERENCIA.NaoDesonerado),2)","v":0},0.25,null,5.6,null,null,7716.13,1377.88]
["S",2,"S",0,{"$f":"IF($C157=1,OFFSET(E157,-1,0)+MAX(1,COUNTIF(QCI!$A$13:$A$41,OFFSET(ORÇAMENTO!E157,-1,0))),OFFSET(E157,-1,0))","v":7},6,0,0,9,0,{"$f":"IF(OR($C157=\"S\",$C157=0),0,MATCH(OFFSET($D157,0,$C157)+IF($C157<>1,1,COUNTIF(QCI!$A$13:$A$41,ORÇAMENTO!E157)),OFFSET($D157,1,$C157,ROW($C$744)-ROW($C157)),0))","v":0},"F","Serviço","Serviço","7.6.9.","SINAPI","FNDE 286","P03 - PORTÃO METÁLICO 1,20 X 2,00 M , MALHA 5 X 20CM - FIO 5,00MM, REVESTIDOS EM POLIESTER POR PROCESSO DE PINTURA ELETROSTÁTICA (GRADIL), NA COR BRANCA - FORNECIMENTO E INSTALAÇÃO","M2",{"$f":"OFFSET(CÁLCULO!H$15,ROW($T157)-ROW(T$15),0)","v":2.4},1102.3,"BDI 1",{"$f":"IF($C157=\"S\",ROUND(IF(TIPOORCAMENTO=\"Proposto\",ORÇAMENTO.CustoUnitario*(1+$AH157),ORÇAMENTO.PrecoUnitarioLicitado),15-13*$AF$10),0)","v":1377.88},{"$f":"IF($C157=\"S\",IF(Import.TipoArredondamento<>\"TransfereGOV\",VTOTAL1,SUM(OFFSET(CÁLCULO!$AA$15,ROW($X157)-ROW($X$15),1):OFFSET(CÁLCULO!$AL$15,ROW($X157)-ROW($X$15),-1))),IF($C157=0,0,ROUND(SomaAgrup,15-13*$AF$11)))","v":3306.91},"RA","RA",{"$f":"IF($C157=\"S\",IF($Z157=\"CP\",$X157,IF($Z157=\"RA\",(($X157)*QCI!$AA$3),0)),SomaAgrup)","v":117.76899154583471},0,{"$f":"IF($N157=\"\",\"\",IF(ORÇAMENTO.Descricao=\"\",\"DESCRIÇÃO\",IF(AND($C157=\"S\",ORÇAMENTO.Unidade=\"\"),\"UNIDADE\",IF($X157<0,\"VALOR NEGATIVO\",IF(OR(AND(TIPOORCAMENTO=\"Proposto\",$AG157<>\"\",$AG157>0,ORÇAMENTO.CustoUnitario>$AG157),AND(TIPOORCAMENTO=\"LICITADO\",ORÇAMENTO.PrecoUnitarioLicitado>$AN157)),\"ACIMA REF.\",\"\")))))","v":""},{"$f":"IF(C157<=CRONO.NivelExibicao,MAX($AD$15:OFFSET(AD157,-1,0))+IF($C157<>1,1,MAX(1,COUNTIF(QCI!$A$13:$A$41,OFFSET($E157,-1,0)))),\"\")","v":""},{"$f":"IF(AND($C157=\"S\",ORÇAMENTO.CodBarra<>\"\"),IF(ORÇAMENTO.Fonte=\"\",ORÇAMENTO.CodBarra,CONCATENATE(ORÇAMENTO.Fonte,\" \",ORÇAMENTO.CodBarra)))","v":"SINAPI FNDE 286"},{"$f":"IF(ISERROR(INDIRECT(ORÇAMENTO.BancoRef)),\"(abra o arquivo 'Referência \"&Excel_BuiltIn_Database&\".xlsm)\",IF(OR($C157<>\"S\",ORÇAMENTO.CodBarra=\"\"),\"(Sem Código)\",IF(ISERROR(MATCH($AE157,INDIRECT(ORÇAMENTO.BancoRef),0)),\"(Código não identificado nas referências)\",MATCH($AE157,INDIRECT(ORÇAMENTO.BancoRef),0))))","v":"(Código não identificado nas referências)"},{"$f":"ROUND(IF(DESONERACAO=\"sim\",REFERENCIA.Desonerado,REFERENCIA.NaoDesonerado),2)","v":0},0.25,null,2.4,null,null,3306.91,1377.88]
["S",2,"S",0,{"$f":"IF($C158=1,OFFSET(E158,-1,0)+MAX(1,COUNTIF(QCI!$A$13:$A$41,OFFSET(ORÇAMENTO!E158,-1,0))),OFFSET(E158,-1,0))","v":7},6,0,0,10,0,{"$f":"IF(OR($C158=\"S\",$C158=0),0,MATCH(OFFSET($D158,0,$C158)+IF($C158<>1,1,COUNTIF(QCI!$A$13:$A$41,ORÇAMENTO!E158)),OFFSET($D158,1,$C158,ROW($C$744)-ROW($C158)),0))","v":0},"F","Serviço","Serviço","7.6.10.","SINAPI","FNDE 287","P04 - PORTÃO METÁLICO NYLOFOR 1,20 X 2,04 M , MALHA 5 X 20CM - FIO 5,00MM, REVESTIDOS EM POLIESTER POR PROCESSO DE PINTURA ELETROSTÁTICA (GRADIL), NA COR BRANCA - FORNECIMENTO E INSTALAÇÃO","M2",{"$f":"OFFSET(CÁLCULO!H$15,ROW($T158)-ROW(T$15),0)","v":2},1102.3,"BDI 1",{"$f":"IF($C158=\"S\",ROUND(IF(TIPOORCAMENTO=\"Proposto\",ORÇAMENTO.CustoUnitario*(1+$AH158),ORÇAMENTO.PrecoUnitarioLicitado),15-13*$AF$10),0)","v":1377.88},{"$f":"IF($C158=\"S\",IF(Import.TipoArredondamento<>\"TransfereGOV\",VTOTAL1,SUM(OFFSET(CÁLCULO!$AA$15,ROW($X158)-ROW($X$15),1):OFFSET(CÁLCULO!$AL$15,ROW($X158)-ROW($X$15),-1))),IF($C158=0,0,ROUND(SomaAgrup,15-13*$AF$11)))","v":2755.76},"RA","RA",{"$f":"IF($C158=\"S\",IF($Z158=\"CP\",$X158,IF($Z158=\"RA\",(($X158)*QCI!$AA$3),0)),SomaAgrup)","v":98.140885643198487},0,{"$f":"IF($N158=\"\",\"\",IF(ORÇAMENTO.Descricao=\"\",\"DESCRIÇÃO\",IF(AND($C158=\"S\",ORÇAMENTO.Unidade=\"\"),\"UNIDADE\",IF($X158<0,\"VALOR NEGATIVO\",IF(OR(AND(TIPOORCAMENTO=\"Proposto\",$AG158<>\"\",$AG158>0,ORÇAMENTO.CustoUnitario>$AG158),AND(TIPOORCAMENTO=\"LICITADO\",ORÇAMENTO.PrecoUnitarioLicitado>$AN158)),\"ACIMA REF.\",\"\")))))","v":""},{"$f":"IF(C158<=CRONO.NivelExibicao,MAX($AD$15:OFFSET(AD158,-1,0))+IF($C158<>1,1,MAX(1,COUNTIF(QCI!$A$13:$A$41,OFFSET($E158,-1,0)))),\"\")","v":""},{"$f":"IF(AND($C158=\"S\",ORÇAMENTO.CodBarra<>\"\"),IF(ORÇAMENTO.Fonte=\"\",ORÇAMENTO.CodBarra,CONCATENATE(ORÇAMENTO.Fonte,\" \",ORÇAMENTO.CodBarra)))","v":"SINAPI FNDE 287"},{"$f":"IF(ISERROR(INDIRECT(ORÇAMENTO.BancoRef)),\"(abra o arquivo 'Referência \"&Excel_BuiltIn_Database&\".xlsm)\",IF(OR($C158<>\"S\",ORÇAMENTO.CodBarra=\"\"),\"(Sem Código)\",IF(ISERROR(MATCH($AE158,INDIRECT(ORÇAMENTO.BancoRef),0)),\"(Código não identificado nas referências)\",MATCH($AE158,INDIRECT(ORÇAMENTO.BancoRef),0))))","v":"(Código não identificado nas referências)"},{"$f":"ROUND(IF(DESONERACAO=\"sim\",REFERENCIA.Desonerado,REFERENCIA.NaoDesonerado),2)","v":0},0.25,null,2,null,null,2755.76,1377.88]
["S",2,"S",0,{"$f":"IF($C159=1,OFFSET(E159,-1,0)+MAX(1,COUNTIF(QCI!$A$13:$A$41,OFFSET(ORÇAMENTO!E159,-1,0))),OFFSET(E159,-1,0))","v":7},6,0,0,11,0,{"$f":"IF(OR($C159=\"S\",$C159=0),0,MATCH(OFFSET($D159,0,$C159)+IF($C159<>1,1,COUNTIF(QCI!$A$13:$A$41,ORÇAMENTO!E159)),OFFSET($D159,1,$C159,ROW($C$744)-ROW($C159)),0))","v":0},"F","Serviço","Serviço","7.6.11.","SINAPI","FNDE 108","ESQUADRIA, 0,60 X 0,20 M DE ALUMÍNIO P/ VENTILAÇÃO COM MALHA DE 3 A 7 MM - CENTRAL DE GÁS","M2",{"$f":"OFFSET(CÁLCULO!H$15,ROW($T159)-ROW(T$15),0)","v":0.24},225.94,"BDI 1",{"$f":"IF($C159=\"S\",ROUND(IF(TIPOORCAMENTO=\"Proposto\",ORÇAMENTO.CustoUnitario*(1+$AH159),ORÇAMENTO.PrecoUnitarioLicitado),15-13*$AF$10),0)","v":282.43},{"$f":"IF($C159=\"S\",IF(Import.TipoArredondamento<>\"TransfereGOV\",VTOTAL1,SUM(OFFSET(CÁLCULO!$AA$15,ROW($X159)-ROW($X$15),1):OFFSET(CÁLCULO!$AL$15,ROW($X159)-ROW($X$15),-1))),IF($C159=0,0,ROUND(SomaAgrup,15-13*$AF$11)))","v":67.78},"RA","RA",{"$f":"IF($C159=\"S\",IF($Z159=\"CP\",$X159,IF($Z159=\"RA\",(($X159)*QCI!$AA$3),0)),SomaAgrup)","v":2.4138492571544665},0,{"$f":"IF($N159=\"\",\"\",IF(ORÇAMENTO.Descricao=\"\",\"DESCRIÇÃO\",IF(AND($C159=\"S\",ORÇAMENTO.Unidade=\"\"),\"UNIDADE\",IF($X159<0,\"VALOR NEGATIVO\",IF(OR(AND(TIPOORCAMENTO=\"Proposto\",$AG159<>\"\",$AG159>0,ORÇAMENTO.CustoUnitario>$AG159),AND(TIPOORCAMENTO=\"LICITADO\",ORÇAMENTO.PrecoUnitarioLicitado>$AN159)),\"ACIMA REF.\",\"\")))))","v":""},{"$f":"IF(C159<=CRONO.NivelExibicao,MAX($AD$15:OFFSET(AD159,-1,0))+IF($C159<>1,1,MAX(1,COUNTIF(QCI!$A$13:$A$41,OFFSET($E159,-1,0)))),\"\")","v":""},{"$f":"IF(AND($C159=\"S\",ORÇAMENTO.CodBarra<>\"\"),IF(ORÇAMENTO.Fonte=\"\",ORÇAMENTO.CodBarra,CONCATENATE(ORÇAMENTO.Fonte,\" \",ORÇAMENTO.CodBarra)))","v":"SINAPI FNDE 108"},{"$f":"IF(ISERROR(INDIRECT(ORÇAMENTO.BancoRef)),\"(abra o arquivo 'Referência \"&Excel_BuiltIn_Database&\".xlsm)\",IF(OR($C159<>\"S\",ORÇAMENTO.CodBarra=\"\"),\"(Sem Código)\",IF(ISERROR(MATCH($AE159,INDIRECT(ORÇAMENTO.BancoRef),0)),\"(Código não identificado nas referências)\",MATCH($AE159,INDIRECT(ORÇAMENTO.BancoRef),0))))","v":"(Código não identificado nas referências)"},{"$f":"ROUND(IF(DESONERACAO=\"sim\",REFERENCIA.Desonerado,REFERENCIA.NaoDesonerado),2)","v":0},0.25,null,0.24,null,null,67.78,282.43]
["S",2,"S",0,{"$f":"IF($C160=1,OFFSET(E160,-1,0)+MAX(1,COUNTIF(QCI!$A$13:$A$41,OFFSET(ORÇAMENTO!E160,-1,0))),OFFSET(E160,-1,0))","v":7},6,0,0,12,0,{"$f":"IF(OR($C160=\"S\",$C160=0),0,MATCH(OFFSET($D160,0,$C160)+IF($C160<>1,1,COUNTIF(QCI!$A$13:$A$41,ORÇAMENTO!E160)),OFFSET($D160,1,$C160,ROW($C$744)-ROW($C160)),0))","v":0},"F","Serviço","Serviço","7.6.12.","SINAPI","FNDE 109","ESQUADRIA, 1,20 X 0,20 M DE ALUMÍNIO P/ VENTILAÇÃO COM MALHA DE 3 A 7 MM - CENTRAL DE GÁS","M2",{"$f":"OFFSET(CÁLCULO!H$15,ROW($T160)-ROW(T$15),0)","v":0.24},225.94,"BDI 1",{"$f":"IF($C160=\"S\",ROUND(IF(TIPOORCAMENTO=\"Proposto\",ORÇAMENTO.CustoUnitario*(1+$AH160),ORÇAMENTO.PrecoUnitarioLicitado),15-13*$AF$10),0)","v":282.43},{"$f":"IF($C160=\"S\",IF(Import.TipoArredondamento<>\"TransfereGOV\",VTOTAL1,SUM(OFFSET(CÁLCULO!$AA$15,ROW($X160)-ROW($X$15),1):OFFSET(CÁLCULO!$AL$15,ROW($X160)-ROW($X$15),-1))),IF($C160=0,0,ROUND(SomaAgrup,15-13*$AF$11)))","v":67.78},"RA","RA",{"$f":"IF($C160=\"S\",IF($Z160=\"CP\",$X160,IF($Z160=\"RA\",(($X160)*QCI!$AA$3),0)),SomaAgrup)","v":2.4138492571544665},0,{"$f":"IF($N160=\"\",\"\",IF(ORÇAMENTO.Descricao=\"\",\"DESCRIÇÃO\",IF(AND($C160=\"S\",ORÇAMENTO.Unidade=\"\"),\"UNIDADE\",IF($X160<0,\"VALOR NEGATIVO\",IF(OR(AND(TIPOORCAMENTO=\"Proposto\",$AG160<>\"\",$AG160>0,ORÇAMENTO.CustoUnitario>$AG160),AND(TIPOORCAMENTO=\"LICITADO\",ORÇAMENTO.PrecoUnitarioLicitado>$AN160)),\"ACIMA REF.\",\"\")))))","v":""},{"$f":"IF(C160<=CRONO.NivelExibicao,MAX($AD$15:OFFSET(AD160,-1,0))+IF($C160<>1,1,MAX(1,COUNTIF(QCI!$A$13:$A$41,OFFSET($E160,-1,0)))),\"\")","v":""},{"$f":"IF(AND($C160=\"S\",ORÇAMENTO.CodBarra<>\"\"),IF(ORÇAMENTO.Fonte=\"\",ORÇAMENTO.CodBarra,CONCATENATE(ORÇAMENTO.Fonte,\" \",ORÇAMENTO.CodBarra)))","v":"SINAPI FNDE 109"},{"$f":"IF(ISERROR(INDIRECT(ORÇAMENTO.BancoRef)),\"(abra o arquivo 'Referência \"&Excel_BuiltIn_Database&\".xlsm)\",IF(OR($C160<>\"S\",ORÇAMENTO.CodBarra=\"\"),\"(Sem Código)\",IF(ISERROR(MATCH($AE160,INDIRECT(ORÇAMENTO.BancoRef),0)),\"(Código não identificado nas referências)\",MATCH($AE160,INDIRECT(ORÇAMENTO.BancoRef),0))))","v":"(Código não identificado nas referências)"},{"$f":"ROUND(IF(DESONERACAO=\"sim\",REFERENCIA.Desonerado,REFERENCIA.NaoDesonerado),2)","v":0},0.25,null,0.24,null,null,67.78,282.43]
["S",2,"S",0,{"$f":"IF($C161=1,OFFSET(E161,-1,0)+MAX(1,COUNTIF(QCI!$A$13:$A$41,OFFSET(ORÇAMENTO!E161,-1,0))),OFFSET(E161,-1,0))","v":7},6,0,0,13,0,{"$f":"IF(OR($C161=\"S\",$C161=0),0,MATCH(OFFSET($D161,0,$C161)+IF($C161<>1,1,COUNTIF(QCI!$A$13:$A$41,ORÇAMENTO!E161)),OFFSET($D161,1,$C161,ROW($C$744)-ROW($C161)),0))","v":0},"F","Serviço","Serviço","7.6.13.","SINAPI","FNDE 120","GUARDA-CORPO E PORTÃO (1,10 X 1,05)  CONFECCIONADO COM CHAPA METÁLICA PERFURADA, H=1,05, INCLUSO PINTURA, CONFORME PROJETO - CASA DE BOMBAS","M2",{"$f":"OFFSET(CÁLCULO!H$15,ROW($T161)-ROW(T$15),0)","v":16.12},766.61112000000003,"BDI 1",{"$f":"IF($C161=\"S\",ROUND(IF(TIPOORCAMENTO=\"Proposto\",ORÇAMENTO.CustoUnitario*(1+$AH161),ORÇAMENTO.PrecoUnitarioLicitado),15-13*$AF$10),0)","v":958.26},{"$f":"IF($C161=\"S\",IF(Import.TipoArredondamento<>\"TransfereGOV\",VTOTAL1,SUM(OFFSET(CÁLCULO!$AA$15,ROW($X161)-ROW($X$15),1):OFFSET(CÁLCULO!$AL$15,ROW($X161)-ROW($X$15),-1))),IF($C161=0,0,ROUND(SomaAgrup,15-13*$AF$11)))","v":15447.15},"RA","RA",{"$f":"IF($C161=\"S\",IF($Z161=\"CP\",$X161,IF($Z161=\"RA\",(($X161)*QCI!$AA$3),0)),SomaAgrup)","v":550.119379649655},0,{"$f":"IF($N161=\"\",\"\",IF(ORÇAMENTO.Descricao=\"\",\"DESCRIÇÃO\",IF(AND($C161=\"S\",ORÇAMENTO.Unidade=\"\"),\"UNIDADE\",IF($X161<0,\"VALOR NEGATIVO\",IF(OR(AND(TIPOORCAMENTO=\"Proposto\",$AG161<>\"\",$AG161>0,ORÇAMENTO.CustoUnitario>$AG161),AND(TIPOORCAMENTO=\"LICITADO\",ORÇAMENTO.PrecoUnitarioLicitado>$AN161)),\"ACIMA REF.\",\"\")))))","v":""},{"$f":"IF(C161<=CRONO.NivelExibicao,MAX($AD$15:OFFSET(AD161,-1,0))+IF($C161<>1,1,MAX(1,COUNTIF(QCI!$A$13:$A$41,OFFSET($E161,-1,0)))),\"\")","v":""},{"$f":"IF(AND($C161=\"S\",ORÇAMENTO.CodBarra<>\"\"),IF(ORÇAMENTO.Fonte=\"\",ORÇAMENTO.CodBarra,CONCATENATE(ORÇAMENTO.Fonte,\" \",ORÇAMENTO.CodBarra)))","v":"SINAPI FNDE 120"},{"$f":"IF(ISERROR(INDIRECT(ORÇAMENTO.BancoRef)),\"(abra o arquivo 'Referência \"&Excel_BuiltIn_Database&\".xlsm)\",IF(OR($C161<>\"S\",ORÇAMENTO.CodBarra=\"\"),\"(Sem Código)\",IF(ISERROR(MATCH($AE161,INDIRECT(ORÇAMENTO.BancoRef),0)),\"(Código não identificado nas referências)\",MATCH($AE161,INDIRECT(ORÇAMENTO.BancoRef),0))))","v":"(Código não identificado nas referências)"},{"$f":"ROUND(IF(DESONERACAO=\"sim\",REFERENCIA.Desonerado,REFERENCIA.NaoDesonerado),2)","v":0},0.25,null,16.12,null,null,15447.15,958.26]
[1,1,1,10,{"$f":"IF($C162=1,OFFSET(E162,-1,0)+MAX(1,COUNTIF(QCI!$A$13:$A$41,OFFSET(ORÇAMENTO!E162,-1,0))),OFFSET(E162,-1,0))","v":8},0,0,0,0,582,{"$f":"IF(OR($C162=\"S\",$C162=0),0,MATCH(OFFSET($D162,0,$C162)+IF($C162<>1,1,COUNTIF(QCI!$A$13:$A$41,ORÇAMENTO!E162)),OFFSET($D162,1,$C162,ROW($C$744)-ROW($C162)),0))","v":10},"F","Meta","Meta","8.","SINAPI",null,"SISTEMA DE COBERTURA",{"$f":"REFERENCIA.Unidade","v":"-"},{"$f":"OFFSET(CÁLCULO!H$15,ROW($T162)-ROW(T$15),0)","v":0},null,"BDI 1",{"$f":"IF($C162=\"S\",ROUND(IF(TIPOORCAMENTO=\"Proposto\",ORÇAMENTO.CustoUnitario*(1+$AH162),ORÇAMENTO.PrecoUnitarioLicitado),15-13*$AF$10),0)","v":0},{"$f":"IF($C162=\"S\",IF(Import.TipoArredondamento<>\"TransfereGOV\",VTOTAL1,SUM(OFFSET(CÁLCULO!$AA$15,ROW($X162)-ROW($X$15),1):OFFSET(CÁLCULO!$AL$15,ROW($X162)-ROW($X$15),-1))),IF($C162=0,0,ROUND(SomaAgrup,15-13*$AF$11)))","v":240916.02},"RA","",{"$f":"IF($C162=\"S\",IF($Z162=\"CP\",$X162,IF($Z162=\"RA\",(($X162)*QCI!$AA$3),0)),SomaAgrup)","v":8579.7426366717427},0,{"$f":"IF($N162=\"\",\"\",IF(ORÇAMENTO.Descricao=\"\",\"DESCRIÇÃO\",IF(AND($C162=\"S\",ORÇAMENTO.Unidade=\"\"),\"UNIDADE\",IF($X162<0,\"VALOR NEGATIVO\",IF(OR(AND(TIPOORCAMENTO=\"Proposto\",$AG162<>\"\",$AG162>0,ORÇAMENTO.CustoUnitario>$AG162),AND(TIPOORCAMENTO=\"LICITADO\",ORÇAMENTO.PrecoUnitarioLicitado>$AN162)),\"ACIMA REF.\",\"\")))))","v":""},{"$f":"IF(C162<=CRONO.NivelExibicao,MAX($AD$15:OFFSET(AD162,-1,0))+IF($C162<>1,1,MAX(1,COUNTIF(QCI!$A$13:$A$41,OFFSET($E162,-1,0)))),\"\")","v":27},{"$f":"IF(AND($C162=\"S\",ORÇAMENTO.CodBarra<>\"\"),IF(ORÇAMENTO.Fonte=\"\",ORÇAMENTO.CodBarra,CONCATENATE(ORÇAMENTO.Fonte,\" \",ORÇAMENTO.CodBarra)))","v":false},{"$f":"IF(ISERROR(INDIRECT(ORÇAMENTO.BancoRef)),\"(abra o arquivo 'Referência \"&Excel_BuiltIn_Database&\".xlsm)\",IF(OR($C162<>\"S\",ORÇAMENTO.CodBarra=\"\"),\"(Sem Código)\",IF(ISERROR(MATCH($AE162,INDIRECT(ORÇAMENTO.BancoRef),0)),\"(Código não identificado nas referências)\",MATCH($AE162,INDIRECT(ORÇAMENTO.BancoRef),0))))","v":"(Sem Código)"},{"$f":"ROUND(IF(DESONERACAO=\"sim\",REFERENCIA.Desonerado,REFERENCIA.NaoDesonerado),2)","v":0},0.25,null,null,null,null,240916.02,0]
[2,2,2,9,{"$f":"IF($C163=1,OFFSET(E163,-1,0)+MAX(1,COUNTIF(QCI!$A$13:$A$41,OFFSET(ORÇAMENTO!E163,-1,0))),OFFSET(E163,-1,0))","v":8},1,0,0,0,9,{"$f":"IF(OR($C163=\"S\",$C163=0),0,MATCH(OFFSET($D163,0,$C163)+IF($C163<>1,1,COUNTIF(QCI!$A$13:$A$41,ORÇAMENTO!E163)),OFFSET($D163,1,$C163,ROW($C$744)-ROW($C163)),0))","v":41},"F","Nível 2","Nível 2","8.1.","SINAPI",null,"Estrutura, telhamento e acessórios",{"$f":"REFERENCIA.Unidade","v":"-"},{"$f":"OFFSET(CÁLCULO!H$15,ROW($T163)-ROW(T$15),0)","v":0},null,"BDI 1",{"$f":"IF($C163=\"S\",ROUND(IF(TIPOORCAMENTO=\"Proposto\",ORÇAMENTO.CustoUnitario*(1+$AH163),ORÇAMENTO.PrecoUnitarioLicitado),15-13*$AF$10),0)","v":0},{"$f":"IF($C163=\"S\",IF(Import.TipoArredondamento<>\"TransfereGOV\",VTOTAL1,SUM(OFFSET(CÁLCULO!$AA$15,ROW($X163)-ROW($X$15),1):OFFSET(CÁLCULO!$AL$15,ROW($X163)-ROW($X$15),-1))),IF($C163=0,0,ROUND(SomaAgrup,15-13*$AF$11)))","v":240916.02},"RA","",{"$f":"IF($C163=\"S\",IF($Z163=\"CP\",$X163,IF($Z163=\"RA\",(($X163)*QCI!$AA$3),0)),SomaAgrup)","v":8579.7426366717427},0,{"$f":"IF($N163=\"\",\"\",IF(ORÇAMENTO.Descricao=\"\",\"DESCRIÇÃO\",IF(AND($C163=\"S\",ORÇAMENTO.Unidade=\"\"),\"UNIDADE\",IF($X163<0,\"VALOR NEGATIVO\",IF(OR(AND(TIPOORCAMENTO=\"Proposto\",$AG163<>\"\",$AG163>0,ORÇAMENTO.CustoUnitario>$AG163),AND(TIPOORCAMENTO=\"LICITADO\",ORÇAMENTO.PrecoUnitarioLicitado>$AN163)),\"ACIMA REF.\",\"\")))))","v":""},{"$f":"IF(C163<=CRONO.NivelExibicao,MAX($AD$15:OFFSET(AD163,-1,0))+IF($C163<>1,1,MAX(1,COUNTIF(QCI!$A$13:$A$41,OFFSET($E163,-1,0)))),\"\")","v":28},{"$f":"IF(AND($C163=\"S\",ORÇAMENTO.CodBarra<>\"\"),IF(ORÇAMENTO.Fonte=\"\",ORÇAMENTO.CodBarra,CONCATENATE(ORÇAMENTO.Fonte,\" \",ORÇAMENTO.CodBarra)))","v":false},{"$f":"IF(ISERROR(INDIRECT(ORÇAMENTO.BancoRef)),\"(abra o arquivo 'Referência \"&Excel_BuiltIn_Database&\".xlsm)\",IF(OR($C163<>\"S\",ORÇAMENTO.CodBarra=\"\"),\"(Sem Código)\",IF(ISERROR(MATCH($AE163,INDIRECT(ORÇAMENTO.BancoRef),0)),\"(Código não identificado nas referências)\",MATCH($AE163,INDIRECT(ORÇAMENTO.BancoRef),0))))","v":"(Sem Código)"},{"$f":"ROUND(IF(DESONERACAO=\"sim\",REFERENCIA.Desonerado,REFERENCIA.NaoDesonerado),2)","v":0},0.25,null,null,null,null,240916.02,0]
["S",2,"S",0,{"$f":"IF($C164=1,OFFSET(E164,-1,0)+MAX(1,COUNTIF(QCI!$A$13:$A$41,OFFSET(ORÇAMENTO!E164,-1,0))),OFFSET(E164,-1,0))","v":8},1,0,0,1,0,{"$f":"IF(OR($C164=\"S\",$C164=0),0,MATCH(OFFSET($D164,0,$C164)+IF($C164<>1,1,COUNTIF(QCI!$A$13:$A$41,ORÇAMENTO!E164)),OFFSET($D164,1,$C164,ROW($C$744)-ROW($C164)),0))","v":0},"F","Serviço","Serviço","8.1.1.","SINAPI","94210","TELHAMENTO COM TELHA ONDULADA DE FIBROCIMENTO E = 6 MM,",{"$f":"REFERENCIA.Unidade","v":"M2"},{"$f":"OFFSET(CÁLCULO!H$15,ROW($T164)-ROW(T$15),0)","v":1441},"50,53","BDI 1",{"$f":"IF($C164=\"S\",ROUND(IF(TIPOORCAMENTO=\"Proposto\",ORÇAMENTO.CustoUnitario*(1+$AH164),ORÇAMENTO.PrecoUnitarioLicitado),15-13*$AF$10),0)","v":63.16},{"$f":"IF($C164=\"S\",IF(Import.TipoArredondamento<>\"TransfereGOV\",VTOTAL1,SUM(OFFSET(CÁLCULO!$AA$15,ROW($X164)-ROW($X$15),1):OFFSET(CÁLCULO!$AL$15,ROW($X164)-ROW($X$15),-1))),IF($C164=0,0,ROUND(SomaAgrup,15-13*$AF$11)))","v":91013.56},"RA","RA",{"$f":"IF($C164=\"S\",IF($Z164=\"CP\",$X164,IF($Z164=\"RA\",(($X164)*QCI!$AA$3),0)),SomaAgrup)","v":3241.2660695925565},0,{"$f":"IF($N164=\"\",\"\",IF(ORÇAMENTO.Descricao=\"\",\"DESCRIÇÃO\",IF(AND($C164=\"S\",ORÇAMENTO.Unidade=\"\"),\"UNIDADE\",IF($X164<0,\"VALOR NEGATIVO\",IF(OR(AND(TIPOORCAMENTO=\"Proposto\",$AG164<>\"\",$AG164>0,ORÇAMENTO.CustoUnitario>$AG164),AND(TIPOORCAMENTO=\"LICITADO\",ORÇAMENTO.PrecoUnitarioLicitado>$AN164)),\"ACIMA REF.\",\"\")))))","v":""},{"$f":"IF(C164<=CRONO.NivelExibicao,MAX($AD$15:OFFSET(AD164,-1,0))+IF($C164<>1,1,MAX(1,COUNTIF(QCI!$A$13:$A$41,OFFSET($E164,-1,0)))),\"\")","v":""},{"$f":"IF(AND($C164=\"S\",ORÇAMENTO.CodBarra<>\"\"),IF(ORÇAMENTO.Fonte=\"\",ORÇAMENTO.CodBarra,CONCATENATE(ORÇAMENTO.Fonte,\" \",ORÇAMENTO.CodBarra)))","v":"SINAPI 94210"},{"$f":"IF(ISERROR(INDIRECT(ORÇAMENTO.BancoRef)),\"(abra o arquivo 'Referência \"&Excel_BuiltIn_Database&\".xlsm)\",IF(OR($C164<>\"S\",ORÇAMENTO.CodBarra=\"\"),\"(Sem Código)\",IF(ISERROR(MATCH($AE164,INDIRECT(ORÇAMENTO.BancoRef),0)),\"(Código não identificado nas referências)\",MATCH($AE164,INDIRECT(ORÇAMENTO.BancoRef),0))))","v":1572},{"$f":"ROUND(IF(DESONERACAO=\"sim\",REFERENCIA.Desonerado,REFERENCIA.NaoDesonerado),2)","v":50.53},0.25,null,1441,null,null,91013.56,63.16]
["S",2,"S",0,{"$f":"IF($C165=1,OFFSET(E165,-1,0)+MAX(1,COUNTIF(QCI!$A$13:$A$41,OFFSET(ORÇAMENTO!E165,-1,0))),OFFSET(E165,-1,0))","v":8},1,0,0,2,0,{"$f":"IF(OR($C165=\"S\",$C165=0),0,MATCH(OFFSET($D165,0,$C165)+IF($C165<>1,1,COUNTIF(QCI!$A$13:$A$41,ORÇAMENTO!E165)),OFFSET($D165,1,$C165,ROW($C$744)-ROW($C165)),0))","v":0},"F","Serviço","Serviço","8.1.2.","SINAPI","100382","FABRICAÇÃO E INSTALAÇÃO DE PONTALETES DE MADEIRA NÃO APARELHADA PARA TELHA M2",{"$f":"REFERENCIA.Unidade","v":"M2"},{"$f":"OFFSET(CÁLCULO!H$15,ROW($T165)-ROW(T$15),0)","v":1441},"17,01","BDI 1",{"$f":"IF($C165=\"S\",ROUND(IF(TIPOORCAMENTO=\"Proposto\",ORÇAMENTO.CustoUnitario*(1+$AH165),ORÇAMENTO.PrecoUnitarioLicitado),15-13*$AF$10),0)","v":21.26},{"$f":"IF($C165=\"S\",IF(Import.TipoArredondamento<>\"TransfereGOV\",VTOTAL1,SUM(OFFSET(CÁLCULO!$AA$15,ROW($X165)-ROW($X$15),1):OFFSET(CÁLCULO!$AL$15,ROW($X165)-ROW($X$15),-1))),IF($C165=0,0,ROUND(SomaAgrup,15-13*$AF$11)))","v":30635.66},"RA","RA",{"$f":"IF($C165=\"S\",IF($Z165=\"CP\",$X165,IF($Z165=\"RA\",(($X165)*QCI!$AA$3),0)),SomaAgrup)","v":1091.0278125322632},0,{"$f":"IF($N165=\"\",\"\",IF(ORÇAMENTO.Descricao=\"\",\"DESCRIÇÃO\",IF(AND($C165=\"S\",ORÇAMENTO.Unidade=\"\"),\"UNIDADE\",IF($X165<0,\"VALOR NEGATIVO\",IF(OR(AND(TIPOORCAMENTO=\"Proposto\",$AG165<>\"\",$AG165>0,ORÇAMENTO.CustoUnitario>$AG165),AND(TIPOORCAMENTO=\"LICITADO\",ORÇAMENTO.PrecoUnitarioLicitado>$AN165)),\"ACIMA REF.\",\"\")))))","v":""},{"$f":"IF(C165<=CRONO.NivelExibicao,MAX($AD$15:OFFSET(AD165,-1,0))+IF($C165<>1,1,MAX(1,COUNTIF(QCI!$A$13:$A$41,OFFSET($E165,-1,0)))),\"\")","v":""},{"$f":"IF(AND($C165=\"S\",ORÇAMENTO.CodBarra<>\"\"),IF(ORÇAMENTO.Fonte=\"\",ORÇAMENTO.CodBarra,CONCATENATE(ORÇAMENTO.Fonte,\" \",ORÇAMENTO.CodBarra)))","v":"SINAPI 100382"},{"$f":"IF(ISERROR(INDIRECT(ORÇAMENTO.BancoRef)),\"(abra o arquivo 'Referência \"&Excel_BuiltIn_Database&\".xlsm)\",IF(OR($C165<>\"S\",ORÇAMENTO.CodBarra=\"\"),\"(Sem Código)\",IF(ISERROR(MATCH($AE165,INDIRECT(ORÇAMENTO.BancoRef),0)),\"(Código não identificado nas referências)\",MATCH($AE165,INDIRECT(ORÇAMENTO.BancoRef),0))))","v":1655},{"$f":"ROUND(IF(DESONERACAO=\"sim\",REFERENCIA.Desonerado,REFERENCIA.NaoDesonerado),2)","v":17.010000000000002},0.25,null,1441,null,null,30635.66,21.26]
["S",2,"S",0,{"$f":"IF($C166=1,OFFSET(E166,-1,0)+MAX(1,COUNTIF(QCI!$A$13:$A$41,OFFSET(ORÇAMENTO!E166,-1,0))),OFFSET(E166,-1,0))","v":8},1,0,0,3,0,{"$f":"IF(OR($C166=\"S\",$C166=0),0,MATCH(OFFSET($D166,0,$C166)+IF($C166<>1,1,COUNTIF(QCI!$A$13:$A$41,ORÇAMENTO!E166)),OFFSET($D166,1,$C166,ROW($C$744)-ROW($C166)),0))","v":0},"F","Serviço","Serviço","8.1.3.","SINAPI","92543","TRAMA DE MADEIRA COMPOSTA POR TERÇAS PARA TELHADOS DE ATÉ 2 ÁGUAS PARA TEL M2",{"$f":"REFERENCIA.Unidade","v":"M2"},{"$f":"OFFSET(CÁLCULO!H$15,ROW($T166)-ROW(T$15),0)","v":1441},"16,31","BDI 1",{"$f":"IF($C166=\"S\",ROUND(IF(TIPOORCAMENTO=\"Proposto\",ORÇAMENTO.CustoUnitario*(1+$AH166),ORÇAMENTO.PrecoUnitarioLicitado),15-13*$AF$10),0)","v":20.39},{"$f":"IF($C166=\"S\",IF(Import.TipoArredondamento<>\"TransfereGOV\",VTOTAL1,SUM(OFFSET(CÁLCULO!$AA$15,ROW($X166)-ROW($X$15),1):OFFSET(CÁLCULO!$AL$15,ROW($X166)-ROW($X$15),-1))),IF($C166=0,0,ROUND(SomaAgrup,15-13*$AF$11)))","v":29381.99},"RA","RA",{"$f":"IF($C166=\"S\",IF($Z166=\"CP\",$X166,IF($Z166=\"RA\",(($X166)*QCI!$AA$3),0)),SomaAgrup)","v":1046.380860655355},0,{"$f":"IF($N166=\"\",\"\",IF(ORÇAMENTO.Descricao=\"\",\"DESCRIÇÃO\",IF(AND($C166=\"S\",ORÇAMENTO.Unidade=\"\"),\"UNIDADE\",IF($X166<0,\"VALOR NEGATIVO\",IF(OR(AND(TIPOORCAMENTO=\"Proposto\",$AG166<>\"\",$AG166>0,ORÇAMENTO.CustoUnitario>$AG166),AND(TIPOORCAMENTO=\"LICITADO\",ORÇAMENTO.PrecoUnitarioLicitado>$AN166)),\"ACIMA REF.\",\"\")))))","v":""},{"$f":"IF(C166<=CRONO.NivelExibicao,MAX($AD$15:OFFSET(AD166,-1,0))+IF($C166<>1,1,MAX(1,COUNTIF(QCI!$A$13:$A$41,OFFSET($E166,-1,0)))),\"\")","v":""},{"$f":"IF(AND($C166=\"S\",ORÇAMENTO.CodBarra<>\"\"),IF(ORÇAMENTO.Fonte=\"\",ORÇAMENTO.CodBarra,CONCATENATE(ORÇAMENTO.Fonte,\" \",ORÇAMENTO.CodBarra)))","v":"SINAPI 92543"},{"$f":"IF(ISERROR(INDIRECT(ORÇAMENTO.BancoRef)),\"(abra o arquivo 'Referência \"&Excel_BuiltIn_Database&\".xlsm)\",IF(OR($C166<>\"S\",ORÇAMENTO.CodBarra=\"\"),\"(Sem Código)\",IF(ISERROR(MATCH($AE166,INDIRECT(ORÇAMENTO.BancoRef),0)),\"(Código não identificado nas referências)\",MATCH($AE166,INDIRECT(ORÇAMENTO.BancoRef),0))))","v":1516},{"$f":"ROUND(IF(DESONERACAO=\"sim\",REFERENCIA.Desonerado,REFERENCIA.NaoDesonerado),2)","v":16.309999999999999},0.25,null,1441,null,null,29381.99,20.39]
["S",2,"S",0,{"$f":"IF($C167=1,OFFSET(E167,-1,0)+MAX(1,COUNTIF(QCI!$A$13:$A$41,OFFSET(ORÇAMENTO!E167,-1,0))),OFFSET(E167,-1,0))","v":8},1,0,0,4,0,{"$f":"IF(OR($C167=\"S\",$C167=0),0,MATCH(OFFSET($D167,0,$C167)+IF($C167<>1,1,COUNTIF(QCI!$A$13:$A$41,ORÇAMENTO!E167)),OFFSET($D167,1,$C167,ROW($C$744)-ROW($C167)),0))","v":0},"F","Serviço","Serviço","8.1.4.","SINAPI","94223","CUMEEIRA PARA TELHA DE FIBROCIMENTO ONDULADA E = 6 MM,",{"$f":"REFERENCIA.Unidade","v":"M"},{"$f":"OFFSET(CÁLCULO!H$15,ROW($T167)-ROW(T$15),0)","v":69.7},"81,17","BDI 1",{"$f":"IF($C167=\"S\",ROUND(IF(TIPOORCAMENTO=\"Proposto\",ORÇAMENTO.CustoUnitario*(1+$AH167),ORÇAMENTO.PrecoUnitarioLicitado),15-13*$AF$10),0)","v":101.46},{"$f":"IF($C167=\"S\",IF(Import.TipoArredondamento<>\"TransfereGOV\",VTOTAL1,SUM(OFFSET(CÁLCULO!$AA$15,ROW($X167)-ROW($X$15),1):OFFSET(CÁLCULO!$AL$15,ROW($X167)-ROW($X$15),-1))),IF($C167=0,0,ROUND(SomaAgrup,15-13*$AF$11)))","v":7071.76},"RA","RA",{"$f":"IF($C167=\"S\",IF($Z167=\"CP\",$X167,IF($Z167=\"RA\",(($X167)*QCI!$AA$3),0)),SomaAgrup)","v":251.84660110319669},0,{"$f":"IF($N167=\"\",\"\",IF(ORÇAMENTO.Descricao=\"\",\"DESCRIÇÃO\",IF(AND($C167=\"S\",ORÇAMENTO.Unidade=\"\"),\"UNIDADE\",IF($X167<0,\"VALOR NEGATIVO\",IF(OR(AND(TIPOORCAMENTO=\"Proposto\",$AG167<>\"\",$AG167>0,ORÇAMENTO.CustoUnitario>$AG167),AND(TIPOORCAMENTO=\"LICITADO\",ORÇAMENTO.PrecoUnitarioLicitado>$AN167)),\"ACIMA REF.\",\"\")))))","v":""},{"$f":"IF(C167<=CRONO.NivelExibicao,MAX($AD$15:OFFSET(AD167,-1,0))+IF($C167<>1,1,MAX(1,COUNTIF(QCI!$A$13:$A$41,OFFSET($E167,-1,0)))),\"\")","v":""},{"$f":"IF(AND($C167=\"S\",ORÇAMENTO.CodBarra<>\"\"),IF(ORÇAMENTO.Fonte=\"\",ORÇAMENTO.CodBarra,CONCATENATE(ORÇAMENTO.Fonte,\" \",ORÇAMENTO.CodBarra)))","v":"SINAPI 94223"},{"$f":"IF(ISERROR(INDIRECT(ORÇAMENTO.BancoRef)),\"(abra o arquivo 'Referência \"&Excel_BuiltIn_Database&\".xlsm)\",IF(OR($C167<>\"S\",ORÇAMENTO.CodBarra=\"\"),\"(Sem Código)\",IF(ISERROR(MATCH($AE167,INDIRECT(ORÇAMENTO.BancoRef),0)),\"(Código não identificado nas referências)\",MATCH($AE167,INDIRECT(ORÇAMENTO.BancoRef),0))))","v":1580},{"$f":"ROUND(IF(DESONERACAO=\"sim\",REFERENCIA.Desonerado,REFERENCIA.NaoDesonerado),2)","v":81.17},0.25,null,69.7,null,null,7071.76,101.46]
["S",2,"S",0,{"$f":"IF($C168=1,OFFSET(E168,-1,0)+MAX(1,COUNTIF(QCI!$A$13:$A$41,OFFSET(ORÇAMENTO!E168,-1,0))),OFFSET(E168,-1,0))","v":8},1,0,0,5,0,{"$f":"IF(OR($C168=\"S\",$C168=0),0,MATCH(OFFSET($D168,0,$C168)+IF($C168<>1,1,COUNTIF(QCI!$A$13:$A$41,ORÇAMENTO!E168)),OFFSET($D168,1,$C168,ROW($C$744)-ROW($C168)),0))","v":0},"F","Serviço","Serviço","8.1.5.","SINAPI","94228","CALHA EM CHAPA DE AÇO GALVANIZADO NÚMERO 24, DESENVOLVIMENTO DE 50 CM, INCLUSO TRANSPORTE VERTICAL. AF_07/2019",{"$f":"REFERENCIA.Unidade","v":"M"},{"$f":"OFFSET(CÁLCULO!H$15,ROW($T168)-ROW(T$15),0)","v":33.700000000000003},"99,80","BDI 1",{"$f":"IF($C168=\"S\",ROUND(IF(TIPOORCAMENTO=\"Proposto\",ORÇAMENTO.CustoUnitario*(1+$AH168),ORÇAMENTO.PrecoUnitarioLicitado),15-13*$AF$10),0)","v":124.75},{"$f":"IF($C168=\"S\",IF(Import.TipoArredondamento<>\"TransfereGOV\",VTOTAL1,SUM(OFFSET(CÁLCULO!$AA$15,ROW($X168)-ROW($X$15),1):OFFSET(CÁLCULO!$AL$15,ROW($X168)-ROW($X$15),-1))),IF($C168=0,0,ROUND(SomaAgrup,15-13*$AF$11)))","v":4204.08},"RA","RA",{"$f":"IF($C168=\"S\",IF($Z168=\"CP\",$X168,IF($Z168=\"RA\",(($X168)*QCI!$AA$3),0)),SomaAgrup)","v":149.71990830654985},0,{"$f":"IF($N168=\"\",\"\",IF(ORÇAMENTO.Descricao=\"\",\"DESCRIÇÃO\",IF(AND($C168=\"S\",ORÇAMENTO.Unidade=\"\"),\"UNIDADE\",IF($X168<0,\"VALOR NEGATIVO\",IF(OR(AND(TIPOORCAMENTO=\"Proposto\",$AG168<>\"\",$AG168>0,ORÇAMENTO.CustoUnitario>$AG168),AND(TIPOORCAMENTO=\"LICITADO\",ORÇAMENTO.PrecoUnitarioLicitado>$AN168)),\"ACIMA REF.\",\"\")))))","v":""},{"$f":"IF(C168<=CRONO.NivelExibicao,MAX($AD$15:OFFSET(AD168,-1,0))+IF($C168<>1,1,MAX(1,COUNTIF(QCI!$A$13:$A$41,OFFSET($E168,-1,0)))),\"\")","v":""},{"$f":"IF(AND($C168=\"S\",ORÇAMENTO.CodBarra<>\"\"),IF(ORÇAMENTO.Fonte=\"\",ORÇAMENTO.CodBarra,CONCATENATE(ORÇAMENTO.Fonte,\" \",ORÇAMENTO.CodBarra)))","v":"SINAPI 94228"},{"$f":"IF(ISERROR(INDIRECT(ORÇAMENTO.BancoRef)),\"(abra o arquivo 'Referência \"&Excel_BuiltIn_Database&\".xlsm)\",IF(OR($C168<>\"S\",ORÇAMENTO.CodBarra=\"\"),\"(Sem Código)\",IF(ISERROR(MATCH($AE168,INDIRECT(ORÇAMENTO.BancoRef),0)),\"(Código não identificado nas referências)\",MATCH($AE168,INDIRECT(ORÇAMENTO.BancoRef),0))))","v":1591},{"$f":"ROUND(IF(DESONERACAO=\"sim\",REFERENCIA.Desonerado,REFERENCIA.NaoDesonerado),2)","v":99.8},0.25,null,33.700000000000003,null,null,4204.08,124.75]
["S",2,"S",0,{"$f":"IF($C169=1,OFFSET(E169,-1,0)+MAX(1,COUNTIF(QCI!$A$13:$A$41,OFFSET(ORÇAMENTO!E169,-1,0))),OFFSET(E169,-1,0))","v":8},1,0,0,6,0,{"$f":"IF(OR($C169=\"S\",$C169=0),0,MATCH(OFFSET($D169,0,$C169)+IF($C169<>1,1,COUNTIF(QCI!$A$13:$A$41,ORÇAMENTO!E169)),OFFSET($D169,1,$C169,ROW($C$744)-ROW($C169)),0))","v":0},"F","Serviço","Serviço","8.1.6.","SINAPI","94229","CALHA EM CHAPA DE AÇO GALVANIZADO NÚMERO 24, DESENVOLVIMENTO DE 100 CM, INCLUSO TRANSPORTE VERTICAL. AF_07/2019",{"$f":"REFERENCIA.Unidade","v":"M"},{"$f":"OFFSET(CÁLCULO!H$15,ROW($T169)-ROW(T$15),0)","v":153.1},"193,20","BDI 1",{"$f":"IF($C169=\"S\",ROUND(IF(TIPOORCAMENTO=\"Proposto\",ORÇAMENTO.CustoUnitario*(1+$AH169),ORÇAMENTO.PrecoUnitarioLicitado),15-13*$AF$10),0)","v":241.5},{"$f":"IF($C169=\"S\",IF(Import.TipoArredondamento<>\"TransfereGOV\",VTOTAL1,SUM(OFFSET(CÁLCULO!$AA$15,ROW($X169)-ROW($X$15),1):OFFSET(CÁLCULO!$AL$15,ROW($X169)-ROW($X$15),-1))),IF($C169=0,0,ROUND(SomaAgrup,15-13*$AF$11)))","v":36973.65},"RA","RA",{"$f":"IF($C169=\"S\",IF($Z169=\"CP\",$X169,IF($Z169=\"RA\",(($X169)*QCI!$AA$3),0)),SomaAgrup)","v":1316.7426613571738},0,{"$f":"IF($N169=\"\",\"\",IF(ORÇAMENTO.Descricao=\"\",\"DESCRIÇÃO\",IF(AND($C169=\"S\",ORÇAMENTO.Unidade=\"\"),\"UNIDADE\",IF($X169<0,\"VALOR NEGATIVO\",IF(OR(AND(TIPOORCAMENTO=\"Proposto\",$AG169<>\"\",$AG169>0,ORÇAMENTO.CustoUnitario>$AG169),AND(TIPOORCAMENTO=\"LICITADO\",ORÇAMENTO.PrecoUnitarioLicitado>$AN169)),\"ACIMA REF.\",\"\")))))","v":""},{"$f":"IF(C169<=CRONO.NivelExibicao,MAX($AD$15:OFFSET(AD169,-1,0))+IF($C169<>1,1,MAX(1,COUNTIF(QCI!$A$13:$A$41,OFFSET($E169,-1,0)))),\"\")","v":""},{"$f":"IF(AND($C169=\"S\",ORÇAMENTO.CodBarra<>\"\"),IF(ORÇAMENTO.Fonte=\"\",ORÇAMENTO.CodBarra,CONCATENATE(ORÇAMENTO.Fonte,\" \",ORÇAMENTO.CodBarra)))","v":"SINAPI 94229"},{"$f":"IF(ISERROR(INDIRECT(ORÇAMENTO.BancoRef)),\"(abra o arquivo 'Referência \"&Excel_BuiltIn_Database&\".xlsm)\",IF(OR($C169<>\"S\",ORÇAMENTO.CodBarra=\"\"),\"(Sem Código)\",IF(ISERROR(MATCH($AE169,INDIRECT(ORÇAMENTO.BancoRef),0)),\"(Código não identificado nas referências)\",MATCH($AE169,INDIRECT(ORÇAMENTO.BancoRef),0))))","v":1592},{"$f":"ROUND(IF(DESONERACAO=\"sim\",REFERENCIA.Desonerado,REFERENCIA.NaoDesonerado),2)","v":193.2},0.25,null,153.1,null,null,36973.65,241.5]
["S",2,"S",0,{"$f":"IF($C170=1,OFFSET(E170,-1,0)+MAX(1,COUNTIF(QCI!$A$13:$A$41,OFFSET(ORÇAMENTO!E170,-1,0))),OFFSET(E170,-1,0))","v":8},1,0,0,7,0,{"$f":"IF(OR($C170=\"S\",$C170=0),0,MATCH(OFFSET($D170,0,$C170)+IF($C170<>1,1,COUNTIF(QCI!$A$13:$A$41,ORÇAMENTO!E170)),OFFSET($D170,1,$C170,ROW($C$744)-ROW($C170)),0))","v":0},"F","Serviço","Serviço","8.1.7.","SINAPI","100327","RUFO EXTERNO/INTERNO EM CHAPA DE AÇO GALVANIZADO NÚMERO 26, CORTE DE 33 CM, INCLUSO IÇAMENTO. AF_07/2019",{"$f":"REFERENCIA.Unidade","v":"M"},{"$f":"OFFSET(CÁLCULO!H$15,ROW($T170)-ROW(T$15),0)","v":311.35000000000002},"67,32","BDI 1",{"$f":"IF($C170=\"S\",ROUND(IF(TIPOORCAMENTO=\"Proposto\",ORÇAMENTO.CustoUnitario*(1+$AH170),ORÇAMENTO.PrecoUnitarioLicitado),15-13*$AF$10),0)","v":84.15},{"$f":"IF($C170=\"S\",IF(Import.TipoArredondamento<>\"TransfereGOV\",VTOTAL1,SUM(OFFSET(CÁLCULO!$AA$15,ROW($X170)-ROW($X$15),1):OFFSET(CÁLCULO!$AL$15,ROW($X170)-ROW($X$15),-1))),IF($C170=0,0,ROUND(SomaAgrup,15-13*$AF$11)))","v":26200.1},"RA","RA",{"$f":"IF($C170=\"S\",IF($Z170=\"CP\",$X170,IF($Z170=\"RA\",(($X170)*QCI!$AA$3),0)),SomaAgrup)","v":933.06420658561137},0,{"$f":"IF($N170=\"\",\"\",IF(ORÇAMENTO.Descricao=\"\",\"DESCRIÇÃO\",IF(AND($C170=\"S\",ORÇAMENTO.Unidade=\"\"),\"UNIDADE\",IF($X170<0,\"VALOR NEGATIVO\",IF(OR(AND(TIPOORCAMENTO=\"Proposto\",$AG170<>\"\",$AG170>0,ORÇAMENTO.CustoUnitario>$AG170),AND(TIPOORCAMENTO=\"LICITADO\",ORÇAMENTO.PrecoUnitarioLicitado>$AN170)),\"ACIMA REF.\",\"\")))))","v":""},{"$f":"IF(C170<=CRONO.NivelExibicao,MAX($AD$15:OFFSET(AD170,-1,0))+IF($C170<>1,1,MAX(1,COUNTIF(QCI!$A$13:$A$41,OFFSET($E170,-1,0)))),\"\")","v":""},{"$f":"IF(AND($C170=\"S\",ORÇAMENTO.CodBarra<>\"\"),IF(ORÇAMENTO.Fonte=\"\",ORÇAMENTO.CodBarra,CONCATENATE(ORÇAMENTO.Fonte,\" \",ORÇAMENTO.CodBarra)))","v":"SINAPI 100327"},{"$f":"IF(ISERROR(INDIRECT(ORÇAMENTO.BancoRef)),\"(abra o arquivo 'Referência \"&Excel_BuiltIn_Database&\".xlsm)\",IF(OR($C170<>\"S\",ORÇAMENTO.CodBarra=\"\"),\"(Sem Código)\",IF(ISERROR(MATCH($AE170,INDIRECT(ORÇAMENTO.BancoRef),0)),\"(Código não identificado nas referências)\",MATCH($AE170,INDIRECT(ORÇAMENTO.BancoRef),0))))","v":1583},{"$f":"ROUND(IF(DESONERACAO=\"sim\",REFERENCIA.Desonerado,REFERENCIA.NaoDesonerado),2)","v":67.319999999999993},0.25,null,311.35000000000002,null,null,26200.1,84.15]
["S",2,"S",0,{"$f":"IF($C171=1,OFFSET(E171,-1,0)+MAX(1,COUNTIF(QCI!$A$13:$A$41,OFFSET(ORÇAMENTO!E171,-1,0))),OFFSET(E171,-1,0))","v":8},1,0,0,8,0,{"$f":"IF(OR($C171=\"S\",$C171=0),0,MATCH(OFFSET($D171,0,$C171)+IF($C171<>1,1,COUNTIF(QCI!$A$13:$A$41,ORÇAMENTO!E171)),OFFSET($D171,1,$C171,ROW($C$744)-ROW($C171)),0))","v":0},"F","Serviço","Serviço","8.1.8.","SINAPI","101979","CHAPIM (RUFO CAPA) EM AÇO GALVANIZADO, CORTE 33. AF_11/2020",{"$f":"REFERENCIA.Unidade","v":"M"},{"$f":"OFFSET(CÁLCULO!H$15,ROW($T171)-ROW(T$15),0)","v":266.39999999999998},"46,35","BDI 1",{"$f":"IF($C171=\"S\",ROUND(IF(TIPOORCAMENTO=\"Proposto\",ORÇAMENTO.CustoUnitario*(1+$AH171),ORÇAMENTO.PrecoUnitarioLicitado),15-13*$AF$10),0)","v":57.94},{"$f":"IF($C171=\"S\",IF(Import.TipoArredondamento<>\"TransfereGOV\",VTOTAL1,SUM(OFFSET(CÁLCULO!$AA$15,ROW($X171)-ROW($X$15),1):OFFSET(CÁLCULO!$AL$15,ROW($X171)-ROW($X$15),-1))),IF($C171=0,0,ROUND(SomaAgrup,15-13*$AF$11)))","v":15435.22},"RA","RA",{"$f":"IF($C171=\"S\",IF($Z171=\"CP\",$X171,IF($Z171=\"RA\",(($X171)*QCI!$AA$3),0)),SomaAgrup)","v":549.69451653903457},0,{"$f":"IF($N171=\"\",\"\",IF(ORÇAMENTO.Descricao=\"\",\"DESCRIÇÃO\",IF(AND($C171=\"S\",ORÇAMENTO.Unidade=\"\"),\"UNIDADE\",IF($X171<0,\"VALOR NEGATIVO\",IF(OR(AND(TIPOORCAMENTO=\"Proposto\",$AG171<>\"\",$AG171>0,ORÇAMENTO.CustoUnitario>$AG171),AND(TIPOORCAMENTO=\"LICITADO\",ORÇAMENTO.PrecoUnitarioLicitado>$AN171)),\"ACIMA REF.\",\"\")))))","v":""},{"$f":"IF(C171<=CRONO.NivelExibicao,MAX($AD$15:OFFSET(AD171,-1,0))+IF($C171<>1,1,MAX(1,COUNTIF(QCI!$A$13:$A$41,OFFSET($E171,-1,0)))),\"\")","v":""},{"$f":"IF(AND($C171=\"S\",ORÇAMENTO.CodBarra<>\"\"),IF(ORÇAMENTO.Fonte=\"\",ORÇAMENTO.CodBarra,CONCATENATE(ORÇAMENTO.Fonte,\" \",ORÇAMENTO.CodBarra)))","v":"SINAPI 101979"},{"$f":"IF(ISERROR(INDIRECT(ORÇAMENTO.BancoRef)),\"(abra o arquivo 'Referência \"&Excel_BuiltIn_Database&\".xlsm)\",IF(OR($C171<>\"S\",ORÇAMENTO.CodBarra=\"\"),\"(Sem Código)\",IF(ISERROR(MATCH($AE171,INDIRECT(ORÇAMENTO.BancoRef),0)),\"(Código não identificado nas referências)\",MATCH($AE171,INDIRECT(ORÇAMENTO.BancoRef),0))))","v":6867},{"$f":"ROUND(IF(DESONERACAO=\"sim\",REFERENCIA.Desonerado,REFERENCIA.NaoDesonerado),2)","v":46.35},0.25,null,266.39999999999998,null,null,15435.22,57.94]
[1,1,1,8,{"$f":"IF($C172=1,OFFSET(E172,-1,0)+MAX(1,COUNTIF(QCI!$A$13:$A$41,OFFSET(ORÇAMENTO!E172,-1,0))),OFFSET(E172,-1,0))","v":9},0,0,0,0,572,{"$f":"IF(OR($C172=\"S\",$C172=0),0,MATCH(OFFSET($D172,0,$C172)+IF($C172<>1,1,COUNTIF(QCI!$A$13:$A$41,ORÇAMENTO!E172)),OFFSET($D172,1,$C172,ROW($C$744)-ROW($C172)),0))","v":8},"F","Meta","Meta","9.","SINAPI",null,"IMPERMEABILIZAÇÃO",{"$f":"REFERENCIA.Unidade","v":"-"},{"$f":"OFFSET(CÁLCULO!H$15,ROW($T172)-ROW(T$15),0)","v":0},null,"BDI 1",{"$f":"IF($C172=\"S\",ROUND(IF(TIPOORCAMENTO=\"Proposto\",ORÇAMENTO.CustoUnitario*(1+$AH172),ORÇAMENTO.PrecoUnitarioLicitado),15-13*$AF$10),0)","v":0},{"$f":"IF($C172=\"S\",IF(Import.TipoArredondamento<>\"TransfereGOV\",VTOTAL1,SUM(OFFSET(CÁLCULO!$AA$15,ROW($X172)-ROW($X$15),1):OFFSET(CÁLCULO!$AL$15,ROW($X172)-ROW($X$15),-1))),IF($C172=0,0,ROUND(SomaAgrup,15-13*$AF$11)))","v":84759.88},"RA","",{"$f":"IF($C172=\"S\",IF($Z172=\"CP\",$X172,IF($Z172=\"RA\",(($X172)*QCI!$AA$3),0)),SomaAgrup)","v":3018.5537529433714},0,{"$f":"IF($N172=\"\",\"\",IF(ORÇAMENTO.Descricao=\"\",\"DESCRIÇÃO\",IF(AND($C172=\"S\",ORÇAMENTO.Unidade=\"\"),\"UNIDADE\",IF($X172<0,\"VALOR NEGATIVO\",IF(OR(AND(TIPOORCAMENTO=\"Proposto\",$AG172<>\"\",$AG172>0,ORÇAMENTO.CustoUnitario>$AG172),AND(TIPOORCAMENTO=\"LICITADO\",ORÇAMENTO.PrecoUnitarioLicitado>$AN172)),\"ACIMA REF.\",\"\")))))","v":""},{"$f":"IF(C172<=CRONO.NivelExibicao,MAX($AD$15:OFFSET(AD172,-1,0))+IF($C172<>1,1,MAX(1,COUNTIF(QCI!$A$13:$A$41,OFFSET($E172,-1,0)))),\"\")","v":29},{"$f":"IF(AND($C172=\"S\",ORÇAMENTO.CodBarra<>\"\"),IF(ORÇAMENTO.Fonte=\"\",ORÇAMENTO.CodBarra,CONCATENATE(ORÇAMENTO.Fonte,\" \",ORÇAMENTO.CodBarra)))","v":false},{"$f":"IF(ISERROR(INDIRECT(ORÇAMENTO.BancoRef)),\"(abra o arquivo 'Referência \"&Excel_BuiltIn_Database&\".xlsm)\",IF(OR($C172<>\"S\",ORÇAMENTO.CodBarra=\"\"),\"(Sem Código)\",IF(ISERROR(MATCH($AE172,INDIRECT(ORÇAMENTO.BancoRef),0)),\"(Código não identificado nas referências)\",MATCH($AE172,INDIRECT(ORÇAMENTO.BancoRef),0))))","v":"(Sem Código)"},{"$f":"ROUND(IF(DESONERACAO=\"sim\",REFERENCIA.Desonerado,REFERENCIA.NaoDesonerado),2)","v":0},0.25,null,null,null,null,84759.88,0]
[2,2,2,7,{"$f":"IF($C173=1,OFFSET(E173,-1,0)+MAX(1,COUNTIF(QCI!$A$13:$A$41,OFFSET(ORÇAMENTO!E173,-1,0))),OFFSET(E173,-1,0))","v":9},1,0,0,0,7,{"$f":"IF(OR($C173=\"S\",$C173=0),0,MATCH(OFFSET($D173,0,$C173)+IF($C173<>1,1,COUNTIF(QCI!$A$13:$A$41,ORÇAMENTO!E173)),OFFSET($D173,1,$C173,ROW($C$744)-ROW($C173)),0))","v":31},"F","Nível 2","Nível 2","9.1.","SINAPI",null,"Piso, paredes, laje e vigas",{"$f":"REFERENCIA.Unidade","v":"-"},{"$f":"OFFSET(CÁLCULO!H$15,ROW($T173)-ROW(T$15),0)","v":0},null,"BDI 1",{"$f":"IF($C173=\"S\",ROUND(IF(TIPOORCAMENTO=\"Proposto\",ORÇAMENTO.CustoUnitario*(1+$AH173),ORÇAMENTO.PrecoUnitarioLicitado),15-13*$AF$10),0)","v":0},{"$f":"IF($C173=\"S\",IF(Import.TipoArredondamento<>\"TransfereGOV\",VTOTAL1,SUM(OFFSET(CÁLCULO!$AA$15,ROW($X173)-ROW($X$15),1):OFFSET(CÁLCULO!$AL$15,ROW($X173)-ROW($X$15),-1))),IF($C173=0,0,ROUND(SomaAgrup,15-13*$AF$11)))","v":84759.88},"RA","",{"$f":"IF($C173=\"S\",IF($Z173=\"CP\",$X173,IF($Z173=\"RA\",(($X173)*QCI!$AA$3),0)),SomaAgrup)","v":3018.5537529433714},0,{"$f":"IF($N173=\"\",\"\",IF(ORÇAMENTO.Descricao=\"\",\"DESCRIÇÃO\",IF(AND($C173=\"S\",ORÇAMENTO.Unidade=\"\"),\"UNIDADE\",IF($X173<0,\"VALOR NEGATIVO\",IF(OR(AND(TIPOORCAMENTO=\"Proposto\",$AG173<>\"\",$AG173>0,ORÇAMENTO.CustoUnitario>$AG173),AND(TIPOORCAMENTO=\"LICITADO\",ORÇAMENTO.PrecoUnitarioLicitado>$AN173)),\"ACIMA REF.\",\"\")))))","v":""},{"$f":"IF(C173<=CRONO.NivelExibicao,MAX($AD$15:OFFSET(AD173,-1,0))+IF($C173<>1,1,MAX(1,COUNTIF(QCI!$A$13:$A$41,OFFSET($E173,-1,0)))),\"\")","v":30},{"$f":"IF(AND($C173=\"S\",ORÇAMENTO.CodBarra<>\"\"),IF(ORÇAMENTO.Fonte=\"\",ORÇAMENTO.CodBarra,CONCATENATE(ORÇAMENTO.Fonte,\" \",ORÇAMENTO.CodBarra)))","v":false},{"$f":"IF(ISERROR(INDIRECT(ORÇAMENTO.BancoRef)),\"(abra o arquivo 'Referência \"&Excel_BuiltIn_Database&\".xlsm)\",IF(OR($C173<>\"S\",ORÇAMENTO.CodBarra=\"\"),\"(Sem Código)\",IF(ISERROR(MATCH($AE173,INDIRECT(ORÇAMENTO.BancoRef),0)),\"(Código não identificado nas referências)\",MATCH($AE173,INDIRECT(ORÇAMENTO.BancoRef),0))))","v":"(Sem Código)"},{"$f":"ROUND(IF(DESONERACAO=\"sim\",REFERENCIA.Desonerado,REFERENCIA.NaoDesonerado),2)","v":0},0.25,null,null,null,null,84759.88,0]
["S",2,"S",0,{"$f":"IF($C174=1,OFFSET(E174,-1,0)+MAX(1,COUNTIF(QCI!$A$13:$A$41,OFFSET(ORÇAMENTO!E174,-1,0))),OFFSET(E174,-1,0))","v":9},1,0,0,1,0,{"$f":"IF(OR($C174=\"S\",$C174=0),0,MATCH(OFFSET($D174,0,$C174)+IF($C174<>1,1,COUNTIF(QCI!$A$13:$A$41,ORÇAMENTO!E174)),OFFSET($D174,1,$C174,ROW($C$744)-ROW($C174)),0))","v":0},"F","Serviço","Serviço","9.1.1.","SINAPI","FNDE 172","IMPERMEABILIZAÇÃO DE VIGA BALDRAME COM EMULSÃO ASFÁLTICA, 2 DEMÃOS","M2",{"$f":"OFFSET(CÁLCULO!H$15,ROW($T174)-ROW(T$15),0)","v":1084.7},46.656545999999999,"BDI 1",{"$f":"IF($C174=\"S\",ROUND(IF(TIPOORCAMENTO=\"Proposto\",ORÇAMENTO.CustoUnitario*(1+$AH174),ORÇAMENTO.PrecoUnitarioLicitado),15-13*$AF$10),0)","v":58.33},{"$f":"IF($C174=\"S\",IF(Import.TipoArredondamento<>\"TransfereGOV\",VTOTAL1,SUM(OFFSET(CÁLCULO!$AA$15,ROW($X174)-ROW($X$15),1):OFFSET(CÁLCULO!$AL$15,ROW($X174)-ROW($X$15),-1))),IF($C174=0,0,ROUND(SomaAgrup,15-13*$AF$11)))","v":63270.55},"RA","RA",{"$f":"IF($C174=\"S\",IF($Z174=\"CP\",$X174,IF($Z174=\"RA\",(($X174)*QCI!$AA$3),0)),SomaAgrup)","v":2253.2542065100993},0,{"$f":"IF($N174=\"\",\"\",IF(ORÇAMENTO.Descricao=\"\",\"DESCRIÇÃO\",IF(AND($C174=\"S\",ORÇAMENTO.Unidade=\"\"),\"UNIDADE\",IF($X174<0,\"VALOR NEGATIVO\",IF(OR(AND(TIPOORCAMENTO=\"Proposto\",$AG174<>\"\",$AG174>0,ORÇAMENTO.CustoUnitario>$AG174),AND(TIPOORCAMENTO=\"LICITADO\",ORÇAMENTO.PrecoUnitarioLicitado>$AN174)),\"ACIMA REF.\",\"\")))))","v":""},{"$f":"IF(C174<=CRONO.NivelExibicao,MAX($AD$15:OFFSET(AD174,-1,0))+IF($C174<>1,1,MAX(1,COUNTIF(QCI!$A$13:$A$41,OFFSET($E174,-1,0)))),\"\")","v":""},{"$f":"IF(AND($C174=\"S\",ORÇAMENTO.CodBarra<>\"\"),IF(ORÇAMENTO.Fonte=\"\",ORÇAMENTO.CodBarra,CONCATENATE(ORÇAMENTO.Fonte,\" \",ORÇAMENTO.CodBarra)))","v":"SINAPI FNDE 172"},{"$f":"IF(ISERROR(INDIRECT(ORÇAMENTO.BancoRef)),\"(abra o arquivo 'Referência \"&Excel_BuiltIn_Database&\".xlsm)\",IF(OR($C174<>\"S\",ORÇAMENTO.CodBarra=\"\"),\"(Sem Código)\",IF(ISERROR(MATCH($AE174,INDIRECT(ORÇAMENTO.BancoRef),0)),\"(Código não identificado nas referências)\",MATCH($AE174,INDIRECT(ORÇAMENTO.BancoRef),0))))","v":"(Código não identificado nas referências)"},{"$f":"ROUND(IF(DESONERACAO=\"sim\",REFERENCIA.Desonerado,REFERENCIA.NaoDesonerado),2)","v":0},0.25,null,1084.7,null,null,63270.55,58.33]
["S",2,"S",0,{"$f":"IF($C175=1,OFFSET(E175,-1,0)+MAX(1,COUNTIF(QCI!$A$13:$A$41,OFFSET(ORÇAMENTO!E175,-1,0))),OFFSET(E175,-1,0))","v":9},1,0,0,2,0,{"$f":"IF(OR($C175=\"S\",$C175=0),0,MATCH(OFFSET($D175,0,$C175)+IF($C175<>1,1,COUNTIF(QCI!$A$13:$A$41,ORÇAMENTO!E175)),OFFSET($D175,1,$C175,ROW($C$744)-ROW($C175)),0))","v":0},"F","Serviço","Serviço","9.1.2.","SINAPI","FNDE 173","IMPERMEABILIZAÇÃO DA LAJE COM EMULSÃO ASFÁLTICA, 2 DEMÃOS","M2",{"$f":"OFFSET(CÁLCULO!H$15,ROW($T175)-ROW(T$15),0)","v":41.56},46.656545999999999,"BDI 1",{"$f":"IF($C175=\"S\",ROUND(IF(TIPOORCAMENTO=\"Proposto\",ORÇAMENTO.CustoUnitario*(1+$AH175),ORÇAMENTO.PrecoUnitarioLicitado),15-13*$AF$10),0)","v":58.33},{"$f":"IF($C175=\"S\",IF(Import.TipoArredondamento<>\"TransfereGOV\",VTOTAL1,SUM(OFFSET(CÁLCULO!$AA$15,ROW($X175)-ROW($X$15),1):OFFSET(CÁLCULO!$AL$15,ROW($X175)-ROW($X$15),-1))),IF($C175=0,0,ROUND(SomaAgrup,15-13*$AF$11)))","v":2424.19},"RA","RA",{"$f":"IF($C175=\"S\",IF($Z175=\"CP\",$X175,IF($Z175=\"RA\",(($X175)*QCI!$AA$3),0)),SomaAgrup)","v":86.332682660095699},0,{"$f":"IF($N175=\"\",\"\",IF(ORÇAMENTO.Descricao=\"\",\"DESCRIÇÃO\",IF(AND($C175=\"S\",ORÇAMENTO.Unidade=\"\"),\"UNIDADE\",IF($X175<0,\"VALOR NEGATIVO\",IF(OR(AND(TIPOORCAMENTO=\"Proposto\",$AG175<>\"\",$AG175>0,ORÇAMENTO.CustoUnitario>$AG175),AND(TIPOORCAMENTO=\"LICITADO\",ORÇAMENTO.PrecoUnitarioLicitado>$AN175)),\"ACIMA REF.\",\"\")))))","v":""},{"$f":"IF(C175<=CRONO.NivelExibicao,MAX($AD$15:OFFSET(AD175,-1,0))+IF($C175<>1,1,MAX(1,COUNTIF(QCI!$A$13:$A$41,OFFSET($E175,-1,0)))),\"\")","v":""},{"$f":"IF(AND($C175=\"S\",ORÇAMENTO.CodBarra<>\"\"),IF(ORÇAMENTO.Fonte=\"\",ORÇAMENTO.CodBarra,CONCATENATE(ORÇAMENTO.Fonte,\" \",ORÇAMENTO.CodBarra)))","v":"SINAPI FNDE 173"},{"$f":"IF(ISERROR(INDIRECT(ORÇAMENTO.BancoRef)),\"(abra o arquivo 'Referência \"&Excel_BuiltIn_Database&\".xlsm)\",IF(OR($C175<>\"S\",ORÇAMENTO.CodBarra=\"\"),\"(Sem Código)\",IF(ISERROR(MATCH($AE175,INDIRECT(ORÇAMENTO.BancoRef),0)),\"(Código não identificado nas referências)\",MATCH($AE175,INDIRECT(ORÇAMENTO.BancoRef),0))))","v":"(Código não identificado nas referências)"},{"$f":"ROUND(IF(DESONERACAO=\"sim\",REFERENCIA.Desonerado,REFERENCIA.NaoDesonerado),2)","v":0},0.25,null,41.56,null,null,2424.19,58.33]
["S",2,"S",0,{"$f":"IF($C176=1,OFFSET(E176,-1,0)+MAX(1,COUNTIF(QCI!$A$13:$A$41,OFFSET(ORÇAMENTO!E176,-1,0))),OFFSET(E176,-1,0))","v":9},1,0,0,3,0,{"$f":"IF(OR($C176=\"S\",$C176=0),0,MATCH(OFFSET($D176,0,$C176)+IF($C176<>1,1,COUNTIF(QCI!$A$13:$A$41,ORÇAMENTO!E176)),OFFSET($D176,1,$C176,ROW($C$744)-ROW($C176)),0))","v":0},"F","Serviço","Serviço","9.1.3.","SINAPI","FNDE 174","IMPERMEABILIZAÇÃO DE PISO COM EMULSÃO ASFÁLTICA, 2 DEMÃOS","M2",{"$f":"OFFSET(CÁLCULO!H$15,ROW($T176)-ROW(T$15),0)","v":179.11},46.656545999999999,"BDI 1",{"$f":"IF($C176=\"S\",ROUND(IF(TIPOORCAMENTO=\"Proposto\",ORÇAMENTO.CustoUnitario*(1+$AH176),ORÇAMENTO.PrecoUnitarioLicitado),15-13*$AF$10),0)","v":58.33},{"$f":"IF($C176=\"S\",IF(Import.TipoArredondamento<>\"TransfereGOV\",VTOTAL1,SUM(OFFSET(CÁLCULO!$AA$15,ROW($X176)-ROW($X$15),1):OFFSET(CÁLCULO!$AL$15,ROW($X176)-ROW($X$15),-1))),IF($C176=0,0,ROUND(SomaAgrup,15-13*$AF$11)))","v":10447.49},"RA","RA",{"$f":"IF($C176=\"S\",IF($Z176=\"CP\",$X176,IF($Z176=\"RA\",(($X176)*QCI!$AA$3),0)),SomaAgrup)","v":372.06647942798344},0,{"$f":"IF($N176=\"\",\"\",IF(ORÇAMENTO.Descricao=\"\",\"DESCRIÇÃO\",IF(AND($C176=\"S\",ORÇAMENTO.Unidade=\"\"),\"UNIDADE\",IF($X176<0,\"VALOR NEGATIVO\",IF(OR(AND(TIPOORCAMENTO=\"Proposto\",$AG176<>\"\",$AG176>0,ORÇAMENTO.CustoUnitario>$AG176),AND(TIPOORCAMENTO=\"LICITADO\",ORÇAMENTO.PrecoUnitarioLicitado>$AN176)),\"ACIMA REF.\",\"\")))))","v":""},{"$f":"IF(C176<=CRONO.NivelExibicao,MAX($AD$15:OFFSET(AD176,-1,0))+IF($C176<>1,1,MAX(1,COUNTIF(QCI!$A$13:$A$41,OFFSET($E176,-1,0)))),\"\")","v":""},{"$f":"IF(AND($C176=\"S\",ORÇAMENTO.CodBarra<>\"\"),IF(ORÇAMENTO.Fonte=\"\",ORÇAMENTO.CodBarra,CONCATENATE(ORÇAMENTO.Fonte,\" \",ORÇAMENTO.CodBarra)))","v":"SINAPI FNDE 174"},{"$f":"IF(ISERROR(INDIRECT(ORÇAMENTO.BancoRef)),\"(abra o arquivo 'Referência \"&Excel_BuiltIn_Database&\".xlsm)\",IF(OR($C176<>\"S\",ORÇAMENTO.CodBarra=\"\"),\"(Sem Código)\",IF(ISERROR(MATCH($AE176,INDIRECT(ORÇAMENTO.BancoRef),0)),\"(Código não identificado nas referências)\",MATCH($AE176,INDIRECT(ORÇAMENTO.BancoRef),0))))","v":"(Código não identificado nas referências)"},{"$f":"ROUND(IF(DESONERACAO=\"sim\",REFERENCIA.Desonerado,REFERENCIA.NaoDesonerado),2)","v":0},0.25,null,179.11,null,null,10447.49,58.33]
["S",2,"S",0,{"$f":"IF($C177=1,OFFSET(E177,-1,0)+MAX(1,COUNTIF(QCI!$A$13:$A$41,OFFSET(ORÇAMENTO!E177,-1,0))),OFFSET(E177,-1,0))","v":9},1,0,0,4,0,{"$f":"IF(OR($C177=\"S\",$C177=0),0,MATCH(OFFSET($D177,0,$C177)+IF($C177<>1,1,COUNTIF(QCI!$A$13:$A$41,ORÇAMENTO!E177)),OFFSET($D177,1,$C177,ROW($C$744)-ROW($C177)),0))","v":0},"F","Serviço","Serviço","9.1.4.","SINAPI","FNDE 175","IMPERMEABILIZAÇÃO DA PAREDE COM EMULSÃO ASFÁLTICA, 2 DEMÃOS","M2",{"$f":"OFFSET(CÁLCULO!H$15,ROW($T177)-ROW(T$15),0)","v":50.17},46.656545999999999,"BDI 1",{"$f":"IF($C177=\"S\",ROUND(IF(TIPOORCAMENTO=\"Proposto\",ORÇAMENTO.CustoUnitario*(1+$AH177),ORÇAMENTO.PrecoUnitarioLicitado),15-13*$AF$10),0)","v":58.33},{"$f":"IF($C177=\"S\",IF(Import.TipoArredondamento<>\"TransfereGOV\",VTOTAL1,SUM(OFFSET(CÁLCULO!$AA$15,ROW($X177)-ROW($X$15),1):OFFSET(CÁLCULO!$AL$15,ROW($X177)-ROW($X$15),-1))),IF($C177=0,0,ROUND(SomaAgrup,15-13*$AF$11)))","v":2926.42},"RA","RA",{"$f":"IF($C177=\"S\",IF($Z177=\"CP\",$X177,IF($Z177=\"RA\",(($X177)*QCI!$AA$3),0)),SomaAgrup)","v":104.21860051817607},0,{"$f":"IF($N177=\"\",\"\",IF(ORÇAMENTO.Descricao=\"\",\"DESCRIÇÃO\",IF(AND($C177=\"S\",ORÇAMENTO.Unidade=\"\"),\"UNIDADE\",IF($X177<0,\"VALOR NEGATIVO\",IF(OR(AND(TIPOORCAMENTO=\"Proposto\",$AG177<>\"\",$AG177>0,ORÇAMENTO.CustoUnitario>$AG177),AND(TIPOORCAMENTO=\"LICITADO\",ORÇAMENTO.PrecoUnitarioLicitado>$AN177)),\"ACIMA REF.\",\"\")))))","v":""},{"$f":"IF(C177<=CRONO.NivelExibicao,MAX($AD$15:OFFSET(AD177,-1,0))+IF($C177<>1,1,MAX(1,COUNTIF(QCI!$A$13:$A$41,OFFSET($E177,-1,0)))),\"\")","v":""},{"$f":"IF(AND($C177=\"S\",ORÇAMENTO.CodBarra<>\"\"),IF(ORÇAMENTO.Fonte=\"\",ORÇAMENTO.CodBarra,CONCATENATE(ORÇAMENTO.Fonte,\" \",ORÇAMENTO.CodBarra)))","v":"SINAPI FNDE 175"},{"$f":"IF(ISERROR(INDIRECT(ORÇAMENTO.BancoRef)),\"(abra o arquivo 'Referência \"&Excel_BuiltIn_Database&\".xlsm)\",IF(OR($C177<>\"S\",ORÇAMENTO.CodBarra=\"\"),\"(Sem Código)\",IF(ISERROR(MATCH($AE177,INDIRECT(ORÇAMENTO.BancoRef),0)),\"(Código não identificado nas referências)\",MATCH($AE177,INDIRECT(ORÇAMENTO.BancoRef),0))))","v":"(Código não identificado nas referências)"},{"$f":"ROUND(IF(DESONERACAO=\"sim\",REFERENCIA.Desonerado,REFERENCIA.NaoDesonerado),2)","v":0},0.25,null,50.17,null,null,2926.42,58.33]
["S",2,"S",0,{"$f":"IF($C178=1,OFFSET(E178,-1,0)+MAX(1,COUNTIF(QCI!$A$13:$A$41,OFFSET(ORÇAMENTO!E178,-1,0))),OFFSET(E178,-1,0))","v":9},1,0,0,5,0,{"$f":"IF(OR($C178=\"S\",$C178=0),0,MATCH(OFFSET($D178,0,$C178)+IF($C178<>1,1,COUNTIF(QCI!$A$13:$A$41,ORÇAMENTO!E178)),OFFSET($D178,1,$C178,ROW($C$744)-ROW($C178)),0))","v":0},"F","Serviço","Serviço","9.1.5.","SINAPI","87755","CONTRAPISO EM ARGAMASSA TRAÇO 1:4 (CIMENTO E AREIA), PREPARO MECÂNICO COM BETONEIRA 400 L, APLICADO EM ÁREAS MOLHADAS SOBRE IMPERMEABILIZAÇÃO, ACABAMENTO NÃO REFORÇADO, ESPESSURA 3CM. AF_07/2021",{"$f":"REFERENCIA.Unidade","v":"M2"},{"$f":"OFFSET(CÁLCULO!H$15,ROW($T178)-ROW(T$15),0)","v":41.56},"53,51","BDI 1",{"$f":"IF($C178=\"S\",ROUND(IF(TIPOORCAMENTO=\"Proposto\",ORÇAMENTO.CustoUnitario*(1+$AH178),ORÇAMENTO.PrecoUnitarioLicitado),15-13*$AF$10),0)","v":66.89},{"$f":"IF($C178=\"S\",IF(Import.TipoArredondamento<>\"TransfereGOV\",VTOTAL1,SUM(OFFSET(CÁLCULO!$AA$15,ROW($X178)-ROW($X$15),1):OFFSET(CÁLCULO!$AL$15,ROW($X178)-ROW($X$15),-1))),IF($C178=0,0,ROUND(SomaAgrup,15-13*$AF$11)))","v":2779.95},"RA","RA",{"$f":"IF($C178=\"S\",IF($Z178=\"CP\",$X178,IF($Z178=\"RA\",(($X178)*QCI!$AA$3),0)),SomaAgrup)","v":99.002364155009715},0,{"$f":"IF($N178=\"\",\"\",IF(ORÇAMENTO.Descricao=\"\",\"DESCRIÇÃO\",IF(AND($C178=\"S\",ORÇAMENTO.Unidade=\"\"),\"UNIDADE\",IF($X178<0,\"VALOR NEGATIVO\",IF(OR(AND(TIPOORCAMENTO=\"Proposto\",$AG178<>\"\",$AG178>0,ORÇAMENTO.CustoUnitario>$AG178),AND(TIPOORCAMENTO=\"LICITADO\",ORÇAMENTO.PrecoUnitarioLicitado>$AN178)),\"ACIMA REF.\",\"\")))))","v":""},{"$f":"IF(C178<=CRONO.NivelExibicao,MAX($AD$15:OFFSET(AD178,-1,0))+IF($C178<>1,1,MAX(1,COUNTIF(QCI!$A$13:$A$41,OFFSET($E178,-1,0)))),\"\")","v":""},{"$f":"IF(AND($C178=\"S\",ORÇAMENTO.CodBarra<>\"\"),IF(ORÇAMENTO.Fonte=\"\",ORÇAMENTO.CodBarra,CONCATENATE(ORÇAMENTO.Fonte,\" \",ORÇAMENTO.CodBarra)))","v":"SINAPI 87755"},{"$f":"IF(ISERROR(INDIRECT(ORÇAMENTO.BancoRef)),\"(abra o arquivo 'Referência \"&Excel_BuiltIn_Database&\".xlsm)\",IF(OR($C178<>\"S\",ORÇAMENTO.CodBarra=\"\"),\"(Sem Código)\",IF(ISERROR(MATCH($AE178,INDIRECT(ORÇAMENTO.BancoRef),0)),\"(Código não identificado nas referências)\",MATCH($AE178,INDIRECT(ORÇAMENTO.BancoRef),0))))","v":6597},{"$f":"ROUND(IF(DESONERACAO=\"sim\",REFERENCIA.Desonerado,REFERENCIA.NaoDesonerado),2)","v":53.51},0.25,null,41.56,null,null,2779.95,66.89]
["S",2,"S",0,{"$f":"IF($C179=1,OFFSET(E179,-1,0)+MAX(1,COUNTIF(QCI!$A$13:$A$41,OFFSET(ORÇAMENTO!E179,-1,0))),OFFSET(E179,-1,0))","v":9},1,0,0,6,0,{"$f":"IF(OR($C179=\"S\",$C179=0),0,MATCH(OFFSET($D179,0,$C179)+IF($C179<>1,1,COUNTIF(QCI!$A$13:$A$41,ORÇAMENTO!E179)),OFFSET($D179,1,$C179,ROW($C$744)-ROW($C179)),0))","v":0},"F","Serviço","Serviço","9.1.6.","SINAPI","98565","PROTEÇÃO MECÂNICA DE SUPERFICIE HORIZONTAL COM ARGAMASSA DE CIMENTO E AREIA, TRAÇO 1:3, E=3CM. AF_09/2023",{"$f":"REFERENCIA.Unidade","v":"M2"},{"$f":"OFFSET(CÁLCULO!H$15,ROW($T179)-ROW(T$15),0)","v":41.56},"56,04","BDI 1",{"$f":"IF($C179=\"S\",ROUND(IF(TIPOORCAMENTO=\"Proposto\",ORÇAMENTO.CustoUnitario*(1+$AH179),ORÇAMENTO.PrecoUnitarioLicitado),15-13*$AF$10),0)","v":70.05},{"$f":"IF($C179=\"S\",IF(Import.TipoArredondamento<>\"TransfereGOV\",VTOTAL1,SUM(OFFSET(CÁLCULO!$AA$15,ROW($X179)-ROW($X$15),1):OFFSET(CÁLCULO!$AL$15,ROW($X179)-ROW($X$15),-1))),IF($C179=0,0,ROUND(SomaAgrup,15-13*$AF$11)))","v":2911.28},"RA","RA",{"$f":"IF($C179=\"S\",IF($Z179=\"CP\",$X179,IF($Z179=\"RA\",(($X179)*QCI!$AA$3),0)),SomaAgrup)","v":103.67941967200731},0,{"$f":"IF($N179=\"\",\"\",IF(ORÇAMENTO.Descricao=\"\",\"DESCRIÇÃO\",IF(AND($C179=\"S\",ORÇAMENTO.Unidade=\"\"),\"UNIDADE\",IF($X179<0,\"VALOR NEGATIVO\",IF(OR(AND(TIPOORCAMENTO=\"Proposto\",$AG179<>\"\",$AG179>0,ORÇAMENTO.CustoUnitario>$AG179),AND(TIPOORCAMENTO=\"LICITADO\",ORÇAMENTO.PrecoUnitarioLicitado>$AN179)),\"ACIMA REF.\",\"\")))))","v":""},{"$f":"IF(C179<=CRONO.NivelExibicao,MAX($AD$15:OFFSET(AD179,-1,0))+IF($C179<>1,1,MAX(1,COUNTIF(QCI!$A$13:$A$41,OFFSET($E179,-1,0)))),\"\")","v":""},{"$f":"IF(AND($C179=\"S\",ORÇAMENTO.CodBarra<>\"\"),IF(ORÇAMENTO.Fonte=\"\",ORÇAMENTO.CodBarra,CONCATENATE(ORÇAMENTO.Fonte,\" \",ORÇAMENTO.CodBarra)))","v":"SINAPI 98565"},{"$f":"IF(ISERROR(INDIRECT(ORÇAMENTO.BancoRef)),\"(abra o arquivo 'Referência \"&Excel_BuiltIn_Database&\".xlsm)\",IF(OR($C179<>\"S\",ORÇAMENTO.CodBarra=\"\"),\"(Sem Código)\",IF(ISERROR(MATCH($AE179,INDIRECT(ORÇAMENTO.BancoRef),0)),\"(Código não identificado nas referências)\",MATCH($AE179,INDIRECT(ORÇAMENTO.BancoRef),0))))","v":2971},{"$f":"ROUND(IF(DESONERACAO=\"sim\",REFERENCIA.Desonerado,REFERENCIA.NaoDesonerado),2)","v":56.04},0.25,null,41.56,null,null,2911.28,70.05]
[1,1,1,16,{"$f":"IF($C180=1,OFFSET(E180,-1,0)+MAX(1,COUNTIF(QCI!$A$13:$A$41,OFFSET(ORÇAMENTO!E180,-1,0))),OFFSET(E180,-1,0))","v":10},0,0,0,0,564,{"$f":"IF(OR($C180=\"S\",$C180=0),0,MATCH(OFFSET($D180,0,$C180)+IF($C180<>1,1,COUNTIF(QCI!$A$13:$A$41,ORÇAMENTO!E180)),OFFSET($D180,1,$C180,ROW($C$744)-ROW($C180)),0))","v":16},"F","Meta","Meta","10.","SINAPI",null,"REVESTIMENTOS INTERNO E EXTERNO",{"$f":"REFERENCIA.Unidade","v":"-"},{"$f":"OFFSET(CÁLCULO!H$15,ROW($T180)-ROW(T$15),0)","v":0},null,"BDI 1",{"$f":"IF($C180=\"S\",ROUND(IF(TIPOORCAMENTO=\"Proposto\",ORÇAMENTO.CustoUnitario*(1+$AH180),ORÇAMENTO.PrecoUnitarioLicitado),15-13*$AF$10),0)","v":0},{"$f":"IF($C180=\"S\",IF(Import.TipoArredondamento<>\"TransfereGOV\",VTOTAL1,SUM(OFFSET(CÁLCULO!$AA$15,ROW($X180)-ROW($X$15),1):OFFSET(CÁLCULO!$AL$15,ROW($X180)-ROW($X$15),-1))),IF($C180=0,0,ROUND(SomaAgrup,15-13*$AF$11)))","v":454740.05},"RA","",{"$f":"IF($C180=\"S\",IF($Z180=\"CP\",$X180,IF($Z180=\"RA\",(($X180)*QCI!$AA$3),0)),SomaAgrup)","v":16194.658186646278},0,{"$f":"IF($N180=\"\",\"\",IF(ORÇAMENTO.Descricao=\"\",\"DESCRIÇÃO\",IF(AND($C180=\"S\",ORÇAMENTO.Unidade=\"\"),\"UNIDADE\",IF($X180<0,\"VALOR NEGATIVO\",IF(OR(AND(TIPOORCAMENTO=\"Proposto\",$AG180<>\"\",$AG180>0,ORÇAMENTO.CustoUnitario>$AG180),AND(TIPOORCAMENTO=\"LICITADO\",ORÇAMENTO.PrecoUnitarioLicitado>$AN180)),\"ACIMA REF.\",\"\")))))","v":""},{"$f":"IF(C180<=CRONO.NivelExibicao,MAX($AD$15:OFFSET(AD180,-1,0))+IF($C180<>1,1,MAX(1,COUNTIF(QCI!$A$13:$A$41,OFFSET($E180,-1,0)))),\"\")","v":31},{"$f":"IF(AND($C180=\"S\",ORÇAMENTO.CodBarra<>\"\"),IF(ORÇAMENTO.Fonte=\"\",ORÇAMENTO.CodBarra,CONCATENATE(ORÇAMENTO.Fonte,\" \",ORÇAMENTO.CodBarra)))","v":false},{"$f":"IF(ISERROR(INDIRECT(ORÇAMENTO.BancoRef)),\"(abra o arquivo 'Referência \"&Excel_BuiltIn_Database&\".xlsm)\",IF(OR($C180<>\"S\",ORÇAMENTO.CodBarra=\"\"),\"(Sem Código)\",IF(ISERROR(MATCH($AE180,INDIRECT(ORÇAMENTO.BancoRef),0)),\"(Código não identificado nas referências)\",MATCH($AE180,INDIRECT(ORÇAMENTO.BancoRef),0))))","v":"(Sem Código)"},{"$f":"ROUND(IF(DESONERACAO=\"sim\",REFERENCIA.Desonerado,REFERENCIA.NaoDesonerado),2)","v":0},0.25,null,null,null,null,454740.05,0]
[2,2,2,15,{"$f":"IF($C181=1,OFFSET(E181,-1,0)+MAX(1,COUNTIF(QCI!$A$13:$A$41,OFFSET(ORÇAMENTO!E181,-1,0))),OFFSET(E181,-1,0))","v":10},1,0,0,0,15,{"$f":"IF(OR($C181=\"S\",$C181=0),0,MATCH(OFFSET($D181,0,$C181)+IF($C181<>1,1,COUNTIF(QCI!$A$13:$A$41,ORÇAMENTO!E181)),OFFSET($D181,1,$C181,ROW($C$744)-ROW($C181)),0))","v":23},"F","Nível 2","Nível 2","10.1.","SINAPI",null,"Edificação",{"$f":"REFERENCIA.Unidade","v":"-"},{"$f":"OFFSET(CÁLCULO!H$15,ROW($T181)-ROW(T$15),0)","v":0},null,"BDI 1",{"$f":"IF($C181=\"S\",ROUND(IF(TIPOORCAMENTO=\"Proposto\",ORÇAMENTO.CustoUnitario*(1+$AH181),ORÇAMENTO.PrecoUnitarioLicitado),15-13*$AF$10),0)","v":0},{"$f":"IF($C181=\"S\",IF(Import.TipoArredondamento<>\"TransfereGOV\",VTOTAL1,SUM(OFFSET(CÁLCULO!$AA$15,ROW($X181)-ROW($X$15),1):OFFSET(CÁLCULO!$AL$15,ROW($X181)-ROW($X$15),-1))),IF($C181=0,0,ROUND(SomaAgrup,15-13*$AF$11)))","v":454740.05},"RA","",{"$f":"IF($C181=\"S\",IF($Z181=\"CP\",$X181,IF($Z181=\"RA\",(($X181)*QCI!$AA$3),0)),SomaAgrup)","v":16194.658186646278},0,{"$f":"IF($N181=\"\",\"\",IF(ORÇAMENTO.Descricao=\"\",\"DESCRIÇÃO\",IF(AND($C181=\"S\",ORÇAMENTO.Unidade=\"\"),\"UNIDADE\",IF($X181<0,\"VALOR NEGATIVO\",IF(OR(AND(TIPOORCAMENTO=\"Proposto\",$AG181<>\"\",$AG181>0,ORÇAMENTO.CustoUnitario>$AG181),AND(TIPOORCAMENTO=\"LICITADO\",ORÇAMENTO.PrecoUnitarioLicitado>$AN181)),\"ACIMA REF.\",\"\")))))","v":""},{"$f":"IF(C181<=CRONO.NivelExibicao,MAX($AD$15:OFFSET(AD181,-1,0))+IF($C181<>1,1,MAX(1,COUNTIF(QCI!$A$13:$A$41,OFFSET($E181,-1,0)))),\"\")","v":32},{"$f":"IF(AND($C181=\"S\",ORÇAMENTO.CodBarra<>\"\"),IF(ORÇAMENTO.Fonte=\"\",ORÇAMENTO.CodBarra,CONCATENATE(ORÇAMENTO.Fonte,\" \",ORÇAMENTO.CodBarra)))","v":false},{"$f":"IF(ISERROR(INDIRECT(ORÇAMENTO.BancoRef)),\"(abra o arquivo 'Referência \"&Excel_BuiltIn_Database&\".xlsm)\",IF(OR($C181<>\"S\",ORÇAMENTO.CodBarra=\"\"),\"(Sem Código)\",IF(ISERROR(MATCH($AE181,INDIRECT(ORÇAMENTO.BancoRef),0)),\"(Código não identificado nas referências)\",MATCH($AE181,INDIRECT(ORÇAMENTO.BancoRef),0))))","v":"(Sem Código)"},{"$f":"ROUND(IF(DESONERACAO=\"sim\",REFERENCIA.Desonerado,REFERENCIA.NaoDesonerado),2)","v":0},0.25,null,null,null,null,454740.05,0]
["S",2,"S",0,{"$f":"IF($C182=1,OFFSET(E182,-1,0)+MAX(1,COUNTIF(QCI!$A$13:$A$41,OFFSET(ORÇAMENTO!E182,-1,0))),OFFSET(E182,-1,0))","v":10},1,0,0,1,0,{"$f":"IF(OR($C182=\"S\",$C182=0),0,MATCH(OFFSET($D182,0,$C182)+IF($C182<>1,1,COUNTIF(QCI!$A$13:$A$41,ORÇAMENTO!E182)),OFFSET($D182,1,$C182,ROW($C$744)-ROW($C182)),0))","v":0},"F","Serviço","Serviço","10.1.1.","SINAPI","FNDE 176","CHAPISCO APLICADO EM ALVENARIAS E ESTRUTURAS DE CONCRETO EXTERNAS, COM COLHER DE PEDREIRO. ARGAMASSA TRAÇO 1:3 COM PREPARO EM BETONEIRA 400L. - EXTERNO","M2",{"$f":"OFFSET(CÁLCULO!H$15,ROW($T182)-ROW(T$15),0)","v":2001.17},4.738175,"BDI 1",{"$f":"IF($C182=\"S\",ROUND(IF(TIPOORCAMENTO=\"Proposto\",ORÇAMENTO.CustoUnitario*(1+$AH182),ORÇAMENTO.PrecoUnitarioLicitado),15-13*$AF$10),0)","v":5.93},{"$f":"IF($C182=\"S\",IF(Import.TipoArredondamento<>\"TransfereGOV\",VTOTAL1,SUM(OFFSET(CÁLCULO!$AA$15,ROW($X182)-ROW($X$15),1):OFFSET(CÁLCULO!$AL$15,ROW($X182)-ROW($X$15),-1))),IF($C182=0,0,ROUND(SomaAgrup,15-13*$AF$11)))","v":11866.94},"RA","RA",{"$f":"IF($C182=\"S\",IF($Z182=\"CP\",$X182,IF($Z182=\"RA\",(($X182)*QCI!$AA$3),0)),SomaAgrup)","v":422.61735473143443},0,{"$f":"IF($N182=\"\",\"\",IF(ORÇAMENTO.Descricao=\"\",\"DESCRIÇÃO\",IF(AND($C182=\"S\",ORÇAMENTO.Unidade=\"\"),\"UNIDADE\",IF($X182<0,\"VALOR NEGATIVO\",IF(OR(AND(TIPOORCAMENTO=\"Proposto\",$AG182<>\"\",$AG182>0,ORÇAMENTO.CustoUnitario>$AG182),AND(TIPOORCAMENTO=\"LICITADO\",ORÇAMENTO.PrecoUnitarioLicitado>$AN182)),\"ACIMA REF.\",\"\")))))","v":""},{"$f":"IF(C182<=CRONO.NivelExibicao,MAX($AD$15:OFFSET(AD182,-1,0))+IF($C182<>1,1,MAX(1,COUNTIF(QCI!$A$13:$A$41,OFFSET($E182,-1,0)))),\"\")","v":""},{"$f":"IF(AND($C182=\"S\",ORÇAMENTO.CodBarra<>\"\"),IF(ORÇAMENTO.Fonte=\"\",ORÇAMENTO.CodBarra,CONCATENATE(ORÇAMENTO.Fonte,\" \",ORÇAMENTO.CodBarra)))","v":"SINAPI FNDE 176"},{"$f":"IF(ISERROR(INDIRECT(ORÇAMENTO.BancoRef)),\"(abra o arquivo 'Referência \"&Excel_BuiltIn_Database&\".xlsm)\",IF(OR($C182<>\"S\",ORÇAMENTO.CodBarra=\"\"),\"(Sem Código)\",IF(ISERROR(MATCH($AE182,INDIRECT(ORÇAMENTO.BancoRef),0)),\"(Código não identificado nas referências)\",MATCH($AE182,INDIRECT(ORÇAMENTO.BancoRef),0))))","v":"(Código não identificado nas referências)"},{"$f":"ROUND(IF(DESONERACAO=\"sim\",REFERENCIA.Desonerado,REFERENCIA.NaoDesonerado),2)","v":0},0.25,null,2001.17,null,null,11866.94,5.93]
["S",2,"S",0,{"$f":"IF($C183=1,OFFSET(E183,-1,0)+MAX(1,COUNTIF(QCI!$A$13:$A$41,OFFSET(ORÇAMENTO!E183,-1,0))),OFFSET(E183,-1,0))","v":10},1,0,0,2,0,{"$f":"IF(OR($C183=\"S\",$C183=0),0,MATCH(OFFSET($D183,0,$C183)+IF($C183<>1,1,COUNTIF(QCI!$A$13:$A$41,ORÇAMENTO!E183)),OFFSET($D183,1,$C183,ROW($C$744)-ROW($C183)),0))","v":0},"F","Serviço","Serviço","10.1.2.","SINAPI","FNDE 289","CHAPISCO APLICADO EM ALVENARIAS E ESTRUTURAS DE CONCRETO INTERNAS, COM COLHER DE PEDREIRO. ARGAMASSA TRAÇO 1:3 COM PREPARO EM BETONEIRA 400L","M2",{"$f":"OFFSET(CÁLCULO!H$15,ROW($T183)-ROW(T$15),0)","v":1906.28},4.738175,"BDI 1",{"$f":"IF($C183=\"S\",ROUND(IF(TIPOORCAMENTO=\"Proposto\",ORÇAMENTO.CustoUnitario*(1+$AH183),ORÇAMENTO.PrecoUnitarioLicitado),15-13*$AF$10),0)","v":5.93},{"$f":"IF($C183=\"S\",IF(Import.TipoArredondamento<>\"TransfereGOV\",VTOTAL1,SUM(OFFSET(CÁLCULO!$AA$15,ROW($X183)-ROW($X$15),1):OFFSET(CÁLCULO!$AL$15,ROW($X183)-ROW($X$15),-1))),IF($C183=0,0,ROUND(SomaAgrup,15-13*$AF$11)))","v":11304.24},"RA","RA",{"$f":"IF($C183=\"S\",IF($Z183=\"CP\",$X183,IF($Z183=\"RA\",(($X183)*QCI!$AA$3),0)),SomaAgrup)","v":402.57791865883456},0,{"$f":"IF($N183=\"\",\"\",IF(ORÇAMENTO.Descricao=\"\",\"DESCRIÇÃO\",IF(AND($C183=\"S\",ORÇAMENTO.Unidade=\"\"),\"UNIDADE\",IF($X183<0,\"VALOR NEGATIVO\",IF(OR(AND(TIPOORCAMENTO=\"Proposto\",$AG183<>\"\",$AG183>0,ORÇAMENTO.CustoUnitario>$AG183),AND(TIPOORCAMENTO=\"LICITADO\",ORÇAMENTO.PrecoUnitarioLicitado>$AN183)),\"ACIMA REF.\",\"\")))))","v":""},{"$f":"IF(C183<=CRONO.NivelExibicao,MAX($AD$15:OFFSET(AD183,-1,0))+IF($C183<>1,1,MAX(1,COUNTIF(QCI!$A$13:$A$41,OFFSET($E183,-1,0)))),\"\")","v":""},{"$f":"IF(AND($C183=\"S\",ORÇAMENTO.CodBarra<>\"\"),IF(ORÇAMENTO.Fonte=\"\",ORÇAMENTO.CodBarra,CONCATENATE(ORÇAMENTO.Fonte,\" \",ORÇAMENTO.CodBarra)))","v":"SINAPI FNDE 289"},{"$f":"IF(ISERROR(INDIRECT(ORÇAMENTO.BancoRef)),\"(abra o arquivo 'Referência \"&Excel_BuiltIn_Database&\".xlsm)\",IF(OR($C183<>\"S\",ORÇAMENTO.CodBarra=\"\"),\"(Sem Código)\",IF(ISERROR(MATCH($AE183,INDIRECT(ORÇAMENTO.BancoRef),0)),\"(Código não identificado nas referências)\",MATCH($AE183,INDIRECT(ORÇAMENTO.BancoRef),0))))","v":"(Código não identificado nas referências)"},{"$f":"ROUND(IF(DESONERACAO=\"sim\",REFERENCIA.Desonerado,REFERENCIA.NaoDesonerado),2)","v":0},0.25,null,1906.28,null,null,11304.24,5.93]
["S",2,"S",0,{"$f":"IF($C184=1,OFFSET(E184,-1,0)+MAX(1,COUNTIF(QCI!$A$13:$A$41,OFFSET(ORÇAMENTO!E184,-1,0))),OFFSET(E184,-1,0))","v":10},1,0,0,3,0,{"$f":"IF(OR($C184=\"S\",$C184=0),0,MATCH(OFFSET($D184,0,$C184)+IF($C184<>1,1,COUNTIF(QCI!$A$13:$A$41,ORÇAMENTO!E184)),OFFSET($D184,1,$C184,ROW($C$744)-ROW($C184)),0))","v":0},"F","Serviço","Serviço","10.1.3.","SINAPI","FNDE 290","EMBOÇO OU MASSA ÚNICA, APLICAÇÃO EXTERNA, EM ARGAMASSA TRAÇO 1:2:8, PREPARO MECÂNICO COM BETONEIRA 400 L, APLICADA MANUALMENTE EM PANOS CEGOS DE FACHADA (SEM PRESENÇA DE VÃOS), ESPESSURA DE 25 MM","M2",{"$f":"OFFSET(CÁLCULO!H$15,ROW($T184)-ROW(T$15),0)","v":1478.38},41.778756999999999,"BDI 1",{"$f":"IF($C184=\"S\",ROUND(IF(TIPOORCAMENTO=\"Proposto\",ORÇAMENTO.CustoUnitario*(1+$AH184),ORÇAMENTO.PrecoUnitarioLicitado),15-13*$AF$10),0)","v":52.23},{"$f":"IF($C184=\"S\",IF(Import.TipoArredondamento<>\"TransfereGOV\",VTOTAL1,SUM(OFFSET(CÁLCULO!$AA$15,ROW($X184)-ROW($X$15),1):OFFSET(CÁLCULO!$AL$15,ROW($X184)-ROW($X$15),-1))),IF($C184=0,0,ROUND(SomaAgrup,15-13*$AF$11)))","v":77215.789999999994},"RA","RA",{"$f":"IF($C184=\"S\",IF($Z184=\"CP\",$X184,IF($Z184=\"RA\",(($X184)*QCI!$AA$3),0)),SomaAgrup)","v":2749.8860627337749},0,{"$f":"IF($N184=\"\",\"\",IF(ORÇAMENTO.Descricao=\"\",\"DESCRIÇÃO\",IF(AND($C184=\"S\",ORÇAMENTO.Unidade=\"\"),\"UNIDADE\",IF($X184<0,\"VALOR NEGATIVO\",IF(OR(AND(TIPOORCAMENTO=\"Proposto\",$AG184<>\"\",$AG184>0,ORÇAMENTO.CustoUnitario>$AG184),AND(TIPOORCAMENTO=\"LICITADO\",ORÇAMENTO.PrecoUnitarioLicitado>$AN184)),\"ACIMA REF.\",\"\")))))","v":""},{"$f":"IF(C184<=CRONO.NivelExibicao,MAX($AD$15:OFFSET(AD184,-1,0))+IF($C184<>1,1,MAX(1,COUNTIF(QCI!$A$13:$A$41,OFFSET($E184,-1,0)))),\"\")","v":""},{"$f":"IF(AND($C184=\"S\",ORÇAMENTO.CodBarra<>\"\"),IF(ORÇAMENTO.Fonte=\"\",ORÇAMENTO.CodBarra,CONCATENATE(ORÇAMENTO.Fonte,\" \",ORÇAMENTO.CodBarra)))","v":"SINAPI FNDE 290"},{"$f":"IF(ISERROR(INDIRECT(ORÇAMENTO.BancoRef)),\"(abra o arquivo 'Referência \"&Excel_BuiltIn_Database&\".xlsm)\",IF(OR($C184<>\"S\",ORÇAMENTO.CodBarra=\"\"),\"(Sem Código)\",IF(ISERROR(MATCH($AE184,INDIRECT(ORÇAMENTO.BancoRef),0)),\"(Código não identificado nas referências)\",MATCH($AE184,INDIRECT(ORÇAMENTO.BancoRef),0))))","v":"(Código não identificado nas referências)"},{"$f":"ROUND(IF(DESONERACAO=\"sim\",REFERENCIA.Desonerado,REFERENCIA.NaoDesonerado),2)","v":0},0.25,null,1478.38,null,null,77215.789999999994,52.23]
["S",2,"S",0,{"$f":"IF($C185=1,OFFSET(E185,-1,0)+MAX(1,COUNTIF(QCI!$A$13:$A$41,OFFSET(ORÇAMENTO!E185,-1,0))),OFFSET(E185,-1,0))","v":10},1,0,0,4,0,{"$f":"IF(OR($C185=\"S\",$C185=0),0,MATCH(OFFSET($D185,0,$C185)+IF($C185<>1,1,COUNTIF(QCI!$A$13:$A$41,ORÇAMENTO!E185)),OFFSET($D185,1,$C185,ROW($C$744)-ROW($C185)),0))","v":0},"F","Serviço","Serviço","10.1.4.","SINAPI","FNDE 291","EMBOÇO OU MASSA ÚNICA, PARA RECEBIMENTO EM CERÂMICA, EM ARGAMASSA TRAÇO 1:2:8, PREPARO MECÂNICO COM BETONEIRA 400 L, APLICADA MANUALMENTE EM PANOS CEGOS DE FACHADA (SEM PRESENÇA DE VÃOS), ESPESSURA DE 25 MM","M2",{"$f":"OFFSET(CÁLCULO!H$15,ROW($T185)-ROW(T$15),0)","v":2420.0300000000002},41.778756999999999,"BDI 1",{"$f":"IF($C185=\"S\",ROUND(IF(TIPOORCAMENTO=\"Proposto\",ORÇAMENTO.CustoUnitario*(1+$AH185),ORÇAMENTO.PrecoUnitarioLicitado),15-13*$AF$10),0)","v":52.23},{"$f":"IF($C185=\"S\",IF(Import.TipoArredondamento<>\"TransfereGOV\",VTOTAL1,SUM(OFFSET(CÁLCULO!$AA$15,ROW($X185)-ROW($X$15),1):OFFSET(CÁLCULO!$AL$15,ROW($X185)-ROW($X$15),-1))),IF($C185=0,0,ROUND(SomaAgrup,15-13*$AF$11)))","v":126398.17},"RA","RA",{"$f":"IF($C185=\"S\",IF($Z185=\"CP\",$X185,IF($Z185=\"RA\",(($X185)*QCI!$AA$3),0)),SomaAgrup)","v":4501.4182466831508},0,{"$f":"IF($N185=\"\",\"\",IF(ORÇAMENTO.Descricao=\"\",\"DESCRIÇÃO\",IF(AND($C185=\"S\",ORÇAMENTO.Unidade=\"\"),\"UNIDADE\",IF($X185<0,\"VALOR NEGATIVO\",IF(OR(AND(TIPOORCAMENTO=\"Proposto\",$AG185<>\"\",$AG185>0,ORÇAMENTO.CustoUnitario>$AG185),AND(TIPOORCAMENTO=\"LICITADO\",ORÇAMENTO.PrecoUnitarioLicitado>$AN185)),\"ACIMA REF.\",\"\")))))","v":""},{"$f":"IF(C185<=CRONO.NivelExibicao,MAX($AD$15:OFFSET(AD185,-1,0))+IF($C185<>1,1,MAX(1,COUNTIF(QCI!$A$13:$A$41,OFFSET($E185,-1,0)))),\"\")","v":""},{"$f":"IF(AND($C185=\"S\",ORÇAMENTO.CodBarra<>\"\"),IF(ORÇAMENTO.Fonte=\"\",ORÇAMENTO.CodBarra,CONCATENATE(ORÇAMENTO.Fonte,\" \",ORÇAMENTO.CodBarra)))","v":"SINAPI FNDE 291"},{"$f":"IF(ISERROR(INDIRECT(ORÇAMENTO.BancoRef)),\"(abra o arquivo 'Referência \"&Excel_BuiltIn_Database&\".xlsm)\",IF(OR($C185<>\"S\",ORÇAMENTO.CodBarra=\"\"),\"(Sem Código)\",IF(ISERROR(MATCH($AE185,INDIRECT(ORÇAMENTO.BancoRef),0)),\"(Código não identificado nas referências)\",MATCH($AE185,INDIRECT(ORÇAMENTO.BancoRef),0))))","v":"(Código não identificado nas referências)"},{"$f":"ROUND(IF(DESONERACAO=\"sim\",REFERENCIA.Desonerado,REFERENCIA.NaoDesonerado),2)","v":0},0.25,null,2420.0300000000002,null,null,126398.17,52.23]
["S",2,"S",0,{"$f":"IF($C186=1,OFFSET(E186,-1,0)+MAX(1,COUNTIF(QCI!$A$13:$A$41,OFFSET(ORÇAMENTO!E186,-1,0))),OFFSET(E186,-1,0))","v":10},1,0,0,5,0,{"$f":"IF(OR($C186=\"S\",$C186=0),0,MATCH(OFFSET($D186,0,$C186)+IF($C186<>1,1,COUNTIF(QCI!$A$13:$A$41,ORÇAMENTO!E186)),OFFSET($D186,1,$C186,ROW($C$744)-ROW($C186)),0))","v":0},"F","Serviço","Serviço","10.1.5.","SINAPI","FNDE 292","EMBOÇO OU MASSA ÚNICA, PARA RECEBIMENTO EM PINTURA, EM ARGAMASSA TRAÇO 1:2:8, PREPARO MECÂNICO COM BETONEIRA 400 L, APLICADA MANUALMENTE EM PANOS CEGOS DE FACHADA (SEM PRESENÇA DE VÃOS), ESPESSURA DE 25 MM","M2",{"$f":"OFFSET(CÁLCULO!H$15,ROW($T186)-ROW(T$15),0)","v":1354.58},38.371167,"BDI 1",{"$f":"IF($C186=\"S\",ROUND(IF(TIPOORCAMENTO=\"Proposto\",ORÇAMENTO.CustoUnitario*(1+$AH186),ORÇAMENTO.PrecoUnitarioLicitado),15-13*$AF$10),0)","v":47.96},{"$f":"IF($C186=\"S\",IF(Import.TipoArredondamento<>\"TransfereGOV\",VTOTAL1,SUM(OFFSET(CÁLCULO!$AA$15,ROW($X186)-ROW($X$15),1):OFFSET(CÁLCULO!$AL$15,ROW($X186)-ROW($X$15),-1))),IF($C186=0,0,ROUND(SomaAgrup,15-13*$AF$11)))","v":64965.66},"RA","RA",{"$f":"IF($C186=\"S\",IF($Z186=\"CP\",$X186,IF($Z186=\"RA\",(($X186)*QCI!$AA$3),0)),SomaAgrup)","v":2313.6221618700156},0,{"$f":"IF($N186=\"\",\"\",IF(ORÇAMENTO.Descricao=\"\",\"DESCRIÇÃO\",IF(AND($C186=\"S\",ORÇAMENTO.Unidade=\"\"),\"UNIDADE\",IF($X186<0,\"VALOR NEGATIVO\",IF(OR(AND(TIPOORCAMENTO=\"Proposto\",$AG186<>\"\",$AG186>0,ORÇAMENTO.CustoUnitario>$AG186),AND(TIPOORCAMENTO=\"LICITADO\",ORÇAMENTO.PrecoUnitarioLicitado>$AN186)),\"ACIMA REF.\",\"\")))))","v":""},{"$f":"IF(C186<=CRONO.NivelExibicao,MAX($AD$15:OFFSET(AD186,-1,0))+IF($C186<>1,1,MAX(1,COUNTIF(QCI!$A$13:$A$41,OFFSET($E186,-1,0)))),\"\")","v":""},{"$f":"IF(AND($C186=\"S\",ORÇAMENTO.CodBarra<>\"\"),IF(ORÇAMENTO.Fonte=\"\",ORÇAMENTO.CodBarra,CONCATENATE(ORÇAMENTO.Fonte,\" \",ORÇAMENTO.CodBarra)))","v":"SINAPI FNDE 292"},{"$f":"IF(ISERROR(INDIRECT(ORÇAMENTO.BancoRef)),\"(abra o arquivo 'Referência \"&Excel_BuiltIn_Database&\".xlsm)\",IF(OR($C186<>\"S\",ORÇAMENTO.CodBarra=\"\"),\"(Sem Código)\",IF(ISERROR(MATCH($AE186,INDIRECT(ORÇAMENTO.BancoRef),0)),\"(Código não identificado nas referências)\",MATCH($AE186,INDIRECT(ORÇAMENTO.BancoRef),0))))","v":"(Código não identificado nas referências)"},{"$f":"ROUND(IF(DESONERACAO=\"sim\",REFERENCIA.Desonerado,REFERENCIA.NaoDesonerado),2)","v":0},0.25,null,1354.58,null,null,64965.66,47.96]
["S",2,"S",0,{"$f":"IF($C187=1,OFFSET(E187,-1,0)+MAX(1,COUNTIF(QCI!$A$13:$A$41,OFFSET(ORÇAMENTO!E187,-1,0))),OFFSET(E187,-1,0))","v":10},1,0,0,6,0,{"$f":"IF(OR($C187=\"S\",$C187=0),0,MATCH(OFFSET($D187,0,$C187)+IF($C187<>1,1,COUNTIF(QCI!$A$13:$A$41,ORÇAMENTO!E187)),OFFSET($D187,1,$C187,ROW($C$744)-ROW($C187)),0))","v":0},"F","Serviço","Serviço","10.1.6.","SINAPI","87273","REVESTIMENTO CERÂMICO PARA PAREDES INTERNAS COM PLACAS TIPO ESMALTADA EXTRA  DE DIMENSÕES 33X45 CM APLICADAS NA ALTURA INTEIRA DAS PAREDES. AF_02/2023_PE",{"$f":"REFERENCIA.Unidade","v":"M2"},{"$f":"OFFSET(CÁLCULO!H$15,ROW($T187)-ROW(T$15),0)","v":660.81},"74,96","BDI 1",{"$f":"IF($C187=\"S\",ROUND(IF(TIPOORCAMENTO=\"Proposto\",ORÇAMENTO.CustoUnitario*(1+$AH187),ORÇAMENTO.PrecoUnitarioLicitado),15-13*$AF$10),0)","v":93.7},{"$f":"IF($C187=\"S\",IF(Import.TipoArredondamento<>\"TransfereGOV\",VTOTAL1,SUM(OFFSET(CÁLCULO!$AA$15,ROW($X187)-ROW($X$15),1):OFFSET(CÁLCULO!$AL$15,ROW($X187)-ROW($X$15),-1))),IF($C187=0,0,ROUND(SomaAgrup,15-13*$AF$11)))","v":61917.9},"RA","RA",{"$f":"IF($C187=\"S\",IF($Z187=\"CP\",$X187,IF($Z187=\"RA\",(($X187)*QCI!$AA$3),0)),SomaAgrup)","v":2205.082279722109},0,{"$f":"IF($N187=\"\",\"\",IF(ORÇAMENTO.Descricao=\"\",\"DESCRIÇÃO\",IF(AND($C187=\"S\",ORÇAMENTO.Unidade=\"\"),\"UNIDADE\",IF($X187<0,\"VALOR NEGATIVO\",IF(OR(AND(TIPOORCAMENTO=\"Proposto\",$AG187<>\"\",$AG187>0,ORÇAMENTO.CustoUnitario>$AG187),AND(TIPOORCAMENTO=\"LICITADO\",ORÇAMENTO.PrecoUnitarioLicitado>$AN187)),\"ACIMA REF.\",\"\")))))","v":""},{"$f":"IF(C187<=CRONO.NivelExibicao,MAX($AD$15:OFFSET(AD187,-1,0))+IF($C187<>1,1,MAX(1,COUNTIF(QCI!$A$13:$A$41,OFFSET($E187,-1,0)))),\"\")","v":""},{"$f":"IF(AND($C187=\"S\",ORÇAMENTO.CodBarra<>\"\"),IF(ORÇAMENTO.Fonte=\"\",ORÇAMENTO.CodBarra,CONCATENATE(ORÇAMENTO.Fonte,\" \",ORÇAMENTO.CodBarra)))","v":"SINAPI 87273"},{"$f":"IF(ISERROR(INDIRECT(ORÇAMENTO.BancoRef)),\"(abra o arquivo 'Referência \"&Excel_BuiltIn_Database&\".xlsm)\",IF(OR($C187<>\"S\",ORÇAMENTO.CodBarra=\"\"),\"(Sem Código)\",IF(ISERROR(MATCH($AE187,INDIRECT(ORÇAMENTO.BancoRef),0)),\"(Código não identificado nas referências)\",MATCH($AE187,INDIRECT(ORÇAMENTO.BancoRef),0))))","v":6848},{"$f":"ROUND(IF(DESONERACAO=\"sim\",REFERENCIA.Desonerado,REFERENCIA.NaoDesonerado),2)","v":74.959999999999994},0.25,null,660.81,null,null,61917.9,93.7]
["S",2,"S",0,{"$f":"IF($C188=1,OFFSET(E188,-1,0)+MAX(1,COUNTIF(QCI!$A$13:$A$41,OFFSET(ORÇAMENTO!E188,-1,0))),OFFSET(E188,-1,0))","v":10},1,0,0,7,0,{"$f":"IF(OR($C188=\"S\",$C188=0),0,MATCH(OFFSET($D188,0,$C188)+IF($C188<>1,1,COUNTIF(QCI!$A$13:$A$41,ORÇAMENTO!E188)),OFFSET($D188,1,$C188,ROW($C$744)-ROW($C188)),0))","v":0},"F","Serviço","Serviço","10.1.7.","SINAPI","FNDE 293","REVESTIMENTO CERÂMICO PARA PAREDES INTERNAS COM PLACAS TIPO ESMALTADA EXTRA DE DIMENSÕES 10X10 CM COR AMARELA APLICADAS NA ALTURA INTEIRA DAS PAREDES","M2",{"$f":"OFFSET(CÁLCULO!H$15,ROW($T188)-ROW(T$15),0)","v":139.66999999999999},67.841852999999986,"BDI 1",{"$f":"IF($C188=\"S\",ROUND(IF(TIPOORCAMENTO=\"Proposto\",ORÇAMENTO.CustoUnitario*(1+$AH188),ORÇAMENTO.PrecoUnitarioLicitado),15-13*$AF$10),0)","v":84.8},{"$f":"IF($C188=\"S\",IF(Import.TipoArredondamento<>\"TransfereGOV\",VTOTAL1,SUM(OFFSET(CÁLCULO!$AA$15,ROW($X188)-ROW($X$15),1):OFFSET(CÁLCULO!$AL$15,ROW($X188)-ROW($X$15),-1))),IF($C188=0,0,ROUND(SomaAgrup,15-13*$AF$11)))","v":11844.02},"RA","RA",{"$f":"IF($C188=\"S\",IF($Z188=\"CP\",$X188,IF($Z188=\"RA\",(($X188)*QCI!$AA$3),0)),SomaAgrup)","v":421.80110473181833},0,{"$f":"IF($N188=\"\",\"\",IF(ORÇAMENTO.Descricao=\"\",\"DESCRIÇÃO\",IF(AND($C188=\"S\",ORÇAMENTO.Unidade=\"\"),\"UNIDADE\",IF($X188<0,\"VALOR NEGATIVO\",IF(OR(AND(TIPOORCAMENTO=\"Proposto\",$AG188<>\"\",$AG188>0,ORÇAMENTO.CustoUnitario>$AG188),AND(TIPOORCAMENTO=\"LICITADO\",ORÇAMENTO.PrecoUnitarioLicitado>$AN188)),\"ACIMA REF.\",\"\")))))","v":""},{"$f":"IF(C188<=CRONO.NivelExibicao,MAX($AD$15:OFFSET(AD188,-1,0))+IF($C188<>1,1,MAX(1,COUNTIF(QCI!$A$13:$A$41,OFFSET($E188,-1,0)))),\"\")","v":""},{"$f":"IF(AND($C188=\"S\",ORÇAMENTO.CodBarra<>\"\"),IF(ORÇAMENTO.Fonte=\"\",ORÇAMENTO.CodBarra,CONCATENATE(ORÇAMENTO.Fonte,\" \",ORÇAMENTO.CodBarra)))","v":"SINAPI FNDE 293"},{"$f":"IF(ISERROR(INDIRECT(ORÇAMENTO.BancoRef)),\"(abra o arquivo 'Referência \"&Excel_BuiltIn_Database&\".xlsm)\",IF(OR($C188<>\"S\",ORÇAMENTO.CodBarra=\"\"),\"(Sem Código)\",IF(ISERROR(MATCH($AE188,INDIRECT(ORÇAMENTO.BancoRef),0)),\"(Código não identificado nas referências)\",MATCH($AE188,INDIRECT(ORÇAMENTO.BancoRef),0))))","v":"(Código não identificado nas referências)"},{"$f":"ROUND(IF(DESONERACAO=\"sim\",REFERENCIA.Desonerado,REFERENCIA.NaoDesonerado),2)","v":0},0.25,null,139.66999999999999,null,null,11844.02,84.8]
["S",2,"S",0,{"$f":"IF($C189=1,OFFSET(E189,-1,0)+MAX(1,COUNTIF(QCI!$A$13:$A$41,OFFSET(ORÇAMENTO!E189,-1,0))),OFFSET(E189,-1,0))","v":10},1,0,0,8,0,{"$f":"IF(OR($C189=\"S\",$C189=0),0,MATCH(OFFSET($D189,0,$C189)+IF($C189<>1,1,COUNTIF(QCI!$A$13:$A$41,ORÇAMENTO!E189)),OFFSET($D189,1,$C189,ROW($C$744)-ROW($C189)),0))","v":0},"F","Serviço","Serviço","10.1.8.","SINAPI","FNDE 294","REVESTIMENTO CERÂMICO PARA PAREDES INTERNAS COM PLACAS TIPO ESMALTADA EXTRA DE DIMENSÕES 10X10 CM COR AZUL APLICADAS NA ALTURA INTEIRA DAS PAREDES","M2",{"$f":"OFFSET(CÁLCULO!H$15,ROW($T189)-ROW(T$15),0)","v":8.4600000000000009},67.841852999999986,"BDI 1",{"$f":"IF($C189=\"S\",ROUND(IF(TIPOORCAMENTO=\"Proposto\",ORÇAMENTO.CustoUnitario*(1+$AH189),ORÇAMENTO.PrecoUnitarioLicitado),15-13*$AF$10),0)","v":84.8},{"$f":"IF($C189=\"S\",IF(Import.TipoArredondamento<>\"TransfereGOV\",VTOTAL1,SUM(OFFSET(CÁLCULO!$AA$15,ROW($X189)-ROW($X$15),1):OFFSET(CÁLCULO!$AL$15,ROW($X189)-ROW($X$15),-1))),IF($C189=0,0,ROUND(SomaAgrup,15-13*$AF$11)))","v":717.41},"RA","RA",{"$f":"IF($C189=\"S\",IF($Z189=\"CP\",$X189,IF($Z189=\"RA\",(($X189)*QCI!$AA$3),0)),SomaAgrup)","v":25.549123570008643},0,{"$f":"IF($N189=\"\",\"\",IF(ORÇAMENTO.Descricao=\"\",\"DESCRIÇÃO\",IF(AND($C189=\"S\",ORÇAMENTO.Unidade=\"\"),\"UNIDADE\",IF($X189<0,\"VALOR NEGATIVO\",IF(OR(AND(TIPOORCAMENTO=\"Proposto\",$AG189<>\"\",$AG189>0,ORÇAMENTO.CustoUnitario>$AG189),AND(TIPOORCAMENTO=\"LICITADO\",ORÇAMENTO.PrecoUnitarioLicitado>$AN189)),\"ACIMA REF.\",\"\")))))","v":""},{"$f":"IF(C189<=CRONO.NivelExibicao,MAX($AD$15:OFFSET(AD189,-1,0))+IF($C189<>1,1,MAX(1,COUNTIF(QCI!$A$13:$A$41,OFFSET($E189,-1,0)))),\"\")","v":""},{"$f":"IF(AND($C189=\"S\",ORÇAMENTO.CodBarra<>\"\"),IF(ORÇAMENTO.Fonte=\"\",ORÇAMENTO.CodBarra,CONCATENATE(ORÇAMENTO.Fonte,\" \",ORÇAMENTO.CodBarra)))","v":"SINAPI FNDE 294"},{"$f":"IF(ISERROR(INDIRECT(ORÇAMENTO.BancoRef)),\"(abra o arquivo 'Referência \"&Excel_BuiltIn_Database&\".xlsm)\",IF(OR($C189<>\"S\",ORÇAMENTO.CodBarra=\"\"),\"(Sem Código)\",IF(ISERROR(MATCH($AE189,INDIRECT(ORÇAMENTO.BancoRef),0)),\"(Código não identificado nas referências)\",MATCH($AE189,INDIRECT(ORÇAMENTO.BancoRef),0))))","v":"(Código não identificado nas referências)"},{"$f":"ROUND(IF(DESONERACAO=\"sim\",REFERENCIA.Desonerado,REFERENCIA.NaoDesonerado),2)","v":0},0.25,null,8.4600000000000009,null,null,717.41,84.8]
["S",2,"S",0,{"$f":"IF($C190=1,OFFSET(E190,-1,0)+MAX(1,COUNTIF(QCI!$A$13:$A$41,OFFSET(ORÇAMENTO!E190,-1,0))),OFFSET(E190,-1,0))","v":10},1,0,0,9,0,{"$f":"IF(OR($C190=\"S\",$C190=0),0,MATCH(OFFSET($D190,0,$C190)+IF($C190<>1,1,COUNTIF(QCI!$A$13:$A$41,ORÇAMENTO!E190)),OFFSET($D190,1,$C190,ROW($C$744)-ROW($C190)),0))","v":0},"F","Serviço","Serviço","10.1.9.","SINAPI","FNDE 295","REVESTIMENTO CERÂMICO PARA PAREDES INTERNAS COM PLACAS TIPO ESMALTADA EXTRA DE DIMENSÕES 10X10 CM COR BRANCA APLICADAS NA ALTURA INTEIRA DAS PAREDES","M2",{"$f":"OFFSET(CÁLCULO!H$15,ROW($T190)-ROW(T$15),0)","v":15.01},67.841852999999986,"BDI 1",{"$f":"IF($C190=\"S\",ROUND(IF(TIPOORCAMENTO=\"Proposto\",ORÇAMENTO.CustoUnitario*(1+$AH190),ORÇAMENTO.PrecoUnitarioLicitado),15-13*$AF$10),0)","v":84.8},{"$f":"IF($C190=\"S\",IF(Import.TipoArredondamento<>\"TransfereGOV\",VTOTAL1,SUM(OFFSET(CÁLCULO!$AA$15,ROW($X190)-ROW($X$15),1):OFFSET(CÁLCULO!$AL$15,ROW($X190)-ROW($X$15),-1))),IF($C190=0,0,ROUND(SomaAgrup,15-13*$AF$11)))","v":1272.8499999999999},"RA","RA",{"$f":"IF($C190=\"S\",IF($Z190=\"CP\",$X190,IF($Z190=\"RA\",(($X190)*QCI!$AA$3),0)),SomaAgrup)","v":45.330009250059938},0,{"$f":"IF($N190=\"\",\"\",IF(ORÇAMENTO.Descricao=\"\",\"DESCRIÇÃO\",IF(AND($C190=\"S\",ORÇAMENTO.Unidade=\"\"),\"UNIDADE\",IF($X190<0,\"VALOR NEGATIVO\",IF(OR(AND(TIPOORCAMENTO=\"Proposto\",$AG190<>\"\",$AG190>0,ORÇAMENTO.CustoUnitario>$AG190),AND(TIPOORCAMENTO=\"LICITADO\",ORÇAMENTO.PrecoUnitarioLicitado>$AN190)),\"ACIMA REF.\",\"\")))))","v":""},{"$f":"IF(C190<=CRONO.NivelExibicao,MAX($AD$15:OFFSET(AD190,-1,0))+IF($C190<>1,1,MAX(1,COUNTIF(QCI!$A$13:$A$41,OFFSET($E190,-1,0)))),\"\")","v":""},{"$f":"IF(AND($C190=\"S\",ORÇAMENTO.CodBarra<>\"\"),IF(ORÇAMENTO.Fonte=\"\",ORÇAMENTO.CodBarra,CONCATENATE(ORÇAMENTO.Fonte,\" \",ORÇAMENTO.CodBarra)))","v":"SINAPI FNDE 295"},{"$f":"IF(ISERROR(INDIRECT(ORÇAMENTO.BancoRef)),\"(abra o arquivo 'Referência \"&Excel_BuiltIn_Database&\".xlsm)\",IF(OR($C190<>\"S\",ORÇAMENTO.CodBarra=\"\"),\"(Sem Código)\",IF(ISERROR(MATCH($AE190,INDIRECT(ORÇAMENTO.BancoRef),0)),\"(Código não identificado nas referências)\",MATCH($AE190,INDIRECT(ORÇAMENTO.BancoRef),0))))","v":"(Código não identificado nas referências)"},{"$f":"ROUND(IF(DESONERACAO=\"sim\",REFERENCIA.Desonerado,REFERENCIA.NaoDesonerado),2)","v":0},0.25,null,15.01,null,null,1272.8499999999999,84.8]
["S",2,"S",0,{"$f":"IF($C191=1,OFFSET(E191,-1,0)+MAX(1,COUNTIF(QCI!$A$13:$A$41,OFFSET(ORÇAMENTO!E191,-1,0))),OFFSET(E191,-1,0))","v":10},1,0,0,10,0,{"$f":"IF(OR($C191=\"S\",$C191=0),0,MATCH(OFFSET($D191,0,$C191)+IF($C191<>1,1,COUNTIF(QCI!$A$13:$A$41,ORÇAMENTO!E191)),OFFSET($D191,1,$C191,ROW($C$744)-ROW($C191)),0))","v":0},"F","Serviço","Serviço","10.1.10.","SINAPI","FNDE 296","REVESTIMENTO CERÂMICO PARA PAREDES INTERNAS COM PLACAS TIPO ESMALTADA EXTRA DE DIMENSÕES 10X10 CM COR VERMELHA APLICADAS NA ALTURA INTEIRA DAS PAREDES","M2",{"$f":"OFFSET(CÁLCULO!H$15,ROW($T191)-ROW(T$15),0)","v":8.75},67.841852999999986,"BDI 1",{"$f":"IF($C191=\"S\",ROUND(IF(TIPOORCAMENTO=\"Proposto\",ORÇAMENTO.CustoUnitario*(1+$AH191),ORÇAMENTO.PrecoUnitarioLicitado),15-13*$AF$10),0)","v":84.8},{"$f":"IF($C191=\"S\",IF(Import.TipoArredondamento<>\"TransfereGOV\",VTOTAL1,SUM(OFFSET(CÁLCULO!$AA$15,ROW($X191)-ROW($X$15),1):OFFSET(CÁLCULO!$AL$15,ROW($X191)-ROW($X$15),-1))),IF($C191=0,0,ROUND(SomaAgrup,15-13*$AF$11)))","v":742},"RA","RA",{"$f":"IF($C191=\"S\",IF($Z191=\"CP\",$X191,IF($Z191=\"RA\",(($X191)*QCI!$AA$3),0)),SomaAgrup)","v":26.424847282511276},0,{"$f":"IF($N191=\"\",\"\",IF(ORÇAMENTO.Descricao=\"\",\"DESCRIÇÃO\",IF(AND($C191=\"S\",ORÇAMENTO.Unidade=\"\"),\"UNIDADE\",IF($X191<0,\"VALOR NEGATIVO\",IF(OR(AND(TIPOORCAMENTO=\"Proposto\",$AG191<>\"\",$AG191>0,ORÇAMENTO.CustoUnitario>$AG191),AND(TIPOORCAMENTO=\"LICITADO\",ORÇAMENTO.PrecoUnitarioLicitado>$AN191)),\"ACIMA REF.\",\"\")))))","v":""},{"$f":"IF(C191<=CRONO.NivelExibicao,MAX($AD$15:OFFSET(AD191,-1,0))+IF($C191<>1,1,MAX(1,COUNTIF(QCI!$A$13:$A$41,OFFSET($E191,-1,0)))),\"\")","v":""},{"$f":"IF(AND($C191=\"S\",ORÇAMENTO.CodBarra<>\"\"),IF(ORÇAMENTO.Fonte=\"\",ORÇAMENTO.CodBarra,CONCATENATE(ORÇAMENTO.Fonte,\" \",ORÇAMENTO.CodBarra)))","v":"SINAPI FNDE 296"},{"$f":"IF(ISERROR(INDIRECT(ORÇAMENTO.BancoRef)),\"(abra o arquivo 'Referência \"&Excel_BuiltIn_Database&\".xlsm)\",IF(OR($C191<>\"S\",ORÇAMENTO.CodBarra=\"\"),\"(Sem Código)\",IF(ISERROR(MATCH($AE191,INDIRECT(ORÇAMENTO.BancoRef),0)),\"(Código não identificado nas referências)\",MATCH($AE191,INDIRECT(ORÇAMENTO.BancoRef),0))))","v":"(Código não identificado nas referências)"},{"$f":"ROUND(IF(DESONERACAO=\"sim\",REFERENCIA.Desonerado,REFERENCIA.NaoDesonerado),2)","v":0},0.25,null,8.75,null,null,742,84.8]
["S",2,"S",0,{"$f":"IF($C192=1,OFFSET(E192,-1,0)+MAX(1,COUNTIF(QCI!$A$13:$A$41,OFFSET(ORÇAMENTO!E192,-1,0))),OFFSET(E192,-1,0))","v":10},1,0,0,11,0,{"$f":"IF(OR($C192=\"S\",$C192=0),0,MATCH(OFFSET($D192,0,$C192)+IF($C192<>1,1,COUNTIF(QCI!$A$13:$A$41,ORÇAMENTO!E192)),OFFSET($D192,1,$C192,ROW($C$744)-ROW($C192)),0))","v":0},"F","Serviço","Serviço","10.1.11.","SINAPI","FNDE 245","RODA MEIO EM MADEIRA, ALTURA 7CM, FIXADO COM COLA","M",{"$f":"OFFSET(CÁLCULO!H$15,ROW($T192)-ROW(T$15),0)","v":217.5},31.972524,"BDI 1",{"$f":"IF($C192=\"S\",ROUND(IF(TIPOORCAMENTO=\"Proposto\",ORÇAMENTO.CustoUnitario*(1+$AH192),ORÇAMENTO.PrecoUnitarioLicitado),15-13*$AF$10),0)","v":39.96},{"$f":"IF($C192=\"S\",IF(Import.TipoArredondamento<>\"TransfereGOV\",VTOTAL1,SUM(OFFSET(CÁLCULO!$AA$15,ROW($X192)-ROW($X$15),1):OFFSET(CÁLCULO!$AL$15,ROW($X192)-ROW($X$15),-1))),IF($C192=0,0,ROUND(SomaAgrup,15-13*$AF$11)))","v":8691.2999999999993},"RA","RA",{"$f":"IF($C192=\"S\",IF($Z192=\"CP\",$X192,IF($Z192=\"RA\",(($X192)*QCI!$AA$3),0)),SomaAgrup)","v":309.52328192249354},0,{"$f":"IF($N192=\"\",\"\",IF(ORÇAMENTO.Descricao=\"\",\"DESCRIÇÃO\",IF(AND($C192=\"S\",ORÇAMENTO.Unidade=\"\"),\"UNIDADE\",IF($X192<0,\"VALOR NEGATIVO\",IF(OR(AND(TIPOORCAMENTO=\"Proposto\",$AG192<>\"\",$AG192>0,ORÇAMENTO.CustoUnitario>$AG192),AND(TIPOORCAMENTO=\"LICITADO\",ORÇAMENTO.PrecoUnitarioLicitado>$AN192)),\"ACIMA REF.\",\"\")))))","v":""},{"$f":"IF(C192<=CRONO.NivelExibicao,MAX($AD$15:OFFSET(AD192,-1,0))+IF($C192<>1,1,MAX(1,COUNTIF(QCI!$A$13:$A$41,OFFSET($E192,-1,0)))),\"\")","v":""},{"$f":"IF(AND($C192=\"S\",ORÇAMENTO.CodBarra<>\"\"),IF(ORÇAMENTO.Fonte=\"\",ORÇAMENTO.CodBarra,CONCATENATE(ORÇAMENTO.Fonte,\" \",ORÇAMENTO.CodBarra)))","v":"SINAPI FNDE 245"},{"$f":"IF(ISERROR(INDIRECT(ORÇAMENTO.BancoRef)),\"(abra o arquivo 'Referência \"&Excel_BuiltIn_Database&\".xlsm)\",IF(OR($C192<>\"S\",ORÇAMENTO.CodBarra=\"\"),\"(Sem Código)\",IF(ISERROR(MATCH($AE192,INDIRECT(ORÇAMENTO.BancoRef),0)),\"(Código não identificado nas referências)\",MATCH($AE192,INDIRECT(ORÇAMENTO.BancoRef),0))))","v":"(Código não identificado nas referências)"},{"$f":"ROUND(IF(DESONERACAO=\"sim\",REFERENCIA.Desonerado,REFERENCIA.NaoDesonerado),2)","v":0},0.25,null,217.5,null,null,8691.2999999999993,39.96]
["S",2,"S",0,{"$f":"IF($C193=1,OFFSET(E193,-1,0)+MAX(1,COUNTIF(QCI!$A$13:$A$41,OFFSET(ORÇAMENTO!E193,-1,0))),OFFSET(E193,-1,0))","v":10},1,0,0,12,0,{"$f":"IF(OR($C193=\"S\",$C193=0),0,MATCH(OFFSET($D193,0,$C193)+IF($C193<>1,1,COUNTIF(QCI!$A$13:$A$41,ORÇAMENTO!E193)),OFFSET($D193,1,$C193,ROW($C$744)-ROW($C193)),0))","v":0},"F","Serviço","Serviço","10.1.12.","SINAPI","FNDE 37","CANTONEIRA DE BORRACHA - AMBIENTE SOLÁRIO","M",{"$f":"OFFSET(CÁLCULO!H$15,ROW($T193)-ROW(T$15),0)","v":69.45},45.462999999999994,"BDI 1",{"$f":"IF($C193=\"S\",ROUND(IF(TIPOORCAMENTO=\"Proposto\",ORÇAMENTO.CustoUnitario*(1+$AH193),ORÇAMENTO.PrecoUnitarioLicitado),15-13*$AF$10),0)","v":56.83},{"$f":"IF($C193=\"S\",IF(Import.TipoArredondamento<>\"TransfereGOV\",VTOTAL1,SUM(OFFSET(CÁLCULO!$AA$15,ROW($X193)-ROW($X$15),1):OFFSET(CÁLCULO!$AL$15,ROW($X193)-ROW($X$15),-1))),IF($C193=0,0,ROUND(SomaAgrup,15-13*$AF$11)))","v":3946.84},"RA","RA",{"$f":"IF($C193=\"S\",IF($Z193=\"CP\",$X193,IF($Z193=\"RA\",(($X193)*QCI!$AA$3),0)),SomaAgrup)","v":140.55881974192292},0,{"$f":"IF($N193=\"\",\"\",IF(ORÇAMENTO.Descricao=\"\",\"DESCRIÇÃO\",IF(AND($C193=\"S\",ORÇAMENTO.Unidade=\"\"),\"UNIDADE\",IF($X193<0,\"VALOR NEGATIVO\",IF(OR(AND(TIPOORCAMENTO=\"Proposto\",$AG193<>\"\",$AG193>0,ORÇAMENTO.CustoUnitario>$AG193),AND(TIPOORCAMENTO=\"LICITADO\",ORÇAMENTO.PrecoUnitarioLicitado>$AN193)),\"ACIMA REF.\",\"\")))))","v":""},{"$f":"IF(C193<=CRONO.NivelExibicao,MAX($AD$15:OFFSET(AD193,-1,0))+IF($C193<>1,1,MAX(1,COUNTIF(QCI!$A$13:$A$41,OFFSET($E193,-1,0)))),\"\")","v":""},{"$f":"IF(AND($C193=\"S\",ORÇAMENTO.CodBarra<>\"\"),IF(ORÇAMENTO.Fonte=\"\",ORÇAMENTO.CodBarra,CONCATENATE(ORÇAMENTO.Fonte,\" \",ORÇAMENTO.CodBarra)))","v":"SINAPI FNDE 37"},{"$f":"IF(ISERROR(INDIRECT(ORÇAMENTO.BancoRef)),\"(abra o arquivo 'Referência \"&Excel_BuiltIn_Database&\".xlsm)\",IF(OR($C193<>\"S\",ORÇAMENTO.CodBarra=\"\"),\"(Sem Código)\",IF(ISERROR(MATCH($AE193,INDIRECT(ORÇAMENTO.BancoRef),0)),\"(Código não identificado nas referências)\",MATCH($AE193,INDIRECT(ORÇAMENTO.BancoRef),0))))","v":"(Código não identificado nas referências)"},{"$f":"ROUND(IF(DESONERACAO=\"sim\",REFERENCIA.Desonerado,REFERENCIA.NaoDesonerado),2)","v":0},0.25,null,69.45,null,null,3946.84,56.83]
["S",2,"S",0,{"$f":"IF($C194=1,OFFSET(E194,-1,0)+MAX(1,COUNTIF(QCI!$A$13:$A$41,OFFSET(ORÇAMENTO!E194,-1,0))),OFFSET(E194,-1,0))","v":10},1,0,0,13,0,{"$f":"IF(OR($C194=\"S\",$C194=0),0,MATCH(OFFSET($D194,0,$C194)+IF($C194<>1,1,COUNTIF(QCI!$A$13:$A$41,ORÇAMENTO!E194)),OFFSET($D194,1,$C194,ROW($C$744)-ROW($C194)),0))","v":0},"F","Serviço","Serviço","10.1.13.","SINAPI","87879","CHAPISCO APLICADO EM ALVENARIAS E ESTRUTURAS DE CONCRETO INTERNAS, COM COLHER DE PEDREIRO.  ARGAMASSA TRAÇO 1:3 COM PREPARO EM BETONEIRA 400L. AF_10/2022",{"$f":"REFERENCIA.Unidade","v":"M2"},{"$f":"OFFSET(CÁLCULO!H$15,ROW($T194)-ROW(T$15),0)","v":1208.5899999999999},"4,72","BDI 1",{"$f":"IF($C194=\"S\",ROUND(IF(TIPOORCAMENTO=\"Proposto\",ORÇAMENTO.CustoUnitario*(1+$AH194),ORÇAMENTO.PrecoUnitarioLicitado),15-13*$AF$10),0)","v":5.9},{"$f":"IF($C194=\"S\",IF(Import.TipoArredondamento<>\"TransfereGOV\",VTOTAL1,SUM(OFFSET(CÁLCULO!$AA$15,ROW($X194)-ROW($X$15),1):OFFSET(CÁLCULO!$AL$15,ROW($X194)-ROW($X$15),-1))),IF($C194=0,0,ROUND(SomaAgrup,15-13*$AF$11)))","v":7130.68},"RA","RA",{"$f":"IF($C194=\"S\",IF($Z194=\"CP\",$X194,IF($Z194=\"RA\",(($X194)*QCI!$AA$3),0)),SomaAgrup)","v":253.94491916503708},0,{"$f":"IF($N194=\"\",\"\",IF(ORÇAMENTO.Descricao=\"\",\"DESCRIÇÃO\",IF(AND($C194=\"S\",ORÇAMENTO.Unidade=\"\"),\"UNIDADE\",IF($X194<0,\"VALOR NEGATIVO\",IF(OR(AND(TIPOORCAMENTO=\"Proposto\",$AG194<>\"\",$AG194>0,ORÇAMENTO.CustoUnitario>$AG194),AND(TIPOORCAMENTO=\"LICITADO\",ORÇAMENTO.PrecoUnitarioLicitado>$AN194)),\"ACIMA REF.\",\"\")))))","v":""},{"$f":"IF(C194<=CRONO.NivelExibicao,MAX($AD$15:OFFSET(AD194,-1,0))+IF($C194<>1,1,MAX(1,COUNTIF(QCI!$A$13:$A$41,OFFSET($E194,-1,0)))),\"\")","v":""},{"$f":"IF(AND($C194=\"S\",ORÇAMENTO.CodBarra<>\"\"),IF(ORÇAMENTO.Fonte=\"\",ORÇAMENTO.CodBarra,CONCATENATE(ORÇAMENTO.Fonte,\" \",ORÇAMENTO.CodBarra)))","v":"SINAPI 87879"},{"$f":"IF(ISERROR(INDIRECT(ORÇAMENTO.BancoRef)),\"(abra o arquivo 'Referência \"&Excel_BuiltIn_Database&\".xlsm)\",IF(OR($C194<>\"S\",ORÇAMENTO.CodBarra=\"\"),\"(Sem Código)\",IF(ISERROR(MATCH($AE194,INDIRECT(ORÇAMENTO.BancoRef),0)),\"(Código não identificado nas referências)\",MATCH($AE194,INDIRECT(ORÇAMENTO.BancoRef),0))))","v":6626},{"$f":"ROUND(IF(DESONERACAO=\"sim\",REFERENCIA.Desonerado,REFERENCIA.NaoDesonerado),2)","v":4.72},0.25,null,1208.5899999999999,null,null,7130.68,5.9]
["S",2,"S",0,{"$f":"IF($C195=1,OFFSET(E195,-1,0)+MAX(1,COUNTIF(QCI!$A$13:$A$41,OFFSET(ORÇAMENTO!E195,-1,0))),OFFSET(E195,-1,0))","v":10},1,0,0,14,0,{"$f":"IF(OR($C195=\"S\",$C195=0),0,MATCH(OFFSET($D195,0,$C195)+IF($C195<>1,1,COUNTIF(QCI!$A$13:$A$41,ORÇAMENTO!E195)),OFFSET($D195,1,$C195,ROW($C$744)-ROW($C195)),0))","v":0},"F","Serviço","Serviço","10.1.14.","SINAPI","90406","MASSA ÚNICA, EM ARGAMASSA TRAÇO 1:2:8, PREPARO MECÂNICO, APLICADA MANUALMENTE EM TETO, E = 17,5MM, COM TALISCAS. AF_03/2024",{"$f":"REFERENCIA.Unidade","v":"M2"},{"$f":"OFFSET(CÁLCULO!H$15,ROW($T195)-ROW(T$15),0)","v":1208.5899999999999},"44,17","BDI 1",{"$f":"IF($C195=\"S\",ROUND(IF(TIPOORCAMENTO=\"Proposto\",ORÇAMENTO.CustoUnitario*(1+$AH195),ORÇAMENTO.PrecoUnitarioLicitado),15-13*$AF$10),0)","v":55.21},{"$f":"IF($C195=\"S\",IF(Import.TipoArredondamento<>\"TransfereGOV\",VTOTAL1,SUM(OFFSET(CÁLCULO!$AA$15,ROW($X195)-ROW($X$15),1):OFFSET(CÁLCULO!$AL$15,ROW($X195)-ROW($X$15),-1))),IF($C195=0,0,ROUND(SomaAgrup,15-13*$AF$11)))","v":66726.25},"RA","RA",{"$f":"IF($C195=\"S\",IF($Z195=\"CP\",$X195,IF($Z195=\"RA\",(($X195)*QCI!$AA$3),0)),SomaAgrup)","v":2376.3220565831102},0,{"$f":"IF($N195=\"\",\"\",IF(ORÇAMENTO.Descricao=\"\",\"DESCRIÇÃO\",IF(AND($C195=\"S\",ORÇAMENTO.Unidade=\"\"),\"UNIDADE\",IF($X195<0,\"VALOR NEGATIVO\",IF(OR(AND(TIPOORCAMENTO=\"Proposto\",$AG195<>\"\",$AG195>0,ORÇAMENTO.CustoUnitario>$AG195),AND(TIPOORCAMENTO=\"LICITADO\",ORÇAMENTO.PrecoUnitarioLicitado>$AN195)),\"ACIMA REF.\",\"\")))))","v":""},{"$f":"IF(C195<=CRONO.NivelExibicao,MAX($AD$15:OFFSET(AD195,-1,0))+IF($C195<>1,1,MAX(1,COUNTIF(QCI!$A$13:$A$41,OFFSET($E195,-1,0)))),\"\")","v":""},{"$f":"IF(AND($C195=\"S\",ORÇAMENTO.CodBarra<>\"\"),IF(ORÇAMENTO.Fonte=\"\",ORÇAMENTO.CodBarra,CONCATENATE(ORÇAMENTO.Fonte,\" \",ORÇAMENTO.CodBarra)))","v":"SINAPI 90406"},{"$f":"IF(ISERROR(INDIRECT(ORÇAMENTO.BancoRef)),\"(abra o arquivo 'Referência \"&Excel_BuiltIn_Database&\".xlsm)\",IF(OR($C195<>\"S\",ORÇAMENTO.CodBarra=\"\"),\"(Sem Código)\",IF(ISERROR(MATCH($AE195,INDIRECT(ORÇAMENTO.BancoRef),0)),\"(Código não identificado nas referências)\",MATCH($AE195,INDIRECT(ORÇAMENTO.BancoRef),0))))","v":6736},{"$f":"ROUND(IF(DESONERACAO=\"sim\",REFERENCIA.Desonerado,REFERENCIA.NaoDesonerado),2)","v":44.17},0.25,null,1208.5899999999999,null,null,66726.25,55.21]
[1,1,1,17,{"$f":"IF($C196=1,OFFSET(E196,-1,0)+MAX(1,COUNTIF(QCI!$A$13:$A$41,OFFSET(ORÇAMENTO!E196,-1,0))),OFFSET(E196,-1,0))","v":11},0,0,0,0,548,{"$f":"IF(OR($C196=\"S\",$C196=0),0,MATCH(OFFSET($D196,0,$C196)+IF($C196<>1,1,COUNTIF(QCI!$A$13:$A$41,ORÇAMENTO!E196)),OFFSET($D196,1,$C196,ROW($C$744)-ROW($C196)),0))","v":17},"F","Meta","Meta","11.","SINAPI",null,"SISTEMAS DE PISOS",{"$f":"REFERENCIA.Unidade","v":"-"},{"$f":"OFFSET(CÁLCULO!H$15,ROW($T196)-ROW(T$15),0)","v":0},null,"BDI 1",{"$f":"IF($C196=\"S\",ROUND(IF(TIPOORCAMENTO=\"Proposto\",ORÇAMENTO.CustoUnitario*(1+$AH196),ORÇAMENTO.PrecoUnitarioLicitado),15-13*$AF$10),0)","v":0},{"$f":"IF($C196=\"S\",IF(Import.TipoArredondamento<>\"TransfereGOV\",VTOTAL1,SUM(OFFSET(CÁLCULO!$AA$15,ROW($X196)-ROW($X$15),1):OFFSET(CÁLCULO!$AL$15,ROW($X196)-ROW($X$15),-1))),IF($C196=0,0,ROUND(SomaAgrup,15-13*$AF$11)))","v":312085.53999999998},"RA","",{"$f":"IF($C196=\"S\",IF($Z196=\"CP\",$X196,IF($Z196=\"RA\",(($X196)*QCI!$AA$3),0)),SomaAgrup)","v":11114.302875444831},0,{"$f":"IF($N196=\"\",\"\",IF(ORÇAMENTO.Descricao=\"\",\"DESCRIÇÃO\",IF(AND($C196=\"S\",ORÇAMENTO.Unidade=\"\"),\"UNIDADE\",IF($X196<0,\"VALOR NEGATIVO\",IF(OR(AND(TIPOORCAMENTO=\"Proposto\",$AG196<>\"\",$AG196>0,ORÇAMENTO.CustoUnitario>$AG196),AND(TIPOORCAMENTO=\"LICITADO\",ORÇAMENTO.PrecoUnitarioLicitado>$AN196)),\"ACIMA REF.\",\"\")))))","v":""},{"$f":"IF(C196<=CRONO.NivelExibicao,MAX($AD$15:OFFSET(AD196,-1,0))+IF($C196<>1,1,MAX(1,COUNTIF(QCI!$A$13:$A$41,OFFSET($E196,-1,0)))),\"\")","v":33},{"$f":"IF(AND($C196=\"S\",ORÇAMENTO.CodBarra<>\"\"),IF(ORÇAMENTO.Fonte=\"\",ORÇAMENTO.CodBarra,CONCATENATE(ORÇAMENTO.Fonte,\" \",ORÇAMENTO.CodBarra)))","v":false},{"$f":"IF(ISERROR(INDIRECT(ORÇAMENTO.BancoRef)),\"(abra o arquivo 'Referência \"&Excel_BuiltIn_Database&\".xlsm)\",IF(OR($C196<>\"S\",ORÇAMENTO.CodBarra=\"\"),\"(Sem Código)\",IF(ISERROR(MATCH($AE196,INDIRECT(ORÇAMENTO.BancoRef),0)),\"(Código não identificado nas referências)\",MATCH($AE196,INDIRECT(ORÇAMENTO.BancoRef),0))))","v":"(Sem Código)"},{"$f":"ROUND(IF(DESONERACAO=\"sim\",REFERENCIA.Desonerado,REFERENCIA.NaoDesonerado),2)","v":0},0.25,null,null,null,null,312085.53999999998,0]
[2,2,2,7,{"$f":"IF($C197=1,OFFSET(E197,-1,0)+MAX(1,COUNTIF(QCI!$A$13:$A$41,OFFSET(ORÇAMENTO!E197,-1,0))),OFFSET(E197,-1,0))","v":11},1,0,0,0,16,{"$f":"IF(OR($C197=\"S\",$C197=0),0,MATCH(OFFSET($D197,0,$C197)+IF($C197<>1,1,COUNTIF(QCI!$A$13:$A$41,ORÇAMENTO!E197)),OFFSET($D197,1,$C197,ROW($C$744)-ROW($C197)),0))","v":7},"F","Nível 2","Nível 2","11.1.","SINAPI",null,"Pavimentação interna",{"$f":"REFERENCIA.Unidade","v":"-"},{"$f":"OFFSET(CÁLCULO!H$15,ROW($T197)-ROW(T$15),0)","v":0},null,"BDI 1",{"$f":"IF($C197=\"S\",ROUND(IF(TIPOORCAMENTO=\"Proposto\",ORÇAMENTO.CustoUnitario*(1+$AH197),ORÇAMENTO.PrecoUnitarioLicitado),15-13*$AF$10),0)","v":0},{"$f":"IF($C197=\"S\",IF(Import.TipoArredondamento<>\"TransfereGOV\",VTOTAL1,SUM(OFFSET(CÁLCULO!$AA$15,ROW($X197)-ROW($X$15),1):OFFSET(CÁLCULO!$AL$15,ROW($X197)-ROW($X$15),-1))),IF($C197=0,0,ROUND(SomaAgrup,15-13*$AF$11)))","v":236715.93},"RA","",{"$f":"IF($C197=\"S\",IF($Z197=\"CP\",$X197,IF($Z197=\"RA\",(($X197)*QCI!$AA$3),0)),SomaAgrup)","v":8430.1648242420888},0,{"$f":"IF($N197=\"\",\"\",IF(ORÇAMENTO.Descricao=\"\",\"DESCRIÇÃO\",IF(AND($C197=\"S\",ORÇAMENTO.Unidade=\"\"),\"UNIDADE\",IF($X197<0,\"VALOR NEGATIVO\",IF(OR(AND(TIPOORCAMENTO=\"Proposto\",$AG197<>\"\",$AG197>0,ORÇAMENTO.CustoUnitario>$AG197),AND(TIPOORCAMENTO=\"LICITADO\",ORÇAMENTO.PrecoUnitarioLicitado>$AN197)),\"ACIMA REF.\",\"\")))))","v":""},{"$f":"IF(C197<=CRONO.NivelExibicao,MAX($AD$15:OFFSET(AD197,-1,0))+IF($C197<>1,1,MAX(1,COUNTIF(QCI!$A$13:$A$41,OFFSET($E197,-1,0)))),\"\")","v":34},{"$f":"IF(AND($C197=\"S\",ORÇAMENTO.CodBarra<>\"\"),IF(ORÇAMENTO.Fonte=\"\",ORÇAMENTO.CodBarra,CONCATENATE(ORÇAMENTO.Fonte,\" \",ORÇAMENTO.CodBarra)))","v":false},{"$f":"IF(ISERROR(INDIRECT(ORÇAMENTO.BancoRef)),\"(abra o arquivo 'Referência \"&Excel_BuiltIn_Database&\".xlsm)\",IF(OR($C197<>\"S\",ORÇAMENTO.CodBarra=\"\"),\"(Sem Código)\",IF(ISERROR(MATCH($AE197,INDIRECT(ORÇAMENTO.BancoRef),0)),\"(Código não identificado nas referências)\",MATCH($AE197,INDIRECT(ORÇAMENTO.BancoRef),0))))","v":"(Sem Código)"},{"$f":"ROUND(IF(DESONERACAO=\"sim\",REFERENCIA.Desonerado,REFERENCIA.NaoDesonerado),2)","v":0},0.25,null,null,null,null,236715.93,0]
["S",2,"S",0,{"$f":"IF($C198=1,OFFSET(E198,-1,0)+MAX(1,COUNTIF(QCI!$A$13:$A$41,OFFSET(ORÇAMENTO!E198,-1,0))),OFFSET(E198,-1,0))","v":11},1,0,0,1,0,{"$f":"IF(OR($C198=\"S\",$C198=0),0,MATCH(OFFSET($D198,0,$C198)+IF($C198<>1,1,COUNTIF(QCI!$A$13:$A$41,ORÇAMENTO!E198)),OFFSET($D198,1,$C198,ROW($C$744)-ROW($C198)),0))","v":0},"F","Serviço","Serviço","11.1.1.","SINAPI","FNDE 182","CONTRAPISO DE CONCRETO NÃO-ESTRUTURAL, ESPESSURA 3 CM E PREPARO MECÂNICO","M2",{"$f":"OFFSET(CÁLCULO!H$15,ROW($T198)-ROW(T$15),0)","v":1394.71},43.57,"BDI 1",{"$f":"IF($C198=\"S\",ROUND(IF(TIPOORCAMENTO=\"Proposto\",ORÇAMENTO.CustoUnitario*(1+$AH198),ORÇAMENTO.PrecoUnitarioLicitado),15-13*$AF$10),0)","v":54.46},{"$f":"IF($C198=\"S\",IF(Import.TipoArredondamento<>\"TransfereGOV\",VTOTAL1,SUM(OFFSET(CÁLCULO!$AA$15,ROW($X198)-ROW($X$15),1):OFFSET(CÁLCULO!$AL$15,ROW($X198)-ROW($X$15),-1))),IF($C198=0,0,ROUND(SomaAgrup,15-13*$AF$11)))","v":75955.91},"RA","RA",{"$f":"IF($C198=\"S\",IF($Z198=\"CP\",$X198,IF($Z198=\"RA\",(($X198)*QCI!$AA$3),0)),SomaAgrup)","v":2705.0179541161333},0,{"$f":"IF($N198=\"\",\"\",IF(ORÇAMENTO.Descricao=\"\",\"DESCRIÇÃO\",IF(AND($C198=\"S\",ORÇAMENTO.Unidade=\"\"),\"UNIDADE\",IF($X198<0,\"VALOR NEGATIVO\",IF(OR(AND(TIPOORCAMENTO=\"Proposto\",$AG198<>\"\",$AG198>0,ORÇAMENTO.CustoUnitario>$AG198),AND(TIPOORCAMENTO=\"LICITADO\",ORÇAMENTO.PrecoUnitarioLicitado>$AN198)),\"ACIMA REF.\",\"\")))))","v":""},{"$f":"IF(C198<=CRONO.NivelExibicao,MAX($AD$15:OFFSET(AD198,-1,0))+IF($C198<>1,1,MAX(1,COUNTIF(QCI!$A$13:$A$41,OFFSET($E198,-1,0)))),\"\")","v":""},{"$f":"IF(AND($C198=\"S\",ORÇAMENTO.CodBarra<>\"\"),IF(ORÇAMENTO.Fonte=\"\",ORÇAMENTO.CodBarra,CONCATENATE(ORÇAMENTO.Fonte,\" \",ORÇAMENTO.CodBarra)))","v":"SINAPI FNDE 182"},{"$f":"IF(ISERROR(INDIRECT(ORÇAMENTO.BancoRef)),\"(abra o arquivo 'Referência \"&Excel_BuiltIn_Database&\".xlsm)\",IF(OR($C198<>\"S\",ORÇAMENTO.CodBarra=\"\"),\"(Sem Código)\",IF(ISERROR(MATCH($AE198,INDIRECT(ORÇAMENTO.BancoRef),0)),\"(Código não identificado nas referências)\",MATCH($AE198,INDIRECT(ORÇAMENTO.BancoRef),0))))","v":"(Código não identificado nas referências)"},{"$f":"ROUND(IF(DESONERACAO=\"sim\",REFERENCIA.Desonerado,REFERENCIA.NaoDesonerado),2)","v":0},0.25,null,1394.71,null,null,75955.91,54.46]
["S",2,"S",0,{"$f":"IF($C199=1,OFFSET(E199,-1,0)+MAX(1,COUNTIF(QCI!$A$13:$A$41,OFFSET(ORÇAMENTO!E199,-1,0))),OFFSET(E199,-1,0))","v":11},1,0,0,2,0,{"$f":"IF(OR($C199=\"S\",$C199=0),0,MATCH(OFFSET($D199,0,$C199)+IF($C199<>1,1,COUNTIF(QCI!$A$13:$A$41,ORÇAMENTO!E199)),OFFSET($D199,1,$C199,ROW($C$744)-ROW($C199)),0))","v":0},"F","Serviço","Serviço","11.1.2.","SINAPI","87257","REVESTIMENTO CERÂMICO PARA PISO COM PLACAS TIPO ESMALTADA EXTRA DE DIMENSÕES 60X60 CM APLICADA EM AMBIENTES DE ÁREA MAIOR QUE 10 M2. AF_02/2023_PE",{"$f":"REFERENCIA.Unidade","v":"M2"},{"$f":"OFFSET(CÁLCULO!H$15,ROW($T199)-ROW(T$15),0)","v":1158.81},74.75,"BDI 1",{"$f":"IF($C199=\"S\",ROUND(IF(TIPOORCAMENTO=\"Proposto\",ORÇAMENTO.CustoUnitario*(1+$AH199),ORÇAMENTO.PrecoUnitarioLicitado),15-13*$AF$10),0)","v":93.44},{"$f":"IF($C199=\"S\",IF(Import.TipoArredondamento<>\"TransfereGOV\",VTOTAL1,SUM(OFFSET(CÁLCULO!$AA$15,ROW($X199)-ROW($X$15),1):OFFSET(CÁLCULO!$AL$15,ROW($X199)-ROW($X$15),-1))),IF($C199=0,0,ROUND(SomaAgrup,15-13*$AF$11)))","v":108279.21},"RA","RA",{"$f":"IF($C199=\"S\",IF($Z199=\"CP\",$X199,IF($Z199=\"RA\",(($X199)*QCI!$AA$3),0)),SomaAgrup)","v":3856.1476928854013},0,{"$f":"IF($N199=\"\",\"\",IF(ORÇAMENTO.Descricao=\"\",\"DESCRIÇÃO\",IF(AND($C199=\"S\",ORÇAMENTO.Unidade=\"\"),\"UNIDADE\",IF($X199<0,\"VALOR NEGATIVO\",IF(OR(AND(TIPOORCAMENTO=\"Proposto\",$AG199<>\"\",$AG199>0,ORÇAMENTO.CustoUnitario>$AG199),AND(TIPOORCAMENTO=\"LICITADO\",ORÇAMENTO.PrecoUnitarioLicitado>$AN199)),\"ACIMA REF.\",\"\")))))","v":""},{"$f":"IF(C199<=CRONO.NivelExibicao,MAX($AD$15:OFFSET(AD199,-1,0))+IF($C199<>1,1,MAX(1,COUNTIF(QCI!$A$13:$A$41,OFFSET($E199,-1,0)))),\"\")","v":""},{"$f":"IF(AND($C199=\"S\",ORÇAMENTO.CodBarra<>\"\"),IF(ORÇAMENTO.Fonte=\"\",ORÇAMENTO.CodBarra,CONCATENATE(ORÇAMENTO.Fonte,\" \",ORÇAMENTO.CodBarra)))","v":"SINAPI 87257"},{"$f":"IF(ISERROR(INDIRECT(ORÇAMENTO.BancoRef)),\"(abra o arquivo 'Referência \"&Excel_BuiltIn_Database&\".xlsm)\",IF(OR($C199<>\"S\",ORÇAMENTO.CodBarra=\"\"),\"(Sem Código)\",IF(ISERROR(MATCH($AE199,INDIRECT(ORÇAMENTO.BancoRef),0)),\"(Código não identificado nas referências)\",MATCH($AE199,INDIRECT(ORÇAMENTO.BancoRef),0))))","v":6503},{"$f":"ROUND(IF(DESONERACAO=\"sim\",REFERENCIA.Desonerado,REFERENCIA.NaoDesonerado),2)","v":74.75},0.25,null,1158.81,null,null,108279.21,93.44]
["S",2,"S",0,{"$f":"IF($C200=1,OFFSET(E200,-1,0)+MAX(1,COUNTIF(QCI!$A$13:$A$41,OFFSET(ORÇAMENTO!E200,-1,0))),OFFSET(E200,-1,0))","v":11},1,0,0,3,0,{"$f":"IF(OR($C200=\"S\",$C200=0),0,MATCH(OFFSET($D200,0,$C200)+IF($C200<>1,1,COUNTIF(QCI!$A$13:$A$41,ORÇAMENTO!E200)),OFFSET($D200,1,$C200,ROW($C$744)-ROW($C200)),0))","v":0},"F","Serviço","Serviço","11.1.3.","SINAPI","87251","REVESTIMENTO CERÂMICO PARA PISO COM PLACAS TIPO ESMALTADA EXTRA DE DIMENSÕES 45X45 CM APLICADA EM AMBIENTES DE ÁREA MAIOR QUE 10 M2. AF_02/2023_PE",{"$f":"REFERENCIA.Unidade","v":"M2"},{"$f":"OFFSET(CÁLCULO!H$15,ROW($T200)-ROW(T$15),0)","v":235.9},62.4,"BDI 1",{"$f":"IF($C200=\"S\",ROUND(IF(TIPOORCAMENTO=\"Proposto\",ORÇAMENTO.CustoUnitario*(1+$AH200),ORÇAMENTO.PrecoUnitarioLicitado),15-13*$AF$10),0)","v":78},{"$f":"IF($C200=\"S\",IF(Import.TipoArredondamento<>\"TransfereGOV\",VTOTAL1,SUM(OFFSET(CÁLCULO!$AA$15,ROW($X200)-ROW($X$15),1):OFFSET(CÁLCULO!$AL$15,ROW($X200)-ROW($X$15),-1))),IF($C200=0,0,ROUND(SomaAgrup,15-13*$AF$11)))","v":18400.2},"RA","RA",{"$f":"IF($C200=\"S\",IF($Z200=\"CP\",$X200,IF($Z200=\"RA\",(($X200)*QCI!$AA$3),0)),SomaAgrup)","v":655.28635440385983},0,{"$f":"IF($N200=\"\",\"\",IF(ORÇAMENTO.Descricao=\"\",\"DESCRIÇÃO\",IF(AND($C200=\"S\",ORÇAMENTO.Unidade=\"\"),\"UNIDADE\",IF($X200<0,\"VALOR NEGATIVO\",IF(OR(AND(TIPOORCAMENTO=\"Proposto\",$AG200<>\"\",$AG200>0,ORÇAMENTO.CustoUnitario>$AG200),AND(TIPOORCAMENTO=\"LICITADO\",ORÇAMENTO.PrecoUnitarioLicitado>$AN200)),\"ACIMA REF.\",\"\")))))","v":""},{"$f":"IF(C200<=CRONO.NivelExibicao,MAX($AD$15:OFFSET(AD200,-1,0))+IF($C200<>1,1,MAX(1,COUNTIF(QCI!$A$13:$A$41,OFFSET($E200,-1,0)))),\"\")","v":""},{"$f":"IF(AND($C200=\"S\",ORÇAMENTO.CodBarra<>\"\"),IF(ORÇAMENTO.Fonte=\"\",ORÇAMENTO.CodBarra,CONCATENATE(ORÇAMENTO.Fonte,\" \",ORÇAMENTO.CodBarra)))","v":"SINAPI 87251"},{"$f":"IF(ISERROR(INDIRECT(ORÇAMENTO.BancoRef)),\"(abra o arquivo 'Referência \"&Excel_BuiltIn_Database&\".xlsm)\",IF(OR($C200<>\"S\",ORÇAMENTO.CodBarra=\"\"),\"(Sem Código)\",IF(ISERROR(MATCH($AE200,INDIRECT(ORÇAMENTO.BancoRef),0)),\"(Código não identificado nas referências)\",MATCH($AE200,INDIRECT(ORÇAMENTO.BancoRef),0))))","v":6500},{"$f":"ROUND(IF(DESONERACAO=\"sim\",REFERENCIA.Desonerado,REFERENCIA.NaoDesonerado),2)","v":62.4},0.25,null,235.9,null,null,18400.2,78]
["S",2,"S",0,{"$f":"IF($C201=1,OFFSET(E201,-1,0)+MAX(1,COUNTIF(QCI!$A$13:$A$41,OFFSET(ORÇAMENTO!E201,-1,0))),OFFSET(E201,-1,0))","v":11},1,0,0,4,0,{"$f":"IF(OR($C201=\"S\",$C201=0),0,MATCH(OFFSET($D201,0,$C201)+IF($C201<>1,1,COUNTIF(QCI!$A$13:$A$41,ORÇAMENTO!E201)),OFFSET($D201,1,$C201,ROW($C$744)-ROW($C201)),0))","v":0},"F","Serviço","Serviço","11.1.4.","SINAPI","88650","RODAPÉ CERÂMICO DE 7CM DE ALTURA COM PLACAS TIPO ESMALTADA EXTRA DE DIMENSÕES 60X60CM. AF_02/2023",{"$f":"REFERENCIA.Unidade","v":"M"},{"$f":"OFFSET(CÁLCULO!H$15,ROW($T201)-ROW(T$15),0)","v":77},13.83,"BDI 1",{"$f":"IF($C201=\"S\",ROUND(IF(TIPOORCAMENTO=\"Proposto\",ORÇAMENTO.CustoUnitario*(1+$AH201),ORÇAMENTO.PrecoUnitarioLicitado),15-13*$AF$10),0)","v":17.29},{"$f":"IF($C201=\"S\",IF(Import.TipoArredondamento<>\"TransfereGOV\",VTOTAL1,SUM(OFFSET(CÁLCULO!$AA$15,ROW($X201)-ROW($X$15),1):OFFSET(CÁLCULO!$AL$15,ROW($X201)-ROW($X$15),-1))),IF($C201=0,0,ROUND(SomaAgrup,15-13*$AF$11)))","v":1331.33},"RA","RA",{"$f":"IF($C201=\"S\",IF($Z201=\"CP\",$X201,IF($Z201=\"RA\",(($X201)*QCI!$AA$3),0)),SomaAgrup)","v":47.412657591139805},0,{"$f":"IF($N201=\"\",\"\",IF(ORÇAMENTO.Descricao=\"\",\"DESCRIÇÃO\",IF(AND($C201=\"S\",ORÇAMENTO.Unidade=\"\"),\"UNIDADE\",IF($X201<0,\"VALOR NEGATIVO\",IF(OR(AND(TIPOORCAMENTO=\"Proposto\",$AG201<>\"\",$AG201>0,ORÇAMENTO.CustoUnitario>$AG201),AND(TIPOORCAMENTO=\"LICITADO\",ORÇAMENTO.PrecoUnitarioLicitado>$AN201)),\"ACIMA REF.\",\"\")))))","v":""},{"$f":"IF(C201<=CRONO.NivelExibicao,MAX($AD$15:OFFSET(AD201,-1,0))+IF($C201<>1,1,MAX(1,COUNTIF(QCI!$A$13:$A$41,OFFSET($E201,-1,0)))),\"\")","v":""},{"$f":"IF(AND($C201=\"S\",ORÇAMENTO.CodBarra<>\"\"),IF(ORÇAMENTO.Fonte=\"\",ORÇAMENTO.CodBarra,CONCATENATE(ORÇAMENTO.Fonte,\" \",ORÇAMENTO.CodBarra)))","v":"SINAPI 88650"},{"$f":"IF(ISERROR(INDIRECT(ORÇAMENTO.BancoRef)),\"(abra o arquivo 'Referência \"&Excel_BuiltIn_Database&\".xlsm)\",IF(OR($C201<>\"S\",ORÇAMENTO.CodBarra=\"\"),\"(Sem Código)\",IF(ISERROR(MATCH($AE201,INDIRECT(ORÇAMENTO.BancoRef),0)),\"(Código não identificado nas referências)\",MATCH($AE201,INDIRECT(ORÇAMENTO.BancoRef),0))))","v":6553},{"$f":"ROUND(IF(DESONERACAO=\"sim\",REFERENCIA.Desonerado,REFERENCIA.NaoDesonerado),2)","v":13.83},0.25,null,77,null,null,1331.33,17.29]
["S",2,"S",0,{"$f":"IF($C202=1,OFFSET(E202,-1,0)+MAX(1,COUNTIF(QCI!$A$13:$A$41,OFFSET(ORÇAMENTO!E202,-1,0))),OFFSET(E202,-1,0))","v":11},1,0,0,5,0,{"$f":"IF(OR($C202=\"S\",$C202=0),0,MATCH(OFFSET($D202,0,$C202)+IF($C202<>1,1,COUNTIF(QCI!$A$13:$A$41,ORÇAMENTO!E202)),OFFSET($D202,1,$C202,ROW($C$744)-ROW($C202)),0))","v":0},"F","Serviço","Serviço","11.1.5.","SINAPI","98688","RODAPÉ EM POLIESTIRENO, ALTURA 5 CM. AF_09/2020",{"$f":"REFERENCIA.Unidade","v":"M"},{"$f":"OFFSET(CÁLCULO!H$15,ROW($T202)-ROW(T$15),0)","v":202.29},54.71,"BDI 1",{"$f":"IF($C202=\"S\",ROUND(IF(TIPOORCAMENTO=\"Proposto\",ORÇAMENTO.CustoUnitario*(1+$AH202),ORÇAMENTO.PrecoUnitarioLicitado),15-13*$AF$10),0)","v":68.39},{"$f":"IF($C202=\"S\",IF(Import.TipoArredondamento<>\"TransfereGOV\",VTOTAL1,SUM(OFFSET(CÁLCULO!$AA$15,ROW($X202)-ROW($X$15),1):OFFSET(CÁLCULO!$AL$15,ROW($X202)-ROW($X$15),-1))),IF($C202=0,0,ROUND(SomaAgrup,15-13*$AF$11)))","v":13834.61},"RA","RA",{"$f":"IF($C202=\"S\",IF($Z202=\"CP\",$X202,IF($Z202=\"RA\",(($X202)*QCI!$AA$3),0)),SomaAgrup)","v":492.6919898424573},0,{"$f":"IF($N202=\"\",\"\",IF(ORÇAMENTO.Descricao=\"\",\"DESCRIÇÃO\",IF(AND($C202=\"S\",ORÇAMENTO.Unidade=\"\"),\"UNIDADE\",IF($X202<0,\"VALOR NEGATIVO\",IF(OR(AND(TIPOORCAMENTO=\"Proposto\",$AG202<>\"\",$AG202>0,ORÇAMENTO.CustoUnitario>$AG202),AND(TIPOORCAMENTO=\"LICITADO\",ORÇAMENTO.PrecoUnitarioLicitado>$AN202)),\"ACIMA REF.\",\"\")))))","v":""},{"$f":"IF(C202<=CRONO.NivelExibicao,MAX($AD$15:OFFSET(AD202,-1,0))+IF($C202<>1,1,MAX(1,COUNTIF(QCI!$A$13:$A$41,OFFSET($E202,-1,0)))),\"\")","v":""},{"$f":"IF(AND($C202=\"S\",ORÇAMENTO.CodBarra<>\"\"),IF(ORÇAMENTO.Fonte=\"\",ORÇAMENTO.CodBarra,CONCATENATE(ORÇAMENTO.Fonte,\" \",ORÇAMENTO.CodBarra)))","v":"SINAPI 98688"},{"$f":"IF(ISERROR(INDIRECT(ORÇAMENTO.BancoRef)),\"(abra o arquivo 'Referência \"&Excel_BuiltIn_Database&\".xlsm)\",IF(OR($C202<>\"S\",ORÇAMENTO.CodBarra=\"\"),\"(Sem Código)\",IF(ISERROR(MATCH($AE202,INDIRECT(ORÇAMENTO.BancoRef),0)),\"(Código não identificado nas referências)\",MATCH($AE202,INDIRECT(ORÇAMENTO.BancoRef),0))))","v":6528},{"$f":"ROUND(IF(DESONERACAO=\"sim\",REFERENCIA.Desonerado,REFERENCIA.NaoDesonerado),2)","v":54.71},0.25,null,202.29,null,null,13834.61,68.39]
["S",2,"S",0,{"$f":"IF($C203=1,OFFSET(E203,-1,0)+MAX(1,COUNTIF(QCI!$A$13:$A$41,OFFSET(ORÇAMENTO!E203,-1,0))),OFFSET(E203,-1,0))","v":11},1,0,0,6,0,{"$f":"IF(OR($C203=\"S\",$C203=0),0,MATCH(OFFSET($D203,0,$C203)+IF($C203<>1,1,COUNTIF(QCI!$A$13:$A$41,ORÇAMENTO!E203)),OFFSET($D203,1,$C203,ROW($C$744)-ROW($C203)),0))","v":0},"F","Serviço","Serviço","11.1.6.","SINAPI","98689","SOLEIRA EM GRANITO, LARGURA 15 CM, ESPESSURA 2,0 CM. AF_09/2020",{"$f":"REFERENCIA.Unidade","v":"M"},{"$f":"OFFSET(CÁLCULO!H$15,ROW($T203)-ROW(T$15),0)","v":107.69},140.51,"BDI 1",{"$f":"IF($C203=\"S\",ROUND(IF(TIPOORCAMENTO=\"Proposto\",ORÇAMENTO.CustoUnitario*(1+$AH203),ORÇAMENTO.PrecoUnitarioLicitado),15-13*$AF$10),0)","v":175.64},{"$f":"IF($C203=\"S\",IF(Import.TipoArredondamento<>\"TransfereGOV\",VTOTAL1,SUM(OFFSET(CÁLCULO!$AA$15,ROW($X203)-ROW($X$15),1):OFFSET(CÁLCULO!$AL$15,ROW($X203)-ROW($X$15),-1))),IF($C203=0,0,ROUND(SomaAgrup,15-13*$AF$11)))","v":18914.669999999998},"RA","RA",{"$f":"IF($C203=\"S\",IF($Z203=\"CP\",$X203,IF($Z203=\"RA\",(($X203)*QCI!$AA$3),0)),SomaAgrup)","v":673.60817540309631},0,{"$f":"IF($N203=\"\",\"\",IF(ORÇAMENTO.Descricao=\"\",\"DESCRIÇÃO\",IF(AND($C203=\"S\",ORÇAMENTO.Unidade=\"\"),\"UNIDADE\",IF($X203<0,\"VALOR NEGATIVO\",IF(OR(AND(TIPOORCAMENTO=\"Proposto\",$AG203<>\"\",$AG203>0,ORÇAMENTO.CustoUnitario>$AG203),AND(TIPOORCAMENTO=\"LICITADO\",ORÇAMENTO.PrecoUnitarioLicitado>$AN203)),\"ACIMA REF.\",\"\")))))","v":""},{"$f":"IF(C203<=CRONO.NivelExibicao,MAX($AD$15:OFFSET(AD203,-1,0))+IF($C203<>1,1,MAX(1,COUNTIF(QCI!$A$13:$A$41,OFFSET($E203,-1,0)))),\"\")","v":""},{"$f":"IF(AND($C203=\"S\",ORÇAMENTO.CodBarra<>\"\"),IF(ORÇAMENTO.Fonte=\"\",ORÇAMENTO.CodBarra,CONCATENATE(ORÇAMENTO.Fonte,\" \",ORÇAMENTO.CodBarra)))","v":"SINAPI 98689"},{"$f":"IF(ISERROR(INDIRECT(ORÇAMENTO.BancoRef)),\"(abra o arquivo 'Referência \"&Excel_BuiltIn_Database&\".xlsm)\",IF(OR($C203<>\"S\",ORÇAMENTO.CodBarra=\"\"),\"(Sem Código)\",IF(ISERROR(MATCH($AE203,INDIRECT(ORÇAMENTO.BancoRef),0)),\"(Código não identificado nas referências)\",MATCH($AE203,INDIRECT(ORÇAMENTO.BancoRef),0))))","v":6529},{"$f":"ROUND(IF(DESONERACAO=\"sim\",REFERENCIA.Desonerado,REFERENCIA.NaoDesonerado),2)","v":140.51},0.25,null,107.69,null,null,18914.669999999998,175.64]
[2,2,2,9,{"$f":"IF($C204=1,OFFSET(E204,-1,0)+MAX(1,COUNTIF(QCI!$A$13:$A$41,OFFSET(ORÇAMENTO!E204,-1,0))),OFFSET(E204,-1,0))","v":11},2,0,0,0,9,{"$f":"IF(OR($C204=\"S\",$C204=0),0,MATCH(OFFSET($D204,0,$C204)+IF($C204<>1,1,COUNTIF(QCI!$A$13:$A$41,ORÇAMENTO!E204)),OFFSET($D204,1,$C204,ROW($C$744)-ROW($C204)),0))","v":22},"F","Nível 2","Nível 2","11.2.","SINAPI",null,"Pavimentação externa ",{"$f":"REFERENCIA.Unidade","v":"-"},{"$f":"OFFSET(CÁLCULO!H$15,ROW($T204)-ROW(T$15),0)","v":0},null,"BDI 1",{"$f":"IF($C204=\"S\",ROUND(IF(TIPOORCAMENTO=\"Proposto\",ORÇAMENTO.CustoUnitario*(1+$AH204),ORÇAMENTO.PrecoUnitarioLicitado),15-13*$AF$10),0)","v":0},{"$f":"IF($C204=\"S\",IF(Import.TipoArredondamento<>\"TransfereGOV\",VTOTAL1,SUM(OFFSET(CÁLCULO!$AA$15,ROW($X204)-ROW($X$15),1):OFFSET(CÁLCULO!$AL$15,ROW($X204)-ROW($X$15),-1))),IF($C204=0,0,ROUND(SomaAgrup,15-13*$AF$11)))","v":75369.61},"RA","",{"$f":"IF($C204=\"S\",IF($Z204=\"CP\",$X204,IF($Z204=\"RA\",(($X204)*QCI!$AA$3),0)),SomaAgrup)","v":2684.1380512027422},0,{"$f":"IF($N204=\"\",\"\",IF(ORÇAMENTO.Descricao=\"\",\"DESCRIÇÃO\",IF(AND($C204=\"S\",ORÇAMENTO.Unidade=\"\"),\"UNIDADE\",IF($X204<0,\"VALOR NEGATIVO\",IF(OR(AND(TIPOORCAMENTO=\"Proposto\",$AG204<>\"\",$AG204>0,ORÇAMENTO.CustoUnitario>$AG204),AND(TIPOORCAMENTO=\"LICITADO\",ORÇAMENTO.PrecoUnitarioLicitado>$AN204)),\"ACIMA REF.\",\"\")))))","v":""},{"$f":"IF(C204<=CRONO.NivelExibicao,MAX($AD$15:OFFSET(AD204,-1,0))+IF($C204<>1,1,MAX(1,COUNTIF(QCI!$A$13:$A$41,OFFSET($E204,-1,0)))),\"\")","v":35},{"$f":"IF(AND($C204=\"S\",ORÇAMENTO.CodBarra<>\"\"),IF(ORÇAMENTO.Fonte=\"\",ORÇAMENTO.CodBarra,CONCATENATE(ORÇAMENTO.Fonte,\" \",ORÇAMENTO.CodBarra)))","v":false},{"$f":"IF(ISERROR(INDIRECT(ORÇAMENTO.BancoRef)),\"(abra o arquivo 'Referência \"&Excel_BuiltIn_Database&\".xlsm)\",IF(OR($C204<>\"S\",ORÇAMENTO.CodBarra=\"\"),\"(Sem Código)\",IF(ISERROR(MATCH($AE204,INDIRECT(ORÇAMENTO.BancoRef),0)),\"(Código não identificado nas referências)\",MATCH($AE204,INDIRECT(ORÇAMENTO.BancoRef),0))))","v":"(Sem Código)"},{"$f":"ROUND(IF(DESONERACAO=\"sim\",REFERENCIA.Desonerado,REFERENCIA.NaoDesonerado),2)","v":0},0.25,null,null,null,null,75369.61,0]
["S",2,"S",0,{"$f":"IF($C205=1,OFFSET(E205,-1,0)+MAX(1,COUNTIF(QCI!$A$13:$A$41,OFFSET(ORÇAMENTO!E205,-1,0))),OFFSET(E205,-1,0))","v":11},2,0,0,1,0,{"$f":"IF(OR($C205=\"S\",$C205=0),0,MATCH(OFFSET($D205,0,$C205)+IF($C205<>1,1,COUNTIF(QCI!$A$13:$A$41,ORÇAMENTO!E205)),OFFSET($D205,1,$C205,ROW($C$744)-ROW($C205)),0))","v":0},"F","Serviço","Serviço","11.2.1.","SINAPI","98682","PISO CIMENTADO, TRAÇO 1:3 (CIMENTO E AREIA), ACABAMENTO RÚSTICO, ESPESSURA 3,0 CM, PREPARO MECÂNICO DA ARGAMASSA. AF_09/2020",{"$f":"REFERENCIA.Unidade","v":"M2"},{"$f":"OFFSET(CÁLCULO!H$15,ROW($T205)-ROW(T$15),0)","v":490.26},48.3,"BDI 1",{"$f":"IF($C205=\"S\",ROUND(IF(TIPOORCAMENTO=\"Proposto\",ORÇAMENTO.CustoUnitario*(1+$AH205),ORÇAMENTO.PrecoUnitarioLicitado),15-13*$AF$10),0)","v":60.38},{"$f":"IF($C205=\"S\",IF(Import.TipoArredondamento<>\"TransfereGOV\",VTOTAL1,SUM(OFFSET(CÁLCULO!$AA$15,ROW($X205)-ROW($X$15),1):OFFSET(CÁLCULO!$AL$15,ROW($X205)-ROW($X$15),-1))),IF($C205=0,0,ROUND(SomaAgrup,15-13*$AF$11)))","v":29601.9},"RA","RA",{"$f":"IF($C205=\"S\",IF($Z205=\"CP\",$X205,IF($Z205=\"RA\",(($X205)*QCI!$AA$3),0)),SomaAgrup)","v":1054.212515865459},0,{"$f":"IF($N205=\"\",\"\",IF(ORÇAMENTO.Descricao=\"\",\"DESCRIÇÃO\",IF(AND($C205=\"S\",ORÇAMENTO.Unidade=\"\"),\"UNIDADE\",IF($X205<0,\"VALOR NEGATIVO\",IF(OR(AND(TIPOORCAMENTO=\"Proposto\",$AG205<>\"\",$AG205>0,ORÇAMENTO.CustoUnitario>$AG205),AND(TIPOORCAMENTO=\"LICITADO\",ORÇAMENTO.PrecoUnitarioLicitado>$AN205)),\"ACIMA REF.\",\"\")))))","v":""},{"$f":"IF(C205<=CRONO.NivelExibicao,MAX($AD$15:OFFSET(AD205,-1,0))+IF($C205<>1,1,MAX(1,COUNTIF(QCI!$A$13:$A$41,OFFSET($E205,-1,0)))),\"\")","v":""},{"$f":"IF(AND($C205=\"S\",ORÇAMENTO.CodBarra<>\"\"),IF(ORÇAMENTO.Fonte=\"\",ORÇAMENTO.CodBarra,CONCATENATE(ORÇAMENTO.Fonte,\" \",ORÇAMENTO.CodBarra)))","v":"SINAPI 98682"},{"$f":"IF(ISERROR(INDIRECT(ORÇAMENTO.BancoRef)),\"(abra o arquivo 'Referência \"&Excel_BuiltIn_Database&\".xlsm)\",IF(OR($C205<>\"S\",ORÇAMENTO.CodBarra=\"\"),\"(Sem Código)\",IF(ISERROR(MATCH($AE205,INDIRECT(ORÇAMENTO.BancoRef),0)),\"(Código não identificado nas referências)\",MATCH($AE205,INDIRECT(ORÇAMENTO.BancoRef),0))))","v":6525},{"$f":"ROUND(IF(DESONERACAO=\"sim\",REFERENCIA.Desonerado,REFERENCIA.NaoDesonerado),2)","v":48.3},0.25,null,490.26,null,null,29601.9,60.38]
["S",2,"S",0,{"$f":"IF($C206=1,OFFSET(E206,-1,0)+MAX(1,COUNTIF(QCI!$A$13:$A$41,OFFSET(ORÇAMENTO!E206,-1,0))),OFFSET(E206,-1,0))","v":11},2,0,0,2,0,{"$f":"IF(OR($C206=\"S\",$C206=0),0,MATCH(OFFSET($D206,0,$C206)+IF($C206<>1,1,COUNTIF(QCI!$A$13:$A$41,ORÇAMENTO!E206)),OFFSET($D206,1,$C206,ROW($C$744)-ROW($C206)),0))","v":0},"F","Serviço","Serviço","11.2.2.","SINAPI","92396","EXECUÇÃO DE PASSEIO EM PISO INTERTRAVADO, COM BLOCO RETANGULAR COR NATURAL DE 20 X 10 CM, ESPESSURA 6 CM. AF_10/2022",{"$f":"REFERENCIA.Unidade","v":"M2"},{"$f":"OFFSET(CÁLCULO!H$15,ROW($T206)-ROW(T$15),0)","v":84},76.64,"BDI 1",{"$f":"IF($C206=\"S\",ROUND(IF(TIPOORCAMENTO=\"Proposto\",ORÇAMENTO.CustoUnitario*(1+$AH206),ORÇAMENTO.PrecoUnitarioLicitado),15-13*$AF$10),0)","v":95.8},{"$f":"IF($C206=\"S\",IF(Import.TipoArredondamento<>\"TransfereGOV\",VTOTAL1,SUM(OFFSET(CÁLCULO!$AA$15,ROW($X206)-ROW($X$15),1):OFFSET(CÁLCULO!$AL$15,ROW($X206)-ROW($X$15),-1))),IF($C206=0,0,ROUND(SomaAgrup,15-13*$AF$11)))","v":8047.2},"RA","RA",{"$f":"IF($C206=\"S\",IF($Z206=\"CP\",$X206,IF($Z206=\"RA\",(($X206)*QCI!$AA$3),0)),SomaAgrup)","v":286.58494750919772},0,{"$f":"IF($N206=\"\",\"\",IF(ORÇAMENTO.Descricao=\"\",\"DESCRIÇÃO\",IF(AND($C206=\"S\",ORÇAMENTO.Unidade=\"\"),\"UNIDADE\",IF($X206<0,\"VALOR NEGATIVO\",IF(OR(AND(TIPOORCAMENTO=\"Proposto\",$AG206<>\"\",$AG206>0,ORÇAMENTO.CustoUnitario>$AG206),AND(TIPOORCAMENTO=\"LICITADO\",ORÇAMENTO.PrecoUnitarioLicitado>$AN206)),\"ACIMA REF.\",\"\")))))","v":""},{"$f":"IF(C206<=CRONO.NivelExibicao,MAX($AD$15:OFFSET(AD206,-1,0))+IF($C206<>1,1,MAX(1,COUNTIF(QCI!$A$13:$A$41,OFFSET($E206,-1,0)))),\"\")","v":""},{"$f":"IF(AND($C206=\"S\",ORÇAMENTO.CodBarra<>\"\"),IF(ORÇAMENTO.Fonte=\"\",ORÇAMENTO.CodBarra,CONCATENATE(ORÇAMENTO.Fonte,\" \",ORÇAMENTO.CodBarra)))","v":"SINAPI 92396"},{"$f":"IF(ISERROR(INDIRECT(ORÇAMENTO.BancoRef)),\"(abra o arquivo 'Referência \"&Excel_BuiltIn_Database&\".xlsm)\",IF(OR($C206<>\"S\",ORÇAMENTO.CodBarra=\"\"),\"(Sem Código)\",IF(ISERROR(MATCH($AE206,INDIRECT(ORÇAMENTO.BancoRef),0)),\"(Código não identificado nas referências)\",MATCH($AE206,INDIRECT(ORÇAMENTO.BancoRef),0))))","v":6297},{"$f":"ROUND(IF(DESONERACAO=\"sim\",REFERENCIA.Desonerado,REFERENCIA.NaoDesonerado),2)","v":76.64},0.25,null,84,null,null,8047.2,95.8]
["S",2,"S",0,{"$f":"IF($C207=1,OFFSET(E207,-1,0)+MAX(1,COUNTIF(QCI!$A$13:$A$41,OFFSET(ORÇAMENTO!E207,-1,0))),OFFSET(E207,-1,0))","v":11},2,0,0,3,0,{"$f":"IF(OR($C207=\"S\",$C207=0),0,MATCH(OFFSET($D207,0,$C207)+IF($C207<>1,1,COUNTIF(QCI!$A$13:$A$41,ORÇAMENTO!E207)),OFFSET($D207,1,$C207,ROW($C$744)-ROW($C207)),0))","v":0},"F","Serviço","Serviço","11.2.3.","SINAPI","FNDE 400","PISO PODOTÁTIL DE ALERTA, COR AMARELA, DE BORRACHA, ASSENTADO SOBRE ARGAMASSA","M2",{"$f":"OFFSET(CÁLCULO!H$15,ROW($T207)-ROW(T$15),0)","v":21},188.82,"BDI 1",{"$f":"IF($C207=\"S\",ROUND(IF(TIPOORCAMENTO=\"Proposto\",ORÇAMENTO.CustoUnitario*(1+$AH207),ORÇAMENTO.PrecoUnitarioLicitado),15-13*$AF$10),0)","v":236.03},{"$f":"IF($C207=\"S\",IF(Import.TipoArredondamento<>\"TransfereGOV\",VTOTAL1,SUM(OFFSET(CÁLCULO!$AA$15,ROW($X207)-ROW($X$15),1):OFFSET(CÁLCULO!$AL$15,ROW($X207)-ROW($X$15),-1))),IF($C207=0,0,ROUND(SomaAgrup,15-13*$AF$11)))","v":4956.63},"RA","RA",{"$f":"IF($C207=\"S\",IF($Z207=\"CP\",$X207,IF($Z207=\"RA\",(($X207)*QCI!$AA$3),0)),SomaAgrup)","v":176.52047275729632},0,{"$f":"IF($N207=\"\",\"\",IF(ORÇAMENTO.Descricao=\"\",\"DESCRIÇÃO\",IF(AND($C207=\"S\",ORÇAMENTO.Unidade=\"\"),\"UNIDADE\",IF($X207<0,\"VALOR NEGATIVO\",IF(OR(AND(TIPOORCAMENTO=\"Proposto\",$AG207<>\"\",$AG207>0,ORÇAMENTO.CustoUnitario>$AG207),AND(TIPOORCAMENTO=\"LICITADO\",ORÇAMENTO.PrecoUnitarioLicitado>$AN207)),\"ACIMA REF.\",\"\")))))","v":""},{"$f":"IF(C207<=CRONO.NivelExibicao,MAX($AD$15:OFFSET(AD207,-1,0))+IF($C207<>1,1,MAX(1,COUNTIF(QCI!$A$13:$A$41,OFFSET($E207,-1,0)))),\"\")","v":""},{"$f":"IF(AND($C207=\"S\",ORÇAMENTO.CodBarra<>\"\"),IF(ORÇAMENTO.Fonte=\"\",ORÇAMENTO.CodBarra,CONCATENATE(ORÇAMENTO.Fonte,\" \",ORÇAMENTO.CodBarra)))","v":"SINAPI FNDE 400"},{"$f":"IF(ISERROR(INDIRECT(ORÇAMENTO.BancoRef)),\"(abra o arquivo 'Referência \"&Excel_BuiltIn_Database&\".xlsm)\",IF(OR($C207<>\"S\",ORÇAMENTO.CodBarra=\"\"),\"(Sem Código)\",IF(ISERROR(MATCH($AE207,INDIRECT(ORÇAMENTO.BancoRef),0)),\"(Código não identificado nas referências)\",MATCH($AE207,INDIRECT(ORÇAMENTO.BancoRef),0))))","v":"(Código não identificado nas referências)"},{"$f":"ROUND(IF(DESONERACAO=\"sim\",REFERENCIA.Desonerado,REFERENCIA.NaoDesonerado),2)","v":0},0.25,null,21,null,null,4956.63,236.03]
["S",2,"S",0,{"$f":"IF($C208=1,OFFSET(E208,-1,0)+MAX(1,COUNTIF(QCI!$A$13:$A$41,OFFSET(ORÇAMENTO!E208,-1,0))),OFFSET(E208,-1,0))","v":11},2,0,0,4,{"$f":"IF(OR($C208=\"S\",$C208=0),0,MATCH(0,OFFSET($D208,1,$C208,ROW($C$744)-ROW($C208)),0))","v":0},{"$f":"IF(OR($C208=\"S\",$C208=0),0,MATCH(OFFSET($D208,0,$C208)+IF($C208<>1,1,COUNTIF(QCI!$A$13:$A$41,ORÇAMENTO!E208)),OFFSET($D208,1,$C208,ROW($C$744)-ROW($C208)),0))","v":0},"F","Serviço","Serviço","11.2.4.","SINAPI","FNDE 401","PISO PODOTÁTIL DE ALERTA, COR AMARELA, DE AZUL, ASSENTADO SOBRE ARGAMASSA","M2",{"$f":"OFFSET(CÁLCULO!H$15,ROW($T208)-ROW(T$15),0)","v":38.76},162.30000000000001,"BDI 1",{"$f":"IF($C208=\"S\",ROUND(IF(TIPOORCAMENTO=\"Proposto\",ORÇAMENTO.CustoUnitario*(1+$AH208),ORÇAMENTO.PrecoUnitarioLicitado),15-13*$AF$10),0)","v":202.88},{"$f":"IF($C208=\"S\",IF(Import.TipoArredondamento<>\"TransfereGOV\",VTOTAL1,SUM(OFFSET(CÁLCULO!$AA$15,ROW($X208)-ROW($X$15),1):OFFSET(CÁLCULO!$AL$15,ROW($X208)-ROW($X$15),-1))),IF($C208=0,0,ROUND(SomaAgrup,15-13*$AF$11)))","v":7863.63},"RA","RA",{"$f":"IF($C208=\"S\",IF($Z208=\"CP\",$X208,IF($Z208=\"RA\",(($X208)*QCI!$AA$3),0)),SomaAgrup)","v":280.04746878190582},0,{"$f":"IF($N208=\"\",\"\",IF(ORÇAMENTO.Descricao=\"\",\"DESCRIÇÃO\",IF(AND($C208=\"S\",ORÇAMENTO.Unidade=\"\"),\"UNIDADE\",IF($X208<0,\"VALOR NEGATIVO\",IF(OR(AND(TIPOORCAMENTO=\"Proposto\",$AG208<>\"\",$AG208>0,ORÇAMENTO.CustoUnitario>$AG208),AND(TIPOORCAMENTO=\"LICITADO\",ORÇAMENTO.PrecoUnitarioLicitado>$AN208)),\"ACIMA REF.\",\"\")))))","v":""},{"$f":"IF(C208<=CRONO.NivelExibicao,MAX($AD$15:OFFSET(AD208,-1,0))+IF($C208<>1,1,MAX(1,COUNTIF(QCI!$A$13:$A$41,OFFSET($E208,-1,0)))),\"\")","v":""},{"$f":"IF(AND($C208=\"S\",ORÇAMENTO.CodBarra<>\"\"),IF(ORÇAMENTO.Fonte=\"\",ORÇAMENTO.CodBarra,CONCATENATE(ORÇAMENTO.Fonte,\" \",ORÇAMENTO.CodBarra)))","v":"SINAPI FNDE 401"},{"$f":"IF(ISERROR(INDIRECT(ORÇAMENTO.BancoRef)),\"(abra o arquivo 'Referência \"&Excel_BuiltIn_Database&\".xlsm)\",IF(OR($C208<>\"S\",ORÇAMENTO.CodBarra=\"\"),\"(Sem Código)\",IF(ISERROR(MATCH($AE208,INDIRECT(ORÇAMENTO.BancoRef),0)),\"(Código não identificado nas referências)\",MATCH($AE208,INDIRECT(ORÇAMENTO.BancoRef),0))))","v":"(Código não identificado nas referências)"},{"$f":"ROUND(IF(DESONERACAO=\"sim\",REFERENCIA.Desonerado,REFERENCIA.NaoDesonerado),2)","v":0},0.25,null,38.76,null,null,7863.63,202.88]
["S",2,"S",0,{"$f":"IF($C209=1,OFFSET(E209,-1,0)+MAX(1,COUNTIF(QCI!$A$13:$A$41,OFFSET(ORÇAMENTO!E209,-1,0))),OFFSET(E209,-1,0))","v":11},2,0,0,5,0,{"$f":"IF(OR($C209=\"S\",$C209=0),0,MATCH(OFFSET($D209,0,$C209)+IF($C209<>1,1,COUNTIF(QCI!$A$13:$A$41,ORÇAMENTO!E209)),OFFSET($D209,1,$C209,ROW($C$744)-ROW($C209)),0))","v":0},"F","Serviço","Serviço","11.2.5.","SINAPI","FNDE 190","PISO PODOTÁTIL DE ALERTA, COR VERMELHA, DE CONCRETO, ASSENTADO SOBRE ARGAMASSA","M2",{"$f":"OFFSET(CÁLCULO!H$15,ROW($T209)-ROW(T$15),0)","v":3.44},192.83,"BDI 1",{"$f":"IF($C209=\"S\",ROUND(IF(TIPOORCAMENTO=\"Proposto\",ORÇAMENTO.CustoUnitario*(1+$AH209),ORÇAMENTO.PrecoUnitarioLicitado),15-13*$AF$10),0)","v":241.04},{"$f":"IF($C209=\"S\",IF(Import.TipoArredondamento<>\"TransfereGOV\",VTOTAL1,SUM(OFFSET(CÁLCULO!$AA$15,ROW($X209)-ROW($X$15),1):OFFSET(CÁLCULO!$AL$15,ROW($X209)-ROW($X$15),-1))),IF($C209=0,0,ROUND(SomaAgrup,15-13*$AF$11)))","v":829.18},"RA","RA",{"$f":"IF($C209=\"S\",IF($Z209=\"CP\",$X209,IF($Z209=\"RA\",(($X209)*QCI!$AA$3),0)),SomaAgrup)","v":29.529588773197705},0,{"$f":"IF($N209=\"\",\"\",IF(ORÇAMENTO.Descricao=\"\",\"DESCRIÇÃO\",IF(AND($C209=\"S\",ORÇAMENTO.Unidade=\"\"),\"UNIDADE\",IF($X209<0,\"VALOR NEGATIVO\",IF(OR(AND(TIPOORCAMENTO=\"Proposto\",$AG209<>\"\",$AG209>0,ORÇAMENTO.CustoUnitario>$AG209),AND(TIPOORCAMENTO=\"LICITADO\",ORÇAMENTO.PrecoUnitarioLicitado>$AN209)),\"ACIMA REF.\",\"\")))))","v":""},{"$f":"IF(C209<=CRONO.NivelExibicao,MAX($AD$15:OFFSET(AD209,-1,0))+IF($C209<>1,1,MAX(1,COUNTIF(QCI!$A$13:$A$41,OFFSET($E209,-1,0)))),\"\")","v":""},{"$f":"IF(AND($C209=\"S\",ORÇAMENTO.CodBarra<>\"\"),IF(ORÇAMENTO.Fonte=\"\",ORÇAMENTO.CodBarra,CONCATENATE(ORÇAMENTO.Fonte,\" \",ORÇAMENTO.CodBarra)))","v":"SINAPI FNDE 190"},{"$f":"IF(ISERROR(INDIRECT(ORÇAMENTO.BancoRef)),\"(abra o arquivo 'Referência \"&Excel_BuiltIn_Database&\".xlsm)\",IF(OR($C209<>\"S\",ORÇAMENTO.CodBarra=\"\"),\"(Sem Código)\",IF(ISERROR(MATCH($AE209,INDIRECT(ORÇAMENTO.BancoRef),0)),\"(Código não identificado nas referências)\",MATCH($AE209,INDIRECT(ORÇAMENTO.BancoRef),0))))","v":"(Código não identificado nas referências)"},{"$f":"ROUND(IF(DESONERACAO=\"sim\",REFERENCIA.Desonerado,REFERENCIA.NaoDesonerado),2)","v":0},0.25,null,3.44,null,null,829.18,241.04]
["S",2,"S",0,{"$f":"IF($C210=1,OFFSET(E210,-1,0)+MAX(1,COUNTIF(QCI!$A$13:$A$41,OFFSET(ORÇAMENTO!E210,-1,0))),OFFSET(E210,-1,0))","v":11},2,0,0,6,0,{"$f":"IF(OR($C210=\"S\",$C210=0),0,MATCH(OFFSET($D210,0,$C210)+IF($C210<>1,1,COUNTIF(QCI!$A$13:$A$41,ORÇAMENTO!E210)),OFFSET($D210,1,$C210,ROW($C$744)-ROW($C210)),0))","v":0},"F","Serviço","Serviço","11.2.6.","SINAPI","FNDE 10","COLCHÃO DRENANTE DE AREIA H= 30 CM","M2",{"$f":"OFFSET(CÁLCULO!H$15,ROW($T210)-ROW(T$15),0)","v":23},126.48,"BDI 1",{"$f":"IF($C210=\"S\",ROUND(IF(TIPOORCAMENTO=\"Proposto\",ORÇAMENTO.CustoUnitario*(1+$AH210),ORÇAMENTO.PrecoUnitarioLicitado),15-13*$AF$10),0)","v":158.1},{"$f":"IF($C210=\"S\",IF(Import.TipoArredondamento<>\"TransfereGOV\",VTOTAL1,SUM(OFFSET(CÁLCULO!$AA$15,ROW($X210)-ROW($X$15),1):OFFSET(CÁLCULO!$AL$15,ROW($X210)-ROW($X$15),-1))),IF($C210=0,0,ROUND(SomaAgrup,15-13*$AF$11)))","v":3636.3},"RA","RA",{"$f":"IF($C210=\"S\",IF($Z210=\"CP\",$X210,IF($Z210=\"RA\",(($X210)*QCI!$AA$3),0)),SomaAgrup)","v":129.49955818516949},0,{"$f":"IF($N210=\"\",\"\",IF(ORÇAMENTO.Descricao=\"\",\"DESCRIÇÃO\",IF(AND($C210=\"S\",ORÇAMENTO.Unidade=\"\"),\"UNIDADE\",IF($X210<0,\"VALOR NEGATIVO\",IF(OR(AND(TIPOORCAMENTO=\"Proposto\",$AG210<>\"\",$AG210>0,ORÇAMENTO.CustoUnitario>$AG210),AND(TIPOORCAMENTO=\"LICITADO\",ORÇAMENTO.PrecoUnitarioLicitado>$AN210)),\"ACIMA REF.\",\"\")))))","v":""},{"$f":"IF(C210<=CRONO.NivelExibicao,MAX($AD$15:OFFSET(AD210,-1,0))+IF($C210<>1,1,MAX(1,COUNTIF(QCI!$A$13:$A$41,OFFSET($E210,-1,0)))),\"\")","v":""},{"$f":"IF(AND($C210=\"S\",ORÇAMENTO.CodBarra<>\"\"),IF(ORÇAMENTO.Fonte=\"\",ORÇAMENTO.CodBarra,CONCATENATE(ORÇAMENTO.Fonte,\" \",ORÇAMENTO.CodBarra)))","v":"SINAPI FNDE 10"},{"$f":"IF(ISERROR(INDIRECT(ORÇAMENTO.BancoRef)),\"(abra o arquivo 'Referência \"&Excel_BuiltIn_Database&\".xlsm)\",IF(OR($C210<>\"S\",ORÇAMENTO.CodBarra=\"\"),\"(Sem Código)\",IF(ISERROR(MATCH($AE210,INDIRECT(ORÇAMENTO.BancoRef),0)),\"(Código não identificado nas referências)\",MATCH($AE210,INDIRECT(ORÇAMENTO.BancoRef),0))))","v":"(Código não identificado nas referências)"},{"$f":"ROUND(IF(DESONERACAO=\"sim\",REFERENCIA.Desonerado,REFERENCIA.NaoDesonerado),2)","v":0},0.25,null,23,null,null,3636.3,158.1]
["S",2,"S",0,{"$f":"IF($C211=1,OFFSET(E211,-1,0)+MAX(1,COUNTIF(QCI!$A$13:$A$41,OFFSET(ORÇAMENTO!E211,-1,0))),OFFSET(E211,-1,0))","v":11},2,0,0,7,0,{"$f":"IF(OR($C211=\"S\",$C211=0),0,MATCH(OFFSET($D211,0,$C211)+IF($C211<>1,1,COUNTIF(QCI!$A$13:$A$41,ORÇAMENTO!E211)),OFFSET($D211,1,$C211,ROW($C$744)-ROW($C211)),0))","v":0},"F","Serviço","Serviço","11.2.7.","SINAPI","98504","PLANTIO DE GRAMA BATATAIS EM PLACAS. AF_05/2018",{"$f":"REFERENCIA.Unidade","v":"M2"},{"$f":"OFFSET(CÁLCULO!H$15,ROW($T211)-ROW(T$15),0)","v":724.76},22.38,"BDI 1",{"$f":"IF($C211=\"S\",ROUND(IF(TIPOORCAMENTO=\"Proposto\",ORÇAMENTO.CustoUnitario*(1+$AH211),ORÇAMENTO.PrecoUnitarioLicitado),15-13*$AF$10),0)","v":27.98},{"$f":"IF($C211=\"S\",IF(Import.TipoArredondamento<>\"TransfereGOV\",VTOTAL1,SUM(OFFSET(CÁLCULO!$AA$15,ROW($X211)-ROW($X$15),1):OFFSET(CÁLCULO!$AL$15,ROW($X211)-ROW($X$15),-1))),IF($C211=0,0,ROUND(SomaAgrup,15-13*$AF$11)))","v":20278.78},"RA","RA",{"$f":"IF($C211=\"S\",IF($Z211=\"CP\",$X211,IF($Z211=\"RA\",(($X211)*QCI!$AA$3),0)),SomaAgrup)","v":722.18822719089485},0,{"$f":"IF($N211=\"\",\"\",IF(ORÇAMENTO.Descricao=\"\",\"DESCRIÇÃO\",IF(AND($C211=\"S\",ORÇAMENTO.Unidade=\"\"),\"UNIDADE\",IF($X211<0,\"VALOR NEGATIVO\",IF(OR(AND(TIPOORCAMENTO=\"Proposto\",$AG211<>\"\",$AG211>0,ORÇAMENTO.CustoUnitario>$AG211),AND(TIPOORCAMENTO=\"LICITADO\",ORÇAMENTO.PrecoUnitarioLicitado>$AN211)),\"ACIMA REF.\",\"\")))))","v":""},{"$f":"IF(C211<=CRONO.NivelExibicao,MAX($AD$15:OFFSET(AD211,-1,0))+IF($C211<>1,1,MAX(1,COUNTIF(QCI!$A$13:$A$41,OFFSET($E211,-1,0)))),\"\")","v":""},{"$f":"IF(AND($C211=\"S\",ORÇAMENTO.CodBarra<>\"\"),IF(ORÇAMENTO.Fonte=\"\",ORÇAMENTO.CodBarra,CONCATENATE(ORÇAMENTO.Fonte,\" \",ORÇAMENTO.CodBarra)))","v":"SINAPI 98504"},{"$f":"IF(ISERROR(INDIRECT(ORÇAMENTO.BancoRef)),\"(abra o arquivo 'Referência \"&Excel_BuiltIn_Database&\".xlsm)\",IF(OR($C211<>\"S\",ORÇAMENTO.CodBarra=\"\"),\"(Sem Código)\",IF(ISERROR(MATCH($AE211,INDIRECT(ORÇAMENTO.BancoRef),0)),\"(Código não identificado nas referências)\",MATCH($AE211,INDIRECT(ORÇAMENTO.BancoRef),0))))","v":7434},{"$f":"ROUND(IF(DESONERACAO=\"sim\",REFERENCIA.Desonerado,REFERENCIA.NaoDesonerado),2)","v":22.38},0.25,null,724.76,null,null,20278.78,27.98]
["S",2,"S",0,{"$f":"IF($C212=1,OFFSET(E212,-1,0)+MAX(1,COUNTIF(QCI!$A$13:$A$41,OFFSET(ORÇAMENTO!E212,-1,0))),OFFSET(E212,-1,0))","v":11},2,0,0,8,0,{"$f":"IF(OR($C212=\"S\",$C212=0),0,MATCH(OFFSET($D212,0,$C212)+IF($C212<>1,1,COUNTIF(QCI!$A$13:$A$41,ORÇAMENTO!E212)),OFFSET($D212,1,$C212,ROW($C$744)-ROW($C212)),0))","v":0},"F","Serviço","Serviço","11.2.8.","SINAPI","FNDE 38","FITA 3M COLANTE ANTIDERRAPANTE PARA PISO",{"$f":"REFERENCIA.Unidade","v":"-"},{"$f":"OFFSET(CÁLCULO!H$15,ROW($T212)-ROW(T$15),0)","v":6.8},18.350000000000001,"BDI 1",{"$f":"IF($C212=\"S\",ROUND(IF(TIPOORCAMENTO=\"Proposto\",ORÇAMENTO.CustoUnitario*(1+$AH212),ORÇAMENTO.PrecoUnitarioLicitado),15-13*$AF$10),0)","v":22.94},{"$f":"IF($C212=\"S\",IF(Import.TipoArredondamento<>\"TransfereGOV\",VTOTAL1,SUM(OFFSET(CÁLCULO!$AA$15,ROW($X212)-ROW($X$15),1):OFFSET(CÁLCULO!$AL$15,ROW($X212)-ROW($X$15),-1))),IF($C212=0,0,ROUND(SomaAgrup,15-13*$AF$11)))","v":155.99},"RA","RA",{"$f":"IF($C212=\"S\",IF($Z212=\"CP\",$X212,IF($Z212=\"RA\",(($X212)*QCI!$AA$3),0)),SomaAgrup)","v":5.5552721396212048},0,{"$f":"IF($N212=\"\",\"\",IF(ORÇAMENTO.Descricao=\"\",\"DESCRIÇÃO\",IF(AND($C212=\"S\",ORÇAMENTO.Unidade=\"\"),\"UNIDADE\",IF($X212<0,\"VALOR NEGATIVO\",IF(OR(AND(TIPOORCAMENTO=\"Proposto\",$AG212<>\"\",$AG212>0,ORÇAMENTO.CustoUnitario>$AG212),AND(TIPOORCAMENTO=\"LICITADO\",ORÇAMENTO.PrecoUnitarioLicitado>$AN212)),\"ACIMA REF.\",\"\")))))","v":""},{"$f":"IF(C212<=CRONO.NivelExibicao,MAX($AD$15:OFFSET(AD212,-1,0))+IF($C212<>1,1,MAX(1,COUNTIF(QCI!$A$13:$A$41,OFFSET($E212,-1,0)))),\"\")","v":""},{"$f":"IF(AND($C212=\"S\",ORÇAMENTO.CodBarra<>\"\"),IF(ORÇAMENTO.Fonte=\"\",ORÇAMENTO.CodBarra,CONCATENATE(ORÇAMENTO.Fonte,\" \",ORÇAMENTO.CodBarra)))","v":"SINAPI FNDE 38"},{"$f":"IF(ISERROR(INDIRECT(ORÇAMENTO.BancoRef)),\"(abra o arquivo 'Referência \"&Excel_BuiltIn_Database&\".xlsm)\",IF(OR($C212<>\"S\",ORÇAMENTO.CodBarra=\"\"),\"(Sem Código)\",IF(ISERROR(MATCH($AE212,INDIRECT(ORÇAMENTO.BancoRef),0)),\"(Código não identificado nas referências)\",MATCH($AE212,INDIRECT(ORÇAMENTO.BancoRef),0))))","v":"(Código não identificado nas referências)"},{"$f":"ROUND(IF(DESONERACAO=\"sim\",REFERENCIA.Desonerado,REFERENCIA.NaoDesonerado),2)","v":0},0.25,null,6.8,null,null,155.99,22.94]
[{"$f":"CHOOSE(1+LOG(1+2*(ORÇAMENTO.Nivel=\"Meta\")+4*(ORÇAMENTO.Nivel=\"Nível 2\")+8*(ORÇAMENTO.Nivel=\"Nível 3\")+16*(ORÇAMENTO.Nivel=\"Nível 4\")+32*(ORÇAMENTO.Nivel=\"Serviço\"),2),0,1,2,3,4,\"S\")","v":1},{"$f":"IF(OR(C213=\"s\",C213=0),OFFSET(B213,-1,0),C213)","v":1},{"$f":"IF(OFFSET(C213,-1,0)=\"L\",1,IF(OFFSET(C213,-1,0)=1,2,IF(OR(A213=\"s\",A213=0),\"S\",IF(AND(OFFSET(C213,-1,0)=2,A213=4),3,IF(AND(OR(OFFSET(C213,-1,0)=\"s\",OFFSET(C213,-1,0)=0),A213<>\"s\",A213>OFFSET(B213,-1,0)),OFFSET(B213,-1,0),A213)))))","v":1},{"$f":"IF(OR(C213=\"S\",C213=0),0,IF(ISERROR(K213),J213,SMALL(J213:K213,1)))","v":25},{"$f":"IF($C213=1,OFFSET(E213,-1,0)+MAX(1,COUNTIF(QCI!$A$13:$A$41,OFFSET(ORÇAMENTO!E213,-1,0))),OFFSET(E213,-1,0))","v":12},{"$f":"IF($C213=1,0,IF($C213=2,OFFSET(F213,-1,0)+1,OFFSET(F213,-1,0)))","v":0},{"$f":"IF(AND($C213<=2,$C213<>0),0,IF($C213=3,OFFSET(G213,-1,0)+1,OFFSET(G213,-1,0)))","v":0},{"$f":"IF(AND($C213<=3,$C213<>0),0,IF($C213=4,OFFSET(H213,-1,0)+1,OFFSET(H213,-1,0)))","v":0},{"$f":"IF(AND($C213<=4,$C213<>0),0,IF(AND($C213=\"S\",$X213>0),OFFSET(I213,-1,0)+1,OFFSET(I213,-1,0)))","v":0},531,{"$f":"IF(OR($C213=\"S\",$C213=0),0,MATCH(OFFSET($D213,0,$C213)+IF($C213<>1,1,COUNTIF(QCI!$A$13:$A$41,ORÇAMENTO!E213)),OFFSET($D213,1,$C213,ROW($C$744)-ROW($C213)),0))","v":25},{"$f":"IF(OR($X213>0,$C213=1,$C213=2,$C213=3,$C213=4),\"F\",\"\")","v":"F"},"Meta",{"$f":"CHOOSE(1+LOG(1+2*(C213=1)+4*(C213=2)+8*(C213=3)+16*(C213=4)+32*(C213=\"S\"),2),\"\",\"Meta\",\"Nível 2\",\"Nível 3\",\"Nível 4\",\"Serviço\")","v":"Meta"},{"$f":"IF(OR($C213=0,$L213=\"\"),\"-\",CONCATENATE(E213&\".\",IF(AND($A$5>=2,$C213>=2),F213&\".\",\"\"),IF(AND($A$5>=3,$C213>=3),G213&\".\",\"\"),IF(AND($A$5>=4,$C213>=4),H213&\".\",\"\"),IF($C213=\"S\",I213&\".\",\"\")))","v":"12."},"SINAPI",null,"PINTURAS E ACABAMENTOS",{"$f":"REFERENCIA.Unidade","v":"-"},{"$f":"OFFSET(CÁLCULO!H$15,ROW($T213)-ROW(T$15),0)","v":0},null,"BDI 1",{"$f":"IF($C213=\"S\",ROUND(IF(TIPOORCAMENTO=\"Proposto\",ORÇAMENTO.CustoUnitario*(1+$AH213),ORÇAMENTO.PrecoUnitarioLicitado),15-13*$AF$10),0)","v":0},{"$f":"IF($C213=\"S\",IF(Import.TipoArredondamento<>\"TransfereGOV\",VTOTAL1,SUM(OFFSET(CÁLCULO!$AA$15,ROW($X213)-ROW($X$15),1):OFFSET(CÁLCULO!$AL$15,ROW($X213)-ROW($X$15),-1))),IF($C213=0,0,ROUND(SomaAgrup,15-13*$AF$11)))","v":208499.92},"RA",{"$f":"IF(AND($C213=\"S\",$X213>0),IF(ISBLANK($Y213),\"RA\",LEFT($Y213,2)),\"\")","v":""},{"$f":"IF($C213=\"S\",IF($Z213=\"CP\",$X213,IF($Z213=\"RA\",(($X213)*QCI!$AA$3),0)),SomaAgrup)","v":7425.3080113420719},{"$f":"IF($C213=\"S\",IF($Z213=\"OU\",ROUND($X213,2),0),SomaAgrup)","v":0},{"$f":"IF($N213=\"\",\"\",IF(ORÇAMENTO.Descricao=\"\",\"DESCRIÇÃO\",IF(AND($C213=\"S\",ORÇAMENTO.Unidade=\"\"),\"UNIDADE\",IF($X213<0,\"VALOR NEGATIVO\",IF(OR(AND(TIPOORCAMENTO=\"Proposto\",$AG213<>\"\",$AG213>0,ORÇAMENTO.CustoUnitario>$AG213),AND(TIPOORCAMENTO=\"LICITADO\",ORÇAMENTO.PrecoUnitarioLicitado>$AN213)),\"ACIMA REF.\",\"\")))))","v":""},{"$f":"IF(C213<=CRONO.NivelExibicao,MAX($AD$15:OFFSET(AD213,-1,0))+IF($C213<>1,1,MAX(1,COUNTIF(QCI!$A$13:$A$41,OFFSET($E213,-1,0)))),\"\")","v":36},{"$f":"IF(AND($C213=\"S\",ORÇAMENTO.CodBarra<>\"\"),IF(ORÇAMENTO.Fonte=\"\",ORÇAMENTO.CodBarra,CONCATENATE(ORÇAMENTO.Fonte,\" \",ORÇAMENTO.CodBarra)))","v":false},{"$f":"IF(ISERROR(INDIRECT(ORÇAMENTO.BancoRef)),\"(abra o arquivo 'Referência \"&Excel_BuiltIn_Database&\".xlsm)\",IF(OR($C213<>\"S\",ORÇAMENTO.CodBarra=\"\"),\"(Sem Código)\",IF(ISERROR(MATCH($AE213,INDIRECT(ORÇAMENTO.BancoRef),0)),\"(Código não identificado nas referências)\",MATCH($AE213,INDIRECT(ORÇAMENTO.BancoRef),0))))","v":"(Sem Código)"},{"$f":"ROUND(IF(DESONERACAO=\"sim\",REFERENCIA.Desonerado,REFERENCIA.NaoDesonerado),2)","v":0},{"$f":"ROUND(IF(ISNUMBER(ORÇAMENTO.OpcaoBDI),ORÇAMENTO.OpcaoBDI,IF(LEFT(ORÇAMENTO.OpcaoBDI,3)=\"BDI\",HLOOKUP(ORÇAMENTO.OpcaoBDI,$F$4:$H$5,2,FALSE),0)),15-11*$AF$9)","v":0.25},null,null,null,null,{"$f":"$X213","v":208499.92},{"$f":"ROUND(ORÇAMENTO.CustoUnitario*(1+$AH213),2)","v":0}]
[2,2,2,9,{"$f":"IF($C214=1,OFFSET(E214,-1,0)+MAX(1,COUNTIF(QCI!$A$13:$A$41,OFFSET(ORÇAMENTO!E214,-1,0))),OFFSET(E214,-1,0))","v":12},1,0,0,0,24,{"$f":"IF(OR($C214=\"S\",$C214=0),0,MATCH(OFFSET($D214,0,$C214)+IF($C214<>1,1,COUNTIF(QCI!$A$13:$A$41,ORÇAMENTO!E214)),OFFSET($D214,1,$C214,ROW($C$744)-ROW($C214)),0))","v":9},"F","Nível 2","Nível 2","12.1.","SINAPI",null,"PINTURA PAREDES",{"$f":"REFERENCIA.Unidade","v":"-"},{"$f":"OFFSET(CÁLCULO!H$15,ROW($T214)-ROW(T$15),0)","v":0},null,"BDI 1",{"$f":"IF($C214=\"S\",ROUND(IF(TIPOORCAMENTO=\"Proposto\",ORÇAMENTO.CustoUnitario*(1+$AH214),ORÇAMENTO.PrecoUnitarioLicitado),15-13*$AF$10),0)","v":0},{"$f":"IF($C214=\"S\",IF(Import.TipoArredondamento<>\"TransfereGOV\",VTOTAL1,SUM(OFFSET(CÁLCULO!$AA$15,ROW($X214)-ROW($X$15),1):OFFSET(CÁLCULO!$AL$15,ROW($X214)-ROW($X$15),-1))),IF($C214=0,0,ROUND(SomaAgrup,15-13*$AF$11)))","v":147728.49},"RA","",{"$f":"IF($C214=\"S\",IF($Z214=\"CP\",$X214,IF($Z214=\"RA\",(($X214)*QCI!$AA$3),0)),SomaAgrup)","v":5261.0549697115821},0,{"$f":"IF($N214=\"\",\"\",IF(ORÇAMENTO.Descricao=\"\",\"DESCRIÇÃO\",IF(AND($C214=\"S\",ORÇAMENTO.Unidade=\"\"),\"UNIDADE\",IF($X214<0,\"VALOR NEGATIVO\",IF(OR(AND(TIPOORCAMENTO=\"Proposto\",$AG214<>\"\",$AG214>0,ORÇAMENTO.CustoUnitario>$AG214),AND(TIPOORCAMENTO=\"LICITADO\",ORÇAMENTO.PrecoUnitarioLicitado>$AN214)),\"ACIMA REF.\",\"\")))))","v":""},{"$f":"IF(C214<=CRONO.NivelExibicao,MAX($AD$15:OFFSET(AD214,-1,0))+IF($C214<>1,1,MAX(1,COUNTIF(QCI!$A$13:$A$41,OFFSET($E214,-1,0)))),\"\")","v":37},{"$f":"IF(AND($C214=\"S\",ORÇAMENTO.CodBarra<>\"\"),IF(ORÇAMENTO.Fonte=\"\",ORÇAMENTO.CodBarra,CONCATENATE(ORÇAMENTO.Fonte,\" \",ORÇAMENTO.CodBarra)))","v":false},{"$f":"IF(ISERROR(INDIRECT(ORÇAMENTO.BancoRef)),\"(abra o arquivo 'Referência \"&Excel_BuiltIn_Database&\".xlsm)\",IF(OR($C214<>\"S\",ORÇAMENTO.CodBarra=\"\"),\"(Sem Código)\",IF(ISERROR(MATCH($AE214,INDIRECT(ORÇAMENTO.BancoRef),0)),\"(Código não identificado nas referências)\",MATCH($AE214,INDIRECT(ORÇAMENTO.BancoRef),0))))","v":"(Sem Código)"},{"$f":"ROUND(IF(DESONERACAO=\"sim\",REFERENCIA.Desonerado,REFERENCIA.NaoDesonerado),2)","v":0},0.25,null,null,null,null,147728.49,0]
["S",2,"S",0,{"$f":"IF($C215=1,OFFSET(E215,-1,0)+MAX(1,COUNTIF(QCI!$A$13:$A$41,OFFSET(ORÇAMENTO!E215,-1,0))),OFFSET(E215,-1,0))","v":12},1,0,0,1,0,{"$f":"IF(OR($C215=\"S\",$C215=0),0,MATCH(OFFSET($D215,0,$C215)+IF($C215<>1,1,COUNTIF(QCI!$A$13:$A$41,ORÇAMENTO!E215)),OFFSET($D215,1,$C215,ROW($C$744)-ROW($C215)),0))","v":0},"F","Serviço","Serviço","12.1.1.","SINAPI","88497","EMASSAMENTO COM MASSA LÁTEX, APLICAÇÃO EM PAREDE, DUAS DEMÃOS, LIXAMENTO MANUAL. AF_04/2023",{"$f":"REFERENCIA.Unidade","v":"M2"},{"$f":"OFFSET(CÁLCULO!H$15,ROW($T215)-ROW(T$15),0)","v":2827.9},19.690000000000001,"BDI 1",{"$f":"IF($C215=\"S\",ROUND(IF(TIPOORCAMENTO=\"Proposto\",ORÇAMENTO.CustoUnitario*(1+$AH215),ORÇAMENTO.PrecoUnitarioLicitado),15-13*$AF$10),0)","v":24.61},{"$f":"IF($C215=\"S\",IF(Import.TipoArredondamento<>\"TransfereGOV\",VTOTAL1,SUM(OFFSET(CÁLCULO!$AA$15,ROW($X215)-ROW($X$15),1):OFFSET(CÁLCULO!$AL$15,ROW($X215)-ROW($X$15),-1))),IF($C215=0,0,ROUND(SomaAgrup,15-13*$AF$11)))","v":69594.62},"RA","RA",{"$f":"IF($C215=\"S\",IF($Z215=\"CP\",$X215,IF($Z215=\"RA\",(($X215)*QCI!$AA$3),0)),SomaAgrup)","v":2478.4733223509497},0,{"$f":"IF($N215=\"\",\"\",IF(ORÇAMENTO.Descricao=\"\",\"DESCRIÇÃO\",IF(AND($C215=\"S\",ORÇAMENTO.Unidade=\"\"),\"UNIDADE\",IF($X215<0,\"VALOR NEGATIVO\",IF(OR(AND(TIPOORCAMENTO=\"Proposto\",$AG215<>\"\",$AG215>0,ORÇAMENTO.CustoUnitario>$AG215),AND(TIPOORCAMENTO=\"LICITADO\",ORÇAMENTO.PrecoUnitarioLicitado>$AN215)),\"ACIMA REF.\",\"\")))))","v":""},{"$f":"IF(C215<=CRONO.NivelExibicao,MAX($AD$15:OFFSET(AD215,-1,0))+IF($C215<>1,1,MAX(1,COUNTIF(QCI!$A$13:$A$41,OFFSET($E215,-1,0)))),\"\")","v":""},{"$f":"IF(AND($C215=\"S\",ORÇAMENTO.CodBarra<>\"\"),IF(ORÇAMENTO.Fonte=\"\",ORÇAMENTO.CodBarra,CONCATENATE(ORÇAMENTO.Fonte,\" \",ORÇAMENTO.CodBarra)))","v":"SINAPI 88497"},{"$f":"IF(ISERROR(INDIRECT(ORÇAMENTO.BancoRef)),\"(abra o arquivo 'Referência \"&Excel_BuiltIn_Database&\".xlsm)\",IF(OR($C215<>\"S\",ORÇAMENTO.CodBarra=\"\"),\"(Sem Código)\",IF(ISERROR(MATCH($AE215,INDIRECT(ORÇAMENTO.BancoRef),0)),\"(Código não identificado nas referências)\",MATCH($AE215,INDIRECT(ORÇAMENTO.BancoRef),0))))","v":6378},{"$f":"ROUND(IF(DESONERACAO=\"sim\",REFERENCIA.Desonerado,REFERENCIA.NaoDesonerado),2)","v":19.690000000000001},0.25,null,2827.9,null,null,69594.62,24.61]
["S",2,"S",0,{"$f":"IF($C216=1,OFFSET(E216,-1,0)+MAX(1,COUNTIF(QCI!$A$13:$A$41,OFFSET(ORÇAMENTO!E216,-1,0))),OFFSET(E216,-1,0))","v":12},1,0,0,2,0,{"$f":"IF(OR($C216=\"S\",$C216=0),0,MATCH(OFFSET($D216,0,$C216)+IF($C216<>1,1,COUNTIF(QCI!$A$13:$A$41,ORÇAMENTO!E216)),OFFSET($D216,1,$C216,ROW($C$744)-ROW($C216)),0))","v":0},"F","Serviço","Serviço","12.1.2.","SINAPI","FNDE 402","PINTURA LÁTEX ACRÍLICA, COR BRANCO GELO, APLICAÇÃO MANUAL EM PAREDES, DUAS DEMÃOS","M2",{"$f":"OFFSET(CÁLCULO!H$15,ROW($T216)-ROW(T$15),0)","v":2143.17},13.844173000000001,"BDI 1",{"$f":"IF($C216=\"S\",ROUND(IF(TIPOORCAMENTO=\"Proposto\",ORÇAMENTO.CustoUnitario*(1+$AH216),ORÇAMENTO.PrecoUnitarioLicitado),15-13*$AF$10),0)","v":17.3},{"$f":"IF($C216=\"S\",IF(Import.TipoArredondamento<>\"TransfereGOV\",VTOTAL1,SUM(OFFSET(CÁLCULO!$AA$15,ROW($X216)-ROW($X$15),1):OFFSET(CÁLCULO!$AL$15,ROW($X216)-ROW($X$15),-1))),IF($C216=0,0,ROUND(SomaAgrup,15-13*$AF$11)))","v":37076.839999999997},"RA","RA",{"$f":"IF($C216=\"S\",IF($Z216=\"CP\",$X216,IF($Z216=\"RA\",(($X216)*QCI!$AA$3),0)),SomaAgrup)","v":1320.4175670055326},0,{"$f":"IF($N216=\"\",\"\",IF(ORÇAMENTO.Descricao=\"\",\"DESCRIÇÃO\",IF(AND($C216=\"S\",ORÇAMENTO.Unidade=\"\"),\"UNIDADE\",IF($X216<0,\"VALOR NEGATIVO\",IF(OR(AND(TIPOORCAMENTO=\"Proposto\",$AG216<>\"\",$AG216>0,ORÇAMENTO.CustoUnitario>$AG216),AND(TIPOORCAMENTO=\"LICITADO\",ORÇAMENTO.PrecoUnitarioLicitado>$AN216)),\"ACIMA REF.\",\"\")))))","v":""},{"$f":"IF(C216<=CRONO.NivelExibicao,MAX($AD$15:OFFSET(AD216,-1,0))+IF($C216<>1,1,MAX(1,COUNTIF(QCI!$A$13:$A$41,OFFSET($E216,-1,0)))),\"\")","v":""},{"$f":"IF(AND($C216=\"S\",ORÇAMENTO.CodBarra<>\"\"),IF(ORÇAMENTO.Fonte=\"\",ORÇAMENTO.CodBarra,CONCATENATE(ORÇAMENTO.Fonte,\" \",ORÇAMENTO.CodBarra)))","v":"SINAPI FNDE 402"},{"$f":"IF(ISERROR(INDIRECT(ORÇAMENTO.BancoRef)),\"(abra o arquivo 'Referência \"&Excel_BuiltIn_Database&\".xlsm)\",IF(OR($C216<>\"S\",ORÇAMENTO.CodBarra=\"\"),\"(Sem Código)\",IF(ISERROR(MATCH($AE216,INDIRECT(ORÇAMENTO.BancoRef),0)),\"(Código não identificado nas referências)\",MATCH($AE216,INDIRECT(ORÇAMENTO.BancoRef),0))))","v":"(Código não identificado nas referências)"},{"$f":"ROUND(IF(DESONERACAO=\"sim\",REFERENCIA.Desonerado,REFERENCIA.NaoDesonerado),2)","v":0},0.25,null,2143.17,null,null,37076.839999999997,17.3]
["S",2,"S",0,{"$f":"IF($C217=1,OFFSET(E217,-1,0)+MAX(1,COUNTIF(QCI!$A$13:$A$41,OFFSET(ORÇAMENTO!E217,-1,0))),OFFSET(E217,-1,0))","v":12},1,0,0,3,0,{"$f":"IF(OR($C217=\"S\",$C217=0),0,MATCH(OFFSET($D217,0,$C217)+IF($C217<>1,1,COUNTIF(QCI!$A$13:$A$41,ORÇAMENTO!E217)),OFFSET($D217,1,$C217,ROW($C$744)-ROW($C217)),0))","v":0},"F","Serviço","Serviço","12.1.3.","SINAPI","FNDE 403","PINTURA LÁTEX ACRÍLICA, COR VERMELHO, APLICAÇÃO MANUAL EM PAREDES, DUAS DEMÃOS","M2",{"$f":"OFFSET(CÁLCULO!H$15,ROW($T217)-ROW(T$15),0)","v":14.86},13.844173000000001,"BDI 1",{"$f":"IF($C217=\"S\",ROUND(IF(TIPOORCAMENTO=\"Proposto\",ORÇAMENTO.CustoUnitario*(1+$AH217),ORÇAMENTO.PrecoUnitarioLicitado),15-13*$AF$10),0)","v":17.3},{"$f":"IF($C217=\"S\",IF(Import.TipoArredondamento<>\"TransfereGOV\",VTOTAL1,SUM(OFFSET(CÁLCULO!$AA$15,ROW($X217)-ROW($X$15),1):OFFSET(CÁLCULO!$AL$15,ROW($X217)-ROW($X$15),-1))),IF($C217=0,0,ROUND(SomaAgrup,15-13*$AF$11)))","v":257.08},"RA","RA",{"$f":"IF($C217=\"S\",IF($Z217=\"CP\",$X217,IF($Z217=\"RA\",(($X217)*QCI!$AA$3),0)),SomaAgrup)","v":9.1553904843504021},0,{"$f":"IF($N217=\"\",\"\",IF(ORÇAMENTO.Descricao=\"\",\"DESCRIÇÃO\",IF(AND($C217=\"S\",ORÇAMENTO.Unidade=\"\"),\"UNIDADE\",IF($X217<0,\"VALOR NEGATIVO\",IF(OR(AND(TIPOORCAMENTO=\"Proposto\",$AG217<>\"\",$AG217>0,ORÇAMENTO.CustoUnitario>$AG217),AND(TIPOORCAMENTO=\"LICITADO\",ORÇAMENTO.PrecoUnitarioLicitado>$AN217)),\"ACIMA REF.\",\"\")))))","v":""},{"$f":"IF(C217<=CRONO.NivelExibicao,MAX($AD$15:OFFSET(AD217,-1,0))+IF($C217<>1,1,MAX(1,COUNTIF(QCI!$A$13:$A$41,OFFSET($E217,-1,0)))),\"\")","v":""},{"$f":"IF(AND($C217=\"S\",ORÇAMENTO.CodBarra<>\"\"),IF(ORÇAMENTO.Fonte=\"\",ORÇAMENTO.CodBarra,CONCATENATE(ORÇAMENTO.Fonte,\" \",ORÇAMENTO.CodBarra)))","v":"SINAPI FNDE 403"},{"$f":"IF(ISERROR(INDIRECT(ORÇAMENTO.BancoRef)),\"(abra o arquivo 'Referência \"&Excel_BuiltIn_Database&\".xlsm)\",IF(OR($C217<>\"S\",ORÇAMENTO.CodBarra=\"\"),\"(Sem Código)\",IF(ISERROR(MATCH($AE217,INDIRECT(ORÇAMENTO.BancoRef),0)),\"(Código não identificado nas referências)\",MATCH($AE217,INDIRECT(ORÇAMENTO.BancoRef),0))))","v":"(Código não identificado nas referências)"},{"$f":"ROUND(IF(DESONERACAO=\"sim\",REFERENCIA.Desonerado,REFERENCIA.NaoDesonerado),2)","v":0},0.25,null,14.86,null,null,257.08,17.3]
["S",2,"S",0,{"$f":"IF($C218=1,OFFSET(E218,-1,0)+MAX(1,COUNTIF(QCI!$A$13:$A$41,OFFSET(ORÇAMENTO!E218,-1,0))),OFFSET(E218,-1,0))","v":12},1,0,0,4,0,{"$f":"IF(OR($C218=\"S\",$C218=0),0,MATCH(OFFSET($D218,0,$C218)+IF($C218<>1,1,COUNTIF(QCI!$A$13:$A$41,ORÇAMENTO!E218)),OFFSET($D218,1,$C218,ROW($C$744)-ROW($C218)),0))","v":0},"F","Serviço","Serviço","12.1.4.","SINAPI","FNDE 404","PINTURA LÁTEX ACRÍLICA, COR CINZA, APLICAÇÃO MANUAL EM PAREDES, DUAS DEMÃOS","M2",{"$f":"OFFSET(CÁLCULO!H$15,ROW($T218)-ROW(T$15),0)","v":534.91},13.844173000000001,"BDI 1",{"$f":"IF($C218=\"S\",ROUND(IF(TIPOORCAMENTO=\"Proposto\",ORÇAMENTO.CustoUnitario*(1+$AH218),ORÇAMENTO.PrecoUnitarioLicitado),15-13*$AF$10),0)","v":17.3},{"$f":"IF($C218=\"S\",IF(Import.TipoArredondamento<>\"TransfereGOV\",VTOTAL1,SUM(OFFSET(CÁLCULO!$AA$15,ROW($X218)-ROW($X$15),1):OFFSET(CÁLCULO!$AL$15,ROW($X218)-ROW($X$15),-1))),IF($C218=0,0,ROUND(SomaAgrup,15-13*$AF$11)))","v":9253.94},"RA","RA",{"$f":"IF($C218=\"S\",IF($Z218=\"CP\",$X218,IF($Z218=\"RA\",(($X218)*QCI!$AA$3),0)),SomaAgrup)","v":329.56058121498978},0,{"$f":"IF($N218=\"\",\"\",IF(ORÇAMENTO.Descricao=\"\",\"DESCRIÇÃO\",IF(AND($C218=\"S\",ORÇAMENTO.Unidade=\"\"),\"UNIDADE\",IF($X218<0,\"VALOR NEGATIVO\",IF(OR(AND(TIPOORCAMENTO=\"Proposto\",$AG218<>\"\",$AG218>0,ORÇAMENTO.CustoUnitario>$AG218),AND(TIPOORCAMENTO=\"LICITADO\",ORÇAMENTO.PrecoUnitarioLicitado>$AN218)),\"ACIMA REF.\",\"\")))))","v":""},{"$f":"IF(C218<=CRONO.NivelExibicao,MAX($AD$15:OFFSET(AD218,-1,0))+IF($C218<>1,1,MAX(1,COUNTIF(QCI!$A$13:$A$41,OFFSET($E218,-1,0)))),\"\")","v":""},{"$f":"IF(AND($C218=\"S\",ORÇAMENTO.CodBarra<>\"\"),IF(ORÇAMENTO.Fonte=\"\",ORÇAMENTO.CodBarra,CONCATENATE(ORÇAMENTO.Fonte,\" \",ORÇAMENTO.CodBarra)))","v":"SINAPI FNDE 404"},{"$f":"IF(ISERROR(INDIRECT(ORÇAMENTO.BancoRef)),\"(abra o arquivo 'Referência \"&Excel_BuiltIn_Database&\".xlsm)\",IF(OR($C218<>\"S\",ORÇAMENTO.CodBarra=\"\"),\"(Sem Código)\",IF(ISERROR(MATCH($AE218,INDIRECT(ORÇAMENTO.BancoRef),0)),\"(Código não identificado nas referências)\",MATCH($AE218,INDIRECT(ORÇAMENTO.BancoRef),0))))","v":"(Código não identificado nas referências)"},{"$f":"ROUND(IF(DESONERACAO=\"sim\",REFERENCIA.Desonerado,REFERENCIA.NaoDesonerado),2)","v":0},0.25,null,534.91,null,null,9253.94,17.3]
["S",2,"S",0,{"$f":"IF($C219=1,OFFSET(E219,-1,0)+MAX(1,COUNTIF(QCI!$A$13:$A$41,OFFSET(ORÇAMENTO!E219,-1,0))),OFFSET(E219,-1,0))","v":12},1,0,0,5,0,{"$f":"IF(OR($C219=\"S\",$C219=0),0,MATCH(OFFSET($D219,0,$C219)+IF($C219<>1,1,COUNTIF(QCI!$A$13:$A$41,ORÇAMENTO!E219)),OFFSET($D219,1,$C219,ROW($C$744)-ROW($C219)),0))","v":0},"F","Serviço","Serviço","12.1.5.","SINAPI","FNDE 405","PINTURA LÁTEX ACRÍLICA, COR AZUL, APLICAÇÃO MANUAL EM PAREDES, DUAS DEMÃOS","M2",{"$f":"OFFSET(CÁLCULO!H$15,ROW($T219)-ROW(T$15),0)","v":152.01},13.844173000000001,"BDI 1",{"$f":"IF($C219=\"S\",ROUND(IF(TIPOORCAMENTO=\"Proposto\",ORÇAMENTO.CustoUnitario*(1+$AH219),ORÇAMENTO.PrecoUnitarioLicitado),15-13*$AF$10),0)","v":17.3},{"$f":"IF($C219=\"S\",IF(Import.TipoArredondamento<>\"TransfereGOV\",VTOTAL1,SUM(OFFSET(CÁLCULO!$AA$15,ROW($X219)-ROW($X$15),1):OFFSET(CÁLCULO!$AL$15,ROW($X219)-ROW($X$15),-1))),IF($C219=0,0,ROUND(SomaAgrup,15-13*$AF$11)))","v":2629.77},"RA","RA",{"$f":"IF($C219=\"S\",IF($Z219=\"CP\",$X219,IF($Z219=\"RA\",(($X219)*QCI!$AA$3),0)),SomaAgrup)","v":93.654003555430833},0,{"$f":"IF($N219=\"\",\"\",IF(ORÇAMENTO.Descricao=\"\",\"DESCRIÇÃO\",IF(AND($C219=\"S\",ORÇAMENTO.Unidade=\"\"),\"UNIDADE\",IF($X219<0,\"VALOR NEGATIVO\",IF(OR(AND(TIPOORCAMENTO=\"Proposto\",$AG219<>\"\",$AG219>0,ORÇAMENTO.CustoUnitario>$AG219),AND(TIPOORCAMENTO=\"LICITADO\",ORÇAMENTO.PrecoUnitarioLicitado>$AN219)),\"ACIMA REF.\",\"\")))))","v":""},{"$f":"IF(C219<=CRONO.NivelExibicao,MAX($AD$15:OFFSET(AD219,-1,0))+IF($C219<>1,1,MAX(1,COUNTIF(QCI!$A$13:$A$41,OFFSET($E219,-1,0)))),\"\")","v":""},{"$f":"IF(AND($C219=\"S\",ORÇAMENTO.CodBarra<>\"\"),IF(ORÇAMENTO.Fonte=\"\",ORÇAMENTO.CodBarra,CONCATENATE(ORÇAMENTO.Fonte,\" \",ORÇAMENTO.CodBarra)))","v":"SINAPI FNDE 405"},{"$f":"IF(ISERROR(INDIRECT(ORÇAMENTO.BancoRef)),\"(abra o arquivo 'Referência \"&Excel_BuiltIn_Database&\".xlsm)\",IF(OR($C219<>\"S\",ORÇAMENTO.CodBarra=\"\"),\"(Sem Código)\",IF(ISERROR(MATCH($AE219,INDIRECT(ORÇAMENTO.BancoRef),0)),\"(Código não identificado nas referências)\",MATCH($AE219,INDIRECT(ORÇAMENTO.BancoRef),0))))","v":"(Código não identificado nas referências)"},{"$f":"ROUND(IF(DESONERACAO=\"sim\",REFERENCIA.Desonerado,REFERENCIA.NaoDesonerado),2)","v":0},0.25,null,152.01,null,null,2629.77,17.3]
["S",2,"S",0,{"$f":"IF($C220=1,OFFSET(E220,-1,0)+MAX(1,COUNTIF(QCI!$A$13:$A$41,OFFSET(ORÇAMENTO!E220,-1,0))),OFFSET(E220,-1,0))","v":12},1,0,0,6,0,{"$f":"IF(OR($C220=\"S\",$C220=0),0,MATCH(OFFSET($D220,0,$C220)+IF($C220<>1,1,COUNTIF(QCI!$A$13:$A$41,ORÇAMENTO!E220)),OFFSET($D220,1,$C220,ROW($C$744)-ROW($C220)),0))","v":0},"F","Serviço","Serviço","12.1.6.","SINAPI","FNDE 35","PINTURA COM TINTA EPÓXI EM PAREDES, COR VERDE,  APLICAÇÃO MANUAL, 2 DEMÃOS, INCLUSO PRIMER EPÓXI","M2",{"$f":"OFFSET(CÁLCULO!H$15,ROW($T220)-ROW(T$15),0)","v":90.54},135.56626,"BDI 1",{"$f":"IF($C220=\"S\",ROUND(IF(TIPOORCAMENTO=\"Proposto\",ORÇAMENTO.CustoUnitario*(1+$AH220),ORÇAMENTO.PrecoUnitarioLicitado),15-13*$AF$10),0)","v":169.46},{"$f":"IF($C220=\"S\",IF(Import.TipoArredondamento<>\"TransfereGOV\",VTOTAL1,SUM(OFFSET(CÁLCULO!$AA$15,ROW($X220)-ROW($X$15),1):OFFSET(CÁLCULO!$AL$15,ROW($X220)-ROW($X$15),-1))),IF($C220=0,0,ROUND(SomaAgrup,15-13*$AF$11)))","v":15342.91},"RA","RA",{"$f":"IF($C220=\"S\",IF($Z220=\"CP\",$X220,IF($Z220=\"RA\",(($X220)*QCI!$AA$3),0)),SomaAgrup)","v":546.40708034948125},0,{"$f":"IF($N220=\"\",\"\",IF(ORÇAMENTO.Descricao=\"\",\"DESCRIÇÃO\",IF(AND($C220=\"S\",ORÇAMENTO.Unidade=\"\"),\"UNIDADE\",IF($X220<0,\"VALOR NEGATIVO\",IF(OR(AND(TIPOORCAMENTO=\"Proposto\",$AG220<>\"\",$AG220>0,ORÇAMENTO.CustoUnitario>$AG220),AND(TIPOORCAMENTO=\"LICITADO\",ORÇAMENTO.PrecoUnitarioLicitado>$AN220)),\"ACIMA REF.\",\"\")))))","v":""},{"$f":"IF(C220<=CRONO.NivelExibicao,MAX($AD$15:OFFSET(AD220,-1,0))+IF($C220<>1,1,MAX(1,COUNTIF(QCI!$A$13:$A$41,OFFSET($E220,-1,0)))),\"\")","v":""},{"$f":"IF(AND($C220=\"S\",ORÇAMENTO.CodBarra<>\"\"),IF(ORÇAMENTO.Fonte=\"\",ORÇAMENTO.CodBarra,CONCATENATE(ORÇAMENTO.Fonte,\" \",ORÇAMENTO.CodBarra)))","v":"SINAPI FNDE 35"},{"$f":"IF(ISERROR(INDIRECT(ORÇAMENTO.BancoRef)),\"(abra o arquivo 'Referência \"&Excel_BuiltIn_Database&\".xlsm)\",IF(OR($C220<>\"S\",ORÇAMENTO.CodBarra=\"\"),\"(Sem Código)\",IF(ISERROR(MATCH($AE220,INDIRECT(ORÇAMENTO.BancoRef),0)),\"(Código não identificado nas referências)\",MATCH($AE220,INDIRECT(ORÇAMENTO.BancoRef),0))))","v":"(Código não identificado nas referências)"},{"$f":"ROUND(IF(DESONERACAO=\"sim\",REFERENCIA.Desonerado,REFERENCIA.NaoDesonerado),2)","v":0},0.25,null,90.54,null,null,15342.91,169.46]
["S",2,"S",0,{"$f":"IF($C221=1,OFFSET(E221,-1,0)+MAX(1,COUNTIF(QCI!$A$13:$A$41,OFFSET(ORÇAMENTO!E221,-1,0))),OFFSET(E221,-1,0))","v":12},1,0,0,7,0,{"$f":"IF(OR($C221=\"S\",$C221=0),0,MATCH(OFFSET($D221,0,$C221)+IF($C221<>1,1,COUNTIF(QCI!$A$13:$A$41,ORÇAMENTO!E221)),OFFSET($D221,1,$C221,ROW($C$744)-ROW($C221)),0))","v":0},"F","Serviço","Serviço","12.1.7.","SINAPI","FNDE 36","PINTURA COM TINTA EPÓXI EM PAREDES, COR LARANJA,  APLICAÇÃO MANUAL, 2 DEMÃOS, INCLUSO PRIMER EPÓXI","M2",{"$f":"OFFSET(CÁLCULO!H$15,ROW($T221)-ROW(T$15),0)","v":78.13},135.56626,"BDI 1",{"$f":"IF($C221=\"S\",ROUND(IF(TIPOORCAMENTO=\"Proposto\",ORÇAMENTO.CustoUnitario*(1+$AH221),ORÇAMENTO.PrecoUnitarioLicitado),15-13*$AF$10),0)","v":169.46},{"$f":"IF($C221=\"S\",IF(Import.TipoArredondamento<>\"TransfereGOV\",VTOTAL1,SUM(OFFSET(CÁLCULO!$AA$15,ROW($X221)-ROW($X$15),1):OFFSET(CÁLCULO!$AL$15,ROW($X221)-ROW($X$15),-1))),IF($C221=0,0,ROUND(SomaAgrup,15-13*$AF$11)))","v":13239.91},"RA","RA",{"$f":"IF($C221=\"S\",IF($Z221=\"CP\",$X221,IF($Z221=\"RA\",(($X221)*QCI!$AA$3),0)),SomaAgrup)","v":471.51293771454698},0,{"$f":"IF($N221=\"\",\"\",IF(ORÇAMENTO.Descricao=\"\",\"DESCRIÇÃO\",IF(AND($C221=\"S\",ORÇAMENTO.Unidade=\"\"),\"UNIDADE\",IF($X221<0,\"VALOR NEGATIVO\",IF(OR(AND(TIPOORCAMENTO=\"Proposto\",$AG221<>\"\",$AG221>0,ORÇAMENTO.CustoUnitario>$AG221),AND(TIPOORCAMENTO=\"LICITADO\",ORÇAMENTO.PrecoUnitarioLicitado>$AN221)),\"ACIMA REF.\",\"\")))))","v":""},{"$f":"IF(C221<=CRONO.NivelExibicao,MAX($AD$15:OFFSET(AD221,-1,0))+IF($C221<>1,1,MAX(1,COUNTIF(QCI!$A$13:$A$41,OFFSET($E221,-1,0)))),\"\")","v":""},{"$f":"IF(AND($C221=\"S\",ORÇAMENTO.CodBarra<>\"\"),IF(ORÇAMENTO.Fonte=\"\",ORÇAMENTO.CodBarra,CONCATENATE(ORÇAMENTO.Fonte,\" \",ORÇAMENTO.CodBarra)))","v":"SINAPI FNDE 36"},{"$f":"IF(ISERROR(INDIRECT(ORÇAMENTO.BancoRef)),\"(abra o arquivo 'Referência \"&Excel_BuiltIn_Database&\".xlsm)\",IF(OR($C221<>\"S\",ORÇAMENTO.CodBarra=\"\"),\"(Sem Código)\",IF(ISERROR(MATCH($AE221,INDIRECT(ORÇAMENTO.BancoRef),0)),\"(Código não identificado nas referências)\",MATCH($AE221,INDIRECT(ORÇAMENTO.BancoRef),0))))","v":"(Código não identificado nas referências)"},{"$f":"ROUND(IF(DESONERACAO=\"sim\",REFERENCIA.Desonerado,REFERENCIA.NaoDesonerado),2)","v":0},0.25,null,78.13,null,null,13239.91,169.46]
["S",2,"S",0,{"$f":"IF($C222=1,OFFSET(E222,-1,0)+MAX(1,COUNTIF(QCI!$A$13:$A$41,OFFSET(ORÇAMENTO!E222,-1,0))),OFFSET(E222,-1,0))","v":12},1,0,0,8,0,{"$f":"IF(OR($C222=\"S\",$C222=0),0,MATCH(OFFSET($D222,0,$C222)+IF($C222<>1,1,COUNTIF(QCI!$A$13:$A$41,ORÇAMENTO!E222)),OFFSET($D222,1,$C222,ROW($C$744)-ROW($C222)),0))","v":0},"F","Serviço","Serviço","12.1.8.","SINAPI","FNDE 201","PINTURA EM ESMALTE SINTÉTICO EM RODAMEIO DE MADEIRA, 2 DEMÃOS - COR BRANCO","M2",{"$f":"OFFSET(CÁLCULO!H$15,ROW($T222)-ROW(T$15),0)","v":15.19},17.560528000000001,"BDI 1",{"$f":"IF($C222=\"S\",ROUND(IF(TIPOORCAMENTO=\"Proposto\",ORÇAMENTO.CustoUnitario*(1+$AH222),ORÇAMENTO.PrecoUnitarioLicitado),15-13*$AF$10),0)","v":21.95},{"$f":"IF($C222=\"S\",IF(Import.TipoArredondamento<>\"TransfereGOV\",VTOTAL1,SUM(OFFSET(CÁLCULO!$AA$15,ROW($X222)-ROW($X$15),1):OFFSET(CÁLCULO!$AL$15,ROW($X222)-ROW($X$15),-1))),IF($C222=0,0,ROUND(SomaAgrup,15-13*$AF$11)))","v":333.42},"RA","RA",{"$f":"IF($C222=\"S\",IF($Z222=\"CP\",$X222,IF($Z222=\"RA\",(($X222)*QCI!$AA$3),0)),SomaAgrup)","v":11.874087036300418},0,{"$f":"IF($N222=\"\",\"\",IF(ORÇAMENTO.Descricao=\"\",\"DESCRIÇÃO\",IF(AND($C222=\"S\",ORÇAMENTO.Unidade=\"\"),\"UNIDADE\",IF($X222<0,\"VALOR NEGATIVO\",IF(OR(AND(TIPOORCAMENTO=\"Proposto\",$AG222<>\"\",$AG222>0,ORÇAMENTO.CustoUnitario>$AG222),AND(TIPOORCAMENTO=\"LICITADO\",ORÇAMENTO.PrecoUnitarioLicitado>$AN222)),\"ACIMA REF.\",\"\")))))","v":""},{"$f":"IF(C222<=CRONO.NivelExibicao,MAX($AD$15:OFFSET(AD222,-1,0))+IF($C222<>1,1,MAX(1,COUNTIF(QCI!$A$13:$A$41,OFFSET($E222,-1,0)))),\"\")","v":""},{"$f":"IF(AND($C222=\"S\",ORÇAMENTO.CodBarra<>\"\"),IF(ORÇAMENTO.Fonte=\"\",ORÇAMENTO.CodBarra,CONCATENATE(ORÇAMENTO.Fonte,\" \",ORÇAMENTO.CodBarra)))","v":"SINAPI FNDE 201"},{"$f":"IF(ISERROR(INDIRECT(ORÇAMENTO.BancoRef)),\"(abra o arquivo 'Referência \"&Excel_BuiltIn_Database&\".xlsm)\",IF(OR($C222<>\"S\",ORÇAMENTO.CodBarra=\"\"),\"(Sem Código)\",IF(ISERROR(MATCH($AE222,INDIRECT(ORÇAMENTO.BancoRef),0)),\"(Código não identificado nas referências)\",MATCH($AE222,INDIRECT(ORÇAMENTO.BancoRef),0))))","v":"(Código não identificado nas referências)"},{"$f":"ROUND(IF(DESONERACAO=\"sim\",REFERENCIA.Desonerado,REFERENCIA.NaoDesonerado),2)","v":0},0.25,null,15.19,null,null,333.42,21.95]
[2,2,2,3,{"$f":"IF($C223=1,OFFSET(E223,-1,0)+MAX(1,COUNTIF(QCI!$A$13:$A$41,OFFSET(ORÇAMENTO!E223,-1,0))),OFFSET(E223,-1,0))","v":12},2,0,0,0,15,{"$f":"IF(OR($C223=\"S\",$C223=0),0,MATCH(OFFSET($D223,0,$C223)+IF($C223<>1,1,COUNTIF(QCI!$A$13:$A$41,ORÇAMENTO!E223)),OFFSET($D223,1,$C223,ROW($C$744)-ROW($C223)),0))","v":3},"F","Nível 2","Nível 2","12.2.","SINAPI",null,"Pintura de forros",{"$f":"REFERENCIA.Unidade","v":"-"},{"$f":"OFFSET(CÁLCULO!H$15,ROW($T223)-ROW(T$15),0)","v":0},null,"BDI 1",{"$f":"IF($C223=\"S\",ROUND(IF(TIPOORCAMENTO=\"Proposto\",ORÇAMENTO.CustoUnitario*(1+$AH223),ORÇAMENTO.PrecoUnitarioLicitado),15-13*$AF$10),0)","v":0},{"$f":"IF($C223=\"S\",IF(Import.TipoArredondamento<>\"TransfereGOV\",VTOTAL1,SUM(OFFSET(CÁLCULO!$AA$15,ROW($X223)-ROW($X$15),1):OFFSET(CÁLCULO!$AL$15,ROW($X223)-ROW($X$15),-1))),IF($C223=0,0,ROUND(SomaAgrup,15-13*$AF$11)))","v":57963.98},"RA","",{"$f":"IF($C223=\"S\",IF($Z223=\"CP\",$X223,IF($Z223=\"RA\",(($X223)*QCI!$AA$3),0)),SomaAgrup)","v":2064.2713199279488},0,{"$f":"IF($N223=\"\",\"\",IF(ORÇAMENTO.Descricao=\"\",\"DESCRIÇÃO\",IF(AND($C223=\"S\",ORÇAMENTO.Unidade=\"\"),\"UNIDADE\",IF($X223<0,\"VALOR NEGATIVO\",IF(OR(AND(TIPOORCAMENTO=\"Proposto\",$AG223<>\"\",$AG223>0,ORÇAMENTO.CustoUnitario>$AG223),AND(TIPOORCAMENTO=\"LICITADO\",ORÇAMENTO.PrecoUnitarioLicitado>$AN223)),\"ACIMA REF.\",\"\")))))","v":""},{"$f":"IF(C223<=CRONO.NivelExibicao,MAX($AD$15:OFFSET(AD223,-1,0))+IF($C223<>1,1,MAX(1,COUNTIF(QCI!$A$13:$A$41,OFFSET($E223,-1,0)))),\"\")","v":38},{"$f":"IF(AND($C223=\"S\",ORÇAMENTO.CodBarra<>\"\"),IF(ORÇAMENTO.Fonte=\"\",ORÇAMENTO.CodBarra,CONCATENATE(ORÇAMENTO.Fonte,\" \",ORÇAMENTO.CodBarra)))","v":false},{"$f":"IF(ISERROR(INDIRECT(ORÇAMENTO.BancoRef)),\"(abra o arquivo 'Referência \"&Excel_BuiltIn_Database&\".xlsm)\",IF(OR($C223<>\"S\",ORÇAMENTO.CodBarra=\"\"),\"(Sem Código)\",IF(ISERROR(MATCH($AE223,INDIRECT(ORÇAMENTO.BancoRef),0)),\"(Código não identificado nas referências)\",MATCH($AE223,INDIRECT(ORÇAMENTO.BancoRef),0))))","v":"(Sem Código)"},{"$f":"ROUND(IF(DESONERACAO=\"sim\",REFERENCIA.Desonerado,REFERENCIA.NaoDesonerado),2)","v":0},0.25,null,null,null,null,57963.98,0]
["S",2,"S",0,{"$f":"IF($C224=1,OFFSET(E224,-1,0)+MAX(1,COUNTIF(QCI!$A$13:$A$41,OFFSET(ORÇAMENTO!E224,-1,0))),OFFSET(E224,-1,0))","v":12},2,0,0,1,0,{"$f":"IF(OR($C224=\"S\",$C224=0),0,MATCH(OFFSET($D224,0,$C224)+IF($C224<>1,1,COUNTIF(QCI!$A$13:$A$41,ORÇAMENTO!E224)),OFFSET($D224,1,$C224,ROW($C$744)-ROW($C224)),0))","v":0},"F","Serviço","Serviço","12.2.1.","SINAPI","88494","EMASSAMENTO COM MASSA LÁTEX, APLICAÇÃO EM TETO, UMA DEMÃO, LIXAMENTO MANUAL. AF_04/2023",{"$f":"REFERENCIA.Unidade","v":"M2"},{"$f":"OFFSET(CÁLCULO!H$15,ROW($T224)-ROW(T$15),0)","v":1208.5899999999999},{"$f":"ROUND(IF(DESONERACAO=\"sim\",REFERENCIA.Desonerado,REFERENCIA.NaoDesonerado),2)","v":22.17},"BDI 1",{"$f":"IF($C224=\"S\",ROUND(IF(TIPOORCAMENTO=\"Proposto\",ORÇAMENTO.CustoUnitario*(1+$AH224),ORÇAMENTO.PrecoUnitarioLicitado),15-13*$AF$10),0)","v":27.71},{"$f":"IF($C224=\"S\",IF(Import.TipoArredondamento<>\"TransfereGOV\",VTOTAL1,SUM(OFFSET(CÁLCULO!$AA$15,ROW($X224)-ROW($X$15),1):OFFSET(CÁLCULO!$AL$15,ROW($X224)-ROW($X$15),-1))),IF($C224=0,0,ROUND(SomaAgrup,15-13*$AF$11)))","v":33490.03},"RA","RA",{"$f":"IF($C224=\"S\",IF($Z224=\"CP\",$X224,IF($Z224=\"RA\",(($X224)*QCI!$AA$3),0)),SomaAgrup)","v":1192.6804962759043},0,{"$f":"IF($N224=\"\",\"\",IF(ORÇAMENTO.Descricao=\"\",\"DESCRIÇÃO\",IF(AND($C224=\"S\",ORÇAMENTO.Unidade=\"\"),\"UNIDADE\",IF($X224<0,\"VALOR NEGATIVO\",IF(OR(AND(TIPOORCAMENTO=\"Proposto\",$AG224<>\"\",$AG224>0,ORÇAMENTO.CustoUnitario>$AG224),AND(TIPOORCAMENTO=\"LICITADO\",ORÇAMENTO.PrecoUnitarioLicitado>$AN224)),\"ACIMA REF.\",\"\")))))","v":""},{"$f":"IF(C224<=CRONO.NivelExibicao,MAX($AD$15:OFFSET(AD224,-1,0))+IF($C224<>1,1,MAX(1,COUNTIF(QCI!$A$13:$A$41,OFFSET($E224,-1,0)))),\"\")","v":""},{"$f":"IF(AND($C224=\"S\",ORÇAMENTO.CodBarra<>\"\"),IF(ORÇAMENTO.Fonte=\"\",ORÇAMENTO.CodBarra,CONCATENATE(ORÇAMENTO.Fonte,\" \",ORÇAMENTO.CodBarra)))","v":"SINAPI 88494"},{"$f":"IF(ISERROR(INDIRECT(ORÇAMENTO.BancoRef)),\"(abra o arquivo 'Referência \"&Excel_BuiltIn_Database&\".xlsm)\",IF(OR($C224<>\"S\",ORÇAMENTO.CodBarra=\"\"),\"(Sem Código)\",IF(ISERROR(MATCH($AE224,INDIRECT(ORÇAMENTO.BancoRef),0)),\"(Código não identificado nas referências)\",MATCH($AE224,INDIRECT(ORÇAMENTO.BancoRef),0))))","v":6375},{"$f":"ROUND(IF(DESONERACAO=\"sim\",REFERENCIA.Desonerado,REFERENCIA.NaoDesonerado),2)","v":22.17},0.25,null,1208.5899999999999,null,null,33490.03,27.71]
["S",2,"S",0,{"$f":"IF($C225=1,OFFSET(E225,-1,0)+MAX(1,COUNTIF(QCI!$A$13:$A$41,OFFSET(ORÇAMENTO!E225,-1,0))),OFFSET(E225,-1,0))","v":12},2,0,0,2,0,{"$f":"IF(OR($C225=\"S\",$C225=0),0,MATCH(OFFSET($D225,0,$C225)+IF($C225<>1,1,COUNTIF(QCI!$A$13:$A$41,ORÇAMENTO!E225)),OFFSET($D225,1,$C225,ROW($C$744)-ROW($C225)),0))","v":0},"F","Serviço","Serviço","12.2.2.","SINAPI","88488","PINTURA LÁTEX ACRÍLICA PREMIUM, APLICAÇÃO MANUAL EM TETO, DUAS DEMÃOS. AF_04/2023",{"$f":"REFERENCIA.Unidade","v":"M2"},{"$f":"OFFSET(CÁLCULO!H$15,ROW($T225)-ROW(T$15),0)","v":1208.5899999999999},{"$f":"ROUND(IF(DESONERACAO=\"sim\",REFERENCIA.Desonerado,REFERENCIA.NaoDesonerado),2)","v":16.2},"BDI 1",{"$f":"IF($C225=\"S\",ROUND(IF(TIPOORCAMENTO=\"Proposto\",ORÇAMENTO.CustoUnitario*(1+$AH225),ORÇAMENTO.PrecoUnitarioLicitado),15-13*$AF$10),0)","v":20.25},{"$f":"IF($C225=\"S\",IF(Import.TipoArredondamento<>\"TransfereGOV\",VTOTAL1,SUM(OFFSET(CÁLCULO!$AA$15,ROW($X225)-ROW($X$15),1):OFFSET(CÁLCULO!$AL$15,ROW($X225)-ROW($X$15),-1))),IF($C225=0,0,ROUND(SomaAgrup,15-13*$AF$11)))","v":24473.95},"RA","RA",{"$f":"IF($C225=\"S\",IF($Z225=\"CP\",$X225,IF($Z225=\"RA\",(($X225)*QCI!$AA$3),0)),SomaAgrup)","v":871.59082365204426},0,{"$f":"IF($N225=\"\",\"\",IF(ORÇAMENTO.Descricao=\"\",\"DESCRIÇÃO\",IF(AND($C225=\"S\",ORÇAMENTO.Unidade=\"\"),\"UNIDADE\",IF($X225<0,\"VALOR NEGATIVO\",IF(OR(AND(TIPOORCAMENTO=\"Proposto\",$AG225<>\"\",$AG225>0,ORÇAMENTO.CustoUnitario>$AG225),AND(TIPOORCAMENTO=\"LICITADO\",ORÇAMENTO.PrecoUnitarioLicitado>$AN225)),\"ACIMA REF.\",\"\")))))","v":""},{"$f":"IF(C225<=CRONO.NivelExibicao,MAX($AD$15:OFFSET(AD225,-1,0))+IF($C225<>1,1,MAX(1,COUNTIF(QCI!$A$13:$A$41,OFFSET($E225,-1,0)))),\"\")","v":""},{"$f":"IF(AND($C225=\"S\",ORÇAMENTO.CodBarra<>\"\"),IF(ORÇAMENTO.Fonte=\"\",ORÇAMENTO.CodBarra,CONCATENATE(ORÇAMENTO.Fonte,\" \",ORÇAMENTO.CodBarra)))","v":"SINAPI 88488"},{"$f":"IF(ISERROR(INDIRECT(ORÇAMENTO.BancoRef)),\"(abra o arquivo 'Referência \"&Excel_BuiltIn_Database&\".xlsm)\",IF(OR($C225<>\"S\",ORÇAMENTO.CodBarra=\"\"),\"(Sem Código)\",IF(ISERROR(MATCH($AE225,INDIRECT(ORÇAMENTO.BancoRef),0)),\"(Código não identificado nas referências)\",MATCH($AE225,INDIRECT(ORÇAMENTO.BancoRef),0))))","v":6373},{"$f":"ROUND(IF(DESONERACAO=\"sim\",REFERENCIA.Desonerado,REFERENCIA.NaoDesonerado),2)","v":16.2},0.25,null,1208.5899999999999,null,null,24473.95,20.25]
[2,2,2,4,{"$f":"IF($C226=1,OFFSET(E226,-1,0)+MAX(1,COUNTIF(QCI!$A$13:$A$41,OFFSET(ORÇAMENTO!E226,-1,0))),OFFSET(E226,-1,0))","v":12},3,0,0,0,12,{"$f":"IF(OR($C226=\"S\",$C226=0),0,MATCH(OFFSET($D226,0,$C226)+IF($C226<>1,1,COUNTIF(QCI!$A$13:$A$41,ORÇAMENTO!E226)),OFFSET($D226,1,$C226,ROW($C$744)-ROW($C226)),0))","v":4},"F","Nível 2","Nível 2","12.3.","SINAPI",null,"Piso do estacionamento",{"$f":"REFERENCIA.Unidade","v":"-"},{"$f":"OFFSET(CÁLCULO!H$15,ROW($T226)-ROW(T$15),0)","v":0},null,"BDI 1",{"$f":"IF($C226=\"S\",ROUND(IF(TIPOORCAMENTO=\"Proposto\",ORÇAMENTO.CustoUnitario*(1+$AH226),ORÇAMENTO.PrecoUnitarioLicitado),15-13*$AF$10),0)","v":0},{"$f":"IF($C226=\"S\",IF(Import.TipoArredondamento<>\"TransfereGOV\",VTOTAL1,SUM(OFFSET(CÁLCULO!$AA$15,ROW($X226)-ROW($X$15),1):OFFSET(CÁLCULO!$AL$15,ROW($X226)-ROW($X$15),-1))),IF($C226=0,0,ROUND(SomaAgrup,15-13*$AF$11)))","v":676.55},"RA","",{"$f":"IF($C226=\"S\",IF($Z226=\"CP\",$X226,IF($Z226=\"RA\",(($X226)*QCI!$AA$3),0)),SomaAgrup)","v":24.093976319384105},0,{"$f":"IF($N226=\"\",\"\",IF(ORÇAMENTO.Descricao=\"\",\"DESCRIÇÃO\",IF(AND($C226=\"S\",ORÇAMENTO.Unidade=\"\"),\"UNIDADE\",IF($X226<0,\"VALOR NEGATIVO\",IF(OR(AND(TIPOORCAMENTO=\"Proposto\",$AG226<>\"\",$AG226>0,ORÇAMENTO.CustoUnitario>$AG226),AND(TIPOORCAMENTO=\"LICITADO\",ORÇAMENTO.PrecoUnitarioLicitado>$AN226)),\"ACIMA REF.\",\"\")))))","v":""},{"$f":"IF(C226<=CRONO.NivelExibicao,MAX($AD$15:OFFSET(AD226,-1,0))+IF($C226<>1,1,MAX(1,COUNTIF(QCI!$A$13:$A$41,OFFSET($E226,-1,0)))),\"\")","v":39},{"$f":"IF(AND($C226=\"S\",ORÇAMENTO.CodBarra<>\"\"),IF(ORÇAMENTO.Fonte=\"\",ORÇAMENTO.CodBarra,CONCATENATE(ORÇAMENTO.Fonte,\" \",ORÇAMENTO.CodBarra)))","v":false},{"$f":"IF(ISERROR(INDIRECT(ORÇAMENTO.BancoRef)),\"(abra o arquivo 'Referência \"&Excel_BuiltIn_Database&\".xlsm)\",IF(OR($C226<>\"S\",ORÇAMENTO.CodBarra=\"\"),\"(Sem Código)\",IF(ISERROR(MATCH($AE226,INDIRECT(ORÇAMENTO.BancoRef),0)),\"(Código não identificado nas referências)\",MATCH($AE226,INDIRECT(ORÇAMENTO.BancoRef),0))))","v":"(Sem Código)"},{"$f":"ROUND(IF(DESONERACAO=\"sim\",REFERENCIA.Desonerado,REFERENCIA.NaoDesonerado),2)","v":0},0.25,null,null,null,null,676.55,0]
["S",2,"S",0,{"$f":"IF($C227=1,OFFSET(E227,-1,0)+MAX(1,COUNTIF(QCI!$A$13:$A$41,OFFSET(ORÇAMENTO!E227,-1,0))),OFFSET(E227,-1,0))","v":12},3,0,0,1,0,{"$f":"IF(OR($C227=\"S\",$C227=0),0,MATCH(OFFSET($D227,0,$C227)+IF($C227<>1,1,COUNTIF(QCI!$A$13:$A$41,ORÇAMENTO!E227)),OFFSET($D227,1,$C227,ROW($C$744)-ROW($C227)),0))","v":0},"F","Serviço","Serviço","12.3.1.","SINAPI","FNDE 406","PINTURA DE PISO COM TINTA EPÓXI, COR AMARELO, APLICAÇÃO MANUAL, 2 DEMÃOS, INCLUSO PRIMER EPÓXI","M2",{"$f":"OFFSET(CÁLCULO!H$15,ROW($T227)-ROW(T$15),0)","v":2.81},68.084469999999996,"BDI 1",{"$f":"IF($C227=\"S\",ROUND(IF(TIPOORCAMENTO=\"Proposto\",ORÇAMENTO.CustoUnitario*(1+$AH227),ORÇAMENTO.PrecoUnitarioLicitado),15-13*$AF$10),0)","v":85.1},{"$f":"IF($C227=\"S\",IF(Import.TipoArredondamento<>\"TransfereGOV\",VTOTAL1,SUM(OFFSET(CÁLCULO!$AA$15,ROW($X227)-ROW($X$15),1):OFFSET(CÁLCULO!$AL$15,ROW($X227)-ROW($X$15),-1))),IF($C227=0,0,ROUND(SomaAgrup,15-13*$AF$11)))","v":239.13},"RA","RA",{"$f":"IF($C227=\"S\",IF($Z227=\"CP\",$X227,IF($Z227=\"RA\",(($X227)*QCI!$AA$3),0)),SomaAgrup)","v":8.5161371033246915},0,{"$f":"IF($N227=\"\",\"\",IF(ORÇAMENTO.Descricao=\"\",\"DESCRIÇÃO\",IF(AND($C227=\"S\",ORÇAMENTO.Unidade=\"\"),\"UNIDADE\",IF($X227<0,\"VALOR NEGATIVO\",IF(OR(AND(TIPOORCAMENTO=\"Proposto\",$AG227<>\"\",$AG227>0,ORÇAMENTO.CustoUnitario>$AG227),AND(TIPOORCAMENTO=\"LICITADO\",ORÇAMENTO.PrecoUnitarioLicitado>$AN227)),\"ACIMA REF.\",\"\")))))","v":""},{"$f":"IF(C227<=CRONO.NivelExibicao,MAX($AD$15:OFFSET(AD227,-1,0))+IF($C227<>1,1,MAX(1,COUNTIF(QCI!$A$13:$A$41,OFFSET($E227,-1,0)))),\"\")","v":""},{"$f":"IF(AND($C227=\"S\",ORÇAMENTO.CodBarra<>\"\"),IF(ORÇAMENTO.Fonte=\"\",ORÇAMENTO.CodBarra,CONCATENATE(ORÇAMENTO.Fonte,\" \",ORÇAMENTO.CodBarra)))","v":"SINAPI FNDE 406"},{"$f":"IF(ISERROR(INDIRECT(ORÇAMENTO.BancoRef)),\"(abra o arquivo 'Referência \"&Excel_BuiltIn_Database&\".xlsm)\",IF(OR($C227<>\"S\",ORÇAMENTO.CodBarra=\"\"),\"(Sem Código)\",IF(ISERROR(MATCH($AE227,INDIRECT(ORÇAMENTO.BancoRef),0)),\"(Código não identificado nas referências)\",MATCH($AE227,INDIRECT(ORÇAMENTO.BancoRef),0))))","v":"(Código não identificado nas referências)"},{"$f":"ROUND(IF(DESONERACAO=\"sim\",REFERENCIA.Desonerado,REFERENCIA.NaoDesonerado),2)","v":0},0.25,null,2.81,null,null,239.13,85.1]
["S",2,"S",0,{"$f":"IF($C228=1,OFFSET(E228,-1,0)+MAX(1,COUNTIF(QCI!$A$13:$A$41,OFFSET(ORÇAMENTO!E228,-1,0))),OFFSET(E228,-1,0))","v":12},3,0,0,2,0,{"$f":"IF(OR($C228=\"S\",$C228=0),0,MATCH(OFFSET($D228,0,$C228)+IF($C228<>1,1,COUNTIF(QCI!$A$13:$A$41,ORÇAMENTO!E228)),OFFSET($D228,1,$C228,ROW($C$744)-ROW($C228)),0))","v":0},"F","Serviço","Serviço","12.3.2.","SINAPI","FNDE 407","PINTURA DE PISO COM TINTA EPÓXI, COR AZUL, APLICAÇÃO MANUAL, 2 DEMÃOS, INCLUSO PRIMER EPÓXI","M2",{"$f":"OFFSET(CÁLCULO!H$15,ROW($T228)-ROW(T$15),0)","v":2.4900000000000002},68.084469999999996,"BDI 1",{"$f":"IF($C228=\"S\",ROUND(IF(TIPOORCAMENTO=\"Proposto\",ORÇAMENTO.CustoUnitario*(1+$AH228),ORÇAMENTO.PrecoUnitarioLicitado),15-13*$AF$10),0)","v":85.1},{"$f":"IF($C228=\"S\",IF(Import.TipoArredondamento<>\"TransfereGOV\",VTOTAL1,SUM(OFFSET(CÁLCULO!$AA$15,ROW($X228)-ROW($X$15),1):OFFSET(CÁLCULO!$AL$15,ROW($X228)-ROW($X$15),-1))),IF($C228=0,0,ROUND(SomaAgrup,15-13*$AF$11)))","v":211.9},"RA","RA",{"$f":"IF($C228=\"S\",IF($Z228=\"CP\",$X228,IF($Z228=\"RA\",(($X228)*QCI!$AA$3),0)),SomaAgrup)","v":7.5463950662589481},0,{"$f":"IF($N228=\"\",\"\",IF(ORÇAMENTO.Descricao=\"\",\"DESCRIÇÃO\",IF(AND($C228=\"S\",ORÇAMENTO.Unidade=\"\"),\"UNIDADE\",IF($X228<0,\"VALOR NEGATIVO\",IF(OR(AND(TIPOORCAMENTO=\"Proposto\",$AG228<>\"\",$AG228>0,ORÇAMENTO.CustoUnitario>$AG228),AND(TIPOORCAMENTO=\"LICITADO\",ORÇAMENTO.PrecoUnitarioLicitado>$AN228)),\"ACIMA REF.\",\"\")))))","v":""},{"$f":"IF(C228<=CRONO.NivelExibicao,MAX($AD$15:OFFSET(AD228,-1,0))+IF($C228<>1,1,MAX(1,COUNTIF(QCI!$A$13:$A$41,OFFSET($E228,-1,0)))),\"\")","v":""},{"$f":"IF(AND($C228=\"S\",ORÇAMENTO.CodBarra<>\"\"),IF(ORÇAMENTO.Fonte=\"\",ORÇAMENTO.CodBarra,CONCATENATE(ORÇAMENTO.Fonte,\" \",ORÇAMENTO.CodBarra)))","v":"SINAPI FNDE 407"},{"$f":"IF(ISERROR(INDIRECT(ORÇAMENTO.BancoRef)),\"(abra o arquivo 'Referência \"&Excel_BuiltIn_Database&\".xlsm)\",IF(OR($C228<>\"S\",ORÇAMENTO.CodBarra=\"\"),\"(Sem Código)\",IF(ISERROR(MATCH($AE228,INDIRECT(ORÇAMENTO.BancoRef),0)),\"(Código não identificado nas referências)\",MATCH($AE228,INDIRECT(ORÇAMENTO.BancoRef),0))))","v":"(Código não identificado nas referências)"},{"$f":"ROUND(IF(DESONERACAO=\"sim\",REFERENCIA.Desonerado,REFERENCIA.NaoDesonerado),2)","v":0},0.25,null,2.4900000000000002,null,null,211.9,85.1]
["S",2,"S",0,{"$f":"IF($C229=1,OFFSET(E229,-1,0)+MAX(1,COUNTIF(QCI!$A$13:$A$41,OFFSET(ORÇAMENTO!E229,-1,0))),OFFSET(E229,-1,0))","v":12},3,0,0,3,0,{"$f":"IF(OR($C229=\"S\",$C229=0),0,MATCH(OFFSET($D229,0,$C229)+IF($C229<>1,1,COUNTIF(QCI!$A$13:$A$41,ORÇAMENTO!E229)),OFFSET($D229,1,$C229,ROW($C$744)-ROW($C229)),0))","v":0},"F","Serviço","Serviço","12.3.3.","SINAPI","FNDE 409","PINTURA DE PISO COM TINTA EPÓXI, COR BRANCO, APLICAÇÃO MANUAL, 2 DEMÃOS, INCLUSO PRIMER EPÓXI","M2",{"$f":"OFFSET(CÁLCULO!H$15,ROW($T229)-ROW(T$15),0)","v":2.65},68.084469999999996,"BDI 1",{"$f":"IF($C229=\"S\",ROUND(IF(TIPOORCAMENTO=\"Proposto\",ORÇAMENTO.CustoUnitario*(1+$AH229),ORÇAMENTO.PrecoUnitarioLicitado),15-13*$AF$10),0)","v":85.1},{"$f":"IF($C229=\"S\",IF(Import.TipoArredondamento<>\"TransfereGOV\",VTOTAL1,SUM(OFFSET(CÁLCULO!$AA$15,ROW($X229)-ROW($X$15),1):OFFSET(CÁLCULO!$AL$15,ROW($X229)-ROW($X$15),-1))),IF($C229=0,0,ROUND(SomaAgrup,15-13*$AF$11)))","v":225.52},"RA","RA",{"$f":"IF($C229=\"S\",IF($Z229=\"CP\",$X229,IF($Z229=\"RA\",(($X229)*QCI!$AA$3),0)),SomaAgrup)","v":8.0314441498004623},0,{"$f":"IF($N229=\"\",\"\",IF(ORÇAMENTO.Descricao=\"\",\"DESCRIÇÃO\",IF(AND($C229=\"S\",ORÇAMENTO.Unidade=\"\"),\"UNIDADE\",IF($X229<0,\"VALOR NEGATIVO\",IF(OR(AND(TIPOORCAMENTO=\"Proposto\",$AG229<>\"\",$AG229>0,ORÇAMENTO.CustoUnitario>$AG229),AND(TIPOORCAMENTO=\"LICITADO\",ORÇAMENTO.PrecoUnitarioLicitado>$AN229)),\"ACIMA REF.\",\"\")))))","v":""},{"$f":"IF(C229<=CRONO.NivelExibicao,MAX($AD$15:OFFSET(AD229,-1,0))+IF($C229<>1,1,MAX(1,COUNTIF(QCI!$A$13:$A$41,OFFSET($E229,-1,0)))),\"\")","v":""},{"$f":"IF(AND($C229=\"S\",ORÇAMENTO.CodBarra<>\"\"),IF(ORÇAMENTO.Fonte=\"\",ORÇAMENTO.CodBarra,CONCATENATE(ORÇAMENTO.Fonte,\" \",ORÇAMENTO.CodBarra)))","v":"SINAPI FNDE 409"},{"$f":"IF(ISERROR(INDIRECT(ORÇAMENTO.BancoRef)),\"(abra o arquivo 'Referência \"&Excel_BuiltIn_Database&\".xlsm)\",IF(OR($C229<>\"S\",ORÇAMENTO.CodBarra=\"\"),\"(Sem Código)\",IF(ISERROR(MATCH($AE229,INDIRECT(ORÇAMENTO.BancoRef),0)),\"(Código não identificado nas referências)\",MATCH($AE229,INDIRECT(ORÇAMENTO.BancoRef),0))))","v":"(Código não identificado nas referências)"},{"$f":"ROUND(IF(DESONERACAO=\"sim\",REFERENCIA.Desonerado,REFERENCIA.NaoDesonerado),2)","v":0},0.25,null,2.65,null,null,225.52,85.1]
[2,2,2,8,{"$f":"IF($C230=1,OFFSET(E230,-1,0)+MAX(1,COUNTIF(QCI!$A$13:$A$41,OFFSET(ORÇAMENTO!E230,-1,0))),OFFSET(E230,-1,0))","v":12},4,0,0,0,8,{"$f":"IF(OR($C230=\"S\",$C230=0),0,MATCH(OFFSET($D230,0,$C230)+IF($C230<>1,1,COUNTIF(QCI!$A$13:$A$41,ORÇAMENTO!E230)),OFFSET($D230,1,$C230,ROW($C$744)-ROW($C230)),0))","v":239},"F","Nível 2","Nível 2","12.4.","SINAPI",null,"Piso playground",{"$f":"REFERENCIA.Unidade","v":"-"},{"$f":"OFFSET(CÁLCULO!H$15,ROW($T230)-ROW(T$15),0)","v":0},null,"BDI 1",{"$f":"IF($C230=\"S\",ROUND(IF(TIPOORCAMENTO=\"Proposto\",ORÇAMENTO.CustoUnitario*(1+$AH230),ORÇAMENTO.PrecoUnitarioLicitado),15-13*$AF$10),0)","v":0},{"$f":"IF($C230=\"S\",IF(Import.TipoArredondamento<>\"TransfereGOV\",VTOTAL1,SUM(OFFSET(CÁLCULO!$AA$15,ROW($X230)-ROW($X$15),1):OFFSET(CÁLCULO!$AL$15,ROW($X230)-ROW($X$15),-1))),IF($C230=0,0,ROUND(SomaAgrup,15-13*$AF$11)))","v":2130.9},"RA","",{"$f":"IF($C230=\"S\",IF($Z230=\"CP\",$X230,IF($Z230=\"RA\",(($X230)*QCI!$AA$3),0)),SomaAgrup)","v":75.887745383158048},0,{"$f":"IF($N230=\"\",\"\",IF(ORÇAMENTO.Descricao=\"\",\"DESCRIÇÃO\",IF(AND($C230=\"S\",ORÇAMENTO.Unidade=\"\"),\"UNIDADE\",IF($X230<0,\"VALOR NEGATIVO\",IF(OR(AND(TIPOORCAMENTO=\"Proposto\",$AG230<>\"\",$AG230>0,ORÇAMENTO.CustoUnitario>$AG230),AND(TIPOORCAMENTO=\"LICITADO\",ORÇAMENTO.PrecoUnitarioLicitado>$AN230)),\"ACIMA REF.\",\"\")))))","v":""},{"$f":"IF(C230<=CRONO.NivelExibicao,MAX($AD$15:OFFSET(AD230,-1,0))+IF($C230<>1,1,MAX(1,COUNTIF(QCI!$A$13:$A$41,OFFSET($E230,-1,0)))),\"\")","v":40},{"$f":"IF(AND($C230=\"S\",ORÇAMENTO.CodBarra<>\"\"),IF(ORÇAMENTO.Fonte=\"\",ORÇAMENTO.CodBarra,CONCATENATE(ORÇAMENTO.Fonte,\" \",ORÇAMENTO.CodBarra)))","v":false},{"$f":"IF(ISERROR(INDIRECT(ORÇAMENTO.BancoRef)),\"(abra o arquivo 'Referência \"&Excel_BuiltIn_Database&\".xlsm)\",IF(OR($C230<>\"S\",ORÇAMENTO.CodBarra=\"\"),\"(Sem Código)\",IF(ISERROR(MATCH($AE230,INDIRECT(ORÇAMENTO.BancoRef),0)),\"(Código não identificado nas referências)\",MATCH($AE230,INDIRECT(ORÇAMENTO.BancoRef),0))))","v":"(Sem Código)"},{"$f":"ROUND(IF(DESONERACAO=\"sim\",REFERENCIA.Desonerado,REFERENCIA.NaoDesonerado),2)","v":0},0.25,null,null,null,null,2130.9,0]
["S",2,"S",0,{"$f":"IF($C231=1,OFFSET(E231,-1,0)+MAX(1,COUNTIF(QCI!$A$13:$A$41,OFFSET(ORÇAMENTO!E231,-1,0))),OFFSET(E231,-1,0))","v":12},4,0,0,1,0,{"$f":"IF(OR($C231=\"S\",$C231=0),0,MATCH(OFFSET($D231,0,$C231)+IF($C231<>1,1,COUNTIF(QCI!$A$13:$A$41,ORÇAMENTO!E231)),OFFSET($D231,1,$C231,ROW($C$744)-ROW($C231)),0))","v":0},"F","Serviço","Serviço","12.4.1.","SINAPI","FNDE 406","PINTURA DE PISO COM TINTA EPÓXI, COR AMARELO, APLICAÇÃO MANUAL, 2 DEMÃOS, INCLUSO PRIMER EPÓXI","M2",{"$f":"OFFSET(CÁLCULO!H$15,ROW($T231)-ROW(T$15),0)","v":4.47},68.084469999999996,"BDI 1",{"$f":"IF($C231=\"S\",ROUND(IF(TIPOORCAMENTO=\"Proposto\",ORÇAMENTO.CustoUnitario*(1+$AH231),ORÇAMENTO.PrecoUnitarioLicitado),15-13*$AF$10),0)","v":85.1},{"$f":"IF($C231=\"S\",IF(Import.TipoArredondamento<>\"TransfereGOV\",VTOTAL1,SUM(OFFSET(CÁLCULO!$AA$15,ROW($X231)-ROW($X$15),1):OFFSET(CÁLCULO!$AL$15,ROW($X231)-ROW($X$15),-1))),IF($C231=0,0,ROUND(SomaAgrup,15-13*$AF$11)))","v":380.4},"RA","RA",{"$f":"IF($C231=\"S\",IF($Z231=\"CP\",$X231,IF($Z231=\"RA\",(($X231)*QCI!$AA$3),0)),SomaAgrup)","v":13.547185857503084},0,{"$f":"IF($N231=\"\",\"\",IF(ORÇAMENTO.Descricao=\"\",\"DESCRIÇÃO\",IF(AND($C231=\"S\",ORÇAMENTO.Unidade=\"\"),\"UNIDADE\",IF($X231<0,\"VALOR NEGATIVO\",IF(OR(AND(TIPOORCAMENTO=\"Proposto\",$AG231<>\"\",$AG231>0,ORÇAMENTO.CustoUnitario>$AG231),AND(TIPOORCAMENTO=\"LICITADO\",ORÇAMENTO.PrecoUnitarioLicitado>$AN231)),\"ACIMA REF.\",\"\")))))","v":""},{"$f":"IF(C231<=CRONO.NivelExibicao,MAX($AD$15:OFFSET(AD231,-1,0))+IF($C231<>1,1,MAX(1,COUNTIF(QCI!$A$13:$A$41,OFFSET($E231,-1,0)))),\"\")","v":""},{"$f":"IF(AND($C231=\"S\",ORÇAMENTO.CodBarra<>\"\"),IF(ORÇAMENTO.Fonte=\"\",ORÇAMENTO.CodBarra,CONCATENATE(ORÇAMENTO.Fonte,\" \",ORÇAMENTO.CodBarra)))","v":"SINAPI FNDE 406"},{"$f":"IF(ISERROR(INDIRECT(ORÇAMENTO.BancoRef)),\"(abra o arquivo 'Referência \"&Excel_BuiltIn_Database&\".xlsm)\",IF(OR($C231<>\"S\",ORÇAMENTO.CodBarra=\"\"),\"(Sem Código)\",IF(ISERROR(MATCH($AE231,INDIRECT(ORÇAMENTO.BancoRef),0)),\"(Código não identificado nas referências)\",MATCH($AE231,INDIRECT(ORÇAMENTO.BancoRef),0))))","v":"(Código não identificado nas referências)"},{"$f":"ROUND(IF(DESONERACAO=\"sim\",REFERENCIA.Desonerado,REFERENCIA.NaoDesonerado),2)","v":0},0.25,null,4.47,null,null,380.4,85.1]
["S",2,"S",0,{"$f":"IF($C232=1,OFFSET(E232,-1,0)+MAX(1,COUNTIF(QCI!$A$13:$A$41,OFFSET(ORÇAMENTO!E232,-1,0))),OFFSET(E232,-1,0))","v":12},4,0,0,2,0,{"$f":"IF(OR($C232=\"S\",$C232=0),0,MATCH(OFFSET($D232,0,$C232)+IF($C232<>1,1,COUNTIF(QCI!$A$13:$A$41,ORÇAMENTO!E232)),OFFSET($D232,1,$C232,ROW($C$744)-ROW($C232)),0))","v":0},"F","Serviço","Serviço","12.4.2.","SINAPI","FNDE 407","PINTURA DE PISO COM TINTA EPÓXI, COR AZUL, APLICAÇÃO MANUAL, 2 DEMÃOS, INCLUSO PRIMER EPÓXI","M2",{"$f":"OFFSET(CÁLCULO!H$15,ROW($T232)-ROW(T$15),0)","v":3.23},68.084469999999996,"BDI 1",{"$f":"IF($C232=\"S\",ROUND(IF(TIPOORCAMENTO=\"Proposto\",ORÇAMENTO.CustoUnitario*(1+$AH232),ORÇAMENTO.PrecoUnitarioLicitado),15-13*$AF$10),0)","v":85.1},{"$f":"IF($C232=\"S\",IF(Import.TipoArredondamento<>\"TransfereGOV\",VTOTAL1,SUM(OFFSET(CÁLCULO!$AA$15,ROW($X232)-ROW($X$15),1):OFFSET(CÁLCULO!$AL$15,ROW($X232)-ROW($X$15),-1))),IF($C232=0,0,ROUND(SomaAgrup,15-13*$AF$11)))","v":274.87},"RA","RA",{"$f":"IF($C232=\"S\",IF($Z232=\"CP\",$X232,IF($Z232=\"RA\",(($X232)*QCI!$AA$3),0)),SomaAgrup)","v":9.7889457850995605},0,{"$f":"IF($N232=\"\",\"\",IF(ORÇAMENTO.Descricao=\"\",\"DESCRIÇÃO\",IF(AND($C232=\"S\",ORÇAMENTO.Unidade=\"\"),\"UNIDADE\",IF($X232<0,\"VALOR NEGATIVO\",IF(OR(AND(TIPOORCAMENTO=\"Proposto\",$AG232<>\"\",$AG232>0,ORÇAMENTO.CustoUnitario>$AG232),AND(TIPOORCAMENTO=\"LICITADO\",ORÇAMENTO.PrecoUnitarioLicitado>$AN232)),\"ACIMA REF.\",\"\")))))","v":""},{"$f":"IF(C232<=CRONO.NivelExibicao,MAX($AD$15:OFFSET(AD232,-1,0))+IF($C232<>1,1,MAX(1,COUNTIF(QCI!$A$13:$A$41,OFFSET($E232,-1,0)))),\"\")","v":""},{"$f":"IF(AND($C232=\"S\",ORÇAMENTO.CodBarra<>\"\"),IF(ORÇAMENTO.Fonte=\"\",ORÇAMENTO.CodBarra,CONCATENATE(ORÇAMENTO.Fonte,\" \",ORÇAMENTO.CodBarra)))","v":"SINAPI FNDE 407"},{"$f":"IF(ISERROR(INDIRECT(ORÇAMENTO.BancoRef)),\"(abra o arquivo 'Referência \"&Excel_BuiltIn_Database&\".xlsm)\",IF(OR($C232<>\"S\",ORÇAMENTO.CodBarra=\"\"),\"(Sem Código)\",IF(ISERROR(MATCH($AE232,INDIRECT(ORÇAMENTO.BancoRef),0)),\"(Código não identificado nas referências)\",MATCH($AE232,INDIRECT(ORÇAMENTO.BancoRef),0))))","v":"(Código não identificado nas referências)"},{"$f":"ROUND(IF(DESONERACAO=\"sim\",REFERENCIA.Desonerado,REFERENCIA.NaoDesonerado),2)","v":0},0.25,null,3.23,null,null,274.87,85.1]
["S",2,"S",0,{"$f":"IF($C233=1,OFFSET(E233,-1,0)+MAX(1,COUNTIF(QCI!$A$13:$A$41,OFFSET(ORÇAMENTO!E233,-1,0))),OFFSET(E233,-1,0))","v":12},4,0,0,3,0,{"$f":"IF(OR($C233=\"S\",$C233=0),0,MATCH(OFFSET($D233,0,$C233)+IF($C233<>1,1,COUNTIF(QCI!$A$13:$A$41,ORÇAMENTO!E233)),OFFSET($D233,1,$C233,ROW($C$744)-ROW($C233)),0))","v":0},"F","Serviço","Serviço","12.4.3.","SINAPI","FNDE 409","PINTURA DE PISO COM TINTA EPÓXI, COR BRANCO, APLICAÇÃO MANUAL, 2 DEMÃOS, INCLUSO PRIMER EPÓXI","M2",{"$f":"OFFSET(CÁLCULO!H$15,ROW($T233)-ROW(T$15),0)","v":1.72},68.084469999999996,"BDI 1",{"$f":"IF($C233=\"S\",ROUND(IF(TIPOORCAMENTO=\"Proposto\",ORÇAMENTO.CustoUnitario*(1+$AH233),ORÇAMENTO.PrecoUnitarioLicitado),15-13*$AF$10),0)","v":85.1},{"$f":"IF($C233=\"S\",IF(Import.TipoArredondamento<>\"TransfereGOV\",VTOTAL1,SUM(OFFSET(CÁLCULO!$AA$15,ROW($X233)-ROW($X$15),1):OFFSET(CÁLCULO!$AL$15,ROW($X233)-ROW($X$15),-1))),IF($C233=0,0,ROUND(SomaAgrup,15-13*$AF$11)))","v":146.37},"RA","RA",{"$f":"IF($C233=\"S\",IF($Z233=\"CP\",$X233,IF($Z233=\"RA\",(($X233)*QCI!$AA$3),0)),SomaAgrup)","v":5.2126750629934975},0,{"$f":"IF($N233=\"\",\"\",IF(ORÇAMENTO.Descricao=\"\",\"DESCRIÇÃO\",IF(AND($C233=\"S\",ORÇAMENTO.Unidade=\"\"),\"UNIDADE\",IF($X233<0,\"VALOR NEGATIVO\",IF(OR(AND(TIPOORCAMENTO=\"Proposto\",$AG233<>\"\",$AG233>0,ORÇAMENTO.CustoUnitario>$AG233),AND(TIPOORCAMENTO=\"LICITADO\",ORÇAMENTO.PrecoUnitarioLicitado>$AN233)),\"ACIMA REF.\",\"\")))))","v":""},{"$f":"IF(C233<=CRONO.NivelExibicao,MAX($AD$15:OFFSET(AD233,-1,0))+IF($C233<>1,1,MAX(1,COUNTIF(QCI!$A$13:$A$41,OFFSET($E233,-1,0)))),\"\")","v":""},{"$f":"IF(AND($C233=\"S\",ORÇAMENTO.CodBarra<>\"\"),IF(ORÇAMENTO.Fonte=\"\",ORÇAMENTO.CodBarra,CONCATENATE(ORÇAMENTO.Fonte,\" \",ORÇAMENTO.CodBarra)))","v":"SINAPI FNDE 409"},{"$f":"IF(ISERROR(INDIRECT(ORÇAMENTO.BancoRef)),\"(abra o arquivo 'Referência \"&Excel_BuiltIn_Database&\".xlsm)\",IF(OR($C233<>\"S\",ORÇAMENTO.CodBarra=\"\"),\"(Sem Código)\",IF(ISERROR(MATCH($AE233,INDIRECT(ORÇAMENTO.BancoRef),0)),\"(Código não identificado nas referências)\",MATCH($AE233,INDIRECT(ORÇAMENTO.BancoRef),0))))","v":"(Código não identificado nas referências)"},{"$f":"ROUND(IF(DESONERACAO=\"sim\",REFERENCIA.Desonerado,REFERENCIA.NaoDesonerado),2)","v":0},0.25,null,1.72,null,null,146.37,85.1]
["S",2,"S",0,{"$f":"IF($C234=1,OFFSET(E234,-1,0)+MAX(1,COUNTIF(QCI!$A$13:$A$41,OFFSET(ORÇAMENTO!E234,-1,0))),OFFSET(E234,-1,0))","v":12},4,0,0,4,0,{"$f":"IF(OR($C234=\"S\",$C234=0),0,MATCH(OFFSET($D234,0,$C234)+IF($C234<>1,1,COUNTIF(QCI!$A$13:$A$41,ORÇAMENTO!E234)),OFFSET($D234,1,$C234,ROW($C$744)-ROW($C234)),0))","v":0},"F","Serviço","Serviço","12.4.4.","SINAPI","FNDE 409","PINTURA DE PISO COM TINTA EPÓXI, COR CINZA, APLICAÇÃO MANUAL, 2 DEMÃOS, INCLUSO PRIMER EPÓXI","M2",{"$f":"OFFSET(CÁLCULO!H$15,ROW($T234)-ROW(T$15),0)","v":10.49},68.084469999999996,"BDI 1",{"$f":"IF($C234=\"S\",ROUND(IF(TIPOORCAMENTO=\"Proposto\",ORÇAMENTO.CustoUnitario*(1+$AH234),ORÇAMENTO.PrecoUnitarioLicitado),15-13*$AF$10),0)","v":85.1},{"$f":"IF($C234=\"S\",IF(Import.TipoArredondamento<>\"TransfereGOV\",VTOTAL1,SUM(OFFSET(CÁLCULO!$AA$15,ROW($X234)-ROW($X$15),1):OFFSET(CÁLCULO!$AL$15,ROW($X234)-ROW($X$15),-1))),IF($C234=0,0,ROUND(SomaAgrup,15-13*$AF$11)))","v":892.7},"RA","RA",{"$f":"IF($C234=\"S\",IF($Z234=\"CP\",$X234,IF($Z234=\"RA\",(($X234)*QCI!$AA$3),0)),SomaAgrup)","v":31.791726642988969},0,{"$f":"IF($N234=\"\",\"\",IF(ORÇAMENTO.Descricao=\"\",\"DESCRIÇÃO\",IF(AND($C234=\"S\",ORÇAMENTO.Unidade=\"\"),\"UNIDADE\",IF($X234<0,\"VALOR NEGATIVO\",IF(OR(AND(TIPOORCAMENTO=\"Proposto\",$AG234<>\"\",$AG234>0,ORÇAMENTO.CustoUnitario>$AG234),AND(TIPOORCAMENTO=\"LICITADO\",ORÇAMENTO.PrecoUnitarioLicitado>$AN234)),\"ACIMA REF.\",\"\")))))","v":""},{"$f":"IF(C234<=CRONO.NivelExibicao,MAX($AD$15:OFFSET(AD234,-1,0))+IF($C234<>1,1,MAX(1,COUNTIF(QCI!$A$13:$A$41,OFFSET($E234,-1,0)))),\"\")","v":""},{"$f":"IF(AND($C234=\"S\",ORÇAMENTO.CodBarra<>\"\"),IF(ORÇAMENTO.Fonte=\"\",ORÇAMENTO.CodBarra,CONCATENATE(ORÇAMENTO.Fonte,\" \",ORÇAMENTO.CodBarra)))","v":"SINAPI FNDE 409"},{"$f":"IF(ISERROR(INDIRECT(ORÇAMENTO.BancoRef)),\"(abra o arquivo 'Referência \"&Excel_BuiltIn_Database&\".xlsm)\",IF(OR($C234<>\"S\",ORÇAMENTO.CodBarra=\"\"),\"(Sem Código)\",IF(ISERROR(MATCH($AE234,INDIRECT(ORÇAMENTO.BancoRef),0)),\"(Código não identificado nas referências)\",MATCH($AE234,INDIRECT(ORÇAMENTO.BancoRef),0))))","v":"(Código não identificado nas referências)"},{"$f":"ROUND(IF(DESONERACAO=\"sim\",REFERENCIA.Desonerado,REFERENCIA.NaoDesonerado),2)","v":0},0.25,null,10.49,null,null,892.7,85.1]
["S",2,"S",0,{"$f":"IF($C235=1,OFFSET(E235,-1,0)+MAX(1,COUNTIF(QCI!$A$13:$A$41,OFFSET(ORÇAMENTO!E235,-1,0))),OFFSET(E235,-1,0))","v":12},4,0,0,5,0,{"$f":"IF(OR($C235=\"S\",$C235=0),0,MATCH(OFFSET($D235,0,$C235)+IF($C235<>1,1,COUNTIF(QCI!$A$13:$A$41,ORÇAMENTO!E235)),OFFSET($D235,1,$C235,ROW($C$744)-ROW($C235)),0))","v":0},"F","Serviço","Serviço","12.4.5.","SINAPI","FNDE 410","PINTURA DE PISO COM TINTA EPÓXI, COR LARANJA, APLICAÇÃO MANUAL, 2 DEMÃOS, INCLUSO PRIMER EPÓXI","M2",{"$f":"OFFSET(CÁLCULO!H$15,ROW($T235)-ROW(T$15),0)","v":2.94},68.084469999999996,"BDI 1",{"$f":"IF($C235=\"S\",ROUND(IF(TIPOORCAMENTO=\"Proposto\",ORÇAMENTO.CustoUnitario*(1+$AH235),ORÇAMENTO.PrecoUnitarioLicitado),15-13*$AF$10),0)","v":85.1},{"$f":"IF($C235=\"S\",IF(Import.TipoArredondamento<>\"TransfereGOV\",VTOTAL1,SUM(OFFSET(CÁLCULO!$AA$15,ROW($X235)-ROW($X$15),1):OFFSET(CÁLCULO!$AL$15,ROW($X235)-ROW($X$15),-1))),IF($C235=0,0,ROUND(SomaAgrup,15-13*$AF$11)))","v":250.19},"RA","RA",{"$f":"IF($C235=\"S\",IF($Z235=\"CP\",$X235,IF($Z235=\"RA\",(($X235)*QCI!$AA$3),0)),SomaAgrup)","v":8.9100169024413685},0,{"$f":"IF($N235=\"\",\"\",IF(ORÇAMENTO.Descricao=\"\",\"DESCRIÇÃO\",IF(AND($C235=\"S\",ORÇAMENTO.Unidade=\"\"),\"UNIDADE\",IF($X235<0,\"VALOR NEGATIVO\",IF(OR(AND(TIPOORCAMENTO=\"Proposto\",$AG235<>\"\",$AG235>0,ORÇAMENTO.CustoUnitario>$AG235),AND(TIPOORCAMENTO=\"LICITADO\",ORÇAMENTO.PrecoUnitarioLicitado>$AN235)),\"ACIMA REF.\",\"\")))))","v":""},{"$f":"IF(C235<=CRONO.NivelExibicao,MAX($AD$15:OFFSET(AD235,-1,0))+IF($C235<>1,1,MAX(1,COUNTIF(QCI!$A$13:$A$41,OFFSET($E235,-1,0)))),\"\")","v":""},{"$f":"IF(AND($C235=\"S\",ORÇAMENTO.CodBarra<>\"\"),IF(ORÇAMENTO.Fonte=\"\",ORÇAMENTO.CodBarra,CONCATENATE(ORÇAMENTO.Fonte,\" \",ORÇAMENTO.CodBarra)))","v":"SINAPI FNDE 410"},{"$f":"IF(ISERROR(INDIRECT(ORÇAMENTO.BancoRef)),\"(abra o arquivo 'Referência \"&Excel_BuiltIn_Database&\".xlsm)\",IF(OR($C235<>\"S\",ORÇAMENTO.CodBarra=\"\"),\"(Sem Código)\",IF(ISERROR(MATCH($AE235,INDIRECT(ORÇAMENTO.BancoRef),0)),\"(Código não identificado nas referências)\",MATCH($AE235,INDIRECT(ORÇAMENTO.BancoRef),0))))","v":"(Código não identificado nas referências)"},{"$f":"ROUND(IF(DESONERACAO=\"sim\",REFERENCIA.Desonerado,REFERENCIA.NaoDesonerado),2)","v":0},0.25,null,2.94,null,null,250.19,85.1]
["S",2,"S",0,{"$f":"IF($C236=1,OFFSET(E236,-1,0)+MAX(1,COUNTIF(QCI!$A$13:$A$41,OFFSET(ORÇAMENTO!E236,-1,0))),OFFSET(E236,-1,0))","v":12},4,0,0,6,0,{"$f":"IF(OR($C236=\"S\",$C236=0),0,MATCH(OFFSET($D236,0,$C236)+IF($C236<>1,1,COUNTIF(QCI!$A$13:$A$41,ORÇAMENTO!E236)),OFFSET($D236,1,$C236,ROW($C$744)-ROW($C236)),0))","v":0},"F","Serviço","Serviço","12.4.6.","SINAPI","FNDE 411","PINTURA DE PISO COM TINTA EPÓXI, COR VERDE, APLICAÇÃO MANUAL, 2 DEMÃOS, INCLUSO PRIMER EPÓXI","M2",{"$f":"OFFSET(CÁLCULO!H$15,ROW($T236)-ROW(T$15),0)","v":1.7},68.084469999999996,"BDI 1",{"$f":"IF($C236=\"S\",ROUND(IF(TIPOORCAMENTO=\"Proposto\",ORÇAMENTO.CustoUnitario*(1+$AH236),ORÇAMENTO.PrecoUnitarioLicitado),15-13*$AF$10),0)","v":85.1},{"$f":"IF($C236=\"S\",IF(Import.TipoArredondamento<>\"TransfereGOV\",VTOTAL1,SUM(OFFSET(CÁLCULO!$AA$15,ROW($X236)-ROW($X$15),1):OFFSET(CÁLCULO!$AL$15,ROW($X236)-ROW($X$15),-1))),IF($C236=0,0,ROUND(SomaAgrup,15-13*$AF$11)))","v":144.66999999999999},"RA","RA",{"$f":"IF($C236=\"S\",IF($Z236=\"CP\",$X236,IF($Z236=\"RA\",(($X236)*QCI!$AA$3),0)),SomaAgrup)","v":5.1521329600551287},0,{"$f":"IF($N236=\"\",\"\",IF(ORÇAMENTO.Descricao=\"\",\"DESCRIÇÃO\",IF(AND($C236=\"S\",ORÇAMENTO.Unidade=\"\"),\"UNIDADE\",IF($X236<0,\"VALOR NEGATIVO\",IF(OR(AND(TIPOORCAMENTO=\"Proposto\",$AG236<>\"\",$AG236>0,ORÇAMENTO.CustoUnitario>$AG236),AND(TIPOORCAMENTO=\"LICITADO\",ORÇAMENTO.PrecoUnitarioLicitado>$AN236)),\"ACIMA REF.\",\"\")))))","v":""},{"$f":"IF(C236<=CRONO.NivelExibicao,MAX($AD$15:OFFSET(AD236,-1,0))+IF($C236<>1,1,MAX(1,COUNTIF(QCI!$A$13:$A$41,OFFSET($E236,-1,0)))),\"\")","v":""},{"$f":"IF(AND($C236=\"S\",ORÇAMENTO.CodBarra<>\"\"),IF(ORÇAMENTO.Fonte=\"\",ORÇAMENTO.CodBarra,CONCATENATE(ORÇAMENTO.Fonte,\" \",ORÇAMENTO.CodBarra)))","v":"SINAPI FNDE 411"},{"$f":"IF(ISERROR(INDIRECT(ORÇAMENTO.BancoRef)),\"(abra o arquivo 'Referência \"&Excel_BuiltIn_Database&\".xlsm)\",IF(OR($C236<>\"S\",ORÇAMENTO.CodBarra=\"\"),\"(Sem Código)\",IF(ISERROR(MATCH($AE236,INDIRECT(ORÇAMENTO.BancoRef),0)),\"(Código não identificado nas referências)\",MATCH($AE236,INDIRECT(ORÇAMENTO.BancoRef),0))))","v":"(Código não identificado nas referências)"},{"$f":"ROUND(IF(DESONERACAO=\"sim\",REFERENCIA.Desonerado,REFERENCIA.NaoDesonerado),2)","v":0},0.25,null,1.7,null,null,144.66999999999999,85.1]
["S",2,"S",0,{"$f":"IF($C237=1,OFFSET(E237,-1,0)+MAX(1,COUNTIF(QCI!$A$13:$A$41,OFFSET(ORÇAMENTO!E237,-1,0))),OFFSET(E237,-1,0))","v":12},4,0,0,7,0,{"$f":"IF(OR($C237=\"S\",$C237=0),0,MATCH(OFFSET($D237,0,$C237)+IF($C237<>1,1,COUNTIF(QCI!$A$13:$A$41,ORÇAMENTO!E237)),OFFSET($D237,1,$C237,ROW($C$744)-ROW($C237)),0))","v":0},"F","Serviço","Serviço","12.4.7.","SINAPI","FNDE 412","PINTURA DE PISO COM TINTA EPÓXI, COR VERMELHO, APLICAÇÃO MANUAL, 2 DEMÃOS, INCLUSO PRIMER EPÓXI","M2",{"$f":"OFFSET(CÁLCULO!H$15,ROW($T237)-ROW(T$15),0)","v":0.49},68.084469999999996,"BDI 1",{"$f":"IF($C237=\"S\",ROUND(IF(TIPOORCAMENTO=\"Proposto\",ORÇAMENTO.CustoUnitario*(1+$AH237),ORÇAMENTO.PrecoUnitarioLicitado),15-13*$AF$10),0)","v":85.1},{"$f":"IF($C237=\"S\",IF(Import.TipoArredondamento<>\"TransfereGOV\",VTOTAL1,SUM(OFFSET(CÁLCULO!$AA$15,ROW($X237)-ROW($X$15),1):OFFSET(CÁLCULO!$AL$15,ROW($X237)-ROW($X$15),-1))),IF($C237=0,0,ROUND(SomaAgrup,15-13*$AF$11)))","v":41.7},"RA","RA",{"$f":"IF($C237=\"S\",IF($Z237=\"CP\",$X237,IF($Z237=\"RA\",(($X237)*QCI!$AA$3),0)),SomaAgrup)","v":1.4850621720764423},0,{"$f":"IF($N237=\"\",\"\",IF(ORÇAMENTO.Descricao=\"\",\"DESCRIÇÃO\",IF(AND($C237=\"S\",ORÇAMENTO.Unidade=\"\"),\"UNIDADE\",IF($X237<0,\"VALOR NEGATIVO\",IF(OR(AND(TIPOORCAMENTO=\"Proposto\",$AG237<>\"\",$AG237>0,ORÇAMENTO.CustoUnitario>$AG237),AND(TIPOORCAMENTO=\"LICITADO\",ORÇAMENTO.PrecoUnitarioLicitado>$AN237)),\"ACIMA REF.\",\"\")))))","v":""},{"$f":"IF(C237<=CRONO.NivelExibicao,MAX($AD$15:OFFSET(AD237,-1,0))+IF($C237<>1,1,MAX(1,COUNTIF(QCI!$A$13:$A$41,OFFSET($E237,-1,0)))),\"\")","v":""},{"$f":"IF(AND($C237=\"S\",ORÇAMENTO.CodBarra<>\"\"),IF(ORÇAMENTO.Fonte=\"\",ORÇAMENTO.CodBarra,CONCATENATE(ORÇAMENTO.Fonte,\" \",ORÇAMENTO.CodBarra)))","v":"SINAPI FNDE 412"},{"$f":"IF(ISERROR(INDIRECT(ORÇAMENTO.BancoRef)),\"(abra o arquivo 'Referência \"&Excel_BuiltIn_Database&\".xlsm)\",IF(OR($C237<>\"S\",ORÇAMENTO.CodBarra=\"\"),\"(Sem Código)\",IF(ISERROR(MATCH($AE237,INDIRECT(ORÇAMENTO.BancoRef),0)),\"(Código não identificado nas referências)\",MATCH($AE237,INDIRECT(ORÇAMENTO.BancoRef),0))))","v":"(Código não identificado nas referências)"},{"$f":"ROUND(IF(DESONERACAO=\"sim\",REFERENCIA.Desonerado,REFERENCIA.NaoDesonerado),2)","v":0},0.25,null,0.49,null,null,41.7,85.1]
[1,1,1,54,{"$f":"IF($C238=1,OFFSET(E238,-1,0)+MAX(1,COUNTIF(QCI!$A$13:$A$41,OFFSET(ORÇAMENTO!E238,-1,0))),OFFSET(E238,-1,0))","v":13},0,0,0,0,506,{"$f":"IF(OR($C238=\"S\",$C238=0),0,MATCH(OFFSET($D238,0,$C238)+IF($C238<>1,1,COUNTIF(QCI!$A$13:$A$41,ORÇAMENTO!E238)),OFFSET($D238,1,$C238,ROW($C$744)-ROW($C238)),0))","v":54},"F","Meta","Meta","13.","SINAPI",null,"INSTALAÇÕES HIDRÁULICAS",{"$f":"REFERENCIA.Unidade","v":"-"},{"$f":"OFFSET(CÁLCULO!H$15,ROW($T238)-ROW(T$15),0)","v":0},null,"BDI 1",{"$f":"IF($C238=\"S\",ROUND(IF(TIPOORCAMENTO=\"Proposto\",ORÇAMENTO.CustoUnitario*(1+$AH238),ORÇAMENTO.PrecoUnitarioLicitado),15-13*$AF$10),0)","v":0},{"$f":"IF($C238=\"S\",IF(Import.TipoArredondamento<>\"TransfereGOV\",VTOTAL1,SUM(OFFSET(CÁLCULO!$AA$15,ROW($X238)-ROW($X$15),1):OFFSET(CÁLCULO!$AL$15,ROW($X238)-ROW($X$15),-1))),IF($C238=0,0,ROUND(SomaAgrup,15-13*$AF$11)))","v":147780.74},"RA","",{"$f":"IF($C238=\"S\",IF($Z238=\"CP\",$X238,IF($Z238=\"RA\",(($X238)*QCI!$AA$3),0)),SomaAgrup)","v":5262.9157490518946},0,{"$f":"IF($N238=\"\",\"\",IF(ORÇAMENTO.Descricao=\"\",\"DESCRIÇÃO\",IF(AND($C238=\"S\",ORÇAMENTO.Unidade=\"\"),\"UNIDADE\",IF($X238<0,\"VALOR NEGATIVO\",IF(OR(AND(TIPOORCAMENTO=\"Proposto\",$AG238<>\"\",$AG238>0,ORÇAMENTO.CustoUnitario>$AG238),AND(TIPOORCAMENTO=\"LICITADO\",ORÇAMENTO.PrecoUnitarioLicitado>$AN238)),\"ACIMA REF.\",\"\")))))","v":""},{"$f":"IF(C238<=CRONO.NivelExibicao,MAX($AD$15:OFFSET(AD238,-1,0))+IF($C238<>1,1,MAX(1,COUNTIF(QCI!$A$13:$A$41,OFFSET($E238,-1,0)))),\"\")","v":41},{"$f":"IF(AND($C238=\"S\",ORÇAMENTO.CodBarra<>\"\"),IF(ORÇAMENTO.Fonte=\"\",ORÇAMENTO.CodBarra,CONCATENATE(ORÇAMENTO.Fonte,\" \",ORÇAMENTO.CodBarra)))","v":false},{"$f":"IF(ISERROR(INDIRECT(ORÇAMENTO.BancoRef)),\"(abra o arquivo 'Referência \"&Excel_BuiltIn_Database&\".xlsm)\",IF(OR($C238<>\"S\",ORÇAMENTO.CodBarra=\"\"),\"(Sem Código)\",IF(ISERROR(MATCH($AE238,INDIRECT(ORÇAMENTO.BancoRef),0)),\"(Código não identificado nas referências)\",MATCH($AE238,INDIRECT(ORÇAMENTO.BancoRef),0))))","v":"(Sem Código)"},{"$f":"ROUND(IF(DESONERACAO=\"sim\",REFERENCIA.Desonerado,REFERENCIA.NaoDesonerado),2)","v":0},0.25,null,null,null,null,147780.74,0]
[2,2,2,38,{"$f":"IF($C239=1,OFFSET(E239,-1,0)+MAX(1,COUNTIF(QCI!$A$13:$A$41,OFFSET(ORÇAMENTO!E239,-1,0))),OFFSET(E239,-1,0))","v":13},1,0,0,0,53,{"$f":"IF(OR($C239=\"S\",$C239=0),0,MATCH(OFFSET($D239,0,$C239)+IF($C239<>1,1,COUNTIF(QCI!$A$13:$A$41,ORÇAMENTO!E239)),OFFSET($D239,1,$C239,ROW($C$744)-ROW($C239)),0))","v":38},"F","Nível 2","Nível 2","13.1.","SINAPI",null,"Tubulações e conexões de pvc rígido",{"$f":"REFERENCIA.Unidade","v":"-"},{"$f":"OFFSET(CÁLCULO!H$15,ROW($T239)-ROW(T$15),0)","v":0},null,"BDI 1",{"$f":"IF($C239=\"S\",ROUND(IF(TIPOORCAMENTO=\"Proposto\",ORÇAMENTO.CustoUnitario*(1+$AH239),ORÇAMENTO.PrecoUnitarioLicitado),15-13*$AF$10),0)","v":0},{"$f":"IF($C239=\"S\",IF(Import.TipoArredondamento<>\"TransfereGOV\",VTOTAL1,SUM(OFFSET(CÁLCULO!$AA$15,ROW($X239)-ROW($X$15),1):OFFSET(CÁLCULO!$AL$15,ROW($X239)-ROW($X$15),-1))),IF($C239=0,0,ROUND(SomaAgrup,15-13*$AF$11)))","v":71073.460000000006},"RA","",{"$f":"IF($C239=\"S\",IF($Z239=\"CP\",$X239,IF($Z239=\"RA\",(($X239)*QCI!$AA$3),0)),SomaAgrup)","v":2531.1392538270543},0,{"$f":"IF($N239=\"\",\"\",IF(ORÇAMENTO.Descricao=\"\",\"DESCRIÇÃO\",IF(AND($C239=\"S\",ORÇAMENTO.Unidade=\"\"),\"UNIDADE\",IF($X239<0,\"VALOR NEGATIVO\",IF(OR(AND(TIPOORCAMENTO=\"Proposto\",$AG239<>\"\",$AG239>0,ORÇAMENTO.CustoUnitario>$AG239),AND(TIPOORCAMENTO=\"LICITADO\",ORÇAMENTO.PrecoUnitarioLicitado>$AN239)),\"ACIMA REF.\",\"\")))))","v":""},{"$f":"IF(C239<=CRONO.NivelExibicao,MAX($AD$15:OFFSET(AD239,-1,0))+IF($C239<>1,1,MAX(1,COUNTIF(QCI!$A$13:$A$41,OFFSET($E239,-1,0)))),\"\")","v":42},{"$f":"IF(AND($C239=\"S\",ORÇAMENTO.CodBarra<>\"\"),IF(ORÇAMENTO.Fonte=\"\",ORÇAMENTO.CodBarra,CONCATENATE(ORÇAMENTO.Fonte,\" \",ORÇAMENTO.CodBarra)))","v":false},{"$f":"IF(ISERROR(INDIRECT(ORÇAMENTO.BancoRef)),\"(abra o arquivo 'Referência \"&Excel_BuiltIn_Database&\".xlsm)\",IF(OR($C239<>\"S\",ORÇAMENTO.CodBarra=\"\"),\"(Sem Código)\",IF(ISERROR(MATCH($AE239,INDIRECT(ORÇAMENTO.BancoRef),0)),\"(Código não identificado nas referências)\",MATCH($AE239,INDIRECT(ORÇAMENTO.BancoRef),0))))","v":"(Sem Código)"},{"$f":"ROUND(IF(DESONERACAO=\"sim\",REFERENCIA.Desonerado,REFERENCIA.NaoDesonerado),2)","v":0},0.25,null,null,null,null,71073.460000000006,0]
["S",2,"S",0,{"$f":"IF($C240=1,OFFSET(E240,-1,0)+MAX(1,COUNTIF(QCI!$A$13:$A$41,OFFSET(ORÇAMENTO!E240,-1,0))),OFFSET(E240,-1,0))","v":13},1,0,0,1,0,{"$f":"IF(OR($C240=\"S\",$C240=0),0,MATCH(OFFSET($D240,0,$C240)+IF($C240<>1,1,COUNTIF(QCI!$A$13:$A$41,ORÇAMENTO!E240)),OFFSET($D240,1,$C240,ROW($C$744)-ROW($C240)),0))","v":0},"F","Serviço","Serviço","13.1.1.","SINAPI","89356","TUBO, PVC, SOLDÁVEL, DN 25MM, INSTALADO EM RAMAL OU SUB-RAMAL DE ÁGUA - FORNECIMENTO E INSTALAÇÃO. AF_06/2022",{"$f":"REFERENCIA.Unidade","v":"M"},{"$f":"OFFSET(CÁLCULO!H$15,ROW($T240)-ROW(T$15),0)","v":414.1},24.72,"BDI 1",{"$f":"IF($C240=\"S\",ROUND(IF(TIPOORCAMENTO=\"Proposto\",ORÇAMENTO.CustoUnitario*(1+$AH240),ORÇAMENTO.PrecoUnitarioLicitado),15-13*$AF$10),0)","v":30.9},{"$f":"IF($C240=\"S\",IF(Import.TipoArredondamento<>\"TransfereGOV\",VTOTAL1,SUM(OFFSET(CÁLCULO!$AA$15,ROW($X240)-ROW($X$15),1):OFFSET(CÁLCULO!$AL$15,ROW($X240)-ROW($X$15),-1))),IF($C240=0,0,ROUND(SomaAgrup,15-13*$AF$11)))","v":12795.69},"RA","RA",{"$f":"IF($C240=\"S\",IF($Z240=\"CP\",$X240,IF($Z240=\"RA\",(($X240)*QCI!$AA$3),0)),SomaAgrup)","v":455.69293008673412},0,{"$f":"IF($N240=\"\",\"\",IF(ORÇAMENTO.Descricao=\"\",\"DESCRIÇÃO\",IF(AND($C240=\"S\",ORÇAMENTO.Unidade=\"\"),\"UNIDADE\",IF($X240<0,\"VALOR NEGATIVO\",IF(OR(AND(TIPOORCAMENTO=\"Proposto\",$AG240<>\"\",$AG240>0,ORÇAMENTO.CustoUnitario>$AG240),AND(TIPOORCAMENTO=\"LICITADO\",ORÇAMENTO.PrecoUnitarioLicitado>$AN240)),\"ACIMA REF.\",\"\")))))","v":""},{"$f":"IF(C240<=CRONO.NivelExibicao,MAX($AD$15:OFFSET(AD240,-1,0))+IF($C240<>1,1,MAX(1,COUNTIF(QCI!$A$13:$A$41,OFFSET($E240,-1,0)))),\"\")","v":""},{"$f":"IF(AND($C240=\"S\",ORÇAMENTO.CodBarra<>\"\"),IF(ORÇAMENTO.Fonte=\"\",ORÇAMENTO.CodBarra,CONCATENATE(ORÇAMENTO.Fonte,\" \",ORÇAMENTO.CodBarra)))","v":"SINAPI 89356"},{"$f":"IF(ISERROR(INDIRECT(ORÇAMENTO.BancoRef)),\"(abra o arquivo 'Referência \"&Excel_BuiltIn_Database&\".xlsm)\",IF(OR($C240<>\"S\",ORÇAMENTO.CodBarra=\"\"),\"(Sem Código)\",IF(ISERROR(MATCH($AE240,INDIRECT(ORÇAMENTO.BancoRef),0)),\"(Código não identificado nas referências)\",MATCH($AE240,INDIRECT(ORÇAMENTO.BancoRef),0))))","v":3646},{"$f":"ROUND(IF(DESONERACAO=\"sim\",REFERENCIA.Desonerado,REFERENCIA.NaoDesonerado),2)","v":24.72},0.25,null,414.1,null,null,12795.69,30.9]
["S",2,"S",0,{"$f":"IF($C241=1,OFFSET(E241,-1,0)+MAX(1,COUNTIF(QCI!$A$13:$A$41,OFFSET(ORÇAMENTO!E241,-1,0))),OFFSET(E241,-1,0))","v":13},1,0,0,2,0,{"$f":"IF(OR($C241=\"S\",$C241=0),0,MATCH(OFFSET($D241,0,$C241)+IF($C241<>1,1,COUNTIF(QCI!$A$13:$A$41,ORÇAMENTO!E241)),OFFSET($D241,1,$C241,ROW($C$744)-ROW($C241)),0))","v":0},"F","Serviço","Serviço","13.1.2.","SINAPI","103978","TUBO, PVC, SOLDÁVEL, DN 40MM, INSTALADO EM RAMAL DE DISTRIBUIÇÃO DE ÁGUA - FORNECIMENTO E INSTALAÇÃO. AF_06/2022",{"$f":"REFERENCIA.Unidade","v":"M"},{"$f":"OFFSET(CÁLCULO!H$15,ROW($T241)-ROW(T$15),0)","v":15.5},26.84,"BDI 1",{"$f":"IF($C241=\"S\",ROUND(IF(TIPOORCAMENTO=\"Proposto\",ORÇAMENTO.CustoUnitario*(1+$AH241),ORÇAMENTO.PrecoUnitarioLicitado),15-13*$AF$10),0)","v":33.549999999999997},{"$f":"IF($C241=\"S\",IF(Import.TipoArredondamento<>\"TransfereGOV\",VTOTAL1,SUM(OFFSET(CÁLCULO!$AA$15,ROW($X241)-ROW($X$15),1):OFFSET(CÁLCULO!$AL$15,ROW($X241)-ROW($X$15),-1))),IF($C241=0,0,ROUND(SomaAgrup,15-13*$AF$11)))","v":520.03},"RA","RA",{"$f":"IF($C241=\"S\",IF($Z241=\"CP\",$X241,IF($Z241=\"RA\",(($X241)*QCI!$AA$3),0)),SomaAgrup)","v":18.519829288846815},0,{"$f":"IF($N241=\"\",\"\",IF(ORÇAMENTO.Descricao=\"\",\"DESCRIÇÃO\",IF(AND($C241=\"S\",ORÇAMENTO.Unidade=\"\"),\"UNIDADE\",IF($X241<0,\"VALOR NEGATIVO\",IF(OR(AND(TIPOORCAMENTO=\"Proposto\",$AG241<>\"\",$AG241>0,ORÇAMENTO.CustoUnitario>$AG241),AND(TIPOORCAMENTO=\"LICITADO\",ORÇAMENTO.PrecoUnitarioLicitado>$AN241)),\"ACIMA REF.\",\"\")))))","v":""},{"$f":"IF(C241<=CRONO.NivelExibicao,MAX($AD$15:OFFSET(AD241,-1,0))+IF($C241<>1,1,MAX(1,COUNTIF(QCI!$A$13:$A$41,OFFSET($E241,-1,0)))),\"\")","v":""},{"$f":"IF(AND($C241=\"S\",ORÇAMENTO.CodBarra<>\"\"),IF(ORÇAMENTO.Fonte=\"\",ORÇAMENTO.CodBarra,CONCATENATE(ORÇAMENTO.Fonte,\" \",ORÇAMENTO.CodBarra)))","v":"SINAPI 103978"},{"$f":"IF(ISERROR(INDIRECT(ORÇAMENTO.BancoRef)),\"(abra o arquivo 'Referência \"&Excel_BuiltIn_Database&\".xlsm)\",IF(OR($C241<>\"S\",ORÇAMENTO.CodBarra=\"\"),\"(Sem Código)\",IF(ISERROR(MATCH($AE241,INDIRECT(ORÇAMENTO.BancoRef),0)),\"(Código não identificado nas referências)\",MATCH($AE241,INDIRECT(ORÇAMENTO.BancoRef),0))))","v":3875},{"$f":"ROUND(IF(DESONERACAO=\"sim\",REFERENCIA.Desonerado,REFERENCIA.NaoDesonerado),2)","v":26.84},0.25,null,15.5,null,null,520.03,33.549999999999997]
["S",2,"S",0,{"$f":"IF($C242=1,OFFSET(E242,-1,0)+MAX(1,COUNTIF(QCI!$A$13:$A$41,OFFSET(ORÇAMENTO!E242,-1,0))),OFFSET(E242,-1,0))","v":13},1,0,0,3,0,{"$f":"IF(OR($C242=\"S\",$C242=0),0,MATCH(OFFSET($D242,0,$C242)+IF($C242<>1,1,COUNTIF(QCI!$A$13:$A$41,ORÇAMENTO!E242)),OFFSET($D242,1,$C242,ROW($C$744)-ROW($C242)),0))","v":0},"F","Serviço","Serviço","13.1.3.","SINAPI","103979","TUBO, PVC, SOLDÁVEL, DN 50MM, INSTALADO EM RAMAL DE DISTRIBUIÇÃO DE ÁGUA - FORNECIMENTO E INSTALAÇÃO. AF_06/2022",{"$f":"REFERENCIA.Unidade","v":"M"},{"$f":"OFFSET(CÁLCULO!H$15,ROW($T242)-ROW(T$15),0)","v":51.6},30.59,"BDI 1",{"$f":"IF($C242=\"S\",ROUND(IF(TIPOORCAMENTO=\"Proposto\",ORÇAMENTO.CustoUnitario*(1+$AH242),ORÇAMENTO.PrecoUnitarioLicitado),15-13*$AF$10),0)","v":38.24},{"$f":"IF($C242=\"S\",IF(Import.TipoArredondamento<>\"TransfereGOV\",VTOTAL1,SUM(OFFSET(CÁLCULO!$AA$15,ROW($X242)-ROW($X$15),1):OFFSET(CÁLCULO!$AL$15,ROW($X242)-ROW($X$15),-1))),IF($C242=0,0,ROUND(SomaAgrup,15-13*$AF$11)))","v":1973.18},"RA","RA",{"$f":"IF($C242=\"S\",IF($Z242=\"CP\",$X242,IF($Z242=\"RA\",(($X242)*QCI!$AA$3),0)),SomaAgrup)","v":70.270862750546627},0,{"$f":"IF($N242=\"\",\"\",IF(ORÇAMENTO.Descricao=\"\",\"DESCRIÇÃO\",IF(AND($C242=\"S\",ORÇAMENTO.Unidade=\"\"),\"UNIDADE\",IF($X242<0,\"VALOR NEGATIVO\",IF(OR(AND(TIPOORCAMENTO=\"Proposto\",$AG242<>\"\",$AG242>0,ORÇAMENTO.CustoUnitario>$AG242),AND(TIPOORCAMENTO=\"LICITADO\",ORÇAMENTO.PrecoUnitarioLicitado>$AN242)),\"ACIMA REF.\",\"\")))))","v":""},{"$f":"IF(C242<=CRONO.NivelExibicao,MAX($AD$15:OFFSET(AD242,-1,0))+IF($C242<>1,1,MAX(1,COUNTIF(QCI!$A$13:$A$41,OFFSET($E242,-1,0)))),\"\")","v":""},{"$f":"IF(AND($C242=\"S\",ORÇAMENTO.CodBarra<>\"\"),IF(ORÇAMENTO.Fonte=\"\",ORÇAMENTO.CodBarra,CONCATENATE(ORÇAMENTO.Fonte,\" \",ORÇAMENTO.CodBarra)))","v":"SINAPI 103979"},{"$f":"IF(ISERROR(INDIRECT(ORÇAMENTO.BancoRef)),\"(abra o arquivo 'Referência \"&Excel_BuiltIn_Database&\".xlsm)\",IF(OR($C242<>\"S\",ORÇAMENTO.CodBarra=\"\"),\"(Sem Código)\",IF(ISERROR(MATCH($AE242,INDIRECT(ORÇAMENTO.BancoRef),0)),\"(Código não identificado nas referências)\",MATCH($AE242,INDIRECT(ORÇAMENTO.BancoRef),0))))","v":3876},{"$f":"ROUND(IF(DESONERACAO=\"sim\",REFERENCIA.Desonerado,REFERENCIA.NaoDesonerado),2)","v":30.59},0.25,null,51.6,null,null,1973.18,38.24]
["S",2,"S",0,{"$f":"IF($C243=1,OFFSET(E243,-1,0)+MAX(1,COUNTIF(QCI!$A$13:$A$41,OFFSET(ORÇAMENTO!E243,-1,0))),OFFSET(E243,-1,0))","v":13},1,0,0,4,0,{"$f":"IF(OR($C243=\"S\",$C243=0),0,MATCH(OFFSET($D243,0,$C243)+IF($C243<>1,1,COUNTIF(QCI!$A$13:$A$41,ORÇAMENTO!E243)),OFFSET($D243,1,$C243,ROW($C$744)-ROW($C243)),0))","v":0},"F","Serviço","Serviço","13.1.4.","SINAPI","89450","TUBO, PVC, SOLDÁVEL, DN 60MM, INSTALADO EM PRUMADA DE ÁGUA - FORNECIMENTO E INSTALAÇÃO. AF_06/2022",{"$f":"REFERENCIA.Unidade","v":"M"},{"$f":"OFFSET(CÁLCULO!H$15,ROW($T243)-ROW(T$15),0)","v":44.4},29.07,"BDI 1",{"$f":"IF($C243=\"S\",ROUND(IF(TIPOORCAMENTO=\"Proposto\",ORÇAMENTO.CustoUnitario*(1+$AH243),ORÇAMENTO.PrecoUnitarioLicitado),15-13*$AF$10),0)","v":36.340000000000003},{"$f":"IF($C243=\"S\",IF(Import.TipoArredondamento<>\"TransfereGOV\",VTOTAL1,SUM(OFFSET(CÁLCULO!$AA$15,ROW($X243)-ROW($X$15),1):OFFSET(CÁLCULO!$AL$15,ROW($X243)-ROW($X$15),-1))),IF($C243=0,0,ROUND(SomaAgrup,15-13*$AF$11)))","v":1613.5},"RA","RA",{"$f":"IF($C243=\"S\",IF($Z243=\"CP\",$X243,IF($Z243=\"RA\",(($X243)*QCI!$AA$3),0)),SomaAgrup)","v":57.461578288857062},0,{"$f":"IF($N243=\"\",\"\",IF(ORÇAMENTO.Descricao=\"\",\"DESCRIÇÃO\",IF(AND($C243=\"S\",ORÇAMENTO.Unidade=\"\"),\"UNIDADE\",IF($X243<0,\"VALOR NEGATIVO\",IF(OR(AND(TIPOORCAMENTO=\"Proposto\",$AG243<>\"\",$AG243>0,ORÇAMENTO.CustoUnitario>$AG243),AND(TIPOORCAMENTO=\"LICITADO\",ORÇAMENTO.PrecoUnitarioLicitado>$AN243)),\"ACIMA REF.\",\"\")))))","v":""},{"$f":"IF(C243<=CRONO.NivelExibicao,MAX($AD$15:OFFSET(AD243,-1,0))+IF($C243<>1,1,MAX(1,COUNTIF(QCI!$A$13:$A$41,OFFSET($E243,-1,0)))),\"\")","v":""},{"$f":"IF(AND($C243=\"S\",ORÇAMENTO.CodBarra<>\"\"),IF(ORÇAMENTO.Fonte=\"\",ORÇAMENTO.CodBarra,CONCATENATE(ORÇAMENTO.Fonte,\" \",ORÇAMENTO.CodBarra)))","v":"SINAPI 89450"},{"$f":"IF(ISERROR(INDIRECT(ORÇAMENTO.BancoRef)),\"(abra o arquivo 'Referência \"&Excel_BuiltIn_Database&\".xlsm)\",IF(OR($C243<>\"S\",ORÇAMENTO.CodBarra=\"\"),\"(Sem Código)\",IF(ISERROR(MATCH($AE243,INDIRECT(ORÇAMENTO.BancoRef),0)),\"(Código não identificado nas referências)\",MATCH($AE243,INDIRECT(ORÇAMENTO.BancoRef),0))))","v":3655},{"$f":"ROUND(IF(DESONERACAO=\"sim\",REFERENCIA.Desonerado,REFERENCIA.NaoDesonerado),2)","v":29.07},0.25,null,44.4,null,null,1613.5,36.340000000000003]
["S",2,"S",0,{"$f":"IF($C244=1,OFFSET(E244,-1,0)+MAX(1,COUNTIF(QCI!$A$13:$A$41,OFFSET(ORÇAMENTO!E244,-1,0))),OFFSET(E244,-1,0))","v":13},1,0,0,5,0,{"$f":"IF(OR($C244=\"S\",$C244=0),0,MATCH(OFFSET($D244,0,$C244)+IF($C244<>1,1,COUNTIF(QCI!$A$13:$A$41,ORÇAMENTO!E244)),OFFSET($D244,1,$C244,ROW($C$744)-ROW($C244)),0))","v":0},"F","Serviço","Serviço","13.1.5.","SINAPI","89452","TUBO, PVC, SOLDÁVEL, DN 85MM, INSTALADO EM PRUMADA DE ÁGUA - FORNECIMENTO E INSTALAÇÃO. AF_06/2022",{"$f":"REFERENCIA.Unidade","v":"M"},{"$f":"OFFSET(CÁLCULO!H$15,ROW($T244)-ROW(T$15),0)","v":316.8},65.069999999999993,"BDI 1",{"$f":"IF($C244=\"S\",ROUND(IF(TIPOORCAMENTO=\"Proposto\",ORÇAMENTO.CustoUnitario*(1+$AH244),ORÇAMENTO.PrecoUnitarioLicitado),15-13*$AF$10),0)","v":81.34},{"$f":"IF($C244=\"S\",IF(Import.TipoArredondamento<>\"TransfereGOV\",VTOTAL1,SUM(OFFSET(CÁLCULO!$AA$15,ROW($X244)-ROW($X$15),1):OFFSET(CÁLCULO!$AL$15,ROW($X244)-ROW($X$15),-1))),IF($C244=0,0,ROUND(SomaAgrup,15-13*$AF$11)))","v":25768.51},"RA","RA",{"$f":"IF($C244=\"S\",IF($Z244=\"CP\",$X244,IF($Z244=\"RA\",(($X244)*QCI!$AA$3),0)),SomaAgrup)","v":917.69399116962882},0,{"$f":"IF($N244=\"\",\"\",IF(ORÇAMENTO.Descricao=\"\",\"DESCRIÇÃO\",IF(AND($C244=\"S\",ORÇAMENTO.Unidade=\"\"),\"UNIDADE\",IF($X244<0,\"VALOR NEGATIVO\",IF(OR(AND(TIPOORCAMENTO=\"Proposto\",$AG244<>\"\",$AG244>0,ORÇAMENTO.CustoUnitario>$AG244),AND(TIPOORCAMENTO=\"LICITADO\",ORÇAMENTO.PrecoUnitarioLicitado>$AN244)),\"ACIMA REF.\",\"\")))))","v":""},{"$f":"IF(C244<=CRONO.NivelExibicao,MAX($AD$15:OFFSET(AD244,-1,0))+IF($C244<>1,1,MAX(1,COUNTIF(QCI!$A$13:$A$41,OFFSET($E244,-1,0)))),\"\")","v":""},{"$f":"IF(AND($C244=\"S\",ORÇAMENTO.CodBarra<>\"\"),IF(ORÇAMENTO.Fonte=\"\",ORÇAMENTO.CodBarra,CONCATENATE(ORÇAMENTO.Fonte,\" \",ORÇAMENTO.CodBarra)))","v":"SINAPI 89452"},{"$f":"IF(ISERROR(INDIRECT(ORÇAMENTO.BancoRef)),\"(abra o arquivo 'Referência \"&Excel_BuiltIn_Database&\".xlsm)\",IF(OR($C244<>\"S\",ORÇAMENTO.CodBarra=\"\"),\"(Sem Código)\",IF(ISERROR(MATCH($AE244,INDIRECT(ORÇAMENTO.BancoRef),0)),\"(Código não identificado nas referências)\",MATCH($AE244,INDIRECT(ORÇAMENTO.BancoRef),0))))","v":3657},{"$f":"ROUND(IF(DESONERACAO=\"sim\",REFERENCIA.Desonerado,REFERENCIA.NaoDesonerado),2)","v":65.069999999999993},0.25,null,316.8,null,null,25768.51,81.34]
["S",2,"S",0,{"$f":"IF($C245=1,OFFSET(E245,-1,0)+MAX(1,COUNTIF(QCI!$A$13:$A$41,OFFSET(ORÇAMENTO!E245,-1,0))),OFFSET(E245,-1,0))","v":13},1,0,0,6,0,{"$f":"IF(OR($C245=\"S\",$C245=0),0,MATCH(OFFSET($D245,0,$C245)+IF($C245<>1,1,COUNTIF(QCI!$A$13:$A$41,ORÇAMENTO!E245)),OFFSET($D245,1,$C245,ROW($C$744)-ROW($C245)),0))","v":0},"F","Serviço","Serviço","13.1.6.","SINAPI","89429","ADAPTADOR CURTO COM BOLSA E ROSCA PARA REGISTRO, PVC, SOLDÁVEL, DN 25MM X 3/4 , INSTALADO EM RAMAL DE DISTRIBUIÇÃO DE ÁGUA - FORNECIMENTO E INSTALAÇÃO. AF_06/2022",{"$f":"REFERENCIA.Unidade","v":"UN"},{"$f":"OFFSET(CÁLCULO!H$15,ROW($T245)-ROW(T$15),0)","v":83},6.37,"BDI 1",{"$f":"IF($C245=\"S\",ROUND(IF(TIPOORCAMENTO=\"Proposto\",ORÇAMENTO.CustoUnitario*(1+$AH245),ORÇAMENTO.PrecoUnitarioLicitado),15-13*$AF$10),0)","v":7.96},{"$f":"IF($C245=\"S\",IF(Import.TipoArredondamento<>\"TransfereGOV\",VTOTAL1,SUM(OFFSET(CÁLCULO!$AA$15,ROW($X245)-ROW($X$15),1):OFFSET(CÁLCULO!$AL$15,ROW($X245)-ROW($X$15),-1))),IF($C245=0,0,ROUND(SomaAgrup,15-13*$AF$11)))","v":660.68},"RA","RA",{"$f":"IF($C245=\"S\",IF($Z245=\"CP\",$X245,IF($Z245=\"RA\",(($X245)*QCI!$AA$3),0)),SomaAgrup)","v":23.52879798195357},0,{"$f":"IF($N245=\"\",\"\",IF(ORÇAMENTO.Descricao=\"\",\"DESCRIÇÃO\",IF(AND($C245=\"S\",ORÇAMENTO.Unidade=\"\"),\"UNIDADE\",IF($X245<0,\"VALOR NEGATIVO\",IF(OR(AND(TIPOORCAMENTO=\"Proposto\",$AG245<>\"\",$AG245>0,ORÇAMENTO.CustoUnitario>$AG245),AND(TIPOORCAMENTO=\"LICITADO\",ORÇAMENTO.PrecoUnitarioLicitado>$AN245)),\"ACIMA REF.\",\"\")))))","v":""},{"$f":"IF(C245<=CRONO.NivelExibicao,MAX($AD$15:OFFSET(AD245,-1,0))+IF($C245<>1,1,MAX(1,COUNTIF(QCI!$A$13:$A$41,OFFSET($E245,-1,0)))),\"\")","v":""},{"$f":"IF(AND($C245=\"S\",ORÇAMENTO.CodBarra<>\"\"),IF(ORÇAMENTO.Fonte=\"\",ORÇAMENTO.CodBarra,CONCATENATE(ORÇAMENTO.Fonte,\" \",ORÇAMENTO.CodBarra)))","v":"SINAPI 89429"},{"$f":"IF(ISERROR(INDIRECT(ORÇAMENTO.BancoRef)),\"(abra o arquivo 'Referência \"&Excel_BuiltIn_Database&\".xlsm)\",IF(OR($C245<>\"S\",ORÇAMENTO.CodBarra=\"\"),\"(Sem Código)\",IF(ISERROR(MATCH($AE245,INDIRECT(ORÇAMENTO.BancoRef),0)),\"(Código não identificado nas referências)\",MATCH($AE245,INDIRECT(ORÇAMENTO.BancoRef),0))))","v":3957},{"$f":"ROUND(IF(DESONERACAO=\"sim\",REFERENCIA.Desonerado,REFERENCIA.NaoDesonerado),2)","v":6.37},0.25,null,83,null,null,660.68,7.96]
["S",2,"S",0,{"$f":"IF($C246=1,OFFSET(E246,-1,0)+MAX(1,COUNTIF(QCI!$A$13:$A$41,OFFSET(ORÇAMENTO!E246,-1,0))),OFFSET(E246,-1,0))","v":13},1,0,0,7,0,{"$f":"IF(OR($C246=\"S\",$C246=0),0,MATCH(OFFSET($D246,0,$C246)+IF($C246<>1,1,COUNTIF(QCI!$A$13:$A$41,ORÇAMENTO!E246)),OFFSET($D246,1,$C246,ROW($C$744)-ROW($C246)),0))","v":0},"F","Serviço","Serviço","13.1.7.","SINAPI","94660","ADAPTADOR CURTO COM BOLSA E ROSCA PARA REGISTRO, PVC, SOLDÁVEL, DN 40 MM X 1 1/4 , INSTALADO EM RESERVAÇÃO DE ÁGUA DE EDIFICAÇÃO QUE POSSUA RESERVATÓRIO DE FIBRA/FIBROCIMENTO   FORNECIMENTO E INSTALAÇÃO. AF_06/2016",{"$f":"REFERENCIA.Unidade","v":"UN"},{"$f":"OFFSET(CÁLCULO!H$15,ROW($T246)-ROW(T$15),0)","v":2},8.3699999999999992,"BDI 1",{"$f":"IF($C246=\"S\",ROUND(IF(TIPOORCAMENTO=\"Proposto\",ORÇAMENTO.CustoUnitario*(1+$AH246),ORÇAMENTO.PrecoUnitarioLicitado),15-13*$AF$10),0)","v":10.46},{"$f":"IF($C246=\"S\",IF(Import.TipoArredondamento<>\"TransfereGOV\",VTOTAL1,SUM(OFFSET(CÁLCULO!$AA$15,ROW($X246)-ROW($X$15),1):OFFSET(CÁLCULO!$AL$15,ROW($X246)-ROW($X$15),-1))),IF($C246=0,0,ROUND(SomaAgrup,15-13*$AF$11)))","v":20.92},"RA","RA",{"$f":"IF($C246=\"S\",IF($Z246=\"CP\",$X246,IF($Z246=\"RA\",(($X246)*QCI!$AA$3),0)),SomaAgrup)","v":0.74502399615921278},0,{"$f":"IF($N246=\"\",\"\",IF(ORÇAMENTO.Descricao=\"\",\"DESCRIÇÃO\",IF(AND($C246=\"S\",ORÇAMENTO.Unidade=\"\"),\"UNIDADE\",IF($X246<0,\"VALOR NEGATIVO\",IF(OR(AND(TIPOORCAMENTO=\"Proposto\",$AG246<>\"\",$AG246>0,ORÇAMENTO.CustoUnitario>$AG246),AND(TIPOORCAMENTO=\"LICITADO\",ORÇAMENTO.PrecoUnitarioLicitado>$AN246)),\"ACIMA REF.\",\"\")))))","v":""},{"$f":"IF(C246<=CRONO.NivelExibicao,MAX($AD$15:OFFSET(AD246,-1,0))+IF($C246<>1,1,MAX(1,COUNTIF(QCI!$A$13:$A$41,OFFSET($E246,-1,0)))),\"\")","v":""},{"$f":"IF(AND($C246=\"S\",ORÇAMENTO.CodBarra<>\"\"),IF(ORÇAMENTO.Fonte=\"\",ORÇAMENTO.CodBarra,CONCATENATE(ORÇAMENTO.Fonte,\" \",ORÇAMENTO.CodBarra)))","v":"SINAPI 94660"},{"$f":"IF(ISERROR(INDIRECT(ORÇAMENTO.BancoRef)),\"(abra o arquivo 'Referência \"&Excel_BuiltIn_Database&\".xlsm)\",IF(OR($C246<>\"S\",ORÇAMENTO.CodBarra=\"\"),\"(Sem Código)\",IF(ISERROR(MATCH($AE246,INDIRECT(ORÇAMENTO.BancoRef),0)),\"(Código não identificado nas referências)\",MATCH($AE246,INDIRECT(ORÇAMENTO.BancoRef),0))))","v":4583},{"$f":"ROUND(IF(DESONERACAO=\"sim\",REFERENCIA.Desonerado,REFERENCIA.NaoDesonerado),2)","v":8.3699999999999992},0.25,null,2,null,null,20.92,10.46]
["S",2,"S",0,{"$f":"IF($C247=1,OFFSET(E247,-1,0)+MAX(1,COUNTIF(QCI!$A$13:$A$41,OFFSET(ORÇAMENTO!E247,-1,0))),OFFSET(E247,-1,0))","v":13},1,0,0,8,0,{"$f":"IF(OR($C247=\"S\",$C247=0),0,MATCH(OFFSET($D247,0,$C247)+IF($C247<>1,1,COUNTIF(QCI!$A$13:$A$41,ORÇAMENTO!E247)),OFFSET($D247,1,$C247,ROW($C$744)-ROW($C247)),0))","v":0},"F","Serviço","Serviço","13.1.8.","SINAPI","104001","ADAPTADOR CURTO COM BOLSA E ROSCA PARA REGISTRO, PVC, SOLDÁVEL, DN 50MM X 1.1/2\", INSTALADO EM RAMAL DE DISTRIBUIÇÃO DE ÁGUA - FORNECIMENTO E INSTALAÇÃO. AF_06/2022",{"$f":"REFERENCIA.Unidade","v":"UN"},{"$f":"OFFSET(CÁLCULO!H$15,ROW($T247)-ROW(T$15),0)","v":56},14.06,"BDI 1",{"$f":"IF($C247=\"S\",ROUND(IF(TIPOORCAMENTO=\"Proposto\",ORÇAMENTO.CustoUnitario*(1+$AH247),ORÇAMENTO.PrecoUnitarioLicitado),15-13*$AF$10),0)","v":17.579999999999998},{"$f":"IF($C247=\"S\",IF(Import.TipoArredondamento<>\"TransfereGOV\",VTOTAL1,SUM(OFFSET(CÁLCULO!$AA$15,ROW($X247)-ROW($X$15),1):OFFSET(CÁLCULO!$AL$15,ROW($X247)-ROW($X$15),-1))),IF($C247=0,0,ROUND(SomaAgrup,15-13*$AF$11)))","v":984.48},"RA","RA",{"$f":"IF($C247=\"S\",IF($Z247=\"CP\",$X247,IF($Z247=\"RA\",(($X247)*QCI!$AA$3),0)),SomaAgrup)","v":35.060287941626278},0,{"$f":"IF($N247=\"\",\"\",IF(ORÇAMENTO.Descricao=\"\",\"DESCRIÇÃO\",IF(AND($C247=\"S\",ORÇAMENTO.Unidade=\"\"),\"UNIDADE\",IF($X247<0,\"VALOR NEGATIVO\",IF(OR(AND(TIPOORCAMENTO=\"Proposto\",$AG247<>\"\",$AG247>0,ORÇAMENTO.CustoUnitario>$AG247),AND(TIPOORCAMENTO=\"LICITADO\",ORÇAMENTO.PrecoUnitarioLicitado>$AN247)),\"ACIMA REF.\",\"\")))))","v":""},{"$f":"IF(C247<=CRONO.NivelExibicao,MAX($AD$15:OFFSET(AD247,-1,0))+IF($C247<>1,1,MAX(1,COUNTIF(QCI!$A$13:$A$41,OFFSET($E247,-1,0)))),\"\")","v":""},{"$f":"IF(AND($C247=\"S\",ORÇAMENTO.CodBarra<>\"\"),IF(ORÇAMENTO.Fonte=\"\",ORÇAMENTO.CodBarra,CONCATENATE(ORÇAMENTO.Fonte,\" \",ORÇAMENTO.CodBarra)))","v":"SINAPI 104001"},{"$f":"IF(ISERROR(INDIRECT(ORÇAMENTO.BancoRef)),\"(abra o arquivo 'Referência \"&Excel_BuiltIn_Database&\".xlsm)\",IF(OR($C247<>\"S\",ORÇAMENTO.CodBarra=\"\"),\"(Sem Código)\",IF(ISERROR(MATCH($AE247,INDIRECT(ORÇAMENTO.BancoRef),0)),\"(Código não identificado nas referências)\",MATCH($AE247,INDIRECT(ORÇAMENTO.BancoRef),0))))","v":5072},{"$f":"ROUND(IF(DESONERACAO=\"sim\",REFERENCIA.Desonerado,REFERENCIA.NaoDesonerado),2)","v":14.06},0.25,null,56,null,null,984.48,17.579999999999998]
["S",2,"S",0,{"$f":"IF($C248=1,OFFSET(E248,-1,0)+MAX(1,COUNTIF(QCI!$A$13:$A$41,OFFSET(ORÇAMENTO!E248,-1,0))),OFFSET(E248,-1,0))","v":13},1,0,0,9,0,{"$f":"IF(OR($C248=\"S\",$C248=0),0,MATCH(OFFSET($D248,0,$C248)+IF($C248<>1,1,COUNTIF(QCI!$A$13:$A$41,ORÇAMENTO!E248)),OFFSET($D248,1,$C248,ROW($C$744)-ROW($C248)),0))","v":0},"F","Serviço","Serviço","13.1.9.","SINAPI","89616","ADAPTADOR CURTO COM BOLSA E ROSCA PARA REGISTRO, PVC, SOLDÁVEL, DN 85MM X 3 , INSTALADO EM PRUMADA DE ÁGUA - FORNECIMENTO E INSTALAÇÃO. AF_06/2022",{"$f":"REFERENCIA.Unidade","v":"UN"},{"$f":"OFFSET(CÁLCULO!H$15,ROW($T248)-ROW(T$15),0)","v":16},40.409999999999997,"BDI 1",{"$f":"IF($C248=\"S\",ROUND(IF(TIPOORCAMENTO=\"Proposto\",ORÇAMENTO.CustoUnitario*(1+$AH248),ORÇAMENTO.PrecoUnitarioLicitado),15-13*$AF$10),0)","v":50.51},{"$f":"IF($C248=\"S\",IF(Import.TipoArredondamento<>\"TransfereGOV\",VTOTAL1,SUM(OFFSET(CÁLCULO!$AA$15,ROW($X248)-ROW($X$15),1):OFFSET(CÁLCULO!$AL$15,ROW($X248)-ROW($X$15),-1))),IF($C248=0,0,ROUND(SomaAgrup,15-13*$AF$11)))","v":808.16},"RA","RA",{"$f":"IF($C248=\"S\",IF($Z248=\"CP\",$X248,IF($Z248=\"RA\",(($X248)*QCI!$AA$3),0)),SomaAgrup)","v":28.781003476865649},0,{"$f":"IF($N248=\"\",\"\",IF(ORÇAMENTO.Descricao=\"\",\"DESCRIÇÃO\",IF(AND($C248=\"S\",ORÇAMENTO.Unidade=\"\"),\"UNIDADE\",IF($X248<0,\"VALOR NEGATIVO\",IF(OR(AND(TIPOORCAMENTO=\"Proposto\",$AG248<>\"\",$AG248>0,ORÇAMENTO.CustoUnitario>$AG248),AND(TIPOORCAMENTO=\"LICITADO\",ORÇAMENTO.PrecoUnitarioLicitado>$AN248)),\"ACIMA REF.\",\"\")))))","v":""},{"$f":"IF(C248<=CRONO.NivelExibicao,MAX($AD$15:OFFSET(AD248,-1,0))+IF($C248<>1,1,MAX(1,COUNTIF(QCI!$A$13:$A$41,OFFSET($E248,-1,0)))),\"\")","v":""},{"$f":"IF(AND($C248=\"S\",ORÇAMENTO.CodBarra<>\"\"),IF(ORÇAMENTO.Fonte=\"\",ORÇAMENTO.CodBarra,CONCATENATE(ORÇAMENTO.Fonte,\" \",ORÇAMENTO.CodBarra)))","v":"SINAPI 89616"},{"$f":"IF(ISERROR(INDIRECT(ORÇAMENTO.BancoRef)),\"(abra o arquivo 'Referência \"&Excel_BuiltIn_Database&\".xlsm)\",IF(OR($C248<>\"S\",ORÇAMENTO.CodBarra=\"\"),\"(Sem Código)\",IF(ISERROR(MATCH($AE248,INDIRECT(ORÇAMENTO.BancoRef),0)),\"(Código não identificado nas referências)\",MATCH($AE248,INDIRECT(ORÇAMENTO.BancoRef),0))))","v":4077},{"$f":"ROUND(IF(DESONERACAO=\"sim\",REFERENCIA.Desonerado,REFERENCIA.NaoDesonerado),2)","v":40.409999999999997},0.25,null,16,null,null,808.16,50.51]
["S",2,"S",0,{"$f":"IF($C249=1,OFFSET(E249,-1,0)+MAX(1,COUNTIF(QCI!$A$13:$A$41,OFFSET(ORÇAMENTO!E249,-1,0))),OFFSET(E249,-1,0))","v":13},1,0,0,10,0,{"$f":"IF(OR($C249=\"S\",$C249=0),0,MATCH(OFFSET($D249,0,$C249)+IF($C249<>1,1,COUNTIF(QCI!$A$13:$A$41,ORÇAMENTO!E249)),OFFSET($D249,1,$C249,ROW($C$744)-ROW($C249)),0))","v":0},"F","Serviço","Serviço","13.1.10.","SINAPI","103959","BUCHA DE REDUÇÃO, CURTA, PVC, SOLDÁVEL, DN 60 X 50 MM, INSTALADO EM PRUMADA DE ÁGUA - FORNECIMENTO E INSTALAÇÃO. AF_06/2022",{"$f":"REFERENCIA.Unidade","v":"UN"},{"$f":"OFFSET(CÁLCULO!H$15,ROW($T249)-ROW(T$15),0)","v":16},15.13,"BDI 1",{"$f":"IF($C249=\"S\",ROUND(IF(TIPOORCAMENTO=\"Proposto\",ORÇAMENTO.CustoUnitario*(1+$AH249),ORÇAMENTO.PrecoUnitarioLicitado),15-13*$AF$10),0)","v":18.91},{"$f":"IF($C249=\"S\",IF(Import.TipoArredondamento<>\"TransfereGOV\",VTOTAL1,SUM(OFFSET(CÁLCULO!$AA$15,ROW($X249)-ROW($X$15),1):OFFSET(CÁLCULO!$AL$15,ROW($X249)-ROW($X$15),-1))),IF($C249=0,0,ROUND(SomaAgrup,15-13*$AF$11)))","v":302.56},"RA","RA",{"$f":"IF($C249=\"S\",IF($Z249=\"CP\",$X249,IF($Z249=\"RA\",(($X249)*QCI!$AA$3),0)),SomaAgrup)","v":10.775069802960394},0,{"$f":"IF($N249=\"\",\"\",IF(ORÇAMENTO.Descricao=\"\",\"DESCRIÇÃO\",IF(AND($C249=\"S\",ORÇAMENTO.Unidade=\"\"),\"UNIDADE\",IF($X249<0,\"VALOR NEGATIVO\",IF(OR(AND(TIPOORCAMENTO=\"Proposto\",$AG249<>\"\",$AG249>0,ORÇAMENTO.CustoUnitario>$AG249),AND(TIPOORCAMENTO=\"LICITADO\",ORÇAMENTO.PrecoUnitarioLicitado>$AN249)),\"ACIMA REF.\",\"\")))))","v":""},{"$f":"IF(C249<=CRONO.NivelExibicao,MAX($AD$15:OFFSET(AD249,-1,0))+IF($C249<>1,1,MAX(1,COUNTIF(QCI!$A$13:$A$41,OFFSET($E249,-1,0)))),\"\")","v":""},{"$f":"IF(AND($C249=\"S\",ORÇAMENTO.CodBarra<>\"\"),IF(ORÇAMENTO.Fonte=\"\",ORÇAMENTO.CodBarra,CONCATENATE(ORÇAMENTO.Fonte,\" \",ORÇAMENTO.CodBarra)))","v":"SINAPI 103959"},{"$f":"IF(ISERROR(INDIRECT(ORÇAMENTO.BancoRef)),\"(abra o arquivo 'Referência \"&Excel_BuiltIn_Database&\".xlsm)\",IF(OR($C249<>\"S\",ORÇAMENTO.CodBarra=\"\"),\"(Sem Código)\",IF(ISERROR(MATCH($AE249,INDIRECT(ORÇAMENTO.BancoRef),0)),\"(Código não identificado nas referências)\",MATCH($AE249,INDIRECT(ORÇAMENTO.BancoRef),0))))","v":5040},{"$f":"ROUND(IF(DESONERACAO=\"sim\",REFERENCIA.Desonerado,REFERENCIA.NaoDesonerado),2)","v":15.13},0.25,null,16,null,null,302.56,18.91]
["S",2,"S",0,{"$f":"IF($C250=1,OFFSET(E250,-1,0)+MAX(1,COUNTIF(QCI!$A$13:$A$41,OFFSET(ORÇAMENTO!E250,-1,0))),OFFSET(E250,-1,0))","v":13},1,0,0,11,0,{"$f":"IF(OR($C250=\"S\",$C250=0),0,MATCH(OFFSET($D250,0,$C250)+IF($C250<>1,1,COUNTIF(QCI!$A$13:$A$41,ORÇAMENTO!E250)),OFFSET($D250,1,$C250,ROW($C$744)-ROW($C250)),0))","v":0},"F","Serviço","Serviço","13.1.11.","SINAPI","103968","BUCHA DE REDUÇÃO, LONGA, PVC, SOLDÁVEL, DN 60 X 25 MM, INSTALADO EM PRUMADA DE ÁGUA - FORNECIMENTO E INSTALAÇÃO. AF_06/2022",{"$f":"REFERENCIA.Unidade","v":"UN"},{"$f":"OFFSET(CÁLCULO!H$15,ROW($T250)-ROW(T$15),0)","v":38},16.64,"BDI 1",{"$f":"IF($C250=\"S\",ROUND(IF(TIPOORCAMENTO=\"Proposto\",ORÇAMENTO.CustoUnitario*(1+$AH250),ORÇAMENTO.PrecoUnitarioLicitado),15-13*$AF$10),0)","v":20.8},{"$f":"IF($C250=\"S\",IF(Import.TipoArredondamento<>\"TransfereGOV\",VTOTAL1,SUM(OFFSET(CÁLCULO!$AA$15,ROW($X250)-ROW($X$15),1):OFFSET(CÁLCULO!$AL$15,ROW($X250)-ROW($X$15),-1))),IF($C250=0,0,ROUND(SomaAgrup,15-13*$AF$11)))","v":790.4},"RA","RA",{"$f":"IF($C250=\"S\",IF($Z250=\"CP\",$X250,IF($Z250=\"RA\",(($X250)*QCI!$AA$3),0)),SomaAgrup)","v":28.148516566168343},0,{"$f":"IF($N250=\"\",\"\",IF(ORÇAMENTO.Descricao=\"\",\"DESCRIÇÃO\",IF(AND($C250=\"S\",ORÇAMENTO.Unidade=\"\"),\"UNIDADE\",IF($X250<0,\"VALOR NEGATIVO\",IF(OR(AND(TIPOORCAMENTO=\"Proposto\",$AG250<>\"\",$AG250>0,ORÇAMENTO.CustoUnitario>$AG250),AND(TIPOORCAMENTO=\"LICITADO\",ORÇAMENTO.PrecoUnitarioLicitado>$AN250)),\"ACIMA REF.\",\"\")))))","v":""},{"$f":"IF(C250<=CRONO.NivelExibicao,MAX($AD$15:OFFSET(AD250,-1,0))+IF($C250<>1,1,MAX(1,COUNTIF(QCI!$A$13:$A$41,OFFSET($E250,-1,0)))),\"\")","v":""},{"$f":"IF(AND($C250=\"S\",ORÇAMENTO.CodBarra<>\"\"),IF(ORÇAMENTO.Fonte=\"\",ORÇAMENTO.CodBarra,CONCATENATE(ORÇAMENTO.Fonte,\" \",ORÇAMENTO.CodBarra)))","v":"SINAPI 103968"},{"$f":"IF(ISERROR(INDIRECT(ORÇAMENTO.BancoRef)),\"(abra o arquivo 'Referência \"&Excel_BuiltIn_Database&\".xlsm)\",IF(OR($C250<>\"S\",ORÇAMENTO.CodBarra=\"\"),\"(Sem Código)\",IF(ISERROR(MATCH($AE250,INDIRECT(ORÇAMENTO.BancoRef),0)),\"(Código não identificado nas referências)\",MATCH($AE250,INDIRECT(ORÇAMENTO.BancoRef),0))))","v":5045},{"$f":"ROUND(IF(DESONERACAO=\"sim\",REFERENCIA.Desonerado,REFERENCIA.NaoDesonerado),2)","v":16.64},0.25,null,38,null,null,790.4,20.8]
["S",2,"S",0,{"$f":"IF($C251=1,OFFSET(E251,-1,0)+MAX(1,COUNTIF(QCI!$A$13:$A$41,OFFSET(ORÇAMENTO!E251,-1,0))),OFFSET(E251,-1,0))","v":13},1,0,0,12,0,{"$f":"IF(OR($C251=\"S\",$C251=0),0,MATCH(OFFSET($D251,0,$C251)+IF($C251<>1,1,COUNTIF(QCI!$A$13:$A$41,ORÇAMENTO!E251)),OFFSET($D251,1,$C251,ROW($C$744)-ROW($C251)),0))","v":0},"F","Serviço","Serviço","13.1.12.","SINAPI","FNDE 413","BUCHA DE REDUÇÃO, LONGA, PVC, SOLDÁVEL, DN 85 X 60 MM, INSTALADO EM PRUMADA DE ÁGUA - FORNECIMENTO E INSTALAÇÃO","UN",{"$f":"OFFSET(CÁLCULO!H$15,ROW($T251)-ROW(T$15),0)","v":18},28.88,"BDI 1",{"$f":"IF($C251=\"S\",ROUND(IF(TIPOORCAMENTO=\"Proposto\",ORÇAMENTO.CustoUnitario*(1+$AH251),ORÇAMENTO.PrecoUnitarioLicitado),15-13*$AF$10),0)","v":36.1},{"$f":"IF($C251=\"S\",IF(Import.TipoArredondamento<>\"TransfereGOV\",VTOTAL1,SUM(OFFSET(CÁLCULO!$AA$15,ROW($X251)-ROW($X$15),1):OFFSET(CÁLCULO!$AL$15,ROW($X251)-ROW($X$15),-1))),IF($C251=0,0,ROUND(SomaAgrup,15-13*$AF$11)))","v":649.79999999999995},"RA","RA",{"$f":"IF($C251=\"S\",IF($Z251=\"CP\",$X251,IF($Z251=\"RA\",(($X251)*QCI!$AA$3),0)),SomaAgrup)","v":23.141328523148012},0,{"$f":"IF($N251=\"\",\"\",IF(ORÇAMENTO.Descricao=\"\",\"DESCRIÇÃO\",IF(AND($C251=\"S\",ORÇAMENTO.Unidade=\"\"),\"UNIDADE\",IF($X251<0,\"VALOR NEGATIVO\",IF(OR(AND(TIPOORCAMENTO=\"Proposto\",$AG251<>\"\",$AG251>0,ORÇAMENTO.CustoUnitario>$AG251),AND(TIPOORCAMENTO=\"LICITADO\",ORÇAMENTO.PrecoUnitarioLicitado>$AN251)),\"ACIMA REF.\",\"\")))))","v":""},{"$f":"IF(C251<=CRONO.NivelExibicao,MAX($AD$15:OFFSET(AD251,-1,0))+IF($C251<>1,1,MAX(1,COUNTIF(QCI!$A$13:$A$41,OFFSET($E251,-1,0)))),\"\")","v":""},{"$f":"IF(AND($C251=\"S\",ORÇAMENTO.CodBarra<>\"\"),IF(ORÇAMENTO.Fonte=\"\",ORÇAMENTO.CodBarra,CONCATENATE(ORÇAMENTO.Fonte,\" \",ORÇAMENTO.CodBarra)))","v":"SINAPI FNDE 413"},{"$f":"IF(ISERROR(INDIRECT(ORÇAMENTO.BancoRef)),\"(abra o arquivo 'Referência \"&Excel_BuiltIn_Database&\".xlsm)\",IF(OR($C251<>\"S\",ORÇAMENTO.CodBarra=\"\"),\"(Sem Código)\",IF(ISERROR(MATCH($AE251,INDIRECT(ORÇAMENTO.BancoRef),0)),\"(Código não identificado nas referências)\",MATCH($AE251,INDIRECT(ORÇAMENTO.BancoRef),0))))","v":"(Código não identificado nas referências)"},{"$f":"ROUND(IF(DESONERACAO=\"sim\",REFERENCIA.Desonerado,REFERENCIA.NaoDesonerado),2)","v":0},0.25,null,18,null,null,649.79999999999995,36.1]
["S",2,"S",0,{"$f":"IF($C252=1,OFFSET(E252,-1,0)+MAX(1,COUNTIF(QCI!$A$13:$A$41,OFFSET(ORÇAMENTO!E252,-1,0))),OFFSET(E252,-1,0))","v":13},1,0,0,13,0,{"$f":"IF(OR($C252=\"S\",$C252=0),0,MATCH(OFFSET($D252,0,$C252)+IF($C252<>1,1,COUNTIF(QCI!$A$13:$A$41,ORÇAMENTO!E252)),OFFSET($D252,1,$C252,ROW($C$744)-ROW($C252)),0))","v":0},"F","Serviço","Serviço","13.1.13.","SINAPI","103986","CURVA 90 GRAUS, PVC, SOLDÁVEL, DN 50MM, INSTALADO EM RAMAL DE DISTRIBUIÇÃO DE ÁGUA - FORNECIMENTO E INSTALAÇÃO. AF_06/2022",{"$f":"REFERENCIA.Unidade","v":"UN"},{"$f":"OFFSET(CÁLCULO!H$15,ROW($T252)-ROW(T$15),0)","v":24},28.27,"BDI 1",{"$f":"IF($C252=\"S\",ROUND(IF(TIPOORCAMENTO=\"Proposto\",ORÇAMENTO.CustoUnitario*(1+$AH252),ORÇAMENTO.PrecoUnitarioLicitado),15-13*$AF$10),0)","v":35.340000000000003},{"$f":"IF($C252=\"S\",IF(Import.TipoArredondamento<>\"TransfereGOV\",VTOTAL1,SUM(OFFSET(CÁLCULO!$AA$15,ROW($X252)-ROW($X$15),1):OFFSET(CÁLCULO!$AL$15,ROW($X252)-ROW($X$15),-1))),IF($C252=0,0,ROUND(SomaAgrup,15-13*$AF$11)))","v":848.16},"RA","RA",{"$f":"IF($C252=\"S\",IF($Z252=\"CP\",$X252,IF($Z252=\"RA\",(($X252)*QCI!$AA$3),0)),SomaAgrup)","v":30.205523546003722},0,{"$f":"IF($N252=\"\",\"\",IF(ORÇAMENTO.Descricao=\"\",\"DESCRIÇÃO\",IF(AND($C252=\"S\",ORÇAMENTO.Unidade=\"\"),\"UNIDADE\",IF($X252<0,\"VALOR NEGATIVO\",IF(OR(AND(TIPOORCAMENTO=\"Proposto\",$AG252<>\"\",$AG252>0,ORÇAMENTO.CustoUnitario>$AG252),AND(TIPOORCAMENTO=\"LICITADO\",ORÇAMENTO.PrecoUnitarioLicitado>$AN252)),\"ACIMA REF.\",\"\")))))","v":""},{"$f":"IF(C252<=CRONO.NivelExibicao,MAX($AD$15:OFFSET(AD252,-1,0))+IF($C252<>1,1,MAX(1,COUNTIF(QCI!$A$13:$A$41,OFFSET($E252,-1,0)))),\"\")","v":""},{"$f":"IF(AND($C252=\"S\",ORÇAMENTO.CodBarra<>\"\"),IF(ORÇAMENTO.Fonte=\"\",ORÇAMENTO.CodBarra,CONCATENATE(ORÇAMENTO.Fonte,\" \",ORÇAMENTO.CodBarra)))","v":"SINAPI 103986"},{"$f":"IF(ISERROR(INDIRECT(ORÇAMENTO.BancoRef)),\"(abra o arquivo 'Referência \"&Excel_BuiltIn_Database&\".xlsm)\",IF(OR($C252<>\"S\",ORÇAMENTO.CodBarra=\"\"),\"(Sem Código)\",IF(ISERROR(MATCH($AE252,INDIRECT(ORÇAMENTO.BancoRef),0)),\"(Código não identificado nas referências)\",MATCH($AE252,INDIRECT(ORÇAMENTO.BancoRef),0))))","v":5058},{"$f":"ROUND(IF(DESONERACAO=\"sim\",REFERENCIA.Desonerado,REFERENCIA.NaoDesonerado),2)","v":28.27},0.25,null,24,null,null,848.16,35.340000000000003]
["S",2,"S",0,{"$f":"IF($C253=1,OFFSET(E253,-1,0)+MAX(1,COUNTIF(QCI!$A$13:$A$41,OFFSET(ORÇAMENTO!E253,-1,0))),OFFSET(E253,-1,0))","v":13},1,0,0,14,0,{"$f":"IF(OR($C253=\"S\",$C253=0),0,MATCH(OFFSET($D253,0,$C253)+IF($C253<>1,1,COUNTIF(QCI!$A$13:$A$41,ORÇAMENTO!E253)),OFFSET($D253,1,$C253,ROW($C$744)-ROW($C253)),0))","v":0},"F","Serviço","Serviço","13.1.14.","SINAPI","89430","CURVA DE TRANSPOSIÇÃO, PVC, SOLDÁVEL, DN 25MM, INSTALADO EM RAMAL DE DISTRIBUIÇÃO DE ÁGUA   FORNECIMENTO E INSTALAÇÃO. AF_06/2022",{"$f":"REFERENCIA.Unidade","v":"UN"},{"$f":"OFFSET(CÁLCULO!H$15,ROW($T253)-ROW(T$15),0)","v":4},12.72,"BDI 1",{"$f":"IF($C253=\"S\",ROUND(IF(TIPOORCAMENTO=\"Proposto\",ORÇAMENTO.CustoUnitario*(1+$AH253),ORÇAMENTO.PrecoUnitarioLicitado),15-13*$AF$10),0)","v":15.9},{"$f":"IF($C253=\"S\",IF(Import.TipoArredondamento<>\"TransfereGOV\",VTOTAL1,SUM(OFFSET(CÁLCULO!$AA$15,ROW($X253)-ROW($X$15),1):OFFSET(CÁLCULO!$AL$15,ROW($X253)-ROW($X$15),-1))),IF($C253=0,0,ROUND(SomaAgrup,15-13*$AF$11)))","v":63.6},"RA","RA",{"$f":"IF($C253=\"S\",IF($Z253=\"CP\",$X253,IF($Z253=\"RA\",(($X253)*QCI!$AA$3),0)),SomaAgrup)","v":2.2649869099295379},0,{"$f":"IF($N253=\"\",\"\",IF(ORÇAMENTO.Descricao=\"\",\"DESCRIÇÃO\",IF(AND($C253=\"S\",ORÇAMENTO.Unidade=\"\"),\"UNIDADE\",IF($X253<0,\"VALOR NEGATIVO\",IF(OR(AND(TIPOORCAMENTO=\"Proposto\",$AG253<>\"\",$AG253>0,ORÇAMENTO.CustoUnitario>$AG253),AND(TIPOORCAMENTO=\"LICITADO\",ORÇAMENTO.PrecoUnitarioLicitado>$AN253)),\"ACIMA REF.\",\"\")))))","v":""},{"$f":"IF(C253<=CRONO.NivelExibicao,MAX($AD$15:OFFSET(AD253,-1,0))+IF($C253<>1,1,MAX(1,COUNTIF(QCI!$A$13:$A$41,OFFSET($E253,-1,0)))),\"\")","v":""},{"$f":"IF(AND($C253=\"S\",ORÇAMENTO.CodBarra<>\"\"),IF(ORÇAMENTO.Fonte=\"\",ORÇAMENTO.CodBarra,CONCATENATE(ORÇAMENTO.Fonte,\" \",ORÇAMENTO.CodBarra)))","v":"SINAPI 89430"},{"$f":"IF(ISERROR(INDIRECT(ORÇAMENTO.BancoRef)),\"(abra o arquivo 'Referência \"&Excel_BuiltIn_Database&\".xlsm)\",IF(OR($C253<>\"S\",ORÇAMENTO.CodBarra=\"\"),\"(Sem Código)\",IF(ISERROR(MATCH($AE253,INDIRECT(ORÇAMENTO.BancoRef),0)),\"(Código não identificado nas referências)\",MATCH($AE253,INDIRECT(ORÇAMENTO.BancoRef),0))))","v":3958},{"$f":"ROUND(IF(DESONERACAO=\"sim\",REFERENCIA.Desonerado,REFERENCIA.NaoDesonerado),2)","v":12.72},0.25,null,4,null,null,63.6,15.9]
["S",2,"S",0,{"$f":"IF($C254=1,OFFSET(E254,-1,0)+MAX(1,COUNTIF(QCI!$A$13:$A$41,OFFSET(ORÇAMENTO!E254,-1,0))),OFFSET(E254,-1,0))","v":13},1,0,0,15,0,{"$f":"IF(OR($C254=\"S\",$C254=0),0,MATCH(OFFSET($D254,0,$C254)+IF($C254<>1,1,COUNTIF(QCI!$A$13:$A$41,ORÇAMENTO!E254)),OFFSET($D254,1,$C254,ROW($C$744)-ROW($C254)),0))","v":0},"F","Serviço","Serviço","13.1.15.","SINAPI","89408","JOELHO 90 GRAUS, PVC, SOLDÁVEL, DN 25MM, INSTALADO EM RAMAL DE DISTRIBUIÇÃO DE ÁGUA - FORNECIMENTO E INSTALAÇÃO. AF_06/2022",{"$f":"REFERENCIA.Unidade","v":"UN"},{"$f":"OFFSET(CÁLCULO!H$15,ROW($T254)-ROW(T$15),0)","v":248},9.08,"BDI 1",{"$f":"IF($C254=\"S\",ROUND(IF(TIPOORCAMENTO=\"Proposto\",ORÇAMENTO.CustoUnitario*(1+$AH254),ORÇAMENTO.PrecoUnitarioLicitado),15-13*$AF$10),0)","v":11.35},{"$f":"IF($C254=\"S\",IF(Import.TipoArredondamento<>\"TransfereGOV\",VTOTAL1,SUM(OFFSET(CÁLCULO!$AA$15,ROW($X254)-ROW($X$15),1):OFFSET(CÁLCULO!$AL$15,ROW($X254)-ROW($X$15),-1))),IF($C254=0,0,ROUND(SomaAgrup,15-13*$AF$11)))","v":2814.8},"RA","RA",{"$f":"IF($C254=\"S\",IF($Z254=\"CP\",$X254,IF($Z254=\"RA\",(($X254)*QCI!$AA$3),0)),SomaAgrup)","v":100.24347726524628},0,{"$f":"IF($N254=\"\",\"\",IF(ORÇAMENTO.Descricao=\"\",\"DESCRIÇÃO\",IF(AND($C254=\"S\",ORÇAMENTO.Unidade=\"\"),\"UNIDADE\",IF($X254<0,\"VALOR NEGATIVO\",IF(OR(AND(TIPOORCAMENTO=\"Proposto\",$AG254<>\"\",$AG254>0,ORÇAMENTO.CustoUnitario>$AG254),AND(TIPOORCAMENTO=\"LICITADO\",ORÇAMENTO.PrecoUnitarioLicitado>$AN254)),\"ACIMA REF.\",\"\")))))","v":""},{"$f":"IF(C254<=CRONO.NivelExibicao,MAX($AD$15:OFFSET(AD254,-1,0))+IF($C254<>1,1,MAX(1,COUNTIF(QCI!$A$13:$A$41,OFFSET($E254,-1,0)))),\"\")","v":""},{"$f":"IF(AND($C254=\"S\",ORÇAMENTO.CodBarra<>\"\"),IF(ORÇAMENTO.Fonte=\"\",ORÇAMENTO.CodBarra,CONCATENATE(ORÇAMENTO.Fonte,\" \",ORÇAMENTO.CodBarra)))","v":"SINAPI 89408"},{"$f":"IF(ISERROR(INDIRECT(ORÇAMENTO.BancoRef)),\"(abra o arquivo 'Referência \"&Excel_BuiltIn_Database&\".xlsm)\",IF(OR($C254<>\"S\",ORÇAMENTO.CodBarra=\"\"),\"(Sem Código)\",IF(ISERROR(MATCH($AE254,INDIRECT(ORÇAMENTO.BancoRef),0)),\"(Código não identificado nas referências)\",MATCH($AE254,INDIRECT(ORÇAMENTO.BancoRef),0))))","v":3938},{"$f":"ROUND(IF(DESONERACAO=\"sim\",REFERENCIA.Desonerado,REFERENCIA.NaoDesonerado),2)","v":9.08},0.25,null,248,null,null,2814.8,11.35]
["S",2,"S",0,{"$f":"IF($C255=1,OFFSET(E255,-1,0)+MAX(1,COUNTIF(QCI!$A$13:$A$41,OFFSET(ORÇAMENTO!E255,-1,0))),OFFSET(E255,-1,0))","v":13},1,0,0,16,0,{"$f":"IF(OR($C255=\"S\",$C255=0),0,MATCH(OFFSET($D255,0,$C255)+IF($C255<>1,1,COUNTIF(QCI!$A$13:$A$41,ORÇAMENTO!E255)),OFFSET($D255,1,$C255,ROW($C$744)-ROW($C255)),0))","v":0},"F","Serviço","Serviço","13.1.16.","SINAPI","103980","JOELHO 90 GRAUS, PVC, SOLDÁVEL, DN 40MM, INSTALADO EM RAMAL DE DISTRIBUIÇÃO DE ÁGUA - FORNECIMENTO E INSTALAÇÃO. AF_06/2022",{"$f":"REFERENCIA.Unidade","v":"UN"},{"$f":"OFFSET(CÁLCULO!H$15,ROW($T255)-ROW(T$15),0)","v":2},18.100000000000001,"BDI 1",{"$f":"IF($C255=\"S\",ROUND(IF(TIPOORCAMENTO=\"Proposto\",ORÇAMENTO.CustoUnitario*(1+$AH255),ORÇAMENTO.PrecoUnitarioLicitado),15-13*$AF$10),0)","v":22.63},{"$f":"IF($C255=\"S\",IF(Import.TipoArredondamento<>\"TransfereGOV\",VTOTAL1,SUM(OFFSET(CÁLCULO!$AA$15,ROW($X255)-ROW($X$15),1):OFFSET(CÁLCULO!$AL$15,ROW($X255)-ROW($X$15),-1))),IF($C255=0,0,ROUND(SomaAgrup,15-13*$AF$11)))","v":45.26},"RA","RA",{"$f":"IF($C255=\"S\",IF($Z255=\"CP\",$X255,IF($Z255=\"RA\",(($X255)*QCI!$AA$3),0)),SomaAgrup)","v":1.6118444582297309},0,{"$f":"IF($N255=\"\",\"\",IF(ORÇAMENTO.Descricao=\"\",\"DESCRIÇÃO\",IF(AND($C255=\"S\",ORÇAMENTO.Unidade=\"\"),\"UNIDADE\",IF($X255<0,\"VALOR NEGATIVO\",IF(OR(AND(TIPOORCAMENTO=\"Proposto\",$AG255<>\"\",$AG255>0,ORÇAMENTO.CustoUnitario>$AG255),AND(TIPOORCAMENTO=\"LICITADO\",ORÇAMENTO.PrecoUnitarioLicitado>$AN255)),\"ACIMA REF.\",\"\")))))","v":""},{"$f":"IF(C255<=CRONO.NivelExibicao,MAX($AD$15:OFFSET(AD255,-1,0))+IF($C255<>1,1,MAX(1,COUNTIF(QCI!$A$13:$A$41,OFFSET($E255,-1,0)))),\"\")","v":""},{"$f":"IF(AND($C255=\"S\",ORÇAMENTO.CodBarra<>\"\"),IF(ORÇAMENTO.Fonte=\"\",ORÇAMENTO.CodBarra,CONCATENATE(ORÇAMENTO.Fonte,\" \",ORÇAMENTO.CodBarra)))","v":"SINAPI 103980"},{"$f":"IF(ISERROR(INDIRECT(ORÇAMENTO.BancoRef)),\"(abra o arquivo 'Referência \"&Excel_BuiltIn_Database&\".xlsm)\",IF(OR($C255<>\"S\",ORÇAMENTO.CodBarra=\"\"),\"(Sem Código)\",IF(ISERROR(MATCH($AE255,INDIRECT(ORÇAMENTO.BancoRef),0)),\"(Código não identificado nas referências)\",MATCH($AE255,INDIRECT(ORÇAMENTO.BancoRef),0))))","v":5052},{"$f":"ROUND(IF(DESONERACAO=\"sim\",REFERENCIA.Desonerado,REFERENCIA.NaoDesonerado),2)","v":18.100000000000001},0.25,null,2,null,null,45.26,22.63]
["S",2,"S",0,{"$f":"IF($C256=1,OFFSET(E256,-1,0)+MAX(1,COUNTIF(QCI!$A$13:$A$41,OFFSET(ORÇAMENTO!E256,-1,0))),OFFSET(E256,-1,0))","v":13},1,0,0,17,0,{"$f":"IF(OR($C256=\"S\",$C256=0),0,MATCH(OFFSET($D256,0,$C256)+IF($C256<>1,1,COUNTIF(QCI!$A$13:$A$41,ORÇAMENTO!E256)),OFFSET($D256,1,$C256,ROW($C$744)-ROW($C256)),0))","v":0},"F","Serviço","Serviço","13.1.17.","SINAPI","103984","JOELHO 90 GRAUS, PVC, SOLDÁVEL, DN 50MM, INSTALADO EM RAMAL DE DISTRIBUIÇÃO DE ÁGUA - FORNECIMENTO E INSTALAÇÃO. AF_06/2022",{"$f":"REFERENCIA.Unidade","v":"UN"},{"$f":"OFFSET(CÁLCULO!H$15,ROW($T256)-ROW(T$15),0)","v":6},20.13,"BDI 1",{"$f":"IF($C256=\"S\",ROUND(IF(TIPOORCAMENTO=\"Proposto\",ORÇAMENTO.CustoUnitario*(1+$AH256),ORÇAMENTO.PrecoUnitarioLicitado),15-13*$AF$10),0)","v":25.16},{"$f":"IF($C256=\"S\",IF(Import.TipoArredondamento<>\"TransfereGOV\",VTOTAL1,SUM(OFFSET(CÁLCULO!$AA$15,ROW($X256)-ROW($X$15),1):OFFSET(CÁLCULO!$AL$15,ROW($X256)-ROW($X$15),-1))),IF($C256=0,0,ROUND(SomaAgrup,15-13*$AF$11)))","v":150.96},"RA","RA",{"$f":"IF($C256=\"S\",IF($Z256=\"CP\",$X256,IF($Z256=\"RA\",(($X256)*QCI!$AA$3),0)),SomaAgrup)","v":5.3761387409270922},0,{"$f":"IF($N256=\"\",\"\",IF(ORÇAMENTO.Descricao=\"\",\"DESCRIÇÃO\",IF(AND($C256=\"S\",ORÇAMENTO.Unidade=\"\"),\"UNIDADE\",IF($X256<0,\"VALOR NEGATIVO\",IF(OR(AND(TIPOORCAMENTO=\"Proposto\",$AG256<>\"\",$AG256>0,ORÇAMENTO.CustoUnitario>$AG256),AND(TIPOORCAMENTO=\"LICITADO\",ORÇAMENTO.PrecoUnitarioLicitado>$AN256)),\"ACIMA REF.\",\"\")))))","v":""},{"$f":"IF(C256<=CRONO.NivelExibicao,MAX($AD$15:OFFSET(AD256,-1,0))+IF($C256<>1,1,MAX(1,COUNTIF(QCI!$A$13:$A$41,OFFSET($E256,-1,0)))),\"\")","v":""},{"$f":"IF(AND($C256=\"S\",ORÇAMENTO.CodBarra<>\"\"),IF(ORÇAMENTO.Fonte=\"\",ORÇAMENTO.CodBarra,CONCATENATE(ORÇAMENTO.Fonte,\" \",ORÇAMENTO.CodBarra)))","v":"SINAPI 103984"},{"$f":"IF(ISERROR(INDIRECT(ORÇAMENTO.BancoRef)),\"(abra o arquivo 'Referência \"&Excel_BuiltIn_Database&\".xlsm)\",IF(OR($C256<>\"S\",ORÇAMENTO.CodBarra=\"\"),\"(Sem Código)\",IF(ISERROR(MATCH($AE256,INDIRECT(ORÇAMENTO.BancoRef),0)),\"(Código não identificado nas referências)\",MATCH($AE256,INDIRECT(ORÇAMENTO.BancoRef),0))))","v":5056},{"$f":"ROUND(IF(DESONERACAO=\"sim\",REFERENCIA.Desonerado,REFERENCIA.NaoDesonerado),2)","v":20.13},0.25,null,6,null,null,150.96,25.16]
["S",2,"S",0,{"$f":"IF($C257=1,OFFSET(E257,-1,0)+MAX(1,COUNTIF(QCI!$A$13:$A$41,OFFSET(ORÇAMENTO!E257,-1,0))),OFFSET(E257,-1,0))","v":13},1,0,0,18,0,{"$f":"IF(OR($C257=\"S\",$C257=0),0,MATCH(OFFSET($D257,0,$C257)+IF($C257<>1,1,COUNTIF(QCI!$A$13:$A$41,ORÇAMENTO!E257)),OFFSET($D257,1,$C257,ROW($C$744)-ROW($C257)),0))","v":0},"F","Serviço","Serviço","13.1.18.","SINAPI","89505","JOELHO 90 GRAUS, PVC, SOLDÁVEL, DN 60MM, INSTALADO EM PRUMADA DE ÁGUA - FORNECIMENTO E INSTALAÇÃO. AF_06/2022",{"$f":"REFERENCIA.Unidade","v":"UN"},{"$f":"OFFSET(CÁLCULO!H$15,ROW($T257)-ROW(T$15),0)","v":1},41.06,"BDI 1",{"$f":"IF($C257=\"S\",ROUND(IF(TIPOORCAMENTO=\"Proposto\",ORÇAMENTO.CustoUnitario*(1+$AH257),ORÇAMENTO.PrecoUnitarioLicitado),15-13*$AF$10),0)","v":51.33},{"$f":"IF($C257=\"S\",IF(Import.TipoArredondamento<>\"TransfereGOV\",VTOTAL1,SUM(OFFSET(CÁLCULO!$AA$15,ROW($X257)-ROW($X$15),1):OFFSET(CÁLCULO!$AL$15,ROW($X257)-ROW($X$15),-1))),IF($C257=0,0,ROUND(SomaAgrup,15-13*$AF$11)))","v":51.33},"RA","RA",{"$f":"IF($C257=\"S\",IF($Z257=\"CP\",$X257,IF($Z257=\"RA\",(($X257)*QCI!$AA$3),0)),SomaAgrup)","v":1.8280153787214335},0,{"$f":"IF($N257=\"\",\"\",IF(ORÇAMENTO.Descricao=\"\",\"DESCRIÇÃO\",IF(AND($C257=\"S\",ORÇAMENTO.Unidade=\"\"),\"UNIDADE\",IF($X257<0,\"VALOR NEGATIVO\",IF(OR(AND(TIPOORCAMENTO=\"Proposto\",$AG257<>\"\",$AG257>0,ORÇAMENTO.CustoUnitario>$AG257),AND(TIPOORCAMENTO=\"LICITADO\",ORÇAMENTO.PrecoUnitarioLicitado>$AN257)),\"ACIMA REF.\",\"\")))))","v":""},{"$f":"IF(C257<=CRONO.NivelExibicao,MAX($AD$15:OFFSET(AD257,-1,0))+IF($C257<>1,1,MAX(1,COUNTIF(QCI!$A$13:$A$41,OFFSET($E257,-1,0)))),\"\")","v":""},{"$f":"IF(AND($C257=\"S\",ORÇAMENTO.CodBarra<>\"\"),IF(ORÇAMENTO.Fonte=\"\",ORÇAMENTO.CodBarra,CONCATENATE(ORÇAMENTO.Fonte,\" \",ORÇAMENTO.CodBarra)))","v":"SINAPI 89505"},{"$f":"IF(ISERROR(INDIRECT(ORÇAMENTO.BancoRef)),\"(abra o arquivo 'Referência \"&Excel_BuiltIn_Database&\".xlsm)\",IF(OR($C257<>\"S\",ORÇAMENTO.CodBarra=\"\"),\"(Sem Código)\",IF(ISERROR(MATCH($AE257,INDIRECT(ORÇAMENTO.BancoRef),0)),\"(Código não identificado nas referências)\",MATCH($AE257,INDIRECT(ORÇAMENTO.BancoRef),0))))","v":3989},{"$f":"ROUND(IF(DESONERACAO=\"sim\",REFERENCIA.Desonerado,REFERENCIA.NaoDesonerado),2)","v":41.06},0.25,null,1,null,null,51.33,51.33]
["S",2,"S",0,{"$f":"IF($C258=1,OFFSET(E258,-1,0)+MAX(1,COUNTIF(QCI!$A$13:$A$41,OFFSET(ORÇAMENTO!E258,-1,0))),OFFSET(E258,-1,0))","v":13},1,0,0,19,0,{"$f":"IF(OR($C258=\"S\",$C258=0),0,MATCH(OFFSET($D258,0,$C258)+IF($C258<>1,1,COUNTIF(QCI!$A$13:$A$41,ORÇAMENTO!E258)),OFFSET($D258,1,$C258,ROW($C$744)-ROW($C258)),0))","v":0},"F","Serviço","Serviço","13.1.19.","SINAPI","89521","JOELHO 90 GRAUS, PVC, SOLDÁVEL, DN 85MM, INSTALADO EM PRUMADA DE ÁGUA - FORNECIMENTO E INSTALAÇÃO. AF_06/2022",{"$f":"REFERENCIA.Unidade","v":"UN"},{"$f":"OFFSET(CÁLCULO!H$15,ROW($T258)-ROW(T$15),0)","v":45},121.31,"BDI 1",{"$f":"IF($C258=\"S\",ROUND(IF(TIPOORCAMENTO=\"Proposto\",ORÇAMENTO.CustoUnitario*(1+$AH258),ORÇAMENTO.PrecoUnitarioLicitado),15-13*$AF$10),0)","v":151.63999999999999},{"$f":"IF($C258=\"S\",IF(Import.TipoArredondamento<>\"TransfereGOV\",VTOTAL1,SUM(OFFSET(CÁLCULO!$AA$15,ROW($X258)-ROW($X$15),1):OFFSET(CÁLCULO!$AL$15,ROW($X258)-ROW($X$15),-1))),IF($C258=0,0,ROUND(SomaAgrup,15-13*$AF$11)))","v":6823.8},"RA","RA",{"$f":"IF($C258=\"S\",IF($Z258=\"CP\",$X258,IF($Z258=\"RA\",(($X258)*QCI!$AA$3),0)),SomaAgrup)","v":243.01600119460977},0,{"$f":"IF($N258=\"\",\"\",IF(ORÇAMENTO.Descricao=\"\",\"DESCRIÇÃO\",IF(AND($C258=\"S\",ORÇAMENTO.Unidade=\"\"),\"UNIDADE\",IF($X258<0,\"VALOR NEGATIVO\",IF(OR(AND(TIPOORCAMENTO=\"Proposto\",$AG258<>\"\",$AG258>0,ORÇAMENTO.CustoUnitario>$AG258),AND(TIPOORCAMENTO=\"LICITADO\",ORÇAMENTO.PrecoUnitarioLicitado>$AN258)),\"ACIMA REF.\",\"\")))))","v":""},{"$f":"IF(C258<=CRONO.NivelExibicao,MAX($AD$15:OFFSET(AD258,-1,0))+IF($C258<>1,1,MAX(1,COUNTIF(QCI!$A$13:$A$41,OFFSET($E258,-1,0)))),\"\")","v":""},{"$f":"IF(AND($C258=\"S\",ORÇAMENTO.CodBarra<>\"\"),IF(ORÇAMENTO.Fonte=\"\",ORÇAMENTO.CodBarra,CONCATENATE(ORÇAMENTO.Fonte,\" \",ORÇAMENTO.CodBarra)))","v":"SINAPI 89521"},{"$f":"IF(ISERROR(INDIRECT(ORÇAMENTO.BancoRef)),\"(abra o arquivo 'Referência \"&Excel_BuiltIn_Database&\".xlsm)\",IF(OR($C258<>\"S\",ORÇAMENTO.CodBarra=\"\"),\"(Sem Código)\",IF(ISERROR(MATCH($AE258,INDIRECT(ORÇAMENTO.BancoRef),0)),\"(Código não identificado nas referências)\",MATCH($AE258,INDIRECT(ORÇAMENTO.BancoRef),0))))","v":4001},{"$f":"ROUND(IF(DESONERACAO=\"sim\",REFERENCIA.Desonerado,REFERENCIA.NaoDesonerado),2)","v":121.31},0.25,null,45,null,null,6823.8,151.63999999999999]
["S",2,"S",0,{"$f":"IF($C259=1,OFFSET(E259,-1,0)+MAX(1,COUNTIF(QCI!$A$13:$A$41,OFFSET(ORÇAMENTO!E259,-1,0))),OFFSET(E259,-1,0))","v":13},1,0,0,20,0,{"$f":"IF(OR($C259=\"S\",$C259=0),0,MATCH(OFFSET($D259,0,$C259)+IF($C259<>1,1,COUNTIF(QCI!$A$13:$A$41,ORÇAMENTO!E259)),OFFSET($D259,1,$C259,ROW($C$744)-ROW($C259)),0))","v":0},"F","Serviço","Serviço","13.1.20.","SINAPI","103981","JOELHO 45 GRAUS, PVC, SOLDÁVEL, DN 40MM, INSTALADO EM RAMAL DE DISTRIBUIÇÃO DE ÁGUA - FORNECIMENTO E INSTALAÇÃO. AF_06/2022",{"$f":"REFERENCIA.Unidade","v":"UN"},{"$f":"OFFSET(CÁLCULO!H$15,ROW($T259)-ROW(T$15),0)","v":1},18.16,"BDI 1",{"$f":"IF($C259=\"S\",ROUND(IF(TIPOORCAMENTO=\"Proposto\",ORÇAMENTO.CustoUnitario*(1+$AH259),ORÇAMENTO.PrecoUnitarioLicitado),15-13*$AF$10),0)","v":22.7},{"$f":"IF($C259=\"S\",IF(Import.TipoArredondamento<>\"TransfereGOV\",VTOTAL1,SUM(OFFSET(CÁLCULO!$AA$15,ROW($X259)-ROW($X$15),1):OFFSET(CÁLCULO!$AL$15,ROW($X259)-ROW($X$15),-1))),IF($C259=0,0,ROUND(SomaAgrup,15-13*$AF$11)))","v":22.7},"RA","RA",{"$f":"IF($C259=\"S\",IF($Z259=\"CP\",$X259,IF($Z259=\"RA\",(($X259)*QCI!$AA$3),0)),SomaAgrup)","v":0.80841513923585706},0,{"$f":"IF($N259=\"\",\"\",IF(ORÇAMENTO.Descricao=\"\",\"DESCRIÇÃO\",IF(AND($C259=\"S\",ORÇAMENTO.Unidade=\"\"),\"UNIDADE\",IF($X259<0,\"VALOR NEGATIVO\",IF(OR(AND(TIPOORCAMENTO=\"Proposto\",$AG259<>\"\",$AG259>0,ORÇAMENTO.CustoUnitario>$AG259),AND(TIPOORCAMENTO=\"LICITADO\",ORÇAMENTO.PrecoUnitarioLicitado>$AN259)),\"ACIMA REF.\",\"\")))))","v":""},{"$f":"IF(C259<=CRONO.NivelExibicao,MAX($AD$15:OFFSET(AD259,-1,0))+IF($C259<>1,1,MAX(1,COUNTIF(QCI!$A$13:$A$41,OFFSET($E259,-1,0)))),\"\")","v":""},{"$f":"IF(AND($C259=\"S\",ORÇAMENTO.CodBarra<>\"\"),IF(ORÇAMENTO.Fonte=\"\",ORÇAMENTO.CodBarra,CONCATENATE(ORÇAMENTO.Fonte,\" \",ORÇAMENTO.CodBarra)))","v":"SINAPI 103981"},{"$f":"IF(ISERROR(INDIRECT(ORÇAMENTO.BancoRef)),\"(abra o arquivo 'Referência \"&Excel_BuiltIn_Database&\".xlsm)\",IF(OR($C259<>\"S\",ORÇAMENTO.CodBarra=\"\"),\"(Sem Código)\",IF(ISERROR(MATCH($AE259,INDIRECT(ORÇAMENTO.BancoRef),0)),\"(Código não identificado nas referências)\",MATCH($AE259,INDIRECT(ORÇAMENTO.BancoRef),0))))","v":5053},{"$f":"ROUND(IF(DESONERACAO=\"sim\",REFERENCIA.Desonerado,REFERENCIA.NaoDesonerado),2)","v":18.16},0.25,null,1,null,null,22.7,22.7]
["S",2,"S",0,{"$f":"IF($C260=1,OFFSET(E260,-1,0)+MAX(1,COUNTIF(QCI!$A$13:$A$41,OFFSET(ORÇAMENTO!E260,-1,0))),OFFSET(E260,-1,0))","v":13},1,0,0,21,0,{"$f":"IF(OR($C260=\"S\",$C260=0),0,MATCH(OFFSET($D260,0,$C260)+IF($C260<>1,1,COUNTIF(QCI!$A$13:$A$41,ORÇAMENTO!E260)),OFFSET($D260,1,$C260,ROW($C$744)-ROW($C260)),0))","v":0},"F","Serviço","Serviço","13.1.21.","SINAPI","89409","JOELHO 45 GRAUS, PVC, SOLDÁVEL, DN 25MM, INSTALADO EM RAMAL DE DISTRIBUIÇÃO DE ÁGUA - FORNECIMENTO E INSTALAÇÃO. AF_06/2022",{"$f":"REFERENCIA.Unidade","v":"UN"},{"$f":"OFFSET(CÁLCULO!H$15,ROW($T260)-ROW(T$15),0)","v":2},9.8699999999999992,"BDI 1",{"$f":"IF($C260=\"S\",ROUND(IF(TIPOORCAMENTO=\"Proposto\",ORÇAMENTO.CustoUnitario*(1+$AH260),ORÇAMENTO.PrecoUnitarioLicitado),15-13*$AF$10),0)","v":12.34},{"$f":"IF($C260=\"S\",IF(Import.TipoArredondamento<>\"TransfereGOV\",VTOTAL1,SUM(OFFSET(CÁLCULO!$AA$15,ROW($X260)-ROW($X$15),1):OFFSET(CÁLCULO!$AL$15,ROW($X260)-ROW($X$15),-1))),IF($C260=0,0,ROUND(SomaAgrup,15-13*$AF$11)))","v":24.68},"RA","RA",{"$f":"IF($C260=\"S\",IF($Z260=\"CP\",$X260,IF($Z260=\"RA\",(($X260)*QCI!$AA$3),0)),SomaAgrup)","v":0.87892888265819169},0,{"$f":"IF($N260=\"\",\"\",IF(ORÇAMENTO.Descricao=\"\",\"DESCRIÇÃO\",IF(AND($C260=\"S\",ORÇAMENTO.Unidade=\"\"),\"UNIDADE\",IF($X260<0,\"VALOR NEGATIVO\",IF(OR(AND(TIPOORCAMENTO=\"Proposto\",$AG260<>\"\",$AG260>0,ORÇAMENTO.CustoUnitario>$AG260),AND(TIPOORCAMENTO=\"LICITADO\",ORÇAMENTO.PrecoUnitarioLicitado>$AN260)),\"ACIMA REF.\",\"\")))))","v":""},{"$f":"IF(C260<=CRONO.NivelExibicao,MAX($AD$15:OFFSET(AD260,-1,0))+IF($C260<>1,1,MAX(1,COUNTIF(QCI!$A$13:$A$41,OFFSET($E260,-1,0)))),\"\")","v":""},{"$f":"IF(AND($C260=\"S\",ORÇAMENTO.CodBarra<>\"\"),IF(ORÇAMENTO.Fonte=\"\",ORÇAMENTO.CodBarra,CONCATENATE(ORÇAMENTO.Fonte,\" \",ORÇAMENTO.CodBarra)))","v":"SINAPI 89409"},{"$f":"IF(ISERROR(INDIRECT(ORÇAMENTO.BancoRef)),\"(abra o arquivo 'Referência \"&Excel_BuiltIn_Database&\".xlsm)\",IF(OR($C260<>\"S\",ORÇAMENTO.CodBarra=\"\"),\"(Sem Código)\",IF(ISERROR(MATCH($AE260,INDIRECT(ORÇAMENTO.BancoRef),0)),\"(Código não identificado nas referências)\",MATCH($AE260,INDIRECT(ORÇAMENTO.BancoRef),0))))","v":3939},{"$f":"ROUND(IF(DESONERACAO=\"sim\",REFERENCIA.Desonerado,REFERENCIA.NaoDesonerado),2)","v":9.8699999999999992},0.25,null,2,null,null,24.68,12.34]
["S",2,"S",0,{"$f":"IF($C261=1,OFFSET(E261,-1,0)+MAX(1,COUNTIF(QCI!$A$13:$A$41,OFFSET(ORÇAMENTO!E261,-1,0))),OFFSET(E261,-1,0))","v":13},1,0,0,22,0,{"$f":"IF(OR($C261=\"S\",$C261=0),0,MATCH(OFFSET($D261,0,$C261)+IF($C261<>1,1,COUNTIF(QCI!$A$13:$A$41,ORÇAMENTO!E261)),OFFSET($D261,1,$C261,ROW($C$744)-ROW($C261)),0))","v":0},"F","Serviço","Serviço","13.1.22.","SINAPI","89424","LUVA, PVC, SOLDÁVEL, DN 25MM, INSTALADO EM RAMAL DE DISTRIBUIÇÃO DE ÁGUA - FORNECIMENTO E INSTALAÇÃO. AF_06/2022",{"$f":"REFERENCIA.Unidade","v":"UN"},{"$f":"OFFSET(CÁLCULO!H$15,ROW($T261)-ROW(T$15),0)","v":40},6.79,"BDI 1",{"$f":"IF($C261=\"S\",ROUND(IF(TIPOORCAMENTO=\"Proposto\",ORÇAMENTO.CustoUnitario*(1+$AH261),ORÇAMENTO.PrecoUnitarioLicitado),15-13*$AF$10),0)","v":8.49},{"$f":"IF($C261=\"S\",IF(Import.TipoArredondamento<>\"TransfereGOV\",VTOTAL1,SUM(OFFSET(CÁLCULO!$AA$15,ROW($X261)-ROW($X$15),1):OFFSET(CÁLCULO!$AL$15,ROW($X261)-ROW($X$15),-1))),IF($C261=0,0,ROUND(SomaAgrup,15-13*$AF$11)))","v":339.6},"RA","RA",{"$f":"IF($C261=\"S\",IF($Z261=\"CP\",$X261,IF($Z261=\"RA\",(($X261)*QCI!$AA$3),0)),SomaAgrup)","v":12.094175386982251},0,{"$f":"IF($N261=\"\",\"\",IF(ORÇAMENTO.Descricao=\"\",\"DESCRIÇÃO\",IF(AND($C261=\"S\",ORÇAMENTO.Unidade=\"\"),\"UNIDADE\",IF($X261<0,\"VALOR NEGATIVO\",IF(OR(AND(TIPOORCAMENTO=\"Proposto\",$AG261<>\"\",$AG261>0,ORÇAMENTO.CustoUnitario>$AG261),AND(TIPOORCAMENTO=\"LICITADO\",ORÇAMENTO.PrecoUnitarioLicitado>$AN261)),\"ACIMA REF.\",\"\")))))","v":""},{"$f":"IF(C261<=CRONO.NivelExibicao,MAX($AD$15:OFFSET(AD261,-1,0))+IF($C261<>1,1,MAX(1,COUNTIF(QCI!$A$13:$A$41,OFFSET($E261,-1,0)))),\"\")","v":""},{"$f":"IF(AND($C261=\"S\",ORÇAMENTO.CodBarra<>\"\"),IF(ORÇAMENTO.Fonte=\"\",ORÇAMENTO.CodBarra,CONCATENATE(ORÇAMENTO.Fonte,\" \",ORÇAMENTO.CodBarra)))","v":"SINAPI 89424"},{"$f":"IF(ISERROR(INDIRECT(ORÇAMENTO.BancoRef)),\"(abra o arquivo 'Referência \"&Excel_BuiltIn_Database&\".xlsm)\",IF(OR($C261<>\"S\",ORÇAMENTO.CodBarra=\"\"),\"(Sem Código)\",IF(ISERROR(MATCH($AE261,INDIRECT(ORÇAMENTO.BancoRef),0)),\"(Código não identificado nas referências)\",MATCH($AE261,INDIRECT(ORÇAMENTO.BancoRef),0))))","v":3952},{"$f":"ROUND(IF(DESONERACAO=\"sim\",REFERENCIA.Desonerado,REFERENCIA.NaoDesonerado),2)","v":6.79},0.25,null,40,null,null,339.6,8.49]
["S",2,"S",0,{"$f":"IF($C262=1,OFFSET(E262,-1,0)+MAX(1,COUNTIF(QCI!$A$13:$A$41,OFFSET(ORÇAMENTO!E262,-1,0))),OFFSET(E262,-1,0))","v":13},1,0,0,23,0,{"$f":"IF(OR($C262=\"S\",$C262=0),0,MATCH(OFFSET($D262,0,$C262)+IF($C262<>1,1,COUNTIF(QCI!$A$13:$A$41,ORÇAMENTO!E262)),OFFSET($D262,1,$C262,ROW($C$744)-ROW($C262)),0))","v":0},"F","Serviço","Serviço","13.1.23.","SINAPI","103995","LUVA, PVC, SOLDÁVEL, DN 50MM, INSTALADO EM RAMAL DE DISTRIBUIÇÃO DE ÁGUA - FORNECIMENTO E INSTALAÇÃO. AF_06/2022",{"$f":"REFERENCIA.Unidade","v":"UN"},{"$f":"OFFSET(CÁLCULO!H$15,ROW($T262)-ROW(T$15),0)","v":16},15.46,"BDI 1",{"$f":"IF($C262=\"S\",ROUND(IF(TIPOORCAMENTO=\"Proposto\",ORÇAMENTO.CustoUnitario*(1+$AH262),ORÇAMENTO.PrecoUnitarioLicitado),15-13*$AF$10),0)","v":19.329999999999998},{"$f":"IF($C262=\"S\",IF(Import.TipoArredondamento<>\"TransfereGOV\",VTOTAL1,SUM(OFFSET(CÁLCULO!$AA$15,ROW($X262)-ROW($X$15),1):OFFSET(CÁLCULO!$AL$15,ROW($X262)-ROW($X$15),-1))),IF($C262=0,0,ROUND(SomaAgrup,15-13*$AF$11)))","v":309.27999999999997},"RA","RA",{"$f":"IF($C262=\"S\",IF($Z262=\"CP\",$X262,IF($Z262=\"RA\",(($X262)*QCI!$AA$3),0)),SomaAgrup)","v":11.014389174575587},0,{"$f":"IF($N262=\"\",\"\",IF(ORÇAMENTO.Descricao=\"\",\"DESCRIÇÃO\",IF(AND($C262=\"S\",ORÇAMENTO.Unidade=\"\"),\"UNIDADE\",IF($X262<0,\"VALOR NEGATIVO\",IF(OR(AND(TIPOORCAMENTO=\"Proposto\",$AG262<>\"\",$AG262>0,ORÇAMENTO.CustoUnitario>$AG262),AND(TIPOORCAMENTO=\"LICITADO\",ORÇAMENTO.PrecoUnitarioLicitado>$AN262)),\"ACIMA REF.\",\"\")))))","v":""},{"$f":"IF(C262<=CRONO.NivelExibicao,MAX($AD$15:OFFSET(AD262,-1,0))+IF($C262<>1,1,MAX(1,COUNTIF(QCI!$A$13:$A$41,OFFSET($E262,-1,0)))),\"\")","v":""},{"$f":"IF(AND($C262=\"S\",ORÇAMENTO.CodBarra<>\"\"),IF(ORÇAMENTO.Fonte=\"\",ORÇAMENTO.CodBarra,CONCATENATE(ORÇAMENTO.Fonte,\" \",ORÇAMENTO.CodBarra)))","v":"SINAPI 103995"},{"$f":"IF(ISERROR(INDIRECT(ORÇAMENTO.BancoRef)),\"(abra o arquivo 'Referência \"&Excel_BuiltIn_Database&\".xlsm)\",IF(OR($C262<>\"S\",ORÇAMENTO.CodBarra=\"\"),\"(Sem Código)\",IF(ISERROR(MATCH($AE262,INDIRECT(ORÇAMENTO.BancoRef),0)),\"(Código não identificado nas referências)\",MATCH($AE262,INDIRECT(ORÇAMENTO.BancoRef),0))))","v":5066},{"$f":"ROUND(IF(DESONERACAO=\"sim\",REFERENCIA.Desonerado,REFERENCIA.NaoDesonerado),2)","v":15.46},0.25,null,16,null,null,309.27999999999997,19.329999999999998]
["S",2,"S",0,{"$f":"IF($C263=1,OFFSET(E263,-1,0)+MAX(1,COUNTIF(QCI!$A$13:$A$41,OFFSET(ORÇAMENTO!E263,-1,0))),OFFSET(E263,-1,0))","v":13},1,0,0,24,0,{"$f":"IF(OR($C263=\"S\",$C263=0),0,MATCH(OFFSET($D263,0,$C263)+IF($C263<>1,1,COUNTIF(QCI!$A$13:$A$41,ORÇAMENTO!E263)),OFFSET($D263,1,$C263,ROW($C$744)-ROW($C263)),0))","v":0},"F","Serviço","Serviço","13.1.24.","SINAPI","89440","TE, PVC, SOLDÁVEL, DN 25MM, INSTALADO EM RAMAL DE DISTRIBUIÇÃO DE ÁGUA - FORNECIMENTO E INSTALAÇÃO. AF_06/2022",{"$f":"REFERENCIA.Unidade","v":"UN"},{"$f":"OFFSET(CÁLCULO!H$15,ROW($T263)-ROW(T$15),0)","v":63},12.56,"BDI 1",{"$f":"IF($C263=\"S\",ROUND(IF(TIPOORCAMENTO=\"Proposto\",ORÇAMENTO.CustoUnitario*(1+$AH263),ORÇAMENTO.PrecoUnitarioLicitado),15-13*$AF$10),0)","v":15.7},{"$f":"IF($C263=\"S\",IF(Import.TipoArredondamento<>\"TransfereGOV\",VTOTAL1,SUM(OFFSET(CÁLCULO!$AA$15,ROW($X263)-ROW($X$15),1):OFFSET(CÁLCULO!$AL$15,ROW($X263)-ROW($X$15),-1))),IF($C263=0,0,ROUND(SomaAgrup,15-13*$AF$11)))","v":989.1},"RA","RA",{"$f":"IF($C263=\"S\",IF($Z263=\"CP\",$X263,IF($Z263=\"RA\",(($X263)*QCI!$AA$3),0)),SomaAgrup)","v":35.224820009611726},0,{"$f":"IF($N263=\"\",\"\",IF(ORÇAMENTO.Descricao=\"\",\"DESCRIÇÃO\",IF(AND($C263=\"S\",ORÇAMENTO.Unidade=\"\"),\"UNIDADE\",IF($X263<0,\"VALOR NEGATIVO\",IF(OR(AND(TIPOORCAMENTO=\"Proposto\",$AG263<>\"\",$AG263>0,ORÇAMENTO.CustoUnitario>$AG263),AND(TIPOORCAMENTO=\"LICITADO\",ORÇAMENTO.PrecoUnitarioLicitado>$AN263)),\"ACIMA REF.\",\"\")))))","v":""},{"$f":"IF(C263<=CRONO.NivelExibicao,MAX($AD$15:OFFSET(AD263,-1,0))+IF($C263<>1,1,MAX(1,COUNTIF(QCI!$A$13:$A$41,OFFSET($E263,-1,0)))),\"\")","v":""},{"$f":"IF(AND($C263=\"S\",ORÇAMENTO.CodBarra<>\"\"),IF(ORÇAMENTO.Fonte=\"\",ORÇAMENTO.CodBarra,CONCATENATE(ORÇAMENTO.Fonte,\" \",ORÇAMENTO.CodBarra)))","v":"SINAPI 89440"},{"$f":"IF(ISERROR(INDIRECT(ORÇAMENTO.BancoRef)),\"(abra o arquivo 'Referência \"&Excel_BuiltIn_Database&\".xlsm)\",IF(OR($C263<>\"S\",ORÇAMENTO.CodBarra=\"\"),\"(Sem Código)\",IF(ISERROR(MATCH($AE263,INDIRECT(ORÇAMENTO.BancoRef),0)),\"(Código não identificado nas referências)\",MATCH($AE263,INDIRECT(ORÇAMENTO.BancoRef),0))))","v":3968},{"$f":"ROUND(IF(DESONERACAO=\"sim\",REFERENCIA.Desonerado,REFERENCIA.NaoDesonerado),2)","v":12.56},0.25,null,63,null,null,989.1,15.7]
["S",2,"S",0,{"$f":"IF($C264=1,OFFSET(E264,-1,0)+MAX(1,COUNTIF(QCI!$A$13:$A$41,OFFSET(ORÇAMENTO!E264,-1,0))),OFFSET(E264,-1,0))","v":13},1,0,0,25,0,{"$f":"IF(OR($C264=\"S\",$C264=0),0,MATCH(OFFSET($D264,0,$C264)+IF($C264<>1,1,COUNTIF(QCI!$A$13:$A$41,ORÇAMENTO!E264)),OFFSET($D264,1,$C264,ROW($C$744)-ROW($C264)),0))","v":0},"F","Serviço","Serviço","13.1.25.","SINAPI","104004","TE, PVC, SOLDÁVEL, DN 50MM, INSTALADO EM RAMAL DE DISTRIBUIÇÃO DE ÁGUA - FORNECIMENTO E INSTALAÇÃO. AF_06/2022",{"$f":"REFERENCIA.Unidade","v":"UN"},{"$f":"OFFSET(CÁLCULO!H$15,ROW($T264)-ROW(T$15),0)","v":8},30.37,"BDI 1",{"$f":"IF($C264=\"S\",ROUND(IF(TIPOORCAMENTO=\"Proposto\",ORÇAMENTO.CustoUnitario*(1+$AH264),ORÇAMENTO.PrecoUnitarioLicitado),15-13*$AF$10),0)","v":37.96},{"$f":"IF($C264=\"S\",IF(Import.TipoArredondamento<>\"TransfereGOV\",VTOTAL1,SUM(OFFSET(CÁLCULO!$AA$15,ROW($X264)-ROW($X$15),1):OFFSET(CÁLCULO!$AL$15,ROW($X264)-ROW($X$15),-1))),IF($C264=0,0,ROUND(SomaAgrup,15-13*$AF$11)))","v":303.68},"RA","RA",{"$f":"IF($C264=\"S\",IF($Z264=\"CP\",$X264,IF($Z264=\"RA\",(($X264)*QCI!$AA$3),0)),SomaAgrup)","v":10.814956364896259},0,{"$f":"IF($N264=\"\",\"\",IF(ORÇAMENTO.Descricao=\"\",\"DESCRIÇÃO\",IF(AND($C264=\"S\",ORÇAMENTO.Unidade=\"\"),\"UNIDADE\",IF($X264<0,\"VALOR NEGATIVO\",IF(OR(AND(TIPOORCAMENTO=\"Proposto\",$AG264<>\"\",$AG264>0,ORÇAMENTO.CustoUnitario>$AG264),AND(TIPOORCAMENTO=\"LICITADO\",ORÇAMENTO.PrecoUnitarioLicitado>$AN264)),\"ACIMA REF.\",\"\")))))","v":""},{"$f":"IF(C264<=CRONO.NivelExibicao,MAX($AD$15:OFFSET(AD264,-1,0))+IF($C264<>1,1,MAX(1,COUNTIF(QCI!$A$13:$A$41,OFFSET($E264,-1,0)))),\"\")","v":""},{"$f":"IF(AND($C264=\"S\",ORÇAMENTO.CodBarra<>\"\"),IF(ORÇAMENTO.Fonte=\"\",ORÇAMENTO.CodBarra,CONCATENATE(ORÇAMENTO.Fonte,\" \",ORÇAMENTO.CodBarra)))","v":"SINAPI 104004"},{"$f":"IF(ISERROR(INDIRECT(ORÇAMENTO.BancoRef)),\"(abra o arquivo 'Referência \"&Excel_BuiltIn_Database&\".xlsm)\",IF(OR($C264<>\"S\",ORÇAMENTO.CodBarra=\"\"),\"(Sem Código)\",IF(ISERROR(MATCH($AE264,INDIRECT(ORÇAMENTO.BancoRef),0)),\"(Código não identificado nas referências)\",MATCH($AE264,INDIRECT(ORÇAMENTO.BancoRef),0))))","v":5075},{"$f":"ROUND(IF(DESONERACAO=\"sim\",REFERENCIA.Desonerado,REFERENCIA.NaoDesonerado),2)","v":30.37},0.25,null,8,null,null,303.68,37.96]
["S",2,"S",0,{"$f":"IF($C265=1,OFFSET(E265,-1,0)+MAX(1,COUNTIF(QCI!$A$13:$A$41,OFFSET(ORÇAMENTO!E265,-1,0))),OFFSET(E265,-1,0))","v":13},1,0,0,26,0,{"$f":"IF(OR($C265=\"S\",$C265=0),0,MATCH(OFFSET($D265,0,$C265)+IF($C265<>1,1,COUNTIF(QCI!$A$13:$A$41,ORÇAMENTO!E265)),OFFSET($D265,1,$C265,ROW($C$744)-ROW($C265)),0))","v":0},"F","Serviço","Serviço","13.1.26.","SINAPI","89628","TE, PVC, SOLDÁVEL, DN 60MM, INSTALADO EM PRUMADA DE ÁGUA - FORNECIMENTO E INSTALAÇÃO. AF_06/2022",{"$f":"REFERENCIA.Unidade","v":"UN"},{"$f":"OFFSET(CÁLCULO!H$15,ROW($T265)-ROW(T$15),0)","v":3},47.63,"BDI 1",{"$f":"IF($C265=\"S\",ROUND(IF(TIPOORCAMENTO=\"Proposto\",ORÇAMENTO.CustoUnitario*(1+$AH265),ORÇAMENTO.PrecoUnitarioLicitado),15-13*$AF$10),0)","v":59.54},{"$f":"IF($C265=\"S\",IF(Import.TipoArredondamento<>\"TransfereGOV\",VTOTAL1,SUM(OFFSET(CÁLCULO!$AA$15,ROW($X265)-ROW($X$15),1):OFFSET(CÁLCULO!$AL$15,ROW($X265)-ROW($X$15),-1))),IF($C265=0,0,ROUND(SomaAgrup,15-13*$AF$11)))","v":178.62},"RA","RA",{"$f":"IF($C265=\"S\",IF($Z265=\"CP\",$X265,IF($Z265=\"RA\",(($X265)*QCI!$AA$3),0)),SomaAgrup)","v":6.3611943687360704},0,{"$f":"IF($N265=\"\",\"\",IF(ORÇAMENTO.Descricao=\"\",\"DESCRIÇÃO\",IF(AND($C265=\"S\",ORÇAMENTO.Unidade=\"\"),\"UNIDADE\",IF($X265<0,\"VALOR NEGATIVO\",IF(OR(AND(TIPOORCAMENTO=\"Proposto\",$AG265<>\"\",$AG265>0,ORÇAMENTO.CustoUnitario>$AG265),AND(TIPOORCAMENTO=\"LICITADO\",ORÇAMENTO.PrecoUnitarioLicitado>$AN265)),\"ACIMA REF.\",\"\")))))","v":""},{"$f":"IF(C265<=CRONO.NivelExibicao,MAX($AD$15:OFFSET(AD265,-1,0))+IF($C265<>1,1,MAX(1,COUNTIF(QCI!$A$13:$A$41,OFFSET($E265,-1,0)))),\"\")","v":""},{"$f":"IF(AND($C265=\"S\",ORÇAMENTO.CodBarra<>\"\"),IF(ORÇAMENTO.Fonte=\"\",ORÇAMENTO.CodBarra,CONCATENATE(ORÇAMENTO.Fonte,\" \",ORÇAMENTO.CodBarra)))","v":"SINAPI 89628"},{"$f":"IF(ISERROR(INDIRECT(ORÇAMENTO.BancoRef)),\"(abra o arquivo 'Referência \"&Excel_BuiltIn_Database&\".xlsm)\",IF(OR($C265<>\"S\",ORÇAMENTO.CodBarra=\"\"),\"(Sem Código)\",IF(ISERROR(MATCH($AE265,INDIRECT(ORÇAMENTO.BancoRef),0)),\"(Código não identificado nas referências)\",MATCH($AE265,INDIRECT(ORÇAMENTO.BancoRef),0))))","v":4086},{"$f":"ROUND(IF(DESONERACAO=\"sim\",REFERENCIA.Desonerado,REFERENCIA.NaoDesonerado),2)","v":47.63},0.25,null,3,null,null,178.62,59.54]
["S",2,"S",0,{"$f":"IF($C266=1,OFFSET(E266,-1,0)+MAX(1,COUNTIF(QCI!$A$13:$A$41,OFFSET(ORÇAMENTO!E266,-1,0))),OFFSET(E266,-1,0))","v":13},1,0,0,27,0,{"$f":"IF(OR($C266=\"S\",$C266=0),0,MATCH(OFFSET($D266,0,$C266)+IF($C266<>1,1,COUNTIF(QCI!$A$13:$A$41,ORÇAMENTO!E266)),OFFSET($D266,1,$C266,ROW($C$744)-ROW($C266)),0))","v":0},"F","Serviço","Serviço","13.1.27.","SINAPI","89631","TE, PVC, SOLDÁVEL, DN 85MM, INSTALADO EM PRUMADA DE ÁGUA - FORNECIMENTO E INSTALAÇÃO. AF_06/2022",{"$f":"REFERENCIA.Unidade","v":"UN"},{"$f":"OFFSET(CÁLCULO!H$15,ROW($T266)-ROW(T$15),0)","v":18},104.32,"BDI 1",{"$f":"IF($C266=\"S\",ROUND(IF(TIPOORCAMENTO=\"Proposto\",ORÇAMENTO.CustoUnitario*(1+$AH266),ORÇAMENTO.PrecoUnitarioLicitado),15-13*$AF$10),0)","v":130.4},{"$f":"IF($C266=\"S\",IF(Import.TipoArredondamento<>\"TransfereGOV\",VTOTAL1,SUM(OFFSET(CÁLCULO!$AA$15,ROW($X266)-ROW($X$15),1):OFFSET(CÁLCULO!$AL$15,ROW($X266)-ROW($X$15),-1))),IF($C266=0,0,ROUND(SomaAgrup,15-13*$AF$11)))","v":2347.1999999999998},"RA","RA",{"$f":"IF($C266=\"S\",IF($Z266=\"CP\",$X266,IF($Z266=\"RA\",(($X266)*QCI!$AA$3),0)),SomaAgrup)","v":83.590837657022178},0,{"$f":"IF($N266=\"\",\"\",IF(ORÇAMENTO.Descricao=\"\",\"DESCRIÇÃO\",IF(AND($C266=\"S\",ORÇAMENTO.Unidade=\"\"),\"UNIDADE\",IF($X266<0,\"VALOR NEGATIVO\",IF(OR(AND(TIPOORCAMENTO=\"Proposto\",$AG266<>\"\",$AG266>0,ORÇAMENTO.CustoUnitario>$AG266),AND(TIPOORCAMENTO=\"LICITADO\",ORÇAMENTO.PrecoUnitarioLicitado>$AN266)),\"ACIMA REF.\",\"\")))))","v":""},{"$f":"IF(C266<=CRONO.NivelExibicao,MAX($AD$15:OFFSET(AD266,-1,0))+IF($C266<>1,1,MAX(1,COUNTIF(QCI!$A$13:$A$41,OFFSET($E266,-1,0)))),\"\")","v":""},{"$f":"IF(AND($C266=\"S\",ORÇAMENTO.CodBarra<>\"\"),IF(ORÇAMENTO.Fonte=\"\",ORÇAMENTO.CodBarra,CONCATENATE(ORÇAMENTO.Fonte,\" \",ORÇAMENTO.CodBarra)))","v":"SINAPI 89631"},{"$f":"IF(ISERROR(INDIRECT(ORÇAMENTO.BancoRef)),\"(abra o arquivo 'Referência \"&Excel_BuiltIn_Database&\".xlsm)\",IF(OR($C266<>\"S\",ORÇAMENTO.CodBarra=\"\"),\"(Sem Código)\",IF(ISERROR(MATCH($AE266,INDIRECT(ORÇAMENTO.BancoRef),0)),\"(Código não identificado nas referências)\",MATCH($AE266,INDIRECT(ORÇAMENTO.BancoRef),0))))","v":4089},{"$f":"ROUND(IF(DESONERACAO=\"sim\",REFERENCIA.Desonerado,REFERENCIA.NaoDesonerado),2)","v":104.32},0.25,null,18,null,null,2347.1999999999998,130.4]
["S",2,"S",0,{"$f":"IF($C267=1,OFFSET(E267,-1,0)+MAX(1,COUNTIF(QCI!$A$13:$A$41,OFFSET(ORÇAMENTO!E267,-1,0))),OFFSET(E267,-1,0))","v":13},1,0,0,28,0,{"$f":"IF(OR($C267=\"S\",$C267=0),0,MATCH(OFFSET($D267,0,$C267)+IF($C267<>1,1,COUNTIF(QCI!$A$13:$A$41,ORÇAMENTO!E267)),OFFSET($D267,1,$C267,ROW($C$744)-ROW($C267)),0))","v":0},"F","Serviço","Serviço","13.1.28.","SINAPI","89627","TÊ DE REDUÇÃO, PVC, SOLDÁVEL, DN 50MM X 25MM, INSTALADO EM PRUMADA DE ÁGUA - FORNECIMENTO E INSTALAÇÃO. AF_06/2022",{"$f":"REFERENCIA.Unidade","v":"UN"},{"$f":"OFFSET(CÁLCULO!H$15,ROW($T267)-ROW(T$15),0)","v":19},20.260000000000002,"BDI 1",{"$f":"IF($C267=\"S\",ROUND(IF(TIPOORCAMENTO=\"Proposto\",ORÇAMENTO.CustoUnitario*(1+$AH267),ORÇAMENTO.PrecoUnitarioLicitado),15-13*$AF$10),0)","v":25.33},{"$f":"IF($C267=\"S\",IF(Import.TipoArredondamento<>\"TransfereGOV\",VTOTAL1,SUM(OFFSET(CÁLCULO!$AA$15,ROW($X267)-ROW($X$15),1):OFFSET(CÁLCULO!$AL$15,ROW($X267)-ROW($X$15),-1))),IF($C267=0,0,ROUND(SomaAgrup,15-13*$AF$11)))","v":481.27},"RA","RA",{"$f":"IF($C267=\"S\",IF($Z267=\"CP\",$X267,IF($Z267=\"RA\",(($X267)*QCI!$AA$3),0)),SomaAgrup)","v":17.139469341852024},0,{"$f":"IF($N267=\"\",\"\",IF(ORÇAMENTO.Descricao=\"\",\"DESCRIÇÃO\",IF(AND($C267=\"S\",ORÇAMENTO.Unidade=\"\"),\"UNIDADE\",IF($X267<0,\"VALOR NEGATIVO\",IF(OR(AND(TIPOORCAMENTO=\"Proposto\",$AG267<>\"\",$AG267>0,ORÇAMENTO.CustoUnitario>$AG267),AND(TIPOORCAMENTO=\"LICITADO\",ORÇAMENTO.PrecoUnitarioLicitado>$AN267)),\"ACIMA REF.\",\"\")))))","v":""},{"$f":"IF(C267<=CRONO.NivelExibicao,MAX($AD$15:OFFSET(AD267,-1,0))+IF($C267<>1,1,MAX(1,COUNTIF(QCI!$A$13:$A$41,OFFSET($E267,-1,0)))),\"\")","v":""},{"$f":"IF(AND($C267=\"S\",ORÇAMENTO.CodBarra<>\"\"),IF(ORÇAMENTO.Fonte=\"\",ORÇAMENTO.CodBarra,CONCATENATE(ORÇAMENTO.Fonte,\" \",ORÇAMENTO.CodBarra)))","v":"SINAPI 89627"},{"$f":"IF(ISERROR(INDIRECT(ORÇAMENTO.BancoRef)),\"(abra o arquivo 'Referência \"&Excel_BuiltIn_Database&\".xlsm)\",IF(OR($C267<>\"S\",ORÇAMENTO.CodBarra=\"\"),\"(Sem Código)\",IF(ISERROR(MATCH($AE267,INDIRECT(ORÇAMENTO.BancoRef),0)),\"(Código não identificado nas referências)\",MATCH($AE267,INDIRECT(ORÇAMENTO.BancoRef),0))))","v":4085},{"$f":"ROUND(IF(DESONERACAO=\"sim\",REFERENCIA.Desonerado,REFERENCIA.NaoDesonerado),2)","v":20.260000000000002},0.25,null,19,null,null,481.27,25.33]
["S",2,"S",0,{"$f":"IF($C268=1,OFFSET(E268,-1,0)+MAX(1,COUNTIF(QCI!$A$13:$A$41,OFFSET(ORÇAMENTO!E268,-1,0))),OFFSET(E268,-1,0))","v":13},1,0,0,29,0,{"$f":"IF(OR($C268=\"S\",$C268=0),0,MATCH(OFFSET($D268,0,$C268)+IF($C268<>1,1,COUNTIF(QCI!$A$13:$A$41,ORÇAMENTO!E268)),OFFSET($D268,1,$C268,ROW($C$744)-ROW($C268)),0))","v":0},"F","Serviço","Serviço","13.1.29.","SINAPI","89632","TE DE REDUÇÃO, PVC, SOLDÁVEL, DN 85MM X 60MM, INSTALADO EM PRUMADA DE ÁGUA - FORNECIMENTO E INSTALAÇÃO. AF_06/2022",{"$f":"REFERENCIA.Unidade","v":"UN"},{"$f":"OFFSET(CÁLCULO!H$15,ROW($T268)-ROW(T$15),0)","v":33},120.36,"BDI 1",{"$f":"IF($C268=\"S\",ROUND(IF(TIPOORCAMENTO=\"Proposto\",ORÇAMENTO.CustoUnitario*(1+$AH268),ORÇAMENTO.PrecoUnitarioLicitado),15-13*$AF$10),0)","v":150.44999999999999},{"$f":"IF($C268=\"S\",IF(Import.TipoArredondamento<>\"TransfereGOV\",VTOTAL1,SUM(OFFSET(CÁLCULO!$AA$15,ROW($X268)-ROW($X$15),1):OFFSET(CÁLCULO!$AL$15,ROW($X268)-ROW($X$15),-1))),IF($C268=0,0,ROUND(SomaAgrup,15-13*$AF$11)))","v":4964.8500000000004},"RA","RA",{"$f":"IF($C268=\"S\",IF($Z268=\"CP\",$X268,IF($Z268=\"RA\",(($X268)*QCI!$AA$3),0)),SomaAgrup)","v":176.8132116315042},0,{"$f":"IF($N268=\"\",\"\",IF(ORÇAMENTO.Descricao=\"\",\"DESCRIÇÃO\",IF(AND($C268=\"S\",ORÇAMENTO.Unidade=\"\"),\"UNIDADE\",IF($X268<0,\"VALOR NEGATIVO\",IF(OR(AND(TIPOORCAMENTO=\"Proposto\",$AG268<>\"\",$AG268>0,ORÇAMENTO.CustoUnitario>$AG268),AND(TIPOORCAMENTO=\"LICITADO\",ORÇAMENTO.PrecoUnitarioLicitado>$AN268)),\"ACIMA REF.\",\"\")))))","v":""},{"$f":"IF(C268<=CRONO.NivelExibicao,MAX($AD$15:OFFSET(AD268,-1,0))+IF($C268<>1,1,MAX(1,COUNTIF(QCI!$A$13:$A$41,OFFSET($E268,-1,0)))),\"\")","v":""},{"$f":"IF(AND($C268=\"S\",ORÇAMENTO.CodBarra<>\"\"),IF(ORÇAMENTO.Fonte=\"\",ORÇAMENTO.CodBarra,CONCATENATE(ORÇAMENTO.Fonte,\" \",ORÇAMENTO.CodBarra)))","v":"SINAPI 89632"},{"$f":"IF(ISERROR(INDIRECT(ORÇAMENTO.BancoRef)),\"(abra o arquivo 'Referência \"&Excel_BuiltIn_Database&\".xlsm)\",IF(OR($C268<>\"S\",ORÇAMENTO.CodBarra=\"\"),\"(Sem Código)\",IF(ISERROR(MATCH($AE268,INDIRECT(ORÇAMENTO.BancoRef),0)),\"(Código não identificado nas referências)\",MATCH($AE268,INDIRECT(ORÇAMENTO.BancoRef),0))))","v":4090},{"$f":"ROUND(IF(DESONERACAO=\"sim\",REFERENCIA.Desonerado,REFERENCIA.NaoDesonerado),2)","v":120.36},0.25,null,33,null,null,4964.8500000000004,150.44999999999999]
["S",2,"S",0,{"$f":"IF($C269=1,OFFSET(E269,-1,0)+MAX(1,COUNTIF(QCI!$A$13:$A$41,OFFSET(ORÇAMENTO!E269,-1,0))),OFFSET(E269,-1,0))","v":13},1,0,0,30,0,{"$f":"IF(OR($C269=\"S\",$C269=0),0,MATCH(OFFSET($D269,0,$C269)+IF($C269<>1,1,COUNTIF(QCI!$A$13:$A$41,ORÇAMENTO!E269)),OFFSET($D269,1,$C269,ROW($C$744)-ROW($C269)),0))","v":0},"F","Serviço","Serviço","13.1.30.","SINAPI","104011","TE, PVC, SOLDÁVEL, DN 40MM, INSTALADO EM RAMAL DE DISTRIBUIÇÃO DE ÁGUA - FORNECIMENTO E INSTALAÇÃO. AF_06/2022",{"$f":"REFERENCIA.Unidade","v":"UN"},{"$f":"OFFSET(CÁLCULO!H$15,ROW($T269)-ROW(T$15),0)","v":1},25.86,"BDI 1",{"$f":"IF($C269=\"S\",ROUND(IF(TIPOORCAMENTO=\"Proposto\",ORÇAMENTO.CustoUnitario*(1+$AH269),ORÇAMENTO.PrecoUnitarioLicitado),15-13*$AF$10),0)","v":32.33},{"$f":"IF($C269=\"S\",IF(Import.TipoArredondamento<>\"TransfereGOV\",VTOTAL1,SUM(OFFSET(CÁLCULO!$AA$15,ROW($X269)-ROW($X$15),1):OFFSET(CÁLCULO!$AL$15,ROW($X269)-ROW($X$15),-1))),IF($C269=0,0,ROUND(SomaAgrup,15-13*$AF$11)))","v":32.33},"RA","RA",{"$f":"IF($C269=\"S\",IF($Z269=\"CP\",$X269,IF($Z269=\"RA\",(($X269)*QCI!$AA$3),0)),SomaAgrup)","v":1.1513683458808484},0,{"$f":"IF($N269=\"\",\"\",IF(ORÇAMENTO.Descricao=\"\",\"DESCRIÇÃO\",IF(AND($C269=\"S\",ORÇAMENTO.Unidade=\"\"),\"UNIDADE\",IF($X269<0,\"VALOR NEGATIVO\",IF(OR(AND(TIPOORCAMENTO=\"Proposto\",$AG269<>\"\",$AG269>0,ORÇAMENTO.CustoUnitario>$AG269),AND(TIPOORCAMENTO=\"LICITADO\",ORÇAMENTO.PrecoUnitarioLicitado>$AN269)),\"ACIMA REF.\",\"\")))))","v":""},{"$f":"IF(C269<=CRONO.NivelExibicao,MAX($AD$15:OFFSET(AD269,-1,0))+IF($C269<>1,1,MAX(1,COUNTIF(QCI!$A$13:$A$41,OFFSET($E269,-1,0)))),\"\")","v":""},{"$f":"IF(AND($C269=\"S\",ORÇAMENTO.CodBarra<>\"\"),IF(ORÇAMENTO.Fonte=\"\",ORÇAMENTO.CodBarra,CONCATENATE(ORÇAMENTO.Fonte,\" \",ORÇAMENTO.CodBarra)))","v":"SINAPI 104011"},{"$f":"IF(ISERROR(INDIRECT(ORÇAMENTO.BancoRef)),\"(abra o arquivo 'Referência \"&Excel_BuiltIn_Database&\".xlsm)\",IF(OR($C269<>\"S\",ORÇAMENTO.CodBarra=\"\"),\"(Sem Código)\",IF(ISERROR(MATCH($AE269,INDIRECT(ORÇAMENTO.BancoRef),0)),\"(Código não identificado nas referências)\",MATCH($AE269,INDIRECT(ORÇAMENTO.BancoRef),0))))","v":5081},{"$f":"ROUND(IF(DESONERACAO=\"sim\",REFERENCIA.Desonerado,REFERENCIA.NaoDesonerado),2)","v":25.86},0.25,null,1,null,null,32.33,32.33]
["S",2,"S",0,{"$f":"IF($C270=1,OFFSET(E270,-1,0)+MAX(1,COUNTIF(QCI!$A$13:$A$41,OFFSET(ORÇAMENTO!E270,-1,0))),OFFSET(E270,-1,0))","v":13},1,0,0,31,0,{"$f":"IF(OR($C270=\"S\",$C270=0),0,MATCH(OFFSET($D270,0,$C270)+IF($C270<>1,1,COUNTIF(QCI!$A$13:$A$41,ORÇAMENTO!E270)),OFFSET($D270,1,$C270,ROW($C$744)-ROW($C270)),0))","v":0},"F","Serviço","Serviço","13.1.31.","SINAPI","89396","TÊ COM BUCHA DE LATÃO NA BOLSA CENTRAL, PVC, SOLDÁVEL, DN 25MM X 1/2 , INSTALADO EM RAMAL OU SUB-RAMAL DE ÁGUA - FORNECIMENTO E INSTALAÇÃO. AF_06/2022",{"$f":"REFERENCIA.Unidade","v":"UN"},{"$f":"OFFSET(CÁLCULO!H$15,ROW($T270)-ROW(T$15),0)","v":4},20.89,"BDI 1",{"$f":"IF($C270=\"S\",ROUND(IF(TIPOORCAMENTO=\"Proposto\",ORÇAMENTO.CustoUnitario*(1+$AH270),ORÇAMENTO.PrecoUnitarioLicitado),15-13*$AF$10),0)","v":26.11},{"$f":"IF($C270=\"S\",IF(Import.TipoArredondamento<>\"TransfereGOV\",VTOTAL1,SUM(OFFSET(CÁLCULO!$AA$15,ROW($X270)-ROW($X$15),1):OFFSET(CÁLCULO!$AL$15,ROW($X270)-ROW($X$15),-1))),IF($C270=0,0,ROUND(SomaAgrup,15-13*$AF$11)))","v":104.44},"RA","RA",{"$f":"IF($C270=\"S\",IF($Z270=\"CP\",$X270,IF($Z270=\"RA\",(($X270)*QCI!$AA$3),0)),SomaAgrup)","v":3.7194219005195115},0,{"$f":"IF($N270=\"\",\"\",IF(ORÇAMENTO.Descricao=\"\",\"DESCRIÇÃO\",IF(AND($C270=\"S\",ORÇAMENTO.Unidade=\"\"),\"UNIDADE\",IF($X270<0,\"VALOR NEGATIVO\",IF(OR(AND(TIPOORCAMENTO=\"Proposto\",$AG270<>\"\",$AG270>0,ORÇAMENTO.CustoUnitario>$AG270),AND(TIPOORCAMENTO=\"LICITADO\",ORÇAMENTO.PrecoUnitarioLicitado>$AN270)),\"ACIMA REF.\",\"\")))))","v":""},{"$f":"IF(C270<=CRONO.NivelExibicao,MAX($AD$15:OFFSET(AD270,-1,0))+IF($C270<>1,1,MAX(1,COUNTIF(QCI!$A$13:$A$41,OFFSET($E270,-1,0)))),\"\")","v":""},{"$f":"IF(AND($C270=\"S\",ORÇAMENTO.CodBarra<>\"\"),IF(ORÇAMENTO.Fonte=\"\",ORÇAMENTO.CodBarra,CONCATENATE(ORÇAMENTO.Fonte,\" \",ORÇAMENTO.CodBarra)))","v":"SINAPI 89396"},{"$f":"IF(ISERROR(INDIRECT(ORÇAMENTO.BancoRef)),\"(abra o arquivo 'Referência \"&Excel_BuiltIn_Database&\".xlsm)\",IF(OR($C270<>\"S\",ORÇAMENTO.CodBarra=\"\"),\"(Sem Código)\",IF(ISERROR(MATCH($AE270,INDIRECT(ORÇAMENTO.BancoRef),0)),\"(Código não identificado nas referências)\",MATCH($AE270,INDIRECT(ORÇAMENTO.BancoRef),0))))","v":3929},{"$f":"ROUND(IF(DESONERACAO=\"sim\",REFERENCIA.Desonerado,REFERENCIA.NaoDesonerado),2)","v":20.89},0.25,null,4,null,null,104.44,26.11]
["S",2,"S",0,{"$f":"IF($C271=1,OFFSET(E271,-1,0)+MAX(1,COUNTIF(QCI!$A$13:$A$41,OFFSET(ORÇAMENTO!E271,-1,0))),OFFSET(E271,-1,0))","v":13},1,0,0,32,0,{"$f":"IF(OR($C271=\"S\",$C271=0),0,MATCH(OFFSET($D271,0,$C271)+IF($C271<>1,1,COUNTIF(QCI!$A$13:$A$41,ORÇAMENTO!E271)),OFFSET($D271,1,$C271,ROW($C$744)-ROW($C271)),0))","v":0},"F","Serviço","Serviço","13.1.32.","SINAPI","89366","JOELHO 90 GRAUS COM BUCHA DE LATÃO, PVC, SOLDÁVEL, DN 25MM, X 3/4  INSTALADO EM RAMAL OU SUB-RAMAL DE ÁGUA - FORNECIMENTO E INSTALAÇÃO. AF_06/2022",{"$f":"REFERENCIA.Unidade","v":"UN"},{"$f":"OFFSET(CÁLCULO!H$15,ROW($T271)-ROW(T$15),0)","v":38},16.649999999999999,"BDI 1",{"$f":"IF($C271=\"S\",ROUND(IF(TIPOORCAMENTO=\"Proposto\",ORÇAMENTO.CustoUnitario*(1+$AH271),ORÇAMENTO.PrecoUnitarioLicitado),15-13*$AF$10),0)","v":20.81},{"$f":"IF($C271=\"S\",IF(Import.TipoArredondamento<>\"TransfereGOV\",VTOTAL1,SUM(OFFSET(CÁLCULO!$AA$15,ROW($X271)-ROW($X$15),1):OFFSET(CÁLCULO!$AL$15,ROW($X271)-ROW($X$15),-1))),IF($C271=0,0,ROUND(SomaAgrup,15-13*$AF$11)))","v":790.78},"RA","RA",{"$f":"IF($C271=\"S\",IF($Z271=\"CP\",$X271,IF($Z271=\"RA\",(($X271)*QCI!$AA$3),0)),SomaAgrup)","v":28.162049506825156},0,{"$f":"IF($N271=\"\",\"\",IF(ORÇAMENTO.Descricao=\"\",\"DESCRIÇÃO\",IF(AND($C271=\"S\",ORÇAMENTO.Unidade=\"\"),\"UNIDADE\",IF($X271<0,\"VALOR NEGATIVO\",IF(OR(AND(TIPOORCAMENTO=\"Proposto\",$AG271<>\"\",$AG271>0,ORÇAMENTO.CustoUnitario>$AG271),AND(TIPOORCAMENTO=\"LICITADO\",ORÇAMENTO.PrecoUnitarioLicitado>$AN271)),\"ACIMA REF.\",\"\")))))","v":""},{"$f":"IF(C271<=CRONO.NivelExibicao,MAX($AD$15:OFFSET(AD271,-1,0))+IF($C271<>1,1,MAX(1,COUNTIF(QCI!$A$13:$A$41,OFFSET($E271,-1,0)))),\"\")","v":""},{"$f":"IF(AND($C271=\"S\",ORÇAMENTO.CodBarra<>\"\"),IF(ORÇAMENTO.Fonte=\"\",ORÇAMENTO.CodBarra,CONCATENATE(ORÇAMENTO.Fonte,\" \",ORÇAMENTO.CodBarra)))","v":"SINAPI 89366"},{"$f":"IF(ISERROR(INDIRECT(ORÇAMENTO.BancoRef)),\"(abra o arquivo 'Referência \"&Excel_BuiltIn_Database&\".xlsm)\",IF(OR($C271<>\"S\",ORÇAMENTO.CodBarra=\"\"),\"(Sem Código)\",IF(ISERROR(MATCH($AE271,INDIRECT(ORÇAMENTO.BancoRef),0)),\"(Código não identificado nas referências)\",MATCH($AE271,INDIRECT(ORÇAMENTO.BancoRef),0))))","v":3900},{"$f":"ROUND(IF(DESONERACAO=\"sim\",REFERENCIA.Desonerado,REFERENCIA.NaoDesonerado),2)","v":16.649999999999999},0.25,null,38,null,null,790.78,20.81]
["S",2,"S",0,{"$f":"IF($C272=1,OFFSET(E272,-1,0)+MAX(1,COUNTIF(QCI!$A$13:$A$41,OFFSET(ORÇAMENTO!E272,-1,0))),OFFSET(E272,-1,0))","v":13},1,0,0,33,{"$f":"IF(OR($C272=\"S\",$C272=0),0,MATCH(0,OFFSET($D272,1,$C272,ROW($C$744)-ROW($C272)),0))","v":0},{"$f":"IF(OR($C272=\"S\",$C272=0),0,MATCH(OFFSET($D272,0,$C272)+IF($C272<>1,1,COUNTIF(QCI!$A$13:$A$41,ORÇAMENTO!E272)),OFFSET($D272,1,$C272,ROW($C$744)-ROW($C272)),0))","v":0},"F","Serviço","Serviço","13.1.33.","SINAPI","90373","JOELHO 90 GRAUS COM BUCHA DE LATÃO, PVC, SOLDÁVEL, DN 25MM, X 1/2  INSTALADO EM RAMAL OU SUB-RAMAL DE ÁGUA - FORNECIMENTO E INSTALAÇÃO. AF_06/2022",{"$f":"REFERENCIA.Unidade","v":"UN"},{"$f":"OFFSET(CÁLCULO!H$15,ROW($T272)-ROW(T$15),0)","v":82},13.37,"BDI 1",{"$f":"IF($C272=\"S\",ROUND(IF(TIPOORCAMENTO=\"Proposto\",ORÇAMENTO.CustoUnitario*(1+$AH272),ORÇAMENTO.PrecoUnitarioLicitado),15-13*$AF$10),0)","v":16.71},{"$f":"IF($C272=\"S\",IF(Import.TipoArredondamento<>\"TransfereGOV\",VTOTAL1,SUM(OFFSET(CÁLCULO!$AA$15,ROW($X272)-ROW($X$15),1):OFFSET(CÁLCULO!$AL$15,ROW($X272)-ROW($X$15),-1))),IF($C272=0,0,ROUND(SomaAgrup,15-13*$AF$11)))","v":1370.22},"RA","RA",{"$f":"IF($C272=\"S\",IF($Z272=\"CP\",$X272,IF($Z272=\"RA\",(($X272)*QCI!$AA$3),0)),SomaAgrup)","v":48.797647228359295},0,{"$f":"IF($N272=\"\",\"\",IF(ORÇAMENTO.Descricao=\"\",\"DESCRIÇÃO\",IF(AND($C272=\"S\",ORÇAMENTO.Unidade=\"\"),\"UNIDADE\",IF($X272<0,\"VALOR NEGATIVO\",IF(OR(AND(TIPOORCAMENTO=\"Proposto\",$AG272<>\"\",$AG272>0,ORÇAMENTO.CustoUnitario>$AG272),AND(TIPOORCAMENTO=\"LICITADO\",ORÇAMENTO.PrecoUnitarioLicitado>$AN272)),\"ACIMA REF.\",\"\")))))","v":""},{"$f":"IF(C272<=CRONO.NivelExibicao,MAX($AD$15:OFFSET(AD272,-1,0))+IF($C272<>1,1,MAX(1,COUNTIF(QCI!$A$13:$A$41,OFFSET($E272,-1,0)))),\"\")","v":""},{"$f":"IF(AND($C272=\"S\",ORÇAMENTO.CodBarra<>\"\"),IF(ORÇAMENTO.Fonte=\"\",ORÇAMENTO.CodBarra,CONCATENATE(ORÇAMENTO.Fonte,\" \",ORÇAMENTO.CodBarra)))","v":"SINAPI 90373"},{"$f":"IF(ISERROR(INDIRECT(ORÇAMENTO.BancoRef)),\"(abra o arquivo 'Referência \"&Excel_BuiltIn_Database&\".xlsm)\",IF(OR($C272<>\"S\",ORÇAMENTO.CodBarra=\"\"),\"(Sem Código)\",IF(ISERROR(MATCH($AE272,INDIRECT(ORÇAMENTO.BancoRef),0)),\"(Código não identificado nas referências)\",MATCH($AE272,INDIRECT(ORÇAMENTO.BancoRef),0))))","v":4292},{"$f":"ROUND(IF(DESONERACAO=\"sim\",REFERENCIA.Desonerado,REFERENCIA.NaoDesonerado),2)","v":13.37},0.25,null,82,null,null,1370.22,16.71]
["S",2,"S",0,{"$f":"IF($C273=1,OFFSET(E273,-1,0)+MAX(1,COUNTIF(QCI!$A$13:$A$41,OFFSET(ORÇAMENTO!E273,-1,0))),OFFSET(E273,-1,0))","v":13},1,0,0,34,0,{"$f":"IF(OR($C273=\"S\",$C273=0),0,MATCH(OFFSET($D273,0,$C273)+IF($C273<>1,1,COUNTIF(QCI!$A$13:$A$41,ORÇAMENTO!E273)),OFFSET($D273,1,$C273,ROW($C$744)-ROW($C273)),0))","v":0},"F","Serviço","Serviço","13.1.34.","SINAPI","FNDE 414","LUVA, PVC, SOLDÁVEL, DN 25MM, INSTALADO EM RAMAL DE DISTRIBUIÇÃO DE ÁGUA - FORNECIMENTO E INSTALAÇÃO",{"$f":"REFERENCIA.Unidade","v":"-"},{"$f":"OFFSET(CÁLCULO!H$15,ROW($T273)-ROW(T$15),0)","v":3},6.81,"BDI 1",{"$f":"IF($C273=\"S\",ROUND(IF(TIPOORCAMENTO=\"Proposto\",ORÇAMENTO.CustoUnitario*(1+$AH273),ORÇAMENTO.PrecoUnitarioLicitado),15-13*$AF$10),0)","v":8.51},{"$f":"IF($C273=\"S\",IF(Import.TipoArredondamento<>\"TransfereGOV\",VTOTAL1,SUM(OFFSET(CÁLCULO!$AA$15,ROW($X273)-ROW($X$15),1):OFFSET(CÁLCULO!$AL$15,ROW($X273)-ROW($X$15),-1))),IF($C273=0,0,ROUND(SomaAgrup,15-13*$AF$11)))","v":25.53},"RA","RA",{"$f":"IF($C273=\"S\",IF($Z273=\"CP\",$X273,IF($Z273=\"RA\",(($X273)*QCI!$AA$3),0)),SomaAgrup)","v":0.90919993412737588},0,{"$f":"IF($N273=\"\",\"\",IF(ORÇAMENTO.Descricao=\"\",\"DESCRIÇÃO\",IF(AND($C273=\"S\",ORÇAMENTO.Unidade=\"\"),\"UNIDADE\",IF($X273<0,\"VALOR NEGATIVO\",IF(OR(AND(TIPOORCAMENTO=\"Proposto\",$AG273<>\"\",$AG273>0,ORÇAMENTO.CustoUnitario>$AG273),AND(TIPOORCAMENTO=\"LICITADO\",ORÇAMENTO.PrecoUnitarioLicitado>$AN273)),\"ACIMA REF.\",\"\")))))","v":""},{"$f":"IF(C273<=CRONO.NivelExibicao,MAX($AD$15:OFFSET(AD273,-1,0))+IF($C273<>1,1,MAX(1,COUNTIF(QCI!$A$13:$A$41,OFFSET($E273,-1,0)))),\"\")","v":""},{"$f":"IF(AND($C273=\"S\",ORÇAMENTO.CodBarra<>\"\"),IF(ORÇAMENTO.Fonte=\"\",ORÇAMENTO.CodBarra,CONCATENATE(ORÇAMENTO.Fonte,\" \",ORÇAMENTO.CodBarra)))","v":"SINAPI FNDE 414"},{"$f":"IF(ISERROR(INDIRECT(ORÇAMENTO.BancoRef)),\"(abra o arquivo 'Referência \"&Excel_BuiltIn_Database&\".xlsm)\",IF(OR($C273<>\"S\",ORÇAMENTO.CodBarra=\"\"),\"(Sem Código)\",IF(ISERROR(MATCH($AE273,INDIRECT(ORÇAMENTO.BancoRef),0)),\"(Código não identificado nas referências)\",MATCH($AE273,INDIRECT(ORÇAMENTO.BancoRef),0))))","v":"(Código não identificado nas referências)"},{"$f":"ROUND(IF(DESONERACAO=\"sim\",REFERENCIA.Desonerado,REFERENCIA.NaoDesonerado),2)","v":0},0.25,null,3,null,null,25.53,8.51]
["S",2,"S",0,{"$f":"IF($C274=1,OFFSET(E274,-1,0)+MAX(1,COUNTIF(QCI!$A$13:$A$41,OFFSET(ORÇAMENTO!E274,-1,0))),OFFSET(E274,-1,0))","v":13},1,0,0,35,0,{"$f":"IF(OR($C274=\"S\",$C274=0),0,MATCH(OFFSET($D274,0,$C274)+IF($C274<>1,1,COUNTIF(QCI!$A$13:$A$41,ORÇAMENTO!E274)),OFFSET($D274,1,$C274,ROW($C$744)-ROW($C274)),0))","v":0},"F","Serviço","Serviço","13.1.35.","SINAPI","104034","COLAR DE TOMADA, PVC, COM TRAVAS, DE 110 MM X 1/2\" OU 110 MM X 3/4\", PARA LIGAÇÃO PREDIAL DE ÁGUA. AF_06/2022",{"$f":"REFERENCIA.Unidade","v":"UN"},{"$f":"OFFSET(CÁLCULO!H$15,ROW($T274)-ROW(T$15),0)","v":1},27.55,"BDI 1",{"$f":"IF($C274=\"S\",ROUND(IF(TIPOORCAMENTO=\"Proposto\",ORÇAMENTO.CustoUnitario*(1+$AH274),ORÇAMENTO.PrecoUnitarioLicitado),15-13*$AF$10),0)","v":34.44},{"$f":"IF($C274=\"S\",IF(Import.TipoArredondamento<>\"TransfereGOV\",VTOTAL1,SUM(OFFSET(CÁLCULO!$AA$15,ROW($X274)-ROW($X$15),1):OFFSET(CÁLCULO!$AL$15,ROW($X274)-ROW($X$15),-1))),IF($C274=0,0,ROUND(SomaAgrup,15-13*$AF$11)))","v":34.44},"RA","RA",{"$f":"IF($C274=\"S\",IF($Z274=\"CP\",$X274,IF($Z274=\"RA\",(($X274)*QCI!$AA$3),0)),SomaAgrup)","v":1.2265117795278817},0,{"$f":"IF($N274=\"\",\"\",IF(ORÇAMENTO.Descricao=\"\",\"DESCRIÇÃO\",IF(AND($C274=\"S\",ORÇAMENTO.Unidade=\"\"),\"UNIDADE\",IF($X274<0,\"VALOR NEGATIVO\",IF(OR(AND(TIPOORCAMENTO=\"Proposto\",$AG274<>\"\",$AG274>0,ORÇAMENTO.CustoUnitario>$AG274),AND(TIPOORCAMENTO=\"LICITADO\",ORÇAMENTO.PrecoUnitarioLicitado>$AN274)),\"ACIMA REF.\",\"\")))))","v":""},{"$f":"IF(C274<=CRONO.NivelExibicao,MAX($AD$15:OFFSET(AD274,-1,0))+IF($C274<>1,1,MAX(1,COUNTIF(QCI!$A$13:$A$41,OFFSET($E274,-1,0)))),\"\")","v":""},{"$f":"IF(AND($C274=\"S\",ORÇAMENTO.CodBarra<>\"\"),IF(ORÇAMENTO.Fonte=\"\",ORÇAMENTO.CodBarra,CONCATENATE(ORÇAMENTO.Fonte,\" \",ORÇAMENTO.CodBarra)))","v":"SINAPI 104034"},{"$f":"IF(ISERROR(INDIRECT(ORÇAMENTO.BancoRef)),\"(abra o arquivo 'Referência \"&Excel_BuiltIn_Database&\".xlsm)\",IF(OR($C274<>\"S\",ORÇAMENTO.CodBarra=\"\"),\"(Sem Código)\",IF(ISERROR(MATCH($AE274,INDIRECT(ORÇAMENTO.BancoRef),0)),\"(Código não identificado nas referências)\",MATCH($AE274,INDIRECT(ORÇAMENTO.BancoRef),0))))","v":5697},{"$f":"ROUND(IF(DESONERACAO=\"sim\",REFERENCIA.Desonerado,REFERENCIA.NaoDesonerado),2)","v":27.55},0.25,null,1,null,null,34.44,34.44]
["S",2,"S",0,{"$f":"IF($C275=1,OFFSET(E275,-1,0)+MAX(1,COUNTIF(QCI!$A$13:$A$41,OFFSET(ORÇAMENTO!E275,-1,0))),OFFSET(E275,-1,0))","v":13},1,0,0,36,0,{"$f":"IF(OR($C275=\"S\",$C275=0),0,MATCH(OFFSET($D275,0,$C275)+IF($C275<>1,1,COUNTIF(QCI!$A$13:$A$41,ORÇAMENTO!E275)),OFFSET($D275,1,$C275,ROW($C$744)-ROW($C275)),0))","v":0},"F","Serviço","Serviço","13.1.36.","SINAPI","FNDE 119","TUBO DE DESCARGA, TIPO BENGALA, PARA LIGACAO CAIXA DE DESCARGA - EMBUTIR, PVC, 40 MM X 150 CM","UN",{"$f":"OFFSET(CÁLCULO!H$15,ROW($T275)-ROW(T$15),0)","v":24},34.11,"BDI 1",{"$f":"IF($C275=\"S\",ROUND(IF(TIPOORCAMENTO=\"Proposto\",ORÇAMENTO.CustoUnitario*(1+$AH275),ORÇAMENTO.PrecoUnitarioLicitado),15-13*$AF$10),0)","v":42.64},{"$f":"IF($C275=\"S\",IF(Import.TipoArredondamento<>\"TransfereGOV\",VTOTAL1,SUM(OFFSET(CÁLCULO!$AA$15,ROW($X275)-ROW($X$15),1):OFFSET(CÁLCULO!$AL$15,ROW($X275)-ROW($X$15),-1))),IF($C275=0,0,ROUND(SomaAgrup,15-13*$AF$11)))","v":1023.36},"RA","RA",{"$f":"IF($C275=\"S\",IF($Z275=\"CP\",$X275,IF($Z275=\"RA\",(($X275)*QCI!$AA$3),0)),SomaAgrup)","v":36.444921448828488},0,{"$f":"IF($N275=\"\",\"\",IF(ORÇAMENTO.Descricao=\"\",\"DESCRIÇÃO\",IF(AND($C275=\"S\",ORÇAMENTO.Unidade=\"\"),\"UNIDADE\",IF($X275<0,\"VALOR NEGATIVO\",IF(OR(AND(TIPOORCAMENTO=\"Proposto\",$AG275<>\"\",$AG275>0,ORÇAMENTO.CustoUnitario>$AG275),AND(TIPOORCAMENTO=\"LICITADO\",ORÇAMENTO.PrecoUnitarioLicitado>$AN275)),\"ACIMA REF.\",\"\")))))","v":""},{"$f":"IF(C275<=CRONO.NivelExibicao,MAX($AD$15:OFFSET(AD275,-1,0))+IF($C275<>1,1,MAX(1,COUNTIF(QCI!$A$13:$A$41,OFFSET($E275,-1,0)))),\"\")","v":""},{"$f":"IF(AND($C275=\"S\",ORÇAMENTO.CodBarra<>\"\"),IF(ORÇAMENTO.Fonte=\"\",ORÇAMENTO.CodBarra,CONCATENATE(ORÇAMENTO.Fonte,\" \",ORÇAMENTO.CodBarra)))","v":"SINAPI FNDE 119"},{"$f":"IF(ISERROR(INDIRECT(ORÇAMENTO.BancoRef)),\"(abra o arquivo 'Referência \"&Excel_BuiltIn_Database&\".xlsm)\",IF(OR($C275<>\"S\",ORÇAMENTO.CodBarra=\"\"),\"(Sem Código)\",IF(ISERROR(MATCH($AE275,INDIRECT(ORÇAMENTO.BancoRef),0)),\"(Código não identificado nas referências)\",MATCH($AE275,INDIRECT(ORÇAMENTO.BancoRef),0))))","v":"(Código não identificado nas referências)"},{"$f":"ROUND(IF(DESONERACAO=\"sim\",REFERENCIA.Desonerado,REFERENCIA.NaoDesonerado),2)","v":0},0.25,null,24,null,null,1023.36,42.64]
["S",2,"S",0,{"$f":"IF($C276=1,OFFSET(E276,-1,0)+MAX(1,COUNTIF(QCI!$A$13:$A$41,OFFSET(ORÇAMENTO!E276,-1,0))),OFFSET(E276,-1,0))","v":13},1,0,0,37,0,{"$f":"IF(OR($C276=\"S\",$C276=0),0,MATCH(OFFSET($D276,0,$C276)+IF($C276<>1,1,COUNTIF(QCI!$A$13:$A$41,ORÇAMENTO!E276)),OFFSET($D276,1,$C276,ROW($C$744)-ROW($C276)),0))","v":0},"F","Serviço","Serviço","13.1.37.","SINAPI","FNDE 415","JOELHO 90 GRAUS, PVC, SOLDÁVEL, COM ROSCA, DN 25MM x 3/4 - FORNECIMENTO E INSTALAÇÃO. AF_06/2022","UN",{"$f":"OFFSET(CÁLCULO!H$15,ROW($T276)-ROW(T$15),0)","v":4},9.11,"BDI 1",{"$f":"IF($C276=\"S\",ROUND(IF(TIPOORCAMENTO=\"Proposto\",ORÇAMENTO.CustoUnitario*(1+$AH276),ORÇAMENTO.PrecoUnitarioLicitado),15-13*$AF$10),0)","v":11.39},{"$f":"IF($C276=\"S\",IF(Import.TipoArredondamento<>\"TransfereGOV\",VTOTAL1,SUM(OFFSET(CÁLCULO!$AA$15,ROW($X276)-ROW($X$15),1):OFFSET(CÁLCULO!$AL$15,ROW($X276)-ROW($X$15),-1))),IF($C276=0,0,ROUND(SomaAgrup,15-13*$AF$11)))","v":45.56},"RA","RA",{"$f":"IF($C276=\"S\",IF($Z276=\"CP\",$X276,IF($Z276=\"RA\",(($X276)*QCI!$AA$3),0)),SomaAgrup)","v":1.6225283587482664},0,{"$f":"IF($N276=\"\",\"\",IF(ORÇAMENTO.Descricao=\"\",\"DESCRIÇÃO\",IF(AND($C276=\"S\",ORÇAMENTO.Unidade=\"\"),\"UNIDADE\",IF($X276<0,\"VALOR NEGATIVO\",IF(OR(AND(TIPOORCAMENTO=\"Proposto\",$AG276<>\"\",$AG276>0,ORÇAMENTO.CustoUnitario>$AG276),AND(TIPOORCAMENTO=\"LICITADO\",ORÇAMENTO.PrecoUnitarioLicitado>$AN276)),\"ACIMA REF.\",\"\")))))","v":""},{"$f":"IF(C276<=CRONO.NivelExibicao,MAX($AD$15:OFFSET(AD276,-1,0))+IF($C276<>1,1,MAX(1,COUNTIF(QCI!$A$13:$A$41,OFFSET($E276,-1,0)))),\"\")","v":""},{"$f":"IF(AND($C276=\"S\",ORÇAMENTO.CodBarra<>\"\"),IF(ORÇAMENTO.Fonte=\"\",ORÇAMENTO.CodBarra,CONCATENATE(ORÇAMENTO.Fonte,\" \",ORÇAMENTO.CodBarra)))","v":"SINAPI FNDE 415"},{"$f":"IF(ISERROR(INDIRECT(ORÇAMENTO.BancoRef)),\"(abra o arquivo 'Referência \"&Excel_BuiltIn_Database&\".xlsm)\",IF(OR($C276<>\"S\",ORÇAMENTO.CodBarra=\"\"),\"(Sem Código)\",IF(ISERROR(MATCH($AE276,INDIRECT(ORÇAMENTO.BancoRef),0)),\"(Código não identificado nas referências)\",MATCH($AE276,INDIRECT(ORÇAMENTO.BancoRef),0))))","v":"(Código não identificado nas referências)"},{"$f":"ROUND(IF(DESONERACAO=\"sim\",REFERENCIA.Desonerado,REFERENCIA.NaoDesonerado),2)","v":0},0.25,null,4,null,null,45.56,11.39]
[2,2,2,8,{"$f":"IF($C277=1,OFFSET(E277,-1,0)+MAX(1,COUNTIF(QCI!$A$13:$A$41,OFFSET(ORÇAMENTO!E277,-1,0))),OFFSET(E277,-1,0))","v":13},2,0,0,0,15,{"$f":"IF(OR($C277=\"S\",$C277=0),0,MATCH(OFFSET($D277,0,$C277)+IF($C277<>1,1,COUNTIF(QCI!$A$13:$A$41,ORÇAMENTO!E277)),OFFSET($D277,1,$C277,ROW($C$744)-ROW($C277)),0))","v":8},"F","Nível 2","Nível 2","13.2.","SINAPI",null,"Tubulações e conexões - metais",{"$f":"REFERENCIA.Unidade","v":"-"},{"$f":"OFFSET(CÁLCULO!H$15,ROW($T277)-ROW(T$15),0)","v":0},null,"BDI 1",{"$f":"IF($C277=\"S\",ROUND(IF(TIPOORCAMENTO=\"Proposto\",ORÇAMENTO.CustoUnitario*(1+$AH277),ORÇAMENTO.PrecoUnitarioLicitado),15-13*$AF$10),0)","v":0},{"$f":"IF($C277=\"S\",IF(Import.TipoArredondamento<>\"TransfereGOV\",VTOTAL1,SUM(OFFSET(CÁLCULO!$AA$15,ROW($X277)-ROW($X$15),1):OFFSET(CÁLCULO!$AL$15,ROW($X277)-ROW($X$15),-1))),IF($C277=0,0,ROUND(SomaAgrup,15-13*$AF$11)))","v":15502.4},"RA","",{"$f":"IF($C277=\"S\",IF($Z277=\"CP\",$X277,IF($Z277=\"RA\",(($X277)*QCI!$AA$3),0)),SomaAgrup)","v":552.08699799515193},0,{"$f":"IF($N277=\"\",\"\",IF(ORÇAMENTO.Descricao=\"\",\"DESCRIÇÃO\",IF(AND($C277=\"S\",ORÇAMENTO.Unidade=\"\"),\"UNIDADE\",IF($X277<0,\"VALOR NEGATIVO\",IF(OR(AND(TIPOORCAMENTO=\"Proposto\",$AG277<>\"\",$AG277>0,ORÇAMENTO.CustoUnitario>$AG277),AND(TIPOORCAMENTO=\"LICITADO\",ORÇAMENTO.PrecoUnitarioLicitado>$AN277)),\"ACIMA REF.\",\"\")))))","v":""},{"$f":"IF(C277<=CRONO.NivelExibicao,MAX($AD$15:OFFSET(AD277,-1,0))+IF($C277<>1,1,MAX(1,COUNTIF(QCI!$A$13:$A$41,OFFSET($E277,-1,0)))),\"\")","v":43},{"$f":"IF(AND($C277=\"S\",ORÇAMENTO.CodBarra<>\"\"),IF(ORÇAMENTO.Fonte=\"\",ORÇAMENTO.CodBarra,CONCATENATE(ORÇAMENTO.Fonte,\" \",ORÇAMENTO.CodBarra)))","v":false},{"$f":"IF(ISERROR(INDIRECT(ORÇAMENTO.BancoRef)),\"(abra o arquivo 'Referência \"&Excel_BuiltIn_Database&\".xlsm)\",IF(OR($C277<>\"S\",ORÇAMENTO.CodBarra=\"\"),\"(Sem Código)\",IF(ISERROR(MATCH($AE277,INDIRECT(ORÇAMENTO.BancoRef),0)),\"(Código não identificado nas referências)\",MATCH($AE277,INDIRECT(ORÇAMENTO.BancoRef),0))))","v":"(Sem Código)"},{"$f":"ROUND(IF(DESONERACAO=\"sim\",REFERENCIA.Desonerado,REFERENCIA.NaoDesonerado),2)","v":0},0.25,null,null,null,null,15502.4,0]
["S",2,"S",0,{"$f":"IF($C278=1,OFFSET(E278,-1,0)+MAX(1,COUNTIF(QCI!$A$13:$A$41,OFFSET(ORÇAMENTO!E278,-1,0))),OFFSET(E278,-1,0))","v":13},2,0,0,1,0,{"$f":"IF(OR($C278=\"S\",$C278=0),0,MATCH(OFFSET($D278,0,$C278)+IF($C278<>1,1,COUNTIF(QCI!$A$13:$A$41,ORÇAMENTO!E278)),OFFSET($D278,1,$C278,ROW($C$744)-ROW($C278)),0))","v":0},"F","Serviço","Serviço","13.2.1.","SINAPI","94500","REGISTRO DE GAVETA BRUTO, LATÃO, ROSCÁVEL, 3\" - FORNECIMENTO E INSTALAÇÃO. AF_08/2021",{"$f":"REFERENCIA.Unidade","v":"UN"},{"$f":"OFFSET(CÁLCULO!H$15,ROW($T278)-ROW(T$15),0)","v":8},418.44,"BDI 1",{"$f":"IF($C278=\"S\",ROUND(IF(TIPOORCAMENTO=\"Proposto\",ORÇAMENTO.CustoUnitario*(1+$AH278),ORÇAMENTO.PrecoUnitarioLicitado),15-13*$AF$10),0)","v":523.04999999999995},{"$f":"IF($C278=\"S\",IF(Import.TipoArredondamento<>\"TransfereGOV\",VTOTAL1,SUM(OFFSET(CÁLCULO!$AA$15,ROW($X278)-ROW($X$15),1):OFFSET(CÁLCULO!$AL$15,ROW($X278)-ROW($X$15),-1))),IF($C278=0,0,ROUND(SomaAgrup,15-13*$AF$11)))","v":4184.3999999999996},"RA","RA",{"$f":"IF($C278=\"S\",IF($Z278=\"CP\",$X278,IF($Z278=\"RA\",(($X278)*QCI!$AA$3),0)),SomaAgrup)","v":149.01904443253392},0,{"$f":"IF($N278=\"\",\"\",IF(ORÇAMENTO.Descricao=\"\",\"DESCRIÇÃO\",IF(AND($C278=\"S\",ORÇAMENTO.Unidade=\"\"),\"UNIDADE\",IF($X278<0,\"VALOR NEGATIVO\",IF(OR(AND(TIPOORCAMENTO=\"Proposto\",$AG278<>\"\",$AG278>0,ORÇAMENTO.CustoUnitario>$AG278),AND(TIPOORCAMENTO=\"LICITADO\",ORÇAMENTO.PrecoUnitarioLicitado>$AN278)),\"ACIMA REF.\",\"\")))))","v":""},{"$f":"IF(C278<=CRONO.NivelExibicao,MAX($AD$15:OFFSET(AD278,-1,0))+IF($C278<>1,1,MAX(1,COUNTIF(QCI!$A$13:$A$41,OFFSET($E278,-1,0)))),\"\")","v":""},{"$f":"IF(AND($C278=\"S\",ORÇAMENTO.CodBarra<>\"\"),IF(ORÇAMENTO.Fonte=\"\",ORÇAMENTO.CodBarra,CONCATENATE(ORÇAMENTO.Fonte,\" \",ORÇAMENTO.CodBarra)))","v":"SINAPI 94500"},{"$f":"IF(ISERROR(INDIRECT(ORÇAMENTO.BancoRef)),\"(abra o arquivo 'Referência \"&Excel_BuiltIn_Database&\".xlsm)\",IF(OR($C278<>\"S\",ORÇAMENTO.CodBarra=\"\"),\"(Sem Código)\",IF(ISERROR(MATCH($AE278,INDIRECT(ORÇAMENTO.BancoRef),0)),\"(Código não identificado nas referências)\",MATCH($AE278,INDIRECT(ORÇAMENTO.BancoRef),0))))","v":5484},{"$f":"ROUND(IF(DESONERACAO=\"sim\",REFERENCIA.Desonerado,REFERENCIA.NaoDesonerado),2)","v":418.44},0.25,null,8,null,null,4184.3999999999996,523.04999999999995]
["S",2,"S",0,{"$f":"IF($C279=1,OFFSET(E279,-1,0)+MAX(1,COUNTIF(QCI!$A$13:$A$41,OFFSET(ORÇAMENTO!E279,-1,0))),OFFSET(E279,-1,0))","v":13},2,0,0,2,0,{"$f":"IF(OR($C279=\"S\",$C279=0),0,MATCH(OFFSET($D279,0,$C279)+IF($C279<>1,1,COUNTIF(QCI!$A$13:$A$41,ORÇAMENTO!E279)),OFFSET($D279,1,$C279,ROW($C$744)-ROW($C279)),0))","v":0},"F","Serviço","Serviço","13.2.2.","SINAPI","94794","REGISTRO DE GAVETA BRUTO, LATÃO, ROSCÁVEL, 1 1/2\", COM ACABAMENTO E CANOPLA CROMADOS - FORNECIMENTO E INSTALAÇÃO. AF_08/2021",{"$f":"REFERENCIA.Unidade","v":"UN"},{"$f":"OFFSET(CÁLCULO!H$15,ROW($T279)-ROW(T$15),0)","v":16},197.38,"BDI 1",{"$f":"IF($C279=\"S\",ROUND(IF(TIPOORCAMENTO=\"Proposto\",ORÇAMENTO.CustoUnitario*(1+$AH279),ORÇAMENTO.PrecoUnitarioLicitado),15-13*$AF$10),0)","v":246.73},{"$f":"IF($C279=\"S\",IF(Import.TipoArredondamento<>\"TransfereGOV\",VTOTAL1,SUM(OFFSET(CÁLCULO!$AA$15,ROW($X279)-ROW($X$15),1):OFFSET(CÁLCULO!$AL$15,ROW($X279)-ROW($X$15),-1))),IF($C279=0,0,ROUND(SomaAgrup,15-13*$AF$11)))","v":3947.68},"RA","RA",{"$f":"IF($C279=\"S\",IF($Z279=\"CP\",$X279,IF($Z279=\"RA\",(($X279)*QCI!$AA$3),0)),SomaAgrup)","v":140.58873466337479},0,{"$f":"IF($N279=\"\",\"\",IF(ORÇAMENTO.Descricao=\"\",\"DESCRIÇÃO\",IF(AND($C279=\"S\",ORÇAMENTO.Unidade=\"\"),\"UNIDADE\",IF($X279<0,\"VALOR NEGATIVO\",IF(OR(AND(TIPOORCAMENTO=\"Proposto\",$AG279<>\"\",$AG279>0,ORÇAMENTO.CustoUnitario>$AG279),AND(TIPOORCAMENTO=\"LICITADO\",ORÇAMENTO.PrecoUnitarioLicitado>$AN279)),\"ACIMA REF.\",\"\")))))","v":""},{"$f":"IF(C279<=CRONO.NivelExibicao,MAX($AD$15:OFFSET(AD279,-1,0))+IF($C279<>1,1,MAX(1,COUNTIF(QCI!$A$13:$A$41,OFFSET($E279,-1,0)))),\"\")","v":""},{"$f":"IF(AND($C279=\"S\",ORÇAMENTO.CodBarra<>\"\"),IF(ORÇAMENTO.Fonte=\"\",ORÇAMENTO.CodBarra,CONCATENATE(ORÇAMENTO.Fonte,\" \",ORÇAMENTO.CodBarra)))","v":"SINAPI 94794"},{"$f":"IF(ISERROR(INDIRECT(ORÇAMENTO.BancoRef)),\"(abra o arquivo 'Referência \"&Excel_BuiltIn_Database&\".xlsm)\",IF(OR($C279<>\"S\",ORÇAMENTO.CodBarra=\"\"),\"(Sem Código)\",IF(ISERROR(MATCH($AE279,INDIRECT(ORÇAMENTO.BancoRef),0)),\"(Código não identificado nas referências)\",MATCH($AE279,INDIRECT(ORÇAMENTO.BancoRef),0))))","v":5488},{"$f":"ROUND(IF(DESONERACAO=\"sim\",REFERENCIA.Desonerado,REFERENCIA.NaoDesonerado),2)","v":197.38},0.25,null,16,null,null,3947.68,246.73]
["S",2,"S",0,{"$f":"IF($C280=1,OFFSET(E280,-1,0)+MAX(1,COUNTIF(QCI!$A$13:$A$41,OFFSET(ORÇAMENTO!E280,-1,0))),OFFSET(E280,-1,0))","v":13},2,0,0,3,0,{"$f":"IF(OR($C280=\"S\",$C280=0),0,MATCH(OFFSET($D280,0,$C280)+IF($C280<>1,1,COUNTIF(QCI!$A$13:$A$41,ORÇAMENTO!E280)),OFFSET($D280,1,$C280,ROW($C$744)-ROW($C280)),0))","v":0},"F","Serviço","Serviço","13.2.3.","SINAPI","89987","REGISTRO DE GAVETA BRUTO, LATÃO, ROSCÁVEL, 3/4\", COM ACABAMENTO E CANOPLA CROMADOS - FORNECIMENTO E INSTALAÇÃO. AF_08/2021",{"$f":"REFERENCIA.Unidade","v":"UN"},{"$f":"OFFSET(CÁLCULO!H$15,ROW($T280)-ROW(T$15),0)","v":39},111.46,"BDI 1",{"$f":"IF($C280=\"S\",ROUND(IF(TIPOORCAMENTO=\"Proposto\",ORÇAMENTO.CustoUnitario*(1+$AH280),ORÇAMENTO.PrecoUnitarioLicitado),15-13*$AF$10),0)","v":139.33000000000001},{"$f":"IF($C280=\"S\",IF(Import.TipoArredondamento<>\"TransfereGOV\",VTOTAL1,SUM(OFFSET(CÁLCULO!$AA$15,ROW($X280)-ROW($X$15),1):OFFSET(CÁLCULO!$AL$15,ROW($X280)-ROW($X$15),-1))),IF($C280=0,0,ROUND(SomaAgrup,15-13*$AF$11)))","v":5433.87},"RA","RA",{"$f":"IF($C280=\"S\",IF($Z280=\"CP\",$X280,IF($Z280=\"RA\",(($X280)*QCI!$AA$3),0)),SomaAgrup)","v":193.51642170218267},0,{"$f":"IF($N280=\"\",\"\",IF(ORÇAMENTO.Descricao=\"\",\"DESCRIÇÃO\",IF(AND($C280=\"S\",ORÇAMENTO.Unidade=\"\"),\"UNIDADE\",IF($X280<0,\"VALOR NEGATIVO\",IF(OR(AND(TIPOORCAMENTO=\"Proposto\",$AG280<>\"\",$AG280>0,ORÇAMENTO.CustoUnitario>$AG280),AND(TIPOORCAMENTO=\"LICITADO\",ORÇAMENTO.PrecoUnitarioLicitado>$AN280)),\"ACIMA REF.\",\"\")))))","v":""},{"$f":"IF(C280<=CRONO.NivelExibicao,MAX($AD$15:OFFSET(AD280,-1,0))+IF($C280<>1,1,MAX(1,COUNTIF(QCI!$A$13:$A$41,OFFSET($E280,-1,0)))),\"\")","v":""},{"$f":"IF(AND($C280=\"S\",ORÇAMENTO.CodBarra<>\"\"),IF(ORÇAMENTO.Fonte=\"\",ORÇAMENTO.CodBarra,CONCATENATE(ORÇAMENTO.Fonte,\" \",ORÇAMENTO.CodBarra)))","v":"SINAPI 89987"},{"$f":"IF(ISERROR(INDIRECT(ORÇAMENTO.BancoRef)),\"(abra o arquivo 'Referência \"&Excel_BuiltIn_Database&\".xlsm)\",IF(OR($C280<>\"S\",ORÇAMENTO.CodBarra=\"\"),\"(Sem Código)\",IF(ISERROR(MATCH($AE280,INDIRECT(ORÇAMENTO.BancoRef),0)),\"(Código não identificado nas referências)\",MATCH($AE280,INDIRECT(ORÇAMENTO.BancoRef),0))))","v":5472},{"$f":"ROUND(IF(DESONERACAO=\"sim\",REFERENCIA.Desonerado,REFERENCIA.NaoDesonerado),2)","v":111.46},0.25,null,39,null,null,5433.87,139.33000000000001]
["S",2,"S",0,{"$f":"IF($C281=1,OFFSET(E281,-1,0)+MAX(1,COUNTIF(QCI!$A$13:$A$41,OFFSET(ORÇAMENTO!E281,-1,0))),OFFSET(E281,-1,0))","v":13},2,0,0,4,0,{"$f":"IF(OR($C281=\"S\",$C281=0),0,MATCH(OFFSET($D281,0,$C281)+IF($C281<>1,1,COUNTIF(QCI!$A$13:$A$41,ORÇAMENTO!E281)),OFFSET($D281,1,$C281,ROW($C$744)-ROW($C281)),0))","v":0},"F","Serviço","Serviço","13.2.4.","SINAPI","89985","REGISTRO DE PRESSÃO BRUTO, LATÃO, ROSCÁVEL, 3/4\", COM ACABAMENTO E CANOPLA CROMADOS - FORNECIMENTO E INSTALAÇÃO. AF_08/2021",{"$f":"REFERENCIA.Unidade","v":"UN"},{"$f":"OFFSET(CÁLCULO!H$15,ROW($T281)-ROW(T$15),0)","v":13},105.8,"BDI 1",{"$f":"IF($C281=\"S\",ROUND(IF(TIPOORCAMENTO=\"Proposto\",ORÇAMENTO.CustoUnitario*(1+$AH281),ORÇAMENTO.PrecoUnitarioLicitado),15-13*$AF$10),0)","v":132.25},{"$f":"IF($C281=\"S\",IF(Import.TipoArredondamento<>\"TransfereGOV\",VTOTAL1,SUM(OFFSET(CÁLCULO!$AA$15,ROW($X281)-ROW($X$15),1):OFFSET(CÁLCULO!$AL$15,ROW($X281)-ROW($X$15),-1))),IF($C281=0,0,ROUND(SomaAgrup,15-13*$AF$11)))","v":1719.25},"RA","RA",{"$f":"IF($C281=\"S\",IF($Z281=\"CP\",$X281,IF($Z281=\"RA\",(($X281)*QCI!$AA$3),0)),SomaAgrup)","v":61.22765322164085},0,{"$f":"IF($N281=\"\",\"\",IF(ORÇAMENTO.Descricao=\"\",\"DESCRIÇÃO\",IF(AND($C281=\"S\",ORÇAMENTO.Unidade=\"\"),\"UNIDADE\",IF($X281<0,\"VALOR NEGATIVO\",IF(OR(AND(TIPOORCAMENTO=\"Proposto\",$AG281<>\"\",$AG281>0,ORÇAMENTO.CustoUnitario>$AG281),AND(TIPOORCAMENTO=\"LICITADO\",ORÇAMENTO.PrecoUnitarioLicitado>$AN281)),\"ACIMA REF.\",\"\")))))","v":""},{"$f":"IF(C281<=CRONO.NivelExibicao,MAX($AD$15:OFFSET(AD281,-1,0))+IF($C281<>1,1,MAX(1,COUNTIF(QCI!$A$13:$A$41,OFFSET($E281,-1,0)))),\"\")","v":""},{"$f":"IF(AND($C281=\"S\",ORÇAMENTO.CodBarra<>\"\"),IF(ORÇAMENTO.Fonte=\"\",ORÇAMENTO.CodBarra,CONCATENATE(ORÇAMENTO.Fonte,\" \",ORÇAMENTO.CodBarra)))","v":"SINAPI 89985"},{"$f":"IF(ISERROR(INDIRECT(ORÇAMENTO.BancoRef)),\"(abra o arquivo 'Referência \"&Excel_BuiltIn_Database&\".xlsm)\",IF(OR($C281<>\"S\",ORÇAMENTO.CodBarra=\"\"),\"(Sem Código)\",IF(ISERROR(MATCH($AE281,INDIRECT(ORÇAMENTO.BancoRef),0)),\"(Código não identificado nas referências)\",MATCH($AE281,INDIRECT(ORÇAMENTO.BancoRef),0))))","v":5470},{"$f":"ROUND(IF(DESONERACAO=\"sim\",REFERENCIA.Desonerado,REFERENCIA.NaoDesonerado),2)","v":105.8},0.25,null,13,null,null,1719.25,132.25]
["S",2,"S",0,{"$f":"IF($C282=1,OFFSET(E282,-1,0)+MAX(1,COUNTIF(QCI!$A$13:$A$41,OFFSET(ORÇAMENTO!E282,-1,0))),OFFSET(E282,-1,0))","v":13},2,0,0,5,0,{"$f":"IF(OR($C282=\"S\",$C282=0),0,MATCH(OFFSET($D282,0,$C282)+IF($C282<>1,1,COUNTIF(QCI!$A$13:$A$41,ORÇAMENTO!E282)),OFFSET($D282,1,$C282,ROW($C$744)-ROW($C282)),0))","v":0},"F","Serviço","Serviço","13.2.5.","SINAPI","103042","REGISTRO DE ESFERA, PVC, ROSCÁVEL, COM BORBOLETA, 3/4\" - FORNECIMENTO E INSTALAÇÃO. AF_08/2021",{"$f":"REFERENCIA.Unidade","v":"UN"},{"$f":"OFFSET(CÁLCULO!H$15,ROW($T282)-ROW(T$15),0)","v":1},33.79,"BDI 1",{"$f":"IF($C282=\"S\",ROUND(IF(TIPOORCAMENTO=\"Proposto\",ORÇAMENTO.CustoUnitario*(1+$AH282),ORÇAMENTO.PrecoUnitarioLicitado),15-13*$AF$10),0)","v":42.24},{"$f":"IF($C282=\"S\",IF(Import.TipoArredondamento<>\"TransfereGOV\",VTOTAL1,SUM(OFFSET(CÁLCULO!$AA$15,ROW($X282)-ROW($X$15),1):OFFSET(CÁLCULO!$AL$15,ROW($X282)-ROW($X$15),-1))),IF($C282=0,0,ROUND(SomaAgrup,15-13*$AF$11)))","v":42.24},"RA","RA",{"$f":"IF($C282=\"S\",IF($Z282=\"CP\",$X282,IF($Z282=\"RA\",(($X282)*QCI!$AA$3),0)),SomaAgrup)","v":1.5042931930098062},0,{"$f":"IF($N282=\"\",\"\",IF(ORÇAMENTO.Descricao=\"\",\"DESCRIÇÃO\",IF(AND($C282=\"S\",ORÇAMENTO.Unidade=\"\"),\"UNIDADE\",IF($X282<0,\"VALOR NEGATIVO\",IF(OR(AND(TIPOORCAMENTO=\"Proposto\",$AG282<>\"\",$AG282>0,ORÇAMENTO.CustoUnitario>$AG282),AND(TIPOORCAMENTO=\"LICITADO\",ORÇAMENTO.PrecoUnitarioLicitado>$AN282)),\"ACIMA REF.\",\"\")))))","v":""},{"$f":"IF(C282<=CRONO.NivelExibicao,MAX($AD$15:OFFSET(AD282,-1,0))+IF($C282<>1,1,MAX(1,COUNTIF(QCI!$A$13:$A$41,OFFSET($E282,-1,0)))),\"\")","v":""},{"$f":"IF(AND($C282=\"S\",ORÇAMENTO.CodBarra<>\"\"),IF(ORÇAMENTO.Fonte=\"\",ORÇAMENTO.CodBarra,CONCATENATE(ORÇAMENTO.Fonte,\" \",ORÇAMENTO.CodBarra)))","v":"SINAPI 103042"},{"$f":"IF(ISERROR(INDIRECT(ORÇAMENTO.BancoRef)),\"(abra o arquivo 'Referência \"&Excel_BuiltIn_Database&\".xlsm)\",IF(OR($C282<>\"S\",ORÇAMENTO.CodBarra=\"\"),\"(Sem Código)\",IF(ISERROR(MATCH($AE282,INDIRECT(ORÇAMENTO.BancoRef),0)),\"(Código não identificado nas referências)\",MATCH($AE282,INDIRECT(ORÇAMENTO.BancoRef),0))))","v":5537},{"$f":"ROUND(IF(DESONERACAO=\"sim\",REFERENCIA.Desonerado,REFERENCIA.NaoDesonerado),2)","v":33.79},0.25,null,1,null,null,42.24,42.24]
["S",2,"S",0,{"$f":"IF($C283=1,OFFSET(E283,-1,0)+MAX(1,COUNTIF(QCI!$A$13:$A$41,OFFSET(ORÇAMENTO!E283,-1,0))),OFFSET(E283,-1,0))","v":13},2,0,0,6,0,{"$f":"IF(OR($C283=\"S\",$C283=0),0,MATCH(OFFSET($D283,0,$C283)+IF($C283<>1,1,COUNTIF(QCI!$A$13:$A$41,ORÇAMENTO!E283)),OFFSET($D283,1,$C283,ROW($C$744)-ROW($C283)),0))","v":0},"F","Serviço","Serviço","13.2.6.","SINAPI","90371","REGISTRO DE ESFERA, PVC, ROSCÁVEL, COM VOLANTE, 3/4\" - FORNECIMENTO E INSTALAÇÃO. AF_08/2021",{"$f":"REFERENCIA.Unidade","v":"UN"},{"$f":"OFFSET(CÁLCULO!H$15,ROW($T283)-ROW(T$15),0)","v":1},41.2,"BDI 1",{"$f":"IF($C283=\"S\",ROUND(IF(TIPOORCAMENTO=\"Proposto\",ORÇAMENTO.CustoUnitario*(1+$AH283),ORÇAMENTO.PrecoUnitarioLicitado),15-13*$AF$10),0)","v":51.5},{"$f":"IF($C283=\"S\",IF(Import.TipoArredondamento<>\"TransfereGOV\",VTOTAL1,SUM(OFFSET(CÁLCULO!$AA$15,ROW($X283)-ROW($X$15),1):OFFSET(CÁLCULO!$AL$15,ROW($X283)-ROW($X$15),-1))),IF($C283=0,0,ROUND(SomaAgrup,15-13*$AF$11)))","v":51.5},"RA","RA",{"$f":"IF($C283=\"S\",IF($Z283=\"CP\",$X283,IF($Z283=\"RA\",(($X283)*QCI!$AA$3),0)),SomaAgrup)","v":1.8340695890152705},0,{"$f":"IF($N283=\"\",\"\",IF(ORÇAMENTO.Descricao=\"\",\"DESCRIÇÃO\",IF(AND($C283=\"S\",ORÇAMENTO.Unidade=\"\"),\"UNIDADE\",IF($X283<0,\"VALOR NEGATIVO\",IF(OR(AND(TIPOORCAMENTO=\"Proposto\",$AG283<>\"\",$AG283>0,ORÇAMENTO.CustoUnitario>$AG283),AND(TIPOORCAMENTO=\"LICITADO\",ORÇAMENTO.PrecoUnitarioLicitado>$AN283)),\"ACIMA REF.\",\"\")))))","v":""},{"$f":"IF(C283<=CRONO.NivelExibicao,MAX($AD$15:OFFSET(AD283,-1,0))+IF($C283<>1,1,MAX(1,COUNTIF(QCI!$A$13:$A$41,OFFSET($E283,-1,0)))),\"\")","v":""},{"$f":"IF(AND($C283=\"S\",ORÇAMENTO.CodBarra<>\"\"),IF(ORÇAMENTO.Fonte=\"\",ORÇAMENTO.CodBarra,CONCATENATE(ORÇAMENTO.Fonte,\" \",ORÇAMENTO.CodBarra)))","v":"SINAPI 90371"},{"$f":"IF(ISERROR(INDIRECT(ORÇAMENTO.BancoRef)),\"(abra o arquivo 'Referência \"&Excel_BuiltIn_Database&\".xlsm)\",IF(OR($C283<>\"S\",ORÇAMENTO.CodBarra=\"\"),\"(Sem Código)\",IF(ISERROR(MATCH($AE283,INDIRECT(ORÇAMENTO.BancoRef),0)),\"(Código não identificado nas referências)\",MATCH($AE283,INDIRECT(ORÇAMENTO.BancoRef),0))))","v":5473},{"$f":"ROUND(IF(DESONERACAO=\"sim\",REFERENCIA.Desonerado,REFERENCIA.NaoDesonerado),2)","v":41.2},0.25,null,1,null,null,51.5,51.5]
["S",2,"S",0,{"$f":"IF($C284=1,OFFSET(E284,-1,0)+MAX(1,COUNTIF(QCI!$A$13:$A$41,OFFSET(ORÇAMENTO!E284,-1,0))),OFFSET(E284,-1,0))","v":13},2,0,0,7,0,{"$f":"IF(OR($C284=\"S\",$C284=0),0,MATCH(OFFSET($D284,0,$C284)+IF($C284<>1,1,COUNTIF(QCI!$A$13:$A$41,ORÇAMENTO!E284)),OFFSET($D284,1,$C284,ROW($C$744)-ROW($C284)),0))","v":0},"F","Serviço","Serviço","13.2.7.","SINAPI","94496","REGISTRO DE GAVETA BRUTO, LATÃO, ROSCÁVEL, 1 1/4\" - FORNECIMENTO E INSTALAÇÃO. AF_08/2021",{"$f":"REFERENCIA.Unidade","v":"UN"},{"$f":"OFFSET(CÁLCULO!H$15,ROW($T284)-ROW(T$15),0)","v":1},98.77,"BDI 1",{"$f":"IF($C284=\"S\",ROUND(IF(TIPOORCAMENTO=\"Proposto\",ORÇAMENTO.CustoUnitario*(1+$AH284),ORÇAMENTO.PrecoUnitarioLicitado),15-13*$AF$10),0)","v":123.46},{"$f":"IF($C284=\"S\",IF(Import.TipoArredondamento<>\"TransfereGOV\",VTOTAL1,SUM(OFFSET(CÁLCULO!$AA$15,ROW($X284)-ROW($X$15),1):OFFSET(CÁLCULO!$AL$15,ROW($X284)-ROW($X$15),-1))),IF($C284=0,0,ROUND(SomaAgrup,15-13*$AF$11)))","v":123.46},"RA","RA",{"$f":"IF($C284=\"S\",IF($Z284=\"CP\",$X284,IF($Z284=\"RA\",(($X284)*QCI!$AA$3),0)),SomaAgrup)","v":4.3967811933946654},0,{"$f":"IF($N284=\"\",\"\",IF(ORÇAMENTO.Descricao=\"\",\"DESCRIÇÃO\",IF(AND($C284=\"S\",ORÇAMENTO.Unidade=\"\"),\"UNIDADE\",IF($X284<0,\"VALOR NEGATIVO\",IF(OR(AND(TIPOORCAMENTO=\"Proposto\",$AG284<>\"\",$AG284>0,ORÇAMENTO.CustoUnitario>$AG284),AND(TIPOORCAMENTO=\"LICITADO\",ORÇAMENTO.PrecoUnitarioLicitado>$AN284)),\"ACIMA REF.\",\"\")))))","v":""},{"$f":"IF(C284<=CRONO.NivelExibicao,MAX($AD$15:OFFSET(AD284,-1,0))+IF($C284<>1,1,MAX(1,COUNTIF(QCI!$A$13:$A$41,OFFSET($E284,-1,0)))),\"\")","v":""},{"$f":"IF(AND($C284=\"S\",ORÇAMENTO.CodBarra<>\"\"),IF(ORÇAMENTO.Fonte=\"\",ORÇAMENTO.CodBarra,CONCATENATE(ORÇAMENTO.Fonte,\" \",ORÇAMENTO.CodBarra)))","v":"SINAPI 94496"},{"$f":"IF(ISERROR(INDIRECT(ORÇAMENTO.BancoRef)),\"(abra o arquivo 'Referência \"&Excel_BuiltIn_Database&\".xlsm)\",IF(OR($C284<>\"S\",ORÇAMENTO.CodBarra=\"\"),\"(Sem Código)\",IF(ISERROR(MATCH($AE284,INDIRECT(ORÇAMENTO.BancoRef),0)),\"(Código não identificado nas referências)\",MATCH($AE284,INDIRECT(ORÇAMENTO.BancoRef),0))))","v":5480},{"$f":"ROUND(IF(DESONERACAO=\"sim\",REFERENCIA.Desonerado,REFERENCIA.NaoDesonerado),2)","v":98.77},0.25,null,1,null,null,123.46,123.46]
[2,2,2,2,{"$f":"IF($C285=1,OFFSET(E285,-1,0)+MAX(1,COUNTIF(QCI!$A$13:$A$41,OFFSET(ORÇAMENTO!E285,-1,0))),OFFSET(E285,-1,0))","v":13},3,0,0,0,7,{"$f":"IF(OR($C285=\"S\",$C285=0),0,MATCH(OFFSET($D285,0,$C285)+IF($C285<>1,1,COUNTIF(QCI!$A$13:$A$41,ORÇAMENTO!E285)),OFFSET($D285,1,$C285,ROW($C$744)-ROW($C285)),0))","v":2},"F","Nível 2","Nível 2","13.3.","SINAPI",null,"Reservatório cap. 10.000 litros",{"$f":"REFERENCIA.Unidade","v":"-"},{"$f":"OFFSET(CÁLCULO!H$15,ROW($T285)-ROW(T$15),0)","v":0},null,"BDI 1",{"$f":"IF($C285=\"S\",ROUND(IF(TIPOORCAMENTO=\"Proposto\",ORÇAMENTO.CustoUnitario*(1+$AH285),ORÇAMENTO.PrecoUnitarioLicitado),15-13*$AF$10),0)","v":0},{"$f":"IF($C285=\"S\",IF(Import.TipoArredondamento<>\"TransfereGOV\",VTOTAL1,SUM(OFFSET(CÁLCULO!$AA$15,ROW($X285)-ROW($X$15),1):OFFSET(CÁLCULO!$AL$15,ROW($X285)-ROW($X$15),-1))),IF($C285=0,0,ROUND(SomaAgrup,15-13*$AF$11)))","v":45956.36},"RA","",{"$f":"IF($C285=\"S\",IF($Z285=\"CP\",$X285,IF($Z285=\"RA\",(($X285)*QCI!$AA$3),0)),SomaAgrup)","v":1636.6439281133555},0,{"$f":"IF($N285=\"\",\"\",IF(ORÇAMENTO.Descricao=\"\",\"DESCRIÇÃO\",IF(AND($C285=\"S\",ORÇAMENTO.Unidade=\"\"),\"UNIDADE\",IF($X285<0,\"VALOR NEGATIVO\",IF(OR(AND(TIPOORCAMENTO=\"Proposto\",$AG285<>\"\",$AG285>0,ORÇAMENTO.CustoUnitario>$AG285),AND(TIPOORCAMENTO=\"LICITADO\",ORÇAMENTO.PrecoUnitarioLicitado>$AN285)),\"ACIMA REF.\",\"\")))))","v":""},{"$f":"IF(C285<=CRONO.NivelExibicao,MAX($AD$15:OFFSET(AD285,-1,0))+IF($C285<>1,1,MAX(1,COUNTIF(QCI!$A$13:$A$41,OFFSET($E285,-1,0)))),\"\")","v":44},{"$f":"IF(AND($C285=\"S\",ORÇAMENTO.CodBarra<>\"\"),IF(ORÇAMENTO.Fonte=\"\",ORÇAMENTO.CodBarra,CONCATENATE(ORÇAMENTO.Fonte,\" \",ORÇAMENTO.CodBarra)))","v":false},{"$f":"IF(ISERROR(INDIRECT(ORÇAMENTO.BancoRef)),\"(abra o arquivo 'Referência \"&Excel_BuiltIn_Database&\".xlsm)\",IF(OR($C285<>\"S\",ORÇAMENTO.CodBarra=\"\"),\"(Sem Código)\",IF(ISERROR(MATCH($AE285,INDIRECT(ORÇAMENTO.BancoRef),0)),\"(Código não identificado nas referências)\",MATCH($AE285,INDIRECT(ORÇAMENTO.BancoRef),0))))","v":"(Sem Código)"},{"$f":"ROUND(IF(DESONERACAO=\"sim\",REFERENCIA.Desonerado,REFERENCIA.NaoDesonerado),2)","v":0},0.25,null,null,null,null,45956.36,0]
["S",2,"S",0,{"$f":"IF($C286=1,OFFSET(E286,-1,0)+MAX(1,COUNTIF(QCI!$A$13:$A$41,OFFSET(ORÇAMENTO!E286,-1,0))),OFFSET(E286,-1,0))","v":13},3,0,0,1,0,{"$f":"IF(OR($C286=\"S\",$C286=0),0,MATCH(OFFSET($D286,0,$C286)+IF($C286<>1,1,COUNTIF(QCI!$A$13:$A$41,ORÇAMENTO!E286)),OFFSET($D286,1,$C286,ROW($C$744)-ROW($C286)),0))","v":0},"F","Serviço","Serviço","13.3.1.","SINAPI","FNDE 21","RESERVATÓRIO CILINDRICO CAP. 10.000 LITROS","UN",{"$f":"OFFSET(CÁLCULO!H$15,ROW($T286)-ROW(T$15),0)","v":1},36765.089999999997,"BDI 1",{"$f":"IF($C286=\"S\",ROUND(IF(TIPOORCAMENTO=\"Proposto\",ORÇAMENTO.CustoUnitario*(1+$AH286),ORÇAMENTO.PrecoUnitarioLicitado),15-13*$AF$10),0)","v":45956.36},{"$f":"IF($C286=\"S\",IF(Import.TipoArredondamento<>\"TransfereGOV\",VTOTAL1,SUM(OFFSET(CÁLCULO!$AA$15,ROW($X286)-ROW($X$15),1):OFFSET(CÁLCULO!$AL$15,ROW($X286)-ROW($X$15),-1))),IF($C286=0,0,ROUND(SomaAgrup,15-13*$AF$11)))","v":45956.36},"RA","RA",{"$f":"IF($C286=\"S\",IF($Z286=\"CP\",$X286,IF($Z286=\"RA\",(($X286)*QCI!$AA$3),0)),SomaAgrup)","v":1636.6439281133555},0,{"$f":"IF($N286=\"\",\"\",IF(ORÇAMENTO.Descricao=\"\",\"DESCRIÇÃO\",IF(AND($C286=\"S\",ORÇAMENTO.Unidade=\"\"),\"UNIDADE\",IF($X286<0,\"VALOR NEGATIVO\",IF(OR(AND(TIPOORCAMENTO=\"Proposto\",$AG286<>\"\",$AG286>0,ORÇAMENTO.CustoUnitario>$AG286),AND(TIPOORCAMENTO=\"LICITADO\",ORÇAMENTO.PrecoUnitarioLicitado>$AN286)),\"ACIMA REF.\",\"\")))))","v":""},{"$f":"IF(C286<=CRONO.NivelExibicao,MAX($AD$15:OFFSET(AD286,-1,0))+IF($C286<>1,1,MAX(1,COUNTIF(QCI!$A$13:$A$41,OFFSET($E286,-1,0)))),\"\")","v":""},{"$f":"IF(AND($C286=\"S\",ORÇAMENTO.CodBarra<>\"\"),IF(ORÇAMENTO.Fonte=\"\",ORÇAMENTO.CodBarra,CONCATENATE(ORÇAMENTO.Fonte,\" \",ORÇAMENTO.CodBarra)))","v":"SINAPI FNDE 21"},{"$f":"IF(ISERROR(INDIRECT(ORÇAMENTO.BancoRef)),\"(abra o arquivo 'Referência \"&Excel_BuiltIn_Database&\".xlsm)\",IF(OR($C286<>\"S\",ORÇAMENTO.CodBarra=\"\"),\"(Sem Código)\",IF(ISERROR(MATCH($AE286,INDIRECT(ORÇAMENTO.BancoRef),0)),\"(Código não identificado nas referências)\",MATCH($AE286,INDIRECT(ORÇAMENTO.BancoRef),0))))","v":"(Código não identificado nas referências)"},{"$f":"ROUND(IF(DESONERACAO=\"sim\",REFERENCIA.Desonerado,REFERENCIA.NaoDesonerado),2)","v":0},0.25,null,1,null,null,45956.36,45956.36]
[2,2,2,5,{"$f":"IF($C287=1,OFFSET(E287,-1,0)+MAX(1,COUNTIF(QCI!$A$13:$A$41,OFFSET(ORÇAMENTO!E287,-1,0))),OFFSET(E287,-1,0))","v":13},4,0,0,0,5,{"$f":"IF(OR($C287=\"S\",$C287=0),0,MATCH(OFFSET($D287,0,$C287)+IF($C287<>1,1,COUNTIF(QCI!$A$13:$A$41,ORÇAMENTO!E287)),OFFSET($D287,1,$C287,ROW($C$744)-ROW($C287)),0))","v":182},"F","Nível 2","Nível 2","13.4.","SINAPI",null,"Sistema de reuso de água",{"$f":"REFERENCIA.Unidade","v":"-"},{"$f":"OFFSET(CÁLCULO!H$15,ROW($T287)-ROW(T$15),0)","v":0},null,"BDI 1",{"$f":"IF($C287=\"S\",ROUND(IF(TIPOORCAMENTO=\"Proposto\",ORÇAMENTO.CustoUnitario*(1+$AH287),ORÇAMENTO.PrecoUnitarioLicitado),15-13*$AF$10),0)","v":0},{"$f":"IF($C287=\"S\",IF(Import.TipoArredondamento<>\"TransfereGOV\",VTOTAL1,SUM(OFFSET(CÁLCULO!$AA$15,ROW($X287)-ROW($X$15),1):OFFSET(CÁLCULO!$AL$15,ROW($X287)-ROW($X$15),-1))),IF($C287=0,0,ROUND(SomaAgrup,15-13*$AF$11)))","v":15248.52},"RA","",{"$f":"IF($C287=\"S\",IF($Z287=\"CP\",$X287,IF($Z287=\"RA\",(($X287)*QCI!$AA$3),0)),SomaAgrup)","v":543.04556911633256},0,{"$f":"IF($N287=\"\",\"\",IF(ORÇAMENTO.Descricao=\"\",\"DESCRIÇÃO\",IF(AND($C287=\"S\",ORÇAMENTO.Unidade=\"\"),\"UNIDADE\",IF($X287<0,\"VALOR NEGATIVO\",IF(OR(AND(TIPOORCAMENTO=\"Proposto\",$AG287<>\"\",$AG287>0,ORÇAMENTO.CustoUnitario>$AG287),AND(TIPOORCAMENTO=\"LICITADO\",ORÇAMENTO.PrecoUnitarioLicitado>$AN287)),\"ACIMA REF.\",\"\")))))","v":""},{"$f":"IF(C287<=CRONO.NivelExibicao,MAX($AD$15:OFFSET(AD287,-1,0))+IF($C287<>1,1,MAX(1,COUNTIF(QCI!$A$13:$A$41,OFFSET($E287,-1,0)))),\"\")","v":45},{"$f":"IF(AND($C287=\"S\",ORÇAMENTO.CodBarra<>\"\"),IF(ORÇAMENTO.Fonte=\"\",ORÇAMENTO.CodBarra,CONCATENATE(ORÇAMENTO.Fonte,\" \",ORÇAMENTO.CodBarra)))","v":false},{"$f":"IF(ISERROR(INDIRECT(ORÇAMENTO.BancoRef)),\"(abra o arquivo 'Referência \"&Excel_BuiltIn_Database&\".xlsm)\",IF(OR($C287<>\"S\",ORÇAMENTO.CodBarra=\"\"),\"(Sem Código)\",IF(ISERROR(MATCH($AE287,INDIRECT(ORÇAMENTO.BancoRef),0)),\"(Código não identificado nas referências)\",MATCH($AE287,INDIRECT(ORÇAMENTO.BancoRef),0))))","v":"(Sem Código)"},{"$f":"ROUND(IF(DESONERACAO=\"sim\",REFERENCIA.Desonerado,REFERENCIA.NaoDesonerado),2)","v":0},0.25,null,null,null,null,15248.52,0]
["S",2,"S",0,{"$f":"IF($C288=1,OFFSET(E288,-1,0)+MAX(1,COUNTIF(QCI!$A$13:$A$41,OFFSET(ORÇAMENTO!E288,-1,0))),OFFSET(E288,-1,0))","v":13},4,0,0,1,0,{"$f":"IF(OR($C288=\"S\",$C288=0),0,MATCH(OFFSET($D288,0,$C288)+IF($C288<>1,1,COUNTIF(QCI!$A$13:$A$41,ORÇAMENTO!E288)),OFFSET($D288,1,$C288,ROW($C$744)-ROW($C288)),0))","v":0},"F","Serviço","Serviço","13.4.1.","SINAPI","FNDE 78","CISTERNA MODULAR 600 Litros","UN",{"$f":"OFFSET(CÁLCULO!H$15,ROW($T288)-ROW(T$15),0)","v":6},1864.23,"BDI 1",{"$f":"IF($C288=\"S\",ROUND(IF(TIPOORCAMENTO=\"Proposto\",ORÇAMENTO.CustoUnitario*(1+$AH288),ORÇAMENTO.PrecoUnitarioLicitado),15-13*$AF$10),0)","v":2330.29},{"$f":"IF($C288=\"S\",IF(Import.TipoArredondamento<>\"TransfereGOV\",VTOTAL1,SUM(OFFSET(CÁLCULO!$AA$15,ROW($X288)-ROW($X$15),1):OFFSET(CÁLCULO!$AL$15,ROW($X288)-ROW($X$15),-1))),IF($C288=0,0,ROUND(SomaAgrup,15-13*$AF$11)))","v":13981.74},"RA","RA",{"$f":"IF($C288=\"S\",IF($Z288=\"CP\",$X288,IF($Z288=\"RA\",(($X288)*QCI!$AA$3),0)),SomaAgrup)","v":497.93173078676438},0,{"$f":"IF($N288=\"\",\"\",IF(ORÇAMENTO.Descricao=\"\",\"DESCRIÇÃO\",IF(AND($C288=\"S\",ORÇAMENTO.Unidade=\"\"),\"UNIDADE\",IF($X288<0,\"VALOR NEGATIVO\",IF(OR(AND(TIPOORCAMENTO=\"Proposto\",$AG288<>\"\",$AG288>0,ORÇAMENTO.CustoUnitario>$AG288),AND(TIPOORCAMENTO=\"LICITADO\",ORÇAMENTO.PrecoUnitarioLicitado>$AN288)),\"ACIMA REF.\",\"\")))))","v":""},{"$f":"IF(C288<=CRONO.NivelExibicao,MAX($AD$15:OFFSET(AD288,-1,0))+IF($C288<>1,1,MAX(1,COUNTIF(QCI!$A$13:$A$41,OFFSET($E288,-1,0)))),\"\")","v":""},{"$f":"IF(AND($C288=\"S\",ORÇAMENTO.CodBarra<>\"\"),IF(ORÇAMENTO.Fonte=\"\",ORÇAMENTO.CodBarra,CONCATENATE(ORÇAMENTO.Fonte,\" \",ORÇAMENTO.CodBarra)))","v":"SINAPI FNDE 78"},{"$f":"IF(ISERROR(INDIRECT(ORÇAMENTO.BancoRef)),\"(abra o arquivo 'Referência \"&Excel_BuiltIn_Database&\".xlsm)\",IF(OR($C288<>\"S\",ORÇAMENTO.CodBarra=\"\"),\"(Sem Código)\",IF(ISERROR(MATCH($AE288,INDIRECT(ORÇAMENTO.BancoRef),0)),\"(Código não identificado nas referências)\",MATCH($AE288,INDIRECT(ORÇAMENTO.BancoRef),0))))","v":"(Código não identificado nas referências)"},{"$f":"ROUND(IF(DESONERACAO=\"sim\",REFERENCIA.Desonerado,REFERENCIA.NaoDesonerado),2)","v":0},0.25,null,6,null,null,13981.74,2330.29]
["S",2,"S",0,{"$f":"IF($C289=1,OFFSET(E289,-1,0)+MAX(1,COUNTIF(QCI!$A$13:$A$41,OFFSET(ORÇAMENTO!E289,-1,0))),OFFSET(E289,-1,0))","v":13},4,0,0,2,0,{"$f":"IF(OR($C289=\"S\",$C289=0),0,MATCH(OFFSET($D289,0,$C289)+IF($C289<>1,1,COUNTIF(QCI!$A$13:$A$41,ORÇAMENTO!E289)),OFFSET($D289,1,$C289,ROW($C$744)-ROW($C289)),0))","v":0},"F","Serviço","Serviço","13.4.2.","SINAPI","FNDE 79","SMART FILTRO","UN",{"$f":"OFFSET(CÁLCULO!H$15,ROW($T289)-ROW(T$15),0)","v":2},404.23,"BDI 1",{"$f":"IF($C289=\"S\",ROUND(IF(TIPOORCAMENTO=\"Proposto\",ORÇAMENTO.CustoUnitario*(1+$AH289),ORÇAMENTO.PrecoUnitarioLicitado),15-13*$AF$10),0)","v":505.29},{"$f":"IF($C289=\"S\",IF(Import.TipoArredondamento<>\"TransfereGOV\",VTOTAL1,SUM(OFFSET(CÁLCULO!$AA$15,ROW($X289)-ROW($X$15),1):OFFSET(CÁLCULO!$AL$15,ROW($X289)-ROW($X$15),-1))),IF($C289=0,0,ROUND(SomaAgrup,15-13*$AF$11)))","v":1010.58},"RA","RA",{"$f":"IF($C289=\"S\",IF($Z289=\"CP\",$X289,IF($Z289=\"RA\",(($X289)*QCI!$AA$3),0)),SomaAgrup)","v":35.989787286738874},0,{"$f":"IF($N289=\"\",\"\",IF(ORÇAMENTO.Descricao=\"\",\"DESCRIÇÃO\",IF(AND($C289=\"S\",ORÇAMENTO.Unidade=\"\"),\"UNIDADE\",IF($X289<0,\"VALOR NEGATIVO\",IF(OR(AND(TIPOORCAMENTO=\"Proposto\",$AG289<>\"\",$AG289>0,ORÇAMENTO.CustoUnitario>$AG289),AND(TIPOORCAMENTO=\"LICITADO\",ORÇAMENTO.PrecoUnitarioLicitado>$AN289)),\"ACIMA REF.\",\"\")))))","v":""},{"$f":"IF(C289<=CRONO.NivelExibicao,MAX($AD$15:OFFSET(AD289,-1,0))+IF($C289<>1,1,MAX(1,COUNTIF(QCI!$A$13:$A$41,OFFSET($E289,-1,0)))),\"\")","v":""},{"$f":"IF(AND($C289=\"S\",ORÇAMENTO.CodBarra<>\"\"),IF(ORÇAMENTO.Fonte=\"\",ORÇAMENTO.CodBarra,CONCATENATE(ORÇAMENTO.Fonte,\" \",ORÇAMENTO.CodBarra)))","v":"SINAPI FNDE 79"},{"$f":"IF(ISERROR(INDIRECT(ORÇAMENTO.BancoRef)),\"(abra o arquivo 'Referência \"&Excel_BuiltIn_Database&\".xlsm)\",IF(OR($C289<>\"S\",ORÇAMENTO.CodBarra=\"\"),\"(Sem Código)\",IF(ISERROR(MATCH($AE289,INDIRECT(ORÇAMENTO.BancoRef),0)),\"(Código não identificado nas referências)\",MATCH($AE289,INDIRECT(ORÇAMENTO.BancoRef),0))))","v":"(Código não identificado nas referências)"},{"$f":"ROUND(IF(DESONERACAO=\"sim\",REFERENCIA.Desonerado,REFERENCIA.NaoDesonerado),2)","v":0},0.25,null,2,null,null,1010.58,505.29]
["S",2,"S",0,{"$f":"IF($C290=1,OFFSET(E290,-1,0)+MAX(1,COUNTIF(QCI!$A$13:$A$41,OFFSET(ORÇAMENTO!E290,-1,0))),OFFSET(E290,-1,0))","v":13},4,0,0,3,0,{"$f":"IF(OR($C290=\"S\",$C290=0),0,MATCH(OFFSET($D290,0,$C290)+IF($C290<>1,1,COUNTIF(QCI!$A$13:$A$41,ORÇAMENTO!E290)),OFFSET($D290,1,$C290,ROW($C$744)-ROW($C290)),0))","v":0},"F","Serviço","Serviço","13.4.3.","SINAPI","92692","NIPLE, EM FERRO GALVANIZADO, CONEXÃO ROSQUEADA, DN 15 (1/2\"), INSTALADO EM RAMAIS E SUB-RAMAIS DE GÁS - FORNECIMENTO E INSTALAÇÃO. AF_10/2020",{"$f":"REFERENCIA.Unidade","v":"UN"},{"$f":"OFFSET(CÁLCULO!H$15,ROW($T290)-ROW(T$15),0)","v":10},14.68,"BDI 1",{"$f":"IF($C290=\"S\",ROUND(IF(TIPOORCAMENTO=\"Proposto\",ORÇAMENTO.CustoUnitario*(1+$AH290),ORÇAMENTO.PrecoUnitarioLicitado),15-13*$AF$10),0)","v":18.350000000000001},{"$f":"IF($C290=\"S\",IF(Import.TipoArredondamento<>\"TransfereGOV\",VTOTAL1,SUM(OFFSET(CÁLCULO!$AA$15,ROW($X290)-ROW($X$15),1):OFFSET(CÁLCULO!$AL$15,ROW($X290)-ROW($X$15),-1))),IF($C290=0,0,ROUND(SomaAgrup,15-13*$AF$11)))","v":183.5},"RA","RA",{"$f":"IF($C290=\"S\",IF($Z290=\"CP\",$X290,IF($Z290=\"RA\",(($X290)*QCI!$AA$3),0)),SomaAgrup)","v":6.5349858171709148},0,{"$f":"IF($N290=\"\",\"\",IF(ORÇAMENTO.Descricao=\"\",\"DESCRIÇÃO\",IF(AND($C290=\"S\",ORÇAMENTO.Unidade=\"\"),\"UNIDADE\",IF($X290<0,\"VALOR NEGATIVO\",IF(OR(AND(TIPOORCAMENTO=\"Proposto\",$AG290<>\"\",$AG290>0,ORÇAMENTO.CustoUnitario>$AG290),AND(TIPOORCAMENTO=\"LICITADO\",ORÇAMENTO.PrecoUnitarioLicitado>$AN290)),\"ACIMA REF.\",\"\")))))","v":""},{"$f":"IF(C290<=CRONO.NivelExibicao,MAX($AD$15:OFFSET(AD290,-1,0))+IF($C290<>1,1,MAX(1,COUNTIF(QCI!$A$13:$A$41,OFFSET($E290,-1,0)))),\"\")","v":""},{"$f":"IF(AND($C290=\"S\",ORÇAMENTO.CodBarra<>\"\"),IF(ORÇAMENTO.Fonte=\"\",ORÇAMENTO.CodBarra,CONCATENATE(ORÇAMENTO.Fonte,\" \",ORÇAMENTO.CodBarra)))","v":"SINAPI 92692"},{"$f":"IF(ISERROR(INDIRECT(ORÇAMENTO.BancoRef)),\"(abra o arquivo 'Referência \"&Excel_BuiltIn_Database&\".xlsm)\",IF(OR($C290<>\"S\",ORÇAMENTO.CodBarra=\"\"),\"(Sem Código)\",IF(ISERROR(MATCH($AE290,INDIRECT(ORÇAMENTO.BancoRef),0)),\"(Código não identificado nas referências)\",MATCH($AE290,INDIRECT(ORÇAMENTO.BancoRef),0))))","v":4405},{"$f":"ROUND(IF(DESONERACAO=\"sim\",REFERENCIA.Desonerado,REFERENCIA.NaoDesonerado),2)","v":14.68},0.25,null,10,null,null,183.5,18.350000000000001]
["S",2,"S",0,{"$f":"IF($C291=1,OFFSET(E291,-1,0)+MAX(1,COUNTIF(QCI!$A$13:$A$41,OFFSET(ORÇAMENTO!E291,-1,0))),OFFSET(E291,-1,0))","v":13},4,0,0,4,0,{"$f":"IF(OR($C291=\"S\",$C291=0),0,MATCH(OFFSET($D291,0,$C291)+IF($C291<>1,1,COUNTIF(QCI!$A$13:$A$41,ORÇAMENTO!E291)),OFFSET($D291,1,$C291,ROW($C$744)-ROW($C291)),0))","v":0},"F","Serviço","Serviço","13.4.4.","SINAPI","86884","ENGATE FLEXÍVEL EM PLÁSTICO BRANCO, 1/2\" X 30CM - FORNECIMENTO E INSTALAÇÃO. AF_01/2020",{"$f":"REFERENCIA.Unidade","v":"UN"},{"$f":"OFFSET(CÁLCULO!H$15,ROW($T291)-ROW(T$15),0)","v":5},11.63,"BDI 1",{"$f":"IF($C291=\"S\",ROUND(IF(TIPOORCAMENTO=\"Proposto\",ORÇAMENTO.CustoUnitario*(1+$AH291),ORÇAMENTO.PrecoUnitarioLicitado),15-13*$AF$10),0)","v":14.54},{"$f":"IF($C291=\"S\",IF(Import.TipoArredondamento<>\"TransfereGOV\",VTOTAL1,SUM(OFFSET(CÁLCULO!$AA$15,ROW($X291)-ROW($X$15),1):OFFSET(CÁLCULO!$AL$15,ROW($X291)-ROW($X$15),-1))),IF($C291=0,0,ROUND(SomaAgrup,15-13*$AF$11)))","v":72.7},"RA","RA",{"$f":"IF($C291=\"S\",IF($Z291=\"CP\",$X291,IF($Z291=\"RA\",(($X291)*QCI!$AA$3),0)),SomaAgrup)","v":2.5890652256584499},0,{"$f":"IF($N291=\"\",\"\",IF(ORÇAMENTO.Descricao=\"\",\"DESCRIÇÃO\",IF(AND($C291=\"S\",ORÇAMENTO.Unidade=\"\"),\"UNIDADE\",IF($X291<0,\"VALOR NEGATIVO\",IF(OR(AND(TIPOORCAMENTO=\"Proposto\",$AG291<>\"\",$AG291>0,ORÇAMENTO.CustoUnitario>$AG291),AND(TIPOORCAMENTO=\"LICITADO\",ORÇAMENTO.PrecoUnitarioLicitado>$AN291)),\"ACIMA REF.\",\"\")))))","v":""},{"$f":"IF(C291<=CRONO.NivelExibicao,MAX($AD$15:OFFSET(AD291,-1,0))+IF($C291<>1,1,MAX(1,COUNTIF(QCI!$A$13:$A$41,OFFSET($E291,-1,0)))),\"\")","v":""},{"$f":"IF(AND($C291=\"S\",ORÇAMENTO.CodBarra<>\"\"),IF(ORÇAMENTO.Fonte=\"\",ORÇAMENTO.CodBarra,CONCATENATE(ORÇAMENTO.Fonte,\" \",ORÇAMENTO.CodBarra)))","v":"SINAPI 86884"},{"$f":"IF(ISERROR(INDIRECT(ORÇAMENTO.BancoRef)),\"(abra o arquivo 'Referência \"&Excel_BuiltIn_Database&\".xlsm)\",IF(OR($C291<>\"S\",ORÇAMENTO.CodBarra=\"\"),\"(Sem Código)\",IF(ISERROR(MATCH($AE291,INDIRECT(ORÇAMENTO.BancoRef),0)),\"(Código não identificado nas referências)\",MATCH($AE291,INDIRECT(ORÇAMENTO.BancoRef),0))))","v":5321},{"$f":"ROUND(IF(DESONERACAO=\"sim\",REFERENCIA.Desonerado,REFERENCIA.NaoDesonerado),2)","v":11.63},0.25,null,5,null,null,72.7,14.54]
[1,1,1,20,{"$f":"IF($C292=1,OFFSET(E292,-1,0)+MAX(1,COUNTIF(QCI!$A$13:$A$41,OFFSET(ORÇAMENTO!E292,-1,0))),OFFSET(E292,-1,0))","v":14},0,0,0,0,452,{"$f":"IF(OR($C292=\"S\",$C292=0),0,MATCH(OFFSET($D292,0,$C292)+IF($C292<>1,1,COUNTIF(QCI!$A$13:$A$41,ORÇAMENTO!E292)),OFFSET($D292,1,$C292,ROW($C$744)-ROW($C292)),0))","v":20},"F","Meta","Meta","14.","SINAPI",null,"DRENAGEM DE ÁGUAS PLUVIAIS",{"$f":"REFERENCIA.Unidade","v":"-"},{"$f":"OFFSET(CÁLCULO!H$15,ROW($T292)-ROW(T$15),0)","v":0},null,"BDI 1",{"$f":"IF($C292=\"S\",ROUND(IF(TIPOORCAMENTO=\"Proposto\",ORÇAMENTO.CustoUnitario*(1+$AH292),ORÇAMENTO.PrecoUnitarioLicitado),15-13*$AF$10),0)","v":0},{"$f":"IF($C292=\"S\",IF(Import.TipoArredondamento<>\"TransfereGOV\",VTOTAL1,SUM(OFFSET(CÁLCULO!$AA$15,ROW($X292)-ROW($X$15),1):OFFSET(CÁLCULO!$AL$15,ROW($X292)-ROW($X$15),-1))),IF($C292=0,0,ROUND(SomaAgrup,15-13*$AF$11)))","v":47803},"RA","",{"$f":"IF($C292=\"S\",IF($Z292=\"CP\",$X292,IF($Z292=\"RA\",(($X292)*QCI!$AA$3),0)),SomaAgrup)","v":1702.408321625184},0,{"$f":"IF($N292=\"\",\"\",IF(ORÇAMENTO.Descricao=\"\",\"DESCRIÇÃO\",IF(AND($C292=\"S\",ORÇAMENTO.Unidade=\"\"),\"UNIDADE\",IF($X292<0,\"VALOR NEGATIVO\",IF(OR(AND(TIPOORCAMENTO=\"Proposto\",$AG292<>\"\",$AG292>0,ORÇAMENTO.CustoUnitario>$AG292),AND(TIPOORCAMENTO=\"LICITADO\",ORÇAMENTO.PrecoUnitarioLicitado>$AN292)),\"ACIMA REF.\",\"\")))))","v":""},{"$f":"IF(C292<=CRONO.NivelExibicao,MAX($AD$15:OFFSET(AD292,-1,0))+IF($C292<>1,1,MAX(1,COUNTIF(QCI!$A$13:$A$41,OFFSET($E292,-1,0)))),\"\")","v":46},{"$f":"IF(AND($C292=\"S\",ORÇAMENTO.CodBarra<>\"\"),IF(ORÇAMENTO.Fonte=\"\",ORÇAMENTO.CodBarra,CONCATENATE(ORÇAMENTO.Fonte,\" \",ORÇAMENTO.CodBarra)))","v":false},{"$f":"IF(ISERROR(INDIRECT(ORÇAMENTO.BancoRef)),\"(abra o arquivo 'Referência \"&Excel_BuiltIn_Database&\".xlsm)\",IF(OR($C292<>\"S\",ORÇAMENTO.CodBarra=\"\"),\"(Sem Código)\",IF(ISERROR(MATCH($AE292,INDIRECT(ORÇAMENTO.BancoRef),0)),\"(Código não identificado nas referências)\",MATCH($AE292,INDIRECT(ORÇAMENTO.BancoRef),0))))","v":"(Sem Código)"},{"$f":"ROUND(IF(DESONERACAO=\"sim\",REFERENCIA.Desonerado,REFERENCIA.NaoDesonerado),2)","v":0},0.25,null,null,null,null,47803,0]
[2,2,2,16,{"$f":"IF($C293=1,OFFSET(E293,-1,0)+MAX(1,COUNTIF(QCI!$A$13:$A$41,OFFSET(ORÇAMENTO!E293,-1,0))),OFFSET(E293,-1,0))","v":14},1,0,0,0,19,{"$f":"IF(OR($C293=\"S\",$C293=0),0,MATCH(OFFSET($D293,0,$C293)+IF($C293<>1,1,COUNTIF(QCI!$A$13:$A$41,ORÇAMENTO!E293)),OFFSET($D293,1,$C293,ROW($C$744)-ROW($C293)),0))","v":16},"F","Nível 2","Nível 2","14.1.","SINAPI",null,"Tubos e conexões de pvc",{"$f":"REFERENCIA.Unidade","v":"-"},{"$f":"OFFSET(CÁLCULO!H$15,ROW($T293)-ROW(T$15),0)","v":0},null,"BDI 1",{"$f":"IF($C293=\"S\",ROUND(IF(TIPOORCAMENTO=\"Proposto\",ORÇAMENTO.CustoUnitario*(1+$AH293),ORÇAMENTO.PrecoUnitarioLicitado),15-13*$AF$10),0)","v":0},{"$f":"IF($C293=\"S\",IF(Import.TipoArredondamento<>\"TransfereGOV\",VTOTAL1,SUM(OFFSET(CÁLCULO!$AA$15,ROW($X293)-ROW($X$15),1):OFFSET(CÁLCULO!$AL$15,ROW($X293)-ROW($X$15),-1))),IF($C293=0,0,ROUND(SomaAgrup,15-13*$AF$11)))","v":38352.03},"RA","",{"$f":"IF($C293=\"S\",IF($Z293=\"CP\",$X293,IF($Z293=\"RA\",(($X293)*QCI!$AA$3),0)),SomaAgrup)","v":1365.8309106796376},0,{"$f":"IF($N293=\"\",\"\",IF(ORÇAMENTO.Descricao=\"\",\"DESCRIÇÃO\",IF(AND($C293=\"S\",ORÇAMENTO.Unidade=\"\"),\"UNIDADE\",IF($X293<0,\"VALOR NEGATIVO\",IF(OR(AND(TIPOORCAMENTO=\"Proposto\",$AG293<>\"\",$AG293>0,ORÇAMENTO.CustoUnitario>$AG293),AND(TIPOORCAMENTO=\"LICITADO\",ORÇAMENTO.PrecoUnitarioLicitado>$AN293)),\"ACIMA REF.\",\"\")))))","v":""},{"$f":"IF(C293<=CRONO.NivelExibicao,MAX($AD$15:OFFSET(AD293,-1,0))+IF($C293<>1,1,MAX(1,COUNTIF(QCI!$A$13:$A$41,OFFSET($E293,-1,0)))),\"\")","v":47},{"$f":"IF(AND($C293=\"S\",ORÇAMENTO.CodBarra<>\"\"),IF(ORÇAMENTO.Fonte=\"\",ORÇAMENTO.CodBarra,CONCATENATE(ORÇAMENTO.Fonte,\" \",ORÇAMENTO.CodBarra)))","v":false},{"$f":"IF(ISERROR(INDIRECT(ORÇAMENTO.BancoRef)),\"(abra o arquivo 'Referência \"&Excel_BuiltIn_Database&\".xlsm)\",IF(OR($C293<>\"S\",ORÇAMENTO.CodBarra=\"\"),\"(Sem Código)\",IF(ISERROR(MATCH($AE293,INDIRECT(ORÇAMENTO.BancoRef),0)),\"(Código não identificado nas referências)\",MATCH($AE293,INDIRECT(ORÇAMENTO.BancoRef),0))))","v":"(Sem Código)"},{"$f":"ROUND(IF(DESONERACAO=\"sim\",REFERENCIA.Desonerado,REFERENCIA.NaoDesonerado),2)","v":0},0.25,null,null,null,null,38352.03,0]
["S",2,"S",0,{"$f":"IF($C294=1,OFFSET(E294,-1,0)+MAX(1,COUNTIF(QCI!$A$13:$A$41,OFFSET(ORÇAMENTO!E294,-1,0))),OFFSET(E294,-1,0))","v":14},1,0,0,1,0,{"$f":"IF(OR($C294=\"S\",$C294=0),0,MATCH(OFFSET($D294,0,$C294)+IF($C294<>1,1,COUNTIF(QCI!$A$13:$A$41,ORÇAMENTO!E294)),OFFSET($D294,1,$C294,ROW($C$744)-ROW($C294)),0))","v":0},"F","Serviço","Serviço","14.1.1.","SINAPI","89578","TUBO PVC, SÉRIE R, ÁGUA PLUVIAL, DN 100 MM, FORNECIDO E INSTALADO EM CONDUTORES VERTICAIS DE ÁGUAS PLUVIAIS. AF_06/2022",{"$f":"REFERENCIA.Unidade","v":"M"},{"$f":"OFFSET(CÁLCULO!H$15,ROW($T294)-ROW(T$15),0)","v":164.6},33.450000000000003,"BDI 1",{"$f":"IF($C294=\"S\",ROUND(IF(TIPOORCAMENTO=\"Proposto\",ORÇAMENTO.CustoUnitario*(1+$AH294),ORÇAMENTO.PrecoUnitarioLicitado),15-13*$AF$10),0)","v":41.81},{"$f":"IF($C294=\"S\",IF(Import.TipoArredondamento<>\"TransfereGOV\",VTOTAL1,SUM(OFFSET(CÁLCULO!$AA$15,ROW($X294)-ROW($X$15),1):OFFSET(CÁLCULO!$AL$15,ROW($X294)-ROW($X$15),-1))),IF($C294=0,0,ROUND(SomaAgrup,15-13*$AF$11)))","v":6881.93},"RA","RA",{"$f":"IF($C294=\"S\",IF($Z294=\"CP\",$X294,IF($Z294=\"RA\",(($X294)*QCI!$AA$3),0)),SomaAgrup)","v":245.08618498508466},0,{"$f":"IF($N294=\"\",\"\",IF(ORÇAMENTO.Descricao=\"\",\"DESCRIÇÃO\",IF(AND($C294=\"S\",ORÇAMENTO.Unidade=\"\"),\"UNIDADE\",IF($X294<0,\"VALOR NEGATIVO\",IF(OR(AND(TIPOORCAMENTO=\"Proposto\",$AG294<>\"\",$AG294>0,ORÇAMENTO.CustoUnitario>$AG294),AND(TIPOORCAMENTO=\"LICITADO\",ORÇAMENTO.PrecoUnitarioLicitado>$AN294)),\"ACIMA REF.\",\"\")))))","v":""},{"$f":"IF(C294<=CRONO.NivelExibicao,MAX($AD$15:OFFSET(AD294,-1,0))+IF($C294<>1,1,MAX(1,COUNTIF(QCI!$A$13:$A$41,OFFSET($E294,-1,0)))),\"\")","v":""},{"$f":"IF(AND($C294=\"S\",ORÇAMENTO.CodBarra<>\"\"),IF(ORÇAMENTO.Fonte=\"\",ORÇAMENTO.CodBarra,CONCATENATE(ORÇAMENTO.Fonte,\" \",ORÇAMENTO.CodBarra)))","v":"SINAPI 89578"},{"$f":"IF(ISERROR(INDIRECT(ORÇAMENTO.BancoRef)),\"(abra o arquivo 'Referência \"&Excel_BuiltIn_Database&\".xlsm)\",IF(OR($C294<>\"S\",ORÇAMENTO.CodBarra=\"\"),\"(Sem Código)\",IF(ISERROR(MATCH($AE294,INDIRECT(ORÇAMENTO.BancoRef),0)),\"(Código não identificado nas referências)\",MATCH($AE294,INDIRECT(ORÇAMENTO.BancoRef),0))))","v":3663},{"$f":"ROUND(IF(DESONERACAO=\"sim\",REFERENCIA.Desonerado,REFERENCIA.NaoDesonerado),2)","v":33.450000000000003},0.25,null,164.6,null,null,6881.93,41.81]
["S",2,"S",0,{"$f":"IF($C295=1,OFFSET(E295,-1,0)+MAX(1,COUNTIF(QCI!$A$13:$A$41,OFFSET(ORÇAMENTO!E295,-1,0))),OFFSET(E295,-1,0))","v":14},1,0,0,2,0,{"$f":"IF(OR($C295=\"S\",$C295=0),0,MATCH(OFFSET($D295,0,$C295)+IF($C295<>1,1,COUNTIF(QCI!$A$13:$A$41,ORÇAMENTO!E295)),OFFSET($D295,1,$C295,ROW($C$744)-ROW($C295)),0))","v":0},"F","Serviço","Serviço","14.1.2.","SINAPI","89580","TUBO PVC, SÉRIE R, ÁGUA PLUVIAL, DN 150 MM, FORNECIDO E INSTALADO EM CONDUTORES VERTICAIS DE ÁGUAS PLUVIAIS. AF_06/2022",{"$f":"REFERENCIA.Unidade","v":"M"},{"$f":"OFFSET(CÁLCULO!H$15,ROW($T295)-ROW(T$15),0)","v":65.7},69.069999999999993,"BDI 1",{"$f":"IF($C295=\"S\",ROUND(IF(TIPOORCAMENTO=\"Proposto\",ORÇAMENTO.CustoUnitario*(1+$AH295),ORÇAMENTO.PrecoUnitarioLicitado),15-13*$AF$10),0)","v":86.34},{"$f":"IF($C295=\"S\",IF(Import.TipoArredondamento<>\"TransfereGOV\",VTOTAL1,SUM(OFFSET(CÁLCULO!$AA$15,ROW($X295)-ROW($X$15),1):OFFSET(CÁLCULO!$AL$15,ROW($X295)-ROW($X$15),-1))),IF($C295=0,0,ROUND(SomaAgrup,15-13*$AF$11)))","v":5672.54},"RA","RA",{"$f":"IF($C295=\"S\",IF($Z295=\"CP\",$X295,IF($Z295=\"RA\",(($X295)*QCI!$AA$3),0)),SomaAgrup)","v":202.01617682471226},0,{"$f":"IF($N295=\"\",\"\",IF(ORÇAMENTO.Descricao=\"\",\"DESCRIÇÃO\",IF(AND($C295=\"S\",ORÇAMENTO.Unidade=\"\"),\"UNIDADE\",IF($X295<0,\"VALOR NEGATIVO\",IF(OR(AND(TIPOORCAMENTO=\"Proposto\",$AG295<>\"\",$AG295>0,ORÇAMENTO.CustoUnitario>$AG295),AND(TIPOORCAMENTO=\"LICITADO\",ORÇAMENTO.PrecoUnitarioLicitado>$AN295)),\"ACIMA REF.\",\"\")))))","v":""},{"$f":"IF(C295<=CRONO.NivelExibicao,MAX($AD$15:OFFSET(AD295,-1,0))+IF($C295<>1,1,MAX(1,COUNTIF(QCI!$A$13:$A$41,OFFSET($E295,-1,0)))),\"\")","v":""},{"$f":"IF(AND($C295=\"S\",ORÇAMENTO.CodBarra<>\"\"),IF(ORÇAMENTO.Fonte=\"\",ORÇAMENTO.CodBarra,CONCATENATE(ORÇAMENTO.Fonte,\" \",ORÇAMENTO.CodBarra)))","v":"SINAPI 89580"},{"$f":"IF(ISERROR(INDIRECT(ORÇAMENTO.BancoRef)),\"(abra o arquivo 'Referência \"&Excel_BuiltIn_Database&\".xlsm)\",IF(OR($C295<>\"S\",ORÇAMENTO.CodBarra=\"\"),\"(Sem Código)\",IF(ISERROR(MATCH($AE295,INDIRECT(ORÇAMENTO.BancoRef),0)),\"(Código não identificado nas referências)\",MATCH($AE295,INDIRECT(ORÇAMENTO.BancoRef),0))))","v":3664},{"$f":"ROUND(IF(DESONERACAO=\"sim\",REFERENCIA.Desonerado,REFERENCIA.NaoDesonerado),2)","v":69.069999999999993},0.25,null,65.7,null,null,5672.54,86.34]
["S",2,"S",0,{"$f":"IF($C296=1,OFFSET(E296,-1,0)+MAX(1,COUNTIF(QCI!$A$13:$A$41,OFFSET(ORÇAMENTO!E296,-1,0))),OFFSET(E296,-1,0))","v":14},1,0,0,3,0,{"$f":"IF(OR($C296=\"S\",$C296=0),0,MATCH(OFFSET($D296,0,$C296)+IF($C296<>1,1,COUNTIF(QCI!$A$13:$A$41,ORÇAMENTO!E296)),OFFSET($D296,1,$C296,ROW($C$744)-ROW($C296)),0))","v":0},"F","Serviço","Serviço","14.1.3.","SINAPI","90702","TUBO DE PVC CORRUGADO DE DUPLA PAREDE PARA REDE COLETORA DE ESGOTO, DN 200 MM, JUNTA ELÁSTICA - FORNECIMENTO E ASSENTAMENTO. AF_01/2021",{"$f":"REFERENCIA.Unidade","v":"M"},{"$f":"OFFSET(CÁLCULO!H$15,ROW($T296)-ROW(T$15),0)","v":39.700000000000003},114.25,"BDI 1",{"$f":"IF($C296=\"S\",ROUND(IF(TIPOORCAMENTO=\"Proposto\",ORÇAMENTO.CustoUnitario*(1+$AH296),ORÇAMENTO.PrecoUnitarioLicitado),15-13*$AF$10),0)","v":142.81},{"$f":"IF($C296=\"S\",IF(Import.TipoArredondamento<>\"TransfereGOV\",VTOTAL1,SUM(OFFSET(CÁLCULO!$AA$15,ROW($X296)-ROW($X$15),1):OFFSET(CÁLCULO!$AL$15,ROW($X296)-ROW($X$15),-1))),IF($C296=0,0,ROUND(SomaAgrup,15-13*$AF$11)))","v":5669.56},"RA","RA",{"$f":"IF($C296=\"S\",IF($Z296=\"CP\",$X296,IF($Z296=\"RA\",(($X296)*QCI!$AA$3),0)),SomaAgrup)","v":201.9100500795615},0,{"$f":"IF($N296=\"\",\"\",IF(ORÇAMENTO.Descricao=\"\",\"DESCRIÇÃO\",IF(AND($C296=\"S\",ORÇAMENTO.Unidade=\"\"),\"UNIDADE\",IF($X296<0,\"VALOR NEGATIVO\",IF(OR(AND(TIPOORCAMENTO=\"Proposto\",$AG296<>\"\",$AG296>0,ORÇAMENTO.CustoUnitario>$AG296),AND(TIPOORCAMENTO=\"LICITADO\",ORÇAMENTO.PrecoUnitarioLicitado>$AN296)),\"ACIMA REF.\",\"\")))))","v":""},{"$f":"IF(C296<=CRONO.NivelExibicao,MAX($AD$15:OFFSET(AD296,-1,0))+IF($C296<>1,1,MAX(1,COUNTIF(QCI!$A$13:$A$41,OFFSET($E296,-1,0)))),\"\")","v":""},{"$f":"IF(AND($C296=\"S\",ORÇAMENTO.CodBarra<>\"\"),IF(ORÇAMENTO.Fonte=\"\",ORÇAMENTO.CodBarra,CONCATENATE(ORÇAMENTO.Fonte,\" \",ORÇAMENTO.CodBarra)))","v":"SINAPI 90702"},{"$f":"IF(ISERROR(INDIRECT(ORÇAMENTO.BancoRef)),\"(abra o arquivo 'Referência \"&Excel_BuiltIn_Database&\".xlsm)\",IF(OR($C296<>\"S\",ORÇAMENTO.CodBarra=\"\"),\"(Sem Código)\",IF(ISERROR(MATCH($AE296,INDIRECT(ORÇAMENTO.BancoRef),0)),\"(Código não identificado nas referências)\",MATCH($AE296,INDIRECT(ORÇAMENTO.BancoRef),0))))","v":188},{"$f":"ROUND(IF(DESONERACAO=\"sim\",REFERENCIA.Desonerado,REFERENCIA.NaoDesonerado),2)","v":114.25},0.25,null,39.700000000000003,null,null,5669.56,142.81]
["S",2,"S",0,{"$f":"IF($C297=1,OFFSET(E297,-1,0)+MAX(1,COUNTIF(QCI!$A$13:$A$41,OFFSET(ORÇAMENTO!E297,-1,0))),OFFSET(E297,-1,0))","v":14},1,0,0,4,0,{"$f":"IF(OR($C297=\"S\",$C297=0),0,MATCH(OFFSET($D297,0,$C297)+IF($C297<>1,1,COUNTIF(QCI!$A$13:$A$41,ORÇAMENTO!E297)),OFFSET($D297,1,$C297,ROW($C$744)-ROW($C297)),0))","v":0},"F","Serviço","Serviço","14.1.4.","SINAPI","90703","TUBO DE PVC CORRUGADO DE DUPLA PAREDE PARA REDE COLETORA DE ESGOTO, DN 250 MM, JUNTA ELÁSTICA - FORNECIMENTO E ASSENTAMENTO. AF_01/2021",{"$f":"REFERENCIA.Unidade","v":"M"},{"$f":"OFFSET(CÁLCULO!H$15,ROW($T297)-ROW(T$15),0)","v":62.8},179.08,"BDI 1",{"$f":"IF($C297=\"S\",ROUND(IF(TIPOORCAMENTO=\"Proposto\",ORÇAMENTO.CustoUnitario*(1+$AH297),ORÇAMENTO.PrecoUnitarioLicitado),15-13*$AF$10),0)","v":223.85},{"$f":"IF($C297=\"S\",IF(Import.TipoArredondamento<>\"TransfereGOV\",VTOTAL1,SUM(OFFSET(CÁLCULO!$AA$15,ROW($X297)-ROW($X$15),1):OFFSET(CÁLCULO!$AL$15,ROW($X297)-ROW($X$15),-1))),IF($C297=0,0,ROUND(SomaAgrup,15-13*$AF$11)))","v":14057.78},"RA","RA",{"$f":"IF($C297=\"S\",IF($Z297=\"CP\",$X297,IF($Z297=\"RA\",(($X297)*QCI!$AA$3),0)),SomaAgrup)","v":500.63974343819592},0,{"$f":"IF($N297=\"\",\"\",IF(ORÇAMENTO.Descricao=\"\",\"DESCRIÇÃO\",IF(AND($C297=\"S\",ORÇAMENTO.Unidade=\"\"),\"UNIDADE\",IF($X297<0,\"VALOR NEGATIVO\",IF(OR(AND(TIPOORCAMENTO=\"Proposto\",$AG297<>\"\",$AG297>0,ORÇAMENTO.CustoUnitario>$AG297),AND(TIPOORCAMENTO=\"LICITADO\",ORÇAMENTO.PrecoUnitarioLicitado>$AN297)),\"ACIMA REF.\",\"\")))))","v":""},{"$f":"IF(C297<=CRONO.NivelExibicao,MAX($AD$15:OFFSET(AD297,-1,0))+IF($C297<>1,1,MAX(1,COUNTIF(QCI!$A$13:$A$41,OFFSET($E297,-1,0)))),\"\")","v":""},{"$f":"IF(AND($C297=\"S\",ORÇAMENTO.CodBarra<>\"\"),IF(ORÇAMENTO.Fonte=\"\",ORÇAMENTO.CodBarra,CONCATENATE(ORÇAMENTO.Fonte,\" \",ORÇAMENTO.CodBarra)))","v":"SINAPI 90703"},{"$f":"IF(ISERROR(INDIRECT(ORÇAMENTO.BancoRef)),\"(abra o arquivo 'Referência \"&Excel_BuiltIn_Database&\".xlsm)\",IF(OR($C297<>\"S\",ORÇAMENTO.CodBarra=\"\"),\"(Sem Código)\",IF(ISERROR(MATCH($AE297,INDIRECT(ORÇAMENTO.BancoRef),0)),\"(Código não identificado nas referências)\",MATCH($AE297,INDIRECT(ORÇAMENTO.BancoRef),0))))","v":189},{"$f":"ROUND(IF(DESONERACAO=\"sim\",REFERENCIA.Desonerado,REFERENCIA.NaoDesonerado),2)","v":179.08},0.25,null,62.8,null,null,14057.78,223.85]
["S",2,"S",0,{"$f":"IF($C298=1,OFFSET(E298,-1,0)+MAX(1,COUNTIF(QCI!$A$13:$A$41,OFFSET(ORÇAMENTO!E298,-1,0))),OFFSET(E298,-1,0))","v":14},1,0,0,5,0,{"$f":"IF(OR($C298=\"S\",$C298=0),0,MATCH(OFFSET($D298,0,$C298)+IF($C298<>1,1,COUNTIF(QCI!$A$13:$A$41,ORÇAMENTO!E298)),OFFSET($D298,1,$C298,ROW($C$744)-ROW($C298)),0))","v":0},"F","Serviço","Serviço","14.1.5.","SINAPI","89509","TUBO PVC, SÉRIE R, ÁGUA PLUVIAL, DN 50 MM, FORNECIDO E INSTALADO EM RAMAL DE ENCAMINHAMENTO. AF_06/2022",{"$f":"REFERENCIA.Unidade","v":"M"},{"$f":"OFFSET(CÁLCULO!H$15,ROW($T298)-ROW(T$15),0)","v":32.4},23.44,"BDI 1",{"$f":"IF($C298=\"S\",ROUND(IF(TIPOORCAMENTO=\"Proposto\",ORÇAMENTO.CustoUnitario*(1+$AH298),ORÇAMENTO.PrecoUnitarioLicitado),15-13*$AF$10),0)","v":29.3},{"$f":"IF($C298=\"S\",IF(Import.TipoArredondamento<>\"TransfereGOV\",VTOTAL1,SUM(OFFSET(CÁLCULO!$AA$15,ROW($X298)-ROW($X$15),1):OFFSET(CÁLCULO!$AL$15,ROW($X298)-ROW($X$15),-1))),IF($C298=0,0,ROUND(SomaAgrup,15-13*$AF$11)))","v":949.32},"RA","RA",{"$f":"IF($C298=\"S\",IF($Z298=\"CP\",$X298,IF($Z298=\"RA\",(($X298)*QCI!$AA$3),0)),SomaAgrup)","v":33.808134800853914},0,{"$f":"IF($N298=\"\",\"\",IF(ORÇAMENTO.Descricao=\"\",\"DESCRIÇÃO\",IF(AND($C298=\"S\",ORÇAMENTO.Unidade=\"\"),\"UNIDADE\",IF($X298<0,\"VALOR NEGATIVO\",IF(OR(AND(TIPOORCAMENTO=\"Proposto\",$AG298<>\"\",$AG298>0,ORÇAMENTO.CustoUnitario>$AG298),AND(TIPOORCAMENTO=\"LICITADO\",ORÇAMENTO.PrecoUnitarioLicitado>$AN298)),\"ACIMA REF.\",\"\")))))","v":""},{"$f":"IF(C298<=CRONO.NivelExibicao,MAX($AD$15:OFFSET(AD298,-1,0))+IF($C298<>1,1,MAX(1,COUNTIF(QCI!$A$13:$A$41,OFFSET($E298,-1,0)))),\"\")","v":""},{"$f":"IF(AND($C298=\"S\",ORÇAMENTO.CodBarra<>\"\"),IF(ORÇAMENTO.Fonte=\"\",ORÇAMENTO.CodBarra,CONCATENATE(ORÇAMENTO.Fonte,\" \",ORÇAMENTO.CodBarra)))","v":"SINAPI 89509"},{"$f":"IF(ISERROR(INDIRECT(ORÇAMENTO.BancoRef)),\"(abra o arquivo 'Referência \"&Excel_BuiltIn_Database&\".xlsm)\",IF(OR($C298<>\"S\",ORÇAMENTO.CodBarra=\"\"),\"(Sem Código)\",IF(ISERROR(MATCH($AE298,INDIRECT(ORÇAMENTO.BancoRef),0)),\"(Código não identificado nas referências)\",MATCH($AE298,INDIRECT(ORÇAMENTO.BancoRef),0))))","v":3659},{"$f":"ROUND(IF(DESONERACAO=\"sim\",REFERENCIA.Desonerado,REFERENCIA.NaoDesonerado),2)","v":23.44},0.25,null,32.4,null,null,949.32,29.3]
["S",2,"S",0,{"$f":"IF($C299=1,OFFSET(E299,-1,0)+MAX(1,COUNTIF(QCI!$A$13:$A$41,OFFSET(ORÇAMENTO!E299,-1,0))),OFFSET(E299,-1,0))","v":14},1,0,0,6,0,{"$f":"IF(OR($C299=\"S\",$C299=0),0,MATCH(OFFSET($D299,0,$C299)+IF($C299<>1,1,COUNTIF(QCI!$A$13:$A$41,ORÇAMENTO!E299)),OFFSET($D299,1,$C299,ROW($C$744)-ROW($C299)),0))","v":0},"F","Serviço","Serviço","14.1.6.","SINAPI","89571","TÊ, PVC, SERIE R, ÁGUA PLUVIAL, DN 100 X 100 MM, JUNTA ELÁSTICA, FORNECIDO E INSTALADO EM RAMAL DE ENCAMINHAMENTO. AF_06/2022",{"$f":"REFERENCIA.Unidade","v":"UN"},{"$f":"OFFSET(CÁLCULO!H$15,ROW($T299)-ROW(T$15),0)","v":6},68.709999999999994,"BDI 1",{"$f":"IF($C299=\"S\",ROUND(IF(TIPOORCAMENTO=\"Proposto\",ORÇAMENTO.CustoUnitario*(1+$AH299),ORÇAMENTO.PrecoUnitarioLicitado),15-13*$AF$10),0)","v":85.89},{"$f":"IF($C299=\"S\",IF(Import.TipoArredondamento<>\"TransfereGOV\",VTOTAL1,SUM(OFFSET(CÁLCULO!$AA$15,ROW($X299)-ROW($X$15),1):OFFSET(CÁLCULO!$AL$15,ROW($X299)-ROW($X$15),-1))),IF($C299=0,0,ROUND(SomaAgrup,15-13*$AF$11)))","v":515.34},"RA","RA",{"$f":"IF($C299=\"S\",IF($Z299=\"CP\",$X299,IF($Z299=\"RA\",(($X299)*QCI!$AA$3),0)),SomaAgrup)","v":18.352804310740378},0,{"$f":"IF($N299=\"\",\"\",IF(ORÇAMENTO.Descricao=\"\",\"DESCRIÇÃO\",IF(AND($C299=\"S\",ORÇAMENTO.Unidade=\"\"),\"UNIDADE\",IF($X299<0,\"VALOR NEGATIVO\",IF(OR(AND(TIPOORCAMENTO=\"Proposto\",$AG299<>\"\",$AG299>0,ORÇAMENTO.CustoUnitario>$AG299),AND(TIPOORCAMENTO=\"LICITADO\",ORÇAMENTO.PrecoUnitarioLicitado>$AN299)),\"ACIMA REF.\",\"\")))))","v":""},{"$f":"IF(C299<=CRONO.NivelExibicao,MAX($AD$15:OFFSET(AD299,-1,0))+IF($C299<>1,1,MAX(1,COUNTIF(QCI!$A$13:$A$41,OFFSET($E299,-1,0)))),\"\")","v":""},{"$f":"IF(AND($C299=\"S\",ORÇAMENTO.CodBarra<>\"\"),IF(ORÇAMENTO.Fonte=\"\",ORÇAMENTO.CodBarra,CONCATENATE(ORÇAMENTO.Fonte,\" \",ORÇAMENTO.CodBarra)))","v":"SINAPI 89571"},{"$f":"IF(ISERROR(INDIRECT(ORÇAMENTO.BancoRef)),\"(abra o arquivo 'Referência \"&Excel_BuiltIn_Database&\".xlsm)\",IF(OR($C299<>\"S\",ORÇAMENTO.CodBarra=\"\"),\"(Sem Código)\",IF(ISERROR(MATCH($AE299,INDIRECT(ORÇAMENTO.BancoRef),0)),\"(Código não identificado nas referências)\",MATCH($AE299,INDIRECT(ORÇAMENTO.BancoRef),0))))","v":4045},{"$f":"ROUND(IF(DESONERACAO=\"sim\",REFERENCIA.Desonerado,REFERENCIA.NaoDesonerado),2)","v":68.709999999999994},0.25,null,6,null,null,515.34,85.89]
["S",2,"S",0,{"$f":"IF($C300=1,OFFSET(E300,-1,0)+MAX(1,COUNTIF(QCI!$A$13:$A$41,OFFSET(ORÇAMENTO!E300,-1,0))),OFFSET(E300,-1,0))","v":14},1,0,0,7,0,{"$f":"IF(OR($C300=\"S\",$C300=0),0,MATCH(OFFSET($D300,0,$C300)+IF($C300<>1,1,COUNTIF(QCI!$A$13:$A$41,ORÇAMENTO!E300)),OFFSET($D300,1,$C300,ROW($C$744)-ROW($C300)),0))","v":0},"F","Serviço","Serviço","14.1.7.","SINAPI","89585","JOELHO 45 GRAUS, PVC, SERIE R, ÁGUA PLUVIAL, DN 100 MM, JUNTA ELÁSTICA, FORNECIDO E INSTALADO EM CONDUTORES VERTICAIS DE ÁGUAS PLUVIAIS. AF_06/2022",{"$f":"REFERENCIA.Unidade","v":"UN"},{"$f":"OFFSET(CÁLCULO!H$15,ROW($T300)-ROW(T$15),0)","v":16},45.35,"BDI 1",{"$f":"IF($C300=\"S\",ROUND(IF(TIPOORCAMENTO=\"Proposto\",ORÇAMENTO.CustoUnitario*(1+$AH300),ORÇAMENTO.PrecoUnitarioLicitado),15-13*$AF$10),0)","v":56.69},{"$f":"IF($C300=\"S\",IF(Import.TipoArredondamento<>\"TransfereGOV\",VTOTAL1,SUM(OFFSET(CÁLCULO!$AA$15,ROW($X300)-ROW($X$15),1):OFFSET(CÁLCULO!$AL$15,ROW($X300)-ROW($X$15),-1))),IF($C300=0,0,ROUND(SomaAgrup,15-13*$AF$11)))","v":907.04},"RA","RA",{"$f":"IF($C300=\"S\",IF($Z300=\"CP\",$X300,IF($Z300=\"RA\",(($X300)*QCI!$AA$3),0)),SomaAgrup)","v":32.30241708777497},0,{"$f":"IF($N300=\"\",\"\",IF(ORÇAMENTO.Descricao=\"\",\"DESCRIÇÃO\",IF(AND($C300=\"S\",ORÇAMENTO.Unidade=\"\"),\"UNIDADE\",IF($X300<0,\"VALOR NEGATIVO\",IF(OR(AND(TIPOORCAMENTO=\"Proposto\",$AG300<>\"\",$AG300>0,ORÇAMENTO.CustoUnitario>$AG300),AND(TIPOORCAMENTO=\"LICITADO\",ORÇAMENTO.PrecoUnitarioLicitado>$AN300)),\"ACIMA REF.\",\"\")))))","v":""},{"$f":"IF(C300<=CRONO.NivelExibicao,MAX($AD$15:OFFSET(AD300,-1,0))+IF($C300<>1,1,MAX(1,COUNTIF(QCI!$A$13:$A$41,OFFSET($E300,-1,0)))),\"\")","v":""},{"$f":"IF(AND($C300=\"S\",ORÇAMENTO.CodBarra<>\"\"),IF(ORÇAMENTO.Fonte=\"\",ORÇAMENTO.CodBarra,CONCATENATE(ORÇAMENTO.Fonte,\" \",ORÇAMENTO.CodBarra)))","v":"SINAPI 89585"},{"$f":"IF(ISERROR(INDIRECT(ORÇAMENTO.BancoRef)),\"(abra o arquivo 'Referência \"&Excel_BuiltIn_Database&\".xlsm)\",IF(OR($C300<>\"S\",ORÇAMENTO.CodBarra=\"\"),\"(Sem Código)\",IF(ISERROR(MATCH($AE300,INDIRECT(ORÇAMENTO.BancoRef),0)),\"(Código não identificado nas referências)\",MATCH($AE300,INDIRECT(ORÇAMENTO.BancoRef),0))))","v":4056},{"$f":"ROUND(IF(DESONERACAO=\"sim\",REFERENCIA.Desonerado,REFERENCIA.NaoDesonerado),2)","v":45.35},0.25,null,16,null,null,907.04,56.69]
["S",2,"S",0,{"$f":"IF($C301=1,OFFSET(E301,-1,0)+MAX(1,COUNTIF(QCI!$A$13:$A$41,OFFSET(ORÇAMENTO!E301,-1,0))),OFFSET(E301,-1,0))","v":14},1,0,0,8,0,{"$f":"IF(OR($C301=\"S\",$C301=0),0,MATCH(OFFSET($D301,0,$C301)+IF($C301<>1,1,COUNTIF(QCI!$A$13:$A$41,ORÇAMENTO!E301)),OFFSET($D301,1,$C301,ROW($C$744)-ROW($C301)),0))","v":0},"F","Serviço","Serviço","14.1.8.","SINAPI","89520","JOELHO 45 GRAUS, PVC, SERIE R, ÁGUA PLUVIAL, DN 50 MM, JUNTA ELÁSTICA, FORNECIDO E INSTALADO EM RAMAL DE ENCAMINHAMENTO. AF_06/2022",{"$f":"REFERENCIA.Unidade","v":"UN"},{"$f":"OFFSET(CÁLCULO!H$15,ROW($T301)-ROW(T$15),0)","v":2},15.83,"BDI 1",{"$f":"IF($C301=\"S\",ROUND(IF(TIPOORCAMENTO=\"Proposto\",ORÇAMENTO.CustoUnitario*(1+$AH301),ORÇAMENTO.PrecoUnitarioLicitado),15-13*$AF$10),0)","v":19.79},{"$f":"IF($C301=\"S\",IF(Import.TipoArredondamento<>\"TransfereGOV\",VTOTAL1,SUM(OFFSET(CÁLCULO!$AA$15,ROW($X301)-ROW($X$15),1):OFFSET(CÁLCULO!$AL$15,ROW($X301)-ROW($X$15),-1))),IF($C301=0,0,ROUND(SomaAgrup,15-13*$AF$11)))","v":39.58},"RA","RA",{"$f":"IF($C301=\"S\",IF($Z301=\"CP\",$X301,IF($Z301=\"RA\",(($X301)*QCI!$AA$3),0)),SomaAgrup)","v":1.4095626084121242},0,{"$f":"IF($N301=\"\",\"\",IF(ORÇAMENTO.Descricao=\"\",\"DESCRIÇÃO\",IF(AND($C301=\"S\",ORÇAMENTO.Unidade=\"\"),\"UNIDADE\",IF($X301<0,\"VALOR NEGATIVO\",IF(OR(AND(TIPOORCAMENTO=\"Proposto\",$AG301<>\"\",$AG301>0,ORÇAMENTO.CustoUnitario>$AG301),AND(TIPOORCAMENTO=\"LICITADO\",ORÇAMENTO.PrecoUnitarioLicitado>$AN301)),\"ACIMA REF.\",\"\")))))","v":""},{"$f":"IF(C301<=CRONO.NivelExibicao,MAX($AD$15:OFFSET(AD301,-1,0))+IF($C301<>1,1,MAX(1,COUNTIF(QCI!$A$13:$A$41,OFFSET($E301,-1,0)))),\"\")","v":""},{"$f":"IF(AND($C301=\"S\",ORÇAMENTO.CodBarra<>\"\"),IF(ORÇAMENTO.Fonte=\"\",ORÇAMENTO.CodBarra,CONCATENATE(ORÇAMENTO.Fonte,\" \",ORÇAMENTO.CodBarra)))","v":"SINAPI 89520"},{"$f":"IF(ISERROR(INDIRECT(ORÇAMENTO.BancoRef)),\"(abra o arquivo 'Referência \"&Excel_BuiltIn_Database&\".xlsm)\",IF(OR($C301<>\"S\",ORÇAMENTO.CodBarra=\"\"),\"(Sem Código)\",IF(ISERROR(MATCH($AE301,INDIRECT(ORÇAMENTO.BancoRef),0)),\"(Código não identificado nas referências)\",MATCH($AE301,INDIRECT(ORÇAMENTO.BancoRef),0))))","v":4000},{"$f":"ROUND(IF(DESONERACAO=\"sim\",REFERENCIA.Desonerado,REFERENCIA.NaoDesonerado),2)","v":15.83},0.25,null,2,null,null,39.58,19.79]
["S",2,"S",0,{"$f":"IF($C302=1,OFFSET(E302,-1,0)+MAX(1,COUNTIF(QCI!$A$13:$A$41,OFFSET(ORÇAMENTO!E302,-1,0))),OFFSET(E302,-1,0))","v":14},1,0,0,9,0,{"$f":"IF(OR($C302=\"S\",$C302=0),0,MATCH(OFFSET($D302,0,$C302)+IF($C302<>1,1,COUNTIF(QCI!$A$13:$A$41,ORÇAMENTO!E302)),OFFSET($D302,1,$C302,ROW($C$744)-ROW($C302)),0))","v":0},"F","Serviço","Serviço","14.1.9.","SINAPI","89584","JOELHO 90 GRAUS, PVC, SERIE R, ÁGUA PLUVIAL, DN 100 MM, JUNTA ELÁSTICA, FORNECIDO E INSTALADO EM CONDUTORES VERTICAIS DE ÁGUAS PLUVIAIS. AF_06/2022",{"$f":"REFERENCIA.Unidade","v":"UN"},{"$f":"OFFSET(CÁLCULO!H$15,ROW($T302)-ROW(T$15),0)","v":45},44.32,"BDI 1",{"$f":"IF($C302=\"S\",ROUND(IF(TIPOORCAMENTO=\"Proposto\",ORÇAMENTO.CustoUnitario*(1+$AH302),ORÇAMENTO.PrecoUnitarioLicitado),15-13*$AF$10),0)","v":55.4},{"$f":"IF($C302=\"S\",IF(Import.TipoArredondamento<>\"TransfereGOV\",VTOTAL1,SUM(OFFSET(CÁLCULO!$AA$15,ROW($X302)-ROW($X$15),1):OFFSET(CÁLCULO!$AL$15,ROW($X302)-ROW($X$15),-1))),IF($C302=0,0,ROUND(SomaAgrup,15-13*$AF$11)))","v":2493},"RA","RA",{"$f":"IF($C302=\"S\",IF($Z302=\"CP\",$X302,IF($Z302=\"RA\",(($X302)*QCI!$AA$3),0)),SomaAgrup)","v":88.783213309030472},0,{"$f":"IF($N302=\"\",\"\",IF(ORÇAMENTO.Descricao=\"\",\"DESCRIÇÃO\",IF(AND($C302=\"S\",ORÇAMENTO.Unidade=\"\"),\"UNIDADE\",IF($X302<0,\"VALOR NEGATIVO\",IF(OR(AND(TIPOORCAMENTO=\"Proposto\",$AG302<>\"\",$AG302>0,ORÇAMENTO.CustoUnitario>$AG302),AND(TIPOORCAMENTO=\"LICITADO\",ORÇAMENTO.PrecoUnitarioLicitado>$AN302)),\"ACIMA REF.\",\"\")))))","v":""},{"$f":"IF(C302<=CRONO.NivelExibicao,MAX($AD$15:OFFSET(AD302,-1,0))+IF($C302<>1,1,MAX(1,COUNTIF(QCI!$A$13:$A$41,OFFSET($E302,-1,0)))),\"\")","v":""},{"$f":"IF(AND($C302=\"S\",ORÇAMENTO.CodBarra<>\"\"),IF(ORÇAMENTO.Fonte=\"\",ORÇAMENTO.CodBarra,CONCATENATE(ORÇAMENTO.Fonte,\" \",ORÇAMENTO.CodBarra)))","v":"SINAPI 89584"},{"$f":"IF(ISERROR(INDIRECT(ORÇAMENTO.BancoRef)),\"(abra o arquivo 'Referência \"&Excel_BuiltIn_Database&\".xlsm)\",IF(OR($C302<>\"S\",ORÇAMENTO.CodBarra=\"\"),\"(Sem Código)\",IF(ISERROR(MATCH($AE302,INDIRECT(ORÇAMENTO.BancoRef),0)),\"(Código não identificado nas referências)\",MATCH($AE302,INDIRECT(ORÇAMENTO.BancoRef),0))))","v":4055},{"$f":"ROUND(IF(DESONERACAO=\"sim\",REFERENCIA.Desonerado,REFERENCIA.NaoDesonerado),2)","v":44.32},0.25,null,45,null,null,2493,55.4]
["S",2,"S",0,{"$f":"IF($C303=1,OFFSET(E303,-1,0)+MAX(1,COUNTIF(QCI!$A$13:$A$41,OFFSET(ORÇAMENTO!E303,-1,0))),OFFSET(E303,-1,0))","v":14},1,0,0,10,0,{"$f":"IF(OR($C303=\"S\",$C303=0),0,MATCH(OFFSET($D303,0,$C303)+IF($C303<>1,1,COUNTIF(QCI!$A$13:$A$41,ORÇAMENTO!E303)),OFFSET($D303,1,$C303,ROW($C$744)-ROW($C303)),0))","v":0},"F","Serviço","Serviço","14.1.10.","SINAPI","104345","JUNÇÃO DE REDUÇÃO INVERTIDA, PVC, SÉRIE NORMAL, ESGOTO PREDIAL, DN 100 X 50 MM, JUNTA ELÁSTICA, FORNECIDO E INSTALADO EM RAMAL DE DESCARGA OU RAMAL DE ESGOTO SANITÁRIO. AF_08/2022",{"$f":"REFERENCIA.Unidade","v":"UN"},{"$f":"OFFSET(CÁLCULO!H$15,ROW($T303)-ROW(T$15),0)","v":1},43.2,"BDI 1",{"$f":"IF($C303=\"S\",ROUND(IF(TIPOORCAMENTO=\"Proposto\",ORÇAMENTO.CustoUnitario*(1+$AH303),ORÇAMENTO.PrecoUnitarioLicitado),15-13*$AF$10),0)","v":54},{"$f":"IF($C303=\"S\",IF(Import.TipoArredondamento<>\"TransfereGOV\",VTOTAL1,SUM(OFFSET(CÁLCULO!$AA$15,ROW($X303)-ROW($X$15),1):OFFSET(CÁLCULO!$AL$15,ROW($X303)-ROW($X$15),-1))),IF($C303=0,0,ROUND(SomaAgrup,15-13*$AF$11)))","v":54},"RA","RA",{"$f":"IF($C303=\"S\",IF($Z303=\"CP\",$X303,IF($Z303=\"RA\",(($X303)*QCI!$AA$3),0)),SomaAgrup)","v":1.9231020933364},0,{"$f":"IF($N303=\"\",\"\",IF(ORÇAMENTO.Descricao=\"\",\"DESCRIÇÃO\",IF(AND($C303=\"S\",ORÇAMENTO.Unidade=\"\"),\"UNIDADE\",IF($X303<0,\"VALOR NEGATIVO\",IF(OR(AND(TIPOORCAMENTO=\"Proposto\",$AG303<>\"\",$AG303>0,ORÇAMENTO.CustoUnitario>$AG303),AND(TIPOORCAMENTO=\"LICITADO\",ORÇAMENTO.PrecoUnitarioLicitado>$AN303)),\"ACIMA REF.\",\"\")))))","v":""},{"$f":"IF(C303<=CRONO.NivelExibicao,MAX($AD$15:OFFSET(AD303,-1,0))+IF($C303<>1,1,MAX(1,COUNTIF(QCI!$A$13:$A$41,OFFSET($E303,-1,0)))),\"\")","v":""},{"$f":"IF(AND($C303=\"S\",ORÇAMENTO.CodBarra<>\"\"),IF(ORÇAMENTO.Fonte=\"\",ORÇAMENTO.CodBarra,CONCATENATE(ORÇAMENTO.Fonte,\" \",ORÇAMENTO.CodBarra)))","v":"SINAPI 104345"},{"$f":"IF(ISERROR(INDIRECT(ORÇAMENTO.BancoRef)),\"(abra o arquivo 'Referência \"&Excel_BuiltIn_Database&\".xlsm)\",IF(OR($C303<>\"S\",ORÇAMENTO.CodBarra=\"\"),\"(Sem Código)\",IF(ISERROR(MATCH($AE303,INDIRECT(ORÇAMENTO.BancoRef),0)),\"(Código não identificado nas referências)\",MATCH($AE303,INDIRECT(ORÇAMENTO.BancoRef),0))))","v":5134},{"$f":"ROUND(IF(DESONERACAO=\"sim\",REFERENCIA.Desonerado,REFERENCIA.NaoDesonerado),2)","v":43.2},0.25,null,1,null,null,54,54]
["S",2,"S",0,{"$f":"IF($C304=1,OFFSET(E304,-1,0)+MAX(1,COUNTIF(QCI!$A$13:$A$41,OFFSET(ORÇAMENTO!E304,-1,0))),OFFSET(E304,-1,0))","v":14},1,0,0,11,0,{"$f":"IF(OR($C304=\"S\",$C304=0),0,MATCH(OFFSET($D304,0,$C304)+IF($C304<>1,1,COUNTIF(QCI!$A$13:$A$41,ORÇAMENTO!E304)),OFFSET($D304,1,$C304,ROW($C$744)-ROW($C304)),0))","v":0},"F","Serviço","Serviço","14.1.11.","SINAPI","FNDE 416","JUNÇÃO SIMPLES, PVC, SERIE R, ÁGUA PLUVIAL, DN 100 X 50 MM, JUNTA ELÁSTICA, FORNECIDO E INSTALADO EM CONDUTORES VERTICAIS DE ÁGUAS PLUVIAIS","UN",{"$f":"OFFSET(CÁLCULO!H$15,ROW($T304)-ROW(T$15),0)","v":3},100.96,"BDI 1",{"$f":"IF($C304=\"S\",ROUND(IF(TIPOORCAMENTO=\"Proposto\",ORÇAMENTO.CustoUnitario*(1+$AH304),ORÇAMENTO.PrecoUnitarioLicitado),15-13*$AF$10),0)","v":126.2},{"$f":"IF($C304=\"S\",IF(Import.TipoArredondamento<>\"TransfereGOV\",VTOTAL1,SUM(OFFSET(CÁLCULO!$AA$15,ROW($X304)-ROW($X$15),1):OFFSET(CÁLCULO!$AL$15,ROW($X304)-ROW($X$15),-1))),IF($C304=0,0,ROUND(SomaAgrup,15-13*$AF$11)))","v":378.6},"RA","RA",{"$f":"IF($C304=\"S\",IF($Z304=\"CP\",$X304,IF($Z304=\"RA\",(($X304)*QCI!$AA$3),0)),SomaAgrup)","v":13.483082454391873},0,{"$f":"IF($N304=\"\",\"\",IF(ORÇAMENTO.Descricao=\"\",\"DESCRIÇÃO\",IF(AND($C304=\"S\",ORÇAMENTO.Unidade=\"\"),\"UNIDADE\",IF($X304<0,\"VALOR NEGATIVO\",IF(OR(AND(TIPOORCAMENTO=\"Proposto\",$AG304<>\"\",$AG304>0,ORÇAMENTO.CustoUnitario>$AG304),AND(TIPOORCAMENTO=\"LICITADO\",ORÇAMENTO.PrecoUnitarioLicitado>$AN304)),\"ACIMA REF.\",\"\")))))","v":""},{"$f":"IF(C304<=CRONO.NivelExibicao,MAX($AD$15:OFFSET(AD304,-1,0))+IF($C304<>1,1,MAX(1,COUNTIF(QCI!$A$13:$A$41,OFFSET($E304,-1,0)))),\"\")","v":""},{"$f":"IF(AND($C304=\"S\",ORÇAMENTO.CodBarra<>\"\"),IF(ORÇAMENTO.Fonte=\"\",ORÇAMENTO.CodBarra,CONCATENATE(ORÇAMENTO.Fonte,\" \",ORÇAMENTO.CodBarra)))","v":"SINAPI FNDE 416"},{"$f":"IF(ISERROR(INDIRECT(ORÇAMENTO.BancoRef)),\"(abra o arquivo 'Referência \"&Excel_BuiltIn_Database&\".xlsm)\",IF(OR($C304<>\"S\",ORÇAMENTO.CodBarra=\"\"),\"(Sem Código)\",IF(ISERROR(MATCH($AE304,INDIRECT(ORÇAMENTO.BancoRef),0)),\"(Código não identificado nas referências)\",MATCH($AE304,INDIRECT(ORÇAMENTO.BancoRef),0))))","v":"(Código não identificado nas referências)"},{"$f":"ROUND(IF(DESONERACAO=\"sim\",REFERENCIA.Desonerado,REFERENCIA.NaoDesonerado),2)","v":0},0.25,null,3,null,null,378.6,126.2]
["S",2,"S",0,{"$f":"IF($C305=1,OFFSET(E305,-1,0)+MAX(1,COUNTIF(QCI!$A$13:$A$41,OFFSET(ORÇAMENTO!E305,-1,0))),OFFSET(E305,-1,0))","v":14},1,0,0,12,0,{"$f":"IF(OR($C305=\"S\",$C305=0),0,MATCH(OFFSET($D305,0,$C305)+IF($C305<>1,1,COUNTIF(QCI!$A$13:$A$41,ORÇAMENTO!E305)),OFFSET($D305,1,$C305,ROW($C$744)-ROW($C305)),0))","v":0},"F","Serviço","Serviço","14.1.12.","SINAPI","FNDE 421","JUNÇÃO SIMPLES, PVC, SERIE R, ÁGUA PLUVIAL, DN 150 X 75 MM, JUNTA ELÁSTICA, FORNECIDO E INSTALADO EM CONDUTORES VERTICAIS DE ÁGUAS PLUVIAIS","UN",{"$f":"OFFSET(CÁLCULO!H$15,ROW($T305)-ROW(T$15),0)","v":2},100.96,"BDI 1",{"$f":"IF($C305=\"S\",ROUND(IF(TIPOORCAMENTO=\"Proposto\",ORÇAMENTO.CustoUnitario*(1+$AH305),ORÇAMENTO.PrecoUnitarioLicitado),15-13*$AF$10),0)","v":126.2},{"$f":"IF($C305=\"S\",IF(Import.TipoArredondamento<>\"TransfereGOV\",VTOTAL1,SUM(OFFSET(CÁLCULO!$AA$15,ROW($X305)-ROW($X$15),1):OFFSET(CÁLCULO!$AL$15,ROW($X305)-ROW($X$15),-1))),IF($C305=0,0,ROUND(SomaAgrup,15-13*$AF$11)))","v":252.4},"RA","RA",{"$f":"IF($C305=\"S\",IF($Z305=\"CP\",$X305,IF($Z305=\"RA\",(($X305)*QCI!$AA$3),0)),SomaAgrup)","v":8.9887216362612481},0,{"$f":"IF($N305=\"\",\"\",IF(ORÇAMENTO.Descricao=\"\",\"DESCRIÇÃO\",IF(AND($C305=\"S\",ORÇAMENTO.Unidade=\"\"),\"UNIDADE\",IF($X305<0,\"VALOR NEGATIVO\",IF(OR(AND(TIPOORCAMENTO=\"Proposto\",$AG305<>\"\",$AG305>0,ORÇAMENTO.CustoUnitario>$AG305),AND(TIPOORCAMENTO=\"LICITADO\",ORÇAMENTO.PrecoUnitarioLicitado>$AN305)),\"ACIMA REF.\",\"\")))))","v":""},{"$f":"IF(C305<=CRONO.NivelExibicao,MAX($AD$15:OFFSET(AD305,-1,0))+IF($C305<>1,1,MAX(1,COUNTIF(QCI!$A$13:$A$41,OFFSET($E305,-1,0)))),\"\")","v":""},{"$f":"IF(AND($C305=\"S\",ORÇAMENTO.CodBarra<>\"\"),IF(ORÇAMENTO.Fonte=\"\",ORÇAMENTO.CodBarra,CONCATENATE(ORÇAMENTO.Fonte,\" \",ORÇAMENTO.CodBarra)))","v":"SINAPI FNDE 421"},{"$f":"IF(ISERROR(INDIRECT(ORÇAMENTO.BancoRef)),\"(abra o arquivo 'Referência \"&Excel_BuiltIn_Database&\".xlsm)\",IF(OR($C305<>\"S\",ORÇAMENTO.CodBarra=\"\"),\"(Sem Código)\",IF(ISERROR(MATCH($AE305,INDIRECT(ORÇAMENTO.BancoRef),0)),\"(Código não identificado nas referências)\",MATCH($AE305,INDIRECT(ORÇAMENTO.BancoRef),0))))","v":"(Código não identificado nas referências)"},{"$f":"ROUND(IF(DESONERACAO=\"sim\",REFERENCIA.Desonerado,REFERENCIA.NaoDesonerado),2)","v":0},0.25,null,2,null,null,252.4,126.2]
["S",2,"S",0,{"$f":"IF($C306=1,OFFSET(E306,-1,0)+MAX(1,COUNTIF(QCI!$A$13:$A$41,OFFSET(ORÇAMENTO!E306,-1,0))),OFFSET(E306,-1,0))","v":14},1,0,0,13,0,{"$f":"IF(OR($C306=\"S\",$C306=0),0,MATCH(OFFSET($D306,0,$C306)+IF($C306<>1,1,COUNTIF(QCI!$A$13:$A$41,ORÇAMENTO!E306)),OFFSET($D306,1,$C306,ROW($C$744)-ROW($C306)),0))","v":0},"F","Serviço","Serviço","14.1.13.","SINAPI","89549","REDUÇÃO EXCÊNTRICA, PVC, SERIE R, ÁGUA PLUVIAL, DN 75 X 50 MM, JUNTA ELÁSTICA, FORNECIDO E INSTALADO EM RAMAL DE ENCAMINHAMENTO. AF_06/2022",{"$f":"REFERENCIA.Unidade","v":"UN"},{"$f":"OFFSET(CÁLCULO!H$15,ROW($T306)-ROW(T$15),0)","v":2},18.82,"BDI 1",{"$f":"IF($C306=\"S\",ROUND(IF(TIPOORCAMENTO=\"Proposto\",ORÇAMENTO.CustoUnitario*(1+$AH306),ORÇAMENTO.PrecoUnitarioLicitado),15-13*$AF$10),0)","v":23.53},{"$f":"IF($C306=\"S\",IF(Import.TipoArredondamento<>\"TransfereGOV\",VTOTAL1,SUM(OFFSET(CÁLCULO!$AA$15,ROW($X306)-ROW($X$15),1):OFFSET(CÁLCULO!$AL$15,ROW($X306)-ROW($X$15),-1))),IF($C306=0,0,ROUND(SomaAgrup,15-13*$AF$11)))","v":47.06},"RA","RA",{"$f":"IF($C306=\"S\",IF($Z306=\"CP\",$X306,IF($Z306=\"RA\",(($X306)*QCI!$AA$3),0)),SomaAgrup)","v":1.6759478613409442},0,{"$f":"IF($N306=\"\",\"\",IF(ORÇAMENTO.Descricao=\"\",\"DESCRIÇÃO\",IF(AND($C306=\"S\",ORÇAMENTO.Unidade=\"\"),\"UNIDADE\",IF($X306<0,\"VALOR NEGATIVO\",IF(OR(AND(TIPOORCAMENTO=\"Proposto\",$AG306<>\"\",$AG306>0,ORÇAMENTO.CustoUnitario>$AG306),AND(TIPOORCAMENTO=\"LICITADO\",ORÇAMENTO.PrecoUnitarioLicitado>$AN306)),\"ACIMA REF.\",\"\")))))","v":""},{"$f":"IF(C306<=CRONO.NivelExibicao,MAX($AD$15:OFFSET(AD306,-1,0))+IF($C306<>1,1,MAX(1,COUNTIF(QCI!$A$13:$A$41,OFFSET($E306,-1,0)))),\"\")","v":""},{"$f":"IF(AND($C306=\"S\",ORÇAMENTO.CodBarra<>\"\"),IF(ORÇAMENTO.Fonte=\"\",ORÇAMENTO.CodBarra,CONCATENATE(ORÇAMENTO.Fonte,\" \",ORÇAMENTO.CodBarra)))","v":"SINAPI 89549"},{"$f":"IF(ISERROR(INDIRECT(ORÇAMENTO.BancoRef)),\"(abra o arquivo 'Referência \"&Excel_BuiltIn_Database&\".xlsm)\",IF(OR($C306<>\"S\",ORÇAMENTO.CodBarra=\"\"),\"(Sem Código)\",IF(ISERROR(MATCH($AE306,INDIRECT(ORÇAMENTO.BancoRef),0)),\"(Código não identificado nas referências)\",MATCH($AE306,INDIRECT(ORÇAMENTO.BancoRef),0))))","v":4023},{"$f":"ROUND(IF(DESONERACAO=\"sim\",REFERENCIA.Desonerado,REFERENCIA.NaoDesonerado),2)","v":18.82},0.25,null,2,null,null,47.06,23.53]
["S",2,"S",0,{"$f":"IF($C307=1,OFFSET(E307,-1,0)+MAX(1,COUNTIF(QCI!$A$13:$A$41,OFFSET(ORÇAMENTO!E307,-1,0))),OFFSET(E307,-1,0))","v":14},1,0,0,14,0,{"$f":"IF(OR($C307=\"S\",$C307=0),0,MATCH(OFFSET($D307,0,$C307)+IF($C307<>1,1,COUNTIF(QCI!$A$13:$A$41,ORÇAMENTO!E307)),OFFSET($D307,1,$C307,ROW($C$744)-ROW($C307)),0))","v":0},"F","Serviço","Serviço","14.1.14.","SINAPI","FNDE 30","CURVA 45 GRAUS, PVC, SERIE R, ÁGUA PLUVIAL, DN 200 MM,  VINILFORT, JUNTA ELÁSTICA, FORNECIDO E INSTALADO EM RAMAL DE ENCAMINHAMENTO","UN",{"$f":"OFFSET(CÁLCULO!H$15,ROW($T307)-ROW(T$15),0)","v":2},108.92,"BDI 1",{"$f":"IF($C307=\"S\",ROUND(IF(TIPOORCAMENTO=\"Proposto\",ORÇAMENTO.CustoUnitario*(1+$AH307),ORÇAMENTO.PrecoUnitarioLicitado),15-13*$AF$10),0)","v":136.15},{"$f":"IF($C307=\"S\",IF(Import.TipoArredondamento<>\"TransfereGOV\",VTOTAL1,SUM(OFFSET(CÁLCULO!$AA$15,ROW($X307)-ROW($X$15),1):OFFSET(CÁLCULO!$AL$15,ROW($X307)-ROW($X$15),-1))),IF($C307=0,0,ROUND(SomaAgrup,15-13*$AF$11)))","v":272.3},"RA","RA",{"$f":"IF($C307=\"S\",IF($Z307=\"CP\",$X307,IF($Z307=\"RA\",(($X307)*QCI!$AA$3),0)),SomaAgrup)","v":9.69742037065744},0,{"$f":"IF($N307=\"\",\"\",IF(ORÇAMENTO.Descricao=\"\",\"DESCRIÇÃO\",IF(AND($C307=\"S\",ORÇAMENTO.Unidade=\"\"),\"UNIDADE\",IF($X307<0,\"VALOR NEGATIVO\",IF(OR(AND(TIPOORCAMENTO=\"Proposto\",$AG307<>\"\",$AG307>0,ORÇAMENTO.CustoUnitario>$AG307),AND(TIPOORCAMENTO=\"LICITADO\",ORÇAMENTO.PrecoUnitarioLicitado>$AN307)),\"ACIMA REF.\",\"\")))))","v":""},{"$f":"IF(C307<=CRONO.NivelExibicao,MAX($AD$15:OFFSET(AD307,-1,0))+IF($C307<>1,1,MAX(1,COUNTIF(QCI!$A$13:$A$41,OFFSET($E307,-1,0)))),\"\")","v":""},{"$f":"IF(AND($C307=\"S\",ORÇAMENTO.CodBarra<>\"\"),IF(ORÇAMENTO.Fonte=\"\",ORÇAMENTO.CodBarra,CONCATENATE(ORÇAMENTO.Fonte,\" \",ORÇAMENTO.CodBarra)))","v":"SINAPI FNDE 30"},{"$f":"IF(ISERROR(INDIRECT(ORÇAMENTO.BancoRef)),\"(abra o arquivo 'Referência \"&Excel_BuiltIn_Database&\".xlsm)\",IF(OR($C307<>\"S\",ORÇAMENTO.CodBarra=\"\"),\"(Sem Código)\",IF(ISERROR(MATCH($AE307,INDIRECT(ORÇAMENTO.BancoRef),0)),\"(Código não identificado nas referências)\",MATCH($AE307,INDIRECT(ORÇAMENTO.BancoRef),0))))","v":"(Código não identificado nas referências)"},{"$f":"ROUND(IF(DESONERACAO=\"sim\",REFERENCIA.Desonerado,REFERENCIA.NaoDesonerado),2)","v":0},0.25,null,2,null,null,272.3,136.15]
["S",2,"S",0,{"$f":"IF($C308=1,OFFSET(E308,-1,0)+MAX(1,COUNTIF(QCI!$A$13:$A$41,OFFSET(ORÇAMENTO!E308,-1,0))),OFFSET(E308,-1,0))","v":14},1,0,0,15,0,{"$f":"IF(OR($C308=\"S\",$C308=0),0,MATCH(OFFSET($D308,0,$C308)+IF($C308<>1,1,COUNTIF(QCI!$A$13:$A$41,ORÇAMENTO!E308)),OFFSET($D308,1,$C308,ROW($C$744)-ROW($C308)),0))","v":0},"F","Serviço","Serviço","14.1.15.","SINAPI","104178","CAP, PVC, SERIE R, ÁGUA PLUVIAL, DN 100 MM, JUNTA ELÁSTICA, FORNECIDO E INSTALADO EM RAMAL DE ENCAMINHAMENTO. AF_06/2022",{"$f":"REFERENCIA.Unidade","v":"UN"},{"$f":"OFFSET(CÁLCULO!H$15,ROW($T308)-ROW(T$15),0)","v":6},21.54,"BDI 1",{"$f":"IF($C308=\"S\",ROUND(IF(TIPOORCAMENTO=\"Proposto\",ORÇAMENTO.CustoUnitario*(1+$AH308),ORÇAMENTO.PrecoUnitarioLicitado),15-13*$AF$10),0)","v":26.93},{"$f":"IF($C308=\"S\",IF(Import.TipoArredondamento<>\"TransfereGOV\",VTOTAL1,SUM(OFFSET(CÁLCULO!$AA$15,ROW($X308)-ROW($X$15),1):OFFSET(CÁLCULO!$AL$15,ROW($X308)-ROW($X$15),-1))),IF($C308=0,0,ROUND(SomaAgrup,15-13*$AF$11)))","v":161.58000000000001},"RA","RA",{"$f":"IF($C308=\"S\",IF($Z308=\"CP\",$X308,IF($Z308=\"RA\",(($X308)*QCI!$AA$3),0)),SomaAgrup)","v":5.7543488192832504},0,{"$f":"IF($N308=\"\",\"\",IF(ORÇAMENTO.Descricao=\"\",\"DESCRIÇÃO\",IF(AND($C308=\"S\",ORÇAMENTO.Unidade=\"\"),\"UNIDADE\",IF($X308<0,\"VALOR NEGATIVO\",IF(OR(AND(TIPOORCAMENTO=\"Proposto\",$AG308<>\"\",$AG308>0,ORÇAMENTO.CustoUnitario>$AG308),AND(TIPOORCAMENTO=\"LICITADO\",ORÇAMENTO.PrecoUnitarioLicitado>$AN308)),\"ACIMA REF.\",\"\")))))","v":""},{"$f":"IF(C308<=CRONO.NivelExibicao,MAX($AD$15:OFFSET(AD308,-1,0))+IF($C308<>1,1,MAX(1,COUNTIF(QCI!$A$13:$A$41,OFFSET($E308,-1,0)))),\"\")","v":""},{"$f":"IF(AND($C308=\"S\",ORÇAMENTO.CodBarra<>\"\"),IF(ORÇAMENTO.Fonte=\"\",ORÇAMENTO.CodBarra,CONCATENATE(ORÇAMENTO.Fonte,\" \",ORÇAMENTO.CodBarra)))","v":"SINAPI 104178"},{"$f":"IF(ISERROR(INDIRECT(ORÇAMENTO.BancoRef)),\"(abra o arquivo 'Referência \"&Excel_BuiltIn_Database&\".xlsm)\",IF(OR($C308<>\"S\",ORÇAMENTO.CodBarra=\"\"),\"(Sem Código)\",IF(ISERROR(MATCH($AE308,INDIRECT(ORÇAMENTO.BancoRef),0)),\"(Código não identificado nas referências)\",MATCH($AE308,INDIRECT(ORÇAMENTO.BancoRef),0))))","v":5111},{"$f":"ROUND(IF(DESONERACAO=\"sim\",REFERENCIA.Desonerado,REFERENCIA.NaoDesonerado),2)","v":21.54},0.25,null,6,null,null,161.58000000000001,26.93]
[2,2,2,3,{"$f":"IF($C309=1,OFFSET(E309,-1,0)+MAX(1,COUNTIF(QCI!$A$13:$A$41,OFFSET(ORÇAMENTO!E309,-1,0))),OFFSET(E309,-1,0))","v":14},2,0,0,0,3,{"$f":"IF(OR($C309=\"S\",$C309=0),0,MATCH(OFFSET($D309,0,$C309)+IF($C309<>1,1,COUNTIF(QCI!$A$13:$A$41,ORÇAMENTO!E309)),OFFSET($D309,1,$C309,ROW($C$744)-ROW($C309)),0))","v":38},"F","Nível 2","Nível 2","14.2.","SINAPI",null,"Acessórios",{"$f":"REFERENCIA.Unidade","v":"-"},{"$f":"OFFSET(CÁLCULO!H$15,ROW($T309)-ROW(T$15),0)","v":0},null,"BDI 1",{"$f":"IF($C309=\"S\",ROUND(IF(TIPOORCAMENTO=\"Proposto\",ORÇAMENTO.CustoUnitario*(1+$AH309),ORÇAMENTO.PrecoUnitarioLicitado),15-13*$AF$10),0)","v":0},{"$f":"IF($C309=\"S\",IF(Import.TipoArredondamento<>\"TransfereGOV\",VTOTAL1,SUM(OFFSET(CÁLCULO!$AA$15,ROW($X309)-ROW($X$15),1):OFFSET(CÁLCULO!$AL$15,ROW($X309)-ROW($X$15),-1))),IF($C309=0,0,ROUND(SomaAgrup,15-13*$AF$11)))","v":9450.9699999999993},"RA","",{"$f":"IF($C309=\"S\",IF($Z309=\"CP\",$X309,IF($Z309=\"RA\",(($X309)*QCI!$AA$3),0)),SomaAgrup)","v":336.5774109455466},0,{"$f":"IF($N309=\"\",\"\",IF(ORÇAMENTO.Descricao=\"\",\"DESCRIÇÃO\",IF(AND($C309=\"S\",ORÇAMENTO.Unidade=\"\"),\"UNIDADE\",IF($X309<0,\"VALOR NEGATIVO\",IF(OR(AND(TIPOORCAMENTO=\"Proposto\",$AG309<>\"\",$AG309>0,ORÇAMENTO.CustoUnitario>$AG309),AND(TIPOORCAMENTO=\"LICITADO\",ORÇAMENTO.PrecoUnitarioLicitado>$AN309)),\"ACIMA REF.\",\"\")))))","v":""},{"$f":"IF(C309<=CRONO.NivelExibicao,MAX($AD$15:OFFSET(AD309,-1,0))+IF($C309<>1,1,MAX(1,COUNTIF(QCI!$A$13:$A$41,OFFSET($E309,-1,0)))),\"\")","v":48},{"$f":"IF(AND($C309=\"S\",ORÇAMENTO.CodBarra<>\"\"),IF(ORÇAMENTO.Fonte=\"\",ORÇAMENTO.CodBarra,CONCATENATE(ORÇAMENTO.Fonte,\" \",ORÇAMENTO.CodBarra)))","v":false},{"$f":"IF(ISERROR(INDIRECT(ORÇAMENTO.BancoRef)),\"(abra o arquivo 'Referência \"&Excel_BuiltIn_Database&\".xlsm)\",IF(OR($C309<>\"S\",ORÇAMENTO.CodBarra=\"\"),\"(Sem Código)\",IF(ISERROR(MATCH($AE309,INDIRECT(ORÇAMENTO.BancoRef),0)),\"(Código não identificado nas referências)\",MATCH($AE309,INDIRECT(ORÇAMENTO.BancoRef),0))))","v":"(Sem Código)"},{"$f":"ROUND(IF(DESONERACAO=\"sim\",REFERENCIA.Desonerado,REFERENCIA.NaoDesonerado),2)","v":0},0.25,null,null,null,null,9450.9699999999993,0]
["S",2,"S",0,{"$f":"IF($C310=1,OFFSET(E310,-1,0)+MAX(1,COUNTIF(QCI!$A$13:$A$41,OFFSET(ORÇAMENTO!E310,-1,0))),OFFSET(E310,-1,0))","v":14},2,0,0,1,0,{"$f":"IF(OR($C310=\"S\",$C310=0),0,MATCH(OFFSET($D310,0,$C310)+IF($C310<>1,1,COUNTIF(QCI!$A$13:$A$41,ORÇAMENTO!E310)),OFFSET($D310,1,$C310,ROW($C$744)-ROW($C310)),0))","v":0},"F","Serviço","Serviço","14.2.1.","SINAPI","99253","CAIXA ENTERRADA HIDRÁULICA RETANGULAR EM ALVENARIA COM TIJOLOS CERÂMICOS MACIÇOS, DIMENSÕES INTERNAS: 0,6X0,6X0,6 M PARA REDE DE DRENAGEM. AF_12/2020",{"$f":"REFERENCIA.Unidade","v":"UN"},{"$f":"OFFSET(CÁLCULO!H$15,ROW($T310)-ROW(T$15),0)","v":13},548.54,"BDI 1",{"$f":"IF($C310=\"S\",ROUND(IF(TIPOORCAMENTO=\"Proposto\",ORÇAMENTO.CustoUnitario*(1+$AH310),ORÇAMENTO.PrecoUnitarioLicitado),15-13*$AF$10),0)","v":685.68},{"$f":"IF($C310=\"S\",IF(Import.TipoArredondamento<>\"TransfereGOV\",VTOTAL1,SUM(OFFSET(CÁLCULO!$AA$15,ROW($X310)-ROW($X$15),1):OFFSET(CÁLCULO!$AL$15,ROW($X310)-ROW($X$15),-1))),IF($C310=0,0,ROUND(SomaAgrup,15-13*$AF$11)))","v":8913.84},"RA","RA",{"$f":"IF($C310=\"S\",IF($Z310=\"CP\",$X310,IF($Z310=\"RA\",(($X310)*QCI!$AA$3),0)),SomaAgrup)","v":317.44859932714326},0,{"$f":"IF($N310=\"\",\"\",IF(ORÇAMENTO.Descricao=\"\",\"DESCRIÇÃO\",IF(AND($C310=\"S\",ORÇAMENTO.Unidade=\"\"),\"UNIDADE\",IF($X310<0,\"VALOR NEGATIVO\",IF(OR(AND(TIPOORCAMENTO=\"Proposto\",$AG310<>\"\",$AG310>0,ORÇAMENTO.CustoUnitario>$AG310),AND(TIPOORCAMENTO=\"LICITADO\",ORÇAMENTO.PrecoUnitarioLicitado>$AN310)),\"ACIMA REF.\",\"\")))))","v":""},{"$f":"IF(C310<=CRONO.NivelExibicao,MAX($AD$15:OFFSET(AD310,-1,0))+IF($C310<>1,1,MAX(1,COUNTIF(QCI!$A$13:$A$41,OFFSET($E310,-1,0)))),\"\")","v":""},{"$f":"IF(AND($C310=\"S\",ORÇAMENTO.CodBarra<>\"\"),IF(ORÇAMENTO.Fonte=\"\",ORÇAMENTO.CodBarra,CONCATENATE(ORÇAMENTO.Fonte,\" \",ORÇAMENTO.CodBarra)))","v":"SINAPI 99253"},{"$f":"IF(ISERROR(INDIRECT(ORÇAMENTO.BancoRef)),\"(abra o arquivo 'Referência \"&Excel_BuiltIn_Database&\".xlsm)\",IF(OR($C310<>\"S\",ORÇAMENTO.CodBarra=\"\"),\"(Sem Código)\",IF(ISERROR(MATCH($AE310,INDIRECT(ORÇAMENTO.BancoRef),0)),\"(Código não identificado nas referências)\",MATCH($AE310,INDIRECT(ORÇAMENTO.BancoRef),0))))","v":5255},{"$f":"ROUND(IF(DESONERACAO=\"sim\",REFERENCIA.Desonerado,REFERENCIA.NaoDesonerado),2)","v":548.54},0.25,null,13,null,null,8913.84,685.68]
[{"$f":"CHOOSE(1+LOG(1+2*(ORÇAMENTO.Nivel=\"Meta\")+4*(ORÇAMENTO.Nivel=\"Nível 2\")+8*(ORÇAMENTO.Nivel=\"Nível 3\")+16*(ORÇAMENTO.Nivel=\"Nível 4\")+32*(ORÇAMENTO.Nivel=\"Serviço\"),2),0,1,2,3,4,\"S\")","v":"S"},{"$f":"IF(OR(C311=\"s\",C311=0),OFFSET(B311,-1,0),C311)","v":2},{"$f":"IF(OFFSET(C311,-1,0)=\"L\",1,IF(OFFSET(C311,-1,0)=1,2,IF(OR(A311=\"s\",A311=0),\"S\",IF(AND(OFFSET(C311,-1,0)=2,A311=4),3,IF(AND(OR(OFFSET(C311,-1,0)=\"s\",OFFSET(C311,-1,0)=0),A311<>\"s\",A311>OFFSET(B311,-1,0)),OFFSET(B311,-1,0),A311)))))","v":"S"},{"$f":"IF(OR(C311=\"S\",C311=0),0,IF(ISERROR(K311),J311,SMALL(J311:K311,1)))","v":0},{"$f":"IF($C311=1,OFFSET(E311,-1,0)+MAX(1,COUNTIF(QCI!$A$13:$A$41,OFFSET(ORÇAMENTO!E311,-1,0))),OFFSET(E311,-1,0))","v":14},{"$f":"IF($C311=1,0,IF($C311=2,OFFSET(F311,-1,0)+1,OFFSET(F311,-1,0)))","v":2},{"$f":"IF(AND($C311<=2,$C311<>0),0,IF($C311=3,OFFSET(G311,-1,0)+1,OFFSET(G311,-1,0)))","v":0},{"$f":"IF(AND($C311<=3,$C311<>0),0,IF($C311=4,OFFSET(H311,-1,0)+1,OFFSET(H311,-1,0)))","v":0},{"$f":"IF(AND($C311<=4,$C311<>0),0,IF(AND($C311=\"S\",$X311>0),OFFSET(I311,-1,0)+1,OFFSET(I311,-1,0)))","v":2},0,{"$f":"IF(OR($C311=\"S\",$C311=0),0,MATCH(OFFSET($D311,0,$C311)+IF($C311<>1,1,COUNTIF(QCI!$A$13:$A$41,ORÇAMENTO!E311)),OFFSET($D311,1,$C311,ROW($C$744)-ROW($C311)),0))","v":0},{"$f":"IF(OR($X311>0,$C311=1,$C311=2,$C311=3,$C311=4),\"F\",\"\")","v":"F"},"Serviço",{"$f":"CHOOSE(1+LOG(1+2*(C311=1)+4*(C311=2)+8*(C311=3)+16*(C311=4)+32*(C311=\"S\"),2),\"\",\"Meta\",\"Nível 2\",\"Nível 3\",\"Nível 4\",\"Serviço\")","v":"Serviço"},{"$f":"IF(OR($C311=0,$L311=\"\"),\"-\",CONCATENATE(E311&\".\",IF(AND($A$5>=2,$C311>=2),F311&\".\",\"\"),IF(AND($A$5>=3,$C311>=3),G311&\".\",\"\"),IF(AND($A$5>=4,$C311>=4),H311&\".\",\"\"),IF($C311=\"S\",I311&\".\",\"\")))","v":"14.2.2."},"SINAPI","89482","CAIXA SIFONADA, PVC, DN 100 X 100 X 50 MM, FORNECIDA E INSTALADA EM RAMAIS DE ENCAMINHAMENTO DE ÁGUA PLUVIAL. AF_06/2022",{"$f":"REFERENCIA.Unidade","v":"UN"},{"$f":"OFFSET(CÁLCULO!H$15,ROW($T311)-ROW(T$15),0)","v":11},39.06,"BDI 1",{"$f":"IF($C311=\"S\",ROUND(IF(TIPOORCAMENTO=\"Proposto\",ORÇAMENTO.CustoUnitario*(1+$AH311),ORÇAMENTO.PrecoUnitarioLicitado),15-13*$AF$10),0)","v":48.83},{"$f":"IF($C311=\"S\",IF(Import.TipoArredondamento<>\"TransfereGOV\",VTOTAL1,SUM(OFFSET(CÁLCULO!$AA$15,ROW($X311)-ROW($X$15),1):OFFSET(CÁLCULO!$AL$15,ROW($X311)-ROW($X$15),-1))),IF($C311=0,0,ROUND(SomaAgrup,15-13*$AF$11)))","v":537.13},"RA",{"$f":"IF(AND($C311=\"S\",$X311>0),IF(ISBLANK($Y311),\"RA\",LEFT($Y311,2)),\"\")","v":"RA"},{"$f":"IF($C311=\"S\",IF($Z311=\"CP\",$X311,IF($Z311=\"RA\",(($X311)*QCI!$AA$3),0)),SomaAgrup)","v":19.128811618403343},{"$f":"IF($C311=\"S\",IF($Z311=\"OU\",ROUND($X311,2),0),SomaAgrup)","v":0},{"$f":"IF($N311=\"\",\"\",IF(ORÇAMENTO.Descricao=\"\",\"DESCRIÇÃO\",IF(AND($C311=\"S\",ORÇAMENTO.Unidade=\"\"),\"UNIDADE\",IF($X311<0,\"VALOR NEGATIVO\",IF(OR(AND(TIPOORCAMENTO=\"Proposto\",$AG311<>\"\",$AG311>0,ORÇAMENTO.CustoUnitario>$AG311),AND(TIPOORCAMENTO=\"LICITADO\",ORÇAMENTO.PrecoUnitarioLicitado>$AN311)),\"ACIMA REF.\",\"\")))))","v":""},{"$f":"IF(C311<=CRONO.NivelExibicao,MAX($AD$15:OFFSET(AD311,-1,0))+IF($C311<>1,1,MAX(1,COUNTIF(QCI!$A$13:$A$41,OFFSET($E311,-1,0)))),\"\")","v":""},{"$f":"IF(AND($C311=\"S\",ORÇAMENTO.CodBarra<>\"\"),IF(ORÇAMENTO.Fonte=\"\",ORÇAMENTO.CodBarra,CONCATENATE(ORÇAMENTO.Fonte,\" \",ORÇAMENTO.CodBarra)))","v":"SINAPI 89482"},{"$f":"IF(ISERROR(INDIRECT(ORÇAMENTO.BancoRef)),\"(abra o arquivo 'Referência \"&Excel_BuiltIn_Database&\".xlsm)\",IF(OR($C311<>\"S\",ORÇAMENTO.CodBarra=\"\"),\"(Sem Código)\",IF(ISERROR(MATCH($AE311,INDIRECT(ORÇAMENTO.BancoRef),0)),\"(Código não identificado nas referências)\",MATCH($AE311,INDIRECT(ORÇAMENTO.BancoRef),0))))","v":5299},{"$f":"ROUND(IF(DESONERACAO=\"sim\",REFERENCIA.Desonerado,REFERENCIA.NaoDesonerado),2)","v":39.06},{"$f":"ROUND(IF(ISNUMBER(ORÇAMENTO.OpcaoBDI),ORÇAMENTO.OpcaoBDI,IF(LEFT(ORÇAMENTO.OpcaoBDI,3)=\"BDI\",HLOOKUP(ORÇAMENTO.OpcaoBDI,$F$4:$H$5,2,FALSE),0)),15-11*$AF$9)","v":0.25},null,11,null,null,{"$f":"$X311","v":537.13},{"$f":"ROUND(ORÇAMENTO.CustoUnitario*(1+$AH311),2)","v":48.83}]
[1,1,1,47,{"$f":"IF($C312=1,OFFSET(E312,-1,0)+MAX(1,COUNTIF(QCI!$A$13:$A$41,OFFSET(ORÇAMENTO!E312,-1,0))),OFFSET(E312,-1,0))","v":15},0,0,0,0,432,{"$f":"IF(OR($C312=\"S\",$C312=0),0,MATCH(OFFSET($D312,0,$C312)+IF($C312<>1,1,COUNTIF(QCI!$A$13:$A$41,ORÇAMENTO!E312)),OFFSET($D312,1,$C312,ROW($C$744)-ROW($C312)),0))","v":47},"F","Meta","Meta","15.","SINAPI",null,"INSTALAÇÃO SANITÁRIA",{"$f":"REFERENCIA.Unidade","v":"-"},{"$f":"OFFSET(CÁLCULO!H$15,ROW($T312)-ROW(T$15),0)","v":0},null,"BDI 1",{"$f":"IF($C312=\"S\",ROUND(IF(TIPOORCAMENTO=\"Proposto\",ORÇAMENTO.CustoUnitario*(1+$AH312),ORÇAMENTO.PrecoUnitarioLicitado),15-13*$AF$10),0)","v":0},{"$f":"IF($C312=\"S\",IF(Import.TipoArredondamento<>\"TransfereGOV\",VTOTAL1,SUM(OFFSET(CÁLCULO!$AA$15,ROW($X312)-ROW($X$15),1):OFFSET(CÁLCULO!$AL$15,ROW($X312)-ROW($X$15),-1))),IF($C312=0,0,ROUND(SomaAgrup,15-13*$AF$11)))","v":105468.6},"RA","",{"$f":"IF($C312=\"S\",IF($Z312=\"CP\",$X312,IF($Z312=\"RA\",(($X312)*QCI!$AA$3),0)),SomaAgrup)","v":3756.0534340973982},0,{"$f":"IF($N312=\"\",\"\",IF(ORÇAMENTO.Descricao=\"\",\"DESCRIÇÃO\",IF(AND($C312=\"S\",ORÇAMENTO.Unidade=\"\"),\"UNIDADE\",IF($X312<0,\"VALOR NEGATIVO\",IF(OR(AND(TIPOORCAMENTO=\"Proposto\",$AG312<>\"\",$AG312>0,ORÇAMENTO.CustoUnitario>$AG312),AND(TIPOORCAMENTO=\"LICITADO\",ORÇAMENTO.PrecoUnitarioLicitado>$AN312)),\"ACIMA REF.\",\"\")))))","v":""},{"$f":"IF(C312<=CRONO.NivelExibicao,MAX($AD$15:OFFSET(AD312,-1,0))+IF($C312<>1,1,MAX(1,COUNTIF(QCI!$A$13:$A$41,OFFSET($E312,-1,0)))),\"\")","v":49},{"$f":"IF(AND($C312=\"S\",ORÇAMENTO.CodBarra<>\"\"),IF(ORÇAMENTO.Fonte=\"\",ORÇAMENTO.CodBarra,CONCATENATE(ORÇAMENTO.Fonte,\" \",ORÇAMENTO.CodBarra)))","v":false},{"$f":"IF(ISERROR(INDIRECT(ORÇAMENTO.BancoRef)),\"(abra o arquivo 'Referência \"&Excel_BuiltIn_Database&\".xlsm)\",IF(OR($C312<>\"S\",ORÇAMENTO.CodBarra=\"\"),\"(Sem Código)\",IF(ISERROR(MATCH($AE312,INDIRECT(ORÇAMENTO.BancoRef),0)),\"(Código não identificado nas referências)\",MATCH($AE312,INDIRECT(ORÇAMENTO.BancoRef),0))))","v":"(Sem Código)"},{"$f":"ROUND(IF(DESONERACAO=\"sim\",REFERENCIA.Desonerado,REFERENCIA.NaoDesonerado),2)","v":0},0.25,null,null,null,null,105468.6,0]
[2,2,2,30,{"$f":"IF($C313=1,OFFSET(E313,-1,0)+MAX(1,COUNTIF(QCI!$A$13:$A$41,OFFSET(ORÇAMENTO!E313,-1,0))),OFFSET(E313,-1,0))","v":15},1,0,0,0,46,{"$f":"IF(OR($C313=\"S\",$C313=0),0,MATCH(OFFSET($D313,0,$C313)+IF($C313<>1,1,COUNTIF(QCI!$A$13:$A$41,ORÇAMENTO!E313)),OFFSET($D313,1,$C313,ROW($C$744)-ROW($C313)),0))","v":30},"F","Nível 2","Nível 2","15.1.","SINAPI",null,"Tubulações e conexões",{"$f":"REFERENCIA.Unidade","v":"-"},{"$f":"OFFSET(CÁLCULO!H$15,ROW($T313)-ROW(T$15),0)","v":0},null,"BDI 1",{"$f":"IF($C313=\"S\",ROUND(IF(TIPOORCAMENTO=\"Proposto\",ORÇAMENTO.CustoUnitario*(1+$AH313),ORÇAMENTO.PrecoUnitarioLicitado),15-13*$AF$10),0)","v":0},{"$f":"IF($C313=\"S\",IF(Import.TipoArredondamento<>\"TransfereGOV\",VTOTAL1,SUM(OFFSET(CÁLCULO!$AA$15,ROW($X313)-ROW($X$15),1):OFFSET(CÁLCULO!$AL$15,ROW($X313)-ROW($X$15),-1))),IF($C313=0,0,ROUND(SomaAgrup,15-13*$AF$11)))","v":49885.78},"RA","",{"$f":"IF($C313=\"S\",IF($Z313=\"CP\",$X313,IF($Z313=\"RA\",(($X313)*QCI!$AA$3),0)),SomaAgrup)","v":1776.5823693651685},0,{"$f":"IF($N313=\"\",\"\",IF(ORÇAMENTO.Descricao=\"\",\"DESCRIÇÃO\",IF(AND($C313=\"S\",ORÇAMENTO.Unidade=\"\"),\"UNIDADE\",IF($X313<0,\"VALOR NEGATIVO\",IF(OR(AND(TIPOORCAMENTO=\"Proposto\",$AG313<>\"\",$AG313>0,ORÇAMENTO.CustoUnitario>$AG313),AND(TIPOORCAMENTO=\"LICITADO\",ORÇAMENTO.PrecoUnitarioLicitado>$AN313)),\"ACIMA REF.\",\"\")))))","v":""},{"$f":"IF(C313<=CRONO.NivelExibicao,MAX($AD$15:OFFSET(AD313,-1,0))+IF($C313<>1,1,MAX(1,COUNTIF(QCI!$A$13:$A$41,OFFSET($E313,-1,0)))),\"\")","v":50},{"$f":"IF(AND($C313=\"S\",ORÇAMENTO.CodBarra<>\"\"),IF(ORÇAMENTO.Fonte=\"\",ORÇAMENTO.CodBarra,CONCATENATE(ORÇAMENTO.Fonte,\" \",ORÇAMENTO.CodBarra)))","v":false},{"$f":"IF(ISERROR(INDIRECT(ORÇAMENTO.BancoRef)),\"(abra o arquivo 'Referência \"&Excel_BuiltIn_Database&\".xlsm)\",IF(OR($C313<>\"S\",ORÇAMENTO.CodBarra=\"\"),\"(Sem Código)\",IF(ISERROR(MATCH($AE313,INDIRECT(ORÇAMENTO.BancoRef),0)),\"(Código não identificado nas referências)\",MATCH($AE313,INDIRECT(ORÇAMENTO.BancoRef),0))))","v":"(Sem Código)"},{"$f":"ROUND(IF(DESONERACAO=\"sim\",REFERENCIA.Desonerado,REFERENCIA.NaoDesonerado),2)","v":0},0.25,null,null,null,null,49885.78,0]
["S",2,"S",0,{"$f":"IF($C314=1,OFFSET(E314,-1,0)+MAX(1,COUNTIF(QCI!$A$13:$A$41,OFFSET(ORÇAMENTO!E314,-1,0))),OFFSET(E314,-1,0))","v":15},1,0,0,1,0,{"$f":"IF(OR($C314=\"S\",$C314=0),0,MATCH(OFFSET($D314,0,$C314)+IF($C314<>1,1,COUNTIF(QCI!$A$13:$A$41,ORÇAMENTO!E314)),OFFSET($D314,1,$C314,ROW($C$744)-ROW($C314)),0))","v":0},"F","Serviço","Serviço","15.1.1.","SINAPI","89711","TUBO PVC, SERIE NORMAL, ESGOTO PREDIAL, DN 40 MM, FORNECIDO E INSTALADO EM RAMAL DE DESCARGA OU RAMAL DE ESGOTO SANITÁRIO. AF_08/2022",{"$f":"REFERENCIA.Unidade","v":"M"},{"$f":"OFFSET(CÁLCULO!H$15,ROW($T314)-ROW(T$15),0)","v":88.7},22.46,"BDI 1",{"$f":"IF($C314=\"S\",ROUND(IF(TIPOORCAMENTO=\"Proposto\",ORÇAMENTO.CustoUnitario*(1+$AH314),ORÇAMENTO.PrecoUnitarioLicitado),15-13*$AF$10),0)","v":28.08},{"$f":"IF($C314=\"S\",IF(Import.TipoArredondamento<>\"TransfereGOV\",VTOTAL1,SUM(OFFSET(CÁLCULO!$AA$15,ROW($X314)-ROW($X$15),1):OFFSET(CÁLCULO!$AL$15,ROW($X314)-ROW($X$15),-1))),IF($C314=0,0,ROUND(SomaAgrup,15-13*$AF$11)))","v":2490.6999999999998},"RA","RA",{"$f":"IF($C314=\"S\",IF($Z314=\"CP\",$X314,IF($Z314=\"RA\",(($X314)*QCI!$AA$3),0)),SomaAgrup)","v":88.701303405055029},0,{"$f":"IF($N314=\"\",\"\",IF(ORÇAMENTO.Descricao=\"\",\"DESCRIÇÃO\",IF(AND($C314=\"S\",ORÇAMENTO.Unidade=\"\"),\"UNIDADE\",IF($X314<0,\"VALOR NEGATIVO\",IF(OR(AND(TIPOORCAMENTO=\"Proposto\",$AG314<>\"\",$AG314>0,ORÇAMENTO.CustoUnitario>$AG314),AND(TIPOORCAMENTO=\"LICITADO\",ORÇAMENTO.PrecoUnitarioLicitado>$AN314)),\"ACIMA REF.\",\"\")))))","v":""},{"$f":"IF(C314<=CRONO.NivelExibicao,MAX($AD$15:OFFSET(AD314,-1,0))+IF($C314<>1,1,MAX(1,COUNTIF(QCI!$A$13:$A$41,OFFSET($E314,-1,0)))),\"\")","v":""},{"$f":"IF(AND($C314=\"S\",ORÇAMENTO.CodBarra<>\"\"),IF(ORÇAMENTO.Fonte=\"\",ORÇAMENTO.CodBarra,CONCATENATE(ORÇAMENTO.Fonte,\" \",ORÇAMENTO.CodBarra)))","v":"SINAPI 89711"},{"$f":"IF(ISERROR(INDIRECT(ORÇAMENTO.BancoRef)),\"(abra o arquivo 'Referência \"&Excel_BuiltIn_Database&\".xlsm)\",IF(OR($C314<>\"S\",ORÇAMENTO.CodBarra=\"\"),\"(Sem Código)\",IF(ISERROR(MATCH($AE314,INDIRECT(ORÇAMENTO.BancoRef),0)),\"(Código não identificado nas referências)\",MATCH($AE314,INDIRECT(ORÇAMENTO.BancoRef),0))))","v":3669},{"$f":"ROUND(IF(DESONERACAO=\"sim\",REFERENCIA.Desonerado,REFERENCIA.NaoDesonerado),2)","v":22.46},0.25,null,88.7,null,null,2490.6999999999998,28.08]
["S",2,"S",0,{"$f":"IF($C315=1,OFFSET(E315,-1,0)+MAX(1,COUNTIF(QCI!$A$13:$A$41,OFFSET(ORÇAMENTO!E315,-1,0))),OFFSET(E315,-1,0))","v":15},1,0,0,2,0,{"$f":"IF(OR($C315=\"S\",$C315=0),0,MATCH(OFFSET($D315,0,$C315)+IF($C315<>1,1,COUNTIF(QCI!$A$13:$A$41,ORÇAMENTO!E315)),OFFSET($D315,1,$C315,ROW($C$744)-ROW($C315)),0))","v":0},"F","Serviço","Serviço","15.1.2.","SINAPI","89712","TUBO PVC, SERIE NORMAL, ESGOTO PREDIAL, DN 50 MM, FORNECIDO E INSTALADO EM RAMAL DE DESCARGA OU RAMAL DE ESGOTO SANITÁRIO. AF_08/2022",{"$f":"REFERENCIA.Unidade","v":"M"},{"$f":"OFFSET(CÁLCULO!H$15,ROW($T315)-ROW(T$15),0)","v":207.2},28.31,"BDI 1",{"$f":"IF($C315=\"S\",ROUND(IF(TIPOORCAMENTO=\"Proposto\",ORÇAMENTO.CustoUnitario*(1+$AH315),ORÇAMENTO.PrecoUnitarioLicitado),15-13*$AF$10),0)","v":35.39},{"$f":"IF($C315=\"S\",IF(Import.TipoArredondamento<>\"TransfereGOV\",VTOTAL1,SUM(OFFSET(CÁLCULO!$AA$15,ROW($X315)-ROW($X$15),1):OFFSET(CÁLCULO!$AL$15,ROW($X315)-ROW($X$15),-1))),IF($C315=0,0,ROUND(SomaAgrup,15-13*$AF$11)))","v":7332.81},"RA","RA",{"$f":"IF($C315=\"S\",IF($Z315=\"CP\",$X315,IF($Z315=\"RA\",(($X315)*QCI!$AA$3),0)),SomaAgrup)","v":261.14337520440904},0,{"$f":"IF($N315=\"\",\"\",IF(ORÇAMENTO.Descricao=\"\",\"DESCRIÇÃO\",IF(AND($C315=\"S\",ORÇAMENTO.Unidade=\"\"),\"UNIDADE\",IF($X315<0,\"VALOR NEGATIVO\",IF(OR(AND(TIPOORCAMENTO=\"Proposto\",$AG315<>\"\",$AG315>0,ORÇAMENTO.CustoUnitario>$AG315),AND(TIPOORCAMENTO=\"LICITADO\",ORÇAMENTO.PrecoUnitarioLicitado>$AN315)),\"ACIMA REF.\",\"\")))))","v":""},{"$f":"IF(C315<=CRONO.NivelExibicao,MAX($AD$15:OFFSET(AD315,-1,0))+IF($C315<>1,1,MAX(1,COUNTIF(QCI!$A$13:$A$41,OFFSET($E315,-1,0)))),\"\")","v":""},{"$f":"IF(AND($C315=\"S\",ORÇAMENTO.CodBarra<>\"\"),IF(ORÇAMENTO.Fonte=\"\",ORÇAMENTO.CodBarra,CONCATENATE(ORÇAMENTO.Fonte,\" \",ORÇAMENTO.CodBarra)))","v":"SINAPI 89712"},{"$f":"IF(ISERROR(INDIRECT(ORÇAMENTO.BancoRef)),\"(abra o arquivo 'Referência \"&Excel_BuiltIn_Database&\".xlsm)\",IF(OR($C315<>\"S\",ORÇAMENTO.CodBarra=\"\"),\"(Sem Código)\",IF(ISERROR(MATCH($AE315,INDIRECT(ORÇAMENTO.BancoRef),0)),\"(Código não identificado nas referências)\",MATCH($AE315,INDIRECT(ORÇAMENTO.BancoRef),0))))","v":3670},{"$f":"ROUND(IF(DESONERACAO=\"sim\",REFERENCIA.Desonerado,REFERENCIA.NaoDesonerado),2)","v":28.31},0.25,null,207.2,null,null,7332.81,35.39]
["S",2,"S",0,{"$f":"IF($C316=1,OFFSET(E316,-1,0)+MAX(1,COUNTIF(QCI!$A$13:$A$41,OFFSET(ORÇAMENTO!E316,-1,0))),OFFSET(E316,-1,0))","v":15},1,0,0,3,0,{"$f":"IF(OR($C316=\"S\",$C316=0),0,MATCH(OFFSET($D316,0,$C316)+IF($C316<>1,1,COUNTIF(QCI!$A$13:$A$41,ORÇAMENTO!E316)),OFFSET($D316,1,$C316,ROW($C$744)-ROW($C316)),0))","v":0},"F","Serviço","Serviço","15.1.3.","SINAPI","89713","TUBO PVC, SERIE NORMAL, ESGOTO PREDIAL, DN 75 MM, FORNECIDO E INSTALADO EM RAMAL DE DESCARGA OU RAMAL DE ESGOTO SANITÁRIO. AF_08/2022",{"$f":"REFERENCIA.Unidade","v":"M"},{"$f":"OFFSET(CÁLCULO!H$15,ROW($T316)-ROW(T$15),0)","v":21.1},35.24,"BDI 1",{"$f":"IF($C316=\"S\",ROUND(IF(TIPOORCAMENTO=\"Proposto\",ORÇAMENTO.CustoUnitario*(1+$AH316),ORÇAMENTO.PrecoUnitarioLicitado),15-13*$AF$10),0)","v":44.05},{"$f":"IF($C316=\"S\",IF(Import.TipoArredondamento<>\"TransfereGOV\",VTOTAL1,SUM(OFFSET(CÁLCULO!$AA$15,ROW($X316)-ROW($X$15),1):OFFSET(CÁLCULO!$AL$15,ROW($X316)-ROW($X$15),-1))),IF($C316=0,0,ROUND(SomaAgrup,15-13*$AF$11)))","v":929.46},"RA","RA",{"$f":"IF($C316=\"S\",IF($Z316=\"CP\",$X316,IF($Z316=\"RA\",(($X316)*QCI!$AA$3),0)),SomaAgrup)","v":33.100860586526863},0,{"$f":"IF($N316=\"\",\"\",IF(ORÇAMENTO.Descricao=\"\",\"DESCRIÇÃO\",IF(AND($C316=\"S\",ORÇAMENTO.Unidade=\"\"),\"UNIDADE\",IF($X316<0,\"VALOR NEGATIVO\",IF(OR(AND(TIPOORCAMENTO=\"Proposto\",$AG316<>\"\",$AG316>0,ORÇAMENTO.CustoUnitario>$AG316),AND(TIPOORCAMENTO=\"LICITADO\",ORÇAMENTO.PrecoUnitarioLicitado>$AN316)),\"ACIMA REF.\",\"\")))))","v":""},{"$f":"IF(C316<=CRONO.NivelExibicao,MAX($AD$15:OFFSET(AD316,-1,0))+IF($C316<>1,1,MAX(1,COUNTIF(QCI!$A$13:$A$41,OFFSET($E316,-1,0)))),\"\")","v":""},{"$f":"IF(AND($C316=\"S\",ORÇAMENTO.CodBarra<>\"\"),IF(ORÇAMENTO.Fonte=\"\",ORÇAMENTO.CodBarra,CONCATENATE(ORÇAMENTO.Fonte,\" \",ORÇAMENTO.CodBarra)))","v":"SINAPI 89713"},{"$f":"IF(ISERROR(INDIRECT(ORÇAMENTO.BancoRef)),\"(abra o arquivo 'Referência \"&Excel_BuiltIn_Database&\".xlsm)\",IF(OR($C316<>\"S\",ORÇAMENTO.CodBarra=\"\"),\"(Sem Código)\",IF(ISERROR(MATCH($AE316,INDIRECT(ORÇAMENTO.BancoRef),0)),\"(Código não identificado nas referências)\",MATCH($AE316,INDIRECT(ORÇAMENTO.BancoRef),0))))","v":3671},{"$f":"ROUND(IF(DESONERACAO=\"sim\",REFERENCIA.Desonerado,REFERENCIA.NaoDesonerado),2)","v":35.24},0.25,null,21.1,null,null,929.46,44.05]
["S",2,"S",0,{"$f":"IF($C317=1,OFFSET(E317,-1,0)+MAX(1,COUNTIF(QCI!$A$13:$A$41,OFFSET(ORÇAMENTO!E317,-1,0))),OFFSET(E317,-1,0))","v":15},1,0,0,4,0,{"$f":"IF(OR($C317=\"S\",$C317=0),0,MATCH(OFFSET($D317,0,$C317)+IF($C317<>1,1,COUNTIF(QCI!$A$13:$A$41,ORÇAMENTO!E317)),OFFSET($D317,1,$C317,ROW($C$744)-ROW($C317)),0))","v":0},"F","Serviço","Serviço","15.1.4.","SINAPI","89714","TUBO PVC, SERIE NORMAL, ESGOTO PREDIAL, DN 100 MM, FORNECIDO E INSTALADO EM RAMAL DE DESCARGA OU RAMAL DE ESGOTO SANITÁRIO. AF_08/2022",{"$f":"REFERENCIA.Unidade","v":"M"},{"$f":"OFFSET(CÁLCULO!H$15,ROW($T317)-ROW(T$15),0)","v":252.1},39.43,"BDI 1",{"$f":"IF($C317=\"S\",ROUND(IF(TIPOORCAMENTO=\"Proposto\",ORÇAMENTO.CustoUnitario*(1+$AH317),ORÇAMENTO.PrecoUnitarioLicitado),15-13*$AF$10),0)","v":49.29},{"$f":"IF($C317=\"S\",IF(Import.TipoArredondamento<>\"TransfereGOV\",VTOTAL1,SUM(OFFSET(CÁLCULO!$AA$15,ROW($X317)-ROW($X$15),1):OFFSET(CÁLCULO!$AL$15,ROW($X317)-ROW($X$15),-1))),IF($C317=0,0,ROUND(SomaAgrup,15-13*$AF$11)))","v":12426.01},"RA","RA",{"$f":"IF($C317=\"S\",IF($Z317=\"CP\",$X317,IF($Z317=\"RA\",(($X317)*QCI!$AA$3),0)),SomaAgrup)","v":442.52751560775999},0,{"$f":"IF($N317=\"\",\"\",IF(ORÇAMENTO.Descricao=\"\",\"DESCRIÇÃO\",IF(AND($C317=\"S\",ORÇAMENTO.Unidade=\"\"),\"UNIDADE\",IF($X317<0,\"VALOR NEGATIVO\",IF(OR(AND(TIPOORCAMENTO=\"Proposto\",$AG317<>\"\",$AG317>0,ORÇAMENTO.CustoUnitario>$AG317),AND(TIPOORCAMENTO=\"LICITADO\",ORÇAMENTO.PrecoUnitarioLicitado>$AN317)),\"ACIMA REF.\",\"\")))))","v":""},{"$f":"IF(C317<=CRONO.NivelExibicao,MAX($AD$15:OFFSET(AD317,-1,0))+IF($C317<>1,1,MAX(1,COUNTIF(QCI!$A$13:$A$41,OFFSET($E317,-1,0)))),\"\")","v":""},{"$f":"IF(AND($C317=\"S\",ORÇAMENTO.CodBarra<>\"\"),IF(ORÇAMENTO.Fonte=\"\",ORÇAMENTO.CodBarra,CONCATENATE(ORÇAMENTO.Fonte,\" \",ORÇAMENTO.CodBarra)))","v":"SINAPI 89714"},{"$f":"IF(ISERROR(INDIRECT(ORÇAMENTO.BancoRef)),\"(abra o arquivo 'Referência \"&Excel_BuiltIn_Database&\".xlsm)\",IF(OR($C317<>\"S\",ORÇAMENTO.CodBarra=\"\"),\"(Sem Código)\",IF(ISERROR(MATCH($AE317,INDIRECT(ORÇAMENTO.BancoRef),0)),\"(Código não identificado nas referências)\",MATCH($AE317,INDIRECT(ORÇAMENTO.BancoRef),0))))","v":3672},{"$f":"ROUND(IF(DESONERACAO=\"sim\",REFERENCIA.Desonerado,REFERENCIA.NaoDesonerado),2)","v":39.43},0.25,null,252.1,null,null,12426.01,49.29]
["S",2,"S",0,{"$f":"IF($C318=1,OFFSET(E318,-1,0)+MAX(1,COUNTIF(QCI!$A$13:$A$41,OFFSET(ORÇAMENTO!E318,-1,0))),OFFSET(E318,-1,0))","v":15},1,0,0,5,0,{"$f":"IF(OR($C318=\"S\",$C318=0),0,MATCH(OFFSET($D318,0,$C318)+IF($C318<>1,1,COUNTIF(QCI!$A$13:$A$41,ORÇAMENTO!E318)),OFFSET($D318,1,$C318,ROW($C$744)-ROW($C318)),0))","v":0},"F","Serviço","Serviço","15.1.5.","SINAPI","89849","TUBO PVC, SERIE NORMAL, ESGOTO PREDIAL, DN 150 MM, FORNECIDO E INSTALADO EM SUBCOLETOR AÉREO DE ESGOTO SANITÁRIO. AF_08/2022",{"$f":"REFERENCIA.Unidade","v":"M"},{"$f":"OFFSET(CÁLCULO!H$15,ROW($T318)-ROW(T$15),0)","v":39},58,"BDI 1",{"$f":"IF($C318=\"S\",ROUND(IF(TIPOORCAMENTO=\"Proposto\",ORÇAMENTO.CustoUnitario*(1+$AH318),ORÇAMENTO.PrecoUnitarioLicitado),15-13*$AF$10),0)","v":72.5},{"$f":"IF($C318=\"S\",IF(Import.TipoArredondamento<>\"TransfereGOV\",VTOTAL1,SUM(OFFSET(CÁLCULO!$AA$15,ROW($X318)-ROW($X$15),1):OFFSET(CÁLCULO!$AL$15,ROW($X318)-ROW($X$15),-1))),IF($C318=0,0,ROUND(SomaAgrup,15-13*$AF$11)))","v":2827.5},"RA","RA",{"$f":"IF($C318=\"S\",IF($Z318=\"CP\",$X318,IF($Z318=\"RA\",(($X318)*QCI!$AA$3),0)),SomaAgrup)","v":100.69576238719762},0,{"$f":"IF($N318=\"\",\"\",IF(ORÇAMENTO.Descricao=\"\",\"DESCRIÇÃO\",IF(AND($C318=\"S\",ORÇAMENTO.Unidade=\"\"),\"UNIDADE\",IF($X318<0,\"VALOR NEGATIVO\",IF(OR(AND(TIPOORCAMENTO=\"Proposto\",$AG318<>\"\",$AG318>0,ORÇAMENTO.CustoUnitario>$AG318),AND(TIPOORCAMENTO=\"LICITADO\",ORÇAMENTO.PrecoUnitarioLicitado>$AN318)),\"ACIMA REF.\",\"\")))))","v":""},{"$f":"IF(C318<=CRONO.NivelExibicao,MAX($AD$15:OFFSET(AD318,-1,0))+IF($C318<>1,1,MAX(1,COUNTIF(QCI!$A$13:$A$41,OFFSET($E318,-1,0)))),\"\")","v":""},{"$f":"IF(AND($C318=\"S\",ORÇAMENTO.CodBarra<>\"\"),IF(ORÇAMENTO.Fonte=\"\",ORÇAMENTO.CodBarra,CONCATENATE(ORÇAMENTO.Fonte,\" \",ORÇAMENTO.CodBarra)))","v":"SINAPI 89849"},{"$f":"IF(ISERROR(INDIRECT(ORÇAMENTO.BancoRef)),\"(abra o arquivo 'Referência \"&Excel_BuiltIn_Database&\".xlsm)\",IF(OR($C318<>\"S\",ORÇAMENTO.CodBarra=\"\"),\"(Sem Código)\",IF(ISERROR(MATCH($AE318,INDIRECT(ORÇAMENTO.BancoRef),0)),\"(Código não identificado nas referências)\",MATCH($AE318,INDIRECT(ORÇAMENTO.BancoRef),0))))","v":3683},{"$f":"ROUND(IF(DESONERACAO=\"sim\",REFERENCIA.Desonerado,REFERENCIA.NaoDesonerado),2)","v":58},0.25,null,39,null,null,2827.5,72.5]
["S",2,"S",0,{"$f":"IF($C319=1,OFFSET(E319,-1,0)+MAX(1,COUNTIF(QCI!$A$13:$A$41,OFFSET(ORÇAMENTO!E319,-1,0))),OFFSET(E319,-1,0))","v":15},1,0,0,6,0,{"$f":"IF(OR($C319=\"S\",$C319=0),0,MATCH(OFFSET($D319,0,$C319)+IF($C319<>1,1,COUNTIF(QCI!$A$13:$A$41,ORÇAMENTO!E319)),OFFSET($D319,1,$C319,ROW($C$744)-ROW($C319)),0))","v":0},"F","Serviço","Serviço","15.1.6.","SINAPI","89726","JOELHO 45 GRAUS, PVC, SERIE NORMAL, ESGOTO PREDIAL, DN 40 MM, JUNTA SOLDÁVEL, FORNECIDO E INSTALADO EM RAMAL DE DESCARGA OU RAMAL DE ESGOTO SANITÁRIO. AF_08/2022",{"$f":"REFERENCIA.Unidade","v":"UN"},{"$f":"OFFSET(CÁLCULO!H$15,ROW($T319)-ROW(T$15),0)","v":40},10.91,"BDI 1",{"$f":"IF($C319=\"S\",ROUND(IF(TIPOORCAMENTO=\"Proposto\",ORÇAMENTO.CustoUnitario*(1+$AH319),ORÇAMENTO.PrecoUnitarioLicitado),15-13*$AF$10),0)","v":13.64},{"$f":"IF($C319=\"S\",IF(Import.TipoArredondamento<>\"TransfereGOV\",VTOTAL1,SUM(OFFSET(CÁLCULO!$AA$15,ROW($X319)-ROW($X$15),1):OFFSET(CÁLCULO!$AL$15,ROW($X319)-ROW($X$15),-1))),IF($C319=0,0,ROUND(SomaAgrup,15-13*$AF$11)))","v":545.6},"RA","RA",{"$f":"IF($C319=\"S\",IF($Z319=\"CP\",$X319,IF($Z319=\"RA\",(($X319)*QCI!$AA$3),0)),SomaAgrup)","v":19.43045374304333},0,{"$f":"IF($N319=\"\",\"\",IF(ORÇAMENTO.Descricao=\"\",\"DESCRIÇÃO\",IF(AND($C319=\"S\",ORÇAMENTO.Unidade=\"\"),\"UNIDADE\",IF($X319<0,\"VALOR NEGATIVO\",IF(OR(AND(TIPOORCAMENTO=\"Proposto\",$AG319<>\"\",$AG319>0,ORÇAMENTO.CustoUnitario>$AG319),AND(TIPOORCAMENTO=\"LICITADO\",ORÇAMENTO.PrecoUnitarioLicitado>$AN319)),\"ACIMA REF.\",\"\")))))","v":""},{"$f":"IF(C319<=CRONO.NivelExibicao,MAX($AD$15:OFFSET(AD319,-1,0))+IF($C319<>1,1,MAX(1,COUNTIF(QCI!$A$13:$A$41,OFFSET($E319,-1,0)))),\"\")","v":""},{"$f":"IF(AND($C319=\"S\",ORÇAMENTO.CodBarra<>\"\"),IF(ORÇAMENTO.Fonte=\"\",ORÇAMENTO.CodBarra,CONCATENATE(ORÇAMENTO.Fonte,\" \",ORÇAMENTO.CodBarra)))","v":"SINAPI 89726"},{"$f":"IF(ISERROR(INDIRECT(ORÇAMENTO.BancoRef)),\"(abra o arquivo 'Referência \"&Excel_BuiltIn_Database&\".xlsm)\",IF(OR($C319<>\"S\",ORÇAMENTO.CodBarra=\"\"),\"(Sem Código)\",IF(ISERROR(MATCH($AE319,INDIRECT(ORÇAMENTO.BancoRef),0)),\"(Código não identificado nas referências)\",MATCH($AE319,INDIRECT(ORÇAMENTO.BancoRef),0))))","v":4166},{"$f":"ROUND(IF(DESONERACAO=\"sim\",REFERENCIA.Desonerado,REFERENCIA.NaoDesonerado),2)","v":10.91},0.25,null,40,null,null,545.6,13.64]
["S",2,"S",0,{"$f":"IF($C320=1,OFFSET(E320,-1,0)+MAX(1,COUNTIF(QCI!$A$13:$A$41,OFFSET(ORÇAMENTO!E320,-1,0))),OFFSET(E320,-1,0))","v":15},1,0,0,7,0,{"$f":"IF(OR($C320=\"S\",$C320=0),0,MATCH(OFFSET($D320,0,$C320)+IF($C320<>1,1,COUNTIF(QCI!$A$13:$A$41,ORÇAMENTO!E320)),OFFSET($D320,1,$C320,ROW($C$744)-ROW($C320)),0))","v":0},"F","Serviço","Serviço","15.1.7.","SINAPI","89732","JOELHO 45 GRAUS, PVC, SERIE NORMAL, ESGOTO PREDIAL, DN 50 MM, JUNTA ELÁSTICA, FORNECIDO E INSTALADO EM RAMAL DE DESCARGA OU RAMAL DE ESGOTO SANITÁRIO. AF_08/2022",{"$f":"REFERENCIA.Unidade","v":"UN"},{"$f":"OFFSET(CÁLCULO!H$15,ROW($T320)-ROW(T$15),0)","v":60},15.9,"BDI 1",{"$f":"IF($C320=\"S\",ROUND(IF(TIPOORCAMENTO=\"Proposto\",ORÇAMENTO.CustoUnitario*(1+$AH320),ORÇAMENTO.PrecoUnitarioLicitado),15-13*$AF$10),0)","v":19.88},{"$f":"IF($C320=\"S\",IF(Import.TipoArredondamento<>\"TransfereGOV\",VTOTAL1,SUM(OFFSET(CÁLCULO!$AA$15,ROW($X320)-ROW($X$15),1):OFFSET(CÁLCULO!$AL$15,ROW($X320)-ROW($X$15),-1))),IF($C320=0,0,ROUND(SomaAgrup,15-13*$AF$11)))","v":1192.8},"RA","RA",{"$f":"IF($C320=\"S\",IF($Z320=\"CP\",$X320,IF($Z320=\"RA\",(($X320)*QCI!$AA$3),0)),SomaAgrup)","v":42.479188461697369},0,{"$f":"IF($N320=\"\",\"\",IF(ORÇAMENTO.Descricao=\"\",\"DESCRIÇÃO\",IF(AND($C320=\"S\",ORÇAMENTO.Unidade=\"\"),\"UNIDADE\",IF($X320<0,\"VALOR NEGATIVO\",IF(OR(AND(TIPOORCAMENTO=\"Proposto\",$AG320<>\"\",$AG320>0,ORÇAMENTO.CustoUnitario>$AG320),AND(TIPOORCAMENTO=\"LICITADO\",ORÇAMENTO.PrecoUnitarioLicitado>$AN320)),\"ACIMA REF.\",\"\")))))","v":""},{"$f":"IF(C320<=CRONO.NivelExibicao,MAX($AD$15:OFFSET(AD320,-1,0))+IF($C320<>1,1,MAX(1,COUNTIF(QCI!$A$13:$A$41,OFFSET($E320,-1,0)))),\"\")","v":""},{"$f":"IF(AND($C320=\"S\",ORÇAMENTO.CodBarra<>\"\"),IF(ORÇAMENTO.Fonte=\"\",ORÇAMENTO.CodBarra,CONCATENATE(ORÇAMENTO.Fonte,\" \",ORÇAMENTO.CodBarra)))","v":"SINAPI 89732"},{"$f":"IF(ISERROR(INDIRECT(ORÇAMENTO.BancoRef)),\"(abra o arquivo 'Referência \"&Excel_BuiltIn_Database&\".xlsm)\",IF(OR($C320<>\"S\",ORÇAMENTO.CodBarra=\"\"),\"(Sem Código)\",IF(ISERROR(MATCH($AE320,INDIRECT(ORÇAMENTO.BancoRef),0)),\"(Código não identificado nas referências)\",MATCH($AE320,INDIRECT(ORÇAMENTO.BancoRef),0))))","v":4172},{"$f":"ROUND(IF(DESONERACAO=\"sim\",REFERENCIA.Desonerado,REFERENCIA.NaoDesonerado),2)","v":15.9},0.25,null,60,null,null,1192.8,19.88]
["S",2,"S",0,{"$f":"IF($C321=1,OFFSET(E321,-1,0)+MAX(1,COUNTIF(QCI!$A$13:$A$41,OFFSET(ORÇAMENTO!E321,-1,0))),OFFSET(E321,-1,0))","v":15},1,0,0,8,0,{"$f":"IF(OR($C321=\"S\",$C321=0),0,MATCH(OFFSET($D321,0,$C321)+IF($C321<>1,1,COUNTIF(QCI!$A$13:$A$41,ORÇAMENTO!E321)),OFFSET($D321,1,$C321,ROW($C$744)-ROW($C321)),0))","v":0},"F","Serviço","Serviço","15.1.8.","SINAPI","89739","JOELHO 45 GRAUS, PVC, SERIE NORMAL, ESGOTO PREDIAL, DN 75 MM, JUNTA ELÁSTICA, FORNECIDO E INSTALADO EM RAMAL DE DESCARGA OU RAMAL DE ESGOTO SANITÁRIO. AF_08/2022",{"$f":"REFERENCIA.Unidade","v":"UN"},{"$f":"OFFSET(CÁLCULO!H$15,ROW($T321)-ROW(T$15),0)","v":4},23.84,"BDI 1",{"$f":"IF($C321=\"S\",ROUND(IF(TIPOORCAMENTO=\"Proposto\",ORÇAMENTO.CustoUnitario*(1+$AH321),ORÇAMENTO.PrecoUnitarioLicitado),15-13*$AF$10),0)","v":29.8},{"$f":"IF($C321=\"S\",IF(Import.TipoArredondamento<>\"TransfereGOV\",VTOTAL1,SUM(OFFSET(CÁLCULO!$AA$15,ROW($X321)-ROW($X$15),1):OFFSET(CÁLCULO!$AL$15,ROW($X321)-ROW($X$15),-1))),IF($C321=0,0,ROUND(SomaAgrup,15-13*$AF$11)))","v":119.2},"RA","RA",{"$f":"IF($C321=\"S\",IF($Z321=\"CP\",$X321,IF($Z321=\"RA\",(($X321)*QCI!$AA$3),0)),SomaAgrup)","v":4.2450698060314611},0,{"$f":"IF($N321=\"\",\"\",IF(ORÇAMENTO.Descricao=\"\",\"DESCRIÇÃO\",IF(AND($C321=\"S\",ORÇAMENTO.Unidade=\"\"),\"UNIDADE\",IF($X321<0,\"VALOR NEGATIVO\",IF(OR(AND(TIPOORCAMENTO=\"Proposto\",$AG321<>\"\",$AG321>0,ORÇAMENTO.CustoUnitario>$AG321),AND(TIPOORCAMENTO=\"LICITADO\",ORÇAMENTO.PrecoUnitarioLicitado>$AN321)),\"ACIMA REF.\",\"\")))))","v":""},{"$f":"IF(C321<=CRONO.NivelExibicao,MAX($AD$15:OFFSET(AD321,-1,0))+IF($C321<>1,1,MAX(1,COUNTIF(QCI!$A$13:$A$41,OFFSET($E321,-1,0)))),\"\")","v":""},{"$f":"IF(AND($C321=\"S\",ORÇAMENTO.CodBarra<>\"\"),IF(ORÇAMENTO.Fonte=\"\",ORÇAMENTO.CodBarra,CONCATENATE(ORÇAMENTO.Fonte,\" \",ORÇAMENTO.CodBarra)))","v":"SINAPI 89739"},{"$f":"IF(ISERROR(INDIRECT(ORÇAMENTO.BancoRef)),\"(abra o arquivo 'Referência \"&Excel_BuiltIn_Database&\".xlsm)\",IF(OR($C321<>\"S\",ORÇAMENTO.CodBarra=\"\"),\"(Sem Código)\",IF(ISERROR(MATCH($AE321,INDIRECT(ORÇAMENTO.BancoRef),0)),\"(Código não identificado nas referências)\",MATCH($AE321,INDIRECT(ORÇAMENTO.BancoRef),0))))","v":4179},{"$f":"ROUND(IF(DESONERACAO=\"sim\",REFERENCIA.Desonerado,REFERENCIA.NaoDesonerado),2)","v":23.84},0.25,null,4,null,null,119.2,29.8]
["S",2,"S",0,{"$f":"IF($C322=1,OFFSET(E322,-1,0)+MAX(1,COUNTIF(QCI!$A$13:$A$41,OFFSET(ORÇAMENTO!E322,-1,0))),OFFSET(E322,-1,0))","v":15},1,0,0,9,0,{"$f":"IF(OR($C322=\"S\",$C322=0),0,MATCH(OFFSET($D322,0,$C322)+IF($C322<>1,1,COUNTIF(QCI!$A$13:$A$41,ORÇAMENTO!E322)),OFFSET($D322,1,$C322,ROW($C$744)-ROW($C322)),0))","v":0},"F","Serviço","Serviço","15.1.9.","SINAPI","89746","JOELHO 45 GRAUS, PVC, SERIE NORMAL, ESGOTO PREDIAL, DN 100 MM, JUNTA ELÁSTICA, FORNECIDO E INSTALADO EM RAMAL DE DESCARGA OU RAMAL DE ESGOTO SANITÁRIO. AF_08/2022",{"$f":"REFERENCIA.Unidade","v":"UN"},{"$f":"OFFSET(CÁLCULO!H$15,ROW($T322)-ROW(T$15),0)","v":7},28.66,"BDI 1",{"$f":"IF($C322=\"S\",ROUND(IF(TIPOORCAMENTO=\"Proposto\",ORÇAMENTO.CustoUnitario*(1+$AH322),ORÇAMENTO.PrecoUnitarioLicitado),15-13*$AF$10),0)","v":35.83},{"$f":"IF($C322=\"S\",IF(Import.TipoArredondamento<>\"TransfereGOV\",VTOTAL1,SUM(OFFSET(CÁLCULO!$AA$15,ROW($X322)-ROW($X$15),1):OFFSET(CÁLCULO!$AL$15,ROW($X322)-ROW($X$15),-1))),IF($C322=0,0,ROUND(SomaAgrup,15-13*$AF$11)))","v":250.81},"RA","RA",{"$f":"IF($C322=\"S\",IF($Z322=\"CP\",$X322,IF($Z322=\"RA\",(($X322)*QCI!$AA$3),0)),SomaAgrup)","v":8.9320969635130094},0,{"$f":"IF($N322=\"\",\"\",IF(ORÇAMENTO.Descricao=\"\",\"DESCRIÇÃO\",IF(AND($C322=\"S\",ORÇAMENTO.Unidade=\"\"),\"UNIDADE\",IF($X322<0,\"VALOR NEGATIVO\",IF(OR(AND(TIPOORCAMENTO=\"Proposto\",$AG322<>\"\",$AG322>0,ORÇAMENTO.CustoUnitario>$AG322),AND(TIPOORCAMENTO=\"LICITADO\",ORÇAMENTO.PrecoUnitarioLicitado>$AN322)),\"ACIMA REF.\",\"\")))))","v":""},{"$f":"IF(C322<=CRONO.NivelExibicao,MAX($AD$15:OFFSET(AD322,-1,0))+IF($C322<>1,1,MAX(1,COUNTIF(QCI!$A$13:$A$41,OFFSET($E322,-1,0)))),\"\")","v":""},{"$f":"IF(AND($C322=\"S\",ORÇAMENTO.CodBarra<>\"\"),IF(ORÇAMENTO.Fonte=\"\",ORÇAMENTO.CodBarra,CONCATENATE(ORÇAMENTO.Fonte,\" \",ORÇAMENTO.CodBarra)))","v":"SINAPI 89746"},{"$f":"IF(ISERROR(INDIRECT(ORÇAMENTO.BancoRef)),\"(abra o arquivo 'Referência \"&Excel_BuiltIn_Database&\".xlsm)\",IF(OR($C322<>\"S\",ORÇAMENTO.CodBarra=\"\"),\"(Sem Código)\",IF(ISERROR(MATCH($AE322,INDIRECT(ORÇAMENTO.BancoRef),0)),\"(Código não identificado nas referências)\",MATCH($AE322,INDIRECT(ORÇAMENTO.BancoRef),0))))","v":4185},{"$f":"ROUND(IF(DESONERACAO=\"sim\",REFERENCIA.Desonerado,REFERENCIA.NaoDesonerado),2)","v":28.66},0.25,null,7,null,null,250.81,35.83]
["S",2,"S",0,{"$f":"IF($C323=1,OFFSET(E323,-1,0)+MAX(1,COUNTIF(QCI!$A$13:$A$41,OFFSET(ORÇAMENTO!E323,-1,0))),OFFSET(E323,-1,0))","v":15},1,0,0,10,0,{"$f":"IF(OR($C323=\"S\",$C323=0),0,MATCH(OFFSET($D323,0,$C323)+IF($C323<>1,1,COUNTIF(QCI!$A$13:$A$41,ORÇAMENTO!E323)),OFFSET($D323,1,$C323,ROW($C$744)-ROW($C323)),0))","v":0},"F","Serviço","Serviço","15.1.10.","SINAPI","89855","JOELHO 45 GRAUS, PVC, SERIE NORMAL, ESGOTO PREDIAL, DN 150 MM, JUNTA ELÁSTICA, FORNECIDO E INSTALADO EM SUBCOLETOR AÉREO DE ESGOTO SANITÁRIO. AF_08/2022",{"$f":"REFERENCIA.Unidade","v":"UN"},{"$f":"OFFSET(CÁLCULO!H$15,ROW($T323)-ROW(T$15),0)","v":3},111.08,"BDI 1",{"$f":"IF($C323=\"S\",ROUND(IF(TIPOORCAMENTO=\"Proposto\",ORÇAMENTO.CustoUnitario*(1+$AH323),ORÇAMENTO.PrecoUnitarioLicitado),15-13*$AF$10),0)","v":138.85},{"$f":"IF($C323=\"S\",IF(Import.TipoArredondamento<>\"TransfereGOV\",VTOTAL1,SUM(OFFSET(CÁLCULO!$AA$15,ROW($X323)-ROW($X$15),1):OFFSET(CÁLCULO!$AL$15,ROW($X323)-ROW($X$15),-1))),IF($C323=0,0,ROUND(SomaAgrup,15-13*$AF$11)))","v":416.55},"RA","RA",{"$f":"IF($C323=\"S\",IF($Z323=\"CP\",$X323,IF($Z323=\"RA\",(($X323)*QCI!$AA$3),0)),SomaAgrup)","v":14.83459586998662},0,{"$f":"IF($N323=\"\",\"\",IF(ORÇAMENTO.Descricao=\"\",\"DESCRIÇÃO\",IF(AND($C323=\"S\",ORÇAMENTO.Unidade=\"\"),\"UNIDADE\",IF($X323<0,\"VALOR NEGATIVO\",IF(OR(AND(TIPOORCAMENTO=\"Proposto\",$AG323<>\"\",$AG323>0,ORÇAMENTO.CustoUnitario>$AG323),AND(TIPOORCAMENTO=\"LICITADO\",ORÇAMENTO.PrecoUnitarioLicitado>$AN323)),\"ACIMA REF.\",\"\")))))","v":""},{"$f":"IF(C323<=CRONO.NivelExibicao,MAX($AD$15:OFFSET(AD323,-1,0))+IF($C323<>1,1,MAX(1,COUNTIF(QCI!$A$13:$A$41,OFFSET($E323,-1,0)))),\"\")","v":""},{"$f":"IF(AND($C323=\"S\",ORÇAMENTO.CodBarra<>\"\"),IF(ORÇAMENTO.Fonte=\"\",ORÇAMENTO.CodBarra,CONCATENATE(ORÇAMENTO.Fonte,\" \",ORÇAMENTO.CodBarra)))","v":"SINAPI 89855"},{"$f":"IF(ISERROR(INDIRECT(ORÇAMENTO.BancoRef)),\"(abra o arquivo 'Referência \"&Excel_BuiltIn_Database&\".xlsm)\",IF(OR($C323<>\"S\",ORÇAMENTO.CodBarra=\"\"),\"(Sem Código)\",IF(ISERROR(MATCH($AE323,INDIRECT(ORÇAMENTO.BancoRef),0)),\"(Código não identificado nas referências)\",MATCH($AE323,INDIRECT(ORÇAMENTO.BancoRef),0))))","v":4281},{"$f":"ROUND(IF(DESONERACAO=\"sim\",REFERENCIA.Desonerado,REFERENCIA.NaoDesonerado),2)","v":111.08},0.25,null,3,null,null,416.55,138.85]
["S",2,"S",0,{"$f":"IF($C324=1,OFFSET(E324,-1,0)+MAX(1,COUNTIF(QCI!$A$13:$A$41,OFFSET(ORÇAMENTO!E324,-1,0))),OFFSET(E324,-1,0))","v":15},1,0,0,11,0,{"$f":"IF(OR($C324=\"S\",$C324=0),0,MATCH(OFFSET($D324,0,$C324)+IF($C324<>1,1,COUNTIF(QCI!$A$13:$A$41,ORÇAMENTO!E324)),OFFSET($D324,1,$C324,ROW($C$744)-ROW($C324)),0))","v":0},"F","Serviço","Serviço","15.1.11.","SINAPI","89744","JOELHO 90 GRAUS, PVC, SERIE NORMAL, ESGOTO PREDIAL, DN 100 MM, JUNTA ELÁSTICA, FORNECIDO E INSTALADO EM RAMAL DE DESCARGA OU RAMAL DE ESGOTO SANITÁRIO. AF_08/2022",{"$f":"REFERENCIA.Unidade","v":"UN"},{"$f":"OFFSET(CÁLCULO!H$15,ROW($T324)-ROW(T$15),0)","v":15},27.82,"BDI 1",{"$f":"IF($C324=\"S\",ROUND(IF(TIPOORCAMENTO=\"Proposto\",ORÇAMENTO.CustoUnitario*(1+$AH324),ORÇAMENTO.PrecoUnitarioLicitado),15-13*$AF$10),0)","v":34.78},{"$f":"IF($C324=\"S\",IF(Import.TipoArredondamento<>\"TransfereGOV\",VTOTAL1,SUM(OFFSET(CÁLCULO!$AA$15,ROW($X324)-ROW($X$15),1):OFFSET(CÁLCULO!$AL$15,ROW($X324)-ROW($X$15),-1))),IF($C324=0,0,ROUND(SomaAgrup,15-13*$AF$11)))","v":521.70000000000005},"RA","RA",{"$f":"IF($C324=\"S\",IF($Z324=\"CP\",$X324,IF($Z324=\"RA\",(($X324)*QCI!$AA$3),0)),SomaAgrup)","v":18.579303001733333},0,{"$f":"IF($N324=\"\",\"\",IF(ORÇAMENTO.Descricao=\"\",\"DESCRIÇÃO\",IF(AND($C324=\"S\",ORÇAMENTO.Unidade=\"\"),\"UNIDADE\",IF($X324<0,\"VALOR NEGATIVO\",IF(OR(AND(TIPOORCAMENTO=\"Proposto\",$AG324<>\"\",$AG324>0,ORÇAMENTO.CustoUnitario>$AG324),AND(TIPOORCAMENTO=\"LICITADO\",ORÇAMENTO.PrecoUnitarioLicitado>$AN324)),\"ACIMA REF.\",\"\")))))","v":""},{"$f":"IF(C324<=CRONO.NivelExibicao,MAX($AD$15:OFFSET(AD324,-1,0))+IF($C324<>1,1,MAX(1,COUNTIF(QCI!$A$13:$A$41,OFFSET($E324,-1,0)))),\"\")","v":""},{"$f":"IF(AND($C324=\"S\",ORÇAMENTO.CodBarra<>\"\"),IF(ORÇAMENTO.Fonte=\"\",ORÇAMENTO.CodBarra,CONCATENATE(ORÇAMENTO.Fonte,\" \",ORÇAMENTO.CodBarra)))","v":"SINAPI 89744"},{"$f":"IF(ISERROR(INDIRECT(ORÇAMENTO.BancoRef)),\"(abra o arquivo 'Referência \"&Excel_BuiltIn_Database&\".xlsm)\",IF(OR($C324<>\"S\",ORÇAMENTO.CodBarra=\"\"),\"(Sem Código)\",IF(ISERROR(MATCH($AE324,INDIRECT(ORÇAMENTO.BancoRef),0)),\"(Código não identificado nas referências)\",MATCH($AE324,INDIRECT(ORÇAMENTO.BancoRef),0))))","v":4184},{"$f":"ROUND(IF(DESONERACAO=\"sim\",REFERENCIA.Desonerado,REFERENCIA.NaoDesonerado),2)","v":27.82},0.25,null,15,null,null,521.70000000000005,34.78]
["S",2,"S",0,{"$f":"IF($C325=1,OFFSET(E325,-1,0)+MAX(1,COUNTIF(QCI!$A$13:$A$41,OFFSET(ORÇAMENTO!E325,-1,0))),OFFSET(E325,-1,0))","v":15},1,0,0,12,0,{"$f":"IF(OR($C325=\"S\",$C325=0),0,MATCH(OFFSET($D325,0,$C325)+IF($C325<>1,1,COUNTIF(QCI!$A$13:$A$41,ORÇAMENTO!E325)),OFFSET($D325,1,$C325,ROW($C$744)-ROW($C325)),0))","v":0},"F","Serviço","Serviço","15.1.12.","SINAPI","89731","JOELHO 90 GRAUS, PVC, SERIE NORMAL, ESGOTO PREDIAL, DN 50 MM, JUNTA ELÁSTICA, FORNECIDO E INSTALADO EM RAMAL DE DESCARGA OU RAMAL DE ESGOTO SANITÁRIO. AF_08/2022",{"$f":"REFERENCIA.Unidade","v":"UN"},{"$f":"OFFSET(CÁLCULO!H$15,ROW($T325)-ROW(T$15),0)","v":51},15.17,"BDI 1",{"$f":"IF($C325=\"S\",ROUND(IF(TIPOORCAMENTO=\"Proposto\",ORÇAMENTO.CustoUnitario*(1+$AH325),ORÇAMENTO.PrecoUnitarioLicitado),15-13*$AF$10),0)","v":18.96},{"$f":"IF($C325=\"S\",IF(Import.TipoArredondamento<>\"TransfereGOV\",VTOTAL1,SUM(OFFSET(CÁLCULO!$AA$15,ROW($X325)-ROW($X$15),1):OFFSET(CÁLCULO!$AL$15,ROW($X325)-ROW($X$15),-1))),IF($C325=0,0,ROUND(SomaAgrup,15-13*$AF$11)))","v":966.96},"RA","RA",{"$f":"IF($C325=\"S\",IF($Z325=\"CP\",$X325,IF($Z325=\"RA\",(($X325)*QCI!$AA$3),0)),SomaAgrup)","v":34.436348151343807},0,{"$f":"IF($N325=\"\",\"\",IF(ORÇAMENTO.Descricao=\"\",\"DESCRIÇÃO\",IF(AND($C325=\"S\",ORÇAMENTO.Unidade=\"\"),\"UNIDADE\",IF($X325<0,\"VALOR NEGATIVO\",IF(OR(AND(TIPOORCAMENTO=\"Proposto\",$AG325<>\"\",$AG325>0,ORÇAMENTO.CustoUnitario>$AG325),AND(TIPOORCAMENTO=\"LICITADO\",ORÇAMENTO.PrecoUnitarioLicitado>$AN325)),\"ACIMA REF.\",\"\")))))","v":""},{"$f":"IF(C325<=CRONO.NivelExibicao,MAX($AD$15:OFFSET(AD325,-1,0))+IF($C325<>1,1,MAX(1,COUNTIF(QCI!$A$13:$A$41,OFFSET($E325,-1,0)))),\"\")","v":""},{"$f":"IF(AND($C325=\"S\",ORÇAMENTO.CodBarra<>\"\"),IF(ORÇAMENTO.Fonte=\"\",ORÇAMENTO.CodBarra,CONCATENATE(ORÇAMENTO.Fonte,\" \",ORÇAMENTO.CodBarra)))","v":"SINAPI 89731"},{"$f":"IF(ISERROR(INDIRECT(ORÇAMENTO.BancoRef)),\"(abra o arquivo 'Referência \"&Excel_BuiltIn_Database&\".xlsm)\",IF(OR($C325<>\"S\",ORÇAMENTO.CodBarra=\"\"),\"(Sem Código)\",IF(ISERROR(MATCH($AE325,INDIRECT(ORÇAMENTO.BancoRef),0)),\"(Código não identificado nas referências)\",MATCH($AE325,INDIRECT(ORÇAMENTO.BancoRef),0))))","v":4171},{"$f":"ROUND(IF(DESONERACAO=\"sim\",REFERENCIA.Desonerado,REFERENCIA.NaoDesonerado),2)","v":15.17},0.25,null,51,null,null,966.96,18.96]
["S",2,"S",0,{"$f":"IF($C326=1,OFFSET(E326,-1,0)+MAX(1,COUNTIF(QCI!$A$13:$A$41,OFFSET(ORÇAMENTO!E326,-1,0))),OFFSET(E326,-1,0))","v":15},1,0,0,13,0,{"$f":"IF(OR($C326=\"S\",$C326=0),0,MATCH(OFFSET($D326,0,$C326)+IF($C326<>1,1,COUNTIF(QCI!$A$13:$A$41,ORÇAMENTO!E326)),OFFSET($D326,1,$C326,ROW($C$744)-ROW($C326)),0))","v":0},"F","Serviço","Serviço","15.1.13.","SINAPI","89724","JOELHO 90 GRAUS, PVC, SERIE NORMAL, ESGOTO PREDIAL, DN 40 MM, JUNTA SOLDÁVEL, FORNECIDO E INSTALADO EM RAMAL DE DESCARGA OU RAMAL DE ESGOTO SANITÁRIO. AF_08/2022",{"$f":"REFERENCIA.Unidade","v":"UN"},{"$f":"OFFSET(CÁLCULO!H$15,ROW($T326)-ROW(T$15),0)","v":46},10.68,"BDI 1",{"$f":"IF($C326=\"S\",ROUND(IF(TIPOORCAMENTO=\"Proposto\",ORÇAMENTO.CustoUnitario*(1+$AH326),ORÇAMENTO.PrecoUnitarioLicitado),15-13*$AF$10),0)","v":13.35},{"$f":"IF($C326=\"S\",IF(Import.TipoArredondamento<>\"TransfereGOV\",VTOTAL1,SUM(OFFSET(CÁLCULO!$AA$15,ROW($X326)-ROW($X$15),1):OFFSET(CÁLCULO!$AL$15,ROW($X326)-ROW($X$15),-1))),IF($C326=0,0,ROUND(SomaAgrup,15-13*$AF$11)))","v":614.1},"RA","RA",{"$f":"IF($C326=\"S\",IF($Z326=\"CP\",$X326,IF($Z326=\"RA\",(($X326)*QCI!$AA$3),0)),SomaAgrup)","v":21.869944361442283},0,{"$f":"IF($N326=\"\",\"\",IF(ORÇAMENTO.Descricao=\"\",\"DESCRIÇÃO\",IF(AND($C326=\"S\",ORÇAMENTO.Unidade=\"\"),\"UNIDADE\",IF($X326<0,\"VALOR NEGATIVO\",IF(OR(AND(TIPOORCAMENTO=\"Proposto\",$AG326<>\"\",$AG326>0,ORÇAMENTO.CustoUnitario>$AG326),AND(TIPOORCAMENTO=\"LICITADO\",ORÇAMENTO.PrecoUnitarioLicitado>$AN326)),\"ACIMA REF.\",\"\")))))","v":""},{"$f":"IF(C326<=CRONO.NivelExibicao,MAX($AD$15:OFFSET(AD326,-1,0))+IF($C326<>1,1,MAX(1,COUNTIF(QCI!$A$13:$A$41,OFFSET($E326,-1,0)))),\"\")","v":""},{"$f":"IF(AND($C326=\"S\",ORÇAMENTO.CodBarra<>\"\"),IF(ORÇAMENTO.Fonte=\"\",ORÇAMENTO.CodBarra,CONCATENATE(ORÇAMENTO.Fonte,\" \",ORÇAMENTO.CodBarra)))","v":"SINAPI 89724"},{"$f":"IF(ISERROR(INDIRECT(ORÇAMENTO.BancoRef)),\"(abra o arquivo 'Referência \"&Excel_BuiltIn_Database&\".xlsm)\",IF(OR($C326<>\"S\",ORÇAMENTO.CodBarra=\"\"),\"(Sem Código)\",IF(ISERROR(MATCH($AE326,INDIRECT(ORÇAMENTO.BancoRef),0)),\"(Código não identificado nas referências)\",MATCH($AE326,INDIRECT(ORÇAMENTO.BancoRef),0))))","v":4164},{"$f":"ROUND(IF(DESONERACAO=\"sim\",REFERENCIA.Desonerado,REFERENCIA.NaoDesonerado),2)","v":10.68},0.25,null,46,null,null,614.1,13.35]
["S",2,"S",0,{"$f":"IF($C327=1,OFFSET(E327,-1,0)+MAX(1,COUNTIF(QCI!$A$13:$A$41,OFFSET(ORÇAMENTO!E327,-1,0))),OFFSET(E327,-1,0))","v":15},1,0,0,14,0,{"$f":"IF(OR($C327=\"S\",$C327=0),0,MATCH(OFFSET($D327,0,$C327)+IF($C327<>1,1,COUNTIF(QCI!$A$13:$A$41,ORÇAMENTO!E327)),OFFSET($D327,1,$C327,ROW($C$744)-ROW($C327)),0))","v":0},"F","Serviço","Serviço","15.1.14.","SINAPI","104341","BUCHA DE REDUÇÃO LONGA, PVC, SÉRIE NORMAL, ESGOTO PREDIAL, DN 50 X 40 MM, JUNTA SOLDÁVEL E ELÁSTICA, FORNECIDO E INSTALADO EM RAMAL DE DESCARGA OU RAMAL DE ESGOTO SANITÁRIO. AF_08/2022",{"$f":"REFERENCIA.Unidade","v":"UN"},{"$f":"OFFSET(CÁLCULO!H$15,ROW($T327)-ROW(T$15),0)","v":24},11.09,"BDI 1",{"$f":"IF($C327=\"S\",ROUND(IF(TIPOORCAMENTO=\"Proposto\",ORÇAMENTO.CustoUnitario*(1+$AH327),ORÇAMENTO.PrecoUnitarioLicitado),15-13*$AF$10),0)","v":13.86},{"$f":"IF($C327=\"S\",IF(Import.TipoArredondamento<>\"TransfereGOV\",VTOTAL1,SUM(OFFSET(CÁLCULO!$AA$15,ROW($X327)-ROW($X$15),1):OFFSET(CÁLCULO!$AL$15,ROW($X327)-ROW($X$15),-1))),IF($C327=0,0,ROUND(SomaAgrup,15-13*$AF$11)))","v":332.64},"RA","RA",{"$f":"IF($C327=\"S\",IF($Z327=\"CP\",$X327,IF($Z327=\"RA\",(($X327)*QCI!$AA$3),0)),SomaAgrup)","v":11.846308894952223},0,{"$f":"IF($N327=\"\",\"\",IF(ORÇAMENTO.Descricao=\"\",\"DESCRIÇÃO\",IF(AND($C327=\"S\",ORÇAMENTO.Unidade=\"\"),\"UNIDADE\",IF($X327<0,\"VALOR NEGATIVO\",IF(OR(AND(TIPOORCAMENTO=\"Proposto\",$AG327<>\"\",$AG327>0,ORÇAMENTO.CustoUnitario>$AG327),AND(TIPOORCAMENTO=\"LICITADO\",ORÇAMENTO.PrecoUnitarioLicitado>$AN327)),\"ACIMA REF.\",\"\")))))","v":""},{"$f":"IF(C327<=CRONO.NivelExibicao,MAX($AD$15:OFFSET(AD327,-1,0))+IF($C327<>1,1,MAX(1,COUNTIF(QCI!$A$13:$A$41,OFFSET($E327,-1,0)))),\"\")","v":""},{"$f":"IF(AND($C327=\"S\",ORÇAMENTO.CodBarra<>\"\"),IF(ORÇAMENTO.Fonte=\"\",ORÇAMENTO.CodBarra,CONCATENATE(ORÇAMENTO.Fonte,\" \",ORÇAMENTO.CodBarra)))","v":"SINAPI 104341"},{"$f":"IF(ISERROR(INDIRECT(ORÇAMENTO.BancoRef)),\"(abra o arquivo 'Referência \"&Excel_BuiltIn_Database&\".xlsm)\",IF(OR($C327<>\"S\",ORÇAMENTO.CodBarra=\"\"),\"(Sem Código)\",IF(ISERROR(MATCH($AE327,INDIRECT(ORÇAMENTO.BancoRef),0)),\"(Código não identificado nas referências)\",MATCH($AE327,INDIRECT(ORÇAMENTO.BancoRef),0))))","v":5131},{"$f":"ROUND(IF(DESONERACAO=\"sim\",REFERENCIA.Desonerado,REFERENCIA.NaoDesonerado),2)","v":11.09},0.25,null,24,null,null,332.64,13.86]
["S",2,"S",0,{"$f":"IF($C328=1,OFFSET(E328,-1,0)+MAX(1,COUNTIF(QCI!$A$13:$A$41,OFFSET(ORÇAMENTO!E328,-1,0))),OFFSET(E328,-1,0))","v":15},1,0,0,15,0,{"$f":"IF(OR($C328=\"S\",$C328=0),0,MATCH(OFFSET($D328,0,$C328)+IF($C328<>1,1,COUNTIF(QCI!$A$13:$A$41,ORÇAMENTO!E328)),OFFSET($D328,1,$C328,ROW($C$744)-ROW($C328)),0))","v":0},"F","Serviço","Serviço","15.1.15.","SINAPI","89748","CURVA CURTA 90 GRAUS, PVC, SERIE NORMAL, ESGOTO PREDIAL, DN 100 MM, JUNTA ELÁSTICA, FORNECIDO E INSTALADO EM RAMAL DE DESCARGA OU RAMAL DE ESGOTO SANITÁRIO. AF_08/2022",{"$f":"REFERENCIA.Unidade","v":"UN"},{"$f":"OFFSET(CÁLCULO!H$15,ROW($T328)-ROW(T$15),0)","v":24},42.98,"BDI 1",{"$f":"IF($C328=\"S\",ROUND(IF(TIPOORCAMENTO=\"Proposto\",ORÇAMENTO.CustoUnitario*(1+$AH328),ORÇAMENTO.PrecoUnitarioLicitado),15-13*$AF$10),0)","v":53.73},{"$f":"IF($C328=\"S\",IF(Import.TipoArredondamento<>\"TransfereGOV\",VTOTAL1,SUM(OFFSET(CÁLCULO!$AA$15,ROW($X328)-ROW($X$15),1):OFFSET(CÁLCULO!$AL$15,ROW($X328)-ROW($X$15),-1))),IF($C328=0,0,ROUND(SomaAgrup,15-13*$AF$11)))","v":1289.52},"RA","RA",{"$f":"IF($C328=\"S\",IF($Z328=\"CP\",$X328,IF($Z328=\"RA\",(($X328)*QCI!$AA$3),0)),SomaAgrup)","v":45.92367798887323},0,{"$f":"IF($N328=\"\",\"\",IF(ORÇAMENTO.Descricao=\"\",\"DESCRIÇÃO\",IF(AND($C328=\"S\",ORÇAMENTO.Unidade=\"\"),\"UNIDADE\",IF($X328<0,\"VALOR NEGATIVO\",IF(OR(AND(TIPOORCAMENTO=\"Proposto\",$AG328<>\"\",$AG328>0,ORÇAMENTO.CustoUnitario>$AG328),AND(TIPOORCAMENTO=\"LICITADO\",ORÇAMENTO.PrecoUnitarioLicitado>$AN328)),\"ACIMA REF.\",\"\")))))","v":""},{"$f":"IF(C328<=CRONO.NivelExibicao,MAX($AD$15:OFFSET(AD328,-1,0))+IF($C328<>1,1,MAX(1,COUNTIF(QCI!$A$13:$A$41,OFFSET($E328,-1,0)))),\"\")","v":""},{"$f":"IF(AND($C328=\"S\",ORÇAMENTO.CodBarra<>\"\"),IF(ORÇAMENTO.Fonte=\"\",ORÇAMENTO.CodBarra,CONCATENATE(ORÇAMENTO.Fonte,\" \",ORÇAMENTO.CodBarra)))","v":"SINAPI 89748"},{"$f":"IF(ISERROR(INDIRECT(ORÇAMENTO.BancoRef)),\"(abra o arquivo 'Referência \"&Excel_BuiltIn_Database&\".xlsm)\",IF(OR($C328<>\"S\",ORÇAMENTO.CodBarra=\"\"),\"(Sem Código)\",IF(ISERROR(MATCH($AE328,INDIRECT(ORÇAMENTO.BancoRef),0)),\"(Código não identificado nas referências)\",MATCH($AE328,INDIRECT(ORÇAMENTO.BancoRef),0))))","v":4187},{"$f":"ROUND(IF(DESONERACAO=\"sim\",REFERENCIA.Desonerado,REFERENCIA.NaoDesonerado),2)","v":42.98},0.25,null,24,null,null,1289.52,53.73]
["S",2,"S",0,{"$f":"IF($C329=1,OFFSET(E329,-1,0)+MAX(1,COUNTIF(QCI!$A$13:$A$41,OFFSET(ORÇAMENTO!E329,-1,0))),OFFSET(E329,-1,0))","v":15},1,0,0,16,0,{"$f":"IF(OR($C329=\"S\",$C329=0),0,MATCH(OFFSET($D329,0,$C329)+IF($C329<>1,1,COUNTIF(QCI!$A$13:$A$41,ORÇAMENTO!E329)),OFFSET($D329,1,$C329,ROW($C$744)-ROW($C329)),0))","v":0},"F","Serviço","Serviço","15.1.16.","SINAPI","89728","CURVA CURTA 90 GRAUS, PVC, SERIE NORMAL, ESGOTO PREDIAL, DN 40 MM, JUNTA SOLDÁVEL, FORNECIDO E INSTALADO EM RAMAL DE DESCARGA OU RAMAL DE ESGOTO SANITÁRIO. AF_08/2022",{"$f":"REFERENCIA.Unidade","v":"UN"},{"$f":"OFFSET(CÁLCULO!H$15,ROW($T329)-ROW(T$15),0)","v":74},13.62,"BDI 1",{"$f":"IF($C329=\"S\",ROUND(IF(TIPOORCAMENTO=\"Proposto\",ORÇAMENTO.CustoUnitario*(1+$AH329),ORÇAMENTO.PrecoUnitarioLicitado),15-13*$AF$10),0)","v":17.03},{"$f":"IF($C329=\"S\",IF(Import.TipoArredondamento<>\"TransfereGOV\",VTOTAL1,SUM(OFFSET(CÁLCULO!$AA$15,ROW($X329)-ROW($X$15),1):OFFSET(CÁLCULO!$AL$15,ROW($X329)-ROW($X$15),-1))),IF($C329=0,0,ROUND(SomaAgrup,15-13*$AF$11)))","v":1260.22},"RA","RA",{"$f":"IF($C329=\"S\",IF($Z329=\"CP\",$X329,IF($Z329=\"RA\",(($X329)*QCI!$AA$3),0)),SomaAgrup)","v":44.880217038229596},0,{"$f":"IF($N329=\"\",\"\",IF(ORÇAMENTO.Descricao=\"\",\"DESCRIÇÃO\",IF(AND($C329=\"S\",ORÇAMENTO.Unidade=\"\"),\"UNIDADE\",IF($X329<0,\"VALOR NEGATIVO\",IF(OR(AND(TIPOORCAMENTO=\"Proposto\",$AG329<>\"\",$AG329>0,ORÇAMENTO.CustoUnitario>$AG329),AND(TIPOORCAMENTO=\"LICITADO\",ORÇAMENTO.PrecoUnitarioLicitado>$AN329)),\"ACIMA REF.\",\"\")))))","v":""},{"$f":"IF(C329<=CRONO.NivelExibicao,MAX($AD$15:OFFSET(AD329,-1,0))+IF($C329<>1,1,MAX(1,COUNTIF(QCI!$A$13:$A$41,OFFSET($E329,-1,0)))),\"\")","v":""},{"$f":"IF(AND($C329=\"S\",ORÇAMENTO.CodBarra<>\"\"),IF(ORÇAMENTO.Fonte=\"\",ORÇAMENTO.CodBarra,CONCATENATE(ORÇAMENTO.Fonte,\" \",ORÇAMENTO.CodBarra)))","v":"SINAPI 89728"},{"$f":"IF(ISERROR(INDIRECT(ORÇAMENTO.BancoRef)),\"(abra o arquivo 'Referência \"&Excel_BuiltIn_Database&\".xlsm)\",IF(OR($C329<>\"S\",ORÇAMENTO.CodBarra=\"\"),\"(Sem Código)\",IF(ISERROR(MATCH($AE329,INDIRECT(ORÇAMENTO.BancoRef),0)),\"(Código não identificado nas referências)\",MATCH($AE329,INDIRECT(ORÇAMENTO.BancoRef),0))))","v":4168},{"$f":"ROUND(IF(DESONERACAO=\"sim\",REFERENCIA.Desonerado,REFERENCIA.NaoDesonerado),2)","v":13.62},0.25,null,74,null,null,1260.22,17.03]
["S",2,"S",0,{"$f":"IF($C330=1,OFFSET(E330,-1,0)+MAX(1,COUNTIF(QCI!$A$13:$A$41,OFFSET(ORÇAMENTO!E330,-1,0))),OFFSET(E330,-1,0))","v":15},1,0,0,17,0,{"$f":"IF(OR($C330=\"S\",$C330=0),0,MATCH(OFFSET($D330,0,$C330)+IF($C330<>1,1,COUNTIF(QCI!$A$13:$A$41,ORÇAMENTO!E330)),OFFSET($D330,1,$C330,ROW($C$744)-ROW($C330)),0))","v":0},"F","Serviço","Serviço","15.1.17.","SINAPI","89803","CURVA CURTA 90 GRAUS, PVC, SERIE NORMAL, ESGOTO PREDIAL, DN 50 MM, JUNTA ELÁSTICA, FORNECIDO E INSTALADO EM PRUMADA DE ESGOTO SANITÁRIO OU VENTILAÇÃO. AF_08/2022",{"$f":"REFERENCIA.Unidade","v":"UN"},{"$f":"OFFSET(CÁLCULO!H$15,ROW($T330)-ROW(T$15),0)","v":8},18.21,"BDI 1",{"$f":"IF($C330=\"S\",ROUND(IF(TIPOORCAMENTO=\"Proposto\",ORÇAMENTO.CustoUnitario*(1+$AH330),ORÇAMENTO.PrecoUnitarioLicitado),15-13*$AF$10),0)","v":22.76},{"$f":"IF($C330=\"S\",IF(Import.TipoArredondamento<>\"TransfereGOV\",VTOTAL1,SUM(OFFSET(CÁLCULO!$AA$15,ROW($X330)-ROW($X$15),1):OFFSET(CÁLCULO!$AL$15,ROW($X330)-ROW($X$15),-1))),IF($C330=0,0,ROUND(SomaAgrup,15-13*$AF$11)))","v":182.08},"RA","RA",{"$f":"IF($C330=\"S\",IF($Z330=\"CP\",$X330,IF($Z330=\"RA\",(($X330)*QCI!$AA$3),0)),SomaAgrup)","v":6.4844153547165142},0,{"$f":"IF($N330=\"\",\"\",IF(ORÇAMENTO.Descricao=\"\",\"DESCRIÇÃO\",IF(AND($C330=\"S\",ORÇAMENTO.Unidade=\"\"),\"UNIDADE\",IF($X330<0,\"VALOR NEGATIVO\",IF(OR(AND(TIPOORCAMENTO=\"Proposto\",$AG330<>\"\",$AG330>0,ORÇAMENTO.CustoUnitario>$AG330),AND(TIPOORCAMENTO=\"LICITADO\",ORÇAMENTO.PrecoUnitarioLicitado>$AN330)),\"ACIMA REF.\",\"\")))))","v":""},{"$f":"IF(C330<=CRONO.NivelExibicao,MAX($AD$15:OFFSET(AD330,-1,0))+IF($C330<>1,1,MAX(1,COUNTIF(QCI!$A$13:$A$41,OFFSET($E330,-1,0)))),\"\")","v":""},{"$f":"IF(AND($C330=\"S\",ORÇAMENTO.CodBarra<>\"\"),IF(ORÇAMENTO.Fonte=\"\",ORÇAMENTO.CodBarra,CONCATENATE(ORÇAMENTO.Fonte,\" \",ORÇAMENTO.CodBarra)))","v":"SINAPI 89803"},{"$f":"IF(ISERROR(INDIRECT(ORÇAMENTO.BancoRef)),\"(abra o arquivo 'Referência \"&Excel_BuiltIn_Database&\".xlsm)\",IF(OR($C330<>\"S\",ORÇAMENTO.CodBarra=\"\"),\"(Sem Código)\",IF(ISERROR(MATCH($AE330,INDIRECT(ORÇAMENTO.BancoRef),0)),\"(Código não identificado nas referências)\",MATCH($AE330,INDIRECT(ORÇAMENTO.BancoRef),0))))","v":4233},{"$f":"ROUND(IF(DESONERACAO=\"sim\",REFERENCIA.Desonerado,REFERENCIA.NaoDesonerado),2)","v":18.21},0.25,null,8,null,null,182.08,22.76]
["S",2,"S",0,{"$f":"IF($C331=1,OFFSET(E331,-1,0)+MAX(1,COUNTIF(QCI!$A$13:$A$41,OFFSET(ORÇAMENTO!E331,-1,0))),OFFSET(E331,-1,0))","v":15},1,0,0,18,0,{"$f":"IF(OR($C331=\"S\",$C331=0),0,MATCH(OFFSET($D331,0,$C331)+IF($C331<>1,1,COUNTIF(QCI!$A$13:$A$41,ORÇAMENTO!E331)),OFFSET($D331,1,$C331,ROW($C$744)-ROW($C331)),0))","v":0},"F","Serviço","Serviço","15.1.18.","SINAPI","104063","CURVA LONGA, 45 GRAUS, PVC OCRE, JUNTA ELÁSTICA, DN 100 MM, PARA COLETOR PREDIAL DE ESGOTO. AF_06/2022",{"$f":"REFERENCIA.Unidade","v":"UN"},{"$f":"OFFSET(CÁLCULO!H$15,ROW($T331)-ROW(T$15),0)","v":5},67.78,"BDI 1",{"$f":"IF($C331=\"S\",ROUND(IF(TIPOORCAMENTO=\"Proposto\",ORÇAMENTO.CustoUnitario*(1+$AH331),ORÇAMENTO.PrecoUnitarioLicitado),15-13*$AF$10),0)","v":84.73},{"$f":"IF($C331=\"S\",IF(Import.TipoArredondamento<>\"TransfereGOV\",VTOTAL1,SUM(OFFSET(CÁLCULO!$AA$15,ROW($X331)-ROW($X$15),1):OFFSET(CÁLCULO!$AL$15,ROW($X331)-ROW($X$15),-1))),IF($C331=0,0,ROUND(SomaAgrup,15-13*$AF$11)))","v":423.65},"RA","RA",{"$f":"IF($C331=\"S\",IF($Z331=\"CP\",$X331,IF($Z331=\"RA\",(($X331)*QCI!$AA$3),0)),SomaAgrup)","v":15.087448182258626},0,{"$f":"IF($N331=\"\",\"\",IF(ORÇAMENTO.Descricao=\"\",\"DESCRIÇÃO\",IF(AND($C331=\"S\",ORÇAMENTO.Unidade=\"\"),\"UNIDADE\",IF($X331<0,\"VALOR NEGATIVO\",IF(OR(AND(TIPOORCAMENTO=\"Proposto\",$AG331<>\"\",$AG331>0,ORÇAMENTO.CustoUnitario>$AG331),AND(TIPOORCAMENTO=\"LICITADO\",ORÇAMENTO.PrecoUnitarioLicitado>$AN331)),\"ACIMA REF.\",\"\")))))","v":""},{"$f":"IF(C331<=CRONO.NivelExibicao,MAX($AD$15:OFFSET(AD331,-1,0))+IF($C331<>1,1,MAX(1,COUNTIF(QCI!$A$13:$A$41,OFFSET($E331,-1,0)))),\"\")","v":""},{"$f":"IF(AND($C331=\"S\",ORÇAMENTO.CodBarra<>\"\"),IF(ORÇAMENTO.Fonte=\"\",ORÇAMENTO.CodBarra,CONCATENATE(ORÇAMENTO.Fonte,\" \",ORÇAMENTO.CodBarra)))","v":"SINAPI 104063"},{"$f":"IF(ISERROR(INDIRECT(ORÇAMENTO.BancoRef)),\"(abra o arquivo 'Referência \"&Excel_BuiltIn_Database&\".xlsm)\",IF(OR($C331<>\"S\",ORÇAMENTO.CodBarra=\"\"),\"(Sem Código)\",IF(ISERROR(MATCH($AE331,INDIRECT(ORÇAMENTO.BancoRef),0)),\"(Código não identificado nas referências)\",MATCH($AE331,INDIRECT(ORÇAMENTO.BancoRef),0))))","v":5720},{"$f":"ROUND(IF(DESONERACAO=\"sim\",REFERENCIA.Desonerado,REFERENCIA.NaoDesonerado),2)","v":67.78},0.25,null,5,null,null,423.65,84.73]
["S",2,"S",0,{"$f":"IF($C332=1,OFFSET(E332,-1,0)+MAX(1,COUNTIF(QCI!$A$13:$A$41,OFFSET(ORÇAMENTO!E332,-1,0))),OFFSET(E332,-1,0))","v":15},1,0,0,19,0,{"$f":"IF(OR($C332=\"S\",$C332=0),0,MATCH(OFFSET($D332,0,$C332)+IF($C332<>1,1,COUNTIF(QCI!$A$13:$A$41,ORÇAMENTO!E332)),OFFSET($D332,1,$C332,ROW($C$744)-ROW($C332)),0))","v":0},"F","Serviço","Serviço","15.1.19.","SINAPI","FNDE 417","CURVA LONGA 45 GRAUS, PVC, SERIE NORMAL, ESGOTO PREDIAL, DN 75 MM, JUNTA ELÁSTICA, FORNECIDO E INSTALADO EM PRUMADA DE ESGOTO SANITÁRIO OU VENTILAÇÃO","UN",{"$f":"OFFSET(CÁLCULO!H$15,ROW($T332)-ROW(T$15),0)","v":3},58.72,"BDI 1",{"$f":"IF($C332=\"S\",ROUND(IF(TIPOORCAMENTO=\"Proposto\",ORÇAMENTO.CustoUnitario*(1+$AH332),ORÇAMENTO.PrecoUnitarioLicitado),15-13*$AF$10),0)","v":73.400000000000006},{"$f":"IF($C332=\"S\",IF(Import.TipoArredondamento<>\"TransfereGOV\",VTOTAL1,SUM(OFFSET(CÁLCULO!$AA$15,ROW($X332)-ROW($X$15),1):OFFSET(CÁLCULO!$AL$15,ROW($X332)-ROW($X$15),-1))),IF($C332=0,0,ROUND(SomaAgrup,15-13*$AF$11)))","v":220.2},"RA","RA",{"$f":"IF($C332=\"S\",IF($Z332=\"CP\",$X332,IF($Z332=\"RA\",(($X332)*QCI!$AA$3),0)),SomaAgrup)","v":7.8419829806050974},0,{"$f":"IF($N332=\"\",\"\",IF(ORÇAMENTO.Descricao=\"\",\"DESCRIÇÃO\",IF(AND($C332=\"S\",ORÇAMENTO.Unidade=\"\"),\"UNIDADE\",IF($X332<0,\"VALOR NEGATIVO\",IF(OR(AND(TIPOORCAMENTO=\"Proposto\",$AG332<>\"\",$AG332>0,ORÇAMENTO.CustoUnitario>$AG332),AND(TIPOORCAMENTO=\"LICITADO\",ORÇAMENTO.PrecoUnitarioLicitado>$AN332)),\"ACIMA REF.\",\"\")))))","v":""},{"$f":"IF(C332<=CRONO.NivelExibicao,MAX($AD$15:OFFSET(AD332,-1,0))+IF($C332<>1,1,MAX(1,COUNTIF(QCI!$A$13:$A$41,OFFSET($E332,-1,0)))),\"\")","v":""},{"$f":"IF(AND($C332=\"S\",ORÇAMENTO.CodBarra<>\"\"),IF(ORÇAMENTO.Fonte=\"\",ORÇAMENTO.CodBarra,CONCATENATE(ORÇAMENTO.Fonte,\" \",ORÇAMENTO.CodBarra)))","v":"SINAPI FNDE 417"},{"$f":"IF(ISERROR(INDIRECT(ORÇAMENTO.BancoRef)),\"(abra o arquivo 'Referência \"&Excel_BuiltIn_Database&\".xlsm)\",IF(OR($C332<>\"S\",ORÇAMENTO.CodBarra=\"\"),\"(Sem Código)\",IF(ISERROR(MATCH($AE332,INDIRECT(ORÇAMENTO.BancoRef),0)),\"(Código não identificado nas referências)\",MATCH($AE332,INDIRECT(ORÇAMENTO.BancoRef),0))))","v":"(Código não identificado nas referências)"},{"$f":"ROUND(IF(DESONERACAO=\"sim\",REFERENCIA.Desonerado,REFERENCIA.NaoDesonerado),2)","v":0},0.25,null,3,null,null,220.2,73.400000000000006]
["S",2,"S",0,{"$f":"IF($C333=1,OFFSET(E333,-1,0)+MAX(1,COUNTIF(QCI!$A$13:$A$41,OFFSET(ORÇAMENTO!E333,-1,0))),OFFSET(E333,-1,0))","v":15},1,0,0,20,0,{"$f":"IF(OR($C333=\"S\",$C333=0),0,MATCH(OFFSET($D333,0,$C333)+IF($C333<>1,1,COUNTIF(QCI!$A$13:$A$41,ORÇAMENTO!E333)),OFFSET($D333,1,$C333,ROW($C$744)-ROW($C333)),0))","v":0},"F","Serviço","Serviço","15.1.20.","SINAPI","89834","JUNÇÃO SIMPLES, PVC, SERIE NORMAL, ESGOTO PREDIAL, DN 100 X 100 MM, JUNTA ELÁSTICA, FORNECIDO E INSTALADO EM PRUMADA DE ESGOTO SANITÁRIO OU VENTILAÇÃO. AF_08/2022",{"$f":"REFERENCIA.Unidade","v":"UN"},{"$f":"OFFSET(CÁLCULO!H$15,ROW($T333)-ROW(T$15),0)","v":13},53.45,"BDI 1",{"$f":"IF($C333=\"S\",ROUND(IF(TIPOORCAMENTO=\"Proposto\",ORÇAMENTO.CustoUnitario*(1+$AH333),ORÇAMENTO.PrecoUnitarioLicitado),15-13*$AF$10),0)","v":66.81},{"$f":"IF($C333=\"S\",IF(Import.TipoArredondamento<>\"TransfereGOV\",VTOTAL1,SUM(OFFSET(CÁLCULO!$AA$15,ROW($X333)-ROW($X$15),1):OFFSET(CÁLCULO!$AL$15,ROW($X333)-ROW($X$15),-1))),IF($C333=0,0,ROUND(SomaAgrup,15-13*$AF$11)))","v":868.53},"RA","RA",{"$f":"IF($C333=\"S\",IF($Z333=\"CP\",$X333,IF($Z333=\"RA\",(($X333)*QCI!$AA$3),0)),SomaAgrup)","v":30.930960391212288},0,{"$f":"IF($N333=\"\",\"\",IF(ORÇAMENTO.Descricao=\"\",\"DESCRIÇÃO\",IF(AND($C333=\"S\",ORÇAMENTO.Unidade=\"\"),\"UNIDADE\",IF($X333<0,\"VALOR NEGATIVO\",IF(OR(AND(TIPOORCAMENTO=\"Proposto\",$AG333<>\"\",$AG333>0,ORÇAMENTO.CustoUnitario>$AG333),AND(TIPOORCAMENTO=\"LICITADO\",ORÇAMENTO.PrecoUnitarioLicitado>$AN333)),\"ACIMA REF.\",\"\")))))","v":""},{"$f":"IF(C333<=CRONO.NivelExibicao,MAX($AD$15:OFFSET(AD333,-1,0))+IF($C333<>1,1,MAX(1,COUNTIF(QCI!$A$13:$A$41,OFFSET($E333,-1,0)))),\"\")","v":""},{"$f":"IF(AND($C333=\"S\",ORÇAMENTO.CodBarra<>\"\"),IF(ORÇAMENTO.Fonte=\"\",ORÇAMENTO.CodBarra,CONCATENATE(ORÇAMENTO.Fonte,\" \",ORÇAMENTO.CodBarra)))","v":"SINAPI 89834"},{"$f":"IF(ISERROR(INDIRECT(ORÇAMENTO.BancoRef)),\"(abra o arquivo 'Referência \"&Excel_BuiltIn_Database&\".xlsm)\",IF(OR($C333<>\"S\",ORÇAMENTO.CodBarra=\"\"),\"(Sem Código)\",IF(ISERROR(MATCH($AE333,INDIRECT(ORÇAMENTO.BancoRef),0)),\"(Código não identificado nas referências)\",MATCH($AE333,INDIRECT(ORÇAMENTO.BancoRef),0))))","v":4263},{"$f":"ROUND(IF(DESONERACAO=\"sim\",REFERENCIA.Desonerado,REFERENCIA.NaoDesonerado),2)","v":53.45},0.25,null,13,null,null,868.53,66.81]
["S",2,"S",0,{"$f":"IF($C334=1,OFFSET(E334,-1,0)+MAX(1,COUNTIF(QCI!$A$13:$A$41,OFFSET(ORÇAMENTO!E334,-1,0))),OFFSET(E334,-1,0))","v":15},1,0,0,21,0,{"$f":"IF(OR($C334=\"S\",$C334=0),0,MATCH(OFFSET($D334,0,$C334)+IF($C334<>1,1,COUNTIF(QCI!$A$13:$A$41,ORÇAMENTO!E334)),OFFSET($D334,1,$C334,ROW($C$744)-ROW($C334)),0))","v":0},"F","Serviço","Serviço","15.1.21.","SINAPI","89827","JUNÇÃO SIMPLES, PVC, SERIE NORMAL, ESGOTO PREDIAL, DN 50 X 50 MM, JUNTA ELÁSTICA, FORNECIDO E INSTALADO EM PRUMADA DE ESGOTO SANITÁRIO OU VENTILAÇÃO. AF_08/2022",{"$f":"REFERENCIA.Unidade","v":"UN"},{"$f":"OFFSET(CÁLCULO!H$15,ROW($T334)-ROW(T$15),0)","v":21},19.55,"BDI 1",{"$f":"IF($C334=\"S\",ROUND(IF(TIPOORCAMENTO=\"Proposto\",ORÇAMENTO.CustoUnitario*(1+$AH334),ORÇAMENTO.PrecoUnitarioLicitado),15-13*$AF$10),0)","v":24.44},{"$f":"IF($C334=\"S\",IF(Import.TipoArredondamento<>\"TransfereGOV\",VTOTAL1,SUM(OFFSET(CÁLCULO!$AA$15,ROW($X334)-ROW($X$15),1):OFFSET(CÁLCULO!$AL$15,ROW($X334)-ROW($X$15),-1))),IF($C334=0,0,ROUND(SomaAgrup,15-13*$AF$11)))","v":513.24},"RA","RA",{"$f":"IF($C334=\"S\",IF($Z334=\"CP\",$X334,IF($Z334=\"RA\",(($X334)*QCI!$AA$3),0)),SomaAgrup)","v":18.27801700711063},0,{"$f":"IF($N334=\"\",\"\",IF(ORÇAMENTO.Descricao=\"\",\"DESCRIÇÃO\",IF(AND($C334=\"S\",ORÇAMENTO.Unidade=\"\"),\"UNIDADE\",IF($X334<0,\"VALOR NEGATIVO\",IF(OR(AND(TIPOORCAMENTO=\"Proposto\",$AG334<>\"\",$AG334>0,ORÇAMENTO.CustoUnitario>$AG334),AND(TIPOORCAMENTO=\"LICITADO\",ORÇAMENTO.PrecoUnitarioLicitado>$AN334)),\"ACIMA REF.\",\"\")))))","v":""},{"$f":"IF(C334<=CRONO.NivelExibicao,MAX($AD$15:OFFSET(AD334,-1,0))+IF($C334<>1,1,MAX(1,COUNTIF(QCI!$A$13:$A$41,OFFSET($E334,-1,0)))),\"\")","v":""},{"$f":"IF(AND($C334=\"S\",ORÇAMENTO.CodBarra<>\"\"),IF(ORÇAMENTO.Fonte=\"\",ORÇAMENTO.CodBarra,CONCATENATE(ORÇAMENTO.Fonte,\" \",ORÇAMENTO.CodBarra)))","v":"SINAPI 89827"},{"$f":"IF(ISERROR(INDIRECT(ORÇAMENTO.BancoRef)),\"(abra o arquivo 'Referência \"&Excel_BuiltIn_Database&\".xlsm)\",IF(OR($C334<>\"S\",ORÇAMENTO.CodBarra=\"\"),\"(Sem Código)\",IF(ISERROR(MATCH($AE334,INDIRECT(ORÇAMENTO.BancoRef),0)),\"(Código não identificado nas referências)\",MATCH($AE334,INDIRECT(ORÇAMENTO.BancoRef),0))))","v":4256},{"$f":"ROUND(IF(DESONERACAO=\"sim\",REFERENCIA.Desonerado,REFERENCIA.NaoDesonerado),2)","v":19.55},0.25,null,21,null,null,513.24,24.44]
["S",2,"S",0,{"$f":"IF($C335=1,OFFSET(E335,-1,0)+MAX(1,COUNTIF(QCI!$A$13:$A$41,OFFSET(ORÇAMENTO!E335,-1,0))),OFFSET(E335,-1,0))","v":15},1,0,0,22,0,{"$f":"IF(OR($C335=\"S\",$C335=0),0,MATCH(OFFSET($D335,0,$C335)+IF($C335<>1,1,COUNTIF(QCI!$A$13:$A$41,ORÇAMENTO!E335)),OFFSET($D335,1,$C335,ROW($C$744)-ROW($C335)),0))","v":0},"F","Serviço","Serviço","15.1.22.","SINAPI","89783","JUNÇÃO SIMPLES, PVC, SERIE NORMAL, ESGOTO PREDIAL, DN 40 MM, JUNTA SOLDÁVEL, FORNECIDO E INSTALADO EM RAMAL DE DESCARGA OU RAMAL DE ESGOTO SANITÁRIO. AF_08/2022",{"$f":"REFERENCIA.Unidade","v":"UN"},{"$f":"OFFSET(CÁLCULO!H$15,ROW($T335)-ROW(T$15),0)","v":9},15.54,"BDI 1",{"$f":"IF($C335=\"S\",ROUND(IF(TIPOORCAMENTO=\"Proposto\",ORÇAMENTO.CustoUnitario*(1+$AH335),ORÇAMENTO.PrecoUnitarioLicitado),15-13*$AF$10),0)","v":19.43},{"$f":"IF($C335=\"S\",IF(Import.TipoArredondamento<>\"TransfereGOV\",VTOTAL1,SUM(OFFSET(CÁLCULO!$AA$15,ROW($X335)-ROW($X$15),1):OFFSET(CÁLCULO!$AL$15,ROW($X335)-ROW($X$15),-1))),IF($C335=0,0,ROUND(SomaAgrup,15-13*$AF$11)))","v":174.87},"RA","RA",{"$f":"IF($C335=\"S\",IF($Z335=\"CP\",$X335,IF($Z335=\"RA\",(($X335)*QCI!$AA$3),0)),SomaAgrup)","v":6.227645612254376},0,{"$f":"IF($N335=\"\",\"\",IF(ORÇAMENTO.Descricao=\"\",\"DESCRIÇÃO\",IF(AND($C335=\"S\",ORÇAMENTO.Unidade=\"\"),\"UNIDADE\",IF($X335<0,\"VALOR NEGATIVO\",IF(OR(AND(TIPOORCAMENTO=\"Proposto\",$AG335<>\"\",$AG335>0,ORÇAMENTO.CustoUnitario>$AG335),AND(TIPOORCAMENTO=\"LICITADO\",ORÇAMENTO.PrecoUnitarioLicitado>$AN335)),\"ACIMA REF.\",\"\")))))","v":""},{"$f":"IF(C335<=CRONO.NivelExibicao,MAX($AD$15:OFFSET(AD335,-1,0))+IF($C335<>1,1,MAX(1,COUNTIF(QCI!$A$13:$A$41,OFFSET($E335,-1,0)))),\"\")","v":""},{"$f":"IF(AND($C335=\"S\",ORÇAMENTO.CodBarra<>\"\"),IF(ORÇAMENTO.Fonte=\"\",ORÇAMENTO.CodBarra,CONCATENATE(ORÇAMENTO.Fonte,\" \",ORÇAMENTO.CodBarra)))","v":"SINAPI 89783"},{"$f":"IF(ISERROR(INDIRECT(ORÇAMENTO.BancoRef)),\"(abra o arquivo 'Referência \"&Excel_BuiltIn_Database&\".xlsm)\",IF(OR($C335<>\"S\",ORÇAMENTO.CodBarra=\"\"),\"(Sem Código)\",IF(ISERROR(MATCH($AE335,INDIRECT(ORÇAMENTO.BancoRef),0)),\"(Código não identificado nas referências)\",MATCH($AE335,INDIRECT(ORÇAMENTO.BancoRef),0))))","v":4216},{"$f":"ROUND(IF(DESONERACAO=\"sim\",REFERENCIA.Desonerado,REFERENCIA.NaoDesonerado),2)","v":15.54},0.25,null,9,null,null,174.87,19.43]
["S",2,"S",0,{"$f":"IF($C336=1,OFFSET(E336,-1,0)+MAX(1,COUNTIF(QCI!$A$13:$A$41,OFFSET(ORÇAMENTO!E336,-1,0))),OFFSET(E336,-1,0))","v":15},1,0,0,23,{"$f":"IF(OR($C336=\"S\",$C336=0),0,MATCH(0,OFFSET($D336,1,$C336,ROW($C$744)-ROW($C336)),0))","v":0},{"$f":"IF(OR($C336=\"S\",$C336=0),0,MATCH(OFFSET($D336,0,$C336)+IF($C336<>1,1,COUNTIF(QCI!$A$13:$A$41,ORÇAMENTO!E336)),OFFSET($D336,1,$C336,ROW($C$744)-ROW($C336)),0))","v":0},"F","Serviço","Serviço","15.1.23.","SINAPI","89569","JUNÇÃO SIMPLES, PVC, SERIE R, ÁGUA PLUVIAL, DN 100 X 75 MM, JUNTA ELÁSTICA, FORNECIDO E INSTALADO EM RAMAL DE ENCAMINHAMENTO. AF_06/2022",{"$f":"REFERENCIA.Unidade","v":"UN"},{"$f":"OFFSET(CÁLCULO!H$15,ROW($T336)-ROW(T$15),0)","v":6},92.3,"BDI 1",{"$f":"IF($C336=\"S\",ROUND(IF(TIPOORCAMENTO=\"Proposto\",ORÇAMENTO.CustoUnitario*(1+$AH336),ORÇAMENTO.PrecoUnitarioLicitado),15-13*$AF$10),0)","v":115.38},{"$f":"IF($C336=\"S\",IF(Import.TipoArredondamento<>\"TransfereGOV\",VTOTAL1,SUM(OFFSET(CÁLCULO!$AA$15,ROW($X336)-ROW($X$15),1):OFFSET(CÁLCULO!$AL$15,ROW($X336)-ROW($X$15),-1))),IF($C336=0,0,ROUND(SomaAgrup,15-13*$AF$11)))","v":692.28},"RA","RA",{"$f":"IF($C336=\"S\",IF($Z336=\"CP\",$X336,IF($Z336=\"RA\",(($X336)*QCI!$AA$3),0)),SomaAgrup)","v":24.654168836572648},0,{"$f":"IF($N336=\"\",\"\",IF(ORÇAMENTO.Descricao=\"\",\"DESCRIÇÃO\",IF(AND($C336=\"S\",ORÇAMENTO.Unidade=\"\"),\"UNIDADE\",IF($X336<0,\"VALOR NEGATIVO\",IF(OR(AND(TIPOORCAMENTO=\"Proposto\",$AG336<>\"\",$AG336>0,ORÇAMENTO.CustoUnitario>$AG336),AND(TIPOORCAMENTO=\"LICITADO\",ORÇAMENTO.PrecoUnitarioLicitado>$AN336)),\"ACIMA REF.\",\"\")))))","v":""},{"$f":"IF(C336<=CRONO.NivelExibicao,MAX($AD$15:OFFSET(AD336,-1,0))+IF($C336<>1,1,MAX(1,COUNTIF(QCI!$A$13:$A$41,OFFSET($E336,-1,0)))),\"\")","v":""},{"$f":"IF(AND($C336=\"S\",ORÇAMENTO.CodBarra<>\"\"),IF(ORÇAMENTO.Fonte=\"\",ORÇAMENTO.CodBarra,CONCATENATE(ORÇAMENTO.Fonte,\" \",ORÇAMENTO.CodBarra)))","v":"SINAPI 89569"},{"$f":"IF(ISERROR(INDIRECT(ORÇAMENTO.BancoRef)),\"(abra o arquivo 'Referência \"&Excel_BuiltIn_Database&\".xlsm)\",IF(OR($C336<>\"S\",ORÇAMENTO.CodBarra=\"\"),\"(Sem Código)\",IF(ISERROR(MATCH($AE336,INDIRECT(ORÇAMENTO.BancoRef),0)),\"(Código não identificado nas referências)\",MATCH($AE336,INDIRECT(ORÇAMENTO.BancoRef),0))))","v":4043},{"$f":"ROUND(IF(DESONERACAO=\"sim\",REFERENCIA.Desonerado,REFERENCIA.NaoDesonerado),2)","v":92.3},0.25,null,6,null,null,692.28,115.38]
["S",2,"S",0,{"$f":"IF($C337=1,OFFSET(E337,-1,0)+MAX(1,COUNTIF(QCI!$A$13:$A$41,OFFSET(ORÇAMENTO!E337,-1,0))),OFFSET(E337,-1,0))","v":15},1,0,0,24,0,{"$f":"IF(OR($C337=\"S\",$C337=0),0,MATCH(OFFSET($D337,0,$C337)+IF($C337<>1,1,COUNTIF(QCI!$A$13:$A$41,ORÇAMENTO!E337)),OFFSET($D337,1,$C337,ROW($C$744)-ROW($C337)),0))","v":0},"F","Serviço","Serviço","15.1.24.","SINAPI","FNDE 418","JUNÇÃO SIMPLES, PVC, SERIE R, ÁGUA PLUVIAL, DN 100 x 50 MM, JUNTA ELÁSTICA, FORNECIDO E INSTALADO EM RAMAL DE ENCAMINHAMENTO","UN",{"$f":"OFFSET(CÁLCULO!H$15,ROW($T337)-ROW(T$15),0)","v":16},34.26,"BDI 1",{"$f":"IF($C337=\"S\",ROUND(IF(TIPOORCAMENTO=\"Proposto\",ORÇAMENTO.CustoUnitario*(1+$AH337),ORÇAMENTO.PrecoUnitarioLicitado),15-13*$AF$10),0)","v":42.83},{"$f":"IF($C337=\"S\",IF(Import.TipoArredondamento<>\"TransfereGOV\",VTOTAL1,SUM(OFFSET(CÁLCULO!$AA$15,ROW($X337)-ROW($X$15),1):OFFSET(CÁLCULO!$AL$15,ROW($X337)-ROW($X$15),-1))),IF($C337=0,0,ROUND(SomaAgrup,15-13*$AF$11)))","v":685.28},"RA","RA",{"$f":"IF($C337=\"S\",IF($Z337=\"CP\",$X337,IF($Z337=\"RA\",(($X337)*QCI!$AA$3),0)),SomaAgrup)","v":24.404877824473484},0,{"$f":"IF($N337=\"\",\"\",IF(ORÇAMENTO.Descricao=\"\",\"DESCRIÇÃO\",IF(AND($C337=\"S\",ORÇAMENTO.Unidade=\"\"),\"UNIDADE\",IF($X337<0,\"VALOR NEGATIVO\",IF(OR(AND(TIPOORCAMENTO=\"Proposto\",$AG337<>\"\",$AG337>0,ORÇAMENTO.CustoUnitario>$AG337),AND(TIPOORCAMENTO=\"LICITADO\",ORÇAMENTO.PrecoUnitarioLicitado>$AN337)),\"ACIMA REF.\",\"\")))))","v":""},{"$f":"IF(C337<=CRONO.NivelExibicao,MAX($AD$15:OFFSET(AD337,-1,0))+IF($C337<>1,1,MAX(1,COUNTIF(QCI!$A$13:$A$41,OFFSET($E337,-1,0)))),\"\")","v":""},{"$f":"IF(AND($C337=\"S\",ORÇAMENTO.CodBarra<>\"\"),IF(ORÇAMENTO.Fonte=\"\",ORÇAMENTO.CodBarra,CONCATENATE(ORÇAMENTO.Fonte,\" \",ORÇAMENTO.CodBarra)))","v":"SINAPI FNDE 418"},{"$f":"IF(ISERROR(INDIRECT(ORÇAMENTO.BancoRef)),\"(abra o arquivo 'Referência \"&Excel_BuiltIn_Database&\".xlsm)\",IF(OR($C337<>\"S\",ORÇAMENTO.CodBarra=\"\"),\"(Sem Código)\",IF(ISERROR(MATCH($AE337,INDIRECT(ORÇAMENTO.BancoRef),0)),\"(Código não identificado nas referências)\",MATCH($AE337,INDIRECT(ORÇAMENTO.BancoRef),0))))","v":"(Código não identificado nas referências)"},{"$f":"ROUND(IF(DESONERACAO=\"sim\",REFERENCIA.Desonerado,REFERENCIA.NaoDesonerado),2)","v":0},0.25,null,16,null,null,685.28,42.83]
["S",2,"S",0,{"$f":"IF($C338=1,OFFSET(E338,-1,0)+MAX(1,COUNTIF(QCI!$A$13:$A$41,OFFSET(ORÇAMENTO!E338,-1,0))),OFFSET(E338,-1,0))","v":15},1,0,0,25,0,{"$f":"IF(OR($C338=\"S\",$C338=0),0,MATCH(OFFSET($D338,0,$C338)+IF($C338<>1,1,COUNTIF(QCI!$A$13:$A$41,ORÇAMENTO!E338)),OFFSET($D338,1,$C338,ROW($C$744)-ROW($C338)),0))","v":0},"F","Serviço","Serviço","15.1.25.","SINAPI","FNDE 419","JUNÇÃO SIMPLES, PVC, SERIE R, ÁGUA PLUVIAL, DN 75 x 50 MM, JUNTA ELÁSTICA, FORNECIDO E INSTALADO EM RAMAL DE ENCAMINHAMENTO","UN",{"$f":"OFFSET(CÁLCULO!H$15,ROW($T338)-ROW(T$15),0)","v":2},34.26,"BDI 1",{"$f":"IF($C338=\"S\",ROUND(IF(TIPOORCAMENTO=\"Proposto\",ORÇAMENTO.CustoUnitario*(1+$AH338),ORÇAMENTO.PrecoUnitarioLicitado),15-13*$AF$10),0)","v":42.83},{"$f":"IF($C338=\"S\",IF(Import.TipoArredondamento<>\"TransfereGOV\",VTOTAL1,SUM(OFFSET(CÁLCULO!$AA$15,ROW($X338)-ROW($X$15),1):OFFSET(CÁLCULO!$AL$15,ROW($X338)-ROW($X$15),-1))),IF($C338=0,0,ROUND(SomaAgrup,15-13*$AF$11)))","v":85.66},"RA","RA",{"$f":"IF($C338=\"S\",IF($Z338=\"CP\",$X338,IF($Z338=\"RA\",(($X338)*QCI!$AA$3),0)),SomaAgrup)","v":3.0506097280591855},0,{"$f":"IF($N338=\"\",\"\",IF(ORÇAMENTO.Descricao=\"\",\"DESCRIÇÃO\",IF(AND($C338=\"S\",ORÇAMENTO.Unidade=\"\"),\"UNIDADE\",IF($X338<0,\"VALOR NEGATIVO\",IF(OR(AND(TIPOORCAMENTO=\"Proposto\",$AG338<>\"\",$AG338>0,ORÇAMENTO.CustoUnitario>$AG338),AND(TIPOORCAMENTO=\"LICITADO\",ORÇAMENTO.PrecoUnitarioLicitado>$AN338)),\"ACIMA REF.\",\"\")))))","v":""},{"$f":"IF(C338<=CRONO.NivelExibicao,MAX($AD$15:OFFSET(AD338,-1,0))+IF($C338<>1,1,MAX(1,COUNTIF(QCI!$A$13:$A$41,OFFSET($E338,-1,0)))),\"\")","v":""},{"$f":"IF(AND($C338=\"S\",ORÇAMENTO.CodBarra<>\"\"),IF(ORÇAMENTO.Fonte=\"\",ORÇAMENTO.CodBarra,CONCATENATE(ORÇAMENTO.Fonte,\" \",ORÇAMENTO.CodBarra)))","v":"SINAPI FNDE 419"},{"$f":"IF(ISERROR(INDIRECT(ORÇAMENTO.BancoRef)),\"(abra o arquivo 'Referência \"&Excel_BuiltIn_Database&\".xlsm)\",IF(OR($C338<>\"S\",ORÇAMENTO.CodBarra=\"\"),\"(Sem Código)\",IF(ISERROR(MATCH($AE338,INDIRECT(ORÇAMENTO.BancoRef),0)),\"(Código não identificado nas referências)\",MATCH($AE338,INDIRECT(ORÇAMENTO.BancoRef),0))))","v":"(Código não identificado nas referências)"},{"$f":"ROUND(IF(DESONERACAO=\"sim\",REFERENCIA.Desonerado,REFERENCIA.NaoDesonerado),2)","v":0},0.25,null,2,null,null,85.66,42.83]
["S",2,"S",0,{"$f":"IF($C339=1,OFFSET(E339,-1,0)+MAX(1,COUNTIF(QCI!$A$13:$A$41,OFFSET(ORÇAMENTO!E339,-1,0))),OFFSET(E339,-1,0))","v":15},1,0,0,26,0,{"$f":"IF(OR($C339=\"S\",$C339=0),0,MATCH(OFFSET($D339,0,$C339)+IF($C339<>1,1,COUNTIF(QCI!$A$13:$A$41,ORÇAMENTO!E339)),OFFSET($D339,1,$C339,ROW($C$744)-ROW($C339)),0))","v":0},"F","Serviço","Serviço","15.1.26.","SINAPI","89549","REDUÇÃO EXCÊNTRICA, PVC, SERIE R, ÁGUA PLUVIAL, DN 75 X 50 MM, JUNTA ELÁSTICA, FORNECIDO E INSTALADO EM RAMAL DE ENCAMINHAMENTO. AF_06/2022",{"$f":"REFERENCIA.Unidade","v":"UN"},{"$f":"OFFSET(CÁLCULO!H$15,ROW($T339)-ROW(T$15),0)","v":1},18.82,"BDI 1",{"$f":"IF($C339=\"S\",ROUND(IF(TIPOORCAMENTO=\"Proposto\",ORÇAMENTO.CustoUnitario*(1+$AH339),ORÇAMENTO.PrecoUnitarioLicitado),15-13*$AF$10),0)","v":23.53},{"$f":"IF($C339=\"S\",IF(Import.TipoArredondamento<>\"TransfereGOV\",VTOTAL1,SUM(OFFSET(CÁLCULO!$AA$15,ROW($X339)-ROW($X$15),1):OFFSET(CÁLCULO!$AL$15,ROW($X339)-ROW($X$15),-1))),IF($C339=0,0,ROUND(SomaAgrup,15-13*$AF$11)))","v":23.53},"RA","RA",{"$f":"IF($C339=\"S\",IF($Z339=\"CP\",$X339,IF($Z339=\"RA\",(($X339)*QCI!$AA$3),0)),SomaAgrup)","v":0.8379739306704721},0,{"$f":"IF($N339=\"\",\"\",IF(ORÇAMENTO.Descricao=\"\",\"DESCRIÇÃO\",IF(AND($C339=\"S\",ORÇAMENTO.Unidade=\"\"),\"UNIDADE\",IF($X339<0,\"VALOR NEGATIVO\",IF(OR(AND(TIPOORCAMENTO=\"Proposto\",$AG339<>\"\",$AG339>0,ORÇAMENTO.CustoUnitario>$AG339),AND(TIPOORCAMENTO=\"LICITADO\",ORÇAMENTO.PrecoUnitarioLicitado>$AN339)),\"ACIMA REF.\",\"\")))))","v":""},{"$f":"IF(C339<=CRONO.NivelExibicao,MAX($AD$15:OFFSET(AD339,-1,0))+IF($C339<>1,1,MAX(1,COUNTIF(QCI!$A$13:$A$41,OFFSET($E339,-1,0)))),\"\")","v":""},{"$f":"IF(AND($C339=\"S\",ORÇAMENTO.CodBarra<>\"\"),IF(ORÇAMENTO.Fonte=\"\",ORÇAMENTO.CodBarra,CONCATENATE(ORÇAMENTO.Fonte,\" \",ORÇAMENTO.CodBarra)))","v":"SINAPI 89549"},{"$f":"IF(ISERROR(INDIRECT(ORÇAMENTO.BancoRef)),\"(abra o arquivo 'Referência \"&Excel_BuiltIn_Database&\".xlsm)\",IF(OR($C339<>\"S\",ORÇAMENTO.CodBarra=\"\"),\"(Sem Código)\",IF(ISERROR(MATCH($AE339,INDIRECT(ORÇAMENTO.BancoRef),0)),\"(Código não identificado nas referências)\",MATCH($AE339,INDIRECT(ORÇAMENTO.BancoRef),0))))","v":4023},{"$f":"ROUND(IF(DESONERACAO=\"sim\",REFERENCIA.Desonerado,REFERENCIA.NaoDesonerado),2)","v":18.82},0.25,null,1,null,null,23.53,23.53]
["S",2,"S",0,{"$f":"IF($C340=1,OFFSET(E340,-1,0)+MAX(1,COUNTIF(QCI!$A$13:$A$41,OFFSET(ORÇAMENTO!E340,-1,0))),OFFSET(E340,-1,0))","v":15},1,0,0,27,0,{"$f":"IF(OR($C340=\"S\",$C340=0),0,MATCH(OFFSET($D340,0,$C340)+IF($C340<>1,1,COUNTIF(QCI!$A$13:$A$41,ORÇAMENTO!E340)),OFFSET($D340,1,$C340,ROW($C$744)-ROW($C340)),0))","v":0},"F","Serviço","Serviço","15.1.27.","SINAPI","99253","CAIXA ENTERRADA HIDRÁULICA RETANGULAR EM ALVENARIA COM TIJOLOS CERÂMICOS MACIÇOS, DIMENSÕES INTERNAS: 0,6X0,6X0,6 M PARA REDE DE DRENAGEM. AF_12/2020",{"$f":"REFERENCIA.Unidade","v":"UN"},{"$f":"OFFSET(CÁLCULO!H$15,ROW($T340)-ROW(T$15),0)","v":17},548.54,"BDI 1",{"$f":"IF($C340=\"S\",ROUND(IF(TIPOORCAMENTO=\"Proposto\",ORÇAMENTO.CustoUnitario*(1+$AH340),ORÇAMENTO.PrecoUnitarioLicitado),15-13*$AF$10),0)","v":685.68},{"$f":"IF($C340=\"S\",IF(Import.TipoArredondamento<>\"TransfereGOV\",VTOTAL1,SUM(OFFSET(CÁLCULO!$AA$15,ROW($X340)-ROW($X$15),1):OFFSET(CÁLCULO!$AL$15,ROW($X340)-ROW($X$15),-1))),IF($C340=0,0,ROUND(SomaAgrup,15-13*$AF$11)))","v":11656.56},"RA","RA",{"$f":"IF($C340=\"S\",IF($Z340=\"CP\",$X340,IF($Z340=\"RA\",(($X340)*QCI!$AA$3),0)),SomaAgrup)","v":415.12509142780272},0,{"$f":"IF($N340=\"\",\"\",IF(ORÇAMENTO.Descricao=\"\",\"DESCRIÇÃO\",IF(AND($C340=\"S\",ORÇAMENTO.Unidade=\"\"),\"UNIDADE\",IF($X340<0,\"VALOR NEGATIVO\",IF(OR(AND(TIPOORCAMENTO=\"Proposto\",$AG340<>\"\",$AG340>0,ORÇAMENTO.CustoUnitario>$AG340),AND(TIPOORCAMENTO=\"LICITADO\",ORÇAMENTO.PrecoUnitarioLicitado>$AN340)),\"ACIMA REF.\",\"\")))))","v":""},{"$f":"IF(C340<=CRONO.NivelExibicao,MAX($AD$15:OFFSET(AD340,-1,0))+IF($C340<>1,1,MAX(1,COUNTIF(QCI!$A$13:$A$41,OFFSET($E340,-1,0)))),\"\")","v":""},{"$f":"IF(AND($C340=\"S\",ORÇAMENTO.CodBarra<>\"\"),IF(ORÇAMENTO.Fonte=\"\",ORÇAMENTO.CodBarra,CONCATENATE(ORÇAMENTO.Fonte,\" \",ORÇAMENTO.CodBarra)))","v":"SINAPI 99253"},{"$f":"IF(ISERROR(INDIRECT(ORÇAMENTO.BancoRef)),\"(abra o arquivo 'Referência \"&Excel_BuiltIn_Database&\".xlsm)\",IF(OR($C340<>\"S\",ORÇAMENTO.CodBarra=\"\"),\"(Sem Código)\",IF(ISERROR(MATCH($AE340,INDIRECT(ORÇAMENTO.BancoRef),0)),\"(Código não identificado nas referências)\",MATCH($AE340,INDIRECT(ORÇAMENTO.BancoRef),0))))","v":5255},{"$f":"ROUND(IF(DESONERACAO=\"sim\",REFERENCIA.Desonerado,REFERENCIA.NaoDesonerado),2)","v":548.54},0.25,null,17,null,null,11656.56,685.68]
["S",2,"S",0,{"$f":"IF($C341=1,OFFSET(E341,-1,0)+MAX(1,COUNTIF(QCI!$A$13:$A$41,OFFSET(ORÇAMENTO!E341,-1,0))),OFFSET(E341,-1,0))","v":15},1,0,0,28,0,{"$f":"IF(OR($C341=\"S\",$C341=0),0,MATCH(OFFSET($D341,0,$C341)+IF($C341<>1,1,COUNTIF(QCI!$A$13:$A$41,ORÇAMENTO!E341)),OFFSET($D341,1,$C341,ROW($C$744)-ROW($C341)),0))","v":0},"F","Serviço","Serviço","15.1.28.","SINAPI","FNDE 420","CURVA CURTA 45 GRAUS, PVC, SERIE NORMAL, ESGOTO PREDIAL, DN 100 MM, JUNTA ELÁSTICA, FORNECIDO E INSTALADO EM RAMAL DE DESCARGA OU RAMAL DE ESGOTO SANITÁRIO.","UN",{"$f":"OFFSET(CÁLCULO!H$15,ROW($T341)-ROW(T$15),0)","v":4},43,"BDI 1",{"$f":"IF($C341=\"S\",ROUND(IF(TIPOORCAMENTO=\"Proposto\",ORÇAMENTO.CustoUnitario*(1+$AH341),ORÇAMENTO.PrecoUnitarioLicitado),15-13*$AF$10),0)","v":53.75},{"$f":"IF($C341=\"S\",IF(Import.TipoArredondamento<>\"TransfereGOV\",VTOTAL1,SUM(OFFSET(CÁLCULO!$AA$15,ROW($X341)-ROW($X$15),1):OFFSET(CÁLCULO!$AL$15,ROW($X341)-ROW($X$15),-1))),IF($C341=0,0,ROUND(SomaAgrup,15-13*$AF$11)))","v":215},"RA","RA",{"$f":"IF($C341=\"S\",IF($Z341=\"CP\",$X341,IF($Z341=\"RA\",(($X341)*QCI!$AA$3),0)),SomaAgrup)","v":7.6567953716171484},0,{"$f":"IF($N341=\"\",\"\",IF(ORÇAMENTO.Descricao=\"\",\"DESCRIÇÃO\",IF(AND($C341=\"S\",ORÇAMENTO.Unidade=\"\"),\"UNIDADE\",IF($X341<0,\"VALOR NEGATIVO\",IF(OR(AND(TIPOORCAMENTO=\"Proposto\",$AG341<>\"\",$AG341>0,ORÇAMENTO.CustoUnitario>$AG341),AND(TIPOORCAMENTO=\"LICITADO\",ORÇAMENTO.PrecoUnitarioLicitado>$AN341)),\"ACIMA REF.\",\"\")))))","v":""},{"$f":"IF(C341<=CRONO.NivelExibicao,MAX($AD$15:OFFSET(AD341,-1,0))+IF($C341<>1,1,MAX(1,COUNTIF(QCI!$A$13:$A$41,OFFSET($E341,-1,0)))),\"\")","v":""},{"$f":"IF(AND($C341=\"S\",ORÇAMENTO.CodBarra<>\"\"),IF(ORÇAMENTO.Fonte=\"\",ORÇAMENTO.CodBarra,CONCATENATE(ORÇAMENTO.Fonte,\" \",ORÇAMENTO.CodBarra)))","v":"SINAPI FNDE 420"},{"$f":"IF(ISERROR(INDIRECT(ORÇAMENTO.BancoRef)),\"(abra o arquivo 'Referência \"&Excel_BuiltIn_Database&\".xlsm)\",IF(OR($C341<>\"S\",ORÇAMENTO.CodBarra=\"\"),\"(Sem Código)\",IF(ISERROR(MATCH($AE341,INDIRECT(ORÇAMENTO.BancoRef),0)),\"(Código não identificado nas referências)\",MATCH($AE341,INDIRECT(ORÇAMENTO.BancoRef),0))))","v":"(Código não identificado nas referências)"},{"$f":"ROUND(IF(DESONERACAO=\"sim\",REFERENCIA.Desonerado,REFERENCIA.NaoDesonerado),2)","v":0},0.25,null,4,null,null,215,53.75]
["S",2,"S",0,{"$f":"IF($C342=1,OFFSET(E342,-1,0)+MAX(1,COUNTIF(QCI!$A$13:$A$41,OFFSET(ORÇAMENTO!E342,-1,0))),OFFSET(E342,-1,0))","v":15},1,0,0,29,0,{"$f":"IF(OR($C342=\"S\",$C342=0),0,MATCH(OFFSET($D342,0,$C342)+IF($C342<>1,1,COUNTIF(QCI!$A$13:$A$41,ORÇAMENTO!E342)),OFFSET($D342,1,$C342,ROW($C$744)-ROW($C342)),0))","v":0},"F","Serviço","Serviço","15.1.29.","SINAPI","89495","RALO SIFONADO, PVC, DN 100 X 40 MM, JUNTA SOLDÁVEL, FORNECIDO E INSTALADO EM RAMAIS DE ENCAMINHAMENTO DE ÁGUA PLUVIAL. AF_06/2022",{"$f":"REFERENCIA.Unidade","v":"UN"},{"$f":"OFFSET(CÁLCULO!H$15,ROW($T342)-ROW(T$15),0)","v":28},17.95,"BDI 1",{"$f":"IF($C342=\"S\",ROUND(IF(TIPOORCAMENTO=\"Proposto\",ORÇAMENTO.CustoUnitario*(1+$AH342),ORÇAMENTO.PrecoUnitarioLicitado),15-13*$AF$10),0)","v":22.44},{"$f":"IF($C342=\"S\",IF(Import.TipoArredondamento<>\"TransfereGOV\",VTOTAL1,SUM(OFFSET(CÁLCULO!$AA$15,ROW($X342)-ROW($X$15),1):OFFSET(CÁLCULO!$AL$15,ROW($X342)-ROW($X$15),-1))),IF($C342=0,0,ROUND(SomaAgrup,15-13*$AF$11)))","v":628.32000000000005},"RA","RA",{"$f":"IF($C342=\"S\",IF($Z342=\"CP\",$X342,IF($Z342=\"RA\",(($X342)*QCI!$AA$3),0)),SomaAgrup)","v":22.376361246020871},0,{"$f":"IF($N342=\"\",\"\",IF(ORÇAMENTO.Descricao=\"\",\"DESCRIÇÃO\",IF(AND($C342=\"S\",ORÇAMENTO.Unidade=\"\"),\"UNIDADE\",IF($X342<0,\"VALOR NEGATIVO\",IF(OR(AND(TIPOORCAMENTO=\"Proposto\",$AG342<>\"\",$AG342>0,ORÇAMENTO.CustoUnitario>$AG342),AND(TIPOORCAMENTO=\"LICITADO\",ORÇAMENTO.PrecoUnitarioLicitado>$AN342)),\"ACIMA REF.\",\"\")))))","v":""},{"$f":"IF(C342<=CRONO.NivelExibicao,MAX($AD$15:OFFSET(AD342,-1,0))+IF($C342<>1,1,MAX(1,COUNTIF(QCI!$A$13:$A$41,OFFSET($E342,-1,0)))),\"\")","v":""},{"$f":"IF(AND($C342=\"S\",ORÇAMENTO.CodBarra<>\"\"),IF(ORÇAMENTO.Fonte=\"\",ORÇAMENTO.CodBarra,CONCATENATE(ORÇAMENTO.Fonte,\" \",ORÇAMENTO.CodBarra)))","v":"SINAPI 89495"},{"$f":"IF(ISERROR(INDIRECT(ORÇAMENTO.BancoRef)),\"(abra o arquivo 'Referência \"&Excel_BuiltIn_Database&\".xlsm)\",IF(OR($C342<>\"S\",ORÇAMENTO.CodBarra=\"\"),\"(Sem Código)\",IF(ISERROR(MATCH($AE342,INDIRECT(ORÇAMENTO.BancoRef),0)),\"(Código não identificado nas referências)\",MATCH($AE342,INDIRECT(ORÇAMENTO.BancoRef),0))))","v":5301},{"$f":"ROUND(IF(DESONERACAO=\"sim\",REFERENCIA.Desonerado,REFERENCIA.NaoDesonerado),2)","v":17.95},0.25,null,28,null,null,628.32000000000005,22.44]
[2,2,2,4,{"$f":"IF($C343=1,OFFSET(E343,-1,0)+MAX(1,COUNTIF(QCI!$A$13:$A$41,OFFSET(ORÇAMENTO!E343,-1,0))),OFFSET(E343,-1,0))","v":15},2,0,0,0,16,{"$f":"IF(OR($C343=\"S\",$C343=0),0,MATCH(OFFSET($D343,0,$C343)+IF($C343<>1,1,COUNTIF(QCI!$A$13:$A$41,ORÇAMENTO!E343)),OFFSET($D343,1,$C343,ROW($C$744)-ROW($C343)),0))","v":4},"F","Nível 2","Nível 2","15.2.","SINAPI",null,"Unidade de tratamento",{"$f":"REFERENCIA.Unidade","v":"-"},{"$f":"OFFSET(CÁLCULO!H$15,ROW($T343)-ROW(T$15),0)","v":0},null,"BDI 1",{"$f":"IF($C343=\"S\",ROUND(IF(TIPOORCAMENTO=\"Proposto\",ORÇAMENTO.CustoUnitario*(1+$AH343),ORÇAMENTO.PrecoUnitarioLicitado),15-13*$AF$10),0)","v":0},{"$f":"IF($C343=\"S\",IF(Import.TipoArredondamento<>\"TransfereGOV\",VTOTAL1,SUM(OFFSET(CÁLCULO!$AA$15,ROW($X343)-ROW($X$15),1):OFFSET(CÁLCULO!$AL$15,ROW($X343)-ROW($X$15),-1))),IF($C343=0,0,ROUND(SomaAgrup,15-13*$AF$11)))","v":34333.32},"RA","",{"$f":"IF($C343=\"S\",IF($Z343=\"CP\",$X343,IF($Z343=\"RA\",(($X343)*QCI!$AA$3),0)),SomaAgrup)","v":1222.7125845034907},0,{"$f":"IF($N343=\"\",\"\",IF(ORÇAMENTO.Descricao=\"\",\"DESCRIÇÃO\",IF(AND($C343=\"S\",ORÇAMENTO.Unidade=\"\"),\"UNIDADE\",IF($X343<0,\"VALOR NEGATIVO\",IF(OR(AND(TIPOORCAMENTO=\"Proposto\",$AG343<>\"\",$AG343>0,ORÇAMENTO.CustoUnitario>$AG343),AND(TIPOORCAMENTO=\"LICITADO\",ORÇAMENTO.PrecoUnitarioLicitado>$AN343)),\"ACIMA REF.\",\"\")))))","v":""},{"$f":"IF(C343<=CRONO.NivelExibicao,MAX($AD$15:OFFSET(AD343,-1,0))+IF($C343<>1,1,MAX(1,COUNTIF(QCI!$A$13:$A$41,OFFSET($E343,-1,0)))),\"\")","v":51},{"$f":"IF(AND($C343=\"S\",ORÇAMENTO.CodBarra<>\"\"),IF(ORÇAMENTO.Fonte=\"\",ORÇAMENTO.CodBarra,CONCATENATE(ORÇAMENTO.Fonte,\" \",ORÇAMENTO.CodBarra)))","v":false},{"$f":"IF(ISERROR(INDIRECT(ORÇAMENTO.BancoRef)),\"(abra o arquivo 'Referência \"&Excel_BuiltIn_Database&\".xlsm)\",IF(OR($C343<>\"S\",ORÇAMENTO.CodBarra=\"\"),\"(Sem Código)\",IF(ISERROR(MATCH($AE343,INDIRECT(ORÇAMENTO.BancoRef),0)),\"(Código não identificado nas referências)\",MATCH($AE343,INDIRECT(ORÇAMENTO.BancoRef),0))))","v":"(Sem Código)"},{"$f":"ROUND(IF(DESONERACAO=\"sim\",REFERENCIA.Desonerado,REFERENCIA.NaoDesonerado),2)","v":0},0.25,null,null,null,null,34333.32,0]
["S",2,"S",0,{"$f":"IF($C344=1,OFFSET(E344,-1,0)+MAX(1,COUNTIF(QCI!$A$13:$A$41,OFFSET(ORÇAMENTO!E344,-1,0))),OFFSET(E344,-1,0))","v":15},2,0,0,1,0,{"$f":"IF(OR($C344=\"S\",$C344=0),0,MATCH(OFFSET($D344,0,$C344)+IF($C344<>1,1,COUNTIF(QCI!$A$13:$A$41,ORÇAMENTO!E344)),OFFSET($D344,1,$C344,ROW($C$744)-ROW($C344)),0))","v":0},"F","Serviço","Serviço","15.2.1.","SINAPI","98087","TANQUE SÉPTICO RETANGULAR, EM ALVENARIA COM BLOCOS DE CONCRETO, DIMENSÕES INTERNAS: 1,6 X 4,6 X H=2,4 M, VOLUME ÚTIL: 14720 L (PARA 105 CONTRIBUINTES). AF_12/2020",{"$f":"REFERENCIA.Unidade","v":"UN"},{"$f":"OFFSET(CÁLCULO!H$15,ROW($T344)-ROW(T$15),0)","v":1},{"$f":"ROUND(IF(DESONERACAO=\"sim\",REFERENCIA.Desonerado,REFERENCIA.NaoDesonerado),2)","v":11731.58},"BDI 1",{"$f":"IF($C344=\"S\",ROUND(IF(TIPOORCAMENTO=\"Proposto\",ORÇAMENTO.CustoUnitario*(1+$AH344),ORÇAMENTO.PrecoUnitarioLicitado),15-13*$AF$10),0)","v":14664.48},{"$f":"IF($C344=\"S\",IF(Import.TipoArredondamento<>\"TransfereGOV\",VTOTAL1,SUM(OFFSET(CÁLCULO!$AA$15,ROW($X344)-ROW($X$15),1):OFFSET(CÁLCULO!$AL$15,ROW($X344)-ROW($X$15),-1))),IF($C344=0,0,ROUND(SomaAgrup,15-13*$AF$11)))","v":14664.48},"RA","RA",{"$f":"IF($C344=\"S\",IF($Z344=\"CP\",$X344,IF($Z344=\"RA\",(($X344)*QCI!$AA$3),0)),SomaAgrup)","v":522.24615158684765},0,{"$f":"IF($N344=\"\",\"\",IF(ORÇAMENTO.Descricao=\"\",\"DESCRIÇÃO\",IF(AND($C344=\"S\",ORÇAMENTO.Unidade=\"\"),\"UNIDADE\",IF($X344<0,\"VALOR NEGATIVO\",IF(OR(AND(TIPOORCAMENTO=\"Proposto\",$AG344<>\"\",$AG344>0,ORÇAMENTO.CustoUnitario>$AG344),AND(TIPOORCAMENTO=\"LICITADO\",ORÇAMENTO.PrecoUnitarioLicitado>$AN344)),\"ACIMA REF.\",\"\")))))","v":""},{"$f":"IF(C344<=CRONO.NivelExibicao,MAX($AD$15:OFFSET(AD344,-1,0))+IF($C344<>1,1,MAX(1,COUNTIF(QCI!$A$13:$A$41,OFFSET($E344,-1,0)))),\"\")","v":""},{"$f":"IF(AND($C344=\"S\",ORÇAMENTO.CodBarra<>\"\"),IF(ORÇAMENTO.Fonte=\"\",ORÇAMENTO.CodBarra,CONCATENATE(ORÇAMENTO.Fonte,\" \",ORÇAMENTO.CodBarra)))","v":"SINAPI 98087"},{"$f":"IF(ISERROR(INDIRECT(ORÇAMENTO.BancoRef)),\"(abra o arquivo 'Referência \"&Excel_BuiltIn_Database&\".xlsm)\",IF(OR($C344<>\"S\",ORÇAMENTO.CodBarra=\"\"),\"(Sem Código)\",IF(ISERROR(MATCH($AE344,INDIRECT(ORÇAMENTO.BancoRef),0)),\"(Código não identificado nas referências)\",MATCH($AE344,INDIRECT(ORÇAMENTO.BancoRef),0))))","v":5447},{"$f":"ROUND(IF(DESONERACAO=\"sim\",REFERENCIA.Desonerado,REFERENCIA.NaoDesonerado),2)","v":11731.58},0.25,null,1,null,null,14664.48,14664.48]
["S",2,"S",0,{"$f":"IF($C345=1,OFFSET(E345,-1,0)+MAX(1,COUNTIF(QCI!$A$13:$A$41,OFFSET(ORÇAMENTO!E345,-1,0))),OFFSET(E345,-1,0))","v":15},2,0,0,2,0,{"$f":"IF(OR($C345=\"S\",$C345=0),0,MATCH(OFFSET($D345,0,$C345)+IF($C345<>1,1,COUNTIF(QCI!$A$13:$A$41,ORÇAMENTO!E345)),OFFSET($D345,1,$C345,ROW($C$744)-ROW($C345)),0))","v":0},"F","Serviço","Serviço","15.2.2.","SINAPI","98065","SUMIDOURO CIRCULAR, EM CONCRETO PRÉ-MOLDADO, DIÂMETRO INTERNO = 2,88 M, ALTURA INTERNA = 3,0 M, ÁREA DE INFILTRAÇÃO: 31,4 M² (PARA 12 CONTRIBUINTES). AF_12/2020_PA",{"$f":"REFERENCIA.Unidade","v":"UN"},{"$f":"OFFSET(CÁLCULO!H$15,ROW($T345)-ROW(T$15),0)","v":1},{"$f":"ROUND(IF(DESONERACAO=\"sim\",REFERENCIA.Desonerado,REFERENCIA.NaoDesonerado),2)","v":7491.21},"BDI 1",{"$f":"IF($C345=\"S\",ROUND(IF(TIPOORCAMENTO=\"Proposto\",ORÇAMENTO.CustoUnitario*(1+$AH345),ORÇAMENTO.PrecoUnitarioLicitado),15-13*$AF$10),0)","v":9364.01},{"$f":"IF($C345=\"S\",IF(Import.TipoArredondamento<>\"TransfereGOV\",VTOTAL1,SUM(OFFSET(CÁLCULO!$AA$15,ROW($X345)-ROW($X$15),1):OFFSET(CÁLCULO!$AL$15,ROW($X345)-ROW($X$15),-1))),IF($C345=0,0,ROUND(SomaAgrup,15-13*$AF$11)))","v":9364.01},"RA","RA",{"$f":"IF($C345=\"S\",IF($Z345=\"CP\",$X345,IF($Z345=\"RA\",(($X345)*QCI!$AA$3),0)),SomaAgrup)","v":333.48050431524047},0,{"$f":"IF($N345=\"\",\"\",IF(ORÇAMENTO.Descricao=\"\",\"DESCRIÇÃO\",IF(AND($C345=\"S\",ORÇAMENTO.Unidade=\"\"),\"UNIDADE\",IF($X345<0,\"VALOR NEGATIVO\",IF(OR(AND(TIPOORCAMENTO=\"Proposto\",$AG345<>\"\",$AG345>0,ORÇAMENTO.CustoUnitario>$AG345),AND(TIPOORCAMENTO=\"LICITADO\",ORÇAMENTO.PrecoUnitarioLicitado>$AN345)),\"ACIMA REF.\",\"\")))))","v":""},{"$f":"IF(C345<=CRONO.NivelExibicao,MAX($AD$15:OFFSET(AD345,-1,0))+IF($C345<>1,1,MAX(1,COUNTIF(QCI!$A$13:$A$41,OFFSET($E345,-1,0)))),\"\")","v":""},{"$f":"IF(AND($C345=\"S\",ORÇAMENTO.CodBarra<>\"\"),IF(ORÇAMENTO.Fonte=\"\",ORÇAMENTO.CodBarra,CONCATENATE(ORÇAMENTO.Fonte,\" \",ORÇAMENTO.CodBarra)))","v":"SINAPI 98065"},{"$f":"IF(ISERROR(INDIRECT(ORÇAMENTO.BancoRef)),\"(abra o arquivo 'Referência \"&Excel_BuiltIn_Database&\".xlsm)\",IF(OR($C345<>\"S\",ORÇAMENTO.CodBarra=\"\"),\"(Sem Código)\",IF(ISERROR(MATCH($AE345,INDIRECT(ORÇAMENTO.BancoRef),0)),\"(Código não identificado nas referências)\",MATCH($AE345,INDIRECT(ORÇAMENTO.BancoRef),0))))","v":5425},{"$f":"ROUND(IF(DESONERACAO=\"sim\",REFERENCIA.Desonerado,REFERENCIA.NaoDesonerado),2)","v":7491.21},0.25,null,1,null,null,9364.01,9364.01]
["S",2,"S",0,{"$f":"IF($C346=1,OFFSET(E346,-1,0)+MAX(1,COUNTIF(QCI!$A$13:$A$41,OFFSET(ORÇAMENTO!E346,-1,0))),OFFSET(E346,-1,0))","v":15},2,0,0,3,0,{"$f":"IF(OR($C346=\"S\",$C346=0),0,MATCH(OFFSET($D346,0,$C346)+IF($C346<>1,1,COUNTIF(QCI!$A$13:$A$41,ORÇAMENTO!E346)),OFFSET($D346,1,$C346,ROW($C$744)-ROW($C346)),0))","v":0},"F","Serviço","Serviço","15.2.3.","SINAPI","98090","FILTRO ANAERÓBIO RETANGULAR, EM ALVENARIA COM BLOCOS DE CONCRETO, DIMENSÕES INTERNAS: 1,4 X 3,0 X H=1,67 M, VOLUME ÚTIL: 5040 L (PARA 32 CONTRIBUINTES). AF_12/2020",{"$f":"REFERENCIA.Unidade","v":"UN"},{"$f":"OFFSET(CÁLCULO!H$15,ROW($T346)-ROW(T$15),0)","v":1},{"$f":"ROUND(IF(DESONERACAO=\"sim\",REFERENCIA.Desonerado,REFERENCIA.NaoDesonerado),2)","v":8243.86},"BDI 1",{"$f":"IF($C346=\"S\",ROUND(IF(TIPOORCAMENTO=\"Proposto\",ORÇAMENTO.CustoUnitario*(1+$AH346),ORÇAMENTO.PrecoUnitarioLicitado),15-13*$AF$10),0)","v":10304.83},{"$f":"IF($C346=\"S\",IF(Import.TipoArredondamento<>\"TransfereGOV\",VTOTAL1,SUM(OFFSET(CÁLCULO!$AA$15,ROW($X346)-ROW($X$15),1):OFFSET(CÁLCULO!$AL$15,ROW($X346)-ROW($X$15),-1))),IF($C346=0,0,ROUND(SomaAgrup,15-13*$AF$11)))","v":10304.83},"RA","RA",{"$f":"IF($C346=\"S\",IF($Z346=\"CP\",$X346,IF($Z346=\"RA\",(($X346)*QCI!$AA$3),0)),SomaAgrup)","v":366.98592860140252},0,{"$f":"IF($N346=\"\",\"\",IF(ORÇAMENTO.Descricao=\"\",\"DESCRIÇÃO\",IF(AND($C346=\"S\",ORÇAMENTO.Unidade=\"\"),\"UNIDADE\",IF($X346<0,\"VALOR NEGATIVO\",IF(OR(AND(TIPOORCAMENTO=\"Proposto\",$AG346<>\"\",$AG346>0,ORÇAMENTO.CustoUnitario>$AG346),AND(TIPOORCAMENTO=\"LICITADO\",ORÇAMENTO.PrecoUnitarioLicitado>$AN346)),\"ACIMA REF.\",\"\")))))","v":""},{"$f":"IF(C346<=CRONO.NivelExibicao,MAX($AD$15:OFFSET(AD346,-1,0))+IF($C346<>1,1,MAX(1,COUNTIF(QCI!$A$13:$A$41,OFFSET($E346,-1,0)))),\"\")","v":""},{"$f":"IF(AND($C346=\"S\",ORÇAMENTO.CodBarra<>\"\"),IF(ORÇAMENTO.Fonte=\"\",ORÇAMENTO.CodBarra,CONCATENATE(ORÇAMENTO.Fonte,\" \",ORÇAMENTO.CodBarra)))","v":"SINAPI 98090"},{"$f":"IF(ISERROR(INDIRECT(ORÇAMENTO.BancoRef)),\"(abra o arquivo 'Referência \"&Excel_BuiltIn_Database&\".xlsm)\",IF(OR($C346<>\"S\",ORÇAMENTO.CodBarra=\"\"),\"(Sem Código)\",IF(ISERROR(MATCH($AE346,INDIRECT(ORÇAMENTO.BancoRef),0)),\"(Código não identificado nas referências)\",MATCH($AE346,INDIRECT(ORÇAMENTO.BancoRef),0))))","v":5450},{"$f":"ROUND(IF(DESONERACAO=\"sim\",REFERENCIA.Desonerado,REFERENCIA.NaoDesonerado),2)","v":8243.86},0.25,null,1,null,null,10304.83,10304.83]
[2,2,2,12,{"$f":"IF($C347=1,OFFSET(E347,-1,0)+MAX(1,COUNTIF(QCI!$A$13:$A$41,OFFSET(ORÇAMENTO!E347,-1,0))),OFFSET(E347,-1,0))","v":15},3,0,0,0,12,{"$f":"IF(OR($C347=\"S\",$C347=0),0,MATCH(OFFSET($D347,0,$C347)+IF($C347<>1,1,COUNTIF(QCI!$A$13:$A$41,ORÇAMENTO!E347)),OFFSET($D347,1,$C347,ROW($C$744)-ROW($C347)),0))","v":86},"F","Nível 2","Nível 2","15.3.","SINAPI",null,"Ventilação",{"$f":"REFERENCIA.Unidade","v":"-"},{"$f":"OFFSET(CÁLCULO!H$15,ROW($T347)-ROW(T$15),0)","v":0},null,"BDI 1",{"$f":"IF($C347=\"S\",ROUND(IF(TIPOORCAMENTO=\"Proposto\",ORÇAMENTO.CustoUnitario*(1+$AH347),ORÇAMENTO.PrecoUnitarioLicitado),15-13*$AF$10),0)","v":0},{"$f":"IF($C347=\"S\",IF(Import.TipoArredondamento<>\"TransfereGOV\",VTOTAL1,SUM(OFFSET(CÁLCULO!$AA$15,ROW($X347)-ROW($X$15),1):OFFSET(CÁLCULO!$AL$15,ROW($X347)-ROW($X$15),-1))),IF($C347=0,0,ROUND(SomaAgrup,15-13*$AF$11)))","v":21249.5},"RA","",{"$f":"IF($C347=\"S\",IF($Z347=\"CP\",$X347,IF($Z347=\"RA\",(($X347)*QCI!$AA$3),0)),SomaAgrup)","v":756.75848022873765},0,{"$f":"IF($N347=\"\",\"\",IF(ORÇAMENTO.Descricao=\"\",\"DESCRIÇÃO\",IF(AND($C347=\"S\",ORÇAMENTO.Unidade=\"\"),\"UNIDADE\",IF($X347<0,\"VALOR NEGATIVO\",IF(OR(AND(TIPOORCAMENTO=\"Proposto\",$AG347<>\"\",$AG347>0,ORÇAMENTO.CustoUnitario>$AG347),AND(TIPOORCAMENTO=\"LICITADO\",ORÇAMENTO.PrecoUnitarioLicitado>$AN347)),\"ACIMA REF.\",\"\")))))","v":""},{"$f":"IF(C347<=CRONO.NivelExibicao,MAX($AD$15:OFFSET(AD347,-1,0))+IF($C347<>1,1,MAX(1,COUNTIF(QCI!$A$13:$A$41,OFFSET($E347,-1,0)))),\"\")","v":52},{"$f":"IF(AND($C347=\"S\",ORÇAMENTO.CodBarra<>\"\"),IF(ORÇAMENTO.Fonte=\"\",ORÇAMENTO.CodBarra,CONCATENATE(ORÇAMENTO.Fonte,\" \",ORÇAMENTO.CodBarra)))","v":false},{"$f":"IF(ISERROR(INDIRECT(ORÇAMENTO.BancoRef)),\"(abra o arquivo 'Referência \"&Excel_BuiltIn_Database&\".xlsm)\",IF(OR($C347<>\"S\",ORÇAMENTO.CodBarra=\"\"),\"(Sem Código)\",IF(ISERROR(MATCH($AE347,INDIRECT(ORÇAMENTO.BancoRef),0)),\"(Código não identificado nas referências)\",MATCH($AE347,INDIRECT(ORÇAMENTO.BancoRef),0))))","v":"(Sem Código)"},{"$f":"ROUND(IF(DESONERACAO=\"sim\",REFERENCIA.Desonerado,REFERENCIA.NaoDesonerado),2)","v":0},0.25,null,null,null,null,21249.5,0]
["S",2,"S",0,{"$f":"IF($C348=1,OFFSET(E348,-1,0)+MAX(1,COUNTIF(QCI!$A$13:$A$41,OFFSET(ORÇAMENTO!E348,-1,0))),OFFSET(E348,-1,0))","v":15},3,0,0,1,0,{"$f":"IF(OR($C348=\"S\",$C348=0),0,MATCH(OFFSET($D348,0,$C348)+IF($C348<>1,1,COUNTIF(QCI!$A$13:$A$41,ORÇAMENTO!E348)),OFFSET($D348,1,$C348,ROW($C$744)-ROW($C348)),0))","v":0},"F","Serviço","Serviço","15.3.1.","SINAPI","89732","JOELHO 45 GRAUS, PVC, SERIE NORMAL, ESGOTO PREDIAL, DN 50 MM, JUNTA ELÁSTICA, FORNECIDO E INSTALADO EM RAMAL DE DESCARGA OU RAMAL DE ESGOTO SANITÁRIO. AF_08/2022",{"$f":"REFERENCIA.Unidade","v":"UN"},{"$f":"OFFSET(CÁLCULO!H$15,ROW($T348)-ROW(T$15),0)","v":46},15.9,"BDI 1",{"$f":"IF($C348=\"S\",ROUND(IF(TIPOORCAMENTO=\"Proposto\",ORÇAMENTO.CustoUnitario*(1+$AH348),ORÇAMENTO.PrecoUnitarioLicitado),15-13*$AF$10),0)","v":19.88},{"$f":"IF($C348=\"S\",IF(Import.TipoArredondamento<>\"TransfereGOV\",VTOTAL1,SUM(OFFSET(CÁLCULO!$AA$15,ROW($X348)-ROW($X$15),1):OFFSET(CÁLCULO!$AL$15,ROW($X348)-ROW($X$15),-1))),IF($C348=0,0,ROUND(SomaAgrup,15-13*$AF$11)))","v":914.48},"RA","RA",{"$f":"IF($C348=\"S\",IF($Z348=\"CP\",$X348,IF($Z348=\"RA\",(($X348)*QCI!$AA$3),0)),SomaAgrup)","v":32.567377820634654},0,{"$f":"IF($N348=\"\",\"\",IF(ORÇAMENTO.Descricao=\"\",\"DESCRIÇÃO\",IF(AND($C348=\"S\",ORÇAMENTO.Unidade=\"\"),\"UNIDADE\",IF($X348<0,\"VALOR NEGATIVO\",IF(OR(AND(TIPOORCAMENTO=\"Proposto\",$AG348<>\"\",$AG348>0,ORÇAMENTO.CustoUnitario>$AG348),AND(TIPOORCAMENTO=\"LICITADO\",ORÇAMENTO.PrecoUnitarioLicitado>$AN348)),\"ACIMA REF.\",\"\")))))","v":""},{"$f":"IF(C348<=CRONO.NivelExibicao,MAX($AD$15:OFFSET(AD348,-1,0))+IF($C348<>1,1,MAX(1,COUNTIF(QCI!$A$13:$A$41,OFFSET($E348,-1,0)))),\"\")","v":""},{"$f":"IF(AND($C348=\"S\",ORÇAMENTO.CodBarra<>\"\"),IF(ORÇAMENTO.Fonte=\"\",ORÇAMENTO.CodBarra,CONCATENATE(ORÇAMENTO.Fonte,\" \",ORÇAMENTO.CodBarra)))","v":"SINAPI 89732"},{"$f":"IF(ISERROR(INDIRECT(ORÇAMENTO.BancoRef)),\"(abra o arquivo 'Referência \"&Excel_BuiltIn_Database&\".xlsm)\",IF(OR($C348<>\"S\",ORÇAMENTO.CodBarra=\"\"),\"(Sem Código)\",IF(ISERROR(MATCH($AE348,INDIRECT(ORÇAMENTO.BancoRef),0)),\"(Código não identificado nas referências)\",MATCH($AE348,INDIRECT(ORÇAMENTO.BancoRef),0))))","v":4172},{"$f":"ROUND(IF(DESONERACAO=\"sim\",REFERENCIA.Desonerado,REFERENCIA.NaoDesonerado),2)","v":15.9},0.25,null,46,null,null,914.48,19.88]
["S",2,"S",0,{"$f":"IF($C349=1,OFFSET(E349,-1,0)+MAX(1,COUNTIF(QCI!$A$13:$A$41,OFFSET(ORÇAMENTO!E349,-1,0))),OFFSET(E349,-1,0))","v":15},3,0,0,2,0,{"$f":"IF(OR($C349=\"S\",$C349=0),0,MATCH(OFFSET($D349,0,$C349)+IF($C349<>1,1,COUNTIF(QCI!$A$13:$A$41,ORÇAMENTO!E349)),OFFSET($D349,1,$C349,ROW($C$744)-ROW($C349)),0))","v":0},"F","Serviço","Serviço","15.3.2.","SINAPI","89801","JOELHO 90 GRAUS, PVC, SERIE NORMAL, ESGOTO PREDIAL, DN 50 MM, JUNTA ELÁSTICA, FORNECIDO E INSTALADO EM PRUMADA DE ESGOTO SANITÁRIO OU VENTILAÇÃO. AF_08/2022",{"$f":"REFERENCIA.Unidade","v":"UN"},{"$f":"OFFSET(CÁLCULO!H$15,ROW($T349)-ROW(T$15),0)","v":248},9.69,"BDI 1",{"$f":"IF($C349=\"S\",ROUND(IF(TIPOORCAMENTO=\"Proposto\",ORÇAMENTO.CustoUnitario*(1+$AH349),ORÇAMENTO.PrecoUnitarioLicitado),15-13*$AF$10),0)","v":12.11},{"$f":"IF($C349=\"S\",IF(Import.TipoArredondamento<>\"TransfereGOV\",VTOTAL1,SUM(OFFSET(CÁLCULO!$AA$15,ROW($X349)-ROW($X$15),1):OFFSET(CÁLCULO!$AL$15,ROW($X349)-ROW($X$15),-1))),IF($C349=0,0,ROUND(SomaAgrup,15-13*$AF$11)))","v":3003.28},"RA","RA",{"$f":"IF($C349=\"S\",IF($Z349=\"CP\",$X349,IF($Z349=\"RA\",(($X349)*QCI!$AA$3),0)),SomaAgrup)","v":106.95581583102489},0,{"$f":"IF($N349=\"\",\"\",IF(ORÇAMENTO.Descricao=\"\",\"DESCRIÇÃO\",IF(AND($C349=\"S\",ORÇAMENTO.Unidade=\"\"),\"UNIDADE\",IF($X349<0,\"VALOR NEGATIVO\",IF(OR(AND(TIPOORCAMENTO=\"Proposto\",$AG349<>\"\",$AG349>0,ORÇAMENTO.CustoUnitario>$AG349),AND(TIPOORCAMENTO=\"LICITADO\",ORÇAMENTO.PrecoUnitarioLicitado>$AN349)),\"ACIMA REF.\",\"\")))))","v":""},{"$f":"IF(C349<=CRONO.NivelExibicao,MAX($AD$15:OFFSET(AD349,-1,0))+IF($C349<>1,1,MAX(1,COUNTIF(QCI!$A$13:$A$41,OFFSET($E349,-1,0)))),\"\")","v":""},{"$f":"IF(AND($C349=\"S\",ORÇAMENTO.CodBarra<>\"\"),IF(ORÇAMENTO.Fonte=\"\",ORÇAMENTO.CodBarra,CONCATENATE(ORÇAMENTO.Fonte,\" \",ORÇAMENTO.CodBarra)))","v":"SINAPI 89801"},{"$f":"IF(ISERROR(INDIRECT(ORÇAMENTO.BancoRef)),\"(abra o arquivo 'Referência \"&Excel_BuiltIn_Database&\".xlsm)\",IF(OR($C349<>\"S\",ORÇAMENTO.CodBarra=\"\"),\"(Sem Código)\",IF(ISERROR(MATCH($AE349,INDIRECT(ORÇAMENTO.BancoRef),0)),\"(Código não identificado nas referências)\",MATCH($AE349,INDIRECT(ORÇAMENTO.BancoRef),0))))","v":4231},{"$f":"ROUND(IF(DESONERACAO=\"sim\",REFERENCIA.Desonerado,REFERENCIA.NaoDesonerado),2)","v":9.69},0.25,null,248,null,null,3003.28,12.11]
["S",2,"S",0,{"$f":"IF($C350=1,OFFSET(E350,-1,0)+MAX(1,COUNTIF(QCI!$A$13:$A$41,OFFSET(ORÇAMENTO!E350,-1,0))),OFFSET(E350,-1,0))","v":15},3,0,0,3,0,{"$f":"IF(OR($C350=\"S\",$C350=0),0,MATCH(OFFSET($D350,0,$C350)+IF($C350<>1,1,COUNTIF(QCI!$A$13:$A$41,ORÇAMENTO!E350)),OFFSET($D350,1,$C350,ROW($C$744)-ROW($C350)),0))","v":0},"F","Serviço","Serviço","15.3.3.","SINAPI","89805","JOELHO 90 GRAUS, PVC, SERIE NORMAL, ESGOTO PREDIAL, DN 75 MM, JUNTA ELÁSTICA, FORNECIDO E INSTALADO EM PRUMADA DE ESGOTO SANITÁRIO OU VENTILAÇÃO. AF_08/2022",{"$f":"REFERENCIA.Unidade","v":"UN"},{"$f":"OFFSET(CÁLCULO!H$15,ROW($T350)-ROW(T$15),0)","v":2},20.76,"BDI 1",{"$f":"IF($C350=\"S\",ROUND(IF(TIPOORCAMENTO=\"Proposto\",ORÇAMENTO.CustoUnitario*(1+$AH350),ORÇAMENTO.PrecoUnitarioLicitado),15-13*$AF$10),0)","v":25.95},{"$f":"IF($C350=\"S\",IF(Import.TipoArredondamento<>\"TransfereGOV\",VTOTAL1,SUM(OFFSET(CÁLCULO!$AA$15,ROW($X350)-ROW($X$15),1):OFFSET(CÁLCULO!$AL$15,ROW($X350)-ROW($X$15),-1))),IF($C350=0,0,ROUND(SomaAgrup,15-13*$AF$11)))","v":51.9},"RA","RA",{"$f":"IF($C350=\"S\",IF($Z350=\"CP\",$X350,IF($Z350=\"RA\",(($X350)*QCI!$AA$3),0)),SomaAgrup)","v":1.8483147897066512},0,{"$f":"IF($N350=\"\",\"\",IF(ORÇAMENTO.Descricao=\"\",\"DESCRIÇÃO\",IF(AND($C350=\"S\",ORÇAMENTO.Unidade=\"\"),\"UNIDADE\",IF($X350<0,\"VALOR NEGATIVO\",IF(OR(AND(TIPOORCAMENTO=\"Proposto\",$AG350<>\"\",$AG350>0,ORÇAMENTO.CustoUnitario>$AG350),AND(TIPOORCAMENTO=\"LICITADO\",ORÇAMENTO.PrecoUnitarioLicitado>$AN350)),\"ACIMA REF.\",\"\")))))","v":""},{"$f":"IF(C350<=CRONO.NivelExibicao,MAX($AD$15:OFFSET(AD350,-1,0))+IF($C350<>1,1,MAX(1,COUNTIF(QCI!$A$13:$A$41,OFFSET($E350,-1,0)))),\"\")","v":""},{"$f":"IF(AND($C350=\"S\",ORÇAMENTO.CodBarra<>\"\"),IF(ORÇAMENTO.Fonte=\"\",ORÇAMENTO.CodBarra,CONCATENATE(ORÇAMENTO.Fonte,\" \",ORÇAMENTO.CodBarra)))","v":"SINAPI 89805"},{"$f":"IF(ISERROR(INDIRECT(ORÇAMENTO.BancoRef)),\"(abra o arquivo 'Referência \"&Excel_BuiltIn_Database&\".xlsm)\",IF(OR($C350<>\"S\",ORÇAMENTO.CodBarra=\"\"),\"(Sem Código)\",IF(ISERROR(MATCH($AE350,INDIRECT(ORÇAMENTO.BancoRef),0)),\"(Código não identificado nas referências)\",MATCH($AE350,INDIRECT(ORÇAMENTO.BancoRef),0))))","v":4235},{"$f":"ROUND(IF(DESONERACAO=\"sim\",REFERENCIA.Desonerado,REFERENCIA.NaoDesonerado),2)","v":20.76},0.25,null,2,null,null,51.9,25.95]
["S",2,"S",0,{"$f":"IF($C351=1,OFFSET(E351,-1,0)+MAX(1,COUNTIF(QCI!$A$13:$A$41,OFFSET(ORÇAMENTO!E351,-1,0))),OFFSET(E351,-1,0))","v":15},3,0,0,4,0,{"$f":"IF(OR($C351=\"S\",$C351=0),0,MATCH(OFFSET($D351,0,$C351)+IF($C351<>1,1,COUNTIF(QCI!$A$13:$A$41,ORÇAMENTO!E351)),OFFSET($D351,1,$C351,ROW($C$744)-ROW($C351)),0))","v":0},"F","Serviço","Serviço","15.3.4.","SINAPI","89827","JUNÇÃO SIMPLES, PVC, SERIE NORMAL, ESGOTO PREDIAL, DN 50 X 50 MM, JUNTA ELÁSTICA, FORNECIDO E INSTALADO EM PRUMADA DE ESGOTO SANITÁRIO OU VENTILAÇÃO. AF_08/2022",{"$f":"REFERENCIA.Unidade","v":"UN"},{"$f":"OFFSET(CÁLCULO!H$15,ROW($T351)-ROW(T$15),0)","v":39},19.55,"BDI 1",{"$f":"IF($C351=\"S\",ROUND(IF(TIPOORCAMENTO=\"Proposto\",ORÇAMENTO.CustoUnitario*(1+$AH351),ORÇAMENTO.PrecoUnitarioLicitado),15-13*$AF$10),0)","v":24.44},{"$f":"IF($C351=\"S\",IF(Import.TipoArredondamento<>\"TransfereGOV\",VTOTAL1,SUM(OFFSET(CÁLCULO!$AA$15,ROW($X351)-ROW($X$15),1):OFFSET(CÁLCULO!$AL$15,ROW($X351)-ROW($X$15),-1))),IF($C351=0,0,ROUND(SomaAgrup,15-13*$AF$11)))","v":953.16},"RA","RA",{"$f":"IF($C351=\"S\",IF($Z351=\"CP\",$X351,IF($Z351=\"RA\",(($X351)*QCI!$AA$3),0)),SomaAgrup)","v":33.944888727491168},0,{"$f":"IF($N351=\"\",\"\",IF(ORÇAMENTO.Descricao=\"\",\"DESCRIÇÃO\",IF(AND($C351=\"S\",ORÇAMENTO.Unidade=\"\"),\"UNIDADE\",IF($X351<0,\"VALOR NEGATIVO\",IF(OR(AND(TIPOORCAMENTO=\"Proposto\",$AG351<>\"\",$AG351>0,ORÇAMENTO.CustoUnitario>$AG351),AND(TIPOORCAMENTO=\"LICITADO\",ORÇAMENTO.PrecoUnitarioLicitado>$AN351)),\"ACIMA REF.\",\"\")))))","v":""},{"$f":"IF(C351<=CRONO.NivelExibicao,MAX($AD$15:OFFSET(AD351,-1,0))+IF($C351<>1,1,MAX(1,COUNTIF(QCI!$A$13:$A$41,OFFSET($E351,-1,0)))),\"\")","v":""},{"$f":"IF(AND($C351=\"S\",ORÇAMENTO.CodBarra<>\"\"),IF(ORÇAMENTO.Fonte=\"\",ORÇAMENTO.CodBarra,CONCATENATE(ORÇAMENTO.Fonte,\" \",ORÇAMENTO.CodBarra)))","v":"SINAPI 89827"},{"$f":"IF(ISERROR(INDIRECT(ORÇAMENTO.BancoRef)),\"(abra o arquivo 'Referência \"&Excel_BuiltIn_Database&\".xlsm)\",IF(OR($C351<>\"S\",ORÇAMENTO.CodBarra=\"\"),\"(Sem Código)\",IF(ISERROR(MATCH($AE351,INDIRECT(ORÇAMENTO.BancoRef),0)),\"(Código não identificado nas referências)\",MATCH($AE351,INDIRECT(ORÇAMENTO.BancoRef),0))))","v":4256},{"$f":"ROUND(IF(DESONERACAO=\"sim\",REFERENCIA.Desonerado,REFERENCIA.NaoDesonerado),2)","v":19.55},0.25,null,39,null,null,953.16,24.44]
["S",2,"S",0,{"$f":"IF($C352=1,OFFSET(E352,-1,0)+MAX(1,COUNTIF(QCI!$A$13:$A$41,OFFSET(ORÇAMENTO!E352,-1,0))),OFFSET(E352,-1,0))","v":15},3,0,0,5,0,{"$f":"IF(OR($C352=\"S\",$C352=0),0,MATCH(OFFSET($D352,0,$C352)+IF($C352<>1,1,COUNTIF(QCI!$A$13:$A$41,ORÇAMENTO!E352)),OFFSET($D352,1,$C352,ROW($C$744)-ROW($C352)),0))","v":0},"F","Serviço","Serviço","15.3.5.","SINAPI","89813","LUVA SIMPLES, PVC, SERIE NORMAL, ESGOTO PREDIAL, DN 50 MM, JUNTA ELÁSTICA, FORNECIDO E INSTALADO EM PRUMADA DE ESGOTO SANITÁRIO OU VENTILAÇÃO. AF_08/2022",{"$f":"REFERENCIA.Unidade","v":"UN"},{"$f":"OFFSET(CÁLCULO!H$15,ROW($T352)-ROW(T$15),0)","v":2},5.91,"BDI 1",{"$f":"IF($C352=\"S\",ROUND(IF(TIPOORCAMENTO=\"Proposto\",ORÇAMENTO.CustoUnitario*(1+$AH352),ORÇAMENTO.PrecoUnitarioLicitado),15-13*$AF$10),0)","v":7.39},{"$f":"IF($C352=\"S\",IF(Import.TipoArredondamento<>\"TransfereGOV\",VTOTAL1,SUM(OFFSET(CÁLCULO!$AA$15,ROW($X352)-ROW($X$15),1):OFFSET(CÁLCULO!$AL$15,ROW($X352)-ROW($X$15),-1))),IF($C352=0,0,ROUND(SomaAgrup,15-13*$AF$11)))","v":14.78},"RA","RA",{"$f":"IF($C352=\"S\",IF($Z352=\"CP\",$X352,IF($Z352=\"RA\",(($X352)*QCI!$AA$3),0)),SomaAgrup)","v":0.52636016554651832},0,{"$f":"IF($N352=\"\",\"\",IF(ORÇAMENTO.Descricao=\"\",\"DESCRIÇÃO\",IF(AND($C352=\"S\",ORÇAMENTO.Unidade=\"\"),\"UNIDADE\",IF($X352<0,\"VALOR NEGATIVO\",IF(OR(AND(TIPOORCAMENTO=\"Proposto\",$AG352<>\"\",$AG352>0,ORÇAMENTO.CustoUnitario>$AG352),AND(TIPOORCAMENTO=\"LICITADO\",ORÇAMENTO.PrecoUnitarioLicitado>$AN352)),\"ACIMA REF.\",\"\")))))","v":""},{"$f":"IF(C352<=CRONO.NivelExibicao,MAX($AD$15:OFFSET(AD352,-1,0))+IF($C352<>1,1,MAX(1,COUNTIF(QCI!$A$13:$A$41,OFFSET($E352,-1,0)))),\"\")","v":""},{"$f":"IF(AND($C352=\"S\",ORÇAMENTO.CodBarra<>\"\"),IF(ORÇAMENTO.Fonte=\"\",ORÇAMENTO.CodBarra,CONCATENATE(ORÇAMENTO.Fonte,\" \",ORÇAMENTO.CodBarra)))","v":"SINAPI 89813"},{"$f":"IF(ISERROR(INDIRECT(ORÇAMENTO.BancoRef)),\"(abra o arquivo 'Referência \"&Excel_BuiltIn_Database&\".xlsm)\",IF(OR($C352<>\"S\",ORÇAMENTO.CodBarra=\"\"),\"(Sem Código)\",IF(ISERROR(MATCH($AE352,INDIRECT(ORÇAMENTO.BancoRef),0)),\"(Código não identificado nas referências)\",MATCH($AE352,INDIRECT(ORÇAMENTO.BancoRef),0))))","v":4243},{"$f":"ROUND(IF(DESONERACAO=\"sim\",REFERENCIA.Desonerado,REFERENCIA.NaoDesonerado),2)","v":5.91},0.25,null,2,null,null,14.78,7.39]
["S",2,"S",0,{"$f":"IF($C353=1,OFFSET(E353,-1,0)+MAX(1,COUNTIF(QCI!$A$13:$A$41,OFFSET(ORÇAMENTO!E353,-1,0))),OFFSET(E353,-1,0))","v":15},3,0,0,6,0,{"$f":"IF(OR($C353=\"S\",$C353=0),0,MATCH(OFFSET($D353,0,$C353)+IF($C353<>1,1,COUNTIF(QCI!$A$13:$A$41,ORÇAMENTO!E353)),OFFSET($D353,1,$C353,ROW($C$744)-ROW($C353)),0))","v":0},"F","Serviço","Serviço","15.3.6.","SINAPI","104348","TERMINAL DE VENTILAÇÃO, PVC, SÉRIE NORMAL, ESGOTO PREDIAL, DN 50 MM, JUNTA SOLDÁVEL, FORNECIDO E INSTALADO EM PRUMADA DE ESGOTO SANITÁRIO OU VENTILAÇÃO. AF_08/2022",{"$f":"REFERENCIA.Unidade","v":"UN"},{"$f":"OFFSET(CÁLCULO!H$15,ROW($T353)-ROW(T$15),0)","v":24},11.18,"BDI 1",{"$f":"IF($C353=\"S\",ROUND(IF(TIPOORCAMENTO=\"Proposto\",ORÇAMENTO.CustoUnitario*(1+$AH353),ORÇAMENTO.PrecoUnitarioLicitado),15-13*$AF$10),0)","v":13.98},{"$f":"IF($C353=\"S\",IF(Import.TipoArredondamento<>\"TransfereGOV\",VTOTAL1,SUM(OFFSET(CÁLCULO!$AA$15,ROW($X353)-ROW($X$15),1):OFFSET(CÁLCULO!$AL$15,ROW($X353)-ROW($X$15),-1))),IF($C353=0,0,ROUND(SomaAgrup,15-13*$AF$11)))","v":335.52},"RA","RA",{"$f":"IF($C353=\"S\",IF($Z353=\"CP\",$X353,IF($Z353=\"RA\",(($X353)*QCI!$AA$3),0)),SomaAgrup)","v":11.948874339930166},0,{"$f":"IF($N353=\"\",\"\",IF(ORÇAMENTO.Descricao=\"\",\"DESCRIÇÃO\",IF(AND($C353=\"S\",ORÇAMENTO.Unidade=\"\"),\"UNIDADE\",IF($X353<0,\"VALOR NEGATIVO\",IF(OR(AND(TIPOORCAMENTO=\"Proposto\",$AG353<>\"\",$AG353>0,ORÇAMENTO.CustoUnitario>$AG353),AND(TIPOORCAMENTO=\"LICITADO\",ORÇAMENTO.PrecoUnitarioLicitado>$AN353)),\"ACIMA REF.\",\"\")))))","v":""},{"$f":"IF(C353<=CRONO.NivelExibicao,MAX($AD$15:OFFSET(AD353,-1,0))+IF($C353<>1,1,MAX(1,COUNTIF(QCI!$A$13:$A$41,OFFSET($E353,-1,0)))),\"\")","v":""},{"$f":"IF(AND($C353=\"S\",ORÇAMENTO.CodBarra<>\"\"),IF(ORÇAMENTO.Fonte=\"\",ORÇAMENTO.CodBarra,CONCATENATE(ORÇAMENTO.Fonte,\" \",ORÇAMENTO.CodBarra)))","v":"SINAPI 104348"},{"$f":"IF(ISERROR(INDIRECT(ORÇAMENTO.BancoRef)),\"(abra o arquivo 'Referência \"&Excel_BuiltIn_Database&\".xlsm)\",IF(OR($C353<>\"S\",ORÇAMENTO.CodBarra=\"\"),\"(Sem Código)\",IF(ISERROR(MATCH($AE353,INDIRECT(ORÇAMENTO.BancoRef),0)),\"(Código não identificado nas referências)\",MATCH($AE353,INDIRECT(ORÇAMENTO.BancoRef),0))))","v":5137},{"$f":"ROUND(IF(DESONERACAO=\"sim\",REFERENCIA.Desonerado,REFERENCIA.NaoDesonerado),2)","v":11.18},0.25,null,24,null,null,335.52,13.98]
["S",2,"S",0,{"$f":"IF($C354=1,OFFSET(E354,-1,0)+MAX(1,COUNTIF(QCI!$A$13:$A$41,OFFSET(ORÇAMENTO!E354,-1,0))),OFFSET(E354,-1,0))","v":15},3,0,0,7,0,{"$f":"IF(OR($C354=\"S\",$C354=0),0,MATCH(OFFSET($D354,0,$C354)+IF($C354<>1,1,COUNTIF(QCI!$A$13:$A$41,ORÇAMENTO!E354)),OFFSET($D354,1,$C354,ROW($C$744)-ROW($C354)),0))","v":0},"F","Serviço","Serviço","15.3.7.","SINAPI","89712","TUBO PVC, SERIE NORMAL, ESGOTO PREDIAL, DN 50 MM, FORNECIDO E INSTALADO EM RAMAL DE DESCARGA OU RAMAL DE ESGOTO SANITÁRIO. AF_08/2022",{"$f":"REFERENCIA.Unidade","v":"M"},{"$f":"OFFSET(CÁLCULO!H$15,ROW($T354)-ROW(T$15),0)","v":388.1},28.31,"BDI 1",{"$f":"IF($C354=\"S\",ROUND(IF(TIPOORCAMENTO=\"Proposto\",ORÇAMENTO.CustoUnitario*(1+$AH354),ORÇAMENTO.PrecoUnitarioLicitado),15-13*$AF$10),0)","v":35.39},{"$f":"IF($C354=\"S\",IF(Import.TipoArredondamento<>\"TransfereGOV\",VTOTAL1,SUM(OFFSET(CÁLCULO!$AA$15,ROW($X354)-ROW($X$15),1):OFFSET(CÁLCULO!$AL$15,ROW($X354)-ROW($X$15),-1))),IF($C354=0,0,ROUND(SomaAgrup,15-13*$AF$11)))","v":13734.86},"RA","RA",{"$f":"IF($C354=\"S\",IF($Z354=\"CP\",$X354,IF($Z354=\"RA\",(($X354)*QCI!$AA$3),0)),SomaAgrup)","v":489.13959292004421},0,{"$f":"IF($N354=\"\",\"\",IF(ORÇAMENTO.Descricao=\"\",\"DESCRIÇÃO\",IF(AND($C354=\"S\",ORÇAMENTO.Unidade=\"\"),\"UNIDADE\",IF($X354<0,\"VALOR NEGATIVO\",IF(OR(AND(TIPOORCAMENTO=\"Proposto\",$AG354<>\"\",$AG354>0,ORÇAMENTO.CustoUnitario>$AG354),AND(TIPOORCAMENTO=\"LICITADO\",ORÇAMENTO.PrecoUnitarioLicitado>$AN354)),\"ACIMA REF.\",\"\")))))","v":""},{"$f":"IF(C354<=CRONO.NivelExibicao,MAX($AD$15:OFFSET(AD354,-1,0))+IF($C354<>1,1,MAX(1,COUNTIF(QCI!$A$13:$A$41,OFFSET($E354,-1,0)))),\"\")","v":""},{"$f":"IF(AND($C354=\"S\",ORÇAMENTO.CodBarra<>\"\"),IF(ORÇAMENTO.Fonte=\"\",ORÇAMENTO.CodBarra,CONCATENATE(ORÇAMENTO.Fonte,\" \",ORÇAMENTO.CodBarra)))","v":"SINAPI 89712"},{"$f":"IF(ISERROR(INDIRECT(ORÇAMENTO.BancoRef)),\"(abra o arquivo 'Referência \"&Excel_BuiltIn_Database&\".xlsm)\",IF(OR($C354<>\"S\",ORÇAMENTO.CodBarra=\"\"),\"(Sem Código)\",IF(ISERROR(MATCH($AE354,INDIRECT(ORÇAMENTO.BancoRef),0)),\"(Código não identificado nas referências)\",MATCH($AE354,INDIRECT(ORÇAMENTO.BancoRef),0))))","v":3670},{"$f":"ROUND(IF(DESONERACAO=\"sim\",REFERENCIA.Desonerado,REFERENCIA.NaoDesonerado),2)","v":28.31},0.25,null,388.1,null,null,13734.86,35.39]
["S",2,"S",0,{"$f":"IF($C355=1,OFFSET(E355,-1,0)+MAX(1,COUNTIF(QCI!$A$13:$A$41,OFFSET(ORÇAMENTO!E355,-1,0))),OFFSET(E355,-1,0))","v":15},3,0,0,8,0,{"$f":"IF(OR($C355=\"S\",$C355=0),0,MATCH(OFFSET($D355,0,$C355)+IF($C355<>1,1,COUNTIF(QCI!$A$13:$A$41,ORÇAMENTO!E355)),OFFSET($D355,1,$C355,ROW($C$744)-ROW($C355)),0))","v":0},"F","Serviço","Serviço","15.3.8.","SINAPI","89696","TÊ, PVC, SERIE R, ÁGUA PLUVIAL, DN 100 X 75 MM, JUNTA ELÁSTICA, FORNECIDO E INSTALADO EM CONDUTORES VERTICAIS DE ÁGUAS PLUVIAIS. AF_06/2022",{"$f":"REFERENCIA.Unidade","v":"UN"},{"$f":"OFFSET(CÁLCULO!H$15,ROW($T355)-ROW(T$15),0)","v":2},83.94,"BDI 1",{"$f":"IF($C355=\"S\",ROUND(IF(TIPOORCAMENTO=\"Proposto\",ORÇAMENTO.CustoUnitario*(1+$AH355),ORÇAMENTO.PrecoUnitarioLicitado),15-13*$AF$10),0)","v":104.93},{"$f":"IF($C355=\"S\",IF(Import.TipoArredondamento<>\"TransfereGOV\",VTOTAL1,SUM(OFFSET(CÁLCULO!$AA$15,ROW($X355)-ROW($X$15),1):OFFSET(CÁLCULO!$AL$15,ROW($X355)-ROW($X$15),-1))),IF($C355=0,0,ROUND(SomaAgrup,15-13*$AF$11)))","v":209.86},"RA","RA",{"$f":"IF($C355=\"S\",IF($Z355=\"CP\",$X355,IF($Z355=\"RA\",(($X355)*QCI!$AA$3),0)),SomaAgrup)","v":7.4737445427329066},0,{"$f":"IF($N355=\"\",\"\",IF(ORÇAMENTO.Descricao=\"\",\"DESCRIÇÃO\",IF(AND($C355=\"S\",ORÇAMENTO.Unidade=\"\"),\"UNIDADE\",IF($X355<0,\"VALOR NEGATIVO\",IF(OR(AND(TIPOORCAMENTO=\"Proposto\",$AG355<>\"\",$AG355>0,ORÇAMENTO.CustoUnitario>$AG355),AND(TIPOORCAMENTO=\"LICITADO\",ORÇAMENTO.PrecoUnitarioLicitado>$AN355)),\"ACIMA REF.\",\"\")))))","v":""},{"$f":"IF(C355<=CRONO.NivelExibicao,MAX($AD$15:OFFSET(AD355,-1,0))+IF($C355<>1,1,MAX(1,COUNTIF(QCI!$A$13:$A$41,OFFSET($E355,-1,0)))),\"\")","v":""},{"$f":"IF(AND($C355=\"S\",ORÇAMENTO.CodBarra<>\"\"),IF(ORÇAMENTO.Fonte=\"\",ORÇAMENTO.CodBarra,CONCATENATE(ORÇAMENTO.Fonte,\" \",ORÇAMENTO.CodBarra)))","v":"SINAPI 89696"},{"$f":"IF(ISERROR(INDIRECT(ORÇAMENTO.BancoRef)),\"(abra o arquivo 'Referência \"&Excel_BuiltIn_Database&\".xlsm)\",IF(OR($C355<>\"S\",ORÇAMENTO.CodBarra=\"\"),\"(Sem Código)\",IF(ISERROR(MATCH($AE355,INDIRECT(ORÇAMENTO.BancoRef),0)),\"(Código não identificado nas referências)\",MATCH($AE355,INDIRECT(ORÇAMENTO.BancoRef),0))))","v":4148},{"$f":"ROUND(IF(DESONERACAO=\"sim\",REFERENCIA.Desonerado,REFERENCIA.NaoDesonerado),2)","v":83.94},0.25,null,2,null,null,209.86,104.93]
["S",2,"S",0,{"$f":"IF($C356=1,OFFSET(E356,-1,0)+MAX(1,COUNTIF(QCI!$A$13:$A$41,OFFSET(ORÇAMENTO!E356,-1,0))),OFFSET(E356,-1,0))","v":15},3,0,0,9,0,{"$f":"IF(OR($C356=\"S\",$C356=0),0,MATCH(OFFSET($D356,0,$C356)+IF($C356<>1,1,COUNTIF(QCI!$A$13:$A$41,ORÇAMENTO!E356)),OFFSET($D356,1,$C356,ROW($C$744)-ROW($C356)),0))","v":0},"F","Serviço","Serviço","15.3.9.","SINAPI","104352","TE, PVC, SÉRIE NORMAL, ESGOTO PREDIAL, DN 100 X 50 MM, JUNTA ELÁSTICA, FORNECIDO E INSTALADO EM PRUMADA DE ESGOTO SANITÁRIO OU VENTILAÇÃO. AF_08/2022",{"$f":"REFERENCIA.Unidade","v":"UN"},{"$f":"OFFSET(CÁLCULO!H$15,ROW($T356)-ROW(T$15),0)","v":6},39.83,"BDI 1",{"$f":"IF($C356=\"S\",ROUND(IF(TIPOORCAMENTO=\"Proposto\",ORÇAMENTO.CustoUnitario*(1+$AH356),ORÇAMENTO.PrecoUnitarioLicitado),15-13*$AF$10),0)","v":49.79},{"$f":"IF($C356=\"S\",IF(Import.TipoArredondamento<>\"TransfereGOV\",VTOTAL1,SUM(OFFSET(CÁLCULO!$AA$15,ROW($X356)-ROW($X$15),1):OFFSET(CÁLCULO!$AL$15,ROW($X356)-ROW($X$15),-1))),IF($C356=0,0,ROUND(SomaAgrup,15-13*$AF$11)))","v":298.74},"RA","RA",{"$f":"IF($C356=\"S\",IF($Z356=\"CP\",$X356,IF($Z356=\"RA\",(($X356)*QCI!$AA$3),0)),SomaAgrup)","v":10.639028136357707},0,{"$f":"IF($N356=\"\",\"\",IF(ORÇAMENTO.Descricao=\"\",\"DESCRIÇÃO\",IF(AND($C356=\"S\",ORÇAMENTO.Unidade=\"\"),\"UNIDADE\",IF($X356<0,\"VALOR NEGATIVO\",IF(OR(AND(TIPOORCAMENTO=\"Proposto\",$AG356<>\"\",$AG356>0,ORÇAMENTO.CustoUnitario>$AG356),AND(TIPOORCAMENTO=\"LICITADO\",ORÇAMENTO.PrecoUnitarioLicitado>$AN356)),\"ACIMA REF.\",\"\")))))","v":""},{"$f":"IF(C356<=CRONO.NivelExibicao,MAX($AD$15:OFFSET(AD356,-1,0))+IF($C356<>1,1,MAX(1,COUNTIF(QCI!$A$13:$A$41,OFFSET($E356,-1,0)))),\"\")","v":""},{"$f":"IF(AND($C356=\"S\",ORÇAMENTO.CodBarra<>\"\"),IF(ORÇAMENTO.Fonte=\"\",ORÇAMENTO.CodBarra,CONCATENATE(ORÇAMENTO.Fonte,\" \",ORÇAMENTO.CodBarra)))","v":"SINAPI 104352"},{"$f":"IF(ISERROR(INDIRECT(ORÇAMENTO.BancoRef)),\"(abra o arquivo 'Referência \"&Excel_BuiltIn_Database&\".xlsm)\",IF(OR($C356<>\"S\",ORÇAMENTO.CodBarra=\"\"),\"(Sem Código)\",IF(ISERROR(MATCH($AE356,INDIRECT(ORÇAMENTO.BancoRef),0)),\"(Código não identificado nas referências)\",MATCH($AE356,INDIRECT(ORÇAMENTO.BancoRef),0))))","v":5140},{"$f":"ROUND(IF(DESONERACAO=\"sim\",REFERENCIA.Desonerado,REFERENCIA.NaoDesonerado),2)","v":39.83},0.25,null,6,null,null,298.74,49.79]
["S",2,"S",0,{"$f":"IF($C357=1,OFFSET(E357,-1,0)+MAX(1,COUNTIF(QCI!$A$13:$A$41,OFFSET(ORÇAMENTO!E357,-1,0))),OFFSET(E357,-1,0))","v":15},3,0,0,10,0,{"$f":"IF(OR($C357=\"S\",$C357=0),0,MATCH(OFFSET($D357,0,$C357)+IF($C357<>1,1,COUNTIF(QCI!$A$13:$A$41,ORÇAMENTO!E357)),OFFSET($D357,1,$C357,ROW($C$744)-ROW($C357)),0))","v":0},"F","Serviço","Serviço","15.3.10.","SINAPI","89825","TE, PVC, SERIE NORMAL, ESGOTO PREDIAL, DN 50 X 50 MM, JUNTA ELÁSTICA, FORNECIDO E INSTALADO EM PRUMADA DE ESGOTO SANITÁRIO OU VENTILAÇÃO. AF_08/2022",{"$f":"REFERENCIA.Unidade","v":"UN"},{"$f":"OFFSET(CÁLCULO!H$15,ROW($T357)-ROW(T$15),0)","v":56},17.190000000000001,"BDI 1",{"$f":"IF($C357=\"S\",ROUND(IF(TIPOORCAMENTO=\"Proposto\",ORÇAMENTO.CustoUnitario*(1+$AH357),ORÇAMENTO.PrecoUnitarioLicitado),15-13*$AF$10),0)","v":21.49},{"$f":"IF($C357=\"S\",IF(Import.TipoArredondamento<>\"TransfereGOV\",VTOTAL1,SUM(OFFSET(CÁLCULO!$AA$15,ROW($X357)-ROW($X$15),1):OFFSET(CÁLCULO!$AL$15,ROW($X357)-ROW($X$15),-1))),IF($C357=0,0,ROUND(SomaAgrup,15-13*$AF$11)))","v":1203.44},"RA","RA",{"$f":"IF($C357=\"S\",IF($Z357=\"CP\",$X357,IF($Z357=\"RA\",(($X357)*QCI!$AA$3),0)),SomaAgrup)","v":42.858110800088099},0,{"$f":"IF($N357=\"\",\"\",IF(ORÇAMENTO.Descricao=\"\",\"DESCRIÇÃO\",IF(AND($C357=\"S\",ORÇAMENTO.Unidade=\"\"),\"UNIDADE\",IF($X357<0,\"VALOR NEGATIVO\",IF(OR(AND(TIPOORCAMENTO=\"Proposto\",$AG357<>\"\",$AG357>0,ORÇAMENTO.CustoUnitario>$AG357),AND(TIPOORCAMENTO=\"LICITADO\",ORÇAMENTO.PrecoUnitarioLicitado>$AN357)),\"ACIMA REF.\",\"\")))))","v":""},{"$f":"IF(C357<=CRONO.NivelExibicao,MAX($AD$15:OFFSET(AD357,-1,0))+IF($C357<>1,1,MAX(1,COUNTIF(QCI!$A$13:$A$41,OFFSET($E357,-1,0)))),\"\")","v":""},{"$f":"IF(AND($C357=\"S\",ORÇAMENTO.CodBarra<>\"\"),IF(ORÇAMENTO.Fonte=\"\",ORÇAMENTO.CodBarra,CONCATENATE(ORÇAMENTO.Fonte,\" \",ORÇAMENTO.CodBarra)))","v":"SINAPI 89825"},{"$f":"IF(ISERROR(INDIRECT(ORÇAMENTO.BancoRef)),\"(abra o arquivo 'Referência \"&Excel_BuiltIn_Database&\".xlsm)\",IF(OR($C357<>\"S\",ORÇAMENTO.CodBarra=\"\"),\"(Sem Código)\",IF(ISERROR(MATCH($AE357,INDIRECT(ORÇAMENTO.BancoRef),0)),\"(Código não identificado nas referências)\",MATCH($AE357,INDIRECT(ORÇAMENTO.BancoRef),0))))","v":4254},{"$f":"ROUND(IF(DESONERACAO=\"sim\",REFERENCIA.Desonerado,REFERENCIA.NaoDesonerado),2)","v":17.190000000000001},0.25,null,56,null,null,1203.44,21.49]
["S",2,"S",0,{"$f":"IF($C358=1,OFFSET(E358,-1,0)+MAX(1,COUNTIF(QCI!$A$13:$A$41,OFFSET(ORÇAMENTO!E358,-1,0))),OFFSET(E358,-1,0))","v":15},3,0,0,11,0,{"$f":"IF(OR($C358=\"S\",$C358=0),0,MATCH(OFFSET($D358,0,$C358)+IF($C358<>1,1,COUNTIF(QCI!$A$13:$A$41,ORÇAMENTO!E358)),OFFSET($D358,1,$C358,ROW($C$744)-ROW($C358)),0))","v":0},"F","Serviço","Serviço","15.3.11.","SINAPI","89630","TE DE REDUÇÃO, PVC, SOLDÁVEL, DN 75MM X 50MM, INSTALADO EM PRUMADA DE ÁGUA - FORNECIMENTO E INSTALAÇÃO. AF_06/2022",{"$f":"REFERENCIA.Unidade","v":"UN"},{"$f":"OFFSET(CÁLCULO!H$15,ROW($T358)-ROW(T$15),0)","v":7},60.51,"BDI 1",{"$f":"IF($C358=\"S\",ROUND(IF(TIPOORCAMENTO=\"Proposto\",ORÇAMENTO.CustoUnitario*(1+$AH358),ORÇAMENTO.PrecoUnitarioLicitado),15-13*$AF$10),0)","v":75.64},{"$f":"IF($C358=\"S\",IF(Import.TipoArredondamento<>\"TransfereGOV\",VTOTAL1,SUM(OFFSET(CÁLCULO!$AA$15,ROW($X358)-ROW($X$15),1):OFFSET(CÁLCULO!$AL$15,ROW($X358)-ROW($X$15),-1))),IF($C358=0,0,ROUND(SomaAgrup,15-13*$AF$11)))","v":529.48},"RA","RA",{"$f":"IF($C358=\"S\",IF($Z358=\"CP\",$X358,IF($Z358=\"RA\",(($X358)*QCI!$AA$3),0)),SomaAgrup)","v":18.856372155180686},0,{"$f":"IF($N358=\"\",\"\",IF(ORÇAMENTO.Descricao=\"\",\"DESCRIÇÃO\",IF(AND($C358=\"S\",ORÇAMENTO.Unidade=\"\"),\"UNIDADE\",IF($X358<0,\"VALOR NEGATIVO\",IF(OR(AND(TIPOORCAMENTO=\"Proposto\",$AG358<>\"\",$AG358>0,ORÇAMENTO.CustoUnitario>$AG358),AND(TIPOORCAMENTO=\"LICITADO\",ORÇAMENTO.PrecoUnitarioLicitado>$AN358)),\"ACIMA REF.\",\"\")))))","v":""},{"$f":"IF(C358<=CRONO.NivelExibicao,MAX($AD$15:OFFSET(AD358,-1,0))+IF($C358<>1,1,MAX(1,COUNTIF(QCI!$A$13:$A$41,OFFSET($E358,-1,0)))),\"\")","v":""},{"$f":"IF(AND($C358=\"S\",ORÇAMENTO.CodBarra<>\"\"),IF(ORÇAMENTO.Fonte=\"\",ORÇAMENTO.CodBarra,CONCATENATE(ORÇAMENTO.Fonte,\" \",ORÇAMENTO.CodBarra)))","v":"SINAPI 89630"},{"$f":"IF(ISERROR(INDIRECT(ORÇAMENTO.BancoRef)),\"(abra o arquivo 'Referência \"&Excel_BuiltIn_Database&\".xlsm)\",IF(OR($C358<>\"S\",ORÇAMENTO.CodBarra=\"\"),\"(Sem Código)\",IF(ISERROR(MATCH($AE358,INDIRECT(ORÇAMENTO.BancoRef),0)),\"(Código não identificado nas referências)\",MATCH($AE358,INDIRECT(ORÇAMENTO.BancoRef),0))))","v":4088},{"$f":"ROUND(IF(DESONERACAO=\"sim\",REFERENCIA.Desonerado,REFERENCIA.NaoDesonerado),2)","v":60.51},0.25,null,7,null,null,529.48,75.64]
[1,1,1,38,{"$f":"IF($C359=1,OFFSET(E359,-1,0)+MAX(1,COUNTIF(QCI!$A$13:$A$41,OFFSET(ORÇAMENTO!E359,-1,0))),OFFSET(E359,-1,0))","v":16},0,0,0,0,385,{"$f":"IF(OR($C359=\"S\",$C359=0),0,MATCH(OFFSET($D359,0,$C359)+IF($C359<>1,1,COUNTIF(QCI!$A$13:$A$41,ORÇAMENTO!E359)),OFFSET($D359,1,$C359,ROW($C$744)-ROW($C359)),0))","v":38},"F","Meta","Meta","16.","SINAPI",null,"LOUÇAS, ACESSÓRIOS E METAIS",{"$f":"REFERENCIA.Unidade","v":"-"},{"$f":"OFFSET(CÁLCULO!H$15,ROW($T359)-ROW(T$15),0)","v":0},null,"BDI 1",{"$f":"IF($C359=\"S\",ROUND(IF(TIPOORCAMENTO=\"Proposto\",ORÇAMENTO.CustoUnitario*(1+$AH359),ORÇAMENTO.PrecoUnitarioLicitado),15-13*$AF$10),0)","v":0},{"$f":"IF($C359=\"S\",IF(Import.TipoArredondamento<>\"TransfereGOV\",VTOTAL1,SUM(OFFSET(CÁLCULO!$AA$15,ROW($X359)-ROW($X$15),1):OFFSET(CÁLCULO!$AL$15,ROW($X359)-ROW($X$15),-1))),IF($C359=0,0,ROUND(SomaAgrup,15-13*$AF$11)))","v":121320.07},"RA","",{"$f":"IF($C359=\"S\",IF($Z359=\"CP\",$X359,IF($Z359=\"RA\",(($X359)*QCI!$AA$3),0)),SomaAgrup)","v":4320.5718626058988},0,{"$f":"IF($N359=\"\",\"\",IF(ORÇAMENTO.Descricao=\"\",\"DESCRIÇÃO\",IF(AND($C359=\"S\",ORÇAMENTO.Unidade=\"\"),\"UNIDADE\",IF($X359<0,\"VALOR NEGATIVO\",IF(OR(AND(TIPOORCAMENTO=\"Proposto\",$AG359<>\"\",$AG359>0,ORÇAMENTO.CustoUnitario>$AG359),AND(TIPOORCAMENTO=\"LICITADO\",ORÇAMENTO.PrecoUnitarioLicitado>$AN359)),\"ACIMA REF.\",\"\")))))","v":""},{"$f":"IF(C359<=CRONO.NivelExibicao,MAX($AD$15:OFFSET(AD359,-1,0))+IF($C359<>1,1,MAX(1,COUNTIF(QCI!$A$13:$A$41,OFFSET($E359,-1,0)))),\"\")","v":53},{"$f":"IF(AND($C359=\"S\",ORÇAMENTO.CodBarra<>\"\"),IF(ORÇAMENTO.Fonte=\"\",ORÇAMENTO.CodBarra,CONCATENATE(ORÇAMENTO.Fonte,\" \",ORÇAMENTO.CodBarra)))","v":false},{"$f":"IF(ISERROR(INDIRECT(ORÇAMENTO.BancoRef)),\"(abra o arquivo 'Referência \"&Excel_BuiltIn_Database&\".xlsm)\",IF(OR($C359<>\"S\",ORÇAMENTO.CodBarra=\"\"),\"(Sem Código)\",IF(ISERROR(MATCH($AE359,INDIRECT(ORÇAMENTO.BancoRef),0)),\"(Código não identificado nas referências)\",MATCH($AE359,INDIRECT(ORÇAMENTO.BancoRef),0))))","v":"(Sem Código)"},{"$f":"ROUND(IF(DESONERACAO=\"sim\",REFERENCIA.Desonerado,REFERENCIA.NaoDesonerado),2)","v":0},0.25,null,null,null,null,121320.07,0]
[2,2,2,37,{"$f":"IF($C360=1,OFFSET(E360,-1,0)+MAX(1,COUNTIF(QCI!$A$13:$A$41,OFFSET(ORÇAMENTO!E360,-1,0))),OFFSET(E360,-1,0))","v":16},1,0,0,0,37,{"$f":"IF(OR($C360=\"S\",$C360=0),0,MATCH(OFFSET($D360,0,$C360)+IF($C360<>1,1,COUNTIF(QCI!$A$13:$A$41,ORÇAMENTO!E360)),OFFSET($D360,1,$C360,ROW($C$744)-ROW($C360)),0))","v":55},"F","Nível 2","Nível 2","16.1.","SINAPI",null,"Equipamentos e acessórios",{"$f":"REFERENCIA.Unidade","v":"-"},{"$f":"OFFSET(CÁLCULO!H$15,ROW($T360)-ROW(T$15),0)","v":0},null,"BDI 1",{"$f":"IF($C360=\"S\",ROUND(IF(TIPOORCAMENTO=\"Proposto\",ORÇAMENTO.CustoUnitario*(1+$AH360),ORÇAMENTO.PrecoUnitarioLicitado),15-13*$AF$10),0)","v":0},{"$f":"IF($C360=\"S\",IF(Import.TipoArredondamento<>\"TransfereGOV\",VTOTAL1,SUM(OFFSET(CÁLCULO!$AA$15,ROW($X360)-ROW($X$15),1):OFFSET(CÁLCULO!$AL$15,ROW($X360)-ROW($X$15),-1))),IF($C360=0,0,ROUND(SomaAgrup,15-13*$AF$11)))","v":121320.07},"RA","",{"$f":"IF($C360=\"S\",IF($Z360=\"CP\",$X360,IF($Z360=\"RA\",(($X360)*QCI!$AA$3),0)),SomaAgrup)","v":4320.5718626058988},0,{"$f":"IF($N360=\"\",\"\",IF(ORÇAMENTO.Descricao=\"\",\"DESCRIÇÃO\",IF(AND($C360=\"S\",ORÇAMENTO.Unidade=\"\"),\"UNIDADE\",IF($X360<0,\"VALOR NEGATIVO\",IF(OR(AND(TIPOORCAMENTO=\"Proposto\",$AG360<>\"\",$AG360>0,ORÇAMENTO.CustoUnitario>$AG360),AND(TIPOORCAMENTO=\"LICITADO\",ORÇAMENTO.PrecoUnitarioLicitado>$AN360)),\"ACIMA REF.\",\"\")))))","v":""},{"$f":"IF(C360<=CRONO.NivelExibicao,MAX($AD$15:OFFSET(AD360,-1,0))+IF($C360<>1,1,MAX(1,COUNTIF(QCI!$A$13:$A$41,OFFSET($E360,-1,0)))),\"\")","v":54},{"$f":"IF(AND($C360=\"S\",ORÇAMENTO.CodBarra<>\"\"),IF(ORÇAMENTO.Fonte=\"\",ORÇAMENTO.CodBarra,CONCATENATE(ORÇAMENTO.Fonte,\" \",ORÇAMENTO.CodBarra)))","v":false},{"$f":"IF(ISERROR(INDIRECT(ORÇAMENTO.BancoRef)),\"(abra o arquivo 'Referência \"&Excel_BuiltIn_Database&\".xlsm)\",IF(OR($C360<>\"S\",ORÇAMENTO.CodBarra=\"\"),\"(Sem Código)\",IF(ISERROR(MATCH($AE360,INDIRECT(ORÇAMENTO.BancoRef),0)),\"(Código não identificado nas referências)\",MATCH($AE360,INDIRECT(ORÇAMENTO.BancoRef),0))))","v":"(Sem Código)"},{"$f":"ROUND(IF(DESONERACAO=\"sim\",REFERENCIA.Desonerado,REFERENCIA.NaoDesonerado),2)","v":0},0.25,null,null,null,null,121320.07,0]
["S",2,"S",0,{"$f":"IF($C361=1,OFFSET(E361,-1,0)+MAX(1,COUNTIF(QCI!$A$13:$A$41,OFFSET(ORÇAMENTO!E361,-1,0))),OFFSET(E361,-1,0))","v":16},1,0,0,1,0,{"$f":"IF(OR($C361=\"S\",$C361=0),0,MATCH(OFFSET($D361,0,$C361)+IF($C361<>1,1,COUNTIF(QCI!$A$13:$A$41,ORÇAMENTO!E361)),OFFSET($D361,1,$C361,ROW($C$744)-ROW($C361)),0))","v":0},"F","Serviço","Serviço","16.1.1.","SINAPI","95470","VASO SANITARIO SIFONADO CONVENCIONAL COM LOUÇA BRANCA, INCLUSO CONJUNTO DE LIGAÇÃO PARA BACIA SANITÁRIA AJUSTÁVEL - FORNECIMENTO E INSTALAÇÃO. AF_10/2016",{"$f":"REFERENCIA.Unidade","v":"UN"},{"$f":"OFFSET(CÁLCULO!H$15,ROW($T361)-ROW(T$15),0)","v":6},296.19,"BDI 1",{"$f":"IF($C361=\"S\",ROUND(IF(TIPOORCAMENTO=\"Proposto\",ORÇAMENTO.CustoUnitario*(1+$AH361),ORÇAMENTO.PrecoUnitarioLicitado),15-13*$AF$10),0)","v":370.24},{"$f":"IF($C361=\"S\",IF(Import.TipoArredondamento<>\"TransfereGOV\",VTOTAL1,SUM(OFFSET(CÁLCULO!$AA$15,ROW($X361)-ROW($X$15),1):OFFSET(CÁLCULO!$AL$15,ROW($X361)-ROW($X$15),-1))),IF($C361=0,0,ROUND(SomaAgrup,15-13*$AF$11)))","v":2221.44},"RA","RA",{"$f":"IF($C361=\"S\",IF($Z361=\"CP\",$X361,IF($Z361=\"RA\",(($X361)*QCI!$AA$3),0)),SomaAgrup)","v":79.112146559652089},0,{"$f":"IF($N361=\"\",\"\",IF(ORÇAMENTO.Descricao=\"\",\"DESCRIÇÃO\",IF(AND($C361=\"S\",ORÇAMENTO.Unidade=\"\"),\"UNIDADE\",IF($X361<0,\"VALOR NEGATIVO\",IF(OR(AND(TIPOORCAMENTO=\"Proposto\",$AG361<>\"\",$AG361>0,ORÇAMENTO.CustoUnitario>$AG361),AND(TIPOORCAMENTO=\"LICITADO\",ORÇAMENTO.PrecoUnitarioLicitado>$AN361)),\"ACIMA REF.\",\"\")))))","v":""},{"$f":"IF(C361<=CRONO.NivelExibicao,MAX($AD$15:OFFSET(AD361,-1,0))+IF($C361<>1,1,MAX(1,COUNTIF(QCI!$A$13:$A$41,OFFSET($E361,-1,0)))),\"\")","v":""},{"$f":"IF(AND($C361=\"S\",ORÇAMENTO.CodBarra<>\"\"),IF(ORÇAMENTO.Fonte=\"\",ORÇAMENTO.CodBarra,CONCATENATE(ORÇAMENTO.Fonte,\" \",ORÇAMENTO.CodBarra)))","v":"SINAPI 95470"},{"$f":"IF(ISERROR(INDIRECT(ORÇAMENTO.BancoRef)),\"(abra o arquivo 'Referência \"&Excel_BuiltIn_Database&\".xlsm)\",IF(OR($C361<>\"S\",ORÇAMENTO.CodBarra=\"\"),\"(Sem Código)\",IF(ISERROR(MATCH($AE361,INDIRECT(ORÇAMENTO.BancoRef),0)),\"(Código não identificado nas referências)\",MATCH($AE361,INDIRECT(ORÇAMENTO.BancoRef),0))))","v":5376},{"$f":"ROUND(IF(DESONERACAO=\"sim\",REFERENCIA.Desonerado,REFERENCIA.NaoDesonerado),2)","v":296.19},0.25,null,6,null,null,2221.44,370.24]
["S",2,"S",0,{"$f":"IF($C362=1,OFFSET(E362,-1,0)+MAX(1,COUNTIF(QCI!$A$13:$A$41,OFFSET(ORÇAMENTO!E362,-1,0))),OFFSET(E362,-1,0))","v":16},1,0,0,2,0,{"$f":"IF(OR($C362=\"S\",$C362=0),0,MATCH(OFFSET($D362,0,$C362)+IF($C362<>1,1,COUNTIF(QCI!$A$13:$A$41,ORÇAMENTO!E362)),OFFSET($D362,1,$C362,ROW($C$744)-ROW($C362)),0))","v":0},"F","Serviço","Serviço","16.1.2.","SINAPI","100848","VASO SANITÁRIO INFANTIL LOUÇA BRANCA - FORNECIMENTO E INSTALACAO. AF_01/2020",{"$f":"REFERENCIA.Unidade","v":"UN"},{"$f":"OFFSET(CÁLCULO!H$15,ROW($T362)-ROW(T$15),0)","v":18},530.33000000000004,"BDI 1",{"$f":"IF($C362=\"S\",ROUND(IF(TIPOORCAMENTO=\"Proposto\",ORÇAMENTO.CustoUnitario*(1+$AH362),ORÇAMENTO.PrecoUnitarioLicitado),15-13*$AF$10),0)","v":662.91},{"$f":"IF($C362=\"S\",IF(Import.TipoArredondamento<>\"TransfereGOV\",VTOTAL1,SUM(OFFSET(CÁLCULO!$AA$15,ROW($X362)-ROW($X$15),1):OFFSET(CÁLCULO!$AL$15,ROW($X362)-ROW($X$15),-1))),IF($C362=0,0,ROUND(SomaAgrup,15-13*$AF$11)))","v":11932.38},"RA","RA",{"$f":"IF($C362=\"S\",IF($Z362=\"CP\",$X362,IF($Z362=\"RA\",(($X362)*QCI!$AA$3),0)),SomaAgrup)","v":424.94786956454431},0,{"$f":"IF($N362=\"\",\"\",IF(ORÇAMENTO.Descricao=\"\",\"DESCRIÇÃO\",IF(AND($C362=\"S\",ORÇAMENTO.Unidade=\"\"),\"UNIDADE\",IF($X362<0,\"VALOR NEGATIVO\",IF(OR(AND(TIPOORCAMENTO=\"Proposto\",$AG362<>\"\",$AG362>0,ORÇAMENTO.CustoUnitario>$AG362),AND(TIPOORCAMENTO=\"LICITADO\",ORÇAMENTO.PrecoUnitarioLicitado>$AN362)),\"ACIMA REF.\",\"\")))))","v":""},{"$f":"IF(C362<=CRONO.NivelExibicao,MAX($AD$15:OFFSET(AD362,-1,0))+IF($C362<>1,1,MAX(1,COUNTIF(QCI!$A$13:$A$41,OFFSET($E362,-1,0)))),\"\")","v":""},{"$f":"IF(AND($C362=\"S\",ORÇAMENTO.CodBarra<>\"\"),IF(ORÇAMENTO.Fonte=\"\",ORÇAMENTO.CodBarra,CONCATENATE(ORÇAMENTO.Fonte,\" \",ORÇAMENTO.CodBarra)))","v":"SINAPI 100848"},{"$f":"IF(ISERROR(INDIRECT(ORÇAMENTO.BancoRef)),\"(abra o arquivo 'Referência \"&Excel_BuiltIn_Database&\".xlsm)\",IF(OR($C362<>\"S\",ORÇAMENTO.CodBarra=\"\"),\"(Sem Código)\",IF(ISERROR(MATCH($AE362,INDIRECT(ORÇAMENTO.BancoRef),0)),\"(Código não identificado nas referências)\",MATCH($AE362,INDIRECT(ORÇAMENTO.BancoRef),0))))","v":5385},{"$f":"ROUND(IF(DESONERACAO=\"sim\",REFERENCIA.Desonerado,REFERENCIA.NaoDesonerado),2)","v":530.33000000000004},0.25,null,18,null,null,11932.38,662.91]
["S",2,"S",0,{"$f":"IF($C363=1,OFFSET(E363,-1,0)+MAX(1,COUNTIF(QCI!$A$13:$A$41,OFFSET(ORÇAMENTO!E363,-1,0))),OFFSET(E363,-1,0))","v":16},1,0,0,3,0,{"$f":"IF(OR($C363=\"S\",$C363=0),0,MATCH(OFFSET($D363,0,$C363)+IF($C363<>1,1,COUNTIF(QCI!$A$13:$A$41,ORÇAMENTO!E363)),OFFSET($D363,1,$C363,ROW($C$744)-ROW($C363)),0))","v":0},"F","Serviço","Serviço","16.1.3.","SINAPI","100849","ASSENTO SANITÁRIO CONVENCIONAL - FORNECIMENTO E INSTALACAO. AF_01/2020",{"$f":"REFERENCIA.Unidade","v":"UN"},{"$f":"OFFSET(CÁLCULO!H$15,ROW($T363)-ROW(T$15),0)","v":6},40.44,"BDI 1",{"$f":"IF($C363=\"S\",ROUND(IF(TIPOORCAMENTO=\"Proposto\",ORÇAMENTO.CustoUnitario*(1+$AH363),ORÇAMENTO.PrecoUnitarioLicitado),15-13*$AF$10),0)","v":50.55},{"$f":"IF($C363=\"S\",IF(Import.TipoArredondamento<>\"TransfereGOV\",VTOTAL1,SUM(OFFSET(CÁLCULO!$AA$15,ROW($X363)-ROW($X$15),1):OFFSET(CÁLCULO!$AL$15,ROW($X363)-ROW($X$15),-1))),IF($C363=0,0,ROUND(SomaAgrup,15-13*$AF$11)))","v":303.3},"RA","RA",{"$f":"IF($C363=\"S\",IF($Z363=\"CP\",$X363,IF($Z363=\"RA\",(($X363)*QCI!$AA$3),0)),SomaAgrup)","v":10.801423424239447},0,{"$f":"IF($N363=\"\",\"\",IF(ORÇAMENTO.Descricao=\"\",\"DESCRIÇÃO\",IF(AND($C363=\"S\",ORÇAMENTO.Unidade=\"\"),\"UNIDADE\",IF($X363<0,\"VALOR NEGATIVO\",IF(OR(AND(TIPOORCAMENTO=\"Proposto\",$AG363<>\"\",$AG363>0,ORÇAMENTO.CustoUnitario>$AG363),AND(TIPOORCAMENTO=\"LICITADO\",ORÇAMENTO.PrecoUnitarioLicitado>$AN363)),\"ACIMA REF.\",\"\")))))","v":""},{"$f":"IF(C363<=CRONO.NivelExibicao,MAX($AD$15:OFFSET(AD363,-1,0))+IF($C363<>1,1,MAX(1,COUNTIF(QCI!$A$13:$A$41,OFFSET($E363,-1,0)))),\"\")","v":""},{"$f":"IF(AND($C363=\"S\",ORÇAMENTO.CodBarra<>\"\"),IF(ORÇAMENTO.Fonte=\"\",ORÇAMENTO.CodBarra,CONCATENATE(ORÇAMENTO.Fonte,\" \",ORÇAMENTO.CodBarra)))","v":"SINAPI 100849"},{"$f":"IF(ISERROR(INDIRECT(ORÇAMENTO.BancoRef)),\"(abra o arquivo 'Referência \"&Excel_BuiltIn_Database&\".xlsm)\",IF(OR($C363<>\"S\",ORÇAMENTO.CodBarra=\"\"),\"(Sem Código)\",IF(ISERROR(MATCH($AE363,INDIRECT(ORÇAMENTO.BancoRef),0)),\"(Código não identificado nas referências)\",MATCH($AE363,INDIRECT(ORÇAMENTO.BancoRef),0))))","v":5386},{"$f":"ROUND(IF(DESONERACAO=\"sim\",REFERENCIA.Desonerado,REFERENCIA.NaoDesonerado),2)","v":40.44},0.25,null,6,null,null,303.3,50.55]
["S",2,"S",0,{"$f":"IF($C364=1,OFFSET(E364,-1,0)+MAX(1,COUNTIF(QCI!$A$13:$A$41,OFFSET(ORÇAMENTO!E364,-1,0))),OFFSET(E364,-1,0))","v":16},1,0,0,4,0,{"$f":"IF(OR($C364=\"S\",$C364=0),0,MATCH(OFFSET($D364,0,$C364)+IF($C364<>1,1,COUNTIF(QCI!$A$13:$A$41,ORÇAMENTO!E364)),OFFSET($D364,1,$C364,ROW($C$744)-ROW($C364)),0))","v":0},"F","Serviço","Serviço","16.1.4.","SINAPI","100851","ASSENTO SANITÁRIO INFANTIL - FORNECIMENTO E INSTALACAO. AF_01/2020",{"$f":"REFERENCIA.Unidade","v":"UN"},{"$f":"OFFSET(CÁLCULO!H$15,ROW($T364)-ROW(T$15),0)","v":18},79.760000000000005,"BDI 1",{"$f":"IF($C364=\"S\",ROUND(IF(TIPOORCAMENTO=\"Proposto\",ORÇAMENTO.CustoUnitario*(1+$AH364),ORÇAMENTO.PrecoUnitarioLicitado),15-13*$AF$10),0)","v":99.7},{"$f":"IF($C364=\"S\",IF(Import.TipoArredondamento<>\"TransfereGOV\",VTOTAL1,SUM(OFFSET(CÁLCULO!$AA$15,ROW($X364)-ROW($X$15),1):OFFSET(CÁLCULO!$AL$15,ROW($X364)-ROW($X$15),-1))),IF($C364=0,0,ROUND(SomaAgrup,15-13*$AF$11)))","v":1794.6},"RA","RA",{"$f":"IF($C364=\"S\",IF($Z364=\"CP\",$X364,IF($Z364=\"RA\",(($X364)*QCI!$AA$3),0)),SomaAgrup)","v":63.911092901879691},0,{"$f":"IF($N364=\"\",\"\",IF(ORÇAMENTO.Descricao=\"\",\"DESCRIÇÃO\",IF(AND($C364=\"S\",ORÇAMENTO.Unidade=\"\"),\"UNIDADE\",IF($X364<0,\"VALOR NEGATIVO\",IF(OR(AND(TIPOORCAMENTO=\"Proposto\",$AG364<>\"\",$AG364>0,ORÇAMENTO.CustoUnitario>$AG364),AND(TIPOORCAMENTO=\"LICITADO\",ORÇAMENTO.PrecoUnitarioLicitado>$AN364)),\"ACIMA REF.\",\"\")))))","v":""},{"$f":"IF(C364<=CRONO.NivelExibicao,MAX($AD$15:OFFSET(AD364,-1,0))+IF($C364<>1,1,MAX(1,COUNTIF(QCI!$A$13:$A$41,OFFSET($E364,-1,0)))),\"\")","v":""},{"$f":"IF(AND($C364=\"S\",ORÇAMENTO.CodBarra<>\"\"),IF(ORÇAMENTO.Fonte=\"\",ORÇAMENTO.CodBarra,CONCATENATE(ORÇAMENTO.Fonte,\" \",ORÇAMENTO.CodBarra)))","v":"SINAPI 100851"},{"$f":"IF(ISERROR(INDIRECT(ORÇAMENTO.BancoRef)),\"(abra o arquivo 'Referência \"&Excel_BuiltIn_Database&\".xlsm)\",IF(OR($C364<>\"S\",ORÇAMENTO.CodBarra=\"\"),\"(Sem Código)\",IF(ISERROR(MATCH($AE364,INDIRECT(ORÇAMENTO.BancoRef),0)),\"(Código não identificado nas referências)\",MATCH($AE364,INDIRECT(ORÇAMENTO.BancoRef),0))))","v":5387},{"$f":"ROUND(IF(DESONERACAO=\"sim\",REFERENCIA.Desonerado,REFERENCIA.NaoDesonerado),2)","v":79.760000000000005},0.25,null,18,null,null,1794.6,99.7]
["S",2,"S",0,{"$f":"IF($C365=1,OFFSET(E365,-1,0)+MAX(1,COUNTIF(QCI!$A$13:$A$41,OFFSET(ORÇAMENTO!E365,-1,0))),OFFSET(E365,-1,0))","v":16},1,0,0,5,0,{"$f":"IF(OR($C365=\"S\",$C365=0),0,MATCH(OFFSET($D365,0,$C365)+IF($C365<>1,1,COUNTIF(QCI!$A$13:$A$41,ORÇAMENTO!E365)),OFFSET($D365,1,$C365,ROW($C$744)-ROW($C365)),0))","v":0},"F","Serviço","Serviço","16.1.5.","SINAPI","FNDE 11","BANHEIRA PLÁSTICA RÍGIDA, 77x45x20cm DE EMBUTIR, CONFORME DETALHE DE PROJETO","UN",{"$f":"OFFSET(CÁLCULO!H$15,ROW($T365)-ROW(T$15),0)","v":4},417.07,"BDI 1",{"$f":"IF($C365=\"S\",ROUND(IF(TIPOORCAMENTO=\"Proposto\",ORÇAMENTO.CustoUnitario*(1+$AH365),ORÇAMENTO.PrecoUnitarioLicitado),15-13*$AF$10),0)","v":521.34},{"$f":"IF($C365=\"S\",IF(Import.TipoArredondamento<>\"TransfereGOV\",VTOTAL1,SUM(OFFSET(CÁLCULO!$AA$15,ROW($X365)-ROW($X$15),1):OFFSET(CÁLCULO!$AL$15,ROW($X365)-ROW($X$15),-1))),IF($C365=0,0,ROUND(SomaAgrup,15-13*$AF$11)))","v":2085.36},"RA","RA",{"$f":"IF($C365=\"S\",IF($Z365=\"CP\",$X365,IF($Z365=\"RA\",(($X365)*QCI!$AA$3),0)),SomaAgrup)","v":74.265929284444354},0,{"$f":"IF($N365=\"\",\"\",IF(ORÇAMENTO.Descricao=\"\",\"DESCRIÇÃO\",IF(AND($C365=\"S\",ORÇAMENTO.Unidade=\"\"),\"UNIDADE\",IF($X365<0,\"VALOR NEGATIVO\",IF(OR(AND(TIPOORCAMENTO=\"Proposto\",$AG365<>\"\",$AG365>0,ORÇAMENTO.CustoUnitario>$AG365),AND(TIPOORCAMENTO=\"LICITADO\",ORÇAMENTO.PrecoUnitarioLicitado>$AN365)),\"ACIMA REF.\",\"\")))))","v":""},{"$f":"IF(C365<=CRONO.NivelExibicao,MAX($AD$15:OFFSET(AD365,-1,0))+IF($C365<>1,1,MAX(1,COUNTIF(QCI!$A$13:$A$41,OFFSET($E365,-1,0)))),\"\")","v":""},{"$f":"IF(AND($C365=\"S\",ORÇAMENTO.CodBarra<>\"\"),IF(ORÇAMENTO.Fonte=\"\",ORÇAMENTO.CodBarra,CONCATENATE(ORÇAMENTO.Fonte,\" \",ORÇAMENTO.CodBarra)))","v":"SINAPI FNDE 11"},{"$f":"IF(ISERROR(INDIRECT(ORÇAMENTO.BancoRef)),\"(abra o arquivo 'Referência \"&Excel_BuiltIn_Database&\".xlsm)\",IF(OR($C365<>\"S\",ORÇAMENTO.CodBarra=\"\"),\"(Sem Código)\",IF(ISERROR(MATCH($AE365,INDIRECT(ORÇAMENTO.BancoRef),0)),\"(Código não identificado nas referências)\",MATCH($AE365,INDIRECT(ORÇAMENTO.BancoRef),0))))","v":"(Código não identificado nas referências)"},{"$f":"ROUND(IF(DESONERACAO=\"sim\",REFERENCIA.Desonerado,REFERENCIA.NaoDesonerado),2)","v":0},0.25,null,4,null,null,2085.36,521.34]
["S",2,"S",0,{"$f":"IF($C366=1,OFFSET(E366,-1,0)+MAX(1,COUNTIF(QCI!$A$13:$A$41,OFFSET(ORÇAMENTO!E366,-1,0))),OFFSET(E366,-1,0))","v":16},1,0,0,6,0,{"$f":"IF(OR($C366=\"S\",$C366=0),0,MATCH(OFFSET($D366,0,$C366)+IF($C366<>1,1,COUNTIF(QCI!$A$13:$A$41,ORÇAMENTO!E366)),OFFSET($D366,1,$C366,ROW($C$744)-ROW($C366)),0))","v":0},"F","Serviço","Serviço","16.1.6.","SINAPI","FNDE 219","LAVATÓRIO DE CANTO, LOUÇA BRANCA SUSPENSO, 29,5 X 39CM OU EQUIVALENTE, PADRÃO POPULAR - FORNECIMENTO E INSTALAÇÃO","UN",{"$f":"OFFSET(CÁLCULO!H$15,ROW($T366)-ROW(T$15),0)","v":4},142.88999999999999,"BDI 1",{"$f":"IF($C366=\"S\",ROUND(IF(TIPOORCAMENTO=\"Proposto\",ORÇAMENTO.CustoUnitario*(1+$AH366),ORÇAMENTO.PrecoUnitarioLicitado),15-13*$AF$10),0)","v":178.61},{"$f":"IF($C366=\"S\",IF(Import.TipoArredondamento<>\"TransfereGOV\",VTOTAL1,SUM(OFFSET(CÁLCULO!$AA$15,ROW($X366)-ROW($X$15),1):OFFSET(CÁLCULO!$AL$15,ROW($X366)-ROW($X$15),-1))),IF($C366=0,0,ROUND(SomaAgrup,15-13*$AF$11)))","v":714.44},"RA","RA",{"$f":"IF($C366=\"S\",IF($Z366=\"CP\",$X366,IF($Z366=\"RA\",(($X366)*QCI!$AA$3),0)),SomaAgrup)","v":25.443352954875145},0,{"$f":"IF($N366=\"\",\"\",IF(ORÇAMENTO.Descricao=\"\",\"DESCRIÇÃO\",IF(AND($C366=\"S\",ORÇAMENTO.Unidade=\"\"),\"UNIDADE\",IF($X366<0,\"VALOR NEGATIVO\",IF(OR(AND(TIPOORCAMENTO=\"Proposto\",$AG366<>\"\",$AG366>0,ORÇAMENTO.CustoUnitario>$AG366),AND(TIPOORCAMENTO=\"LICITADO\",ORÇAMENTO.PrecoUnitarioLicitado>$AN366)),\"ACIMA REF.\",\"\")))))","v":""},{"$f":"IF(C366<=CRONO.NivelExibicao,MAX($AD$15:OFFSET(AD366,-1,0))+IF($C366<>1,1,MAX(1,COUNTIF(QCI!$A$13:$A$41,OFFSET($E366,-1,0)))),\"\")","v":""},{"$f":"IF(AND($C366=\"S\",ORÇAMENTO.CodBarra<>\"\"),IF(ORÇAMENTO.Fonte=\"\",ORÇAMENTO.CodBarra,CONCATENATE(ORÇAMENTO.Fonte,\" \",ORÇAMENTO.CodBarra)))","v":"SINAPI FNDE 219"},{"$f":"IF(ISERROR(INDIRECT(ORÇAMENTO.BancoRef)),\"(abra o arquivo 'Referência \"&Excel_BuiltIn_Database&\".xlsm)\",IF(OR($C366<>\"S\",ORÇAMENTO.CodBarra=\"\"),\"(Sem Código)\",IF(ISERROR(MATCH($AE366,INDIRECT(ORÇAMENTO.BancoRef),0)),\"(Código não identificado nas referências)\",MATCH($AE366,INDIRECT(ORÇAMENTO.BancoRef),0))))","v":"(Código não identificado nas referências)"},{"$f":"ROUND(IF(DESONERACAO=\"sim\",REFERENCIA.Desonerado,REFERENCIA.NaoDesonerado),2)","v":0},0.25,null,4,null,null,714.44,178.61]
["S",2,"S",0,{"$f":"IF($C367=1,OFFSET(E367,-1,0)+MAX(1,COUNTIF(QCI!$A$13:$A$41,OFFSET(ORÇAMENTO!E367,-1,0))),OFFSET(E367,-1,0))","v":16},1,0,0,7,0,{"$f":"IF(OR($C367=\"S\",$C367=0),0,MATCH(OFFSET($D367,0,$C367)+IF($C367<>1,1,COUNTIF(QCI!$A$13:$A$41,ORÇAMENTO!E367)),OFFSET($D367,1,$C367,ROW($C$744)-ROW($C367)),0))","v":0},"F","Serviço","Serviço","16.1.7.","SINAPI","86901","CUBA DE EMBUTIR OVAL EM LOUÇA BRANCA, 35 X 50CM OU EQUIVALENTE - FORNECIMENTO E INSTALAÇÃO. AF_01/2020",{"$f":"REFERENCIA.Unidade","v":"UN"},{"$f":"OFFSET(CÁLCULO!H$15,ROW($T367)-ROW(T$15),0)","v":22},147.13,"BDI 1",{"$f":"IF($C367=\"S\",ROUND(IF(TIPOORCAMENTO=\"Proposto\",ORÇAMENTO.CustoUnitario*(1+$AH367),ORÇAMENTO.PrecoUnitarioLicitado),15-13*$AF$10),0)","v":183.91},{"$f":"IF($C367=\"S\",IF(Import.TipoArredondamento<>\"TransfereGOV\",VTOTAL1,SUM(OFFSET(CÁLCULO!$AA$15,ROW($X367)-ROW($X$15),1):OFFSET(CÁLCULO!$AL$15,ROW($X367)-ROW($X$15),-1))),IF($C367=0,0,ROUND(SomaAgrup,15-13*$AF$11)))","v":4046.02},"RA","RA",{"$f":"IF($C367=\"S\",IF($Z367=\"CP\",$X367,IF($Z367=\"RA\",(($X367)*QCI!$AA$3),0)),SomaAgrup)","v":144.09091725335077},0,{"$f":"IF($N367=\"\",\"\",IF(ORÇAMENTO.Descricao=\"\",\"DESCRIÇÃO\",IF(AND($C367=\"S\",ORÇAMENTO.Unidade=\"\"),\"UNIDADE\",IF($X367<0,\"VALOR NEGATIVO\",IF(OR(AND(TIPOORCAMENTO=\"Proposto\",$AG367<>\"\",$AG367>0,ORÇAMENTO.CustoUnitario>$AG367),AND(TIPOORCAMENTO=\"LICITADO\",ORÇAMENTO.PrecoUnitarioLicitado>$AN367)),\"ACIMA REF.\",\"\")))))","v":""},{"$f":"IF(C367<=CRONO.NivelExibicao,MAX($AD$15:OFFSET(AD367,-1,0))+IF($C367<>1,1,MAX(1,COUNTIF(QCI!$A$13:$A$41,OFFSET($E367,-1,0)))),\"\")","v":""},{"$f":"IF(AND($C367=\"S\",ORÇAMENTO.CodBarra<>\"\"),IF(ORÇAMENTO.Fonte=\"\",ORÇAMENTO.CodBarra,CONCATENATE(ORÇAMENTO.Fonte,\" \",ORÇAMENTO.CodBarra)))","v":"SINAPI 86901"},{"$f":"IF(ISERROR(INDIRECT(ORÇAMENTO.BancoRef)),\"(abra o arquivo 'Referência \"&Excel_BuiltIn_Database&\".xlsm)\",IF(OR($C367<>\"S\",ORÇAMENTO.CodBarra=\"\"),\"(Sem Código)\",IF(ISERROR(MATCH($AE367,INDIRECT(ORÇAMENTO.BancoRef),0)),\"(Código não identificado nas referências)\",MATCH($AE367,INDIRECT(ORÇAMENTO.BancoRef),0))))","v":5332},{"$f":"ROUND(IF(DESONERACAO=\"sim\",REFERENCIA.Desonerado,REFERENCIA.NaoDesonerado),2)","v":147.13},0.25,null,22,null,null,4046.02,183.91]
["S",2,"S",0,{"$f":"IF($C368=1,OFFSET(E368,-1,0)+MAX(1,COUNTIF(QCI!$A$13:$A$41,OFFSET(ORÇAMENTO!E368,-1,0))),OFFSET(E368,-1,0))","v":16},1,0,0,8,0,{"$f":"IF(OR($C368=\"S\",$C368=0),0,MATCH(OFFSET($D368,0,$C368)+IF($C368<>1,1,COUNTIF(QCI!$A$13:$A$41,ORÇAMENTO!E368)),OFFSET($D368,1,$C368,ROW($C$744)-ROW($C368)),0))","v":0},"F","Serviço","Serviço","16.1.8.","SINAPI","86902","LAVATÓRIO LOUÇA BRANCA COM COLUNA, *44 X 35,5* CM, PADRÃO POPULAR - FORNECIMENTO E INSTALAÇÃO. AF_01/2020",{"$f":"REFERENCIA.Unidade","v":"UN"},{"$f":"OFFSET(CÁLCULO!H$15,ROW($T368)-ROW(T$15),0)","v":6},303.95999999999998,"BDI 1",{"$f":"IF($C368=\"S\",ROUND(IF(TIPOORCAMENTO=\"Proposto\",ORÇAMENTO.CustoUnitario*(1+$AH368),ORÇAMENTO.PrecoUnitarioLicitado),15-13*$AF$10),0)","v":379.95},{"$f":"IF($C368=\"S\",IF(Import.TipoArredondamento<>\"TransfereGOV\",VTOTAL1,SUM(OFFSET(CÁLCULO!$AA$15,ROW($X368)-ROW($X$15),1):OFFSET(CÁLCULO!$AL$15,ROW($X368)-ROW($X$15),-1))),IF($C368=0,0,ROUND(SomaAgrup,15-13*$AF$11)))","v":2279.6999999999998},"RA","RA",{"$f":"IF($C368=\"S\",IF($Z368=\"CP\",$X368,IF($Z368=\"RA\",(($X368)*QCI!$AA$3),0)),SomaAgrup)","v":81.186960040351678},0,{"$f":"IF($N368=\"\",\"\",IF(ORÇAMENTO.Descricao=\"\",\"DESCRIÇÃO\",IF(AND($C368=\"S\",ORÇAMENTO.Unidade=\"\"),\"UNIDADE\",IF($X368<0,\"VALOR NEGATIVO\",IF(OR(AND(TIPOORCAMENTO=\"Proposto\",$AG368<>\"\",$AG368>0,ORÇAMENTO.CustoUnitario>$AG368),AND(TIPOORCAMENTO=\"LICITADO\",ORÇAMENTO.PrecoUnitarioLicitado>$AN368)),\"ACIMA REF.\",\"\")))))","v":""},{"$f":"IF(C368<=CRONO.NivelExibicao,MAX($AD$15:OFFSET(AD368,-1,0))+IF($C368<>1,1,MAX(1,COUNTIF(QCI!$A$13:$A$41,OFFSET($E368,-1,0)))),\"\")","v":""},{"$f":"IF(AND($C368=\"S\",ORÇAMENTO.CodBarra<>\"\"),IF(ORÇAMENTO.Fonte=\"\",ORÇAMENTO.CodBarra,CONCATENATE(ORÇAMENTO.Fonte,\" \",ORÇAMENTO.CodBarra)))","v":"SINAPI 86902"},{"$f":"IF(ISERROR(INDIRECT(ORÇAMENTO.BancoRef)),\"(abra o arquivo 'Referência \"&Excel_BuiltIn_Database&\".xlsm)\",IF(OR($C368<>\"S\",ORÇAMENTO.CodBarra=\"\"),\"(Sem Código)\",IF(ISERROR(MATCH($AE368,INDIRECT(ORÇAMENTO.BancoRef),0)),\"(Código não identificado nas referências)\",MATCH($AE368,INDIRECT(ORÇAMENTO.BancoRef),0))))","v":5333},{"$f":"ROUND(IF(DESONERACAO=\"sim\",REFERENCIA.Desonerado,REFERENCIA.NaoDesonerado),2)","v":303.95999999999998},0.25,null,6,null,null,2279.6999999999998,379.95]
["S",2,"S",0,{"$f":"IF($C369=1,OFFSET(E369,-1,0)+MAX(1,COUNTIF(QCI!$A$13:$A$41,OFFSET(ORÇAMENTO!E369,-1,0))),OFFSET(E369,-1,0))","v":16},1,0,0,9,0,{"$f":"IF(OR($C369=\"S\",$C369=0),0,MATCH(OFFSET($D369,0,$C369)+IF($C369<>1,1,COUNTIF(QCI!$A$13:$A$41,ORÇAMENTO!E369)),OFFSET($D369,1,$C369,ROW($C$744)-ROW($C369)),0))","v":0},"F","Serviço","Serviço","16.1.9.","SINAPI","86872","TANQUE DE LOUÇA BRANCA COM COLUNA, 30L OU EQUIVALENTE - FORNECIMENTO E INSTALAÇÃO. AF_01/2020",{"$f":"REFERENCIA.Unidade","v":"UN"},{"$f":"OFFSET(CÁLCULO!H$15,ROW($T369)-ROW(T$15),0)","v":6},697.61,"BDI 1",{"$f":"IF($C369=\"S\",ROUND(IF(TIPOORCAMENTO=\"Proposto\",ORÇAMENTO.CustoUnitario*(1+$AH369),ORÇAMENTO.PrecoUnitarioLicitado),15-13*$AF$10),0)","v":872.01},{"$f":"IF($C369=\"S\",IF(Import.TipoArredondamento<>\"TransfereGOV\",VTOTAL1,SUM(OFFSET(CÁLCULO!$AA$15,ROW($X369)-ROW($X$15),1):OFFSET(CÁLCULO!$AL$15,ROW($X369)-ROW($X$15),-1))),IF($C369=0,0,ROUND(SomaAgrup,15-13*$AF$11)))","v":5232.0600000000004},"RA","RA",{"$f":"IF($C369=\"S\",IF($Z369=\"CP\",$X369,IF($Z369=\"RA\",(($X369)*QCI!$AA$3),0)),SomaAgrup)","v":186.32936182336383},0,{"$f":"IF($N369=\"\",\"\",IF(ORÇAMENTO.Descricao=\"\",\"DESCRIÇÃO\",IF(AND($C369=\"S\",ORÇAMENTO.Unidade=\"\"),\"UNIDADE\",IF($X369<0,\"VALOR NEGATIVO\",IF(OR(AND(TIPOORCAMENTO=\"Proposto\",$AG369<>\"\",$AG369>0,ORÇAMENTO.CustoUnitario>$AG369),AND(TIPOORCAMENTO=\"LICITADO\",ORÇAMENTO.PrecoUnitarioLicitado>$AN369)),\"ACIMA REF.\",\"\")))))","v":""},{"$f":"IF(C369<=CRONO.NivelExibicao,MAX($AD$15:OFFSET(AD369,-1,0))+IF($C369<>1,1,MAX(1,COUNTIF(QCI!$A$13:$A$41,OFFSET($E369,-1,0)))),\"\")","v":""},{"$f":"IF(AND($C369=\"S\",ORÇAMENTO.CodBarra<>\"\"),IF(ORÇAMENTO.Fonte=\"\",ORÇAMENTO.CodBarra,CONCATENATE(ORÇAMENTO.Fonte,\" \",ORÇAMENTO.CodBarra)))","v":"SINAPI 86872"},{"$f":"IF(ISERROR(INDIRECT(ORÇAMENTO.BancoRef)),\"(abra o arquivo 'Referência \"&Excel_BuiltIn_Database&\".xlsm)\",IF(OR($C369<>\"S\",ORÇAMENTO.CodBarra=\"\"),\"(Sem Código)\",IF(ISERROR(MATCH($AE369,INDIRECT(ORÇAMENTO.BancoRef),0)),\"(Código não identificado nas referências)\",MATCH($AE369,INDIRECT(ORÇAMENTO.BancoRef),0))))","v":5310},{"$f":"ROUND(IF(DESONERACAO=\"sim\",REFERENCIA.Desonerado,REFERENCIA.NaoDesonerado),2)","v":697.61},0.25,null,6,null,null,5232.0600000000004,872.01]
["S",2,"S",0,{"$f":"IF($C370=1,OFFSET(E370,-1,0)+MAX(1,COUNTIF(QCI!$A$13:$A$41,OFFSET(ORÇAMENTO!E370,-1,0))),OFFSET(E370,-1,0))","v":16},1,0,0,10,0,{"$f":"IF(OR($C370=\"S\",$C370=0),0,MATCH(OFFSET($D370,0,$C370)+IF($C370<>1,1,COUNTIF(QCI!$A$13:$A$41,ORÇAMENTO!E370)),OFFSET($D370,1,$C370,ROW($C$744)-ROW($C370)),0))","v":0},"F","Serviço","Serviço","16.1.10.","SINAPI","86900","CUBA DE EMBUTIR RETANGULAR DE AÇO INOXIDÁVEL, 46 X 30 X 12 CM - FORNECIMENTO E INSTALAÇÃO. AF_01/2020",{"$f":"REFERENCIA.Unidade","v":"UN"},{"$f":"OFFSET(CÁLCULO!H$15,ROW($T370)-ROW(T$15),0)","v":10},246.89,"BDI 1",{"$f":"IF($C370=\"S\",ROUND(IF(TIPOORCAMENTO=\"Proposto\",ORÇAMENTO.CustoUnitario*(1+$AH370),ORÇAMENTO.PrecoUnitarioLicitado),15-13*$AF$10),0)","v":308.61},{"$f":"IF($C370=\"S\",IF(Import.TipoArredondamento<>\"TransfereGOV\",VTOTAL1,SUM(OFFSET(CÁLCULO!$AA$15,ROW($X370)-ROW($X$15),1):OFFSET(CÁLCULO!$AL$15,ROW($X370)-ROW($X$15),-1))),IF($C370=0,0,ROUND(SomaAgrup,15-13*$AF$11)))","v":3086.1},"RA","RA",{"$f":"IF($C370=\"S\",IF($Z370=\"CP\",$X370,IF($Z370=\"RA\",(($X370)*QCI!$AA$3),0)),SomaAgrup)","v":109.90528463417526},0,{"$f":"IF($N370=\"\",\"\",IF(ORÇAMENTO.Descricao=\"\",\"DESCRIÇÃO\",IF(AND($C370=\"S\",ORÇAMENTO.Unidade=\"\"),\"UNIDADE\",IF($X370<0,\"VALOR NEGATIVO\",IF(OR(AND(TIPOORCAMENTO=\"Proposto\",$AG370<>\"\",$AG370>0,ORÇAMENTO.CustoUnitario>$AG370),AND(TIPOORCAMENTO=\"LICITADO\",ORÇAMENTO.PrecoUnitarioLicitado>$AN370)),\"ACIMA REF.\",\"\")))))","v":""},{"$f":"IF(C370<=CRONO.NivelExibicao,MAX($AD$15:OFFSET(AD370,-1,0))+IF($C370<>1,1,MAX(1,COUNTIF(QCI!$A$13:$A$41,OFFSET($E370,-1,0)))),\"\")","v":""},{"$f":"IF(AND($C370=\"S\",ORÇAMENTO.CodBarra<>\"\"),IF(ORÇAMENTO.Fonte=\"\",ORÇAMENTO.CodBarra,CONCATENATE(ORÇAMENTO.Fonte,\" \",ORÇAMENTO.CodBarra)))","v":"SINAPI 86900"},{"$f":"IF(ISERROR(INDIRECT(ORÇAMENTO.BancoRef)),\"(abra o arquivo 'Referência \"&Excel_BuiltIn_Database&\".xlsm)\",IF(OR($C370<>\"S\",ORÇAMENTO.CodBarra=\"\"),\"(Sem Código)\",IF(ISERROR(MATCH($AE370,INDIRECT(ORÇAMENTO.BancoRef),0)),\"(Código não identificado nas referências)\",MATCH($AE370,INDIRECT(ORÇAMENTO.BancoRef),0))))","v":5331},{"$f":"ROUND(IF(DESONERACAO=\"sim\",REFERENCIA.Desonerado,REFERENCIA.NaoDesonerado),2)","v":246.89},0.25,null,10,null,null,3086.1,308.61]
["S",2,"S",0,{"$f":"IF($C371=1,OFFSET(E371,-1,0)+MAX(1,COUNTIF(QCI!$A$13:$A$41,OFFSET(ORÇAMENTO!E371,-1,0))),OFFSET(E371,-1,0))","v":16},1,0,0,11,0,{"$f":"IF(OR($C371=\"S\",$C371=0),0,MATCH(OFFSET($D371,0,$C371)+IF($C371<>1,1,COUNTIF(QCI!$A$13:$A$41,ORÇAMENTO!E371)),OFFSET($D371,1,$C371,ROW($C$744)-ROW($C371)),0))","v":0},"F","Serviço","Serviço","16.1.11.","SINAPI","FNDE 217","CUBA DE EMBUTIR RETANGULAR DE AÇO INOXIDÁVEL, 50 X 40 X 20 CM - FORNECIMENTO E INSTALAÇÃO","UN",{"$f":"OFFSET(CÁLCULO!H$15,ROW($T371)-ROW(T$15),0)","v":7},246.9,"BDI 1",{"$f":"IF($C371=\"S\",ROUND(IF(TIPOORCAMENTO=\"Proposto\",ORÇAMENTO.CustoUnitario*(1+$AH371),ORÇAMENTO.PrecoUnitarioLicitado),15-13*$AF$10),0)","v":308.63},{"$f":"IF($C371=\"S\",IF(Import.TipoArredondamento<>\"TransfereGOV\",VTOTAL1,SUM(OFFSET(CÁLCULO!$AA$15,ROW($X371)-ROW($X$15),1):OFFSET(CÁLCULO!$AL$15,ROW($X371)-ROW($X$15),-1))),IF($C371=0,0,ROUND(SomaAgrup,15-13*$AF$11)))","v":2160.41},"RA","RA",{"$f":"IF($C371=\"S\",IF($Z371=\"CP\",$X371,IF($Z371=\"RA\",(($X371)*QCI!$AA$3),0)),SomaAgrup)","v":76.938685064164659},0,{"$f":"IF($N371=\"\",\"\",IF(ORÇAMENTO.Descricao=\"\",\"DESCRIÇÃO\",IF(AND($C371=\"S\",ORÇAMENTO.Unidade=\"\"),\"UNIDADE\",IF($X371<0,\"VALOR NEGATIVO\",IF(OR(AND(TIPOORCAMENTO=\"Proposto\",$AG371<>\"\",$AG371>0,ORÇAMENTO.CustoUnitario>$AG371),AND(TIPOORCAMENTO=\"LICITADO\",ORÇAMENTO.PrecoUnitarioLicitado>$AN371)),\"ACIMA REF.\",\"\")))))","v":""},{"$f":"IF(C371<=CRONO.NivelExibicao,MAX($AD$15:OFFSET(AD371,-1,0))+IF($C371<>1,1,MAX(1,COUNTIF(QCI!$A$13:$A$41,OFFSET($E371,-1,0)))),\"\")","v":""},{"$f":"IF(AND($C371=\"S\",ORÇAMENTO.CodBarra<>\"\"),IF(ORÇAMENTO.Fonte=\"\",ORÇAMENTO.CodBarra,CONCATENATE(ORÇAMENTO.Fonte,\" \",ORÇAMENTO.CodBarra)))","v":"SINAPI FNDE 217"},{"$f":"IF(ISERROR(INDIRECT(ORÇAMENTO.BancoRef)),\"(abra o arquivo 'Referência \"&Excel_BuiltIn_Database&\".xlsm)\",IF(OR($C371<>\"S\",ORÇAMENTO.CodBarra=\"\"),\"(Sem Código)\",IF(ISERROR(MATCH($AE371,INDIRECT(ORÇAMENTO.BancoRef),0)),\"(Código não identificado nas referências)\",MATCH($AE371,INDIRECT(ORÇAMENTO.BancoRef),0))))","v":"(Código não identificado nas referências)"},{"$f":"ROUND(IF(DESONERACAO=\"sim\",REFERENCIA.Desonerado,REFERENCIA.NaoDesonerado),2)","v":0},0.25,null,7,null,null,2160.41,308.63]
["S",2,"S",0,{"$f":"IF($C372=1,OFFSET(E372,-1,0)+MAX(1,COUNTIF(QCI!$A$13:$A$41,OFFSET(ORÇAMENTO!E372,-1,0))),OFFSET(E372,-1,0))","v":16},1,0,0,12,0,{"$f":"IF(OR($C372=\"S\",$C372=0),0,MATCH(OFFSET($D372,0,$C372)+IF($C372<>1,1,COUNTIF(QCI!$A$13:$A$41,ORÇAMENTO!E372)),OFFSET($D372,1,$C372,ROW($C$744)-ROW($C372)),0))","v":0},"F","Serviço","Serviço","16.1.12.","SINAPI","100852","CUBA DE EMBUTIR RETANGULAR DE AÇO INOXIDÁVEL, 56 X 33 X 12 CM - FORNECIMENTO E INSTALAÇÃO. AF_01/2020",{"$f":"REFERENCIA.Unidade","v":"UN"},{"$f":"OFFSET(CÁLCULO!H$15,ROW($T372)-ROW(T$15),0)","v":1},270.62,"BDI 1",{"$f":"IF($C372=\"S\",ROUND(IF(TIPOORCAMENTO=\"Proposto\",ORÇAMENTO.CustoUnitario*(1+$AH372),ORÇAMENTO.PrecoUnitarioLicitado),15-13*$AF$10),0)","v":338.28},{"$f":"IF($C372=\"S\",IF(Import.TipoArredondamento<>\"TransfereGOV\",VTOTAL1,SUM(OFFSET(CÁLCULO!$AA$15,ROW($X372)-ROW($X$15),1):OFFSET(CÁLCULO!$AL$15,ROW($X372)-ROW($X$15),-1))),IF($C372=0,0,ROUND(SomaAgrup,15-13*$AF$11)))","v":338.28},"RA","RA",{"$f":"IF($C372=\"S\",IF($Z372=\"CP\",$X372,IF($Z372=\"RA\",(($X372)*QCI!$AA$3),0)),SomaAgrup)","v":12.047166224700693},0,{"$f":"IF($N372=\"\",\"\",IF(ORÇAMENTO.Descricao=\"\",\"DESCRIÇÃO\",IF(AND($C372=\"S\",ORÇAMENTO.Unidade=\"\"),\"UNIDADE\",IF($X372<0,\"VALOR NEGATIVO\",IF(OR(AND(TIPOORCAMENTO=\"Proposto\",$AG372<>\"\",$AG372>0,ORÇAMENTO.CustoUnitario>$AG372),AND(TIPOORCAMENTO=\"LICITADO\",ORÇAMENTO.PrecoUnitarioLicitado>$AN372)),\"ACIMA REF.\",\"\")))))","v":""},{"$f":"IF(C372<=CRONO.NivelExibicao,MAX($AD$15:OFFSET(AD372,-1,0))+IF($C372<>1,1,MAX(1,COUNTIF(QCI!$A$13:$A$41,OFFSET($E372,-1,0)))),\"\")","v":""},{"$f":"IF(AND($C372=\"S\",ORÇAMENTO.CodBarra<>\"\"),IF(ORÇAMENTO.Fonte=\"\",ORÇAMENTO.CodBarra,CONCATENATE(ORÇAMENTO.Fonte,\" \",ORÇAMENTO.CodBarra)))","v":"SINAPI 100852"},{"$f":"IF(ISERROR(INDIRECT(ORÇAMENTO.BancoRef)),\"(abra o arquivo 'Referência \"&Excel_BuiltIn_Database&\".xlsm)\",IF(OR($C372<>\"S\",ORÇAMENTO.CodBarra=\"\"),\"(Sem Código)\",IF(ISERROR(MATCH($AE372,INDIRECT(ORÇAMENTO.BancoRef),0)),\"(Código não identificado nas referências)\",MATCH($AE372,INDIRECT(ORÇAMENTO.BancoRef),0))))","v":5388},{"$f":"ROUND(IF(DESONERACAO=\"sim\",REFERENCIA.Desonerado,REFERENCIA.NaoDesonerado),2)","v":270.62},0.25,null,1,null,null,338.28,338.28]
["S",2,"S",0,{"$f":"IF($C373=1,OFFSET(E373,-1,0)+MAX(1,COUNTIF(QCI!$A$13:$A$41,OFFSET(ORÇAMENTO!E373,-1,0))),OFFSET(E373,-1,0))","v":16},1,0,0,13,0,{"$f":"IF(OR($C373=\"S\",$C373=0),0,MATCH(OFFSET($D373,0,$C373)+IF($C373<>1,1,COUNTIF(QCI!$A$13:$A$41,ORÇAMENTO!E373)),OFFSET($D373,1,$C373,ROW($C$744)-ROW($C373)),0))","v":0},"F","Serviço","Serviço","16.1.13.","SINAPI","86877","VÁLVULA EM METAL CROMADO 1.1/2\" X 1.1/2\" PARA TANQUE OU LAVATÓRIO, COM OU SEM LADRÃO - FORNECIMENTO E INSTALAÇÃO. AF_01/2020",{"$f":"REFERENCIA.Unidade","v":"UN"},{"$f":"OFFSET(CÁLCULO!H$15,ROW($T373)-ROW(T$15),0)","v":42},95.61,"BDI 1",{"$f":"IF($C373=\"S\",ROUND(IF(TIPOORCAMENTO=\"Proposto\",ORÇAMENTO.CustoUnitario*(1+$AH373),ORÇAMENTO.PrecoUnitarioLicitado),15-13*$AF$10),0)","v":119.51},{"$f":"IF($C373=\"S\",IF(Import.TipoArredondamento<>\"TransfereGOV\",VTOTAL1,SUM(OFFSET(CÁLCULO!$AA$15,ROW($X373)-ROW($X$15),1):OFFSET(CÁLCULO!$AL$15,ROW($X373)-ROW($X$15),-1))),IF($C373=0,0,ROUND(SomaAgrup,15-13*$AF$11)))","v":5019.42},"RA","RA",{"$f":"IF($C373=\"S\",IF($Z373=\"CP\",$X373,IF($Z373=\"RA\",(($X373)*QCI!$AA$3),0)),SomaAgrup)","v":178.7566131358258},0,{"$f":"IF($N373=\"\",\"\",IF(ORÇAMENTO.Descricao=\"\",\"DESCRIÇÃO\",IF(AND($C373=\"S\",ORÇAMENTO.Unidade=\"\"),\"UNIDADE\",IF($X373<0,\"VALOR NEGATIVO\",IF(OR(AND(TIPOORCAMENTO=\"Proposto\",$AG373<>\"\",$AG373>0,ORÇAMENTO.CustoUnitario>$AG373),AND(TIPOORCAMENTO=\"LICITADO\",ORÇAMENTO.PrecoUnitarioLicitado>$AN373)),\"ACIMA REF.\",\"\")))))","v":""},{"$f":"IF(C373<=CRONO.NivelExibicao,MAX($AD$15:OFFSET(AD373,-1,0))+IF($C373<>1,1,MAX(1,COUNTIF(QCI!$A$13:$A$41,OFFSET($E373,-1,0)))),\"\")","v":""},{"$f":"IF(AND($C373=\"S\",ORÇAMENTO.CodBarra<>\"\"),IF(ORÇAMENTO.Fonte=\"\",ORÇAMENTO.CodBarra,CONCATENATE(ORÇAMENTO.Fonte,\" \",ORÇAMENTO.CodBarra)))","v":"SINAPI 86877"},{"$f":"IF(ISERROR(INDIRECT(ORÇAMENTO.BancoRef)),\"(abra o arquivo 'Referência \"&Excel_BuiltIn_Database&\".xlsm)\",IF(OR($C373<>\"S\",ORÇAMENTO.CodBarra=\"\"),\"(Sem Código)\",IF(ISERROR(MATCH($AE373,INDIRECT(ORÇAMENTO.BancoRef),0)),\"(Código não identificado nas referências)\",MATCH($AE373,INDIRECT(ORÇAMENTO.BancoRef),0))))","v":5314},{"$f":"ROUND(IF(DESONERACAO=\"sim\",REFERENCIA.Desonerado,REFERENCIA.NaoDesonerado),2)","v":95.61},0.25,null,42,null,null,5019.42,119.51]
["S",2,"S",0,{"$f":"IF($C374=1,OFFSET(E374,-1,0)+MAX(1,COUNTIF(QCI!$A$13:$A$41,OFFSET(ORÇAMENTO!E374,-1,0))),OFFSET(E374,-1,0))","v":16},1,0,0,14,0,{"$f":"IF(OR($C374=\"S\",$C374=0),0,MATCH(OFFSET($D374,0,$C374)+IF($C374<>1,1,COUNTIF(QCI!$A$13:$A$41,ORÇAMENTO!E374)),OFFSET($D374,1,$C374,ROW($C$744)-ROW($C374)),0))","v":0},"F","Serviço","Serviço","16.1.14.","SINAPI","86878","VÁLVULA EM METAL CROMADO TIPO AMERICANA 3.1/2\" X 1.1/2\" PARA PIA - FORNECIMENTO E INSTALAÇÃO. AF_01/2020",{"$f":"REFERENCIA.Unidade","v":"UN"},{"$f":"OFFSET(CÁLCULO!H$15,ROW($T374)-ROW(T$15),0)","v":11},103.23,"BDI 1",{"$f":"IF($C374=\"S\",ROUND(IF(TIPOORCAMENTO=\"Proposto\",ORÇAMENTO.CustoUnitario*(1+$AH374),ORÇAMENTO.PrecoUnitarioLicitado),15-13*$AF$10),0)","v":129.04},{"$f":"IF($C374=\"S\",IF(Import.TipoArredondamento<>\"TransfereGOV\",VTOTAL1,SUM(OFFSET(CÁLCULO!$AA$15,ROW($X374)-ROW($X$15),1):OFFSET(CÁLCULO!$AL$15,ROW($X374)-ROW($X$15),-1))),IF($C374=0,0,ROUND(SomaAgrup,15-13*$AF$11)))","v":1419.44},"RA","RA",{"$f":"IF($C374=\"S\",IF($Z374=\"CP\",$X374,IF($Z374=\"RA\",(($X374)*QCI!$AA$3),0)),SomaAgrup)","v":50.550519173433699},0,{"$f":"IF($N374=\"\",\"\",IF(ORÇAMENTO.Descricao=\"\",\"DESCRIÇÃO\",IF(AND($C374=\"S\",ORÇAMENTO.Unidade=\"\"),\"UNIDADE\",IF($X374<0,\"VALOR NEGATIVO\",IF(OR(AND(TIPOORCAMENTO=\"Proposto\",$AG374<>\"\",$AG374>0,ORÇAMENTO.CustoUnitario>$AG374),AND(TIPOORCAMENTO=\"LICITADO\",ORÇAMENTO.PrecoUnitarioLicitado>$AN374)),\"ACIMA REF.\",\"\")))))","v":""},{"$f":"IF(C374<=CRONO.NivelExibicao,MAX($AD$15:OFFSET(AD374,-1,0))+IF($C374<>1,1,MAX(1,COUNTIF(QCI!$A$13:$A$41,OFFSET($E374,-1,0)))),\"\")","v":""},{"$f":"IF(AND($C374=\"S\",ORÇAMENTO.CodBarra<>\"\"),IF(ORÇAMENTO.Fonte=\"\",ORÇAMENTO.CodBarra,CONCATENATE(ORÇAMENTO.Fonte,\" \",ORÇAMENTO.CodBarra)))","v":"SINAPI 86878"},{"$f":"IF(ISERROR(INDIRECT(ORÇAMENTO.BancoRef)),\"(abra o arquivo 'Referência \"&Excel_BuiltIn_Database&\".xlsm)\",IF(OR($C374<>\"S\",ORÇAMENTO.CodBarra=\"\"),\"(Sem Código)\",IF(ISERROR(MATCH($AE374,INDIRECT(ORÇAMENTO.BancoRef),0)),\"(Código não identificado nas referências)\",MATCH($AE374,INDIRECT(ORÇAMENTO.BancoRef),0))))","v":5315},{"$f":"ROUND(IF(DESONERACAO=\"sim\",REFERENCIA.Desonerado,REFERENCIA.NaoDesonerado),2)","v":103.23},0.25,null,11,null,null,1419.44,129.04]
[{"$f":"CHOOSE(1+LOG(1+2*(ORÇAMENTO.Nivel=\"Meta\")+4*(ORÇAMENTO.Nivel=\"Nível 2\")+8*(ORÇAMENTO.Nivel=\"Nível 3\")+16*(ORÇAMENTO.Nivel=\"Nível 4\")+32*(ORÇAMENTO.Nivel=\"Serviço\"),2),0,1,2,3,4,\"S\")","v":"S"},{"$f":"IF(OR(C375=\"s\",C375=0),OFFSET(B375,-1,0),C375)","v":2},{"$f":"IF(OFFSET(C375,-1,0)=\"L\",1,IF(OFFSET(C375,-1,0)=1,2,IF(OR(A375=\"s\",A375=0),\"S\",IF(AND(OFFSET(C375,-1,0)=2,A375=4),3,IF(AND(OR(OFFSET(C375,-1,0)=\"s\",OFFSET(C375,-1,0)=0),A375<>\"s\",A375>OFFSET(B375,-1,0)),OFFSET(B375,-1,0),A375)))))","v":"S"},{"$f":"IF(OR(C375=\"S\",C375=0),0,IF(ISERROR(K375),J375,SMALL(J375:K375,1)))","v":0},{"$f":"IF($C375=1,OFFSET(E375,-1,0)+MAX(1,COUNTIF(QCI!$A$13:$A$41,OFFSET(ORÇAMENTO!E375,-1,0))),OFFSET(E375,-1,0))","v":16},{"$f":"IF($C375=1,0,IF($C375=2,OFFSET(F375,-1,0)+1,OFFSET(F375,-1,0)))","v":1},{"$f":"IF(AND($C375<=2,$C375<>0),0,IF($C375=3,OFFSET(G375,-1,0)+1,OFFSET(G375,-1,0)))","v":0},{"$f":"IF(AND($C375<=3,$C375<>0),0,IF($C375=4,OFFSET(H375,-1,0)+1,OFFSET(H375,-1,0)))","v":0},{"$f":"IF(AND($C375<=4,$C375<>0),0,IF(AND($C375=\"S\",$X375>0),OFFSET(I375,-1,0)+1,OFFSET(I375,-1,0)))","v":15},0,{"$f":"IF(OR($C375=\"S\",$C375=0),0,MATCH(OFFSET($D375,0,$C375)+IF($C375<>1,1,COUNTIF(QCI!$A$13:$A$41,ORÇAMENTO!E375)),OFFSET($D375,1,$C375,ROW($C$744)-ROW($C375)),0))","v":0},{"$f":"IF(OR($X375>0,$C375=1,$C375=2,$C375=3,$C375=4),\"F\",\"\")","v":"F"},"Serviço",{"$f":"CHOOSE(1+LOG(1+2*(C375=1)+4*(C375=2)+8*(C375=3)+16*(C375=4)+32*(C375=\"S\"),2),\"\",\"Meta\",\"Nível 2\",\"Nível 3\",\"Nível 4\",\"Serviço\")","v":"Serviço"},{"$f":"IF(OR($C375=0,$L375=\"\"),\"-\",CONCATENATE(E375&\".\",IF(AND($A$5>=2,$C375>=2),F375&\".\",\"\"),IF(AND($A$5>=3,$C375>=3),G375&\".\",\"\"),IF(AND($A$5>=4,$C375>=4),H375&\".\",\"\"),IF($C375=\"S\",I375&\".\",\"\")))","v":"16.1.15."},"SINAPI","86883","SIFÃO DO TIPO FLEXÍVEL EM PVC 1  X 1.1/2  - FORNECIMENTO E INSTALAÇÃO. AF_01/2020",{"$f":"REFERENCIA.Unidade","v":"UN"},{"$f":"OFFSET(CÁLCULO!H$15,ROW($T375)-ROW(T$15),0)","v":53},13.11,"BDI 1",{"$f":"IF($C375=\"S\",ROUND(IF(TIPOORCAMENTO=\"Proposto\",ORÇAMENTO.CustoUnitario*(1+$AH375),ORÇAMENTO.PrecoUnitarioLicitado),15-13*$AF$10),0)","v":16.39},{"$f":"IF($C375=\"S\",IF(Import.TipoArredondamento<>\"TransfereGOV\",VTOTAL1,SUM(OFFSET(CÁLCULO!$AA$15,ROW($X375)-ROW($X$15),1):OFFSET(CÁLCULO!$AL$15,ROW($X375)-ROW($X$15),-1))),IF($C375=0,0,ROUND(SomaAgrup,15-13*$AF$11)))","v":868.67},"RA",{"$f":"IF(AND($C375=\"S\",$X375>0),IF(ISBLANK($Y375),\"RA\",LEFT($Y375,2)),\"\")","v":"RA"},{"$f":"IF($C375=\"S\",IF($Z375=\"CP\",$X375,IF($Z375=\"RA\",(($X375)*QCI!$AA$3),0)),SomaAgrup)","v":30.935946211454269},{"$f":"IF($C375=\"S\",IF($Z375=\"OU\",ROUND($X375,2),0),SomaAgrup)","v":0},{"$f":"IF($N375=\"\",\"\",IF(ORÇAMENTO.Descricao=\"\",\"DESCRIÇÃO\",IF(AND($C375=\"S\",ORÇAMENTO.Unidade=\"\"),\"UNIDADE\",IF($X375<0,\"VALOR NEGATIVO\",IF(OR(AND(TIPOORCAMENTO=\"Proposto\",$AG375<>\"\",$AG375>0,ORÇAMENTO.CustoUnitario>$AG375),AND(TIPOORCAMENTO=\"LICITADO\",ORÇAMENTO.PrecoUnitarioLicitado>$AN375)),\"ACIMA REF.\",\"\")))))","v":""},{"$f":"IF(C375<=CRONO.NivelExibicao,MAX($AD$15:OFFSET(AD375,-1,0))+IF($C375<>1,1,MAX(1,COUNTIF(QCI!$A$13:$A$41,OFFSET($E375,-1,0)))),\"\")","v":""},{"$f":"IF(AND($C375=\"S\",ORÇAMENTO.CodBarra<>\"\"),IF(ORÇAMENTO.Fonte=\"\",ORÇAMENTO.CodBarra,CONCATENATE(ORÇAMENTO.Fonte,\" \",ORÇAMENTO.CodBarra)))","v":"SINAPI 86883"},{"$f":"IF(ISERROR(INDIRECT(ORÇAMENTO.BancoRef)),\"(abra o arquivo 'Referência \"&Excel_BuiltIn_Database&\".xlsm)\",IF(OR($C375<>\"S\",ORÇAMENTO.CodBarra=\"\"),\"(Sem Código)\",IF(ISERROR(MATCH($AE375,INDIRECT(ORÇAMENTO.BancoRef),0)),\"(Código não identificado nas referências)\",MATCH($AE375,INDIRECT(ORÇAMENTO.BancoRef),0))))","v":5320},{"$f":"ROUND(IF(DESONERACAO=\"sim\",REFERENCIA.Desonerado,REFERENCIA.NaoDesonerado),2)","v":13.11},{"$f":"ROUND(IF(ISNUMBER(ORÇAMENTO.OpcaoBDI),ORÇAMENTO.OpcaoBDI,IF(LEFT(ORÇAMENTO.OpcaoBDI,3)=\"BDI\",HLOOKUP(ORÇAMENTO.OpcaoBDI,$F$4:$H$5,2,FALSE),0)),15-11*$AF$9)","v":0.25},null,53,null,null,{"$f":"$X375","v":868.67},{"$f":"ROUND(ORÇAMENTO.CustoUnitario*(1+$AH375),2)","v":16.39}]
["S",2,"S",0,{"$f":"IF($C376=1,OFFSET(E376,-1,0)+MAX(1,COUNTIF(QCI!$A$13:$A$41,OFFSET(ORÇAMENTO!E376,-1,0))),OFFSET(E376,-1,0))","v":16},1,0,0,16,0,{"$f":"IF(OR($C376=\"S\",$C376=0),0,MATCH(OFFSET($D376,0,$C376)+IF($C376<>1,1,COUNTIF(QCI!$A$13:$A$41,ORÇAMENTO!E376)),OFFSET($D376,1,$C376,ROW($C$744)-ROW($C376)),0))","v":0},"F","Serviço","Serviço","16.1.16.","SINAPI","FNDE 224","TORNEIRA CROMADA DE MESA, 1/2? OU 3/4?, PARA LAVATÓRIO, COM TEMPORIZADOR - FORNECIMENTO E INSTALAÇÃO.","UN",{"$f":"OFFSET(CÁLCULO!H$15,ROW($T376)-ROW(T$15),0)","v":28},227.02,"BDI 1",{"$f":"IF($C376=\"S\",ROUND(IF(TIPOORCAMENTO=\"Proposto\",ORÇAMENTO.CustoUnitario*(1+$AH376),ORÇAMENTO.PrecoUnitarioLicitado),15-13*$AF$10),0)","v":283.77999999999997},{"$f":"IF($C376=\"S\",IF(Import.TipoArredondamento<>\"TransfereGOV\",VTOTAL1,SUM(OFFSET(CÁLCULO!$AA$15,ROW($X376)-ROW($X$15),1):OFFSET(CÁLCULO!$AL$15,ROW($X376)-ROW($X$15),-1))),IF($C376=0,0,ROUND(SomaAgrup,15-13*$AF$11)))","v":7945.84},"RA","RA",{"$f":"IF($C376=\"S\",IF($Z376=\"CP\",$X376,IF($Z376=\"RA\",(($X376)*QCI!$AA$3),0)),SomaAgrup)","v":282.97521365400189},0,{"$f":"IF($N376=\"\",\"\",IF(ORÇAMENTO.Descricao=\"\",\"DESCRIÇÃO\",IF(AND($C376=\"S\",ORÇAMENTO.Unidade=\"\"),\"UNIDADE\",IF($X376<0,\"VALOR NEGATIVO\",IF(OR(AND(TIPOORCAMENTO=\"Proposto\",$AG376<>\"\",$AG376>0,ORÇAMENTO.CustoUnitario>$AG376),AND(TIPOORCAMENTO=\"LICITADO\",ORÇAMENTO.PrecoUnitarioLicitado>$AN376)),\"ACIMA REF.\",\"\")))))","v":""},{"$f":"IF(C376<=CRONO.NivelExibicao,MAX($AD$15:OFFSET(AD376,-1,0))+IF($C376<>1,1,MAX(1,COUNTIF(QCI!$A$13:$A$41,OFFSET($E376,-1,0)))),\"\")","v":""},{"$f":"IF(AND($C376=\"S\",ORÇAMENTO.CodBarra<>\"\"),IF(ORÇAMENTO.Fonte=\"\",ORÇAMENTO.CodBarra,CONCATENATE(ORÇAMENTO.Fonte,\" \",ORÇAMENTO.CodBarra)))","v":"SINAPI FNDE 224"},{"$f":"IF(ISERROR(INDIRECT(ORÇAMENTO.BancoRef)),\"(abra o arquivo 'Referência \"&Excel_BuiltIn_Database&\".xlsm)\",IF(OR($C376<>\"S\",ORÇAMENTO.CodBarra=\"\"),\"(Sem Código)\",IF(ISERROR(MATCH($AE376,INDIRECT(ORÇAMENTO.BancoRef),0)),\"(Código não identificado nas referências)\",MATCH($AE376,INDIRECT(ORÇAMENTO.BancoRef),0))))","v":"(Código não identificado nas referências)"},{"$f":"ROUND(IF(DESONERACAO=\"sim\",REFERENCIA.Desonerado,REFERENCIA.NaoDesonerado),2)","v":0},0.25,null,28,null,null,7945.84,283.77999999999997]
["S",2,"S",0,{"$f":"IF($C377=1,OFFSET(E377,-1,0)+MAX(1,COUNTIF(QCI!$A$13:$A$41,OFFSET(ORÇAMENTO!E377,-1,0))),OFFSET(E377,-1,0))","v":16},1,0,0,17,0,{"$f":"IF(OR($C377=\"S\",$C377=0),0,MATCH(OFFSET($D377,0,$C377)+IF($C377<>1,1,COUNTIF(QCI!$A$13:$A$41,ORÇAMENTO!E377)),OFFSET($D377,1,$C377,ROW($C$744)-ROW($C377)),0))","v":0},"F","Serviço","Serviço","16.1.17.","SINAPI","86911","TORNEIRA CROMADA LONGA, DE PAREDE, 1/2\" OU 3/4\", PARA PIA DE COZINHA, PADRÃO POPULAR - FORNECIMENTO E INSTALAÇÃO. AF_01/2020",{"$f":"REFERENCIA.Unidade","v":"UN"},{"$f":"OFFSET(CÁLCULO!H$15,ROW($T377)-ROW(T$15),0)","v":19},137.88999999999999,"BDI 1",{"$f":"IF($C377=\"S\",ROUND(IF(TIPOORCAMENTO=\"Proposto\",ORÇAMENTO.CustoUnitario*(1+$AH377),ORÇAMENTO.PrecoUnitarioLicitado),15-13*$AF$10),0)","v":172.36},{"$f":"IF($C377=\"S\",IF(Import.TipoArredondamento<>\"TransfereGOV\",VTOTAL1,SUM(OFFSET(CÁLCULO!$AA$15,ROW($X377)-ROW($X$15),1):OFFSET(CÁLCULO!$AL$15,ROW($X377)-ROW($X$15),-1))),IF($C377=0,0,ROUND(SomaAgrup,15-13*$AF$11)))","v":3274.84},"RA","RA",{"$f":"IF($C377=\"S\",IF($Z377=\"CP\",$X377,IF($Z377=\"RA\",(($X377)*QCI!$AA$3),0)),SomaAgrup)","v":116.62688258040328},0,{"$f":"IF($N377=\"\",\"\",IF(ORÇAMENTO.Descricao=\"\",\"DESCRIÇÃO\",IF(AND($C377=\"S\",ORÇAMENTO.Unidade=\"\"),\"UNIDADE\",IF($X377<0,\"VALOR NEGATIVO\",IF(OR(AND(TIPOORCAMENTO=\"Proposto\",$AG377<>\"\",$AG377>0,ORÇAMENTO.CustoUnitario>$AG377),AND(TIPOORCAMENTO=\"LICITADO\",ORÇAMENTO.PrecoUnitarioLicitado>$AN377)),\"ACIMA REF.\",\"\")))))","v":""},{"$f":"IF(C377<=CRONO.NivelExibicao,MAX($AD$15:OFFSET(AD377,-1,0))+IF($C377<>1,1,MAX(1,COUNTIF(QCI!$A$13:$A$41,OFFSET($E377,-1,0)))),\"\")","v":""},{"$f":"IF(AND($C377=\"S\",ORÇAMENTO.CodBarra<>\"\"),IF(ORÇAMENTO.Fonte=\"\",ORÇAMENTO.CodBarra,CONCATENATE(ORÇAMENTO.Fonte,\" \",ORÇAMENTO.CodBarra)))","v":"SINAPI 86911"},{"$f":"IF(ISERROR(INDIRECT(ORÇAMENTO.BancoRef)),\"(abra o arquivo 'Referência \"&Excel_BuiltIn_Database&\".xlsm)\",IF(OR($C377<>\"S\",ORÇAMENTO.CodBarra=\"\"),\"(Sem Código)\",IF(ISERROR(MATCH($AE377,INDIRECT(ORÇAMENTO.BancoRef),0)),\"(Código não identificado nas referências)\",MATCH($AE377,INDIRECT(ORÇAMENTO.BancoRef),0))))","v":5341},{"$f":"ROUND(IF(DESONERACAO=\"sim\",REFERENCIA.Desonerado,REFERENCIA.NaoDesonerado),2)","v":137.88999999999999},0.25,null,19,null,null,3274.84,172.36]
["S",2,"S",0,{"$f":"IF($C378=1,OFFSET(E378,-1,0)+MAX(1,COUNTIF(QCI!$A$13:$A$41,OFFSET(ORÇAMENTO!E378,-1,0))),OFFSET(E378,-1,0))","v":16},1,0,0,18,0,{"$f":"IF(OR($C378=\"S\",$C378=0),0,MATCH(OFFSET($D378,0,$C378)+IF($C378<>1,1,COUNTIF(QCI!$A$13:$A$41,ORÇAMENTO!E378)),OFFSET($D378,1,$C378,ROW($C$744)-ROW($C378)),0))","v":0},"F","Serviço","Serviço","16.1.18.","SINAPI","FNDE 14","TORNEIRA ELETRICA DE PAREDE, BICA ALTA, PARA COZINHA, 5500 W (110/220 V)","UN",{"$f":"OFFSET(CÁLCULO!H$15,ROW($T378)-ROW(T$15),0)","v":2},198.4,"BDI 1",{"$f":"IF($C378=\"S\",ROUND(IF(TIPOORCAMENTO=\"Proposto\",ORÇAMENTO.CustoUnitario*(1+$AH378),ORÇAMENTO.PrecoUnitarioLicitado),15-13*$AF$10),0)","v":248},{"$f":"IF($C378=\"S\",IF(Import.TipoArredondamento<>\"TransfereGOV\",VTOTAL1,SUM(OFFSET(CÁLCULO!$AA$15,ROW($X378)-ROW($X$15),1):OFFSET(CÁLCULO!$AL$15,ROW($X378)-ROW($X$15),-1))),IF($C378=0,0,ROUND(SomaAgrup,15-13*$AF$11)))","v":496},"RA","RA",{"$f":"IF($C378=\"S\",IF($Z378=\"CP\",$X378,IF($Z378=\"RA\",(($X378)*QCI!$AA$3),0)),SomaAgrup)","v":17.664048857312117},0,{"$f":"IF($N378=\"\",\"\",IF(ORÇAMENTO.Descricao=\"\",\"DESCRIÇÃO\",IF(AND($C378=\"S\",ORÇAMENTO.Unidade=\"\"),\"UNIDADE\",IF($X378<0,\"VALOR NEGATIVO\",IF(OR(AND(TIPOORCAMENTO=\"Proposto\",$AG378<>\"\",$AG378>0,ORÇAMENTO.CustoUnitario>$AG378),AND(TIPOORCAMENTO=\"LICITADO\",ORÇAMENTO.PrecoUnitarioLicitado>$AN378)),\"ACIMA REF.\",\"\")))))","v":""},{"$f":"IF(C378<=CRONO.NivelExibicao,MAX($AD$15:OFFSET(AD378,-1,0))+IF($C378<>1,1,MAX(1,COUNTIF(QCI!$A$13:$A$41,OFFSET($E378,-1,0)))),\"\")","v":""},{"$f":"IF(AND($C378=\"S\",ORÇAMENTO.CodBarra<>\"\"),IF(ORÇAMENTO.Fonte=\"\",ORÇAMENTO.CodBarra,CONCATENATE(ORÇAMENTO.Fonte,\" \",ORÇAMENTO.CodBarra)))","v":"SINAPI FNDE 14"},{"$f":"IF(ISERROR(INDIRECT(ORÇAMENTO.BancoRef)),\"(abra o arquivo 'Referência \"&Excel_BuiltIn_Database&\".xlsm)\",IF(OR($C378<>\"S\",ORÇAMENTO.CodBarra=\"\"),\"(Sem Código)\",IF(ISERROR(MATCH($AE378,INDIRECT(ORÇAMENTO.BancoRef),0)),\"(Código não identificado nas referências)\",MATCH($AE378,INDIRECT(ORÇAMENTO.BancoRef),0))))","v":"(Código não identificado nas referências)"},{"$f":"ROUND(IF(DESONERACAO=\"sim\",REFERENCIA.Desonerado,REFERENCIA.NaoDesonerado),2)","v":0},0.25,null,2,null,null,496,248]
["S",2,"S",0,{"$f":"IF($C379=1,OFFSET(E379,-1,0)+MAX(1,COUNTIF(QCI!$A$13:$A$41,OFFSET(ORÇAMENTO!E379,-1,0))),OFFSET(E379,-1,0))","v":16},1,0,0,19,0,{"$f":"IF(OR($C379=\"S\",$C379=0),0,MATCH(OFFSET($D379,0,$C379)+IF($C379<>1,1,COUNTIF(QCI!$A$13:$A$41,ORÇAMENTO!E379)),OFFSET($D379,1,$C379,ROW($C$744)-ROW($C379)),0))","v":0},"F","Serviço","Serviço","16.1.19.","SINAPI","86913","TORNEIRA CROMADA 1/2\" OU 3/4\" PARA TANQUE, PADRÃO POPULAR - FORNECIMENTO E INSTALAÇÃO. AF_01/2020",{"$f":"REFERENCIA.Unidade","v":"UN"},{"$f":"OFFSET(CÁLCULO!H$15,ROW($T379)-ROW(T$15),0)","v":15},85.14,"BDI 1",{"$f":"IF($C379=\"S\",ROUND(IF(TIPOORCAMENTO=\"Proposto\",ORÇAMENTO.CustoUnitario*(1+$AH379),ORÇAMENTO.PrecoUnitarioLicitado),15-13*$AF$10),0)","v":106.43},{"$f":"IF($C379=\"S\",IF(Import.TipoArredondamento<>\"TransfereGOV\",VTOTAL1,SUM(OFFSET(CÁLCULO!$AA$15,ROW($X379)-ROW($X$15),1):OFFSET(CÁLCULO!$AL$15,ROW($X379)-ROW($X$15),-1))),IF($C379=0,0,ROUND(SomaAgrup,15-13*$AF$11)))","v":1596.45},"RA","RA",{"$f":"IF($C379=\"S\",IF($Z379=\"CP\",$X379,IF($Z379=\"RA\",(($X379)*QCI!$AA$3),0)),SomaAgrup)","v":56.854376609386961},0,{"$f":"IF($N379=\"\",\"\",IF(ORÇAMENTO.Descricao=\"\",\"DESCRIÇÃO\",IF(AND($C379=\"S\",ORÇAMENTO.Unidade=\"\"),\"UNIDADE\",IF($X379<0,\"VALOR NEGATIVO\",IF(OR(AND(TIPOORCAMENTO=\"Proposto\",$AG379<>\"\",$AG379>0,ORÇAMENTO.CustoUnitario>$AG379),AND(TIPOORCAMENTO=\"LICITADO\",ORÇAMENTO.PrecoUnitarioLicitado>$AN379)),\"ACIMA REF.\",\"\")))))","v":""},{"$f":"IF(C379<=CRONO.NivelExibicao,MAX($AD$15:OFFSET(AD379,-1,0))+IF($C379<>1,1,MAX(1,COUNTIF(QCI!$A$13:$A$41,OFFSET($E379,-1,0)))),\"\")","v":""},{"$f":"IF(AND($C379=\"S\",ORÇAMENTO.CodBarra<>\"\"),IF(ORÇAMENTO.Fonte=\"\",ORÇAMENTO.CodBarra,CONCATENATE(ORÇAMENTO.Fonte,\" \",ORÇAMENTO.CodBarra)))","v":"SINAPI 86913"},{"$f":"IF(ISERROR(INDIRECT(ORÇAMENTO.BancoRef)),\"(abra o arquivo 'Referência \"&Excel_BuiltIn_Database&\".xlsm)\",IF(OR($C379<>\"S\",ORÇAMENTO.CodBarra=\"\"),\"(Sem Código)\",IF(ISERROR(MATCH($AE379,INDIRECT(ORÇAMENTO.BancoRef),0)),\"(Código não identificado nas referências)\",MATCH($AE379,INDIRECT(ORÇAMENTO.BancoRef),0))))","v":5342},{"$f":"ROUND(IF(DESONERACAO=\"sim\",REFERENCIA.Desonerado,REFERENCIA.NaoDesonerado),2)","v":85.14},0.25,null,15,null,null,1596.45,106.43]
["S",2,"S",0,{"$f":"IF($C380=1,OFFSET(E380,-1,0)+MAX(1,COUNTIF(QCI!$A$13:$A$41,OFFSET(ORÇAMENTO!E380,-1,0))),OFFSET(E380,-1,0))","v":16},1,0,0,20,0,{"$f":"IF(OR($C380=\"S\",$C380=0),0,MATCH(OFFSET($D380,0,$C380)+IF($C380<>1,1,COUNTIF(QCI!$A$13:$A$41,ORÇAMENTO!E380)),OFFSET($D380,1,$C380,ROW($C$744)-ROW($C380)),0))","v":0},"F","Serviço","Serviço","16.1.20.","SINAPI","FNDE 225","TORNEIRA CROMADA DE MESA PARA LAVATORIO, TIPO MONOCOMANDO - ACIONAMENTO TIPO ALAVANCA","UN",{"$f":"OFFSET(CÁLCULO!H$15,ROW($T380)-ROW(T$15),0)","v":4},541.27,"BDI 1",{"$f":"IF($C380=\"S\",ROUND(IF(TIPOORCAMENTO=\"Proposto\",ORÇAMENTO.CustoUnitario*(1+$AH380),ORÇAMENTO.PrecoUnitarioLicitado),15-13*$AF$10),0)","v":676.59},{"$f":"IF($C380=\"S\",IF(Import.TipoArredondamento<>\"TransfereGOV\",VTOTAL1,SUM(OFFSET(CÁLCULO!$AA$15,ROW($X380)-ROW($X$15),1):OFFSET(CÁLCULO!$AL$15,ROW($X380)-ROW($X$15),-1))),IF($C380=0,0,ROUND(SomaAgrup,15-13*$AF$11)))","v":2706.36},"RA","RA",{"$f":"IF($C380=\"S\",IF($Z380=\"CP\",$X380,IF($Z380=\"RA\",(($X380)*QCI!$AA$3),0)),SomaAgrup)","v":96.381603357812963},0,{"$f":"IF($N380=\"\",\"\",IF(ORÇAMENTO.Descricao=\"\",\"DESCRIÇÃO\",IF(AND($C380=\"S\",ORÇAMENTO.Unidade=\"\"),\"UNIDADE\",IF($X380<0,\"VALOR NEGATIVO\",IF(OR(AND(TIPOORCAMENTO=\"Proposto\",$AG380<>\"\",$AG380>0,ORÇAMENTO.CustoUnitario>$AG380),AND(TIPOORCAMENTO=\"LICITADO\",ORÇAMENTO.PrecoUnitarioLicitado>$AN380)),\"ACIMA REF.\",\"\")))))","v":""},{"$f":"IF(C380<=CRONO.NivelExibicao,MAX($AD$15:OFFSET(AD380,-1,0))+IF($C380<>1,1,MAX(1,COUNTIF(QCI!$A$13:$A$41,OFFSET($E380,-1,0)))),\"\")","v":""},{"$f":"IF(AND($C380=\"S\",ORÇAMENTO.CodBarra<>\"\"),IF(ORÇAMENTO.Fonte=\"\",ORÇAMENTO.CodBarra,CONCATENATE(ORÇAMENTO.Fonte,\" \",ORÇAMENTO.CodBarra)))","v":"SINAPI FNDE 225"},{"$f":"IF(ISERROR(INDIRECT(ORÇAMENTO.BancoRef)),\"(abra o arquivo 'Referência \"&Excel_BuiltIn_Database&\".xlsm)\",IF(OR($C380<>\"S\",ORÇAMENTO.CodBarra=\"\"),\"(Sem Código)\",IF(ISERROR(MATCH($AE380,INDIRECT(ORÇAMENTO.BancoRef),0)),\"(Código não identificado nas referências)\",MATCH($AE380,INDIRECT(ORÇAMENTO.BancoRef),0))))","v":"(Código não identificado nas referências)"},{"$f":"ROUND(IF(DESONERACAO=\"sim\",REFERENCIA.Desonerado,REFERENCIA.NaoDesonerado),2)","v":0},0.25,null,4,null,null,2706.36,676.59]
["S",2,"S",0,{"$f":"IF($C381=1,OFFSET(E381,-1,0)+MAX(1,COUNTIF(QCI!$A$13:$A$41,OFFSET(ORÇAMENTO!E381,-1,0))),OFFSET(E381,-1,0))","v":16},1,0,0,21,0,{"$f":"IF(OR($C381=\"S\",$C381=0),0,MATCH(OFFSET($D381,0,$C381)+IF($C381<>1,1,COUNTIF(QCI!$A$13:$A$41,ORÇAMENTO!E381)),OFFSET($D381,1,$C381,ROW($C$744)-ROW($C381)),0))","v":0},"F","Serviço","Serviço","16.1.21.","SINAPI","FNDE 13","TORNEIRA ELÉTRICA COM MANGUEIRA PLÁSTICA FORTTI MAXI, LORENZETTIOU EQUIVALENTE","UN",{"$f":"OFFSET(CÁLCULO!H$15,ROW($T381)-ROW(T$15),0)","v":4},120.81,"BDI 1",{"$f":"IF($C381=\"S\",ROUND(IF(TIPOORCAMENTO=\"Proposto\",ORÇAMENTO.CustoUnitario*(1+$AH381),ORÇAMENTO.PrecoUnitarioLicitado),15-13*$AF$10),0)","v":151.01},{"$f":"IF($C381=\"S\",IF(Import.TipoArredondamento<>\"TransfereGOV\",VTOTAL1,SUM(OFFSET(CÁLCULO!$AA$15,ROW($X381)-ROW($X$15),1):OFFSET(CÁLCULO!$AL$15,ROW($X381)-ROW($X$15),-1))),IF($C381=0,0,ROUND(SomaAgrup,15-13*$AF$11)))","v":604.04},"RA","RA",{"$f":"IF($C381=\"S\",IF($Z381=\"CP\",$X381,IF($Z381=\"RA\",(($X381)*QCI!$AA$3),0)),SomaAgrup)","v":21.511677564054057},0,{"$f":"IF($N381=\"\",\"\",IF(ORÇAMENTO.Descricao=\"\",\"DESCRIÇÃO\",IF(AND($C381=\"S\",ORÇAMENTO.Unidade=\"\"),\"UNIDADE\",IF($X381<0,\"VALOR NEGATIVO\",IF(OR(AND(TIPOORCAMENTO=\"Proposto\",$AG381<>\"\",$AG381>0,ORÇAMENTO.CustoUnitario>$AG381),AND(TIPOORCAMENTO=\"LICITADO\",ORÇAMENTO.PrecoUnitarioLicitado>$AN381)),\"ACIMA REF.\",\"\")))))","v":""},{"$f":"IF(C381<=CRONO.NivelExibicao,MAX($AD$15:OFFSET(AD381,-1,0))+IF($C381<>1,1,MAX(1,COUNTIF(QCI!$A$13:$A$41,OFFSET($E381,-1,0)))),\"\")","v":""},{"$f":"IF(AND($C381=\"S\",ORÇAMENTO.CodBarra<>\"\"),IF(ORÇAMENTO.Fonte=\"\",ORÇAMENTO.CodBarra,CONCATENATE(ORÇAMENTO.Fonte,\" \",ORÇAMENTO.CodBarra)))","v":"SINAPI FNDE 13"},{"$f":"IF(ISERROR(INDIRECT(ORÇAMENTO.BancoRef)),\"(abra o arquivo 'Referência \"&Excel_BuiltIn_Database&\".xlsm)\",IF(OR($C381<>\"S\",ORÇAMENTO.CodBarra=\"\"),\"(Sem Código)\",IF(ISERROR(MATCH($AE381,INDIRECT(ORÇAMENTO.BancoRef),0)),\"(Código não identificado nas referências)\",MATCH($AE381,INDIRECT(ORÇAMENTO.BancoRef),0))))","v":"(Código não identificado nas referências)"},{"$f":"ROUND(IF(DESONERACAO=\"sim\",REFERENCIA.Desonerado,REFERENCIA.NaoDesonerado),2)","v":0},0.25,null,4,null,null,604.04,151.01]
["S",2,"S",0,{"$f":"IF($C382=1,OFFSET(E382,-1,0)+MAX(1,COUNTIF(QCI!$A$13:$A$41,OFFSET(ORÇAMENTO!E382,-1,0))),OFFSET(E382,-1,0))","v":16},1,0,0,22,0,{"$f":"IF(OR($C382=\"S\",$C382=0),0,MATCH(OFFSET($D382,0,$C382)+IF($C382<>1,1,COUNTIF(QCI!$A$13:$A$41,ORÇAMENTO!E382)),OFFSET($D382,1,$C382,ROW($C$744)-ROW($C382)),0))","v":0},"F","Serviço","Serviço","16.1.22.","SINAPI","86887","ENGATE FLEXÍVEL EM INOX, 1/2  X 40CM - FORNECIMENTO E INSTALAÇÃO. AF_01/2020",{"$f":"REFERENCIA.Unidade","v":"UN"},{"$f":"OFFSET(CÁLCULO!H$15,ROW($T382)-ROW(T$15),0)","v":45},76.709999999999994,"BDI 1",{"$f":"IF($C382=\"S\",ROUND(IF(TIPOORCAMENTO=\"Proposto\",ORÇAMENTO.CustoUnitario*(1+$AH382),ORÇAMENTO.PrecoUnitarioLicitado),15-13*$AF$10),0)","v":95.89},{"$f":"IF($C382=\"S\",IF(Import.TipoArredondamento<>\"TransfereGOV\",VTOTAL1,SUM(OFFSET(CÁLCULO!$AA$15,ROW($X382)-ROW($X$15),1):OFFSET(CÁLCULO!$AL$15,ROW($X382)-ROW($X$15),-1))),IF($C382=0,0,ROUND(SomaAgrup,15-13*$AF$11)))","v":4315.05},"RA","RA",{"$f":"IF($C382=\"S\",IF($Z382=\"CP\",$X382,IF($Z382=\"RA\",(($X382)*QCI!$AA$3),0)),SomaAgrup)","v":153.67188310835618},0,{"$f":"IF($N382=\"\",\"\",IF(ORÇAMENTO.Descricao=\"\",\"DESCRIÇÃO\",IF(AND($C382=\"S\",ORÇAMENTO.Unidade=\"\"),\"UNIDADE\",IF($X382<0,\"VALOR NEGATIVO\",IF(OR(AND(TIPOORCAMENTO=\"Proposto\",$AG382<>\"\",$AG382>0,ORÇAMENTO.CustoUnitario>$AG382),AND(TIPOORCAMENTO=\"LICITADO\",ORÇAMENTO.PrecoUnitarioLicitado>$AN382)),\"ACIMA REF.\",\"\")))))","v":""},{"$f":"IF(C382<=CRONO.NivelExibicao,MAX($AD$15:OFFSET(AD382,-1,0))+IF($C382<>1,1,MAX(1,COUNTIF(QCI!$A$13:$A$41,OFFSET($E382,-1,0)))),\"\")","v":""},{"$f":"IF(AND($C382=\"S\",ORÇAMENTO.CodBarra<>\"\"),IF(ORÇAMENTO.Fonte=\"\",ORÇAMENTO.CodBarra,CONCATENATE(ORÇAMENTO.Fonte,\" \",ORÇAMENTO.CodBarra)))","v":"SINAPI 86887"},{"$f":"IF(ISERROR(INDIRECT(ORÇAMENTO.BancoRef)),\"(abra o arquivo 'Referência \"&Excel_BuiltIn_Database&\".xlsm)\",IF(OR($C382<>\"S\",ORÇAMENTO.CodBarra=\"\"),\"(Sem Código)\",IF(ISERROR(MATCH($AE382,INDIRECT(ORÇAMENTO.BancoRef),0)),\"(Código não identificado nas referências)\",MATCH($AE382,INDIRECT(ORÇAMENTO.BancoRef),0))))","v":5324},{"$f":"ROUND(IF(DESONERACAO=\"sim\",REFERENCIA.Desonerado,REFERENCIA.NaoDesonerado),2)","v":76.709999999999994},0.25,null,45,null,null,4315.05,95.89]
["S",2,"S",0,{"$f":"IF($C383=1,OFFSET(E383,-1,0)+MAX(1,COUNTIF(QCI!$A$13:$A$41,OFFSET(ORÇAMENTO!E383,-1,0))),OFFSET(E383,-1,0))","v":16},1,0,0,23,0,{"$f":"IF(OR($C383=\"S\",$C383=0),0,MATCH(OFFSET($D383,0,$C383)+IF($C383<>1,1,COUNTIF(QCI!$A$13:$A$41,ORÇAMENTO!E383)),OFFSET($D383,1,$C383,ROW($C$744)-ROW($C383)),0))","v":0},"F","Serviço","Serviço","16.1.23.","SINAPI","100860","CHUVEIRO ELÉTRICO COMUM CORPO PLÁSTICO, TIPO DUCHA - FORNECIMENTO E INSTALAÇÃO. AF_01/2020",{"$f":"REFERENCIA.Unidade","v":"UN"},{"$f":"OFFSET(CÁLCULO!H$15,ROW($T383)-ROW(T$15),0)","v":13},96.75,"BDI 1",{"$f":"IF($C383=\"S\",ROUND(IF(TIPOORCAMENTO=\"Proposto\",ORÇAMENTO.CustoUnitario*(1+$AH383),ORÇAMENTO.PrecoUnitarioLicitado),15-13*$AF$10),0)","v":120.94},{"$f":"IF($C383=\"S\",IF(Import.TipoArredondamento<>\"TransfereGOV\",VTOTAL1,SUM(OFFSET(CÁLCULO!$AA$15,ROW($X383)-ROW($X$15),1):OFFSET(CÁLCULO!$AL$15,ROW($X383)-ROW($X$15),-1))),IF($C383=0,0,ROUND(SomaAgrup,15-13*$AF$11)))","v":1572.22},"RA","RA",{"$f":"IF($C383=\"S\",IF($Z383=\"CP\",$X383,IF($Z383=\"RA\",(($X383)*QCI!$AA$3),0)),SomaAgrup)","v":55.991473577506575},0,{"$f":"IF($N383=\"\",\"\",IF(ORÇAMENTO.Descricao=\"\",\"DESCRIÇÃO\",IF(AND($C383=\"S\",ORÇAMENTO.Unidade=\"\"),\"UNIDADE\",IF($X383<0,\"VALOR NEGATIVO\",IF(OR(AND(TIPOORCAMENTO=\"Proposto\",$AG383<>\"\",$AG383>0,ORÇAMENTO.CustoUnitario>$AG383),AND(TIPOORCAMENTO=\"LICITADO\",ORÇAMENTO.PrecoUnitarioLicitado>$AN383)),\"ACIMA REF.\",\"\")))))","v":""},{"$f":"IF(C383<=CRONO.NivelExibicao,MAX($AD$15:OFFSET(AD383,-1,0))+IF($C383<>1,1,MAX(1,COUNTIF(QCI!$A$13:$A$41,OFFSET($E383,-1,0)))),\"\")","v":""},{"$f":"IF(AND($C383=\"S\",ORÇAMENTO.CodBarra<>\"\"),IF(ORÇAMENTO.Fonte=\"\",ORÇAMENTO.CodBarra,CONCATENATE(ORÇAMENTO.Fonte,\" \",ORÇAMENTO.CodBarra)))","v":"SINAPI 100860"},{"$f":"IF(ISERROR(INDIRECT(ORÇAMENTO.BancoRef)),\"(abra o arquivo 'Referência \"&Excel_BuiltIn_Database&\".xlsm)\",IF(OR($C383<>\"S\",ORÇAMENTO.CodBarra=\"\"),\"(Sem Código)\",IF(ISERROR(MATCH($AE383,INDIRECT(ORÇAMENTO.BancoRef),0)),\"(Código não identificado nas referências)\",MATCH($AE383,INDIRECT(ORÇAMENTO.BancoRef),0))))","v":5395},{"$f":"ROUND(IF(DESONERACAO=\"sim\",REFERENCIA.Desonerado,REFERENCIA.NaoDesonerado),2)","v":96.75},0.25,null,13,null,null,1572.22,120.94]
["S",2,"S",0,{"$f":"IF($C384=1,OFFSET(E384,-1,0)+MAX(1,COUNTIF(QCI!$A$13:$A$41,OFFSET(ORÇAMENTO!E384,-1,0))),OFFSET(E384,-1,0))","v":16},1,0,0,24,0,{"$f":"IF(OR($C384=\"S\",$C384=0),0,MATCH(OFFSET($D384,0,$C384)+IF($C384<>1,1,COUNTIF(QCI!$A$13:$A$41,ORÇAMENTO!E384)),OFFSET($D384,1,$C384,ROW($C$744)-ROW($C384)),0))","v":0},"F","Serviço","Serviço","16.1.24.","SINAPI","FNDE 226","BARRA DE APOIO RETA, EM ACO INOX POLIDO, COMPRIMENTO 40CM, FIXADA NA PAREDE - FORNECIMENTO E INSTALAÇÃO","UN",{"$f":"OFFSET(CÁLCULO!H$15,ROW($T384)-ROW(T$15),0)","v":12},415.54,"BDI 1",{"$f":"IF($C384=\"S\",ROUND(IF(TIPOORCAMENTO=\"Proposto\",ORÇAMENTO.CustoUnitario*(1+$AH384),ORÇAMENTO.PrecoUnitarioLicitado),15-13*$AF$10),0)","v":519.42999999999995},{"$f":"IF($C384=\"S\",IF(Import.TipoArredondamento<>\"TransfereGOV\",VTOTAL1,SUM(OFFSET(CÁLCULO!$AA$15,ROW($X384)-ROW($X$15),1):OFFSET(CÁLCULO!$AL$15,ROW($X384)-ROW($X$15),-1))),IF($C384=0,0,ROUND(SomaAgrup,15-13*$AF$11)))","v":6233.16},"RA","RA",{"$f":"IF($C384=\"S\",IF($Z384=\"CP\",$X384,IF($Z384=\"RA\",(($X384)*QCI!$AA$3),0)),SomaAgrup)","v":221.98153785371696},0,{"$f":"IF($N384=\"\",\"\",IF(ORÇAMENTO.Descricao=\"\",\"DESCRIÇÃO\",IF(AND($C384=\"S\",ORÇAMENTO.Unidade=\"\"),\"UNIDADE\",IF($X384<0,\"VALOR NEGATIVO\",IF(OR(AND(TIPOORCAMENTO=\"Proposto\",$AG384<>\"\",$AG384>0,ORÇAMENTO.CustoUnitario>$AG384),AND(TIPOORCAMENTO=\"LICITADO\",ORÇAMENTO.PrecoUnitarioLicitado>$AN384)),\"ACIMA REF.\",\"\")))))","v":""},{"$f":"IF(C384<=CRONO.NivelExibicao,MAX($AD$15:OFFSET(AD384,-1,0))+IF($C384<>1,1,MAX(1,COUNTIF(QCI!$A$13:$A$41,OFFSET($E384,-1,0)))),\"\")","v":""},{"$f":"IF(AND($C384=\"S\",ORÇAMENTO.CodBarra<>\"\"),IF(ORÇAMENTO.Fonte=\"\",ORÇAMENTO.CodBarra,CONCATENATE(ORÇAMENTO.Fonte,\" \",ORÇAMENTO.CodBarra)))","v":"SINAPI FNDE 226"},{"$f":"IF(ISERROR(INDIRECT(ORÇAMENTO.BancoRef)),\"(abra o arquivo 'Referência \"&Excel_BuiltIn_Database&\".xlsm)\",IF(OR($C384<>\"S\",ORÇAMENTO.CodBarra=\"\"),\"(Sem Código)\",IF(ISERROR(MATCH($AE384,INDIRECT(ORÇAMENTO.BancoRef),0)),\"(Código não identificado nas referências)\",MATCH($AE384,INDIRECT(ORÇAMENTO.BancoRef),0))))","v":"(Código não identificado nas referências)"},{"$f":"ROUND(IF(DESONERACAO=\"sim\",REFERENCIA.Desonerado,REFERENCIA.NaoDesonerado),2)","v":0},0.25,null,12,null,null,6233.16,519.42999999999995]
["S",2,"S",0,{"$f":"IF($C385=1,OFFSET(E385,-1,0)+MAX(1,COUNTIF(QCI!$A$13:$A$41,OFFSET(ORÇAMENTO!E385,-1,0))),OFFSET(E385,-1,0))","v":16},1,0,0,25,0,{"$f":"IF(OR($C385=\"S\",$C385=0),0,MATCH(OFFSET($D385,0,$C385)+IF($C385<>1,1,COUNTIF(QCI!$A$13:$A$41,ORÇAMENTO!E385)),OFFSET($D385,1,$C385,ROW($C$744)-ROW($C385)),0))","v":0},"F","Serviço","Serviço","16.1.25.","SINAPI","100867","BARRA DE APOIO RETA, EM ACO INOX POLIDO, COMPRIMENTO 70 CM,  FIXADA NA PAREDE - FORNECIMENTO E INSTALAÇÃO. AF_01/2020",{"$f":"REFERENCIA.Unidade","v":"UN"},{"$f":"OFFSET(CÁLCULO!H$15,ROW($T385)-ROW(T$15),0)","v":6},446.47,"BDI 1",{"$f":"IF($C385=\"S\",ROUND(IF(TIPOORCAMENTO=\"Proposto\",ORÇAMENTO.CustoUnitario*(1+$AH385),ORÇAMENTO.PrecoUnitarioLicitado),15-13*$AF$10),0)","v":558.09},{"$f":"IF($C385=\"S\",IF(Import.TipoArredondamento<>\"TransfereGOV\",VTOTAL1,SUM(OFFSET(CÁLCULO!$AA$15,ROW($X385)-ROW($X$15),1):OFFSET(CÁLCULO!$AL$15,ROW($X385)-ROW($X$15),-1))),IF($C385=0,0,ROUND(SomaAgrup,15-13*$AF$11)))","v":3348.54},"RA","RA",{"$f":"IF($C385=\"S\",IF($Z385=\"CP\",$X385,IF($Z385=\"RA\",(($X385)*QCI!$AA$3),0)),SomaAgrup)","v":119.25156080779017},0,{"$f":"IF($N385=\"\",\"\",IF(ORÇAMENTO.Descricao=\"\",\"DESCRIÇÃO\",IF(AND($C385=\"S\",ORÇAMENTO.Unidade=\"\"),\"UNIDADE\",IF($X385<0,\"VALOR NEGATIVO\",IF(OR(AND(TIPOORCAMENTO=\"Proposto\",$AG385<>\"\",$AG385>0,ORÇAMENTO.CustoUnitario>$AG385),AND(TIPOORCAMENTO=\"LICITADO\",ORÇAMENTO.PrecoUnitarioLicitado>$AN385)),\"ACIMA REF.\",\"\")))))","v":""},{"$f":"IF(C385<=CRONO.NivelExibicao,MAX($AD$15:OFFSET(AD385,-1,0))+IF($C385<>1,1,MAX(1,COUNTIF(QCI!$A$13:$A$41,OFFSET($E385,-1,0)))),\"\")","v":""},{"$f":"IF(AND($C385=\"S\",ORÇAMENTO.CodBarra<>\"\"),IF(ORÇAMENTO.Fonte=\"\",ORÇAMENTO.CodBarra,CONCATENATE(ORÇAMENTO.Fonte,\" \",ORÇAMENTO.CodBarra)))","v":"SINAPI 100867"},{"$f":"IF(ISERROR(INDIRECT(ORÇAMENTO.BancoRef)),\"(abra o arquivo 'Referência \"&Excel_BuiltIn_Database&\".xlsm)\",IF(OR($C385<>\"S\",ORÇAMENTO.CodBarra=\"\"),\"(Sem Código)\",IF(ISERROR(MATCH($AE385,INDIRECT(ORÇAMENTO.BancoRef),0)),\"(Código não identificado nas referências)\",MATCH($AE385,INDIRECT(ORÇAMENTO.BancoRef),0))))","v":5402},{"$f":"ROUND(IF(DESONERACAO=\"sim\",REFERENCIA.Desonerado,REFERENCIA.NaoDesonerado),2)","v":446.47},0.25,null,6,null,null,3348.54,558.09]
["S",2,"S",0,{"$f":"IF($C386=1,OFFSET(E386,-1,0)+MAX(1,COUNTIF(QCI!$A$13:$A$41,OFFSET(ORÇAMENTO!E386,-1,0))),OFFSET(E386,-1,0))","v":16},1,0,0,26,0,{"$f":"IF(OR($C386=\"S\",$C386=0),0,MATCH(OFFSET($D386,0,$C386)+IF($C386<>1,1,COUNTIF(QCI!$A$13:$A$41,ORÇAMENTO!E386)),OFFSET($D386,1,$C386,ROW($C$744)-ROW($C386)),0))","v":0},"F","Serviço","Serviço","16.1.26.","SINAPI","100868","BARRA DE APOIO RETA, EM ACO INOX POLIDO, COMPRIMENTO 80 CM,  FIXADA NA PAREDE - FORNECIMENTO E INSTALAÇÃO. AF_01/2020",{"$f":"REFERENCIA.Unidade","v":"UN"},{"$f":"OFFSET(CÁLCULO!H$15,ROW($T386)-ROW(T$15),0)","v":9},467.05,"BDI 1",{"$f":"IF($C386=\"S\",ROUND(IF(TIPOORCAMENTO=\"Proposto\",ORÇAMENTO.CustoUnitario*(1+$AH386),ORÇAMENTO.PrecoUnitarioLicitado),15-13*$AF$10),0)","v":583.80999999999995},{"$f":"IF($C386=\"S\",IF(Import.TipoArredondamento<>\"TransfereGOV\",VTOTAL1,SUM(OFFSET(CÁLCULO!$AA$15,ROW($X386)-ROW($X$15),1):OFFSET(CÁLCULO!$AL$15,ROW($X386)-ROW($X$15),-1))),IF($C386=0,0,ROUND(SomaAgrup,15-13*$AF$11)))","v":5254.29},"RA","RA",{"$f":"IF($C386=\"S\",IF($Z386=\"CP\",$X386,IF($Z386=\"RA\",(($X386)*QCI!$AA$3),0)),SomaAgrup)","v":187.12103885178729},0,{"$f":"IF($N386=\"\",\"\",IF(ORÇAMENTO.Descricao=\"\",\"DESCRIÇÃO\",IF(AND($C386=\"S\",ORÇAMENTO.Unidade=\"\"),\"UNIDADE\",IF($X386<0,\"VALOR NEGATIVO\",IF(OR(AND(TIPOORCAMENTO=\"Proposto\",$AG386<>\"\",$AG386>0,ORÇAMENTO.CustoUnitario>$AG386),AND(TIPOORCAMENTO=\"LICITADO\",ORÇAMENTO.PrecoUnitarioLicitado>$AN386)),\"ACIMA REF.\",\"\")))))","v":""},{"$f":"IF(C386<=CRONO.NivelExibicao,MAX($AD$15:OFFSET(AD386,-1,0))+IF($C386<>1,1,MAX(1,COUNTIF(QCI!$A$13:$A$41,OFFSET($E386,-1,0)))),\"\")","v":""},{"$f":"IF(AND($C386=\"S\",ORÇAMENTO.CodBarra<>\"\"),IF(ORÇAMENTO.Fonte=\"\",ORÇAMENTO.CodBarra,CONCATENATE(ORÇAMENTO.Fonte,\" \",ORÇAMENTO.CodBarra)))","v":"SINAPI 100868"},{"$f":"IF(ISERROR(INDIRECT(ORÇAMENTO.BancoRef)),\"(abra o arquivo 'Referência \"&Excel_BuiltIn_Database&\".xlsm)\",IF(OR($C386<>\"S\",ORÇAMENTO.CodBarra=\"\"),\"(Sem Código)\",IF(ISERROR(MATCH($AE386,INDIRECT(ORÇAMENTO.BancoRef),0)),\"(Código não identificado nas referências)\",MATCH($AE386,INDIRECT(ORÇAMENTO.BancoRef),0))))","v":5403},{"$f":"ROUND(IF(DESONERACAO=\"sim\",REFERENCIA.Desonerado,REFERENCIA.NaoDesonerado),2)","v":467.05},0.25,null,9,null,null,5254.29,583.80999999999995]
["S",2,"S",0,{"$f":"IF($C387=1,OFFSET(E387,-1,0)+MAX(1,COUNTIF(QCI!$A$13:$A$41,OFFSET(ORÇAMENTO!E387,-1,0))),OFFSET(E387,-1,0))","v":16},1,0,0,27,0,{"$f":"IF(OR($C387=\"S\",$C387=0),0,MATCH(OFFSET($D387,0,$C387)+IF($C387<>1,1,COUNTIF(QCI!$A$13:$A$41,ORÇAMENTO!E387)),OFFSET($D387,1,$C387,ROW($C$744)-ROW($C387)),0))","v":0},"F","Serviço","Serviço","16.1.27.","SINAPI","100875","BANCO ARTICULADO, EM ACO INOX, PARA PCD, FIXADO NA PAREDE - FORNECIMENTO E INSTALAÇÃO. AF_01/2020",{"$f":"REFERENCIA.Unidade","v":"UN"},{"$f":"OFFSET(CÁLCULO!H$15,ROW($T387)-ROW(T$15),0)","v":1},1615.65,"BDI 1",{"$f":"IF($C387=\"S\",ROUND(IF(TIPOORCAMENTO=\"Proposto\",ORÇAMENTO.CustoUnitario*(1+$AH387),ORÇAMENTO.PrecoUnitarioLicitado),15-13*$AF$10),0)","v":2019.56},{"$f":"IF($C387=\"S\",IF(Import.TipoArredondamento<>\"TransfereGOV\",VTOTAL1,SUM(OFFSET(CÁLCULO!$AA$15,ROW($X387)-ROW($X$15),1):OFFSET(CÁLCULO!$AL$15,ROW($X387)-ROW($X$15),-1))),IF($C387=0,0,ROUND(SomaAgrup,15-13*$AF$11)))","v":2019.56},"RA","RA",{"$f":"IF($C387=\"S\",IF($Z387=\"CP\",$X387,IF($Z387=\"RA\",(($X387)*QCI!$AA$3),0)),SomaAgrup)","v":71.922593770712226},0,{"$f":"IF($N387=\"\",\"\",IF(ORÇAMENTO.Descricao=\"\",\"DESCRIÇÃO\",IF(AND($C387=\"S\",ORÇAMENTO.Unidade=\"\"),\"UNIDADE\",IF($X387<0,\"VALOR NEGATIVO\",IF(OR(AND(TIPOORCAMENTO=\"Proposto\",$AG387<>\"\",$AG387>0,ORÇAMENTO.CustoUnitario>$AG387),AND(TIPOORCAMENTO=\"LICITADO\",ORÇAMENTO.PrecoUnitarioLicitado>$AN387)),\"ACIMA REF.\",\"\")))))","v":""},{"$f":"IF(C387<=CRONO.NivelExibicao,MAX($AD$15:OFFSET(AD387,-1,0))+IF($C387<>1,1,MAX(1,COUNTIF(QCI!$A$13:$A$41,OFFSET($E387,-1,0)))),\"\")","v":""},{"$f":"IF(AND($C387=\"S\",ORÇAMENTO.CodBarra<>\"\"),IF(ORÇAMENTO.Fonte=\"\",ORÇAMENTO.CodBarra,CONCATENATE(ORÇAMENTO.Fonte,\" \",ORÇAMENTO.CodBarra)))","v":"SINAPI 100875"},{"$f":"IF(ISERROR(INDIRECT(ORÇAMENTO.BancoRef)),\"(abra o arquivo 'Referência \"&Excel_BuiltIn_Database&\".xlsm)\",IF(OR($C387<>\"S\",ORÇAMENTO.CodBarra=\"\"),\"(Sem Código)\",IF(ISERROR(MATCH($AE387,INDIRECT(ORÇAMENTO.BancoRef),0)),\"(Código não identificado nas referências)\",MATCH($AE387,INDIRECT(ORÇAMENTO.BancoRef),0))))","v":5410},{"$f":"ROUND(IF(DESONERACAO=\"sim\",REFERENCIA.Desonerado,REFERENCIA.NaoDesonerado),2)","v":1615.65},0.25,null,1,null,null,2019.56,2019.56]
["S",2,"S",0,{"$f":"IF($C388=1,OFFSET(E388,-1,0)+MAX(1,COUNTIF(QCI!$A$13:$A$41,OFFSET(ORÇAMENTO!E388,-1,0))),OFFSET(E388,-1,0))","v":16},1,0,0,28,0,{"$f":"IF(OR($C388=\"S\",$C388=0),0,MATCH(OFFSET($D388,0,$C388)+IF($C388<>1,1,COUNTIF(QCI!$A$13:$A$41,ORÇAMENTO!E388)),OFFSET($D388,1,$C388,ROW($C$744)-ROW($C388)),0))","v":0},"F","Serviço","Serviço","16.1.28.","SINAPI","FNDE 215","VÁLVULA DE DESCARGA METÁLICA, DUPLO ACIONAMENTO ECO, BASE 1 1/2\", ACABAMENTO METALICO CROMADO - FORNECIMENTO E INSTALAÇÃO","UN",{"$f":"OFFSET(CÁLCULO!H$15,ROW($T388)-ROW(T$15),0)","v":24},384.25,"BDI 1",{"$f":"IF($C388=\"S\",ROUND(IF(TIPOORCAMENTO=\"Proposto\",ORÇAMENTO.CustoUnitario*(1+$AH388),ORÇAMENTO.PrecoUnitarioLicitado),15-13*$AF$10),0)","v":480.31},{"$f":"IF($C388=\"S\",IF(Import.TipoArredondamento<>\"TransfereGOV\",VTOTAL1,SUM(OFFSET(CÁLCULO!$AA$15,ROW($X388)-ROW($X$15),1):OFFSET(CÁLCULO!$AL$15,ROW($X388)-ROW($X$15),-1))),IF($C388=0,0,ROUND(SomaAgrup,15-13*$AF$11)))","v":11527.44},"RA","RA",{"$f":"IF($C388=\"S\",IF($Z388=\"CP\",$X388,IF($Z388=\"RA\",(($X388)*QCI!$AA$3),0)),SomaAgrup)","v":410.52674064462502},0,{"$f":"IF($N388=\"\",\"\",IF(ORÇAMENTO.Descricao=\"\",\"DESCRIÇÃO\",IF(AND($C388=\"S\",ORÇAMENTO.Unidade=\"\"),\"UNIDADE\",IF($X388<0,\"VALOR NEGATIVO\",IF(OR(AND(TIPOORCAMENTO=\"Proposto\",$AG388<>\"\",$AG388>0,ORÇAMENTO.CustoUnitario>$AG388),AND(TIPOORCAMENTO=\"LICITADO\",ORÇAMENTO.PrecoUnitarioLicitado>$AN388)),\"ACIMA REF.\",\"\")))))","v":""},{"$f":"IF(C388<=CRONO.NivelExibicao,MAX($AD$15:OFFSET(AD388,-1,0))+IF($C388<>1,1,MAX(1,COUNTIF(QCI!$A$13:$A$41,OFFSET($E388,-1,0)))),\"\")","v":""},{"$f":"IF(AND($C388=\"S\",ORÇAMENTO.CodBarra<>\"\"),IF(ORÇAMENTO.Fonte=\"\",ORÇAMENTO.CodBarra,CONCATENATE(ORÇAMENTO.Fonte,\" \",ORÇAMENTO.CodBarra)))","v":"SINAPI FNDE 215"},{"$f":"IF(ISERROR(INDIRECT(ORÇAMENTO.BancoRef)),\"(abra o arquivo 'Referência \"&Excel_BuiltIn_Database&\".xlsm)\",IF(OR($C388<>\"S\",ORÇAMENTO.CodBarra=\"\"),\"(Sem Código)\",IF(ISERROR(MATCH($AE388,INDIRECT(ORÇAMENTO.BancoRef),0)),\"(Código não identificado nas referências)\",MATCH($AE388,INDIRECT(ORÇAMENTO.BancoRef),0))))","v":"(Código não identificado nas referências)"},{"$f":"ROUND(IF(DESONERACAO=\"sim\",REFERENCIA.Desonerado,REFERENCIA.NaoDesonerado),2)","v":0},0.25,null,24,null,null,11527.44,480.31]
["S",2,"S",0,{"$f":"IF($C389=1,OFFSET(E389,-1,0)+MAX(1,COUNTIF(QCI!$A$13:$A$41,OFFSET(ORÇAMENTO!E389,-1,0))),OFFSET(E389,-1,0))","v":16},1,0,0,29,0,{"$f":"IF(OR($C389=\"S\",$C389=0),0,MATCH(OFFSET($D389,0,$C389)+IF($C389<>1,1,COUNTIF(QCI!$A$13:$A$41,ORÇAMENTO!E389)),OFFSET($D389,1,$C389,ROW($C$744)-ROW($C389)),0))","v":0},"F","Serviço","Serviço","16.1.29.","SINAPI","FNDE 15","TOALHEIRO PLASTICO TIPO DISPENSER PARA PAPEL TOALHA INTERFOLHADO","UN",{"$f":"OFFSET(CÁLCULO!H$15,ROW($T389)-ROW(T$15),0)","v":27},73.2,"BDI 1",{"$f":"IF($C389=\"S\",ROUND(IF(TIPOORCAMENTO=\"Proposto\",ORÇAMENTO.CustoUnitario*(1+$AH389),ORÇAMENTO.PrecoUnitarioLicitado),15-13*$AF$10),0)","v":91.5},{"$f":"IF($C389=\"S\",IF(Import.TipoArredondamento<>\"TransfereGOV\",VTOTAL1,SUM(OFFSET(CÁLCULO!$AA$15,ROW($X389)-ROW($X$15),1):OFFSET(CÁLCULO!$AL$15,ROW($X389)-ROW($X$15),-1))),IF($C389=0,0,ROUND(SomaAgrup,15-13*$AF$11)))","v":2470.5},"RA","RA",{"$f":"IF($C389=\"S\",IF($Z389=\"CP\",$X389,IF($Z389=\"RA\",(($X389)*QCI!$AA$3),0)),SomaAgrup)","v":87.981920770140306},0,{"$f":"IF($N389=\"\",\"\",IF(ORÇAMENTO.Descricao=\"\",\"DESCRIÇÃO\",IF(AND($C389=\"S\",ORÇAMENTO.Unidade=\"\"),\"UNIDADE\",IF($X389<0,\"VALOR NEGATIVO\",IF(OR(AND(TIPOORCAMENTO=\"Proposto\",$AG389<>\"\",$AG389>0,ORÇAMENTO.CustoUnitario>$AG389),AND(TIPOORCAMENTO=\"LICITADO\",ORÇAMENTO.PrecoUnitarioLicitado>$AN389)),\"ACIMA REF.\",\"\")))))","v":""},{"$f":"IF(C389<=CRONO.NivelExibicao,MAX($AD$15:OFFSET(AD389,-1,0))+IF($C389<>1,1,MAX(1,COUNTIF(QCI!$A$13:$A$41,OFFSET($E389,-1,0)))),\"\")","v":""},{"$f":"IF(AND($C389=\"S\",ORÇAMENTO.CodBarra<>\"\"),IF(ORÇAMENTO.Fonte=\"\",ORÇAMENTO.CodBarra,CONCATENATE(ORÇAMENTO.Fonte,\" \",ORÇAMENTO.CodBarra)))","v":"SINAPI FNDE 15"},{"$f":"IF(ISERROR(INDIRECT(ORÇAMENTO.BancoRef)),\"(abra o arquivo 'Referência \"&Excel_BuiltIn_Database&\".xlsm)\",IF(OR($C389<>\"S\",ORÇAMENTO.CodBarra=\"\"),\"(Sem Código)\",IF(ISERROR(MATCH($AE389,INDIRECT(ORÇAMENTO.BancoRef),0)),\"(Código não identificado nas referências)\",MATCH($AE389,INDIRECT(ORÇAMENTO.BancoRef),0))))","v":"(Código não identificado nas referências)"},{"$f":"ROUND(IF(DESONERACAO=\"sim\",REFERENCIA.Desonerado,REFERENCIA.NaoDesonerado),2)","v":0},0.25,null,27,null,null,2470.5,91.5]
["S",2,"S",0,{"$f":"IF($C390=1,OFFSET(E390,-1,0)+MAX(1,COUNTIF(QCI!$A$13:$A$41,OFFSET(ORÇAMENTO!E390,-1,0))),OFFSET(E390,-1,0))","v":16},1,0,0,30,0,{"$f":"IF(OR($C390=\"S\",$C390=0),0,MATCH(OFFSET($D390,0,$C390)+IF($C390<>1,1,COUNTIF(QCI!$A$13:$A$41,ORÇAMENTO!E390)),OFFSET($D390,1,$C390,ROW($C$744)-ROW($C390)),0))","v":0},"F","Serviço","Serviço","16.1.30.","SINAPI","FNDE 16","PAPELEIRA PLASTICA TIPO DISPENSER PARA PAPEL HIGIENICO ROLAO","UN",{"$f":"OFFSET(CÁLCULO!H$15,ROW($T390)-ROW(T$15),0)","v":20},46.74,"BDI 1",{"$f":"IF($C390=\"S\",ROUND(IF(TIPOORCAMENTO=\"Proposto\",ORÇAMENTO.CustoUnitario*(1+$AH390),ORÇAMENTO.PrecoUnitarioLicitado),15-13*$AF$10),0)","v":58.43},{"$f":"IF($C390=\"S\",IF(Import.TipoArredondamento<>\"TransfereGOV\",VTOTAL1,SUM(OFFSET(CÁLCULO!$AA$15,ROW($X390)-ROW($X$15),1):OFFSET(CÁLCULO!$AL$15,ROW($X390)-ROW($X$15),-1))),IF($C390=0,0,ROUND(SomaAgrup,15-13*$AF$11)))","v":1168.5999999999999},"RA","RA",{"$f":"IF($C390=\"S\",IF($Z390=\"CP\",$X390,IF($Z390=\"RA\",(($X390)*QCI!$AA$3),0)),SomaAgrup)","v":41.617353819868832},0,{"$f":"IF($N390=\"\",\"\",IF(ORÇAMENTO.Descricao=\"\",\"DESCRIÇÃO\",IF(AND($C390=\"S\",ORÇAMENTO.Unidade=\"\"),\"UNIDADE\",IF($X390<0,\"VALOR NEGATIVO\",IF(OR(AND(TIPOORCAMENTO=\"Proposto\",$AG390<>\"\",$AG390>0,ORÇAMENTO.CustoUnitario>$AG390),AND(TIPOORCAMENTO=\"LICITADO\",ORÇAMENTO.PrecoUnitarioLicitado>$AN390)),\"ACIMA REF.\",\"\")))))","v":""},{"$f":"IF(C390<=CRONO.NivelExibicao,MAX($AD$15:OFFSET(AD390,-1,0))+IF($C390<>1,1,MAX(1,COUNTIF(QCI!$A$13:$A$41,OFFSET($E390,-1,0)))),\"\")","v":""},{"$f":"IF(AND($C390=\"S\",ORÇAMENTO.CodBarra<>\"\"),IF(ORÇAMENTO.Fonte=\"\",ORÇAMENTO.CodBarra,CONCATENATE(ORÇAMENTO.Fonte,\" \",ORÇAMENTO.CodBarra)))","v":"SINAPI FNDE 16"},{"$f":"IF(ISERROR(INDIRECT(ORÇAMENTO.BancoRef)),\"(abra o arquivo 'Referência \"&Excel_BuiltIn_Database&\".xlsm)\",IF(OR($C390<>\"S\",ORÇAMENTO.CodBarra=\"\"),\"(Sem Código)\",IF(ISERROR(MATCH($AE390,INDIRECT(ORÇAMENTO.BancoRef),0)),\"(Código não identificado nas referências)\",MATCH($AE390,INDIRECT(ORÇAMENTO.BancoRef),0))))","v":"(Código não identificado nas referências)"},{"$f":"ROUND(IF(DESONERACAO=\"sim\",REFERENCIA.Desonerado,REFERENCIA.NaoDesonerado),2)","v":0},0.25,null,20,null,null,1168.5999999999999,58.43]
["S",2,"S",0,{"$f":"IF($C391=1,OFFSET(E391,-1,0)+MAX(1,COUNTIF(QCI!$A$13:$A$41,OFFSET(ORÇAMENTO!E391,-1,0))),OFFSET(E391,-1,0))","v":16},1,0,0,31,0,{"$f":"IF(OR($C391=\"S\",$C391=0),0,MATCH(OFFSET($D391,0,$C391)+IF($C391<>1,1,COUNTIF(QCI!$A$13:$A$41,ORÇAMENTO!E391)),OFFSET($D391,1,$C391,ROW($C$744)-ROW($C391)),0))","v":0},"F","Serviço","Serviço","16.1.31.","SINAPI","95547","SABONETEIRA PLASTICA TIPO DISPENSER PARA SABONETE LIQUIDO COM RESERVATORIO 800 A 1500 ML, INCLUSO FIXAÇÃO. AF_01/2020",{"$f":"REFERENCIA.Unidade","v":"UN"},{"$f":"OFFSET(CÁLCULO!H$15,ROW($T391)-ROW(T$15),0)","v":23},56.41,"BDI 1",{"$f":"IF($C391=\"S\",ROUND(IF(TIPOORCAMENTO=\"Proposto\",ORÇAMENTO.CustoUnitario*(1+$AH391),ORÇAMENTO.PrecoUnitarioLicitado),15-13*$AF$10),0)","v":70.510000000000005},{"$f":"IF($C391=\"S\",IF(Import.TipoArredondamento<>\"TransfereGOV\",VTOTAL1,SUM(OFFSET(CÁLCULO!$AA$15,ROW($X391)-ROW($X$15),1):OFFSET(CÁLCULO!$AL$15,ROW($X391)-ROW($X$15),-1))),IF($C391=0,0,ROUND(SomaAgrup,15-13*$AF$11)))","v":1621.73},"RA","RA",{"$f":"IF($C391=\"S\",IF($Z391=\"CP\",$X391,IF($Z391=\"RA\",(($X391)*QCI!$AA$3),0)),SomaAgrup)","v":57.75467329308222},0,{"$f":"IF($N391=\"\",\"\",IF(ORÇAMENTO.Descricao=\"\",\"DESCRIÇÃO\",IF(AND($C391=\"S\",ORÇAMENTO.Unidade=\"\"),\"UNIDADE\",IF($X391<0,\"VALOR NEGATIVO\",IF(OR(AND(TIPOORCAMENTO=\"Proposto\",$AG391<>\"\",$AG391>0,ORÇAMENTO.CustoUnitario>$AG391),AND(TIPOORCAMENTO=\"LICITADO\",ORÇAMENTO.PrecoUnitarioLicitado>$AN391)),\"ACIMA REF.\",\"\")))))","v":""},{"$f":"IF(C391<=CRONO.NivelExibicao,MAX($AD$15:OFFSET(AD391,-1,0))+IF($C391<>1,1,MAX(1,COUNTIF(QCI!$A$13:$A$41,OFFSET($E391,-1,0)))),\"\")","v":""},{"$f":"IF(AND($C391=\"S\",ORÇAMENTO.CodBarra<>\"\"),IF(ORÇAMENTO.Fonte=\"\",ORÇAMENTO.CodBarra,CONCATENATE(ORÇAMENTO.Fonte,\" \",ORÇAMENTO.CodBarra)))","v":"SINAPI 95547"},{"$f":"IF(ISERROR(INDIRECT(ORÇAMENTO.BancoRef)),\"(abra o arquivo 'Referência \"&Excel_BuiltIn_Database&\".xlsm)\",IF(OR($C391<>\"S\",ORÇAMENTO.CodBarra=\"\"),\"(Sem Código)\",IF(ISERROR(MATCH($AE391,INDIRECT(ORÇAMENTO.BancoRef),0)),\"(Código não identificado nas referências)\",MATCH($AE391,INDIRECT(ORÇAMENTO.BancoRef),0))))","v":5384},{"$f":"ROUND(IF(DESONERACAO=\"sim\",REFERENCIA.Desonerado,REFERENCIA.NaoDesonerado),2)","v":56.41},0.25,null,23,null,null,1621.73,70.510000000000005]
["S",2,"S",0,{"$f":"IF($C392=1,OFFSET(E392,-1,0)+MAX(1,COUNTIF(QCI!$A$13:$A$41,OFFSET(ORÇAMENTO!E392,-1,0))),OFFSET(E392,-1,0))","v":16},1,0,0,32,0,{"$f":"IF(OR($C392=\"S\",$C392=0),0,MATCH(OFFSET($D392,0,$C392)+IF($C392<>1,1,COUNTIF(QCI!$A$13:$A$41,ORÇAMENTO!E392)),OFFSET($D392,1,$C392,ROW($C$744)-ROW($C392)),0))","v":0},"F","Serviço","Serviço","16.1.32.","SINAPI","FNDE 12","ESPELHO CRISTAL, ESPESSURA 4MM, COM PARAFUSOS DE FIXAÇÃO, SEM MOLDURA","UN",{"$f":"OFFSET(CÁLCULO!H$15,ROW($T392)-ROW(T$15),0)","v":16.899999999999999},396.77,"BDI 1",{"$f":"IF($C392=\"S\",ROUND(IF(TIPOORCAMENTO=\"Proposto\",ORÇAMENTO.CustoUnitario*(1+$AH392),ORÇAMENTO.PrecoUnitarioLicitado),15-13*$AF$10),0)","v":495.96},{"$f":"IF($C392=\"S\",IF(Import.TipoArredondamento<>\"TransfereGOV\",VTOTAL1,SUM(OFFSET(CÁLCULO!$AA$15,ROW($X392)-ROW($X$15),1):OFFSET(CÁLCULO!$AL$15,ROW($X392)-ROW($X$15),-1))),IF($C392=0,0,ROUND(SomaAgrup,15-13*$AF$11)))","v":8381.7199999999993},"RA","RA",{"$f":"IF($C392=\"S\",IF($Z392=\"CP\",$X392,IF($Z392=\"RA\",(($X392)*QCI!$AA$3),0)),SomaAgrup)","v":298.49820884739944},0,{"$f":"IF($N392=\"\",\"\",IF(ORÇAMENTO.Descricao=\"\",\"DESCRIÇÃO\",IF(AND($C392=\"S\",ORÇAMENTO.Unidade=\"\"),\"UNIDADE\",IF($X392<0,\"VALOR NEGATIVO\",IF(OR(AND(TIPOORCAMENTO=\"Proposto\",$AG392<>\"\",$AG392>0,ORÇAMENTO.CustoUnitario>$AG392),AND(TIPOORCAMENTO=\"LICITADO\",ORÇAMENTO.PrecoUnitarioLicitado>$AN392)),\"ACIMA REF.\",\"\")))))","v":""},{"$f":"IF(C392<=CRONO.NivelExibicao,MAX($AD$15:OFFSET(AD392,-1,0))+IF($C392<>1,1,MAX(1,COUNTIF(QCI!$A$13:$A$41,OFFSET($E392,-1,0)))),\"\")","v":""},{"$f":"IF(AND($C392=\"S\",ORÇAMENTO.CodBarra<>\"\"),IF(ORÇAMENTO.Fonte=\"\",ORÇAMENTO.CodBarra,CONCATENATE(ORÇAMENTO.Fonte,\" \",ORÇAMENTO.CodBarra)))","v":"SINAPI FNDE 12"},{"$f":"IF(ISERROR(INDIRECT(ORÇAMENTO.BancoRef)),\"(abra o arquivo 'Referência \"&Excel_BuiltIn_Database&\".xlsm)\",IF(OR($C392<>\"S\",ORÇAMENTO.CodBarra=\"\"),\"(Sem Código)\",IF(ISERROR(MATCH($AE392,INDIRECT(ORÇAMENTO.BancoRef),0)),\"(Código não identificado nas referências)\",MATCH($AE392,INDIRECT(ORÇAMENTO.BancoRef),0))))","v":"(Código não identificado nas referências)"},{"$f":"ROUND(IF(DESONERACAO=\"sim\",REFERENCIA.Desonerado,REFERENCIA.NaoDesonerado),2)","v":0},0.25,null,16.899999999999999,null,null,8381.7199999999993,495.96]
["S",2,"S",0,{"$f":"IF($C393=1,OFFSET(E393,-1,0)+MAX(1,COUNTIF(QCI!$A$13:$A$41,OFFSET(ORÇAMENTO!E393,-1,0))),OFFSET(E393,-1,0))","v":16},1,0,0,33,0,{"$f":"IF(OR($C393=\"S\",$C393=0),0,MATCH(OFFSET($D393,0,$C393)+IF($C393<>1,1,COUNTIF(QCI!$A$13:$A$41,ORÇAMENTO!E393)),OFFSET($D393,1,$C393,ROW($C$744)-ROW($C393)),0))","v":0},"F","Serviço","Serviço","16.1.33.","SINAPI","104328","CAIXA SIFONADA, COM GRELHA QUADRADA, PVC, DN 150 X 150 X 50 MM, JUNTA SOLDÁVEL, FORNECIDA E INSTALADA EM RAMAL DE DESCARGA OU EM RAMAL DE ESGOTO SANITÁRIO. AF_08/2022",{"$f":"REFERENCIA.Unidade","v":"UN"},{"$f":"OFFSET(CÁLCULO!H$15,ROW($T393)-ROW(T$15),0)","v":17},69.23,"BDI 1",{"$f":"IF($C393=\"S\",ROUND(IF(TIPOORCAMENTO=\"Proposto\",ORÇAMENTO.CustoUnitario*(1+$AH393),ORÇAMENTO.PrecoUnitarioLicitado),15-13*$AF$10),0)","v":86.54},{"$f":"IF($C393=\"S\",IF(Import.TipoArredondamento<>\"TransfereGOV\",VTOTAL1,SUM(OFFSET(CÁLCULO!$AA$15,ROW($X393)-ROW($X$15),1):OFFSET(CÁLCULO!$AL$15,ROW($X393)-ROW($X$15),-1))),IF($C393=0,0,ROUND(SomaAgrup,15-13*$AF$11)))","v":1471.18},"RA","RA",{"$f":"IF($C393=\"S\",IF($Z393=\"CP\",$X393,IF($Z393=\"RA\",(($X393)*QCI!$AA$3),0)),SomaAgrup)","v":52.393135882863795},0,{"$f":"IF($N393=\"\",\"\",IF(ORÇAMENTO.Descricao=\"\",\"DESCRIÇÃO\",IF(AND($C393=\"S\",ORÇAMENTO.Unidade=\"\"),\"UNIDADE\",IF($X393<0,\"VALOR NEGATIVO\",IF(OR(AND(TIPOORCAMENTO=\"Proposto\",$AG393<>\"\",$AG393>0,ORÇAMENTO.CustoUnitario>$AG393),AND(TIPOORCAMENTO=\"LICITADO\",ORÇAMENTO.PrecoUnitarioLicitado>$AN393)),\"ACIMA REF.\",\"\")))))","v":""},{"$f":"IF(C393<=CRONO.NivelExibicao,MAX($AD$15:OFFSET(AD393,-1,0))+IF($C393<>1,1,MAX(1,COUNTIF(QCI!$A$13:$A$41,OFFSET($E393,-1,0)))),\"\")","v":""},{"$f":"IF(AND($C393=\"S\",ORÇAMENTO.CodBarra<>\"\"),IF(ORÇAMENTO.Fonte=\"\",ORÇAMENTO.CodBarra,CONCATENATE(ORÇAMENTO.Fonte,\" \",ORÇAMENTO.CodBarra)))","v":"SINAPI 104328"},{"$f":"IF(ISERROR(INDIRECT(ORÇAMENTO.BancoRef)),\"(abra o arquivo 'Referência \"&Excel_BuiltIn_Database&\".xlsm)\",IF(OR($C393<>\"S\",ORÇAMENTO.CodBarra=\"\"),\"(Sem Código)\",IF(ISERROR(MATCH($AE393,INDIRECT(ORÇAMENTO.BancoRef),0)),\"(Código não identificado nas referências)\",MATCH($AE393,INDIRECT(ORÇAMENTO.BancoRef),0))))","v":5308},{"$f":"ROUND(IF(DESONERACAO=\"sim\",REFERENCIA.Desonerado,REFERENCIA.NaoDesonerado),2)","v":69.23},0.25,null,17,null,null,1471.18,86.54]
["S",2,"S",0,{"$f":"IF($C394=1,OFFSET(E394,-1,0)+MAX(1,COUNTIF(QCI!$A$13:$A$41,OFFSET(ORÇAMENTO!E394,-1,0))),OFFSET(E394,-1,0))","v":16},1,0,0,34,0,{"$f":"IF(OR($C394=\"S\",$C394=0),0,MATCH(OFFSET($D394,0,$C394)+IF($C394<>1,1,COUNTIF(QCI!$A$13:$A$41,ORÇAMENTO!E394)),OFFSET($D394,1,$C394,ROW($C$744)-ROW($C394)),0))","v":0},"F","Serviço","Serviço","16.1.34.","SINAPI","89708","CAIXA SIFONADA, PVC, DN 150 X 185 X 75 MM, JUNTA ELÁSTICA, FORNECIDA E INSTALADA EM RAMAL DE DESCARGA OU EM RAMAL DE ESGOTO SANITÁRIO. AF_08/2022",{"$f":"REFERENCIA.Unidade","v":"UN"},{"$f":"OFFSET(CÁLCULO!H$15,ROW($T394)-ROW(T$15),0)","v":6},101.37,"BDI 1",{"$f":"IF($C394=\"S\",ROUND(IF(TIPOORCAMENTO=\"Proposto\",ORÇAMENTO.CustoUnitario*(1+$AH394),ORÇAMENTO.PrecoUnitarioLicitado),15-13*$AF$10),0)","v":126.71},{"$f":"IF($C394=\"S\",IF(Import.TipoArredondamento<>\"TransfereGOV\",VTOTAL1,SUM(OFFSET(CÁLCULO!$AA$15,ROW($X394)-ROW($X$15),1):OFFSET(CÁLCULO!$AL$15,ROW($X394)-ROW($X$15),-1))),IF($C394=0,0,ROUND(SomaAgrup,15-13*$AF$11)))","v":760.26},"RA","RA",{"$f":"IF($C394=\"S\",IF($Z394=\"CP\",$X394,IF($Z394=\"RA\",(($X394)*QCI!$AA$3),0)),SomaAgrup)","v":27.075140694072804},0,{"$f":"IF($N394=\"\",\"\",IF(ORÇAMENTO.Descricao=\"\",\"DESCRIÇÃO\",IF(AND($C394=\"S\",ORÇAMENTO.Unidade=\"\"),\"UNIDADE\",IF($X394<0,\"VALOR NEGATIVO\",IF(OR(AND(TIPOORCAMENTO=\"Proposto\",$AG394<>\"\",$AG394>0,ORÇAMENTO.CustoUnitario>$AG394),AND(TIPOORCAMENTO=\"LICITADO\",ORÇAMENTO.PrecoUnitarioLicitado>$AN394)),\"ACIMA REF.\",\"\")))))","v":""},{"$f":"IF(C394<=CRONO.NivelExibicao,MAX($AD$15:OFFSET(AD394,-1,0))+IF($C394<>1,1,MAX(1,COUNTIF(QCI!$A$13:$A$41,OFFSET($E394,-1,0)))),\"\")","v":""},{"$f":"IF(AND($C394=\"S\",ORÇAMENTO.CodBarra<>\"\"),IF(ORÇAMENTO.Fonte=\"\",ORÇAMENTO.CodBarra,CONCATENATE(ORÇAMENTO.Fonte,\" \",ORÇAMENTO.CodBarra)))","v":"SINAPI 89708"},{"$f":"IF(ISERROR(INDIRECT(ORÇAMENTO.BancoRef)),\"(abra o arquivo 'Referência \"&Excel_BuiltIn_Database&\".xlsm)\",IF(OR($C394<>\"S\",ORÇAMENTO.CodBarra=\"\"),\"(Sem Código)\",IF(ISERROR(MATCH($AE394,INDIRECT(ORÇAMENTO.BancoRef),0)),\"(Código não identificado nas referências)\",MATCH($AE394,INDIRECT(ORÇAMENTO.BancoRef),0))))","v":5303},{"$f":"ROUND(IF(DESONERACAO=\"sim\",REFERENCIA.Desonerado,REFERENCIA.NaoDesonerado),2)","v":101.37},0.25,null,6,null,null,760.26,126.71]
["S",2,"S",0,{"$f":"IF($C395=1,OFFSET(E395,-1,0)+MAX(1,COUNTIF(QCI!$A$13:$A$41,OFFSET(ORÇAMENTO!E395,-1,0))),OFFSET(E395,-1,0))","v":16},1,0,0,35,0,{"$f":"IF(OR($C395=\"S\",$C395=0),0,MATCH(OFFSET($D395,0,$C395)+IF($C395<>1,1,COUNTIF(QCI!$A$13:$A$41,ORÇAMENTO!E395)),OFFSET($D395,1,$C395,ROW($C$744)-ROW($C395)),0))","v":0},"F","Serviço","Serviço","16.1.35.","SINAPI","FNDE 17","DUCHA / CHUVEIRO METALICO, DE PAREDE, ARTICULAVEL, COM DESVIADOR E DUCHA MANUAL","UN",{"$f":"OFFSET(CÁLCULO!H$15,ROW($T395)-ROW(T$15),0)","v":24},292.26,"BDI 1",{"$f":"IF($C395=\"S\",ROUND(IF(TIPOORCAMENTO=\"Proposto\",ORÇAMENTO.CustoUnitario*(1+$AH395),ORÇAMENTO.PrecoUnitarioLicitado),15-13*$AF$10),0)","v":365.33},{"$f":"IF($C395=\"S\",IF(Import.TipoArredondamento<>\"TransfereGOV\",VTOTAL1,SUM(OFFSET(CÁLCULO!$AA$15,ROW($X395)-ROW($X$15),1):OFFSET(CÁLCULO!$AL$15,ROW($X395)-ROW($X$15),-1))),IF($C395=0,0,ROUND(SomaAgrup,15-13*$AF$11)))","v":8767.92},"RA","RA",{"$f":"IF($C395=\"S\",IF($Z395=\"CP\",$X395,IF($Z395=\"RA\",(($X395)*QCI!$AA$3),0)),SomaAgrup)","v":312.25195011492758},0,{"$f":"IF($N395=\"\",\"\",IF(ORÇAMENTO.Descricao=\"\",\"DESCRIÇÃO\",IF(AND($C395=\"S\",ORÇAMENTO.Unidade=\"\"),\"UNIDADE\",IF($X395<0,\"VALOR NEGATIVO\",IF(OR(AND(TIPOORCAMENTO=\"Proposto\",$AG395<>\"\",$AG395>0,ORÇAMENTO.CustoUnitario>$AG395),AND(TIPOORCAMENTO=\"LICITADO\",ORÇAMENTO.PrecoUnitarioLicitado>$AN395)),\"ACIMA REF.\",\"\")))))","v":""},{"$f":"IF(C395<=CRONO.NivelExibicao,MAX($AD$15:OFFSET(AD395,-1,0))+IF($C395<>1,1,MAX(1,COUNTIF(QCI!$A$13:$A$41,OFFSET($E395,-1,0)))),\"\")","v":""},{"$f":"IF(AND($C395=\"S\",ORÇAMENTO.CodBarra<>\"\"),IF(ORÇAMENTO.Fonte=\"\",ORÇAMENTO.CodBarra,CONCATENATE(ORÇAMENTO.Fonte,\" \",ORÇAMENTO.CodBarra)))","v":"SINAPI FNDE 17"},{"$f":"IF(ISERROR(INDIRECT(ORÇAMENTO.BancoRef)),\"(abra o arquivo 'Referência \"&Excel_BuiltIn_Database&\".xlsm)\",IF(OR($C395<>\"S\",ORÇAMENTO.CodBarra=\"\"),\"(Sem Código)\",IF(ISERROR(MATCH($AE395,INDIRECT(ORÇAMENTO.BancoRef),0)),\"(Código não identificado nas referências)\",MATCH($AE395,INDIRECT(ORÇAMENTO.BancoRef),0))))","v":"(Código não identificado nas referências)"},{"$f":"ROUND(IF(DESONERACAO=\"sim\",REFERENCIA.Desonerado,REFERENCIA.NaoDesonerado),2)","v":0},0.25,null,24,null,null,8767.92,365.33]
["S",2,"S",0,{"$f":"IF($C396=1,OFFSET(E396,-1,0)+MAX(1,COUNTIF(QCI!$A$13:$A$41,OFFSET(ORÇAMENTO!E396,-1,0))),OFFSET(E396,-1,0))","v":16},1,0,0,36,0,{"$f":"IF(OR($C396=\"S\",$C396=0),0,MATCH(OFFSET($D396,0,$C396)+IF($C396<>1,1,COUNTIF(QCI!$A$13:$A$41,ORÇAMENTO!E396)),OFFSET($D396,1,$C396,ROW($C$744)-ROW($C396)),0))","v":0},"F","Serviço","Serviço","16.1.36.","SINAPI","FNDE 34","CABIDE/GANCHO DE BANHEIRO SIMPLES EM METAL CROMADO","UN",{"$f":"OFFSET(CÁLCULO!H$15,ROW($T396)-ROW(T$15),0)","v":23},79.400000000000006,"BDI 1",{"$f":"IF($C396=\"S\",ROUND(IF(TIPOORCAMENTO=\"Proposto\",ORÇAMENTO.CustoUnitario*(1+$AH396),ORÇAMENTO.PrecoUnitarioLicitado),15-13*$AF$10),0)","v":99.25},{"$f":"IF($C396=\"S\",IF(Import.TipoArredondamento<>\"TransfereGOV\",VTOTAL1,SUM(OFFSET(CÁLCULO!$AA$15,ROW($X396)-ROW($X$15),1):OFFSET(CÁLCULO!$AL$15,ROW($X396)-ROW($X$15),-1))),IF($C396=0,0,ROUND(SomaAgrup,15-13*$AF$11)))","v":2282.75},"RA","RA",{"$f":"IF($C396=\"S\",IF($Z396=\"CP\",$X396,IF($Z396=\"RA\",(($X396)*QCI!$AA$3),0)),SomaAgrup)","v":81.295579695623474},0,{"$f":"IF($N396=\"\",\"\",IF(ORÇAMENTO.Descricao=\"\",\"DESCRIÇÃO\",IF(AND($C396=\"S\",ORÇAMENTO.Unidade=\"\"),\"UNIDADE\",IF($X396<0,\"VALOR NEGATIVO\",IF(OR(AND(TIPOORCAMENTO=\"Proposto\",$AG396<>\"\",$AG396>0,ORÇAMENTO.CustoUnitario>$AG396),AND(TIPOORCAMENTO=\"LICITADO\",ORÇAMENTO.PrecoUnitarioLicitado>$AN396)),\"ACIMA REF.\",\"\")))))","v":""},{"$f":"IF(C396<=CRONO.NivelExibicao,MAX($AD$15:OFFSET(AD396,-1,0))+IF($C396<>1,1,MAX(1,COUNTIF(QCI!$A$13:$A$41,OFFSET($E396,-1,0)))),\"\")","v":""},{"$f":"IF(AND($C396=\"S\",ORÇAMENTO.CodBarra<>\"\"),IF(ORÇAMENTO.Fonte=\"\",ORÇAMENTO.CodBarra,CONCATENATE(ORÇAMENTO.Fonte,\" \",ORÇAMENTO.CodBarra)))","v":"SINAPI FNDE 34"},{"$f":"IF(ISERROR(INDIRECT(ORÇAMENTO.BancoRef)),\"(abra o arquivo 'Referência \"&Excel_BuiltIn_Database&\".xlsm)\",IF(OR($C396<>\"S\",ORÇAMENTO.CodBarra=\"\"),\"(Sem Código)\",IF(ISERROR(MATCH($AE396,INDIRECT(ORÇAMENTO.BancoRef),0)),\"(Código não identificado nas referências)\",MATCH($AE396,INDIRECT(ORÇAMENTO.BancoRef),0))))","v":"(Código não identificado nas referências)"},{"$f":"ROUND(IF(DESONERACAO=\"sim\",REFERENCIA.Desonerado,REFERENCIA.NaoDesonerado),2)","v":0},0.25,null,23,null,null,2282.75,99.25]
[1,1,1,14,{"$f":"IF($C397=1,OFFSET(E397,-1,0)+MAX(1,COUNTIF(QCI!$A$13:$A$41,OFFSET(ORÇAMENTO!E397,-1,0))),OFFSET(E397,-1,0))","v":17},0,0,0,0,347,{"$f":"IF(OR($C397=\"S\",$C397=0),0,MATCH(OFFSET($D397,0,$C397)+IF($C397<>1,1,COUNTIF(QCI!$A$13:$A$41,ORÇAMENTO!E397)),OFFSET($D397,1,$C397,ROW($C$744)-ROW($C397)),0))","v":14},"F","Meta","Meta","17.","SINAPI",null,"INSTALAÇÃO DE GÁS COMBUSTÍVEL",{"$f":"REFERENCIA.Unidade","v":"-"},{"$f":"OFFSET(CÁLCULO!H$15,ROW($T397)-ROW(T$15),0)","v":0},null,"BDI 1",{"$f":"IF($C397=\"S\",ROUND(IF(TIPOORCAMENTO=\"Proposto\",ORÇAMENTO.CustoUnitario*(1+$AH397),ORÇAMENTO.PrecoUnitarioLicitado),15-13*$AF$10),0)","v":0},{"$f":"IF($C397=\"S\",IF(Import.TipoArredondamento<>\"TransfereGOV\",VTOTAL1,SUM(OFFSET(CÁLCULO!$AA$15,ROW($X397)-ROW($X$15),1):OFFSET(CÁLCULO!$AL$15,ROW($X397)-ROW($X$15),-1))),IF($C397=0,0,ROUND(SomaAgrup,15-13*$AF$11)))","v":5295.72},"RA","",{"$f":"IF($C397=\"S\",IF($Z397=\"CP\",$X397,IF($Z397=\"RA\",(($X397)*QCI!$AA$3),0)),SomaAgrup)","v":188.59648551339703},0,{"$f":"IF($N397=\"\",\"\",IF(ORÇAMENTO.Descricao=\"\",\"DESCRIÇÃO\",IF(AND($C397=\"S\",ORÇAMENTO.Unidade=\"\"),\"UNIDADE\",IF($X397<0,\"VALOR NEGATIVO\",IF(OR(AND(TIPOORCAMENTO=\"Proposto\",$AG397<>\"\",$AG397>0,ORÇAMENTO.CustoUnitario>$AG397),AND(TIPOORCAMENTO=\"LICITADO\",ORÇAMENTO.PrecoUnitarioLicitado>$AN397)),\"ACIMA REF.\",\"\")))))","v":""},{"$f":"IF(C397<=CRONO.NivelExibicao,MAX($AD$15:OFFSET(AD397,-1,0))+IF($C397<>1,1,MAX(1,COUNTIF(QCI!$A$13:$A$41,OFFSET($E397,-1,0)))),\"\")","v":55},{"$f":"IF(AND($C397=\"S\",ORÇAMENTO.CodBarra<>\"\"),IF(ORÇAMENTO.Fonte=\"\",ORÇAMENTO.CodBarra,CONCATENATE(ORÇAMENTO.Fonte,\" \",ORÇAMENTO.CodBarra)))","v":false},{"$f":"IF(ISERROR(INDIRECT(ORÇAMENTO.BancoRef)),\"(abra o arquivo 'Referência \"&Excel_BuiltIn_Database&\".xlsm)\",IF(OR($C397<>\"S\",ORÇAMENTO.CodBarra=\"\"),\"(Sem Código)\",IF(ISERROR(MATCH($AE397,INDIRECT(ORÇAMENTO.BancoRef),0)),\"(Código não identificado nas referências)\",MATCH($AE397,INDIRECT(ORÇAMENTO.BancoRef),0))))","v":"(Sem Código)"},{"$f":"ROUND(IF(DESONERACAO=\"sim\",REFERENCIA.Desonerado,REFERENCIA.NaoDesonerado),2)","v":0},0.25,null,null,null,null,5295.72,0]
[2,2,2,13,{"$f":"IF($C398=1,OFFSET(E398,-1,0)+MAX(1,COUNTIF(QCI!$A$13:$A$41,OFFSET(ORÇAMENTO!E398,-1,0))),OFFSET(E398,-1,0))","v":17},1,0,0,0,13,{"$f":"IF(OR($C398=\"S\",$C398=0),0,MATCH(OFFSET($D398,0,$C398)+IF($C398<>1,1,COUNTIF(QCI!$A$13:$A$41,ORÇAMENTO!E398)),OFFSET($D398,1,$C398,ROW($C$744)-ROW($C398)),0))","v":17},"F","Nível 2","Nível 2","17.1.","SINAPI",null,"Válvulas e conexões",{"$f":"REFERENCIA.Unidade","v":"-"},{"$f":"OFFSET(CÁLCULO!H$15,ROW($T398)-ROW(T$15),0)","v":0},null,"BDI 1",{"$f":"IF($C398=\"S\",ROUND(IF(TIPOORCAMENTO=\"Proposto\",ORÇAMENTO.CustoUnitario*(1+$AH398),ORÇAMENTO.PrecoUnitarioLicitado),15-13*$AF$10),0)","v":0},{"$f":"IF($C398=\"S\",IF(Import.TipoArredondamento<>\"TransfereGOV\",VTOTAL1,SUM(OFFSET(CÁLCULO!$AA$15,ROW($X398)-ROW($X$15),1):OFFSET(CÁLCULO!$AL$15,ROW($X398)-ROW($X$15),-1))),IF($C398=0,0,ROUND(SomaAgrup,15-13*$AF$11)))","v":5295.72},"RA","",{"$f":"IF($C398=\"S\",IF($Z398=\"CP\",$X398,IF($Z398=\"RA\",(($X398)*QCI!$AA$3),0)),SomaAgrup)","v":188.59648551339703},0,{"$f":"IF($N398=\"\",\"\",IF(ORÇAMENTO.Descricao=\"\",\"DESCRIÇÃO\",IF(AND($C398=\"S\",ORÇAMENTO.Unidade=\"\"),\"UNIDADE\",IF($X398<0,\"VALOR NEGATIVO\",IF(OR(AND(TIPOORCAMENTO=\"Proposto\",$AG398<>\"\",$AG398>0,ORÇAMENTO.CustoUnitario>$AG398),AND(TIPOORCAMENTO=\"LICITADO\",ORÇAMENTO.PrecoUnitarioLicitado>$AN398)),\"ACIMA REF.\",\"\")))))","v":""},{"$f":"IF(C398<=CRONO.NivelExibicao,MAX($AD$15:OFFSET(AD398,-1,0))+IF($C398<>1,1,MAX(1,COUNTIF(QCI!$A$13:$A$41,OFFSET($E398,-1,0)))),\"\")","v":56},{"$f":"IF(AND($C398=\"S\",ORÇAMENTO.CodBarra<>\"\"),IF(ORÇAMENTO.Fonte=\"\",ORÇAMENTO.CodBarra,CONCATENATE(ORÇAMENTO.Fonte,\" \",ORÇAMENTO.CodBarra)))","v":false},{"$f":"IF(ISERROR(INDIRECT(ORÇAMENTO.BancoRef)),\"(abra o arquivo 'Referência \"&Excel_BuiltIn_Database&\".xlsm)\",IF(OR($C398<>\"S\",ORÇAMENTO.CodBarra=\"\"),\"(Sem Código)\",IF(ISERROR(MATCH($AE398,INDIRECT(ORÇAMENTO.BancoRef),0)),\"(Código não identificado nas referências)\",MATCH($AE398,INDIRECT(ORÇAMENTO.BancoRef),0))))","v":"(Sem Código)"},{"$f":"ROUND(IF(DESONERACAO=\"sim\",REFERENCIA.Desonerado,REFERENCIA.NaoDesonerado),2)","v":0},0.25,null,null,null,null,5295.72,0]
["S",2,"S",0,{"$f":"IF($C399=1,OFFSET(E399,-1,0)+MAX(1,COUNTIF(QCI!$A$13:$A$41,OFFSET(ORÇAMENTO!E399,-1,0))),OFFSET(E399,-1,0))","v":17},1,0,0,1,0,{"$f":"IF(OR($C399=\"S\",$C399=0),0,MATCH(OFFSET($D399,0,$C399)+IF($C399<>1,1,COUNTIF(QCI!$A$13:$A$41,ORÇAMENTO!E399)),OFFSET($D399,1,$C399,ROW($C$744)-ROW($C399)),0))","v":0},"F","Serviço","Serviço","17.1.1.","SINAPI","95248","VÁLVULA DE ESFERA BRUTA, BRONZE, ROSCÁVEL, 1/2\" - FORNECIMENTO E INSTALAÇÃO. AF_08/2021",{"$f":"REFERENCIA.Unidade","v":"UN"},{"$f":"OFFSET(CÁLCULO!H$15,ROW($T399)-ROW(T$15),0)","v":2},61.93,"BDI 1",{"$f":"IF($C399=\"S\",ROUND(IF(TIPOORCAMENTO=\"Proposto\",ORÇAMENTO.CustoUnitario*(1+$AH399),ORÇAMENTO.PrecoUnitarioLicitado),15-13*$AF$10),0)","v":77.41},{"$f":"IF($C399=\"S\",IF(Import.TipoArredondamento<>\"TransfereGOV\",VTOTAL1,SUM(OFFSET(CÁLCULO!$AA$15,ROW($X399)-ROW($X$15),1):OFFSET(CÁLCULO!$AL$15,ROW($X399)-ROW($X$15),-1))),IF($C399=0,0,ROUND(SomaAgrup,15-13*$AF$11)))","v":154.82},"RA","RA",{"$f":"IF($C399=\"S\",IF($Z399=\"CP\",$X399,IF($Z399=\"RA\",(($X399)*QCI!$AA$3),0)),SomaAgrup)","v":5.5136049275989159},0,{"$f":"IF($N399=\"\",\"\",IF(ORÇAMENTO.Descricao=\"\",\"DESCRIÇÃO\",IF(AND($C399=\"S\",ORÇAMENTO.Unidade=\"\"),\"UNIDADE\",IF($X399<0,\"VALOR NEGATIVO\",IF(OR(AND(TIPOORCAMENTO=\"Proposto\",$AG399<>\"\",$AG399>0,ORÇAMENTO.CustoUnitario>$AG399),AND(TIPOORCAMENTO=\"LICITADO\",ORÇAMENTO.PrecoUnitarioLicitado>$AN399)),\"ACIMA REF.\",\"\")))))","v":""},{"$f":"IF(C399<=CRONO.NivelExibicao,MAX($AD$15:OFFSET(AD399,-1,0))+IF($C399<>1,1,MAX(1,COUNTIF(QCI!$A$13:$A$41,OFFSET($E399,-1,0)))),\"\")","v":""},{"$f":"IF(AND($C399=\"S\",ORÇAMENTO.CodBarra<>\"\"),IF(ORÇAMENTO.Fonte=\"\",ORÇAMENTO.CodBarra,CONCATENATE(ORÇAMENTO.Fonte,\" \",ORÇAMENTO.CodBarra)))","v":"SINAPI 95248"},{"$f":"IF(ISERROR(INDIRECT(ORÇAMENTO.BancoRef)),\"(abra o arquivo 'Referência \"&Excel_BuiltIn_Database&\".xlsm)\",IF(OR($C399<>\"S\",ORÇAMENTO.CodBarra=\"\"),\"(Sem Código)\",IF(ISERROR(MATCH($AE399,INDIRECT(ORÇAMENTO.BancoRef),0)),\"(Código não identificado nas referências)\",MATCH($AE399,INDIRECT(ORÇAMENTO.BancoRef),0))))","v":5495},{"$f":"ROUND(IF(DESONERACAO=\"sim\",REFERENCIA.Desonerado,REFERENCIA.NaoDesonerado),2)","v":61.93},0.25,null,2,null,null,154.82,77.41]
["S",2,"S",0,{"$f":"IF($C400=1,OFFSET(E400,-1,0)+MAX(1,COUNTIF(QCI!$A$13:$A$41,OFFSET(ORÇAMENTO!E400,-1,0))),OFFSET(E400,-1,0))","v":17},1,0,0,2,{"$f":"IF(OR($C400=\"S\",$C400=0),0,MATCH(0,OFFSET($D400,1,$C400,ROW($C$744)-ROW($C400)),0))","v":0},{"$f":"IF(OR($C400=\"S\",$C400=0),0,MATCH(OFFSET($D400,0,$C400)+IF($C400<>1,1,COUNTIF(QCI!$A$13:$A$41,ORÇAMENTO!E400)),OFFSET($D400,1,$C400,ROW($C$744)-ROW($C400)),0))","v":0},"F","Serviço","Serviço","17.1.2.","SINAPI","95249","VÁLVULA DE ESFERA BRUTA, BRONZE, ROSCÁVEL, 3/4'' - FORNECIMENTO E INSTALAÇÃO. AF_08/2021",{"$f":"REFERENCIA.Unidade","v":"UN"},{"$f":"OFFSET(CÁLCULO!H$15,ROW($T400)-ROW(T$15),0)","v":4},72.95,"BDI 1",{"$f":"IF($C400=\"S\",ROUND(IF(TIPOORCAMENTO=\"Proposto\",ORÇAMENTO.CustoUnitario*(1+$AH400),ORÇAMENTO.PrecoUnitarioLicitado),15-13*$AF$10),0)","v":91.19},{"$f":"IF($C400=\"S\",IF(Import.TipoArredondamento<>\"TransfereGOV\",VTOTAL1,SUM(OFFSET(CÁLCULO!$AA$15,ROW($X400)-ROW($X$15),1):OFFSET(CÁLCULO!$AL$15,ROW($X400)-ROW($X$15),-1))),IF($C400=0,0,ROUND(SomaAgrup,15-13*$AF$11)))","v":364.76},"RA","RA",{"$f":"IF($C400=\"S\",IF($Z400=\"CP\",$X400,IF($Z400=\"RA\",(($X400)*QCI!$AA$3),0)),SomaAgrup)","v":12.990198510470098},0,{"$f":"IF($N400=\"\",\"\",IF(ORÇAMENTO.Descricao=\"\",\"DESCRIÇÃO\",IF(AND($C400=\"S\",ORÇAMENTO.Unidade=\"\"),\"UNIDADE\",IF($X400<0,\"VALOR NEGATIVO\",IF(OR(AND(TIPOORCAMENTO=\"Proposto\",$AG400<>\"\",$AG400>0,ORÇAMENTO.CustoUnitario>$AG400),AND(TIPOORCAMENTO=\"LICITADO\",ORÇAMENTO.PrecoUnitarioLicitado>$AN400)),\"ACIMA REF.\",\"\")))))","v":""},{"$f":"IF(C400<=CRONO.NivelExibicao,MAX($AD$15:OFFSET(AD400,-1,0))+IF($C400<>1,1,MAX(1,COUNTIF(QCI!$A$13:$A$41,OFFSET($E400,-1,0)))),\"\")","v":""},{"$f":"IF(AND($C400=\"S\",ORÇAMENTO.CodBarra<>\"\"),IF(ORÇAMENTO.Fonte=\"\",ORÇAMENTO.CodBarra,CONCATENATE(ORÇAMENTO.Fonte,\" \",ORÇAMENTO.CodBarra)))","v":"SINAPI 95249"},{"$f":"IF(ISERROR(INDIRECT(ORÇAMENTO.BancoRef)),\"(abra o arquivo 'Referência \"&Excel_BuiltIn_Database&\".xlsm)\",IF(OR($C400<>\"S\",ORÇAMENTO.CodBarra=\"\"),\"(Sem Código)\",IF(ISERROR(MATCH($AE400,INDIRECT(ORÇAMENTO.BancoRef),0)),\"(Código não identificado nas referências)\",MATCH($AE400,INDIRECT(ORÇAMENTO.BancoRef),0))))","v":5496},{"$f":"ROUND(IF(DESONERACAO=\"sim\",REFERENCIA.Desonerado,REFERENCIA.NaoDesonerado),2)","v":72.95},0.25,null,4,null,null,364.76,91.19]
["S",2,"S",0,{"$f":"IF($C401=1,OFFSET(E401,-1,0)+MAX(1,COUNTIF(QCI!$A$13:$A$41,OFFSET(ORÇAMENTO!E401,-1,0))),OFFSET(E401,-1,0))","v":17},1,0,0,3,0,{"$f":"IF(OR($C401=\"S\",$C401=0),0,MATCH(OFFSET($D401,0,$C401)+IF($C401<>1,1,COUNTIF(QCI!$A$13:$A$41,ORÇAMENTO!E401)),OFFSET($D401,1,$C401,ROW($C$744)-ROW($C401)),0))","v":0},"F","Serviço","Serviço","17.1.3.","SINAPI","FNDE 29","REGULADOR DE ALTA PRESSÃO GLP","UN",{"$f":"OFFSET(CÁLCULO!H$15,ROW($T401)-ROW(T$15),0)","v":1},675.7,"BDI 1",{"$f":"IF($C401=\"S\",ROUND(IF(TIPOORCAMENTO=\"Proposto\",ORÇAMENTO.CustoUnitario*(1+$AH401),ORÇAMENTO.PrecoUnitarioLicitado),15-13*$AF$10),0)","v":844.63},{"$f":"IF($C401=\"S\",IF(Import.TipoArredondamento<>\"TransfereGOV\",VTOTAL1,SUM(OFFSET(CÁLCULO!$AA$15,ROW($X401)-ROW($X$15),1):OFFSET(CÁLCULO!$AL$15,ROW($X401)-ROW($X$15),-1))),IF($C401=0,0,ROUND(SomaAgrup,15-13*$AF$11)))","v":844.63},"RA","RA",{"$f":"IF($C401=\"S\",IF($Z401=\"CP\",$X401,IF($Z401=\"RA\",(($X401)*QCI!$AA$3),0)),SomaAgrup)","v":30.079809649902288},0,{"$f":"IF($N401=\"\",\"\",IF(ORÇAMENTO.Descricao=\"\",\"DESCRIÇÃO\",IF(AND($C401=\"S\",ORÇAMENTO.Unidade=\"\"),\"UNIDADE\",IF($X401<0,\"VALOR NEGATIVO\",IF(OR(AND(TIPOORCAMENTO=\"Proposto\",$AG401<>\"\",$AG401>0,ORÇAMENTO.CustoUnitario>$AG401),AND(TIPOORCAMENTO=\"LICITADO\",ORÇAMENTO.PrecoUnitarioLicitado>$AN401)),\"ACIMA REF.\",\"\")))))","v":""},{"$f":"IF(C401<=CRONO.NivelExibicao,MAX($AD$15:OFFSET(AD401,-1,0))+IF($C401<>1,1,MAX(1,COUNTIF(QCI!$A$13:$A$41,OFFSET($E401,-1,0)))),\"\")","v":""},{"$f":"IF(AND($C401=\"S\",ORÇAMENTO.CodBarra<>\"\"),IF(ORÇAMENTO.Fonte=\"\",ORÇAMENTO.CodBarra,CONCATENATE(ORÇAMENTO.Fonte,\" \",ORÇAMENTO.CodBarra)))","v":"SINAPI FNDE 29"},{"$f":"IF(ISERROR(INDIRECT(ORÇAMENTO.BancoRef)),\"(abra o arquivo 'Referência \"&Excel_BuiltIn_Database&\".xlsm)\",IF(OR($C401<>\"S\",ORÇAMENTO.CodBarra=\"\"),\"(Sem Código)\",IF(ISERROR(MATCH($AE401,INDIRECT(ORÇAMENTO.BancoRef),0)),\"(Código não identificado nas referências)\",MATCH($AE401,INDIRECT(ORÇAMENTO.BancoRef),0))))","v":"(Código não identificado nas referências)"},{"$f":"ROUND(IF(DESONERACAO=\"sim\",REFERENCIA.Desonerado,REFERENCIA.NaoDesonerado),2)","v":0},0.25,null,1,null,null,844.63,844.63]
["S",2,"S",0,{"$f":"IF($C402=1,OFFSET(E402,-1,0)+MAX(1,COUNTIF(QCI!$A$13:$A$41,OFFSET(ORÇAMENTO!E402,-1,0))),OFFSET(E402,-1,0))","v":17},1,0,0,4,0,{"$f":"IF(OR($C402=\"S\",$C402=0),0,MATCH(OFFSET($D402,0,$C402)+IF($C402<>1,1,COUNTIF(QCI!$A$13:$A$41,ORÇAMENTO!E402)),OFFSET($D402,1,$C402,ROW($C$744)-ROW($C402)),0))","v":0},"F","Serviço","Serviço","17.1.4.","SINAPI","103029","REGISTRO OU REGULADOR DE GÁS DE COZINHA - FORNECIMENTO E INSTALAÇÃO. AF_08/2021",{"$f":"REFERENCIA.Unidade","v":"UN"},{"$f":"OFFSET(CÁLCULO!H$15,ROW($T402)-ROW(T$15),0)","v":2},53.55,"BDI 1",{"$f":"IF($C402=\"S\",ROUND(IF(TIPOORCAMENTO=\"Proposto\",ORÇAMENTO.CustoUnitario*(1+$AH402),ORÇAMENTO.PrecoUnitarioLicitado),15-13*$AF$10),0)","v":66.94},{"$f":"IF($C402=\"S\",IF(Import.TipoArredondamento<>\"TransfereGOV\",VTOTAL1,SUM(OFFSET(CÁLCULO!$AA$15,ROW($X402)-ROW($X$15),1):OFFSET(CÁLCULO!$AL$15,ROW($X402)-ROW($X$15),-1))),IF($C402=0,0,ROUND(SomaAgrup,15-13*$AF$11)))","v":133.88},"RA","RA",{"$f":"IF($C402=\"S\",IF($Z402=\"CP\",$X402,IF($Z402=\"RA\",(($X402)*QCI!$AA$3),0)),SomaAgrup)","v":4.7678686714051342},0,{"$f":"IF($N402=\"\",\"\",IF(ORÇAMENTO.Descricao=\"\",\"DESCRIÇÃO\",IF(AND($C402=\"S\",ORÇAMENTO.Unidade=\"\"),\"UNIDADE\",IF($X402<0,\"VALOR NEGATIVO\",IF(OR(AND(TIPOORCAMENTO=\"Proposto\",$AG402<>\"\",$AG402>0,ORÇAMENTO.CustoUnitario>$AG402),AND(TIPOORCAMENTO=\"LICITADO\",ORÇAMENTO.PrecoUnitarioLicitado>$AN402)),\"ACIMA REF.\",\"\")))))","v":""},{"$f":"IF(C402<=CRONO.NivelExibicao,MAX($AD$15:OFFSET(AD402,-1,0))+IF($C402<>1,1,MAX(1,COUNTIF(QCI!$A$13:$A$41,OFFSET($E402,-1,0)))),\"\")","v":""},{"$f":"IF(AND($C402=\"S\",ORÇAMENTO.CodBarra<>\"\"),IF(ORÇAMENTO.Fonte=\"\",ORÇAMENTO.CodBarra,CONCATENATE(ORÇAMENTO.Fonte,\" \",ORÇAMENTO.CodBarra)))","v":"SINAPI 103029"},{"$f":"IF(ISERROR(INDIRECT(ORÇAMENTO.BancoRef)),\"(abra o arquivo 'Referência \"&Excel_BuiltIn_Database&\".xlsm)\",IF(OR($C402<>\"S\",ORÇAMENTO.CodBarra=\"\"),\"(Sem Código)\",IF(ISERROR(MATCH($AE402,INDIRECT(ORÇAMENTO.BancoRef),0)),\"(Código não identificado nas referências)\",MATCH($AE402,INDIRECT(ORÇAMENTO.BancoRef),0))))","v":5530},{"$f":"ROUND(IF(DESONERACAO=\"sim\",REFERENCIA.Desonerado,REFERENCIA.NaoDesonerado),2)","v":53.55},0.25,null,2,null,null,133.88,66.94]
["S",2,"S",0,{"$f":"IF($C403=1,OFFSET(E403,-1,0)+MAX(1,COUNTIF(QCI!$A$13:$A$41,OFFSET(ORÇAMENTO!E403,-1,0))),OFFSET(E403,-1,0))","v":17},1,0,0,5,0,{"$f":"IF(OR($C403=\"S\",$C403=0),0,MATCH(OFFSET($D403,0,$C403)+IF($C403<>1,1,COUNTIF(QCI!$A$13:$A$41,ORÇAMENTO!E403)),OFFSET($D403,1,$C403,ROW($C$744)-ROW($C403)),0))","v":0},"F","Serviço","Serviço","17.1.5.","SINAPI","92688","TUBO DE AÇO GALVANIZADO COM COSTURA, CLASSE MÉDIA, CONEXÃO ROSQUEADA, DN 20 (3/4\"), INSTALADO EM RAMAIS E SUB-RAMAIS DE GÁS - FORNECIMENTO E INSTALAÇÃO. AF_10/2020",{"$f":"REFERENCIA.Unidade","v":"M"},{"$f":"OFFSET(CÁLCULO!H$15,ROW($T403)-ROW(T$15),0)","v":53},38.53,"BDI 1",{"$f":"IF($C403=\"S\",ROUND(IF(TIPOORCAMENTO=\"Proposto\",ORÇAMENTO.CustoUnitario*(1+$AH403),ORÇAMENTO.PrecoUnitarioLicitado),15-13*$AF$10),0)","v":48.16},{"$f":"IF($C403=\"S\",IF(Import.TipoArredondamento<>\"TransfereGOV\",VTOTAL1,SUM(OFFSET(CÁLCULO!$AA$15,ROW($X403)-ROW($X$15),1):OFFSET(CÁLCULO!$AL$15,ROW($X403)-ROW($X$15),-1))),IF($C403=0,0,ROUND(SomaAgrup,15-13*$AF$11)))","v":2552.48},"RA","RA",{"$f":"IF($C403=\"S\",IF($Z403=\"CP\",$X403,IF($Z403=\"RA\",(($X403)*QCI!$AA$3),0)),SomaAgrup)","v":90.901474651838782},0,{"$f":"IF($N403=\"\",\"\",IF(ORÇAMENTO.Descricao=\"\",\"DESCRIÇÃO\",IF(AND($C403=\"S\",ORÇAMENTO.Unidade=\"\"),\"UNIDADE\",IF($X403<0,\"VALOR NEGATIVO\",IF(OR(AND(TIPOORCAMENTO=\"Proposto\",$AG403<>\"\",$AG403>0,ORÇAMENTO.CustoUnitario>$AG403),AND(TIPOORCAMENTO=\"LICITADO\",ORÇAMENTO.PrecoUnitarioLicitado>$AN403)),\"ACIMA REF.\",\"\")))))","v":""},{"$f":"IF(C403<=CRONO.NivelExibicao,MAX($AD$15:OFFSET(AD403,-1,0))+IF($C403<>1,1,MAX(1,COUNTIF(QCI!$A$13:$A$41,OFFSET($E403,-1,0)))),\"\")","v":""},{"$f":"IF(AND($C403=\"S\",ORÇAMENTO.CodBarra<>\"\"),IF(ORÇAMENTO.Fonte=\"\",ORÇAMENTO.CodBarra,CONCATENATE(ORÇAMENTO.Fonte,\" \",ORÇAMENTO.CodBarra)))","v":"SINAPI 92688"},{"$f":"IF(ISERROR(INDIRECT(ORÇAMENTO.BancoRef)),\"(abra o arquivo 'Referência \"&Excel_BuiltIn_Database&\".xlsm)\",IF(OR($C403<>\"S\",ORÇAMENTO.CodBarra=\"\"),\"(Sem Código)\",IF(ISERROR(MATCH($AE403,INDIRECT(ORÇAMENTO.BancoRef),0)),\"(Código não identificado nas referências)\",MATCH($AE403,INDIRECT(ORÇAMENTO.BancoRef),0))))","v":3737},{"$f":"ROUND(IF(DESONERACAO=\"sim\",REFERENCIA.Desonerado,REFERENCIA.NaoDesonerado),2)","v":38.53},0.25,null,53,null,null,2552.48,48.16]
["S",2,"S",0,{"$f":"IF($C404=1,OFFSET(E404,-1,0)+MAX(1,COUNTIF(QCI!$A$13:$A$41,OFFSET(ORÇAMENTO!E404,-1,0))),OFFSET(E404,-1,0))","v":17},1,0,0,6,0,{"$f":"IF(OR($C404=\"S\",$C404=0),0,MATCH(OFFSET($D404,0,$C404)+IF($C404<>1,1,COUNTIF(QCI!$A$13:$A$41,ORÇAMENTO!E404)),OFFSET($D404,1,$C404,ROW($C$744)-ROW($C404)),0))","v":0},"F","Serviço","Serviço","17.1.6.","SINAPI","92705","TÊ, EM FERRO GALVANIZADO, CONEXÃO ROSQUEADA, DN 20 (3/4\"), INSTALADO EM RAMAIS E SUB-RAMAIS DE GÁS - FORNECIMENTO E INSTALAÇÃO. AF_10/2020",{"$f":"REFERENCIA.Unidade","v":"UN"},{"$f":"OFFSET(CÁLCULO!H$15,ROW($T404)-ROW(T$15),0)","v":1},44.47,"BDI 1",{"$f":"IF($C404=\"S\",ROUND(IF(TIPOORCAMENTO=\"Proposto\",ORÇAMENTO.CustoUnitario*(1+$AH404),ORÇAMENTO.PrecoUnitarioLicitado),15-13*$AF$10),0)","v":55.59},{"$f":"IF($C404=\"S\",IF(Import.TipoArredondamento<>\"TransfereGOV\",VTOTAL1,SUM(OFFSET(CÁLCULO!$AA$15,ROW($X404)-ROW($X$15),1):OFFSET(CÁLCULO!$AL$15,ROW($X404)-ROW($X$15),-1))),IF($C404=0,0,ROUND(SomaAgrup,15-13*$AF$11)))","v":55.59},"RA","RA",{"$f":"IF($C404=\"S\",IF($Z404=\"CP\",$X404,IF($Z404=\"RA\",(($X404)*QCI!$AA$3),0)),SomaAgrup)","v":1.9797267660846387},0,{"$f":"IF($N404=\"\",\"\",IF(ORÇAMENTO.Descricao=\"\",\"DESCRIÇÃO\",IF(AND($C404=\"S\",ORÇAMENTO.Unidade=\"\"),\"UNIDADE\",IF($X404<0,\"VALOR NEGATIVO\",IF(OR(AND(TIPOORCAMENTO=\"Proposto\",$AG404<>\"\",$AG404>0,ORÇAMENTO.CustoUnitario>$AG404),AND(TIPOORCAMENTO=\"LICITADO\",ORÇAMENTO.PrecoUnitarioLicitado>$AN404)),\"ACIMA REF.\",\"\")))))","v":""},{"$f":"IF(C404<=CRONO.NivelExibicao,MAX($AD$15:OFFSET(AD404,-1,0))+IF($C404<>1,1,MAX(1,COUNTIF(QCI!$A$13:$A$41,OFFSET($E404,-1,0)))),\"\")","v":""},{"$f":"IF(AND($C404=\"S\",ORÇAMENTO.CodBarra<>\"\"),IF(ORÇAMENTO.Fonte=\"\",ORÇAMENTO.CodBarra,CONCATENATE(ORÇAMENTO.Fonte,\" \",ORÇAMENTO.CodBarra)))","v":"SINAPI 92705"},{"$f":"IF(ISERROR(INDIRECT(ORÇAMENTO.BancoRef)),\"(abra o arquivo 'Referência \"&Excel_BuiltIn_Database&\".xlsm)\",IF(OR($C404<>\"S\",ORÇAMENTO.CodBarra=\"\"),\"(Sem Código)\",IF(ISERROR(MATCH($AE404,INDIRECT(ORÇAMENTO.BancoRef),0)),\"(Código não identificado nas referências)\",MATCH($AE404,INDIRECT(ORÇAMENTO.BancoRef),0))))","v":4418},{"$f":"ROUND(IF(DESONERACAO=\"sim\",REFERENCIA.Desonerado,REFERENCIA.NaoDesonerado),2)","v":44.47},0.25,null,1,null,null,55.59,55.59]
["S",2,"S",0,{"$f":"IF($C405=1,OFFSET(E405,-1,0)+MAX(1,COUNTIF(QCI!$A$13:$A$41,OFFSET(ORÇAMENTO!E405,-1,0))),OFFSET(E405,-1,0))","v":17},1,0,0,7,0,{"$f":"IF(OR($C405=\"S\",$C405=0),0,MATCH(OFFSET($D405,0,$C405)+IF($C405<>1,1,COUNTIF(QCI!$A$13:$A$41,ORÇAMENTO!E405)),OFFSET($D405,1,$C405,ROW($C$744)-ROW($C405)),0))","v":0},"F","Serviço","Serviço","17.1.7.","SINAPI","FNDE 301","CAP OU TAMPAO DE FERRO GALVANIZADO, COM ROSCA BSP, DE 3/4\"","UN",{"$f":"OFFSET(CÁLCULO!H$15,ROW($T405)-ROW(T$15),0)","v":1},14.86,"BDI 1",{"$f":"IF($C405=\"S\",ROUND(IF(TIPOORCAMENTO=\"Proposto\",ORÇAMENTO.CustoUnitario*(1+$AH405),ORÇAMENTO.PrecoUnitarioLicitado),15-13*$AF$10),0)","v":18.579999999999998},{"$f":"IF($C405=\"S\",IF(Import.TipoArredondamento<>\"TransfereGOV\",VTOTAL1,SUM(OFFSET(CÁLCULO!$AA$15,ROW($X405)-ROW($X$15),1):OFFSET(CÁLCULO!$AL$15,ROW($X405)-ROW($X$15),-1))),IF($C405=0,0,ROUND(SomaAgrup,15-13*$AF$11)))","v":18.579999999999998},"RA","RA",{"$f":"IF($C405=\"S\",IF($Z405=\"CP\",$X405,IF($Z405=\"RA\",(($X405)*QCI!$AA$3),0)),SomaAgrup)","v":0.66168957211463542},0,{"$f":"IF($N405=\"\",\"\",IF(ORÇAMENTO.Descricao=\"\",\"DESCRIÇÃO\",IF(AND($C405=\"S\",ORÇAMENTO.Unidade=\"\"),\"UNIDADE\",IF($X405<0,\"VALOR NEGATIVO\",IF(OR(AND(TIPOORCAMENTO=\"Proposto\",$AG405<>\"\",$AG405>0,ORÇAMENTO.CustoUnitario>$AG405),AND(TIPOORCAMENTO=\"LICITADO\",ORÇAMENTO.PrecoUnitarioLicitado>$AN405)),\"ACIMA REF.\",\"\")))))","v":""},{"$f":"IF(C405<=CRONO.NivelExibicao,MAX($AD$15:OFFSET(AD405,-1,0))+IF($C405<>1,1,MAX(1,COUNTIF(QCI!$A$13:$A$41,OFFSET($E405,-1,0)))),\"\")","v":""},{"$f":"IF(AND($C405=\"S\",ORÇAMENTO.CodBarra<>\"\"),IF(ORÇAMENTO.Fonte=\"\",ORÇAMENTO.CodBarra,CONCATENATE(ORÇAMENTO.Fonte,\" \",ORÇAMENTO.CodBarra)))","v":"SINAPI FNDE 301"},{"$f":"IF(ISERROR(INDIRECT(ORÇAMENTO.BancoRef)),\"(abra o arquivo 'Referência \"&Excel_BuiltIn_Database&\".xlsm)\",IF(OR($C405<>\"S\",ORÇAMENTO.CodBarra=\"\"),\"(Sem Código)\",IF(ISERROR(MATCH($AE405,INDIRECT(ORÇAMENTO.BancoRef),0)),\"(Código não identificado nas referências)\",MATCH($AE405,INDIRECT(ORÇAMENTO.BancoRef),0))))","v":"(Código não identificado nas referências)"},{"$f":"ROUND(IF(DESONERACAO=\"sim\",REFERENCIA.Desonerado,REFERENCIA.NaoDesonerado),2)","v":0},0.25,null,1,null,null,18.579999999999998,18.579999999999998]
["S",2,"S",0,{"$f":"IF($C406=1,OFFSET(E406,-1,0)+MAX(1,COUNTIF(QCI!$A$13:$A$41,OFFSET(ORÇAMENTO!E406,-1,0))),OFFSET(E406,-1,0))","v":17},1,0,0,8,0,{"$f":"IF(OR($C406=\"S\",$C406=0),0,MATCH(OFFSET($D406,0,$C406)+IF($C406<>1,1,COUNTIF(QCI!$A$13:$A$41,ORÇAMENTO!E406)),OFFSET($D406,1,$C406,ROW($C$744)-ROW($C406)),0))","v":0},"F","Serviço","Serviço","17.1.8.","SINAPI","92695","LUVA, EM FERRO GALVANIZADO, CONEXÃO ROSQUEADA, DN 20 (3/4\"), INSTALADO EM RAMAIS E SUB-RAMAIS DE GÁS - FORNECIMENTO E INSTALAÇÃO. AF_10/2020",{"$f":"REFERENCIA.Unidade","v":"UN"},{"$f":"OFFSET(CÁLCULO!H$15,ROW($T406)-ROW(T$15),0)","v":8},23.8,"BDI 1",{"$f":"IF($C406=\"S\",ROUND(IF(TIPOORCAMENTO=\"Proposto\",ORÇAMENTO.CustoUnitario*(1+$AH406),ORÇAMENTO.PrecoUnitarioLicitado),15-13*$AF$10),0)","v":29.75},{"$f":"IF($C406=\"S\",IF(Import.TipoArredondamento<>\"TransfereGOV\",VTOTAL1,SUM(OFFSET(CÁLCULO!$AA$15,ROW($X406)-ROW($X$15),1):OFFSET(CÁLCULO!$AL$15,ROW($X406)-ROW($X$15),-1))),IF($C406=0,0,ROUND(SomaAgrup,15-13*$AF$11)))","v":238},"RA","RA",{"$f":"IF($C406=\"S\",IF($Z406=\"CP\",$X406,IF($Z406=\"RA\",(($X406)*QCI!$AA$3),0)),SomaAgrup)","v":8.4758944113715415},0,{"$f":"IF($N406=\"\",\"\",IF(ORÇAMENTO.Descricao=\"\",\"DESCRIÇÃO\",IF(AND($C406=\"S\",ORÇAMENTO.Unidade=\"\"),\"UNIDADE\",IF($X406<0,\"VALOR NEGATIVO\",IF(OR(AND(TIPOORCAMENTO=\"Proposto\",$AG406<>\"\",$AG406>0,ORÇAMENTO.CustoUnitario>$AG406),AND(TIPOORCAMENTO=\"LICITADO\",ORÇAMENTO.PrecoUnitarioLicitado>$AN406)),\"ACIMA REF.\",\"\")))))","v":""},{"$f":"IF(C406<=CRONO.NivelExibicao,MAX($AD$15:OFFSET(AD406,-1,0))+IF($C406<>1,1,MAX(1,COUNTIF(QCI!$A$13:$A$41,OFFSET($E406,-1,0)))),\"\")","v":""},{"$f":"IF(AND($C406=\"S\",ORÇAMENTO.CodBarra<>\"\"),IF(ORÇAMENTO.Fonte=\"\",ORÇAMENTO.CodBarra,CONCATENATE(ORÇAMENTO.Fonte,\" \",ORÇAMENTO.CodBarra)))","v":"SINAPI 92695"},{"$f":"IF(ISERROR(INDIRECT(ORÇAMENTO.BancoRef)),\"(abra o arquivo 'Referência \"&Excel_BuiltIn_Database&\".xlsm)\",IF(OR($C406<>\"S\",ORÇAMENTO.CodBarra=\"\"),\"(Sem Código)\",IF(ISERROR(MATCH($AE406,INDIRECT(ORÇAMENTO.BancoRef),0)),\"(Código não identificado nas referências)\",MATCH($AE406,INDIRECT(ORÇAMENTO.BancoRef),0))))","v":4408},{"$f":"ROUND(IF(DESONERACAO=\"sim\",REFERENCIA.Desonerado,REFERENCIA.NaoDesonerado),2)","v":23.8},0.25,null,8,null,null,238,29.75]
["S",2,"S",0,{"$f":"IF($C407=1,OFFSET(E407,-1,0)+MAX(1,COUNTIF(QCI!$A$13:$A$41,OFFSET(ORÇAMENTO!E407,-1,0))),OFFSET(E407,-1,0))","v":17},1,0,0,9,0,{"$f":"IF(OR($C407=\"S\",$C407=0),0,MATCH(OFFSET($D407,0,$C407)+IF($C407<>1,1,COUNTIF(QCI!$A$13:$A$41,ORÇAMENTO!E407)),OFFSET($D407,1,$C407,ROW($C$744)-ROW($C407)),0))","v":0},"F","Serviço","Serviço","17.1.9.","SINAPI","FNDE 260","MANGUEIRA PARA GAS - GLP","UN",{"$f":"OFFSET(CÁLCULO!H$15,ROW($T407)-ROW(T$15),0)","v":4},24.22,"BDI 1",{"$f":"IF($C407=\"S\",ROUND(IF(TIPOORCAMENTO=\"Proposto\",ORÇAMENTO.CustoUnitario*(1+$AH407),ORÇAMENTO.PrecoUnitarioLicitado),15-13*$AF$10),0)","v":30.28},{"$f":"IF($C407=\"S\",IF(Import.TipoArredondamento<>\"TransfereGOV\",VTOTAL1,SUM(OFFSET(CÁLCULO!$AA$15,ROW($X407)-ROW($X$15),1):OFFSET(CÁLCULO!$AL$15,ROW($X407)-ROW($X$15),-1))),IF($C407=0,0,ROUND(SomaAgrup,15-13*$AF$11)))","v":121.12},"RA","RA",{"$f":"IF($C407=\"S\",IF($Z407=\"CP\",$X407,IF($Z407=\"RA\",(($X407)*QCI!$AA$3),0)),SomaAgrup)","v":4.3134467693500884},0,{"$f":"IF($N407=\"\",\"\",IF(ORÇAMENTO.Descricao=\"\",\"DESCRIÇÃO\",IF(AND($C407=\"S\",ORÇAMENTO.Unidade=\"\"),\"UNIDADE\",IF($X407<0,\"VALOR NEGATIVO\",IF(OR(AND(TIPOORCAMENTO=\"Proposto\",$AG407<>\"\",$AG407>0,ORÇAMENTO.CustoUnitario>$AG407),AND(TIPOORCAMENTO=\"LICITADO\",ORÇAMENTO.PrecoUnitarioLicitado>$AN407)),\"ACIMA REF.\",\"\")))))","v":""},{"$f":"IF(C407<=CRONO.NivelExibicao,MAX($AD$15:OFFSET(AD407,-1,0))+IF($C407<>1,1,MAX(1,COUNTIF(QCI!$A$13:$A$41,OFFSET($E407,-1,0)))),\"\")","v":""},{"$f":"IF(AND($C407=\"S\",ORÇAMENTO.CodBarra<>\"\"),IF(ORÇAMENTO.Fonte=\"\",ORÇAMENTO.CodBarra,CONCATENATE(ORÇAMENTO.Fonte,\" \",ORÇAMENTO.CodBarra)))","v":"SINAPI FNDE 260"},{"$f":"IF(ISERROR(INDIRECT(ORÇAMENTO.BancoRef)),\"(abra o arquivo 'Referência \"&Excel_BuiltIn_Database&\".xlsm)\",IF(OR($C407<>\"S\",ORÇAMENTO.CodBarra=\"\"),\"(Sem Código)\",IF(ISERROR(MATCH($AE407,INDIRECT(ORÇAMENTO.BancoRef),0)),\"(Código não identificado nas referências)\",MATCH($AE407,INDIRECT(ORÇAMENTO.BancoRef),0))))","v":"(Código não identificado nas referências)"},{"$f":"ROUND(IF(DESONERACAO=\"sim\",REFERENCIA.Desonerado,REFERENCIA.NaoDesonerado),2)","v":0},0.25,null,4,null,null,121.12,30.28]
["S",2,"S",0,{"$f":"IF($C408=1,OFFSET(E408,-1,0)+MAX(1,COUNTIF(QCI!$A$13:$A$41,OFFSET(ORÇAMENTO!E408,-1,0))),OFFSET(E408,-1,0))","v":17},1,0,0,10,0,{"$f":"IF(OR($C408=\"S\",$C408=0),0,MATCH(OFFSET($D408,0,$C408)+IF($C408<>1,1,COUNTIF(QCI!$A$13:$A$41,ORÇAMENTO!E408)),OFFSET($D408,1,$C408,ROW($C$744)-ROW($C408)),0))","v":0},"F","Serviço","Serviço","17.1.10.","SINAPI","97548","CURVA 45 GRAUS, EM AÇO, CONEXÃO SOLDADA, DN 20 (3/4\"), INSTALADO EM RAMAIS E SUB-RAMAIS DE GÁS - FORNECIMENTO E INSTALAÇÃO. AF_10/2020",{"$f":"REFERENCIA.Unidade","v":"UN"},{"$f":"OFFSET(CÁLCULO!H$15,ROW($T408)-ROW(T$15),0)","v":2},69.28,"BDI 1",{"$f":"IF($C408=\"S\",ROUND(IF(TIPOORCAMENTO=\"Proposto\",ORÇAMENTO.CustoUnitario*(1+$AH408),ORÇAMENTO.PrecoUnitarioLicitado),15-13*$AF$10),0)","v":86.6},{"$f":"IF($C408=\"S\",IF(Import.TipoArredondamento<>\"TransfereGOV\",VTOTAL1,SUM(OFFSET(CÁLCULO!$AA$15,ROW($X408)-ROW($X$15),1):OFFSET(CÁLCULO!$AL$15,ROW($X408)-ROW($X$15),-1))),IF($C408=0,0,ROUND(SomaAgrup,15-13*$AF$11)))","v":173.2},"RA","RA",{"$f":"IF($C408=\"S\",IF($Z408=\"CP\",$X408,IF($Z408=\"RA\",(($X408)*QCI!$AA$3),0)),SomaAgrup)","v":6.1681718993678603},0,{"$f":"IF($N408=\"\",\"\",IF(ORÇAMENTO.Descricao=\"\",\"DESCRIÇÃO\",IF(AND($C408=\"S\",ORÇAMENTO.Unidade=\"\"),\"UNIDADE\",IF($X408<0,\"VALOR NEGATIVO\",IF(OR(AND(TIPOORCAMENTO=\"Proposto\",$AG408<>\"\",$AG408>0,ORÇAMENTO.CustoUnitario>$AG408),AND(TIPOORCAMENTO=\"LICITADO\",ORÇAMENTO.PrecoUnitarioLicitado>$AN408)),\"ACIMA REF.\",\"\")))))","v":""},{"$f":"IF(C408<=CRONO.NivelExibicao,MAX($AD$15:OFFSET(AD408,-1,0))+IF($C408<>1,1,MAX(1,COUNTIF(QCI!$A$13:$A$41,OFFSET($E408,-1,0)))),\"\")","v":""},{"$f":"IF(AND($C408=\"S\",ORÇAMENTO.CodBarra<>\"\"),IF(ORÇAMENTO.Fonte=\"\",ORÇAMENTO.CodBarra,CONCATENATE(ORÇAMENTO.Fonte,\" \",ORÇAMENTO.CodBarra)))","v":"SINAPI 97548"},{"$f":"IF(ISERROR(INDIRECT(ORÇAMENTO.BancoRef)),\"(abra o arquivo 'Referência \"&Excel_BuiltIn_Database&\".xlsm)\",IF(OR($C408<>\"S\",ORÇAMENTO.CodBarra=\"\"),\"(Sem Código)\",IF(ISERROR(MATCH($AE408,INDIRECT(ORÇAMENTO.BancoRef),0)),\"(Código não identificado nas referências)\",MATCH($AE408,INDIRECT(ORÇAMENTO.BancoRef),0))))","v":4930},{"$f":"ROUND(IF(DESONERACAO=\"sim\",REFERENCIA.Desonerado,REFERENCIA.NaoDesonerado),2)","v":69.28},0.25,null,2,null,null,173.2,86.6]
["S",2,"S",0,{"$f":"IF($C409=1,OFFSET(E409,-1,0)+MAX(1,COUNTIF(QCI!$A$13:$A$41,OFFSET(ORÇAMENTO!E409,-1,0))),OFFSET(E409,-1,0))","v":17},1,0,0,11,0,{"$f":"IF(OR($C409=\"S\",$C409=0),0,MATCH(OFFSET($D409,0,$C409)+IF($C409<>1,1,COUNTIF(QCI!$A$13:$A$41,ORÇAMENTO!E409)),OFFSET($D409,1,$C409,ROW($C$744)-ROW($C409)),0))","v":0},"F","Serviço","Serviço","17.1.11.","SINAPI","97549","CURVA 90 GRAUS, EM AÇO, CONEXÃO SOLDADA, DN 20 (3/4\"), INSTALADO EM RAMAIS E SUB-RAMAIS DE GÁS - FORNECIMENTO E INSTALAÇÃO. AF_10/2020",{"$f":"REFERENCIA.Unidade","v":"UN"},{"$f":"OFFSET(CÁLCULO!H$15,ROW($T409)-ROW(T$15),0)","v":6},69.28,"BDI 1",{"$f":"IF($C409=\"S\",ROUND(IF(TIPOORCAMENTO=\"Proposto\",ORÇAMENTO.CustoUnitario*(1+$AH409),ORÇAMENTO.PrecoUnitarioLicitado),15-13*$AF$10),0)","v":86.6},{"$f":"IF($C409=\"S\",IF(Import.TipoArredondamento<>\"TransfereGOV\",VTOTAL1,SUM(OFFSET(CÁLCULO!$AA$15,ROW($X409)-ROW($X$15),1):OFFSET(CÁLCULO!$AL$15,ROW($X409)-ROW($X$15),-1))),IF($C409=0,0,ROUND(SomaAgrup,15-13*$AF$11)))","v":519.6},"RA","RA",{"$f":"IF($C409=\"S\",IF($Z409=\"CP\",$X409,IF($Z409=\"RA\",(($X409)*QCI!$AA$3),0)),SomaAgrup)","v":18.504515698103585},0,{"$f":"IF($N409=\"\",\"\",IF(ORÇAMENTO.Descricao=\"\",\"DESCRIÇÃO\",IF(AND($C409=\"S\",ORÇAMENTO.Unidade=\"\"),\"UNIDADE\",IF($X409<0,\"VALOR NEGATIVO\",IF(OR(AND(TIPOORCAMENTO=\"Proposto\",$AG409<>\"\",$AG409>0,ORÇAMENTO.CustoUnitario>$AG409),AND(TIPOORCAMENTO=\"LICITADO\",ORÇAMENTO.PrecoUnitarioLicitado>$AN409)),\"ACIMA REF.\",\"\")))))","v":""},{"$f":"IF(C409<=CRONO.NivelExibicao,MAX($AD$15:OFFSET(AD409,-1,0))+IF($C409<>1,1,MAX(1,COUNTIF(QCI!$A$13:$A$41,OFFSET($E409,-1,0)))),\"\")","v":""},{"$f":"IF(AND($C409=\"S\",ORÇAMENTO.CodBarra<>\"\"),IF(ORÇAMENTO.Fonte=\"\",ORÇAMENTO.CodBarra,CONCATENATE(ORÇAMENTO.Fonte,\" \",ORÇAMENTO.CodBarra)))","v":"SINAPI 97549"},{"$f":"IF(ISERROR(INDIRECT(ORÇAMENTO.BancoRef)),\"(abra o arquivo 'Referência \"&Excel_BuiltIn_Database&\".xlsm)\",IF(OR($C409<>\"S\",ORÇAMENTO.CodBarra=\"\"),\"(Sem Código)\",IF(ISERROR(MATCH($AE409,INDIRECT(ORÇAMENTO.BancoRef),0)),\"(Código não identificado nas referências)\",MATCH($AE409,INDIRECT(ORÇAMENTO.BancoRef),0))))","v":4931},{"$f":"ROUND(IF(DESONERACAO=\"sim\",REFERENCIA.Desonerado,REFERENCIA.NaoDesonerado),2)","v":69.28},0.25,null,6,null,null,519.6,86.6]
["S",2,"S",0,{"$f":"IF($C410=1,OFFSET(E410,-1,0)+MAX(1,COUNTIF(QCI!$A$13:$A$41,OFFSET(ORÇAMENTO!E410,-1,0))),OFFSET(E410,-1,0))","v":17},1,0,0,12,0,{"$f":"IF(OR($C410=\"S\",$C410=0),0,MATCH(OFFSET($D410,0,$C410)+IF($C410<>1,1,COUNTIF(QCI!$A$13:$A$41,ORÇAMENTO!E410)),OFFSET($D410,1,$C410,ROW($C$744)-ROW($C410)),0))","v":0},"F","Serviço","Serviço","17.1.12.","SINAPI","97547","CURVA 90 GRAUS, EM AÇO, CONEXÃO SOLDADA, DN 15 (1/2\"), INSTALADO EM RAMAIS E SUB-RAMAIS DE GÁS - FORNECIMENTO E INSTALAÇÃO. AF_10/2020",{"$f":"REFERENCIA.Unidade","v":"UN"},{"$f":"OFFSET(CÁLCULO!H$15,ROW($T410)-ROW(T$15),0)","v":2},47.62,"BDI 1",{"$f":"IF($C410=\"S\",ROUND(IF(TIPOORCAMENTO=\"Proposto\",ORÇAMENTO.CustoUnitario*(1+$AH410),ORÇAMENTO.PrecoUnitarioLicitado),15-13*$AF$10),0)","v":59.53},{"$f":"IF($C410=\"S\",IF(Import.TipoArredondamento<>\"TransfereGOV\",VTOTAL1,SUM(OFFSET(CÁLCULO!$AA$15,ROW($X410)-ROW($X$15),1):OFFSET(CÁLCULO!$AL$15,ROW($X410)-ROW($X$15),-1))),IF($C410=0,0,ROUND(SomaAgrup,15-13*$AF$11)))","v":119.06},"RA","RA",{"$f":"IF($C410=\"S\",IF($Z410=\"CP\",$X410,IF($Z410=\"RA\",(($X410)*QCI!$AA$3),0)),SomaAgrup)","v":4.2400839857894779},0,{"$f":"IF($N410=\"\",\"\",IF(ORÇAMENTO.Descricao=\"\",\"DESCRIÇÃO\",IF(AND($C410=\"S\",ORÇAMENTO.Unidade=\"\"),\"UNIDADE\",IF($X410<0,\"VALOR NEGATIVO\",IF(OR(AND(TIPOORCAMENTO=\"Proposto\",$AG410<>\"\",$AG410>0,ORÇAMENTO.CustoUnitario>$AG410),AND(TIPOORCAMENTO=\"LICITADO\",ORÇAMENTO.PrecoUnitarioLicitado>$AN410)),\"ACIMA REF.\",\"\")))))","v":""},{"$f":"IF(C410<=CRONO.NivelExibicao,MAX($AD$15:OFFSET(AD410,-1,0))+IF($C410<>1,1,MAX(1,COUNTIF(QCI!$A$13:$A$41,OFFSET($E410,-1,0)))),\"\")","v":""},{"$f":"IF(AND($C410=\"S\",ORÇAMENTO.CodBarra<>\"\"),IF(ORÇAMENTO.Fonte=\"\",ORÇAMENTO.CodBarra,CONCATENATE(ORÇAMENTO.Fonte,\" \",ORÇAMENTO.CodBarra)))","v":"SINAPI 97547"},{"$f":"IF(ISERROR(INDIRECT(ORÇAMENTO.BancoRef)),\"(abra o arquivo 'Referência \"&Excel_BuiltIn_Database&\".xlsm)\",IF(OR($C410<>\"S\",ORÇAMENTO.CodBarra=\"\"),\"(Sem Código)\",IF(ISERROR(MATCH($AE410,INDIRECT(ORÇAMENTO.BancoRef),0)),\"(Código não identificado nas referências)\",MATCH($AE410,INDIRECT(ORÇAMENTO.BancoRef),0))))","v":4929},{"$f":"ROUND(IF(DESONERACAO=\"sim\",REFERENCIA.Desonerado,REFERENCIA.NaoDesonerado),2)","v":47.62},0.25,null,2,null,null,119.06,59.53]
[1,1,1,62,{"$f":"IF($C411=1,OFFSET(E411,-1,0)+MAX(1,COUNTIF(QCI!$A$13:$A$41,OFFSET(ORÇAMENTO!E411,-1,0))),OFFSET(E411,-1,0))","v":18},0,0,0,0,333,{"$f":"IF(OR($C411=\"S\",$C411=0),0,MATCH(OFFSET($D411,0,$C411)+IF($C411<>1,1,COUNTIF(QCI!$A$13:$A$41,ORÇAMENTO!E411)),OFFSET($D411,1,$C411,ROW($C$744)-ROW($C411)),0))","v":62},"F","Meta","Meta","18.","SINAPI",null,"SISTEMA DE PROTEÇÃO CONTRA INCÊNDIO",{"$f":"REFERENCIA.Unidade","v":"-"},{"$f":"OFFSET(CÁLCULO!H$15,ROW($T411)-ROW(T$15),0)","v":0},null,"BDI 1",{"$f":"IF($C411=\"S\",ROUND(IF(TIPOORCAMENTO=\"Proposto\",ORÇAMENTO.CustoUnitario*(1+$AH411),ORÇAMENTO.PrecoUnitarioLicitado),15-13*$AF$10),0)","v":0},{"$f":"IF($C411=\"S\",IF(Import.TipoArredondamento<>\"TransfereGOV\",VTOTAL1,SUM(OFFSET(CÁLCULO!$AA$15,ROW($X411)-ROW($X$15),1):OFFSET(CÁLCULO!$AL$15,ROW($X411)-ROW($X$15),-1))),IF($C411=0,0,ROUND(SomaAgrup,15-13*$AF$11)))","v":71472.41},"RA","",{"$f":"IF($C411=\"S\",IF($Z411=\"CP\",$X411,IF($Z411=\"RA\",(($X411)*QCI!$AA$3),0)),SomaAgrup)","v":2545.3470608666189},0,{"$f":"IF($N411=\"\",\"\",IF(ORÇAMENTO.Descricao=\"\",\"DESCRIÇÃO\",IF(AND($C411=\"S\",ORÇAMENTO.Unidade=\"\"),\"UNIDADE\",IF($X411<0,\"VALOR NEGATIVO\",IF(OR(AND(TIPOORCAMENTO=\"Proposto\",$AG411<>\"\",$AG411>0,ORÇAMENTO.CustoUnitario>$AG411),AND(TIPOORCAMENTO=\"LICITADO\",ORÇAMENTO.PrecoUnitarioLicitado>$AN411)),\"ACIMA REF.\",\"\")))))","v":""},{"$f":"IF(C411<=CRONO.NivelExibicao,MAX($AD$15:OFFSET(AD411,-1,0))+IF($C411<>1,1,MAX(1,COUNTIF(QCI!$A$13:$A$41,OFFSET($E411,-1,0)))),\"\")","v":57},{"$f":"IF(AND($C411=\"S\",ORÇAMENTO.CodBarra<>\"\"),IF(ORÇAMENTO.Fonte=\"\",ORÇAMENTO.CodBarra,CONCATENATE(ORÇAMENTO.Fonte,\" \",ORÇAMENTO.CodBarra)))","v":false},{"$f":"IF(ISERROR(INDIRECT(ORÇAMENTO.BancoRef)),\"(abra o arquivo 'Referência \"&Excel_BuiltIn_Database&\".xlsm)\",IF(OR($C411<>\"S\",ORÇAMENTO.CodBarra=\"\"),\"(Sem Código)\",IF(ISERROR(MATCH($AE411,INDIRECT(ORÇAMENTO.BancoRef),0)),\"(Código não identificado nas referências)\",MATCH($AE411,INDIRECT(ORÇAMENTO.BancoRef),0))))","v":"(Sem Código)"},{"$f":"ROUND(IF(DESONERACAO=\"sim\",REFERENCIA.Desonerado,REFERENCIA.NaoDesonerado),2)","v":0},0.25,null,null,null,null,71472.41,0]
[2,2,2,3,{"$f":"IF($C412=1,OFFSET(E412,-1,0)+MAX(1,COUNTIF(QCI!$A$13:$A$41,OFFSET(ORÇAMENTO!E412,-1,0))),OFFSET(E412,-1,0))","v":18},1,0,0,0,61,{"$f":"IF(OR($C412=\"S\",$C412=0),0,MATCH(OFFSET($D412,0,$C412)+IF($C412<>1,1,COUNTIF(QCI!$A$13:$A$41,ORÇAMENTO!E412)),OFFSET($D412,1,$C412,ROW($C$744)-ROW($C412)),0))","v":3},"F","Nível 2","Nível 2","18.1.","SINAPI",null,"Extintores",{"$f":"REFERENCIA.Unidade","v":"-"},{"$f":"OFFSET(CÁLCULO!H$15,ROW($T412)-ROW(T$15),0)","v":0},null,"BDI 1",{"$f":"IF($C412=\"S\",ROUND(IF(TIPOORCAMENTO=\"Proposto\",ORÇAMENTO.CustoUnitario*(1+$AH412),ORÇAMENTO.PrecoUnitarioLicitado),15-13*$AF$10),0)","v":0},{"$f":"IF($C412=\"S\",IF(Import.TipoArredondamento<>\"TransfereGOV\",VTOTAL1,SUM(OFFSET(CÁLCULO!$AA$15,ROW($X412)-ROW($X$15),1):OFFSET(CÁLCULO!$AL$15,ROW($X412)-ROW($X$15),-1))),IF($C412=0,0,ROUND(SomaAgrup,15-13*$AF$11)))","v":2617.2800000000002},"RA","",{"$f":"IF($C412=\"S\",IF($Z412=\"CP\",$X412,IF($Z412=\"RA\",(($X412)*QCI!$AA$3),0)),SomaAgrup)","v":93.209197163842461},0,{"$f":"IF($N412=\"\",\"\",IF(ORÇAMENTO.Descricao=\"\",\"DESCRIÇÃO\",IF(AND($C412=\"S\",ORÇAMENTO.Unidade=\"\"),\"UNIDADE\",IF($X412<0,\"VALOR NEGATIVO\",IF(OR(AND(TIPOORCAMENTO=\"Proposto\",$AG412<>\"\",$AG412>0,ORÇAMENTO.CustoUnitario>$AG412),AND(TIPOORCAMENTO=\"LICITADO\",ORÇAMENTO.PrecoUnitarioLicitado>$AN412)),\"ACIMA REF.\",\"\")))))","v":""},{"$f":"IF(C412<=CRONO.NivelExibicao,MAX($AD$15:OFFSET(AD412,-1,0))+IF($C412<>1,1,MAX(1,COUNTIF(QCI!$A$13:$A$41,OFFSET($E412,-1,0)))),\"\")","v":58},{"$f":"IF(AND($C412=\"S\",ORÇAMENTO.CodBarra<>\"\"),IF(ORÇAMENTO.Fonte=\"\",ORÇAMENTO.CodBarra,CONCATENATE(ORÇAMENTO.Fonte,\" \",ORÇAMENTO.CodBarra)))","v":false},{"$f":"IF(ISERROR(INDIRECT(ORÇAMENTO.BancoRef)),\"(abra o arquivo 'Referência \"&Excel_BuiltIn_Database&\".xlsm)\",IF(OR($C412<>\"S\",ORÇAMENTO.CodBarra=\"\"),\"(Sem Código)\",IF(ISERROR(MATCH($AE412,INDIRECT(ORÇAMENTO.BancoRef),0)),\"(Código não identificado nas referências)\",MATCH($AE412,INDIRECT(ORÇAMENTO.BancoRef),0))))","v":"(Sem Código)"},{"$f":"ROUND(IF(DESONERACAO=\"sim\",REFERENCIA.Desonerado,REFERENCIA.NaoDesonerado),2)","v":0},0.25,null,null,null,null,2617.2800000000002,0]
["S",2,"S",0,{"$f":"IF($C413=1,OFFSET(E413,-1,0)+MAX(1,COUNTIF(QCI!$A$13:$A$41,OFFSET(ORÇAMENTO!E413,-1,0))),OFFSET(E413,-1,0))","v":18},1,0,0,1,0,{"$f":"IF(OR($C413=\"S\",$C413=0),0,MATCH(OFFSET($D413,0,$C413)+IF($C413<>1,1,COUNTIF(QCI!$A$13:$A$41,ORÇAMENTO!E413)),OFFSET($D413,1,$C413,ROW($C$744)-ROW($C413)),0))","v":0},"F","Serviço","Serviço","18.1.1.","SINAPI","101908","EXTINTOR DE INCÊNDIO PORTÁTIL COM CARGA DE PQS DE 4 KG, CLASSE BC - FORNECIMENTO E INSTALAÇÃO. AF_10/2020_PE",{"$f":"REFERENCIA.Unidade","v":"UN"},{"$f":"OFFSET(CÁLCULO!H$15,ROW($T413)-ROW(T$15),0)","v":8},228.54,"BDI 1",{"$f":"IF($C413=\"S\",ROUND(IF(TIPOORCAMENTO=\"Proposto\",ORÇAMENTO.CustoUnitario*(1+$AH413),ORÇAMENTO.PrecoUnitarioLicitado),15-13*$AF$10),0)","v":285.68},{"$f":"IF($C413=\"S\",IF(Import.TipoArredondamento<>\"TransfereGOV\",VTOTAL1,SUM(OFFSET(CÁLCULO!$AA$15,ROW($X413)-ROW($X$15),1):OFFSET(CÁLCULO!$AL$15,ROW($X413)-ROW($X$15),-1))),IF($C413=0,0,ROUND(SomaAgrup,15-13*$AF$11)))","v":2285.44},"RA","RA",{"$f":"IF($C413=\"S\",IF($Z413=\"CP\",$X413,IF($Z413=\"RA\",(($X413)*QCI!$AA$3),0)),SomaAgrup)","v":81.391378670272999},0,{"$f":"IF($N413=\"\",\"\",IF(ORÇAMENTO.Descricao=\"\",\"DESCRIÇÃO\",IF(AND($C413=\"S\",ORÇAMENTO.Unidade=\"\"),\"UNIDADE\",IF($X413<0,\"VALOR NEGATIVO\",IF(OR(AND(TIPOORCAMENTO=\"Proposto\",$AG413<>\"\",$AG413>0,ORÇAMENTO.CustoUnitario>$AG413),AND(TIPOORCAMENTO=\"LICITADO\",ORÇAMENTO.PrecoUnitarioLicitado>$AN413)),\"ACIMA REF.\",\"\")))))","v":""},{"$f":"IF(C413<=CRONO.NivelExibicao,MAX($AD$15:OFFSET(AD413,-1,0))+IF($C413<>1,1,MAX(1,COUNTIF(QCI!$A$13:$A$41,OFFSET($E413,-1,0)))),\"\")","v":""},{"$f":"IF(AND($C413=\"S\",ORÇAMENTO.CodBarra<>\"\"),IF(ORÇAMENTO.Fonte=\"\",ORÇAMENTO.CodBarra,CONCATENATE(ORÇAMENTO.Fonte,\" \",ORÇAMENTO.CodBarra)))","v":"SINAPI 101908"},{"$f":"IF(ISERROR(INDIRECT(ORÇAMENTO.BancoRef)),\"(abra o arquivo 'Referência \"&Excel_BuiltIn_Database&\".xlsm)\",IF(OR($C413<>\"S\",ORÇAMENTO.CodBarra=\"\"),\"(Sem Código)\",IF(ISERROR(MATCH($AE413,INDIRECT(ORÇAMENTO.BancoRef),0)),\"(Código não identificado nas referências)\",MATCH($AE413,INDIRECT(ORÇAMENTO.BancoRef),0))))","v":3529},{"$f":"ROUND(IF(DESONERACAO=\"sim\",REFERENCIA.Desonerado,REFERENCIA.NaoDesonerado),2)","v":228.54},0.25,null,8,null,null,2285.44,285.68]
["S",2,"S",0,{"$f":"IF($C414=1,OFFSET(E414,-1,0)+MAX(1,COUNTIF(QCI!$A$13:$A$41,OFFSET(ORÇAMENTO!E414,-1,0))),OFFSET(E414,-1,0))","v":18},1,0,0,2,0,{"$f":"IF(OR($C414=\"S\",$C414=0),0,MATCH(OFFSET($D414,0,$C414)+IF($C414<>1,1,COUNTIF(QCI!$A$13:$A$41,ORÇAMENTO!E414)),OFFSET($D414,1,$C414,ROW($C$744)-ROW($C414)),0))","v":0},"F","Serviço","Serviço","18.1.2.","SINAPI","101909","EXTINTOR DE INCÊNDIO PORTÁTIL COM CARGA DE PQS DE 6 KG, CLASSE BC - FORNECIMENTO E INSTALAÇÃO. AF_10/2020_PE",{"$f":"REFERENCIA.Unidade","v":"UN"},{"$f":"OFFSET(CÁLCULO!H$15,ROW($T414)-ROW(T$15),0)","v":1},265.47000000000003,"BDI 1",{"$f":"IF($C414=\"S\",ROUND(IF(TIPOORCAMENTO=\"Proposto\",ORÇAMENTO.CustoUnitario*(1+$AH414),ORÇAMENTO.PrecoUnitarioLicitado),15-13*$AF$10),0)","v":331.84},{"$f":"IF($C414=\"S\",IF(Import.TipoArredondamento<>\"TransfereGOV\",VTOTAL1,SUM(OFFSET(CÁLCULO!$AA$15,ROW($X414)-ROW($X$15),1):OFFSET(CÁLCULO!$AL$15,ROW($X414)-ROW($X$15),-1))),IF($C414=0,0,ROUND(SomaAgrup,15-13*$AF$11)))","v":331.84},"RA","RA",{"$f":"IF($C414=\"S\",IF($Z414=\"CP\",$X414,IF($Z414=\"RA\",(($X414)*QCI!$AA$3),0)),SomaAgrup)","v":11.817818493569462},0,{"$f":"IF($N414=\"\",\"\",IF(ORÇAMENTO.Descricao=\"\",\"DESCRIÇÃO\",IF(AND($C414=\"S\",ORÇAMENTO.Unidade=\"\"),\"UNIDADE\",IF($X414<0,\"VALOR NEGATIVO\",IF(OR(AND(TIPOORCAMENTO=\"Proposto\",$AG414<>\"\",$AG414>0,ORÇAMENTO.CustoUnitario>$AG414),AND(TIPOORCAMENTO=\"LICITADO\",ORÇAMENTO.PrecoUnitarioLicitado>$AN414)),\"ACIMA REF.\",\"\")))))","v":""},{"$f":"IF(C414<=CRONO.NivelExibicao,MAX($AD$15:OFFSET(AD414,-1,0))+IF($C414<>1,1,MAX(1,COUNTIF(QCI!$A$13:$A$41,OFFSET($E414,-1,0)))),\"\")","v":""},{"$f":"IF(AND($C414=\"S\",ORÇAMENTO.CodBarra<>\"\"),IF(ORÇAMENTO.Fonte=\"\",ORÇAMENTO.CodBarra,CONCATENATE(ORÇAMENTO.Fonte,\" \",ORÇAMENTO.CodBarra)))","v":"SINAPI 101909"},{"$f":"IF(ISERROR(INDIRECT(ORÇAMENTO.BancoRef)),\"(abra o arquivo 'Referência \"&Excel_BuiltIn_Database&\".xlsm)\",IF(OR($C414<>\"S\",ORÇAMENTO.CodBarra=\"\"),\"(Sem Código)\",IF(ISERROR(MATCH($AE414,INDIRECT(ORÇAMENTO.BancoRef),0)),\"(Código não identificado nas referências)\",MATCH($AE414,INDIRECT(ORÇAMENTO.BancoRef),0))))","v":3530},{"$f":"ROUND(IF(DESONERACAO=\"sim\",REFERENCIA.Desonerado,REFERENCIA.NaoDesonerado),2)","v":265.47000000000003},0.25,null,1,null,null,331.84,331.84]
[2,2,2,3,{"$f":"IF($C415=1,OFFSET(E415,-1,0)+MAX(1,COUNTIF(QCI!$A$13:$A$41,OFFSET(ORÇAMENTO!E415,-1,0))),OFFSET(E415,-1,0))","v":18},2,0,0,0,58,{"$f":"IF(OR($C415=\"S\",$C415=0),0,MATCH(OFFSET($D415,0,$C415)+IF($C415<>1,1,COUNTIF(QCI!$A$13:$A$41,ORÇAMENTO!E415)),OFFSET($D415,1,$C415,ROW($C$744)-ROW($C415)),0))","v":3},"F","Nível 2","Nível 2","18.2.","SINAPI",null,"Hidrantes",{"$f":"REFERENCIA.Unidade","v":"-"},{"$f":"OFFSET(CÁLCULO!H$15,ROW($T415)-ROW(T$15),0)","v":0},null,"BDI 1",{"$f":"IF($C415=\"S\",ROUND(IF(TIPOORCAMENTO=\"Proposto\",ORÇAMENTO.CustoUnitario*(1+$AH415),ORÇAMENTO.PrecoUnitarioLicitado),15-13*$AF$10),0)","v":0},{"$f":"IF($C415=\"S\",IF(Import.TipoArredondamento<>\"TransfereGOV\",VTOTAL1,SUM(OFFSET(CÁLCULO!$AA$15,ROW($X415)-ROW($X$15),1):OFFSET(CÁLCULO!$AL$15,ROW($X415)-ROW($X$15),-1))),IF($C415=0,0,ROUND(SomaAgrup,15-13*$AF$11)))","v":8776.5300000000007},"RA","",{"$f":"IF($C415=\"S\",IF($Z415=\"CP\",$X415,IF($Z415=\"RA\",(($X415)*QCI!$AA$3),0)),SomaAgrup)","v":312.55857805980952},0,{"$f":"IF($N415=\"\",\"\",IF(ORÇAMENTO.Descricao=\"\",\"DESCRIÇÃO\",IF(AND($C415=\"S\",ORÇAMENTO.Unidade=\"\"),\"UNIDADE\",IF($X415<0,\"VALOR NEGATIVO\",IF(OR(AND(TIPOORCAMENTO=\"Proposto\",$AG415<>\"\",$AG415>0,ORÇAMENTO.CustoUnitario>$AG415),AND(TIPOORCAMENTO=\"LICITADO\",ORÇAMENTO.PrecoUnitarioLicitado>$AN415)),\"ACIMA REF.\",\"\")))))","v":""},{"$f":"IF(C415<=CRONO.NivelExibicao,MAX($AD$15:OFFSET(AD415,-1,0))+IF($C415<>1,1,MAX(1,COUNTIF(QCI!$A$13:$A$41,OFFSET($E415,-1,0)))),\"\")","v":59},{"$f":"IF(AND($C415=\"S\",ORÇAMENTO.CodBarra<>\"\"),IF(ORÇAMENTO.Fonte=\"\",ORÇAMENTO.CodBarra,CONCATENATE(ORÇAMENTO.Fonte,\" \",ORÇAMENTO.CodBarra)))","v":false},{"$f":"IF(ISERROR(INDIRECT(ORÇAMENTO.BancoRef)),\"(abra o arquivo 'Referência \"&Excel_BuiltIn_Database&\".xlsm)\",IF(OR($C415<>\"S\",ORÇAMENTO.CodBarra=\"\"),\"(Sem Código)\",IF(ISERROR(MATCH($AE415,INDIRECT(ORÇAMENTO.BancoRef),0)),\"(Código não identificado nas referências)\",MATCH($AE415,INDIRECT(ORÇAMENTO.BancoRef),0))))","v":"(Sem Código)"},{"$f":"ROUND(IF(DESONERACAO=\"sim\",REFERENCIA.Desonerado,REFERENCIA.NaoDesonerado),2)","v":0},0.25,null,null,null,null,8776.5300000000007,0]
["S",2,"S",0,{"$f":"IF($C416=1,OFFSET(E416,-1,0)+MAX(1,COUNTIF(QCI!$A$13:$A$41,OFFSET(ORÇAMENTO!E416,-1,0))),OFFSET(E416,-1,0))","v":18},2,0,0,1,0,{"$f":"IF(OR($C416=\"S\",$C416=0),0,MATCH(OFFSET($D416,0,$C416)+IF($C416<>1,1,COUNTIF(QCI!$A$13:$A$41,ORÇAMENTO!E416)),OFFSET($D416,1,$C416,ROW($C$744)-ROW($C416)),0))","v":0},"F","Serviço","Serviço","18.2.1.","SINAPI","101912","ABRIGO PARA HIDRANTE, 75X45X17CM, COM REGISTRO GLOBO ANGULAR 45 GRAUS 2 1/2\", ADAPTADOR STORZ 2 1/2\", MANGUEIRA DE INCÊNDIO 15M 2 1/2\" E ESGUICHO EM LATÃO 2 1/2\" - FORNECIMENTO E INSTALAÇÃO. AF_10/2020",{"$f":"REFERENCIA.Unidade","v":"UN"},{"$f":"OFFSET(CÁLCULO!H$15,ROW($T416)-ROW(T$15),0)","v":2},{"$f":"ROUND(IF(DESONERACAO=\"sim\",REFERENCIA.Desonerado,REFERENCIA.NaoDesonerado),2)","v":1809.97},"BDI 1",{"$f":"IF($C416=\"S\",ROUND(IF(TIPOORCAMENTO=\"Proposto\",ORÇAMENTO.CustoUnitario*(1+$AH416),ORÇAMENTO.PrecoUnitarioLicitado),15-13*$AF$10),0)","v":2262.46},{"$f":"IF($C416=\"S\",IF(Import.TipoArredondamento<>\"TransfereGOV\",VTOTAL1,SUM(OFFSET(CÁLCULO!$AA$15,ROW($X416)-ROW($X$15),1):OFFSET(CÁLCULO!$AL$15,ROW($X416)-ROW($X$15),-1))),IF($C416=0,0,ROUND(SomaAgrup,15-13*$AF$11)))","v":4524.92},"RA","RA",{"$f":"IF($C416=\"S\",IF($Z416=\"CP\",$X416,IF($Z416=\"RA\",(($X416)*QCI!$AA$3),0)),SomaAgrup)","v":161.14598378110637},0,{"$f":"IF($N416=\"\",\"\",IF(ORÇAMENTO.Descricao=\"\",\"DESCRIÇÃO\",IF(AND($C416=\"S\",ORÇAMENTO.Unidade=\"\"),\"UNIDADE\",IF($X416<0,\"VALOR NEGATIVO\",IF(OR(AND(TIPOORCAMENTO=\"Proposto\",$AG416<>\"\",$AG416>0,ORÇAMENTO.CustoUnitario>$AG416),AND(TIPOORCAMENTO=\"LICITADO\",ORÇAMENTO.PrecoUnitarioLicitado>$AN416)),\"ACIMA REF.\",\"\")))))","v":""},{"$f":"IF(C416<=CRONO.NivelExibicao,MAX($AD$15:OFFSET(AD416,-1,0))+IF($C416<>1,1,MAX(1,COUNTIF(QCI!$A$13:$A$41,OFFSET($E416,-1,0)))),\"\")","v":""},{"$f":"IF(AND($C416=\"S\",ORÇAMENTO.CodBarra<>\"\"),IF(ORÇAMENTO.Fonte=\"\",ORÇAMENTO.CodBarra,CONCATENATE(ORÇAMENTO.Fonte,\" \",ORÇAMENTO.CodBarra)))","v":"SINAPI 101912"},{"$f":"IF(ISERROR(INDIRECT(ORÇAMENTO.BancoRef)),\"(abra o arquivo 'Referência \"&Excel_BuiltIn_Database&\".xlsm)\",IF(OR($C416<>\"S\",ORÇAMENTO.CodBarra=\"\"),\"(Sem Código)\",IF(ISERROR(MATCH($AE416,INDIRECT(ORÇAMENTO.BancoRef),0)),\"(Código não identificado nas referências)\",MATCH($AE416,INDIRECT(ORÇAMENTO.BancoRef),0))))","v":3533},{"$f":"ROUND(IF(DESONERACAO=\"sim\",REFERENCIA.Desonerado,REFERENCIA.NaoDesonerado),2)","v":1809.97},0.25,null,2,null,null,4524.92,2262.46]
["S",2,"S",0,{"$f":"IF($C417=1,OFFSET(E417,-1,0)+MAX(1,COUNTIF(QCI!$A$13:$A$41,OFFSET(ORÇAMENTO!E417,-1,0))),OFFSET(E417,-1,0))","v":18},2,0,0,2,0,{"$f":"IF(OR($C417=\"S\",$C417=0),0,MATCH(OFFSET($D417,0,$C417)+IF($C417<>1,1,COUNTIF(QCI!$A$13:$A$41,ORÇAMENTO!E417)),OFFSET($D417,1,$C417,ROW($C$744)-ROW($C417)),0))","v":0},"F","Serviço","Serviço","18.2.2.","SINAPI","101916","HIDRANTE SUBTERRÂNEO PREDIAL (COM CURVA LONGA E CAIXA), DN 75 MM - FORNECIMENTO E INSTALAÇÃO. AF_10/2020",{"$f":"REFERENCIA.Unidade","v":"UN"},{"$f":"OFFSET(CÁLCULO!H$15,ROW($T417)-ROW(T$15),0)","v":1},{"$f":"ROUND(IF(DESONERACAO=\"sim\",REFERENCIA.Desonerado,REFERENCIA.NaoDesonerado),2)","v":3401.29},"BDI 1",{"$f":"IF($C417=\"S\",ROUND(IF(TIPOORCAMENTO=\"Proposto\",ORÇAMENTO.CustoUnitario*(1+$AH417),ORÇAMENTO.PrecoUnitarioLicitado),15-13*$AF$10),0)","v":4251.6099999999997},{"$f":"IF($C417=\"S\",IF(Import.TipoArredondamento<>\"TransfereGOV\",VTOTAL1,SUM(OFFSET(CÁLCULO!$AA$15,ROW($X417)-ROW($X$15),1):OFFSET(CÁLCULO!$AL$15,ROW($X417)-ROW($X$15),-1))),IF($C417=0,0,ROUND(SomaAgrup,15-13*$AF$11)))","v":4251.6099999999997},"RA","RA",{"$f":"IF($C417=\"S\",IF($Z417=\"CP\",$X417,IF($Z417=\"RA\",(($X417)*QCI!$AA$3),0)),SomaAgrup)","v":151.41259427870318},0,{"$f":"IF($N417=\"\",\"\",IF(ORÇAMENTO.Descricao=\"\",\"DESCRIÇÃO\",IF(AND($C417=\"S\",ORÇAMENTO.Unidade=\"\"),\"UNIDADE\",IF($X417<0,\"VALOR NEGATIVO\",IF(OR(AND(TIPOORCAMENTO=\"Proposto\",$AG417<>\"\",$AG417>0,ORÇAMENTO.CustoUnitario>$AG417),AND(TIPOORCAMENTO=\"LICITADO\",ORÇAMENTO.PrecoUnitarioLicitado>$AN417)),\"ACIMA REF.\",\"\")))))","v":""},{"$f":"IF(C417<=CRONO.NivelExibicao,MAX($AD$15:OFFSET(AD417,-1,0))+IF($C417<>1,1,MAX(1,COUNTIF(QCI!$A$13:$A$41,OFFSET($E417,-1,0)))),\"\")","v":""},{"$f":"IF(AND($C417=\"S\",ORÇAMENTO.CodBarra<>\"\"),IF(ORÇAMENTO.Fonte=\"\",ORÇAMENTO.CodBarra,CONCATENATE(ORÇAMENTO.Fonte,\" \",ORÇAMENTO.CodBarra)))","v":"SINAPI 101916"},{"$f":"IF(ISERROR(INDIRECT(ORÇAMENTO.BancoRef)),\"(abra o arquivo 'Referência \"&Excel_BuiltIn_Database&\".xlsm)\",IF(OR($C417<>\"S\",ORÇAMENTO.CodBarra=\"\"),\"(Sem Código)\",IF(ISERROR(MATCH($AE417,INDIRECT(ORÇAMENTO.BancoRef),0)),\"(Código não identificado nas referências)\",MATCH($AE417,INDIRECT(ORÇAMENTO.BancoRef),0))))","v":3537},{"$f":"ROUND(IF(DESONERACAO=\"sim\",REFERENCIA.Desonerado,REFERENCIA.NaoDesonerado),2)","v":3401.29},0.25,null,1,null,null,4251.6099999999997,4251.6099999999997]
[2,2,2,15,{"$f":"IF($C418=1,OFFSET(E418,-1,0)+MAX(1,COUNTIF(QCI!$A$13:$A$41,OFFSET(ORÇAMENTO!E418,-1,0))),OFFSET(E418,-1,0))","v":18},3,0,0,0,55,{"$f":"IF(OR($C418=\"S\",$C418=0),0,MATCH(OFFSET($D418,0,$C418)+IF($C418<>1,1,COUNTIF(QCI!$A$13:$A$41,ORÇAMENTO!E418)),OFFSET($D418,1,$C418,ROW($C$744)-ROW($C418)),0))","v":15},"F","Nível 2","Nível 2","18.3.","SINAPI",null,"Acessórios",{"$f":"REFERENCIA.Unidade","v":"-"},{"$f":"OFFSET(CÁLCULO!H$15,ROW($T418)-ROW(T$15),0)","v":0},null,"BDI 1",{"$f":"IF($C418=\"S\",ROUND(IF(TIPOORCAMENTO=\"Proposto\",ORÇAMENTO.CustoUnitario*(1+$AH418),ORÇAMENTO.PrecoUnitarioLicitado),15-13*$AF$10),0)","v":0},{"$f":"IF($C418=\"S\",IF(Import.TipoArredondamento<>\"TransfereGOV\",VTOTAL1,SUM(OFFSET(CÁLCULO!$AA$15,ROW($X418)-ROW($X$15),1):OFFSET(CÁLCULO!$AL$15,ROW($X418)-ROW($X$15),-1))),IF($C418=0,0,ROUND(SomaAgrup,15-13*$AF$11)))","v":25340.43},"RA","",{"$f":"IF($C418=\"S\",IF($Z418=\"CP\",$X418,IF($Z418=\"RA\",(($X418)*QCI!$AA$3),0)),SomaAgrup)","v":902.4487773897132},0,{"$f":"IF($N418=\"\",\"\",IF(ORÇAMENTO.Descricao=\"\",\"DESCRIÇÃO\",IF(AND($C418=\"S\",ORÇAMENTO.Unidade=\"\"),\"UNIDADE\",IF($X418<0,\"VALOR NEGATIVO\",IF(OR(AND(TIPOORCAMENTO=\"Proposto\",$AG418<>\"\",$AG418>0,ORÇAMENTO.CustoUnitario>$AG418),AND(TIPOORCAMENTO=\"LICITADO\",ORÇAMENTO.PrecoUnitarioLicitado>$AN418)),\"ACIMA REF.\",\"\")))))","v":""},{"$f":"IF(C418<=CRONO.NivelExibicao,MAX($AD$15:OFFSET(AD418,-1,0))+IF($C418<>1,1,MAX(1,COUNTIF(QCI!$A$13:$A$41,OFFSET($E418,-1,0)))),\"\")","v":60},{"$f":"IF(AND($C418=\"S\",ORÇAMENTO.CodBarra<>\"\"),IF(ORÇAMENTO.Fonte=\"\",ORÇAMENTO.CodBarra,CONCATENATE(ORÇAMENTO.Fonte,\" \",ORÇAMENTO.CodBarra)))","v":false},{"$f":"IF(ISERROR(INDIRECT(ORÇAMENTO.BancoRef)),\"(abra o arquivo 'Referência \"&Excel_BuiltIn_Database&\".xlsm)\",IF(OR($C418<>\"S\",ORÇAMENTO.CodBarra=\"\"),\"(Sem Código)\",IF(ISERROR(MATCH($AE418,INDIRECT(ORÇAMENTO.BancoRef),0)),\"(Código não identificado nas referências)\",MATCH($AE418,INDIRECT(ORÇAMENTO.BancoRef),0))))","v":"(Sem Código)"},{"$f":"ROUND(IF(DESONERACAO=\"sim\",REFERENCIA.Desonerado,REFERENCIA.NaoDesonerado),2)","v":0},0.25,null,null,null,null,25340.43,0]
["S",2,"S",0,{"$f":"IF($C419=1,OFFSET(E419,-1,0)+MAX(1,COUNTIF(QCI!$A$13:$A$41,OFFSET(ORÇAMENTO!E419,-1,0))),OFFSET(E419,-1,0))","v":18},3,0,0,1,0,{"$f":"IF(OR($C419=\"S\",$C419=0),0,MATCH(OFFSET($D419,0,$C419)+IF($C419<>1,1,COUNTIF(QCI!$A$13:$A$41,ORÇAMENTO!E419)),OFFSET($D419,1,$C419,ROW($C$744)-ROW($C419)),0))","v":0},"F","Serviço","Serviço","18.3.1.","SINAPI","94794","REGISTRO DE GAVETA BRUTO, LATÃO, ROSCÁVEL, 1 1/2\", COM ACABAMENTO E CANOPLA CROMADOS - FORNECIMENTO E INSTALAÇÃO. AF_08/2021",{"$f":"REFERENCIA.Unidade","v":"UN"},{"$f":"OFFSET(CÁLCULO!H$15,ROW($T419)-ROW(T$15),0)","v":2},197.38,"BDI 1",{"$f":"IF($C419=\"S\",ROUND(IF(TIPOORCAMENTO=\"Proposto\",ORÇAMENTO.CustoUnitario*(1+$AH419),ORÇAMENTO.PrecoUnitarioLicitado),15-13*$AF$10),0)","v":246.73},{"$f":"IF($C419=\"S\",IF(Import.TipoArredondamento<>\"TransfereGOV\",VTOTAL1,SUM(OFFSET(CÁLCULO!$AA$15,ROW($X419)-ROW($X$15),1):OFFSET(CÁLCULO!$AL$15,ROW($X419)-ROW($X$15),-1))),IF($C419=0,0,ROUND(SomaAgrup,15-13*$AF$11)))","v":493.46},"RA","RA",{"$f":"IF($C419=\"S\",IF($Z419=\"CP\",$X419,IF($Z419=\"RA\",(($X419)*QCI!$AA$3),0)),SomaAgrup)","v":17.573591832921849},0,{"$f":"IF($N419=\"\",\"\",IF(ORÇAMENTO.Descricao=\"\",\"DESCRIÇÃO\",IF(AND($C419=\"S\",ORÇAMENTO.Unidade=\"\"),\"UNIDADE\",IF($X419<0,\"VALOR NEGATIVO\",IF(OR(AND(TIPOORCAMENTO=\"Proposto\",$AG419<>\"\",$AG419>0,ORÇAMENTO.CustoUnitario>$AG419),AND(TIPOORCAMENTO=\"LICITADO\",ORÇAMENTO.PrecoUnitarioLicitado>$AN419)),\"ACIMA REF.\",\"\")))))","v":""},{"$f":"IF(C419<=CRONO.NivelExibicao,MAX($AD$15:OFFSET(AD419,-1,0))+IF($C419<>1,1,MAX(1,COUNTIF(QCI!$A$13:$A$41,OFFSET($E419,-1,0)))),\"\")","v":""},{"$f":"IF(AND($C419=\"S\",ORÇAMENTO.CodBarra<>\"\"),IF(ORÇAMENTO.Fonte=\"\",ORÇAMENTO.CodBarra,CONCATENATE(ORÇAMENTO.Fonte,\" \",ORÇAMENTO.CodBarra)))","v":"SINAPI 94794"},{"$f":"IF(ISERROR(INDIRECT(ORÇAMENTO.BancoRef)),\"(abra o arquivo 'Referência \"&Excel_BuiltIn_Database&\".xlsm)\",IF(OR($C419<>\"S\",ORÇAMENTO.CodBarra=\"\"),\"(Sem Código)\",IF(ISERROR(MATCH($AE419,INDIRECT(ORÇAMENTO.BancoRef),0)),\"(Código não identificado nas referências)\",MATCH($AE419,INDIRECT(ORÇAMENTO.BancoRef),0))))","v":5488},{"$f":"ROUND(IF(DESONERACAO=\"sim\",REFERENCIA.Desonerado,REFERENCIA.NaoDesonerado),2)","v":197.38},0.25,null,2,null,null,493.46,246.73]
["S",2,"S",0,{"$f":"IF($C420=1,OFFSET(E420,-1,0)+MAX(1,COUNTIF(QCI!$A$13:$A$41,OFFSET(ORÇAMENTO!E420,-1,0))),OFFSET(E420,-1,0))","v":18},3,0,0,2,0,{"$f":"IF(OR($C420=\"S\",$C420=0),0,MATCH(OFFSET($D420,0,$C420)+IF($C420<>1,1,COUNTIF(QCI!$A$13:$A$41,ORÇAMENTO!E420)),OFFSET($D420,1,$C420,ROW($C$744)-ROW($C420)),0))","v":0},"F","Serviço","Serviço","18.3.2.","SINAPI","94499","REGISTRO DE GAVETA BRUTO, LATÃO, ROSCÁVEL, 2 1/2\" - FORNECIMENTO E INSTALAÇÃO. AF_08/2021",{"$f":"REFERENCIA.Unidade","v":"UN"},{"$f":"OFFSET(CÁLCULO!H$15,ROW($T420)-ROW(T$15),0)","v":1},344.81,"BDI 1",{"$f":"IF($C420=\"S\",ROUND(IF(TIPOORCAMENTO=\"Proposto\",ORÇAMENTO.CustoUnitario*(1+$AH420),ORÇAMENTO.PrecoUnitarioLicitado),15-13*$AF$10),0)","v":431.01},{"$f":"IF($C420=\"S\",IF(Import.TipoArredondamento<>\"TransfereGOV\",VTOTAL1,SUM(OFFSET(CÁLCULO!$AA$15,ROW($X420)-ROW($X$15),1):OFFSET(CÁLCULO!$AL$15,ROW($X420)-ROW($X$15),-1))),IF($C420=0,0,ROUND(SomaAgrup,15-13*$AF$11)))","v":431.01},"RA","RA",{"$f":"IF($C420=\"S\",IF($Z420=\"CP\",$X420,IF($Z420=\"RA\",(($X420)*QCI!$AA$3),0)),SomaAgrup)","v":15.349559874980033},0,{"$f":"IF($N420=\"\",\"\",IF(ORÇAMENTO.Descricao=\"\",\"DESCRIÇÃO\",IF(AND($C420=\"S\",ORÇAMENTO.Unidade=\"\"),\"UNIDADE\",IF($X420<0,\"VALOR NEGATIVO\",IF(OR(AND(TIPOORCAMENTO=\"Proposto\",$AG420<>\"\",$AG420>0,ORÇAMENTO.CustoUnitario>$AG420),AND(TIPOORCAMENTO=\"LICITADO\",ORÇAMENTO.PrecoUnitarioLicitado>$AN420)),\"ACIMA REF.\",\"\")))))","v":""},{"$f":"IF(C420<=CRONO.NivelExibicao,MAX($AD$15:OFFSET(AD420,-1,0))+IF($C420<>1,1,MAX(1,COUNTIF(QCI!$A$13:$A$41,OFFSET($E420,-1,0)))),\"\")","v":""},{"$f":"IF(AND($C420=\"S\",ORÇAMENTO.CodBarra<>\"\"),IF(ORÇAMENTO.Fonte=\"\",ORÇAMENTO.CodBarra,CONCATENATE(ORÇAMENTO.Fonte,\" \",ORÇAMENTO.CodBarra)))","v":"SINAPI 94499"},{"$f":"IF(ISERROR(INDIRECT(ORÇAMENTO.BancoRef)),\"(abra o arquivo 'Referência \"&Excel_BuiltIn_Database&\".xlsm)\",IF(OR($C420<>\"S\",ORÇAMENTO.CodBarra=\"\"),\"(Sem Código)\",IF(ISERROR(MATCH($AE420,INDIRECT(ORÇAMENTO.BancoRef),0)),\"(Código não identificado nas referências)\",MATCH($AE420,INDIRECT(ORÇAMENTO.BancoRef),0))))","v":5483},{"$f":"ROUND(IF(DESONERACAO=\"sim\",REFERENCIA.Desonerado,REFERENCIA.NaoDesonerado),2)","v":344.81},0.25,null,1,null,null,431.01,431.01]
["S",2,"S",0,{"$f":"IF($C421=1,OFFSET(E421,-1,0)+MAX(1,COUNTIF(QCI!$A$13:$A$41,OFFSET(ORÇAMENTO!E421,-1,0))),OFFSET(E421,-1,0))","v":18},3,0,0,3,0,{"$f":"IF(OR($C421=\"S\",$C421=0),0,MATCH(OFFSET($D421,0,$C421)+IF($C421<>1,1,COUNTIF(QCI!$A$13:$A$41,ORÇAMENTO!E421)),OFFSET($D421,1,$C421,ROW($C$744)-ROW($C421)),0))","v":0},"F","Serviço","Serviço","18.3.3.","SINAPI","94500","REGISTRO DE GAVETA BRUTO, LATÃO, ROSCÁVEL, 3\" - FORNECIMENTO E INSTALAÇÃO. AF_08/2021",{"$f":"REFERENCIA.Unidade","v":"UN"},{"$f":"OFFSET(CÁLCULO!H$15,ROW($T421)-ROW(T$15),0)","v":4},418.44,"BDI 1",{"$f":"IF($C421=\"S\",ROUND(IF(TIPOORCAMENTO=\"Proposto\",ORÇAMENTO.CustoUnitario*(1+$AH421),ORÇAMENTO.PrecoUnitarioLicitado),15-13*$AF$10),0)","v":523.04999999999995},{"$f":"IF($C421=\"S\",IF(Import.TipoArredondamento<>\"TransfereGOV\",VTOTAL1,SUM(OFFSET(CÁLCULO!$AA$15,ROW($X421)-ROW($X$15),1):OFFSET(CÁLCULO!$AL$15,ROW($X421)-ROW($X$15),-1))),IF($C421=0,0,ROUND(SomaAgrup,15-13*$AF$11)))","v":2092.1999999999998},"RA","RA",{"$f":"IF($C421=\"S\",IF($Z421=\"CP\",$X421,IF($Z421=\"RA\",(($X421)*QCI!$AA$3),0)),SomaAgrup)","v":74.509522216266959},0,{"$f":"IF($N421=\"\",\"\",IF(ORÇAMENTO.Descricao=\"\",\"DESCRIÇÃO\",IF(AND($C421=\"S\",ORÇAMENTO.Unidade=\"\"),\"UNIDADE\",IF($X421<0,\"VALOR NEGATIVO\",IF(OR(AND(TIPOORCAMENTO=\"Proposto\",$AG421<>\"\",$AG421>0,ORÇAMENTO.CustoUnitario>$AG421),AND(TIPOORCAMENTO=\"LICITADO\",ORÇAMENTO.PrecoUnitarioLicitado>$AN421)),\"ACIMA REF.\",\"\")))))","v":""},{"$f":"IF(C421<=CRONO.NivelExibicao,MAX($AD$15:OFFSET(AD421,-1,0))+IF($C421<>1,1,MAX(1,COUNTIF(QCI!$A$13:$A$41,OFFSET($E421,-1,0)))),\"\")","v":""},{"$f":"IF(AND($C421=\"S\",ORÇAMENTO.CodBarra<>\"\"),IF(ORÇAMENTO.Fonte=\"\",ORÇAMENTO.CodBarra,CONCATENATE(ORÇAMENTO.Fonte,\" \",ORÇAMENTO.CodBarra)))","v":"SINAPI 94500"},{"$f":"IF(ISERROR(INDIRECT(ORÇAMENTO.BancoRef)),\"(abra o arquivo 'Referência \"&Excel_BuiltIn_Database&\".xlsm)\",IF(OR($C421<>\"S\",ORÇAMENTO.CodBarra=\"\"),\"(Sem Código)\",IF(ISERROR(MATCH($AE421,INDIRECT(ORÇAMENTO.BancoRef),0)),\"(Código não identificado nas referências)\",MATCH($AE421,INDIRECT(ORÇAMENTO.BancoRef),0))))","v":5484},{"$f":"ROUND(IF(DESONERACAO=\"sim\",REFERENCIA.Desonerado,REFERENCIA.NaoDesonerado),2)","v":418.44},0.25,null,4,null,null,2092.1999999999998,523.04999999999995]
["S",2,"S",0,{"$f":"IF($C422=1,OFFSET(E422,-1,0)+MAX(1,COUNTIF(QCI!$A$13:$A$41,OFFSET(ORÇAMENTO!E422,-1,0))),OFFSET(E422,-1,0))","v":18},3,0,0,4,0,{"$f":"IF(OR($C422=\"S\",$C422=0),0,MATCH(OFFSET($D422,0,$C422)+IF($C422<>1,1,COUNTIF(QCI!$A$13:$A$41,ORÇAMENTO!E422)),OFFSET($D422,1,$C422,ROW($C$744)-ROW($C422)),0))","v":0},"F","Serviço","Serviço","18.3.4.","SINAPI","99622","VÁLVULA DE RETENÇÃO HORIZONTAL, DE BRONZE, ROSCÁVEL, 1 1/2\"  - FORNECIMENTO E INSTALAÇÃO. AF_08/2021",{"$f":"REFERENCIA.Unidade","v":"UN"},{"$f":"OFFSET(CÁLCULO!H$15,ROW($T422)-ROW(T$15),0)","v":1},275.54000000000002,"BDI 1",{"$f":"IF($C422=\"S\",ROUND(IF(TIPOORCAMENTO=\"Proposto\",ORÇAMENTO.CustoUnitario*(1+$AH422),ORÇAMENTO.PrecoUnitarioLicitado),15-13*$AF$10),0)","v":344.43},{"$f":"IF($C422=\"S\",IF(Import.TipoArredondamento<>\"TransfereGOV\",VTOTAL1,SUM(OFFSET(CÁLCULO!$AA$15,ROW($X422)-ROW($X$15),1):OFFSET(CÁLCULO!$AL$15,ROW($X422)-ROW($X$15),-1))),IF($C422=0,0,ROUND(SomaAgrup,15-13*$AF$11)))","v":344.43},"RA","RA",{"$f":"IF($C422=\"S\",IF($Z422=\"CP\",$X422,IF($Z422=\"RA\",(($X422)*QCI!$AA$3),0)),SomaAgrup)","v":12.266186185330671},0,{"$f":"IF($N422=\"\",\"\",IF(ORÇAMENTO.Descricao=\"\",\"DESCRIÇÃO\",IF(AND($C422=\"S\",ORÇAMENTO.Unidade=\"\"),\"UNIDADE\",IF($X422<0,\"VALOR NEGATIVO\",IF(OR(AND(TIPOORCAMENTO=\"Proposto\",$AG422<>\"\",$AG422>0,ORÇAMENTO.CustoUnitario>$AG422),AND(TIPOORCAMENTO=\"LICITADO\",ORÇAMENTO.PrecoUnitarioLicitado>$AN422)),\"ACIMA REF.\",\"\")))))","v":""},{"$f":"IF(C422<=CRONO.NivelExibicao,MAX($AD$15:OFFSET(AD422,-1,0))+IF($C422<>1,1,MAX(1,COUNTIF(QCI!$A$13:$A$41,OFFSET($E422,-1,0)))),\"\")","v":""},{"$f":"IF(AND($C422=\"S\",ORÇAMENTO.CodBarra<>\"\"),IF(ORÇAMENTO.Fonte=\"\",ORÇAMENTO.CodBarra,CONCATENATE(ORÇAMENTO.Fonte,\" \",ORÇAMENTO.CodBarra)))","v":"SINAPI 99622"},{"$f":"IF(ISERROR(INDIRECT(ORÇAMENTO.BancoRef)),\"(abra o arquivo 'Referência \"&Excel_BuiltIn_Database&\".xlsm)\",IF(OR($C422<>\"S\",ORÇAMENTO.CodBarra=\"\"),\"(Sem Código)\",IF(ISERROR(MATCH($AE422,INDIRECT(ORÇAMENTO.BancoRef),0)),\"(Código não identificado nas referências)\",MATCH($AE422,INDIRECT(ORÇAMENTO.BancoRef),0))))","v":5504},{"$f":"ROUND(IF(DESONERACAO=\"sim\",REFERENCIA.Desonerado,REFERENCIA.NaoDesonerado),2)","v":275.54000000000002},0.25,null,1,null,null,344.43,344.43]
["S",2,"S",0,{"$f":"IF($C423=1,OFFSET(E423,-1,0)+MAX(1,COUNTIF(QCI!$A$13:$A$41,OFFSET(ORÇAMENTO!E423,-1,0))),OFFSET(E423,-1,0))","v":18},3,0,0,5,0,{"$f":"IF(OR($C423=\"S\",$C423=0),0,MATCH(OFFSET($D423,0,$C423)+IF($C423<>1,1,COUNTIF(QCI!$A$13:$A$41,ORÇAMENTO!E423)),OFFSET($D423,1,$C423,ROW($C$744)-ROW($C423)),0))","v":0},"F","Serviço","Serviço","18.3.5.","SINAPI","99624","VÁLVULA DE RETENÇÃO HORIZONTAL, DE BRONZE, ROSCÁVEL, 2 1/2\" - FORNECIMENTO E INSTALAÇÃO. AF_08/2021",{"$f":"REFERENCIA.Unidade","v":"UN"},{"$f":"OFFSET(CÁLCULO!H$15,ROW($T423)-ROW(T$15),0)","v":2},548.08000000000004,"BDI 1",{"$f":"IF($C423=\"S\",ROUND(IF(TIPOORCAMENTO=\"Proposto\",ORÇAMENTO.CustoUnitario*(1+$AH423),ORÇAMENTO.PrecoUnitarioLicitado),15-13*$AF$10),0)","v":685.1},{"$f":"IF($C423=\"S\",IF(Import.TipoArredondamento<>\"TransfereGOV\",VTOTAL1,SUM(OFFSET(CÁLCULO!$AA$15,ROW($X423)-ROW($X$15),1):OFFSET(CÁLCULO!$AL$15,ROW($X423)-ROW($X$15),-1))),IF($C423=0,0,ROUND(SomaAgrup,15-13*$AF$11)))","v":1370.2},"RA","RA",{"$f":"IF($C423=\"S\",IF($Z423=\"CP\",$X423,IF($Z423=\"RA\",(($X423)*QCI!$AA$3),0)),SomaAgrup)","v":48.796934968324727},0,{"$f":"IF($N423=\"\",\"\",IF(ORÇAMENTO.Descricao=\"\",\"DESCRIÇÃO\",IF(AND($C423=\"S\",ORÇAMENTO.Unidade=\"\"),\"UNIDADE\",IF($X423<0,\"VALOR NEGATIVO\",IF(OR(AND(TIPOORCAMENTO=\"Proposto\",$AG423<>\"\",$AG423>0,ORÇAMENTO.CustoUnitario>$AG423),AND(TIPOORCAMENTO=\"LICITADO\",ORÇAMENTO.PrecoUnitarioLicitado>$AN423)),\"ACIMA REF.\",\"\")))))","v":""},{"$f":"IF(C423<=CRONO.NivelExibicao,MAX($AD$15:OFFSET(AD423,-1,0))+IF($C423<>1,1,MAX(1,COUNTIF(QCI!$A$13:$A$41,OFFSET($E423,-1,0)))),\"\")","v":""},{"$f":"IF(AND($C423=\"S\",ORÇAMENTO.CodBarra<>\"\"),IF(ORÇAMENTO.Fonte=\"\",ORÇAMENTO.CodBarra,CONCATENATE(ORÇAMENTO.Fonte,\" \",ORÇAMENTO.CodBarra)))","v":"SINAPI 99624"},{"$f":"IF(ISERROR(INDIRECT(ORÇAMENTO.BancoRef)),\"(abra o arquivo 'Referência \"&Excel_BuiltIn_Database&\".xlsm)\",IF(OR($C423<>\"S\",ORÇAMENTO.CodBarra=\"\"),\"(Sem Código)\",IF(ISERROR(MATCH($AE423,INDIRECT(ORÇAMENTO.BancoRef),0)),\"(Código não identificado nas referências)\",MATCH($AE423,INDIRECT(ORÇAMENTO.BancoRef),0))))","v":5506},{"$f":"ROUND(IF(DESONERACAO=\"sim\",REFERENCIA.Desonerado,REFERENCIA.NaoDesonerado),2)","v":548.08000000000004},0.25,null,2,null,null,1370.2,685.1]
["S",2,"S",0,{"$f":"IF($C424=1,OFFSET(E424,-1,0)+MAX(1,COUNTIF(QCI!$A$13:$A$41,OFFSET(ORÇAMENTO!E424,-1,0))),OFFSET(E424,-1,0))","v":18},3,0,0,6,0,{"$f":"IF(OR($C424=\"S\",$C424=0),0,MATCH(OFFSET($D424,0,$C424)+IF($C424<>1,1,COUNTIF(QCI!$A$13:$A$41,ORÇAMENTO!E424)),OFFSET($D424,1,$C424,ROW($C$744)-ROW($C424)),0))","v":0},"F","Serviço","Serviço","18.3.6.","SINAPI","99625","VÁLVULA DE RETENÇÃO HORIZONTAL, DE BRONZE, ROSCÁVEL, 3\" - FORNECIMENTO E INSTALAÇÃO. AF_08/2021",{"$f":"REFERENCIA.Unidade","v":"UN"},{"$f":"OFFSET(CÁLCULO!H$15,ROW($T424)-ROW(T$15),0)","v":2},753.82,"BDI 1",{"$f":"IF($C424=\"S\",ROUND(IF(TIPOORCAMENTO=\"Proposto\",ORÇAMENTO.CustoUnitario*(1+$AH424),ORÇAMENTO.PrecoUnitarioLicitado),15-13*$AF$10),0)","v":942.28},{"$f":"IF($C424=\"S\",IF(Import.TipoArredondamento<>\"TransfereGOV\",VTOTAL1,SUM(OFFSET(CÁLCULO!$AA$15,ROW($X424)-ROW($X$15),1):OFFSET(CÁLCULO!$AL$15,ROW($X424)-ROW($X$15),-1))),IF($C424=0,0,ROUND(SomaAgrup,15-13*$AF$11)))","v":1884.56},"RA","RA",{"$f":"IF($C424=\"S\",IF($Z424=\"CP\",$X424,IF($Z424=\"RA\",(($X424)*QCI!$AA$3),0)),SomaAgrup)","v":67.114838537371227},0,{"$f":"IF($N424=\"\",\"\",IF(ORÇAMENTO.Descricao=\"\",\"DESCRIÇÃO\",IF(AND($C424=\"S\",ORÇAMENTO.Unidade=\"\"),\"UNIDADE\",IF($X424<0,\"VALOR NEGATIVO\",IF(OR(AND(TIPOORCAMENTO=\"Proposto\",$AG424<>\"\",$AG424>0,ORÇAMENTO.CustoUnitario>$AG424),AND(TIPOORCAMENTO=\"LICITADO\",ORÇAMENTO.PrecoUnitarioLicitado>$AN424)),\"ACIMA REF.\",\"\")))))","v":""},{"$f":"IF(C424<=CRONO.NivelExibicao,MAX($AD$15:OFFSET(AD424,-1,0))+IF($C424<>1,1,MAX(1,COUNTIF(QCI!$A$13:$A$41,OFFSET($E424,-1,0)))),\"\")","v":""},{"$f":"IF(AND($C424=\"S\",ORÇAMENTO.CodBarra<>\"\"),IF(ORÇAMENTO.Fonte=\"\",ORÇAMENTO.CodBarra,CONCATENATE(ORÇAMENTO.Fonte,\" \",ORÇAMENTO.CodBarra)))","v":"SINAPI 99625"},{"$f":"IF(ISERROR(INDIRECT(ORÇAMENTO.BancoRef)),\"(abra o arquivo 'Referência \"&Excel_BuiltIn_Database&\".xlsm)\",IF(OR($C424<>\"S\",ORÇAMENTO.CodBarra=\"\"),\"(Sem Código)\",IF(ISERROR(MATCH($AE424,INDIRECT(ORÇAMENTO.BancoRef),0)),\"(Código não identificado nas referências)\",MATCH($AE424,INDIRECT(ORÇAMENTO.BancoRef),0))))","v":5507},{"$f":"ROUND(IF(DESONERACAO=\"sim\",REFERENCIA.Desonerado,REFERENCIA.NaoDesonerado),2)","v":753.82},0.25,null,2,null,null,1884.56,942.28]
["S",2,"S",0,{"$f":"IF($C425=1,OFFSET(E425,-1,0)+MAX(1,COUNTIF(QCI!$A$13:$A$41,OFFSET(ORÇAMENTO!E425,-1,0))),OFFSET(E425,-1,0))","v":18},3,0,0,7,0,{"$f":"IF(OR($C425=\"S\",$C425=0),0,MATCH(OFFSET($D425,0,$C425)+IF($C425<>1,1,COUNTIF(QCI!$A$13:$A$41,ORÇAMENTO!E425)),OFFSET($D425,1,$C425,ROW($C$744)-ROW($C425)),0))","v":0},"F","Serviço","Serviço","18.3.7.","SINAPI","FNDE 261","REGISTRO OU VÁLVULA GLOBO ANGULAR EM LATÃO, PARA HIDRANTES EM INSTALAÇÃO PREDIAL DE INCÊNDIO, 45 GRAUS, 1 1/2\" - FORNECIMENTO E INSTALAÇÃO. AF_08/2021","UN",{"$f":"OFFSET(CÁLCULO!H$15,ROW($T425)-ROW(T$15),0)","v":2},189.55,"BDI 1",{"$f":"IF($C425=\"S\",ROUND(IF(TIPOORCAMENTO=\"Proposto\",ORÇAMENTO.CustoUnitario*(1+$AH425),ORÇAMENTO.PrecoUnitarioLicitado),15-13*$AF$10),0)","v":236.94},{"$f":"IF($C425=\"S\",IF(Import.TipoArredondamento<>\"TransfereGOV\",VTOTAL1,SUM(OFFSET(CÁLCULO!$AA$15,ROW($X425)-ROW($X$15),1):OFFSET(CÁLCULO!$AL$15,ROW($X425)-ROW($X$15),-1))),IF($C425=0,0,ROUND(SomaAgrup,15-13*$AF$11)))","v":473.88},"RA","RA",{"$f":"IF($C425=\"S\",IF($Z425=\"CP\",$X425,IF($Z425=\"RA\",(($X425)*QCI!$AA$3),0)),SomaAgrup)","v":16.876289259078764},0,{"$f":"IF($N425=\"\",\"\",IF(ORÇAMENTO.Descricao=\"\",\"DESCRIÇÃO\",IF(AND($C425=\"S\",ORÇAMENTO.Unidade=\"\"),\"UNIDADE\",IF($X425<0,\"VALOR NEGATIVO\",IF(OR(AND(TIPOORCAMENTO=\"Proposto\",$AG425<>\"\",$AG425>0,ORÇAMENTO.CustoUnitario>$AG425),AND(TIPOORCAMENTO=\"LICITADO\",ORÇAMENTO.PrecoUnitarioLicitado>$AN425)),\"ACIMA REF.\",\"\")))))","v":""},{"$f":"IF(C425<=CRONO.NivelExibicao,MAX($AD$15:OFFSET(AD425,-1,0))+IF($C425<>1,1,MAX(1,COUNTIF(QCI!$A$13:$A$41,OFFSET($E425,-1,0)))),\"\")","v":""},{"$f":"IF(AND($C425=\"S\",ORÇAMENTO.CodBarra<>\"\"),IF(ORÇAMENTO.Fonte=\"\",ORÇAMENTO.CodBarra,CONCATENATE(ORÇAMENTO.Fonte,\" \",ORÇAMENTO.CodBarra)))","v":"SINAPI FNDE 261"},{"$f":"IF(ISERROR(INDIRECT(ORÇAMENTO.BancoRef)),\"(abra o arquivo 'Referência \"&Excel_BuiltIn_Database&\".xlsm)\",IF(OR($C425<>\"S\",ORÇAMENTO.CodBarra=\"\"),\"(Sem Código)\",IF(ISERROR(MATCH($AE425,INDIRECT(ORÇAMENTO.BancoRef),0)),\"(Código não identificado nas referências)\",MATCH($AE425,INDIRECT(ORÇAMENTO.BancoRef),0))))","v":"(Código não identificado nas referências)"},{"$f":"ROUND(IF(DESONERACAO=\"sim\",REFERENCIA.Desonerado,REFERENCIA.NaoDesonerado),2)","v":0},0.25,null,2,null,null,473.88,236.94]
["S",2,"S",0,{"$f":"IF($C426=1,OFFSET(E426,-1,0)+MAX(1,COUNTIF(QCI!$A$13:$A$41,OFFSET(ORÇAMENTO!E426,-1,0))),OFFSET(E426,-1,0))","v":18},3,0,0,8,0,{"$f":"IF(OR($C426=\"S\",$C426=0),0,MATCH(OFFSET($D426,0,$C426)+IF($C426<>1,1,COUNTIF(QCI!$A$13:$A$41,ORÇAMENTO!E426)),OFFSET($D426,1,$C426,ROW($C$744)-ROW($C426)),0))","v":0},"F","Serviço","Serviço","18.3.8.","SINAPI","101917","MANÔMETRO 0 A 200 PSI (0 A 14 KGF/CM2), D = 50MM - FORNECIMENTO E INSTALAÇÃO. AF_10/2020",{"$f":"REFERENCIA.Unidade","v":"UN"},{"$f":"OFFSET(CÁLCULO!H$15,ROW($T426)-ROW(T$15),0)","v":1},182.23,"BDI 1",{"$f":"IF($C426=\"S\",ROUND(IF(TIPOORCAMENTO=\"Proposto\",ORÇAMENTO.CustoUnitario*(1+$AH426),ORÇAMENTO.PrecoUnitarioLicitado),15-13*$AF$10),0)","v":227.79},{"$f":"IF($C426=\"S\",IF(Import.TipoArredondamento<>\"TransfereGOV\",VTOTAL1,SUM(OFFSET(CÁLCULO!$AA$15,ROW($X426)-ROW($X$15),1):OFFSET(CÁLCULO!$AL$15,ROW($X426)-ROW($X$15),-1))),IF($C426=0,0,ROUND(SomaAgrup,15-13*$AF$11)))","v":227.79},"RA","RA",{"$f":"IF($C426=\"S\",IF($Z426=\"CP\",$X426,IF($Z426=\"RA\",(($X426)*QCI!$AA$3),0)),SomaAgrup)","v":8.1122856637240464},0,{"$f":"IF($N426=\"\",\"\",IF(ORÇAMENTO.Descricao=\"\",\"DESCRIÇÃO\",IF(AND($C426=\"S\",ORÇAMENTO.Unidade=\"\"),\"UNIDADE\",IF($X426<0,\"VALOR NEGATIVO\",IF(OR(AND(TIPOORCAMENTO=\"Proposto\",$AG426<>\"\",$AG426>0,ORÇAMENTO.CustoUnitario>$AG426),AND(TIPOORCAMENTO=\"LICITADO\",ORÇAMENTO.PrecoUnitarioLicitado>$AN426)),\"ACIMA REF.\",\"\")))))","v":""},{"$f":"IF(C426<=CRONO.NivelExibicao,MAX($AD$15:OFFSET(AD426,-1,0))+IF($C426<>1,1,MAX(1,COUNTIF(QCI!$A$13:$A$41,OFFSET($E426,-1,0)))),\"\")","v":""},{"$f":"IF(AND($C426=\"S\",ORÇAMENTO.CodBarra<>\"\"),IF(ORÇAMENTO.Fonte=\"\",ORÇAMENTO.CodBarra,CONCATENATE(ORÇAMENTO.Fonte,\" \",ORÇAMENTO.CodBarra)))","v":"SINAPI 101917"},{"$f":"IF(ISERROR(INDIRECT(ORÇAMENTO.BancoRef)),\"(abra o arquivo 'Referência \"&Excel_BuiltIn_Database&\".xlsm)\",IF(OR($C426<>\"S\",ORÇAMENTO.CodBarra=\"\"),\"(Sem Código)\",IF(ISERROR(MATCH($AE426,INDIRECT(ORÇAMENTO.BancoRef),0)),\"(Código não identificado nas referências)\",MATCH($AE426,INDIRECT(ORÇAMENTO.BancoRef),0))))","v":3538},{"$f":"ROUND(IF(DESONERACAO=\"sim\",REFERENCIA.Desonerado,REFERENCIA.NaoDesonerado),2)","v":182.23},0.25,null,1,null,null,227.79,227.79]
["S",2,"S",0,{"$f":"IF($C427=1,OFFSET(E427,-1,0)+MAX(1,COUNTIF(QCI!$A$13:$A$41,OFFSET(ORÇAMENTO!E427,-1,0))),OFFSET(E427,-1,0))","v":18},3,0,0,9,0,{"$f":"IF(OR($C427=\"S\",$C427=0),0,MATCH(OFFSET($D427,0,$C427)+IF($C427<>1,1,COUNTIF(QCI!$A$13:$A$41,ORÇAMENTO!E427)),OFFSET($D427,1,$C427,ROW($C$744)-ROW($C427)),0))","v":0},"F","Serviço","Serviço","18.3.9.","SINAPI","95249","VÁLVULA DE ESFERA BRUTA, BRONZE, ROSCÁVEL, 3/4'' - FORNECIMENTO E INSTALAÇÃO. AF_08/2021",{"$f":"REFERENCIA.Unidade","v":"UN"},{"$f":"OFFSET(CÁLCULO!H$15,ROW($T427)-ROW(T$15),0)","v":2},72.95,"BDI 1",{"$f":"IF($C427=\"S\",ROUND(IF(TIPOORCAMENTO=\"Proposto\",ORÇAMENTO.CustoUnitario*(1+$AH427),ORÇAMENTO.PrecoUnitarioLicitado),15-13*$AF$10),0)","v":91.19},{"$f":"IF($C427=\"S\",IF(Import.TipoArredondamento<>\"TransfereGOV\",VTOTAL1,SUM(OFFSET(CÁLCULO!$AA$15,ROW($X427)-ROW($X$15),1):OFFSET(CÁLCULO!$AL$15,ROW($X427)-ROW($X$15),-1))),IF($C427=0,0,ROUND(SomaAgrup,15-13*$AF$11)))","v":182.38},"RA","RA",{"$f":"IF($C427=\"S\",IF($Z427=\"CP\",$X427,IF($Z427=\"RA\",(($X427)*QCI!$AA$3),0)),SomaAgrup)","v":6.4950992552350488},0,{"$f":"IF($N427=\"\",\"\",IF(ORÇAMENTO.Descricao=\"\",\"DESCRIÇÃO\",IF(AND($C427=\"S\",ORÇAMENTO.Unidade=\"\"),\"UNIDADE\",IF($X427<0,\"VALOR NEGATIVO\",IF(OR(AND(TIPOORCAMENTO=\"Proposto\",$AG427<>\"\",$AG427>0,ORÇAMENTO.CustoUnitario>$AG427),AND(TIPOORCAMENTO=\"LICITADO\",ORÇAMENTO.PrecoUnitarioLicitado>$AN427)),\"ACIMA REF.\",\"\")))))","v":""},{"$f":"IF(C427<=CRONO.NivelExibicao,MAX($AD$15:OFFSET(AD427,-1,0))+IF($C427<>1,1,MAX(1,COUNTIF(QCI!$A$13:$A$41,OFFSET($E427,-1,0)))),\"\")","v":""},{"$f":"IF(AND($C427=\"S\",ORÇAMENTO.CodBarra<>\"\"),IF(ORÇAMENTO.Fonte=\"\",ORÇAMENTO.CodBarra,CONCATENATE(ORÇAMENTO.Fonte,\" \",ORÇAMENTO.CodBarra)))","v":"SINAPI 95249"},{"$f":"IF(ISERROR(INDIRECT(ORÇAMENTO.BancoRef)),\"(abra o arquivo 'Referência \"&Excel_BuiltIn_Database&\".xlsm)\",IF(OR($C427<>\"S\",ORÇAMENTO.CodBarra=\"\"),\"(Sem Código)\",IF(ISERROR(MATCH($AE427,INDIRECT(ORÇAMENTO.BancoRef),0)),\"(Código não identificado nas referências)\",MATCH($AE427,INDIRECT(ORÇAMENTO.BancoRef),0))))","v":5496},{"$f":"ROUND(IF(DESONERACAO=\"sim\",REFERENCIA.Desonerado,REFERENCIA.NaoDesonerado),2)","v":72.95},0.25,null,2,null,null,182.38,91.19]
["S",2,"S",0,{"$f":"IF($C428=1,OFFSET(E428,-1,0)+MAX(1,COUNTIF(QCI!$A$13:$A$41,OFFSET(ORÇAMENTO!E428,-1,0))),OFFSET(E428,-1,0))","v":18},3,0,0,10,0,{"$f":"IF(OR($C428=\"S\",$C428=0),0,MATCH(OFFSET($D428,0,$C428)+IF($C428<>1,1,COUNTIF(QCI!$A$13:$A$41,ORÇAMENTO!E428)),OFFSET($D428,1,$C428,ROW($C$744)-ROW($C428)),0))","v":0},"F","Serviço","Serviço","18.3.10.","SINAPI","FNDE 332","MOTOBOMBA CENTRIFUGA","UN",{"$f":"OFFSET(CÁLCULO!H$15,ROW($T428)-ROW(T$15),0)","v":2},4611.2700000000004,"BDI 1",{"$f":"IF($C428=\"S\",ROUND(IF(TIPOORCAMENTO=\"Proposto\",ORÇAMENTO.CustoUnitario*(1+$AH428),ORÇAMENTO.PrecoUnitarioLicitado),15-13*$AF$10),0)","v":5764.09},{"$f":"IF($C428=\"S\",IF(Import.TipoArredondamento<>\"TransfereGOV\",VTOTAL1,SUM(OFFSET(CÁLCULO!$AA$15,ROW($X428)-ROW($X$15),1):OFFSET(CÁLCULO!$AL$15,ROW($X428)-ROW($X$15),-1))),IF($C428=0,0,ROUND(SomaAgrup,15-13*$AF$11)))","v":11528.18},"RA","RA",{"$f":"IF($C428=\"S\",IF($Z428=\"CP\",$X428,IF($Z428=\"RA\",(($X428)*QCI!$AA$3),0)),SomaAgrup)","v":410.55309426590406},0,{"$f":"IF($N428=\"\",\"\",IF(ORÇAMENTO.Descricao=\"\",\"DESCRIÇÃO\",IF(AND($C428=\"S\",ORÇAMENTO.Unidade=\"\"),\"UNIDADE\",IF($X428<0,\"VALOR NEGATIVO\",IF(OR(AND(TIPOORCAMENTO=\"Proposto\",$AG428<>\"\",$AG428>0,ORÇAMENTO.CustoUnitario>$AG428),AND(TIPOORCAMENTO=\"LICITADO\",ORÇAMENTO.PrecoUnitarioLicitado>$AN428)),\"ACIMA REF.\",\"\")))))","v":""},{"$f":"IF(C428<=CRONO.NivelExibicao,MAX($AD$15:OFFSET(AD428,-1,0))+IF($C428<>1,1,MAX(1,COUNTIF(QCI!$A$13:$A$41,OFFSET($E428,-1,0)))),\"\")","v":""},{"$f":"IF(AND($C428=\"S\",ORÇAMENTO.CodBarra<>\"\"),IF(ORÇAMENTO.Fonte=\"\",ORÇAMENTO.CodBarra,CONCATENATE(ORÇAMENTO.Fonte,\" \",ORÇAMENTO.CodBarra)))","v":"SINAPI FNDE 332"},{"$f":"IF(ISERROR(INDIRECT(ORÇAMENTO.BancoRef)),\"(abra o arquivo 'Referência \"&Excel_BuiltIn_Database&\".xlsm)\",IF(OR($C428<>\"S\",ORÇAMENTO.CodBarra=\"\"),\"(Sem Código)\",IF(ISERROR(MATCH($AE428,INDIRECT(ORÇAMENTO.BancoRef),0)),\"(Código não identificado nas referências)\",MATCH($AE428,INDIRECT(ORÇAMENTO.BancoRef),0))))","v":"(Código não identificado nas referências)"},{"$f":"ROUND(IF(DESONERACAO=\"sim\",REFERENCIA.Desonerado,REFERENCIA.NaoDesonerado),2)","v":0},0.25,null,2,null,null,11528.18,5764.09]
["S",2,"S",0,{"$f":"IF($C429=1,OFFSET(E429,-1,0)+MAX(1,COUNTIF(QCI!$A$13:$A$41,OFFSET(ORÇAMENTO!E429,-1,0))),OFFSET(E429,-1,0))","v":18},3,0,0,11,0,{"$f":"IF(OR($C429=\"S\",$C429=0),0,MATCH(OFFSET($D429,0,$C429)+IF($C429<>1,1,COUNTIF(QCI!$A$13:$A$41,ORÇAMENTO!E429)),OFFSET($D429,1,$C429,ROW($C$744)-ROW($C429)),0))","v":0},"F","Serviço","Serviço","18.3.11.","SINAPI","FNDE 112","PRESSOSTATO","UN",{"$f":"OFFSET(CÁLCULO!H$15,ROW($T429)-ROW(T$15),0)","v":1},491.29,"BDI 1",{"$f":"IF($C429=\"S\",ROUND(IF(TIPOORCAMENTO=\"Proposto\",ORÇAMENTO.CustoUnitario*(1+$AH429),ORÇAMENTO.PrecoUnitarioLicitado),15-13*$AF$10),0)","v":614.11},{"$f":"IF($C429=\"S\",IF(Import.TipoArredondamento<>\"TransfereGOV\",VTOTAL1,SUM(OFFSET(CÁLCULO!$AA$15,ROW($X429)-ROW($X$15),1):OFFSET(CÁLCULO!$AL$15,ROW($X429)-ROW($X$15),-1))),IF($C429=0,0,ROUND(SomaAgrup,15-13*$AF$11)))","v":614.11},"RA","RA",{"$f":"IF($C429=\"S\",IF($Z429=\"CP\",$X429,IF($Z429=\"RA\",(($X429)*QCI!$AA$3),0)),SomaAgrup)","v":21.870300491459567},0,{"$f":"IF($N429=\"\",\"\",IF(ORÇAMENTO.Descricao=\"\",\"DESCRIÇÃO\",IF(AND($C429=\"S\",ORÇAMENTO.Unidade=\"\"),\"UNIDADE\",IF($X429<0,\"VALOR NEGATIVO\",IF(OR(AND(TIPOORCAMENTO=\"Proposto\",$AG429<>\"\",$AG429>0,ORÇAMENTO.CustoUnitario>$AG429),AND(TIPOORCAMENTO=\"LICITADO\",ORÇAMENTO.PrecoUnitarioLicitado>$AN429)),\"ACIMA REF.\",\"\")))))","v":""},{"$f":"IF(C429<=CRONO.NivelExibicao,MAX($AD$15:OFFSET(AD429,-1,0))+IF($C429<>1,1,MAX(1,COUNTIF(QCI!$A$13:$A$41,OFFSET($E429,-1,0)))),\"\")","v":""},{"$f":"IF(AND($C429=\"S\",ORÇAMENTO.CodBarra<>\"\"),IF(ORÇAMENTO.Fonte=\"\",ORÇAMENTO.CodBarra,CONCATENATE(ORÇAMENTO.Fonte,\" \",ORÇAMENTO.CodBarra)))","v":"SINAPI FNDE 112"},{"$f":"IF(ISERROR(INDIRECT(ORÇAMENTO.BancoRef)),\"(abra o arquivo 'Referência \"&Excel_BuiltIn_Database&\".xlsm)\",IF(OR($C429<>\"S\",ORÇAMENTO.CodBarra=\"\"),\"(Sem Código)\",IF(ISERROR(MATCH($AE429,INDIRECT(ORÇAMENTO.BancoRef),0)),\"(Código não identificado nas referências)\",MATCH($AE429,INDIRECT(ORÇAMENTO.BancoRef),0))))","v":"(Código não identificado nas referências)"},{"$f":"ROUND(IF(DESONERACAO=\"sim\",REFERENCIA.Desonerado,REFERENCIA.NaoDesonerado),2)","v":0},0.25,null,1,null,null,614.11,614.11]
["S",2,"S",0,{"$f":"IF($C430=1,OFFSET(E430,-1,0)+MAX(1,COUNTIF(QCI!$A$13:$A$41,OFFSET(ORÇAMENTO!E430,-1,0))),OFFSET(E430,-1,0))","v":18},3,0,0,12,0,{"$f":"IF(OR($C430=\"S\",$C430=0),0,MATCH(OFFSET($D430,0,$C430)+IF($C430<>1,1,COUNTIF(QCI!$A$13:$A$41,ORÇAMENTO!E430)),OFFSET($D430,1,$C430,ROW($C$744)-ROW($C430)),0))","v":0},"F","Serviço","Serviço","18.3.12.","SINAPI","FNDE 113","TANQUE DE PRESSÃO","UN",{"$f":"OFFSET(CÁLCULO!H$15,ROW($T430)-ROW(T$15),0)","v":1},557.77,"BDI 1",{"$f":"IF($C430=\"S\",ROUND(IF(TIPOORCAMENTO=\"Proposto\",ORÇAMENTO.CustoUnitario*(1+$AH430),ORÇAMENTO.PrecoUnitarioLicitado),15-13*$AF$10),0)","v":697.21},{"$f":"IF($C430=\"S\",IF(Import.TipoArredondamento<>\"TransfereGOV\",VTOTAL1,SUM(OFFSET(CÁLCULO!$AA$15,ROW($X430)-ROW($X$15),1):OFFSET(CÁLCULO!$AL$15,ROW($X430)-ROW($X$15),-1))),IF($C430=0,0,ROUND(SomaAgrup,15-13*$AF$11)))","v":697.21},"RA","RA",{"$f":"IF($C430=\"S\",IF($Z430=\"CP\",$X430,IF($Z430=\"RA\",(($X430)*QCI!$AA$3),0)),SomaAgrup)","v":24.829740935093916},0,{"$f":"IF($N430=\"\",\"\",IF(ORÇAMENTO.Descricao=\"\",\"DESCRIÇÃO\",IF(AND($C430=\"S\",ORÇAMENTO.Unidade=\"\"),\"UNIDADE\",IF($X430<0,\"VALOR NEGATIVO\",IF(OR(AND(TIPOORCAMENTO=\"Proposto\",$AG430<>\"\",$AG430>0,ORÇAMENTO.CustoUnitario>$AG430),AND(TIPOORCAMENTO=\"LICITADO\",ORÇAMENTO.PrecoUnitarioLicitado>$AN430)),\"ACIMA REF.\",\"\")))))","v":""},{"$f":"IF(C430<=CRONO.NivelExibicao,MAX($AD$15:OFFSET(AD430,-1,0))+IF($C430<>1,1,MAX(1,COUNTIF(QCI!$A$13:$A$41,OFFSET($E430,-1,0)))),\"\")","v":""},{"$f":"IF(AND($C430=\"S\",ORÇAMENTO.CodBarra<>\"\"),IF(ORÇAMENTO.Fonte=\"\",ORÇAMENTO.CodBarra,CONCATENATE(ORÇAMENTO.Fonte,\" \",ORÇAMENTO.CodBarra)))","v":"SINAPI FNDE 113"},{"$f":"IF(ISERROR(INDIRECT(ORÇAMENTO.BancoRef)),\"(abra o arquivo 'Referência \"&Excel_BuiltIn_Database&\".xlsm)\",IF(OR($C430<>\"S\",ORÇAMENTO.CodBarra=\"\"),\"(Sem Código)\",IF(ISERROR(MATCH($AE430,INDIRECT(ORÇAMENTO.BancoRef),0)),\"(Código não identificado nas referências)\",MATCH($AE430,INDIRECT(ORÇAMENTO.BancoRef),0))))","v":"(Código não identificado nas referências)"},{"$f":"ROUND(IF(DESONERACAO=\"sim\",REFERENCIA.Desonerado,REFERENCIA.NaoDesonerado),2)","v":0},0.25,null,1,null,null,697.21,697.21]
["S",2,"S",0,{"$f":"IF($C431=1,OFFSET(E431,-1,0)+MAX(1,COUNTIF(QCI!$A$13:$A$41,OFFSET(ORÇAMENTO!E431,-1,0))),OFFSET(E431,-1,0))","v":18},3,0,0,13,0,{"$f":"IF(OR($C431=\"S\",$C431=0),0,MATCH(OFFSET($D431,0,$C431)+IF($C431<>1,1,COUNTIF(QCI!$A$13:$A$41,ORÇAMENTO!E431)),OFFSET($D431,1,$C431,ROW($C$744)-ROW($C431)),0))","v":0},"F","Serviço","Serviço","18.3.13.","SINAPI","FNDE 114","VÁLVULA DE ALÍVIO","UM",{"$f":"OFFSET(CÁLCULO!H$15,ROW($T431)-ROW(T$15),0)","v":1},2811.98,"BDI 1",{"$f":"IF($C431=\"S\",ROUND(IF(TIPOORCAMENTO=\"Proposto\",ORÇAMENTO.CustoUnitario*(1+$AH431),ORÇAMENTO.PrecoUnitarioLicitado),15-13*$AF$10),0)","v":3514.98},{"$f":"IF($C431=\"S\",IF(Import.TipoArredondamento<>\"TransfereGOV\",VTOTAL1,SUM(OFFSET(CÁLCULO!$AA$15,ROW($X431)-ROW($X$15),1):OFFSET(CÁLCULO!$AL$15,ROW($X431)-ROW($X$15),-1))),IF($C431=0,0,ROUND(SomaAgrup,15-13*$AF$11)))","v":3514.98},"RA","RA",{"$f":"IF($C431=\"S\",IF($Z431=\"CP\",$X431,IF($Z431=\"RA\",(($X431)*QCI!$AA$3),0)),SomaAgrup)","v":125.17898881547369},0,{"$f":"IF($N431=\"\",\"\",IF(ORÇAMENTO.Descricao=\"\",\"DESCRIÇÃO\",IF(AND($C431=\"S\",ORÇAMENTO.Unidade=\"\"),\"UNIDADE\",IF($X431<0,\"VALOR NEGATIVO\",IF(OR(AND(TIPOORCAMENTO=\"Proposto\",$AG431<>\"\",$AG431>0,ORÇAMENTO.CustoUnitario>$AG431),AND(TIPOORCAMENTO=\"LICITADO\",ORÇAMENTO.PrecoUnitarioLicitado>$AN431)),\"ACIMA REF.\",\"\")))))","v":""},{"$f":"IF(C431<=CRONO.NivelExibicao,MAX($AD$15:OFFSET(AD431,-1,0))+IF($C431<>1,1,MAX(1,COUNTIF(QCI!$A$13:$A$41,OFFSET($E431,-1,0)))),\"\")","v":""},{"$f":"IF(AND($C431=\"S\",ORÇAMENTO.CodBarra<>\"\"),IF(ORÇAMENTO.Fonte=\"\",ORÇAMENTO.CodBarra,CONCATENATE(ORÇAMENTO.Fonte,\" \",ORÇAMENTO.CodBarra)))","v":"SINAPI FNDE 114"},{"$f":"IF(ISERROR(INDIRECT(ORÇAMENTO.BancoRef)),\"(abra o arquivo 'Referência \"&Excel_BuiltIn_Database&\".xlsm)\",IF(OR($C431<>\"S\",ORÇAMENTO.CodBarra=\"\"),\"(Sem Código)\",IF(ISERROR(MATCH($AE431,INDIRECT(ORÇAMENTO.BancoRef),0)),\"(Código não identificado nas referências)\",MATCH($AE431,INDIRECT(ORÇAMENTO.BancoRef),0))))","v":"(Código não identificado nas referências)"},{"$f":"ROUND(IF(DESONERACAO=\"sim\",REFERENCIA.Desonerado,REFERENCIA.NaoDesonerado),2)","v":0},0.25,null,1,null,null,3514.98,3514.98]
["S",2,"S",0,{"$f":"IF($C432=1,OFFSET(E432,-1,0)+MAX(1,COUNTIF(QCI!$A$13:$A$41,OFFSET(ORÇAMENTO!E432,-1,0))),OFFSET(E432,-1,0))","v":18},3,0,0,14,0,{"$f":"IF(OR($C432=\"S\",$C432=0),0,MATCH(OFFSET($D432,0,$C432)+IF($C432<>1,1,COUNTIF(QCI!$A$13:$A$41,ORÇAMENTO!E432)),OFFSET($D432,1,$C432,ROW($C$744)-ROW($C432)),0))","v":0},"F","Serviço","Serviço","18.3.14.","SINAPI","102111","BOMBA CENTRÍFUGA, MONOFÁSICA, 0,5 CV OU 0,49 HP, HM 6 A 20 M, Q 1,2 A 8,3 M3/H - FORNECIMENTO E INSTALAÇÃO. AF_12/2020",{"$f":"REFERENCIA.Unidade","v":"UN"},{"$f":"OFFSET(CÁLCULO!H$15,ROW($T432)-ROW(T$15),0)","v":1},1188.83,"BDI 1",{"$f":"IF($C432=\"S\",ROUND(IF(TIPOORCAMENTO=\"Proposto\",ORÇAMENTO.CustoUnitario*(1+$AH432),ORÇAMENTO.PrecoUnitarioLicitado),15-13*$AF$10),0)","v":1486.04},{"$f":"IF($C432=\"S\",IF(Import.TipoArredondamento<>\"TransfereGOV\",VTOTAL1,SUM(OFFSET(CÁLCULO!$AA$15,ROW($X432)-ROW($X$15),1):OFFSET(CÁLCULO!$AL$15,ROW($X432)-ROW($X$15),-1))),IF($C432=0,0,ROUND(SomaAgrup,15-13*$AF$11)))","v":1486.04},"RA","RA",{"$f":"IF($C432=\"S\",IF($Z432=\"CP\",$X432,IF($Z432=\"RA\",(($X432)*QCI!$AA$3),0)),SomaAgrup)","v":52.922345088548589},0,{"$f":"IF($N432=\"\",\"\",IF(ORÇAMENTO.Descricao=\"\",\"DESCRIÇÃO\",IF(AND($C432=\"S\",ORÇAMENTO.Unidade=\"\"),\"UNIDADE\",IF($X432<0,\"VALOR NEGATIVO\",IF(OR(AND(TIPOORCAMENTO=\"Proposto\",$AG432<>\"\",$AG432>0,ORÇAMENTO.CustoUnitario>$AG432),AND(TIPOORCAMENTO=\"LICITADO\",ORÇAMENTO.PrecoUnitarioLicitado>$AN432)),\"ACIMA REF.\",\"\")))))","v":""},{"$f":"IF(C432<=CRONO.NivelExibicao,MAX($AD$15:OFFSET(AD432,-1,0))+IF($C432<>1,1,MAX(1,COUNTIF(QCI!$A$13:$A$41,OFFSET($E432,-1,0)))),\"\")","v":""},{"$f":"IF(AND($C432=\"S\",ORÇAMENTO.CodBarra<>\"\"),IF(ORÇAMENTO.Fonte=\"\",ORÇAMENTO.CodBarra,CONCATENATE(ORÇAMENTO.Fonte,\" \",ORÇAMENTO.CodBarra)))","v":"SINAPI 102111"},{"$f":"IF(ISERROR(INDIRECT(ORÇAMENTO.BancoRef)),\"(abra o arquivo 'Referência \"&Excel_BuiltIn_Database&\".xlsm)\",IF(OR($C432<>\"S\",ORÇAMENTO.CodBarra=\"\"),\"(Sem Código)\",IF(ISERROR(MATCH($AE432,INDIRECT(ORÇAMENTO.BancoRef),0)),\"(Código não identificado nas referências)\",MATCH($AE432,INDIRECT(ORÇAMENTO.BancoRef),0))))","v":5659},{"$f":"ROUND(IF(DESONERACAO=\"sim\",REFERENCIA.Desonerado,REFERENCIA.NaoDesonerado),2)","v":1188.83},0.25,null,1,null,null,1486.04,1486.04]
[2,2,2,36,{"$f":"IF($C433=1,OFFSET(E433,-1,0)+MAX(1,COUNTIF(QCI!$A$13:$A$41,OFFSET(ORÇAMENTO!E433,-1,0))),OFFSET(E433,-1,0))","v":18},4,0,0,0,40,{"$f":"IF(OR($C433=\"S\",$C433=0),0,MATCH(OFFSET($D433,0,$C433)+IF($C433<>1,1,COUNTIF(QCI!$A$13:$A$41,ORÇAMENTO!E433)),OFFSET($D433,1,$C433,ROW($C$744)-ROW($C433)),0))","v":36},"F","Nível 2","Nível 2","18.4.","SINAPI",null,"Tubulações e conexões",{"$f":"REFERENCIA.Unidade","v":"-"},{"$f":"OFFSET(CÁLCULO!H$15,ROW($T433)-ROW(T$15),0)","v":0},null,"BDI 1",{"$f":"IF($C433=\"S\",ROUND(IF(TIPOORCAMENTO=\"Proposto\",ORÇAMENTO.CustoUnitario*(1+$AH433),ORÇAMENTO.PrecoUnitarioLicitado),15-13*$AF$10),0)","v":0},{"$f":"IF($C433=\"S\",IF(Import.TipoArredondamento<>\"TransfereGOV\",VTOTAL1,SUM(OFFSET(CÁLCULO!$AA$15,ROW($X433)-ROW($X$15),1):OFFSET(CÁLCULO!$AL$15,ROW($X433)-ROW($X$15),-1))),IF($C433=0,0,ROUND(SomaAgrup,15-13*$AF$11)))","v":29055.37},"RA","",{"$f":"IF($C433=\"S\",IF($Z433=\"CP\",$X433,IF($Z433=\"RA\",(($X433)*QCI!$AA$3),0)),SomaAgrup)","v":1034.7489420308077},0,{"$f":"IF($N433=\"\",\"\",IF(ORÇAMENTO.Descricao=\"\",\"DESCRIÇÃO\",IF(AND($C433=\"S\",ORÇAMENTO.Unidade=\"\"),\"UNIDADE\",IF($X433<0,\"VALOR NEGATIVO\",IF(OR(AND(TIPOORCAMENTO=\"Proposto\",$AG433<>\"\",$AG433>0,ORÇAMENTO.CustoUnitario>$AG433),AND(TIPOORCAMENTO=\"LICITADO\",ORÇAMENTO.PrecoUnitarioLicitado>$AN433)),\"ACIMA REF.\",\"\")))))","v":""},{"$f":"IF(C433<=CRONO.NivelExibicao,MAX($AD$15:OFFSET(AD433,-1,0))+IF($C433<>1,1,MAX(1,COUNTIF(QCI!$A$13:$A$41,OFFSET($E433,-1,0)))),\"\")","v":61},{"$f":"IF(AND($C433=\"S\",ORÇAMENTO.CodBarra<>\"\"),IF(ORÇAMENTO.Fonte=\"\",ORÇAMENTO.CodBarra,CONCATENATE(ORÇAMENTO.Fonte,\" \",ORÇAMENTO.CodBarra)))","v":false},{"$f":"IF(ISERROR(INDIRECT(ORÇAMENTO.BancoRef)),\"(abra o arquivo 'Referência \"&Excel_BuiltIn_Database&\".xlsm)\",IF(OR($C433<>\"S\",ORÇAMENTO.CodBarra=\"\"),\"(Sem Código)\",IF(ISERROR(MATCH($AE433,INDIRECT(ORÇAMENTO.BancoRef),0)),\"(Código não identificado nas referências)\",MATCH($AE433,INDIRECT(ORÇAMENTO.BancoRef),0))))","v":"(Sem Código)"},{"$f":"ROUND(IF(DESONERACAO=\"sim\",REFERENCIA.Desonerado,REFERENCIA.NaoDesonerado),2)","v":0},0.25,null,null,null,null,29055.37,0]
["S",2,"S",0,{"$f":"IF($C434=1,OFFSET(E434,-1,0)+MAX(1,COUNTIF(QCI!$A$13:$A$41,OFFSET(ORÇAMENTO!E434,-1,0))),OFFSET(E434,-1,0))","v":18},4,0,0,1,0,{"$f":"IF(OR($C434=\"S\",$C434=0),0,MATCH(OFFSET($D434,0,$C434)+IF($C434<>1,1,COUNTIF(QCI!$A$13:$A$41,ORÇAMENTO!E434)),OFFSET($D434,1,$C434,ROW($C$744)-ROW($C434)),0))","v":0},"F","Serviço","Serviço","18.4.1.","SINAPI","95805","CONDULETE DE PVC, TIPO B, PARA ELETRODUTO DE PVC SOLDÁVEL DN 25 MM (3/4''), APARENTE - FORNECIMENTO E INSTALAÇÃO. AF_10/2022",{"$f":"REFERENCIA.Unidade","v":"UN"},{"$f":"OFFSET(CÁLCULO!H$15,ROW($T434)-ROW(T$15),0)","v":16},24.95,"BDI 1",{"$f":"IF($C434=\"S\",ROUND(IF(TIPOORCAMENTO=\"Proposto\",ORÇAMENTO.CustoUnitario*(1+$AH434),ORÇAMENTO.PrecoUnitarioLicitado),15-13*$AF$10),0)","v":31.19},{"$f":"IF($C434=\"S\",IF(Import.TipoArredondamento<>\"TransfereGOV\",VTOTAL1,SUM(OFFSET(CÁLCULO!$AA$15,ROW($X434)-ROW($X$15),1):OFFSET(CÁLCULO!$AL$15,ROW($X434)-ROW($X$15),-1))),IF($C434=0,0,ROUND(SomaAgrup,15-13*$AF$11)))","v":499.04},"RA","RA",{"$f":"IF($C434=\"S\",IF($Z434=\"CP\",$X434,IF($Z434=\"RA\",(($X434)*QCI!$AA$3),0)),SomaAgrup)","v":17.772312382566614},0,{"$f":"IF($N434=\"\",\"\",IF(ORÇAMENTO.Descricao=\"\",\"DESCRIÇÃO\",IF(AND($C434=\"S\",ORÇAMENTO.Unidade=\"\"),\"UNIDADE\",IF($X434<0,\"VALOR NEGATIVO\",IF(OR(AND(TIPOORCAMENTO=\"Proposto\",$AG434<>\"\",$AG434>0,ORÇAMENTO.CustoUnitario>$AG434),AND(TIPOORCAMENTO=\"LICITADO\",ORÇAMENTO.PrecoUnitarioLicitado>$AN434)),\"ACIMA REF.\",\"\")))))","v":""},{"$f":"IF(C434<=CRONO.NivelExibicao,MAX($AD$15:OFFSET(AD434,-1,0))+IF($C434<>1,1,MAX(1,COUNTIF(QCI!$A$13:$A$41,OFFSET($E434,-1,0)))),\"\")","v":""},{"$f":"IF(AND($C434=\"S\",ORÇAMENTO.CodBarra<>\"\"),IF(ORÇAMENTO.Fonte=\"\",ORÇAMENTO.CodBarra,CONCATENATE(ORÇAMENTO.Fonte,\" \",ORÇAMENTO.CodBarra)))","v":"SINAPI 95805"},{"$f":"IF(ISERROR(INDIRECT(ORÇAMENTO.BancoRef)),\"(abra o arquivo 'Referência \"&Excel_BuiltIn_Database&\".xlsm)\",IF(OR($C434<>\"S\",ORÇAMENTO.CodBarra=\"\"),\"(Sem Código)\",IF(ISERROR(MATCH($AE434,INDIRECT(ORÇAMENTO.BancoRef),0)),\"(Código não identificado nas referências)\",MATCH($AE434,INDIRECT(ORÇAMENTO.BancoRef),0))))","v":3143},{"$f":"ROUND(IF(DESONERACAO=\"sim\",REFERENCIA.Desonerado,REFERENCIA.NaoDesonerado),2)","v":24.95},0.25,null,16,null,null,499.04,31.19]
["S",2,"S",0,{"$f":"IF($C435=1,OFFSET(E435,-1,0)+MAX(1,COUNTIF(QCI!$A$13:$A$41,OFFSET(ORÇAMENTO!E435,-1,0))),OFFSET(E435,-1,0))","v":18},4,0,0,2,0,{"$f":"IF(OR($C435=\"S\",$C435=0),0,MATCH(OFFSET($D435,0,$C435)+IF($C435<>1,1,COUNTIF(QCI!$A$13:$A$41,ORÇAMENTO!E435)),OFFSET($D435,1,$C435,ROW($C$744)-ROW($C435)),0))","v":0},"F","Serviço","Serviço","18.4.2.","SINAPI","FNDE 328","COTOVELO 90 GRAUS, EM FERRO GALVANIZADO, CONEXÃO ROSQUEADA, DN 40, INSTALADO EM RESERVAÇÃO DE ÁGUA DE EDIFICAÇÃO QUE POSSUA RESERVATÓRIO DE FIBRA/FIBROCIMENTO - FORNECIMENTO E INSTALAÇÃO.","UN",{"$f":"OFFSET(CÁLCULO!H$15,ROW($T435)-ROW(T$15),0)","v":5},75.319999999999993,"BDI 1",{"$f":"IF($C435=\"S\",ROUND(IF(TIPOORCAMENTO=\"Proposto\",ORÇAMENTO.CustoUnitario*(1+$AH435),ORÇAMENTO.PrecoUnitarioLicitado),15-13*$AF$10),0)","v":94.15},{"$f":"IF($C435=\"S\",IF(Import.TipoArredondamento<>\"TransfereGOV\",VTOTAL1,SUM(OFFSET(CÁLCULO!$AA$15,ROW($X435)-ROW($X$15),1):OFFSET(CÁLCULO!$AL$15,ROW($X435)-ROW($X$15),-1))),IF($C435=0,0,ROUND(SomaAgrup,15-13*$AF$11)))","v":470.75},"RA","RA",{"$f":"IF($C435=\"S\",IF($Z435=\"CP\",$X435,IF($Z435=\"RA\",(($X435)*QCI!$AA$3),0)),SomaAgrup)","v":16.76482056366871},0,{"$f":"IF($N435=\"\",\"\",IF(ORÇAMENTO.Descricao=\"\",\"DESCRIÇÃO\",IF(AND($C435=\"S\",ORÇAMENTO.Unidade=\"\"),\"UNIDADE\",IF($X435<0,\"VALOR NEGATIVO\",IF(OR(AND(TIPOORCAMENTO=\"Proposto\",$AG435<>\"\",$AG435>0,ORÇAMENTO.CustoUnitario>$AG435),AND(TIPOORCAMENTO=\"LICITADO\",ORÇAMENTO.PrecoUnitarioLicitado>$AN435)),\"ACIMA REF.\",\"\")))))","v":""},{"$f":"IF(C435<=CRONO.NivelExibicao,MAX($AD$15:OFFSET(AD435,-1,0))+IF($C435<>1,1,MAX(1,COUNTIF(QCI!$A$13:$A$41,OFFSET($E435,-1,0)))),\"\")","v":""},{"$f":"IF(AND($C435=\"S\",ORÇAMENTO.CodBarra<>\"\"),IF(ORÇAMENTO.Fonte=\"\",ORÇAMENTO.CodBarra,CONCATENATE(ORÇAMENTO.Fonte,\" \",ORÇAMENTO.CodBarra)))","v":"SINAPI FNDE 328"},{"$f":"IF(ISERROR(INDIRECT(ORÇAMENTO.BancoRef)),\"(abra o arquivo 'Referência \"&Excel_BuiltIn_Database&\".xlsm)\",IF(OR($C435<>\"S\",ORÇAMENTO.CodBarra=\"\"),\"(Sem Código)\",IF(ISERROR(MATCH($AE435,INDIRECT(ORÇAMENTO.BancoRef),0)),\"(Código não identificado nas referências)\",MATCH($AE435,INDIRECT(ORÇAMENTO.BancoRef),0))))","v":"(Código não identificado nas referências)"},{"$f":"ROUND(IF(DESONERACAO=\"sim\",REFERENCIA.Desonerado,REFERENCIA.NaoDesonerado),2)","v":0},0.25,null,5,null,null,470.75,94.15]
["S",2,"S",0,{"$f":"IF($C436=1,OFFSET(E436,-1,0)+MAX(1,COUNTIF(QCI!$A$13:$A$41,OFFSET(ORÇAMENTO!E436,-1,0))),OFFSET(E436,-1,0))","v":18},4,0,0,3,0,{"$f":"IF(OR($C436=\"S\",$C436=0),0,MATCH(OFFSET($D436,0,$C436)+IF($C436<>1,1,COUNTIF(QCI!$A$13:$A$41,ORÇAMENTO!E436)),OFFSET($D436,1,$C436,ROW($C$744)-ROW($C436)),0))","v":0},"F","Serviço","Serviço","18.4.3.","SINAPI","94473","COTOVELO 90 GRAUS, EM FERRO GALVANIZADO, CONEXÃO ROSQUEADA, DN 65 (2 1/2\"), INSTALADO EM RESERVAÇÃO DE ÁGUA DE EDIFICAÇÃO QUE POSSUA RESERVATÓRIO DE FIBRA/FIBROCIMENTO - FORNECIMENTO E INSTALAÇÃO. AF_06/2016",{"$f":"REFERENCIA.Unidade","v":"UN"},{"$f":"OFFSET(CÁLCULO!H$15,ROW($T436)-ROW(T$15),0)","v":22},115.61,"BDI 1",{"$f":"IF($C436=\"S\",ROUND(IF(TIPOORCAMENTO=\"Proposto\",ORÇAMENTO.CustoUnitario*(1+$AH436),ORÇAMENTO.PrecoUnitarioLicitado),15-13*$AF$10),0)","v":144.51},{"$f":"IF($C436=\"S\",IF(Import.TipoArredondamento<>\"TransfereGOV\",VTOTAL1,SUM(OFFSET(CÁLCULO!$AA$15,ROW($X436)-ROW($X$15),1):OFFSET(CÁLCULO!$AL$15,ROW($X436)-ROW($X$15),-1))),IF($C436=0,0,ROUND(SomaAgrup,15-13*$AF$11)))","v":3179.22},"RA","RA",{"$f":"IF($C436=\"S\",IF($Z436=\"CP\",$X436,IF($Z436=\"RA\",(($X436)*QCI!$AA$3),0)),SomaAgrup)","v":113.2215673551287},0,{"$f":"IF($N436=\"\",\"\",IF(ORÇAMENTO.Descricao=\"\",\"DESCRIÇÃO\",IF(AND($C436=\"S\",ORÇAMENTO.Unidade=\"\"),\"UNIDADE\",IF($X436<0,\"VALOR NEGATIVO\",IF(OR(AND(TIPOORCAMENTO=\"Proposto\",$AG436<>\"\",$AG436>0,ORÇAMENTO.CustoUnitario>$AG436),AND(TIPOORCAMENTO=\"LICITADO\",ORÇAMENTO.PrecoUnitarioLicitado>$AN436)),\"ACIMA REF.\",\"\")))))","v":""},{"$f":"IF(C436<=CRONO.NivelExibicao,MAX($AD$15:OFFSET(AD436,-1,0))+IF($C436<>1,1,MAX(1,COUNTIF(QCI!$A$13:$A$41,OFFSET($E436,-1,0)))),\"\")","v":""},{"$f":"IF(AND($C436=\"S\",ORÇAMENTO.CodBarra<>\"\"),IF(ORÇAMENTO.Fonte=\"\",ORÇAMENTO.CodBarra,CONCATENATE(ORÇAMENTO.Fonte,\" \",ORÇAMENTO.CodBarra)))","v":"SINAPI 94473"},{"$f":"IF(ISERROR(INDIRECT(ORÇAMENTO.BancoRef)),\"(abra o arquivo 'Referência \"&Excel_BuiltIn_Database&\".xlsm)\",IF(OR($C436<>\"S\",ORÇAMENTO.CodBarra=\"\"),\"(Sem Código)\",IF(ISERROR(MATCH($AE436,INDIRECT(ORÇAMENTO.BancoRef),0)),\"(Código não identificado nas referências)\",MATCH($AE436,INDIRECT(ORÇAMENTO.BancoRef),0))))","v":4558},{"$f":"ROUND(IF(DESONERACAO=\"sim\",REFERENCIA.Desonerado,REFERENCIA.NaoDesonerado),2)","v":115.61},0.25,null,22,null,null,3179.22,144.51]
["S",2,"S",0,{"$f":"IF($C437=1,OFFSET(E437,-1,0)+MAX(1,COUNTIF(QCI!$A$13:$A$41,OFFSET(ORÇAMENTO!E437,-1,0))),OFFSET(E437,-1,0))","v":18},4,0,0,4,0,{"$f":"IF(OR($C437=\"S\",$C437=0),0,MATCH(OFFSET($D437,0,$C437)+IF($C437<>1,1,COUNTIF(QCI!$A$13:$A$41,ORÇAMENTO!E437)),OFFSET($D437,1,$C437,ROW($C$744)-ROW($C437)),0))","v":0},"F","Serviço","Serviço","18.4.4.","SINAPI","94475","COTOVELO 90 GRAUS, EM FERRO GALVANIZADO, CONEXÃO ROSQUEADA, DN 80 (3\"), INSTALADO EM RESERVAÇÃO DE ÁGUA DE EDIFICAÇÃO QUE POSSUA RESERVATÓRIO DE FIBRA/FIBROCIMENTO - FORNECIMENTO E INSTALAÇÃO. AF_06/2016",{"$f":"REFERENCIA.Unidade","v":"UN"},{"$f":"OFFSET(CÁLCULO!H$15,ROW($T437)-ROW(T$15),0)","v":9},156.16999999999999,"BDI 1",{"$f":"IF($C437=\"S\",ROUND(IF(TIPOORCAMENTO=\"Proposto\",ORÇAMENTO.CustoUnitario*(1+$AH437),ORÇAMENTO.PrecoUnitarioLicitado),15-13*$AF$10),0)","v":195.21},{"$f":"IF($C437=\"S\",IF(Import.TipoArredondamento<>\"TransfereGOV\",VTOTAL1,SUM(OFFSET(CÁLCULO!$AA$15,ROW($X437)-ROW($X$15),1):OFFSET(CÁLCULO!$AL$15,ROW($X437)-ROW($X$15),-1))),IF($C437=0,0,ROUND(SomaAgrup,15-13*$AF$11)))","v":1756.89},"RA","RA",{"$f":"IF($C437=\"S\",IF($Z437=\"CP\",$X437,IF($Z437=\"RA\",(($X437)*QCI!$AA$3),0)),SomaAgrup)","v":62.568126606699778},0,{"$f":"IF($N437=\"\",\"\",IF(ORÇAMENTO.Descricao=\"\",\"DESCRIÇÃO\",IF(AND($C437=\"S\",ORÇAMENTO.Unidade=\"\"),\"UNIDADE\",IF($X437<0,\"VALOR NEGATIVO\",IF(OR(AND(TIPOORCAMENTO=\"Proposto\",$AG437<>\"\",$AG437>0,ORÇAMENTO.CustoUnitario>$AG437),AND(TIPOORCAMENTO=\"LICITADO\",ORÇAMENTO.PrecoUnitarioLicitado>$AN437)),\"ACIMA REF.\",\"\")))))","v":""},{"$f":"IF(C437<=CRONO.NivelExibicao,MAX($AD$15:OFFSET(AD437,-1,0))+IF($C437<>1,1,MAX(1,COUNTIF(QCI!$A$13:$A$41,OFFSET($E437,-1,0)))),\"\")","v":""},{"$f":"IF(AND($C437=\"S\",ORÇAMENTO.CodBarra<>\"\"),IF(ORÇAMENTO.Fonte=\"\",ORÇAMENTO.CodBarra,CONCATENATE(ORÇAMENTO.Fonte,\" \",ORÇAMENTO.CodBarra)))","v":"SINAPI 94475"},{"$f":"IF(ISERROR(INDIRECT(ORÇAMENTO.BancoRef)),\"(abra o arquivo 'Referência \"&Excel_BuiltIn_Database&\".xlsm)\",IF(OR($C437<>\"S\",ORÇAMENTO.CodBarra=\"\"),\"(Sem Código)\",IF(ISERROR(MATCH($AE437,INDIRECT(ORÇAMENTO.BancoRef),0)),\"(Código não identificado nas referências)\",MATCH($AE437,INDIRECT(ORÇAMENTO.BancoRef),0))))","v":4560},{"$f":"ROUND(IF(DESONERACAO=\"sim\",REFERENCIA.Desonerado,REFERENCIA.NaoDesonerado),2)","v":156.16999999999999},0.25,null,9,null,null,1756.89,195.21]
["S",2,"S",0,{"$f":"IF($C438=1,OFFSET(E438,-1,0)+MAX(1,COUNTIF(QCI!$A$13:$A$41,OFFSET(ORÇAMENTO!E438,-1,0))),OFFSET(E438,-1,0))","v":18},4,0,0,5,0,{"$f":"IF(OR($C438=\"S\",$C438=0),0,MATCH(OFFSET($D438,0,$C438)+IF($C438<>1,1,COUNTIF(QCI!$A$13:$A$41,ORÇAMENTO!E438)),OFFSET($D438,1,$C438,ROW($C$744)-ROW($C438)),0))","v":0},"F","Serviço","Serviço","18.4.5.","SINAPI","FNDE 329","COTOVELO 90 GRAUS, EM FERRO GALVANIZADO, CONEXÃO ROSQUEADA, DN 25, INSTALADO EM RESERVAÇÃO DE ÁGUA DE EDIFICAÇÃO QUE POSSUA RESERVATÓRIO DE FIBRA/FIBROCIMENTO - FORNECIMENTO E INSTALAÇÃO.","UN",{"$f":"OFFSET(CÁLCULO!H$15,ROW($T438)-ROW(T$15),0)","v":5},37.35,"BDI 1",{"$f":"IF($C438=\"S\",ROUND(IF(TIPOORCAMENTO=\"Proposto\",ORÇAMENTO.CustoUnitario*(1+$AH438),ORÇAMENTO.PrecoUnitarioLicitado),15-13*$AF$10),0)","v":46.69},{"$f":"IF($C438=\"S\",IF(Import.TipoArredondamento<>\"TransfereGOV\",VTOTAL1,SUM(OFFSET(CÁLCULO!$AA$15,ROW($X438)-ROW($X$15),1):OFFSET(CÁLCULO!$AL$15,ROW($X438)-ROW($X$15),-1))),IF($C438=0,0,ROUND(SomaAgrup,15-13*$AF$11)))","v":233.45},"RA","RA",{"$f":"IF($C438=\"S\",IF($Z438=\"CP\",$X438,IF($Z438=\"RA\",(($X438)*QCI!$AA$3),0)),SomaAgrup)","v":8.313855253507084},0,{"$f":"IF($N438=\"\",\"\",IF(ORÇAMENTO.Descricao=\"\",\"DESCRIÇÃO\",IF(AND($C438=\"S\",ORÇAMENTO.Unidade=\"\"),\"UNIDADE\",IF($X438<0,\"VALOR NEGATIVO\",IF(OR(AND(TIPOORCAMENTO=\"Proposto\",$AG438<>\"\",$AG438>0,ORÇAMENTO.CustoUnitario>$AG438),AND(TIPOORCAMENTO=\"LICITADO\",ORÇAMENTO.PrecoUnitarioLicitado>$AN438)),\"ACIMA REF.\",\"\")))))","v":""},{"$f":"IF(C438<=CRONO.NivelExibicao,MAX($AD$15:OFFSET(AD438,-1,0))+IF($C438<>1,1,MAX(1,COUNTIF(QCI!$A$13:$A$41,OFFSET($E438,-1,0)))),\"\")","v":""},{"$f":"IF(AND($C438=\"S\",ORÇAMENTO.CodBarra<>\"\"),IF(ORÇAMENTO.Fonte=\"\",ORÇAMENTO.CodBarra,CONCATENATE(ORÇAMENTO.Fonte,\" \",ORÇAMENTO.CodBarra)))","v":"SINAPI FNDE 329"},{"$f":"IF(ISERROR(INDIRECT(ORÇAMENTO.BancoRef)),\"(abra o arquivo 'Referência \"&Excel_BuiltIn_Database&\".xlsm)\",IF(OR($C438<>\"S\",ORÇAMENTO.CodBarra=\"\"),\"(Sem Código)\",IF(ISERROR(MATCH($AE438,INDIRECT(ORÇAMENTO.BancoRef),0)),\"(Código não identificado nas referências)\",MATCH($AE438,INDIRECT(ORÇAMENTO.BancoRef),0))))","v":"(Código não identificado nas referências)"},{"$f":"ROUND(IF(DESONERACAO=\"sim\",REFERENCIA.Desonerado,REFERENCIA.NaoDesonerado),2)","v":0},0.25,null,5,null,null,233.45,46.69]
[{"$f":"CHOOSE(1+LOG(1+2*(ORÇAMENTO.Nivel=\"Meta\")+4*(ORÇAMENTO.Nivel=\"Nível 2\")+8*(ORÇAMENTO.Nivel=\"Nível 3\")+16*(ORÇAMENTO.Nivel=\"Nível 4\")+32*(ORÇAMENTO.Nivel=\"Serviço\"),2),0,1,2,3,4,\"S\")","v":"S"},{"$f":"IF(OR(C439=\"s\",C439=0),OFFSET(B439,-1,0),C439)","v":2},{"$f":"IF(OFFSET(C439,-1,0)=\"L\",1,IF(OFFSET(C439,-1,0)=1,2,IF(OR(A439=\"s\",A439=0),\"S\",IF(AND(OFFSET(C439,-1,0)=2,A439=4),3,IF(AND(OR(OFFSET(C439,-1,0)=\"s\",OFFSET(C439,-1,0)=0),A439<>\"s\",A439>OFFSET(B439,-1,0)),OFFSET(B439,-1,0),A439)))))","v":"S"},{"$f":"IF(OR(C439=\"S\",C439=0),0,IF(ISERROR(K439),J439,SMALL(J439:K439,1)))","v":0},{"$f":"IF($C439=1,OFFSET(E439,-1,0)+MAX(1,COUNTIF(QCI!$A$13:$A$41,OFFSET(ORÇAMENTO!E439,-1,0))),OFFSET(E439,-1,0))","v":18},{"$f":"IF($C439=1,0,IF($C439=2,OFFSET(F439,-1,0)+1,OFFSET(F439,-1,0)))","v":4},{"$f":"IF(AND($C439<=2,$C439<>0),0,IF($C439=3,OFFSET(G439,-1,0)+1,OFFSET(G439,-1,0)))","v":0},{"$f":"IF(AND($C439<=3,$C439<>0),0,IF($C439=4,OFFSET(H439,-1,0)+1,OFFSET(H439,-1,0)))","v":0},{"$f":"IF(AND($C439<=4,$C439<>0),0,IF(AND($C439=\"S\",$X439>0),OFFSET(I439,-1,0)+1,OFFSET(I439,-1,0)))","v":6},0,{"$f":"IF(OR($C439=\"S\",$C439=0),0,MATCH(OFFSET($D439,0,$C439)+IF($C439<>1,1,COUNTIF(QCI!$A$13:$A$41,ORÇAMENTO!E439)),OFFSET($D439,1,$C439,ROW($C$744)-ROW($C439)),0))","v":0},{"$f":"IF(OR($X439>0,$C439=1,$C439=2,$C439=3,$C439=4),\"F\",\"\")","v":"F"},"Serviço",{"$f":"CHOOSE(1+LOG(1+2*(C439=1)+4*(C439=2)+8*(C439=3)+16*(C439=4)+32*(C439=\"S\"),2),\"\",\"Meta\",\"Nível 2\",\"Nível 3\",\"Nível 4\",\"Serviço\")","v":"Serviço"},{"$f":"IF(OR($C439=0,$L439=\"\"),\"-\",CONCATENATE(E439&\".\",IF(AND($A$5>=2,$C439>=2),F439&\".\",\"\"),IF(AND($A$5>=3,$C439>=3),G439&\".\",\"\"),IF(AND($A$5>=4,$C439>=4),H439&\".\",\"\"),IF($C439=\"S\",I439&\".\",\"\")))","v":"18.4.6."},"SINAPI","97498","TUBO DE AÇO GALVANIZADO COM COSTURA, CLASSE MÉDIA, DN 25 (1\"), CONEXÃO ROSQUEADA, INSTALADO EM REDE DE ALIMENTAÇÃO PARA HIDRANTE - FORNECIMENTO E INSTALAÇÃO. AF_10/2020",{"$f":"REFERENCIA.Unidade","v":"M"},{"$f":"OFFSET(CÁLCULO!H$15,ROW($T439)-ROW(T$15),0)","v":1.05},42.5,"BDI 1",{"$f":"IF($C439=\"S\",ROUND(IF(TIPOORCAMENTO=\"Proposto\",ORÇAMENTO.CustoUnitario*(1+$AH439),ORÇAMENTO.PrecoUnitarioLicitado),15-13*$AF$10),0)","v":53.13},{"$f":"IF($C439=\"S\",IF(Import.TipoArredondamento<>\"TransfereGOV\",VTOTAL1,SUM(OFFSET(CÁLCULO!$AA$15,ROW($X439)-ROW($X$15),1):OFFSET(CÁLCULO!$AL$15,ROW($X439)-ROW($X$15),-1))),IF($C439=0,0,ROUND(SomaAgrup,15-13*$AF$11)))","v":55.79},"RA",{"$f":"IF(AND($C439=\"S\",$X439>0),IF(ISBLANK($Y439),\"RA\",LEFT($Y439,2)),\"\")","v":"RA"},{"$f":"IF($C439=\"S\",IF($Z439=\"CP\",$X439,IF($Z439=\"RA\",(($X439)*QCI!$AA$3),0)),SomaAgrup)","v":1.9868493664303288},{"$f":"IF($C439=\"S\",IF($Z439=\"OU\",ROUND($X439,2),0),SomaAgrup)","v":0},{"$f":"IF($N439=\"\",\"\",IF(ORÇAMENTO.Descricao=\"\",\"DESCRIÇÃO\",IF(AND($C439=\"S\",ORÇAMENTO.Unidade=\"\"),\"UNIDADE\",IF($X439<0,\"VALOR NEGATIVO\",IF(OR(AND(TIPOORCAMENTO=\"Proposto\",$AG439<>\"\",$AG439>0,ORÇAMENTO.CustoUnitario>$AG439),AND(TIPOORCAMENTO=\"LICITADO\",ORÇAMENTO.PrecoUnitarioLicitado>$AN439)),\"ACIMA REF.\",\"\")))))","v":""},{"$f":"IF(C439<=CRONO.NivelExibicao,MAX($AD$15:OFFSET(AD439,-1,0))+IF($C439<>1,1,MAX(1,COUNTIF(QCI!$A$13:$A$41,OFFSET($E439,-1,0)))),\"\")","v":""},{"$f":"IF(AND($C439=\"S\",ORÇAMENTO.CodBarra<>\"\"),IF(ORÇAMENTO.Fonte=\"\",ORÇAMENTO.CodBarra,CONCATENATE(ORÇAMENTO.Fonte,\" \",ORÇAMENTO.CodBarra)))","v":"SINAPI 97498"},{"$f":"IF(ISERROR(INDIRECT(ORÇAMENTO.BancoRef)),\"(abra o arquivo 'Referência \"&Excel_BuiltIn_Database&\".xlsm)\",IF(OR($C439<>\"S\",ORÇAMENTO.CodBarra=\"\"),\"(Sem Código)\",IF(ISERROR(MATCH($AE439,INDIRECT(ORÇAMENTO.BancoRef),0)),\"(Código não identificado nas referências)\",MATCH($AE439,INDIRECT(ORÇAMENTO.BancoRef),0))))","v":3825},{"$f":"ROUND(IF(DESONERACAO=\"sim\",REFERENCIA.Desonerado,REFERENCIA.NaoDesonerado),2)","v":42.5},{"$f":"ROUND(IF(ISNUMBER(ORÇAMENTO.OpcaoBDI),ORÇAMENTO.OpcaoBDI,IF(LEFT(ORÇAMENTO.OpcaoBDI,3)=\"BDI\",HLOOKUP(ORÇAMENTO.OpcaoBDI,$F$4:$H$5,2,FALSE),0)),15-11*$AF$9)","v":0.25},null,1.05,null,null,{"$f":"$X439","v":55.79},{"$f":"ROUND(ORÇAMENTO.CustoUnitario*(1+$AH439),2)","v":53.13}]
["S",2,"S",0,{"$f":"IF($C440=1,OFFSET(E440,-1,0)+MAX(1,COUNTIF(QCI!$A$13:$A$41,OFFSET(ORÇAMENTO!E440,-1,0))),OFFSET(E440,-1,0))","v":18},4,0,0,7,0,{"$f":"IF(OR($C440=\"S\",$C440=0),0,MATCH(OFFSET($D440,0,$C440)+IF($C440<>1,1,COUNTIF(QCI!$A$13:$A$41,ORÇAMENTO!E440)),OFFSET($D440,1,$C440,ROW($C$744)-ROW($C440)),0))","v":0},"F","Serviço","Serviço","18.4.7.","SINAPI","92364","TUBO DE AÇO GALVANIZADO COM COSTURA, CLASSE MÉDIA, DN 32 (1 1/4\"), CONEXÃO ROSQUEADA, INSTALADO EM REDE DE ALIMENTAÇÃO PARA HIDRANTE - FORNECIMENTO E INSTALAÇÃO. AF_10/2020",{"$f":"REFERENCIA.Unidade","v":"M"},{"$f":"OFFSET(CÁLCULO!H$15,ROW($T440)-ROW(T$15),0)","v":0.23},52.13,"BDI 1",{"$f":"IF($C440=\"S\",ROUND(IF(TIPOORCAMENTO=\"Proposto\",ORÇAMENTO.CustoUnitario*(1+$AH440),ORÇAMENTO.PrecoUnitarioLicitado),15-13*$AF$10),0)","v":65.16},{"$f":"IF($C440=\"S\",IF(Import.TipoArredondamento<>\"TransfereGOV\",VTOTAL1,SUM(OFFSET(CÁLCULO!$AA$15,ROW($X440)-ROW($X$15),1):OFFSET(CÁLCULO!$AL$15,ROW($X440)-ROW($X$15),-1))),IF($C440=0,0,ROUND(SomaAgrup,15-13*$AF$11)))","v":14.99},"RA","RA",{"$f":"IF($C440=\"S\",IF($Z440=\"CP\",$X440,IF($Z440=\"RA\",(($X440)*QCI!$AA$3),0)),SomaAgrup)","v":0.53383889590949329},0,{"$f":"IF($N440=\"\",\"\",IF(ORÇAMENTO.Descricao=\"\",\"DESCRIÇÃO\",IF(AND($C440=\"S\",ORÇAMENTO.Unidade=\"\"),\"UNIDADE\",IF($X440<0,\"VALOR NEGATIVO\",IF(OR(AND(TIPOORCAMENTO=\"Proposto\",$AG440<>\"\",$AG440>0,ORÇAMENTO.CustoUnitario>$AG440),AND(TIPOORCAMENTO=\"LICITADO\",ORÇAMENTO.PrecoUnitarioLicitado>$AN440)),\"ACIMA REF.\",\"\")))))","v":""},{"$f":"IF(C440<=CRONO.NivelExibicao,MAX($AD$15:OFFSET(AD440,-1,0))+IF($C440<>1,1,MAX(1,COUNTIF(QCI!$A$13:$A$41,OFFSET($E440,-1,0)))),\"\")","v":""},{"$f":"IF(AND($C440=\"S\",ORÇAMENTO.CodBarra<>\"\"),IF(ORÇAMENTO.Fonte=\"\",ORÇAMENTO.CodBarra,CONCATENATE(ORÇAMENTO.Fonte,\" \",ORÇAMENTO.CodBarra)))","v":"SINAPI 92364"},{"$f":"IF(ISERROR(INDIRECT(ORÇAMENTO.BancoRef)),\"(abra o arquivo 'Referência \"&Excel_BuiltIn_Database&\".xlsm)\",IF(OR($C440<>\"S\",ORÇAMENTO.CodBarra=\"\"),\"(Sem Código)\",IF(ISERROR(MATCH($AE440,INDIRECT(ORÇAMENTO.BancoRef),0)),\"(Código não identificado nas referências)\",MATCH($AE440,INDIRECT(ORÇAMENTO.BancoRef),0))))","v":3721},{"$f":"ROUND(IF(DESONERACAO=\"sim\",REFERENCIA.Desonerado,REFERENCIA.NaoDesonerado),2)","v":52.13},0.25,null,0.23,null,null,14.99,65.16]
["S",2,"S",0,{"$f":"IF($C441=1,OFFSET(E441,-1,0)+MAX(1,COUNTIF(QCI!$A$13:$A$41,OFFSET(ORÇAMENTO!E441,-1,0))),OFFSET(E441,-1,0))","v":18},4,0,0,8,0,{"$f":"IF(OR($C441=\"S\",$C441=0),0,MATCH(OFFSET($D441,0,$C441)+IF($C441<>1,1,COUNTIF(QCI!$A$13:$A$41,ORÇAMENTO!E441)),OFFSET($D441,1,$C441,ROW($C$744)-ROW($C441)),0))","v":0},"F","Serviço","Serviço","18.4.8.","SINAPI","92365","TUBO DE AÇO GALVANIZADO COM COSTURA, CLASSE MÉDIA, DN 40 (1 1/2\"), CONEXÃO ROSQUEADA, INSTALADO EM REDE DE ALIMENTAÇÃO PARA HIDRANTE - FORNECIMENTO E INSTALAÇÃO. AF_10/2020",{"$f":"REFERENCIA.Unidade","v":"M"},{"$f":"OFFSET(CÁLCULO!H$15,ROW($T441)-ROW(T$15),0)","v":1.52},59.88,"BDI 1",{"$f":"IF($C441=\"S\",ROUND(IF(TIPOORCAMENTO=\"Proposto\",ORÇAMENTO.CustoUnitario*(1+$AH441),ORÇAMENTO.PrecoUnitarioLicitado),15-13*$AF$10),0)","v":74.849999999999994},{"$f":"IF($C441=\"S\",IF(Import.TipoArredondamento<>\"TransfereGOV\",VTOTAL1,SUM(OFFSET(CÁLCULO!$AA$15,ROW($X441)-ROW($X$15),1):OFFSET(CÁLCULO!$AL$15,ROW($X441)-ROW($X$15),-1))),IF($C441=0,0,ROUND(SomaAgrup,15-13*$AF$11)))","v":113.77},"RA","RA",{"$f":"IF($C441=\"S\",IF($Z441=\"CP\",$X441,IF($Z441=\"RA\",(($X441)*QCI!$AA$3),0)),SomaAgrup)","v":4.0516912066459669},0,{"$f":"IF($N441=\"\",\"\",IF(ORÇAMENTO.Descricao=\"\",\"DESCRIÇÃO\",IF(AND($C441=\"S\",ORÇAMENTO.Unidade=\"\"),\"UNIDADE\",IF($X441<0,\"VALOR NEGATIVO\",IF(OR(AND(TIPOORCAMENTO=\"Proposto\",$AG441<>\"\",$AG441>0,ORÇAMENTO.CustoUnitario>$AG441),AND(TIPOORCAMENTO=\"LICITADO\",ORÇAMENTO.PrecoUnitarioLicitado>$AN441)),\"ACIMA REF.\",\"\")))))","v":""},{"$f":"IF(C441<=CRONO.NivelExibicao,MAX($AD$15:OFFSET(AD441,-1,0))+IF($C441<>1,1,MAX(1,COUNTIF(QCI!$A$13:$A$41,OFFSET($E441,-1,0)))),\"\")","v":""},{"$f":"IF(AND($C441=\"S\",ORÇAMENTO.CodBarra<>\"\"),IF(ORÇAMENTO.Fonte=\"\",ORÇAMENTO.CodBarra,CONCATENATE(ORÇAMENTO.Fonte,\" \",ORÇAMENTO.CodBarra)))","v":"SINAPI 92365"},{"$f":"IF(ISERROR(INDIRECT(ORÇAMENTO.BancoRef)),\"(abra o arquivo 'Referência \"&Excel_BuiltIn_Database&\".xlsm)\",IF(OR($C441<>\"S\",ORÇAMENTO.CodBarra=\"\"),\"(Sem Código)\",IF(ISERROR(MATCH($AE441,INDIRECT(ORÇAMENTO.BancoRef),0)),\"(Código não identificado nas referências)\",MATCH($AE441,INDIRECT(ORÇAMENTO.BancoRef),0))))","v":3722},{"$f":"ROUND(IF(DESONERACAO=\"sim\",REFERENCIA.Desonerado,REFERENCIA.NaoDesonerado),2)","v":59.88},0.25,null,1.52,null,null,113.77,74.849999999999994]
["S",2,"S",0,{"$f":"IF($C442=1,OFFSET(E442,-1,0)+MAX(1,COUNTIF(QCI!$A$13:$A$41,OFFSET(ORÇAMENTO!E442,-1,0))),OFFSET(E442,-1,0))","v":18},4,0,0,9,0,{"$f":"IF(OR($C442=\"S\",$C442=0),0,MATCH(OFFSET($D442,0,$C442)+IF($C442<>1,1,COUNTIF(QCI!$A$13:$A$41,ORÇAMENTO!E442)),OFFSET($D442,1,$C442,ROW($C$744)-ROW($C442)),0))","v":0},"F","Serviço","Serviço","18.4.9.","SINAPI","92366","TUBO DE AÇO GALVANIZADO COM COSTURA, CLASSE MÉDIA, DN 50 (2\"), CONEXÃO ROSQUEADA, INSTALADO EM REDE DE ALIMENTAÇÃO PARA HIDRANTE - FORNECIMENTO E INSTALAÇÃO. AF_10/2020",{"$f":"REFERENCIA.Unidade","v":"M"},{"$f":"OFFSET(CÁLCULO!H$15,ROW($T442)-ROW(T$15),0)","v":0.35},82.93,"BDI 1",{"$f":"IF($C442=\"S\",ROUND(IF(TIPOORCAMENTO=\"Proposto\",ORÇAMENTO.CustoUnitario*(1+$AH442),ORÇAMENTO.PrecoUnitarioLicitado),15-13*$AF$10),0)","v":103.66},{"$f":"IF($C442=\"S\",IF(Import.TipoArredondamento<>\"TransfereGOV\",VTOTAL1,SUM(OFFSET(CÁLCULO!$AA$15,ROW($X442)-ROW($X$15),1):OFFSET(CÁLCULO!$AL$15,ROW($X442)-ROW($X$15),-1))),IF($C442=0,0,ROUND(SomaAgrup,15-13*$AF$11)))","v":36.28},"RA","RA",{"$f":"IF($C442=\"S\",IF($Z442=\"CP\",$X442,IF($Z442=\"RA\",(($X442)*QCI!$AA$3),0)),SomaAgrup)","v":1.2920397027082333},0,{"$f":"IF($N442=\"\",\"\",IF(ORÇAMENTO.Descricao=\"\",\"DESCRIÇÃO\",IF(AND($C442=\"S\",ORÇAMENTO.Unidade=\"\"),\"UNIDADE\",IF($X442<0,\"VALOR NEGATIVO\",IF(OR(AND(TIPOORCAMENTO=\"Proposto\",$AG442<>\"\",$AG442>0,ORÇAMENTO.CustoUnitario>$AG442),AND(TIPOORCAMENTO=\"LICITADO\",ORÇAMENTO.PrecoUnitarioLicitado>$AN442)),\"ACIMA REF.\",\"\")))))","v":""},{"$f":"IF(C442<=CRONO.NivelExibicao,MAX($AD$15:OFFSET(AD442,-1,0))+IF($C442<>1,1,MAX(1,COUNTIF(QCI!$A$13:$A$41,OFFSET($E442,-1,0)))),\"\")","v":""},{"$f":"IF(AND($C442=\"S\",ORÇAMENTO.CodBarra<>\"\"),IF(ORÇAMENTO.Fonte=\"\",ORÇAMENTO.CodBarra,CONCATENATE(ORÇAMENTO.Fonte,\" \",ORÇAMENTO.CodBarra)))","v":"SINAPI 92366"},{"$f":"IF(ISERROR(INDIRECT(ORÇAMENTO.BancoRef)),\"(abra o arquivo 'Referência \"&Excel_BuiltIn_Database&\".xlsm)\",IF(OR($C442<>\"S\",ORÇAMENTO.CodBarra=\"\"),\"(Sem Código)\",IF(ISERROR(MATCH($AE442,INDIRECT(ORÇAMENTO.BancoRef),0)),\"(Código não identificado nas referências)\",MATCH($AE442,INDIRECT(ORÇAMENTO.BancoRef),0))))","v":3723},{"$f":"ROUND(IF(DESONERACAO=\"sim\",REFERENCIA.Desonerado,REFERENCIA.NaoDesonerado),2)","v":82.93},0.25,null,0.35,null,null,36.28,103.66]
["S",2,"S",0,{"$f":"IF($C443=1,OFFSET(E443,-1,0)+MAX(1,COUNTIF(QCI!$A$13:$A$41,OFFSET(ORÇAMENTO!E443,-1,0))),OFFSET(E443,-1,0))","v":18},4,0,0,10,0,{"$f":"IF(OR($C443=\"S\",$C443=0),0,MATCH(OFFSET($D443,0,$C443)+IF($C443<>1,1,COUNTIF(QCI!$A$13:$A$41,ORÇAMENTO!E443)),OFFSET($D443,1,$C443,ROW($C$744)-ROW($C443)),0))","v":0},"F","Serviço","Serviço","18.4.10.","SINAPI","92367","TUBO DE AÇO GALVANIZADO COM COSTURA, CLASSE MÉDIA, DN 65 (2 1/2\"), CONEXÃO ROSQUEADA, INSTALADO EM REDE DE ALIMENTAÇÃO PARA HIDRANTE - FORNECIMENTO E INSTALAÇÃO. AF_10/2020",{"$f":"REFERENCIA.Unidade","v":"M"},{"$f":"OFFSET(CÁLCULO!H$15,ROW($T443)-ROW(T$15),0)","v":96.2},101.77,"BDI 1",{"$f":"IF($C443=\"S\",ROUND(IF(TIPOORCAMENTO=\"Proposto\",ORÇAMENTO.CustoUnitario*(1+$AH443),ORÇAMENTO.PrecoUnitarioLicitado),15-13*$AF$10),0)","v":127.21},{"$f":"IF($C443=\"S\",IF(Import.TipoArredondamento<>\"TransfereGOV\",VTOTAL1,SUM(OFFSET(CÁLCULO!$AA$15,ROW($X443)-ROW($X$15),1):OFFSET(CÁLCULO!$AL$15,ROW($X443)-ROW($X$15),-1))),IF($C443=0,0,ROUND(SomaAgrup,15-13*$AF$11)))","v":12237.6},"RA","RA",{"$f":"IF($C443=\"S\",IF($Z443=\"CP\",$X443,IF($Z443=\"RA\",(($X443)*QCI!$AA$3),0)),SomaAgrup)","v":435.81766995210239},0,{"$f":"IF($N443=\"\",\"\",IF(ORÇAMENTO.Descricao=\"\",\"DESCRIÇÃO\",IF(AND($C443=\"S\",ORÇAMENTO.Unidade=\"\"),\"UNIDADE\",IF($X443<0,\"VALOR NEGATIVO\",IF(OR(AND(TIPOORCAMENTO=\"Proposto\",$AG443<>\"\",$AG443>0,ORÇAMENTO.CustoUnitario>$AG443),AND(TIPOORCAMENTO=\"LICITADO\",ORÇAMENTO.PrecoUnitarioLicitado>$AN443)),\"ACIMA REF.\",\"\")))))","v":""},{"$f":"IF(C443<=CRONO.NivelExibicao,MAX($AD$15:OFFSET(AD443,-1,0))+IF($C443<>1,1,MAX(1,COUNTIF(QCI!$A$13:$A$41,OFFSET($E443,-1,0)))),\"\")","v":""},{"$f":"IF(AND($C443=\"S\",ORÇAMENTO.CodBarra<>\"\"),IF(ORÇAMENTO.Fonte=\"\",ORÇAMENTO.CodBarra,CONCATENATE(ORÇAMENTO.Fonte,\" \",ORÇAMENTO.CodBarra)))","v":"SINAPI 92367"},{"$f":"IF(ISERROR(INDIRECT(ORÇAMENTO.BancoRef)),\"(abra o arquivo 'Referência \"&Excel_BuiltIn_Database&\".xlsm)\",IF(OR($C443<>\"S\",ORÇAMENTO.CodBarra=\"\"),\"(Sem Código)\",IF(ISERROR(MATCH($AE443,INDIRECT(ORÇAMENTO.BancoRef),0)),\"(Código não identificado nas referências)\",MATCH($AE443,INDIRECT(ORÇAMENTO.BancoRef),0))))","v":3724},{"$f":"ROUND(IF(DESONERACAO=\"sim\",REFERENCIA.Desonerado,REFERENCIA.NaoDesonerado),2)","v":101.77},0.25,null,96.2,null,null,12237.6,127.21]
["S",2,"S",0,{"$f":"IF($C444=1,OFFSET(E444,-1,0)+MAX(1,COUNTIF(QCI!$A$13:$A$41,OFFSET(ORÇAMENTO!E444,-1,0))),OFFSET(E444,-1,0))","v":18},4,0,0,11,0,{"$f":"IF(OR($C444=\"S\",$C444=0),0,MATCH(OFFSET($D444,0,$C444)+IF($C444<>1,1,COUNTIF(QCI!$A$13:$A$41,ORÇAMENTO!E444)),OFFSET($D444,1,$C444,ROW($C$744)-ROW($C444)),0))","v":0},"F","Serviço","Serviço","18.4.11.","SINAPI","92368","TUBO DE AÇO GALVANIZADO COM COSTURA, CLASSE MÉDIA, DN 80 (3\"), CONEXÃO ROSQUEADA, INSTALADO EM REDE DE ALIMENTAÇÃO PARA HIDRANTE - FORNECIMENTO E INSTALAÇÃO. AF_10/2020",{"$f":"REFERENCIA.Unidade","v":"M"},{"$f":"OFFSET(CÁLCULO!H$15,ROW($T444)-ROW(T$15),0)","v":8.1999999999999993},134.11000000000001,"BDI 1",{"$f":"IF($C444=\"S\",ROUND(IF(TIPOORCAMENTO=\"Proposto\",ORÇAMENTO.CustoUnitario*(1+$AH444),ORÇAMENTO.PrecoUnitarioLicitado),15-13*$AF$10),0)","v":167.64},{"$f":"IF($C444=\"S\",IF(Import.TipoArredondamento<>\"TransfereGOV\",VTOTAL1,SUM(OFFSET(CÁLCULO!$AA$15,ROW($X444)-ROW($X$15),1):OFFSET(CÁLCULO!$AL$15,ROW($X444)-ROW($X$15),-1))),IF($C444=0,0,ROUND(SomaAgrup,15-13*$AF$11)))","v":1374.65},"RA","RA",{"$f":"IF($C444=\"S\",IF($Z444=\"CP\",$X444,IF($Z444=\"RA\",(($X444)*QCI!$AA$3),0)),SomaAgrup)","v":48.955412826016342},0,{"$f":"IF($N444=\"\",\"\",IF(ORÇAMENTO.Descricao=\"\",\"DESCRIÇÃO\",IF(AND($C444=\"S\",ORÇAMENTO.Unidade=\"\"),\"UNIDADE\",IF($X444<0,\"VALOR NEGATIVO\",IF(OR(AND(TIPOORCAMENTO=\"Proposto\",$AG444<>\"\",$AG444>0,ORÇAMENTO.CustoUnitario>$AG444),AND(TIPOORCAMENTO=\"LICITADO\",ORÇAMENTO.PrecoUnitarioLicitado>$AN444)),\"ACIMA REF.\",\"\")))))","v":""},{"$f":"IF(C444<=CRONO.NivelExibicao,MAX($AD$15:OFFSET(AD444,-1,0))+IF($C444<>1,1,MAX(1,COUNTIF(QCI!$A$13:$A$41,OFFSET($E444,-1,0)))),\"\")","v":""},{"$f":"IF(AND($C444=\"S\",ORÇAMENTO.CodBarra<>\"\"),IF(ORÇAMENTO.Fonte=\"\",ORÇAMENTO.CodBarra,CONCATENATE(ORÇAMENTO.Fonte,\" \",ORÇAMENTO.CodBarra)))","v":"SINAPI 92368"},{"$f":"IF(ISERROR(INDIRECT(ORÇAMENTO.BancoRef)),\"(abra o arquivo 'Referência \"&Excel_BuiltIn_Database&\".xlsm)\",IF(OR($C444<>\"S\",ORÇAMENTO.CodBarra=\"\"),\"(Sem Código)\",IF(ISERROR(MATCH($AE444,INDIRECT(ORÇAMENTO.BancoRef),0)),\"(Código não identificado nas referências)\",MATCH($AE444,INDIRECT(ORÇAMENTO.BancoRef),0))))","v":3725},{"$f":"ROUND(IF(DESONERACAO=\"sim\",REFERENCIA.Desonerado,REFERENCIA.NaoDesonerado),2)","v":134.11000000000001},0.25,null,8.1999999999999993,null,null,1374.65,167.64]
["S",2,"S",0,{"$f":"IF($C445=1,OFFSET(E445,-1,0)+MAX(1,COUNTIF(QCI!$A$13:$A$41,OFFSET(ORÇAMENTO!E445,-1,0))),OFFSET(E445,-1,0))","v":18},4,0,0,12,0,{"$f":"IF(OR($C445=\"S\",$C445=0),0,MATCH(OFFSET($D445,0,$C445)+IF($C445<>1,1,COUNTIF(QCI!$A$13:$A$41,ORÇAMENTO!E445)),OFFSET($D445,1,$C445,ROW($C$744)-ROW($C445)),0))","v":0},"F","Serviço","Serviço","18.4.12.","SINAPI","95818","CONDULETE DE PVC, TIPO X, PARA ELETRODUTO DE PVC SOLDÁVEL DN 32 MM (1''), APARENTE - FORNECIMENTO E INSTALAÇÃO. AF_10/2022",{"$f":"REFERENCIA.Unidade","v":"UN"},{"$f":"OFFSET(CÁLCULO!H$15,ROW($T445)-ROW(T$15),0)","v":5},55.09,"BDI 1",{"$f":"IF($C445=\"S\",ROUND(IF(TIPOORCAMENTO=\"Proposto\",ORÇAMENTO.CustoUnitario*(1+$AH445),ORÇAMENTO.PrecoUnitarioLicitado),15-13*$AF$10),0)","v":68.86},{"$f":"IF($C445=\"S\",IF(Import.TipoArredondamento<>\"TransfereGOV\",VTOTAL1,SUM(OFFSET(CÁLCULO!$AA$15,ROW($X445)-ROW($X$15),1):OFFSET(CÁLCULO!$AL$15,ROW($X445)-ROW($X$15),-1))),IF($C445=0,0,ROUND(SomaAgrup,15-13*$AF$11)))","v":344.3},"RA","RA",{"$f":"IF($C445=\"S\",IF($Z445=\"CP\",$X445,IF($Z445=\"RA\",(($X445)*QCI!$AA$3),0)),SomaAgrup)","v":12.261556495105973},0,{"$f":"IF($N445=\"\",\"\",IF(ORÇAMENTO.Descricao=\"\",\"DESCRIÇÃO\",IF(AND($C445=\"S\",ORÇAMENTO.Unidade=\"\"),\"UNIDADE\",IF($X445<0,\"VALOR NEGATIVO\",IF(OR(AND(TIPOORCAMENTO=\"Proposto\",$AG445<>\"\",$AG445>0,ORÇAMENTO.CustoUnitario>$AG445),AND(TIPOORCAMENTO=\"LICITADO\",ORÇAMENTO.PrecoUnitarioLicitado>$AN445)),\"ACIMA REF.\",\"\")))))","v":""},{"$f":"IF(C445<=CRONO.NivelExibicao,MAX($AD$15:OFFSET(AD445,-1,0))+IF($C445<>1,1,MAX(1,COUNTIF(QCI!$A$13:$A$41,OFFSET($E445,-1,0)))),\"\")","v":""},{"$f":"IF(AND($C445=\"S\",ORÇAMENTO.CodBarra<>\"\"),IF(ORÇAMENTO.Fonte=\"\",ORÇAMENTO.CodBarra,CONCATENATE(ORÇAMENTO.Fonte,\" \",ORÇAMENTO.CodBarra)))","v":"SINAPI 95818"},{"$f":"IF(ISERROR(INDIRECT(ORÇAMENTO.BancoRef)),\"(abra o arquivo 'Referência \"&Excel_BuiltIn_Database&\".xlsm)\",IF(OR($C445<>\"S\",ORÇAMENTO.CodBarra=\"\"),\"(Sem Código)\",IF(ISERROR(MATCH($AE445,INDIRECT(ORÇAMENTO.BancoRef),0)),\"(Código não identificado nas referências)\",MATCH($AE445,INDIRECT(ORÇAMENTO.BancoRef),0))))","v":3156},{"$f":"ROUND(IF(DESONERACAO=\"sim\",REFERENCIA.Desonerado,REFERENCIA.NaoDesonerado),2)","v":55.09},0.25,null,5,null,null,344.3,68.86]
["S",2,"S",0,{"$f":"IF($C446=1,OFFSET(E446,-1,0)+MAX(1,COUNTIF(QCI!$A$13:$A$41,OFFSET(ORÇAMENTO!E446,-1,0))),OFFSET(E446,-1,0))","v":18},4,0,0,13,0,{"$f":"IF(OR($C446=\"S\",$C446=0),0,MATCH(OFFSET($D446,0,$C446)+IF($C446<>1,1,COUNTIF(QCI!$A$13:$A$41,ORÇAMENTO!E446)),OFFSET($D446,1,$C446,ROW($C$744)-ROW($C446)),0))","v":0},"F","Serviço","Serviço","18.4.13.","SINAPI","94767","ADAPTADOR COM FLANGES LIVRES, CPVC, ROSCÁVEL, DN 35 MM, INSTALADO EM RESERVAÇÃO DE ÁGUA DE EDIFICAÇÃO QUE POSSUA RESERVATÓRIO DE FIBRA/FIBROCIMENTO - FORNECIMENTO E INSTALAÇÃO. AF_06/2016",{"$f":"REFERENCIA.Unidade","v":"UN"},{"$f":"OFFSET(CÁLCULO!H$15,ROW($T446)-ROW(T$15),0)","v":9},65.02,"BDI 1",{"$f":"IF($C446=\"S\",ROUND(IF(TIPOORCAMENTO=\"Proposto\",ORÇAMENTO.CustoUnitario*(1+$AH446),ORÇAMENTO.PrecoUnitarioLicitado),15-13*$AF$10),0)","v":81.28},{"$f":"IF($C446=\"S\",IF(Import.TipoArredondamento<>\"TransfereGOV\",VTOTAL1,SUM(OFFSET(CÁLCULO!$AA$15,ROW($X446)-ROW($X$15),1):OFFSET(CÁLCULO!$AL$15,ROW($X446)-ROW($X$15),-1))),IF($C446=0,0,ROUND(SomaAgrup,15-13*$AF$11)))","v":731.52},"RA","RA",{"$f":"IF($C446=\"S\",IF($Z446=\"CP\",$X446,IF($Z446=\"RA\",(($X446)*QCI!$AA$3),0)),SomaAgrup)","v":26.051623024397099},0,{"$f":"IF($N446=\"\",\"\",IF(ORÇAMENTO.Descricao=\"\",\"DESCRIÇÃO\",IF(AND($C446=\"S\",ORÇAMENTO.Unidade=\"\"),\"UNIDADE\",IF($X446<0,\"VALOR NEGATIVO\",IF(OR(AND(TIPOORCAMENTO=\"Proposto\",$AG446<>\"\",$AG446>0,ORÇAMENTO.CustoUnitario>$AG446),AND(TIPOORCAMENTO=\"LICITADO\",ORÇAMENTO.PrecoUnitarioLicitado>$AN446)),\"ACIMA REF.\",\"\")))))","v":""},{"$f":"IF(C446<=CRONO.NivelExibicao,MAX($AD$15:OFFSET(AD446,-1,0))+IF($C446<>1,1,MAX(1,COUNTIF(QCI!$A$13:$A$41,OFFSET($E446,-1,0)))),\"\")","v":""},{"$f":"IF(AND($C446=\"S\",ORÇAMENTO.CodBarra<>\"\"),IF(ORÇAMENTO.Fonte=\"\",ORÇAMENTO.CodBarra,CONCATENATE(ORÇAMENTO.Fonte,\" \",ORÇAMENTO.CodBarra)))","v":"SINAPI 94767"},{"$f":"IF(ISERROR(INDIRECT(ORÇAMENTO.BancoRef)),\"(abra o arquivo 'Referência \"&Excel_BuiltIn_Database&\".xlsm)\",IF(OR($C446<>\"S\",ORÇAMENTO.CodBarra=\"\"),\"(Sem Código)\",IF(ISERROR(MATCH($AE446,INDIRECT(ORÇAMENTO.BancoRef),0)),\"(Código não identificado nas referências)\",MATCH($AE446,INDIRECT(ORÇAMENTO.BancoRef),0))))","v":4670},{"$f":"ROUND(IF(DESONERACAO=\"sim\",REFERENCIA.Desonerado,REFERENCIA.NaoDesonerado),2)","v":65.02},0.25,null,9,null,null,731.52,81.28]
["S",2,"S",0,{"$f":"IF($C447=1,OFFSET(E447,-1,0)+MAX(1,COUNTIF(QCI!$A$13:$A$41,OFFSET(ORÇAMENTO!E447,-1,0))),OFFSET(E447,-1,0))","v":18},4,0,0,14,0,{"$f":"IF(OR($C447=\"S\",$C447=0),0,MATCH(OFFSET($D447,0,$C447)+IF($C447<>1,1,COUNTIF(QCI!$A$13:$A$41,ORÇAMENTO!E447)),OFFSET($D447,1,$C447,ROW($C$744)-ROW($C447)),0))","v":0},"F","Serviço","Serviço","18.4.14.","SINAPI","91917","CURVA 90 GRAUS PARA ELETRODUTO, PVC, ROSCÁVEL, DN 32 MM (1\"), PARA CIRCUITOS TERMINAIS, INSTALADA EM PAREDE - FORNECIMENTO E INSTALAÇÃO. AF_03/2023",{"$f":"REFERENCIA.Unidade","v":"UN"},{"$f":"OFFSET(CÁLCULO!H$15,ROW($T447)-ROW(T$15),0)","v":5},22.53,"BDI 1",{"$f":"IF($C447=\"S\",ROUND(IF(TIPOORCAMENTO=\"Proposto\",ORÇAMENTO.CustoUnitario*(1+$AH447),ORÇAMENTO.PrecoUnitarioLicitado),15-13*$AF$10),0)","v":28.16},{"$f":"IF($C447=\"S\",IF(Import.TipoArredondamento<>\"TransfereGOV\",VTOTAL1,SUM(OFFSET(CÁLCULO!$AA$15,ROW($X447)-ROW($X$15),1):OFFSET(CÁLCULO!$AL$15,ROW($X447)-ROW($X$15),-1))),IF($C447=0,0,ROUND(SomaAgrup,15-13*$AF$11)))","v":140.80000000000001},"RA","RA",{"$f":"IF($C447=\"S\",IF($Z447=\"CP\",$X447,IF($Z447=\"RA\",(($X447)*QCI!$AA$3),0)),SomaAgrup)","v":5.0143106433660209},0,{"$f":"IF($N447=\"\",\"\",IF(ORÇAMENTO.Descricao=\"\",\"DESCRIÇÃO\",IF(AND($C447=\"S\",ORÇAMENTO.Unidade=\"\"),\"UNIDADE\",IF($X447<0,\"VALOR NEGATIVO\",IF(OR(AND(TIPOORCAMENTO=\"Proposto\",$AG447<>\"\",$AG447>0,ORÇAMENTO.CustoUnitario>$AG447),AND(TIPOORCAMENTO=\"LICITADO\",ORÇAMENTO.PrecoUnitarioLicitado>$AN447)),\"ACIMA REF.\",\"\")))))","v":""},{"$f":"IF(C447<=CRONO.NivelExibicao,MAX($AD$15:OFFSET(AD447,-1,0))+IF($C447<>1,1,MAX(1,COUNTIF(QCI!$A$13:$A$41,OFFSET($E447,-1,0)))),\"\")","v":""},{"$f":"IF(AND($C447=\"S\",ORÇAMENTO.CodBarra<>\"\"),IF(ORÇAMENTO.Fonte=\"\",ORÇAMENTO.CodBarra,CONCATENATE(ORÇAMENTO.Fonte,\" \",ORÇAMENTO.CodBarra)))","v":"SINAPI 91917"},{"$f":"IF(ISERROR(INDIRECT(ORÇAMENTO.BancoRef)),\"(abra o arquivo 'Referência \"&Excel_BuiltIn_Database&\".xlsm)\",IF(OR($C447<>\"S\",ORÇAMENTO.CodBarra=\"\"),\"(Sem Código)\",IF(ISERROR(MATCH($AE447,INDIRECT(ORÇAMENTO.BancoRef),0)),\"(Código não identificado nas referências)\",MATCH($AE447,INDIRECT(ORÇAMENTO.BancoRef),0))))","v":3060},{"$f":"ROUND(IF(DESONERACAO=\"sim\",REFERENCIA.Desonerado,REFERENCIA.NaoDesonerado),2)","v":22.53},0.25,null,5,null,null,140.80000000000001,28.16]
["S",2,"S",0,{"$f":"IF($C448=1,OFFSET(E448,-1,0)+MAX(1,COUNTIF(QCI!$A$13:$A$41,OFFSET(ORÇAMENTO!E448,-1,0))),OFFSET(E448,-1,0))","v":18},4,0,0,15,0,{"$f":"IF(OR($C448=\"S\",$C448=0),0,MATCH(OFFSET($D448,0,$C448)+IF($C448<>1,1,COUNTIF(QCI!$A$13:$A$41,ORÇAMENTO!E448)),OFFSET($D448,1,$C448,ROW($C$744)-ROW($C448)),0))","v":0},"F","Serviço","Serviço","18.4.15.","SINAPI","89842","TÊ, CPVC, SOLDÁVEL, DN 35MM, INSTALADO EM PRUMADA DE ÁGUA   FORNECIMENTO E INSTALAÇÃO. AF_06/2022",{"$f":"REFERENCIA.Unidade","v":"UN"},{"$f":"OFFSET(CÁLCULO!H$15,ROW($T448)-ROW(T$15),0)","v":5},50.13,"BDI 1",{"$f":"IF($C448=\"S\",ROUND(IF(TIPOORCAMENTO=\"Proposto\",ORÇAMENTO.CustoUnitario*(1+$AH448),ORÇAMENTO.PrecoUnitarioLicitado),15-13*$AF$10),0)","v":62.66},{"$f":"IF($C448=\"S\",IF(Import.TipoArredondamento<>\"TransfereGOV\",VTOTAL1,SUM(OFFSET(CÁLCULO!$AA$15,ROW($X448)-ROW($X$15),1):OFFSET(CÁLCULO!$AL$15,ROW($X448)-ROW($X$15),-1))),IF($C448=0,0,ROUND(SomaAgrup,15-13*$AF$11)))","v":313.3},"RA","RA",{"$f":"IF($C448=\"S\",IF($Z448=\"CP\",$X448,IF($Z448=\"RA\",(($X448)*QCI!$AA$3),0)),SomaAgrup)","v":11.157553441523966},0,{"$f":"IF($N448=\"\",\"\",IF(ORÇAMENTO.Descricao=\"\",\"DESCRIÇÃO\",IF(AND($C448=\"S\",ORÇAMENTO.Unidade=\"\"),\"UNIDADE\",IF($X448<0,\"VALOR NEGATIVO\",IF(OR(AND(TIPOORCAMENTO=\"Proposto\",$AG448<>\"\",$AG448>0,ORÇAMENTO.CustoUnitario>$AG448),AND(TIPOORCAMENTO=\"LICITADO\",ORÇAMENTO.PrecoUnitarioLicitado>$AN448)),\"ACIMA REF.\",\"\")))))","v":""},{"$f":"IF(C448<=CRONO.NivelExibicao,MAX($AD$15:OFFSET(AD448,-1,0))+IF($C448<>1,1,MAX(1,COUNTIF(QCI!$A$13:$A$41,OFFSET($E448,-1,0)))),\"\")","v":""},{"$f":"IF(AND($C448=\"S\",ORÇAMENTO.CodBarra<>\"\"),IF(ORÇAMENTO.Fonte=\"\",ORÇAMENTO.CodBarra,CONCATENATE(ORÇAMENTO.Fonte,\" \",ORÇAMENTO.CodBarra)))","v":"SINAPI 89842"},{"$f":"IF(ISERROR(INDIRECT(ORÇAMENTO.BancoRef)),\"(abra o arquivo 'Referência \"&Excel_BuiltIn_Database&\".xlsm)\",IF(OR($C448<>\"S\",ORÇAMENTO.CodBarra=\"\"),\"(Sem Código)\",IF(ISERROR(MATCH($AE448,INDIRECT(ORÇAMENTO.BancoRef),0)),\"(Código não identificado nas referências)\",MATCH($AE448,INDIRECT(ORÇAMENTO.BancoRef),0))))","v":4271},{"$f":"ROUND(IF(DESONERACAO=\"sim\",REFERENCIA.Desonerado,REFERENCIA.NaoDesonerado),2)","v":50.13},0.25,null,5,null,null,313.3,62.66]
["S",2,"S",0,{"$f":"IF($C449=1,OFFSET(E449,-1,0)+MAX(1,COUNTIF(QCI!$A$13:$A$41,OFFSET(ORÇAMENTO!E449,-1,0))),OFFSET(E449,-1,0))","v":18},4,0,0,16,0,{"$f":"IF(OR($C449=\"S\",$C449=0),0,MATCH(OFFSET($D449,0,$C449)+IF($C449<>1,1,COUNTIF(QCI!$A$13:$A$41,ORÇAMENTO!E449)),OFFSET($D449,1,$C449,ROW($C$744)-ROW($C449)),0))","v":0},"F","Serviço","Serviço","18.4.16.","SINAPI","FNDE 330","TAMPA CEGA EM PVC PARA CONDULETE 4 X 2\"","UN",{"$f":"OFFSET(CÁLCULO!H$15,ROW($T449)-ROW(T$15),0)","v":5},22.29,"BDI 1",{"$f":"IF($C449=\"S\",ROUND(IF(TIPOORCAMENTO=\"Proposto\",ORÇAMENTO.CustoUnitario*(1+$AH449),ORÇAMENTO.PrecoUnitarioLicitado),15-13*$AF$10),0)","v":27.86},{"$f":"IF($C449=\"S\",IF(Import.TipoArredondamento<>\"TransfereGOV\",VTOTAL1,SUM(OFFSET(CÁLCULO!$AA$15,ROW($X449)-ROW($X$15),1):OFFSET(CÁLCULO!$AL$15,ROW($X449)-ROW($X$15),-1))),IF($C449=0,0,ROUND(SomaAgrup,15-13*$AF$11)))","v":139.30000000000001},"RA","RA",{"$f":"IF($C449=\"S\",IF($Z449=\"CP\",$X449,IF($Z449=\"RA\",(($X449)*QCI!$AA$3),0)),SomaAgrup)","v":4.9608911407733434},0,{"$f":"IF($N449=\"\",\"\",IF(ORÇAMENTO.Descricao=\"\",\"DESCRIÇÃO\",IF(AND($C449=\"S\",ORÇAMENTO.Unidade=\"\"),\"UNIDADE\",IF($X449<0,\"VALOR NEGATIVO\",IF(OR(AND(TIPOORCAMENTO=\"Proposto\",$AG449<>\"\",$AG449>0,ORÇAMENTO.CustoUnitario>$AG449),AND(TIPOORCAMENTO=\"LICITADO\",ORÇAMENTO.PrecoUnitarioLicitado>$AN449)),\"ACIMA REF.\",\"\")))))","v":""},{"$f":"IF(C449<=CRONO.NivelExibicao,MAX($AD$15:OFFSET(AD449,-1,0))+IF($C449<>1,1,MAX(1,COUNTIF(QCI!$A$13:$A$41,OFFSET($E449,-1,0)))),\"\")","v":""},{"$f":"IF(AND($C449=\"S\",ORÇAMENTO.CodBarra<>\"\"),IF(ORÇAMENTO.Fonte=\"\",ORÇAMENTO.CodBarra,CONCATENATE(ORÇAMENTO.Fonte,\" \",ORÇAMENTO.CodBarra)))","v":"SINAPI FNDE 330"},{"$f":"IF(ISERROR(INDIRECT(ORÇAMENTO.BancoRef)),\"(abra o arquivo 'Referência \"&Excel_BuiltIn_Database&\".xlsm)\",IF(OR($C449<>\"S\",ORÇAMENTO.CodBarra=\"\"),\"(Sem Código)\",IF(ISERROR(MATCH($AE449,INDIRECT(ORÇAMENTO.BancoRef),0)),\"(Código não identificado nas referências)\",MATCH($AE449,INDIRECT(ORÇAMENTO.BancoRef),0))))","v":"(Código não identificado nas referências)"},{"$f":"ROUND(IF(DESONERACAO=\"sim\",REFERENCIA.Desonerado,REFERENCIA.NaoDesonerado),2)","v":0},0.25,null,5,null,null,139.30000000000001,27.86]
["S",2,"S",0,{"$f":"IF($C450=1,OFFSET(E450,-1,0)+MAX(1,COUNTIF(QCI!$A$13:$A$41,OFFSET(ORÇAMENTO!E450,-1,0))),OFFSET(E450,-1,0))","v":18},4,0,0,17,0,{"$f":"IF(OR($C450=\"S\",$C450=0),0,MATCH(OFFSET($D450,0,$C450)+IF($C450<>1,1,COUNTIF(QCI!$A$13:$A$41,ORÇAMENTO!E450)),OFFSET($D450,1,$C450,ROW($C$744)-ROW($C450)),0))","v":0},"F","Serviço","Serviço","18.4.17.","SINAPI","97503","LUVA COM REDUÇÃO, EM AÇO, CONEXÃO SOLDADA, DN 32 X 25 MM (1 1/4\"  X 1\"), INSTALADO EM REDE DE ALIMENTAÇÃO PARA SPRINKLER - FORNECIMENTO E INSTALAÇÃO. AF_10/2020",{"$f":"REFERENCIA.Unidade","v":"UN"},{"$f":"OFFSET(CÁLCULO!H$15,ROW($T450)-ROW(T$15),0)","v":1},82.89,"BDI 1",{"$f":"IF($C450=\"S\",ROUND(IF(TIPOORCAMENTO=\"Proposto\",ORÇAMENTO.CustoUnitario*(1+$AH450),ORÇAMENTO.PrecoUnitarioLicitado),15-13*$AF$10),0)","v":103.61},{"$f":"IF($C450=\"S\",IF(Import.TipoArredondamento<>\"TransfereGOV\",VTOTAL1,SUM(OFFSET(CÁLCULO!$AA$15,ROW($X450)-ROW($X$15),1):OFFSET(CÁLCULO!$AL$15,ROW($X450)-ROW($X$15),-1))),IF($C450=0,0,ROUND(SomaAgrup,15-13*$AF$11)))","v":103.61},"RA","RA",{"$f":"IF($C450=\"S\",IF($Z450=\"CP\",$X450,IF($Z450=\"RA\",(($X450)*QCI!$AA$3),0)),SomaAgrup)","v":3.6898631090848966},0,{"$f":"IF($N450=\"\",\"\",IF(ORÇAMENTO.Descricao=\"\",\"DESCRIÇÃO\",IF(AND($C450=\"S\",ORÇAMENTO.Unidade=\"\"),\"UNIDADE\",IF($X450<0,\"VALOR NEGATIVO\",IF(OR(AND(TIPOORCAMENTO=\"Proposto\",$AG450<>\"\",$AG450>0,ORÇAMENTO.CustoUnitario>$AG450),AND(TIPOORCAMENTO=\"LICITADO\",ORÇAMENTO.PrecoUnitarioLicitado>$AN450)),\"ACIMA REF.\",\"\")))))","v":""},{"$f":"IF(C450<=CRONO.NivelExibicao,MAX($AD$15:OFFSET(AD450,-1,0))+IF($C450<>1,1,MAX(1,COUNTIF(QCI!$A$13:$A$41,OFFSET($E450,-1,0)))),\"\")","v":""},{"$f":"IF(AND($C450=\"S\",ORÇAMENTO.CodBarra<>\"\"),IF(ORÇAMENTO.Fonte=\"\",ORÇAMENTO.CodBarra,CONCATENATE(ORÇAMENTO.Fonte,\" \",ORÇAMENTO.CodBarra)))","v":"SINAPI 97503"},{"$f":"IF(ISERROR(INDIRECT(ORÇAMENTO.BancoRef)),\"(abra o arquivo 'Referência \"&Excel_BuiltIn_Database&\".xlsm)\",IF(OR($C450<>\"S\",ORÇAMENTO.CodBarra=\"\"),\"(Sem Código)\",IF(ISERROR(MATCH($AE450,INDIRECT(ORÇAMENTO.BancoRef),0)),\"(Código não identificado nas referências)\",MATCH($AE450,INDIRECT(ORÇAMENTO.BancoRef),0))))","v":4896},{"$f":"ROUND(IF(DESONERACAO=\"sim\",REFERENCIA.Desonerado,REFERENCIA.NaoDesonerado),2)","v":82.89},0.25,null,1,null,null,103.61,103.61]
["S",2,"S",0,{"$f":"IF($C451=1,OFFSET(E451,-1,0)+MAX(1,COUNTIF(QCI!$A$13:$A$41,OFFSET(ORÇAMENTO!E451,-1,0))),OFFSET(E451,-1,0))","v":18},4,0,0,18,0,{"$f":"IF(OR($C451=\"S\",$C451=0),0,MATCH(OFFSET($D451,0,$C451)+IF($C451<>1,1,COUNTIF(QCI!$A$13:$A$41,ORÇAMENTO!E451)),OFFSET($D451,1,$C451,ROW($C$744)-ROW($C451)),0))","v":0},"F","Serviço","Serviço","18.4.18.","SINAPI","FNDE 333","LUVA COM REDUÇÃO, EM AÇO, CONEXÃO SOLDADA, DN 40  X 25 MM (1 1/2\" X 1\"), INSTALADO EM REDE DE ALIMENTAÇÃO PARA HIDRANTE - FORNECIMENTO E INSTALAÇÃO.","UN",{"$f":"OFFSET(CÁLCULO!H$15,ROW($T451)-ROW(T$15),0)","v":2},112.28,"BDI 1",{"$f":"IF($C451=\"S\",ROUND(IF(TIPOORCAMENTO=\"Proposto\",ORÇAMENTO.CustoUnitario*(1+$AH451),ORÇAMENTO.PrecoUnitarioLicitado),15-13*$AF$10),0)","v":140.35},{"$f":"IF($C451=\"S\",IF(Import.TipoArredondamento<>\"TransfereGOV\",VTOTAL1,SUM(OFFSET(CÁLCULO!$AA$15,ROW($X451)-ROW($X$15),1):OFFSET(CÁLCULO!$AL$15,ROW($X451)-ROW($X$15),-1))),IF($C451=0,0,ROUND(SomaAgrup,15-13*$AF$11)))","v":280.7},"RA","RA",{"$f":"IF($C451=\"S\",IF($Z451=\"CP\",$X451,IF($Z451=\"RA\",(($X451)*QCI!$AA$3),0)),SomaAgrup)","v":9.9965695851764345},0,{"$f":"IF($N451=\"\",\"\",IF(ORÇAMENTO.Descricao=\"\",\"DESCRIÇÃO\",IF(AND($C451=\"S\",ORÇAMENTO.Unidade=\"\"),\"UNIDADE\",IF($X451<0,\"VALOR NEGATIVO\",IF(OR(AND(TIPOORCAMENTO=\"Proposto\",$AG451<>\"\",$AG451>0,ORÇAMENTO.CustoUnitario>$AG451),AND(TIPOORCAMENTO=\"LICITADO\",ORÇAMENTO.PrecoUnitarioLicitado>$AN451)),\"ACIMA REF.\",\"\")))))","v":""},{"$f":"IF(C451<=CRONO.NivelExibicao,MAX($AD$15:OFFSET(AD451,-1,0))+IF($C451<>1,1,MAX(1,COUNTIF(QCI!$A$13:$A$41,OFFSET($E451,-1,0)))),\"\")","v":""},{"$f":"IF(AND($C451=\"S\",ORÇAMENTO.CodBarra<>\"\"),IF(ORÇAMENTO.Fonte=\"\",ORÇAMENTO.CodBarra,CONCATENATE(ORÇAMENTO.Fonte,\" \",ORÇAMENTO.CodBarra)))","v":"SINAPI FNDE 333"},{"$f":"IF(ISERROR(INDIRECT(ORÇAMENTO.BancoRef)),\"(abra o arquivo 'Referência \"&Excel_BuiltIn_Database&\".xlsm)\",IF(OR($C451<>\"S\",ORÇAMENTO.CodBarra=\"\"),\"(Sem Código)\",IF(ISERROR(MATCH($AE451,INDIRECT(ORÇAMENTO.BancoRef),0)),\"(Código não identificado nas referências)\",MATCH($AE451,INDIRECT(ORÇAMENTO.BancoRef),0))))","v":"(Código não identificado nas referências)"},{"$f":"ROUND(IF(DESONERACAO=\"sim\",REFERENCIA.Desonerado,REFERENCIA.NaoDesonerado),2)","v":0},0.25,null,2,null,null,280.7,140.35]
["S",2,"S",0,{"$f":"IF($C452=1,OFFSET(E452,-1,0)+MAX(1,COUNTIF(QCI!$A$13:$A$41,OFFSET(ORÇAMENTO!E452,-1,0))),OFFSET(E452,-1,0))","v":18},4,0,0,19,0,{"$f":"IF(OR($C452=\"S\",$C452=0),0,MATCH(OFFSET($D452,0,$C452)+IF($C452<>1,1,COUNTIF(QCI!$A$13:$A$41,ORÇAMENTO!E452)),OFFSET($D452,1,$C452,ROW($C$744)-ROW($C452)),0))","v":0},"F","Serviço","Serviço","18.4.19.","SINAPI","97447","LUVA COM REDUÇÃO, EM AÇO, CONEXÃO SOLDADA, DN 65 X 50 MM (2 1/2\" X 2\"), INSTALADO EM PRUMADAS - FORNECIMENTO E INSTALAÇÃO. AF_10/2020",{"$f":"REFERENCIA.Unidade","v":"UN"},{"$f":"OFFSET(CÁLCULO!H$15,ROW($T452)-ROW(T$15),0)","v":1},337.37,"BDI 1",{"$f":"IF($C452=\"S\",ROUND(IF(TIPOORCAMENTO=\"Proposto\",ORÇAMENTO.CustoUnitario*(1+$AH452),ORÇAMENTO.PrecoUnitarioLicitado),15-13*$AF$10),0)","v":421.71},{"$f":"IF($C452=\"S\",IF(Import.TipoArredondamento<>\"TransfereGOV\",VTOTAL1,SUM(OFFSET(CÁLCULO!$AA$15,ROW($X452)-ROW($X$15),1):OFFSET(CÁLCULO!$AL$15,ROW($X452)-ROW($X$15),-1))),IF($C452=0,0,ROUND(SomaAgrup,15-13*$AF$11)))","v":421.71},"RA","RA",{"$f":"IF($C452=\"S\",IF($Z452=\"CP\",$X452,IF($Z452=\"RA\",(($X452)*QCI!$AA$3),0)),SomaAgrup)","v":15.018358958905431},0,{"$f":"IF($N452=\"\",\"\",IF(ORÇAMENTO.Descricao=\"\",\"DESCRIÇÃO\",IF(AND($C452=\"S\",ORÇAMENTO.Unidade=\"\"),\"UNIDADE\",IF($X452<0,\"VALOR NEGATIVO\",IF(OR(AND(TIPOORCAMENTO=\"Proposto\",$AG452<>\"\",$AG452>0,ORÇAMENTO.CustoUnitario>$AG452),AND(TIPOORCAMENTO=\"LICITADO\",ORÇAMENTO.PrecoUnitarioLicitado>$AN452)),\"ACIMA REF.\",\"\")))))","v":""},{"$f":"IF(C452<=CRONO.NivelExibicao,MAX($AD$15:OFFSET(AD452,-1,0))+IF($C452<>1,1,MAX(1,COUNTIF(QCI!$A$13:$A$41,OFFSET($E452,-1,0)))),\"\")","v":""},{"$f":"IF(AND($C452=\"S\",ORÇAMENTO.CodBarra<>\"\"),IF(ORÇAMENTO.Fonte=\"\",ORÇAMENTO.CodBarra,CONCATENATE(ORÇAMENTO.Fonte,\" \",ORÇAMENTO.CodBarra)))","v":"SINAPI 97447"},{"$f":"IF(ISERROR(INDIRECT(ORÇAMENTO.BancoRef)),\"(abra o arquivo 'Referência \"&Excel_BuiltIn_Database&\".xlsm)\",IF(OR($C452<>\"S\",ORÇAMENTO.CodBarra=\"\"),\"(Sem Código)\",IF(ISERROR(MATCH($AE452,INDIRECT(ORÇAMENTO.BancoRef),0)),\"(Código não identificado nas referências)\",MATCH($AE452,INDIRECT(ORÇAMENTO.BancoRef),0))))","v":4851},{"$f":"ROUND(IF(DESONERACAO=\"sim\",REFERENCIA.Desonerado,REFERENCIA.NaoDesonerado),2)","v":337.37},0.25,null,1,null,null,421.71,421.71]
["S",2,"S",0,{"$f":"IF($C453=1,OFFSET(E453,-1,0)+MAX(1,COUNTIF(QCI!$A$13:$A$41,OFFSET(ORÇAMENTO!E453,-1,0))),OFFSET(E453,-1,0))","v":18},4,0,0,20,0,{"$f":"IF(OR($C453=\"S\",$C453=0),0,MATCH(OFFSET($D453,0,$C453)+IF($C453<>1,1,COUNTIF(QCI!$A$13:$A$41,ORÇAMENTO!E453)),OFFSET($D453,1,$C453,ROW($C$744)-ROW($C453)),0))","v":0},"F","Serviço","Serviço","18.4.20.","SINAPI","FNDE 331","LUVA COM REDUÇÃO, EM AÇO, CONEXÃO SOLDADA, DN 75 X 65 MM, INSTALADO EM PRUMADAS - FORNECIMENTO E INSTALAÇÃO.","UN",{"$f":"OFFSET(CÁLCULO!H$15,ROW($T453)-ROW(T$15),0)","v":1},437.2,"BDI 1",{"$f":"IF($C453=\"S\",ROUND(IF(TIPOORCAMENTO=\"Proposto\",ORÇAMENTO.CustoUnitario*(1+$AH453),ORÇAMENTO.PrecoUnitarioLicitado),15-13*$AF$10),0)","v":546.5},{"$f":"IF($C453=\"S\",IF(Import.TipoArredondamento<>\"TransfereGOV\",VTOTAL1,SUM(OFFSET(CÁLCULO!$AA$15,ROW($X453)-ROW($X$15),1):OFFSET(CÁLCULO!$AL$15,ROW($X453)-ROW($X$15),-1))),IF($C453=0,0,ROUND(SomaAgrup,15-13*$AF$11)))","v":546.5},"RA","RA",{"$f":"IF($C453=\"S\",IF($Z453=\"CP\",$X453,IF($Z453=\"RA\",(($X453)*QCI!$AA$3),0)),SomaAgrup)","v":19.462505444598939},0,{"$f":"IF($N453=\"\",\"\",IF(ORÇAMENTO.Descricao=\"\",\"DESCRIÇÃO\",IF(AND($C453=\"S\",ORÇAMENTO.Unidade=\"\"),\"UNIDADE\",IF($X453<0,\"VALOR NEGATIVO\",IF(OR(AND(TIPOORCAMENTO=\"Proposto\",$AG453<>\"\",$AG453>0,ORÇAMENTO.CustoUnitario>$AG453),AND(TIPOORCAMENTO=\"LICITADO\",ORÇAMENTO.PrecoUnitarioLicitado>$AN453)),\"ACIMA REF.\",\"\")))))","v":""},{"$f":"IF(C453<=CRONO.NivelExibicao,MAX($AD$15:OFFSET(AD453,-1,0))+IF($C453<>1,1,MAX(1,COUNTIF(QCI!$A$13:$A$41,OFFSET($E453,-1,0)))),\"\")","v":""},{"$f":"IF(AND($C453=\"S\",ORÇAMENTO.CodBarra<>\"\"),IF(ORÇAMENTO.Fonte=\"\",ORÇAMENTO.CodBarra,CONCATENATE(ORÇAMENTO.Fonte,\" \",ORÇAMENTO.CodBarra)))","v":"SINAPI FNDE 331"},{"$f":"IF(ISERROR(INDIRECT(ORÇAMENTO.BancoRef)),\"(abra o arquivo 'Referência \"&Excel_BuiltIn_Database&\".xlsm)\",IF(OR($C453<>\"S\",ORÇAMENTO.CodBarra=\"\"),\"(Sem Código)\",IF(ISERROR(MATCH($AE453,INDIRECT(ORÇAMENTO.BancoRef),0)),\"(Código não identificado nas referências)\",MATCH($AE453,INDIRECT(ORÇAMENTO.BancoRef),0))))","v":"(Código não identificado nas referências)"},{"$f":"ROUND(IF(DESONERACAO=\"sim\",REFERENCIA.Desonerado,REFERENCIA.NaoDesonerado),2)","v":0},0.25,null,1,null,null,546.5,546.5]
["S",2,"S",0,{"$f":"IF($C454=1,OFFSET(E454,-1,0)+MAX(1,COUNTIF(QCI!$A$13:$A$41,OFFSET(ORÇAMENTO!E454,-1,0))),OFFSET(E454,-1,0))","v":18},4,0,0,21,0,{"$f":"IF(OR($C454=\"S\",$C454=0),0,MATCH(OFFSET($D454,0,$C454)+IF($C454<>1,1,COUNTIF(QCI!$A$13:$A$41,ORÇAMENTO!E454)),OFFSET($D454,1,$C454,ROW($C$744)-ROW($C454)),0))","v":0},"F","Serviço","Serviço","18.4.21.","SINAPI","FNDE 334","LUVA COM REDUÇÃO, EM AÇO, CONEXÃO SOLDADA, DN 80 X 38 MM (3\" X 2 1/2\"), INSTALADO EM PRUMADAS - FORNECIMENTO E INSTALAÇÃO.","UN",{"$f":"OFFSET(CÁLCULO!H$15,ROW($T454)-ROW(T$15),0)","v":2},328.36,"BDI 1",{"$f":"IF($C454=\"S\",ROUND(IF(TIPOORCAMENTO=\"Proposto\",ORÇAMENTO.CustoUnitario*(1+$AH454),ORÇAMENTO.PrecoUnitarioLicitado),15-13*$AF$10),0)","v":410.45},{"$f":"IF($C454=\"S\",IF(Import.TipoArredondamento<>\"TransfereGOV\",VTOTAL1,SUM(OFFSET(CÁLCULO!$AA$15,ROW($X454)-ROW($X$15),1):OFFSET(CÁLCULO!$AL$15,ROW($X454)-ROW($X$15),-1))),IF($C454=0,0,ROUND(SomaAgrup,15-13*$AF$11)))","v":820.9},"RA","RA",{"$f":"IF($C454=\"S\",IF($Z454=\"CP\",$X454,IF($Z454=\"RA\",(($X454)*QCI!$AA$3),0)),SomaAgrup)","v":29.234713118886123},0,{"$f":"IF($N454=\"\",\"\",IF(ORÇAMENTO.Descricao=\"\",\"DESCRIÇÃO\",IF(AND($C454=\"S\",ORÇAMENTO.Unidade=\"\"),\"UNIDADE\",IF($X454<0,\"VALOR NEGATIVO\",IF(OR(AND(TIPOORCAMENTO=\"Proposto\",$AG454<>\"\",$AG454>0,ORÇAMENTO.CustoUnitario>$AG454),AND(TIPOORCAMENTO=\"LICITADO\",ORÇAMENTO.PrecoUnitarioLicitado>$AN454)),\"ACIMA REF.\",\"\")))))","v":""},{"$f":"IF(C454<=CRONO.NivelExibicao,MAX($AD$15:OFFSET(AD454,-1,0))+IF($C454<>1,1,MAX(1,COUNTIF(QCI!$A$13:$A$41,OFFSET($E454,-1,0)))),\"\")","v":""},{"$f":"IF(AND($C454=\"S\",ORÇAMENTO.CodBarra<>\"\"),IF(ORÇAMENTO.Fonte=\"\",ORÇAMENTO.CodBarra,CONCATENATE(ORÇAMENTO.Fonte,\" \",ORÇAMENTO.CodBarra)))","v":"SINAPI FNDE 334"},{"$f":"IF(ISERROR(INDIRECT(ORÇAMENTO.BancoRef)),\"(abra o arquivo 'Referência \"&Excel_BuiltIn_Database&\".xlsm)\",IF(OR($C454<>\"S\",ORÇAMENTO.CodBarra=\"\"),\"(Sem Código)\",IF(ISERROR(MATCH($AE454,INDIRECT(ORÇAMENTO.BancoRef),0)),\"(Código não identificado nas referências)\",MATCH($AE454,INDIRECT(ORÇAMENTO.BancoRef),0))))","v":"(Código não identificado nas referências)"},{"$f":"ROUND(IF(DESONERACAO=\"sim\",REFERENCIA.Desonerado,REFERENCIA.NaoDesonerado),2)","v":0},0.25,null,2,null,null,820.9,410.45]
["S",2,"S",0,{"$f":"IF($C455=1,OFFSET(E455,-1,0)+MAX(1,COUNTIF(QCI!$A$13:$A$41,OFFSET(ORÇAMENTO!E455,-1,0))),OFFSET(E455,-1,0))","v":18},4,0,0,22,0,{"$f":"IF(OR($C455=\"S\",$C455=0),0,MATCH(OFFSET($D455,0,$C455)+IF($C455<>1,1,COUNTIF(QCI!$A$13:$A$41,ORÇAMENTO!E455)),OFFSET($D455,1,$C455,ROW($C$744)-ROW($C455)),0))","v":0},"F","Serviço","Serviço","18.4.22.","SINAPI","FNDE 335","LUVA COM REDUÇÃO, EM AÇO, CONEXÃO SOLDADA, DN 80 X 40 MM , INSTALADO EM PRUMADAS - FORNECIMENTO E INSTALAÇÃO","UN",{"$f":"OFFSET(CÁLCULO!H$15,ROW($T455)-ROW(T$15),0)","v":1},366.68,"BDI 1",{"$f":"IF($C455=\"S\",ROUND(IF(TIPOORCAMENTO=\"Proposto\",ORÇAMENTO.CustoUnitario*(1+$AH455),ORÇAMENTO.PrecoUnitarioLicitado),15-13*$AF$10),0)","v":458.35},{"$f":"IF($C455=\"S\",IF(Import.TipoArredondamento<>\"TransfereGOV\",VTOTAL1,SUM(OFFSET(CÁLCULO!$AA$15,ROW($X455)-ROW($X$15),1):OFFSET(CÁLCULO!$AL$15,ROW($X455)-ROW($X$15),-1))),IF($C455=0,0,ROUND(SomaAgrup,15-13*$AF$11)))","v":458.35},"RA","RA",{"$f":"IF($C455=\"S\",IF($Z455=\"CP\",$X455,IF($Z455=\"RA\",(($X455)*QCI!$AA$3),0)),SomaAgrup)","v":16.323219342235909},0,{"$f":"IF($N455=\"\",\"\",IF(ORÇAMENTO.Descricao=\"\",\"DESCRIÇÃO\",IF(AND($C455=\"S\",ORÇAMENTO.Unidade=\"\"),\"UNIDADE\",IF($X455<0,\"VALOR NEGATIVO\",IF(OR(AND(TIPOORCAMENTO=\"Proposto\",$AG455<>\"\",$AG455>0,ORÇAMENTO.CustoUnitario>$AG455),AND(TIPOORCAMENTO=\"LICITADO\",ORÇAMENTO.PrecoUnitarioLicitado>$AN455)),\"ACIMA REF.\",\"\")))))","v":""},{"$f":"IF(C455<=CRONO.NivelExibicao,MAX($AD$15:OFFSET(AD455,-1,0))+IF($C455<>1,1,MAX(1,COUNTIF(QCI!$A$13:$A$41,OFFSET($E455,-1,0)))),\"\")","v":""},{"$f":"IF(AND($C455=\"S\",ORÇAMENTO.CodBarra<>\"\"),IF(ORÇAMENTO.Fonte=\"\",ORÇAMENTO.CodBarra,CONCATENATE(ORÇAMENTO.Fonte,\" \",ORÇAMENTO.CodBarra)))","v":"SINAPI FNDE 335"},{"$f":"IF(ISERROR(INDIRECT(ORÇAMENTO.BancoRef)),\"(abra o arquivo 'Referência \"&Excel_BuiltIn_Database&\".xlsm)\",IF(OR($C455<>\"S\",ORÇAMENTO.CodBarra=\"\"),\"(Sem Código)\",IF(ISERROR(MATCH($AE455,INDIRECT(ORÇAMENTO.BancoRef),0)),\"(Código não identificado nas referências)\",MATCH($AE455,INDIRECT(ORÇAMENTO.BancoRef),0))))","v":"(Código não identificado nas referências)"},{"$f":"ROUND(IF(DESONERACAO=\"sim\",REFERENCIA.Desonerado,REFERENCIA.NaoDesonerado),2)","v":0},0.25,null,1,null,null,458.35,458.35]
["S",2,"S",0,{"$f":"IF($C456=1,OFFSET(E456,-1,0)+MAX(1,COUNTIF(QCI!$A$13:$A$41,OFFSET(ORÇAMENTO!E456,-1,0))),OFFSET(E456,-1,0))","v":18},4,0,0,23,0,{"$f":"IF(OR($C456=\"S\",$C456=0),0,MATCH(OFFSET($D456,0,$C456)+IF($C456<>1,1,COUNTIF(QCI!$A$13:$A$41,ORÇAMENTO!E456)),OFFSET($D456,1,$C456,ROW($C$744)-ROW($C456)),0))","v":0},"F","Serviço","Serviço","18.4.23.","SINAPI","FNDE 336","LUVA COM REDUÇÃO, EM AÇO, CONEXÃO SOLDADA, DN 80 X 50 MM, INSTALADO EM PRUMADAS - FORNECIMENTO E INSTALAÇÃO.","UN",{"$f":"OFFSET(CÁLCULO!H$15,ROW($T456)-ROW(T$15),0)","v":2},405,"BDI 1",{"$f":"IF($C456=\"S\",ROUND(IF(TIPOORCAMENTO=\"Proposto\",ORÇAMENTO.CustoUnitario*(1+$AH456),ORÇAMENTO.PrecoUnitarioLicitado),15-13*$AF$10),0)","v":506.25},{"$f":"IF($C456=\"S\",IF(Import.TipoArredondamento<>\"TransfereGOV\",VTOTAL1,SUM(OFFSET(CÁLCULO!$AA$15,ROW($X456)-ROW($X$15),1):OFFSET(CÁLCULO!$AL$15,ROW($X456)-ROW($X$15),-1))),IF($C456=0,0,ROUND(SomaAgrup,15-13*$AF$11)))","v":1012.5},"RA","RA",{"$f":"IF($C456=\"S\",IF($Z456=\"CP\",$X456,IF($Z456=\"RA\",(($X456)*QCI!$AA$3),0)),SomaAgrup)","v":36.058164250057501},0,{"$f":"IF($N456=\"\",\"\",IF(ORÇAMENTO.Descricao=\"\",\"DESCRIÇÃO\",IF(AND($C456=\"S\",ORÇAMENTO.Unidade=\"\"),\"UNIDADE\",IF($X456<0,\"VALOR NEGATIVO\",IF(OR(AND(TIPOORCAMENTO=\"Proposto\",$AG456<>\"\",$AG456>0,ORÇAMENTO.CustoUnitario>$AG456),AND(TIPOORCAMENTO=\"LICITADO\",ORÇAMENTO.PrecoUnitarioLicitado>$AN456)),\"ACIMA REF.\",\"\")))))","v":""},{"$f":"IF(C456<=CRONO.NivelExibicao,MAX($AD$15:OFFSET(AD456,-1,0))+IF($C456<>1,1,MAX(1,COUNTIF(QCI!$A$13:$A$41,OFFSET($E456,-1,0)))),\"\")","v":""},{"$f":"IF(AND($C456=\"S\",ORÇAMENTO.CodBarra<>\"\"),IF(ORÇAMENTO.Fonte=\"\",ORÇAMENTO.CodBarra,CONCATENATE(ORÇAMENTO.Fonte,\" \",ORÇAMENTO.CodBarra)))","v":"SINAPI FNDE 336"},{"$f":"IF(ISERROR(INDIRECT(ORÇAMENTO.BancoRef)),\"(abra o arquivo 'Referência \"&Excel_BuiltIn_Database&\".xlsm)\",IF(OR($C456<>\"S\",ORÇAMENTO.CodBarra=\"\"),\"(Sem Código)\",IF(ISERROR(MATCH($AE456,INDIRECT(ORÇAMENTO.BancoRef),0)),\"(Código não identificado nas referências)\",MATCH($AE456,INDIRECT(ORÇAMENTO.BancoRef),0))))","v":"(Código não identificado nas referências)"},{"$f":"ROUND(IF(DESONERACAO=\"sim\",REFERENCIA.Desonerado,REFERENCIA.NaoDesonerado),2)","v":0},0.25,null,2,null,null,1012.5,506.25]
["S",2,"S",0,{"$f":"IF($C457=1,OFFSET(E457,-1,0)+MAX(1,COUNTIF(QCI!$A$13:$A$41,OFFSET(ORÇAMENTO!E457,-1,0))),OFFSET(E457,-1,0))","v":18},4,0,0,24,0,{"$f":"IF(OR($C457=\"S\",$C457=0),0,MATCH(OFFSET($D457,0,$C457)+IF($C457<>1,1,COUNTIF(QCI!$A$13:$A$41,ORÇAMENTO!E457)),OFFSET($D457,1,$C457,ROW($C$744)-ROW($C457)),0))","v":0},"F","Serviço","Serviço","18.4.24.","SINAPI","97450","LUVA COM REDUÇÃO, EM AÇO, CONEXÃO SOLDADA, DN 80 X 65 MM (3\" X 2 1/2\"), INSTALADO EM PRUMADAS - FORNECIMENTO E INSTALAÇÃO. AF_10/2020",{"$f":"REFERENCIA.Unidade","v":"UN"},{"$f":"OFFSET(CÁLCULO!H$15,ROW($T457)-ROW(T$15),0)","v":2},443.29,"BDI 1",{"$f":"IF($C457=\"S\",ROUND(IF(TIPOORCAMENTO=\"Proposto\",ORÇAMENTO.CustoUnitario*(1+$AH457),ORÇAMENTO.PrecoUnitarioLicitado),15-13*$AF$10),0)","v":554.11},{"$f":"IF($C457=\"S\",IF(Import.TipoArredondamento<>\"TransfereGOV\",VTOTAL1,SUM(OFFSET(CÁLCULO!$AA$15,ROW($X457)-ROW($X$15),1):OFFSET(CÁLCULO!$AL$15,ROW($X457)-ROW($X$15),-1))),IF($C457=0,0,ROUND(SomaAgrup,15-13*$AF$11)))","v":1108.22},"RA","RA",{"$f":"IF($C457=\"S\",IF($Z457=\"CP\",$X457,IF($Z457=\"RA\",(($X457)*QCI!$AA$3),0)),SomaAgrup)","v":39.467040775504913},0,{"$f":"IF($N457=\"\",\"\",IF(ORÇAMENTO.Descricao=\"\",\"DESCRIÇÃO\",IF(AND($C457=\"S\",ORÇAMENTO.Unidade=\"\"),\"UNIDADE\",IF($X457<0,\"VALOR NEGATIVO\",IF(OR(AND(TIPOORCAMENTO=\"Proposto\",$AG457<>\"\",$AG457>0,ORÇAMENTO.CustoUnitario>$AG457),AND(TIPOORCAMENTO=\"LICITADO\",ORÇAMENTO.PrecoUnitarioLicitado>$AN457)),\"ACIMA REF.\",\"\")))))","v":""},{"$f":"IF(C457<=CRONO.NivelExibicao,MAX($AD$15:OFFSET(AD457,-1,0))+IF($C457<>1,1,MAX(1,COUNTIF(QCI!$A$13:$A$41,OFFSET($E457,-1,0)))),\"\")","v":""},{"$f":"IF(AND($C457=\"S\",ORÇAMENTO.CodBarra<>\"\"),IF(ORÇAMENTO.Fonte=\"\",ORÇAMENTO.CodBarra,CONCATENATE(ORÇAMENTO.Fonte,\" \",ORÇAMENTO.CodBarra)))","v":"SINAPI 97450"},{"$f":"IF(ISERROR(INDIRECT(ORÇAMENTO.BancoRef)),\"(abra o arquivo 'Referência \"&Excel_BuiltIn_Database&\".xlsm)\",IF(OR($C457<>\"S\",ORÇAMENTO.CodBarra=\"\"),\"(Sem Código)\",IF(ISERROR(MATCH($AE457,INDIRECT(ORÇAMENTO.BancoRef),0)),\"(Código não identificado nas referências)\",MATCH($AE457,INDIRECT(ORÇAMENTO.BancoRef),0))))","v":4853},{"$f":"ROUND(IF(DESONERACAO=\"sim\",REFERENCIA.Desonerado,REFERENCIA.NaoDesonerado),2)","v":443.29},0.25,null,2,null,null,1108.22,554.11]
["S",2,"S",0,{"$f":"IF($C458=1,OFFSET(E458,-1,0)+MAX(1,COUNTIF(QCI!$A$13:$A$41,OFFSET(ORÇAMENTO!E458,-1,0))),OFFSET(E458,-1,0))","v":18},4,0,0,25,0,{"$f":"IF(OR($C458=\"S\",$C458=0),0,MATCH(OFFSET($D458,0,$C458)+IF($C458<>1,1,COUNTIF(QCI!$A$13:$A$41,ORÇAMENTO!E458)),OFFSET($D458,1,$C458,ROW($C$744)-ROW($C458)),0))","v":0},"F","Serviço","Serviço","18.4.25.","SINAPI","FNDE 337","TE DE REDUCAO DE FERRO GALVANIZADO, COM ROSCA BSP, DE 1\" X 3/4\"","UN",{"$f":"OFFSET(CÁLCULO!H$15,ROW($T458)-ROW(T$15),0)","v":1},55.56,"BDI 1",{"$f":"IF($C458=\"S\",ROUND(IF(TIPOORCAMENTO=\"Proposto\",ORÇAMENTO.CustoUnitario*(1+$AH458),ORÇAMENTO.PrecoUnitarioLicitado),15-13*$AF$10),0)","v":69.45},{"$f":"IF($C458=\"S\",IF(Import.TipoArredondamento<>\"TransfereGOV\",VTOTAL1,SUM(OFFSET(CÁLCULO!$AA$15,ROW($X458)-ROW($X$15),1):OFFSET(CÁLCULO!$AL$15,ROW($X458)-ROW($X$15),-1))),IF($C458=0,0,ROUND(SomaAgrup,15-13*$AF$11)))","v":69.45},"RA","RA",{"$f":"IF($C458=\"S\",IF($Z458=\"CP\",$X458,IF($Z458=\"RA\",(($X458)*QCI!$AA$3),0)),SomaAgrup)","v":2.4733229700409813},0,{"$f":"IF($N458=\"\",\"\",IF(ORÇAMENTO.Descricao=\"\",\"DESCRIÇÃO\",IF(AND($C458=\"S\",ORÇAMENTO.Unidade=\"\"),\"UNIDADE\",IF($X458<0,\"VALOR NEGATIVO\",IF(OR(AND(TIPOORCAMENTO=\"Proposto\",$AG458<>\"\",$AG458>0,ORÇAMENTO.CustoUnitario>$AG458),AND(TIPOORCAMENTO=\"LICITADO\",ORÇAMENTO.PrecoUnitarioLicitado>$AN458)),\"ACIMA REF.\",\"\")))))","v":""},{"$f":"IF(C458<=CRONO.NivelExibicao,MAX($AD$15:OFFSET(AD458,-1,0))+IF($C458<>1,1,MAX(1,COUNTIF(QCI!$A$13:$A$41,OFFSET($E458,-1,0)))),\"\")","v":""},{"$f":"IF(AND($C458=\"S\",ORÇAMENTO.CodBarra<>\"\"),IF(ORÇAMENTO.Fonte=\"\",ORÇAMENTO.CodBarra,CONCATENATE(ORÇAMENTO.Fonte,\" \",ORÇAMENTO.CodBarra)))","v":"SINAPI FNDE 337"},{"$f":"IF(ISERROR(INDIRECT(ORÇAMENTO.BancoRef)),\"(abra o arquivo 'Referência \"&Excel_BuiltIn_Database&\".xlsm)\",IF(OR($C458<>\"S\",ORÇAMENTO.CodBarra=\"\"),\"(Sem Código)\",IF(ISERROR(MATCH($AE458,INDIRECT(ORÇAMENTO.BancoRef),0)),\"(Código não identificado nas referências)\",MATCH($AE458,INDIRECT(ORÇAMENTO.BancoRef),0))))","v":"(Código não identificado nas referências)"},{"$f":"ROUND(IF(DESONERACAO=\"sim\",REFERENCIA.Desonerado,REFERENCIA.NaoDesonerado),2)","v":0},0.25,null,1,null,null,69.45,69.45]
["S",2,"S",0,{"$f":"IF($C459=1,OFFSET(E459,-1,0)+MAX(1,COUNTIF(QCI!$A$13:$A$41,OFFSET(ORÇAMENTO!E459,-1,0))),OFFSET(E459,-1,0))","v":18},4,0,0,26,0,{"$f":"IF(OR($C459=\"S\",$C459=0),0,MATCH(OFFSET($D459,0,$C459)+IF($C459<>1,1,COUNTIF(QCI!$A$13:$A$41,ORÇAMENTO!E459)),OFFSET($D459,1,$C459,ROW($C$744)-ROW($C459)),0))","v":0},"F","Serviço","Serviço","18.4.26.","SINAPI","FNDE 338","TE DE REDUCAO DE FERRO GALVANIZADO, COM ROSCA BSP, DE 1\" X 3/4\"","UN",{"$f":"OFFSET(CÁLCULO!H$15,ROW($T459)-ROW(T$15),0)","v":1},78.099999999999994,"BDI 1",{"$f":"IF($C459=\"S\",ROUND(IF(TIPOORCAMENTO=\"Proposto\",ORÇAMENTO.CustoUnitario*(1+$AH459),ORÇAMENTO.PrecoUnitarioLicitado),15-13*$AF$10),0)","v":97.63},{"$f":"IF($C459=\"S\",IF(Import.TipoArredondamento<>\"TransfereGOV\",VTOTAL1,SUM(OFFSET(CÁLCULO!$AA$15,ROW($X459)-ROW($X$15),1):OFFSET(CÁLCULO!$AL$15,ROW($X459)-ROW($X$15),-1))),IF($C459=0,0,ROUND(SomaAgrup,15-13*$AF$11)))","v":97.63},"RA","RA",{"$f":"IF($C459=\"S\",IF($Z459=\"CP\",$X459,IF($Z459=\"RA\",(($X459)*QCI!$AA$3),0)),SomaAgrup)","v":3.4768973587487544},0,{"$f":"IF($N459=\"\",\"\",IF(ORÇAMENTO.Descricao=\"\",\"DESCRIÇÃO\",IF(AND($C459=\"S\",ORÇAMENTO.Unidade=\"\"),\"UNIDADE\",IF($X459<0,\"VALOR NEGATIVO\",IF(OR(AND(TIPOORCAMENTO=\"Proposto\",$AG459<>\"\",$AG459>0,ORÇAMENTO.CustoUnitario>$AG459),AND(TIPOORCAMENTO=\"LICITADO\",ORÇAMENTO.PrecoUnitarioLicitado>$AN459)),\"ACIMA REF.\",\"\")))))","v":""},{"$f":"IF(C459<=CRONO.NivelExibicao,MAX($AD$15:OFFSET(AD459,-1,0))+IF($C459<>1,1,MAX(1,COUNTIF(QCI!$A$13:$A$41,OFFSET($E459,-1,0)))),\"\")","v":""},{"$f":"IF(AND($C459=\"S\",ORÇAMENTO.CodBarra<>\"\"),IF(ORÇAMENTO.Fonte=\"\",ORÇAMENTO.CodBarra,CONCATENATE(ORÇAMENTO.Fonte,\" \",ORÇAMENTO.CodBarra)))","v":"SINAPI FNDE 338"},{"$f":"IF(ISERROR(INDIRECT(ORÇAMENTO.BancoRef)),\"(abra o arquivo 'Referência \"&Excel_BuiltIn_Database&\".xlsm)\",IF(OR($C459<>\"S\",ORÇAMENTO.CodBarra=\"\"),\"(Sem Código)\",IF(ISERROR(MATCH($AE459,INDIRECT(ORÇAMENTO.BancoRef),0)),\"(Código não identificado nas referências)\",MATCH($AE459,INDIRECT(ORÇAMENTO.BancoRef),0))))","v":"(Código não identificado nas referências)"},{"$f":"ROUND(IF(DESONERACAO=\"sim\",REFERENCIA.Desonerado,REFERENCIA.NaoDesonerado),2)","v":0},0.25,null,1,null,null,97.63,97.63]
["S",2,"S",0,{"$f":"IF($C460=1,OFFSET(E460,-1,0)+MAX(1,COUNTIF(QCI!$A$13:$A$41,OFFSET(ORÇAMENTO!E460,-1,0))),OFFSET(E460,-1,0))","v":18},4,0,0,27,0,{"$f":"IF(OR($C460=\"S\",$C460=0),0,MATCH(OFFSET($D460,0,$C460)+IF($C460<>1,1,COUNTIF(QCI!$A$13:$A$41,ORÇAMENTO!E460)),OFFSET($D460,1,$C460,ROW($C$744)-ROW($C460)),0))","v":0},"F","Serviço","Serviço","18.4.27.","SINAPI","FNDE 339","TE DE REDUCAO DE FERRO GALVANIZADO, COM ROSCA BSP, DE 2 1/2\" X 1\"","UN",{"$f":"OFFSET(CÁLCULO!H$15,ROW($T460)-ROW(T$15),0)","v":2},160.21,"BDI 1",{"$f":"IF($C460=\"S\",ROUND(IF(TIPOORCAMENTO=\"Proposto\",ORÇAMENTO.CustoUnitario*(1+$AH460),ORÇAMENTO.PrecoUnitarioLicitado),15-13*$AF$10),0)","v":200.26},{"$f":"IF($C460=\"S\",IF(Import.TipoArredondamento<>\"TransfereGOV\",VTOTAL1,SUM(OFFSET(CÁLCULO!$AA$15,ROW($X460)-ROW($X$15),1):OFFSET(CÁLCULO!$AL$15,ROW($X460)-ROW($X$15),-1))),IF($C460=0,0,ROUND(SomaAgrup,15-13*$AF$11)))","v":400.52},"RA","RA",{"$f":"IF($C460=\"S\",IF($Z460=\"CP\",$X460,IF($Z460=\"RA\",(($X460)*QCI!$AA$3),0)),SomaAgrup)","v":14.263719452279535},0,{"$f":"IF($N460=\"\",\"\",IF(ORÇAMENTO.Descricao=\"\",\"DESCRIÇÃO\",IF(AND($C460=\"S\",ORÇAMENTO.Unidade=\"\"),\"UNIDADE\",IF($X460<0,\"VALOR NEGATIVO\",IF(OR(AND(TIPOORCAMENTO=\"Proposto\",$AG460<>\"\",$AG460>0,ORÇAMENTO.CustoUnitario>$AG460),AND(TIPOORCAMENTO=\"LICITADO\",ORÇAMENTO.PrecoUnitarioLicitado>$AN460)),\"ACIMA REF.\",\"\")))))","v":""},{"$f":"IF(C460<=CRONO.NivelExibicao,MAX($AD$15:OFFSET(AD460,-1,0))+IF($C460<>1,1,MAX(1,COUNTIF(QCI!$A$13:$A$41,OFFSET($E460,-1,0)))),\"\")","v":""},{"$f":"IF(AND($C460=\"S\",ORÇAMENTO.CodBarra<>\"\"),IF(ORÇAMENTO.Fonte=\"\",ORÇAMENTO.CodBarra,CONCATENATE(ORÇAMENTO.Fonte,\" \",ORÇAMENTO.CodBarra)))","v":"SINAPI FNDE 339"},{"$f":"IF(ISERROR(INDIRECT(ORÇAMENTO.BancoRef)),\"(abra o arquivo 'Referência \"&Excel_BuiltIn_Database&\".xlsm)\",IF(OR($C460<>\"S\",ORÇAMENTO.CodBarra=\"\"),\"(Sem Código)\",IF(ISERROR(MATCH($AE460,INDIRECT(ORÇAMENTO.BancoRef),0)),\"(Código não identificado nas referências)\",MATCH($AE460,INDIRECT(ORÇAMENTO.BancoRef),0))))","v":"(Código não identificado nas referências)"},{"$f":"ROUND(IF(DESONERACAO=\"sim\",REFERENCIA.Desonerado,REFERENCIA.NaoDesonerado),2)","v":0},0.25,null,2,null,null,400.52,200.26]
["S",2,"S",0,{"$f":"IF($C461=1,OFFSET(E461,-1,0)+MAX(1,COUNTIF(QCI!$A$13:$A$41,OFFSET(ORÇAMENTO!E461,-1,0))),OFFSET(E461,-1,0))","v":18},4,0,0,28,0,{"$f":"IF(OR($C461=\"S\",$C461=0),0,MATCH(OFFSET($D461,0,$C461)+IF($C461<>1,1,COUNTIF(QCI!$A$13:$A$41,ORÇAMENTO!E461)),OFFSET($D461,1,$C461,ROW($C$744)-ROW($C461)),0))","v":0},"F","Serviço","Serviço","18.4.28.","SINAPI","FNDE 340","TE DE REDUCAO DE FERRO GALVANIZADO, COM ROSCA BSP, DE 2 1/2\" X 1 1/2","UN",{"$f":"OFFSET(CÁLCULO!H$15,ROW($T461)-ROW(T$15),0)","v":1},160.21,"BDI 1",{"$f":"IF($C461=\"S\",ROUND(IF(TIPOORCAMENTO=\"Proposto\",ORÇAMENTO.CustoUnitario*(1+$AH461),ORÇAMENTO.PrecoUnitarioLicitado),15-13*$AF$10),0)","v":200.26},{"$f":"IF($C461=\"S\",IF(Import.TipoArredondamento<>\"TransfereGOV\",VTOTAL1,SUM(OFFSET(CÁLCULO!$AA$15,ROW($X461)-ROW($X$15),1):OFFSET(CÁLCULO!$AL$15,ROW($X461)-ROW($X$15),-1))),IF($C461=0,0,ROUND(SomaAgrup,15-13*$AF$11)))","v":200.26},"RA","RA",{"$f":"IF($C461=\"S\",IF($Z461=\"CP\",$X461,IF($Z461=\"RA\",(($X461)*QCI!$AA$3),0)),SomaAgrup)","v":7.1318597261397674},0,{"$f":"IF($N461=\"\",\"\",IF(ORÇAMENTO.Descricao=\"\",\"DESCRIÇÃO\",IF(AND($C461=\"S\",ORÇAMENTO.Unidade=\"\"),\"UNIDADE\",IF($X461<0,\"VALOR NEGATIVO\",IF(OR(AND(TIPOORCAMENTO=\"Proposto\",$AG461<>\"\",$AG461>0,ORÇAMENTO.CustoUnitario>$AG461),AND(TIPOORCAMENTO=\"LICITADO\",ORÇAMENTO.PrecoUnitarioLicitado>$AN461)),\"ACIMA REF.\",\"\")))))","v":""},{"$f":"IF(C461<=CRONO.NivelExibicao,MAX($AD$15:OFFSET(AD461,-1,0))+IF($C461<>1,1,MAX(1,COUNTIF(QCI!$A$13:$A$41,OFFSET($E461,-1,0)))),\"\")","v":""},{"$f":"IF(AND($C461=\"S\",ORÇAMENTO.CodBarra<>\"\"),IF(ORÇAMENTO.Fonte=\"\",ORÇAMENTO.CodBarra,CONCATENATE(ORÇAMENTO.Fonte,\" \",ORÇAMENTO.CodBarra)))","v":"SINAPI FNDE 340"},{"$f":"IF(ISERROR(INDIRECT(ORÇAMENTO.BancoRef)),\"(abra o arquivo 'Referência \"&Excel_BuiltIn_Database&\".xlsm)\",IF(OR($C461<>\"S\",ORÇAMENTO.CodBarra=\"\"),\"(Sem Código)\",IF(ISERROR(MATCH($AE461,INDIRECT(ORÇAMENTO.BancoRef),0)),\"(Código não identificado nas referências)\",MATCH($AE461,INDIRECT(ORÇAMENTO.BancoRef),0))))","v":"(Código não identificado nas referências)"},{"$f":"ROUND(IF(DESONERACAO=\"sim\",REFERENCIA.Desonerado,REFERENCIA.NaoDesonerado),2)","v":0},0.25,null,1,null,null,200.26,200.26]
["S",2,"S",0,{"$f":"IF($C462=1,OFFSET(E462,-1,0)+MAX(1,COUNTIF(QCI!$A$13:$A$41,OFFSET(ORÇAMENTO!E462,-1,0))),OFFSET(E462,-1,0))","v":18},4,0,0,29,0,{"$f":"IF(OR($C462=\"S\",$C462=0),0,MATCH(OFFSET($D462,0,$C462)+IF($C462<>1,1,COUNTIF(QCI!$A$13:$A$41,ORÇAMENTO!E462)),OFFSET($D462,1,$C462,ROW($C$744)-ROW($C462)),0))","v":0},"F","Serviço","Serviço","18.4.29.","SINAPI","FNDE 341","TE DE REDUCAO DE FERRO GALVANIZADO, COM ROSCA BSP, DE 2 1/2\" X 2\"","UN",{"$f":"OFFSET(CÁLCULO!H$15,ROW($T462)-ROW(T$15),0)","v":2},163.95,"BDI 1",{"$f":"IF($C462=\"S\",ROUND(IF(TIPOORCAMENTO=\"Proposto\",ORÇAMENTO.CustoUnitario*(1+$AH462),ORÇAMENTO.PrecoUnitarioLicitado),15-13*$AF$10),0)","v":204.94},{"$f":"IF($C462=\"S\",IF(Import.TipoArredondamento<>\"TransfereGOV\",VTOTAL1,SUM(OFFSET(CÁLCULO!$AA$15,ROW($X462)-ROW($X$15),1):OFFSET(CÁLCULO!$AL$15,ROW($X462)-ROW($X$15),-1))),IF($C462=0,0,ROUND(SomaAgrup,15-13*$AF$11)))","v":409.88},"RA","RA",{"$f":"IF($C462=\"S\",IF($Z462=\"CP\",$X462,IF($Z462=\"RA\",(($X462)*QCI!$AA$3),0)),SomaAgrup)","v":14.597057148457845},0,{"$f":"IF($N462=\"\",\"\",IF(ORÇAMENTO.Descricao=\"\",\"DESCRIÇÃO\",IF(AND($C462=\"S\",ORÇAMENTO.Unidade=\"\"),\"UNIDADE\",IF($X462<0,\"VALOR NEGATIVO\",IF(OR(AND(TIPOORCAMENTO=\"Proposto\",$AG462<>\"\",$AG462>0,ORÇAMENTO.CustoUnitario>$AG462),AND(TIPOORCAMENTO=\"LICITADO\",ORÇAMENTO.PrecoUnitarioLicitado>$AN462)),\"ACIMA REF.\",\"\")))))","v":""},{"$f":"IF(C462<=CRONO.NivelExibicao,MAX($AD$15:OFFSET(AD462,-1,0))+IF($C462<>1,1,MAX(1,COUNTIF(QCI!$A$13:$A$41,OFFSET($E462,-1,0)))),\"\")","v":""},{"$f":"IF(AND($C462=\"S\",ORÇAMENTO.CodBarra<>\"\"),IF(ORÇAMENTO.Fonte=\"\",ORÇAMENTO.CodBarra,CONCATENATE(ORÇAMENTO.Fonte,\" \",ORÇAMENTO.CodBarra)))","v":"SINAPI FNDE 341"},{"$f":"IF(ISERROR(INDIRECT(ORÇAMENTO.BancoRef)),\"(abra o arquivo 'Referência \"&Excel_BuiltIn_Database&\".xlsm)\",IF(OR($C462<>\"S\",ORÇAMENTO.CodBarra=\"\"),\"(Sem Código)\",IF(ISERROR(MATCH($AE462,INDIRECT(ORÇAMENTO.BancoRef),0)),\"(Código não identificado nas referências)\",MATCH($AE462,INDIRECT(ORÇAMENTO.BancoRef),0))))","v":"(Código não identificado nas referências)"},{"$f":"ROUND(IF(DESONERACAO=\"sim\",REFERENCIA.Desonerado,REFERENCIA.NaoDesonerado),2)","v":0},0.25,null,2,null,null,409.88,204.94]
["S",2,"S",0,{"$f":"IF($C463=1,OFFSET(E463,-1,0)+MAX(1,COUNTIF(QCI!$A$13:$A$41,OFFSET(ORÇAMENTO!E463,-1,0))),OFFSET(E463,-1,0))","v":18},4,0,0,30,0,{"$f":"IF(OR($C463=\"S\",$C463=0),0,MATCH(OFFSET($D463,0,$C463)+IF($C463<>1,1,COUNTIF(QCI!$A$13:$A$41,ORÇAMENTO!E463)),OFFSET($D463,1,$C463,ROW($C$744)-ROW($C463)),0))","v":0},"F","Serviço","Serviço","18.4.30.","SINAPI","FNDE 342","TE DE REDUCAO DE FERRO GALVANIZADO, COM ROSCA BSP, DE 3\" X 2 1/2\"","UN",{"$f":"OFFSET(CÁLCULO!H$15,ROW($T463)-ROW(T$15),0)","v":4},216.59,"BDI 1",{"$f":"IF($C463=\"S\",ROUND(IF(TIPOORCAMENTO=\"Proposto\",ORÇAMENTO.CustoUnitario*(1+$AH463),ORÇAMENTO.PrecoUnitarioLicitado),15-13*$AF$10),0)","v":270.74},{"$f":"IF($C463=\"S\",IF(Import.TipoArredondamento<>\"TransfereGOV\",VTOTAL1,SUM(OFFSET(CÁLCULO!$AA$15,ROW($X463)-ROW($X$15),1):OFFSET(CÁLCULO!$AL$15,ROW($X463)-ROW($X$15),-1))),IF($C463=0,0,ROUND(SomaAgrup,15-13*$AF$11)))","v":1082.96},"RA","RA",{"$f":"IF($C463=\"S\",IF($Z463=\"CP\",$X463,IF($Z463=\"RA\",(($X463)*QCI!$AA$3),0)),SomaAgrup)","v":38.567456351844221},0,{"$f":"IF($N463=\"\",\"\",IF(ORÇAMENTO.Descricao=\"\",\"DESCRIÇÃO\",IF(AND($C463=\"S\",ORÇAMENTO.Unidade=\"\"),\"UNIDADE\",IF($X463<0,\"VALOR NEGATIVO\",IF(OR(AND(TIPOORCAMENTO=\"Proposto\",$AG463<>\"\",$AG463>0,ORÇAMENTO.CustoUnitario>$AG463),AND(TIPOORCAMENTO=\"LICITADO\",ORÇAMENTO.PrecoUnitarioLicitado>$AN463)),\"ACIMA REF.\",\"\")))))","v":""},{"$f":"IF(C463<=CRONO.NivelExibicao,MAX($AD$15:OFFSET(AD463,-1,0))+IF($C463<>1,1,MAX(1,COUNTIF(QCI!$A$13:$A$41,OFFSET($E463,-1,0)))),\"\")","v":""},{"$f":"IF(AND($C463=\"S\",ORÇAMENTO.CodBarra<>\"\"),IF(ORÇAMENTO.Fonte=\"\",ORÇAMENTO.CodBarra,CONCATENATE(ORÇAMENTO.Fonte,\" \",ORÇAMENTO.CodBarra)))","v":"SINAPI FNDE 342"},{"$f":"IF(ISERROR(INDIRECT(ORÇAMENTO.BancoRef)),\"(abra o arquivo 'Referência \"&Excel_BuiltIn_Database&\".xlsm)\",IF(OR($C463<>\"S\",ORÇAMENTO.CodBarra=\"\"),\"(Sem Código)\",IF(ISERROR(MATCH($AE463,INDIRECT(ORÇAMENTO.BancoRef),0)),\"(Código não identificado nas referências)\",MATCH($AE463,INDIRECT(ORÇAMENTO.BancoRef),0))))","v":"(Código não identificado nas referências)"},{"$f":"ROUND(IF(DESONERACAO=\"sim\",REFERENCIA.Desonerado,REFERENCIA.NaoDesonerado),2)","v":0},0.25,null,4,null,null,1082.96,270.74]
["S",2,"S",0,{"$f":"IF($C464=1,OFFSET(E464,-1,0)+MAX(1,COUNTIF(QCI!$A$13:$A$41,OFFSET(ORÇAMENTO!E464,-1,0))),OFFSET(E464,-1,0))","v":18},4,0,0,31,{"$f":"IF(OR($C464=\"S\",$C464=0),0,MATCH(0,OFFSET($D464,1,$C464,ROW($C$744)-ROW($C464)),0))","v":0},{"$f":"IF(OR($C464=\"S\",$C464=0),0,MATCH(OFFSET($D464,0,$C464)+IF($C464<>1,1,COUNTIF(QCI!$A$13:$A$41,ORÇAMENTO!E464)),OFFSET($D464,1,$C464,ROW($C$744)-ROW($C464)),0))","v":0},"F","Serviço","Serviço","18.4.31.","SINAPI","FNDE 343","ADAPTADOR PARA MANÔMETRO","UN",{"$f":"OFFSET(CÁLCULO!H$15,ROW($T464)-ROW(T$15),0)","v":1},103.91,"BDI 1",{"$f":"IF($C464=\"S\",ROUND(IF(TIPOORCAMENTO=\"Proposto\",ORÇAMENTO.CustoUnitario*(1+$AH464),ORÇAMENTO.PrecoUnitarioLicitado),15-13*$AF$10),0)","v":129.88999999999999},{"$f":"IF($C464=\"S\",IF(Import.TipoArredondamento<>\"TransfereGOV\",VTOTAL1,SUM(OFFSET(CÁLCULO!$AA$15,ROW($X464)-ROW($X$15),1):OFFSET(CÁLCULO!$AL$15,ROW($X464)-ROW($X$15),-1))),IF($C464=0,0,ROUND(SomaAgrup,15-13*$AF$11)))","v":129.88999999999999},"RA","RA",{"$f":"IF($C464=\"S\",IF($Z464=\"CP\",$X464,IF($Z464=\"RA\",(($X464)*QCI!$AA$3),0)),SomaAgrup)","v":4.6257727945086105},0,{"$f":"IF($N464=\"\",\"\",IF(ORÇAMENTO.Descricao=\"\",\"DESCRIÇÃO\",IF(AND($C464=\"S\",ORÇAMENTO.Unidade=\"\"),\"UNIDADE\",IF($X464<0,\"VALOR NEGATIVO\",IF(OR(AND(TIPOORCAMENTO=\"Proposto\",$AG464<>\"\",$AG464>0,ORÇAMENTO.CustoUnitario>$AG464),AND(TIPOORCAMENTO=\"LICITADO\",ORÇAMENTO.PrecoUnitarioLicitado>$AN464)),\"ACIMA REF.\",\"\")))))","v":""},{"$f":"IF(C464<=CRONO.NivelExibicao,MAX($AD$15:OFFSET(AD464,-1,0))+IF($C464<>1,1,MAX(1,COUNTIF(QCI!$A$13:$A$41,OFFSET($E464,-1,0)))),\"\")","v":""},{"$f":"IF(AND($C464=\"S\",ORÇAMENTO.CodBarra<>\"\"),IF(ORÇAMENTO.Fonte=\"\",ORÇAMENTO.CodBarra,CONCATENATE(ORÇAMENTO.Fonte,\" \",ORÇAMENTO.CodBarra)))","v":"SINAPI FNDE 343"},{"$f":"IF(ISERROR(INDIRECT(ORÇAMENTO.BancoRef)),\"(abra o arquivo 'Referência \"&Excel_BuiltIn_Database&\".xlsm)\",IF(OR($C464<>\"S\",ORÇAMENTO.CodBarra=\"\"),\"(Sem Código)\",IF(ISERROR(MATCH($AE464,INDIRECT(ORÇAMENTO.BancoRef),0)),\"(Código não identificado nas referências)\",MATCH($AE464,INDIRECT(ORÇAMENTO.BancoRef),0))))","v":"(Código não identificado nas referências)"},{"$f":"ROUND(IF(DESONERACAO=\"sim\",REFERENCIA.Desonerado,REFERENCIA.NaoDesonerado),2)","v":0},0.25,null,1,null,null,129.88999999999999,129.88999999999999]
["S",2,"S",0,{"$f":"IF($C465=1,OFFSET(E465,-1,0)+MAX(1,COUNTIF(QCI!$A$13:$A$41,OFFSET(ORÇAMENTO!E465,-1,0))),OFFSET(E465,-1,0))","v":18},4,0,0,32,0,{"$f":"IF(OR($C465=\"S\",$C465=0),0,MATCH(OFFSET($D465,0,$C465)+IF($C465<>1,1,COUNTIF(QCI!$A$13:$A$41,ORÇAMENTO!E465)),OFFSET($D465,1,$C465,ROW($C$744)-ROW($C465)),0))","v":0},"F","Serviço","Serviço","18.4.32.","SINAPI","92920","LUVA DE REDUÇÃO, EM FERRO GALVANIZADO, 1\" X 3/4\", CONEXÃO ROSQUEADA, INSTALADO EM REDE DE ALIMENTAÇÃO PARA HIDRANTE - FORNECIMENTO E INSTALAÇÃO. AF_10/2020",{"$f":"REFERENCIA.Unidade","v":"UN"},{"$f":"OFFSET(CÁLCULO!H$15,ROW($T465)-ROW(T$15),0)","v":2},39.01,"BDI 1",{"$f":"IF($C465=\"S\",ROUND(IF(TIPOORCAMENTO=\"Proposto\",ORÇAMENTO.CustoUnitario*(1+$AH465),ORÇAMENTO.PrecoUnitarioLicitado),15-13*$AF$10),0)","v":48.76},{"$f":"IF($C465=\"S\",IF(Import.TipoArredondamento<>\"TransfereGOV\",VTOTAL1,SUM(OFFSET(CÁLCULO!$AA$15,ROW($X465)-ROW($X$15),1):OFFSET(CÁLCULO!$AL$15,ROW($X465)-ROW($X$15),-1))),IF($C465=0,0,ROUND(SomaAgrup,15-13*$AF$11)))","v":97.52},"RA","RA",{"$f":"IF($C465=\"S\",IF($Z465=\"CP\",$X465,IF($Z465=\"RA\",(($X465)*QCI!$AA$3),0)),SomaAgrup)","v":3.4729799285586247},0,{"$f":"IF($N465=\"\",\"\",IF(ORÇAMENTO.Descricao=\"\",\"DESCRIÇÃO\",IF(AND($C465=\"S\",ORÇAMENTO.Unidade=\"\"),\"UNIDADE\",IF($X465<0,\"VALOR NEGATIVO\",IF(OR(AND(TIPOORCAMENTO=\"Proposto\",$AG465<>\"\",$AG465>0,ORÇAMENTO.CustoUnitario>$AG465),AND(TIPOORCAMENTO=\"LICITADO\",ORÇAMENTO.PrecoUnitarioLicitado>$AN465)),\"ACIMA REF.\",\"\")))))","v":""},{"$f":"IF(C465<=CRONO.NivelExibicao,MAX($AD$15:OFFSET(AD465,-1,0))+IF($C465<>1,1,MAX(1,COUNTIF(QCI!$A$13:$A$41,OFFSET($E465,-1,0)))),\"\")","v":""},{"$f":"IF(AND($C465=\"S\",ORÇAMENTO.CodBarra<>\"\"),IF(ORÇAMENTO.Fonte=\"\",ORÇAMENTO.CodBarra,CONCATENATE(ORÇAMENTO.Fonte,\" \",ORÇAMENTO.CodBarra)))","v":"SINAPI 92920"},{"$f":"IF(ISERROR(INDIRECT(ORÇAMENTO.BancoRef)),\"(abra o arquivo 'Referência \"&Excel_BuiltIn_Database&\".xlsm)\",IF(OR($C465<>\"S\",ORÇAMENTO.CodBarra=\"\"),\"(Sem Código)\",IF(ISERROR(MATCH($AE465,INDIRECT(ORÇAMENTO.BancoRef),0)),\"(Código não identificado nas referências)\",MATCH($AE465,INDIRECT(ORÇAMENTO.BancoRef),0))))","v":4447},{"$f":"ROUND(IF(DESONERACAO=\"sim\",REFERENCIA.Desonerado,REFERENCIA.NaoDesonerado),2)","v":39.01},0.25,null,2,null,null,97.52,48.76]
["S",2,"S",0,{"$f":"IF($C466=1,OFFSET(E466,-1,0)+MAX(1,COUNTIF(QCI!$A$13:$A$41,OFFSET(ORÇAMENTO!E466,-1,0))),OFFSET(E466,-1,0))","v":18},4,0,0,33,0,{"$f":"IF(OR($C466=\"S\",$C466=0),0,MATCH(OFFSET($D466,0,$C466)+IF($C466<>1,1,COUNTIF(QCI!$A$13:$A$41,ORÇAMENTO!E466)),OFFSET($D466,1,$C466,ROW($C$744)-ROW($C466)),0))","v":0},"F","Serviço","Serviço","18.4.33.","SINAPI","FNDE 344","LUVA DE REDUCAO DE FERRO GALVANIZADO, COM ROSCA BSP MACHO/FEMEA, DE 3/4\" X 1/2\"","UN",{"$f":"OFFSET(CÁLCULO!H$15,ROW($T466)-ROW(T$15),0)","v":1},30.99,"BDI 1",{"$f":"IF($C466=\"S\",ROUND(IF(TIPOORCAMENTO=\"Proposto\",ORÇAMENTO.CustoUnitario*(1+$AH466),ORÇAMENTO.PrecoUnitarioLicitado),15-13*$AF$10),0)","v":38.74},{"$f":"IF($C466=\"S\",IF(Import.TipoArredondamento<>\"TransfereGOV\",VTOTAL1,SUM(OFFSET(CÁLCULO!$AA$15,ROW($X466)-ROW($X$15),1):OFFSET(CÁLCULO!$AL$15,ROW($X466)-ROW($X$15),-1))),IF($C466=0,0,ROUND(SomaAgrup,15-13*$AF$11)))","v":38.74},"RA","RA",{"$f":"IF($C466=\"S\",IF($Z466=\"CP\",$X466,IF($Z466=\"RA\",(($X466)*QCI!$AA$3),0)),SomaAgrup)","v":1.3796476869602248},0,{"$f":"IF($N466=\"\",\"\",IF(ORÇAMENTO.Descricao=\"\",\"DESCRIÇÃO\",IF(AND($C466=\"S\",ORÇAMENTO.Unidade=\"\"),\"UNIDADE\",IF($X466<0,\"VALOR NEGATIVO\",IF(OR(AND(TIPOORCAMENTO=\"Proposto\",$AG466<>\"\",$AG466>0,ORÇAMENTO.CustoUnitario>$AG466),AND(TIPOORCAMENTO=\"LICITADO\",ORÇAMENTO.PrecoUnitarioLicitado>$AN466)),\"ACIMA REF.\",\"\")))))","v":""},{"$f":"IF(C466<=CRONO.NivelExibicao,MAX($AD$15:OFFSET(AD466,-1,0))+IF($C466<>1,1,MAX(1,COUNTIF(QCI!$A$13:$A$41,OFFSET($E466,-1,0)))),\"\")","v":""},{"$f":"IF(AND($C466=\"S\",ORÇAMENTO.CodBarra<>\"\"),IF(ORÇAMENTO.Fonte=\"\",ORÇAMENTO.CodBarra,CONCATENATE(ORÇAMENTO.Fonte,\" \",ORÇAMENTO.CodBarra)))","v":"SINAPI FNDE 344"},{"$f":"IF(ISERROR(INDIRECT(ORÇAMENTO.BancoRef)),\"(abra o arquivo 'Referência \"&Excel_BuiltIn_Database&\".xlsm)\",IF(OR($C466<>\"S\",ORÇAMENTO.CodBarra=\"\"),\"(Sem Código)\",IF(ISERROR(MATCH($AE466,INDIRECT(ORÇAMENTO.BancoRef),0)),\"(Código não identificado nas referências)\",MATCH($AE466,INDIRECT(ORÇAMENTO.BancoRef),0))))","v":"(Código não identificado nas referências)"},{"$f":"ROUND(IF(DESONERACAO=\"sim\",REFERENCIA.Desonerado,REFERENCIA.NaoDesonerado),2)","v":0},0.25,null,1,null,null,38.74,38.74]
["S",2,"S",0,{"$f":"IF($C467=1,OFFSET(E467,-1,0)+MAX(1,COUNTIF(QCI!$A$13:$A$41,OFFSET(ORÇAMENTO!E467,-1,0))),OFFSET(E467,-1,0))","v":18},4,0,0,34,0,{"$f":"IF(OR($C467=\"S\",$C467=0),0,MATCH(OFFSET($D467,0,$C467)+IF($C467<>1,1,COUNTIF(QCI!$A$13:$A$41,ORÇAMENTO!E467)),OFFSET($D467,1,$C467,ROW($C$744)-ROW($C467)),0))","v":0},"F","Serviço","Serviço","18.4.34.","SINAPI","92945","LUVA DE REDUÇÃO, EM FERRO GALVANIZADO, 1 1/2\" X 3/4\", CONEXÃO ROSQUEADA, INSTALADO EM REDE DE ALIMENTAÇÃO PARA SPRINKLER - FORNECIMENTO E INSTALAÇÃO. AF_10/2020",{"$f":"REFERENCIA.Unidade","v":"UN"},{"$f":"OFFSET(CÁLCULO!H$15,ROW($T467)-ROW(T$15),0)","v":2},41.36,"BDI 1",{"$f":"IF($C467=\"S\",ROUND(IF(TIPOORCAMENTO=\"Proposto\",ORÇAMENTO.CustoUnitario*(1+$AH467),ORÇAMENTO.PrecoUnitarioLicitado),15-13*$AF$10),0)","v":51.7},{"$f":"IF($C467=\"S\",IF(Import.TipoArredondamento<>\"TransfereGOV\",VTOTAL1,SUM(OFFSET(CÁLCULO!$AA$15,ROW($X467)-ROW($X$15),1):OFFSET(CÁLCULO!$AL$15,ROW($X467)-ROW($X$15),-1))),IF($C467=0,0,ROUND(SomaAgrup,15-13*$AF$11)))","v":103.4},"RA","RA",{"$f":"IF($C467=\"S\",IF($Z467=\"CP\",$X467,IF($Z467=\"RA\",(($X467)*QCI!$AA$3),0)),SomaAgrup)","v":3.6823843787219217},0,{"$f":"IF($N467=\"\",\"\",IF(ORÇAMENTO.Descricao=\"\",\"DESCRIÇÃO\",IF(AND($C467=\"S\",ORÇAMENTO.Unidade=\"\"),\"UNIDADE\",IF($X467<0,\"VALOR NEGATIVO\",IF(OR(AND(TIPOORCAMENTO=\"Proposto\",$AG467<>\"\",$AG467>0,ORÇAMENTO.CustoUnitario>$AG467),AND(TIPOORCAMENTO=\"LICITADO\",ORÇAMENTO.PrecoUnitarioLicitado>$AN467)),\"ACIMA REF.\",\"\")))))","v":""},{"$f":"IF(C467<=CRONO.NivelExibicao,MAX($AD$15:OFFSET(AD467,-1,0))+IF($C467<>1,1,MAX(1,COUNTIF(QCI!$A$13:$A$41,OFFSET($E467,-1,0)))),\"\")","v":""},{"$f":"IF(AND($C467=\"S\",ORÇAMENTO.CodBarra<>\"\"),IF(ORÇAMENTO.Fonte=\"\",ORÇAMENTO.CodBarra,CONCATENATE(ORÇAMENTO.Fonte,\" \",ORÇAMENTO.CodBarra)))","v":"SINAPI 92945"},{"$f":"IF(ISERROR(INDIRECT(ORÇAMENTO.BancoRef)),\"(abra o arquivo 'Referência \"&Excel_BuiltIn_Database&\".xlsm)\",IF(OR($C467<>\"S\",ORÇAMENTO.CodBarra=\"\"),\"(Sem Código)\",IF(ISERROR(MATCH($AE467,INDIRECT(ORÇAMENTO.BancoRef),0)),\"(Código não identificado nas referências)\",MATCH($AE467,INDIRECT(ORÇAMENTO.BancoRef),0))))","v":4468},{"$f":"ROUND(IF(DESONERACAO=\"sim\",REFERENCIA.Desonerado,REFERENCIA.NaoDesonerado),2)","v":41.36},0.25,null,2,null,null,103.4,51.7]
["S",2,"S",0,{"$f":"IF($C468=1,OFFSET(E468,-1,0)+MAX(1,COUNTIF(QCI!$A$13:$A$41,OFFSET(ORÇAMENTO!E468,-1,0))),OFFSET(E468,-1,0))","v":18},4,0,0,35,0,{"$f":"IF(OR($C468=\"S\",$C468=0),0,MATCH(OFFSET($D468,0,$C468)+IF($C468<>1,1,COUNTIF(QCI!$A$13:$A$41,ORÇAMENTO!E468)),OFFSET($D468,1,$C468,ROW($C$744)-ROW($C468)),0))","v":0},"F","Serviço","Serviço","18.4.35.","SINAPI","FNDE 345","BUCHA DE REDUCAO DE FERRO GALVANIZADO, COM ROSCA BSP, DE 3/4\" X 1/2\"","UM",{"$f":"OFFSET(CÁLCULO!H$15,ROW($T468)-ROW(T$15),0)","v":1},24.78,"BDI 1",{"$f":"IF($C468=\"S\",ROUND(IF(TIPOORCAMENTO=\"Proposto\",ORÇAMENTO.CustoUnitario*(1+$AH468),ORÇAMENTO.PrecoUnitarioLicitado),15-13*$AF$10),0)","v":30.98},{"$f":"IF($C468=\"S\",IF(Import.TipoArredondamento<>\"TransfereGOV\",VTOTAL1,SUM(OFFSET(CÁLCULO!$AA$15,ROW($X468)-ROW($X$15),1):OFFSET(CÁLCULO!$AL$15,ROW($X468)-ROW($X$15),-1))),IF($C468=0,0,ROUND(SomaAgrup,15-13*$AF$11)))","v":30.98},"RA","RA",{"$f":"IF($C468=\"S\",IF($Z468=\"CP\",$X468,IF($Z468=\"RA\",(($X468)*QCI!$AA$3),0)),SomaAgrup)","v":1.1032907935474383},0,{"$f":"IF($N468=\"\",\"\",IF(ORÇAMENTO.Descricao=\"\",\"DESCRIÇÃO\",IF(AND($C468=\"S\",ORÇAMENTO.Unidade=\"\"),\"UNIDADE\",IF($X468<0,\"VALOR NEGATIVO\",IF(OR(AND(TIPOORCAMENTO=\"Proposto\",$AG468<>\"\",$AG468>0,ORÇAMENTO.CustoUnitario>$AG468),AND(TIPOORCAMENTO=\"LICITADO\",ORÇAMENTO.PrecoUnitarioLicitado>$AN468)),\"ACIMA REF.\",\"\")))))","v":""},{"$f":"IF(C468<=CRONO.NivelExibicao,MAX($AD$15:OFFSET(AD468,-1,0))+IF($C468<>1,1,MAX(1,COUNTIF(QCI!$A$13:$A$41,OFFSET($E468,-1,0)))),\"\")","v":""},{"$f":"IF(AND($C468=\"S\",ORÇAMENTO.CodBarra<>\"\"),IF(ORÇAMENTO.Fonte=\"\",ORÇAMENTO.CodBarra,CONCATENATE(ORÇAMENTO.Fonte,\" \",ORÇAMENTO.CodBarra)))","v":"SINAPI FNDE 345"},{"$f":"IF(ISERROR(INDIRECT(ORÇAMENTO.BancoRef)),\"(abra o arquivo 'Referência \"&Excel_BuiltIn_Database&\".xlsm)\",IF(OR($C468<>\"S\",ORÇAMENTO.CodBarra=\"\"),\"(Sem Código)\",IF(ISERROR(MATCH($AE468,INDIRECT(ORÇAMENTO.BancoRef),0)),\"(Código não identificado nas referências)\",MATCH($AE468,INDIRECT(ORÇAMENTO.BancoRef),0))))","v":"(Código não identificado nas referências)"},{"$f":"ROUND(IF(DESONERACAO=\"sim\",REFERENCIA.Desonerado,REFERENCIA.NaoDesonerado),2)","v":0},0.25,null,1,null,null,30.98,30.98]
[2,2,2,4,{"$f":"IF($C469=1,OFFSET(E469,-1,0)+MAX(1,COUNTIF(QCI!$A$13:$A$41,OFFSET(ORÇAMENTO!E469,-1,0))),OFFSET(E469,-1,0))","v":18},5,0,0,0,4,{"$f":"IF(OR($C469=\"S\",$C469=0),0,MATCH(OFFSET($D469,0,$C469)+IF($C469<>1,1,COUNTIF(QCI!$A$13:$A$41,ORÇAMENTO!E469)),OFFSET($D469,1,$C469,ROW($C$744)-ROW($C469)),0))","v":59},"F","Nível 2","Nível 2","18.5.","SINAPI",null,"Sinalização",{"$f":"REFERENCIA.Unidade","v":"-"},{"$f":"OFFSET(CÁLCULO!H$15,ROW($T469)-ROW(T$15),0)","v":0},null,"BDI 1",{"$f":"IF($C469=\"S\",ROUND(IF(TIPOORCAMENTO=\"Proposto\",ORÇAMENTO.CustoUnitario*(1+$AH469),ORÇAMENTO.PrecoUnitarioLicitado),15-13*$AF$10),0)","v":0},{"$f":"IF($C469=\"S\",IF(Import.TipoArredondamento<>\"TransfereGOV\",VTOTAL1,SUM(OFFSET(CÁLCULO!$AA$15,ROW($X469)-ROW($X$15),1):OFFSET(CÁLCULO!$AL$15,ROW($X469)-ROW($X$15),-1))),IF($C469=0,0,ROUND(SomaAgrup,15-13*$AF$11)))","v":5682.8},"RA","",{"$f":"IF($C469=\"S\",IF($Z469=\"CP\",$X469,IF($Z469=\"RA\",(($X469)*QCI!$AA$3),0)),SomaAgrup)","v":202.3815662224462},0,{"$f":"IF($N469=\"\",\"\",IF(ORÇAMENTO.Descricao=\"\",\"DESCRIÇÃO\",IF(AND($C469=\"S\",ORÇAMENTO.Unidade=\"\"),\"UNIDADE\",IF($X469<0,\"VALOR NEGATIVO\",IF(OR(AND(TIPOORCAMENTO=\"Proposto\",$AG469<>\"\",$AG469>0,ORÇAMENTO.CustoUnitario>$AG469),AND(TIPOORCAMENTO=\"LICITADO\",ORÇAMENTO.PrecoUnitarioLicitado>$AN469)),\"ACIMA REF.\",\"\")))))","v":""},{"$f":"IF(C469<=CRONO.NivelExibicao,MAX($AD$15:OFFSET(AD469,-1,0))+IF($C469<>1,1,MAX(1,COUNTIF(QCI!$A$13:$A$41,OFFSET($E469,-1,0)))),\"\")","v":62},{"$f":"IF(AND($C469=\"S\",ORÇAMENTO.CodBarra<>\"\"),IF(ORÇAMENTO.Fonte=\"\",ORÇAMENTO.CodBarra,CONCATENATE(ORÇAMENTO.Fonte,\" \",ORÇAMENTO.CodBarra)))","v":false},{"$f":"IF(ISERROR(INDIRECT(ORÇAMENTO.BancoRef)),\"(abra o arquivo 'Referência \"&Excel_BuiltIn_Database&\".xlsm)\",IF(OR($C469<>\"S\",ORÇAMENTO.CodBarra=\"\"),\"(Sem Código)\",IF(ISERROR(MATCH($AE469,INDIRECT(ORÇAMENTO.BancoRef),0)),\"(Código não identificado nas referências)\",MATCH($AE469,INDIRECT(ORÇAMENTO.BancoRef),0))))","v":"(Sem Código)"},{"$f":"ROUND(IF(DESONERACAO=\"sim\",REFERENCIA.Desonerado,REFERENCIA.NaoDesonerado),2)","v":0},0.25,null,null,null,null,5682.8,0]
["S",2,"S",0,{"$f":"IF($C470=1,OFFSET(E470,-1,0)+MAX(1,COUNTIF(QCI!$A$13:$A$41,OFFSET(ORÇAMENTO!E470,-1,0))),OFFSET(E470,-1,0))","v":18},5,0,0,1,0,{"$f":"IF(OR($C470=\"S\",$C470=0),0,MATCH(OFFSET($D470,0,$C470)+IF($C470<>1,1,COUNTIF(QCI!$A$13:$A$41,ORÇAMENTO!E470)),OFFSET($D470,1,$C470,ROW($C$744)-ROW($C470)),0))","v":0},"F","Serviço","Serviço","18.5.1.","SINAPI","97599","LUMINÁRIA DE EMERGÊNCIA, COM 30 LÂMPADAS LED DE 2 W, SEM REATOR - FORNECIMENTO E INSTALAÇÃO. AF_02/2020",{"$f":"REFERENCIA.Unidade","v":"UN"},{"$f":"OFFSET(CÁLCULO!H$15,ROW($T470)-ROW(T$15),0)","v":36},18.95,"BDI 1",{"$f":"IF($C470=\"S\",ROUND(IF(TIPOORCAMENTO=\"Proposto\",ORÇAMENTO.CustoUnitario*(1+$AH470),ORÇAMENTO.PrecoUnitarioLicitado),15-13*$AF$10),0)","v":23.69},{"$f":"IF($C470=\"S\",IF(Import.TipoArredondamento<>\"TransfereGOV\",VTOTAL1,SUM(OFFSET(CÁLCULO!$AA$15,ROW($X470)-ROW($X$15),1):OFFSET(CÁLCULO!$AL$15,ROW($X470)-ROW($X$15),-1))),IF($C470=0,0,ROUND(SomaAgrup,15-13*$AF$11)))","v":852.84},"RA","RA",{"$f":"IF($C470=\"S\",IF($Z470=\"CP\",$X470,IF($Z470=\"RA\",(($X470)*QCI!$AA$3),0)),SomaAgrup)","v":30.372192394092878},0,{"$f":"IF($N470=\"\",\"\",IF(ORÇAMENTO.Descricao=\"\",\"DESCRIÇÃO\",IF(AND($C470=\"S\",ORÇAMENTO.Unidade=\"\"),\"UNIDADE\",IF($X470<0,\"VALOR NEGATIVO\",IF(OR(AND(TIPOORCAMENTO=\"Proposto\",$AG470<>\"\",$AG470>0,ORÇAMENTO.CustoUnitario>$AG470),AND(TIPOORCAMENTO=\"LICITADO\",ORÇAMENTO.PrecoUnitarioLicitado>$AN470)),\"ACIMA REF.\",\"\")))))","v":""},{"$f":"IF(C470<=CRONO.NivelExibicao,MAX($AD$15:OFFSET(AD470,-1,0))+IF($C470<>1,1,MAX(1,COUNTIF(QCI!$A$13:$A$41,OFFSET($E470,-1,0)))),\"\")","v":""},{"$f":"IF(AND($C470=\"S\",ORÇAMENTO.CodBarra<>\"\"),IF(ORÇAMENTO.Fonte=\"\",ORÇAMENTO.CodBarra,CONCATENATE(ORÇAMENTO.Fonte,\" \",ORÇAMENTO.CodBarra)))","v":"SINAPI 97599"},{"$f":"IF(ISERROR(INDIRECT(ORÇAMENTO.BancoRef)),\"(abra o arquivo 'Referência \"&Excel_BuiltIn_Database&\".xlsm)\",IF(OR($C470<>\"S\",ORÇAMENTO.CodBarra=\"\"),\"(Sem Código)\",IF(ISERROR(MATCH($AE470,INDIRECT(ORÇAMENTO.BancoRef),0)),\"(Código não identificado nas referências)\",MATCH($AE470,INDIRECT(ORÇAMENTO.BancoRef),0))))","v":3326},{"$f":"ROUND(IF(DESONERACAO=\"sim\",REFERENCIA.Desonerado,REFERENCIA.NaoDesonerado),2)","v":18.95},0.25,null,36,null,null,852.84,23.69]
["S",2,"S",0,{"$f":"IF($C471=1,OFFSET(E471,-1,0)+MAX(1,COUNTIF(QCI!$A$13:$A$41,OFFSET(ORÇAMENTO!E471,-1,0))),OFFSET(E471,-1,0))","v":18},5,0,0,2,0,{"$f":"IF(OR($C471=\"S\",$C471=0),0,MATCH(OFFSET($D471,0,$C471)+IF($C471<>1,1,COUNTIF(QCI!$A$13:$A$41,ORÇAMENTO!E471)),OFFSET($D471,1,$C471,ROW($C$744)-ROW($C471)),0))","v":0},"F","Serviço","Serviço","18.5.2.","SINAPI","FNDE 303","SINALIZAÇÃO COM PLACA INDICATIVA FIXADA NA ESTRUTURA.","UN",{"$f":"OFFSET(CÁLCULO!H$15,ROW($T471)-ROW(T$15),0)","v":80},35.53,"BDI 1",{"$f":"IF($C471=\"S\",ROUND(IF(TIPOORCAMENTO=\"Proposto\",ORÇAMENTO.CustoUnitario*(1+$AH471),ORÇAMENTO.PrecoUnitarioLicitado),15-13*$AF$10),0)","v":44.41},{"$f":"IF($C471=\"S\",IF(Import.TipoArredondamento<>\"TransfereGOV\",VTOTAL1,SUM(OFFSET(CÁLCULO!$AA$15,ROW($X471)-ROW($X$15),1):OFFSET(CÁLCULO!$AL$15,ROW($X471)-ROW($X$15),-1))),IF($C471=0,0,ROUND(SomaAgrup,15-13*$AF$11)))","v":3552.8},"RA","RA",{"$f":"IF($C471=\"S\",IF($Z471=\"CP\",$X471,IF($Z471=\"RA\",(($X471)*QCI!$AA$3),0)),SomaAgrup)","v":126.52587254084375},0,{"$f":"IF($N471=\"\",\"\",IF(ORÇAMENTO.Descricao=\"\",\"DESCRIÇÃO\",IF(AND($C471=\"S\",ORÇAMENTO.Unidade=\"\"),\"UNIDADE\",IF($X471<0,\"VALOR NEGATIVO\",IF(OR(AND(TIPOORCAMENTO=\"Proposto\",$AG471<>\"\",$AG471>0,ORÇAMENTO.CustoUnitario>$AG471),AND(TIPOORCAMENTO=\"LICITADO\",ORÇAMENTO.PrecoUnitarioLicitado>$AN471)),\"ACIMA REF.\",\"\")))))","v":""},{"$f":"IF(C471<=CRONO.NivelExibicao,MAX($AD$15:OFFSET(AD471,-1,0))+IF($C471<>1,1,MAX(1,COUNTIF(QCI!$A$13:$A$41,OFFSET($E471,-1,0)))),\"\")","v":""},{"$f":"IF(AND($C471=\"S\",ORÇAMENTO.CodBarra<>\"\"),IF(ORÇAMENTO.Fonte=\"\",ORÇAMENTO.CodBarra,CONCATENATE(ORÇAMENTO.Fonte,\" \",ORÇAMENTO.CodBarra)))","v":"SINAPI FNDE 303"},{"$f":"IF(ISERROR(INDIRECT(ORÇAMENTO.BancoRef)),\"(abra o arquivo 'Referência \"&Excel_BuiltIn_Database&\".xlsm)\",IF(OR($C471<>\"S\",ORÇAMENTO.CodBarra=\"\"),\"(Sem Código)\",IF(ISERROR(MATCH($AE471,INDIRECT(ORÇAMENTO.BancoRef),0)),\"(Código não identificado nas referências)\",MATCH($AE471,INDIRECT(ORÇAMENTO.BancoRef),0))))","v":"(Código não identificado nas referências)"},{"$f":"ROUND(IF(DESONERACAO=\"sim\",REFERENCIA.Desonerado,REFERENCIA.NaoDesonerado),2)","v":0},0.25,null,80,null,null,3552.8,44.41]
["S",2,"S",0,{"$f":"IF($C472=1,OFFSET(E472,-1,0)+MAX(1,COUNTIF(QCI!$A$13:$A$41,OFFSET(ORÇAMENTO!E472,-1,0))),OFFSET(E472,-1,0))","v":18},5,0,0,3,0,{"$f":"IF(OR($C472=\"S\",$C472=0),0,MATCH(OFFSET($D472,0,$C472)+IF($C472<>1,1,COUNTIF(QCI!$A$13:$A$41,ORÇAMENTO!E472)),OFFSET($D472,1,$C472,ROW($C$744)-ROW($C472)),0))","v":0},"F","Serviço","Serviço","18.5.3.","SINAPI","102520","PINTURA DE SINALIZAÇÃO VERTICAL DE SEGURANÇA, FAIXAS AMARELA E PRETA, APLICAÇÃO MANUAL, 2 DEMÃOS. AF_05/2021",{"$f":"REFERENCIA.Unidade","v":"M2"},{"$f":"OFFSET(CÁLCULO!H$15,ROW($T472)-ROW(T$15),0)","v":12},85.14,"BDI 1",{"$f":"IF($C472=\"S\",ROUND(IF(TIPOORCAMENTO=\"Proposto\",ORÇAMENTO.CustoUnitario*(1+$AH472),ORÇAMENTO.PrecoUnitarioLicitado),15-13*$AF$10),0)","v":106.43},{"$f":"IF($C472=\"S\",IF(Import.TipoArredondamento<>\"TransfereGOV\",VTOTAL1,SUM(OFFSET(CÁLCULO!$AA$15,ROW($X472)-ROW($X$15),1):OFFSET(CÁLCULO!$AL$15,ROW($X472)-ROW($X$15),-1))),IF($C472=0,0,ROUND(SomaAgrup,15-13*$AF$11)))","v":1277.1600000000001},"RA","RA",{"$f":"IF($C472=\"S\",IF($Z472=\"CP\",$X472,IF($Z472=\"RA\",(($X472)*QCI!$AA$3),0)),SomaAgrup)","v":45.483501287509569},0,{"$f":"IF($N472=\"\",\"\",IF(ORÇAMENTO.Descricao=\"\",\"DESCRIÇÃO\",IF(AND($C472=\"S\",ORÇAMENTO.Unidade=\"\"),\"UNIDADE\",IF($X472<0,\"VALOR NEGATIVO\",IF(OR(AND(TIPOORCAMENTO=\"Proposto\",$AG472<>\"\",$AG472>0,ORÇAMENTO.CustoUnitario>$AG472),AND(TIPOORCAMENTO=\"LICITADO\",ORÇAMENTO.PrecoUnitarioLicitado>$AN472)),\"ACIMA REF.\",\"\")))))","v":""},{"$f":"IF(C472<=CRONO.NivelExibicao,MAX($AD$15:OFFSET(AD472,-1,0))+IF($C472<>1,1,MAX(1,COUNTIF(QCI!$A$13:$A$41,OFFSET($E472,-1,0)))),\"\")","v":""},{"$f":"IF(AND($C472=\"S\",ORÇAMENTO.CodBarra<>\"\"),IF(ORÇAMENTO.Fonte=\"\",ORÇAMENTO.CodBarra,CONCATENATE(ORÇAMENTO.Fonte,\" \",ORÇAMENTO.CodBarra)))","v":"SINAPI 102520"},{"$f":"IF(ISERROR(INDIRECT(ORÇAMENTO.BancoRef)),\"(abra o arquivo 'Referência \"&Excel_BuiltIn_Database&\".xlsm)\",IF(OR($C472<>\"S\",ORÇAMENTO.CodBarra=\"\"),\"(Sem Código)\",IF(ISERROR(MATCH($AE472,INDIRECT(ORÇAMENTO.BancoRef),0)),\"(Código não identificado nas referências)\",MATCH($AE472,INDIRECT(ORÇAMENTO.BancoRef),0))))","v":6489},{"$f":"ROUND(IF(DESONERACAO=\"sim\",REFERENCIA.Desonerado,REFERENCIA.NaoDesonerado),2)","v":85.14},0.25,null,12,null,null,1277.1600000000001,106.43]
[1,1,1,129,{"$f":"IF($C473=1,OFFSET(E473,-1,0)+MAX(1,COUNTIF(QCI!$A$13:$A$41,OFFSET(ORÇAMENTO!E473,-1,0))),OFFSET(E473,-1,0))","v":19},0,0,0,0,271,{"$f":"IF(OR($C473=\"S\",$C473=0),0,MATCH(OFFSET($D473,0,$C473)+IF($C473<>1,1,COUNTIF(QCI!$A$13:$A$41,ORÇAMENTO!E473)),OFFSET($D473,1,$C473,ROW($C$744)-ROW($C473)),0))","v":129},"F","Meta","Meta","19.","SINAPI",null,"INSTALAÇÃO ELÉTRICA - 110V",{"$f":"REFERENCIA.Unidade","v":"-"},{"$f":"OFFSET(CÁLCULO!H$15,ROW($T473)-ROW(T$15),0)","v":0},null,"BDI 1",{"$f":"IF($C473=\"S\",ROUND(IF(TIPOORCAMENTO=\"Proposto\",ORÇAMENTO.CustoUnitario*(1+$AH473),ORÇAMENTO.PrecoUnitarioLicitado),15-13*$AF$10),0)","v":0},{"$f":"IF($C473=\"S\",IF(Import.TipoArredondamento<>\"TransfereGOV\",VTOTAL1,SUM(OFFSET(CÁLCULO!$AA$15,ROW($X473)-ROW($X$15),1):OFFSET(CÁLCULO!$AL$15,ROW($X473)-ROW($X$15),-1))),IF($C473=0,0,ROUND(SomaAgrup,15-13*$AF$11)))","v":401079.76},"RA","",{"$f":"IF($C473=\"S\",IF($Z473=\"CP\",$X473,IF($Z473=\"RA\",(($X473)*QCI!$AA$3),0)),SomaAgrup)","v":14283.654186127058},0,{"$f":"IF($N473=\"\",\"\",IF(ORÇAMENTO.Descricao=\"\",\"DESCRIÇÃO\",IF(AND($C473=\"S\",ORÇAMENTO.Unidade=\"\"),\"UNIDADE\",IF($X473<0,\"VALOR NEGATIVO\",IF(OR(AND(TIPOORCAMENTO=\"Proposto\",$AG473<>\"\",$AG473>0,ORÇAMENTO.CustoUnitario>$AG473),AND(TIPOORCAMENTO=\"LICITADO\",ORÇAMENTO.PrecoUnitarioLicitado>$AN473)),\"ACIMA REF.\",\"\")))))","v":""},{"$f":"IF(C473<=CRONO.NivelExibicao,MAX($AD$15:OFFSET(AD473,-1,0))+IF($C473<>1,1,MAX(1,COUNTIF(QCI!$A$13:$A$41,OFFSET($E473,-1,0)))),\"\")","v":63},{"$f":"IF(AND($C473=\"S\",ORÇAMENTO.CodBarra<>\"\"),IF(ORÇAMENTO.Fonte=\"\",ORÇAMENTO.CodBarra,CONCATENATE(ORÇAMENTO.Fonte,\" \",ORÇAMENTO.CodBarra)))","v":false},{"$f":"IF(ISERROR(INDIRECT(ORÇAMENTO.BancoRef)),\"(abra o arquivo 'Referência \"&Excel_BuiltIn_Database&\".xlsm)\",IF(OR($C473<>\"S\",ORÇAMENTO.CodBarra=\"\"),\"(Sem Código)\",IF(ISERROR(MATCH($AE473,INDIRECT(ORÇAMENTO.BancoRef),0)),\"(Código não identificado nas referências)\",MATCH($AE473,INDIRECT(ORÇAMENTO.BancoRef),0))))","v":"(Sem Código)"},{"$f":"ROUND(IF(DESONERACAO=\"sim\",REFERENCIA.Desonerado,REFERENCIA.NaoDesonerado),2)","v":0},0.25,null,null,null,null,401079.76,0]
[2,2,2,3,{"$f":"IF($C474=1,OFFSET(E474,-1,0)+MAX(1,COUNTIF(QCI!$A$13:$A$41,OFFSET(ORÇAMENTO!E474,-1,0))),OFFSET(E474,-1,0))","v":19},1,0,0,0,128,{"$f":"IF(OR($C474=\"S\",$C474=0),0,MATCH(OFFSET($D474,0,$C474)+IF($C474<>1,1,COUNTIF(QCI!$A$13:$A$41,ORÇAMENTO!E474)),OFFSET($D474,1,$C474,ROW($C$744)-ROW($C474)),0))","v":3},"F","Nível 2","Nível 2","19.1.","SINAPI",null,"Acessório perfilados perfurados",{"$f":"REFERENCIA.Unidade","v":"-"},{"$f":"OFFSET(CÁLCULO!H$15,ROW($T474)-ROW(T$15),0)","v":0},null,"BDI 1",{"$f":"IF($C474=\"S\",ROUND(IF(TIPOORCAMENTO=\"Proposto\",ORÇAMENTO.CustoUnitario*(1+$AH474),ORÇAMENTO.PrecoUnitarioLicitado),15-13*$AF$10),0)","v":0},{"$f":"IF($C474=\"S\",IF(Import.TipoArredondamento<>\"TransfereGOV\",VTOTAL1,SUM(OFFSET(CÁLCULO!$AA$15,ROW($X474)-ROW($X$15),1):OFFSET(CÁLCULO!$AL$15,ROW($X474)-ROW($X$15),-1))),IF($C474=0,0,ROUND(SomaAgrup,15-13*$AF$11)))","v":44.42},"RA","",{"$f":"IF($C474=\"S\",IF($Z474=\"CP\",$X474,IF($Z474=\"RA\",(($X474)*QCI!$AA$3),0)),SomaAgrup)","v":1.5819295367778312},0,{"$f":"IF($N474=\"\",\"\",IF(ORÇAMENTO.Descricao=\"\",\"DESCRIÇÃO\",IF(AND($C474=\"S\",ORÇAMENTO.Unidade=\"\"),\"UNIDADE\",IF($X474<0,\"VALOR NEGATIVO\",IF(OR(AND(TIPOORCAMENTO=\"Proposto\",$AG474<>\"\",$AG474>0,ORÇAMENTO.CustoUnitario>$AG474),AND(TIPOORCAMENTO=\"LICITADO\",ORÇAMENTO.PrecoUnitarioLicitado>$AN474)),\"ACIMA REF.\",\"\")))))","v":""},{"$f":"IF(C474<=CRONO.NivelExibicao,MAX($AD$15:OFFSET(AD474,-1,0))+IF($C474<>1,1,MAX(1,COUNTIF(QCI!$A$13:$A$41,OFFSET($E474,-1,0)))),\"\")","v":64},{"$f":"IF(AND($C474=\"S\",ORÇAMENTO.CodBarra<>\"\"),IF(ORÇAMENTO.Fonte=\"\",ORÇAMENTO.CodBarra,CONCATENATE(ORÇAMENTO.Fonte,\" \",ORÇAMENTO.CodBarra)))","v":false},{"$f":"IF(ISERROR(INDIRECT(ORÇAMENTO.BancoRef)),\"(abra o arquivo 'Referência \"&Excel_BuiltIn_Database&\".xlsm)\",IF(OR($C474<>\"S\",ORÇAMENTO.CodBarra=\"\"),\"(Sem Código)\",IF(ISERROR(MATCH($AE474,INDIRECT(ORÇAMENTO.BancoRef),0)),\"(Código não identificado nas referências)\",MATCH($AE474,INDIRECT(ORÇAMENTO.BancoRef),0))))","v":"(Sem Código)"},{"$f":"ROUND(IF(DESONERACAO=\"sim\",REFERENCIA.Desonerado,REFERENCIA.NaoDesonerado),2)","v":0},0.25,null,null,null,null,44.42,0]
["S",2,"S",0,{"$f":"IF($C475=1,OFFSET(E475,-1,0)+MAX(1,COUNTIF(QCI!$A$13:$A$41,OFFSET(ORÇAMENTO!E475,-1,0))),OFFSET(E475,-1,0))","v":19},1,0,0,1,0,{"$f":"IF(OR($C475=\"S\",$C475=0),0,MATCH(OFFSET($D475,0,$C475)+IF($C475<>1,1,COUNTIF(QCI!$A$13:$A$41,ORÇAMENTO!E475)),OFFSET($D475,1,$C475,ROW($C$744)-ROW($C475)),0))","v":0},"F","Serviço","Serviço","19.1.1.","SINAPI","FNDE 350","TERMINAL METALICO A PRESSAO PARA 1 CABO DE 35 MM2","UN",{"$f":"OFFSET(CÁLCULO!H$15,ROW($T475)-ROW(T$15),0)","v":1},18.91,"BDI 1",{"$f":"IF($C475=\"S\",ROUND(IF(TIPOORCAMENTO=\"Proposto\",ORÇAMENTO.CustoUnitario*(1+$AH475),ORÇAMENTO.PrecoUnitarioLicitado),15-13*$AF$10),0)","v":23.64},{"$f":"IF($C475=\"S\",IF(Import.TipoArredondamento<>\"TransfereGOV\",VTOTAL1,SUM(OFFSET(CÁLCULO!$AA$15,ROW($X475)-ROW($X$15),1):OFFSET(CÁLCULO!$AL$15,ROW($X475)-ROW($X$15),-1))),IF($C475=0,0,ROUND(SomaAgrup,15-13*$AF$11)))","v":23.64},"RA","RA",{"$f":"IF($C475=\"S\",IF($Z475=\"CP\",$X475,IF($Z475=\"RA\",(($X475)*QCI!$AA$3),0)),SomaAgrup)","v":0.84189136086060179},0,{"$f":"IF($N475=\"\",\"\",IF(ORÇAMENTO.Descricao=\"\",\"DESCRIÇÃO\",IF(AND($C475=\"S\",ORÇAMENTO.Unidade=\"\"),\"UNIDADE\",IF($X475<0,\"VALOR NEGATIVO\",IF(OR(AND(TIPOORCAMENTO=\"Proposto\",$AG475<>\"\",$AG475>0,ORÇAMENTO.CustoUnitario>$AG475),AND(TIPOORCAMENTO=\"LICITADO\",ORÇAMENTO.PrecoUnitarioLicitado>$AN475)),\"ACIMA REF.\",\"\")))))","v":""},{"$f":"IF(C475<=CRONO.NivelExibicao,MAX($AD$15:OFFSET(AD475,-1,0))+IF($C475<>1,1,MAX(1,COUNTIF(QCI!$A$13:$A$41,OFFSET($E475,-1,0)))),\"\")","v":""},{"$f":"IF(AND($C475=\"S\",ORÇAMENTO.CodBarra<>\"\"),IF(ORÇAMENTO.Fonte=\"\",ORÇAMENTO.CodBarra,CONCATENATE(ORÇAMENTO.Fonte,\" \",ORÇAMENTO.CodBarra)))","v":"SINAPI FNDE 350"},{"$f":"IF(ISERROR(INDIRECT(ORÇAMENTO.BancoRef)),\"(abra o arquivo 'Referência \"&Excel_BuiltIn_Database&\".xlsm)\",IF(OR($C475<>\"S\",ORÇAMENTO.CodBarra=\"\"),\"(Sem Código)\",IF(ISERROR(MATCH($AE475,INDIRECT(ORÇAMENTO.BancoRef),0)),\"(Código não identificado nas referências)\",MATCH($AE475,INDIRECT(ORÇAMENTO.BancoRef),0))))","v":"(Código não identificado nas referências)"},{"$f":"ROUND(IF(DESONERACAO=\"sim\",REFERENCIA.Desonerado,REFERENCIA.NaoDesonerado),2)","v":0},0.25,null,1,null,null,23.64,23.64]
["S",2,"S",0,{"$f":"IF($C476=1,OFFSET(E476,-1,0)+MAX(1,COUNTIF(QCI!$A$13:$A$41,OFFSET(ORÇAMENTO!E476,-1,0))),OFFSET(E476,-1,0))","v":19},1,0,0,2,0,{"$f":"IF(OR($C476=\"S\",$C476=0),0,MATCH(OFFSET($D476,0,$C476)+IF($C476<>1,1,COUNTIF(QCI!$A$13:$A$41,ORÇAMENTO!E476)),OFFSET($D476,1,$C476,ROW($C$744)-ROW($C476)),0))","v":0},"F","Serviço","Serviço","19.1.2.","SINAPI","FNDE 346","CABECOTE PARA ENTRADA DE LINHA DE ALIMENTACAO PARA ELETRODUTO","UN",{"$f":"OFFSET(CÁLCULO!H$15,ROW($T476)-ROW(T$15),0)","v":1},16.62,"BDI 1",{"$f":"IF($C476=\"S\",ROUND(IF(TIPOORCAMENTO=\"Proposto\",ORÇAMENTO.CustoUnitario*(1+$AH476),ORÇAMENTO.PrecoUnitarioLicitado),15-13*$AF$10),0)","v":20.78},{"$f":"IF($C476=\"S\",IF(Import.TipoArredondamento<>\"TransfereGOV\",VTOTAL1,SUM(OFFSET(CÁLCULO!$AA$15,ROW($X476)-ROW($X$15),1):OFFSET(CÁLCULO!$AL$15,ROW($X476)-ROW($X$15),-1))),IF($C476=0,0,ROUND(SomaAgrup,15-13*$AF$11)))","v":20.78},"RA","RA",{"$f":"IF($C476=\"S\",IF($Z476=\"CP\",$X476,IF($Z476=\"RA\",(($X476)*QCI!$AA$3),0)),SomaAgrup)","v":0.74003817591722953},0,{"$f":"IF($N476=\"\",\"\",IF(ORÇAMENTO.Descricao=\"\",\"DESCRIÇÃO\",IF(AND($C476=\"S\",ORÇAMENTO.Unidade=\"\"),\"UNIDADE\",IF($X476<0,\"VALOR NEGATIVO\",IF(OR(AND(TIPOORCAMENTO=\"Proposto\",$AG476<>\"\",$AG476>0,ORÇAMENTO.CustoUnitario>$AG476),AND(TIPOORCAMENTO=\"LICITADO\",ORÇAMENTO.PrecoUnitarioLicitado>$AN476)),\"ACIMA REF.\",\"\")))))","v":""},{"$f":"IF(C476<=CRONO.NivelExibicao,MAX($AD$15:OFFSET(AD476,-1,0))+IF($C476<>1,1,MAX(1,COUNTIF(QCI!$A$13:$A$41,OFFSET($E476,-1,0)))),\"\")","v":""},{"$f":"IF(AND($C476=\"S\",ORÇAMENTO.CodBarra<>\"\"),IF(ORÇAMENTO.Fonte=\"\",ORÇAMENTO.CodBarra,CONCATENATE(ORÇAMENTO.Fonte,\" \",ORÇAMENTO.CodBarra)))","v":"SINAPI FNDE 346"},{"$f":"IF(ISERROR(INDIRECT(ORÇAMENTO.BancoRef)),\"(abra o arquivo 'Referência \"&Excel_BuiltIn_Database&\".xlsm)\",IF(OR($C476<>\"S\",ORÇAMENTO.CodBarra=\"\"),\"(Sem Código)\",IF(ISERROR(MATCH($AE476,INDIRECT(ORÇAMENTO.BancoRef),0)),\"(Código não identificado nas referências)\",MATCH($AE476,INDIRECT(ORÇAMENTO.BancoRef),0))))","v":"(Código não identificado nas referências)"},{"$f":"ROUND(IF(DESONERACAO=\"sim\",REFERENCIA.Desonerado,REFERENCIA.NaoDesonerado),2)","v":0},0.25,null,1,null,null,20.78,20.78]
[2,2,2,11,{"$f":"IF($C477=1,OFFSET(E477,-1,0)+MAX(1,COUNTIF(QCI!$A$13:$A$41,OFFSET(ORÇAMENTO!E477,-1,0))),OFFSET(E477,-1,0))","v":19},2,0,0,0,125,{"$f":"IF(OR($C477=\"S\",$C477=0),0,MATCH(OFFSET($D477,0,$C477)+IF($C477<>1,1,COUNTIF(QCI!$A$13:$A$41,ORÇAMENTO!E477)),OFFSET($D477,1,$C477,ROW($C$744)-ROW($C477)),0))","v":11},"F","Nível 2","Nível 2","19.2.","SINAPI",null,"Acessórios para eletrodutos",{"$f":"REFERENCIA.Unidade","v":"-"},{"$f":"OFFSET(CÁLCULO!H$15,ROW($T477)-ROW(T$15),0)","v":0},null,"BDI 1",{"$f":"IF($C477=\"S\",ROUND(IF(TIPOORCAMENTO=\"Proposto\",ORÇAMENTO.CustoUnitario*(1+$AH477),ORÇAMENTO.PrecoUnitarioLicitado),15-13*$AF$10),0)","v":0},{"$f":"IF($C477=\"S\",IF(Import.TipoArredondamento<>\"TransfereGOV\",VTOTAL1,SUM(OFFSET(CÁLCULO!$AA$15,ROW($X477)-ROW($X$15),1):OFFSET(CÁLCULO!$AL$15,ROW($X477)-ROW($X$15),-1))),IF($C477=0,0,ROUND(SomaAgrup,15-13*$AF$11)))","v":4421.51},"RA","",{"$f":"IF($C477=\"S\",IF($Z477=\"CP\",$X477,IF($Z477=\"RA\",(($X477)*QCI!$AA$3),0)),SomaAgrup)","v":157.46324327236709},0,{"$f":"IF($N477=\"\",\"\",IF(ORÇAMENTO.Descricao=\"\",\"DESCRIÇÃO\",IF(AND($C477=\"S\",ORÇAMENTO.Unidade=\"\"),\"UNIDADE\",IF($X477<0,\"VALOR NEGATIVO\",IF(OR(AND(TIPOORCAMENTO=\"Proposto\",$AG477<>\"\",$AG477>0,ORÇAMENTO.CustoUnitario>$AG477),AND(TIPOORCAMENTO=\"LICITADO\",ORÇAMENTO.PrecoUnitarioLicitado>$AN477)),\"ACIMA REF.\",\"\")))))","v":""},{"$f":"IF(C477<=CRONO.NivelExibicao,MAX($AD$15:OFFSET(AD477,-1,0))+IF($C477<>1,1,MAX(1,COUNTIF(QCI!$A$13:$A$41,OFFSET($E477,-1,0)))),\"\")","v":65},{"$f":"IF(AND($C477=\"S\",ORÇAMENTO.CodBarra<>\"\"),IF(ORÇAMENTO.Fonte=\"\",ORÇAMENTO.CodBarra,CONCATENATE(ORÇAMENTO.Fonte,\" \",ORÇAMENTO.CodBarra)))","v":false},{"$f":"IF(ISERROR(INDIRECT(ORÇAMENTO.BancoRef)),\"(abra o arquivo 'Referência \"&Excel_BuiltIn_Database&\".xlsm)\",IF(OR($C477<>\"S\",ORÇAMENTO.CodBarra=\"\"),\"(Sem Código)\",IF(ISERROR(MATCH($AE477,INDIRECT(ORÇAMENTO.BancoRef),0)),\"(Código não identificado nas referências)\",MATCH($AE477,INDIRECT(ORÇAMENTO.BancoRef),0))))","v":"(Sem Código)"},{"$f":"ROUND(IF(DESONERACAO=\"sim\",REFERENCIA.Desonerado,REFERENCIA.NaoDesonerado),2)","v":0},0.25,null,null,null,null,4421.51,0]
["S",2,"S",0,{"$f":"IF($C478=1,OFFSET(E478,-1,0)+MAX(1,COUNTIF(QCI!$A$13:$A$41,OFFSET(ORÇAMENTO!E478,-1,0))),OFFSET(E478,-1,0))","v":19},2,0,0,1,0,{"$f":"IF(OR($C478=\"S\",$C478=0),0,MATCH(OFFSET($D478,0,$C478)+IF($C478<>1,1,COUNTIF(QCI!$A$13:$A$41,ORÇAMENTO!E478)),OFFSET($D478,1,$C478,ROW($C$744)-ROW($C478)),0))","v":0},"F","Serviço","Serviço","19.2.1.","SINAPI","FNDE 347","ARRUELA EM ALUMINIO, COM ROSCA, DE 1 1/2\", PARA ELETRODUTO","UN",{"$f":"OFFSET(CÁLCULO!H$15,ROW($T478)-ROW(T$15),0)","v":4},5.03,"BDI 1",{"$f":"IF($C478=\"S\",ROUND(IF(TIPOORCAMENTO=\"Proposto\",ORÇAMENTO.CustoUnitario*(1+$AH478),ORÇAMENTO.PrecoUnitarioLicitado),15-13*$AF$10),0)","v":6.29},{"$f":"IF($C478=\"S\",IF(Import.TipoArredondamento<>\"TransfereGOV\",VTOTAL1,SUM(OFFSET(CÁLCULO!$AA$15,ROW($X478)-ROW($X$15),1):OFFSET(CÁLCULO!$AL$15,ROW($X478)-ROW($X$15),-1))),IF($C478=0,0,ROUND(SomaAgrup,15-13*$AF$11)))","v":25.16},"RA","RA",{"$f":"IF($C478=\"S\",IF($Z478=\"CP\",$X478,IF($Z478=\"RA\",(($X478)*QCI!$AA$3),0)),SomaAgrup)","v":0.89602312348784863},0,{"$f":"IF($N478=\"\",\"\",IF(ORÇAMENTO.Descricao=\"\",\"DESCRIÇÃO\",IF(AND($C478=\"S\",ORÇAMENTO.Unidade=\"\"),\"UNIDADE\",IF($X478<0,\"VALOR NEGATIVO\",IF(OR(AND(TIPOORCAMENTO=\"Proposto\",$AG478<>\"\",$AG478>0,ORÇAMENTO.CustoUnitario>$AG478),AND(TIPOORCAMENTO=\"LICITADO\",ORÇAMENTO.PrecoUnitarioLicitado>$AN478)),\"ACIMA REF.\",\"\")))))","v":""},{"$f":"IF(C478<=CRONO.NivelExibicao,MAX($AD$15:OFFSET(AD478,-1,0))+IF($C478<>1,1,MAX(1,COUNTIF(QCI!$A$13:$A$41,OFFSET($E478,-1,0)))),\"\")","v":""},{"$f":"IF(AND($C478=\"S\",ORÇAMENTO.CodBarra<>\"\"),IF(ORÇAMENTO.Fonte=\"\",ORÇAMENTO.CodBarra,CONCATENATE(ORÇAMENTO.Fonte,\" \",ORÇAMENTO.CodBarra)))","v":"SINAPI FNDE 347"},{"$f":"IF(ISERROR(INDIRECT(ORÇAMENTO.BancoRef)),\"(abra o arquivo 'Referência \"&Excel_BuiltIn_Database&\".xlsm)\",IF(OR($C478<>\"S\",ORÇAMENTO.CodBarra=\"\"),\"(Sem Código)\",IF(ISERROR(MATCH($AE478,INDIRECT(ORÇAMENTO.BancoRef),0)),\"(Código não identificado nas referências)\",MATCH($AE478,INDIRECT(ORÇAMENTO.BancoRef),0))))","v":"(Código não identificado nas referências)"},{"$f":"ROUND(IF(DESONERACAO=\"sim\",REFERENCIA.Desonerado,REFERENCIA.NaoDesonerado),2)","v":0},0.25,null,4,null,null,25.16,6.29]
["S",2,"S",0,{"$f":"IF($C479=1,OFFSET(E479,-1,0)+MAX(1,COUNTIF(QCI!$A$13:$A$41,OFFSET(ORÇAMENTO!E479,-1,0))),OFFSET(E479,-1,0))","v":19},2,0,0,2,0,{"$f":"IF(OR($C479=\"S\",$C479=0),0,MATCH(OFFSET($D479,0,$C479)+IF($C479<>1,1,COUNTIF(QCI!$A$13:$A$41,ORÇAMENTO!E479)),OFFSET($D479,1,$C479,ROW($C$744)-ROW($C479)),0))","v":0},"F","Serviço","Serviço","19.2.2.","SINAPI","FNDE 353","ARRUELA EM ALUMINIO","UN",{"$f":"OFFSET(CÁLCULO!H$15,ROW($T479)-ROW(T$15),0)","v":4},1.98,"BDI 1",{"$f":"IF($C479=\"S\",ROUND(IF(TIPOORCAMENTO=\"Proposto\",ORÇAMENTO.CustoUnitario*(1+$AH479),ORÇAMENTO.PrecoUnitarioLicitado),15-13*$AF$10),0)","v":2.48},{"$f":"IF($C479=\"S\",IF(Import.TipoArredondamento<>\"TransfereGOV\",VTOTAL1,SUM(OFFSET(CÁLCULO!$AA$15,ROW($X479)-ROW($X$15),1):OFFSET(CÁLCULO!$AL$15,ROW($X479)-ROW($X$15),-1))),IF($C479=0,0,ROUND(SomaAgrup,15-13*$AF$11)))","v":9.92},"RA","RA",{"$f":"IF($C479=\"S\",IF($Z479=\"CP\",$X479,IF($Z479=\"RA\",(($X479)*QCI!$AA$3),0)),SomaAgrup)","v":0.3532809771462424},0,{"$f":"IF($N479=\"\",\"\",IF(ORÇAMENTO.Descricao=\"\",\"DESCRIÇÃO\",IF(AND($C479=\"S\",ORÇAMENTO.Unidade=\"\"),\"UNIDADE\",IF($X479<0,\"VALOR NEGATIVO\",IF(OR(AND(TIPOORCAMENTO=\"Proposto\",$AG479<>\"\",$AG479>0,ORÇAMENTO.CustoUnitario>$AG479),AND(TIPOORCAMENTO=\"LICITADO\",ORÇAMENTO.PrecoUnitarioLicitado>$AN479)),\"ACIMA REF.\",\"\")))))","v":""},{"$f":"IF(C479<=CRONO.NivelExibicao,MAX($AD$15:OFFSET(AD479,-1,0))+IF($C479<>1,1,MAX(1,COUNTIF(QCI!$A$13:$A$41,OFFSET($E479,-1,0)))),\"\")","v":""},{"$f":"IF(AND($C479=\"S\",ORÇAMENTO.CodBarra<>\"\"),IF(ORÇAMENTO.Fonte=\"\",ORÇAMENTO.CodBarra,CONCATENATE(ORÇAMENTO.Fonte,\" \",ORÇAMENTO.CodBarra)))","v":"SINAPI FNDE 353"},{"$f":"IF(ISERROR(INDIRECT(ORÇAMENTO.BancoRef)),\"(abra o arquivo 'Referência \"&Excel_BuiltIn_Database&\".xlsm)\",IF(OR($C479<>\"S\",ORÇAMENTO.CodBarra=\"\"),\"(Sem Código)\",IF(ISERROR(MATCH($AE479,INDIRECT(ORÇAMENTO.BancoRef),0)),\"(Código não identificado nas referências)\",MATCH($AE479,INDIRECT(ORÇAMENTO.BancoRef),0))))","v":"(Código não identificado nas referências)"},{"$f":"ROUND(IF(DESONERACAO=\"sim\",REFERENCIA.Desonerado,REFERENCIA.NaoDesonerado),2)","v":0},0.25,null,4,null,null,9.92,2.48]
["S",2,"S",0,{"$f":"IF($C480=1,OFFSET(E480,-1,0)+MAX(1,COUNTIF(QCI!$A$13:$A$41,OFFSET(ORÇAMENTO!E480,-1,0))),OFFSET(E480,-1,0))","v":19},2,0,0,3,0,{"$f":"IF(OR($C480=\"S\",$C480=0),0,MATCH(OFFSET($D480,0,$C480)+IF($C480<>1,1,COUNTIF(QCI!$A$13:$A$41,ORÇAMENTO!E480)),OFFSET($D480,1,$C480,ROW($C$744)-ROW($C480)),0))","v":0},"F","Serviço","Serviço","19.2.3.","SINAPI","91941","CAIXA RETANGULAR 4\" X 2\" BAIXA (0,30 M DO PISO), PVC, INSTALADA EM PAREDE - FORNECIMENTO E INSTALAÇÃO. AF_03/2023",{"$f":"REFERENCIA.Unidade","v":"UN"},{"$f":"OFFSET(CÁLCULO!H$15,ROW($T480)-ROW(T$15),0)","v":236},12.22,"BDI 1",{"$f":"IF($C480=\"S\",ROUND(IF(TIPOORCAMENTO=\"Proposto\",ORÇAMENTO.CustoUnitario*(1+$AH480),ORÇAMENTO.PrecoUnitarioLicitado),15-13*$AF$10),0)","v":15.28},{"$f":"IF($C480=\"S\",IF(Import.TipoArredondamento<>\"TransfereGOV\",VTOTAL1,SUM(OFFSET(CÁLCULO!$AA$15,ROW($X480)-ROW($X$15),1):OFFSET(CÁLCULO!$AL$15,ROW($X480)-ROW($X$15),-1))),IF($C480=0,0,ROUND(SomaAgrup,15-13*$AF$11)))","v":3606.08},"RA","RA",{"$f":"IF($C480=\"S\",IF($Z480=\"CP\",$X480,IF($Z480=\"RA\",(($X480)*QCI!$AA$3),0)),SomaAgrup)","v":128.42333327293565},0,{"$f":"IF($N480=\"\",\"\",IF(ORÇAMENTO.Descricao=\"\",\"DESCRIÇÃO\",IF(AND($C480=\"S\",ORÇAMENTO.Unidade=\"\"),\"UNIDADE\",IF($X480<0,\"VALOR NEGATIVO\",IF(OR(AND(TIPOORCAMENTO=\"Proposto\",$AG480<>\"\",$AG480>0,ORÇAMENTO.CustoUnitario>$AG480),AND(TIPOORCAMENTO=\"LICITADO\",ORÇAMENTO.PrecoUnitarioLicitado>$AN480)),\"ACIMA REF.\",\"\")))))","v":""},{"$f":"IF(C480<=CRONO.NivelExibicao,MAX($AD$15:OFFSET(AD480,-1,0))+IF($C480<>1,1,MAX(1,COUNTIF(QCI!$A$13:$A$41,OFFSET($E480,-1,0)))),\"\")","v":""},{"$f":"IF(AND($C480=\"S\",ORÇAMENTO.CodBarra<>\"\"),IF(ORÇAMENTO.Fonte=\"\",ORÇAMENTO.CodBarra,CONCATENATE(ORÇAMENTO.Fonte,\" \",ORÇAMENTO.CodBarra)))","v":"SINAPI 91941"},{"$f":"IF(ISERROR(INDIRECT(ORÇAMENTO.BancoRef)),\"(abra o arquivo 'Referência \"&Excel_BuiltIn_Database&\".xlsm)\",IF(OR($C480<>\"S\",ORÇAMENTO.CodBarra=\"\"),\"(Sem Código)\",IF(ISERROR(MATCH($AE480,INDIRECT(ORÇAMENTO.BancoRef),0)),\"(Código não identificado nas referências)\",MATCH($AE480,INDIRECT(ORÇAMENTO.BancoRef),0))))","v":3114},{"$f":"ROUND(IF(DESONERACAO=\"sim\",REFERENCIA.Desonerado,REFERENCIA.NaoDesonerado),2)","v":12.22},0.25,null,236,null,null,3606.08,15.28]
["S",2,"S",0,{"$f":"IF($C481=1,OFFSET(E481,-1,0)+MAX(1,COUNTIF(QCI!$A$13:$A$41,OFFSET(ORÇAMENTO!E481,-1,0))),OFFSET(E481,-1,0))","v":19},2,0,0,4,0,{"$f":"IF(OR($C481=\"S\",$C481=0),0,MATCH(OFFSET($D481,0,$C481)+IF($C481<>1,1,COUNTIF(QCI!$A$13:$A$41,ORÇAMENTO!E481)),OFFSET($D481,1,$C481,ROW($C$744)-ROW($C481)),0))","v":0},"F","Serviço","Serviço","19.2.4.","SINAPI","91936","CAIXA OCTOGONAL 4\" X 4\", PVC, INSTALADA EM LAJE - FORNECIMENTO E INSTALAÇÃO. AF_03/2023",{"$f":"REFERENCIA.Unidade","v":"UN"},{"$f":"OFFSET(CÁLCULO!H$15,ROW($T481)-ROW(T$15),0)","v":2},18.899999999999999,"BDI 1",{"$f":"IF($C481=\"S\",ROUND(IF(TIPOORCAMENTO=\"Proposto\",ORÇAMENTO.CustoUnitario*(1+$AH481),ORÇAMENTO.PrecoUnitarioLicitado),15-13*$AF$10),0)","v":23.63},{"$f":"IF($C481=\"S\",IF(Import.TipoArredondamento<>\"TransfereGOV\",VTOTAL1,SUM(OFFSET(CÁLCULO!$AA$15,ROW($X481)-ROW($X$15),1):OFFSET(CÁLCULO!$AL$15,ROW($X481)-ROW($X$15),-1))),IF($C481=0,0,ROUND(SomaAgrup,15-13*$AF$11)))","v":47.26},"RA","RA",{"$f":"IF($C481=\"S\",IF($Z481=\"CP\",$X481,IF($Z481=\"RA\",(($X481)*QCI!$AA$3),0)),SomaAgrup)","v":1.6830704616866345},0,{"$f":"IF($N481=\"\",\"\",IF(ORÇAMENTO.Descricao=\"\",\"DESCRIÇÃO\",IF(AND($C481=\"S\",ORÇAMENTO.Unidade=\"\"),\"UNIDADE\",IF($X481<0,\"VALOR NEGATIVO\",IF(OR(AND(TIPOORCAMENTO=\"Proposto\",$AG481<>\"\",$AG481>0,ORÇAMENTO.CustoUnitario>$AG481),AND(TIPOORCAMENTO=\"LICITADO\",ORÇAMENTO.PrecoUnitarioLicitado>$AN481)),\"ACIMA REF.\",\"\")))))","v":""},{"$f":"IF(C481<=CRONO.NivelExibicao,MAX($AD$15:OFFSET(AD481,-1,0))+IF($C481<>1,1,MAX(1,COUNTIF(QCI!$A$13:$A$41,OFFSET($E481,-1,0)))),\"\")","v":""},{"$f":"IF(AND($C481=\"S\",ORÇAMENTO.CodBarra<>\"\"),IF(ORÇAMENTO.Fonte=\"\",ORÇAMENTO.CodBarra,CONCATENATE(ORÇAMENTO.Fonte,\" \",ORÇAMENTO.CodBarra)))","v":"SINAPI 91936"},{"$f":"IF(ISERROR(INDIRECT(ORÇAMENTO.BancoRef)),\"(abra o arquivo 'Referência \"&Excel_BuiltIn_Database&\".xlsm)\",IF(OR($C481<>\"S\",ORÇAMENTO.CodBarra=\"\"),\"(Sem Código)\",IF(ISERROR(MATCH($AE481,INDIRECT(ORÇAMENTO.BancoRef),0)),\"(Código não identificado nas referências)\",MATCH($AE481,INDIRECT(ORÇAMENTO.BancoRef),0))))","v":3110},{"$f":"ROUND(IF(DESONERACAO=\"sim\",REFERENCIA.Desonerado,REFERENCIA.NaoDesonerado),2)","v":18.899999999999999},0.25,null,2,null,null,47.26,23.63]
["S",2,"S",0,{"$f":"IF($C482=1,OFFSET(E482,-1,0)+MAX(1,COUNTIF(QCI!$A$13:$A$41,OFFSET(ORÇAMENTO!E482,-1,0))),OFFSET(E482,-1,0))","v":19},2,0,0,5,0,{"$f":"IF(OR($C482=\"S\",$C482=0),0,MATCH(OFFSET($D482,0,$C482)+IF($C482<>1,1,COUNTIF(QCI!$A$13:$A$41,ORÇAMENTO!E482)),OFFSET($D482,1,$C482,ROW($C$744)-ROW($C482)),0))","v":0},"F","Serviço","Serviço","19.2.5.","SINAPI","92867","CAIXA RETANGULAR 4\" X 2\" ALTA (2,00 M DO PISO), METÁLICA, INSTALADA EM PAREDE - FORNECIMENTO E INSTALAÇÃO. AF_03/2023",{"$f":"REFERENCIA.Unidade","v":"UN"},{"$f":"OFFSET(CÁLCULO!H$15,ROW($T482)-ROW(T$15),0)","v":1},32.42,"BDI 1",{"$f":"IF($C482=\"S\",ROUND(IF(TIPOORCAMENTO=\"Proposto\",ORÇAMENTO.CustoUnitario*(1+$AH482),ORÇAMENTO.PrecoUnitarioLicitado),15-13*$AF$10),0)","v":40.53},{"$f":"IF($C482=\"S\",IF(Import.TipoArredondamento<>\"TransfereGOV\",VTOTAL1,SUM(OFFSET(CÁLCULO!$AA$15,ROW($X482)-ROW($X$15),1):OFFSET(CÁLCULO!$AL$15,ROW($X482)-ROW($X$15),-1))),IF($C482=0,0,ROUND(SomaAgrup,15-13*$AF$11)))","v":40.53},"RA","RA",{"$f":"IF($C482=\"S\",IF($Z482=\"CP\",$X482,IF($Z482=\"RA\",(($X482)*QCI!$AA$3),0)),SomaAgrup)","v":1.4433949600541536},0,{"$f":"IF($N482=\"\",\"\",IF(ORÇAMENTO.Descricao=\"\",\"DESCRIÇÃO\",IF(AND($C482=\"S\",ORÇAMENTO.Unidade=\"\"),\"UNIDADE\",IF($X482<0,\"VALOR NEGATIVO\",IF(OR(AND(TIPOORCAMENTO=\"Proposto\",$AG482<>\"\",$AG482>0,ORÇAMENTO.CustoUnitario>$AG482),AND(TIPOORCAMENTO=\"LICITADO\",ORÇAMENTO.PrecoUnitarioLicitado>$AN482)),\"ACIMA REF.\",\"\")))))","v":""},{"$f":"IF(C482<=CRONO.NivelExibicao,MAX($AD$15:OFFSET(AD482,-1,0))+IF($C482<>1,1,MAX(1,COUNTIF(QCI!$A$13:$A$41,OFFSET($E482,-1,0)))),\"\")","v":""},{"$f":"IF(AND($C482=\"S\",ORÇAMENTO.CodBarra<>\"\"),IF(ORÇAMENTO.Fonte=\"\",ORÇAMENTO.CodBarra,CONCATENATE(ORÇAMENTO.Fonte,\" \",ORÇAMENTO.CodBarra)))","v":"SINAPI 92867"},{"$f":"IF(ISERROR(INDIRECT(ORÇAMENTO.BancoRef)),\"(abra o arquivo 'Referência \"&Excel_BuiltIn_Database&\".xlsm)\",IF(OR($C482<>\"S\",ORÇAMENTO.CodBarra=\"\"),\"(Sem Código)\",IF(ISERROR(MATCH($AE482,INDIRECT(ORÇAMENTO.BancoRef),0)),\"(Código não identificado nas referências)\",MATCH($AE482,INDIRECT(ORÇAMENTO.BancoRef),0))))","v":3120},{"$f":"ROUND(IF(DESONERACAO=\"sim\",REFERENCIA.Desonerado,REFERENCIA.NaoDesonerado),2)","v":32.42},0.25,null,1,null,null,40.53,40.53]
["S",2,"S",0,{"$f":"IF($C483=1,OFFSET(E483,-1,0)+MAX(1,COUNTIF(QCI!$A$13:$A$41,OFFSET(ORÇAMENTO!E483,-1,0))),OFFSET(E483,-1,0))","v":19},2,0,0,6,0,{"$f":"IF(OR($C483=\"S\",$C483=0),0,MATCH(OFFSET($D483,0,$C483)+IF($C483<>1,1,COUNTIF(QCI!$A$13:$A$41,ORÇAMENTO!E483)),OFFSET($D483,1,$C483,ROW($C$744)-ROW($C483)),0))","v":0},"F","Serviço","Serviço","19.2.6.","SINAPI","91941","CAIXA DE LUZ \"4 X 2\" EM ACO ESMALTADA",{"$f":"REFERENCIA.Unidade","v":"UN"},{"$f":"OFFSET(CÁLCULO!H$15,ROW($T483)-ROW(T$15),0)","v":34},12.22,"BDI 1",{"$f":"IF($C483=\"S\",ROUND(IF(TIPOORCAMENTO=\"Proposto\",ORÇAMENTO.CustoUnitario*(1+$AH483),ORÇAMENTO.PrecoUnitarioLicitado),15-13*$AF$10),0)","v":15.28},{"$f":"IF($C483=\"S\",IF(Import.TipoArredondamento<>\"TransfereGOV\",VTOTAL1,SUM(OFFSET(CÁLCULO!$AA$15,ROW($X483)-ROW($X$15),1):OFFSET(CÁLCULO!$AL$15,ROW($X483)-ROW($X$15),-1))),IF($C483=0,0,ROUND(SomaAgrup,15-13*$AF$11)))","v":519.52},"RA","RA",{"$f":"IF($C483=\"S\",IF($Z483=\"CP\",$X483,IF($Z483=\"RA\",(($X483)*QCI!$AA$3),0)),SomaAgrup)","v":18.501666657965306},0,{"$f":"IF($N483=\"\",\"\",IF(ORÇAMENTO.Descricao=\"\",\"DESCRIÇÃO\",IF(AND($C483=\"S\",ORÇAMENTO.Unidade=\"\"),\"UNIDADE\",IF($X483<0,\"VALOR NEGATIVO\",IF(OR(AND(TIPOORCAMENTO=\"Proposto\",$AG483<>\"\",$AG483>0,ORÇAMENTO.CustoUnitario>$AG483),AND(TIPOORCAMENTO=\"LICITADO\",ORÇAMENTO.PrecoUnitarioLicitado>$AN483)),\"ACIMA REF.\",\"\")))))","v":""},{"$f":"IF(C483<=CRONO.NivelExibicao,MAX($AD$15:OFFSET(AD483,-1,0))+IF($C483<>1,1,MAX(1,COUNTIF(QCI!$A$13:$A$41,OFFSET($E483,-1,0)))),\"\")","v":""},{"$f":"IF(AND($C483=\"S\",ORÇAMENTO.CodBarra<>\"\"),IF(ORÇAMENTO.Fonte=\"\",ORÇAMENTO.CodBarra,CONCATENATE(ORÇAMENTO.Fonte,\" \",ORÇAMENTO.CodBarra)))","v":"SINAPI 91941"},{"$f":"IF(ISERROR(INDIRECT(ORÇAMENTO.BancoRef)),\"(abra o arquivo 'Referência \"&Excel_BuiltIn_Database&\".xlsm)\",IF(OR($C483<>\"S\",ORÇAMENTO.CodBarra=\"\"),\"(Sem Código)\",IF(ISERROR(MATCH($AE483,INDIRECT(ORÇAMENTO.BancoRef),0)),\"(Código não identificado nas referências)\",MATCH($AE483,INDIRECT(ORÇAMENTO.BancoRef),0))))","v":3114},{"$f":"ROUND(IF(DESONERACAO=\"sim\",REFERENCIA.Desonerado,REFERENCIA.NaoDesonerado),2)","v":12.22},0.25,null,34,null,null,519.52,15.28]
["S",2,"S",0,{"$f":"IF($C484=1,OFFSET(E484,-1,0)+MAX(1,COUNTIF(QCI!$A$13:$A$41,OFFSET(ORÇAMENTO!E484,-1,0))),OFFSET(E484,-1,0))","v":19},2,0,0,7,0,{"$f":"IF(OR($C484=\"S\",$C484=0),0,MATCH(OFFSET($D484,0,$C484)+IF($C484<>1,1,COUNTIF(QCI!$A$13:$A$41,ORÇAMENTO!E484)),OFFSET($D484,1,$C484,ROW($C$744)-ROW($C484)),0))","v":0},"F","Serviço","Serviço","19.2.7.","SINAPI","91899","CURVA 90 GRAUS PARA ELETRODUTO, PVC, ROSCÁVEL, DN 20 MM (1/2\"), PARA CIRCUITOS TERMINAIS, INSTALADA EM LAJE - FORNECIMENTO E INSTALAÇÃO. AF_03/2023",{"$f":"REFERENCIA.Unidade","v":"UN"},{"$f":"OFFSET(CÁLCULO!H$15,ROW($T484)-ROW(T$15),0)","v":1},10.53,"BDI 1",{"$f":"IF($C484=\"S\",ROUND(IF(TIPOORCAMENTO=\"Proposto\",ORÇAMENTO.CustoUnitario*(1+$AH484),ORÇAMENTO.PrecoUnitarioLicitado),15-13*$AF$10),0)","v":13.16},{"$f":"IF($C484=\"S\",IF(Import.TipoArredondamento<>\"TransfereGOV\",VTOTAL1,SUM(OFFSET(CÁLCULO!$AA$15,ROW($X484)-ROW($X$15),1):OFFSET(CÁLCULO!$AL$15,ROW($X484)-ROW($X$15),-1))),IF($C484=0,0,ROUND(SomaAgrup,15-13*$AF$11)))","v":13.16},"RA","RA",{"$f":"IF($C484=\"S\",IF($Z484=\"CP\",$X484,IF($Z484=\"RA\",(($X484)*QCI!$AA$3),0)),SomaAgrup)","v":0.46866710274642637},0,{"$f":"IF($N484=\"\",\"\",IF(ORÇAMENTO.Descricao=\"\",\"DESCRIÇÃO\",IF(AND($C484=\"S\",ORÇAMENTO.Unidade=\"\"),\"UNIDADE\",IF($X484<0,\"VALOR NEGATIVO\",IF(OR(AND(TIPOORCAMENTO=\"Proposto\",$AG484<>\"\",$AG484>0,ORÇAMENTO.CustoUnitario>$AG484),AND(TIPOORCAMENTO=\"LICITADO\",ORÇAMENTO.PrecoUnitarioLicitado>$AN484)),\"ACIMA REF.\",\"\")))))","v":""},{"$f":"IF(C484<=CRONO.NivelExibicao,MAX($AD$15:OFFSET(AD484,-1,0))+IF($C484<>1,1,MAX(1,COUNTIF(QCI!$A$13:$A$41,OFFSET($E484,-1,0)))),\"\")","v":""},{"$f":"IF(AND($C484=\"S\",ORÇAMENTO.CodBarra<>\"\"),IF(ORÇAMENTO.Fonte=\"\",ORÇAMENTO.CodBarra,CONCATENATE(ORÇAMENTO.Fonte,\" \",ORÇAMENTO.CodBarra)))","v":"SINAPI 91899"},{"$f":"IF(ISERROR(INDIRECT(ORÇAMENTO.BancoRef)),\"(abra o arquivo 'Referência \"&Excel_BuiltIn_Database&\".xlsm)\",IF(OR($C484<>\"S\",ORÇAMENTO.CodBarra=\"\"),\"(Sem Código)\",IF(ISERROR(MATCH($AE484,INDIRECT(ORÇAMENTO.BancoRef),0)),\"(Código não identificado nas referências)\",MATCH($AE484,INDIRECT(ORÇAMENTO.BancoRef),0))))","v":3048},{"$f":"ROUND(IF(DESONERACAO=\"sim\",REFERENCIA.Desonerado,REFERENCIA.NaoDesonerado),2)","v":10.53},0.25,null,1,null,null,13.16,13.16]
["S",2,"S",0,{"$f":"IF($C485=1,OFFSET(E485,-1,0)+MAX(1,COUNTIF(QCI!$A$13:$A$41,OFFSET(ORÇAMENTO!E485,-1,0))),OFFSET(E485,-1,0))","v":19},2,0,0,8,0,{"$f":"IF(OR($C485=\"S\",$C485=0),0,MATCH(OFFSET($D485,0,$C485)+IF($C485<>1,1,COUNTIF(QCI!$A$13:$A$41,ORÇAMENTO!E485)),OFFSET($D485,1,$C485,ROW($C$744)-ROW($C485)),0))","v":0},"F","Serviço","Serviço","19.2.8.","SINAPI","FNDE 150","CURVA 135 GRAUS PARA ELETRODUTO, PVC, ROSCÁVEL, DN 38 MM (1 1/2\"), PARA CIRCUITOS TERMINAIS, INSTALADA EM PAREDE - FORNECIMENTO E INSTALAÇÃO.","UM",{"$f":"OFFSET(CÁLCULO!H$15,ROW($T485)-ROW(T$15),0)","v":2},19.739999999999998,"BDI 1",{"$f":"IF($C485=\"S\",ROUND(IF(TIPOORCAMENTO=\"Proposto\",ORÇAMENTO.CustoUnitario*(1+$AH485),ORÇAMENTO.PrecoUnitarioLicitado),15-13*$AF$10),0)","v":24.68},{"$f":"IF($C485=\"S\",IF(Import.TipoArredondamento<>\"TransfereGOV\",VTOTAL1,SUM(OFFSET(CÁLCULO!$AA$15,ROW($X485)-ROW($X$15),1):OFFSET(CÁLCULO!$AL$15,ROW($X485)-ROW($X$15),-1))),IF($C485=0,0,ROUND(SomaAgrup,15-13*$AF$11)))","v":49.36},"RA","RA",{"$f":"IF($C485=\"S\",IF($Z485=\"CP\",$X485,IF($Z485=\"RA\",(($X485)*QCI!$AA$3),0)),SomaAgrup)","v":1.7578577653163834},0,{"$f":"IF($N485=\"\",\"\",IF(ORÇAMENTO.Descricao=\"\",\"DESCRIÇÃO\",IF(AND($C485=\"S\",ORÇAMENTO.Unidade=\"\"),\"UNIDADE\",IF($X485<0,\"VALOR NEGATIVO\",IF(OR(AND(TIPOORCAMENTO=\"Proposto\",$AG485<>\"\",$AG485>0,ORÇAMENTO.CustoUnitario>$AG485),AND(TIPOORCAMENTO=\"LICITADO\",ORÇAMENTO.PrecoUnitarioLicitado>$AN485)),\"ACIMA REF.\",\"\")))))","v":""},{"$f":"IF(C485<=CRONO.NivelExibicao,MAX($AD$15:OFFSET(AD485,-1,0))+IF($C485<>1,1,MAX(1,COUNTIF(QCI!$A$13:$A$41,OFFSET($E485,-1,0)))),\"\")","v":""},{"$f":"IF(AND($C485=\"S\",ORÇAMENTO.CodBarra<>\"\"),IF(ORÇAMENTO.Fonte=\"\",ORÇAMENTO.CodBarra,CONCATENATE(ORÇAMENTO.Fonte,\" \",ORÇAMENTO.CodBarra)))","v":"SINAPI FNDE 150"},{"$f":"IF(ISERROR(INDIRECT(ORÇAMENTO.BancoRef)),\"(abra o arquivo 'Referência \"&Excel_BuiltIn_Database&\".xlsm)\",IF(OR($C485<>\"S\",ORÇAMENTO.CodBarra=\"\"),\"(Sem Código)\",IF(ISERROR(MATCH($AE485,INDIRECT(ORÇAMENTO.BancoRef),0)),\"(Código não identificado nas referências)\",MATCH($AE485,INDIRECT(ORÇAMENTO.BancoRef),0))))","v":"(Código não identificado nas referências)"},{"$f":"ROUND(IF(DESONERACAO=\"sim\",REFERENCIA.Desonerado,REFERENCIA.NaoDesonerado),2)","v":0},0.25,null,2,null,null,49.36,24.68]
["S",2,"S",0,{"$f":"IF($C486=1,OFFSET(E486,-1,0)+MAX(1,COUNTIF(QCI!$A$13:$A$41,OFFSET(ORÇAMENTO!E486,-1,0))),OFFSET(E486,-1,0))","v":19},2,0,0,9,0,{"$f":"IF(OR($C486=\"S\",$C486=0),0,MATCH(OFFSET($D486,0,$C486)+IF($C486<>1,1,COUNTIF(QCI!$A$13:$A$41,ORÇAMENTO!E486)),OFFSET($D486,1,$C486,ROW($C$744)-ROW($C486)),0))","v":0},"F","Serviço","Serviço","19.2.9.","SINAPI","91878","LUVA PARA ELETRODUTO, PVC, ROSCÁVEL, DN 20 MM (1/2\"), PARA CIRCUITOS TERMINAIS, INSTALADA EM LAJE - FORNECIMENTO E INSTALAÇÃO. AF_03/2023",{"$f":"REFERENCIA.Unidade","v":"UN"},{"$f":"OFFSET(CÁLCULO!H$15,ROW($T486)-ROW(T$15),0)","v":4},5.92,"BDI 1",{"$f":"IF($C486=\"S\",ROUND(IF(TIPOORCAMENTO=\"Proposto\",ORÇAMENTO.CustoUnitario*(1+$AH486),ORÇAMENTO.PrecoUnitarioLicitado),15-13*$AF$10),0)","v":7.4},{"$f":"IF($C486=\"S\",IF(Import.TipoArredondamento<>\"TransfereGOV\",VTOTAL1,SUM(OFFSET(CÁLCULO!$AA$15,ROW($X486)-ROW($X$15),1):OFFSET(CÁLCULO!$AL$15,ROW($X486)-ROW($X$15),-1))),IF($C486=0,0,ROUND(SomaAgrup,15-13*$AF$11)))","v":29.6},"RA","RA",{"$f":"IF($C486=\"S\",IF($Z486=\"CP\",$X486,IF($Z486=\"RA\",(($X486)*QCI!$AA$3),0)),SomaAgrup)","v":1.0541448511621749},0,{"$f":"IF($N486=\"\",\"\",IF(ORÇAMENTO.Descricao=\"\",\"DESCRIÇÃO\",IF(AND($C486=\"S\",ORÇAMENTO.Unidade=\"\"),\"UNIDADE\",IF($X486<0,\"VALOR NEGATIVO\",IF(OR(AND(TIPOORCAMENTO=\"Proposto\",$AG486<>\"\",$AG486>0,ORÇAMENTO.CustoUnitario>$AG486),AND(TIPOORCAMENTO=\"LICITADO\",ORÇAMENTO.PrecoUnitarioLicitado>$AN486)),\"ACIMA REF.\",\"\")))))","v":""},{"$f":"IF(C486<=CRONO.NivelExibicao,MAX($AD$15:OFFSET(AD486,-1,0))+IF($C486<>1,1,MAX(1,COUNTIF(QCI!$A$13:$A$41,OFFSET($E486,-1,0)))),\"\")","v":""},{"$f":"IF(AND($C486=\"S\",ORÇAMENTO.CodBarra<>\"\"),IF(ORÇAMENTO.Fonte=\"\",ORÇAMENTO.CodBarra,CONCATENATE(ORÇAMENTO.Fonte,\" \",ORÇAMENTO.CodBarra)))","v":"SINAPI 91878"},{"$f":"IF(ISERROR(INDIRECT(ORÇAMENTO.BancoRef)),\"(abra o arquivo 'Referência \"&Excel_BuiltIn_Database&\".xlsm)\",IF(OR($C486<>\"S\",ORÇAMENTO.CodBarra=\"\"),\"(Sem Código)\",IF(ISERROR(MATCH($AE486,INDIRECT(ORÇAMENTO.BancoRef),0)),\"(Código não identificado nas referências)\",MATCH($AE486,INDIRECT(ORÇAMENTO.BancoRef),0))))","v":3032},{"$f":"ROUND(IF(DESONERACAO=\"sim\",REFERENCIA.Desonerado,REFERENCIA.NaoDesonerado),2)","v":5.92},0.25,null,4,null,null,29.6,7.4]
["S",2,"S",0,{"$f":"IF($C487=1,OFFSET(E487,-1,0)+MAX(1,COUNTIF(QCI!$A$13:$A$41,OFFSET(ORÇAMENTO!E487,-1,0))),OFFSET(E487,-1,0))","v":19},2,0,0,10,0,{"$f":"IF(OR($C487=\"S\",$C487=0),0,MATCH(OFFSET($D487,0,$C487)+IF($C487<>1,1,COUNTIF(QCI!$A$13:$A$41,ORÇAMENTO!E487)),OFFSET($D487,1,$C487,ROW($C$744)-ROW($C487)),0))","v":0},"F","Serviço","Serviço","19.2.10.","SINAPI","93013","LUVA PARA ELETRODUTO, PVC, ROSCÁVEL, DN 50 MM (1 1/2\"), PARA REDE ENTERRADA DE DISTRIBUIÇÃO DE ENERGIA ELÉTRICA - FORNECIMENTO E INSTALAÇÃO. AF_12/2021",{"$f":"REFERENCIA.Unidade","v":"UN"},{"$f":"OFFSET(CÁLCULO!H$15,ROW($T487)-ROW(T$15),0)","v":4},16.18,"BDI 1",{"$f":"IF($C487=\"S\",ROUND(IF(TIPOORCAMENTO=\"Proposto\",ORÇAMENTO.CustoUnitario*(1+$AH487),ORÇAMENTO.PrecoUnitarioLicitado),15-13*$AF$10),0)","v":20.23},{"$f":"IF($C487=\"S\",IF(Import.TipoArredondamento<>\"TransfereGOV\",VTOTAL1,SUM(OFFSET(CÁLCULO!$AA$15,ROW($X487)-ROW($X$15),1):OFFSET(CÁLCULO!$AL$15,ROW($X487)-ROW($X$15),-1))),IF($C487=0,0,ROUND(SomaAgrup,15-13*$AF$11)))","v":80.92},"RA","RA",{"$f":"IF($C487=\"S\",IF($Z487=\"CP\",$X487,IF($Z487=\"RA\",(($X487)*QCI!$AA$3),0)),SomaAgrup)","v":2.8818040998663239},0,{"$f":"IF($N487=\"\",\"\",IF(ORÇAMENTO.Descricao=\"\",\"DESCRIÇÃO\",IF(AND($C487=\"S\",ORÇAMENTO.Unidade=\"\"),\"UNIDADE\",IF($X487<0,\"VALOR NEGATIVO\",IF(OR(AND(TIPOORCAMENTO=\"Proposto\",$AG487<>\"\",$AG487>0,ORÇAMENTO.CustoUnitario>$AG487),AND(TIPOORCAMENTO=\"LICITADO\",ORÇAMENTO.PrecoUnitarioLicitado>$AN487)),\"ACIMA REF.\",\"\")))))","v":""},{"$f":"IF(C487<=CRONO.NivelExibicao,MAX($AD$15:OFFSET(AD487,-1,0))+IF($C487<>1,1,MAX(1,COUNTIF(QCI!$A$13:$A$41,OFFSET($E487,-1,0)))),\"\")","v":""},{"$f":"IF(AND($C487=\"S\",ORÇAMENTO.CodBarra<>\"\"),IF(ORÇAMENTO.Fonte=\"\",ORÇAMENTO.CodBarra,CONCATENATE(ORÇAMENTO.Fonte,\" \",ORÇAMENTO.CodBarra)))","v":"SINAPI 93013"},{"$f":"IF(ISERROR(INDIRECT(ORÇAMENTO.BancoRef)),\"(abra o arquivo 'Referência \"&Excel_BuiltIn_Database&\".xlsm)\",IF(OR($C487<>\"S\",ORÇAMENTO.CodBarra=\"\"),\"(Sem Código)\",IF(ISERROR(MATCH($AE487,INDIRECT(ORÇAMENTO.BancoRef),0)),\"(Código não identificado nas referências)\",MATCH($AE487,INDIRECT(ORÇAMENTO.BancoRef),0))))","v":3064},{"$f":"ROUND(IF(DESONERACAO=\"sim\",REFERENCIA.Desonerado,REFERENCIA.NaoDesonerado),2)","v":16.18},0.25,null,4,null,null,80.92,20.23]
[2,2,2,18,{"$f":"IF($C488=1,OFFSET(E488,-1,0)+MAX(1,COUNTIF(QCI!$A$13:$A$41,OFFSET(ORÇAMENTO!E488,-1,0))),OFFSET(E488,-1,0))","v":19},3,0,0,0,114,{"$f":"IF(OR($C488=\"S\",$C488=0),0,MATCH(OFFSET($D488,0,$C488)+IF($C488<>1,1,COUNTIF(QCI!$A$13:$A$41,ORÇAMENTO!E488)),OFFSET($D488,1,$C488,ROW($C$744)-ROW($C488)),0))","v":18},"F","Nível 2","Nível 2","19.3.","SINAPI",null,"Acessórios geral",{"$f":"REFERENCIA.Unidade","v":"-"},{"$f":"OFFSET(CÁLCULO!H$15,ROW($T488)-ROW(T$15),0)","v":0},null,"BDI 1",{"$f":"IF($C488=\"S\",ROUND(IF(TIPOORCAMENTO=\"Proposto\",ORÇAMENTO.CustoUnitario*(1+$AH488),ORÇAMENTO.PrecoUnitarioLicitado),15-13*$AF$10),0)","v":0},{"$f":"IF($C488=\"S\",IF(Import.TipoArredondamento<>\"TransfereGOV\",VTOTAL1,SUM(OFFSET(CÁLCULO!$AA$15,ROW($X488)-ROW($X$15),1):OFFSET(CÁLCULO!$AL$15,ROW($X488)-ROW($X$15),-1))),IF($C488=0,0,ROUND(SomaAgrup,15-13*$AF$11)))","v":16761.8},"RA","",{"$f":"IF($C488=\"S\",IF($Z488=\"CP\",$X488,IF($Z488=\"RA\",(($X488)*QCI!$AA$3),0)),SomaAgrup)","v":596.93801237196431},0,{"$f":"IF($N488=\"\",\"\",IF(ORÇAMENTO.Descricao=\"\",\"DESCRIÇÃO\",IF(AND($C488=\"S\",ORÇAMENTO.Unidade=\"\"),\"UNIDADE\",IF($X488<0,\"VALOR NEGATIVO\",IF(OR(AND(TIPOORCAMENTO=\"Proposto\",$AG488<>\"\",$AG488>0,ORÇAMENTO.CustoUnitario>$AG488),AND(TIPOORCAMENTO=\"LICITADO\",ORÇAMENTO.PrecoUnitarioLicitado>$AN488)),\"ACIMA REF.\",\"\")))))","v":""},{"$f":"IF(C488<=CRONO.NivelExibicao,MAX($AD$15:OFFSET(AD488,-1,0))+IF($C488<>1,1,MAX(1,COUNTIF(QCI!$A$13:$A$41,OFFSET($E488,-1,0)))),\"\")","v":66},{"$f":"IF(AND($C488=\"S\",ORÇAMENTO.CodBarra<>\"\"),IF(ORÇAMENTO.Fonte=\"\",ORÇAMENTO.CodBarra,CONCATENATE(ORÇAMENTO.Fonte,\" \",ORÇAMENTO.CodBarra)))","v":false},{"$f":"IF(ISERROR(INDIRECT(ORÇAMENTO.BancoRef)),\"(abra o arquivo 'Referência \"&Excel_BuiltIn_Database&\".xlsm)\",IF(OR($C488<>\"S\",ORÇAMENTO.CodBarra=\"\"),\"(Sem Código)\",IF(ISERROR(MATCH($AE488,INDIRECT(ORÇAMENTO.BancoRef),0)),\"(Código não identificado nas referências)\",MATCH($AE488,INDIRECT(ORÇAMENTO.BancoRef),0))))","v":"(Sem Código)"},{"$f":"ROUND(IF(DESONERACAO=\"sim\",REFERENCIA.Desonerado,REFERENCIA.NaoDesonerado),2)","v":0},0.25,null,null,null,null,16761.8,0]
["S",2,"S",0,{"$f":"IF($C489=1,OFFSET(E489,-1,0)+MAX(1,COUNTIF(QCI!$A$13:$A$41,OFFSET(ORÇAMENTO!E489,-1,0))),OFFSET(E489,-1,0))","v":19},3,0,0,1,0,{"$f":"IF(OR($C489=\"S\",$C489=0),0,MATCH(OFFSET($D489,0,$C489)+IF($C489<>1,1,COUNTIF(QCI!$A$13:$A$41,ORÇAMENTO!E489)),OFFSET($D489,1,$C489,ROW($C$744)-ROW($C489)),0))","v":0},"F","Serviço","Serviço","19.3.1.","SINAPI","FNDE 353","ARRUELA EM ALUMINIO","UN",{"$f":"OFFSET(CÁLCULO!H$15,ROW($T489)-ROW(T$15),0)","v":1809},1.98,"BDI 1",{"$f":"IF($C489=\"S\",ROUND(IF(TIPOORCAMENTO=\"Proposto\",ORÇAMENTO.CustoUnitario*(1+$AH489),ORÇAMENTO.PrecoUnitarioLicitado),15-13*$AF$10),0)","v":2.48},{"$f":"IF($C489=\"S\",IF(Import.TipoArredondamento<>\"TransfereGOV\",VTOTAL1,SUM(OFFSET(CÁLCULO!$AA$15,ROW($X489)-ROW($X$15),1):OFFSET(CÁLCULO!$AL$15,ROW($X489)-ROW($X$15),-1))),IF($C489=0,0,ROUND(SomaAgrup,15-13*$AF$11)))","v":4486.32},"RA","RA",{"$f":"IF($C489=\"S\",IF($Z489=\"CP\",$X489,IF($Z489=\"RA\",(($X489)*QCI!$AA$3),0)),SomaAgrup)","v":159.7713219143881},0,{"$f":"IF($N489=\"\",\"\",IF(ORÇAMENTO.Descricao=\"\",\"DESCRIÇÃO\",IF(AND($C489=\"S\",ORÇAMENTO.Unidade=\"\"),\"UNIDADE\",IF($X489<0,\"VALOR NEGATIVO\",IF(OR(AND(TIPOORCAMENTO=\"Proposto\",$AG489<>\"\",$AG489>0,ORÇAMENTO.CustoUnitario>$AG489),AND(TIPOORCAMENTO=\"LICITADO\",ORÇAMENTO.PrecoUnitarioLicitado>$AN489)),\"ACIMA REF.\",\"\")))))","v":""},{"$f":"IF(C489<=CRONO.NivelExibicao,MAX($AD$15:OFFSET(AD489,-1,0))+IF($C489<>1,1,MAX(1,COUNTIF(QCI!$A$13:$A$41,OFFSET($E489,-1,0)))),\"\")","v":""},{"$f":"IF(AND($C489=\"S\",ORÇAMENTO.CodBarra<>\"\"),IF(ORÇAMENTO.Fonte=\"\",ORÇAMENTO.CodBarra,CONCATENATE(ORÇAMENTO.Fonte,\" \",ORÇAMENTO.CodBarra)))","v":"SINAPI FNDE 353"},{"$f":"IF(ISERROR(INDIRECT(ORÇAMENTO.BancoRef)),\"(abra o arquivo 'Referência \"&Excel_BuiltIn_Database&\".xlsm)\",IF(OR($C489<>\"S\",ORÇAMENTO.CodBarra=\"\"),\"(Sem Código)\",IF(ISERROR(MATCH($AE489,INDIRECT(ORÇAMENTO.BancoRef),0)),\"(Código não identificado nas referências)\",MATCH($AE489,INDIRECT(ORÇAMENTO.BancoRef),0))))","v":"(Código não identificado nas referências)"},{"$f":"ROUND(IF(DESONERACAO=\"sim\",REFERENCIA.Desonerado,REFERENCIA.NaoDesonerado),2)","v":0},0.25,null,1809,null,null,4486.32,2.48]
["S",2,"S",0,{"$f":"IF($C490=1,OFFSET(E490,-1,0)+MAX(1,COUNTIF(QCI!$A$13:$A$41,OFFSET(ORÇAMENTO!E490,-1,0))),OFFSET(E490,-1,0))","v":19},3,0,0,2,0,{"$f":"IF(OR($C490=\"S\",$C490=0),0,MATCH(OFFSET($D490,0,$C490)+IF($C490<>1,1,COUNTIF(QCI!$A$13:$A$41,ORÇAMENTO!E490)),OFFSET($D490,1,$C490,ROW($C$744)-ROW($C490)),0))","v":0},"F","Serviço","Serviço","19.3.2.","SINAPI","FNDE 354","BUCHA DE NYLON","UN",{"$f":"OFFSET(CÁLCULO!H$15,ROW($T490)-ROW(T$15),0)","v":27},1.32,"BDI 1",{"$f":"IF($C490=\"S\",ROUND(IF(TIPOORCAMENTO=\"Proposto\",ORÇAMENTO.CustoUnitario*(1+$AH490),ORÇAMENTO.PrecoUnitarioLicitado),15-13*$AF$10),0)","v":1.65},{"$f":"IF($C490=\"S\",IF(Import.TipoArredondamento<>\"TransfereGOV\",VTOTAL1,SUM(OFFSET(CÁLCULO!$AA$15,ROW($X490)-ROW($X$15),1):OFFSET(CÁLCULO!$AL$15,ROW($X490)-ROW($X$15),-1))),IF($C490=0,0,ROUND(SomaAgrup,15-13*$AF$11)))","v":44.55},"RA","RA",{"$f":"IF($C490=\"S\",IF($Z490=\"CP\",$X490,IF($Z490=\"RA\",(($X490)*QCI!$AA$3),0)),SomaAgrup)","v":1.5865592270025299},0,{"$f":"IF($N490=\"\",\"\",IF(ORÇAMENTO.Descricao=\"\",\"DESCRIÇÃO\",IF(AND($C490=\"S\",ORÇAMENTO.Unidade=\"\"),\"UNIDADE\",IF($X490<0,\"VALOR NEGATIVO\",IF(OR(AND(TIPOORCAMENTO=\"Proposto\",$AG490<>\"\",$AG490>0,ORÇAMENTO.CustoUnitario>$AG490),AND(TIPOORCAMENTO=\"LICITADO\",ORÇAMENTO.PrecoUnitarioLicitado>$AN490)),\"ACIMA REF.\",\"\")))))","v":""},{"$f":"IF(C490<=CRONO.NivelExibicao,MAX($AD$15:OFFSET(AD490,-1,0))+IF($C490<>1,1,MAX(1,COUNTIF(QCI!$A$13:$A$41,OFFSET($E490,-1,0)))),\"\")","v":""},{"$f":"IF(AND($C490=\"S\",ORÇAMENTO.CodBarra<>\"\"),IF(ORÇAMENTO.Fonte=\"\",ORÇAMENTO.CodBarra,CONCATENATE(ORÇAMENTO.Fonte,\" \",ORÇAMENTO.CodBarra)))","v":"SINAPI FNDE 354"},{"$f":"IF(ISERROR(INDIRECT(ORÇAMENTO.BancoRef)),\"(abra o arquivo 'Referência \"&Excel_BuiltIn_Database&\".xlsm)\",IF(OR($C490<>\"S\",ORÇAMENTO.CodBarra=\"\"),\"(Sem Código)\",IF(ISERROR(MATCH($AE490,INDIRECT(ORÇAMENTO.BancoRef),0)),\"(Código não identificado nas referências)\",MATCH($AE490,INDIRECT(ORÇAMENTO.BancoRef),0))))","v":"(Código não identificado nas referências)"},{"$f":"ROUND(IF(DESONERACAO=\"sim\",REFERENCIA.Desonerado,REFERENCIA.NaoDesonerado),2)","v":0},0.25,null,27,null,null,44.55,1.65]
["S",2,"S",0,{"$f":"IF($C491=1,OFFSET(E491,-1,0)+MAX(1,COUNTIF(QCI!$A$13:$A$41,OFFSET(ORÇAMENTO!E491,-1,0))),OFFSET(E491,-1,0))","v":19},3,0,0,3,0,{"$f":"IF(OR($C491=\"S\",$C491=0),0,MATCH(OFFSET($D491,0,$C491)+IF($C491<>1,1,COUNTIF(QCI!$A$13:$A$41,ORÇAMENTO!E491)),OFFSET($D491,1,$C491,ROW($C$744)-ROW($C491)),0))","v":0},"F","Serviço","Serviço","19.3.3.","SINAPI","FNDE 355","PARAFUSO DE ACO ZINCADO COM ROSCA SOBERBA, CABECA CHATA E FENDA SIMPLES, DIAMETRO 4,2 MM, COMPRIMENTO * 32 * MM","UN",{"$f":"OFFSET(CÁLCULO!H$15,ROW($T491)-ROW(T$15),0)","v":1136},0.74,"BDI 1",{"$f":"IF($C491=\"S\",ROUND(IF(TIPOORCAMENTO=\"Proposto\",ORÇAMENTO.CustoUnitario*(1+$AH491),ORÇAMENTO.PrecoUnitarioLicitado),15-13*$AF$10),0)","v":0.93},{"$f":"IF($C491=\"S\",IF(Import.TipoArredondamento<>\"TransfereGOV\",VTOTAL1,SUM(OFFSET(CÁLCULO!$AA$15,ROW($X491)-ROW($X$15),1):OFFSET(CÁLCULO!$AL$15,ROW($X491)-ROW($X$15),-1))),IF($C491=0,0,ROUND(SomaAgrup,15-13*$AF$11)))","v":1056.48},"RA","RA",{"$f":"IF($C491=\"S\",IF($Z491=\"CP\",$X491,IF($Z491=\"RA\",(($X491)*QCI!$AA$3),0)),SomaAgrup)","v":37.624424066074816},0,{"$f":"IF($N491=\"\",\"\",IF(ORÇAMENTO.Descricao=\"\",\"DESCRIÇÃO\",IF(AND($C491=\"S\",ORÇAMENTO.Unidade=\"\"),\"UNIDADE\",IF($X491<0,\"VALOR NEGATIVO\",IF(OR(AND(TIPOORCAMENTO=\"Proposto\",$AG491<>\"\",$AG491>0,ORÇAMENTO.CustoUnitario>$AG491),AND(TIPOORCAMENTO=\"LICITADO\",ORÇAMENTO.PrecoUnitarioLicitado>$AN491)),\"ACIMA REF.\",\"\")))))","v":""},{"$f":"IF(C491<=CRONO.NivelExibicao,MAX($AD$15:OFFSET(AD491,-1,0))+IF($C491<>1,1,MAX(1,COUNTIF(QCI!$A$13:$A$41,OFFSET($E491,-1,0)))),\"\")","v":""},{"$f":"IF(AND($C491=\"S\",ORÇAMENTO.CodBarra<>\"\"),IF(ORÇAMENTO.Fonte=\"\",ORÇAMENTO.CodBarra,CONCATENATE(ORÇAMENTO.Fonte,\" \",ORÇAMENTO.CodBarra)))","v":"SINAPI FNDE 355"},{"$f":"IF(ISERROR(INDIRECT(ORÇAMENTO.BancoRef)),\"(abra o arquivo 'Referência \"&Excel_BuiltIn_Database&\".xlsm)\",IF(OR($C491<>\"S\",ORÇAMENTO.CodBarra=\"\"),\"(Sem Código)\",IF(ISERROR(MATCH($AE491,INDIRECT(ORÇAMENTO.BancoRef),0)),\"(Código não identificado nas referências)\",MATCH($AE491,INDIRECT(ORÇAMENTO.BancoRef),0))))","v":"(Código não identificado nas referências)"},{"$f":"ROUND(IF(DESONERACAO=\"sim\",REFERENCIA.Desonerado,REFERENCIA.NaoDesonerado),2)","v":0},0.25,null,1136,null,null,1056.48,0.93]
["S",2,"S",0,{"$f":"IF($C492=1,OFFSET(E492,-1,0)+MAX(1,COUNTIF(QCI!$A$13:$A$41,OFFSET(ORÇAMENTO!E492,-1,0))),OFFSET(E492,-1,0))","v":19},3,0,0,4,0,{"$f":"IF(OR($C492=\"S\",$C492=0),0,MATCH(OFFSET($D492,0,$C492)+IF($C492<>1,1,COUNTIF(QCI!$A$13:$A$41,ORÇAMENTO!E492)),OFFSET($D492,1,$C492,ROW($C$744)-ROW($C492)),0))","v":0},"F","Serviço","Serviço","19.3.4.","SINAPI","FNDE 356","PORCA ZINCADA, SEXTAVADA, DIAMETRO 1/4\"","UN",{"$f":"OFFSET(CÁLCULO!H$15,ROW($T492)-ROW(T$15),0)","v":1516},0.85,"BDI 1",{"$f":"IF($C492=\"S\",ROUND(IF(TIPOORCAMENTO=\"Proposto\",ORÇAMENTO.CustoUnitario*(1+$AH492),ORÇAMENTO.PrecoUnitarioLicitado),15-13*$AF$10),0)","v":1.06},{"$f":"IF($C492=\"S\",IF(Import.TipoArredondamento<>\"TransfereGOV\",VTOTAL1,SUM(OFFSET(CÁLCULO!$AA$15,ROW($X492)-ROW($X$15),1):OFFSET(CÁLCULO!$AL$15,ROW($X492)-ROW($X$15),-1))),IF($C492=0,0,ROUND(SomaAgrup,15-13*$AF$11)))","v":1606.96},"RA","RA",{"$f":"IF($C492=\"S\",IF($Z492=\"CP\",$X492,IF($Z492=\"RA\",(($X492)*QCI!$AA$3),0)),SomaAgrup)","v":57.228669257552987},0,{"$f":"IF($N492=\"\",\"\",IF(ORÇAMENTO.Descricao=\"\",\"DESCRIÇÃO\",IF(AND($C492=\"S\",ORÇAMENTO.Unidade=\"\"),\"UNIDADE\",IF($X492<0,\"VALOR NEGATIVO\",IF(OR(AND(TIPOORCAMENTO=\"Proposto\",$AG492<>\"\",$AG492>0,ORÇAMENTO.CustoUnitario>$AG492),AND(TIPOORCAMENTO=\"LICITADO\",ORÇAMENTO.PrecoUnitarioLicitado>$AN492)),\"ACIMA REF.\",\"\")))))","v":""},{"$f":"IF(C492<=CRONO.NivelExibicao,MAX($AD$15:OFFSET(AD492,-1,0))+IF($C492<>1,1,MAX(1,COUNTIF(QCI!$A$13:$A$41,OFFSET($E492,-1,0)))),\"\")","v":""},{"$f":"IF(AND($C492=\"S\",ORÇAMENTO.CodBarra<>\"\"),IF(ORÇAMENTO.Fonte=\"\",ORÇAMENTO.CodBarra,CONCATENATE(ORÇAMENTO.Fonte,\" \",ORÇAMENTO.CodBarra)))","v":"SINAPI FNDE 356"},{"$f":"IF(ISERROR(INDIRECT(ORÇAMENTO.BancoRef)),\"(abra o arquivo 'Referência \"&Excel_BuiltIn_Database&\".xlsm)\",IF(OR($C492<>\"S\",ORÇAMENTO.CodBarra=\"\"),\"(Sem Código)\",IF(ISERROR(MATCH($AE492,INDIRECT(ORÇAMENTO.BancoRef),0)),\"(Código não identificado nas referências)\",MATCH($AE492,INDIRECT(ORÇAMENTO.BancoRef),0))))","v":"(Código não identificado nas referências)"},{"$f":"ROUND(IF(DESONERACAO=\"sim\",REFERENCIA.Desonerado,REFERENCIA.NaoDesonerado),2)","v":0},0.25,null,1516,null,null,1606.96,1.06]
["S",2,"S",0,{"$f":"IF($C493=1,OFFSET(E493,-1,0)+MAX(1,COUNTIF(QCI!$A$13:$A$41,OFFSET(ORÇAMENTO!E493,-1,0))),OFFSET(E493,-1,0))","v":19},3,0,0,5,0,{"$f":"IF(OR($C493=\"S\",$C493=0),0,MATCH(OFFSET($D493,0,$C493)+IF($C493<>1,1,COUNTIF(QCI!$A$13:$A$41,ORÇAMENTO!E493)),OFFSET($D493,1,$C493,ROW($C$744)-ROW($C493)),0))","v":0},"F","Serviço","Serviço","19.3.5.","SINAPI","90460","SUPORTE PARA 2 TUBOS HORIZONTAIS, ESPAÇADO A CADA 56 CM, EM PERFILADO COM COMPRIMENTO DE 25 CM FIXADO EM LAJE, POR METRO DE TUBULAÇÃO FIXADA. AF_09/2023",{"$f":"REFERENCIA.Unidade","v":"M"},{"$f":"OFFSET(CÁLCULO!H$15,ROW($T493)-ROW(T$15),0)","v":200},26.56,"BDI 1",{"$f":"IF($C493=\"S\",ROUND(IF(TIPOORCAMENTO=\"Proposto\",ORÇAMENTO.CustoUnitario*(1+$AH493),ORÇAMENTO.PrecoUnitarioLicitado),15-13*$AF$10),0)","v":33.200000000000003},{"$f":"IF($C493=\"S\",IF(Import.TipoArredondamento<>\"TransfereGOV\",VTOTAL1,SUM(OFFSET(CÁLCULO!$AA$15,ROW($X493)-ROW($X$15),1):OFFSET(CÁLCULO!$AL$15,ROW($X493)-ROW($X$15),-1))),IF($C493=0,0,ROUND(SomaAgrup,15-13*$AF$11)))","v":6640},"RA","RA",{"$f":"IF($C493=\"S\",IF($Z493=\"CP\",$X493,IF($Z493=\"RA\",(($X493)*QCI!$AA$3),0)),SomaAgrup)","v":236.47033147692031},0,{"$f":"IF($N493=\"\",\"\",IF(ORÇAMENTO.Descricao=\"\",\"DESCRIÇÃO\",IF(AND($C493=\"S\",ORÇAMENTO.Unidade=\"\"),\"UNIDADE\",IF($X493<0,\"VALOR NEGATIVO\",IF(OR(AND(TIPOORCAMENTO=\"Proposto\",$AG493<>\"\",$AG493>0,ORÇAMENTO.CustoUnitario>$AG493),AND(TIPOORCAMENTO=\"LICITADO\",ORÇAMENTO.PrecoUnitarioLicitado>$AN493)),\"ACIMA REF.\",\"\")))))","v":""},{"$f":"IF(C493<=CRONO.NivelExibicao,MAX($AD$15:OFFSET(AD493,-1,0))+IF($C493<>1,1,MAX(1,COUNTIF(QCI!$A$13:$A$41,OFFSET($E493,-1,0)))),\"\")","v":""},{"$f":"IF(AND($C493=\"S\",ORÇAMENTO.CodBarra<>\"\"),IF(ORÇAMENTO.Fonte=\"\",ORÇAMENTO.CodBarra,CONCATENATE(ORÇAMENTO.Fonte,\" \",ORÇAMENTO.CodBarra)))","v":"SINAPI 90460"},{"$f":"IF(ISERROR(INDIRECT(ORÇAMENTO.BancoRef)),\"(abra o arquivo 'Referência \"&Excel_BuiltIn_Database&\".xlsm)\",IF(OR($C493<>\"S\",ORÇAMENTO.CodBarra=\"\"),\"(Sem Código)\",IF(ISERROR(MATCH($AE493,INDIRECT(ORÇAMENTO.BancoRef),0)),\"(Código não identificado nas referências)\",MATCH($AE493,INDIRECT(ORÇAMENTO.BancoRef),0))))","v":5614},{"$f":"ROUND(IF(DESONERACAO=\"sim\",REFERENCIA.Desonerado,REFERENCIA.NaoDesonerado),2)","v":26.56},0.25,null,200,null,null,6640,33.200000000000003]
["S",2,"S",0,{"$f":"IF($C494=1,OFFSET(E494,-1,0)+MAX(1,COUNTIF(QCI!$A$13:$A$41,OFFSET(ORÇAMENTO!E494,-1,0))),OFFSET(E494,-1,0))","v":19},3,0,0,6,0,{"$f":"IF(OR($C494=\"S\",$C494=0),0,MATCH(OFFSET($D494,0,$C494)+IF($C494<>1,1,COUNTIF(QCI!$A$13:$A$41,ORÇAMENTO!E494)),OFFSET($D494,1,$C494,ROW($C$744)-ROW($C494)),0))","v":0},"F","Serviço","Serviço","19.3.6.","SINAPI","FNDE 357","VERGALHAO ZINCADO ROSCA TOTAL, 1/4 \" (6,3 MM)","UM",{"$f":"OFFSET(CÁLCULO!H$15,ROW($T494)-ROW(T$15),0)","v":253},6.57,"BDI 1",{"$f":"IF($C494=\"S\",ROUND(IF(TIPOORCAMENTO=\"Proposto\",ORÇAMENTO.CustoUnitario*(1+$AH494),ORÇAMENTO.PrecoUnitarioLicitado),15-13*$AF$10),0)","v":8.2100000000000009},{"$f":"IF($C494=\"S\",IF(Import.TipoArredondamento<>\"TransfereGOV\",VTOTAL1,SUM(OFFSET(CÁLCULO!$AA$15,ROW($X494)-ROW($X$15),1):OFFSET(CÁLCULO!$AL$15,ROW($X494)-ROW($X$15),-1))),IF($C494=0,0,ROUND(SomaAgrup,15-13*$AF$11)))","v":2077.13},"RA","RA",{"$f":"IF($C494=\"S\",IF($Z494=\"CP\",$X494,IF($Z494=\"RA\",(($X494)*QCI!$AA$3),0)),SomaAgrup)","v":73.972834280219203},0,{"$f":"IF($N494=\"\",\"\",IF(ORÇAMENTO.Descricao=\"\",\"DESCRIÇÃO\",IF(AND($C494=\"S\",ORÇAMENTO.Unidade=\"\"),\"UNIDADE\",IF($X494<0,\"VALOR NEGATIVO\",IF(OR(AND(TIPOORCAMENTO=\"Proposto\",$AG494<>\"\",$AG494>0,ORÇAMENTO.CustoUnitario>$AG494),AND(TIPOORCAMENTO=\"LICITADO\",ORÇAMENTO.PrecoUnitarioLicitado>$AN494)),\"ACIMA REF.\",\"\")))))","v":""},{"$f":"IF(C494<=CRONO.NivelExibicao,MAX($AD$15:OFFSET(AD494,-1,0))+IF($C494<>1,1,MAX(1,COUNTIF(QCI!$A$13:$A$41,OFFSET($E494,-1,0)))),\"\")","v":""},{"$f":"IF(AND($C494=\"S\",ORÇAMENTO.CodBarra<>\"\"),IF(ORÇAMENTO.Fonte=\"\",ORÇAMENTO.CodBarra,CONCATENATE(ORÇAMENTO.Fonte,\" \",ORÇAMENTO.CodBarra)))","v":"SINAPI FNDE 357"},{"$f":"IF(ISERROR(INDIRECT(ORÇAMENTO.BancoRef)),\"(abra o arquivo 'Referência \"&Excel_BuiltIn_Database&\".xlsm)\",IF(OR($C494<>\"S\",ORÇAMENTO.CodBarra=\"\"),\"(Sem Código)\",IF(ISERROR(MATCH($AE494,INDIRECT(ORÇAMENTO.BancoRef),0)),\"(Código não identificado nas referências)\",MATCH($AE494,INDIRECT(ORÇAMENTO.BancoRef),0))))","v":"(Código não identificado nas referências)"},{"$f":"ROUND(IF(DESONERACAO=\"sim\",REFERENCIA.Desonerado,REFERENCIA.NaoDesonerado),2)","v":0},0.25,null,253,null,null,2077.13,8.2100000000000009]
["S",2,"S",0,{"$f":"IF($C495=1,OFFSET(E495,-1,0)+MAX(1,COUNTIF(QCI!$A$13:$A$41,OFFSET(ORÇAMENTO!E495,-1,0))),OFFSET(E495,-1,0))","v":19},3,0,0,7,0,{"$f":"IF(OR($C495=\"S\",$C495=0),0,MATCH(OFFSET($D495,0,$C495)+IF($C495<>1,1,COUNTIF(QCI!$A$13:$A$41,ORÇAMENTO!E495)),OFFSET($D495,1,$C495,ROW($C$744)-ROW($C495)),0))","v":0},"F","Serviço","Serviço","19.3.7.","SINAPI","101553","ALÇA PREFORMADA DE DISTRIBUIÇÃO, EM  AÇO GALVANIZADO, AWG 1 - FORNECIMENTO E INSTALAÇÃO. AF_07/2020",{"$f":"REFERENCIA.Unidade","v":"UN"},{"$f":"OFFSET(CÁLCULO!H$15,ROW($T495)-ROW(T$15),0)","v":1},15.25,"BDI 1",{"$f":"IF($C495=\"S\",ROUND(IF(TIPOORCAMENTO=\"Proposto\",ORÇAMENTO.CustoUnitario*(1+$AH495),ORÇAMENTO.PrecoUnitarioLicitado),15-13*$AF$10),0)","v":19.059999999999999},{"$f":"IF($C495=\"S\",IF(Import.TipoArredondamento<>\"TransfereGOV\",VTOTAL1,SUM(OFFSET(CÁLCULO!$AA$15,ROW($X495)-ROW($X$15),1):OFFSET(CÁLCULO!$AL$15,ROW($X495)-ROW($X$15),-1))),IF($C495=0,0,ROUND(SomaAgrup,15-13*$AF$11)))","v":19.059999999999999},"RA","RA",{"$f":"IF($C495=\"S\",IF($Z495=\"CP\",$X495,IF($Z495=\"RA\",(($X495)*QCI!$AA$3),0)),SomaAgrup)","v":0.67878381294429224},0,{"$f":"IF($N495=\"\",\"\",IF(ORÇAMENTO.Descricao=\"\",\"DESCRIÇÃO\",IF(AND($C495=\"S\",ORÇAMENTO.Unidade=\"\"),\"UNIDADE\",IF($X495<0,\"VALOR NEGATIVO\",IF(OR(AND(TIPOORCAMENTO=\"Proposto\",$AG495<>\"\",$AG495>0,ORÇAMENTO.CustoUnitario>$AG495),AND(TIPOORCAMENTO=\"LICITADO\",ORÇAMENTO.PrecoUnitarioLicitado>$AN495)),\"ACIMA REF.\",\"\")))))","v":""},{"$f":"IF(C495<=CRONO.NivelExibicao,MAX($AD$15:OFFSET(AD495,-1,0))+IF($C495<>1,1,MAX(1,COUNTIF(QCI!$A$13:$A$41,OFFSET($E495,-1,0)))),\"\")","v":""},{"$f":"IF(AND($C495=\"S\",ORÇAMENTO.CodBarra<>\"\"),IF(ORÇAMENTO.Fonte=\"\",ORÇAMENTO.CodBarra,CONCATENATE(ORÇAMENTO.Fonte,\" \",ORÇAMENTO.CodBarra)))","v":"SINAPI 101553"},{"$f":"IF(ISERROR(INDIRECT(ORÇAMENTO.BancoRef)),\"(abra o arquivo 'Referência \"&Excel_BuiltIn_Database&\".xlsm)\",IF(OR($C495<>\"S\",ORÇAMENTO.CodBarra=\"\"),\"(Sem Código)\",IF(ISERROR(MATCH($AE495,INDIRECT(ORÇAMENTO.BancoRef),0)),\"(Código não identificado nas referências)\",MATCH($AE495,INDIRECT(ORÇAMENTO.BancoRef),0))))","v":3394},{"$f":"ROUND(IF(DESONERACAO=\"sim\",REFERENCIA.Desonerado,REFERENCIA.NaoDesonerado),2)","v":15.25},0.25,null,1,null,null,19.059999999999999,19.059999999999999]
["S",2,"S",0,{"$f":"IF($C496=1,OFFSET(E496,-1,0)+MAX(1,COUNTIF(QCI!$A$13:$A$41,OFFSET(ORÇAMENTO!E496,-1,0))),OFFSET(E496,-1,0))","v":19},3,0,0,8,0,{"$f":"IF(OR($C496=\"S\",$C496=0),0,MATCH(OFFSET($D496,0,$C496)+IF($C496<>1,1,COUNTIF(QCI!$A$13:$A$41,ORÇAMENTO!E496)),OFFSET($D496,1,$C496,ROW($C$744)-ROW($C496)),0))","v":0},"F","Serviço","Serviço","19.3.8.","SINAPI","FNDE 358","ARMACAO VERTICAL COM HASTE E CONTRA-PINO, EM CHAPA DE ACO GALVANIZADO 3/16\", COM 1 ESTRIBO E 1 ISOLADOR","UM",{"$f":"OFFSET(CÁLCULO!H$15,ROW($T496)-ROW(T$15),0)","v":1},79.599999999999994,"BDI 1",{"$f":"IF($C496=\"S\",ROUND(IF(TIPOORCAMENTO=\"Proposto\",ORÇAMENTO.CustoUnitario*(1+$AH496),ORÇAMENTO.PrecoUnitarioLicitado),15-13*$AF$10),0)","v":99.5},{"$f":"IF($C496=\"S\",IF(Import.TipoArredondamento<>\"TransfereGOV\",VTOTAL1,SUM(OFFSET(CÁLCULO!$AA$15,ROW($X496)-ROW($X$15),1):OFFSET(CÁLCULO!$AL$15,ROW($X496)-ROW($X$15),-1))),IF($C496=0,0,ROUND(SomaAgrup,15-13*$AF$11)))","v":99.5},"RA","RA",{"$f":"IF($C496=\"S\",IF($Z496=\"CP\",$X496,IF($Z496=\"RA\",(($X496)*QCI!$AA$3),0)),SomaAgrup)","v":3.5434936719809595},0,{"$f":"IF($N496=\"\",\"\",IF(ORÇAMENTO.Descricao=\"\",\"DESCRIÇÃO\",IF(AND($C496=\"S\",ORÇAMENTO.Unidade=\"\"),\"UNIDADE\",IF($X496<0,\"VALOR NEGATIVO\",IF(OR(AND(TIPOORCAMENTO=\"Proposto\",$AG496<>\"\",$AG496>0,ORÇAMENTO.CustoUnitario>$AG496),AND(TIPOORCAMENTO=\"LICITADO\",ORÇAMENTO.PrecoUnitarioLicitado>$AN496)),\"ACIMA REF.\",\"\")))))","v":""},{"$f":"IF(C496<=CRONO.NivelExibicao,MAX($AD$15:OFFSET(AD496,-1,0))+IF($C496<>1,1,MAX(1,COUNTIF(QCI!$A$13:$A$41,OFFSET($E496,-1,0)))),\"\")","v":""},{"$f":"IF(AND($C496=\"S\",ORÇAMENTO.CodBarra<>\"\"),IF(ORÇAMENTO.Fonte=\"\",ORÇAMENTO.CodBarra,CONCATENATE(ORÇAMENTO.Fonte,\" \",ORÇAMENTO.CodBarra)))","v":"SINAPI FNDE 358"},{"$f":"IF(ISERROR(INDIRECT(ORÇAMENTO.BancoRef)),\"(abra o arquivo 'Referência \"&Excel_BuiltIn_Database&\".xlsm)\",IF(OR($C496<>\"S\",ORÇAMENTO.CodBarra=\"\"),\"(Sem Código)\",IF(ISERROR(MATCH($AE496,INDIRECT(ORÇAMENTO.BancoRef),0)),\"(Código não identificado nas referências)\",MATCH($AE496,INDIRECT(ORÇAMENTO.BancoRef),0))))","v":"(Código não identificado nas referências)"},{"$f":"ROUND(IF(DESONERACAO=\"sim\",REFERENCIA.Desonerado,REFERENCIA.NaoDesonerado),2)","v":0},0.25,null,1,null,null,99.5,99.5]
["S",2,"S",0,{"$f":"IF($C497=1,OFFSET(E497,-1,0)+MAX(1,COUNTIF(QCI!$A$13:$A$41,OFFSET(ORÇAMENTO!E497,-1,0))),OFFSET(E497,-1,0))","v":19},3,0,0,9,0,{"$f":"IF(OR($C497=\"S\",$C497=0),0,MATCH(OFFSET($D497,0,$C497)+IF($C497<>1,1,COUNTIF(QCI!$A$13:$A$41,ORÇAMENTO!E497)),OFFSET($D497,1,$C497,ROW($C$744)-ROW($C497)),0))","v":0},"F","Serviço","Serviço","19.3.9.","SINAPI","98306","BLOCO DE ENGATE RÁPIDO PARA BASTIDOR TIPO M10 - FORNECIMENTO E INSTALAÇÃO. AF_11/2019",{"$f":"REFERENCIA.Unidade","v":"UN"},{"$f":"OFFSET(CÁLCULO!H$15,ROW($T497)-ROW(T$15),0)","v":2},67.67,"BDI 1",{"$f":"IF($C497=\"S\",ROUND(IF(TIPOORCAMENTO=\"Proposto\",ORÇAMENTO.CustoUnitario*(1+$AH497),ORÇAMENTO.PrecoUnitarioLicitado),15-13*$AF$10),0)","v":84.59},{"$f":"IF($C497=\"S\",IF(Import.TipoArredondamento<>\"TransfereGOV\",VTOTAL1,SUM(OFFSET(CÁLCULO!$AA$15,ROW($X497)-ROW($X$15),1):OFFSET(CÁLCULO!$AL$15,ROW($X497)-ROW($X$15),-1))),IF($C497=0,0,ROUND(SomaAgrup,15-13*$AF$11)))","v":169.18},"RA","RA",{"$f":"IF($C497=\"S\",IF($Z497=\"CP\",$X497,IF($Z497=\"RA\",(($X497)*QCI!$AA$3),0)),SomaAgrup)","v":6.0250076324194843},0,{"$f":"IF($N497=\"\",\"\",IF(ORÇAMENTO.Descricao=\"\",\"DESCRIÇÃO\",IF(AND($C497=\"S\",ORÇAMENTO.Unidade=\"\"),\"UNIDADE\",IF($X497<0,\"VALOR NEGATIVO\",IF(OR(AND(TIPOORCAMENTO=\"Proposto\",$AG497<>\"\",$AG497>0,ORÇAMENTO.CustoUnitario>$AG497),AND(TIPOORCAMENTO=\"LICITADO\",ORÇAMENTO.PrecoUnitarioLicitado>$AN497)),\"ACIMA REF.\",\"\")))))","v":""},{"$f":"IF(C497<=CRONO.NivelExibicao,MAX($AD$15:OFFSET(AD497,-1,0))+IF($C497<>1,1,MAX(1,COUNTIF(QCI!$A$13:$A$41,OFFSET($E497,-1,0)))),\"\")","v":""},{"$f":"IF(AND($C497=\"S\",ORÇAMENTO.CodBarra<>\"\"),IF(ORÇAMENTO.Fonte=\"\",ORÇAMENTO.CodBarra,CONCATENATE(ORÇAMENTO.Fonte,\" \",ORÇAMENTO.CodBarra)))","v":"SINAPI 98306"},{"$f":"IF(ISERROR(INDIRECT(ORÇAMENTO.BancoRef)),\"(abra o arquivo 'Referência \"&Excel_BuiltIn_Database&\".xlsm)\",IF(OR($C497<>\"S\",ORÇAMENTO.CodBarra=\"\"),\"(Sem Código)\",IF(ISERROR(MATCH($AE497,INDIRECT(ORÇAMENTO.BancoRef),0)),\"(Código não identificado nas referências)\",MATCH($AE497,INDIRECT(ORÇAMENTO.BancoRef),0))))","v":3638},{"$f":"ROUND(IF(DESONERACAO=\"sim\",REFERENCIA.Desonerado,REFERENCIA.NaoDesonerado),2)","v":67.67},0.25,null,2,null,null,169.18,84.59]
["S",2,"S",0,{"$f":"IF($C498=1,OFFSET(E498,-1,0)+MAX(1,COUNTIF(QCI!$A$13:$A$41,OFFSET(ORÇAMENTO!E498,-1,0))),OFFSET(E498,-1,0))","v":19},3,0,0,10,0,{"$f":"IF(OR($C498=\"S\",$C498=0),0,MATCH(OFFSET($D498,0,$C498)+IF($C498<>1,1,COUNTIF(QCI!$A$13:$A$41,ORÇAMENTO!E498)),OFFSET($D498,1,$C498,ROW($C$744)-ROW($C498)),0))","v":0},"F","Serviço","Serviço","19.3.10.","SINAPI","FNDE 359","CABO DE COBRE NU 6 MM2 MEIO-DURO","M",{"$f":"OFFSET(CÁLCULO!H$15,ROW($T498)-ROW(T$15),0)","v":2.2000000000000002},13.03,"BDI 1",{"$f":"IF($C498=\"S\",ROUND(IF(TIPOORCAMENTO=\"Proposto\",ORÇAMENTO.CustoUnitario*(1+$AH498),ORÇAMENTO.PrecoUnitarioLicitado),15-13*$AF$10),0)","v":16.29},{"$f":"IF($C498=\"S\",IF(Import.TipoArredondamento<>\"TransfereGOV\",VTOTAL1,SUM(OFFSET(CÁLCULO!$AA$15,ROW($X498)-ROW($X$15),1):OFFSET(CÁLCULO!$AL$15,ROW($X498)-ROW($X$15),-1))),IF($C498=0,0,ROUND(SomaAgrup,15-13*$AF$11)))","v":35.840000000000003},"RA","RA",{"$f":"IF($C498=\"S\",IF($Z498=\"CP\",$X498,IF($Z498=\"RA\",(($X498)*QCI!$AA$3),0)),SomaAgrup)","v":1.2763699819477146},0,{"$f":"IF($N498=\"\",\"\",IF(ORÇAMENTO.Descricao=\"\",\"DESCRIÇÃO\",IF(AND($C498=\"S\",ORÇAMENTO.Unidade=\"\"),\"UNIDADE\",IF($X498<0,\"VALOR NEGATIVO\",IF(OR(AND(TIPOORCAMENTO=\"Proposto\",$AG498<>\"\",$AG498>0,ORÇAMENTO.CustoUnitario>$AG498),AND(TIPOORCAMENTO=\"LICITADO\",ORÇAMENTO.PrecoUnitarioLicitado>$AN498)),\"ACIMA REF.\",\"\")))))","v":""},{"$f":"IF(C498<=CRONO.NivelExibicao,MAX($AD$15:OFFSET(AD498,-1,0))+IF($C498<>1,1,MAX(1,COUNTIF(QCI!$A$13:$A$41,OFFSET($E498,-1,0)))),\"\")","v":""},{"$f":"IF(AND($C498=\"S\",ORÇAMENTO.CodBarra<>\"\"),IF(ORÇAMENTO.Fonte=\"\",ORÇAMENTO.CodBarra,CONCATENATE(ORÇAMENTO.Fonte,\" \",ORÇAMENTO.CodBarra)))","v":"SINAPI FNDE 359"},{"$f":"IF(ISERROR(INDIRECT(ORÇAMENTO.BancoRef)),\"(abra o arquivo 'Referência \"&Excel_BuiltIn_Database&\".xlsm)\",IF(OR($C498<>\"S\",ORÇAMENTO.CodBarra=\"\"),\"(Sem Código)\",IF(ISERROR(MATCH($AE498,INDIRECT(ORÇAMENTO.BancoRef),0)),\"(Código não identificado nas referências)\",MATCH($AE498,INDIRECT(ORÇAMENTO.BancoRef),0))))","v":"(Código não identificado nas referências)"},{"$f":"ROUND(IF(DESONERACAO=\"sim\",REFERENCIA.Desonerado,REFERENCIA.NaoDesonerado),2)","v":0},0.25,null,2.2000000000000002,null,null,35.840000000000003,16.29]
["S",2,"S",0,{"$f":"IF($C499=1,OFFSET(E499,-1,0)+MAX(1,COUNTIF(QCI!$A$13:$A$41,OFFSET(ORÇAMENTO!E499,-1,0))),OFFSET(E499,-1,0))","v":19},3,0,0,11,0,{"$f":"IF(OR($C499=\"S\",$C499=0),0,MATCH(OFFSET($D499,0,$C499)+IF($C499<>1,1,COUNTIF(QCI!$A$13:$A$41,ORÇAMENTO!E499)),OFFSET($D499,1,$C499,ROW($C$744)-ROW($C499)),0))","v":0},"F","Serviço","Serviço","19.3.11.","SINAPI","FNDE 360","CAIXA DE INSPECAO PARA ATERRAMENTO OU OUTRO USO, EM PVC, DN = 250 X 250 MM","UN",{"$f":"OFFSET(CÁLCULO!H$15,ROW($T499)-ROW(T$15),0)","v":1},56.42,"BDI 1",{"$f":"IF($C499=\"S\",ROUND(IF(TIPOORCAMENTO=\"Proposto\",ORÇAMENTO.CustoUnitario*(1+$AH499),ORÇAMENTO.PrecoUnitarioLicitado),15-13*$AF$10),0)","v":70.53},{"$f":"IF($C499=\"S\",IF(Import.TipoArredondamento<>\"TransfereGOV\",VTOTAL1,SUM(OFFSET(CÁLCULO!$AA$15,ROW($X499)-ROW($X$15),1):OFFSET(CÁLCULO!$AL$15,ROW($X499)-ROW($X$15),-1))),IF($C499=0,0,ROUND(SomaAgrup,15-13*$AF$11)))","v":70.53},"RA","RA",{"$f":"IF($C499=\"S\",IF($Z499=\"CP\",$X499,IF($Z499=\"RA\",(($X499)*QCI!$AA$3),0)),SomaAgrup)","v":2.5117850119077092},0,{"$f":"IF($N499=\"\",\"\",IF(ORÇAMENTO.Descricao=\"\",\"DESCRIÇÃO\",IF(AND($C499=\"S\",ORÇAMENTO.Unidade=\"\"),\"UNIDADE\",IF($X499<0,\"VALOR NEGATIVO\",IF(OR(AND(TIPOORCAMENTO=\"Proposto\",$AG499<>\"\",$AG499>0,ORÇAMENTO.CustoUnitario>$AG499),AND(TIPOORCAMENTO=\"LICITADO\",ORÇAMENTO.PrecoUnitarioLicitado>$AN499)),\"ACIMA REF.\",\"\")))))","v":""},{"$f":"IF(C499<=CRONO.NivelExibicao,MAX($AD$15:OFFSET(AD499,-1,0))+IF($C499<>1,1,MAX(1,COUNTIF(QCI!$A$13:$A$41,OFFSET($E499,-1,0)))),\"\")","v":""},{"$f":"IF(AND($C499=\"S\",ORÇAMENTO.CodBarra<>\"\"),IF(ORÇAMENTO.Fonte=\"\",ORÇAMENTO.CodBarra,CONCATENATE(ORÇAMENTO.Fonte,\" \",ORÇAMENTO.CodBarra)))","v":"SINAPI FNDE 360"},{"$f":"IF(ISERROR(INDIRECT(ORÇAMENTO.BancoRef)),\"(abra o arquivo 'Referência \"&Excel_BuiltIn_Database&\".xlsm)\",IF(OR($C499<>\"S\",ORÇAMENTO.CodBarra=\"\"),\"(Sem Código)\",IF(ISERROR(MATCH($AE499,INDIRECT(ORÇAMENTO.BancoRef),0)),\"(Código não identificado nas referências)\",MATCH($AE499,INDIRECT(ORÇAMENTO.BancoRef),0))))","v":"(Código não identificado nas referências)"},{"$f":"ROUND(IF(DESONERACAO=\"sim\",REFERENCIA.Desonerado,REFERENCIA.NaoDesonerado),2)","v":0},0.25,null,1,null,null,70.53,70.53]
["S",2,"S",0,{"$f":"IF($C500=1,OFFSET(E500,-1,0)+MAX(1,COUNTIF(QCI!$A$13:$A$41,OFFSET(ORÇAMENTO!E500,-1,0))),OFFSET(E500,-1,0))","v":19},3,0,0,12,0,{"$f":"IF(OR($C500=\"S\",$C500=0),0,MATCH(OFFSET($D500,0,$C500)+IF($C500<>1,1,COUNTIF(QCI!$A$13:$A$41,ORÇAMENTO!E500)),OFFSET($D500,1,$C500,ROW($C$744)-ROW($C500)),0))","v":0},"F","Serviço","Serviço","19.3.12.","SINAPI","FNDE 362","CHUMBADOR DE ACO TIPO PARABOLT, * 5/8\" X 200* MM, COM PORCA E ARRUELA","UN",{"$f":"OFFSET(CÁLCULO!H$15,ROW($T500)-ROW(T$15),0)","v":1},31.89,"BDI 1",{"$f":"IF($C500=\"S\",ROUND(IF(TIPOORCAMENTO=\"Proposto\",ORÇAMENTO.CustoUnitario*(1+$AH500),ORÇAMENTO.PrecoUnitarioLicitado),15-13*$AF$10),0)","v":39.86},{"$f":"IF($C500=\"S\",IF(Import.TipoArredondamento<>\"TransfereGOV\",VTOTAL1,SUM(OFFSET(CÁLCULO!$AA$15,ROW($X500)-ROW($X$15),1):OFFSET(CÁLCULO!$AL$15,ROW($X500)-ROW($X$15),-1))),IF($C500=0,0,ROUND(SomaAgrup,15-13*$AF$11)))","v":39.86},"RA","RA",{"$f":"IF($C500=\"S\",IF($Z500=\"CP\",$X500,IF($Z500=\"RA\",(($X500)*QCI!$AA$3),0)),SomaAgrup)","v":1.4195342488960909},0,{"$f":"IF($N500=\"\",\"\",IF(ORÇAMENTO.Descricao=\"\",\"DESCRIÇÃO\",IF(AND($C500=\"S\",ORÇAMENTO.Unidade=\"\"),\"UNIDADE\",IF($X500<0,\"VALOR NEGATIVO\",IF(OR(AND(TIPOORCAMENTO=\"Proposto\",$AG500<>\"\",$AG500>0,ORÇAMENTO.CustoUnitario>$AG500),AND(TIPOORCAMENTO=\"LICITADO\",ORÇAMENTO.PrecoUnitarioLicitado>$AN500)),\"ACIMA REF.\",\"\")))))","v":""},{"$f":"IF(C500<=CRONO.NivelExibicao,MAX($AD$15:OFFSET(AD500,-1,0))+IF($C500<>1,1,MAX(1,COUNTIF(QCI!$A$13:$A$41,OFFSET($E500,-1,0)))),\"\")","v":""},{"$f":"IF(AND($C500=\"S\",ORÇAMENTO.CodBarra<>\"\"),IF(ORÇAMENTO.Fonte=\"\",ORÇAMENTO.CodBarra,CONCATENATE(ORÇAMENTO.Fonte,\" \",ORÇAMENTO.CodBarra)))","v":"SINAPI FNDE 362"},{"$f":"IF(ISERROR(INDIRECT(ORÇAMENTO.BancoRef)),\"(abra o arquivo 'Referência \"&Excel_BuiltIn_Database&\".xlsm)\",IF(OR($C500<>\"S\",ORÇAMENTO.CodBarra=\"\"),\"(Sem Código)\",IF(ISERROR(MATCH($AE500,INDIRECT(ORÇAMENTO.BancoRef),0)),\"(Código não identificado nas referências)\",MATCH($AE500,INDIRECT(ORÇAMENTO.BancoRef),0))))","v":"(Código não identificado nas referências)"},{"$f":"ROUND(IF(DESONERACAO=\"sim\",REFERENCIA.Desonerado,REFERENCIA.NaoDesonerado),2)","v":0},0.25,null,1,null,null,39.86,39.86]
["S",2,"S",0,{"$f":"IF($C501=1,OFFSET(E501,-1,0)+MAX(1,COUNTIF(QCI!$A$13:$A$41,OFFSET(ORÇAMENTO!E501,-1,0))),OFFSET(E501,-1,0))","v":19},3,0,0,13,0,{"$f":"IF(OR($C501=\"S\",$C501=0),0,MATCH(OFFSET($D501,0,$C501)+IF($C501<>1,1,COUNTIF(QCI!$A$13:$A$41,ORÇAMENTO!E501)),OFFSET($D501,1,$C501,ROW($C$744)-ROW($C501)),0))","v":0},"F","Serviço","Serviço","19.3.13.","SINAPI","FNDE 361","CONECTOR DE ALUMINIO TIPO PRENSA CABO, BITOLA 3/8\", PARA CABOS DE DIAMETRO DE 9 A 10 MM","UM",{"$f":"OFFSET(CÁLCULO!H$15,ROW($T501)-ROW(T$15),0)","v":5},24.19,"BDI 1",{"$f":"IF($C501=\"S\",ROUND(IF(TIPOORCAMENTO=\"Proposto\",ORÇAMENTO.CustoUnitario*(1+$AH501),ORÇAMENTO.PrecoUnitarioLicitado),15-13*$AF$10),0)","v":30.24},{"$f":"IF($C501=\"S\",IF(Import.TipoArredondamento<>\"TransfereGOV\",VTOTAL1,SUM(OFFSET(CÁLCULO!$AA$15,ROW($X501)-ROW($X$15),1):OFFSET(CÁLCULO!$AL$15,ROW($X501)-ROW($X$15),-1))),IF($C501=0,0,ROUND(SomaAgrup,15-13*$AF$11)))","v":151.19999999999999},"RA","RA",{"$f":"IF($C501=\"S\",IF($Z501=\"CP\",$X501,IF($Z501=\"RA\",(($X501)*QCI!$AA$3),0)),SomaAgrup)","v":5.3846858613419197},0,{"$f":"IF($N501=\"\",\"\",IF(ORÇAMENTO.Descricao=\"\",\"DESCRIÇÃO\",IF(AND($C501=\"S\",ORÇAMENTO.Unidade=\"\"),\"UNIDADE\",IF($X501<0,\"VALOR NEGATIVO\",IF(OR(AND(TIPOORCAMENTO=\"Proposto\",$AG501<>\"\",$AG501>0,ORÇAMENTO.CustoUnitario>$AG501),AND(TIPOORCAMENTO=\"LICITADO\",ORÇAMENTO.PrecoUnitarioLicitado>$AN501)),\"ACIMA REF.\",\"\")))))","v":""},{"$f":"IF(C501<=CRONO.NivelExibicao,MAX($AD$15:OFFSET(AD501,-1,0))+IF($C501<>1,1,MAX(1,COUNTIF(QCI!$A$13:$A$41,OFFSET($E501,-1,0)))),\"\")","v":""},{"$f":"IF(AND($C501=\"S\",ORÇAMENTO.CodBarra<>\"\"),IF(ORÇAMENTO.Fonte=\"\",ORÇAMENTO.CodBarra,CONCATENATE(ORÇAMENTO.Fonte,\" \",ORÇAMENTO.CodBarra)))","v":"SINAPI FNDE 361"},{"$f":"IF(ISERROR(INDIRECT(ORÇAMENTO.BancoRef)),\"(abra o arquivo 'Referência \"&Excel_BuiltIn_Database&\".xlsm)\",IF(OR($C501<>\"S\",ORÇAMENTO.CodBarra=\"\"),\"(Sem Código)\",IF(ISERROR(MATCH($AE501,INDIRECT(ORÇAMENTO.BancoRef),0)),\"(Código não identificado nas referências)\",MATCH($AE501,INDIRECT(ORÇAMENTO.BancoRef),0))))","v":"(Código não identificado nas referências)"},{"$f":"ROUND(IF(DESONERACAO=\"sim\",REFERENCIA.Desonerado,REFERENCIA.NaoDesonerado),2)","v":0},0.25,null,5,null,null,151.19999999999999,30.24]
["S",2,"S",0,{"$f":"IF($C502=1,OFFSET(E502,-1,0)+MAX(1,COUNTIF(QCI!$A$13:$A$41,OFFSET(ORÇAMENTO!E502,-1,0))),OFFSET(E502,-1,0))","v":19},3,0,0,14,0,{"$f":"IF(OR($C502=\"S\",$C502=0),0,MATCH(OFFSET($D502,0,$C502)+IF($C502<>1,1,COUNTIF(QCI!$A$13:$A$41,ORÇAMENTO!E502)),OFFSET($D502,1,$C502,ROW($C$744)-ROW($C502)),0))","v":0},"F","Serviço","Serviço","19.3.14.","SINAPI","96986","HASTE DE ATERRAMENTO, DIÂMETRO 3/4\", COM 3 METROS - FORNECIMENTO E INSTALAÇÃO. AF_08/2023",{"$f":"REFERENCIA.Unidade","v":"UN"},{"$f":"OFFSET(CÁLCULO!H$15,ROW($T502)-ROW(T$15),0)","v":1},160.52000000000001,"BDI 1",{"$f":"IF($C502=\"S\",ROUND(IF(TIPOORCAMENTO=\"Proposto\",ORÇAMENTO.CustoUnitario*(1+$AH502),ORÇAMENTO.PrecoUnitarioLicitado),15-13*$AF$10),0)","v":200.65},{"$f":"IF($C502=\"S\",IF(Import.TipoArredondamento<>\"TransfereGOV\",VTOTAL1,SUM(OFFSET(CÁLCULO!$AA$15,ROW($X502)-ROW($X$15),1):OFFSET(CÁLCULO!$AL$15,ROW($X502)-ROW($X$15),-1))),IF($C502=0,0,ROUND(SomaAgrup,15-13*$AF$11)))","v":200.65},"RA","RA",{"$f":"IF($C502=\"S\",IF($Z502=\"CP\",$X502,IF($Z502=\"RA\",(($X502)*QCI!$AA$3),0)),SomaAgrup)","v":7.1457487968138649},0,{"$f":"IF($N502=\"\",\"\",IF(ORÇAMENTO.Descricao=\"\",\"DESCRIÇÃO\",IF(AND($C502=\"S\",ORÇAMENTO.Unidade=\"\"),\"UNIDADE\",IF($X502<0,\"VALOR NEGATIVO\",IF(OR(AND(TIPOORCAMENTO=\"Proposto\",$AG502<>\"\",$AG502>0,ORÇAMENTO.CustoUnitario>$AG502),AND(TIPOORCAMENTO=\"LICITADO\",ORÇAMENTO.PrecoUnitarioLicitado>$AN502)),\"ACIMA REF.\",\"\")))))","v":""},{"$f":"IF(C502<=CRONO.NivelExibicao,MAX($AD$15:OFFSET(AD502,-1,0))+IF($C502<>1,1,MAX(1,COUNTIF(QCI!$A$13:$A$41,OFFSET($E502,-1,0)))),\"\")","v":""},{"$f":"IF(AND($C502=\"S\",ORÇAMENTO.CodBarra<>\"\"),IF(ORÇAMENTO.Fonte=\"\",ORÇAMENTO.CodBarra,CONCATENATE(ORÇAMENTO.Fonte,\" \",ORÇAMENTO.CodBarra)))","v":"SINAPI 96986"},{"$f":"IF(ISERROR(INDIRECT(ORÇAMENTO.BancoRef)),\"(abra o arquivo 'Referência \"&Excel_BuiltIn_Database&\".xlsm)\",IF(OR($C502<>\"S\",ORÇAMENTO.CodBarra=\"\"),\"(Sem Código)\",IF(ISERROR(MATCH($AE502,INDIRECT(ORÇAMENTO.BancoRef),0)),\"(Código não identificado nas referências)\",MATCH($AE502,INDIRECT(ORÇAMENTO.BancoRef),0))))","v":3493},{"$f":"ROUND(IF(DESONERACAO=\"sim\",REFERENCIA.Desonerado,REFERENCIA.NaoDesonerado),2)","v":160.52000000000001},0.25,null,1,null,null,200.65,200.65]
[{"$f":"CHOOSE(1+LOG(1+2*(ORÇAMENTO.Nivel=\"Meta\")+4*(ORÇAMENTO.Nivel=\"Nível 2\")+8*(ORÇAMENTO.Nivel=\"Nível 3\")+16*(ORÇAMENTO.Nivel=\"Nível 4\")+32*(ORÇAMENTO.Nivel=\"Serviço\"),2),0,1,2,3,4,\"S\")","v":"S"},{"$f":"IF(OR(C503=\"s\",C503=0),OFFSET(B503,-1,0),C503)","v":2},{"$f":"IF(OFFSET(C503,-1,0)=\"L\",1,IF(OFFSET(C503,-1,0)=1,2,IF(OR(A503=\"s\",A503=0),\"S\",IF(AND(OFFSET(C503,-1,0)=2,A503=4),3,IF(AND(OR(OFFSET(C503,-1,0)=\"s\",OFFSET(C503,-1,0)=0),A503<>\"s\",A503>OFFSET(B503,-1,0)),OFFSET(B503,-1,0),A503)))))","v":"S"},{"$f":"IF(OR(C503=\"S\",C503=0),0,IF(ISERROR(K503),J503,SMALL(J503:K503,1)))","v":0},{"$f":"IF($C503=1,OFFSET(E503,-1,0)+MAX(1,COUNTIF(QCI!$A$13:$A$41,OFFSET(ORÇAMENTO!E503,-1,0))),OFFSET(E503,-1,0))","v":19},{"$f":"IF($C503=1,0,IF($C503=2,OFFSET(F503,-1,0)+1,OFFSET(F503,-1,0)))","v":3},{"$f":"IF(AND($C503<=2,$C503<>0),0,IF($C503=3,OFFSET(G503,-1,0)+1,OFFSET(G503,-1,0)))","v":0},{"$f":"IF(AND($C503<=3,$C503<>0),0,IF($C503=4,OFFSET(H503,-1,0)+1,OFFSET(H503,-1,0)))","v":0},{"$f":"IF(AND($C503<=4,$C503<>0),0,IF(AND($C503=\"S\",$X503>0),OFFSET(I503,-1,0)+1,OFFSET(I503,-1,0)))","v":15},0,{"$f":"IF(OR($C503=\"S\",$C503=0),0,MATCH(OFFSET($D503,0,$C503)+IF($C503<>1,1,COUNTIF(QCI!$A$13:$A$41,ORÇAMENTO!E503)),OFFSET($D503,1,$C503,ROW($C$744)-ROW($C503)),0))","v":0},{"$f":"IF(OR($X503>0,$C503=1,$C503=2,$C503=3,$C503=4),\"F\",\"\")","v":"F"},"Serviço",{"$f":"CHOOSE(1+LOG(1+2*(C503=1)+4*(C503=2)+8*(C503=3)+16*(C503=4)+32*(C503=\"S\"),2),\"\",\"Meta\",\"Nível 2\",\"Nível 3\",\"Nível 4\",\"Serviço\")","v":"Serviço"},{"$f":"IF(OR($C503=0,$L503=\"\"),\"-\",CONCATENATE(E503&\".\",IF(AND($A$5>=2,$C503>=2),F503&\".\",\"\"),IF(AND($A$5>=3,$C503>=3),G503&\".\",\"\"),IF(AND($A$5>=4,$C503>=4),H503&\".\",\"\"),IF($C503=\"S\",I503&\".\",\"\")))","v":"19.3.15."},"SINAPI","101548","ISOLADOR, TIPO ROLDANA, PARA BAIXA TENSÃO - FORNECIMENTO E INSTALAÇÃO. AF_07/2020",{"$f":"REFERENCIA.Unidade","v":"UN"},{"$f":"OFFSET(CÁLCULO!H$15,ROW($T503)-ROW(T$15),0)","v":1},7.94,"BDI 1",{"$f":"IF($C503=\"S\",ROUND(IF(TIPOORCAMENTO=\"Proposto\",ORÇAMENTO.CustoUnitario*(1+$AH503),ORÇAMENTO.PrecoUnitarioLicitado),15-13*$AF$10),0)","v":9.93},{"$f":"IF($C503=\"S\",IF(Import.TipoArredondamento<>\"TransfereGOV\",VTOTAL1,SUM(OFFSET(CÁLCULO!$AA$15,ROW($X503)-ROW($X$15),1):OFFSET(CÁLCULO!$AL$15,ROW($X503)-ROW($X$15),-1))),IF($C503=0,0,ROUND(SomaAgrup,15-13*$AF$11)))","v":9.93},"RA",{"$f":"IF(AND($C503=\"S\",$X503>0),IF(ISBLANK($Y503),\"RA\",LEFT($Y503,2)),\"\")","v":"RA"},{"$f":"IF($C503=\"S\",IF($Z503=\"CP\",$X503,IF($Z503=\"RA\",(($X503)*QCI!$AA$3),0)),SomaAgrup)","v":0.35363710716352686},{"$f":"IF($C503=\"S\",IF($Z503=\"OU\",ROUND($X503,2),0),SomaAgrup)","v":0},{"$f":"IF($N503=\"\",\"\",IF(ORÇAMENTO.Descricao=\"\",\"DESCRIÇÃO\",IF(AND($C503=\"S\",ORÇAMENTO.Unidade=\"\"),\"UNIDADE\",IF($X503<0,\"VALOR NEGATIVO\",IF(OR(AND(TIPOORCAMENTO=\"Proposto\",$AG503<>\"\",$AG503>0,ORÇAMENTO.CustoUnitario>$AG503),AND(TIPOORCAMENTO=\"LICITADO\",ORÇAMENTO.PrecoUnitarioLicitado>$AN503)),\"ACIMA REF.\",\"\")))))","v":""},{"$f":"IF(C503<=CRONO.NivelExibicao,MAX($AD$15:OFFSET(AD503,-1,0))+IF($C503<>1,1,MAX(1,COUNTIF(QCI!$A$13:$A$41,OFFSET($E503,-1,0)))),\"\")","v":""},{"$f":"IF(AND($C503=\"S\",ORÇAMENTO.CodBarra<>\"\"),IF(ORÇAMENTO.Fonte=\"\",ORÇAMENTO.CodBarra,CONCATENATE(ORÇAMENTO.Fonte,\" \",ORÇAMENTO.CodBarra)))","v":"SINAPI 101548"},{"$f":"IF(ISERROR(INDIRECT(ORÇAMENTO.BancoRef)),\"(abra o arquivo 'Referência \"&Excel_BuiltIn_Database&\".xlsm)\",IF(OR($C503<>\"S\",ORÇAMENTO.CodBarra=\"\"),\"(Sem Código)\",IF(ISERROR(MATCH($AE503,INDIRECT(ORÇAMENTO.BancoRef),0)),\"(Código não identificado nas referências)\",MATCH($AE503,INDIRECT(ORÇAMENTO.BancoRef),0))))","v":3392},{"$f":"ROUND(IF(DESONERACAO=\"sim\",REFERENCIA.Desonerado,REFERENCIA.NaoDesonerado),2)","v":7.94},{"$f":"ROUND(IF(ISNUMBER(ORÇAMENTO.OpcaoBDI),ORÇAMENTO.OpcaoBDI,IF(LEFT(ORÇAMENTO.OpcaoBDI,3)=\"BDI\",HLOOKUP(ORÇAMENTO.OpcaoBDI,$F$4:$H$5,2,FALSE),0)),15-11*$AF$9)","v":0.25},null,1,null,null,{"$f":"$X503","v":9.93},{"$f":"ROUND(ORÇAMENTO.CustoUnitario*(1+$AH503),2)","v":9.93}]
["S",2,"S",0,{"$f":"IF($C504=1,OFFSET(E504,-1,0)+MAX(1,COUNTIF(QCI!$A$13:$A$41,OFFSET(ORÇAMENTO!E504,-1,0))),OFFSET(E504,-1,0))","v":19},3,0,0,16,0,{"$f":"IF(OR($C504=\"S\",$C504=0),0,MATCH(OFFSET($D504,0,$C504)+IF($C504<>1,1,COUNTIF(QCI!$A$13:$A$41,ORÇAMENTO!E504)),OFFSET($D504,1,$C504,ROW($C$744)-ROW($C504)),0))","v":0},"F","Serviço","Serviço","19.3.16.","SINAPI","FNDE 364","PARAFUSO DE LATAO COM ROSCA SOBERBA, CABECA CHATA E FENDA SIMPLES, DIAMETRO 3,2 MM, COMPRIMENTO 16 MM","UN",{"$f":"OFFSET(CÁLCULO!H$15,ROW($T504)-ROW(T$15),0)","v":16},0.72,"BDI 1",{"$f":"IF($C504=\"S\",ROUND(IF(TIPOORCAMENTO=\"Proposto\",ORÇAMENTO.CustoUnitario*(1+$AH504),ORÇAMENTO.PrecoUnitarioLicitado),15-13*$AF$10),0)","v":0.9},{"$f":"IF($C504=\"S\",IF(Import.TipoArredondamento<>\"TransfereGOV\",VTOTAL1,SUM(OFFSET(CÁLCULO!$AA$15,ROW($X504)-ROW($X$15),1):OFFSET(CÁLCULO!$AL$15,ROW($X504)-ROW($X$15),-1))),IF($C504=0,0,ROUND(SomaAgrup,15-13*$AF$11)))","v":14.4},"RA","RA",{"$f":"IF($C504=\"S\",IF($Z504=\"CP\",$X504,IF($Z504=\"RA\",(($X504)*QCI!$AA$3),0)),SomaAgrup)","v":0.51282722488970667},0,{"$f":"IF($N504=\"\",\"\",IF(ORÇAMENTO.Descricao=\"\",\"DESCRIÇÃO\",IF(AND($C504=\"S\",ORÇAMENTO.Unidade=\"\"),\"UNIDADE\",IF($X504<0,\"VALOR NEGATIVO\",IF(OR(AND(TIPOORCAMENTO=\"Proposto\",$AG504<>\"\",$AG504>0,ORÇAMENTO.CustoUnitario>$AG504),AND(TIPOORCAMENTO=\"LICITADO\",ORÇAMENTO.PrecoUnitarioLicitado>$AN504)),\"ACIMA REF.\",\"\")))))","v":""},{"$f":"IF(C504<=CRONO.NivelExibicao,MAX($AD$15:OFFSET(AD504,-1,0))+IF($C504<>1,1,MAX(1,COUNTIF(QCI!$A$13:$A$41,OFFSET($E504,-1,0)))),\"\")","v":""},{"$f":"IF(AND($C504=\"S\",ORÇAMENTO.CodBarra<>\"\"),IF(ORÇAMENTO.Fonte=\"\",ORÇAMENTO.CodBarra,CONCATENATE(ORÇAMENTO.Fonte,\" \",ORÇAMENTO.CodBarra)))","v":"SINAPI FNDE 364"},{"$f":"IF(ISERROR(INDIRECT(ORÇAMENTO.BancoRef)),\"(abra o arquivo 'Referência \"&Excel_BuiltIn_Database&\".xlsm)\",IF(OR($C504<>\"S\",ORÇAMENTO.CodBarra=\"\"),\"(Sem Código)\",IF(ISERROR(MATCH($AE504,INDIRECT(ORÇAMENTO.BancoRef),0)),\"(Código não identificado nas referências)\",MATCH($AE504,INDIRECT(ORÇAMENTO.BancoRef),0))))","v":"(Código não identificado nas referências)"},{"$f":"ROUND(IF(DESONERACAO=\"sim\",REFERENCIA.Desonerado,REFERENCIA.NaoDesonerado),2)","v":0},0.25,null,16,null,null,14.4,0.9]
["S",2,"S",0,{"$f":"IF($C505=1,OFFSET(E505,-1,0)+MAX(1,COUNTIF(QCI!$A$13:$A$41,OFFSET(ORÇAMENTO!E505,-1,0))),OFFSET(E505,-1,0))","v":19},3,0,0,17,0,{"$f":"IF(OR($C505=\"S\",$C505=0),0,MATCH(OFFSET($D505,0,$C505)+IF($C505<>1,1,COUNTIF(QCI!$A$13:$A$41,ORÇAMENTO!E505)),OFFSET($D505,1,$C505,ROW($C$744)-ROW($C505)),0))","v":0},"F","Serviço","Serviço","19.3.17.","SINAPI","FNDE 363","CONECTOR DE ALUMINIO TIPO PRENSA CABO, BITOLA 1\", PARA CABOS DE DIAMETRO DE 22,5 A 25 MM","UN",{"$f":"OFFSET(CÁLCULO!H$15,ROW($T505)-ROW(T$15),0)","v":1},32.17,"BDI 1",{"$f":"IF($C505=\"S\",ROUND(IF(TIPOORCAMENTO=\"Proposto\",ORÇAMENTO.CustoUnitario*(1+$AH505),ORÇAMENTO.PrecoUnitarioLicitado),15-13*$AF$10),0)","v":40.21},{"$f":"IF($C505=\"S\",IF(Import.TipoArredondamento<>\"TransfereGOV\",VTOTAL1,SUM(OFFSET(CÁLCULO!$AA$15,ROW($X505)-ROW($X$15),1):OFFSET(CÁLCULO!$AL$15,ROW($X505)-ROW($X$15),-1))),IF($C505=0,0,ROUND(SomaAgrup,15-13*$AF$11)))","v":40.21},"RA","RA",{"$f":"IF($C505=\"S\",IF($Z505=\"CP\",$X505,IF($Z505=\"RA\",(($X505)*QCI!$AA$3),0)),SomaAgrup)","v":1.431998799501049},0,{"$f":"IF($N505=\"\",\"\",IF(ORÇAMENTO.Descricao=\"\",\"DESCRIÇÃO\",IF(AND($C505=\"S\",ORÇAMENTO.Unidade=\"\"),\"UNIDADE\",IF($X505<0,\"VALOR NEGATIVO\",IF(OR(AND(TIPOORCAMENTO=\"Proposto\",$AG505<>\"\",$AG505>0,ORÇAMENTO.CustoUnitario>$AG505),AND(TIPOORCAMENTO=\"LICITADO\",ORÇAMENTO.PrecoUnitarioLicitado>$AN505)),\"ACIMA REF.\",\"\")))))","v":""},{"$f":"IF(C505<=CRONO.NivelExibicao,MAX($AD$15:OFFSET(AD505,-1,0))+IF($C505<>1,1,MAX(1,COUNTIF(QCI!$A$13:$A$41,OFFSET($E505,-1,0)))),\"\")","v":""},{"$f":"IF(AND($C505=\"S\",ORÇAMENTO.CodBarra<>\"\"),IF(ORÇAMENTO.Fonte=\"\",ORÇAMENTO.CodBarra,CONCATENATE(ORÇAMENTO.Fonte,\" \",ORÇAMENTO.CodBarra)))","v":"SINAPI FNDE 363"},{"$f":"IF(ISERROR(INDIRECT(ORÇAMENTO.BancoRef)),\"(abra o arquivo 'Referência \"&Excel_BuiltIn_Database&\".xlsm)\",IF(OR($C505<>\"S\",ORÇAMENTO.CodBarra=\"\"),\"(Sem Código)\",IF(ISERROR(MATCH($AE505,INDIRECT(ORÇAMENTO.BancoRef),0)),\"(Código não identificado nas referências)\",MATCH($AE505,INDIRECT(ORÇAMENTO.BancoRef),0))))","v":"(Código não identificado nas referências)"},{"$f":"ROUND(IF(DESONERACAO=\"sim\",REFERENCIA.Desonerado,REFERENCIA.NaoDesonerado),2)","v":0},0.25,null,1,null,null,40.21,40.21]
[2,2,2,18,{"$f":"IF($C506=1,OFFSET(E506,-1,0)+MAX(1,COUNTIF(QCI!$A$13:$A$41,OFFSET(ORÇAMENTO!E506,-1,0))),OFFSET(E506,-1,0))","v":19},4,0,0,0,96,{"$f":"IF(OR($C506=\"S\",$C506=0),0,MATCH(OFFSET($D506,0,$C506)+IF($C506<>1,1,COUNTIF(QCI!$A$13:$A$41,ORÇAMENTO!E506)),OFFSET($D506,1,$C506,ROW($C$744)-ROW($C506)),0))","v":18},"F","Nível 2","Nível 2","19.4.","SINAPI",null,"Cabos",{"$f":"REFERENCIA.Unidade","v":"-"},{"$f":"OFFSET(CÁLCULO!H$15,ROW($T506)-ROW(T$15),0)","v":0},null,"BDI 1",{"$f":"IF($C506=\"S\",ROUND(IF(TIPOORCAMENTO=\"Proposto\",ORÇAMENTO.CustoUnitario*(1+$AH506),ORÇAMENTO.PrecoUnitarioLicitado),15-13*$AF$10),0)","v":0},{"$f":"IF($C506=\"S\",IF(Import.TipoArredondamento<>\"TransfereGOV\",VTOTAL1,SUM(OFFSET(CÁLCULO!$AA$15,ROW($X506)-ROW($X$15),1):OFFSET(CÁLCULO!$AL$15,ROW($X506)-ROW($X$15),-1))),IF($C506=0,0,ROUND(SomaAgrup,15-13*$AF$11)))","v":226008.58},"RA","",{"$f":"IF($C506=\"S\",IF($Z506=\"CP\",$X506,IF($Z506=\"RA\",(($X506)*QCI!$AA$3),0)),SomaAgrup)","v":8048.8439501849498},0,{"$f":"IF($N506=\"\",\"\",IF(ORÇAMENTO.Descricao=\"\",\"DESCRIÇÃO\",IF(AND($C506=\"S\",ORÇAMENTO.Unidade=\"\"),\"UNIDADE\",IF($X506<0,\"VALOR NEGATIVO\",IF(OR(AND(TIPOORCAMENTO=\"Proposto\",$AG506<>\"\",$AG506>0,ORÇAMENTO.CustoUnitario>$AG506),AND(TIPOORCAMENTO=\"LICITADO\",ORÇAMENTO.PrecoUnitarioLicitado>$AN506)),\"ACIMA REF.\",\"\")))))","v":""},{"$f":"IF(C506<=CRONO.NivelExibicao,MAX($AD$15:OFFSET(AD506,-1,0))+IF($C506<>1,1,MAX(1,COUNTIF(QCI!$A$13:$A$41,OFFSET($E506,-1,0)))),\"\")","v":67},{"$f":"IF(AND($C506=\"S\",ORÇAMENTO.CodBarra<>\"\"),IF(ORÇAMENTO.Fonte=\"\",ORÇAMENTO.CodBarra,CONCATENATE(ORÇAMENTO.Fonte,\" \",ORÇAMENTO.CodBarra)))","v":false},{"$f":"IF(ISERROR(INDIRECT(ORÇAMENTO.BancoRef)),\"(abra o arquivo 'Referência \"&Excel_BuiltIn_Database&\".xlsm)\",IF(OR($C506<>\"S\",ORÇAMENTO.CodBarra=\"\"),\"(Sem Código)\",IF(ISERROR(MATCH($AE506,INDIRECT(ORÇAMENTO.BancoRef),0)),\"(Código não identificado nas referências)\",MATCH($AE506,INDIRECT(ORÇAMENTO.BancoRef),0))))","v":"(Sem Código)"},{"$f":"ROUND(IF(DESONERACAO=\"sim\",REFERENCIA.Desonerado,REFERENCIA.NaoDesonerado),2)","v":0},0.25,null,null,null,null,226008.58,0]
["S",2,"S",0,{"$f":"IF($C507=1,OFFSET(E507,-1,0)+MAX(1,COUNTIF(QCI!$A$13:$A$41,OFFSET(ORÇAMENTO!E507,-1,0))),OFFSET(E507,-1,0))","v":19},4,0,0,1,0,{"$f":"IF(OR($C507=\"S\",$C507=0),0,MATCH(OFFSET($D507,0,$C507)+IF($C507<>1,1,COUNTIF(QCI!$A$13:$A$41,ORÇAMENTO!E507)),OFFSET($D507,1,$C507,ROW($C$744)-ROW($C507)),0))","v":0},"F","Serviço","Serviço","19.4.1.","SINAPI","92996","CABO DE COBRE FLEXÍVEL ISOLADO, 150 MM², ANTI-CHAMA 0,6/1,0 KV, PARA REDE ENTERRADA DE DISTRIBUIÇÃO DE ENERGIA ELÉTRICA - FORNECIMENTO E INSTALAÇÃO. AF_12/2021",{"$f":"REFERENCIA.Unidade","v":"M"},{"$f":"OFFSET(CÁLCULO!H$15,ROW($T507)-ROW(T$15),0)","v":47.1},{"$f":"ROUND(IF(DESONERACAO=\"sim\",REFERENCIA.Desonerado,REFERENCIA.NaoDesonerado),2)","v":147.16999999999999},"BDI 1",{"$f":"IF($C507=\"S\",ROUND(IF(TIPOORCAMENTO=\"Proposto\",ORÇAMENTO.CustoUnitario*(1+$AH507),ORÇAMENTO.PrecoUnitarioLicitado),15-13*$AF$10),0)","v":183.96},{"$f":"IF($C507=\"S\",IF(Import.TipoArredondamento<>\"TransfereGOV\",VTOTAL1,SUM(OFFSET(CÁLCULO!$AA$15,ROW($X507)-ROW($X$15),1):OFFSET(CÁLCULO!$AL$15,ROW($X507)-ROW($X$15),-1))),IF($C507=0,0,ROUND(SomaAgrup,15-13*$AF$11)))","v":8664.52},"RA","RA",{"$f":"IF($C507=\"S\",IF($Z507=\"CP\",$X507,IF($Z507=\"RA\",(($X507)*QCI!$AA$3),0)),SomaAgrup)","v":308.56956573620567},0,{"$f":"IF($N507=\"\",\"\",IF(ORÇAMENTO.Descricao=\"\",\"DESCRIÇÃO\",IF(AND($C507=\"S\",ORÇAMENTO.Unidade=\"\"),\"UNIDADE\",IF($X507<0,\"VALOR NEGATIVO\",IF(OR(AND(TIPOORCAMENTO=\"Proposto\",$AG507<>\"\",$AG507>0,ORÇAMENTO.CustoUnitario>$AG507),AND(TIPOORCAMENTO=\"LICITADO\",ORÇAMENTO.PrecoUnitarioLicitado>$AN507)),\"ACIMA REF.\",\"\")))))","v":""},{"$f":"IF(C507<=CRONO.NivelExibicao,MAX($AD$15:OFFSET(AD507,-1,0))+IF($C507<>1,1,MAX(1,COUNTIF(QCI!$A$13:$A$41,OFFSET($E507,-1,0)))),\"\")","v":""},{"$f":"IF(AND($C507=\"S\",ORÇAMENTO.CodBarra<>\"\"),IF(ORÇAMENTO.Fonte=\"\",ORÇAMENTO.CodBarra,CONCATENATE(ORÇAMENTO.Fonte,\" \",ORÇAMENTO.CodBarra)))","v":"SINAPI 92996"},{"$f":"IF(ISERROR(INDIRECT(ORÇAMENTO.BancoRef)),\"(abra o arquivo 'Referência \"&Excel_BuiltIn_Database&\".xlsm)\",IF(OR($C507<>\"S\",ORÇAMENTO.CodBarra=\"\"),\"(Sem Código)\",IF(ISERROR(MATCH($AE507,INDIRECT(ORÇAMENTO.BancoRef),0)),\"(Código não identificado nas referências)\",MATCH($AE507,INDIRECT(ORÇAMENTO.BancoRef),0))))","v":3100},{"$f":"ROUND(IF(DESONERACAO=\"sim\",REFERENCIA.Desonerado,REFERENCIA.NaoDesonerado),2)","v":147.16999999999999},0.25,null,47.1,null,null,8664.52,183.96]
["S",2,"S",0,{"$f":"IF($C508=1,OFFSET(E508,-1,0)+MAX(1,COUNTIF(QCI!$A$13:$A$41,OFFSET(ORÇAMENTO!E508,-1,0))),OFFSET(E508,-1,0))","v":19},4,0,0,2,0,{"$f":"IF(OR($C508=\"S\",$C508=0),0,MATCH(OFFSET($D508,0,$C508)+IF($C508<>1,1,COUNTIF(QCI!$A$13:$A$41,ORÇAMENTO!E508)),OFFSET($D508,1,$C508,ROW($C$744)-ROW($C508)),0))","v":0},"F","Serviço","Serviço","19.4.2.","SINAPI","92998","CABO DE COBRE FLEXÍVEL ISOLADO, 185 MM², ANTI-CHAMA 0,6/1,0 KV, PARA REDE ENTERRADA DE DISTRIBUIÇÃO DE ENERGIA ELÉTRICA - FORNECIMENTO E INSTALAÇÃO. AF_12/2021",{"$f":"REFERENCIA.Unidade","v":"M"},{"$f":"OFFSET(CÁLCULO!H$15,ROW($T508)-ROW(T$15),0)","v":14.4},{"$f":"ROUND(IF(DESONERACAO=\"sim\",REFERENCIA.Desonerado,REFERENCIA.NaoDesonerado),2)","v":180.33},"BDI 1",{"$f":"IF($C508=\"S\",ROUND(IF(TIPOORCAMENTO=\"Proposto\",ORÇAMENTO.CustoUnitario*(1+$AH508),ORÇAMENTO.PrecoUnitarioLicitado),15-13*$AF$10),0)","v":225.41},{"$f":"IF($C508=\"S\",IF(Import.TipoArredondamento<>\"TransfereGOV\",VTOTAL1,SUM(OFFSET(CÁLCULO!$AA$15,ROW($X508)-ROW($X$15),1):OFFSET(CÁLCULO!$AL$15,ROW($X508)-ROW($X$15),-1))),IF($C508=0,0,ROUND(SomaAgrup,15-13*$AF$11)))","v":3245.9},"RA","RA",{"$f":"IF($C508=\"S\",IF($Z508=\"CP\",$X508,IF($Z508=\"RA\",(($X508)*QCI!$AA$3),0)),SomaAgrup)","v":115.59624231038187},0,{"$f":"IF($N508=\"\",\"\",IF(ORÇAMENTO.Descricao=\"\",\"DESCRIÇÃO\",IF(AND($C508=\"S\",ORÇAMENTO.Unidade=\"\"),\"UNIDADE\",IF($X508<0,\"VALOR NEGATIVO\",IF(OR(AND(TIPOORCAMENTO=\"Proposto\",$AG508<>\"\",$AG508>0,ORÇAMENTO.CustoUnitario>$AG508),AND(TIPOORCAMENTO=\"LICITADO\",ORÇAMENTO.PrecoUnitarioLicitado>$AN508)),\"ACIMA REF.\",\"\")))))","v":""},{"$f":"IF(C508<=CRONO.NivelExibicao,MAX($AD$15:OFFSET(AD508,-1,0))+IF($C508<>1,1,MAX(1,COUNTIF(QCI!$A$13:$A$41,OFFSET($E508,-1,0)))),\"\")","v":""},{"$f":"IF(AND($C508=\"S\",ORÇAMENTO.CodBarra<>\"\"),IF(ORÇAMENTO.Fonte=\"\",ORÇAMENTO.CodBarra,CONCATENATE(ORÇAMENTO.Fonte,\" \",ORÇAMENTO.CodBarra)))","v":"SINAPI 92998"},{"$f":"IF(ISERROR(INDIRECT(ORÇAMENTO.BancoRef)),\"(abra o arquivo 'Referência \"&Excel_BuiltIn_Database&\".xlsm)\",IF(OR($C508<>\"S\",ORÇAMENTO.CodBarra=\"\"),\"(Sem Código)\",IF(ISERROR(MATCH($AE508,INDIRECT(ORÇAMENTO.BancoRef),0)),\"(Código não identificado nas referências)\",MATCH($AE508,INDIRECT(ORÇAMENTO.BancoRef),0))))","v":3101},{"$f":"ROUND(IF(DESONERACAO=\"sim\",REFERENCIA.Desonerado,REFERENCIA.NaoDesonerado),2)","v":180.33},0.25,null,14.4,null,null,3245.9,225.41]
["S",2,"S",0,{"$f":"IF($C509=1,OFFSET(E509,-1,0)+MAX(1,COUNTIF(QCI!$A$13:$A$41,OFFSET(ORÇAMENTO!E509,-1,0))),OFFSET(E509,-1,0))","v":19},4,0,0,3,0,{"$f":"IF(OR($C509=\"S\",$C509=0),0,MATCH(OFFSET($D509,0,$C509)+IF($C509<>1,1,COUNTIF(QCI!$A$13:$A$41,ORÇAMENTO!E509)),OFFSET($D509,1,$C509,ROW($C$744)-ROW($C509)),0))","v":0},"F","Serviço","Serviço","19.4.3.","SINAPI","93002","CABO DE COBRE FLEXÍVEL ISOLADO, 300 MM², ANTI-CHAMA 0,6/1,0 KV, PARA REDE ENTERRADA DE DISTRIBUIÇÃO DE ENERGIA ELÉTRICA - FORNECIMENTO E INSTALAÇÃO. AF_12/2021",{"$f":"REFERENCIA.Unidade","v":"M"},{"$f":"OFFSET(CÁLCULO!H$15,ROW($T509)-ROW(T$15),0)","v":188.4},{"$f":"ROUND(IF(DESONERACAO=\"sim\",REFERENCIA.Desonerado,REFERENCIA.NaoDesonerado),2)","v":308.45999999999998},"BDI 1",{"$f":"IF($C509=\"S\",ROUND(IF(TIPOORCAMENTO=\"Proposto\",ORÇAMENTO.CustoUnitario*(1+$AH509),ORÇAMENTO.PrecoUnitarioLicitado),15-13*$AF$10),0)","v":385.58},{"$f":"IF($C509=\"S\",IF(Import.TipoArredondamento<>\"TransfereGOV\",VTOTAL1,SUM(OFFSET(CÁLCULO!$AA$15,ROW($X509)-ROW($X$15),1):OFFSET(CÁLCULO!$AL$15,ROW($X509)-ROW($X$15),-1))),IF($C509=0,0,ROUND(SomaAgrup,15-13*$AF$11)))","v":72643.27},"RA","RA",{"$f":"IF($C509=\"S\",IF($Z509=\"CP\",$X509,IF($Z509=\"RA\",(($X509)*QCI!$AA$3),0)),SomaAgrup)","v":2587.0449000703948},0,{"$f":"IF($N509=\"\",\"\",IF(ORÇAMENTO.Descricao=\"\",\"DESCRIÇÃO\",IF(AND($C509=\"S\",ORÇAMENTO.Unidade=\"\"),\"UNIDADE\",IF($X509<0,\"VALOR NEGATIVO\",IF(OR(AND(TIPOORCAMENTO=\"Proposto\",$AG509<>\"\",$AG509>0,ORÇAMENTO.CustoUnitario>$AG509),AND(TIPOORCAMENTO=\"LICITADO\",ORÇAMENTO.PrecoUnitarioLicitado>$AN509)),\"ACIMA REF.\",\"\")))))","v":""},{"$f":"IF(C509<=CRONO.NivelExibicao,MAX($AD$15:OFFSET(AD509,-1,0))+IF($C509<>1,1,MAX(1,COUNTIF(QCI!$A$13:$A$41,OFFSET($E509,-1,0)))),\"\")","v":""},{"$f":"IF(AND($C509=\"S\",ORÇAMENTO.CodBarra<>\"\"),IF(ORÇAMENTO.Fonte=\"\",ORÇAMENTO.CodBarra,CONCATENATE(ORÇAMENTO.Fonte,\" \",ORÇAMENTO.CodBarra)))","v":"SINAPI 93002"},{"$f":"IF(ISERROR(INDIRECT(ORÇAMENTO.BancoRef)),\"(abra o arquivo 'Referência \"&Excel_BuiltIn_Database&\".xlsm)\",IF(OR($C509<>\"S\",ORÇAMENTO.CodBarra=\"\"),\"(Sem Código)\",IF(ISERROR(MATCH($AE509,INDIRECT(ORÇAMENTO.BancoRef),0)),\"(Código não identificado nas referências)\",MATCH($AE509,INDIRECT(ORÇAMENTO.BancoRef),0))))","v":3103},{"$f":"ROUND(IF(DESONERACAO=\"sim\",REFERENCIA.Desonerado,REFERENCIA.NaoDesonerado),2)","v":308.45999999999998},0.25,null,188.4,null,null,72643.27,385.58]
["S",2,"S",0,{"$f":"IF($C510=1,OFFSET(E510,-1,0)+MAX(1,COUNTIF(QCI!$A$13:$A$41,OFFSET(ORÇAMENTO!E510,-1,0))),OFFSET(E510,-1,0))","v":19},4,0,0,4,0,{"$f":"IF(OR($C510=\"S\",$C510=0),0,MATCH(OFFSET($D510,0,$C510)+IF($C510<>1,1,COUNTIF(QCI!$A$13:$A$41,ORÇAMENTO!E510)),OFFSET($D510,1,$C510,ROW($C$744)-ROW($C510)),0))","v":0},"F","Serviço","Serviço","19.4.4.","SINAPI","91932","CABO DE COBRE FLEXÍVEL ISOLADO, 10 MM², ANTI-CHAMA 450/750 V, PARA CIRCUITOS TERMINAIS - FORNECIMENTO E INSTALAÇÃO. AF_03/2023",{"$f":"REFERENCIA.Unidade","v":"M"},{"$f":"OFFSET(CÁLCULO!H$15,ROW($T510)-ROW(T$15),0)","v":288.5},{"$f":"ROUND(IF(DESONERACAO=\"sim\",REFERENCIA.Desonerado,REFERENCIA.NaoDesonerado),2)","v":16.100000000000001},"BDI 1",{"$f":"IF($C510=\"S\",ROUND(IF(TIPOORCAMENTO=\"Proposto\",ORÇAMENTO.CustoUnitario*(1+$AH510),ORÇAMENTO.PrecoUnitarioLicitado),15-13*$AF$10),0)","v":20.13},{"$f":"IF($C510=\"S\",IF(Import.TipoArredondamento<>\"TransfereGOV\",VTOTAL1,SUM(OFFSET(CÁLCULO!$AA$15,ROW($X510)-ROW($X$15),1):OFFSET(CÁLCULO!$AL$15,ROW($X510)-ROW($X$15),-1))),IF($C510=0,0,ROUND(SomaAgrup,15-13*$AF$11)))","v":5807.51},"RA","RA",{"$f":"IF($C510=\"S\",IF($Z510=\"CP\",$X510,IF($Z510=\"RA\",(($X510)*QCI!$AA$3),0)),SomaAgrup)","v":206.82286366800142},0,{"$f":"IF($N510=\"\",\"\",IF(ORÇAMENTO.Descricao=\"\",\"DESCRIÇÃO\",IF(AND($C510=\"S\",ORÇAMENTO.Unidade=\"\"),\"UNIDADE\",IF($X510<0,\"VALOR NEGATIVO\",IF(OR(AND(TIPOORCAMENTO=\"Proposto\",$AG510<>\"\",$AG510>0,ORÇAMENTO.CustoUnitario>$AG510),AND(TIPOORCAMENTO=\"LICITADO\",ORÇAMENTO.PrecoUnitarioLicitado>$AN510)),\"ACIMA REF.\",\"\")))))","v":""},{"$f":"IF(C510<=CRONO.NivelExibicao,MAX($AD$15:OFFSET(AD510,-1,0))+IF($C510<>1,1,MAX(1,COUNTIF(QCI!$A$13:$A$41,OFFSET($E510,-1,0)))),\"\")","v":""},{"$f":"IF(AND($C510=\"S\",ORÇAMENTO.CodBarra<>\"\"),IF(ORÇAMENTO.Fonte=\"\",ORÇAMENTO.CodBarra,CONCATENATE(ORÇAMENTO.Fonte,\" \",ORÇAMENTO.CodBarra)))","v":"SINAPI 91932"},{"$f":"IF(ISERROR(INDIRECT(ORÇAMENTO.BancoRef)),\"(abra o arquivo 'Referência \"&Excel_BuiltIn_Database&\".xlsm)\",IF(OR($C510<>\"S\",ORÇAMENTO.CodBarra=\"\"),\"(Sem Código)\",IF(ISERROR(MATCH($AE510,INDIRECT(ORÇAMENTO.BancoRef),0)),\"(Código não identificado nas referências)\",MATCH($AE510,INDIRECT(ORÇAMENTO.BancoRef),0))))","v":3086},{"$f":"ROUND(IF(DESONERACAO=\"sim\",REFERENCIA.Desonerado,REFERENCIA.NaoDesonerado),2)","v":16.100000000000001},0.25,null,288.5,null,null,5807.51,20.13]
["S",2,"S",0,{"$f":"IF($C511=1,OFFSET(E511,-1,0)+MAX(1,COUNTIF(QCI!$A$13:$A$41,OFFSET(ORÇAMENTO!E511,-1,0))),OFFSET(E511,-1,0))","v":19},4,0,0,5,0,{"$f":"IF(OR($C511=\"S\",$C511=0),0,MATCH(OFFSET($D511,0,$C511)+IF($C511<>1,1,COUNTIF(QCI!$A$13:$A$41,ORÇAMENTO!E511)),OFFSET($D511,1,$C511,ROW($C$744)-ROW($C511)),0))","v":0},"F","Serviço","Serviço","19.4.5.","SINAPI","92996","CABO DE COBRE FLEXÍVEL ISOLADO, 150 MM², ANTI-CHAMA 0,6/1,0 KV, PARA REDE ENTERRADA DE DISTRIBUIÇÃO DE ENERGIA ELÉTRICA - FORNECIMENTO E INSTALAÇÃO. AF_12/2021",{"$f":"REFERENCIA.Unidade","v":"M"},{"$f":"OFFSET(CÁLCULO!H$15,ROW($T511)-ROW(T$15),0)","v":35.799999999999997},{"$f":"ROUND(IF(DESONERACAO=\"sim\",REFERENCIA.Desonerado,REFERENCIA.NaoDesonerado),2)","v":147.16999999999999},"BDI 1",{"$f":"IF($C511=\"S\",ROUND(IF(TIPOORCAMENTO=\"Proposto\",ORÇAMENTO.CustoUnitario*(1+$AH511),ORÇAMENTO.PrecoUnitarioLicitado),15-13*$AF$10),0)","v":183.96},{"$f":"IF($C511=\"S\",IF(Import.TipoArredondamento<>\"TransfereGOV\",VTOTAL1,SUM(OFFSET(CÁLCULO!$AA$15,ROW($X511)-ROW($X$15),1):OFFSET(CÁLCULO!$AL$15,ROW($X511)-ROW($X$15),-1))),IF($C511=0,0,ROUND(SomaAgrup,15-13*$AF$11)))","v":6585.77},"RA","RA",{"$f":"IF($C511=\"S\",IF($Z511=\"CP\",$X511,IF($Z511=\"RA\",(($X511)*QCI!$AA$3),0)),SomaAgrup)","v":234.53903839318636},0,{"$f":"IF($N511=\"\",\"\",IF(ORÇAMENTO.Descricao=\"\",\"DESCRIÇÃO\",IF(AND($C511=\"S\",ORÇAMENTO.Unidade=\"\"),\"UNIDADE\",IF($X511<0,\"VALOR NEGATIVO\",IF(OR(AND(TIPOORCAMENTO=\"Proposto\",$AG511<>\"\",$AG511>0,ORÇAMENTO.CustoUnitario>$AG511),AND(TIPOORCAMENTO=\"LICITADO\",ORÇAMENTO.PrecoUnitarioLicitado>$AN511)),\"ACIMA REF.\",\"\")))))","v":""},{"$f":"IF(C511<=CRONO.NivelExibicao,MAX($AD$15:OFFSET(AD511,-1,0))+IF($C511<>1,1,MAX(1,COUNTIF(QCI!$A$13:$A$41,OFFSET($E511,-1,0)))),\"\")","v":""},{"$f":"IF(AND($C511=\"S\",ORÇAMENTO.CodBarra<>\"\"),IF(ORÇAMENTO.Fonte=\"\",ORÇAMENTO.CodBarra,CONCATENATE(ORÇAMENTO.Fonte,\" \",ORÇAMENTO.CodBarra)))","v":"SINAPI 92996"},{"$f":"IF(ISERROR(INDIRECT(ORÇAMENTO.BancoRef)),\"(abra o arquivo 'Referência \"&Excel_BuiltIn_Database&\".xlsm)\",IF(OR($C511<>\"S\",ORÇAMENTO.CodBarra=\"\"),\"(Sem Código)\",IF(ISERROR(MATCH($AE511,INDIRECT(ORÇAMENTO.BancoRef),0)),\"(Código não identificado nas referências)\",MATCH($AE511,INDIRECT(ORÇAMENTO.BancoRef),0))))","v":3100},{"$f":"ROUND(IF(DESONERACAO=\"sim\",REFERENCIA.Desonerado,REFERENCIA.NaoDesonerado),2)","v":147.16999999999999},0.25,null,35.799999999999997,null,null,6585.77,183.96]
["S",2,"S",0,{"$f":"IF($C512=1,OFFSET(E512,-1,0)+MAX(1,COUNTIF(QCI!$A$13:$A$41,OFFSET(ORÇAMENTO!E512,-1,0))),OFFSET(E512,-1,0))","v":19},4,0,0,6,0,{"$f":"IF(OR($C512=\"S\",$C512=0),0,MATCH(OFFSET($D512,0,$C512)+IF($C512<>1,1,COUNTIF(QCI!$A$13:$A$41,ORÇAMENTO!E512)),OFFSET($D512,1,$C512,ROW($C$744)-ROW($C512)),0))","v":0},"F","Serviço","Serviço","19.4.6.","SINAPI","91935","CABO DE COBRE FLEXÍVEL ISOLADO, 16 MM², ANTI-CHAMA 0,6/1,0 KV, PARA CIRCUITOS TERMINAIS - FORNECIMENTO E INSTALAÇÃO. AF_03/2023",{"$f":"REFERENCIA.Unidade","v":"M"},{"$f":"OFFSET(CÁLCULO!H$15,ROW($T512)-ROW(T$15),0)","v":75.8},{"$f":"ROUND(IF(DESONERACAO=\"sim\",REFERENCIA.Desonerado,REFERENCIA.NaoDesonerado),2)","v":24.36},"BDI 1",{"$f":"IF($C512=\"S\",ROUND(IF(TIPOORCAMENTO=\"Proposto\",ORÇAMENTO.CustoUnitario*(1+$AH512),ORÇAMENTO.PrecoUnitarioLicitado),15-13*$AF$10),0)","v":30.45},{"$f":"IF($C512=\"S\",IF(Import.TipoArredondamento<>\"TransfereGOV\",VTOTAL1,SUM(OFFSET(CÁLCULO!$AA$15,ROW($X512)-ROW($X$15),1):OFFSET(CÁLCULO!$AL$15,ROW($X512)-ROW($X$15),-1))),IF($C512=0,0,ROUND(SomaAgrup,15-13*$AF$11)))","v":2308.11},"RA","RA",{"$f":"IF($C512=\"S\",IF($Z512=\"CP\",$X512,IF($Z512=\"RA\",(($X512)*QCI!$AA$3),0)),SomaAgrup)","v":82.198725419457006},0,{"$f":"IF($N512=\"\",\"\",IF(ORÇAMENTO.Descricao=\"\",\"DESCRIÇÃO\",IF(AND($C512=\"S\",ORÇAMENTO.Unidade=\"\"),\"UNIDADE\",IF($X512<0,\"VALOR NEGATIVO\",IF(OR(AND(TIPOORCAMENTO=\"Proposto\",$AG512<>\"\",$AG512>0,ORÇAMENTO.CustoUnitario>$AG512),AND(TIPOORCAMENTO=\"LICITADO\",ORÇAMENTO.PrecoUnitarioLicitado>$AN512)),\"ACIMA REF.\",\"\")))))","v":""},{"$f":"IF(C512<=CRONO.NivelExibicao,MAX($AD$15:OFFSET(AD512,-1,0))+IF($C512<>1,1,MAX(1,COUNTIF(QCI!$A$13:$A$41,OFFSET($E512,-1,0)))),\"\")","v":""},{"$f":"IF(AND($C512=\"S\",ORÇAMENTO.CodBarra<>\"\"),IF(ORÇAMENTO.Fonte=\"\",ORÇAMENTO.CodBarra,CONCATENATE(ORÇAMENTO.Fonte,\" \",ORÇAMENTO.CodBarra)))","v":"SINAPI 91935"},{"$f":"IF(ISERROR(INDIRECT(ORÇAMENTO.BancoRef)),\"(abra o arquivo 'Referência \"&Excel_BuiltIn_Database&\".xlsm)\",IF(OR($C512<>\"S\",ORÇAMENTO.CodBarra=\"\"),\"(Sem Código)\",IF(ISERROR(MATCH($AE512,INDIRECT(ORÇAMENTO.BancoRef),0)),\"(Código não identificado nas referências)\",MATCH($AE512,INDIRECT(ORÇAMENTO.BancoRef),0))))","v":3089},{"$f":"ROUND(IF(DESONERACAO=\"sim\",REFERENCIA.Desonerado,REFERENCIA.NaoDesonerado),2)","v":24.36},0.25,null,75.8,null,null,2308.11,30.45]
["S",2,"S",0,{"$f":"IF($C513=1,OFFSET(E513,-1,0)+MAX(1,COUNTIF(QCI!$A$13:$A$41,OFFSET(ORÇAMENTO!E513,-1,0))),OFFSET(E513,-1,0))","v":19},4,0,0,7,0,{"$f":"IF(OR($C513=\"S\",$C513=0),0,MATCH(OFFSET($D513,0,$C513)+IF($C513<>1,1,COUNTIF(QCI!$A$13:$A$41,ORÇAMENTO!E513)),OFFSET($D513,1,$C513,ROW($C$744)-ROW($C513)),0))","v":0},"F","Serviço","Serviço","19.4.7.","SINAPI","91929","CABO DE COBRE FLEXÍVEL ISOLADO, 4 MM², ANTI-CHAMA 0,6/1,0 KV, PARA CIRCUITOS TERMINAIS - FORNECIMENTO E INSTALAÇÃO. AF_03/2023",{"$f":"REFERENCIA.Unidade","v":"M"},{"$f":"OFFSET(CÁLCULO!H$15,ROW($T513)-ROW(T$15),0)","v":59},{"$f":"ROUND(IF(DESONERACAO=\"sim\",REFERENCIA.Desonerado,REFERENCIA.NaoDesonerado),2)","v":6.91},"BDI 1",{"$f":"IF($C513=\"S\",ROUND(IF(TIPOORCAMENTO=\"Proposto\",ORÇAMENTO.CustoUnitario*(1+$AH513),ORÇAMENTO.PrecoUnitarioLicitado),15-13*$AF$10),0)","v":8.64},{"$f":"IF($C513=\"S\",IF(Import.TipoArredondamento<>\"TransfereGOV\",VTOTAL1,SUM(OFFSET(CÁLCULO!$AA$15,ROW($X513)-ROW($X$15),1):OFFSET(CÁLCULO!$AL$15,ROW($X513)-ROW($X$15),-1))),IF($C513=0,0,ROUND(SomaAgrup,15-13*$AF$11)))","v":509.76},"RA","RA",{"$f":"IF($C513=\"S\",IF($Z513=\"CP\",$X513,IF($Z513=\"RA\",(($X513)*QCI!$AA$3),0)),SomaAgrup)","v":18.154083761095617},0,{"$f":"IF($N513=\"\",\"\",IF(ORÇAMENTO.Descricao=\"\",\"DESCRIÇÃO\",IF(AND($C513=\"S\",ORÇAMENTO.Unidade=\"\"),\"UNIDADE\",IF($X513<0,\"VALOR NEGATIVO\",IF(OR(AND(TIPOORCAMENTO=\"Proposto\",$AG513<>\"\",$AG513>0,ORÇAMENTO.CustoUnitario>$AG513),AND(TIPOORCAMENTO=\"LICITADO\",ORÇAMENTO.PrecoUnitarioLicitado>$AN513)),\"ACIMA REF.\",\"\")))))","v":""},{"$f":"IF(C513<=CRONO.NivelExibicao,MAX($AD$15:OFFSET(AD513,-1,0))+IF($C513<>1,1,MAX(1,COUNTIF(QCI!$A$13:$A$41,OFFSET($E513,-1,0)))),\"\")","v":""},{"$f":"IF(AND($C513=\"S\",ORÇAMENTO.CodBarra<>\"\"),IF(ORÇAMENTO.Fonte=\"\",ORÇAMENTO.CodBarra,CONCATENATE(ORÇAMENTO.Fonte,\" \",ORÇAMENTO.CodBarra)))","v":"SINAPI 91929"},{"$f":"IF(ISERROR(INDIRECT(ORÇAMENTO.BancoRef)),\"(abra o arquivo 'Referência \"&Excel_BuiltIn_Database&\".xlsm)\",IF(OR($C513<>\"S\",ORÇAMENTO.CodBarra=\"\"),\"(Sem Código)\",IF(ISERROR(MATCH($AE513,INDIRECT(ORÇAMENTO.BancoRef),0)),\"(Código não identificado nas referências)\",MATCH($AE513,INDIRECT(ORÇAMENTO.BancoRef),0))))","v":3083},{"$f":"ROUND(IF(DESONERACAO=\"sim\",REFERENCIA.Desonerado,REFERENCIA.NaoDesonerado),2)","v":6.91},0.25,null,59,null,null,509.76,8.64]
["S",2,"S",0,{"$f":"IF($C514=1,OFFSET(E514,-1,0)+MAX(1,COUNTIF(QCI!$A$13:$A$41,OFFSET(ORÇAMENTO!E514,-1,0))),OFFSET(E514,-1,0))","v":19},4,0,0,8,0,{"$f":"IF(OR($C514=\"S\",$C514=0),0,MATCH(OFFSET($D514,0,$C514)+IF($C514<>1,1,COUNTIF(QCI!$A$13:$A$41,ORÇAMENTO!E514)),OFFSET($D514,1,$C514,ROW($C$744)-ROW($C514)),0))","v":0},"F","Serviço","Serviço","19.4.8.","SINAPI","101564","CABO DE COBRE FLEXÍVEL ISOLADO, 50 MM², 0,6/1,0 KV, PARA REDE AÉREA DE DISTRIBUIÇÃO DE ENERGIA ELÉTRICA DE BAIXA TENSÃO - FORNECIMENTO E INSTALAÇÃO. AF_07/2020",{"$f":"REFERENCIA.Unidade","v":"M"},{"$f":"OFFSET(CÁLCULO!H$15,ROW($T514)-ROW(T$15),0)","v":129},{"$f":"ROUND(IF(DESONERACAO=\"sim\",REFERENCIA.Desonerado,REFERENCIA.NaoDesonerado),2)","v":49.14},"BDI 1",{"$f":"IF($C514=\"S\",ROUND(IF(TIPOORCAMENTO=\"Proposto\",ORÇAMENTO.CustoUnitario*(1+$AH514),ORÇAMENTO.PrecoUnitarioLicitado),15-13*$AF$10),0)","v":61.43},{"$f":"IF($C514=\"S\",IF(Import.TipoArredondamento<>\"TransfereGOV\",VTOTAL1,SUM(OFFSET(CÁLCULO!$AA$15,ROW($X514)-ROW($X$15),1):OFFSET(CÁLCULO!$AL$15,ROW($X514)-ROW($X$15),-1))),IF($C514=0,0,ROUND(SomaAgrup,15-13*$AF$11)))","v":7924.47},"RA","RA",{"$f":"IF($C514=\"S\",IF($Z514=\"CP\",$X514,IF($Z514=\"RA\",(($X514)*QCI!$AA$3),0)),SomaAgrup)","v":282.21416380706484},0,{"$f":"IF($N514=\"\",\"\",IF(ORÇAMENTO.Descricao=\"\",\"DESCRIÇÃO\",IF(AND($C514=\"S\",ORÇAMENTO.Unidade=\"\"),\"UNIDADE\",IF($X514<0,\"VALOR NEGATIVO\",IF(OR(AND(TIPOORCAMENTO=\"Proposto\",$AG514<>\"\",$AG514>0,ORÇAMENTO.CustoUnitario>$AG514),AND(TIPOORCAMENTO=\"LICITADO\",ORÇAMENTO.PrecoUnitarioLicitado>$AN514)),\"ACIMA REF.\",\"\")))))","v":""},{"$f":"IF(C514<=CRONO.NivelExibicao,MAX($AD$15:OFFSET(AD514,-1,0))+IF($C514<>1,1,MAX(1,COUNTIF(QCI!$A$13:$A$41,OFFSET($E514,-1,0)))),\"\")","v":""},{"$f":"IF(AND($C514=\"S\",ORÇAMENTO.CodBarra<>\"\"),IF(ORÇAMENTO.Fonte=\"\",ORÇAMENTO.CodBarra,CONCATENATE(ORÇAMENTO.Fonte,\" \",ORÇAMENTO.CodBarra)))","v":"SINAPI 101564"},{"$f":"IF(ISERROR(INDIRECT(ORÇAMENTO.BancoRef)),\"(abra o arquivo 'Referência \"&Excel_BuiltIn_Database&\".xlsm)\",IF(OR($C514<>\"S\",ORÇAMENTO.CodBarra=\"\"),\"(Sem Código)\",IF(ISERROR(MATCH($AE514,INDIRECT(ORÇAMENTO.BancoRef),0)),\"(Código não identificado nas referências)\",MATCH($AE514,INDIRECT(ORÇAMENTO.BancoRef),0))))","v":3402},{"$f":"ROUND(IF(DESONERACAO=\"sim\",REFERENCIA.Desonerado,REFERENCIA.NaoDesonerado),2)","v":49.14},0.25,null,129,null,null,7924.47,61.43]
["S",2,"S",0,{"$f":"IF($C515=1,OFFSET(E515,-1,0)+MAX(1,COUNTIF(QCI!$A$13:$A$41,OFFSET(ORÇAMENTO!E515,-1,0))),OFFSET(E515,-1,0))","v":19},4,0,0,9,0,{"$f":"IF(OR($C515=\"S\",$C515=0),0,MATCH(OFFSET($D515,0,$C515)+IF($C515<>1,1,COUNTIF(QCI!$A$13:$A$41,ORÇAMENTO!E515)),OFFSET($D515,1,$C515,ROW($C$744)-ROW($C515)),0))","v":0},"F","Serviço","Serviço","19.4.9.","SINAPI","91931","CABO DE COBRE FLEXÍVEL ISOLADO, 6 MM², ANTI-CHAMA 0,6/1,0 KV, PARA CIRCUITOS TERMINAIS - FORNECIMENTO E INSTALAÇÃO. AF_03/2023",{"$f":"REFERENCIA.Unidade","v":"M"},{"$f":"OFFSET(CÁLCULO!H$15,ROW($T515)-ROW(T$15),0)","v":739},{"$f":"ROUND(IF(DESONERACAO=\"sim\",REFERENCIA.Desonerado,REFERENCIA.NaoDesonerado),2)","v":9.74},"BDI 1",{"$f":"IF($C515=\"S\",ROUND(IF(TIPOORCAMENTO=\"Proposto\",ORÇAMENTO.CustoUnitario*(1+$AH515),ORÇAMENTO.PrecoUnitarioLicitado),15-13*$AF$10),0)","v":12.18},{"$f":"IF($C515=\"S\",IF(Import.TipoArredondamento<>\"TransfereGOV\",VTOTAL1,SUM(OFFSET(CÁLCULO!$AA$15,ROW($X515)-ROW($X$15),1):OFFSET(CÁLCULO!$AL$15,ROW($X515)-ROW($X$15),-1))),IF($C515=0,0,ROUND(SomaAgrup,15-13*$AF$11)))","v":9001.02},"RA","RA",{"$f":"IF($C515=\"S\",IF($Z515=\"CP\",$X515,IF($Z515=\"RA\",(($X515)*QCI!$AA$3),0)),SomaAgrup)","v":320.55334081782973},0,{"$f":"IF($N515=\"\",\"\",IF(ORÇAMENTO.Descricao=\"\",\"DESCRIÇÃO\",IF(AND($C515=\"S\",ORÇAMENTO.Unidade=\"\"),\"UNIDADE\",IF($X515<0,\"VALOR NEGATIVO\",IF(OR(AND(TIPOORCAMENTO=\"Proposto\",$AG515<>\"\",$AG515>0,ORÇAMENTO.CustoUnitario>$AG515),AND(TIPOORCAMENTO=\"LICITADO\",ORÇAMENTO.PrecoUnitarioLicitado>$AN515)),\"ACIMA REF.\",\"\")))))","v":""},{"$f":"IF(C515<=CRONO.NivelExibicao,MAX($AD$15:OFFSET(AD515,-1,0))+IF($C515<>1,1,MAX(1,COUNTIF(QCI!$A$13:$A$41,OFFSET($E515,-1,0)))),\"\")","v":""},{"$f":"IF(AND($C515=\"S\",ORÇAMENTO.CodBarra<>\"\"),IF(ORÇAMENTO.Fonte=\"\",ORÇAMENTO.CodBarra,CONCATENATE(ORÇAMENTO.Fonte,\" \",ORÇAMENTO.CodBarra)))","v":"SINAPI 91931"},{"$f":"IF(ISERROR(INDIRECT(ORÇAMENTO.BancoRef)),\"(abra o arquivo 'Referência \"&Excel_BuiltIn_Database&\".xlsm)\",IF(OR($C515<>\"S\",ORÇAMENTO.CodBarra=\"\"),\"(Sem Código)\",IF(ISERROR(MATCH($AE515,INDIRECT(ORÇAMENTO.BancoRef),0)),\"(Código não identificado nas referências)\",MATCH($AE515,INDIRECT(ORÇAMENTO.BancoRef),0))))","v":3085},{"$f":"ROUND(IF(DESONERACAO=\"sim\",REFERENCIA.Desonerado,REFERENCIA.NaoDesonerado),2)","v":9.74},0.25,null,739,null,null,9001.02,12.18]
["S",2,"S",0,{"$f":"IF($C516=1,OFFSET(E516,-1,0)+MAX(1,COUNTIF(QCI!$A$13:$A$41,OFFSET(ORÇAMENTO!E516,-1,0))),OFFSET(E516,-1,0))","v":19},4,0,0,10,0,{"$f":"IF(OR($C516=\"S\",$C516=0),0,MATCH(OFFSET($D516,0,$C516)+IF($C516<>1,1,COUNTIF(QCI!$A$13:$A$41,ORÇAMENTO!E516)),OFFSET($D516,1,$C516,ROW($C$744)-ROW($C516)),0))","v":0},"F","Serviço","Serviço","19.4.10.","SINAPI","101567","CABO DE COBRE FLEXÍVEL ISOLADO, 95 MM², 0,6/1,0 KV, PARA REDE AÉREA DE DISTRIBUIÇÃO DE ENERGIA ELÉTRICA DE BAIXA TENSÃO - FORNECIMENTO E INSTALAÇÃO. AF_07/2020",{"$f":"REFERENCIA.Unidade","v":"M"},{"$f":"OFFSET(CÁLCULO!H$15,ROW($T516)-ROW(T$15),0)","v":524.79999999999995},{"$f":"ROUND(IF(DESONERACAO=\"sim\",REFERENCIA.Desonerado,REFERENCIA.NaoDesonerado),2)","v":89.2},"BDI 1",{"$f":"IF($C516=\"S\",ROUND(IF(TIPOORCAMENTO=\"Proposto\",ORÇAMENTO.CustoUnitario*(1+$AH516),ORÇAMENTO.PrecoUnitarioLicitado),15-13*$AF$10),0)","v":111.5},{"$f":"IF($C516=\"S\",IF(Import.TipoArredondamento<>\"TransfereGOV\",VTOTAL1,SUM(OFFSET(CÁLCULO!$AA$15,ROW($X516)-ROW($X$15),1):OFFSET(CÁLCULO!$AL$15,ROW($X516)-ROW($X$15),-1))),IF($C516=0,0,ROUND(SomaAgrup,15-13*$AF$11)))","v":58515.199999999997},"RA","RA",{"$f":"IF($C516=\"S\",IF($Z516=\"CP\",$X516,IF($Z516=\"RA\",(($X516)*QCI!$AA$3),0)),SomaAgrup)","v":2083.9019187407057},0,{"$f":"IF($N516=\"\",\"\",IF(ORÇAMENTO.Descricao=\"\",\"DESCRIÇÃO\",IF(AND($C516=\"S\",ORÇAMENTO.Unidade=\"\"),\"UNIDADE\",IF($X516<0,\"VALOR NEGATIVO\",IF(OR(AND(TIPOORCAMENTO=\"Proposto\",$AG516<>\"\",$AG516>0,ORÇAMENTO.CustoUnitario>$AG516),AND(TIPOORCAMENTO=\"LICITADO\",ORÇAMENTO.PrecoUnitarioLicitado>$AN516)),\"ACIMA REF.\",\"\")))))","v":""},{"$f":"IF(C516<=CRONO.NivelExibicao,MAX($AD$15:OFFSET(AD516,-1,0))+IF($C516<>1,1,MAX(1,COUNTIF(QCI!$A$13:$A$41,OFFSET($E516,-1,0)))),\"\")","v":""},{"$f":"IF(AND($C516=\"S\",ORÇAMENTO.CodBarra<>\"\"),IF(ORÇAMENTO.Fonte=\"\",ORÇAMENTO.CodBarra,CONCATENATE(ORÇAMENTO.Fonte,\" \",ORÇAMENTO.CodBarra)))","v":"SINAPI 101567"},{"$f":"IF(ISERROR(INDIRECT(ORÇAMENTO.BancoRef)),\"(abra o arquivo 'Referência \"&Excel_BuiltIn_Database&\".xlsm)\",IF(OR($C516<>\"S\",ORÇAMENTO.CodBarra=\"\"),\"(Sem Código)\",IF(ISERROR(MATCH($AE516,INDIRECT(ORÇAMENTO.BancoRef),0)),\"(Código não identificado nas referências)\",MATCH($AE516,INDIRECT(ORÇAMENTO.BancoRef),0))))","v":3404},{"$f":"ROUND(IF(DESONERACAO=\"sim\",REFERENCIA.Desonerado,REFERENCIA.NaoDesonerado),2)","v":89.2},0.25,null,524.79999999999995,null,null,58515.199999999997,111.5]
["S",2,"S",0,{"$f":"IF($C517=1,OFFSET(E517,-1,0)+MAX(1,COUNTIF(QCI!$A$13:$A$41,OFFSET(ORÇAMENTO!E517,-1,0))),OFFSET(E517,-1,0))","v":19},4,0,0,11,0,{"$f":"IF(OR($C517=\"S\",$C517=0),0,MATCH(OFFSET($D517,0,$C517)+IF($C517<>1,1,COUNTIF(QCI!$A$13:$A$41,ORÇAMENTO!E517)),OFFSET($D517,1,$C517,ROW($C$744)-ROW($C517)),0))","v":0},"F","Serviço","Serviço","19.4.11.","SINAPI","91924","CABO DE COBRE FLEXÍVEL ISOLADO, 1,5 MM², ANTI-CHAMA 450/750 V, PARA CIRCUITOS TERMINAIS - FORNECIMENTO E INSTALAÇÃO. AF_03/2023",{"$f":"REFERENCIA.Unidade","v":"M"},{"$f":"OFFSET(CÁLCULO!H$15,ROW($T517)-ROW(T$15),0)","v":3983.2},{"$f":"ROUND(IF(DESONERACAO=\"sim\",REFERENCIA.Desonerado,REFERENCIA.NaoDesonerado),2)","v":2.93},"BDI 1",{"$f":"IF($C517=\"S\",ROUND(IF(TIPOORCAMENTO=\"Proposto\",ORÇAMENTO.CustoUnitario*(1+$AH517),ORÇAMENTO.PrecoUnitarioLicitado),15-13*$AF$10),0)","v":3.66},{"$f":"IF($C517=\"S\",IF(Import.TipoArredondamento<>\"TransfereGOV\",VTOTAL1,SUM(OFFSET(CÁLCULO!$AA$15,ROW($X517)-ROW($X$15),1):OFFSET(CÁLCULO!$AL$15,ROW($X517)-ROW($X$15),-1))),IF($C517=0,0,ROUND(SomaAgrup,15-13*$AF$11)))","v":14578.51},"RA","RA",{"$f":"IF($C517=\"S\",IF($Z517=\"CP\",$X517,IF($Z517=\"RA\",(($X517)*QCI!$AA$3),0)),SomaAgrup)","v":519.18450182825268},0,{"$f":"IF($N517=\"\",\"\",IF(ORÇAMENTO.Descricao=\"\",\"DESCRIÇÃO\",IF(AND($C517=\"S\",ORÇAMENTO.Unidade=\"\"),\"UNIDADE\",IF($X517<0,\"VALOR NEGATIVO\",IF(OR(AND(TIPOORCAMENTO=\"Proposto\",$AG517<>\"\",$AG517>0,ORÇAMENTO.CustoUnitario>$AG517),AND(TIPOORCAMENTO=\"LICITADO\",ORÇAMENTO.PrecoUnitarioLicitado>$AN517)),\"ACIMA REF.\",\"\")))))","v":""},{"$f":"IF(C517<=CRONO.NivelExibicao,MAX($AD$15:OFFSET(AD517,-1,0))+IF($C517<>1,1,MAX(1,COUNTIF(QCI!$A$13:$A$41,OFFSET($E517,-1,0)))),\"\")","v":""},{"$f":"IF(AND($C517=\"S\",ORÇAMENTO.CodBarra<>\"\"),IF(ORÇAMENTO.Fonte=\"\",ORÇAMENTO.CodBarra,CONCATENATE(ORÇAMENTO.Fonte,\" \",ORÇAMENTO.CodBarra)))","v":"SINAPI 91924"},{"$f":"IF(ISERROR(INDIRECT(ORÇAMENTO.BancoRef)),\"(abra o arquivo 'Referência \"&Excel_BuiltIn_Database&\".xlsm)\",IF(OR($C517<>\"S\",ORÇAMENTO.CodBarra=\"\"),\"(Sem Código)\",IF(ISERROR(MATCH($AE517,INDIRECT(ORÇAMENTO.BancoRef),0)),\"(Código não identificado nas referências)\",MATCH($AE517,INDIRECT(ORÇAMENTO.BancoRef),0))))","v":3078},{"$f":"ROUND(IF(DESONERACAO=\"sim\",REFERENCIA.Desonerado,REFERENCIA.NaoDesonerado),2)","v":2.93},0.25,null,3983.2,null,null,14578.51,3.66]
["S",2,"S",0,{"$f":"IF($C518=1,OFFSET(E518,-1,0)+MAX(1,COUNTIF(QCI!$A$13:$A$41,OFFSET(ORÇAMENTO!E518,-1,0))),OFFSET(E518,-1,0))","v":19},4,0,0,12,0,{"$f":"IF(OR($C518=\"S\",$C518=0),0,MATCH(OFFSET($D518,0,$C518)+IF($C518<>1,1,COUNTIF(QCI!$A$13:$A$41,ORÇAMENTO!E518)),OFFSET($D518,1,$C518,ROW($C$744)-ROW($C518)),0))","v":0},"F","Serviço","Serviço","19.4.12.","SINAPI","92981","CABO DE COBRE FLEXÍVEL ISOLADO, 16 MM², ANTI-CHAMA 450/750 V, PARA DISTRIBUIÇÃO - FORNECIMENTO E INSTALAÇÃO. AF_10/2020",{"$f":"REFERENCIA.Unidade","v":"M"},{"$f":"OFFSET(CÁLCULO!H$15,ROW($T518)-ROW(T$15),0)","v":9.6999999999999993},{"$f":"ROUND(IF(DESONERACAO=\"sim\",REFERENCIA.Desonerado,REFERENCIA.NaoDesonerado),2)","v":14.79},"BDI 1",{"$f":"IF($C518=\"S\",ROUND(IF(TIPOORCAMENTO=\"Proposto\",ORÇAMENTO.CustoUnitario*(1+$AH518),ORÇAMENTO.PrecoUnitarioLicitado),15-13*$AF$10),0)","v":18.489999999999998},{"$f":"IF($C518=\"S\",IF(Import.TipoArredondamento<>\"TransfereGOV\",VTOTAL1,SUM(OFFSET(CÁLCULO!$AA$15,ROW($X518)-ROW($X$15),1):OFFSET(CÁLCULO!$AL$15,ROW($X518)-ROW($X$15),-1))),IF($C518=0,0,ROUND(SomaAgrup,15-13*$AF$11)))","v":179.35},"RA","RA",{"$f":"IF($C518=\"S\",IF($Z518=\"CP\",$X518,IF($Z518=\"RA\",(($X518)*QCI!$AA$3),0)),SomaAgrup)","v":6.3871918599978397},0,{"$f":"IF($N518=\"\",\"\",IF(ORÇAMENTO.Descricao=\"\",\"DESCRIÇÃO\",IF(AND($C518=\"S\",ORÇAMENTO.Unidade=\"\"),\"UNIDADE\",IF($X518<0,\"VALOR NEGATIVO\",IF(OR(AND(TIPOORCAMENTO=\"Proposto\",$AG518<>\"\",$AG518>0,ORÇAMENTO.CustoUnitario>$AG518),AND(TIPOORCAMENTO=\"LICITADO\",ORÇAMENTO.PrecoUnitarioLicitado>$AN518)),\"ACIMA REF.\",\"\")))))","v":""},{"$f":"IF(C518<=CRONO.NivelExibicao,MAX($AD$15:OFFSET(AD518,-1,0))+IF($C518<>1,1,MAX(1,COUNTIF(QCI!$A$13:$A$41,OFFSET($E518,-1,0)))),\"\")","v":""},{"$f":"IF(AND($C518=\"S\",ORÇAMENTO.CodBarra<>\"\"),IF(ORÇAMENTO.Fonte=\"\",ORÇAMENTO.CodBarra,CONCATENATE(ORÇAMENTO.Fonte,\" \",ORÇAMENTO.CodBarra)))","v":"SINAPI 92981"},{"$f":"IF(ISERROR(INDIRECT(ORÇAMENTO.BancoRef)),\"(abra o arquivo 'Referência \"&Excel_BuiltIn_Database&\".xlsm)\",IF(OR($C518<>\"S\",ORÇAMENTO.CodBarra=\"\"),\"(Sem Código)\",IF(ISERROR(MATCH($AE518,INDIRECT(ORÇAMENTO.BancoRef),0)),\"(Código não identificado nas referências)\",MATCH($AE518,INDIRECT(ORÇAMENTO.BancoRef),0))))","v":3092},{"$f":"ROUND(IF(DESONERACAO=\"sim\",REFERENCIA.Desonerado,REFERENCIA.NaoDesonerado),2)","v":14.79},0.25,null,9.6999999999999993,null,null,179.35,18.489999999999998]
["S",2,"S",0,{"$f":"IF($C519=1,OFFSET(E519,-1,0)+MAX(1,COUNTIF(QCI!$A$13:$A$41,OFFSET(ORÇAMENTO!E519,-1,0))),OFFSET(E519,-1,0))","v":19},4,0,0,13,0,{"$f":"IF(OR($C519=\"S\",$C519=0),0,MATCH(OFFSET($D519,0,$C519)+IF($C519<>1,1,COUNTIF(QCI!$A$13:$A$41,ORÇAMENTO!E519)),OFFSET($D519,1,$C519,ROW($C$744)-ROW($C519)),0))","v":0},"F","Serviço","Serviço","19.4.13.","SINAPI","91926","CABO DE COBRE FLEXÍVEL ISOLADO, 2,5 MM², ANTI-CHAMA 450/750 V, PARA CIRCUITOS TERMINAIS - FORNECIMENTO E INSTALAÇÃO. AF_03/2023",{"$f":"REFERENCIA.Unidade","v":"M"},{"$f":"OFFSET(CÁLCULO!H$15,ROW($T519)-ROW(T$15),0)","v":4433.5},{"$f":"ROUND(IF(DESONERACAO=\"sim\",REFERENCIA.Desonerado,REFERENCIA.NaoDesonerado),2)","v":4.22},"BDI 1",{"$f":"IF($C519=\"S\",ROUND(IF(TIPOORCAMENTO=\"Proposto\",ORÇAMENTO.CustoUnitario*(1+$AH519),ORÇAMENTO.PrecoUnitarioLicitado),15-13*$AF$10),0)","v":5.28},{"$f":"IF($C519=\"S\",IF(Import.TipoArredondamento<>\"TransfereGOV\",VTOTAL1,SUM(OFFSET(CÁLCULO!$AA$15,ROW($X519)-ROW($X$15),1):OFFSET(CÁLCULO!$AL$15,ROW($X519)-ROW($X$15),-1))),IF($C519=0,0,ROUND(SomaAgrup,15-13*$AF$11)))","v":23408.880000000001},"RA","RA",{"$f":"IF($C519=\"S\",IF($Z519=\"CP\",$X519,IF($Z519=\"RA\",(($X519)*QCI!$AA$3),0)),SomaAgrup)","v":833.66048390112201},0,{"$f":"IF($N519=\"\",\"\",IF(ORÇAMENTO.Descricao=\"\",\"DESCRIÇÃO\",IF(AND($C519=\"S\",ORÇAMENTO.Unidade=\"\"),\"UNIDADE\",IF($X519<0,\"VALOR NEGATIVO\",IF(OR(AND(TIPOORCAMENTO=\"Proposto\",$AG519<>\"\",$AG519>0,ORÇAMENTO.CustoUnitario>$AG519),AND(TIPOORCAMENTO=\"LICITADO\",ORÇAMENTO.PrecoUnitarioLicitado>$AN519)),\"ACIMA REF.\",\"\")))))","v":""},{"$f":"IF(C519<=CRONO.NivelExibicao,MAX($AD$15:OFFSET(AD519,-1,0))+IF($C519<>1,1,MAX(1,COUNTIF(QCI!$A$13:$A$41,OFFSET($E519,-1,0)))),\"\")","v":""},{"$f":"IF(AND($C519=\"S\",ORÇAMENTO.CodBarra<>\"\"),IF(ORÇAMENTO.Fonte=\"\",ORÇAMENTO.CodBarra,CONCATENATE(ORÇAMENTO.Fonte,\" \",ORÇAMENTO.CodBarra)))","v":"SINAPI 91926"},{"$f":"IF(ISERROR(INDIRECT(ORÇAMENTO.BancoRef)),\"(abra o arquivo 'Referência \"&Excel_BuiltIn_Database&\".xlsm)\",IF(OR($C519<>\"S\",ORÇAMENTO.CodBarra=\"\"),\"(Sem Código)\",IF(ISERROR(MATCH($AE519,INDIRECT(ORÇAMENTO.BancoRef),0)),\"(Código não identificado nas referências)\",MATCH($AE519,INDIRECT(ORÇAMENTO.BancoRef),0))))","v":3080},{"$f":"ROUND(IF(DESONERACAO=\"sim\",REFERENCIA.Desonerado,REFERENCIA.NaoDesonerado),2)","v":4.22},0.25,null,4433.5,null,null,23408.880000000001,5.28]
["S",2,"S",0,{"$f":"IF($C520=1,OFFSET(E520,-1,0)+MAX(1,COUNTIF(QCI!$A$13:$A$41,OFFSET(ORÇAMENTO!E520,-1,0))),OFFSET(E520,-1,0))","v":19},4,0,0,14,0,{"$f":"IF(OR($C520=\"S\",$C520=0),0,MATCH(OFFSET($D520,0,$C520)+IF($C520<>1,1,COUNTIF(QCI!$A$13:$A$41,ORÇAMENTO!E520)),OFFSET($D520,1,$C520,ROW($C$744)-ROW($C520)),0))","v":0},"F","Serviço","Serviço","19.4.14.","SINAPI","101562","CABO DE COBRE FLEXÍVEL ISOLADO, 25 MM², 0,6/1,0 KV, PARA REDE AÉREA DE DISTRIBUIÇÃO DE ENERGIA ELÉTRICA DE BAIXA TENSÃO - FORNECIMENTO E INSTALAÇÃO. AF_07/2020",{"$f":"REFERENCIA.Unidade","v":"M"},{"$f":"OFFSET(CÁLCULO!H$15,ROW($T520)-ROW(T$15),0)","v":57.3},{"$f":"ROUND(IF(DESONERACAO=\"sim\",REFERENCIA.Desonerado,REFERENCIA.NaoDesonerado),2)","v":23.55},"BDI 1",{"$f":"IF($C520=\"S\",ROUND(IF(TIPOORCAMENTO=\"Proposto\",ORÇAMENTO.CustoUnitario*(1+$AH520),ORÇAMENTO.PrecoUnitarioLicitado),15-13*$AF$10),0)","v":29.44},{"$f":"IF($C520=\"S\",IF(Import.TipoArredondamento<>\"TransfereGOV\",VTOTAL1,SUM(OFFSET(CÁLCULO!$AA$15,ROW($X520)-ROW($X$15),1):OFFSET(CÁLCULO!$AL$15,ROW($X520)-ROW($X$15),-1))),IF($C520=0,0,ROUND(SomaAgrup,15-13*$AF$11)))","v":1686.91},"RA","RA",{"$f":"IF($C520=\"S\",IF($Z520=\"CP\",$X520,IF($Z520=\"RA\",(($X520)*QCI!$AA$3),0)),SomaAgrup)","v":60.075928745742715},0,{"$f":"IF($N520=\"\",\"\",IF(ORÇAMENTO.Descricao=\"\",\"DESCRIÇÃO\",IF(AND($C520=\"S\",ORÇAMENTO.Unidade=\"\"),\"UNIDADE\",IF($X520<0,\"VALOR NEGATIVO\",IF(OR(AND(TIPOORCAMENTO=\"Proposto\",$AG520<>\"\",$AG520>0,ORÇAMENTO.CustoUnitario>$AG520),AND(TIPOORCAMENTO=\"LICITADO\",ORÇAMENTO.PrecoUnitarioLicitado>$AN520)),\"ACIMA REF.\",\"\")))))","v":""},{"$f":"IF(C520<=CRONO.NivelExibicao,MAX($AD$15:OFFSET(AD520,-1,0))+IF($C520<>1,1,MAX(1,COUNTIF(QCI!$A$13:$A$41,OFFSET($E520,-1,0)))),\"\")","v":""},{"$f":"IF(AND($C520=\"S\",ORÇAMENTO.CodBarra<>\"\"),IF(ORÇAMENTO.Fonte=\"\",ORÇAMENTO.CodBarra,CONCATENATE(ORÇAMENTO.Fonte,\" \",ORÇAMENTO.CodBarra)))","v":"SINAPI 101562"},{"$f":"IF(ISERROR(INDIRECT(ORÇAMENTO.BancoRef)),\"(abra o arquivo 'Referência \"&Excel_BuiltIn_Database&\".xlsm)\",IF(OR($C520<>\"S\",ORÇAMENTO.CodBarra=\"\"),\"(Sem Código)\",IF(ISERROR(MATCH($AE520,INDIRECT(ORÇAMENTO.BancoRef),0)),\"(Código não identificado nas referências)\",MATCH($AE520,INDIRECT(ORÇAMENTO.BancoRef),0))))","v":3400},{"$f":"ROUND(IF(DESONERACAO=\"sim\",REFERENCIA.Desonerado,REFERENCIA.NaoDesonerado),2)","v":23.55},0.25,null,57.3,null,null,1686.91,29.44]
["S",2,"S",0,{"$f":"IF($C521=1,OFFSET(E521,-1,0)+MAX(1,COUNTIF(QCI!$A$13:$A$41,OFFSET(ORÇAMENTO!E521,-1,0))),OFFSET(E521,-1,0))","v":19},4,0,0,15,0,{"$f":"IF(OR($C521=\"S\",$C521=0),0,MATCH(OFFSET($D521,0,$C521)+IF($C521<>1,1,COUNTIF(QCI!$A$13:$A$41,ORÇAMENTO!E521)),OFFSET($D521,1,$C521,ROW($C$744)-ROW($C521)),0))","v":0},"F","Serviço","Serviço","19.4.15.","SINAPI","91928","CABO DE COBRE FLEXÍVEL ISOLADO, 4 MM², ANTI-CHAMA 450/750 V, PARA CIRCUITOS TERMINAIS - FORNECIMENTO E INSTALAÇÃO. AF_03/2023",{"$f":"REFERENCIA.Unidade","v":"M"},{"$f":"OFFSET(CÁLCULO!H$15,ROW($T521)-ROW(T$15),0)","v":670.9},{"$f":"ROUND(IF(DESONERACAO=\"sim\",REFERENCIA.Desonerado,REFERENCIA.NaoDesonerado),2)","v":6.48},"BDI 1",{"$f":"IF($C521=\"S\",ROUND(IF(TIPOORCAMENTO=\"Proposto\",ORÇAMENTO.CustoUnitario*(1+$AH521),ORÇAMENTO.PrecoUnitarioLicitado),15-13*$AF$10),0)","v":8.1},{"$f":"IF($C521=\"S\",IF(Import.TipoArredondamento<>\"TransfereGOV\",VTOTAL1,SUM(OFFSET(CÁLCULO!$AA$15,ROW($X521)-ROW($X$15),1):OFFSET(CÁLCULO!$AL$15,ROW($X521)-ROW($X$15),-1))),IF($C521=0,0,ROUND(SomaAgrup,15-13*$AF$11)))","v":5434.29},"RA","RA",{"$f":"IF($C521=\"S\",IF($Z521=\"CP\",$X521,IF($Z521=\"RA\",(($X521)*QCI!$AA$3),0)),SomaAgrup)","v":193.53137916290862},0,{"$f":"IF($N521=\"\",\"\",IF(ORÇAMENTO.Descricao=\"\",\"DESCRIÇÃO\",IF(AND($C521=\"S\",ORÇAMENTO.Unidade=\"\"),\"UNIDADE\",IF($X521<0,\"VALOR NEGATIVO\",IF(OR(AND(TIPOORCAMENTO=\"Proposto\",$AG521<>\"\",$AG521>0,ORÇAMENTO.CustoUnitario>$AG521),AND(TIPOORCAMENTO=\"LICITADO\",ORÇAMENTO.PrecoUnitarioLicitado>$AN521)),\"ACIMA REF.\",\"\")))))","v":""},{"$f":"IF(C521<=CRONO.NivelExibicao,MAX($AD$15:OFFSET(AD521,-1,0))+IF($C521<>1,1,MAX(1,COUNTIF(QCI!$A$13:$A$41,OFFSET($E521,-1,0)))),\"\")","v":""},{"$f":"IF(AND($C521=\"S\",ORÇAMENTO.CodBarra<>\"\"),IF(ORÇAMENTO.Fonte=\"\",ORÇAMENTO.CodBarra,CONCATENATE(ORÇAMENTO.Fonte,\" \",ORÇAMENTO.CodBarra)))","v":"SINAPI 91928"},{"$f":"IF(ISERROR(INDIRECT(ORÇAMENTO.BancoRef)),\"(abra o arquivo 'Referência \"&Excel_BuiltIn_Database&\".xlsm)\",IF(OR($C521<>\"S\",ORÇAMENTO.CodBarra=\"\"),\"(Sem Código)\",IF(ISERROR(MATCH($AE521,INDIRECT(ORÇAMENTO.BancoRef),0)),\"(Código não identificado nas referências)\",MATCH($AE521,INDIRECT(ORÇAMENTO.BancoRef),0))))","v":3082},{"$f":"ROUND(IF(DESONERACAO=\"sim\",REFERENCIA.Desonerado,REFERENCIA.NaoDesonerado),2)","v":6.48},0.25,null,670.9,null,null,5434.29,8.1]
["S",2,"S",0,{"$f":"IF($C522=1,OFFSET(E522,-1,0)+MAX(1,COUNTIF(QCI!$A$13:$A$41,OFFSET(ORÇAMENTO!E522,-1,0))),OFFSET(E522,-1,0))","v":19},4,0,0,16,0,{"$f":"IF(OR($C522=\"S\",$C522=0),0,MATCH(OFFSET($D522,0,$C522)+IF($C522<>1,1,COUNTIF(QCI!$A$13:$A$41,ORÇAMENTO!E522)),OFFSET($D522,1,$C522,ROW($C$744)-ROW($C522)),0))","v":0},"F","Serviço","Serviço","19.4.16.","SINAPI","101564","CABO DE COBRE FLEXÍVEL ISOLADO, 50 MM², 0,6/1,0 KV, PARA REDE AÉREA DE DISTRIBUIÇÃO DE ENERGIA ELÉTRICA DE BAIXA TENSÃO - FORNECIMENTO E INSTALAÇÃO. AF_07/2020",{"$f":"REFERENCIA.Unidade","v":"M"},{"$f":"OFFSET(CÁLCULO!H$15,ROW($T522)-ROW(T$15),0)","v":74.7},{"$f":"ROUND(IF(DESONERACAO=\"sim\",REFERENCIA.Desonerado,REFERENCIA.NaoDesonerado),2)","v":49.14},"BDI 1",{"$f":"IF($C522=\"S\",ROUND(IF(TIPOORCAMENTO=\"Proposto\",ORÇAMENTO.CustoUnitario*(1+$AH522),ORÇAMENTO.PrecoUnitarioLicitado),15-13*$AF$10),0)","v":61.43},{"$f":"IF($C522=\"S\",IF(Import.TipoArredondamento<>\"TransfereGOV\",VTOTAL1,SUM(OFFSET(CÁLCULO!$AA$15,ROW($X522)-ROW($X$15),1):OFFSET(CÁLCULO!$AL$15,ROW($X522)-ROW($X$15),-1))),IF($C522=0,0,ROUND(SomaAgrup,15-13*$AF$11)))","v":4588.82},"RA","RA",{"$f":"IF($C522=\"S\",IF($Z522=\"CP\",$X522,IF($Z522=\"RA\",(($X522)*QCI!$AA$3),0)),SomaAgrup)","v":163.42165459155441},0,{"$f":"IF($N522=\"\",\"\",IF(ORÇAMENTO.Descricao=\"\",\"DESCRIÇÃO\",IF(AND($C522=\"S\",ORÇAMENTO.Unidade=\"\"),\"UNIDADE\",IF($X522<0,\"VALOR NEGATIVO\",IF(OR(AND(TIPOORCAMENTO=\"Proposto\",$AG522<>\"\",$AG522>0,ORÇAMENTO.CustoUnitario>$AG522),AND(TIPOORCAMENTO=\"LICITADO\",ORÇAMENTO.PrecoUnitarioLicitado>$AN522)),\"ACIMA REF.\",\"\")))))","v":""},{"$f":"IF(C522<=CRONO.NivelExibicao,MAX($AD$15:OFFSET(AD522,-1,0))+IF($C522<>1,1,MAX(1,COUNTIF(QCI!$A$13:$A$41,OFFSET($E522,-1,0)))),\"\")","v":""},{"$f":"IF(AND($C522=\"S\",ORÇAMENTO.CodBarra<>\"\"),IF(ORÇAMENTO.Fonte=\"\",ORÇAMENTO.CodBarra,CONCATENATE(ORÇAMENTO.Fonte,\" \",ORÇAMENTO.CodBarra)))","v":"SINAPI 101564"},{"$f":"IF(ISERROR(INDIRECT(ORÇAMENTO.BancoRef)),\"(abra o arquivo 'Referência \"&Excel_BuiltIn_Database&\".xlsm)\",IF(OR($C522<>\"S\",ORÇAMENTO.CodBarra=\"\"),\"(Sem Código)\",IF(ISERROR(MATCH($AE522,INDIRECT(ORÇAMENTO.BancoRef),0)),\"(Código não identificado nas referências)\",MATCH($AE522,INDIRECT(ORÇAMENTO.BancoRef),0))))","v":3402},{"$f":"ROUND(IF(DESONERACAO=\"sim\",REFERENCIA.Desonerado,REFERENCIA.NaoDesonerado),2)","v":49.14},0.25,null,74.7,null,null,4588.82,61.43]
["S",2,"S",0,{"$f":"IF($C523=1,OFFSET(E523,-1,0)+MAX(1,COUNTIF(QCI!$A$13:$A$41,OFFSET(ORÇAMENTO!E523,-1,0))),OFFSET(E523,-1,0))","v":19},4,0,0,17,0,{"$f":"IF(OR($C523=\"S\",$C523=0),0,MATCH(OFFSET($D523,0,$C523)+IF($C523<>1,1,COUNTIF(QCI!$A$13:$A$41,ORÇAMENTO!E523)),OFFSET($D523,1,$C523,ROW($C$744)-ROW($C523)),0))","v":0},"F","Serviço","Serviço","19.4.17.","SINAPI","91930","CABO DE COBRE FLEXÍVEL ISOLADO, 6 MM², ANTI-CHAMA 450/750 V, PARA CIRCUITOS TERMINAIS - FORNECIMENTO E INSTALAÇÃO. AF_03/2023",{"$f":"REFERENCIA.Unidade","v":"M"},{"$f":"OFFSET(CÁLCULO!H$15,ROW($T523)-ROW(T$15),0)","v":81.900000000000006},{"$f":"ROUND(IF(DESONERACAO=\"sim\",REFERENCIA.Desonerado,REFERENCIA.NaoDesonerado),2)","v":9.0500000000000007},"BDI 1",{"$f":"IF($C523=\"S\",ROUND(IF(TIPOORCAMENTO=\"Proposto\",ORÇAMENTO.CustoUnitario*(1+$AH523),ORÇAMENTO.PrecoUnitarioLicitado),15-13*$AF$10),0)","v":11.31},{"$f":"IF($C523=\"S\",IF(Import.TipoArredondamento<>\"TransfereGOV\",VTOTAL1,SUM(OFFSET(CÁLCULO!$AA$15,ROW($X523)-ROW($X$15),1):OFFSET(CÁLCULO!$AL$15,ROW($X523)-ROW($X$15),-1))),IF($C523=0,0,ROUND(SomaAgrup,15-13*$AF$11)))","v":926.29},"RA","RA",{"$f":"IF($C523=\"S\",IF($Z523=\"CP\",$X523,IF($Z523=\"RA\",(($X523)*QCI!$AA$3),0)),SomaAgrup)","v":32.987967371047667},0,{"$f":"IF($N523=\"\",\"\",IF(ORÇAMENTO.Descricao=\"\",\"DESCRIÇÃO\",IF(AND($C523=\"S\",ORÇAMENTO.Unidade=\"\"),\"UNIDADE\",IF($X523<0,\"VALOR NEGATIVO\",IF(OR(AND(TIPOORCAMENTO=\"Proposto\",$AG523<>\"\",$AG523>0,ORÇAMENTO.CustoUnitario>$AG523),AND(TIPOORCAMENTO=\"LICITADO\",ORÇAMENTO.PrecoUnitarioLicitado>$AN523)),\"ACIMA REF.\",\"\")))))","v":""},{"$f":"IF(C523<=CRONO.NivelExibicao,MAX($AD$15:OFFSET(AD523,-1,0))+IF($C523<>1,1,MAX(1,COUNTIF(QCI!$A$13:$A$41,OFFSET($E523,-1,0)))),\"\")","v":""},{"$f":"IF(AND($C523=\"S\",ORÇAMENTO.CodBarra<>\"\"),IF(ORÇAMENTO.Fonte=\"\",ORÇAMENTO.CodBarra,CONCATENATE(ORÇAMENTO.Fonte,\" \",ORÇAMENTO.CodBarra)))","v":"SINAPI 91930"},{"$f":"IF(ISERROR(INDIRECT(ORÇAMENTO.BancoRef)),\"(abra o arquivo 'Referência \"&Excel_BuiltIn_Database&\".xlsm)\",IF(OR($C523<>\"S\",ORÇAMENTO.CodBarra=\"\"),\"(Sem Código)\",IF(ISERROR(MATCH($AE523,INDIRECT(ORÇAMENTO.BancoRef),0)),\"(Código não identificado nas referências)\",MATCH($AE523,INDIRECT(ORÇAMENTO.BancoRef),0))))","v":3084},{"$f":"ROUND(IF(DESONERACAO=\"sim\",REFERENCIA.Desonerado,REFERENCIA.NaoDesonerado),2)","v":9.0500000000000007},0.25,null,81.900000000000006,null,null,926.29,11.31]
[2,2,2,4,{"$f":"IF($C524=1,OFFSET(E524,-1,0)+MAX(1,COUNTIF(QCI!$A$13:$A$41,OFFSET(ORÇAMENTO!E524,-1,0))),OFFSET(E524,-1,0))","v":19},5,0,0,0,78,{"$f":"IF(OR($C524=\"S\",$C524=0),0,MATCH(OFFSET($D524,0,$C524)+IF($C524<>1,1,COUNTIF(QCI!$A$13:$A$41,ORÇAMENTO!E524)),OFFSET($D524,1,$C524,ROW($C$744)-ROW($C524)),0))","v":4},"F","Nível 2","Nível 2","19.5.","SINAPI",null,"Caixas de passagem",{"$f":"REFERENCIA.Unidade","v":"-"},{"$f":"OFFSET(CÁLCULO!H$15,ROW($T524)-ROW(T$15),0)","v":0},null,"BDI 1",{"$f":"IF($C524=\"S\",ROUND(IF(TIPOORCAMENTO=\"Proposto\",ORÇAMENTO.CustoUnitario*(1+$AH524),ORÇAMENTO.PrecoUnitarioLicitado),15-13*$AF$10),0)","v":0},{"$f":"IF($C524=\"S\",IF(Import.TipoArredondamento<>\"TransfereGOV\",VTOTAL1,SUM(OFFSET(CÁLCULO!$AA$15,ROW($X524)-ROW($X$15),1):OFFSET(CÁLCULO!$AL$15,ROW($X524)-ROW($X$15),-1))),IF($C524=0,0,ROUND(SomaAgrup,15-13*$AF$11)))","v":4022.77},"RA","",{"$f":"IF($C524=\"S\",IF($Z524=\"CP\",$X524,IF($Z524=\"RA\",(($X524)*QCI!$AA$3),0)),SomaAgrup)","v":143.26291496316423},0,{"$f":"IF($N524=\"\",\"\",IF(ORÇAMENTO.Descricao=\"\",\"DESCRIÇÃO\",IF(AND($C524=\"S\",ORÇAMENTO.Unidade=\"\"),\"UNIDADE\",IF($X524<0,\"VALOR NEGATIVO\",IF(OR(AND(TIPOORCAMENTO=\"Proposto\",$AG524<>\"\",$AG524>0,ORÇAMENTO.CustoUnitario>$AG524),AND(TIPOORCAMENTO=\"LICITADO\",ORÇAMENTO.PrecoUnitarioLicitado>$AN524)),\"ACIMA REF.\",\"\")))))","v":""},{"$f":"IF(C524<=CRONO.NivelExibicao,MAX($AD$15:OFFSET(AD524,-1,0))+IF($C524<>1,1,MAX(1,COUNTIF(QCI!$A$13:$A$41,OFFSET($E524,-1,0)))),\"\")","v":68},{"$f":"IF(AND($C524=\"S\",ORÇAMENTO.CodBarra<>\"\"),IF(ORÇAMENTO.Fonte=\"\",ORÇAMENTO.CodBarra,CONCATENATE(ORÇAMENTO.Fonte,\" \",ORÇAMENTO.CodBarra)))","v":false},{"$f":"IF(ISERROR(INDIRECT(ORÇAMENTO.BancoRef)),\"(abra o arquivo 'Referência \"&Excel_BuiltIn_Database&\".xlsm)\",IF(OR($C524<>\"S\",ORÇAMENTO.CodBarra=\"\"),\"(Sem Código)\",IF(ISERROR(MATCH($AE524,INDIRECT(ORÇAMENTO.BancoRef),0)),\"(Código não identificado nas referências)\",MATCH($AE524,INDIRECT(ORÇAMENTO.BancoRef),0))))","v":"(Sem Código)"},{"$f":"ROUND(IF(DESONERACAO=\"sim\",REFERENCIA.Desonerado,REFERENCIA.NaoDesonerado),2)","v":0},0.25,null,null,null,null,4022.77,0]
["S",2,"S",0,{"$f":"IF($C525=1,OFFSET(E525,-1,0)+MAX(1,COUNTIF(QCI!$A$13:$A$41,OFFSET(ORÇAMENTO!E525,-1,0))),OFFSET(E525,-1,0))","v":19},5,0,0,1,0,{"$f":"IF(OR($C525=\"S\",$C525=0),0,MATCH(OFFSET($D525,0,$C525)+IF($C525<>1,1,COUNTIF(QCI!$A$13:$A$41,ORÇAMENTO!E525)),OFFSET($D525,1,$C525,ROW($C$744)-ROW($C525)),0))","v":0},"F","Serviço","Serviço","19.5.1.","SINAPI","100556","CAIXA DE PASSAGEM PARA TELEFONE 15X15X10CM (SOBREPOR), FORNECIMENTO E INSTALACAO. AF_11/2019",{"$f":"REFERENCIA.Unidade","v":"UN"},{"$f":"OFFSET(CÁLCULO!H$15,ROW($T525)-ROW(T$15),0)","v":3},42.92,"BDI 1",{"$f":"IF($C525=\"S\",ROUND(IF(TIPOORCAMENTO=\"Proposto\",ORÇAMENTO.CustoUnitario*(1+$AH525),ORÇAMENTO.PrecoUnitarioLicitado),15-13*$AF$10),0)","v":53.65},{"$f":"IF($C525=\"S\",IF(Import.TipoArredondamento<>\"TransfereGOV\",VTOTAL1,SUM(OFFSET(CÁLCULO!$AA$15,ROW($X525)-ROW($X$15),1):OFFSET(CÁLCULO!$AL$15,ROW($X525)-ROW($X$15),-1))),IF($C525=0,0,ROUND(SomaAgrup,15-13*$AF$11)))","v":160.94999999999999},"RA","RA",{"$f":"IF($C525=\"S\",IF($Z525=\"CP\",$X525,IF($Z525=\"RA\",(($X525)*QCI!$AA$3),0)),SomaAgrup)","v":5.7319126281943253},0,{"$f":"IF($N525=\"\",\"\",IF(ORÇAMENTO.Descricao=\"\",\"DESCRIÇÃO\",IF(AND($C525=\"S\",ORÇAMENTO.Unidade=\"\"),\"UNIDADE\",IF($X525<0,\"VALOR NEGATIVO\",IF(OR(AND(TIPOORCAMENTO=\"Proposto\",$AG525<>\"\",$AG525>0,ORÇAMENTO.CustoUnitario>$AG525),AND(TIPOORCAMENTO=\"LICITADO\",ORÇAMENTO.PrecoUnitarioLicitado>$AN525)),\"ACIMA REF.\",\"\")))))","v":""},{"$f":"IF(C525<=CRONO.NivelExibicao,MAX($AD$15:OFFSET(AD525,-1,0))+IF($C525<>1,1,MAX(1,COUNTIF(QCI!$A$13:$A$41,OFFSET($E525,-1,0)))),\"\")","v":""},{"$f":"IF(AND($C525=\"S\",ORÇAMENTO.CodBarra<>\"\"),IF(ORÇAMENTO.Fonte=\"\",ORÇAMENTO.CodBarra,CONCATENATE(ORÇAMENTO.Fonte,\" \",ORÇAMENTO.CodBarra)))","v":"SINAPI 100556"},{"$f":"IF(ISERROR(INDIRECT(ORÇAMENTO.BancoRef)),\"(abra o arquivo 'Referência \"&Excel_BuiltIn_Database&\".xlsm)\",IF(OR($C525<>\"S\",ORÇAMENTO.CodBarra=\"\"),\"(Sem Código)\",IF(ISERROR(MATCH($AE525,INDIRECT(ORÇAMENTO.BancoRef),0)),\"(Código não identificado nas referências)\",MATCH($AE525,INDIRECT(ORÇAMENTO.BancoRef),0))))","v":3575},{"$f":"ROUND(IF(DESONERACAO=\"sim\",REFERENCIA.Desonerado,REFERENCIA.NaoDesonerado),2)","v":42.92},0.25,null,3,null,null,160.94999999999999,53.65]
["S",2,"S",0,{"$f":"IF($C526=1,OFFSET(E526,-1,0)+MAX(1,COUNTIF(QCI!$A$13:$A$41,OFFSET(ORÇAMENTO!E526,-1,0))),OFFSET(E526,-1,0))","v":19},5,0,0,2,0,{"$f":"IF(OR($C526=\"S\",$C526=0),0,MATCH(OFFSET($D526,0,$C526)+IF($C526<>1,1,COUNTIF(QCI!$A$13:$A$41,ORÇAMENTO!E526)),OFFSET($D526,1,$C526,ROW($C$744)-ROW($C526)),0))","v":0},"F","Serviço","Serviço","19.5.2.","SINAPI",43097,"CAIXA DE PASSAGEM ELETRICA DE PAREDE, DE SOBREPOR, EM TERMOPLASTICO / PVC, COM TAMPA APARAFUSADA, DIMENSOES, 150 X 150 X *100* MM","UN",{"$f":"OFFSET(CÁLCULO!H$15,ROW($T526)-ROW(T$15),0)","v":2},44.71,"BDI 1",{"$f":"IF($C526=\"S\",ROUND(IF(TIPOORCAMENTO=\"Proposto\",ORÇAMENTO.CustoUnitario*(1+$AH526),ORÇAMENTO.PrecoUnitarioLicitado),15-13*$AF$10),0)","v":55.89},{"$f":"IF($C526=\"S\",IF(Import.TipoArredondamento<>\"TransfereGOV\",VTOTAL1,SUM(OFFSET(CÁLCULO!$AA$15,ROW($X526)-ROW($X$15),1):OFFSET(CÁLCULO!$AL$15,ROW($X526)-ROW($X$15),-1))),IF($C526=0,0,ROUND(SomaAgrup,15-13*$AF$11)))","v":111.78},"RA","RA",{"$f":"IF($C526=\"S\",IF($Z526=\"CP\",$X526,IF($Z526=\"RA\",(($X526)*QCI!$AA$3),0)),SomaAgrup)","v":3.980821333206348},0,{"$f":"IF($N526=\"\",\"\",IF(ORÇAMENTO.Descricao=\"\",\"DESCRIÇÃO\",IF(AND($C526=\"S\",ORÇAMENTO.Unidade=\"\"),\"UNIDADE\",IF($X526<0,\"VALOR NEGATIVO\",IF(OR(AND(TIPOORCAMENTO=\"Proposto\",$AG526<>\"\",$AG526>0,ORÇAMENTO.CustoUnitario>$AG526),AND(TIPOORCAMENTO=\"LICITADO\",ORÇAMENTO.PrecoUnitarioLicitado>$AN526)),\"ACIMA REF.\",\"\")))))","v":""},{"$f":"IF(C526<=CRONO.NivelExibicao,MAX($AD$15:OFFSET(AD526,-1,0))+IF($C526<>1,1,MAX(1,COUNTIF(QCI!$A$13:$A$41,OFFSET($E526,-1,0)))),\"\")","v":""},{"$f":"IF(AND($C526=\"S\",ORÇAMENTO.CodBarra<>\"\"),IF(ORÇAMENTO.Fonte=\"\",ORÇAMENTO.CodBarra,CONCATENATE(ORÇAMENTO.Fonte,\" \",ORÇAMENTO.CodBarra)))","v":"SINAPI 43097"},{"$f":"IF(ISERROR(INDIRECT(ORÇAMENTO.BancoRef)),\"(abra o arquivo 'Referência \"&Excel_BuiltIn_Database&\".xlsm)\",IF(OR($C526<>\"S\",ORÇAMENTO.CodBarra=\"\"),\"(Sem Código)\",IF(ISERROR(MATCH($AE526,INDIRECT(ORÇAMENTO.BancoRef),0)),\"(Código não identificado nas referências)\",MATCH($AE526,INDIRECT(ORÇAMENTO.BancoRef),0))))","v":"(Código não identificado nas referências)"},{"$f":"ROUND(IF(DESONERACAO=\"sim\",REFERENCIA.Desonerado,REFERENCIA.NaoDesonerado),2)","v":0},0.25,null,2,null,null,111.78,55.89]
["S",2,"S",0,{"$f":"IF($C527=1,OFFSET(E527,-1,0)+MAX(1,COUNTIF(QCI!$A$13:$A$41,OFFSET(ORÇAMENTO!E527,-1,0))),OFFSET(E527,-1,0))","v":19},5,0,0,3,0,{"$f":"IF(OR($C527=\"S\",$C527=0),0,MATCH(OFFSET($D527,0,$C527)+IF($C527<>1,1,COUNTIF(QCI!$A$13:$A$41,ORÇAMENTO!E527)),OFFSET($D527,1,$C527,ROW($C$744)-ROW($C527)),0))","v":0},"F","Serviço","Serviço","19.5.3.","SINAPI","97891","CAIXA ENTERRADA ELÉTRICA RETANGULAR, EM ALVENARIA COM BLOCOS DE CONCRETO, FUNDO COM BRITA, DIMENSÕES INTERNAS: 0,4X0,4X0,4 M. AF_12/2020",{"$f":"REFERENCIA.Unidade","v":"UN"},{"$f":"OFFSET(CÁLCULO!H$15,ROW($T527)-ROW(T$15),0)","v":14},214.29,"BDI 1",{"$f":"IF($C527=\"S\",ROUND(IF(TIPOORCAMENTO=\"Proposto\",ORÇAMENTO.CustoUnitario*(1+$AH527),ORÇAMENTO.PrecoUnitarioLicitado),15-13*$AF$10),0)","v":267.86},{"$f":"IF($C527=\"S\",IF(Import.TipoArredondamento<>\"TransfereGOV\",VTOTAL1,SUM(OFFSET(CÁLCULO!$AA$15,ROW($X527)-ROW($X$15),1):OFFSET(CÁLCULO!$AL$15,ROW($X527)-ROW($X$15),-1))),IF($C527=0,0,ROUND(SomaAgrup,15-13*$AF$11)))","v":3750.04},"RA","RA",{"$f":"IF($C527=\"S\",IF($Z527=\"CP\",$X527,IF($Z527=\"RA\",(($X527)*QCI!$AA$3),0)),SomaAgrup)","v":133.55018100176358},0,{"$f":"IF($N527=\"\",\"\",IF(ORÇAMENTO.Descricao=\"\",\"DESCRIÇÃO\",IF(AND($C527=\"S\",ORÇAMENTO.Unidade=\"\"),\"UNIDADE\",IF($X527<0,\"VALOR NEGATIVO\",IF(OR(AND(TIPOORCAMENTO=\"Proposto\",$AG527<>\"\",$AG527>0,ORÇAMENTO.CustoUnitario>$AG527),AND(TIPOORCAMENTO=\"LICITADO\",ORÇAMENTO.PrecoUnitarioLicitado>$AN527)),\"ACIMA REF.\",\"\")))))","v":""},{"$f":"IF(C527<=CRONO.NivelExibicao,MAX($AD$15:OFFSET(AD527,-1,0))+IF($C527<>1,1,MAX(1,COUNTIF(QCI!$A$13:$A$41,OFFSET($E527,-1,0)))),\"\")","v":""},{"$f":"IF(AND($C527=\"S\",ORÇAMENTO.CodBarra<>\"\"),IF(ORÇAMENTO.Fonte=\"\",ORÇAMENTO.CodBarra,CONCATENATE(ORÇAMENTO.Fonte,\" \",ORÇAMENTO.CodBarra)))","v":"SINAPI 97891"},{"$f":"IF(ISERROR(INDIRECT(ORÇAMENTO.BancoRef)),\"(abra o arquivo 'Referência \"&Excel_BuiltIn_Database&\".xlsm)\",IF(OR($C527<>\"S\",ORÇAMENTO.CodBarra=\"\"),\"(Sem Código)\",IF(ISERROR(MATCH($AE527,INDIRECT(ORÇAMENTO.BancoRef),0)),\"(Código não identificado nas referências)\",MATCH($AE527,INDIRECT(ORÇAMENTO.BancoRef),0))))","v":3167},{"$f":"ROUND(IF(DESONERACAO=\"sim\",REFERENCIA.Desonerado,REFERENCIA.NaoDesonerado),2)","v":214.29},0.25,null,14,null,null,3750.04,267.86]
[2,2,2,13,{"$f":"IF($C528=1,OFFSET(E528,-1,0)+MAX(1,COUNTIF(QCI!$A$13:$A$41,OFFSET(ORÇAMENTO!E528,-1,0))),OFFSET(E528,-1,0))","v":19},6,0,0,0,{"$f":"IF(OR($C528=\"S\",$C528=0),0,MATCH(0,OFFSET($D528,1,$C528,ROW($C$744)-ROW($C528)),0))","v":74},{"$f":"IF(OR($C528=\"S\",$C528=0),0,MATCH(OFFSET($D528,0,$C528)+IF($C528<>1,1,COUNTIF(QCI!$A$13:$A$41,ORÇAMENTO!E528)),OFFSET($D528,1,$C528,ROW($C$744)-ROW($C528)),0))","v":13},"F","Nível 2","Nível 2","19.6.","SINAPI",null,"Dispositivos elétricos",{"$f":"REFERENCIA.Unidade","v":"-"},{"$f":"OFFSET(CÁLCULO!H$15,ROW($T528)-ROW(T$15),0)","v":0},null,"BDI 1",{"$f":"IF($C528=\"S\",ROUND(IF(TIPOORCAMENTO=\"Proposto\",ORÇAMENTO.CustoUnitario*(1+$AH528),ORÇAMENTO.PrecoUnitarioLicitado),15-13*$AF$10),0)","v":0},{"$f":"IF($C528=\"S\",IF(Import.TipoArredondamento<>\"TransfereGOV\",VTOTAL1,SUM(OFFSET(CÁLCULO!$AA$15,ROW($X528)-ROW($X$15),1):OFFSET(CÁLCULO!$AL$15,ROW($X528)-ROW($X$15),-1))),IF($C528=0,0,ROUND(SomaAgrup,15-13*$AF$11)))","v":11560.38},"RA","",{"$f":"IF($C528=\"S\",IF($Z528=\"CP\",$X528,IF($Z528=\"RA\",(($X528)*QCI!$AA$3),0)),SomaAgrup)","v":411.6998329215603},0,{"$f":"IF($N528=\"\",\"\",IF(ORÇAMENTO.Descricao=\"\",\"DESCRIÇÃO\",IF(AND($C528=\"S\",ORÇAMENTO.Unidade=\"\"),\"UNIDADE\",IF($X528<0,\"VALOR NEGATIVO\",IF(OR(AND(TIPOORCAMENTO=\"Proposto\",$AG528<>\"\",$AG528>0,ORÇAMENTO.CustoUnitario>$AG528),AND(TIPOORCAMENTO=\"LICITADO\",ORÇAMENTO.PrecoUnitarioLicitado>$AN528)),\"ACIMA REF.\",\"\")))))","v":""},{"$f":"IF(C528<=CRONO.NivelExibicao,MAX($AD$15:OFFSET(AD528,-1,0))+IF($C528<>1,1,MAX(1,COUNTIF(QCI!$A$13:$A$41,OFFSET($E528,-1,0)))),\"\")","v":69},{"$f":"IF(AND($C528=\"S\",ORÇAMENTO.CodBarra<>\"\"),IF(ORÇAMENTO.Fonte=\"\",ORÇAMENTO.CodBarra,CONCATENATE(ORÇAMENTO.Fonte,\" \",ORÇAMENTO.CodBarra)))","v":false},{"$f":"IF(ISERROR(INDIRECT(ORÇAMENTO.BancoRef)),\"(abra o arquivo 'Referência \"&Excel_BuiltIn_Database&\".xlsm)\",IF(OR($C528<>\"S\",ORÇAMENTO.CodBarra=\"\"),\"(Sem Código)\",IF(ISERROR(MATCH($AE528,INDIRECT(ORÇAMENTO.BancoRef),0)),\"(Código não identificado nas referências)\",MATCH($AE528,INDIRECT(ORÇAMENTO.BancoRef),0))))","v":"(Sem Código)"},{"$f":"ROUND(IF(DESONERACAO=\"sim\",REFERENCIA.Desonerado,REFERENCIA.NaoDesonerado),2)","v":0},0.25,null,null,null,null,11560.38,0]
["S",2,"S",0,{"$f":"IF($C529=1,OFFSET(E529,-1,0)+MAX(1,COUNTIF(QCI!$A$13:$A$41,OFFSET(ORÇAMENTO!E529,-1,0))),OFFSET(E529,-1,0))","v":19},6,0,0,1,0,{"$f":"IF(OR($C529=\"S\",$C529=0),0,MATCH(OFFSET($D529,0,$C529)+IF($C529<>1,1,COUNTIF(QCI!$A$13:$A$41,ORÇAMENTO!E529)),OFFSET($D529,1,$C529,ROW($C$744)-ROW($C529)),0))","v":0},"F","Serviço","Serviço","19.6.1.","SINAPI","91955","INTERRUPTOR PARALELO (1 MÓDULO), 10A/250V, INCLUINDO SUPORTE E PLACA - FORNECIMENTO E INSTALAÇÃO. AF_03/2023",{"$f":"REFERENCIA.Unidade","v":"UN"},{"$f":"OFFSET(CÁLCULO!H$15,ROW($T529)-ROW(T$15),0)","v":5},40.99,"BDI 1",{"$f":"IF($C529=\"S\",ROUND(IF(TIPOORCAMENTO=\"Proposto\",ORÇAMENTO.CustoUnitario*(1+$AH529),ORÇAMENTO.PrecoUnitarioLicitado),15-13*$AF$10),0)","v":51.24},{"$f":"IF($C529=\"S\",IF(Import.TipoArredondamento<>\"TransfereGOV\",VTOTAL1,SUM(OFFSET(CÁLCULO!$AA$15,ROW($X529)-ROW($X$15),1):OFFSET(CÁLCULO!$AL$15,ROW($X529)-ROW($X$15),-1))),IF($C529=0,0,ROUND(SomaAgrup,15-13*$AF$11)))","v":256.2},"RA","RA",{"$f":"IF($C529=\"S\",IF($Z529=\"CP\",$X529,IF($Z529=\"RA\",(($X529)*QCI!$AA$3),0)),SomaAgrup)","v":9.1240510428293646},0,{"$f":"IF($N529=\"\",\"\",IF(ORÇAMENTO.Descricao=\"\",\"DESCRIÇÃO\",IF(AND($C529=\"S\",ORÇAMENTO.Unidade=\"\"),\"UNIDADE\",IF($X529<0,\"VALOR NEGATIVO\",IF(OR(AND(TIPOORCAMENTO=\"Proposto\",$AG529<>\"\",$AG529>0,ORÇAMENTO.CustoUnitario>$AG529),AND(TIPOORCAMENTO=\"LICITADO\",ORÇAMENTO.PrecoUnitarioLicitado>$AN529)),\"ACIMA REF.\",\"\")))))","v":""},{"$f":"IF(C529<=CRONO.NivelExibicao,MAX($AD$15:OFFSET(AD529,-1,0))+IF($C529<>1,1,MAX(1,COUNTIF(QCI!$A$13:$A$41,OFFSET($E529,-1,0)))),\"\")","v":""},{"$f":"IF(AND($C529=\"S\",ORÇAMENTO.CodBarra<>\"\"),IF(ORÇAMENTO.Fonte=\"\",ORÇAMENTO.CodBarra,CONCATENATE(ORÇAMENTO.Fonte,\" \",ORÇAMENTO.CodBarra)))","v":"SINAPI 91955"},{"$f":"IF(ISERROR(INDIRECT(ORÇAMENTO.BancoRef)),\"(abra o arquivo 'Referência \"&Excel_BuiltIn_Database&\".xlsm)\",IF(OR($C529<>\"S\",ORÇAMENTO.CodBarra=\"\"),\"(Sem Código)\",IF(ISERROR(MATCH($AE529,INDIRECT(ORÇAMENTO.BancoRef),0)),\"(Código não identificado nas referências)\",MATCH($AE529,INDIRECT(ORÇAMENTO.BancoRef),0))))","v":3241},{"$f":"ROUND(IF(DESONERACAO=\"sim\",REFERENCIA.Desonerado,REFERENCIA.NaoDesonerado),2)","v":40.99},0.25,null,5,null,null,256.2,51.24]
["S",2,"S",0,{"$f":"IF($C530=1,OFFSET(E530,-1,0)+MAX(1,COUNTIF(QCI!$A$13:$A$41,OFFSET(ORÇAMENTO!E530,-1,0))),OFFSET(E530,-1,0))","v":19},6,0,0,2,0,{"$f":"IF(OR($C530=\"S\",$C530=0),0,MATCH(OFFSET($D530,0,$C530)+IF($C530<>1,1,COUNTIF(QCI!$A$13:$A$41,ORÇAMENTO!E530)),OFFSET($D530,1,$C530,ROW($C$744)-ROW($C530)),0))","v":0},"F","Serviço","Serviço","19.6.2.","SINAPI","91953","INTERRUPTOR SIMPLES (1 MÓDULO), 10A/250V, INCLUINDO SUPORTE E PLACA - FORNECIMENTO E INSTALAÇÃO. AF_03/2023",{"$f":"REFERENCIA.Unidade","v":"UN"},{"$f":"OFFSET(CÁLCULO!H$15,ROW($T530)-ROW(T$15),0)","v":8},33.75,"BDI 1",{"$f":"IF($C530=\"S\",ROUND(IF(TIPOORCAMENTO=\"Proposto\",ORÇAMENTO.CustoUnitario*(1+$AH530),ORÇAMENTO.PrecoUnitarioLicitado),15-13*$AF$10),0)","v":42.19},{"$f":"IF($C530=\"S\",IF(Import.TipoArredondamento<>\"TransfereGOV\",VTOTAL1,SUM(OFFSET(CÁLCULO!$AA$15,ROW($X530)-ROW($X$15),1):OFFSET(CÁLCULO!$AL$15,ROW($X530)-ROW($X$15),-1))),IF($C530=0,0,ROUND(SomaAgrup,15-13*$AF$11)))","v":337.52},"RA","RA",{"$f":"IF($C530=\"S\",IF($Z530=\"CP\",$X530,IF($Z530=\"RA\",(($X530)*QCI!$AA$3),0)),SomaAgrup)","v":12.020100343387069},0,{"$f":"IF($N530=\"\",\"\",IF(ORÇAMENTO.Descricao=\"\",\"DESCRIÇÃO\",IF(AND($C530=\"S\",ORÇAMENTO.Unidade=\"\"),\"UNIDADE\",IF($X530<0,\"VALOR NEGATIVO\",IF(OR(AND(TIPOORCAMENTO=\"Proposto\",$AG530<>\"\",$AG530>0,ORÇAMENTO.CustoUnitario>$AG530),AND(TIPOORCAMENTO=\"LICITADO\",ORÇAMENTO.PrecoUnitarioLicitado>$AN530)),\"ACIMA REF.\",\"\")))))","v":""},{"$f":"IF(C530<=CRONO.NivelExibicao,MAX($AD$15:OFFSET(AD530,-1,0))+IF($C530<>1,1,MAX(1,COUNTIF(QCI!$A$13:$A$41,OFFSET($E530,-1,0)))),\"\")","v":""},{"$f":"IF(AND($C530=\"S\",ORÇAMENTO.CodBarra<>\"\"),IF(ORÇAMENTO.Fonte=\"\",ORÇAMENTO.CodBarra,CONCATENATE(ORÇAMENTO.Fonte,\" \",ORÇAMENTO.CodBarra)))","v":"SINAPI 91953"},{"$f":"IF(ISERROR(INDIRECT(ORÇAMENTO.BancoRef)),\"(abra o arquivo 'Referência \"&Excel_BuiltIn_Database&\".xlsm)\",IF(OR($C530<>\"S\",ORÇAMENTO.CodBarra=\"\"),\"(Sem Código)\",IF(ISERROR(MATCH($AE530,INDIRECT(ORÇAMENTO.BancoRef),0)),\"(Código não identificado nas referências)\",MATCH($AE530,INDIRECT(ORÇAMENTO.BancoRef),0))))","v":3239},{"$f":"ROUND(IF(DESONERACAO=\"sim\",REFERENCIA.Desonerado,REFERENCIA.NaoDesonerado),2)","v":33.75},0.25,null,8,null,null,337.52,42.19]
["S",2,"S",0,{"$f":"IF($C531=1,OFFSET(E531,-1,0)+MAX(1,COUNTIF(QCI!$A$13:$A$41,OFFSET(ORÇAMENTO!E531,-1,0))),OFFSET(E531,-1,0))","v":19},6,0,0,3,0,{"$f":"IF(OR($C531=\"S\",$C531=0),0,MATCH(OFFSET($D531,0,$C531)+IF($C531<>1,1,COUNTIF(QCI!$A$13:$A$41,ORÇAMENTO!E531)),OFFSET($D531,1,$C531,ROW($C$744)-ROW($C531)),0))","v":0},"F","Serviço","Serviço","19.6.3.","SINAPI","91959","INTERRUPTOR SIMPLES (2 MÓDULOS), 10A/250V, INCLUINDO SUPORTE E PLACA - FORNECIMENTO E INSTALAÇÃO. AF_03/2023",{"$f":"REFERENCIA.Unidade","v":"UN"},{"$f":"OFFSET(CÁLCULO!H$15,ROW($T531)-ROW(T$15),0)","v":4},51.61,"BDI 1",{"$f":"IF($C531=\"S\",ROUND(IF(TIPOORCAMENTO=\"Proposto\",ORÇAMENTO.CustoUnitario*(1+$AH531),ORÇAMENTO.PrecoUnitarioLicitado),15-13*$AF$10),0)","v":64.510000000000005},{"$f":"IF($C531=\"S\",IF(Import.TipoArredondamento<>\"TransfereGOV\",VTOTAL1,SUM(OFFSET(CÁLCULO!$AA$15,ROW($X531)-ROW($X$15),1):OFFSET(CÁLCULO!$AL$15,ROW($X531)-ROW($X$15),-1))),IF($C531=0,0,ROUND(SomaAgrup,15-13*$AF$11)))","v":258.04000000000002},"RA","RA",{"$f":"IF($C531=\"S\",IF($Z531=\"CP\",$X531,IF($Z531=\"RA\",(($X531)*QCI!$AA$3),0)),SomaAgrup)","v":9.1895789660097176},0,{"$f":"IF($N531=\"\",\"\",IF(ORÇAMENTO.Descricao=\"\",\"DESCRIÇÃO\",IF(AND($C531=\"S\",ORÇAMENTO.Unidade=\"\"),\"UNIDADE\",IF($X531<0,\"VALOR NEGATIVO\",IF(OR(AND(TIPOORCAMENTO=\"Proposto\",$AG531<>\"\",$AG531>0,ORÇAMENTO.CustoUnitario>$AG531),AND(TIPOORCAMENTO=\"LICITADO\",ORÇAMENTO.PrecoUnitarioLicitado>$AN531)),\"ACIMA REF.\",\"\")))))","v":""},{"$f":"IF(C531<=CRONO.NivelExibicao,MAX($AD$15:OFFSET(AD531,-1,0))+IF($C531<>1,1,MAX(1,COUNTIF(QCI!$A$13:$A$41,OFFSET($E531,-1,0)))),\"\")","v":""},{"$f":"IF(AND($C531=\"S\",ORÇAMENTO.CodBarra<>\"\"),IF(ORÇAMENTO.Fonte=\"\",ORÇAMENTO.CodBarra,CONCATENATE(ORÇAMENTO.Fonte,\" \",ORÇAMENTO.CodBarra)))","v":"SINAPI 91959"},{"$f":"IF(ISERROR(INDIRECT(ORÇAMENTO.BancoRef)),\"(abra o arquivo 'Referência \"&Excel_BuiltIn_Database&\".xlsm)\",IF(OR($C531<>\"S\",ORÇAMENTO.CodBarra=\"\"),\"(Sem Código)\",IF(ISERROR(MATCH($AE531,INDIRECT(ORÇAMENTO.BancoRef),0)),\"(Código não identificado nas referências)\",MATCH($AE531,INDIRECT(ORÇAMENTO.BancoRef),0))))","v":3245},{"$f":"ROUND(IF(DESONERACAO=\"sim\",REFERENCIA.Desonerado,REFERENCIA.NaoDesonerado),2)","v":51.61},0.25,null,4,null,null,258.04000000000002,64.510000000000005]
["S",2,"S",0,{"$f":"IF($C532=1,OFFSET(E532,-1,0)+MAX(1,COUNTIF(QCI!$A$13:$A$41,OFFSET(ORÇAMENTO!E532,-1,0))),OFFSET(E532,-1,0))","v":19},6,0,0,4,0,{"$f":"IF(OR($C532=\"S\",$C532=0),0,MATCH(OFFSET($D532,0,$C532)+IF($C532<>1,1,COUNTIF(QCI!$A$13:$A$41,ORÇAMENTO!E532)),OFFSET($D532,1,$C532,ROW($C$744)-ROW($C532)),0))","v":0},"F","Serviço","Serviço","19.6.4.","SINAPI","91967","INTERRUPTOR SIMPLES (3 MÓDULOS), 10A/250V, INCLUINDO SUPORTE E PLACA - FORNECIMENTO E INSTALAÇÃO. AF_03/2023",{"$f":"REFERENCIA.Unidade","v":"UN"},{"$f":"OFFSET(CÁLCULO!H$15,ROW($T532)-ROW(T$15),0)","v":1},69.48,"BDI 1",{"$f":"IF($C532=\"S\",ROUND(IF(TIPOORCAMENTO=\"Proposto\",ORÇAMENTO.CustoUnitario*(1+$AH532),ORÇAMENTO.PrecoUnitarioLicitado),15-13*$AF$10),0)","v":86.85},{"$f":"IF($C532=\"S\",IF(Import.TipoArredondamento<>\"TransfereGOV\",VTOTAL1,SUM(OFFSET(CÁLCULO!$AA$15,ROW($X532)-ROW($X$15),1):OFFSET(CÁLCULO!$AL$15,ROW($X532)-ROW($X$15),-1))),IF($C532=0,0,ROUND(SomaAgrup,15-13*$AF$11)))","v":86.85},"RA","RA",{"$f":"IF($C532=\"S\",IF($Z532=\"CP\",$X532,IF($Z532=\"RA\",(($X532)*QCI!$AA$3),0)),SomaAgrup)","v":3.0929892001160431},0,{"$f":"IF($N532=\"\",\"\",IF(ORÇAMENTO.Descricao=\"\",\"DESCRIÇÃO\",IF(AND($C532=\"S\",ORÇAMENTO.Unidade=\"\"),\"UNIDADE\",IF($X532<0,\"VALOR NEGATIVO\",IF(OR(AND(TIPOORCAMENTO=\"Proposto\",$AG532<>\"\",$AG532>0,ORÇAMENTO.CustoUnitario>$AG532),AND(TIPOORCAMENTO=\"LICITADO\",ORÇAMENTO.PrecoUnitarioLicitado>$AN532)),\"ACIMA REF.\",\"\")))))","v":""},{"$f":"IF(C532<=CRONO.NivelExibicao,MAX($AD$15:OFFSET(AD532,-1,0))+IF($C532<>1,1,MAX(1,COUNTIF(QCI!$A$13:$A$41,OFFSET($E532,-1,0)))),\"\")","v":""},{"$f":"IF(AND($C532=\"S\",ORÇAMENTO.CodBarra<>\"\"),IF(ORÇAMENTO.Fonte=\"\",ORÇAMENTO.CodBarra,CONCATENATE(ORÇAMENTO.Fonte,\" \",ORÇAMENTO.CodBarra)))","v":"SINAPI 91967"},{"$f":"IF(ISERROR(INDIRECT(ORÇAMENTO.BancoRef)),\"(abra o arquivo 'Referência \"&Excel_BuiltIn_Database&\".xlsm)\",IF(OR($C532<>\"S\",ORÇAMENTO.CodBarra=\"\"),\"(Sem Código)\",IF(ISERROR(MATCH($AE532,INDIRECT(ORÇAMENTO.BancoRef),0)),\"(Código não identificado nas referências)\",MATCH($AE532,INDIRECT(ORÇAMENTO.BancoRef),0))))","v":3253},{"$f":"ROUND(IF(DESONERACAO=\"sim\",REFERENCIA.Desonerado,REFERENCIA.NaoDesonerado),2)","v":69.48},0.25,null,1,null,null,86.85,86.85]
["S",2,"S",0,{"$f":"IF($C533=1,OFFSET(E533,-1,0)+MAX(1,COUNTIF(QCI!$A$13:$A$41,OFFSET(ORÇAMENTO!E533,-1,0))),OFFSET(E533,-1,0))","v":19},6,0,0,5,0,{"$f":"IF(OR($C533=\"S\",$C533=0),0,MATCH(OFFSET($D533,0,$C533)+IF($C533<>1,1,COUNTIF(QCI!$A$13:$A$41,ORÇAMENTO!E533)),OFFSET($D533,1,$C533,ROW($C$744)-ROW($C533)),0))","v":0},"F","Serviço","Serviço","19.6.5.","SINAPI","FNDE 309","ESPELHO / PLACA CEGA 4\" X 2\", PARA INSTALACAO DE TOMADAS E INTERRUPTORES","UN",{"$f":"OFFSET(CÁLCULO!H$15,ROW($T533)-ROW(T$15),0)","v":30},15.52,"BDI 1",{"$f":"IF($C533=\"S\",ROUND(IF(TIPOORCAMENTO=\"Proposto\",ORÇAMENTO.CustoUnitario*(1+$AH533),ORÇAMENTO.PrecoUnitarioLicitado),15-13*$AF$10),0)","v":19.399999999999999},{"$f":"IF($C533=\"S\",IF(Import.TipoArredondamento<>\"TransfereGOV\",VTOTAL1,SUM(OFFSET(CÁLCULO!$AA$15,ROW($X533)-ROW($X$15),1):OFFSET(CÁLCULO!$AL$15,ROW($X533)-ROW($X$15),-1))),IF($C533=0,0,ROUND(SomaAgrup,15-13*$AF$11)))","v":582},"RA","RA",{"$f":"IF($C533=\"S\",IF($Z533=\"CP\",$X533,IF($Z533=\"RA\",(($X533)*QCI!$AA$3),0)),SomaAgrup)","v":20.72676700595898},0,{"$f":"IF($N533=\"\",\"\",IF(ORÇAMENTO.Descricao=\"\",\"DESCRIÇÃO\",IF(AND($C533=\"S\",ORÇAMENTO.Unidade=\"\"),\"UNIDADE\",IF($X533<0,\"VALOR NEGATIVO\",IF(OR(AND(TIPOORCAMENTO=\"Proposto\",$AG533<>\"\",$AG533>0,ORÇAMENTO.CustoUnitario>$AG533),AND(TIPOORCAMENTO=\"LICITADO\",ORÇAMENTO.PrecoUnitarioLicitado>$AN533)),\"ACIMA REF.\",\"\")))))","v":""},{"$f":"IF(C533<=CRONO.NivelExibicao,MAX($AD$15:OFFSET(AD533,-1,0))+IF($C533<>1,1,MAX(1,COUNTIF(QCI!$A$13:$A$41,OFFSET($E533,-1,0)))),\"\")","v":""},{"$f":"IF(AND($C533=\"S\",ORÇAMENTO.CodBarra<>\"\"),IF(ORÇAMENTO.Fonte=\"\",ORÇAMENTO.CodBarra,CONCATENATE(ORÇAMENTO.Fonte,\" \",ORÇAMENTO.CodBarra)))","v":"SINAPI FNDE 309"},{"$f":"IF(ISERROR(INDIRECT(ORÇAMENTO.BancoRef)),\"(abra o arquivo 'Referência \"&Excel_BuiltIn_Database&\".xlsm)\",IF(OR($C533<>\"S\",ORÇAMENTO.CodBarra=\"\"),\"(Sem Código)\",IF(ISERROR(MATCH($AE533,INDIRECT(ORÇAMENTO.BancoRef),0)),\"(Código não identificado nas referências)\",MATCH($AE533,INDIRECT(ORÇAMENTO.BancoRef),0))))","v":"(Código não identificado nas referências)"},{"$f":"ROUND(IF(DESONERACAO=\"sim\",REFERENCIA.Desonerado,REFERENCIA.NaoDesonerado),2)","v":0},0.25,null,30,null,null,582,19.399999999999999]
["S",2,"S",0,{"$f":"IF($C534=1,OFFSET(E534,-1,0)+MAX(1,COUNTIF(QCI!$A$13:$A$41,OFFSET(ORÇAMENTO!E534,-1,0))),OFFSET(E534,-1,0))","v":19},6,0,0,6,0,{"$f":"IF(OR($C534=\"S\",$C534=0),0,MATCH(OFFSET($D534,0,$C534)+IF($C534<>1,1,COUNTIF(QCI!$A$13:$A$41,ORÇAMENTO!E534)),OFFSET($D534,1,$C534,ROW($C$744)-ROW($C534)),0))","v":0},"F","Serviço","Serviço","19.6.6.","SINAPI","91946","SUPORTE PARAFUSADO COM PLACA DE ENCAIXE 4\" X 2\" MÉDIO (1,30 M DO PISO) PARA PONTO ELÉTRICO - FORNECIMENTO E INSTALAÇÃO. AF_03/2023",{"$f":"REFERENCIA.Unidade","v":"UN"},{"$f":"OFFSET(CÁLCULO!H$15,ROW($T534)-ROW(T$15),0)","v":189},12.5,"BDI 1",{"$f":"IF($C534=\"S\",ROUND(IF(TIPOORCAMENTO=\"Proposto\",ORÇAMENTO.CustoUnitario*(1+$AH534),ORÇAMENTO.PrecoUnitarioLicitado),15-13*$AF$10),0)","v":15.63},{"$f":"IF($C534=\"S\",IF(Import.TipoArredondamento<>\"TransfereGOV\",VTOTAL1,SUM(OFFSET(CÁLCULO!$AA$15,ROW($X534)-ROW($X$15),1):OFFSET(CÁLCULO!$AL$15,ROW($X534)-ROW($X$15),-1))),IF($C534=0,0,ROUND(SomaAgrup,15-13*$AF$11)))","v":2954.07},"RA","RA",{"$f":"IF($C534=\"S\",IF($Z534=\"CP\",$X534,IF($Z534=\"RA\",(($X534)*QCI!$AA$3),0)),SomaAgrup)","v":105.20330001596777},0,{"$f":"IF($N534=\"\",\"\",IF(ORÇAMENTO.Descricao=\"\",\"DESCRIÇÃO\",IF(AND($C534=\"S\",ORÇAMENTO.Unidade=\"\"),\"UNIDADE\",IF($X534<0,\"VALOR NEGATIVO\",IF(OR(AND(TIPOORCAMENTO=\"Proposto\",$AG534<>\"\",$AG534>0,ORÇAMENTO.CustoUnitario>$AG534),AND(TIPOORCAMENTO=\"LICITADO\",ORÇAMENTO.PrecoUnitarioLicitado>$AN534)),\"ACIMA REF.\",\"\")))))","v":""},{"$f":"IF(C534<=CRONO.NivelExibicao,MAX($AD$15:OFFSET(AD534,-1,0))+IF($C534<>1,1,MAX(1,COUNTIF(QCI!$A$13:$A$41,OFFSET($E534,-1,0)))),\"\")","v":""},{"$f":"IF(AND($C534=\"S\",ORÇAMENTO.CodBarra<>\"\"),IF(ORÇAMENTO.Fonte=\"\",ORÇAMENTO.CodBarra,CONCATENATE(ORÇAMENTO.Fonte,\" \",ORÇAMENTO.CodBarra)))","v":"SINAPI 91946"},{"$f":"IF(ISERROR(INDIRECT(ORÇAMENTO.BancoRef)),\"(abra o arquivo 'Referência \"&Excel_BuiltIn_Database&\".xlsm)\",IF(OR($C534<>\"S\",ORÇAMENTO.CodBarra=\"\"),\"(Sem Código)\",IF(ISERROR(MATCH($AE534,INDIRECT(ORÇAMENTO.BancoRef),0)),\"(Código não identificado nas referências)\",MATCH($AE534,INDIRECT(ORÇAMENTO.BancoRef),0))))","v":3233},{"$f":"ROUND(IF(DESONERACAO=\"sim\",REFERENCIA.Desonerado,REFERENCIA.NaoDesonerado),2)","v":12.5},0.25,null,189,null,null,2954.07,15.63]
["S",2,"S",0,{"$f":"IF($C535=1,OFFSET(E535,-1,0)+MAX(1,COUNTIF(QCI!$A$13:$A$41,OFFSET(ORÇAMENTO!E535,-1,0))),OFFSET(E535,-1,0))","v":19},6,0,0,7,0,{"$f":"IF(OR($C535=\"S\",$C535=0),0,MATCH(OFFSET($D535,0,$C535)+IF($C535<>1,1,COUNTIF(QCI!$A$13:$A$41,ORÇAMENTO!E535)),OFFSET($D535,1,$C535,ROW($C$744)-ROW($C535)),0))","v":0},"F","Serviço","Serviço","19.6.7.","SINAPI","92022","INTERRUPTOR SIMPLES (1 MÓDULO) COM 1 TOMADA DE EMBUTIR 2P+T 10 A, SEM SUPORTE E SEM PLACA - FORNECIMENTO E INSTALAÇÃO. AF_03/2023",{"$f":"REFERENCIA.Unidade","v":"UN"},{"$f":"OFFSET(CÁLCULO!H$15,ROW($T535)-ROW(T$15),0)","v":27},44.9,"BDI 1",{"$f":"IF($C535=\"S\",ROUND(IF(TIPOORCAMENTO=\"Proposto\",ORÇAMENTO.CustoUnitario*(1+$AH535),ORÇAMENTO.PrecoUnitarioLicitado),15-13*$AF$10),0)","v":56.13},{"$f":"IF($C535=\"S\",IF(Import.TipoArredondamento<>\"TransfereGOV\",VTOTAL1,SUM(OFFSET(CÁLCULO!$AA$15,ROW($X535)-ROW($X$15),1):OFFSET(CÁLCULO!$AL$15,ROW($X535)-ROW($X$15),-1))),IF($C535=0,0,ROUND(SomaAgrup,15-13*$AF$11)))","v":1515.51},"RA","RA",{"$f":"IF($C535=\"S\",IF($Z535=\"CP\",$X535,IF($Z535=\"RA\",(($X535)*QCI!$AA$3),0)),SomaAgrup)","v":53.97186024948607},0,{"$f":"IF($N535=\"\",\"\",IF(ORÇAMENTO.Descricao=\"\",\"DESCRIÇÃO\",IF(AND($C535=\"S\",ORÇAMENTO.Unidade=\"\"),\"UNIDADE\",IF($X535<0,\"VALOR NEGATIVO\",IF(OR(AND(TIPOORCAMENTO=\"Proposto\",$AG535<>\"\",$AG535>0,ORÇAMENTO.CustoUnitario>$AG535),AND(TIPOORCAMENTO=\"LICITADO\",ORÇAMENTO.PrecoUnitarioLicitado>$AN535)),\"ACIMA REF.\",\"\")))))","v":""},{"$f":"IF(C535<=CRONO.NivelExibicao,MAX($AD$15:OFFSET(AD535,-1,0))+IF($C535<>1,1,MAX(1,COUNTIF(QCI!$A$13:$A$41,OFFSET($E535,-1,0)))),\"\")","v":""},{"$f":"IF(AND($C535=\"S\",ORÇAMENTO.CodBarra<>\"\"),IF(ORÇAMENTO.Fonte=\"\",ORÇAMENTO.CodBarra,CONCATENATE(ORÇAMENTO.Fonte,\" \",ORÇAMENTO.CodBarra)))","v":"SINAPI 92022"},{"$f":"IF(ISERROR(INDIRECT(ORÇAMENTO.BancoRef)),\"(abra o arquivo 'Referência \"&Excel_BuiltIn_Database&\".xlsm)\",IF(OR($C535<>\"S\",ORÇAMENTO.CodBarra=\"\"),\"(Sem Código)\",IF(ISERROR(MATCH($AE535,INDIRECT(ORÇAMENTO.BancoRef),0)),\"(Código não identificado nas referências)\",MATCH($AE535,INDIRECT(ORÇAMENTO.BancoRef),0))))","v":3308},{"$f":"ROUND(IF(DESONERACAO=\"sim\",REFERENCIA.Desonerado,REFERENCIA.NaoDesonerado),2)","v":44.9},0.25,null,27,null,null,1515.51,56.13]
["S",2,"S",0,{"$f":"IF($C536=1,OFFSET(E536,-1,0)+MAX(1,COUNTIF(QCI!$A$13:$A$41,OFFSET(ORÇAMENTO!E536,-1,0))),OFFSET(E536,-1,0))","v":19},6,0,0,8,0,{"$f":"IF(OR($C536=\"S\",$C536=0),0,MATCH(OFFSET($D536,0,$C536)+IF($C536<>1,1,COUNTIF(QCI!$A$13:$A$41,ORÇAMENTO!E536)),OFFSET($D536,1,$C536,ROW($C$744)-ROW($C536)),0))","v":0},"F","Serviço","Serviço","19.6.8.","SINAPI","92028","INTERRUPTOR PARALELO (1 MÓDULO) COM 1 TOMADA DE EMBUTIR 2P+T 10 A, SEM SUPORTE E SEM PLACA - FORNECIMENTO E INSTALAÇÃO. AF_03/2023",{"$f":"REFERENCIA.Unidade","v":"UN"},{"$f":"OFFSET(CÁLCULO!H$15,ROW($T536)-ROW(T$15),0)","v":14},52.19,"BDI 1",{"$f":"IF($C536=\"S\",ROUND(IF(TIPOORCAMENTO=\"Proposto\",ORÇAMENTO.CustoUnitario*(1+$AH536),ORÇAMENTO.PrecoUnitarioLicitado),15-13*$AF$10),0)","v":65.239999999999995},{"$f":"IF($C536=\"S\",IF(Import.TipoArredondamento<>\"TransfereGOV\",VTOTAL1,SUM(OFFSET(CÁLCULO!$AA$15,ROW($X536)-ROW($X$15),1):OFFSET(CÁLCULO!$AL$15,ROW($X536)-ROW($X$15),-1))),IF($C536=0,0,ROUND(SomaAgrup,15-13*$AF$11)))","v":913.36},"RA","RA",{"$f":"IF($C536=\"S\",IF($Z536=\"CP\",$X536,IF($Z536=\"RA\",(($X536)*QCI!$AA$3),0)),SomaAgrup)","v":32.527491258698788},0,{"$f":"IF($N536=\"\",\"\",IF(ORÇAMENTO.Descricao=\"\",\"DESCRIÇÃO\",IF(AND($C536=\"S\",ORÇAMENTO.Unidade=\"\"),\"UNIDADE\",IF($X536<0,\"VALOR NEGATIVO\",IF(OR(AND(TIPOORCAMENTO=\"Proposto\",$AG536<>\"\",$AG536>0,ORÇAMENTO.CustoUnitario>$AG536),AND(TIPOORCAMENTO=\"LICITADO\",ORÇAMENTO.PrecoUnitarioLicitado>$AN536)),\"ACIMA REF.\",\"\")))))","v":""},{"$f":"IF(C536<=CRONO.NivelExibicao,MAX($AD$15:OFFSET(AD536,-1,0))+IF($C536<>1,1,MAX(1,COUNTIF(QCI!$A$13:$A$41,OFFSET($E536,-1,0)))),\"\")","v":""},{"$f":"IF(AND($C536=\"S\",ORÇAMENTO.CodBarra<>\"\"),IF(ORÇAMENTO.Fonte=\"\",ORÇAMENTO.CodBarra,CONCATENATE(ORÇAMENTO.Fonte,\" \",ORÇAMENTO.CodBarra)))","v":"SINAPI 92028"},{"$f":"IF(ISERROR(INDIRECT(ORÇAMENTO.BancoRef)),\"(abra o arquivo 'Referência \"&Excel_BuiltIn_Database&\".xlsm)\",IF(OR($C536<>\"S\",ORÇAMENTO.CodBarra=\"\"),\"(Sem Código)\",IF(ISERROR(MATCH($AE536,INDIRECT(ORÇAMENTO.BancoRef),0)),\"(Código não identificado nas referências)\",MATCH($AE536,INDIRECT(ORÇAMENTO.BancoRef),0))))","v":3314},{"$f":"ROUND(IF(DESONERACAO=\"sim\",REFERENCIA.Desonerado,REFERENCIA.NaoDesonerado),2)","v":52.19},0.25,null,14,null,null,913.36,65.239999999999995]
["S",2,"S",0,{"$f":"IF($C537=1,OFFSET(E537,-1,0)+MAX(1,COUNTIF(QCI!$A$13:$A$41,OFFSET(ORÇAMENTO!E537,-1,0))),OFFSET(E537,-1,0))","v":19},6,0,0,9,0,{"$f":"IF(OR($C537=\"S\",$C537=0),0,MATCH(OFFSET($D537,0,$C537)+IF($C537<>1,1,COUNTIF(QCI!$A$13:$A$41,ORÇAMENTO!E537)),OFFSET($D537,1,$C537,ROW($C$744)-ROW($C537)),0))","v":0},"F","Serviço","Serviço","19.6.9.","SINAPI","91964","INTERRUPTOR SIMPLES (2 MÓDULOS) COM INTERRUPTOR PARALELO (1 MÓDULO), 10A/250V, SEM SUPORTE E SEM PLACA - FORNECIMENTO E INSTALAÇÃO. AF_03/2023",{"$f":"REFERENCIA.Unidade","v":"UN"},{"$f":"OFFSET(CÁLCULO!H$15,ROW($T537)-ROW(T$15),0)","v":1},64.17,"BDI 1",{"$f":"IF($C537=\"S\",ROUND(IF(TIPOORCAMENTO=\"Proposto\",ORÇAMENTO.CustoUnitario*(1+$AH537),ORÇAMENTO.PrecoUnitarioLicitado),15-13*$AF$10),0)","v":80.209999999999994},{"$f":"IF($C537=\"S\",IF(Import.TipoArredondamento<>\"TransfereGOV\",VTOTAL1,SUM(OFFSET(CÁLCULO!$AA$15,ROW($X537)-ROW($X$15),1):OFFSET(CÁLCULO!$AL$15,ROW($X537)-ROW($X$15),-1))),IF($C537=0,0,ROUND(SomaAgrup,15-13*$AF$11)))","v":80.209999999999994},"RA","RA",{"$f":"IF($C537=\"S\",IF($Z537=\"CP\",$X537,IF($Z537=\"RA\",(($X537)*QCI!$AA$3),0)),SomaAgrup)","v":2.8565188686391227},0,{"$f":"IF($N537=\"\",\"\",IF(ORÇAMENTO.Descricao=\"\",\"DESCRIÇÃO\",IF(AND($C537=\"S\",ORÇAMENTO.Unidade=\"\"),\"UNIDADE\",IF($X537<0,\"VALOR NEGATIVO\",IF(OR(AND(TIPOORCAMENTO=\"Proposto\",$AG537<>\"\",$AG537>0,ORÇAMENTO.CustoUnitario>$AG537),AND(TIPOORCAMENTO=\"LICITADO\",ORÇAMENTO.PrecoUnitarioLicitado>$AN537)),\"ACIMA REF.\",\"\")))))","v":""},{"$f":"IF(C537<=CRONO.NivelExibicao,MAX($AD$15:OFFSET(AD537,-1,0))+IF($C537<>1,1,MAX(1,COUNTIF(QCI!$A$13:$A$41,OFFSET($E537,-1,0)))),\"\")","v":""},{"$f":"IF(AND($C537=\"S\",ORÇAMENTO.CodBarra<>\"\"),IF(ORÇAMENTO.Fonte=\"\",ORÇAMENTO.CodBarra,CONCATENATE(ORÇAMENTO.Fonte,\" \",ORÇAMENTO.CodBarra)))","v":"SINAPI 91964"},{"$f":"IF(ISERROR(INDIRECT(ORÇAMENTO.BancoRef)),\"(abra o arquivo 'Referência \"&Excel_BuiltIn_Database&\".xlsm)\",IF(OR($C537<>\"S\",ORÇAMENTO.CodBarra=\"\"),\"(Sem Código)\",IF(ISERROR(MATCH($AE537,INDIRECT(ORÇAMENTO.BancoRef),0)),\"(Código não identificado nas referências)\",MATCH($AE537,INDIRECT(ORÇAMENTO.BancoRef),0))))","v":3250},{"$f":"ROUND(IF(DESONERACAO=\"sim\",REFERENCIA.Desonerado,REFERENCIA.NaoDesonerado),2)","v":64.17},0.25,null,1,null,null,80.209999999999994,80.209999999999994]
["S",2,"S",0,{"$f":"IF($C538=1,OFFSET(E538,-1,0)+MAX(1,COUNTIF(QCI!$A$13:$A$41,OFFSET(ORÇAMENTO!E538,-1,0))),OFFSET(E538,-1,0))","v":19},6,0,0,10,0,{"$f":"IF(OR($C538=\"S\",$C538=0),0,MATCH(OFFSET($D538,0,$C538)+IF($C538<>1,1,COUNTIF(QCI!$A$13:$A$41,ORÇAMENTO!E538)),OFFSET($D538,1,$C538,ROW($C$744)-ROW($C538)),0))","v":0},"F","Serviço","Serviço","19.6.10.","SINAPI","92026","INTERRUPTOR SIMPLES (2 MÓDULOS) COM 1 TOMADA DE EMBUTIR 2P+T 10 A, SEM SUPORTE E SEM PLACA - FORNECIMENTO E INSTALAÇÃO. AF_03/2023",{"$f":"REFERENCIA.Unidade","v":"UN"},{"$f":"OFFSET(CÁLCULO!H$15,ROW($T538)-ROW(T$15),0)","v":7},62.76,"BDI 1",{"$f":"IF($C538=\"S\",ROUND(IF(TIPOORCAMENTO=\"Proposto\",ORÇAMENTO.CustoUnitario*(1+$AH538),ORÇAMENTO.PrecoUnitarioLicitado),15-13*$AF$10),0)","v":78.45},{"$f":"IF($C538=\"S\",IF(Import.TipoArredondamento<>\"TransfereGOV\",VTOTAL1,SUM(OFFSET(CÁLCULO!$AA$15,ROW($X538)-ROW($X$15),1):OFFSET(CÁLCULO!$AL$15,ROW($X538)-ROW($X$15),-1))),IF($C538=0,0,ROUND(SomaAgrup,15-13*$AF$11)))","v":549.15},"RA","RA",{"$f":"IF($C538=\"S\",IF($Z538=\"CP\",$X538,IF($Z538=\"RA\",(($X538)*QCI!$AA$3),0)),SomaAgrup)","v":19.556879899179336},0,{"$f":"IF($N538=\"\",\"\",IF(ORÇAMENTO.Descricao=\"\",\"DESCRIÇÃO\",IF(AND($C538=\"S\",ORÇAMENTO.Unidade=\"\"),\"UNIDADE\",IF($X538<0,\"VALOR NEGATIVO\",IF(OR(AND(TIPOORCAMENTO=\"Proposto\",$AG538<>\"\",$AG538>0,ORÇAMENTO.CustoUnitario>$AG538),AND(TIPOORCAMENTO=\"LICITADO\",ORÇAMENTO.PrecoUnitarioLicitado>$AN538)),\"ACIMA REF.\",\"\")))))","v":""},{"$f":"IF(C538<=CRONO.NivelExibicao,MAX($AD$15:OFFSET(AD538,-1,0))+IF($C538<>1,1,MAX(1,COUNTIF(QCI!$A$13:$A$41,OFFSET($E538,-1,0)))),\"\")","v":""},{"$f":"IF(AND($C538=\"S\",ORÇAMENTO.CodBarra<>\"\"),IF(ORÇAMENTO.Fonte=\"\",ORÇAMENTO.CodBarra,CONCATENATE(ORÇAMENTO.Fonte,\" \",ORÇAMENTO.CodBarra)))","v":"SINAPI 92026"},{"$f":"IF(ISERROR(INDIRECT(ORÇAMENTO.BancoRef)),\"(abra o arquivo 'Referência \"&Excel_BuiltIn_Database&\".xlsm)\",IF(OR($C538<>\"S\",ORÇAMENTO.CodBarra=\"\"),\"(Sem Código)\",IF(ISERROR(MATCH($AE538,INDIRECT(ORÇAMENTO.BancoRef),0)),\"(Código não identificado nas referências)\",MATCH($AE538,INDIRECT(ORÇAMENTO.BancoRef),0))))","v":3312},{"$f":"ROUND(IF(DESONERACAO=\"sim\",REFERENCIA.Desonerado,REFERENCIA.NaoDesonerado),2)","v":62.76},0.25,null,7,null,null,549.15,78.45]
["S",2,"S",0,{"$f":"IF($C539=1,OFFSET(E539,-1,0)+MAX(1,COUNTIF(QCI!$A$13:$A$41,OFFSET(ORÇAMENTO!E539,-1,0))),OFFSET(E539,-1,0))","v":19},6,0,0,11,0,{"$f":"IF(OR($C539=\"S\",$C539=0),0,MATCH(OFFSET($D539,0,$C539)+IF($C539<>1,1,COUNTIF(QCI!$A$13:$A$41,ORÇAMENTO!E539)),OFFSET($D539,1,$C539,ROW($C$744)-ROW($C539)),0))","v":0},"F","Serviço","Serviço","19.6.11.","SINAPI","91998","TOMADA BAIXA DE EMBUTIR (1 MÓDULO), 2P+T 10 A, SEM SUPORTE E SEM PLACA - FORNECIMENTO E INSTALAÇÃO. AF_03/2023",{"$f":"REFERENCIA.Unidade","v":"UN"},{"$f":"OFFSET(CÁLCULO!H$15,ROW($T539)-ROW(T$15),0)","v":129},22.98,"BDI 1",{"$f":"IF($C539=\"S\",ROUND(IF(TIPOORCAMENTO=\"Proposto\",ORÇAMENTO.CustoUnitario*(1+$AH539),ORÇAMENTO.PrecoUnitarioLicitado),15-13*$AF$10),0)","v":28.73},{"$f":"IF($C539=\"S\",IF(Import.TipoArredondamento<>\"TransfereGOV\",VTOTAL1,SUM(OFFSET(CÁLCULO!$AA$15,ROW($X539)-ROW($X$15),1):OFFSET(CÁLCULO!$AL$15,ROW($X539)-ROW($X$15),-1))),IF($C539=0,0,ROUND(SomaAgrup,15-13*$AF$11)))","v":3706.17},"RA","RA",{"$f":"IF($C539=\"S\",IF($Z539=\"CP\",$X539,IF($Z539=\"RA\",(($X539)*QCI!$AA$3),0)),SomaAgrup)","v":131.9878386159364},0,{"$f":"IF($N539=\"\",\"\",IF(ORÇAMENTO.Descricao=\"\",\"DESCRIÇÃO\",IF(AND($C539=\"S\",ORÇAMENTO.Unidade=\"\"),\"UNIDADE\",IF($X539<0,\"VALOR NEGATIVO\",IF(OR(AND(TIPOORCAMENTO=\"Proposto\",$AG539<>\"\",$AG539>0,ORÇAMENTO.CustoUnitario>$AG539),AND(TIPOORCAMENTO=\"LICITADO\",ORÇAMENTO.PrecoUnitarioLicitado>$AN539)),\"ACIMA REF.\",\"\")))))","v":""},{"$f":"IF(C539<=CRONO.NivelExibicao,MAX($AD$15:OFFSET(AD539,-1,0))+IF($C539<>1,1,MAX(1,COUNTIF(QCI!$A$13:$A$41,OFFSET($E539,-1,0)))),\"\")","v":""},{"$f":"IF(AND($C539=\"S\",ORÇAMENTO.CodBarra<>\"\"),IF(ORÇAMENTO.Fonte=\"\",ORÇAMENTO.CodBarra,CONCATENATE(ORÇAMENTO.Fonte,\" \",ORÇAMENTO.CodBarra)))","v":"SINAPI 91998"},{"$f":"IF(ISERROR(INDIRECT(ORÇAMENTO.BancoRef)),\"(abra o arquivo 'Referência \"&Excel_BuiltIn_Database&\".xlsm)\",IF(OR($C539<>\"S\",ORÇAMENTO.CodBarra=\"\"),\"(Sem Código)\",IF(ISERROR(MATCH($AE539,INDIRECT(ORÇAMENTO.BancoRef),0)),\"(Código não identificado nas referências)\",MATCH($AE539,INDIRECT(ORÇAMENTO.BancoRef),0))))","v":3284},{"$f":"ROUND(IF(DESONERACAO=\"sim\",REFERENCIA.Desonerado,REFERENCIA.NaoDesonerado),2)","v":22.98},0.25,null,129,null,null,3706.17,28.73]
["S",2,"S",0,{"$f":"IF($C540=1,OFFSET(E540,-1,0)+MAX(1,COUNTIF(QCI!$A$13:$A$41,OFFSET(ORÇAMENTO!E540,-1,0))),OFFSET(E540,-1,0))","v":19},6,0,0,12,0,{"$f":"IF(OR($C540=\"S\",$C540=0),0,MATCH(OFFSET($D540,0,$C540)+IF($C540<>1,1,COUNTIF(QCI!$A$13:$A$41,ORÇAMENTO!E540)),OFFSET($D540,1,$C540,ROW($C$744)-ROW($C540)),0))","v":0},"F","Serviço","Serviço","19.6.12.","SINAPI","91999","TOMADA BAIXA DE EMBUTIR (1 MÓDULO), 2P+T 20 A, SEM SUPORTE E SEM PLACA - FORNECIMENTO E INSTALAÇÃO. AF_03/2023",{"$f":"REFERENCIA.Unidade","v":"UN"},{"$f":"OFFSET(CÁLCULO!H$15,ROW($T540)-ROW(T$15),0)","v":10},25.7,"BDI 1",{"$f":"IF($C540=\"S\",ROUND(IF(TIPOORCAMENTO=\"Proposto\",ORÇAMENTO.CustoUnitario*(1+$AH540),ORÇAMENTO.PrecoUnitarioLicitado),15-13*$AF$10),0)","v":32.130000000000003},{"$f":"IF($C540=\"S\",IF(Import.TipoArredondamento<>\"TransfereGOV\",VTOTAL1,SUM(OFFSET(CÁLCULO!$AA$15,ROW($X540)-ROW($X$15),1):OFFSET(CÁLCULO!$AL$15,ROW($X540)-ROW($X$15),-1))),IF($C540=0,0,ROUND(SomaAgrup,15-13*$AF$11)))","v":321.3},"RA","RA",{"$f":"IF($C540=\"S\",IF($Z540=\"CP\",$X540,IF($Z540=\"RA\",(($X540)*QCI!$AA$3),0)),SomaAgrup)","v":11.442457455351581},0,{"$f":"IF($N540=\"\",\"\",IF(ORÇAMENTO.Descricao=\"\",\"DESCRIÇÃO\",IF(AND($C540=\"S\",ORÇAMENTO.Unidade=\"\"),\"UNIDADE\",IF($X540<0,\"VALOR NEGATIVO\",IF(OR(AND(TIPOORCAMENTO=\"Proposto\",$AG540<>\"\",$AG540>0,ORÇAMENTO.CustoUnitario>$AG540),AND(TIPOORCAMENTO=\"LICITADO\",ORÇAMENTO.PrecoUnitarioLicitado>$AN540)),\"ACIMA REF.\",\"\")))))","v":""},{"$f":"IF(C540<=CRONO.NivelExibicao,MAX($AD$15:OFFSET(AD540,-1,0))+IF($C540<>1,1,MAX(1,COUNTIF(QCI!$A$13:$A$41,OFFSET($E540,-1,0)))),\"\")","v":""},{"$f":"IF(AND($C540=\"S\",ORÇAMENTO.CodBarra<>\"\"),IF(ORÇAMENTO.Fonte=\"\",ORÇAMENTO.CodBarra,CONCATENATE(ORÇAMENTO.Fonte,\" \",ORÇAMENTO.CodBarra)))","v":"SINAPI 91999"},{"$f":"IF(ISERROR(INDIRECT(ORÇAMENTO.BancoRef)),\"(abra o arquivo 'Referência \"&Excel_BuiltIn_Database&\".xlsm)\",IF(OR($C540<>\"S\",ORÇAMENTO.CodBarra=\"\"),\"(Sem Código)\",IF(ISERROR(MATCH($AE540,INDIRECT(ORÇAMENTO.BancoRef),0)),\"(Código não identificado nas referências)\",MATCH($AE540,INDIRECT(ORÇAMENTO.BancoRef),0))))","v":3285},{"$f":"ROUND(IF(DESONERACAO=\"sim\",REFERENCIA.Desonerado,REFERENCIA.NaoDesonerado),2)","v":25.7},0.25,null,10,null,null,321.3,32.130000000000003]
[2,2,2,24,{"$f":"IF($C541=1,OFFSET(E541,-1,0)+MAX(1,COUNTIF(QCI!$A$13:$A$41,OFFSET(ORÇAMENTO!E541,-1,0))),OFFSET(E541,-1,0))","v":19},7,0,0,0,61,{"$f":"IF(OR($C541=\"S\",$C541=0),0,MATCH(OFFSET($D541,0,$C541)+IF($C541<>1,1,COUNTIF(QCI!$A$13:$A$41,ORÇAMENTO!E541)),OFFSET($D541,1,$C541,ROW($C$744)-ROW($C541)),0))","v":24},"F","Nível 2","Nível 2","19.7.","SINAPI",null,"Dispositivos de proteção",{"$f":"REFERENCIA.Unidade","v":"-"},{"$f":"OFFSET(CÁLCULO!H$15,ROW($T541)-ROW(T$15),0)","v":0},null,"BDI 1",{"$f":"IF($C541=\"S\",ROUND(IF(TIPOORCAMENTO=\"Proposto\",ORÇAMENTO.CustoUnitario*(1+$AH541),ORÇAMENTO.PrecoUnitarioLicitado),15-13*$AF$10),0)","v":0},{"$f":"IF($C541=\"S\",IF(Import.TipoArredondamento<>\"TransfereGOV\",VTOTAL1,SUM(OFFSET(CÁLCULO!$AA$15,ROW($X541)-ROW($X$15),1):OFFSET(CÁLCULO!$AL$15,ROW($X541)-ROW($X$15),-1))),IF($C541=0,0,ROUND(SomaAgrup,15-13*$AF$11)))","v":16180.06},"RA","",{"$f":"IF($C541=\"S\",IF($Z541=\"CP\",$X541,IF($Z541=\"RA\",(($X541)*QCI!$AA$3),0)),SomaAgrup)","v":576.22050474645471},0,{"$f":"IF($N541=\"\",\"\",IF(ORÇAMENTO.Descricao=\"\",\"DESCRIÇÃO\",IF(AND($C541=\"S\",ORÇAMENTO.Unidade=\"\"),\"UNIDADE\",IF($X541<0,\"VALOR NEGATIVO\",IF(OR(AND(TIPOORCAMENTO=\"Proposto\",$AG541<>\"\",$AG541>0,ORÇAMENTO.CustoUnitario>$AG541),AND(TIPOORCAMENTO=\"LICITADO\",ORÇAMENTO.PrecoUnitarioLicitado>$AN541)),\"ACIMA REF.\",\"\")))))","v":""},{"$f":"IF(C541<=CRONO.NivelExibicao,MAX($AD$15:OFFSET(AD541,-1,0))+IF($C541<>1,1,MAX(1,COUNTIF(QCI!$A$13:$A$41,OFFSET($E541,-1,0)))),\"\")","v":70},{"$f":"IF(AND($C541=\"S\",ORÇAMENTO.CodBarra<>\"\"),IF(ORÇAMENTO.Fonte=\"\",ORÇAMENTO.CodBarra,CONCATENATE(ORÇAMENTO.Fonte,\" \",ORÇAMENTO.CodBarra)))","v":false},{"$f":"IF(ISERROR(INDIRECT(ORÇAMENTO.BancoRef)),\"(abra o arquivo 'Referência \"&Excel_BuiltIn_Database&\".xlsm)\",IF(OR($C541<>\"S\",ORÇAMENTO.CodBarra=\"\"),\"(Sem Código)\",IF(ISERROR(MATCH($AE541,INDIRECT(ORÇAMENTO.BancoRef),0)),\"(Código não identificado nas referências)\",MATCH($AE541,INDIRECT(ORÇAMENTO.BancoRef),0))))","v":"(Sem Código)"},{"$f":"ROUND(IF(DESONERACAO=\"sim\",REFERENCIA.Desonerado,REFERENCIA.NaoDesonerado),2)","v":0},0.25,null,null,null,null,16180.06,0]
["S",2,"S",0,{"$f":"IF($C542=1,OFFSET(E542,-1,0)+MAX(1,COUNTIF(QCI!$A$13:$A$41,OFFSET(ORÇAMENTO!E542,-1,0))),OFFSET(E542,-1,0))","v":19},7,0,0,1,0,{"$f":"IF(OR($C542=\"S\",$C542=0),0,MATCH(OFFSET($D542,0,$C542)+IF($C542<>1,1,COUNTIF(QCI!$A$13:$A$41,ORÇAMENTO!E542)),OFFSET($D542,1,$C542,ROW($C$744)-ROW($C542)),0))","v":0},"F","Serviço","Serviço","19.7.1.","SINAPI","93667","DISJUNTOR TRIPOLAR TIPO DIN, CORRENTE NOMINAL DE 10A - FORNECIMENTO E INSTALAÇÃO. AF_10/2020",{"$f":"REFERENCIA.Unidade","v":"UN"},{"$f":"OFFSET(CÁLCULO!H$15,ROW($T542)-ROW(T$15),0)","v":2},62.82,"BDI 1",{"$f":"IF($C542=\"S\",ROUND(IF(TIPOORCAMENTO=\"Proposto\",ORÇAMENTO.CustoUnitario*(1+$AH542),ORÇAMENTO.PrecoUnitarioLicitado),15-13*$AF$10),0)","v":78.53},{"$f":"IF($C542=\"S\",IF(Import.TipoArredondamento<>\"TransfereGOV\",VTOTAL1,SUM(OFFSET(CÁLCULO!$AA$15,ROW($X542)-ROW($X$15),1):OFFSET(CÁLCULO!$AL$15,ROW($X542)-ROW($X$15),-1))),IF($C542=0,0,ROUND(SomaAgrup,15-13*$AF$11)))","v":157.06},"RA","RA",{"$f":"IF($C542=\"S\",IF($Z542=\"CP\",$X542,IF($Z542=\"RA\",(($X542)*QCI!$AA$3),0)),SomaAgrup)","v":5.5933780514706477},0,{"$f":"IF($N542=\"\",\"\",IF(ORÇAMENTO.Descricao=\"\",\"DESCRIÇÃO\",IF(AND($C542=\"S\",ORÇAMENTO.Unidade=\"\"),\"UNIDADE\",IF($X542<0,\"VALOR NEGATIVO\",IF(OR(AND(TIPOORCAMENTO=\"Proposto\",$AG542<>\"\",$AG542>0,ORÇAMENTO.CustoUnitario>$AG542),AND(TIPOORCAMENTO=\"LICITADO\",ORÇAMENTO.PrecoUnitarioLicitado>$AN542)),\"ACIMA REF.\",\"\")))))","v":""},{"$f":"IF(C542<=CRONO.NivelExibicao,MAX($AD$15:OFFSET(AD542,-1,0))+IF($C542<>1,1,MAX(1,COUNTIF(QCI!$A$13:$A$41,OFFSET($E542,-1,0)))),\"\")","v":""},{"$f":"IF(AND($C542=\"S\",ORÇAMENTO.CodBarra<>\"\"),IF(ORÇAMENTO.Fonte=\"\",ORÇAMENTO.CodBarra,CONCATENATE(ORÇAMENTO.Fonte,\" \",ORÇAMENTO.CodBarra)))","v":"SINAPI 93667"},{"$f":"IF(ISERROR(INDIRECT(ORÇAMENTO.BancoRef)),\"(abra o arquivo 'Referência \"&Excel_BuiltIn_Database&\".xlsm)\",IF(OR($C542<>\"S\",ORÇAMENTO.CodBarra=\"\"),\"(Sem Código)\",IF(ISERROR(MATCH($AE542,INDIRECT(ORÇAMENTO.BancoRef),0)),\"(Código não identificado nas referências)\",MATCH($AE542,INDIRECT(ORÇAMENTO.BancoRef),0))))","v":3195},{"$f":"ROUND(IF(DESONERACAO=\"sim\",REFERENCIA.Desonerado,REFERENCIA.NaoDesonerado),2)","v":62.82},0.25,null,2,null,null,157.06,78.53]
["S",2,"S",0,{"$f":"IF($C543=1,OFFSET(E543,-1,0)+MAX(1,COUNTIF(QCI!$A$13:$A$41,OFFSET(ORÇAMENTO!E543,-1,0))),OFFSET(E543,-1,0))","v":19},7,0,0,2,0,{"$f":"IF(OR($C543=\"S\",$C543=0),0,MATCH(OFFSET($D543,0,$C543)+IF($C543<>1,1,COUNTIF(QCI!$A$13:$A$41,ORÇAMENTO!E543)),OFFSET($D543,1,$C543,ROW($C$744)-ROW($C543)),0))","v":0},"F","Serviço","Serviço","19.7.2.","SINAPI","93653","DISJUNTOR MONOPOLAR TIPO DIN, CORRENTE NOMINAL DE 10A - FORNECIMENTO E INSTALAÇÃO. AF_10/2020",{"$f":"REFERENCIA.Unidade","v":"UN"},{"$f":"OFFSET(CÁLCULO!H$15,ROW($T543)-ROW(T$15),0)","v":47},10.69,"BDI 1",{"$f":"IF($C543=\"S\",ROUND(IF(TIPOORCAMENTO=\"Proposto\",ORÇAMENTO.CustoUnitario*(1+$AH543),ORÇAMENTO.PrecoUnitarioLicitado),15-13*$AF$10),0)","v":13.36},{"$f":"IF($C543=\"S\",IF(Import.TipoArredondamento<>\"TransfereGOV\",VTOTAL1,SUM(OFFSET(CÁLCULO!$AA$15,ROW($X543)-ROW($X$15),1):OFFSET(CÁLCULO!$AL$15,ROW($X543)-ROW($X$15),-1))),IF($C543=0,0,ROUND(SomaAgrup,15-13*$AF$11)))","v":627.91999999999996},"RA","RA",{"$f":"IF($C543=\"S\",IF($Z543=\"CP\",$X543,IF($Z543=\"RA\",(($X543)*QCI!$AA$3),0)),SomaAgrup)","v":22.362116045329486},0,{"$f":"IF($N543=\"\",\"\",IF(ORÇAMENTO.Descricao=\"\",\"DESCRIÇÃO\",IF(AND($C543=\"S\",ORÇAMENTO.Unidade=\"\"),\"UNIDADE\",IF($X543<0,\"VALOR NEGATIVO\",IF(OR(AND(TIPOORCAMENTO=\"Proposto\",$AG543<>\"\",$AG543>0,ORÇAMENTO.CustoUnitario>$AG543),AND(TIPOORCAMENTO=\"LICITADO\",ORÇAMENTO.PrecoUnitarioLicitado>$AN543)),\"ACIMA REF.\",\"\")))))","v":""},{"$f":"IF(C543<=CRONO.NivelExibicao,MAX($AD$15:OFFSET(AD543,-1,0))+IF($C543<>1,1,MAX(1,COUNTIF(QCI!$A$13:$A$41,OFFSET($E543,-1,0)))),\"\")","v":""},{"$f":"IF(AND($C543=\"S\",ORÇAMENTO.CodBarra<>\"\"),IF(ORÇAMENTO.Fonte=\"\",ORÇAMENTO.CodBarra,CONCATENATE(ORÇAMENTO.Fonte,\" \",ORÇAMENTO.CodBarra)))","v":"SINAPI 93653"},{"$f":"IF(ISERROR(INDIRECT(ORÇAMENTO.BancoRef)),\"(abra o arquivo 'Referência \"&Excel_BuiltIn_Database&\".xlsm)\",IF(OR($C543<>\"S\",ORÇAMENTO.CodBarra=\"\"),\"(Sem Código)\",IF(ISERROR(MATCH($AE543,INDIRECT(ORÇAMENTO.BancoRef),0)),\"(Código não identificado nas referências)\",MATCH($AE543,INDIRECT(ORÇAMENTO.BancoRef),0))))","v":3181},{"$f":"ROUND(IF(DESONERACAO=\"sim\",REFERENCIA.Desonerado,REFERENCIA.NaoDesonerado),2)","v":10.69},0.25,null,47,null,null,627.91999999999996,13.36]
["S",2,"S",0,{"$f":"IF($C544=1,OFFSET(E544,-1,0)+MAX(1,COUNTIF(QCI!$A$13:$A$41,OFFSET(ORÇAMENTO!E544,-1,0))),OFFSET(E544,-1,0))","v":19},7,0,0,3,0,{"$f":"IF(OR($C544=\"S\",$C544=0),0,MATCH(OFFSET($D544,0,$C544)+IF($C544<>1,1,COUNTIF(QCI!$A$13:$A$41,ORÇAMENTO!E544)),OFFSET($D544,1,$C544,ROW($C$744)-ROW($C544)),0))","v":0},"F","Serviço","Serviço","19.7.3.","SINAPI","93654","DISJUNTOR MONOPOLAR TIPO DIN, CORRENTE NOMINAL DE 16A - FORNECIMENTO E INSTALAÇÃO. AF_10/2020",{"$f":"REFERENCIA.Unidade","v":"UN"},{"$f":"OFFSET(CÁLCULO!H$15,ROW($T544)-ROW(T$15),0)","v":8},11.37,"BDI 1",{"$f":"IF($C544=\"S\",ROUND(IF(TIPOORCAMENTO=\"Proposto\",ORÇAMENTO.CustoUnitario*(1+$AH544),ORÇAMENTO.PrecoUnitarioLicitado),15-13*$AF$10),0)","v":14.21},{"$f":"IF($C544=\"S\",IF(Import.TipoArredondamento<>\"TransfereGOV\",VTOTAL1,SUM(OFFSET(CÁLCULO!$AA$15,ROW($X544)-ROW($X$15),1):OFFSET(CÁLCULO!$AL$15,ROW($X544)-ROW($X$15),-1))),IF($C544=0,0,ROUND(SomaAgrup,15-13*$AF$11)))","v":113.68},"RA","RA",{"$f":"IF($C544=\"S\",IF($Z544=\"CP\",$X544,IF($Z544=\"RA\",(($X544)*QCI!$AA$3),0)),SomaAgrup)","v":4.0484860364904067},0,{"$f":"IF($N544=\"\",\"\",IF(ORÇAMENTO.Descricao=\"\",\"DESCRIÇÃO\",IF(AND($C544=\"S\",ORÇAMENTO.Unidade=\"\"),\"UNIDADE\",IF($X544<0,\"VALOR NEGATIVO\",IF(OR(AND(TIPOORCAMENTO=\"Proposto\",$AG544<>\"\",$AG544>0,ORÇAMENTO.CustoUnitario>$AG544),AND(TIPOORCAMENTO=\"LICITADO\",ORÇAMENTO.PrecoUnitarioLicitado>$AN544)),\"ACIMA REF.\",\"\")))))","v":""},{"$f":"IF(C544<=CRONO.NivelExibicao,MAX($AD$15:OFFSET(AD544,-1,0))+IF($C544<>1,1,MAX(1,COUNTIF(QCI!$A$13:$A$41,OFFSET($E544,-1,0)))),\"\")","v":""},{"$f":"IF(AND($C544=\"S\",ORÇAMENTO.CodBarra<>\"\"),IF(ORÇAMENTO.Fonte=\"\",ORÇAMENTO.CodBarra,CONCATENATE(ORÇAMENTO.Fonte,\" \",ORÇAMENTO.CodBarra)))","v":"SINAPI 93654"},{"$f":"IF(ISERROR(INDIRECT(ORÇAMENTO.BancoRef)),\"(abra o arquivo 'Referência \"&Excel_BuiltIn_Database&\".xlsm)\",IF(OR($C544<>\"S\",ORÇAMENTO.CodBarra=\"\"),\"(Sem Código)\",IF(ISERROR(MATCH($AE544,INDIRECT(ORÇAMENTO.BancoRef),0)),\"(Código não identificado nas referências)\",MATCH($AE544,INDIRECT(ORÇAMENTO.BancoRef),0))))","v":3182},{"$f":"ROUND(IF(DESONERACAO=\"sim\",REFERENCIA.Desonerado,REFERENCIA.NaoDesonerado),2)","v":11.37},0.25,null,8,null,null,113.68,14.21]
["S",2,"S",0,{"$f":"IF($C545=1,OFFSET(E545,-1,0)+MAX(1,COUNTIF(QCI!$A$13:$A$41,OFFSET(ORÇAMENTO!E545,-1,0))),OFFSET(E545,-1,0))","v":19},7,0,0,4,0,{"$f":"IF(OR($C545=\"S\",$C545=0),0,MATCH(OFFSET($D545,0,$C545)+IF($C545<>1,1,COUNTIF(QCI!$A$13:$A$41,ORÇAMENTO!E545)),OFFSET($D545,1,$C545,ROW($C$744)-ROW($C545)),0))","v":0},"F","Serviço","Serviço","19.7.4.","SINAPI","93656","DISJUNTOR MONOPOLAR TIPO DIN, CORRENTE NOMINAL DE 25A - FORNECIMENTO E INSTALAÇÃO. AF_10/2020",{"$f":"REFERENCIA.Unidade","v":"UN"},{"$f":"OFFSET(CÁLCULO!H$15,ROW($T545)-ROW(T$15),0)","v":1},12.74,"BDI 1",{"$f":"IF($C545=\"S\",ROUND(IF(TIPOORCAMENTO=\"Proposto\",ORÇAMENTO.CustoUnitario*(1+$AH545),ORÇAMENTO.PrecoUnitarioLicitado),15-13*$AF$10),0)","v":15.93},{"$f":"IF($C545=\"S\",IF(Import.TipoArredondamento<>\"TransfereGOV\",VTOTAL1,SUM(OFFSET(CÁLCULO!$AA$15,ROW($X545)-ROW($X$15),1):OFFSET(CÁLCULO!$AL$15,ROW($X545)-ROW($X$15),-1))),IF($C545=0,0,ROUND(SomaAgrup,15-13*$AF$11)))","v":15.93},"RA","RA",{"$f":"IF($C545=\"S\",IF($Z545=\"CP\",$X545,IF($Z545=\"RA\",(($X545)*QCI!$AA$3),0)),SomaAgrup)","v":0.56731511753423802},0,{"$f":"IF($N545=\"\",\"\",IF(ORÇAMENTO.Descricao=\"\",\"DESCRIÇÃO\",IF(AND($C545=\"S\",ORÇAMENTO.Unidade=\"\"),\"UNIDADE\",IF($X545<0,\"VALOR NEGATIVO\",IF(OR(AND(TIPOORCAMENTO=\"Proposto\",$AG545<>\"\",$AG545>0,ORÇAMENTO.CustoUnitario>$AG545),AND(TIPOORCAMENTO=\"LICITADO\",ORÇAMENTO.PrecoUnitarioLicitado>$AN545)),\"ACIMA REF.\",\"\")))))","v":""},{"$f":"IF(C545<=CRONO.NivelExibicao,MAX($AD$15:OFFSET(AD545,-1,0))+IF($C545<>1,1,MAX(1,COUNTIF(QCI!$A$13:$A$41,OFFSET($E545,-1,0)))),\"\")","v":""},{"$f":"IF(AND($C545=\"S\",ORÇAMENTO.CodBarra<>\"\"),IF(ORÇAMENTO.Fonte=\"\",ORÇAMENTO.CodBarra,CONCATENATE(ORÇAMENTO.Fonte,\" \",ORÇAMENTO.CodBarra)))","v":"SINAPI 93656"},{"$f":"IF(ISERROR(INDIRECT(ORÇAMENTO.BancoRef)),\"(abra o arquivo 'Referência \"&Excel_BuiltIn_Database&\".xlsm)\",IF(OR($C545<>\"S\",ORÇAMENTO.CodBarra=\"\"),\"(Sem Código)\",IF(ISERROR(MATCH($AE545,INDIRECT(ORÇAMENTO.BancoRef),0)),\"(Código não identificado nas referências)\",MATCH($AE545,INDIRECT(ORÇAMENTO.BancoRef),0))))","v":3184},{"$f":"ROUND(IF(DESONERACAO=\"sim\",REFERENCIA.Desonerado,REFERENCIA.NaoDesonerado),2)","v":12.74},0.25,null,1,null,null,15.93,15.93]
["S",2,"S",0,{"$f":"IF($C546=1,OFFSET(E546,-1,0)+MAX(1,COUNTIF(QCI!$A$13:$A$41,OFFSET(ORÇAMENTO!E546,-1,0))),OFFSET(E546,-1,0))","v":19},7,0,0,5,0,{"$f":"IF(OR($C546=\"S\",$C546=0),0,MATCH(OFFSET($D546,0,$C546)+IF($C546<>1,1,COUNTIF(QCI!$A$13:$A$41,ORÇAMENTO!E546)),OFFSET($D546,1,$C546,ROW($C$744)-ROW($C546)),0))","v":0},"F","Serviço","Serviço","19.7.5.","SINAPI","93660","DISJUNTOR BIPOLAR TIPO DIN, CORRENTE NOMINAL DE 10A - FORNECIMENTO E INSTALAÇÃO. AF_10/2020",{"$f":"REFERENCIA.Unidade","v":"UN"},{"$f":"OFFSET(CÁLCULO!H$15,ROW($T546)-ROW(T$15),0)","v":2},49.89,"BDI 1",{"$f":"IF($C546=\"S\",ROUND(IF(TIPOORCAMENTO=\"Proposto\",ORÇAMENTO.CustoUnitario*(1+$AH546),ORÇAMENTO.PrecoUnitarioLicitado),15-13*$AF$10),0)","v":62.36},{"$f":"IF($C546=\"S\",IF(Import.TipoArredondamento<>\"TransfereGOV\",VTOTAL1,SUM(OFFSET(CÁLCULO!$AA$15,ROW($X546)-ROW($X$15),1):OFFSET(CÁLCULO!$AL$15,ROW($X546)-ROW($X$15),-1))),IF($C546=0,0,ROUND(SomaAgrup,15-13*$AF$11)))","v":124.72},"RA","RA",{"$f":"IF($C546=\"S\",IF($Z546=\"CP\",$X546,IF($Z546=\"RA\",(($X546)*QCI!$AA$3),0)),SomaAgrup)","v":4.4416535755725146},0,{"$f":"IF($N546=\"\",\"\",IF(ORÇAMENTO.Descricao=\"\",\"DESCRIÇÃO\",IF(AND($C546=\"S\",ORÇAMENTO.Unidade=\"\"),\"UNIDADE\",IF($X546<0,\"VALOR NEGATIVO\",IF(OR(AND(TIPOORCAMENTO=\"Proposto\",$AG546<>\"\",$AG546>0,ORÇAMENTO.CustoUnitario>$AG546),AND(TIPOORCAMENTO=\"LICITADO\",ORÇAMENTO.PrecoUnitarioLicitado>$AN546)),\"ACIMA REF.\",\"\")))))","v":""},{"$f":"IF(C546<=CRONO.NivelExibicao,MAX($AD$15:OFFSET(AD546,-1,0))+IF($C546<>1,1,MAX(1,COUNTIF(QCI!$A$13:$A$41,OFFSET($E546,-1,0)))),\"\")","v":""},{"$f":"IF(AND($C546=\"S\",ORÇAMENTO.CodBarra<>\"\"),IF(ORÇAMENTO.Fonte=\"\",ORÇAMENTO.CodBarra,CONCATENATE(ORÇAMENTO.Fonte,\" \",ORÇAMENTO.CodBarra)))","v":"SINAPI 93660"},{"$f":"IF(ISERROR(INDIRECT(ORÇAMENTO.BancoRef)),\"(abra o arquivo 'Referência \"&Excel_BuiltIn_Database&\".xlsm)\",IF(OR($C546<>\"S\",ORÇAMENTO.CodBarra=\"\"),\"(Sem Código)\",IF(ISERROR(MATCH($AE546,INDIRECT(ORÇAMENTO.BancoRef),0)),\"(Código não identificado nas referências)\",MATCH($AE546,INDIRECT(ORÇAMENTO.BancoRef),0))))","v":3188},{"$f":"ROUND(IF(DESONERACAO=\"sim\",REFERENCIA.Desonerado,REFERENCIA.NaoDesonerado),2)","v":49.89},0.25,null,2,null,null,124.72,62.36]
["S",2,"S",0,{"$f":"IF($C547=1,OFFSET(E547,-1,0)+MAX(1,COUNTIF(QCI!$A$13:$A$41,OFFSET(ORÇAMENTO!E547,-1,0))),OFFSET(E547,-1,0))","v":19},7,0,0,6,0,{"$f":"IF(OR($C547=\"S\",$C547=0),0,MATCH(OFFSET($D547,0,$C547)+IF($C547<>1,1,COUNTIF(QCI!$A$13:$A$41,ORÇAMENTO!E547)),OFFSET($D547,1,$C547,ROW($C$744)-ROW($C547)),0))","v":0},"F","Serviço","Serviço","19.7.6.","SINAPI","93661","DISJUNTOR BIPOLAR TIPO DIN, CORRENTE NOMINAL DE 16A - FORNECIMENTO E INSTALAÇÃO. AF_10/2020",{"$f":"REFERENCIA.Unidade","v":"UN"},{"$f":"OFFSET(CÁLCULO!H$15,ROW($T547)-ROW(T$15),0)","v":11},51.25,"BDI 1",{"$f":"IF($C547=\"S\",ROUND(IF(TIPOORCAMENTO=\"Proposto\",ORÇAMENTO.CustoUnitario*(1+$AH547),ORÇAMENTO.PrecoUnitarioLicitado),15-13*$AF$10),0)","v":64.06},{"$f":"IF($C547=\"S\",IF(Import.TipoArredondamento<>\"TransfereGOV\",VTOTAL1,SUM(OFFSET(CÁLCULO!$AA$15,ROW($X547)-ROW($X$15),1):OFFSET(CÁLCULO!$AL$15,ROW($X547)-ROW($X$15),-1))),IF($C547=0,0,ROUND(SomaAgrup,15-13*$AF$11)))","v":704.66},"RA","RA",{"$f":"IF($C547=\"S\",IF($Z547=\"CP\",$X547,IF($Z547=\"RA\",(($X547)*QCI!$AA$3),0)),SomaAgrup)","v":25.095057797970881},0,{"$f":"IF($N547=\"\",\"\",IF(ORÇAMENTO.Descricao=\"\",\"DESCRIÇÃO\",IF(AND($C547=\"S\",ORÇAMENTO.Unidade=\"\"),\"UNIDADE\",IF($X547<0,\"VALOR NEGATIVO\",IF(OR(AND(TIPOORCAMENTO=\"Proposto\",$AG547<>\"\",$AG547>0,ORÇAMENTO.CustoUnitario>$AG547),AND(TIPOORCAMENTO=\"LICITADO\",ORÇAMENTO.PrecoUnitarioLicitado>$AN547)),\"ACIMA REF.\",\"\")))))","v":""},{"$f":"IF(C547<=CRONO.NivelExibicao,MAX($AD$15:OFFSET(AD547,-1,0))+IF($C547<>1,1,MAX(1,COUNTIF(QCI!$A$13:$A$41,OFFSET($E547,-1,0)))),\"\")","v":""},{"$f":"IF(AND($C547=\"S\",ORÇAMENTO.CodBarra<>\"\"),IF(ORÇAMENTO.Fonte=\"\",ORÇAMENTO.CodBarra,CONCATENATE(ORÇAMENTO.Fonte,\" \",ORÇAMENTO.CodBarra)))","v":"SINAPI 93661"},{"$f":"IF(ISERROR(INDIRECT(ORÇAMENTO.BancoRef)),\"(abra o arquivo 'Referência \"&Excel_BuiltIn_Database&\".xlsm)\",IF(OR($C547<>\"S\",ORÇAMENTO.CodBarra=\"\"),\"(Sem Código)\",IF(ISERROR(MATCH($AE547,INDIRECT(ORÇAMENTO.BancoRef),0)),\"(Código não identificado nas referências)\",MATCH($AE547,INDIRECT(ORÇAMENTO.BancoRef),0))))","v":3189},{"$f":"ROUND(IF(DESONERACAO=\"sim\",REFERENCIA.Desonerado,REFERENCIA.NaoDesonerado),2)","v":51.25},0.25,null,11,null,null,704.66,64.06]
["S",2,"S",0,{"$f":"IF($C548=1,OFFSET(E548,-1,0)+MAX(1,COUNTIF(QCI!$A$13:$A$41,OFFSET(ORÇAMENTO!E548,-1,0))),OFFSET(E548,-1,0))","v":19},7,0,0,7,0,{"$f":"IF(OR($C548=\"S\",$C548=0),0,MATCH(OFFSET($D548,0,$C548)+IF($C548<>1,1,COUNTIF(QCI!$A$13:$A$41,ORÇAMENTO!E548)),OFFSET($D548,1,$C548,ROW($C$744)-ROW($C548)),0))","v":0},"F","Serviço","Serviço","19.7.7.","SINAPI","93663","DISJUNTOR BIPOLAR TIPO DIN, CORRENTE NOMINAL DE 25A - FORNECIMENTO E INSTALAÇÃO. AF_10/2020",{"$f":"REFERENCIA.Unidade","v":"UN"},{"$f":"OFFSET(CÁLCULO!H$15,ROW($T548)-ROW(T$15),0)","v":13},54,"BDI 1",{"$f":"IF($C548=\"S\",ROUND(IF(TIPOORCAMENTO=\"Proposto\",ORÇAMENTO.CustoUnitario*(1+$AH548),ORÇAMENTO.PrecoUnitarioLicitado),15-13*$AF$10),0)","v":67.5},{"$f":"IF($C548=\"S\",IF(Import.TipoArredondamento<>\"TransfereGOV\",VTOTAL1,SUM(OFFSET(CÁLCULO!$AA$15,ROW($X548)-ROW($X$15),1):OFFSET(CÁLCULO!$AL$15,ROW($X548)-ROW($X$15),-1))),IF($C548=0,0,ROUND(SomaAgrup,15-13*$AF$11)))","v":877.5},"RA","RA",{"$f":"IF($C548=\"S\",IF($Z548=\"CP\",$X548,IF($Z548=\"RA\",(($X548)*QCI!$AA$3),0)),SomaAgrup)","v":31.2504090167165},0,{"$f":"IF($N548=\"\",\"\",IF(ORÇAMENTO.Descricao=\"\",\"DESCRIÇÃO\",IF(AND($C548=\"S\",ORÇAMENTO.Unidade=\"\"),\"UNIDADE\",IF($X548<0,\"VALOR NEGATIVO\",IF(OR(AND(TIPOORCAMENTO=\"Proposto\",$AG548<>\"\",$AG548>0,ORÇAMENTO.CustoUnitario>$AG548),AND(TIPOORCAMENTO=\"LICITADO\",ORÇAMENTO.PrecoUnitarioLicitado>$AN548)),\"ACIMA REF.\",\"\")))))","v":""},{"$f":"IF(C548<=CRONO.NivelExibicao,MAX($AD$15:OFFSET(AD548,-1,0))+IF($C548<>1,1,MAX(1,COUNTIF(QCI!$A$13:$A$41,OFFSET($E548,-1,0)))),\"\")","v":""},{"$f":"IF(AND($C548=\"S\",ORÇAMENTO.CodBarra<>\"\"),IF(ORÇAMENTO.Fonte=\"\",ORÇAMENTO.CodBarra,CONCATENATE(ORÇAMENTO.Fonte,\" \",ORÇAMENTO.CodBarra)))","v":"SINAPI 93663"},{"$f":"IF(ISERROR(INDIRECT(ORÇAMENTO.BancoRef)),\"(abra o arquivo 'Referência \"&Excel_BuiltIn_Database&\".xlsm)\",IF(OR($C548<>\"S\",ORÇAMENTO.CodBarra=\"\"),\"(Sem Código)\",IF(ISERROR(MATCH($AE548,INDIRECT(ORÇAMENTO.BancoRef),0)),\"(Código não identificado nas referências)\",MATCH($AE548,INDIRECT(ORÇAMENTO.BancoRef),0))))","v":3191},{"$f":"ROUND(IF(DESONERACAO=\"sim\",REFERENCIA.Desonerado,REFERENCIA.NaoDesonerado),2)","v":54},0.25,null,13,null,null,877.5,67.5]
["S",2,"S",0,{"$f":"IF($C549=1,OFFSET(E549,-1,0)+MAX(1,COUNTIF(QCI!$A$13:$A$41,OFFSET(ORÇAMENTO!E549,-1,0))),OFFSET(E549,-1,0))","v":19},7,0,0,8,0,{"$f":"IF(OR($C549=\"S\",$C549=0),0,MATCH(OFFSET($D549,0,$C549)+IF($C549<>1,1,COUNTIF(QCI!$A$13:$A$41,ORÇAMENTO!E549)),OFFSET($D549,1,$C549,ROW($C$744)-ROW($C549)),0))","v":0},"F","Serviço","Serviço","19.7.8.","SINAPI","93664","DISJUNTOR BIPOLAR TIPO DIN, CORRENTE NOMINAL DE 32A - FORNECIMENTO E INSTALAÇÃO. AF_10/2020",{"$f":"REFERENCIA.Unidade","v":"UN"},{"$f":"OFFSET(CÁLCULO!H$15,ROW($T549)-ROW(T$15),0)","v":6},57.3,"BDI 1",{"$f":"IF($C549=\"S\",ROUND(IF(TIPOORCAMENTO=\"Proposto\",ORÇAMENTO.CustoUnitario*(1+$AH549),ORÇAMENTO.PrecoUnitarioLicitado),15-13*$AF$10),0)","v":71.63},{"$f":"IF($C549=\"S\",IF(Import.TipoArredondamento<>\"TransfereGOV\",VTOTAL1,SUM(OFFSET(CÁLCULO!$AA$15,ROW($X549)-ROW($X$15),1):OFFSET(CÁLCULO!$AL$15,ROW($X549)-ROW($X$15),-1))),IF($C549=0,0,ROUND(SomaAgrup,15-13*$AF$11)))","v":429.78},"RA","RA",{"$f":"IF($C549=\"S\",IF($Z549=\"CP\",$X549,IF($Z549=\"RA\",(($X549)*QCI!$AA$3),0)),SomaAgrup)","v":15.305755882854037},0,{"$f":"IF($N549=\"\",\"\",IF(ORÇAMENTO.Descricao=\"\",\"DESCRIÇÃO\",IF(AND($C549=\"S\",ORÇAMENTO.Unidade=\"\"),\"UNIDADE\",IF($X549<0,\"VALOR NEGATIVO\",IF(OR(AND(TIPOORCAMENTO=\"Proposto\",$AG549<>\"\",$AG549>0,ORÇAMENTO.CustoUnitario>$AG549),AND(TIPOORCAMENTO=\"LICITADO\",ORÇAMENTO.PrecoUnitarioLicitado>$AN549)),\"ACIMA REF.\",\"\")))))","v":""},{"$f":"IF(C549<=CRONO.NivelExibicao,MAX($AD$15:OFFSET(AD549,-1,0))+IF($C549<>1,1,MAX(1,COUNTIF(QCI!$A$13:$A$41,OFFSET($E549,-1,0)))),\"\")","v":""},{"$f":"IF(AND($C549=\"S\",ORÇAMENTO.CodBarra<>\"\"),IF(ORÇAMENTO.Fonte=\"\",ORÇAMENTO.CodBarra,CONCATENATE(ORÇAMENTO.Fonte,\" \",ORÇAMENTO.CodBarra)))","v":"SINAPI 93664"},{"$f":"IF(ISERROR(INDIRECT(ORÇAMENTO.BancoRef)),\"(abra o arquivo 'Referência \"&Excel_BuiltIn_Database&\".xlsm)\",IF(OR($C549<>\"S\",ORÇAMENTO.CodBarra=\"\"),\"(Sem Código)\",IF(ISERROR(MATCH($AE549,INDIRECT(ORÇAMENTO.BancoRef),0)),\"(Código não identificado nas referências)\",MATCH($AE549,INDIRECT(ORÇAMENTO.BancoRef),0))))","v":3192},{"$f":"ROUND(IF(DESONERACAO=\"sim\",REFERENCIA.Desonerado,REFERENCIA.NaoDesonerado),2)","v":57.3},0.25,null,6,null,null,429.78,71.63]
["S",2,"S",0,{"$f":"IF($C550=1,OFFSET(E550,-1,0)+MAX(1,COUNTIF(QCI!$A$13:$A$41,OFFSET(ORÇAMENTO!E550,-1,0))),OFFSET(E550,-1,0))","v":19},7,0,0,9,0,{"$f":"IF(OR($C550=\"S\",$C550=0),0,MATCH(OFFSET($D550,0,$C550)+IF($C550<>1,1,COUNTIF(QCI!$A$13:$A$41,ORÇAMENTO!E550)),OFFSET($D550,1,$C550,ROW($C$744)-ROW($C550)),0))","v":0},"F","Serviço","Serviço","19.7.9.","SINAPI","101895","DISJUNTOR TERMOMAGNÉTICO TRIPOLAR , CORRENTE NOMINAL DE 125A - FORNECIMENTO E INSTALAÇÃO. AF_10/2020",{"$f":"REFERENCIA.Unidade","v":"UN"},{"$f":"OFFSET(CÁLCULO!H$15,ROW($T550)-ROW(T$15),0)","v":4},383.45,"BDI 1",{"$f":"IF($C550=\"S\",ROUND(IF(TIPOORCAMENTO=\"Proposto\",ORÇAMENTO.CustoUnitario*(1+$AH550),ORÇAMENTO.PrecoUnitarioLicitado),15-13*$AF$10),0)","v":479.31},{"$f":"IF($C550=\"S\",IF(Import.TipoArredondamento<>\"TransfereGOV\",VTOTAL1,SUM(OFFSET(CÁLCULO!$AA$15,ROW($X550)-ROW($X$15),1):OFFSET(CÁLCULO!$AL$15,ROW($X550)-ROW($X$15),-1))),IF($C550=0,0,ROUND(SomaAgrup,15-13*$AF$11)))","v":1917.24},"RA","RA",{"$f":"IF($C550=\"S\",IF($Z550=\"CP\",$X550,IF($Z550=\"RA\",(($X550)*QCI!$AA$3),0)),SomaAgrup)","v":68.278671433857028},0,{"$f":"IF($N550=\"\",\"\",IF(ORÇAMENTO.Descricao=\"\",\"DESCRIÇÃO\",IF(AND($C550=\"S\",ORÇAMENTO.Unidade=\"\"),\"UNIDADE\",IF($X550<0,\"VALOR NEGATIVO\",IF(OR(AND(TIPOORCAMENTO=\"Proposto\",$AG550<>\"\",$AG550>0,ORÇAMENTO.CustoUnitario>$AG550),AND(TIPOORCAMENTO=\"LICITADO\",ORÇAMENTO.PrecoUnitarioLicitado>$AN550)),\"ACIMA REF.\",\"\")))))","v":""},{"$f":"IF(C550<=CRONO.NivelExibicao,MAX($AD$15:OFFSET(AD550,-1,0))+IF($C550<>1,1,MAX(1,COUNTIF(QCI!$A$13:$A$41,OFFSET($E550,-1,0)))),\"\")","v":""},{"$f":"IF(AND($C550=\"S\",ORÇAMENTO.CodBarra<>\"\"),IF(ORÇAMENTO.Fonte=\"\",ORÇAMENTO.CodBarra,CONCATENATE(ORÇAMENTO.Fonte,\" \",ORÇAMENTO.CodBarra)))","v":"SINAPI 101895"},{"$f":"IF(ISERROR(INDIRECT(ORÇAMENTO.BancoRef)),\"(abra o arquivo 'Referência \"&Excel_BuiltIn_Database&\".xlsm)\",IF(OR($C550<>\"S\",ORÇAMENTO.CodBarra=\"\"),\"(Sem Código)\",IF(ISERROR(MATCH($AE550,INDIRECT(ORÇAMENTO.BancoRef),0)),\"(Código não identificado nas referências)\",MATCH($AE550,INDIRECT(ORÇAMENTO.BancoRef),0))))","v":3220},{"$f":"ROUND(IF(DESONERACAO=\"sim\",REFERENCIA.Desonerado,REFERENCIA.NaoDesonerado),2)","v":383.45},0.25,null,4,null,null,1917.24,479.31]
["S",2,"S",0,{"$f":"IF($C551=1,OFFSET(E551,-1,0)+MAX(1,COUNTIF(QCI!$A$13:$A$41,OFFSET(ORÇAMENTO!E551,-1,0))),OFFSET(E551,-1,0))","v":19},7,0,0,10,0,{"$f":"IF(OR($C551=\"S\",$C551=0),0,MATCH(OFFSET($D551,0,$C551)+IF($C551<>1,1,COUNTIF(QCI!$A$13:$A$41,ORÇAMENTO!E551)),OFFSET($D551,1,$C551,ROW($C$744)-ROW($C551)),0))","v":0},"F","Serviço","Serviço","19.7.10.","SINAPI","93668","DISJUNTOR TRIPOLAR TIPO DIN, CORRENTE NOMINAL DE 16A - FORNECIMENTO E INSTALAÇÃO. AF_10/2020",{"$f":"REFERENCIA.Unidade","v":"UN"},{"$f":"OFFSET(CÁLCULO!H$15,ROW($T551)-ROW(T$15),0)","v":2},64.849999999999994,"BDI 1",{"$f":"IF($C551=\"S\",ROUND(IF(TIPOORCAMENTO=\"Proposto\",ORÇAMENTO.CustoUnitario*(1+$AH551),ORÇAMENTO.PrecoUnitarioLicitado),15-13*$AF$10),0)","v":81.06},{"$f":"IF($C551=\"S\",IF(Import.TipoArredondamento<>\"TransfereGOV\",VTOTAL1,SUM(OFFSET(CÁLCULO!$AA$15,ROW($X551)-ROW($X$15),1):OFFSET(CÁLCULO!$AL$15,ROW($X551)-ROW($X$15),-1))),IF($C551=0,0,ROUND(SomaAgrup,15-13*$AF$11)))","v":162.12},"RA","RA",{"$f":"IF($C551=\"S\",IF($Z551=\"CP\",$X551,IF($Z551=\"RA\",(($X551)*QCI!$AA$3),0)),SomaAgrup)","v":5.7735798402166143},0,{"$f":"IF($N551=\"\",\"\",IF(ORÇAMENTO.Descricao=\"\",\"DESCRIÇÃO\",IF(AND($C551=\"S\",ORÇAMENTO.Unidade=\"\"),\"UNIDADE\",IF($X551<0,\"VALOR NEGATIVO\",IF(OR(AND(TIPOORCAMENTO=\"Proposto\",$AG551<>\"\",$AG551>0,ORÇAMENTO.CustoUnitario>$AG551),AND(TIPOORCAMENTO=\"LICITADO\",ORÇAMENTO.PrecoUnitarioLicitado>$AN551)),\"ACIMA REF.\",\"\")))))","v":""},{"$f":"IF(C551<=CRONO.NivelExibicao,MAX($AD$15:OFFSET(AD551,-1,0))+IF($C551<>1,1,MAX(1,COUNTIF(QCI!$A$13:$A$41,OFFSET($E551,-1,0)))),\"\")","v":""},{"$f":"IF(AND($C551=\"S\",ORÇAMENTO.CodBarra<>\"\"),IF(ORÇAMENTO.Fonte=\"\",ORÇAMENTO.CodBarra,CONCATENATE(ORÇAMENTO.Fonte,\" \",ORÇAMENTO.CodBarra)))","v":"SINAPI 93668"},{"$f":"IF(ISERROR(INDIRECT(ORÇAMENTO.BancoRef)),\"(abra o arquivo 'Referência \"&Excel_BuiltIn_Database&\".xlsm)\",IF(OR($C551<>\"S\",ORÇAMENTO.CodBarra=\"\"),\"(Sem Código)\",IF(ISERROR(MATCH($AE551,INDIRECT(ORÇAMENTO.BancoRef),0)),\"(Código não identificado nas referências)\",MATCH($AE551,INDIRECT(ORÇAMENTO.BancoRef),0))))","v":3196},{"$f":"ROUND(IF(DESONERACAO=\"sim\",REFERENCIA.Desonerado,REFERENCIA.NaoDesonerado),2)","v":64.849999999999994},0.25,null,2,null,null,162.12,81.06]
["S",2,"S",0,{"$f":"IF($C552=1,OFFSET(E552,-1,0)+MAX(1,COUNTIF(QCI!$A$13:$A$41,OFFSET(ORÇAMENTO!E552,-1,0))),OFFSET(E552,-1,0))","v":19},7,0,0,11,0,{"$f":"IF(OR($C552=\"S\",$C552=0),0,MATCH(OFFSET($D552,0,$C552)+IF($C552<>1,1,COUNTIF(QCI!$A$13:$A$41,ORÇAMENTO!E552)),OFFSET($D552,1,$C552,ROW($C$744)-ROW($C552)),0))","v":0},"F","Serviço","Serviço","19.7.11.","SINAPI","101896","DISJUNTOR TERMOMAGNÉTICO TRIPOLAR , CORRENTE NOMINAL DE 200A - FORNECIMENTO E INSTALAÇÃO. AF_10/2020",{"$f":"REFERENCIA.Unidade","v":"UN"},{"$f":"OFFSET(CÁLCULO!H$15,ROW($T552)-ROW(T$15),0)","v":2},566.59,"BDI 1",{"$f":"IF($C552=\"S\",ROUND(IF(TIPOORCAMENTO=\"Proposto\",ORÇAMENTO.CustoUnitario*(1+$AH552),ORÇAMENTO.PrecoUnitarioLicitado),15-13*$AF$10),0)","v":708.24},{"$f":"IF($C552=\"S\",IF(Import.TipoArredondamento<>\"TransfereGOV\",VTOTAL1,SUM(OFFSET(CÁLCULO!$AA$15,ROW($X552)-ROW($X$15),1):OFFSET(CÁLCULO!$AL$15,ROW($X552)-ROW($X$15),-1))),IF($C552=0,0,ROUND(SomaAgrup,15-13*$AF$11)))","v":1416.48},"RA","RA",{"$f":"IF($C552=\"S\",IF($Z552=\"CP\",$X552,IF($Z552=\"RA\",(($X552)*QCI!$AA$3),0)),SomaAgrup)","v":50.445104688317478},0,{"$f":"IF($N552=\"\",\"\",IF(ORÇAMENTO.Descricao=\"\",\"DESCRIÇÃO\",IF(AND($C552=\"S\",ORÇAMENTO.Unidade=\"\"),\"UNIDADE\",IF($X552<0,\"VALOR NEGATIVO\",IF(OR(AND(TIPOORCAMENTO=\"Proposto\",$AG552<>\"\",$AG552>0,ORÇAMENTO.CustoUnitario>$AG552),AND(TIPOORCAMENTO=\"LICITADO\",ORÇAMENTO.PrecoUnitarioLicitado>$AN552)),\"ACIMA REF.\",\"\")))))","v":""},{"$f":"IF(C552<=CRONO.NivelExibicao,MAX($AD$15:OFFSET(AD552,-1,0))+IF($C552<>1,1,MAX(1,COUNTIF(QCI!$A$13:$A$41,OFFSET($E552,-1,0)))),\"\")","v":""},{"$f":"IF(AND($C552=\"S\",ORÇAMENTO.CodBarra<>\"\"),IF(ORÇAMENTO.Fonte=\"\",ORÇAMENTO.CodBarra,CONCATENATE(ORÇAMENTO.Fonte,\" \",ORÇAMENTO.CodBarra)))","v":"SINAPI 101896"},{"$f":"IF(ISERROR(INDIRECT(ORÇAMENTO.BancoRef)),\"(abra o arquivo 'Referência \"&Excel_BuiltIn_Database&\".xlsm)\",IF(OR($C552<>\"S\",ORÇAMENTO.CodBarra=\"\"),\"(Sem Código)\",IF(ISERROR(MATCH($AE552,INDIRECT(ORÇAMENTO.BancoRef),0)),\"(Código não identificado nas referências)\",MATCH($AE552,INDIRECT(ORÇAMENTO.BancoRef),0))))","v":3221},{"$f":"ROUND(IF(DESONERACAO=\"sim\",REFERENCIA.Desonerado,REFERENCIA.NaoDesonerado),2)","v":566.59},0.25,null,2,null,null,1416.48,708.24]
["S",2,"S",0,{"$f":"IF($C553=1,OFFSET(E553,-1,0)+MAX(1,COUNTIF(QCI!$A$13:$A$41,OFFSET(ORÇAMENTO!E553,-1,0))),OFFSET(E553,-1,0))","v":19},7,0,0,12,0,{"$f":"IF(OR($C553=\"S\",$C553=0),0,MATCH(OFFSET($D553,0,$C553)+IF($C553<>1,1,COUNTIF(QCI!$A$13:$A$41,ORÇAMENTO!E553)),OFFSET($D553,1,$C553,ROW($C$744)-ROW($C553)),0))","v":0},"F","Serviço","Serviço","19.7.12.","SINAPI","93670","DISJUNTOR TRIPOLAR TIPO DIN, CORRENTE NOMINAL DE 25A - FORNECIMENTO E INSTALAÇÃO. AF_10/2020",{"$f":"REFERENCIA.Unidade","v":"UN"},{"$f":"OFFSET(CÁLCULO!H$15,ROW($T553)-ROW(T$15),0)","v":2},68.97,"BDI 1",{"$f":"IF($C553=\"S\",ROUND(IF(TIPOORCAMENTO=\"Proposto\",ORÇAMENTO.CustoUnitario*(1+$AH553),ORÇAMENTO.PrecoUnitarioLicitado),15-13*$AF$10),0)","v":86.21},{"$f":"IF($C553=\"S\",IF(Import.TipoArredondamento<>\"TransfereGOV\",VTOTAL1,SUM(OFFSET(CÁLCULO!$AA$15,ROW($X553)-ROW($X$15),1):OFFSET(CÁLCULO!$AL$15,ROW($X553)-ROW($X$15),-1))),IF($C553=0,0,ROUND(SomaAgrup,15-13*$AF$11)))","v":172.42},"RA","RA",{"$f":"IF($C553=\"S\",IF($Z553=\"CP\",$X553,IF($Z553=\"RA\",(($X553)*QCI!$AA$3),0)),SomaAgrup)","v":6.1403937580196679},0,{"$f":"IF($N553=\"\",\"\",IF(ORÇAMENTO.Descricao=\"\",\"DESCRIÇÃO\",IF(AND($C553=\"S\",ORÇAMENTO.Unidade=\"\"),\"UNIDADE\",IF($X553<0,\"VALOR NEGATIVO\",IF(OR(AND(TIPOORCAMENTO=\"Proposto\",$AG553<>\"\",$AG553>0,ORÇAMENTO.CustoUnitario>$AG553),AND(TIPOORCAMENTO=\"LICITADO\",ORÇAMENTO.PrecoUnitarioLicitado>$AN553)),\"ACIMA REF.\",\"\")))))","v":""},{"$f":"IF(C553<=CRONO.NivelExibicao,MAX($AD$15:OFFSET(AD553,-1,0))+IF($C553<>1,1,MAX(1,COUNTIF(QCI!$A$13:$A$41,OFFSET($E553,-1,0)))),\"\")","v":""},{"$f":"IF(AND($C553=\"S\",ORÇAMENTO.CodBarra<>\"\"),IF(ORÇAMENTO.Fonte=\"\",ORÇAMENTO.CodBarra,CONCATENATE(ORÇAMENTO.Fonte,\" \",ORÇAMENTO.CodBarra)))","v":"SINAPI 93670"},{"$f":"IF(ISERROR(INDIRECT(ORÇAMENTO.BancoRef)),\"(abra o arquivo 'Referência \"&Excel_BuiltIn_Database&\".xlsm)\",IF(OR($C553<>\"S\",ORÇAMENTO.CodBarra=\"\"),\"(Sem Código)\",IF(ISERROR(MATCH($AE553,INDIRECT(ORÇAMENTO.BancoRef),0)),\"(Código não identificado nas referências)\",MATCH($AE553,INDIRECT(ORÇAMENTO.BancoRef),0))))","v":3198},{"$f":"ROUND(IF(DESONERACAO=\"sim\",REFERENCIA.Desonerado,REFERENCIA.NaoDesonerado),2)","v":68.97},0.25,null,2,null,null,172.42,86.21]
["S",2,"S",0,{"$f":"IF($C554=1,OFFSET(E554,-1,0)+MAX(1,COUNTIF(QCI!$A$13:$A$41,OFFSET(ORÇAMENTO!E554,-1,0))),OFFSET(E554,-1,0))","v":19},7,0,0,13,0,{"$f":"IF(OR($C554=\"S\",$C554=0),0,MATCH(OFFSET($D554,0,$C554)+IF($C554<>1,1,COUNTIF(QCI!$A$13:$A$41,ORÇAMENTO!E554)),OFFSET($D554,1,$C554,ROW($C$744)-ROW($C554)),0))","v":0},"F","Serviço","Serviço","19.7.13.","SINAPI","101898","DISJUNTOR TERMOMAGNÉTICO TRIPOLAR , CORRENTE NOMINAL DE 400A - FORNECIMENTO E INSTALAÇÃO. AF_10/2020",{"$f":"REFERENCIA.Unidade","v":"UN"},{"$f":"OFFSET(CÁLCULO!H$15,ROW($T554)-ROW(T$15),0)","v":2},1183.74,"BDI 1",{"$f":"IF($C554=\"S\",ROUND(IF(TIPOORCAMENTO=\"Proposto\",ORÇAMENTO.CustoUnitario*(1+$AH554),ORÇAMENTO.PrecoUnitarioLicitado),15-13*$AF$10),0)","v":1479.68},{"$f":"IF($C554=\"S\",IF(Import.TipoArredondamento<>\"TransfereGOV\",VTOTAL1,SUM(OFFSET(CÁLCULO!$AA$15,ROW($X554)-ROW($X$15),1):OFFSET(CÁLCULO!$AL$15,ROW($X554)-ROW($X$15),-1))),IF($C554=0,0,ROUND(SomaAgrup,15-13*$AF$11)))","v":2959.36},"RA","RA",{"$f":"IF($C554=\"S\",IF($Z554=\"CP\",$X554,IF($Z554=\"RA\",(($X554)*QCI!$AA$3),0)),SomaAgrup)","v":105.39169279511128},0,{"$f":"IF($N554=\"\",\"\",IF(ORÇAMENTO.Descricao=\"\",\"DESCRIÇÃO\",IF(AND($C554=\"S\",ORÇAMENTO.Unidade=\"\"),\"UNIDADE\",IF($X554<0,\"VALOR NEGATIVO\",IF(OR(AND(TIPOORCAMENTO=\"Proposto\",$AG554<>\"\",$AG554>0,ORÇAMENTO.CustoUnitario>$AG554),AND(TIPOORCAMENTO=\"LICITADO\",ORÇAMENTO.PrecoUnitarioLicitado>$AN554)),\"ACIMA REF.\",\"\")))))","v":""},{"$f":"IF(C554<=CRONO.NivelExibicao,MAX($AD$15:OFFSET(AD554,-1,0))+IF($C554<>1,1,MAX(1,COUNTIF(QCI!$A$13:$A$41,OFFSET($E554,-1,0)))),\"\")","v":""},{"$f":"IF(AND($C554=\"S\",ORÇAMENTO.CodBarra<>\"\"),IF(ORÇAMENTO.Fonte=\"\",ORÇAMENTO.CodBarra,CONCATENATE(ORÇAMENTO.Fonte,\" \",ORÇAMENTO.CodBarra)))","v":"SINAPI 101898"},{"$f":"IF(ISERROR(INDIRECT(ORÇAMENTO.BancoRef)),\"(abra o arquivo 'Referência \"&Excel_BuiltIn_Database&\".xlsm)\",IF(OR($C554<>\"S\",ORÇAMENTO.CodBarra=\"\"),\"(Sem Código)\",IF(ISERROR(MATCH($AE554,INDIRECT(ORÇAMENTO.BancoRef),0)),\"(Código não identificado nas referências)\",MATCH($AE554,INDIRECT(ORÇAMENTO.BancoRef),0))))","v":3223},{"$f":"ROUND(IF(DESONERACAO=\"sim\",REFERENCIA.Desonerado,REFERENCIA.NaoDesonerado),2)","v":1183.74},0.25,null,2,null,null,2959.36,1479.68]
["S",2,"S",0,{"$f":"IF($C555=1,OFFSET(E555,-1,0)+MAX(1,COUNTIF(QCI!$A$13:$A$41,OFFSET(ORÇAMENTO!E555,-1,0))),OFFSET(E555,-1,0))","v":19},7,0,0,14,0,{"$f":"IF(OR($C555=\"S\",$C555=0),0,MATCH(OFFSET($D555,0,$C555)+IF($C555<>1,1,COUNTIF(QCI!$A$13:$A$41,ORÇAMENTO!E555)),OFFSET($D555,1,$C555,ROW($C$744)-ROW($C555)),0))","v":0},"F","Serviço","Serviço","19.7.14.","SINAPI","93673","DISJUNTOR TRIPOLAR TIPO DIN, CORRENTE NOMINAL DE 50A - FORNECIMENTO E INSTALAÇÃO. AF_10/2020",{"$f":"REFERENCIA.Unidade","v":"UN"},{"$f":"OFFSET(CÁLCULO!H$15,ROW($T555)-ROW(T$15),0)","v":2},91.54,"BDI 1",{"$f":"IF($C555=\"S\",ROUND(IF(TIPOORCAMENTO=\"Proposto\",ORÇAMENTO.CustoUnitario*(1+$AH555),ORÇAMENTO.PrecoUnitarioLicitado),15-13*$AF$10),0)","v":114.43},{"$f":"IF($C555=\"S\",IF(Import.TipoArredondamento<>\"TransfereGOV\",VTOTAL1,SUM(OFFSET(CÁLCULO!$AA$15,ROW($X555)-ROW($X$15),1):OFFSET(CÁLCULO!$AL$15,ROW($X555)-ROW($X$15),-1))),IF($C555=0,0,ROUND(SomaAgrup,15-13*$AF$11)))","v":228.86},"RA","RA",{"$f":"IF($C555=\"S\",IF($Z555=\"CP\",$X555,IF($Z555=\"RA\",(($X555)*QCI!$AA$3),0)),SomaAgrup)","v":8.1503915755734919},0,{"$f":"IF($N555=\"\",\"\",IF(ORÇAMENTO.Descricao=\"\",\"DESCRIÇÃO\",IF(AND($C555=\"S\",ORÇAMENTO.Unidade=\"\"),\"UNIDADE\",IF($X555<0,\"VALOR NEGATIVO\",IF(OR(AND(TIPOORCAMENTO=\"Proposto\",$AG555<>\"\",$AG555>0,ORÇAMENTO.CustoUnitario>$AG555),AND(TIPOORCAMENTO=\"LICITADO\",ORÇAMENTO.PrecoUnitarioLicitado>$AN555)),\"ACIMA REF.\",\"\")))))","v":""},{"$f":"IF(C555<=CRONO.NivelExibicao,MAX($AD$15:OFFSET(AD555,-1,0))+IF($C555<>1,1,MAX(1,COUNTIF(QCI!$A$13:$A$41,OFFSET($E555,-1,0)))),\"\")","v":""},{"$f":"IF(AND($C555=\"S\",ORÇAMENTO.CodBarra<>\"\"),IF(ORÇAMENTO.Fonte=\"\",ORÇAMENTO.CodBarra,CONCATENATE(ORÇAMENTO.Fonte,\" \",ORÇAMENTO.CodBarra)))","v":"SINAPI 93673"},{"$f":"IF(ISERROR(INDIRECT(ORÇAMENTO.BancoRef)),\"(abra o arquivo 'Referência \"&Excel_BuiltIn_Database&\".xlsm)\",IF(OR($C555<>\"S\",ORÇAMENTO.CodBarra=\"\"),\"(Sem Código)\",IF(ISERROR(MATCH($AE555,INDIRECT(ORÇAMENTO.BancoRef),0)),\"(Código não identificado nas referências)\",MATCH($AE555,INDIRECT(ORÇAMENTO.BancoRef),0))))","v":3201},{"$f":"ROUND(IF(DESONERACAO=\"sim\",REFERENCIA.Desonerado,REFERENCIA.NaoDesonerado),2)","v":91.54},0.25,null,2,null,null,228.86,114.43]
["S",2,"S",0,{"$f":"IF($C556=1,OFFSET(E556,-1,0)+MAX(1,COUNTIF(QCI!$A$13:$A$41,OFFSET(ORÇAMENTO!E556,-1,0))),OFFSET(E556,-1,0))","v":19},7,0,0,15,0,{"$f":"IF(OR($C556=\"S\",$C556=0),0,MATCH(OFFSET($D556,0,$C556)+IF($C556<>1,1,COUNTIF(QCI!$A$13:$A$41,ORÇAMENTO!E556)),OFFSET($D556,1,$C556,ROW($C$744)-ROW($C556)),0))","v":0},"F","Serviço","Serviço","19.7.15.","SINAPI","101894","DISJUNTOR TRIPOLAR TIPO NEMA, CORRENTE NOMINAL DE 60 ATÉ 100A - FORNECIMENTO E INSTALAÇÃO. AF_10/2020",{"$f":"REFERENCIA.Unidade","v":"UN"},{"$f":"OFFSET(CÁLCULO!H$15,ROW($T556)-ROW(T$15),0)","v":2},145.87,"BDI 1",{"$f":"IF($C556=\"S\",ROUND(IF(TIPOORCAMENTO=\"Proposto\",ORÇAMENTO.CustoUnitario*(1+$AH556),ORÇAMENTO.PrecoUnitarioLicitado),15-13*$AF$10),0)","v":182.34},{"$f":"IF($C556=\"S\",IF(Import.TipoArredondamento<>\"TransfereGOV\",VTOTAL1,SUM(OFFSET(CÁLCULO!$AA$15,ROW($X556)-ROW($X$15),1):OFFSET(CÁLCULO!$AL$15,ROW($X556)-ROW($X$15),-1))),IF($C556=0,0,ROUND(SomaAgrup,15-13*$AF$11)))","v":364.68},"RA","RA",{"$f":"IF($C556=\"S\",IF($Z556=\"CP\",$X556,IF($Z556=\"RA\",(($X556)*QCI!$AA$3),0)),SomaAgrup)","v":12.987349470331822},0,{"$f":"IF($N556=\"\",\"\",IF(ORÇAMENTO.Descricao=\"\",\"DESCRIÇÃO\",IF(AND($C556=\"S\",ORÇAMENTO.Unidade=\"\"),\"UNIDADE\",IF($X556<0,\"VALOR NEGATIVO\",IF(OR(AND(TIPOORCAMENTO=\"Proposto\",$AG556<>\"\",$AG556>0,ORÇAMENTO.CustoUnitario>$AG556),AND(TIPOORCAMENTO=\"LICITADO\",ORÇAMENTO.PrecoUnitarioLicitado>$AN556)),\"ACIMA REF.\",\"\")))))","v":""},{"$f":"IF(C556<=CRONO.NivelExibicao,MAX($AD$15:OFFSET(AD556,-1,0))+IF($C556<>1,1,MAX(1,COUNTIF(QCI!$A$13:$A$41,OFFSET($E556,-1,0)))),\"\")","v":""},{"$f":"IF(AND($C556=\"S\",ORÇAMENTO.CodBarra<>\"\"),IF(ORÇAMENTO.Fonte=\"\",ORÇAMENTO.CodBarra,CONCATENATE(ORÇAMENTO.Fonte,\" \",ORÇAMENTO.CodBarra)))","v":"SINAPI 101894"},{"$f":"IF(ISERROR(INDIRECT(ORÇAMENTO.BancoRef)),\"(abra o arquivo 'Referência \"&Excel_BuiltIn_Database&\".xlsm)\",IF(OR($C556<>\"S\",ORÇAMENTO.CodBarra=\"\"),\"(Sem Código)\",IF(ISERROR(MATCH($AE556,INDIRECT(ORÇAMENTO.BancoRef),0)),\"(Código não identificado nas referências)\",MATCH($AE556,INDIRECT(ORÇAMENTO.BancoRef),0))))","v":3219},{"$f":"ROUND(IF(DESONERACAO=\"sim\",REFERENCIA.Desonerado,REFERENCIA.NaoDesonerado),2)","v":145.87},0.25,null,2,null,null,364.68,182.34]
["S",2,"S",0,{"$f":"IF($C557=1,OFFSET(E557,-1,0)+MAX(1,COUNTIF(QCI!$A$13:$A$41,OFFSET(ORÇAMENTO!E557,-1,0))),OFFSET(E557,-1,0))","v":19},7,0,0,16,0,{"$f":"IF(OR($C557=\"S\",$C557=0),0,MATCH(OFFSET($D557,0,$C557)+IF($C557<>1,1,COUNTIF(QCI!$A$13:$A$41,ORÇAMENTO!E557)),OFFSET($D557,1,$C557,ROW($C$744)-ROW($C557)),0))","v":0},"F","Serviço","Serviço","19.7.16.","SINAPI","FNDE 22","DISPOSITIVO CONTRA SURTO - DPS 8 kA","UN",{"$f":"OFFSET(CÁLCULO!H$15,ROW($T557)-ROW(T$15),0)","v":36},68.09,"BDI 1",{"$f":"IF($C557=\"S\",ROUND(IF(TIPOORCAMENTO=\"Proposto\",ORÇAMENTO.CustoUnitario*(1+$AH557),ORÇAMENTO.PrecoUnitarioLicitado),15-13*$AF$10),0)","v":85.11},{"$f":"IF($C557=\"S\",IF(Import.TipoArredondamento<>\"TransfereGOV\",VTOTAL1,SUM(OFFSET(CÁLCULO!$AA$15,ROW($X557)-ROW($X$15),1):OFFSET(CÁLCULO!$AL$15,ROW($X557)-ROW($X$15),-1))),IF($C557=0,0,ROUND(SomaAgrup,15-13*$AF$11)))","v":3063.96},"RA","RA",{"$f":"IF($C557=\"S\",IF($Z557=\"CP\",$X557,IF($Z557=\"RA\",(($X557)*QCI!$AA$3),0)),SomaAgrup)","v":109.11681277590733},0,{"$f":"IF($N557=\"\",\"\",IF(ORÇAMENTO.Descricao=\"\",\"DESCRIÇÃO\",IF(AND($C557=\"S\",ORÇAMENTO.Unidade=\"\"),\"UNIDADE\",IF($X557<0,\"VALOR NEGATIVO\",IF(OR(AND(TIPOORCAMENTO=\"Proposto\",$AG557<>\"\",$AG557>0,ORÇAMENTO.CustoUnitario>$AG557),AND(TIPOORCAMENTO=\"LICITADO\",ORÇAMENTO.PrecoUnitarioLicitado>$AN557)),\"ACIMA REF.\",\"\")))))","v":""},{"$f":"IF(C557<=CRONO.NivelExibicao,MAX($AD$15:OFFSET(AD557,-1,0))+IF($C557<>1,1,MAX(1,COUNTIF(QCI!$A$13:$A$41,OFFSET($E557,-1,0)))),\"\")","v":""},{"$f":"IF(AND($C557=\"S\",ORÇAMENTO.CodBarra<>\"\"),IF(ORÇAMENTO.Fonte=\"\",ORÇAMENTO.CodBarra,CONCATENATE(ORÇAMENTO.Fonte,\" \",ORÇAMENTO.CodBarra)))","v":"SINAPI FNDE 22"},{"$f":"IF(ISERROR(INDIRECT(ORÇAMENTO.BancoRef)),\"(abra o arquivo 'Referência \"&Excel_BuiltIn_Database&\".xlsm)\",IF(OR($C557<>\"S\",ORÇAMENTO.CodBarra=\"\"),\"(Sem Código)\",IF(ISERROR(MATCH($AE557,INDIRECT(ORÇAMENTO.BancoRef),0)),\"(Código não identificado nas referências)\",MATCH($AE557,INDIRECT(ORÇAMENTO.BancoRef),0))))","v":"(Código não identificado nas referências)"},{"$f":"ROUND(IF(DESONERACAO=\"sim\",REFERENCIA.Desonerado,REFERENCIA.NaoDesonerado),2)","v":0},0.25,null,36,null,null,3063.96,85.11]
["S",2,"S",0,{"$f":"IF($C558=1,OFFSET(E558,-1,0)+MAX(1,COUNTIF(QCI!$A$13:$A$41,OFFSET(ORÇAMENTO!E558,-1,0))),OFFSET(E558,-1,0))","v":19},7,0,0,17,0,{"$f":"IF(OR($C558=\"S\",$C558=0),0,MATCH(OFFSET($D558,0,$C558)+IF($C558<>1,1,COUNTIF(QCI!$A$13:$A$41,ORÇAMENTO!E558)),OFFSET($D558,1,$C558,ROW($C$744)-ROW($C558)),0))","v":0},"F","Serviço","Serviço","19.7.17.","Composição","93676","DISJUNTOR TRIPOLAR TIPO DR, CORRENTE NOMINAL DE 25A - 30mA","UN",{"$f":"OFFSET(CÁLCULO!H$15,ROW($T558)-ROW(T$15),0)","v":2},153.61000000000001,"BDI 1",{"$f":"IF($C558=\"S\",ROUND(IF(TIPOORCAMENTO=\"Proposto\",ORÇAMENTO.CustoUnitario*(1+$AH558),ORÇAMENTO.PrecoUnitarioLicitado),15-13*$AF$10),0)","v":192.01},{"$f":"IF($C558=\"S\",IF(Import.TipoArredondamento<>\"TransfereGOV\",VTOTAL1,SUM(OFFSET(CÁLCULO!$AA$15,ROW($X558)-ROW($X$15),1):OFFSET(CÁLCULO!$AL$15,ROW($X558)-ROW($X$15),-1))),IF($C558=0,0,ROUND(SomaAgrup,15-13*$AF$11)))","v":384.02},"RA","RA",{"$f":"IF($C558=\"S\",IF($Z558=\"CP\",$X558,IF($Z558=\"RA\",(($X558)*QCI!$AA$3),0)),SomaAgrup)","v":13.67610492376008},0,{"$f":"IF($N558=\"\",\"\",IF(ORÇAMENTO.Descricao=\"\",\"DESCRIÇÃO\",IF(AND($C558=\"S\",ORÇAMENTO.Unidade=\"\"),\"UNIDADE\",IF($X558<0,\"VALOR NEGATIVO\",IF(OR(AND(TIPOORCAMENTO=\"Proposto\",$AG558<>\"\",$AG558>0,ORÇAMENTO.CustoUnitario>$AG558),AND(TIPOORCAMENTO=\"LICITADO\",ORÇAMENTO.PrecoUnitarioLicitado>$AN558)),\"ACIMA REF.\",\"\")))))","v":""},{"$f":"IF(C558<=CRONO.NivelExibicao,MAX($AD$15:OFFSET(AD558,-1,0))+IF($C558<>1,1,MAX(1,COUNTIF(QCI!$A$13:$A$41,OFFSET($E558,-1,0)))),\"\")","v":""},{"$f":"IF(AND($C558=\"S\",ORÇAMENTO.CodBarra<>\"\"),IF(ORÇAMENTO.Fonte=\"\",ORÇAMENTO.CodBarra,CONCATENATE(ORÇAMENTO.Fonte,\" \",ORÇAMENTO.CodBarra)))","v":"Composição 93676"},{"$f":"IF(ISERROR(INDIRECT(ORÇAMENTO.BancoRef)),\"(abra o arquivo 'Referência \"&Excel_BuiltIn_Database&\".xlsm)\",IF(OR($C558<>\"S\",ORÇAMENTO.CodBarra=\"\"),\"(Sem Código)\",IF(ISERROR(MATCH($AE558,INDIRECT(ORÇAMENTO.BancoRef),0)),\"(Código não identificado nas referências)\",MATCH($AE558,INDIRECT(ORÇAMENTO.BancoRef),0))))","v":"(Código não identificado nas referências)"},{"$f":"ROUND(IF(DESONERACAO=\"sim\",REFERENCIA.Desonerado,REFERENCIA.NaoDesonerado),2)","v":0},0.25,null,2,null,null,384.02,192.01]
["S",2,"S",0,{"$f":"IF($C559=1,OFFSET(E559,-1,0)+MAX(1,COUNTIF(QCI!$A$13:$A$41,OFFSET(ORÇAMENTO!E559,-1,0))),OFFSET(E559,-1,0))","v":19},7,0,0,18,0,{"$f":"IF(OR($C559=\"S\",$C559=0),0,MATCH(OFFSET($D559,0,$C559)+IF($C559<>1,1,COUNTIF(QCI!$A$13:$A$41,ORÇAMENTO!E559)),OFFSET($D559,1,$C559,ROW($C$744)-ROW($C559)),0))","v":0},"F","Serviço","Serviço","19.7.18.","Composição","93676","DISJUNTOR TETRAPOLAR TIPO DR, CORRENTE NOMINAL DE 40A - 30mA","UN",{"$f":"OFFSET(CÁLCULO!H$15,ROW($T559)-ROW(T$15),0)","v":1},153.71,"BDI 1",{"$f":"IF($C559=\"S\",ROUND(IF(TIPOORCAMENTO=\"Proposto\",ORÇAMENTO.CustoUnitario*(1+$AH559),ORÇAMENTO.PrecoUnitarioLicitado),15-13*$AF$10),0)","v":192.14},{"$f":"IF($C559=\"S\",IF(Import.TipoArredondamento<>\"TransfereGOV\",VTOTAL1,SUM(OFFSET(CÁLCULO!$AA$15,ROW($X559)-ROW($X$15),1):OFFSET(CÁLCULO!$AL$15,ROW($X559)-ROW($X$15),-1))),IF($C559=0,0,ROUND(SomaAgrup,15-13*$AF$11)))","v":192.14},"RA","RA",{"$f":"IF($C559=\"S\",IF($Z559=\"CP\",$X559,IF($Z559=\"RA\",(($X559)*QCI!$AA$3),0)),SomaAgrup)","v":6.8426821521047385},0,{"$f":"IF($N559=\"\",\"\",IF(ORÇAMENTO.Descricao=\"\",\"DESCRIÇÃO\",IF(AND($C559=\"S\",ORÇAMENTO.Unidade=\"\"),\"UNIDADE\",IF($X559<0,\"VALOR NEGATIVO\",IF(OR(AND(TIPOORCAMENTO=\"Proposto\",$AG559<>\"\",$AG559>0,ORÇAMENTO.CustoUnitario>$AG559),AND(TIPOORCAMENTO=\"LICITADO\",ORÇAMENTO.PrecoUnitarioLicitado>$AN559)),\"ACIMA REF.\",\"\")))))","v":""},{"$f":"IF(C559<=CRONO.NivelExibicao,MAX($AD$15:OFFSET(AD559,-1,0))+IF($C559<>1,1,MAX(1,COUNTIF(QCI!$A$13:$A$41,OFFSET($E559,-1,0)))),\"\")","v":""},{"$f":"IF(AND($C559=\"S\",ORÇAMENTO.CodBarra<>\"\"),IF(ORÇAMENTO.Fonte=\"\",ORÇAMENTO.CodBarra,CONCATENATE(ORÇAMENTO.Fonte,\" \",ORÇAMENTO.CodBarra)))","v":"Composição 93676"},{"$f":"IF(ISERROR(INDIRECT(ORÇAMENTO.BancoRef)),\"(abra o arquivo 'Referência \"&Excel_BuiltIn_Database&\".xlsm)\",IF(OR($C559<>\"S\",ORÇAMENTO.CodBarra=\"\"),\"(Sem Código)\",IF(ISERROR(MATCH($AE559,INDIRECT(ORÇAMENTO.BancoRef),0)),\"(Código não identificado nas referências)\",MATCH($AE559,INDIRECT(ORÇAMENTO.BancoRef),0))))","v":"(Código não identificado nas referências)"},{"$f":"ROUND(IF(DESONERACAO=\"sim\",REFERENCIA.Desonerado,REFERENCIA.NaoDesonerado),2)","v":0},0.25,null,1,null,null,192.14,192.14]
["S",2,"S",0,{"$f":"IF($C560=1,OFFSET(E560,-1,0)+MAX(1,COUNTIF(QCI!$A$13:$A$41,OFFSET(ORÇAMENTO!E560,-1,0))),OFFSET(E560,-1,0))","v":19},7,0,0,19,0,{"$f":"IF(OR($C560=\"S\",$C560=0),0,MATCH(OFFSET($D560,0,$C560)+IF($C560<>1,1,COUNTIF(QCI!$A$13:$A$41,ORÇAMENTO!E560)),OFFSET($D560,1,$C560,ROW($C$744)-ROW($C560)),0))","v":0},"F","Serviço","Serviço","19.7.19.","SINAPI","FNDE 84","DISJUNTOR TETRAPOLAR TIPO DR, CORRENTE NOMINAL DE 63A - 30mA","UN",{"$f":"OFFSET(CÁLCULO!H$15,ROW($T560)-ROW(T$15),0)","v":2},165.8,"BDI 1",{"$f":"IF($C560=\"S\",ROUND(IF(TIPOORCAMENTO=\"Proposto\",ORÇAMENTO.CustoUnitario*(1+$AH560),ORÇAMENTO.PrecoUnitarioLicitado),15-13*$AF$10),0)","v":207.25},{"$f":"IF($C560=\"S\",IF(Import.TipoArredondamento<>\"TransfereGOV\",VTOTAL1,SUM(OFFSET(CÁLCULO!$AA$15,ROW($X560)-ROW($X$15),1):OFFSET(CÁLCULO!$AL$15,ROW($X560)-ROW($X$15),-1))),IF($C560=0,0,ROUND(SomaAgrup,15-13*$AF$11)))","v":414.5},"RA","RA",{"$f":"IF($C560=\"S\",IF($Z560=\"CP\",$X560,IF($Z560=\"RA\",(($X560)*QCI!$AA$3),0)),SomaAgrup)","v":14.761589216443292},0,{"$f":"IF($N560=\"\",\"\",IF(ORÇAMENTO.Descricao=\"\",\"DESCRIÇÃO\",IF(AND($C560=\"S\",ORÇAMENTO.Unidade=\"\"),\"UNIDADE\",IF($X560<0,\"VALOR NEGATIVO\",IF(OR(AND(TIPOORCAMENTO=\"Proposto\",$AG560<>\"\",$AG560>0,ORÇAMENTO.CustoUnitario>$AG560),AND(TIPOORCAMENTO=\"LICITADO\",ORÇAMENTO.PrecoUnitarioLicitado>$AN560)),\"ACIMA REF.\",\"\")))))","v":""},{"$f":"IF(C560<=CRONO.NivelExibicao,MAX($AD$15:OFFSET(AD560,-1,0))+IF($C560<>1,1,MAX(1,COUNTIF(QCI!$A$13:$A$41,OFFSET($E560,-1,0)))),\"\")","v":""},{"$f":"IF(AND($C560=\"S\",ORÇAMENTO.CodBarra<>\"\"),IF(ORÇAMENTO.Fonte=\"\",ORÇAMENTO.CodBarra,CONCATENATE(ORÇAMENTO.Fonte,\" \",ORÇAMENTO.CodBarra)))","v":"SINAPI FNDE 84"},{"$f":"IF(ISERROR(INDIRECT(ORÇAMENTO.BancoRef)),\"(abra o arquivo 'Referência \"&Excel_BuiltIn_Database&\".xlsm)\",IF(OR($C560<>\"S\",ORÇAMENTO.CodBarra=\"\"),\"(Sem Código)\",IF(ISERROR(MATCH($AE560,INDIRECT(ORÇAMENTO.BancoRef),0)),\"(Código não identificado nas referências)\",MATCH($AE560,INDIRECT(ORÇAMENTO.BancoRef),0))))","v":"(Código não identificado nas referências)"},{"$f":"ROUND(IF(DESONERACAO=\"sim\",REFERENCIA.Desonerado,REFERENCIA.NaoDesonerado),2)","v":0},0.25,null,2,null,null,414.5,207.25]
["S",2,"S",0,{"$f":"IF($C561=1,OFFSET(E561,-1,0)+MAX(1,COUNTIF(QCI!$A$13:$A$41,OFFSET(ORÇAMENTO!E561,-1,0))),OFFSET(E561,-1,0))","v":19},7,0,0,20,0,{"$f":"IF(OR($C561=\"S\",$C561=0),0,MATCH(OFFSET($D561,0,$C561)+IF($C561<>1,1,COUNTIF(QCI!$A$13:$A$41,ORÇAMENTO!E561)),OFFSET($D561,1,$C561,ROW($C$744)-ROW($C561)),0))","v":0},"F","Serviço","Serviço","19.7.20.","SINAPI","FNDE 85","DISJUNTOR TETRAPOLAR TIPO DR, CORRENTE NOMINAL DE 80A - 30mA","UN",{"$f":"OFFSET(CÁLCULO!H$15,ROW($T561)-ROW(T$15),0)","v":1},295.10000000000002,"BDI 1",{"$f":"IF($C561=\"S\",ROUND(IF(TIPOORCAMENTO=\"Proposto\",ORÇAMENTO.CustoUnitario*(1+$AH561),ORÇAMENTO.PrecoUnitarioLicitado),15-13*$AF$10),0)","v":368.88},{"$f":"IF($C561=\"S\",IF(Import.TipoArredondamento<>\"TransfereGOV\",VTOTAL1,SUM(OFFSET(CÁLCULO!$AA$15,ROW($X561)-ROW($X$15),1):OFFSET(CÁLCULO!$AL$15,ROW($X561)-ROW($X$15),-1))),IF($C561=0,0,ROUND(SomaAgrup,15-13*$AF$11)))","v":368.88},"RA","RA",{"$f":"IF($C561=\"S\",IF($Z561=\"CP\",$X561,IF($Z561=\"RA\",(($X561)*QCI!$AA$3),0)),SomaAgrup)","v":13.136924077591319},0,{"$f":"IF($N561=\"\",\"\",IF(ORÇAMENTO.Descricao=\"\",\"DESCRIÇÃO\",IF(AND($C561=\"S\",ORÇAMENTO.Unidade=\"\"),\"UNIDADE\",IF($X561<0,\"VALOR NEGATIVO\",IF(OR(AND(TIPOORCAMENTO=\"Proposto\",$AG561<>\"\",$AG561>0,ORÇAMENTO.CustoUnitario>$AG561),AND(TIPOORCAMENTO=\"LICITADO\",ORÇAMENTO.PrecoUnitarioLicitado>$AN561)),\"ACIMA REF.\",\"\")))))","v":""},{"$f":"IF(C561<=CRONO.NivelExibicao,MAX($AD$15:OFFSET(AD561,-1,0))+IF($C561<>1,1,MAX(1,COUNTIF(QCI!$A$13:$A$41,OFFSET($E561,-1,0)))),\"\")","v":""},{"$f":"IF(AND($C561=\"S\",ORÇAMENTO.CodBarra<>\"\"),IF(ORÇAMENTO.Fonte=\"\",ORÇAMENTO.CodBarra,CONCATENATE(ORÇAMENTO.Fonte,\" \",ORÇAMENTO.CodBarra)))","v":"SINAPI FNDE 85"},{"$f":"IF(ISERROR(INDIRECT(ORÇAMENTO.BancoRef)),\"(abra o arquivo 'Referência \"&Excel_BuiltIn_Database&\".xlsm)\",IF(OR($C561<>\"S\",ORÇAMENTO.CodBarra=\"\"),\"(Sem Código)\",IF(ISERROR(MATCH($AE561,INDIRECT(ORÇAMENTO.BancoRef),0)),\"(Código não identificado nas referências)\",MATCH($AE561,INDIRECT(ORÇAMENTO.BancoRef),0))))","v":"(Código não identificado nas referências)"},{"$f":"ROUND(IF(DESONERACAO=\"sim\",REFERENCIA.Desonerado,REFERENCIA.NaoDesonerado),2)","v":0},0.25,null,1,null,null,368.88,368.88]
["S",2,"S",0,{"$f":"IF($C562=1,OFFSET(E562,-1,0)+MAX(1,COUNTIF(QCI!$A$13:$A$41,OFFSET(ORÇAMENTO!E562,-1,0))),OFFSET(E562,-1,0))","v":19},7,0,0,21,0,{"$f":"IF(OR($C562=\"S\",$C562=0),0,MATCH(OFFSET($D562,0,$C562)+IF($C562<>1,1,COUNTIF(QCI!$A$13:$A$41,ORÇAMENTO!E562)),OFFSET($D562,1,$C562,ROW($C$744)-ROW($C562)),0))","v":0},"F","Serviço","Serviço","19.7.21.","SINAPI","FNDE 395","DISJUNTOR BIPOLAR TIPO DR, CORRENTE NOMINAL DE 60A A 100A - 30mA","UN",{"$f":"OFFSET(CÁLCULO!H$15,ROW($T562)-ROW(T$15),0)","v":1},253.82,"BDI 1",{"$f":"IF($C562=\"S\",ROUND(IF(TIPOORCAMENTO=\"Proposto\",ORÇAMENTO.CustoUnitario*(1+$AH562),ORÇAMENTO.PrecoUnitarioLicitado),15-13*$AF$10),0)","v":317.27999999999997},{"$f":"IF($C562=\"S\",IF(Import.TipoArredondamento<>\"TransfereGOV\",VTOTAL1,SUM(OFFSET(CÁLCULO!$AA$15,ROW($X562)-ROW($X$15),1):OFFSET(CÁLCULO!$AL$15,ROW($X562)-ROW($X$15),-1))),IF($C562=0,0,ROUND(SomaAgrup,15-13*$AF$11)))","v":317.27999999999997},"RA","RA",{"$f":"IF($C562=\"S\",IF($Z562=\"CP\",$X562,IF($Z562=\"RA\",(($X562)*QCI!$AA$3),0)),SomaAgrup)","v":11.299293188403203},0,{"$f":"IF($N562=\"\",\"\",IF(ORÇAMENTO.Descricao=\"\",\"DESCRIÇÃO\",IF(AND($C562=\"S\",ORÇAMENTO.Unidade=\"\"),\"UNIDADE\",IF($X562<0,\"VALOR NEGATIVO\",IF(OR(AND(TIPOORCAMENTO=\"Proposto\",$AG562<>\"\",$AG562>0,ORÇAMENTO.CustoUnitario>$AG562),AND(TIPOORCAMENTO=\"LICITADO\",ORÇAMENTO.PrecoUnitarioLicitado>$AN562)),\"ACIMA REF.\",\"\")))))","v":""},{"$f":"IF(C562<=CRONO.NivelExibicao,MAX($AD$15:OFFSET(AD562,-1,0))+IF($C562<>1,1,MAX(1,COUNTIF(QCI!$A$13:$A$41,OFFSET($E562,-1,0)))),\"\")","v":""},{"$f":"IF(AND($C562=\"S\",ORÇAMENTO.CodBarra<>\"\"),IF(ORÇAMENTO.Fonte=\"\",ORÇAMENTO.CodBarra,CONCATENATE(ORÇAMENTO.Fonte,\" \",ORÇAMENTO.CodBarra)))","v":"SINAPI FNDE 395"},{"$f":"IF(ISERROR(INDIRECT(ORÇAMENTO.BancoRef)),\"(abra o arquivo 'Referência \"&Excel_BuiltIn_Database&\".xlsm)\",IF(OR($C562<>\"S\",ORÇAMENTO.CodBarra=\"\"),\"(Sem Código)\",IF(ISERROR(MATCH($AE562,INDIRECT(ORÇAMENTO.BancoRef),0)),\"(Código não identificado nas referências)\",MATCH($AE562,INDIRECT(ORÇAMENTO.BancoRef),0))))","v":"(Código não identificado nas referências)"},{"$f":"ROUND(IF(DESONERACAO=\"sim\",REFERENCIA.Desonerado,REFERENCIA.NaoDesonerado),2)","v":0},0.25,null,1,null,null,317.27999999999997,317.27999999999997]
["S",2,"S",0,{"$f":"IF($C563=1,OFFSET(E563,-1,0)+MAX(1,COUNTIF(QCI!$A$13:$A$41,OFFSET(ORÇAMENTO!E563,-1,0))),OFFSET(E563,-1,0))","v":19},7,0,0,22,0,{"$f":"IF(OR($C563=\"S\",$C563=0),0,MATCH(OFFSET($D563,0,$C563)+IF($C563<>1,1,COUNTIF(QCI!$A$13:$A$41,ORÇAMENTO!E563)),OFFSET($D563,1,$C563,ROW($C$744)-ROW($C563)),0))","v":0},"F","Serviço","Serviço","19.7.22.","SINAPI","FNDE 390","DISJUNTOR TETRAPOLAR TIPO DR, CORRENTE NOMINAL DE 100A - 30mA","UN",{"$f":"OFFSET(CÁLCULO!H$15,ROW($T563)-ROW(T$15),0)","v":1},293.11,"BDI 1",{"$f":"IF($C563=\"S\",ROUND(IF(TIPOORCAMENTO=\"Proposto\",ORÇAMENTO.CustoUnitario*(1+$AH563),ORÇAMENTO.PrecoUnitarioLicitado),15-13*$AF$10),0)","v":366.39},{"$f":"IF($C563=\"S\",IF(Import.TipoArredondamento<>\"TransfereGOV\",VTOTAL1,SUM(OFFSET(CÁLCULO!$AA$15,ROW($X563)-ROW($X$15),1):OFFSET(CÁLCULO!$AL$15,ROW($X563)-ROW($X$15),-1))),IF($C563=0,0,ROUND(SomaAgrup,15-13*$AF$11)))","v":366.39},"RA","RA",{"$f":"IF($C563=\"S\",IF($Z563=\"CP\",$X563,IF($Z563=\"RA\",(($X563)*QCI!$AA$3),0)),SomaAgrup)","v":13.048247703287474},0,{"$f":"IF($N563=\"\",\"\",IF(ORÇAMENTO.Descricao=\"\",\"DESCRIÇÃO\",IF(AND($C563=\"S\",ORÇAMENTO.Unidade=\"\"),\"UNIDADE\",IF($X563<0,\"VALOR NEGATIVO\",IF(OR(AND(TIPOORCAMENTO=\"Proposto\",$AG563<>\"\",$AG563>0,ORÇAMENTO.CustoUnitario>$AG563),AND(TIPOORCAMENTO=\"LICITADO\",ORÇAMENTO.PrecoUnitarioLicitado>$AN563)),\"ACIMA REF.\",\"\")))))","v":""},{"$f":"IF(C563<=CRONO.NivelExibicao,MAX($AD$15:OFFSET(AD563,-1,0))+IF($C563<>1,1,MAX(1,COUNTIF(QCI!$A$13:$A$41,OFFSET($E563,-1,0)))),\"\")","v":""},{"$f":"IF(AND($C563=\"S\",ORÇAMENTO.CodBarra<>\"\"),IF(ORÇAMENTO.Fonte=\"\",ORÇAMENTO.CodBarra,CONCATENATE(ORÇAMENTO.Fonte,\" \",ORÇAMENTO.CodBarra)))","v":"SINAPI FNDE 390"},{"$f":"IF(ISERROR(INDIRECT(ORÇAMENTO.BancoRef)),\"(abra o arquivo 'Referência \"&Excel_BuiltIn_Database&\".xlsm)\",IF(OR($C563<>\"S\",ORÇAMENTO.CodBarra=\"\"),\"(Sem Código)\",IF(ISERROR(MATCH($AE563,INDIRECT(ORÇAMENTO.BancoRef),0)),\"(Código não identificado nas referências)\",MATCH($AE563,INDIRECT(ORÇAMENTO.BancoRef),0))))","v":"(Código não identificado nas referências)"},{"$f":"ROUND(IF(DESONERACAO=\"sim\",REFERENCIA.Desonerado,REFERENCIA.NaoDesonerado),2)","v":0},0.25,null,1,null,null,366.39,366.39]
["S",2,"S",0,{"$f":"IF($C564=1,OFFSET(E564,-1,0)+MAX(1,COUNTIF(QCI!$A$13:$A$41,OFFSET(ORÇAMENTO!E564,-1,0))),OFFSET(E564,-1,0))","v":19},7,0,0,23,0,{"$f":"IF(OR($C564=\"S\",$C564=0),0,MATCH(OFFSET($D564,0,$C564)+IF($C564<>1,1,COUNTIF(QCI!$A$13:$A$41,ORÇAMENTO!E564)),OFFSET($D564,1,$C564,ROW($C$744)-ROW($C564)),0))","v":0},"F","Serviço","Serviço","19.7.23.","SINAPI","FNDE 393","DISJUNTOR TETRAPOLAR TIPO DR, CORRENTE NOMINAL DE 125A - 30mA","UN",{"$f":"OFFSET(CÁLCULO!H$15,ROW($T564)-ROW(T$15),0)","v":2},320.19,"BDI 1",{"$f":"IF($C564=\"S\",ROUND(IF(TIPOORCAMENTO=\"Proposto\",ORÇAMENTO.CustoUnitario*(1+$AH564),ORÇAMENTO.PrecoUnitarioLicitado),15-13*$AF$10),0)","v":400.24},{"$f":"IF($C564=\"S\",IF(Import.TipoArredondamento<>\"TransfereGOV\",VTOTAL1,SUM(OFFSET(CÁLCULO!$AA$15,ROW($X564)-ROW($X$15),1):OFFSET(CÁLCULO!$AL$15,ROW($X564)-ROW($X$15),-1))),IF($C564=0,0,ROUND(SomaAgrup,15-13*$AF$11)))","v":800.48},"RA","RA",{"$f":"IF($C564=\"S\",IF($Z564=\"CP\",$X564,IF($Z564=\"RA\",(($X564)*QCI!$AA$3),0)),SomaAgrup)","v":28.50749562359114},0,{"$f":"IF($N564=\"\",\"\",IF(ORÇAMENTO.Descricao=\"\",\"DESCRIÇÃO\",IF(AND($C564=\"S\",ORÇAMENTO.Unidade=\"\"),\"UNIDADE\",IF($X564<0,\"VALOR NEGATIVO\",IF(OR(AND(TIPOORCAMENTO=\"Proposto\",$AG564<>\"\",$AG564>0,ORÇAMENTO.CustoUnitario>$AG564),AND(TIPOORCAMENTO=\"LICITADO\",ORÇAMENTO.PrecoUnitarioLicitado>$AN564)),\"ACIMA REF.\",\"\")))))","v":""},{"$f":"IF(C564<=CRONO.NivelExibicao,MAX($AD$15:OFFSET(AD564,-1,0))+IF($C564<>1,1,MAX(1,COUNTIF(QCI!$A$13:$A$41,OFFSET($E564,-1,0)))),\"\")","v":""},{"$f":"IF(AND($C564=\"S\",ORÇAMENTO.CodBarra<>\"\"),IF(ORÇAMENTO.Fonte=\"\",ORÇAMENTO.CodBarra,CONCATENATE(ORÇAMENTO.Fonte,\" \",ORÇAMENTO.CodBarra)))","v":"SINAPI FNDE 393"},{"$f":"IF(ISERROR(INDIRECT(ORÇAMENTO.BancoRef)),\"(abra o arquivo 'Referência \"&Excel_BuiltIn_Database&\".xlsm)\",IF(OR($C564<>\"S\",ORÇAMENTO.CodBarra=\"\"),\"(Sem Código)\",IF(ISERROR(MATCH($AE564,INDIRECT(ORÇAMENTO.BancoRef),0)),\"(Código não identificado nas referências)\",MATCH($AE564,INDIRECT(ORÇAMENTO.BancoRef),0))))","v":"(Código não identificado nas referências)"},{"$f":"ROUND(IF(DESONERACAO=\"sim\",REFERENCIA.Desonerado,REFERENCIA.NaoDesonerado),2)","v":0},0.25,null,2,null,null,800.48,400.24]
[2,2,2,13,{"$f":"IF($C565=1,OFFSET(E565,-1,0)+MAX(1,COUNTIF(QCI!$A$13:$A$41,OFFSET(ORÇAMENTO!E565,-1,0))),OFFSET(E565,-1,0))","v":19},8,0,0,0,37,{"$f":"IF(OR($C565=\"S\",$C565=0),0,MATCH(OFFSET($D565,0,$C565)+IF($C565<>1,1,COUNTIF(QCI!$A$13:$A$41,ORÇAMENTO!E565)),OFFSET($D565,1,$C565,ROW($C$744)-ROW($C565)),0))","v":13},"F","Nível 2","Nível 2","19.8.","SINAPI",null,"Eletrocalhas",{"$f":"REFERENCIA.Unidade","v":"-"},{"$f":"OFFSET(CÁLCULO!H$15,ROW($T565)-ROW(T$15),0)","v":0},null,"BDI 1",{"$f":"IF($C565=\"S\",ROUND(IF(TIPOORCAMENTO=\"Proposto\",ORÇAMENTO.CustoUnitario*(1+$AH565),ORÇAMENTO.PrecoUnitarioLicitado),15-13*$AF$10),0)","v":0},{"$f":"IF($C565=\"S\",IF(Import.TipoArredondamento<>\"TransfereGOV\",VTOTAL1,SUM(OFFSET(CÁLCULO!$AA$15,ROW($X565)-ROW($X$15),1):OFFSET(CÁLCULO!$AL$15,ROW($X565)-ROW($X$15),-1))),IF($C565=0,0,ROUND(SomaAgrup,15-13*$AF$11)))","v":48501.82},"RA","",{"$f":"IF($C565=\"S\",IF($Z565=\"CP\",$X565,IF($Z565=\"RA\",(($X565)*QCI!$AA$3),0)),SomaAgrup)","v":1727.2953994930604},0,{"$f":"IF($N565=\"\",\"\",IF(ORÇAMENTO.Descricao=\"\",\"DESCRIÇÃO\",IF(AND($C565=\"S\",ORÇAMENTO.Unidade=\"\"),\"UNIDADE\",IF($X565<0,\"VALOR NEGATIVO\",IF(OR(AND(TIPOORCAMENTO=\"Proposto\",$AG565<>\"\",$AG565>0,ORÇAMENTO.CustoUnitario>$AG565),AND(TIPOORCAMENTO=\"LICITADO\",ORÇAMENTO.PrecoUnitarioLicitado>$AN565)),\"ACIMA REF.\",\"\")))))","v":""},{"$f":"IF(C565<=CRONO.NivelExibicao,MAX($AD$15:OFFSET(AD565,-1,0))+IF($C565<>1,1,MAX(1,COUNTIF(QCI!$A$13:$A$41,OFFSET($E565,-1,0)))),\"\")","v":71},{"$f":"IF(AND($C565=\"S\",ORÇAMENTO.CodBarra<>\"\"),IF(ORÇAMENTO.Fonte=\"\",ORÇAMENTO.CodBarra,CONCATENATE(ORÇAMENTO.Fonte,\" \",ORÇAMENTO.CodBarra)))","v":false},{"$f":"IF(ISERROR(INDIRECT(ORÇAMENTO.BancoRef)),\"(abra o arquivo 'Referência \"&Excel_BuiltIn_Database&\".xlsm)\",IF(OR($C565<>\"S\",ORÇAMENTO.CodBarra=\"\"),\"(Sem Código)\",IF(ISERROR(MATCH($AE565,INDIRECT(ORÇAMENTO.BancoRef),0)),\"(Código não identificado nas referências)\",MATCH($AE565,INDIRECT(ORÇAMENTO.BancoRef),0))))","v":"(Sem Código)"},{"$f":"ROUND(IF(DESONERACAO=\"sim\",REFERENCIA.Desonerado,REFERENCIA.NaoDesonerado),2)","v":0},0.25,null,null,null,null,48501.82,0]
["S",2,"S",0,{"$f":"IF($C566=1,OFFSET(E566,-1,0)+MAX(1,COUNTIF(QCI!$A$13:$A$41,OFFSET(ORÇAMENTO!E566,-1,0))),OFFSET(E566,-1,0))","v":19},8,0,0,1,0,{"$f":"IF(OR($C566=\"S\",$C566=0),0,MATCH(OFFSET($D566,0,$C566)+IF($C566<>1,1,COUNTIF(QCI!$A$13:$A$41,ORÇAMENTO!E566)),OFFSET($D566,1,$C566,ROW($C$744)-ROW($C566)),0))","v":0},"F","Serviço","Serviço","19.8.1.","SINAPI","FNDE 24","ELETROCALHA LISA OU PERFURADA EM AÇO GALVANIZADO, LARGURA  200MM E ALTURA 75MM, INCLUSIVE EMENDA E FIXAÇÃO - FORNECIMENTO E INSTALAÇÃO","UN",{"$f":"OFFSET(CÁLCULO!H$15,ROW($T566)-ROW(T$15),0)","v":49},188.41,"BDI 1",{"$f":"IF($C566=\"S\",ROUND(IF(TIPOORCAMENTO=\"Proposto\",ORÇAMENTO.CustoUnitario*(1+$AH566),ORÇAMENTO.PrecoUnitarioLicitado),15-13*$AF$10),0)","v":235.51},{"$f":"IF($C566=\"S\",IF(Import.TipoArredondamento<>\"TransfereGOV\",VTOTAL1,SUM(OFFSET(CÁLCULO!$AA$15,ROW($X566)-ROW($X$15),1):OFFSET(CÁLCULO!$AL$15,ROW($X566)-ROW($X$15),-1))),IF($C566=0,0,ROUND(SomaAgrup,15-13*$AF$11)))","v":11539.99},"RA","RA",{"$f":"IF($C566=\"S\",IF($Z566=\"CP\",$X566,IF($Z566=\"RA\",(($X566)*QCI!$AA$3),0)),SomaAgrup)","v":410.97368381631708},0,{"$f":"IF($N566=\"\",\"\",IF(ORÇAMENTO.Descricao=\"\",\"DESCRIÇÃO\",IF(AND($C566=\"S\",ORÇAMENTO.Unidade=\"\"),\"UNIDADE\",IF($X566<0,\"VALOR NEGATIVO\",IF(OR(AND(TIPOORCAMENTO=\"Proposto\",$AG566<>\"\",$AG566>0,ORÇAMENTO.CustoUnitario>$AG566),AND(TIPOORCAMENTO=\"LICITADO\",ORÇAMENTO.PrecoUnitarioLicitado>$AN566)),\"ACIMA REF.\",\"\")))))","v":""},{"$f":"IF(C566<=CRONO.NivelExibicao,MAX($AD$15:OFFSET(AD566,-1,0))+IF($C566<>1,1,MAX(1,COUNTIF(QCI!$A$13:$A$41,OFFSET($E566,-1,0)))),\"\")","v":""},{"$f":"IF(AND($C566=\"S\",ORÇAMENTO.CodBarra<>\"\"),IF(ORÇAMENTO.Fonte=\"\",ORÇAMENTO.CodBarra,CONCATENATE(ORÇAMENTO.Fonte,\" \",ORÇAMENTO.CodBarra)))","v":"SINAPI FNDE 24"},{"$f":"IF(ISERROR(INDIRECT(ORÇAMENTO.BancoRef)),\"(abra o arquivo 'Referência \"&Excel_BuiltIn_Database&\".xlsm)\",IF(OR($C566<>\"S\",ORÇAMENTO.CodBarra=\"\"),\"(Sem Código)\",IF(ISERROR(MATCH($AE566,INDIRECT(ORÇAMENTO.BancoRef),0)),\"(Código não identificado nas referências)\",MATCH($AE566,INDIRECT(ORÇAMENTO.BancoRef),0))))","v":"(Código não identificado nas referências)"},{"$f":"ROUND(IF(DESONERACAO=\"sim\",REFERENCIA.Desonerado,REFERENCIA.NaoDesonerado),2)","v":0},0.25,null,49,null,null,11539.99,235.51]
[{"$f":"CHOOSE(1+LOG(1+2*(ORÇAMENTO.Nivel=\"Meta\")+4*(ORÇAMENTO.Nivel=\"Nível 2\")+8*(ORÇAMENTO.Nivel=\"Nível 3\")+16*(ORÇAMENTO.Nivel=\"Nível 4\")+32*(ORÇAMENTO.Nivel=\"Serviço\"),2),0,1,2,3,4,\"S\")","v":"S"},{"$f":"IF(OR(C567=\"s\",C567=0),OFFSET(B567,-1,0),C567)","v":2},{"$f":"IF(OFFSET(C567,-1,0)=\"L\",1,IF(OFFSET(C567,-1,0)=1,2,IF(OR(A567=\"s\",A567=0),\"S\",IF(AND(OFFSET(C567,-1,0)=2,A567=4),3,IF(AND(OR(OFFSET(C567,-1,0)=\"s\",OFFSET(C567,-1,0)=0),A567<>\"s\",A567>OFFSET(B567,-1,0)),OFFSET(B567,-1,0),A567)))))","v":"S"},{"$f":"IF(OR(C567=\"S\",C567=0),0,IF(ISERROR(K567),J567,SMALL(J567:K567,1)))","v":0},{"$f":"IF($C567=1,OFFSET(E567,-1,0)+MAX(1,COUNTIF(QCI!$A$13:$A$41,OFFSET(ORÇAMENTO!E567,-1,0))),OFFSET(E567,-1,0))","v":19},{"$f":"IF($C567=1,0,IF($C567=2,OFFSET(F567,-1,0)+1,OFFSET(F567,-1,0)))","v":8},{"$f":"IF(AND($C567<=2,$C567<>0),0,IF($C567=3,OFFSET(G567,-1,0)+1,OFFSET(G567,-1,0)))","v":0},{"$f":"IF(AND($C567<=3,$C567<>0),0,IF($C567=4,OFFSET(H567,-1,0)+1,OFFSET(H567,-1,0)))","v":0},{"$f":"IF(AND($C567<=4,$C567<>0),0,IF(AND($C567=\"S\",$X567>0),OFFSET(I567,-1,0)+1,OFFSET(I567,-1,0)))","v":2},0,{"$f":"IF(OR($C567=\"S\",$C567=0),0,MATCH(OFFSET($D567,0,$C567)+IF($C567<>1,1,COUNTIF(QCI!$A$13:$A$41,ORÇAMENTO!E567)),OFFSET($D567,1,$C567,ROW($C$744)-ROW($C567)),0))","v":0},{"$f":"IF(OR($X567>0,$C567=1,$C567=2,$C567=3,$C567=4),\"F\",\"\")","v":"F"},"Serviço",{"$f":"CHOOSE(1+LOG(1+2*(C567=1)+4*(C567=2)+8*(C567=3)+16*(C567=4)+32*(C567=\"S\"),2),\"\",\"Meta\",\"Nível 2\",\"Nível 3\",\"Nível 4\",\"Serviço\")","v":"Serviço"},{"$f":"IF(OR($C567=0,$L567=\"\"),\"-\",CONCATENATE(E567&\".\",IF(AND($A$5>=2,$C567>=2),F567&\".\",\"\"),IF(AND($A$5>=3,$C567>=3),G567&\".\",\"\"),IF(AND($A$5>=4,$C567>=4),H567&\".\",\"\"),IF($C567=\"S\",I567&\".\",\"\")))","v":"19.8.2."},"SINAPI","FNDE 25","ELETROCALHA LISA OU PERFURADA EM AÇO GALVANIZADO, LARGURA  50MM E ALTURA 50MM, INCLUSIVE EMENDA E FIXAÇÃO - FORNECIMENTO E INSTALAÇÃO.","UN",{"$f":"OFFSET(CÁLCULO!H$15,ROW($T567)-ROW(T$15),0)","v":102.2},119.39,"BDI 1",{"$f":"IF($C567=\"S\",ROUND(IF(TIPOORCAMENTO=\"Proposto\",ORÇAMENTO.CustoUnitario*(1+$AH567),ORÇAMENTO.PrecoUnitarioLicitado),15-13*$AF$10),0)","v":149.24},{"$f":"IF($C567=\"S\",IF(Import.TipoArredondamento<>\"TransfereGOV\",VTOTAL1,SUM(OFFSET(CÁLCULO!$AA$15,ROW($X567)-ROW($X$15),1):OFFSET(CÁLCULO!$AL$15,ROW($X567)-ROW($X$15),-1))),IF($C567=0,0,ROUND(SomaAgrup,15-13*$AF$11)))","v":15252.33},"RA",{"$f":"IF(AND($C567=\"S\",$X567>0),IF(ISBLANK($Y567),\"RA\",LEFT($Y567,2)),\"\")","v":"RA"},{"$f":"IF($C567=\"S\",IF($Z567=\"CP\",$X567,IF($Z567=\"RA\",(($X567)*QCI!$AA$3),0)),SomaAgrup)","v":543.18125465291803},{"$f":"IF($C567=\"S\",IF($Z567=\"OU\",ROUND($X567,2),0),SomaAgrup)","v":0},{"$f":"IF($N567=\"\",\"\",IF(ORÇAMENTO.Descricao=\"\",\"DESCRIÇÃO\",IF(AND($C567=\"S\",ORÇAMENTO.Unidade=\"\"),\"UNIDADE\",IF($X567<0,\"VALOR NEGATIVO\",IF(OR(AND(TIPOORCAMENTO=\"Proposto\",$AG567<>\"\",$AG567>0,ORÇAMENTO.CustoUnitario>$AG567),AND(TIPOORCAMENTO=\"LICITADO\",ORÇAMENTO.PrecoUnitarioLicitado>$AN567)),\"ACIMA REF.\",\"\")))))","v":""},{"$f":"IF(C567<=CRONO.NivelExibicao,MAX($AD$15:OFFSET(AD567,-1,0))+IF($C567<>1,1,MAX(1,COUNTIF(QCI!$A$13:$A$41,OFFSET($E567,-1,0)))),\"\")","v":""},{"$f":"IF(AND($C567=\"S\",ORÇAMENTO.CodBarra<>\"\"),IF(ORÇAMENTO.Fonte=\"\",ORÇAMENTO.CodBarra,CONCATENATE(ORÇAMENTO.Fonte,\" \",ORÇAMENTO.CodBarra)))","v":"SINAPI FNDE 25"},{"$f":"IF(ISERROR(INDIRECT(ORÇAMENTO.BancoRef)),\"(abra o arquivo 'Referência \"&Excel_BuiltIn_Database&\".xlsm)\",IF(OR($C567<>\"S\",ORÇAMENTO.CodBarra=\"\"),\"(Sem Código)\",IF(ISERROR(MATCH($AE567,INDIRECT(ORÇAMENTO.BancoRef),0)),\"(Código não identificado nas referências)\",MATCH($AE567,INDIRECT(ORÇAMENTO.BancoRef),0))))","v":"(Código não identificado nas referências)"},{"$f":"ROUND(IF(DESONERACAO=\"sim\",REFERENCIA.Desonerado,REFERENCIA.NaoDesonerado),2)","v":0},{"$f":"ROUND(IF(ISNUMBER(ORÇAMENTO.OpcaoBDI),ORÇAMENTO.OpcaoBDI,IF(LEFT(ORÇAMENTO.OpcaoBDI,3)=\"BDI\",HLOOKUP(ORÇAMENTO.OpcaoBDI,$F$4:$H$5,2,FALSE),0)),15-11*$AF$9)","v":0.25},null,102.2,null,null,{"$f":"$X567","v":15252.33},{"$f":"ROUND(ORÇAMENTO.CustoUnitario*(1+$AH567),2)","v":149.24}]
["S",2,"S",0,{"$f":"IF($C568=1,OFFSET(E568,-1,0)+MAX(1,COUNTIF(QCI!$A$13:$A$41,OFFSET(ORÇAMENTO!E568,-1,0))),OFFSET(E568,-1,0))","v":19},8,0,0,3,0,{"$f":"IF(OR($C568=\"S\",$C568=0),0,MATCH(OFFSET($D568,0,$C568)+IF($C568<>1,1,COUNTIF(QCI!$A$13:$A$41,ORÇAMENTO!E568)),OFFSET($D568,1,$C568,ROW($C$744)-ROW($C568)),0))","v":0},"F","Serviço","Serviço","19.8.3.","SINAPI","FNDE 346","CABECOTE PARA ENTRADA DE LINHA DE ALIMENTACAO PARA ELETRODUTO","UN",{"$f":"OFFSET(CÁLCULO!H$15,ROW($T568)-ROW(T$15),0)","v":68},16.62,"BDI 1",{"$f":"IF($C568=\"S\",ROUND(IF(TIPOORCAMENTO=\"Proposto\",ORÇAMENTO.CustoUnitario*(1+$AH568),ORÇAMENTO.PrecoUnitarioLicitado),15-13*$AF$10),0)","v":20.78},{"$f":"IF($C568=\"S\",IF(Import.TipoArredondamento<>\"TransfereGOV\",VTOTAL1,SUM(OFFSET(CÁLCULO!$AA$15,ROW($X568)-ROW($X$15),1):OFFSET(CÁLCULO!$AL$15,ROW($X568)-ROW($X$15),-1))),IF($C568=0,0,ROUND(SomaAgrup,15-13*$AF$11)))","v":1413.04},"RA","RA",{"$f":"IF($C568=\"S\",IF($Z568=\"CP\",$X568,IF($Z568=\"RA\",(($X568)*QCI!$AA$3),0)),SomaAgrup)","v":50.322595962371608},0,{"$f":"IF($N568=\"\",\"\",IF(ORÇAMENTO.Descricao=\"\",\"DESCRIÇÃO\",IF(AND($C568=\"S\",ORÇAMENTO.Unidade=\"\"),\"UNIDADE\",IF($X568<0,\"VALOR NEGATIVO\",IF(OR(AND(TIPOORCAMENTO=\"Proposto\",$AG568<>\"\",$AG568>0,ORÇAMENTO.CustoUnitario>$AG568),AND(TIPOORCAMENTO=\"LICITADO\",ORÇAMENTO.PrecoUnitarioLicitado>$AN568)),\"ACIMA REF.\",\"\")))))","v":""},{"$f":"IF(C568<=CRONO.NivelExibicao,MAX($AD$15:OFFSET(AD568,-1,0))+IF($C568<>1,1,MAX(1,COUNTIF(QCI!$A$13:$A$41,OFFSET($E568,-1,0)))),\"\")","v":""},{"$f":"IF(AND($C568=\"S\",ORÇAMENTO.CodBarra<>\"\"),IF(ORÇAMENTO.Fonte=\"\",ORÇAMENTO.CodBarra,CONCATENATE(ORÇAMENTO.Fonte,\" \",ORÇAMENTO.CodBarra)))","v":"SINAPI FNDE 346"},{"$f":"IF(ISERROR(INDIRECT(ORÇAMENTO.BancoRef)),\"(abra o arquivo 'Referência \"&Excel_BuiltIn_Database&\".xlsm)\",IF(OR($C568<>\"S\",ORÇAMENTO.CodBarra=\"\"),\"(Sem Código)\",IF(ISERROR(MATCH($AE568,INDIRECT(ORÇAMENTO.BancoRef),0)),\"(Código não identificado nas referências)\",MATCH($AE568,INDIRECT(ORÇAMENTO.BancoRef),0))))","v":"(Código não identificado nas referências)"},{"$f":"ROUND(IF(DESONERACAO=\"sim\",REFERENCIA.Desonerado,REFERENCIA.NaoDesonerado),2)","v":0},0.25,null,68,null,null,1413.04,20.78]
["S",2,"S",0,{"$f":"IF($C569=1,OFFSET(E569,-1,0)+MAX(1,COUNTIF(QCI!$A$13:$A$41,OFFSET(ORÇAMENTO!E569,-1,0))),OFFSET(E569,-1,0))","v":19},8,0,0,4,0,{"$f":"IF(OR($C569=\"S\",$C569=0),0,MATCH(OFFSET($D569,0,$C569)+IF($C569<>1,1,COUNTIF(QCI!$A$13:$A$41,ORÇAMENTO!E569)),OFFSET($D569,1,$C569,ROW($C$744)-ROW($C569)),0))","v":0},"F","Serviço","Serviço","19.8.4.","SINAPI","FNDE 366","TÊ HORIZONTAL 90º, PARA ELETROCALHA, LISA OU PERFURADA EM AÇO GALVANIZADO, LARGURA DE 200MM E ALTURA DE 50MM - FORNECIMENTO E INSTALAÇÃO.","UN",{"$f":"OFFSET(CÁLCULO!H$15,ROW($T569)-ROW(T$15),0)","v":3},133.59,"BDI 1",{"$f":"IF($C569=\"S\",ROUND(IF(TIPOORCAMENTO=\"Proposto\",ORÇAMENTO.CustoUnitario*(1+$AH569),ORÇAMENTO.PrecoUnitarioLicitado),15-13*$AF$10),0)","v":166.99},{"$f":"IF($C569=\"S\",IF(Import.TipoArredondamento<>\"TransfereGOV\",VTOTAL1,SUM(OFFSET(CÁLCULO!$AA$15,ROW($X569)-ROW($X$15),1):OFFSET(CÁLCULO!$AL$15,ROW($X569)-ROW($X$15),-1))),IF($C569=0,0,ROUND(SomaAgrup,15-13*$AF$11)))","v":500.97},"RA","RA",{"$f":"IF($C569=\"S\",IF($Z569=\"CP\",$X569,IF($Z569=\"RA\",(($X569)*QCI!$AA$3),0)),SomaAgrup)","v":17.841045475902526},0,{"$f":"IF($N569=\"\",\"\",IF(ORÇAMENTO.Descricao=\"\",\"DESCRIÇÃO\",IF(AND($C569=\"S\",ORÇAMENTO.Unidade=\"\"),\"UNIDADE\",IF($X569<0,\"VALOR NEGATIVO\",IF(OR(AND(TIPOORCAMENTO=\"Proposto\",$AG569<>\"\",$AG569>0,ORÇAMENTO.CustoUnitario>$AG569),AND(TIPOORCAMENTO=\"LICITADO\",ORÇAMENTO.PrecoUnitarioLicitado>$AN569)),\"ACIMA REF.\",\"\")))))","v":""},{"$f":"IF(C569<=CRONO.NivelExibicao,MAX($AD$15:OFFSET(AD569,-1,0))+IF($C569<>1,1,MAX(1,COUNTIF(QCI!$A$13:$A$41,OFFSET($E569,-1,0)))),\"\")","v":""},{"$f":"IF(AND($C569=\"S\",ORÇAMENTO.CodBarra<>\"\"),IF(ORÇAMENTO.Fonte=\"\",ORÇAMENTO.CodBarra,CONCATENATE(ORÇAMENTO.Fonte,\" \",ORÇAMENTO.CodBarra)))","v":"SINAPI FNDE 366"},{"$f":"IF(ISERROR(INDIRECT(ORÇAMENTO.BancoRef)),\"(abra o arquivo 'Referência \"&Excel_BuiltIn_Database&\".xlsm)\",IF(OR($C569<>\"S\",ORÇAMENTO.CodBarra=\"\"),\"(Sem Código)\",IF(ISERROR(MATCH($AE569,INDIRECT(ORÇAMENTO.BancoRef),0)),\"(Código não identificado nas referências)\",MATCH($AE569,INDIRECT(ORÇAMENTO.BancoRef),0))))","v":"(Código não identificado nas referências)"},{"$f":"ROUND(IF(DESONERACAO=\"sim\",REFERENCIA.Desonerado,REFERENCIA.NaoDesonerado),2)","v":0},0.25,null,3,null,null,500.97,166.99]
["S",2,"S",0,{"$f":"IF($C570=1,OFFSET(E570,-1,0)+MAX(1,COUNTIF(QCI!$A$13:$A$41,OFFSET(ORÇAMENTO!E570,-1,0))),OFFSET(E570,-1,0))","v":19},8,0,0,5,0,{"$f":"IF(OR($C570=\"S\",$C570=0),0,MATCH(OFFSET($D570,0,$C570)+IF($C570<>1,1,COUNTIF(QCI!$A$13:$A$41,ORÇAMENTO!E570)),OFFSET($D570,1,$C570,ROW($C$744)-ROW($C570)),0))","v":0},"F","Serviço","Serviço","19.8.5.","SINAPI","FNDE 367","TÊ HORIZONTAL 90º, PARA ELETROCALHA, LISA OU PERFURADA EM AÇO GALVANIZADO, LARGURA DE 50MM E ALTURA DE 50MM - FORNECIMENTO E INSTALAÇÃO.","UN",{"$f":"OFFSET(CÁLCULO!H$15,ROW($T570)-ROW(T$15),0)","v":3},126.28,"BDI 1",{"$f":"IF($C570=\"S\",ROUND(IF(TIPOORCAMENTO=\"Proposto\",ORÇAMENTO.CustoUnitario*(1+$AH570),ORÇAMENTO.PrecoUnitarioLicitado),15-13*$AF$10),0)","v":157.85},{"$f":"IF($C570=\"S\",IF(Import.TipoArredondamento<>\"TransfereGOV\",VTOTAL1,SUM(OFFSET(CÁLCULO!$AA$15,ROW($X570)-ROW($X$15),1):OFFSET(CÁLCULO!$AL$15,ROW($X570)-ROW($X$15),-1))),IF($C570=0,0,ROUND(SomaAgrup,15-13*$AF$11)))","v":473.55},"RA","RA",{"$f":"IF($C570=\"S\",IF($Z570=\"CP\",$X570,IF($Z570=\"RA\",(($X570)*QCI!$AA$3),0)),SomaAgrup)","v":16.864536968508375},0,{"$f":"IF($N570=\"\",\"\",IF(ORÇAMENTO.Descricao=\"\",\"DESCRIÇÃO\",IF(AND($C570=\"S\",ORÇAMENTO.Unidade=\"\"),\"UNIDADE\",IF($X570<0,\"VALOR NEGATIVO\",IF(OR(AND(TIPOORCAMENTO=\"Proposto\",$AG570<>\"\",$AG570>0,ORÇAMENTO.CustoUnitario>$AG570),AND(TIPOORCAMENTO=\"LICITADO\",ORÇAMENTO.PrecoUnitarioLicitado>$AN570)),\"ACIMA REF.\",\"\")))))","v":""},{"$f":"IF(C570<=CRONO.NivelExibicao,MAX($AD$15:OFFSET(AD570,-1,0))+IF($C570<>1,1,MAX(1,COUNTIF(QCI!$A$13:$A$41,OFFSET($E570,-1,0)))),\"\")","v":""},{"$f":"IF(AND($C570=\"S\",ORÇAMENTO.CodBarra<>\"\"),IF(ORÇAMENTO.Fonte=\"\",ORÇAMENTO.CodBarra,CONCATENATE(ORÇAMENTO.Fonte,\" \",ORÇAMENTO.CodBarra)))","v":"SINAPI FNDE 367"},{"$f":"IF(ISERROR(INDIRECT(ORÇAMENTO.BancoRef)),\"(abra o arquivo 'Referência \"&Excel_BuiltIn_Database&\".xlsm)\",IF(OR($C570<>\"S\",ORÇAMENTO.CodBarra=\"\"),\"(Sem Código)\",IF(ISERROR(MATCH($AE570,INDIRECT(ORÇAMENTO.BancoRef),0)),\"(Código não identificado nas referências)\",MATCH($AE570,INDIRECT(ORÇAMENTO.BancoRef),0))))","v":"(Código não identificado nas referências)"},{"$f":"ROUND(IF(DESONERACAO=\"sim\",REFERENCIA.Desonerado,REFERENCIA.NaoDesonerado),2)","v":0},0.25,null,3,null,null,473.55,157.85]
["S",2,"S",0,{"$f":"IF($C571=1,OFFSET(E571,-1,0)+MAX(1,COUNTIF(QCI!$A$13:$A$41,OFFSET(ORÇAMENTO!E571,-1,0))),OFFSET(E571,-1,0))","v":19},8,0,0,6,0,{"$f":"IF(OR($C571=\"S\",$C571=0),0,MATCH(OFFSET($D571,0,$C571)+IF($C571<>1,1,COUNTIF(QCI!$A$13:$A$41,ORÇAMENTO!E571)),OFFSET($D571,1,$C571,ROW($C$744)-ROW($C571)),0))","v":0},"F","Serviço","Serviço","19.8.6.","SINAPI","FNDE 369","CRUZETA DE FERRO GALVANIZADO, COM ROSCA BSP, DE 2\"","UN",{"$f":"OFFSET(CÁLCULO!H$15,ROW($T571)-ROW(T$15),0)","v":1},116.45,"BDI 1",{"$f":"IF($C571=\"S\",ROUND(IF(TIPOORCAMENTO=\"Proposto\",ORÇAMENTO.CustoUnitario*(1+$AH571),ORÇAMENTO.PrecoUnitarioLicitado),15-13*$AF$10),0)","v":145.56},{"$f":"IF($C571=\"S\",IF(Import.TipoArredondamento<>\"TransfereGOV\",VTOTAL1,SUM(OFFSET(CÁLCULO!$AA$15,ROW($X571)-ROW($X$15),1):OFFSET(CÁLCULO!$AL$15,ROW($X571)-ROW($X$15),-1))),IF($C571=0,0,ROUND(SomaAgrup,15-13*$AF$11)))","v":145.56},"RA","RA",{"$f":"IF($C571=\"S\",IF($Z571=\"CP\",$X571,IF($Z571=\"RA\",(($X571)*QCI!$AA$3),0)),SomaAgrup)","v":5.183828531593452},0,{"$f":"IF($N571=\"\",\"\",IF(ORÇAMENTO.Descricao=\"\",\"DESCRIÇÃO\",IF(AND($C571=\"S\",ORÇAMENTO.Unidade=\"\"),\"UNIDADE\",IF($X571<0,\"VALOR NEGATIVO\",IF(OR(AND(TIPOORCAMENTO=\"Proposto\",$AG571<>\"\",$AG571>0,ORÇAMENTO.CustoUnitario>$AG571),AND(TIPOORCAMENTO=\"LICITADO\",ORÇAMENTO.PrecoUnitarioLicitado>$AN571)),\"ACIMA REF.\",\"\")))))","v":""},{"$f":"IF(C571<=CRONO.NivelExibicao,MAX($AD$15:OFFSET(AD571,-1,0))+IF($C571<>1,1,MAX(1,COUNTIF(QCI!$A$13:$A$41,OFFSET($E571,-1,0)))),\"\")","v":""},{"$f":"IF(AND($C571=\"S\",ORÇAMENTO.CodBarra<>\"\"),IF(ORÇAMENTO.Fonte=\"\",ORÇAMENTO.CodBarra,CONCATENATE(ORÇAMENTO.Fonte,\" \",ORÇAMENTO.CodBarra)))","v":"SINAPI FNDE 369"},{"$f":"IF(ISERROR(INDIRECT(ORÇAMENTO.BancoRef)),\"(abra o arquivo 'Referência \"&Excel_BuiltIn_Database&\".xlsm)\",IF(OR($C571<>\"S\",ORÇAMENTO.CodBarra=\"\"),\"(Sem Código)\",IF(ISERROR(MATCH($AE571,INDIRECT(ORÇAMENTO.BancoRef),0)),\"(Código não identificado nas referências)\",MATCH($AE571,INDIRECT(ORÇAMENTO.BancoRef),0))))","v":"(Código não identificado nas referências)"},{"$f":"ROUND(IF(DESONERACAO=\"sim\",REFERENCIA.Desonerado,REFERENCIA.NaoDesonerado),2)","v":0},0.25,null,1,null,null,145.56,145.56]
["S",2,"S",0,{"$f":"IF($C572=1,OFFSET(E572,-1,0)+MAX(1,COUNTIF(QCI!$A$13:$A$41,OFFSET(ORÇAMENTO!E572,-1,0))),OFFSET(E572,-1,0))","v":19},8,0,0,7,0,{"$f":"IF(OR($C572=\"S\",$C572=0),0,MATCH(OFFSET($D572,0,$C572)+IF($C572<>1,1,COUNTIF(QCI!$A$13:$A$41,ORÇAMENTO!E572)),OFFSET($D572,1,$C572,ROW($C$744)-ROW($C572)),0))","v":0},"F","Serviço","Serviço","19.8.7.","SINAPI-I",2662,"TAMPAO / TERMINAL / PLUG, D = 4\" , PARA DUTO",{"$f":"REFERENCIA.Unidade","v":"UN    "},{"$f":"OFFSET(CÁLCULO!H$15,ROW($T572)-ROW(T$15),0)","v":1},20.02,"BDI 1",{"$f":"IF($C572=\"S\",ROUND(IF(TIPOORCAMENTO=\"Proposto\",ORÇAMENTO.CustoUnitario*(1+$AH572),ORÇAMENTO.PrecoUnitarioLicitado),15-13*$AF$10),0)","v":25.03},{"$f":"IF($C572=\"S\",IF(Import.TipoArredondamento<>\"TransfereGOV\",VTOTAL1,SUM(OFFSET(CÁLCULO!$AA$15,ROW($X572)-ROW($X$15),1):OFFSET(CÁLCULO!$AL$15,ROW($X572)-ROW($X$15),-1))),IF($C572=0,0,ROUND(SomaAgrup,15-13*$AF$11)))","v":25.03},"RA","RA",{"$f":"IF($C572=\"S\",IF($Z572=\"CP\",$X572,IF($Z572=\"RA\",(($X572)*QCI!$AA$3),0)),SomaAgrup)","v":0.8913934332631499},0,{"$f":"IF($N572=\"\",\"\",IF(ORÇAMENTO.Descricao=\"\",\"DESCRIÇÃO\",IF(AND($C572=\"S\",ORÇAMENTO.Unidade=\"\"),\"UNIDADE\",IF($X572<0,\"VALOR NEGATIVO\",IF(OR(AND(TIPOORCAMENTO=\"Proposto\",$AG572<>\"\",$AG572>0,ORÇAMENTO.CustoUnitario>$AG572),AND(TIPOORCAMENTO=\"LICITADO\",ORÇAMENTO.PrecoUnitarioLicitado>$AN572)),\"ACIMA REF.\",\"\")))))","v":""},{"$f":"IF(C572<=CRONO.NivelExibicao,MAX($AD$15:OFFSET(AD572,-1,0))+IF($C572<>1,1,MAX(1,COUNTIF(QCI!$A$13:$A$41,OFFSET($E572,-1,0)))),\"\")","v":""},{"$f":"IF(AND($C572=\"S\",ORÇAMENTO.CodBarra<>\"\"),IF(ORÇAMENTO.Fonte=\"\",ORÇAMENTO.CodBarra,CONCATENATE(ORÇAMENTO.Fonte,\" \",ORÇAMENTO.CodBarra)))","v":"SINAPI-I 2662"},{"$f":"IF(ISERROR(INDIRECT(ORÇAMENTO.BancoRef)),\"(abra o arquivo 'Referência \"&Excel_BuiltIn_Database&\".xlsm)\",IF(OR($C572<>\"S\",ORÇAMENTO.CodBarra=\"\"),\"(Sem Código)\",IF(ISERROR(MATCH($AE572,INDIRECT(ORÇAMENTO.BancoRef),0)),\"(Código não identificado nas referências)\",MATCH($AE572,INDIRECT(ORÇAMENTO.BancoRef),0))))","v":11751},{"$f":"ROUND(IF(DESONERACAO=\"sim\",REFERENCIA.Desonerado,REFERENCIA.NaoDesonerado),2)","v":20.02},0.25,null,1,null,null,25.03,25.03]
["S",2,"S",0,{"$f":"IF($C573=1,OFFSET(E573,-1,0)+MAX(1,COUNTIF(QCI!$A$13:$A$41,OFFSET(ORÇAMENTO!E573,-1,0))),OFFSET(E573,-1,0))","v":19},8,0,0,8,0,{"$f":"IF(OR($C573=\"S\",$C573=0),0,MATCH(OFFSET($D573,0,$C573)+IF($C573<>1,1,COUNTIF(QCI!$A$13:$A$41,ORÇAMENTO!E573)),OFFSET($D573,1,$C573,ROW($C$744)-ROW($C573)),0))","v":0},"F","Serviço","Serviço","19.8.8.","SINAPI-I",2668,"TAMPAO / TERMINAL / PLUG, D = 2\" , PARA DUTO CORRUGADO PEAD (CABEAMENTO SUBTERRANEO)",{"$f":"REFERENCIA.Unidade","v":"UN    "},{"$f":"OFFSET(CÁLCULO!H$15,ROW($T573)-ROW(T$15),0)","v":7},11.06,"BDI 1",{"$f":"IF($C573=\"S\",ROUND(IF(TIPOORCAMENTO=\"Proposto\",ORÇAMENTO.CustoUnitario*(1+$AH573),ORÇAMENTO.PrecoUnitarioLicitado),15-13*$AF$10),0)","v":13.83},{"$f":"IF($C573=\"S\",IF(Import.TipoArredondamento<>\"TransfereGOV\",VTOTAL1,SUM(OFFSET(CÁLCULO!$AA$15,ROW($X573)-ROW($X$15),1):OFFSET(CÁLCULO!$AL$15,ROW($X573)-ROW($X$15),-1))),IF($C573=0,0,ROUND(SomaAgrup,15-13*$AF$11)))","v":96.81},"RA","RA",{"$f":"IF($C573=\"S\",IF($Z573=\"CP\",$X573,IF($Z573=\"RA\",(($X573)*QCI!$AA$3),0)),SomaAgrup)","v":3.447694697331424},0,{"$f":"IF($N573=\"\",\"\",IF(ORÇAMENTO.Descricao=\"\",\"DESCRIÇÃO\",IF(AND($C573=\"S\",ORÇAMENTO.Unidade=\"\"),\"UNIDADE\",IF($X573<0,\"VALOR NEGATIVO\",IF(OR(AND(TIPOORCAMENTO=\"Proposto\",$AG573<>\"\",$AG573>0,ORÇAMENTO.CustoUnitario>$AG573),AND(TIPOORCAMENTO=\"LICITADO\",ORÇAMENTO.PrecoUnitarioLicitado>$AN573)),\"ACIMA REF.\",\"\")))))","v":""},{"$f":"IF(C573<=CRONO.NivelExibicao,MAX($AD$15:OFFSET(AD573,-1,0))+IF($C573<>1,1,MAX(1,COUNTIF(QCI!$A$13:$A$41,OFFSET($E573,-1,0)))),\"\")","v":""},{"$f":"IF(AND($C573=\"S\",ORÇAMENTO.CodBarra<>\"\"),IF(ORÇAMENTO.Fonte=\"\",ORÇAMENTO.CodBarra,CONCATENATE(ORÇAMENTO.Fonte,\" \",ORÇAMENTO.CodBarra)))","v":"SINAPI-I 2668"},{"$f":"IF(ISERROR(INDIRECT(ORÇAMENTO.BancoRef)),\"(abra o arquivo 'Referência \"&Excel_BuiltIn_Database&\".xlsm)\",IF(OR($C573<>\"S\",ORÇAMENTO.CodBarra=\"\"),\"(Sem Código)\",IF(ISERROR(MATCH($AE573,INDIRECT(ORÇAMENTO.BancoRef),0)),\"(Código não identificado nas referências)\",MATCH($AE573,INDIRECT(ORÇAMENTO.BancoRef),0))))","v":11749},{"$f":"ROUND(IF(DESONERACAO=\"sim\",REFERENCIA.Desonerado,REFERENCIA.NaoDesonerado),2)","v":11.06},0.25,null,7,null,null,96.81,13.83]
["S",2,"S",0,{"$f":"IF($C574=1,OFFSET(E574,-1,0)+MAX(1,COUNTIF(QCI!$A$13:$A$41,OFFSET(ORÇAMENTO!E574,-1,0))),OFFSET(E574,-1,0))","v":19},8,0,0,9,0,{"$f":"IF(OR($C574=\"S\",$C574=0),0,MATCH(OFFSET($D574,0,$C574)+IF($C574<>1,1,COUNTIF(QCI!$A$13:$A$41,ORÇAMENTO!E574)),OFFSET($D574,1,$C574,ROW($C$744)-ROW($C574)),0))","v":0},"F","Serviço","Serviço","19.8.9.","SINAPI","FNDE 116","TÊ HORIZONTAL 90º, PARA ELETROCALHA, LISA OU PERFURADA EM AÇO GALVANIZADO, LARGURA DE 200MM E ALTURA DE 75MM - FORNECIMENTO E INSTALAÇÃO. AF_04/2023","UN",{"$f":"OFFSET(CÁLCULO!H$15,ROW($T574)-ROW(T$15),0)","v":6},131.29,"BDI 1",{"$f":"IF($C574=\"S\",ROUND(IF(TIPOORCAMENTO=\"Proposto\",ORÇAMENTO.CustoUnitario*(1+$AH574),ORÇAMENTO.PrecoUnitarioLicitado),15-13*$AF$10),0)","v":164.11},{"$f":"IF($C574=\"S\",IF(Import.TipoArredondamento<>\"TransfereGOV\",VTOTAL1,SUM(OFFSET(CÁLCULO!$AA$15,ROW($X574)-ROW($X$15),1):OFFSET(CÁLCULO!$AL$15,ROW($X574)-ROW($X$15),-1))),IF($C574=0,0,ROUND(SomaAgrup,15-13*$AF$11)))","v":984.66},"RA","RA",{"$f":"IF($C574=\"S\",IF($Z574=\"CP\",$X574,IF($Z574=\"RA\",(($X574)*QCI!$AA$3),0)),SomaAgrup)","v":35.066698281937398},0,{"$f":"IF($N574=\"\",\"\",IF(ORÇAMENTO.Descricao=\"\",\"DESCRIÇÃO\",IF(AND($C574=\"S\",ORÇAMENTO.Unidade=\"\"),\"UNIDADE\",IF($X574<0,\"VALOR NEGATIVO\",IF(OR(AND(TIPOORCAMENTO=\"Proposto\",$AG574<>\"\",$AG574>0,ORÇAMENTO.CustoUnitario>$AG574),AND(TIPOORCAMENTO=\"LICITADO\",ORÇAMENTO.PrecoUnitarioLicitado>$AN574)),\"ACIMA REF.\",\"\")))))","v":""},{"$f":"IF(C574<=CRONO.NivelExibicao,MAX($AD$15:OFFSET(AD574,-1,0))+IF($C574<>1,1,MAX(1,COUNTIF(QCI!$A$13:$A$41,OFFSET($E574,-1,0)))),\"\")","v":""},{"$f":"IF(AND($C574=\"S\",ORÇAMENTO.CodBarra<>\"\"),IF(ORÇAMENTO.Fonte=\"\",ORÇAMENTO.CodBarra,CONCATENATE(ORÇAMENTO.Fonte,\" \",ORÇAMENTO.CodBarra)))","v":"SINAPI FNDE 116"},{"$f":"IF(ISERROR(INDIRECT(ORÇAMENTO.BancoRef)),\"(abra o arquivo 'Referência \"&Excel_BuiltIn_Database&\".xlsm)\",IF(OR($C574<>\"S\",ORÇAMENTO.CodBarra=\"\"),\"(Sem Código)\",IF(ISERROR(MATCH($AE574,INDIRECT(ORÇAMENTO.BancoRef),0)),\"(Código não identificado nas referências)\",MATCH($AE574,INDIRECT(ORÇAMENTO.BancoRef),0))))","v":"(Código não identificado nas referências)"},{"$f":"ROUND(IF(DESONERACAO=\"sim\",REFERENCIA.Desonerado,REFERENCIA.NaoDesonerado),2)","v":0},0.25,null,6,null,null,984.66,164.11]
["S",2,"S",0,{"$f":"IF($C575=1,OFFSET(E575,-1,0)+MAX(1,COUNTIF(QCI!$A$13:$A$41,OFFSET(ORÇAMENTO!E575,-1,0))),OFFSET(E575,-1,0))","v":19},8,0,0,10,0,{"$f":"IF(OR($C575=\"S\",$C575=0),0,MATCH(OFFSET($D575,0,$C575)+IF($C575<>1,1,COUNTIF(QCI!$A$13:$A$41,ORÇAMENTO!E575)),OFFSET($D575,1,$C575,ROW($C$744)-ROW($C575)),0))","v":0},"F","Serviço","Serviço","19.8.10.","SINAPI","FNDE 371","TAMPAO / TERMINAL / PLUG, D = 4\" , PARA DUTO CORRUGADO PEAD","UN",{"$f":"OFFSET(CÁLCULO!H$15,ROW($T575)-ROW(T$15),0)","v":3},28.28,"BDI 1",{"$f":"IF($C575=\"S\",ROUND(IF(TIPOORCAMENTO=\"Proposto\",ORÇAMENTO.CustoUnitario*(1+$AH575),ORÇAMENTO.PrecoUnitarioLicitado),15-13*$AF$10),0)","v":35.35},{"$f":"IF($C575=\"S\",IF(Import.TipoArredondamento<>\"TransfereGOV\",VTOTAL1,SUM(OFFSET(CÁLCULO!$AA$15,ROW($X575)-ROW($X$15),1):OFFSET(CÁLCULO!$AL$15,ROW($X575)-ROW($X$15),-1))),IF($C575=0,0,ROUND(SomaAgrup,15-13*$AF$11)))","v":106.05},"RA","RA",{"$f":"IF($C575=\"S\",IF($Z575=\"CP\",$X575,IF($Z575=\"RA\",(($X575)*QCI!$AA$3),0)),SomaAgrup)","v":3.7767588333023188},0,{"$f":"IF($N575=\"\",\"\",IF(ORÇAMENTO.Descricao=\"\",\"DESCRIÇÃO\",IF(AND($C575=\"S\",ORÇAMENTO.Unidade=\"\"),\"UNIDADE\",IF($X575<0,\"VALOR NEGATIVO\",IF(OR(AND(TIPOORCAMENTO=\"Proposto\",$AG575<>\"\",$AG575>0,ORÇAMENTO.CustoUnitario>$AG575),AND(TIPOORCAMENTO=\"LICITADO\",ORÇAMENTO.PrecoUnitarioLicitado>$AN575)),\"ACIMA REF.\",\"\")))))","v":""},{"$f":"IF(C575<=CRONO.NivelExibicao,MAX($AD$15:OFFSET(AD575,-1,0))+IF($C575<>1,1,MAX(1,COUNTIF(QCI!$A$13:$A$41,OFFSET($E575,-1,0)))),\"\")","v":""},{"$f":"IF(AND($C575=\"S\",ORÇAMENTO.CodBarra<>\"\"),IF(ORÇAMENTO.Fonte=\"\",ORÇAMENTO.CodBarra,CONCATENATE(ORÇAMENTO.Fonte,\" \",ORÇAMENTO.CodBarra)))","v":"SINAPI FNDE 371"},{"$f":"IF(ISERROR(INDIRECT(ORÇAMENTO.BancoRef)),\"(abra o arquivo 'Referência \"&Excel_BuiltIn_Database&\".xlsm)\",IF(OR($C575<>\"S\",ORÇAMENTO.CodBarra=\"\"),\"(Sem Código)\",IF(ISERROR(MATCH($AE575,INDIRECT(ORÇAMENTO.BancoRef),0)),\"(Código não identificado nas referências)\",MATCH($AE575,INDIRECT(ORÇAMENTO.BancoRef),0))))","v":"(Código não identificado nas referências)"},{"$f":"ROUND(IF(DESONERACAO=\"sim\",REFERENCIA.Desonerado,REFERENCIA.NaoDesonerado),2)","v":0},0.25,null,3,null,null,106.05,35.35]
["S",2,"S",0,{"$f":"IF($C576=1,OFFSET(E576,-1,0)+MAX(1,COUNTIF(QCI!$A$13:$A$41,OFFSET(ORÇAMENTO!E576,-1,0))),OFFSET(E576,-1,0))","v":19},8,0,0,11,0,{"$f":"IF(OR($C576=\"S\",$C576=0),0,MATCH(OFFSET($D576,0,$C576)+IF($C576<>1,1,COUNTIF(QCI!$A$13:$A$41,ORÇAMENTO!E576)),OFFSET($D576,1,$C576,ROW($C$744)-ROW($C576)),0))","v":0},"F","Serviço","Serviço","19.8.11.","SINAPI","FNDE 370","TAMPAO / TERMINAL / PLUG, D = 2\" , PARA DUTO CORRUGADO PEAD","UN",{"$f":"OFFSET(CÁLCULO!H$15,ROW($T576)-ROW(T$15),0)","v":1},19.16,"BDI 1",{"$f":"IF($C576=\"S\",ROUND(IF(TIPOORCAMENTO=\"Proposto\",ORÇAMENTO.CustoUnitario*(1+$AH576),ORÇAMENTO.PrecoUnitarioLicitado),15-13*$AF$10),0)","v":23.95},{"$f":"IF($C576=\"S\",IF(Import.TipoArredondamento<>\"TransfereGOV\",VTOTAL1,SUM(OFFSET(CÁLCULO!$AA$15,ROW($X576)-ROW($X$15),1):OFFSET(CÁLCULO!$AL$15,ROW($X576)-ROW($X$15),-1))),IF($C576=0,0,ROUND(SomaAgrup,15-13*$AF$11)))","v":23.95},"RA","RA",{"$f":"IF($C576=\"S\",IF($Z576=\"CP\",$X576,IF($Z576=\"RA\",(($X576)*QCI!$AA$3),0)),SomaAgrup)","v":0.85293139139642182},0,{"$f":"IF($N576=\"\",\"\",IF(ORÇAMENTO.Descricao=\"\",\"DESCRIÇÃO\",IF(AND($C576=\"S\",ORÇAMENTO.Unidade=\"\"),\"UNIDADE\",IF($X576<0,\"VALOR NEGATIVO\",IF(OR(AND(TIPOORCAMENTO=\"Proposto\",$AG576<>\"\",$AG576>0,ORÇAMENTO.CustoUnitario>$AG576),AND(TIPOORCAMENTO=\"LICITADO\",ORÇAMENTO.PrecoUnitarioLicitado>$AN576)),\"ACIMA REF.\",\"\")))))","v":""},{"$f":"IF(C576<=CRONO.NivelExibicao,MAX($AD$15:OFFSET(AD576,-1,0))+IF($C576<>1,1,MAX(1,COUNTIF(QCI!$A$13:$A$41,OFFSET($E576,-1,0)))),\"\")","v":""},{"$f":"IF(AND($C576=\"S\",ORÇAMENTO.CodBarra<>\"\"),IF(ORÇAMENTO.Fonte=\"\",ORÇAMENTO.CodBarra,CONCATENATE(ORÇAMENTO.Fonte,\" \",ORÇAMENTO.CodBarra)))","v":"SINAPI FNDE 370"},{"$f":"IF(ISERROR(INDIRECT(ORÇAMENTO.BancoRef)),\"(abra o arquivo 'Referência \"&Excel_BuiltIn_Database&\".xlsm)\",IF(OR($C576<>\"S\",ORÇAMENTO.CodBarra=\"\"),\"(Sem Código)\",IF(ISERROR(MATCH($AE576,INDIRECT(ORÇAMENTO.BancoRef),0)),\"(Código não identificado nas referências)\",MATCH($AE576,INDIRECT(ORÇAMENTO.BancoRef),0))))","v":"(Código não identificado nas referências)"},{"$f":"ROUND(IF(DESONERACAO=\"sim\",REFERENCIA.Desonerado,REFERENCIA.NaoDesonerado),2)","v":0},0.25,null,1,null,null,23.95,23.95]
["S",2,"S",0,{"$f":"IF($C577=1,OFFSET(E577,-1,0)+MAX(1,COUNTIF(QCI!$A$13:$A$41,OFFSET(ORÇAMENTO!E577,-1,0))),OFFSET(E577,-1,0))","v":19},8,0,0,12,0,{"$f":"IF(OR($C577=\"S\",$C577=0),0,MATCH(OFFSET($D577,0,$C577)+IF($C577<>1,1,COUNTIF(QCI!$A$13:$A$41,ORÇAMENTO!E577)),OFFSET($D577,1,$C577,ROW($C$744)-ROW($C577)),0))","v":0},"F","Serviço","Serviço","19.8.12.","SINAPI","FNDE 394","ELETROCALHA LISA OU PERFURADA EM AÇO GALVANIZADO, LARGURA  200MM E ALTURA 100 MM, INCLUSIVE EMENDA E FIXAÇÃO - FORNECIMENTO E INSTALAÇÃO","UN",{"$f":"OFFSET(CÁLCULO!H$15,ROW($T577)-ROW(T$15),0)","v":67.8},211.68,"BDI 1",{"$f":"IF($C577=\"S\",ROUND(IF(TIPOORCAMENTO=\"Proposto\",ORÇAMENTO.CustoUnitario*(1+$AH577),ORÇAMENTO.PrecoUnitarioLicitado),15-13*$AF$10),0)","v":264.60000000000002},{"$f":"IF($C577=\"S\",IF(Import.TipoArredondamento<>\"TransfereGOV\",VTOTAL1,SUM(OFFSET(CÁLCULO!$AA$15,ROW($X577)-ROW($X$15),1):OFFSET(CÁLCULO!$AL$15,ROW($X577)-ROW($X$15),-1))),IF($C577=0,0,ROUND(SomaAgrup,15-13*$AF$11)))","v":17939.88},"RA","RA",{"$f":"IF($C577=\"S\",IF($Z577=\"CP\",$X577,IF($Z577=\"RA\",(($X577)*QCI!$AA$3),0)),SomaAgrup)","v":638.89297744821886},0,{"$f":"IF($N577=\"\",\"\",IF(ORÇAMENTO.Descricao=\"\",\"DESCRIÇÃO\",IF(AND($C577=\"S\",ORÇAMENTO.Unidade=\"\"),\"UNIDADE\",IF($X577<0,\"VALOR NEGATIVO\",IF(OR(AND(TIPOORCAMENTO=\"Proposto\",$AG577<>\"\",$AG577>0,ORÇAMENTO.CustoUnitario>$AG577),AND(TIPOORCAMENTO=\"LICITADO\",ORÇAMENTO.PrecoUnitarioLicitado>$AN577)),\"ACIMA REF.\",\"\")))))","v":""},{"$f":"IF(C577<=CRONO.NivelExibicao,MAX($AD$15:OFFSET(AD577,-1,0))+IF($C577<>1,1,MAX(1,COUNTIF(QCI!$A$13:$A$41,OFFSET($E577,-1,0)))),\"\")","v":""},{"$f":"IF(AND($C577=\"S\",ORÇAMENTO.CodBarra<>\"\"),IF(ORÇAMENTO.Fonte=\"\",ORÇAMENTO.CodBarra,CONCATENATE(ORÇAMENTO.Fonte,\" \",ORÇAMENTO.CodBarra)))","v":"SINAPI FNDE 394"},{"$f":"IF(ISERROR(INDIRECT(ORÇAMENTO.BancoRef)),\"(abra o arquivo 'Referência \"&Excel_BuiltIn_Database&\".xlsm)\",IF(OR($C577<>\"S\",ORÇAMENTO.CodBarra=\"\"),\"(Sem Código)\",IF(ISERROR(MATCH($AE577,INDIRECT(ORÇAMENTO.BancoRef),0)),\"(Código não identificado nas referências)\",MATCH($AE577,INDIRECT(ORÇAMENTO.BancoRef),0))))","v":"(Código não identificado nas referências)"},{"$f":"ROUND(IF(DESONERACAO=\"sim\",REFERENCIA.Desonerado,REFERENCIA.NaoDesonerado),2)","v":0},0.25,null,67.8,null,null,17939.88,264.60000000000002]
[2,2,2,11,{"$f":"IF($C578=1,OFFSET(E578,-1,0)+MAX(1,COUNTIF(QCI!$A$13:$A$41,OFFSET(ORÇAMENTO!E578,-1,0))),OFFSET(E578,-1,0))","v":19},9,0,0,0,24,{"$f":"IF(OR($C578=\"S\",$C578=0),0,MATCH(OFFSET($D578,0,$C578)+IF($C578<>1,1,COUNTIF(QCI!$A$13:$A$41,ORÇAMENTO!E578)),OFFSET($D578,1,$C578,ROW($C$744)-ROW($C578)),0))","v":11},"F","Nível 2","Nível 2","19.9.","SINAPI",null,"Eletrodutos",{"$f":"REFERENCIA.Unidade","v":"-"},{"$f":"OFFSET(CÁLCULO!H$15,ROW($T578)-ROW(T$15),0)","v":0},null,"BDI 1",{"$f":"IF($C578=\"S\",ROUND(IF(TIPOORCAMENTO=\"Proposto\",ORÇAMENTO.CustoUnitario*(1+$AH578),ORÇAMENTO.PrecoUnitarioLicitado),15-13*$AF$10),0)","v":0},{"$f":"IF($C578=\"S\",IF(Import.TipoArredondamento<>\"TransfereGOV\",VTOTAL1,SUM(OFFSET(CÁLCULO!$AA$15,ROW($X578)-ROW($X$15),1):OFFSET(CÁLCULO!$AL$15,ROW($X578)-ROW($X$15),-1))),IF($C578=0,0,ROUND(SomaAgrup,15-13*$AF$11)))","v":31616.47},"RA","",{"$f":"IF($C578=\"S\",IF($Z578=\"CP\",$X578,IF($Z578=\"RA\",(($X578)*QCI!$AA$3),0)),SomaAgrup)","v":1125.9574007575463},0,{"$f":"IF($N578=\"\",\"\",IF(ORÇAMENTO.Descricao=\"\",\"DESCRIÇÃO\",IF(AND($C578=\"S\",ORÇAMENTO.Unidade=\"\"),\"UNIDADE\",IF($X578<0,\"VALOR NEGATIVO\",IF(OR(AND(TIPOORCAMENTO=\"Proposto\",$AG578<>\"\",$AG578>0,ORÇAMENTO.CustoUnitario>$AG578),AND(TIPOORCAMENTO=\"LICITADO\",ORÇAMENTO.PrecoUnitarioLicitado>$AN578)),\"ACIMA REF.\",\"\")))))","v":""},{"$f":"IF(C578<=CRONO.NivelExibicao,MAX($AD$15:OFFSET(AD578,-1,0))+IF($C578<>1,1,MAX(1,COUNTIF(QCI!$A$13:$A$41,OFFSET($E578,-1,0)))),\"\")","v":72},{"$f":"IF(AND($C578=\"S\",ORÇAMENTO.CodBarra<>\"\"),IF(ORÇAMENTO.Fonte=\"\",ORÇAMENTO.CodBarra,CONCATENATE(ORÇAMENTO.Fonte,\" \",ORÇAMENTO.CodBarra)))","v":false},{"$f":"IF(ISERROR(INDIRECT(ORÇAMENTO.BancoRef)),\"(abra o arquivo 'Referência \"&Excel_BuiltIn_Database&\".xlsm)\",IF(OR($C578<>\"S\",ORÇAMENTO.CodBarra=\"\"),\"(Sem Código)\",IF(ISERROR(MATCH($AE578,INDIRECT(ORÇAMENTO.BancoRef),0)),\"(Código não identificado nas referências)\",MATCH($AE578,INDIRECT(ORÇAMENTO.BancoRef),0))))","v":"(Sem Código)"},{"$f":"ROUND(IF(DESONERACAO=\"sim\",REFERENCIA.Desonerado,REFERENCIA.NaoDesonerado),2)","v":0},0.25,null,null,null,null,31616.47,0]
["S",2,"S",0,{"$f":"IF($C579=1,OFFSET(E579,-1,0)+MAX(1,COUNTIF(QCI!$A$13:$A$41,OFFSET(ORÇAMENTO!E579,-1,0))),OFFSET(E579,-1,0))","v":19},9,0,0,1,0,{"$f":"IF(OR($C579=\"S\",$C579=0),0,MATCH(OFFSET($D579,0,$C579)+IF($C579<>1,1,COUNTIF(QCI!$A$13:$A$41,ORÇAMENTO!E579)),OFFSET($D579,1,$C579,ROW($C$744)-ROW($C579)),0))","v":0},"F","Serviço","Serviço","19.9.1.","SINAPI","91837","ELETRODUTO FLEXÍVEL CORRUGADO REFORÇADO, PVC, DN 32 MM (1\"), PARA CIRCUITOS TERMINAIS, INSTALADO EM FORRO - FORNECIMENTO E INSTALAÇÃO. AF_03/2023",{"$f":"REFERENCIA.Unidade","v":"M"},{"$f":"OFFSET(CÁLCULO!H$15,ROW($T579)-ROW(T$15),0)","v":107.9},28.08,"BDI 1",{"$f":"IF($C579=\"S\",ROUND(IF(TIPOORCAMENTO=\"Proposto\",ORÇAMENTO.CustoUnitario*(1+$AH579),ORÇAMENTO.PrecoUnitarioLicitado),15-13*$AF$10),0)","v":35.1},{"$f":"IF($C579=\"S\",IF(Import.TipoArredondamento<>\"TransfereGOV\",VTOTAL1,SUM(OFFSET(CÁLCULO!$AA$15,ROW($X579)-ROW($X$15),1):OFFSET(CÁLCULO!$AL$15,ROW($X579)-ROW($X$15),-1))),IF($C579=0,0,ROUND(SomaAgrup,15-13*$AF$11)))","v":3787.29},"RA","RA",{"$f":"IF($C579=\"S\",IF($Z579=\"CP\",$X579,IF($Z579=\"RA\",(($X579)*QCI!$AA$3),0)),SomaAgrup)","v":134.87676531614841},0,{"$f":"IF($N579=\"\",\"\",IF(ORÇAMENTO.Descricao=\"\",\"DESCRIÇÃO\",IF(AND($C579=\"S\",ORÇAMENTO.Unidade=\"\"),\"UNIDADE\",IF($X579<0,\"VALOR NEGATIVO\",IF(OR(AND(TIPOORCAMENTO=\"Proposto\",$AG579<>\"\",$AG579>0,ORÇAMENTO.CustoUnitario>$AG579),AND(TIPOORCAMENTO=\"LICITADO\",ORÇAMENTO.PrecoUnitarioLicitado>$AN579)),\"ACIMA REF.\",\"\")))))","v":""},{"$f":"IF(C579<=CRONO.NivelExibicao,MAX($AD$15:OFFSET(AD579,-1,0))+IF($C579<>1,1,MAX(1,COUNTIF(QCI!$A$13:$A$41,OFFSET($E579,-1,0)))),\"\")","v":""},{"$f":"IF(AND($C579=\"S\",ORÇAMENTO.CodBarra<>\"\"),IF(ORÇAMENTO.Fonte=\"\",ORÇAMENTO.CodBarra,CONCATENATE(ORÇAMENTO.Fonte,\" \",ORÇAMENTO.CodBarra)))","v":"SINAPI 91837"},{"$f":"IF(ISERROR(INDIRECT(ORÇAMENTO.BancoRef)),\"(abra o arquivo 'Referência \"&Excel_BuiltIn_Database&\".xlsm)\",IF(OR($C579<>\"S\",ORÇAMENTO.CodBarra=\"\"),\"(Sem Código)\",IF(ISERROR(MATCH($AE579,INDIRECT(ORÇAMENTO.BancoRef),0)),\"(Código não identificado nas referências)\",MATCH($AE579,INDIRECT(ORÇAMENTO.BancoRef),0))))","v":2985},{"$f":"ROUND(IF(DESONERACAO=\"sim\",REFERENCIA.Desonerado,REFERENCIA.NaoDesonerado),2)","v":28.08},0.25,null,107.9,null,null,3787.29,35.1]
["S",2,"S",0,{"$f":"IF($C580=1,OFFSET(E580,-1,0)+MAX(1,COUNTIF(QCI!$A$13:$A$41,OFFSET(ORÇAMENTO!E580,-1,0))),OFFSET(E580,-1,0))","v":19},9,0,0,2,0,{"$f":"IF(OR($C580=\"S\",$C580=0),0,MATCH(OFFSET($D580,0,$C580)+IF($C580<>1,1,COUNTIF(QCI!$A$13:$A$41,ORÇAMENTO!E580)),OFFSET($D580,1,$C580,ROW($C$744)-ROW($C580)),0))","v":0},"F","Serviço","Serviço","19.9.2.","SINAPI","91855","ELETRODUTO FLEXÍVEL CORRUGADO REFORÇADO, PVC, DN 25 MM (3/4\"), PARA CIRCUITOS TERMINAIS, INSTALADO EM PAREDE - FORNECIMENTO E INSTALAÇÃO. AF_03/2023",{"$f":"REFERENCIA.Unidade","v":"M"},{"$f":"OFFSET(CÁLCULO!H$15,ROW($T580)-ROW(T$15),0)","v":1526.8},12.39,"BDI 1",{"$f":"IF($C580=\"S\",ROUND(IF(TIPOORCAMENTO=\"Proposto\",ORÇAMENTO.CustoUnitario*(1+$AH580),ORÇAMENTO.PrecoUnitarioLicitado),15-13*$AF$10),0)","v":15.49},{"$f":"IF($C580=\"S\",IF(Import.TipoArredondamento<>\"TransfereGOV\",VTOTAL1,SUM(OFFSET(CÁLCULO!$AA$15,ROW($X580)-ROW($X$15),1):OFFSET(CÁLCULO!$AL$15,ROW($X580)-ROW($X$15),-1))),IF($C580=0,0,ROUND(SomaAgrup,15-13*$AF$11)))","v":23650.13},"RA","RA",{"$f":"IF($C580=\"S\",IF($Z580=\"CP\",$X580,IF($Z580=\"RA\",(($X580)*QCI!$AA$3),0)),SomaAgrup)","v":842.25212056811108},0,{"$f":"IF($N580=\"\",\"\",IF(ORÇAMENTO.Descricao=\"\",\"DESCRIÇÃO\",IF(AND($C580=\"S\",ORÇAMENTO.Unidade=\"\"),\"UNIDADE\",IF($X580<0,\"VALOR NEGATIVO\",IF(OR(AND(TIPOORCAMENTO=\"Proposto\",$AG580<>\"\",$AG580>0,ORÇAMENTO.CustoUnitario>$AG580),AND(TIPOORCAMENTO=\"LICITADO\",ORÇAMENTO.PrecoUnitarioLicitado>$AN580)),\"ACIMA REF.\",\"\")))))","v":""},{"$f":"IF(C580<=CRONO.NivelExibicao,MAX($AD$15:OFFSET(AD580,-1,0))+IF($C580<>1,1,MAX(1,COUNTIF(QCI!$A$13:$A$41,OFFSET($E580,-1,0)))),\"\")","v":""},{"$f":"IF(AND($C580=\"S\",ORÇAMENTO.CodBarra<>\"\"),IF(ORÇAMENTO.Fonte=\"\",ORÇAMENTO.CodBarra,CONCATENATE(ORÇAMENTO.Fonte,\" \",ORÇAMENTO.CodBarra)))","v":"SINAPI 91855"},{"$f":"IF(ISERROR(INDIRECT(ORÇAMENTO.BancoRef)),\"(abra o arquivo 'Referência \"&Excel_BuiltIn_Database&\".xlsm)\",IF(OR($C580<>\"S\",ORÇAMENTO.CodBarra=\"\"),\"(Sem Código)\",IF(ISERROR(MATCH($AE580,INDIRECT(ORÇAMENTO.BancoRef),0)),\"(Código não identificado nas referências)\",MATCH($AE580,INDIRECT(ORÇAMENTO.BancoRef),0))))","v":2998},{"$f":"ROUND(IF(DESONERACAO=\"sim\",REFERENCIA.Desonerado,REFERENCIA.NaoDesonerado),2)","v":12.39},0.25,null,1526.8,null,null,23650.13,15.49]
["S",2,"S",0,{"$f":"IF($C581=1,OFFSET(E581,-1,0)+MAX(1,COUNTIF(QCI!$A$13:$A$41,OFFSET(ORÇAMENTO!E581,-1,0))),OFFSET(E581,-1,0))","v":19},9,0,0,3,0,{"$f":"IF(OR($C581=\"S\",$C581=0),0,MATCH(OFFSET($D581,0,$C581)+IF($C581<>1,1,COUNTIF(QCI!$A$13:$A$41,ORÇAMENTO!E581)),OFFSET($D581,1,$C581,ROW($C$744)-ROW($C581)),0))","v":0},"F","Serviço","Serviço","19.9.3.","SINAPI","97667","ELETRODUTO FLEXÍVEL CORRUGADO, PEAD, DN 50 (1 1/2\"), PARA REDE ENTERRADA DE DISTRIBUIÇÃO DE ENERGIA ELÉTRICA - FORNECIMENTO E INSTALAÇÃO. AF_12/2021",{"$f":"REFERENCIA.Unidade","v":"M"},{"$f":"OFFSET(CÁLCULO!H$15,ROW($T581)-ROW(T$15),0)","v":17.2},11.01,"BDI 1",{"$f":"IF($C581=\"S\",ROUND(IF(TIPOORCAMENTO=\"Proposto\",ORÇAMENTO.CustoUnitario*(1+$AH581),ORÇAMENTO.PrecoUnitarioLicitado),15-13*$AF$10),0)","v":13.76},{"$f":"IF($C581=\"S\",IF(Import.TipoArredondamento<>\"TransfereGOV\",VTOTAL1,SUM(OFFSET(CÁLCULO!$AA$15,ROW($X581)-ROW($X$15),1):OFFSET(CÁLCULO!$AL$15,ROW($X581)-ROW($X$15),-1))),IF($C581=0,0,ROUND(SomaAgrup,15-13*$AF$11)))","v":236.67},"RA","RA",{"$f":"IF($C581=\"S\",IF($Z581=\"CP\",$X581,IF($Z581=\"RA\",(($X581)*QCI!$AA$3),0)),SomaAgrup)","v":8.4285291190726994},0,{"$f":"IF($N581=\"\",\"\",IF(ORÇAMENTO.Descricao=\"\",\"DESCRIÇÃO\",IF(AND($C581=\"S\",ORÇAMENTO.Unidade=\"\"),\"UNIDADE\",IF($X581<0,\"VALOR NEGATIVO\",IF(OR(AND(TIPOORCAMENTO=\"Proposto\",$AG581<>\"\",$AG581>0,ORÇAMENTO.CustoUnitario>$AG581),AND(TIPOORCAMENTO=\"LICITADO\",ORÇAMENTO.PrecoUnitarioLicitado>$AN581)),\"ACIMA REF.\",\"\")))))","v":""},{"$f":"IF(C581<=CRONO.NivelExibicao,MAX($AD$15:OFFSET(AD581,-1,0))+IF($C581<>1,1,MAX(1,COUNTIF(QCI!$A$13:$A$41,OFFSET($E581,-1,0)))),\"\")","v":""},{"$f":"IF(AND($C581=\"S\",ORÇAMENTO.CodBarra<>\"\"),IF(ORÇAMENTO.Fonte=\"\",ORÇAMENTO.CodBarra,CONCATENATE(ORÇAMENTO.Fonte,\" \",ORÇAMENTO.CodBarra)))","v":"SINAPI 97667"},{"$f":"IF(ISERROR(INDIRECT(ORÇAMENTO.BancoRef)),\"(abra o arquivo 'Referência \"&Excel_BuiltIn_Database&\".xlsm)\",IF(OR($C581<>\"S\",ORÇAMENTO.CodBarra=\"\"),\"(Sem Código)\",IF(ISERROR(MATCH($AE581,INDIRECT(ORÇAMENTO.BancoRef),0)),\"(Código não identificado nas referências)\",MATCH($AE581,INDIRECT(ORÇAMENTO.BancoRef),0))))","v":3024},{"$f":"ROUND(IF(DESONERACAO=\"sim\",REFERENCIA.Desonerado,REFERENCIA.NaoDesonerado),2)","v":11.01},0.25,null,17.2,null,null,236.67,13.76]
["S",2,"S",0,{"$f":"IF($C582=1,OFFSET(E582,-1,0)+MAX(1,COUNTIF(QCI!$A$13:$A$41,OFFSET(ORÇAMENTO!E582,-1,0))),OFFSET(E582,-1,0))","v":19},9,0,0,4,0,{"$f":"IF(OR($C582=\"S\",$C582=0),0,MATCH(OFFSET($D582,0,$C582)+IF($C582<>1,1,COUNTIF(QCI!$A$13:$A$41,ORÇAMENTO!E582)),OFFSET($D582,1,$C582,ROW($C$744)-ROW($C582)),0))","v":0},"F","Serviço","Serviço","19.9.4.","SINAPI","97669","ELETRODUTO FLEXÍVEL CORRUGADO, PEAD, DN 90 (3\"), PARA REDE ENTERRADA DE DISTRIBUIÇÃO DE ENERGIA ELÉTRICA - FORNECIMENTO E INSTALAÇÃO. AF_12/2021",{"$f":"REFERENCIA.Unidade","v":"M"},{"$f":"OFFSET(CÁLCULO!H$15,ROW($T582)-ROW(T$15),0)","v":45.9},23.05,"BDI 1",{"$f":"IF($C582=\"S\",ROUND(IF(TIPOORCAMENTO=\"Proposto\",ORÇAMENTO.CustoUnitario*(1+$AH582),ORÇAMENTO.PrecoUnitarioLicitado),15-13*$AF$10),0)","v":28.81},{"$f":"IF($C582=\"S\",IF(Import.TipoArredondamento<>\"TransfereGOV\",VTOTAL1,SUM(OFFSET(CÁLCULO!$AA$15,ROW($X582)-ROW($X$15),1):OFFSET(CÁLCULO!$AL$15,ROW($X582)-ROW($X$15),-1))),IF($C582=0,0,ROUND(SomaAgrup,15-13*$AF$11)))","v":1322.38},"RA","RA",{"$f":"IF($C582=\"S\",IF($Z582=\"CP\",$X582,IF($Z582=\"RA\",(($X582)*QCI!$AA$3),0)),SomaAgrup)","v":47.093921225670165},0,{"$f":"IF($N582=\"\",\"\",IF(ORÇAMENTO.Descricao=\"\",\"DESCRIÇÃO\",IF(AND($C582=\"S\",ORÇAMENTO.Unidade=\"\"),\"UNIDADE\",IF($X582<0,\"VALOR NEGATIVO\",IF(OR(AND(TIPOORCAMENTO=\"Proposto\",$AG582<>\"\",$AG582>0,ORÇAMENTO.CustoUnitario>$AG582),AND(TIPOORCAMENTO=\"LICITADO\",ORÇAMENTO.PrecoUnitarioLicitado>$AN582)),\"ACIMA REF.\",\"\")))))","v":""},{"$f":"IF(C582<=CRONO.NivelExibicao,MAX($AD$15:OFFSET(AD582,-1,0))+IF($C582<>1,1,MAX(1,COUNTIF(QCI!$A$13:$A$41,OFFSET($E582,-1,0)))),\"\")","v":""},{"$f":"IF(AND($C582=\"S\",ORÇAMENTO.CodBarra<>\"\"),IF(ORÇAMENTO.Fonte=\"\",ORÇAMENTO.CodBarra,CONCATENATE(ORÇAMENTO.Fonte,\" \",ORÇAMENTO.CodBarra)))","v":"SINAPI 97669"},{"$f":"IF(ISERROR(INDIRECT(ORÇAMENTO.BancoRef)),\"(abra o arquivo 'Referência \"&Excel_BuiltIn_Database&\".xlsm)\",IF(OR($C582<>\"S\",ORÇAMENTO.CodBarra=\"\"),\"(Sem Código)\",IF(ISERROR(MATCH($AE582,INDIRECT(ORÇAMENTO.BancoRef),0)),\"(Código não identificado nas referências)\",MATCH($AE582,INDIRECT(ORÇAMENTO.BancoRef),0))))","v":3026},{"$f":"ROUND(IF(DESONERACAO=\"sim\",REFERENCIA.Desonerado,REFERENCIA.NaoDesonerado),2)","v":23.05},0.25,null,45.9,null,null,1322.38,28.81]
["S",2,"S",0,{"$f":"IF($C583=1,OFFSET(E583,-1,0)+MAX(1,COUNTIF(QCI!$A$13:$A$41,OFFSET(ORÇAMENTO!E583,-1,0))),OFFSET(E583,-1,0))","v":19},9,0,0,5,0,{"$f":"IF(OR($C583=\"S\",$C583=0),0,MATCH(OFFSET($D583,0,$C583)+IF($C583<>1,1,COUNTIF(QCI!$A$13:$A$41,ORÇAMENTO!E583)),OFFSET($D583,1,$C583,ROW($C$744)-ROW($C583)),0))","v":0},"F","Serviço","Serviço","19.9.5.","SINAPI","FNDE 372","ELETRODUTO FLEXÍVEL CORRUGADO, PEAD, DN 100 (5\"), PARA REDE ENTERRADA DE DISTRIBUIÇÃO DE ENERGIA ELÉTRICA - FORNECIMENTO E INSTALAÇÃO.","M",{"$f":"OFFSET(CÁLCULO!H$15,ROW($T583)-ROW(T$15),0)","v":36},33.78,"BDI 1",{"$f":"IF($C583=\"S\",ROUND(IF(TIPOORCAMENTO=\"Proposto\",ORÇAMENTO.CustoUnitario*(1+$AH583),ORÇAMENTO.PrecoUnitarioLicitado),15-13*$AF$10),0)","v":42.23},{"$f":"IF($C583=\"S\",IF(Import.TipoArredondamento<>\"TransfereGOV\",VTOTAL1,SUM(OFFSET(CÁLCULO!$AA$15,ROW($X583)-ROW($X$15),1):OFFSET(CÁLCULO!$AL$15,ROW($X583)-ROW($X$15),-1))),IF($C583=0,0,ROUND(SomaAgrup,15-13*$AF$11)))","v":1520.28},"RA","RA",{"$f":"IF($C583=\"S\",IF($Z583=\"CP\",$X583,IF($Z583=\"RA\",(($X583)*QCI!$AA$3),0)),SomaAgrup)","v":54.141734267730783},0,{"$f":"IF($N583=\"\",\"\",IF(ORÇAMENTO.Descricao=\"\",\"DESCRIÇÃO\",IF(AND($C583=\"S\",ORÇAMENTO.Unidade=\"\"),\"UNIDADE\",IF($X583<0,\"VALOR NEGATIVO\",IF(OR(AND(TIPOORCAMENTO=\"Proposto\",$AG583<>\"\",$AG583>0,ORÇAMENTO.CustoUnitario>$AG583),AND(TIPOORCAMENTO=\"LICITADO\",ORÇAMENTO.PrecoUnitarioLicitado>$AN583)),\"ACIMA REF.\",\"\")))))","v":""},{"$f":"IF(C583<=CRONO.NivelExibicao,MAX($AD$15:OFFSET(AD583,-1,0))+IF($C583<>1,1,MAX(1,COUNTIF(QCI!$A$13:$A$41,OFFSET($E583,-1,0)))),\"\")","v":""},{"$f":"IF(AND($C583=\"S\",ORÇAMENTO.CodBarra<>\"\"),IF(ORÇAMENTO.Fonte=\"\",ORÇAMENTO.CodBarra,CONCATENATE(ORÇAMENTO.Fonte,\" \",ORÇAMENTO.CodBarra)))","v":"SINAPI FNDE 372"},{"$f":"IF(ISERROR(INDIRECT(ORÇAMENTO.BancoRef)),\"(abra o arquivo 'Referência \"&Excel_BuiltIn_Database&\".xlsm)\",IF(OR($C583<>\"S\",ORÇAMENTO.CodBarra=\"\"),\"(Sem Código)\",IF(ISERROR(MATCH($AE583,INDIRECT(ORÇAMENTO.BancoRef),0)),\"(Código não identificado nas referências)\",MATCH($AE583,INDIRECT(ORÇAMENTO.BancoRef),0))))","v":"(Código não identificado nas referências)"},{"$f":"ROUND(IF(DESONERACAO=\"sim\",REFERENCIA.Desonerado,REFERENCIA.NaoDesonerado),2)","v":0},0.25,null,36,null,null,1520.28,42.23]
["S",2,"S",0,{"$f":"IF($C584=1,OFFSET(E584,-1,0)+MAX(1,COUNTIF(QCI!$A$13:$A$41,OFFSET(ORÇAMENTO!E584,-1,0))),OFFSET(E584,-1,0))","v":19},9,0,0,6,0,{"$f":"IF(OR($C584=\"S\",$C584=0),0,MATCH(OFFSET($D584,0,$C584)+IF($C584<>1,1,COUNTIF(QCI!$A$13:$A$41,ORÇAMENTO!E584)),OFFSET($D584,1,$C584,ROW($C$744)-ROW($C584)),0))","v":0},"F","Serviço","Serviço","19.9.6.","SINAPI","91870","ELETRODUTO RÍGIDO ROSCÁVEL, PVC, DN 20 MM (1/2\"), PARA CIRCUITOS TERMINAIS, INSTALADO EM PAREDE - FORNECIMENTO E INSTALAÇÃO. AF_03/2023",{"$f":"REFERENCIA.Unidade","v":"M"},{"$f":"OFFSET(CÁLCULO!H$15,ROW($T584)-ROW(T$15),0)","v":6},13.99,"BDI 1",{"$f":"IF($C584=\"S\",ROUND(IF(TIPOORCAMENTO=\"Proposto\",ORÇAMENTO.CustoUnitario*(1+$AH584),ORÇAMENTO.PrecoUnitarioLicitado),15-13*$AF$10),0)","v":17.489999999999998},{"$f":"IF($C584=\"S\",IF(Import.TipoArredondamento<>\"TransfereGOV\",VTOTAL1,SUM(OFFSET(CÁLCULO!$AA$15,ROW($X584)-ROW($X$15),1):OFFSET(CÁLCULO!$AL$15,ROW($X584)-ROW($X$15),-1))),IF($C584=0,0,ROUND(SomaAgrup,15-13*$AF$11)))","v":104.94},"RA","RA",{"$f":"IF($C584=\"S\",IF($Z584=\"CP\",$X584,IF($Z584=\"RA\",(($X584)*QCI!$AA$3),0)),SomaAgrup)","v":3.7372284013837374},0,{"$f":"IF($N584=\"\",\"\",IF(ORÇAMENTO.Descricao=\"\",\"DESCRIÇÃO\",IF(AND($C584=\"S\",ORÇAMENTO.Unidade=\"\"),\"UNIDADE\",IF($X584<0,\"VALOR NEGATIVO\",IF(OR(AND(TIPOORCAMENTO=\"Proposto\",$AG584<>\"\",$AG584>0,ORÇAMENTO.CustoUnitario>$AG584),AND(TIPOORCAMENTO=\"LICITADO\",ORÇAMENTO.PrecoUnitarioLicitado>$AN584)),\"ACIMA REF.\",\"\")))))","v":""},{"$f":"IF(C584<=CRONO.NivelExibicao,MAX($AD$15:OFFSET(AD584,-1,0))+IF($C584<>1,1,MAX(1,COUNTIF(QCI!$A$13:$A$41,OFFSET($E584,-1,0)))),\"\")","v":""},{"$f":"IF(AND($C584=\"S\",ORÇAMENTO.CodBarra<>\"\"),IF(ORÇAMENTO.Fonte=\"\",ORÇAMENTO.CodBarra,CONCATENATE(ORÇAMENTO.Fonte,\" \",ORÇAMENTO.CodBarra)))","v":"SINAPI 91870"},{"$f":"IF(ISERROR(INDIRECT(ORÇAMENTO.BancoRef)),\"(abra o arquivo 'Referência \"&Excel_BuiltIn_Database&\".xlsm)\",IF(OR($C584<>\"S\",ORÇAMENTO.CodBarra=\"\"),\"(Sem Código)\",IF(ISERROR(MATCH($AE584,INDIRECT(ORÇAMENTO.BancoRef),0)),\"(Código não identificado nas referências)\",MATCH($AE584,INDIRECT(ORÇAMENTO.BancoRef),0))))","v":3012},{"$f":"ROUND(IF(DESONERACAO=\"sim\",REFERENCIA.Desonerado,REFERENCIA.NaoDesonerado),2)","v":13.99},0.25,null,6,null,null,104.94,17.489999999999998]
["S",2,"S",0,{"$f":"IF($C585=1,OFFSET(E585,-1,0)+MAX(1,COUNTIF(QCI!$A$13:$A$41,OFFSET(ORÇAMENTO!E585,-1,0))),OFFSET(E585,-1,0))","v":19},9,0,0,7,0,{"$f":"IF(OR($C585=\"S\",$C585=0),0,MATCH(OFFSET($D585,0,$C585)+IF($C585<>1,1,COUNTIF(QCI!$A$13:$A$41,ORÇAMENTO!E585)),OFFSET($D585,1,$C585,ROW($C$744)-ROW($C585)),0))","v":0},"F","Serviço","Serviço","19.9.7.","SINAPI","91870","ELETRODUTO RÍGIDO ROSCÁVEL, PVC, DN 20 MM (1 1/2\"), PARA CIRCUITOS TERMINAIS, INSTALADO EM PAREDE - FORNECIMENTO E INSTALAÇÃO. AF_03/2023",{"$f":"REFERENCIA.Unidade","v":"M"},{"$f":"OFFSET(CÁLCULO!H$15,ROW($T585)-ROW(T$15),0)","v":6},13.99,"BDI 1",{"$f":"IF($C585=\"S\",ROUND(IF(TIPOORCAMENTO=\"Proposto\",ORÇAMENTO.CustoUnitario*(1+$AH585),ORÇAMENTO.PrecoUnitarioLicitado),15-13*$AF$10),0)","v":17.489999999999998},{"$f":"IF($C585=\"S\",IF(Import.TipoArredondamento<>\"TransfereGOV\",VTOTAL1,SUM(OFFSET(CÁLCULO!$AA$15,ROW($X585)-ROW($X$15),1):OFFSET(CÁLCULO!$AL$15,ROW($X585)-ROW($X$15),-1))),IF($C585=0,0,ROUND(SomaAgrup,15-13*$AF$11)))","v":104.94},"RA","RA",{"$f":"IF($C585=\"S\",IF($Z585=\"CP\",$X585,IF($Z585=\"RA\",(($X585)*QCI!$AA$3),0)),SomaAgrup)","v":3.7372284013837374},0,{"$f":"IF($N585=\"\",\"\",IF(ORÇAMENTO.Descricao=\"\",\"DESCRIÇÃO\",IF(AND($C585=\"S\",ORÇAMENTO.Unidade=\"\"),\"UNIDADE\",IF($X585<0,\"VALOR NEGATIVO\",IF(OR(AND(TIPOORCAMENTO=\"Proposto\",$AG585<>\"\",$AG585>0,ORÇAMENTO.CustoUnitario>$AG585),AND(TIPOORCAMENTO=\"LICITADO\",ORÇAMENTO.PrecoUnitarioLicitado>$AN585)),\"ACIMA REF.\",\"\")))))","v":""},{"$f":"IF(C585<=CRONO.NivelExibicao,MAX($AD$15:OFFSET(AD585,-1,0))+IF($C585<>1,1,MAX(1,COUNTIF(QCI!$A$13:$A$41,OFFSET($E585,-1,0)))),\"\")","v":""},{"$f":"IF(AND($C585=\"S\",ORÇAMENTO.CodBarra<>\"\"),IF(ORÇAMENTO.Fonte=\"\",ORÇAMENTO.CodBarra,CONCATENATE(ORÇAMENTO.Fonte,\" \",ORÇAMENTO.CodBarra)))","v":"SINAPI 91870"},{"$f":"IF(ISERROR(INDIRECT(ORÇAMENTO.BancoRef)),\"(abra o arquivo 'Referência \"&Excel_BuiltIn_Database&\".xlsm)\",IF(OR($C585<>\"S\",ORÇAMENTO.CodBarra=\"\"),\"(Sem Código)\",IF(ISERROR(MATCH($AE585,INDIRECT(ORÇAMENTO.BancoRef),0)),\"(Código não identificado nas referências)\",MATCH($AE585,INDIRECT(ORÇAMENTO.BancoRef),0))))","v":3012},{"$f":"ROUND(IF(DESONERACAO=\"sim\",REFERENCIA.Desonerado,REFERENCIA.NaoDesonerado),2)","v":13.99},0.25,null,6,null,null,104.94,17.489999999999998]
["S",2,"S",0,{"$f":"IF($C586=1,OFFSET(E586,-1,0)+MAX(1,COUNTIF(QCI!$A$13:$A$41,OFFSET(ORÇAMENTO!E586,-1,0))),OFFSET(E586,-1,0))","v":19},9,0,0,8,0,{"$f":"IF(OR($C586=\"S\",$C586=0),0,MATCH(OFFSET($D586,0,$C586)+IF($C586<>1,1,COUNTIF(QCI!$A$13:$A$41,ORÇAMENTO!E586)),OFFSET($D586,1,$C586,ROW($C$744)-ROW($C586)),0))","v":0},"F","Serviço","Serviço","19.9.8.","Composição","104409","ELETRODUTO RIGIDO, EM ACO ZINCADO OU GALVANIZADO, TIPO LEVE, DN=3/4”, APARENTE - FORNECIMENTO E INSTALAÇÃO. AF_10/2022",{"$f":"REFERENCIA.Unidade","v":"-"},{"$f":"OFFSET(CÁLCULO!H$15,ROW($T586)-ROW(T$15),0)","v":2.2999999999999998},40.700000000000003,"BDI 1",{"$f":"IF($C586=\"S\",ROUND(IF(TIPOORCAMENTO=\"Proposto\",ORÇAMENTO.CustoUnitario*(1+$AH586),ORÇAMENTO.PrecoUnitarioLicitado),15-13*$AF$10),0)","v":50.88},{"$f":"IF($C586=\"S\",IF(Import.TipoArredondamento<>\"TransfereGOV\",VTOTAL1,SUM(OFFSET(CÁLCULO!$AA$15,ROW($X586)-ROW($X$15),1):OFFSET(CÁLCULO!$AL$15,ROW($X586)-ROW($X$15),-1))),IF($C586=0,0,ROUND(SomaAgrup,15-13*$AF$11)))","v":117.02},"RA","RA",{"$f":"IF($C586=\"S\",IF($Z586=\"CP\",$X586,IF($Z586=\"RA\",(($X586)*QCI!$AA$3),0)),SomaAgrup)","v":4.1674334622634355},0,{"$f":"IF($N586=\"\",\"\",IF(ORÇAMENTO.Descricao=\"\",\"DESCRIÇÃO\",IF(AND($C586=\"S\",ORÇAMENTO.Unidade=\"\"),\"UNIDADE\",IF($X586<0,\"VALOR NEGATIVO\",IF(OR(AND(TIPOORCAMENTO=\"Proposto\",$AG586<>\"\",$AG586>0,ORÇAMENTO.CustoUnitario>$AG586),AND(TIPOORCAMENTO=\"LICITADO\",ORÇAMENTO.PrecoUnitarioLicitado>$AN586)),\"ACIMA REF.\",\"\")))))","v":""},{"$f":"IF(C586<=CRONO.NivelExibicao,MAX($AD$15:OFFSET(AD586,-1,0))+IF($C586<>1,1,MAX(1,COUNTIF(QCI!$A$13:$A$41,OFFSET($E586,-1,0)))),\"\")","v":""},{"$f":"IF(AND($C586=\"S\",ORÇAMENTO.CodBarra<>\"\"),IF(ORÇAMENTO.Fonte=\"\",ORÇAMENTO.CodBarra,CONCATENATE(ORÇAMENTO.Fonte,\" \",ORÇAMENTO.CodBarra)))","v":"Composição 104409"},{"$f":"IF(ISERROR(INDIRECT(ORÇAMENTO.BancoRef)),\"(abra o arquivo 'Referência \"&Excel_BuiltIn_Database&\".xlsm)\",IF(OR($C586<>\"S\",ORÇAMENTO.CodBarra=\"\"),\"(Sem Código)\",IF(ISERROR(MATCH($AE586,INDIRECT(ORÇAMENTO.BancoRef),0)),\"(Código não identificado nas referências)\",MATCH($AE586,INDIRECT(ORÇAMENTO.BancoRef),0))))","v":"(Código não identificado nas referências)"},{"$f":"ROUND(IF(DESONERACAO=\"sim\",REFERENCIA.Desonerado,REFERENCIA.NaoDesonerado),2)","v":0},0.25,null,2.2999999999999998,null,null,117.02,50.88]
["S",2,"S",0,{"$f":"IF($C587=1,OFFSET(E587,-1,0)+MAX(1,COUNTIF(QCI!$A$13:$A$41,OFFSET(ORÇAMENTO!E587,-1,0))),OFFSET(E587,-1,0))","v":19},9,0,0,9,0,{"$f":"IF(OR($C587=\"S\",$C587=0),0,MATCH(OFFSET($D587,0,$C587)+IF($C587<>1,1,COUNTIF(QCI!$A$13:$A$41,ORÇAMENTO!E587)),OFFSET($D587,1,$C587,ROW($C$744)-ROW($C587)),0))","v":0},"F","Serviço","Serviço","19.9.9.","SINAPI","97670","ELETRODUTO FLEXÍVEL CORRUGADO, PEAD, DN 100 (4\"), PARA REDE ENTERRADA DE DISTRIBUIÇÃO DE ENERGIA ELÉTRICA - FORNECIMENTO E INSTALAÇÃO. AF_12/2021",{"$f":"REFERENCIA.Unidade","v":"M"},{"$f":"OFFSET(CÁLCULO!H$15,ROW($T587)-ROW(T$15),0)","v":17.8},30.02,"BDI 1",{"$f":"IF($C587=\"S\",ROUND(IF(TIPOORCAMENTO=\"Proposto\",ORÇAMENTO.CustoUnitario*(1+$AH587),ORÇAMENTO.PrecoUnitarioLicitado),15-13*$AF$10),0)","v":37.53},{"$f":"IF($C587=\"S\",IF(Import.TipoArredondamento<>\"TransfereGOV\",VTOTAL1,SUM(OFFSET(CÁLCULO!$AA$15,ROW($X587)-ROW($X$15),1):OFFSET(CÁLCULO!$AL$15,ROW($X587)-ROW($X$15),-1))),IF($C587=0,0,ROUND(SomaAgrup,15-13*$AF$11)))","v":668.03},"RA","RA",{"$f":"IF($C587=\"S\",IF($Z587=\"CP\",$X587,IF($Z587=\"RA\",(($X587)*QCI!$AA$3),0)),SomaAgrup)","v":23.790553544657691},0,{"$f":"IF($N587=\"\",\"\",IF(ORÇAMENTO.Descricao=\"\",\"DESCRIÇÃO\",IF(AND($C587=\"S\",ORÇAMENTO.Unidade=\"\"),\"UNIDADE\",IF($X587<0,\"VALOR NEGATIVO\",IF(OR(AND(TIPOORCAMENTO=\"Proposto\",$AG587<>\"\",$AG587>0,ORÇAMENTO.CustoUnitario>$AG587),AND(TIPOORCAMENTO=\"LICITADO\",ORÇAMENTO.PrecoUnitarioLicitado>$AN587)),\"ACIMA REF.\",\"\")))))","v":""},{"$f":"IF(C587<=CRONO.NivelExibicao,MAX($AD$15:OFFSET(AD587,-1,0))+IF($C587<>1,1,MAX(1,COUNTIF(QCI!$A$13:$A$41,OFFSET($E587,-1,0)))),\"\")","v":""},{"$f":"IF(AND($C587=\"S\",ORÇAMENTO.CodBarra<>\"\"),IF(ORÇAMENTO.Fonte=\"\",ORÇAMENTO.CodBarra,CONCATENATE(ORÇAMENTO.Fonte,\" \",ORÇAMENTO.CodBarra)))","v":"SINAPI 97670"},{"$f":"IF(ISERROR(INDIRECT(ORÇAMENTO.BancoRef)),\"(abra o arquivo 'Referência \"&Excel_BuiltIn_Database&\".xlsm)\",IF(OR($C587<>\"S\",ORÇAMENTO.CodBarra=\"\"),\"(Sem Código)\",IF(ISERROR(MATCH($AE587,INDIRECT(ORÇAMENTO.BancoRef),0)),\"(Código não identificado nas referências)\",MATCH($AE587,INDIRECT(ORÇAMENTO.BancoRef),0))))","v":3027},{"$f":"ROUND(IF(DESONERACAO=\"sim\",REFERENCIA.Desonerado,REFERENCIA.NaoDesonerado),2)","v":30.02},0.25,null,17.8,null,null,668.03,37.53]
["S",2,"S",0,{"$f":"IF($C588=1,OFFSET(E588,-1,0)+MAX(1,COUNTIF(QCI!$A$13:$A$41,OFFSET(ORÇAMENTO!E588,-1,0))),OFFSET(E588,-1,0))","v":19},9,0,0,10,0,{"$f":"IF(OR($C588=\"S\",$C588=0),0,MATCH(OFFSET($D588,0,$C588)+IF($C588<>1,1,COUNTIF(QCI!$A$13:$A$41,ORÇAMENTO!E588)),OFFSET($D588,1,$C588,ROW($C$744)-ROW($C588)),0))","v":0},"F","Serviço","Serviço","19.9.10.","SINAPI","101663","ABRAÇADEIRA DE FIXAÇÃO DE BRAÇOS DE LUMINÁRIAS DE 2\" - FORNECIMENTO E INSTALAÇÃO. AF_08/2020",{"$f":"REFERENCIA.Unidade","v":"UN"},{"$f":"OFFSET(CÁLCULO!H$15,ROW($T588)-ROW(T$15),0)","v":3},27.94,"BDI 1",{"$f":"IF($C588=\"S\",ROUND(IF(TIPOORCAMENTO=\"Proposto\",ORÇAMENTO.CustoUnitario*(1+$AH588),ORÇAMENTO.PrecoUnitarioLicitado),15-13*$AF$10),0)","v":34.93},{"$f":"IF($C588=\"S\",IF(Import.TipoArredondamento<>\"TransfereGOV\",VTOTAL1,SUM(OFFSET(CÁLCULO!$AA$15,ROW($X588)-ROW($X$15),1):OFFSET(CÁLCULO!$AL$15,ROW($X588)-ROW($X$15),-1))),IF($C588=0,0,ROUND(SomaAgrup,15-13*$AF$11)))","v":104.79},"RA","RA",{"$f":"IF($C588=\"S\",IF($Z588=\"CP\",$X588,IF($Z588=\"RA\",(($X588)*QCI!$AA$3),0)),SomaAgrup)","v":3.73188645112447},0,{"$f":"IF($N588=\"\",\"\",IF(ORÇAMENTO.Descricao=\"\",\"DESCRIÇÃO\",IF(AND($C588=\"S\",ORÇAMENTO.Unidade=\"\"),\"UNIDADE\",IF($X588<0,\"VALOR NEGATIVO\",IF(OR(AND(TIPOORCAMENTO=\"Proposto\",$AG588<>\"\",$AG588>0,ORÇAMENTO.CustoUnitario>$AG588),AND(TIPOORCAMENTO=\"LICITADO\",ORÇAMENTO.PrecoUnitarioLicitado>$AN588)),\"ACIMA REF.\",\"\")))))","v":""},{"$f":"IF(C588<=CRONO.NivelExibicao,MAX($AD$15:OFFSET(AD588,-1,0))+IF($C588<>1,1,MAX(1,COUNTIF(QCI!$A$13:$A$41,OFFSET($E588,-1,0)))),\"\")","v":""},{"$f":"IF(AND($C588=\"S\",ORÇAMENTO.CodBarra<>\"\"),IF(ORÇAMENTO.Fonte=\"\",ORÇAMENTO.CodBarra,CONCATENATE(ORÇAMENTO.Fonte,\" \",ORÇAMENTO.CodBarra)))","v":"SINAPI 101663"},{"$f":"IF(ISERROR(INDIRECT(ORÇAMENTO.BancoRef)),\"(abra o arquivo 'Referência \"&Excel_BuiltIn_Database&\".xlsm)\",IF(OR($C588<>\"S\",ORÇAMENTO.CodBarra=\"\"),\"(Sem Código)\",IF(ISERROR(MATCH($AE588,INDIRECT(ORÇAMENTO.BancoRef),0)),\"(Código não identificado nas referências)\",MATCH($AE588,INDIRECT(ORÇAMENTO.BancoRef),0))))","v":3421},{"$f":"ROUND(IF(DESONERACAO=\"sim\",REFERENCIA.Desonerado,REFERENCIA.NaoDesonerado),2)","v":27.94},0.25,null,3,null,null,104.79,34.93]
[2,2,2,4,{"$f":"IF($C589=1,OFFSET(E589,-1,0)+MAX(1,COUNTIF(QCI!$A$13:$A$41,OFFSET(ORÇAMENTO!E589,-1,0))),OFFSET(E589,-1,0))","v":19},10,0,0,0,13,{"$f":"IF(OR($C589=\"S\",$C589=0),0,MATCH(OFFSET($D589,0,$C589)+IF($C589<>1,1,COUNTIF(QCI!$A$13:$A$41,ORÇAMENTO!E589)),OFFSET($D589,1,$C589,ROW($C$744)-ROW($C589)),0))","v":4},"F","Nível 2","Nível 2","19.10.","SINAPI",null,"Perfilados",{"$f":"REFERENCIA.Unidade","v":"-"},{"$f":"OFFSET(CÁLCULO!H$15,ROW($T589)-ROW(T$15),0)","v":0},null,"BDI 1",{"$f":"IF($C589=\"S\",ROUND(IF(TIPOORCAMENTO=\"Proposto\",ORÇAMENTO.CustoUnitario*(1+$AH589),ORÇAMENTO.PrecoUnitarioLicitado),15-13*$AF$10),0)","v":0},{"$f":"IF($C589=\"S\",IF(Import.TipoArredondamento<>\"TransfereGOV\",VTOTAL1,SUM(OFFSET(CÁLCULO!$AA$15,ROW($X589)-ROW($X$15),1):OFFSET(CÁLCULO!$AL$15,ROW($X589)-ROW($X$15),-1))),IF($C589=0,0,ROUND(SomaAgrup,15-13*$AF$11)))","v":5571.73},"RA","",{"$f":"IF($C589=\"S\",IF($Z589=\"CP\",$X589,IF($Z589=\"RA\",(($X589)*QCI!$AA$3),0)),SomaAgrup)","v":198.42603012046703},0,{"$f":"IF($N589=\"\",\"\",IF(ORÇAMENTO.Descricao=\"\",\"DESCRIÇÃO\",IF(AND($C589=\"S\",ORÇAMENTO.Unidade=\"\"),\"UNIDADE\",IF($X589<0,\"VALOR NEGATIVO\",IF(OR(AND(TIPOORCAMENTO=\"Proposto\",$AG589<>\"\",$AG589>0,ORÇAMENTO.CustoUnitario>$AG589),AND(TIPOORCAMENTO=\"LICITADO\",ORÇAMENTO.PrecoUnitarioLicitado>$AN589)),\"ACIMA REF.\",\"\")))))","v":""},{"$f":"IF(C589<=CRONO.NivelExibicao,MAX($AD$15:OFFSET(AD589,-1,0))+IF($C589<>1,1,MAX(1,COUNTIF(QCI!$A$13:$A$41,OFFSET($E589,-1,0)))),\"\")","v":73},{"$f":"IF(AND($C589=\"S\",ORÇAMENTO.CodBarra<>\"\"),IF(ORÇAMENTO.Fonte=\"\",ORÇAMENTO.CodBarra,CONCATENATE(ORÇAMENTO.Fonte,\" \",ORÇAMENTO.CodBarra)))","v":false},{"$f":"IF(ISERROR(INDIRECT(ORÇAMENTO.BancoRef)),\"(abra o arquivo 'Referência \"&Excel_BuiltIn_Database&\".xlsm)\",IF(OR($C589<>\"S\",ORÇAMENTO.CodBarra=\"\"),\"(Sem Código)\",IF(ISERROR(MATCH($AE589,INDIRECT(ORÇAMENTO.BancoRef),0)),\"(Código não identificado nas referências)\",MATCH($AE589,INDIRECT(ORÇAMENTO.BancoRef),0))))","v":"(Sem Código)"},{"$f":"ROUND(IF(DESONERACAO=\"sim\",REFERENCIA.Desonerado,REFERENCIA.NaoDesonerado),2)","v":0},0.25,null,null,null,null,5571.73,0]
["S",2,"S",0,{"$f":"IF($C590=1,OFFSET(E590,-1,0)+MAX(1,COUNTIF(QCI!$A$13:$A$41,OFFSET(ORÇAMENTO!E590,-1,0))),OFFSET(E590,-1,0))","v":19},10,0,0,1,0,{"$f":"IF(OR($C590=\"S\",$C590=0),0,MATCH(OFFSET($D590,0,$C590)+IF($C590<>1,1,COUNTIF(QCI!$A$13:$A$41,ORÇAMENTO!E590)),OFFSET($D590,1,$C590,ROW($C$744)-ROW($C590)),0))","v":0},"F","Serviço","Serviço","19.10.1.","SINAPI","FNDE 373","GANCHO PARA PERFILADO 44X32 MM","UN",{"$f":"OFFSET(CÁLCULO!H$15,ROW($T590)-ROW(T$15),0)","v":53},15.56,"BDI 1",{"$f":"IF($C590=\"S\",ROUND(IF(TIPOORCAMENTO=\"Proposto\",ORÇAMENTO.CustoUnitario*(1+$AH590),ORÇAMENTO.PrecoUnitarioLicitado),15-13*$AF$10),0)","v":19.45},{"$f":"IF($C590=\"S\",IF(Import.TipoArredondamento<>\"TransfereGOV\",VTOTAL1,SUM(OFFSET(CÁLCULO!$AA$15,ROW($X590)-ROW($X$15),1):OFFSET(CÁLCULO!$AL$15,ROW($X590)-ROW($X$15),-1))),IF($C590=0,0,ROUND(SomaAgrup,15-13*$AF$11)))","v":1030.8499999999999},"RA","RA",{"$f":"IF($C590=\"S\",IF($Z590=\"CP\",$X590,IF($Z590=\"RA\",(($X590)*QCI!$AA$3),0)),SomaAgrup)","v":36.711662831774589},0,{"$f":"IF($N590=\"\",\"\",IF(ORÇAMENTO.Descricao=\"\",\"DESCRIÇÃO\",IF(AND($C590=\"S\",ORÇAMENTO.Unidade=\"\"),\"UNIDADE\",IF($X590<0,\"VALOR NEGATIVO\",IF(OR(AND(TIPOORCAMENTO=\"Proposto\",$AG590<>\"\",$AG590>0,ORÇAMENTO.CustoUnitario>$AG590),AND(TIPOORCAMENTO=\"LICITADO\",ORÇAMENTO.PrecoUnitarioLicitado>$AN590)),\"ACIMA REF.\",\"\")))))","v":""},{"$f":"IF(C590<=CRONO.NivelExibicao,MAX($AD$15:OFFSET(AD590,-1,0))+IF($C590<>1,1,MAX(1,COUNTIF(QCI!$A$13:$A$41,OFFSET($E590,-1,0)))),\"\")","v":""},{"$f":"IF(AND($C590=\"S\",ORÇAMENTO.CodBarra<>\"\"),IF(ORÇAMENTO.Fonte=\"\",ORÇAMENTO.CodBarra,CONCATENATE(ORÇAMENTO.Fonte,\" \",ORÇAMENTO.CodBarra)))","v":"SINAPI FNDE 373"},{"$f":"IF(ISERROR(INDIRECT(ORÇAMENTO.BancoRef)),\"(abra o arquivo 'Referência \"&Excel_BuiltIn_Database&\".xlsm)\",IF(OR($C590<>\"S\",ORÇAMENTO.CodBarra=\"\"),\"(Sem Código)\",IF(ISERROR(MATCH($AE590,INDIRECT(ORÇAMENTO.BancoRef),0)),\"(Código não identificado nas referências)\",MATCH($AE590,INDIRECT(ORÇAMENTO.BancoRef),0))))","v":"(Código não identificado nas referências)"},{"$f":"ROUND(IF(DESONERACAO=\"sim\",REFERENCIA.Desonerado,REFERENCIA.NaoDesonerado),2)","v":0},0.25,null,53,null,null,1030.8499999999999,19.45]
["S",2,"S",0,{"$f":"IF($C591=1,OFFSET(E591,-1,0)+MAX(1,COUNTIF(QCI!$A$13:$A$41,OFFSET(ORÇAMENTO!E591,-1,0))),OFFSET(E591,-1,0))","v":19},10,0,0,2,0,{"$f":"IF(OR($C591=\"S\",$C591=0),0,MATCH(OFFSET($D591,0,$C591)+IF($C591<>1,1,COUNTIF(QCI!$A$13:$A$41,ORÇAMENTO!E591)),OFFSET($D591,1,$C591,ROW($C$744)-ROW($C591)),0))","v":0},"F","Serviço","Serviço","19.10.2.","SINAPI","104764","SUPORTE PARA 2 ELETRODUTOS, ESPAÇADO A CADA 80 CM, EM PERFILADO COM COMPRIMENTO DE 25 CM FIXADO EM LAJE, POR METRO DE ELETRODUTO FIXADO. AF_09/2023",{"$f":"REFERENCIA.Unidade","v":"M"},{"$f":"OFFSET(CÁLCULO!H$15,ROW($T591)-ROW(T$15),0)","v":45.3},21.56,"BDI 1",{"$f":"IF($C591=\"S\",ROUND(IF(TIPOORCAMENTO=\"Proposto\",ORÇAMENTO.CustoUnitario*(1+$AH591),ORÇAMENTO.PrecoUnitarioLicitado),15-13*$AF$10),0)","v":26.95},{"$f":"IF($C591=\"S\",IF(Import.TipoArredondamento<>\"TransfereGOV\",VTOTAL1,SUM(OFFSET(CÁLCULO!$AA$15,ROW($X591)-ROW($X$15),1):OFFSET(CÁLCULO!$AL$15,ROW($X591)-ROW($X$15),-1))),IF($C591=0,0,ROUND(SomaAgrup,15-13*$AF$11)))","v":1220.8399999999999},"RA","RA",{"$f":"IF($C591=\"S\",IF($Z591=\"CP\",$X591,IF($Z591=\"RA\",(($X591)*QCI!$AA$3),0)),SomaAgrup)","v":43.477777030163153},0,{"$f":"IF($N591=\"\",\"\",IF(ORÇAMENTO.Descricao=\"\",\"DESCRIÇÃO\",IF(AND($C591=\"S\",ORÇAMENTO.Unidade=\"\"),\"UNIDADE\",IF($X591<0,\"VALOR NEGATIVO\",IF(OR(AND(TIPOORCAMENTO=\"Proposto\",$AG591<>\"\",$AG591>0,ORÇAMENTO.CustoUnitario>$AG591),AND(TIPOORCAMENTO=\"LICITADO\",ORÇAMENTO.PrecoUnitarioLicitado>$AN591)),\"ACIMA REF.\",\"\")))))","v":""},{"$f":"IF(C591<=CRONO.NivelExibicao,MAX($AD$15:OFFSET(AD591,-1,0))+IF($C591<>1,1,MAX(1,COUNTIF(QCI!$A$13:$A$41,OFFSET($E591,-1,0)))),\"\")","v":""},{"$f":"IF(AND($C591=\"S\",ORÇAMENTO.CodBarra<>\"\"),IF(ORÇAMENTO.Fonte=\"\",ORÇAMENTO.CodBarra,CONCATENATE(ORÇAMENTO.Fonte,\" \",ORÇAMENTO.CodBarra)))","v":"SINAPI 104764"},{"$f":"IF(ISERROR(INDIRECT(ORÇAMENTO.BancoRef)),\"(abra o arquivo 'Referência \"&Excel_BuiltIn_Database&\".xlsm)\",IF(OR($C591<>\"S\",ORÇAMENTO.CodBarra=\"\"),\"(Sem Código)\",IF(ISERROR(MATCH($AE591,INDIRECT(ORÇAMENTO.BancoRef),0)),\"(Código não identificado nas referências)\",MATCH($AE591,INDIRECT(ORÇAMENTO.BancoRef),0))))","v":3514},{"$f":"ROUND(IF(DESONERACAO=\"sim\",REFERENCIA.Desonerado,REFERENCIA.NaoDesonerado),2)","v":21.56},0.25,null,45.3,null,null,1220.8399999999999,26.95]
["S",2,"S",0,{"$f":"IF($C592=1,OFFSET(E592,-1,0)+MAX(1,COUNTIF(QCI!$A$13:$A$41,OFFSET(ORÇAMENTO!E592,-1,0))),OFFSET(E592,-1,0))","v":19},10,0,0,3,{"$f":"IF(OR($C592=\"S\",$C592=0),0,MATCH(0,OFFSET($D592,1,$C592,ROW($C$744)-ROW($C592)),0))","v":0},{"$f":"IF(OR($C592=\"S\",$C592=0),0,MATCH(OFFSET($D592,0,$C592)+IF($C592<>1,1,COUNTIF(QCI!$A$13:$A$41,ORÇAMENTO!E592)),OFFSET($D592,1,$C592,ROW($C$744)-ROW($C592)),0))","v":0},"F","Serviço","Serviço","19.10.3.","SINAPI","FNDE 32","PERFILADO PERFURADO 38X38 MM","M",{"$f":"OFFSET(CÁLCULO!H$15,ROW($T592)-ROW(T$15),0)","v":45.3},58.63,"BDI 1",{"$f":"IF($C592=\"S\",ROUND(IF(TIPOORCAMENTO=\"Proposto\",ORÇAMENTO.CustoUnitario*(1+$AH592),ORÇAMENTO.PrecoUnitarioLicitado),15-13*$AF$10),0)","v":73.290000000000006},{"$f":"IF($C592=\"S\",IF(Import.TipoArredondamento<>\"TransfereGOV\",VTOTAL1,SUM(OFFSET(CÁLCULO!$AA$15,ROW($X592)-ROW($X$15),1):OFFSET(CÁLCULO!$AL$15,ROW($X592)-ROW($X$15),-1))),IF($C592=0,0,ROUND(SomaAgrup,15-13*$AF$11)))","v":3320.04},"RA","RA",{"$f":"IF($C592=\"S\",IF($Z592=\"CP\",$X592,IF($Z592=\"RA\",(($X592)*QCI!$AA$3),0)),SomaAgrup)","v":118.23659025852929},0,{"$f":"IF($N592=\"\",\"\",IF(ORÇAMENTO.Descricao=\"\",\"DESCRIÇÃO\",IF(AND($C592=\"S\",ORÇAMENTO.Unidade=\"\"),\"UNIDADE\",IF($X592<0,\"VALOR NEGATIVO\",IF(OR(AND(TIPOORCAMENTO=\"Proposto\",$AG592<>\"\",$AG592>0,ORÇAMENTO.CustoUnitario>$AG592),AND(TIPOORCAMENTO=\"LICITADO\",ORÇAMENTO.PrecoUnitarioLicitado>$AN592)),\"ACIMA REF.\",\"\")))))","v":""},{"$f":"IF(C592<=CRONO.NivelExibicao,MAX($AD$15:OFFSET(AD592,-1,0))+IF($C592<>1,1,MAX(1,COUNTIF(QCI!$A$13:$A$41,OFFSET($E592,-1,0)))),\"\")","v":""},{"$f":"IF(AND($C592=\"S\",ORÇAMENTO.CodBarra<>\"\"),IF(ORÇAMENTO.Fonte=\"\",ORÇAMENTO.CodBarra,CONCATENATE(ORÇAMENTO.Fonte,\" \",ORÇAMENTO.CodBarra)))","v":"SINAPI FNDE 32"},{"$f":"IF(ISERROR(INDIRECT(ORÇAMENTO.BancoRef)),\"(abra o arquivo 'Referência \"&Excel_BuiltIn_Database&\".xlsm)\",IF(OR($C592<>\"S\",ORÇAMENTO.CodBarra=\"\"),\"(Sem Código)\",IF(ISERROR(MATCH($AE592,INDIRECT(ORÇAMENTO.BancoRef),0)),\"(Código não identificado nas referências)\",MATCH($AE592,INDIRECT(ORÇAMENTO.BancoRef),0))))","v":"(Código não identificado nas referências)"},{"$f":"ROUND(IF(DESONERACAO=\"sim\",REFERENCIA.Desonerado,REFERENCIA.NaoDesonerado),2)","v":0},0.25,null,45.3,null,null,3320.04,73.290000000000006]
[2,2,2,6,{"$f":"IF($C593=1,OFFSET(E593,-1,0)+MAX(1,COUNTIF(QCI!$A$13:$A$41,OFFSET(ORÇAMENTO!E593,-1,0))),OFFSET(E593,-1,0))","v":19},11,0,0,0,9,{"$f":"IF(OR($C593=\"S\",$C593=0),0,MATCH(OFFSET($D593,0,$C593)+IF($C593<>1,1,COUNTIF(QCI!$A$13:$A$41,ORÇAMENTO!E593)),OFFSET($D593,1,$C593,ROW($C$744)-ROW($C593)),0))","v":6},"F","Nível 2","Nível 2","19.11.","SINAPI",null,"Iluminação",{"$f":"REFERENCIA.Unidade","v":"-"},{"$f":"OFFSET(CÁLCULO!H$15,ROW($T593)-ROW(T$15),0)","v":0},null,"BDI 1",{"$f":"IF($C593=\"S\",ROUND(IF(TIPOORCAMENTO=\"Proposto\",ORÇAMENTO.CustoUnitario*(1+$AH593),ORÇAMENTO.PrecoUnitarioLicitado),15-13*$AF$10),0)","v":0},{"$f":"IF($C593=\"S\",IF(Import.TipoArredondamento<>\"TransfereGOV\",VTOTAL1,SUM(OFFSET(CÁLCULO!$AA$15,ROW($X593)-ROW($X$15),1):OFFSET(CÁLCULO!$AL$15,ROW($X593)-ROW($X$15),-1))),IF($C593=0,0,ROUND(SomaAgrup,15-13*$AF$11)))","v":24640.04},"RA","",{"$f":"IF($C593=\"S\",IF($Z593=\"CP\",$X593,IF($Z593=\"RA\",(($X593)*QCI!$AA$3),0)),SomaAgrup)","v":877.50578710912271},0,{"$f":"IF($N593=\"\",\"\",IF(ORÇAMENTO.Descricao=\"\",\"DESCRIÇÃO\",IF(AND($C593=\"S\",ORÇAMENTO.Unidade=\"\"),\"UNIDADE\",IF($X593<0,\"VALOR NEGATIVO\",IF(OR(AND(TIPOORCAMENTO=\"Proposto\",$AG593<>\"\",$AG593>0,ORÇAMENTO.CustoUnitario>$AG593),AND(TIPOORCAMENTO=\"LICITADO\",ORÇAMENTO.PrecoUnitarioLicitado>$AN593)),\"ACIMA REF.\",\"\")))))","v":""},{"$f":"IF(C593<=CRONO.NivelExibicao,MAX($AD$15:OFFSET(AD593,-1,0))+IF($C593<>1,1,MAX(1,COUNTIF(QCI!$A$13:$A$41,OFFSET($E593,-1,0)))),\"\")","v":74},{"$f":"IF(AND($C593=\"S\",ORÇAMENTO.CodBarra<>\"\"),IF(ORÇAMENTO.Fonte=\"\",ORÇAMENTO.CodBarra,CONCATENATE(ORÇAMENTO.Fonte,\" \",ORÇAMENTO.CodBarra)))","v":false},{"$f":"IF(ISERROR(INDIRECT(ORÇAMENTO.BancoRef)),\"(abra o arquivo 'Referência \"&Excel_BuiltIn_Database&\".xlsm)\",IF(OR($C593<>\"S\",ORÇAMENTO.CodBarra=\"\"),\"(Sem Código)\",IF(ISERROR(MATCH($AE593,INDIRECT(ORÇAMENTO.BancoRef),0)),\"(Código não identificado nas referências)\",MATCH($AE593,INDIRECT(ORÇAMENTO.BancoRef),0))))","v":"(Sem Código)"},{"$f":"ROUND(IF(DESONERACAO=\"sim\",REFERENCIA.Desonerado,REFERENCIA.NaoDesonerado),2)","v":0},0.25,null,null,null,null,24640.04,0]
["S",2,"S",0,{"$f":"IF($C594=1,OFFSET(E594,-1,0)+MAX(1,COUNTIF(QCI!$A$13:$A$41,OFFSET(ORÇAMENTO!E594,-1,0))),OFFSET(E594,-1,0))","v":19},11,0,0,1,0,{"$f":"IF(OR($C594=\"S\",$C594=0),0,MATCH(OFFSET($D594,0,$C594)+IF($C594<>1,1,COUNTIF(QCI!$A$13:$A$41,ORÇAMENTO!E594)),OFFSET($D594,1,$C594,ROW($C$744)-ROW($C594)),0))","v":0},"F","Serviço","Serviço","19.11.1.","SINAPI","97607","LUMINÁRIA ARANDELA TIPO TARTARUGA, COM GRADE, DE SOBREPOR, COM 1 LÂMPADA led DE 27 W - FORNECIMENTO E INSTALAÇÃO.",{"$f":"REFERENCIA.Unidade","v":"UN"},{"$f":"OFFSET(CÁLCULO!H$15,ROW($T594)-ROW(T$15),0)","v":16},106.75,"BDI 1",{"$f":"IF($C594=\"S\",ROUND(IF(TIPOORCAMENTO=\"Proposto\",ORÇAMENTO.CustoUnitario*(1+$AH594),ORÇAMENTO.PrecoUnitarioLicitado),15-13*$AF$10),0)","v":133.44},{"$f":"IF($C594=\"S\",IF(Import.TipoArredondamento<>\"TransfereGOV\",VTOTAL1,SUM(OFFSET(CÁLCULO!$AA$15,ROW($X594)-ROW($X$15),1):OFFSET(CÁLCULO!$AL$15,ROW($X594)-ROW($X$15),-1))),IF($C594=0,0,ROUND(SomaAgrup,15-13*$AF$11)))","v":2135.04},"RA","RA",{"$f":"IF($C594=\"S\",IF($Z594=\"CP\",$X594,IF($Z594=\"RA\",(($X594)*QCI!$AA$3),0)),SomaAgrup)","v":76.035183210313846},0,{"$f":"IF($N594=\"\",\"\",IF(ORÇAMENTO.Descricao=\"\",\"DESCRIÇÃO\",IF(AND($C594=\"S\",ORÇAMENTO.Unidade=\"\"),\"UNIDADE\",IF($X594<0,\"VALOR NEGATIVO\",IF(OR(AND(TIPOORCAMENTO=\"Proposto\",$AG594<>\"\",$AG594>0,ORÇAMENTO.CustoUnitario>$AG594),AND(TIPOORCAMENTO=\"LICITADO\",ORÇAMENTO.PrecoUnitarioLicitado>$AN594)),\"ACIMA REF.\",\"\")))))","v":""},{"$f":"IF(C594<=CRONO.NivelExibicao,MAX($AD$15:OFFSET(AD594,-1,0))+IF($C594<>1,1,MAX(1,COUNTIF(QCI!$A$13:$A$41,OFFSET($E594,-1,0)))),\"\")","v":""},{"$f":"IF(AND($C594=\"S\",ORÇAMENTO.CodBarra<>\"\"),IF(ORÇAMENTO.Fonte=\"\",ORÇAMENTO.CodBarra,CONCATENATE(ORÇAMENTO.Fonte,\" \",ORÇAMENTO.CodBarra)))","v":"SINAPI 97607"},{"$f":"IF(ISERROR(INDIRECT(ORÇAMENTO.BancoRef)),\"(abra o arquivo 'Referência \"&Excel_BuiltIn_Database&\".xlsm)\",IF(OR($C594<>\"S\",ORÇAMENTO.CodBarra=\"\"),\"(Sem Código)\",IF(ISERROR(MATCH($AE594,INDIRECT(ORÇAMENTO.BancoRef),0)),\"(Código não identificado nas referências)\",MATCH($AE594,INDIRECT(ORÇAMENTO.BancoRef),0))))","v":3471},{"$f":"ROUND(IF(DESONERACAO=\"sim\",REFERENCIA.Desonerado,REFERENCIA.NaoDesonerado),2)","v":106.75},0.25,null,16,null,null,2135.04,133.44]
[{"$f":"CHOOSE(1+LOG(1+2*(ORÇAMENTO.Nivel=\"Meta\")+4*(ORÇAMENTO.Nivel=\"Nível 2\")+8*(ORÇAMENTO.Nivel=\"Nível 3\")+16*(ORÇAMENTO.Nivel=\"Nível 4\")+32*(ORÇAMENTO.Nivel=\"Serviço\"),2),0,1,2,3,4,\"S\")","v":"S"},{"$f":"IF(OR(C595=\"s\",C595=0),OFFSET(B595,-1,0),C595)","v":2},{"$f":"IF(OFFSET(C595,-1,0)=\"L\",1,IF(OFFSET(C595,-1,0)=1,2,IF(OR(A595=\"s\",A595=0),\"S\",IF(AND(OFFSET(C595,-1,0)=2,A595=4),3,IF(AND(OR(OFFSET(C595,-1,0)=\"s\",OFFSET(C595,-1,0)=0),A595<>\"s\",A595>OFFSET(B595,-1,0)),OFFSET(B595,-1,0),A595)))))","v":"S"},{"$f":"IF(OR(C595=\"S\",C595=0),0,IF(ISERROR(K595),J595,SMALL(J595:K595,1)))","v":0},{"$f":"IF($C595=1,OFFSET(E595,-1,0)+MAX(1,COUNTIF(QCI!$A$13:$A$41,OFFSET(ORÇAMENTO!E595,-1,0))),OFFSET(E595,-1,0))","v":19},{"$f":"IF($C595=1,0,IF($C595=2,OFFSET(F595,-1,0)+1,OFFSET(F595,-1,0)))","v":11},{"$f":"IF(AND($C595<=2,$C595<>0),0,IF($C595=3,OFFSET(G595,-1,0)+1,OFFSET(G595,-1,0)))","v":0},{"$f":"IF(AND($C595<=3,$C595<>0),0,IF($C595=4,OFFSET(H595,-1,0)+1,OFFSET(H595,-1,0)))","v":0},{"$f":"IF(AND($C595<=4,$C595<>0),0,IF(AND($C595=\"S\",$X595>0),OFFSET(I595,-1,0)+1,OFFSET(I595,-1,0)))","v":2},0,{"$f":"IF(OR($C595=\"S\",$C595=0),0,MATCH(OFFSET($D595,0,$C595)+IF($C595<>1,1,COUNTIF(QCI!$A$13:$A$41,ORÇAMENTO!E595)),OFFSET($D595,1,$C595,ROW($C$744)-ROW($C595)),0))","v":0},{"$f":"IF(OR($X595>0,$C595=1,$C595=2,$C595=3,$C595=4),\"F\",\"\")","v":"F"},"Serviço",{"$f":"CHOOSE(1+LOG(1+2*(C595=1)+4*(C595=2)+8*(C595=3)+16*(C595=4)+32*(C595=\"S\"),2),\"\",\"Meta\",\"Nível 2\",\"Nível 3\",\"Nível 4\",\"Serviço\")","v":"Serviço"},{"$f":"IF(OR($C595=0,$L595=\"\"),\"-\",CONCATENATE(E595&\".\",IF(AND($A$5>=2,$C595>=2),F595&\".\",\"\"),IF(AND($A$5>=3,$C595>=3),G595&\".\",\"\"),IF(AND($A$5>=4,$C595>=4),H595&\".\",\"\"),IF($C595=\"S\",I595&\".\",\"\")))","v":"19.11.2."},"Composição","460",{"$f":"IF($C595=\"S\",REFERENCIA.Descricao,\"(digite a descrição aqui)\")","v":"LUMINÁRIA PAINEL LED FRAMELESS SOBREPOR 24W - 6500K"},{"$f":"REFERENCIA.Unidade","v":0},{"$f":"OFFSET(CÁLCULO!H$15,ROW($T595)-ROW(T$15),0)","v":172},{"$f":"ROUND(IF(DESONERACAO=\"sim\",REFERENCIA.Desonerado,REFERENCIA.NaoDesonerado),2)","v":70.08},"BDI 1",{"$f":"IF($C595=\"S\",ROUND(IF(TIPOORCAMENTO=\"Proposto\",ORÇAMENTO.CustoUnitario*(1+$AH595),ORÇAMENTO.PrecoUnitarioLicitado),15-13*$AF$10),0)","v":87.6},{"$f":"IF($C595=\"S\",IF(Import.TipoArredondamento<>\"TransfereGOV\",VTOTAL1,SUM(OFFSET(CÁLCULO!$AA$15,ROW($X595)-ROW($X$15),1):OFFSET(CÁLCULO!$AL$15,ROW($X595)-ROW($X$15),-1))),IF($C595=0,0,ROUND(SomaAgrup,15-13*$AF$11)))","v":15067.2},"RA",{"$f":"IF(AND($C595=\"S\",$X595>0),IF(ISBLANK($Y595),\"RA\",LEFT($Y595,2)),\"\")","v":"RA"},{"$f":"IF($C595=\"S\",IF($Z595=\"CP\",$X595,IF($Z595=\"RA\",(($X595)*QCI!$AA$3),0)),SomaAgrup)","v":536.58821964292974},{"$f":"IF($C595=\"S\",IF($Z595=\"OU\",ROUND($X595,2),0),SomaAgrup)","v":0},{"$f":"IF($N595=\"\",\"\",IF(ORÇAMENTO.Descricao=\"\",\"DESCRIÇÃO\",IF(AND($C595=\"S\",ORÇAMENTO.Unidade=\"\"),\"UNIDADE\",IF($X595<0,\"VALOR NEGATIVO\",IF(OR(AND(TIPOORCAMENTO=\"Proposto\",$AG595<>\"\",$AG595>0,ORÇAMENTO.CustoUnitario>$AG595),AND(TIPOORCAMENTO=\"LICITADO\",ORÇAMENTO.PrecoUnitarioLicitado>$AN595)),\"ACIMA REF.\",\"\")))))","v":""},{"$f":"IF(C595<=CRONO.NivelExibicao,MAX($AD$15:OFFSET(AD595,-1,0))+IF($C595<>1,1,MAX(1,COUNTIF(QCI!$A$13:$A$41,OFFSET($E595,-1,0)))),\"\")","v":""},{"$f":"IF(AND($C595=\"S\",ORÇAMENTO.CodBarra<>\"\"),IF(ORÇAMENTO.Fonte=\"\",ORÇAMENTO.CodBarra,CONCATENATE(ORÇAMENTO.Fonte,\" \",ORÇAMENTO.CodBarra)))","v":"Composição 460"},{"$f":"IF(ISERROR(INDIRECT(ORÇAMENTO.BancoRef)),\"(abra o arquivo 'Referência \"&Excel_BuiltIn_Database&\".xlsm)\",IF(OR($C595<>\"S\",ORÇAMENTO.CodBarra=\"\"),\"(Sem Código)\",IF(ISERROR(MATCH($AE595,INDIRECT(ORÇAMENTO.BancoRef),0)),\"(Código não identificado nas referências)\",MATCH($AE595,INDIRECT(ORÇAMENTO.BancoRef),0))))","v":19},{"$f":"ROUND(IF(DESONERACAO=\"sim\",REFERENCIA.Desonerado,REFERENCIA.NaoDesonerado),2)","v":70.08},{"$f":"ROUND(IF(ISNUMBER(ORÇAMENTO.OpcaoBDI),ORÇAMENTO.OpcaoBDI,IF(LEFT(ORÇAMENTO.OpcaoBDI,3)=\"BDI\",HLOOKUP(ORÇAMENTO.OpcaoBDI,$F$4:$H$5,2,FALSE),0)),15-11*$AF$9)","v":0.25},null,172,null,null,15067.2,{"$f":"ROUND(ORÇAMENTO.CustoUnitario*(1+$AH595),2)","v":87.6}]
["S",2,"S",0,{"$f":"IF($C596=1,OFFSET(E596,-1,0)+MAX(1,COUNTIF(QCI!$A$13:$A$41,OFFSET(ORÇAMENTO!E596,-1,0))),OFFSET(E596,-1,0))","v":19},11,0,0,3,0,{"$f":"IF(OR($C596=\"S\",$C596=0),0,MATCH(OFFSET($D596,0,$C596)+IF($C596<>1,1,COUNTIF(QCI!$A$13:$A$41,ORÇAMENTO!E596)),OFFSET($D596,1,$C596,ROW($C$744)-ROW($C596)),0))","v":0},"F","Serviço","Serviço","19.11.3.","SINAPI","101656",{"$f":"IF($C596=\"S\",REFERENCIA.Descricao,\"(digite a descrição aqui)\")","v":"LUMINÁRIA DE LED PARA ILUMINAÇÃO PÚBLICA, DE 68 W ATÉ 97 W - FORNECIMENTO E INSTALAÇÃO. AF_08/2020"},{"$f":"REFERENCIA.Unidade","v":"UN"},{"$f":"OFFSET(CÁLCULO!H$15,ROW($T596)-ROW(T$15),0)","v":9},339.33,"BDI 1",{"$f":"IF($C596=\"S\",ROUND(IF(TIPOORCAMENTO=\"Proposto\",ORÇAMENTO.CustoUnitario*(1+$AH596),ORÇAMENTO.PrecoUnitarioLicitado),15-13*$AF$10),0)","v":424.16},{"$f":"IF($C596=\"S\",IF(Import.TipoArredondamento<>\"TransfereGOV\",VTOTAL1,SUM(OFFSET(CÁLCULO!$AA$15,ROW($X596)-ROW($X$15),1):OFFSET(CÁLCULO!$AL$15,ROW($X596)-ROW($X$15),-1))),IF($C596=0,0,ROUND(SomaAgrup,15-13*$AF$11)))","v":3817.44},"RA","RA",{"$f":"IF($C596=\"S\",IF($Z596=\"CP\",$X596,IF($Z596=\"RA\",(($X596)*QCI!$AA$3),0)),SomaAgrup)","v":135.95049731826126},0,{"$f":"IF($N596=\"\",\"\",IF(ORÇAMENTO.Descricao=\"\",\"DESCRIÇÃO\",IF(AND($C596=\"S\",ORÇAMENTO.Unidade=\"\"),\"UNIDADE\",IF($X596<0,\"VALOR NEGATIVO\",IF(OR(AND(TIPOORCAMENTO=\"Proposto\",$AG596<>\"\",$AG596>0,ORÇAMENTO.CustoUnitario>$AG596),AND(TIPOORCAMENTO=\"LICITADO\",ORÇAMENTO.PrecoUnitarioLicitado>$AN596)),\"ACIMA REF.\",\"\")))))","v":""},{"$f":"IF(C596<=CRONO.NivelExibicao,MAX($AD$15:OFFSET(AD596,-1,0))+IF($C596<>1,1,MAX(1,COUNTIF(QCI!$A$13:$A$41,OFFSET($E596,-1,0)))),\"\")","v":""},{"$f":"IF(AND($C596=\"S\",ORÇAMENTO.CodBarra<>\"\"),IF(ORÇAMENTO.Fonte=\"\",ORÇAMENTO.CodBarra,CONCATENATE(ORÇAMENTO.Fonte,\" \",ORÇAMENTO.CodBarra)))","v":"SINAPI 101656"},{"$f":"IF(ISERROR(INDIRECT(ORÇAMENTO.BancoRef)),\"(abra o arquivo 'Referência \"&Excel_BuiltIn_Database&\".xlsm)\",IF(OR($C596<>\"S\",ORÇAMENTO.CodBarra=\"\"),\"(Sem Código)\",IF(ISERROR(MATCH($AE596,INDIRECT(ORÇAMENTO.BancoRef),0)),\"(Código não identificado nas referências)\",MATCH($AE596,INDIRECT(ORÇAMENTO.BancoRef),0))))","v":3415},{"$f":"ROUND(IF(DESONERACAO=\"sim\",REFERENCIA.Desonerado,REFERENCIA.NaoDesonerado),2)","v":339.33},0.25,null,9,null,null,3817.44,424.16]
["S",2,"S",0,{"$f":"IF($C597=1,OFFSET(E597,-1,0)+MAX(1,COUNTIF(QCI!$A$13:$A$41,OFFSET(ORÇAMENTO!E597,-1,0))),OFFSET(E597,-1,0))","v":19},11,0,0,4,0,{"$f":"IF(OR($C597=\"S\",$C597=0),0,MATCH(OFFSET($D597,0,$C597)+IF($C597<>1,1,COUNTIF(QCI!$A$13:$A$41,ORÇAMENTO!E597)),OFFSET($D597,1,$C597,ROW($C$744)-ROW($C597)),0))","v":0},"F","Serviço","Serviço","19.11.4.","SINAPI","101658",{"$f":"IF($C597=\"S\",REFERENCIA.Descricao,\"(digite a descrição aqui)\")","v":"LUMINÁRIA DE LED PARA ILUMINAÇÃO PÚBLICA, DE 138 W ATÉ 180 W - FORNECIMENTO E INSTALAÇÃO. AF_08/2020"},{"$f":"REFERENCIA.Unidade","v":"UN"},{"$f":"OFFSET(CÁLCULO!H$15,ROW($T597)-ROW(T$15),0)","v":4},501.58,"BDI 1",{"$f":"IF($C597=\"S\",ROUND(IF(TIPOORCAMENTO=\"Proposto\",ORÇAMENTO.CustoUnitario*(1+$AH597),ORÇAMENTO.PrecoUnitarioLicitado),15-13*$AF$10),0)","v":626.98},{"$f":"IF($C597=\"S\",IF(Import.TipoArredondamento<>\"TransfereGOV\",VTOTAL1,SUM(OFFSET(CÁLCULO!$AA$15,ROW($X597)-ROW($X$15),1):OFFSET(CÁLCULO!$AL$15,ROW($X597)-ROW($X$15),-1))),IF($C597=0,0,ROUND(SomaAgrup,15-13*$AF$11)))","v":2507.92},"RA","RA",{"$f":"IF($C597=\"S\",IF($Z597=\"CP\",$X597,IF($Z597=\"RA\",(($X597)*QCI!$AA$3),0)),SomaAgrup)","v":89.314559294818977},0,{"$f":"IF($N597=\"\",\"\",IF(ORÇAMENTO.Descricao=\"\",\"DESCRIÇÃO\",IF(AND($C597=\"S\",ORÇAMENTO.Unidade=\"\"),\"UNIDADE\",IF($X597<0,\"VALOR NEGATIVO\",IF(OR(AND(TIPOORCAMENTO=\"Proposto\",$AG597<>\"\",$AG597>0,ORÇAMENTO.CustoUnitario>$AG597),AND(TIPOORCAMENTO=\"LICITADO\",ORÇAMENTO.PrecoUnitarioLicitado>$AN597)),\"ACIMA REF.\",\"\")))))","v":""},{"$f":"IF(C597<=CRONO.NivelExibicao,MAX($AD$15:OFFSET(AD597,-1,0))+IF($C597<>1,1,MAX(1,COUNTIF(QCI!$A$13:$A$41,OFFSET($E597,-1,0)))),\"\")","v":""},{"$f":"IF(AND($C597=\"S\",ORÇAMENTO.CodBarra<>\"\"),IF(ORÇAMENTO.Fonte=\"\",ORÇAMENTO.CodBarra,CONCATENATE(ORÇAMENTO.Fonte,\" \",ORÇAMENTO.CodBarra)))","v":"SINAPI 101658"},{"$f":"IF(ISERROR(INDIRECT(ORÇAMENTO.BancoRef)),\"(abra o arquivo 'Referência \"&Excel_BuiltIn_Database&\".xlsm)\",IF(OR($C597<>\"S\",ORÇAMENTO.CodBarra=\"\"),\"(Sem Código)\",IF(ISERROR(MATCH($AE597,INDIRECT(ORÇAMENTO.BancoRef),0)),\"(Código não identificado nas referências)\",MATCH($AE597,INDIRECT(ORÇAMENTO.BancoRef),0))))","v":3417},{"$f":"ROUND(IF(DESONERACAO=\"sim\",REFERENCIA.Desonerado,REFERENCIA.NaoDesonerado),2)","v":501.58},0.25,null,4,null,null,2507.92,626.98]
["S",2,"S",0,{"$f":"IF($C598=1,OFFSET(E598,-1,0)+MAX(1,COUNTIF(QCI!$A$13:$A$41,OFFSET(ORÇAMENTO!E598,-1,0))),OFFSET(E598,-1,0))","v":19},11,0,0,5,0,{"$f":"IF(OR($C598=\"S\",$C598=0),0,MATCH(OFFSET($D598,0,$C598)+IF($C598<>1,1,COUNTIF(QCI!$A$13:$A$41,ORÇAMENTO!E598)),OFFSET($D598,1,$C598,ROW($C$744)-ROW($C598)),0))","v":0},"F","Serviço","Serviço","19.11.5.","SINAPI","101660",{"$f":"IF($C598=\"S\",REFERENCIA.Descricao,\"(digite a descrição aqui)\")","v":"LUMINÁRIA DE LED PARA ILUMINAÇÃO PÚBLICA, DE 240 W ATÉ 350 W - FORNECIMENTO E INSTALAÇÃO. AF_08/2020"},{"$f":"REFERENCIA.Unidade","v":"UN"},{"$f":"OFFSET(CÁLCULO!H$15,ROW($T598)-ROW(T$15),0)","v":1},889.95,"BDI 1",{"$f":"IF($C598=\"S\",ROUND(IF(TIPOORCAMENTO=\"Proposto\",ORÇAMENTO.CustoUnitario*(1+$AH598),ORÇAMENTO.PrecoUnitarioLicitado),15-13*$AF$10),0)","v":1112.44},{"$f":"IF($C598=\"S\",IF(Import.TipoArredondamento<>\"TransfereGOV\",VTOTAL1,SUM(OFFSET(CÁLCULO!$AA$15,ROW($X598)-ROW($X$15),1):OFFSET(CÁLCULO!$AL$15,ROW($X598)-ROW($X$15),-1))),IF($C598=0,0,ROUND(SomaAgrup,15-13*$AF$11)))","v":1112.44},"RA","RA",{"$f":"IF($C598=\"S\",IF($Z598=\"CP\",$X598,IF($Z598=\"RA\",(($X598)*QCI!$AA$3),0)),SomaAgrup)","v":39.617327642798983},0,{"$f":"IF($N598=\"\",\"\",IF(ORÇAMENTO.Descricao=\"\",\"DESCRIÇÃO\",IF(AND($C598=\"S\",ORÇAMENTO.Unidade=\"\"),\"UNIDADE\",IF($X598<0,\"VALOR NEGATIVO\",IF(OR(AND(TIPOORCAMENTO=\"Proposto\",$AG598<>\"\",$AG598>0,ORÇAMENTO.CustoUnitario>$AG598),AND(TIPOORCAMENTO=\"LICITADO\",ORÇAMENTO.PrecoUnitarioLicitado>$AN598)),\"ACIMA REF.\",\"\")))))","v":""},{"$f":"IF(C598<=CRONO.NivelExibicao,MAX($AD$15:OFFSET(AD598,-1,0))+IF($C598<>1,1,MAX(1,COUNTIF(QCI!$A$13:$A$41,OFFSET($E598,-1,0)))),\"\")","v":""},{"$f":"IF(AND($C598=\"S\",ORÇAMENTO.CodBarra<>\"\"),IF(ORÇAMENTO.Fonte=\"\",ORÇAMENTO.CodBarra,CONCATENATE(ORÇAMENTO.Fonte,\" \",ORÇAMENTO.CodBarra)))","v":"SINAPI 101660"},{"$f":"IF(ISERROR(INDIRECT(ORÇAMENTO.BancoRef)),\"(abra o arquivo 'Referência \"&Excel_BuiltIn_Database&\".xlsm)\",IF(OR($C598<>\"S\",ORÇAMENTO.CodBarra=\"\"),\"(Sem Código)\",IF(ISERROR(MATCH($AE598,INDIRECT(ORÇAMENTO.BancoRef),0)),\"(Código não identificado nas referências)\",MATCH($AE598,INDIRECT(ORÇAMENTO.BancoRef),0))))","v":3419},{"$f":"ROUND(IF(DESONERACAO=\"sim\",REFERENCIA.Desonerado,REFERENCIA.NaoDesonerado),2)","v":889.95},0.25,null,1,null,null,1112.44,1112.44]
[2,2,2,3,{"$f":"IF($C599=1,OFFSET(E599,-1,0)+MAX(1,COUNTIF(QCI!$A$13:$A$41,OFFSET(ORÇAMENTO!E599,-1,0))),OFFSET(E599,-1,0))","v":19},12,0,0,0,3,{"$f":"IF(OR($C599=\"S\",$C599=0),0,MATCH(OFFSET($D599,0,$C599)+IF($C599<>1,1,COUNTIF(QCI!$A$13:$A$41,ORÇAMENTO!E599)),OFFSET($D599,1,$C599,ROW($C$744)-ROW($C599)),0))","v":{"$error":"#N/A"}},"F","Nível 2","Nível 2","19.12.","SINAPI",null,"Quadros",{"$f":"REFERENCIA.Unidade","v":"-"},{"$f":"OFFSET(CÁLCULO!H$15,ROW($T599)-ROW(T$15),0)","v":0},null,"BDI 1",{"$f":"IF($C599=\"S\",ROUND(IF(TIPOORCAMENTO=\"Proposto\",ORÇAMENTO.CustoUnitario*(1+$AH599),ORÇAMENTO.PrecoUnitarioLicitado),15-13*$AF$10),0)","v":0},{"$f":"IF($C599=\"S\",IF(Import.TipoArredondamento<>\"TransfereGOV\",VTOTAL1,SUM(OFFSET(CÁLCULO!$AA$15,ROW($X599)-ROW($X$15),1):OFFSET(CÁLCULO!$AL$15,ROW($X599)-ROW($X$15),-1))),IF($C599=0,0,ROUND(SomaAgrup,15-13*$AF$11)))","v":11750.18},"RA","",{"$f":"IF($C599=\"S\",IF($Z599=\"CP\",$X599,IF($Z599=\"RA\",(($X599)*QCI!$AA$3),0)),SomaAgrup)","v":418.45918064962041},0,{"$f":"IF($N599=\"\",\"\",IF(ORÇAMENTO.Descricao=\"\",\"DESCRIÇÃO\",IF(AND($C599=\"S\",ORÇAMENTO.Unidade=\"\"),\"UNIDADE\",IF($X599<0,\"VALOR NEGATIVO\",IF(OR(AND(TIPOORCAMENTO=\"Proposto\",$AG599<>\"\",$AG599>0,ORÇAMENTO.CustoUnitario>$AG599),AND(TIPOORCAMENTO=\"LICITADO\",ORÇAMENTO.PrecoUnitarioLicitado>$AN599)),\"ACIMA REF.\",\"\")))))","v":""},{"$f":"IF(C599<=CRONO.NivelExibicao,MAX($AD$15:OFFSET(AD599,-1,0))+IF($C599<>1,1,MAX(1,COUNTIF(QCI!$A$13:$A$41,OFFSET($E599,-1,0)))),\"\")","v":75},{"$f":"IF(AND($C599=\"S\",ORÇAMENTO.CodBarra<>\"\"),IF(ORÇAMENTO.Fonte=\"\",ORÇAMENTO.CodBarra,CONCATENATE(ORÇAMENTO.Fonte,\" \",ORÇAMENTO.CodBarra)))","v":false},{"$f":"IF(ISERROR(INDIRECT(ORÇAMENTO.BancoRef)),\"(abra o arquivo 'Referência \"&Excel_BuiltIn_Database&\".xlsm)\",IF(OR($C599<>\"S\",ORÇAMENTO.CodBarra=\"\"),\"(Sem Código)\",IF(ISERROR(MATCH($AE599,INDIRECT(ORÇAMENTO.BancoRef),0)),\"(Código não identificado nas referências)\",MATCH($AE599,INDIRECT(ORÇAMENTO.BancoRef),0))))","v":"(Sem Código)"},{"$f":"ROUND(IF(DESONERACAO=\"sim\",REFERENCIA.Desonerado,REFERENCIA.NaoDesonerado),2)","v":0},0.25,null,null,null,null,11750.18,0]
["S",2,"S",0,{"$f":"IF($C600=1,OFFSET(E600,-1,0)+MAX(1,COUNTIF(QCI!$A$13:$A$41,OFFSET(ORÇAMENTO!E600,-1,0))),OFFSET(E600,-1,0))","v":19},12,0,0,1,0,{"$f":"IF(OR($C600=\"S\",$C600=0),0,MATCH(OFFSET($D600,0,$C600)+IF($C600<>1,1,COUNTIF(QCI!$A$13:$A$41,ORÇAMENTO!E600)),OFFSET($D600,1,$C600,ROW($C$744)-ROW($C600)),0))","v":0},"F","Serviço","Serviço","19.12.1.","SINAPI","101946","QUADRO DE MEDIÇÃO GERAL DE ENERGIA PARA 1 MEDIDOR DE SOBREPOR - FORNECIMENTO E INSTALAÇÃO. AF_10/2020",{"$f":"REFERENCIA.Unidade","v":"UN"},{"$f":"OFFSET(CÁLCULO!H$15,ROW($T600)-ROW(T$15),0)","v":1},161.74,"BDI 1",{"$f":"IF($C600=\"S\",ROUND(IF(TIPOORCAMENTO=\"Proposto\",ORÇAMENTO.CustoUnitario*(1+$AH600),ORÇAMENTO.PrecoUnitarioLicitado),15-13*$AF$10),0)","v":202.18},{"$f":"IF($C600=\"S\",IF(Import.TipoArredondamento<>\"TransfereGOV\",VTOTAL1,SUM(OFFSET(CÁLCULO!$AA$15,ROW($X600)-ROW($X$15),1):OFFSET(CÁLCULO!$AL$15,ROW($X600)-ROW($X$15),-1))),IF($C600=0,0,ROUND(SomaAgrup,15-13*$AF$11)))","v":202.18},"RA","RA",{"$f":"IF($C600=\"S\",IF($Z600=\"CP\",$X600,IF($Z600=\"RA\",(($X600)*QCI!$AA$3),0)),SomaAgrup)","v":7.2002366894583956},0,{"$f":"IF($N600=\"\",\"\",IF(ORÇAMENTO.Descricao=\"\",\"DESCRIÇÃO\",IF(AND($C600=\"S\",ORÇAMENTO.Unidade=\"\"),\"UNIDADE\",IF($X600<0,\"VALOR NEGATIVO\",IF(OR(AND(TIPOORCAMENTO=\"Proposto\",$AG600<>\"\",$AG600>0,ORÇAMENTO.CustoUnitario>$AG600),AND(TIPOORCAMENTO=\"LICITADO\",ORÇAMENTO.PrecoUnitarioLicitado>$AN600)),\"ACIMA REF.\",\"\")))))","v":""},{"$f":"IF(C600<=CRONO.NivelExibicao,MAX($AD$15:OFFSET(AD600,-1,0))+IF($C600<>1,1,MAX(1,COUNTIF(QCI!$A$13:$A$41,OFFSET($E600,-1,0)))),\"\")","v":""},{"$f":"IF(AND($C600=\"S\",ORÇAMENTO.CodBarra<>\"\"),IF(ORÇAMENTO.Fonte=\"\",ORÇAMENTO.CodBarra,CONCATENATE(ORÇAMENTO.Fonte,\" \",ORÇAMENTO.CodBarra)))","v":"SINAPI 101946"},{"$f":"IF(ISERROR(INDIRECT(ORÇAMENTO.BancoRef)),\"(abra o arquivo 'Referência \"&Excel_BuiltIn_Database&\".xlsm)\",IF(OR($C600<>\"S\",ORÇAMENTO.CodBarra=\"\"),\"(Sem Código)\",IF(ISERROR(MATCH($AE600,INDIRECT(ORÇAMENTO.BancoRef),0)),\"(Código não identificado nas referências)\",MATCH($AE600,INDIRECT(ORÇAMENTO.BancoRef),0))))","v":3231},{"$f":"ROUND(IF(DESONERACAO=\"sim\",REFERENCIA.Desonerado,REFERENCIA.NaoDesonerado),2)","v":161.74},0.25,null,1,null,null,202.18,202.18]
["S",2,"S",0,{"$f":"IF($C601=1,OFFSET(E601,-1,0)+MAX(1,COUNTIF(QCI!$A$13:$A$41,OFFSET(ORÇAMENTO!E601,-1,0))),OFFSET(E601,-1,0))","v":19},12,0,0,2,0,{"$f":"IF(OR($C601=\"S\",$C601=0),0,MATCH(OFFSET($D601,0,$C601)+IF($C601<>1,1,COUNTIF(QCI!$A$13:$A$41,ORÇAMENTO!E601)),OFFSET($D601,1,$C601,ROW($C$744)-ROW($C601)),0))","v":0},"F","Serviço","Serviço","19.12.2.","SINAPI","FNDE 383","QUADRO DE DISTRIBUIÇÃO DE ENERGIA EM CHAPA DE AÇO GALVANIZADO, DE EMBUTIR, COM BARRAMENTO TRIFÁSICO, PARA 46 DISJUNTORES DIN 100A - FORNECIMENTO E INSTALAÇÃO.","UM",{"$f":"OFFSET(CÁLCULO!H$15,ROW($T601)-ROW(T$15),0)","v":8},1154.8,"BDI 1",{"$f":"IF($C601=\"S\",ROUND(IF(TIPOORCAMENTO=\"Proposto\",ORÇAMENTO.CustoUnitario*(1+$AH601),ORÇAMENTO.PrecoUnitarioLicitado),15-13*$AF$10),0)","v":1443.5},{"$f":"IF($C601=\"S\",IF(Import.TipoArredondamento<>\"TransfereGOV\",VTOTAL1,SUM(OFFSET(CÁLCULO!$AA$15,ROW($X601)-ROW($X$15),1):OFFSET(CÁLCULO!$AL$15,ROW($X601)-ROW($X$15),-1))),IF($C601=0,0,ROUND(SomaAgrup,15-13*$AF$11)))","v":11548},"RA","RA",{"$f":"IF($C601=\"S\",IF($Z601=\"CP\",$X601,IF($Z601=\"RA\",(($X601)*QCI!$AA$3),0)),SomaAgrup)","v":411.25894396016201},0,{"$f":"IF($N601=\"\",\"\",IF(ORÇAMENTO.Descricao=\"\",\"DESCRIÇÃO\",IF(AND($C601=\"S\",ORÇAMENTO.Unidade=\"\"),\"UNIDADE\",IF($X601<0,\"VALOR NEGATIVO\",IF(OR(AND(TIPOORCAMENTO=\"Proposto\",$AG601<>\"\",$AG601>0,ORÇAMENTO.CustoUnitario>$AG601),AND(TIPOORCAMENTO=\"LICITADO\",ORÇAMENTO.PrecoUnitarioLicitado>$AN601)),\"ACIMA REF.\",\"\")))))","v":""},{"$f":"IF(C601<=CRONO.NivelExibicao,MAX($AD$15:OFFSET(AD601,-1,0))+IF($C601<>1,1,MAX(1,COUNTIF(QCI!$A$13:$A$41,OFFSET($E601,-1,0)))),\"\")","v":""},{"$f":"IF(AND($C601=\"S\",ORÇAMENTO.CodBarra<>\"\"),IF(ORÇAMENTO.Fonte=\"\",ORÇAMENTO.CodBarra,CONCATENATE(ORÇAMENTO.Fonte,\" \",ORÇAMENTO.CodBarra)))","v":"SINAPI FNDE 383"},{"$f":"IF(ISERROR(INDIRECT(ORÇAMENTO.BancoRef)),\"(abra o arquivo 'Referência \"&Excel_BuiltIn_Database&\".xlsm)\",IF(OR($C601<>\"S\",ORÇAMENTO.CodBarra=\"\"),\"(Sem Código)\",IF(ISERROR(MATCH($AE601,INDIRECT(ORÇAMENTO.BancoRef),0)),\"(Código não identificado nas referências)\",MATCH($AE601,INDIRECT(ORÇAMENTO.BancoRef),0))))","v":"(Código não identificado nas referências)"},{"$f":"ROUND(IF(DESONERACAO=\"sim\",REFERENCIA.Desonerado,REFERENCIA.NaoDesonerado),2)","v":0},0.25,null,8,null,null,11548,1443.5]
[1,1,1,12,{"$f":"IF($C602=1,OFFSET(E602,-1,0)+MAX(1,COUNTIF(QCI!$A$13:$A$41,OFFSET(ORÇAMENTO!E602,-1,0))),OFFSET(E602,-1,0))","v":20},0,0,0,0,142,{"$f":"IF(OR($C602=\"S\",$C602=0),0,MATCH(OFFSET($D602,0,$C602)+IF($C602<>1,1,COUNTIF(QCI!$A$13:$A$41,ORÇAMENTO!E602)),OFFSET($D602,1,$C602,ROW($C$744)-ROW($C602)),0))","v":12},"F","Meta","Meta","20.","SINAPI",null,"INSTALAÇÕES DE CLIMATIZAÇÃO",{"$f":"REFERENCIA.Unidade","v":"-"},{"$f":"OFFSET(CÁLCULO!H$15,ROW($T602)-ROW(T$15),0)","v":0},null,"BDI 1",{"$f":"IF($C602=\"S\",ROUND(IF(TIPOORCAMENTO=\"Proposto\",ORÇAMENTO.CustoUnitario*(1+$AH602),ORÇAMENTO.PrecoUnitarioLicitado),15-13*$AF$10),0)","v":0},{"$f":"IF($C602=\"S\",IF(Import.TipoArredondamento<>\"TransfereGOV\",VTOTAL1,SUM(OFFSET(CÁLCULO!$AA$15,ROW($X602)-ROW($X$15),1):OFFSET(CÁLCULO!$AL$15,ROW($X602)-ROW($X$15),-1))),IF($C602=0,0,ROUND(SomaAgrup,15-13*$AF$11)))","v":28685.89},"RA","",{"$f":"IF($C602=\"S\",IF($Z602=\"CP\",$X602,IF($Z602=\"RA\",(($X602)*QCI!$AA$3),0)),SomaAgrup)","v":1021.5906501521798},0,{"$f":"IF($N602=\"\",\"\",IF(ORÇAMENTO.Descricao=\"\",\"DESCRIÇÃO\",IF(AND($C602=\"S\",ORÇAMENTO.Unidade=\"\"),\"UNIDADE\",IF($X602<0,\"VALOR NEGATIVO\",IF(OR(AND(TIPOORCAMENTO=\"Proposto\",$AG602<>\"\",$AG602>0,ORÇAMENTO.CustoUnitario>$AG602),AND(TIPOORCAMENTO=\"LICITADO\",ORÇAMENTO.PrecoUnitarioLicitado>$AN602)),\"ACIMA REF.\",\"\")))))","v":""},{"$f":"IF(C602<=CRONO.NivelExibicao,MAX($AD$15:OFFSET(AD602,-1,0))+IF($C602<>1,1,MAX(1,COUNTIF(QCI!$A$13:$A$41,OFFSET($E602,-1,0)))),\"\")","v":76},{"$f":"IF(AND($C602=\"S\",ORÇAMENTO.CodBarra<>\"\"),IF(ORÇAMENTO.Fonte=\"\",ORÇAMENTO.CodBarra,CONCATENATE(ORÇAMENTO.Fonte,\" \",ORÇAMENTO.CodBarra)))","v":false},{"$f":"IF(ISERROR(INDIRECT(ORÇAMENTO.BancoRef)),\"(abra o arquivo 'Referência \"&Excel_BuiltIn_Database&\".xlsm)\",IF(OR($C602<>\"S\",ORÇAMENTO.CodBarra=\"\"),\"(Sem Código)\",IF(ISERROR(MATCH($AE602,INDIRECT(ORÇAMENTO.BancoRef),0)),\"(Código não identificado nas referências)\",MATCH($AE602,INDIRECT(ORÇAMENTO.BancoRef),0))))","v":"(Sem Código)"},{"$f":"ROUND(IF(DESONERACAO=\"sim\",REFERENCIA.Desonerado,REFERENCIA.NaoDesonerado),2)","v":0},0.25,null,null,null,null,28685.89,0]
[2,2,2,6,{"$f":"IF($C603=1,OFFSET(E603,-1,0)+MAX(1,COUNTIF(QCI!$A$13:$A$41,OFFSET(ORÇAMENTO!E603,-1,0))),OFFSET(E603,-1,0))","v":20},1,0,0,0,11,{"$f":"IF(OR($C603=\"S\",$C603=0),0,MATCH(OFFSET($D603,0,$C603)+IF($C603<>1,1,COUNTIF(QCI!$A$13:$A$41,ORÇAMENTO!E603)),OFFSET($D603,1,$C603,ROW($C$744)-ROW($C603)),0))","v":6},"F","Nível 2","Nível 2","20.1.","SINAPI",null,"Dutos",{"$f":"REFERENCIA.Unidade","v":"-"},{"$f":"OFFSET(CÁLCULO!H$15,ROW($T603)-ROW(T$15),0)","v":0},null,"BDI 1",{"$f":"IF($C603=\"S\",ROUND(IF(TIPOORCAMENTO=\"Proposto\",ORÇAMENTO.CustoUnitario*(1+$AH603),ORÇAMENTO.PrecoUnitarioLicitado),15-13*$AF$10),0)","v":0},{"$f":"IF($C603=\"S\",IF(Import.TipoArredondamento<>\"TransfereGOV\",VTOTAL1,SUM(OFFSET(CÁLCULO!$AA$15,ROW($X603)-ROW($X$15),1):OFFSET(CÁLCULO!$AL$15,ROW($X603)-ROW($X$15),-1))),IF($C603=0,0,ROUND(SomaAgrup,15-13*$AF$11)))","v":23357.55},"RA","",{"$f":"IF($C603=\"S\",IF($Z603=\"CP\",$X603,IF($Z603=\"RA\",(($X603)*QCI!$AA$3),0)),SomaAgrup)","v":831.83246852240063},0,{"$f":"IF($N603=\"\",\"\",IF(ORÇAMENTO.Descricao=\"\",\"DESCRIÇÃO\",IF(AND($C603=\"S\",ORÇAMENTO.Unidade=\"\"),\"UNIDADE\",IF($X603<0,\"VALOR NEGATIVO\",IF(OR(AND(TIPOORCAMENTO=\"Proposto\",$AG603<>\"\",$AG603>0,ORÇAMENTO.CustoUnitario>$AG603),AND(TIPOORCAMENTO=\"LICITADO\",ORÇAMENTO.PrecoUnitarioLicitado>$AN603)),\"ACIMA REF.\",\"\")))))","v":""},{"$f":"IF(C603<=CRONO.NivelExibicao,MAX($AD$15:OFFSET(AD603,-1,0))+IF($C603<>1,1,MAX(1,COUNTIF(QCI!$A$13:$A$41,OFFSET($E603,-1,0)))),\"\")","v":77},{"$f":"IF(AND($C603=\"S\",ORÇAMENTO.CodBarra<>\"\"),IF(ORÇAMENTO.Fonte=\"\",ORÇAMENTO.CodBarra,CONCATENATE(ORÇAMENTO.Fonte,\" \",ORÇAMENTO.CodBarra)))","v":false},{"$f":"IF(ISERROR(INDIRECT(ORÇAMENTO.BancoRef)),\"(abra o arquivo 'Referência \"&Excel_BuiltIn_Database&\".xlsm)\",IF(OR($C603<>\"S\",ORÇAMENTO.CodBarra=\"\"),\"(Sem Código)\",IF(ISERROR(MATCH($AE603,INDIRECT(ORÇAMENTO.BancoRef),0)),\"(Código não identificado nas referências)\",MATCH($AE603,INDIRECT(ORÇAMENTO.BancoRef),0))))","v":"(Sem Código)"},{"$f":"ROUND(IF(DESONERACAO=\"sim\",REFERENCIA.Desonerado,REFERENCIA.NaoDesonerado),2)","v":0},0.25,null,null,null,null,23357.55,0]
["S",2,"S",0,{"$f":"IF($C604=1,OFFSET(E604,-1,0)+MAX(1,COUNTIF(QCI!$A$13:$A$41,OFFSET(ORÇAMENTO!E604,-1,0))),OFFSET(E604,-1,0))","v":20},1,0,0,1,0,{"$f":"IF(OR($C604=\"S\",$C604=0),0,MATCH(OFFSET($D604,0,$C604)+IF($C604<>1,1,COUNTIF(QCI!$A$13:$A$41,ORÇAMENTO!E604)),OFFSET($D604,1,$C604,ROW($C$744)-ROW($C604)),0))","v":0},"F","Serviço","Serviço","20.1.1.","SINAPI","91927","CABO DE COBRE FLEXÍVEL ISOLADO, 2,5 MM², ANTI-CHAMA 0,6/1,0 KV, PARA CIRCUITOS TERMINAIS - FORNECIMENTO E INSTALAÇÃO. AF_03/2023",{"$f":"REFERENCIA.Unidade","v":"M"},{"$f":"OFFSET(CÁLCULO!H$15,ROW($T604)-ROW(T$15),0)","v":22.6},4.71,"BDI 1",{"$f":"IF($C604=\"S\",ROUND(IF(TIPOORCAMENTO=\"Proposto\",ORÇAMENTO.CustoUnitario*(1+$AH604),ORÇAMENTO.PrecoUnitarioLicitado),15-13*$AF$10),0)","v":5.89},{"$f":"IF($C604=\"S\",IF(Import.TipoArredondamento<>\"TransfereGOV\",VTOTAL1,SUM(OFFSET(CÁLCULO!$AA$15,ROW($X604)-ROW($X$15),1):OFFSET(CÁLCULO!$AL$15,ROW($X604)-ROW($X$15),-1))),IF($C604=0,0,ROUND(SomaAgrup,15-13*$AF$11)))","v":133.11000000000001},"RA","RA",{"$f":"IF($C604=\"S\",IF($Z604=\"CP\",$X604,IF($Z604=\"RA\",(($X604)*QCI!$AA$3),0)),SomaAgrup)","v":4.7404466600742268},0,{"$f":"IF($N604=\"\",\"\",IF(ORÇAMENTO.Descricao=\"\",\"DESCRIÇÃO\",IF(AND($C604=\"S\",ORÇAMENTO.Unidade=\"\"),\"UNIDADE\",IF($X604<0,\"VALOR NEGATIVO\",IF(OR(AND(TIPOORCAMENTO=\"Proposto\",$AG604<>\"\",$AG604>0,ORÇAMENTO.CustoUnitario>$AG604),AND(TIPOORCAMENTO=\"LICITADO\",ORÇAMENTO.PrecoUnitarioLicitado>$AN604)),\"ACIMA REF.\",\"\")))))","v":""},{"$f":"IF(C604<=CRONO.NivelExibicao,MAX($AD$15:OFFSET(AD604,-1,0))+IF($C604<>1,1,MAX(1,COUNTIF(QCI!$A$13:$A$41,OFFSET($E604,-1,0)))),\"\")","v":""},{"$f":"IF(AND($C604=\"S\",ORÇAMENTO.CodBarra<>\"\"),IF(ORÇAMENTO.Fonte=\"\",ORÇAMENTO.CodBarra,CONCATENATE(ORÇAMENTO.Fonte,\" \",ORÇAMENTO.CodBarra)))","v":"SINAPI 91927"},{"$f":"IF(ISERROR(INDIRECT(ORÇAMENTO.BancoRef)),\"(abra o arquivo 'Referência \"&Excel_BuiltIn_Database&\".xlsm)\",IF(OR($C604<>\"S\",ORÇAMENTO.CodBarra=\"\"),\"(Sem Código)\",IF(ISERROR(MATCH($AE604,INDIRECT(ORÇAMENTO.BancoRef),0)),\"(Código não identificado nas referências)\",MATCH($AE604,INDIRECT(ORÇAMENTO.BancoRef),0))))","v":3081},{"$f":"ROUND(IF(DESONERACAO=\"sim\",REFERENCIA.Desonerado,REFERENCIA.NaoDesonerado),2)","v":4.71},0.25,null,22.6,null,null,133.11000000000001,5.89]
["S",2,"S",0,{"$f":"IF($C605=1,OFFSET(E605,-1,0)+MAX(1,COUNTIF(QCI!$A$13:$A$41,OFFSET(ORÇAMENTO!E605,-1,0))),OFFSET(E605,-1,0))","v":20},1,0,0,2,0,{"$f":"IF(OR($C605=\"S\",$C605=0),0,MATCH(OFFSET($D605,0,$C605)+IF($C605<>1,1,COUNTIF(QCI!$A$13:$A$41,ORÇAMENTO!E605)),OFFSET($D605,1,$C605,ROW($C$744)-ROW($C605)),0))","v":0},"F","Serviço","Serviço","20.1.2.","SINAPI","91929","CABO DE COBRE FLEXÍVEL ISOLADO, 4 MM², ANTI-CHAMA 0,6/1,0 KV, PARA CIRCUITOS TERMINAIS - FORNECIMENTO E INSTALAÇÃO. AF_03/2023",{"$f":"REFERENCIA.Unidade","v":"M"},{"$f":"OFFSET(CÁLCULO!H$15,ROW($T605)-ROW(T$15),0)","v":132.4},6.91,"BDI 1",{"$f":"IF($C605=\"S\",ROUND(IF(TIPOORCAMENTO=\"Proposto\",ORÇAMENTO.CustoUnitario*(1+$AH605),ORÇAMENTO.PrecoUnitarioLicitado),15-13*$AF$10),0)","v":8.64},{"$f":"IF($C605=\"S\",IF(Import.TipoArredondamento<>\"TransfereGOV\",VTOTAL1,SUM(OFFSET(CÁLCULO!$AA$15,ROW($X605)-ROW($X$15),1):OFFSET(CÁLCULO!$AL$15,ROW($X605)-ROW($X$15),-1))),IF($C605=0,0,ROUND(SomaAgrup,15-13*$AF$11)))","v":1143.94},"RA","RA",{"$f":"IF($C605=\"S\",IF($Z605=\"CP\",$X605,IF($Z605=\"RA\",(($X605)*QCI!$AA$3),0)),SomaAgrup)","v":40.739137197245213},0,{"$f":"IF($N605=\"\",\"\",IF(ORÇAMENTO.Descricao=\"\",\"DESCRIÇÃO\",IF(AND($C605=\"S\",ORÇAMENTO.Unidade=\"\"),\"UNIDADE\",IF($X605<0,\"VALOR NEGATIVO\",IF(OR(AND(TIPOORCAMENTO=\"Proposto\",$AG605<>\"\",$AG605>0,ORÇAMENTO.CustoUnitario>$AG605),AND(TIPOORCAMENTO=\"LICITADO\",ORÇAMENTO.PrecoUnitarioLicitado>$AN605)),\"ACIMA REF.\",\"\")))))","v":""},{"$f":"IF(C605<=CRONO.NivelExibicao,MAX($AD$15:OFFSET(AD605,-1,0))+IF($C605<>1,1,MAX(1,COUNTIF(QCI!$A$13:$A$41,OFFSET($E605,-1,0)))),\"\")","v":""},{"$f":"IF(AND($C605=\"S\",ORÇAMENTO.CodBarra<>\"\"),IF(ORÇAMENTO.Fonte=\"\",ORÇAMENTO.CodBarra,CONCATENATE(ORÇAMENTO.Fonte,\" \",ORÇAMENTO.CodBarra)))","v":"SINAPI 91929"},{"$f":"IF(ISERROR(INDIRECT(ORÇAMENTO.BancoRef)),\"(abra o arquivo 'Referência \"&Excel_BuiltIn_Database&\".xlsm)\",IF(OR($C605<>\"S\",ORÇAMENTO.CodBarra=\"\"),\"(Sem Código)\",IF(ISERROR(MATCH($AE605,INDIRECT(ORÇAMENTO.BancoRef),0)),\"(Código não identificado nas referências)\",MATCH($AE605,INDIRECT(ORÇAMENTO.BancoRef),0))))","v":3083},{"$f":"ROUND(IF(DESONERACAO=\"sim\",REFERENCIA.Desonerado,REFERENCIA.NaoDesonerado),2)","v":6.91},0.25,null,132.4,null,null,1143.94,8.64]
["S",2,"S",0,{"$f":"IF($C606=1,OFFSET(E606,-1,0)+MAX(1,COUNTIF(QCI!$A$13:$A$41,OFFSET(ORÇAMENTO!E606,-1,0))),OFFSET(E606,-1,0))","v":20},1,0,0,3,0,{"$f":"IF(OR($C606=\"S\",$C606=0),0,MATCH(OFFSET($D606,0,$C606)+IF($C606<>1,1,COUNTIF(QCI!$A$13:$A$41,ORÇAMENTO!E606)),OFFSET($D606,1,$C606,ROW($C$744)-ROW($C606)),0))","v":0},"F","Serviço","Serviço","20.1.3.","SINAPI","97327","TUBO EM COBRE FLEXÍVEL, DN 1/4\", COM ISOLAMENTO, INSTALADO EM RAMAL DE ALIMENTAÇÃO DE AR CONDICIONADO COM CONDENSADORA INDIVIDUAL   FORNECIMENTO E INSTALAÇÃO. AF_12/2015",{"$f":"REFERENCIA.Unidade","v":"M"},{"$f":"OFFSET(CÁLCULO!H$15,ROW($T606)-ROW(T$15),0)","v":16.899999999999999},27.07,"BDI 1",{"$f":"IF($C606=\"S\",ROUND(IF(TIPOORCAMENTO=\"Proposto\",ORÇAMENTO.CustoUnitario*(1+$AH606),ORÇAMENTO.PrecoUnitarioLicitado),15-13*$AF$10),0)","v":33.840000000000003},{"$f":"IF($C606=\"S\",IF(Import.TipoArredondamento<>\"TransfereGOV\",VTOTAL1,SUM(OFFSET(CÁLCULO!$AA$15,ROW($X606)-ROW($X$15),1):OFFSET(CÁLCULO!$AL$15,ROW($X606)-ROW($X$15),-1))),IF($C606=0,0,ROUND(SomaAgrup,15-13*$AF$11)))","v":571.9},"RA","RA",{"$f":"IF($C606=\"S\",IF($Z606=\"CP\",$X606,IF($Z606=\"RA\",(($X606)*QCI!$AA$3),0)),SomaAgrup)","v":20.367075688501615},0,{"$f":"IF($N606=\"\",\"\",IF(ORÇAMENTO.Descricao=\"\",\"DESCRIÇÃO\",IF(AND($C606=\"S\",ORÇAMENTO.Unidade=\"\"),\"UNIDADE\",IF($X606<0,\"VALOR NEGATIVO\",IF(OR(AND(TIPOORCAMENTO=\"Proposto\",$AG606<>\"\",$AG606>0,ORÇAMENTO.CustoUnitario>$AG606),AND(TIPOORCAMENTO=\"LICITADO\",ORÇAMENTO.PrecoUnitarioLicitado>$AN606)),\"ACIMA REF.\",\"\")))))","v":""},{"$f":"IF(C606<=CRONO.NivelExibicao,MAX($AD$15:OFFSET(AD606,-1,0))+IF($C606<>1,1,MAX(1,COUNTIF(QCI!$A$13:$A$41,OFFSET($E606,-1,0)))),\"\")","v":""},{"$f":"IF(AND($C606=\"S\",ORÇAMENTO.CodBarra<>\"\"),IF(ORÇAMENTO.Fonte=\"\",ORÇAMENTO.CodBarra,CONCATENATE(ORÇAMENTO.Fonte,\" \",ORÇAMENTO.CodBarra)))","v":"SINAPI 97327"},{"$f":"IF(ISERROR(INDIRECT(ORÇAMENTO.BancoRef)),\"(abra o arquivo 'Referência \"&Excel_BuiltIn_Database&\".xlsm)\",IF(OR($C606<>\"S\",ORÇAMENTO.CodBarra=\"\"),\"(Sem Código)\",IF(ISERROR(MATCH($AE606,INDIRECT(ORÇAMENTO.BancoRef),0)),\"(Código não identificado nas referências)\",MATCH($AE606,INDIRECT(ORÇAMENTO.BancoRef),0))))","v":3811},{"$f":"ROUND(IF(DESONERACAO=\"sim\",REFERENCIA.Desonerado,REFERENCIA.NaoDesonerado),2)","v":27.07},0.25,null,16.899999999999999,null,null,571.9,33.840000000000003]
["S",2,"S",0,{"$f":"IF($C607=1,OFFSET(E607,-1,0)+MAX(1,COUNTIF(QCI!$A$13:$A$41,OFFSET(ORÇAMENTO!E607,-1,0))),OFFSET(E607,-1,0))","v":20},1,0,0,4,0,{"$f":"IF(OR($C607=\"S\",$C607=0),0,MATCH(OFFSET($D607,0,$C607)+IF($C607<>1,1,COUNTIF(QCI!$A$13:$A$41,ORÇAMENTO!E607)),OFFSET($D607,1,$C607,ROW($C$744)-ROW($C607)),0))","v":0},"F","Serviço","Serviço","20.1.4.","SINAPI","97328","TUBO EM COBRE FLEXÍVEL, DN 3/8\", COM ISOLAMENTO, INSTALADO EM RAMAL DE ALIMENTAÇÃO DE AR CONDICIONADO COM CONDENSADORA INDIVIDUAL - FORNECIMENTO E INSTALAÇÃO. AF_12/2015",{"$f":"REFERENCIA.Unidade","v":"M"},{"$f":"OFFSET(CÁLCULO!H$15,ROW($T607)-ROW(T$15),0)","v":154.9},44.74,"BDI 1",{"$f":"IF($C607=\"S\",ROUND(IF(TIPOORCAMENTO=\"Proposto\",ORÇAMENTO.CustoUnitario*(1+$AH607),ORÇAMENTO.PrecoUnitarioLicitado),15-13*$AF$10),0)","v":55.93},{"$f":"IF($C607=\"S\",IF(Import.TipoArredondamento<>\"TransfereGOV\",VTOTAL1,SUM(OFFSET(CÁLCULO!$AA$15,ROW($X607)-ROW($X$15),1):OFFSET(CÁLCULO!$AL$15,ROW($X607)-ROW($X$15),-1))),IF($C607=0,0,ROUND(SomaAgrup,15-13*$AF$11)))","v":8663.56},"RA","RA",{"$f":"IF($C607=\"S\",IF($Z607=\"CP\",$X607,IF($Z607=\"RA\",(($X607)*QCI!$AA$3),0)),SomaAgrup)","v":308.53537725454629},0,{"$f":"IF($N607=\"\",\"\",IF(ORÇAMENTO.Descricao=\"\",\"DESCRIÇÃO\",IF(AND($C607=\"S\",ORÇAMENTO.Unidade=\"\"),\"UNIDADE\",IF($X607<0,\"VALOR NEGATIVO\",IF(OR(AND(TIPOORCAMENTO=\"Proposto\",$AG607<>\"\",$AG607>0,ORÇAMENTO.CustoUnitario>$AG607),AND(TIPOORCAMENTO=\"LICITADO\",ORÇAMENTO.PrecoUnitarioLicitado>$AN607)),\"ACIMA REF.\",\"\")))))","v":""},{"$f":"IF(C607<=CRONO.NivelExibicao,MAX($AD$15:OFFSET(AD607,-1,0))+IF($C607<>1,1,MAX(1,COUNTIF(QCI!$A$13:$A$41,OFFSET($E607,-1,0)))),\"\")","v":""},{"$f":"IF(AND($C607=\"S\",ORÇAMENTO.CodBarra<>\"\"),IF(ORÇAMENTO.Fonte=\"\",ORÇAMENTO.CodBarra,CONCATENATE(ORÇAMENTO.Fonte,\" \",ORÇAMENTO.CodBarra)))","v":"SINAPI 97328"},{"$f":"IF(ISERROR(INDIRECT(ORÇAMENTO.BancoRef)),\"(abra o arquivo 'Referência \"&Excel_BuiltIn_Database&\".xlsm)\",IF(OR($C607<>\"S\",ORÇAMENTO.CodBarra=\"\"),\"(Sem Código)\",IF(ISERROR(MATCH($AE607,INDIRECT(ORÇAMENTO.BancoRef),0)),\"(Código não identificado nas referências)\",MATCH($AE607,INDIRECT(ORÇAMENTO.BancoRef),0))))","v":3812},{"$f":"ROUND(IF(DESONERACAO=\"sim\",REFERENCIA.Desonerado,REFERENCIA.NaoDesonerado),2)","v":44.74},0.25,null,154.9,null,null,8663.56,55.93]
["S",2,"S",0,{"$f":"IF($C608=1,OFFSET(E608,-1,0)+MAX(1,COUNTIF(QCI!$A$13:$A$41,OFFSET(ORÇAMENTO!E608,-1,0))),OFFSET(E608,-1,0))","v":20},1,0,0,5,0,{"$f":"IF(OR($C608=\"S\",$C608=0),0,MATCH(OFFSET($D608,0,$C608)+IF($C608<>1,1,COUNTIF(QCI!$A$13:$A$41,ORÇAMENTO!E608)),OFFSET($D608,1,$C608,ROW($C$744)-ROW($C608)),0))","v":0},"F","Serviço","Serviço","20.1.5.","SINAPI","103292","TUBO EM COBRE FLEXÍVEL, DN 5/8\", COM ISOLAMENTO, INSTALADO EM FORRO, PARA RAMAL DE ALIMENTAÇÃO DE AR CONDICIONADO, INCLUSO FIXADOR. AF_11/2021",{"$f":"REFERENCIA.Unidade","v":"M"},{"$f":"OFFSET(CÁLCULO!H$15,ROW($T608)-ROW(T$15),0)","v":138},74.459999999999994,"BDI 1",{"$f":"IF($C608=\"S\",ROUND(IF(TIPOORCAMENTO=\"Proposto\",ORÇAMENTO.CustoUnitario*(1+$AH608),ORÇAMENTO.PrecoUnitarioLicitado),15-13*$AF$10),0)","v":93.08},{"$f":"IF($C608=\"S\",IF(Import.TipoArredondamento<>\"TransfereGOV\",VTOTAL1,SUM(OFFSET(CÁLCULO!$AA$15,ROW($X608)-ROW($X$15),1):OFFSET(CÁLCULO!$AL$15,ROW($X608)-ROW($X$15),-1))),IF($C608=0,0,ROUND(SomaAgrup,15-13*$AF$11)))","v":12845.04},"RA","RA",{"$f":"IF($C608=\"S\",IF($Z608=\"CP\",$X608,IF($Z608=\"RA\",(($X608)*QCI!$AA$3),0)),SomaAgrup)","v":457.45043172203322},0,{"$f":"IF($N608=\"\",\"\",IF(ORÇAMENTO.Descricao=\"\",\"DESCRIÇÃO\",IF(AND($C608=\"S\",ORÇAMENTO.Unidade=\"\"),\"UNIDADE\",IF($X608<0,\"VALOR NEGATIVO\",IF(OR(AND(TIPOORCAMENTO=\"Proposto\",$AG608<>\"\",$AG608>0,ORÇAMENTO.CustoUnitario>$AG608),AND(TIPOORCAMENTO=\"LICITADO\",ORÇAMENTO.PrecoUnitarioLicitado>$AN608)),\"ACIMA REF.\",\"\")))))","v":""},{"$f":"IF(C608<=CRONO.NivelExibicao,MAX($AD$15:OFFSET(AD608,-1,0))+IF($C608<>1,1,MAX(1,COUNTIF(QCI!$A$13:$A$41,OFFSET($E608,-1,0)))),\"\")","v":""},{"$f":"IF(AND($C608=\"S\",ORÇAMENTO.CodBarra<>\"\"),IF(ORÇAMENTO.Fonte=\"\",ORÇAMENTO.CodBarra,CONCATENATE(ORÇAMENTO.Fonte,\" \",ORÇAMENTO.CodBarra)))","v":"SINAPI 103292"},{"$f":"IF(ISERROR(INDIRECT(ORÇAMENTO.BancoRef)),\"(abra o arquivo 'Referência \"&Excel_BuiltIn_Database&\".xlsm)\",IF(OR($C608<>\"S\",ORÇAMENTO.CodBarra=\"\"),\"(Sem Código)\",IF(ISERROR(MATCH($AE608,INDIRECT(ORÇAMENTO.BancoRef),0)),\"(Código não identificado nas referências)\",MATCH($AE608,INDIRECT(ORÇAMENTO.BancoRef),0))))","v":3624},{"$f":"ROUND(IF(DESONERACAO=\"sim\",REFERENCIA.Desonerado,REFERENCIA.NaoDesonerado),2)","v":74.459999999999994},0.25,null,138,null,null,12845.04,93.08]
[2,2,2,5,{"$f":"IF($C609=1,OFFSET(E609,-1,0)+MAX(1,COUNTIF(QCI!$A$13:$A$41,OFFSET(ORÇAMENTO!E609,-1,0))),OFFSET(E609,-1,0))","v":20},2,0,0,0,5,{"$f":"IF(OR($C609=\"S\",$C609=0),0,MATCH(OFFSET($D609,0,$C609)+IF($C609<>1,1,COUNTIF(QCI!$A$13:$A$41,ORÇAMENTO!E609)),OFFSET($D609,1,$C609,ROW($C$744)-ROW($C609)),0))","v":24},"F","Nível 2","Nível 2","20.2.","SINAPI",null,"Dreno",{"$f":"REFERENCIA.Unidade","v":"-"},{"$f":"OFFSET(CÁLCULO!H$15,ROW($T609)-ROW(T$15),0)","v":0},null,"BDI 1",{"$f":"IF($C609=\"S\",ROUND(IF(TIPOORCAMENTO=\"Proposto\",ORÇAMENTO.CustoUnitario*(1+$AH609),ORÇAMENTO.PrecoUnitarioLicitado),15-13*$AF$10),0)","v":0},{"$f":"IF($C609=\"S\",IF(Import.TipoArredondamento<>\"TransfereGOV\",VTOTAL1,SUM(OFFSET(CÁLCULO!$AA$15,ROW($X609)-ROW($X$15),1):OFFSET(CÁLCULO!$AL$15,ROW($X609)-ROW($X$15),-1))),IF($C609=0,0,ROUND(SomaAgrup,15-13*$AF$11)))","v":5328.34},"RA","",{"$f":"IF($C609=\"S\",IF($Z609=\"CP\",$X609,IF($Z609=\"RA\",(($X609)*QCI!$AA$3),0)),SomaAgrup)","v":189.75818162977916},0,{"$f":"IF($N609=\"\",\"\",IF(ORÇAMENTO.Descricao=\"\",\"DESCRIÇÃO\",IF(AND($C609=\"S\",ORÇAMENTO.Unidade=\"\"),\"UNIDADE\",IF($X609<0,\"VALOR NEGATIVO\",IF(OR(AND(TIPOORCAMENTO=\"Proposto\",$AG609<>\"\",$AG609>0,ORÇAMENTO.CustoUnitario>$AG609),AND(TIPOORCAMENTO=\"LICITADO\",ORÇAMENTO.PrecoUnitarioLicitado>$AN609)),\"ACIMA REF.\",\"\")))))","v":""},{"$f":"IF(C609<=CRONO.NivelExibicao,MAX($AD$15:OFFSET(AD609,-1,0))+IF($C609<>1,1,MAX(1,COUNTIF(QCI!$A$13:$A$41,OFFSET($E609,-1,0)))),\"\")","v":78},{"$f":"IF(AND($C609=\"S\",ORÇAMENTO.CodBarra<>\"\"),IF(ORÇAMENTO.Fonte=\"\",ORÇAMENTO.CodBarra,CONCATENATE(ORÇAMENTO.Fonte,\" \",ORÇAMENTO.CodBarra)))","v":false},{"$f":"IF(ISERROR(INDIRECT(ORÇAMENTO.BancoRef)),\"(abra o arquivo 'Referência \"&Excel_BuiltIn_Database&\".xlsm)\",IF(OR($C609<>\"S\",ORÇAMENTO.CodBarra=\"\"),\"(Sem Código)\",IF(ISERROR(MATCH($AE609,INDIRECT(ORÇAMENTO.BancoRef),0)),\"(Código não identificado nas referências)\",MATCH($AE609,INDIRECT(ORÇAMENTO.BancoRef),0))))","v":"(Sem Código)"},{"$f":"ROUND(IF(DESONERACAO=\"sim\",REFERENCIA.Desonerado,REFERENCIA.NaoDesonerado),2)","v":0},0.25,null,null,null,null,5328.34,0]
["S",2,"S",0,{"$f":"IF($C610=1,OFFSET(E610,-1,0)+MAX(1,COUNTIF(QCI!$A$13:$A$41,OFFSET(ORÇAMENTO!E610,-1,0))),OFFSET(E610,-1,0))","v":20},2,0,0,1,0,{"$f":"IF(OR($C610=\"S\",$C610=0),0,MATCH(OFFSET($D610,0,$C610)+IF($C610<>1,1,COUNTIF(QCI!$A$13:$A$41,ORÇAMENTO!E610)),OFFSET($D610,1,$C610,ROW($C$744)-ROW($C610)),0))","v":0},"F","Serviço","Serviço","20.2.1.","SINAPI","103978","TUBO, PVC, SOLDÁVEL, DN 40MM, INSTALADO EM RAMAL DE DISTRIBUIÇÃO DE ÁGUA - FORNECIMENTO E INSTALAÇÃO. AF_06/2022",{"$f":"REFERENCIA.Unidade","v":"M"},{"$f":"OFFSET(CÁLCULO!H$15,ROW($T610)-ROW(T$15),0)","v":128.80000000000001},26.84,"BDI 1",{"$f":"IF($C610=\"S\",ROUND(IF(TIPOORCAMENTO=\"Proposto\",ORÇAMENTO.CustoUnitario*(1+$AH610),ORÇAMENTO.PrecoUnitarioLicitado),15-13*$AF$10),0)","v":33.549999999999997},{"$f":"IF($C610=\"S\",IF(Import.TipoArredondamento<>\"TransfereGOV\",VTOTAL1,SUM(OFFSET(CÁLCULO!$AA$15,ROW($X610)-ROW($X$15),1):OFFSET(CÁLCULO!$AL$15,ROW($X610)-ROW($X$15),-1))),IF($C610=0,0,ROUND(SomaAgrup,15-13*$AF$11)))","v":4321.24},"RA","RA",{"$f":"IF($C610=\"S\",IF($Z610=\"CP\",$X610,IF($Z610=\"RA\",(($X610)*QCI!$AA$3),0)),SomaAgrup)","v":153.89232758905527},0,{"$f":"IF($N610=\"\",\"\",IF(ORÇAMENTO.Descricao=\"\",\"DESCRIÇÃO\",IF(AND($C610=\"S\",ORÇAMENTO.Unidade=\"\"),\"UNIDADE\",IF($X610<0,\"VALOR NEGATIVO\",IF(OR(AND(TIPOORCAMENTO=\"Proposto\",$AG610<>\"\",$AG610>0,ORÇAMENTO.CustoUnitario>$AG610),AND(TIPOORCAMENTO=\"LICITADO\",ORÇAMENTO.PrecoUnitarioLicitado>$AN610)),\"ACIMA REF.\",\"\")))))","v":""},{"$f":"IF(C610<=CRONO.NivelExibicao,MAX($AD$15:OFFSET(AD610,-1,0))+IF($C610<>1,1,MAX(1,COUNTIF(QCI!$A$13:$A$41,OFFSET($E610,-1,0)))),\"\")","v":""},{"$f":"IF(AND($C610=\"S\",ORÇAMENTO.CodBarra<>\"\"),IF(ORÇAMENTO.Fonte=\"\",ORÇAMENTO.CodBarra,CONCATENATE(ORÇAMENTO.Fonte,\" \",ORÇAMENTO.CodBarra)))","v":"SINAPI 103978"},{"$f":"IF(ISERROR(INDIRECT(ORÇAMENTO.BancoRef)),\"(abra o arquivo 'Referência \"&Excel_BuiltIn_Database&\".xlsm)\",IF(OR($C610<>\"S\",ORÇAMENTO.CodBarra=\"\"),\"(Sem Código)\",IF(ISERROR(MATCH($AE610,INDIRECT(ORÇAMENTO.BancoRef),0)),\"(Código não identificado nas referências)\",MATCH($AE610,INDIRECT(ORÇAMENTO.BancoRef),0))))","v":3875},{"$f":"ROUND(IF(DESONERACAO=\"sim\",REFERENCIA.Desonerado,REFERENCIA.NaoDesonerado),2)","v":26.84},0.25,null,128.80000000000001,null,null,4321.24,33.549999999999997]
["S",2,"S",0,{"$f":"IF($C611=1,OFFSET(E611,-1,0)+MAX(1,COUNTIF(QCI!$A$13:$A$41,OFFSET(ORÇAMENTO!E611,-1,0))),OFFSET(E611,-1,0))","v":20},2,0,0,2,0,{"$f":"IF(OR($C611=\"S\",$C611=0),0,MATCH(OFFSET($D611,0,$C611)+IF($C611<>1,1,COUNTIF(QCI!$A$13:$A$41,ORÇAMENTO!E611)),OFFSET($D611,1,$C611,ROW($C$744)-ROW($C611)),0))","v":0},"F","Serviço","Serviço","20.2.2.","SINAPI","103981","JOELHO 45 GRAUS, PVC, SOLDÁVEL, DN 40MM, INSTALADO EM RAMAL DE DISTRIBUIÇÃO DE ÁGUA - FORNECIMENTO E INSTALAÇÃO. AF_06/2022",{"$f":"REFERENCIA.Unidade","v":"UN"},{"$f":"OFFSET(CÁLCULO!H$15,ROW($T611)-ROW(T$15),0)","v":24},18.16,"BDI 1",{"$f":"IF($C611=\"S\",ROUND(IF(TIPOORCAMENTO=\"Proposto\",ORÇAMENTO.CustoUnitario*(1+$AH611),ORÇAMENTO.PrecoUnitarioLicitado),15-13*$AF$10),0)","v":22.7},{"$f":"IF($C611=\"S\",IF(Import.TipoArredondamento<>\"TransfereGOV\",VTOTAL1,SUM(OFFSET(CÁLCULO!$AA$15,ROW($X611)-ROW($X$15),1):OFFSET(CÁLCULO!$AL$15,ROW($X611)-ROW($X$15),-1))),IF($C611=0,0,ROUND(SomaAgrup,15-13*$AF$11)))","v":544.79999999999995},"RA","RA",{"$f":"IF($C611=\"S\",IF($Z611=\"CP\",$X611,IF($Z611=\"RA\",(($X611)*QCI!$AA$3),0)),SomaAgrup)","v":19.401963341660569},0,{"$f":"IF($N611=\"\",\"\",IF(ORÇAMENTO.Descricao=\"\",\"DESCRIÇÃO\",IF(AND($C611=\"S\",ORÇAMENTO.Unidade=\"\"),\"UNIDADE\",IF($X611<0,\"VALOR NEGATIVO\",IF(OR(AND(TIPOORCAMENTO=\"Proposto\",$AG611<>\"\",$AG611>0,ORÇAMENTO.CustoUnitario>$AG611),AND(TIPOORCAMENTO=\"LICITADO\",ORÇAMENTO.PrecoUnitarioLicitado>$AN611)),\"ACIMA REF.\",\"\")))))","v":""},{"$f":"IF(C611<=CRONO.NivelExibicao,MAX($AD$15:OFFSET(AD611,-1,0))+IF($C611<>1,1,MAX(1,COUNTIF(QCI!$A$13:$A$41,OFFSET($E611,-1,0)))),\"\")","v":""},{"$f":"IF(AND($C611=\"S\",ORÇAMENTO.CodBarra<>\"\"),IF(ORÇAMENTO.Fonte=\"\",ORÇAMENTO.CodBarra,CONCATENATE(ORÇAMENTO.Fonte,\" \",ORÇAMENTO.CodBarra)))","v":"SINAPI 103981"},{"$f":"IF(ISERROR(INDIRECT(ORÇAMENTO.BancoRef)),\"(abra o arquivo 'Referência \"&Excel_BuiltIn_Database&\".xlsm)\",IF(OR($C611<>\"S\",ORÇAMENTO.CodBarra=\"\"),\"(Sem Código)\",IF(ISERROR(MATCH($AE611,INDIRECT(ORÇAMENTO.BancoRef),0)),\"(Código não identificado nas referências)\",MATCH($AE611,INDIRECT(ORÇAMENTO.BancoRef),0))))","v":5053},{"$f":"ROUND(IF(DESONERACAO=\"sim\",REFERENCIA.Desonerado,REFERENCIA.NaoDesonerado),2)","v":18.16},0.25,null,24,null,null,544.79999999999995,22.7]
["S",2,"S",0,{"$f":"IF($C612=1,OFFSET(E612,-1,0)+MAX(1,COUNTIF(QCI!$A$13:$A$41,OFFSET(ORÇAMENTO!E612,-1,0))),OFFSET(E612,-1,0))","v":20},2,0,0,3,0,{"$f":"IF(OR($C612=\"S\",$C612=0),0,MATCH(OFFSET($D612,0,$C612)+IF($C612<>1,1,COUNTIF(QCI!$A$13:$A$41,ORÇAMENTO!E612)),OFFSET($D612,1,$C612,ROW($C$744)-ROW($C612)),0))","v":0},"F","Serviço","Serviço","20.2.3.","SINAPI","103980","JOELHO 90 GRAUS, PVC, SOLDÁVEL, DN 40MM, INSTALADO EM RAMAL DE DISTRIBUIÇÃO DE ÁGUA - FORNECIMENTO E INSTALAÇÃO. AF_06/2022",{"$f":"REFERENCIA.Unidade","v":"UN"},{"$f":"OFFSET(CÁLCULO!H$15,ROW($T612)-ROW(T$15),0)","v":19},18.100000000000001,"BDI 1",{"$f":"IF($C612=\"S\",ROUND(IF(TIPOORCAMENTO=\"Proposto\",ORÇAMENTO.CustoUnitario*(1+$AH612),ORÇAMENTO.PrecoUnitarioLicitado),15-13*$AF$10),0)","v":22.63},{"$f":"IF($C612=\"S\",IF(Import.TipoArredondamento<>\"TransfereGOV\",VTOTAL1,SUM(OFFSET(CÁLCULO!$AA$15,ROW($X612)-ROW($X$15),1):OFFSET(CÁLCULO!$AL$15,ROW($X612)-ROW($X$15),-1))),IF($C612=0,0,ROUND(SomaAgrup,15-13*$AF$11)))","v":429.97},"RA","RA",{"$f":"IF($C612=\"S\",IF($Z612=\"CP\",$X612,IF($Z612=\"RA\",(($X612)*QCI!$AA$3),0)),SomaAgrup)","v":15.312522353182445},0,{"$f":"IF($N612=\"\",\"\",IF(ORÇAMENTO.Descricao=\"\",\"DESCRIÇÃO\",IF(AND($C612=\"S\",ORÇAMENTO.Unidade=\"\"),\"UNIDADE\",IF($X612<0,\"VALOR NEGATIVO\",IF(OR(AND(TIPOORCAMENTO=\"Proposto\",$AG612<>\"\",$AG612>0,ORÇAMENTO.CustoUnitario>$AG612),AND(TIPOORCAMENTO=\"LICITADO\",ORÇAMENTO.PrecoUnitarioLicitado>$AN612)),\"ACIMA REF.\",\"\")))))","v":""},{"$f":"IF(C612<=CRONO.NivelExibicao,MAX($AD$15:OFFSET(AD612,-1,0))+IF($C612<>1,1,MAX(1,COUNTIF(QCI!$A$13:$A$41,OFFSET($E612,-1,0)))),\"\")","v":""},{"$f":"IF(AND($C612=\"S\",ORÇAMENTO.CodBarra<>\"\"),IF(ORÇAMENTO.Fonte=\"\",ORÇAMENTO.CodBarra,CONCATENATE(ORÇAMENTO.Fonte,\" \",ORÇAMENTO.CodBarra)))","v":"SINAPI 103980"},{"$f":"IF(ISERROR(INDIRECT(ORÇAMENTO.BancoRef)),\"(abra o arquivo 'Referência \"&Excel_BuiltIn_Database&\".xlsm)\",IF(OR($C612<>\"S\",ORÇAMENTO.CodBarra=\"\"),\"(Sem Código)\",IF(ISERROR(MATCH($AE612,INDIRECT(ORÇAMENTO.BancoRef),0)),\"(Código não identificado nas referências)\",MATCH($AE612,INDIRECT(ORÇAMENTO.BancoRef),0))))","v":5052},{"$f":"ROUND(IF(DESONERACAO=\"sim\",REFERENCIA.Desonerado,REFERENCIA.NaoDesonerado),2)","v":18.100000000000001},0.25,null,19,null,null,429.97,22.63]
["S",2,"S",0,{"$f":"IF($C613=1,OFFSET(E613,-1,0)+MAX(1,COUNTIF(QCI!$A$13:$A$41,OFFSET(ORÇAMENTO!E613,-1,0))),OFFSET(E613,-1,0))","v":20},2,0,0,4,0,{"$f":"IF(OR($C613=\"S\",$C613=0),0,MATCH(OFFSET($D613,0,$C613)+IF($C613<>1,1,COUNTIF(QCI!$A$13:$A$41,ORÇAMENTO!E613)),OFFSET($D613,1,$C613,ROW($C$744)-ROW($C613)),0))","v":0},"F","Serviço","Serviço","20.2.4.","SINAPI","104011","TE, PVC, SOLDÁVEL, DN 40MM, INSTALADO EM RAMAL DE DISTRIBUIÇÃO DE ÁGUA - FORNECIMENTO E INSTALAÇÃO. AF_06/2022",{"$f":"REFERENCIA.Unidade","v":"UN"},{"$f":"OFFSET(CÁLCULO!H$15,ROW($T613)-ROW(T$15),0)","v":1},25.86,"BDI 1",{"$f":"IF($C613=\"S\",ROUND(IF(TIPOORCAMENTO=\"Proposto\",ORÇAMENTO.CustoUnitario*(1+$AH613),ORÇAMENTO.PrecoUnitarioLicitado),15-13*$AF$10),0)","v":32.33},{"$f":"IF($C613=\"S\",IF(Import.TipoArredondamento<>\"TransfereGOV\",VTOTAL1,SUM(OFFSET(CÁLCULO!$AA$15,ROW($X613)-ROW($X$15),1):OFFSET(CÁLCULO!$AL$15,ROW($X613)-ROW($X$15),-1))),IF($C613=0,0,ROUND(SomaAgrup,15-13*$AF$11)))","v":32.33},"RA","RA",{"$f":"IF($C613=\"S\",IF($Z613=\"CP\",$X613,IF($Z613=\"RA\",(($X613)*QCI!$AA$3),0)),SomaAgrup)","v":1.1513683458808484},0,{"$f":"IF($N613=\"\",\"\",IF(ORÇAMENTO.Descricao=\"\",\"DESCRIÇÃO\",IF(AND($C613=\"S\",ORÇAMENTO.Unidade=\"\"),\"UNIDADE\",IF($X613<0,\"VALOR NEGATIVO\",IF(OR(AND(TIPOORCAMENTO=\"Proposto\",$AG613<>\"\",$AG613>0,ORÇAMENTO.CustoUnitario>$AG613),AND(TIPOORCAMENTO=\"LICITADO\",ORÇAMENTO.PrecoUnitarioLicitado>$AN613)),\"ACIMA REF.\",\"\")))))","v":""},{"$f":"IF(C613<=CRONO.NivelExibicao,MAX($AD$15:OFFSET(AD613,-1,0))+IF($C613<>1,1,MAX(1,COUNTIF(QCI!$A$13:$A$41,OFFSET($E613,-1,0)))),\"\")","v":""},{"$f":"IF(AND($C613=\"S\",ORÇAMENTO.CodBarra<>\"\"),IF(ORÇAMENTO.Fonte=\"\",ORÇAMENTO.CodBarra,CONCATENATE(ORÇAMENTO.Fonte,\" \",ORÇAMENTO.CodBarra)))","v":"SINAPI 104011"},{"$f":"IF(ISERROR(INDIRECT(ORÇAMENTO.BancoRef)),\"(abra o arquivo 'Referência \"&Excel_BuiltIn_Database&\".xlsm)\",IF(OR($C613<>\"S\",ORÇAMENTO.CodBarra=\"\"),\"(Sem Código)\",IF(ISERROR(MATCH($AE613,INDIRECT(ORÇAMENTO.BancoRef),0)),\"(Código não identificado nas referências)\",MATCH($AE613,INDIRECT(ORÇAMENTO.BancoRef),0))))","v":5081},{"$f":"ROUND(IF(DESONERACAO=\"sim\",REFERENCIA.Desonerado,REFERENCIA.NaoDesonerado),2)","v":25.86},0.25,null,1,null,null,32.33,32.33]
[1,1,1,39,{"$f":"IF($C614=1,OFFSET(E614,-1,0)+MAX(1,COUNTIF(QCI!$A$13:$A$41,OFFSET(ORÇAMENTO!E614,-1,0))),OFFSET(E614,-1,0))","v":21},0,0,0,0,130,{"$f":"IF(OR($C614=\"S\",$C614=0),0,MATCH(OFFSET($D614,0,$C614)+IF($C614<>1,1,COUNTIF(QCI!$A$13:$A$41,ORÇAMENTO!E614)),OFFSET($D614,1,$C614,ROW($C$744)-ROW($C614)),0))","v":39},"F","Meta","Meta","21.","SINAPI",null,"INSTALAÇÕES DE CABEAMENTO ESTRUTURADO",{"$f":"REFERENCIA.Unidade","v":"-"},{"$f":"OFFSET(CÁLCULO!H$15,ROW($T614)-ROW(T$15),0)","v":0},null,"BDI 1",{"$f":"IF($C614=\"S\",ROUND(IF(TIPOORCAMENTO=\"Proposto\",ORÇAMENTO.CustoUnitario*(1+$AH614),ORÇAMENTO.PrecoUnitarioLicitado),15-13*$AF$10),0)","v":0},{"$f":"IF($C614=\"S\",IF(Import.TipoArredondamento<>\"TransfereGOV\",VTOTAL1,SUM(OFFSET(CÁLCULO!$AA$15,ROW($X614)-ROW($X$15),1):OFFSET(CÁLCULO!$AL$15,ROW($X614)-ROW($X$15),-1))),IF($C614=0,0,ROUND(SomaAgrup,15-13*$AF$11)))","v":76361.289999999994},"RA","",{"$f":"IF($C614=\"S\",IF($Z614=\"CP\",$X614,IF($Z614=\"RA\",(($X614)*QCI!$AA$3),0)),SomaAgrup)","v":2719.4547527568134},0,{"$f":"IF($N614=\"\",\"\",IF(ORÇAMENTO.Descricao=\"\",\"DESCRIÇÃO\",IF(AND($C614=\"S\",ORÇAMENTO.Unidade=\"\"),\"UNIDADE\",IF($X614<0,\"VALOR NEGATIVO\",IF(OR(AND(TIPOORCAMENTO=\"Proposto\",$AG614<>\"\",$AG614>0,ORÇAMENTO.CustoUnitario>$AG614),AND(TIPOORCAMENTO=\"LICITADO\",ORÇAMENTO.PrecoUnitarioLicitado>$AN614)),\"ACIMA REF.\",\"\")))))","v":""},{"$f":"IF(C614<=CRONO.NivelExibicao,MAX($AD$15:OFFSET(AD614,-1,0))+IF($C614<>1,1,MAX(1,COUNTIF(QCI!$A$13:$A$41,OFFSET($E614,-1,0)))),\"\")","v":79},{"$f":"IF(AND($C614=\"S\",ORÇAMENTO.CodBarra<>\"\"),IF(ORÇAMENTO.Fonte=\"\",ORÇAMENTO.CodBarra,CONCATENATE(ORÇAMENTO.Fonte,\" \",ORÇAMENTO.CodBarra)))","v":false},{"$f":"IF(ISERROR(INDIRECT(ORÇAMENTO.BancoRef)),\"(abra o arquivo 'Referência \"&Excel_BuiltIn_Database&\".xlsm)\",IF(OR($C614<>\"S\",ORÇAMENTO.CodBarra=\"\"),\"(Sem Código)\",IF(ISERROR(MATCH($AE614,INDIRECT(ORÇAMENTO.BancoRef),0)),\"(Código não identificado nas referências)\",MATCH($AE614,INDIRECT(ORÇAMENTO.BancoRef),0))))","v":"(Sem Código)"},{"$f":"ROUND(IF(DESONERACAO=\"sim\",REFERENCIA.Desonerado,REFERENCIA.NaoDesonerado),2)","v":0},0.25,null,null,null,null,76361.289999999994,0]
[2,2,2,10,{"$f":"IF($C615=1,OFFSET(E615,-1,0)+MAX(1,COUNTIF(QCI!$A$13:$A$41,OFFSET(ORÇAMENTO!E615,-1,0))),OFFSET(E615,-1,0))","v":21},1,0,0,0,38,{"$f":"IF(OR($C615=\"S\",$C615=0),0,MATCH(OFFSET($D615,0,$C615)+IF($C615<>1,1,COUNTIF(QCI!$A$13:$A$41,ORÇAMENTO!E615)),OFFSET($D615,1,$C615,ROW($C$744)-ROW($C615)),0))","v":10},"F","Nível 2","Nível 2","21.1.","SINAPI",null,"Acessórios cabeamento",{"$f":"REFERENCIA.Unidade","v":"-"},{"$f":"OFFSET(CÁLCULO!H$15,ROW($T615)-ROW(T$15),0)","v":0},null,"BDI 1",{"$f":"IF($C615=\"S\",ROUND(IF(TIPOORCAMENTO=\"Proposto\",ORÇAMENTO.CustoUnitario*(1+$AH615),ORÇAMENTO.PrecoUnitarioLicitado),15-13*$AF$10),0)","v":0},{"$f":"IF($C615=\"S\",IF(Import.TipoArredondamento<>\"TransfereGOV\",VTOTAL1,SUM(OFFSET(CÁLCULO!$AA$15,ROW($X615)-ROW($X$15),1):OFFSET(CÁLCULO!$AL$15,ROW($X615)-ROW($X$15),-1))),IF($C615=0,0,ROUND(SomaAgrup,15-13*$AF$11)))","v":19012.16},"RA","",{"$f":"IF($C615=\"S\",IF($Z615=\"CP\",$X615,IF($Z615=\"RA\",(($X615)*QCI!$AA$3),0)),SomaAgrup)","v":677.08008694160321},0,{"$f":"IF($N615=\"\",\"\",IF(ORÇAMENTO.Descricao=\"\",\"DESCRIÇÃO\",IF(AND($C615=\"S\",ORÇAMENTO.Unidade=\"\"),\"UNIDADE\",IF($X615<0,\"VALOR NEGATIVO\",IF(OR(AND(TIPOORCAMENTO=\"Proposto\",$AG615<>\"\",$AG615>0,ORÇAMENTO.CustoUnitario>$AG615),AND(TIPOORCAMENTO=\"LICITADO\",ORÇAMENTO.PrecoUnitarioLicitado>$AN615)),\"ACIMA REF.\",\"\")))))","v":""},{"$f":"IF(C615<=CRONO.NivelExibicao,MAX($AD$15:OFFSET(AD615,-1,0))+IF($C615<>1,1,MAX(1,COUNTIF(QCI!$A$13:$A$41,OFFSET($E615,-1,0)))),\"\")","v":80},{"$f":"IF(AND($C615=\"S\",ORÇAMENTO.CodBarra<>\"\"),IF(ORÇAMENTO.Fonte=\"\",ORÇAMENTO.CodBarra,CONCATENATE(ORÇAMENTO.Fonte,\" \",ORÇAMENTO.CodBarra)))","v":false},{"$f":"IF(ISERROR(INDIRECT(ORÇAMENTO.BancoRef)),\"(abra o arquivo 'Referência \"&Excel_BuiltIn_Database&\".xlsm)\",IF(OR($C615<>\"S\",ORÇAMENTO.CodBarra=\"\"),\"(Sem Código)\",IF(ISERROR(MATCH($AE615,INDIRECT(ORÇAMENTO.BancoRef),0)),\"(Código não identificado nas referências)\",MATCH($AE615,INDIRECT(ORÇAMENTO.BancoRef),0))))","v":"(Sem Código)"},{"$f":"ROUND(IF(DESONERACAO=\"sim\",REFERENCIA.Desonerado,REFERENCIA.NaoDesonerado),2)","v":0},0.25,null,null,null,null,19012.16,0]
["S",2,"S",0,{"$f":"IF($C616=1,OFFSET(E616,-1,0)+MAX(1,COUNTIF(QCI!$A$13:$A$41,OFFSET(ORÇAMENTO!E616,-1,0))),OFFSET(E616,-1,0))","v":21},1,0,0,1,0,{"$f":"IF(OR($C616=\"S\",$C616=0),0,MATCH(OFFSET($D616,0,$C616)+IF($C616<>1,1,COUNTIF(QCI!$A$13:$A$41,ORÇAMENTO!E616)),OFFSET($D616,1,$C616,ROW($C$744)-ROW($C616)),0))","v":0},"F","Serviço","Serviço","21.1.1.","SINAPI","98307","TOMADA DE REDE RJ45 - FORNECIMENTO E INSTALAÇÃO. AF_11/2019",{"$f":"REFERENCIA.Unidade","v":"UN"},{"$f":"OFFSET(CÁLCULO!H$15,ROW($T616)-ROW(T$15),0)","v":28},55.82,"BDI 1",{"$f":"IF($C616=\"S\",ROUND(IF(TIPOORCAMENTO=\"Proposto\",ORÇAMENTO.CustoUnitario*(1+$AH616),ORÇAMENTO.PrecoUnitarioLicitado),15-13*$AF$10),0)","v":69.78},{"$f":"IF($C616=\"S\",IF(Import.TipoArredondamento<>\"TransfereGOV\",VTOTAL1,SUM(OFFSET(CÁLCULO!$AA$15,ROW($X616)-ROW($X$15),1):OFFSET(CÁLCULO!$AL$15,ROW($X616)-ROW($X$15),-1))),IF($C616=0,0,ROUND(SomaAgrup,15-13*$AF$11)))","v":1953.84},"RA","RA",{"$f":"IF($C616=\"S\",IF($Z616=\"CP\",$X616,IF($Z616=\"RA\",(($X616)*QCI!$AA$3),0)),SomaAgrup)","v":69.58210729711837},0,{"$f":"IF($N616=\"\",\"\",IF(ORÇAMENTO.Descricao=\"\",\"DESCRIÇÃO\",IF(AND($C616=\"S\",ORÇAMENTO.Unidade=\"\"),\"UNIDADE\",IF($X616<0,\"VALOR NEGATIVO\",IF(OR(AND(TIPOORCAMENTO=\"Proposto\",$AG616<>\"\",$AG616>0,ORÇAMENTO.CustoUnitario>$AG616),AND(TIPOORCAMENTO=\"LICITADO\",ORÇAMENTO.PrecoUnitarioLicitado>$AN616)),\"ACIMA REF.\",\"\")))))","v":""},{"$f":"IF(C616<=CRONO.NivelExibicao,MAX($AD$15:OFFSET(AD616,-1,0))+IF($C616<>1,1,MAX(1,COUNTIF(QCI!$A$13:$A$41,OFFSET($E616,-1,0)))),\"\")","v":""},{"$f":"IF(AND($C616=\"S\",ORÇAMENTO.CodBarra<>\"\"),IF(ORÇAMENTO.Fonte=\"\",ORÇAMENTO.CodBarra,CONCATENATE(ORÇAMENTO.Fonte,\" \",ORÇAMENTO.CodBarra)))","v":"SINAPI 98307"},{"$f":"IF(ISERROR(INDIRECT(ORÇAMENTO.BancoRef)),\"(abra o arquivo 'Referência \"&Excel_BuiltIn_Database&\".xlsm)\",IF(OR($C616<>\"S\",ORÇAMENTO.CodBarra=\"\"),\"(Sem Código)\",IF(ISERROR(MATCH($AE616,INDIRECT(ORÇAMENTO.BancoRef),0)),\"(Código não identificado nas referências)\",MATCH($AE616,INDIRECT(ORÇAMENTO.BancoRef),0))))","v":3639},{"$f":"ROUND(IF(DESONERACAO=\"sim\",REFERENCIA.Desonerado,REFERENCIA.NaoDesonerado),2)","v":55.82},0.25,null,28,null,null,1953.84,69.78]
["S",2,"S",0,{"$f":"IF($C617=1,OFFSET(E617,-1,0)+MAX(1,COUNTIF(QCI!$A$13:$A$41,OFFSET(ORÇAMENTO!E617,-1,0))),OFFSET(E617,-1,0))","v":21},1,0,0,2,0,{"$f":"IF(OR($C617=\"S\",$C617=0),0,MATCH(OFFSET($D617,0,$C617)+IF($C617<>1,1,COUNTIF(QCI!$A$13:$A$41,ORÇAMENTO!E617)),OFFSET($D617,1,$C617,ROW($C$744)-ROW($C617)),0))","v":0},"F","Serviço","Serviço","21.1.2.","SINAPI","FNDE 384","SWITCH TIPO 48 PORTAS","UN",{"$f":"OFFSET(CÁLCULO!H$15,ROW($T617)-ROW(T$15),0)","v":1},5281.78,"BDI 1",{"$f":"IF($C617=\"S\",ROUND(IF(TIPOORCAMENTO=\"Proposto\",ORÇAMENTO.CustoUnitario*(1+$AH617),ORÇAMENTO.PrecoUnitarioLicitado),15-13*$AF$10),0)","v":6602.23},{"$f":"IF($C617=\"S\",IF(Import.TipoArredondamento<>\"TransfereGOV\",VTOTAL1,SUM(OFFSET(CÁLCULO!$AA$15,ROW($X617)-ROW($X$15),1):OFFSET(CÁLCULO!$AL$15,ROW($X617)-ROW($X$15),-1))),IF($C617=0,0,ROUND(SomaAgrup,15-13*$AF$11)))","v":6602.23},"RA","RA",{"$f":"IF($C617=\"S\",IF($Z617=\"CP\",$X617,IF($Z617=\"RA\",(($X617)*QCI!$AA$3),0)),SomaAgrup)","v":235.12522840163666},0,{"$f":"IF($N617=\"\",\"\",IF(ORÇAMENTO.Descricao=\"\",\"DESCRIÇÃO\",IF(AND($C617=\"S\",ORÇAMENTO.Unidade=\"\"),\"UNIDADE\",IF($X617<0,\"VALOR NEGATIVO\",IF(OR(AND(TIPOORCAMENTO=\"Proposto\",$AG617<>\"\",$AG617>0,ORÇAMENTO.CustoUnitario>$AG617),AND(TIPOORCAMENTO=\"LICITADO\",ORÇAMENTO.PrecoUnitarioLicitado>$AN617)),\"ACIMA REF.\",\"\")))))","v":""},{"$f":"IF(C617<=CRONO.NivelExibicao,MAX($AD$15:OFFSET(AD617,-1,0))+IF($C617<>1,1,MAX(1,COUNTIF(QCI!$A$13:$A$41,OFFSET($E617,-1,0)))),\"\")","v":""},{"$f":"IF(AND($C617=\"S\",ORÇAMENTO.CodBarra<>\"\"),IF(ORÇAMENTO.Fonte=\"\",ORÇAMENTO.CodBarra,CONCATENATE(ORÇAMENTO.Fonte,\" \",ORÇAMENTO.CodBarra)))","v":"SINAPI FNDE 384"},{"$f":"IF(ISERROR(INDIRECT(ORÇAMENTO.BancoRef)),\"(abra o arquivo 'Referência \"&Excel_BuiltIn_Database&\".xlsm)\",IF(OR($C617<>\"S\",ORÇAMENTO.CodBarra=\"\"),\"(Sem Código)\",IF(ISERROR(MATCH($AE617,INDIRECT(ORÇAMENTO.BancoRef),0)),\"(Código não identificado nas referências)\",MATCH($AE617,INDIRECT(ORÇAMENTO.BancoRef),0))))","v":"(Código não identificado nas referências)"},{"$f":"ROUND(IF(DESONERACAO=\"sim\",REFERENCIA.Desonerado,REFERENCIA.NaoDesonerado),2)","v":0},0.25,null,1,null,null,6602.23,6602.23]
["S",2,"S",0,{"$f":"IF($C618=1,OFFSET(E618,-1,0)+MAX(1,COUNTIF(QCI!$A$13:$A$41,OFFSET(ORÇAMENTO!E618,-1,0))),OFFSET(E618,-1,0))","v":21},1,0,0,3,0,{"$f":"IF(OR($C618=\"S\",$C618=0),0,MATCH(OFFSET($D618,0,$C618)+IF($C618<>1,1,COUNTIF(QCI!$A$13:$A$41,ORÇAMENTO!E618)),OFFSET($D618,1,$C618,ROW($C$744)-ROW($C618)),0))","v":0},"F","Serviço","Serviço","21.1.3.","SINAPI","FNDE 385","PATCH CORD, CATEGORIA 6 UTP, 4 PARES.","UN",{"$f":"OFFSET(CÁLCULO!H$15,ROW($T618)-ROW(T$15),0)","v":48},57.45,"BDI 1",{"$f":"IF($C618=\"S\",ROUND(IF(TIPOORCAMENTO=\"Proposto\",ORÇAMENTO.CustoUnitario*(1+$AH618),ORÇAMENTO.PrecoUnitarioLicitado),15-13*$AF$10),0)","v":71.81},{"$f":"IF($C618=\"S\",IF(Import.TipoArredondamento<>\"TransfereGOV\",VTOTAL1,SUM(OFFSET(CÁLCULO!$AA$15,ROW($X618)-ROW($X$15),1):OFFSET(CÁLCULO!$AL$15,ROW($X618)-ROW($X$15),-1))),IF($C618=0,0,ROUND(SomaAgrup,15-13*$AF$11)))","v":3446.88},"RA","RA",{"$f":"IF($C618=\"S\",IF($Z618=\"CP\",$X618,IF($Z618=\"RA\",(($X618)*QCI!$AA$3),0)),SomaAgrup)","v":122.75374339776613},0,{"$f":"IF($N618=\"\",\"\",IF(ORÇAMENTO.Descricao=\"\",\"DESCRIÇÃO\",IF(AND($C618=\"S\",ORÇAMENTO.Unidade=\"\"),\"UNIDADE\",IF($X618<0,\"VALOR NEGATIVO\",IF(OR(AND(TIPOORCAMENTO=\"Proposto\",$AG618<>\"\",$AG618>0,ORÇAMENTO.CustoUnitario>$AG618),AND(TIPOORCAMENTO=\"LICITADO\",ORÇAMENTO.PrecoUnitarioLicitado>$AN618)),\"ACIMA REF.\",\"\")))))","v":""},{"$f":"IF(C618<=CRONO.NivelExibicao,MAX($AD$15:OFFSET(AD618,-1,0))+IF($C618<>1,1,MAX(1,COUNTIF(QCI!$A$13:$A$41,OFFSET($E618,-1,0)))),\"\")","v":""},{"$f":"IF(AND($C618=\"S\",ORÇAMENTO.CodBarra<>\"\"),IF(ORÇAMENTO.Fonte=\"\",ORÇAMENTO.CodBarra,CONCATENATE(ORÇAMENTO.Fonte,\" \",ORÇAMENTO.CodBarra)))","v":"SINAPI FNDE 385"},{"$f":"IF(ISERROR(INDIRECT(ORÇAMENTO.BancoRef)),\"(abra o arquivo 'Referência \"&Excel_BuiltIn_Database&\".xlsm)\",IF(OR($C618<>\"S\",ORÇAMENTO.CodBarra=\"\"),\"(Sem Código)\",IF(ISERROR(MATCH($AE618,INDIRECT(ORÇAMENTO.BancoRef),0)),\"(Código não identificado nas referências)\",MATCH($AE618,INDIRECT(ORÇAMENTO.BancoRef),0))))","v":"(Código não identificado nas referências)"},{"$f":"ROUND(IF(DESONERACAO=\"sim\",REFERENCIA.Desonerado,REFERENCIA.NaoDesonerado),2)","v":0},0.25,null,48,null,null,3446.88,71.81]
["S",2,"S",0,{"$f":"IF($C619=1,OFFSET(E619,-1,0)+MAX(1,COUNTIF(QCI!$A$13:$A$41,OFFSET(ORÇAMENTO!E619,-1,0))),OFFSET(E619,-1,0))","v":21},1,0,0,4,0,{"$f":"IF(OR($C619=\"S\",$C619=0),0,MATCH(OFFSET($D619,0,$C619)+IF($C619<>1,1,COUNTIF(QCI!$A$13:$A$41,ORÇAMENTO!E619)),OFFSET($D619,1,$C619,ROW($C$744)-ROW($C619)),0))","v":0},"F","Serviço","Serviço","21.1.4.","SINAPI","98302","PATCH PANEL 24 PORTAS, CATEGORIA 6 - FORNECIMENTO E INSTALAÇÃO. AF_11/2019",{"$f":"REFERENCIA.Unidade","v":"UN"},{"$f":"OFFSET(CÁLCULO!H$15,ROW($T619)-ROW(T$15),0)","v":3},1257.79,"BDI 1",{"$f":"IF($C619=\"S\",ROUND(IF(TIPOORCAMENTO=\"Proposto\",ORÇAMENTO.CustoUnitario*(1+$AH619),ORÇAMENTO.PrecoUnitarioLicitado),15-13*$AF$10),0)","v":1572.24},{"$f":"IF($C619=\"S\",IF(Import.TipoArredondamento<>\"TransfereGOV\",VTOTAL1,SUM(OFFSET(CÁLCULO!$AA$15,ROW($X619)-ROW($X$15),1):OFFSET(CÁLCULO!$AL$15,ROW($X619)-ROW($X$15),-1))),IF($C619=0,0,ROUND(SomaAgrup,15-13*$AF$11)))","v":4716.72},"RA","RA",{"$f":"IF($C619=\"S\",IF($Z619=\"CP\",$X619,IF($Z619=\"RA\",(($X619)*QCI!$AA$3),0)),SomaAgrup)","v":167.97655751262343},0,{"$f":"IF($N619=\"\",\"\",IF(ORÇAMENTO.Descricao=\"\",\"DESCRIÇÃO\",IF(AND($C619=\"S\",ORÇAMENTO.Unidade=\"\"),\"UNIDADE\",IF($X619<0,\"VALOR NEGATIVO\",IF(OR(AND(TIPOORCAMENTO=\"Proposto\",$AG619<>\"\",$AG619>0,ORÇAMENTO.CustoUnitario>$AG619),AND(TIPOORCAMENTO=\"LICITADO\",ORÇAMENTO.PrecoUnitarioLicitado>$AN619)),\"ACIMA REF.\",\"\")))))","v":""},{"$f":"IF(C619<=CRONO.NivelExibicao,MAX($AD$15:OFFSET(AD619,-1,0))+IF($C619<>1,1,MAX(1,COUNTIF(QCI!$A$13:$A$41,OFFSET($E619,-1,0)))),\"\")","v":""},{"$f":"IF(AND($C619=\"S\",ORÇAMENTO.CodBarra<>\"\"),IF(ORÇAMENTO.Fonte=\"\",ORÇAMENTO.CodBarra,CONCATENATE(ORÇAMENTO.Fonte,\" \",ORÇAMENTO.CodBarra)))","v":"SINAPI 98302"},{"$f":"IF(ISERROR(INDIRECT(ORÇAMENTO.BancoRef)),\"(abra o arquivo 'Referência \"&Excel_BuiltIn_Database&\".xlsm)\",IF(OR($C619<>\"S\",ORÇAMENTO.CodBarra=\"\"),\"(Sem Código)\",IF(ISERROR(MATCH($AE619,INDIRECT(ORÇAMENTO.BancoRef),0)),\"(Código não identificado nas referências)\",MATCH($AE619,INDIRECT(ORÇAMENTO.BancoRef),0))))","v":3635},{"$f":"ROUND(IF(DESONERACAO=\"sim\",REFERENCIA.Desonerado,REFERENCIA.NaoDesonerado),2)","v":1257.79},0.25,null,3,null,null,4716.72,1572.24]
["S",2,"S",0,{"$f":"IF($C620=1,OFFSET(E620,-1,0)+MAX(1,COUNTIF(QCI!$A$13:$A$41,OFFSET(ORÇAMENTO!E620,-1,0))),OFFSET(E620,-1,0))","v":21},1,0,0,5,0,{"$f":"IF(OR($C620=\"S\",$C620=0),0,MATCH(OFFSET($D620,0,$C620)+IF($C620<>1,1,COUNTIF(QCI!$A$13:$A$41,ORÇAMENTO!E620)),OFFSET($D620,1,$C620,ROW($C$744)-ROW($C620)),0))","v":0},"F","Serviço","Serviço","21.1.5.","SINAPI","FNDE 388","RÉGUA DE TOMADAS ELÉTRICAS, COM 10 TOMADAS, PADRÃO RACK 19\"","UN",{"$f":"OFFSET(CÁLCULO!H$15,ROW($T620)-ROW(T$15),0)","v":1},140.9,"BDI 1",{"$f":"IF($C620=\"S\",ROUND(IF(TIPOORCAMENTO=\"Proposto\",ORÇAMENTO.CustoUnitario*(1+$AH620),ORÇAMENTO.PrecoUnitarioLicitado),15-13*$AF$10),0)","v":176.13},{"$f":"IF($C620=\"S\",IF(Import.TipoArredondamento<>\"TransfereGOV\",VTOTAL1,SUM(OFFSET(CÁLCULO!$AA$15,ROW($X620)-ROW($X$15),1):OFFSET(CÁLCULO!$AL$15,ROW($X620)-ROW($X$15),-1))),IF($C620=0,0,ROUND(SomaAgrup,15-13*$AF$11)))","v":176.13},"RA","RA",{"$f":"IF($C620=\"S\",IF($Z620=\"CP\",$X620,IF($Z620=\"RA\",(($X620)*QCI!$AA$3),0)),SomaAgrup)","v":6.2725179944322242},0,{"$f":"IF($N620=\"\",\"\",IF(ORÇAMENTO.Descricao=\"\",\"DESCRIÇÃO\",IF(AND($C620=\"S\",ORÇAMENTO.Unidade=\"\"),\"UNIDADE\",IF($X620<0,\"VALOR NEGATIVO\",IF(OR(AND(TIPOORCAMENTO=\"Proposto\",$AG620<>\"\",$AG620>0,ORÇAMENTO.CustoUnitario>$AG620),AND(TIPOORCAMENTO=\"LICITADO\",ORÇAMENTO.PrecoUnitarioLicitado>$AN620)),\"ACIMA REF.\",\"\")))))","v":""},{"$f":"IF(C620<=CRONO.NivelExibicao,MAX($AD$15:OFFSET(AD620,-1,0))+IF($C620<>1,1,MAX(1,COUNTIF(QCI!$A$13:$A$41,OFFSET($E620,-1,0)))),\"\")","v":""},{"$f":"IF(AND($C620=\"S\",ORÇAMENTO.CodBarra<>\"\"),IF(ORÇAMENTO.Fonte=\"\",ORÇAMENTO.CodBarra,CONCATENATE(ORÇAMENTO.Fonte,\" \",ORÇAMENTO.CodBarra)))","v":"SINAPI FNDE 388"},{"$f":"IF(ISERROR(INDIRECT(ORÇAMENTO.BancoRef)),\"(abra o arquivo 'Referência \"&Excel_BuiltIn_Database&\".xlsm)\",IF(OR($C620<>\"S\",ORÇAMENTO.CodBarra=\"\"),\"(Sem Código)\",IF(ISERROR(MATCH($AE620,INDIRECT(ORÇAMENTO.BancoRef),0)),\"(Código não identificado nas referências)\",MATCH($AE620,INDIRECT(ORÇAMENTO.BancoRef),0))))","v":"(Código não identificado nas referências)"},{"$f":"ROUND(IF(DESONERACAO=\"sim\",REFERENCIA.Desonerado,REFERENCIA.NaoDesonerado),2)","v":0},0.25,null,1,null,null,176.13,176.13]
["S",2,"S",0,{"$f":"IF($C621=1,OFFSET(E621,-1,0)+MAX(1,COUNTIF(QCI!$A$13:$A$41,OFFSET(ORÇAMENTO!E621,-1,0))),OFFSET(E621,-1,0))","v":21},1,0,0,6,0,{"$f":"IF(OR($C621=\"S\",$C621=0),0,MATCH(OFFSET($D621,0,$C621)+IF($C621<>1,1,COUNTIF(QCI!$A$13:$A$41,ORÇAMENTO!E621)),OFFSET($D621,1,$C621,ROW($C$744)-ROW($C621)),0))","v":0},"F","Serviço","Serviço","21.1.6.","SINAPI","FNDE 123","GUIA DE CABOS FECHADO 1U","UN",{"$f":"OFFSET(CÁLCULO!H$15,ROW($T621)-ROW(T$15),0)","v":2},25.95,"BDI 1",{"$f":"IF($C621=\"S\",ROUND(IF(TIPOORCAMENTO=\"Proposto\",ORÇAMENTO.CustoUnitario*(1+$AH621),ORÇAMENTO.PrecoUnitarioLicitado),15-13*$AF$10),0)","v":32.44},{"$f":"IF($C621=\"S\",IF(Import.TipoArredondamento<>\"TransfereGOV\",VTOTAL1,SUM(OFFSET(CÁLCULO!$AA$15,ROW($X621)-ROW($X$15),1):OFFSET(CÁLCULO!$AL$15,ROW($X621)-ROW($X$15),-1))),IF($C621=0,0,ROUND(SomaAgrup,15-13*$AF$11)))","v":64.88},"RA","RA",{"$f":"IF($C621=\"S\",IF($Z621=\"CP\",$X621,IF($Z621=\"RA\",(($X621)*QCI!$AA$3),0)),SomaAgrup)","v":2.3105715521419561},0,{"$f":"IF($N621=\"\",\"\",IF(ORÇAMENTO.Descricao=\"\",\"DESCRIÇÃO\",IF(AND($C621=\"S\",ORÇAMENTO.Unidade=\"\"),\"UNIDADE\",IF($X621<0,\"VALOR NEGATIVO\",IF(OR(AND(TIPOORCAMENTO=\"Proposto\",$AG621<>\"\",$AG621>0,ORÇAMENTO.CustoUnitario>$AG621),AND(TIPOORCAMENTO=\"LICITADO\",ORÇAMENTO.PrecoUnitarioLicitado>$AN621)),\"ACIMA REF.\",\"\")))))","v":""},{"$f":"IF(C621<=CRONO.NivelExibicao,MAX($AD$15:OFFSET(AD621,-1,0))+IF($C621<>1,1,MAX(1,COUNTIF(QCI!$A$13:$A$41,OFFSET($E621,-1,0)))),\"\")","v":""},{"$f":"IF(AND($C621=\"S\",ORÇAMENTO.CodBarra<>\"\"),IF(ORÇAMENTO.Fonte=\"\",ORÇAMENTO.CodBarra,CONCATENATE(ORÇAMENTO.Fonte,\" \",ORÇAMENTO.CodBarra)))","v":"SINAPI FNDE 123"},{"$f":"IF(ISERROR(INDIRECT(ORÇAMENTO.BancoRef)),\"(abra o arquivo 'Referência \"&Excel_BuiltIn_Database&\".xlsm)\",IF(OR($C621<>\"S\",ORÇAMENTO.CodBarra=\"\"),\"(Sem Código)\",IF(ISERROR(MATCH($AE621,INDIRECT(ORÇAMENTO.BancoRef),0)),\"(Código não identificado nas referências)\",MATCH($AE621,INDIRECT(ORÇAMENTO.BancoRef),0))))","v":"(Código não identificado nas referências)"},{"$f":"ROUND(IF(DESONERACAO=\"sim\",REFERENCIA.Desonerado,REFERENCIA.NaoDesonerado),2)","v":0},0.25,null,2,null,null,64.88,32.44]
["S",2,"S",0,{"$f":"IF($C622=1,OFFSET(E622,-1,0)+MAX(1,COUNTIF(QCI!$A$13:$A$41,OFFSET(ORÇAMENTO!E622,-1,0))),OFFSET(E622,-1,0))","v":21},1,0,0,7,0,{"$f":"IF(OR($C622=\"S\",$C622=0),0,MATCH(OFFSET($D622,0,$C622)+IF($C622<>1,1,COUNTIF(QCI!$A$13:$A$41,ORÇAMENTO!E622)),OFFSET($D622,1,$C622,ROW($C$744)-ROW($C622)),0))","v":0},"F","Serviço","Serviço","21.1.7.","SINAPI","FNDE 122","BANDEJA MÓVEL, PADRÃO 19\"","UN",{"$f":"OFFSET(CÁLCULO!H$15,ROW($T622)-ROW(T$15),0)","v":1},181.29,"BDI 1",{"$f":"IF($C622=\"S\",ROUND(IF(TIPOORCAMENTO=\"Proposto\",ORÇAMENTO.CustoUnitario*(1+$AH622),ORÇAMENTO.PrecoUnitarioLicitado),15-13*$AF$10),0)","v":226.61},{"$f":"IF($C622=\"S\",IF(Import.TipoArredondamento<>\"TransfereGOV\",VTOTAL1,SUM(OFFSET(CÁLCULO!$AA$15,ROW($X622)-ROW($X$15),1):OFFSET(CÁLCULO!$AL$15,ROW($X622)-ROW($X$15),-1))),IF($C622=0,0,ROUND(SomaAgrup,15-13*$AF$11)))","v":226.61},"RA","RA",{"$f":"IF($C622=\"S\",IF($Z622=\"CP\",$X622,IF($Z622=\"RA\",(($X622)*QCI!$AA$3),0)),SomaAgrup)","v":8.0702623216844742},0,{"$f":"IF($N622=\"\",\"\",IF(ORÇAMENTO.Descricao=\"\",\"DESCRIÇÃO\",IF(AND($C622=\"S\",ORÇAMENTO.Unidade=\"\"),\"UNIDADE\",IF($X622<0,\"VALOR NEGATIVO\",IF(OR(AND(TIPOORCAMENTO=\"Proposto\",$AG622<>\"\",$AG622>0,ORÇAMENTO.CustoUnitario>$AG622),AND(TIPOORCAMENTO=\"LICITADO\",ORÇAMENTO.PrecoUnitarioLicitado>$AN622)),\"ACIMA REF.\",\"\")))))","v":""},{"$f":"IF(C622<=CRONO.NivelExibicao,MAX($AD$15:OFFSET(AD622,-1,0))+IF($C622<>1,1,MAX(1,COUNTIF(QCI!$A$13:$A$41,OFFSET($E622,-1,0)))),\"\")","v":""},{"$f":"IF(AND($C622=\"S\",ORÇAMENTO.CodBarra<>\"\"),IF(ORÇAMENTO.Fonte=\"\",ORÇAMENTO.CodBarra,CONCATENATE(ORÇAMENTO.Fonte,\" \",ORÇAMENTO.CodBarra)))","v":"SINAPI FNDE 122"},{"$f":"IF(ISERROR(INDIRECT(ORÇAMENTO.BancoRef)),\"(abra o arquivo 'Referência \"&Excel_BuiltIn_Database&\".xlsm)\",IF(OR($C622<>\"S\",ORÇAMENTO.CodBarra=\"\"),\"(Sem Código)\",IF(ISERROR(MATCH($AE622,INDIRECT(ORÇAMENTO.BancoRef),0)),\"(Código não identificado nas referências)\",MATCH($AE622,INDIRECT(ORÇAMENTO.BancoRef),0))))","v":"(Código não identificado nas referências)"},{"$f":"ROUND(IF(DESONERACAO=\"sim\",REFERENCIA.Desonerado,REFERENCIA.NaoDesonerado),2)","v":0},0.25,null,1,null,null,226.61,226.61]
["S",2,"S",0,{"$f":"IF($C623=1,OFFSET(E623,-1,0)+MAX(1,COUNTIF(QCI!$A$13:$A$41,OFFSET(ORÇAMENTO!E623,-1,0))),OFFSET(E623,-1,0))","v":21},1,0,0,8,0,{"$f":"IF(OR($C623=\"S\",$C623=0),0,MATCH(OFFSET($D623,0,$C623)+IF($C623<>1,1,COUNTIF(QCI!$A$13:$A$41,ORÇAMENTO!E623)),OFFSET($D623,1,$C623,ROW($C$744)-ROW($C623)),0))","v":0},"F","Serviço","Serviço","21.1.8.","SINAPI","100555","RACK ABERTO EM COLUNA 44U PARA SERVIDOR - FORNECIMENTO E INSTALAÇÃO. AF_11/2019",{"$f":"REFERENCIA.Unidade","v":"UN"},{"$f":"OFFSET(CÁLCULO!H$15,ROW($T623)-ROW(T$15),0)","v":1},1427.58,"BDI 1",{"$f":"IF($C623=\"S\",ROUND(IF(TIPOORCAMENTO=\"Proposto\",ORÇAMENTO.CustoUnitario*(1+$AH623),ORÇAMENTO.PrecoUnitarioLicitado),15-13*$AF$10),0)","v":1784.48},{"$f":"IF($C623=\"S\",IF(Import.TipoArredondamento<>\"TransfereGOV\",VTOTAL1,SUM(OFFSET(CÁLCULO!$AA$15,ROW($X623)-ROW($X$15),1):OFFSET(CÁLCULO!$AL$15,ROW($X623)-ROW($X$15),-1))),IF($C623=0,0,ROUND(SomaAgrup,15-13*$AF$11)))","v":1784.48},"RA","RA",{"$f":"IF($C623=\"S\",IF($Z623=\"CP\",$X623,IF($Z623=\"RA\",(($X623)*QCI!$AA$3),0)),SomaAgrup)","v":63.550689324387761},0,{"$f":"IF($N623=\"\",\"\",IF(ORÇAMENTO.Descricao=\"\",\"DESCRIÇÃO\",IF(AND($C623=\"S\",ORÇAMENTO.Unidade=\"\"),\"UNIDADE\",IF($X623<0,\"VALOR NEGATIVO\",IF(OR(AND(TIPOORCAMENTO=\"Proposto\",$AG623<>\"\",$AG623>0,ORÇAMENTO.CustoUnitario>$AG623),AND(TIPOORCAMENTO=\"LICITADO\",ORÇAMENTO.PrecoUnitarioLicitado>$AN623)),\"ACIMA REF.\",\"\")))))","v":""},{"$f":"IF(C623<=CRONO.NivelExibicao,MAX($AD$15:OFFSET(AD623,-1,0))+IF($C623<>1,1,MAX(1,COUNTIF(QCI!$A$13:$A$41,OFFSET($E623,-1,0)))),\"\")","v":""},{"$f":"IF(AND($C623=\"S\",ORÇAMENTO.CodBarra<>\"\"),IF(ORÇAMENTO.Fonte=\"\",ORÇAMENTO.CodBarra,CONCATENATE(ORÇAMENTO.Fonte,\" \",ORÇAMENTO.CodBarra)))","v":"SINAPI 100555"},{"$f":"IF(ISERROR(INDIRECT(ORÇAMENTO.BancoRef)),\"(abra o arquivo 'Referência \"&Excel_BuiltIn_Database&\".xlsm)\",IF(OR($C623<>\"S\",ORÇAMENTO.CodBarra=\"\"),\"(Sem Código)\",IF(ISERROR(MATCH($AE623,INDIRECT(ORÇAMENTO.BancoRef),0)),\"(Código não identificado nas referências)\",MATCH($AE623,INDIRECT(ORÇAMENTO.BancoRef),0))))","v":3644},{"$f":"ROUND(IF(DESONERACAO=\"sim\",REFERENCIA.Desonerado,REFERENCIA.NaoDesonerado),2)","v":1427.58},0.25,null,1,null,null,1784.48,1784.48]
["S",2,"S",0,{"$f":"IF($C624=1,OFFSET(E624,-1,0)+MAX(1,COUNTIF(QCI!$A$13:$A$41,OFFSET(ORÇAMENTO!E624,-1,0))),OFFSET(E624,-1,0))","v":21},1,0,0,9,0,{"$f":"IF(OR($C624=\"S\",$C624=0),0,MATCH(OFFSET($D624,0,$C624)+IF($C624<>1,1,COUNTIF(QCI!$A$13:$A$41,ORÇAMENTO!E624)),OFFSET($D624,1,$C624,ROW($C$744)-ROW($C624)),0))","v":0},"F","Serviço","Serviço","21.1.9.","SINAPI","FNDE 125","GUIA VERTICAL 200 MM PARA CABOS","UN",{"$f":"OFFSET(CÁLCULO!H$15,ROW($T624)-ROW(T$15),0)","v":1},32.31,"BDI 1",{"$f":"IF($C624=\"S\",ROUND(IF(TIPOORCAMENTO=\"Proposto\",ORÇAMENTO.CustoUnitario*(1+$AH624),ORÇAMENTO.PrecoUnitarioLicitado),15-13*$AF$10),0)","v":40.39},{"$f":"IF($C624=\"S\",IF(Import.TipoArredondamento<>\"TransfereGOV\",VTOTAL1,SUM(OFFSET(CÁLCULO!$AA$15,ROW($X624)-ROW($X$15),1):OFFSET(CÁLCULO!$AL$15,ROW($X624)-ROW($X$15),-1))),IF($C624=0,0,ROUND(SomaAgrup,15-13*$AF$11)))","v":40.39},"RA","RA",{"$f":"IF($C624=\"S\",IF($Z624=\"CP\",$X624,IF($Z624=\"RA\",(($X624)*QCI!$AA$3),0)),SomaAgrup)","v":1.4384091398121703},0,{"$f":"IF($N624=\"\",\"\",IF(ORÇAMENTO.Descricao=\"\",\"DESCRIÇÃO\",IF(AND($C624=\"S\",ORÇAMENTO.Unidade=\"\"),\"UNIDADE\",IF($X624<0,\"VALOR NEGATIVO\",IF(OR(AND(TIPOORCAMENTO=\"Proposto\",$AG624<>\"\",$AG624>0,ORÇAMENTO.CustoUnitario>$AG624),AND(TIPOORCAMENTO=\"LICITADO\",ORÇAMENTO.PrecoUnitarioLicitado>$AN624)),\"ACIMA REF.\",\"\")))))","v":""},{"$f":"IF(C624<=CRONO.NivelExibicao,MAX($AD$15:OFFSET(AD624,-1,0))+IF($C624<>1,1,MAX(1,COUNTIF(QCI!$A$13:$A$41,OFFSET($E624,-1,0)))),\"\")","v":""},{"$f":"IF(AND($C624=\"S\",ORÇAMENTO.CodBarra<>\"\"),IF(ORÇAMENTO.Fonte=\"\",ORÇAMENTO.CodBarra,CONCATENATE(ORÇAMENTO.Fonte,\" \",ORÇAMENTO.CodBarra)))","v":"SINAPI FNDE 125"},{"$f":"IF(ISERROR(INDIRECT(ORÇAMENTO.BancoRef)),\"(abra o arquivo 'Referência \"&Excel_BuiltIn_Database&\".xlsm)\",IF(OR($C624<>\"S\",ORÇAMENTO.CodBarra=\"\"),\"(Sem Código)\",IF(ISERROR(MATCH($AE624,INDIRECT(ORÇAMENTO.BancoRef),0)),\"(Código não identificado nas referências)\",MATCH($AE624,INDIRECT(ORÇAMENTO.BancoRef),0))))","v":"(Código não identificado nas referências)"},{"$f":"ROUND(IF(DESONERACAO=\"sim\",REFERENCIA.Desonerado,REFERENCIA.NaoDesonerado),2)","v":0},0.25,null,1,null,null,40.39,40.39]
[2,2,2,8,{"$f":"IF($C625=1,OFFSET(E625,-1,0)+MAX(1,COUNTIF(QCI!$A$13:$A$41,OFFSET(ORÇAMENTO!E625,-1,0))),OFFSET(E625,-1,0))","v":21},2,0,0,0,28,{"$f":"IF(OR($C625=\"S\",$C625=0),0,MATCH(OFFSET($D625,0,$C625)+IF($C625<>1,1,COUNTIF(QCI!$A$13:$A$41,ORÇAMENTO!E625)),OFFSET($D625,1,$C625,ROW($C$744)-ROW($C625)),0))","v":8},"F","Nível 2","Nível 2","21.2.","SINAPI",null,"Acessórios",{"$f":"REFERENCIA.Unidade","v":"-"},{"$f":"OFFSET(CÁLCULO!H$15,ROW($T625)-ROW(T$15),0)","v":0},null,"BDI 1",{"$f":"IF($C625=\"S\",ROUND(IF(TIPOORCAMENTO=\"Proposto\",ORÇAMENTO.CustoUnitario*(1+$AH625),ORÇAMENTO.PrecoUnitarioLicitado),15-13*$AF$10),0)","v":0},{"$f":"IF($C625=\"S\",IF(Import.TipoArredondamento<>\"TransfereGOV\",VTOTAL1,SUM(OFFSET(CÁLCULO!$AA$15,ROW($X625)-ROW($X$15),1):OFFSET(CÁLCULO!$AL$15,ROW($X625)-ROW($X$15),-1))),IF($C625=0,0,ROUND(SomaAgrup,15-13*$AF$11)))","v":7544.89},"RA","",{"$f":"IF($C625=\"S\",IF($Z625=\"CP\",$X625,IF($Z625=\"RA\",(($X625)*QCI!$AA$3),0)),SomaAgrup)","v":268.69618061097913},0,{"$f":"IF($N625=\"\",\"\",IF(ORÇAMENTO.Descricao=\"\",\"DESCRIÇÃO\",IF(AND($C625=\"S\",ORÇAMENTO.Unidade=\"\"),\"UNIDADE\",IF($X625<0,\"VALOR NEGATIVO\",IF(OR(AND(TIPOORCAMENTO=\"Proposto\",$AG625<>\"\",$AG625>0,ORÇAMENTO.CustoUnitario>$AG625),AND(TIPOORCAMENTO=\"LICITADO\",ORÇAMENTO.PrecoUnitarioLicitado>$AN625)),\"ACIMA REF.\",\"\")))))","v":""},{"$f":"IF(C625<=CRONO.NivelExibicao,MAX($AD$15:OFFSET(AD625,-1,0))+IF($C625<>1,1,MAX(1,COUNTIF(QCI!$A$13:$A$41,OFFSET($E625,-1,0)))),\"\")","v":81},{"$f":"IF(AND($C625=\"S\",ORÇAMENTO.CodBarra<>\"\"),IF(ORÇAMENTO.Fonte=\"\",ORÇAMENTO.CodBarra,CONCATENATE(ORÇAMENTO.Fonte,\" \",ORÇAMENTO.CodBarra)))","v":false},{"$f":"IF(ISERROR(INDIRECT(ORÇAMENTO.BancoRef)),\"(abra o arquivo 'Referência \"&Excel_BuiltIn_Database&\".xlsm)\",IF(OR($C625<>\"S\",ORÇAMENTO.CodBarra=\"\"),\"(Sem Código)\",IF(ISERROR(MATCH($AE625,INDIRECT(ORÇAMENTO.BancoRef),0)),\"(Código não identificado nas referências)\",MATCH($AE625,INDIRECT(ORÇAMENTO.BancoRef),0))))","v":"(Sem Código)"},{"$f":"ROUND(IF(DESONERACAO=\"sim\",REFERENCIA.Desonerado,REFERENCIA.NaoDesonerado),2)","v":0},0.25,null,null,null,null,7544.89,0]
["S",2,"S",0,{"$f":"IF($C626=1,OFFSET(E626,-1,0)+MAX(1,COUNTIF(QCI!$A$13:$A$41,OFFSET(ORÇAMENTO!E626,-1,0))),OFFSET(E626,-1,0))","v":21},2,0,0,1,0,{"$f":"IF(OR($C626=\"S\",$C626=0),0,MATCH(OFFSET($D626,0,$C626)+IF($C626<>1,1,COUNTIF(QCI!$A$13:$A$41,ORÇAMENTO!E626)),OFFSET($D626,1,$C626,ROW($C$744)-ROW($C626)),0))","v":0},"F","Serviço","Serviço","21.2.1.","SINAPI","91941","CAIXA RETANGULAR 4\" X 2\" BAIXA (0,30 M DO PISO), PVC, INSTALADA EM PAREDE - FORNECIMENTO E INSTALAÇÃO. AF_03/2023",{"$f":"REFERENCIA.Unidade","v":"UN"},{"$f":"OFFSET(CÁLCULO!H$15,ROW($T626)-ROW(T$15),0)","v":42},12.22,"BDI 1",{"$f":"IF($C626=\"S\",ROUND(IF(TIPOORCAMENTO=\"Proposto\",ORÇAMENTO.CustoUnitario*(1+$AH626),ORÇAMENTO.PrecoUnitarioLicitado),15-13*$AF$10),0)","v":15.28},{"$f":"IF($C626=\"S\",IF(Import.TipoArredondamento<>\"TransfereGOV\",VTOTAL1,SUM(OFFSET(CÁLCULO!$AA$15,ROW($X626)-ROW($X$15),1):OFFSET(CÁLCULO!$AL$15,ROW($X626)-ROW($X$15),-1))),IF($C626=0,0,ROUND(SomaAgrup,15-13*$AF$11)))","v":641.76},"RA","RA",{"$f":"IF($C626=\"S\",IF($Z626=\"CP\",$X626,IF($Z626=\"RA\",(($X626)*QCI!$AA$3),0)),SomaAgrup)","v":22.854999989251262},0,{"$f":"IF($N626=\"\",\"\",IF(ORÇAMENTO.Descricao=\"\",\"DESCRIÇÃO\",IF(AND($C626=\"S\",ORÇAMENTO.Unidade=\"\"),\"UNIDADE\",IF($X626<0,\"VALOR NEGATIVO\",IF(OR(AND(TIPOORCAMENTO=\"Proposto\",$AG626<>\"\",$AG626>0,ORÇAMENTO.CustoUnitario>$AG626),AND(TIPOORCAMENTO=\"LICITADO\",ORÇAMENTO.PrecoUnitarioLicitado>$AN626)),\"ACIMA REF.\",\"\")))))","v":""},{"$f":"IF(C626<=CRONO.NivelExibicao,MAX($AD$15:OFFSET(AD626,-1,0))+IF($C626<>1,1,MAX(1,COUNTIF(QCI!$A$13:$A$41,OFFSET($E626,-1,0)))),\"\")","v":""},{"$f":"IF(AND($C626=\"S\",ORÇAMENTO.CodBarra<>\"\"),IF(ORÇAMENTO.Fonte=\"\",ORÇAMENTO.CodBarra,CONCATENATE(ORÇAMENTO.Fonte,\" \",ORÇAMENTO.CodBarra)))","v":"SINAPI 91941"},{"$f":"IF(ISERROR(INDIRECT(ORÇAMENTO.BancoRef)),\"(abra o arquivo 'Referência \"&Excel_BuiltIn_Database&\".xlsm)\",IF(OR($C626<>\"S\",ORÇAMENTO.CodBarra=\"\"),\"(Sem Código)\",IF(ISERROR(MATCH($AE626,INDIRECT(ORÇAMENTO.BancoRef),0)),\"(Código não identificado nas referências)\",MATCH($AE626,INDIRECT(ORÇAMENTO.BancoRef),0))))","v":3114},{"$f":"ROUND(IF(DESONERACAO=\"sim\",REFERENCIA.Desonerado,REFERENCIA.NaoDesonerado),2)","v":12.22},0.25,null,42,null,null,641.76,15.28]
["S",2,"S",0,{"$f":"IF($C627=1,OFFSET(E627,-1,0)+MAX(1,COUNTIF(QCI!$A$13:$A$41,OFFSET(ORÇAMENTO!E627,-1,0))),OFFSET(E627,-1,0))","v":21},2,0,0,2,0,{"$f":"IF(OR($C627=\"S\",$C627=0),0,MATCH(OFFSET($D627,0,$C627)+IF($C627<>1,1,COUNTIF(QCI!$A$13:$A$41,ORÇAMENTO!E627)),OFFSET($D627,1,$C627,ROW($C$744)-ROW($C627)),0))","v":0},"F","Serviço","Serviço","21.2.2.","SINAPI","FNDE 353","ARRUELA EM ALUMINIO","UN",{"$f":"OFFSET(CÁLCULO!H$15,ROW($T627)-ROW(T$15),0)","v":697},1.98,"BDI 1",{"$f":"IF($C627=\"S\",ROUND(IF(TIPOORCAMENTO=\"Proposto\",ORÇAMENTO.CustoUnitario*(1+$AH627),ORÇAMENTO.PrecoUnitarioLicitado),15-13*$AF$10),0)","v":2.48},{"$f":"IF($C627=\"S\",IF(Import.TipoArredondamento<>\"TransfereGOV\",VTOTAL1,SUM(OFFSET(CÁLCULO!$AA$15,ROW($X627)-ROW($X$15),1):OFFSET(CÁLCULO!$AL$15,ROW($X627)-ROW($X$15),-1))),IF($C627=0,0,ROUND(SomaAgrup,15-13*$AF$11)))","v":1728.56},"RA","RA",{"$f":"IF($C627=\"S\",IF($Z627=\"CP\",$X627,IF($Z627=\"RA\",(($X627)*QCI!$AA$3),0)),SomaAgrup)","v":61.55921026773273},0,{"$f":"IF($N627=\"\",\"\",IF(ORÇAMENTO.Descricao=\"\",\"DESCRIÇÃO\",IF(AND($C627=\"S\",ORÇAMENTO.Unidade=\"\"),\"UNIDADE\",IF($X627<0,\"VALOR NEGATIVO\",IF(OR(AND(TIPOORCAMENTO=\"Proposto\",$AG627<>\"\",$AG627>0,ORÇAMENTO.CustoUnitario>$AG627),AND(TIPOORCAMENTO=\"LICITADO\",ORÇAMENTO.PrecoUnitarioLicitado>$AN627)),\"ACIMA REF.\",\"\")))))","v":""},{"$f":"IF(C627<=CRONO.NivelExibicao,MAX($AD$15:OFFSET(AD627,-1,0))+IF($C627<>1,1,MAX(1,COUNTIF(QCI!$A$13:$A$41,OFFSET($E627,-1,0)))),\"\")","v":""},{"$f":"IF(AND($C627=\"S\",ORÇAMENTO.CodBarra<>\"\"),IF(ORÇAMENTO.Fonte=\"\",ORÇAMENTO.CodBarra,CONCATENATE(ORÇAMENTO.Fonte,\" \",ORÇAMENTO.CodBarra)))","v":"SINAPI FNDE 353"},{"$f":"IF(ISERROR(INDIRECT(ORÇAMENTO.BancoRef)),\"(abra o arquivo 'Referência \"&Excel_BuiltIn_Database&\".xlsm)\",IF(OR($C627<>\"S\",ORÇAMENTO.CodBarra=\"\"),\"(Sem Código)\",IF(ISERROR(MATCH($AE627,INDIRECT(ORÇAMENTO.BancoRef),0)),\"(Código não identificado nas referências)\",MATCH($AE627,INDIRECT(ORÇAMENTO.BancoRef),0))))","v":"(Código não identificado nas referências)"},{"$f":"ROUND(IF(DESONERACAO=\"sim\",REFERENCIA.Desonerado,REFERENCIA.NaoDesonerado),2)","v":0},0.25,null,697,null,null,1728.56,2.48]
[{"$f":"CHOOSE(1+LOG(1+2*(ORÇAMENTO.Nivel=\"Meta\")+4*(ORÇAMENTO.Nivel=\"Nível 2\")+8*(ORÇAMENTO.Nivel=\"Nível 3\")+16*(ORÇAMENTO.Nivel=\"Nível 4\")+32*(ORÇAMENTO.Nivel=\"Serviço\"),2),0,1,2,3,4,\"S\")","v":"S"},{"$f":"IF(OR(C628=\"s\",C628=0),OFFSET(B628,-1,0),C628)","v":2},{"$f":"IF(OFFSET(C628,-1,0)=\"L\",1,IF(OFFSET(C628,-1,0)=1,2,IF(OR(A628=\"s\",A628=0),\"S\",IF(AND(OFFSET(C628,-1,0)=2,A628=4),3,IF(AND(OR(OFFSET(C628,-1,0)=\"s\",OFFSET(C628,-1,0)=0),A628<>\"s\",A628>OFFSET(B628,-1,0)),OFFSET(B628,-1,0),A628)))))","v":"S"},{"$f":"IF(OR(C628=\"S\",C628=0),0,IF(ISERROR(K628),J628,SMALL(J628:K628,1)))","v":0},{"$f":"IF($C628=1,OFFSET(E628,-1,0)+MAX(1,COUNTIF(QCI!$A$13:$A$41,OFFSET(ORÇAMENTO!E628,-1,0))),OFFSET(E628,-1,0))","v":21},{"$f":"IF($C628=1,0,IF($C628=2,OFFSET(F628,-1,0)+1,OFFSET(F628,-1,0)))","v":2},{"$f":"IF(AND($C628<=2,$C628<>0),0,IF($C628=3,OFFSET(G628,-1,0)+1,OFFSET(G628,-1,0)))","v":0},{"$f":"IF(AND($C628<=3,$C628<>0),0,IF($C628=4,OFFSET(H628,-1,0)+1,OFFSET(H628,-1,0)))","v":0},{"$f":"IF(AND($C628<=4,$C628<>0),0,IF(AND($C628=\"S\",$X628>0),OFFSET(I628,-1,0)+1,OFFSET(I628,-1,0)))","v":3},0,{"$f":"IF(OR($C628=\"S\",$C628=0),0,MATCH(OFFSET($D628,0,$C628)+IF($C628<>1,1,COUNTIF(QCI!$A$13:$A$41,ORÇAMENTO!E628)),OFFSET($D628,1,$C628,ROW($C$744)-ROW($C628)),0))","v":0},{"$f":"IF(OR($X628>0,$C628=1,$C628=2,$C628=3,$C628=4),\"F\",\"\")","v":"F"},"Serviço",{"$f":"CHOOSE(1+LOG(1+2*(C628=1)+4*(C628=2)+8*(C628=3)+16*(C628=4)+32*(C628=\"S\"),2),\"\",\"Meta\",\"Nível 2\",\"Nível 3\",\"Nível 4\",\"Serviço\")","v":"Serviço"},{"$f":"IF(OR($C628=0,$L628=\"\"),\"-\",CONCATENATE(E628&\".\",IF(AND($A$5>=2,$C628>=2),F628&\".\",\"\"),IF(AND($A$5>=3,$C628>=3),G628&\".\",\"\"),IF(AND($A$5>=4,$C628>=4),H628&\".\",\"\"),IF($C628=\"S\",I628&\".\",\"\")))","v":"21.2.3."},"SINAPI","FNDE 354","BUCHA DE NYLON","UN",{"$f":"OFFSET(CÁLCULO!H$15,ROW($T628)-ROW(T$15),0)","v":23},1.32,"BDI 1",{"$f":"IF($C628=\"S\",ROUND(IF(TIPOORCAMENTO=\"Proposto\",ORÇAMENTO.CustoUnitario*(1+$AH628),ORÇAMENTO.PrecoUnitarioLicitado),15-13*$AF$10),0)","v":1.65},{"$f":"IF($C628=\"S\",IF(Import.TipoArredondamento<>\"TransfereGOV\",VTOTAL1,SUM(OFFSET(CÁLCULO!$AA$15,ROW($X628)-ROW($X$15),1):OFFSET(CÁLCULO!$AL$15,ROW($X628)-ROW($X$15),-1))),IF($C628=0,0,ROUND(SomaAgrup,15-13*$AF$11)))","v":37.950000000000003},"RA",{"$f":"IF(AND($C628=\"S\",$X628>0),IF(ISBLANK($Y628),\"RA\",LEFT($Y628,2)),\"\")","v":"RA"},{"$f":"IF($C628=\"S\",IF($Z628=\"CP\",$X628,IF($Z628=\"RA\",(($X628)*QCI!$AA$3),0)),SomaAgrup)","v":1.3515134155947479},{"$f":"IF($C628=\"S\",IF($Z628=\"OU\",ROUND($X628,2),0),SomaAgrup)","v":0},{"$f":"IF($N628=\"\",\"\",IF(ORÇAMENTO.Descricao=\"\",\"DESCRIÇÃO\",IF(AND($C628=\"S\",ORÇAMENTO.Unidade=\"\"),\"UNIDADE\",IF($X628<0,\"VALOR NEGATIVO\",IF(OR(AND(TIPOORCAMENTO=\"Proposto\",$AG628<>\"\",$AG628>0,ORÇAMENTO.CustoUnitario>$AG628),AND(TIPOORCAMENTO=\"LICITADO\",ORÇAMENTO.PrecoUnitarioLicitado>$AN628)),\"ACIMA REF.\",\"\")))))","v":""},{"$f":"IF(C628<=CRONO.NivelExibicao,MAX($AD$15:OFFSET(AD628,-1,0))+IF($C628<>1,1,MAX(1,COUNTIF(QCI!$A$13:$A$41,OFFSET($E628,-1,0)))),\"\")","v":""},{"$f":"IF(AND($C628=\"S\",ORÇAMENTO.CodBarra<>\"\"),IF(ORÇAMENTO.Fonte=\"\",ORÇAMENTO.CodBarra,CONCATENATE(ORÇAMENTO.Fonte,\" \",ORÇAMENTO.CodBarra)))","v":"SINAPI FNDE 354"},{"$f":"IF(ISERROR(INDIRECT(ORÇAMENTO.BancoRef)),\"(abra o arquivo 'Referência \"&Excel_BuiltIn_Database&\".xlsm)\",IF(OR($C628<>\"S\",ORÇAMENTO.CodBarra=\"\"),\"(Sem Código)\",IF(ISERROR(MATCH($AE628,INDIRECT(ORÇAMENTO.BancoRef),0)),\"(Código não identificado nas referências)\",MATCH($AE628,INDIRECT(ORÇAMENTO.BancoRef),0))))","v":"(Código não identificado nas referências)"},{"$f":"ROUND(IF(DESONERACAO=\"sim\",REFERENCIA.Desonerado,REFERENCIA.NaoDesonerado),2)","v":0},{"$f":"ROUND(IF(ISNUMBER(ORÇAMENTO.OpcaoBDI),ORÇAMENTO.OpcaoBDI,IF(LEFT(ORÇAMENTO.OpcaoBDI,3)=\"BDI\",HLOOKUP(ORÇAMENTO.OpcaoBDI,$F$4:$H$5,2,FALSE),0)),15-11*$AF$9)","v":0.25},null,23,null,null,{"$f":"$X628","v":37.950000000000003},{"$f":"ROUND(ORÇAMENTO.CustoUnitario*(1+$AH628),2)","v":1.65}]
["S",2,"S",0,{"$f":"IF($C629=1,OFFSET(E629,-1,0)+MAX(1,COUNTIF(QCI!$A$13:$A$41,OFFSET(ORÇAMENTO!E629,-1,0))),OFFSET(E629,-1,0))","v":21},2,0,0,4,0,{"$f":"IF(OR($C629=\"S\",$C629=0),0,MATCH(OFFSET($D629,0,$C629)+IF($C629<>1,1,COUNTIF(QCI!$A$13:$A$41,ORÇAMENTO!E629)),OFFSET($D629,1,$C629,ROW($C$744)-ROW($C629)),0))","v":0},"F","Serviço","Serviço","21.2.4.","SINAPI","FNDE 389","PARAFUSO EM ACO GALVANIZADO, TIPO MAQUINA, SEXTAVADO, SEM PORCA","UN",{"$f":"OFFSET(CÁLCULO!H$15,ROW($T629)-ROW(T$15),0)","v":481},2.74,"BDI 1",{"$f":"IF($C629=\"S\",ROUND(IF(TIPOORCAMENTO=\"Proposto\",ORÇAMENTO.CustoUnitario*(1+$AH629),ORÇAMENTO.PrecoUnitarioLicitado),15-13*$AF$10),0)","v":3.43},{"$f":"IF($C629=\"S\",IF(Import.TipoArredondamento<>\"TransfereGOV\",VTOTAL1,SUM(OFFSET(CÁLCULO!$AA$15,ROW($X629)-ROW($X$15),1):OFFSET(CÁLCULO!$AL$15,ROW($X629)-ROW($X$15),-1))),IF($C629=0,0,ROUND(SomaAgrup,15-13*$AF$11)))","v":1649.83},"RA","RA",{"$f":"IF($C629=\"S\",IF($Z629=\"CP\",$X629,IF($Z629=\"RA\",(($X629)*QCI!$AA$3),0)),SomaAgrup)","v":58.755398641651716},0,{"$f":"IF($N629=\"\",\"\",IF(ORÇAMENTO.Descricao=\"\",\"DESCRIÇÃO\",IF(AND($C629=\"S\",ORÇAMENTO.Unidade=\"\"),\"UNIDADE\",IF($X629<0,\"VALOR NEGATIVO\",IF(OR(AND(TIPOORCAMENTO=\"Proposto\",$AG629<>\"\",$AG629>0,ORÇAMENTO.CustoUnitario>$AG629),AND(TIPOORCAMENTO=\"LICITADO\",ORÇAMENTO.PrecoUnitarioLicitado>$AN629)),\"ACIMA REF.\",\"\")))))","v":""},{"$f":"IF(C629<=CRONO.NivelExibicao,MAX($AD$15:OFFSET(AD629,-1,0))+IF($C629<>1,1,MAX(1,COUNTIF(QCI!$A$13:$A$41,OFFSET($E629,-1,0)))),\"\")","v":""},{"$f":"IF(AND($C629=\"S\",ORÇAMENTO.CodBarra<>\"\"),IF(ORÇAMENTO.Fonte=\"\",ORÇAMENTO.CodBarra,CONCATENATE(ORÇAMENTO.Fonte,\" \",ORÇAMENTO.CodBarra)))","v":"SINAPI FNDE 389"},{"$f":"IF(ISERROR(INDIRECT(ORÇAMENTO.BancoRef)),\"(abra o arquivo 'Referência \"&Excel_BuiltIn_Database&\".xlsm)\",IF(OR($C629<>\"S\",ORÇAMENTO.CodBarra=\"\"),\"(Sem Código)\",IF(ISERROR(MATCH($AE629,INDIRECT(ORÇAMENTO.BancoRef),0)),\"(Código não identificado nas referências)\",MATCH($AE629,INDIRECT(ORÇAMENTO.BancoRef),0))))","v":"(Código não identificado nas referências)"},{"$f":"ROUND(IF(DESONERACAO=\"sim\",REFERENCIA.Desonerado,REFERENCIA.NaoDesonerado),2)","v":0},0.25,null,481,null,null,1649.83,3.43]
["S",2,"S",0,{"$f":"IF($C630=1,OFFSET(E630,-1,0)+MAX(1,COUNTIF(QCI!$A$13:$A$41,OFFSET(ORÇAMENTO!E630,-1,0))),OFFSET(E630,-1,0))","v":21},2,0,0,5,0,{"$f":"IF(OR($C630=\"S\",$C630=0),0,MATCH(OFFSET($D630,0,$C630)+IF($C630<>1,1,COUNTIF(QCI!$A$13:$A$41,ORÇAMENTO!E630)),OFFSET($D630,1,$C630,ROW($C$744)-ROW($C630)),0))","v":0},"F","Serviço","Serviço","21.2.5.","SINAPI","FNDE 356","PORCA ZINCADA, SEXTAVADA, DIAMETRO 1/4\"","UN",{"$f":"OFFSET(CÁLCULO!H$15,ROW($T630)-ROW(T$15),0)","v":593},0.85,"BDI 1",{"$f":"IF($C630=\"S\",ROUND(IF(TIPOORCAMENTO=\"Proposto\",ORÇAMENTO.CustoUnitario*(1+$AH630),ORÇAMENTO.PrecoUnitarioLicitado),15-13*$AF$10),0)","v":1.06},{"$f":"IF($C630=\"S\",IF(Import.TipoArredondamento<>\"TransfereGOV\",VTOTAL1,SUM(OFFSET(CÁLCULO!$AA$15,ROW($X630)-ROW($X$15),1):OFFSET(CÁLCULO!$AL$15,ROW($X630)-ROW($X$15),-1))),IF($C630=0,0,ROUND(SomaAgrup,15-13*$AF$11)))","v":628.58000000000004},"RA","RA",{"$f":"IF($C630=\"S\",IF($Z630=\"CP\",$X630,IF($Z630=\"RA\",(($X630)*QCI!$AA$3),0)),SomaAgrup)","v":22.385620626470267},0,{"$f":"IF($N630=\"\",\"\",IF(ORÇAMENTO.Descricao=\"\",\"DESCRIÇÃO\",IF(AND($C630=\"S\",ORÇAMENTO.Unidade=\"\"),\"UNIDADE\",IF($X630<0,\"VALOR NEGATIVO\",IF(OR(AND(TIPOORCAMENTO=\"Proposto\",$AG630<>\"\",$AG630>0,ORÇAMENTO.CustoUnitario>$AG630),AND(TIPOORCAMENTO=\"LICITADO\",ORÇAMENTO.PrecoUnitarioLicitado>$AN630)),\"ACIMA REF.\",\"\")))))","v":""},{"$f":"IF(C630<=CRONO.NivelExibicao,MAX($AD$15:OFFSET(AD630,-1,0))+IF($C630<>1,1,MAX(1,COUNTIF(QCI!$A$13:$A$41,OFFSET($E630,-1,0)))),\"\")","v":""},{"$f":"IF(AND($C630=\"S\",ORÇAMENTO.CodBarra<>\"\"),IF(ORÇAMENTO.Fonte=\"\",ORÇAMENTO.CodBarra,CONCATENATE(ORÇAMENTO.Fonte,\" \",ORÇAMENTO.CodBarra)))","v":"SINAPI FNDE 356"},{"$f":"IF(ISERROR(INDIRECT(ORÇAMENTO.BancoRef)),\"(abra o arquivo 'Referência \"&Excel_BuiltIn_Database&\".xlsm)\",IF(OR($C630<>\"S\",ORÇAMENTO.CodBarra=\"\"),\"(Sem Código)\",IF(ISERROR(MATCH($AE630,INDIRECT(ORÇAMENTO.BancoRef),0)),\"(Código não identificado nas referências)\",MATCH($AE630,INDIRECT(ORÇAMENTO.BancoRef),0))))","v":"(Código não identificado nas referências)"},{"$f":"ROUND(IF(DESONERACAO=\"sim\",REFERENCIA.Desonerado,REFERENCIA.NaoDesonerado),2)","v":0},0.25,null,593,null,null,628.58000000000004,1.06]
["S",2,"S",0,{"$f":"IF($C631=1,OFFSET(E631,-1,0)+MAX(1,COUNTIF(QCI!$A$13:$A$41,OFFSET(ORÇAMENTO!E631,-1,0))),OFFSET(E631,-1,0))","v":21},2,0,0,6,0,{"$f":"IF(OR($C631=\"S\",$C631=0),0,MATCH(OFFSET($D631,0,$C631)+IF($C631<>1,1,COUNTIF(QCI!$A$13:$A$41,ORÇAMENTO!E631)),OFFSET($D631,1,$C631,ROW($C$744)-ROW($C631)),0))","v":0},"F","Serviço","Serviço","21.2.6.","SINAPI","92884","ARMAÇÃO UTILIZANDO AÇO CA-25 DE 10,0 MM - MONTAGEM. AF_06/2022",{"$f":"REFERENCIA.Unidade","v":"KG"},{"$f":"OFFSET(CÁLCULO!H$15,ROW($T631)-ROW(T$15),0)","v":39.24},12.67,"BDI 1",{"$f":"IF($C631=\"S\",ROUND(IF(TIPOORCAMENTO=\"Proposto\",ORÇAMENTO.CustoUnitario*(1+$AH631),ORÇAMENTO.PrecoUnitarioLicitado),15-13*$AF$10),0)","v":15.84},{"$f":"IF($C631=\"S\",IF(Import.TipoArredondamento<>\"TransfereGOV\",VTOTAL1,SUM(OFFSET(CÁLCULO!$AA$15,ROW($X631)-ROW($X$15),1):OFFSET(CÁLCULO!$AL$15,ROW($X631)-ROW($X$15),-1))),IF($C631=0,0,ROUND(SomaAgrup,15-13*$AF$11)))","v":621.55999999999995},"RA","RA",{"$f":"IF($C631=\"S\",IF($Z631=\"CP\",$X631,IF($Z631=\"RA\",(($X631)*QCI!$AA$3),0)),SomaAgrup)","v":22.135617354336532},0,{"$f":"IF($N631=\"\",\"\",IF(ORÇAMENTO.Descricao=\"\",\"DESCRIÇÃO\",IF(AND($C631=\"S\",ORÇAMENTO.Unidade=\"\"),\"UNIDADE\",IF($X631<0,\"VALOR NEGATIVO\",IF(OR(AND(TIPOORCAMENTO=\"Proposto\",$AG631<>\"\",$AG631>0,ORÇAMENTO.CustoUnitario>$AG631),AND(TIPOORCAMENTO=\"LICITADO\",ORÇAMENTO.PrecoUnitarioLicitado>$AN631)),\"ACIMA REF.\",\"\")))))","v":""},{"$f":"IF(C631<=CRONO.NivelExibicao,MAX($AD$15:OFFSET(AD631,-1,0))+IF($C631<>1,1,MAX(1,COUNTIF(QCI!$A$13:$A$41,OFFSET($E631,-1,0)))),\"\")","v":""},{"$f":"IF(AND($C631=\"S\",ORÇAMENTO.CodBarra<>\"\"),IF(ORÇAMENTO.Fonte=\"\",ORÇAMENTO.CodBarra,CONCATENATE(ORÇAMENTO.Fonte,\" \",ORÇAMENTO.CodBarra)))","v":"SINAPI 92884"},{"$f":"IF(ISERROR(INDIRECT(ORÇAMENTO.BancoRef)),\"(abra o arquivo 'Referência \"&Excel_BuiltIn_Database&\".xlsm)\",IF(OR($C631<>\"S\",ORÇAMENTO.CodBarra=\"\"),\"(Sem Código)\",IF(ISERROR(MATCH($AE631,INDIRECT(ORÇAMENTO.BancoRef),0)),\"(Código não identificado nas referências)\",MATCH($AE631,INDIRECT(ORÇAMENTO.BancoRef),0))))","v":2684},{"$f":"ROUND(IF(DESONERACAO=\"sim\",REFERENCIA.Desonerado,REFERENCIA.NaoDesonerado),2)","v":12.67},0.25,null,39.24,null,null,621.55999999999995,15.84]
["S",2,"S",0,{"$f":"IF($C632=1,OFFSET(E632,-1,0)+MAX(1,COUNTIF(QCI!$A$13:$A$41,OFFSET(ORÇAMENTO!E632,-1,0))),OFFSET(E632,-1,0))","v":21},2,0,0,7,0,{"$f":"IF(OR($C632=\"S\",$C632=0),0,MATCH(OFFSET($D632,0,$C632)+IF($C632<>1,1,COUNTIF(QCI!$A$13:$A$41,ORÇAMENTO!E632)),OFFSET($D632,1,$C632,ROW($C$744)-ROW($C632)),0))","v":0},"F","Serviço","Serviço","21.2.7.","SINAPI","98463","SUPORTE ISOLADOR PARA FIXAÇÃO DA CORDOALHA DE COBRE EM ALVENARIA OU CONCRETO - FORNECIMENTO E INSTALAÇÃO. AF_08/2023",{"$f":"REFERENCIA.Unidade","v":"UN"},{"$f":"OFFSET(CÁLCULO!H$15,ROW($T632)-ROW(T$15),0)","v":65},27.53,"BDI 1",{"$f":"IF($C632=\"S\",ROUND(IF(TIPOORCAMENTO=\"Proposto\",ORÇAMENTO.CustoUnitario*(1+$AH632),ORÇAMENTO.PrecoUnitarioLicitado),15-13*$AF$10),0)","v":34.409999999999997},{"$f":"IF($C632=\"S\",IF(Import.TipoArredondamento<>\"TransfereGOV\",VTOTAL1,SUM(OFFSET(CÁLCULO!$AA$15,ROW($X632)-ROW($X$15),1):OFFSET(CÁLCULO!$AL$15,ROW($X632)-ROW($X$15),-1))),IF($C632=0,0,ROUND(SomaAgrup,15-13*$AF$11)))","v":2236.65},"RA","RA",{"$f":"IF($C632=\"S\",IF($Z632=\"CP\",$X632,IF($Z632=\"RA\",(($X632)*QCI!$AA$3),0)),SomaAgrup)","v":79.653820315941843},0,{"$f":"IF($N632=\"\",\"\",IF(ORÇAMENTO.Descricao=\"\",\"DESCRIÇÃO\",IF(AND($C632=\"S\",ORÇAMENTO.Unidade=\"\"),\"UNIDADE\",IF($X632<0,\"VALOR NEGATIVO\",IF(OR(AND(TIPOORCAMENTO=\"Proposto\",$AG632<>\"\",$AG632>0,ORÇAMENTO.CustoUnitario>$AG632),AND(TIPOORCAMENTO=\"LICITADO\",ORÇAMENTO.PrecoUnitarioLicitado>$AN632)),\"ACIMA REF.\",\"\")))))","v":""},{"$f":"IF(C632<=CRONO.NivelExibicao,MAX($AD$15:OFFSET(AD632,-1,0))+IF($C632<>1,1,MAX(1,COUNTIF(QCI!$A$13:$A$41,OFFSET($E632,-1,0)))),\"\")","v":""},{"$f":"IF(AND($C632=\"S\",ORÇAMENTO.CodBarra<>\"\"),IF(ORÇAMENTO.Fonte=\"\",ORÇAMENTO.CodBarra,CONCATENATE(ORÇAMENTO.Fonte,\" \",ORÇAMENTO.CodBarra)))","v":"SINAPI 98463"},{"$f":"IF(ISERROR(INDIRECT(ORÇAMENTO.BancoRef)),\"(abra o arquivo 'Referência \"&Excel_BuiltIn_Database&\".xlsm)\",IF(OR($C632<>\"S\",ORÇAMENTO.CodBarra=\"\"),\"(Sem Código)\",IF(ISERROR(MATCH($AE632,INDIRECT(ORÇAMENTO.BancoRef),0)),\"(Código não identificado nas referências)\",MATCH($AE632,INDIRECT(ORÇAMENTO.BancoRef),0))))","v":3497},{"$f":"ROUND(IF(DESONERACAO=\"sim\",REFERENCIA.Desonerado,REFERENCIA.NaoDesonerado),2)","v":27.53},0.25,null,65,null,null,2236.65,34.409999999999997]
[2,2,2,4,{"$f":"IF($C633=1,OFFSET(E633,-1,0)+MAX(1,COUNTIF(QCI!$A$13:$A$41,OFFSET(ORÇAMENTO!E633,-1,0))),OFFSET(E633,-1,0))","v":21},3,0,0,0,20,{"$f":"IF(OR($C633=\"S\",$C633=0),0,MATCH(OFFSET($D633,0,$C633)+IF($C633<>1,1,COUNTIF(QCI!$A$13:$A$41,ORÇAMENTO!E633)),OFFSET($D633,1,$C633,ROW($C$744)-ROW($C633)),0))","v":4},"F","Nível 2","Nível 2","21.3.","SINAPI",null,"Caixas e quadros",{"$f":"REFERENCIA.Unidade","v":"-"},{"$f":"OFFSET(CÁLCULO!H$15,ROW($T633)-ROW(T$15),0)","v":0},null,"BDI 1",{"$f":"IF($C633=\"S\",ROUND(IF(TIPOORCAMENTO=\"Proposto\",ORÇAMENTO.CustoUnitario*(1+$AH633),ORÇAMENTO.PrecoUnitarioLicitado),15-13*$AF$10),0)","v":0},{"$f":"IF($C633=\"S\",IF(Import.TipoArredondamento<>\"TransfereGOV\",VTOTAL1,SUM(OFFSET(CÁLCULO!$AA$15,ROW($X633)-ROW($X$15),1):OFFSET(CÁLCULO!$AL$15,ROW($X633)-ROW($X$15),-1))),IF($C633=0,0,ROUND(SomaAgrup,15-13*$AF$11)))","v":6601.37},"RA","",{"$f":"IF($C633=\"S\",IF($Z633=\"CP\",$X633,IF($Z633=\"RA\",(($X633)*QCI!$AA$3),0)),SomaAgrup)","v":235.0946012201502},0,{"$f":"IF($N633=\"\",\"\",IF(ORÇAMENTO.Descricao=\"\",\"DESCRIÇÃO\",IF(AND($C633=\"S\",ORÇAMENTO.Unidade=\"\"),\"UNIDADE\",IF($X633<0,\"VALOR NEGATIVO\",IF(OR(AND(TIPOORCAMENTO=\"Proposto\",$AG633<>\"\",$AG633>0,ORÇAMENTO.CustoUnitario>$AG633),AND(TIPOORCAMENTO=\"LICITADO\",ORÇAMENTO.PrecoUnitarioLicitado>$AN633)),\"ACIMA REF.\",\"\")))))","v":""},{"$f":"IF(C633<=CRONO.NivelExibicao,MAX($AD$15:OFFSET(AD633,-1,0))+IF($C633<>1,1,MAX(1,COUNTIF(QCI!$A$13:$A$41,OFFSET($E633,-1,0)))),\"\")","v":82},{"$f":"IF(AND($C633=\"S\",ORÇAMENTO.CodBarra<>\"\"),IF(ORÇAMENTO.Fonte=\"\",ORÇAMENTO.CodBarra,CONCATENATE(ORÇAMENTO.Fonte,\" \",ORÇAMENTO.CodBarra)))","v":false},{"$f":"IF(ISERROR(INDIRECT(ORÇAMENTO.BancoRef)),\"(abra o arquivo 'Referência \"&Excel_BuiltIn_Database&\".xlsm)\",IF(OR($C633<>\"S\",ORÇAMENTO.CodBarra=\"\"),\"(Sem Código)\",IF(ISERROR(MATCH($AE633,INDIRECT(ORÇAMENTO.BancoRef),0)),\"(Código não identificado nas referências)\",MATCH($AE633,INDIRECT(ORÇAMENTO.BancoRef),0))))","v":"(Sem Código)"},{"$f":"ROUND(IF(DESONERACAO=\"sim\",REFERENCIA.Desonerado,REFERENCIA.NaoDesonerado),2)","v":0},0.25,null,null,null,null,6601.37,0]
["S",2,"S",0,{"$f":"IF($C634=1,OFFSET(E634,-1,0)+MAX(1,COUNTIF(QCI!$A$13:$A$41,OFFSET(ORÇAMENTO!E634,-1,0))),OFFSET(E634,-1,0))","v":21},3,0,0,1,0,{"$f":"IF(OR($C634=\"S\",$C634=0),0,MATCH(OFFSET($D634,0,$C634)+IF($C634<>1,1,COUNTIF(QCI!$A$13:$A$41,ORÇAMENTO!E634)),OFFSET($D634,1,$C634,ROW($C$744)-ROW($C634)),0))","v":0},"F","Serviço","Serviço","21.3.1.","SINAPI","FNDE 31","CAIXA DE CONCRETO ARMADO PRE-MOLDADO, COM FUNDO E TAMPA, DIMENSOES DE 0,30 X 0,30 X 0,30 M","UN",{"$f":"OFFSET(CÁLCULO!H$15,ROW($T634)-ROW(T$15),0)","v":5},421.43,"BDI 1",{"$f":"IF($C634=\"S\",ROUND(IF(TIPOORCAMENTO=\"Proposto\",ORÇAMENTO.CustoUnitario*(1+$AH634),ORÇAMENTO.PrecoUnitarioLicitado),15-13*$AF$10),0)","v":526.79},{"$f":"IF($C634=\"S\",IF(Import.TipoArredondamento<>\"TransfereGOV\",VTOTAL1,SUM(OFFSET(CÁLCULO!$AA$15,ROW($X634)-ROW($X$15),1):OFFSET(CÁLCULO!$AL$15,ROW($X634)-ROW($X$15),-1))),IF($C634=0,0,ROUND(SomaAgrup,15-13*$AF$11)))","v":2633.95},"RA","RA",{"$f":"IF($C634=\"S\",IF($Z634=\"CP\",$X634,IF($Z634=\"RA\",(($X634)*QCI!$AA$3),0)),SomaAgrup)","v":93.802865902655753},0,{"$f":"IF($N634=\"\",\"\",IF(ORÇAMENTO.Descricao=\"\",\"DESCRIÇÃO\",IF(AND($C634=\"S\",ORÇAMENTO.Unidade=\"\"),\"UNIDADE\",IF($X634<0,\"VALOR NEGATIVO\",IF(OR(AND(TIPOORCAMENTO=\"Proposto\",$AG634<>\"\",$AG634>0,ORÇAMENTO.CustoUnitario>$AG634),AND(TIPOORCAMENTO=\"LICITADO\",ORÇAMENTO.PrecoUnitarioLicitado>$AN634)),\"ACIMA REF.\",\"\")))))","v":""},{"$f":"IF(C634<=CRONO.NivelExibicao,MAX($AD$15:OFFSET(AD634,-1,0))+IF($C634<>1,1,MAX(1,COUNTIF(QCI!$A$13:$A$41,OFFSET($E634,-1,0)))),\"\")","v":""},{"$f":"IF(AND($C634=\"S\",ORÇAMENTO.CodBarra<>\"\"),IF(ORÇAMENTO.Fonte=\"\",ORÇAMENTO.CodBarra,CONCATENATE(ORÇAMENTO.Fonte,\" \",ORÇAMENTO.CodBarra)))","v":"SINAPI FNDE 31"},{"$f":"IF(ISERROR(INDIRECT(ORÇAMENTO.BancoRef)),\"(abra o arquivo 'Referência \"&Excel_BuiltIn_Database&\".xlsm)\",IF(OR($C634<>\"S\",ORÇAMENTO.CodBarra=\"\"),\"(Sem Código)\",IF(ISERROR(MATCH($AE634,INDIRECT(ORÇAMENTO.BancoRef),0)),\"(Código não identificado nas referências)\",MATCH($AE634,INDIRECT(ORÇAMENTO.BancoRef),0))))","v":"(Código não identificado nas referências)"},{"$f":"ROUND(IF(DESONERACAO=\"sim\",REFERENCIA.Desonerado,REFERENCIA.NaoDesonerado),2)","v":0},0.25,null,5,null,null,2633.95,526.79]
["S",2,"S",0,{"$f":"IF($C635=1,OFFSET(E635,-1,0)+MAX(1,COUNTIF(QCI!$A$13:$A$41,OFFSET(ORÇAMENTO!E635,-1,0))),OFFSET(E635,-1,0))","v":21},3,0,0,2,0,{"$f":"IF(OR($C635=\"S\",$C635=0),0,MATCH(OFFSET($D635,0,$C635)+IF($C635<>1,1,COUNTIF(QCI!$A$13:$A$41,ORÇAMENTO!E635)),OFFSET($D635,1,$C635,ROW($C$744)-ROW($C635)),0))","v":0},"F","Serviço","Serviço","21.3.2.","SINAPI","100557","CAIXA DE PASSAGEM PARA TELEFONE 80X80X15CM (SOBREPOR) FORNECIMENTO E INSTALACAO. AF_11/2019",{"$f":"REFERENCIA.Unidade","v":"UN"},{"$f":"OFFSET(CÁLCULO!H$15,ROW($T635)-ROW(T$15),0)","v":4},504.78,"BDI 1",{"$f":"IF($C635=\"S\",ROUND(IF(TIPOORCAMENTO=\"Proposto\",ORÇAMENTO.CustoUnitario*(1+$AH635),ORÇAMENTO.PrecoUnitarioLicitado),15-13*$AF$10),0)","v":630.98},{"$f":"IF($C635=\"S\",IF(Import.TipoArredondamento<>\"TransfereGOV\",VTOTAL1,SUM(OFFSET(CÁLCULO!$AA$15,ROW($X635)-ROW($X$15),1):OFFSET(CÁLCULO!$AL$15,ROW($X635)-ROW($X$15),-1))),IF($C635=0,0,ROUND(SomaAgrup,15-13*$AF$11)))","v":2523.92},"RA","RA",{"$f":"IF($C635=\"S\",IF($Z635=\"CP\",$X635,IF($Z635=\"RA\",(($X635)*QCI!$AA$3),0)),SomaAgrup)","v":89.884367322474205},0,{"$f":"IF($N635=\"\",\"\",IF(ORÇAMENTO.Descricao=\"\",\"DESCRIÇÃO\",IF(AND($C635=\"S\",ORÇAMENTO.Unidade=\"\"),\"UNIDADE\",IF($X635<0,\"VALOR NEGATIVO\",IF(OR(AND(TIPOORCAMENTO=\"Proposto\",$AG635<>\"\",$AG635>0,ORÇAMENTO.CustoUnitario>$AG635),AND(TIPOORCAMENTO=\"LICITADO\",ORÇAMENTO.PrecoUnitarioLicitado>$AN635)),\"ACIMA REF.\",\"\")))))","v":""},{"$f":"IF(C635<=CRONO.NivelExibicao,MAX($AD$15:OFFSET(AD635,-1,0))+IF($C635<>1,1,MAX(1,COUNTIF(QCI!$A$13:$A$41,OFFSET($E635,-1,0)))),\"\")","v":""},{"$f":"IF(AND($C635=\"S\",ORÇAMENTO.CodBarra<>\"\"),IF(ORÇAMENTO.Fonte=\"\",ORÇAMENTO.CodBarra,CONCATENATE(ORÇAMENTO.Fonte,\" \",ORÇAMENTO.CodBarra)))","v":"SINAPI 100557"},{"$f":"IF(ISERROR(INDIRECT(ORÇAMENTO.BancoRef)),\"(abra o arquivo 'Referência \"&Excel_BuiltIn_Database&\".xlsm)\",IF(OR($C635<>\"S\",ORÇAMENTO.CodBarra=\"\"),\"(Sem Código)\",IF(ISERROR(MATCH($AE635,INDIRECT(ORÇAMENTO.BancoRef),0)),\"(Código não identificado nas referências)\",MATCH($AE635,INDIRECT(ORÇAMENTO.BancoRef),0))))","v":3576},{"$f":"ROUND(IF(DESONERACAO=\"sim\",REFERENCIA.Desonerado,REFERENCIA.NaoDesonerado),2)","v":504.78},0.25,null,4,null,null,2523.92,630.98]
["S",2,"S",0,{"$f":"IF($C636=1,OFFSET(E636,-1,0)+MAX(1,COUNTIF(QCI!$A$13:$A$41,OFFSET(ORÇAMENTO!E636,-1,0))),OFFSET(E636,-1,0))","v":21},3,0,0,3,0,{"$f":"IF(OR($C636=\"S\",$C636=0),0,MATCH(OFFSET($D636,0,$C636)+IF($C636<>1,1,COUNTIF(QCI!$A$13:$A$41,ORÇAMENTO!E636)),OFFSET($D636,1,$C636,ROW($C$744)-ROW($C636)),0))","v":0},"F","Serviço","Serviço","21.3.3.","SINAPI","FNDE 383","QUADRO DE DISTRIBUIÇÃO DE ENERGIA EM CHAPA DE AÇO GALVANIZADO, DE EMBUTIR, COM BARRAMENTO TRIFÁSICO, PARA 46 DISJUNTORES DIN 100A - FORNECIMENTO E INSTALAÇÃO.","UN",{"$f":"OFFSET(CÁLCULO!H$15,ROW($T636)-ROW(T$15),0)","v":1},1154.8,"BDI 1",{"$f":"IF($C636=\"S\",ROUND(IF(TIPOORCAMENTO=\"Proposto\",ORÇAMENTO.CustoUnitario*(1+$AH636),ORÇAMENTO.PrecoUnitarioLicitado),15-13*$AF$10),0)","v":1443.5},{"$f":"IF($C636=\"S\",IF(Import.TipoArredondamento<>\"TransfereGOV\",VTOTAL1,SUM(OFFSET(CÁLCULO!$AA$15,ROW($X636)-ROW($X$15),1):OFFSET(CÁLCULO!$AL$15,ROW($X636)-ROW($X$15),-1))),IF($C636=0,0,ROUND(SomaAgrup,15-13*$AF$11)))","v":1443.5},"RA","RA",{"$f":"IF($C636=\"S\",IF($Z636=\"CP\",$X636,IF($Z636=\"RA\",(($X636)*QCI!$AA$3),0)),SomaAgrup)","v":51.407367995020252},0,{"$f":"IF($N636=\"\",\"\",IF(ORÇAMENTO.Descricao=\"\",\"DESCRIÇÃO\",IF(AND($C636=\"S\",ORÇAMENTO.Unidade=\"\"),\"UNIDADE\",IF($X636<0,\"VALOR NEGATIVO\",IF(OR(AND(TIPOORCAMENTO=\"Proposto\",$AG636<>\"\",$AG636>0,ORÇAMENTO.CustoUnitario>$AG636),AND(TIPOORCAMENTO=\"LICITADO\",ORÇAMENTO.PrecoUnitarioLicitado>$AN636)),\"ACIMA REF.\",\"\")))))","v":""},{"$f":"IF(C636<=CRONO.NivelExibicao,MAX($AD$15:OFFSET(AD636,-1,0))+IF($C636<>1,1,MAX(1,COUNTIF(QCI!$A$13:$A$41,OFFSET($E636,-1,0)))),\"\")","v":""},{"$f":"IF(AND($C636=\"S\",ORÇAMENTO.CodBarra<>\"\"),IF(ORÇAMENTO.Fonte=\"\",ORÇAMENTO.CodBarra,CONCATENATE(ORÇAMENTO.Fonte,\" \",ORÇAMENTO.CodBarra)))","v":"SINAPI FNDE 383"},{"$f":"IF(ISERROR(INDIRECT(ORÇAMENTO.BancoRef)),\"(abra o arquivo 'Referência \"&Excel_BuiltIn_Database&\".xlsm)\",IF(OR($C636<>\"S\",ORÇAMENTO.CodBarra=\"\"),\"(Sem Código)\",IF(ISERROR(MATCH($AE636,INDIRECT(ORÇAMENTO.BancoRef),0)),\"(Código não identificado nas referências)\",MATCH($AE636,INDIRECT(ORÇAMENTO.BancoRef),0))))","v":"(Código não identificado nas referências)"},{"$f":"ROUND(IF(DESONERACAO=\"sim\",REFERENCIA.Desonerado,REFERENCIA.NaoDesonerado),2)","v":0},0.25,null,1,null,null,1443.5,1443.5]
[2,2,2,3,{"$f":"IF($C637=1,OFFSET(E637,-1,0)+MAX(1,COUNTIF(QCI!$A$13:$A$41,OFFSET(ORÇAMENTO!E637,-1,0))),OFFSET(E637,-1,0))","v":21},4,0,0,0,16,{"$f":"IF(OR($C637=\"S\",$C637=0),0,MATCH(OFFSET($D637,0,$C637)+IF($C637<>1,1,COUNTIF(QCI!$A$13:$A$41,ORÇAMENTO!E637)),OFFSET($D637,1,$C637,ROW($C$744)-ROW($C637)),0))","v":3},"F","Nível 2","Nível 2","21.4.","SINAPI",null,"Dispositivos",{"$f":"REFERENCIA.Unidade","v":"-"},{"$f":"OFFSET(CÁLCULO!H$15,ROW($T637)-ROW(T$15),0)","v":0},null,"BDI 1",{"$f":"IF($C637=\"S\",ROUND(IF(TIPOORCAMENTO=\"Proposto\",ORÇAMENTO.CustoUnitario*(1+$AH637),ORÇAMENTO.PrecoUnitarioLicitado),15-13*$AF$10),0)","v":0},{"$f":"IF($C637=\"S\",IF(Import.TipoArredondamento<>\"TransfereGOV\",VTOTAL1,SUM(OFFSET(CÁLCULO!$AA$15,ROW($X637)-ROW($X$15),1):OFFSET(CÁLCULO!$AL$15,ROW($X637)-ROW($X$15),-1))),IF($C637=0,0,ROUND(SomaAgrup,15-13*$AF$11)))","v":2490.6},"RA","",{"$f":"IF($C637=\"S\",IF($Z637=\"CP\",$X637,IF($Z637=\"RA\",(($X637)*QCI!$AA$3),0)),SomaAgrup)","v":88.697742104882181},0,{"$f":"IF($N637=\"\",\"\",IF(ORÇAMENTO.Descricao=\"\",\"DESCRIÇÃO\",IF(AND($C637=\"S\",ORÇAMENTO.Unidade=\"\"),\"UNIDADE\",IF($X637<0,\"VALOR NEGATIVO\",IF(OR(AND(TIPOORCAMENTO=\"Proposto\",$AG637<>\"\",$AG637>0,ORÇAMENTO.CustoUnitario>$AG637),AND(TIPOORCAMENTO=\"LICITADO\",ORÇAMENTO.PrecoUnitarioLicitado>$AN637)),\"ACIMA REF.\",\"\")))))","v":""},{"$f":"IF(C637<=CRONO.NivelExibicao,MAX($AD$15:OFFSET(AD637,-1,0))+IF($C637<>1,1,MAX(1,COUNTIF(QCI!$A$13:$A$41,OFFSET($E637,-1,0)))),\"\")","v":83},{"$f":"IF(AND($C637=\"S\",ORÇAMENTO.CodBarra<>\"\"),IF(ORÇAMENTO.Fonte=\"\",ORÇAMENTO.CodBarra,CONCATENATE(ORÇAMENTO.Fonte,\" \",ORÇAMENTO.CodBarra)))","v":false},{"$f":"IF(ISERROR(INDIRECT(ORÇAMENTO.BancoRef)),\"(abra o arquivo 'Referência \"&Excel_BuiltIn_Database&\".xlsm)\",IF(OR($C637<>\"S\",ORÇAMENTO.CodBarra=\"\"),\"(Sem Código)\",IF(ISERROR(MATCH($AE637,INDIRECT(ORÇAMENTO.BancoRef),0)),\"(Código não identificado nas referências)\",MATCH($AE637,INDIRECT(ORÇAMENTO.BancoRef),0))))","v":"(Sem Código)"},{"$f":"ROUND(IF(DESONERACAO=\"sim\",REFERENCIA.Desonerado,REFERENCIA.NaoDesonerado),2)","v":0},0.25,null,null,null,null,2490.6,0]
["S",2,"S",0,{"$f":"IF($C638=1,OFFSET(E638,-1,0)+MAX(1,COUNTIF(QCI!$A$13:$A$41,OFFSET(ORÇAMENTO!E638,-1,0))),OFFSET(E638,-1,0))","v":21},4,0,0,1,0,{"$f":"IF(OR($C638=\"S\",$C638=0),0,MATCH(OFFSET($D638,0,$C638)+IF($C638<>1,1,COUNTIF(QCI!$A$13:$A$41,ORÇAMENTO!E638)),OFFSET($D638,1,$C638,ROW($C$744)-ROW($C638)),0))","v":0},"F","Serviço","Serviço","21.4.1.","SINAPI","98307","TOMADA DE REDE RJ45 - FORNECIMENTO E INSTALAÇÃO. AF_11/2019",{"$f":"REFERENCIA.Unidade","v":"UN"},{"$f":"OFFSET(CÁLCULO!H$15,ROW($T638)-ROW(T$15),0)","v":28},55.82,"BDI 1",{"$f":"IF($C638=\"S\",ROUND(IF(TIPOORCAMENTO=\"Proposto\",ORÇAMENTO.CustoUnitario*(1+$AH638),ORÇAMENTO.PrecoUnitarioLicitado),15-13*$AF$10),0)","v":69.78},{"$f":"IF($C638=\"S\",IF(Import.TipoArredondamento<>\"TransfereGOV\",VTOTAL1,SUM(OFFSET(CÁLCULO!$AA$15,ROW($X638)-ROW($X$15),1):OFFSET(CÁLCULO!$AL$15,ROW($X638)-ROW($X$15),-1))),IF($C638=0,0,ROUND(SomaAgrup,15-13*$AF$11)))","v":1953.84},"RA","RA",{"$f":"IF($C638=\"S\",IF($Z638=\"CP\",$X638,IF($Z638=\"RA\",(($X638)*QCI!$AA$3),0)),SomaAgrup)","v":69.58210729711837},0,{"$f":"IF($N638=\"\",\"\",IF(ORÇAMENTO.Descricao=\"\",\"DESCRIÇÃO\",IF(AND($C638=\"S\",ORÇAMENTO.Unidade=\"\"),\"UNIDADE\",IF($X638<0,\"VALOR NEGATIVO\",IF(OR(AND(TIPOORCAMENTO=\"Proposto\",$AG638<>\"\",$AG638>0,ORÇAMENTO.CustoUnitario>$AG638),AND(TIPOORCAMENTO=\"LICITADO\",ORÇAMENTO.PrecoUnitarioLicitado>$AN638)),\"ACIMA REF.\",\"\")))))","v":""},{"$f":"IF(C638<=CRONO.NivelExibicao,MAX($AD$15:OFFSET(AD638,-1,0))+IF($C638<>1,1,MAX(1,COUNTIF(QCI!$A$13:$A$41,OFFSET($E638,-1,0)))),\"\")","v":""},{"$f":"IF(AND($C638=\"S\",ORÇAMENTO.CodBarra<>\"\"),IF(ORÇAMENTO.Fonte=\"\",ORÇAMENTO.CodBarra,CONCATENATE(ORÇAMENTO.Fonte,\" \",ORÇAMENTO.CodBarra)))","v":"SINAPI 98307"},{"$f":"IF(ISERROR(INDIRECT(ORÇAMENTO.BancoRef)),\"(abra o arquivo 'Referência \"&Excel_BuiltIn_Database&\".xlsm)\",IF(OR($C638<>\"S\",ORÇAMENTO.CodBarra=\"\"),\"(Sem Código)\",IF(ISERROR(MATCH($AE638,INDIRECT(ORÇAMENTO.BancoRef),0)),\"(Código não identificado nas referências)\",MATCH($AE638,INDIRECT(ORÇAMENTO.BancoRef),0))))","v":3639},{"$f":"ROUND(IF(DESONERACAO=\"sim\",REFERENCIA.Desonerado,REFERENCIA.NaoDesonerado),2)","v":55.82},0.25,null,28,null,null,1953.84,69.78]
["S",2,"S",0,{"$f":"IF($C639=1,OFFSET(E639,-1,0)+MAX(1,COUNTIF(QCI!$A$13:$A$41,OFFSET(ORÇAMENTO!E639,-1,0))),OFFSET(E639,-1,0))","v":21},4,0,0,2,0,{"$f":"IF(OR($C639=\"S\",$C639=0),0,MATCH(OFFSET($D639,0,$C639)+IF($C639<>1,1,COUNTIF(QCI!$A$13:$A$41,ORÇAMENTO!E639)),OFFSET($D639,1,$C639,ROW($C$744)-ROW($C639)),0))","v":0},"F","Serviço","Serviço","21.4.2.","SINAPI","FNDE 375","TOMADA PARA ANTENA DE TV, CABO COAXIAL DE 9 MM FORNECIMENTO E INSTALAÇÃO","UN",{"$f":"OFFSET(CÁLCULO!H$15,ROW($T639)-ROW(T$15),0)","v":14},30.67,"BDI 1",{"$f":"IF($C639=\"S\",ROUND(IF(TIPOORCAMENTO=\"Proposto\",ORÇAMENTO.CustoUnitario*(1+$AH639),ORÇAMENTO.PrecoUnitarioLicitado),15-13*$AF$10),0)","v":38.340000000000003},{"$f":"IF($C639=\"S\",IF(Import.TipoArredondamento<>\"TransfereGOV\",VTOTAL1,SUM(OFFSET(CÁLCULO!$AA$15,ROW($X639)-ROW($X$15),1):OFFSET(CÁLCULO!$AL$15,ROW($X639)-ROW($X$15),-1))),IF($C639=0,0,ROUND(SomaAgrup,15-13*$AF$11)))","v":536.76},"RA","RA",{"$f":"IF($C639=\"S\",IF($Z639=\"CP\",$X639,IF($Z639=\"RA\",(($X639)*QCI!$AA$3),0)),SomaAgrup)","v":19.115634807763815},0,{"$f":"IF($N639=\"\",\"\",IF(ORÇAMENTO.Descricao=\"\",\"DESCRIÇÃO\",IF(AND($C639=\"S\",ORÇAMENTO.Unidade=\"\"),\"UNIDADE\",IF($X639<0,\"VALOR NEGATIVO\",IF(OR(AND(TIPOORCAMENTO=\"Proposto\",$AG639<>\"\",$AG639>0,ORÇAMENTO.CustoUnitario>$AG639),AND(TIPOORCAMENTO=\"LICITADO\",ORÇAMENTO.PrecoUnitarioLicitado>$AN639)),\"ACIMA REF.\",\"\")))))","v":""},{"$f":"IF(C639<=CRONO.NivelExibicao,MAX($AD$15:OFFSET(AD639,-1,0))+IF($C639<>1,1,MAX(1,COUNTIF(QCI!$A$13:$A$41,OFFSET($E639,-1,0)))),\"\")","v":""},{"$f":"IF(AND($C639=\"S\",ORÇAMENTO.CodBarra<>\"\"),IF(ORÇAMENTO.Fonte=\"\",ORÇAMENTO.CodBarra,CONCATENATE(ORÇAMENTO.Fonte,\" \",ORÇAMENTO.CodBarra)))","v":"SINAPI FNDE 375"},{"$f":"IF(ISERROR(INDIRECT(ORÇAMENTO.BancoRef)),\"(abra o arquivo 'Referência \"&Excel_BuiltIn_Database&\".xlsm)\",IF(OR($C639<>\"S\",ORÇAMENTO.CodBarra=\"\"),\"(Sem Código)\",IF(ISERROR(MATCH($AE639,INDIRECT(ORÇAMENTO.BancoRef),0)),\"(Código não identificado nas referências)\",MATCH($AE639,INDIRECT(ORÇAMENTO.BancoRef),0))))","v":"(Código não identificado nas referências)"},{"$f":"ROUND(IF(DESONERACAO=\"sim\",REFERENCIA.Desonerado,REFERENCIA.NaoDesonerado),2)","v":0},0.25,null,14,null,null,536.76,38.340000000000003]
[2,2,2,11,{"$f":"IF($C640=1,OFFSET(E640,-1,0)+MAX(1,COUNTIF(QCI!$A$13:$A$41,OFFSET(ORÇAMENTO!E640,-1,0))),OFFSET(E640,-1,0))","v":21},5,0,0,0,13,{"$f":"IF(OR($C640=\"S\",$C640=0),0,MATCH(OFFSET($D640,0,$C640)+IF($C640<>1,1,COUNTIF(QCI!$A$13:$A$41,ORÇAMENTO!E640)),OFFSET($D640,1,$C640,ROW($C$744)-ROW($C640)),0))","v":11},"F","Nível 2","Nível 2","21.5.","SINAPI",null,"Eletrocalha e eletrodutos",{"$f":"REFERENCIA.Unidade","v":"-"},{"$f":"OFFSET(CÁLCULO!H$15,ROW($T640)-ROW(T$15),0)","v":0},null,"BDI 1",{"$f":"IF($C640=\"S\",ROUND(IF(TIPOORCAMENTO=\"Proposto\",ORÇAMENTO.CustoUnitario*(1+$AH640),ORÇAMENTO.PrecoUnitarioLicitado),15-13*$AF$10),0)","v":0},{"$f":"IF($C640=\"S\",IF(Import.TipoArredondamento<>\"TransfereGOV\",VTOTAL1,SUM(OFFSET(CÁLCULO!$AA$15,ROW($X640)-ROW($X$15),1):OFFSET(CÁLCULO!$AL$15,ROW($X640)-ROW($X$15),-1))),IF($C640=0,0,ROUND(SomaAgrup,15-13*$AF$11)))","v":27649.67},"RA","",{"$f":"IF($C640=\"S\",IF($Z640=\"CP\",$X640,IF($Z640=\"RA\",(($X640)*QCI!$AA$3),0)),SomaAgrup)","v":984.68774550112335},0,{"$f":"IF($N640=\"\",\"\",IF(ORÇAMENTO.Descricao=\"\",\"DESCRIÇÃO\",IF(AND($C640=\"S\",ORÇAMENTO.Unidade=\"\"),\"UNIDADE\",IF($X640<0,\"VALOR NEGATIVO\",IF(OR(AND(TIPOORCAMENTO=\"Proposto\",$AG640<>\"\",$AG640>0,ORÇAMENTO.CustoUnitario>$AG640),AND(TIPOORCAMENTO=\"LICITADO\",ORÇAMENTO.PrecoUnitarioLicitado>$AN640)),\"ACIMA REF.\",\"\")))))","v":""},{"$f":"IF(C640<=CRONO.NivelExibicao,MAX($AD$15:OFFSET(AD640,-1,0))+IF($C640<>1,1,MAX(1,COUNTIF(QCI!$A$13:$A$41,OFFSET($E640,-1,0)))),\"\")","v":84},{"$f":"IF(AND($C640=\"S\",ORÇAMENTO.CodBarra<>\"\"),IF(ORÇAMENTO.Fonte=\"\",ORÇAMENTO.CodBarra,CONCATENATE(ORÇAMENTO.Fonte,\" \",ORÇAMENTO.CodBarra)))","v":false},{"$f":"IF(ISERROR(INDIRECT(ORÇAMENTO.BancoRef)),\"(abra o arquivo 'Referência \"&Excel_BuiltIn_Database&\".xlsm)\",IF(OR($C640<>\"S\",ORÇAMENTO.CodBarra=\"\"),\"(Sem Código)\",IF(ISERROR(MATCH($AE640,INDIRECT(ORÇAMENTO.BancoRef),0)),\"(Código não identificado nas referências)\",MATCH($AE640,INDIRECT(ORÇAMENTO.BancoRef),0))))","v":"(Sem Código)"},{"$f":"ROUND(IF(DESONERACAO=\"sim\",REFERENCIA.Desonerado,REFERENCIA.NaoDesonerado),2)","v":0},0.25,null,null,null,null,27649.67,0]
["S",2,"S",0,{"$f":"IF($C641=1,OFFSET(E641,-1,0)+MAX(1,COUNTIF(QCI!$A$13:$A$41,OFFSET(ORÇAMENTO!E641,-1,0))),OFFSET(E641,-1,0))","v":21},5,0,0,1,0,{"$f":"IF(OR($C641=\"S\",$C641=0),0,MATCH(OFFSET($D641,0,$C641)+IF($C641<>1,1,COUNTIF(QCI!$A$13:$A$41,ORÇAMENTO!E641)),OFFSET($D641,1,$C641,ROW($C$744)-ROW($C641)),0))","v":0},"F","Serviço","Serviço","21.5.1.","SINAPI","FNDE 312","ELETROCALHA LISA OU PERFURADA EM AÇO GALVANIZADO, LARGURA  100MM E ALTURA 50MM, INCLUSIVE EMENDA E FIXAÇÃO - FORNECIMENTO E INSTALAÇÃO.","M",{"$f":"OFFSET(CÁLCULO!H$15,ROW($T641)-ROW(T$15),0)","v":77.599999999999994},147.30000000000001,"BDI 1",{"$f":"IF($C641=\"S\",ROUND(IF(TIPOORCAMENTO=\"Proposto\",ORÇAMENTO.CustoUnitario*(1+$AH641),ORÇAMENTO.PrecoUnitarioLicitado),15-13*$AF$10),0)","v":184.13},{"$f":"IF($C641=\"S\",IF(Import.TipoArredondamento<>\"TransfereGOV\",VTOTAL1,SUM(OFFSET(CÁLCULO!$AA$15,ROW($X641)-ROW($X$15),1):OFFSET(CÁLCULO!$AL$15,ROW($X641)-ROW($X$15),-1))),IF($C641=0,0,ROUND(SomaAgrup,15-13*$AF$11)))","v":14288.49},"RA","RA",{"$f":"IF($C641=\"S\",IF($Z641=\"CP\",$X641,IF($Z641=\"RA\",(($X641)*QCI!$AA$3),0)),SomaAgrup)","v":508.85601906696701},0,{"$f":"IF($N641=\"\",\"\",IF(ORÇAMENTO.Descricao=\"\",\"DESCRIÇÃO\",IF(AND($C641=\"S\",ORÇAMENTO.Unidade=\"\"),\"UNIDADE\",IF($X641<0,\"VALOR NEGATIVO\",IF(OR(AND(TIPOORCAMENTO=\"Proposto\",$AG641<>\"\",$AG641>0,ORÇAMENTO.CustoUnitario>$AG641),AND(TIPOORCAMENTO=\"LICITADO\",ORÇAMENTO.PrecoUnitarioLicitado>$AN641)),\"ACIMA REF.\",\"\")))))","v":""},{"$f":"IF(C641<=CRONO.NivelExibicao,MAX($AD$15:OFFSET(AD641,-1,0))+IF($C641<>1,1,MAX(1,COUNTIF(QCI!$A$13:$A$41,OFFSET($E641,-1,0)))),\"\")","v":""},{"$f":"IF(AND($C641=\"S\",ORÇAMENTO.CodBarra<>\"\"),IF(ORÇAMENTO.Fonte=\"\",ORÇAMENTO.CodBarra,CONCATENATE(ORÇAMENTO.Fonte,\" \",ORÇAMENTO.CodBarra)))","v":"SINAPI FNDE 312"},{"$f":"IF(ISERROR(INDIRECT(ORÇAMENTO.BancoRef)),\"(abra o arquivo 'Referência \"&Excel_BuiltIn_Database&\".xlsm)\",IF(OR($C641<>\"S\",ORÇAMENTO.CodBarra=\"\"),\"(Sem Código)\",IF(ISERROR(MATCH($AE641,INDIRECT(ORÇAMENTO.BancoRef),0)),\"(Código não identificado nas referências)\",MATCH($AE641,INDIRECT(ORÇAMENTO.BancoRef),0))))","v":"(Código não identificado nas referências)"},{"$f":"ROUND(IF(DESONERACAO=\"sim\",REFERENCIA.Desonerado,REFERENCIA.NaoDesonerado),2)","v":0},0.25,null,77.599999999999994,null,null,14288.49,184.13]
["S",2,"S",0,{"$f":"IF($C642=1,OFFSET(E642,-1,0)+MAX(1,COUNTIF(QCI!$A$13:$A$41,OFFSET(ORÇAMENTO!E642,-1,0))),OFFSET(E642,-1,0))","v":21},5,0,0,2,0,{"$f":"IF(OR($C642=\"S\",$C642=0),0,MATCH(OFFSET($D642,0,$C642)+IF($C642<>1,1,COUNTIF(QCI!$A$13:$A$41,ORÇAMENTO!E642)),OFFSET($D642,1,$C642,ROW($C$744)-ROW($C642)),0))","v":0},"F","Serviço","Serviço","21.5.2.","SINAPI","91837","ELETRODUTO FLEXÍVEL CORRUGADO REFORÇADO, PVC, DN 32 MM (1\"), PARA CIRCUITOS TERMINAIS, INSTALADO EM FORRO - FORNECIMENTO E INSTALAÇÃO. AF_03/2023",{"$f":"REFERENCIA.Unidade","v":"M"},{"$f":"OFFSET(CÁLCULO!H$15,ROW($T642)-ROW(T$15),0)","v":4.2},28.08,"BDI 1",{"$f":"IF($C642=\"S\",ROUND(IF(TIPOORCAMENTO=\"Proposto\",ORÇAMENTO.CustoUnitario*(1+$AH642),ORÇAMENTO.PrecoUnitarioLicitado),15-13*$AF$10),0)","v":35.1},{"$f":"IF($C642=\"S\",IF(Import.TipoArredondamento<>\"TransfereGOV\",VTOTAL1,SUM(OFFSET(CÁLCULO!$AA$15,ROW($X642)-ROW($X$15),1):OFFSET(CÁLCULO!$AL$15,ROW($X642)-ROW($X$15),-1))),IF($C642=0,0,ROUND(SomaAgrup,15-13*$AF$11)))","v":147.41999999999999},"RA","RA",{"$f":"IF($C642=\"S\",IF($Z642=\"CP\",$X642,IF($Z642=\"RA\",(($X642)*QCI!$AA$3),0)),SomaAgrup)","v":5.2500687148083713},0,{"$f":"IF($N642=\"\",\"\",IF(ORÇAMENTO.Descricao=\"\",\"DESCRIÇÃO\",IF(AND($C642=\"S\",ORÇAMENTO.Unidade=\"\"),\"UNIDADE\",IF($X642<0,\"VALOR NEGATIVO\",IF(OR(AND(TIPOORCAMENTO=\"Proposto\",$AG642<>\"\",$AG642>0,ORÇAMENTO.CustoUnitario>$AG642),AND(TIPOORCAMENTO=\"LICITADO\",ORÇAMENTO.PrecoUnitarioLicitado>$AN642)),\"ACIMA REF.\",\"\")))))","v":""},{"$f":"IF(C642<=CRONO.NivelExibicao,MAX($AD$15:OFFSET(AD642,-1,0))+IF($C642<>1,1,MAX(1,COUNTIF(QCI!$A$13:$A$41,OFFSET($E642,-1,0)))),\"\")","v":""},{"$f":"IF(AND($C642=\"S\",ORÇAMENTO.CodBarra<>\"\"),IF(ORÇAMENTO.Fonte=\"\",ORÇAMENTO.CodBarra,CONCATENATE(ORÇAMENTO.Fonte,\" \",ORÇAMENTO.CodBarra)))","v":"SINAPI 91837"},{"$f":"IF(ISERROR(INDIRECT(ORÇAMENTO.BancoRef)),\"(abra o arquivo 'Referência \"&Excel_BuiltIn_Database&\".xlsm)\",IF(OR($C642<>\"S\",ORÇAMENTO.CodBarra=\"\"),\"(Sem Código)\",IF(ISERROR(MATCH($AE642,INDIRECT(ORÇAMENTO.BancoRef),0)),\"(Código não identificado nas referências)\",MATCH($AE642,INDIRECT(ORÇAMENTO.BancoRef),0))))","v":2985},{"$f":"ROUND(IF(DESONERACAO=\"sim\",REFERENCIA.Desonerado,REFERENCIA.NaoDesonerado),2)","v":28.08},0.25,null,4.2,null,null,147.41999999999999,35.1]
["S",2,"S",0,{"$f":"IF($C643=1,OFFSET(E643,-1,0)+MAX(1,COUNTIF(QCI!$A$13:$A$41,OFFSET(ORÇAMENTO!E643,-1,0))),OFFSET(E643,-1,0))","v":21},5,0,0,3,0,{"$f":"IF(OR($C643=\"S\",$C643=0),0,MATCH(OFFSET($D643,0,$C643)+IF($C643<>1,1,COUNTIF(QCI!$A$13:$A$41,ORÇAMENTO!E643)),OFFSET($D643,1,$C643,ROW($C$744)-ROW($C643)),0))","v":0},"F","Serviço","Serviço","21.5.3.","SINAPI","91835","ELETRODUTO FLEXÍVEL CORRUGADO REFORÇADO, PVC, DN 25 MM (3/4\"), PARA CIRCUITOS TERMINAIS, INSTALADO EM FORRO - FORNECIMENTO E INSTALAÇÃO. AF_03/2023",{"$f":"REFERENCIA.Unidade","v":"M"},{"$f":"OFFSET(CÁLCULO!H$15,ROW($T643)-ROW(T$15),0)","v":258.39999999999998},22.25,"BDI 1",{"$f":"IF($C643=\"S\",ROUND(IF(TIPOORCAMENTO=\"Proposto\",ORÇAMENTO.CustoUnitario*(1+$AH643),ORÇAMENTO.PrecoUnitarioLicitado),15-13*$AF$10),0)","v":27.81},{"$f":"IF($C643=\"S\",IF(Import.TipoArredondamento<>\"TransfereGOV\",VTOTAL1,SUM(OFFSET(CÁLCULO!$AA$15,ROW($X643)-ROW($X$15),1):OFFSET(CÁLCULO!$AL$15,ROW($X643)-ROW($X$15),-1))),IF($C643=0,0,ROUND(SomaAgrup,15-13*$AF$11)))","v":7186.1},"RA","RA",{"$f":"IF($C643=\"S\",IF($Z643=\"CP\",$X643,IF($Z643=\"RA\",(($X643)*QCI!$AA$3),0)),SomaAgrup)","v":255.91859172082786},0,{"$f":"IF($N643=\"\",\"\",IF(ORÇAMENTO.Descricao=\"\",\"DESCRIÇÃO\",IF(AND($C643=\"S\",ORÇAMENTO.Unidade=\"\"),\"UNIDADE\",IF($X643<0,\"VALOR NEGATIVO\",IF(OR(AND(TIPOORCAMENTO=\"Proposto\",$AG643<>\"\",$AG643>0,ORÇAMENTO.CustoUnitario>$AG643),AND(TIPOORCAMENTO=\"LICITADO\",ORÇAMENTO.PrecoUnitarioLicitado>$AN643)),\"ACIMA REF.\",\"\")))))","v":""},{"$f":"IF(C643<=CRONO.NivelExibicao,MAX($AD$15:OFFSET(AD643,-1,0))+IF($C643<>1,1,MAX(1,COUNTIF(QCI!$A$13:$A$41,OFFSET($E643,-1,0)))),\"\")","v":""},{"$f":"IF(AND($C643=\"S\",ORÇAMENTO.CodBarra<>\"\"),IF(ORÇAMENTO.Fonte=\"\",ORÇAMENTO.CodBarra,CONCATENATE(ORÇAMENTO.Fonte,\" \",ORÇAMENTO.CodBarra)))","v":"SINAPI 91835"},{"$f":"IF(ISERROR(INDIRECT(ORÇAMENTO.BancoRef)),\"(abra o arquivo 'Referência \"&Excel_BuiltIn_Database&\".xlsm)\",IF(OR($C643<>\"S\",ORÇAMENTO.CodBarra=\"\"),\"(Sem Código)\",IF(ISERROR(MATCH($AE643,INDIRECT(ORÇAMENTO.BancoRef),0)),\"(Código não identificado nas referências)\",MATCH($AE643,INDIRECT(ORÇAMENTO.BancoRef),0))))","v":2983},{"$f":"ROUND(IF(DESONERACAO=\"sim\",REFERENCIA.Desonerado,REFERENCIA.NaoDesonerado),2)","v":22.25},0.25,null,258.39999999999998,null,null,7186.1,27.81]
["S",2,"S",0,{"$f":"IF($C644=1,OFFSET(E644,-1,0)+MAX(1,COUNTIF(QCI!$A$13:$A$41,OFFSET(ORÇAMENTO!E644,-1,0))),OFFSET(E644,-1,0))","v":21},5,0,0,4,0,{"$f":"IF(OR($C644=\"S\",$C644=0),0,MATCH(OFFSET($D644,0,$C644)+IF($C644<>1,1,COUNTIF(QCI!$A$13:$A$41,ORÇAMENTO!E644)),OFFSET($D644,1,$C644,ROW($C$744)-ROW($C644)),0))","v":0},"F","Serviço","Serviço","21.5.4.","SINAPI","91865","ELETRODUTO RÍGIDO ROSCÁVEL, PVC, DN 40 MM (1 1/4\"), PARA CIRCUITOS TERMINAIS, INSTALADO EM FORRO - FORNECIMENTO E INSTALAÇÃO. AF_03/2023",{"$f":"REFERENCIA.Unidade","v":"M"},{"$f":"OFFSET(CÁLCULO!H$15,ROW($T644)-ROW(T$15),0)","v":51.8},22.03,"BDI 1",{"$f":"IF($C644=\"S\",ROUND(IF(TIPOORCAMENTO=\"Proposto\",ORÇAMENTO.CustoUnitario*(1+$AH644),ORÇAMENTO.PrecoUnitarioLicitado),15-13*$AF$10),0)","v":27.54},{"$f":"IF($C644=\"S\",IF(Import.TipoArredondamento<>\"TransfereGOV\",VTOTAL1,SUM(OFFSET(CÁLCULO!$AA$15,ROW($X644)-ROW($X$15),1):OFFSET(CÁLCULO!$AL$15,ROW($X644)-ROW($X$15),-1))),IF($C644=0,0,ROUND(SomaAgrup,15-13*$AF$11)))","v":1426.57},"RA","RA",{"$f":"IF($C644=\"S\",IF($Z644=\"CP\",$X644,IF($Z644=\"RA\",(($X644)*QCI!$AA$3),0)),SomaAgrup)","v":50.804439875757559},0,{"$f":"IF($N644=\"\",\"\",IF(ORÇAMENTO.Descricao=\"\",\"DESCRIÇÃO\",IF(AND($C644=\"S\",ORÇAMENTO.Unidade=\"\"),\"UNIDADE\",IF($X644<0,\"VALOR NEGATIVO\",IF(OR(AND(TIPOORCAMENTO=\"Proposto\",$AG644<>\"\",$AG644>0,ORÇAMENTO.CustoUnitario>$AG644),AND(TIPOORCAMENTO=\"LICITADO\",ORÇAMENTO.PrecoUnitarioLicitado>$AN644)),\"ACIMA REF.\",\"\")))))","v":""},{"$f":"IF(C644<=CRONO.NivelExibicao,MAX($AD$15:OFFSET(AD644,-1,0))+IF($C644<>1,1,MAX(1,COUNTIF(QCI!$A$13:$A$41,OFFSET($E644,-1,0)))),\"\")","v":""},{"$f":"IF(AND($C644=\"S\",ORÇAMENTO.CodBarra<>\"\"),IF(ORÇAMENTO.Fonte=\"\",ORÇAMENTO.CodBarra,CONCATENATE(ORÇAMENTO.Fonte,\" \",ORÇAMENTO.CodBarra)))","v":"SINAPI 91865"},{"$f":"IF(ISERROR(INDIRECT(ORÇAMENTO.BancoRef)),\"(abra o arquivo 'Referência \"&Excel_BuiltIn_Database&\".xlsm)\",IF(OR($C644<>\"S\",ORÇAMENTO.CodBarra=\"\"),\"(Sem Código)\",IF(ISERROR(MATCH($AE644,INDIRECT(ORÇAMENTO.BancoRef),0)),\"(Código não identificado nas referências)\",MATCH($AE644,INDIRECT(ORÇAMENTO.BancoRef),0))))","v":3007},{"$f":"ROUND(IF(DESONERACAO=\"sim\",REFERENCIA.Desonerado,REFERENCIA.NaoDesonerado),2)","v":22.03},0.25,null,51.8,null,null,1426.57,27.54]
["S",2,"S",0,{"$f":"IF($C645=1,OFFSET(E645,-1,0)+MAX(1,COUNTIF(QCI!$A$13:$A$41,OFFSET(ORÇAMENTO!E645,-1,0))),OFFSET(E645,-1,0))","v":21},5,0,0,5,0,{"$f":"IF(OR($C645=\"S\",$C645=0),0,MATCH(OFFSET($D645,0,$C645)+IF($C645<>1,1,COUNTIF(QCI!$A$13:$A$41,ORÇAMENTO!E645)),OFFSET($D645,1,$C645,ROW($C$744)-ROW($C645)),0))","v":0},"F","Serviço","Serviço","21.5.5.","SINAPI","93011","ELETRODUTO RÍGIDO ROSCÁVEL, PVC, DN 85 MM (3\"), PARA REDE ENTERRADA DE DISTRIBUIÇÃO DE ENERGIA ELÉTRICA - FORNECIMENTO E INSTALAÇÃO. AF_12/2021",{"$f":"REFERENCIA.Unidade","v":"M"},{"$f":"OFFSET(CÁLCULO!H$15,ROW($T645)-ROW(T$15),0)","v":46.9},56.17,"BDI 1",{"$f":"IF($C645=\"S\",ROUND(IF(TIPOORCAMENTO=\"Proposto\",ORÇAMENTO.CustoUnitario*(1+$AH645),ORÇAMENTO.PrecoUnitarioLicitado),15-13*$AF$10),0)","v":70.209999999999994},{"$f":"IF($C645=\"S\",IF(Import.TipoArredondamento<>\"TransfereGOV\",VTOTAL1,SUM(OFFSET(CÁLCULO!$AA$15,ROW($X645)-ROW($X$15),1):OFFSET(CÁLCULO!$AL$15,ROW($X645)-ROW($X$15),-1))),IF($C645=0,0,ROUND(SomaAgrup,15-13*$AF$11)))","v":3292.85},"RA","RA",{"$f":"IF($C645=\"S\",IF($Z645=\"CP\",$X645,IF($Z645=\"RA\",(($X645)*QCI!$AA$3),0)),SomaAgrup)","v":117.26827274153268},0,{"$f":"IF($N645=\"\",\"\",IF(ORÇAMENTO.Descricao=\"\",\"DESCRIÇÃO\",IF(AND($C645=\"S\",ORÇAMENTO.Unidade=\"\"),\"UNIDADE\",IF($X645<0,\"VALOR NEGATIVO\",IF(OR(AND(TIPOORCAMENTO=\"Proposto\",$AG645<>\"\",$AG645>0,ORÇAMENTO.CustoUnitario>$AG645),AND(TIPOORCAMENTO=\"LICITADO\",ORÇAMENTO.PrecoUnitarioLicitado>$AN645)),\"ACIMA REF.\",\"\")))))","v":""},{"$f":"IF(C645<=CRONO.NivelExibicao,MAX($AD$15:OFFSET(AD645,-1,0))+IF($C645<>1,1,MAX(1,COUNTIF(QCI!$A$13:$A$41,OFFSET($E645,-1,0)))),\"\")","v":""},{"$f":"IF(AND($C645=\"S\",ORÇAMENTO.CodBarra<>\"\"),IF(ORÇAMENTO.Fonte=\"\",ORÇAMENTO.CodBarra,CONCATENATE(ORÇAMENTO.Fonte,\" \",ORÇAMENTO.CodBarra)))","v":"SINAPI 93011"},{"$f":"IF(ISERROR(INDIRECT(ORÇAMENTO.BancoRef)),\"(abra o arquivo 'Referência \"&Excel_BuiltIn_Database&\".xlsm)\",IF(OR($C645<>\"S\",ORÇAMENTO.CodBarra=\"\"),\"(Sem Código)\",IF(ISERROR(MATCH($AE645,INDIRECT(ORÇAMENTO.BancoRef),0)),\"(Código não identificado nas referências)\",MATCH($AE645,INDIRECT(ORÇAMENTO.BancoRef),0))))","v":3019},{"$f":"ROUND(IF(DESONERACAO=\"sim\",REFERENCIA.Desonerado,REFERENCIA.NaoDesonerado),2)","v":56.17},0.25,null,46.9,null,null,3292.85,70.209999999999994]
["S",2,"S",0,{"$f":"IF($C646=1,OFFSET(E646,-1,0)+MAX(1,COUNTIF(QCI!$A$13:$A$41,OFFSET(ORÇAMENTO!E646,-1,0))),OFFSET(E646,-1,0))","v":21},5,0,0,6,0,{"$f":"IF(OR($C646=\"S\",$C646=0),0,MATCH(OFFSET($D646,0,$C646)+IF($C646<>1,1,COUNTIF(QCI!$A$13:$A$41,ORÇAMENTO!E646)),OFFSET($D646,1,$C646,ROW($C$744)-ROW($C646)),0))","v":0},"F","Serviço","Serviço","21.5.6.","SINAPI","FNDE 374","CRUZETA DE FERRO GALVANIZADO, COM ROSCA BSP, DE 3\"","UN",{"$f":"OFFSET(CÁLCULO!H$15,ROW($T646)-ROW(T$15),0)","v":1},281.63,"BDI 1",{"$f":"IF($C646=\"S\",ROUND(IF(TIPOORCAMENTO=\"Proposto\",ORÇAMENTO.CustoUnitario*(1+$AH646),ORÇAMENTO.PrecoUnitarioLicitado),15-13*$AF$10),0)","v":352.04},{"$f":"IF($C646=\"S\",IF(Import.TipoArredondamento<>\"TransfereGOV\",VTOTAL1,SUM(OFFSET(CÁLCULO!$AA$15,ROW($X646)-ROW($X$15),1):OFFSET(CÁLCULO!$AL$15,ROW($X646)-ROW($X$15),-1))),IF($C646=0,0,ROUND(SomaAgrup,15-13*$AF$11)))","v":352.04},"RA","RA",{"$f":"IF($C646=\"S\",IF($Z646=\"CP\",$X646,IF($Z646=\"RA\",(($X646)*QCI!$AA$3),0)),SomaAgrup)","v":12.537201128484192},0,{"$f":"IF($N646=\"\",\"\",IF(ORÇAMENTO.Descricao=\"\",\"DESCRIÇÃO\",IF(AND($C646=\"S\",ORÇAMENTO.Unidade=\"\"),\"UNIDADE\",IF($X646<0,\"VALOR NEGATIVO\",IF(OR(AND(TIPOORCAMENTO=\"Proposto\",$AG646<>\"\",$AG646>0,ORÇAMENTO.CustoUnitario>$AG646),AND(TIPOORCAMENTO=\"LICITADO\",ORÇAMENTO.PrecoUnitarioLicitado>$AN646)),\"ACIMA REF.\",\"\")))))","v":""},{"$f":"IF(C646<=CRONO.NivelExibicao,MAX($AD$15:OFFSET(AD646,-1,0))+IF($C646<>1,1,MAX(1,COUNTIF(QCI!$A$13:$A$41,OFFSET($E646,-1,0)))),\"\")","v":""},{"$f":"IF(AND($C646=\"S\",ORÇAMENTO.CodBarra<>\"\"),IF(ORÇAMENTO.Fonte=\"\",ORÇAMENTO.CodBarra,CONCATENATE(ORÇAMENTO.Fonte,\" \",ORÇAMENTO.CodBarra)))","v":"SINAPI FNDE 374"},{"$f":"IF(ISERROR(INDIRECT(ORÇAMENTO.BancoRef)),\"(abra o arquivo 'Referência \"&Excel_BuiltIn_Database&\".xlsm)\",IF(OR($C646<>\"S\",ORÇAMENTO.CodBarra=\"\"),\"(Sem Código)\",IF(ISERROR(MATCH($AE646,INDIRECT(ORÇAMENTO.BancoRef),0)),\"(Código não identificado nas referências)\",MATCH($AE646,INDIRECT(ORÇAMENTO.BancoRef),0))))","v":"(Código não identificado nas referências)"},{"$f":"ROUND(IF(DESONERACAO=\"sim\",REFERENCIA.Desonerado,REFERENCIA.NaoDesonerado),2)","v":0},0.25,null,1,null,null,352.04,352.04]
["S",2,"S",0,{"$f":"IF($C647=1,OFFSET(E647,-1,0)+MAX(1,COUNTIF(QCI!$A$13:$A$41,OFFSET(ORÇAMENTO!E647,-1,0))),OFFSET(E647,-1,0))","v":21},5,0,0,7,0,{"$f":"IF(OR($C647=\"S\",$C647=0),0,MATCH(OFFSET($D647,0,$C647)+IF($C647<>1,1,COUNTIF(QCI!$A$13:$A$41,ORÇAMENTO!E647)),OFFSET($D647,1,$C647,ROW($C$744)-ROW($C647)),0))","v":0},"F","Serviço","Serviço","21.5.7.","SINAPI","FNDE 369","CRUZETA DE FERRO GALVANIZADO, COM ROSCA BSP, DE 2\"","UN",{"$f":"OFFSET(CÁLCULO!H$15,ROW($T647)-ROW(T$15),0)","v":3},116.45,"BDI 1",{"$f":"IF($C647=\"S\",ROUND(IF(TIPOORCAMENTO=\"Proposto\",ORÇAMENTO.CustoUnitario*(1+$AH647),ORÇAMENTO.PrecoUnitarioLicitado),15-13*$AF$10),0)","v":145.56},{"$f":"IF($C647=\"S\",IF(Import.TipoArredondamento<>\"TransfereGOV\",VTOTAL1,SUM(OFFSET(CÁLCULO!$AA$15,ROW($X647)-ROW($X$15),1):OFFSET(CÁLCULO!$AL$15,ROW($X647)-ROW($X$15),-1))),IF($C647=0,0,ROUND(SomaAgrup,15-13*$AF$11)))","v":436.68},"RA","RA",{"$f":"IF($C647=\"S\",IF($Z647=\"CP\",$X647,IF($Z647=\"RA\",(($X647)*QCI!$AA$3),0)),SomaAgrup)","v":15.551485594780356},0,{"$f":"IF($N647=\"\",\"\",IF(ORÇAMENTO.Descricao=\"\",\"DESCRIÇÃO\",IF(AND($C647=\"S\",ORÇAMENTO.Unidade=\"\"),\"UNIDADE\",IF($X647<0,\"VALOR NEGATIVO\",IF(OR(AND(TIPOORCAMENTO=\"Proposto\",$AG647<>\"\",$AG647>0,ORÇAMENTO.CustoUnitario>$AG647),AND(TIPOORCAMENTO=\"LICITADO\",ORÇAMENTO.PrecoUnitarioLicitado>$AN647)),\"ACIMA REF.\",\"\")))))","v":""},{"$f":"IF(C647<=CRONO.NivelExibicao,MAX($AD$15:OFFSET(AD647,-1,0))+IF($C647<>1,1,MAX(1,COUNTIF(QCI!$A$13:$A$41,OFFSET($E647,-1,0)))),\"\")","v":""},{"$f":"IF(AND($C647=\"S\",ORÇAMENTO.CodBarra<>\"\"),IF(ORÇAMENTO.Fonte=\"\",ORÇAMENTO.CodBarra,CONCATENATE(ORÇAMENTO.Fonte,\" \",ORÇAMENTO.CodBarra)))","v":"SINAPI FNDE 369"},{"$f":"IF(ISERROR(INDIRECT(ORÇAMENTO.BancoRef)),\"(abra o arquivo 'Referência \"&Excel_BuiltIn_Database&\".xlsm)\",IF(OR($C647<>\"S\",ORÇAMENTO.CodBarra=\"\"),\"(Sem Código)\",IF(ISERROR(MATCH($AE647,INDIRECT(ORÇAMENTO.BancoRef),0)),\"(Código não identificado nas referências)\",MATCH($AE647,INDIRECT(ORÇAMENTO.BancoRef),0))))","v":"(Código não identificado nas referências)"},{"$f":"ROUND(IF(DESONERACAO=\"sim\",REFERENCIA.Desonerado,REFERENCIA.NaoDesonerado),2)","v":0},0.25,null,3,null,null,436.68,145.56]
["S",2,"S",0,{"$f":"IF($C648=1,OFFSET(E648,-1,0)+MAX(1,COUNTIF(QCI!$A$13:$A$41,OFFSET(ORÇAMENTO!E648,-1,0))),OFFSET(E648,-1,0))","v":21},5,0,0,8,0,{"$f":"IF(OR($C648=\"S\",$C648=0),0,MATCH(OFFSET($D648,0,$C648)+IF($C648<>1,1,COUNTIF(QCI!$A$13:$A$41,ORÇAMENTO!E648)),OFFSET($D648,1,$C648,ROW($C$744)-ROW($C648)),0))","v":0},"F","Serviço","Serviço","21.5.8.","SINAPI","FNDE 346","CABECOTE PARA ENTRADA DE LINHA DE ALIMENTACAO PARA ELETRODUTO","UN",{"$f":"OFFSET(CÁLCULO!H$15,ROW($T648)-ROW(T$15),0)","v":12},16.62,"BDI 1",{"$f":"IF($C648=\"S\",ROUND(IF(TIPOORCAMENTO=\"Proposto\",ORÇAMENTO.CustoUnitario*(1+$AH648),ORÇAMENTO.PrecoUnitarioLicitado),15-13*$AF$10),0)","v":20.78},{"$f":"IF($C648=\"S\",IF(Import.TipoArredondamento<>\"TransfereGOV\",VTOTAL1,SUM(OFFSET(CÁLCULO!$AA$15,ROW($X648)-ROW($X$15),1):OFFSET(CÁLCULO!$AL$15,ROW($X648)-ROW($X$15),-1))),IF($C648=0,0,ROUND(SomaAgrup,15-13*$AF$11)))","v":249.36},"RA","RA",{"$f":"IF($C648=\"S\",IF($Z648=\"CP\",$X648,IF($Z648=\"RA\",(($X648)*QCI!$AA$3),0)),SomaAgrup)","v":8.8804581110067549},0,{"$f":"IF($N648=\"\",\"\",IF(ORÇAMENTO.Descricao=\"\",\"DESCRIÇÃO\",IF(AND($C648=\"S\",ORÇAMENTO.Unidade=\"\"),\"UNIDADE\",IF($X648<0,\"VALOR NEGATIVO\",IF(OR(AND(TIPOORCAMENTO=\"Proposto\",$AG648<>\"\",$AG648>0,ORÇAMENTO.CustoUnitario>$AG648),AND(TIPOORCAMENTO=\"LICITADO\",ORÇAMENTO.PrecoUnitarioLicitado>$AN648)),\"ACIMA REF.\",\"\")))))","v":""},{"$f":"IF(C648<=CRONO.NivelExibicao,MAX($AD$15:OFFSET(AD648,-1,0))+IF($C648<>1,1,MAX(1,COUNTIF(QCI!$A$13:$A$41,OFFSET($E648,-1,0)))),\"\")","v":""},{"$f":"IF(AND($C648=\"S\",ORÇAMENTO.CodBarra<>\"\"),IF(ORÇAMENTO.Fonte=\"\",ORÇAMENTO.CodBarra,CONCATENATE(ORÇAMENTO.Fonte,\" \",ORÇAMENTO.CodBarra)))","v":"SINAPI FNDE 346"},{"$f":"IF(ISERROR(INDIRECT(ORÇAMENTO.BancoRef)),\"(abra o arquivo 'Referência \"&Excel_BuiltIn_Database&\".xlsm)\",IF(OR($C648<>\"S\",ORÇAMENTO.CodBarra=\"\"),\"(Sem Código)\",IF(ISERROR(MATCH($AE648,INDIRECT(ORÇAMENTO.BancoRef),0)),\"(Código não identificado nas referências)\",MATCH($AE648,INDIRECT(ORÇAMENTO.BancoRef),0))))","v":"(Código não identificado nas referências)"},{"$f":"ROUND(IF(DESONERACAO=\"sim\",REFERENCIA.Desonerado,REFERENCIA.NaoDesonerado),2)","v":0},0.25,null,12,null,null,249.36,20.78]
["S",2,"S",0,{"$f":"IF($C649=1,OFFSET(E649,-1,0)+MAX(1,COUNTIF(QCI!$A$13:$A$41,OFFSET(ORÇAMENTO!E649,-1,0))),OFFSET(E649,-1,0))","v":21},5,0,0,9,0,{"$f":"IF(OR($C649=\"S\",$C649=0),0,MATCH(OFFSET($D649,0,$C649)+IF($C649<>1,1,COUNTIF(QCI!$A$13:$A$41,ORÇAMENTO!E649)),OFFSET($D649,1,$C649,ROW($C$744)-ROW($C649)),0))","v":0},"F","Serviço","Serviço","21.5.9.","SINAPI","FNDE 70","TERMINAL A COMPRESSÃO","UN",{"$f":"OFFSET(CÁLCULO!H$15,ROW($T649)-ROW(T$15),0)","v":5},16.97,"BDI 1",{"$f":"IF($C649=\"S\",ROUND(IF(TIPOORCAMENTO=\"Proposto\",ORÇAMENTO.CustoUnitario*(1+$AH649),ORÇAMENTO.PrecoUnitarioLicitado),15-13*$AF$10),0)","v":21.21},{"$f":"IF($C649=\"S\",IF(Import.TipoArredondamento<>\"TransfereGOV\",VTOTAL1,SUM(OFFSET(CÁLCULO!$AA$15,ROW($X649)-ROW($X$15),1):OFFSET(CÁLCULO!$AL$15,ROW($X649)-ROW($X$15),-1))),IF($C649=0,0,ROUND(SomaAgrup,15-13*$AF$11)))","v":106.05},"RA","RA",{"$f":"IF($C649=\"S\",IF($Z649=\"CP\",$X649,IF($Z649=\"RA\",(($X649)*QCI!$AA$3),0)),SomaAgrup)","v":3.7767588333023188},0,{"$f":"IF($N649=\"\",\"\",IF(ORÇAMENTO.Descricao=\"\",\"DESCRIÇÃO\",IF(AND($C649=\"S\",ORÇAMENTO.Unidade=\"\"),\"UNIDADE\",IF($X649<0,\"VALOR NEGATIVO\",IF(OR(AND(TIPOORCAMENTO=\"Proposto\",$AG649<>\"\",$AG649>0,ORÇAMENTO.CustoUnitario>$AG649),AND(TIPOORCAMENTO=\"LICITADO\",ORÇAMENTO.PrecoUnitarioLicitado>$AN649)),\"ACIMA REF.\",\"\")))))","v":""},{"$f":"IF(C649<=CRONO.NivelExibicao,MAX($AD$15:OFFSET(AD649,-1,0))+IF($C649<>1,1,MAX(1,COUNTIF(QCI!$A$13:$A$41,OFFSET($E649,-1,0)))),\"\")","v":""},{"$f":"IF(AND($C649=\"S\",ORÇAMENTO.CodBarra<>\"\"),IF(ORÇAMENTO.Fonte=\"\",ORÇAMENTO.CodBarra,CONCATENATE(ORÇAMENTO.Fonte,\" \",ORÇAMENTO.CodBarra)))","v":"SINAPI FNDE 70"},{"$f":"IF(ISERROR(INDIRECT(ORÇAMENTO.BancoRef)),\"(abra o arquivo 'Referência \"&Excel_BuiltIn_Database&\".xlsm)\",IF(OR($C649<>\"S\",ORÇAMENTO.CodBarra=\"\"),\"(Sem Código)\",IF(ISERROR(MATCH($AE649,INDIRECT(ORÇAMENTO.BancoRef),0)),\"(Código não identificado nas referências)\",MATCH($AE649,INDIRECT(ORÇAMENTO.BancoRef),0))))","v":"(Código não identificado nas referências)"},{"$f":"ROUND(IF(DESONERACAO=\"sim\",REFERENCIA.Desonerado,REFERENCIA.NaoDesonerado),2)","v":0},0.25,null,5,null,null,106.05,21.21]
["S",2,"S",0,{"$f":"IF($C650=1,OFFSET(E650,-1,0)+MAX(1,COUNTIF(QCI!$A$13:$A$41,OFFSET(ORÇAMENTO!E650,-1,0))),OFFSET(E650,-1,0))","v":21},5,0,0,10,0,{"$f":"IF(OR($C650=\"S\",$C650=0),0,MATCH(OFFSET($D650,0,$C650)+IF($C650<>1,1,COUNTIF(QCI!$A$13:$A$41,ORÇAMENTO!E650)),OFFSET($D650,1,$C650,ROW($C$744)-ROW($C650)),0))","v":0},"F","Serviço","Serviço","21.5.10.","SINAPI","FNDE 116","TÊ HORIZONTAL 90º, PARA ELETROCALHA, LISA OU PERFURADA EM AÇO GALVANIZADO, LARGURA DE 100MM E ALTURA DE 50MM - FORNECIMENTO E INSTALAÇÃO.","UN",{"$f":"OFFSET(CÁLCULO!H$15,ROW($T650)-ROW(T$15),0)","v":1},131.29,"BDI 1",{"$f":"IF($C650=\"S\",ROUND(IF(TIPOORCAMENTO=\"Proposto\",ORÇAMENTO.CustoUnitario*(1+$AH650),ORÇAMENTO.PrecoUnitarioLicitado),15-13*$AF$10),0)","v":164.11},{"$f":"IF($C650=\"S\",IF(Import.TipoArredondamento<>\"TransfereGOV\",VTOTAL1,SUM(OFFSET(CÁLCULO!$AA$15,ROW($X650)-ROW($X$15),1):OFFSET(CÁLCULO!$AL$15,ROW($X650)-ROW($X$15),-1))),IF($C650=0,0,ROUND(SomaAgrup,15-13*$AF$11)))","v":164.11},"RA","RA",{"$f":"IF($C650=\"S\",IF($Z650=\"CP\",$X650,IF($Z650=\"RA\",(($X650)*QCI!$AA$3),0)),SomaAgrup)","v":5.8444497136562337},0,{"$f":"IF($N650=\"\",\"\",IF(ORÇAMENTO.Descricao=\"\",\"DESCRIÇÃO\",IF(AND($C650=\"S\",ORÇAMENTO.Unidade=\"\"),\"UNIDADE\",IF($X650<0,\"VALOR NEGATIVO\",IF(OR(AND(TIPOORCAMENTO=\"Proposto\",$AG650<>\"\",$AG650>0,ORÇAMENTO.CustoUnitario>$AG650),AND(TIPOORCAMENTO=\"LICITADO\",ORÇAMENTO.PrecoUnitarioLicitado>$AN650)),\"ACIMA REF.\",\"\")))))","v":""},{"$f":"IF(C650<=CRONO.NivelExibicao,MAX($AD$15:OFFSET(AD650,-1,0))+IF($C650<>1,1,MAX(1,COUNTIF(QCI!$A$13:$A$41,OFFSET($E650,-1,0)))),\"\")","v":""},{"$f":"IF(AND($C650=\"S\",ORÇAMENTO.CodBarra<>\"\"),IF(ORÇAMENTO.Fonte=\"\",ORÇAMENTO.CodBarra,CONCATENATE(ORÇAMENTO.Fonte,\" \",ORÇAMENTO.CodBarra)))","v":"SINAPI FNDE 116"},{"$f":"IF(ISERROR(INDIRECT(ORÇAMENTO.BancoRef)),\"(abra o arquivo 'Referência \"&Excel_BuiltIn_Database&\".xlsm)\",IF(OR($C650<>\"S\",ORÇAMENTO.CodBarra=\"\"),\"(Sem Código)\",IF(ISERROR(MATCH($AE650,INDIRECT(ORÇAMENTO.BancoRef),0)),\"(Código não identificado nas referências)\",MATCH($AE650,INDIRECT(ORÇAMENTO.BancoRef),0))))","v":"(Código não identificado nas referências)"},{"$f":"ROUND(IF(DESONERACAO=\"sim\",REFERENCIA.Desonerado,REFERENCIA.NaoDesonerado),2)","v":0},0.25,null,1,null,null,164.11,164.11]
[2,2,2,2,{"$f":"IF($C651=1,OFFSET(E651,-1,0)+MAX(1,COUNTIF(QCI!$A$13:$A$41,OFFSET(ORÇAMENTO!E651,-1,0))),OFFSET(E651,-1,0))","v":21},6,0,0,0,2,{"$f":"IF(OR($C651=\"S\",$C651=0),0,MATCH(OFFSET($D651,0,$C651)+IF($C651<>1,1,COUNTIF(QCI!$A$13:$A$41,ORÇAMENTO!E651)),OFFSET($D651,1,$C651,ROW($C$744)-ROW($C651)),0))","v":58},"F","Nível 2","Nível 2","21.6.","SINAPI",null,"Cabeamento",{"$f":"REFERENCIA.Unidade","v":"-"},{"$f":"OFFSET(CÁLCULO!H$15,ROW($T651)-ROW(T$15),0)","v":0},null,"BDI 1",{"$f":"IF($C651=\"S\",ROUND(IF(TIPOORCAMENTO=\"Proposto\",ORÇAMENTO.CustoUnitario*(1+$AH651),ORÇAMENTO.PrecoUnitarioLicitado),15-13*$AF$10),0)","v":0},{"$f":"IF($C651=\"S\",IF(Import.TipoArredondamento<>\"TransfereGOV\",VTOTAL1,SUM(OFFSET(CÁLCULO!$AA$15,ROW($X651)-ROW($X$15),1):OFFSET(CÁLCULO!$AL$15,ROW($X651)-ROW($X$15),-1))),IF($C651=0,0,ROUND(SomaAgrup,15-13*$AF$11)))","v":13062.6},"RA","",{"$f":"IF($C651=\"S\",IF($Z651=\"CP\",$X651,IF($Z651=\"RA\",(($X651)*QCI!$AA$3),0)),SomaAgrup)","v":465.19839637807519},0,{"$f":"IF($N651=\"\",\"\",IF(ORÇAMENTO.Descricao=\"\",\"DESCRIÇÃO\",IF(AND($C651=\"S\",ORÇAMENTO.Unidade=\"\"),\"UNIDADE\",IF($X651<0,\"VALOR NEGATIVO\",IF(OR(AND(TIPOORCAMENTO=\"Proposto\",$AG651<>\"\",$AG651>0,ORÇAMENTO.CustoUnitario>$AG651),AND(TIPOORCAMENTO=\"LICITADO\",ORÇAMENTO.PrecoUnitarioLicitado>$AN651)),\"ACIMA REF.\",\"\")))))","v":""},{"$f":"IF(C651<=CRONO.NivelExibicao,MAX($AD$15:OFFSET(AD651,-1,0))+IF($C651<>1,1,MAX(1,COUNTIF(QCI!$A$13:$A$41,OFFSET($E651,-1,0)))),\"\")","v":85},{"$f":"IF(AND($C651=\"S\",ORÇAMENTO.CodBarra<>\"\"),IF(ORÇAMENTO.Fonte=\"\",ORÇAMENTO.CodBarra,CONCATENATE(ORÇAMENTO.Fonte,\" \",ORÇAMENTO.CodBarra)))","v":false},{"$f":"IF(ISERROR(INDIRECT(ORÇAMENTO.BancoRef)),\"(abra o arquivo 'Referência \"&Excel_BuiltIn_Database&\".xlsm)\",IF(OR($C651<>\"S\",ORÇAMENTO.CodBarra=\"\"),\"(Sem Código)\",IF(ISERROR(MATCH($AE651,INDIRECT(ORÇAMENTO.BancoRef),0)),\"(Código não identificado nas referências)\",MATCH($AE651,INDIRECT(ORÇAMENTO.BancoRef),0))))","v":"(Sem Código)"},{"$f":"ROUND(IF(DESONERACAO=\"sim\",REFERENCIA.Desonerado,REFERENCIA.NaoDesonerado),2)","v":0},0.25,null,null,null,null,13062.6,0]
["S",2,"S",0,{"$f":"IF($C652=1,OFFSET(E652,-1,0)+MAX(1,COUNTIF(QCI!$A$13:$A$41,OFFSET(ORÇAMENTO!E652,-1,0))),OFFSET(E652,-1,0))","v":21},6,0,0,1,0,{"$f":"IF(OR($C652=\"S\",$C652=0),0,MATCH(OFFSET($D652,0,$C652)+IF($C652<>1,1,COUNTIF(QCI!$A$13:$A$41,ORÇAMENTO!E652)),OFFSET($D652,1,$C652,ROW($C$744)-ROW($C652)),0))","v":0},"F","Serviço","Serviço","21.6.1.","SINAPI","98297","CABO ELETRÔNICO CATEGORIA 6, INSTALADO EM EDIFICAÇÃO INSTITUCIONAL - FORNECIMENTO E INSTALAÇÃO. AF_11/2019",{"$f":"REFERENCIA.Unidade","v":"M"},{"$f":"OFFSET(CÁLCULO!H$15,ROW($T652)-ROW(T$15),0)","v":1209.5},8.64,"BDI 1",{"$f":"IF($C652=\"S\",ROUND(IF(TIPOORCAMENTO=\"Proposto\",ORÇAMENTO.CustoUnitario*(1+$AH652),ORÇAMENTO.PrecoUnitarioLicitado),15-13*$AF$10),0)","v":10.8},{"$f":"IF($C652=\"S\",IF(Import.TipoArredondamento<>\"TransfereGOV\",VTOTAL1,SUM(OFFSET(CÁLCULO!$AA$15,ROW($X652)-ROW($X$15),1):OFFSET(CÁLCULO!$AL$15,ROW($X652)-ROW($X$15),-1))),IF($C652=0,0,ROUND(SomaAgrup,15-13*$AF$11)))","v":13062.6},"RA","RA",{"$f":"IF($C652=\"S\",IF($Z652=\"CP\",$X652,IF($Z652=\"RA\",(($X652)*QCI!$AA$3),0)),SomaAgrup)","v":465.19839637807519},0,{"$f":"IF($N652=\"\",\"\",IF(ORÇAMENTO.Descricao=\"\",\"DESCRIÇÃO\",IF(AND($C652=\"S\",ORÇAMENTO.Unidade=\"\"),\"UNIDADE\",IF($X652<0,\"VALOR NEGATIVO\",IF(OR(AND(TIPOORCAMENTO=\"Proposto\",$AG652<>\"\",$AG652>0,ORÇAMENTO.CustoUnitario>$AG652),AND(TIPOORCAMENTO=\"LICITADO\",ORÇAMENTO.PrecoUnitarioLicitado>$AN652)),\"ACIMA REF.\",\"\")))))","v":""},{"$f":"IF(C652<=CRONO.NivelExibicao,MAX($AD$15:OFFSET(AD652,-1,0))+IF($C652<>1,1,MAX(1,COUNTIF(QCI!$A$13:$A$41,OFFSET($E652,-1,0)))),\"\")","v":""},{"$f":"IF(AND($C652=\"S\",ORÇAMENTO.CodBarra<>\"\"),IF(ORÇAMENTO.Fonte=\"\",ORÇAMENTO.CodBarra,CONCATENATE(ORÇAMENTO.Fonte,\" \",ORÇAMENTO.CodBarra)))","v":"SINAPI 98297"},{"$f":"IF(ISERROR(INDIRECT(ORÇAMENTO.BancoRef)),\"(abra o arquivo 'Referência \"&Excel_BuiltIn_Database&\".xlsm)\",IF(OR($C652<>\"S\",ORÇAMENTO.CodBarra=\"\"),\"(Sem Código)\",IF(ISERROR(MATCH($AE652,INDIRECT(ORÇAMENTO.BancoRef),0)),\"(Código não identificado nas referências)\",MATCH($AE652,INDIRECT(ORÇAMENTO.BancoRef),0))))","v":3630},{"$f":"ROUND(IF(DESONERACAO=\"sim\",REFERENCIA.Desonerado,REFERENCIA.NaoDesonerado),2)","v":8.64},0.25,null,1209.5,null,null,13062.6,10.8]
[1,1,1,5,{"$f":"IF($C653=1,OFFSET(E653,-1,0)+MAX(1,COUNTIF(QCI!$A$13:$A$41,OFFSET(ORÇAMENTO!E653,-1,0))),OFFSET(E653,-1,0))","v":22},0,0,0,0,91,{"$f":"IF(OR($C653=\"S\",$C653=0),0,MATCH(OFFSET($D653,0,$C653)+IF($C653<>1,1,COUNTIF(QCI!$A$13:$A$41,ORÇAMENTO!E653)),OFFSET($D653,1,$C653,ROW($C$744)-ROW($C653)),0))","v":5},"F","Meta","Meta","22.","SINAPI",null,"SISTEMA DE EXAUSTÃO MECANICA",{"$f":"REFERENCIA.Unidade","v":"-"},{"$f":"OFFSET(CÁLCULO!H$15,ROW($T653)-ROW(T$15),0)","v":0},null,"BDI 1",{"$f":"IF($C653=\"S\",ROUND(IF(TIPOORCAMENTO=\"Proposto\",ORÇAMENTO.CustoUnitario*(1+$AH653),ORÇAMENTO.PrecoUnitarioLicitado),15-13*$AF$10),0)","v":0},{"$f":"IF($C653=\"S\",IF(Import.TipoArredondamento<>\"TransfereGOV\",VTOTAL1,SUM(OFFSET(CÁLCULO!$AA$15,ROW($X653)-ROW($X$15),1):OFFSET(CÁLCULO!$AL$15,ROW($X653)-ROW($X$15),-1))),IF($C653=0,0,ROUND(SomaAgrup,15-13*$AF$11)))","v":14430.63},"RA","",{"$f":"IF($C653=\"S\",IF($Z653=\"CP\",$X653,IF($Z653=\"RA\",(($X653)*QCI!$AA$3),0)),SomaAgrup)","v":513.91805113264923},0,{"$f":"IF($N653=\"\",\"\",IF(ORÇAMENTO.Descricao=\"\",\"DESCRIÇÃO\",IF(AND($C653=\"S\",ORÇAMENTO.Unidade=\"\"),\"UNIDADE\",IF($X653<0,\"VALOR NEGATIVO\",IF(OR(AND(TIPOORCAMENTO=\"Proposto\",$AG653<>\"\",$AG653>0,ORÇAMENTO.CustoUnitario>$AG653),AND(TIPOORCAMENTO=\"LICITADO\",ORÇAMENTO.PrecoUnitarioLicitado>$AN653)),\"ACIMA REF.\",\"\")))))","v":""},{"$f":"IF(C653<=CRONO.NivelExibicao,MAX($AD$15:OFFSET(AD653,-1,0))+IF($C653<>1,1,MAX(1,COUNTIF(QCI!$A$13:$A$41,OFFSET($E653,-1,0)))),\"\")","v":86},{"$f":"IF(AND($C653=\"S\",ORÇAMENTO.CodBarra<>\"\"),IF(ORÇAMENTO.Fonte=\"\",ORÇAMENTO.CodBarra,CONCATENATE(ORÇAMENTO.Fonte,\" \",ORÇAMENTO.CodBarra)))","v":false},{"$f":"IF(ISERROR(INDIRECT(ORÇAMENTO.BancoRef)),\"(abra o arquivo 'Referência \"&Excel_BuiltIn_Database&\".xlsm)\",IF(OR($C653<>\"S\",ORÇAMENTO.CodBarra=\"\"),\"(Sem Código)\",IF(ISERROR(MATCH($AE653,INDIRECT(ORÇAMENTO.BancoRef),0)),\"(Código não identificado nas referências)\",MATCH($AE653,INDIRECT(ORÇAMENTO.BancoRef),0))))","v":"(Sem Código)"},{"$f":"ROUND(IF(DESONERACAO=\"sim\",REFERENCIA.Desonerado,REFERENCIA.NaoDesonerado),2)","v":0},0.25,null,null,null,null,14430.63,0]
[2,2,2,4,{"$f":"IF($C654=1,OFFSET(E654,-1,0)+MAX(1,COUNTIF(QCI!$A$13:$A$41,OFFSET(ORÇAMENTO!E654,-1,0))),OFFSET(E654,-1,0))","v":22},1,0,0,0,4,{"$f":"IF(OR($C654=\"S\",$C654=0),0,MATCH(OFFSET($D654,0,$C654)+IF($C654<>1,1,COUNTIF(QCI!$A$13:$A$41,ORÇAMENTO!E654)),OFFSET($D654,1,$C654,ROW($C$744)-ROW($C654)),0))","v":30},"F","Nível 2","Nível 2","22.1.","SINAPI",null,"Coifa e exaustor",{"$f":"REFERENCIA.Unidade","v":"-"},{"$f":"OFFSET(CÁLCULO!H$15,ROW($T654)-ROW(T$15),0)","v":0},null,"BDI 1",{"$f":"IF($C654=\"S\",ROUND(IF(TIPOORCAMENTO=\"Proposto\",ORÇAMENTO.CustoUnitario*(1+$AH654),ORÇAMENTO.PrecoUnitarioLicitado),15-13*$AF$10),0)","v":0},{"$f":"IF($C654=\"S\",IF(Import.TipoArredondamento<>\"TransfereGOV\",VTOTAL1,SUM(OFFSET(CÁLCULO!$AA$15,ROW($X654)-ROW($X$15),1):OFFSET(CÁLCULO!$AL$15,ROW($X654)-ROW($X$15),-1))),IF($C654=0,0,ROUND(SomaAgrup,15-13*$AF$11)))","v":14430.63},"RA","",{"$f":"IF($C654=\"S\",IF($Z654=\"CP\",$X654,IF($Z654=\"RA\",(($X654)*QCI!$AA$3),0)),SomaAgrup)","v":513.91805113264923},0,{"$f":"IF($N654=\"\",\"\",IF(ORÇAMENTO.Descricao=\"\",\"DESCRIÇÃO\",IF(AND($C654=\"S\",ORÇAMENTO.Unidade=\"\"),\"UNIDADE\",IF($X654<0,\"VALOR NEGATIVO\",IF(OR(AND(TIPOORCAMENTO=\"Proposto\",$AG654<>\"\",$AG654>0,ORÇAMENTO.CustoUnitario>$AG654),AND(TIPOORCAMENTO=\"LICITADO\",ORÇAMENTO.PrecoUnitarioLicitado>$AN654)),\"ACIMA REF.\",\"\")))))","v":""},{"$f":"IF(C654<=CRONO.NivelExibicao,MAX($AD$15:OFFSET(AD654,-1,0))+IF($C654<>1,1,MAX(1,COUNTIF(QCI!$A$13:$A$41,OFFSET($E654,-1,0)))),\"\")","v":87},{"$f":"IF(AND($C654=\"S\",ORÇAMENTO.CodBarra<>\"\"),IF(ORÇAMENTO.Fonte=\"\",ORÇAMENTO.CodBarra,CONCATENATE(ORÇAMENTO.Fonte,\" \",ORÇAMENTO.CodBarra)))","v":false},{"$f":"IF(ISERROR(INDIRECT(ORÇAMENTO.BancoRef)),\"(abra o arquivo 'Referência \"&Excel_BuiltIn_Database&\".xlsm)\",IF(OR($C654<>\"S\",ORÇAMENTO.CodBarra=\"\"),\"(Sem Código)\",IF(ISERROR(MATCH($AE654,INDIRECT(ORÇAMENTO.BancoRef),0)),\"(Código não identificado nas referências)\",MATCH($AE654,INDIRECT(ORÇAMENTO.BancoRef),0))))","v":"(Sem Código)"},{"$f":"ROUND(IF(DESONERACAO=\"sim\",REFERENCIA.Desonerado,REFERENCIA.NaoDesonerado),2)","v":0},0.25,null,null,null,null,14430.63,0]
["S",2,"S",0,{"$f":"IF($C655=1,OFFSET(E655,-1,0)+MAX(1,COUNTIF(QCI!$A$13:$A$41,OFFSET(ORÇAMENTO!E655,-1,0))),OFFSET(E655,-1,0))","v":22},1,0,0,1,0,{"$f":"IF(OR($C655=\"S\",$C655=0),0,MATCH(OFFSET($D655,0,$C655)+IF($C655<>1,1,COUNTIF(QCI!$A$13:$A$41,ORÇAMENTO!E655)),OFFSET($D655,1,$C655,ROW($C$744)-ROW($C655)),0))","v":0},"F","Serviço","Serviço","22.1.1.","SINAPI","FNDE 42","INSTALAÇÃO DE EXAUSTOR ELÉTRICO TIPO DOMICILIAR","UM",{"$f":"OFFSET(CÁLCULO!H$15,ROW($T655)-ROW(T$15),0)","v":4},390.65,"BDI 1",{"$f":"IF($C655=\"S\",ROUND(IF(TIPOORCAMENTO=\"Proposto\",ORÇAMENTO.CustoUnitario*(1+$AH655),ORÇAMENTO.PrecoUnitarioLicitado),15-13*$AF$10),0)","v":488.31},{"$f":"IF($C655=\"S\",IF(Import.TipoArredondamento<>\"TransfereGOV\",VTOTAL1,SUM(OFFSET(CÁLCULO!$AA$15,ROW($X655)-ROW($X$15),1):OFFSET(CÁLCULO!$AL$15,ROW($X655)-ROW($X$15),-1))),IF($C655=0,0,ROUND(SomaAgrup,15-13*$AF$11)))","v":1953.24},"RA","RA",{"$f":"IF($C655=\"S\",IF($Z655=\"CP\",$X655,IF($Z655=\"RA\",(($X655)*QCI!$AA$3),0)),SomaAgrup)","v":69.560739496081297},0,{"$f":"IF($N655=\"\",\"\",IF(ORÇAMENTO.Descricao=\"\",\"DESCRIÇÃO\",IF(AND($C655=\"S\",ORÇAMENTO.Unidade=\"\"),\"UNIDADE\",IF($X655<0,\"VALOR NEGATIVO\",IF(OR(AND(TIPOORCAMENTO=\"Proposto\",$AG655<>\"\",$AG655>0,ORÇAMENTO.CustoUnitario>$AG655),AND(TIPOORCAMENTO=\"LICITADO\",ORÇAMENTO.PrecoUnitarioLicitado>$AN655)),\"ACIMA REF.\",\"\")))))","v":""},{"$f":"IF(C655<=CRONO.NivelExibicao,MAX($AD$15:OFFSET(AD655,-1,0))+IF($C655<>1,1,MAX(1,COUNTIF(QCI!$A$13:$A$41,OFFSET($E655,-1,0)))),\"\")","v":""},{"$f":"IF(AND($C655=\"S\",ORÇAMENTO.CodBarra<>\"\"),IF(ORÇAMENTO.Fonte=\"\",ORÇAMENTO.CodBarra,CONCATENATE(ORÇAMENTO.Fonte,\" \",ORÇAMENTO.CodBarra)))","v":"SINAPI FNDE 42"},{"$f":"IF(ISERROR(INDIRECT(ORÇAMENTO.BancoRef)),\"(abra o arquivo 'Referência \"&Excel_BuiltIn_Database&\".xlsm)\",IF(OR($C655<>\"S\",ORÇAMENTO.CodBarra=\"\"),\"(Sem Código)\",IF(ISERROR(MATCH($AE655,INDIRECT(ORÇAMENTO.BancoRef),0)),\"(Código não identificado nas referências)\",MATCH($AE655,INDIRECT(ORÇAMENTO.BancoRef),0))))","v":"(Código não identificado nas referências)"},{"$f":"ROUND(IF(DESONERACAO=\"sim\",REFERENCIA.Desonerado,REFERENCIA.NaoDesonerado),2)","v":0},0.25,null,4,null,null,1953.24,488.31]
["S",2,"S",0,{"$f":"IF($C656=1,OFFSET(E656,-1,0)+MAX(1,COUNTIF(QCI!$A$13:$A$41,OFFSET(ORÇAMENTO!E656,-1,0))),OFFSET(E656,-1,0))","v":22},1,0,0,2,{"$f":"IF(OR($C656=\"S\",$C656=0),0,MATCH(0,OFFSET($D656,1,$C656,ROW($C$744)-ROW($C656)),0))","v":0},{"$f":"IF(OR($C656=\"S\",$C656=0),0,MATCH(OFFSET($D656,0,$C656)+IF($C656<>1,1,COUNTIF(QCI!$A$13:$A$41,ORÇAMENTO!E656)),OFFSET($D656,1,$C656,ROW($C$744)-ROW($C656)),0))","v":0},"F","Serviço","Serviço","22.1.2.","SINAPI","FNDE 44","DUTO DE ALONGAMENTO PARA EXAUSTOR","M",{"$f":"OFFSET(CÁLCULO!H$15,ROW($T656)-ROW(T$15),0)","v":7.7},121.44,"BDI 1",{"$f":"IF($C656=\"S\",ROUND(IF(TIPOORCAMENTO=\"Proposto\",ORÇAMENTO.CustoUnitario*(1+$AH656),ORÇAMENTO.PrecoUnitarioLicitado),15-13*$AF$10),0)","v":151.80000000000001},{"$f":"IF($C656=\"S\",IF(Import.TipoArredondamento<>\"TransfereGOV\",VTOTAL1,SUM(OFFSET(CÁLCULO!$AA$15,ROW($X656)-ROW($X$15),1):OFFSET(CÁLCULO!$AL$15,ROW($X656)-ROW($X$15),-1))),IF($C656=0,0,ROUND(SomaAgrup,15-13*$AF$11)))","v":1168.8599999999999},"RA","RA",{"$f":"IF($C656=\"S\",IF($Z656=\"CP\",$X656,IF($Z656=\"RA\",(($X656)*QCI!$AA$3),0)),SomaAgrup)","v":41.626613200318232},0,{"$f":"IF($N656=\"\",\"\",IF(ORÇAMENTO.Descricao=\"\",\"DESCRIÇÃO\",IF(AND($C656=\"S\",ORÇAMENTO.Unidade=\"\"),\"UNIDADE\",IF($X656<0,\"VALOR NEGATIVO\",IF(OR(AND(TIPOORCAMENTO=\"Proposto\",$AG656<>\"\",$AG656>0,ORÇAMENTO.CustoUnitario>$AG656),AND(TIPOORCAMENTO=\"LICITADO\",ORÇAMENTO.PrecoUnitarioLicitado>$AN656)),\"ACIMA REF.\",\"\")))))","v":""},{"$f":"IF(C656<=CRONO.NivelExibicao,MAX($AD$15:OFFSET(AD656,-1,0))+IF($C656<>1,1,MAX(1,COUNTIF(QCI!$A$13:$A$41,OFFSET($E656,-1,0)))),\"\")","v":""},{"$f":"IF(AND($C656=\"S\",ORÇAMENTO.CodBarra<>\"\"),IF(ORÇAMENTO.Fonte=\"\",ORÇAMENTO.CodBarra,CONCATENATE(ORÇAMENTO.Fonte,\" \",ORÇAMENTO.CodBarra)))","v":"SINAPI FNDE 44"},{"$f":"IF(ISERROR(INDIRECT(ORÇAMENTO.BancoRef)),\"(abra o arquivo 'Referência \"&Excel_BuiltIn_Database&\".xlsm)\",IF(OR($C656<>\"S\",ORÇAMENTO.CodBarra=\"\"),\"(Sem Código)\",IF(ISERROR(MATCH($AE656,INDIRECT(ORÇAMENTO.BancoRef),0)),\"(Código não identificado nas referências)\",MATCH($AE656,INDIRECT(ORÇAMENTO.BancoRef),0))))","v":"(Código não identificado nas referências)"},{"$f":"ROUND(IF(DESONERACAO=\"sim\",REFERENCIA.Desonerado,REFERENCIA.NaoDesonerado),2)","v":0},0.25,null,7.7,null,null,1168.8599999999999,151.80000000000001]
["S",2,"S",0,{"$f":"IF($C657=1,OFFSET(E657,-1,0)+MAX(1,COUNTIF(QCI!$A$13:$A$41,OFFSET(ORÇAMENTO!E657,-1,0))),OFFSET(E657,-1,0))","v":22},1,0,0,3,0,{"$f":"IF(OR($C657=\"S\",$C657=0),0,MATCH(OFFSET($D657,0,$C657)+IF($C657<>1,1,COUNTIF(QCI!$A$13:$A$41,ORÇAMENTO!E657)),OFFSET($D657,1,$C657,ROW($C$744)-ROW($C657)),0))","v":0},"F","Serviço","Serviço","22.1.3.","SINAPI","FNDE 45","COIFA EM AÇO INOX 100CM X 150CM","UN",{"$f":"OFFSET(CÁLCULO!H$15,ROW($T657)-ROW(T$15),0)","v":1},9046.82,"BDI 1",{"$f":"IF($C657=\"S\",ROUND(IF(TIPOORCAMENTO=\"Proposto\",ORÇAMENTO.CustoUnitario*(1+$AH657),ORÇAMENTO.PrecoUnitarioLicitado),15-13*$AF$10),0)","v":11308.53},{"$f":"IF($C657=\"S\",IF(Import.TipoArredondamento<>\"TransfereGOV\",VTOTAL1,SUM(OFFSET(CÁLCULO!$AA$15,ROW($X657)-ROW($X$15),1):OFFSET(CÁLCULO!$AL$15,ROW($X657)-ROW($X$15),-1))),IF($C657=0,0,ROUND(SomaAgrup,15-13*$AF$11)))","v":11308.53},"RA","RA",{"$f":"IF($C657=\"S\",IF($Z657=\"CP\",$X657,IF($Z657=\"RA\",(($X657)*QCI!$AA$3),0)),SomaAgrup)","v":402.73069843624967},0,{"$f":"IF($N657=\"\",\"\",IF(ORÇAMENTO.Descricao=\"\",\"DESCRIÇÃO\",IF(AND($C657=\"S\",ORÇAMENTO.Unidade=\"\"),\"UNIDADE\",IF($X657<0,\"VALOR NEGATIVO\",IF(OR(AND(TIPOORCAMENTO=\"Proposto\",$AG657<>\"\",$AG657>0,ORÇAMENTO.CustoUnitario>$AG657),AND(TIPOORCAMENTO=\"LICITADO\",ORÇAMENTO.PrecoUnitarioLicitado>$AN657)),\"ACIMA REF.\",\"\")))))","v":""},{"$f":"IF(C657<=CRONO.NivelExibicao,MAX($AD$15:OFFSET(AD657,-1,0))+IF($C657<>1,1,MAX(1,COUNTIF(QCI!$A$13:$A$41,OFFSET($E657,-1,0)))),\"\")","v":""},{"$f":"IF(AND($C657=\"S\",ORÇAMENTO.CodBarra<>\"\"),IF(ORÇAMENTO.Fonte=\"\",ORÇAMENTO.CodBarra,CONCATENATE(ORÇAMENTO.Fonte,\" \",ORÇAMENTO.CodBarra)))","v":"SINAPI FNDE 45"},{"$f":"IF(ISERROR(INDIRECT(ORÇAMENTO.BancoRef)),\"(abra o arquivo 'Referência \"&Excel_BuiltIn_Database&\".xlsm)\",IF(OR($C657<>\"S\",ORÇAMENTO.CodBarra=\"\"),\"(Sem Código)\",IF(ISERROR(MATCH($AE657,INDIRECT(ORÇAMENTO.BancoRef),0)),\"(Código não identificado nas referências)\",MATCH($AE657,INDIRECT(ORÇAMENTO.BancoRef),0))))","v":"(Código não identificado nas referências)"},{"$f":"ROUND(IF(DESONERACAO=\"sim\",REFERENCIA.Desonerado,REFERENCIA.NaoDesonerado),2)","v":0},0.25,null,1,null,null,11308.53,11308.53]
[1,1,1,9,{"$f":"IF($C658=1,OFFSET(E658,-1,0)+MAX(1,COUNTIF(QCI!$A$13:$A$41,OFFSET(ORÇAMENTO!E658,-1,0))),OFFSET(E658,-1,0))","v":23},0,0,0,0,86,{"$f":"IF(OR($C658=\"S\",$C658=0),0,MATCH(OFFSET($D658,0,$C658)+IF($C658<>1,1,COUNTIF(QCI!$A$13:$A$41,ORÇAMENTO!E658)),OFFSET($D658,1,$C658,ROW($C$744)-ROW($C658)),0))","v":9},"F","Meta","Meta","23.","SINAPI",null,"SISTEMA DE PROTEÇÃO CONTRA DESCARGAS A ATMOSFÉRICAS",null,{"$f":"OFFSET(CÁLCULO!H$15,ROW($T658)-ROW(T$15),0)","v":0},null,"BDI 1",{"$f":"IF($C658=\"S\",ROUND(IF(TIPOORCAMENTO=\"Proposto\",ORÇAMENTO.CustoUnitario*(1+$AH658),ORÇAMENTO.PrecoUnitarioLicitado),15-13*$AF$10),0)","v":0},{"$f":"IF($C658=\"S\",IF(Import.TipoArredondamento<>\"TransfereGOV\",VTOTAL1,SUM(OFFSET(CÁLCULO!$AA$15,ROW($X658)-ROW($X$15),1):OFFSET(CÁLCULO!$AL$15,ROW($X658)-ROW($X$15),-1))),IF($C658=0,0,ROUND(SomaAgrup,15-13*$AF$11)))","v":147612.26999999999},"RA","",{"$f":"IF($C658=\"S\",IF($Z658=\"CP\",$X658,IF($Z658=\"RA\",(($X658)*QCI!$AA$3),0)),SomaAgrup)","v":5256.9160266507015},0,{"$f":"IF($N658=\"\",\"\",IF(ORÇAMENTO.Descricao=\"\",\"DESCRIÇÃO\",IF(AND($C658=\"S\",ORÇAMENTO.Unidade=\"\"),\"UNIDADE\",IF($X658<0,\"VALOR NEGATIVO\",IF(OR(AND(TIPOORCAMENTO=\"Proposto\",$AG658<>\"\",$AG658>0,ORÇAMENTO.CustoUnitario>$AG658),AND(TIPOORCAMENTO=\"LICITADO\",ORÇAMENTO.PrecoUnitarioLicitado>$AN658)),\"ACIMA REF.\",\"\")))))","v":""},{"$f":"IF(C658<=CRONO.NivelExibicao,MAX($AD$15:OFFSET(AD658,-1,0))+IF($C658<>1,1,MAX(1,COUNTIF(QCI!$A$13:$A$41,OFFSET($E658,-1,0)))),\"\")","v":88},{"$f":"IF(AND($C658=\"S\",ORÇAMENTO.CodBarra<>\"\"),IF(ORÇAMENTO.Fonte=\"\",ORÇAMENTO.CodBarra,CONCATENATE(ORÇAMENTO.Fonte,\" \",ORÇAMENTO.CodBarra)))","v":false},{"$f":"IF(ISERROR(INDIRECT(ORÇAMENTO.BancoRef)),\"(abra o arquivo 'Referência \"&Excel_BuiltIn_Database&\".xlsm)\",IF(OR($C658<>\"S\",ORÇAMENTO.CodBarra=\"\"),\"(Sem Código)\",IF(ISERROR(MATCH($AE658,INDIRECT(ORÇAMENTO.BancoRef),0)),\"(Código não identificado nas referências)\",MATCH($AE658,INDIRECT(ORÇAMENTO.BancoRef),0))))","v":"(Sem Código)"},{"$f":"ROUND(IF(DESONERACAO=\"sim\",REFERENCIA.Desonerado,REFERENCIA.NaoDesonerado),2)","v":0},0.25,null,null,null,null,147612.26999999999,0]
[2,2,2,8,{"$f":"IF($C659=1,OFFSET(E659,-1,0)+MAX(1,COUNTIF(QCI!$A$13:$A$41,OFFSET(ORÇAMENTO!E659,-1,0))),OFFSET(E659,-1,0))","v":23},1,0,0,0,8,{"$f":"IF(OR($C659=\"S\",$C659=0),0,MATCH(OFFSET($D659,0,$C659)+IF($C659<>1,1,COUNTIF(QCI!$A$13:$A$41,ORÇAMENTO!E659)),OFFSET($D659,1,$C659,ROW($C$744)-ROW($C659)),0))","v":25},"F","Nível 2","Nível 2","23.1.","SINAPI",null,"Haste de aterramento e cordoalha",{"$f":"REFERENCIA.Unidade","v":"-"},{"$f":"OFFSET(CÁLCULO!H$15,ROW($T659)-ROW(T$15),0)","v":0},null,"BDI 1",{"$f":"IF($C659=\"S\",ROUND(IF(TIPOORCAMENTO=\"Proposto\",ORÇAMENTO.CustoUnitario*(1+$AH659),ORÇAMENTO.PrecoUnitarioLicitado),15-13*$AF$10),0)","v":0},{"$f":"IF($C659=\"S\",IF(Import.TipoArredondamento<>\"TransfereGOV\",VTOTAL1,SUM(OFFSET(CÁLCULO!$AA$15,ROW($X659)-ROW($X$15),1):OFFSET(CÁLCULO!$AL$15,ROW($X659)-ROW($X$15),-1))),IF($C659=0,0,ROUND(SomaAgrup,15-13*$AF$11)))","v":147612.26999999999},"RA","",{"$f":"IF($C659=\"S\",IF($Z659=\"CP\",$X659,IF($Z659=\"RA\",(($X659)*QCI!$AA$3),0)),SomaAgrup)","v":5256.9160266507015},0,{"$f":"IF($N659=\"\",\"\",IF(ORÇAMENTO.Descricao=\"\",\"DESCRIÇÃO\",IF(AND($C659=\"S\",ORÇAMENTO.Unidade=\"\"),\"UNIDADE\",IF($X659<0,\"VALOR NEGATIVO\",IF(OR(AND(TIPOORCAMENTO=\"Proposto\",$AG659<>\"\",$AG659>0,ORÇAMENTO.CustoUnitario>$AG659),AND(TIPOORCAMENTO=\"LICITADO\",ORÇAMENTO.PrecoUnitarioLicitado>$AN659)),\"ACIMA REF.\",\"\")))))","v":""},{"$f":"IF(C659<=CRONO.NivelExibicao,MAX($AD$15:OFFSET(AD659,-1,0))+IF($C659<>1,1,MAX(1,COUNTIF(QCI!$A$13:$A$41,OFFSET($E659,-1,0)))),\"\")","v":89},{"$f":"IF(AND($C659=\"S\",ORÇAMENTO.CodBarra<>\"\"),IF(ORÇAMENTO.Fonte=\"\",ORÇAMENTO.CodBarra,CONCATENATE(ORÇAMENTO.Fonte,\" \",ORÇAMENTO.CodBarra)))","v":false},{"$f":"IF(ISERROR(INDIRECT(ORÇAMENTO.BancoRef)),\"(abra o arquivo 'Referência \"&Excel_BuiltIn_Database&\".xlsm)\",IF(OR($C659<>\"S\",ORÇAMENTO.CodBarra=\"\"),\"(Sem Código)\",IF(ISERROR(MATCH($AE659,INDIRECT(ORÇAMENTO.BancoRef),0)),\"(Código não identificado nas referências)\",MATCH($AE659,INDIRECT(ORÇAMENTO.BancoRef),0))))","v":"(Sem Código)"},{"$f":"ROUND(IF(DESONERACAO=\"sim\",REFERENCIA.Desonerado,REFERENCIA.NaoDesonerado),2)","v":0},0.25,null,null,null,null,147612.26999999999,0]
["S",2,"S",0,{"$f":"IF($C660=1,OFFSET(E660,-1,0)+MAX(1,COUNTIF(QCI!$A$13:$A$41,OFFSET(ORÇAMENTO!E660,-1,0))),OFFSET(E660,-1,0))","v":23},1,0,0,1,0,{"$f":"IF(OR($C660=\"S\",$C660=0),0,MATCH(OFFSET($D660,0,$C660)+IF($C660<>1,1,COUNTIF(QCI!$A$13:$A$41,ORÇAMENTO!E660)),OFFSET($D660,1,$C660,ROW($C$744)-ROW($C660)),0))","v":0},"F","Serviço","Serviço","23.1.1.","SINAPI","98111","CAIXA DE INSPEÇÃO PARA ATERRAMENTO, CIRCULAR, EM POLIETILENO, DIÂMETRO INTERNO = 0,3 M. AF_12/2020",{"$f":"REFERENCIA.Unidade","v":"UN"},{"$f":"OFFSET(CÁLCULO!H$15,ROW($T660)-ROW(T$15),0)","v":15},{"$f":"ROUND(IF(DESONERACAO=\"sim\",REFERENCIA.Desonerado,REFERENCIA.NaoDesonerado),2)","v":50},"BDI 1",{"$f":"IF($C660=\"S\",ROUND(IF(TIPOORCAMENTO=\"Proposto\",ORÇAMENTO.CustoUnitario*(1+$AH660),ORÇAMENTO.PrecoUnitarioLicitado),15-13*$AF$10),0)","v":62.5},{"$f":"IF($C660=\"S\",IF(Import.TipoArredondamento<>\"TransfereGOV\",VTOTAL1,SUM(OFFSET(CÁLCULO!$AA$15,ROW($X660)-ROW($X$15),1):OFFSET(CÁLCULO!$AL$15,ROW($X660)-ROW($X$15),-1))),IF($C660=0,0,ROUND(SomaAgrup,15-13*$AF$11)))","v":937.5},"RA","RA",{"$f":"IF($C660=\"S\",IF($Z660=\"CP\",$X660,IF($Z660=\"RA\",(($X660)*QCI!$AA$3),0)),SomaAgrup)","v":33.387189120423614},0,{"$f":"IF($N660=\"\",\"\",IF(ORÇAMENTO.Descricao=\"\",\"DESCRIÇÃO\",IF(AND($C660=\"S\",ORÇAMENTO.Unidade=\"\"),\"UNIDADE\",IF($X660<0,\"VALOR NEGATIVO\",IF(OR(AND(TIPOORCAMENTO=\"Proposto\",$AG660<>\"\",$AG660>0,ORÇAMENTO.CustoUnitario>$AG660),AND(TIPOORCAMENTO=\"LICITADO\",ORÇAMENTO.PrecoUnitarioLicitado>$AN660)),\"ACIMA REF.\",\"\")))))","v":""},{"$f":"IF(C660<=CRONO.NivelExibicao,MAX($AD$15:OFFSET(AD660,-1,0))+IF($C660<>1,1,MAX(1,COUNTIF(QCI!$A$13:$A$41,OFFSET($E660,-1,0)))),\"\")","v":""},{"$f":"IF(AND($C660=\"S\",ORÇAMENTO.CodBarra<>\"\"),IF(ORÇAMENTO.Fonte=\"\",ORÇAMENTO.CodBarra,CONCATENATE(ORÇAMENTO.Fonte,\" \",ORÇAMENTO.CodBarra)))","v":"SINAPI 98111"},{"$f":"IF(ISERROR(INDIRECT(ORÇAMENTO.BancoRef)),\"(abra o arquivo 'Referência \"&Excel_BuiltIn_Database&\".xlsm)\",IF(OR($C660<>\"S\",ORÇAMENTO.CodBarra=\"\"),\"(Sem Código)\",IF(ISERROR(MATCH($AE660,INDIRECT(ORÇAMENTO.BancoRef),0)),\"(Código não identificado nas referências)\",MATCH($AE660,INDIRECT(ORÇAMENTO.BancoRef),0))))","v":5460},{"$f":"ROUND(IF(DESONERACAO=\"sim\",REFERENCIA.Desonerado,REFERENCIA.NaoDesonerado),2)","v":50},0.25,null,15,null,null,937.5,62.5]
["S",2,"S",0,{"$f":"IF($C661=1,OFFSET(E661,-1,0)+MAX(1,COUNTIF(QCI!$A$13:$A$41,OFFSET(ORÇAMENTO!E661,-1,0))),OFFSET(E661,-1,0))","v":23},1,0,0,2,0,{"$f":"IF(OR($C661=\"S\",$C661=0),0,MATCH(OFFSET($D661,0,$C661)+IF($C661<>1,1,COUNTIF(QCI!$A$13:$A$41,ORÇAMENTO!E661)),OFFSET($D661,1,$C661,ROW($C$744)-ROW($C661)),0))","v":0},"F","Serviço","Serviço","23.1.2.","SINAPI","96985","HASTE DE ATERRAMENTO, DIÂMETRO 5/8\", COM 3 METROS - FORNECIMENTO E INSTALAÇÃO. AF_08/2023",{"$f":"REFERENCIA.Unidade","v":"UN"},{"$f":"OFFSET(CÁLCULO!H$15,ROW($T661)-ROW(T$15),0)","v":15},{"$f":"ROUND(IF(DESONERACAO=\"sim\",REFERENCIA.Desonerado,REFERENCIA.NaoDesonerado),2)","v":107.72},"BDI 1",{"$f":"IF($C661=\"S\",ROUND(IF(TIPOORCAMENTO=\"Proposto\",ORÇAMENTO.CustoUnitario*(1+$AH661),ORÇAMENTO.PrecoUnitarioLicitado),15-13*$AF$10),0)","v":134.65},{"$f":"IF($C661=\"S\",IF(Import.TipoArredondamento<>\"TransfereGOV\",VTOTAL1,SUM(OFFSET(CÁLCULO!$AA$15,ROW($X661)-ROW($X$15),1):OFFSET(CÁLCULO!$AL$15,ROW($X661)-ROW($X$15),-1))),IF($C661=0,0,ROUND(SomaAgrup,15-13*$AF$11)))","v":2019.75},"RA","RA",{"$f":"IF($C661=\"S\",IF($Z661=\"CP\",$X661,IF($Z661=\"RA\",(($X661)*QCI!$AA$3),0)),SomaAgrup)","v":71.929360241040627},0,{"$f":"IF($N661=\"\",\"\",IF(ORÇAMENTO.Descricao=\"\",\"DESCRIÇÃO\",IF(AND($C661=\"S\",ORÇAMENTO.Unidade=\"\"),\"UNIDADE\",IF($X661<0,\"VALOR NEGATIVO\",IF(OR(AND(TIPOORCAMENTO=\"Proposto\",$AG661<>\"\",$AG661>0,ORÇAMENTO.CustoUnitario>$AG661),AND(TIPOORCAMENTO=\"LICITADO\",ORÇAMENTO.PrecoUnitarioLicitado>$AN661)),\"ACIMA REF.\",\"\")))))","v":""},{"$f":"IF(C661<=CRONO.NivelExibicao,MAX($AD$15:OFFSET(AD661,-1,0))+IF($C661<>1,1,MAX(1,COUNTIF(QCI!$A$13:$A$41,OFFSET($E661,-1,0)))),\"\")","v":""},{"$f":"IF(AND($C661=\"S\",ORÇAMENTO.CodBarra<>\"\"),IF(ORÇAMENTO.Fonte=\"\",ORÇAMENTO.CodBarra,CONCATENATE(ORÇAMENTO.Fonte,\" \",ORÇAMENTO.CodBarra)))","v":"SINAPI 96985"},{"$f":"IF(ISERROR(INDIRECT(ORÇAMENTO.BancoRef)),\"(abra o arquivo 'Referência \"&Excel_BuiltIn_Database&\".xlsm)\",IF(OR($C661<>\"S\",ORÇAMENTO.CodBarra=\"\"),\"(Sem Código)\",IF(ISERROR(MATCH($AE661,INDIRECT(ORÇAMENTO.BancoRef),0)),\"(Código não identificado nas referências)\",MATCH($AE661,INDIRECT(ORÇAMENTO.BancoRef),0))))","v":3492},{"$f":"ROUND(IF(DESONERACAO=\"sim\",REFERENCIA.Desonerado,REFERENCIA.NaoDesonerado),2)","v":107.72},0.25,null,15,null,null,2019.75,134.65]
["S",2,"S",0,{"$f":"IF($C662=1,OFFSET(E662,-1,0)+MAX(1,COUNTIF(QCI!$A$13:$A$41,OFFSET(ORÇAMENTO!E662,-1,0))),OFFSET(E662,-1,0))","v":23},1,0,0,3,0,{"$f":"IF(OR($C662=\"S\",$C662=0),0,MATCH(OFFSET($D662,0,$C662)+IF($C662<>1,1,COUNTIF(QCI!$A$13:$A$41,ORÇAMENTO!E662)),OFFSET($D662,1,$C662,ROW($C$744)-ROW($C662)),0))","v":0},"F","Serviço","Serviço","23.1.3.","SINAPI","104753","CONECTOR SPLIT-BOLT, PARA SPDA, PARA CABOS ATÉ 50 MM2 - FORNECIMENTO E INSTALAÇÃO. AF_08/2023",{"$f":"REFERENCIA.Unidade","v":"UN"},{"$f":"OFFSET(CÁLCULO!H$15,ROW($T662)-ROW(T$15),0)","v":48},{"$f":"ROUND(IF(DESONERACAO=\"sim\",REFERENCIA.Desonerado,REFERENCIA.NaoDesonerado),2)","v":26.55},"BDI 1",{"$f":"IF($C662=\"S\",ROUND(IF(TIPOORCAMENTO=\"Proposto\",ORÇAMENTO.CustoUnitario*(1+$AH662),ORÇAMENTO.PrecoUnitarioLicitado),15-13*$AF$10),0)","v":33.19},{"$f":"IF($C662=\"S\",IF(Import.TipoArredondamento<>\"TransfereGOV\",VTOTAL1,SUM(OFFSET(CÁLCULO!$AA$15,ROW($X662)-ROW($X$15),1):OFFSET(CÁLCULO!$AL$15,ROW($X662)-ROW($X$15),-1))),IF($C662=0,0,ROUND(SomaAgrup,15-13*$AF$11)))","v":1593.12},"RA","RA",{"$f":"IF($C662=\"S\",IF($Z662=\"CP\",$X662,IF($Z662=\"RA\",(($X662)*QCI!$AA$3),0)),SomaAgrup)","v":56.735785313631212},0,{"$f":"IF($N662=\"\",\"\",IF(ORÇAMENTO.Descricao=\"\",\"DESCRIÇÃO\",IF(AND($C662=\"S\",ORÇAMENTO.Unidade=\"\"),\"UNIDADE\",IF($X662<0,\"VALOR NEGATIVO\",IF(OR(AND(TIPOORCAMENTO=\"Proposto\",$AG662<>\"\",$AG662>0,ORÇAMENTO.CustoUnitario>$AG662),AND(TIPOORCAMENTO=\"LICITADO\",ORÇAMENTO.PrecoUnitarioLicitado>$AN662)),\"ACIMA REF.\",\"\")))))","v":""},{"$f":"IF(C662<=CRONO.NivelExibicao,MAX($AD$15:OFFSET(AD662,-1,0))+IF($C662<>1,1,MAX(1,COUNTIF(QCI!$A$13:$A$41,OFFSET($E662,-1,0)))),\"\")","v":""},{"$f":"IF(AND($C662=\"S\",ORÇAMENTO.CodBarra<>\"\"),IF(ORÇAMENTO.Fonte=\"\",ORÇAMENTO.CodBarra,CONCATENATE(ORÇAMENTO.Fonte,\" \",ORÇAMENTO.CodBarra)))","v":"SINAPI 104753"},{"$f":"IF(ISERROR(INDIRECT(ORÇAMENTO.BancoRef)),\"(abra o arquivo 'Referência \"&Excel_BuiltIn_Database&\".xlsm)\",IF(OR($C662<>\"S\",ORÇAMENTO.CodBarra=\"\"),\"(Sem Código)\",IF(ISERROR(MATCH($AE662,INDIRECT(ORÇAMENTO.BancoRef),0)),\"(Código não identificado nas referências)\",MATCH($AE662,INDIRECT(ORÇAMENTO.BancoRef),0))))","v":3503},{"$f":"ROUND(IF(DESONERACAO=\"sim\",REFERENCIA.Desonerado,REFERENCIA.NaoDesonerado),2)","v":26.55},0.25,null,48,null,null,1593.12,33.19]
["S",2,"S",0,{"$f":"IF($C663=1,OFFSET(E663,-1,0)+MAX(1,COUNTIF(QCI!$A$13:$A$41,OFFSET(ORÇAMENTO!E663,-1,0))),OFFSET(E663,-1,0))","v":23},1,0,0,4,0,{"$f":"IF(OR($C663=\"S\",$C663=0),0,MATCH(OFFSET($D663,0,$C663)+IF($C663<>1,1,COUNTIF(QCI!$A$13:$A$41,ORÇAMENTO!E663)),OFFSET($D663,1,$C663,ROW($C$744)-ROW($C663)),0))","v":0},"F","Serviço","Serviço","23.1.4.","SINAPI","96977","CORDOALHA DE COBRE NU 50 MM², ENTERRADA - FORNECIMENTO E INSTALAÇÃO. AF_08/2023",{"$f":"REFERENCIA.Unidade","v":"M"},{"$f":"OFFSET(CÁLCULO!H$15,ROW($T663)-ROW(T$15),0)","v":310},{"$f":"ROUND(IF(DESONERACAO=\"sim\",REFERENCIA.Desonerado,REFERENCIA.NaoDesonerado),2)","v":53.86},"BDI 1",{"$f":"IF($C663=\"S\",ROUND(IF(TIPOORCAMENTO=\"Proposto\",ORÇAMENTO.CustoUnitario*(1+$AH663),ORÇAMENTO.PrecoUnitarioLicitado),15-13*$AF$10),0)","v":67.33},{"$f":"IF($C663=\"S\",IF(Import.TipoArredondamento<>\"TransfereGOV\",VTOTAL1,SUM(OFFSET(CÁLCULO!$AA$15,ROW($X663)-ROW($X$15),1):OFFSET(CÁLCULO!$AL$15,ROW($X663)-ROW($X$15),-1))),IF($C663=0,0,ROUND(SomaAgrup,15-13*$AF$11)))","v":20872.3},"RA","RA",{"$f":"IF($C663=\"S\",IF($Z663=\"CP\",$X663,IF($Z663=\"RA\",(($X663)*QCI!$AA$3),0)),SomaAgrup)","v":743.32525597676556},0,{"$f":"IF($N663=\"\",\"\",IF(ORÇAMENTO.Descricao=\"\",\"DESCRIÇÃO\",IF(AND($C663=\"S\",ORÇAMENTO.Unidade=\"\"),\"UNIDADE\",IF($X663<0,\"VALOR NEGATIVO\",IF(OR(AND(TIPOORCAMENTO=\"Proposto\",$AG663<>\"\",$AG663>0,ORÇAMENTO.CustoUnitario>$AG663),AND(TIPOORCAMENTO=\"LICITADO\",ORÇAMENTO.PrecoUnitarioLicitado>$AN663)),\"ACIMA REF.\",\"\")))))","v":""},{"$f":"IF(C663<=CRONO.NivelExibicao,MAX($AD$15:OFFSET(AD663,-1,0))+IF($C663<>1,1,MAX(1,COUNTIF(QCI!$A$13:$A$41,OFFSET($E663,-1,0)))),\"\")","v":""},{"$f":"IF(AND($C663=\"S\",ORÇAMENTO.CodBarra<>\"\"),IF(ORÇAMENTO.Fonte=\"\",ORÇAMENTO.CodBarra,CONCATENATE(ORÇAMENTO.Fonte,\" \",ORÇAMENTO.CodBarra)))","v":"SINAPI 96977"},{"$f":"IF(ISERROR(INDIRECT(ORÇAMENTO.BancoRef)),\"(abra o arquivo 'Referência \"&Excel_BuiltIn_Database&\".xlsm)\",IF(OR($C663<>\"S\",ORÇAMENTO.CodBarra=\"\"),\"(Sem Código)\",IF(ISERROR(MATCH($AE663,INDIRECT(ORÇAMENTO.BancoRef),0)),\"(Código não identificado nas referências)\",MATCH($AE663,INDIRECT(ORÇAMENTO.BancoRef),0))))","v":3488},{"$f":"ROUND(IF(DESONERACAO=\"sim\",REFERENCIA.Desonerado,REFERENCIA.NaoDesonerado),2)","v":53.86},0.25,null,310,null,null,20872.3,67.33]
["S",2,"S",0,{"$f":"IF($C664=1,OFFSET(E664,-1,0)+MAX(1,COUNTIF(QCI!$A$13:$A$41,OFFSET(ORÇAMENTO!E664,-1,0))),OFFSET(E664,-1,0))","v":23},1,0,0,5,0,{"$f":"IF(OR($C664=\"S\",$C664=0),0,MATCH(OFFSET($D664,0,$C664)+IF($C664<>1,1,COUNTIF(QCI!$A$13:$A$41,ORÇAMENTO!E664)),OFFSET($D664,1,$C664,ROW($C$744)-ROW($C664)),0))","v":0},"F","Serviço","Serviço","23.1.5.","SINAPI","FNDE 71","SOLDA EXOTÉRMICA PARA SPDA - FORNECIMENTO E INSTALAÇÃO.","UM",{"$f":"OFFSET(CÁLCULO!H$15,ROW($T664)-ROW(T$15),0)","v":20},68.290000000000006,"BDI 1",{"$f":"IF($C664=\"S\",ROUND(IF(TIPOORCAMENTO=\"Proposto\",ORÇAMENTO.CustoUnitario*(1+$AH664),ORÇAMENTO.PrecoUnitarioLicitado),15-13*$AF$10),0)","v":85.36},{"$f":"IF($C664=\"S\",IF(Import.TipoArredondamento<>\"TransfereGOV\",VTOTAL1,SUM(OFFSET(CÁLCULO!$AA$15,ROW($X664)-ROW($X$15),1):OFFSET(CÁLCULO!$AL$15,ROW($X664)-ROW($X$15),-1))),IF($C664=0,0,ROUND(SomaAgrup,15-13*$AF$11)))","v":1707.2},"RA","RA",{"$f":"IF($C664=\"S\",IF($Z664=\"CP\",$X664,IF($Z664=\"RA\",(($X664)*QCI!$AA$3),0)),SomaAgrup)","v":60.798516550813005},0,{"$f":"IF($N664=\"\",\"\",IF(ORÇAMENTO.Descricao=\"\",\"DESCRIÇÃO\",IF(AND($C664=\"S\",ORÇAMENTO.Unidade=\"\"),\"UNIDADE\",IF($X664<0,\"VALOR NEGATIVO\",IF(OR(AND(TIPOORCAMENTO=\"Proposto\",$AG664<>\"\",$AG664>0,ORÇAMENTO.CustoUnitario>$AG664),AND(TIPOORCAMENTO=\"LICITADO\",ORÇAMENTO.PrecoUnitarioLicitado>$AN664)),\"ACIMA REF.\",\"\")))))","v":""},{"$f":"IF(C664<=CRONO.NivelExibicao,MAX($AD$15:OFFSET(AD664,-1,0))+IF($C664<>1,1,MAX(1,COUNTIF(QCI!$A$13:$A$41,OFFSET($E664,-1,0)))),\"\")","v":""},{"$f":"IF(AND($C664=\"S\",ORÇAMENTO.CodBarra<>\"\"),IF(ORÇAMENTO.Fonte=\"\",ORÇAMENTO.CodBarra,CONCATENATE(ORÇAMENTO.Fonte,\" \",ORÇAMENTO.CodBarra)))","v":"SINAPI FNDE 71"},{"$f":"IF(ISERROR(INDIRECT(ORÇAMENTO.BancoRef)),\"(abra o arquivo 'Referência \"&Excel_BuiltIn_Database&\".xlsm)\",IF(OR($C664<>\"S\",ORÇAMENTO.CodBarra=\"\"),\"(Sem Código)\",IF(ISERROR(MATCH($AE664,INDIRECT(ORÇAMENTO.BancoRef),0)),\"(Código não identificado nas referências)\",MATCH($AE664,INDIRECT(ORÇAMENTO.BancoRef),0))))","v":"(Código não identificado nas referências)"},{"$f":"ROUND(IF(DESONERACAO=\"sim\",REFERENCIA.Desonerado,REFERENCIA.NaoDesonerado),2)","v":0},0.25,null,20,null,null,1707.2,85.36]
["S",2,"S",0,{"$f":"IF($C665=1,OFFSET(E665,-1,0)+MAX(1,COUNTIF(QCI!$A$13:$A$41,OFFSET(ORÇAMENTO!E665,-1,0))),OFFSET(E665,-1,0))","v":23},1,0,0,6,0,{"$f":"IF(OR($C665=\"S\",$C665=0),0,MATCH(OFFSET($D665,0,$C665)+IF($C665<>1,1,COUNTIF(QCI!$A$13:$A$41,ORÇAMENTO!E665)),OFFSET($D665,1,$C665,ROW($C$744)-ROW($C665)),0))","v":0},"F","Serviço","Serviço","23.1.6.","SINAPI","C3478","VERGALHÃO","M",{"$f":"OFFSET(CÁLCULO!H$15,ROW($T665)-ROW(T$15),0)","v":120},14.9,"BDI 1",{"$f":"IF($C665=\"S\",ROUND(IF(TIPOORCAMENTO=\"Proposto\",ORÇAMENTO.CustoUnitario*(1+$AH665),ORÇAMENTO.PrecoUnitarioLicitado),15-13*$AF$10),0)","v":18.63},{"$f":"IF($C665=\"S\",IF(Import.TipoArredondamento<>\"TransfereGOV\",VTOTAL1,SUM(OFFSET(CÁLCULO!$AA$15,ROW($X665)-ROW($X$15),1):OFFSET(CÁLCULO!$AL$15,ROW($X665)-ROW($X$15),-1))),IF($C665=0,0,ROUND(SomaAgrup,15-13*$AF$11)))","v":2235.6},"RA","RA",{"$f":"IF($C665=\"S\",IF($Z665=\"CP\",$X665,IF($Z665=\"RA\",(($X665)*QCI!$AA$3),0)),SomaAgrup)","v":79.616426664126962},0,{"$f":"IF($N665=\"\",\"\",IF(ORÇAMENTO.Descricao=\"\",\"DESCRIÇÃO\",IF(AND($C665=\"S\",ORÇAMENTO.Unidade=\"\"),\"UNIDADE\",IF($X665<0,\"VALOR NEGATIVO\",IF(OR(AND(TIPOORCAMENTO=\"Proposto\",$AG665<>\"\",$AG665>0,ORÇAMENTO.CustoUnitario>$AG665),AND(TIPOORCAMENTO=\"LICITADO\",ORÇAMENTO.PrecoUnitarioLicitado>$AN665)),\"ACIMA REF.\",\"\")))))","v":""},{"$f":"IF(C665<=CRONO.NivelExibicao,MAX($AD$15:OFFSET(AD665,-1,0))+IF($C665<>1,1,MAX(1,COUNTIF(QCI!$A$13:$A$41,OFFSET($E665,-1,0)))),\"\")","v":""},{"$f":"IF(AND($C665=\"S\",ORÇAMENTO.CodBarra<>\"\"),IF(ORÇAMENTO.Fonte=\"\",ORÇAMENTO.CodBarra,CONCATENATE(ORÇAMENTO.Fonte,\" \",ORÇAMENTO.CodBarra)))","v":"SINAPI C3478"},{"$f":"IF(ISERROR(INDIRECT(ORÇAMENTO.BancoRef)),\"(abra o arquivo 'Referência \"&Excel_BuiltIn_Database&\".xlsm)\",IF(OR($C665<>\"S\",ORÇAMENTO.CodBarra=\"\"),\"(Sem Código)\",IF(ISERROR(MATCH($AE665,INDIRECT(ORÇAMENTO.BancoRef),0)),\"(Código não identificado nas referências)\",MATCH($AE665,INDIRECT(ORÇAMENTO.BancoRef),0))))","v":"(Código não identificado nas referências)"},{"$f":"ROUND(IF(DESONERACAO=\"sim\",REFERENCIA.Desonerado,REFERENCIA.NaoDesonerado),2)","v":0},0.25,null,120,null,null,2235.6,18.63]
["S",2,"S",0,{"$f":"IF($C666=1,OFFSET(E666,-1,0)+MAX(1,COUNTIF(QCI!$A$13:$A$41,OFFSET(ORÇAMENTO!E666,-1,0))),OFFSET(E666,-1,0))","v":23},1,0,0,7,0,{"$f":"IF(OR($C666=\"S\",$C666=0),0,MATCH(OFFSET($D666,0,$C666)+IF($C666<>1,1,COUNTIF(QCI!$A$13:$A$41,ORÇAMENTO!E666)),OFFSET($D666,1,$C666,ROW($C$744)-ROW($C666)),0))","v":0},"F","Serviço","Serviço","23.1.7.","SINAPI","100873","BARRA CHATA EM ALUMINIO",{"$f":"REFERENCIA.Unidade","v":"UN"},{"$f":"OFFSET(CÁLCULO!H$15,ROW($T666)-ROW(T$15),0)","v":280},{"$f":"ROUND(IF(DESONERACAO=\"sim\",REFERENCIA.Desonerado,REFERENCIA.NaoDesonerado),2)","v":337.85},"BDI 1",{"$f":"IF($C666=\"S\",ROUND(IF(TIPOORCAMENTO=\"Proposto\",ORÇAMENTO.CustoUnitario*(1+$AH666),ORÇAMENTO.PrecoUnitarioLicitado),15-13*$AF$10),0)","v":422.31},{"$f":"IF($C666=\"S\",IF(Import.TipoArredondamento<>\"TransfereGOV\",VTOTAL1,SUM(OFFSET(CÁLCULO!$AA$15,ROW($X666)-ROW($X$15),1):OFFSET(CÁLCULO!$AL$15,ROW($X666)-ROW($X$15),-1))),IF($C666=0,0,ROUND(SomaAgrup,15-13*$AF$11)))","v":118246.8},"RA","RA",{"$f":"IF($C666=\"S\",IF($Z666=\"CP\",$X666,IF($Z666=\"RA\",(($X666)*QCI!$AA$3),0)),SomaAgrup)","v":4211.1234927839005},0,{"$f":"IF($N666=\"\",\"\",IF(ORÇAMENTO.Descricao=\"\",\"DESCRIÇÃO\",IF(AND($C666=\"S\",ORÇAMENTO.Unidade=\"\"),\"UNIDADE\",IF($X666<0,\"VALOR NEGATIVO\",IF(OR(AND(TIPOORCAMENTO=\"Proposto\",$AG666<>\"\",$AG666>0,ORÇAMENTO.CustoUnitario>$AG666),AND(TIPOORCAMENTO=\"LICITADO\",ORÇAMENTO.PrecoUnitarioLicitado>$AN666)),\"ACIMA REF.\",\"\")))))","v":""},{"$f":"IF(C666<=CRONO.NivelExibicao,MAX($AD$15:OFFSET(AD666,-1,0))+IF($C666<>1,1,MAX(1,COUNTIF(QCI!$A$13:$A$41,OFFSET($E666,-1,0)))),\"\")","v":""},{"$f":"IF(AND($C666=\"S\",ORÇAMENTO.CodBarra<>\"\"),IF(ORÇAMENTO.Fonte=\"\",ORÇAMENTO.CodBarra,CONCATENATE(ORÇAMENTO.Fonte,\" \",ORÇAMENTO.CodBarra)))","v":"SINAPI 100873"},{"$f":"IF(ISERROR(INDIRECT(ORÇAMENTO.BancoRef)),\"(abra o arquivo 'Referência \"&Excel_BuiltIn_Database&\".xlsm)\",IF(OR($C666<>\"S\",ORÇAMENTO.CodBarra=\"\"),\"(Sem Código)\",IF(ISERROR(MATCH($AE666,INDIRECT(ORÇAMENTO.BancoRef),0)),\"(Código não identificado nas referências)\",MATCH($AE666,INDIRECT(ORÇAMENTO.BancoRef),0))))","v":5408},{"$f":"ROUND(IF(DESONERACAO=\"sim\",REFERENCIA.Desonerado,REFERENCIA.NaoDesonerado),2)","v":337.85},0.25,null,280,null,null,118246.8,422.31]
[1,1,1,12,{"$f":"IF($C667=1,OFFSET(E667,-1,0)+MAX(1,COUNTIF(QCI!$A$13:$A$41,OFFSET(ORÇAMENTO!E667,-1,0))),OFFSET(E667,-1,0))","v":24},0,0,0,0,77,{"$f":"IF(OR($C667=\"S\",$C667=0),0,MATCH(OFFSET($D667,0,$C667)+IF($C667<>1,1,COUNTIF(QCI!$A$13:$A$41,ORÇAMENTO!E667)),OFFSET($D667,1,$C667,ROW($C$744)-ROW($C667)),0))","v":12},"F","Meta","Meta","24.","SINAPI",null,"SERVIÇOS COMPLEMENTARES",{"$f":"REFERENCIA.Unidade","v":"-"},{"$f":"OFFSET(CÁLCULO!H$15,ROW($T667)-ROW(T$15),0)","v":0},null,"BDI 1",{"$f":"IF($C667=\"S\",ROUND(IF(TIPOORCAMENTO=\"Proposto\",ORÇAMENTO.CustoUnitario*(1+$AH667),ORÇAMENTO.PrecoUnitarioLicitado),15-13*$AF$10),0)","v":0},{"$f":"IF($C667=\"S\",IF(Import.TipoArredondamento<>\"TransfereGOV\",VTOTAL1,SUM(OFFSET(CÁLCULO!$AA$15,ROW($X667)-ROW($X$15),1):OFFSET(CÁLCULO!$AL$15,ROW($X667)-ROW($X$15),-1))),IF($C667=0,0,ROUND(SomaAgrup,15-13*$AF$11)))","v":215139.52},"RA","",{"$f":"IF($C667=\"S\",IF($Z667=\"CP\",$X667,IF($Z667=\"RA\",(($X667)*QCI!$AA$3),0)),SomaAgrup)","v":7661.764097618302},0,{"$f":"IF($N667=\"\",\"\",IF(ORÇAMENTO.Descricao=\"\",\"DESCRIÇÃO\",IF(AND($C667=\"S\",ORÇAMENTO.Unidade=\"\"),\"UNIDADE\",IF($X667<0,\"VALOR NEGATIVO\",IF(OR(AND(TIPOORCAMENTO=\"Proposto\",$AG667<>\"\",$AG667>0,ORÇAMENTO.CustoUnitario>$AG667),AND(TIPOORCAMENTO=\"LICITADO\",ORÇAMENTO.PrecoUnitarioLicitado>$AN667)),\"ACIMA REF.\",\"\")))))","v":""},{"$f":"IF(C667<=CRONO.NivelExibicao,MAX($AD$15:OFFSET(AD667,-1,0))+IF($C667<>1,1,MAX(1,COUNTIF(QCI!$A$13:$A$41,OFFSET($E667,-1,0)))),\"\")","v":90},{"$f":"IF(AND($C667=\"S\",ORÇAMENTO.CodBarra<>\"\"),IF(ORÇAMENTO.Fonte=\"\",ORÇAMENTO.CodBarra,CONCATENATE(ORÇAMENTO.Fonte,\" \",ORÇAMENTO.CodBarra)))","v":false},{"$f":"IF(ISERROR(INDIRECT(ORÇAMENTO.BancoRef)),\"(abra o arquivo 'Referência \"&Excel_BuiltIn_Database&\".xlsm)\",IF(OR($C667<>\"S\",ORÇAMENTO.CodBarra=\"\"),\"(Sem Código)\",IF(ISERROR(MATCH($AE667,INDIRECT(ORÇAMENTO.BancoRef),0)),\"(Código não identificado nas referências)\",MATCH($AE667,INDIRECT(ORÇAMENTO.BancoRef),0))))","v":"(Sem Código)"},{"$f":"ROUND(IF(DESONERACAO=\"sim\",REFERENCIA.Desonerado,REFERENCIA.NaoDesonerado),2)","v":0},0.25,null,null,null,null,215139.52,0]
[2,2,2,11,{"$f":"IF($C668=1,OFFSET(E668,-1,0)+MAX(1,COUNTIF(QCI!$A$13:$A$41,OFFSET(ORÇAMENTO!E668,-1,0))),OFFSET(E668,-1,0))","v":24},1,0,0,0,11,{"$f":"IF(OR($C668=\"S\",$C668=0),0,MATCH(OFFSET($D668,0,$C668)+IF($C668<>1,1,COUNTIF(QCI!$A$13:$A$41,ORÇAMENTO!E668)),OFFSET($D668,1,$C668,ROW($C$744)-ROW($C668)),0))","v":16},"F","Nível 2","Nível 2","24.1.","SINAPI",null,"Diversos",{"$f":"REFERENCIA.Unidade","v":"-"},{"$f":"OFFSET(CÁLCULO!H$15,ROW($T668)-ROW(T$15),0)","v":0},null,"BDI 1",{"$f":"IF($C668=\"S\",ROUND(IF(TIPOORCAMENTO=\"Proposto\",ORÇAMENTO.CustoUnitario*(1+$AH668),ORÇAMENTO.PrecoUnitarioLicitado),15-13*$AF$10),0)","v":0},{"$f":"IF($C668=\"S\",IF(Import.TipoArredondamento<>\"TransfereGOV\",VTOTAL1,SUM(OFFSET(CÁLCULO!$AA$15,ROW($X668)-ROW($X$15),1):OFFSET(CÁLCULO!$AL$15,ROW($X668)-ROW($X$15),-1))),IF($C668=0,0,ROUND(SomaAgrup,15-13*$AF$11)))","v":215139.52},"RA","",{"$f":"IF($C668=\"S\",IF($Z668=\"CP\",$X668,IF($Z668=\"RA\",(($X668)*QCI!$AA$3),0)),SomaAgrup)","v":7661.764097618302},0,{"$f":"IF($N668=\"\",\"\",IF(ORÇAMENTO.Descricao=\"\",\"DESCRIÇÃO\",IF(AND($C668=\"S\",ORÇAMENTO.Unidade=\"\"),\"UNIDADE\",IF($X668<0,\"VALOR NEGATIVO\",IF(OR(AND(TIPOORCAMENTO=\"Proposto\",$AG668<>\"\",$AG668>0,ORÇAMENTO.CustoUnitario>$AG668),AND(TIPOORCAMENTO=\"LICITADO\",ORÇAMENTO.PrecoUnitarioLicitado>$AN668)),\"ACIMA REF.\",\"\")))))","v":""},{"$f":"IF(C668<=CRONO.NivelExibicao,MAX($AD$15:OFFSET(AD668,-1,0))+IF($C668<>1,1,MAX(1,COUNTIF(QCI!$A$13:$A$41,OFFSET($E668,-1,0)))),\"\")","v":91},{"$f":"IF(AND($C668=\"S\",ORÇAMENTO.CodBarra<>\"\"),IF(ORÇAMENTO.Fonte=\"\",ORÇAMENTO.CodBarra,CONCATENATE(ORÇAMENTO.Fonte,\" \",ORÇAMENTO.CodBarra)))","v":false},{"$f":"IF(ISERROR(INDIRECT(ORÇAMENTO.BancoRef)),\"(abra o arquivo 'Referência \"&Excel_BuiltIn_Database&\".xlsm)\",IF(OR($C668<>\"S\",ORÇAMENTO.CodBarra=\"\"),\"(Sem Código)\",IF(ISERROR(MATCH($AE668,INDIRECT(ORÇAMENTO.BancoRef),0)),\"(Código não identificado nas referências)\",MATCH($AE668,INDIRECT(ORÇAMENTO.BancoRef),0))))","v":"(Sem Código)"},{"$f":"ROUND(IF(DESONERACAO=\"sim\",REFERENCIA.Desonerado,REFERENCIA.NaoDesonerado),2)","v":0},0.25,null,null,null,null,215139.52,0]
["S",2,"S",0,{"$f":"IF($C669=1,OFFSET(E669,-1,0)+MAX(1,COUNTIF(QCI!$A$13:$A$41,OFFSET(ORÇAMENTO!E669,-1,0))),OFFSET(E669,-1,0))","v":24},1,0,0,1,0,{"$f":"IF(OR($C669=\"S\",$C669=0),0,MATCH(OFFSET($D669,0,$C669)+IF($C669<>1,1,COUNTIF(QCI!$A$13:$A$41,ORÇAMENTO!E669)),OFFSET($D669,1,$C669,ROW($C$744)-ROW($C669)),0))","v":0},"F","Serviço","Serviço","24.1.1.","SINAPI","FNDE 39","CONJUNTO DE MASTRO P/ TRÊS BANDEIRAS E PEDESTAL","UN",{"$f":"OFFSET(CÁLCULO!H$15,ROW($T669)-ROW(T$15),0)","v":1},4244.47,"BDI 1",{"$f":"IF($C669=\"S\",ROUND(IF(TIPOORCAMENTO=\"Proposto\",ORÇAMENTO.CustoUnitario*(1+$AH669),ORÇAMENTO.PrecoUnitarioLicitado),15-13*$AF$10),0)","v":5305.59},{"$f":"IF($C669=\"S\",IF(Import.TipoArredondamento<>\"TransfereGOV\",VTOTAL1,SUM(OFFSET(CÁLCULO!$AA$15,ROW($X669)-ROW($X$15),1):OFFSET(CÁLCULO!$AL$15,ROW($X669)-ROW($X$15),-1))),IF($C669=0,0,ROUND(SomaAgrup,15-13*$AF$11)))","v":5305.59},"RA","RA",{"$f":"IF($C669=\"S\",IF($Z669=\"CP\",$X669,IF($Z669=\"RA\",(($X669)*QCI!$AA$3),0)),SomaAgrup)","v":188.94798584045688},0,{"$f":"IF($N669=\"\",\"\",IF(ORÇAMENTO.Descricao=\"\",\"DESCRIÇÃO\",IF(AND($C669=\"S\",ORÇAMENTO.Unidade=\"\"),\"UNIDADE\",IF($X669<0,\"VALOR NEGATIVO\",IF(OR(AND(TIPOORCAMENTO=\"Proposto\",$AG669<>\"\",$AG669>0,ORÇAMENTO.CustoUnitario>$AG669),AND(TIPOORCAMENTO=\"LICITADO\",ORÇAMENTO.PrecoUnitarioLicitado>$AN669)),\"ACIMA REF.\",\"\")))))","v":""},{"$f":"IF(C669<=CRONO.NivelExibicao,MAX($AD$15:OFFSET(AD669,-1,0))+IF($C669<>1,1,MAX(1,COUNTIF(QCI!$A$13:$A$41,OFFSET($E669,-1,0)))),\"\")","v":""},{"$f":"IF(AND($C669=\"S\",ORÇAMENTO.CodBarra<>\"\"),IF(ORÇAMENTO.Fonte=\"\",ORÇAMENTO.CodBarra,CONCATENATE(ORÇAMENTO.Fonte,\" \",ORÇAMENTO.CodBarra)))","v":"SINAPI FNDE 39"},{"$f":"IF(ISERROR(INDIRECT(ORÇAMENTO.BancoRef)),\"(abra o arquivo 'Referência \"&Excel_BuiltIn_Database&\".xlsm)\",IF(OR($C669<>\"S\",ORÇAMENTO.CodBarra=\"\"),\"(Sem Código)\",IF(ISERROR(MATCH($AE669,INDIRECT(ORÇAMENTO.BancoRef),0)),\"(Código não identificado nas referências)\",MATCH($AE669,INDIRECT(ORÇAMENTO.BancoRef),0))))","v":"(Código não identificado nas referências)"},{"$f":"ROUND(IF(DESONERACAO=\"sim\",REFERENCIA.Desonerado,REFERENCIA.NaoDesonerado),2)","v":0},0.25,null,1,null,null,5305.59,5305.59]
["S",2,"S",0,{"$f":"IF($C670=1,OFFSET(E670,-1,0)+MAX(1,COUNTIF(QCI!$A$13:$A$41,OFFSET(ORÇAMENTO!E670,-1,0))),OFFSET(E670,-1,0))","v":24},1,0,0,2,0,{"$f":"IF(OR($C670=\"S\",$C670=0),0,MATCH(OFFSET($D670,0,$C670)+IF($C670<>1,1,COUNTIF(QCI!$A$13:$A$41,ORÇAMENTO!E670)),OFFSET($D670,1,$C670,ROW($C$744)-ROW($C670)),0))","v":0},"F","Serviço","Serviço","24.1.2.","SINAPI","FNDE 40","BANCADA DE GRANITO CINZA ANDORINHA, INCLUSIVE PASSA PRATOS, ESPESSURA 2 CM - FORNECIMENTO E INSTALAÇÃO","UN",{"$f":"OFFSET(CÁLCULO!H$15,ROW($T670)-ROW(T$15),0)","v":64.53},948.26,"BDI 1",{"$f":"IF($C670=\"S\",ROUND(IF(TIPOORCAMENTO=\"Proposto\",ORÇAMENTO.CustoUnitario*(1+$AH670),ORÇAMENTO.PrecoUnitarioLicitado),15-13*$AF$10),0)","v":1185.33},{"$f":"IF($C670=\"S\",IF(Import.TipoArredondamento<>\"TransfereGOV\",VTOTAL1,SUM(OFFSET(CÁLCULO!$AA$15,ROW($X670)-ROW($X$15),1):OFFSET(CÁLCULO!$AL$15,ROW($X670)-ROW($X$15),-1))),IF($C670=0,0,ROUND(SomaAgrup,15-13*$AF$11)))","v":76489.34},"RA","RA",{"$f":"IF($C670=\"S\",IF($Z670=\"CP\",$X670,IF($Z670=\"RA\",(($X670)*QCI!$AA$3),0)),SomaAgrup)","v":2724.0149976281414},0,{"$f":"IF($N670=\"\",\"\",IF(ORÇAMENTO.Descricao=\"\",\"DESCRIÇÃO\",IF(AND($C670=\"S\",ORÇAMENTO.Unidade=\"\"),\"UNIDADE\",IF($X670<0,\"VALOR NEGATIVO\",IF(OR(AND(TIPOORCAMENTO=\"Proposto\",$AG670<>\"\",$AG670>0,ORÇAMENTO.CustoUnitario>$AG670),AND(TIPOORCAMENTO=\"LICITADO\",ORÇAMENTO.PrecoUnitarioLicitado>$AN670)),\"ACIMA REF.\",\"\")))))","v":""},{"$f":"IF(C670<=CRONO.NivelExibicao,MAX($AD$15:OFFSET(AD670,-1,0))+IF($C670<>1,1,MAX(1,COUNTIF(QCI!$A$13:$A$41,OFFSET($E670,-1,0)))),\"\")","v":""},{"$f":"IF(AND($C670=\"S\",ORÇAMENTO.CodBarra<>\"\"),IF(ORÇAMENTO.Fonte=\"\",ORÇAMENTO.CodBarra,CONCATENATE(ORÇAMENTO.Fonte,\" \",ORÇAMENTO.CodBarra)))","v":"SINAPI FNDE 40"},{"$f":"IF(ISERROR(INDIRECT(ORÇAMENTO.BancoRef)),\"(abra o arquivo 'Referência \"&Excel_BuiltIn_Database&\".xlsm)\",IF(OR($C670<>\"S\",ORÇAMENTO.CodBarra=\"\"),\"(Sem Código)\",IF(ISERROR(MATCH($AE670,INDIRECT(ORÇAMENTO.BancoRef),0)),\"(Código não identificado nas referências)\",MATCH($AE670,INDIRECT(ORÇAMENTO.BancoRef),0))))","v":"(Código não identificado nas referências)"},{"$f":"ROUND(IF(DESONERACAO=\"sim\",REFERENCIA.Desonerado,REFERENCIA.NaoDesonerado),2)","v":0},0.25,null,64.53,null,null,76489.34,1185.33]
["S",2,"S",0,{"$f":"IF($C671=1,OFFSET(E671,-1,0)+MAX(1,COUNTIF(QCI!$A$13:$A$41,OFFSET(ORÇAMENTO!E671,-1,0))),OFFSET(E671,-1,0))","v":24},1,0,0,3,0,{"$f":"IF(OR($C671=\"S\",$C671=0),0,MATCH(OFFSET($D671,0,$C671)+IF($C671<>1,1,COUNTIF(QCI!$A$13:$A$41,ORÇAMENTO!E671)),OFFSET($D671,1,$C671,ROW($C$744)-ROW($C671)),0))","v":0},"F","Serviço","Serviço","24.1.3.","SINAPI","FNDE 46","BANCO DE GRANITO CINZA ANDORINHA, ESPESSURA 2 CM - FORNECIMENTO E INSTALAÇÃO","UN",{"$f":"OFFSET(CÁLCULO!H$15,ROW($T671)-ROW(T$15),0)","v":2.21},948.26,"BDI 1",{"$f":"IF($C671=\"S\",ROUND(IF(TIPOORCAMENTO=\"Proposto\",ORÇAMENTO.CustoUnitario*(1+$AH671),ORÇAMENTO.PrecoUnitarioLicitado),15-13*$AF$10),0)","v":1185.33},{"$f":"IF($C671=\"S\",IF(Import.TipoArredondamento<>\"TransfereGOV\",VTOTAL1,SUM(OFFSET(CÁLCULO!$AA$15,ROW($X671)-ROW($X$15),1):OFFSET(CÁLCULO!$AL$15,ROW($X671)-ROW($X$15),-1))),IF($C671=0,0,ROUND(SomaAgrup,15-13*$AF$11)))","v":2619.58},"RA","RA",{"$f":"IF($C671=\"S\",IF($Z671=\"CP\",$X671,IF($Z671=\"RA\",(($X671)*QCI!$AA$3),0)),SomaAgrup)","v":93.291107067817904},0,{"$f":"IF($N671=\"\",\"\",IF(ORÇAMENTO.Descricao=\"\",\"DESCRIÇÃO\",IF(AND($C671=\"S\",ORÇAMENTO.Unidade=\"\"),\"UNIDADE\",IF($X671<0,\"VALOR NEGATIVO\",IF(OR(AND(TIPOORCAMENTO=\"Proposto\",$AG671<>\"\",$AG671>0,ORÇAMENTO.CustoUnitario>$AG671),AND(TIPOORCAMENTO=\"LICITADO\",ORÇAMENTO.PrecoUnitarioLicitado>$AN671)),\"ACIMA REF.\",\"\")))))","v":""},{"$f":"IF(C671<=CRONO.NivelExibicao,MAX($AD$15:OFFSET(AD671,-1,0))+IF($C671<>1,1,MAX(1,COUNTIF(QCI!$A$13:$A$41,OFFSET($E671,-1,0)))),\"\")","v":""},{"$f":"IF(AND($C671=\"S\",ORÇAMENTO.CodBarra<>\"\"),IF(ORÇAMENTO.Fonte=\"\",ORÇAMENTO.CodBarra,CONCATENATE(ORÇAMENTO.Fonte,\" \",ORÇAMENTO.CodBarra)))","v":"SINAPI FNDE 46"},{"$f":"IF(ISERROR(INDIRECT(ORÇAMENTO.BancoRef)),\"(abra o arquivo 'Referência \"&Excel_BuiltIn_Database&\".xlsm)\",IF(OR($C671<>\"S\",ORÇAMENTO.CodBarra=\"\"),\"(Sem Código)\",IF(ISERROR(MATCH($AE671,INDIRECT(ORÇAMENTO.BancoRef),0)),\"(Código não identificado nas referências)\",MATCH($AE671,INDIRECT(ORÇAMENTO.BancoRef),0))))","v":"(Código não identificado nas referências)"},{"$f":"ROUND(IF(DESONERACAO=\"sim\",REFERENCIA.Desonerado,REFERENCIA.NaoDesonerado),2)","v":0},0.25,null,2.21,null,null,2619.58,1185.33]
["S",2,"S",0,{"$f":"IF($C672=1,OFFSET(E672,-1,0)+MAX(1,COUNTIF(QCI!$A$13:$A$41,OFFSET(ORÇAMENTO!E672,-1,0))),OFFSET(E672,-1,0))","v":24},1,0,0,4,0,{"$f":"IF(OR($C672=\"S\",$C672=0),0,MATCH(OFFSET($D672,0,$C672)+IF($C672<>1,1,COUNTIF(QCI!$A$13:$A$41,ORÇAMENTO!E672)),OFFSET($D672,1,$C672,ROW($C$744)-ROW($C672)),0))","v":0},"F","Serviço","Serviço","24.1.4.","SINAPI","FNDE 47","PRATELEIRA DE GRANITO CINZA ANDORINHA, ESPESSURA 2 CM - FORNECIMENTO E INSTALAÇÃO","UN",{"$f":"OFFSET(CÁLCULO!H$15,ROW($T672)-ROW(T$15),0)","v":53.79},862.88,"BDI 1",{"$f":"IF($C672=\"S\",ROUND(IF(TIPOORCAMENTO=\"Proposto\",ORÇAMENTO.CustoUnitario*(1+$AH672),ORÇAMENTO.PrecoUnitarioLicitado),15-13*$AF$10),0)","v":1078.5999999999999},{"$f":"IF($C672=\"S\",IF(Import.TipoArredondamento<>\"TransfereGOV\",VTOTAL1,SUM(OFFSET(CÁLCULO!$AA$15,ROW($X672)-ROW($X$15),1):OFFSET(CÁLCULO!$AL$15,ROW($X672)-ROW($X$15),-1))),IF($C672=0,0,ROUND(SomaAgrup,15-13*$AF$11)))","v":58017.89},"RA","RA",{"$f":"IF($C672=\"S\",IF($Z672=\"CP\",$X672,IF($Z672=\"RA\",(($X672)*QCI!$AA$3),0)),SomaAgrup)","v":2066.1912168511294},0,{"$f":"IF($N672=\"\",\"\",IF(ORÇAMENTO.Descricao=\"\",\"DESCRIÇÃO\",IF(AND($C672=\"S\",ORÇAMENTO.Unidade=\"\"),\"UNIDADE\",IF($X672<0,\"VALOR NEGATIVO\",IF(OR(AND(TIPOORCAMENTO=\"Proposto\",$AG672<>\"\",$AG672>0,ORÇAMENTO.CustoUnitario>$AG672),AND(TIPOORCAMENTO=\"LICITADO\",ORÇAMENTO.PrecoUnitarioLicitado>$AN672)),\"ACIMA REF.\",\"\")))))","v":""},{"$f":"IF(C672<=CRONO.NivelExibicao,MAX($AD$15:OFFSET(AD672,-1,0))+IF($C672<>1,1,MAX(1,COUNTIF(QCI!$A$13:$A$41,OFFSET($E672,-1,0)))),\"\")","v":""},{"$f":"IF(AND($C672=\"S\",ORÇAMENTO.CodBarra<>\"\"),IF(ORÇAMENTO.Fonte=\"\",ORÇAMENTO.CodBarra,CONCATENATE(ORÇAMENTO.Fonte,\" \",ORÇAMENTO.CodBarra)))","v":"SINAPI FNDE 47"},{"$f":"IF(ISERROR(INDIRECT(ORÇAMENTO.BancoRef)),\"(abra o arquivo 'Referência \"&Excel_BuiltIn_Database&\".xlsm)\",IF(OR($C672<>\"S\",ORÇAMENTO.CodBarra=\"\"),\"(Sem Código)\",IF(ISERROR(MATCH($AE672,INDIRECT(ORÇAMENTO.BancoRef),0)),\"(Código não identificado nas referências)\",MATCH($AE672,INDIRECT(ORÇAMENTO.BancoRef),0))))","v":"(Código não identificado nas referências)"},{"$f":"ROUND(IF(DESONERACAO=\"sim\",REFERENCIA.Desonerado,REFERENCIA.NaoDesonerado),2)","v":0},0.25,null,53.79,null,null,58017.89,1078.5999999999999]
["S",2,"S",0,{"$f":"IF($C673=1,OFFSET(E673,-1,0)+MAX(1,COUNTIF(QCI!$A$13:$A$41,OFFSET(ORÇAMENTO!E673,-1,0))),OFFSET(E673,-1,0))","v":24},1,0,0,5,0,{"$f":"IF(OR($C673=\"S\",$C673=0),0,MATCH(OFFSET($D673,0,$C673)+IF($C673<>1,1,COUNTIF(QCI!$A$13:$A$41,ORÇAMENTO!E673)),OFFSET($D673,1,$C673,ROW($C$744)-ROW($C673)),0))","v":0},"F","Serviço","Serviço","24.1.5.","SINAPI","FNDE 48","ESCANINHOS EM MDF, REVESTIDOS EM LAMINADO MELAMÍNICO","UN",{"$f":"OFFSET(CÁLCULO!H$15,ROW($T673)-ROW(T$15),0)","v":96.67},173.15,"BDI 1",{"$f":"IF($C673=\"S\",ROUND(IF(TIPOORCAMENTO=\"Proposto\",ORÇAMENTO.CustoUnitario*(1+$AH673),ORÇAMENTO.PrecoUnitarioLicitado),15-13*$AF$10),0)","v":216.44},{"$f":"IF($C673=\"S\",IF(Import.TipoArredondamento<>\"TransfereGOV\",VTOTAL1,SUM(OFFSET(CÁLCULO!$AA$15,ROW($X673)-ROW($X$15),1):OFFSET(CÁLCULO!$AL$15,ROW($X673)-ROW($X$15),-1))),IF($C673=0,0,ROUND(SomaAgrup,15-13*$AF$11)))","v":20923.25},"RA","RA",{"$f":"IF($C673=\"S\",IF($Z673=\"CP\",$X673,IF($Z673=\"RA\",(($X673)*QCI!$AA$3),0)),SomaAgrup)","v":745.13973841483028},0,{"$f":"IF($N673=\"\",\"\",IF(ORÇAMENTO.Descricao=\"\",\"DESCRIÇÃO\",IF(AND($C673=\"S\",ORÇAMENTO.Unidade=\"\"),\"UNIDADE\",IF($X673<0,\"VALOR NEGATIVO\",IF(OR(AND(TIPOORCAMENTO=\"Proposto\",$AG673<>\"\",$AG673>0,ORÇAMENTO.CustoUnitario>$AG673),AND(TIPOORCAMENTO=\"LICITADO\",ORÇAMENTO.PrecoUnitarioLicitado>$AN673)),\"ACIMA REF.\",\"\")))))","v":""},{"$f":"IF(C673<=CRONO.NivelExibicao,MAX($AD$15:OFFSET(AD673,-1,0))+IF($C673<>1,1,MAX(1,COUNTIF(QCI!$A$13:$A$41,OFFSET($E673,-1,0)))),\"\")","v":""},{"$f":"IF(AND($C673=\"S\",ORÇAMENTO.CodBarra<>\"\"),IF(ORÇAMENTO.Fonte=\"\",ORÇAMENTO.CodBarra,CONCATENATE(ORÇAMENTO.Fonte,\" \",ORÇAMENTO.CodBarra)))","v":"SINAPI FNDE 48"},{"$f":"IF(ISERROR(INDIRECT(ORÇAMENTO.BancoRef)),\"(abra o arquivo 'Referência \"&Excel_BuiltIn_Database&\".xlsm)\",IF(OR($C673<>\"S\",ORÇAMENTO.CodBarra=\"\"),\"(Sem Código)\",IF(ISERROR(MATCH($AE673,INDIRECT(ORÇAMENTO.BancoRef),0)),\"(Código não identificado nas referências)\",MATCH($AE673,INDIRECT(ORÇAMENTO.BancoRef),0))))","v":"(Código não identificado nas referências)"},{"$f":"ROUND(IF(DESONERACAO=\"sim\",REFERENCIA.Desonerado,REFERENCIA.NaoDesonerado),2)","v":0},0.25,null,96.67,null,null,20923.25,216.44]
["S",2,"S",0,{"$f":"IF($C674=1,OFFSET(E674,-1,0)+MAX(1,COUNTIF(QCI!$A$13:$A$41,OFFSET(ORÇAMENTO!E674,-1,0))),OFFSET(E674,-1,0))","v":24},1,0,0,6,0,{"$f":"IF(OR($C674=\"S\",$C674=0),0,MATCH(OFFSET($D674,0,$C674)+IF($C674<>1,1,COUNTIF(QCI!$A$13:$A$41,ORÇAMENTO!E674)),OFFSET($D674,1,$C674,ROW($C$744)-ROW($C674)),0))","v":0},"F","Serviço","Serviço","24.1.6.","SINAPI","101965","PEITORIL LINEAR EM GRANITO OU MÁRMORE, L = 15CM, COMPRIMENTO DE ATÉ 2M, ASSENTADO COM ARGAMASSA 1:6 COM ADITIVO. AF_11/2020",{"$f":"REFERENCIA.Unidade","v":"M"},{"$f":"OFFSET(CÁLCULO!H$15,ROW($T674)-ROW(T$15),0)","v":132},146.76,"BDI 1",{"$f":"IF($C674=\"S\",ROUND(IF(TIPOORCAMENTO=\"Proposto\",ORÇAMENTO.CustoUnitario*(1+$AH674),ORÇAMENTO.PrecoUnitarioLicitado),15-13*$AF$10),0)","v":183.45},{"$f":"IF($C674=\"S\",IF(Import.TipoArredondamento<>\"TransfereGOV\",VTOTAL1,SUM(OFFSET(CÁLCULO!$AA$15,ROW($X674)-ROW($X$15),1):OFFSET(CÁLCULO!$AL$15,ROW($X674)-ROW($X$15),-1))),IF($C674=0,0,ROUND(SomaAgrup,15-13*$AF$11)))","v":24215.4},"RA","RA",{"$f":"IF($C674=\"S\",IF($Z674=\"CP\",$X674,IF($Z674=\"RA\",(($X674)*QCI!$AA$3),0)),SomaAgrup)","v":862.38308205515307},0,{"$f":"IF($N674=\"\",\"\",IF(ORÇAMENTO.Descricao=\"\",\"DESCRIÇÃO\",IF(AND($C674=\"S\",ORÇAMENTO.Unidade=\"\"),\"UNIDADE\",IF($X674<0,\"VALOR NEGATIVO\",IF(OR(AND(TIPOORCAMENTO=\"Proposto\",$AG674<>\"\",$AG674>0,ORÇAMENTO.CustoUnitario>$AG674),AND(TIPOORCAMENTO=\"LICITADO\",ORÇAMENTO.PrecoUnitarioLicitado>$AN674)),\"ACIMA REF.\",\"\")))))","v":""},{"$f":"IF(C674<=CRONO.NivelExibicao,MAX($AD$15:OFFSET(AD674,-1,0))+IF($C674<>1,1,MAX(1,COUNTIF(QCI!$A$13:$A$41,OFFSET($E674,-1,0)))),\"\")","v":""},{"$f":"IF(AND($C674=\"S\",ORÇAMENTO.CodBarra<>\"\"),IF(ORÇAMENTO.Fonte=\"\",ORÇAMENTO.CodBarra,CONCATENATE(ORÇAMENTO.Fonte,\" \",ORÇAMENTO.CodBarra)))","v":"SINAPI 101965"},{"$f":"IF(ISERROR(INDIRECT(ORÇAMENTO.BancoRef)),\"(abra o arquivo 'Referência \"&Excel_BuiltIn_Database&\".xlsm)\",IF(OR($C674<>\"S\",ORÇAMENTO.CodBarra=\"\"),\"(Sem Código)\",IF(ISERROR(MATCH($AE674,INDIRECT(ORÇAMENTO.BancoRef),0)),\"(Código não identificado nas referências)\",MATCH($AE674,INDIRECT(ORÇAMENTO.BancoRef),0))))","v":6865},{"$f":"ROUND(IF(DESONERACAO=\"sim\",REFERENCIA.Desonerado,REFERENCIA.NaoDesonerado),2)","v":146.76},0.25,null,132,null,null,24215.4,183.45]
["S",2,"S",0,{"$f":"IF($C675=1,OFFSET(E675,-1,0)+MAX(1,COUNTIF(QCI!$A$13:$A$41,OFFSET(ORÇAMENTO!E675,-1,0))),OFFSET(E675,-1,0))","v":24},1,0,0,7,0,{"$f":"IF(OR($C675=\"S\",$C675=0),0,MATCH(OFFSET($D675,0,$C675)+IF($C675<>1,1,COUNTIF(QCI!$A$13:$A$41,ORÇAMENTO!E675)),OFFSET($D675,1,$C675,ROW($C$744)-ROW($C675)),0))","v":0},"F","Serviço","Serviço","24.1.7.","SINAPI","FNDE 351","PEITORIL EM GRANITO CINZA ANDORINHA, L = 15CM, COMPRIMENTO DE ATÉ 2M, ASSENTADO COM ARGAMASSA 1:6 COM ADITIVO - CHUVEIRO.","UN",{"$f":"OFFSET(CÁLCULO!H$15,ROW($T675)-ROW(T$15),0)","v":8.4499999999999993},146.78,"BDI 1",{"$f":"IF($C675=\"S\",ROUND(IF(TIPOORCAMENTO=\"Proposto\",ORÇAMENTO.CustoUnitario*(1+$AH675),ORÇAMENTO.PrecoUnitarioLicitado),15-13*$AF$10),0)","v":183.48},{"$f":"IF($C675=\"S\",IF(Import.TipoArredondamento<>\"TransfereGOV\",VTOTAL1,SUM(OFFSET(CÁLCULO!$AA$15,ROW($X675)-ROW($X$15),1):OFFSET(CÁLCULO!$AL$15,ROW($X675)-ROW($X$15),-1))),IF($C675=0,0,ROUND(SomaAgrup,15-13*$AF$11)))","v":1550.41},"RA","RA",{"$f":"IF($C675=\"S\",IF($Z675=\"CP\",$X675,IF($Z675=\"RA\",(($X675)*QCI!$AA$3),0)),SomaAgrup)","v":55.214754009809042},0,{"$f":"IF($N675=\"\",\"\",IF(ORÇAMENTO.Descricao=\"\",\"DESCRIÇÃO\",IF(AND($C675=\"S\",ORÇAMENTO.Unidade=\"\"),\"UNIDADE\",IF($X675<0,\"VALOR NEGATIVO\",IF(OR(AND(TIPOORCAMENTO=\"Proposto\",$AG675<>\"\",$AG675>0,ORÇAMENTO.CustoUnitario>$AG675),AND(TIPOORCAMENTO=\"LICITADO\",ORÇAMENTO.PrecoUnitarioLicitado>$AN675)),\"ACIMA REF.\",\"\")))))","v":""},{"$f":"IF(C675<=CRONO.NivelExibicao,MAX($AD$15:OFFSET(AD675,-1,0))+IF($C675<>1,1,MAX(1,COUNTIF(QCI!$A$13:$A$41,OFFSET($E675,-1,0)))),\"\")","v":""},{"$f":"IF(AND($C675=\"S\",ORÇAMENTO.CodBarra<>\"\"),IF(ORÇAMENTO.Fonte=\"\",ORÇAMENTO.CodBarra,CONCATENATE(ORÇAMENTO.Fonte,\" \",ORÇAMENTO.CodBarra)))","v":"SINAPI FNDE 351"},{"$f":"IF(ISERROR(INDIRECT(ORÇAMENTO.BancoRef)),\"(abra o arquivo 'Referência \"&Excel_BuiltIn_Database&\".xlsm)\",IF(OR($C675<>\"S\",ORÇAMENTO.CodBarra=\"\"),\"(Sem Código)\",IF(ISERROR(MATCH($AE675,INDIRECT(ORÇAMENTO.BancoRef),0)),\"(Código não identificado nas referências)\",MATCH($AE675,INDIRECT(ORÇAMENTO.BancoRef),0))))","v":"(Código não identificado nas referências)"},{"$f":"ROUND(IF(DESONERACAO=\"sim\",REFERENCIA.Desonerado,REFERENCIA.NaoDesonerado),2)","v":0},0.25,null,8.4499999999999993,null,null,1550.41,183.48]
["S",2,"S",0,{"$f":"IF($C676=1,OFFSET(E676,-1,0)+MAX(1,COUNTIF(QCI!$A$13:$A$41,OFFSET(ORÇAMENTO!E676,-1,0))),OFFSET(E676,-1,0))","v":24},1,0,0,8,0,{"$f":"IF(OR($C676=\"S\",$C676=0),0,MATCH(OFFSET($D676,0,$C676)+IF($C676<>1,1,COUNTIF(QCI!$A$13:$A$41,ORÇAMENTO!E676)),OFFSET($D676,1,$C676,ROW($C$744)-ROW($C676)),0))","v":0},"F","Serviço","Serviço","24.1.8.","SINAPI","100861","SUPORTE MÃO FRANCESA EM AÇO, ABAS IGUAIS 30 CM, CAPACIDADE MINIMA 60 KG, BRANCO - FORNECIMENTO E INSTALAÇÃO. AF_01/2020",{"$f":"REFERENCIA.Unidade","v":"UN"},{"$f":"OFFSET(CÁLCULO!H$15,ROW($T676)-ROW(T$15),0)","v":301},46.77,"BDI 1",{"$f":"IF($C676=\"S\",ROUND(IF(TIPOORCAMENTO=\"Proposto\",ORÇAMENTO.CustoUnitario*(1+$AH676),ORÇAMENTO.PrecoUnitarioLicitado),15-13*$AF$10),0)","v":58.46},{"$f":"IF($C676=\"S\",IF(Import.TipoArredondamento<>\"TransfereGOV\",VTOTAL1,SUM(OFFSET(CÁLCULO!$AA$15,ROW($X676)-ROW($X$15),1):OFFSET(CÁLCULO!$AL$15,ROW($X676)-ROW($X$15),-1))),IF($C676=0,0,ROUND(SomaAgrup,15-13*$AF$11)))","v":17596.46},"RA","RA",{"$f":"IF($C676=\"S\",IF($Z676=\"CP\",$X676,IF($Z676=\"RA\",(($X676)*QCI!$AA$3),0)),SomaAgrup)","v":626.66276039463389},0,{"$f":"IF($N676=\"\",\"\",IF(ORÇAMENTO.Descricao=\"\",\"DESCRIÇÃO\",IF(AND($C676=\"S\",ORÇAMENTO.Unidade=\"\"),\"UNIDADE\",IF($X676<0,\"VALOR NEGATIVO\",IF(OR(AND(TIPOORCAMENTO=\"Proposto\",$AG676<>\"\",$AG676>0,ORÇAMENTO.CustoUnitario>$AG676),AND(TIPOORCAMENTO=\"LICITADO\",ORÇAMENTO.PrecoUnitarioLicitado>$AN676)),\"ACIMA REF.\",\"\")))))","v":""},{"$f":"IF(C676<=CRONO.NivelExibicao,MAX($AD$15:OFFSET(AD676,-1,0))+IF($C676<>1,1,MAX(1,COUNTIF(QCI!$A$13:$A$41,OFFSET($E676,-1,0)))),\"\")","v":""},{"$f":"IF(AND($C676=\"S\",ORÇAMENTO.CodBarra<>\"\"),IF(ORÇAMENTO.Fonte=\"\",ORÇAMENTO.CodBarra,CONCATENATE(ORÇAMENTO.Fonte,\" \",ORÇAMENTO.CodBarra)))","v":"SINAPI 100861"},{"$f":"IF(ISERROR(INDIRECT(ORÇAMENTO.BancoRef)),\"(abra o arquivo 'Referência \"&Excel_BuiltIn_Database&\".xlsm)\",IF(OR($C676<>\"S\",ORÇAMENTO.CodBarra=\"\"),\"(Sem Código)\",IF(ISERROR(MATCH($AE676,INDIRECT(ORÇAMENTO.BancoRef),0)),\"(Código não identificado nas referências)\",MATCH($AE676,INDIRECT(ORÇAMENTO.BancoRef),0))))","v":5396},{"$f":"ROUND(IF(DESONERACAO=\"sim\",REFERENCIA.Desonerado,REFERENCIA.NaoDesonerado),2)","v":46.77},0.25,null,301,null,null,17596.46,58.46]
["S",2,"S",0,{"$f":"IF($C677=1,OFFSET(E677,-1,0)+MAX(1,COUNTIF(QCI!$A$13:$A$41,OFFSET(ORÇAMENTO!E677,-1,0))),OFFSET(E677,-1,0))","v":24},1,0,0,9,0,{"$f":"IF(OR($C677=\"S\",$C677=0),0,MATCH(OFFSET($D677,0,$C677)+IF($C677<>1,1,COUNTIF(QCI!$A$13:$A$41,ORÇAMENTO!E677)),OFFSET($D677,1,$C677,ROW($C$744)-ROW($C677)),0))","v":0},"F","Serviço","Serviço","24.1.9.","SINAPI","99856","BARRA DE APOIO EM INOX, DIAMETRO MINIMO 3 CM, EM AÇO INOX","UN",{"$f":"OFFSET(CÁLCULO!H$15,ROW($T677)-ROW(T$15),0)","v":23.86},146.78,"BDI 1",{"$f":"IF($C677=\"S\",ROUND(IF(TIPOORCAMENTO=\"Proposto\",ORÇAMENTO.CustoUnitario*(1+$AH677),ORÇAMENTO.PrecoUnitarioLicitado),15-13*$AF$10),0)","v":183.48},{"$f":"IF($C677=\"S\",IF(Import.TipoArredondamento<>\"TransfereGOV\",VTOTAL1,SUM(OFFSET(CÁLCULO!$AA$15,ROW($X677)-ROW($X$15),1):OFFSET(CÁLCULO!$AL$15,ROW($X677)-ROW($X$15),-1))),IF($C677=0,0,ROUND(SomaAgrup,15-13*$AF$11)))","v":4377.83},"RA","RA",{"$f":"IF($C677=\"S\",IF($Z677=\"CP\",$X677,IF($Z677=\"RA\",(($X677)*QCI!$AA$3),0)),SomaAgrup)","v":155.90766735686836},0,{"$f":"IF($N677=\"\",\"\",IF(ORÇAMENTO.Descricao=\"\",\"DESCRIÇÃO\",IF(AND($C677=\"S\",ORÇAMENTO.Unidade=\"\"),\"UNIDADE\",IF($X677<0,\"VALOR NEGATIVO\",IF(OR(AND(TIPOORCAMENTO=\"Proposto\",$AG677<>\"\",$AG677>0,ORÇAMENTO.CustoUnitario>$AG677),AND(TIPOORCAMENTO=\"LICITADO\",ORÇAMENTO.PrecoUnitarioLicitado>$AN677)),\"ACIMA REF.\",\"\")))))","v":""},{"$f":"IF(C677<=CRONO.NivelExibicao,MAX($AD$15:OFFSET(AD677,-1,0))+IF($C677<>1,1,MAX(1,COUNTIF(QCI!$A$13:$A$41,OFFSET($E677,-1,0)))),\"\")","v":""},{"$f":"IF(AND($C677=\"S\",ORÇAMENTO.CodBarra<>\"\"),IF(ORÇAMENTO.Fonte=\"\",ORÇAMENTO.CodBarra,CONCATENATE(ORÇAMENTO.Fonte,\" \",ORÇAMENTO.CodBarra)))","v":"SINAPI 99856"},{"$f":"IF(ISERROR(INDIRECT(ORÇAMENTO.BancoRef)),\"(abra o arquivo 'Referência \"&Excel_BuiltIn_Database&\".xlsm)\",IF(OR($C677<>\"S\",ORÇAMENTO.CodBarra=\"\"),\"(Sem Código)\",IF(ISERROR(MATCH($AE677,INDIRECT(ORÇAMENTO.BancoRef),0)),\"(Código não identificado nas referências)\",MATCH($AE677,INDIRECT(ORÇAMENTO.BancoRef),0))))","v":"(Código não identificado nas referências)"},{"$f":"ROUND(IF(DESONERACAO=\"sim\",REFERENCIA.Desonerado,REFERENCIA.NaoDesonerado),2)","v":0},0.25,null,23.86,null,null,4377.83,183.48]
["S",2,"S",0,{"$f":"IF($C678=1,OFFSET(E678,-1,0)+MAX(1,COUNTIF(QCI!$A$13:$A$41,OFFSET(ORÇAMENTO!E678,-1,0))),OFFSET(E678,-1,0))","v":24},1,0,0,10,0,{"$f":"IF(OR($C678=\"S\",$C678=0),0,MATCH(OFFSET($D678,0,$C678)+IF($C678<>1,1,COUNTIF(QCI!$A$13:$A$41,ORÇAMENTO!E678)),OFFSET($D678,1,$C678,ROW($C$744)-ROW($C678)),0))","v":0},"F","Serviço","Serviço","24.1.10.","SINAPI","FNDE 51","BANCO DE CONCRETO SEM ENCOSTO, DIM. 2,50 X 0,60 M","UN",{"$f":"OFFSET(CÁLCULO!H$15,ROW($T678)-ROW(T$15),0)","v":5.44},594.66999999999996,"BDI 1",{"$f":"IF($C678=\"S\",ROUND(IF(TIPOORCAMENTO=\"Proposto\",ORÇAMENTO.CustoUnitario*(1+$AH678),ORÇAMENTO.PrecoUnitarioLicitado),15-13*$AF$10),0)","v":743.34},{"$f":"IF($C678=\"S\",IF(Import.TipoArredondamento<>\"TransfereGOV\",VTOTAL1,SUM(OFFSET(CÁLCULO!$AA$15,ROW($X678)-ROW($X$15),1):OFFSET(CÁLCULO!$AL$15,ROW($X678)-ROW($X$15),-1))),IF($C678=0,0,ROUND(SomaAgrup,15-13*$AF$11)))","v":4043.77},"RA","RA",{"$f":"IF($C678=\"S\",IF($Z678=\"CP\",$X678,IF($Z678=\"RA\",(($X678)*QCI!$AA$3),0)),SomaAgrup)","v":144.01078799946174},0,{"$f":"IF($N678=\"\",\"\",IF(ORÇAMENTO.Descricao=\"\",\"DESCRIÇÃO\",IF(AND($C678=\"S\",ORÇAMENTO.Unidade=\"\"),\"UNIDADE\",IF($X678<0,\"VALOR NEGATIVO\",IF(OR(AND(TIPOORCAMENTO=\"Proposto\",$AG678<>\"\",$AG678>0,ORÇAMENTO.CustoUnitario>$AG678),AND(TIPOORCAMENTO=\"LICITADO\",ORÇAMENTO.PrecoUnitarioLicitado>$AN678)),\"ACIMA REF.\",\"\")))))","v":""},{"$f":"IF(C678<=CRONO.NivelExibicao,MAX($AD$15:OFFSET(AD678,-1,0))+IF($C678<>1,1,MAX(1,COUNTIF(QCI!$A$13:$A$41,OFFSET($E678,-1,0)))),\"\")","v":""},{"$f":"IF(AND($C678=\"S\",ORÇAMENTO.CodBarra<>\"\"),IF(ORÇAMENTO.Fonte=\"\",ORÇAMENTO.CodBarra,CONCATENATE(ORÇAMENTO.Fonte,\" \",ORÇAMENTO.CodBarra)))","v":"SINAPI FNDE 51"},{"$f":"IF(ISERROR(INDIRECT(ORÇAMENTO.BancoRef)),\"(abra o arquivo 'Referência \"&Excel_BuiltIn_Database&\".xlsm)\",IF(OR($C678<>\"S\",ORÇAMENTO.CodBarra=\"\"),\"(Sem Código)\",IF(ISERROR(MATCH($AE678,INDIRECT(ORÇAMENTO.BancoRef),0)),\"(Código não identificado nas referências)\",MATCH($AE678,INDIRECT(ORÇAMENTO.BancoRef),0))))","v":"(Código não identificado nas referências)"},{"$f":"ROUND(IF(DESONERACAO=\"sim\",REFERENCIA.Desonerado,REFERENCIA.NaoDesonerado),2)","v":0},0.25,null,5.44,null,null,4043.77,743.34]
[1,1,1,39,{"$f":"IF($C679=1,OFFSET(E679,-1,0)+MAX(1,COUNTIF(QCI!$A$13:$A$41,OFFSET(ORÇAMENTO!E679,-1,0))),OFFSET(E679,-1,0))","v":25},0,0,0,0,65,{"$f":"IF(OR($C679=\"S\",$C679=0),0,MATCH(OFFSET($D679,0,$C679)+IF($C679<>1,1,COUNTIF(QCI!$A$13:$A$41,ORÇAMENTO!E679)),OFFSET($D679,1,$C679,ROW($C$744)-ROW($C679)),0))","v":39},"F","Meta","Meta","25.","SINAPI",null,"FECHAMENTO - MURO",{"$f":"REFERENCIA.Unidade","v":"-"},{"$f":"OFFSET(CÁLCULO!H$15,ROW($T679)-ROW(T$15),0)","v":0},null,"BDI 1",{"$f":"IF($C679=\"S\",ROUND(IF(TIPOORCAMENTO=\"Proposto\",ORÇAMENTO.CustoUnitario*(1+$AH679),ORÇAMENTO.PrecoUnitarioLicitado),15-13*$AF$10),0)","v":0},{"$f":"IF($C679=\"S\",IF(Import.TipoArredondamento<>\"TransfereGOV\",VTOTAL1,SUM(OFFSET(CÁLCULO!$AA$15,ROW($X679)-ROW($X$15),1):OFFSET(CÁLCULO!$AL$15,ROW($X679)-ROW($X$15),-1))),IF($C679=0,0,ROUND(SomaAgrup,15-13*$AF$11)))","v":191400.91},"RA","",{"$f":"IF($C679=\"S\",IF($Z679=\"CP\",$X679,IF($Z679=\"RA\",(($X679)*QCI!$AA$3),0)),SomaAgrup)","v":6816.360938657258},0,{"$f":"IF($N679=\"\",\"\",IF(ORÇAMENTO.Descricao=\"\",\"DESCRIÇÃO\",IF(AND($C679=\"S\",ORÇAMENTO.Unidade=\"\"),\"UNIDADE\",IF($X679<0,\"VALOR NEGATIVO\",IF(OR(AND(TIPOORCAMENTO=\"Proposto\",$AG679<>\"\",$AG679>0,ORÇAMENTO.CustoUnitario>$AG679),AND(TIPOORCAMENTO=\"LICITADO\",ORÇAMENTO.PrecoUnitarioLicitado>$AN679)),\"ACIMA REF.\",\"\")))))","v":""},{"$f":"IF(C679<=CRONO.NivelExibicao,MAX($AD$15:OFFSET(AD679,-1,0))+IF($C679<>1,1,MAX(1,COUNTIF(QCI!$A$13:$A$41,OFFSET($E679,-1,0)))),\"\")","v":92},{"$f":"IF(AND($C679=\"S\",ORÇAMENTO.CodBarra<>\"\"),IF(ORÇAMENTO.Fonte=\"\",ORÇAMENTO.CodBarra,CONCATENATE(ORÇAMENTO.Fonte,\" \",ORÇAMENTO.CodBarra)))","v":false},{"$f":"IF(ISERROR(INDIRECT(ORÇAMENTO.BancoRef)),\"(abra o arquivo 'Referência \"&Excel_BuiltIn_Database&\".xlsm)\",IF(OR($C679<>\"S\",ORÇAMENTO.CodBarra=\"\"),\"(Sem Código)\",IF(ISERROR(MATCH($AE679,INDIRECT(ORÇAMENTO.BancoRef),0)),\"(Código não identificado nas referências)\",MATCH($AE679,INDIRECT(ORÇAMENTO.BancoRef),0))))","v":"(Sem Código)"},{"$f":"ROUND(IF(DESONERACAO=\"sim\",REFERENCIA.Desonerado,REFERENCIA.NaoDesonerado),2)","v":0},0.25,null,null,null,null,191400.91,0]
[2,2,2,4,{"$f":"IF($C680=1,OFFSET(E680,-1,0)+MAX(1,COUNTIF(QCI!$A$13:$A$41,OFFSET(ORÇAMENTO!E680,-1,0))),OFFSET(E680,-1,0))","v":25},1,0,0,0,38,{"$f":"IF(OR($C680=\"S\",$C680=0),0,MATCH(OFFSET($D680,0,$C680)+IF($C680<>1,1,COUNTIF(QCI!$A$13:$A$41,ORÇAMENTO!E680)),OFFSET($D680,1,$C680,ROW($C$744)-ROW($C680)),0))","v":4},"F","Nível 2","Nível 2","25.1.","SINAPI",null,"Movimento de terra p fundações",{"$f":"REFERENCIA.Unidade","v":"-"},{"$f":"OFFSET(CÁLCULO!H$15,ROW($T680)-ROW(T$15),0)","v":0},null,"BDI 1",{"$f":"IF($C680=\"S\",ROUND(IF(TIPOORCAMENTO=\"Proposto\",ORÇAMENTO.CustoUnitario*(1+$AH680),ORÇAMENTO.PrecoUnitarioLicitado),15-13*$AF$10),0)","v":0},{"$f":"IF($C680=\"S\",IF(Import.TipoArredondamento<>\"TransfereGOV\",VTOTAL1,SUM(OFFSET(CÁLCULO!$AA$15,ROW($X680)-ROW($X$15),1):OFFSET(CÁLCULO!$AL$15,ROW($X680)-ROW($X$15),-1))),IF($C680=0,0,ROUND(SomaAgrup,15-13*$AF$11)))","v":1982.16},"RA","",{"$f":"IF($C680=\"S\",IF($Z680=\"CP\",$X680,IF($Z680=\"RA\",(($X680)*QCI!$AA$3),0)),SomaAgrup)","v":70.590667506068129},0,{"$f":"IF($N680=\"\",\"\",IF(ORÇAMENTO.Descricao=\"\",\"DESCRIÇÃO\",IF(AND($C680=\"S\",ORÇAMENTO.Unidade=\"\"),\"UNIDADE\",IF($X680<0,\"VALOR NEGATIVO\",IF(OR(AND(TIPOORCAMENTO=\"Proposto\",$AG680<>\"\",$AG680>0,ORÇAMENTO.CustoUnitario>$AG680),AND(TIPOORCAMENTO=\"LICITADO\",ORÇAMENTO.PrecoUnitarioLicitado>$AN680)),\"ACIMA REF.\",\"\")))))","v":""},{"$f":"IF(C680<=CRONO.NivelExibicao,MAX($AD$15:OFFSET(AD680,-1,0))+IF($C680<>1,1,MAX(1,COUNTIF(QCI!$A$13:$A$41,OFFSET($E680,-1,0)))),\"\")","v":93},{"$f":"IF(AND($C680=\"S\",ORÇAMENTO.CodBarra<>\"\"),IF(ORÇAMENTO.Fonte=\"\",ORÇAMENTO.CodBarra,CONCATENATE(ORÇAMENTO.Fonte,\" \",ORÇAMENTO.CodBarra)))","v":false},{"$f":"IF(ISERROR(INDIRECT(ORÇAMENTO.BancoRef)),\"(abra o arquivo 'Referência \"&Excel_BuiltIn_Database&\".xlsm)\",IF(OR($C680<>\"S\",ORÇAMENTO.CodBarra=\"\"),\"(Sem Código)\",IF(ISERROR(MATCH($AE680,INDIRECT(ORÇAMENTO.BancoRef),0)),\"(Código não identificado nas referências)\",MATCH($AE680,INDIRECT(ORÇAMENTO.BancoRef),0))))","v":"(Sem Código)"},{"$f":"ROUND(IF(DESONERACAO=\"sim\",REFERENCIA.Desonerado,REFERENCIA.NaoDesonerado),2)","v":0},0.25,null,null,null,null,1982.16,0]
["S",2,"S",0,{"$f":"IF($C681=1,OFFSET(E681,-1,0)+MAX(1,COUNTIF(QCI!$A$13:$A$41,OFFSET(ORÇAMENTO!E681,-1,0))),OFFSET(E681,-1,0))","v":25},1,0,0,1,0,{"$f":"IF(OR($C681=\"S\",$C681=0),0,MATCH(OFFSET($D681,0,$C681)+IF($C681<>1,1,COUNTIF(QCI!$A$13:$A$41,ORÇAMENTO!E681)),OFFSET($D681,1,$C681,ROW($C$744)-ROW($C681)),0))","v":0},"F","Serviço","Serviço","25.1.1.","SINAPI","101617","PREPARO DE FUNDO DE VALA COM LARGURA MAIOR OU IGUAL A 1,5 M E MENOR QUE 2,5 M (ACERTO DO SOLO NATURAL). AF_08/2020",{"$f":"REFERENCIA.Unidade","v":"M2"},{"$f":"OFFSET(CÁLCULO!H$15,ROW($T681)-ROW(T$15),0)","v":36.54},{"$f":"ROUND(IF(DESONERACAO=\"sim\",REFERENCIA.Desonerado,REFERENCIA.NaoDesonerado),2)","v":3.29},"BDI 1",{"$f":"IF($C681=\"S\",ROUND(IF(TIPOORCAMENTO=\"Proposto\",ORÇAMENTO.CustoUnitario*(1+$AH681),ORÇAMENTO.PrecoUnitarioLicitado),15-13*$AF$10),0)","v":4.1100000000000003},{"$f":"IF($C681=\"S\",IF(Import.TipoArredondamento<>\"TransfereGOV\",VTOTAL1,SUM(OFFSET(CÁLCULO!$AA$15,ROW($X681)-ROW($X$15),1):OFFSET(CÁLCULO!$AL$15,ROW($X681)-ROW($X$15),-1))),IF($C681=0,0,ROUND(SomaAgrup,15-13*$AF$11)))","v":150.18},"RA","RA",{"$f":"IF($C681=\"S\",IF($Z681=\"CP\",$X681,IF($Z681=\"RA\",(($X681)*QCI!$AA$3),0)),SomaAgrup)","v":5.3483605995788999},0,{"$f":"IF($N681=\"\",\"\",IF(ORÇAMENTO.Descricao=\"\",\"DESCRIÇÃO\",IF(AND($C681=\"S\",ORÇAMENTO.Unidade=\"\"),\"UNIDADE\",IF($X681<0,\"VALOR NEGATIVO\",IF(OR(AND(TIPOORCAMENTO=\"Proposto\",$AG681<>\"\",$AG681>0,ORÇAMENTO.CustoUnitario>$AG681),AND(TIPOORCAMENTO=\"LICITADO\",ORÇAMENTO.PrecoUnitarioLicitado>$AN681)),\"ACIMA REF.\",\"\")))))","v":""},{"$f":"IF(C681<=CRONO.NivelExibicao,MAX($AD$15:OFFSET(AD681,-1,0))+IF($C681<>1,1,MAX(1,COUNTIF(QCI!$A$13:$A$41,OFFSET($E681,-1,0)))),\"\")","v":""},{"$f":"IF(AND($C681=\"S\",ORÇAMENTO.CodBarra<>\"\"),IF(ORÇAMENTO.Fonte=\"\",ORÇAMENTO.CodBarra,CONCATENATE(ORÇAMENTO.Fonte,\" \",ORÇAMENTO.CodBarra)))","v":"SINAPI 101617"},{"$f":"IF(ISERROR(INDIRECT(ORÇAMENTO.BancoRef)),\"(abra o arquivo 'Referência \"&Excel_BuiltIn_Database&\".xlsm)\",IF(OR($C681<>\"S\",ORÇAMENTO.CodBarra=\"\"),\"(Sem Código)\",IF(ISERROR(MATCH($AE681,INDIRECT(ORÇAMENTO.BancoRef),0)),\"(Código não identificado nas referências)\",MATCH($AE681,INDIRECT(ORÇAMENTO.BancoRef),0))))","v":5985},{"$f":"ROUND(IF(DESONERACAO=\"sim\",REFERENCIA.Desonerado,REFERENCIA.NaoDesonerado),2)","v":3.29},0.25,null,36.54,null,null,150.18,4.1100000000000003]
["S",2,"S",0,{"$f":"IF($C682=1,OFFSET(E682,-1,0)+MAX(1,COUNTIF(QCI!$A$13:$A$41,OFFSET(ORÇAMENTO!E682,-1,0))),OFFSET(E682,-1,0))","v":25},1,0,0,2,0,{"$f":"IF(OR($C682=\"S\",$C682=0),0,MATCH(OFFSET($D682,0,$C682)+IF($C682<>1,1,COUNTIF(QCI!$A$13:$A$41,ORÇAMENTO!E682)),OFFSET($D682,1,$C682,ROW($C$744)-ROW($C682)),0))","v":0},"F","Serviço","Serviço","25.1.2.","SINAPI","93381","REATERRO MECANIZADO DE VALA COM RETROESCAVADEIRA (CAPACIDADE DA CAÇAMBA   DA RETRO: 0,26 M³/POTÊNCIA: 88 HP), LARGURA 0,8 A 1,5 M, PROFUNDIDADE 1,5 A 3,0 M, COM SOLO (SEM SUBSTITUIÇÃO) DE 1ª CATEGORIA E COMPACTADOR DE SOLOS DE PERCUSSÃO. AF_08/2023",{"$f":"REFERENCIA.Unidade","v":"M3"},{"$f":"OFFSET(CÁLCULO!H$15,ROW($T682)-ROW(T$15),0)","v":14.59},{"$f":"ROUND(IF(DESONERACAO=\"sim\",REFERENCIA.Desonerado,REFERENCIA.NaoDesonerado),2)","v":14.3},"BDI 1",{"$f":"IF($C682=\"S\",ROUND(IF(TIPOORCAMENTO=\"Proposto\",ORÇAMENTO.CustoUnitario*(1+$AH682),ORÇAMENTO.PrecoUnitarioLicitado),15-13*$AF$10),0)","v":17.88},{"$f":"IF($C682=\"S\",IF(Import.TipoArredondamento<>\"TransfereGOV\",VTOTAL1,SUM(OFFSET(CÁLCULO!$AA$15,ROW($X682)-ROW($X$15),1):OFFSET(CÁLCULO!$AL$15,ROW($X682)-ROW($X$15),-1))),IF($C682=0,0,ROUND(SomaAgrup,15-13*$AF$11)))","v":260.87},"RA","RA",{"$f":"IF($C682=\"S\",IF($Z682=\"CP\",$X682,IF($Z682=\"RA\",(($X682)*QCI!$AA$3),0)),SomaAgrup)","v":9.2903637609012346},0,{"$f":"IF($N682=\"\",\"\",IF(ORÇAMENTO.Descricao=\"\",\"DESCRIÇÃO\",IF(AND($C682=\"S\",ORÇAMENTO.Unidade=\"\"),\"UNIDADE\",IF($X682<0,\"VALOR NEGATIVO\",IF(OR(AND(TIPOORCAMENTO=\"Proposto\",$AG682<>\"\",$AG682>0,ORÇAMENTO.CustoUnitario>$AG682),AND(TIPOORCAMENTO=\"LICITADO\",ORÇAMENTO.PrecoUnitarioLicitado>$AN682)),\"ACIMA REF.\",\"\")))))","v":""},{"$f":"IF(C682<=CRONO.NivelExibicao,MAX($AD$15:OFFSET(AD682,-1,0))+IF($C682<>1,1,MAX(1,COUNTIF(QCI!$A$13:$A$41,OFFSET($E682,-1,0)))),\"\")","v":""},{"$f":"IF(AND($C682=\"S\",ORÇAMENTO.CodBarra<>\"\"),IF(ORÇAMENTO.Fonte=\"\",ORÇAMENTO.CodBarra,CONCATENATE(ORÇAMENTO.Fonte,\" \",ORÇAMENTO.CodBarra)))","v":"SINAPI 93381"},{"$f":"IF(ISERROR(INDIRECT(ORÇAMENTO.BancoRef)),\"(abra o arquivo 'Referência \"&Excel_BuiltIn_Database&\".xlsm)\",IF(OR($C682<>\"S\",ORÇAMENTO.CodBarra=\"\"),\"(Sem Código)\",IF(ISERROR(MATCH($AE682,INDIRECT(ORÇAMENTO.BancoRef),0)),\"(Código não identificado nas referências)\",MATCH($AE682,INDIRECT(ORÇAMENTO.BancoRef),0))))","v":5963},{"$f":"ROUND(IF(DESONERACAO=\"sim\",REFERENCIA.Desonerado,REFERENCIA.NaoDesonerado),2)","v":14.3},0.25,null,14.59,null,null,260.87,17.88]
["S",2,"S",0,{"$f":"IF($C683=1,OFFSET(E683,-1,0)+MAX(1,COUNTIF(QCI!$A$13:$A$41,OFFSET(ORÇAMENTO!E683,-1,0))),OFFSET(E683,-1,0))","v":25},1,0,0,3,0,{"$f":"IF(OR($C683=\"S\",$C683=0),0,MATCH(OFFSET($D683,0,$C683)+IF($C683<>1,1,COUNTIF(QCI!$A$13:$A$41,ORÇAMENTO!E683)),OFFSET($D683,1,$C683,ROW($C$744)-ROW($C683)),0))","v":0},"F","Serviço","Serviço","25.1.3.","SINAPI","96521","ESCAVAÇÃO MECANIZADA PARA BLOCO DE COROAMENTO OU SAPATA COM RETROESCAVADEIRA (INCLUINDO ESCAVAÇÃO PARA COLOCAÇÃO DE FÔRMAS). AF_01/2024",{"$f":"REFERENCIA.Unidade","v":"M3"},{"$f":"OFFSET(CÁLCULO!H$15,ROW($T683)-ROW(T$15),0)","v":29.23},{"$f":"ROUND(IF(DESONERACAO=\"sim\",REFERENCIA.Desonerado,REFERENCIA.NaoDesonerado),2)","v":43},"BDI 1",{"$f":"IF($C683=\"S\",ROUND(IF(TIPOORCAMENTO=\"Proposto\",ORÇAMENTO.CustoUnitario*(1+$AH683),ORÇAMENTO.PrecoUnitarioLicitado),15-13*$AF$10),0)","v":53.75},{"$f":"IF($C683=\"S\",IF(Import.TipoArredondamento<>\"TransfereGOV\",VTOTAL1,SUM(OFFSET(CÁLCULO!$AA$15,ROW($X683)-ROW($X$15),1):OFFSET(CÁLCULO!$AL$15,ROW($X683)-ROW($X$15),-1))),IF($C683=0,0,ROUND(SomaAgrup,15-13*$AF$11)))","v":1571.11},"RA","RA",{"$f":"IF($C683=\"S\",IF($Z683=\"CP\",$X683,IF($Z683=\"RA\",(($X683)*QCI!$AA$3),0)),SomaAgrup)","v":55.95194314558799},0,{"$f":"IF($N683=\"\",\"\",IF(ORÇAMENTO.Descricao=\"\",\"DESCRIÇÃO\",IF(AND($C683=\"S\",ORÇAMENTO.Unidade=\"\"),\"UNIDADE\",IF($X683<0,\"VALOR NEGATIVO\",IF(OR(AND(TIPOORCAMENTO=\"Proposto\",$AG683<>\"\",$AG683>0,ORÇAMENTO.CustoUnitario>$AG683),AND(TIPOORCAMENTO=\"LICITADO\",ORÇAMENTO.PrecoUnitarioLicitado>$AN683)),\"ACIMA REF.\",\"\")))))","v":""},{"$f":"IF(C683<=CRONO.NivelExibicao,MAX($AD$15:OFFSET(AD683,-1,0))+IF($C683<>1,1,MAX(1,COUNTIF(QCI!$A$13:$A$41,OFFSET($E683,-1,0)))),\"\")","v":""},{"$f":"IF(AND($C683=\"S\",ORÇAMENTO.CodBarra<>\"\"),IF(ORÇAMENTO.Fonte=\"\",ORÇAMENTO.CodBarra,CONCATENATE(ORÇAMENTO.Fonte,\" \",ORÇAMENTO.CodBarra)))","v":"SINAPI 96521"},{"$f":"IF(ISERROR(INDIRECT(ORÇAMENTO.BancoRef)),\"(abra o arquivo 'Referência \"&Excel_BuiltIn_Database&\".xlsm)\",IF(OR($C683<>\"S\",ORÇAMENTO.CodBarra=\"\"),\"(Sem Código)\",IF(ISERROR(MATCH($AE683,INDIRECT(ORÇAMENTO.BancoRef),0)),\"(Código não identificado nas referências)\",MATCH($AE683,INDIRECT(ORÇAMENTO.BancoRef),0))))","v":5734},{"$f":"ROUND(IF(DESONERACAO=\"sim\",REFERENCIA.Desonerado,REFERENCIA.NaoDesonerado),2)","v":43},0.25,null,29.23,null,null,1571.11,53.75]
[2,2,2,6,{"$f":"IF($C684=1,OFFSET(E684,-1,0)+MAX(1,COUNTIF(QCI!$A$13:$A$41,OFFSET(ORÇAMENTO!E684,-1,0))),OFFSET(E684,-1,0))","v":25},2,0,0,0,34,{"$f":"IF(OR($C684=\"S\",$C684=0),0,MATCH(OFFSET($D684,0,$C684)+IF($C684<>1,1,COUNTIF(QCI!$A$13:$A$41,ORÇAMENTO!E684)),OFFSET($D684,1,$C684,ROW($C$744)-ROW($C684)),0))","v":6},"F","Nível 2","Nível 2","25.2.","SINAPI",null,"Concreto armado para estacas e blocos",{"$f":"REFERENCIA.Unidade","v":"-"},{"$f":"OFFSET(CÁLCULO!H$15,ROW($T684)-ROW(T$15),0)","v":0},null,"BDI 1",{"$f":"IF($C684=\"S\",ROUND(IF(TIPOORCAMENTO=\"Proposto\",ORÇAMENTO.CustoUnitario*(1+$AH684),ORÇAMENTO.PrecoUnitarioLicitado),15-13*$AF$10),0)","v":0},{"$f":"IF($C684=\"S\",IF(Import.TipoArredondamento<>\"TransfereGOV\",VTOTAL1,SUM(OFFSET(CÁLCULO!$AA$15,ROW($X684)-ROW($X$15),1):OFFSET(CÁLCULO!$AL$15,ROW($X684)-ROW($X$15),-1))),IF($C684=0,0,ROUND(SomaAgrup,15-13*$AF$11)))","v":33208.15},"RA","",{"$f":"IF($C684=\"S\",IF($Z684=\"CP\",$X684,IF($Z684=\"RA\",(($X684)*QCI!$AA$3),0)),SomaAgrup)","v":1182.6419033486884},0,{"$f":"IF($N684=\"\",\"\",IF(ORÇAMENTO.Descricao=\"\",\"DESCRIÇÃO\",IF(AND($C684=\"S\",ORÇAMENTO.Unidade=\"\"),\"UNIDADE\",IF($X684<0,\"VALOR NEGATIVO\",IF(OR(AND(TIPOORCAMENTO=\"Proposto\",$AG684<>\"\",$AG684>0,ORÇAMENTO.CustoUnitario>$AG684),AND(TIPOORCAMENTO=\"LICITADO\",ORÇAMENTO.PrecoUnitarioLicitado>$AN684)),\"ACIMA REF.\",\"\")))))","v":""},{"$f":"IF(C684<=CRONO.NivelExibicao,MAX($AD$15:OFFSET(AD684,-1,0))+IF($C684<>1,1,MAX(1,COUNTIF(QCI!$A$13:$A$41,OFFSET($E684,-1,0)))),\"\")","v":94},{"$f":"IF(AND($C684=\"S\",ORÇAMENTO.CodBarra<>\"\"),IF(ORÇAMENTO.Fonte=\"\",ORÇAMENTO.CodBarra,CONCATENATE(ORÇAMENTO.Fonte,\" \",ORÇAMENTO.CodBarra)))","v":false},{"$f":"IF(ISERROR(INDIRECT(ORÇAMENTO.BancoRef)),\"(abra o arquivo 'Referência \"&Excel_BuiltIn_Database&\".xlsm)\",IF(OR($C684<>\"S\",ORÇAMENTO.CodBarra=\"\"),\"(Sem Código)\",IF(ISERROR(MATCH($AE684,INDIRECT(ORÇAMENTO.BancoRef),0)),\"(Código não identificado nas referências)\",MATCH($AE684,INDIRECT(ORÇAMENTO.BancoRef),0))))","v":"(Sem Código)"},{"$f":"ROUND(IF(DESONERACAO=\"sim\",REFERENCIA.Desonerado,REFERENCIA.NaoDesonerado),2)","v":0},0.25,null,null,null,null,33208.15,0]
["S",2,"S",0,{"$f":"IF($C685=1,OFFSET(E685,-1,0)+MAX(1,COUNTIF(QCI!$A$13:$A$41,OFFSET(ORÇAMENTO!E685,-1,0))),OFFSET(E685,-1,0))","v":25},2,0,0,1,0,{"$f":"IF(OR($C685=\"S\",$C685=0),0,MATCH(OFFSET($D685,0,$C685)+IF($C685<>1,1,COUNTIF(QCI!$A$13:$A$41,ORÇAMENTO!E685)),OFFSET($D685,1,$C685,ROW($C$744)-ROW($C685)),0))","v":0},"F","Serviço","Serviço","25.2.1.","SINAPI","100899","ESTACA ESCAVADA MECANICAMENTE, SEM FLUIDO ESTABILIZANTE, COM 25CM DE DIÂMETRO, CONCRETO LANÇADO MANUALMENTE (EXCLUSIVE MOBILIZAÇÃO E DESMOBILIZAÇÃO). AF_01/2020_PA",{"$f":"REFERENCIA.Unidade","v":"M"},{"$f":"OFFSET(CÁLCULO!H$15,ROW($T685)-ROW(T$15),0)","v":192.5},93.01,"BDI 1",{"$f":"IF($C685=\"S\",ROUND(IF(TIPOORCAMENTO=\"Proposto\",ORÇAMENTO.CustoUnitario*(1+$AH685),ORÇAMENTO.PrecoUnitarioLicitado),15-13*$AF$10),0)","v":116.26},{"$f":"IF($C685=\"S\",IF(Import.TipoArredondamento<>\"TransfereGOV\",VTOTAL1,SUM(OFFSET(CÁLCULO!$AA$15,ROW($X685)-ROW($X$15),1):OFFSET(CÁLCULO!$AL$15,ROW($X685)-ROW($X$15),-1))),IF($C685=0,0,ROUND(SomaAgrup,15-13*$AF$11)))","v":22380.05},"RA","RA",{"$f":"IF($C685=\"S\",IF($Z685=\"CP\",$X685,IF($Z685=\"RA\",(($X685)*QCI!$AA$3),0)),SomaAgrup)","v":797.02075933283891},0,{"$f":"IF($N685=\"\",\"\",IF(ORÇAMENTO.Descricao=\"\",\"DESCRIÇÃO\",IF(AND($C685=\"S\",ORÇAMENTO.Unidade=\"\"),\"UNIDADE\",IF($X685<0,\"VALOR NEGATIVO\",IF(OR(AND(TIPOORCAMENTO=\"Proposto\",$AG685<>\"\",$AG685>0,ORÇAMENTO.CustoUnitario>$AG685),AND(TIPOORCAMENTO=\"LICITADO\",ORÇAMENTO.PrecoUnitarioLicitado>$AN685)),\"ACIMA REF.\",\"\")))))","v":""},{"$f":"IF(C685<=CRONO.NivelExibicao,MAX($AD$15:OFFSET(AD685,-1,0))+IF($C685<>1,1,MAX(1,COUNTIF(QCI!$A$13:$A$41,OFFSET($E685,-1,0)))),\"\")","v":""},{"$f":"IF(AND($C685=\"S\",ORÇAMENTO.CodBarra<>\"\"),IF(ORÇAMENTO.Fonte=\"\",ORÇAMENTO.CodBarra,CONCATENATE(ORÇAMENTO.Fonte,\" \",ORÇAMENTO.CodBarra)))","v":"SINAPI 100899"},{"$f":"IF(ISERROR(INDIRECT(ORÇAMENTO.BancoRef)),\"(abra o arquivo 'Referência \"&Excel_BuiltIn_Database&\".xlsm)\",IF(OR($C685<>\"S\",ORÇAMENTO.CodBarra=\"\"),\"(Sem Código)\",IF(ISERROR(MATCH($AE685,INDIRECT(ORÇAMENTO.BancoRef),0)),\"(Código não identificado nas referências)\",MATCH($AE685,INDIRECT(ORÇAMENTO.BancoRef),0))))","v":2374},{"$f":"ROUND(IF(DESONERACAO=\"sim\",REFERENCIA.Desonerado,REFERENCIA.NaoDesonerado),2)","v":93.01},0.25,null,192.5,null,null,22380.05,116.26]
["S",2,"S",0,{"$f":"IF($C686=1,OFFSET(E686,-1,0)+MAX(1,COUNTIF(QCI!$A$13:$A$41,OFFSET(ORÇAMENTO!E686,-1,0))),OFFSET(E686,-1,0))","v":25},2,0,0,2,0,{"$f":"IF(OR($C686=\"S\",$C686=0),0,MATCH(OFFSET($D686,0,$C686)+IF($C686<>1,1,COUNTIF(QCI!$A$13:$A$41,ORÇAMENTO!E686)),OFFSET($D686,1,$C686,ROW($C$744)-ROW($C686)),0))","v":0},"F","Serviço","Serviço","25.2.2.","SINAPI","96619","LASTRO DE CONCRETO MAGRO, APLICADO EM BLOCOS DE COROAMENTO OU SAPATAS, ESPESSURA DE 5 CM. AF_01/2024",{"$f":"REFERENCIA.Unidade","v":"M2"},{"$f":"OFFSET(CÁLCULO!H$15,ROW($T686)-ROW(T$15),0)","v":12.32},40.72,"BDI 1",{"$f":"IF($C686=\"S\",ROUND(IF(TIPOORCAMENTO=\"Proposto\",ORÇAMENTO.CustoUnitario*(1+$AH686),ORÇAMENTO.PrecoUnitarioLicitado),15-13*$AF$10),0)","v":50.9},{"$f":"IF($C686=\"S\",IF(Import.TipoArredondamento<>\"TransfereGOV\",VTOTAL1,SUM(OFFSET(CÁLCULO!$AA$15,ROW($X686)-ROW($X$15),1):OFFSET(CÁLCULO!$AL$15,ROW($X686)-ROW($X$15),-1))),IF($C686=0,0,ROUND(SomaAgrup,15-13*$AF$11)))","v":627.09},"RA","RA",{"$f":"IF($C686=\"S\",IF($Z686=\"CP\",$X686,IF($Z686=\"RA\",(($X686)*QCI!$AA$3),0)),SomaAgrup)","v":22.332557253894873},0,{"$f":"IF($N686=\"\",\"\",IF(ORÇAMENTO.Descricao=\"\",\"DESCRIÇÃO\",IF(AND($C686=\"S\",ORÇAMENTO.Unidade=\"\"),\"UNIDADE\",IF($X686<0,\"VALOR NEGATIVO\",IF(OR(AND(TIPOORCAMENTO=\"Proposto\",$AG686<>\"\",$AG686>0,ORÇAMENTO.CustoUnitario>$AG686),AND(TIPOORCAMENTO=\"LICITADO\",ORÇAMENTO.PrecoUnitarioLicitado>$AN686)),\"ACIMA REF.\",\"\")))))","v":""},{"$f":"IF(C686<=CRONO.NivelExibicao,MAX($AD$15:OFFSET(AD686,-1,0))+IF($C686<>1,1,MAX(1,COUNTIF(QCI!$A$13:$A$41,OFFSET($E686,-1,0)))),\"\")","v":""},{"$f":"IF(AND($C686=\"S\",ORÇAMENTO.CodBarra<>\"\"),IF(ORÇAMENTO.Fonte=\"\",ORÇAMENTO.CodBarra,CONCATENATE(ORÇAMENTO.Fonte,\" \",ORÇAMENTO.CodBarra)))","v":"SINAPI 96619"},{"$f":"IF(ISERROR(INDIRECT(ORÇAMENTO.BancoRef)),\"(abra o arquivo 'Referência \"&Excel_BuiltIn_Database&\".xlsm)\",IF(OR($C686<>\"S\",ORÇAMENTO.CodBarra=\"\"),\"(Sem Código)\",IF(ISERROR(MATCH($AE686,INDIRECT(ORÇAMENTO.BancoRef),0)),\"(Código não identificado nas referências)\",MATCH($AE686,INDIRECT(ORÇAMENTO.BancoRef),0))))","v":2387},{"$f":"ROUND(IF(DESONERACAO=\"sim\",REFERENCIA.Desonerado,REFERENCIA.NaoDesonerado),2)","v":40.72},0.25,null,12.32,null,null,627.09,50.9]
["S",2,"S",0,{"$f":"IF($C687=1,OFFSET(E687,-1,0)+MAX(1,COUNTIF(QCI!$A$13:$A$41,OFFSET(ORÇAMENTO!E687,-1,0))),OFFSET(E687,-1,0))","v":25},2,0,0,3,0,{"$f":"IF(OR($C687=\"S\",$C687=0),0,MATCH(OFFSET($D687,0,$C687)+IF($C687<>1,1,COUNTIF(QCI!$A$13:$A$41,ORÇAMENTO!E687)),OFFSET($D687,1,$C687,ROW($C$744)-ROW($C687)),0))","v":0},"F","Serviço","Serviço","25.2.3.","SINAPI","96557","CONCRETAGEM DE BLOCO DE COROAMENTO OU VIGA BALDRAME, FCK 30 MPA, COM USO DE BOMBA - LANÇAMENTO, ADENSAMENTO E ACABAMENTO. AF_01/2024",{"$f":"REFERENCIA.Unidade","v":"M3"},{"$f":"OFFSET(CÁLCULO!H$15,ROW($T687)-ROW(T$15),0)","v":3.69},783.61,"BDI 1",{"$f":"IF($C687=\"S\",ROUND(IF(TIPOORCAMENTO=\"Proposto\",ORÇAMENTO.CustoUnitario*(1+$AH687),ORÇAMENTO.PrecoUnitarioLicitado),15-13*$AF$10),0)","v":979.51},{"$f":"IF($C687=\"S\",IF(Import.TipoArredondamento<>\"TransfereGOV\",VTOTAL1,SUM(OFFSET(CÁLCULO!$AA$15,ROW($X687)-ROW($X$15),1):OFFSET(CÁLCULO!$AL$15,ROW($X687)-ROW($X$15),-1))),IF($C687=0,0,ROUND(SomaAgrup,15-13*$AF$11)))","v":3614.39},"RA","RA",{"$f":"IF($C687=\"S\",IF($Z687=\"CP\",$X687,IF($Z687=\"RA\",(($X687)*QCI!$AA$3),0)),SomaAgrup)","v":128.71927731729909},0,{"$f":"IF($N687=\"\",\"\",IF(ORÇAMENTO.Descricao=\"\",\"DESCRIÇÃO\",IF(AND($C687=\"S\",ORÇAMENTO.Unidade=\"\"),\"UNIDADE\",IF($X687<0,\"VALOR NEGATIVO\",IF(OR(AND(TIPOORCAMENTO=\"Proposto\",$AG687<>\"\",$AG687>0,ORÇAMENTO.CustoUnitario>$AG687),AND(TIPOORCAMENTO=\"LICITADO\",ORÇAMENTO.PrecoUnitarioLicitado>$AN687)),\"ACIMA REF.\",\"\")))))","v":""},{"$f":"IF(C687<=CRONO.NivelExibicao,MAX($AD$15:OFFSET(AD687,-1,0))+IF($C687<>1,1,MAX(1,COUNTIF(QCI!$A$13:$A$41,OFFSET($E687,-1,0)))),\"\")","v":""},{"$f":"IF(AND($C687=\"S\",ORÇAMENTO.CodBarra<>\"\"),IF(ORÇAMENTO.Fonte=\"\",ORÇAMENTO.CodBarra,CONCATENATE(ORÇAMENTO.Fonte,\" \",ORÇAMENTO.CodBarra)))","v":"SINAPI 96557"},{"$f":"IF(ISERROR(INDIRECT(ORÇAMENTO.BancoRef)),\"(abra o arquivo 'Referência \"&Excel_BuiltIn_Database&\".xlsm)\",IF(OR($C687<>\"S\",ORÇAMENTO.CodBarra=\"\"),\"(Sem Código)\",IF(ISERROR(MATCH($AE687,INDIRECT(ORÇAMENTO.BancoRef),0)),\"(Código não identificado nas referências)\",MATCH($AE687,INDIRECT(ORÇAMENTO.BancoRef),0))))","v":2769},{"$f":"ROUND(IF(DESONERACAO=\"sim\",REFERENCIA.Desonerado,REFERENCIA.NaoDesonerado),2)","v":783.61},0.25,null,3.69,null,null,3614.39,979.51]
["S",2,"S",0,{"$f":"IF($C688=1,OFFSET(E688,-1,0)+MAX(1,COUNTIF(QCI!$A$13:$A$41,OFFSET(ORÇAMENTO!E688,-1,0))),OFFSET(E688,-1,0))","v":25},2,0,0,4,0,{"$f":"IF(OR($C688=\"S\",$C688=0),0,MATCH(OFFSET($D688,0,$C688)+IF($C688<>1,1,COUNTIF(QCI!$A$13:$A$41,ORÇAMENTO!E688)),OFFSET($D688,1,$C688,ROW($C$744)-ROW($C688)),0))","v":0},"F","Serviço","Serviço","25.2.4.","SINAPI","96534","FABRICAÇÃO, MONTAGEM E DESMONTAGEM DE FÔRMA PARA BLOCO DE COROAMENTO, EM MADEIRA SERRADA, E=25 MM, 4 UTILIZAÇÕES. AF_01/2024",{"$f":"REFERENCIA.Unidade","v":"M2"},{"$f":"OFFSET(CÁLCULO!H$15,ROW($T688)-ROW(T$15),0)","v":36.96},74.38,"BDI 1",{"$f":"IF($C688=\"S\",ROUND(IF(TIPOORCAMENTO=\"Proposto\",ORÇAMENTO.CustoUnitario*(1+$AH688),ORÇAMENTO.PrecoUnitarioLicitado),15-13*$AF$10),0)","v":92.98},{"$f":"IF($C688=\"S\",IF(Import.TipoArredondamento<>\"TransfereGOV\",VTOTAL1,SUM(OFFSET(CÁLCULO!$AA$15,ROW($X688)-ROW($X$15),1):OFFSET(CÁLCULO!$AL$15,ROW($X688)-ROW($X$15),-1))),IF($C688=0,0,ROUND(SomaAgrup,15-13*$AF$11)))","v":3436.54},"RA","RA",{"$f":"IF($C688=\"S\",IF($Z688=\"CP\",$X688,IF($Z688=\"RA\",(($X688)*QCI!$AA$3),0)),SomaAgrup)","v":122.38550495989392},0,{"$f":"IF($N688=\"\",\"\",IF(ORÇAMENTO.Descricao=\"\",\"DESCRIÇÃO\",IF(AND($C688=\"S\",ORÇAMENTO.Unidade=\"\"),\"UNIDADE\",IF($X688<0,\"VALOR NEGATIVO\",IF(OR(AND(TIPOORCAMENTO=\"Proposto\",$AG688<>\"\",$AG688>0,ORÇAMENTO.CustoUnitario>$AG688),AND(TIPOORCAMENTO=\"LICITADO\",ORÇAMENTO.PrecoUnitarioLicitado>$AN688)),\"ACIMA REF.\",\"\")))))","v":""},{"$f":"IF(C688<=CRONO.NivelExibicao,MAX($AD$15:OFFSET(AD688,-1,0))+IF($C688<>1,1,MAX(1,COUNTIF(QCI!$A$13:$A$41,OFFSET($E688,-1,0)))),\"\")","v":""},{"$f":"IF(AND($C688=\"S\",ORÇAMENTO.CodBarra<>\"\"),IF(ORÇAMENTO.Fonte=\"\",ORÇAMENTO.CodBarra,CONCATENATE(ORÇAMENTO.Fonte,\" \",ORÇAMENTO.CodBarra)))","v":"SINAPI 96534"},{"$f":"IF(ISERROR(INDIRECT(ORÇAMENTO.BancoRef)),\"(abra o arquivo 'Referência \"&Excel_BuiltIn_Database&\".xlsm)\",IF(OR($C688<>\"S\",ORÇAMENTO.CodBarra=\"\"),\"(Sem Código)\",IF(ISERROR(MATCH($AE688,INDIRECT(ORÇAMENTO.BancoRef),0)),\"(Código não identificado nas referências)\",MATCH($AE688,INDIRECT(ORÇAMENTO.BancoRef),0))))","v":2522},{"$f":"ROUND(IF(DESONERACAO=\"sim\",REFERENCIA.Desonerado,REFERENCIA.NaoDesonerado),2)","v":74.38},0.25,null,36.96,null,null,3436.54,92.98]
[{"$f":"CHOOSE(1+LOG(1+2*(ORÇAMENTO.Nivel=\"Meta\")+4*(ORÇAMENTO.Nivel=\"Nível 2\")+8*(ORÇAMENTO.Nivel=\"Nível 3\")+16*(ORÇAMENTO.Nivel=\"Nível 4\")+32*(ORÇAMENTO.Nivel=\"Serviço\"),2),0,1,2,3,4,\"S\")","v":"S"},{"$f":"IF(OR(C689=\"s\",C689=0),OFFSET(B689,-1,0),C689)","v":2},{"$f":"IF(OFFSET(C689,-1,0)=\"L\",1,IF(OFFSET(C689,-1,0)=1,2,IF(OR(A689=\"s\",A689=0),\"S\",IF(AND(OFFSET(C689,-1,0)=2,A689=4),3,IF(AND(OR(OFFSET(C689,-1,0)=\"s\",OFFSET(C689,-1,0)=0),A689<>\"s\",A689>OFFSET(B689,-1,0)),OFFSET(B689,-1,0),A689)))))","v":"S"},{"$f":"IF(OR(C689=\"S\",C689=0),0,IF(ISERROR(K689),J689,SMALL(J689:K689,1)))","v":0},{"$f":"IF($C689=1,OFFSET(E689,-1,0)+MAX(1,COUNTIF(QCI!$A$13:$A$41,OFFSET(ORÇAMENTO!E689,-1,0))),OFFSET(E689,-1,0))","v":25},{"$f":"IF($C689=1,0,IF($C689=2,OFFSET(F689,-1,0)+1,OFFSET(F689,-1,0)))","v":2},{"$f":"IF(AND($C689<=2,$C689<>0),0,IF($C689=3,OFFSET(G689,-1,0)+1,OFFSET(G689,-1,0)))","v":0},{"$f":"IF(AND($C689<=3,$C689<>0),0,IF($C689=4,OFFSET(H689,-1,0)+1,OFFSET(H689,-1,0)))","v":0},{"$f":"IF(AND($C689<=4,$C689<>0),0,IF(AND($C689=\"S\",$X689>0),OFFSET(I689,-1,0)+1,OFFSET(I689,-1,0)))","v":5},0,{"$f":"IF(OR($C689=\"S\",$C689=0),0,MATCH(OFFSET($D689,0,$C689)+IF($C689<>1,1,COUNTIF(QCI!$A$13:$A$41,ORÇAMENTO!E689)),OFFSET($D689,1,$C689,ROW($C$744)-ROW($C689)),0))","v":0},{"$f":"IF(OR($X689>0,$C689=1,$C689=2,$C689=3,$C689=4),\"F\",\"\")","v":"F"},"Serviço",{"$f":"CHOOSE(1+LOG(1+2*(C689=1)+4*(C689=2)+8*(C689=3)+16*(C689=4)+32*(C689=\"S\"),2),\"\",\"Meta\",\"Nível 2\",\"Nível 3\",\"Nível 4\",\"Serviço\")","v":"Serviço"},{"$f":"IF(OR($C689=0,$L689=\"\"),\"-\",CONCATENATE(E689&\".\",IF(AND($A$5>=2,$C689>=2),F689&\".\",\"\"),IF(AND($A$5>=3,$C689>=3),G689&\".\",\"\"),IF(AND($A$5>=4,$C689>=4),H689&\".\",\"\"),IF($C689=\"S\",I689&\".\",\"\")))","v":"25.2.5."},"SINAPI","96543","ARMAÇÃO DE BLOCO UTILIZANDO AÇO CA-50 DE 5 MM - MONTAGEM. AF_01/2024",{"$f":"REFERENCIA.Unidade","v":"KG"},{"$f":"OFFSET(CÁLCULO!H$15,ROW($T689)-ROW(T$15),0)","v":123.97},20.329999999999998,"BDI 1",{"$f":"IF($C689=\"S\",ROUND(IF(TIPOORCAMENTO=\"Proposto\",ORÇAMENTO.CustoUnitario*(1+$AH689),ORÇAMENTO.PrecoUnitarioLicitado),15-13*$AF$10),0)","v":25.41},{"$f":"IF($C689=\"S\",IF(Import.TipoArredondamento<>\"TransfereGOV\",VTOTAL1,SUM(OFFSET(CÁLCULO!$AA$15,ROW($X689)-ROW($X$15),1):OFFSET(CÁLCULO!$AL$15,ROW($X689)-ROW($X$15),-1))),IF($C689=0,0,ROUND(SomaAgrup,15-13*$AF$11)))","v":3150.08},"RA",{"$f":"IF(AND($C689=\"S\",$X689>0),IF(ISBLANK($Y689),\"RA\",LEFT($Y689,2)),\"\")","v":"RA"},{"$f":"IF($C689=\"S\",IF($Z689=\"CP\",$X689,IF($Z689=\"RA\",(($X689)*QCI!$AA$3),0)),SomaAgrup)","v":112.18380448476161},{"$f":"IF($C689=\"S\",IF($Z689=\"OU\",ROUND($X689,2),0),SomaAgrup)","v":0},{"$f":"IF($N689=\"\",\"\",IF(ORÇAMENTO.Descricao=\"\",\"DESCRIÇÃO\",IF(AND($C689=\"S\",ORÇAMENTO.Unidade=\"\"),\"UNIDADE\",IF($X689<0,\"VALOR NEGATIVO\",IF(OR(AND(TIPOORCAMENTO=\"Proposto\",$AG689<>\"\",$AG689>0,ORÇAMENTO.CustoUnitario>$AG689),AND(TIPOORCAMENTO=\"LICITADO\",ORÇAMENTO.PrecoUnitarioLicitado>$AN689)),\"ACIMA REF.\",\"\")))))","v":""},{"$f":"IF(C689<=CRONO.NivelExibicao,MAX($AD$15:OFFSET(AD689,-1,0))+IF($C689<>1,1,MAX(1,COUNTIF(QCI!$A$13:$A$41,OFFSET($E689,-1,0)))),\"\")","v":""},{"$f":"IF(AND($C689=\"S\",ORÇAMENTO.CodBarra<>\"\"),IF(ORÇAMENTO.Fonte=\"\",ORÇAMENTO.CodBarra,CONCATENATE(ORÇAMENTO.Fonte,\" \",ORÇAMENTO.CodBarra)))","v":"SINAPI 96543"},{"$f":"IF(ISERROR(INDIRECT(ORÇAMENTO.BancoRef)),\"(abra o arquivo 'Referência \"&Excel_BuiltIn_Database&\".xlsm)\",IF(OR($C689<>\"S\",ORÇAMENTO.CodBarra=\"\"),\"(Sem Código)\",IF(ISERROR(MATCH($AE689,INDIRECT(ORÇAMENTO.BancoRef),0)),\"(Código não identificado nas referências)\",MATCH($AE689,INDIRECT(ORÇAMENTO.BancoRef),0))))","v":2531},{"$f":"ROUND(IF(DESONERACAO=\"sim\",REFERENCIA.Desonerado,REFERENCIA.NaoDesonerado),2)","v":20.329999999999998},{"$f":"ROUND(IF(ISNUMBER(ORÇAMENTO.OpcaoBDI),ORÇAMENTO.OpcaoBDI,IF(LEFT(ORÇAMENTO.OpcaoBDI,3)=\"BDI\",HLOOKUP(ORÇAMENTO.OpcaoBDI,$F$4:$H$5,2,FALSE),0)),15-11*$AF$9)","v":0.25},null,123.97,null,null,{"$f":"$X689","v":3150.08},{"$f":"ROUND(ORÇAMENTO.CustoUnitario*(1+$AH689),2)","v":25.41}]
[2,2,2,5,{"$f":"IF($C690=1,OFFSET(E690,-1,0)+MAX(1,COUNTIF(QCI!$A$13:$A$41,OFFSET(ORÇAMENTO!E690,-1,0))),OFFSET(E690,-1,0))","v":25},3,0,0,0,28,{"$f":"IF(OR($C690=\"S\",$C690=0),0,MATCH(OFFSET($D690,0,$C690)+IF($C690<>1,1,COUNTIF(QCI!$A$13:$A$41,ORÇAMENTO!E690)),OFFSET($D690,1,$C690,ROW($C$744)-ROW($C690)),0))","v":5},"F","Nível 2","Nível 2","25.3.","SINAPI",null,"Concreto armado - Pilares",{"$f":"REFERENCIA.Unidade","v":"-"},{"$f":"OFFSET(CÁLCULO!H$15,ROW($T690)-ROW(T$15),0)","v":0},null,"BDI 1",{"$f":"IF($C690=\"S\",ROUND(IF(TIPOORCAMENTO=\"Proposto\",ORÇAMENTO.CustoUnitario*(1+$AH690),ORÇAMENTO.PrecoUnitarioLicitado),15-13*$AF$10),0)","v":0},{"$f":"IF($C690=\"S\",IF(Import.TipoArredondamento<>\"TransfereGOV\",VTOTAL1,SUM(OFFSET(CÁLCULO!$AA$15,ROW($X690)-ROW($X$15),1):OFFSET(CÁLCULO!$AL$15,ROW($X690)-ROW($X$15),-1))),IF($C690=0,0,ROUND(SomaAgrup,15-13*$AF$11)))","v":18591.23},"RA","",{"$f":"IF($C690=\"S\",IF($Z690=\"CP\",$X690,IF($Z690=\"RA\",(($X690)*QCI!$AA$3),0)),SomaAgrup)","v":662.0895061240459},0,{"$f":"IF($N690=\"\",\"\",IF(ORÇAMENTO.Descricao=\"\",\"DESCRIÇÃO\",IF(AND($C690=\"S\",ORÇAMENTO.Unidade=\"\"),\"UNIDADE\",IF($X690<0,\"VALOR NEGATIVO\",IF(OR(AND(TIPOORCAMENTO=\"Proposto\",$AG690<>\"\",$AG690>0,ORÇAMENTO.CustoUnitario>$AG690),AND(TIPOORCAMENTO=\"LICITADO\",ORÇAMENTO.PrecoUnitarioLicitado>$AN690)),\"ACIMA REF.\",\"\")))))","v":""},{"$f":"IF(C690<=CRONO.NivelExibicao,MAX($AD$15:OFFSET(AD690,-1,0))+IF($C690<>1,1,MAX(1,COUNTIF(QCI!$A$13:$A$41,OFFSET($E690,-1,0)))),\"\")","v":95},{"$f":"IF(AND($C690=\"S\",ORÇAMENTO.CodBarra<>\"\"),IF(ORÇAMENTO.Fonte=\"\",ORÇAMENTO.CodBarra,CONCATENATE(ORÇAMENTO.Fonte,\" \",ORÇAMENTO.CodBarra)))","v":false},{"$f":"IF(ISERROR(INDIRECT(ORÇAMENTO.BancoRef)),\"(abra o arquivo 'Referência \"&Excel_BuiltIn_Database&\".xlsm)\",IF(OR($C690<>\"S\",ORÇAMENTO.CodBarra=\"\"),\"(Sem Código)\",IF(ISERROR(MATCH($AE690,INDIRECT(ORÇAMENTO.BancoRef),0)),\"(Código não identificado nas referências)\",MATCH($AE690,INDIRECT(ORÇAMENTO.BancoRef),0))))","v":"(Sem Código)"},{"$f":"ROUND(IF(DESONERACAO=\"sim\",REFERENCIA.Desonerado,REFERENCIA.NaoDesonerado),2)","v":0},0.25,null,null,null,null,18591.23,0]
["S",2,"S",0,{"$f":"IF($C691=1,OFFSET(E691,-1,0)+MAX(1,COUNTIF(QCI!$A$13:$A$41,OFFSET(ORÇAMENTO!E691,-1,0))),OFFSET(E691,-1,0))","v":25},3,0,0,1,0,{"$f":"IF(OR($C691=\"S\",$C691=0),0,MATCH(OFFSET($D691,0,$C691)+IF($C691<>1,1,COUNTIF(QCI!$A$13:$A$41,ORÇAMENTO!E691)),OFFSET($D691,1,$C691,ROW($C$744)-ROW($C691)),0))","v":0},"F","Serviço","Serviço","25.3.1.","SINAPI","92443","MONTAGEM E DESMONTAGEM DE FÔRMA DE PILARES RETANGULARES E ESTRUTURAS SIMILARES, PÉ-DIREITO SIMPLES, EM CHAPA DE MADEIRA COMPENSADA PLASTIFICADA, 18 UTILIZAÇÕES. AF_09/2020",{"$f":"REFERENCIA.Unidade","v":"M2"},{"$f":"OFFSET(CÁLCULO!H$15,ROW($T691)-ROW(T$15),0)","v":104.48},{"$f":"ROUND(IF(DESONERACAO=\"sim\",REFERENCIA.Desonerado,REFERENCIA.NaoDesonerado),2)","v":52.61},"BDI 1",{"$f":"IF($C691=\"S\",ROUND(IF(TIPOORCAMENTO=\"Proposto\",ORÇAMENTO.CustoUnitario*(1+$AH691),ORÇAMENTO.PrecoUnitarioLicitado),15-13*$AF$10),0)","v":65.760000000000005},{"$f":"IF($C691=\"S\",IF(Import.TipoArredondamento<>\"TransfereGOV\",VTOTAL1,SUM(OFFSET(CÁLCULO!$AA$15,ROW($X691)-ROW($X$15),1):OFFSET(CÁLCULO!$AL$15,ROW($X691)-ROW($X$15),-1))),IF($C691=0,0,ROUND(SomaAgrup,15-13*$AF$11)))","v":6870.6},"RA","RA",{"$f":"IF($C691=\"S\",IF($Z691=\"CP\",$X691,IF($Z691=\"RA\",(($X691)*QCI!$AA$3),0)),SomaAgrup)","v":244.68268967550131},0,{"$f":"IF($N691=\"\",\"\",IF(ORÇAMENTO.Descricao=\"\",\"DESCRIÇÃO\",IF(AND($C691=\"S\",ORÇAMENTO.Unidade=\"\"),\"UNIDADE\",IF($X691<0,\"VALOR NEGATIVO\",IF(OR(AND(TIPOORCAMENTO=\"Proposto\",$AG691<>\"\",$AG691>0,ORÇAMENTO.CustoUnitario>$AG691),AND(TIPOORCAMENTO=\"LICITADO\",ORÇAMENTO.PrecoUnitarioLicitado>$AN691)),\"ACIMA REF.\",\"\")))))","v":""},{"$f":"IF(C691<=CRONO.NivelExibicao,MAX($AD$15:OFFSET(AD691,-1,0))+IF($C691<>1,1,MAX(1,COUNTIF(QCI!$A$13:$A$41,OFFSET($E691,-1,0)))),\"\")","v":""},{"$f":"IF(AND($C691=\"S\",ORÇAMENTO.CodBarra<>\"\"),IF(ORÇAMENTO.Fonte=\"\",ORÇAMENTO.CodBarra,CONCATENATE(ORÇAMENTO.Fonte,\" \",ORÇAMENTO.CodBarra)))","v":"SINAPI 92443"},{"$f":"IF(ISERROR(INDIRECT(ORÇAMENTO.BancoRef)),\"(abra o arquivo 'Referência \"&Excel_BuiltIn_Database&\".xlsm)\",IF(OR($C691<>\"S\",ORÇAMENTO.CodBarra=\"\"),\"(Sem Código)\",IF(ISERROR(MATCH($AE691,INDIRECT(ORÇAMENTO.BancoRef),0)),\"(Código não identificado nas referências)\",MATCH($AE691,INDIRECT(ORÇAMENTO.BancoRef),0))))","v":2449},{"$f":"ROUND(IF(DESONERACAO=\"sim\",REFERENCIA.Desonerado,REFERENCIA.NaoDesonerado),2)","v":52.61},0.25,null,104.48,null,null,6870.6,65.760000000000005]
["S",2,"S",0,{"$f":"IF($C692=1,OFFSET(E692,-1,0)+MAX(1,COUNTIF(QCI!$A$13:$A$41,OFFSET(ORÇAMENTO!E692,-1,0))),OFFSET(E692,-1,0))","v":25},3,0,0,2,0,{"$f":"IF(OR($C692=\"S\",$C692=0),0,MATCH(OFFSET($D692,0,$C692)+IF($C692<>1,1,COUNTIF(QCI!$A$13:$A$41,ORÇAMENTO!E692)),OFFSET($D692,1,$C692,ROW($C$744)-ROW($C692)),0))","v":0},"F","Serviço","Serviço","25.3.2.","SINAPI","92762","ARMAÇÃO DE PILAR OU VIGA DE ESTRUTURA CONVENCIONAL DE CONCRETO ARMADO UTILIZANDO AÇO CA-50 DE 10,0 MM - MONTAGEM. AF_06/2022",{"$f":"REFERENCIA.Unidade","v":"KG"},{"$f":"OFFSET(CÁLCULO!H$15,ROW($T692)-ROW(T$15),0)","v":294.01},{"$f":"ROUND(IF(DESONERACAO=\"sim\",REFERENCIA.Desonerado,REFERENCIA.NaoDesonerado),2)","v":11.44},"BDI 1",{"$f":"IF($C692=\"S\",ROUND(IF(TIPOORCAMENTO=\"Proposto\",ORÇAMENTO.CustoUnitario*(1+$AH692),ORÇAMENTO.PrecoUnitarioLicitado),15-13*$AF$10),0)","v":14.3},{"$f":"IF($C692=\"S\",IF(Import.TipoArredondamento<>\"TransfereGOV\",VTOTAL1,SUM(OFFSET(CÁLCULO!$AA$15,ROW($X692)-ROW($X$15),1):OFFSET(CÁLCULO!$AL$15,ROW($X692)-ROW($X$15),-1))),IF($C692=0,0,ROUND(SomaAgrup,15-13*$AF$11)))","v":4204.34},"RA","RA",{"$f":"IF($C692=\"S\",IF($Z692=\"CP\",$X692,IF($Z692=\"RA\",(($X692)*QCI!$AA$3),0)),SomaAgrup)","v":149.72916768699926},0,{"$f":"IF($N692=\"\",\"\",IF(ORÇAMENTO.Descricao=\"\",\"DESCRIÇÃO\",IF(AND($C692=\"S\",ORÇAMENTO.Unidade=\"\"),\"UNIDADE\",IF($X692<0,\"VALOR NEGATIVO\",IF(OR(AND(TIPOORCAMENTO=\"Proposto\",$AG692<>\"\",$AG692>0,ORÇAMENTO.CustoUnitario>$AG692),AND(TIPOORCAMENTO=\"LICITADO\",ORÇAMENTO.PrecoUnitarioLicitado>$AN692)),\"ACIMA REF.\",\"\")))))","v":""},{"$f":"IF(C692<=CRONO.NivelExibicao,MAX($AD$15:OFFSET(AD692,-1,0))+IF($C692<>1,1,MAX(1,COUNTIF(QCI!$A$13:$A$41,OFFSET($E692,-1,0)))),\"\")","v":""},{"$f":"IF(AND($C692=\"S\",ORÇAMENTO.CodBarra<>\"\"),IF(ORÇAMENTO.Fonte=\"\",ORÇAMENTO.CodBarra,CONCATENATE(ORÇAMENTO.Fonte,\" \",ORÇAMENTO.CodBarra)))","v":"SINAPI 92762"},{"$f":"IF(ISERROR(INDIRECT(ORÇAMENTO.BancoRef)),\"(abra o arquivo 'Referência \"&Excel_BuiltIn_Database&\".xlsm)\",IF(OR($C692<>\"S\",ORÇAMENTO.CodBarra=\"\"),\"(Sem Código)\",IF(ISERROR(MATCH($AE692,INDIRECT(ORÇAMENTO.BancoRef),0)),\"(Código não identificado nas referências)\",MATCH($AE692,INDIRECT(ORÇAMENTO.BancoRef),0))))","v":2653},{"$f":"ROUND(IF(DESONERACAO=\"sim\",REFERENCIA.Desonerado,REFERENCIA.NaoDesonerado),2)","v":11.44},0.25,null,294.01,null,null,4204.34,14.3]
["S",2,"S",0,{"$f":"IF($C693=1,OFFSET(E693,-1,0)+MAX(1,COUNTIF(QCI!$A$13:$A$41,OFFSET(ORÇAMENTO!E693,-1,0))),OFFSET(E693,-1,0))","v":25},3,0,0,3,0,{"$f":"IF(OR($C693=\"S\",$C693=0),0,MATCH(OFFSET($D693,0,$C693)+IF($C693<>1,1,COUNTIF(QCI!$A$13:$A$41,ORÇAMENTO!E693)),OFFSET($D693,1,$C693,ROW($C$744)-ROW($C693)),0))","v":0},"F","Serviço","Serviço","25.3.3.","SINAPI","92759","ARMAÇÃO DE PILAR OU VIGA DE ESTRUTURA CONVENCIONAL DE CONCRETO ARMADO UTILIZANDO AÇO CA-60 DE 5,0 MM - MONTAGEM. AF_06/2022",{"$f":"REFERENCIA.Unidade","v":"KG"},{"$f":"OFFSET(CÁLCULO!H$15,ROW($T693)-ROW(T$15),0)","v":173.04},{"$f":"ROUND(IF(DESONERACAO=\"sim\",REFERENCIA.Desonerado,REFERENCIA.NaoDesonerado),2)","v":14.4},"BDI 1",{"$f":"IF($C693=\"S\",ROUND(IF(TIPOORCAMENTO=\"Proposto\",ORÇAMENTO.CustoUnitario*(1+$AH693),ORÇAMENTO.PrecoUnitarioLicitado),15-13*$AF$10),0)","v":18},{"$f":"IF($C693=\"S\",IF(Import.TipoArredondamento<>\"TransfereGOV\",VTOTAL1,SUM(OFFSET(CÁLCULO!$AA$15,ROW($X693)-ROW($X$15),1):OFFSET(CÁLCULO!$AL$15,ROW($X693)-ROW($X$15),-1))),IF($C693=0,0,ROUND(SomaAgrup,15-13*$AF$11)))","v":3114.72},"RA","RA",{"$f":"IF($C693=\"S\",IF($Z693=\"CP\",$X693,IF($Z693=\"RA\",(($X693)*QCI!$AA$3),0)),SomaAgrup)","v":110.92452874364355},0,{"$f":"IF($N693=\"\",\"\",IF(ORÇAMENTO.Descricao=\"\",\"DESCRIÇÃO\",IF(AND($C693=\"S\",ORÇAMENTO.Unidade=\"\"),\"UNIDADE\",IF($X693<0,\"VALOR NEGATIVO\",IF(OR(AND(TIPOORCAMENTO=\"Proposto\",$AG693<>\"\",$AG693>0,ORÇAMENTO.CustoUnitario>$AG693),AND(TIPOORCAMENTO=\"LICITADO\",ORÇAMENTO.PrecoUnitarioLicitado>$AN693)),\"ACIMA REF.\",\"\")))))","v":""},{"$f":"IF(C693<=CRONO.NivelExibicao,MAX($AD$15:OFFSET(AD693,-1,0))+IF($C693<>1,1,MAX(1,COUNTIF(QCI!$A$13:$A$41,OFFSET($E693,-1,0)))),\"\")","v":""},{"$f":"IF(AND($C693=\"S\",ORÇAMENTO.CodBarra<>\"\"),IF(ORÇAMENTO.Fonte=\"\",ORÇAMENTO.CodBarra,CONCATENATE(ORÇAMENTO.Fonte,\" \",ORÇAMENTO.CodBarra)))","v":"SINAPI 92759"},{"$f":"IF(ISERROR(INDIRECT(ORÇAMENTO.BancoRef)),\"(abra o arquivo 'Referência \"&Excel_BuiltIn_Database&\".xlsm)\",IF(OR($C693<>\"S\",ORÇAMENTO.CodBarra=\"\"),\"(Sem Código)\",IF(ISERROR(MATCH($AE693,INDIRECT(ORÇAMENTO.BancoRef),0)),\"(Código não identificado nas referências)\",MATCH($AE693,INDIRECT(ORÇAMENTO.BancoRef),0))))","v":2650},{"$f":"ROUND(IF(DESONERACAO=\"sim\",REFERENCIA.Desonerado,REFERENCIA.NaoDesonerado),2)","v":14.4},0.25,null,173.04,null,null,3114.72,18]
["S",2,"S",0,{"$f":"IF($C694=1,OFFSET(E694,-1,0)+MAX(1,COUNTIF(QCI!$A$13:$A$41,OFFSET(ORÇAMENTO!E694,-1,0))),OFFSET(E694,-1,0))","v":25},3,0,0,4,0,{"$f":"IF(OR($C694=\"S\",$C694=0),0,MATCH(OFFSET($D694,0,$C694)+IF($C694<>1,1,COUNTIF(QCI!$A$13:$A$41,ORÇAMENTO!E694)),OFFSET($D694,1,$C694,ROW($C$744)-ROW($C694)),0))","v":0},"F","Serviço","Serviço","25.3.4.","SINAPI","103672","CONCRETAGEM DE PILARES, FCK = 25 MPA, COM USO DE BOMBA - LANÇAMENTO, ADENSAMENTO E ACABAMENTO. AF_02/2022_PS",{"$f":"REFERENCIA.Unidade","v":"M3"},{"$f":"OFFSET(CÁLCULO!H$15,ROW($T694)-ROW(T$15),0)","v":4.9800000000000004},{"$f":"ROUND(IF(DESONERACAO=\"sim\",REFERENCIA.Desonerado,REFERENCIA.NaoDesonerado),2)","v":707.08},"BDI 1",{"$f":"IF($C694=\"S\",ROUND(IF(TIPOORCAMENTO=\"Proposto\",ORÇAMENTO.CustoUnitario*(1+$AH694),ORÇAMENTO.PrecoUnitarioLicitado),15-13*$AF$10),0)","v":883.85},{"$f":"IF($C694=\"S\",IF(Import.TipoArredondamento<>\"TransfereGOV\",VTOTAL1,SUM(OFFSET(CÁLCULO!$AA$15,ROW($X694)-ROW($X$15),1):OFFSET(CÁLCULO!$AL$15,ROW($X694)-ROW($X$15),-1))),IF($C694=0,0,ROUND(SomaAgrup,15-13*$AF$11)))","v":4401.57},"RA","RA",{"$f":"IF($C694=\"S\",IF($Z694=\"CP\",$X694,IF($Z694=\"RA\",(($X694)*QCI!$AA$3),0)),SomaAgrup)","v":156.75312001790181},0,{"$f":"IF($N694=\"\",\"\",IF(ORÇAMENTO.Descricao=\"\",\"DESCRIÇÃO\",IF(AND($C694=\"S\",ORÇAMENTO.Unidade=\"\"),\"UNIDADE\",IF($X694<0,\"VALOR NEGATIVO\",IF(OR(AND(TIPOORCAMENTO=\"Proposto\",$AG694<>\"\",$AG694>0,ORÇAMENTO.CustoUnitario>$AG694),AND(TIPOORCAMENTO=\"LICITADO\",ORÇAMENTO.PrecoUnitarioLicitado>$AN694)),\"ACIMA REF.\",\"\")))))","v":""},{"$f":"IF(C694<=CRONO.NivelExibicao,MAX($AD$15:OFFSET(AD694,-1,0))+IF($C694<>1,1,MAX(1,COUNTIF(QCI!$A$13:$A$41,OFFSET($E694,-1,0)))),\"\")","v":""},{"$f":"IF(AND($C694=\"S\",ORÇAMENTO.CodBarra<>\"\"),IF(ORÇAMENTO.Fonte=\"\",ORÇAMENTO.CodBarra,CONCATENATE(ORÇAMENTO.Fonte,\" \",ORÇAMENTO.CodBarra)))","v":"SINAPI 103672"},{"$f":"IF(ISERROR(INDIRECT(ORÇAMENTO.BancoRef)),\"(abra o arquivo 'Referência \"&Excel_BuiltIn_Database&\".xlsm)\",IF(OR($C694<>\"S\",ORÇAMENTO.CodBarra=\"\"),\"(Sem Código)\",IF(ISERROR(MATCH($AE694,INDIRECT(ORÇAMENTO.BancoRef),0)),\"(Código não identificado nas referências)\",MATCH($AE694,INDIRECT(ORÇAMENTO.BancoRef),0))))","v":2801},{"$f":"ROUND(IF(DESONERACAO=\"sim\",REFERENCIA.Desonerado,REFERENCIA.NaoDesonerado),2)","v":707.08},0.25,null,4.9800000000000004,null,null,4401.57,883.85]
[2,2,2,9,{"$f":"IF($C695=1,OFFSET(E695,-1,0)+MAX(1,COUNTIF(QCI!$A$13:$A$41,OFFSET(ORÇAMENTO!E695,-1,0))),OFFSET(E695,-1,0))","v":25},4,0,0,0,23,{"$f":"IF(OR($C695=\"S\",$C695=0),0,MATCH(OFFSET($D695,0,$C695)+IF($C695<>1,1,COUNTIF(QCI!$A$13:$A$41,ORÇAMENTO!E695)),OFFSET($D695,1,$C695,ROW($C$744)-ROW($C695)),0))","v":9},"F","Nível 2","Nível 2","25.4.","SINAPI",null,"Concreto armado - vigas incluindo baldrame",{"$f":"REFERENCIA.Unidade","v":"-"},{"$f":"OFFSET(CÁLCULO!H$15,ROW($T695)-ROW(T$15),0)","v":0},null,"BDI 1",{"$f":"IF($C695=\"S\",ROUND(IF(TIPOORCAMENTO=\"Proposto\",ORÇAMENTO.CustoUnitario*(1+$AH695),ORÇAMENTO.PrecoUnitarioLicitado),15-13*$AF$10),0)","v":0},{"$f":"IF($C695=\"S\",IF(Import.TipoArredondamento<>\"TransfereGOV\",VTOTAL1,SUM(OFFSET(CÁLCULO!$AA$15,ROW($X695)-ROW($X$15),1):OFFSET(CÁLCULO!$AL$15,ROW($X695)-ROW($X$15),-1))),IF($C695=0,0,ROUND(SomaAgrup,15-13*$AF$11)))","v":36401.39},"RA","",{"$f":"IF($C695=\"S\",IF($Z695=\"CP\",$X695,IF($Z695=\"RA\",(($X695)*QCI!$AA$3),0)),SomaAgrup)","v":1296.36276498805},0,{"$f":"IF($N695=\"\",\"\",IF(ORÇAMENTO.Descricao=\"\",\"DESCRIÇÃO\",IF(AND($C695=\"S\",ORÇAMENTO.Unidade=\"\"),\"UNIDADE\",IF($X695<0,\"VALOR NEGATIVO\",IF(OR(AND(TIPOORCAMENTO=\"Proposto\",$AG695<>\"\",$AG695>0,ORÇAMENTO.CustoUnitario>$AG695),AND(TIPOORCAMENTO=\"LICITADO\",ORÇAMENTO.PrecoUnitarioLicitado>$AN695)),\"ACIMA REF.\",\"\")))))","v":""},{"$f":"IF(C695<=CRONO.NivelExibicao,MAX($AD$15:OFFSET(AD695,-1,0))+IF($C695<>1,1,MAX(1,COUNTIF(QCI!$A$13:$A$41,OFFSET($E695,-1,0)))),\"\")","v":96},{"$f":"IF(AND($C695=\"S\",ORÇAMENTO.CodBarra<>\"\"),IF(ORÇAMENTO.Fonte=\"\",ORÇAMENTO.CodBarra,CONCATENATE(ORÇAMENTO.Fonte,\" \",ORÇAMENTO.CodBarra)))","v":false},{"$f":"IF(ISERROR(INDIRECT(ORÇAMENTO.BancoRef)),\"(abra o arquivo 'Referência \"&Excel_BuiltIn_Database&\".xlsm)\",IF(OR($C695<>\"S\",ORÇAMENTO.CodBarra=\"\"),\"(Sem Código)\",IF(ISERROR(MATCH($AE695,INDIRECT(ORÇAMENTO.BancoRef),0)),\"(Código não identificado nas referências)\",MATCH($AE695,INDIRECT(ORÇAMENTO.BancoRef),0))))","v":"(Sem Código)"},{"$f":"ROUND(IF(DESONERACAO=\"sim\",REFERENCIA.Desonerado,REFERENCIA.NaoDesonerado),2)","v":0},0.25,null,null,null,null,36401.39,0]
["S",2,"S",0,{"$f":"IF($C696=1,OFFSET(E696,-1,0)+MAX(1,COUNTIF(QCI!$A$13:$A$41,OFFSET(ORÇAMENTO!E696,-1,0))),OFFSET(E696,-1,0))","v":25},4,0,0,1,0,{"$f":"IF(OR($C696=\"S\",$C696=0),0,MATCH(OFFSET($D696,0,$C696)+IF($C696<>1,1,COUNTIF(QCI!$A$13:$A$41,ORÇAMENTO!E696)),OFFSET($D696,1,$C696,ROW($C$744)-ROW($C696)),0))","v":0},"F","Serviço","Serviço","25.4.1.","SINAPI","96619","LASTRO DE CONCRETO MAGRO, APLICADO EM BLOCOS DE COROAMENTO OU SAPATAS, ESPESSURA DE 5 CM. AF_01/2024",{"$f":"REFERENCIA.Unidade","v":"M2"},{"$f":"OFFSET(CÁLCULO!H$15,ROW($T696)-ROW(T$15),0)","v":40.299999999999997},{"$f":"ROUND(IF(DESONERACAO=\"sim\",REFERENCIA.Desonerado,REFERENCIA.NaoDesonerado),2)","v":40.72},"BDI 1",{"$f":"IF($C696=\"S\",ROUND(IF(TIPOORCAMENTO=\"Proposto\",ORÇAMENTO.CustoUnitario*(1+$AH696),ORÇAMENTO.PrecoUnitarioLicitado),15-13*$AF$10),0)","v":50.9},{"$f":"IF($C696=\"S\",IF(Import.TipoArredondamento<>\"TransfereGOV\",VTOTAL1,SUM(OFFSET(CÁLCULO!$AA$15,ROW($X696)-ROW($X$15),1):OFFSET(CÁLCULO!$AL$15,ROW($X696)-ROW($X$15),-1))),IF($C696=0,0,ROUND(SomaAgrup,15-13*$AF$11)))","v":2051.27},"RA","RA",{"$f":"IF($C696=\"S\",IF($Z696=\"CP\",$X696,IF($Z696=\"RA\",(($X696)*QCI!$AA$3),0)),SomaAgrup)","v":73.051882055521432},0,{"$f":"IF($N696=\"\",\"\",IF(ORÇAMENTO.Descricao=\"\",\"DESCRIÇÃO\",IF(AND($C696=\"S\",ORÇAMENTO.Unidade=\"\"),\"UNIDADE\",IF($X696<0,\"VALOR NEGATIVO\",IF(OR(AND(TIPOORCAMENTO=\"Proposto\",$AG696<>\"\",$AG696>0,ORÇAMENTO.CustoUnitario>$AG696),AND(TIPOORCAMENTO=\"LICITADO\",ORÇAMENTO.PrecoUnitarioLicitado>$AN696)),\"ACIMA REF.\",\"\")))))","v":""},{"$f":"IF(C696<=CRONO.NivelExibicao,MAX($AD$15:OFFSET(AD696,-1,0))+IF($C696<>1,1,MAX(1,COUNTIF(QCI!$A$13:$A$41,OFFSET($E696,-1,0)))),\"\")","v":""},{"$f":"IF(AND($C696=\"S\",ORÇAMENTO.CodBarra<>\"\"),IF(ORÇAMENTO.Fonte=\"\",ORÇAMENTO.CodBarra,CONCATENATE(ORÇAMENTO.Fonte,\" \",ORÇAMENTO.CodBarra)))","v":"SINAPI 96619"},{"$f":"IF(ISERROR(INDIRECT(ORÇAMENTO.BancoRef)),\"(abra o arquivo 'Referência \"&Excel_BuiltIn_Database&\".xlsm)\",IF(OR($C696<>\"S\",ORÇAMENTO.CodBarra=\"\"),\"(Sem Código)\",IF(ISERROR(MATCH($AE696,INDIRECT(ORÇAMENTO.BancoRef),0)),\"(Código não identificado nas referências)\",MATCH($AE696,INDIRECT(ORÇAMENTO.BancoRef),0))))","v":2387},{"$f":"ROUND(IF(DESONERACAO=\"sim\",REFERENCIA.Desonerado,REFERENCIA.NaoDesonerado),2)","v":40.72},0.25,null,40.299999999999997,null,null,2051.27,50.9]
["S",2,"S",0,{"$f":"IF($C697=1,OFFSET(E697,-1,0)+MAX(1,COUNTIF(QCI!$A$13:$A$41,OFFSET(ORÇAMENTO!E697,-1,0))),OFFSET(E697,-1,0))","v":25},4,0,0,2,0,{"$f":"IF(OR($C697=\"S\",$C697=0),0,MATCH(OFFSET($D697,0,$C697)+IF($C697<>1,1,COUNTIF(QCI!$A$13:$A$41,ORÇAMENTO!E697)),OFFSET($D697,1,$C697,ROW($C$744)-ROW($C697)),0))","v":0},"F","Serviço","Serviço","25.4.2.","SINAPI","92443","MONTAGEM E DESMONTAGEM DE FÔRMA DE PILARES RETANGULARES E ESTRUTURAS SIMILARES, PÉ-DIREITO SIMPLES, EM CHAPA DE MADEIRA COMPENSADA PLASTIFICADA, 18 UTILIZAÇÕES. AF_09/2020",{"$f":"REFERENCIA.Unidade","v":"M2"},{"$f":"OFFSET(CÁLCULO!H$15,ROW($T697)-ROW(T$15),0)","v":163.16999999999999},{"$f":"ROUND(IF(DESONERACAO=\"sim\",REFERENCIA.Desonerado,REFERENCIA.NaoDesonerado),2)","v":52.61},"BDI 1",{"$f":"IF($C697=\"S\",ROUND(IF(TIPOORCAMENTO=\"Proposto\",ORÇAMENTO.CustoUnitario*(1+$AH697),ORÇAMENTO.PrecoUnitarioLicitado),15-13*$AF$10),0)","v":65.760000000000005},{"$f":"IF($C697=\"S\",IF(Import.TipoArredondamento<>\"TransfereGOV\",VTOTAL1,SUM(OFFSET(CÁLCULO!$AA$15,ROW($X697)-ROW($X$15),1):OFFSET(CÁLCULO!$AL$15,ROW($X697)-ROW($X$15),-1))),IF($C697=0,0,ROUND(SomaAgrup,15-13*$AF$11)))","v":10730.06},"RA","RA",{"$f":"IF($C697=\"S\",IF($Z697=\"CP\",$X697,IF($Z697=\"RA\",(($X697)*QCI!$AA$3),0)),SomaAgrup)","v":382.12964532639205},0,{"$f":"IF($N697=\"\",\"\",IF(ORÇAMENTO.Descricao=\"\",\"DESCRIÇÃO\",IF(AND($C697=\"S\",ORÇAMENTO.Unidade=\"\"),\"UNIDADE\",IF($X697<0,\"VALOR NEGATIVO\",IF(OR(AND(TIPOORCAMENTO=\"Proposto\",$AG697<>\"\",$AG697>0,ORÇAMENTO.CustoUnitario>$AG697),AND(TIPOORCAMENTO=\"LICITADO\",ORÇAMENTO.PrecoUnitarioLicitado>$AN697)),\"ACIMA REF.\",\"\")))))","v":""},{"$f":"IF(C697<=CRONO.NivelExibicao,MAX($AD$15:OFFSET(AD697,-1,0))+IF($C697<>1,1,MAX(1,COUNTIF(QCI!$A$13:$A$41,OFFSET($E697,-1,0)))),\"\")","v":""},{"$f":"IF(AND($C697=\"S\",ORÇAMENTO.CodBarra<>\"\"),IF(ORÇAMENTO.Fonte=\"\",ORÇAMENTO.CodBarra,CONCATENATE(ORÇAMENTO.Fonte,\" \",ORÇAMENTO.CodBarra)))","v":"SINAPI 92443"},{"$f":"IF(ISERROR(INDIRECT(ORÇAMENTO.BancoRef)),\"(abra o arquivo 'Referência \"&Excel_BuiltIn_Database&\".xlsm)\",IF(OR($C697<>\"S\",ORÇAMENTO.CodBarra=\"\"),\"(Sem Código)\",IF(ISERROR(MATCH($AE697,INDIRECT(ORÇAMENTO.BancoRef),0)),\"(Código não identificado nas referências)\",MATCH($AE697,INDIRECT(ORÇAMENTO.BancoRef),0))))","v":2449},{"$f":"ROUND(IF(DESONERACAO=\"sim\",REFERENCIA.Desonerado,REFERENCIA.NaoDesonerado),2)","v":52.61},0.25,null,163.16999999999999,null,null,10730.06,65.760000000000005]
["S",2,"S",0,{"$f":"IF($C698=1,OFFSET(E698,-1,0)+MAX(1,COUNTIF(QCI!$A$13:$A$41,OFFSET(ORÇAMENTO!E698,-1,0))),OFFSET(E698,-1,0))","v":25},4,0,0,3,0,{"$f":"IF(OR($C698=\"S\",$C698=0),0,MATCH(OFFSET($D698,0,$C698)+IF($C698<>1,1,COUNTIF(QCI!$A$13:$A$41,ORÇAMENTO!E698)),OFFSET($D698,1,$C698,ROW($C$744)-ROW($C698)),0))","v":0},"F","Serviço","Serviço","25.4.3.","SINAPI","92761","ARMAÇÃO DE PILAR OU VIGA DE ESTRUTURA CONVENCIONAL DE CONCRETO ARMADO UTILIZANDO AÇO CA-50 DE 8,0 MM - MONTAGEM. AF_06/2022",{"$f":"REFERENCIA.Unidade","v":"KG"},{"$f":"OFFSET(CÁLCULO!H$15,ROW($T698)-ROW(T$15),0)","v":541.39},{"$f":"ROUND(IF(DESONERACAO=\"sim\",REFERENCIA.Desonerado,REFERENCIA.NaoDesonerado),2)","v":12.8},"BDI 1",{"$f":"IF($C698=\"S\",ROUND(IF(TIPOORCAMENTO=\"Proposto\",ORÇAMENTO.CustoUnitario*(1+$AH698),ORÇAMENTO.PrecoUnitarioLicitado),15-13*$AF$10),0)","v":16},{"$f":"IF($C698=\"S\",IF(Import.TipoArredondamento<>\"TransfereGOV\",VTOTAL1,SUM(OFFSET(CÁLCULO!$AA$15,ROW($X698)-ROW($X$15),1):OFFSET(CÁLCULO!$AL$15,ROW($X698)-ROW($X$15),-1))),IF($C698=0,0,ROUND(SomaAgrup,15-13*$AF$11)))","v":8662.24},"RA","RA",{"$f":"IF($C698=\"S\",IF($Z698=\"CP\",$X698,IF($Z698=\"RA\",(($X698)*QCI!$AA$3),0)),SomaAgrup)","v":308.48836809226475},0,{"$f":"IF($N698=\"\",\"\",IF(ORÇAMENTO.Descricao=\"\",\"DESCRIÇÃO\",IF(AND($C698=\"S\",ORÇAMENTO.Unidade=\"\"),\"UNIDADE\",IF($X698<0,\"VALOR NEGATIVO\",IF(OR(AND(TIPOORCAMENTO=\"Proposto\",$AG698<>\"\",$AG698>0,ORÇAMENTO.CustoUnitario>$AG698),AND(TIPOORCAMENTO=\"LICITADO\",ORÇAMENTO.PrecoUnitarioLicitado>$AN698)),\"ACIMA REF.\",\"\")))))","v":""},{"$f":"IF(C698<=CRONO.NivelExibicao,MAX($AD$15:OFFSET(AD698,-1,0))+IF($C698<>1,1,MAX(1,COUNTIF(QCI!$A$13:$A$41,OFFSET($E698,-1,0)))),\"\")","v":""},{"$f":"IF(AND($C698=\"S\",ORÇAMENTO.CodBarra<>\"\"),IF(ORÇAMENTO.Fonte=\"\",ORÇAMENTO.CodBarra,CONCATENATE(ORÇAMENTO.Fonte,\" \",ORÇAMENTO.CodBarra)))","v":"SINAPI 92761"},{"$f":"IF(ISERROR(INDIRECT(ORÇAMENTO.BancoRef)),\"(abra o arquivo 'Referência \"&Excel_BuiltIn_Database&\".xlsm)\",IF(OR($C698<>\"S\",ORÇAMENTO.CodBarra=\"\"),\"(Sem Código)\",IF(ISERROR(MATCH($AE698,INDIRECT(ORÇAMENTO.BancoRef),0)),\"(Código não identificado nas referências)\",MATCH($AE698,INDIRECT(ORÇAMENTO.BancoRef),0))))","v":2652},{"$f":"ROUND(IF(DESONERACAO=\"sim\",REFERENCIA.Desonerado,REFERENCIA.NaoDesonerado),2)","v":12.8},0.25,null,541.39,null,null,8662.24,16]
["S",2,"S",0,{"$f":"IF($C699=1,OFFSET(E699,-1,0)+MAX(1,COUNTIF(QCI!$A$13:$A$41,OFFSET(ORÇAMENTO!E699,-1,0))),OFFSET(E699,-1,0))","v":25},4,0,0,4,0,{"$f":"IF(OR($C699=\"S\",$C699=0),0,MATCH(OFFSET($D699,0,$C699)+IF($C699<>1,1,COUNTIF(QCI!$A$13:$A$41,ORÇAMENTO!E699)),OFFSET($D699,1,$C699,ROW($C$744)-ROW($C699)),0))","v":0},"F","Serviço","Serviço","25.4.4.","SINAPI","92762","ARMAÇÃO DE PILAR OU VIGA DE ESTRUTURA CONVENCIONAL DE CONCRETO ARMADO UTILIZANDO AÇO CA-50 DE 10,0 MM - MONTAGEM. AF_06/2022",{"$f":"REFERENCIA.Unidade","v":"KG"},{"$f":"OFFSET(CÁLCULO!H$15,ROW($T699)-ROW(T$15),0)","v":3.99},{"$f":"ROUND(IF(DESONERACAO=\"sim\",REFERENCIA.Desonerado,REFERENCIA.NaoDesonerado),2)","v":11.44},"BDI 1",{"$f":"IF($C699=\"S\",ROUND(IF(TIPOORCAMENTO=\"Proposto\",ORÇAMENTO.CustoUnitario*(1+$AH699),ORÇAMENTO.PrecoUnitarioLicitado),15-13*$AF$10),0)","v":14.3},{"$f":"IF($C699=\"S\",IF(Import.TipoArredondamento<>\"TransfereGOV\",VTOTAL1,SUM(OFFSET(CÁLCULO!$AA$15,ROW($X699)-ROW($X$15),1):OFFSET(CÁLCULO!$AL$15,ROW($X699)-ROW($X$15),-1))),IF($C699=0,0,ROUND(SomaAgrup,15-13*$AF$11)))","v":57.06},"RA","RA",{"$f":"IF($C699=\"S\",IF($Z699=\"CP\",$X699,IF($Z699=\"RA\",(($X699)*QCI!$AA$3),0)),SomaAgrup)","v":2.0320778786254627},0,{"$f":"IF($N699=\"\",\"\",IF(ORÇAMENTO.Descricao=\"\",\"DESCRIÇÃO\",IF(AND($C699=\"S\",ORÇAMENTO.Unidade=\"\"),\"UNIDADE\",IF($X699<0,\"VALOR NEGATIVO\",IF(OR(AND(TIPOORCAMENTO=\"Proposto\",$AG699<>\"\",$AG699>0,ORÇAMENTO.CustoUnitario>$AG699),AND(TIPOORCAMENTO=\"LICITADO\",ORÇAMENTO.PrecoUnitarioLicitado>$AN699)),\"ACIMA REF.\",\"\")))))","v":""},{"$f":"IF(C699<=CRONO.NivelExibicao,MAX($AD$15:OFFSET(AD699,-1,0))+IF($C699<>1,1,MAX(1,COUNTIF(QCI!$A$13:$A$41,OFFSET($E699,-1,0)))),\"\")","v":""},{"$f":"IF(AND($C699=\"S\",ORÇAMENTO.CodBarra<>\"\"),IF(ORÇAMENTO.Fonte=\"\",ORÇAMENTO.CodBarra,CONCATENATE(ORÇAMENTO.Fonte,\" \",ORÇAMENTO.CodBarra)))","v":"SINAPI 92762"},{"$f":"IF(ISERROR(INDIRECT(ORÇAMENTO.BancoRef)),\"(abra o arquivo 'Referência \"&Excel_BuiltIn_Database&\".xlsm)\",IF(OR($C699<>\"S\",ORÇAMENTO.CodBarra=\"\"),\"(Sem Código)\",IF(ISERROR(MATCH($AE699,INDIRECT(ORÇAMENTO.BancoRef),0)),\"(Código não identificado nas referências)\",MATCH($AE699,INDIRECT(ORÇAMENTO.BancoRef),0))))","v":2653},{"$f":"ROUND(IF(DESONERACAO=\"sim\",REFERENCIA.Desonerado,REFERENCIA.NaoDesonerado),2)","v":11.44},0.25,null,3.99,null,null,57.06,14.3]
["S",2,"S",0,{"$f":"IF($C700=1,OFFSET(E700,-1,0)+MAX(1,COUNTIF(QCI!$A$13:$A$41,OFFSET(ORÇAMENTO!E700,-1,0))),OFFSET(E700,-1,0))","v":25},4,0,0,5,0,{"$f":"IF(OR($C700=\"S\",$C700=0),0,MATCH(OFFSET($D700,0,$C700)+IF($C700<>1,1,COUNTIF(QCI!$A$13:$A$41,ORÇAMENTO!E700)),OFFSET($D700,1,$C700,ROW($C$744)-ROW($C700)),0))","v":0},"F","Serviço","Serviço","25.4.5.","SINAPI","92763","ARMAÇÃO DE PILAR OU VIGA DE ESTRUTURA CONVENCIONAL DE CONCRETO ARMADO UTILIZANDO AÇO CA-50 DE 12,5 MM - MONTAGEM. AF_06/2022",{"$f":"REFERENCIA.Unidade","v":"KG"},{"$f":"OFFSET(CÁLCULO!H$15,ROW($T700)-ROW(T$15),0)","v":8.51},{"$f":"ROUND(IF(DESONERACAO=\"sim\",REFERENCIA.Desonerado,REFERENCIA.NaoDesonerado),2)","v":9.6199999999999992},"BDI 1",{"$f":"IF($C700=\"S\",ROUND(IF(TIPOORCAMENTO=\"Proposto\",ORÇAMENTO.CustoUnitario*(1+$AH700),ORÇAMENTO.PrecoUnitarioLicitado),15-13*$AF$10),0)","v":12.03},{"$f":"IF($C700=\"S\",IF(Import.TipoArredondamento<>\"TransfereGOV\",VTOTAL1,SUM(OFFSET(CÁLCULO!$AA$15,ROW($X700)-ROW($X$15),1):OFFSET(CÁLCULO!$AL$15,ROW($X700)-ROW($X$15),-1))),IF($C700=0,0,ROUND(SomaAgrup,15-13*$AF$11)))","v":102.38},"RA","RA",{"$f":"IF($C700=\"S\",IF($Z700=\"CP\",$X700,IF($Z700=\"RA\",(($X700)*QCI!$AA$3),0)),SomaAgrup)","v":3.6460591169589005},0,{"$f":"IF($N700=\"\",\"\",IF(ORÇAMENTO.Descricao=\"\",\"DESCRIÇÃO\",IF(AND($C700=\"S\",ORÇAMENTO.Unidade=\"\"),\"UNIDADE\",IF($X700<0,\"VALOR NEGATIVO\",IF(OR(AND(TIPOORCAMENTO=\"Proposto\",$AG700<>\"\",$AG700>0,ORÇAMENTO.CustoUnitario>$AG700),AND(TIPOORCAMENTO=\"LICITADO\",ORÇAMENTO.PrecoUnitarioLicitado>$AN700)),\"ACIMA REF.\",\"\")))))","v":""},{"$f":"IF(C700<=CRONO.NivelExibicao,MAX($AD$15:OFFSET(AD700,-1,0))+IF($C700<>1,1,MAX(1,COUNTIF(QCI!$A$13:$A$41,OFFSET($E700,-1,0)))),\"\")","v":""},{"$f":"IF(AND($C700=\"S\",ORÇAMENTO.CodBarra<>\"\"),IF(ORÇAMENTO.Fonte=\"\",ORÇAMENTO.CodBarra,CONCATENATE(ORÇAMENTO.Fonte,\" \",ORÇAMENTO.CodBarra)))","v":"SINAPI 92763"},{"$f":"IF(ISERROR(INDIRECT(ORÇAMENTO.BancoRef)),\"(abra o arquivo 'Referência \"&Excel_BuiltIn_Database&\".xlsm)\",IF(OR($C700<>\"S\",ORÇAMENTO.CodBarra=\"\"),\"(Sem Código)\",IF(ISERROR(MATCH($AE700,INDIRECT(ORÇAMENTO.BancoRef),0)),\"(Código não identificado nas referências)\",MATCH($AE700,INDIRECT(ORÇAMENTO.BancoRef),0))))","v":2654},{"$f":"ROUND(IF(DESONERACAO=\"sim\",REFERENCIA.Desonerado,REFERENCIA.NaoDesonerado),2)","v":9.6199999999999992},0.25,null,8.51,null,null,102.38,12.03]
["S",2,"S",0,{"$f":"IF($C701=1,OFFSET(E701,-1,0)+MAX(1,COUNTIF(QCI!$A$13:$A$41,OFFSET(ORÇAMENTO!E701,-1,0))),OFFSET(E701,-1,0))","v":25},4,0,0,6,0,{"$f":"IF(OR($C701=\"S\",$C701=0),0,MATCH(OFFSET($D701,0,$C701)+IF($C701<>1,1,COUNTIF(QCI!$A$13:$A$41,ORÇAMENTO!E701)),OFFSET($D701,1,$C701,ROW($C$744)-ROW($C701)),0))","v":0},"F","Serviço","Serviço","25.4.6.","SINAPI","92764","ARMAÇÃO DE PILAR OU VIGA DE ESTRUTURA CONVENCIONAL DE CONCRETO ARMADO UTILIZANDO AÇO CA-50 DE 16,0 MM - MONTAGEM. AF_06/2022",{"$f":"REFERENCIA.Unidade","v":"KG"},{"$f":"OFFSET(CÁLCULO!H$15,ROW($T701)-ROW(T$15),0)","v":40.21},{"$f":"ROUND(IF(DESONERACAO=\"sim\",REFERENCIA.Desonerado,REFERENCIA.NaoDesonerado),2)","v":9.31},"BDI 1",{"$f":"IF($C701=\"S\",ROUND(IF(TIPOORCAMENTO=\"Proposto\",ORÇAMENTO.CustoUnitario*(1+$AH701),ORÇAMENTO.PrecoUnitarioLicitado),15-13*$AF$10),0)","v":11.64},{"$f":"IF($C701=\"S\",IF(Import.TipoArredondamento<>\"TransfereGOV\",VTOTAL1,SUM(OFFSET(CÁLCULO!$AA$15,ROW($X701)-ROW($X$15),1):OFFSET(CÁLCULO!$AL$15,ROW($X701)-ROW($X$15),-1))),IF($C701=0,0,ROUND(SomaAgrup,15-13*$AF$11)))","v":468.04},"RA","RA",{"$f":"IF($C701=\"S\",IF($Z701=\"CP\",$X701,IF($Z701=\"RA\",(($X701)*QCI!$AA$3),0)),SomaAgrup)","v":16.668309328984606},0,{"$f":"IF($N701=\"\",\"\",IF(ORÇAMENTO.Descricao=\"\",\"DESCRIÇÃO\",IF(AND($C701=\"S\",ORÇAMENTO.Unidade=\"\"),\"UNIDADE\",IF($X701<0,\"VALOR NEGATIVO\",IF(OR(AND(TIPOORCAMENTO=\"Proposto\",$AG701<>\"\",$AG701>0,ORÇAMENTO.CustoUnitario>$AG701),AND(TIPOORCAMENTO=\"LICITADO\",ORÇAMENTO.PrecoUnitarioLicitado>$AN701)),\"ACIMA REF.\",\"\")))))","v":""},{"$f":"IF(C701<=CRONO.NivelExibicao,MAX($AD$15:OFFSET(AD701,-1,0))+IF($C701<>1,1,MAX(1,COUNTIF(QCI!$A$13:$A$41,OFFSET($E701,-1,0)))),\"\")","v":""},{"$f":"IF(AND($C701=\"S\",ORÇAMENTO.CodBarra<>\"\"),IF(ORÇAMENTO.Fonte=\"\",ORÇAMENTO.CodBarra,CONCATENATE(ORÇAMENTO.Fonte,\" \",ORÇAMENTO.CodBarra)))","v":"SINAPI 92764"},{"$f":"IF(ISERROR(INDIRECT(ORÇAMENTO.BancoRef)),\"(abra o arquivo 'Referência \"&Excel_BuiltIn_Database&\".xlsm)\",IF(OR($C701<>\"S\",ORÇAMENTO.CodBarra=\"\"),\"(Sem Código)\",IF(ISERROR(MATCH($AE701,INDIRECT(ORÇAMENTO.BancoRef),0)),\"(Código não identificado nas referências)\",MATCH($AE701,INDIRECT(ORÇAMENTO.BancoRef),0))))","v":2655},{"$f":"ROUND(IF(DESONERACAO=\"sim\",REFERENCIA.Desonerado,REFERENCIA.NaoDesonerado),2)","v":9.31},0.25,null,40.21,null,null,468.04,11.64]
["S",2,"S",0,{"$f":"IF($C702=1,OFFSET(E702,-1,0)+MAX(1,COUNTIF(QCI!$A$13:$A$41,OFFSET(ORÇAMENTO!E702,-1,0))),OFFSET(E702,-1,0))","v":25},4,0,0,7,0,{"$f":"IF(OR($C702=\"S\",$C702=0),0,MATCH(OFFSET($D702,0,$C702)+IF($C702<>1,1,COUNTIF(QCI!$A$13:$A$41,ORÇAMENTO!E702)),OFFSET($D702,1,$C702,ROW($C$744)-ROW($C702)),0))","v":0},"F","Serviço","Serviço","25.4.7.","SINAPI","92759","ARMAÇÃO DE PILAR OU VIGA DE ESTRUTURA CONVENCIONAL DE CONCRETO ARMADO UTILIZANDO AÇO CA-60 DE 5,0 MM - MONTAGEM. AF_06/2022",{"$f":"REFERENCIA.Unidade","v":"KG"},{"$f":"OFFSET(CÁLCULO!H$15,ROW($T702)-ROW(T$15),0)","v":202.39},{"$f":"ROUND(IF(DESONERACAO=\"sim\",REFERENCIA.Desonerado,REFERENCIA.NaoDesonerado),2)","v":14.4},"BDI 1",{"$f":"IF($C702=\"S\",ROUND(IF(TIPOORCAMENTO=\"Proposto\",ORÇAMENTO.CustoUnitario*(1+$AH702),ORÇAMENTO.PrecoUnitarioLicitado),15-13*$AF$10),0)","v":18},{"$f":"IF($C702=\"S\",IF(Import.TipoArredondamento<>\"TransfereGOV\",VTOTAL1,SUM(OFFSET(CÁLCULO!$AA$15,ROW($X702)-ROW($X$15),1):OFFSET(CÁLCULO!$AL$15,ROW($X702)-ROW($X$15),-1))),IF($C702=0,0,ROUND(SomaAgrup,15-13*$AF$11)))","v":3643.02},"RA","RA",{"$f":"IF($C702=\"S\",IF($Z702=\"CP\",$X702,IF($Z702=\"RA\",(($X702)*QCI!$AA$3),0)),SomaAgrup)","v":129.73887755678467},0,{"$f":"IF($N702=\"\",\"\",IF(ORÇAMENTO.Descricao=\"\",\"DESCRIÇÃO\",IF(AND($C702=\"S\",ORÇAMENTO.Unidade=\"\"),\"UNIDADE\",IF($X702<0,\"VALOR NEGATIVO\",IF(OR(AND(TIPOORCAMENTO=\"Proposto\",$AG702<>\"\",$AG702>0,ORÇAMENTO.CustoUnitario>$AG702),AND(TIPOORCAMENTO=\"LICITADO\",ORÇAMENTO.PrecoUnitarioLicitado>$AN702)),\"ACIMA REF.\",\"\")))))","v":""},{"$f":"IF(C702<=CRONO.NivelExibicao,MAX($AD$15:OFFSET(AD702,-1,0))+IF($C702<>1,1,MAX(1,COUNTIF(QCI!$A$13:$A$41,OFFSET($E702,-1,0)))),\"\")","v":""},{"$f":"IF(AND($C702=\"S\",ORÇAMENTO.CodBarra<>\"\"),IF(ORÇAMENTO.Fonte=\"\",ORÇAMENTO.CodBarra,CONCATENATE(ORÇAMENTO.Fonte,\" \",ORÇAMENTO.CodBarra)))","v":"SINAPI 92759"},{"$f":"IF(ISERROR(INDIRECT(ORÇAMENTO.BancoRef)),\"(abra o arquivo 'Referência \"&Excel_BuiltIn_Database&\".xlsm)\",IF(OR($C702<>\"S\",ORÇAMENTO.CodBarra=\"\"),\"(Sem Código)\",IF(ISERROR(MATCH($AE702,INDIRECT(ORÇAMENTO.BancoRef),0)),\"(Código não identificado nas referências)\",MATCH($AE702,INDIRECT(ORÇAMENTO.BancoRef),0))))","v":2650},{"$f":"ROUND(IF(DESONERACAO=\"sim\",REFERENCIA.Desonerado,REFERENCIA.NaoDesonerado),2)","v":14.4},0.25,null,202.39,null,null,3643.02,18]
["S",2,"S",0,{"$f":"IF($C703=1,OFFSET(E703,-1,0)+MAX(1,COUNTIF(QCI!$A$13:$A$41,OFFSET(ORÇAMENTO!E703,-1,0))),OFFSET(E703,-1,0))","v":25},4,0,0,8,0,{"$f":"IF(OR($C703=\"S\",$C703=0),0,MATCH(OFFSET($D703,0,$C703)+IF($C703<>1,1,COUNTIF(QCI!$A$13:$A$41,ORÇAMENTO!E703)),OFFSET($D703,1,$C703,ROW($C$744)-ROW($C703)),0))","v":0},"F","Serviço","Serviço","25.4.8.","SINAPI","103675","CONCRETAGEM DE VIGAS E LAJES, FCK=25 MPA, PARA LAJES MACIÇAS OU NERVURADAS COM USO DE BOMBA - LANÇAMENTO, ADENSAMENTO E ACABAMENTO. AF_02/2022_PS",{"$f":"REFERENCIA.Unidade","v":"M3"},{"$f":"OFFSET(CÁLCULO!H$15,ROW($T703)-ROW(T$15),0)","v":12.09},{"$f":"ROUND(IF(DESONERACAO=\"sim\",REFERENCIA.Desonerado,REFERENCIA.NaoDesonerado),2)","v":707.18},"BDI 1",{"$f":"IF($C703=\"S\",ROUND(IF(TIPOORCAMENTO=\"Proposto\",ORÇAMENTO.CustoUnitario*(1+$AH703),ORÇAMENTO.PrecoUnitarioLicitado),15-13*$AF$10),0)","v":883.98},{"$f":"IF($C703=\"S\",IF(Import.TipoArredondamento<>\"TransfereGOV\",VTOTAL1,SUM(OFFSET(CÁLCULO!$AA$15,ROW($X703)-ROW($X$15),1):OFFSET(CÁLCULO!$AL$15,ROW($X703)-ROW($X$15),-1))),IF($C703=0,0,ROUND(SomaAgrup,15-13*$AF$11)))","v":10687.32},"RA","RA",{"$f":"IF($C703=\"S\",IF($Z703=\"CP\",$X703,IF($Z703=\"RA\",(($X703)*QCI!$AA$3),0)),SomaAgrup)","v":380.60754563251805},0,{"$f":"IF($N703=\"\",\"\",IF(ORÇAMENTO.Descricao=\"\",\"DESCRIÇÃO\",IF(AND($C703=\"S\",ORÇAMENTO.Unidade=\"\"),\"UNIDADE\",IF($X703<0,\"VALOR NEGATIVO\",IF(OR(AND(TIPOORCAMENTO=\"Proposto\",$AG703<>\"\",$AG703>0,ORÇAMENTO.CustoUnitario>$AG703),AND(TIPOORCAMENTO=\"LICITADO\",ORÇAMENTO.PrecoUnitarioLicitado>$AN703)),\"ACIMA REF.\",\"\")))))","v":""},{"$f":"IF(C703<=CRONO.NivelExibicao,MAX($AD$15:OFFSET(AD703,-1,0))+IF($C703<>1,1,MAX(1,COUNTIF(QCI!$A$13:$A$41,OFFSET($E703,-1,0)))),\"\")","v":""},{"$f":"IF(AND($C703=\"S\",ORÇAMENTO.CodBarra<>\"\"),IF(ORÇAMENTO.Fonte=\"\",ORÇAMENTO.CodBarra,CONCATENATE(ORÇAMENTO.Fonte,\" \",ORÇAMENTO.CodBarra)))","v":"SINAPI 103675"},{"$f":"IF(ISERROR(INDIRECT(ORÇAMENTO.BancoRef)),\"(abra o arquivo 'Referência \"&Excel_BuiltIn_Database&\".xlsm)\",IF(OR($C703<>\"S\",ORÇAMENTO.CodBarra=\"\"),\"(Sem Código)\",IF(ISERROR(MATCH($AE703,INDIRECT(ORÇAMENTO.BancoRef),0)),\"(Código não identificado nas referências)\",MATCH($AE703,INDIRECT(ORÇAMENTO.BancoRef),0))))","v":2804},{"$f":"ROUND(IF(DESONERACAO=\"sim\",REFERENCIA.Desonerado,REFERENCIA.NaoDesonerado),2)","v":707.18},0.25,null,12.09,null,null,10687.32,883.98]
[2,2,2,2,{"$f":"IF($C704=1,OFFSET(E704,-1,0)+MAX(1,COUNTIF(QCI!$A$13:$A$41,OFFSET(ORÇAMENTO!E704,-1,0))),OFFSET(E704,-1,0))","v":25},5,0,0,0,14,{"$f":"IF(OR($C704=\"S\",$C704=0),0,MATCH(OFFSET($D704,0,$C704)+IF($C704<>1,1,COUNTIF(QCI!$A$13:$A$41,ORÇAMENTO!E704)),OFFSET($D704,1,$C704,ROW($C$744)-ROW($C704)),0))","v":2},"F","Nível 2","Nível 2","25.5.","SINAPI",null,"Impermeabilização",{"$f":"REFERENCIA.Unidade","v":"-"},{"$f":"OFFSET(CÁLCULO!H$15,ROW($T704)-ROW(T$15),0)","v":0},null,"BDI 1",{"$f":"IF($C704=\"S\",ROUND(IF(TIPOORCAMENTO=\"Proposto\",ORÇAMENTO.CustoUnitario*(1+$AH704),ORÇAMENTO.PrecoUnitarioLicitado),15-13*$AF$10),0)","v":0},{"$f":"IF($C704=\"S\",IF(Import.TipoArredondamento<>\"TransfereGOV\",VTOTAL1,SUM(OFFSET(CÁLCULO!$AA$15,ROW($X704)-ROW($X$15),1):OFFSET(CÁLCULO!$AL$15,ROW($X704)-ROW($X$15),-1))),IF($C704=0,0,ROUND(SomaAgrup,15-13*$AF$11)))","v":6230.23},"RA","",{"$f":"IF($C704=\"S\",IF($Z704=\"CP\",$X704,IF($Z704=\"RA\",(($X704)*QCI!$AA$3),0)),SomaAgrup)","v":221.87719175865257},0,{"$f":"IF($N704=\"\",\"\",IF(ORÇAMENTO.Descricao=\"\",\"DESCRIÇÃO\",IF(AND($C704=\"S\",ORÇAMENTO.Unidade=\"\"),\"UNIDADE\",IF($X704<0,\"VALOR NEGATIVO\",IF(OR(AND(TIPOORCAMENTO=\"Proposto\",$AG704<>\"\",$AG704>0,ORÇAMENTO.CustoUnitario>$AG704),AND(TIPOORCAMENTO=\"LICITADO\",ORÇAMENTO.PrecoUnitarioLicitado>$AN704)),\"ACIMA REF.\",\"\")))))","v":""},{"$f":"IF(C704<=CRONO.NivelExibicao,MAX($AD$15:OFFSET(AD704,-1,0))+IF($C704<>1,1,MAX(1,COUNTIF(QCI!$A$13:$A$41,OFFSET($E704,-1,0)))),\"\")","v":97},{"$f":"IF(AND($C704=\"S\",ORÇAMENTO.CodBarra<>\"\"),IF(ORÇAMENTO.Fonte=\"\",ORÇAMENTO.CodBarra,CONCATENATE(ORÇAMENTO.Fonte,\" \",ORÇAMENTO.CodBarra)))","v":false},{"$f":"IF(ISERROR(INDIRECT(ORÇAMENTO.BancoRef)),\"(abra o arquivo 'Referência \"&Excel_BuiltIn_Database&\".xlsm)\",IF(OR($C704<>\"S\",ORÇAMENTO.CodBarra=\"\"),\"(Sem Código)\",IF(ISERROR(MATCH($AE704,INDIRECT(ORÇAMENTO.BancoRef),0)),\"(Código não identificado nas referências)\",MATCH($AE704,INDIRECT(ORÇAMENTO.BancoRef),0))))","v":"(Sem Código)"},{"$f":"ROUND(IF(DESONERACAO=\"sim\",REFERENCIA.Desonerado,REFERENCIA.NaoDesonerado),2)","v":0},0.25,null,null,null,null,6230.23,0]
["S",2,"S",0,{"$f":"IF($C705=1,OFFSET(E705,-1,0)+MAX(1,COUNTIF(QCI!$A$13:$A$41,OFFSET(ORÇAMENTO!E705,-1,0))),OFFSET(E705,-1,0))","v":25},5,0,0,1,0,{"$f":"IF(OR($C705=\"S\",$C705=0),0,MATCH(OFFSET($D705,0,$C705)+IF($C705<>1,1,COUNTIF(QCI!$A$13:$A$41,ORÇAMENTO!E705)),OFFSET($D705,1,$C705,ROW($C$744)-ROW($C705)),0))","v":0},"F","Serviço","Serviço","25.5.1.","SINAPI","FNDE 172","IMPERMEABILIZAÇÃO DE VIGA BALDRAME COM EMULSÃO ASFÁLTICA, 2 DEMÃOS","M2",{"$f":"OFFSET(CÁLCULO!H$15,ROW($T705)-ROW(T$15),0)","v":106.81},46.66,"BDI 1",{"$f":"IF($C705=\"S\",ROUND(IF(TIPOORCAMENTO=\"Proposto\",ORÇAMENTO.CustoUnitario*(1+$AH705),ORÇAMENTO.PrecoUnitarioLicitado),15-13*$AF$10),0)","v":58.33},{"$f":"IF($C705=\"S\",IF(Import.TipoArredondamento<>\"TransfereGOV\",VTOTAL1,SUM(OFFSET(CÁLCULO!$AA$15,ROW($X705)-ROW($X$15),1):OFFSET(CÁLCULO!$AL$15,ROW($X705)-ROW($X$15),-1))),IF($C705=0,0,ROUND(SomaAgrup,15-13*$AF$11)))","v":6230.23},"RA","RA",{"$f":"IF($C705=\"S\",IF($Z705=\"CP\",$X705,IF($Z705=\"RA\",(($X705)*QCI!$AA$3),0)),SomaAgrup)","v":221.87719175865257},0,{"$f":"IF($N705=\"\",\"\",IF(ORÇAMENTO.Descricao=\"\",\"DESCRIÇÃO\",IF(AND($C705=\"S\",ORÇAMENTO.Unidade=\"\"),\"UNIDADE\",IF($X705<0,\"VALOR NEGATIVO\",IF(OR(AND(TIPOORCAMENTO=\"Proposto\",$AG705<>\"\",$AG705>0,ORÇAMENTO.CustoUnitario>$AG705),AND(TIPOORCAMENTO=\"LICITADO\",ORÇAMENTO.PrecoUnitarioLicitado>$AN705)),\"ACIMA REF.\",\"\")))))","v":""},{"$f":"IF(C705<=CRONO.NivelExibicao,MAX($AD$15:OFFSET(AD705,-1,0))+IF($C705<>1,1,MAX(1,COUNTIF(QCI!$A$13:$A$41,OFFSET($E705,-1,0)))),\"\")","v":""},{"$f":"IF(AND($C705=\"S\",ORÇAMENTO.CodBarra<>\"\"),IF(ORÇAMENTO.Fonte=\"\",ORÇAMENTO.CodBarra,CONCATENATE(ORÇAMENTO.Fonte,\" \",ORÇAMENTO.CodBarra)))","v":"SINAPI FNDE 172"},{"$f":"IF(ISERROR(INDIRECT(ORÇAMENTO.BancoRef)),\"(abra o arquivo 'Referência \"&Excel_BuiltIn_Database&\".xlsm)\",IF(OR($C705<>\"S\",ORÇAMENTO.CodBarra=\"\"),\"(Sem Código)\",IF(ISERROR(MATCH($AE705,INDIRECT(ORÇAMENTO.BancoRef),0)),\"(Código não identificado nas referências)\",MATCH($AE705,INDIRECT(ORÇAMENTO.BancoRef),0))))","v":"(Código não identificado nas referências)"},{"$f":"ROUND(IF(DESONERACAO=\"sim\",REFERENCIA.Desonerado,REFERENCIA.NaoDesonerado),2)","v":0},0.25,null,106.81,null,null,6230.23,58.33]
[2,2,2,3,{"$f":"IF($C706=1,OFFSET(E706,-1,0)+MAX(1,COUNTIF(QCI!$A$13:$A$41,OFFSET(ORÇAMENTO!E706,-1,0))),OFFSET(E706,-1,0))","v":25},6,0,0,0,12,{"$f":"IF(OR($C706=\"S\",$C706=0),0,MATCH(OFFSET($D706,0,$C706)+IF($C706<>1,1,COUNTIF(QCI!$A$13:$A$41,ORÇAMENTO!E706)),OFFSET($D706,1,$C706,ROW($C$744)-ROW($C706)),0))","v":3},"F","Nível 2","Nível 2","25.6.","SINAPI",null,"Alvenaria de vedação - muro",{"$f":"REFERENCIA.Unidade","v":"-"},{"$f":"OFFSET(CÁLCULO!H$15,ROW($T706)-ROW(T$15),0)","v":0},null,"BDI 1",{"$f":"IF($C706=\"S\",ROUND(IF(TIPOORCAMENTO=\"Proposto\",ORÇAMENTO.CustoUnitario*(1+$AH706),ORÇAMENTO.PrecoUnitarioLicitado),15-13*$AF$10),0)","v":0},{"$f":"IF($C706=\"S\",IF(Import.TipoArredondamento<>\"TransfereGOV\",VTOTAL1,SUM(OFFSET(CÁLCULO!$AA$15,ROW($X706)-ROW($X$15),1):OFFSET(CÁLCULO!$AL$15,ROW($X706)-ROW($X$15),-1))),IF($C706=0,0,ROUND(SomaAgrup,15-13*$AF$11)))","v":34794.35},"RA","",{"$f":"IF($C706=\"S\",IF($Z706=\"CP\",$X706,IF($Z706=\"RA\",(($X706)*QCI!$AA$3),0)),SomaAgrup)","v":1239.1312466903589},0,{"$f":"IF($N706=\"\",\"\",IF(ORÇAMENTO.Descricao=\"\",\"DESCRIÇÃO\",IF(AND($C706=\"S\",ORÇAMENTO.Unidade=\"\"),\"UNIDADE\",IF($X706<0,\"VALOR NEGATIVO\",IF(OR(AND(TIPOORCAMENTO=\"Proposto\",$AG706<>\"\",$AG706>0,ORÇAMENTO.CustoUnitario>$AG706),AND(TIPOORCAMENTO=\"LICITADO\",ORÇAMENTO.PrecoUnitarioLicitado>$AN706)),\"ACIMA REF.\",\"\")))))","v":""},{"$f":"IF(C706<=CRONO.NivelExibicao,MAX($AD$15:OFFSET(AD706,-1,0))+IF($C706<>1,1,MAX(1,COUNTIF(QCI!$A$13:$A$41,OFFSET($E706,-1,0)))),\"\")","v":98},{"$f":"IF(AND($C706=\"S\",ORÇAMENTO.CodBarra<>\"\"),IF(ORÇAMENTO.Fonte=\"\",ORÇAMENTO.CodBarra,CONCATENATE(ORÇAMENTO.Fonte,\" \",ORÇAMENTO.CodBarra)))","v":false},{"$f":"IF(ISERROR(INDIRECT(ORÇAMENTO.BancoRef)),\"(abra o arquivo 'Referência \"&Excel_BuiltIn_Database&\".xlsm)\",IF(OR($C706<>\"S\",ORÇAMENTO.CodBarra=\"\"),\"(Sem Código)\",IF(ISERROR(MATCH($AE706,INDIRECT(ORÇAMENTO.BancoRef),0)),\"(Código não identificado nas referências)\",MATCH($AE706,INDIRECT(ORÇAMENTO.BancoRef),0))))","v":"(Sem Código)"},{"$f":"ROUND(IF(DESONERACAO=\"sim\",REFERENCIA.Desonerado,REFERENCIA.NaoDesonerado),2)","v":0},0.25,null,null,null,null,34794.35,0]
["S",2,"S",0,{"$f":"IF($C707=1,OFFSET(E707,-1,0)+MAX(1,COUNTIF(QCI!$A$13:$A$41,OFFSET(ORÇAMENTO!E707,-1,0))),OFFSET(E707,-1,0))","v":25},6,0,0,1,0,{"$f":"IF(OR($C707=\"S\",$C707=0),0,MATCH(OFFSET($D707,0,$C707)+IF($C707<>1,1,COUNTIF(QCI!$A$13:$A$41,ORÇAMENTO!E707)),OFFSET($D707,1,$C707,ROW($C$744)-ROW($C707)),0))","v":0},"F","Serviço","Serviço","25.6.1.","SINAPI","103324","ALVENARIA DE VEDAÇÃO DE BLOCOS CERÂMICOS FURADOS NA VERTICAL DE 14X19X39 CM (ESPESSURA 14 CM) E ARGAMASSA DE ASSENTAMENTO COM PREPARO EM BETONEIRA. AF_12/2021",{"$f":"REFERENCIA.Unidade","v":"M2"},{"$f":"OFFSET(CÁLCULO!H$15,ROW($T707)-ROW(T$15),0)","v":330.6},75.930000000000007,"BDI 1",{"$f":"IF($C707=\"S\",ROUND(IF(TIPOORCAMENTO=\"Proposto\",ORÇAMENTO.CustoUnitario*(1+$AH707),ORÇAMENTO.PrecoUnitarioLicitado),15-13*$AF$10),0)","v":94.91},{"$f":"IF($C707=\"S\",IF(Import.TipoArredondamento<>\"TransfereGOV\",VTOTAL1,SUM(OFFSET(CÁLCULO!$AA$15,ROW($X707)-ROW($X$15),1):OFFSET(CÁLCULO!$AL$15,ROW($X707)-ROW($X$15),-1))),IF($C707=0,0,ROUND(SomaAgrup,15-13*$AF$11)))","v":31377.25},"RA","RA",{"$f":"IF($C707=\"S\",IF($Z707=\"CP\",$X707,IF($Z707=\"RA\",(($X707)*QCI!$AA$3),0)),SomaAgrup)","v":1117.438058484066},0,{"$f":"IF($N707=\"\",\"\",IF(ORÇAMENTO.Descricao=\"\",\"DESCRIÇÃO\",IF(AND($C707=\"S\",ORÇAMENTO.Unidade=\"\"),\"UNIDADE\",IF($X707<0,\"VALOR NEGATIVO\",IF(OR(AND(TIPOORCAMENTO=\"Proposto\",$AG707<>\"\",$AG707>0,ORÇAMENTO.CustoUnitario>$AG707),AND(TIPOORCAMENTO=\"LICITADO\",ORÇAMENTO.PrecoUnitarioLicitado>$AN707)),\"ACIMA REF.\",\"\")))))","v":""},{"$f":"IF(C707<=CRONO.NivelExibicao,MAX($AD$15:OFFSET(AD707,-1,0))+IF($C707<>1,1,MAX(1,COUNTIF(QCI!$A$13:$A$41,OFFSET($E707,-1,0)))),\"\")","v":""},{"$f":"IF(AND($C707=\"S\",ORÇAMENTO.CodBarra<>\"\"),IF(ORÇAMENTO.Fonte=\"\",ORÇAMENTO.CodBarra,CONCATENATE(ORÇAMENTO.Fonte,\" \",ORÇAMENTO.CodBarra)))","v":"SINAPI 103324"},{"$f":"IF(ISERROR(INDIRECT(ORÇAMENTO.BancoRef)),\"(abra o arquivo 'Referência \"&Excel_BuiltIn_Database&\".xlsm)\",IF(OR($C707<>\"S\",ORÇAMENTO.CodBarra=\"\"),\"(Sem Código)\",IF(ISERROR(MATCH($AE707,INDIRECT(ORÇAMENTO.BancoRef),0)),\"(Código não identificado nas referências)\",MATCH($AE707,INDIRECT(ORÇAMENTO.BancoRef),0))))","v":5997},{"$f":"ROUND(IF(DESONERACAO=\"sim\",REFERENCIA.Desonerado,REFERENCIA.NaoDesonerado),2)","v":75.930000000000007},0.25,null,330.6,null,null,31377.25,94.91]
["S",2,"S",0,{"$f":"IF($C708=1,OFFSET(E708,-1,0)+MAX(1,COUNTIF(QCI!$A$13:$A$41,OFFSET(ORÇAMENTO!E708,-1,0))),OFFSET(E708,-1,0))","v":25},6,0,0,2,0,{"$f":"IF(OR($C708=\"S\",$C708=0),0,MATCH(OFFSET($D708,0,$C708)+IF($C708<>1,1,COUNTIF(QCI!$A$13:$A$41,ORÇAMENTO!E708)),OFFSET($D708,1,$C708,ROW($C$744)-ROW($C708)),0))","v":0},"F","Serviço","Serviço","25.6.2.","SINAPI","93203","FIXAÇÃO (ENCUNHAMENTO) DE ALVENARIA DE VEDAÇÃO COM ARGAMASSA APLICADA COM COLHER. AF_03/2016",{"$f":"REFERENCIA.Unidade","v":"M"},{"$f":"OFFSET(CÁLCULO!H$15,ROW($T708)-ROW(T$15),0)","v":171.8},15.91,"BDI 1",{"$f":"IF($C708=\"S\",ROUND(IF(TIPOORCAMENTO=\"Proposto\",ORÇAMENTO.CustoUnitario*(1+$AH708),ORÇAMENTO.PrecoUnitarioLicitado),15-13*$AF$10),0)","v":19.89},{"$f":"IF($C708=\"S\",IF(Import.TipoArredondamento<>\"TransfereGOV\",VTOTAL1,SUM(OFFSET(CÁLCULO!$AA$15,ROW($X708)-ROW($X$15),1):OFFSET(CÁLCULO!$AL$15,ROW($X708)-ROW($X$15),-1))),IF($C708=0,0,ROUND(SomaAgrup,15-13*$AF$11)))","v":3417.1},"RA","RA",{"$f":"IF($C708=\"S\",IF($Z708=\"CP\",$X708,IF($Z708=\"RA\",(($X708)*QCI!$AA$3),0)),SomaAgrup)","v":121.69318820629282},0,{"$f":"IF($N708=\"\",\"\",IF(ORÇAMENTO.Descricao=\"\",\"DESCRIÇÃO\",IF(AND($C708=\"S\",ORÇAMENTO.Unidade=\"\"),\"UNIDADE\",IF($X708<0,\"VALOR NEGATIVO\",IF(OR(AND(TIPOORCAMENTO=\"Proposto\",$AG708<>\"\",$AG708>0,ORÇAMENTO.CustoUnitario>$AG708),AND(TIPOORCAMENTO=\"LICITADO\",ORÇAMENTO.PrecoUnitarioLicitado>$AN708)),\"ACIMA REF.\",\"\")))))","v":""},{"$f":"IF(C708<=CRONO.NivelExibicao,MAX($AD$15:OFFSET(AD708,-1,0))+IF($C708<>1,1,MAX(1,COUNTIF(QCI!$A$13:$A$41,OFFSET($E708,-1,0)))),\"\")","v":""},{"$f":"IF(AND($C708=\"S\",ORÇAMENTO.CodBarra<>\"\"),IF(ORÇAMENTO.Fonte=\"\",ORÇAMENTO.CodBarra,CONCATENATE(ORÇAMENTO.Fonte,\" \",ORÇAMENTO.CodBarra)))","v":"SINAPI 93203"},{"$f":"IF(ISERROR(INDIRECT(ORÇAMENTO.BancoRef)),\"(abra o arquivo 'Referência \"&Excel_BuiltIn_Database&\".xlsm)\",IF(OR($C708<>\"S\",ORÇAMENTO.CodBarra=\"\"),\"(Sem Código)\",IF(ISERROR(MATCH($AE708,INDIRECT(ORÇAMENTO.BancoRef),0)),\"(Código não identificado nas referências)\",MATCH($AE708,INDIRECT(ORÇAMENTO.BancoRef),0))))","v":2836},{"$f":"ROUND(IF(DESONERACAO=\"sim\",REFERENCIA.Desonerado,REFERENCIA.NaoDesonerado),2)","v":15.91},0.25,null,171.8,null,null,3417.1,19.89]
[2,2,2,6,{"$f":"IF($C709=1,OFFSET(E709,-1,0)+MAX(1,COUNTIF(QCI!$A$13:$A$41,OFFSET(ORÇAMENTO!E709,-1,0))),OFFSET(E709,-1,0))","v":25},7,0,0,0,9,{"$f":"IF(OR($C709=\"S\",$C709=0),0,MATCH(OFFSET($D709,0,$C709)+IF($C709<>1,1,COUNTIF(QCI!$A$13:$A$41,ORÇAMENTO!E709)),OFFSET($D709,1,$C709,ROW($C$744)-ROW($C709)),0))","v":6},"F","Nível 2","Nível 2","25.7.","SINAPI",null,"Revestimento",{"$f":"REFERENCIA.Unidade","v":"-"},{"$f":"OFFSET(CÁLCULO!H$15,ROW($T709)-ROW(T$15),0)","v":0},null,"BDI 1",{"$f":"IF($C709=\"S\",ROUND(IF(TIPOORCAMENTO=\"Proposto\",ORÇAMENTO.CustoUnitario*(1+$AH709),ORÇAMENTO.PrecoUnitarioLicitado),15-13*$AF$10),0)","v":0},{"$f":"IF($C709=\"S\",IF(Import.TipoArredondamento<>\"TransfereGOV\",VTOTAL1,SUM(OFFSET(CÁLCULO!$AA$15,ROW($X709)-ROW($X$15),1):OFFSET(CÁLCULO!$AL$15,ROW($X709)-ROW($X$15),-1))),IF($C709=0,0,ROUND(SomaAgrup,15-13*$AF$11)))","v":48754.64},"RA","",{"$f":"IF($C709=\"S\",IF($Z709=\"CP\",$X709,IF($Z709=\"RA\",(($X709)*QCI!$AA$3),0)),SomaAgrup)","v":1736.2990785900479},0,{"$f":"IF($N709=\"\",\"\",IF(ORÇAMENTO.Descricao=\"\",\"DESCRIÇÃO\",IF(AND($C709=\"S\",ORÇAMENTO.Unidade=\"\"),\"UNIDADE\",IF($X709<0,\"VALOR NEGATIVO\",IF(OR(AND(TIPOORCAMENTO=\"Proposto\",$AG709<>\"\",$AG709>0,ORÇAMENTO.CustoUnitario>$AG709),AND(TIPOORCAMENTO=\"LICITADO\",ORÇAMENTO.PrecoUnitarioLicitado>$AN709)),\"ACIMA REF.\",\"\")))))","v":""},{"$f":"IF(C709<=CRONO.NivelExibicao,MAX($AD$15:OFFSET(AD709,-1,0))+IF($C709<>1,1,MAX(1,COUNTIF(QCI!$A$13:$A$41,OFFSET($E709,-1,0)))),\"\")","v":99},{"$f":"IF(AND($C709=\"S\",ORÇAMENTO.CodBarra<>\"\"),IF(ORÇAMENTO.Fonte=\"\",ORÇAMENTO.CodBarra,CONCATENATE(ORÇAMENTO.Fonte,\" \",ORÇAMENTO.CodBarra)))","v":false},{"$f":"IF(ISERROR(INDIRECT(ORÇAMENTO.BancoRef)),\"(abra o arquivo 'Referência \"&Excel_BuiltIn_Database&\".xlsm)\",IF(OR($C709<>\"S\",ORÇAMENTO.CodBarra=\"\"),\"(Sem Código)\",IF(ISERROR(MATCH($AE709,INDIRECT(ORÇAMENTO.BancoRef),0)),\"(Código não identificado nas referências)\",MATCH($AE709,INDIRECT(ORÇAMENTO.BancoRef),0))))","v":"(Sem Código)"},{"$f":"ROUND(IF(DESONERACAO=\"sim\",REFERENCIA.Desonerado,REFERENCIA.NaoDesonerado),2)","v":0},0.25,null,null,null,null,48754.64,0]
["S",2,"S",0,{"$f":"IF($C710=1,OFFSET(E710,-1,0)+MAX(1,COUNTIF(QCI!$A$13:$A$41,OFFSET(ORÇAMENTO!E710,-1,0))),OFFSET(E710,-1,0))","v":25},7,0,0,1,0,{"$f":"IF(OR($C710=\"S\",$C710=0),0,MATCH(OFFSET($D710,0,$C710)+IF($C710<>1,1,COUNTIF(QCI!$A$13:$A$41,ORÇAMENTO!E710)),OFFSET($D710,1,$C710,ROW($C$744)-ROW($C710)),0))","v":0},"F","Serviço","Serviço","25.7.1.","SINAPI","FNDE 176","CHAPISCO APLICADO EM ALVENARIAS E ESTRUTURAS DE CONCRETO EXTERNAS, COM COLHER DE PEDREIRO. ARGAMASSA TRAÇO 1:3 COM PREPARO EM BETONEIRA 400L. - EXTERNO","M2",{"$f":"OFFSET(CÁLCULO!H$15,ROW($T710)-ROW(T$15),0)","v":330.6},4.74,"BDI 1",{"$f":"IF($C710=\"S\",ROUND(IF(TIPOORCAMENTO=\"Proposto\",ORÇAMENTO.CustoUnitario*(1+$AH710),ORÇAMENTO.PrecoUnitarioLicitado),15-13*$AF$10),0)","v":5.93},{"$f":"IF($C710=\"S\",IF(Import.TipoArredondamento<>\"TransfereGOV\",VTOTAL1,SUM(OFFSET(CÁLCULO!$AA$15,ROW($X710)-ROW($X$15),1):OFFSET(CÁLCULO!$AL$15,ROW($X710)-ROW($X$15),-1))),IF($C710=0,0,ROUND(SomaAgrup,15-13*$AF$11)))","v":1960.46},"RA","RA",{"$f":"IF($C710=\"S\",IF($Z710=\"CP\",$X710,IF($Z710=\"RA\",(($X710)*QCI!$AA$3),0)),SomaAgrup)","v":69.817865368560717},0,{"$f":"IF($N710=\"\",\"\",IF(ORÇAMENTO.Descricao=\"\",\"DESCRIÇÃO\",IF(AND($C710=\"S\",ORÇAMENTO.Unidade=\"\"),\"UNIDADE\",IF($X710<0,\"VALOR NEGATIVO\",IF(OR(AND(TIPOORCAMENTO=\"Proposto\",$AG710<>\"\",$AG710>0,ORÇAMENTO.CustoUnitario>$AG710),AND(TIPOORCAMENTO=\"LICITADO\",ORÇAMENTO.PrecoUnitarioLicitado>$AN710)),\"ACIMA REF.\",\"\")))))","v":""},{"$f":"IF(C710<=CRONO.NivelExibicao,MAX($AD$15:OFFSET(AD710,-1,0))+IF($C710<>1,1,MAX(1,COUNTIF(QCI!$A$13:$A$41,OFFSET($E710,-1,0)))),\"\")","v":""},{"$f":"IF(AND($C710=\"S\",ORÇAMENTO.CodBarra<>\"\"),IF(ORÇAMENTO.Fonte=\"\",ORÇAMENTO.CodBarra,CONCATENATE(ORÇAMENTO.Fonte,\" \",ORÇAMENTO.CodBarra)))","v":"SINAPI FNDE 176"},{"$f":"IF(ISERROR(INDIRECT(ORÇAMENTO.BancoRef)),\"(abra o arquivo 'Referência \"&Excel_BuiltIn_Database&\".xlsm)\",IF(OR($C710<>\"S\",ORÇAMENTO.CodBarra=\"\"),\"(Sem Código)\",IF(ISERROR(MATCH($AE710,INDIRECT(ORÇAMENTO.BancoRef),0)),\"(Código não identificado nas referências)\",MATCH($AE710,INDIRECT(ORÇAMENTO.BancoRef),0))))","v":"(Código não identificado nas referências)"},{"$f":"ROUND(IF(DESONERACAO=\"sim\",REFERENCIA.Desonerado,REFERENCIA.NaoDesonerado),2)","v":0},0.25,null,330.6,null,null,1960.46,5.93]
["S",2,"S",0,{"$f":"IF($C711=1,OFFSET(E711,-1,0)+MAX(1,COUNTIF(QCI!$A$13:$A$41,OFFSET(ORÇAMENTO!E711,-1,0))),OFFSET(E711,-1,0))","v":25},7,0,0,2,0,{"$f":"IF(OR($C711=\"S\",$C711=0),0,MATCH(OFFSET($D711,0,$C711)+IF($C711<>1,1,COUNTIF(QCI!$A$13:$A$41,ORÇAMENTO!E711)),OFFSET($D711,1,$C711,ROW($C$744)-ROW($C711)),0))","v":0},"F","Serviço","Serviço","25.7.2.","SINAPI","FNDE 177","CHAPISCO APLICADO EM ALVENARIAS E ESTRUTURAS DE CONCRETO EXTERNAS, COM COLHER DE PEDREIRO. ARGAMASSA TRAÇO 1:3 COM PREPARO EM BETONEIRA 400L. - INTERNO","M2",{"$f":"OFFSET(CÁLCULO!H$15,ROW($T711)-ROW(T$15),0)","v":330.6},5.18,"BDI 1",{"$f":"IF($C711=\"S\",ROUND(IF(TIPOORCAMENTO=\"Proposto\",ORÇAMENTO.CustoUnitario*(1+$AH711),ORÇAMENTO.PrecoUnitarioLicitado),15-13*$AF$10),0)","v":6.48},{"$f":"IF($C711=\"S\",IF(Import.TipoArredondamento<>\"TransfereGOV\",VTOTAL1,SUM(OFFSET(CÁLCULO!$AA$15,ROW($X711)-ROW($X$15),1):OFFSET(CÁLCULO!$AL$15,ROW($X711)-ROW($X$15),-1))),IF($C711=0,0,ROUND(SomaAgrup,15-13*$AF$11)))","v":2142.29},"RA","RA",{"$f":"IF($C711=\"S\",IF($Z711=\"CP\",$X711,IF($Z711=\"RA\",(($X711)*QCI!$AA$3),0)),SomaAgrup)","v":76.293377472845123},0,{"$f":"IF($N711=\"\",\"\",IF(ORÇAMENTO.Descricao=\"\",\"DESCRIÇÃO\",IF(AND($C711=\"S\",ORÇAMENTO.Unidade=\"\"),\"UNIDADE\",IF($X711<0,\"VALOR NEGATIVO\",IF(OR(AND(TIPOORCAMENTO=\"Proposto\",$AG711<>\"\",$AG711>0,ORÇAMENTO.CustoUnitario>$AG711),AND(TIPOORCAMENTO=\"LICITADO\",ORÇAMENTO.PrecoUnitarioLicitado>$AN711)),\"ACIMA REF.\",\"\")))))","v":""},{"$f":"IF(C711<=CRONO.NivelExibicao,MAX($AD$15:OFFSET(AD711,-1,0))+IF($C711<>1,1,MAX(1,COUNTIF(QCI!$A$13:$A$41,OFFSET($E711,-1,0)))),\"\")","v":""},{"$f":"IF(AND($C711=\"S\",ORÇAMENTO.CodBarra<>\"\"),IF(ORÇAMENTO.Fonte=\"\",ORÇAMENTO.CodBarra,CONCATENATE(ORÇAMENTO.Fonte,\" \",ORÇAMENTO.CodBarra)))","v":"SINAPI FNDE 177"},{"$f":"IF(ISERROR(INDIRECT(ORÇAMENTO.BancoRef)),\"(abra o arquivo 'Referência \"&Excel_BuiltIn_Database&\".xlsm)\",IF(OR($C711<>\"S\",ORÇAMENTO.CodBarra=\"\"),\"(Sem Código)\",IF(ISERROR(MATCH($AE711,INDIRECT(ORÇAMENTO.BancoRef),0)),\"(Código não identificado nas referências)\",MATCH($AE711,INDIRECT(ORÇAMENTO.BancoRef),0))))","v":"(Código não identificado nas referências)"},{"$f":"ROUND(IF(DESONERACAO=\"sim\",REFERENCIA.Desonerado,REFERENCIA.NaoDesonerado),2)","v":0},0.25,null,330.6,null,null,2142.29,6.48]
["S",2,"S",0,{"$f":"IF($C712=1,OFFSET(E712,-1,0)+MAX(1,COUNTIF(QCI!$A$13:$A$41,OFFSET(ORÇAMENTO!E712,-1,0))),OFFSET(E712,-1,0))","v":25},7,0,0,3,0,{"$f":"IF(OR($C712=\"S\",$C712=0),0,MATCH(OFFSET($D712,0,$C712)+IF($C712<>1,1,COUNTIF(QCI!$A$13:$A$41,ORÇAMENTO!E712)),OFFSET($D712,1,$C712,ROW($C$744)-ROW($C712)),0))","v":0},"F","Serviço","Serviço","25.7.3.","SINAPI","FNDE 178","EMBOÇO OU MASSA ÚNICA EM ARGAMASSA TRAÇO 1:2:8, PREPARO MECÂNICO COM BETONEIRA 400 L, APLICADA MANUALMENTE EM PANOS CEGOS - REVESTIMENTO INTERNO (SEM PRESENÇA DE VÃOS), ESPESSURA DE 25 MM","M2",{"$f":"OFFSET(CÁLCULO!H$15,ROW($T712)-ROW(T$15),0)","v":330.6},41.78,"BDI 1",{"$f":"IF($C712=\"S\",ROUND(IF(TIPOORCAMENTO=\"Proposto\",ORÇAMENTO.CustoUnitario*(1+$AH712),ORÇAMENTO.PrecoUnitarioLicitado),15-13*$AF$10),0)","v":52.23},{"$f":"IF($C712=\"S\",IF(Import.TipoArredondamento<>\"TransfereGOV\",VTOTAL1,SUM(OFFSET(CÁLCULO!$AA$15,ROW($X712)-ROW($X$15),1):OFFSET(CÁLCULO!$AL$15,ROW($X712)-ROW($X$15),-1))),IF($C712=0,0,ROUND(SomaAgrup,15-13*$AF$11)))","v":17267.240000000002},"RA","RA",{"$f":"IF($C712=\"S\",IF($Z712=\"CP\",$X712,IF($Z712=\"RA\",(($X712)*QCI!$AA$3),0)),SomaAgrup)","v":614.93824796559306},0,{"$f":"IF($N712=\"\",\"\",IF(ORÇAMENTO.Descricao=\"\",\"DESCRIÇÃO\",IF(AND($C712=\"S\",ORÇAMENTO.Unidade=\"\"),\"UNIDADE\",IF($X712<0,\"VALOR NEGATIVO\",IF(OR(AND(TIPOORCAMENTO=\"Proposto\",$AG712<>\"\",$AG712>0,ORÇAMENTO.CustoUnitario>$AG712),AND(TIPOORCAMENTO=\"LICITADO\",ORÇAMENTO.PrecoUnitarioLicitado>$AN712)),\"ACIMA REF.\",\"\")))))","v":""},{"$f":"IF(C712<=CRONO.NivelExibicao,MAX($AD$15:OFFSET(AD712,-1,0))+IF($C712<>1,1,MAX(1,COUNTIF(QCI!$A$13:$A$41,OFFSET($E712,-1,0)))),\"\")","v":""},{"$f":"IF(AND($C712=\"S\",ORÇAMENTO.CodBarra<>\"\"),IF(ORÇAMENTO.Fonte=\"\",ORÇAMENTO.CodBarra,CONCATENATE(ORÇAMENTO.Fonte,\" \",ORÇAMENTO.CodBarra)))","v":"SINAPI FNDE 178"},{"$f":"IF(ISERROR(INDIRECT(ORÇAMENTO.BancoRef)),\"(abra o arquivo 'Referência \"&Excel_BuiltIn_Database&\".xlsm)\",IF(OR($C712<>\"S\",ORÇAMENTO.CodBarra=\"\"),\"(Sem Código)\",IF(ISERROR(MATCH($AE712,INDIRECT(ORÇAMENTO.BancoRef),0)),\"(Código não identificado nas referências)\",MATCH($AE712,INDIRECT(ORÇAMENTO.BancoRef),0))))","v":"(Código não identificado nas referências)"},{"$f":"ROUND(IF(DESONERACAO=\"sim\",REFERENCIA.Desonerado,REFERENCIA.NaoDesonerado),2)","v":0},0.25,null,330.6,null,null,17267.240000000002,52.23]
["S",2,"S",0,{"$f":"IF($C713=1,OFFSET(E713,-1,0)+MAX(1,COUNTIF(QCI!$A$13:$A$41,OFFSET(ORÇAMENTO!E713,-1,0))),OFFSET(E713,-1,0))","v":25},7,0,0,4,0,{"$f":"IF(OR($C713=\"S\",$C713=0),0,MATCH(OFFSET($D713,0,$C713)+IF($C713<>1,1,COUNTIF(QCI!$A$13:$A$41,ORÇAMENTO!E713)),OFFSET($D713,1,$C713,ROW($C$744)-ROW($C713)),0))","v":0},"F","Serviço","Serviço","25.7.4.","SINAPI","FNDE 179","EMBOÇO OU MASSA ÚNICA EM ARGAMASSA TRAÇO 1:2:8, PREPARO MECÂNICO COM BETONEIRA 400 L, APLICADA MANUALMENTE EM PANOS CEGOS - REVESTIMENTO EXTERNO (SEM PRESENÇA DE VÃOS), ESPESSURA DE 25 MM","M2",{"$f":"OFFSET(CÁLCULO!H$15,ROW($T713)-ROW(T$15),0)","v":330.6},41.35,"BDI 1",{"$f":"IF($C713=\"S\",ROUND(IF(TIPOORCAMENTO=\"Proposto\",ORÇAMENTO.CustoUnitario*(1+$AH713),ORÇAMENTO.PrecoUnitarioLicitado),15-13*$AF$10),0)","v":51.69},{"$f":"IF($C713=\"S\",IF(Import.TipoArredondamento<>\"TransfereGOV\",VTOTAL1,SUM(OFFSET(CÁLCULO!$AA$15,ROW($X713)-ROW($X$15),1):OFFSET(CÁLCULO!$AL$15,ROW($X713)-ROW($X$15),-1))),IF($C713=0,0,ROUND(SomaAgrup,15-13*$AF$11)))","v":17088.71},"RA","RA",{"$f":"IF($C713=\"S\",IF($Z713=\"CP\",$X713,IF($Z713=\"RA\",(($X713)*QCI!$AA$3),0)),SomaAgrup)","v":608.58025876701242},0,{"$f":"IF($N713=\"\",\"\",IF(ORÇAMENTO.Descricao=\"\",\"DESCRIÇÃO\",IF(AND($C713=\"S\",ORÇAMENTO.Unidade=\"\"),\"UNIDADE\",IF($X713<0,\"VALOR NEGATIVO\",IF(OR(AND(TIPOORCAMENTO=\"Proposto\",$AG713<>\"\",$AG713>0,ORÇAMENTO.CustoUnitario>$AG713),AND(TIPOORCAMENTO=\"LICITADO\",ORÇAMENTO.PrecoUnitarioLicitado>$AN713)),\"ACIMA REF.\",\"\")))))","v":""},{"$f":"IF(C713<=CRONO.NivelExibicao,MAX($AD$15:OFFSET(AD713,-1,0))+IF($C713<>1,1,MAX(1,COUNTIF(QCI!$A$13:$A$41,OFFSET($E713,-1,0)))),\"\")","v":""},{"$f":"IF(AND($C713=\"S\",ORÇAMENTO.CodBarra<>\"\"),IF(ORÇAMENTO.Fonte=\"\",ORÇAMENTO.CodBarra,CONCATENATE(ORÇAMENTO.Fonte,\" \",ORÇAMENTO.CodBarra)))","v":"SINAPI FNDE 179"},{"$f":"IF(ISERROR(INDIRECT(ORÇAMENTO.BancoRef)),\"(abra o arquivo 'Referência \"&Excel_BuiltIn_Database&\".xlsm)\",IF(OR($C713<>\"S\",ORÇAMENTO.CodBarra=\"\"),\"(Sem Código)\",IF(ISERROR(MATCH($AE713,INDIRECT(ORÇAMENTO.BancoRef),0)),\"(Código não identificado nas referências)\",MATCH($AE713,INDIRECT(ORÇAMENTO.BancoRef),0))))","v":"(Código não identificado nas referências)"},{"$f":"ROUND(IF(DESONERACAO=\"sim\",REFERENCIA.Desonerado,REFERENCIA.NaoDesonerado),2)","v":0},0.25,null,330.6,null,null,17088.71,51.69]
["S",2,"S",0,{"$f":"IF($C714=1,OFFSET(E714,-1,0)+MAX(1,COUNTIF(QCI!$A$13:$A$41,OFFSET(ORÇAMENTO!E714,-1,0))),OFFSET(E714,-1,0))","v":25},7,0,0,5,0,{"$f":"IF(OR($C714=\"S\",$C714=0),0,MATCH(OFFSET($D714,0,$C714)+IF($C714<>1,1,COUNTIF(QCI!$A$13:$A$41,ORÇAMENTO!E714)),OFFSET($D714,1,$C714,ROW($C$744)-ROW($C714)),0))","v":0},"F","Serviço","Serviço","25.7.5.","SINAPI","101979","CHAPIM (RUFO CAPA) EM AÇO GALVANIZADO, CORTE 33. AF_11/2020",{"$f":"REFERENCIA.Unidade","v":"M"},{"$f":"OFFSET(CÁLCULO!H$15,ROW($T714)-ROW(T$15),0)","v":177.7},46.35,"BDI 1",{"$f":"IF($C714=\"S\",ROUND(IF(TIPOORCAMENTO=\"Proposto\",ORÇAMENTO.CustoUnitario*(1+$AH714),ORÇAMENTO.PrecoUnitarioLicitado),15-13*$AF$10),0)","v":57.94},{"$f":"IF($C714=\"S\",IF(Import.TipoArredondamento<>\"TransfereGOV\",VTOTAL1,SUM(OFFSET(CÁLCULO!$AA$15,ROW($X714)-ROW($X$15),1):OFFSET(CÁLCULO!$AL$15,ROW($X714)-ROW($X$15),-1))),IF($C714=0,0,ROUND(SomaAgrup,15-13*$AF$11)))","v":10295.94},"RA","RA",{"$f":"IF($C714=\"S\",IF($Z714=\"CP\",$X714,IF($Z714=\"RA\",(($X714)*QCI!$AA$3),0)),SomaAgrup)","v":366.66932901603661},0,{"$f":"IF($N714=\"\",\"\",IF(ORÇAMENTO.Descricao=\"\",\"DESCRIÇÃO\",IF(AND($C714=\"S\",ORÇAMENTO.Unidade=\"\"),\"UNIDADE\",IF($X714<0,\"VALOR NEGATIVO\",IF(OR(AND(TIPOORCAMENTO=\"Proposto\",$AG714<>\"\",$AG714>0,ORÇAMENTO.CustoUnitario>$AG714),AND(TIPOORCAMENTO=\"LICITADO\",ORÇAMENTO.PrecoUnitarioLicitado>$AN714)),\"ACIMA REF.\",\"\")))))","v":""},{"$f":"IF(C714<=CRONO.NivelExibicao,MAX($AD$15:OFFSET(AD714,-1,0))+IF($C714<>1,1,MAX(1,COUNTIF(QCI!$A$13:$A$41,OFFSET($E714,-1,0)))),\"\")","v":""},{"$f":"IF(AND($C714=\"S\",ORÇAMENTO.CodBarra<>\"\"),IF(ORÇAMENTO.Fonte=\"\",ORÇAMENTO.CodBarra,CONCATENATE(ORÇAMENTO.Fonte,\" \",ORÇAMENTO.CodBarra)))","v":"SINAPI 101979"},{"$f":"IF(ISERROR(INDIRECT(ORÇAMENTO.BancoRef)),\"(abra o arquivo 'Referência \"&Excel_BuiltIn_Database&\".xlsm)\",IF(OR($C714<>\"S\",ORÇAMENTO.CodBarra=\"\"),\"(Sem Código)\",IF(ISERROR(MATCH($AE714,INDIRECT(ORÇAMENTO.BancoRef),0)),\"(Código não identificado nas referências)\",MATCH($AE714,INDIRECT(ORÇAMENTO.BancoRef),0))))","v":6867},{"$f":"ROUND(IF(DESONERACAO=\"sim\",REFERENCIA.Desonerado,REFERENCIA.NaoDesonerado),2)","v":46.35},0.25,null,177.7,null,null,10295.94,57.94]
[2,2,2,3,{"$f":"IF($C715=1,OFFSET(E715,-1,0)+MAX(1,COUNTIF(QCI!$A$13:$A$41,OFFSET(ORÇAMENTO!E715,-1,0))),OFFSET(E715,-1,0))","v":25},8,0,0,0,{"$f":"IF(OR($C715=\"S\",$C715=0),0,MATCH(0,OFFSET($D715,1,$C715,ROW($C$744)-ROW($C715)),0))","v":3},{"$f":"IF(OR($C715=\"S\",$C715=0),0,MATCH(OFFSET($D715,0,$C715)+IF($C715<>1,1,COUNTIF(QCI!$A$13:$A$41,ORÇAMENTO!E715)),OFFSET($D715,1,$C715,ROW($C$744)-ROW($C715)),0))","v":{"$error":"#N/A"}},"F","Nível 2","Nível 2","25.8.","SINAPI",null,"Pintura",{"$f":"REFERENCIA.Unidade","v":"-"},{"$f":"OFFSET(CÁLCULO!H$15,ROW($T715)-ROW(T$15),0)","v":0},null,"BDI 1",{"$f":"IF($C715=\"S\",ROUND(IF(TIPOORCAMENTO=\"Proposto\",ORÇAMENTO.CustoUnitario*(1+$AH715),ORÇAMENTO.PrecoUnitarioLicitado),15-13*$AF$10),0)","v":0},{"$f":"IF($C715=\"S\",IF(Import.TipoArredondamento<>\"TransfereGOV\",VTOTAL1,SUM(OFFSET(CÁLCULO!$AA$15,ROW($X715)-ROW($X$15),1):OFFSET(CÁLCULO!$AL$15,ROW($X715)-ROW($X$15),-1))),IF($C715=0,0,ROUND(SomaAgrup,15-13*$AF$11)))","v":11438.76},"RA","",{"$f":"IF($C715=\"S\",IF($Z715=\"CP\",$X715,IF($Z715=\"RA\",(($X715)*QCI!$AA$3),0)),SomaAgrup)","v":407.3685796513459},0,{"$f":"IF($N715=\"\",\"\",IF(ORÇAMENTO.Descricao=\"\",\"DESCRIÇÃO\",IF(AND($C715=\"S\",ORÇAMENTO.Unidade=\"\"),\"UNIDADE\",IF($X715<0,\"VALOR NEGATIVO\",IF(OR(AND(TIPOORCAMENTO=\"Proposto\",$AG715<>\"\",$AG715>0,ORÇAMENTO.CustoUnitario>$AG715),AND(TIPOORCAMENTO=\"LICITADO\",ORÇAMENTO.PrecoUnitarioLicitado>$AN715)),\"ACIMA REF.\",\"\")))))","v":""},{"$f":"IF(C715<=CRONO.NivelExibicao,MAX($AD$15:OFFSET(AD715,-1,0))+IF($C715<>1,1,MAX(1,COUNTIF(QCI!$A$13:$A$41,OFFSET($E715,-1,0)))),\"\")","v":100},{"$f":"IF(AND($C715=\"S\",ORÇAMENTO.CodBarra<>\"\"),IF(ORÇAMENTO.Fonte=\"\",ORÇAMENTO.CodBarra,CONCATENATE(ORÇAMENTO.Fonte,\" \",ORÇAMENTO.CodBarra)))","v":false},{"$f":"IF(ISERROR(INDIRECT(ORÇAMENTO.BancoRef)),\"(abra o arquivo 'Referência \"&Excel_BuiltIn_Database&\".xlsm)\",IF(OR($C715<>\"S\",ORÇAMENTO.CodBarra=\"\"),\"(Sem Código)\",IF(ISERROR(MATCH($AE715,INDIRECT(ORÇAMENTO.BancoRef),0)),\"(Código não identificado nas referências)\",MATCH($AE715,INDIRECT(ORÇAMENTO.BancoRef),0))))","v":"(Sem Código)"},{"$f":"ROUND(IF(DESONERACAO=\"sim\",REFERENCIA.Desonerado,REFERENCIA.NaoDesonerado),2)","v":0},0.25,null,null,null,null,11438.76,0]
["S",2,"S",0,{"$f":"IF($C716=1,OFFSET(E716,-1,0)+MAX(1,COUNTIF(QCI!$A$13:$A$41,OFFSET(ORÇAMENTO!E716,-1,0))),OFFSET(E716,-1,0))","v":25},8,0,0,1,0,{"$f":"IF(OR($C716=\"S\",$C716=0),0,MATCH(OFFSET($D716,0,$C716)+IF($C716<>1,1,COUNTIF(QCI!$A$13:$A$41,ORÇAMENTO!E716)),OFFSET($D716,1,$C716,ROW($C$744)-ROW($C716)),0))","v":0},"F","Serviço","Serviço","25.8.1.","SINAPI","FNDE 196","PINTURA LÁTEX ACRÍLICA, SOBRE REBOCO LISO, COR CINZA CLARO, APLICAÇÃO MANUAL EM PAREDES, DUAS DEMÃOS","M2",{"$f":"OFFSET(CÁLCULO!H$15,ROW($T716)-ROW(T$15),0)","v":330.6},13.84,"BDI 1",{"$f":"IF($C716=\"S\",ROUND(IF(TIPOORCAMENTO=\"Proposto\",ORÇAMENTO.CustoUnitario*(1+$AH716),ORÇAMENTO.PrecoUnitarioLicitado),15-13*$AF$10),0)","v":17.3},{"$f":"IF($C716=\"S\",IF(Import.TipoArredondamento<>\"TransfereGOV\",VTOTAL1,SUM(OFFSET(CÁLCULO!$AA$15,ROW($X716)-ROW($X$15),1):OFFSET(CÁLCULO!$AL$15,ROW($X716)-ROW($X$15),-1))),IF($C716=0,0,ROUND(SomaAgrup,15-13*$AF$11)))","v":5719.38},"RA","RA",{"$f":"IF($C716=\"S\",IF($Z716=\"CP\",$X716,IF($Z716=\"RA\",(($X716)*QCI!$AA$3),0)),SomaAgrup)","v":203.68428982567295},0,{"$f":"IF($N716=\"\",\"\",IF(ORÇAMENTO.Descricao=\"\",\"DESCRIÇÃO\",IF(AND($C716=\"S\",ORÇAMENTO.Unidade=\"\"),\"UNIDADE\",IF($X716<0,\"VALOR NEGATIVO\",IF(OR(AND(TIPOORCAMENTO=\"Proposto\",$AG716<>\"\",$AG716>0,ORÇAMENTO.CustoUnitario>$AG716),AND(TIPOORCAMENTO=\"LICITADO\",ORÇAMENTO.PrecoUnitarioLicitado>$AN716)),\"ACIMA REF.\",\"\")))))","v":""},{"$f":"IF(C716<=CRONO.NivelExibicao,MAX($AD$15:OFFSET(AD716,-1,0))+IF($C716<>1,1,MAX(1,COUNTIF(QCI!$A$13:$A$41,OFFSET($E716,-1,0)))),\"\")","v":""},{"$f":"IF(AND($C716=\"S\",ORÇAMENTO.CodBarra<>\"\"),IF(ORÇAMENTO.Fonte=\"\",ORÇAMENTO.CodBarra,CONCATENATE(ORÇAMENTO.Fonte,\" \",ORÇAMENTO.CodBarra)))","v":"SINAPI FNDE 196"},{"$f":"IF(ISERROR(INDIRECT(ORÇAMENTO.BancoRef)),\"(abra o arquivo 'Referência \"&Excel_BuiltIn_Database&\".xlsm)\",IF(OR($C716<>\"S\",ORÇAMENTO.CodBarra=\"\"),\"(Sem Código)\",IF(ISERROR(MATCH($AE716,INDIRECT(ORÇAMENTO.BancoRef),0)),\"(Código não identificado nas referências)\",MATCH($AE716,INDIRECT(ORÇAMENTO.BancoRef),0))))","v":"(Código não identificado nas referências)"},{"$f":"ROUND(IF(DESONERACAO=\"sim\",REFERENCIA.Desonerado,REFERENCIA.NaoDesonerado),2)","v":0},0.25,null,330.6,null,null,5719.38,17.3]
["S",2,"S",0,{"$f":"IF($C717=1,OFFSET(E717,-1,0)+MAX(1,COUNTIF(QCI!$A$13:$A$41,OFFSET(ORÇAMENTO!E717,-1,0))),OFFSET(E717,-1,0))","v":25},8,0,0,2,0,{"$f":"IF(OR($C717=\"S\",$C717=0),0,MATCH(OFFSET($D717,0,$C717)+IF($C717<>1,1,COUNTIF(QCI!$A$13:$A$41,ORÇAMENTO!E717)),OFFSET($D717,1,$C717,ROW($C$744)-ROW($C717)),0))","v":0},"F","Serviço","Serviço","25.8.2.","SINAPI","FNDE 352","PINTURA LÁTEX ACRÍLICA, SOBRE REBOCO LISO, COR CINZA CLARO, APLICAÇÃO MANUAL EM PAREDES, DUAS DEMÃOS - FACE EXTERNA MURO","M2",{"$f":"OFFSET(CÁLCULO!H$15,ROW($T717)-ROW(T$15),0)","v":330.6},13.84,"BDI 1",{"$f":"IF($C717=\"S\",ROUND(IF(TIPOORCAMENTO=\"Proposto\",ORÇAMENTO.CustoUnitario*(1+$AH717),ORÇAMENTO.PrecoUnitarioLicitado),15-13*$AF$10),0)","v":17.3},{"$f":"IF($C717=\"S\",IF(Import.TipoArredondamento<>\"TransfereGOV\",VTOTAL1,SUM(OFFSET(CÁLCULO!$AA$15,ROW($X717)-ROW($X$15),1):OFFSET(CÁLCULO!$AL$15,ROW($X717)-ROW($X$15),-1))),IF($C717=0,0,ROUND(SomaAgrup,15-13*$AF$11)))","v":5719.38},"RA","RA",{"$f":"IF($C717=\"S\",IF($Z717=\"CP\",$X717,IF($Z717=\"RA\",(($X717)*QCI!$AA$3),0)),SomaAgrup)","v":203.68428982567295},0,{"$f":"IF($N717=\"\",\"\",IF(ORÇAMENTO.Descricao=\"\",\"DESCRIÇÃO\",IF(AND($C717=\"S\",ORÇAMENTO.Unidade=\"\"),\"UNIDADE\",IF($X717<0,\"VALOR NEGATIVO\",IF(OR(AND(TIPOORCAMENTO=\"Proposto\",$AG717<>\"\",$AG717>0,ORÇAMENTO.CustoUnitario>$AG717),AND(TIPOORCAMENTO=\"LICITADO\",ORÇAMENTO.PrecoUnitarioLicitado>$AN717)),\"ACIMA REF.\",\"\")))))","v":""},{"$f":"IF(C717<=CRONO.NivelExibicao,MAX($AD$15:OFFSET(AD717,-1,0))+IF($C717<>1,1,MAX(1,COUNTIF(QCI!$A$13:$A$41,OFFSET($E717,-1,0)))),\"\")","v":""},{"$f":"IF(AND($C717=\"S\",ORÇAMENTO.CodBarra<>\"\"),IF(ORÇAMENTO.Fonte=\"\",ORÇAMENTO.CodBarra,CONCATENATE(ORÇAMENTO.Fonte,\" \",ORÇAMENTO.CodBarra)))","v":"SINAPI FNDE 352"},{"$f":"IF(ISERROR(INDIRECT(ORÇAMENTO.BancoRef)),\"(abra o arquivo 'Referência \"&Excel_BuiltIn_Database&\".xlsm)\",IF(OR($C717<>\"S\",ORÇAMENTO.CodBarra=\"\"),\"(Sem Código)\",IF(ISERROR(MATCH($AE717,INDIRECT(ORÇAMENTO.BancoRef),0)),\"(Código não identificado nas referências)\",MATCH($AE717,INDIRECT(ORÇAMENTO.BancoRef),0))))","v":"(Código não identificado nas referências)"},{"$f":"ROUND(IF(DESONERACAO=\"sim\",REFERENCIA.Desonerado,REFERENCIA.NaoDesonerado),2)","v":0},0.25,null,330.6,null,null,5719.38,17.3]
[1,1,1,22,{"$f":"IF($C718=1,OFFSET(E718,-1,0)+MAX(1,COUNTIF(QCI!$A$13:$A$41,OFFSET(ORÇAMENTO!E718,-1,0))),OFFSET(E718,-1,0))","v":26},0,0,0,0,26,{"$f":"IF(OR($C718=\"S\",$C718=0),0,MATCH(OFFSET($D718,0,$C718)+IF($C718<>1,1,COUNTIF(QCI!$A$13:$A$41,ORÇAMENTO!E718)),OFFSET($D718,1,$C718,ROW($C$744)-ROW($C718)),0))","v":22},"F","Meta","Meta","26.","SINAPI",null,"PÁTIO COBERTO",{"$f":"REFERENCIA.Unidade","v":"-"},{"$f":"OFFSET(CÁLCULO!H$15,ROW($T718)-ROW(T$15),0)","v":0},null,"BDI 1",{"$f":"IF($C718=\"S\",ROUND(IF(TIPOORCAMENTO=\"Proposto\",ORÇAMENTO.CustoUnitario*(1+$AH718),ORÇAMENTO.PrecoUnitarioLicitado),15-13*$AF$10),0)","v":0},{"$f":"IF($C718=\"S\",IF(Import.TipoArredondamento<>\"TransfereGOV\",VTOTAL1,SUM(OFFSET(CÁLCULO!$AA$15,ROW($X718)-ROW($X$15),1):OFFSET(CÁLCULO!$AL$15,ROW($X718)-ROW($X$15),-1))),IF($C718=0,0,ROUND(SomaAgrup,15-13*$AF$11)))","v":112081.16},"RA","",{"$f":"IF($C718=\"S\",IF($Z718=\"CP\",$X718,IF($Z718=\"RA\",(($X718)*QCI!$AA$3),0)),SomaAgrup)","v":3991.546544806889},0,{"$f":"IF($N718=\"\",\"\",IF(ORÇAMENTO.Descricao=\"\",\"DESCRIÇÃO\",IF(AND($C718=\"S\",ORÇAMENTO.Unidade=\"\"),\"UNIDADE\",IF($X718<0,\"VALOR NEGATIVO\",IF(OR(AND(TIPOORCAMENTO=\"Proposto\",$AG718<>\"\",$AG718>0,ORÇAMENTO.CustoUnitario>$AG718),AND(TIPOORCAMENTO=\"LICITADO\",ORÇAMENTO.PrecoUnitarioLicitado>$AN718)),\"ACIMA REF.\",\"\")))))","v":""},{"$f":"IF(C718<=CRONO.NivelExibicao,MAX($AD$15:OFFSET(AD718,-1,0))+IF($C718<>1,1,MAX(1,COUNTIF(QCI!$A$13:$A$41,OFFSET($E718,-1,0)))),\"\")","v":101},{"$f":"IF(AND($C718=\"S\",ORÇAMENTO.CodBarra<>\"\"),IF(ORÇAMENTO.Fonte=\"\",ORÇAMENTO.CodBarra,CONCATENATE(ORÇAMENTO.Fonte,\" \",ORÇAMENTO.CodBarra)))","v":false},{"$f":"IF(ISERROR(INDIRECT(ORÇAMENTO.BancoRef)),\"(abra o arquivo 'Referência \"&Excel_BuiltIn_Database&\".xlsm)\",IF(OR($C718<>\"S\",ORÇAMENTO.CodBarra=\"\"),\"(Sem Código)\",IF(ISERROR(MATCH($AE718,INDIRECT(ORÇAMENTO.BancoRef),0)),\"(Código não identificado nas referências)\",MATCH($AE718,INDIRECT(ORÇAMENTO.BancoRef),0))))","v":"(Sem Código)"},{"$f":"ROUND(IF(DESONERACAO=\"sim\",REFERENCIA.Desonerado,REFERENCIA.NaoDesonerado),2)","v":0},0.25,null,null,null,null,112081.16,0]
["S",2,2,21,{"$f":"IF($C719=1,OFFSET(E719,-1,0)+MAX(1,COUNTIF(QCI!$A$13:$A$41,OFFSET(ORÇAMENTO!E719,-1,0))),OFFSET(E719,-1,0))","v":26},1,0,0,0,21,{"$f":"IF(OR($C719=\"S\",$C719=0),0,MATCH(OFFSET($D719,0,$C719)+IF($C719<>1,1,COUNTIF(QCI!$A$13:$A$41,ORÇAMENTO!E719)),OFFSET($D719,1,$C719,ROW($C$744)-ROW($C719)),0))","v":{"$error":"#N/A"}},"F","Serviço","Nível 2","26.1.","SINAPI",null,"Fundação/ Estrutura/ Fechamento",{"$f":"REFERENCIA.Unidade","v":"-"},{"$f":"OFFSET(CÁLCULO!H$15,ROW($T719)-ROW(T$15),0)","v":0},null,"BDI 1",{"$f":"IF($C719=\"S\",ROUND(IF(TIPOORCAMENTO=\"Proposto\",ORÇAMENTO.CustoUnitario*(1+$AH719),ORÇAMENTO.PrecoUnitarioLicitado),15-13*$AF$10),0)","v":0},{"$f":"IF($C719=\"S\",IF(Import.TipoArredondamento<>\"TransfereGOV\",VTOTAL1,SUM(OFFSET(CÁLCULO!$AA$15,ROW($X719)-ROW($X$15),1):OFFSET(CÁLCULO!$AL$15,ROW($X719)-ROW($X$15),-1))),IF($C719=0,0,ROUND(SomaAgrup,15-13*$AF$11)))","v":112081.16},"RA","",{"$f":"IF($C719=\"S\",IF($Z719=\"CP\",$X719,IF($Z719=\"RA\",(($X719)*QCI!$AA$3),0)),SomaAgrup)","v":3991.546544806889},0,{"$f":"IF($N719=\"\",\"\",IF(ORÇAMENTO.Descricao=\"\",\"DESCRIÇÃO\",IF(AND($C719=\"S\",ORÇAMENTO.Unidade=\"\"),\"UNIDADE\",IF($X719<0,\"VALOR NEGATIVO\",IF(OR(AND(TIPOORCAMENTO=\"Proposto\",$AG719<>\"\",$AG719>0,ORÇAMENTO.CustoUnitario>$AG719),AND(TIPOORCAMENTO=\"LICITADO\",ORÇAMENTO.PrecoUnitarioLicitado>$AN719)),\"ACIMA REF.\",\"\")))))","v":""},{"$f":"IF(C719<=CRONO.NivelExibicao,MAX($AD$15:OFFSET(AD719,-1,0))+IF($C719<>1,1,MAX(1,COUNTIF(QCI!$A$13:$A$41,OFFSET($E719,-1,0)))),\"\")","v":102},{"$f":"IF(AND($C719=\"S\",ORÇAMENTO.CodBarra<>\"\"),IF(ORÇAMENTO.Fonte=\"\",ORÇAMENTO.CodBarra,CONCATENATE(ORÇAMENTO.Fonte,\" \",ORÇAMENTO.CodBarra)))","v":false},{"$f":"IF(ISERROR(INDIRECT(ORÇAMENTO.BancoRef)),\"(abra o arquivo 'Referência \"&Excel_BuiltIn_Database&\".xlsm)\",IF(OR($C719<>\"S\",ORÇAMENTO.CodBarra=\"\"),\"(Sem Código)\",IF(ISERROR(MATCH($AE719,INDIRECT(ORÇAMENTO.BancoRef),0)),\"(Código não identificado nas referências)\",MATCH($AE719,INDIRECT(ORÇAMENTO.BancoRef),0))))","v":"(Sem Código)"},{"$f":"ROUND(IF(DESONERACAO=\"sim\",REFERENCIA.Desonerado,REFERENCIA.NaoDesonerado),2)","v":0},0.25,null,null,null,null,112081.16,0]
["S",2,"S",0,{"$f":"IF($C720=1,OFFSET(E720,-1,0)+MAX(1,COUNTIF(QCI!$A$13:$A$41,OFFSET(ORÇAMENTO!E720,-1,0))),OFFSET(E720,-1,0))","v":26},1,0,0,1,0,{"$f":"IF(OR($C720=\"S\",$C720=0),0,MATCH(OFFSET($D720,0,$C720)+IF($C720<>1,1,COUNTIF(QCI!$A$13:$A$41,ORÇAMENTO!E720)),OFFSET($D720,1,$C720,ROW($C$744)-ROW($C720)),0))","v":0},"F","Serviço","Serviço","26.1.1.","SINAPI","100899",{"$f":"IF($C720=\"S\",REFERENCIA.Descricao,\"(digite a descrição aqui)\")","v":"ESTACA ESCAVADA MECANICAMENTE, SEM FLUIDO ESTABILIZANTE, COM 25CM DE DIÂMETRO, CONCRETO LANÇADO MANUALMENTE (EXCLUSIVE MOBILIZAÇÃO E DESMOBILIZAÇÃO). AF_01/2020_PA"},{"$f":"REFERENCIA.Unidade","v":"M"},{"$f":"OFFSET(CÁLCULO!H$15,ROW($T720)-ROW(T$15),0)","v":16},93.01,"BDI 1",{"$f":"IF($C720=\"S\",ROUND(IF(TIPOORCAMENTO=\"Proposto\",ORÇAMENTO.CustoUnitario*(1+$AH720),ORÇAMENTO.PrecoUnitarioLicitado),15-13*$AF$10),0)","v":116.26},{"$f":"IF($C720=\"S\",IF(Import.TipoArredondamento<>\"TransfereGOV\",VTOTAL1,SUM(OFFSET(CÁLCULO!$AA$15,ROW($X720)-ROW($X$15),1):OFFSET(CÁLCULO!$AL$15,ROW($X720)-ROW($X$15),-1))),IF($C720=0,0,ROUND(SomaAgrup,15-13*$AF$11)))","v":1860.16},"RA","RA",{"$f":"IF($C720=\"S\",IF($Z720=\"CP\",$X720,IF($Z720=\"RA\",(($X720)*QCI!$AA$3),0)),SomaAgrup)","v":66.245881295196995},0,{"$f":"IF($N720=\"\",\"\",IF(ORÇAMENTO.Descricao=\"\",\"DESCRIÇÃO\",IF(AND($C720=\"S\",ORÇAMENTO.Unidade=\"\"),\"UNIDADE\",IF($X720<0,\"VALOR NEGATIVO\",IF(OR(AND(TIPOORCAMENTO=\"Proposto\",$AG720<>\"\",$AG720>0,ORÇAMENTO.CustoUnitario>$AG720),AND(TIPOORCAMENTO=\"LICITADO\",ORÇAMENTO.PrecoUnitarioLicitado>$AN720)),\"ACIMA REF.\",\"\")))))","v":""},{"$f":"IF(C720<=CRONO.NivelExibicao,MAX($AD$15:OFFSET(AD720,-1,0))+IF($C720<>1,1,MAX(1,COUNTIF(QCI!$A$13:$A$41,OFFSET($E720,-1,0)))),\"\")","v":""},{"$f":"IF(AND($C720=\"S\",ORÇAMENTO.CodBarra<>\"\"),IF(ORÇAMENTO.Fonte=\"\",ORÇAMENTO.CodBarra,CONCATENATE(ORÇAMENTO.Fonte,\" \",ORÇAMENTO.CodBarra)))","v":"SINAPI 100899"},{"$f":"IF(ISERROR(INDIRECT(ORÇAMENTO.BancoRef)),\"(abra o arquivo 'Referência \"&Excel_BuiltIn_Database&\".xlsm)\",IF(OR($C720<>\"S\",ORÇAMENTO.CodBarra=\"\"),\"(Sem Código)\",IF(ISERROR(MATCH($AE720,INDIRECT(ORÇAMENTO.BancoRef),0)),\"(Código não identificado nas referências)\",MATCH($AE720,INDIRECT(ORÇAMENTO.BancoRef),0))))","v":2374},{"$f":"ROUND(IF(DESONERACAO=\"sim\",REFERENCIA.Desonerado,REFERENCIA.NaoDesonerado),2)","v":93.01},0.25,null,16,null,null,1860.16,116.26]
["S",2,"S",0,{"$f":"IF($C721=1,OFFSET(E721,-1,0)+MAX(1,COUNTIF(QCI!$A$13:$A$41,OFFSET(ORÇAMENTO!E721,-1,0))),OFFSET(E721,-1,0))","v":26},1,0,0,2,0,{"$f":"IF(OR($C721=\"S\",$C721=0),0,MATCH(OFFSET($D721,0,$C721)+IF($C721<>1,1,COUNTIF(QCI!$A$13:$A$41,ORÇAMENTO!E721)),OFFSET($D721,1,$C721,ROW($C$744)-ROW($C721)),0))","v":0},"F","Serviço","Serviço","26.1.2.","SINAPI","96619",{"$f":"IF($C721=\"S\",REFERENCIA.Descricao,\"(digite a descrição aqui)\")","v":"LASTRO DE CONCRETO MAGRO, APLICADO EM BLOCOS DE COROAMENTO OU SAPATAS, ESPESSURA DE 5 CM. AF_01/2024"},{"$f":"REFERENCIA.Unidade","v":"M2"},{"$f":"OFFSET(CÁLCULO!H$15,ROW($T721)-ROW(T$15),0)","v":1.44},40.72,"BDI 1",{"$f":"IF($C721=\"S\",ROUND(IF(TIPOORCAMENTO=\"Proposto\",ORÇAMENTO.CustoUnitario*(1+$AH721),ORÇAMENTO.PrecoUnitarioLicitado),15-13*$AF$10),0)","v":50.9},{"$f":"IF($C721=\"S\",IF(Import.TipoArredondamento<>\"TransfereGOV\",VTOTAL1,SUM(OFFSET(CÁLCULO!$AA$15,ROW($X721)-ROW($X$15),1):OFFSET(CÁLCULO!$AL$15,ROW($X721)-ROW($X$15),-1))),IF($C721=0,0,ROUND(SomaAgrup,15-13*$AF$11)))","v":73.3},"RA","RA",{"$f":"IF($C721=\"S\",IF($Z721=\"CP\",$X721,IF($Z721=\"RA\",(($X721)*QCI!$AA$3),0)),SomaAgrup)","v":2.6104330266955209},0,{"$f":"IF($N721=\"\",\"\",IF(ORÇAMENTO.Descricao=\"\",\"DESCRIÇÃO\",IF(AND($C721=\"S\",ORÇAMENTO.Unidade=\"\"),\"UNIDADE\",IF($X721<0,\"VALOR NEGATIVO\",IF(OR(AND(TIPOORCAMENTO=\"Proposto\",$AG721<>\"\",$AG721>0,ORÇAMENTO.CustoUnitario>$AG721),AND(TIPOORCAMENTO=\"LICITADO\",ORÇAMENTO.PrecoUnitarioLicitado>$AN721)),\"ACIMA REF.\",\"\")))))","v":""},{"$f":"IF(C721<=CRONO.NivelExibicao,MAX($AD$15:OFFSET(AD721,-1,0))+IF($C721<>1,1,MAX(1,COUNTIF(QCI!$A$13:$A$41,OFFSET($E721,-1,0)))),\"\")","v":""},{"$f":"IF(AND($C721=\"S\",ORÇAMENTO.CodBarra<>\"\"),IF(ORÇAMENTO.Fonte=\"\",ORÇAMENTO.CodBarra,CONCATENATE(ORÇAMENTO.Fonte,\" \",ORÇAMENTO.CodBarra)))","v":"SINAPI 96619"},{"$f":"IF(ISERROR(INDIRECT(ORÇAMENTO.BancoRef)),\"(abra o arquivo 'Referência \"&Excel_BuiltIn_Database&\".xlsm)\",IF(OR($C721<>\"S\",ORÇAMENTO.CodBarra=\"\"),\"(Sem Código)\",IF(ISERROR(MATCH($AE721,INDIRECT(ORÇAMENTO.BancoRef),0)),\"(Código não identificado nas referências)\",MATCH($AE721,INDIRECT(ORÇAMENTO.BancoRef),0))))","v":2387},{"$f":"ROUND(IF(DESONERACAO=\"sim\",REFERENCIA.Desonerado,REFERENCIA.NaoDesonerado),2)","v":40.72},0.25,null,1.44,null,null,73.3,50.9]
["S",2,"S",0,{"$f":"IF($C722=1,OFFSET(E722,-1,0)+MAX(1,COUNTIF(QCI!$A$13:$A$41,OFFSET(ORÇAMENTO!E722,-1,0))),OFFSET(E722,-1,0))","v":26},1,0,0,3,0,{"$f":"IF(OR($C722=\"S\",$C722=0),0,MATCH(OFFSET($D722,0,$C722)+IF($C722<>1,1,COUNTIF(QCI!$A$13:$A$41,ORÇAMENTO!E722)),OFFSET($D722,1,$C722,ROW($C$744)-ROW($C722)),0))","v":0},"F","Serviço","Serviço","26.1.3.","SINAPI","96557",{"$f":"IF($C722=\"S\",REFERENCIA.Descricao,\"(digite a descrição aqui)\")","v":"CONCRETAGEM DE BLOCO DE COROAMENTO OU VIGA BALDRAME, FCK 30 MPA, COM USO DE BOMBA - LANÇAMENTO, ADENSAMENTO E ACABAMENTO. AF_01/2024"},{"$f":"REFERENCIA.Unidade","v":"M3"},{"$f":"OFFSET(CÁLCULO!H$15,ROW($T722)-ROW(T$15),0)","v":0.72},783.61,"BDI 1",{"$f":"IF($C722=\"S\",ROUND(IF(TIPOORCAMENTO=\"Proposto\",ORÇAMENTO.CustoUnitario*(1+$AH722),ORÇAMENTO.PrecoUnitarioLicitado),15-13*$AF$10),0)","v":979.51},{"$f":"IF($C722=\"S\",IF(Import.TipoArredondamento<>\"TransfereGOV\",VTOTAL1,SUM(OFFSET(CÁLCULO!$AA$15,ROW($X722)-ROW($X$15),1):OFFSET(CÁLCULO!$AL$15,ROW($X722)-ROW($X$15),-1))),IF($C722=0,0,ROUND(SomaAgrup,15-13*$AF$11)))","v":705.25},"RA","RA",{"$f":"IF($C722=\"S\",IF($Z722=\"CP\",$X722,IF($Z722=\"RA\",(($X722)*QCI!$AA$3),0)),SomaAgrup)","v":25.11606946899067},0,{"$f":"IF($N722=\"\",\"\",IF(ORÇAMENTO.Descricao=\"\",\"DESCRIÇÃO\",IF(AND($C722=\"S\",ORÇAMENTO.Unidade=\"\"),\"UNIDADE\",IF($X722<0,\"VALOR NEGATIVO\",IF(OR(AND(TIPOORCAMENTO=\"Proposto\",$AG722<>\"\",$AG722>0,ORÇAMENTO.CustoUnitario>$AG722),AND(TIPOORCAMENTO=\"LICITADO\",ORÇAMENTO.PrecoUnitarioLicitado>$AN722)),\"ACIMA REF.\",\"\")))))","v":""},{"$f":"IF(C722<=CRONO.NivelExibicao,MAX($AD$15:OFFSET(AD722,-1,0))+IF($C722<>1,1,MAX(1,COUNTIF(QCI!$A$13:$A$41,OFFSET($E722,-1,0)))),\"\")","v":""},{"$f":"IF(AND($C722=\"S\",ORÇAMENTO.CodBarra<>\"\"),IF(ORÇAMENTO.Fonte=\"\",ORÇAMENTO.CodBarra,CONCATENATE(ORÇAMENTO.Fonte,\" \",ORÇAMENTO.CodBarra)))","v":"SINAPI 96557"},{"$f":"IF(ISERROR(INDIRECT(ORÇAMENTO.BancoRef)),\"(abra o arquivo 'Referência \"&Excel_BuiltIn_Database&\".xlsm)\",IF(OR($C722<>\"S\",ORÇAMENTO.CodBarra=\"\"),\"(Sem Código)\",IF(ISERROR(MATCH($AE722,INDIRECT(ORÇAMENTO.BancoRef),0)),\"(Código não identificado nas referências)\",MATCH($AE722,INDIRECT(ORÇAMENTO.BancoRef),0))))","v":2769},{"$f":"ROUND(IF(DESONERACAO=\"sim\",REFERENCIA.Desonerado,REFERENCIA.NaoDesonerado),2)","v":783.61},0.25,null,0.72,null,null,705.25,979.51]
["S",2,"S",0,{"$f":"IF($C723=1,OFFSET(E723,-1,0)+MAX(1,COUNTIF(QCI!$A$13:$A$41,OFFSET(ORÇAMENTO!E723,-1,0))),OFFSET(E723,-1,0))","v":26},1,0,0,4,0,{"$f":"IF(OR($C723=\"S\",$C723=0),0,MATCH(OFFSET($D723,0,$C723)+IF($C723<>1,1,COUNTIF(QCI!$A$13:$A$41,ORÇAMENTO!E723)),OFFSET($D723,1,$C723,ROW($C$744)-ROW($C723)),0))","v":0},"F","Serviço","Serviço","26.1.4.","SINAPI","96534",{"$f":"IF($C723=\"S\",REFERENCIA.Descricao,\"(digite a descrição aqui)\")","v":"FABRICAÇÃO, MONTAGEM E DESMONTAGEM DE FÔRMA PARA BLOCO DE COROAMENTO, EM MADEIRA SERRADA, E=25 MM, 4 UTILIZAÇÕES. AF_01/2024"},{"$f":"REFERENCIA.Unidade","v":"M2"},{"$f":"OFFSET(CÁLCULO!H$15,ROW($T723)-ROW(T$15),0)","v":4.8},74.38,"BDI 1",{"$f":"IF($C723=\"S\",ROUND(IF(TIPOORCAMENTO=\"Proposto\",ORÇAMENTO.CustoUnitario*(1+$AH723),ORÇAMENTO.PrecoUnitarioLicitado),15-13*$AF$10),0)","v":92.98},{"$f":"IF($C723=\"S\",IF(Import.TipoArredondamento<>\"TransfereGOV\",VTOTAL1,SUM(OFFSET(CÁLCULO!$AA$15,ROW($X723)-ROW($X$15),1):OFFSET(CÁLCULO!$AL$15,ROW($X723)-ROW($X$15),-1))),IF($C723=0,0,ROUND(SomaAgrup,15-13*$AF$11)))","v":446.3},"RA","RA",{"$f":"IF($C723=\"S\",IF($Z723=\"CP\",$X723,IF($Z723=\"RA\",(($X723)*QCI!$AA$3),0)),SomaAgrup)","v":15.894082671408063},0,{"$f":"IF($N723=\"\",\"\",IF(ORÇAMENTO.Descricao=\"\",\"DESCRIÇÃO\",IF(AND($C723=\"S\",ORÇAMENTO.Unidade=\"\"),\"UNIDADE\",IF($X723<0,\"VALOR NEGATIVO\",IF(OR(AND(TIPOORCAMENTO=\"Proposto\",$AG723<>\"\",$AG723>0,ORÇAMENTO.CustoUnitario>$AG723),AND(TIPOORCAMENTO=\"LICITADO\",ORÇAMENTO.PrecoUnitarioLicitado>$AN723)),\"ACIMA REF.\",\"\")))))","v":""},{"$f":"IF(C723<=CRONO.NivelExibicao,MAX($AD$15:OFFSET(AD723,-1,0))+IF($C723<>1,1,MAX(1,COUNTIF(QCI!$A$13:$A$41,OFFSET($E723,-1,0)))),\"\")","v":""},{"$f":"IF(AND($C723=\"S\",ORÇAMENTO.CodBarra<>\"\"),IF(ORÇAMENTO.Fonte=\"\",ORÇAMENTO.CodBarra,CONCATENATE(ORÇAMENTO.Fonte,\" \",ORÇAMENTO.CodBarra)))","v":"SINAPI 96534"},{"$f":"IF(ISERROR(INDIRECT(ORÇAMENTO.BancoRef)),\"(abra o arquivo 'Referência \"&Excel_BuiltIn_Database&\".xlsm)\",IF(OR($C723<>\"S\",ORÇAMENTO.CodBarra=\"\"),\"(Sem Código)\",IF(ISERROR(MATCH($AE723,INDIRECT(ORÇAMENTO.BancoRef),0)),\"(Código não identificado nas referências)\",MATCH($AE723,INDIRECT(ORÇAMENTO.BancoRef),0))))","v":2522},{"$f":"ROUND(IF(DESONERACAO=\"sim\",REFERENCIA.Desonerado,REFERENCIA.NaoDesonerado),2)","v":74.38},0.25,null,4.8,null,null,446.3,92.98]
["S",2,"S",0,{"$f":"IF($C724=1,OFFSET(E724,-1,0)+MAX(1,COUNTIF(QCI!$A$13:$A$41,OFFSET(ORÇAMENTO!E724,-1,0))),OFFSET(E724,-1,0))","v":26},1,0,0,5,0,{"$f":"IF(OR($C724=\"S\",$C724=0),0,MATCH(OFFSET($D724,0,$C724)+IF($C724<>1,1,COUNTIF(QCI!$A$13:$A$41,ORÇAMENTO!E724)),OFFSET($D724,1,$C724,ROW($C$744)-ROW($C724)),0))","v":0},"F","Serviço","Serviço","26.1.5.","SINAPI","96543",{"$f":"IF($C724=\"S\",REFERENCIA.Descricao,\"(digite a descrição aqui)\")","v":"ARMAÇÃO DE BLOCO UTILIZANDO AÇO CA-60 DE 5 MM - MONTAGEM. AF_01/2024"},{"$f":"REFERENCIA.Unidade","v":"KG"},{"$f":"OFFSET(CÁLCULO!H$15,ROW($T724)-ROW(T$15),0)","v":15.2},20.329999999999998,"BDI 1",{"$f":"IF($C724=\"S\",ROUND(IF(TIPOORCAMENTO=\"Proposto\",ORÇAMENTO.CustoUnitario*(1+$AH724),ORÇAMENTO.PrecoUnitarioLicitado),15-13*$AF$10),0)","v":25.41},{"$f":"IF($C724=\"S\",IF(Import.TipoArredondamento<>\"TransfereGOV\",VTOTAL1,SUM(OFFSET(CÁLCULO!$AA$15,ROW($X724)-ROW($X$15),1):OFFSET(CÁLCULO!$AL$15,ROW($X724)-ROW($X$15),-1))),IF($C724=0,0,ROUND(SomaAgrup,15-13*$AF$11)))","v":386.23},"RA","RA",{"$f":"IF($C724=\"S\",IF($Z724=\"CP\",$X724,IF($Z724=\"RA\",(($X724)*QCI!$AA$3),0)),SomaAgrup)","v":13.75480965757996},0,{"$f":"IF($N724=\"\",\"\",IF(ORÇAMENTO.Descricao=\"\",\"DESCRIÇÃO\",IF(AND($C724=\"S\",ORÇAMENTO.Unidade=\"\"),\"UNIDADE\",IF($X724<0,\"VALOR NEGATIVO\",IF(OR(AND(TIPOORCAMENTO=\"Proposto\",$AG724<>\"\",$AG724>0,ORÇAMENTO.CustoUnitario>$AG724),AND(TIPOORCAMENTO=\"LICITADO\",ORÇAMENTO.PrecoUnitarioLicitado>$AN724)),\"ACIMA REF.\",\"\")))))","v":""},{"$f":"IF(C724<=CRONO.NivelExibicao,MAX($AD$15:OFFSET(AD724,-1,0))+IF($C724<>1,1,MAX(1,COUNTIF(QCI!$A$13:$A$41,OFFSET($E724,-1,0)))),\"\")","v":""},{"$f":"IF(AND($C724=\"S\",ORÇAMENTO.CodBarra<>\"\"),IF(ORÇAMENTO.Fonte=\"\",ORÇAMENTO.CodBarra,CONCATENATE(ORÇAMENTO.Fonte,\" \",ORÇAMENTO.CodBarra)))","v":"SINAPI 96543"},{"$f":"IF(ISERROR(INDIRECT(ORÇAMENTO.BancoRef)),\"(abra o arquivo 'Referência \"&Excel_BuiltIn_Database&\".xlsm)\",IF(OR($C724<>\"S\",ORÇAMENTO.CodBarra=\"\"),\"(Sem Código)\",IF(ISERROR(MATCH($AE724,INDIRECT(ORÇAMENTO.BancoRef),0)),\"(Código não identificado nas referências)\",MATCH($AE724,INDIRECT(ORÇAMENTO.BancoRef),0))))","v":2531},{"$f":"ROUND(IF(DESONERACAO=\"sim\",REFERENCIA.Desonerado,REFERENCIA.NaoDesonerado),2)","v":20.329999999999998},0.25,null,15.2,null,null,386.23,25.41]
["S",2,"S",0,{"$f":"IF($C725=1,OFFSET(E725,-1,0)+MAX(1,COUNTIF(QCI!$A$13:$A$41,OFFSET(ORÇAMENTO!E725,-1,0))),OFFSET(E725,-1,0))","v":26},1,0,0,6,0,{"$f":"IF(OR($C725=\"S\",$C725=0),0,MATCH(OFFSET($D725,0,$C725)+IF($C725<>1,1,COUNTIF(QCI!$A$13:$A$41,ORÇAMENTO!E725)),OFFSET($D725,1,$C725,ROW($C$744)-ROW($C725)),0))","v":0},"F","Serviço","Serviço","26.1.6.","SINAPI","92443",{"$f":"IF($C725=\"S\",REFERENCIA.Descricao,\"(digite a descrição aqui)\")","v":"MONTAGEM E DESMONTAGEM DE FÔRMA DE PILARES RETANGULARES E ESTRUTURAS SIMILARES, PÉ-DIREITO SIMPLES, EM CHAPA DE MADEIRA COMPENSADA PLASTIFICADA, 18 UTILIZAÇÕES. AF_09/2020"},{"$f":"REFERENCIA.Unidade","v":"M2"},{"$f":"OFFSET(CÁLCULO!H$15,ROW($T725)-ROW(T$15),0)","v":52.32},52.61,"BDI 1",{"$f":"IF($C725=\"S\",ROUND(IF(TIPOORCAMENTO=\"Proposto\",ORÇAMENTO.CustoUnitario*(1+$AH725),ORÇAMENTO.PrecoUnitarioLicitado),15-13*$AF$10),0)","v":65.760000000000005},{"$f":"IF($C725=\"S\",IF(Import.TipoArredondamento<>\"TransfereGOV\",VTOTAL1,SUM(OFFSET(CÁLCULO!$AA$15,ROW($X725)-ROW($X$15),1):OFFSET(CÁLCULO!$AL$15,ROW($X725)-ROW($X$15),-1))),IF($C725=0,0,ROUND(SomaAgrup,15-13*$AF$11)))","v":3440.56},"RA","RA",{"$f":"IF($C725=\"S\",IF($Z725=\"CP\",$X725,IF($Z725=\"RA\",(($X725)*QCI!$AA$3),0)),SomaAgrup)","v":122.52866922684231},0,{"$f":"IF($N725=\"\",\"\",IF(ORÇAMENTO.Descricao=\"\",\"DESCRIÇÃO\",IF(AND($C725=\"S\",ORÇAMENTO.Unidade=\"\"),\"UNIDADE\",IF($X725<0,\"VALOR NEGATIVO\",IF(OR(AND(TIPOORCAMENTO=\"Proposto\",$AG725<>\"\",$AG725>0,ORÇAMENTO.CustoUnitario>$AG725),AND(TIPOORCAMENTO=\"LICITADO\",ORÇAMENTO.PrecoUnitarioLicitado>$AN725)),\"ACIMA REF.\",\"\")))))","v":""},{"$f":"IF(C725<=CRONO.NivelExibicao,MAX($AD$15:OFFSET(AD725,-1,0))+IF($C725<>1,1,MAX(1,COUNTIF(QCI!$A$13:$A$41,OFFSET($E725,-1,0)))),\"\")","v":""},{"$f":"IF(AND($C725=\"S\",ORÇAMENTO.CodBarra<>\"\"),IF(ORÇAMENTO.Fonte=\"\",ORÇAMENTO.CodBarra,CONCATENATE(ORÇAMENTO.Fonte,\" \",ORÇAMENTO.CodBarra)))","v":"SINAPI 92443"},{"$f":"IF(ISERROR(INDIRECT(ORÇAMENTO.BancoRef)),\"(abra o arquivo 'Referência \"&Excel_BuiltIn_Database&\".xlsm)\",IF(OR($C725<>\"S\",ORÇAMENTO.CodBarra=\"\"),\"(Sem Código)\",IF(ISERROR(MATCH($AE725,INDIRECT(ORÇAMENTO.BancoRef),0)),\"(Código não identificado nas referências)\",MATCH($AE725,INDIRECT(ORÇAMENTO.BancoRef),0))))","v":2449},{"$f":"ROUND(IF(DESONERACAO=\"sim\",REFERENCIA.Desonerado,REFERENCIA.NaoDesonerado),2)","v":52.61},0.25,null,52.32,null,null,3440.56,65.760000000000005]
["S",2,"S",0,{"$f":"IF($C726=1,OFFSET(E726,-1,0)+MAX(1,COUNTIF(QCI!$A$13:$A$41,OFFSET(ORÇAMENTO!E726,-1,0))),OFFSET(E726,-1,0))","v":26},1,0,0,7,0,{"$f":"IF(OR($C726=\"S\",$C726=0),0,MATCH(OFFSET($D726,0,$C726)+IF($C726<>1,1,COUNTIF(QCI!$A$13:$A$41,ORÇAMENTO!E726)),OFFSET($D726,1,$C726,ROW($C$744)-ROW($C726)),0))","v":0},"F","Serviço","Serviço","26.1.7.","SINAPI","92762",{"$f":"IF($C726=\"S\",REFERENCIA.Descricao,\"(digite a descrição aqui)\")","v":"ARMAÇÃO DE PILAR OU VIGA DE ESTRUTURA CONVENCIONAL DE CONCRETO ARMADO UTILIZANDO AÇO CA-50 DE 10,0 MM - MONTAGEM. AF_06/2022"},{"$f":"REFERENCIA.Unidade","v":"KG"},{"$f":"OFFSET(CÁLCULO!H$15,ROW($T726)-ROW(T$15),0)","v":58.56},11.44,"BDI 1",{"$f":"IF($C726=\"S\",ROUND(IF(TIPOORCAMENTO=\"Proposto\",ORÇAMENTO.CustoUnitario*(1+$AH726),ORÇAMENTO.PrecoUnitarioLicitado),15-13*$AF$10),0)","v":14.3},{"$f":"IF($C726=\"S\",IF(Import.TipoArredondamento<>\"TransfereGOV\",VTOTAL1,SUM(OFFSET(CÁLCULO!$AA$15,ROW($X726)-ROW($X$15),1):OFFSET(CÁLCULO!$AL$15,ROW($X726)-ROW($X$15),-1))),IF($C726=0,0,ROUND(SomaAgrup,15-13*$AF$11)))","v":837.41},"RA","RA",{"$f":"IF($C726=\"S\",IF($Z726=\"CP\",$X726,IF($Z726=\"RA\",(($X726)*QCI!$AA$3),0)),SomaAgrup)","v":29.822683777422863},0,{"$f":"IF($N726=\"\",\"\",IF(ORÇAMENTO.Descricao=\"\",\"DESCRIÇÃO\",IF(AND($C726=\"S\",ORÇAMENTO.Unidade=\"\"),\"UNIDADE\",IF($X726<0,\"VALOR NEGATIVO\",IF(OR(AND(TIPOORCAMENTO=\"Proposto\",$AG726<>\"\",$AG726>0,ORÇAMENTO.CustoUnitario>$AG726),AND(TIPOORCAMENTO=\"LICITADO\",ORÇAMENTO.PrecoUnitarioLicitado>$AN726)),\"ACIMA REF.\",\"\")))))","v":""},{"$f":"IF(C726<=CRONO.NivelExibicao,MAX($AD$15:OFFSET(AD726,-1,0))+IF($C726<>1,1,MAX(1,COUNTIF(QCI!$A$13:$A$41,OFFSET($E726,-1,0)))),\"\")","v":""},{"$f":"IF(AND($C726=\"S\",ORÇAMENTO.CodBarra<>\"\"),IF(ORÇAMENTO.Fonte=\"\",ORÇAMENTO.CodBarra,CONCATENATE(ORÇAMENTO.Fonte,\" \",ORÇAMENTO.CodBarra)))","v":"SINAPI 92762"},{"$f":"IF(ISERROR(INDIRECT(ORÇAMENTO.BancoRef)),\"(abra o arquivo 'Referência \"&Excel_BuiltIn_Database&\".xlsm)\",IF(OR($C726<>\"S\",ORÇAMENTO.CodBarra=\"\"),\"(Sem Código)\",IF(ISERROR(MATCH($AE726,INDIRECT(ORÇAMENTO.BancoRef),0)),\"(Código não identificado nas referências)\",MATCH($AE726,INDIRECT(ORÇAMENTO.BancoRef),0))))","v":2653},{"$f":"ROUND(IF(DESONERACAO=\"sim\",REFERENCIA.Desonerado,REFERENCIA.NaoDesonerado),2)","v":11.44},0.25,null,58.56,null,null,837.41,14.3]
[{"$f":"CHOOSE(1+LOG(1+2*(ORÇAMENTO.Nivel=\"Meta\")+4*(ORÇAMENTO.Nivel=\"Nível 2\")+8*(ORÇAMENTO.Nivel=\"Nível 3\")+16*(ORÇAMENTO.Nivel=\"Nível 4\")+32*(ORÇAMENTO.Nivel=\"Serviço\"),2),0,1,2,3,4,\"S\")","v":"S"},{"$f":"IF(OR(C727=\"s\",C727=0),OFFSET(B727,-1,0),C727)","v":2},{"$f":"IF(OFFSET(C727,-1,0)=\"L\",1,IF(OFFSET(C727,-1,0)=1,2,IF(OR(A727=\"s\",A727=0),\"S\",IF(AND(OFFSET(C727,-1,0)=2,A727=4),3,IF(AND(OR(OFFSET(C727,-1,0)=\"s\",OFFSET(C727,-1,0)=0),A727<>\"s\",A727>OFFSET(B727,-1,0)),OFFSET(B727,-1,0),A727)))))","v":"S"},{"$f":"IF(OR(C727=\"S\",C727=0),0,IF(ISERROR(K727),J727,SMALL(J727:K727,1)))","v":0},{"$f":"IF($C727=1,OFFSET(E727,-1,0)+MAX(1,COUNTIF(QCI!$A$13:$A$41,OFFSET(ORÇAMENTO!E727,-1,0))),OFFSET(E727,-1,0))","v":26},{"$f":"IF($C727=1,0,IF($C727=2,OFFSET(F727,-1,0)+1,OFFSET(F727,-1,0)))","v":1},{"$f":"IF(AND($C727<=2,$C727<>0),0,IF($C727=3,OFFSET(G727,-1,0)+1,OFFSET(G727,-1,0)))","v":0},{"$f":"IF(AND($C727<=3,$C727<>0),0,IF($C727=4,OFFSET(H727,-1,0)+1,OFFSET(H727,-1,0)))","v":0},{"$f":"IF(AND($C727<=4,$C727<>0),0,IF(AND($C727=\"S\",$X727>0),OFFSET(I727,-1,0)+1,OFFSET(I727,-1,0)))","v":8},{"$f":"IF(OR($C727=\"S\",$C727=0),0,MATCH(0,OFFSET($D727,1,$C727,ROW($C$744)-ROW($C727)),0))","v":0},{"$f":"IF(OR($C727=\"S\",$C727=0),0,MATCH(OFFSET($D727,0,$C727)+IF($C727<>1,1,COUNTIF(QCI!$A$13:$A$41,ORÇAMENTO!E727)),OFFSET($D727,1,$C727,ROW($C$744)-ROW($C727)),0))","v":0},{"$f":"IF(OR($X727>0,$C727=1,$C727=2,$C727=3,$C727=4),\"F\",\"\")","v":"F"},"Serviço",{"$f":"CHOOSE(1+LOG(1+2*(C727=1)+4*(C727=2)+8*(C727=3)+16*(C727=4)+32*(C727=\"S\"),2),\"\",\"Meta\",\"Nível 2\",\"Nível 3\",\"Nível 4\",\"Serviço\")","v":"Serviço"},{"$f":"IF(OR($C727=0,$L727=\"\"),\"-\",CONCATENATE(E727&\".\",IF(AND($A$5>=2,$C727>=2),F727&\".\",\"\"),IF(AND($A$5>=3,$C727>=3),G727&\".\",\"\"),IF(AND($A$5>=4,$C727>=4),H727&\".\",\"\"),IF($C727=\"S\",I727&\".\",\"\")))","v":"26.1.8."},"SINAPI","92759",{"$f":"IF($C727=\"S\",REFERENCIA.Descricao,\"(digite a descrição aqui)\")","v":"ARMAÇÃO DE PILAR OU VIGA DE ESTRUTURA CONVENCIONAL DE CONCRETO ARMADO UTILIZANDO AÇO CA-60 DE 5,0 MM - MONTAGEM. AF_06/2022"},{"$f":"REFERENCIA.Unidade","v":"KG"},{"$f":"OFFSET(CÁLCULO!H$15,ROW($T727)-ROW(T$15),0)","v":18.48},14.4,"BDI 1",{"$f":"IF($C727=\"S\",ROUND(IF(TIPOORCAMENTO=\"Proposto\",ORÇAMENTO.CustoUnitario*(1+$AH727),ORÇAMENTO.PrecoUnitarioLicitado),15-13*$AF$10),0)","v":18},{"$f":"IF($C727=\"S\",IF(Import.TipoArredondamento<>\"TransfereGOV\",VTOTAL1,SUM(OFFSET(CÁLCULO!$AA$15,ROW($X727)-ROW($X$15),1):OFFSET(CÁLCULO!$AL$15,ROW($X727)-ROW($X$15),-1))),IF($C727=0,0,ROUND(SomaAgrup,15-13*$AF$11)))","v":332.64},"RA",{"$f":"IF(AND($C727=\"S\",$X727>0),IF(ISBLANK($Y727),\"RA\",LEFT($Y727,2)),\"\")","v":"RA"},{"$f":"IF($C727=\"S\",IF($Z727=\"CP\",$X727,IF($Z727=\"RA\",(($X727)*QCI!$AA$3),0)),SomaAgrup)","v":11.846308894952223},{"$f":"IF($C727=\"S\",IF($Z727=\"OU\",ROUND($X727,2),0),SomaAgrup)","v":0},{"$f":"IF($N727=\"\",\"\",IF(ORÇAMENTO.Descricao=\"\",\"DESCRIÇÃO\",IF(AND($C727=\"S\",ORÇAMENTO.Unidade=\"\"),\"UNIDADE\",IF($X727<0,\"VALOR NEGATIVO\",IF(OR(AND(TIPOORCAMENTO=\"Proposto\",$AG727<>\"\",$AG727>0,ORÇAMENTO.CustoUnitario>$AG727),AND(TIPOORCAMENTO=\"LICITADO\",ORÇAMENTO.PrecoUnitarioLicitado>$AN727)),\"ACIMA REF.\",\"\")))))","v":""},{"$f":"IF(C727<=CRONO.NivelExibicao,MAX($AD$15:OFFSET(AD727,-1,0))+IF($C727<>1,1,MAX(1,COUNTIF(QCI!$A$13:$A$41,OFFSET($E727,-1,0)))),\"\")","v":""},{"$f":"IF(AND($C727=\"S\",ORÇAMENTO.CodBarra<>\"\"),IF(ORÇAMENTO.Fonte=\"\",ORÇAMENTO.CodBarra,CONCATENATE(ORÇAMENTO.Fonte,\" \",ORÇAMENTO.CodBarra)))","v":"SINAPI 92759"},{"$f":"IF(ISERROR(INDIRECT(ORÇAMENTO.BancoRef)),\"(abra o arquivo 'Referência \"&Excel_BuiltIn_Database&\".xlsm)\",IF(OR($C727<>\"S\",ORÇAMENTO.CodBarra=\"\"),\"(Sem Código)\",IF(ISERROR(MATCH($AE727,INDIRECT(ORÇAMENTO.BancoRef),0)),\"(Código não identificado nas referências)\",MATCH($AE727,INDIRECT(ORÇAMENTO.BancoRef),0))))","v":2650},{"$f":"ROUND(IF(DESONERACAO=\"sim\",REFERENCIA.Desonerado,REFERENCIA.NaoDesonerado),2)","v":14.4},{"$f":"ROUND(IF(ISNUMBER(ORÇAMENTO.OpcaoBDI),ORÇAMENTO.OpcaoBDI,IF(LEFT(ORÇAMENTO.OpcaoBDI,3)=\"BDI\",HLOOKUP(ORÇAMENTO.OpcaoBDI,$F$4:$H$5,2,FALSE),0)),15-11*$AF$9)","v":0.25},null,18.48,null,null,332.64,{"$f":"ROUND(ORÇAMENTO.CustoUnitario*(1+$AH727),2)","v":18}]
["S",{"$f":"IF(OR(C728=\"s\",C728=0),OFFSET(B728,-1,0),C728)","v":2},{"$f":"IF(OFFSET(C728,-1,0)=\"L\",1,IF(OFFSET(C728,-1,0)=1,2,IF(OR(A728=\"s\",A728=0),\"S\",IF(AND(OFFSET(C728,-1,0)=2,A728=4),3,IF(AND(OR(OFFSET(C728,-1,0)=\"s\",OFFSET(C728,-1,0)=0),A728<>\"s\",A728>OFFSET(B728,-1,0)),OFFSET(B728,-1,0),A728)))))","v":"S"},{"$f":"IF(OR(C728=\"S\",C728=0),0,IF(ISERROR(K728),J728,SMALL(J728:K728,1)))","v":0},{"$f":"IF($C728=1,OFFSET(E728,-1,0)+MAX(1,COUNTIF(QCI!$A$13:$A$41,OFFSET(ORÇAMENTO!E728,-1,0))),OFFSET(E728,-1,0))","v":26},{"$f":"IF($C728=1,0,IF($C728=2,OFFSET(F728,-1,0)+1,OFFSET(F728,-1,0)))","v":1},{"$f":"IF(AND($C728<=2,$C728<>0),0,IF($C728=3,OFFSET(G728,-1,0)+1,OFFSET(G728,-1,0)))","v":0},{"$f":"IF(AND($C728<=3,$C728<>0),0,IF($C728=4,OFFSET(H728,-1,0)+1,OFFSET(H728,-1,0)))","v":0},{"$f":"IF(AND($C728<=4,$C728<>0),0,IF(AND($C728=\"S\",$X728>0),OFFSET(I728,-1,0)+1,OFFSET(I728,-1,0)))","v":9},{"$f":"IF(OR($C728=\"S\",$C728=0),0,MATCH(0,OFFSET($D728,1,$C728,ROW($C$744)-ROW($C728)),0))","v":0},{"$f":"IF(OR($C728=\"S\",$C728=0),0,MATCH(OFFSET($D728,0,$C728)+IF($C728<>1,1,COUNTIF(QCI!$A$13:$A$41,ORÇAMENTO!E728)),OFFSET($D728,1,$C728,ROW($C$744)-ROW($C728)),0))","v":0},{"$f":"IF(OR($X728>0,$C728=1,$C728=2,$C728=3,$C728=4),\"F\",\"\")","v":"F"},"Serviço",{"$f":"CHOOSE(1+LOG(1+2*(C728=1)+4*(C728=2)+8*(C728=3)+16*(C728=4)+32*(C728=\"S\"),2),\"\",\"Meta\",\"Nível 2\",\"Nível 3\",\"Nível 4\",\"Serviço\")","v":"Serviço"},{"$f":"IF(OR($C728=0,$L728=\"\"),\"-\",CONCATENATE(E728&\".\",IF(AND($A$5>=2,$C728>=2),F728&\".\",\"\"),IF(AND($A$5>=3,$C728>=3),G728&\".\",\"\"),IF(AND($A$5>=4,$C728>=4),H728&\".\",\"\"),IF($C728=\"S\",I728&\".\",\"\")))","v":"26.1.9."},"SINAPI","92762",{"$f":"IF($C728=\"S\",REFERENCIA.Descricao,\"(digite a descrição aqui)\")","v":"ARMAÇÃO DE PILAR OU VIGA DE ESTRUTURA CONVENCIONAL DE CONCRETO ARMADO UTILIZANDO AÇO CA-50 DE 10,0 MM - MONTAGEM. AF_06/2022"},{"$f":"REFERENCIA.Unidade","v":"KG"},{"$f":"OFFSET(CÁLCULO!H$15,ROW($T728)-ROW(T$15),0)","v":32.200000000000003},11.44,"BDI 1",{"$f":"IF($C728=\"S\",ROUND(IF(TIPOORCAMENTO=\"Proposto\",ORÇAMENTO.CustoUnitario*(1+$AH728),ORÇAMENTO.PrecoUnitarioLicitado),15-13*$AF$10),0)","v":14.3},{"$f":"IF($C728=\"S\",IF(Import.TipoArredondamento<>\"TransfereGOV\",VTOTAL1,SUM(OFFSET(CÁLCULO!$AA$15,ROW($X728)-ROW($X$15),1):OFFSET(CÁLCULO!$AL$15,ROW($X728)-ROW($X$15),-1))),IF($C728=0,0,ROUND(SomaAgrup,15-13*$AF$11)))","v":460.46},"RA",{"$f":"IF(AND($C728=\"S\",$X728>0),IF(ISBLANK($Y728),\"RA\",LEFT($Y728,2)),\"\")","v":"RA"},{"$f":"IF($C728=\"S\",IF($Z728=\"CP\",$X728,IF($Z728=\"RA\",(($X728)*QCI!$AA$3),0)),SomaAgrup)","v":16.398362775882941},0,{"$f":"IF($N728=\"\",\"\",IF(ORÇAMENTO.Descricao=\"\",\"DESCRIÇÃO\",IF(AND($C728=\"S\",ORÇAMENTO.Unidade=\"\"),\"UNIDADE\",IF($X728<0,\"VALOR NEGATIVO\",IF(OR(AND(TIPOORCAMENTO=\"Proposto\",$AG728<>\"\",$AG728>0,ORÇAMENTO.CustoUnitario>$AG728),AND(TIPOORCAMENTO=\"LICITADO\",ORÇAMENTO.PrecoUnitarioLicitado>$AN728)),\"ACIMA REF.\",\"\")))))","v":""},{"$f":"IF(C728<=CRONO.NivelExibicao,MAX($AD$15:OFFSET(AD728,-1,0))+IF($C728<>1,1,MAX(1,COUNTIF(QCI!$A$13:$A$41,OFFSET($E728,-1,0)))),\"\")","v":""},{"$f":"IF(AND($C728=\"S\",ORÇAMENTO.CodBarra<>\"\"),IF(ORÇAMENTO.Fonte=\"\",ORÇAMENTO.CodBarra,CONCATENATE(ORÇAMENTO.Fonte,\" \",ORÇAMENTO.CodBarra)))","v":"SINAPI 92762"},{"$f":"IF(ISERROR(INDIRECT(ORÇAMENTO.BancoRef)),\"(abra o arquivo 'Referência \"&Excel_BuiltIn_Database&\".xlsm)\",IF(OR($C728<>\"S\",ORÇAMENTO.CodBarra=\"\"),\"(Sem Código)\",IF(ISERROR(MATCH($AE728,INDIRECT(ORÇAMENTO.BancoRef),0)),\"(Código não identificado nas referências)\",MATCH($AE728,INDIRECT(ORÇAMENTO.BancoRef),0))))","v":2653},{"$f":"ROUND(IF(DESONERACAO=\"sim\",REFERENCIA.Desonerado,REFERENCIA.NaoDesonerado),2)","v":11.44},0.25,null,32.200000000000003,null,null,460.46,14.3]
["S",2,"S",0,{"$f":"IF($C729=1,OFFSET(E729,-1,0)+MAX(1,COUNTIF(QCI!$A$13:$A$41,OFFSET(ORÇAMENTO!E729,-1,0))),OFFSET(E729,-1,0))","v":26},1,0,0,10,0,{"$f":"IF(OR($C729=\"S\",$C729=0),0,MATCH(OFFSET($D729,0,$C729)+IF($C729<>1,1,COUNTIF(QCI!$A$13:$A$41,ORÇAMENTO!E729)),OFFSET($D729,1,$C729,ROW($C$744)-ROW($C729)),0))","v":0},"F","Serviço","Serviço","26.1.10.","SINAPI","92759",{"$f":"IF($C729=\"S\",REFERENCIA.Descricao,\"(digite a descrição aqui)\")","v":"ARMAÇÃO DE PILAR OU VIGA DE ESTRUTURA CONVENCIONAL DE CONCRETO ARMADO UTILIZANDO AÇO CA-60 DE 5,0 MM - MONTAGEM. AF_06/2022"},{"$f":"REFERENCIA.Unidade","v":"KG"},{"$f":"OFFSET(CÁLCULO!H$15,ROW($T729)-ROW(T$15),0)","v":7.29},14.4,"BDI 1",{"$f":"IF($C729=\"S\",ROUND(IF(TIPOORCAMENTO=\"Proposto\",ORÇAMENTO.CustoUnitario*(1+$AH729),ORÇAMENTO.PrecoUnitarioLicitado),15-13*$AF$10),0)","v":18},{"$f":"IF($C729=\"S\",IF(Import.TipoArredondamento<>\"TransfereGOV\",VTOTAL1,SUM(OFFSET(CÁLCULO!$AA$15,ROW($X729)-ROW($X$15),1):OFFSET(CÁLCULO!$AL$15,ROW($X729)-ROW($X$15),-1))),IF($C729=0,0,ROUND(SomaAgrup,15-13*$AF$11)))","v":131.22},"RA","RA",{"$f":"IF($C729=\"S\",IF($Z729=\"CP\",$X729,IF($Z729=\"RA\",(($X729)*QCI!$AA$3),0)),SomaAgrup)","v":4.6731380868074517},0,{"$f":"IF($N729=\"\",\"\",IF(ORÇAMENTO.Descricao=\"\",\"DESCRIÇÃO\",IF(AND($C729=\"S\",ORÇAMENTO.Unidade=\"\"),\"UNIDADE\",IF($X729<0,\"VALOR NEGATIVO\",IF(OR(AND(TIPOORCAMENTO=\"Proposto\",$AG729<>\"\",$AG729>0,ORÇAMENTO.CustoUnitario>$AG729),AND(TIPOORCAMENTO=\"LICITADO\",ORÇAMENTO.PrecoUnitarioLicitado>$AN729)),\"ACIMA REF.\",\"\")))))","v":""},{"$f":"IF(C729<=CRONO.NivelExibicao,MAX($AD$15:OFFSET(AD729,-1,0))+IF($C729<>1,1,MAX(1,COUNTIF(QCI!$A$13:$A$41,OFFSET($E729,-1,0)))),\"\")","v":""},{"$f":"IF(AND($C729=\"S\",ORÇAMENTO.CodBarra<>\"\"),IF(ORÇAMENTO.Fonte=\"\",ORÇAMENTO.CodBarra,CONCATENATE(ORÇAMENTO.Fonte,\" \",ORÇAMENTO.CodBarra)))","v":"SINAPI 92759"},{"$f":"IF(ISERROR(INDIRECT(ORÇAMENTO.BancoRef)),\"(abra o arquivo 'Referência \"&Excel_BuiltIn_Database&\".xlsm)\",IF(OR($C729<>\"S\",ORÇAMENTO.CodBarra=\"\"),\"(Sem Código)\",IF(ISERROR(MATCH($AE729,INDIRECT(ORÇAMENTO.BancoRef),0)),\"(Código não identificado nas referências)\",MATCH($AE729,INDIRECT(ORÇAMENTO.BancoRef),0))))","v":2650},{"$f":"ROUND(IF(DESONERACAO=\"sim\",REFERENCIA.Desonerado,REFERENCIA.NaoDesonerado),2)","v":14.4},0.25,null,7.29,null,null,131.22,18]
["S",2,"S",0,{"$f":"IF($C730=1,OFFSET(E730,-1,0)+MAX(1,COUNTIF(QCI!$A$13:$A$41,OFFSET(ORÇAMENTO!E730,-1,0))),OFFSET(E730,-1,0))","v":26},1,0,0,11,0,{"$f":"IF(OR($C730=\"S\",$C730=0),0,MATCH(OFFSET($D730,0,$C730)+IF($C730<>1,1,COUNTIF(QCI!$A$13:$A$41,ORÇAMENTO!E730)),OFFSET($D730,1,$C730,ROW($C$744)-ROW($C730)),0))","v":0},"F","Serviço","Serviço","26.1.11.","SINAPI","92762",{"$f":"IF($C730=\"S\",REFERENCIA.Descricao,\"(digite a descrição aqui)\")","v":"ARMAÇÃO DE PILAR OU VIGA DE ESTRUTURA CONVENCIONAL DE CONCRETO ARMADO UTILIZANDO AÇO CA-50 DE 10,0 MM - MONTAGEM. AF_06/2022"},{"$f":"REFERENCIA.Unidade","v":"KG"},{"$f":"OFFSET(CÁLCULO!H$15,ROW($T730)-ROW(T$15),0)","v":58.56},11.44,"BDI 1",{"$f":"IF($C730=\"S\",ROUND(IF(TIPOORCAMENTO=\"Proposto\",ORÇAMENTO.CustoUnitario*(1+$AH730),ORÇAMENTO.PrecoUnitarioLicitado),15-13*$AF$10),0)","v":14.3},{"$f":"IF($C730=\"S\",IF(Import.TipoArredondamento<>\"TransfereGOV\",VTOTAL1,SUM(OFFSET(CÁLCULO!$AA$15,ROW($X730)-ROW($X$15),1):OFFSET(CÁLCULO!$AL$15,ROW($X730)-ROW($X$15),-1))),IF($C730=0,0,ROUND(SomaAgrup,15-13*$AF$11)))","v":837.41},"RA","RA",{"$f":"IF($C730=\"S\",IF($Z730=\"CP\",$X730,IF($Z730=\"RA\",(($X730)*QCI!$AA$3),0)),SomaAgrup)","v":29.822683777422863},0,{"$f":"IF($N730=\"\",\"\",IF(ORÇAMENTO.Descricao=\"\",\"DESCRIÇÃO\",IF(AND($C730=\"S\",ORÇAMENTO.Unidade=\"\"),\"UNIDADE\",IF($X730<0,\"VALOR NEGATIVO\",IF(OR(AND(TIPOORCAMENTO=\"Proposto\",$AG730<>\"\",$AG730>0,ORÇAMENTO.CustoUnitario>$AG730),AND(TIPOORCAMENTO=\"LICITADO\",ORÇAMENTO.PrecoUnitarioLicitado>$AN730)),\"ACIMA REF.\",\"\")))))","v":""},{"$f":"IF(C730<=CRONO.NivelExibicao,MAX($AD$15:OFFSET(AD730,-1,0))+IF($C730<>1,1,MAX(1,COUNTIF(QCI!$A$13:$A$41,OFFSET($E730,-1,0)))),\"\")","v":""},{"$f":"IF(AND($C730=\"S\",ORÇAMENTO.CodBarra<>\"\"),IF(ORÇAMENTO.Fonte=\"\",ORÇAMENTO.CodBarra,CONCATENATE(ORÇAMENTO.Fonte,\" \",ORÇAMENTO.CodBarra)))","v":"SINAPI 92762"},{"$f":"IF(ISERROR(INDIRECT(ORÇAMENTO.BancoRef)),\"(abra o arquivo 'Referência \"&Excel_BuiltIn_Database&\".xlsm)\",IF(OR($C730<>\"S\",ORÇAMENTO.CodBarra=\"\"),\"(Sem Código)\",IF(ISERROR(MATCH($AE730,INDIRECT(ORÇAMENTO.BancoRef),0)),\"(Código não identificado nas referências)\",MATCH($AE730,INDIRECT(ORÇAMENTO.BancoRef),0))))","v":2653},{"$f":"ROUND(IF(DESONERACAO=\"sim\",REFERENCIA.Desonerado,REFERENCIA.NaoDesonerado),2)","v":11.44},0.25,null,58.56,null,null,837.41,14.3]
["S",2,"S",0,{"$f":"IF($C731=1,OFFSET(E731,-1,0)+MAX(1,COUNTIF(QCI!$A$13:$A$41,OFFSET(ORÇAMENTO!E731,-1,0))),OFFSET(E731,-1,0))","v":26},1,0,0,12,0,{"$f":"IF(OR($C731=\"S\",$C731=0),0,MATCH(OFFSET($D731,0,$C731)+IF($C731<>1,1,COUNTIF(QCI!$A$13:$A$41,ORÇAMENTO!E731)),OFFSET($D731,1,$C731,ROW($C$744)-ROW($C731)),0))","v":0},"F","Serviço","Serviço","26.1.12.","SINAPI","92759",{"$f":"IF($C731=\"S\",REFERENCIA.Descricao,\"(digite a descrição aqui)\")","v":"ARMAÇÃO DE PILAR OU VIGA DE ESTRUTURA CONVENCIONAL DE CONCRETO ARMADO UTILIZANDO AÇO CA-60 DE 5,0 MM - MONTAGEM. AF_06/2022"},{"$f":"REFERENCIA.Unidade","v":"KG"},{"$f":"OFFSET(CÁLCULO!H$15,ROW($T731)-ROW(T$15),0)","v":18.48},14.4,"BDI 1",{"$f":"IF($C731=\"S\",ROUND(IF(TIPOORCAMENTO=\"Proposto\",ORÇAMENTO.CustoUnitario*(1+$AH731),ORÇAMENTO.PrecoUnitarioLicitado),15-13*$AF$10),0)","v":18},{"$f":"IF($C731=\"S\",IF(Import.TipoArredondamento<>\"TransfereGOV\",VTOTAL1,SUM(OFFSET(CÁLCULO!$AA$15,ROW($X731)-ROW($X$15),1):OFFSET(CÁLCULO!$AL$15,ROW($X731)-ROW($X$15),-1))),IF($C731=0,0,ROUND(SomaAgrup,15-13*$AF$11)))","v":332.64},"RA","RA",{"$f":"IF($C731=\"S\",IF($Z731=\"CP\",$X731,IF($Z731=\"RA\",(($X731)*QCI!$AA$3),0)),SomaAgrup)","v":11.846308894952223},0,{"$f":"IF($N731=\"\",\"\",IF(ORÇAMENTO.Descricao=\"\",\"DESCRIÇÃO\",IF(AND($C731=\"S\",ORÇAMENTO.Unidade=\"\"),\"UNIDADE\",IF($X731<0,\"VALOR NEGATIVO\",IF(OR(AND(TIPOORCAMENTO=\"Proposto\",$AG731<>\"\",$AG731>0,ORÇAMENTO.CustoUnitario>$AG731),AND(TIPOORCAMENTO=\"LICITADO\",ORÇAMENTO.PrecoUnitarioLicitado>$AN731)),\"ACIMA REF.\",\"\")))))","v":""},{"$f":"IF(C731<=CRONO.NivelExibicao,MAX($AD$15:OFFSET(AD731,-1,0))+IF($C731<>1,1,MAX(1,COUNTIF(QCI!$A$13:$A$41,OFFSET($E731,-1,0)))),\"\")","v":""},{"$f":"IF(AND($C731=\"S\",ORÇAMENTO.CodBarra<>\"\"),IF(ORÇAMENTO.Fonte=\"\",ORÇAMENTO.CodBarra,CONCATENATE(ORÇAMENTO.Fonte,\" \",ORÇAMENTO.CodBarra)))","v":"SINAPI 92759"},{"$f":"IF(ISERROR(INDIRECT(ORÇAMENTO.BancoRef)),\"(abra o arquivo 'Referência \"&Excel_BuiltIn_Database&\".xlsm)\",IF(OR($C731<>\"S\",ORÇAMENTO.CodBarra=\"\"),\"(Sem Código)\",IF(ISERROR(MATCH($AE731,INDIRECT(ORÇAMENTO.BancoRef),0)),\"(Código não identificado nas referências)\",MATCH($AE731,INDIRECT(ORÇAMENTO.BancoRef),0))))","v":2650},{"$f":"ROUND(IF(DESONERACAO=\"sim\",REFERENCIA.Desonerado,REFERENCIA.NaoDesonerado),2)","v":14.4},0.25,null,18.48,null,null,332.64,18]
["S",2,"S",0,{"$f":"IF($C732=1,OFFSET(E732,-1,0)+MAX(1,COUNTIF(QCI!$A$13:$A$41,OFFSET(ORÇAMENTO!E732,-1,0))),OFFSET(E732,-1,0))","v":26},1,0,0,13,0,{"$f":"IF(OR($C732=\"S\",$C732=0),0,MATCH(OFFSET($D732,0,$C732)+IF($C732<>1,1,COUNTIF(QCI!$A$13:$A$41,ORÇAMENTO!E732)),OFFSET($D732,1,$C732,ROW($C$744)-ROW($C732)),0))","v":0},"F","Serviço","Serviço","26.1.13.","SINAPI","103675",{"$f":"IF($C732=\"S\",REFERENCIA.Descricao,\"(digite a descrição aqui)\")","v":"CONCRETAGEM DE VIGAS E LAJES, FCK=25 MPA, PARA LAJES MACIÇAS OU NERVURADAS COM USO DE BOMBA - LANÇAMENTO, ADENSAMENTO E ACABAMENTO. AF_02/2022_PS"},{"$f":"REFERENCIA.Unidade","v":"M3"},{"$f":"OFFSET(CÁLCULO!H$15,ROW($T732)-ROW(T$15),0)","v":3.19},707.18,"BDI 1",{"$f":"IF($C732=\"S\",ROUND(IF(TIPOORCAMENTO=\"Proposto\",ORÇAMENTO.CustoUnitario*(1+$AH732),ORÇAMENTO.PrecoUnitarioLicitado),15-13*$AF$10),0)","v":883.98},{"$f":"IF($C732=\"S\",IF(Import.TipoArredondamento<>\"TransfereGOV\",VTOTAL1,SUM(OFFSET(CÁLCULO!$AA$15,ROW($X732)-ROW($X$15),1):OFFSET(CÁLCULO!$AL$15,ROW($X732)-ROW($X$15),-1))),IF($C732=0,0,ROUND(SomaAgrup,15-13*$AF$11)))","v":2819.9},"RA","RA",{"$f":"IF($C732=\"S\",IF($Z732=\"CP\",$X732,IF($Z732=\"RA\",(($X732)*QCI!$AA$3),0)),SomaAgrup)","v":100.42510357406138},0,{"$f":"IF($N732=\"\",\"\",IF(ORÇAMENTO.Descricao=\"\",\"DESCRIÇÃO\",IF(AND($C732=\"S\",ORÇAMENTO.Unidade=\"\"),\"UNIDADE\",IF($X732<0,\"VALOR NEGATIVO\",IF(OR(AND(TIPOORCAMENTO=\"Proposto\",$AG732<>\"\",$AG732>0,ORÇAMENTO.CustoUnitario>$AG732),AND(TIPOORCAMENTO=\"LICITADO\",ORÇAMENTO.PrecoUnitarioLicitado>$AN732)),\"ACIMA REF.\",\"\")))))","v":""},{"$f":"IF(C732<=CRONO.NivelExibicao,MAX($AD$15:OFFSET(AD732,-1,0))+IF($C732<>1,1,MAX(1,COUNTIF(QCI!$A$13:$A$41,OFFSET($E732,-1,0)))),\"\")","v":""},{"$f":"IF(AND($C732=\"S\",ORÇAMENTO.CodBarra<>\"\"),IF(ORÇAMENTO.Fonte=\"\",ORÇAMENTO.CodBarra,CONCATENATE(ORÇAMENTO.Fonte,\" \",ORÇAMENTO.CodBarra)))","v":"SINAPI 103675"},{"$f":"IF(ISERROR(INDIRECT(ORÇAMENTO.BancoRef)),\"(abra o arquivo 'Referência \"&Excel_BuiltIn_Database&\".xlsm)\",IF(OR($C732<>\"S\",ORÇAMENTO.CodBarra=\"\"),\"(Sem Código)\",IF(ISERROR(MATCH($AE732,INDIRECT(ORÇAMENTO.BancoRef),0)),\"(Código não identificado nas referências)\",MATCH($AE732,INDIRECT(ORÇAMENTO.BancoRef),0))))","v":2804},{"$f":"ROUND(IF(DESONERACAO=\"sim\",REFERENCIA.Desonerado,REFERENCIA.NaoDesonerado),2)","v":707.18},0.25,null,3.19,null,null,2819.9,883.98]
["S",2,"S",0,{"$f":"IF($C733=1,OFFSET(E733,-1,0)+MAX(1,COUNTIF(QCI!$A$13:$A$41,OFFSET(ORÇAMENTO!E733,-1,0))),OFFSET(E733,-1,0))","v":26},1,0,0,14,0,{"$f":"IF(OR($C733=\"S\",$C733=0),0,MATCH(OFFSET($D733,0,$C733)+IF($C733<>1,1,COUNTIF(QCI!$A$13:$A$41,ORÇAMENTO!E733)),OFFSET($D733,1,$C733,ROW($C$744)-ROW($C733)),0))","v":0},"F","Serviço","Serviço","26.1.14.","SINAPI","87879",{"$f":"IF($C733=\"S\",REFERENCIA.Descricao,\"(digite a descrição aqui)\")","v":"CHAPISCO APLICADO EM ALVENARIAS E ESTRUTURAS DE CONCRETO INTERNAS, COM COLHER DE PEDREIRO.  ARGAMASSA TRAÇO 1:3 COM PREPARO EM BETONEIRA 400L. AF_10/2022"},{"$f":"REFERENCIA.Unidade","v":"M2"},{"$f":"OFFSET(CÁLCULO!H$15,ROW($T733)-ROW(T$15),0)","v":52.32},4.72,"BDI 1",{"$f":"IF($C733=\"S\",ROUND(IF(TIPOORCAMENTO=\"Proposto\",ORÇAMENTO.CustoUnitario*(1+$AH733),ORÇAMENTO.PrecoUnitarioLicitado),15-13*$AF$10),0)","v":5.9},{"$f":"IF($C733=\"S\",IF(Import.TipoArredondamento<>\"TransfereGOV\",VTOTAL1,SUM(OFFSET(CÁLCULO!$AA$15,ROW($X733)-ROW($X$15),1):OFFSET(CÁLCULO!$AL$15,ROW($X733)-ROW($X$15),-1))),IF($C733=0,0,ROUND(SomaAgrup,15-13*$AF$11)))","v":308.69},"RA","RA",{"$f":"IF($C733=\"S\",IF($Z733=\"CP\",$X733,IF($Z733=\"RA\",(($X733)*QCI!$AA$3),0)),SomaAgrup)","v":10.993377503555802},0,{"$f":"IF($N733=\"\",\"\",IF(ORÇAMENTO.Descricao=\"\",\"DESCRIÇÃO\",IF(AND($C733=\"S\",ORÇAMENTO.Unidade=\"\"),\"UNIDADE\",IF($X733<0,\"VALOR NEGATIVO\",IF(OR(AND(TIPOORCAMENTO=\"Proposto\",$AG733<>\"\",$AG733>0,ORÇAMENTO.CustoUnitario>$AG733),AND(TIPOORCAMENTO=\"LICITADO\",ORÇAMENTO.PrecoUnitarioLicitado>$AN733)),\"ACIMA REF.\",\"\")))))","v":""},{"$f":"IF(C733<=CRONO.NivelExibicao,MAX($AD$15:OFFSET(AD733,-1,0))+IF($C733<>1,1,MAX(1,COUNTIF(QCI!$A$13:$A$41,OFFSET($E733,-1,0)))),\"\")","v":""},{"$f":"IF(AND($C733=\"S\",ORÇAMENTO.CodBarra<>\"\"),IF(ORÇAMENTO.Fonte=\"\",ORÇAMENTO.CodBarra,CONCATENATE(ORÇAMENTO.Fonte,\" \",ORÇAMENTO.CodBarra)))","v":"SINAPI 87879"},{"$f":"IF(ISERROR(INDIRECT(ORÇAMENTO.BancoRef)),\"(abra o arquivo 'Referência \"&Excel_BuiltIn_Database&\".xlsm)\",IF(OR($C733<>\"S\",ORÇAMENTO.CodBarra=\"\"),\"(Sem Código)\",IF(ISERROR(MATCH($AE733,INDIRECT(ORÇAMENTO.BancoRef),0)),\"(Código não identificado nas referências)\",MATCH($AE733,INDIRECT(ORÇAMENTO.BancoRef),0))))","v":6626},{"$f":"ROUND(IF(DESONERACAO=\"sim\",REFERENCIA.Desonerado,REFERENCIA.NaoDesonerado),2)","v":4.72},0.25,null,52.32,null,null,308.69,5.9]
["S",2,"S",0,{"$f":"IF($C734=1,OFFSET(E734,-1,0)+MAX(1,COUNTIF(QCI!$A$13:$A$41,OFFSET(ORÇAMENTO!E734,-1,0))),OFFSET(E734,-1,0))","v":26},1,0,0,15,0,{"$f":"IF(OR($C734=\"S\",$C734=0),0,MATCH(OFFSET($D734,0,$C734)+IF($C734<>1,1,COUNTIF(QCI!$A$13:$A$41,ORÇAMENTO!E734)),OFFSET($D734,1,$C734,ROW($C$744)-ROW($C734)),0))","v":0},"F","Serviço","Serviço","26.1.15.","SINAPI","FNDE 178","EMBOÇO OU MASSA ÚNICA EM ARGAMASSA TRAÇO 1:2:8, PREPARO MECÂNICO COM BETONEIRA 400L","M2",{"$f":"OFFSET(CÁLCULO!H$15,ROW($T734)-ROW(T$15),0)","v":52.32},41.78,"BDI 1",{"$f":"IF($C734=\"S\",ROUND(IF(TIPOORCAMENTO=\"Proposto\",ORÇAMENTO.CustoUnitario*(1+$AH734),ORÇAMENTO.PrecoUnitarioLicitado),15-13*$AF$10),0)","v":52.23},{"$f":"IF($C734=\"S\",IF(Import.TipoArredondamento<>\"TransfereGOV\",VTOTAL1,SUM(OFFSET(CÁLCULO!$AA$15,ROW($X734)-ROW($X$15),1):OFFSET(CÁLCULO!$AL$15,ROW($X734)-ROW($X$15),-1))),IF($C734=0,0,ROUND(SomaAgrup,15-13*$AF$11)))","v":2732.67},"RA","RA",{"$f":"IF($C734=\"S\",IF($Z734=\"CP\",$X734,IF($Z734=\"RA\",(($X734)*QCI!$AA$3),0)),SomaAgrup)","v":97.318581433288529},0,{"$f":"IF($N734=\"\",\"\",IF(ORÇAMENTO.Descricao=\"\",\"DESCRIÇÃO\",IF(AND($C734=\"S\",ORÇAMENTO.Unidade=\"\"),\"UNIDADE\",IF($X734<0,\"VALOR NEGATIVO\",IF(OR(AND(TIPOORCAMENTO=\"Proposto\",$AG734<>\"\",$AG734>0,ORÇAMENTO.CustoUnitario>$AG734),AND(TIPOORCAMENTO=\"LICITADO\",ORÇAMENTO.PrecoUnitarioLicitado>$AN734)),\"ACIMA REF.\",\"\")))))","v":""},{"$f":"IF(C734<=CRONO.NivelExibicao,MAX($AD$15:OFFSET(AD734,-1,0))+IF($C734<>1,1,MAX(1,COUNTIF(QCI!$A$13:$A$41,OFFSET($E734,-1,0)))),\"\")","v":""},{"$f":"IF(AND($C734=\"S\",ORÇAMENTO.CodBarra<>\"\"),IF(ORÇAMENTO.Fonte=\"\",ORÇAMENTO.CodBarra,CONCATENATE(ORÇAMENTO.Fonte,\" \",ORÇAMENTO.CodBarra)))","v":"SINAPI FNDE 178"},{"$f":"IF(ISERROR(INDIRECT(ORÇAMENTO.BancoRef)),\"(abra o arquivo 'Referência \"&Excel_BuiltIn_Database&\".xlsm)\",IF(OR($C734<>\"S\",ORÇAMENTO.CodBarra=\"\"),\"(Sem Código)\",IF(ISERROR(MATCH($AE734,INDIRECT(ORÇAMENTO.BancoRef),0)),\"(Código não identificado nas referências)\",MATCH($AE734,INDIRECT(ORÇAMENTO.BancoRef),0))))","v":"(Código não identificado nas referências)"},{"$f":"ROUND(IF(DESONERACAO=\"sim\",REFERENCIA.Desonerado,REFERENCIA.NaoDesonerado),2)","v":0},0.25,null,52.32,null,null,2732.67,52.23]
["S",2,"S",0,{"$f":"IF($C735=1,OFFSET(E735,-1,0)+MAX(1,COUNTIF(QCI!$A$13:$A$41,OFFSET(ORÇAMENTO!E735,-1,0))),OFFSET(E735,-1,0))","v":26},1,0,0,16,0,{"$f":"IF(OR($C735=\"S\",$C735=0),0,MATCH(OFFSET($D735,0,$C735)+IF($C735<>1,1,COUNTIF(QCI!$A$13:$A$41,ORÇAMENTO!E735)),OFFSET($D735,1,$C735,ROW($C$744)-ROW($C735)),0))","v":0},"F","Serviço","Serviço","26.1.16.","SINAPI","FNDE 402","PINTURA LÁTEX APLICAÇÃO MANUAL EM PAREDES, DUAS DEMÃOS","M2",{"$f":"OFFSET(CÁLCULO!H$15,ROW($T735)-ROW(T$15),0)","v":52.32},13.84,"BDI 1",{"$f":"IF($C735=\"S\",ROUND(IF(TIPOORCAMENTO=\"Proposto\",ORÇAMENTO.CustoUnitario*(1+$AH735),ORÇAMENTO.PrecoUnitarioLicitado),15-13*$AF$10),0)","v":17.3},{"$f":"IF($C735=\"S\",IF(Import.TipoArredondamento<>\"TransfereGOV\",VTOTAL1,SUM(OFFSET(CÁLCULO!$AA$15,ROW($X735)-ROW($X$15),1):OFFSET(CÁLCULO!$AL$15,ROW($X735)-ROW($X$15),-1))),IF($C735=0,0,ROUND(SomaAgrup,15-13*$AF$11)))","v":905.14},"RA","RA",{"$f":"IF($C735=\"S\",IF($Z735=\"CP\",$X735,IF($Z735=\"RA\",(($X735)*QCI!$AA$3),0)),SomaAgrup)","v":32.234752384490911},0,{"$f":"IF($N735=\"\",\"\",IF(ORÇAMENTO.Descricao=\"\",\"DESCRIÇÃO\",IF(AND($C735=\"S\",ORÇAMENTO.Unidade=\"\"),\"UNIDADE\",IF($X735<0,\"VALOR NEGATIVO\",IF(OR(AND(TIPOORCAMENTO=\"Proposto\",$AG735<>\"\",$AG735>0,ORÇAMENTO.CustoUnitario>$AG735),AND(TIPOORCAMENTO=\"LICITADO\",ORÇAMENTO.PrecoUnitarioLicitado>$AN735)),\"ACIMA REF.\",\"\")))))","v":""},{"$f":"IF(C735<=CRONO.NivelExibicao,MAX($AD$15:OFFSET(AD735,-1,0))+IF($C735<>1,1,MAX(1,COUNTIF(QCI!$A$13:$A$41,OFFSET($E735,-1,0)))),\"\")","v":""},{"$f":"IF(AND($C735=\"S\",ORÇAMENTO.CodBarra<>\"\"),IF(ORÇAMENTO.Fonte=\"\",ORÇAMENTO.CodBarra,CONCATENATE(ORÇAMENTO.Fonte,\" \",ORÇAMENTO.CodBarra)))","v":"SINAPI FNDE 402"},{"$f":"IF(ISERROR(INDIRECT(ORÇAMENTO.BancoRef)),\"(abra o arquivo 'Referência \"&Excel_BuiltIn_Database&\".xlsm)\",IF(OR($C735<>\"S\",ORÇAMENTO.CodBarra=\"\"),\"(Sem Código)\",IF(ISERROR(MATCH($AE735,INDIRECT(ORÇAMENTO.BancoRef),0)),\"(Código não identificado nas referências)\",MATCH($AE735,INDIRECT(ORÇAMENTO.BancoRef),0))))","v":"(Código não identificado nas referências)"},{"$f":"ROUND(IF(DESONERACAO=\"sim\",REFERENCIA.Desonerado,REFERENCIA.NaoDesonerado),2)","v":0},0.25,null,52.32,null,null,905.14,17.3]
["S",2,"S",0,{"$f":"IF($C736=1,OFFSET(E736,-1,0)+MAX(1,COUNTIF(QCI!$A$13:$A$41,OFFSET(ORÇAMENTO!E736,-1,0))),OFFSET(E736,-1,0))","v":26},1,0,0,17,0,{"$f":"IF(OR($C736=\"S\",$C736=0),0,MATCH(OFFSET($D736,0,$C736)+IF($C736<>1,1,COUNTIF(QCI!$A$13:$A$41,ORÇAMENTO!E736)),OFFSET($D736,1,$C736,ROW($C$744)-ROW($C736)),0))","v":0},"F","Serviço","Serviço","26.1.17.","SINAPI","92614",{"$f":"IF($C736=\"S\",REFERENCIA.Descricao,\"(digite a descrição aqui)\")","v":"FABRICAÇÃO E INSTALAÇÃO DE TESOURA INTEIRA EM AÇO, VÃO DE 9 M, PARA TELHA ONDULADA DE FIBROCIMENTO, METÁLICA, PLÁSTICA OU TERMOACÚSTICA, INCLUSO IÇAMENTO. AF_07/2019"},{"$f":"REFERENCIA.Unidade","v":"UN"},{"$f":"OFFSET(CÁLCULO!H$15,ROW($T736)-ROW(T$15),0)","v":5},2254.9,"BDI 1",{"$f":"IF($C736=\"S\",ROUND(IF(TIPOORCAMENTO=\"Proposto\",ORÇAMENTO.CustoUnitario*(1+$AH736),ORÇAMENTO.PrecoUnitarioLicitado),15-13*$AF$10),0)","v":2818.63},{"$f":"IF($C736=\"S\",IF(Import.TipoArredondamento<>\"TransfereGOV\",VTOTAL1,SUM(OFFSET(CÁLCULO!$AA$15,ROW($X736)-ROW($X$15),1):OFFSET(CÁLCULO!$AL$15,ROW($X736)-ROW($X$15),-1))),IF($C736=0,0,ROUND(SomaAgrup,15-13*$AF$11)))","v":14093.15},"RA","RA",{"$f":"IF($C736=\"S\",IF($Z736=\"CP\",$X736,IF($Z736=\"RA\",(($X736)*QCI!$AA$3),0)),SomaAgrup)","v":501.89937530933122},0,{"$f":"IF($N736=\"\",\"\",IF(ORÇAMENTO.Descricao=\"\",\"DESCRIÇÃO\",IF(AND($C736=\"S\",ORÇAMENTO.Unidade=\"\"),\"UNIDADE\",IF($X736<0,\"VALOR NEGATIVO\",IF(OR(AND(TIPOORCAMENTO=\"Proposto\",$AG736<>\"\",$AG736>0,ORÇAMENTO.CustoUnitario>$AG736),AND(TIPOORCAMENTO=\"LICITADO\",ORÇAMENTO.PrecoUnitarioLicitado>$AN736)),\"ACIMA REF.\",\"\")))))","v":""},{"$f":"IF(C736<=CRONO.NivelExibicao,MAX($AD$15:OFFSET(AD736,-1,0))+IF($C736<>1,1,MAX(1,COUNTIF(QCI!$A$13:$A$41,OFFSET($E736,-1,0)))),\"\")","v":""},{"$f":"IF(AND($C736=\"S\",ORÇAMENTO.CodBarra<>\"\"),IF(ORÇAMENTO.Fonte=\"\",ORÇAMENTO.CodBarra,CONCATENATE(ORÇAMENTO.Fonte,\" \",ORÇAMENTO.CodBarra)))","v":"SINAPI 92614"},{"$f":"IF(ISERROR(INDIRECT(ORÇAMENTO.BancoRef)),\"(abra o arquivo 'Referência \"&Excel_BuiltIn_Database&\".xlsm)\",IF(OR($C736<>\"S\",ORÇAMENTO.CodBarra=\"\"),\"(Sem Código)\",IF(ISERROR(MATCH($AE736,INDIRECT(ORÇAMENTO.BancoRef),0)),\"(Código não identificado nas referências)\",MATCH($AE736,INDIRECT(ORÇAMENTO.BancoRef),0))))","v":1629},{"$f":"ROUND(IF(DESONERACAO=\"sim\",REFERENCIA.Desonerado,REFERENCIA.NaoDesonerado),2)","v":2254.9},0.25,null,5,null,null,14093.15,2818.63]
["S",{"$f":"IF(OR(C737=\"s\",C737=0),OFFSET(B737,-1,0),C737)","v":2},{"$f":"IF(OFFSET(C737,-1,0)=\"L\",1,IF(OFFSET(C737,-1,0)=1,2,IF(OR(A737=\"s\",A737=0),\"S\",IF(AND(OFFSET(C737,-1,0)=2,A737=4),3,IF(AND(OR(OFFSET(C737,-1,0)=\"s\",OFFSET(C737,-1,0)=0),A737<>\"s\",A737>OFFSET(B737,-1,0)),OFFSET(B737,-1,0),A737)))))","v":"S"},{"$f":"IF(OR(C737=\"S\",C737=0),0,IF(ISERROR(K737),J737,SMALL(J737:K737,1)))","v":0},{"$f":"IF($C737=1,OFFSET(E737,-1,0)+MAX(1,COUNTIF(QCI!$A$13:$A$41,OFFSET(ORÇAMENTO!E737,-1,0))),OFFSET(E737,-1,0))","v":26},{"$f":"IF($C737=1,0,IF($C737=2,OFFSET(F737,-1,0)+1,OFFSET(F737,-1,0)))","v":1},{"$f":"IF(AND($C737<=2,$C737<>0),0,IF($C737=3,OFFSET(G737,-1,0)+1,OFFSET(G737,-1,0)))","v":0},{"$f":"IF(AND($C737<=3,$C737<>0),0,IF($C737=4,OFFSET(H737,-1,0)+1,OFFSET(H737,-1,0)))","v":0},{"$f":"IF(AND($C737<=4,$C737<>0),0,IF(AND($C737=\"S\",$X737>0),OFFSET(I737,-1,0)+1,OFFSET(I737,-1,0)))","v":18},{"$f":"IF(OR($C737=\"S\",$C737=0),0,MATCH(0,OFFSET($D737,1,$C737,ROW($C$744)-ROW($C737)),0))","v":0},{"$f":"IF(OR($C737=\"S\",$C737=0),0,MATCH(OFFSET($D737,0,$C737)+IF($C737<>1,1,COUNTIF(QCI!$A$13:$A$41,ORÇAMENTO!E737)),OFFSET($D737,1,$C737,ROW($C$744)-ROW($C737)),0))","v":0},{"$f":"IF(OR($X737>0,$C737=1,$C737=2,$C737=3,$C737=4),\"F\",\"\")","v":"F"},"Serviço",{"$f":"CHOOSE(1+LOG(1+2*(C737=1)+4*(C737=2)+8*(C737=3)+16*(C737=4)+32*(C737=\"S\"),2),\"\",\"Meta\",\"Nível 2\",\"Nível 3\",\"Nível 4\",\"Serviço\")","v":"Serviço"},{"$f":"IF(OR($C737=0,$L737=\"\"),\"-\",CONCATENATE(E737&\".\",IF(AND($A$5>=2,$C737>=2),F737&\".\",\"\"),IF(AND($A$5>=3,$C737>=3),G737&\".\",\"\"),IF(AND($A$5>=4,$C737>=4),H737&\".\",\"\"),IF($C737=\"S\",I737&\".\",\"\")))","v":"26.1.18."},"SINAPI","92580",{"$f":"IF($C737=\"S\",REFERENCIA.Descricao,\"(digite a descrição aqui)\")","v":"TRAMA DE AÇO COMPOSTA POR TERÇAS PARA TELHADOS DE ATÉ 2 ÁGUAS PARA TELHA ONDULADA DE FIBROCIMENTO, METÁLICA, PLÁSTICA OU TERMOACÚSTICA, INCLUSO TRANSPORTE VERTICAL. AF_07/2019"},{"$f":"REFERENCIA.Unidade","v":"M2"},{"$f":"OFFSET(CÁLCULO!H$15,ROW($T737)-ROW(T$15),0)","v":146.22},68.19,"BDI 1",{"$f":"IF($C737=\"S\",ROUND(IF(TIPOORCAMENTO=\"Proposto\",ORÇAMENTO.CustoUnitario*(1+$AH737),ORÇAMENTO.PrecoUnitarioLicitado),15-13*$AF$10),0)","v":85.24},{"$f":"IF($C737=\"S\",IF(Import.TipoArredondamento<>\"TransfereGOV\",VTOTAL1,SUM(OFFSET(CÁLCULO!$AA$15,ROW($X737)-ROW($X$15),1):OFFSET(CÁLCULO!$AL$15,ROW($X737)-ROW($X$15),-1))),IF($C737=0,0,ROUND(SomaAgrup,15-13*$AF$11)))","v":12463.79},"RA",{"$f":"IF(AND($C737=\"S\",$X737>0),IF(ISBLANK($Y737),\"RA\",LEFT($Y737,2)),\"\")","v":"RA"},{"$f":"IF($C737=\"S\",IF($Z737=\"CP\",$X737,IF($Z737=\"RA\",(($X737)*QCI!$AA$3),0)),SomaAgrup)","v":443.87297481306092},0,{"$f":"IF($N737=\"\",\"\",IF(ORÇAMENTO.Descricao=\"\",\"DESCRIÇÃO\",IF(AND($C737=\"S\",ORÇAMENTO.Unidade=\"\"),\"UNIDADE\",IF($X737<0,\"VALOR NEGATIVO\",IF(OR(AND(TIPOORCAMENTO=\"Proposto\",$AG737<>\"\",$AG737>0,ORÇAMENTO.CustoUnitario>$AG737),AND(TIPOORCAMENTO=\"LICITADO\",ORÇAMENTO.PrecoUnitarioLicitado>$AN737)),\"ACIMA REF.\",\"\")))))","v":""},{"$f":"IF(C737<=CRONO.NivelExibicao,MAX($AD$15:OFFSET(AD737,-1,0))+IF($C737<>1,1,MAX(1,COUNTIF(QCI!$A$13:$A$41,OFFSET($E737,-1,0)))),\"\")","v":""},{"$f":"IF(AND($C737=\"S\",ORÇAMENTO.CodBarra<>\"\"),IF(ORÇAMENTO.Fonte=\"\",ORÇAMENTO.CodBarra,CONCATENATE(ORÇAMENTO.Fonte,\" \",ORÇAMENTO.CodBarra)))","v":"SINAPI 92580"},{"$f":"IF(ISERROR(INDIRECT(ORÇAMENTO.BancoRef)),\"(abra o arquivo 'Referência \"&Excel_BuiltIn_Database&\".xlsm)\",IF(OR($C737<>\"S\",ORÇAMENTO.CodBarra=\"\"),\"(Sem Código)\",IF(ISERROR(MATCH($AE737,INDIRECT(ORÇAMENTO.BancoRef),0)),\"(Código não identificado nas referências)\",MATCH($AE737,INDIRECT(ORÇAMENTO.BancoRef),0))))","v":1611},{"$f":"ROUND(IF(DESONERACAO=\"sim\",REFERENCIA.Desonerado,REFERENCIA.NaoDesonerado),2)","v":68.19},0.25,null,146.22,null,null,12463.79,85.24]
["S",{"$f":"IF(OR(C738=\"s\",C738=0),OFFSET(B738,-1,0),C738)","v":2},{"$f":"IF(OFFSET(C738,-1,0)=\"L\",1,IF(OFFSET(C738,-1,0)=1,2,IF(OR(A738=\"s\",A738=0),\"S\",IF(AND(OFFSET(C738,-1,0)=2,A738=4),3,IF(AND(OR(OFFSET(C738,-1,0)=\"s\",OFFSET(C738,-1,0)=0),A738<>\"s\",A738>OFFSET(B738,-1,0)),OFFSET(B738,-1,0),A738)))))","v":"S"},{"$f":"IF(OR(C738=\"S\",C738=0),0,IF(ISERROR(K738),J738,SMALL(J738:K738,1)))","v":0},{"$f":"IF($C738=1,OFFSET(E738,-1,0)+MAX(1,COUNTIF(QCI!$A$13:$A$41,OFFSET(ORÇAMENTO!E738,-1,0))),OFFSET(E738,-1,0))","v":26},{"$f":"IF($C738=1,0,IF($C738=2,OFFSET(F738,-1,0)+1,OFFSET(F738,-1,0)))","v":1},{"$f":"IF(AND($C738<=2,$C738<>0),0,IF($C738=3,OFFSET(G738,-1,0)+1,OFFSET(G738,-1,0)))","v":0},{"$f":"IF(AND($C738<=3,$C738<>0),0,IF($C738=4,OFFSET(H738,-1,0)+1,OFFSET(H738,-1,0)))","v":0},{"$f":"IF(AND($C738<=4,$C738<>0),0,IF(AND($C738=\"S\",$X738>0),OFFSET(I738,-1,0)+1,OFFSET(I738,-1,0)))","v":19},{"$f":"IF(OR($C738=\"S\",$C738=0),0,MATCH(0,OFFSET($D738,1,$C738,ROW($C$744)-ROW($C738)),0))","v":0},{"$f":"IF(OR($C738=\"S\",$C738=0),0,MATCH(OFFSET($D738,0,$C738)+IF($C738<>1,1,COUNTIF(QCI!$A$13:$A$41,ORÇAMENTO!E738)),OFFSET($D738,1,$C738,ROW($C$744)-ROW($C738)),0))","v":0},{"$f":"IF(OR($X738>0,$C738=1,$C738=2,$C738=3,$C738=4),\"F\",\"\")","v":"F"},"Serviço",{"$f":"CHOOSE(1+LOG(1+2*(C738=1)+4*(C738=2)+8*(C738=3)+16*(C738=4)+32*(C738=\"S\"),2),\"\",\"Meta\",\"Nível 2\",\"Nível 3\",\"Nível 4\",\"Serviço\")","v":"Serviço"},{"$f":"IF(OR($C738=0,$L738=\"\"),\"-\",CONCATENATE(E738&\".\",IF(AND($A$5>=2,$C738>=2),F738&\".\",\"\"),IF(AND($A$5>=3,$C738>=3),G738&\".\",\"\"),IF(AND($A$5>=4,$C738>=4),H738&\".\",\"\"),IF($C738=\"S\",I738&\".\",\"\")))","v":"26.1.19."},"SINAPI","102183",{"$f":"IF($C738=\"S\",REFERENCIA.Descricao,\"(digite a descrição aqui)\")","v":"PORTA PIVOTANTE DE VIDRO TEMPERADO, 2 FOLHAS DE 90X210 CM, ESPESSURA DE 10MM, INCLUSIVE ACESSÓRIOS. AF_01/2021"},{"$f":"REFERENCIA.Unidade","v":"UN"},{"$f":"OFFSET(CÁLCULO!H$15,ROW($T738)-ROW(T$15),0)","v":4},1775.62,"BDI 1",{"$f":"IF($C738=\"S\",ROUND(IF(TIPOORCAMENTO=\"Proposto\",ORÇAMENTO.CustoUnitario*(1+$AH738),ORÇAMENTO.PrecoUnitarioLicitado),15-13*$AF$10),0)","v":2219.5300000000002},{"$f":"IF($C738=\"S\",IF(Import.TipoArredondamento<>\"TransfereGOV\",VTOTAL1,SUM(OFFSET(CÁLCULO!$AA$15,ROW($X738)-ROW($X$15),1):OFFSET(CÁLCULO!$AL$15,ROW($X738)-ROW($X$15),-1))),IF($C738=0,0,ROUND(SomaAgrup,15-13*$AF$11)))","v":8878.1200000000008},"RA",{"$f":"IF(AND($C738=\"S\",$X738>0),IF(ISBLANK($Y738),\"RA\",LEFT($Y738,2)),\"\")","v":"RA"},{"$f":"IF($C738=\"S\",IF($Z738=\"CP\",$X738,IF($Z738=\"RA\",(($X738)*QCI!$AA$3),0)),SomaAgrup)","v":316.17650290540297},0,{"$f":"IF($N738=\"\",\"\",IF(ORÇAMENTO.Descricao=\"\",\"DESCRIÇÃO\",IF(AND($C738=\"S\",ORÇAMENTO.Unidade=\"\"),\"UNIDADE\",IF($X738<0,\"VALOR NEGATIVO\",IF(OR(AND(TIPOORCAMENTO=\"Proposto\",$AG738<>\"\",$AG738>0,ORÇAMENTO.CustoUnitario>$AG738),AND(TIPOORCAMENTO=\"LICITADO\",ORÇAMENTO.PrecoUnitarioLicitado>$AN738)),\"ACIMA REF.\",\"\")))))","v":""},{"$f":"IF(C738<=CRONO.NivelExibicao,MAX($AD$15:OFFSET(AD738,-1,0))+IF($C738<>1,1,MAX(1,COUNTIF(QCI!$A$13:$A$41,OFFSET($E738,-1,0)))),\"\")","v":""},{"$f":"IF(AND($C738=\"S\",ORÇAMENTO.CodBarra<>\"\"),IF(ORÇAMENTO.Fonte=\"\",ORÇAMENTO.CodBarra,CONCATENATE(ORÇAMENTO.Fonte,\" \",ORÇAMENTO.CodBarra)))","v":"SINAPI 102183"},{"$f":"IF(ISERROR(INDIRECT(ORÇAMENTO.BancoRef)),\"(abra o arquivo 'Referência \"&Excel_BuiltIn_Database&\".xlsm)\",IF(OR($C738<>\"S\",ORÇAMENTO.CodBarra=\"\"),\"(Sem Código)\",IF(ISERROR(MATCH($AE738,INDIRECT(ORÇAMENTO.BancoRef),0)),\"(Código não identificado nas referências)\",MATCH($AE738,INDIRECT(ORÇAMENTO.BancoRef),0))))","v":2318},{"$f":"ROUND(IF(DESONERACAO=\"sim\",REFERENCIA.Desonerado,REFERENCIA.NaoDesonerado),2)","v":1775.62},0.25,null,4,null,null,8878.1200000000008,2219.5300000000002]
["S",2,"S",0,{"$f":"IF($C739=1,OFFSET(E739,-1,0)+MAX(1,COUNTIF(QCI!$A$13:$A$41,OFFSET(ORÇAMENTO!E739,-1,0))),OFFSET(E739,-1,0))","v":26},1,0,0,20,0,{"$f":"IF(OR($C739=\"S\",$C739=0),0,MATCH(OFFSET($D739,0,$C739)+IF($C739<>1,1,COUNTIF(QCI!$A$13:$A$41,ORÇAMENTO!E739)),OFFSET($D739,1,$C739,ROW($C$744)-ROW($C739)),0))","v":0},"F","Serviço","Serviço","26.1.20.","SINAPI","94569 MOD","JANELA ALUMINIO MAXIM AR 8mm","M2",{"$f":"OFFSET(CÁLCULO!H$15,ROW($T739)-ROW(T$15),0)","v":48.46},991.1,"BDI 1",{"$f":"IF($C739=\"S\",ROUND(IF(TIPOORCAMENTO=\"Proposto\",ORÇAMENTO.CustoUnitario*(1+$AH739),ORÇAMENTO.PrecoUnitarioLicitado),15-13*$AF$10),0)","v":1238.8800000000001},{"$f":"IF($C739=\"S\",IF(Import.TipoArredondamento<>\"TransfereGOV\",VTOTAL1,SUM(OFFSET(CÁLCULO!$AA$15,ROW($X739)-ROW($X$15),1):OFFSET(CÁLCULO!$AL$15,ROW($X739)-ROW($X$15),-1))),IF($C739=0,0,ROUND(SomaAgrup,15-13*$AF$11)))","v":60036.12},"RA","RA",{"$f":"IF($C739=\"S\",IF($Z739=\"CP\",$X739,IF($Z739=\"RA\",(($X739)*QCI!$AA$3),0)),SomaAgrup)","v":2138.0664453295431},0,{"$f":"IF($N739=\"\",\"\",IF(ORÇAMENTO.Descricao=\"\",\"DESCRIÇÃO\",IF(AND($C739=\"S\",ORÇAMENTO.Unidade=\"\"),\"UNIDADE\",IF($X739<0,\"VALOR NEGATIVO\",IF(OR(AND(TIPOORCAMENTO=\"Proposto\",$AG739<>\"\",$AG739>0,ORÇAMENTO.CustoUnitario>$AG739),AND(TIPOORCAMENTO=\"LICITADO\",ORÇAMENTO.PrecoUnitarioLicitado>$AN739)),\"ACIMA REF.\",\"\")))))","v":""},{"$f":"IF(C739<=CRONO.NivelExibicao,MAX($AD$15:OFFSET(AD739,-1,0))+IF($C739<>1,1,MAX(1,COUNTIF(QCI!$A$13:$A$41,OFFSET($E739,-1,0)))),\"\")","v":""},{"$f":"IF(AND($C739=\"S\",ORÇAMENTO.CodBarra<>\"\"),IF(ORÇAMENTO.Fonte=\"\",ORÇAMENTO.CodBarra,CONCATENATE(ORÇAMENTO.Fonte,\" \",ORÇAMENTO.CodBarra)))","v":"SINAPI 94569 MOD"},{"$f":"IF(ISERROR(INDIRECT(ORÇAMENTO.BancoRef)),\"(abra o arquivo 'Referência \"&Excel_BuiltIn_Database&\".xlsm)\",IF(OR($C739<>\"S\",ORÇAMENTO.CodBarra=\"\"),\"(Sem Código)\",IF(ISERROR(MATCH($AE739,INDIRECT(ORÇAMENTO.BancoRef),0)),\"(Código não identificado nas referências)\",MATCH($AE739,INDIRECT(ORÇAMENTO.BancoRef),0))))","v":"(Código não identificado nas referências)"},{"$f":"ROUND(IF(DESONERACAO=\"sim\",REFERENCIA.Desonerado,REFERENCIA.NaoDesonerado),2)","v":0},0.25,null,48.46,null,null,60036.12,1238.8800000000001]
[1,1,1,4,{"$f":"IF($C740=1,OFFSET(E740,-1,0)+MAX(1,COUNTIF(QCI!$A$13:$A$41,OFFSET(ORÇAMENTO!E740,-1,0))),OFFSET(E740,-1,0))","v":27},0,0,0,0,4,{"$f":"IF(OR($C740=\"S\",$C740=0),0,MATCH(OFFSET($D740,0,$C740)+IF($C740<>1,1,COUNTIF(QCI!$A$13:$A$41,ORÇAMENTO!E740)),OFFSET($D740,1,$C740,ROW($C$744)-ROW($C740)),0))","v":{"$error":"#N/A"}},"F","Meta","Meta","27.","SINAPI",null,"SERVIÇOS FINAIS",{"$f":"REFERENCIA.Unidade","v":"-"},{"$f":"OFFSET(CÁLCULO!H$15,ROW($T740)-ROW(T$15),0)","v":0},null,"BDI 1",{"$f":"IF($C740=\"S\",ROUND(IF(TIPOORCAMENTO=\"Proposto\",ORÇAMENTO.CustoUnitario*(1+$AH740),ORÇAMENTO.PrecoUnitarioLicitado),15-13*$AF$10),0)","v":0},{"$f":"IF($C740=\"S\",IF(Import.TipoArredondamento<>\"TransfereGOV\",VTOTAL1,SUM(OFFSET(CÁLCULO!$AA$15,ROW($X740)-ROW($X$15),1):OFFSET(CÁLCULO!$AL$15,ROW($X740)-ROW($X$15),-1))),IF($C740=0,0,ROUND(SomaAgrup,15-13*$AF$11)))","v":7762.05},"RA","",{"$f":"IF($C740=\"S\",IF($Z740=\"CP\",$X740,IF($Z740=\"RA\",(($X740)*QCI!$AA$3),0)),SomaAgrup)","v":276.42990006632971},0,{"$f":"IF($N740=\"\",\"\",IF(ORÇAMENTO.Descricao=\"\",\"DESCRIÇÃO\",IF(AND($C740=\"S\",ORÇAMENTO.Unidade=\"\"),\"UNIDADE\",IF($X740<0,\"VALOR NEGATIVO\",IF(OR(AND(TIPOORCAMENTO=\"Proposto\",$AG740<>\"\",$AG740>0,ORÇAMENTO.CustoUnitario>$AG740),AND(TIPOORCAMENTO=\"LICITADO\",ORÇAMENTO.PrecoUnitarioLicitado>$AN740)),\"ACIMA REF.\",\"\")))))","v":""},{"$f":"IF(C740<=CRONO.NivelExibicao,MAX($AD$15:OFFSET(AD740,-1,0))+IF($C740<>1,1,MAX(1,COUNTIF(QCI!$A$13:$A$41,OFFSET($E740,-1,0)))),\"\")","v":103},{"$f":"IF(AND($C740=\"S\",ORÇAMENTO.CodBarra<>\"\"),IF(ORÇAMENTO.Fonte=\"\",ORÇAMENTO.CodBarra,CONCATENATE(ORÇAMENTO.Fonte,\" \",ORÇAMENTO.CodBarra)))","v":false},{"$f":"IF(ISERROR(INDIRECT(ORÇAMENTO.BancoRef)),\"(abra o arquivo 'Referência \"&Excel_BuiltIn_Database&\".xlsm)\",IF(OR($C740<>\"S\",ORÇAMENTO.CodBarra=\"\"),\"(Sem Código)\",IF(ISERROR(MATCH($AE740,INDIRECT(ORÇAMENTO.BancoRef),0)),\"(Código não identificado nas referências)\",MATCH($AE740,INDIRECT(ORÇAMENTO.BancoRef),0))))","v":"(Sem Código)"},{"$f":"ROUND(IF(DESONERACAO=\"sim\",REFERENCIA.Desonerado,REFERENCIA.NaoDesonerado),2)","v":0},0.25,null,null,null,null,7762.05,0]
[2,2,2,3,{"$f":"IF($C741=1,OFFSET(E741,-1,0)+MAX(1,COUNTIF(QCI!$A$13:$A$41,OFFSET(ORÇAMENTO!E741,-1,0))),OFFSET(E741,-1,0))","v":27},1,0,0,0,3,{"$f":"IF(OR($C741=\"S\",$C741=0),0,MATCH(OFFSET($D741,0,$C741)+IF($C741<>1,1,COUNTIF(QCI!$A$13:$A$41,ORÇAMENTO!E741)),OFFSET($D741,1,$C741,ROW($C$744)-ROW($C741)),0))","v":{"$error":"#N/A"}},"F","Nível 2","Nível 2","27.1.","SINAPI",null,"Limpeza da obra",{"$f":"REFERENCIA.Unidade","v":"-"},{"$f":"OFFSET(CÁLCULO!H$15,ROW($T741)-ROW(T$15),0)","v":0},null,"BDI 1",{"$f":"IF($C741=\"S\",ROUND(IF(TIPOORCAMENTO=\"Proposto\",ORÇAMENTO.CustoUnitario*(1+$AH741),ORÇAMENTO.PrecoUnitarioLicitado),15-13*$AF$10),0)","v":0},{"$f":"IF($C741=\"S\",IF(Import.TipoArredondamento<>\"TransfereGOV\",VTOTAL1,SUM(OFFSET(CÁLCULO!$AA$15,ROW($X741)-ROW($X$15),1):OFFSET(CÁLCULO!$AL$15,ROW($X741)-ROW($X$15),-1))),IF($C741=0,0,ROUND(SomaAgrup,15-13*$AF$11)))","v":7762.05},"RA","",{"$f":"IF($C741=\"S\",IF($Z741=\"CP\",$X741,IF($Z741=\"RA\",(($X741)*QCI!$AA$3),0)),SomaAgrup)","v":276.42990006632971},0,{"$f":"IF($N741=\"\",\"\",IF(ORÇAMENTO.Descricao=\"\",\"DESCRIÇÃO\",IF(AND($C741=\"S\",ORÇAMENTO.Unidade=\"\"),\"UNIDADE\",IF($X741<0,\"VALOR NEGATIVO\",IF(OR(AND(TIPOORCAMENTO=\"Proposto\",$AG741<>\"\",$AG741>0,ORÇAMENTO.CustoUnitario>$AG741),AND(TIPOORCAMENTO=\"LICITADO\",ORÇAMENTO.PrecoUnitarioLicitado>$AN741)),\"ACIMA REF.\",\"\")))))","v":""},{"$f":"IF(C741<=CRONO.NivelExibicao,MAX($AD$15:OFFSET(AD741,-1,0))+IF($C741<>1,1,MAX(1,COUNTIF(QCI!$A$13:$A$41,OFFSET($E741,-1,0)))),\"\")","v":104},{"$f":"IF(AND($C741=\"S\",ORÇAMENTO.CodBarra<>\"\"),IF(ORÇAMENTO.Fonte=\"\",ORÇAMENTO.CodBarra,CONCATENATE(ORÇAMENTO.Fonte,\" \",ORÇAMENTO.CodBarra)))","v":false},{"$f":"IF(ISERROR(INDIRECT(ORÇAMENTO.BancoRef)),\"(abra o arquivo 'Referência \"&Excel_BuiltIn_Database&\".xlsm)\",IF(OR($C741<>\"S\",ORÇAMENTO.CodBarra=\"\"),\"(Sem Código)\",IF(ISERROR(MATCH($AE741,INDIRECT(ORÇAMENTO.BancoRef),0)),\"(Código não identificado nas referências)\",MATCH($AE741,INDIRECT(ORÇAMENTO.BancoRef),0))))","v":"(Sem Código)"},{"$f":"ROUND(IF(DESONERACAO=\"sim\",REFERENCIA.Desonerado,REFERENCIA.NaoDesonerado),2)","v":0},0.25,null,null,null,null,7762.05,0]
["S",2,"S",0,{"$f":"IF($C742=1,OFFSET(E742,-1,0)+MAX(1,COUNTIF(QCI!$A$13:$A$41,OFFSET(ORÇAMENTO!E742,-1,0))),OFFSET(E742,-1,0))","v":27},1,0,0,1,0,{"$f":"IF(OR($C742=\"S\",$C742=0),0,MATCH(OFFSET($D742,0,$C742)+IF($C742<>1,1,COUNTIF(QCI!$A$13:$A$41,ORÇAMENTO!E742)),OFFSET($D742,1,$C742,ROW($C$744)-ROW($C742)),0))","v":0},"F","Serviço","Serviço","27.1.1.","SINAPI","99803","LIMPEZA DE PISO CERÂMICO OU PORCELANATO COM PANO ÚMIDO. AF_04/2019",{"$f":"REFERENCIA.Unidade","v":"M2"},{"$f":"OFFSET(CÁLCULO!H$15,ROW($T742)-ROW(T$15),0)","v":1545.99},2.23,"BDI 1",{"$f":"IF($C742=\"S\",ROUND(IF(TIPOORCAMENTO=\"Proposto\",ORÇAMENTO.CustoUnitario*(1+$AH742),ORÇAMENTO.PrecoUnitarioLicitado),15-13*$AF$10),0)","v":2.79},{"$f":"IF($C742=\"S\",IF(Import.TipoArredondamento<>\"TransfereGOV\",VTOTAL1,SUM(OFFSET(CÁLCULO!$AA$15,ROW($X742)-ROW($X$15),1):OFFSET(CÁLCULO!$AL$15,ROW($X742)-ROW($X$15),-1))),IF($C742=0,0,ROUND(SomaAgrup,15-13*$AF$11)))","v":4313.3100000000004},"RA","RA",{"$f":"IF($C742=\"S\",IF($Z742=\"CP\",$X742,IF($Z742=\"RA\",(($X742)*QCI!$AA$3),0)),SomaAgrup)","v":153.60991648534866},0,{"$f":"IF($N742=\"\",\"\",IF(ORÇAMENTO.Descricao=\"\",\"DESCRIÇÃO\",IF(AND($C742=\"S\",ORÇAMENTO.Unidade=\"\"),\"UNIDADE\",IF($X742<0,\"VALOR NEGATIVO\",IF(OR(AND(TIPOORCAMENTO=\"Proposto\",$AG742<>\"\",$AG742>0,ORÇAMENTO.CustoUnitario>$AG742),AND(TIPOORCAMENTO=\"LICITADO\",ORÇAMENTO.PrecoUnitarioLicitado>$AN742)),\"ACIMA REF.\",\"\")))))","v":""},{"$f":"IF(C742<=CRONO.NivelExibicao,MAX($AD$15:OFFSET(AD742,-1,0))+IF($C742<>1,1,MAX(1,COUNTIF(QCI!$A$13:$A$41,OFFSET($E742,-1,0)))),\"\")","v":""},{"$f":"IF(AND($C742=\"S\",ORÇAMENTO.CodBarra<>\"\"),IF(ORÇAMENTO.Fonte=\"\",ORÇAMENTO.CodBarra,CONCATENATE(ORÇAMENTO.Fonte,\" \",ORÇAMENTO.CodBarra)))","v":"SINAPI 99803"},{"$f":"IF(ISERROR(INDIRECT(ORÇAMENTO.BancoRef)),\"(abra o arquivo 'Referência \"&Excel_BuiltIn_Database&\".xlsm)\",IF(OR($C742<>\"S\",ORÇAMENTO.CodBarra=\"\"),\"(Sem Código)\",IF(ISERROR(MATCH($AE742,INDIRECT(ORÇAMENTO.BancoRef),0)),\"(Código não identificado nas referências)\",MATCH($AE742,INDIRECT(ORÇAMENTO.BancoRef),0))))","v":7143},{"$f":"ROUND(IF(DESONERACAO=\"sim\",REFERENCIA.Desonerado,REFERENCIA.NaoDesonerado),2)","v":2.23},0.25,null,1545.99,null,null,4313.3100000000004,2.79]
["S",2,"S",0,{"$f":"IF($C743=1,OFFSET(E743,-1,0)+MAX(1,COUNTIF(QCI!$A$13:$A$41,OFFSET(ORÇAMENTO!E743,-1,0))),OFFSET(E743,-1,0))","v":27},1,0,0,2,0,{"$f":"IF(OR($C743=\"S\",$C743=0),0,MATCH(OFFSET($D743,0,$C743)+IF($C743<>1,1,COUNTIF(QCI!$A$13:$A$41,ORÇAMENTO!E743)),OFFSET($D743,1,$C743,ROW($C$744)-ROW($C743)),0))","v":0},"F","Serviço","Serviço","27.1.2.","SINAPI","103689","FORNECIMENTO E INSTALAÇÃO DE PLACA DE OBRA COM CHAPA GALVANIZADA E ESTRUTURA DE MADEIRA. AF_03/2022_PS",{"$f":"REFERENCIA.Unidade","v":"M2"},{"$f":"OFFSET(CÁLCULO!H$15,ROW($T743)-ROW(T$15),0)","v":6},459.83,"BDI 1",{"$f":"IF($C743=\"S\",ROUND(IF(TIPOORCAMENTO=\"Proposto\",ORÇAMENTO.CustoUnitario*(1+$AH743),ORÇAMENTO.PrecoUnitarioLicitado),15-13*$AF$10),0)","v":574.79},{"$f":"IF($C743=\"S\",IF(Import.TipoArredondamento<>\"TransfereGOV\",VTOTAL1,SUM(OFFSET(CÁLCULO!$AA$15,ROW($X743)-ROW($X$15),1):OFFSET(CÁLCULO!$AL$15,ROW($X743)-ROW($X$15),-1))),IF($C743=0,0,ROUND(SomaAgrup,15-13*$AF$11)))","v":3448.74},"RA","RA",{"$f":"IF($C743=\"S\",IF($Z743=\"CP\",$X743,IF($Z743=\"RA\",(($X743)*QCI!$AA$3),0)),SomaAgrup)","v":122.81998358098103},0,{"$f":"IF($N743=\"\",\"\",IF(ORÇAMENTO.Descricao=\"\",\"DESCRIÇÃO\",IF(AND($C743=\"S\",ORÇAMENTO.Unidade=\"\"),\"UNIDADE\",IF($X743<0,\"VALOR NEGATIVO\",IF(OR(AND(TIPOORCAMENTO=\"Proposto\",$AG743<>\"\",$AG743>0,ORÇAMENTO.CustoUnitario>$AG743),AND(TIPOORCAMENTO=\"LICITADO\",ORÇAMENTO.PrecoUnitarioLicitado>$AN743)),\"ACIMA REF.\",\"\")))))","v":""},{"$f":"IF(C743<=CRONO.NivelExibicao,MAX($AD$15:OFFSET(AD743,-1,0))+IF($C743<>1,1,MAX(1,COUNTIF(QCI!$A$13:$A$41,OFFSET($E743,-1,0)))),\"\")","v":""},{"$f":"IF(AND($C743=\"S\",ORÇAMENTO.CodBarra<>\"\"),IF(ORÇAMENTO.Fonte=\"\",ORÇAMENTO.CodBarra,CONCATENATE(ORÇAMENTO.Fonte,\" \",ORÇAMENTO.CodBarra)))","v":"SINAPI 103689"},{"$f":"IF(ISERROR(INDIRECT(ORÇAMENTO.BancoRef)),\"(abra o arquivo 'Referência \"&Excel_BuiltIn_Database&\".xlsm)\",IF(OR($C743<>\"S\",ORÇAMENTO.CodBarra=\"\"),\"(Sem Código)\",IF(ISERROR(MATCH($AE743,INDIRECT(ORÇAMENTO.BancoRef),0)),\"(Código não identificado nas referências)\",MATCH($AE743,INDIRECT(ORÇAMENTO.BancoRef),0))))","v":6344},{"$f":"ROUND(IF(DESONERACAO=\"sim\",REFERENCIA.Desonerado,REFERENCIA.NaoDesonerado),2)","v":459.83},0.25,null,6,null,null,3448.74,574.79]
[-1,null,-1,null,0,0,0,0,0,null,null,"F"]
[]
[]
[null,null,null,null,null,null,null,null,null,null,null,null,null,null,"Encargos sociais:",null,"Para elaboração deste orçamento, foram utilizados os encargos sociais do SINAPI para a Unidade da Federação indicada."]
[]
[null,null,null,null,null,null,null,null,null,null,null,null,null,null,"Observações:"]
[null,null,null,null,null,null,null,null,null,null,null,null,null,null,"SINAPI NÃO DESONERADO NOV/2024 - RIO GRANDE DO SUL"]
[]
[]
[]
[null,null,null,null,null,null,null,null,null,null,null,null,null,null,{"$f":"IF(AND($AF$7=FALSE,$AF$8=FALSE,$AF$9=FALSE,$AF$10=FALSE,$AF$11=FALSE),\"Não foi considerado arredondamento nos valores da planilha.\",CONCATENATE(\"Foi considerado arredondamento de duas casas decimais para \",IF($AF$7=TRUE,\"Quantidade; \",\"\"),IF($AF$8=TRUE,\"Custo Unitário; \",\"\"),IF($AF$9=TRUE,\"BDI; \",\"\"),IF($AF$10=TRUE,\"Preço Unitário; \",\"\"),IF($AF$11=TRUE,\"Preço Total.\",\"\")))","v":"Foi considerado arredondamento de duas casas decimais para Quantidade; Custo Unitário; BDI; Preço Unitário; Preço Total."}]
[null,null,null,null,null,null,null,null,null,null,null,null,null,null,"Siglas da Composição do Investimento: RA - Rateio proporcional entre Repasse e Contrapartida; RP - 100% Repasse; CP - 100% Contrapartida; OU - 100% Outros."]
[]
[null,null,null,null,null,null,null,null,null,null,null,null,null,null,{"$f":"Import.Município","v":"RIO GRANDE DO SUL"}]
[null,null,null,null,null,null,null,null,null,null,null,null,null,null,"Local",null,null,null,"Responsável Técnico"]
[null,null,null,null,null,null,null,null,null,null,null,null,null,null,null,null,null,null,"Nome:",{"$f":"Import.RespOrçamento","v":"PAULO RICARDO VIEGAS ALVES"}]
[null,null,null,null,null,null,null,null,null,null,null,null,null,null,{"$f":"DADOS!$F$25","v":"2025-05-26"},null,null,null,"CREA/CAU:","A86.107-3"]
[null,null,null,null,null,null,null,null,null,null,null,null,null,null,"Data",null,null,null,"ART/RRT:","RRT15101062"]

{"sheet":"CÁLCULO","index":5,"n_rows":752,"n_cols":59,"rows_kept":752,"cut":false,"hidden":false,"merged":[[0,5,0,7],[0,16,0,17],[0,24,0,25],[1,5,1,7],[1,16,1,17],[1,24,1,25],[14,4,14,7],[3,4,3,5],[3,6,3,7],[3,18,3,19],[3,20,3,25],[4,4,4,5],[4,6,4,7],[4,18,4,19],[4,20,4,25]]}
[null,null,null,null,null,{"$f":"IF(ACOMPANHAMENTO=\"BM\",\"MEMÓRIA DE CÁLCULO\",\"PLQ - PLANILHA DE LEVANTAMENTO DE QUANTIDADES\")","v":"MEMÓRIA DE CÁLCULO"},null,null,null,null,null,null,null,null,null,null,"Grau de Sigilo",null,null,null,null,null,null,null,"Grau de Sigilo"]
[null,null,null,null,null,{"$f":"IF(ACOMPANHAMENTO=\"BM\",\"\",\"Memória de Cálculo\")&\" - \"&import.recurso","v":" - (SELECIONAR)"},null,null,null,null,null,null,null,null,null,null,"#PUBLICO",null,null,null,null,null,null,null,"#PUBLICO"]
[null,null,null,null,null,null,null,null,null,null,null,null,null,null,null,null,null,null,null,null,null,null,null,null,null,null,null,{"$f":"ROUND(ROUND(OFFSET(#REF!,0,AB$13),15-13*ORÇAMENTO!$AF$7)*OFFSET(ORÇAMENTO!$W$15,ROW(#REF!)-ROW(AB$15),0),15-13*ORÇAMENTO!$AF$11)","v":{"$error":"#REF!"}},{"$f":"ROUND(ROUND(OFFSET(#REF!,0,AC$13),15-13*ORÇAMENTO!$AF$7)*OFFSET(ORÇAMENTO!$W$15,ROW(#REF!)-ROW(AC$15),0),15-13*ORÇAMENTO!$AF$11)","v":{"$error":"#REF!"}},{"$f":"ROUND(ROUND(OFFSET(#REF!,0,AD$13),15-13*ORÇAMENTO!$AF$7)*OFFSET(ORÇAMENTO!$W$15,ROW(#REF!)-ROW(AD$15),0),15-13*ORÇAMENTO!$AF$11)","v":{"$error":"#REF!"}},{"$f":"SUM(AB3:AD3)-SUM(#REF!)","v":{"$error":"#REF!"}}]
[null,null,null,null,"APELIDO DO EMPREENDIMENTO",null,"Nº TransfereGOV",null,"Nº OPERAÇÃO",null,"PROPONENTE / TOMADOR",null,null,null,null,null,null,null,"Nº OPERAÇÃO",null,"PROPONENTE / TOMADOR"]
[null,null,null,null,{"$f":"Import.Apelido","v":"CRECHE PORTAL DAS FLORES"},null,{"$f":"Import.TransfereGOV","v":"002829/2004"},null,{"$f":"Import.CR","v":"109437911"},null,{"$f":"Import.Proponente","v":"PREFEITURA MUNICIPAL DE TRAMANDAÍ"},null,null,null,null,null,null,null,{"$f":"Import.CR","v":"109437911"},null,{"$f":"Import.Proponente","v":"PREFEITURA MUNICIPAL DE TRAMANDAÍ"}]
[null,null,null,null,null,null,null,null,null,null,null,null,null,null,null,null,null,null,null,{"$f":"AE3","v":{"$error":"#REF!"}},null,null,null,null,null,null,null,"Preços dos serviços por frente",null,null,null,null,null,null,null,null,null,null,"Mês do cronograma",null,null,null,null,null,null,null,null,null,null,"Número da Medição"]
[]
[]
[]
[]
[]
[{"$f":"IF(OFFSET(EVENTOS!$C$5,1,0)=\"Automática, conforme os agrupadores Nível 4 do Orçamento\",4,IF(OFFSET(EVENTOS!$C$5,1,0)=\"Automática, conforme os agrupadores Nível 3 do Orçamento\",3,IF(OFFSET(EVENTOS!$C$5,1,0)=\"Definir Manualmente\",\"Manual\",2)))","v":2},"Empty",null,null,null,null,null,null,null,".","Nº AGRUPADOR DE EVENTOS",".",{"$f":"IF(ACOMPANHAMENTO=\"BM\",0,COUNTIF(M15:M744,0))","v":0},"FRENTES DE OBRA:",null,".",null,null,null,null,null,null,null,null,null,null,".",{"$f":"OFFSET($P$12,0,AB$13)","v":0},{"$f":"OFFSET($P$12,0,AC$13)","v":0},0,0,0,0,0,0,0,0,null,{"$f":"OFFSET($P$12,0,AM$13)","v":0},{"$f":"OFFSET($P$12,0,AN$13)","v":0},0,0,0,0,0,0,0,0,null,{"$f":"OFFSET($P$12,0,AX$13)","v":0},{"$f":"OFFSET($P$12,0,AY$13)","v":0},0,0,0,0,0,0,0,0]
["AUTOEVENTO","Empty",null,"Nível","Item","Descrição","Unidade","Quantidade","Memória de Cálculo",null,"Nº",null,"# Evento","Agrupador de Eventos",{"$f":"OFFSET(O13,0,-1)+1","v":{"$error":"#VALUE!"}},null,{"$f":"OFFSET(Q13,0,-1)+1","v":1},2,3,4,5,6,7,8,9,10,null,{"$f":"OFFSET(AB13,0,-1)+1","v":1},2,3,4,5,6,7,8,9,10,null,1,2,3,4,5,6,7,8,9,10,null,1,2,3,4,5,6,7,8,9,10]
[{"$f":"IF(AUTOEVENTO=\"Manual\",IF(K14<>\"\",MIN(VALUE(LEFT(K14,FIND(\".\",K14)-1)),COUNTA(EVENTOS.Lista)),0),IF(OR($B14>AUTOEVENTO,$B14=\"S\",$B14=0),SUBSTITUTE(OFFSET($A14,-1,0),IF($D14=\"Serviço\",\".\",\"\"),\"\"),ROW(A14)-ROW($A$15)&\".\"))","v":"AUTOEVENTO"},{"$f":"OFFSET(ORÇAMENTO!C$15,ROW(B14)-ROW(B$15),0)","v":"S"},{"$f":"OFFSET(ORÇAMENTO!L$15,ROW(C14)-ROW(C$15),0)","v":""},{"$f":"OFFSET(ORÇAMENTO!N$15,ROW(D14)-ROW(D$15),0)","v":"Serviço"},{"$f":"OFFSET(ORÇAMENTO!O$15,ROW(E14)-ROW(E$15),0)","v":"-"},{"$f":"OFFSET(ORÇAMENTO!R$15,ROW(F14)-ROW(F$15),0)","v":"(Sem Código)"},{"$f":"IF($D14<>\"Serviço\",\"\",OFFSET(ORÇAMENTO!S$15,ROW(G14)-ROW(G$15),0))","v":"-"},{"$f":"IF($D14<>\"Serviço\",0,IF(ACOMPANHAMENTO=\"BM\",ROUND(OFFSET(ORÇAMENTO!AJ$15,ROW(H14)-ROW(H$15),0),15-13*ORÇAMENTO!$AF$7),SUMPRODUCT(($Q$12:$AA$12<>\"\")*ROUND($Q14:$AA14,15-13*ORÇAMENTO!$AF$7))))","v":0},null,null,null,".",{"$f":"IF($D14<>\"Serviço\",\"\",IF(AUTOEVENTO=\"manual\",$A14,IF(ISERROR(MATCH($A14,$A$15:OFFSET($A14,-1,0),0)),MAX($M$15:OFFSET(M14,-1,0))+1,INDEX($M$15:OFFSET(M14,-1,0),MATCH($A14,$A$15:OFFSET($A14,-1,0),0)))))","v":"# Evento"},{"$f":"IF($D14<>\"Serviço\",\"\",IF(AUTOEVENTO=\"Manual\",IF($A14=0,\"<-- defina o número do agrupador\",OFFSET(EVENTOS!$D$14,$A14,0)),OFFSET($F$15,$A14,0)))","v":{"$error":"#VALUE!"}},null,null,null,null,null,null,null,null,null,null,null,null,null,{"$f":"IF(AND($D14=\"Serviço\",AB$12<>0,$H14>0,OR(AUTOEVENTO<>\"manual\",$M14<>1)),\nIF(Import.TipoArredondamento<>\"TransfereGOV\",\nROUND(OFFSET($P14,0,AB$13),15-13*ORÇAMENTO!$AF$7)/$H14*OFFSET(ORÇAMENTO!$X$15,ROW(AB14)-ROW(AB$15),0),\nROUND(ROUND(OFFSET($P14,0,AB$13),15-13*ORÇAMENTO!$AF$7)*OFFSET(ORÇAMENTO!$W$15,ROW(AB14)-ROW(AB$15),0),15-13*ORÇAMENTO!$AF$11)),0)","v":0},{"$f":"IF(AND($D14=\"Serviço\",AC$12<>0,$H14>0,OR(AUTOEVENTO<>\"manual\",$M14<>1)),\nIF(Import.TipoArredondamento<>\"TransfereGOV\",\nROUND(OFFSET($P14,0,AC$13),15-13*ORÇAMENTO!$AF$7)/$H14*OFFSET(ORÇAMENTO!$X$15,ROW(AC14)-ROW(AC$15),0),\nROUND(ROUND(OFFSET($P14,0,AC$13),15-13*ORÇAMENTO!$AF$7)*OFFSET(ORÇAMENTO!$W$15,ROW(AC14)-ROW(AC$15),0),15-13*ORÇAMENTO!$AF$11)),0)","v":0},{"$f":"IF(AND($D14=\"Serviço\",AD$12<>0,$H14>0,OR(AUTOEVENTO<>\"manual\",$M14<>1)),\nIF(Import.TipoArredondamento<>\"TransfereGOV\",\nROUND(OFFSET($P14,0,AD$13),15-13*ORÇAMENTO!$AF$7)/$H14*OFFSET(ORÇAMENTO!$X$15,ROW(AD14)-ROW(AD$15),0),\nROUND(ROUND(OFFSET($P14,0,AD$13),15-13*ORÇAMENTO!$AF$7)*OFFSET(ORÇAMENTO!$W$15,ROW(AD14)-ROW(AD$15),0),15-13*ORÇAMENTO!$AF$11)),0)","v":0},{"$f":"IF(AND($D14=\"Serviço\",AE$12<>0,$H14>0,OR(AUTOEVENTO<>\"manual\",$M14<>1)),\nIF(Import.TipoArredondamento<>\"TransfereGOV\",\nROUND(OFFSET($P14,0,AE$13),15-13*ORÇAMENTO!$AF$7)/$H14*OFFSET(ORÇAMENTO!$X$15,ROW(AE14)-ROW(AE$15),0),\nROUND(ROUND(OFFSET($P14,0,AE$13),15-13*ORÇAMENTO!$AF$7)*OFFSET(ORÇAMENTO!$W$15,ROW(AE14)-ROW(AE$15),0),15-13*ORÇAMENTO!$AF$11)),0)","v":0},{"$f":"IF(AND($D14=\"Serviço\",AF$12<>0,$H14>0,OR(AUTOEVENTO<>\"manual\",$M14<>1)),\nIF(Import.TipoArredondamento<>\"TransfereGOV\",\nROUND(OFFSET($P14,0,AF$13),15-13*ORÇAMENTO!$AF$7)/$H14*OFFSET(ORÇAMENTO!$X$15,ROW(AF14)-ROW(AF$15),0),\nROUND(ROUND(OFFSET($P14,0,AF$13),15-13*ORÇAMENTO!$AF$7)*OFFSET(ORÇAMENTO!$W$15,ROW(AF14)-ROW(AF$15),0),15-13*ORÇAMENTO!$AF$11)),0)","v":0},{"$f":"IF(AND($D14=\"Serviço\",AG$12<>0,$H14>0,OR(AUTOEVENTO<>\"manual\",$M14<>1)),\nIF(Import.TipoArredondamento<>\"TransfereGOV\",\nROUND(OFFSET($P14,0,AG$13),15-13*ORÇAMENTO!$AF$7)/$H14*OFFSET(ORÇAMENTO!$X$15,ROW(AG14)-ROW(AG$15),0),\nROUND(ROUND(OFFSET($P14,0,AG$13),15-13*ORÇAMENTO!$AF$7)*OFFSET(ORÇAMENTO!$W$15,ROW(AG14)-ROW(AG$15),0),15-13*ORÇAMENTO!$AF$11)),0)","v":0},{"$f":"IF(AND($D14=\"Serviço\",AH$12<>0,$H14>0,OR(AUTOEVENTO<>\"manual\",$M14<>1)),\nIF(Import.TipoArredondamento<>\"TransfereGOV\",\nROUND(OFFSET($P14,0,AH$13),15-13*ORÇAMENTO!$AF$7)/$H14*OFFSET(ORÇAMENTO!$X$15,ROW(AH14)-ROW(AH$15),0),\nROUND(ROUND(OFFSET($P14,0,AH$13),15-13*ORÇAMENTO!$AF$7)*OFFSET(ORÇAMENTO!$W$15,ROW(AH14)-ROW(AH$15),0),15-13*ORÇAMENTO!$AF$11)),0)","v":0},{"$f":"IF(AND($D14=\"Serviço\",AI$12<>0,$H14>0,OR(AUTOEVENTO<>\"manual\",$M14<>1)),\nIF(Import.TipoArredondamento<>\"TransfereGOV\",\nROUND(OFFSET($P14,0,AI$13),15-13*ORÇAMENTO!$AF$7)/$H14*OFFSET(ORÇAMENTO!$X$15,ROW(AI14)-ROW(AI$15),0),\nROUND(ROUND(OFFSET($P14,0,AI$13),15-13*ORÇAMENTO!$AF$7)*OFFSET(ORÇAMENTO!$W$15,ROW(AI14)-ROW(AI$15),0),15-13*ORÇAMENTO!$AF$11)),0)","v":0},{"$f":"IF(AND($D14=\"Serviço\",AJ$12<>0,$H14>0,OR(AUTOEVENTO<>\"manual\",$M14<>1)),\nIF(Import.TipoArredondamento<>\"TransfereGOV\",\nROUND(OFFSET($P14,0,AJ$13),15-13*ORÇAMENTO!$AF$7)/$H14*OFFSET(ORÇAMENTO!$X$15,ROW(AJ14)-ROW(AJ$15),0),\nROUND(ROUND(OFFSET($P14,0,AJ$13),15-13*ORÇAMENTO!$AF$7)*OFFSET(ORÇAMENTO!$W$15,ROW(AJ14)-ROW(AJ$15),0),15-13*ORÇAMENTO!$AF$11)),0)","v":0},{"$f":"IF(AND($D14=\"Serviço\",AK$12<>0,$H14>0,OR(AUTOEVENTO<>\"manual\",$M14<>1)),\nIF(Import.TipoArredondamento<>\"TransfereGOV\",\nROUND(OFFSET($P14,0,AK$13),15-13*ORÇAMENTO!$AF$7)/$H14*OFFSET(ORÇAMENTO!$X$15,ROW(AK14)-ROW(AK$15),0),\nROUND(ROUND(OFFSET($P14,0,AK$13),15-13*ORÇAMENTO!$AF$7)*OFFSET(ORÇAMENTO!$W$15,ROW(AK14)-ROW(AK$15),0),15-13*ORÇAMENTO!$AF$11)),0)","v":0},null,{"$f":"IF($D14<>\"Serviço\",0,IF(AND(AUTOEVENTO=\"Manual\",$M14=1),0,IF(OFFSET(CRONOPLE!$F$14,$M14,AM$13)=\"\",10^12,OFFSET(CRONOPLE!$F$14,$M14,AM$13))))","v":{"$error":"#VALUE!"}},{"$f":"IF($D14<>\"Serviço\",0,IF(AND(AUTOEVENTO=\"Manual\",$M14=1),0,IF(OFFSET(CRONOPLE!$F$14,$M14,AN$13)=\"\",10^12,OFFSET(CRONOPLE!$F$14,$M14,AN$13))))","v":{"$error":"#VALUE!"}},{"$f":"IF($D14<>\"Serviço\",0,IF(AND(AUTOEVENTO=\"Manual\",$M14=1),0,IF(OFFSET(CRONOPLE!$F$14,$M14,AO$13)=\"\",10^12,OFFSET(CRONOPLE!$F$14,$M14,AO$13))))","v":{"$error":"#VALUE!"}},{"$f":"IF($D14<>\"Serviço\",0,IF(AND(AUTOEVENTO=\"Manual\",$M14=1),0,IF(OFFSET(CRONOPLE!$F$14,$M14,AP$13)=\"\",10^12,OFFSET(CRONOPLE!$F$14,$M14,AP$13))))","v":{"$error":"#VALUE!"}},{"$f":"IF($D14<>\"Serviço\",0,IF(AND(AUTOEVENTO=\"Manual\",$M14=1),0,IF(OFFSET(CRONOPLE!$F$14,$M14,AQ$13)=\"\",10^12,OFFSET(CRONOPLE!$F$14,$M14,AQ$13))))","v":{"$error":"#VALUE!"}},{"$f":"IF($D14<>\"Serviço\",0,IF(AND(AUTOEVENTO=\"Manual\",$M14=1),0,IF(OFFSET(CRONOPLE!$F$14,$M14,AR$13)=\"\",10^12,OFFSET(CRONOPLE!$F$14,$M14,AR$13))))","v":{"$error":"#VALUE!"}},{"$f":"IF($D14<>\"Serviço\",0,IF(AND(AUTOEVENTO=\"Manual\",$M14=1),0,IF(OFFSET(CRONOPLE!$F$14,$M14,AS$13)=\"\",10^12,OFFSET(CRONOPLE!$F$14,$M14,AS$13))))","v":{"$error":"#VALUE!"}},{"$f":"IF($D14<>\"Serviço\",0,IF(AND(AUTOEVENTO=\"Manual\",$M14=1),0,IF(OFFSET(CRONOPLE!$F$14,$M14,AT$13)=\"\",10^12,OFFSET(CRONOPLE!$F$14,$M14,AT$13))))","v":{"$error":"#VALUE!"}},{"$f":"IF($D14<>\"Serviço\",0,IF(AND(AUTOEVENTO=\"Manual\",$M14=1),0,IF(OFFSET(CRONOPLE!$F$14,$M14,AU$13)=\"\",10^12,OFFSET(CRONOPLE!$F$14,$M14,AU$13))))","v":{"$error":"#VALUE!"}},{"$f":"IF($D14<>\"Serviço\",0,IF(AND(AUTOEVENTO=\"Manual\",$M14=1),0,IF(OFFSET(CRONOPLE!$F$14,$M14,AV$13)=\"\",10^12,OFFSET(CRONOPLE!$F$14,$M14,AV$13))))","v":{"$error":"#VALUE!"}},null,{"$f":"IF($D14<>\"Serviço\",0,IF(OR(AND(AUTOEVENTO=\"Manual\",$M14=1),$M14>(ROW(PLE.lastrow)-ROW(PLE.firstrow))),0,IF(OFFSET(PLE!$G$14,$M14,AX$13)=\"\",10^12,OFFSET(PLE!$G$14,$M14,AX$13))))","v":0},{"$f":"IF($D14<>\"Serviço\",0,IF(OR(AND(AUTOEVENTO=\"Manual\",$M14=1),$M14>(ROW(PLE.lastrow)-ROW(PLE.firstrow))),0,IF(OFFSET(PLE!$G$14,$M14,AY$13)=\"\",10^12,OFFSET(PLE!$G$14,$M14,AY$13))))","v":0},{"$f":"IF($D14<>\"Serviço\",0,IF(OR(AND(AUTOEVENTO=\"Manual\",$M14=1),$M14>(ROW(PLE.lastrow)-ROW(PLE.firstrow))),0,IF(OFFSET(PLE!$G$14,$M14,AZ$13)=\"\",10^12,OFFSET(PLE!$G$14,$M14,AZ$13))))","v":0},{"$f":"IF($D14<>\"Serviço\",0,IF(OR(AND(AUTOEVENTO=\"Manual\",$M14=1),$M14>(ROW(PLE.lastrow)-ROW(PLE.firstrow))),0,IF(OFFSET(PLE!$G$14,$M14,BA$13)=\"\",10^12,OFFSET(PLE!$G$14,$M14,BA$13))))","v":0},{"$f":"IF($D14<>\"Serviço\",0,IF(OR(AND(AUTOEVENTO=\"Manual\",$M14=1),$M14>(ROW(PLE.lastrow)-ROW(PLE.firstrow))),0,IF(OFFSET(PLE!$G$14,$M14,BB$13)=\"\",10^12,OFFSET(PLE!$G$14,$M14,BB$13))))","v":0},{"$f":"IF($D14<>\"Serviço\",0,IF(OR(AND(AUTOEVENTO=\"Manual\",$M14=1),$M14>(ROW(PLE.lastrow)-ROW(PLE.firstrow))),0,IF(OFFSET(PLE!$G$14,$M14,BC$13)=\"\",10^12,OFFSET(PLE!$G$14,$M14,BC$13))))","v":0},{"$f":"IF($D14<>\"Serviço\",0,IF(OR(AND(AUTOEVENTO=\"Manual\",$M14=1),$M14>(ROW(PLE.lastrow)-ROW(PLE.firstrow))),0,IF(OFFSET(PLE!$G$14,$M14,BD$13)=\"\",10^12,OFFSET(PLE!$G$14,$M14,BD$13))))","v":0},{"$f":"IF($D14<>\"Serviço\",0,IF(OR(AND(AUTOEVENTO=\"Manual\",$M14=1),$M14>(ROW(PLE.lastrow)-ROW(PLE.firstrow))),0,IF(OFFSET(PLE!$G$14,$M14,BE$13)=\"\",10^12,OFFSET(PLE!$G$14,$M14,BE$13))))","v":0},{"$f":"IF($D14<>\"Serviço\",0,IF(OR(AND(AUTOEVENTO=\"Manual\",$M14=1),$M14>(ROW(PLE.lastrow)-ROW(PLE.firstrow))),0,IF(OFFSET(PLE!$G$14,$M14,BF$13)=\"\",10^12,OFFSET(PLE!$G$14,$M14,BF$13))))","v":0},{"$f":"IF($D14<>\"Serviço\",0,IF(OR(AND(AUTOEVENTO=\"Manual\",$M14=1),$M14>(ROW(PLE.lastrow)-ROW(PLE.firstrow))),0,IF(OFFSET(PLE!$G$14,$M14,BG$13)=\"\",10^12,OFFSET(PLE!$G$14,$M14,BG$13))))","v":0}]
[null,{"$f":"OFFSET(ORÇAMENTO!C$15,ROW(B15)-ROW(B$15),0)","v":"L"},{"$f":"OFFSET(ORÇAMENTO!L$15,ROW(C15)-ROW(C$15),0)","v":"F"},{"$f":"IF(TIPOORCAMENTO=\"LICITADO\",\"CTEF\",\"LOTE\")","v":"LOTE"},{"$f":"Import.DescLote","v":"CONSTRUÇÃO DE UMA CRECHE PRO INFÂNCIA TIPO 1"},null,null,null,null,null,null,".",{"$f":"IF(AUTOEVENTO=\"MANUAL\",0,1)","v":1},"TOTAL FINANC. POR FRENTE (R$):",{"$f":"OFFSET($AA$15,0,O$13)","v":{"$error":"#VALUE!"}},null,{"$f":"OFFSET($AA$15,0,Q$13)","v":0},0,0,0,0,0,0,0,0,0,null,{"$f":"ROUND(SUM(OFFSET(AB$15,1,0):AB$744),2)","v":0},{"$f":"SUM(OFFSET(AC$15,1,0):AC$744)","v":0},{"$f":"SUM(OFFSET(AD$15,1,0):AD$744)","v":0},{"$f":"SUM(OFFSET(AE$15,1,0):AE$744)","v":0},{"$f":"SUM(OFFSET(AF$15,1,0):AF$744)","v":0},{"$f":"SUM(OFFSET(AG$15,1,0):AG$744)","v":0},{"$f":"SUM(OFFSET(AH$15,1,0):AH$744)","v":0},{"$f":"SUM(OFFSET(AI$15,1,0):AI$744)","v":0},{"$f":"SUM(OFFSET(AJ$15,1,0):AJ$744)","v":0},{"$f":"SUM(OFFSET(AK$15,1,0):AK$744)","v":0},null,{"$f":"10^12","v":1000000000000},{"$f":"10^12","v":1000000000000},1000000000000,1000000000000,1000000000000,1000000000000,1000000000000,1000000000000,1000000000000,1000000000000,null,{"$f":"10^12","v":1000000000000},1000000000000,1000000000000,1000000000000,1000000000000,1000000000000,1000000000000,1000000000000,1000000000000,1000000000000]
[{"$f":"IF(AUTOEVENTO=\"Manual\",IF(K16<>\"\",MIN(VALUE(LEFT(K16,FIND(\".\",K16)-1)),COUNTA(EVENTOS.Lista)),0),IF(OR($B16>AUTOEVENTO,$B16=\"S\",$B16=0),SUBSTITUTE(OFFSET($A16,-1,0),IF($D16=\"Serviço\",\".\",\"\"),\"\"),ROW(A16)-ROW($A$15)&\".\"))","v":"1."},{"$f":"OFFSET(ORÇAMENTO!C$15,ROW(B16)-ROW(B$15),0)","v":1},{"$f":"OFFSET(ORÇAMENTO!L$15,ROW(C16)-ROW(C$15),0)","v":"F"},{"$f":"OFFSET(ORÇAMENTO!N$15,ROW(D16)-ROW(D$15),0)","v":"Meta"},{"$f":"OFFSET(ORÇAMENTO!O$15,ROW(E16)-ROW(E$15),0)","v":"1."},{"$f":"OFFSET(ORÇAMENTO!R$15,ROW(F16)-ROW(F$15),0)","v":"SERVIÇOS PRELIMINARES"},{"$f":"IF($D16<>\"Serviço\",\"\",OFFSET(ORÇAMENTO!S$15,ROW(G16)-ROW(G$15),0))","v":""},{"$f":"IF($D16<>\"Serviço\",0,IF(ACOMPANHAMENTO=\"BM\",ROUND(OFFSET(ORÇAMENTO!AJ$15,ROW(H16)-ROW(H$15),0),15-13*ORÇAMENTO!$AF$7),SUMPRODUCT(($Q$12:$AA$12<>\"\")*ROUND($Q16:$AA16,15-13*ORÇAMENTO!$AF$7))))","v":0},null,null,null,".",{"$f":"IF($D16<>\"Serviço\",\"\",IF(AUTOEVENTO=\"manual\",$A16,IF(ISERROR(MATCH($A16,$A$15:OFFSET($A16,-1,0),0)),MAX($M$15:OFFSET(M16,-1,0))+1,INDEX($M$15:OFFSET(M16,-1,0),MATCH($A16,$A$15:OFFSET($A16,-1,0),0)))))","v":""},{"$f":"IF($D16<>\"Serviço\",\"\",IF(AUTOEVENTO=\"Manual\",IF($A16=0,\"<-- defina o número do agrupador\",OFFSET(EVENTOS!$D$14,$A16,0)),OFFSET($F$15,$A16,0)))","v":""},null,null,null,null,null,null,null,null,null,null,null,null,null,{"$f":"IF(AND($D16=\"Serviço\",AB$12<>0,$H16>0,OR(AUTOEVENTO<>\"manual\",$M16<>1)),\nIF(Import.TipoArredondamento<>\"TransfereGOV\",\nROUND(OFFSET($P16,0,AB$13),15-13*ORÇAMENTO!$AF$7)/$H16*OFFSET(ORÇAMENTO!$X$15,ROW(AB16)-ROW(AB$15),0),\nROUND(ROUND(OFFSET($P16,0,AB$13),15-13*ORÇAMENTO!$AF$7)*OFFSET(ORÇAMENTO!$W$15,ROW(AB16)-ROW(AB$15),0),15-13*ORÇAMENTO!$AF$11)),0)","v":0},{"$f":"IF(AND($D16=\"Serviço\",AC$12<>0,$H16>0,OR(AUTOEVENTO<>\"manual\",$M16<>1)),\nIF(Import.TipoArredondamento<>\"TransfereGOV\",\nROUND(OFFSET($P16,0,AC$13),15-13*ORÇAMENTO!$AF$7)/$H16*OFFSET(ORÇAMENTO!$X$15,ROW(AC16)-ROW(AC$15),0),\nROUND(ROUND(OFFSET($P16,0,AC$13),15-13*ORÇAMENTO!$AF$7)*OFFSET(ORÇAMENTO!$W$15,ROW(AC16)-ROW(AC$15),0),15-13*ORÇAMENTO!$AF$11)),0)","v":0},{"$f":"IF(AND($D16=\"Serviço\",AD$12<>0,$H16>0,OR(AUTOEVENTO<>\"manual\",$M16<>1)),\nIF(Import.TipoArredondamento<>\"TransfereGOV\",\nROUND(OFFSET($P16,0,AD$13),15-13*ORÇAMENTO!$AF$7)/$H16*OFFSET(ORÇAMENTO!$X$15,ROW(AD16)-ROW(AD$15),0),\nROUND(ROUND(OFFSET($P16,0,AD$13),15-13*ORÇAMENTO!$AF$7)*OFFSET(ORÇAMENTO!$W$15,ROW(AD16)-ROW(AD$15),0),15-13*ORÇAMENTO!$AF$11)),0)","v":0},{"$f":"IF(AND($D16=\"Serviço\",AE$12<>0,$H16>0,OR(AUTOEVENTO<>\"manual\",$M16<>1)),\nIF(Import.TipoArredondamento<>\"TransfereGOV\",\nROUND(OFFSET($P16,0,AE$13),15-13*ORÇAMENTO!$AF$7)/$H16*OFFSET(ORÇAMENTO!$X$15,ROW(AE16)-ROW(AE$15),0),\nROUND(ROUND(OFFSET($P16,0,AE$13),15-13*ORÇAMENTO!$AF$7)*OFFSET(ORÇAMENTO!$W$15,ROW(AE16)-ROW(AE$15),0),15-13*ORÇAMENTO!$AF$11)),0)","v":0},{"$f":"IF(AND($D16=\"Serviço\",AF$12<>0,$H16>0,OR(AUTOEVENTO<>\"manual\",$M16<>1)),\nIF(Import.TipoArredondamento<>\"TransfereGOV\",\nROUND(OFFSET($P16,0,AF$13),15-13*ORÇAMENTO!$AF$7)/$H16*OFFSET(ORÇAMENTO!$X$15,ROW(AF16)-ROW(AF$15),0),\nROUND(ROUND(OFFSET($P16,0,AF$13),15-13*ORÇAMENTO!$AF$7)*OFFSET(ORÇAMENTO!$W$15,ROW(AF16)-ROW(AF$15),0),15-13*ORÇAMENTO!$AF$11)),0)","v":0},{"$f":"IF(AND($D16=\"Serviço\",AG$12<>0,$H16>0,OR(AUTOEVENTO<>\"manual\",$M16<>1)),\nIF(Import.TipoArredondamento<>\"TransfereGOV\",\nROUND(OFFSET($P16,0,AG$13),15-13*ORÇAMENTO!$AF$7)/$H16*OFFSET(ORÇAMENTO!$X$15,ROW(AG16)-ROW(AG$15),0),\nROUND(ROUND(OFFSET($P16,0,AG$13),15-13*ORÇAMENTO!$AF$7)*OFFSET(ORÇAMENTO!$W$15,ROW(AG16)-ROW(AG$15),0),15-13*ORÇAMENTO!$AF$11)),0)","v":0},{"$f":"IF(AND($D16=\"Serviço\",AH$12<>0,$H16>0,OR(AUTOEVENTO<>\"manual\",$M16<>1)),\nIF(Import.TipoArredondamento<>\"TransfereGOV\",\nROUND(OFFSET($P16,0,AH$13),15-13*ORÇAMENTO!$AF$7)/$H16*OFFSET(ORÇAMENTO!$X$15,ROW(AH16)-ROW(AH$15),0),\nROUND(ROUND(OFFSET($P16,0,AH$13),15-13*ORÇAMENTO!$AF$7)*OFFSET(ORÇAMENTO!$W$15,ROW(AH16)-ROW(AH$15),0),15-13*ORÇAMENTO!$AF$11)),0)","v":0},{"$f":"IF(AND($D16=\"Serviço\",AI$12<>0,$H16>0,OR(AUTOEVENTO<>\"manual\",$M16<>1)),\nIF(Import.TipoArredondamento<>\"TransfereGOV\",\nROUND(OFFSET($P16,0,AI$13),15-13*ORÇAMENTO!$AF$7)/$H16*OFFSET(ORÇAMENTO!$X$15,ROW(AI16)-ROW(AI$15),0),\nROUND(ROUND(OFFSET($P16,0,AI$13),15-13*ORÇAMENTO!$AF$7)*OFFSET(ORÇAMENTO!$W$15,ROW(AI16)-ROW(AI$15),0),15-13*ORÇAMENTO!$AF$11)),0)","v":0},{"$f":"IF(AND($D16=\"Serviço\",AJ$12<>0,$H16>0,OR(AUTOEVENTO<>\"manual\",$M16<>1)),\nIF(Import.TipoArredondamento<>\"TransfereGOV\",\nROUND(OFFSET($P16,0,AJ$13),15-13*ORÇAMENTO!$AF$7)/$H16*OFFSET(ORÇAMENTO!$X$15,ROW(AJ16)-ROW(AJ$15),0),\nROUND(ROUND(OFFSET($P16,0,AJ$13),15-13*ORÇAMENTO!$AF$7)*OFFSET(ORÇAMENTO!$W$15,ROW(AJ16)-ROW(AJ$15),0),15-13*ORÇAMENTO!$AF$11)),0)","v":0},{"$f":"IF(AND($D16=\"Serviço\",AK$12<>0,$H16>0,OR(AUTOEVENTO<>\"manual\",$M16<>1)),\nIF(Import.TipoArredondamento<>\"TransfereGOV\",\nROUND(OFFSET($P16,0,AK$13),15-13*ORÇAMENTO!$AF$7)/$H16*OFFSET(ORÇAMENTO!$X$15,ROW(AK16)-ROW(AK$15),0),\nROUND(ROUND(OFFSET($P16,0,AK$13),15-13*ORÇAMENTO!$AF$7)*OFFSET(ORÇAMENTO!$W$15,ROW(AK16)-ROW(AK$15),0),15-13*ORÇAMENTO!$AF$11)),0)","v":0},null,{"$f":"IF($D16<>\"Serviço\",0,IF(AND(AUTOEVENTO=\"Manual\",$M16=1),0,IF(OFFSET(CRONOPLE!$F$14,$M16,AM$13)=\"\",10^12,OFFSET(CRONOPLE!$F$14,$M16,AM$13))))","v":0},{"$f":"IF($D16<>\"Serviço\",0,IF(AND(AUTOEVENTO=\"Manual\",$M16=1),0,IF(OFFSET(CRONOPLE!$F$14,$M16,AN$13)=\"\",10^12,OFFSET(CRONOPLE!$F$14,$M16,AN$13))))","v":0},{"$f":"IF($D16<>\"Serviço\",0,IF(AND(AUTOEVENTO=\"Manual\",$M16=1),0,IF(OFFSET(CRONOPLE!$F$14,$M16,AO$13)=\"\",10^12,OFFSET(CRONOPLE!$F$14,$M16,AO$13))))","v":0},{"$f":"IF($D16<>\"Serviço\",0,IF(AND(AUTOEVENTO=\"Manual\",$M16=1),0,IF(OFFSET(CRONOPLE!$F$14,$M16,AP$13)=\"\",10^12,OFFSET(CRONOPLE!$F$14,$M16,AP$13))))","v":0},{"$f":"IF($D16<>\"Serviço\",0,IF(AND(AUTOEVENTO=\"Manual\",$M16=1),0,IF(OFFSET(CRONOPLE!$F$14,$M16,AQ$13)=\"\",10^12,OFFSET(CRONOPLE!$F$14,$M16,AQ$13))))","v":0},{"$f":"IF($D16<>\"Serviço\",0,IF(AND(AUTOEVENTO=\"Manual\",$M16=1),0,IF(OFFSET(CRONOPLE!$F$14,$M16,AR$13)=\"\",10^12,OFFSET(CRONOPLE!$F$14,$M16,AR$13))))","v":0},{"$f":"IF($D16<>\"Serviço\",0,IF(AND(AUTOEVENTO=\"Manual\",$M16=1),0,IF(OFFSET(CRONOPLE!$F$14,$M16,AS$13)=\"\",10^12,OFFSET(CRONOPLE!$F$14,$M16,AS$13))))","v":0},{"$f":"IF($D16<>\"Serviço\",0,IF(AND(AUTOEVENTO=\"Manual\",$M16=1),0,IF(OFFSET(CRONOPLE!$F$14,$M16,AT$13)=\"\",10^12,OFFSET(CRONOPLE!$F$14,$M16,AT$13))))","v":0},{"$f":"IF($D16<>\"Serviço\",0,IF(AND(AUTOEVENTO=\"Manual\",$M16=1),0,IF(OFFSET(CRONOPLE!$F$14,$M16,AU$13)=\"\",10^12,OFFSET(CRONOPLE!$F$14,$M16,AU$13))))","v":0},{"$f":"IF($D16<>\"Serviço\",0,IF(AND(AUTOEVENTO=\"Manual\",$M16=1),0,IF(OFFSET(CRONOPLE!$F$14,$M16,AV$13)=\"\",10^12,OFFSET(CRONOPLE!$F$14,$M16,AV$13))))","v":0},null,{"$f":"IF($D16<>\"Serviço\",0,IF(OR(AND(AUTOEVENTO=\"Manual\",$M16=1),$M16>(ROW(PLE.lastrow)-ROW(PLE.firstrow))),0,IF(OFFSET(PLE!$G$14,$M16,AX$13)=\"\",10^12,OFFSET(PLE!$G$14,$M16,AX$13))))","v":0},{"$f":"IF($D16<>\"Serviço\",0,IF(OR(AND(AUTOEVENTO=\"Manual\",$M16=1),$M16>(ROW(PLE.lastrow)-ROW(PLE.firstrow))),0,IF(OFFSET(PLE!$G$14,$M16,AY$13)=\"\",10^12,OFFSET(PLE!$G$14,$M16,AY$13))))","v":0},{"$f":"IF($D16<>\"Serviço\",0,IF(OR(AND(AUTOEVENTO=\"Manual\",$M16=1),$M16>(ROW(PLE.lastrow)-ROW(PLE.firstrow))),0,IF(OFFSET(PLE!$G$14,$M16,AZ$13)=\"\",10^12,OFFSET(PLE!$G$14,$M16,AZ$13))))","v":0},{"$f":"IF($D16<>\"Serviço\",0,IF(OR(AND(AUTOEVENTO=\"Manual\",$M16=1),$M16>(ROW(PLE.lastrow)-ROW(PLE.firstrow))),0,IF(OFFSET(PLE!$G$14,$M16,BA$13)=\"\",10^12,OFFSET(PLE!$G$14,$M16,BA$13))))","v":0},{"$f":"IF($D16<>\"Serviço\",0,IF(OR(AND(AUTOEVENTO=\"Manual\",$M16=1),$M16>(ROW(PLE.lastrow)-ROW(PLE.firstrow))),0,IF(OFFSET(PLE!$G$14,$M16,BB$13)=\"\",10^12,OFFSET(PLE!$G$14,$M16,BB$13))))","v":0},{"$f":"IF($D16<>\"Serviço\",0,IF(OR(AND(AUTOEVENTO=\"Manual\",$M16=1),$M16>(ROW(PLE.lastrow)-ROW(PLE.firstrow))),0,IF(OFFSET(PLE!$G$14,$M16,BC$13)=\"\",10^12,OFFSET(PLE!$G$14,$M16,BC$13))))","v":0},{"$f":"IF($D16<>\"Serviço\",0,IF(OR(AND(AUTOEVENTO=\"Manual\",$M16=1),$M16>(ROW(PLE.lastrow)-ROW(PLE.firstrow))),0,IF(OFFSET(PLE!$G$14,$M16,BD$13)=\"\",10^12,OFFSET(PLE!$G$14,$M16,BD$13))))","v":0},{"$f":"IF($D16<>\"Serviço\",0,IF(OR(AND(AUTOEVENTO=\"Manual\",$M16=1),$M16>(ROW(PLE.lastrow)-ROW(PLE.firstrow))),0,IF(OFFSET(PLE!$G$14,$M16,BE$13)=\"\",10^12,OFFSET(PLE!$G$14,$M16,BE$13))))","v":0},{"$f":"IF($D16<>\"Serviço\",0,IF(OR(AND(AUTOEVENTO=\"Manual\",$M16=1),$M16>(ROW(PLE.lastrow)-ROW(PLE.firstrow))),0,IF(OFFSET(PLE!$G$14,$M16,BF$13)=\"\",10^12,OFFSET(PLE!$G$14,$M16,BF$13))))","v":0},{"$f":"IF($D16<>\"Serviço\",0,IF(OR(AND(AUTOEVENTO=\"Manual\",$M16=1),$M16>(ROW(PLE.lastrow)-ROW(PLE.firstrow))),0,IF(OFFSET(PLE!$G$14,$M16,BG$13)=\"\",10^12,OFFSET(PLE!$G$14,$M16,BG$13))))","v":0}]
["2.",{"$f":"OFFSET(ORÇAMENTO!C$15,ROW(B17)-ROW(B$15),0)","v":2},{"$f":"OFFSET(ORÇAMENTO!L$15,ROW(C17)-ROW(C$15),0)","v":"F"},{"$f":"OFFSET(ORÇAMENTO!N$15,ROW(D17)-ROW(D$15),0)","v":"Nível 2"},{"$f":"OFFSET(ORÇAMENTO!O$15,ROW(E17)-ROW(E$15),0)","v":"1.1."},{"$f":"OFFSET(ORÇAMENTO!R$15,ROW(F17)-ROW(F$15),0)","v":"Instalação de água e esgoto, locação e administração"},{"$f":"IF($D17<>\"Serviço\",\"\",OFFSET(ORÇAMENTO!S$15,ROW(G17)-ROW(G$15),0))","v":""},{"$f":"IF($D17<>\"Serviço\",0,IF(ACOMPANHAMENTO=\"BM\",ROUND(OFFSET(ORÇAMENTO!AJ$15,ROW(H17)-ROW(H$15),0),15-13*ORÇAMENTO!$AF$7),SUMPRODUCT(($Q$12:$AA$12<>\"\")*ROUND($Q17:$AA17,15-13*ORÇAMENTO!$AF$7))))","v":0},null,null,null,".",{"$f":"IF($D17<>\"Serviço\",\"\",IF(AUTOEVENTO=\"manual\",$A17,IF(ISERROR(MATCH($A17,$A$15:OFFSET($A17,-1,0),0)),MAX($M$15:OFFSET(M17,-1,0))+1,INDEX($M$15:OFFSET(M17,-1,0),MATCH($A17,$A$15:OFFSET($A17,-1,0),0)))))","v":""},{"$f":"IF($D17<>\"Serviço\",\"\",IF(AUTOEVENTO=\"Manual\",IF($A17=0,\"<-- defina o número do agrupador\",OFFSET(EVENTOS!$D$14,$A17,0)),OFFSET($F$15,$A17,0)))","v":""},null,null,null,null,null,null,null,null,null,null,null,null,null,{"$f":"IF(AND($D17=\"Serviço\",AB$12<>0,$H17>0,OR(AUTOEVENTO<>\"manual\",$M17<>1)),\nIF(Import.TipoArredondamento<>\"TransfereGOV\",\nROUND(OFFSET($P17,0,AB$13),15-13*ORÇAMENTO!$AF$7)/$H17*OFFSET(ORÇAMENTO!$X$15,ROW(AB17)-ROW(AB$15),0),\nROUND(ROUND(OFFSET($P17,0,AB$13),15-13*ORÇAMENTO!$AF$7)*OFFSET(ORÇAMENTO!$W$15,ROW(AB17)-ROW(AB$15),0),15-13*ORÇAMENTO!$AF$11)),0)","v":0},{"$f":"IF(AND($D17=\"Serviço\",AC$12<>0,$H17>0,OR(AUTOEVENTO<>\"manual\",$M17<>1)),\nIF(Import.TipoArredondamento<>\"TransfereGOV\",\nROUND(OFFSET($P17,0,AC$13),15-13*ORÇAMENTO!$AF$7)/$H17*OFFSET(ORÇAMENTO!$X$15,ROW(AC17)-ROW(AC$15),0),\nROUND(ROUND(OFFSET($P17,0,AC$13),15-13*ORÇAMENTO!$AF$7)*OFFSET(ORÇAMENTO!$W$15,ROW(AC17)-ROW(AC$15),0),15-13*ORÇAMENTO!$AF$11)),0)","v":0},{"$f":"IF(AND($D17=\"Serviço\",AD$12<>0,$H17>0,OR(AUTOEVENTO<>\"manual\",$M17<>1)),\nIF(Import.TipoArredondamento<>\"TransfereGOV\",\nROUND(OFFSET($P17,0,AD$13),15-13*ORÇAMENTO!$AF$7)/$H17*OFFSET(ORÇAMENTO!$X$15,ROW(AD17)-ROW(AD$15),0),\nROUND(ROUND(OFFSET($P17,0,AD$13),15-13*ORÇAMENTO!$AF$7)*OFFSET(ORÇAMENTO!$W$15,ROW(AD17)-ROW(AD$15),0),15-13*ORÇAMENTO!$AF$11)),0)","v":0},{"$f":"IF(AND($D17=\"Serviço\",AE$12<>0,$H17>0,OR(AUTOEVENTO<>\"manual\",$M17<>1)),\nIF(Import.TipoArredondamento<>\"TransfereGOV\",\nROUND(OFFSET($P17,0,AE$13),15-13*ORÇAMENTO!$AF$7)/$H17*OFFSET(ORÇAMENTO!$X$15,ROW(AE17)-ROW(AE$15),0),\nROUND(ROUND(OFFSET($P17,0,AE$13),15-13*ORÇAMENTO!$AF$7)*OFFSET(ORÇAMENTO!$W$15,ROW(AE17)-ROW(AE$15),0),15-13*ORÇAMENTO!$AF$11)),0)","v":0},{"$f":"IF(AND($D17=\"Serviço\",AF$12<>0,$H17>0,OR(AUTOEVENTO<>\"manual\",$M17<>1)),\nIF(Import.TipoArredondamento<>\"TransfereGOV\",\nROUND(OFFSET($P17,0,AF$13),15-13*ORÇAMENTO!$AF$7)/$H17*OFFSET(ORÇAMENTO!$X$15,ROW(AF17)-ROW(AF$15),0),\nROUND(ROUND(OFFSET($P17,0,AF$13),15-13*ORÇAMENTO!$AF$7)*OFFSET(ORÇAMENTO!$W$15,ROW(AF17)-ROW(AF$15),0),15-13*ORÇAMENTO!$AF$11)),0)","v":0},{"$f":"IF(AND($D17=\"Serviço\",AG$12<>0,$H17>0,OR(AUTOEVENTO<>\"manual\",$M17<>1)),\nIF(Import.TipoArredondamento<>\"TransfereGOV\",\nROUND(OFFSET($P17,0,AG$13),15-13*ORÇAMENTO!$AF$7)/$H17*OFFSET(ORÇAMENTO!$X$15,ROW(AG17)-ROW(AG$15),0),\nROUND(ROUND(OFFSET($P17,0,AG$13),15-13*ORÇAMENTO!$AF$7)*OFFSET(ORÇAMENTO!$W$15,ROW(AG17)-ROW(AG$15),0),15-13*ORÇAMENTO!$AF$11)),0)","v":0},{"$f":"IF(AND($D17=\"Serviço\",AH$12<>0,$H17>0,OR(AUTOEVENTO<>\"manual\",$M17<>1)),\nIF(Import.TipoArredondamento<>\"TransfereGOV\",\nROUND(OFFSET($P17,0,AH$13),15-13*ORÇAMENTO!$AF$7)/$H17*OFFSET(ORÇAMENTO!$X$15,ROW(AH17)-ROW(AH$15),0),\nROUND(ROUND(OFFSET($P17,0,AH$13),15-13*ORÇAMENTO!$AF$7)*OFFSET(ORÇAMENTO!$W$15,ROW(AH17)-ROW(AH$15),0),15-13*ORÇAMENTO!$AF$11)),0)","v":0},{"$f":"IF(AND($D17=\"Serviço\",AI$12<>0,$H17>0,OR(AUTOEVENTO<>\"manual\",$M17<>1)),\nIF(Import.TipoArredondamento<>\"TransfereGOV\",\nROUND(OFFSET($P17,0,AI$13),15-13*ORÇAMENTO!$AF$7)/$H17*OFFSET(ORÇAMENTO!$X$15,ROW(AI17)-ROW(AI$15),0),\nROUND(ROUND(OFFSET($P17,0,AI$13),15-13*ORÇAMENTO!$AF$7)*OFFSET(ORÇAMENTO!$W$15,ROW(AI17)-ROW(AI$15),0),15-13*ORÇAMENTO!$AF$11)),0)","v":0},{"$f":"IF(AND($D17=\"Serviço\",AJ$12<>0,$H17>0,OR(AUTOEVENTO<>\"manual\",$M17<>1)),\nIF(Import.TipoArredondamento<>\"TransfereGOV\",\nROUND(OFFSET($P17,0,AJ$13),15-13*ORÇAMENTO!$AF$7)/$H17*OFFSET(ORÇAMENTO!$X$15,ROW(AJ17)-ROW(AJ$15),0),\nROUND(ROUND(OFFSET($P17,0,AJ$13),15-13*ORÇAMENTO!$AF$7)*OFFSET(ORÇAMENTO!$W$15,ROW(AJ17)-ROW(AJ$15),0),15-13*ORÇAMENTO!$AF$11)),0)","v":0},{"$f":"IF(AND($D17=\"Serviço\",AK$12<>0,$H17>0,OR(AUTOEVENTO<>\"manual\",$M17<>1)),\nIF(Import.TipoArredondamento<>\"TransfereGOV\",\nROUND(OFFSET($P17,0,AK$13),15-13*ORÇAMENTO!$AF$7)/$H17*OFFSET(ORÇAMENTO!$X$15,ROW(AK17)-ROW(AK$15),0),\nROUND(ROUND(OFFSET($P17,0,AK$13),15-13*ORÇAMENTO!$AF$7)*OFFSET(ORÇAMENTO!$W$15,ROW(AK17)-ROW(AK$15),0),15-13*ORÇAMENTO!$AF$11)),0)","v":0},null,{"$f":"IF($D17<>\"Serviço\",0,IF(AND(AUTOEVENTO=\"Manual\",$M17=1),0,IF(OFFSET(CRONOPLE!$F$14,$M17,AM$13)=\"\",10^12,OFFSET(CRONOPLE!$F$14,$M17,AM$13))))","v":0},{"$f":"IF($D17<>\"Serviço\",0,IF(AND(AUTOEVENTO=\"Manual\",$M17=1),0,IF(OFFSET(CRONOPLE!$F$14,$M17,AN$13)=\"\",10^12,OFFSET(CRONOPLE!$F$14,$M17,AN$13))))","v":0},{"$f":"IF($D17<>\"Serviço\",0,IF(AND(AUTOEVENTO=\"Manual\",$M17=1),0,IF(OFFSET(CRONOPLE!$F$14,$M17,AO$13)=\"\",10^12,OFFSET(CRONOPLE!$F$14,$M17,AO$13))))","v":0},{"$f":"IF($D17<>\"Serviço\",0,IF(AND(AUTOEVENTO=\"Manual\",$M17=1),0,IF(OFFSET(CRONOPLE!$F$14,$M17,AP$13)=\"\",10^12,OFFSET(CRONOPLE!$F$14,$M17,AP$13))))","v":0},{"$f":"IF($D17<>\"Serviço\",0,IF(AND(AUTOEVENTO=\"Manual\",$M17=1),0,IF(OFFSET(CRONOPLE!$F$14,$M17,AQ$13)=\"\",10^12,OFFSET(CRONOPLE!$F$14,$M17,AQ$13))))","v":0},{"$f":"IF($D17<>\"Serviço\",0,IF(AND(AUTOEVENTO=\"Manual\",$M17=1),0,IF(OFFSET(CRONOPLE!$F$14,$M17,AR$13)=\"\",10^12,OFFSET(CRONOPLE!$F$14,$M17,AR$13))))","v":0},{"$f":"IF($D17<>\"Serviço\",0,IF(AND(AUTOEVENTO=\"Manual\",$M17=1),0,IF(OFFSET(CRONOPLE!$F$14,$M17,AS$13)=\"\",10^12,OFFSET(CRONOPLE!$F$14,$M17,AS$13))))","v":0},{"$f":"IF($D17<>\"Serviço\",0,IF(AND(AUTOEVENTO=\"Manual\",$M17=1),0,IF(OFFSET(CRONOPLE!$F$14,$M17,AT$13)=\"\",10^12,OFFSET(CRONOPLE!$F$14,$M17,AT$13))))","v":0},{"$f":"IF($D17<>\"Serviço\",0,IF(AND(AUTOEVENTO=\"Manual\",$M17=1),0,IF(OFFSET(CRONOPLE!$F$14,$M17,AU$13)=\"\",10^12,OFFSET(CRONOPLE!$F$14,$M17,AU$13))))","v":0},{"$f":"IF($D17<>\"Serviço\",0,IF(AND(AUTOEVENTO=\"Manual\",$M17=1),0,IF(OFFSET(CRONOPLE!$F$14,$M17,AV$13)=\"\",10^12,OFFSET(CRONOPLE!$F$14,$M17,AV$13))))","v":0},null,{"$f":"IF($D17<>\"Serviço\",0,IF(OR(AND(AUTOEVENTO=\"Manual\",$M17=1),$M17>(ROW(PLE.lastrow)-ROW(PLE.firstrow))),0,IF(OFFSET(PLE!$G$14,$M17,AX$13)=\"\",10^12,OFFSET(PLE!$G$14,$M17,AX$13))))","v":0},{"$f":"IF($D17<>\"Serviço\",0,IF(OR(AND(AUTOEVENTO=\"Manual\",$M17=1),$M17>(ROW(PLE.lastrow)-ROW(PLE.firstrow))),0,IF(OFFSET(PLE!$G$14,$M17,AY$13)=\"\",10^12,OFFSET(PLE!$G$14,$M17,AY$13))))","v":0},{"$f":"IF($D17<>\"Serviço\",0,IF(OR(AND(AUTOEVENTO=\"Manual\",$M17=1),$M17>(ROW(PLE.lastrow)-ROW(PLE.firstrow))),0,IF(OFFSET(PLE!$G$14,$M17,AZ$13)=\"\",10^12,OFFSET(PLE!$G$14,$M17,AZ$13))))","v":0},{"$f":"IF($D17<>\"Serviço\",0,IF(OR(AND(AUTOEVENTO=\"Manual\",$M17=1),$M17>(ROW(PLE.lastrow)-ROW(PLE.firstrow))),0,IF(OFFSET(PLE!$G$14,$M17,BA$13)=\"\",10^12,OFFSET(PLE!$G$14,$M17,BA$13))))","v":0},{"$f":"IF($D17<>\"Serviço\",0,IF(OR(AND(AUTOEVENTO=\"Manual\",$M17=1),$M17>(ROW(PLE.lastrow)-ROW(PLE.firstrow))),0,IF(OFFSET(PLE!$G$14,$M17,BB$13)=\"\",10^12,OFFSET(PLE!$G$14,$M17,BB$13))))","v":0},{"$f":"IF($D17<>\"Serviço\",0,IF(OR(AND(AUTOEVENTO=\"Manual\",$M17=1),$M17>(ROW(PLE.lastrow)-ROW(PLE.firstrow))),0,IF(OFFSET(PLE!$G$14,$M17,BC$13)=\"\",10^12,OFFSET(PLE!$G$14,$M17,BC$13))))","v":0},{"$f":"IF($D17<>\"Serviço\",0,IF(OR(AND(AUTOEVENTO=\"Manual\",$M17=1),$M17>(ROW(PLE.lastrow)-ROW(PLE.firstrow))),0,IF(OFFSET(PLE!$G$14,$M17,BD$13)=\"\",10^12,OFFSET(PLE!$G$14,$M17,BD$13))))","v":0},{"$f":"IF($D17<>\"Serviço\",0,IF(OR(AND(AUTOEVENTO=\"Manual\",$M17=1),$M17>(ROW(PLE.lastrow)-ROW(PLE.firstrow))),0,IF(OFFSET(PLE!$G$14,$M17,BE$13)=\"\",10^12,OFFSET(PLE!$G$14,$M17,BE$13))))","v":0},{"$f":"IF($D17<>\"Serviço\",0,IF(OR(AND(AUTOEVENTO=\"Manual\",$M17=1),$M17>(ROW(PLE.lastrow)-ROW(PLE.firstrow))),0,IF(OFFSET(PLE!$G$14,$M17,BF$13)=\"\",10^12,OFFSET(PLE!$G$14,$M17,BF$13))))","v":0},{"$f":"IF($D17<>\"Serviço\",0,IF(OR(AND(AUTOEVENTO=\"Manual\",$M17=1),$M17>(ROW(PLE.lastrow)-ROW(PLE.firstrow))),0,IF(OFFSET(PLE!$G$14,$M17,BG$13)=\"\",10^12,OFFSET(PLE!$G$14,$M17,BG$13))))","v":0}]
["2",{"$f":"OFFSET(ORÇAMENTO!C$15,ROW(B18)-ROW(B$15),0)","v":"S"},{"$f":"OFFSET(ORÇAMENTO!L$15,ROW(C18)-ROW(C$15),0)","v":"F"},{"$f":"OFFSET(ORÇAMENTO!N$15,ROW(D18)-ROW(D$15),0)","v":"Serviço"},{"$f":"OFFSET(ORÇAMENTO!O$15,ROW(E18)-ROW(E$15),0)","v":"1.1.1."},{"$f":"OFFSET(ORÇAMENTO!R$15,ROW(F18)-ROW(F$15),0)","v":"FORNECIMENTO E INSTALAÇÃO DE PLACA DE OBRA COM CHAPA GALVANIZADA E ESTRUTURA DE MADEIRA. AF_03/2022_PS"},{"$f":"IF($D18<>\"Serviço\",\"\",OFFSET(ORÇAMENTO!S$15,ROW(G18)-ROW(G$15),0))","v":"M2"},{"$f":"IF($D18<>\"Serviço\",0,IF(ACOMPANHAMENTO=\"BM\",ROUND(OFFSET(ORÇAMENTO!AJ$15,ROW(H18)-ROW(H$15),0),15-13*ORÇAMENTO!$AF$7),SUMPRODUCT(($Q$12:$AA$12<>\"\")*ROUND($Q18:$AA18,15-13*ORÇAMENTO!$AF$7))))","v":6.48},null,null,null,".",{"$f":"IF($D18<>\"Serviço\",\"\",IF(AUTOEVENTO=\"manual\",$A18,IF(ISERROR(MATCH($A18,$A$15:OFFSET($A18,-1,0),0)),MAX($M$15:OFFSET(M18,-1,0))+1,INDEX($M$15:OFFSET(M18,-1,0),MATCH($A18,$A$15:OFFSET($A18,-1,0),0)))))","v":2},{"$f":"IF($D18<>\"Serviço\",\"\",IF(AUTOEVENTO=\"Manual\",IF($A18=0,\"<-- defina o número do agrupador\",OFFSET(EVENTOS!$D$14,$A18,0)),OFFSET($F$15,$A18,0)))","v":"Instalação de água e esgoto, locação e administração"},null,null,null,null,null,null,null,null,null,null,null,null,null,{"$f":"IF(AND($D18=\"Serviço\",AB$12<>0,$H18>0,OR(AUTOEVENTO<>\"manual\",$M18<>1)),\nIF(Import.TipoArredondamento<>\"TransfereGOV\",\nROUND(OFFSET($P18,0,AB$13),15-13*ORÇAMENTO!$AF$7)/$H18*OFFSET(ORÇAMENTO!$X$15,ROW(AB18)-ROW(AB$15),0),\nROUND(ROUND(OFFSET($P18,0,AB$13),15-13*ORÇAMENTO!$AF$7)*OFFSET(ORÇAMENTO!$W$15,ROW(AB18)-ROW(AB$15),0),15-13*ORÇAMENTO!$AF$11)),0)","v":0},{"$f":"IF(AND($D18=\"Serviço\",AC$12<>0,$H18>0,OR(AUTOEVENTO<>\"manual\",$M18<>1)),\nIF(Import.TipoArredondamento<>\"TransfereGOV\",\nROUND(OFFSET($P18,0,AC$13),15-13*ORÇAMENTO!$AF$7)/$H18*OFFSET(ORÇAMENTO!$X$15,ROW(AC18)-ROW(AC$15),0),\nROUND(ROUND(OFFSET($P18,0,AC$13),15-13*ORÇAMENTO!$AF$7)*OFFSET(ORÇAMENTO!$W$15,ROW(AC18)-ROW(AC$15),0),15-13*ORÇAMENTO!$AF$11)),0)","v":0},{"$f":"IF(AND($D18=\"Serviço\",AD$12<>0,$H18>0,OR(AUTOEVENTO<>\"manual\",$M18<>1)),\nIF(Import.TipoArredondamento<>\"TransfereGOV\",\nROUND(OFFSET($P18,0,AD$13),15-13*ORÇAMENTO!$AF$7)/$H18*OFFSET(ORÇAMENTO!$X$15,ROW(AD18)-ROW(AD$15),0),\nROUND(ROUND(OFFSET($P18,0,AD$13),15-13*ORÇAMENTO!$AF$7)*OFFSET(ORÇAMENTO!$W$15,ROW(AD18)-ROW(AD$15),0),15-13*ORÇAMENTO!$AF$11)),0)","v":0},{"$f":"IF(AND($D18=\"Serviço\",AE$12<>0,$H18>0,OR(AUTOEVENTO<>\"manual\",$M18<>1)),\nIF(Import.TipoArredondamento<>\"TransfereGOV\",\nROUND(OFFSET($P18,0,AE$13),15-13*ORÇAMENTO!$AF$7)/$H18*OFFSET(ORÇAMENTO!$X$15,ROW(AE18)-ROW(AE$15),0),\nROUND(ROUND(OFFSET($P18,0,AE$13),15-13*ORÇAMENTO!$AF$7)*OFFSET(ORÇAMENTO!$W$15,ROW(AE18)-ROW(AE$15),0),15-13*ORÇAMENTO!$AF$11)),0)","v":0},{"$f":"IF(AND($D18=\"Serviço\",AF$12<>0,$H18>0,OR(AUTOEVENTO<>\"manual\",$M18<>1)),\nIF(Import.TipoArredondamento<>\"TransfereGOV\",\nROUND(OFFSET($P18,0,AF$13),15-13*ORÇAMENTO!$AF$7)/$H18*OFFSET(ORÇAMENTO!$X$15,ROW(AF18)-ROW(AF$15),0),\nROUND(ROUND(OFFSET($P18,0,AF$13),15-13*ORÇAMENTO!$AF$7)*OFFSET(ORÇAMENTO!$W$15,ROW(AF18)-ROW(AF$15),0),15-13*ORÇAMENTO!$AF$11)),0)","v":0},{"$f":"IF(AND($D18=\"Serviço\",AG$12<>0,$H18>0,OR(AUTOEVENTO<>\"manual\",$M18<>1)),\nIF(Import.TipoArredondamento<>\"TransfereGOV\",\nROUND(OFFSET($P18,0,AG$13),15-13*ORÇAMENTO!$AF$7)/$H18*OFFSET(ORÇAMENTO!$X$15,ROW(AG18)-ROW(AG$15),0),\nROUND(ROUND(OFFSET($P18,0,AG$13),15-13*ORÇAMENTO!$AF$7)*OFFSET(ORÇAMENTO!$W$15,ROW(AG18)-ROW(AG$15),0),15-13*ORÇAMENTO!$AF$11)),0)","v":0},{"$f":"IF(AND($D18=\"Serviço\",AH$12<>0,$H18>0,OR(AUTOEVENTO<>\"manual\",$M18<>1)),\nIF(Import.TipoArredondamento<>\"TransfereGOV\",\nROUND(OFFSET($P18,0,AH$13),15-13*ORÇAMENTO!$AF$7)/$H18*OFFSET(ORÇAMENTO!$X$15,ROW(AH18)-ROW(AH$15),0),\nROUND(ROUND(OFFSET($P18,0,AH$13),15-13*ORÇAMENTO!$AF$7)*OFFSET(ORÇAMENTO!$W$15,ROW(AH18)-ROW(AH$15),0),15-13*ORÇAMENTO!$AF$11)),0)","v":0},{"$f":"IF(AND($D18=\"Serviço\",AI$12<>0,$H18>0,OR(AUTOEVENTO<>\"manual\",$M18<>1)),\nIF(Import.TipoArredondamento<>\"TransfereGOV\",\nROUND(OFFSET($P18,0,AI$13),15-13*ORÇAMENTO!$AF$7)/$H18*OFFSET(ORÇAMENTO!$X$15,ROW(AI18)-ROW(AI$15),0),\nROUND(ROUND(OFFSET($P18,0,AI$13),15-13*ORÇAMENTO!$AF$7)*OFFSET(ORÇAMENTO!$W$15,ROW(AI18)-ROW(AI$15),0),15-13*ORÇAMENTO!$AF$11)),0)","v":0},{"$f":"IF(AND($D18=\"Serviço\",AJ$12<>0,$H18>0,OR(AUTOEVENTO<>\"manual\",$M18<>1)),\nIF(Import.TipoArredondamento<>\"TransfereGOV\",\nROUND(OFFSET($P18,0,AJ$13),15-13*ORÇAMENTO!$AF$7)/$H18*OFFSET(ORÇAMENTO!$X$15,ROW(AJ18)-ROW(AJ$15),0),\nROUND(ROUND(OFFSET($P18,0,AJ$13),15-13*ORÇAMENTO!$AF$7)*OFFSET(ORÇAMENTO!$W$15,ROW(AJ18)-ROW(AJ$15),0),15-13*ORÇAMENTO!$AF$11)),0)","v":0},{"$f":"IF(AND($D18=\"Serviço\",AK$12<>0,$H18>0,OR(AUTOEVENTO<>\"manual\",$M18<>1)),\nIF(Import.TipoArredondamento<>\"TransfereGOV\",\nROUND(OFFSET($P18,0,AK$13),15-13*ORÇAMENTO!$AF$7)/$H18*OFFSET(ORÇAMENTO!$X$15,ROW(AK18)-ROW(AK$15),0),\nROUND(ROUND(OFFSET($P18,0,AK$13),15-13*ORÇAMENTO!$AF$7)*OFFSET(ORÇAMENTO!$W$15,ROW(AK18)-ROW(AK$15),0),15-13*ORÇAMENTO!$AF$11)),0)","v":0},null,{"$f":"IF($D18<>\"Serviço\",0,IF(AND(AUTOEVENTO=\"Manual\",$M18=1),0,IF(OFFSET(CRONOPLE!$F$14,$M18,AM$13)=\"\",10^12,OFFSET(CRONOPLE!$F$14,$M18,AM$13))))","v":1000000000000},{"$f":"IF($D18<>\"Serviço\",0,IF(AND(AUTOEVENTO=\"Manual\",$M18=1),0,IF(OFFSET(CRONOPLE!$F$14,$M18,AN$13)=\"\",10^12,OFFSET(CRONOPLE!$F$14,$M18,AN$13))))","v":1000000000000},{"$f":"IF($D18<>\"Serviço\",0,IF(AND(AUTOEVENTO=\"Manual\",$M18=1),0,IF(OFFSET(CRONOPLE!$F$14,$M18,AO$13)=\"\",10^12,OFFSET(CRONOPLE!$F$14,$M18,AO$13))))","v":1000000000000},{"$f":"IF($D18<>\"Serviço\",0,IF(AND(AUTOEVENTO=\"Manual\",$M18=1),0,IF(OFFSET(CRONOPLE!$F$14,$M18,AP$13)=\"\",10^12,OFFSET(CRONOPLE!$F$14,$M18,AP$13))))","v":1000000000000},{"$f":"IF($D18<>\"Serviço\",0,IF(AND(AUTOEVENTO=\"Manual\",$M18=1),0,IF(OFFSET(CRONOPLE!$F$14,$M18,AQ$13)=\"\",10^12,OFFSET(CRONOPLE!$F$14,$M18,AQ$13))))","v":1000000000000},{"$f":"IF($D18<>\"Serviço\",0,IF(AND(AUTOEVENTO=\"Manual\",$M18=1),0,IF(OFFSET(CRONOPLE!$F$14,$M18,AR$13)=\"\",10^12,OFFSET(CRONOPLE!$F$14,$M18,AR$13))))","v":1000000000000},{"$f":"IF($D18<>\"Serviço\",0,IF(AND(AUTOEVENTO=\"Manual\",$M18=1),0,IF(OFFSET(CRONOPLE!$F$14,$M18,AS$13)=\"\",10^12,OFFSET(CRONOPLE!$F$14,$M18,AS$13))))","v":1000000000000},{"$f":"IF($D18<>\"Serviço\",0,IF(AND(AUTOEVENTO=\"Manual\",$M18=1),0,IF(OFFSET(CRONOPLE!$F$14,$M18,AT$13)=\"\",10^12,OFFSET(CRONOPLE!$F$14,$M18,AT$13))))","v":1000000000000},{"$f":"IF($D18<>\"Serviço\",0,IF(AND(AUTOEVENTO=\"Manual\",$M18=1),0,IF(OFFSET(CRONOPLE!$F$14,$M18,AU$13)=\"\",10^12,OFFSET(CRONOPLE!$F$14,$M18,AU$13))))","v":1000000000000},{"$f":"IF($D18<>\"Serviço\",0,IF(AND(AUTOEVENTO=\"Manual\",$M18=1),0,IF(OFFSET(CRONOPLE!$F$14,$M18,AV$13)=\"\",10^12,OFFSET(CRONOPLE!$F$14,$M18,AV$13))))","v":1000000000000},null,{"$f":"IF($D18<>\"Serviço\",0,IF(OR(AND(AUTOEVENTO=\"Manual\",$M18=1),$M18>(ROW(PLE.lastrow)-ROW(PLE.firstrow))),0,IF(OFFSET(PLE!$G$14,$M18,AX$13)=\"\",10^12,OFFSET(PLE!$G$14,$M18,AX$13))))","v":1000000000000},{"$f":"IF($D18<>\"Serviço\",0,IF(OR(AND(AUTOEVENTO=\"Manual\",$M18=1),$M18>(ROW(PLE.lastrow)-ROW(PLE.firstrow))),0,IF(OFFSET(PLE!$G$14,$M18,AY$13)=\"\",10^12,OFFSET(PLE!$G$14,$M18,AY$13))))","v":1000000000000},{"$f":"IF($D18<>\"Serviço\",0,IF(OR(AND(AUTOEVENTO=\"Manual\",$M18=1),$M18>(ROW(PLE.lastrow)-ROW(PLE.firstrow))),0,IF(OFFSET(PLE!$G$14,$M18,AZ$13)=\"\",10^12,OFFSET(PLE!$G$14,$M18,AZ$13))))","v":1000000000000},{"$f":"IF($D18<>\"Serviço\",0,IF(OR(AND(AUTOEVENTO=\"Manual\",$M18=1),$M18>(ROW(PLE.lastrow)-ROW(PLE.firstrow))),0,IF(OFFSET(PLE!$G$14,$M18,BA$13)=\"\",10^12,OFFSET(PLE!$G$14,$M18,BA$13))))","v":1000000000000},{"$f":"IF($D18<>\"Serviço\",0,IF(OR(AND(AUTOEVENTO=\"Manual\",$M18=1),$M18>(ROW(PLE.lastrow)-ROW(PLE.firstrow))),0,IF(OFFSET(PLE!$G$14,$M18,BB$13)=\"\",10^12,OFFSET(PLE!$G$14,$M18,BB$13))))","v":1000000000000},{"$f":"IF($D18<>\"Serviço\",0,IF(OR(AND(AUTOEVENTO=\"Manual\",$M18=1),$M18>(ROW(PLE.lastrow)-ROW(PLE.firstrow))),0,IF(OFFSET(PLE!$G$14,$M18,BC$13)=\"\",10^12,OFFSET(PLE!$G$14,$M18,BC$13))))","v":1000000000000},{"$f":"IF($D18<>\"Serviço\",0,IF(OR(AND(AUTOEVENTO=\"Manual\",$M18=1),$M18>(ROW(PLE.lastrow)-ROW(PLE.firstrow))),0,IF(OFFSET(PLE!$G$14,$M18,BD$13)=\"\",10^12,OFFSET(PLE!$G$14,$M18,BD$13))))","v":1000000000000},{"$f":"IF($D18<>\"Serviço\",0,IF(OR(AND(AUTOEVENTO=\"Manual\",$M18=1),$M18>(ROW(PLE.lastrow)-ROW(PLE.firstrow))),0,IF(OFFSET(PLE!$G$14,$M18,BE$13)=\"\",10^12,OFFSET(PLE!$G$14,$M18,BE$13))))","v":1000000000000},{"$f":"IF($D18<>\"Serviço\",0,IF(OR(AND(AUTOEVENTO=\"Manual\",$M18=1),$M18>(ROW(PLE.lastrow)-ROW(PLE.firstrow))),0,IF(OFFSET(PLE!$G$14,$M18,BF$13)=\"\",10^12,OFFSET(PLE!$G$14,$M18,BF$13))))","v":1000000000000},{"$f":"IF($D18<>\"Serviço\",0,IF(OR(AND(AUTOEVENTO=\"Manual\",$M18=1),$M18>(ROW(PLE.lastrow)-ROW(PLE.firstrow))),0,IF(OFFSET(PLE!$G$14,$M18,BG$13)=\"\",10^12,OFFSET(PLE!$G$14,$M18,BG$13))))","v":1000000000000}]
["2",{"$f":"OFFSET(ORÇAMENTO!C$15,ROW(B19)-ROW(B$15),0)","v":"S"},{"$f":"OFFSET(ORÇAMENTO!L$15,ROW(C19)-ROW(C$15),0)","v":"F"},{"$f":"OFFSET(ORÇAMENTO!N$15,ROW(D19)-ROW(D$15),0)","v":"Serviço"},{"$f":"OFFSET(ORÇAMENTO!O$15,ROW(E19)-ROW(E$15),0)","v":"1.1.2."},{"$f":"OFFSET(ORÇAMENTO!R$15,ROW(F19)-ROW(F$15),0)","v":"TAPUME COM TELHA METÁLICA. AF_03/2024"},{"$f":"IF($D19<>\"Serviço\",\"\",OFFSET(ORÇAMENTO!S$15,ROW(G19)-ROW(G$15),0))","v":"M2"},{"$f":"IF($D19<>\"Serviço\",0,IF(ACOMPANHAMENTO=\"BM\",ROUND(OFFSET(ORÇAMENTO!AJ$15,ROW(H19)-ROW(H$15),0),15-13*ORÇAMENTO!$AF$7),SUMPRODUCT(($Q$12:$AA$12<>\"\")*ROUND($Q19:$AA19,15-13*ORÇAMENTO!$AF$7))))","v":501.6},null,null,null,".",{"$f":"IF($D19<>\"Serviço\",\"\",IF(AUTOEVENTO=\"manual\",$A19,IF(ISERROR(MATCH($A19,$A$15:OFFSET($A19,-1,0),0)),MAX($M$15:OFFSET(M19,-1,0))+1,INDEX($M$15:OFFSET(M19,-1,0),MATCH($A19,$A$15:OFFSET($A19,-1,0),0)))))","v":2},{"$f":"IF($D19<>\"Serviço\",\"\",IF(AUTOEVENTO=\"Manual\",IF($A19=0,\"<-- defina o número do agrupador\",OFFSET(EVENTOS!$D$14,$A19,0)),OFFSET($F$15,$A19,0)))","v":"Instalação de água e esgoto, locação e administração"},null,null,null,null,null,null,null,null,null,null,null,null,null,{"$f":"IF(AND($D19=\"Serviço\",AB$12<>0,$H19>0,OR(AUTOEVENTO<>\"manual\",$M19<>1)),\nIF(Import.TipoArredondamento<>\"TransfereGOV\",\nROUND(OFFSET($P19,0,AB$13),15-13*ORÇAMENTO!$AF$7)/$H19*OFFSET(ORÇAMENTO!$X$15,ROW(AB19)-ROW(AB$15),0),\nROUND(ROUND(OFFSET($P19,0,AB$13),15-13*ORÇAMENTO!$AF$7)*OFFSET(ORÇAMENTO!$W$15,ROW(AB19)-ROW(AB$15),0),15-13*ORÇAMENTO!$AF$11)),0)","v":0},{"$f":"IF(AND($D19=\"Serviço\",AC$12<>0,$H19>0,OR(AUTOEVENTO<>\"manual\",$M19<>1)),\nIF(Import.TipoArredondamento<>\"TransfereGOV\",\nROUND(OFFSET($P19,0,AC$13),15-13*ORÇAMENTO!$AF$7)/$H19*OFFSET(ORÇAMENTO!$X$15,ROW(AC19)-ROW(AC$15),0),\nROUND(ROUND(OFFSET($P19,0,AC$13),15-13*ORÇAMENTO!$AF$7)*OFFSET(ORÇAMENTO!$W$15,ROW(AC19)-ROW(AC$15),0),15-13*ORÇAMENTO!$AF$11)),0)","v":0},{"$f":"IF(AND($D19=\"Serviço\",AD$12<>0,$H19>0,OR(AUTOEVENTO<>\"manual\",$M19<>1)),\nIF(Import.TipoArredondamento<>\"TransfereGOV\",\nROUND(OFFSET($P19,0,AD$13),15-13*ORÇAMENTO!$AF$7)/$H19*OFFSET(ORÇAMENTO!$X$15,ROW(AD19)-ROW(AD$15),0),\nROUND(ROUND(OFFSET($P19,0,AD$13),15-13*ORÇAMENTO!$AF$7)*OFFSET(ORÇAMENTO!$W$15,ROW(AD19)-ROW(AD$15),0),15-13*ORÇAMENTO!$AF$11)),0)","v":0},{"$f":"IF(AND($D19=\"Serviço\",AE$12<>0,$H19>0,OR(AUTOEVENTO<>\"manual\",$M19<>1)),\nIF(Import.TipoArredondamento<>\"TransfereGOV\",\nROUND(OFFSET($P19,0,AE$13),15-13*ORÇAMENTO!$AF$7)/$H19*OFFSET(ORÇAMENTO!$X$15,ROW(AE19)-ROW(AE$15),0),\nROUND(ROUND(OFFSET($P19,0,AE$13),15-13*ORÇAMENTO!$AF$7)*OFFSET(ORÇAMENTO!$W$15,ROW(AE19)-ROW(AE$15),0),15-13*ORÇAMENTO!$AF$11)),0)","v":0},{"$f":"IF(AND($D19=\"Serviço\",AF$12<>0,$H19>0,OR(AUTOEVENTO<>\"manual\",$M19<>1)),\nIF(Import.TipoArredondamento<>\"TransfereGOV\",\nROUND(OFFSET($P19,0,AF$13),15-13*ORÇAMENTO!$AF$7)/$H19*OFFSET(ORÇAMENTO!$X$15,ROW(AF19)-ROW(AF$15),0),\nROUND(ROUND(OFFSET($P19,0,AF$13),15-13*ORÇAMENTO!$AF$7)*OFFSET(ORÇAMENTO!$W$15,ROW(AF19)-ROW(AF$15),0),15-13*ORÇAMENTO!$AF$11)),0)","v":0},{"$f":"IF(AND($D19=\"Serviço\",AG$12<>0,$H19>0,OR(AUTOEVENTO<>\"manual\",$M19<>1)),\nIF(Import.TipoArredondamento<>\"TransfereGOV\",\nROUND(OFFSET($P19,0,AG$13),15-13*ORÇAMENTO!$AF$7)/$H19*OFFSET(ORÇAMENTO!$X$15,ROW(AG19)-ROW(AG$15),0),\nROUND(ROUND(OFFSET($P19,0,AG$13),15-13*ORÇAMENTO!$AF$7)*OFFSET(ORÇAMENTO!$W$15,ROW(AG19)-ROW(AG$15),0),15-13*ORÇAMENTO!$AF$11)),0)","v":0},{"$f":"IF(AND($D19=\"Serviço\",AH$12<>0,$H19>0,OR(AUTOEVENTO<>\"manual\",$M19<>1)),\nIF(Import.TipoArredondamento<>\"TransfereGOV\",\nROUND(OFFSET($P19,0,AH$13),15-13*ORÇAMENTO!$AF$7)/$H19*OFFSET(ORÇAMENTO!$X$15,ROW(AH19)-ROW(AH$15),0),\nROUND(ROUND(OFFSET($P19,0,AH$13),15-13*ORÇAMENTO!$AF$7)*OFFSET(ORÇAMENTO!$W$15,ROW(AH19)-ROW(AH$15),0),15-13*ORÇAMENTO!$AF$11)),0)","v":0},{"$f":"IF(AND($D19=\"Serviço\",AI$12<>0,$H19>0,OR(AUTOEVENTO<>\"manual\",$M19<>1)),\nIF(Import.TipoArredondamento<>\"TransfereGOV\",\nROUND(OFFSET($P19,0,AI$13),15-13*ORÇAMENTO!$AF$7)/$H19*OFFSET(ORÇAMENTO!$X$15,ROW(AI19)-ROW(AI$15),0),\nROUND(ROUND(OFFSET($P19,0,AI$13),15-13*ORÇAMENTO!$AF$7)*OFFSET(ORÇAMENTO!$W$15,ROW(AI19)-ROW(AI$15),0),15-13*ORÇAMENTO!$AF$11)),0)","v":0},{"$f":"IF(AND($D19=\"Serviço\",AJ$12<>0,$H19>0,OR(AUTOEVENTO<>\"manual\",$M19<>1)),\nIF(Import.TipoArredondamento<>\"TransfereGOV\",\nROUND(OFFSET($P19,0,AJ$13),15-13*ORÇAMENTO!$AF$7)/$H19*OFFSET(ORÇAMENTO!$X$15,ROW(AJ19)-ROW(AJ$15),0),\nROUND(ROUND(OFFSET($P19,0,AJ$13),15-13*ORÇAMENTO!$AF$7)*OFFSET(ORÇAMENTO!$W$15,ROW(AJ19)-ROW(AJ$15),0),15-13*ORÇAMENTO!$AF$11)),0)","v":0},{"$f":"IF(AND($D19=\"Serviço\",AK$12<>0,$H19>0,OR(AUTOEVENTO<>\"manual\",$M19<>1)),\nIF(Import.TipoArredondamento<>\"TransfereGOV\",\nROUND(OFFSET($P19,0,AK$13),15-13*ORÇAMENTO!$AF$7)/$H19*OFFSET(ORÇAMENTO!$X$15,ROW(AK19)-ROW(AK$15),0),\nROUND(ROUND(OFFSET($P19,0,AK$13),15-13*ORÇAMENTO!$AF$7)*OFFSET(ORÇAMENTO!$W$15,ROW(AK19)-ROW(AK$15),0),15-13*ORÇAMENTO!$AF$11)),0)","v":0},null,{"$f":"IF($D19<>\"Serviço\",0,IF(AND(AUTOEVENTO=\"Manual\",$M19=1),0,IF(OFFSET(CRONOPLE!$F$14,$M19,AM$13)=\"\",10^12,OFFSET(CRONOPLE!$F$14,$M19,AM$13))))","v":1000000000000},{"$f":"IF($D19<>\"Serviço\",0,IF(AND(AUTOEVENTO=\"Manual\",$M19=1),0,IF(OFFSET(CRONOPLE!$F$14,$M19,AN$13)=\"\",10^12,OFFSET(CRONOPLE!$F$14,$M19,AN$13))))","v":1000000000000},{"$f":"IF($D19<>\"Serviço\",0,IF(AND(AUTOEVENTO=\"Manual\",$M19=1),0,IF(OFFSET(CRONOPLE!$F$14,$M19,AO$13)=\"\",10^12,OFFSET(CRONOPLE!$F$14,$M19,AO$13))))","v":1000000000000},{"$f":"IF($D19<>\"Serviço\",0,IF(AND(AUTOEVENTO=\"Manual\",$M19=1),0,IF(OFFSET(CRONOPLE!$F$14,$M19,AP$13)=\"\",10^12,OFFSET(CRONOPLE!$F$14,$M19,AP$13))))","v":1000000000000},{"$f":"IF($D19<>\"Serviço\",0,IF(AND(AUTOEVENTO=\"Manual\",$M19=1),0,IF(OFFSET(CRONOPLE!$F$14,$M19,AQ$13)=\"\",10^12,OFFSET(CRONOPLE!$F$14,$M19,AQ$13))))","v":1000000000000},{"$f":"IF($D19<>\"Serviço\",0,IF(AND(AUTOEVENTO=\"Manual\",$M19=1),0,IF(OFFSET(CRONOPLE!$F$14,$M19,AR$13)=\"\",10^12,OFFSET(CRONOPLE!$F$14,$M19,AR$13))))","v":1000000000000},{"$f":"IF($D19<>\"Serviço\",0,IF(AND(AUTOEVENTO=\"Manual\",$M19=1),0,IF(OFFSET(CRONOPLE!$F$14,$M19,AS$13)=\"\",10^12,OFFSET(CRONOPLE!$F$14,$M19,AS$13))))","v":1000000000000},{"$f":"IF($D19<>\"Serviço\",0,IF(AND(AUTOEVENTO=\"Manual\",$M19=1),0,IF(OFFSET(CRONOPLE!$F$14,$M19,AT$13)=\"\",10^12,OFFSET(CRONOPLE!$F$14,$M19,AT$13))))","v":1000000000000},{"$f":"IF($D19<>\"Serviço\",0,IF(AND(AUTOEVENTO=\"Manual\",$M19=1),0,IF(OFFSET(CRONOPLE!$F$14,$M19,AU$13)=\"\",10^12,OFFSET(CRONOPLE!$F$14,$M19,AU$13))))","v":1000000000000},{"$f":"IF($D19<>\"Serviço\",0,IF(AND(AUTOEVENTO=\"Manual\",$M19=1),0,IF(OFFSET(CRONOPLE!$F$14,$M19,AV$13)=\"\",10^12,OFFSET(CRONOPLE!$F$14,$M19,AV$13))))","v":1000000000000},null,{"$f":"IF($D19<>\"Serviço\",0,IF(OR(AND(AUTOEVENTO=\"Manual\",$M19=1),$M19>(ROW(PLE.lastrow)-ROW(PLE.firstrow))),0,IF(OFFSET(PLE!$G$14,$M19,AX$13)=\"\",10^12,OFFSET(PLE!$G$14,$M19,AX$13))))","v":1000000000000},{"$f":"IF($D19<>\"Serviço\",0,IF(OR(AND(AUTOEVENTO=\"Manual\",$M19=1),$M19>(ROW(PLE.lastrow)-ROW(PLE.firstrow))),0,IF(OFFSET(PLE!$G$14,$M19,AY$13)=\"\",10^12,OFFSET(PLE!$G$14,$M19,AY$13))))","v":1000000000000},{"$f":"IF($D19<>\"Serviço\",0,IF(OR(AND(AUTOEVENTO=\"Manual\",$M19=1),$M19>(ROW(PLE.lastrow)-ROW(PLE.firstrow))),0,IF(OFFSET(PLE!$G$14,$M19,AZ$13)=\"\",10^12,OFFSET(PLE!$G$14,$M19,AZ$13))))","v":1000000000000},{"$f":"IF($D19<>\"Serviço\",0,IF(OR(AND(AUTOEVENTO=\"Manual\",$M19=1),$M19>(ROW(PLE.lastrow)-ROW(PLE.firstrow))),0,IF(OFFSET(PLE!$G$14,$M19,BA$13)=\"\",10^12,OFFSET(PLE!$G$14,$M19,BA$13))))","v":1000000000000},{"$f":"IF($D19<>\"Serviço\",0,IF(OR(AND(AUTOEVENTO=\"Manual\",$M19=1),$M19>(ROW(PLE.lastrow)-ROW(PLE.firstrow))),0,IF(OFFSET(PLE!$G$14,$M19,BB$13)=\"\",10^12,OFFSET(PLE!$G$14,$M19,BB$13))))","v":1000000000000},{"$f":"IF($D19<>\"Serviço\",0,IF(OR(AND(AUTOEVENTO=\"Manual\",$M19=1),$M19>(ROW(PLE.lastrow)-ROW(PLE.firstrow))),0,IF(OFFSET(PLE!$G$14,$M19,BC$13)=\"\",10^12,OFFSET(PLE!$G$14,$M19,BC$13))))","v":1000000000000},{"$f":"IF($D19<>\"Serviço\",0,IF(OR(AND(AUTOEVENTO=\"Manual\",$M19=1),$M19>(ROW(PLE.lastrow)-ROW(PLE.firstrow))),0,IF(OFFSET(PLE!$G$14,$M19,BD$13)=\"\",10^12,OFFSET(PLE!$G$14,$M19,BD$13))))","v":1000000000000},{"$f":"IF($D19<>\"Serviço\",0,IF(OR(AND(AUTOEVENTO=\"Manual\",$M19=1),$M19>(ROW(PLE.lastrow)-ROW(PLE.firstrow))),0,IF(OFFSET(PLE!$G$14,$M19,BE$13)=\"\",10^12,OFFSET(PLE!$G$14,$M19,BE$13))))","v":1000000000000},{"$f":"IF($D19<>\"Serviço\",0,IF(OR(AND(AUTOEVENTO=\"Manual\",$M19=1),$M19>(ROW(PLE.lastrow)-ROW(PLE.firstrow))),0,IF(OFFSET(PLE!$G$14,$M19,BF$13)=\"\",10^12,OFFSET(PLE!$G$14,$M19,BF$13))))","v":1000000000000},{"$f":"IF($D19<>\"Serviço\",0,IF(OR(AND(AUTOEVENTO=\"Manual\",$M19=1),$M19>(ROW(PLE.lastrow)-ROW(PLE.firstrow))),0,IF(OFFSET(PLE!$G$14,$M19,BG$13)=\"\",10^12,OFFSET(PLE!$G$14,$M19,BG$13))))","v":1000000000000}]
["2",{"$f":"OFFSET(ORÇAMENTO!C$15,ROW(B20)-ROW(B$15),0)","v":"S"},{"$f":"OFFSET(ORÇAMENTO!L$15,ROW(C20)-ROW(C$15),0)","v":"F"},{"$f":"OFFSET(ORÇAMENTO!N$15,ROW(D20)-ROW(D$15),0)","v":"Serviço"},{"$f":"OFFSET(ORÇAMENTO!O$15,ROW(E20)-ROW(E$15),0)","v":"1.1.3."},{"$f":"OFFSET(ORÇAMENTO!R$15,ROW(F20)-ROW(F$15),0)","v":"ENTRADA DE ENERGIA ELÉTRICA, AÉREA, TRIFÁSICA, COM CAIXA DE EMBUTIR, CABO DE 10 MM2 E DISJUNTOR DIN 50A (NÃO INCLUSO O POSTE DE CONCRETO). AF_07/2020"},{"$f":"IF($D20<>\"Serviço\",\"\",OFFSET(ORÇAMENTO!S$15,ROW(G20)-ROW(G$15),0))","v":"UN"},{"$f":"IF($D20<>\"Serviço\",0,IF(ACOMPANHAMENTO=\"BM\",ROUND(OFFSET(ORÇAMENTO!AJ$15,ROW(H20)-ROW(H$15),0),15-13*ORÇAMENTO!$AF$7),SUMPRODUCT(($Q$12:$AA$12<>\"\")*ROUND($Q20:$AA20,15-13*ORÇAMENTO!$AF$7))))","v":1},null,null,null,".",{"$f":"IF($D20<>\"Serviço\",\"\",IF(AUTOEVENTO=\"manual\",$A20,IF(ISERROR(MATCH($A20,$A$15:OFFSET($A20,-1,0),0)),MAX($M$15:OFFSET(M20,-1,0))+1,INDEX($M$15:OFFSET(M20,-1,0),MATCH($A20,$A$15:OFFSET($A20,-1,0),0)))))","v":2},{"$f":"IF($D20<>\"Serviço\",\"\",IF(AUTOEVENTO=\"Manual\",IF($A20=0,\"<-- defina o número do agrupador\",OFFSET(EVENTOS!$D$14,$A20,0)),OFFSET($F$15,$A20,0)))","v":"Instalação de água e esgoto, locação e administração"},null,null,null,null,null,null,null,null,null,null,null,null,null,{"$f":"IF(AND($D20=\"Serviço\",AB$12<>0,$H20>0,OR(AUTOEVENTO<>\"manual\",$M20<>1)),\nIF(Import.TipoArredondamento<>\"TransfereGOV\",\nROUND(OFFSET($P20,0,AB$13),15-13*ORÇAMENTO!$AF$7)/$H20*OFFSET(ORÇAMENTO!$X$15,ROW(AB20)-ROW(AB$15),0),\nROUND(ROUND(OFFSET($P20,0,AB$13),15-13*ORÇAMENTO!$AF$7)*OFFSET(ORÇAMENTO!$W$15,ROW(AB20)-ROW(AB$15),0),15-13*ORÇAMENTO!$AF$11)),0)","v":0},{"$f":"IF(AND($D20=\"Serviço\",AC$12<>0,$H20>0,OR(AUTOEVENTO<>\"manual\",$M20<>1)),\nIF(Import.TipoArredondamento<>\"TransfereGOV\",\nROUND(OFFSET($P20,0,AC$13),15-13*ORÇAMENTO!$AF$7)/$H20*OFFSET(ORÇAMENTO!$X$15,ROW(AC20)-ROW(AC$15),0),\nROUND(ROUND(OFFSET($P20,0,AC$13),15-13*ORÇAMENTO!$AF$7)*OFFSET(ORÇAMENTO!$W$15,ROW(AC20)-ROW(AC$15),0),15-13*ORÇAMENTO!$AF$11)),0)","v":0},{"$f":"IF(AND($D20=\"Serviço\",AD$12<>0,$H20>0,OR(AUTOEVENTO<>\"manual\",$M20<>1)),\nIF(Import.TipoArredondamento<>\"TransfereGOV\",\nROUND(OFFSET($P20,0,AD$13),15-13*ORÇAMENTO!$AF$7)/$H20*OFFSET(ORÇAMENTO!$X$15,ROW(AD20)-ROW(AD$15),0),\nROUND(ROUND(OFFSET($P20,0,AD$13),15-13*ORÇAMENTO!$AF$7)*OFFSET(ORÇAMENTO!$W$15,ROW(AD20)-ROW(AD$15),0),15-13*ORÇAMENTO!$AF$11)),0)","v":0},{"$f":"IF(AND($D20=\"Serviço\",AE$12<>0,$H20>0,OR(AUTOEVENTO<>\"manual\",$M20<>1)),\nIF(Import.TipoArredondamento<>\"TransfereGOV\",\nROUND(OFFSET($P20,0,AE$13),15-13*ORÇAMENTO!$AF$7)/$H20*OFFSET(ORÇAMENTO!$X$15,ROW(AE20)-ROW(AE$15),0),\nROUND(ROUND(OFFSET($P20,0,AE$13),15-13*ORÇAMENTO!$AF$7)*OFFSET(ORÇAMENTO!$W$15,ROW(AE20)-ROW(AE$15),0),15-13*ORÇAMENTO!$AF$11)),0)","v":0},{"$f":"IF(AND($D20=\"Serviço\",AF$12<>0,$H20>0,OR(AUTOEVENTO<>\"manual\",$M20<>1)),\nIF(Import.TipoArredondamento<>\"TransfereGOV\",\nROUND(OFFSET($P20,0,AF$13),15-13*ORÇAMENTO!$AF$7)/$H20*OFFSET(ORÇAMENTO!$X$15,ROW(AF20)-ROW(AF$15),0),\nROUND(ROUND(OFFSET($P20,0,AF$13),15-13*ORÇAMENTO!$AF$7)*OFFSET(ORÇAMENTO!$W$15,ROW(AF20)-ROW(AF$15),0),15-13*ORÇAMENTO!$AF$11)),0)","v":0},{"$f":"IF(AND($D20=\"Serviço\",AG$12<>0,$H20>0,OR(AUTOEVENTO<>\"manual\",$M20<>1)),\nIF(Import.TipoArredondamento<>\"TransfereGOV\",\nROUND(OFFSET($P20,0,AG$13),15-13*ORÇAMENTO!$AF$7)/$H20*OFFSET(ORÇAMENTO!$X$15,ROW(AG20)-ROW(AG$15),0),\nROUND(ROUND(OFFSET($P20,0,AG$13),15-13*ORÇAMENTO!$AF$7)*OFFSET(ORÇAMENTO!$W$15,ROW(AG20)-ROW(AG$15),0),15-13*ORÇAMENTO!$AF$11)),0)","v":0},{"$f":"IF(AND($D20=\"Serviço\",AH$12<>0,$H20>0,OR(AUTOEVENTO<>\"manual\",$M20<>1)),\nIF(Import.TipoArredondamento<>\"TransfereGOV\",\nROUND(OFFSET($P20,0,AH$13),15-13*ORÇAMENTO!$AF$7)/$H20*OFFSET(ORÇAMENTO!$X$15,ROW(AH20)-ROW(AH$15),0),\nROUND(ROUND(OFFSET($P20,0,AH$13),15-13*ORÇAMENTO!$AF$7)*OFFSET(ORÇAMENTO!$W$15,ROW(AH20)-ROW(AH$15),0),15-13*ORÇAMENTO!$AF$11)),0)","v":0},{"$f":"IF(AND($D20=\"Serviço\",AI$12<>0,$H20>0,OR(AUTOEVENTO<>\"manual\",$M20<>1)),\nIF(Import.TipoArredondamento<>\"TransfereGOV\",\nROUND(OFFSET($P20,0,AI$13),15-13*ORÇAMENTO!$AF$7)/$H20*OFFSET(ORÇAMENTO!$X$15,ROW(AI20)-ROW(AI$15),0),\nROUND(ROUND(OFFSET($P20,0,AI$13),15-13*ORÇAMENTO!$AF$7)*OFFSET(ORÇAMENTO!$W$15,ROW(AI20)-ROW(AI$15),0),15-13*ORÇAMENTO!$AF$11)),0)","v":0},{"$f":"IF(AND($D20=\"Serviço\",AJ$12<>0,$H20>0,OR(AUTOEVENTO<>\"manual\",$M20<>1)),\nIF(Import.TipoArredondamento<>\"TransfereGOV\",\nROUND(OFFSET($P20,0,AJ$13),15-13*ORÇAMENTO!$AF$7)/$H20*OFFSET(ORÇAMENTO!$X$15,ROW(AJ20)-ROW(AJ$15),0),\nROUND(ROUND(OFFSET($P20,0,AJ$13),15-13*ORÇAMENTO!$AF$7)*OFFSET(ORÇAMENTO!$W$15,ROW(AJ20)-ROW(AJ$15),0),15-13*ORÇAMENTO!$AF$11)),0)","v":0},{"$f":"IF(AND($D20=\"Serviço\",AK$12<>0,$H20>0,OR(AUTOEVENTO<>\"manual\",$M20<>1)),\nIF(Import.TipoArredondamento<>\"TransfereGOV\",\nROUND(OFFSET($P20,0,AK$13),15-13*ORÇAMENTO!$AF$7)/$H20*OFFSET(ORÇAMENTO!$X$15,ROW(AK20)-ROW(AK$15),0),\nROUND(ROUND(OFFSET($P20,0,AK$13),15-13*ORÇAMENTO!$AF$7)*OFFSET(ORÇAMENTO!$W$15,ROW(AK20)-ROW(AK$15),0),15-13*ORÇAMENTO!$AF$11)),0)","v":0},null,{"$f":"IF($D20<>\"Serviço\",0,IF(AND(AUTOEVENTO=\"Manual\",$M20=1),0,IF(OFFSET(CRONOPLE!$F$14,$M20,AM$13)=\"\",10^12,OFFSET(CRONOPLE!$F$14,$M20,AM$13))))","v":1000000000000},{"$f":"IF($D20<>\"Serviço\",0,IF(AND(AUTOEVENTO=\"Manual\",$M20=1),0,IF(OFFSET(CRONOPLE!$F$14,$M20,AN$13)=\"\",10^12,OFFSET(CRONOPLE!$F$14,$M20,AN$13))))","v":1000000000000},{"$f":"IF($D20<>\"Serviço\",0,IF(AND(AUTOEVENTO=\"Manual\",$M20=1),0,IF(OFFSET(CRONOPLE!$F$14,$M20,AO$13)=\"\",10^12,OFFSET(CRONOPLE!$F$14,$M20,AO$13))))","v":1000000000000},{"$f":"IF($D20<>\"Serviço\",0,IF(AND(AUTOEVENTO=\"Manual\",$M20=1),0,IF(OFFSET(CRONOPLE!$F$14,$M20,AP$13)=\"\",10^12,OFFSET(CRONOPLE!$F$14,$M20,AP$13))))","v":1000000000000},{"$f":"IF($D20<>\"Serviço\",0,IF(AND(AUTOEVENTO=\"Manual\",$M20=1),0,IF(OFFSET(CRONOPLE!$F$14,$M20,AQ$13)=\"\",10^12,OFFSET(CRONOPLE!$F$14,$M20,AQ$13))))","v":1000000000000},{"$f":"IF($D20<>\"Serviço\",0,IF(AND(AUTOEVENTO=\"Manual\",$M20=1),0,IF(OFFSET(CRONOPLE!$F$14,$M20,AR$13)=\"\",10^12,OFFSET(CRONOPLE!$F$14,$M20,AR$13))))","v":1000000000000},{"$f":"IF($D20<>\"Serviço\",0,IF(AND(AUTOEVENTO=\"Manual\",$M20=1),0,IF(OFFSET(CRONOPLE!$F$14,$M20,AS$13)=\"\",10^12,OFFSET(CRONOPLE!$F$14,$M20,AS$13))))","v":1000000000000},{"$f":"IF($D20<>\"Serviço\",0,IF(AND(AUTOEVENTO=\"Manual\",$M20=1),0,IF(OFFSET(CRONOPLE!$F$14,$M20,AT$13)=\"\",10^12,OFFSET(CRONOPLE!$F$14,$M20,AT$13))))","v":1000000000000},{"$f":"IF($D20<>\"Serviço\",0,IF(AND(AUTOEVENTO=\"Manual\",$M20=1),0,IF(OFFSET(CRONOPLE!$F$14,$M20,AU$13)=\"\",10^12,OFFSET(CRONOPLE!$F$14,$M20,AU$13))))","v":1000000000000},{"$f":"IF($D20<>\"Serviço\",0,IF(AND(AUTOEVENTO=\"Manual\",$M20=1),0,IF(OFFSET(CRONOPLE!$F$14,$M20,AV$13)=\"\",10^12,OFFSET(CRONOPLE!$F$14,$M20,AV$13))))","v":1000000000000},null,{"$f":"IF($D20<>\"Serviço\",0,IF(OR(AND(AUTOEVENTO=\"Manual\",$M20=1),$M20>(ROW(PLE.lastrow)-ROW(PLE.firstrow))),0,IF(OFFSET(PLE!$G$14,$M20,AX$13)=\"\",10^12,OFFSET(PLE!$G$14,$M20,AX$13))))","v":1000000000000},{"$f":"IF($D20<>\"Serviço\",0,IF(OR(AND(AUTOEVENTO=\"Manual\",$M20=1),$M20>(ROW(PLE.lastrow)-ROW(PLE.firstrow))),0,IF(OFFSET(PLE!$G$14,$M20,AY$13)=\"\",10^12,OFFSET(PLE!$G$14,$M20,AY$13))))","v":1000000000000},{"$f":"IF($D20<>\"Serviço\",0,IF(OR(AND(AUTOEVENTO=\"Manual\",$M20=1),$M20>(ROW(PLE.lastrow)-ROW(PLE.firstrow))),0,IF(OFFSET(PLE!$G$14,$M20,AZ$13)=\"\",10^12,OFFSET(PLE!$G$14,$M20,AZ$13))))","v":1000000000000},{"$f":"IF($D20<>\"Serviço\",0,IF(OR(AND(AUTOEVENTO=\"Manual\",$M20=1),$M20>(ROW(PLE.lastrow)-ROW(PLE.firstrow))),0,IF(OFFSET(PLE!$G$14,$M20,BA$13)=\"\",10^12,OFFSET(PLE!$G$14,$M20,BA$13))))","v":1000000000000},{"$f":"IF($D20<>\"Serviço\",0,IF(OR(AND(AUTOEVENTO=\"Manual\",$M20=1),$M20>(ROW(PLE.lastrow)-ROW(PLE.firstrow))),0,IF(OFFSET(PLE!$G$14,$M20,BB$13)=\"\",10^12,OFFSET(PLE!$G$14,$M20,BB$13))))","v":1000000000000},{"$f":"IF($D20<>\"Serviço\",0,IF(OR(AND(AUTOEVENTO=\"Manual\",$M20=1),$M20>(ROW(PLE.lastrow)-ROW(PLE.firstrow))),0,IF(OFFSET(PLE!$G$14,$M20,BC$13)=\"\",10^12,OFFSET(PLE!$G$14,$M20,BC$13))))","v":1000000000000},{"$f":"IF($D20<>\"Serviço\",0,IF(OR(AND(AUTOEVENTO=\"Manual\",$M20=1),$M20>(ROW(PLE.lastrow)-ROW(PLE.firstrow))),0,IF(OFFSET(PLE!$G$14,$M20,BD$13)=\"\",10^12,OFFSET(PLE!$G$14,$M20,BD$13))))","v":1000000000000},{"$f":"IF($D20<>\"Serviço\",0,IF(OR(AND(AUTOEVENTO=\"Manual\",$M20=1),$M20>(ROW(PLE.lastrow)-ROW(PLE.firstrow))),0,IF(OFFSET(PLE!$G$14,$M20,BE$13)=\"\",10^12,OFFSET(PLE!$G$14,$M20,BE$13))))","v":1000000000000},{"$f":"IF($D20<>\"Serviço\",0,IF(OR(AND(AUTOEVENTO=\"Manual\",$M20=1),$M20>(ROW(PLE.lastrow)-ROW(PLE.firstrow))),0,IF(OFFSET(PLE!$G$14,$M20,BF$13)=\"\",10^12,OFFSET(PLE!$G$14,$M20,BF$13))))","v":1000000000000},{"$f":"IF($D20<>\"Serviço\",0,IF(OR(AND(AUTOEVENTO=\"Manual\",$M20=1),$M20>(ROW(PLE.lastrow)-ROW(PLE.firstrow))),0,IF(OFFSET(PLE!$G$14,$M20,BG$13)=\"\",10^12,OFFSET(PLE!$G$14,$M20,BG$13))))","v":1000000000000}]
["2",{"$f":"OFFSET(ORÇAMENTO!C$15,ROW(B21)-ROW(B$15),0)","v":"S"},{"$f":"OFFSET(ORÇAMENTO!L$15,ROW(C21)-ROW(C$15),0)","v":"F"},{"$f":"OFFSET(ORÇAMENTO!N$15,ROW(D21)-ROW(D$15),0)","v":"Serviço"},{"$f":"OFFSET(ORÇAMENTO!O$15,ROW(E21)-ROW(E$15),0)","v":"1.1.4."},{"$f":"OFFSET(ORÇAMENTO!R$15,ROW(F21)-ROW(F$15),0)","v":"LIGAÇÃO PROVISÓRIA DE ÁGUA E ESGOTO"},{"$f":"IF($D21<>\"Serviço\",\"\",OFFSET(ORÇAMENTO!S$15,ROW(G21)-ROW(G$15),0))","v":"UM"},{"$f":"IF($D21<>\"Serviço\",0,IF(ACOMPANHAMENTO=\"BM\",ROUND(OFFSET(ORÇAMENTO!AJ$15,ROW(H21)-ROW(H$15),0),15-13*ORÇAMENTO!$AF$7),SUMPRODUCT(($Q$12:$AA$12<>\"\")*ROUND($Q21:$AA21,15-13*ORÇAMENTO!$AF$7))))","v":1},null,null,null,".",{"$f":"IF($D21<>\"Serviço\",\"\",IF(AUTOEVENTO=\"manual\",$A21,IF(ISERROR(MATCH($A21,$A$15:OFFSET($A21,-1,0),0)),MAX($M$15:OFFSET(M21,-1,0))+1,INDEX($M$15:OFFSET(M21,-1,0),MATCH($A21,$A$15:OFFSET($A21,-1,0),0)))))","v":2},{"$f":"IF($D21<>\"Serviço\",\"\",IF(AUTOEVENTO=\"Manual\",IF($A21=0,\"<-- defina o número do agrupador\",OFFSET(EVENTOS!$D$14,$A21,0)),OFFSET($F$15,$A21,0)))","v":"Instalação de água e esgoto, locação e administração"},null,null,null,null,null,null,null,null,null,null,null,null,null,{"$f":"IF(AND($D21=\"Serviço\",AB$12<>0,$H21>0,OR(AUTOEVENTO<>\"manual\",$M21<>1)),\nIF(Import.TipoArredondamento<>\"TransfereGOV\",\nROUND(OFFSET($P21,0,AB$13),15-13*ORÇAMENTO!$AF$7)/$H21*OFFSET(ORÇAMENTO!$X$15,ROW(AB21)-ROW(AB$15),0),\nROUND(ROUND(OFFSET($P21,0,AB$13),15-13*ORÇAMENTO!$AF$7)*OFFSET(ORÇAMENTO!$W$15,ROW(AB21)-ROW(AB$15),0),15-13*ORÇAMENTO!$AF$11)),0)","v":0},{"$f":"IF(AND($D21=\"Serviço\",AC$12<>0,$H21>0,OR(AUTOEVENTO<>\"manual\",$M21<>1)),\nIF(Import.TipoArredondamento<>\"TransfereGOV\",\nROUND(OFFSET($P21,0,AC$13),15-13*ORÇAMENTO!$AF$7)/$H21*OFFSET(ORÇAMENTO!$X$15,ROW(AC21)-ROW(AC$15),0),\nROUND(ROUND(OFFSET($P21,0,AC$13),15-13*ORÇAMENTO!$AF$7)*OFFSET(ORÇAMENTO!$W$15,ROW(AC21)-ROW(AC$15),0),15-13*ORÇAMENTO!$AF$11)),0)","v":0},{"$f":"IF(AND($D21=\"Serviço\",AD$12<>0,$H21>0,OR(AUTOEVENTO<>\"manual\",$M21<>1)),\nIF(Import.TipoArredondamento<>\"TransfereGOV\",\nROUND(OFFSET($P21,0,AD$13),15-13*ORÇAMENTO!$AF$7)/$H21*OFFSET(ORÇAMENTO!$X$15,ROW(AD21)-ROW(AD$15),0),\nROUND(ROUND(OFFSET($P21,0,AD$13),15-13*ORÇAMENTO!$AF$7)*OFFSET(ORÇAMENTO!$W$15,ROW(AD21)-ROW(AD$15),0),15-13*ORÇAMENTO!$AF$11)),0)","v":0},{"$f":"IF(AND($D21=\"Serviço\",AE$12<>0,$H21>0,OR(AUTOEVENTO<>\"manual\",$M21<>1)),\nIF(Import.TipoArredondamento<>\"TransfereGOV\",\nROUND(OFFSET($P21,0,AE$13),15-13*ORÇAMENTO!$AF$7)/$H21*OFFSET(ORÇAMENTO!$X$15,ROW(AE21)-ROW(AE$15),0),\nROUND(ROUND(OFFSET($P21,0,AE$13),15-13*ORÇAMENTO!$AF$7)*OFFSET(ORÇAMENTO!$W$15,ROW(AE21)-ROW(AE$15),0),15-13*ORÇAMENTO!$AF$11)),0)","v":0},{"$f":"IF(AND($D21=\"Serviço\",AF$12<>0,$H21>0,OR(AUTOEVENTO<>\"manual\",$M21<>1)),\nIF(Import.TipoArredondamento<>\"TransfereGOV\",\nROUND(OFFSET($P21,0,AF$13),15-13*ORÇAMENTO!$AF$7)/$H21*OFFSET(ORÇAMENTO!$X$15,ROW(AF21)-ROW(AF$15),0),\nROUND(ROUND(OFFSET($P21,0,AF$13),15-13*ORÇAMENTO!$AF$7)*OFFSET(ORÇAMENTO!$W$15,ROW(AF21)-ROW(AF$15),0),15-13*ORÇAMENTO!$AF$11)),0)","v":0},{"$f":"IF(AND($D21=\"Serviço\",AG$12<>0,$H21>0,OR(AUTOEVENTO<>\"manual\",$M21<>1)),\nIF(Import.TipoArredondamento<>\"TransfereGOV\",\nROUND(OFFSET($P21,0,AG$13),15-13*ORÇAMENTO!$AF$7)/$H21*OFFSET(ORÇAMENTO!$X$15,ROW(AG21)-ROW(AG$15),0),\nROUND(ROUND(OFFSET($P21,0,AG$13),15-13*ORÇAMENTO!$AF$7)*OFFSET(ORÇAMENTO!$W$15,ROW(AG21)-ROW(AG$15),0),15-13*ORÇAMENTO!$AF$11)),0)","v":0},{"$f":"IF(AND($D21=\"Serviço\",AH$12<>0,$H21>0,OR(AUTOEVENTO<>\"manual\",$M21<>1)),\nIF(Import.TipoArredondamento<>\"TransfereGOV\",\nROUND(OFFSET($P21,0,AH$13),15-13*ORÇAMENTO!$AF$7)/$H21*OFFSET(ORÇAMENTO!$X$15,ROW(AH21)-ROW(AH$15),0),\nROUND(ROUND(OFFSET($P21,0,AH$13),15-13*ORÇAMENTO!$AF$7)*OFFSET(ORÇAMENTO!$W$15,ROW(AH21)-ROW(AH$15),0),15-13*ORÇAMENTO!$AF$11)),0)","v":0},{"$f":"IF(AND($D21=\"Serviço\",AI$12<>0,$H21>0,OR(AUTOEVENTO<>\"manual\",$M21<>1)),\nIF(Import.TipoArredondamento<>\"TransfereGOV\",\nROUND(OFFSET($P21,0,AI$13),15-13*ORÇAMENTO!$AF$7)/$H21*OFFSET(ORÇAMENTO!$X$15,ROW(AI21)-ROW(AI$15),0),\nROUND(ROUND(OFFSET($P21,0,AI$13),15-13*ORÇAMENTO!$AF$7)*OFFSET(ORÇAMENTO!$W$15,ROW(AI21)-ROW(AI$15),0),15-13*ORÇAMENTO!$AF$11)),0)","v":0},{"$f":"IF(AND($D21=\"Serviço\",AJ$12<>0,$H21>0,OR(AUTOEVENTO<>\"manual\",$M21<>1)),\nIF(Import.TipoArredondamento<>\"TransfereGOV\",\nROUND(OFFSET($P21,0,AJ$13),15-13*ORÇAMENTO!$AF$7)/$H21*OFFSET(ORÇAMENTO!$X$15,ROW(AJ21)-ROW(AJ$15),0),\nROUND(ROUND(OFFSET($P21,0,AJ$13),15-13*ORÇAMENTO!$AF$7)*OFFSET(ORÇAMENTO!$W$15,ROW(AJ21)-ROW(AJ$15),0),15-13*ORÇAMENTO!$AF$11)),0)","v":0},{"$f":"IF(AND($D21=\"Serviço\",AK$12<>0,$H21>0,OR(AUTOEVENTO<>\"manual\",$M21<>1)),\nIF(Import.TipoArredondamento<>\"TransfereGOV\",\nROUND(OFFSET($P21,0,AK$13),15-13*ORÇAMENTO!$AF$7)/$H21*OFFSET(ORÇAMENTO!$X$15,ROW(AK21)-ROW(AK$15),0),\nROUND(ROUND(OFFSET($P21,0,AK$13),15-13*ORÇAMENTO!$AF$7)*OFFSET(ORÇAMENTO!$W$15,ROW(AK21)-ROW(AK$15),0),15-13*ORÇAMENTO!$AF$11)),0)","v":0},null,{"$f":"IF($D21<>\"Serviço\",0,IF(AND(AUTOEVENTO=\"Manual\",$M21=1),0,IF(OFFSET(CRONOPLE!$F$14,$M21,AM$13)=\"\",10^12,OFFSET(CRONOPLE!$F$14,$M21,AM$13))))","v":1000000000000},{"$f":"IF($D21<>\"Serviço\",0,IF(AND(AUTOEVENTO=\"Manual\",$M21=1),0,IF(OFFSET(CRONOPLE!$F$14,$M21,AN$13)=\"\",10^12,OFFSET(CRONOPLE!$F$14,$M21,AN$13))))","v":1000000000000},{"$f":"IF($D21<>\"Serviço\",0,IF(AND(AUTOEVENTO=\"Manual\",$M21=1),0,IF(OFFSET(CRONOPLE!$F$14,$M21,AO$13)=\"\",10^12,OFFSET(CRONOPLE!$F$14,$M21,AO$13))))","v":1000000000000},{"$f":"IF($D21<>\"Serviço\",0,IF(AND(AUTOEVENTO=\"Manual\",$M21=1),0,IF(OFFSET(CRONOPLE!$F$14,$M21,AP$13)=\"\",10^12,OFFSET(CRONOPLE!$F$14,$M21,AP$13))))","v":1000000000000},{"$f":"IF($D21<>\"Serviço\",0,IF(AND(AUTOEVENTO=\"Manual\",$M21=1),0,IF(OFFSET(CRONOPLE!$F$14,$M21,AQ$13)=\"\",10^12,OFFSET(CRONOPLE!$F$14,$M21,AQ$13))))","v":1000000000000},{"$f":"IF($D21<>\"Serviço\",0,IF(AND(AUTOEVENTO=\"Manual\",$M21=1),0,IF(OFFSET(CRONOPLE!$F$14,$M21,AR$13)=\"\",10^12,OFFSET(CRONOPLE!$F$14,$M21,AR$13))))","v":1000000000000},{"$f":"IF($D21<>\"Serviço\",0,IF(AND(AUTOEVENTO=\"Manual\",$M21=1),0,IF(OFFSET(CRONOPLE!$F$14,$M21,AS$13)=\"\",10^12,OFFSET(CRONOPLE!$F$14,$M21,AS$13))))","v":1000000000000},{"$f":"IF($D21<>\"Serviço\",0,IF(AND(AUTOEVENTO=\"Manual\",$M21=1),0,IF(OFFSET(CRONOPLE!$F$14,$M21,AT$13)=\"\",10^12,OFFSET(CRONOPLE!$F$14,$M21,AT$13))))","v":1000000000000},{"$f":"IF($D21<>\"Serviço\",0,IF(AND(AUTOEVENTO=\"Manual\",$M21=1),0,IF(OFFSET(CRONOPLE!$F$14,$M21,AU$13)=\"\",10^12,OFFSET(CRONOPLE!$F$14,$M21,AU$13))))","v":1000000000000},{"$f":"IF($D21<>\"Serviço\",0,IF(AND(AUTOEVENTO=\"Manual\",$M21=1),0,IF(OFFSET(CRONOPLE!$F$14,$M21,AV$13)=\"\",10^12,OFFSET(CRONOPLE!$F$14,$M21,AV$13))))","v":1000000000000},null,{"$f":"IF($D21<>\"Serviço\",0,IF(OR(AND(AUTOEVENTO=\"Manual\",$M21=1),$M21>(ROW(PLE.lastrow)-ROW(PLE.firstrow))),0,IF(OFFSET(PLE!$G$14,$M21,AX$13)=\"\",10^12,OFFSET(PLE!$G$14,$M21,AX$13))))","v":1000000000000},{"$f":"IF($D21<>\"Serviço\",0,IF(OR(AND(AUTOEVENTO=\"Manual\",$M21=1),$M21>(ROW(PLE.lastrow)-ROW(PLE.firstrow))),0,IF(OFFSET(PLE!$G$14,$M21,AY$13)=\"\",10^12,OFFSET(PLE!$G$14,$M21,AY$13))))","v":1000000000000},{"$f":"IF($D21<>\"Serviço\",0,IF(OR(AND(AUTOEVENTO=\"Manual\",$M21=1),$M21>(ROW(PLE.lastrow)-ROW(PLE.firstrow))),0,IF(OFFSET(PLE!$G$14,$M21,AZ$13)=\"\",10^12,OFFSET(PLE!$G$14,$M21,AZ$13))))","v":1000000000000},{"$f":"IF($D21<>\"Serviço\",0,IF(OR(AND(AUTOEVENTO=\"Manual\",$M21=1),$M21>(ROW(PLE.lastrow)-ROW(PLE.firstrow))),0,IF(OFFSET(PLE!$G$14,$M21,BA$13)=\"\",10^12,OFFSET(PLE!$G$14,$M21,BA$13))))","v":1000000000000},{"$f":"IF($D21<>\"Serviço\",0,IF(OR(AND(AUTOEVENTO=\"Manual\",$M21=1),$M21>(ROW(PLE.lastrow)-ROW(PLE.firstrow))),0,IF(OFFSET(PLE!$G$14,$M21,BB$13)=\"\",10^12,OFFSET(PLE!$G$14,$M21,BB$13))))","v":1000000000000},{"$f":"IF($D21<>\"Serviço\",0,IF(OR(AND(AUTOEVENTO=\"Manual\",$M21=1),$M21>(ROW(PLE.lastrow)-ROW(PLE.firstrow))),0,IF(OFFSET(PLE!$G$14,$M21,BC$13)=\"\",10^12,OFFSET(PLE!$G$14,$M21,BC$13))))","v":1000000000000},{"$f":"IF($D21<>\"Serviço\",0,IF(OR(AND(AUTOEVENTO=\"Manual\",$M21=1),$M21>(ROW(PLE.lastrow)-ROW(PLE.firstrow))),0,IF(OFFSET(PLE!$G$14,$M21,BD$13)=\"\",10^12,OFFSET(PLE!$G$14,$M21,BD$13))))","v":1000000000000},{"$f":"IF($D21<>\"Serviço\",0,IF(OR(AND(AUTOEVENTO=\"Manual\",$M21=1),$M21>(ROW(PLE.lastrow)-ROW(PLE.firstrow))),0,IF(OFFSET(PLE!$G$14,$M21,BE$13)=\"\",10^12,OFFSET(PLE!$G$14,$M21,BE$13))))","v":1000000000000},{"$f":"IF($D21<>\"Serviço\",0,IF(OR(AND(AUTOEVENTO=\"Manual\",$M21=1),$M21>(ROW(PLE.lastrow)-ROW(PLE.firstrow))),0,IF(OFFSET(PLE!$G$14,$M21,BF$13)=\"\",10^12,OFFSET(PLE!$G$14,$M21,BF$13))))","v":1000000000000},{"$f":"IF($D21<>\"Serviço\",0,IF(OR(AND(AUTOEVENTO=\"Manual\",$M21=1),$M21>(ROW(PLE.lastrow)-ROW(PLE.firstrow))),0,IF(OFFSET(PLE!$G$14,$M21,BG$13)=\"\",10^12,OFFSET(PLE!$G$14,$M21,BG$13))))","v":1000000000000}]
["2",{"$f":"OFFSET(ORÇAMENTO!C$15,ROW(B22)-ROW(B$15),0)","v":"S"},{"$f":"OFFSET(ORÇAMENTO!L$15,ROW(C22)-ROW(C$15),0)","v":"F"},{"$f":"OFFSET(ORÇAMENTO!N$15,ROW(D22)-ROW(D$15),0)","v":"Serviço"},{"$f":"OFFSET(ORÇAMENTO!O$15,ROW(E22)-ROW(E$15),0)","v":"1.1.5."},{"$f":"OFFSET(ORÇAMENTO!R$15,ROW(F22)-ROW(F$15),0)","v":"LOCAÇÃO CONVENCIONAL DE OBRA, UTILIZANDO GABARITO DE TÁBUAS CORRIDAS PONTALETADAS A CADA 2,00M -  2 UTILIZAÇÕES. AF_03/2024"},{"$f":"IF($D22<>\"Serviço\",\"\",OFFSET(ORÇAMENTO!S$15,ROW(G22)-ROW(G$15),0))","v":"M"},{"$f":"IF($D22<>\"Serviço\",0,IF(ACOMPANHAMENTO=\"BM\",ROUND(OFFSET(ORÇAMENTO!AJ$15,ROW(H22)-ROW(H$15),0),15-13*ORÇAMENTO!$AF$7),SUMPRODUCT(($Q$12:$AA$12<>\"\")*ROUND($Q22:$AA22,15-13*ORÇAMENTO!$AF$7))))","v":254},null,null,null,".",{"$f":"IF($D22<>\"Serviço\",\"\",IF(AUTOEVENTO=\"manual\",$A22,IF(ISERROR(MATCH($A22,$A$15:OFFSET($A22,-1,0),0)),MAX($M$15:OFFSET(M22,-1,0))+1,INDEX($M$15:OFFSET(M22,-1,0),MATCH($A22,$A$15:OFFSET($A22,-1,0),0)))))","v":2},{"$f":"IF($D22<>\"Serviço\",\"\",IF(AUTOEVENTO=\"Manual\",IF($A22=0,\"<-- defina o número do agrupador\",OFFSET(EVENTOS!$D$14,$A22,0)),OFFSET($F$15,$A22,0)))","v":"Instalação de água e esgoto, locação e administração"},null,null,null,null,null,null,null,null,null,null,null,null,null,{"$f":"IF(AND($D22=\"Serviço\",AB$12<>0,$H22>0,OR(AUTOEVENTO<>\"manual\",$M22<>1)),\nIF(Import.TipoArredondamento<>\"TransfereGOV\",\nROUND(OFFSET($P22,0,AB$13),15-13*ORÇAMENTO!$AF$7)/$H22*OFFSET(ORÇAMENTO!$X$15,ROW(AB22)-ROW(AB$15),0),\nROUND(ROUND(OFFSET($P22,0,AB$13),15-13*ORÇAMENTO!$AF$7)*OFFSET(ORÇAMENTO!$W$15,ROW(AB22)-ROW(AB$15),0),15-13*ORÇAMENTO!$AF$11)),0)","v":0},{"$f":"IF(AND($D22=\"Serviço\",AC$12<>0,$H22>0,OR(AUTOEVENTO<>\"manual\",$M22<>1)),\nIF(Import.TipoArredondamento<>\"TransfereGOV\",\nROUND(OFFSET($P22,0,AC$13),15-13*ORÇAMENTO!$AF$7)/$H22*OFFSET(ORÇAMENTO!$X$15,ROW(AC22)-ROW(AC$15),0),\nROUND(ROUND(OFFSET($P22,0,AC$13),15-13*ORÇAMENTO!$AF$7)*OFFSET(ORÇAMENTO!$W$15,ROW(AC22)-ROW(AC$15),0),15-13*ORÇAMENTO!$AF$11)),0)","v":0},{"$f":"IF(AND($D22=\"Serviço\",AD$12<>0,$H22>0,OR(AUTOEVENTO<>\"manual\",$M22<>1)),\nIF(Import.TipoArredondamento<>\"TransfereGOV\",\nROUND(OFFSET($P22,0,AD$13),15-13*ORÇAMENTO!$AF$7)/$H22*OFFSET(ORÇAMENTO!$X$15,ROW(AD22)-ROW(AD$15),0),\nROUND(ROUND(OFFSET($P22,0,AD$13),15-13*ORÇAMENTO!$AF$7)*OFFSET(ORÇAMENTO!$W$15,ROW(AD22)-ROW(AD$15),0),15-13*ORÇAMENTO!$AF$11)),0)","v":0},{"$f":"IF(AND($D22=\"Serviço\",AE$12<>0,$H22>0,OR(AUTOEVENTO<>\"manual\",$M22<>1)),\nIF(Import.TipoArredondamento<>\"TransfereGOV\",\nROUND(OFFSET($P22,0,AE$13),15-13*ORÇAMENTO!$AF$7)/$H22*OFFSET(ORÇAMENTO!$X$15,ROW(AE22)-ROW(AE$15),0),\nROUND(ROUND(OFFSET($P22,0,AE$13),15-13*ORÇAMENTO!$AF$7)*OFFSET(ORÇAMENTO!$W$15,ROW(AE22)-ROW(AE$15),0),15-13*ORÇAMENTO!$AF$11)),0)","v":0},{"$f":"IF(AND($D22=\"Serviço\",AF$12<>0,$H22>0,OR(AUTOEVENTO<>\"manual\",$M22<>1)),\nIF(Import.TipoArredondamento<>\"TransfereGOV\",\nROUND(OFFSET($P22,0,AF$13),15-13*ORÇAMENTO!$AF$7)/$H22*OFFSET(ORÇAMENTO!$X$15,ROW(AF22)-ROW(AF$15),0),\nROUND(ROUND(OFFSET($P22,0,AF$13),15-13*ORÇAMENTO!$AF$7)*OFFSET(ORÇAMENTO!$W$15,ROW(AF22)-ROW(AF$15),0),15-13*ORÇAMENTO!$AF$11)),0)","v":0},{"$f":"IF(AND($D22=\"Serviço\",AG$12<>0,$H22>0,OR(AUTOEVENTO<>\"manual\",$M22<>1)),\nIF(Import.TipoArredondamento<>\"TransfereGOV\",\nROUND(OFFSET($P22,0,AG$13),15-13*ORÇAMENTO!$AF$7)/$H22*OFFSET(ORÇAMENTO!$X$15,ROW(AG22)-ROW(AG$15),0),\nROUND(ROUND(OFFSET($P22,0,AG$13),15-13*ORÇAMENTO!$AF$7)*OFFSET(ORÇAMENTO!$W$15,ROW(AG22)-ROW(AG$15),0),15-13*ORÇAMENTO!$AF$11)),0)","v":0},{"$f":"IF(AND($D22=\"Serviço\",AH$12<>0,$H22>0,OR(AUTOEVENTO<>\"manual\",$M22<>1)),\nIF(Import.TipoArredondamento<>\"TransfereGOV\",\nROUND(OFFSET($P22,0,AH$13),15-13*ORÇAMENTO!$AF$7)/$H22*OFFSET(ORÇAMENTO!$X$15,ROW(AH22)-ROW(AH$15),0),\nROUND(ROUND(OFFSET($P22,0,AH$13),15-13*ORÇAMENTO!$AF$7)*OFFSET(ORÇAMENTO!$W$15,ROW(AH22)-ROW(AH$15),0),15-13*ORÇAMENTO!$AF$11)),0)","v":0},{"$f":"IF(AND($D22=\"Serviço\",AI$12<>0,$H22>0,OR(AUTOEVENTO<>\"manual\",$M22<>1)),\nIF(Import.TipoArredondamento<>\"TransfereGOV\",\nROUND(OFFSET($P22,0,AI$13),15-13*ORÇAMENTO!$AF$7)/$H22*OFFSET(ORÇAMENTO!$X$15,ROW(AI22)-ROW(AI$15),0),\nROUND(ROUND(OFFSET($P22,0,AI$13),15-13*ORÇAMENTO!$AF$7)*OFFSET(ORÇAMENTO!$W$15,ROW(AI22)-ROW(AI$15),0),15-13*ORÇAMENTO!$AF$11)),0)","v":0},{"$f":"IF(AND($D22=\"Serviço\",AJ$12<>0,$H22>0,OR(AUTOEVENTO<>\"manual\",$M22<>1)),\nIF(Import.TipoArredondamento<>\"TransfereGOV\",\nROUND(OFFSET($P22,0,AJ$13),15-13*ORÇAMENTO!$AF$7)/$H22*OFFSET(ORÇAMENTO!$X$15,ROW(AJ22)-ROW(AJ$15),0),\nROUND(ROUND(OFFSET($P22,0,AJ$13),15-13*ORÇAMENTO!$AF$7)*OFFSET(ORÇAMENTO!$W$15,ROW(AJ22)-ROW(AJ$15),0),15-13*ORÇAMENTO!$AF$11)),0)","v":0},{"$f":"IF(AND($D22=\"Serviço\",AK$12<>0,$H22>0,OR(AUTOEVENTO<>\"manual\",$M22<>1)),\nIF(Import.TipoArredondamento<>\"TransfereGOV\",\nROUND(OFFSET($P22,0,AK$13),15-13*ORÇAMENTO!$AF$7)/$H22*OFFSET(ORÇAMENTO!$X$15,ROW(AK22)-ROW(AK$15),0),\nROUND(ROUND(OFFSET($P22,0,AK$13),15-13*ORÇAMENTO!$AF$7)*OFFSET(ORÇAMENTO!$W$15,ROW(AK22)-ROW(AK$15),0),15-13*ORÇAMENTO!$AF$11)),0)","v":0},null,{"$f":"IF($D22<>\"Serviço\",0,IF(AND(AUTOEVENTO=\"Manual\",$M22=1),0,IF(OFFSET(CRONOPLE!$F$14,$M22,AM$13)=\"\",10^12,OFFSET(CRONOPLE!$F$14,$M22,AM$13))))","v":1000000000000},{"$f":"IF($D22<>\"Serviço\",0,IF(AND(AUTOEVENTO=\"Manual\",$M22=1),0,IF(OFFSET(CRONOPLE!$F$14,$M22,AN$13)=\"\",10^12,OFFSET(CRONOPLE!$F$14,$M22,AN$13))))","v":1000000000000},{"$f":"IF($D22<>\"Serviço\",0,IF(AND(AUTOEVENTO=\"Manual\",$M22=1),0,IF(OFFSET(CRONOPLE!$F$14,$M22,AO$13)=\"\",10^12,OFFSET(CRONOPLE!$F$14,$M22,AO$13))))","v":1000000000000},{"$f":"IF($D22<>\"Serviço\",0,IF(AND(AUTOEVENTO=\"Manual\",$M22=1),0,IF(OFFSET(CRONOPLE!$F$14,$M22,AP$13)=\"\",10^12,OFFSET(CRONOPLE!$F$14,$M22,AP$13))))","v":1000000000000},{"$f":"IF($D22<>\"Serviço\",0,IF(AND(AUTOEVENTO=\"Manual\",$M22=1),0,IF(OFFSET(CRONOPLE!$F$14,$M22,AQ$13)=\"\",10^12,OFFSET(CRONOPLE!$F$14,$M22,AQ$13))))","v":1000000000000},{"$f":"IF($D22<>\"Serviço\",0,IF(AND(AUTOEVENTO=\"Manual\",$M22=1),0,IF(OFFSET(CRONOPLE!$F$14,$M22,AR$13)=\"\",10^12,OFFSET(CRONOPLE!$F$14,$M22,AR$13))))","v":1000000000000},{"$f":"IF($D22<>\"Serviço\",0,IF(AND(AUTOEVENTO=\"Manual\",$M22=1),0,IF(OFFSET(CRONOPLE!$F$14,$M22,AS$13)=\"\",10^12,OFFSET(CRONOPLE!$F$14,$M22,AS$13))))","v":1000000000000},{"$f":"IF($D22<>\"Serviço\",0,IF(AND(AUTOEVENTO=\"Manual\",$M22=1),0,IF(OFFSET(CRONOPLE!$F$14,$M22,AT$13)=\"\",10^12,OFFSET(CRONOPLE!$F$14,$M22,AT$13))))","v":1000000000000},{"$f":"IF($D22<>\"Serviço\",0,IF(AND(AUTOEVENTO=\"Manual\",$M22=1),0,IF(OFFSET(CRONOPLE!$F$14,$M22,AU$13)=\"\",10^12,OFFSET(CRONOPLE!$F$14,$M22,AU$13))))","v":1000000000000},{"$f":"IF($D22<>\"Serviço\",0,IF(AND(AUTOEVENTO=\"Manual\",$M22=1),0,IF(OFFSET(CRONOPLE!$F$14,$M22,AV$13)=\"\",10^12,OFFSET(CRONOPLE!$F$14,$M22,AV$13))))","v":1000000000000},null,{"$f":"IF($D22<>\"Serviço\",0,IF(OR(AND(AUTOEVENTO=\"Manual\",$M22=1),$M22>(ROW(PLE.lastrow)-ROW(PLE.firstrow))),0,IF(OFFSET(PLE!$G$14,$M22,AX$13)=\"\",10^12,OFFSET(PLE!$G$14,$M22,AX$13))))","v":1000000000000},{"$f":"IF($D22<>\"Serviço\",0,IF(OR(AND(AUTOEVENTO=\"Manual\",$M22=1),$M22>(ROW(PLE.lastrow)-ROW(PLE.firstrow))),0,IF(OFFSET(PLE!$G$14,$M22,AY$13)=\"\",10^12,OFFSET(PLE!$G$14,$M22,AY$13))))","v":1000000000000},{"$f":"IF($D22<>\"Serviço\",0,IF(OR(AND(AUTOEVENTO=\"Manual\",$M22=1),$M22>(ROW(PLE.lastrow)-ROW(PLE.firstrow))),0,IF(OFFSET(PLE!$G$14,$M22,AZ$13)=\"\",10^12,OFFSET(PLE!$G$14,$M22,AZ$13))))","v":1000000000000},{"$f":"IF($D22<>\"Serviço\",0,IF(OR(AND(AUTOEVENTO=\"Manual\",$M22=1),$M22>(ROW(PLE.lastrow)-ROW(PLE.firstrow))),0,IF(OFFSET(PLE!$G$14,$M22,BA$13)=\"\",10^12,OFFSET(PLE!$G$14,$M22,BA$13))))","v":1000000000000},{"$f":"IF($D22<>\"Serviço\",0,IF(OR(AND(AUTOEVENTO=\"Manual\",$M22=1),$M22>(ROW(PLE.lastrow)-ROW(PLE.firstrow))),0,IF(OFFSET(PLE!$G$14,$M22,BB$13)=\"\",10^12,OFFSET(PLE!$G$14,$M22,BB$13))))","v":1000000000000},{"$f":"IF($D22<>\"Serviço\",0,IF(OR(AND(AUTOEVENTO=\"Manual\",$M22=1),$M22>(ROW(PLE.lastrow)-ROW(PLE.firstrow))),0,IF(OFFSET(PLE!$G$14,$M22,BC$13)=\"\",10^12,OFFSET(PLE!$G$14,$M22,BC$13))))","v":1000000000000},{"$f":"IF($D22<>\"Serviço\",0,IF(OR(AND(AUTOEVENTO=\"Manual\",$M22=1),$M22>(ROW(PLE.lastrow)-ROW(PLE.firstrow))),0,IF(OFFSET(PLE!$G$14,$M22,BD$13)=\"\",10^12,OFFSET(PLE!$G$14,$M22,BD$13))))","v":1000000000000},{"$f":"IF($D22<>\"Serviço\",0,IF(OR(AND(AUTOEVENTO=\"Manual\",$M22=1),$M22>(ROW(PLE.lastrow)-ROW(PLE.firstrow))),0,IF(OFFSET(PLE!$G$14,$M22,BE$13)=\"\",10^12,OFFSET(PLE!$G$14,$M22,BE$13))))","v":1000000000000},{"$f":"IF($D22<>\"Serviço\",0,IF(OR(AND(AUTOEVENTO=\"Manual\",$M22=1),$M22>(ROW(PLE.lastrow)-ROW(PLE.firstrow))),0,IF(OFFSET(PLE!$G$14,$M22,BF$13)=\"\",10^12,OFFSET(PLE!$G$14,$M22,BF$13))))","v":1000000000000},{"$f":"IF($D22<>\"Serviço\",0,IF(OR(AND(AUTOEVENTO=\"Manual\",$M22=1),$M22>(ROW(PLE.lastrow)-ROW(PLE.firstrow))),0,IF(OFFSET(PLE!$G$14,$M22,BG$13)=\"\",10^12,OFFSET(PLE!$G$14,$M22,BG$13))))","v":1000000000000}]
["2",{"$f":"OFFSET(ORÇAMENTO!C$15,ROW(B23)-ROW(B$15),0)","v":"S"},{"$f":"OFFSET(ORÇAMENTO!L$15,ROW(C23)-ROW(C$15),0)","v":"F"},{"$f":"OFFSET(ORÇAMENTO!N$15,ROW(D23)-ROW(D$15),0)","v":"Serviço"},{"$f":"OFFSET(ORÇAMENTO!O$15,ROW(E23)-ROW(E$15),0)","v":"1.1.6."},{"$f":"OFFSET(ORÇAMENTO!R$15,ROW(F23)-ROW(F$15),0)","v":"ADMINISTRAÇÃO LOCAL TIPO 1"},{"$f":"IF($D23<>\"Serviço\",\"\",OFFSET(ORÇAMENTO!S$15,ROW(G23)-ROW(G$15),0))","v":"UM"},{"$f":"IF($D23<>\"Serviço\",0,IF(ACOMPANHAMENTO=\"BM\",ROUND(OFFSET(ORÇAMENTO!AJ$15,ROW(H23)-ROW(H$15),0),15-13*ORÇAMENTO!$AF$7),SUMPRODUCT(($Q$12:$AA$12<>\"\")*ROUND($Q23:$AA23,15-13*ORÇAMENTO!$AF$7))))","v":1},null,null,null,".",{"$f":"IF($D23<>\"Serviço\",\"\",IF(AUTOEVENTO=\"manual\",$A23,IF(ISERROR(MATCH($A23,$A$15:OFFSET($A23,-1,0),0)),MAX($M$15:OFFSET(M23,-1,0))+1,INDEX($M$15:OFFSET(M23,-1,0),MATCH($A23,$A$15:OFFSET($A23,-1,0),0)))))","v":2},{"$f":"IF($D23<>\"Serviço\",\"\",IF(AUTOEVENTO=\"Manual\",IF($A23=0,\"<-- defina o número do agrupador\",OFFSET(EVENTOS!$D$14,$A23,0)),OFFSET($F$15,$A23,0)))","v":"Instalação de água e esgoto, locação e administração"},null,null,null,null,null,null,null,null,null,null,null,null,null,{"$f":"IF(AND($D23=\"Serviço\",AB$12<>0,$H23>0,OR(AUTOEVENTO<>\"manual\",$M23<>1)),\nIF(Import.TipoArredondamento<>\"TransfereGOV\",\nROUND(OFFSET($P23,0,AB$13),15-13*ORÇAMENTO!$AF$7)/$H23*OFFSET(ORÇAMENTO!$X$15,ROW(AB23)-ROW(AB$15),0),\nROUND(ROUND(OFFSET($P23,0,AB$13),15-13*ORÇAMENTO!$AF$7)*OFFSET(ORÇAMENTO!$W$15,ROW(AB23)-ROW(AB$15),0),15-13*ORÇAMENTO!$AF$11)),0)","v":0},{"$f":"IF(AND($D23=\"Serviço\",AC$12<>0,$H23>0,OR(AUTOEVENTO<>\"manual\",$M23<>1)),\nIF(Import.TipoArredondamento<>\"TransfereGOV\",\nROUND(OFFSET($P23,0,AC$13),15-13*ORÇAMENTO!$AF$7)/$H23*OFFSET(ORÇAMENTO!$X$15,ROW(AC23)-ROW(AC$15),0),\nROUND(ROUND(OFFSET($P23,0,AC$13),15-13*ORÇAMENTO!$AF$7)*OFFSET(ORÇAMENTO!$W$15,ROW(AC23)-ROW(AC$15),0),15-13*ORÇAMENTO!$AF$11)),0)","v":0},{"$f":"IF(AND($D23=\"Serviço\",AD$12<>0,$H23>0,OR(AUTOEVENTO<>\"manual\",$M23<>1)),\nIF(Import.TipoArredondamento<>\"TransfereGOV\",\nROUND(OFFSET($P23,0,AD$13),15-13*ORÇAMENTO!$AF$7)/$H23*OFFSET(ORÇAMENTO!$X$15,ROW(AD23)-ROW(AD$15),0),\nROUND(ROUND(OFFSET($P23,0,AD$13),15-13*ORÇAMENTO!$AF$7)*OFFSET(ORÇAMENTO!$W$15,ROW(AD23)-ROW(AD$15),0),15-13*ORÇAMENTO!$AF$11)),0)","v":0},{"$f":"IF(AND($D23=\"Serviço\",AE$12<>0,$H23>0,OR(AUTOEVENTO<>\"manual\",$M23<>1)),\nIF(Import.TipoArredondamento<>\"TransfereGOV\",\nROUND(OFFSET($P23,0,AE$13),15-13*ORÇAMENTO!$AF$7)/$H23*OFFSET(ORÇAMENTO!$X$15,ROW(AE23)-ROW(AE$15),0),\nROUND(ROUND(OFFSET($P23,0,AE$13),15-13*ORÇAMENTO!$AF$7)*OFFSET(ORÇAMENTO!$W$15,ROW(AE23)-ROW(AE$15),0),15-13*ORÇAMENTO!$AF$11)),0)","v":0},{"$f":"IF(AND($D23=\"Serviço\",AF$12<>0,$H23>0,OR(AUTOEVENTO<>\"manual\",$M23<>1)),\nIF(Import.TipoArredondamento<>\"TransfereGOV\",\nROUND(OFFSET($P23,0,AF$13),15-13*ORÇAMENTO!$AF$7)/$H23*OFFSET(ORÇAMENTO!$X$15,ROW(AF23)-ROW(AF$15),0),\nROUND(ROUND(OFFSET($P23,0,AF$13),15-13*ORÇAMENTO!$AF$7)*OFFSET(ORÇAMENTO!$W$15,ROW(AF23)-ROW(AF$15),0),15-13*ORÇAMENTO!$AF$11)),0)","v":0},{"$f":"IF(AND($D23=\"Serviço\",AG$12<>0,$H23>0,OR(AUTOEVENTO<>\"manual\",$M23<>1)),\nIF(Import.TipoArredondamento<>\"TransfereGOV\",\nROUND(OFFSET($P23,0,AG$13),15-13*ORÇAMENTO!$AF$7)/$H23*OFFSET(ORÇAMENTO!$X$15,ROW(AG23)-ROW(AG$15),0),\nROUND(ROUND(OFFSET($P23,0,AG$13),15-13*ORÇAMENTO!$AF$7)*OFFSET(ORÇAMENTO!$W$15,ROW(AG23)-ROW(AG$15),0),15-13*ORÇAMENTO!$AF$11)),0)","v":0},{"$f":"IF(AND($D23=\"Serviço\",AH$12<>0,$H23>0,OR(AUTOEVENTO<>\"manual\",$M23<>1)),\nIF(Import.TipoArredondamento<>\"TransfereGOV\",\nROUND(OFFSET($P23,0,AH$13),15-13*ORÇAMENTO!$AF$7)/$H23*OFFSET(ORÇAMENTO!$X$15,ROW(AH23)-ROW(AH$15),0),\nROUND(ROUND(OFFSET($P23,0,AH$13),15-13*ORÇAMENTO!$AF$7)*OFFSET(ORÇAMENTO!$W$15,ROW(AH23)-ROW(AH$15),0),15-13*ORÇAMENTO!$AF$11)),0)","v":0},{"$f":"IF(AND($D23=\"Serviço\",AI$12<>0,$H23>0,OR(AUTOEVENTO<>\"manual\",$M23<>1)),\nIF(Import.TipoArredondamento<>\"TransfereGOV\",\nROUND(OFFSET($P23,0,AI$13),15-13*ORÇAMENTO!$AF$7)/$H23*OFFSET(ORÇAMENTO!$X$15,ROW(AI23)-ROW(AI$15),0),\nROUND(ROUND(OFFSET($P23,0,AI$13),15-13*ORÇAMENTO!$AF$7)*OFFSET(ORÇAMENTO!$W$15,ROW(AI23)-ROW(AI$15),0),15-13*ORÇAMENTO!$AF$11)),0)","v":0},{"$f":"IF(AND($D23=\"Serviço\",AJ$12<>0,$H23>0,OR(AUTOEVENTO<>\"manual\",$M23<>1)),\nIF(Import.TipoArredondamento<>\"TransfereGOV\",\nROUND(OFFSET($P23,0,AJ$13),15-13*ORÇAMENTO!$AF$7)/$H23*OFFSET(ORÇAMENTO!$X$15,ROW(AJ23)-ROW(AJ$15),0),\nROUND(ROUND(OFFSET($P23,0,AJ$13),15-13*ORÇAMENTO!$AF$7)*OFFSET(ORÇAMENTO!$W$15,ROW(AJ23)-ROW(AJ$15),0),15-13*ORÇAMENTO!$AF$11)),0)","v":0},{"$f":"IF(AND($D23=\"Serviço\",AK$12<>0,$H23>0,OR(AUTOEVENTO<>\"manual\",$M23<>1)),\nIF(Import.TipoArredondamento<>\"TransfereGOV\",\nROUND(OFFSET($P23,0,AK$13),15-13*ORÇAMENTO!$AF$7)/$H23*OFFSET(ORÇAMENTO!$X$15,ROW(AK23)-ROW(AK$15),0),\nROUND(ROUND(OFFSET($P23,0,AK$13),15-13*ORÇAMENTO!$AF$7)*OFFSET(ORÇAMENTO!$W$15,ROW(AK23)-ROW(AK$15),0),15-13*ORÇAMENTO!$AF$11)),0)","v":0},null,{"$f":"IF($D23<>\"Serviço\",0,IF(AND(AUTOEVENTO=\"Manual\",$M23=1),0,IF(OFFSET(CRONOPLE!$F$14,$M23,AM$13)=\"\",10^12,OFFSET(CRONOPLE!$F$14,$M23,AM$13))))","v":1000000000000},{"$f":"IF($D23<>\"Serviço\",0,IF(AND(AUTOEVENTO=\"Manual\",$M23=1),0,IF(OFFSET(CRONOPLE!$F$14,$M23,AN$13)=\"\",10^12,OFFSET(CRONOPLE!$F$14,$M23,AN$13))))","v":1000000000000},{"$f":"IF($D23<>\"Serviço\",0,IF(AND(AUTOEVENTO=\"Manual\",$M23=1),0,IF(OFFSET(CRONOPLE!$F$14,$M23,AO$13)=\"\",10^12,OFFSET(CRONOPLE!$F$14,$M23,AO$13))))","v":1000000000000},{"$f":"IF($D23<>\"Serviço\",0,IF(AND(AUTOEVENTO=\"Manual\",$M23=1),0,IF(OFFSET(CRONOPLE!$F$14,$M23,AP$13)=\"\",10^12,OFFSET(CRONOPLE!$F$14,$M23,AP$13))))","v":1000000000000},{"$f":"IF($D23<>\"Serviço\",0,IF(AND(AUTOEVENTO=\"Manual\",$M23=1),0,IF(OFFSET(CRONOPLE!$F$14,$M23,AQ$13)=\"\",10^12,OFFSET(CRONOPLE!$F$14,$M23,AQ$13))))","v":1000000000000},{"$f":"IF($D23<>\"Serviço\",0,IF(AND(AUTOEVENTO=\"Manual\",$M23=1),0,IF(OFFSET(CRONOPLE!$F$14,$M23,AR$13)=\"\",10^12,OFFSET(CRONOPLE!$F$14,$M23,AR$13))))","v":1000000000000},{"$f":"IF($D23<>\"Serviço\",0,IF(AND(AUTOEVENTO=\"Manual\",$M23=1),0,IF(OFFSET(CRONOPLE!$F$14,$M23,AS$13)=\"\",10^12,OFFSET(CRONOPLE!$F$14,$M23,AS$13))))","v":1000000000000},{"$f":"IF($D23<>\"Serviço\",0,IF(AND(AUTOEVENTO=\"Manual\",$M23=1),0,IF(OFFSET(CRONOPLE!$F$14,$M23,AT$13)=\"\",10^12,OFFSET(CRONOPLE!$F$14,$M23,AT$13))))","v":1000000000000},{"$f":"IF($D23<>\"Serviço\",0,IF(AND(AUTOEVENTO=\"Manual\",$M23=1),0,IF(OFFSET(CRONOPLE!$F$14,$M23,AU$13)=\"\",10^12,OFFSET(CRONOPLE!$F$14,$M23,AU$13))))","v":1000000000000},{"$f":"IF($D23<>\"Serviço\",0,IF(AND(AUTOEVENTO=\"Manual\",$M23=1),0,IF(OFFSET(CRONOPLE!$F$14,$M23,AV$13)=\"\",10^12,OFFSET(CRONOPLE!$F$14,$M23,AV$13))))","v":1000000000000},null,{"$f":"IF($D23<>\"Serviço\",0,IF(OR(AND(AUTOEVENTO=\"Manual\",$M23=1),$M23>(ROW(PLE.lastrow)-ROW(PLE.firstrow))),0,IF(OFFSET(PLE!$G$14,$M23,AX$13)=\"\",10^12,OFFSET(PLE!$G$14,$M23,AX$13))))","v":1000000000000},{"$f":"IF($D23<>\"Serviço\",0,IF(OR(AND(AUTOEVENTO=\"Manual\",$M23=1),$M23>(ROW(PLE.lastrow)-ROW(PLE.firstrow))),0,IF(OFFSET(PLE!$G$14,$M23,AY$13)=\"\",10^12,OFFSET(PLE!$G$14,$M23,AY$13))))","v":1000000000000},{"$f":"IF($D23<>\"Serviço\",0,IF(OR(AND(AUTOEVENTO=\"Manual\",$M23=1),$M23>(ROW(PLE.lastrow)-ROW(PLE.firstrow))),0,IF(OFFSET(PLE!$G$14,$M23,AZ$13)=\"\",10^12,OFFSET(PLE!$G$14,$M23,AZ$13))))","v":1000000000000},{"$f":"IF($D23<>\"Serviço\",0,IF(OR(AND(AUTOEVENTO=\"Manual\",$M23=1),$M23>(ROW(PLE.lastrow)-ROW(PLE.firstrow))),0,IF(OFFSET(PLE!$G$14,$M23,BA$13)=\"\",10^12,OFFSET(PLE!$G$14,$M23,BA$13))))","v":1000000000000},{"$f":"IF($D23<>\"Serviço\",0,IF(OR(AND(AUTOEVENTO=\"Manual\",$M23=1),$M23>(ROW(PLE.lastrow)-ROW(PLE.firstrow))),0,IF(OFFSET(PLE!$G$14,$M23,BB$13)=\"\",10^12,OFFSET(PLE!$G$14,$M23,BB$13))))","v":1000000000000},{"$f":"IF($D23<>\"Serviço\",0,IF(OR(AND(AUTOEVENTO=\"Manual\",$M23=1),$M23>(ROW(PLE.lastrow)-ROW(PLE.firstrow))),0,IF(OFFSET(PLE!$G$14,$M23,BC$13)=\"\",10^12,OFFSET(PLE!$G$14,$M23,BC$13))))","v":1000000000000},{"$f":"IF($D23<>\"Serviço\",0,IF(OR(AND(AUTOEVENTO=\"Manual\",$M23=1),$M23>(ROW(PLE.lastrow)-ROW(PLE.firstrow))),0,IF(OFFSET(PLE!$G$14,$M23,BD$13)=\"\",10^12,OFFSET(PLE!$G$14,$M23,BD$13))))","v":1000000000000},{"$f":"IF($D23<>\"Serviço\",0,IF(OR(AND(AUTOEVENTO=\"Manual\",$M23=1),$M23>(ROW(PLE.lastrow)-ROW(PLE.firstrow))),0,IF(OFFSET(PLE!$G$14,$M23,BE$13)=\"\",10^12,OFFSET(PLE!$G$14,$M23,BE$13))))","v":1000000000000},{"$f":"IF($D23<>\"Serviço\",0,IF(OR(AND(AUTOEVENTO=\"Manual\",$M23=1),$M23>(ROW(PLE.lastrow)-ROW(PLE.firstrow))),0,IF(OFFSET(PLE!$G$14,$M23,BF$13)=\"\",10^12,OFFSET(PLE!$G$14,$M23,BF$13))))","v":1000000000000},{"$f":"IF($D23<>\"Serviço\",0,IF(OR(AND(AUTOEVENTO=\"Manual\",$M23=1),$M23>(ROW(PLE.lastrow)-ROW(PLE.firstrow))),0,IF(OFFSET(PLE!$G$14,$M23,BG$13)=\"\",10^12,OFFSET(PLE!$G$14,$M23,BG$13))))","v":1000000000000}]
["2",{"$f":"OFFSET(ORÇAMENTO!C$15,ROW(B24)-ROW(B$15),0)","v":"S"},{"$f":"OFFSET(ORÇAMENTO!L$15,ROW(C24)-ROW(C$15),0)","v":"F"},{"$f":"OFFSET(ORÇAMENTO!N$15,ROW(D24)-ROW(D$15),0)","v":"Serviço"},{"$f":"OFFSET(ORÇAMENTO!O$15,ROW(E24)-ROW(E$15),0)","v":"1.1.7."},{"$f":"OFFSET(ORÇAMENTO!R$15,ROW(F24)-ROW(F$15),0)","v":"LOCACAO DE CONTAINER 2,30 X 6,00 M, ALT. 2,50 M, COM 1 SANITARIO, PARA ESCRITORIO, COMPLETO, SEM DIVISORIAS INTERNAS (NAO INCLUI MOBILIZACAO/DESMOBILIZACAO)"},{"$f":"IF($D24<>\"Serviço\",\"\",OFFSET(ORÇAMENTO!S$15,ROW(G24)-ROW(G$15),0))","v":"MÊS"},{"$f":"IF($D24<>\"Serviço\",0,IF(ACOMPANHAMENTO=\"BM\",ROUND(OFFSET(ORÇAMENTO!AJ$15,ROW(H24)-ROW(H$15),0),15-13*ORÇAMENTO!$AF$7),SUMPRODUCT(($Q$12:$AA$12<>\"\")*ROUND($Q24:$AA24,15-13*ORÇAMENTO!$AF$7))))","v":12},null,null,null,".",{"$f":"IF($D24<>\"Serviço\",\"\",IF(AUTOEVENTO=\"manual\",$A24,IF(ISERROR(MATCH($A24,$A$15:OFFSET($A24,-1,0),0)),MAX($M$15:OFFSET(M24,-1,0))+1,INDEX($M$15:OFFSET(M24,-1,0),MATCH($A24,$A$15:OFFSET($A24,-1,0),0)))))","v":2},{"$f":"IF($D24<>\"Serviço\",\"\",IF(AUTOEVENTO=\"Manual\",IF($A24=0,\"<-- defina o número do agrupador\",OFFSET(EVENTOS!$D$14,$A24,0)),OFFSET($F$15,$A24,0)))","v":"Instalação de água e esgoto, locação e administração"},null,null,null,null,null,null,null,null,null,null,null,null,null,{"$f":"IF(AND($D24=\"Serviço\",AB$12<>0,$H24>0,OR(AUTOEVENTO<>\"manual\",$M24<>1)),\nIF(Import.TipoArredondamento<>\"TransfereGOV\",\nROUND(OFFSET($P24,0,AB$13),15-13*ORÇAMENTO!$AF$7)/$H24*OFFSET(ORÇAMENTO!$X$15,ROW(AB24)-ROW(AB$15),0),\nROUND(ROUND(OFFSET($P24,0,AB$13),15-13*ORÇAMENTO!$AF$7)*OFFSET(ORÇAMENTO!$W$15,ROW(AB24)-ROW(AB$15),0),15-13*ORÇAMENTO!$AF$11)),0)","v":0},{"$f":"IF(AND($D24=\"Serviço\",AC$12<>0,$H24>0,OR(AUTOEVENTO<>\"manual\",$M24<>1)),\nIF(Import.TipoArredondamento<>\"TransfereGOV\",\nROUND(OFFSET($P24,0,AC$13),15-13*ORÇAMENTO!$AF$7)/$H24*OFFSET(ORÇAMENTO!$X$15,ROW(AC24)-ROW(AC$15),0),\nROUND(ROUND(OFFSET($P24,0,AC$13),15-13*ORÇAMENTO!$AF$7)*OFFSET(ORÇAMENTO!$W$15,ROW(AC24)-ROW(AC$15),0),15-13*ORÇAMENTO!$AF$11)),0)","v":0},{"$f":"IF(AND($D24=\"Serviço\",AD$12<>0,$H24>0,OR(AUTOEVENTO<>\"manual\",$M24<>1)),\nIF(Import.TipoArredondamento<>\"TransfereGOV\",\nROUND(OFFSET($P24,0,AD$13),15-13*ORÇAMENTO!$AF$7)/$H24*OFFSET(ORÇAMENTO!$X$15,ROW(AD24)-ROW(AD$15),0),\nROUND(ROUND(OFFSET($P24,0,AD$13),15-13*ORÇAMENTO!$AF$7)*OFFSET(ORÇAMENTO!$W$15,ROW(AD24)-ROW(AD$15),0),15-13*ORÇAMENTO!$AF$11)),0)","v":0},{"$f":"IF(AND($D24=\"Serviço\",AE$12<>0,$H24>0,OR(AUTOEVENTO<>\"manual\",$M24<>1)),\nIF(Import.TipoArredondamento<>\"TransfereGOV\",\nROUND(OFFSET($P24,0,AE$13),15-13*ORÇAMENTO!$AF$7)/$H24*OFFSET(ORÇAMENTO!$X$15,ROW(AE24)-ROW(AE$15),0),\nROUND(ROUND(OFFSET($P24,0,AE$13),15-13*ORÇAMENTO!$AF$7)*OFFSET(ORÇAMENTO!$W$15,ROW(AE24)-ROW(AE$15),0),15-13*ORÇAMENTO!$AF$11)),0)","v":0},{"$f":"IF(AND($D24=\"Serviço\",AF$12<>0,$H24>0,OR(AUTOEVENTO<>\"manual\",$M24<>1)),\nIF(Import.TipoArredondamento<>\"TransfereGOV\",\nROUND(OFFSET($P24,0,AF$13),15-13*ORÇAMENTO!$AF$7)/$H24*OFFSET(ORÇAMENTO!$X$15,ROW(AF24)-ROW(AF$15),0),\nROUND(ROUND(OFFSET($P24,0,AF$13),15-13*ORÇAMENTO!$AF$7)*OFFSET(ORÇAMENTO!$W$15,ROW(AF24)-ROW(AF$15),0),15-13*ORÇAMENTO!$AF$11)),0)","v":0},{"$f":"IF(AND($D24=\"Serviço\",AG$12<>0,$H24>0,OR(AUTOEVENTO<>\"manual\",$M24<>1)),\nIF(Import.TipoArredondamento<>\"TransfereGOV\",\nROUND(OFFSET($P24,0,AG$13),15-13*ORÇAMENTO!$AF$7)/$H24*OFFSET(ORÇAMENTO!$X$15,ROW(AG24)-ROW(AG$15),0),\nROUND(ROUND(OFFSET($P24,0,AG$13),15-13*ORÇAMENTO!$AF$7)*OFFSET(ORÇAMENTO!$W$15,ROW(AG24)-ROW(AG$15),0),15-13*ORÇAMENTO!$AF$11)),0)","v":0},{"$f":"IF(AND($D24=\"Serviço\",AH$12<>0,$H24>0,OR(AUTOEVENTO<>\"manual\",$M24<>1)),\nIF(Import.TipoArredondamento<>\"TransfereGOV\",\nROUND(OFFSET($P24,0,AH$13),15-13*ORÇAMENTO!$AF$7)/$H24*OFFSET(ORÇAMENTO!$X$15,ROW(AH24)-ROW(AH$15),0),\nROUND(ROUND(OFFSET($P24,0,AH$13),15-13*ORÇAMENTO!$AF$7)*OFFSET(ORÇAMENTO!$W$15,ROW(AH24)-ROW(AH$15),0),15-13*ORÇAMENTO!$AF$11)),0)","v":0},{"$f":"IF(AND($D24=\"Serviço\",AI$12<>0,$H24>0,OR(AUTOEVENTO<>\"manual\",$M24<>1)),\nIF(Import.TipoArredondamento<>\"TransfereGOV\",\nROUND(OFFSET($P24,0,AI$13),15-13*ORÇAMENTO!$AF$7)/$H24*OFFSET(ORÇAMENTO!$X$15,ROW(AI24)-ROW(AI$15),0),\nROUND(ROUND(OFFSET($P24,0,AI$13),15-13*ORÇAMENTO!$AF$7)*OFFSET(ORÇAMENTO!$W$15,ROW(AI24)-ROW(AI$15),0),15-13*ORÇAMENTO!$AF$11)),0)","v":0},{"$f":"IF(AND($D24=\"Serviço\",AJ$12<>0,$H24>0,OR(AUTOEVENTO<>\"manual\",$M24<>1)),\nIF(Import.TipoArredondamento<>\"TransfereGOV\",\nROUND(OFFSET($P24,0,AJ$13),15-13*ORÇAMENTO!$AF$7)/$H24*OFFSET(ORÇAMENTO!$X$15,ROW(AJ24)-ROW(AJ$15),0),\nROUND(ROUND(OFFSET($P24,0,AJ$13),15-13*ORÇAMENTO!$AF$7)*OFFSET(ORÇAMENTO!$W$15,ROW(AJ24)-ROW(AJ$15),0),15-13*ORÇAMENTO!$AF$11)),0)","v":0},{"$f":"IF(AND($D24=\"Serviço\",AK$12<>0,$H24>0,OR(AUTOEVENTO<>\"manual\",$M24<>1)),\nIF(Import.TipoArredondamento<>\"TransfereGOV\",\nROUND(OFFSET($P24,0,AK$13),15-13*ORÇAMENTO!$AF$7)/$H24*OFFSET(ORÇAMENTO!$X$15,ROW(AK24)-ROW(AK$15),0),\nROUND(ROUND(OFFSET($P24,0,AK$13),15-13*ORÇAMENTO!$AF$7)*OFFSET(ORÇAMENTO!$W$15,ROW(AK24)-ROW(AK$15),0),15-13*ORÇAMENTO!$AF$11)),0)","v":0},null,{"$f":"IF($D24<>\"Serviço\",0,IF(AND(AUTOEVENTO=\"Manual\",$M24=1),0,IF(OFFSET(CRONOPLE!$F$14,$M24,AM$13)=\"\",10^12,OFFSET(CRONOPLE!$F$14,$M24,AM$13))))","v":1000000000000},{"$f":"IF($D24<>\"Serviço\",0,IF(AND(AUTOEVENTO=\"Manual\",$M24=1),0,IF(OFFSET(CRONOPLE!$F$14,$M24,AN$13)=\"\",10^12,OFFSET(CRONOPLE!$F$14,$M24,AN$13))))","v":1000000000000},{"$f":"IF($D24<>\"Serviço\",0,IF(AND(AUTOEVENTO=\"Manual\",$M24=1),0,IF(OFFSET(CRONOPLE!$F$14,$M24,AO$13)=\"\",10^12,OFFSET(CRONOPLE!$F$14,$M24,AO$13))))","v":1000000000000},{"$f":"IF($D24<>\"Serviço\",0,IF(AND(AUTOEVENTO=\"Manual\",$M24=1),0,IF(OFFSET(CRONOPLE!$F$14,$M24,AP$13)=\"\",10^12,OFFSET(CRONOPLE!$F$14,$M24,AP$13))))","v":1000000000000},{"$f":"IF($D24<>\"Serviço\",0,IF(AND(AUTOEVENTO=\"Manual\",$M24=1),0,IF(OFFSET(CRONOPLE!$F$14,$M24,AQ$13)=\"\",10^12,OFFSET(CRONOPLE!$F$14,$M24,AQ$13))))","v":1000000000000},{"$f":"IF($D24<>\"Serviço\",0,IF(AND(AUTOEVENTO=\"Manual\",$M24=1),0,IF(OFFSET(CRONOPLE!$F$14,$M24,AR$13)=\"\",10^12,OFFSET(CRONOPLE!$F$14,$M24,AR$13))))","v":1000000000000},{"$f":"IF($D24<>\"Serviço\",0,IF(AND(AUTOEVENTO=\"Manual\",$M24=1),0,IF(OFFSET(CRONOPLE!$F$14,$M24,AS$13)=\"\",10^12,OFFSET(CRONOPLE!$F$14,$M24,AS$13))))","v":1000000000000},{"$f":"IF($D24<>\"Serviço\",0,IF(AND(AUTOEVENTO=\"Manual\",$M24=1),0,IF(OFFSET(CRONOPLE!$F$14,$M24,AT$13)=\"\",10^12,OFFSET(CRONOPLE!$F$14,$M24,AT$13))))","v":1000000000000},{"$f":"IF($D24<>\"Serviço\",0,IF(AND(AUTOEVENTO=\"Manual\",$M24=1),0,IF(OFFSET(CRONOPLE!$F$14,$M24,AU$13)=\"\",10^12,OFFSET(CRONOPLE!$F$14,$M24,AU$13))))","v":1000000000000},{"$f":"IF($D24<>\"Serviço\",0,IF(AND(AUTOEVENTO=\"Manual\",$M24=1),0,IF(OFFSET(CRONOPLE!$F$14,$M24,AV$13)=\"\",10^12,OFFSET(CRONOPLE!$F$14,$M24,AV$13))))","v":1000000000000},null,{"$f":"IF($D24<>\"Serviço\",0,IF(OR(AND(AUTOEVENTO=\"Manual\",$M24=1),$M24>(ROW(PLE.lastrow)-ROW(PLE.firstrow))),0,IF(OFFSET(PLE!$G$14,$M24,AX$13)=\"\",10^12,OFFSET(PLE!$G$14,$M24,AX$13))))","v":1000000000000},{"$f":"IF($D24<>\"Serviço\",0,IF(OR(AND(AUTOEVENTO=\"Manual\",$M24=1),$M24>(ROW(PLE.lastrow)-ROW(PLE.firstrow))),0,IF(OFFSET(PLE!$G$14,$M24,AY$13)=\"\",10^12,OFFSET(PLE!$G$14,$M24,AY$13))))","v":1000000000000},{"$f":"IF($D24<>\"Serviço\",0,IF(OR(AND(AUTOEVENTO=\"Manual\",$M24=1),$M24>(ROW(PLE.lastrow)-ROW(PLE.firstrow))),0,IF(OFFSET(PLE!$G$14,$M24,AZ$13)=\"\",10^12,OFFSET(PLE!$G$14,$M24,AZ$13))))","v":1000000000000},{"$f":"IF($D24<>\"Serviço\",0,IF(OR(AND(AUTOEVENTO=\"Manual\",$M24=1),$M24>(ROW(PLE.lastrow)-ROW(PLE.firstrow))),0,IF(OFFSET(PLE!$G$14,$M24,BA$13)=\"\",10^12,OFFSET(PLE!$G$14,$M24,BA$13))))","v":1000000000000},{"$f":"IF($D24<>\"Serviço\",0,IF(OR(AND(AUTOEVENTO=\"Manual\",$M24=1),$M24>(ROW(PLE.lastrow)-ROW(PLE.firstrow))),0,IF(OFFSET(PLE!$G$14,$M24,BB$13)=\"\",10^12,OFFSET(PLE!$G$14,$M24,BB$13))))","v":1000000000000},{"$f":"IF($D24<>\"Serviço\",0,IF(OR(AND(AUTOEVENTO=\"Manual\",$M24=1),$M24>(ROW(PLE.lastrow)-ROW(PLE.firstrow))),0,IF(OFFSET(PLE!$G$14,$M24,BC$13)=\"\",10^12,OFFSET(PLE!$G$14,$M24,BC$13))))","v":1000000000000},{"$f":"IF($D24<>\"Serviço\",0,IF(OR(AND(AUTOEVENTO=\"Manual\",$M24=1),$M24>(ROW(PLE.lastrow)-ROW(PLE.firstrow))),0,IF(OFFSET(PLE!$G$14,$M24,BD$13)=\"\",10^12,OFFSET(PLE!$G$14,$M24,BD$13))))","v":1000000000000},{"$f":"IF($D24<>\"Serviço\",0,IF(OR(AND(AUTOEVENTO=\"Manual\",$M24=1),$M24>(ROW(PLE.lastrow)-ROW(PLE.firstrow))),0,IF(OFFSET(PLE!$G$14,$M24,BE$13)=\"\",10^12,OFFSET(PLE!$G$14,$M24,BE$13))))","v":1000000000000},{"$f":"IF($D24<>\"Serviço\",0,IF(OR(AND(AUTOEVENTO=\"Manual\",$M24=1),$M24>(ROW(PLE.lastrow)-ROW(PLE.firstrow))),0,IF(OFFSET(PLE!$G$14,$M24,BF$13)=\"\",10^12,OFFSET(PLE!$G$14,$M24,BF$13))))","v":1000000000000},{"$f":"IF($D24<>\"Serviço\",0,IF(OR(AND(AUTOEVENTO=\"Manual\",$M24=1),$M24>(ROW(PLE.lastrow)-ROW(PLE.firstrow))),0,IF(OFFSET(PLE!$G$14,$M24,BG$13)=\"\",10^12,OFFSET(PLE!$G$14,$M24,BG$13))))","v":1000000000000}]
["2",{"$f":"OFFSET(ORÇAMENTO!C$15,ROW(B25)-ROW(B$15),0)","v":"S"},{"$f":"OFFSET(ORÇAMENTO!L$15,ROW(C25)-ROW(C$15),0)","v":"F"},{"$f":"OFFSET(ORÇAMENTO!N$15,ROW(D25)-ROW(D$15),0)","v":"Serviço"},{"$f":"OFFSET(ORÇAMENTO!O$15,ROW(E25)-ROW(E$15),0)","v":"1.1.8."},{"$f":"OFFSET(ORÇAMENTO!R$15,ROW(F25)-ROW(F$15),0)","v":"LOCACAO DE CONTAINER 2,30 X 6,00 M, ALT. 2,50 M, PARA ESCRITORIO, SEM DIVISORIAS INTERNAS E SEM SANITARIO (NAO INCLUI MOBILIZACAO/DESMOBILIZACAO)"},{"$f":"IF($D25<>\"Serviço\",\"\",OFFSET(ORÇAMENTO!S$15,ROW(G25)-ROW(G$15),0))","v":"MÊS"},{"$f":"IF($D25<>\"Serviço\",0,IF(ACOMPANHAMENTO=\"BM\",ROUND(OFFSET(ORÇAMENTO!AJ$15,ROW(H25)-ROW(H$15),0),15-13*ORÇAMENTO!$AF$7),SUMPRODUCT(($Q$12:$AA$12<>\"\")*ROUND($Q25:$AA25,15-13*ORÇAMENTO!$AF$7))))","v":12},null,null,null,".",{"$f":"IF($D25<>\"Serviço\",\"\",IF(AUTOEVENTO=\"manual\",$A25,IF(ISERROR(MATCH($A25,$A$15:OFFSET($A25,-1,0),0)),MAX($M$15:OFFSET(M25,-1,0))+1,INDEX($M$15:OFFSET(M25,-1,0),MATCH($A25,$A$15:OFFSET($A25,-1,0),0)))))","v":2},{"$f":"IF($D25<>\"Serviço\",\"\",IF(AUTOEVENTO=\"Manual\",IF($A25=0,\"<-- defina o número do agrupador\",OFFSET(EVENTOS!$D$14,$A25,0)),OFFSET($F$15,$A25,0)))","v":"Instalação de água e esgoto, locação e administração"},null,null,null,null,null,null,null,null,null,null,null,null,null,{"$f":"IF(AND($D25=\"Serviço\",AB$12<>0,$H25>0,OR(AUTOEVENTO<>\"manual\",$M25<>1)),\nIF(Import.TipoArredondamento<>\"TransfereGOV\",\nROUND(OFFSET($P25,0,AB$13),15-13*ORÇAMENTO!$AF$7)/$H25*OFFSET(ORÇAMENTO!$X$15,ROW(AB25)-ROW(AB$15),0),\nROUND(ROUND(OFFSET($P25,0,AB$13),15-13*ORÇAMENTO!$AF$7)*OFFSET(ORÇAMENTO!$W$15,ROW(AB25)-ROW(AB$15),0),15-13*ORÇAMENTO!$AF$11)),0)","v":0},{"$f":"IF(AND($D25=\"Serviço\",AC$12<>0,$H25>0,OR(AUTOEVENTO<>\"manual\",$M25<>1)),\nIF(Import.TipoArredondamento<>\"TransfereGOV\",\nROUND(OFFSET($P25,0,AC$13),15-13*ORÇAMENTO!$AF$7)/$H25*OFFSET(ORÇAMENTO!$X$15,ROW(AC25)-ROW(AC$15),0),\nROUND(ROUND(OFFSET($P25,0,AC$13),15-13*ORÇAMENTO!$AF$7)*OFFSET(ORÇAMENTO!$W$15,ROW(AC25)-ROW(AC$15),0),15-13*ORÇAMENTO!$AF$11)),0)","v":0},{"$f":"IF(AND($D25=\"Serviço\",AD$12<>0,$H25>0,OR(AUTOEVENTO<>\"manual\",$M25<>1)),\nIF(Import.TipoArredondamento<>\"TransfereGOV\",\nROUND(OFFSET($P25,0,AD$13),15-13*ORÇAMENTO!$AF$7)/$H25*OFFSET(ORÇAMENTO!$X$15,ROW(AD25)-ROW(AD$15),0),\nROUND(ROUND(OFFSET($P25,0,AD$13),15-13*ORÇAMENTO!$AF$7)*OFFSET(ORÇAMENTO!$W$15,ROW(AD25)-ROW(AD$15),0),15-13*ORÇAMENTO!$AF$11)),0)","v":0},{"$f":"IF(AND($D25=\"Serviço\",AE$12<>0,$H25>0,OR(AUTOEVENTO<>\"manual\",$M25<>1)),\nIF(Import.TipoArredondamento<>\"TransfereGOV\",\nROUND(OFFSET($P25,0,AE$13),15-13*ORÇAMENTO!$AF$7)/$H25*OFFSET(ORÇAMENTO!$X$15,ROW(AE25)-ROW(AE$15),0),\nROUND(ROUND(OFFSET($P25,0,AE$13),15-13*ORÇAMENTO!$AF$7)*OFFSET(ORÇAMENTO!$W$15,ROW(AE25)-ROW(AE$15),0),15-13*ORÇAMENTO!$AF$11)),0)","v":0},{"$f":"IF(AND($D25=\"Serviço\",AF$12<>0,$H25>0,OR(AUTOEVENTO<>\"manual\",$M25<>1)),\nIF(Import.TipoArredondamento<>\"TransfereGOV\",\nROUND(OFFSET($P25,0,AF$13),15-13*ORÇAMENTO!$AF$7)/$H25*OFFSET(ORÇAMENTO!$X$15,ROW(AF25)-ROW(AF$15),0),\nROUND(ROUND(OFFSET($P25,0,AF$13),15-13*ORÇAMENTO!$AF$7)*OFFSET(ORÇAMENTO!$W$15,ROW(AF25)-ROW(AF$15),0),15-13*ORÇAMENTO!$AF$11)),0)","v":0},{"$f":"IF(AND($D25=\"Serviço\",AG$12<>0,$H25>0,OR(AUTOEVENTO<>\"manual\",$M25<>1)),\nIF(Import.TipoArredondamento<>\"TransfereGOV\",\nROUND(OFFSET($P25,0,AG$13),15-13*ORÇAMENTO!$AF$7)/$H25*OFFSET(ORÇAMENTO!$X$15,ROW(AG25)-ROW(AG$15),0),\nROUND(ROUND(OFFSET($P25,0,AG$13),15-13*ORÇAMENTO!$AF$7)*OFFSET(ORÇAMENTO!$W$15,ROW(AG25)-ROW(AG$15),0),15-13*ORÇAMENTO!$AF$11)),0)","v":0},{"$f":"IF(AND($D25=\"Serviço\",AH$12<>0,$H25>0,OR(AUTOEVENTO<>\"manual\",$M25<>1)),\nIF(Import.TipoArredondamento<>\"TransfereGOV\",\nROUND(OFFSET($P25,0,AH$13),15-13*ORÇAMENTO!$AF$7)/$H25*OFFSET(ORÇAMENTO!$X$15,ROW(AH25)-ROW(AH$15),0),\nROUND(ROUND(OFFSET($P25,0,AH$13),15-13*ORÇAMENTO!$AF$7)*OFFSET(ORÇAMENTO!$W$15,ROW(AH25)-ROW(AH$15),0),15-13*ORÇAMENTO!$AF$11)),0)","v":0},{"$f":"IF(AND($D25=\"Serviço\",AI$12<>0,$H25>0,OR(AUTOEVENTO<>\"manual\",$M25<>1)),\nIF(Import.TipoArredondamento<>\"TransfereGOV\",\nROUND(OFFSET($P25,0,AI$13),15-13*ORÇAMENTO!$AF$7)/$H25*OFFSET(ORÇAMENTO!$X$15,ROW(AI25)-ROW(AI$15),0),\nROUND(ROUND(OFFSET($P25,0,AI$13),15-13*ORÇAMENTO!$AF$7)*OFFSET(ORÇAMENTO!$W$15,ROW(AI25)-ROW(AI$15),0),15-13*ORÇAMENTO!$AF$11)),0)","v":0},{"$f":"IF(AND($D25=\"Serviço\",AJ$12<>0,$H25>0,OR(AUTOEVENTO<>\"manual\",$M25<>1)),\nIF(Import.TipoArredondamento<>\"TransfereGOV\",\nROUND(OFFSET($P25,0,AJ$13),15-13*ORÇAMENTO!$AF$7)/$H25*OFFSET(ORÇAMENTO!$X$15,ROW(AJ25)-ROW(AJ$15),0),\nROUND(ROUND(OFFSET($P25,0,AJ$13),15-13*ORÇAMENTO!$AF$7)*OFFSET(ORÇAMENTO!$W$15,ROW(AJ25)-ROW(AJ$15),0),15-13*ORÇAMENTO!$AF$11)),0)","v":0},{"$f":"IF(AND($D25=\"Serviço\",AK$12<>0,$H25>0,OR(AUTOEVENTO<>\"manual\",$M25<>1)),\nIF(Import.TipoArredondamento<>\"TransfereGOV\",\nROUND(OFFSET($P25,0,AK$13),15-13*ORÇAMENTO!$AF$7)/$H25*OFFSET(ORÇAMENTO!$X$15,ROW(AK25)-ROW(AK$15),0),\nROUND(ROUND(OFFSET($P25,0,AK$13),15-13*ORÇAMENTO!$AF$7)*OFFSET(ORÇAMENTO!$W$15,ROW(AK25)-ROW(AK$15),0),15-13*ORÇAMENTO!$AF$11)),0)","v":0},null,{"$f":"IF($D25<>\"Serviço\",0,IF(AND(AUTOEVENTO=\"Manual\",$M25=1),0,IF(OFFSET(CRONOPLE!$F$14,$M25,AM$13)=\"\",10^12,OFFSET(CRONOPLE!$F$14,$M25,AM$13))))","v":1000000000000},{"$f":"IF($D25<>\"Serviço\",0,IF(AND(AUTOEVENTO=\"Manual\",$M25=1),0,IF(OFFSET(CRONOPLE!$F$14,$M25,AN$13)=\"\",10^12,OFFSET(CRONOPLE!$F$14,$M25,AN$13))))","v":1000000000000},{"$f":"IF($D25<>\"Serviço\",0,IF(AND(AUTOEVENTO=\"Manual\",$M25=1),0,IF(OFFSET(CRONOPLE!$F$14,$M25,AO$13)=\"\",10^12,OFFSET(CRONOPLE!$F$14,$M25,AO$13))))","v":1000000000000},{"$f":"IF($D25<>\"Serviço\",0,IF(AND(AUTOEVENTO=\"Manual\",$M25=1),0,IF(OFFSET(CRONOPLE!$F$14,$M25,AP$13)=\"\",10^12,OFFSET(CRONOPLE!$F$14,$M25,AP$13))))","v":1000000000000},{"$f":"IF($D25<>\"Serviço\",0,IF(AND(AUTOEVENTO=\"Manual\",$M25=1),0,IF(OFFSET(CRONOPLE!$F$14,$M25,AQ$13)=\"\",10^12,OFFSET(CRONOPLE!$F$14,$M25,AQ$13))))","v":1000000000000},{"$f":"IF($D25<>\"Serviço\",0,IF(AND(AUTOEVENTO=\"Manual\",$M25=1),0,IF(OFFSET(CRONOPLE!$F$14,$M25,AR$13)=\"\",10^12,OFFSET(CRONOPLE!$F$14,$M25,AR$13))))","v":1000000000000},{"$f":"IF($D25<>\"Serviço\",0,IF(AND(AUTOEVENTO=\"Manual\",$M25=1),0,IF(OFFSET(CRONOPLE!$F$14,$M25,AS$13)=\"\",10^12,OFFSET(CRONOPLE!$F$14,$M25,AS$13))))","v":1000000000000},{"$f":"IF($D25<>\"Serviço\",0,IF(AND(AUTOEVENTO=\"Manual\",$M25=1),0,IF(OFFSET(CRONOPLE!$F$14,$M25,AT$13)=\"\",10^12,OFFSET(CRONOPLE!$F$14,$M25,AT$13))))","v":1000000000000},{"$f":"IF($D25<>\"Serviço\",0,IF(AND(AUTOEVENTO=\"Manual\",$M25=1),0,IF(OFFSET(CRONOPLE!$F$14,$M25,AU$13)=\"\",10^12,OFFSET(CRONOPLE!$F$14,$M25,AU$13))))","v":1000000000000},{"$f":"IF($D25<>\"Serviço\",0,IF(AND(AUTOEVENTO=\"Manual\",$M25=1),0,IF(OFFSET(CRONOPLE!$F$14,$M25,AV$13)=\"\",10^12,OFFSET(CRONOPLE!$F$14,$M25,AV$13))))","v":1000000000000},null,{"$f":"IF($D25<>\"Serviço\",0,IF(OR(AND(AUTOEVENTO=\"Manual\",$M25=1),$M25>(ROW(PLE.lastrow)-ROW(PLE.firstrow))),0,IF(OFFSET(PLE!$G$14,$M25,AX$13)=\"\",10^12,OFFSET(PLE!$G$14,$M25,AX$13))))","v":1000000000000},{"$f":"IF($D25<>\"Serviço\",0,IF(OR(AND(AUTOEVENTO=\"Manual\",$M25=1),$M25>(ROW(PLE.lastrow)-ROW(PLE.firstrow))),0,IF(OFFSET(PLE!$G$14,$M25,AY$13)=\"\",10^12,OFFSET(PLE!$G$14,$M25,AY$13))))","v":1000000000000},{"$f":"IF($D25<>\"Serviço\",0,IF(OR(AND(AUTOEVENTO=\"Manual\",$M25=1),$M25>(ROW(PLE.lastrow)-ROW(PLE.firstrow))),0,IF(OFFSET(PLE!$G$14,$M25,AZ$13)=\"\",10^12,OFFSET(PLE!$G$14,$M25,AZ$13))))","v":1000000000000},{"$f":"IF($D25<>\"Serviço\",0,IF(OR(AND(AUTOEVENTO=\"Manual\",$M25=1),$M25>(ROW(PLE.lastrow)-ROW(PLE.firstrow))),0,IF(OFFSET(PLE!$G$14,$M25,BA$13)=\"\",10^12,OFFSET(PLE!$G$14,$M25,BA$13))))","v":1000000000000},{"$f":"IF($D25<>\"Serviço\",0,IF(OR(AND(AUTOEVENTO=\"Manual\",$M25=1),$M25>(ROW(PLE.lastrow)-ROW(PLE.firstrow))),0,IF(OFFSET(PLE!$G$14,$M25,BB$13)=\"\",10^12,OFFSET(PLE!$G$14,$M25,BB$13))))","v":1000000000000},{"$f":"IF($D25<>\"Serviço\",0,IF(OR(AND(AUTOEVENTO=\"Manual\",$M25=1),$M25>(ROW(PLE.lastrow)-ROW(PLE.firstrow))),0,IF(OFFSET(PLE!$G$14,$M25,BC$13)=\"\",10^12,OFFSET(PLE!$G$14,$M25,BC$13))))","v":1000000000000},{"$f":"IF($D25<>\"Serviço\",0,IF(OR(AND(AUTOEVENTO=\"Manual\",$M25=1),$M25>(ROW(PLE.lastrow)-ROW(PLE.firstrow))),0,IF(OFFSET(PLE!$G$14,$M25,BD$13)=\"\",10^12,OFFSET(PLE!$G$14,$M25,BD$13))))","v":1000000000000},{"$f":"IF($D25<>\"Serviço\",0,IF(OR(AND(AUTOEVENTO=\"Manual\",$M25=1),$M25>(ROW(PLE.lastrow)-ROW(PLE.firstrow))),0,IF(OFFSET(PLE!$G$14,$M25,BE$13)=\"\",10^12,OFFSET(PLE!$G$14,$M25,BE$13))))","v":1000000000000},{"$f":"IF($D25<>\"Serviço\",0,IF(OR(AND(AUTOEVENTO=\"Manual\",$M25=1),$M25>(ROW(PLE.lastrow)-ROW(PLE.firstrow))),0,IF(OFFSET(PLE!$G$14,$M25,BF$13)=\"\",10^12,OFFSET(PLE!$G$14,$M25,BF$13))))","v":1000000000000},{"$f":"IF($D25<>\"Serviço\",0,IF(OR(AND(AUTOEVENTO=\"Manual\",$M25=1),$M25>(ROW(PLE.lastrow)-ROW(PLE.firstrow))),0,IF(OFFSET(PLE!$G$14,$M25,BG$13)=\"\",10^12,OFFSET(PLE!$G$14,$M25,BG$13))))","v":1000000000000}]
[{"$f":"IF(AUTOEVENTO=\"Manual\",IF(K26<>\"\",MIN(VALUE(LEFT(K26,FIND(\".\",K26)-1)),COUNTA(EVENTOS.Lista)),0),IF(OR($B26>AUTOEVENTO,$B26=\"S\",$B26=0),SUBSTITUTE(OFFSET($A26,-1,0),IF($D26=\"Serviço\",\".\",\"\"),\"\"),ROW(A26)-ROW($A$15)&\".\"))","v":"2"},{"$f":"OFFSET(ORÇAMENTO!C$15,ROW(B26)-ROW(B$15),0)","v":"S"},{"$f":"OFFSET(ORÇAMENTO!L$15,ROW(C26)-ROW(C$15),0)","v":"F"},{"$f":"OFFSET(ORÇAMENTO!N$15,ROW(D26)-ROW(D$15),0)","v":"Serviço"},{"$f":"OFFSET(ORÇAMENTO!O$15,ROW(E26)-ROW(E$15),0)","v":"1.1.9."},{"$f":"OFFSET(ORÇAMENTO!R$15,ROW(F26)-ROW(F$15),0)","v":"LOCACAO DE CONTAINER 2,30 X 6,00 M, ALT. 2,50 M, PARA SANITARIO, COM 4 BACIAS, 8 CHUVEIROS,1 LAVATORIO E 1 MICTORIO (NAO INCLUI MOBILIZACAO/DESMOBILIZACAO)"},{"$f":"IF($D26<>\"Serviço\",\"\",OFFSET(ORÇAMENTO!S$15,ROW(G26)-ROW(G$15),0))","v":"MÊS"},{"$f":"IF($D26<>\"Serviço\",0,IF(ACOMPANHAMENTO=\"BM\",ROUND(OFFSET(ORÇAMENTO!AJ$15,ROW(H26)-ROW(H$15),0),15-13*ORÇAMENTO!$AF$7),SUMPRODUCT(($Q$12:$AA$12<>\"\")*ROUND($Q26:$AA26,15-13*ORÇAMENTO!$AF$7))))","v":12},null,null,null,".",{"$f":"IF($D26<>\"Serviço\",\"\",IF(AUTOEVENTO=\"manual\",$A26,IF(ISERROR(MATCH($A26,$A$15:OFFSET($A26,-1,0),0)),MAX($M$15:OFFSET(M26,-1,0))+1,INDEX($M$15:OFFSET(M26,-1,0),MATCH($A26,$A$15:OFFSET($A26,-1,0),0)))))","v":2},{"$f":"IF($D26<>\"Serviço\",\"\",IF(AUTOEVENTO=\"Manual\",IF($A26=0,\"<-- defina o número do agrupador\",OFFSET(EVENTOS!$D$14,$A26,0)),OFFSET($F$15,$A26,0)))","v":"Instalação de água e esgoto, locação e administração"},null,null,null,null,null,null,null,null,null,null,null,null,null,{"$f":"IF(AND($D26=\"Serviço\",AB$12<>0,$H26>0,OR(AUTOEVENTO<>\"manual\",$M26<>1)),\nIF(Import.TipoArredondamento<>\"TransfereGOV\",\nROUND(OFFSET($P26,0,AB$13),15-13*ORÇAMENTO!$AF$7)/$H26*OFFSET(ORÇAMENTO!$X$15,ROW(AB26)-ROW(AB$15),0),\nROUND(ROUND(OFFSET($P26,0,AB$13),15-13*ORÇAMENTO!$AF$7)*OFFSET(ORÇAMENTO!$W$15,ROW(AB26)-ROW(AB$15),0),15-13*ORÇAMENTO!$AF$11)),0)","v":0},{"$f":"IF(AND($D26=\"Serviço\",AC$12<>0,$H26>0,OR(AUTOEVENTO<>\"manual\",$M26<>1)),\nIF(Import.TipoArredondamento<>\"TransfereGOV\",\nROUND(OFFSET($P26,0,AC$13),15-13*ORÇAMENTO!$AF$7)/$H26*OFFSET(ORÇAMENTO!$X$15,ROW(AC26)-ROW(AC$15),0),\nROUND(ROUND(OFFSET($P26,0,AC$13),15-13*ORÇAMENTO!$AF$7)*OFFSET(ORÇAMENTO!$W$15,ROW(AC26)-ROW(AC$15),0),15-13*ORÇAMENTO!$AF$11)),0)","v":0},{"$f":"IF(AND($D26=\"Serviço\",AD$12<>0,$H26>0,OR(AUTOEVENTO<>\"manual\",$M26<>1)),\nIF(Import.TipoArredondamento<>\"TransfereGOV\",\nROUND(OFFSET($P26,0,AD$13),15-13*ORÇAMENTO!$AF$7)/$H26*OFFSET(ORÇAMENTO!$X$15,ROW(AD26)-ROW(AD$15),0),\nROUND(ROUND(OFFSET($P26,0,AD$13),15-13*ORÇAMENTO!$AF$7)*OFFSET(ORÇAMENTO!$W$15,ROW(AD26)-ROW(AD$15),0),15-13*ORÇAMENTO!$AF$11)),0)","v":0},{"$f":"IF(AND($D26=\"Serviço\",AE$12<>0,$H26>0,OR(AUTOEVENTO<>\"manual\",$M26<>1)),\nIF(Import.TipoArredondamento<>\"TransfereGOV\",\nROUND(OFFSET($P26,0,AE$13),15-13*ORÇAMENTO!$AF$7)/$H26*OFFSET(ORÇAMENTO!$X$15,ROW(AE26)-ROW(AE$15),0),\nROUND(ROUND(OFFSET($P26,0,AE$13),15-13*ORÇAMENTO!$AF$7)*OFFSET(ORÇAMENTO!$W$15,ROW(AE26)-ROW(AE$15),0),15-13*ORÇAMENTO!$AF$11)),0)","v":0},{"$f":"IF(AND($D26=\"Serviço\",AF$12<>0,$H26>0,OR(AUTOEVENTO<>\"manual\",$M26<>1)),\nIF(Import.TipoArredondamento<>\"TransfereGOV\",\nROUND(OFFSET($P26,0,AF$13),15-13*ORÇAMENTO!$AF$7)/$H26*OFFSET(ORÇAMENTO!$X$15,ROW(AF26)-ROW(AF$15),0),\nROUND(ROUND(OFFSET($P26,0,AF$13),15-13*ORÇAMENTO!$AF$7)*OFFSET(ORÇAMENTO!$W$15,ROW(AF26)-ROW(AF$15),0),15-13*ORÇAMENTO!$AF$11)),0)","v":0},{"$f":"IF(AND($D26=\"Serviço\",AG$12<>0,$H26>0,OR(AUTOEVENTO<>\"manual\",$M26<>1)),\nIF(Import.TipoArredondamento<>\"TransfereGOV\",\nROUND(OFFSET($P26,0,AG$13),15-13*ORÇAMENTO!$AF$7)/$H26*OFFSET(ORÇAMENTO!$X$15,ROW(AG26)-ROW(AG$15),0),\nROUND(ROUND(OFFSET($P26,0,AG$13),15-13*ORÇAMENTO!$AF$7)*OFFSET(ORÇAMENTO!$W$15,ROW(AG26)-ROW(AG$15),0),15-13*ORÇAMENTO!$AF$11)),0)","v":0},{"$f":"IF(AND($D26=\"Serviço\",AH$12<>0,$H26>0,OR(AUTOEVENTO<>\"manual\",$M26<>1)),\nIF(Import.TipoArredondamento<>\"TransfereGOV\",\nROUND(OFFSET($P26,0,AH$13),15-13*ORÇAMENTO!$AF$7)/$H26*OFFSET(ORÇAMENTO!$X$15,ROW(AH26)-ROW(AH$15),0),\nROUND(ROUND(OFFSET($P26,0,AH$13),15-13*ORÇAMENTO!$AF$7)*OFFSET(ORÇAMENTO!$W$15,ROW(AH26)-ROW(AH$15),0),15-13*ORÇAMENTO!$AF$11)),0)","v":0},{"$f":"IF(AND($D26=\"Serviço\",AI$12<>0,$H26>0,OR(AUTOEVENTO<>\"manual\",$M26<>1)),\nIF(Import.TipoArredondamento<>\"TransfereGOV\",\nROUND(OFFSET($P26,0,AI$13),15-13*ORÇAMENTO!$AF$7)/$H26*OFFSET(ORÇAMENTO!$X$15,ROW(AI26)-ROW(AI$15),0),\nROUND(ROUND(OFFSET($P26,0,AI$13),15-13*ORÇAMENTO!$AF$7)*OFFSET(ORÇAMENTO!$W$15,ROW(AI26)-ROW(AI$15),0),15-13*ORÇAMENTO!$AF$11)),0)","v":0},{"$f":"IF(AND($D26=\"Serviço\",AJ$12<>0,$H26>0,OR(AUTOEVENTO<>\"manual\",$M26<>1)),\nIF(Import.TipoArredondamento<>\"TransfereGOV\",\nROUND(OFFSET($P26,0,AJ$13),15-13*ORÇAMENTO!$AF$7)/$H26*OFFSET(ORÇAMENTO!$X$15,ROW(AJ26)-ROW(AJ$15),0),\nROUND(ROUND(OFFSET($P26,0,AJ$13),15-13*ORÇAMENTO!$AF$7)*OFFSET(ORÇAMENTO!$W$15,ROW(AJ26)-ROW(AJ$15),0),15-13*ORÇAMENTO!$AF$11)),0)","v":0},{"$f":"IF(AND($D26=\"Serviço\",AK$12<>0,$H26>0,OR(AUTOEVENTO<>\"manual\",$M26<>1)),\nIF(Import.TipoArredondamento<>\"TransfereGOV\",\nROUND(OFFSET($P26,0,AK$13),15-13*ORÇAMENTO!$AF$7)/$H26*OFFSET(ORÇAMENTO!$X$15,ROW(AK26)-ROW(AK$15),0),\nROUND(ROUND(OFFSET($P26,0,AK$13),15-13*ORÇAMENTO!$AF$7)*OFFSET(ORÇAMENTO!$W$15,ROW(AK26)-ROW(AK$15),0),15-13*ORÇAMENTO!$AF$11)),0)","v":0},null,{"$f":"IF($D26<>\"Serviço\",0,IF(AND(AUTOEVENTO=\"Manual\",$M26=1),0,IF(OFFSET(CRONOPLE!$F$14,$M26,AM$13)=\"\",10^12,OFFSET(CRONOPLE!$F$14,$M26,AM$13))))","v":1000000000000},{"$f":"IF($D26<>\"Serviço\",0,IF(AND(AUTOEVENTO=\"Manual\",$M26=1),0,IF(OFFSET(CRONOPLE!$F$14,$M26,AN$13)=\"\",10^12,OFFSET(CRONOPLE!$F$14,$M26,AN$13))))","v":1000000000000},{"$f":"IF($D26<>\"Serviço\",0,IF(AND(AUTOEVENTO=\"Manual\",$M26=1),0,IF(OFFSET(CRONOPLE!$F$14,$M26,AO$13)=\"\",10^12,OFFSET(CRONOPLE!$F$14,$M26,AO$13))))","v":1000000000000},{"$f":"IF($D26<>\"Serviço\",0,IF(AND(AUTOEVENTO=\"Manual\",$M26=1),0,IF(OFFSET(CRONOPLE!$F$14,$M26,AP$13)=\"\",10^12,OFFSET(CRONOPLE!$F$14,$M26,AP$13))))","v":1000000000000},{"$f":"IF($D26<>\"Serviço\",0,IF(AND(AUTOEVENTO=\"Manual\",$M26=1),0,IF(OFFSET(CRONOPLE!$F$14,$M26,AQ$13)=\"\",10^12,OFFSET(CRONOPLE!$F$14,$M26,AQ$13))))","v":1000000000000},{"$f":"IF($D26<>\"Serviço\",0,IF(AND(AUTOEVENTO=\"Manual\",$M26=1),0,IF(OFFSET(CRONOPLE!$F$14,$M26,AR$13)=\"\",10^12,OFFSET(CRONOPLE!$F$14,$M26,AR$13))))","v":1000000000000},{"$f":"IF($D26<>\"Serviço\",0,IF(AND(AUTOEVENTO=\"Manual\",$M26=1),0,IF(OFFSET(CRONOPLE!$F$14,$M26,AS$13)=\"\",10^12,OFFSET(CRONOPLE!$F$14,$M26,AS$13))))","v":1000000000000},{"$f":"IF($D26<>\"Serviço\",0,IF(AND(AUTOEVENTO=\"Manual\",$M26=1),0,IF(OFFSET(CRONOPLE!$F$14,$M26,AT$13)=\"\",10^12,OFFSET(CRONOPLE!$F$14,$M26,AT$13))))","v":1000000000000},{"$f":"IF($D26<>\"Serviço\",0,IF(AND(AUTOEVENTO=\"Manual\",$M26=1),0,IF(OFFSET(CRONOPLE!$F$14,$M26,AU$13)=\"\",10^12,OFFSET(CRONOPLE!$F$14,$M26,AU$13))))","v":1000000000000},{"$f":"IF($D26<>\"Serviço\",0,IF(AND(AUTOEVENTO=\"Manual\",$M26=1),0,IF(OFFSET(CRONOPLE!$F$14,$M26,AV$13)=\"\",10^12,OFFSET(CRONOPLE!$F$14,$M26,AV$13))))","v":1000000000000},null,{"$f":"IF($D26<>\"Serviço\",0,IF(OR(AND(AUTOEVENTO=\"Manual\",$M26=1),$M26>(ROW(PLE.lastrow)-ROW(PLE.firstrow))),0,IF(OFFSET(PLE!$G$14,$M26,AX$13)=\"\",10^12,OFFSET(PLE!$G$14,$M26,AX$13))))","v":1000000000000},{"$f":"IF($D26<>\"Serviço\",0,IF(OR(AND(AUTOEVENTO=\"Manual\",$M26=1),$M26>(ROW(PLE.lastrow)-ROW(PLE.firstrow))),0,IF(OFFSET(PLE!$G$14,$M26,AY$13)=\"\",10^12,OFFSET(PLE!$G$14,$M26,AY$13))))","v":1000000000000},{"$f":"IF($D26<>\"Serviço\",0,IF(OR(AND(AUTOEVENTO=\"Manual\",$M26=1),$M26>(ROW(PLE.lastrow)-ROW(PLE.firstrow))),0,IF(OFFSET(PLE!$G$14,$M26,AZ$13)=\"\",10^12,OFFSET(PLE!$G$14,$M26,AZ$13))))","v":1000000000000},{"$f":"IF($D26<>\"Serviço\",0,IF(OR(AND(AUTOEVENTO=\"Manual\",$M26=1),$M26>(ROW(PLE.lastrow)-ROW(PLE.firstrow))),0,IF(OFFSET(PLE!$G$14,$M26,BA$13)=\"\",10^12,OFFSET(PLE!$G$14,$M26,BA$13))))","v":1000000000000},{"$f":"IF($D26<>\"Serviço\",0,IF(OR(AND(AUTOEVENTO=\"Manual\",$M26=1),$M26>(ROW(PLE.lastrow)-ROW(PLE.firstrow))),0,IF(OFFSET(PLE!$G$14,$M26,BB$13)=\"\",10^12,OFFSET(PLE!$G$14,$M26,BB$13))))","v":1000000000000},{"$f":"IF($D26<>\"Serviço\",0,IF(OR(AND(AUTOEVENTO=\"Manual\",$M26=1),$M26>(ROW(PLE.lastrow)-ROW(PLE.firstrow))),0,IF(OFFSET(PLE!$G$14,$M26,BC$13)=\"\",10^12,OFFSET(PLE!$G$14,$M26,BC$13))))","v":1000000000000},{"$f":"IF($D26<>\"Serviço\",0,IF(OR(AND(AUTOEVENTO=\"Manual\",$M26=1),$M26>(ROW(PLE.lastrow)-ROW(PLE.firstrow))),0,IF(OFFSET(PLE!$G$14,$M26,BD$13)=\"\",10^12,OFFSET(PLE!$G$14,$M26,BD$13))))","v":1000000000000},{"$f":"IF($D26<>\"Serviço\",0,IF(OR(AND(AUTOEVENTO=\"Manual\",$M26=1),$M26>(ROW(PLE.lastrow)-ROW(PLE.firstrow))),0,IF(OFFSET(PLE!$G$14,$M26,BE$13)=\"\",10^12,OFFSET(PLE!$G$14,$M26,BE$13))))","v":1000000000000},{"$f":"IF($D26<>\"Serviço\",0,IF(OR(AND(AUTOEVENTO=\"Manual\",$M26=1),$M26>(ROW(PLE.lastrow)-ROW(PLE.firstrow))),0,IF(OFFSET(PLE!$G$14,$M26,BF$13)=\"\",10^12,OFFSET(PLE!$G$14,$M26,BF$13))))","v":1000000000000},{"$f":"IF($D26<>\"Serviço\",0,IF(OR(AND(AUTOEVENTO=\"Manual\",$M26=1),$M26>(ROW(PLE.lastrow)-ROW(PLE.firstrow))),0,IF(OFFSET(PLE!$G$14,$M26,BG$13)=\"\",10^12,OFFSET(PLE!$G$14,$M26,BG$13))))","v":1000000000000}]
["12.",{"$f":"OFFSET(ORÇAMENTO!C$15,ROW(B27)-ROW(B$15),0)","v":1},{"$f":"OFFSET(ORÇAMENTO!L$15,ROW(C27)-ROW(C$15),0)","v":"F"},{"$f":"OFFSET(ORÇAMENTO!N$15,ROW(D27)-ROW(D$15),0)","v":"Meta"},{"$f":"OFFSET(ORÇAMENTO!O$15,ROW(E27)-ROW(E$15),0)","v":"2."},{"$f":"OFFSET(ORÇAMENTO!R$15,ROW(F27)-ROW(F$15),0)","v":"MOVIMENTO DE TERRA P FUNDAÇÕES"},{"$f":"IF($D27<>\"Serviço\",\"\",OFFSET(ORÇAMENTO!S$15,ROW(G27)-ROW(G$15),0))","v":""},{"$f":"IF($D27<>\"Serviço\",0,IF(ACOMPANHAMENTO=\"BM\",ROUND(OFFSET(ORÇAMENTO!AJ$15,ROW(H27)-ROW(H$15),0),15-13*ORÇAMENTO!$AF$7),SUMPRODUCT(($Q$12:$AA$12<>\"\")*ROUND($Q27:$AA27,15-13*ORÇAMENTO!$AF$7))))","v":0},null,null,null,".",{"$f":"IF($D27<>\"Serviço\",\"\",IF(AUTOEVENTO=\"manual\",$A27,IF(ISERROR(MATCH($A27,$A$15:OFFSET($A27,-1,0),0)),MAX($M$15:OFFSET(M27,-1,0))+1,INDEX($M$15:OFFSET(M27,-1,0),MATCH($A27,$A$15:OFFSET($A27,-1,0),0)))))","v":""},{"$f":"IF($D27<>\"Serviço\",\"\",IF(AUTOEVENTO=\"Manual\",IF($A27=0,\"<-- defina o número do agrupador\",OFFSET(EVENTOS!$D$14,$A27,0)),OFFSET($F$15,$A27,0)))","v":""},null,null,null,null,null,null,null,null,null,null,null,null,null,{"$f":"IF(AND($D27=\"Serviço\",AB$12<>0,$H27>0,OR(AUTOEVENTO<>\"manual\",$M27<>1)),\nIF(Import.TipoArredondamento<>\"TransfereGOV\",\nROUND(OFFSET($P27,0,AB$13),15-13*ORÇAMENTO!$AF$7)/$H27*OFFSET(ORÇAMENTO!$X$15,ROW(AB27)-ROW(AB$15),0),\nROUND(ROUND(OFFSET($P27,0,AB$13),15-13*ORÇAMENTO!$AF$7)*OFFSET(ORÇAMENTO!$W$15,ROW(AB27)-ROW(AB$15),0),15-13*ORÇAMENTO!$AF$11)),0)","v":0},{"$f":"IF(AND($D27=\"Serviço\",AC$12<>0,$H27>0,OR(AUTOEVENTO<>\"manual\",$M27<>1)),\nIF(Import.TipoArredondamento<>\"TransfereGOV\",\nROUND(OFFSET($P27,0,AC$13),15-13*ORÇAMENTO!$AF$7)/$H27*OFFSET(ORÇAMENTO!$X$15,ROW(AC27)-ROW(AC$15),0),\nROUND(ROUND(OFFSET($P27,0,AC$13),15-13*ORÇAMENTO!$AF$7)*OFFSET(ORÇAMENTO!$W$15,ROW(AC27)-ROW(AC$15),0),15-13*ORÇAMENTO!$AF$11)),0)","v":0},{"$f":"IF(AND($D27=\"Serviço\",AD$12<>0,$H27>0,OR(AUTOEVENTO<>\"manual\",$M27<>1)),\nIF(Import.TipoArredondamento<>\"TransfereGOV\",\nROUND(OFFSET($P27,0,AD$13),15-13*ORÇAMENTO!$AF$7)/$H27*OFFSET(ORÇAMENTO!$X$15,ROW(AD27)-ROW(AD$15),0),\nROUND(ROUND(OFFSET($P27,0,AD$13),15-13*ORÇAMENTO!$AF$7)*OFFSET(ORÇAMENTO!$W$15,ROW(AD27)-ROW(AD$15),0),15-13*ORÇAMENTO!$AF$11)),0)","v":0},{"$f":"IF(AND($D27=\"Serviço\",AE$12<>0,$H27>0,OR(AUTOEVENTO<>\"manual\",$M27<>1)),\nIF(Import.TipoArredondamento<>\"TransfereGOV\",\nROUND(OFFSET($P27,0,AE$13),15-13*ORÇAMENTO!$AF$7)/$H27*OFFSET(ORÇAMENTO!$X$15,ROW(AE27)-ROW(AE$15),0),\nROUND(ROUND(OFFSET($P27,0,AE$13),15-13*ORÇAMENTO!$AF$7)*OFFSET(ORÇAMENTO!$W$15,ROW(AE27)-ROW(AE$15),0),15-13*ORÇAMENTO!$AF$11)),0)","v":0},{"$f":"IF(AND($D27=\"Serviço\",AF$12<>0,$H27>0,OR(AUTOEVENTO<>\"manual\",$M27<>1)),\nIF(Import.TipoArredondamento<>\"TransfereGOV\",\nROUND(OFFSET($P27,0,AF$13),15-13*ORÇAMENTO!$AF$7)/$H27*OFFSET(ORÇAMENTO!$X$15,ROW(AF27)-ROW(AF$15),0),\nROUND(ROUND(OFFSET($P27,0,AF$13),15-13*ORÇAMENTO!$AF$7)*OFFSET(ORÇAMENTO!$W$15,ROW(AF27)-ROW(AF$15),0),15-13*ORÇAMENTO!$AF$11)),0)","v":0},{"$f":"IF(AND($D27=\"Serviço\",AG$12<>0,$H27>0,OR(AUTOEVENTO<>\"manual\",$M27<>1)),\nIF(Import.TipoArredondamento<>\"TransfereGOV\",\nROUND(OFFSET($P27,0,AG$13),15-13*ORÇAMENTO!$AF$7)/$H27*OFFSET(ORÇAMENTO!$X$15,ROW(AG27)-ROW(AG$15),0),\nROUND(ROUND(OFFSET($P27,0,AG$13),15-13*ORÇAMENTO!$AF$7)*OFFSET(ORÇAMENTO!$W$15,ROW(AG27)-ROW(AG$15),0),15-13*ORÇAMENTO!$AF$11)),0)","v":0},{"$f":"IF(AND($D27=\"Serviço\",AH$12<>0,$H27>0,OR(AUTOEVENTO<>\"manual\",$M27<>1)),\nIF(Import.TipoArredondamento<>\"TransfereGOV\",\nROUND(OFFSET($P27,0,AH$13),15-13*ORÇAMENTO!$AF$7)/$H27*OFFSET(ORÇAMENTO!$X$15,ROW(AH27)-ROW(AH$15),0),\nROUND(ROUND(OFFSET($P27,0,AH$13),15-13*ORÇAMENTO!$AF$7)*OFFSET(ORÇAMENTO!$W$15,ROW(AH27)-ROW(AH$15),0),15-13*ORÇAMENTO!$AF$11)),0)","v":0},{"$f":"IF(AND($D27=\"Serviço\",AI$12<>0,$H27>0,OR(AUTOEVENTO<>\"manual\",$M27<>1)),\nIF(Import.TipoArredondamento<>\"TransfereGOV\",\nROUND(OFFSET($P27,0,AI$13),15-13*ORÇAMENTO!$AF$7)/$H27*OFFSET(ORÇAMENTO!$X$15,ROW(AI27)-ROW(AI$15),0),\nROUND(ROUND(OFFSET($P27,0,AI$13),15-13*ORÇAMENTO!$AF$7)*OFFSET(ORÇAMENTO!$W$15,ROW(AI27)-ROW(AI$15),0),15-13*ORÇAMENTO!$AF$11)),0)","v":0},{"$f":"IF(AND($D27=\"Serviço\",AJ$12<>0,$H27>0,OR(AUTOEVENTO<>\"manual\",$M27<>1)),\nIF(Import.TipoArredondamento<>\"TransfereGOV\",\nROUND(OFFSET($P27,0,AJ$13),15-13*ORÇAMENTO!$AF$7)/$H27*OFFSET(ORÇAMENTO!$X$15,ROW(AJ27)-ROW(AJ$15),0),\nROUND(ROUND(OFFSET($P27,0,AJ$13),15-13*ORÇAMENTO!$AF$7)*OFFSET(ORÇAMENTO!$W$15,ROW(AJ27)-ROW(AJ$15),0),15-13*ORÇAMENTO!$AF$11)),0)","v":0},{"$f":"IF(AND($D27=\"Serviço\",AK$12<>0,$H27>0,OR(AUTOEVENTO<>\"manual\",$M27<>1)),\nIF(Import.TipoArredondamento<>\"TransfereGOV\",\nROUND(OFFSET($P27,0,AK$13),15-13*ORÇAMENTO!$AF$7)/$H27*OFFSET(ORÇAMENTO!$X$15,ROW(AK27)-ROW(AK$15),0),\nROUND(ROUND(OFFSET($P27,0,AK$13),15-13*ORÇAMENTO!$AF$7)*OFFSET(ORÇAMENTO!$W$15,ROW(AK27)-ROW(AK$15),0),15-13*ORÇAMENTO!$AF$11)),0)","v":0},null,{"$f":"IF($D27<>\"Serviço\",0,IF(AND(AUTOEVENTO=\"Manual\",$M27=1),0,IF(OFFSET(CRONOPLE!$F$14,$M27,AM$13)=\"\",10^12,OFFSET(CRONOPLE!$F$14,$M27,AM$13))))","v":0},{"$f":"IF($D27<>\"Serviço\",0,IF(AND(AUTOEVENTO=\"Manual\",$M27=1),0,IF(OFFSET(CRONOPLE!$F$14,$M27,AN$13)=\"\",10^12,OFFSET(CRONOPLE!$F$14,$M27,AN$13))))","v":0},{"$f":"IF($D27<>\"Serviço\",0,IF(AND(AUTOEVENTO=\"Manual\",$M27=1),0,IF(OFFSET(CRONOPLE!$F$14,$M27,AO$13)=\"\",10^12,OFFSET(CRONOPLE!$F$14,$M27,AO$13))))","v":0},{"$f":"IF($D27<>\"Serviço\",0,IF(AND(AUTOEVENTO=\"Manual\",$M27=1),0,IF(OFFSET(CRONOPLE!$F$14,$M27,AP$13)=\"\",10^12,OFFSET(CRONOPLE!$F$14,$M27,AP$13))))","v":0},{"$f":"IF($D27<>\"Serviço\",0,IF(AND(AUTOEVENTO=\"Manual\",$M27=1),0,IF(OFFSET(CRONOPLE!$F$14,$M27,AQ$13)=\"\",10^12,OFFSET(CRONOPLE!$F$14,$M27,AQ$13))))","v":0},{"$f":"IF($D27<>\"Serviço\",0,IF(AND(AUTOEVENTO=\"Manual\",$M27=1),0,IF(OFFSET(CRONOPLE!$F$14,$M27,AR$13)=\"\",10^12,OFFSET(CRONOPLE!$F$14,$M27,AR$13))))","v":0},{"$f":"IF($D27<>\"Serviço\",0,IF(AND(AUTOEVENTO=\"Manual\",$M27=1),0,IF(OFFSET(CRONOPLE!$F$14,$M27,AS$13)=\"\",10^12,OFFSET(CRONOPLE!$F$14,$M27,AS$13))))","v":0},{"$f":"IF($D27<>\"Serviço\",0,IF(AND(AUTOEVENTO=\"Manual\",$M27=1),0,IF(OFFSET(CRONOPLE!$F$14,$M27,AT$13)=\"\",10^12,OFFSET(CRONOPLE!$F$14,$M27,AT$13))))","v":0},{"$f":"IF($D27<>\"Serviço\",0,IF(AND(AUTOEVENTO=\"Manual\",$M27=1),0,IF(OFFSET(CRONOPLE!$F$14,$M27,AU$13)=\"\",10^12,OFFSET(CRONOPLE!$F$14,$M27,AU$13))))","v":0},{"$f":"IF($D27<>\"Serviço\",0,IF(AND(AUTOEVENTO=\"Manual\",$M27=1),0,IF(OFFSET(CRONOPLE!$F$14,$M27,AV$13)=\"\",10^12,OFFSET(CRONOPLE!$F$14,$M27,AV$13))))","v":0},null,{"$f":"IF($D27<>\"Serviço\",0,IF(OR(AND(AUTOEVENTO=\"Manual\",$M27=1),$M27>(ROW(PLE.lastrow)-ROW(PLE.firstrow))),0,IF(OFFSET(PLE!$G$14,$M27,AX$13)=\"\",10^12,OFFSET(PLE!$G$14,$M27,AX$13))))","v":0},{"$f":"IF($D27<>\"Serviço\",0,IF(OR(AND(AUTOEVENTO=\"Manual\",$M27=1),$M27>(ROW(PLE.lastrow)-ROW(PLE.firstrow))),0,IF(OFFSET(PLE!$G$14,$M27,AY$13)=\"\",10^12,OFFSET(PLE!$G$14,$M27,AY$13))))","v":0},{"$f":"IF($D27<>\"Serviço\",0,IF(OR(AND(AUTOEVENTO=\"Manual\",$M27=1),$M27>(ROW(PLE.lastrow)-ROW(PLE.firstrow))),0,IF(OFFSET(PLE!$G$14,$M27,AZ$13)=\"\",10^12,OFFSET(PLE!$G$14,$M27,AZ$13))))","v":0},{"$f":"IF($D27<>\"Serviço\",0,IF(OR(AND(AUTOEVENTO=\"Manual\",$M27=1),$M27>(ROW(PLE.lastrow)-ROW(PLE.firstrow))),0,IF(OFFSET(PLE!$G$14,$M27,BA$13)=\"\",10^12,OFFSET(PLE!$G$14,$M27,BA$13))))","v":0},{"$f":"IF($D27<>\"Serviço\",0,IF(OR(AND(AUTOEVENTO=\"Manual\",$M27=1),$M27>(ROW(PLE.lastrow)-ROW(PLE.firstrow))),0,IF(OFFSET(PLE!$G$14,$M27,BB$13)=\"\",10^12,OFFSET(PLE!$G$14,$M27,BB$13))))","v":0},{"$f":"IF($D27<>\"Serviço\",0,IF(OR(AND(AUTOEVENTO=\"Manual\",$M27=1),$M27>(ROW(PLE.lastrow)-ROW(PLE.firstrow))),0,IF(OFFSET(PLE!$G$14,$M27,BC$13)=\"\",10^12,OFFSET(PLE!$G$14,$M27,BC$13))))","v":0},{"$f":"IF($D27<>\"Serviço\",0,IF(OR(AND(AUTOEVENTO=\"Manual\",$M27=1),$M27>(ROW(PLE.lastrow)-ROW(PLE.firstrow))),0,IF(OFFSET(PLE!$G$14,$M27,BD$13)=\"\",10^12,OFFSET(PLE!$G$14,$M27,BD$13))))","v":0},{"$f":"IF($D27<>\"Serviço\",0,IF(OR(AND(AUTOEVENTO=\"Manual\",$M27=1),$M27>(ROW(PLE.lastrow)-ROW(PLE.firstrow))),0,IF(OFFSET(PLE!$G$14,$M27,BE$13)=\"\",10^12,OFFSET(PLE!$G$14,$M27,BE$13))))","v":0},{"$f":"IF($D27<>\"Serviço\",0,IF(OR(AND(AUTOEVENTO=\"Manual\",$M27=1),$M27>(ROW(PLE.lastrow)-ROW(PLE.firstrow))),0,IF(OFFSET(PLE!$G$14,$M27,BF$13)=\"\",10^12,OFFSET(PLE!$G$14,$M27,BF$13))))","v":0},{"$f":"IF($D27<>\"Serviço\",0,IF(OR(AND(AUTOEVENTO=\"Manual\",$M27=1),$M27>(ROW(PLE.lastrow)-ROW(PLE.firstrow))),0,IF(OFFSET(PLE!$G$14,$M27,BG$13)=\"\",10^12,OFFSET(PLE!$G$14,$M27,BG$13))))","v":0}]
["13.",{"$f":"OFFSET(ORÇAMENTO!C$15,ROW(B28)-ROW(B$15),0)","v":2},{"$f":"OFFSET(ORÇAMENTO!L$15,ROW(C28)-ROW(C$15),0)","v":"F"},{"$f":"OFFSET(ORÇAMENTO!N$15,ROW(D28)-ROW(D$15),0)","v":"Nível 2"},{"$f":"OFFSET(ORÇAMENTO!O$15,ROW(E28)-ROW(E$15),0)","v":"2.1."},{"$f":"OFFSET(ORÇAMENTO!R$15,ROW(F28)-ROW(F$15),0)","v":"Limpeza, escavações e aterro"},{"$f":"IF($D28<>\"Serviço\",\"\",OFFSET(ORÇAMENTO!S$15,ROW(G28)-ROW(G$15),0))","v":""},{"$f":"IF($D28<>\"Serviço\",0,IF(ACOMPANHAMENTO=\"BM\",ROUND(OFFSET(ORÇAMENTO!AJ$15,ROW(H28)-ROW(H$15),0),15-13*ORÇAMENTO!$AF$7),SUMPRODUCT(($Q$12:$AA$12<>\"\")*ROUND($Q28:$AA28,15-13*ORÇAMENTO!$AF$7))))","v":0},null,null,null,".",{"$f":"IF($D28<>\"Serviço\",\"\",IF(AUTOEVENTO=\"manual\",$A28,IF(ISERROR(MATCH($A28,$A$15:OFFSET($A28,-1,0),0)),MAX($M$15:OFFSET(M28,-1,0))+1,INDEX($M$15:OFFSET(M28,-1,0),MATCH($A28,$A$15:OFFSET($A28,-1,0),0)))))","v":""},{"$f":"IF($D28<>\"Serviço\",\"\",IF(AUTOEVENTO=\"Manual\",IF($A28=0,\"<-- defina o número do agrupador\",OFFSET(EVENTOS!$D$14,$A28,0)),OFFSET($F$15,$A28,0)))","v":""},null,null,null,null,null,null,null,null,null,null,null,null,null,{"$f":"IF(AND($D28=\"Serviço\",AB$12<>0,$H28>0,OR(AUTOEVENTO<>\"manual\",$M28<>1)),\nIF(Import.TipoArredondamento<>\"TransfereGOV\",\nROUND(OFFSET($P28,0,AB$13),15-13*ORÇAMENTO!$AF$7)/$H28*OFFSET(ORÇAMENTO!$X$15,ROW(AB28)-ROW(AB$15),0),\nROUND(ROUND(OFFSET($P28,0,AB$13),15-13*ORÇAMENTO!$AF$7)*OFFSET(ORÇAMENTO!$W$15,ROW(AB28)-ROW(AB$15),0),15-13*ORÇAMENTO!$AF$11)),0)","v":0},{"$f":"IF(AND($D28=\"Serviço\",AC$12<>0,$H28>0,OR(AUTOEVENTO<>\"manual\",$M28<>1)),\nIF(Import.TipoArredondamento<>\"TransfereGOV\",\nROUND(OFFSET($P28,0,AC$13),15-13*ORÇAMENTO!$AF$7)/$H28*OFFSET(ORÇAMENTO!$X$15,ROW(AC28)-ROW(AC$15),0),\nROUND(ROUND(OFFSET($P28,0,AC$13),15-13*ORÇAMENTO!$AF$7)*OFFSET(ORÇAMENTO!$W$15,ROW(AC28)-ROW(AC$15),0),15-13*ORÇAMENTO!$AF$11)),0)","v":0},{"$f":"IF(AND($D28=\"Serviço\",AD$12<>0,$H28>0,OR(AUTOEVENTO<>\"manual\",$M28<>1)),\nIF(Import.TipoArredondamento<>\"TransfereGOV\",\nROUND(OFFSET($P28,0,AD$13),15-13*ORÇAMENTO!$AF$7)/$H28*OFFSET(ORÇAMENTO!$X$15,ROW(AD28)-ROW(AD$15),0),\nROUND(ROUND(OFFSET($P28,0,AD$13),15-13*ORÇAMENTO!$AF$7)*OFFSET(ORÇAMENTO!$W$15,ROW(AD28)-ROW(AD$15),0),15-13*ORÇAMENTO!$AF$11)),0)","v":0},{"$f":"IF(AND($D28=\"Serviço\",AE$12<>0,$H28>0,OR(AUTOEVENTO<>\"manual\",$M28<>1)),\nIF(Import.TipoArredondamento<>\"TransfereGOV\",\nROUND(OFFSET($P28,0,AE$13),15-13*ORÇAMENTO!$AF$7)/$H28*OFFSET(ORÇAMENTO!$X$15,ROW(AE28)-ROW(AE$15),0),\nROUND(ROUND(OFFSET($P28,0,AE$13),15-13*ORÇAMENTO!$AF$7)*OFFSET(ORÇAMENTO!$W$15,ROW(AE28)-ROW(AE$15),0),15-13*ORÇAMENTO!$AF$11)),0)","v":0},{"$f":"IF(AND($D28=\"Serviço\",AF$12<>0,$H28>0,OR(AUTOEVENTO<>\"manual\",$M28<>1)),\nIF(Import.TipoArredondamento<>\"TransfereGOV\",\nROUND(OFFSET($P28,0,AF$13),15-13*ORÇAMENTO!$AF$7)/$H28*OFFSET(ORÇAMENTO!$X$15,ROW(AF28)-ROW(AF$15),0),\nROUND(ROUND(OFFSET($P28,0,AF$13),15-13*ORÇAMENTO!$AF$7)*OFFSET(ORÇAMENTO!$W$15,ROW(AF28)-ROW(AF$15),0),15-13*ORÇAMENTO!$AF$11)),0)","v":0},{"$f":"IF(AND($D28=\"Serviço\",AG$12<>0,$H28>0,OR(AUTOEVENTO<>\"manual\",$M28<>1)),\nIF(Import.TipoArredondamento<>\"TransfereGOV\",\nROUND(OFFSET($P28,0,AG$13),15-13*ORÇAMENTO!$AF$7)/$H28*OFFSET(ORÇAMENTO!$X$15,ROW(AG28)-ROW(AG$15),0),\nROUND(ROUND(OFFSET($P28,0,AG$13),15-13*ORÇAMENTO!$AF$7)*OFFSET(ORÇAMENTO!$W$15,ROW(AG28)-ROW(AG$15),0),15-13*ORÇAMENTO!$AF$11)),0)","v":0},{"$f":"IF(AND($D28=\"Serviço\",AH$12<>0,$H28>0,OR(AUTOEVENTO<>\"manual\",$M28<>1)),\nIF(Import.TipoArredondamento<>\"TransfereGOV\",\nROUND(OFFSET($P28,0,AH$13),15-13*ORÇAMENTO!$AF$7)/$H28*OFFSET(ORÇAMENTO!$X$15,ROW(AH28)-ROW(AH$15),0),\nROUND(ROUND(OFFSET($P28,0,AH$13),15-13*ORÇAMENTO!$AF$7)*OFFSET(ORÇAMENTO!$W$15,ROW(AH28)-ROW(AH$15),0),15-13*ORÇAMENTO!$AF$11)),0)","v":0},{"$f":"IF(AND($D28=\"Serviço\",AI$12<>0,$H28>0,OR(AUTOEVENTO<>\"manual\",$M28<>1)),\nIF(Import.TipoArredondamento<>\"TransfereGOV\",\nROUND(OFFSET($P28,0,AI$13),15-13*ORÇAMENTO!$AF$7)/$H28*OFFSET(ORÇAMENTO!$X$15,ROW(AI28)-ROW(AI$15),0),\nROUND(ROUND(OFFSET($P28,0,AI$13),15-13*ORÇAMENTO!$AF$7)*OFFSET(ORÇAMENTO!$W$15,ROW(AI28)-ROW(AI$15),0),15-13*ORÇAMENTO!$AF$11)),0)","v":0},{"$f":"IF(AND($D28=\"Serviço\",AJ$12<>0,$H28>0,OR(AUTOEVENTO<>\"manual\",$M28<>1)),\nIF(Import.TipoArredondamento<>\"TransfereGOV\",\nROUND(OFFSET($P28,0,AJ$13),15-13*ORÇAMENTO!$AF$7)/$H28*OFFSET(ORÇAMENTO!$X$15,ROW(AJ28)-ROW(AJ$15),0),\nROUND(ROUND(OFFSET($P28,0,AJ$13),15-13*ORÇAMENTO!$AF$7)*OFFSET(ORÇAMENTO!$W$15,ROW(AJ28)-ROW(AJ$15),0),15-13*ORÇAMENTO!$AF$11)),0)","v":0},{"$f":"IF(AND($D28=\"Serviço\",AK$12<>0,$H28>0,OR(AUTOEVENTO<>\"manual\",$M28<>1)),\nIF(Import.TipoArredondamento<>\"TransfereGOV\",\nROUND(OFFSET($P28,0,AK$13),15-13*ORÇAMENTO!$AF$7)/$H28*OFFSET(ORÇAMENTO!$X$15,ROW(AK28)-ROW(AK$15),0),\nROUND(ROUND(OFFSET($P28,0,AK$13),15-13*ORÇAMENTO!$AF$7)*OFFSET(ORÇAMENTO!$W$15,ROW(AK28)-ROW(AK$15),0),15-13*ORÇAMENTO!$AF$11)),0)","v":0},null,{"$f":"IF($D28<>\"Serviço\",0,IF(AND(AUTOEVENTO=\"Manual\",$M28=1),0,IF(OFFSET(CRONOPLE!$F$14,$M28,AM$13)=\"\",10^12,OFFSET(CRONOPLE!$F$14,$M28,AM$13))))","v":0},{"$f":"IF($D28<>\"Serviço\",0,IF(AND(AUTOEVENTO=\"Manual\",$M28=1),0,IF(OFFSET(CRONOPLE!$F$14,$M28,AN$13)=\"\",10^12,OFFSET(CRONOPLE!$F$14,$M28,AN$13))))","v":0},{"$f":"IF($D28<>\"Serviço\",0,IF(AND(AUTOEVENTO=\"Manual\",$M28=1),0,IF(OFFSET(CRONOPLE!$F$14,$M28,AO$13)=\"\",10^12,OFFSET(CRONOPLE!$F$14,$M28,AO$13))))","v":0},{"$f":"IF($D28<>\"Serviço\",0,IF(AND(AUTOEVENTO=\"Manual\",$M28=1),0,IF(OFFSET(CRONOPLE!$F$14,$M28,AP$13)=\"\",10^12,OFFSET(CRONOPLE!$F$14,$M28,AP$13))))","v":0},{"$f":"IF($D28<>\"Serviço\",0,IF(AND(AUTOEVENTO=\"Manual\",$M28=1),0,IF(OFFSET(CRONOPLE!$F$14,$M28,AQ$13)=\"\",10^12,OFFSET(CRONOPLE!$F$14,$M28,AQ$13))))","v":0},{"$f":"IF($D28<>\"Serviço\",0,IF(AND(AUTOEVENTO=\"Manual\",$M28=1),0,IF(OFFSET(CRONOPLE!$F$14,$M28,AR$13)=\"\",10^12,OFFSET(CRONOPLE!$F$14,$M28,AR$13))))","v":0},{"$f":"IF($D28<>\"Serviço\",0,IF(AND(AUTOEVENTO=\"Manual\",$M28=1),0,IF(OFFSET(CRONOPLE!$F$14,$M28,AS$13)=\"\",10^12,OFFSET(CRONOPLE!$F$14,$M28,AS$13))))","v":0},{"$f":"IF($D28<>\"Serviço\",0,IF(AND(AUTOEVENTO=\"Manual\",$M28=1),0,IF(OFFSET(CRONOPLE!$F$14,$M28,AT$13)=\"\",10^12,OFFSET(CRONOPLE!$F$14,$M28,AT$13))))","v":0},{"$f":"IF($D28<>\"Serviço\",0,IF(AND(AUTOEVENTO=\"Manual\",$M28=1),0,IF(OFFSET(CRONOPLE!$F$14,$M28,AU$13)=\"\",10^12,OFFSET(CRONOPLE!$F$14,$M28,AU$13))))","v":0},{"$f":"IF($D28<>\"Serviço\",0,IF(AND(AUTOEVENTO=\"Manual\",$M28=1),0,IF(OFFSET(CRONOPLE!$F$14,$M28,AV$13)=\"\",10^12,OFFSET(CRONOPLE!$F$14,$M28,AV$13))))","v":0},null,{"$f":"IF($D28<>\"Serviço\",0,IF(OR(AND(AUTOEVENTO=\"Manual\",$M28=1),$M28>(ROW(PLE.lastrow)-ROW(PLE.firstrow))),0,IF(OFFSET(PLE!$G$14,$M28,AX$13)=\"\",10^12,OFFSET(PLE!$G$14,$M28,AX$13))))","v":0},{"$f":"IF($D28<>\"Serviço\",0,IF(OR(AND(AUTOEVENTO=\"Manual\",$M28=1),$M28>(ROW(PLE.lastrow)-ROW(PLE.firstrow))),0,IF(OFFSET(PLE!$G$14,$M28,AY$13)=\"\",10^12,OFFSET(PLE!$G$14,$M28,AY$13))))","v":0},{"$f":"IF($D28<>\"Serviço\",0,IF(OR(AND(AUTOEVENTO=\"Manual\",$M28=1),$M28>(ROW(PLE.lastrow)-ROW(PLE.firstrow))),0,IF(OFFSET(PLE!$G$14,$M28,AZ$13)=\"\",10^12,OFFSET(PLE!$G$14,$M28,AZ$13))))","v":0},{"$f":"IF($D28<>\"Serviço\",0,IF(OR(AND(AUTOEVENTO=\"Manual\",$M28=1),$M28>(ROW(PLE.lastrow)-ROW(PLE.firstrow))),0,IF(OFFSET(PLE!$G$14,$M28,BA$13)=\"\",10^12,OFFSET(PLE!$G$14,$M28,BA$13))))","v":0},{"$f":"IF($D28<>\"Serviço\",0,IF(OR(AND(AUTOEVENTO=\"Manual\",$M28=1),$M28>(ROW(PLE.lastrow)-ROW(PLE.firstrow))),0,IF(OFFSET(PLE!$G$14,$M28,BB$13)=\"\",10^12,OFFSET(PLE!$G$14,$M28,BB$13))))","v":0},{"$f":"IF($D28<>\"Serviço\",0,IF(OR(AND(AUTOEVENTO=\"Manual\",$M28=1),$M28>(ROW(PLE.lastrow)-ROW(PLE.firstrow))),0,IF(OFFSET(PLE!$G$14,$M28,BC$13)=\"\",10^12,OFFSET(PLE!$G$14,$M28,BC$13))))","v":0},{"$f":"IF($D28<>\"Serviço\",0,IF(OR(AND(AUTOEVENTO=\"Manual\",$M28=1),$M28>(ROW(PLE.lastrow)-ROW(PLE.firstrow))),0,IF(OFFSET(PLE!$G$14,$M28,BD$13)=\"\",10^12,OFFSET(PLE!$G$14,$M28,BD$13))))","v":0},{"$f":"IF($D28<>\"Serviço\",0,IF(OR(AND(AUTOEVENTO=\"Manual\",$M28=1),$M28>(ROW(PLE.lastrow)-ROW(PLE.firstrow))),0,IF(OFFSET(PLE!$G$14,$M28,BE$13)=\"\",10^12,OFFSET(PLE!$G$14,$M28,BE$13))))","v":0},{"$f":"IF($D28<>\"Serviço\",0,IF(OR(AND(AUTOEVENTO=\"Manual\",$M28=1),$M28>(ROW(PLE.lastrow)-ROW(PLE.firstrow))),0,IF(OFFSET(PLE!$G$14,$M28,BF$13)=\"\",10^12,OFFSET(PLE!$G$14,$M28,BF$13))))","v":0},{"$f":"IF($D28<>\"Serviço\",0,IF(OR(AND(AUTOEVENTO=\"Manual\",$M28=1),$M28>(ROW(PLE.lastrow)-ROW(PLE.firstrow))),0,IF(OFFSET(PLE!$G$14,$M28,BG$13)=\"\",10^12,OFFSET(PLE!$G$14,$M28,BG$13))))","v":0}]
["13",{"$f":"OFFSET(ORÇAMENTO!C$15,ROW(B29)-ROW(B$15),0)","v":"S"},{"$f":"OFFSET(ORÇAMENTO!L$15,ROW(C29)-ROW(C$15),0)","v":"F"},{"$f":"OFFSET(ORÇAMENTO!N$15,ROW(D29)-ROW(D$15),0)","v":"Serviço"},{"$f":"OFFSET(ORÇAMENTO!O$15,ROW(E29)-ROW(E$15),0)","v":"2.1.1."},{"$f":"OFFSET(ORÇAMENTO!R$15,ROW(F29)-ROW(F$15),0)","v":"LIMPEZA MECANIZADA DE CAMADA VEGETAL, VEGETAÇÃO E PEQUENAS ÁRVORES (DIÂMETRO DE TRONCO MENOR QUE 0,20 M), COM TRATOR DE ESTEIRAS. AF_03/2024"},{"$f":"IF($D29<>\"Serviço\",\"\",OFFSET(ORÇAMENTO!S$15,ROW(G29)-ROW(G$15),0))","v":"M2"},{"$f":"IF($D29<>\"Serviço\",0,IF(ACOMPANHAMENTO=\"BM\",ROUND(OFFSET(ORÇAMENTO!AJ$15,ROW(H29)-ROW(H$15),0),15-13*ORÇAMENTO!$AF$7),SUMPRODUCT(($Q$12:$AA$12<>\"\")*ROUND($Q29:$AA29,15-13*ORÇAMENTO!$AF$7))))","v":2925},null,null,null,".",{"$f":"IF($D29<>\"Serviço\",\"\",IF(AUTOEVENTO=\"manual\",$A29,IF(ISERROR(MATCH($A29,$A$15:OFFSET($A29,-1,0),0)),MAX($M$15:OFFSET(M29,-1,0))+1,INDEX($M$15:OFFSET(M29,-1,0),MATCH($A29,$A$15:OFFSET($A29,-1,0),0)))))","v":3},{"$f":"IF($D29<>\"Serviço\",\"\",IF(AUTOEVENTO=\"Manual\",IF($A29=0,\"<-- defina o número do agrupador\",OFFSET(EVENTOS!$D$14,$A29,0)),OFFSET($F$15,$A29,0)))","v":"Limpeza, escavações e aterro"},null,null,null,null,null,null,null,null,null,null,null,null,null,{"$f":"IF(AND($D29=\"Serviço\",AB$12<>0,$H29>0,OR(AUTOEVENTO<>\"manual\",$M29<>1)),\nIF(Import.TipoArredondamento<>\"TransfereGOV\",\nROUND(OFFSET($P29,0,AB$13),15-13*ORÇAMENTO!$AF$7)/$H29*OFFSET(ORÇAMENTO!$X$15,ROW(AB29)-ROW(AB$15),0),\nROUND(ROUND(OFFSET($P29,0,AB$13),15-13*ORÇAMENTO!$AF$7)*OFFSET(ORÇAMENTO!$W$15,ROW(AB29)-ROW(AB$15),0),15-13*ORÇAMENTO!$AF$11)),0)","v":0},{"$f":"IF(AND($D29=\"Serviço\",AC$12<>0,$H29>0,OR(AUTOEVENTO<>\"manual\",$M29<>1)),\nIF(Import.TipoArredondamento<>\"TransfereGOV\",\nROUND(OFFSET($P29,0,AC$13),15-13*ORÇAMENTO!$AF$7)/$H29*OFFSET(ORÇAMENTO!$X$15,ROW(AC29)-ROW(AC$15),0),\nROUND(ROUND(OFFSET($P29,0,AC$13),15-13*ORÇAMENTO!$AF$7)*OFFSET(ORÇAMENTO!$W$15,ROW(AC29)-ROW(AC$15),0),15-13*ORÇAMENTO!$AF$11)),0)","v":0},{"$f":"IF(AND($D29=\"Serviço\",AD$12<>0,$H29>0,OR(AUTOEVENTO<>\"manual\",$M29<>1)),\nIF(Import.TipoArredondamento<>\"TransfereGOV\",\nROUND(OFFSET($P29,0,AD$13),15-13*ORÇAMENTO!$AF$7)/$H29*OFFSET(ORÇAMENTO!$X$15,ROW(AD29)-ROW(AD$15),0),\nROUND(ROUND(OFFSET($P29,0,AD$13),15-13*ORÇAMENTO!$AF$7)*OFFSET(ORÇAMENTO!$W$15,ROW(AD29)-ROW(AD$15),0),15-13*ORÇAMENTO!$AF$11)),0)","v":0},{"$f":"IF(AND($D29=\"Serviço\",AE$12<>0,$H29>0,OR(AUTOEVENTO<>\"manual\",$M29<>1)),\nIF(Import.TipoArredondamento<>\"TransfereGOV\",\nROUND(OFFSET($P29,0,AE$13),15-13*ORÇAMENTO!$AF$7)/$H29*OFFSET(ORÇAMENTO!$X$15,ROW(AE29)-ROW(AE$15),0),\nROUND(ROUND(OFFSET($P29,0,AE$13),15-13*ORÇAMENTO!$AF$7)*OFFSET(ORÇAMENTO!$W$15,ROW(AE29)-ROW(AE$15),0),15-13*ORÇAMENTO!$AF$11)),0)","v":0},{"$f":"IF(AND($D29=\"Serviço\",AF$12<>0,$H29>0,OR(AUTOEVENTO<>\"manual\",$M29<>1)),\nIF(Import.TipoArredondamento<>\"TransfereGOV\",\nROUND(OFFSET($P29,0,AF$13),15-13*ORÇAMENTO!$AF$7)/$H29*OFFSET(ORÇAMENTO!$X$15,ROW(AF29)-ROW(AF$15),0),\nROUND(ROUND(OFFSET($P29,0,AF$13),15-13*ORÇAMENTO!$AF$7)*OFFSET(ORÇAMENTO!$W$15,ROW(AF29)-ROW(AF$15),0),15-13*ORÇAMENTO!$AF$11)),0)","v":0},{"$f":"IF(AND($D29=\"Serviço\",AG$12<>0,$H29>0,OR(AUTOEVENTO<>\"manual\",$M29<>1)),\nIF(Import.TipoArredondamento<>\"TransfereGOV\",\nROUND(OFFSET($P29,0,AG$13),15-13*ORÇAMENTO!$AF$7)/$H29*OFFSET(ORÇAMENTO!$X$15,ROW(AG29)-ROW(AG$15),0),\nROUND(ROUND(OFFSET($P29,0,AG$13),15-13*ORÇAMENTO!$AF$7)*OFFSET(ORÇAMENTO!$W$15,ROW(AG29)-ROW(AG$15),0),15-13*ORÇAMENTO!$AF$11)),0)","v":0},{"$f":"IF(AND($D29=\"Serviço\",AH$12<>0,$H29>0,OR(AUTOEVENTO<>\"manual\",$M29<>1)),\nIF(Import.TipoArredondamento<>\"TransfereGOV\",\nROUND(OFFSET($P29,0,AH$13),15-13*ORÇAMENTO!$AF$7)/$H29*OFFSET(ORÇAMENTO!$X$15,ROW(AH29)-ROW(AH$15),0),\nROUND(ROUND(OFFSET($P29,0,AH$13),15-13*ORÇAMENTO!$AF$7)*OFFSET(ORÇAMENTO!$W$15,ROW(AH29)-ROW(AH$15),0),15-13*ORÇAMENTO!$AF$11)),0)","v":0},{"$f":"IF(AND($D29=\"Serviço\",AI$12<>0,$H29>0,OR(AUTOEVENTO<>\"manual\",$M29<>1)),\nIF(Import.TipoArredondamento<>\"TransfereGOV\",\nROUND(OFFSET($P29,0,AI$13),15-13*ORÇAMENTO!$AF$7)/$H29*OFFSET(ORÇAMENTO!$X$15,ROW(AI29)-ROW(AI$15),0),\nROUND(ROUND(OFFSET($P29,0,AI$13),15-13*ORÇAMENTO!$AF$7)*OFFSET(ORÇAMENTO!$W$15,ROW(AI29)-ROW(AI$15),0),15-13*ORÇAMENTO!$AF$11)),0)","v":0},{"$f":"IF(AND($D29=\"Serviço\",AJ$12<>0,$H29>0,OR(AUTOEVENTO<>\"manual\",$M29<>1)),\nIF(Import.TipoArredondamento<>\"TransfereGOV\",\nROUND(OFFSET($P29,0,AJ$13),15-13*ORÇAMENTO!$AF$7)/$H29*OFFSET(ORÇAMENTO!$X$15,ROW(AJ29)-ROW(AJ$15),0),\nROUND(ROUND(OFFSET($P29,0,AJ$13),15-13*ORÇAMENTO!$AF$7)*OFFSET(ORÇAMENTO!$W$15,ROW(AJ29)-ROW(AJ$15),0),15-13*ORÇAMENTO!$AF$11)),0)","v":0},{"$f":"IF(AND($D29=\"Serviço\",AK$12<>0,$H29>0,OR(AUTOEVENTO<>\"manual\",$M29<>1)),\nIF(Import.TipoArredondamento<>\"TransfereGOV\",\nROUND(OFFSET($P29,0,AK$13),15-13*ORÇAMENTO!$AF$7)/$H29*OFFSET(ORÇAMENTO!$X$15,ROW(AK29)-ROW(AK$15),0),\nROUND(ROUND(OFFSET($P29,0,AK$13),15-13*ORÇAMENTO!$AF$7)*OFFSET(ORÇAMENTO!$W$15,ROW(AK29)-ROW(AK$15),0),15-13*ORÇAMENTO!$AF$11)),0)","v":0},null,{"$f":"IF($D29<>\"Serviço\",0,IF(AND(AUTOEVENTO=\"Manual\",$M29=1),0,IF(OFFSET(CRONOPLE!$F$14,$M29,AM$13)=\"\",10^12,OFFSET(CRONOPLE!$F$14,$M29,AM$13))))","v":1000000000000},{"$f":"IF($D29<>\"Serviço\",0,IF(AND(AUTOEVENTO=\"Manual\",$M29=1),0,IF(OFFSET(CRONOPLE!$F$14,$M29,AN$13)=\"\",10^12,OFFSET(CRONOPLE!$F$14,$M29,AN$13))))","v":1000000000000},{"$f":"IF($D29<>\"Serviço\",0,IF(AND(AUTOEVENTO=\"Manual\",$M29=1),0,IF(OFFSET(CRONOPLE!$F$14,$M29,AO$13)=\"\",10^12,OFFSET(CRONOPLE!$F$14,$M29,AO$13))))","v":1000000000000},{"$f":"IF($D29<>\"Serviço\",0,IF(AND(AUTOEVENTO=\"Manual\",$M29=1),0,IF(OFFSET(CRONOPLE!$F$14,$M29,AP$13)=\"\",10^12,OFFSET(CRONOPLE!$F$14,$M29,AP$13))))","v":1000000000000},{"$f":"IF($D29<>\"Serviço\",0,IF(AND(AUTOEVENTO=\"Manual\",$M29=1),0,IF(OFFSET(CRONOPLE!$F$14,$M29,AQ$13)=\"\",10^12,OFFSET(CRONOPLE!$F$14,$M29,AQ$13))))","v":1000000000000},{"$f":"IF($D29<>\"Serviço\",0,IF(AND(AUTOEVENTO=\"Manual\",$M29=1),0,IF(OFFSET(CRONOPLE!$F$14,$M29,AR$13)=\"\",10^12,OFFSET(CRONOPLE!$F$14,$M29,AR$13))))","v":1000000000000},{"$f":"IF($D29<>\"Serviço\",0,IF(AND(AUTOEVENTO=\"Manual\",$M29=1),0,IF(OFFSET(CRONOPLE!$F$14,$M29,AS$13)=\"\",10^12,OFFSET(CRONOPLE!$F$14,$M29,AS$13))))","v":1000000000000},{"$f":"IF($D29<>\"Serviço\",0,IF(AND(AUTOEVENTO=\"Manual\",$M29=1),0,IF(OFFSET(CRONOPLE!$F$14,$M29,AT$13)=\"\",10^12,OFFSET(CRONOPLE!$F$14,$M29,AT$13))))","v":1000000000000},{"$f":"IF($D29<>\"Serviço\",0,IF(AND(AUTOEVENTO=\"Manual\",$M29=1),0,IF(OFFSET(CRONOPLE!$F$14,$M29,AU$13)=\"\",10^12,OFFSET(CRONOPLE!$F$14,$M29,AU$13))))","v":1000000000000},{"$f":"IF($D29<>\"Serviço\",0,IF(AND(AUTOEVENTO=\"Manual\",$M29=1),0,IF(OFFSET(CRONOPLE!$F$14,$M29,AV$13)=\"\",10^12,OFFSET(CRONOPLE!$F$14,$M29,AV$13))))","v":1000000000000},null,{"$f":"IF($D29<>\"Serviço\",0,IF(OR(AND(AUTOEVENTO=\"Manual\",$M29=1),$M29>(ROW(PLE.lastrow)-ROW(PLE.firstrow))),0,IF(OFFSET(PLE!$G$14,$M29,AX$13)=\"\",10^12,OFFSET(PLE!$G$14,$M29,AX$13))))","v":1000000000000},{"$f":"IF($D29<>\"Serviço\",0,IF(OR(AND(AUTOEVENTO=\"Manual\",$M29=1),$M29>(ROW(PLE.lastrow)-ROW(PLE.firstrow))),0,IF(OFFSET(PLE!$G$14,$M29,AY$13)=\"\",10^12,OFFSET(PLE!$G$14,$M29,AY$13))))","v":1000000000000},{"$f":"IF($D29<>\"Serviço\",0,IF(OR(AND(AUTOEVENTO=\"Manual\",$M29=1),$M29>(ROW(PLE.lastrow)-ROW(PLE.firstrow))),0,IF(OFFSET(PLE!$G$14,$M29,AZ$13)=\"\",10^12,OFFSET(PLE!$G$14,$M29,AZ$13))))","v":1000000000000},{"$f":"IF($D29<>\"Serviço\",0,IF(OR(AND(AUTOEVENTO=\"Manual\",$M29=1),$M29>(ROW(PLE.lastrow)-ROW(PLE.firstrow))),0,IF(OFFSET(PLE!$G$14,$M29,BA$13)=\"\",10^12,OFFSET(PLE!$G$14,$M29,BA$13))))","v":1000000000000},{"$f":"IF($D29<>\"Serviço\",0,IF(OR(AND(AUTOEVENTO=\"Manual\",$M29=1),$M29>(ROW(PLE.lastrow)-ROW(PLE.firstrow))),0,IF(OFFSET(PLE!$G$14,$M29,BB$13)=\"\",10^12,OFFSET(PLE!$G$14,$M29,BB$13))))","v":1000000000000},{"$f":"IF($D29<>\"Serviço\",0,IF(OR(AND(AUTOEVENTO=\"Manual\",$M29=1),$M29>(ROW(PLE.lastrow)-ROW(PLE.firstrow))),0,IF(OFFSET(PLE!$G$14,$M29,BC$13)=\"\",10^12,OFFSET(PLE!$G$14,$M29,BC$13))))","v":1000000000000},{"$f":"IF($D29<>\"Serviço\",0,IF(OR(AND(AUTOEVENTO=\"Manual\",$M29=1),$M29>(ROW(PLE.lastrow)-ROW(PLE.firstrow))),0,IF(OFFSET(PLE!$G$14,$M29,BD$13)=\"\",10^12,OFFSET(PLE!$G$14,$M29,BD$13))))","v":1000000000000},{"$f":"IF($D29<>\"Serviço\",0,IF(OR(AND(AUTOEVENTO=\"Manual\",$M29=1),$M29>(ROW(PLE.lastrow)-ROW(PLE.firstrow))),0,IF(OFFSET(PLE!$G$14,$M29,BE$13)=\"\",10^12,OFFSET(PLE!$G$14,$M29,BE$13))))","v":1000000000000},{"$f":"IF($D29<>\"Serviço\",0,IF(OR(AND(AUTOEVENTO=\"Manual\",$M29=1),$M29>(ROW(PLE.lastrow)-ROW(PLE.firstrow))),0,IF(OFFSET(PLE!$G$14,$M29,BF$13)=\"\",10^12,OFFSET(PLE!$G$14,$M29,BF$13))))","v":1000000000000},{"$f":"IF($D29<>\"Serviço\",0,IF(OR(AND(AUTOEVENTO=\"Manual\",$M29=1),$M29>(ROW(PLE.lastrow)-ROW(PLE.firstrow))),0,IF(OFFSET(PLE!$G$14,$M29,BG$13)=\"\",10^12,OFFSET(PLE!$G$14,$M29,BG$13))))","v":1000000000000}]
["13",{"$f":"OFFSET(ORÇAMENTO!C$15,ROW(B30)-ROW(B$15),0)","v":"S"},{"$f":"OFFSET(ORÇAMENTO!L$15,ROW(C30)-ROW(C$15),0)","v":"F"},{"$f":"OFFSET(ORÇAMENTO!N$15,ROW(D30)-ROW(D$15),0)","v":"Serviço"},{"$f":"OFFSET(ORÇAMENTO!O$15,ROW(E30)-ROW(E$15),0)","v":"2.1.2."},{"$f":"OFFSET(ORÇAMENTO!R$15,ROW(F30)-ROW(F$15),0)","v":"ATERRO MECANIZADO DE VALA COM ESCAVADEIRA HIDRÁULICA (CAPACIDADE DA CAÇAMBA: 0,8 M³ / POTÊNCIA: 111 HP), LARGURA ATÉ 2,5 M, PROFUNDIDADE DE 1,5 A 3,0 M, COM SOLO ARGILO-ARENOSO. AF_08/2023"},{"$f":"IF($D30<>\"Serviço\",\"\",OFFSET(ORÇAMENTO!S$15,ROW(G30)-ROW(G$15),0))","v":"M3"},{"$f":"IF($D30<>\"Serviço\",0,IF(ACOMPANHAMENTO=\"BM\",ROUND(OFFSET(ORÇAMENTO!AJ$15,ROW(H30)-ROW(H$15),0),15-13*ORÇAMENTO!$AF$7),SUMPRODUCT(($Q$12:$AA$12<>\"\")*ROUND($Q30:$AA30,15-13*ORÇAMENTO!$AF$7))))","v":585},null,null,null,".",{"$f":"IF($D30<>\"Serviço\",\"\",IF(AUTOEVENTO=\"manual\",$A30,IF(ISERROR(MATCH($A30,$A$15:OFFSET($A30,-1,0),0)),MAX($M$15:OFFSET(M30,-1,0))+1,INDEX($M$15:OFFSET(M30,-1,0),MATCH($A30,$A$15:OFFSET($A30,-1,0),0)))))","v":3},{"$f":"IF($D30<>\"Serviço\",\"\",IF(AUTOEVENTO=\"Manual\",IF($A30=0,\"<-- defina o número do agrupador\",OFFSET(EVENTOS!$D$14,$A30,0)),OFFSET($F$15,$A30,0)))","v":"Limpeza, escavações e aterro"},null,null,null,null,null,null,null,null,null,null,null,null,null,{"$f":"IF(AND($D30=\"Serviço\",AB$12<>0,$H30>0,OR(AUTOEVENTO<>\"manual\",$M30<>1)),\nIF(Import.TipoArredondamento<>\"TransfereGOV\",\nROUND(OFFSET($P30,0,AB$13),15-13*ORÇAMENTO!$AF$7)/$H30*OFFSET(ORÇAMENTO!$X$15,ROW(AB30)-ROW(AB$15),0),\nROUND(ROUND(OFFSET($P30,0,AB$13),15-13*ORÇAMENTO!$AF$7)*OFFSET(ORÇAMENTO!$W$15,ROW(AB30)-ROW(AB$15),0),15-13*ORÇAMENTO!$AF$11)),0)","v":0},{"$f":"IF(AND($D30=\"Serviço\",AC$12<>0,$H30>0,OR(AUTOEVENTO<>\"manual\",$M30<>1)),\nIF(Import.TipoArredondamento<>\"TransfereGOV\",\nROUND(OFFSET($P30,0,AC$13),15-13*ORÇAMENTO!$AF$7)/$H30*OFFSET(ORÇAMENTO!$X$15,ROW(AC30)-ROW(AC$15),0),\nROUND(ROUND(OFFSET($P30,0,AC$13),15-13*ORÇAMENTO!$AF$7)*OFFSET(ORÇAMENTO!$W$15,ROW(AC30)-ROW(AC$15),0),15-13*ORÇAMENTO!$AF$11)),0)","v":0},{"$f":"IF(AND($D30=\"Serviço\",AD$12<>0,$H30>0,OR(AUTOEVENTO<>\"manual\",$M30<>1)),\nIF(Import.TipoArredondamento<>\"TransfereGOV\",\nROUND(OFFSET($P30,0,AD$13),15-13*ORÇAMENTO!$AF$7)/$H30*OFFSET(ORÇAMENTO!$X$15,ROW(AD30)-ROW(AD$15),0),\nROUND(ROUND(OFFSET($P30,0,AD$13),15-13*ORÇAMENTO!$AF$7)*OFFSET(ORÇAMENTO!$W$15,ROW(AD30)-ROW(AD$15),0),15-13*ORÇAMENTO!$AF$11)),0)","v":0},{"$f":"IF(AND($D30=\"Serviço\",AE$12<>0,$H30>0,OR(AUTOEVENTO<>\"manual\",$M30<>1)),\nIF(Import.TipoArredondamento<>\"TransfereGOV\",\nROUND(OFFSET($P30,0,AE$13),15-13*ORÇAMENTO!$AF$7)/$H30*OFFSET(ORÇAMENTO!$X$15,ROW(AE30)-ROW(AE$15),0),\nROUND(ROUND(OFFSET($P30,0,AE$13),15-13*ORÇAMENTO!$AF$7)*OFFSET(ORÇAMENTO!$W$15,ROW(AE30)-ROW(AE$15),0),15-13*ORÇAMENTO!$AF$11)),0)","v":0},{"$f":"IF(AND($D30=\"Serviço\",AF$12<>0,$H30>0,OR(AUTOEVENTO<>\"manual\",$M30<>1)),\nIF(Import.TipoArredondamento<>\"TransfereGOV\",\nROUND(OFFSET($P30,0,AF$13),15-13*ORÇAMENTO!$AF$7)/$H30*OFFSET(ORÇAMENTO!$X$15,ROW(AF30)-ROW(AF$15),0),\nROUND(ROUND(OFFSET($P30,0,AF$13),15-13*ORÇAMENTO!$AF$7)*OFFSET(ORÇAMENTO!$W$15,ROW(AF30)-ROW(AF$15),0),15-13*ORÇAMENTO!$AF$11)),0)","v":0},{"$f":"IF(AND($D30=\"Serviço\",AG$12<>0,$H30>0,OR(AUTOEVENTO<>\"manual\",$M30<>1)),\nIF(Import.TipoArredondamento<>\"TransfereGOV\",\nROUND(OFFSET($P30,0,AG$13),15-13*ORÇAMENTO!$AF$7)/$H30*OFFSET(ORÇAMENTO!$X$15,ROW(AG30)-ROW(AG$15),0),\nROUND(ROUND(OFFSET($P30,0,AG$13),15-13*ORÇAMENTO!$AF$7)*OFFSET(ORÇAMENTO!$W$15,ROW(AG30)-ROW(AG$15),0),15-13*ORÇAMENTO!$AF$11)),0)","v":0},{"$f":"IF(AND($D30=\"Serviço\",AH$12<>0,$H30>0,OR(AUTOEVENTO<>\"manual\",$M30<>1)),\nIF(Import.TipoArredondamento<>\"TransfereGOV\",\nROUND(OFFSET($P30,0,AH$13),15-13*ORÇAMENTO!$AF$7)/$H30*OFFSET(ORÇAMENTO!$X$15,ROW(AH30)-ROW(AH$15),0),\nROUND(ROUND(OFFSET($P30,0,AH$13),15-13*ORÇAMENTO!$AF$7)*OFFSET(ORÇAMENTO!$W$15,ROW(AH30)-ROW(AH$15),0),15-13*ORÇAMENTO!$AF$11)),0)","v":0},{"$f":"IF(AND($D30=\"Serviço\",AI$12<>0,$H30>0,OR(AUTOEVENTO<>\"manual\",$M30<>1)),\nIF(Import.TipoArredondamento<>\"TransfereGOV\",\nROUND(OFFSET($P30,0,AI$13),15-13*ORÇAMENTO!$AF$7)/$H30*OFFSET(ORÇAMENTO!$X$15,ROW(AI30)-ROW(AI$15),0),\nROUND(ROUND(OFFSET($P30,0,AI$13),15-13*ORÇAMENTO!$AF$7)*OFFSET(ORÇAMENTO!$W$15,ROW(AI30)-ROW(AI$15),0),15-13*ORÇAMENTO!$AF$11)),0)","v":0},{"$f":"IF(AND($D30=\"Serviço\",AJ$12<>0,$H30>0,OR(AUTOEVENTO<>\"manual\",$M30<>1)),\nIF(Import.TipoArredondamento<>\"TransfereGOV\",\nROUND(OFFSET($P30,0,AJ$13),15-13*ORÇAMENTO!$AF$7)/$H30*OFFSET(ORÇAMENTO!$X$15,ROW(AJ30)-ROW(AJ$15),0),\nROUND(ROUND(OFFSET($P30,0,AJ$13),15-13*ORÇAMENTO!$AF$7)*OFFSET(ORÇAMENTO!$W$15,ROW(AJ30)-ROW(AJ$15),0),15-13*ORÇAMENTO!$AF$11)),0)","v":0},{"$f":"IF(AND($D30=\"Serviço\",AK$12<>0,$H30>0,OR(AUTOEVENTO<>\"manual\",$M30<>1)),\nIF(Import.TipoArredondamento<>\"TransfereGOV\",\nROUND(OFFSET($P30,0,AK$13),15-13*ORÇAMENTO!$AF$7)/$H30*OFFSET(ORÇAMENTO!$X$15,ROW(AK30)-ROW(AK$15),0),\nROUND(ROUND(OFFSET($P30,0,AK$13),15-13*ORÇAMENTO!$AF$7)*OFFSET(ORÇAMENTO!$W$15,ROW(AK30)-ROW(AK$15),0),15-13*ORÇAMENTO!$AF$11)),0)","v":0},null,{"$f":"IF($D30<>\"Serviço\",0,IF(AND(AUTOEVENTO=\"Manual\",$M30=1),0,IF(OFFSET(CRONOPLE!$F$14,$M30,AM$13)=\"\",10^12,OFFSET(CRONOPLE!$F$14,$M30,AM$13))))","v":1000000000000},{"$f":"IF($D30<>\"Serviço\",0,IF(AND(AUTOEVENTO=\"Manual\",$M30=1),0,IF(OFFSET(CRONOPLE!$F$14,$M30,AN$13)=\"\",10^12,OFFSET(CRONOPLE!$F$14,$M30,AN$13))))","v":1000000000000},{"$f":"IF($D30<>\"Serviço\",0,IF(AND(AUTOEVENTO=\"Manual\",$M30=1),0,IF(OFFSET(CRONOPLE!$F$14,$M30,AO$13)=\"\",10^12,OFFSET(CRONOPLE!$F$14,$M30,AO$13))))","v":1000000000000},{"$f":"IF($D30<>\"Serviço\",0,IF(AND(AUTOEVENTO=\"Manual\",$M30=1),0,IF(OFFSET(CRONOPLE!$F$14,$M30,AP$13)=\"\",10^12,OFFSET(CRONOPLE!$F$14,$M30,AP$13))))","v":1000000000000},{"$f":"IF($D30<>\"Serviço\",0,IF(AND(AUTOEVENTO=\"Manual\",$M30=1),0,IF(OFFSET(CRONOPLE!$F$14,$M30,AQ$13)=\"\",10^12,OFFSET(CRONOPLE!$F$14,$M30,AQ$13))))","v":1000000000000},{"$f":"IF($D30<>\"Serviço\",0,IF(AND(AUTOEVENTO=\"Manual\",$M30=1),0,IF(OFFSET(CRONOPLE!$F$14,$M30,AR$13)=\"\",10^12,OFFSET(CRONOPLE!$F$14,$M30,AR$13))))","v":1000000000000},{"$f":"IF($D30<>\"Serviço\",0,IF(AND(AUTOEVENTO=\"Manual\",$M30=1),0,IF(OFFSET(CRONOPLE!$F$14,$M30,AS$13)=\"\",10^12,OFFSET(CRONOPLE!$F$14,$M30,AS$13))))","v":1000000000000},{"$f":"IF($D30<>\"Serviço\",0,IF(AND(AUTOEVENTO=\"Manual\",$M30=1),0,IF(OFFSET(CRONOPLE!$F$14,$M30,AT$13)=\"\",10^12,OFFSET(CRONOPLE!$F$14,$M30,AT$13))))","v":1000000000000},{"$f":"IF($D30<>\"Serviço\",0,IF(AND(AUTOEVENTO=\"Manual\",$M30=1),0,IF(OFFSET(CRONOPLE!$F$14,$M30,AU$13)=\"\",10^12,OFFSET(CRONOPLE!$F$14,$M30,AU$13))))","v":1000000000000},{"$f":"IF($D30<>\"Serviço\",0,IF(AND(AUTOEVENTO=\"Manual\",$M30=1),0,IF(OFFSET(CRONOPLE!$F$14,$M30,AV$13)=\"\",10^12,OFFSET(CRONOPLE!$F$14,$M30,AV$13))))","v":1000000000000},null,{"$f":"IF($D30<>\"Serviço\",0,IF(OR(AND(AUTOEVENTO=\"Manual\",$M30=1),$M30>(ROW(PLE.lastrow)-ROW(PLE.firstrow))),0,IF(OFFSET(PLE!$G$14,$M30,AX$13)=\"\",10^12,OFFSET(PLE!$G$14,$M30,AX$13))))","v":1000000000000},{"$f":"IF($D30<>\"Serviço\",0,IF(OR(AND(AUTOEVENTO=\"Manual\",$M30=1),$M30>(ROW(PLE.lastrow)-ROW(PLE.firstrow))),0,IF(OFFSET(PLE!$G$14,$M30,AY$13)=\"\",10^12,OFFSET(PLE!$G$14,$M30,AY$13))))","v":1000000000000},{"$f":"IF($D30<>\"Serviço\",0,IF(OR(AND(AUTOEVENTO=\"Manual\",$M30=1),$M30>(ROW(PLE.lastrow)-ROW(PLE.firstrow))),0,IF(OFFSET(PLE!$G$14,$M30,AZ$13)=\"\",10^12,OFFSET(PLE!$G$14,$M30,AZ$13))))","v":1000000000000},{"$f":"IF($D30<>\"Serviço\",0,IF(OR(AND(AUTOEVENTO=\"Manual\",$M30=1),$M30>(ROW(PLE.lastrow)-ROW(PLE.firstrow))),0,IF(OFFSET(PLE!$G$14,$M30,BA$13)=\"\",10^12,OFFSET(PLE!$G$14,$M30,BA$13))))","v":1000000000000},{"$f":"IF($D30<>\"Serviço\",0,IF(OR(AND(AUTOEVENTO=\"Manual\",$M30=1),$M30>(ROW(PLE.lastrow)-ROW(PLE.firstrow))),0,IF(OFFSET(PLE!$G$14,$M30,BB$13)=\"\",10^12,OFFSET(PLE!$G$14,$M30,BB$13))))","v":1000000000000},{"$f":"IF($D30<>\"Serviço\",0,IF(OR(AND(AUTOEVENTO=\"Manual\",$M30=1),$M30>(ROW(PLE.lastrow)-ROW(PLE.firstrow))),0,IF(OFFSET(PLE!$G$14,$M30,BC$13)=\"\",10^12,OFFSET(PLE!$G$14,$M30,BC$13))))","v":1000000000000},{"$f":"IF($D30<>\"Serviço\",0,IF(OR(AND(AUTOEVENTO=\"Manual\",$M30=1),$M30>(ROW(PLE.lastrow)-ROW(PLE.firstrow))),0,IF(OFFSET(PLE!$G$14,$M30,BD$13)=\"\",10^12,OFFSET(PLE!$G$14,$M30,BD$13))))","v":1000000000000},{"$f":"IF($D30<>\"Serviço\",0,IF(OR(AND(AUTOEVENTO=\"Manual\",$M30=1),$M30>(ROW(PLE.lastrow)-ROW(PLE.firstrow))),0,IF(OFFSET(PLE!$G$14,$M30,BE$13)=\"\",10^12,OFFSET(PLE!$G$14,$M30,BE$13))))","v":1000000000000},{"$f":"IF($D30<>\"Serviço\",0,IF(OR(AND(AUTOEVENTO=\"Manual\",$M30=1),$M30>(ROW(PLE.lastrow)-ROW(PLE.firstrow))),0,IF(OFFSET(PLE!$G$14,$M30,BF$13)=\"\",10^12,OFFSET(PLE!$G$14,$M30,BF$13))))","v":1000000000000},{"$f":"IF($D30<>\"Serviço\",0,IF(OR(AND(AUTOEVENTO=\"Manual\",$M30=1),$M30>(ROW(PLE.lastrow)-ROW(PLE.firstrow))),0,IF(OFFSET(PLE!$G$14,$M30,BG$13)=\"\",10^12,OFFSET(PLE!$G$14,$M30,BG$13))))","v":1000000000000}]
["13",{"$f":"OFFSET(ORÇAMENTO!C$15,ROW(B31)-ROW(B$15),0)","v":"S"},{"$f":"OFFSET(ORÇAMENTO!L$15,ROW(C31)-ROW(C$15),0)","v":"F"},{"$f":"OFFSET(ORÇAMENTO!N$15,ROW(D31)-ROW(D$15),0)","v":"Serviço"},{"$f":"OFFSET(ORÇAMENTO!O$15,ROW(E31)-ROW(E$15),0)","v":"2.1.3."},{"$f":"OFFSET(ORÇAMENTO!R$15,ROW(F31)-ROW(F$15),0)","v":"ESCAVAÇÃO MECANIZADA PARA BLOCO DE COROAMENTO OU SAPATA COM RETROESCAVADEIRA (INCLUINDO ESCAVAÇÃO PARA COLOCAÇÃO DE FÔRMAS). AF_01/2024"},{"$f":"IF($D31<>\"Serviço\",\"\",OFFSET(ORÇAMENTO!S$15,ROW(G31)-ROW(G$15),0))","v":"M3"},{"$f":"IF($D31<>\"Serviço\",0,IF(ACOMPANHAMENTO=\"BM\",ROUND(OFFSET(ORÇAMENTO!AJ$15,ROW(H31)-ROW(H$15),0),15-13*ORÇAMENTO!$AF$7),SUMPRODUCT(($Q$12:$AA$12<>\"\")*ROUND($Q31:$AA31,15-13*ORÇAMENTO!$AF$7))))","v":107.36},null,null,null,".",{"$f":"IF($D31<>\"Serviço\",\"\",IF(AUTOEVENTO=\"manual\",$A31,IF(ISERROR(MATCH($A31,$A$15:OFFSET($A31,-1,0),0)),MAX($M$15:OFFSET(M31,-1,0))+1,INDEX($M$15:OFFSET(M31,-1,0),MATCH($A31,$A$15:OFFSET($A31,-1,0),0)))))","v":3},{"$f":"IF($D31<>\"Serviço\",\"\",IF(AUTOEVENTO=\"Manual\",IF($A31=0,\"<-- defina o número do agrupador\",OFFSET(EVENTOS!$D$14,$A31,0)),OFFSET($F$15,$A31,0)))","v":"Limpeza, escavações e aterro"},null,null,null,null,null,null,null,null,null,null,null,null,null,{"$f":"IF(AND($D31=\"Serviço\",AB$12<>0,$H31>0,OR(AUTOEVENTO<>\"manual\",$M31<>1)),\nIF(Import.TipoArredondamento<>\"TransfereGOV\",\nROUND(OFFSET($P31,0,AB$13),15-13*ORÇAMENTO!$AF$7)/$H31*OFFSET(ORÇAMENTO!$X$15,ROW(AB31)-ROW(AB$15),0),\nROUND(ROUND(OFFSET($P31,0,AB$13),15-13*ORÇAMENTO!$AF$7)*OFFSET(ORÇAMENTO!$W$15,ROW(AB31)-ROW(AB$15),0),15-13*ORÇAMENTO!$AF$11)),0)","v":0},{"$f":"IF(AND($D31=\"Serviço\",AC$12<>0,$H31>0,OR(AUTOEVENTO<>\"manual\",$M31<>1)),\nIF(Import.TipoArredondamento<>\"TransfereGOV\",\nROUND(OFFSET($P31,0,AC$13),15-13*ORÇAMENTO!$AF$7)/$H31*OFFSET(ORÇAMENTO!$X$15,ROW(AC31)-ROW(AC$15),0),\nROUND(ROUND(OFFSET($P31,0,AC$13),15-13*ORÇAMENTO!$AF$7)*OFFSET(ORÇAMENTO!$W$15,ROW(AC31)-ROW(AC$15),0),15-13*ORÇAMENTO!$AF$11)),0)","v":0},{"$f":"IF(AND($D31=\"Serviço\",AD$12<>0,$H31>0,OR(AUTOEVENTO<>\"manual\",$M31<>1)),\nIF(Import.TipoArredondamento<>\"TransfereGOV\",\nROUND(OFFSET($P31,0,AD$13),15-13*ORÇAMENTO!$AF$7)/$H31*OFFSET(ORÇAMENTO!$X$15,ROW(AD31)-ROW(AD$15),0),\nROUND(ROUND(OFFSET($P31,0,AD$13),15-13*ORÇAMENTO!$AF$7)*OFFSET(ORÇAMENTO!$W$15,ROW(AD31)-ROW(AD$15),0),15-13*ORÇAMENTO!$AF$11)),0)","v":0},{"$f":"IF(AND($D31=\"Serviço\",AE$12<>0,$H31>0,OR(AUTOEVENTO<>\"manual\",$M31<>1)),\nIF(Import.TipoArredondamento<>\"TransfereGOV\",\nROUND(OFFSET($P31,0,AE$13),15-13*ORÇAMENTO!$AF$7)/$H31*OFFSET(ORÇAMENTO!$X$15,ROW(AE31)-ROW(AE$15),0),\nROUND(ROUND(OFFSET($P31,0,AE$13),15-13*ORÇAMENTO!$AF$7)*OFFSET(ORÇAMENTO!$W$15,ROW(AE31)-ROW(AE$15),0),15-13*ORÇAMENTO!$AF$11)),0)","v":0},{"$f":"IF(AND($D31=\"Serviço\",AF$12<>0,$H31>0,OR(AUTOEVENTO<>\"manual\",$M31<>1)),\nIF(Import.TipoArredondamento<>\"TransfereGOV\",\nROUND(OFFSET($P31,0,AF$13),15-13*ORÇAMENTO!$AF$7)/$H31*OFFSET(ORÇAMENTO!$X$15,ROW(AF31)-ROW(AF$15),0),\nROUND(ROUND(OFFSET($P31,0,AF$13),15-13*ORÇAMENTO!$AF$7)*OFFSET(ORÇAMENTO!$W$15,ROW(AF31)-ROW(AF$15),0),15-13*ORÇAMENTO!$AF$11)),0)","v":0},{"$f":"IF(AND($D31=\"Serviço\",AG$12<>0,$H31>0,OR(AUTOEVENTO<>\"manual\",$M31<>1)),\nIF(Import.TipoArredondamento<>\"TransfereGOV\",\nROUND(OFFSET($P31,0,AG$13),15-13*ORÇAMENTO!$AF$7)/$H31*OFFSET(ORÇAMENTO!$X$15,ROW(AG31)-ROW(AG$15),0),\nROUND(ROUND(OFFSET($P31,0,AG$13),15-13*ORÇAMENTO!$AF$7)*OFFSET(ORÇAMENTO!$W$15,ROW(AG31)-ROW(AG$15),0),15-13*ORÇAMENTO!$AF$11)),0)","v":0},{"$f":"IF(AND($D31=\"Serviço\",AH$12<>0,$H31>0,OR(AUTOEVENTO<>\"manual\",$M31<>1)),\nIF(Import.TipoArredondamento<>\"TransfereGOV\",\nROUND(OFFSET($P31,0,AH$13),15-13*ORÇAMENTO!$AF$7)/$H31*OFFSET(ORÇAMENTO!$X$15,ROW(AH31)-ROW(AH$15),0),\nROUND(ROUND(OFFSET($P31,0,AH$13),15-13*ORÇAMENTO!$AF$7)*OFFSET(ORÇAMENTO!$W$15,ROW(AH31)-ROW(AH$15),0),15-13*ORÇAMENTO!$AF$11)),0)","v":0},{"$f":"IF(AND($D31=\"Serviço\",AI$12<>0,$H31>0,OR(AUTOEVENTO<>\"manual\",$M31<>1)),\nIF(Import.TipoArredondamento<>\"TransfereGOV\",\nROUND(OFFSET($P31,0,AI$13),15-13*ORÇAMENTO!$AF$7)/$H31*OFFSET(ORÇAMENTO!$X$15,ROW(AI31)-ROW(AI$15),0),\nROUND(ROUND(OFFSET($P31,0,AI$13),15-13*ORÇAMENTO!$AF$7)*OFFSET(ORÇAMENTO!$W$15,ROW(AI31)-ROW(AI$15),0),15-13*ORÇAMENTO!$AF$11)),0)","v":0},{"$f":"IF(AND($D31=\"Serviço\",AJ$12<>0,$H31>0,OR(AUTOEVENTO<>\"manual\",$M31<>1)),\nIF(Import.TipoArredondamento<>\"TransfereGOV\",\nROUND(OFFSET($P31,0,AJ$13),15-13*ORÇAMENTO!$AF$7)/$H31*OFFSET(ORÇAMENTO!$X$15,ROW(AJ31)-ROW(AJ$15),0),\nROUND(ROUND(OFFSET($P31,0,AJ$13),15-13*ORÇAMENTO!$AF$7)*OFFSET(ORÇAMENTO!$W$15,ROW(AJ31)-ROW(AJ$15),0),15-13*ORÇAMENTO!$AF$11)),0)","v":0},{"$f":"IF(AND($D31=\"Serviço\",AK$12<>0,$H31>0,OR(AUTOEVENTO<>\"manual\",$M31<>1)),\nIF(Import.TipoArredondamento<>\"TransfereGOV\",\nROUND(OFFSET($P31,0,AK$13),15-13*ORÇAMENTO!$AF$7)/$H31*OFFSET(ORÇAMENTO!$X$15,ROW(AK31)-ROW(AK$15),0),\nROUND(ROUND(OFFSET($P31,0,AK$13),15-13*ORÇAMENTO!$AF$7)*OFFSET(ORÇAMENTO!$W$15,ROW(AK31)-ROW(AK$15),0),15-13*ORÇAMENTO!$AF$11)),0)","v":0},null,{"$f":"IF($D31<>\"Serviço\",0,IF(AND(AUTOEVENTO=\"Manual\",$M31=1),0,IF(OFFSET(CRONOPLE!$F$14,$M31,AM$13)=\"\",10^12,OFFSET(CRONOPLE!$F$14,$M31,AM$13))))","v":1000000000000},{"$f":"IF($D31<>\"Serviço\",0,IF(AND(AUTOEVENTO=\"Manual\",$M31=1),0,IF(OFFSET(CRONOPLE!$F$14,$M31,AN$13)=\"\",10^12,OFFSET(CRONOPLE!$F$14,$M31,AN$13))))","v":1000000000000},{"$f":"IF($D31<>\"Serviço\",0,IF(AND(AUTOEVENTO=\"Manual\",$M31=1),0,IF(OFFSET(CRONOPLE!$F$14,$M31,AO$13)=\"\",10^12,OFFSET(CRONOPLE!$F$14,$M31,AO$13))))","v":1000000000000},{"$f":"IF($D31<>\"Serviço\",0,IF(AND(AUTOEVENTO=\"Manual\",$M31=1),0,IF(OFFSET(CRONOPLE!$F$14,$M31,AP$13)=\"\",10^12,OFFSET(CRONOPLE!$F$14,$M31,AP$13))))","v":1000000000000},{"$f":"IF($D31<>\"Serviço\",0,IF(AND(AUTOEVENTO=\"Manual\",$M31=1),0,IF(OFFSET(CRONOPLE!$F$14,$M31,AQ$13)=\"\",10^12,OFFSET(CRONOPLE!$F$14,$M31,AQ$13))))","v":1000000000000},{"$f":"IF($D31<>\"Serviço\",0,IF(AND(AUTOEVENTO=\"Manual\",$M31=1),0,IF(OFFSET(CRONOPLE!$F$14,$M31,AR$13)=\"\",10^12,OFFSET(CRONOPLE!$F$14,$M31,AR$13))))","v":1000000000000},{"$f":"IF($D31<>\"Serviço\",0,IF(AND(AUTOEVENTO=\"Manual\",$M31=1),0,IF(OFFSET(CRONOPLE!$F$14,$M31,AS$13)=\"\",10^12,OFFSET(CRONOPLE!$F$14,$M31,AS$13))))","v":1000000000000},{"$f":"IF($D31<>\"Serviço\",0,IF(AND(AUTOEVENTO=\"Manual\",$M31=1),0,IF(OFFSET(CRONOPLE!$F$14,$M31,AT$13)=\"\",10^12,OFFSET(CRONOPLE!$F$14,$M31,AT$13))))","v":1000000000000},{"$f":"IF($D31<>\"Serviço\",0,IF(AND(AUTOEVENTO=\"Manual\",$M31=1),0,IF(OFFSET(CRONOPLE!$F$14,$M31,AU$13)=\"\",10^12,OFFSET(CRONOPLE!$F$14,$M31,AU$13))))","v":1000000000000},{"$f":"IF($D31<>\"Serviço\",0,IF(AND(AUTOEVENTO=\"Manual\",$M31=1),0,IF(OFFSET(CRONOPLE!$F$14,$M31,AV$13)=\"\",10^12,OFFSET(CRONOPLE!$F$14,$M31,AV$13))))","v":1000000000000},null,{"$f":"IF($D31<>\"Serviço\",0,IF(OR(AND(AUTOEVENTO=\"Manual\",$M31=1),$M31>(ROW(PLE.lastrow)-ROW(PLE.firstrow))),0,IF(OFFSET(PLE!$G$14,$M31,AX$13)=\"\",10^12,OFFSET(PLE!$G$14,$M31,AX$13))))","v":1000000000000},{"$f":"IF($D31<>\"Serviço\",0,IF(OR(AND(AUTOEVENTO=\"Manual\",$M31=1),$M31>(ROW(PLE.lastrow)-ROW(PLE.firstrow))),0,IF(OFFSET(PLE!$G$14,$M31,AY$13)=\"\",10^12,OFFSET(PLE!$G$14,$M31,AY$13))))","v":1000000000000},{"$f":"IF($D31<>\"Serviço\",0,IF(OR(AND(AUTOEVENTO=\"Manual\",$M31=1),$M31>(ROW(PLE.lastrow)-ROW(PLE.firstrow))),0,IF(OFFSET(PLE!$G$14,$M31,AZ$13)=\"\",10^12,OFFSET(PLE!$G$14,$M31,AZ$13))))","v":1000000000000},{"$f":"IF($D31<>\"Serviço\",0,IF(OR(AND(AUTOEVENTO=\"Manual\",$M31=1),$M31>(ROW(PLE.lastrow)-ROW(PLE.firstrow))),0,IF(OFFSET(PLE!$G$14,$M31,BA$13)=\"\",10^12,OFFSET(PLE!$G$14,$M31,BA$13))))","v":1000000000000},{"$f":"IF($D31<>\"Serviço\",0,IF(OR(AND(AUTOEVENTO=\"Manual\",$M31=1),$M31>(ROW(PLE.lastrow)-ROW(PLE.firstrow))),0,IF(OFFSET(PLE!$G$14,$M31,BB$13)=\"\",10^12,OFFSET(PLE!$G$14,$M31,BB$13))))","v":1000000000000},{"$f":"IF($D31<>\"Serviço\",0,IF(OR(AND(AUTOEVENTO=\"Manual\",$M31=1),$M31>(ROW(PLE.lastrow)-ROW(PLE.firstrow))),0,IF(OFFSET(PLE!$G$14,$M31,BC$13)=\"\",10^12,OFFSET(PLE!$G$14,$M31,BC$13))))","v":1000000000000},{"$f":"IF($D31<>\"Serviço\",0,IF(OR(AND(AUTOEVENTO=\"Manual\",$M31=1),$M31>(ROW(PLE.lastrow)-ROW(PLE.firstrow))),0,IF(OFFSET(PLE!$G$14,$M31,BD$13)=\"\",10^12,OFFSET(PLE!$G$14,$M31,BD$13))))","v":1000000000000},{"$f":"IF($D31<>\"Serviço\",0,IF(OR(AND(AUTOEVENTO=\"Manual\",$M31=1),$M31>(ROW(PLE.lastrow)-ROW(PLE.firstrow))),0,IF(OFFSET(PLE!$G$14,$M31,BE$13)=\"\",10^12,OFFSET(PLE!$G$14,$M31,BE$13))))","v":1000000000000},{"$f":"IF($D31<>\"Serviço\",0,IF(OR(AND(AUTOEVENTO=\"Manual\",$M31=1),$M31>(ROW(PLE.lastrow)-ROW(PLE.firstrow))),0,IF(OFFSET(PLE!$G$14,$M31,BF$13)=\"\",10^12,OFFSET(PLE!$G$14,$M31,BF$13))))","v":1000000000000},{"$f":"IF($D31<>\"Serviço\",0,IF(OR(AND(AUTOEVENTO=\"Manual\",$M31=1),$M31>(ROW(PLE.lastrow)-ROW(PLE.firstrow))),0,IF(OFFSET(PLE!$G$14,$M31,BG$13)=\"\",10^12,OFFSET(PLE!$G$14,$M31,BG$13))))","v":1000000000000}]
["13",{"$f":"OFFSET(ORÇAMENTO!C$15,ROW(B32)-ROW(B$15),0)","v":"S"},{"$f":"OFFSET(ORÇAMENTO!L$15,ROW(C32)-ROW(C$15),0)","v":"F"},{"$f":"OFFSET(ORÇAMENTO!N$15,ROW(D32)-ROW(D$15),0)","v":"Serviço"},{"$f":"OFFSET(ORÇAMENTO!O$15,ROW(E32)-ROW(E$15),0)","v":"2.1.4."},{"$f":"OFFSET(ORÇAMENTO!R$15,ROW(F32)-ROW(F$15),0)","v":"ESCAVAÇÃO MECANIZADA PARA VIGA BALDRAME OU SAPATA CORRIDA COM MINI-ESCAVADEIRA (INCLUINDO ESCAVAÇÃO PARA COLOCAÇÃO DE FÔRMAS). AF_01/2024"},{"$f":"IF($D32<>\"Serviço\",\"\",OFFSET(ORÇAMENTO!S$15,ROW(G32)-ROW(G$15),0))","v":"M3"},{"$f":"IF($D32<>\"Serviço\",0,IF(ACOMPANHAMENTO=\"BM\",ROUND(OFFSET(ORÇAMENTO!AJ$15,ROW(H32)-ROW(H$15),0),15-13*ORÇAMENTO!$AF$7),SUMPRODUCT(($Q$12:$AA$12<>\"\")*ROUND($Q32:$AA32,15-13*ORÇAMENTO!$AF$7))))","v":41.4},null,null,null,".",{"$f":"IF($D32<>\"Serviço\",\"\",IF(AUTOEVENTO=\"manual\",$A32,IF(ISERROR(MATCH($A32,$A$15:OFFSET($A32,-1,0),0)),MAX($M$15:OFFSET(M32,-1,0))+1,INDEX($M$15:OFFSET(M32,-1,0),MATCH($A32,$A$15:OFFSET($A32,-1,0),0)))))","v":3},{"$f":"IF($D32<>\"Serviço\",\"\",IF(AUTOEVENTO=\"Manual\",IF($A32=0,\"<-- defina o número do agrupador\",OFFSET(EVENTOS!$D$14,$A32,0)),OFFSET($F$15,$A32,0)))","v":"Limpeza, escavações e aterro"},null,null,null,null,null,null,null,null,null,null,null,null,null,{"$f":"IF(AND($D32=\"Serviço\",AB$12<>0,$H32>0,OR(AUTOEVENTO<>\"manual\",$M32<>1)),\nIF(Import.TipoArredondamento<>\"TransfereGOV\",\nROUND(OFFSET($P32,0,AB$13),15-13*ORÇAMENTO!$AF$7)/$H32*OFFSET(ORÇAMENTO!$X$15,ROW(AB32)-ROW(AB$15),0),\nROUND(ROUND(OFFSET($P32,0,AB$13),15-13*ORÇAMENTO!$AF$7)*OFFSET(ORÇAMENTO!$W$15,ROW(AB32)-ROW(AB$15),0),15-13*ORÇAMENTO!$AF$11)),0)","v":0},{"$f":"IF(AND($D32=\"Serviço\",AC$12<>0,$H32>0,OR(AUTOEVENTO<>\"manual\",$M32<>1)),\nIF(Import.TipoArredondamento<>\"TransfereGOV\",\nROUND(OFFSET($P32,0,AC$13),15-13*ORÇAMENTO!$AF$7)/$H32*OFFSET(ORÇAMENTO!$X$15,ROW(AC32)-ROW(AC$15),0),\nROUND(ROUND(OFFSET($P32,0,AC$13),15-13*ORÇAMENTO!$AF$7)*OFFSET(ORÇAMENTO!$W$15,ROW(AC32)-ROW(AC$15),0),15-13*ORÇAMENTO!$AF$11)),0)","v":0},{"$f":"IF(AND($D32=\"Serviço\",AD$12<>0,$H32>0,OR(AUTOEVENTO<>\"manual\",$M32<>1)),\nIF(Import.TipoArredondamento<>\"TransfereGOV\",\nROUND(OFFSET($P32,0,AD$13),15-13*ORÇAMENTO!$AF$7)/$H32*OFFSET(ORÇAMENTO!$X$15,ROW(AD32)-ROW(AD$15),0),\nROUND(ROUND(OFFSET($P32,0,AD$13),15-13*ORÇAMENTO!$AF$7)*OFFSET(ORÇAMENTO!$W$15,ROW(AD32)-ROW(AD$15),0),15-13*ORÇAMENTO!$AF$11)),0)","v":0},{"$f":"IF(AND($D32=\"Serviço\",AE$12<>0,$H32>0,OR(AUTOEVENTO<>\"manual\",$M32<>1)),\nIF(Import.TipoArredondamento<>\"TransfereGOV\",\nROUND(OFFSET($P32,0,AE$13),15-13*ORÇAMENTO!$AF$7)/$H32*OFFSET(ORÇAMENTO!$X$15,ROW(AE32)-ROW(AE$15),0),\nROUND(ROUND(OFFSET($P32,0,AE$13),15-13*ORÇAMENTO!$AF$7)*OFFSET(ORÇAMENTO!$W$15,ROW(AE32)-ROW(AE$15),0),15-13*ORÇAMENTO!$AF$11)),0)","v":0},{"$f":"IF(AND($D32=\"Serviço\",AF$12<>0,$H32>0,OR(AUTOEVENTO<>\"manual\",$M32<>1)),\nIF(Import.TipoArredondamento<>\"TransfereGOV\",\nROUND(OFFSET($P32,0,AF$13),15-13*ORÇAMENTO!$AF$7)/$H32*OFFSET(ORÇAMENTO!$X$15,ROW(AF32)-ROW(AF$15),0),\nROUND(ROUND(OFFSET($P32,0,AF$13),15-13*ORÇAMENTO!$AF$7)*OFFSET(ORÇAMENTO!$W$15,ROW(AF32)-ROW(AF$15),0),15-13*ORÇAMENTO!$AF$11)),0)","v":0},{"$f":"IF(AND($D32=\"Serviço\",AG$12<>0,$H32>0,OR(AUTOEVENTO<>\"manual\",$M32<>1)),\nIF(Import.TipoArredondamento<>\"TransfereGOV\",\nROUND(OFFSET($P32,0,AG$13),15-13*ORÇAMENTO!$AF$7)/$H32*OFFSET(ORÇAMENTO!$X$15,ROW(AG32)-ROW(AG$15),0),\nROUND(ROUND(OFFSET($P32,0,AG$13),15-13*ORÇAMENTO!$AF$7)*OFFSET(ORÇAMENTO!$W$15,ROW(AG32)-ROW(AG$15),0),15-13*ORÇAMENTO!$AF$11)),0)","v":0},{"$f":"IF(AND($D32=\"Serviço\",AH$12<>0,$H32>0,OR(AUTOEVENTO<>\"manual\",$M32<>1)),\nIF(Import.TipoArredondamento<>\"TransfereGOV\",\nROUND(OFFSET($P32,0,AH$13),15-13*ORÇAMENTO!$AF$7)/$H32*OFFSET(ORÇAMENTO!$X$15,ROW(AH32)-ROW(AH$15),0),\nROUND(ROUND(OFFSET($P32,0,AH$13),15-13*ORÇAMENTO!$AF$7)*OFFSET(ORÇAMENTO!$W$15,ROW(AH32)-ROW(AH$15),0),15-13*ORÇAMENTO!$AF$11)),0)","v":0},{"$f":"IF(AND($D32=\"Serviço\",AI$12<>0,$H32>0,OR(AUTOEVENTO<>\"manual\",$M32<>1)),\nIF(Import.TipoArredondamento<>\"TransfereGOV\",\nROUND(OFFSET($P32,0,AI$13),15-13*ORÇAMENTO!$AF$7)/$H32*OFFSET(ORÇAMENTO!$X$15,ROW(AI32)-ROW(AI$15),0),\nROUND(ROUND(OFFSET($P32,0,AI$13),15-13*ORÇAMENTO!$AF$7)*OFFSET(ORÇAMENTO!$W$15,ROW(AI32)-ROW(AI$15),0),15-13*ORÇAMENTO!$AF$11)),0)","v":0},{"$f":"IF(AND($D32=\"Serviço\",AJ$12<>0,$H32>0,OR(AUTOEVENTO<>\"manual\",$M32<>1)),\nIF(Import.TipoArredondamento<>\"TransfereGOV\",\nROUND(OFFSET($P32,0,AJ$13),15-13*ORÇAMENTO!$AF$7)/$H32*OFFSET(ORÇAMENTO!$X$15,ROW(AJ32)-ROW(AJ$15),0),\nROUND(ROUND(OFFSET($P32,0,AJ$13),15-13*ORÇAMENTO!$AF$7)*OFFSET(ORÇAMENTO!$W$15,ROW(AJ32)-ROW(AJ$15),0),15-13*ORÇAMENTO!$AF$11)),0)","v":0},{"$f":"IF(AND($D32=\"Serviço\",AK$12<>0,$H32>0,OR(AUTOEVENTO<>\"manual\",$M32<>1)),\nIF(Import.TipoArredondamento<>\"TransfereGOV\",\nROUND(OFFSET($P32,0,AK$13),15-13*ORÇAMENTO!$AF$7)/$H32*OFFSET(ORÇAMENTO!$X$15,ROW(AK32)-ROW(AK$15),0),\nROUND(ROUND(OFFSET($P32,0,AK$13),15-13*ORÇAMENTO!$AF$7)*OFFSET(ORÇAMENTO!$W$15,ROW(AK32)-ROW(AK$15),0),15-13*ORÇAMENTO!$AF$11)),0)","v":0},null,{"$f":"IF($D32<>\"Serviço\",0,IF(AND(AUTOEVENTO=\"Manual\",$M32=1),0,IF(OFFSET(CRONOPLE!$F$14,$M32,AM$13)=\"\",10^12,OFFSET(CRONOPLE!$F$14,$M32,AM$13))))","v":1000000000000},{"$f":"IF($D32<>\"Serviço\",0,IF(AND(AUTOEVENTO=\"Manual\",$M32=1),0,IF(OFFSET(CRONOPLE!$F$14,$M32,AN$13)=\"\",10^12,OFFSET(CRONOPLE!$F$14,$M32,AN$13))))","v":1000000000000},{"$f":"IF($D32<>\"Serviço\",0,IF(AND(AUTOEVENTO=\"Manual\",$M32=1),0,IF(OFFSET(CRONOPLE!$F$14,$M32,AO$13)=\"\",10^12,OFFSET(CRONOPLE!$F$14,$M32,AO$13))))","v":1000000000000},{"$f":"IF($D32<>\"Serviço\",0,IF(AND(AUTOEVENTO=\"Manual\",$M32=1),0,IF(OFFSET(CRONOPLE!$F$14,$M32,AP$13)=\"\",10^12,OFFSET(CRONOPLE!$F$14,$M32,AP$13))))","v":1000000000000},{"$f":"IF($D32<>\"Serviço\",0,IF(AND(AUTOEVENTO=\"Manual\",$M32=1),0,IF(OFFSET(CRONOPLE!$F$14,$M32,AQ$13)=\"\",10^12,OFFSET(CRONOPLE!$F$14,$M32,AQ$13))))","v":1000000000000},{"$f":"IF($D32<>\"Serviço\",0,IF(AND(AUTOEVENTO=\"Manual\",$M32=1),0,IF(OFFSET(CRONOPLE!$F$14,$M32,AR$13)=\"\",10^12,OFFSET(CRONOPLE!$F$14,$M32,AR$13))))","v":1000000000000},{"$f":"IF($D32<>\"Serviço\",0,IF(AND(AUTOEVENTO=\"Manual\",$M32=1),0,IF(OFFSET(CRONOPLE!$F$14,$M32,AS$13)=\"\",10^12,OFFSET(CRONOPLE!$F$14,$M32,AS$13))))","v":1000000000000},{"$f":"IF($D32<>\"Serviço\",0,IF(AND(AUTOEVENTO=\"Manual\",$M32=1),0,IF(OFFSET(CRONOPLE!$F$14,$M32,AT$13)=\"\",10^12,OFFSET(CRONOPLE!$F$14,$M32,AT$13))))","v":1000000000000},{"$f":"IF($D32<>\"Serviço\",0,IF(AND(AUTOEVENTO=\"Manual\",$M32=1),0,IF(OFFSET(CRONOPLE!$F$14,$M32,AU$13)=\"\",10^12,OFFSET(CRONOPLE!$F$14,$M32,AU$13))))","v":1000000000000},{"$f":"IF($D32<>\"Serviço\",0,IF(AND(AUTOEVENTO=\"Manual\",$M32=1),0,IF(OFFSET(CRONOPLE!$F$14,$M32,AV$13)=\"\",10^12,OFFSET(CRONOPLE!$F$14,$M32,AV$13))))","v":1000000000000},null,{"$f":"IF($D32<>\"Serviço\",0,IF(OR(AND(AUTOEVENTO=\"Manual\",$M32=1),$M32>(ROW(PLE.lastrow)-ROW(PLE.firstrow))),0,IF(OFFSET(PLE!$G$14,$M32,AX$13)=\"\",10^12,OFFSET(PLE!$G$14,$M32,AX$13))))","v":1000000000000},{"$f":"IF($D32<>\"Serviço\",0,IF(OR(AND(AUTOEVENTO=\"Manual\",$M32=1),$M32>(ROW(PLE.lastrow)-ROW(PLE.firstrow))),0,IF(OFFSET(PLE!$G$14,$M32,AY$13)=\"\",10^12,OFFSET(PLE!$G$14,$M32,AY$13))))","v":1000000000000},{"$f":"IF($D32<>\"Serviço\",0,IF(OR(AND(AUTOEVENTO=\"Manual\",$M32=1),$M32>(ROW(PLE.lastrow)-ROW(PLE.firstrow))),0,IF(OFFSET(PLE!$G$14,$M32,AZ$13)=\"\",10^12,OFFSET(PLE!$G$14,$M32,AZ$13))))","v":1000000000000},{"$f":"IF($D32<>\"Serviço\",0,IF(OR(AND(AUTOEVENTO=\"Manual\",$M32=1),$M32>(ROW(PLE.lastrow)-ROW(PLE.firstrow))),0,IF(OFFSET(PLE!$G$14,$M32,BA$13)=\"\",10^12,OFFSET(PLE!$G$14,$M32,BA$13))))","v":1000000000000},{"$f":"IF($D32<>\"Serviço\",0,IF(OR(AND(AUTOEVENTO=\"Manual\",$M32=1),$M32>(ROW(PLE.lastrow)-ROW(PLE.firstrow))),0,IF(OFFSET(PLE!$G$14,$M32,BB$13)=\"\",10^12,OFFSET(PLE!$G$14,$M32,BB$13))))","v":1000000000000},{"$f":"IF($D32<>\"Serviço\",0,IF(OR(AND(AUTOEVENTO=\"Manual\",$M32=1),$M32>(ROW(PLE.lastrow)-ROW(PLE.firstrow))),0,IF(OFFSET(PLE!$G$14,$M32,BC$13)=\"\",10^12,OFFSET(PLE!$G$14,$M32,BC$13))))","v":1000000000000},{"$f":"IF($D32<>\"Serviço\",0,IF(OR(AND(AUTOEVENTO=\"Manual\",$M32=1),$M32>(ROW(PLE.lastrow)-ROW(PLE.firstrow))),0,IF(OFFSET(PLE!$G$14,$M32,BD$13)=\"\",10^12,OFFSET(PLE!$G$14,$M32,BD$13))))","v":1000000000000},{"$f":"IF($D32<>\"Serviço\",0,IF(OR(AND(AUTOEVENTO=\"Manual\",$M32=1),$M32>(ROW(PLE.lastrow)-ROW(PLE.firstrow))),0,IF(OFFSET(PLE!$G$14,$M32,BE$13)=\"\",10^12,OFFSET(PLE!$G$14,$M32,BE$13))))","v":1000000000000},{"$f":"IF($D32<>\"Serviço\",0,IF(OR(AND(AUTOEVENTO=\"Manual\",$M32=1),$M32>(ROW(PLE.lastrow)-ROW(PLE.firstrow))),0,IF(OFFSET(PLE!$G$14,$M32,BF$13)=\"\",10^12,OFFSET(PLE!$G$14,$M32,BF$13))))","v":1000000000000},{"$f":"IF($D32<>\"Serviço\",0,IF(OR(AND(AUTOEVENTO=\"Manual\",$M32=1),$M32>(ROW(PLE.lastrow)-ROW(PLE.firstrow))),0,IF(OFFSET(PLE!$G$14,$M32,BG$13)=\"\",10^12,OFFSET(PLE!$G$14,$M32,BG$13))))","v":1000000000000}]
["13",{"$f":"OFFSET(ORÇAMENTO!C$15,ROW(B33)-ROW(B$15),0)","v":"S"},{"$f":"OFFSET(ORÇAMENTO!L$15,ROW(C33)-ROW(C$15),0)","v":"F"},{"$f":"OFFSET(ORÇAMENTO!N$15,ROW(D33)-ROW(D$15),0)","v":"Serviço"},{"$f":"OFFSET(ORÇAMENTO!O$15,ROW(E33)-ROW(E$15),0)","v":"2.1.5."},{"$f":"OFFSET(ORÇAMENTO!R$15,ROW(F33)-ROW(F$15),0)","v":"PREPARO DE FUNDO DE VALA COM LARGURA MAIOR OU IGUAL A 1,5 M E MENOR QUE 2,5 M (ACERTO DO SOLO NATURAL). AF_08/2020"},{"$f":"IF($D33<>\"Serviço\",\"\",OFFSET(ORÇAMENTO!S$15,ROW(G33)-ROW(G$15),0))","v":"M2"},{"$f":"IF($D33<>\"Serviço\",0,IF(ACOMPANHAMENTO=\"BM\",ROUND(OFFSET(ORÇAMENTO!AJ$15,ROW(H33)-ROW(H$15),0),15-13*ORÇAMENTO!$AF$7),SUMPRODUCT(($Q$12:$AA$12<>\"\")*ROUND($Q33:$AA33,15-13*ORÇAMENTO!$AF$7))))","v":47.9},null,null,null,".",{"$f":"IF($D33<>\"Serviço\",\"\",IF(AUTOEVENTO=\"manual\",$A33,IF(ISERROR(MATCH($A33,$A$15:OFFSET($A33,-1,0),0)),MAX($M$15:OFFSET(M33,-1,0))+1,INDEX($M$15:OFFSET(M33,-1,0),MATCH($A33,$A$15:OFFSET($A33,-1,0),0)))))","v":3},{"$f":"IF($D33<>\"Serviço\",\"\",IF(AUTOEVENTO=\"Manual\",IF($A33=0,\"<-- defina o número do agrupador\",OFFSET(EVENTOS!$D$14,$A33,0)),OFFSET($F$15,$A33,0)))","v":"Limpeza, escavações e aterro"},null,null,null,null,null,null,null,null,null,null,null,null,null,{"$f":"IF(AND($D33=\"Serviço\",AB$12<>0,$H33>0,OR(AUTOEVENTO<>\"manual\",$M33<>1)),\nIF(Import.TipoArredondamento<>\"TransfereGOV\",\nROUND(OFFSET($P33,0,AB$13),15-13*ORÇAMENTO!$AF$7)/$H33*OFFSET(ORÇAMENTO!$X$15,ROW(AB33)-ROW(AB$15),0),\nROUND(ROUND(OFFSET($P33,0,AB$13),15-13*ORÇAMENTO!$AF$7)*OFFSET(ORÇAMENTO!$W$15,ROW(AB33)-ROW(AB$15),0),15-13*ORÇAMENTO!$AF$11)),0)","v":0},{"$f":"IF(AND($D33=\"Serviço\",AC$12<>0,$H33>0,OR(AUTOEVENTO<>\"manual\",$M33<>1)),\nIF(Import.TipoArredondamento<>\"TransfereGOV\",\nROUND(OFFSET($P33,0,AC$13),15-13*ORÇAMENTO!$AF$7)/$H33*OFFSET(ORÇAMENTO!$X$15,ROW(AC33)-ROW(AC$15),0),\nROUND(ROUND(OFFSET($P33,0,AC$13),15-13*ORÇAMENTO!$AF$7)*OFFSET(ORÇAMENTO!$W$15,ROW(AC33)-ROW(AC$15),0),15-13*ORÇAMENTO!$AF$11)),0)","v":0},{"$f":"IF(AND($D33=\"Serviço\",AD$12<>0,$H33>0,OR(AUTOEVENTO<>\"manual\",$M33<>1)),\nIF(Import.TipoArredondamento<>\"TransfereGOV\",\nROUND(OFFSET($P33,0,AD$13),15-13*ORÇAMENTO!$AF$7)/$H33*OFFSET(ORÇAMENTO!$X$15,ROW(AD33)-ROW(AD$15),0),\nROUND(ROUND(OFFSET($P33,0,AD$13),15-13*ORÇAMENTO!$AF$7)*OFFSET(ORÇAMENTO!$W$15,ROW(AD33)-ROW(AD$15),0),15-13*ORÇAMENTO!$AF$11)),0)","v":0},{"$f":"IF(AND($D33=\"Serviço\",AE$12<>0,$H33>0,OR(AUTOEVENTO<>\"manual\",$M33<>1)),\nIF(Import.TipoArredondamento<>\"TransfereGOV\",\nROUND(OFFSET($P33,0,AE$13),15-13*ORÇAMENTO!$AF$7)/$H33*OFFSET(ORÇAMENTO!$X$15,ROW(AE33)-ROW(AE$15),0),\nROUND(ROUND(OFFSET($P33,0,AE$13),15-13*ORÇAMENTO!$AF$7)*OFFSET(ORÇAMENTO!$W$15,ROW(AE33)-ROW(AE$15),0),15-13*ORÇAMENTO!$AF$11)),0)","v":0},{"$f":"IF(AND($D33=\"Serviço\",AF$12<>0,$H33>0,OR(AUTOEVENTO<>\"manual\",$M33<>1)),\nIF(Import.TipoArredondamento<>\"TransfereGOV\",\nROUND(OFFSET($P33,0,AF$13),15-13*ORÇAMENTO!$AF$7)/$H33*OFFSET(ORÇAMENTO!$X$15,ROW(AF33)-ROW(AF$15),0),\nROUND(ROUND(OFFSET($P33,0,AF$13),15-13*ORÇAMENTO!$AF$7)*OFFSET(ORÇAMENTO!$W$15,ROW(AF33)-ROW(AF$15),0),15-13*ORÇAMENTO!$AF$11)),0)","v":0},{"$f":"IF(AND($D33=\"Serviço\",AG$12<>0,$H33>0,OR(AUTOEVENTO<>\"manual\",$M33<>1)),\nIF(Import.TipoArredondamento<>\"TransfereGOV\",\nROUND(OFFSET($P33,0,AG$13),15-13*ORÇAMENTO!$AF$7)/$H33*OFFSET(ORÇAMENTO!$X$15,ROW(AG33)-ROW(AG$15),0),\nROUND(ROUND(OFFSET($P33,0,AG$13),15-13*ORÇAMENTO!$AF$7)*OFFSET(ORÇAMENTO!$W$15,ROW(AG33)-ROW(AG$15),0),15-13*ORÇAMENTO!$AF$11)),0)","v":0},{"$f":"IF(AND($D33=\"Serviço\",AH$12<>0,$H33>0,OR(AUTOEVENTO<>\"manual\",$M33<>1)),\nIF(Import.TipoArredondamento<>\"TransfereGOV\",\nROUND(OFFSET($P33,0,AH$13),15-13*ORÇAMENTO!$AF$7)/$H33*OFFSET(ORÇAMENTO!$X$15,ROW(AH33)-ROW(AH$15),0),\nROUND(ROUND(OFFSET($P33,0,AH$13),15-13*ORÇAMENTO!$AF$7)*OFFSET(ORÇAMENTO!$W$15,ROW(AH33)-ROW(AH$15),0),15-13*ORÇAMENTO!$AF$11)),0)","v":0},{"$f":"IF(AND($D33=\"Serviço\",AI$12<>0,$H33>0,OR(AUTOEVENTO<>\"manual\",$M33<>1)),\nIF(Import.TipoArredondamento<>\"TransfereGOV\",\nROUND(OFFSET($P33,0,AI$13),15-13*ORÇAMENTO!$AF$7)/$H33*OFFSET(ORÇAMENTO!$X$15,ROW(AI33)-ROW(AI$15),0),\nROUND(ROUND(OFFSET($P33,0,AI$13),15-13*ORÇAMENTO!$AF$7)*OFFSET(ORÇAMENTO!$W$15,ROW(AI33)-ROW(AI$15),0),15-13*ORÇAMENTO!$AF$11)),0)","v":0},{"$f":"IF(AND($D33=\"Serviço\",AJ$12<>0,$H33>0,OR(AUTOEVENTO<>\"manual\",$M33<>1)),\nIF(Import.TipoArredondamento<>\"TransfereGOV\",\nROUND(OFFSET($P33,0,AJ$13),15-13*ORÇAMENTO!$AF$7)/$H33*OFFSET(ORÇAMENTO!$X$15,ROW(AJ33)-ROW(AJ$15),0),\nROUND(ROUND(OFFSET($P33,0,AJ$13),15-13*ORÇAMENTO!$AF$7)*OFFSET(ORÇAMENTO!$W$15,ROW(AJ33)-ROW(AJ$15),0),15-13*ORÇAMENTO!$AF$11)),0)","v":0},{"$f":"IF(AND($D33=\"Serviço\",AK$12<>0,$H33>0,OR(AUTOEVENTO<>\"manual\",$M33<>1)),\nIF(Import.TipoArredondamento<>\"TransfereGOV\",\nROUND(OFFSET($P33,0,AK$13),15-13*ORÇAMENTO!$AF$7)/$H33*OFFSET(ORÇAMENTO!$X$15,ROW(AK33)-ROW(AK$15),0),\nROUND(ROUND(OFFSET($P33,0,AK$13),15-13*ORÇAMENTO!$AF$7)*OFFSET(ORÇAMENTO!$W$15,ROW(AK33)-ROW(AK$15),0),15-13*ORÇAMENTO!$AF$11)),0)","v":0},null,{"$f":"IF($D33<>\"Serviço\",0,IF(AND(AUTOEVENTO=\"Manual\",$M33=1),0,IF(OFFSET(CRONOPLE!$F$14,$M33,AM$13)=\"\",10^12,OFFSET(CRONOPLE!$F$14,$M33,AM$13))))","v":1000000000000},{"$f":"IF($D33<>\"Serviço\",0,IF(AND(AUTOEVENTO=\"Manual\",$M33=1),0,IF(OFFSET(CRONOPLE!$F$14,$M33,AN$13)=\"\",10^12,OFFSET(CRONOPLE!$F$14,$M33,AN$13))))","v":1000000000000},{"$f":"IF($D33<>\"Serviço\",0,IF(AND(AUTOEVENTO=\"Manual\",$M33=1),0,IF(OFFSET(CRONOPLE!$F$14,$M33,AO$13)=\"\",10^12,OFFSET(CRONOPLE!$F$14,$M33,AO$13))))","v":1000000000000},{"$f":"IF($D33<>\"Serviço\",0,IF(AND(AUTOEVENTO=\"Manual\",$M33=1),0,IF(OFFSET(CRONOPLE!$F$14,$M33,AP$13)=\"\",10^12,OFFSET(CRONOPLE!$F$14,$M33,AP$13))))","v":1000000000000},{"$f":"IF($D33<>\"Serviço\",0,IF(AND(AUTOEVENTO=\"Manual\",$M33=1),0,IF(OFFSET(CRONOPLE!$F$14,$M33,AQ$13)=\"\",10^12,OFFSET(CRONOPLE!$F$14,$M33,AQ$13))))","v":1000000000000},{"$f":"IF($D33<>\"Serviço\",0,IF(AND(AUTOEVENTO=\"Manual\",$M33=1),0,IF(OFFSET(CRONOPLE!$F$14,$M33,AR$13)=\"\",10^12,OFFSET(CRONOPLE!$F$14,$M33,AR$13))))","v":1000000000000},{"$f":"IF($D33<>\"Serviço\",0,IF(AND(AUTOEVENTO=\"Manual\",$M33=1),0,IF(OFFSET(CRONOPLE!$F$14,$M33,AS$13)=\"\",10^12,OFFSET(CRONOPLE!$F$14,$M33,AS$13))))","v":1000000000000},{"$f":"IF($D33<>\"Serviço\",0,IF(AND(AUTOEVENTO=\"Manual\",$M33=1),0,IF(OFFSET(CRONOPLE!$F$14,$M33,AT$13)=\"\",10^12,OFFSET(CRONOPLE!$F$14,$M33,AT$13))))","v":1000000000000},{"$f":"IF($D33<>\"Serviço\",0,IF(AND(AUTOEVENTO=\"Manual\",$M33=1),0,IF(OFFSET(CRONOPLE!$F$14,$M33,AU$13)=\"\",10^12,OFFSET(CRONOPLE!$F$14,$M33,AU$13))))","v":1000000000000},{"$f":"IF($D33<>\"Serviço\",0,IF(AND(AUTOEVENTO=\"Manual\",$M33=1),0,IF(OFFSET(CRONOPLE!$F$14,$M33,AV$13)=\"\",10^12,OFFSET(CRONOPLE!$F$14,$M33,AV$13))))","v":1000000000000},null,{"$f":"IF($D33<>\"Serviço\",0,IF(OR(AND(AUTOEVENTO=\"Manual\",$M33=1),$M33>(ROW(PLE.lastrow)-ROW(PLE.firstrow))),0,IF(OFFSET(PLE!$G$14,$M33,AX$13)=\"\",10^12,OFFSET(PLE!$G$14,$M33,AX$13))))","v":1000000000000},{"$f":"IF($D33<>\"Serviço\",0,IF(OR(AND(AUTOEVENTO=\"Manual\",$M33=1),$M33>(ROW(PLE.lastrow)-ROW(PLE.firstrow))),0,IF(OFFSET(PLE!$G$14,$M33,AY$13)=\"\",10^12,OFFSET(PLE!$G$14,$M33,AY$13))))","v":1000000000000},{"$f":"IF($D33<>\"Serviço\",0,IF(OR(AND(AUTOEVENTO=\"Manual\",$M33=1),$M33>(ROW(PLE.lastrow)-ROW(PLE.firstrow))),0,IF(OFFSET(PLE!$G$14,$M33,AZ$13)=\"\",10^12,OFFSET(PLE!$G$14,$M33,AZ$13))))","v":1000000000000},{"$f":"IF($D33<>\"Serviço\",0,IF(OR(AND(AUTOEVENTO=\"Manual\",$M33=1),$M33>(ROW(PLE.lastrow)-ROW(PLE.firstrow))),0,IF(OFFSET(PLE!$G$14,$M33,BA$13)=\"\",10^12,OFFSET(PLE!$G$14,$M33,BA$13))))","v":1000000000000},{"$f":"IF($D33<>\"Serviço\",0,IF(OR(AND(AUTOEVENTO=\"Manual\",$M33=1),$M33>(ROW(PLE.lastrow)-ROW(PLE.firstrow))),0,IF(OFFSET(PLE!$G$14,$M33,BB$13)=\"\",10^12,OFFSET(PLE!$G$14,$M33,BB$13))))","v":1000000000000},{"$f":"IF($D33<>\"Serviço\",0,IF(OR(AND(AUTOEVENTO=\"Manual\",$M33=1),$M33>(ROW(PLE.lastrow)-ROW(PLE.firstrow))),0,IF(OFFSET(PLE!$G$14,$M33,BC$13)=\"\",10^12,OFFSET(PLE!$G$14,$M33,BC$13))))","v":1000000000000},{"$f":"IF($D33<>\"Serviço\",0,IF(OR(AND(AUTOEVENTO=\"Manual\",$M33=1),$M33>(ROW(PLE.lastrow)-ROW(PLE.firstrow))),0,IF(OFFSET(PLE!$G$14,$M33,BD$13)=\"\",10^12,OFFSET(PLE!$G$14,$M33,BD$13))))","v":1000000000000},{"$f":"IF($D33<>\"Serviço\",0,IF(OR(AND(AUTOEVENTO=\"Manual\",$M33=1),$M33>(ROW(PLE.lastrow)-ROW(PLE.firstrow))),0,IF(OFFSET(PLE!$G$14,$M33,BE$13)=\"\",10^12,OFFSET(PLE!$G$14,$M33,BE$13))))","v":1000000000000},{"$f":"IF($D33<>\"Serviço\",0,IF(OR(AND(AUTOEVENTO=\"Manual\",$M33=1),$M33>(ROW(PLE.lastrow)-ROW(PLE.firstrow))),0,IF(OFFSET(PLE!$G$14,$M33,BF$13)=\"\",10^12,OFFSET(PLE!$G$14,$M33,BF$13))))","v":1000000000000},{"$f":"IF($D33<>\"Serviço\",0,IF(OR(AND(AUTOEVENTO=\"Manual\",$M33=1),$M33>(ROW(PLE.lastrow)-ROW(PLE.firstrow))),0,IF(OFFSET(PLE!$G$14,$M33,BG$13)=\"\",10^12,OFFSET(PLE!$G$14,$M33,BG$13))))","v":1000000000000}]
["13",{"$f":"OFFSET(ORÇAMENTO!C$15,ROW(B34)-ROW(B$15),0)","v":"S"},{"$f":"OFFSET(ORÇAMENTO!L$15,ROW(C34)-ROW(C$15),0)","v":"F"},{"$f":"OFFSET(ORÇAMENTO!N$15,ROW(D34)-ROW(D$15),0)","v":"Serviço"},{"$f":"OFFSET(ORÇAMENTO!O$15,ROW(E34)-ROW(E$15),0)","v":"2.1.6."},{"$f":"OFFSET(ORÇAMENTO!R$15,ROW(F34)-ROW(F$15),0)","v":"REATERRO MECANIZADO DE VALA COM RETROESCAVADEIRA (CAPACIDADE DA CAÇAMBA   DA RETRO: 0,26 M³/POTÊNCIA: 88 HP), LARGURA 0,8 A 1,5 M, PROFUNDIDADE 1,5 A 3,0 M, COM SOLO (SEM SUBSTITUIÇÃO) DE 1ª CATEGORIA E COMPACTADOR DE SOLOS DE PERCUSSÃO. AF_08/2023"},{"$f":"IF($D34<>\"Serviço\",\"\",OFFSET(ORÇAMENTO!S$15,ROW(G34)-ROW(G$15),0))","v":"M3"},{"$f":"IF($D34<>\"Serviço\",0,IF(ACOMPANHAMENTO=\"BM\",ROUND(OFFSET(ORÇAMENTO!AJ$15,ROW(H34)-ROW(H$15),0),15-13*ORÇAMENTO!$AF$7),SUMPRODUCT(($Q$12:$AA$12<>\"\")*ROUND($Q34:$AA34,15-13*ORÇAMENTO!$AF$7))))","v":84.02},null,null,null,".",{"$f":"IF($D34<>\"Serviço\",\"\",IF(AUTOEVENTO=\"manual\",$A34,IF(ISERROR(MATCH($A34,$A$15:OFFSET($A34,-1,0),0)),MAX($M$15:OFFSET(M34,-1,0))+1,INDEX($M$15:OFFSET(M34,-1,0),MATCH($A34,$A$15:OFFSET($A34,-1,0),0)))))","v":3},{"$f":"IF($D34<>\"Serviço\",\"\",IF(AUTOEVENTO=\"Manual\",IF($A34=0,\"<-- defina o número do agrupador\",OFFSET(EVENTOS!$D$14,$A34,0)),OFFSET($F$15,$A34,0)))","v":"Limpeza, escavações e aterro"},null,null,null,null,null,null,null,null,null,null,null,null,null,{"$f":"IF(AND($D34=\"Serviço\",AB$12<>0,$H34>0,OR(AUTOEVENTO<>\"manual\",$M34<>1)),\nIF(Import.TipoArredondamento<>\"TransfereGOV\",\nROUND(OFFSET($P34,0,AB$13),15-13*ORÇAMENTO!$AF$7)/$H34*OFFSET(ORÇAMENTO!$X$15,ROW(AB34)-ROW(AB$15),0),\nROUND(ROUND(OFFSET($P34,0,AB$13),15-13*ORÇAMENTO!$AF$7)*OFFSET(ORÇAMENTO!$W$15,ROW(AB34)-ROW(AB$15),0),15-13*ORÇAMENTO!$AF$11)),0)","v":0},{"$f":"IF(AND($D34=\"Serviço\",AC$12<>0,$H34>0,OR(AUTOEVENTO<>\"manual\",$M34<>1)),\nIF(Import.TipoArredondamento<>\"TransfereGOV\",\nROUND(OFFSET($P34,0,AC$13),15-13*ORÇAMENTO!$AF$7)/$H34*OFFSET(ORÇAMENTO!$X$15,ROW(AC34)-ROW(AC$15),0),\nROUND(ROUND(OFFSET($P34,0,AC$13),15-13*ORÇAMENTO!$AF$7)*OFFSET(ORÇAMENTO!$W$15,ROW(AC34)-ROW(AC$15),0),15-13*ORÇAMENTO!$AF$11)),0)","v":0},{"$f":"IF(AND($D34=\"Serviço\",AD$12<>0,$H34>0,OR(AUTOEVENTO<>\"manual\",$M34<>1)),\nIF(Import.TipoArredondamento<>\"TransfereGOV\",\nROUND(OFFSET($P34,0,AD$13),15-13*ORÇAMENTO!$AF$7)/$H34*OFFSET(ORÇAMENTO!$X$15,ROW(AD34)-ROW(AD$15),0),\nROUND(ROUND(OFFSET($P34,0,AD$13),15-13*ORÇAMENTO!$AF$7)*OFFSET(ORÇAMENTO!$W$15,ROW(AD34)-ROW(AD$15),0),15-13*ORÇAMENTO!$AF$11)),0)","v":0},{"$f":"IF(AND($D34=\"Serviço\",AE$12<>0,$H34>0,OR(AUTOEVENTO<>\"manual\",$M34<>1)),\nIF(Import.TipoArredondamento<>\"TransfereGOV\",\nROUND(OFFSET($P34,0,AE$13),15-13*ORÇAMENTO!$AF$7)/$H34*OFFSET(ORÇAMENTO!$X$15,ROW(AE34)-ROW(AE$15),0),\nROUND(ROUND(OFFSET($P34,0,AE$13),15-13*ORÇAMENTO!$AF$7)*OFFSET(ORÇAMENTO!$W$15,ROW(AE34)-ROW(AE$15),0),15-13*ORÇAMENTO!$AF$11)),0)","v":0},{"$f":"IF(AND($D34=\"Serviço\",AF$12<>0,$H34>0,OR(AUTOEVENTO<>\"manual\",$M34<>1)),\nIF(Import.TipoArredondamento<>\"TransfereGOV\",\nROUND(OFFSET($P34,0,AF$13),15-13*ORÇAMENTO!$AF$7)/$H34*OFFSET(ORÇAMENTO!$X$15,ROW(AF34)-ROW(AF$15),0),\nROUND(ROUND(OFFSET($P34,0,AF$13),15-13*ORÇAMENTO!$AF$7)*OFFSET(ORÇAMENTO!$W$15,ROW(AF34)-ROW(AF$15),0),15-13*ORÇAMENTO!$AF$11)),0)","v":0},{"$f":"IF(AND($D34=\"Serviço\",AG$12<>0,$H34>0,OR(AUTOEVENTO<>\"manual\",$M34<>1)),\nIF(Import.TipoArredondamento<>\"TransfereGOV\",\nROUND(OFFSET($P34,0,AG$13),15-13*ORÇAMENTO!$AF$7)/$H34*OFFSET(ORÇAMENTO!$X$15,ROW(AG34)-ROW(AG$15),0),\nROUND(ROUND(OFFSET($P34,0,AG$13),15-13*ORÇAMENTO!$AF$7)*OFFSET(ORÇAMENTO!$W$15,ROW(AG34)-ROW(AG$15),0),15-13*ORÇAMENTO!$AF$11)),0)","v":0},{"$f":"IF(AND($D34=\"Serviço\",AH$12<>0,$H34>0,OR(AUTOEVENTO<>\"manual\",$M34<>1)),\nIF(Import.TipoArredondamento<>\"TransfereGOV\",\nROUND(OFFSET($P34,0,AH$13),15-13*ORÇAMENTO!$AF$7)/$H34*OFFSET(ORÇAMENTO!$X$15,ROW(AH34)-ROW(AH$15),0),\nROUND(ROUND(OFFSET($P34,0,AH$13),15-13*ORÇAMENTO!$AF$7)*OFFSET(ORÇAMENTO!$W$15,ROW(AH34)-ROW(AH$15),0),15-13*ORÇAMENTO!$AF$11)),0)","v":0},{"$f":"IF(AND($D34=\"Serviço\",AI$12<>0,$H34>0,OR(AUTOEVENTO<>\"manual\",$M34<>1)),\nIF(Import.TipoArredondamento<>\"TransfereGOV\",\nROUND(OFFSET($P34,0,AI$13),15-13*ORÇAMENTO!$AF$7)/$H34*OFFSET(ORÇAMENTO!$X$15,ROW(AI34)-ROW(AI$15),0),\nROUND(ROUND(OFFSET($P34,0,AI$13),15-13*ORÇAMENTO!$AF$7)*OFFSET(ORÇAMENTO!$W$15,ROW(AI34)-ROW(AI$15),0),15-13*ORÇAMENTO!$AF$11)),0)","v":0},{"$f":"IF(AND($D34=\"Serviço\",AJ$12<>0,$H34>0,OR(AUTOEVENTO<>\"manual\",$M34<>1)),\nIF(Import.TipoArredondamento<>\"TransfereGOV\",\nROUND(OFFSET($P34,0,AJ$13),15-13*ORÇAMENTO!$AF$7)/$H34*OFFSET(ORÇAMENTO!$X$15,ROW(AJ34)-ROW(AJ$15),0),\nROUND(ROUND(OFFSET($P34,0,AJ$13),15-13*ORÇAMENTO!$AF$7)*OFFSET(ORÇAMENTO!$W$15,ROW(AJ34)-ROW(AJ$15),0),15-13*ORÇAMENTO!$AF$11)),0)","v":0},{"$f":"IF(AND($D34=\"Serviço\",AK$12<>0,$H34>0,OR(AUTOEVENTO<>\"manual\",$M34<>1)),\nIF(Import.TipoArredondamento<>\"TransfereGOV\",\nROUND(OFFSET($P34,0,AK$13),15-13*ORÇAMENTO!$AF$7)/$H34*OFFSET(ORÇAMENTO!$X$15,ROW(AK34)-ROW(AK$15),0),\nROUND(ROUND(OFFSET($P34,0,AK$13),15-13*ORÇAMENTO!$AF$7)*OFFSET(ORÇAMENTO!$W$15,ROW(AK34)-ROW(AK$15),0),15-13*ORÇAMENTO!$AF$11)),0)","v":0},null,{"$f":"IF($D34<>\"Serviço\",0,IF(AND(AUTOEVENTO=\"Manual\",$M34=1),0,IF(OFFSET(CRONOPLE!$F$14,$M34,AM$13)=\"\",10^12,OFFSET(CRONOPLE!$F$14,$M34,AM$13))))","v":1000000000000},{"$f":"IF($D34<>\"Serviço\",0,IF(AND(AUTOEVENTO=\"Manual\",$M34=1),0,IF(OFFSET(CRONOPLE!$F$14,$M34,AN$13)=\"\",10^12,OFFSET(CRONOPLE!$F$14,$M34,AN$13))))","v":1000000000000},{"$f":"IF($D34<>\"Serviço\",0,IF(AND(AUTOEVENTO=\"Manual\",$M34=1),0,IF(OFFSET(CRONOPLE!$F$14,$M34,AO$13)=\"\",10^12,OFFSET(CRONOPLE!$F$14,$M34,AO$13))))","v":1000000000000},{"$f":"IF($D34<>\"Serviço\",0,IF(AND(AUTOEVENTO=\"Manual\",$M34=1),0,IF(OFFSET(CRONOPLE!$F$14,$M34,AP$13)=\"\",10^12,OFFSET(CRONOPLE!$F$14,$M34,AP$13))))","v":1000000000000},{"$f":"IF($D34<>\"Serviço\",0,IF(AND(AUTOEVENTO=\"Manual\",$M34=1),0,IF(OFFSET(CRONOPLE!$F$14,$M34,AQ$13)=\"\",10^12,OFFSET(CRONOPLE!$F$14,$M34,AQ$13))))","v":1000000000000},{"$f":"IF($D34<>\"Serviço\",0,IF(AND(AUTOEVENTO=\"Manual\",$M34=1),0,IF(OFFSET(CRONOPLE!$F$14,$M34,AR$13)=\"\",10^12,OFFSET(CRONOPLE!$F$14,$M34,AR$13))))","v":1000000000000},{"$f":"IF($D34<>\"Serviço\",0,IF(AND(AUTOEVENTO=\"Manual\",$M34=1),0,IF(OFFSET(CRONOPLE!$F$14,$M34,AS$13)=\"\",10^12,OFFSET(CRONOPLE!$F$14,$M34,AS$13))))","v":1000000000000},{"$f":"IF($D34<>\"Serviço\",0,IF(AND(AUTOEVENTO=\"Manual\",$M34=1),0,IF(OFFSET(CRONOPLE!$F$14,$M34,AT$13)=\"\",10^12,OFFSET(CRONOPLE!$F$14,$M34,AT$13))))","v":1000000000000},{"$f":"IF($D34<>\"Serviço\",0,IF(AND(AUTOEVENTO=\"Manual\",$M34=1),0,IF(OFFSET(CRONOPLE!$F$14,$M34,AU$13)=\"\",10^12,OFFSET(CRONOPLE!$F$14,$M34,AU$13))))","v":1000000000000},{"$f":"IF($D34<>\"Serviço\",0,IF(AND(AUTOEVENTO=\"Manual\",$M34=1),0,IF(OFFSET(CRONOPLE!$F$14,$M34,AV$13)=\"\",10^12,OFFSET(CRONOPLE!$F$14,$M34,AV$13))))","v":1000000000000},null,{"$f":"IF($D34<>\"Serviço\",0,IF(OR(AND(AUTOEVENTO=\"Manual\",$M34=1),$M34>(ROW(PLE.lastrow)-ROW(PLE.firstrow))),0,IF(OFFSET(PLE!$G$14,$M34,AX$13)=\"\",10^12,OFFSET(PLE!$G$14,$M34,AX$13))))","v":1000000000000},{"$f":"IF($D34<>\"Serviço\",0,IF(OR(AND(AUTOEVENTO=\"Manual\",$M34=1),$M34>(ROW(PLE.lastrow)-ROW(PLE.firstrow))),0,IF(OFFSET(PLE!$G$14,$M34,AY$13)=\"\",10^12,OFFSET(PLE!$G$14,$M34,AY$13))))","v":1000000000000},{"$f":"IF($D34<>\"Serviço\",0,IF(OR(AND(AUTOEVENTO=\"Manual\",$M34=1),$M34>(ROW(PLE.lastrow)-ROW(PLE.firstrow))),0,IF(OFFSET(PLE!$G$14,$M34,AZ$13)=\"\",10^12,OFFSET(PLE!$G$14,$M34,AZ$13))))","v":1000000000000},{"$f":"IF($D34<>\"Serviço\",0,IF(OR(AND(AUTOEVENTO=\"Manual\",$M34=1),$M34>(ROW(PLE.lastrow)-ROW(PLE.firstrow))),0,IF(OFFSET(PLE!$G$14,$M34,BA$13)=\"\",10^12,OFFSET(PLE!$G$14,$M34,BA$13))))","v":1000000000000},{"$f":"IF($D34<>\"Serviço\",0,IF(OR(AND(AUTOEVENTO=\"Manual\",$M34=1),$M34>(ROW(PLE.lastrow)-ROW(PLE.firstrow))),0,IF(OFFSET(PLE!$G$14,$M34,BB$13)=\"\",10^12,OFFSET(PLE!$G$14,$M34,BB$13))))","v":1000000000000},{"$f":"IF($D34<>\"Serviço\",0,IF(OR(AND(AUTOEVENTO=\"Manual\",$M34=1),$M34>(ROW(PLE.lastrow)-ROW(PLE.firstrow))),0,IF(OFFSET(PLE!$G$14,$M34,BC$13)=\"\",10^12,OFFSET(PLE!$G$14,$M34,BC$13))))","v":1000000000000},{"$f":"IF($D34<>\"Serviço\",0,IF(OR(AND(AUTOEVENTO=\"Manual\",$M34=1),$M34>(ROW(PLE.lastrow)-ROW(PLE.firstrow))),0,IF(OFFSET(PLE!$G$14,$M34,BD$13)=\"\",10^12,OFFSET(PLE!$G$14,$M34,BD$13))))","v":1000000000000},{"$f":"IF($D34<>\"Serviço\",0,IF(OR(AND(AUTOEVENTO=\"Manual\",$M34=1),$M34>(ROW(PLE.lastrow)-ROW(PLE.firstrow))),0,IF(OFFSET(PLE!$G$14,$M34,BE$13)=\"\",10^12,OFFSET(PLE!$G$14,$M34,BE$13))))","v":1000000000000},{"$f":"IF($D34<>\"Serviço\",0,IF(OR(AND(AUTOEVENTO=\"Manual\",$M34=1),$M34>(ROW(PLE.lastrow)-ROW(PLE.firstrow))),0,IF(OFFSET(PLE!$G$14,$M34,BF$13)=\"\",10^12,OFFSET(PLE!$G$14,$M34,BF$13))))","v":1000000000000},{"$f":"IF($D34<>\"Serviço\",0,IF(OR(AND(AUTOEVENTO=\"Manual\",$M34=1),$M34>(ROW(PLE.lastrow)-ROW(PLE.firstrow))),0,IF(OFFSET(PLE!$G$14,$M34,BG$13)=\"\",10^12,OFFSET(PLE!$G$14,$M34,BG$13))))","v":1000000000000}]
["13",{"$f":"OFFSET(ORÇAMENTO!C$15,ROW(B35)-ROW(B$15),0)","v":"S"},{"$f":"OFFSET(ORÇAMENTO!L$15,ROW(C35)-ROW(C$15),0)","v":"F"},{"$f":"OFFSET(ORÇAMENTO!N$15,ROW(D35)-ROW(D$15),0)","v":"Serviço"},{"$f":"OFFSET(ORÇAMENTO!O$15,ROW(E35)-ROW(E$15),0)","v":"2.1.7."},{"$f":"OFFSET(ORÇAMENTO!R$15,ROW(F35)-ROW(F$15),0)","v":"ATERRO MECANIZADO DE VALA COM RETROESCAVADEIRA (CAPACIDADE DA CAÇAMBA DA RETRO: 0,26 M³ / POTÊNCIA: 88 HP), LARGURA ATÉ 1,5 M, PROFUNDIDADE ATÉ 1,5 M, COM SOLO ARGILO-ARENOSO. AF_08/2023"},{"$f":"IF($D35<>\"Serviço\",\"\",OFFSET(ORÇAMENTO!S$15,ROW(G35)-ROW(G$15),0))","v":"M3"},{"$f":"IF($D35<>\"Serviço\",0,IF(ACOMPANHAMENTO=\"BM\",ROUND(OFFSET(ORÇAMENTO!AJ$15,ROW(H35)-ROW(H$15),0),15-13*ORÇAMENTO!$AF$7),SUMPRODUCT(($Q$12:$AA$12<>\"\")*ROUND($Q35:$AA35,15-13*ORÇAMENTO!$AF$7))))","v":247.36},null,null,null,".",{"$f":"IF($D35<>\"Serviço\",\"\",IF(AUTOEVENTO=\"manual\",$A35,IF(ISERROR(MATCH($A35,$A$15:OFFSET($A35,-1,0),0)),MAX($M$15:OFFSET(M35,-1,0))+1,INDEX($M$15:OFFSET(M35,-1,0),MATCH($A35,$A$15:OFFSET($A35,-1,0),0)))))","v":3},{"$f":"IF($D35<>\"Serviço\",\"\",IF(AUTOEVENTO=\"Manual\",IF($A35=0,\"<-- defina o número do agrupador\",OFFSET(EVENTOS!$D$14,$A35,0)),OFFSET($F$15,$A35,0)))","v":"Limpeza, escavações e aterro"},null,null,null,null,null,null,null,null,null,null,null,null,null,{"$f":"IF(AND($D35=\"Serviço\",AB$12<>0,$H35>0,OR(AUTOEVENTO<>\"manual\",$M35<>1)),\nIF(Import.TipoArredondamento<>\"TransfereGOV\",\nROUND(OFFSET($P35,0,AB$13),15-13*ORÇAMENTO!$AF$7)/$H35*OFFSET(ORÇAMENTO!$X$15,ROW(AB35)-ROW(AB$15),0),\nROUND(ROUND(OFFSET($P35,0,AB$13),15-13*ORÇAMENTO!$AF$7)*OFFSET(ORÇAMENTO!$W$15,ROW(AB35)-ROW(AB$15),0),15-13*ORÇAMENTO!$AF$11)),0)","v":0},{"$f":"IF(AND($D35=\"Serviço\",AC$12<>0,$H35>0,OR(AUTOEVENTO<>\"manual\",$M35<>1)),\nIF(Import.TipoArredondamento<>\"TransfereGOV\",\nROUND(OFFSET($P35,0,AC$13),15-13*ORÇAMENTO!$AF$7)/$H35*OFFSET(ORÇAMENTO!$X$15,ROW(AC35)-ROW(AC$15),0),\nROUND(ROUND(OFFSET($P35,0,AC$13),15-13*ORÇAMENTO!$AF$7)*OFFSET(ORÇAMENTO!$W$15,ROW(AC35)-ROW(AC$15),0),15-13*ORÇAMENTO!$AF$11)),0)","v":0},{"$f":"IF(AND($D35=\"Serviço\",AD$12<>0,$H35>0,OR(AUTOEVENTO<>\"manual\",$M35<>1)),\nIF(Import.TipoArredondamento<>\"TransfereGOV\",\nROUND(OFFSET($P35,0,AD$13),15-13*ORÇAMENTO!$AF$7)/$H35*OFFSET(ORÇAMENTO!$X$15,ROW(AD35)-ROW(AD$15),0),\nROUND(ROUND(OFFSET($P35,0,AD$13),15-13*ORÇAMENTO!$AF$7)*OFFSET(ORÇAMENTO!$W$15,ROW(AD35)-ROW(AD$15),0),15-13*ORÇAMENTO!$AF$11)),0)","v":0},{"$f":"IF(AND($D35=\"Serviço\",AE$12<>0,$H35>0,OR(AUTOEVENTO<>\"manual\",$M35<>1)),\nIF(Import.TipoArredondamento<>\"TransfereGOV\",\nROUND(OFFSET($P35,0,AE$13),15-13*ORÇAMENTO!$AF$7)/$H35*OFFSET(ORÇAMENTO!$X$15,ROW(AE35)-ROW(AE$15),0),\nROUND(ROUND(OFFSET($P35,0,AE$13),15-13*ORÇAMENTO!$AF$7)*OFFSET(ORÇAMENTO!$W$15,ROW(AE35)-ROW(AE$15),0),15-13*ORÇAMENTO!$AF$11)),0)","v":0},{"$f":"IF(AND($D35=\"Serviço\",AF$12<>0,$H35>0,OR(AUTOEVENTO<>\"manual\",$M35<>1)),\nIF(Import.TipoArredondamento<>\"TransfereGOV\",\nROUND(OFFSET($P35,0,AF$13),15-13*ORÇAMENTO!$AF$7)/$H35*OFFSET(ORÇAMENTO!$X$15,ROW(AF35)-ROW(AF$15),0),\nROUND(ROUND(OFFSET($P35,0,AF$13),15-13*ORÇAMENTO!$AF$7)*OFFSET(ORÇAMENTO!$W$15,ROW(AF35)-ROW(AF$15),0),15-13*ORÇAMENTO!$AF$11)),0)","v":0},{"$f":"IF(AND($D35=\"Serviço\",AG$12<>0,$H35>0,OR(AUTOEVENTO<>\"manual\",$M35<>1)),\nIF(Import.TipoArredondamento<>\"TransfereGOV\",\nROUND(OFFSET($P35,0,AG$13),15-13*ORÇAMENTO!$AF$7)/$H35*OFFSET(ORÇAMENTO!$X$15,ROW(AG35)-ROW(AG$15),0),\nROUND(ROUND(OFFSET($P35,0,AG$13),15-13*ORÇAMENTO!$AF$7)*OFFSET(ORÇAMENTO!$W$15,ROW(AG35)-ROW(AG$15),0),15-13*ORÇAMENTO!$AF$11)),0)","v":0},{"$f":"IF(AND($D35=\"Serviço\",AH$12<>0,$H35>0,OR(AUTOEVENTO<>\"manual\",$M35<>1)),\nIF(Import.TipoArredondamento<>\"TransfereGOV\",\nROUND(OFFSET($P35,0,AH$13),15-13*ORÇAMENTO!$AF$7)/$H35*OFFSET(ORÇAMENTO!$X$15,ROW(AH35)-ROW(AH$15),0),\nROUND(ROUND(OFFSET($P35,0,AH$13),15-13*ORÇAMENTO!$AF$7)*OFFSET(ORÇAMENTO!$W$15,ROW(AH35)-ROW(AH$15),0),15-13*ORÇAMENTO!$AF$11)),0)","v":0},{"$f":"IF(AND($D35=\"Serviço\",AI$12<>0,$H35>0,OR(AUTOEVENTO<>\"manual\",$M35<>1)),\nIF(Import.TipoArredondamento<>\"TransfereGOV\",\nROUND(OFFSET($P35,0,AI$13),15-13*ORÇAMENTO!$AF$7)/$H35*OFFSET(ORÇAMENTO!$X$15,ROW(AI35)-ROW(AI$15),0),\nROUND(ROUND(OFFSET($P35,0,AI$13),15-13*ORÇAMENTO!$AF$7)*OFFSET(ORÇAMENTO!$W$15,ROW(AI35)-ROW(AI$15),0),15-13*ORÇAMENTO!$AF$11)),0)","v":0},{"$f":"IF(AND($D35=\"Serviço\",AJ$12<>0,$H35>0,OR(AUTOEVENTO<>\"manual\",$M35<>1)),\nIF(Import.TipoArredondamento<>\"TransfereGOV\",\nROUND(OFFSET($P35,0,AJ$13),15-13*ORÇAMENTO!$AF$7)/$H35*OFFSET(ORÇAMENTO!$X$15,ROW(AJ35)-ROW(AJ$15),0),\nROUND(ROUND(OFFSET($P35,0,AJ$13),15-13*ORÇAMENTO!$AF$7)*OFFSET(ORÇAMENTO!$W$15,ROW(AJ35)-ROW(AJ$15),0),15-13*ORÇAMENTO!$AF$11)),0)","v":0},{"$f":"IF(AND($D35=\"Serviço\",AK$12<>0,$H35>0,OR(AUTOEVENTO<>\"manual\",$M35<>1)),\nIF(Import.TipoArredondamento<>\"TransfereGOV\",\nROUND(OFFSET($P35,0,AK$13),15-13*ORÇAMENTO!$AF$7)/$H35*OFFSET(ORÇAMENTO!$X$15,ROW(AK35)-ROW(AK$15),0),\nROUND(ROUND(OFFSET($P35,0,AK$13),15-13*ORÇAMENTO!$AF$7)*OFFSET(ORÇAMENTO!$W$15,ROW(AK35)-ROW(AK$15),0),15-13*ORÇAMENTO!$AF$11)),0)","v":0},null,{"$f":"IF($D35<>\"Serviço\",0,IF(AND(AUTOEVENTO=\"Manual\",$M35=1),0,IF(OFFSET(CRONOPLE!$F$14,$M35,AM$13)=\"\",10^12,OFFSET(CRONOPLE!$F$14,$M35,AM$13))))","v":1000000000000},{"$f":"IF($D35<>\"Serviço\",0,IF(AND(AUTOEVENTO=\"Manual\",$M35=1),0,IF(OFFSET(CRONOPLE!$F$14,$M35,AN$13)=\"\",10^12,OFFSET(CRONOPLE!$F$14,$M35,AN$13))))","v":1000000000000},{"$f":"IF($D35<>\"Serviço\",0,IF(AND(AUTOEVENTO=\"Manual\",$M35=1),0,IF(OFFSET(CRONOPLE!$F$14,$M35,AO$13)=\"\",10^12,OFFSET(CRONOPLE!$F$14,$M35,AO$13))))","v":1000000000000},{"$f":"IF($D35<>\"Serviço\",0,IF(AND(AUTOEVENTO=\"Manual\",$M35=1),0,IF(OFFSET(CRONOPLE!$F$14,$M35,AP$13)=\"\",10^12,OFFSET(CRONOPLE!$F$14,$M35,AP$13))))","v":1000000000000},{"$f":"IF($D35<>\"Serviço\",0,IF(AND(AUTOEVENTO=\"Manual\",$M35=1),0,IF(OFFSET(CRONOPLE!$F$14,$M35,AQ$13)=\"\",10^12,OFFSET(CRONOPLE!$F$14,$M35,AQ$13))))","v":1000000000000},{"$f":"IF($D35<>\"Serviço\",0,IF(AND(AUTOEVENTO=\"Manual\",$M35=1),0,IF(OFFSET(CRONOPLE!$F$14,$M35,AR$13)=\"\",10^12,OFFSET(CRONOPLE!$F$14,$M35,AR$13))))","v":1000000000000},{"$f":"IF($D35<>\"Serviço\",0,IF(AND(AUTOEVENTO=\"Manual\",$M35=1),0,IF(OFFSET(CRONOPLE!$F$14,$M35,AS$13)=\"\",10^12,OFFSET(CRONOPLE!$F$14,$M35,AS$13))))","v":1000000000000},{"$f":"IF($D35<>\"Serviço\",0,IF(AND(AUTOEVENTO=\"Manual\",$M35=1),0,IF(OFFSET(CRONOPLE!$F$14,$M35,AT$13)=\"\",10^12,OFFSET(CRONOPLE!$F$14,$M35,AT$13))))","v":1000000000000},{"$f":"IF($D35<>\"Serviço\",0,IF(AND(AUTOEVENTO=\"Manual\",$M35=1),0,IF(OFFSET(CRONOPLE!$F$14,$M35,AU$13)=\"\",10^12,OFFSET(CRONOPLE!$F$14,$M35,AU$13))))","v":1000000000000},{"$f":"IF($D35<>\"Serviço\",0,IF(AND(AUTOEVENTO=\"Manual\",$M35=1),0,IF(OFFSET(CRONOPLE!$F$14,$M35,AV$13)=\"\",10^12,OFFSET(CRONOPLE!$F$14,$M35,AV$13))))","v":1000000000000},null,{"$f":"IF($D35<>\"Serviço\",0,IF(OR(AND(AUTOEVENTO=\"Manual\",$M35=1),$M35>(ROW(PLE.lastrow)-ROW(PLE.firstrow))),0,IF(OFFSET(PLE!$G$14,$M35,AX$13)=\"\",10^12,OFFSET(PLE!$G$14,$M35,AX$13))))","v":1000000000000},{"$f":"IF($D35<>\"Serviço\",0,IF(OR(AND(AUTOEVENTO=\"Manual\",$M35=1),$M35>(ROW(PLE.lastrow)-ROW(PLE.firstrow))),0,IF(OFFSET(PLE!$G$14,$M35,AY$13)=\"\",10^12,OFFSET(PLE!$G$14,$M35,AY$13))))","v":1000000000000},{"$f":"IF($D35<>\"Serviço\",0,IF(OR(AND(AUTOEVENTO=\"Manual\",$M35=1),$M35>(ROW(PLE.lastrow)-ROW(PLE.firstrow))),0,IF(OFFSET(PLE!$G$14,$M35,AZ$13)=\"\",10^12,OFFSET(PLE!$G$14,$M35,AZ$13))))","v":1000000000000},{"$f":"IF($D35<>\"Serviço\",0,IF(OR(AND(AUTOEVENTO=\"Manual\",$M35=1),$M35>(ROW(PLE.lastrow)-ROW(PLE.firstrow))),0,IF(OFFSET(PLE!$G$14,$M35,BA$13)=\"\",10^12,OFFSET(PLE!$G$14,$M35,BA$13))))","v":1000000000000},{"$f":"IF($D35<>\"Serviço\",0,IF(OR(AND(AUTOEVENTO=\"Manual\",$M35=1),$M35>(ROW(PLE.lastrow)-ROW(PLE.firstrow))),0,IF(OFFSET(PLE!$G$14,$M35,BB$13)=\"\",10^12,OFFSET(PLE!$G$14,$M35,BB$13))))","v":1000000000000},{"$f":"IF($D35<>\"Serviço\",0,IF(OR(AND(AUTOEVENTO=\"Manual\",$M35=1),$M35>(ROW(PLE.lastrow)-ROW(PLE.firstrow))),0,IF(OFFSET(PLE!$G$14,$M35,BC$13)=\"\",10^12,OFFSET(PLE!$G$14,$M35,BC$13))))","v":1000000000000},{"$f":"IF($D35<>\"Serviço\",0,IF(OR(AND(AUTOEVENTO=\"Manual\",$M35=1),$M35>(ROW(PLE.lastrow)-ROW(PLE.firstrow))),0,IF(OFFSET(PLE!$G$14,$M35,BD$13)=\"\",10^12,OFFSET(PLE!$G$14,$M35,BD$13))))","v":1000000000000},{"$f":"IF($D35<>\"Serviço\",0,IF(OR(AND(AUTOEVENTO=\"Manual\",$M35=1),$M35>(ROW(PLE.lastrow)-ROW(PLE.firstrow))),0,IF(OFFSET(PLE!$G$14,$M35,BE$13)=\"\",10^12,OFFSET(PLE!$G$14,$M35,BE$13))))","v":1000000000000},{"$f":"IF($D35<>\"Serviço\",0,IF(OR(AND(AUTOEVENTO=\"Manual\",$M35=1),$M35>(ROW(PLE.lastrow)-ROW(PLE.firstrow))),0,IF(OFFSET(PLE!$G$14,$M35,BF$13)=\"\",10^12,OFFSET(PLE!$G$14,$M35,BF$13))))","v":1000000000000},{"$f":"IF($D35<>\"Serviço\",0,IF(OR(AND(AUTOEVENTO=\"Manual\",$M35=1),$M35>(ROW(PLE.lastrow)-ROW(PLE.firstrow))),0,IF(OFFSET(PLE!$G$14,$M35,BG$13)=\"\",10^12,OFFSET(PLE!$G$14,$M35,BG$13))))","v":1000000000000}]
["21.",{"$f":"OFFSET(ORÇAMENTO!C$15,ROW(B36)-ROW(B$15),0)","v":1},{"$f":"OFFSET(ORÇAMENTO!L$15,ROW(C36)-ROW(C$15),0)","v":"F"},{"$f":"OFFSET(ORÇAMENTO!N$15,ROW(D36)-ROW(D$15),0)","v":"Meta"},{"$f":"OFFSET(ORÇAMENTO!O$15,ROW(E36)-ROW(E$15),0)","v":"3."},{"$f":"OFFSET(ORÇAMENTO!R$15,ROW(F36)-ROW(F$15),0)","v":"FUNDAÇÕES"},{"$f":"IF($D36<>\"Serviço\",\"\",OFFSET(ORÇAMENTO!S$15,ROW(G36)-ROW(G$15),0))","v":""},{"$f":"IF($D36<>\"Serviço\",0,IF(ACOMPANHAMENTO=\"BM\",ROUND(OFFSET(ORÇAMENTO!AJ$15,ROW(H36)-ROW(H$15),0),15-13*ORÇAMENTO!$AF$7),SUMPRODUCT(($Q$12:$AA$12<>\"\")*ROUND($Q36:$AA36,15-13*ORÇAMENTO!$AF$7))))","v":0},null,null,null,".",{"$f":"IF($D36<>\"Serviço\",\"\",IF(AUTOEVENTO=\"manual\",$A36,IF(ISERROR(MATCH($A36,$A$15:OFFSET($A36,-1,0),0)),MAX($M$15:OFFSET(M36,-1,0))+1,INDEX($M$15:OFFSET(M36,-1,0),MATCH($A36,$A$15:OFFSET($A36,-1,0),0)))))","v":""},{"$f":"IF($D36<>\"Serviço\",\"\",IF(AUTOEVENTO=\"Manual\",IF($A36=0,\"<-- defina o número do agrupador\",OFFSET(EVENTOS!$D$14,$A36,0)),OFFSET($F$15,$A36,0)))","v":""},null,null,null,null,null,null,null,null,null,null,null,null,null,{"$f":"IF(AND($D36=\"Serviço\",AB$12<>0,$H36>0,OR(AUTOEVENTO<>\"manual\",$M36<>1)),\nIF(Import.TipoArredondamento<>\"TransfereGOV\",\nROUND(OFFSET($P36,0,AB$13),15-13*ORÇAMENTO!$AF$7)/$H36*OFFSET(ORÇAMENTO!$X$15,ROW(AB36)-ROW(AB$15),0),\nROUND(ROUND(OFFSET($P36,0,AB$13),15-13*ORÇAMENTO!$AF$7)*OFFSET(ORÇAMENTO!$W$15,ROW(AB36)-ROW(AB$15),0),15-13*ORÇAMENTO!$AF$11)),0)","v":0},{"$f":"IF(AND($D36=\"Serviço\",AC$12<>0,$H36>0,OR(AUTOEVENTO<>\"manual\",$M36<>1)),\nIF(Import.TipoArredondamento<>\"TransfereGOV\",\nROUND(OFFSET($P36,0,AC$13),15-13*ORÇAMENTO!$AF$7)/$H36*OFFSET(ORÇAMENTO!$X$15,ROW(AC36)-ROW(AC$15),0),\nROUND(ROUND(OFFSET($P36,0,AC$13),15-13*ORÇAMENTO!$AF$7)*OFFSET(ORÇAMENTO!$W$15,ROW(AC36)-ROW(AC$15),0),15-13*ORÇAMENTO!$AF$11)),0)","v":0},{"$f":"IF(AND($D36=\"Serviço\",AD$12<>0,$H36>0,OR(AUTOEVENTO<>\"manual\",$M36<>1)),\nIF(Import.TipoArredondamento<>\"TransfereGOV\",\nROUND(OFFSET($P36,0,AD$13),15-13*ORÇAMENTO!$AF$7)/$H36*OFFSET(ORÇAMENTO!$X$15,ROW(AD36)-ROW(AD$15),0),\nROUND(ROUND(OFFSET($P36,0,AD$13),15-13*ORÇAMENTO!$AF$7)*OFFSET(ORÇAMENTO!$W$15,ROW(AD36)-ROW(AD$15),0),15-13*ORÇAMENTO!$AF$11)),0)","v":0},{"$f":"IF(AND($D36=\"Serviço\",AE$12<>0,$H36>0,OR(AUTOEVENTO<>\"manual\",$M36<>1)),\nIF(Import.TipoArredondamento<>\"TransfereGOV\",\nROUND(OFFSET($P36,0,AE$13),15-13*ORÇAMENTO!$AF$7)/$H36*OFFSET(ORÇAMENTO!$X$15,ROW(AE36)-ROW(AE$15),0),\nROUND(ROUND(OFFSET($P36,0,AE$13),15-13*ORÇAMENTO!$AF$7)*OFFSET(ORÇAMENTO!$W$15,ROW(AE36)-ROW(AE$15),0),15-13*ORÇAMENTO!$AF$11)),0)","v":0},{"$f":"IF(AND($D36=\"Serviço\",AF$12<>0,$H36>0,OR(AUTOEVENTO<>\"manual\",$M36<>1)),\nIF(Import.TipoArredondamento<>\"TransfereGOV\",\nROUND(OFFSET($P36,0,AF$13),15-13*ORÇAMENTO!$AF$7)/$H36*OFFSET(ORÇAMENTO!$X$15,ROW(AF36)-ROW(AF$15),0),\nROUND(ROUND(OFFSET($P36,0,AF$13),15-13*ORÇAMENTO!$AF$7)*OFFSET(ORÇAMENTO!$W$15,ROW(AF36)-ROW(AF$15),0),15-13*ORÇAMENTO!$AF$11)),0)","v":0},{"$f":"IF(AND($D36=\"Serviço\",AG$12<>0,$H36>0,OR(AUTOEVENTO<>\"manual\",$M36<>1)),\nIF(Import.TipoArredondamento<>\"TransfereGOV\",\nROUND(OFFSET($P36,0,AG$13),15-13*ORÇAMENTO!$AF$7)/$H36*OFFSET(ORÇAMENTO!$X$15,ROW(AG36)-ROW(AG$15),0),\nROUND(ROUND(OFFSET($P36,0,AG$13),15-13*ORÇAMENTO!$AF$7)*OFFSET(ORÇAMENTO!$W$15,ROW(AG36)-ROW(AG$15),0),15-13*ORÇAMENTO!$AF$11)),0)","v":0},{"$f":"IF(AND($D36=\"Serviço\",AH$12<>0,$H36>0,OR(AUTOEVENTO<>\"manual\",$M36<>1)),\nIF(Import.TipoArredondamento<>\"TransfereGOV\",\nROUND(OFFSET($P36,0,AH$13),15-13*ORÇAMENTO!$AF$7)/$H36*OFFSET(ORÇAMENTO!$X$15,ROW(AH36)-ROW(AH$15),0),\nROUND(ROUND(OFFSET($P36,0,AH$13),15-13*ORÇAMENTO!$AF$7)*OFFSET(ORÇAMENTO!$W$15,ROW(AH36)-ROW(AH$15),0),15-13*ORÇAMENTO!$AF$11)),0)","v":0},{"$f":"IF(AND($D36=\"Serviço\",AI$12<>0,$H36>0,OR(AUTOEVENTO<>\"manual\",$M36<>1)),\nIF(Import.TipoArredondamento<>\"TransfereGOV\",\nROUND(OFFSET($P36,0,AI$13),15-13*ORÇAMENTO!$AF$7)/$H36*OFFSET(ORÇAMENTO!$X$15,ROW(AI36)-ROW(AI$15),0),\nROUND(ROUND(OFFSET($P36,0,AI$13),15-13*ORÇAMENTO!$AF$7)*OFFSET(ORÇAMENTO!$W$15,ROW(AI36)-ROW(AI$15),0),15-13*ORÇAMENTO!$AF$11)),0)","v":0},{"$f":"IF(AND($D36=\"Serviço\",AJ$12<>0,$H36>0,OR(AUTOEVENTO<>\"manual\",$M36<>1)),\nIF(Import.TipoArredondamento<>\"TransfereGOV\",\nROUND(OFFSET($P36,0,AJ$13),15-13*ORÇAMENTO!$AF$7)/$H36*OFFSET(ORÇAMENTO!$X$15,ROW(AJ36)-ROW(AJ$15),0),\nROUND(ROUND(OFFSET($P36,0,AJ$13),15-13*ORÇAMENTO!$AF$7)*OFFSET(ORÇAMENTO!$W$15,ROW(AJ36)-ROW(AJ$15),0),15-13*ORÇAMENTO!$AF$11)),0)","v":0},{"$f":"IF(AND($D36=\"Serviço\",AK$12<>0,$H36>0,OR(AUTOEVENTO<>\"manual\",$M36<>1)),\nIF(Import.TipoArredondamento<>\"TransfereGOV\",\nROUND(OFFSET($P36,0,AK$13),15-13*ORÇAMENTO!$AF$7)/$H36*OFFSET(ORÇAMENTO!$X$15,ROW(AK36)-ROW(AK$15),0),\nROUND(ROUND(OFFSET($P36,0,AK$13),15-13*ORÇAMENTO!$AF$7)*OFFSET(ORÇAMENTO!$W$15,ROW(AK36)-ROW(AK$15),0),15-13*ORÇAMENTO!$AF$11)),0)","v":0},null,{"$f":"IF($D36<>\"Serviço\",0,IF(AND(AUTOEVENTO=\"Manual\",$M36=1),0,IF(OFFSET(CRONOPLE!$F$14,$M36,AM$13)=\"\",10^12,OFFSET(CRONOPLE!$F$14,$M36,AM$13))))","v":0},{"$f":"IF($D36<>\"Serviço\",0,IF(AND(AUTOEVENTO=\"Manual\",$M36=1),0,IF(OFFSET(CRONOPLE!$F$14,$M36,AN$13)=\"\",10^12,OFFSET(CRONOPLE!$F$14,$M36,AN$13))))","v":0},{"$f":"IF($D36<>\"Serviço\",0,IF(AND(AUTOEVENTO=\"Manual\",$M36=1),0,IF(OFFSET(CRONOPLE!$F$14,$M36,AO$13)=\"\",10^12,OFFSET(CRONOPLE!$F$14,$M36,AO$13))))","v":0},{"$f":"IF($D36<>\"Serviço\",0,IF(AND(AUTOEVENTO=\"Manual\",$M36=1),0,IF(OFFSET(CRONOPLE!$F$14,$M36,AP$13)=\"\",10^12,OFFSET(CRONOPLE!$F$14,$M36,AP$13))))","v":0},{"$f":"IF($D36<>\"Serviço\",0,IF(AND(AUTOEVENTO=\"Manual\",$M36=1),0,IF(OFFSET(CRONOPLE!$F$14,$M36,AQ$13)=\"\",10^12,OFFSET(CRONOPLE!$F$14,$M36,AQ$13))))","v":0},{"$f":"IF($D36<>\"Serviço\",0,IF(AND(AUTOEVENTO=\"Manual\",$M36=1),0,IF(OFFSET(CRONOPLE!$F$14,$M36,AR$13)=\"\",10^12,OFFSET(CRONOPLE!$F$14,$M36,AR$13))))","v":0},{"$f":"IF($D36<>\"Serviço\",0,IF(AND(AUTOEVENTO=\"Manual\",$M36=1),0,IF(OFFSET(CRONOPLE!$F$14,$M36,AS$13)=\"\",10^12,OFFSET(CRONOPLE!$F$14,$M36,AS$13))))","v":0},{"$f":"IF($D36<>\"Serviço\",0,IF(AND(AUTOEVENTO=\"Manual\",$M36=1),0,IF(OFFSET(CRONOPLE!$F$14,$M36,AT$13)=\"\",10^12,OFFSET(CRONOPLE!$F$14,$M36,AT$13))))","v":0},{"$f":"IF($D36<>\"Serviço\",0,IF(AND(AUTOEVENTO=\"Manual\",$M36=1),0,IF(OFFSET(CRONOPLE!$F$14,$M36,AU$13)=\"\",10^12,OFFSET(CRONOPLE!$F$14,$M36,AU$13))))","v":0},{"$f":"IF($D36<>\"Serviço\",0,IF(AND(AUTOEVENTO=\"Manual\",$M36=1),0,IF(OFFSET(CRONOPLE!$F$14,$M36,AV$13)=\"\",10^12,OFFSET(CRONOPLE!$F$14,$M36,AV$13))))","v":0},null,{"$f":"IF($D36<>\"Serviço\",0,IF(OR(AND(AUTOEVENTO=\"Manual\",$M36=1),$M36>(ROW(PLE.lastrow)-ROW(PLE.firstrow))),0,IF(OFFSET(PLE!$G$14,$M36,AX$13)=\"\",10^12,OFFSET(PLE!$G$14,$M36,AX$13))))","v":0},{"$f":"IF($D36<>\"Serviço\",0,IF(OR(AND(AUTOEVENTO=\"Manual\",$M36=1),$M36>(ROW(PLE.lastrow)-ROW(PLE.firstrow))),0,IF(OFFSET(PLE!$G$14,$M36,AY$13)=\"\",10^12,OFFSET(PLE!$G$14,$M36,AY$13))))","v":0},{"$f":"IF($D36<>\"Serviço\",0,IF(OR(AND(AUTOEVENTO=\"Manual\",$M36=1),$M36>(ROW(PLE.lastrow)-ROW(PLE.firstrow))),0,IF(OFFSET(PLE!$G$14,$M36,AZ$13)=\"\",10^12,OFFSET(PLE!$G$14,$M36,AZ$13))))","v":0},{"$f":"IF($D36<>\"Serviço\",0,IF(OR(AND(AUTOEVENTO=\"Manual\",$M36=1),$M36>(ROW(PLE.lastrow)-ROW(PLE.firstrow))),0,IF(OFFSET(PLE!$G$14,$M36,BA$13)=\"\",10^12,OFFSET(PLE!$G$14,$M36,BA$13))))","v":0},{"$f":"IF($D36<>\"Serviço\",0,IF(OR(AND(AUTOEVENTO=\"Manual\",$M36=1),$M36>(ROW(PLE.lastrow)-ROW(PLE.firstrow))),0,IF(OFFSET(PLE!$G$14,$M36,BB$13)=\"\",10^12,OFFSET(PLE!$G$14,$M36,BB$13))))","v":0},{"$f":"IF($D36<>\"Serviço\",0,IF(OR(AND(AUTOEVENTO=\"Manual\",$M36=1),$M36>(ROW(PLE.lastrow)-ROW(PLE.firstrow))),0,IF(OFFSET(PLE!$G$14,$M36,BC$13)=\"\",10^12,OFFSET(PLE!$G$14,$M36,BC$13))))","v":0},{"$f":"IF($D36<>\"Serviço\",0,IF(OR(AND(AUTOEVENTO=\"Manual\",$M36=1),$M36>(ROW(PLE.lastrow)-ROW(PLE.firstrow))),0,IF(OFFSET(PLE!$G$14,$M36,BD$13)=\"\",10^12,OFFSET(PLE!$G$14,$M36,BD$13))))","v":0},{"$f":"IF($D36<>\"Serviço\",0,IF(OR(AND(AUTOEVENTO=\"Manual\",$M36=1),$M36>(ROW(PLE.lastrow)-ROW(PLE.firstrow))),0,IF(OFFSET(PLE!$G$14,$M36,BE$13)=\"\",10^12,OFFSET(PLE!$G$14,$M36,BE$13))))","v":0},{"$f":"IF($D36<>\"Serviço\",0,IF(OR(AND(AUTOEVENTO=\"Manual\",$M36=1),$M36>(ROW(PLE.lastrow)-ROW(PLE.firstrow))),0,IF(OFFSET(PLE!$G$14,$M36,BF$13)=\"\",10^12,OFFSET(PLE!$G$14,$M36,BF$13))))","v":0},{"$f":"IF($D36<>\"Serviço\",0,IF(OR(AND(AUTOEVENTO=\"Manual\",$M36=1),$M36>(ROW(PLE.lastrow)-ROW(PLE.firstrow))),0,IF(OFFSET(PLE!$G$14,$M36,BG$13)=\"\",10^12,OFFSET(PLE!$G$14,$M36,BG$13))))","v":0}]
["22.",{"$f":"OFFSET(ORÇAMENTO!C$15,ROW(B37)-ROW(B$15),0)","v":2},{"$f":"OFFSET(ORÇAMENTO!L$15,ROW(C37)-ROW(C$15),0)","v":"F"},{"$f":"OFFSET(ORÇAMENTO!N$15,ROW(D37)-ROW(D$15),0)","v":"Nível 2"},{"$f":"OFFSET(ORÇAMENTO!O$15,ROW(E37)-ROW(E$15),0)","v":"3.1."},{"$f":"OFFSET(ORÇAMENTO!R$15,ROW(F37)-ROW(F$15),0)","v":"Concreto armado para fundações "},{"$f":"IF($D37<>\"Serviço\",\"\",OFFSET(ORÇAMENTO!S$15,ROW(G37)-ROW(G$15),0))","v":""},{"$f":"IF($D37<>\"Serviço\",0,IF(ACOMPANHAMENTO=\"BM\",ROUND(OFFSET(ORÇAMENTO!AJ$15,ROW(H37)-ROW(H$15),0),15-13*ORÇAMENTO!$AF$7),SUMPRODUCT(($Q$12:$AA$12<>\"\")*ROUND($Q37:$AA37,15-13*ORÇAMENTO!$AF$7))))","v":0},null,null,null,".",{"$f":"IF($D37<>\"Serviço\",\"\",IF(AUTOEVENTO=\"manual\",$A37,IF(ISERROR(MATCH($A37,$A$15:OFFSET($A37,-1,0),0)),MAX($M$15:OFFSET(M37,-1,0))+1,INDEX($M$15:OFFSET(M37,-1,0),MATCH($A37,$A$15:OFFSET($A37,-1,0),0)))))","v":""},{"$f":"IF($D37<>\"Serviço\",\"\",IF(AUTOEVENTO=\"Manual\",IF($A37=0,\"<-- defina o número do agrupador\",OFFSET(EVENTOS!$D$14,$A37,0)),OFFSET($F$15,$A37,0)))","v":""},null,null,null,null,null,null,null,null,null,null,null,null,null,{"$f":"IF(AND($D37=\"Serviço\",AB$12<>0,$H37>0,OR(AUTOEVENTO<>\"manual\",$M37<>1)),\nIF(Import.TipoArredondamento<>\"TransfereGOV\",\nROUND(OFFSET($P37,0,AB$13),15-13*ORÇAMENTO!$AF$7)/$H37*OFFSET(ORÇAMENTO!$X$15,ROW(AB37)-ROW(AB$15),0),\nROUND(ROUND(OFFSET($P37,0,AB$13),15-13*ORÇAMENTO!$AF$7)*OFFSET(ORÇAMENTO!$W$15,ROW(AB37)-ROW(AB$15),0),15-13*ORÇAMENTO!$AF$11)),0)","v":0},{"$f":"IF(AND($D37=\"Serviço\",AC$12<>0,$H37>0,OR(AUTOEVENTO<>\"manual\",$M37<>1)),\nIF(Import.TipoArredondamento<>\"TransfereGOV\",\nROUND(OFFSET($P37,0,AC$13),15-13*ORÇAMENTO!$AF$7)/$H37*OFFSET(ORÇAMENTO!$X$15,ROW(AC37)-ROW(AC$15),0),\nROUND(ROUND(OFFSET($P37,0,AC$13),15-13*ORÇAMENTO!$AF$7)*OFFSET(ORÇAMENTO!$W$15,ROW(AC37)-ROW(AC$15),0),15-13*ORÇAMENTO!$AF$11)),0)","v":0},{"$f":"IF(AND($D37=\"Serviço\",AD$12<>0,$H37>0,OR(AUTOEVENTO<>\"manual\",$M37<>1)),\nIF(Import.TipoArredondamento<>\"TransfereGOV\",\nROUND(OFFSET($P37,0,AD$13),15-13*ORÇAMENTO!$AF$7)/$H37*OFFSET(ORÇAMENTO!$X$15,ROW(AD37)-ROW(AD$15),0),\nROUND(ROUND(OFFSET($P37,0,AD$13),15-13*ORÇAMENTO!$AF$7)*OFFSET(ORÇAMENTO!$W$15,ROW(AD37)-ROW(AD$15),0),15-13*ORÇAMENTO!$AF$11)),0)","v":0},{"$f":"IF(AND($D37=\"Serviço\",AE$12<>0,$H37>0,OR(AUTOEVENTO<>\"manual\",$M37<>1)),\nIF(Import.TipoArredondamento<>\"TransfereGOV\",\nROUND(OFFSET($P37,0,AE$13),15-13*ORÇAMENTO!$AF$7)/$H37*OFFSET(ORÇAMENTO!$X$15,ROW(AE37)-ROW(AE$15),0),\nROUND(ROUND(OFFSET($P37,0,AE$13),15-13*ORÇAMENTO!$AF$7)*OFFSET(ORÇAMENTO!$W$15,ROW(AE37)-ROW(AE$15),0),15-13*ORÇAMENTO!$AF$11)),0)","v":0},{"$f":"IF(AND($D37=\"Serviço\",AF$12<>0,$H37>0,OR(AUTOEVENTO<>\"manual\",$M37<>1)),\nIF(Import.TipoArredondamento<>\"TransfereGOV\",\nROUND(OFFSET($P37,0,AF$13),15-13*ORÇAMENTO!$AF$7)/$H37*OFFSET(ORÇAMENTO!$X$15,ROW(AF37)-ROW(AF$15),0),\nROUND(ROUND(OFFSET($P37,0,AF$13),15-13*ORÇAMENTO!$AF$7)*OFFSET(ORÇAMENTO!$W$15,ROW(AF37)-ROW(AF$15),0),15-13*ORÇAMENTO!$AF$11)),0)","v":0},{"$f":"IF(AND($D37=\"Serviço\",AG$12<>0,$H37>0,OR(AUTOEVENTO<>\"manual\",$M37<>1)),\nIF(Import.TipoArredondamento<>\"TransfereGOV\",\nROUND(OFFSET($P37,0,AG$13),15-13*ORÇAMENTO!$AF$7)/$H37*OFFSET(ORÇAMENTO!$X$15,ROW(AG37)-ROW(AG$15),0),\nROUND(ROUND(OFFSET($P37,0,AG$13),15-13*ORÇAMENTO!$AF$7)*OFFSET(ORÇAMENTO!$W$15,ROW(AG37)-ROW(AG$15),0),15-13*ORÇAMENTO!$AF$11)),0)","v":0},{"$f":"IF(AND($D37=\"Serviço\",AH$12<>0,$H37>0,OR(AUTOEVENTO<>\"manual\",$M37<>1)),\nIF(Import.TipoArredondamento<>\"TransfereGOV\",\nROUND(OFFSET($P37,0,AH$13),15-13*ORÇAMENTO!$AF$7)/$H37*OFFSET(ORÇAMENTO!$X$15,ROW(AH37)-ROW(AH$15),0),\nROUND(ROUND(OFFSET($P37,0,AH$13),15-13*ORÇAMENTO!$AF$7)*OFFSET(ORÇAMENTO!$W$15,ROW(AH37)-ROW(AH$15),0),15-13*ORÇAMENTO!$AF$11)),0)","v":0},{"$f":"IF(AND($D37=\"Serviço\",AI$12<>0,$H37>0,OR(AUTOEVENTO<>\"manual\",$M37<>1)),\nIF(Import.TipoArredondamento<>\"TransfereGOV\",\nROUND(OFFSET($P37,0,AI$13),15-13*ORÇAMENTO!$AF$7)/$H37*OFFSET(ORÇAMENTO!$X$15,ROW(AI37)-ROW(AI$15),0),\nROUND(ROUND(OFFSET($P37,0,AI$13),15-13*ORÇAMENTO!$AF$7)*OFFSET(ORÇAMENTO!$W$15,ROW(AI37)-ROW(AI$15),0),15-13*ORÇAMENTO!$AF$11)),0)","v":0},{"$f":"IF(AND($D37=\"Serviço\",AJ$12<>0,$H37>0,OR(AUTOEVENTO<>\"manual\",$M37<>1)),\nIF(Import.TipoArredondamento<>\"TransfereGOV\",\nROUND(OFFSET($P37,0,AJ$13),15-13*ORÇAMENTO!$AF$7)/$H37*OFFSET(ORÇAMENTO!$X$15,ROW(AJ37)-ROW(AJ$15),0),\nROUND(ROUND(OFFSET($P37,0,AJ$13),15-13*ORÇAMENTO!$AF$7)*OFFSET(ORÇAMENTO!$W$15,ROW(AJ37)-ROW(AJ$15),0),15-13*ORÇAMENTO!$AF$11)),0)","v":0},{"$f":"IF(AND($D37=\"Serviço\",AK$12<>0,$H37>0,OR(AUTOEVENTO<>\"manual\",$M37<>1)),\nIF(Import.TipoArredondamento<>\"TransfereGOV\",\nROUND(OFFSET($P37,0,AK$13),15-13*ORÇAMENTO!$AF$7)/$H37*OFFSET(ORÇAMENTO!$X$15,ROW(AK37)-ROW(AK$15),0),\nROUND(ROUND(OFFSET($P37,0,AK$13),15-13*ORÇAMENTO!$AF$7)*OFFSET(ORÇAMENTO!$W$15,ROW(AK37)-ROW(AK$15),0),15-13*ORÇAMENTO!$AF$11)),0)","v":0},null,{"$f":"IF($D37<>\"Serviço\",0,IF(AND(AUTOEVENTO=\"Manual\",$M37=1),0,IF(OFFSET(CRONOPLE!$F$14,$M37,AM$13)=\"\",10^12,OFFSET(CRONOPLE!$F$14,$M37,AM$13))))","v":0},{"$f":"IF($D37<>\"Serviço\",0,IF(AND(AUTOEVENTO=\"Manual\",$M37=1),0,IF(OFFSET(CRONOPLE!$F$14,$M37,AN$13)=\"\",10^12,OFFSET(CRONOPLE!$F$14,$M37,AN$13))))","v":0},{"$f":"IF($D37<>\"Serviço\",0,IF(AND(AUTOEVENTO=\"Manual\",$M37=1),0,IF(OFFSET(CRONOPLE!$F$14,$M37,AO$13)=\"\",10^12,OFFSET(CRONOPLE!$F$14,$M37,AO$13))))","v":0},{"$f":"IF($D37<>\"Serviço\",0,IF(AND(AUTOEVENTO=\"Manual\",$M37=1),0,IF(OFFSET(CRONOPLE!$F$14,$M37,AP$13)=\"\",10^12,OFFSET(CRONOPLE!$F$14,$M37,AP$13))))","v":0},{"$f":"IF($D37<>\"Serviço\",0,IF(AND(AUTOEVENTO=\"Manual\",$M37=1),0,IF(OFFSET(CRONOPLE!$F$14,$M37,AQ$13)=\"\",10^12,OFFSET(CRONOPLE!$F$14,$M37,AQ$13))))","v":0},{"$f":"IF($D37<>\"Serviço\",0,IF(AND(AUTOEVENTO=\"Manual\",$M37=1),0,IF(OFFSET(CRONOPLE!$F$14,$M37,AR$13)=\"\",10^12,OFFSET(CRONOPLE!$F$14,$M37,AR$13))))","v":0},{"$f":"IF($D37<>\"Serviço\",0,IF(AND(AUTOEVENTO=\"Manual\",$M37=1),0,IF(OFFSET(CRONOPLE!$F$14,$M37,AS$13)=\"\",10^12,OFFSET(CRONOPLE!$F$14,$M37,AS$13))))","v":0},{"$f":"IF($D37<>\"Serviço\",0,IF(AND(AUTOEVENTO=\"Manual\",$M37=1),0,IF(OFFSET(CRONOPLE!$F$14,$M37,AT$13)=\"\",10^12,OFFSET(CRONOPLE!$F$14,$M37,AT$13))))","v":0},{"$f":"IF($D37<>\"Serviço\",0,IF(AND(AUTOEVENTO=\"Manual\",$M37=1),0,IF(OFFSET(CRONOPLE!$F$14,$M37,AU$13)=\"\",10^12,OFFSET(CRONOPLE!$F$14,$M37,AU$13))))","v":0},{"$f":"IF($D37<>\"Serviço\",0,IF(AND(AUTOEVENTO=\"Manual\",$M37=1),0,IF(OFFSET(CRONOPLE!$F$14,$M37,AV$13)=\"\",10^12,OFFSET(CRONOPLE!$F$14,$M37,AV$13))))","v":0},null,{"$f":"IF($D37<>\"Serviço\",0,IF(OR(AND(AUTOEVENTO=\"Manual\",$M37=1),$M37>(ROW(PLE.lastrow)-ROW(PLE.firstrow))),0,IF(OFFSET(PLE!$G$14,$M37,AX$13)=\"\",10^12,OFFSET(PLE!$G$14,$M37,AX$13))))","v":0},{"$f":"IF($D37<>\"Serviço\",0,IF(OR(AND(AUTOEVENTO=\"Manual\",$M37=1),$M37>(ROW(PLE.lastrow)-ROW(PLE.firstrow))),0,IF(OFFSET(PLE!$G$14,$M37,AY$13)=\"\",10^12,OFFSET(PLE!$G$14,$M37,AY$13))))","v":0},{"$f":"IF($D37<>\"Serviço\",0,IF(OR(AND(AUTOEVENTO=\"Manual\",$M37=1),$M37>(ROW(PLE.lastrow)-ROW(PLE.firstrow))),0,IF(OFFSET(PLE!$G$14,$M37,AZ$13)=\"\",10^12,OFFSET(PLE!$G$14,$M37,AZ$13))))","v":0},{"$f":"IF($D37<>\"Serviço\",0,IF(OR(AND(AUTOEVENTO=\"Manual\",$M37=1),$M37>(ROW(PLE.lastrow)-ROW(PLE.firstrow))),0,IF(OFFSET(PLE!$G$14,$M37,BA$13)=\"\",10^12,OFFSET(PLE!$G$14,$M37,BA$13))))","v":0},{"$f":"IF($D37<>\"Serviço\",0,IF(OR(AND(AUTOEVENTO=\"Manual\",$M37=1),$M37>(ROW(PLE.lastrow)-ROW(PLE.firstrow))),0,IF(OFFSET(PLE!$G$14,$M37,BB$13)=\"\",10^12,OFFSET(PLE!$G$14,$M37,BB$13))))","v":0},{"$f":"IF($D37<>\"Serviço\",0,IF(OR(AND(AUTOEVENTO=\"Manual\",$M37=1),$M37>(ROW(PLE.lastrow)-ROW(PLE.firstrow))),0,IF(OFFSET(PLE!$G$14,$M37,BC$13)=\"\",10^12,OFFSET(PLE!$G$14,$M37,BC$13))))","v":0},{"$f":"IF($D37<>\"Serviço\",0,IF(OR(AND(AUTOEVENTO=\"Manual\",$M37=1),$M37>(ROW(PLE.lastrow)-ROW(PLE.firstrow))),0,IF(OFFSET(PLE!$G$14,$M37,BD$13)=\"\",10^12,OFFSET(PLE!$G$14,$M37,BD$13))))","v":0},{"$f":"IF($D37<>\"Serviço\",0,IF(OR(AND(AUTOEVENTO=\"Manual\",$M37=1),$M37>(ROW(PLE.lastrow)-ROW(PLE.firstrow))),0,IF(OFFSET(PLE!$G$14,$M37,BE$13)=\"\",10^12,OFFSET(PLE!$G$14,$M37,BE$13))))","v":0},{"$f":"IF($D37<>\"Serviço\",0,IF(OR(AND(AUTOEVENTO=\"Manual\",$M37=1),$M37>(ROW(PLE.lastrow)-ROW(PLE.firstrow))),0,IF(OFFSET(PLE!$G$14,$M37,BF$13)=\"\",10^12,OFFSET(PLE!$G$14,$M37,BF$13))))","v":0},{"$f":"IF($D37<>\"Serviço\",0,IF(OR(AND(AUTOEVENTO=\"Manual\",$M37=1),$M37>(ROW(PLE.lastrow)-ROW(PLE.firstrow))),0,IF(OFFSET(PLE!$G$14,$M37,BG$13)=\"\",10^12,OFFSET(PLE!$G$14,$M37,BG$13))))","v":0}]
["22",{"$f":"OFFSET(ORÇAMENTO!C$15,ROW(B38)-ROW(B$15),0)","v":"S"},{"$f":"OFFSET(ORÇAMENTO!L$15,ROW(C38)-ROW(C$15),0)","v":"F"},{"$f":"OFFSET(ORÇAMENTO!N$15,ROW(D38)-ROW(D$15),0)","v":"Serviço"},{"$f":"OFFSET(ORÇAMENTO!O$15,ROW(E38)-ROW(E$15),0)","v":"3.1.1."},{"$f":"OFFSET(ORÇAMENTO!R$15,ROW(F38)-ROW(F$15),0)","v":"ESTACA ESCAVADA MECANICAMENTE, SEM FLUIDO ESTABILIZANTE, COM 32CM DE DIÂMETRO, CONCRETO LANÇADO MANUALMENTE (EXCLUSIVE MOBILIZAÇÃO E DESMOBILIZAÇÃO). AF_01/2020_PA"},{"$f":"IF($D38<>\"Serviço\",\"\",OFFSET(ORÇAMENTO!S$15,ROW(G38)-ROW(G$15),0))","v":"SINAPI"},{"$f":"IF($D38<>\"Serviço\",0,IF(ACOMPANHAMENTO=\"BM\",ROUND(OFFSET(ORÇAMENTO!AJ$15,ROW(H38)-ROW(H$15),0),15-13*ORÇAMENTO!$AF$7),SUMPRODUCT(($Q$12:$AA$12<>\"\")*ROUND($Q38:$AA38,15-13*ORÇAMENTO!$AF$7))))","v":835},null,null,null,".",{"$f":"IF($D38<>\"Serviço\",\"\",IF(AUTOEVENTO=\"manual\",$A38,IF(ISERROR(MATCH($A38,$A$15:OFFSET($A38,-1,0),0)),MAX($M$15:OFFSET(M38,-1,0))+1,INDEX($M$15:OFFSET(M38,-1,0),MATCH($A38,$A$15:OFFSET($A38,-1,0),0)))))","v":4},{"$f":"IF($D38<>\"Serviço\",\"\",IF(AUTOEVENTO=\"Manual\",IF($A38=0,\"<-- defina o número do agrupador\",OFFSET(EVENTOS!$D$14,$A38,0)),OFFSET($F$15,$A38,0)))","v":"Concreto armado para fundações "},null,null,null,null,null,null,null,null,null,null,null,null,null,{"$f":"IF(AND($D38=\"Serviço\",AB$12<>0,$H38>0,OR(AUTOEVENTO<>\"manual\",$M38<>1)),\nIF(Import.TipoArredondamento<>\"TransfereGOV\",\nROUND(OFFSET($P38,0,AB$13),15-13*ORÇAMENTO!$AF$7)/$H38*OFFSET(ORÇAMENTO!$X$15,ROW(AB38)-ROW(AB$15),0),\nROUND(ROUND(OFFSET($P38,0,AB$13),15-13*ORÇAMENTO!$AF$7)*OFFSET(ORÇAMENTO!$W$15,ROW(AB38)-ROW(AB$15),0),15-13*ORÇAMENTO!$AF$11)),0)","v":0},{"$f":"IF(AND($D38=\"Serviço\",AC$12<>0,$H38>0,OR(AUTOEVENTO<>\"manual\",$M38<>1)),\nIF(Import.TipoArredondamento<>\"TransfereGOV\",\nROUND(OFFSET($P38,0,AC$13),15-13*ORÇAMENTO!$AF$7)/$H38*OFFSET(ORÇAMENTO!$X$15,ROW(AC38)-ROW(AC$15),0),\nROUND(ROUND(OFFSET($P38,0,AC$13),15-13*ORÇAMENTO!$AF$7)*OFFSET(ORÇAMENTO!$W$15,ROW(AC38)-ROW(AC$15),0),15-13*ORÇAMENTO!$AF$11)),0)","v":0},{"$f":"IF(AND($D38=\"Serviço\",AD$12<>0,$H38>0,OR(AUTOEVENTO<>\"manual\",$M38<>1)),\nIF(Import.TipoArredondamento<>\"TransfereGOV\",\nROUND(OFFSET($P38,0,AD$13),15-13*ORÇAMENTO!$AF$7)/$H38*OFFSET(ORÇAMENTO!$X$15,ROW(AD38)-ROW(AD$15),0),\nROUND(ROUND(OFFSET($P38,0,AD$13),15-13*ORÇAMENTO!$AF$7)*OFFSET(ORÇAMENTO!$W$15,ROW(AD38)-ROW(AD$15),0),15-13*ORÇAMENTO!$AF$11)),0)","v":0},{"$f":"IF(AND($D38=\"Serviço\",AE$12<>0,$H38>0,OR(AUTOEVENTO<>\"manual\",$M38<>1)),\nIF(Import.TipoArredondamento<>\"TransfereGOV\",\nROUND(OFFSET($P38,0,AE$13),15-13*ORÇAMENTO!$AF$7)/$H38*OFFSET(ORÇAMENTO!$X$15,ROW(AE38)-ROW(AE$15),0),\nROUND(ROUND(OFFSET($P38,0,AE$13),15-13*ORÇAMENTO!$AF$7)*OFFSET(ORÇAMENTO!$W$15,ROW(AE38)-ROW(AE$15),0),15-13*ORÇAMENTO!$AF$11)),0)","v":0},{"$f":"IF(AND($D38=\"Serviço\",AF$12<>0,$H38>0,OR(AUTOEVENTO<>\"manual\",$M38<>1)),\nIF(Import.TipoArredondamento<>\"TransfereGOV\",\nROUND(OFFSET($P38,0,AF$13),15-13*ORÇAMENTO!$AF$7)/$H38*OFFSET(ORÇAMENTO!$X$15,ROW(AF38)-ROW(AF$15),0),\nROUND(ROUND(OFFSET($P38,0,AF$13),15-13*ORÇAMENTO!$AF$7)*OFFSET(ORÇAMENTO!$W$15,ROW(AF38)-ROW(AF$15),0),15-13*ORÇAMENTO!$AF$11)),0)","v":0},{"$f":"IF(AND($D38=\"Serviço\",AG$12<>0,$H38>0,OR(AUTOEVENTO<>\"manual\",$M38<>1)),\nIF(Import.TipoArredondamento<>\"TransfereGOV\",\nROUND(OFFSET($P38,0,AG$13),15-13*ORÇAMENTO!$AF$7)/$H38*OFFSET(ORÇAMENTO!$X$15,ROW(AG38)-ROW(AG$15),0),\nROUND(ROUND(OFFSET($P38,0,AG$13),15-13*ORÇAMENTO!$AF$7)*OFFSET(ORÇAMENTO!$W$15,ROW(AG38)-ROW(AG$15),0),15-13*ORÇAMENTO!$AF$11)),0)","v":0},{"$f":"IF(AND($D38=\"Serviço\",AH$12<>0,$H38>0,OR(AUTOEVENTO<>\"manual\",$M38<>1)),\nIF(Import.TipoArredondamento<>\"TransfereGOV\",\nROUND(OFFSET($P38,0,AH$13),15-13*ORÇAMENTO!$AF$7)/$H38*OFFSET(ORÇAMENTO!$X$15,ROW(AH38)-ROW(AH$15),0),\nROUND(ROUND(OFFSET($P38,0,AH$13),15-13*ORÇAMENTO!$AF$7)*OFFSET(ORÇAMENTO!$W$15,ROW(AH38)-ROW(AH$15),0),15-13*ORÇAMENTO!$AF$11)),0)","v":0},{"$f":"IF(AND($D38=\"Serviço\",AI$12<>0,$H38>0,OR(AUTOEVENTO<>\"manual\",$M38<>1)),\nIF(Import.TipoArredondamento<>\"TransfereGOV\",\nROUND(OFFSET($P38,0,AI$13),15-13*ORÇAMENTO!$AF$7)/$H38*OFFSET(ORÇAMENTO!$X$15,ROW(AI38)-ROW(AI$15),0),\nROUND(ROUND(OFFSET($P38,0,AI$13),15-13*ORÇAMENTO!$AF$7)*OFFSET(ORÇAMENTO!$W$15,ROW(AI38)-ROW(AI$15),0),15-13*ORÇAMENTO!$AF$11)),0)","v":0},{"$f":"IF(AND($D38=\"Serviço\",AJ$12<>0,$H38>0,OR(AUTOEVENTO<>\"manual\",$M38<>1)),\nIF(Import.TipoArredondamento<>\"TransfereGOV\",\nROUND(OFFSET($P38,0,AJ$13),15-13*ORÇAMENTO!$AF$7)/$H38*OFFSET(ORÇAMENTO!$X$15,ROW(AJ38)-ROW(AJ$15),0),\nROUND(ROUND(OFFSET($P38,0,AJ$13),15-13*ORÇAMENTO!$AF$7)*OFFSET(ORÇAMENTO!$W$15,ROW(AJ38)-ROW(AJ$15),0),15-13*ORÇAMENTO!$AF$11)),0)","v":0},{"$f":"IF(AND($D38=\"Serviço\",AK$12<>0,$H38>0,OR(AUTOEVENTO<>\"manual\",$M38<>1)),\nIF(Import.TipoArredondamento<>\"TransfereGOV\",\nROUND(OFFSET($P38,0,AK$13),15-13*ORÇAMENTO!$AF$7)/$H38*OFFSET(ORÇAMENTO!$X$15,ROW(AK38)-ROW(AK$15),0),\nROUND(ROUND(OFFSET($P38,0,AK$13),15-13*ORÇAMENTO!$AF$7)*OFFSET(ORÇAMENTO!$W$15,ROW(AK38)-ROW(AK$15),0),15-13*ORÇAMENTO!$AF$11)),0)","v":0},null,{"$f":"IF($D38<>\"Serviço\",0,IF(AND(AUTOEVENTO=\"Manual\",$M38=1),0,IF(OFFSET(CRONOPLE!$F$14,$M38,AM$13)=\"\",10^12,OFFSET(CRONOPLE!$F$14,$M38,AM$13))))","v":1000000000000},{"$f":"IF($D38<>\"Serviço\",0,IF(AND(AUTOEVENTO=\"Manual\",$M38=1),0,IF(OFFSET(CRONOPLE!$F$14,$M38,AN$13)=\"\",10^12,OFFSET(CRONOPLE!$F$14,$M38,AN$13))))","v":1000000000000},{"$f":"IF($D38<>\"Serviço\",0,IF(AND(AUTOEVENTO=\"Manual\",$M38=1),0,IF(OFFSET(CRONOPLE!$F$14,$M38,AO$13)=\"\",10^12,OFFSET(CRONOPLE!$F$14,$M38,AO$13))))","v":1000000000000},{"$f":"IF($D38<>\"Serviço\",0,IF(AND(AUTOEVENTO=\"Manual\",$M38=1),0,IF(OFFSET(CRONOPLE!$F$14,$M38,AP$13)=\"\",10^12,OFFSET(CRONOPLE!$F$14,$M38,AP$13))))","v":1000000000000},{"$f":"IF($D38<>\"Serviço\",0,IF(AND(AUTOEVENTO=\"Manual\",$M38=1),0,IF(OFFSET(CRONOPLE!$F$14,$M38,AQ$13)=\"\",10^12,OFFSET(CRONOPLE!$F$14,$M38,AQ$13))))","v":1000000000000},{"$f":"IF($D38<>\"Serviço\",0,IF(AND(AUTOEVENTO=\"Manual\",$M38=1),0,IF(OFFSET(CRONOPLE!$F$14,$M38,AR$13)=\"\",10^12,OFFSET(CRONOPLE!$F$14,$M38,AR$13))))","v":1000000000000},{"$f":"IF($D38<>\"Serviço\",0,IF(AND(AUTOEVENTO=\"Manual\",$M38=1),0,IF(OFFSET(CRONOPLE!$F$14,$M38,AS$13)=\"\",10^12,OFFSET(CRONOPLE!$F$14,$M38,AS$13))))","v":1000000000000},{"$f":"IF($D38<>\"Serviço\",0,IF(AND(AUTOEVENTO=\"Manual\",$M38=1),0,IF(OFFSET(CRONOPLE!$F$14,$M38,AT$13)=\"\",10^12,OFFSET(CRONOPLE!$F$14,$M38,AT$13))))","v":1000000000000},{"$f":"IF($D38<>\"Serviço\",0,IF(AND(AUTOEVENTO=\"Manual\",$M38=1),0,IF(OFFSET(CRONOPLE!$F$14,$M38,AU$13)=\"\",10^12,OFFSET(CRONOPLE!$F$14,$M38,AU$13))))","v":1000000000000},{"$f":"IF($D38<>\"Serviço\",0,IF(AND(AUTOEVENTO=\"Manual\",$M38=1),0,IF(OFFSET(CRONOPLE!$F$14,$M38,AV$13)=\"\",10^12,OFFSET(CRONOPLE!$F$14,$M38,AV$13))))","v":1000000000000},null,{"$f":"IF($D38<>\"Serviço\",0,IF(OR(AND(AUTOEVENTO=\"Manual\",$M38=1),$M38>(ROW(PLE.lastrow)-ROW(PLE.firstrow))),0,IF(OFFSET(PLE!$G$14,$M38,AX$13)=\"\",10^12,OFFSET(PLE!$G$14,$M38,AX$13))))","v":1000000000000},{"$f":"IF($D38<>\"Serviço\",0,IF(OR(AND(AUTOEVENTO=\"Manual\",$M38=1),$M38>(ROW(PLE.lastrow)-ROW(PLE.firstrow))),0,IF(OFFSET(PLE!$G$14,$M38,AY$13)=\"\",10^12,OFFSET(PLE!$G$14,$M38,AY$13))))","v":1000000000000},{"$f":"IF($D38<>\"Serviço\",0,IF(OR(AND(AUTOEVENTO=\"Manual\",$M38=1),$M38>(ROW(PLE.lastrow)-ROW(PLE.firstrow))),0,IF(OFFSET(PLE!$G$14,$M38,AZ$13)=\"\",10^12,OFFSET(PLE!$G$14,$M38,AZ$13))))","v":1000000000000},{"$f":"IF($D38<>\"Serviço\",0,IF(OR(AND(AUTOEVENTO=\"Manual\",$M38=1),$M38>(ROW(PLE.lastrow)-ROW(PLE.firstrow))),0,IF(OFFSET(PLE!$G$14,$M38,BA$13)=\"\",10^12,OFFSET(PLE!$G$14,$M38,BA$13))))","v":1000000000000},{"$f":"IF($D38<>\"Serviço\",0,IF(OR(AND(AUTOEVENTO=\"Manual\",$M38=1),$M38>(ROW(PLE.lastrow)-ROW(PLE.firstrow))),0,IF(OFFSET(PLE!$G$14,$M38,BB$13)=\"\",10^12,OFFSET(PLE!$G$14,$M38,BB$13))))","v":1000000000000},{"$f":"IF($D38<>\"Serviço\",0,IF(OR(AND(AUTOEVENTO=\"Manual\",$M38=1),$M38>(ROW(PLE.lastrow)-ROW(PLE.firstrow))),0,IF(OFFSET(PLE!$G$14,$M38,BC$13)=\"\",10^12,OFFSET(PLE!$G$14,$M38,BC$13))))","v":1000000000000},{"$f":"IF($D38<>\"Serviço\",0,IF(OR(AND(AUTOEVENTO=\"Manual\",$M38=1),$M38>(ROW(PLE.lastrow)-ROW(PLE.firstrow))),0,IF(OFFSET(PLE!$G$14,$M38,BD$13)=\"\",10^12,OFFSET(PLE!$G$14,$M38,BD$13))))","v":1000000000000},{"$f":"IF($D38<>\"Serviço\",0,IF(OR(AND(AUTOEVENTO=\"Manual\",$M38=1),$M38>(ROW(PLE.lastrow)-ROW(PLE.firstrow))),0,IF(OFFSET(PLE!$G$14,$M38,BE$13)=\"\",10^12,OFFSET(PLE!$G$14,$M38,BE$13))))","v":1000000000000},{"$f":"IF($D38<>\"Serviço\",0,IF(OR(AND(AUTOEVENTO=\"Manual\",$M38=1),$M38>(ROW(PLE.lastrow)-ROW(PLE.firstrow))),0,IF(OFFSET(PLE!$G$14,$M38,BF$13)=\"\",10^12,OFFSET(PLE!$G$14,$M38,BF$13))))","v":1000000000000},{"$f":"IF($D38<>\"Serviço\",0,IF(OR(AND(AUTOEVENTO=\"Manual\",$M38=1),$M38>(ROW(PLE.lastrow)-ROW(PLE.firstrow))),0,IF(OFFSET(PLE!$G$14,$M38,BG$13)=\"\",10^12,OFFSET(PLE!$G$14,$M38,BG$13))))","v":1000000000000}]
["22",{"$f":"OFFSET(ORÇAMENTO!C$15,ROW(B39)-ROW(B$15),0)","v":"S"},{"$f":"OFFSET(ORÇAMENTO!L$15,ROW(C39)-ROW(C$15),0)","v":"F"},{"$f":"OFFSET(ORÇAMENTO!N$15,ROW(D39)-ROW(D$15),0)","v":"Serviço"},{"$f":"OFFSET(ORÇAMENTO!O$15,ROW(E39)-ROW(E$15),0)","v":"3.1.2."},{"$f":"OFFSET(ORÇAMENTO!R$15,ROW(F39)-ROW(F$15),0)","v":"ARRASAMENTO MECANICO DE ESTACA DE CONCRETO ARMADO, DIAMETROS DE ATÉ 40 CM. UN AF_05/2021"},{"$f":"IF($D39<>\"Serviço\",\"\",OFFSET(ORÇAMENTO!S$15,ROW(G39)-ROW(G$15),0))","v":"SINAPI"},{"$f":"IF($D39<>\"Serviço\",0,IF(ACOMPANHAMENTO=\"BM\",ROUND(OFFSET(ORÇAMENTO!AJ$15,ROW(H39)-ROW(H$15),0),15-13*ORÇAMENTO!$AF$7),SUMPRODUCT(($Q$12:$AA$12<>\"\")*ROUND($Q39:$AA39,15-13*ORÇAMENTO!$AF$7))))","v":179},null,null,null,".",{"$f":"IF($D39<>\"Serviço\",\"\",IF(AUTOEVENTO=\"manual\",$A39,IF(ISERROR(MATCH($A39,$A$15:OFFSET($A39,-1,0),0)),MAX($M$15:OFFSET(M39,-1,0))+1,INDEX($M$15:OFFSET(M39,-1,0),MATCH($A39,$A$15:OFFSET($A39,-1,0),0)))))","v":4},{"$f":"IF($D39<>\"Serviço\",\"\",IF(AUTOEVENTO=\"Manual\",IF($A39=0,\"<-- defina o número do agrupador\",OFFSET(EVENTOS!$D$14,$A39,0)),OFFSET($F$15,$A39,0)))","v":"Concreto armado para fundações "},null,null,null,null,null,null,null,null,null,null,null,null,null,{"$f":"IF(AND($D39=\"Serviço\",AB$12<>0,$H39>0,OR(AUTOEVENTO<>\"manual\",$M39<>1)),\nIF(Import.TipoArredondamento<>\"TransfereGOV\",\nROUND(OFFSET($P39,0,AB$13),15-13*ORÇAMENTO!$AF$7)/$H39*OFFSET(ORÇAMENTO!$X$15,ROW(AB39)-ROW(AB$15),0),\nROUND(ROUND(OFFSET($P39,0,AB$13),15-13*ORÇAMENTO!$AF$7)*OFFSET(ORÇAMENTO!$W$15,ROW(AB39)-ROW(AB$15),0),15-13*ORÇAMENTO!$AF$11)),0)","v":0},{"$f":"IF(AND($D39=\"Serviço\",AC$12<>0,$H39>0,OR(AUTOEVENTO<>\"manual\",$M39<>1)),\nIF(Import.TipoArredondamento<>\"TransfereGOV\",\nROUND(OFFSET($P39,0,AC$13),15-13*ORÇAMENTO!$AF$7)/$H39*OFFSET(ORÇAMENTO!$X$15,ROW(AC39)-ROW(AC$15),0),\nROUND(ROUND(OFFSET($P39,0,AC$13),15-13*ORÇAMENTO!$AF$7)*OFFSET(ORÇAMENTO!$W$15,ROW(AC39)-ROW(AC$15),0),15-13*ORÇAMENTO!$AF$11)),0)","v":0},{"$f":"IF(AND($D39=\"Serviço\",AD$12<>0,$H39>0,OR(AUTOEVENTO<>\"manual\",$M39<>1)),\nIF(Import.TipoArredondamento<>\"TransfereGOV\",\nROUND(OFFSET($P39,0,AD$13),15-13*ORÇAMENTO!$AF$7)/$H39*OFFSET(ORÇAMENTO!$X$15,ROW(AD39)-ROW(AD$15),0),\nROUND(ROUND(OFFSET($P39,0,AD$13),15-13*ORÇAMENTO!$AF$7)*OFFSET(ORÇAMENTO!$W$15,ROW(AD39)-ROW(AD$15),0),15-13*ORÇAMENTO!$AF$11)),0)","v":0},{"$f":"IF(AND($D39=\"Serviço\",AE$12<>0,$H39>0,OR(AUTOEVENTO<>\"manual\",$M39<>1)),\nIF(Import.TipoArredondamento<>\"TransfereGOV\",\nROUND(OFFSET($P39,0,AE$13),15-13*ORÇAMENTO!$AF$7)/$H39*OFFSET(ORÇAMENTO!$X$15,ROW(AE39)-ROW(AE$15),0),\nROUND(ROUND(OFFSET($P39,0,AE$13),15-13*ORÇAMENTO!$AF$7)*OFFSET(ORÇAMENTO!$W$15,ROW(AE39)-ROW(AE$15),0),15-13*ORÇAMENTO!$AF$11)),0)","v":0},{"$f":"IF(AND($D39=\"Serviço\",AF$12<>0,$H39>0,OR(AUTOEVENTO<>\"manual\",$M39<>1)),\nIF(Import.TipoArredondamento<>\"TransfereGOV\",\nROUND(OFFSET($P39,0,AF$13),15-13*ORÇAMENTO!$AF$7)/$H39*OFFSET(ORÇAMENTO!$X$15,ROW(AF39)-ROW(AF$15),0),\nROUND(ROUND(OFFSET($P39,0,AF$13),15-13*ORÇAMENTO!$AF$7)*OFFSET(ORÇAMENTO!$W$15,ROW(AF39)-ROW(AF$15),0),15-13*ORÇAMENTO!$AF$11)),0)","v":0},{"$f":"IF(AND($D39=\"Serviço\",AG$12<>0,$H39>0,OR(AUTOEVENTO<>\"manual\",$M39<>1)),\nIF(Import.TipoArredondamento<>\"TransfereGOV\",\nROUND(OFFSET($P39,0,AG$13),15-13*ORÇAMENTO!$AF$7)/$H39*OFFSET(ORÇAMENTO!$X$15,ROW(AG39)-ROW(AG$15),0),\nROUND(ROUND(OFFSET($P39,0,AG$13),15-13*ORÇAMENTO!$AF$7)*OFFSET(ORÇAMENTO!$W$15,ROW(AG39)-ROW(AG$15),0),15-13*ORÇAMENTO!$AF$11)),0)","v":0},{"$f":"IF(AND($D39=\"Serviço\",AH$12<>0,$H39>0,OR(AUTOEVENTO<>\"manual\",$M39<>1)),\nIF(Import.TipoArredondamento<>\"TransfereGOV\",\nROUND(OFFSET($P39,0,AH$13),15-13*ORÇAMENTO!$AF$7)/$H39*OFFSET(ORÇAMENTO!$X$15,ROW(AH39)-ROW(AH$15),0),\nROUND(ROUND(OFFSET($P39,0,AH$13),15-13*ORÇAMENTO!$AF$7)*OFFSET(ORÇAMENTO!$W$15,ROW(AH39)-ROW(AH$15),0),15-13*ORÇAMENTO!$AF$11)),0)","v":0},{"$f":"IF(AND($D39=\"Serviço\",AI$12<>0,$H39>0,OR(AUTOEVENTO<>\"manual\",$M39<>1)),\nIF(Import.TipoArredondamento<>\"TransfereGOV\",\nROUND(OFFSET($P39,0,AI$13),15-13*ORÇAMENTO!$AF$7)/$H39*OFFSET(ORÇAMENTO!$X$15,ROW(AI39)-ROW(AI$15),0),\nROUND(ROUND(OFFSET($P39,0,AI$13),15-13*ORÇAMENTO!$AF$7)*OFFSET(ORÇAMENTO!$W$15,ROW(AI39)-ROW(AI$15),0),15-13*ORÇAMENTO!$AF$11)),0)","v":0},{"$f":"IF(AND($D39=\"Serviço\",AJ$12<>0,$H39>0,OR(AUTOEVENTO<>\"manual\",$M39<>1)),\nIF(Import.TipoArredondamento<>\"TransfereGOV\",\nROUND(OFFSET($P39,0,AJ$13),15-13*ORÇAMENTO!$AF$7)/$H39*OFFSET(ORÇAMENTO!$X$15,ROW(AJ39)-ROW(AJ$15),0),\nROUND(ROUND(OFFSET($P39,0,AJ$13),15-13*ORÇAMENTO!$AF$7)*OFFSET(ORÇAMENTO!$W$15,ROW(AJ39)-ROW(AJ$15),0),15-13*ORÇAMENTO!$AF$11)),0)","v":0},{"$f":"IF(AND($D39=\"Serviço\",AK$12<>0,$H39>0,OR(AUTOEVENTO<>\"manual\",$M39<>1)),\nIF(Import.TipoArredondamento<>\"TransfereGOV\",\nROUND(OFFSET($P39,0,AK$13),15-13*ORÇAMENTO!$AF$7)/$H39*OFFSET(ORÇAMENTO!$X$15,ROW(AK39)-ROW(AK$15),0),\nROUND(ROUND(OFFSET($P39,0,AK$13),15-13*ORÇAMENTO!$AF$7)*OFFSET(ORÇAMENTO!$W$15,ROW(AK39)-ROW(AK$15),0),15-13*ORÇAMENTO!$AF$11)),0)","v":0},null,{"$f":"IF($D39<>\"Serviço\",0,IF(AND(AUTOEVENTO=\"Manual\",$M39=1),0,IF(OFFSET(CRONOPLE!$F$14,$M39,AM$13)=\"\",10^12,OFFSET(CRONOPLE!$F$14,$M39,AM$13))))","v":1000000000000},{"$f":"IF($D39<>\"Serviço\",0,IF(AND(AUTOEVENTO=\"Manual\",$M39=1),0,IF(OFFSET(CRONOPLE!$F$14,$M39,AN$13)=\"\",10^12,OFFSET(CRONOPLE!$F$14,$M39,AN$13))))","v":1000000000000},{"$f":"IF($D39<>\"Serviço\",0,IF(AND(AUTOEVENTO=\"Manual\",$M39=1),0,IF(OFFSET(CRONOPLE!$F$14,$M39,AO$13)=\"\",10^12,OFFSET(CRONOPLE!$F$14,$M39,AO$13))))","v":1000000000000},{"$f":"IF($D39<>\"Serviço\",0,IF(AND(AUTOEVENTO=\"Manual\",$M39=1),0,IF(OFFSET(CRONOPLE!$F$14,$M39,AP$13)=\"\",10^12,OFFSET(CRONOPLE!$F$14,$M39,AP$13))))","v":1000000000000},{"$f":"IF($D39<>\"Serviço\",0,IF(AND(AUTOEVENTO=\"Manual\",$M39=1),0,IF(OFFSET(CRONOPLE!$F$14,$M39,AQ$13)=\"\",10^12,OFFSET(CRONOPLE!$F$14,$M39,AQ$13))))","v":1000000000000},{"$f":"IF($D39<>\"Serviço\",0,IF(AND(AUTOEVENTO=\"Manual\",$M39=1),0,IF(OFFSET(CRONOPLE!$F$14,$M39,AR$13)=\"\",10^12,OFFSET(CRONOPLE!$F$14,$M39,AR$13))))","v":1000000000000},{"$f":"IF($D39<>\"Serviço\",0,IF(AND(AUTOEVENTO=\"Manual\",$M39=1),0,IF(OFFSET(CRONOPLE!$F$14,$M39,AS$13)=\"\",10^12,OFFSET(CRONOPLE!$F$14,$M39,AS$13))))","v":1000000000000},{"$f":"IF($D39<>\"Serviço\",0,IF(AND(AUTOEVENTO=\"Manual\",$M39=1),0,IF(OFFSET(CRONOPLE!$F$14,$M39,AT$13)=\"\",10^12,OFFSET(CRONOPLE!$F$14,$M39,AT$13))))","v":1000000000000},{"$f":"IF($D39<>\"Serviço\",0,IF(AND(AUTOEVENTO=\"Manual\",$M39=1),0,IF(OFFSET(CRONOPLE!$F$14,$M39,AU$13)=\"\",10^12,OFFSET(CRONOPLE!$F$14,$M39,AU$13))))","v":1000000000000},{"$f":"IF($D39<>\"Serviço\",0,IF(AND(AUTOEVENTO=\"Manual\",$M39=1),0,IF(OFFSET(CRONOPLE!$F$14,$M39,AV$13)=\"\",10^12,OFFSET(CRONOPLE!$F$14,$M39,AV$13))))","v":1000000000000},null,{"$f":"IF($D39<>\"Serviço\",0,IF(OR(AND(AUTOEVENTO=\"Manual\",$M39=1),$M39>(ROW(PLE.lastrow)-ROW(PLE.firstrow))),0,IF(OFFSET(PLE!$G$14,$M39,AX$13)=\"\",10^12,OFFSET(PLE!$G$14,$M39,AX$13))))","v":1000000000000},{"$f":"IF($D39<>\"Serviço\",0,IF(OR(AND(AUTOEVENTO=\"Manual\",$M39=1),$M39>(ROW(PLE.lastrow)-ROW(PLE.firstrow))),0,IF(OFFSET(PLE!$G$14,$M39,AY$13)=\"\",10^12,OFFSET(PLE!$G$14,$M39,AY$13))))","v":1000000000000},{"$f":"IF($D39<>\"Serviço\",0,IF(OR(AND(AUTOEVENTO=\"Manual\",$M39=1),$M39>(ROW(PLE.lastrow)-ROW(PLE.firstrow))),0,IF(OFFSET(PLE!$G$14,$M39,AZ$13)=\"\",10^12,OFFSET(PLE!$G$14,$M39,AZ$13))))","v":1000000000000},{"$f":"IF($D39<>\"Serviço\",0,IF(OR(AND(AUTOEVENTO=\"Manual\",$M39=1),$M39>(ROW(PLE.lastrow)-ROW(PLE.firstrow))),0,IF(OFFSET(PLE!$G$14,$M39,BA$13)=\"\",10^12,OFFSET(PLE!$G$14,$M39,BA$13))))","v":1000000000000},{"$f":"IF($D39<>\"Serviço\",0,IF(OR(AND(AUTOEVENTO=\"Manual\",$M39=1),$M39>(ROW(PLE.lastrow)-ROW(PLE.firstrow))),0,IF(OFFSET(PLE!$G$14,$M39,BB$13)=\"\",10^12,OFFSET(PLE!$G$14,$M39,BB$13))))","v":1000000000000},{"$f":"IF($D39<>\"Serviço\",0,IF(OR(AND(AUTOEVENTO=\"Manual\",$M39=1),$M39>(ROW(PLE.lastrow)-ROW(PLE.firstrow))),0,IF(OFFSET(PLE!$G$14,$M39,BC$13)=\"\",10^12,OFFSET(PLE!$G$14,$M39,BC$13))))","v":1000000000000},{"$f":"IF($D39<>\"Serviço\",0,IF(OR(AND(AUTOEVENTO=\"Manual\",$M39=1),$M39>(ROW(PLE.lastrow)-ROW(PLE.firstrow))),0,IF(OFFSET(PLE!$G$14,$M39,BD$13)=\"\",10^12,OFFSET(PLE!$G$14,$M39,BD$13))))","v":1000000000000},{"$f":"IF($D39<>\"Serviço\",0,IF(OR(AND(AUTOEVENTO=\"Manual\",$M39=1),$M39>(ROW(PLE.lastrow)-ROW(PLE.firstrow))),0,IF(OFFSET(PLE!$G$14,$M39,BE$13)=\"\",10^12,OFFSET(PLE!$G$14,$M39,BE$13))))","v":1000000000000},{"$f":"IF($D39<>\"Serviço\",0,IF(OR(AND(AUTOEVENTO=\"Manual\",$M39=1),$M39>(ROW(PLE.lastrow)-ROW(PLE.firstrow))),0,IF(OFFSET(PLE!$G$14,$M39,BF$13)=\"\",10^12,OFFSET(PLE!$G$14,$M39,BF$13))))","v":1000000000000},{"$f":"IF($D39<>\"Serviço\",0,IF(OR(AND(AUTOEVENTO=\"Manual\",$M39=1),$M39>(ROW(PLE.lastrow)-ROW(PLE.firstrow))),0,IF(OFFSET(PLE!$G$14,$M39,BG$13)=\"\",10^12,OFFSET(PLE!$G$14,$M39,BG$13))))","v":1000000000000}]
["25.",{"$f":"OFFSET(ORÇAMENTO!C$15,ROW(B40)-ROW(B$15),0)","v":2},{"$f":"OFFSET(ORÇAMENTO!L$15,ROW(C40)-ROW(C$15),0)","v":"F"},{"$f":"OFFSET(ORÇAMENTO!N$15,ROW(D40)-ROW(D$15),0)","v":"Nível 2"},{"$f":"OFFSET(ORÇAMENTO!O$15,ROW(E40)-ROW(E$15),0)","v":"3.2."},{"$f":"OFFSET(ORÇAMENTO!R$15,ROW(F40)-ROW(F$15),0)","v":"Concreto armado para blocos "},{"$f":"IF($D40<>\"Serviço\",\"\",OFFSET(ORÇAMENTO!S$15,ROW(G40)-ROW(G$15),0))","v":""},{"$f":"IF($D40<>\"Serviço\",0,IF(ACOMPANHAMENTO=\"BM\",ROUND(OFFSET(ORÇAMENTO!AJ$15,ROW(H40)-ROW(H$15),0),15-13*ORÇAMENTO!$AF$7),SUMPRODUCT(($Q$12:$AA$12<>\"\")*ROUND($Q40:$AA40,15-13*ORÇAMENTO!$AF$7))))","v":0},null,null,null,".",{"$f":"IF($D40<>\"Serviço\",\"\",IF(AUTOEVENTO=\"manual\",$A40,IF(ISERROR(MATCH($A40,$A$15:OFFSET($A40,-1,0),0)),MAX($M$15:OFFSET(M40,-1,0))+1,INDEX($M$15:OFFSET(M40,-1,0),MATCH($A40,$A$15:OFFSET($A40,-1,0),0)))))","v":""},{"$f":"IF($D40<>\"Serviço\",\"\",IF(AUTOEVENTO=\"Manual\",IF($A40=0,\"<-- defina o número do agrupador\",OFFSET(EVENTOS!$D$14,$A40,0)),OFFSET($F$15,$A40,0)))","v":""},null,null,null,null,null,null,null,null,null,null,null,null,null,{"$f":"IF(AND($D40=\"Serviço\",AB$12<>0,$H40>0,OR(AUTOEVENTO<>\"manual\",$M40<>1)),\nIF(Import.TipoArredondamento<>\"TransfereGOV\",\nROUND(OFFSET($P40,0,AB$13),15-13*ORÇAMENTO!$AF$7)/$H40*OFFSET(ORÇAMENTO!$X$15,ROW(AB40)-ROW(AB$15),0),\nROUND(ROUND(OFFSET($P40,0,AB$13),15-13*ORÇAMENTO!$AF$7)*OFFSET(ORÇAMENTO!$W$15,ROW(AB40)-ROW(AB$15),0),15-13*ORÇAMENTO!$AF$11)),0)","v":0},{"$f":"IF(AND($D40=\"Serviço\",AC$12<>0,$H40>0,OR(AUTOEVENTO<>\"manual\",$M40<>1)),\nIF(Import.TipoArredondamento<>\"TransfereGOV\",\nROUND(OFFSET($P40,0,AC$13),15-13*ORÇAMENTO!$AF$7)/$H40*OFFSET(ORÇAMENTO!$X$15,ROW(AC40)-ROW(AC$15),0),\nROUND(ROUND(OFFSET($P40,0,AC$13),15-13*ORÇAMENTO!$AF$7)*OFFSET(ORÇAMENTO!$W$15,ROW(AC40)-ROW(AC$15),0),15-13*ORÇAMENTO!$AF$11)),0)","v":0},{"$f":"IF(AND($D40=\"Serviço\",AD$12<>0,$H40>0,OR(AUTOEVENTO<>\"manual\",$M40<>1)),\nIF(Import.TipoArredondamento<>\"TransfereGOV\",\nROUND(OFFSET($P40,0,AD$13),15-13*ORÇAMENTO!$AF$7)/$H40*OFFSET(ORÇAMENTO!$X$15,ROW(AD40)-ROW(AD$15),0),\nROUND(ROUND(OFFSET($P40,0,AD$13),15-13*ORÇAMENTO!$AF$7)*OFFSET(ORÇAMENTO!$W$15,ROW(AD40)-ROW(AD$15),0),15-13*ORÇAMENTO!$AF$11)),0)","v":0},{"$f":"IF(AND($D40=\"Serviço\",AE$12<>0,$H40>0,OR(AUTOEVENTO<>\"manual\",$M40<>1)),\nIF(Import.TipoArredondamento<>\"TransfereGOV\",\nROUND(OFFSET($P40,0,AE$13),15-13*ORÇAMENTO!$AF$7)/$H40*OFFSET(ORÇAMENTO!$X$15,ROW(AE40)-ROW(AE$15),0),\nROUND(ROUND(OFFSET($P40,0,AE$13),15-13*ORÇAMENTO!$AF$7)*OFFSET(ORÇAMENTO!$W$15,ROW(AE40)-ROW(AE$15),0),15-13*ORÇAMENTO!$AF$11)),0)","v":0},{"$f":"IF(AND($D40=\"Serviço\",AF$12<>0,$H40>0,OR(AUTOEVENTO<>\"manual\",$M40<>1)),\nIF(Import.TipoArredondamento<>\"TransfereGOV\",\nROUND(OFFSET($P40,0,AF$13),15-13*ORÇAMENTO!$AF$7)/$H40*OFFSET(ORÇAMENTO!$X$15,ROW(AF40)-ROW(AF$15),0),\nROUND(ROUND(OFFSET($P40,0,AF$13),15-13*ORÇAMENTO!$AF$7)*OFFSET(ORÇAMENTO!$W$15,ROW(AF40)-ROW(AF$15),0),15-13*ORÇAMENTO!$AF$11)),0)","v":0},{"$f":"IF(AND($D40=\"Serviço\",AG$12<>0,$H40>0,OR(AUTOEVENTO<>\"manual\",$M40<>1)),\nIF(Import.TipoArredondamento<>\"TransfereGOV\",\nROUND(OFFSET($P40,0,AG$13),15-13*ORÇAMENTO!$AF$7)/$H40*OFFSET(ORÇAMENTO!$X$15,ROW(AG40)-ROW(AG$15),0),\nROUND(ROUND(OFFSET($P40,0,AG$13),15-13*ORÇAMENTO!$AF$7)*OFFSET(ORÇAMENTO!$W$15,ROW(AG40)-ROW(AG$15),0),15-13*ORÇAMENTO!$AF$11)),0)","v":0},{"$f":"IF(AND($D40=\"Serviço\",AH$12<>0,$H40>0,OR(AUTOEVENTO<>\"manual\",$M40<>1)),\nIF(Import.TipoArredondamento<>\"TransfereGOV\",\nROUND(OFFSET($P40,0,AH$13),15-13*ORÇAMENTO!$AF$7)/$H40*OFFSET(ORÇAMENTO!$X$15,ROW(AH40)-ROW(AH$15),0),\nROUND(ROUND(OFFSET($P40,0,AH$13),15-13*ORÇAMENTO!$AF$7)*OFFSET(ORÇAMENTO!$W$15,ROW(AH40)-ROW(AH$15),0),15-13*ORÇAMENTO!$AF$11)),0)","v":0},{"$f":"IF(AND($D40=\"Serviço\",AI$12<>0,$H40>0,OR(AUTOEVENTO<>\"manual\",$M40<>1)),\nIF(Import.TipoArredondamento<>\"TransfereGOV\",\nROUND(OFFSET($P40,0,AI$13),15-13*ORÇAMENTO!$AF$7)/$H40*OFFSET(ORÇAMENTO!$X$15,ROW(AI40)-ROW(AI$15),0),\nROUND(ROUND(OFFSET($P40,0,AI$13),15-13*ORÇAMENTO!$AF$7)*OFFSET(ORÇAMENTO!$W$15,ROW(AI40)-ROW(AI$15),0),15-13*ORÇAMENTO!$AF$11)),0)","v":0},{"$f":"IF(AND($D40=\"Serviço\",AJ$12<>0,$H40>0,OR(AUTOEVENTO<>\"manual\",$M40<>1)),\nIF(Import.TipoArredondamento<>\"TransfereGOV\",\nROUND(OFFSET($P40,0,AJ$13),15-13*ORÇAMENTO!$AF$7)/$H40*OFFSET(ORÇAMENTO!$X$15,ROW(AJ40)-ROW(AJ$15),0),\nROUND(ROUND(OFFSET($P40,0,AJ$13),15-13*ORÇAMENTO!$AF$7)*OFFSET(ORÇAMENTO!$W$15,ROW(AJ40)-ROW(AJ$15),0),15-13*ORÇAMENTO!$AF$11)),0)","v":0},{"$f":"IF(AND($D40=\"Serviço\",AK$12<>0,$H40>0,OR(AUTOEVENTO<>\"manual\",$M40<>1)),\nIF(Import.TipoArredondamento<>\"TransfereGOV\",\nROUND(OFFSET($P40,0,AK$13),15-13*ORÇAMENTO!$AF$7)/$H40*OFFSET(ORÇAMENTO!$X$15,ROW(AK40)-ROW(AK$15),0),\nROUND(ROUND(OFFSET($P40,0,AK$13),15-13*ORÇAMENTO!$AF$7)*OFFSET(ORÇAMENTO!$W$15,ROW(AK40)-ROW(AK$15),0),15-13*ORÇAMENTO!$AF$11)),0)","v":0},null,{"$f":"IF($D40<>\"Serviço\",0,IF(AND(AUTOEVENTO=\"Manual\",$M40=1),0,IF(OFFSET(CRONOPLE!$F$14,$M40,AM$13)=\"\",10^12,OFFSET(CRONOPLE!$F$14,$M40,AM$13))))","v":0},{"$f":"IF($D40<>\"Serviço\",0,IF(AND(AUTOEVENTO=\"Manual\",$M40=1),0,IF(OFFSET(CRONOPLE!$F$14,$M40,AN$13)=\"\",10^12,OFFSET(CRONOPLE!$F$14,$M40,AN$13))))","v":0},{"$f":"IF($D40<>\"Serviço\",0,IF(AND(AUTOEVENTO=\"Manual\",$M40=1),0,IF(OFFSET(CRONOPLE!$F$14,$M40,AO$13)=\"\",10^12,OFFSET(CRONOPLE!$F$14,$M40,AO$13))))","v":0},{"$f":"IF($D40<>\"Serviço\",0,IF(AND(AUTOEVENTO=\"Manual\",$M40=1),0,IF(OFFSET(CRONOPLE!$F$14,$M40,AP$13)=\"\",10^12,OFFSET(CRONOPLE!$F$14,$M40,AP$13))))","v":0},{"$f":"IF($D40<>\"Serviço\",0,IF(AND(AUTOEVENTO=\"Manual\",$M40=1),0,IF(OFFSET(CRONOPLE!$F$14,$M40,AQ$13)=\"\",10^12,OFFSET(CRONOPLE!$F$14,$M40,AQ$13))))","v":0},{"$f":"IF($D40<>\"Serviço\",0,IF(AND(AUTOEVENTO=\"Manual\",$M40=1),0,IF(OFFSET(CRONOPLE!$F$14,$M40,AR$13)=\"\",10^12,OFFSET(CRONOPLE!$F$14,$M40,AR$13))))","v":0},{"$f":"IF($D40<>\"Serviço\",0,IF(AND(AUTOEVENTO=\"Manual\",$M40=1),0,IF(OFFSET(CRONOPLE!$F$14,$M40,AS$13)=\"\",10^12,OFFSET(CRONOPLE!$F$14,$M40,AS$13))))","v":0},{"$f":"IF($D40<>\"Serviço\",0,IF(AND(AUTOEVENTO=\"Manual\",$M40=1),0,IF(OFFSET(CRONOPLE!$F$14,$M40,AT$13)=\"\",10^12,OFFSET(CRONOPLE!$F$14,$M40,AT$13))))","v":0},{"$f":"IF($D40<>\"Serviço\",0,IF(AND(AUTOEVENTO=\"Manual\",$M40=1),0,IF(OFFSET(CRONOPLE!$F$14,$M40,AU$13)=\"\",10^12,OFFSET(CRONOPLE!$F$14,$M40,AU$13))))","v":0},{"$f":"IF($D40<>\"Serviço\",0,IF(AND(AUTOEVENTO=\"Manual\",$M40=1),0,IF(OFFSET(CRONOPLE!$F$14,$M40,AV$13)=\"\",10^12,OFFSET(CRONOPLE!$F$14,$M40,AV$13))))","v":0},null,{"$f":"IF($D40<>\"Serviço\",0,IF(OR(AND(AUTOEVENTO=\"Manual\",$M40=1),$M40>(ROW(PLE.lastrow)-ROW(PLE.firstrow))),0,IF(OFFSET(PLE!$G$14,$M40,AX$13)=\"\",10^12,OFFSET(PLE!$G$14,$M40,AX$13))))","v":0},{"$f":"IF($D40<>\"Serviço\",0,IF(OR(AND(AUTOEVENTO=\"Manual\",$M40=1),$M40>(ROW(PLE.lastrow)-ROW(PLE.firstrow))),0,IF(OFFSET(PLE!$G$14,$M40,AY$13)=\"\",10^12,OFFSET(PLE!$G$14,$M40,AY$13))))","v":0},{"$f":"IF($D40<>\"Serviço\",0,IF(OR(AND(AUTOEVENTO=\"Manual\",$M40=1),$M40>(ROW(PLE.lastrow)-ROW(PLE.firstrow))),0,IF(OFFSET(PLE!$G$14,$M40,AZ$13)=\"\",10^12,OFFSET(PLE!$G$14,$M40,AZ$13))))","v":0},{"$f":"IF($D40<>\"Serviço\",0,IF(OR(AND(AUTOEVENTO=\"Manual\",$M40=1),$M40>(ROW(PLE.lastrow)-ROW(PLE.firstrow))),0,IF(OFFSET(PLE!$G$14,$M40,BA$13)=\"\",10^12,OFFSET(PLE!$G$14,$M40,BA$13))))","v":0},{"$f":"IF($D40<>\"Serviço\",0,IF(OR(AND(AUTOEVENTO=\"Manual\",$M40=1),$M40>(ROW(PLE.lastrow)-ROW(PLE.firstrow))),0,IF(OFFSET(PLE!$G$14,$M40,BB$13)=\"\",10^12,OFFSET(PLE!$G$14,$M40,BB$13))))","v":0},{"$f":"IF($D40<>\"Serviço\",0,IF(OR(AND(AUTOEVENTO=\"Manual\",$M40=1),$M40>(ROW(PLE.lastrow)-ROW(PLE.firstrow))),0,IF(OFFSET(PLE!$G$14,$M40,BC$13)=\"\",10^12,OFFSET(PLE!$G$14,$M40,BC$13))))","v":0},{"$f":"IF($D40<>\"Serviço\",0,IF(OR(AND(AUTOEVENTO=\"Manual\",$M40=1),$M40>(ROW(PLE.lastrow)-ROW(PLE.firstrow))),0,IF(OFFSET(PLE!$G$14,$M40,BD$13)=\"\",10^12,OFFSET(PLE!$G$14,$M40,BD$13))))","v":0},{"$f":"IF($D40<>\"Serviço\",0,IF(OR(AND(AUTOEVENTO=\"Manual\",$M40=1),$M40>(ROW(PLE.lastrow)-ROW(PLE.firstrow))),0,IF(OFFSET(PLE!$G$14,$M40,BE$13)=\"\",10^12,OFFSET(PLE!$G$14,$M40,BE$13))))","v":0},{"$f":"IF($D40<>\"Serviço\",0,IF(OR(AND(AUTOEVENTO=\"Manual\",$M40=1),$M40>(ROW(PLE.lastrow)-ROW(PLE.firstrow))),0,IF(OFFSET(PLE!$G$14,$M40,BF$13)=\"\",10^12,OFFSET(PLE!$G$14,$M40,BF$13))))","v":0},{"$f":"IF($D40<>\"Serviço\",0,IF(OR(AND(AUTOEVENTO=\"Manual\",$M40=1),$M40>(ROW(PLE.lastrow)-ROW(PLE.firstrow))),0,IF(OFFSET(PLE!$G$14,$M40,BG$13)=\"\",10^12,OFFSET(PLE!$G$14,$M40,BG$13))))","v":0}]
["25",{"$f":"OFFSET(ORÇAMENTO!C$15,ROW(B41)-ROW(B$15),0)","v":"S"},{"$f":"OFFSET(ORÇAMENTO!L$15,ROW(C41)-ROW(C$15),0)","v":"F"},{"$f":"OFFSET(ORÇAMENTO!N$15,ROW(D41)-ROW(D$15),0)","v":"Serviço"},{"$f":"OFFSET(ORÇAMENTO!O$15,ROW(E41)-ROW(E$15),0)","v":"3.2.1."},{"$f":"OFFSET(ORÇAMENTO!R$15,ROW(F41)-ROW(F$15),0)","v":"LASTRO DE CONCRETO MAGRO, APLICADO EM BLOCOS DE COROAMENTO OU SAPATAS, ESPESSURA DE 5 CM. AF_01/2024"},{"$f":"IF($D41<>\"Serviço\",\"\",OFFSET(ORÇAMENTO!S$15,ROW(G41)-ROW(G$15),0))","v":"M2"},{"$f":"IF($D41<>\"Serviço\",0,IF(ACOMPANHAMENTO=\"BM\",ROUND(OFFSET(ORÇAMENTO!AJ$15,ROW(H41)-ROW(H$15),0),15-13*ORÇAMENTO!$AF$7),SUMPRODUCT(($Q$12:$AA$12<>\"\")*ROUND($Q41:$AA41,15-13*ORÇAMENTO!$AF$7))))","v":69.84},null,null,null,".",{"$f":"IF($D41<>\"Serviço\",\"\",IF(AUTOEVENTO=\"manual\",$A41,IF(ISERROR(MATCH($A41,$A$15:OFFSET($A41,-1,0),0)),MAX($M$15:OFFSET(M41,-1,0))+1,INDEX($M$15:OFFSET(M41,-1,0),MATCH($A41,$A$15:OFFSET($A41,-1,0),0)))))","v":5},{"$f":"IF($D41<>\"Serviço\",\"\",IF(AUTOEVENTO=\"Manual\",IF($A41=0,\"<-- defina o número do agrupador\",OFFSET(EVENTOS!$D$14,$A41,0)),OFFSET($F$15,$A41,0)))","v":"Concreto armado para blocos "},null,null,null,null,null,null,null,null,null,null,null,null,null,{"$f":"IF(AND($D41=\"Serviço\",AB$12<>0,$H41>0,OR(AUTOEVENTO<>\"manual\",$M41<>1)),\nIF(Import.TipoArredondamento<>\"TransfereGOV\",\nROUND(OFFSET($P41,0,AB$13),15-13*ORÇAMENTO!$AF$7)/$H41*OFFSET(ORÇAMENTO!$X$15,ROW(AB41)-ROW(AB$15),0),\nROUND(ROUND(OFFSET($P41,0,AB$13),15-13*ORÇAMENTO!$AF$7)*OFFSET(ORÇAMENTO!$W$15,ROW(AB41)-ROW(AB$15),0),15-13*ORÇAMENTO!$AF$11)),0)","v":0},{"$f":"IF(AND($D41=\"Serviço\",AC$12<>0,$H41>0,OR(AUTOEVENTO<>\"manual\",$M41<>1)),\nIF(Import.TipoArredondamento<>\"TransfereGOV\",\nROUND(OFFSET($P41,0,AC$13),15-13*ORÇAMENTO!$AF$7)/$H41*OFFSET(ORÇAMENTO!$X$15,ROW(AC41)-ROW(AC$15),0),\nROUND(ROUND(OFFSET($P41,0,AC$13),15-13*ORÇAMENTO!$AF$7)*OFFSET(ORÇAMENTO!$W$15,ROW(AC41)-ROW(AC$15),0),15-13*ORÇAMENTO!$AF$11)),0)","v":0},{"$f":"IF(AND($D41=\"Serviço\",AD$12<>0,$H41>0,OR(AUTOEVENTO<>\"manual\",$M41<>1)),\nIF(Import.TipoArredondamento<>\"TransfereGOV\",\nROUND(OFFSET($P41,0,AD$13),15-13*ORÇAMENTO!$AF$7)/$H41*OFFSET(ORÇAMENTO!$X$15,ROW(AD41)-ROW(AD$15),0),\nROUND(ROUND(OFFSET($P41,0,AD$13),15-13*ORÇAMENTO!$AF$7)*OFFSET(ORÇAMENTO!$W$15,ROW(AD41)-ROW(AD$15),0),15-13*ORÇAMENTO!$AF$11)),0)","v":0},{"$f":"IF(AND($D41=\"Serviço\",AE$12<>0,$H41>0,OR(AUTOEVENTO<>\"manual\",$M41<>1)),\nIF(Import.TipoArredondamento<>\"TransfereGOV\",\nROUND(OFFSET($P41,0,AE$13),15-13*ORÇAMENTO!$AF$7)/$H41*OFFSET(ORÇAMENTO!$X$15,ROW(AE41)-ROW(AE$15),0),\nROUND(ROUND(OFFSET($P41,0,AE$13),15-13*ORÇAMENTO!$AF$7)*OFFSET(ORÇAMENTO!$W$15,ROW(AE41)-ROW(AE$15),0),15-13*ORÇAMENTO!$AF$11)),0)","v":0},{"$f":"IF(AND($D41=\"Serviço\",AF$12<>0,$H41>0,OR(AUTOEVENTO<>\"manual\",$M41<>1)),\nIF(Import.TipoArredondamento<>\"TransfereGOV\",\nROUND(OFFSET($P41,0,AF$13),15-13*ORÇAMENTO!$AF$7)/$H41*OFFSET(ORÇAMENTO!$X$15,ROW(AF41)-ROW(AF$15),0),\nROUND(ROUND(OFFSET($P41,0,AF$13),15-13*ORÇAMENTO!$AF$7)*OFFSET(ORÇAMENTO!$W$15,ROW(AF41)-ROW(AF$15),0),15-13*ORÇAMENTO!$AF$11)),0)","v":0},{"$f":"IF(AND($D41=\"Serviço\",AG$12<>0,$H41>0,OR(AUTOEVENTO<>\"manual\",$M41<>1)),\nIF(Import.TipoArredondamento<>\"TransfereGOV\",\nROUND(OFFSET($P41,0,AG$13),15-13*ORÇAMENTO!$AF$7)/$H41*OFFSET(ORÇAMENTO!$X$15,ROW(AG41)-ROW(AG$15),0),\nROUND(ROUND(OFFSET($P41,0,AG$13),15-13*ORÇAMENTO!$AF$7)*OFFSET(ORÇAMENTO!$W$15,ROW(AG41)-ROW(AG$15),0),15-13*ORÇAMENTO!$AF$11)),0)","v":0},{"$f":"IF(AND($D41=\"Serviço\",AH$12<>0,$H41>0,OR(AUTOEVENTO<>\"manual\",$M41<>1)),\nIF(Import.TipoArredondamento<>\"TransfereGOV\",\nROUND(OFFSET($P41,0,AH$13),15-13*ORÇAMENTO!$AF$7)/$H41*OFFSET(ORÇAMENTO!$X$15,ROW(AH41)-ROW(AH$15),0),\nROUND(ROUND(OFFSET($P41,0,AH$13),15-13*ORÇAMENTO!$AF$7)*OFFSET(ORÇAMENTO!$W$15,ROW(AH41)-ROW(AH$15),0),15-13*ORÇAMENTO!$AF$11)),0)","v":0},{"$f":"IF(AND($D41=\"Serviço\",AI$12<>0,$H41>0,OR(AUTOEVENTO<>\"manual\",$M41<>1)),\nIF(Import.TipoArredondamento<>\"TransfereGOV\",\nROUND(OFFSET($P41,0,AI$13),15-13*ORÇAMENTO!$AF$7)/$H41*OFFSET(ORÇAMENTO!$X$15,ROW(AI41)-ROW(AI$15),0),\nROUND(ROUND(OFFSET($P41,0,AI$13),15-13*ORÇAMENTO!$AF$7)*OFFSET(ORÇAMENTO!$W$15,ROW(AI41)-ROW(AI$15),0),15-13*ORÇAMENTO!$AF$11)),0)","v":0},{"$f":"IF(AND($D41=\"Serviço\",AJ$12<>0,$H41>0,OR(AUTOEVENTO<>\"manual\",$M41<>1)),\nIF(Import.TipoArredondamento<>\"TransfereGOV\",\nROUND(OFFSET($P41,0,AJ$13),15-13*ORÇAMENTO!$AF$7)/$H41*OFFSET(ORÇAMENTO!$X$15,ROW(AJ41)-ROW(AJ$15),0),\nROUND(ROUND(OFFSET($P41,0,AJ$13),15-13*ORÇAMENTO!$AF$7)*OFFSET(ORÇAMENTO!$W$15,ROW(AJ41)-ROW(AJ$15),0),15-13*ORÇAMENTO!$AF$11)),0)","v":0},{"$f":"IF(AND($D41=\"Serviço\",AK$12<>0,$H41>0,OR(AUTOEVENTO<>\"manual\",$M41<>1)),\nIF(Import.TipoArredondamento<>\"TransfereGOV\",\nROUND(OFFSET($P41,0,AK$13),15-13*ORÇAMENTO!$AF$7)/$H41*OFFSET(ORÇAMENTO!$X$15,ROW(AK41)-ROW(AK$15),0),\nROUND(ROUND(OFFSET($P41,0,AK$13),15-13*ORÇAMENTO!$AF$7)*OFFSET(ORÇAMENTO!$W$15,ROW(AK41)-ROW(AK$15),0),15-13*ORÇAMENTO!$AF$11)),0)","v":0},null,{"$f":"IF($D41<>\"Serviço\",0,IF(AND(AUTOEVENTO=\"Manual\",$M41=1),0,IF(OFFSET(CRONOPLE!$F$14,$M41,AM$13)=\"\",10^12,OFFSET(CRONOPLE!$F$14,$M41,AM$13))))","v":1000000000000},{"$f":"IF($D41<>\"Serviço\",0,IF(AND(AUTOEVENTO=\"Manual\",$M41=1),0,IF(OFFSET(CRONOPLE!$F$14,$M41,AN$13)=\"\",10^12,OFFSET(CRONOPLE!$F$14,$M41,AN$13))))","v":1000000000000},{"$f":"IF($D41<>\"Serviço\",0,IF(AND(AUTOEVENTO=\"Manual\",$M41=1),0,IF(OFFSET(CRONOPLE!$F$14,$M41,AO$13)=\"\",10^12,OFFSET(CRONOPLE!$F$14,$M41,AO$13))))","v":1000000000000},{"$f":"IF($D41<>\"Serviço\",0,IF(AND(AUTOEVENTO=\"Manual\",$M41=1),0,IF(OFFSET(CRONOPLE!$F$14,$M41,AP$13)=\"\",10^12,OFFSET(CRONOPLE!$F$14,$M41,AP$13))))","v":1000000000000},{"$f":"IF($D41<>\"Serviço\",0,IF(AND(AUTOEVENTO=\"Manual\",$M41=1),0,IF(OFFSET(CRONOPLE!$F$14,$M41,AQ$13)=\"\",10^12,OFFSET(CRONOPLE!$F$14,$M41,AQ$13))))","v":1000000000000},{"$f":"IF($D41<>\"Serviço\",0,IF(AND(AUTOEVENTO=\"Manual\",$M41=1),0,IF(OFFSET(CRONOPLE!$F$14,$M41,AR$13)=\"\",10^12,OFFSET(CRONOPLE!$F$14,$M41,AR$13))))","v":1000000000000},{"$f":"IF($D41<>\"Serviço\",0,IF(AND(AUTOEVENTO=\"Manual\",$M41=1),0,IF(OFFSET(CRONOPLE!$F$14,$M41,AS$13)=\"\",10^12,OFFSET(CRONOPLE!$F$14,$M41,AS$13))))","v":1000000000000},{"$f":"IF($D41<>\"Serviço\",0,IF(AND(AUTOEVENTO=\"Manual\",$M41=1),0,IF(OFFSET(CRONOPLE!$F$14,$M41,AT$13)=\"\",10^12,OFFSET(CRONOPLE!$F$14,$M41,AT$13))))","v":1000000000000},{"$f":"IF($D41<>\"Serviço\",0,IF(AND(AUTOEVENTO=\"Manual\",$M41=1),0,IF(OFFSET(CRONOPLE!$F$14,$M41,AU$13)=\"\",10^12,OFFSET(CRONOPLE!$F$14,$M41,AU$13))))","v":1000000000000},{"$f":"IF($D41<>\"Serviço\",0,IF(AND(AUTOEVENTO=\"Manual\",$M41=1),0,IF(OFFSET(CRONOPLE!$F$14,$M41,AV$13)=\"\",10^12,OFFSET(CRONOPLE!$F$14,$M41,AV$13))))","v":1000000000000},null,{"$f":"IF($D41<>\"Serviço\",0,IF(OR(AND(AUTOEVENTO=\"Manual\",$M41=1),$M41>(ROW(PLE.lastrow)-ROW(PLE.firstrow))),0,IF(OFFSET(PLE!$G$14,$M41,AX$13)=\"\",10^12,OFFSET(PLE!$G$14,$M41,AX$13))))","v":1000000000000},{"$f":"IF($D41<>\"Serviço\",0,IF(OR(AND(AUTOEVENTO=\"Manual\",$M41=1),$M41>(ROW(PLE.lastrow)-ROW(PLE.firstrow))),0,IF(OFFSET(PLE!$G$14,$M41,AY$13)=\"\",10^12,OFFSET(PLE!$G$14,$M41,AY$13))))","v":1000000000000},{"$f":"IF($D41<>\"Serviço\",0,IF(OR(AND(AUTOEVENTO=\"Manual\",$M41=1),$M41>(ROW(PLE.lastrow)-ROW(PLE.firstrow))),0,IF(OFFSET(PLE!$G$14,$M41,AZ$13)=\"\",10^12,OFFSET(PLE!$G$14,$M41,AZ$13))))","v":1000000000000},{"$f":"IF($D41<>\"Serviço\",0,IF(OR(AND(AUTOEVENTO=\"Manual\",$M41=1),$M41>(ROW(PLE.lastrow)-ROW(PLE.firstrow))),0,IF(OFFSET(PLE!$G$14,$M41,BA$13)=\"\",10^12,OFFSET(PLE!$G$14,$M41,BA$13))))","v":1000000000000},{"$f":"IF($D41<>\"Serviço\",0,IF(OR(AND(AUTOEVENTO=\"Manual\",$M41=1),$M41>(ROW(PLE.lastrow)-ROW(PLE.firstrow))),0,IF(OFFSET(PLE!$G$14,$M41,BB$13)=\"\",10^12,OFFSET(PLE!$G$14,$M41,BB$13))))","v":1000000000000},{"$f":"IF($D41<>\"Serviço\",0,IF(OR(AND(AUTOEVENTO=\"Manual\",$M41=1),$M41>(ROW(PLE.lastrow)-ROW(PLE.firstrow))),0,IF(OFFSET(PLE!$G$14,$M41,BC$13)=\"\",10^12,OFFSET(PLE!$G$14,$M41,BC$13))))","v":1000000000000},{"$f":"IF($D41<>\"Serviço\",0,IF(OR(AND(AUTOEVENTO=\"Manual\",$M41=1),$M41>(ROW(PLE.lastrow)-ROW(PLE.firstrow))),0,IF(OFFSET(PLE!$G$14,$M41,BD$13)=\"\",10^12,OFFSET(PLE!$G$14,$M41,BD$13))))","v":1000000000000},{"$f":"IF($D41<>\"Serviço\",0,IF(OR(AND(AUTOEVENTO=\"Manual\",$M41=1),$M41>(ROW(PLE.lastrow)-ROW(PLE.firstrow))),0,IF(OFFSET(PLE!$G$14,$M41,BE$13)=\"\",10^12,OFFSET(PLE!$G$14,$M41,BE$13))))","v":1000000000000},{"$f":"IF($D41<>\"Serviço\",0,IF(OR(AND(AUTOEVENTO=\"Manual\",$M41=1),$M41>(ROW(PLE.lastrow)-ROW(PLE.firstrow))),0,IF(OFFSET(PLE!$G$14,$M41,BF$13)=\"\",10^12,OFFSET(PLE!$G$14,$M41,BF$13))))","v":1000000000000},{"$f":"IF($D41<>\"Serviço\",0,IF(OR(AND(AUTOEVENTO=\"Manual\",$M41=1),$M41>(ROW(PLE.lastrow)-ROW(PLE.firstrow))),0,IF(OFFSET(PLE!$G$14,$M41,BG$13)=\"\",10^12,OFFSET(PLE!$G$14,$M41,BG$13))))","v":1000000000000}]
["25",{"$f":"OFFSET(ORÇAMENTO!C$15,ROW(B42)-ROW(B$15),0)","v":"S"},{"$f":"OFFSET(ORÇAMENTO!L$15,ROW(C42)-ROW(C$15),0)","v":"F"},{"$f":"OFFSET(ORÇAMENTO!N$15,ROW(D42)-ROW(D$15),0)","v":"Serviço"},{"$f":"OFFSET(ORÇAMENTO!O$15,ROW(E42)-ROW(E$15),0)","v":"3.2.2."},{"$f":"OFFSET(ORÇAMENTO!R$15,ROW(F42)-ROW(F$15),0)","v":"CONCRETAGEM DE BLOCO DE COROAMENTO OU VIGA BALDRAME, FCK 30 MPA, COM USO DE BOMBA - LANÇAMENTO, ADENSAMENTO E ACABAMENTO. AF_01/2024"},{"$f":"IF($D42<>\"Serviço\",\"\",OFFSET(ORÇAMENTO!S$15,ROW(G42)-ROW(G$15),0))","v":"M3"},{"$f":"IF($D42<>\"Serviço\",0,IF(ACOMPANHAMENTO=\"BM\",ROUND(OFFSET(ORÇAMENTO!AJ$15,ROW(H42)-ROW(H$15),0),15-13*ORÇAMENTO!$AF$7),SUMPRODUCT(($Q$12:$AA$12<>\"\")*ROUND($Q42:$AA42,15-13*ORÇAMENTO!$AF$7))))","v":34.92},null,null,null,".",{"$f":"IF($D42<>\"Serviço\",\"\",IF(AUTOEVENTO=\"manual\",$A42,IF(ISERROR(MATCH($A42,$A$15:OFFSET($A42,-1,0),0)),MAX($M$15:OFFSET(M42,-1,0))+1,INDEX($M$15:OFFSET(M42,-1,0),MATCH($A42,$A$15:OFFSET($A42,-1,0),0)))))","v":5},{"$f":"IF($D42<>\"Serviço\",\"\",IF(AUTOEVENTO=\"Manual\",IF($A42=0,\"<-- defina o número do agrupador\",OFFSET(EVENTOS!$D$14,$A42,0)),OFFSET($F$15,$A42,0)))","v":"Concreto armado para blocos "},null,null,null,null,null,null,null,null,null,null,null,null,null,{"$f":"IF(AND($D42=\"Serviço\",AB$12<>0,$H42>0,OR(AUTOEVENTO<>\"manual\",$M42<>1)),\nIF(Import.TipoArredondamento<>\"TransfereGOV\",\nROUND(OFFSET($P42,0,AB$13),15-13*ORÇAMENTO!$AF$7)/$H42*OFFSET(ORÇAMENTO!$X$15,ROW(AB42)-ROW(AB$15),0),\nROUND(ROUND(OFFSET($P42,0,AB$13),15-13*ORÇAMENTO!$AF$7)*OFFSET(ORÇAMENTO!$W$15,ROW(AB42)-ROW(AB$15),0),15-13*ORÇAMENTO!$AF$11)),0)","v":0},{"$f":"IF(AND($D42=\"Serviço\",AC$12<>0,$H42>0,OR(AUTOEVENTO<>\"manual\",$M42<>1)),\nIF(Import.TipoArredondamento<>\"TransfereGOV\",\nROUND(OFFSET($P42,0,AC$13),15-13*ORÇAMENTO!$AF$7)/$H42*OFFSET(ORÇAMENTO!$X$15,ROW(AC42)-ROW(AC$15),0),\nROUND(ROUND(OFFSET($P42,0,AC$13),15-13*ORÇAMENTO!$AF$7)*OFFSET(ORÇAMENTO!$W$15,ROW(AC42)-ROW(AC$15),0),15-13*ORÇAMENTO!$AF$11)),0)","v":0},{"$f":"IF(AND($D42=\"Serviço\",AD$12<>0,$H42>0,OR(AUTOEVENTO<>\"manual\",$M42<>1)),\nIF(Import.TipoArredondamento<>\"TransfereGOV\",\nROUND(OFFSET($P42,0,AD$13),15-13*ORÇAMENTO!$AF$7)/$H42*OFFSET(ORÇAMENTO!$X$15,ROW(AD42)-ROW(AD$15),0),\nROUND(ROUND(OFFSET($P42,0,AD$13),15-13*ORÇAMENTO!$AF$7)*OFFSET(ORÇAMENTO!$W$15,ROW(AD42)-ROW(AD$15),0),15-13*ORÇAMENTO!$AF$11)),0)","v":0},{"$f":"IF(AND($D42=\"Serviço\",AE$12<>0,$H42>0,OR(AUTOEVENTO<>\"manual\",$M42<>1)),\nIF(Import.TipoArredondamento<>\"TransfereGOV\",\nROUND(OFFSET($P42,0,AE$13),15-13*ORÇAMENTO!$AF$7)/$H42*OFFSET(ORÇAMENTO!$X$15,ROW(AE42)-ROW(AE$15),0),\nROUND(ROUND(OFFSET($P42,0,AE$13),15-13*ORÇAMENTO!$AF$7)*OFFSET(ORÇAMENTO!$W$15,ROW(AE42)-ROW(AE$15),0),15-13*ORÇAMENTO!$AF$11)),0)","v":0},{"$f":"IF(AND($D42=\"Serviço\",AF$12<>0,$H42>0,OR(AUTOEVENTO<>\"manual\",$M42<>1)),\nIF(Import.TipoArredondamento<>\"TransfereGOV\",\nROUND(OFFSET($P42,0,AF$13),15-13*ORÇAMENTO!$AF$7)/$H42*OFFSET(ORÇAMENTO!$X$15,ROW(AF42)-ROW(AF$15),0),\nROUND(ROUND(OFFSET($P42,0,AF$13),15-13*ORÇAMENTO!$AF$7)*OFFSET(ORÇAMENTO!$W$15,ROW(AF42)-ROW(AF$15),0),15-13*ORÇAMENTO!$AF$11)),0)","v":0},{"$f":"IF(AND($D42=\"Serviço\",AG$12<>0,$H42>0,OR(AUTOEVENTO<>\"manual\",$M42<>1)),\nIF(Import.TipoArredondamento<>\"TransfereGOV\",\nROUND(OFFSET($P42,0,AG$13),15-13*ORÇAMENTO!$AF$7)/$H42*OFFSET(ORÇAMENTO!$X$15,ROW(AG42)-ROW(AG$15),0),\nROUND(ROUND(OFFSET($P42,0,AG$13),15-13*ORÇAMENTO!$AF$7)*OFFSET(ORÇAMENTO!$W$15,ROW(AG42)-ROW(AG$15),0),15-13*ORÇAMENTO!$AF$11)),0)","v":0},{"$f":"IF(AND($D42=\"Serviço\",AH$12<>0,$H42>0,OR(AUTOEVENTO<>\"manual\",$M42<>1)),\nIF(Import.TipoArredondamento<>\"TransfereGOV